{"text_format":"2","workbook":"xlsx","n_sheets":19,"sheets":["modulo de 2 km","SERVIÇOS PRELI","CPU_CBUQ","CPU_SICRO","QUADRO DE CONSUMO DE MAT. BET.","Grupo II - Projeto Executivo","Mob e Desmob","Médio Porte - BDI","ENC. SOCIAIS","BDI Diferenciado","Relação Insumos","INSUMOS SINAPI","COMPOSIÇÃO ANALI sinapi","COMP Sint. Sinapi","INSUMOS SICRO","ENC. SOCIAIS EM BRANCO","BDI EM BRANCO","QUADRO DE DMT","MCT  TRANSPORTE MAT. BET."],"not_rendered":{"charts":0,"images":4,"macros":0,"external_links":9,"defined_names":642,"comments":0,"pivot_tables":0},"unopened":[],"bounds":{"document_bytes":16777216,"sheet_cells":100000,"run_cost":"one","rows_first":2000,"rows_last":500,"rows_between":2000,"halvings":0,"cell_chars":16384,"cell_head_chars":4096},"cells_cut":0,"cells_raw":0,"read":"whole","date_system":"1900"}

{"sheet":"modulo de 2 km","index":0,"n_rows":46,"n_cols":35,"rows_kept":46,"cut":false,"hidden":false,"merged":[[11,31,11,32],[11,33,11,34],[10,25,14,25],[10,26,14,26],[11,7,11,8],[10,7,10,8],[11,9,11,10],[11,19,11,20],[11,21,11,22],[15,15,15,18],[16,3,16,6],[16,15,16,18],[6,12,8,21],[9,0,9,10],[9,12,9,22],[10,0,14,0],[10,3,14,6],[10,9,10,10],[10,12,14,12],[10,15,14,18],[10,21,10,22],[12,7,13,8],[12,19,13,20],[10,1,14,1],[10,2,14,2],[6,0,8,10],[10,13,14,13],[10,14,14,14],[17,3,17,6],[15,3,15,6],[17,15,17,18],[18,3,18,6],[18,15,18,18],[19,3,19,6],[19,15,19,18],[20,3,20,6],[20,15,20,18],[21,3,21,6],[21,15,21,18],[22,3,22,6],[22,15,22,18],[23,3,23,6],[23,15,23,18],[24,3,24,6],[24,15,24,18],[29,3,29,6],[29,15,29,18],[25,3,25,6],[25,15,25,18],[26,3,26,6],[27,3,27,6],[28,3,28,6],[26,15,26,18],[27,15,27,18],[28,15,28,18],[36,15,36,18],[30,3,30,6],[30,15,30,18],[31,3,31,6],[31,15,31,18],[32,3,32,6],[32,15,32,18],[22,27,22,30],[37,3,37,6],[37,15,37,18],[6,24,8,33],[9,24,9,34],[10,24,14,24],[10,27,14,30],[10,33,10,34],[12,31,13,32],[15,27,15,30],[16,27,16,30],[33,3,33,6],[33,15,33,18],[34,3,34,6],[34,15,34,18],[36,3,36,6],[17,27,17,30],[18,27,18,30],[19,27,19,30],[20,27,20,30],[21,27,21,30],[33,27,33,30],[34,27,34,30],[36,27,36,30],[37,27,37,30],[23,27,23,30],[24,27,24,30],[29,27,29,30],[30,27,30,30],[31,27,31,30],[32,27,32,30],[25,27,25,30],[26,27,26,30],[27,27,27,30],[28,27,28,30]]}
["EXECUÇÃO DE SERVIÇOS DE PAVIMENTAÇÃO COM APLICAÇÃO DE CONCRETO ASFÁLTICO USINADO A QUENTE (CAUQ), EM VIAS URBANAS E RURAIS DE MUNICÍPIOS DIVERSOS INSERIDOS NA ÁREA DE ATUAÇÃO DA CODEVASF, NO ESTADO DE RIO GRANDE DO NORTE",{"$nulls":8},"extensão (km)",30,null,"EXECUÇÃO DE SERVIÇOS DE IMPLANTAÇÃO DE PAVIMENTAÇÃO COM APLICAÇÃO DE CONCRETO ASFÁLTICO USINADO A QUENTE (CAUQ), EM VIAS URBANAS E RURAIS DE MUNÍCIPIOS DIVERSOS INSERIDOS NA ÁREA DE ATUAÇÃO DA CODEVASF, NO ESTADO DE RIO GRANDE DO NORTE",{"$nulls":8},"extensão (km)",30,null,"EXECUÇÃO DE SERVIÇOS DE IMPLANTAÇÃO DE PAVIMENTAÇÃO COM APLICAÇÃO DE CONCRETO ASFÁLTICO USINADO A QUENTE (CAUQ), EM VIAS URBANAS E RURAIS DE MUNÍCIPIOS DIVERSOS INSERIDOS NA ÁREA DE ATUAÇÃO DA CODEVASF, NO ESTADO DE RIO GRANDE DO NORTE",{"$nulls":8},"extensão (km)",{"$f":"W1","v":30}]
[{"$nulls":9},"Largura (m)",7,{"$nulls":10},"Largura (m)",{"$f":"K2","v":7},{"$nulls":10},"Largura (m)",7]
[{"$nulls":9},"CAUQ (m)",3.5000000000000003E-2,{"$nulls":10},"CAUQ (m)",3.5000000000000003E-2,{"$nulls":10},"CAUQ (m)",3.5000000000000003E-2]
[{"$nulls":9},"Densidade CAUQ (t/m³)",2.4249999999999998,{"$nulls":10},"Densidade CAUQ (t/m³)",2.4249999999999998,{"$nulls":10},"Densidade CAUQ (t/m³)",2.4249999999999998]
[{"$nulls":9},"Base  (m)",0.15,{"$nulls":10},"Base  (m)",0.15,{"$nulls":10},"Base  (m)",0.15]
[{"$nulls":9},"Sub-base  (m)",0.15,{"$nulls":10},"Sub-base  (m)",0.15,{"$nulls":10},"Sub-base  (m)",0.15]
[]
[]
[]
[{"$f":"A1","v":"EXECUÇÃO DE SERVIÇOS DE PAVIMENTAÇÃO COM APLICAÇÃO DE CONCRETO ASFÁLTICO USINADO A QUENTE (CAUQ), EM VIAS URBANAS E RURAIS DE MUNICÍPIOS DIVERSOS INSERIDOS NA ÁREA DE ATUAÇÃO DA CODEVASF, NO ESTADO DE RIO GRANDE DO NORTE"},{"$nulls":11},{"$f":"M1","v":"EXECUÇÃO DE SERVIÇOS DE IMPLANTAÇÃO DE PAVIMENTAÇÃO COM APLICAÇÃO DE CONCRETO ASFÁLTICO USINADO A QUENTE (CAUQ), EM VIAS URBANAS E RURAIS DE MUNÍCIPIOS DIVERSOS INSERIDOS NA ÁREA DE ATUAÇÃO DA CODEVASF, NO ESTADO DE RIO GRANDE DO NORTE"},{"$nulls":11},{"$f":"Y1","v":"EXECUÇÃO DE SERVIÇOS DE IMPLANTAÇÃO DE PAVIMENTAÇÃO COM APLICAÇÃO DE CONCRETO ASFÁLTICO USINADO A QUENTE (CAUQ), EM VIAS URBANAS E RURAIS DE MUNÍCIPIOS DIVERSOS INSERIDOS NA ÁREA DE ATUAÇÃO DA CODEVASF, NO ESTADO DE RIO GRANDE DO NORTE"}]
["ITEM","ORIGEM COMPOSIÇÃO","CÓDIGO COMPOSIÇÃO","DISCRIMINAÇÃO DOS SERVIÇOS",null,null,null,"BDI %:",null,{"$f":"'Médio Porte - BDI'!D24","v":0.23742563547863726},null,null,"ITEM","ORIGEM COMPOSIÇÃO","CÓDIGO COMPOSIÇÃO","DISCRIMINAÇÃO DOS SERVIÇOS",{"$nulls":4},"BDI %:",{"$f":"J11","v":0.23742563547863726},null,null,"ITEM","ORIGEM COMPOSIÇÃO","CÓDIGO COMPOSIÇÃO","DISCRIMINAÇÃO DOS SERVIÇOS",{"$nulls":4},"BDI %:",{"$f":"V11","v":0.23742563547863726}]
[{"$nulls":7},"BDI DIFERENCIADO %",null,{"$f":"'BDI Diferenciado'!$D$24","v":0.15},{"$nulls":9},"BDI DIFERENCIADO %",null,{"$f":"'BDI Diferenciado'!$D$24","v":0.15},{"$nulls":9},"BDI DIFERENCIADO %",null,{"$f":"'BDI Diferenciado'!$D$24","v":0.15}]
[{"$nulls":7},"Encargos Sociais:",null,"Horista","Mensalista",{"$nulls":8},"Encargos Sociais:",null,"Horista","Mensalista",{"$nulls":8},"Encargos Sociais:",null,"Horista","Mensalista"]
[{"$nulls":9},{"$f":"'ENC. SOCIAIS'!E51","v":115.16999999999999},{"$f":"'ENC. SOCIAIS'!F51","v":71.44},{"$nulls":10},{"$f":"J14","v":115.16999999999999},{"$f":"K14","v":71.44},{"$nulls":10},{"$f":"V14","v":115.16999999999999},{"$f":"W14","v":71.44}]
[{"$nulls":7},"UND","QTDE.","PREÇO UNITÁRIO COM BDI (R$)","TOTAL",{"$f":"I37*0.4","v":24000},{"$nulls":7},"UND","QTDE.","PREÇO UNITÁRIO COM BDI (R$)","TOTAL",{"$nulls":8},"UND","QTDE.","PREÇO UNITÁRIO COM BDI (R$)","TOTAL"]
[null,null,null,"MOBILIZAÇÃO",{"$nulls":11},"MOBILIZAÇÃO",{"$nulls":11},"MOBILIZAÇÃO"]
[1,"CODEVASF","Composição Própria","Implantação da Obra",null,null,null,"km",{"$f":"K1","v":30},{"$f":"'SERVIÇOS PRELI'!I17","v":5187.3799999999992},{"$f":"I17*J17","v":155621.39999999997},{"$f":"K17/$K$45","v":5.3353183789953884E-3},1,"CODEVASF","Composição Própria","Implantação da Obra",null,null,null,"km",1,{"$f":"J17","v":5187.3799999999992},{"$f":"U17*V17","v":5187.3799999999992},null,1,"CODEVASF","Composição Própria","Implantação da Obra",null,null,null,"km",2,{"$f":"V17","v":5187.3799999999992},{"$f":"AG17*AH17","v":10374.759999999998}]
[2,"CODEVASF","Composição Própria","Administração da Obra",null,null,null,"km",{"$f":"K1","v":30},{"$f":"'SERVIÇOS PRELI'!I22","v":7933.97},{"$f":"I18*J18","v":238019.1},{"$f":"K18/$K$45","v":8.1602381085245437E-3},2,"CODEVASF","Composição Própria","Administração da Obra",null,null,null,"km",1,{"$f":"J18","v":7933.97},{"$f":"U18*V18","v":7933.97},null,2,"CODEVASF","Composição Própria","Administração da Obra",null,null,null,"km",2,{"$f":"V18","v":7933.97},{"$f":"AG18*AH18","v":15867.94}]
[null,null,null,"PAVIMENTAÇÃO",{"$nulls":11},"PAVIMENTAÇÃO",{"$nulls":11},"PAVIMENTAÇÃO"]
[3,"SICRO",4011463,"Concreto asfáltico - faixa C - areia e brita comerciais",null,null,null,"t",{"$f":"K1*1000*K2*K3*K4","v":17823.75},{"$f":"CPU_SICRO!I34","v":200.78161226538154},{"$f":"I20*J20","v":3578681.2616150943},{"$f":"K20/$K$45","v":0.12269137732767743},8,"SICRO",4011463,"Concreto asfáltico - faixa C - areia e brita comerciais",null,null,null,"t",{"$f":"I20/$W$1","v":594.125},{"$f":"J20","v":200.78161226538154},{"$f":"U20*V20","v":119289.37538716981},null,8,"SICRO",4011463,"Concreto asfáltico - faixa C - areia e brita comerciais",null,null,null,"t",{"$f":"U20*2","v":1188.25},{"$f":"V20","v":200.78161226538154},{"$f":"AG20*AH20","v":238578.75077433963}]
[4,"SICRO",4011352,"Imprimação com emulsão asfáltica",null,null,null,"m²",{"$f":"K1*1000*K2","v":210000},{"$f":"CPU_SICRO!I250","v":0.26},54600,1.871904400636084E-3,9,"SICRO",4011352,"Imprimação com emulsão asfáltica",null,null,null,"m²",7000,0.26,1820,null,9,"SICRO",4011352,"Imprimação com emulsão asfáltica",null,null,null,"m²",14000,0.26,3640]
[5,"SICRO",4011353,"Pintura de ligação",null,null,null,"m²",{"$f":"I21","v":210000},{"$f":"CPU_SICRO!I282","v":0.18},37800,1.2959338158249811E-3,10,"SICRO",4011353,"Pintura de ligação",null,null,null,"m²",7000,0.18,1260,null,10,"SICRO",4011353,"Pintura de ligação",null,null,null,"m²",14000,0.18,2520]
[6,"SICRO",4011276,"Base ou sub-base de brita graduada com brita comercial",null,null,null,"m³",{"$f":"K1*1000*K2*K5","v":31500},{"$f":"CPU_SICRO!I318","v":249.55},7860825,0.26950023644927001,11,"SICRO",4011276,"Base ou sub-base de brita graduada com brita comercial",null,null,null,"m³",1050,249.55,262027.5,null,11,"SICRO",4011276,"Base ou sub-base de brita graduada com brita comercial",null,null,null,"m³",2100,249.55,524055]
[7,"SICRO",4011228,"Sub-base estabilizada granulometricamente com mistura de solos na pista com material de jazida",null,null,null,"m³",{"$f":"K1*1000*K2*K5","v":31500},{"$f":"CPU_SICRO!I425","v":59.99},1889685,6.4785891342783855E-2,12,"SICRO",4011228,"Sub-base estabilizada granulometricamente com mistura de solos na pista com material de jazida",null,null,null,"m³",1050,59.99,62989.5,null,12,"SICRO",4011228,"Sub-base estabilizada granulometricamente com mistura de solos na pista com material de jazida",null,null,null,"m³",2100,59.99,125979]
[8,"SICRO",4011209,"Regularização do subleito",null,null,null,"m²",{"$f":"K1*1000*K2","v":210000},{"$f":"CPU_SICRO!I515","v":0.84},176400,6.0476911405165784E-3,13,"SICRO",4011209,"Regularização do subleito",null,null,null,"m²",7000,0.84,5880,null,13,"SICRO",4011209,"Regularização do subleito",null,null,null,"m²",14000,0.84,11760]
[null,null,null,"AQUISIÇÃO E TRASNPORTE DO MATERIAL BETUMINOSO",{"$nulls":11},"AQUISIÇÃO E TRASNPORTE DO MATERIAL BETUMINOSO",{"$nulls":11},"AQUISIÇÃO E TRASNPORTE DO MATERIAL BETUMINOSO"]
[9,"CODEVASF","CPU-12","AQUISIÇÃO DE CIMENTO ASFALTICO CAP 50/70",null,null,null,"t",{"$f":"'QUADRO DE CONSUMO DE MAT. BET.'!P22","v":980.31},{"$f":"CPU_CBUQ!H71","v":3485.51},3416880.3081,{"$f":"K27/$K$45","v":0.11714419936225583},null,"CODEVASF","CPU-12","AQUISIÇÃO DE CIMENTO ASFALTICO CAP 50/70",null,null,null,"t",32.677,{"$f":"J27","v":3485.51},113896.01027,null,null,"CODEVASF","CPU-12","AQUISIÇÃO DE CIMENTO ASFALTICO CAP 50/70",null,null,null,"t",65.353999999999999,{"$f":"V27","v":3485.51},227792.02054]
[10,"CODEVASF","CPU-13","AQUISIÇÃO DE ASFALTO DILUIDO CM-30",null,null,null,"t",{"$f":"'QUADRO DE CONSUMO DE MAT. BET.'!P18","v":336},{"$f":"CPU_CBUQ!H79","v":5631.88},1892311.68,{"$f":"K28/$K$45","v":6.4875944343719058E-2},null,"CODEVASF","CPU-13","AQUISIÇÃO DE ASFALTO DILUIDO CM-30",null,null,null,"t",11.2,{"$f":"J28","v":5631.88},63077.055999999997,null,null,"CODEVASF","CPU-13","AQUISIÇÃO DE ASFALTO DILUIDO CM-30",null,null,null,"t",22.4,{"$f":"V28","v":5631.88},126154.11199999999]
[11,"CODEVASF","CPU-14","AQUISIÇÃO DE EMULSÃO ASFÁLTICA RR-1C",null,null,null,"t",{"$f":"'QUADRO DE CONSUMO DE MAT. BET.'!P20","v":84},{"$f":"CPU_CBUQ!H87","v":2724.86},228888.24000000002,{"$f":"K29/$K$45","v":7.8471960386419081E-3},null,"CODEVASF","CPU-14","AQUISIÇÃO DE EMULSÃO ASFÁLTICA RR-1C",null,null,null,"t",2.8,2724.86,7629.6080000000002,null,null,"CODEVASF","CPU-14","AQUISIÇÃO DE EMULSÃO ASFÁLTICA RR-1C",null,null,null,"t",5.6,{"$f":"V29","v":2724.86},15259.216]
[null,null,null,"SINALIZAÇÃO",{"$nulls":11},"SINALIZAÇÃO",{"$nulls":11},"SINALIZAÇÃO"]
[16,"SICRO",5213400,"Pintura de faixa - tinta base acrílica - espessura de 0,4 mm",null,null,null,"m²",{"$f":"K1*1000*4*0.1","v":12000},{"$f":"CPU_SICRO!I562","v":22.33},{"$f":"I31*J31","v":267960},{"$f":"K31/$K$45","v":9.1867308277370878E-3},16,"SICRO",5213400,"Pintura de faixa - tinta base acrílica - espessura de 0,4 mm",null,null,null,"m²",{"$f":"I31/$W$1","v":400},{"$f":"J31","v":22.33},{"$f":"U31*V31","v":8932},null,16,"SICRO",5213400,"Pintura de faixa - tinta base acrílica - espessura de 0,4 mm",null,null,null,"m²",{"$f":"U31*2","v":800},{"$f":"V31","v":22.33},{"$f":"AG31*AH31","v":17864}]
[17,"SICRO",5213359,"Tacha refletiva monodirecional - fornecimento e colocação",null,null,null,"und",{"$f":"((K1*1000)/16)*2","v":3750},{"$f":"CPU_SICRO!I654","v":18.87},70762.5,2.4260189587914081E-3,17,"SICRO",5213359,"Tacha refletiva monodirecional - fornecimento e colocação",null,null,null,"und",{"$f":"I32/$W$1","v":125},{"$f":"J32","v":18.87},2358.75,null,17,"SICRO",5213359,"Tacha refletiva monodirecional - fornecimento e colocação",null,null,null,"und",{"$f":"U32*2","v":250},{"$f":"V32","v":18.87},4717.5]
[18,"SICRO",5213362,"Tachão refletivo bidirecional - fornecimento e colocação",null,null,null,"und",{"$f":"(K1*1000)/16","v":1875},{"$f":"CPU_SICRO!I691","v":49.7},93187.5,3.1948368376240855E-3,18,"SICRO",5213362,"Tachão refletivo bidirecional - fornecimento e colocação",null,null,null,"und",{"$f":"I33/$W$1","v":62.5},{"$f":"J33","v":49.7},3106.25,null,18,"SICRO",5213362,"Tachão refletivo bidirecional - fornecimento e colocação",null,null,null,"und",125,{"$f":"V33","v":49.7},6212.5]
[19,"SICRO",5213440,"Fornecimento e implantação de placa de regulamentação em aço D = 0,60 m - película retrorrefletiva tipo I + SI",null,null,null,"und",{"$f":"0.5*K1","v":15},{"$f":"CPU_SICRO!I725","v":183.28},2749.2,9.4253472128731164E-5,19,"SICRO",5213440,"Fornecimento e implantação de placa de regulamentação em aço D = 0,60 m - película retrorrefletiva tipo I + SI",null,null,null,"und",{"$f":"I34/$W$1","v":0.5},{"$f":"J34","v":183.28},91.64,null,19,"SICRO",5213440,"Fornecimento e implantação de placa de regulamentação em aço D = 0,60 m - película retrorrefletiva tipo I + SI",null,null,null,"und",1,{"$f":"V34","v":183.28},183.28]
[20,"SICRO",5213851,"Fornecimento e implantação de suporte metálico galvanizado para placa de regulamentação - D = 0,60 m",null,null,null,"und",{"$f":"I34","v":15},{"$f":"CPU_SICRO!I952","v":250.49},3757.3500000000004,1.288168498119046E-4,20,"SICRO",5213851,"Fornecimento e implantação de suporte metálico galvanizado para placa de regulamentação - D = 0,60 m",null,null,null,"und",{"$f":"U34","v":0.5},{"$f":"J35","v":250.49},125.245,null,20,"SICRO",5213851,"Fornecimento e implantação de suporte metálico galvanizado para placa de regulamentação - D = 0,60 m",null,null,null,"und",1,{"$f":"V35","v":250.49},250.49]
[null,null,null,"DRENAGEM",{"$nulls":11},"DRENAGEM",{"$nulls":11},"DRENAGEM"]
[26,"SICRO",2003325,"Sarjeta triangular de concreto - STC 04 - areia e brita comerciais",null,null,null,"m",{"$f":"K1*1000*2","v":60000},{"$f":"CPU_SICRO!I1087","v":49.73},{"$f":"I37*J37","v":2983800},{"$f":"K37/$K$45","v":0.10229648993805764},26,"SICRO",2003319,"Sarjeta triangular de concreto - STC 01 - areia e brita comerciais",null,null,null,"m",{"$f":"I37/$W$1","v":2000},{"$f":"J37","v":49.73},{"$f":"U37*V37","v":99460},null,26,"SICRO",2003319,"Sarjeta triangular de concreto - STC 01 - areia e brita comerciais",null,null,null,"m",{"$f":"U37*2","v":4000},{"$f":"V37","v":49.73},{"$f":"AG37*AH37","v":198920}]
[32,"SICRO",2003375,"Meio fio de concreto - MFC 04 - areia e brita comerciais - fôrma de madeira",null,null,null,"m",{"$f":"K1*1000*2","v":60000},{"$f":"CPU_SICRO!I1282","v":18.54},1112400,3.8137480865706591E-2,32,"SICRO",2003369,"Meio fio de concreto - MFC 01 - areia e brita comerciais - fôrma de madeira",null,null,null,"m",{"$f":"I38/$W$1","v":2000},{"$f":"J38","v":18.54},37080,null,32,"SICRO",2003369,"Meio fio de concreto - MFC 01 - areia e brita comerciais - fôrma de madeira",null,null,null,"m",{"$f":"U38*2","v":4000},{"$f":"V38","v":18.54},74160]
[null,null,null,"SERVIÇOS COMPLEMENTARES",{"$nulls":11},"SERVIÇOS COMPLEMENTARES",{"$nulls":11},"SERVIÇOS COMPLEMENTARES"]
[34,"SINAPI",94994,"Calçadas",null,null,null,"m²",{"$f":"'SERVIÇOS PRELI'!G24","v":60000},{"$f":"'SERVIÇOS PRELI'!H24","v":76.36},{"$f":"I40*J40","v":4581600},{"$f":"K40/$K$45","v":0.1570754066291993},34,"SINAPI",94994,"Calçadas",null,null,null,"m²",{"$f":"I40/$W$1","v":2000},{"$f":"J40","v":76.36},{"$f":"U40*V40","v":152720},null,34,"SINAPI",94994,"Calçadas",null,null,null,"m²",{"$f":"U40*2","v":4000},{"$f":"V40","v":76.36},{"$f":"AG40*AH40","v":305440}]
[null,null,null,"LIMPEZA GERAL",{"$nulls":11},"LIMPEZA GERAL",{"$nulls":11},"LIMPEZA GERAL"]
[34,"CODEVASF","Composição Própria","Limpeza Geral",null,null,null,"m²",{"$f":"K1*1000*K2","v":210000},{"$f":"CPU_CBUQ!H63","v":0.9},{"$f":"I42*J42","v":189000},{"$f":"K42/$K$45","v":6.4796690791249058E-3},34,"CODEVASF","Composição Própria","Limpeza Geral",null,null,null,"m²",{"$f":"I42/$W$1","v":7000},{"$f":"J42","v":0.9},{"$f":"U42*V42","v":6300},null,34,"CODEVASF","Composição Própria","Limpeza Geral",null,null,null,"m²",{"$f":"U42*2","v":14000},{"$f":"V42","v":0.9},{"$f":"AG42*AH42","v":12600}]
[null,null,null,"PROJETO EXECUTIVO",{"$nulls":11},"PROJETO EXECUTIVO",{"$nulls":11},"PROJETO EXECUTIVO"]
[35,"CODEVASF","Composição Própria","Projeto Executivo",null,null,null,"km",{"$f":"K1","v":30},{"$f":"'Grupo II - Projeto Executivo'!I64","v":11107.589580399999},{"$f":"I44*J44","v":333227.68741199997},{"$f":"K44/$K$45","v":1.1424365832972676E-2},35,"CODEVASF","Composição Própria","Projeto Executivo",null,null,null,"km",{"$f":"I44/$W$1","v":1},{"$f":"J44","v":11107.589580399999},{"$f":"U44*V44","v":11107.589580399999},null,35,"CODEVASF","Composição Própria","Projeto Executivo",null,null,null,"km",2,{"$f":"V44","v":11107.589580399999},{"$f":"AG44*AH44","v":22215.179160799998}]
["VALOR TOTAL DO SRP",{"$nulls":9},{"$f":"SUM(K17:K44)","v":29168156.227127094},null,"VALOR TOTAL DO SRP",{"$nulls":9},{"$f":"SUM(W17:W44)","v":972271.87423756986},null,"VALOR TOTAL DO SRP",{"$nulls":9},{"$f":"SUM(AI17:AI44)","v":1944543.7484751397}]
[{"$nulls":10},{"$f":"K45/(K1*1000*K2)","v":138.89598203393854},{"$nulls":11},{"$f":"W45/7000","v":138.89598203393857},{"$nulls":11},{"$f":"AI45/7000","v":277.79196406787713}]

{"sheet":"SERVIÇOS PRELI","index":1,"n_rows":26,"n_cols":9,"rows_kept":26,"cut":false,"hidden":false,"merged":[[7,0,7,8],[0,0,2,8],[3,0,3,8],[4,0,6,4],[4,7,4,8],[5,5,6,6],[25,0,25,4],[25,5,25,7],[8,0,8,8],[10,0,10,8],[11,1,11,4],[11,5,11,8],[16,0,16,4],[16,5,16,6],[17,0,17,8],[18,1,18,4],[18,5,18,8],[21,0,21,4],[21,5,21,6],[22,1,22,4],[22,5,22,8]]}
[]
[]
[]
[{"$f":"'modulo de 2 km'!A1","v":"EXECUÇÃO DE SERVIÇOS DE PAVIMENTAÇÃO COM APLICAÇÃO DE CONCRETO ASFÁLTICO USINADO A QUENTE (CAUQ), EM VIAS URBANAS E RURAIS DE MUNICÍPIOS DIVERSOS INSERIDOS NA ÁREA DE ATUAÇÃO DA CODEVASF, NO ESTADO DE RIO GRANDE DO NORTE"}]
[{"$nulls":6},"BDI %:",{"$f":"'Médio Porte - BDI'!D24","v":0.23742563547863726}]
[{"$nulls":5},"Encargos Sociais:",null,"Horista","Mensalista"]
[{"$nulls":7},{"$f":"'ENC. SOCIAIS'!E51/100","v":1.1516999999999999},{"$f":"'ENC. SOCIAIS'!F51/100","v":0.71439999999999992}]
["Anexo VI - Planilhas Orçamentárias"]
["PLANILHA ORÇAMENTARIA NÁO DESONERADA - Setembro/2020"]
["ITEM","CPUs","Fonte","Cód.","DISCRIMINAÇÃO DOS SERVIÇOS","UND","QTDE.","PREÇO UNITÁRIO (R$)","TOTAL"]
[]
[1,"IMPLANTAÇÃO DA OBRA"]
["1.1","SERVIÇOS INICIAIS"]
["1.1.1","CPU-01","CODEVASF","74209/1","PLACA DE OBRA EM CHAPA DE ACO GALVANIZADO","und",1,{"$f":"VLOOKUP(B14,CPU_CBUQ!E$1:H$65456,4,0)","v":480.44},{"$f":"ROUND(G14*H14,2)","v":480.44}]
["1.1.2","CPU-02","CODEVASF",72840,"MOBILIZAÇÃO - TRANSPORTE COMERCIAL COM CAMINHAO CARROCERIA 9 T, RODOVIA PAVIMENTADA","t x km",{"$f":"'Mob e Desmob'!E31","v":2644.35},{"$f":"VLOOKUP(B15,CPU_CBUQ!E$1:H$65456,4,0)","v":0.89},{"$f":"ROUND(G15*H15,2)","v":2353.4699999999998}]
["1.1.3","CPU-02","CODEVASF",72840,"DESMOBILIZAÇÃO - TRANSPORTE COMERCIAL COM CAMINHAO CARROCERIA 9 T, RODOVIA PAVIMENTADA","t x km",{"$f":"'Mob e Desmob'!E32","v":2644.35},{"$f":"VLOOKUP(B16,CPU_CBUQ!E$1:H$65456,4,0)","v":0.89},{"$f":"ROUND(G16*H16,2)","v":2353.4699999999998}]
[{"$nulls":5}," ITEM 1:",null,"TOTAL",{"$f":"SUM(I14:I16)","v":5187.3799999999992}]
[]
[2,"ADMINISTRAÇÃO DA OBRA"]
["2.1","CPU-03","CODEVASF","2.1","ADMINISTRAÇÃO LOCAL","%",1,{"$f":"VLOOKUP(B20,CPU_CBUQ!E$1:H$65456,4,0)","v":4601.8100000000004},{"$f":"ROUND(G20*H20,2)","v":4601.8100000000004}]
["2.2","CPU-04","CODEVASF","2.2","CANTEIRO DE OBRAS E ALMOXARIFADO","MÊS",12,{"$f":"VLOOKUP(B21,CPU_CBUQ!E$1:H$65456,4,0)","v":277.68},{"$f":"ROUND(G21*H21,2)","v":3332.16}]
[{"$nulls":5}," ITEM 2:",null,"TOTAL",{"$f":"SUM(I20:I21)","v":7933.97}]
[3,"CALÇADA"]
["3.1",null,"SINAPI",94994,"EXECUÇÃO DE PASSEIO(CALÇADA) OU PISO DE CONCRETO COM CONCRETO MOLDADO IN LOCO, FEITO EM OBRA, ACABAMENTO CONVENCIONAL, e = 6 cm, ARMADO.","M²",{"$f":"1000*'modulo de 2 km'!K1*1*2","v":60000},{"$f":"VLOOKUP(D24,'COMP Sint. Sinapi'!A7:E6679,5,0)","v":76.36},{"$f":"ROUND(G24*H24,2)","v":4581600}]
[]
[{"$nulls":5},"TOTAL ORÇADO ",null,null,{"$f":"I17+I22","v":13121.349999999999}]

{"sheet":"CPU_CBUQ","index":2,"n_rows":87,"n_cols":8,"rows_kept":87,"cut":false,"hidden":false,"merged":[[7,0,7,7],[0,0,2,7],[3,0,3,7],[4,0,6,3],[4,6,4,7],[5,4,6,5],[34,0,35,0],[34,1,35,1],[34,2,35,2],[34,3,35,3],[34,4,35,4],[8,6,9,6],[8,7,9,7],[20,4,20,6],[23,5,23,6],[25,0,26,0],[25,1,26,1],[25,2,26,2],[25,3,26,3],[25,4,26,4],[25,5,26,5],[8,0,9,0],[8,1,9,1],[8,2,9,2],[8,3,9,3],[8,4,9,4],[8,5,9,5],[45,5,45,6],[25,6,26,6],[25,7,26,7],[29,4,29,6],[32,5,32,6],[34,5,35,5],[34,6,35,6],[34,7,35,7],[42,4,42,6],[43,4,43,6],[44,4,44,6],[47,6,48,6],[47,7,48,7],[51,4,51,6],[54,5,54,6],[47,0,48,0],[47,1,48,1],[47,2,48,2],[47,3,48,3],[47,4,48,4],[47,5,48,5],[56,6,57,6],[56,7,57,7],[59,4,59,6],[62,5,62,6],[56,0,57,0],[56,1,57,1],[56,2,57,2],[56,3,57,3],[56,4,57,4],[56,5,57,5],[64,5,65,5],[64,6,65,6],[64,7,65,7],[67,4,67,6],[70,5,70,6],[64,0,65,0],[64,1,65,1],[64,2,65,2],[64,3,65,3],[64,4,65,4],[72,5,73,5],[72,6,73,6],[72,7,73,7],[75,4,75,6],[78,5,78,6],[72,0,73,0],[72,1,73,1],[72,2,73,2],[72,3,73,3],[72,4,73,4],[80,5,81,5],[80,6,81,6],[80,7,81,7],[83,4,83,6],[86,5,86,6],[80,0,81,0],[80,1,81,1],[80,2,81,2],[80,3,81,3],[80,4,81,4]]}
[]
[]
[]
[{"$f":"'modulo de 2 km'!A1","v":"EXECUÇÃO DE SERVIÇOS DE PAVIMENTAÇÃO COM APLICAÇÃO DE CONCRETO ASFÁLTICO USINADO A QUENTE (CAUQ), EM VIAS URBANAS E RURAIS DE MUNICÍPIOS DIVERSOS INSERIDOS NA ÁREA DE ATUAÇÃO DA CODEVASF, NO ESTADO DE RIO GRANDE DO NORTE"}]
[{"$nulls":5},"BDI %:",{"$f":"'Médio Porte - BDI'!D24","v":0.23742563547863726}]
[{"$nulls":4},"Encargos Sociais:",null,"Horista","Mensalista"]
[{"$nulls":6},{"$f":"'ENC. SOCIAIS'!E51/100","v":1.1516999999999999},{"$f":"'ENC. SOCIAIS'!F51/100","v":0.71439999999999992}]
["COMPOSIÇÕES DE CUSTO UNITARIO"]
["CPU-01","CODEVASF","74209/1","PLACA DE OBRA EM CHAPA DE ACO GALVANIZADO","M2","COEF.","PRECO UNITÁRIO (R$)","TOTAL (R$)"]
[]
["INS. SINAPI","SINAPI",5075,"Prego 18x30.","kg",0.11,{"$f":"VLOOKUP(C11,'Relação Insumos'!C:F,4,0)","v":"13,12"},{"$f":"ROUND(F11*G11,2)","v":1.44}]
["INS. SINAPI","SINAPI",4491,"Peca de madeira nativa / regional 7,5 x 7,5cm (3x3) nao aparelhada (p/forma)","m",4,{"$f":"VLOOKUP(C12,'Relação Insumos'!C:F,4,0)","v":"8,34"},33.36]
["INS. SINAPI","SINAPI",4417,"Peca de madeira de lei *2,5 x 7,5* cm (1\" x 3\"), não aparelhada, (p/telhado)","m",1,{"$f":"VLOOKUP(C13,'Relação Insumos'!C:F,4,0)","v":"3,15"},3.15]
["INS. SINAPI","SINAPI",4813,"Placa de obra (para construcao civil) em chapa galvanizada *nº 22*, de *2,0 x 1,125* m","m²",1,{"$f":"VLOOKUP(C14,'Relação Insumos'!C:F,4,0)","v":"300,00"},300]
["INS. SINAPI","SINAPI",370,"Areia Média","m³",4.8999999999999998E-3,{"$f":"VLOOKUP(C15,'Relação Insumos'!C:F,4,0)","v":"77,50"},0.38]
["INS. SINAPI","SINAPI",1379,"Cimento","kg",1.5,{"$f":"VLOOKUP(C16,'Relação Insumos'!C:F,4,0)","v":"0,52"},0.78]
["INS. SINAPI","SINAPI",4718,"Pedra Britada nº 2","m³",9.7999999999999997E-3,{"$f":"VLOOKUP(C17,'Relação Insumos'!C:F,4,0)","v":"87,50"},0.86]
["COMP. SINAPI","SINAPI",87445,"Betoneira 320 l, diesel, potencia de 5,5 hp, sem carregador mecanico (locacao)","h",6.4999999999999997E-3,{"$f":"VLOOKUP(C18,'Relação Insumos'!C:F,4,0)","v":2.98},{"$f":"ROUND(F18*G18,2)","v":0.02}]
["COMP. SINAPI","SINAPI",88262,"CARPINTEIRO DE FORMAS COM ENCARGOS COMPLEMENTARES","h",1,{"$f":"VLOOKUP(C19,'Relação Insumos'!C:F,4,0)","v":18.05},{"$f":"ROUND(F19*G19,2)","v":18.05}]
["COMP. SINAPI","SINAPI",88316,"SERVENTE COM ENCARGOS COMPLEMENTARES","h",2.06,{"$f":"VLOOKUP(C20,'Relação Insumos'!C:F,4,0)","v":14.67},{"$f":"ROUND(F20*G20,2)","v":30.22}]
[{"$nulls":4},"Sub total:",null,null,{"$f":"SUM(H11:H20)","v":388.26}]
[{"$nulls":5},"BDI ",{"$f":"'Médio Porte - BDI'!D24","v":0.23742563547863726},{"$f":"ROUND(H21*G22,2)","v":92.18}]
[{"$nulls":6},"Total Serviços:",{"$f":"H21+H22","v":480.44}]
[{"$nulls":4},{"$f":"A9","v":"CPU-01"},"PREÇO UNITÁRIO TOTAL:",null,{"$f":"H23","v":480.44}]
[]
["CPU-02","CODEVASF",72840,"MOBILIZAÇÃO / DESMOBILIZAÇÃO - TRANSPORTE COMERCIAL COM CAMINHAO CARROCERIA 9 T, RODOVIA PAVIMENTADA","T X KM","COEF.","PRECO UNITÁRIO (R$)","TOTAL (R$)"]
[]
["COMP. SINAPI","SINAPI",88316,"SERVENTE COM ENCARGOS COMPLEMENTARES","H",{"$f":"F29*2.92398","v":1.3157909999999998E-2},{"$f":"VLOOKUP(C28,'Relação Insumos'!C:F,4,0)","v":14.67},{"$f":"ROUND(F28*G28,2)","v":0.19}]
["COMP. SINAPI","SINAPI",5824,"CAMINHÃO TOCO, PBT 16.000 KG, CARGA ÚTIL MÁX. 10.685 KG, DIST. ENTRE EIXOS 4,8 M, POTÊNCIA 189 CV, INCLUSIVE CARROCERIA FIXA ABERTA DE MADEIRA P/ TRANSPORTE GERAL DE CARGA SECA, DIMEN. APROX. 2,5 X 7,00 X 0,50 M - CHP DIURNO. AF_06/2014","CHP",4.4999999999999997E-3,{"$f":"VLOOKUP(C29,'Relação Insumos'!C:F,4,0)","v":116.74},{"$f":"ROUND(F29*G29,2)","v":0.53}]
[{"$nulls":4},"Sub total:",null,null,{"$f":"SUM(H28:H29)","v":0.72}]
[{"$nulls":5},"BDI ",{"$f":"'Médio Porte - BDI'!D24","v":0.23742563547863726},{"$f":"ROUND(H30*G31,2)","v":0.17}]
[{"$nulls":6},"Total Serviços:",{"$f":"H30+H31","v":0.89}]
[{"$nulls":4},{"$f":"A26","v":"CPU-02"},"PREÇO UNITÁRIO TOTAL:",null,{"$f":"H32","v":0.89}]
[]
["CPU-03","CODEVASF",null,"ADMINISTRAÇÃO LOCAL","%","COEF.","PRECO UNITÁRIO (R$)","TOTAL (R$)"]
[]
["COMP. SINAPI","SINAPI",90777,"ENGENHEIRO CIVIL DE OBRA JUNIOR COM ENCARGOS COMPLEMENTARES","H",20,{"$f":"VLOOKUP(C37,'Relação Insumos'!C:F,4,0)","v":88.24},{"$f":"ROUND(F37*G37,2)","v":1764.8}]
["COMP. SINAPI","SINAPI",90780,"MESTRE DE OBRAS COM ENCARGOS COMPLEMENTARES","H",40,{"$f":"VLOOKUP(C38,'Relação Insumos'!C:F,4,0)","v":24.82},992.8]
["COMP. SINAPI","SINAPI",90772,"AUXILIAR DE ESCRITORIO COM ENCARGOS COMPLEMENTARES","H",40,{"$f":"VLOOKUP(C39,'Relação Insumos'!C:F,4,0)","v":12.11},484.4]
["INS. SINAPI","SINAPI",14250,"ENERGIA","KW/H",100,{"$f":"VLOOKUP(C40,'Relação Insumos'!C:F,4,0)","v":"0,68"},68]
["INS. SINAPI","SINAPI",14583,"ÁGUA TARIFA \"A\" ENTRE 0 E 20M3 FORNECIMENTO D'AGUA","M3",1,{"$f":"VLOOKUP(C41,'Relação Insumos'!C:F,4,0)","v":"12,86"},12.86]
["INSUMO","ORSE",4415,"Veículo leve - Volkswagen:GOL 1000 - automóvel até 100 hp","H",40,{"$f":"VLOOKUP(C42,'Relação Insumos'!C:F,4,0)","v":9.9},396]
[{"$nulls":4},"ADM. LOCAL :",null,null,{"$f":"SUM(H37:H42)","v":3718.86}]
[{"$nulls":4},"Total para 6 meses:"]
[{"$nulls":4},{"$f":"G5","v":0.23742563547863726},null,null,{"$f":"ROUND(E45*H43,2)","v":882.95}]
[{"$nulls":4},{"$f":"A35","v":"CPU-03"},"PREÇO TOTAL:",null,{"$f":"H43+H45","v":4601.8100000000004}]
[]
["CPU-04","CODEVASF",null,"CANTEIRO DE OBRAS E ALMOXARIFADO","MÊS","COEF.","PRECO UNITÁRIO (R$)","TOTAL (R$)"]
[]
["INS. SINAPI","SINAPI",10775,"Locação de container - Escritório com banheiro - 6,20 x 2,20m","mês",0.2,{"$f":"VLOOKUP(C50,'Relação Insumos'!C:F,4,0)","v":"522,00"},{"$f":"ROUND(F50*G50,2)","v":104.4}]
["COMP. ORSE","ORSE",4299,"Aluguel de container - Almoxarifado sem banheiro - 6,00 x 2,40m","mês",0.2,{"$f":"VLOOKUP(C51,'Relação Insumos'!C:F,4,0)","v":600},{"$f":"ROUND(F51*G51,2)","v":120}]
[{"$nulls":4},"Sub total:",null,null,{"$f":"SUM(H50:H51)","v":224.4}]
[{"$nulls":5},"BDI ",{"$f":"G5","v":0.23742563547863726},{"$f":"ROUND(H52*G53,2)","v":53.28}]
[{"$nulls":6},"Total Serviços:",{"$f":"H52+H53","v":277.68}]
[{"$nulls":4},{"$f":"A48","v":"CPU-04"},"PREÇO UNITÁRIO TOTAL:",null,{"$f":"H54","v":277.68}]
[]
["CPU-11","CODEVASF",null,"LIMPEZA GERAL","UNID","COEF.","PRECO UNITÁRIO (R$)","TOTAL (R$)"]
[]
["COMP. SINAPI","SINAPI",88316,"SERVENTE COM ENCARGOS COMPLEMENTARES","H",0.05,{"$f":"VLOOKUP(C59,'COMP Sint. Sinapi'!A7:E6679,5,0)","v":14.67},{"$f":"ROUND(F59*G59,2)","v":0.73}]
[{"$nulls":4},"Sub total:",null,null,{"$f":"SUM(H59:H59)","v":0.73}]
[{"$nulls":5},"BDI",{"$f":"G5","v":0.23742563547863726},{"$f":"ROUND(H60*G61,2)","v":0.17}]
[{"$nulls":6},"Total Serviços:",{"$f":"H60+H61","v":0.9}]
[{"$nulls":4},{"$f":"A57","v":"CPU-11"},"PREÇO UNITÁRIO TOTAL:",null,{"$f":"H62","v":0.9}]
[]
["CPU-12","CODEVASF",null,"AQUISIÇÃO E TRANSPORTE DE CIMENTO ASFALTICO CAP 50/70","UNID","COEF.","PRECO UNITÁRIO (R$)","TOTAL (R$)"]
[]
[null,null,null,"CIMENTO ASFALTICO 50/70","t",1,{"$f":"'INSUMOS SICRO'!F1762","v":3030.8835275633746},{"$f":"ROUND(F67*G67,2)","v":3030.88}]
[{"$nulls":4},"Sub total:",null,null,{"$f":"SUM(H67)","v":3030.88}]
[{"$nulls":5},"BDI",{"$f":"'BDI Diferenciado'!$D$24","v":0.15},{"$f":"ROUND(H68*G69,2)","v":454.63}]
[{"$nulls":6},"Total Serviços:",{"$f":"H68+H69","v":3485.51}]
[{"$nulls":4},{"$f":"A65","v":"CPU-12"},"PREÇO UNITÁRIO TOTAL:",null,{"$f":"H70","v":3485.51}]
[]
["CPU-13","CODEVASF",null,"AQUISIÇÃO  E TRANSPORTE DE ASFALTO DILUIDO CM-30","UNID","COEF.","PRECO UNITÁRIO (R$)","TOTAL (R$)"]
[]
[null,null,null,"ASFALTO DILUIDO CM-30","t",1,{"$f":"'INSUMOS SICRO'!F1763","v":4897.2858427954134},{"$f":"ROUND(F75*G75,2)","v":4897.29}]
[{"$nulls":4},"Sub total:",null,null,{"$f":"SUM(H75)","v":4897.29}]
[{"$nulls":5},"BDI",{"$f":"'BDI Diferenciado'!$D$24","v":0.15},{"$f":"ROUND(H76*G77,2)","v":734.59}]
[{"$nulls":6},"Total Serviços:",{"$f":"H76+H77","v":5631.88}]
[{"$nulls":4},{"$f":"A73","v":"CPU-13"},"PREÇO UNITÁRIO TOTAL:",null,{"$f":"H78","v":5631.88}]
[]
["CPU-14","CODEVASF",null,"AQUISIÇÃO  E TRANSPORTE DE EMULSÃO ASFÁLTICA RR-1C","UNID","COEF.","PRECO UNITÁRIO (R$)","TOTAL (R$)"]
[]
[null,null,null,"EMULSÃO ASFÁLTICA RR-1C","t",1,{"$f":"'INSUMOS SICRO'!F1764","v":2369.4446538810162},{"$f":"ROUND(F83*G83,2)","v":2369.44}]
[{"$nulls":4},"Sub total:",null,null,{"$f":"SUM(H83)","v":2369.44}]
[{"$nulls":5},"BDI",{"$f":"'BDI Diferenciado'!$D$24","v":0.15},{"$f":"ROUND(H84*G85,2)","v":355.42}]
[{"$nulls":6},"Total Serviços:",{"$f":"H84+H85","v":2724.86}]
[{"$nulls":4},{"$f":"A81","v":"CPU-14"},"PREÇO UNITÁRIO TOTAL:",null,{"$f":"H86","v":2724.86}]

{"sheet":"CPU_SICRO","index":3,"n_rows":1430,"n_cols":11,"rows_kept":1430,"cut":false,"hidden":false,"merged":[[1320,2,1320,6],[1321,4,1321,6],[1308,2,1308,6],[1310,5,1310,6],[1310,7,1310,8],[1314,2,1314,6],[1315,0,1316,1],[1315,2,1316,2],[1315,3,1316,3],[1315,4,1315,6],[1315,8,1316,8],[1296,2,1296,6],[1296,7,1296,8],[1297,2,1297,6],[1298,2,1298,6],[1301,4,1301,5],[1301,6,1301,8],[1306,2,1306,6],[1307,4,1307,5],[1307,6,1307,8],[1278,2,1278,6],[1279,4,1279,6],[1287,1,1287,6],[1287,7,1287,8],[1288,0,1289,1],[1288,2,1289,2],[1288,3,1288,4],[1288,5,1288,6],[1293,4,1293,5],[1293,6,1293,8],[1272,2,1272,6],[1274,5,1274,6],[1274,7,1274,8],[1275,2,1275,6],[1276,0,1277,1],[1276,2,1277,2],[1276,3,1277,3],[1276,4,1276,6],[1276,8,1277,8],[1260,2,1260,6],[1260,7,1260,8],[1261,2,1261,6],[1262,2,1262,6],[1265,4,1265,5],[1265,6,1265,8],[1266,2,1266,6],[1267,4,1267,5],[1267,6,1267,8],[1248,2,1248,6],[1249,4,1249,6],[1255,1,1255,6],[1255,7,1255,8],[1256,0,1257,1],[1256,2,1257,2],[1256,3,1256,4],[1256,5,1256,6],[1259,4,1259,5],[1259,6,1259,8],[1240,2,1240,6],[1242,5,1242,6],[1242,7,1242,8],[1244,2,1244,6],[1245,0,1246,1],[1245,2,1246,2],[1245,3,1246,3],[1245,4,1245,6],[1245,8,1246,8],[1231,2,1231,6],[1231,7,1231,8],[1232,2,1232,6],[1233,2,1233,6],[1236,4,1236,5],[1236,6,1236,8],[1238,2,1238,6],[1239,4,1239,5],[1239,6,1239,8],[1217,2,1217,6],[1218,4,1218,6],[1224,1,1224,6],[1224,7,1224,8],[1225,0,1226,1],[1225,2,1226,2],[1225,3,1225,4],[1225,5,1225,6],[1228,4,1228,5],[1228,6,1228,8],[1211,2,1211,6],[1213,5,1213,6],[1213,7,1213,8],[1214,2,1214,6],[1215,0,1216,1],[1215,2,1216,2],[1215,3,1216,3],[1215,4,1215,6],[1215,8,1216,8],[1203,2,1203,6],[1203,7,1203,8],[1204,2,1204,6],[1205,2,1205,6],[1208,4,1208,5],[1208,6,1208,8],[1209,2,1209,6],[1210,4,1210,5],[1210,6,1210,8],[1190,2,1190,6],[1191,4,1191,6],[1197,1,1197,6],[1197,7,1197,8],[1198,0,1199,1],[1198,2,1199,2],[1198,3,1198,4],[1198,5,1198,6],[1201,4,1201,5],[1201,6,1201,8],[1182,2,1182,6],[1184,5,1184,6],[1184,7,1184,8],[1186,2,1186,6],[1187,0,1188,1],[1187,2,1188,2],[1187,3,1188,3],[1187,4,1187,6],[1187,8,1188,8],[1173,2,1173,6],[1173,7,1173,8],[1174,2,1174,6],[1175,2,1175,6],[1178,4,1178,5],[1178,6,1178,8],[1180,2,1180,6],[1181,4,1181,5],[1181,6,1181,8],[1160,2,1160,6],[1161,4,1161,6],[1167,1,1167,6],[1167,7,1167,8],[1168,0,1169,1],[1168,2,1169,2],[1168,3,1168,4],[1168,5,1168,6],[1171,4,1171,5],[1171,6,1171,8],[1144,2,1144,6],[1146,5,1146,6],[1146,7,1146,8],[1152,2,1152,6],[1153,0,1154,1],[1153,2,1154,2],[1153,3,1154,3],[1153,4,1153,6],[1153,8,1154,8],[1131,2,1131,6],[1131,7,1131,8],[1132,2,1132,6],[1133,2,1133,6],[1136,4,1136,5],[1136,6,1136,8],[1142,2,1142,6],[1143,4,1143,5],[1143,6,1143,8],[1112,2,1112,6],[1113,4,1113,6],[1119,1,1119,6],[1119,7,1119,8],[1120,0,1121,1],[1120,2,1121,2],[1120,3,1120,4],[1120,5,1120,6],[1128,4,1128,5],[1128,6,1128,8],[1106,2,1106,6],[1108,5,1108,6],[1108,7,1108,8],[1109,2,1109,6],[1110,0,1111,1],[1110,2,1111,2],[1110,3,1111,3],[1110,4,1110,6],[1110,8,1111,8],[1098,2,1098,6],[1098,7,1098,8],[1099,2,1099,6],[1100,2,1100,6],[1103,4,1103,5],[1103,6,1103,8],[1104,2,1104,6],[1105,4,1105,5],[1105,6,1105,8],[1083,2,1083,6],[1084,4,1084,6],[1092,1,1092,6],[1092,7,1092,8],[1093,0,1094,1],[1093,2,1094,2],[1093,3,1093,4],[1093,5,1093,6],[1096,4,1096,5],[1096,6,1096,8],[1077,2,1077,6],[1079,5,1079,6],[1079,7,1079,8],[1080,2,1080,6],[1081,0,1082,1],[1081,2,1082,2],[1081,3,1082,3],[1081,4,1081,6],[1081,8,1082,8],[1064,2,1064,6],[1064,7,1064,8],[1065,2,1065,6],[1066,2,1066,6],[1069,4,1069,5],[1069,6,1069,8],[1070,2,1070,6],[1071,4,1071,5],[1071,6,1071,8],[1052,2,1052,6],[1053,4,1053,6],[1059,1,1059,6],[1059,7,1059,8],[1060,0,1061,1],[1060,2,1061,2],[1060,3,1060,4],[1060,5,1060,6],[1063,4,1063,5],[1063,6,1063,8],[1046,2,1046,6],[1048,5,1048,6],[1048,7,1048,8],[1049,2,1049,6],[1050,0,1051,1],[1050,2,1051,2],[1050,3,1051,3],[1050,4,1050,6],[1050,8,1051,8],[1038,2,1038,6],[1038,7,1038,8],[1039,2,1039,6],[1040,2,1040,6],[1043,4,1043,5],[1043,6,1043,8],[1044,2,1044,6],[1045,4,1045,5],[1045,6,1045,8],[1025,2,1025,6],[1026,4,1026,6],[1032,1,1032,6],[1032,7,1032,8],[1033,0,1034,1],[1033,2,1034,2],[1033,3,1033,4],[1033,5,1033,6],[1037,4,1037,5],[1037,6,1037,8],[1019,2,1019,6],[1021,5,1021,6],[1021,7,1021,8],[1022,2,1022,6],[1023,0,1024,1],[1023,2,1024,2],[1023,3,1024,3],[1023,4,1023,6],[1023,8,1024,8],[1011,2,1011,6],[1011,7,1011,8],[1012,2,1012,6],[1013,2,1013,6],[1016,4,1016,5],[1016,6,1016,8],[1017,2,1017,6],[1018,4,1018,5],[1018,6,1018,8],[998,2,998,6],[999,4,999,6],[1005,1,1005,6],[1005,7,1005,8],[1006,0,1007,1],[1006,2,1007,2],[1006,3,1006,4],[1006,5,1006,6],[1009,4,1009,5],[1009,6,1009,8],[982,2,982,6],[984,5,984,6],[984,7,984,8],[990,2,990,6],[991,0,992,1],[991,2,992,2],[991,3,992,3],[991,4,991,6],[991,8,992,8],[969,2,969,6],[969,7,969,8],[970,2,970,6],[971,2,971,6],[974,4,974,5],[974,6,974,8],[980,2,980,6],[981,4,981,5],[981,6,981,8],[948,2,948,6],[949,4,949,6],[957,1,957,6],[957,7,957,8],[958,0,959,1],[958,2,959,2],[958,3,958,4],[958,5,958,6],[966,4,966,5],[966,6,966,8],[936,2,936,6],[938,5,938,6],[938,7,938,8],[942,2,942,6],[943,0,944,1],[943,2,944,2],[943,3,944,3],[943,4,943,6],[943,8,944,8],[924,2,924,6],[924,7,924,8],[925,2,925,6],[926,2,926,6],[929,4,929,5],[929,6,929,8],[932,2,932,6],[933,4,933,5],[933,6,933,8],[909,2,909,6],[910,4,910,6],[916,1,916,6],[916,7,916,8],[917,0,918,1],[917,2,918,2],[917,3,917,4],[917,5,917,6],[921,4,921,5],[921,6,921,8],[903,2,903,6],[905,5,905,6],[905,7,905,8],[906,2,906,6],[907,0,908,1],[907,2,908,2],[907,3,908,3],[907,4,907,6],[907,8,908,8],[895,2,895,6],[895,7,895,8],[896,2,896,6],[897,2,897,6],[900,4,900,5],[900,6,900,8],[901,2,901,6],[902,4,902,5],[902,6,902,8],[882,2,882,6],[883,4,883,6],[889,1,889,6],[889,7,889,8],[890,0,891,1],[890,2,891,2],[890,3,890,4],[890,5,890,6],[894,4,894,5],[894,6,894,8],[876,2,876,6],[878,5,878,6],[878,7,878,8],[879,2,879,6],[880,0,881,1],[880,2,881,2],[880,3,881,3],[880,4,880,6],[880,8,881,8],[869,2,869,6],[870,2,870,6],[873,4,873,5],[873,6,873,8],[874,2,874,6],[875,4,875,5],[875,6,875,8],[855,2,855,6],[856,4,856,6],[862,1,862,6],[862,7,862,8],[863,0,864,1],[863,2,864,2],[863,3,863,4],[863,5,863,6],[867,4,867,5],[867,6,867,8],[852,2,852,6],[853,0,854,1],[853,2,854,2],[853,3,854,3],[853,4,853,6],[853,8,854,8],[841,2,841,6],[841,7,841,8],[842,2,842,6],[843,2,843,6],[846,4,846,5],[846,6,846,8],[847,2,847,6],[848,4,848,5],[848,6,848,8],[868,2,868,6],[868,7,868,8],[835,3,835,4],[835,5,835,6],[839,4,839,5],[839,6,839,8],[820,4,820,5],[820,6,820,8],[821,2,821,6],[823,5,823,6],[823,7,823,8],[824,2,824,6],[825,0,826,1],[825,2,826,2],[825,3,826,3],[825,4,825,6],[825,8,826,8],[849,2,849,6],[851,5,851,6],[851,7,851,8],[4,1,4,6],[4,7,4,8],[5,0,6,1],[5,2,6,2],[5,3,5,4],[5,5,5,6],[805,1,805,6],[805,7,805,8],[806,0,807,1],[806,2,807,2],[806,3,806,4],[806,5,806,6],[18,4,18,5],[18,6,18,8],[19,2,19,6],[20,4,20,5],[20,6,20,8],[22,2,22,6],[11,4,11,5],[11,6,11,8],[13,2,13,6],[13,7,13,8],[14,2,14,6],[15,2,15,6],[30,2,30,6],[31,4,31,6],[39,1,39,6],[39,7,39,8],[40,0,41,1],[40,2,41,2],[40,3,40,4],[40,5,40,6],[24,5,24,6],[24,7,24,8],[26,2,26,6],[27,0,28,1],[27,2,28,2],[27,3,28,3],[27,4,27,6],[27,8,28,8],[55,4,55,5],[55,6,55,8],[63,2,63,6],[64,4,64,5],[64,6,64,8],[65,2,65,6],[48,4,48,5],[48,6,48,8],[50,2,50,6],[50,7,50,8],[51,2,51,6],[52,2,52,6],[81,2,81,6],[82,4,82,6],[88,1,88,6],[88,7,88,8],[89,0,90,1],[89,2,90,2],[89,3,89,4],[89,5,89,6],[67,5,67,6],[67,7,67,8],[73,2,73,6],[74,0,75,1],[74,2,75,2],[74,3,75,3],[74,4,74,6],[74,8,75,8],[99,4,99,5],[99,6,99,8],[100,2,100,6],[101,4,101,5],[101,6,101,8],[102,2,102,6],[93,4,93,5],[93,6,93,8],[94,2,94,6],[94,7,94,8],[95,2,95,6],[96,2,96,6],[108,2,108,6],[109,4,109,6],[115,1,115,6],[115,7,115,8],[116,0,117,1],[116,2,117,2],[116,3,116,4],[116,5,116,6],[104,5,104,6],[104,7,104,8],[105,2,105,6],[106,0,107,1],[106,2,107,2],[106,3,107,3],[106,4,106,6],[106,8,107,8],[126,4,126,5],[126,6,126,8],[127,2,127,6],[128,4,128,5],[128,6,128,8],[129,2,129,6],[120,4,120,5],[120,6,120,8],[121,2,121,6],[121,7,121,8],[122,2,122,6],[123,2,123,6],[135,2,135,6],[136,4,136,6],[142,1,142,6],[142,7,142,8],[143,0,144,1],[143,2,144,2],[143,3,143,4],[143,5,143,6],[131,5,131,6],[131,7,131,8],[132,2,132,6],[133,0,134,1],[133,2,134,2],[133,3,134,3],[133,4,133,6],[133,8,134,8],[153,4,153,5],[153,6,153,8],[154,2,154,6],[155,4,155,5],[155,6,155,8],[156,2,156,6],[147,4,147,5],[147,6,147,8],[148,2,148,6],[148,7,148,8],[149,2,149,6],[150,2,150,6],[162,2,162,6],[163,4,163,6],[169,1,169,6],[169,7,169,8],[170,0,171,1],[170,2,171,2],[170,3,170,4],[170,5,170,6],[158,5,158,6],[158,7,158,8],[159,2,159,6],[160,0,161,1],[160,2,161,2],[160,3,161,3],[160,4,160,6],[160,8,161,8],[180,4,180,5],[180,6,180,8],[181,2,181,6],[182,4,182,5],[182,6,182,8],[183,2,183,6],[174,4,174,5],[174,6,174,8],[175,2,175,6],[175,7,175,8],[176,2,176,6],[177,2,177,6],[196,1,196,6],[196,7,196,8],[197,0,198,1],[197,2,198,2],[197,3,197,4],[197,5,197,6],[189,2,189,6],[190,4,190,6],[185,5,185,6],[185,7,185,8],[186,2,186,6],[187,0,188,1],[187,2,188,2],[187,3,188,3],[187,4,187,6],[187,8,188,8],[207,4,207,5],[207,6,207,8],[208,2,208,6],[209,4,209,5],[209,6,209,8],[210,2,210,6],[201,4,201,5],[201,6,201,8],[202,2,202,6],[202,7,202,8],[203,2,203,6],[204,2,204,6],[216,2,216,6],[217,4,217,6],[223,1,223,6],[223,7,223,8],[224,0,225,1],[224,2,225,2],[224,3,224,4],[224,5,224,6],[212,5,212,6],[212,7,212,8],[213,2,213,6],[214,0,215,1],[214,2,215,2],[214,3,215,3],[214,4,214,6],[214,8,215,8],[236,4,236,5],[236,6,236,8],[238,2,238,6],[239,4,239,5],[239,6,239,8],[240,2,240,6],[229,4,229,5],[229,6,229,8],[231,2,231,6],[231,7,231,8],[232,2,232,6],[233,2,233,6],[246,2,246,6],[247,4,247,6],[255,1,255,6],[255,7,255,8],[256,0,257,1],[256,2,257,2],[256,3,256,4],[256,5,256,6],[242,5,242,6],[242,7,242,8],[243,2,243,6],[244,0,245,1],[244,2,245,2],[244,3,245,3],[244,4,244,6],[244,8,245,8],[268,4,268,5],[268,6,268,8],[270,2,270,6],[271,4,271,5],[271,6,271,8],[272,2,272,6],[261,4,261,5],[261,6,261,8],[263,2,263,6],[263,7,263,8],[264,2,264,6],[265,2,265,6],[278,2,278,6],[279,4,279,6],[287,1,287,6],[287,7,287,8],[288,0,289,1],[288,2,289,2],[288,3,288,4],[288,5,288,6],[274,5,274,6],[274,7,274,8],[275,2,275,6],[276,0,277,1],[276,2,277,2],[276,3,277,3],[276,4,276,6],[276,8,277,8],[302,4,302,5],[302,6,302,8],[303,2,303,6],[304,4,304,5],[304,6,304,8],[306,2,306,6],[295,4,295,5],[295,6,295,8],[297,2,297,6],[297,7,297,8],[298,2,298,6],[299,2,299,6],[314,2,314,6],[315,4,315,6],[323,1,323,6],[323,7,323,8],[324,0,325,1],[324,2,325,2],[324,3,324,4],[324,5,324,6],[308,5,308,6],[308,7,308,8],[310,2,310,6],[311,0,312,1],[311,2,312,2],[311,3,312,3],[311,4,311,6],[311,8,312,8],[337,4,337,5],[337,6,337,8],[342,2,342,6],[343,4,343,5],[343,6,343,8],[344,2,344,6],[330,4,330,5],[330,6,330,8],[332,2,332,6],[332,7,332,8],[333,2,333,6],[334,2,334,6],[358,2,358,6],[359,4,359,6],[365,1,365,6],[365,7,365,8],[366,0,367,1],[366,2,367,2],[366,3,366,4],[366,5,366,6],[346,5,346,6],[346,7,346,8],[351,2,351,6],[352,0,353,1],[352,2,353,2],[352,3,353,3],[352,4,352,6],[352,8,353,8],[376,4,376,5],[376,6,376,8],[377,2,377,6],[378,4,378,5],[378,6,378,8],[379,2,379,6],[370,4,370,5],[370,6,370,8],[371,2,371,6],[371,7,371,8],[372,2,372,6],[373,2,373,6],[385,2,385,6],[386,4,386,6],[392,1,392,6],[392,7,392,8],[393,0,394,1],[393,2,394,2],[393,3,393,4],[393,5,393,6],[381,5,381,6],[381,7,381,8],[382,2,382,6],[383,0,384,1],[383,2,384,2],[383,3,384,3],[383,4,383,6],[383,8,384,8],[409,4,409,5],[409,6,409,8],[410,2,410,6],[411,4,411,5],[411,6,411,8],[413,2,413,6],[402,4,402,5],[402,6,402,8],[404,2,404,6],[404,7,404,8],[405,2,405,6],[406,2,406,6],[421,2,421,6],[422,4,422,6],[430,1,430,6],[430,7,430,8],[431,0,432,1],[431,2,432,2],[431,3,431,4],[431,5,431,6],[415,5,415,6],[415,7,415,8],[417,2,417,6],[418,0,419,1],[418,2,419,2],[418,3,419,3],[418,4,418,6],[418,8,419,8],[442,4,442,5],[442,6,442,8],[443,2,443,6],[444,4,444,5],[444,6,444,8],[445,2,445,6],[435,4,435,5],[435,6,435,8],[437,2,437,6],[437,7,437,8],[438,2,438,6],[439,2,439,6],[451,2,451,6],[452,4,452,6],[458,1,458,6],[458,7,458,8],[459,0,460,1],[459,2,460,2],[459,3,459,4],[459,5,459,6],[447,5,447,6],[447,7,447,8],[448,2,448,6],[449,0,450,1],[449,2,450,2],[449,3,450,3],[449,4,449,6],[449,8,450,8],[469,4,469,5],[469,6,469,8],[470,2,470,6],[471,4,471,5],[471,6,471,8],[472,2,472,6],[463,4,463,5],[463,6,463,8],[464,2,464,6],[464,7,464,8],[465,2,465,6],[466,2,466,6],[478,2,478,6],[479,4,479,6],[485,1,485,6],[485,7,485,8],[486,0,487,1],[486,2,487,2],[486,3,486,4],[486,5,486,6],[474,5,474,6],[474,7,474,8],[475,2,475,6],[476,0,477,1],[476,2,477,2],[476,3,477,3],[476,4,476,6],[476,8,477,8],[502,4,502,5],[502,6,502,8],[503,2,503,6],[504,4,504,5],[504,6,504,8],[505,2,505,6],[495,4,495,5],[495,6,495,8],[497,2,497,6],[497,7,497,8],[498,2,498,6],[499,2,499,6],[511,2,511,6],[512,4,512,6],[520,1,520,6],[520,7,520,8],[521,0,522,1],[521,2,522,2],[521,3,521,4],[521,5,521,6],[507,5,507,6],[507,7,507,8],[508,2,508,6],[509,0,510,1],[509,2,510,2],[509,3,510,3],[509,4,509,6],[509,8,510,8],[534,4,534,5],[534,6,534,8],[540,2,540,6],[541,4,541,5],[541,6,541,8],[542,2,542,6],[526,4,526,5],[526,6,526,8],[529,2,529,6],[529,7,529,8],[530,2,530,6],[531,2,531,6],[558,2,558,6],[559,4,559,6],[567,1,567,6],[567,7,567,8],[568,0,569,1],[568,2,569,2],[568,3,568,4],[568,5,568,6],[544,5,544,6],[544,7,544,8],[550,2,550,6],[551,0,552,1],[551,2,552,2],[551,3,552,3],[551,4,551,6],[551,8,552,8],[579,4,579,5],[579,6,579,8],[580,2,580,6],[581,4,581,5],[581,6,581,8],[582,2,582,6],[572,4,572,5],[572,6,572,8],[574,2,574,6],[574,7,574,8],[575,2,575,6],[576,2,576,6],[588,2,588,6],[589,4,589,6],[595,1,595,6],[595,7,595,8],[596,0,597,1],[596,2,597,2],[596,3,596,4],[596,5,596,6],[584,5,584,6],[584,7,584,8],[585,2,585,6],[586,0,587,1],[586,2,587,2],[586,3,587,3],[586,4,586,6],[586,8,587,8],[606,4,606,5],[606,6,606,8],[607,2,607,6],[608,4,608,5],[608,6,608,8],[609,2,609,6],[600,4,600,5],[600,6,600,8],[601,2,601,6],[601,7,601,8],[602,2,602,6],[603,2,603,6],[615,2,615,6],[616,4,616,6],[622,1,622,6],[622,7,622,8],[623,0,624,1],[623,2,624,2],[623,3,623,4],[623,5,623,6],[611,5,611,6],[611,7,611,8],[612,2,612,6],[613,0,614,1],[613,2,614,2],[613,3,614,3],[613,4,613,6],[613,8,614,8],[637,4,637,5],[637,6,637,8],[640,2,640,6],[641,4,641,5],[641,6,641,8],[642,2,642,6],[629,4,629,5],[629,6,629,8],[632,2,632,6],[632,7,632,8],[633,2,633,6],[634,2,634,6],[650,2,650,6],[651,4,651,6],[659,1,659,6],[659,7,659,8],[660,0,661,1],[660,2,661,2],[660,3,660,4],[660,5,660,6],[644,5,644,6],[644,7,644,8],[646,2,646,6],[647,0,648,1],[647,2,648,2],[647,3,648,3],[647,4,647,6],[647,8,648,8],[674,4,674,5]],"merged_total":1204,"flags":["merged_cut"]}
[]
["CGCIT",{"$nulls":7},"DNIT"]
["SISTEMA DE CUSTOS REFERENCIAIS DE OBRAS - SICRO"]
["Custo Unitário de Referência",null,null,"Abril/2020",null,null,"Produção da equipe",99.6,"t"]
[4011463,"Concreto asfáltico - faixa C - areia e brita comerciais",{"$nulls":5},"Valores em reais (R$)"]
["A - EQUIPAMENTOS",null,"Quantidade","Utilização",null,"Custo Horário",null,null,"Custo"]
[null,null,null,"Operativa","Improdutiva","Produtivo","Improdutivo",null,"Horário Total"]
["E9762","Rolo compactador de pneus autopropelido de 27 t - 85 kW",1,0.71,0.29000000000000004,{"$f":"VLOOKUP($A8,'INSUMOS SICRO'!$B$1771:$I$2257,8,0)","v":127.31780000000001},{"$f":"VLOOKUP($A8,'INSUMOS SICRO'!$B$1771:$I$2257,7,0)","v":60.786099999999998},null,{"$f":"ROUND((C8*(D8*F8))+(C8*(E8*G8)),4)","v":108.0236}]
["E9681","Rolo compactador liso tandem vibratório autopropelido de 10,4 t - 82 kW",1,0.82,0.18000000000000005,{"$f":"VLOOKUP($A9,'INSUMOS SICRO'!$B$1771:$I$2257,8,0)","v":156.54490000000001},{"$f":"VLOOKUP($A9,'INSUMOS SICRO'!$B$1771:$I$2257,7,0)","v":58.265900000000002},null,138.85470000000001]
["E9545","Vibroacabadora de asfalto sobre esteiras - 82 kW",1,1,0,{"$f":"VLOOKUP($A10,'INSUMOS SICRO'!$B$1771:$I$2257,8,0)","v":166.5385},{"$f":"VLOOKUP($A10,'INSUMOS SICRO'!$B$1771:$I$2257,7,0)","v":73.310900000000004},null,166.5385]
[{"$nulls":6},"Custo horário total de equipamentos",null,{"$f":"SUM(I8:I10)","v":413.41680000000002}]
["B - MÃO DE OBRA",null,"Quantidade","Unidade","Custo Horário",null,"Custo Horário Total"]
["P9824","Servente",8,"h",{"$f":"VLOOKUP($A13,'INSUMOS SICRO'!$B$1637:$G$1746,6,0)","v":16.410499999999999},null,null,null,{"$f":"ROUND(C13*E13,4)","v":131.28399999999999}]
[null,null,"Custo horário total de mão de obra",{"$nulls":4},{"$f":"SUM(I13)","v":131.28399999999999}]
[null,null,"Custo horário total de execução",{"$nulls":5},{"$f":"SUM(H14,I11)","v":544.70080000000007}]
[null,null,"Custo unitário de execução",{"$nulls":5},{"$f":"I15/H4","v":5.4688835341365474}]
[{"$nulls":6},"Custo do FIC",4.5399999999999998E-3,{"$f":"I16*H17","v":2.4828731244979925E-2}]
[{"$nulls":6},"Custo do FIT",null,"-"]
["C - MATERIAL",null,"Quantidade","Unidade","Preço Unitário",null,"Custo Unitário"]
[null,null,"Custo unitário total de material"]
["D - ATIVIDADES AUXILIARES",null,"Quantidade","Unidade","Custo Unitário",null,"Custo Unitário"]
[6416078,"Usinagem de concreto asfáltico - faixa C - areia e brita comerciais",1.02,"t",null,{"$f":"I83","v":129.78},null,null,{"$f":"ROUND(C22*F22,4)","v":132.37559999999999}]
[null,null,"Custo total de atividades auxiliares",{"$nulls":5},{"$f":"SUM(I22)","v":132.37559999999999}]
[{"$nulls":6},"Subtotal",null,{"$f":"SUM(I23,I17,I16)","v":137.86931226538152}]
["E - TEMPO FIXO",null,"Código","Quantidade","Unidade","Custo Unitário",null,"Custo Unitário"]
[6416078,"Usinagem de concreto asfáltico - faixa C - areia e brita comerciais - Caminhão basculante 10 m³",5914649,1.02,"t",null,{"$f":"I218","v":3.91},null,{"$f":"ROUND(D26*G26,4)","v":3.9882}]
[null,null,"Custo unitário total de tempo fixo",{"$nulls":5},{"$f":"SUM(I26)","v":3.9882}]
["F - MOMENTO DE TRANSPORTE",null,"Quantidade","Unidade","DMT",null,null,null,"Custo Unitário"]
[{"$nulls":4},"LN","RP","P"]
[6416078,"Usinagem de concreto asfáltico - faixa C - areia e brita comerciais - Caminhão basculante 10 m³",1.02,"tkm",null,null,{"$f":"'QUADRO DE DMT'!$H$28","v":50},null,{"$f":"ROUND((C30*G30)*$I$164,4)","v":20.399999999999999},null,5914389]
[null,null,"Custo unitário total de transporte",{"$nulls":5},{"$f":"SUM(I30)","v":20.399999999999999}]
[{"$nulls":4},"Custo unitário direto total",null,null,null,{"$f":"SUM(I31,I27,I24)","v":162.25751226538154}]
[{"$nulls":5},"BDI",{"$f":"'Médio Porte - BDI'!D24","v":0.23742563547863726},null,{"$f":"ROUND(I32*G33,4)","v":38.524099999999997}]
[{"$nulls":6},"Preço Unitário:",null,{"$f":"SUM(I32,I33)","v":200.78161226538154}]
["Obs."]
[]
["CGCIT",{"$nulls":7},"DNIT"]
["SISTEMA DE CUSTOS REFERENCIAIS DE OBRAS - SICRO"]
["Custo Unitário de Referência",null,null,"Abril/2020",null,null,"Produção da equipe",99.6,"t"]
[6416078,"Usinagem de concreto asfáltico - faixa C - areia e brita comerciais",{"$nulls":5},"Valores em reais (R$)"]
["A - EQUIPAMENTOS",null,"Quantidade","Utilização",null,"Custo Horário",null,null,"Custo"]
[null,null,null,"Operativa","Improdutiva","Produtivo","Improdutivo",null,"Horário Total"]
["E9559","Aquecedor de fluido térmico - 12 kW",1,1,0,{"$f":"VLOOKUP($A43,'INSUMOS SICRO'!$B$1771:$I$2257,8,0)","v":33.1828},{"$f":"VLOOKUP($A43,'INSUMOS SICRO'!$B$1771:$I$2257,7,0)","v":17.087299999999999},null,{"$f":"ROUND((C43*(D43*F43))+(C43*(E43*G43)),4)","v":33.1828}]
["E9584","Carregadeira de pneus com capacidade de 1,72 m³ - 113 kW",1,0.8,0.19999999999999996,{"$f":"VLOOKUP($A44,'INSUMOS SICRO'!$B$1771:$I$2257,8,0)","v":104.4423},{"$f":"VLOOKUP($A44,'INSUMOS SICRO'!$B$1771:$I$2257,7,0)","v":52.144399999999997},null,93.982699999999994]
["E9021","Grupo gerador - 456 kVA",1,1,0,{"$f":"VLOOKUP($A45,'INSUMOS SICRO'!$B$1771:$I$2257,8,0)","v":231.3494},{"$f":"VLOOKUP($A45,'INSUMOS SICRO'!$B$1771:$I$2257,7,0)","v":10.9208},null,231.3494]
["E9558","Tanque de estocagem de asfalto com capacidade de 30.000 l",2,1,0,{"$f":"VLOOKUP($A46,'INSUMOS SICRO'!$B$1771:$I$2257,8,0)","v":16.414899999999999},{"$f":"VLOOKUP($A46,'INSUMOS SICRO'!$B$1771:$I$2257,7,0)","v":10.427899999999999},null,32.829799999999999]
["E9689","Usina de asfalto a quente gravimétrica com capacidade de 100/140 t/h - 260 kW",1,1,0,{"$f":"VLOOKUP($A47,'INSUMOS SICRO'!$B$1771:$I$2257,8,0)","v":801.98419999999999},{"$f":"VLOOKUP($A47,'INSUMOS SICRO'!$B$1771:$I$2257,7,0)","v":386.84230000000002},null,801.98419999999999]
[{"$nulls":6},"Custo horário total de equipamentos",null,{"$f":"SUM(I43:I47)","v":1193.3289}]
["B - MÃO DE OBRA",null,"Quantidade","Unidade","Custo Horário",null,"Custo Horário Total"]
["P9824","Servente",4,"h",{"$f":"VLOOKUP($A50,'INSUMOS SICRO'!$B$1637:$G$1746,6,0)","v":16.410499999999999},null,null,null,{"$f":"ROUND(C50*E50,4)","v":65.641999999999996}]
[null,null,"Custo horário total de mão de obra",{"$nulls":4},{"$f":"SUM(I50)","v":65.641999999999996}]
[null,null,"Custo horário total de execução",{"$nulls":5},{"$f":"SUM(I48,H51)","v":1258.9709}]
[null,null,"Custo unitário de execução",{"$nulls":5},{"$f":"I52/H39","v":12.640270080321287}]
[{"$nulls":6},"Custo do FIC",null,"-"]
[{"$nulls":6},"Custo do FIT",null,"-"]
["C - MATERIAL",null,"Quantidade","Unidade","Preço Unitário",null,"Custo Unitário"]
["M0028","Areia média",0.32474999999999998,"m³",null,{"$f":"VLOOKUP($A57,'INSUMOS SICRO'!$B$6:$F$1632,5,0)","v":82.563999999999993},null,null,{"$f":"ROUND(C57*F57,4)","v":26.8127}]
["M0005","Brita 0",6.2449999999999999E-2,"m³",null,{"$f":"VLOOKUP($A58,'INSUMOS SICRO'!$B$6:$F$1632,5,0)","v":84.147300000000001},null,null,{"$f":"ROUND(C58*F58,4)","v":5.2549999999999999}]
["M0191","Brita 1",6.2449999999999999E-2,"m³",null,{"$f":"VLOOKUP($A59,'INSUMOS SICRO'!$B$6:$F$1632,5,0)","v":84.147300000000001},null,null,5.2549999999999999]
["M0344","Cal hidratada - a granel",56.2,"kg",null,{"$f":"VLOOKUP($A60,'INSUMOS SICRO'!$B$6:$F$1632,5,0)","v":0.36180000000000001},null,null,20.333200000000001]
["M1943","Cimento asfáltico CAP 50/70",6.3229999999999995E-2,"t",{"$nulls":4},0]
["M1941","Óleo combustível 1A",8,"l",null,{"$f":"VLOOKUP($A62,'INSUMOS SICRO'!$B$6:$F$1632,5,0)","v":3.5062000000000002},null,null,28.049600000000002]
["M1103","Pedrisco",0.13739000000000001,"m³",null,{"$f":"VLOOKUP($A63,'INSUMOS SICRO'!$B$6:$F$1632,5,0)","v":84.147300000000001},null,null,11.561]
[null,null,"Custo unitário total de material",{"$nulls":5},{"$f":"SUM(I57:I63)","v":97.266500000000008}]
["D - ATIVIDADES AUXILIARES",null,"Quantidade","Unidade","Custo Unitário",null,"Custo Unitário"]
[null,null,"Custo total de atividades auxiliares"]
[{"$nulls":6},"Subtotal"]
["E - TEMPO FIXO",null,"Código","Quantidade","Unidade","Custo Unitário",null,"Custo Unitário"]
["M0028","Areia média - Caminhão basculante 10 m³",5914647,0.48713000000000001,"t",null,{"$f":"$I$110","v":0.88580000000000003},null,{"$f":"ROUND(D69*G69,4)","v":0.43149999999999999}]
["M0005","Brita 0 - Caminhão basculante 10 m³",5914647,9.3679999999999999E-2,"t",null,{"$f":"$I$110","v":0.88580000000000003},null,{"$f":"ROUND(D70*G70,4)","v":8.3000000000000004E-2}]
["M0191","Brita 1 - Caminhão basculante 10 m³",5914647,9.3679999999999999E-2,"t",null,0.88580000000000003,null,8.3000000000000004E-2]
["M0344","Cal hidratada - a granel - Caminhão silo 30 m³",5914363,5.62E-2,"t",null,{"$f":"$I$137","v":9.9},null,0.55640000000000001]
["M1103","Pedrisco - Caminhão basculante 10 m³",5914647,0.20609,"t",null,0.88580000000000003,null,0.18260000000000001]
[null,null,"Custo unitário total de tempo fixo",{"$nulls":5},{"$f":"SUM(I69:I73)","v":1.3365}]
["F - MOMENTO DE TRANSPORTE",null,"Quantidade","Unidade","DMT",null,null,null,"Custo Unitário"]
[{"$nulls":4},"LN","RP","P"]
["M0028","Areia média - Caminhão basculante 10 m³",0.48713000000000001,"tkm",null,null,{"$f":"'QUADRO DE DMT'!$H$6","v":50},null,{"$f":"ROUND((C77*G77)*$I$164,4)","v":9.7425999999999995},null,5914389]
["M0005","Brita 0 - Caminhão basculante 10 m³",9.3679999999999999E-2,"tkm",null,null,{"$f":"'QUADRO DE DMT'!$H$6","v":50},null,{"$f":"ROUND((C78*G78)*$I$164,4)","v":1.8735999999999999},null,5914389]
["M0191","Brita 1 - Caminhão basculante 10 m³",9.3679999999999999E-2,"tkm",null,null,{"$f":"'QUADRO DE DMT'!$H$6","v":50},null,{"$f":"ROUND((C79*G79)*$I$164,4)","v":1.8735999999999999},null,5914389]
["M0344","Cal hidratada - a granel - Caminhão silo 30 m³",5.62E-2,"tkm",null,null,{"$f":"'QUADRO DE DMT'!$H$6","v":50},null,{"$f":"ROUND((C80*G80)*$I$191,4)","v":0.92730000000000001},null,5914366]
["M1103","Pedrisco - Caminhão basculante 10 m³",0.20609,"tkm",null,null,{"$f":"'QUADRO DE DMT'!$H$6","v":50},null,{"$f":"ROUND((C81*G81)*$I$164,4)","v":4.1218000000000004},null,5914389]
[null,null,"Custo unitário total de transporte",{"$nulls":5},{"$f":"SUM(I77:I81)","v":18.538899999999998}]
[{"$nulls":4},"Custo unitário direto total",null,null,null,{"$f":"ROUND(SUM(I82,I74,I64,I53),2)","v":129.78}]
["Obs."]
[]
["CGCIT",{"$nulls":7},"DNIT"]
["SISTEMA DE CUSTOS REFERENCIAIS DE OBRAS - SICRO"]
["Custo Unitário de Referência",null,null,"Abril/2020",null,null,"Produção da equipe",457.16,"t"]
[5914647,"Carga, manobra e descarga de agregados ou solos em caminhão basculante de 10 m³ - carga com carregadeira de 3,40 m³ (exclusa) e descarga livre",{"$nulls":5},"Valores em reais (R$)"]
["A - EQUIPAMENTOS",null,"Quantidade","Utilização",null,"Custo Horário",null,null,"Custo"]
[null,null,null,"Operativa","Improdutiva","Produtivo","Improdutivo",null,"Horário Total"]
["E9579","Caminhão basculante com capacidade de 10 m³ - 188 kW",3,0.86,0.14000000000000001,{"$f":"VLOOKUP($A92,'INSUMOS SICRO'!$B$1771:$I$2257,8,0)","v":149.7011},{"$f":"VLOOKUP($A92,'INSUMOS SICRO'!$B$1771:$I$2257,7,0)","v":44.613900000000001},null,{"$f":"ROUND((C92*(D92*F92))+(C92*(E92*G92)),4)","v":404.9667}]
[{"$nulls":6},"Custo horário total de equipamentos",null,{"$f":"SUM(I92)","v":404.9667}]
["B - MÃO DE OBRA",null,"Quantidade","Unidade","Custo Horário",null,"Custo Horário Total"]
[null,null,"Custo horário total de mão de obra",{"$nulls":4},"-"]
[null,null,"Custo horário total de execução",{"$nulls":5},{"$f":"SUM(I93)","v":404.9667}]
[null,null,"Custo unitário de execução",{"$nulls":5},{"$f":"I96/H88","v":0.88583143757109106}]
[{"$nulls":6},"Custo do FIC",null,"-"]
[{"$nulls":6},"Custo do FIT",null,"-"]
["C - MATERIAL",null,"Quantidade","Unidade","Preço Unitário",null,"Custo Unitário"]
[null,null,"Custo unitário total de material"]
["D - ATIVIDADES AUXILIARES",null,"Quantidade","Unidade","Custo Unitário",null,"Custo Unitário"]
[null,null,"Custo total de atividades auxiliares"]
[{"$nulls":6},"Subtotal"]
["E - TEMPO FIXO",null,"Código","Quantidade","Unidade","Custo Unitário",null,"Custo Unitário"]
[null,null,"Custo unitário total de tempo fixo"]
["F - MOMENTO DE TRANSPORTE",null,"Quantidade","Unidade","DMT",null,null,null,"Custo Unitário"]
[{"$nulls":4},"LN","RP","P"]
[null,null,"Custo unitário total de transporte"]
[{"$nulls":4},"Custo unitário direto total",null,null,null,{"$f":"ROUND(SUM(I97),4)","v":0.88580000000000003}]
["Obs."]
[]
["CGCIT",{"$nulls":7},"DNIT"]
["SISTEMA DE CUSTOS REFERENCIAIS DE OBRAS - SICRO"]
["Custo Unitário de Referência",null,null,"Abril/2020",null,null,"Produção da equipe",25.97,"t"]
[5914363,"Carga, manobra e descarga de cimento a granel em caminhão silo de 30 m³",{"$nulls":5},"Valores em reais (R$)"]
["A - EQUIPAMENTOS",null,"Quantidade","Utilização",null,"Custo Horário",null,null,"Custo"]
[null,null,null,"Operativa","Improdutiva","Produtivo","Improdutivo",null,"Horário Total"]
["E9146","Caminhão silo com capacidade de 30 m³ - 265 kW",1,1,0,{"$f":"VLOOKUP($A119,'INSUMOS SICRO'!$B$1771:$I$2257,8,0)","v":256.98360000000002},{"$f":"VLOOKUP($A119,'INSUMOS SICRO'!$B$1771:$I$2257,7,0)","v":60.923000000000002},null,{"$f":"ROUND((C119*(D119*F119))+(C119*(E119*G119)),4)","v":256.98360000000002}]
[{"$nulls":6},"Custo horário total de equipamentos",null,{"$f":"SUM(I119)","v":256.98360000000002}]
["B - MÃO DE OBRA",null,"Quantidade","Unidade","Custo Horário",null,"Custo Horário Total"]
[null,null,"Custo horário total de mão de obra",{"$nulls":4},"-"]
[null,null,"Custo horário total de execução",{"$nulls":5},{"$f":"SUM(I120)","v":256.98360000000002}]
[null,null,"Custo unitário de execução",{"$nulls":5},{"$f":"I123/H115","v":9.8954023873700443}]
[{"$nulls":6},"Custo do FIC",null,"-"]
[{"$nulls":6},"Custo do FIT",null,"-"]
["C - MATERIAL",null,"Quantidade","Unidade","Preço Unitário",null,"Custo Unitário"]
[null,null,"Custo unitário total de material"]
["D - ATIVIDADES AUXILIARES",null,"Quantidade","Unidade","Custo Unitário",null,"Custo Unitário"]
[null,null,"Custo total de atividades auxiliares"]
[{"$nulls":6},"Subtotal"]
["E - TEMPO FIXO",null,"Código","Quantidade","Unidade","Custo Unitário",null,"Custo Unitário"]
[null,null,"Custo unitário total de tempo fixo"]
["F - MOMENTO DE TRANSPORTE",null,"Quantidade","Unidade","DMT",null,null,null,"Custo Unitário"]
[{"$nulls":4},"LN","RP","P"]
[null,null,"Custo unitário total de transporte"]
[{"$nulls":4},"Custo unitário direto total",null,null,null,{"$f":"ROUND(SUM(I124),2)","v":9.9}]
["Obs."]
[]
["CGCIT",{"$nulls":7},"DNIT"]
["SISTEMA DE CUSTOS REFERENCIAIS DE OBRAS - SICRO"]
["Custo Unitário de Referência",null,null,"Abril/2020",null,null,"Produção da equipe",373.5,"tkm"]
[5914389,"Transporte com caminhão basculante de 10 m³ - rodovia pavimentada",{"$nulls":5},"Valores em reais (R$)"]
["A - EQUIPAMENTOS",null,"Quantidade","Utilização",null,"Custo Horário",null,null,"Custo"]
[null,null,null,"Operativa","Improdutiva","Produtivo","Improdutivo",null,"Horário Total"]
["E9579","Caminhão basculante com capacidade de 10 m³ - 188 kW",1,1,0,{"$f":"VLOOKUP($A146,'INSUMOS SICRO'!$B$1771:$I$2257,8,0)","v":149.7011},{"$f":"VLOOKUP($A146,'INSUMOS SICRO'!$B$1771:$I$2257,7,0)","v":44.613900000000001},null,{"$f":"ROUND((C146*(D146*F146))+(C146*(E146*G146)),4)","v":149.7011}]
[{"$nulls":6},"Custo horário total de equipamentos",null,{"$f":"SUM(I146)","v":149.7011}]
["B - MÃO DE OBRA",null,"Quantidade","Unidade","Custo Horário",null,"Custo Horário Total"]
[null,null,"Custo horário total de mão de obra",{"$nulls":4},"-"]
[null,null,"Custo horário total de execução",{"$nulls":5},{"$f":"SUM(I147)","v":149.7011}]
[null,null,"Custo unitário de execução",{"$nulls":5},{"$f":"I150/H142","v":0.40080615796519409}]
[{"$nulls":6},"Custo do FIC",null,"-"]
[{"$nulls":6},"Custo do FIT",null,"-"]
["C - MATERIAL",null,"Quantidade","Unidade","Preço Unitário",null,"Custo Unitário"]
[null,null,"Custo unitário total de material"]
["D - ATIVIDADES AUXILIARES",null,"Quantidade","Unidade","Custo Unitário",null,"Custo Unitário"]
[null,null,"Custo total de atividades auxiliares"]
[{"$nulls":6},"Subtotal"]
["E - TEMPO FIXO",null,"Código","Quantidade","Unidade","Custo Unitário",null,"Custo Unitário"]
[null,null,"Custo unitário total de tempo fixo"]
["F - MOMENTO DE TRANSPORTE",null,"Quantidade","Unidade","DMT",null,null,null,"Custo Unitário"]
[{"$nulls":4},"LN","RP","P"]
[null,null,"Custo unitário total de transporte",{"$nulls":5},"-"]
[{"$nulls":4},"Custo unitário direto total",null,null,null,{"$f":"ROUND(SUM(I151),2)","v":0.4}]
["Obs."]
[]
["CGCIT",{"$nulls":7},"DNIT"]
["SISTEMA DE CUSTOS REFERENCIAIS DE OBRAS - SICRO"]
["Custo Unitário de Referência",null,null,"Abril/2020",null,null,"Produção da equipe",779.12,"tkm"]
[5914366,"Transporte de cimento a granel com caminhão silo de 30 m³ - rodovia pavimentada",{"$nulls":5},"Valores em reais (R$)"]
["A - EQUIPAMENTOS",null,"Quantidade","Utilização",null,"Custo Horário",null,null,"Custo"]
[null,null,null,"Operativa","Improdutiva","Produtivo","Improdutivo",null,"Horário Total"]
["E9146","Caminhão silo com capacidade de 30 m³ - 265 kW",1,1,0,{"$f":"VLOOKUP($A173,'INSUMOS SICRO'!$B$1771:$I$2257,8,0)","v":256.98360000000002},{"$f":"VLOOKUP($A173,'INSUMOS SICRO'!$B$1771:$I$2257,7,0)","v":60.923000000000002},null,{"$f":"ROUND((C173*(D173*F173))+(C173*(E173*G173)),4)","v":256.98360000000002}]
[{"$nulls":6},"Custo horário total de equipamentos",null,{"$f":"SUM(I173)","v":256.98360000000002}]
["B - MÃO DE OBRA",null,"Quantidade","Unidade","Custo Horário",null,"Custo Horário Total"]
[null,null,"Custo horário total de mão de obra",{"$nulls":4},"-"]
[null,null,"Custo horário total de execução",{"$nulls":5},{"$f":"SUM(I174)","v":256.98360000000002}]
[null,null,"Custo unitário de execução",{"$nulls":5},{"$f":"I177/H169","v":0.32983827908409491}]
[{"$nulls":6},"Custo do FIC",null,"-"]
[{"$nulls":6},"Custo do FIT",null,"-"]
["C - MATERIAL",null,"Quantidade","Unidade","Preço Unitário",null,"Custo Unitário"]
[null,null,"Custo unitário total de material"]
["D - ATIVIDADES AUXILIARES",null,"Quantidade","Unidade","Custo Unitário",null,"Custo Unitário"]
[null,null,"Custo total de atividades auxiliares"]
[{"$nulls":6},"Subtotal"]
["E - TEMPO FIXO",null,"Código","Quantidade","Unidade","Custo Unitário",null,"Custo Unitário"]
[null,null,"Custo unitário total de tempo fixo"]
["F - MOMENTO DE TRANSPORTE",null,"Quantidade","Unidade","DMT",null,null,null,"Custo Unitário"]
[{"$nulls":4},"LN","RP","P"]
[null,null,"Custo unitário total de transporte",{"$nulls":5},"-"]
[{"$nulls":4},"Custo unitário direto total",null,null,null,{"$f":"ROUND(SUM(I178),2)","v":0.33}]
["Obs."]
[]
["CGCIT",{"$nulls":7},"DNIT"]
["SISTEMA DE CUSTOS REFERENCIAIS DE OBRAS - SICRO"]
["Custo Unitário de Referência",null,null,"Abril/2020",null,null,"Produção da equipe",99.6,"t"]
[5914649,"Carga, manobra e descarga de mistura betuminosa a quente em caminhão basculante de 10 m³ - carga em usina de asfalto 100/140 t/h e descarga em vibroacabadora",{"$nulls":5},"Valores em reais (R$)"]
["A - EQUIPAMENTOS",null,"Quantidade","Utilização",null,"Custo Horário",null,null,"Custo"]
[null,null,null,"Operativa","Improdutiva","Produtivo","Improdutivo",null,"Horário Total"]
["E9579","Caminhão basculante com capacidade de 10 m³ - 188 kW",3,0.81,0.18999999999999995,{"$f":"VLOOKUP($A200,'INSUMOS SICRO'!$B$1771:$I$2257,8,0)","v":149.7011},{"$f":"VLOOKUP($A200,'INSUMOS SICRO'!$B$1771:$I$2257,7,0)","v":44.613900000000001},null,{"$f":"ROUND((C200*(D200*F200))+(C200*(E200*G200)),4)","v":389.20359999999999}]
[{"$nulls":6},"Custo horário total de equipamentos",null,{"$f":"SUM(I200)","v":389.20359999999999}]
["B - MÃO DE OBRA",null,"Quantidade","Unidade","Custo Horário",null,"Custo Horário Total"]
[null,null,"Custo horário total de mão de obra",{"$nulls":4},"-"]
[null,null,"Custo horário total de execução",{"$nulls":5},{"$f":"SUM(I201)","v":389.20359999999999}]
[null,null,"Custo unitário de execução",{"$nulls":5},{"$f":"I204/H196","v":3.9076666666666666}]
[{"$nulls":6},"Custo do FIC",null,"-"]
[{"$nulls":6},"Custo do FIT",null,"-"]
["C - MATERIAL",null,"Quantidade","Unidade","Preço Unitário",null,"Custo Unitário"]
[null,null,"Custo unitário total de material"]
["D - ATIVIDADES AUXILIARES",null,"Quantidade","Unidade","Custo Unitário",null,"Custo Unitário"]
[null,null,"Custo total de atividades auxiliares"]
[{"$nulls":6},"Subtotal"]
["E - TEMPO FIXO",null,"Código","Quantidade","Unidade","Custo Unitário",null,"Custo Unitário"]
[null,null,"Custo unitário total de tempo fixo"]
["F - MOMENTO DE TRANSPORTE",null,"Quantidade","Unidade","DMT",null,null,null,"Custo Unitário"]
[{"$nulls":4},"LN","RP","P"]
[null,null,"Custo unitário total de transporte",{"$nulls":5},"-"]
[{"$nulls":4},"Custo unitário direto total",null,null,null,{"$f":"ROUND(SUM(I205),2)","v":3.91}]
["Obs."]
[]
["CGCIT",{"$nulls":7},"DNIT"]
["SISTEMA DE CUSTOS REFERENCIAIS DE OBRAS - SICRO"]
["Custo Unitário de Referência",null,null,"Abril/2020",null,null,"Produção da equipe",1038.46,"m²"]
[4011352,"Imprimação com emulsão asfáltica",{"$nulls":5},"Valores em reais (R$)"]
["A - EQUIPAMENTOS",null,"Quantidade","Utilização",null,"Custo Horário",null,null,"Custo"]
[null,null,null,"Operativa","Improdutiva","Produtivo","Improdutivo",null,"Horário Total"]
["E9509","Caminhão tanque distribuidor de asfalto com capacidade de 6.000 l - 7 kW/136 kW",1,1,0,{"$f":"VLOOKUP($A227,'INSUMOS SICRO'!$B$1771:$I$2257,8,0)","v":155.55770000000001},{"$f":"VLOOKUP($A227,'INSUMOS SICRO'!$B$1771:$I$2257,7,0)","v":46.573},null,{"$f":"ROUND((C227*(D227*F227))+(C227*(E227*G227)),4)","v":155.55770000000001}]
["E9558","Tanque de estocagem de asfalto com capacidade de 30.000 l",2,1,0,{"$f":"VLOOKUP($A228,'INSUMOS SICRO'!$B$1771:$I$2257,8,0)","v":16.414899999999999},{"$f":"VLOOKUP($A228,'INSUMOS SICRO'!$B$1771:$I$2257,7,0)","v":10.427899999999999},null,{"$f":"ROUND((C228*(D228*F228))+(C228*(E228*G228)),4)","v":32.829799999999999}]
[{"$nulls":6},"Custo horário total de equipamentos",null,{"$f":"SUM(I227:I228)","v":188.38750000000002}]
["B - MÃO DE OBRA",null,"Quantidade","Unidade","Custo Horário",null,"Custo Horário Total"]
["P9824","Servente",2,"h",{"$f":"VLOOKUP($A231,'INSUMOS SICRO'!$B$1637:$G$1746,6,0)","v":16.410499999999999},null,null,null,{"$f":"ROUND(C231*E231,4)","v":32.820999999999998}]
[null,null,"Custo horário total de mão de obra",{"$nulls":4},{"$f":"SUM(I231)","v":32.820999999999998}]
[null,null,"Custo horário total de execução",{"$nulls":5},{"$f":"SUM(H232,I229)","v":221.20850000000002}]
[null,null,"Custo unitário de execução",{"$nulls":5},{"$f":"I233/H223","v":0.21301590817171581}]
[{"$nulls":6},"Custo do FIC",null,"-"]
[{"$nulls":6},"Custo do FIT",null,"-"]
["C - MATERIAL",null,"Quantidade","Unidade","Preço Unitário",null,"Custo Unitário"]
["M2092","Emulsão asfáltica para imprimação",1.2999999999999999E-3,"t"]
[null,null,"Custo unitário total de material"]
["D - ATIVIDADES AUXILIARES",null,"Quantidade","Unidade","Custo Unitário",null,"Custo Unitário"]
[null,null,"Custo total de atividades auxiliares"]
[{"$nulls":6},"Subtotal"]
["E - TEMPO FIXO",null,"Código","Quantidade","Unidade","Custo Unitário",null,"Custo Unitário"]
[null,null,"Custo unitário total de tempo fixo"]
["F - MOMENTO DE TRANSPORTE",null,"Quantidade","Unidade","DMT",null,null,null,"Custo Unitário"]
[{"$nulls":4},"LN","RP","P"]
[null,null,"Custo unitário total de transporte",{"$nulls":5},"-"]
[{"$nulls":4},"Custo unitário direto total",null,null,null,{"$f":"SUM(I234)","v":0.21301590817171581}]
[{"$nulls":5},"BDI",{"$f":"'Médio Porte - BDI'!D24","v":0.23742563547863726},null,{"$f":"ROUND(I248*G249,4)","v":5.0599999999999999E-2}]
[{"$nulls":6},"Preço Unitário:",null,{"$f":"ROUND(SUM(I248,I249),2)","v":0.26}]
["Obs."]
[]
["CGCIT",{"$nulls":7},"DNIT"]
["SISTEMA DE CUSTOS REFERENCIAIS DE OBRAS - SICRO"]
["Custo Unitário de Referência",null,null,"Abril/2020",null,null,"Produção da equipe",1500,"m²"]
[4011353,"Pintura de ligação",{"$nulls":5},"Valores em reais (R$)"]
["A - EQUIPAMENTOS",null,"Quantidade","Utilização",null,"Custo Horário",null,null,"Custo"]
[null,null,null,"Operativa","Improdutiva","Produtivo","Improdutivo",null,"Horário Total"]
["E9509","Caminhão tanque distribuidor de asfalto com capacidade de 6.000 l - 7 kW/136 kW",1,1,0,{"$f":"VLOOKUP($A259,'INSUMOS SICRO'!$B$1771:$I$2257,8,0)","v":155.55770000000001},{"$f":"VLOOKUP($A259,'INSUMOS SICRO'!$B$1771:$I$2257,7,0)","v":46.573},null,{"$f":"ROUND((C259*(D259*F259))+(C259*(E259*G259)),4)","v":155.55770000000001}]
["E9558","Tanque de estocagem de asfalto com capacidade de 30.000 l",2,1,0,{"$f":"VLOOKUP($A260,'INSUMOS SICRO'!$B$1771:$I$2257,8,0)","v":16.414899999999999},{"$f":"VLOOKUP($A260,'INSUMOS SICRO'!$B$1771:$I$2257,7,0)","v":10.427899999999999},null,32.829799999999999]
[{"$nulls":6},"Custo horário total de equipamentos",null,{"$f":"SUM(I259:I260)","v":188.38750000000002}]
["B - MÃO DE OBRA",null,"Quantidade","Unidade","Custo Horário",null,"Custo Horário Total"]
["P9824","Servente",2,"h",{"$f":"VLOOKUP($A263,'INSUMOS SICRO'!$B$1637:$G$1746,6,0)","v":16.410499999999999},null,null,null,{"$f":"ROUND(C263*E263,4)","v":32.820999999999998}]
[null,null,"Custo horário total de mão de obra",{"$nulls":4},{"$f":"SUM(I263)","v":32.820999999999998}]
[null,null,"Custo horário total de execução",{"$nulls":5},{"$f":"SUM(H264,I261)","v":221.20850000000002}]
[null,null,"Custo unitário de execução",{"$nulls":5},{"$f":"I265/H255","v":0.14747233333333334}]
[{"$nulls":6},"Custo do FIC",null,"-"]
[{"$nulls":6},"Custo do FIT",null,"-"]
["C - MATERIAL",null,"Quantidade","Unidade","Preço Unitário",null,"Custo Unitário"]
["M1946","Emulsão asfáltica RR-1C",4.4999999999999999E-4,"t"]
[null,null,"Custo unitário total de material"]
["D - ATIVIDADES AUXILIARES",null,"Quantidade","Unidade","Custo Unitário",null,"Custo Unitário"]
[null,null,"Custo total de atividades auxiliares"]
[{"$nulls":6},"Subtotal"]
["E - TEMPO FIXO",null,"Código","Quantidade","Unidade","Custo Unitário",null,"Custo Unitário"]
[null,null,"Custo unitário total de tempo fixo"]
["F - MOMENTO DE TRANSPORTE",null,"Quantidade","Unidade","DMT",null,null,null,"Custo Unitário"]
[{"$nulls":4},"LN","RP","P"]
[null,null,"Custo unitário total de transporte",{"$nulls":5},"-"]
[{"$nulls":4},"Custo unitário direto total",null,null,null,{"$f":"SUM(I266)","v":0.14747233333333334}]
[{"$nulls":5},"BDI",{"$f":"'Médio Porte - BDI'!D24","v":0.23742563547863726},null,{"$f":"ROUND(I280*G281,4)","v":3.5000000000000003E-2}]
[{"$nulls":6},"Preço Unitário:",null,{"$f":"ROUND(SUM(I280,I281),2)","v":0.18}]
["Obs."]
[]
["CGCIT",{"$nulls":7},"DNIT"]
["SISTEMA DE CUSTOS REFERENCIAIS DE OBRAS - SICRO"]
["Custo Unitário de Referência",null,null,"Abril/2020",null,null,"Produção da equipe",113.18,"m³"]
[4011276,"Base ou sub-base de brita graduada com brita comercial",{"$nulls":5},"Valores em reais (R$)"]
["A - EQUIPAMENTOS",null,"Quantidade","Utilização",null,"Custo Horário",null,null,"Custo"]
[null,null,null,"Operativa","Improdutiva","Produtivo","Improdutivo",null,"Horário Total"]
["E9571","Caminhão tanque com capacidade de 10.000 l - 188 kW",1,0.34,0.65999999999999992,{"$f":"VLOOKUP($A291,'INSUMOS SICRO'!$B$1771:$I$2257,8,0)","v":190.5598},{"$f":"VLOOKUP($A291,'INSUMOS SICRO'!$B$1771:$I$2257,7,0)","v":50.519599999999997},null,{"$f":"ROUND((C291*(D291*F291))+(C291*(E291*G291)),4)","v":98.133300000000006}]
["E9514","Distribuidor de agregados autopropelido - 130 kW",1,1,0,{"$f":"VLOOKUP($A292,'INSUMOS SICRO'!$B$1771:$I$2257,8,0)","v":170.5934},{"$f":"VLOOKUP($A292,'INSUMOS SICRO'!$B$1771:$I$2257,7,0)","v":63.892699999999998},null,170.5934]
["E9762","Rolo compactador de pneus autopropelido de 27 t - 85 kW",1,0.65,0.35,{"$f":"VLOOKUP($A293,'INSUMOS SICRO'!$B$1771:$I$2257,8,0)","v":127.31780000000001},{"$f":"VLOOKUP($A293,'INSUMOS SICRO'!$B$1771:$I$2257,7,0)","v":60.786099999999998},null,104.0317]
["E9530","Rolo compactador liso autopropelido vibratório de 11 t - 97 kW",1,0.52,0.48,{"$f":"VLOOKUP($A294,'INSUMOS SICRO'!$B$1771:$I$2257,8,0)","v":131.40260000000001},{"$f":"VLOOKUP($A294,'INSUMOS SICRO'!$B$1771:$I$2257,7,0)","v":55.7943},null,95.110600000000005]
[{"$nulls":6},"Custo horário total de equipamentos",null,{"$f":"SUM(I291:I294)","v":467.86900000000003}]
["B - MÃO DE OBRA",null,"Quantidade","Unidade","Custo Horário",null,"Custo Horário Total"]
["P9824","Servente",1,"h",{"$f":"VLOOKUP($A297,'INSUMOS SICRO'!$B$1637:$G$1746,6,0)","v":16.410499999999999},null,null,null,{"$f":"ROUND(C297*E297,4)","v":16.410499999999999}]
[null,null,"Custo horário total de mão de obra",{"$nulls":4},{"$f":"SUM(I297)","v":16.410499999999999}]
[null,null,"Custo horário total de execução",{"$nulls":5},{"$f":"SUM(H298,I295)","v":484.27950000000004}]
[null,null,"Custo unitário de execução",{"$nulls":5},{"$f":"I299/H287","v":4.2788434352359079}]
[{"$nulls":6},"Custo do FIC",9.0799999999999995E-3,{"$f":"I300*H301","v":3.8851898391942044E-2}]
[{"$nulls":6},"Custo do FIT",null,"-"]
["C - MATERIAL",null,"Quantidade","Unidade","Preço Unitário",null,"Custo Unitário"]
[null,null,"Custo unitário total de material"]
["D - ATIVIDADES AUXILIARES",null,"Quantidade","Unidade","Custo Unitário",null,"Custo Unitário"]
[6416040,"Usinagem de brita graduada com brita comercial em usina de 300 t/h",1,"m³",null,{"$f":"I360","v":149.61447246863403},null,null,{"$f":"ROUND(C306*F306,4)","v":149.61449999999999}]
[null,null,"Custo total de atividades auxiliares",{"$nulls":5},{"$f":"SUM(I306)","v":149.61449999999999}]
[{"$nulls":6},"Subtotal"]
["E - TEMPO FIXO",null,"Código","Quantidade","Unidade","Custo Unitário",null,"Custo Unitário"]
[6416040,"Usinagem de brita graduada com brita comercial em usina de 300 t/h - Caminhão basculante 10 m³",5914652,2.2000000000000002,"t",null,{"$f":"$I$387","v":1.7},null,{"$f":"ROUND(D310*G310,4)","v":3.74}]
[null,null,"Custo unitário total de tempo fixo",{"$nulls":5},{"$f":"SUM(I310)","v":3.74}]
["F - MOMENTO DE TRANSPORTE",null,"Quantidade","Unidade","DMT",null,null,null,"Custo Unitário"]
[{"$nulls":4},"LN","RP","P"]
[6416040,"Usinagem de brita graduada com brita comercial em usina de 300 t/h - Caminhão basculante 10 m³",2.2000000000000002,"tkm",null,null,{"$f":"'QUADRO DE DMT'!$H$28","v":50},null,{"$f":"ROUND((C314*G314)*$I$164,4)","v":44},null,5914389]
[null,null,"Custo unitário total de transporte",{"$nulls":5},{"$f":"SUM(I314)","v":44}]
[{"$nulls":4},"Custo unitário direto total",null,null,null,{"$f":"SUM(I315,I311,I307,I301,I300)","v":201.67219533362785}]
[{"$nulls":5},"BDI",{"$f":"'Médio Porte - BDI'!D24","v":0.23742563547863726},null,{"$f":"ROUND(I316*G317,4)","v":47.882100000000001}]
[{"$nulls":6},"Preço Unitário:",null,{"$f":"ROUND(SUM(I316,I317),2)","v":249.55}]
["Obs."]
[]
["CGCIT",{"$nulls":7},"DNIT"]
["SISTEMA DE CUSTOS REFERENCIAIS DE OBRAS - SICRO"]
["Custo Unitário de Referência",null,null,"Abril/2020",null,null,"Produção da equipe",113.18,"m³"]
[6416040,"Usinagem de brita graduada com brita comercial em usina de 300 t/h",{"$nulls":5},"Valores em reais (R$)"]
["A - EQUIPAMENTOS",null,"Quantidade","Utilização",null,"Custo Horário",null,null,"Custo"]
[null,null,null,"Operativa","Improdutiva","Produtivo","Improdutivo",null,"Horário Total"]
["E9511","Carregadeira de pneus com capacidade de 3,40 m³ - 195 kW",2,0.56999999999999995,0.43000000000000005,{"$f":"VLOOKUP($A327,'INSUMOS SICRO'!$B$1771:$I$2257,8,0)","v":225.25739999999999},{"$f":"VLOOKUP($A327,'INSUMOS SICRO'!$B$1771:$I$2257,7,0)","v":104.1078},null,{"$f":"ROUND((C327*(D327*F327))+(C327*(E327*G327)),4)","v":346.3261}]
["E9779","Grupo gerador - 100/110 kVA",1,1,0,{"$f":"VLOOKUP($A328,'INSUMOS SICRO'!$B$1771:$I$2257,8,0)","v":55.243699999999997},{"$f":"VLOOKUP($A328,'INSUMOS SICRO'!$B$1771:$I$2257,7,0)","v":3.7225000000000001},null,{"$f":"ROUND((C328*(D328*F328))+(C328*(E328*G328)),4)","v":55.243699999999997}]
["E9615","Usina misturadora de solos com capacidade de 300 t/h",1,1,0,{"$f":"VLOOKUP($A329,'INSUMOS SICRO'!$B$1771:$I$2257,8,0)","v":124.28579999999999},{"$f":"VLOOKUP($A329,'INSUMOS SICRO'!$B$1771:$I$2257,7,0)","v":80.265000000000001},null,{"$f":"ROUND((C329*(D329*F329))+(C329*(E329*G329)),4)","v":124.28579999999999}]
[{"$nulls":6},"Custo horário total de equipamentos",null,{"$f":"SUM(I327:I329)","v":525.85559999999998}]
["B - MÃO DE OBRA",null,"Quantidade","Unidade","Custo Horário",null,"Custo Horário Total"]
["P9824","Servente",3,"h",{"$f":"VLOOKUP($A332,'INSUMOS SICRO'!$B$1637:$G$1746,6,0)","v":16.410499999999999},null,null,null,{"$f":"ROUND(C332*E332,4)","v":49.231499999999997}]
[null,null,"Custo horário total de mão de obra",{"$nulls":4},{"$f":"SUM(I332)","v":49.231499999999997}]
[null,null,"Custo horário total de execução",{"$nulls":5},{"$f":"SUM(H333,I330)","v":575.08709999999996}]
[null,null,"Custo unitário de execução",{"$nulls":5},{"$f":"I334/H323","v":5.0811724686340334}]
[{"$nulls":6},"Custo do FIC"]
[{"$nulls":6},"Custo do FIT",null,"-"]
["C - MATERIAL",null,"Quantidade","Unidade","Preço Unitário",null,"Custo Unitário"]
["M0005","Brita 0",0.53076000000000001,"m³",null,{"$f":"VLOOKUP($A339,'INSUMOS SICRO'!$B$6:$F$1632,5,0)","v":84.147300000000001},null,null,{"$f":"ROUND(C339*F339,4)","v":44.661999999999999}]
["M0191","Brita 1",0.14699999999999999,"m³",null,{"$f":"VLOOKUP($A340,'INSUMOS SICRO'!$B$6:$F$1632,5,0)","v":84.147300000000001},null,null,12.3697]
["M0192","Brita 2",0.2606,"m³",null,{"$f":"VLOOKUP($A341,'INSUMOS SICRO'!$B$6:$F$1632,5,0)","v":84.147300000000001},null,null,21.928799999999999]
["M1135","Pó de pedra",0.52829000000000004,"m³",null,{"$f":"VLOOKUP($A342,'INSUMOS SICRO'!$B$6:$F$1632,5,0)","v":37.147300000000001},null,null,19.624500000000001]
[null,null,"Custo unitário total de material",{"$nulls":5},{"$f":"SUM(I339:I342)","v":98.584999999999994}]
["D - ATIVIDADES AUXILIARES",null,"Quantidade","Unidade","Custo Unitário",null,"Custo Unitário"]
[null,null,"Custo total de atividades auxiliares"]
[{"$nulls":6},"Subtotal"]
["E - TEMPO FIXO",null,"Código","Quantidade","Unidade","Custo Unitário",null,"Custo Unitário"]
["M0005","Brita 0 - Caminhão basculante 10 m³",5914647,0.79613999999999996,"t",null,{"$f":"$I$110","v":0.88580000000000003},null,{"$f":"ROUND(D348*G348,4)","v":0.70520000000000005}]
["M0191","Brita 1 - Caminhão basculante 10 m³",5914647,0.2205,"t",null,{"$f":"$I$110","v":0.88580000000000003},null,{"$f":"ROUND(D349*G349,4)","v":0.1953}]
["M0192","Brita 2 - Caminhão basculante 10 m³",5914647,0.39090000000000003,"t",null,0.88580000000000003,null,0.3463]
["M1135","Pó de pedra - Caminhão basculante 10 m³",5914647,0.79244000000000003,"t",null,0.88580000000000003,null,0.70189999999999997]
[null,null,"Custo unitário total de tempo fixo",{"$nulls":5},{"$f":"SUM(I348:I351)","v":1.9487000000000001}]
["F - MOMENTO DE TRANSPORTE",null,"Quantidade","Unidade","DMT",null,null,null,"Custo Unitário"]
[{"$nulls":4},"LN","RP","P"]
["M0005","Brita 0 - Caminhão basculante 10 m³",0.79613999999999996,"tkm",null,null,{"$f":"'QUADRO DE DMT'!$H$19","v":50},null,{"$f":"ROUND((C355*G355)*$I$164,4)","v":15.922800000000001},null,5914389]
["M0191","Brita 1 - Caminhão basculante 10 m³",0.2205,"tkm",null,null,{"$f":"'QUADRO DE DMT'!$H$19","v":50},null,{"$f":"ROUND((C356*G356)*$I$164,4)","v":4.41},null,5914389]
["M0192","Brita 2 - Caminhão basculante 10 m³",0.39090000000000003,"tkm",null,null,{"$f":"'QUADRO DE DMT'!$H$19","v":50},null,7.8179999999999996,null,5914389]
["M1135","Pó de pedra - Caminhão basculante 10 m³",0.79244000000000003,"tkm",null,null,{"$f":"'QUADRO DE DMT'!$H$19","v":50},null,15.848800000000001,null,5914389]
[null,null,"Custo unitário total de transporte",{"$nulls":5},{"$f":"SUM(I355:I358)","v":43.999600000000001}]
[{"$nulls":4},"Custo unitário direto total",null,null,null,{"$f":"SUM(I359,I352,I343,I335)","v":149.61447246863403}]
["Obs."]
[]
["CGCIT",{"$nulls":7},"DNIT"]
["SISTEMA DE CUSTOS REFERENCIAIS DE OBRAS - SICRO"]
["Custo Unitário de Referência",null,null,"Abril/2020",null,null,"Produção da equipe",249,"t"]
[5914652,"Carga, manobra e descarga de agregados ou solos em caminhão basculante de 10 m³ - carga em usina de solos de 300 t/h e descarga em distribuidor autopropelido",{"$nulls":5},"Valores em reais (R$)"]
["A - EQUIPAMENTOS",null,"Quantidade","Utilização",null,"Custo Horário",null,null,"Custo"]
[null,null,null,"Operativa","Improdutiva","Produtivo","Improdutivo",null,"Horário Total"]
["E9579","Caminhão basculante com capacidade de 10 m³ - 188 kW",3,0.92,7.999999999999996E-2,{"$f":"VLOOKUP($A369,'INSUMOS SICRO'!$B$1771:$I$2257,8,0)","v":149.7011},{"$f":"VLOOKUP($A369,'INSUMOS SICRO'!$B$1771:$I$2257,7,0)","v":44.613900000000001},null,{"$f":"ROUND((C369*(D369*F369))+(C369*(E369*G369)),4)","v":423.88240000000002}]
[{"$nulls":6},"Custo horário total de equipamentos",null,{"$f":"SUM(I369)","v":423.88240000000002}]
["B - MÃO DE OBRA",null,"Quantidade","Unidade","Custo Horário",null,"Custo Horário Total"]
[null,null,"Custo horário total de mão de obra",{"$nulls":4},"-"]
[null,null,"Custo horário total de execução",{"$nulls":5},{"$f":"SUM(I370)","v":423.88240000000002}]
[null,null,"Custo unitário de execução",{"$nulls":5},{"$f":"I373/H365","v":1.7023389558232933}]
[{"$nulls":6},"Custo do FIC",null,"-"]
[{"$nulls":6},"Custo do FIT",null,"-"]
["C - MATERIAL",null,"Quantidade","Unidade","Preço Unitário",null,"Custo Unitário"]
[null,null,"Custo unitário total de material"]
["D - ATIVIDADES AUXILIARES",null,"Quantidade","Unidade","Custo Unitário",null,"Custo Unitário"]
[null,null,"Custo total de atividades auxiliares"]
[{"$nulls":6},"Subtotal"]
["E - TEMPO FIXO",null,"Código","Quantidade","Unidade","Custo Unitário",null,"Custo Unitário"]
[null,null,"Custo unitário total de tempo fixo"]
["F - MOMENTO DE TRANSPORTE",null,"Quantidade","Unidade","DMT",null,null,null,"Custo Unitário"]
[{"$nulls":4},"LN","RP","P"]
[null,null,"Custo unitário total de transporte",{"$nulls":5},"-"]
[{"$nulls":4},"Custo unitário direto total",null,null,null,{"$f":"ROUND(SUM(I374),2)","v":1.7}]
["Obs."]
[]
["CGCIT",{"$nulls":7},"DNIT"]
["SISTEMA DE CUSTOS REFERENCIAIS DE OBRAS - SICRO"]
["Custo Unitário de Referência",null,null,"Abril/2020",null,null,"Produção da equipe",150.88,"m³"]
[4011228,"Sub-base estabilizada granulometricamente com mistura de solos na pista com material de jazida",{"$nulls":5},"Valores em reais (R$)"]
["A - EQUIPAMENTOS",null,"Quantidade","Utilização",null,"Custo Horário",null,null,"Custo"]
[null,null,null,"Operativa","Improdutiva","Produtivo","Improdutivo",null,"Horário Total"]
["E9571","Caminhão tanque com capacidade de 10.000 l - 188 kW",1,0.83,0.17000000000000004,{"$f":"VLOOKUP($A396,'INSUMOS SICRO'!$B$1771:$I$2257,8,0)","v":190.5598},{"$f":"VLOOKUP($A396,'INSUMOS SICRO'!$B$1771:$I$2257,7,0)","v":50.519599999999997},null,{"$f":"ROUND((C396*(D396*F396))+(C396*(E396*G396)),4)","v":166.75299999999999}]
["E9518","Grade de 24 discos rebocável de 24\"",1,0.62,0.38,{"$f":"VLOOKUP($A397,'INSUMOS SICRO'!$B$1771:$I$2257,8,0)","v":2.2492999999999999},{"$f":"VLOOKUP($A397,'INSUMOS SICRO'!$B$1771:$I$2257,7,0)","v":1.4805999999999999},null,1.9572000000000001]
["E9524","Motoniveladora - 93 kW",1,1,0,{"$f":"VLOOKUP($A398,'INSUMOS SICRO'!$B$1771:$I$2257,8,0)","v":162.21440000000001},{"$f":"VLOOKUP($A398,'INSUMOS SICRO'!$B$1771:$I$2257,7,0)","v":68.809899999999999},null,162.21440000000001]
["E9762","Rolo compactador de pneus autopropelido de 27 t - 85 kW",1,0.65,0.35,{"$f":"VLOOKUP($A399,'INSUMOS SICRO'!$B$1771:$I$2257,8,0)","v":127.31780000000001},{"$f":"VLOOKUP($A399,'INSUMOS SICRO'!$B$1771:$I$2257,7,0)","v":60.786099999999998},null,104.0317]
["E9685","Rolo compactador pé de carneiro vibratório autopropelido de 11,6 t - 82 kW",1,0.67,0.32999999999999996,{"$f":"VLOOKUP($A400,'INSUMOS SICRO'!$B$1771:$I$2257,8,0)","v":125.95140000000001},{"$f":"VLOOKUP($A400,'INSUMOS SICRO'!$B$1771:$I$2257,7,0)","v":56.791200000000003},null,103.1285]
["E9577","Trator agrícola - 77 kW",1,0.62,0.38,{"$f":"VLOOKUP($A401,'INSUMOS SICRO'!$B$1771:$I$2257,8,0)","v":115.2051},{"$f":"VLOOKUP($A401,'INSUMOS SICRO'!$B$1771:$I$2257,7,0)","v":30.073799999999999},null,82.855199999999996]
[{"$nulls":6},"Custo horário total de equipamentos",null,{"$f":"SUM(I396:I401)","v":620.93999999999994}]
["B - MÃO DE OBRA",null,"Quantidade","Unidade","Custo Horário",null,"Custo Horário Total"]
["P9824","Servente",1,"h",{"$f":"VLOOKUP($A404,'INSUMOS SICRO'!$B$1637:$G$1746,6,0)","v":16.410499999999999},null,null,null,{"$f":"ROUND(C404*E404,4)","v":16.410499999999999}]
[null,null,"Custo horário total de mão de obra",{"$nulls":4},{"$f":"SUM(I404)","v":16.410499999999999}]
[null,null,"Custo horário total de execução",{"$nulls":5},{"$f":"SUM(H405,I402)","v":637.3504999999999}]
[null,null,"Custo unitário de execução",{"$nulls":5},{"$f":"I406/H392","v":4.2242212354188755}]
[{"$nulls":6},"Custo do FIC",2.725E-2,{"$f":"ROUND(I407*H408,4)","v":0.11509999999999999}]
[{"$nulls":6},"Custo do FIT",null,"-"]
["C - MATERIAL",null,"Quantidade","Unidade","Preço Unitário",null,"Custo Unitário"]
[null,null,"Custo unitário total de material"]
["D - ATIVIDADES AUXILIARES",null,"Quantidade","Unidade","Custo Unitário",null,"Custo Unitário"]
[4016096,"Escavação e carga de material de jazida com escavadeira hidráulica de 1,56 m³",1.1000000000000001,"m³",null,{"$f":"$I$453","v":0.90516214746513757},null,null,{"$f":"ROUND(C413*F413,4)","v":0.99570000000000003}]
[null,null,"Custo total de atividades auxiliares",{"$nulls":5},{"$f":"SUM(I413)","v":0.99570000000000003}]
[{"$nulls":6},"Subtotal",null,{"$f":"SUM(I414)","v":0.99570000000000003}]
["E - TEMPO FIXO",null,"Código","Quantidade","Unidade","Custo Unitário",null,"Custo Unitário"]
[4016096,"Escavação e carga de material de jazida com escavadeira hidráulica de 1,56 m³ - Caminhão basculante 10 m³",5914354,2.0625,"t",null,{"$f":"I480","v":0.92},null,{"$f":"ROUND(D417*G417,4)","v":1.8975}]
[null,null,"Custo unitário total de tempo fixo",{"$nulls":5},{"$f":"SUM(I417)","v":1.8975}]
["F - MOMENTO DE TRANSPORTE",null,"Quantidade","Unidade","DMT",null,null,null,"Custo Unitário"]
[{"$nulls":4},"LN","RP","P"]
[4016096,"Escavação e carga de material de jazida com escavadeira hidráulica de 1,56 m³ - Caminhão basculante 10 m³",2.0625,"tkm",null,null,{"$f":"'QUADRO DE DMT'!$H$28","v":50},null,{"$f":"ROUND((C421*G421)*$I$164,4)","v":41.25},null,5914389]
[null,null,"Custo unitário total de transporte",{"$nulls":5},{"$f":"SUM(I421)","v":41.25}]
[{"$nulls":4},"Custo unitário direto total",null,null,null,{"$f":"SUM(I422,I418,I415,I408,I407)","v":48.482521235418872}]
[{"$nulls":5},"BDI",{"$f":"'Médio Porte - BDI'!D24","v":0.23742563547863726},null,{"$f":"ROUND(I423*G424,4)","v":11.510999999999999}]
[{"$nulls":6},"Preço Unitário:",null,{"$f":"ROUND(SUM(I423,I424),2)","v":59.99}]
["Obs."]
[]
["CGCIT",{"$nulls":7},"DNIT"]
["SISTEMA DE CUSTOS REFERENCIAIS DE OBRAS - SICRO"]
["Custo Unitário de Referência",null,null,"Abril/2020",null,null,"Produção da equipe",230.19,"m³"]
[4016096,"Escavação e carga de material de jazida com escavadeira hidráulica de 1,56 m³",{"$nulls":5},"Valores em reais (R$)"]
["A - EQUIPAMENTOS",null,"Quantidade","Utilização",null,"Custo Horário",null,null,"Custo"]
[null,null,null,"Operativa","Improdutiva","Produtivo","Improdutivo",null,"Horário Total"]
["E9515","Escavadeira hidráulica sobre esteiras com caçamba com capacidade de 1,56 m³ - 118 kW",1,1,0,{"$f":"VLOOKUP($A434,'INSUMOS SICRO'!$B$1771:$I$2257,8,0)","v":186.42160000000001},{"$f":"VLOOKUP($A434,'INSUMOS SICRO'!$B$1771:$I$2257,7,0)","v":84.468800000000002},null,{"$f":"ROUND((C434*(D434*F434))+(C434*(E434*G434)),4)","v":186.42160000000001}]
[{"$nulls":6},"Custo horário total de equipamentos",null,{"$f":"SUM(I434)","v":186.42160000000001}]
["B - MÃO DE OBRA",null,"Quantidade","Unidade","Custo Horário",null,"Custo Horário Total"]
["P9824","Servente",1,"h",{"$f":"VLOOKUP($A437,'INSUMOS SICRO'!$B$1637:$G$1746,6,0)","v":16.410499999999999},null,null,null,{"$f":"ROUND(C437*E437,4)","v":16.410499999999999}]
[null,null,"Custo horário total de mão de obra",{"$nulls":4},{"$f":"SUM(I437)","v":16.410499999999999}]
[null,null,"Custo horário total de execução",{"$nulls":5},{"$f":"SUM(H438,I435)","v":202.83210000000003}]
[null,null,"Custo unitário de execução",{"$nulls":5},{"$f":"I439/H430","v":0.88115078847908257}]
[{"$nulls":6},"Custo do FIC",2.725E-2,{"$f":"I440*H441","v":2.4011358986055002E-2}]
[{"$nulls":6},"Custo do FIT",null,"-"]
["C - MATERIAL",null,"Quantidade","Unidade","Preço Unitário",null,"Custo Unitário"]
[null,null,"Custo unitário total de material"]
["D - ATIVIDADES AUXILIARES",null,"Quantidade","Unidade","Custo Unitário",null,"Custo Unitário"]
[null,null,"Custo total de atividades auxiliares"]
[{"$nulls":6},"Subtotal"]
["E - TEMPO FIXO",null,"Código","Quantidade","Unidade","Custo Unitário",null,"Custo Unitário"]
[null,null,"Custo unitário total de tempo fixo"]
["F - MOMENTO DE TRANSPORTE",null,"Quantidade","Unidade","DMT",null,null,null,"Custo Unitário"]
[{"$nulls":4},"LN","RP","P"]
[null,null,"Custo unitário total de transporte",{"$nulls":5},"-"]
[{"$nulls":4},"Custo unitário direto total",null,null,null,{"$f":"SUM(I440,I441)","v":0.90516214746513757}]
["Obs."]
[]
["CGCIT",{"$nulls":7},"DNIT"]
["SISTEMA DE CUSTOS REFERENCIAIS DE OBRAS - SICRO"]
["Custo Unitário de Referência",null,null,"Abril/2020",null,null,"Produção da equipe",431.6,"t"]
[5914354,"Carga, manobra e descarga de agregados ou solos em caminhão basculante de 10 m³ - carga com escavadeira de 1,56 m³ (exclusa) e descarga livre",{"$nulls":5},"Valores em reais (R$)"]
["A - EQUIPAMENTOS",null,"Quantidade","Utilização",null,"Custo Horário",null,null,"Custo"]
[null,null,null,"Operativa","Improdutiva","Produtivo","Improdutivo",null,"Horário Total"]
["E9579","Caminhão basculante com capacidade de 10 m³ - 188 kW",3,0.84,0.16000000000000003,{"$f":"VLOOKUP($A462,'INSUMOS SICRO'!$B$1771:$I$2257,8,0)","v":149.7011},{"$f":"VLOOKUP($A462,'INSUMOS SICRO'!$B$1771:$I$2257,7,0)","v":44.613900000000001},null,{"$f":"ROUND((C462*(D462*F462))+(C462*(E462*G462)),4)","v":398.66140000000001}]
[{"$nulls":6},"Custo horário total de equipamentos",null,{"$f":"SUM(I462)","v":398.66140000000001}]
["B - MÃO DE OBRA",null,"Quantidade","Unidade","Custo Horário",null,"Custo Horário Total"]
[null,null,"Custo horário total de mão de obra",{"$nulls":4},"-"]
[null,null,"Custo horário total de execução",{"$nulls":5},{"$f":"SUM(I463)","v":398.66140000000001}]
[null,null,"Custo unitário de execução",{"$nulls":5},{"$f":"I466/H458","v":0.92368257645968488}]
[{"$nulls":6},"Custo do FIC",null,"-"]
[{"$nulls":6},"Custo do FIT",null,"-"]
["C - MATERIAL",null,"Quantidade","Unidade","Preço Unitário",null,"Custo Unitário"]
[null,null,"Custo unitário total de material"]
["D - ATIVIDADES AUXILIARES",null,"Quantidade","Unidade","Custo Unitário",null,"Custo Unitário"]
[null,null,"Custo total de atividades auxiliares"]
[{"$nulls":6},"Subtotal"]
["E - TEMPO FIXO",null,"Código","Quantidade","Unidade","Custo Unitário",null,"Custo Unitário"]
[null,null,"Custo unitário total de tempo fixo"]
["F - MOMENTO DE TRANSPORTE",null,"Quantidade","Unidade","DMT",null,null,null,"Custo Unitário"]
[{"$nulls":4},"LN","RP","P"]
[null,null,"Custo unitário total de transporte",{"$nulls":5},"-"]
[{"$nulls":4},"Custo unitário direto total",null,null,null,{"$f":"ROUND(SUM(I467),2)","v":0.92}]
["Obs."]
[]
["CGCIT",{"$nulls":7},"DNIT"]
["SISTEMA DE CUSTOS REFERENCIAIS DE OBRAS - SICRO"]
["Custo Unitário de Referência",null,null,"Abril/2020",null,null,"Produção da equipe",1121.33,"m²"]
[4011209,"Regularização do subleito",{"$nulls":5},"Valores em reais (R$)"]
["A - EQUIPAMENTOS",null,"Quantidade","Utilização",null,"Custo Horário",null,null,"Custo"]
[null,null,null,"Operativa","Improdutiva","Produtivo","Improdutivo",null,"Horário Total"]
["E9571","Caminhão tanque com capacidade de 10.000 l - 188 kW",2,0.51,0.49,{"$f":"VLOOKUP($A489,'INSUMOS SICRO'!$B$1771:$I$2257,8,0)","v":190.5598},{"$f":"VLOOKUP($A489,'INSUMOS SICRO'!$B$1771:$I$2257,7,0)","v":50.519599999999997},null,{"$f":"ROUND((C489*(D489*F489))+(C489*(E489*G489)),4)","v":243.8802}]
["E9518","Grade de 24 discos rebocável de 24\"",1,0.69,0.31000000000000005,{"$f":"VLOOKUP($A490,'INSUMOS SICRO'!$B$1771:$I$2257,8,0)","v":2.2492999999999999},{"$f":"VLOOKUP($A490,'INSUMOS SICRO'!$B$1771:$I$2257,7,0)","v":1.4805999999999999},null,2.0110000000000001]
["E9524","Motoniveladora - 93 kW",1,0.71,0.29000000000000004,{"$f":"VLOOKUP($A491,'INSUMOS SICRO'!$B$1771:$I$2257,8,0)","v":162.21440000000001},{"$f":"VLOOKUP($A491,'INSUMOS SICRO'!$B$1771:$I$2257,7,0)","v":68.809899999999999},null,135.12710000000001]
["E9762","Rolo compactador de pneus autopropelido de 27 t - 85 kW",1,0.96,4.0000000000000036E-2,{"$f":"VLOOKUP($A492,'INSUMOS SICRO'!$B$1771:$I$2257,8,0)","v":127.31780000000001},{"$f":"VLOOKUP($A492,'INSUMOS SICRO'!$B$1771:$I$2257,7,0)","v":60.786099999999998},null,124.65649999999999]
["E9685","Rolo compactador pé de carneiro vibratório autopropelido de 11,6 t - 82 kW",1,1,0,{"$f":"VLOOKUP($A493,'INSUMOS SICRO'!$B$1771:$I$2257,8,0)","v":125.95140000000001},{"$f":"VLOOKUP($A493,'INSUMOS SICRO'!$B$1771:$I$2257,7,0)","v":56.791200000000003},null,125.95140000000001]
["E9577","Trator agrícola - 77 kW",1,0.69,0.31000000000000005,{"$f":"VLOOKUP($A494,'INSUMOS SICRO'!$B$1771:$I$2257,8,0)","v":115.2051},{"$f":"VLOOKUP($A494,'INSUMOS SICRO'!$B$1771:$I$2257,7,0)","v":30.073799999999999},null,88.814400000000006]
[{"$nulls":6},"Custo horário total de equipamentos",null,{"$f":"SUM(I489:I494)","v":720.44060000000002}]
["B - MÃO DE OBRA",null,"Quantidade","Unidade","Custo Horário",null,"Custo Horário Total"]
["P9824","Servente",1,"h",{"$f":"VLOOKUP($A497,'INSUMOS SICRO'!$B$1637:$G$1746,6,0)","v":16.410499999999999},null,null,null,{"$f":"ROUND(C497*E497,4)","v":16.410499999999999}]
[null,null,"Custo horário total de mão de obra",{"$nulls":4},{"$f":"SUM(I497)","v":16.410499999999999}]
[null,null,"Custo horário total de execução",{"$nulls":5},{"$f":"SUM(H498,I495)","v":736.85109999999997}]
[null,null,"Custo unitário de execução",{"$nulls":5},{"$f":"I499/H485","v":0.65712243496562117}]
[{"$nulls":6},"Custo do FIC",2.725E-2,{"$f":"I500*H501","v":1.7906586352813177E-2}]
[{"$nulls":6},"Custo do FIT",null,"-"]
["C - MATERIAL",null,"Quantidade","Unidade","Preço Unitário",null,"Custo Unitário"]
[null,null,"Custo unitário total de material"]
["D - ATIVIDADES AUXILIARES",null,"Quantidade","Unidade","Custo Unitário",null,"Custo Unitário"]
[null,null,"Custo total de atividades auxiliares"]
[{"$nulls":6},"Subtotal"]
["E - TEMPO FIXO",null,"Código","Quantidade","Unidade","Custo Unitário",null,"Custo Unitário"]
[null,null,"Custo unitário total de tempo fixo"]
["F - MOMENTO DE TRANSPORTE",null,"Quantidade","Unidade","DMT",null,null,null,"Custo Unitário"]
[{"$nulls":4},"LN","RP","P"]
[null,null,"Custo unitário total de transporte",{"$nulls":5},"-"]
[{"$nulls":4},"Custo unitário direto total",null,null,null,{"$f":"SUM(I501,I500)","v":0.67502902131843434}]
[{"$nulls":5},"BDI",{"$f":"'Médio Porte - BDI'!D24","v":0.23742563547863726},null,{"$f":"ROUND(I513*G514,4)","v":0.1603}]
[{"$nulls":6},"Preço Unitário:",null,{"$f":"ROUND(SUM(I513,I514),2)","v":0.84}]
["Obs."]
[]
["CGCIT",{"$nulls":7},"DNIT"]
["SISTEMA DE CUSTOS REFERENCIAIS DE OBRAS - SICRO"]
["Custo Unitário de Referência",null,null,"Abril/2020",null,null,"Produção da equipe",177.07,"m²"]
[5213400,"Pintura de faixa - tinta base acrílica - espessura de 0,4 mm",{"$nulls":5},"Valores em reais (R$)"]
["A - EQUIPAMENTOS",null,"Quantidade","Utilização",null,"Custo Horário",null,null,"Custo"]
[null,null,null,"Operativa","Improdutiva","Produtivo","Improdutivo",null,"Horário Total"]
["E9687","Caminhão carroceria com capacidade de 5 t - 115 kW",1,0.5,0.5,{"$f":"VLOOKUP($A524,'INSUMOS SICRO'!$B$1771:$I$2257,8,0)","v":86.525800000000004},{"$f":"VLOOKUP($A524,'INSUMOS SICRO'!$B$1771:$I$2257,7,0)","v":36.477899999999998},null,{"$f":"ROUND((C524*(D524*F524))+(C524*(E524*G524)),4)","v":61.501899999999999}]
["E9644","Caminhão demarcador de faixas com sistema de pintura a frio - 28 kW/115 kW",1,1,0,{"$f":"VLOOKUP($A525,'INSUMOS SICRO'!$B$1771:$I$2257,8,0)","v":252.4607},{"$f":"VLOOKUP($A525,'INSUMOS SICRO'!$B$1771:$I$2257,7,0)","v":110.8032},null,252.4607]
[{"$nulls":6},"Custo horário total de equipamentos",null,{"$f":"SUM(I524:I525)","v":313.96260000000001}]
["B - MÃO DE OBRA",null,"Quantidade","Unidade","Custo Horário",null,"Custo Horário Total"]
["P9853","Pré-marcador",1,"h",{"$f":"VLOOKUP($A528,'INSUMOS SICRO'!$B$1637:$G$1746,6,0)","v":18.002199999999998},null,null,null,{"$f":"ROUND(C528*E528,4)","v":18.002199999999998}]
["P9824","Servente",5,"h",{"$f":"VLOOKUP($A529,'INSUMOS SICRO'!$B$1637:$G$1746,6,0)","v":16.410499999999999},null,null,null,{"$f":"ROUND(C529*E529,4)","v":82.052499999999995}]
[null,null,"Custo horário total de mão de obra",{"$nulls":4},{"$f":"SUM(I528:I529)","v":100.0547}]
[null,null,"Custo horário total de execução",{"$nulls":5},{"$f":"SUM(I526,H530)","v":414.01729999999998}]
[null,null,"Custo unitário de execução",{"$nulls":5},{"$f":"I531/H520","v":2.3381560964590276}]
[{"$nulls":6},"Custo do FIC",null,"-"]
[{"$nulls":6},"Custo do FIT",null,"-"]
["C - MATERIAL",null,"Quantidade","Unidade","Preço Unitário",null,"Custo Unitário"]
["M2037","Microesferas de vidro refletiva tipo I-B",0.1,"kg",null,{"$f":"VLOOKUP($A536,'INSUMOS SICRO'!$B$6:$F$1632,5,0)","v":5.8250000000000002},null,null,{"$f":"ROUND(C536*F536,4)","v":0.58250000000000002}]
["M2038","Microesferas de vidro refletiva tipo II-A",0.25,"kg",null,{"$f":"VLOOKUP($A537,'INSUMOS SICRO'!$B$6:$F$1632,5,0)","v":5.8136999999999999},null,null,{"$f":"ROUND(C537*F537,4)","v":1.4534}]
["M2034","Solvente para tinta à base de resina acrílica",0.02,"l",null,{"$f":"VLOOKUP($A538,'INSUMOS SICRO'!$B$6:$F$1632,5,0)","v":10.8786},null,null,0.21759999999999999]
["M2044","Tinta para pré-marcação",0.03,"l",null,{"$f":"VLOOKUP($A539,'INSUMOS SICRO'!$B$6:$F$1632,5,0)","v":18.4635},null,null,0.55389999999999995]
["M2027","Tinta refletiva acrílica",0.4,"l",null,{"$f":"VLOOKUP($A540,'INSUMOS SICRO'!$B$6:$F$1632,5,0)","v":32.106400000000001},null,null,12.842599999999999]
[null,null,"Custo unitário total de material",{"$nulls":5},{"$f":"SUM(I536:I540)","v":15.649999999999999}]
["D - ATIVIDADES AUXILIARES",null,"Quantidade","Unidade","Custo Unitário",null,"Custo Unitário"]
[null,null,"Custo total de atividades auxiliares"]
[{"$nulls":6},"Subtotal",null,{"$f":"SUM(I541,I532)","v":17.988156096459026}]
["E - TEMPO FIXO",null,"Código","Quantidade","Unidade","Custo Unitário",null,"Custo Unitário"]
["M2037","Microesferas de vidro refletiva tipo I-B - Caminhão carroceria 5 t",5915474,1E-4,"t",null,{"$f":"$I$590","v":19.606624885324646},null,{"$f":"ROUND(D546*G546,4)","v":2E-3}]
["M2038","Microesferas de vidro refletiva tipo II-A - Caminhão carroceria 5 t",5915474,2.5000000000000001E-4,"t",null,{"$f":"$I$590","v":19.606624885324646},null,{"$f":"ROUND(D547*G547,4)","v":4.8999999999999998E-3}]
["M2034","Solvente para tinta à base de resina acrílica - Caminhão carroceria 5 t",5915474,2.0000000000000002E-5,"t",null,19.606624885324646,null,4.0000000000000002E-4]
["M2044","Tinta para pré-marcação - Caminhão carroceria 5 t",5915474,5.0000000000000002E-5,"t",null,19.606624885324646,null,1E-3]
["M2027","Tinta refletiva acrílica - Caminhão carroceria 5 t",5915474,6.2E-4,"t",null,19.606624885324646,null,1.2200000000000001E-2]
[null,null,"Custo unitário total de tempo fixo",{"$nulls":5},{"$f":"SUM(I546:I550)","v":2.0500000000000001E-2}]
["F - MOMENTO DE TRANSPORTE",null,"Quantidade","Unidade","DMT",null,null,null,"Custo Unitário"]
[{"$nulls":4},"LN","RP","P"]
["M2037","Microesferas de vidro refletiva tipo I-B - Caminhão carroceria 5 t",1E-4,"tkm",null,null,{"$f":"'QUADRO DE DMT'!$H$28","v":50},null,{"$f":"ROUND((C554*G554)*$I$617,4)","v":3.3999999999999998E-3},null,5915324]
["M2038","Microesferas de vidro refletiva tipo II-A - Caminhão carroceria 5 t",2.5000000000000001E-4,"tkm",null,null,{"$f":"'QUADRO DE DMT'!$H$28","v":50},null,{"$f":"ROUND((C555*G555)*$I$617,4)","v":8.6E-3}]
["M2034","Solvente para tinta à base de resina acrílica - Caminhão carroceria 5 t",2.0000000000000002E-5,"tkm",null,null,{"$f":"'QUADRO DE DMT'!$H$28","v":50},null,6.9999999999999999E-4]
["M2044","Tinta para pré-marcação - Caminhão carroceria 5 t",5.0000000000000002E-5,"tkm",null,null,{"$f":"'QUADRO DE DMT'!$H$28","v":50},null,1.6999999999999999E-3]
["M2027","Tinta refletiva acrílica - Caminhão carroceria 5 t",6.2E-4,"tkm",null,null,{"$f":"'QUADRO DE DMT'!$H$28","v":50},null,2.1399999999999999E-2]
[null,null,"Custo unitário total de transporte",{"$nulls":5},{"$f":"SUM(I554:I558)","v":3.5799999999999998E-2}]
[{"$nulls":4},"Custo unitário direto total",null,null,null,{"$f":"SUM(I559,I551,I544)","v":18.044456096459026}]
[{"$nulls":5},"BDI",{"$f":"'Médio Porte - BDI'!D24","v":0.23742563547863726},null,{"$f":"ROUND(I560*G561,4)","v":4.2842000000000002}]
[{"$nulls":6},"Preço Unitário:",null,{"$f":"ROUND(SUM(I560,I561),2)","v":22.33}]
["Obs."]
[]
["CGCIT",{"$nulls":7},"DNIT"]
["SISTEMA DE CUSTOS REFERENCIAIS DE OBRAS - SICRO"]
["Custo Unitário de Referência",null,null,"Abril/2020",null,null,"Produção da equipe",7.7610400000000004,"t"]
[5915474,"Carga, manobra e descarga de materiais diversos em caminhão carroceria de 5 t - carga e descarga manuais",{"$nulls":5},"Valores em reais (R$)"]
["A - EQUIPAMENTOS",null,"Quantidade","Utilização",null,"Custo Horário",null,null,"Custo"]
[null,null,null,"Operativa","Improdutiva","Produtivo","Improdutivo",null,"Horário Total"]
["E9687","Caminhão carroceria com capacidade de 5 t - 115 kW",1,1,0,{"$f":"VLOOKUP($A571,'INSUMOS SICRO'!$B$1771:$I$2257,8,0)","v":86.525800000000004},{"$f":"VLOOKUP($A571,'INSUMOS SICRO'!$B$1771:$I$2257,7,0)","v":36.477899999999998},null,{"$f":"ROUND((C571*(D571*F571))+(C571*(E571*G571)),4)","v":86.525800000000004}]
[{"$nulls":6},"Custo horário total de equipamentos",null,{"$f":"SUM(I571)","v":86.525800000000004}]
["B - MÃO DE OBRA",null,"Quantidade","Unidade","Custo Horário",null,"Custo Horário Total"]
["P9824","Servente",4,"h",{"$f":"VLOOKUP($A574,'INSUMOS SICRO'!$B$1637:$G$1746,6,0)","v":16.410499999999999},null,null,null,{"$f":"ROUND(C574*E574,4)","v":65.641999999999996}]
[null,null,"Custo horário total de mão de obra",{"$nulls":4},{"$f":"SUM(I574)","v":65.641999999999996}]
[null,null,"Custo horário total de execução",{"$nulls":5},{"$f":"SUM(I572,H575)","v":152.1678}]
[null,null,"Custo unitário de execução",{"$nulls":5},{"$f":"I576/H567","v":19.606624885324646}]
[{"$nulls":6},"Custo do FIC",null,"-"]
[{"$nulls":6},"Custo do FIT",null,"-"]
["C - MATERIAL",null,"Quantidade","Unidade","Preço Unitário",null,"Custo Unitário"]
[null,null,"Custo unitário total de material"]
["D - ATIVIDADES AUXILIARES",null,"Quantidade","Unidade","Custo Unitário",null,"Custo Unitário"]
[null,null,"Custo total de atividades auxiliares"]
[{"$nulls":6},"Subtotal"]
["E - TEMPO FIXO",null,"Código","Quantidade","Unidade","Custo Unitário",null,"Custo Unitário"]
[null,null,"Custo unitário total de tempo fixo"]
["F - MOMENTO DE TRANSPORTE",null,"Quantidade","Unidade","DMT",null,null,null,"Custo Unitário"]
[{"$nulls":4},"LN","RP","P"]
[null,null,"Custo unitário total de transporte",{"$nulls":5},"-"]
[{"$nulls":4},"Custo unitário direto total",null,null,null,{"$f":"SUM(I577)","v":19.606624885324646}]
["Obs."]
[]
["CGCIT",{"$nulls":7},"DNIT"]
["SISTEMA DE CUSTOS REFERENCIAIS DE OBRAS - SICRO"]
["Custo Unitário de Referência",null,null,"Abril/2020",null,null,"Produção da equipe",125.5,"tkm"]
[5915324,"Transporte com caminhão carroceria de 5 t - rodovia pavimentada",{"$nulls":5},"Valores em reais (R$)"]
["A - EQUIPAMENTOS",null,"Quantidade","Utilização",null,"Custo Horário",null,null,"Custo"]
[null,null,null,"Operativa","Improdutiva","Produtivo","Improdutivo",null,"Horário Total"]
["E9687","Caminhão carroceria com capacidade de 5 t - 115 kW",1,1,0,{"$f":"VLOOKUP($A599,'INSUMOS SICRO'!$B$1771:$I$2257,8,0)","v":86.525800000000004},{"$f":"VLOOKUP($A599,'INSUMOS SICRO'!$B$1771:$I$2257,7,0)","v":36.477899999999998},null,{"$f":"ROUND((C599*(D599*F599))+(C599*(E599*G599)),4)","v":86.525800000000004}]
[{"$nulls":6},"Custo horário total de equipamentos",null,{"$f":"SUM(I599)","v":86.525800000000004}]
["B - MÃO DE OBRA",null,"Quantidade","Unidade","Custo Horário",null,"Custo Horário Total"]
[null,null,"Custo horário total de mão de obra",{"$nulls":4},"-"]
[null,null,"Custo horário total de execução",{"$nulls":5},{"$f":"SUM(I600)","v":86.525800000000004}]
[null,null,"Custo unitário de execução",{"$nulls":5},{"$f":"I603/H595","v":0.68944860557768928}]
[{"$nulls":6},"Custo do FIC",null,"-"]
[{"$nulls":6},"Custo do FIT",null,"-"]
["C - MATERIAL",null,"Quantidade","Unidade","Preço Unitário",null,"Custo Unitário"]
[null,null,"Custo unitário total de material"]
["D - ATIVIDADES AUXILIARES",null,"Quantidade","Unidade","Custo Unitário",null,"Custo Unitário"]
[null,null,"Custo total de atividades auxiliares"]
[{"$nulls":6},"Subtotal"]
["E - TEMPO FIXO",null,"Código","Quantidade","Unidade","Custo Unitário",null,"Custo Unitário"]
[null,null,"Custo unitário total de tempo fixo"]
["F - MOMENTO DE TRANSPORTE",null,"Quantidade","Unidade","DMT",null,null,null,"Custo Unitário"]
[{"$nulls":4},"LN","RP","P"]
[null,null,"Custo unitário total de transporte",{"$nulls":5},"-"]
[{"$nulls":4},"Custo unitário direto total",null,null,null,{"$f":"SUM(I604)","v":0.68944860557768928}]
["Obs."]
[]
["CGCIT",{"$nulls":7},"DNIT"]
["SISTEMA DE CUSTOS REFERENCIAIS DE OBRAS - SICRO"]
["Custo Unitário de Referência",null,null,"Abril/2020",null,null,"Produção da equipe",80.319999999999993,"un"]
[5213359,"Tacha refletiva monodirecional - fornecimento e colocação",{"$nulls":5},"Valores em reais (R$)"]
["A - EQUIPAMENTOS",null,"Quantidade","Utilização",null,"Custo Horário",null,null,"Custo"]
[null,null,null,"Operativa","Improdutiva","Produtivo","Improdutivo",null,"Horário Total"]
["E9687","Caminhão carroceria com capacidade de 5 t - 115 kW",1,1,0,{"$f":"VLOOKUP($A626,'INSUMOS SICRO'!$B$1771:$I$2257,8,0)","v":86.525800000000004},{"$f":"VLOOKUP($A626,'INSUMOS SICRO'!$B$1771:$I$2257,7,0)","v":36.477899999999998},null,{"$f":"ROUND((C626*(D626*F626))+(C626*(E626*G626)),4)","v":86.525800000000004}]
["E9521","Grupo gerador - 2,5/3 kVA",1,1,0,{"$f":"VLOOKUP($A627,'INSUMOS SICRO'!$B$1771:$I$2257,8,0)","v":2.5670999999999999},{"$f":"VLOOKUP($A627,'INSUMOS SICRO'!$B$1771:$I$2257,7,0)","v":0.1164},null,2.5670999999999999]
["E9675","Martelete perfurador/rompedor elétrico - 1,5 kW",1,1,0,{"$f":"VLOOKUP($A628,'INSUMOS SICRO'!$B$1771:$I$2257,8,0)","v":0.57920000000000005},{"$f":"VLOOKUP($A628,'INSUMOS SICRO'!$B$1771:$I$2257,7,0)","v":0.2979},null,0.57920000000000005]
[{"$nulls":6},"Custo horário total de equipamentos",null,{"$f":"SUM(I626:I628)","v":89.6721}]
["B - MÃO DE OBRA",null,"Quantidade","Unidade","Custo Horário",null,"Custo Horário Total"]
["P9830","Montador",2,"h",{"$f":"VLOOKUP($A631,'INSUMOS SICRO'!$B$1637:$G$1746,6,0)","v":25.298999999999999},null,null,null,{"$f":"ROUND(C631*E631,4)","v":50.597999999999999}]
["P9824","Servente",4,"h",{"$f":"VLOOKUP($A632,'INSUMOS SICRO'!$B$1637:$G$1746,6,0)","v":16.410499999999999},null,null,null,{"$f":"ROUND(C632*E632,4)","v":65.641999999999996}]
[null,null,"Custo horário total de mão de obra",{"$nulls":4},{"$f":"SUM(I631:I632)","v":116.24}]
[null,null,"Custo horário total de execução",{"$nulls":5},{"$f":"SUM(I629,H633)","v":205.91210000000001}]
[null,null,"Custo unitário de execução",{"$nulls":5},{"$f":"I634/H622","v":2.563646663346614}]
[{"$nulls":6},"Custo do FIC",null,"-"]
[{"$nulls":6},"Custo do FIT",null,"-"]
["C - MATERIAL",null,"Quantidade","Unidade","Preço Unitário",null,"Custo Unitário"]
["M2041","Cola poliéster",0.08,"kg",null,{"$f":"VLOOKUP($A639,'INSUMOS SICRO'!$B$6:$F$1632,5,0)","v":24.477699999999999},null,null,{"$f":"ROUND(C639*F639,4)","v":1.9581999999999999}]
["M2083","Tacha refletiva monodirecional",1,"un",null,{"$f":"VLOOKUP($A640,'INSUMOS SICRO'!$B$6:$F$1632,5,0)","v":10.712},null,null,10.712]
[null,null,"Custo unitário total de material",{"$nulls":5},{"$f":"SUM(I639:I640)","v":12.670199999999999}]
["D - ATIVIDADES AUXILIARES",null,"Quantidade","Unidade","Custo Unitário",null,"Custo Unitário"]
[null,null,"Custo total de atividades auxiliares"]
[{"$nulls":6},"Subtotal",null,{"$f":"SUM(I641,I635)","v":15.233846663346613}]
["E - TEMPO FIXO",null,"Código","Quantidade","Unidade","Custo Unitário",null,"Custo Unitário"]
["M2083","Tacha refletiva monodirecional - Caminhão carroceria 5 t",5915474,2.9999999999999997E-4,"t",null,{"$f":"$I$590","v":19.606624885324646},null,{"$f":"ROUND(D646*G646,4)","v":5.8999999999999999E-3}]
[null,null,"Custo unitário total de tempo fixo",{"$nulls":5},{"$f":"SUM(I646)","v":5.8999999999999999E-3}]
["F - MOMENTO DE TRANSPORTE",null,"Quantidade","Unidade","DMT",null,null,null,"Custo Unitário"]
[{"$nulls":4},"LN","RP","P"]
["M2083","Tacha refletiva monodirecional - Caminhão carroceria 5 t",2.9999999999999997E-4,"tkm",null,null,{"$f":"'QUADRO DE DMT'!$H$28","v":50},null,{"$f":"ROUND((C650*G650)*$I$617,4)","v":1.03E-2}]
[null,null,"Custo unitário total de transporte",{"$nulls":5},{"$f":"SUM(I650)","v":1.03E-2}]
[{"$nulls":4},"Custo unitário direto total",null,null,null,{"$f":"SUM(I651,I647,I644)","v":15.250046663346613}]
[{"$nulls":5},"BDI",{"$f":"'Médio Porte - BDI'!D24","v":0.23742563547863726},null,{"$f":"ROUND(I652*G653,4)","v":3.6208}]
[{"$nulls":6},"Preço Unitário:",null,{"$f":"ROUND(SUM(I652,I653),2)","v":18.87}]
["Obs."]
[]
["CGCIT",{"$nulls":7},"DNIT"]
["SISTEMA DE CUSTOS REFERENCIAIS DE OBRAS - SICRO"]
["Custo Unitário de Referência",null,null,"Abril/2020",null,null,"Produção da equipe",35.57,"un"]
[5213362,"Tachão refletivo bidirecional - fornecimento e colocação",{"$nulls":5},"Valores em reais (R$)"]
["A - EQUIPAMENTOS",null,"Quantidade","Utilização",null,"Custo Horário",null,null,"Custo"]
[null,null,null,"Operativa","Improdutiva","Produtivo","Improdutivo",null,"Horário Total"]
["E9687","Caminhão carroceria com capacidade de 5 t - 115 kW",1,1,0,{"$f":"VLOOKUP($A663,'INSUMOS SICRO'!$B$1771:$I$2257,8,0)","v":86.525800000000004},{"$f":"VLOOKUP($A663,'INSUMOS SICRO'!$B$1771:$I$2257,7,0)","v":36.477899999999998},null,{"$f":"ROUND((C663*(D663*F663))+(C663*(E663*G663)),4)","v":86.525800000000004}]
["E9521","Grupo gerador - 2,5/3 kVA",1,1,0,{"$f":"VLOOKUP($A664,'INSUMOS SICRO'!$B$1771:$I$2257,8,0)","v":2.5670999999999999},{"$f":"VLOOKUP($A664,'INSUMOS SICRO'!$B$1771:$I$2257,7,0)","v":0.1164},null,2.5670999999999999]
["E9675","Martelete perfurador/rompedor elétrico - 1,5 kW",1,1,0,{"$f":"VLOOKUP($A665,'INSUMOS SICRO'!$B$1771:$I$2257,8,0)","v":0.57920000000000005},{"$f":"VLOOKUP($A665,'INSUMOS SICRO'!$B$1771:$I$2257,7,0)","v":0.2979},null,0.57920000000000005]
[{"$nulls":6},"Custo horário total de equipamentos",null,{"$f":"SUM(I663:I665)","v":89.6721}]
["B - MÃO DE OBRA",null,"Quantidade","Unidade","Custo Horário",null,"Custo Horário Total"]
["P9830","Montador",2,"h",{"$f":"VLOOKUP($A668,'INSUMOS SICRO'!$B$1637:$G$1746,6,0)","v":25.298999999999999},null,null,null,{"$f":"ROUND(C668*E668,4)","v":50.597999999999999}]
["P9824","Servente",4,"h",{"$f":"VLOOKUP($A669,'INSUMOS SICRO'!$B$1637:$G$1746,6,0)","v":16.410499999999999},null,null,null,{"$f":"ROUND(C669*E669,4)","v":65.641999999999996}]
[null,null,"Custo horário total de mão de obra",{"$nulls":4},{"$f":"SUM(I668:I669)","v":116.24}]
[null,null,"Custo horário total de execução",{"$nulls":5},{"$f":"SUM(I666,H670)","v":205.91210000000001}]
[null,null,"Custo unitário de execução",{"$nulls":5},{"$f":"I671/H659","v":5.7889260612876026}]
[{"$nulls":6},"Custo do FIC",null,"-"]
[{"$nulls":6},"Custo do FIT",null,"-"]
["C - MATERIAL",null,"Quantidade","Unidade","Preço Unitário",null,"Custo Unitário"]
["M2041","Cola poliéster",0.2,"kg",null,{"$f":"VLOOKUP($A676,'INSUMOS SICRO'!$B$6:$F$1632,5,0)","v":24.477699999999999},null,null,{"$f":"ROUND(C676*F676,4)","v":4.8955000000000002}]
["M2086","Tachão refletivo bidirecional",1,"un",null,{"$f":"VLOOKUP($A677,'INSUMOS SICRO'!$B$6:$F$1632,5,0)","v":29.344799999999999},null,null,29.344799999999999]
[null,null,"Custo unitário total de material",{"$nulls":5},{"$f":"SUM(I676:I677)","v":34.240299999999998}]
["D - ATIVIDADES AUXILIARES",null,"Quantidade","Unidade","Custo Unitário",null,"Custo Unitário"]
[null,null,"Custo total de atividades auxiliares"]
[{"$nulls":6},"Subtotal",null,{"$f":"SUM(I678,I672)","v":40.029226061287602}]
["E - TEMPO FIXO",null,"Código","Quantidade","Unidade","Custo Unitário",null,"Custo Unitário"]
["M2086","Tachão refletivo bidirecional - Caminhão carroceria 5 t",5915474,2.5000000000000001E-3,"t",null,{"$f":"$I$590","v":19.606624885324646},null,{"$f":"ROUND(D683*G683,4)","v":4.9000000000000002E-2}]
[null,null,"Custo unitário total de tempo fixo",{"$nulls":5},{"$f":"SUM(I683)","v":4.9000000000000002E-2}]
["F - MOMENTO DE TRANSPORTE",null,"Quantidade","Unidade","DMT",null,null,null,"Custo Unitário"]
[{"$nulls":4},"LN","RP","P"]
["M2086","Tachão refletivo bidirecional - Caminhão carroceria 5 t",2.5000000000000001E-3,"tkm",null,null,{"$f":"'QUADRO DE DMT'!$H$28","v":50},null,{"$f":"ROUND((C687*G687)*$I$617,4)","v":8.6199999999999999E-2}]
[null,null,"Custo unitário total de transporte",{"$nulls":5},{"$f":"SUM(I687)","v":8.6199999999999999E-2}]
[{"$nulls":4},"Custo unitário direto total",null,null,null,{"$f":"SUM(I688,I684,I681)","v":40.1644260612876}]
[{"$nulls":5},"BDI",{"$f":"'Médio Porte - BDI'!D24","v":0.23742563547863726},null,{"$f":"ROUND(I689*G690,4)","v":9.5360999999999994}]
[{"$nulls":6},"Preço Unitário:",null,{"$f":"ROUND(SUM(I689,I690),2)","v":49.7}]
["Obs."]
[]
["CGCIT",{"$nulls":7},"DNIT"]
["SISTEMA DE CUSTOS REFERENCIAIS DE OBRAS - SICRO"]
["Custo Unitário de Referência",null,null,"Abril/2020",null,null,"Produção da equipe",3,"un"]
[5213440,"Fornecimento e implantação de placa de regulamentação em aço D = 0,60 m - película retrorrefletiva tipo I + SI",{"$nulls":5},"Valores em reais (R$)"]
["A - EQUIPAMENTOS",null,"Quantidade","Utilização",null,"Custo Horário",null,null,"Custo"]
[null,null,null,"Operativa","Improdutiva","Produtivo","Improdutivo",null,"Horário Total"]
["E9687","Caminhão carroceria com capacidade de 5 t - 115 kW",1,0.3,0.7,{"$f":"VLOOKUP($A700,'INSUMOS SICRO'!$B$1771:$I$2257,8,0)","v":86.525800000000004},{"$f":"VLOOKUP($A700,'INSUMOS SICRO'!$B$1771:$I$2257,7,0)","v":36.477899999999998},null,{"$f":"ROUND((C700*(D700*F700))+(C700*(E700*G700)),4)","v":51.4923}]
[{"$nulls":6},"Custo horário total de equipamentos",null,{"$f":"SUM(I700)","v":51.4923}]
["B - MÃO DE OBRA",null,"Quantidade","Unidade","Custo Horário",null,"Custo Horário Total"]
["P9830","Montador",1,"h",{"$f":"VLOOKUP($A703,'INSUMOS SICRO'!$B$1637:$G$1746,6,0)","v":25.298999999999999},null,null,null,{"$f":"ROUND(C703*E703,4)","v":25.298999999999999}]
["P9824","Servente",2,"h",{"$f":"VLOOKUP($A704,'INSUMOS SICRO'!$B$1637:$G$1746,6,0)","v":16.410499999999999},null,null,null,{"$f":"ROUND(C704*E704,4)","v":32.820999999999998}]
[null,null,"Custo horário total de mão de obra",{"$nulls":4},{"$f":"SUM(I703:I704)","v":58.12}]
[null,null,"Custo horário total de execução",{"$nulls":5},{"$f":"SUM(H705,I701)","v":109.6123}]
[null,null,"Custo unitário de execução",{"$nulls":5},{"$f":"I706/H696","v":36.537433333333333}]
[{"$nulls":6},"Custo do FIC",null,"-"]
[{"$nulls":6},"Custo do FIT",null,"-"]
["C - MATERIAL",null,"Quantidade","Unidade","Preço Unitário",null,"Custo Unitário"]
[null,null,"Custo unitário total de material"]
["D - ATIVIDADES AUXILIARES",null,"Quantidade","Unidade","Custo Unitário",null,"Custo Unitário"]
[5213414,"Confecção de placa em aço nº 16 galvanizado, com película retrorrefletiva tipo I + SI",0.28273999999999999,"m²",null,{"$f":"I766","v":393.91027500000001},null,null,{"$f":"ROUND(C713*F713,4)","v":111.3742}]
[null,null,"Custo total de atividades auxiliares",{"$nulls":5},{"$f":"SUM(I713)","v":111.3742}]
[{"$nulls":6},"Subtotal",null,{"$f":"SUM(I714,I707)","v":147.91163333333333}]
["E - TEMPO FIXO",null,"Código","Quantidade","Unidade","Custo Unitário",null,"Custo Unitário"]
[5213414,"Confecção de placa em aço nº 16 galvanizado, com película retrorrefletiva tipo I + SI - Caminhão carroceria 5 t",5915474,3.7499999999999999E-3,"t",null,{"$f":"$I$590","v":19.606624885324646},null,{"$f":"ROUND(D717*G717,4)","v":7.3499999999999996E-2}]
[null,null,"Custo unitário total de tempo fixo",{"$nulls":5},{"$f":"SUM(I717)","v":7.3499999999999996E-2}]
["F - MOMENTO DE TRANSPORTE",null,"Quantidade","Unidade","DMT",null,null,null,"Custo Unitário"]
[{"$nulls":4},"LN","RP","P"]
[5213414,"Confecção de placa em aço nº 16 galvanizado, com película retrorrefletiva tipo I + SI - Caminhão carroceria 5 t",3.7499999999999999E-3,"tkm",null,null,{"$f":"'QUADRO DE DMT'!$H$28","v":50},null,{"$f":"ROUND((C721*G721)*$I$911,4)","v":0.1293}]
[null,null,"Custo unitário total de transporte",{"$nulls":5},{"$f":"SUM(I721)","v":0.1293}]
[{"$nulls":4},"Custo unitário direto total",null,null,null,{"$f":"SUM(I722,I718,I715)","v":148.11443333333332}]
[{"$nulls":5},"BDI",{"$f":"'Médio Porte - BDI'!D24","v":0.23742563547863726},null,{"$f":"ROUND(I723*G724,4)","v":35.166200000000003}]
[{"$nulls":6},"Preço Unitário:",null,{"$f":"ROUND(SUM(I723,I724),2)","v":183.28}]
["Obs."]
[]
["CGCIT",{"$nulls":7},"DNIT"]
["SISTEMA DE CUSTOS REFERENCIAIS DE OBRAS - SICRO"]
["Custo Unitário de Referência",null,null,"Abril/2020",null,null,"Produção da equipe",4,"m²"]
[5213414,"Confecção de placa em aço nº 16 galvanizado, com película retrorrefletiva tipo I + SI",{"$nulls":5},"Valores em reais (R$)"]
["A - EQUIPAMENTOS",null,"Quantidade","Utilização",null,"Custo Horário",null,null,"Custo"]
[null,null,null,"Operativa","Improdutiva","Produtivo","Improdutivo",null,"Horário Total"]
["E9568","Furadeira de impacto de 12,5 mm - 0,8 kW",0.15060000000000001,1,0,{"$f":"VLOOKUP($A734,'INSUMOS SICRO'!$B$1771:$I$2257,8,0)","v":0.1358},{"$f":"VLOOKUP($A734,'INSUMOS SICRO'!$B$1771:$I$2257,7,0)","v":8.5400000000000004E-2},null,{"$f":"ROUND((C734*(D734*F734))+(C734*(E734*G734)),4)","v":2.0500000000000001E-2}]
["E9066","Grupo gerador - 13/14 kVA",0.48193000000000003,1,0,{"$f":"VLOOKUP($A735,'INSUMOS SICRO'!$B$1771:$I$2257,8,0)","v":8.7280999999999995},{"$f":"VLOOKUP($A735,'INSUMOS SICRO'!$B$1771:$I$2257,7,0)","v":1.3898999999999999},null,4.2062999999999997]
["E9623","Máquina de bancada guilhotina - 4 kW",0.20080000000000001,1,0,{"$f":"VLOOKUP($A736,'INSUMOS SICRO'!$B$1771:$I$2257,8,0)","v":8.4276},{"$f":"VLOOKUP($A736,'INSUMOS SICRO'!$B$1771:$I$2257,7,0)","v":4.9713000000000003},null,1.6922999999999999]
["E9622","Máquina de bancada universal para corte de chapa - 1,5 kW",0.48193000000000003,1,0,{"$f":"VLOOKUP($A737,'INSUMOS SICRO'!$B$1771:$I$2257,8,0)","v":4.0564999999999998},{"$f":"VLOOKUP($A737,'INSUMOS SICRO'!$B$1771:$I$2257,7,0)","v":2.3929},null,1.9549000000000001]
[{"$nulls":6},"Custo horário total de equipamentos",null,{"$f":"SUM(I734:I737)","v":7.8740000000000006}]
["B - MÃO DE OBRA",null,"Quantidade","Unidade","Custo Horário",null,"Custo Horário Total"]
["P9801","Ajudante",2,"h",{"$f":"VLOOKUP($A740,'INSUMOS SICRO'!$B$1637:$G$1746,6,0)","v":18.158100000000001},null,null,null,{"$f":"ROUND(C740*E740,4)","v":36.316200000000002}]
["P9830","Montador",1,"h",{"$f":"VLOOKUP($A741,'INSUMOS SICRO'!$B$1637:$G$1746,6,0)","v":25.298999999999999},null,null,null,25.298999999999999]
["P9823","Serralheiro",1,"h",{"$f":"VLOOKUP($A742,'INSUMOS SICRO'!$B$1637:$G$1746,6,0)","v":21.146899999999999},null,null,null,21.146899999999999]
["P9824","Servente",2,"h",{"$f":"VLOOKUP($A743,'INSUMOS SICRO'!$B$1637:$G$1746,6,0)","v":16.410499999999999},null,null,null,32.820999999999998]
[null,null,"Custo horário total de mão de obra",{"$nulls":4},{"$f":"SUM(I740:I743)","v":115.5831}]
[null,null,"Custo horário total de execução",{"$nulls":5},{"$f":"SUM(H744,I738)","v":123.4571}]
[null,null,"Custo unitário de execução",{"$nulls":5},{"$f":"I745/H730","v":30.864274999999999}]
[{"$nulls":6},"Custo do FIC",null,"-"]
[{"$nulls":6},"Custo do FIT",null,"-"]
["C - MATERIAL",null,"Quantidade","Unidade","Preço Unitário",null,"Custo Unitário"]
["M1367","Chapa de aço galvanizado",11.775,"kg",null,{"$f":"VLOOKUP($A750,'INSUMOS SICRO'!$B$6:$F$1632,5,0)","v":5.3697999999999997},null,null,{"$f":"ROUND(C750*F750,4)","v":63.229399999999998}]
["M3229","Película retrorrefletiva tipo I + SI",1,"m²",null,{"$f":"VLOOKUP($A751,'INSUMOS SICRO'!$B$6:$F$1632,5,0)","v":286.0487},null,null,{"$f":"ROUND(C751*F751,4)","v":286.0487}]
[null,null,"Custo unitário total de material",{"$nulls":5},{"$f":"SUM(I750:I751)","v":349.27809999999999}]
["D - ATIVIDADES AUXILIARES",null,"Quantidade","Unidade","Custo Unitário",null,"Custo Unitário"]
[5212552,"Pintura eletrostática a pó com tinta poliester em chapa de aço",1,"m²",null,{"$f":"I800","v":13.274156626506024},null,null,{"$f":"ROUND(C754*F754,4)","v":13.2742}]
[null,null,"Custo total de atividades auxiliares",{"$nulls":5},{"$f":"SUM(I754)","v":13.2742}]
[{"$nulls":6},"Subtotal",null,{"$f":"SUM(I755,I752,I746)","v":393.41657500000002}]
["E - TEMPO FIXO",null,"Código","Quantidade","Unidade","Custo Unitário",null,"Custo Unitário"]
["M1367","Chapa de aço galvanizado - Caminhão carroceria 15 t",5914333,1.1780000000000001E-2,"t",null,{"$f":"$I$829","v":19.3582},null,{"$f":"ROUND(D758*G758,4)","v":0.22800000000000001}]
["M3229","Película retrorrefletiva tipo I + SI - Caminhão carroceria 5 t",5915474,5.2999999999999998E-4,"t",null,{"$f":"$I$590","v":19.606624885324646},null,{"$f":"ROUND(D759*G759,4)","v":1.04E-2}]
[null,null,"Custo unitário total de tempo fixo",{"$nulls":5},{"$f":"SUM(I758:I759)","v":0.2384}]
["F - MOMENTO DE TRANSPORTE",null,"Quantidade","Unidade","DMT",null,null,null,"Custo Unitário"]
[{"$nulls":4},"LN","RP","P"]
["M1367","Chapa de aço galvanizado - Caminhão carroceria 15 t",1.1780000000000001E-2,"tkm",null,null,{"$f":"'QUADRO DE DMT'!$H$24","v":50},null,{"$f":"ROUND((C763*G763)*$I$884,4)","v":0.23699999999999999},null,5914479]
["M3229","Película retrorrefletiva tipo I + SI - Caminhão carroceria 5 t",5.2999999999999998E-4,"tkm",null,null,{"$f":"'QUADRO DE DMT'!$H$25","v":50},null,{"$f":"ROUND((C764*G764)*$I$911,4)","v":1.83E-2},null,5915324]
[null,null,"Custo unitário total de transporte",{"$nulls":5},{"$f":"SUM(I763:I764)","v":0.25529999999999997}]
[{"$nulls":4},"Custo unitário direto total",null,null,null,{"$f":"SUM(I765,I760,I756)","v":393.91027500000001}]
["Obs."]
[]
["CGCIT",{"$nulls":7},"DNIT"]
["SISTEMA DE CUSTOS REFERENCIAIS DE OBRAS - SICRO"]
["Custo Unitário de Referência",null,null,"Abril/2020",null,null,"Produção da equipe",9.9600000000000009,"m²"]
[5212552,"Pintura eletrostática a pó com tinta poliester em chapa de aço",{"$nulls":5},"Valores em reais (R$)"]
["A - EQUIPAMENTOS",null,"Quantidade","Utilização",null,"Custo Horário",null,null,"Custo"]
[null,null,null,"Operativa","Improdutiva","Produtivo","Improdutivo",null,"Horário Total"]
["E9076","Equipamento de pintura com cabine de 7,00 kW e estufa de 80.000 kCal para pintura eletrostática",1,1,0,{"$f":"VLOOKUP($A775,'INSUMOS SICRO'!$B$1771:$I$2257,8,0)","v":30.4969},{"$f":"VLOOKUP($A775,'INSUMOS SICRO'!$B$1771:$I$2257,7,0)","v":26.446200000000001},null,{"$f":"ROUND((C775*(D775*F775))+(C775*(E775*G775)),4)","v":30.4969}]
["E9066","Grupo gerador - 13/14 kVA",1,1,0,{"$f":"VLOOKUP($A776,'INSUMOS SICRO'!$B$1771:$I$2257,8,0)","v":8.7280999999999995},{"$f":"VLOOKUP($A776,'INSUMOS SICRO'!$B$1771:$I$2257,7,0)","v":1.3898999999999999},null,8.7280999999999995]
[{"$nulls":6},"Custo horário total de equipamentos",null,{"$f":"SUM(I775:I776)","v":39.225000000000001}]
["B - MÃO DE OBRA",null,"Quantidade","Unidade","Custo Horário",null,"Custo Horário Total"]
["P9801","Ajudante",1,"h",{"$f":"VLOOKUP($A779,'INSUMOS SICRO'!$B$1637:$G$1746,6,0)","v":18.158100000000001},null,null,null,{"$f":"ROUND(C779*E779,4)","v":18.158100000000001}]
["P9822","Pintor",1,"h",{"$f":"VLOOKUP($A780,'INSUMOS SICRO'!$B$1637:$G$1746,6,0)","v":22.660599999999999},null,null,null,22.660599999999999]
["P9824","Servente",1,"h",{"$f":"VLOOKUP($A781,'INSUMOS SICRO'!$B$1637:$G$1746,6,0)","v":16.410499999999999},null,null,null,16.410499999999999]
[null,null,"Custo horário total de mão de obra",{"$nulls":4},{"$f":"SUM(I779:I781)","v":57.229199999999999}]
[null,null,"Custo horário total de execução",{"$nulls":5},{"$f":"SUM(H782,I777)","v":96.4542}]
[null,null,"Custo unitário de execução",{"$nulls":5},{"$f":"I783/H771","v":9.6841566265060237}]
[{"$nulls":6},"Custo do FIC",null,"-"]
[{"$nulls":6},"Custo do FIT",null,"-"]
["C - MATERIAL",null,"Quantidade","Unidade","Preço Unitário",null,"Custo Unitário"]
["M3153","Tinta poliéster em pó",8.4500000000000006E-2,"kg",null,{"$f":"VLOOKUP($A788,'INSUMOS SICRO'!$B$6:$F$1632,5,0)","v":42.4315},null,null,{"$f":"ROUND(C788*F788,4)","v":3.5855000000000001}]
[null,null,"Custo unitário total de material",{"$nulls":5},{"$f":"SUM(I788)","v":3.5855000000000001}]
["D - ATIVIDADES AUXILIARES",null,"Quantidade","Unidade","Custo Unitário",null,"Custo Unitário"]
[null,null,"Custo total de atividades auxiliares"]
[{"$nulls":6},"Subtotal",null,{"$f":"SUM(I789,I784)","v":13.269656626506023}]
["E - TEMPO FIXO",null,"Código","Quantidade","Unidade","Custo Unitário",null,"Custo Unitário"]
["M3153","Tinta poliéster em pó - Caminhão carroceria 15 t",5914655,8.0000000000000007E-5,"t",null,{"$f":"I857","v":20.9895},null,{"$f":"ROUND(D794*G794,4)","v":1.6999999999999999E-3}]
[null,null,"Custo unitário total de tempo fixo",{"$nulls":5},{"$f":"SUM(I794)","v":1.6999999999999999E-3}]
["F - MOMENTO DE TRANSPORTE",null,"Quantidade","Unidade","DMT",null,null,null,"Custo Unitário"]
[{"$nulls":4},"LN","RP","P"]
["M3153","Tinta poliéster em pó - Caminhão carroceria 15 t",8.0000000000000007E-5,"tkm",null,null,{"$f":"'QUADRO DE DMT'!H23","v":50},null,{"$f":"ROUND((C798*G798)*$I$617,4)","v":2.8E-3},null,5914479]
[null,null,"Custo unitário total de transporte",{"$nulls":5},{"$f":"SUM(I798)","v":2.8E-3}]
[{"$nulls":4},"Custo unitário direto total",null,null,null,{"$f":"SUM(I799,I795,I792)","v":13.274156626506024}]
["Obs."]
[]
["CGCIT",{"$nulls":7},"DNIT"]
["SISTEMA DE CUSTOS REFERENCIAIS DE OBRAS - SICRO"]
["Custo Unitário de Referência",null,null,"Abril/2020",null,null,"Produção da equipe",21.37,"t"]
[5914333,"Carga, manobra e descarga de materiais diversos em caminhão carroceria de 15 t - carga e descarga com caminhão guindauto de 20 t.m",{"$nulls":5},"Valores em reais (R$)"]
["A - EQUIPAMENTOS",null,"Quantidade","Utilização",null,"Custo Horário",null,null,"Custo"]
[null,null,null,"Operativa","Improdutiva","Produtivo","Improdutivo",null,"Horário Total"]
["E9592","Caminhão carroceria com capacidade de 15 t - 188 kW",2,0.53,0.47,{"$f":"VLOOKUP($A809,'INSUMOS SICRO'!$B$1771:$I$2257,8,0)","v":150.05269999999999},{"$f":"VLOOKUP($A809,'INSUMOS SICRO'!$B$1771:$I$2257,7,0)","v":44.756100000000004},null,{"$f":"ROUND((C809*(D809*F809))+(C809*(E809*G809)),4)","v":201.1266}]
["E9686","Caminhão carroceria com guindauto com capacidade de 20 t.m - 136 kW",1,1,0,{"$f":"VLOOKUP($A810,'INSUMOS SICRO'!$B$1771:$I$2257,8,0)","v":179.7379},{"$f":"VLOOKUP($A810,'INSUMOS SICRO'!$B$1771:$I$2257,7,0)","v":71.510099999999994},null,179.7379]
[{"$nulls":6},"Custo horário total de equipamentos",null,{"$f":"SUM(I809:I810)","v":380.86450000000002}]
["B - MÃO DE OBRA",null,"Quantidade","Unidade","Custo Horário",null,"Custo Horário Total"]
["P9824","Servente",2,"h",{"$f":"VLOOKUP($A813,'INSUMOS SICRO'!$B$1637:$G$1746,6,0)","v":16.410499999999999},null,null,null,{"$f":"ROUND(C813*E813,4)","v":32.820999999999998}]
[null,null,"Custo horário total de mão de obra",{"$nulls":4},{"$f":"SUM(I813)","v":32.820999999999998}]
[null,null,"Custo horário total de execução",{"$nulls":5},{"$f":"SUM(H814,I811)","v":413.68550000000005}]
[null,null,"Custo unitário de execução",{"$nulls":5},{"$f":"I815/H805","v":19.358235844642024}]
[{"$nulls":6},"Custo do FIC",null,"-"]
[{"$nulls":6},"Custo do FIT",null,"-"]
["C - MATERIAL",null,"Quantidade","Unidade","Preço Unitário",null,"Custo Unitário"]
[null,null,"Custo unitário total de material"]
["D - ATIVIDADES AUXILIARES",null,"Quantidade","Unidade","Custo Unitário",null,"Custo Unitário"]
[null,null,"Custo total de atividades auxiliares"]
[{"$nulls":6},"Subtotal"]
["E - TEMPO FIXO",null,"Código","Quantidade","Unidade","Custo Unitário",null,"Custo Unitário"]
[null,null,"Custo unitário total de tempo fixo"]
["F - MOMENTO DE TRANSPORTE",null,"Quantidade","Unidade","DMT",null,null,null,"Custo Unitário"]
[{"$nulls":4},"LN","RP","P"]
[null,null,"Custo unitário total de transporte",{"$nulls":5},"-"]
[{"$nulls":4},"Custo unitário direto total",null,null,null,{"$f":"ROUND(SUM(I816),4)","v":19.3582}]
["Obs."]
[]
["CGCIT",{"$nulls":7},"DNIT"]
["SISTEMA DE CUSTOS REFERENCIAIS DE OBRAS - SICRO"]
["Custo Unitário de Referência",null,null,"Abril/2020",null,null,"Produção da equipe",11.84,"t"]
[5914655,"Carga, manobra e descarga de materiais diversos em caminhão carroceria de 15 t - carga e descarga manuais",{"$nulls":5},"Valores em reais (R$)"]
["A - EQUIPAMENTOS",null,"Quantidade","Utilização",null,"Custo Horário",null,null,"Custo"]
[null,null,null,"Operativa","Improdutiva","Produtivo","Improdutivo",null,"Horário Total"]
["E9592","Caminhão carroceria com capacidade de 15 t - 188 kW",1,1,0,{"$f":"VLOOKUP($A838,'INSUMOS SICRO'!$B$1771:$I$2257,8,0)","v":150.05269999999999},{"$f":"VLOOKUP($A838,'INSUMOS SICRO'!$B$1771:$I$2257,7,0)","v":44.756100000000004},null,{"$f":"ROUND((C838*(D838*F838))+(C838*(E838*G838)),4)","v":150.05269999999999}]
[{"$nulls":6},"Custo horário total de equipamentos",null,{"$f":"SUM(I838)","v":150.05269999999999}]
["B - MÃO DE OBRA",null,"Quantidade","Unidade","Custo Horário",null,"Custo Horário Total"]
["P9824","Servente",6,"h",{"$f":"VLOOKUP($A841,'INSUMOS SICRO'!$B$1637:$G$1746,6,0)","v":16.410499999999999},null,null,null,{"$f":"ROUND(C841*E841,4)","v":98.462999999999994}]
[null,null,"Custo horário total de mão de obra",{"$nulls":4},{"$f":"SUM(I841)","v":98.462999999999994}]
[null,null,"Custo horário total de execução",{"$nulls":5},{"$f":"SUM(H842,I839)","v":248.51569999999998}]
[null,null,"Custo unitário de execução",{"$nulls":5},{"$f":"I843/H834","v":20.989501689189186}]
[{"$nulls":6},"Custo do FIC",null,"-"]
[{"$nulls":6},"Custo do FIT",null,"-"]
["C - MATERIAL",null,"Quantidade","Unidade","Preço Unitário",null,"Custo Unitário"]
[null,null,"Custo unitário total de material"]
["D - ATIVIDADES AUXILIARES",null,"Quantidade","Unidade","Custo Unitário",null,"Custo Unitário"]
[null,null,"Custo total de atividades auxiliares"]
[{"$nulls":6},"Subtotal"]
["E - TEMPO FIXO",null,"Código","Quantidade","Unidade","Custo Unitário",null,"Custo Unitário"]
[null,null,"Custo unitário total de tempo fixo"]
["F - MOMENTO DE TRANSPORTE",null,"Quantidade","Unidade","DMT",null,null,null,"Custo Unitário"]
[{"$nulls":4},"LN","RP","P"]
[null,null,"Custo unitário total de transporte",{"$nulls":5},"-"]
[{"$nulls":4},"Custo unitário direto total",null,null,null,{"$f":"ROUND(SUM(I844),4)","v":20.9895}]
["Obs."]
[]
["CGCIT",{"$nulls":7},"DNIT"]
["SISTEMA DE CUSTOS REFERENCIAIS DE OBRAS - SICRO"]
["Custo Unitário de Referência",null,null,"Abril/2020",null,null,"Produção da equipe",372.88,"tkm"]
[5914479,"Transporte com caminhão carroceria de 15 t - rodovia pavimentada",{"$nulls":5},"Valores em reais (R$)"]
["A - EQUIPAMENTOS",null,"Quantidade","Utilização",null,"Custo Horário",null,null,"Custo"]
[null,null,null,"Operativa","Improdutiva","Produtivo","Improdutivo",null,"Horário Total"]
["E9592","Caminhão carroceria com capacidade de 15 t - 188 kW",1,1,0,{"$f":"VLOOKUP($A866,'INSUMOS SICRO'!$B$1771:$I$2257,8,0)","v":150.05269999999999},{"$f":"VLOOKUP($A866,'INSUMOS SICRO'!$B$1771:$I$2257,7,0)","v":44.756100000000004},null,{"$f":"ROUND((C866*(D866*F866))+(C866*(E866*G866)),4)","v":150.05269999999999}]
[{"$nulls":6},"Custo horário total de equipamentos",null,{"$f":"SUM(I866)","v":150.05269999999999}]
["B - MÃO DE OBRA",null,"Quantidade","Unidade","Custo Horário",null,"Custo Horário Total"]
[null,null,"Custo horário total de mão de obra",{"$nulls":4},"-"]
[null,null,"Custo horário total de execução",{"$nulls":5},{"$f":"SUM(I867)","v":150.05269999999999}]
[null,null,"Custo unitário de execução",{"$nulls":5},{"$f":"I870/H862","v":0.4024155224200815}]
[{"$nulls":6},"Custo do FIC",null,"-"]
[{"$nulls":6},"Custo do FIT",null,"-"]
["C - MATERIAL",null,"Quantidade","Unidade","Preço Unitário",null,"Custo Unitário"]
[null,null,"Custo unitário total de material"]
["D - ATIVIDADES AUXILIARES",null,"Quantidade","Unidade","Custo Unitário",null,"Custo Unitário"]
[null,null,"Custo total de atividades auxiliares"]
[{"$nulls":6},"Subtotal"]
["E - TEMPO FIXO",null,"Código","Quantidade","Unidade","Custo Unitário",null,"Custo Unitário"]
[null,null,"Custo unitário total de tempo fixo"]
["F - MOMENTO DE TRANSPORTE",null,"Quantidade","Unidade","DMT",null,null,null,"Custo Unitário"]
[{"$nulls":4},"LN","RP","P"]
[null,null,"Custo unitário total de transporte",{"$nulls":5},"-"]
[{"$nulls":4},"Custo unitário direto total",null,null,null,{"$f":"ROUND(SUM(I871),4)","v":0.40239999999999998}]
["Obs."]
[]
["CGCIT",{"$nulls":7},"DNIT"]
["SISTEMA DE CUSTOS REFERENCIAIS DE OBRAS - SICRO"]
["Custo Unitário de Referência",null,null,"Abril/2020",null,null,"Produção da equipe",125.5,"tkm"]
[5915324,"Transporte com caminhão carroceria de 5 t - rodovia pavimentada",{"$nulls":5},"Valores em reais (R$)"]
["A - EQUIPAMENTOS",null,"Quantidade","Utilização",null,"Custo Horário",null,null,"Custo"]
[null,null,null,"Operativa","Improdutiva","Produtivo","Improdutivo",null,"Horário Total"]
["E9687","Caminhão carroceria com capacidade de 5 t - 115 kW",1,1,0,{"$f":"VLOOKUP($A893,'INSUMOS SICRO'!$B$1771:$I$2257,8,0)","v":86.525800000000004},{"$f":"VLOOKUP($A893,'INSUMOS SICRO'!$B$1771:$I$2257,7,0)","v":36.477899999999998},null,{"$f":"ROUND((C893*(D893*F893))+(C893*(E893*G893)),4)","v":86.525800000000004}]
[{"$nulls":6},"Custo horário total de equipamentos",null,{"$f":"SUM(I893)","v":86.525800000000004}]
["B - MÃO DE OBRA",null,"Quantidade","Unidade","Custo Horário",null,"Custo Horário Total"]
[null,null,"Custo horário total de mão de obra",{"$nulls":4},"-"]
[null,null,"Custo horário total de execução",{"$nulls":5},{"$f":"SUM(I894)","v":86.525800000000004}]
[null,null,"Custo unitário de execução",{"$nulls":5},{"$f":"I897/H889","v":0.68944860557768928}]
[{"$nulls":6},"Custo do FIC",null,"-"]
[{"$nulls":6},"Custo do FIT",null,"-"]
["C - MATERIAL",null,"Quantidade","Unidade","Preço Unitário",null,"Custo Unitário"]
[null,null,"Custo unitário total de material"]
["D - ATIVIDADES AUXILIARES",null,"Quantidade","Unidade","Custo Unitário",null,"Custo Unitário"]
[null,null,"Custo total de atividades auxiliares"]
[{"$nulls":6},"Subtotal"]
["E - TEMPO FIXO",null,"Código","Quantidade","Unidade","Custo Unitário",null,"Custo Unitário"]
[null,null,"Custo unitário total de tempo fixo"]
["F - MOMENTO DE TRANSPORTE",null,"Quantidade","Unidade","DMT",null,null,null,"Custo Unitário"]
[{"$nulls":4},"LN","RP","P"]
[null,null,"Custo unitário total de transporte",{"$nulls":5},"-"]
[{"$nulls":4},"Custo unitário direto total",null,null,null,{"$f":"ROUND(SUM(I898),4)","v":0.68940000000000001}]
["Obs."]
[]
["CGCIT",{"$nulls":7},"DNIT"]
["SISTEMA DE CUSTOS REFERENCIAIS DE OBRAS - SICRO"]
["Custo Unitário de Referência",null,null,"Abril/2020",null,null,"Produção da equipe",5,"un"]
[5213851,"Fornecimento e implantação de suporte metálico galvanizado para placa de regulamentação - D = 0,60 m",{"$nulls":5},"Valores em reais (R$)"]
["A - EQUIPAMENTOS",null,"Quantidade","Utilização",null,"Custo Horário",null,null,"Custo"]
[null,null,null,"Operativa","Improdutiva","Produtivo","Improdutivo",null,"Horário Total"]
["E9687","Caminhão carroceria com capacidade de 5 t - 115 kW",1,0.3,0.7,{"$f":"VLOOKUP($A920,'INSUMOS SICRO'!$B$1771:$I$2257,8,0)","v":86.525800000000004},{"$f":"VLOOKUP($A920,'INSUMOS SICRO'!$B$1771:$I$2257,7,0)","v":36.477899999999998},null,{"$f":"ROUND((C920*(D920*F920))+(C920*(E920*G920)),4)","v":51.4923}]
[{"$nulls":6},"Custo horário total de equipamentos",null,{"$f":"SUM(I920)","v":51.4923}]
["B - MÃO DE OBRA",null,"Quantidade","Unidade","Custo Horário",null,"Custo Horário Total"]
["P9823","Serralheiro",1,"h",{"$f":"VLOOKUP($A923,'INSUMOS SICRO'!$B$1637:$G$1746,6,0)","v":21.146899999999999},null,null,null,{"$f":"ROUND(C923*E923,4)","v":21.146899999999999}]
["P9824","Servente",1,"h",{"$f":"VLOOKUP($A924,'INSUMOS SICRO'!$B$1637:$G$1746,6,0)","v":16.410499999999999},null,null,null,{"$f":"ROUND(C924*E924,4)","v":16.410499999999999}]
[null,null,"Custo horário total de mão de obra",{"$nulls":4},{"$f":"SUM(I923:I924)","v":37.557400000000001}]
[null,null,"Custo horário total de execução",{"$nulls":5},{"$f":"SUM(I921,H925)","v":89.049700000000001}]
[null,null,"Custo unitário de execução",{"$nulls":5},{"$f":"I926/H916","v":17.809940000000001}]
[{"$nulls":6},"Custo do FIC",null,"-"]
[{"$nulls":6},"Custo do FIT",null,"-"]
["C - MATERIAL",null,"Quantidade","Unidade","Preço Unitário",null,"Custo Unitário"]
["M0789","Conjunto de cantoneiras e parafusos galvanizados para fixação de placas",1.0581199999999999,"kg",null,{"$f":"VLOOKUP($A931,'INSUMOS SICRO'!$B$6:$F$1632,5,0)","v":9.9070999999999998},null,null,{"$f":"ROUND(C931*F931,4)","v":10.482900000000001}]
["M0787","Suporte em aço carbono galvanizado perfil \"C\"",11.775,"kg",null,{"$f":"VLOOKUP($A932,'INSUMOS SICRO'!$B$6:$F$1632,5,0)","v":14.026199999999999},null,null,165.1585]
[null,null,"Custo unitário total de material",{"$nulls":5},{"$f":"SUM(I931:I932)","v":175.6414}]
["D - ATIVIDADES AUXILIARES",null,"Quantidade","Unidade","Custo Unitário",null,"Custo Unitário"]
[1107892,"Concreto fck = 20 MPa - confecção em betoneira e lançamento manual - areia e brita comerciais",1.7999999999999999E-2,"m³",null,{"$f":"$I$1000","v":343.79729651971627},null,null,{"$f":"ROUND(C935*F935,4)","v":6.1883999999999997}]
[4805750,"Escavação manual em material de 1ª categoria na profundidade de até 1 m",1.7999999999999999E-2,"m³",null,{"$f":"$I$1027","v":33.715372250000001},null,null,{"$f":"ROUND(C936*F936,4)","v":0.6069}]
[null,null,"Custo total de atividades auxiliares",{"$nulls":5},{"$f":"SUM(I935:I936)","v":6.7952999999999992}]
[{"$nulls":6},"Subtotal",null,{"$f":"SUM(I937,I933,I927)","v":200.24664000000001}]
["E - TEMPO FIXO",null,"Código","Quantidade","Unidade","Custo Unitário",null,"Custo Unitário"]
["M0789","Conjunto de cantoneiras e parafusos galvanizados para fixação de placas - Caminhão carroceria 5 t",5915474,1.06E-3,"t",null,{"$f":"$I$590","v":19.606624885324646},null,{"$f":"ROUND(D940*G940,4)","v":2.0799999999999999E-2}]
["M0787","Suporte em aço carbono galvanizado perfil \"C\" - Caminhão carroceria 5 t",5915474,1.1780000000000001E-2,"t",null,{"$f":"$I$590","v":19.606624885324646},null,{"$f":"ROUND(D941*G941,4)","v":0.23100000000000001}]
[4805750,"Escavação manual em material de 1ª categoria na profundidade de até 1 m - Caminhão basculante 6 m³",5915476,3.3750000000000002E-2,"t",null,19.606624885324646,null,0.66169999999999995]
[null,null,"Custo unitário total de tempo fixo",{"$nulls":5},{"$f":"SUM(I940:I942)","v":0.91349999999999998}]
["F - MOMENTO DE TRANSPORTE",null,"Quantidade","Unidade","DMT",null,null,null,"Custo Unitário"]
[{"$nulls":4},"LN","RP","P"]
["M0789","Conjunto de cantoneiras e parafusos galvanizados para fixação de placas - Caminhão carroceria 5 t",1.06E-3,"tkm",null,null,{"$f":"'QUADRO DE DMT'!$H$28","v":50},null,{"$f":"ROUND((C946*G946)*$I$617,4)","v":3.6499999999999998E-2},null,5915324]
["M0787","Suporte em aço carbono galvanizado perfil \"C\" - Caminhão carroceria 5 t",1.1780000000000001E-2,"tkm",null,null,{"$f":"'QUADRO DE DMT'!$H$28","v":50},null,{"$f":"ROUND((C947*G947)*$I$617,4)","v":0.40610000000000002},null,5915324]
[4805750,"Escavação manual em material de 1ª categoria na profundidade de até 1 m - Caminhão basculante 6 m³",3.3750000000000002E-2,"tkm",null,null,{"$f":"'QUADRO DE DMT'!$H$28","v":50},null,{"$f":"ROUND((C948*G948)*$I$1054,4)","v":0.82499999999999996},null,5914344]
[null,null,"Custo unitário total de transporte",{"$nulls":5},{"$f":"SUM(I946:I948)","v":1.2675999999999998}]
[{"$nulls":4},"Custo unitário direto total",null,null,null,{"$f":"SUM(I949,I943,I938)","v":202.42774}]
[{"$nulls":5},"BDI",{"$f":"'Médio Porte - BDI'!D24","v":0.23742563547863726},null,{"$f":"ROUND(I950*G951,4)","v":48.061500000000002}]
[{"$nulls":6},"Preço Unitário:",null,{"$f":"ROUND(SUM(I950,I951),2)","v":250.49}]
["Obs."]
[]
["CGCIT",{"$nulls":7},"DNIT"]
["SISTEMA DE CUSTOS REFERENCIAIS DE OBRAS - SICRO"]
["Custo Unitário de Referência",null,null,"Abril/2020",null,null,"Produção da equipe",3.9289900000000002,"m³"]
[1107892,"Concreto fck = 20 MPa - confecção em betoneira e lançamento manual - areia e brita comerciais",{"$nulls":5},"Valores em reais (R$)"]
["A - EQUIPAMENTOS",null,"Quantidade","Utilização",null,"Custo Horário",null,null,"Custo"]
[null,null,null,"Operativa","Improdutiva","Produtivo","Improdutivo",null,"Horário Total"]
["E9010","Balança plataforma digital com mesa de 75 x 75 cm com capacidade de 500 kg",1,1,0,{"$f":"VLOOKUP($A961,'INSUMOS SICRO'!$B$1771:$I$2257,8,0)","v":0.95369999999999999},{"$f":"VLOOKUP($A961,'INSUMOS SICRO'!$B$1771:$I$2257,7,0)","v":0.62060000000000004},null,{"$f":"ROUND((C961*(D961*F961))+(C961*(E961*G961)),4)","v":0.95369999999999999}]
["E9519","Betoneira com motor a gasolina com capacidade de 600 l - 10 kW",1,1,0,{"$f":"VLOOKUP($A962,'INSUMOS SICRO'!$B$1771:$I$2257,8,0)","v":34.372399999999999},{"$f":"VLOOKUP($A962,'INSUMOS SICRO'!$B$1771:$I$2257,7,0)","v":20.055399999999999},null,34.372399999999999]
["E9521","Grupo gerador - 2,5/3 kVA",1,1,0,{"$f":"VLOOKUP($A963,'INSUMOS SICRO'!$B$1771:$I$2257,8,0)","v":2.5670999999999999},{"$f":"VLOOKUP($A963,'INSUMOS SICRO'!$B$1771:$I$2257,7,0)","v":0.1164},null,2.5670999999999999]
["E9071","Transportador manual carrinho de mão com capacidade de 80 l",4,0.9,9.9999999999999978E-2,{"$f":"VLOOKUP($A964,'INSUMOS SICRO'!$B$1771:$I$2257,8,0)","v":0.34429999999999999},{"$f":"VLOOKUP($A964,'INSUMOS SICRO'!$B$1771:$I$2257,7,0)","v":0.23069999999999999},null,1.3318000000000001]
["E9064","Transportador manual gerica com capacidade de 180 l",3,0.41,0.59000000000000008,{"$f":"VLOOKUP($A965,'INSUMOS SICRO'!$B$1771:$I$2257,8,0)","v":0.8931},{"$f":"VLOOKUP($A965,'INSUMOS SICRO'!$B$1771:$I$2257,7,0)","v":0.59850000000000003},null,2.1579000000000002]
[{"$nulls":6},"Custo horário total de equipamentos",null,{"$f":"SUM(I961:I965)","v":41.382899999999992}]
["B - MÃO DE OBRA",null,"Quantidade","Unidade","Custo Horário",null,"Custo Horário Total"]
["P9821","Pedreiro",1,"h",{"$f":"VLOOKUP($A968,'INSUMOS SICRO'!$B$1637:$G$1746,6,0)","v":19.837199999999999},null,null,null,{"$f":"ROUND(C968*E968,4)","v":19.837199999999999}]
["P9824","Servente",9,"h",{"$f":"VLOOKUP($A969,'INSUMOS SICRO'!$B$1637:$G$1746,6,0)","v":16.410499999999999},null,null,null,{"$f":"ROUND(C969*E969,4)","v":147.69450000000001}]
[null,null,"Custo horário total de mão de obra",{"$nulls":4},{"$f":"SUM(I968:I969)","v":167.5317}]
[null,null,"Custo horário total de execução",{"$nulls":5},{"$f":"SUM(H970,I966)","v":208.91460000000001}]
[null,null,"Custo unitário de execução",{"$nulls":5},{"$f":"I971/H957","v":53.172596519716265}]
[{"$nulls":6},"Custo do FIC",null,"-"]
[{"$nulls":6},"Custo do FIT",null,"-"]
["C - MATERIAL",null,"Quantidade","Unidade","Preço Unitário",null,"Custo Unitário"]
["M0030","Aditivo plastificante e retardador de pega para concreto e argamassa",0.84645999999999999,"kg",null,{"$f":"VLOOKUP($A976,'INSUMOS SICRO'!$B$6:$F$1632,5,0)","v":4.3696000000000002},null,null,{"$f":"ROUND(C976*F976,4)","v":3.6987000000000001}]
["M0082","Areia média lavada",0.63334000000000001,"m³",null,{"$f":"VLOOKUP($A977,'INSUMOS SICRO'!$B$6:$F$1632,5,0)","v":94.676599999999993},null,null,59.962499999999999]
["M0191","Brita 1",0.36753999999999998,"m³",null,{"$f":"VLOOKUP($A978,'INSUMOS SICRO'!$B$6:$F$1632,5,0)","v":84.147300000000001},null,null,30.927499999999998]
["M0192","Brita 2",0.36753999999999998,"m³",null,{"$f":"VLOOKUP($A979,'INSUMOS SICRO'!$B$6:$F$1632,5,0)","v":84.147300000000001},null,null,30.927499999999998]
["M0424","Cimento Portland CP II - 32",282.15206999999998,"kg",null,{"$f":"VLOOKUP($A980,'INSUMOS SICRO'!$B$6:$F$1632,5,0)","v":0.39200000000000002},null,null,110.6036]
[null,null,"Custo unitário total de material",{"$nulls":5},{"$f":"SUM(I976:I980)","v":236.1198}]
["D - ATIVIDADES AUXILIARES",null,"Quantidade","Unidade","Custo Unitário",null,"Custo Unitário"]
[null,null,"Custo total de atividades auxiliares"]
[{"$nulls":6},"Subtotal",null,{"$f":"SUM(I981,I972)","v":289.29239651971625}]
["E - TEMPO FIXO",null,"Código","Quantidade","Unidade","Custo Unitário",null,"Custo Unitário"]
["M0030","Aditivo plastificante e retardador de pega para concreto e argamassa - Caminhão carroceria 15 t",5914655,8.4999999999999995E-4,"t",null,{"$f":"$I$857","v":20.9895},null,{"$f":"ROUND(D986*G986,4)","v":1.78E-2}]
["M0082","Areia média lavada - Caminhão basculante 10 m³",5914647,0.95001000000000002,"t",null,{"$f":"$I$110","v":0.88580000000000003},null,{"$f":"ROUND(D987*G987,4)","v":0.84150000000000003}]
["M0191","Brita 1 - Caminhão basculante 10 m³",5914647,0.55130999999999997,"t",null,{"$f":"$I$110","v":0.88580000000000003},null,0.4884]
["M0192","Brita 2 - Caminhão basculante 10 m³",5914647,0.55130999999999997,"t",null,{"$f":"$I$110","v":0.88580000000000003},null,0.4884]
["M0424","Cimento Portland CP II - 32 - Caminhão carroceria 15 t",5914655,0.28215000000000001,"t",null,{"$f":"$I$857","v":20.9895},null,5.9222000000000001]
[null,null,"Custo unitário total de tempo fixo",{"$nulls":5},{"$f":"SUM(I986:I990)","v":7.7583000000000002}]
["F - MOMENTO DE TRANSPORTE",null,"Quantidade","Unidade","DMT",null,null,null,"Custo Unitário"]
[{"$nulls":4},"LN","RP","P"]
["M0030","Aditivo plastificante e retardador de pega para concreto e argamassa - Caminhão carroceria 15 t",8.4999999999999995E-4,"tkm",null,null,{"$f":"'QUADRO DE DMT'!$H$28","v":50},null,{"$f":"ROUND((C994*G994)*$I$884,4)","v":1.7100000000000001E-2},null,5914479]
["M0082","Areia média lavada - Caminhão basculante 10 m³",0.95001000000000002,"tkm",null,null,{"$f":"'QUADRO DE DMT'!$H$28","v":50},null,{"$f":"ROUND((C995*G995)*$I$164,4)","v":19.0002},null,5914389]
["M0191","Brita 1 - Caminhão basculante 10 m³",0.55130999999999997,"tkm",null,null,{"$f":"'QUADRO DE DMT'!$H$28","v":50},null,{"$f":"ROUND((C996*G996)*$I$164,4)","v":11.026199999999999},null,5914389]
["M0192","Brita 2 - Caminhão basculante 10 m³",0.55130999999999997,"tkm",null,null,{"$f":"'QUADRO DE DMT'!$H$28","v":50},null,{"$f":"ROUND((C997*G997)*$I$164,4)","v":11.026199999999999},null,5914389]
["M0424","Cimento Portland CP II - 32 - Caminhão carroceria 15 t",0.28215000000000001,"tkm",null,null,{"$f":"'QUADRO DE DMT'!$H$28","v":50},null,{"$f":"ROUND((C998*G998)*$I$884,4)","v":5.6768999999999998},null,5914479]
[null,null,"Custo unitário total de transporte",{"$nulls":5},{"$f":"SUM(I994:I998)","v":46.746600000000001}]
[{"$nulls":4},"Custo unitário direto total",null,null,null,{"$f":"SUM(I999,I991,I984)","v":343.79729651971627}]
["Obs."]
[]
["CGCIT",{"$nulls":7},"DNIT"]
["SISTEMA DE CUSTOS REFERENCIAIS DE OBRAS - SICRO"]
["Custo Unitário de Referência",null,null,"Abril/2020",null,null,"Produção da equipe",0.5,"m³"]
[4805750,"Escavação manual em material de 1ª categoria na profundidade de até 1 m",{"$nulls":5},"Valores em reais (R$)"]
["A - EQUIPAMENTOS",null,"Quantidade","Utilização",null,"Custo Horário",null,null,"Custo"]
[null,null,null,"Operativa","Improdutiva","Produtivo","Improdutivo",null,"Horário Total"]
[{"$nulls":6},"Custo horário total de equipamentos"]
["B - MÃO DE OBRA",null,"Quantidade","Unidade","Custo Horário",null,"Custo Horário Total"]
["P9824","Servente",1,"h",{"$f":"VLOOKUP($A1011,'INSUMOS SICRO'!$B$1637:$G$1746,6,0)","v":16.410499999999999},null,null,null,{"$f":"ROUND(C1011*E1011,4)","v":16.410499999999999}]
[null,null,"Custo horário total de mão de obra",{"$nulls":4},{"$f":"SUM(I1011)","v":16.410499999999999}]
[null,null,"Custo horário total de execução",{"$nulls":5},{"$f":"SUM(H1012)","v":16.410499999999999}]
[null,null,"Custo unitário de execução",{"$nulls":5},{"$f":"I1013/H1005","v":32.820999999999998}]
[{"$nulls":6},"Custo do FIC",2.725E-2,{"$f":"I1014*H1015","v":0.89437224999999998}]
[{"$nulls":6},"Custo do FIT",null,"-"]
["C - MATERIAL",null,"Quantidade","Unidade","Preço Unitário",null,"Custo Unitário"]
[null,null,"Custo unitário total de material"]
["D - ATIVIDADES AUXILIARES",null,"Quantidade","Unidade","Custo Unitário",null,"Custo Unitário"]
[null,null,"Custo total de atividades auxiliares"]
[{"$nulls":6},"Subtotal",null,{"$f":"SUM(I1014:I1015)","v":33.715372250000001}]
["E - TEMPO FIXO",null,"Código","Quantidade","Unidade","Custo Unitário",null,"Custo Unitário"]
[null,null,"Custo unitário total de tempo fixo"]
["F - MOMENTO DE TRANSPORTE",null,"Quantidade","Unidade","DMT",null,null,null,"Custo Unitário"]
[{"$nulls":4},"LN","RP","P"]
[null,null,"Custo unitário total de transporte",{"$nulls":5},"-"]
[{"$nulls":4},"Custo unitário direto total",null,null,null,{"$f":"SUM(I1021)","v":33.715372250000001}]
["Obs."]
[]
["CGCIT",{"$nulls":7},"DNIT"]
["SISTEMA DE CUSTOS REFERENCIAIS DE OBRAS - SICRO"]
["Custo Unitário de Referência",null,null,"Abril/2020",null,null,"Produção da equipe",224.1,"tkm"]
[5914344,"Transporte com caminhão basculante de 6 m³ - rodovia pavimentada",{"$nulls":5},"Valores em reais (R$)"]
["A - EQUIPAMENTOS",null,"Quantidade","Utilização",null,"Custo Horário",null,null,"Custo"]
[null,null,null,"Operativa","Improdutiva","Produtivo","Improdutivo",null,"Horário Total"]
["E9506","Caminhão basculante com capacidade de 6 m³ - 136 kW",1,1,0,{"$f":"VLOOKUP($A1036,'INSUMOS SICRO'!$B$1771:$I$2257,8,0)","v":109.5645},{"$f":"VLOOKUP($A1036,'INSUMOS SICRO'!$B$1771:$I$2257,7,0)","v":44.1098},null,{"$f":"ROUND((C1036*(D1036*F1036))+(C1036*(E1036*G1036)),4)","v":109.5645}]
[{"$nulls":6},"Custo horário total de equipamentos",null,{"$f":"SUM(I1036)","v":109.5645}]
["B - MÃO DE OBRA",null,"Quantidade","Unidade","Custo Horário",null,"Custo Horário Total"]
[null,null,"Custo horário total de mão de obra",{"$nulls":4},"-"]
[null,null,"Custo horário total de execução",{"$nulls":5},{"$f":"SUM(I1037)","v":109.5645}]
[null,null,"Custo unitário de execução",{"$nulls":5},{"$f":"I1040/H1032","v":0.48890896921017402}]
[{"$nulls":6},"Custo do FIC",null,"-"]
[{"$nulls":6},"Custo do FIT",null,"-"]
["C - MATERIAL",null,"Quantidade","Unidade","Preço Unitário",null,"Custo Unitário"]
[null,null,"Custo unitário total de material"]
["D - ATIVIDADES AUXILIARES",null,"Quantidade","Unidade","Custo Unitário",null,"Custo Unitário"]
[null,null,"Custo total de atividades auxiliares"]
[{"$nulls":6},"Subtotal"]
["E - TEMPO FIXO",null,"Código","Quantidade","Unidade","Custo Unitário",null,"Custo Unitário"]
[null,null,"Custo unitário total de tempo fixo"]
["F - MOMENTO DE TRANSPORTE",null,"Quantidade","Unidade","DMT",null,null,null,"Custo Unitário"]
[{"$nulls":4},"LN","RP","P"]
[null,null,"Custo unitário total de transporte",{"$nulls":5},"-"]
[{"$nulls":4},"Custo unitário direto total",null,null,null,{"$f":"SUM(I1041)","v":0.48890896921017402}]
["Obs."]
[]
["CGCIT",{"$nulls":7},"DNIT"]
["SISTEMA DE CUSTOS REFERENCIAIS DE OBRAS - SICRO"]
["Custo Unitário de Referência",null,null,"Abril/2020",null,null,"Produção da equipe",1,"m"]
[2003372,"Sarjeta triangular de concreto - STC 04 - areia e brita comerciais",{"$nulls":5},"Valores em reais (R$)"]
["A - EQUIPAMENTOS",null,"Quantidade","Utilização",null,"Custo Horário",null,null,"Custo"]
[null,null,null,"Operativa","Improdutiva","Produtivo","Improdutivo",null,"Horário Total"]
[{"$nulls":6},"Custo horário total de equipamentos"]
["B - MÃO DE OBRA",null,"Quantidade","Unidade","Custo Horário",null,"Custo Horário Total"]
[null,null,"Custo horário total de mão de obra",{"$nulls":4},"-"]
[null,null,"Custo horário total de execução",{"$nulls":5},"-"]
[null,null,"Custo unitário de execução",{"$nulls":5},"-"]
[{"$nulls":6},"Custo do FIC",null,"-"]
[{"$nulls":6},"Custo do FIT",null,"-"]
["C - MATERIAL",null,"Quantidade","Unidade","Preço Unitário",null,"Custo Unitário"]
[null,null,"Custo unitário total de material"]
["D - ATIVIDADES AUXILIARES",null,"Quantidade","Unidade","Custo Unitário",null,"Custo Unitário"]
[4805755,"Apiloamento manual",0.1462,"m³",null,{"$f":"$I$1114","v":24.615626921865388},null,null,{"$f":"ROUND(C1073*F1073,4)","v":3.5988000000000002}]
[1107892,"Concreto fck = 20 MPa - confecção em betoneira e lançamento manual - areia e brita comerciais",7.1800000000000003E-2,"m³",null,{"$f":"$I$1162","v":343.79729651971627},null,null,{"$f":"ROUND(C1074*F1074,4)","v":24.6846}]
[2003842,"Enchimento de junta de concreto com argamassa asfáltica de densidade 1.700 kg/m³ - espessura de 1 cm",0.1017,"kg",null,{"$f":"$I$1192","v":44.252699999999997},null,null,4.5004999999999997]
[4805751,"Escavação manual em material de 1ª categoria na profundidade de 1 a 2 m",0.14180000000000001,"m³",null,{"$f":"$I$1219","v":41.026249999999997},null,null,5.8174999999999999]
[3108022,"Guia de madeira de 2,5 x 8,0 cm - confecção e instalação",0.48749999999999999,"m",null,{"$f":"$I$1250","v":3.2532079999999999},null,null,1.5859000000000001]
[null,null,"Custo total de atividades auxiliares",{"$nulls":5},{"$f":"SUM(I1073:I1077)","v":40.187300000000008}]
[{"$nulls":6},"Subtotal",null,{"$f":"SUM(I1078)","v":40.187300000000008}]
["E - TEMPO FIXO",null,"Código","Quantidade","Unidade","Custo Unitário",null,"Custo Unitário"]
[null,null,"Custo unitário total de tempo fixo"]
["F - MOMENTO DE TRANSPORTE",null,"Quantidade","Unidade","DMT",null,null,null,"Custo Unitário"]
[{"$nulls":4},"LN","RP","P"]
[null,null,"Custo unitário total de transporte",{"$nulls":5},"-"]
[{"$nulls":4},"Custo unitário direto total",null,null,null,{"$f":"SUM(I1079)","v":40.187300000000008}]
[{"$nulls":5},"BDI",{"$f":"'Médio Porte - BDI'!D24","v":0.23742563547863726},null,{"$f":"ROUND(I1085*G1086,4)","v":9.5414999999999992}]
[{"$nulls":6},"Preço Unitário:",null,{"$f":"ROUND(SUM(I1085,I1086),2)","v":49.73}]
["Obs."]
[]
["CGCIT",{"$nulls":7},"DNIT"]
["SISTEMA DE CUSTOS REFERENCIAIS DE OBRAS - SICRO"]
["Custo Unitário de Referência",null,null,"Abril/2020",null,null,"Produção da equipe",0.66666999999999998,"m³"]
[4805755,"Apiloamento manual",{"$nulls":5},"Valores em reais (R$)"]
["A - EQUIPAMENTOS",null,"Quantidade","Utilização",null,"Custo Horário",null,null,"Custo"]
[null,null,null,"Operativa","Improdutiva","Produtivo","Improdutivo",null,"Horário Total"]
[{"$nulls":6},"Custo horário total de equipamentos"]
["B - MÃO DE OBRA",null,"Quantidade","Unidade","Custo Horário",null,"Custo Horário Total"]
["P9824","Servente",1,"h",{"$f":"VLOOKUP($A1098,'INSUMOS SICRO'!$B$1637:$G$1746,6,0)","v":16.410499999999999},null,null,null,{"$f":"ROUND(C1098*E1098,4)","v":16.410499999999999}]
[null,null,"Custo horário total de mão de obra",{"$nulls":4},"-"]
[null,null,"Custo horário total de execução",{"$nulls":5},{"$f":"SUM(H1098:I1099)","v":16.410499999999999}]
[null,null,"Custo unitário de execução",{"$nulls":5},{"$f":"I1100/H1092","v":24.615626921865388}]
[{"$nulls":6},"Custo do FIC",null,"-"]
[{"$nulls":6},"Custo do FIT",null,"-"]
["C - MATERIAL",null,"Quantidade","Unidade","Preço Unitário",null,"Custo Unitário"]
[null,null,"Custo unitário total de material"]
["D - ATIVIDADES AUXILIARES",null,"Quantidade","Unidade","Custo Unitário",null,"Custo Unitário"]
[null,null,"Custo total de atividades auxiliares"]
[{"$nulls":6},"Subtotal",null,{"$f":"SUM(I1101)","v":24.615626921865388}]
["E - TEMPO FIXO",null,"Código","Quantidade","Unidade","Custo Unitário",null,"Custo Unitário"]
[null,null,"Custo unitário total de tempo fixo"]
["F - MOMENTO DE TRANSPORTE",null,"Quantidade","Unidade","DMT",null,null,null,"Custo Unitário"]
[{"$nulls":4},"LN","RP","P"]
[null,null,"Custo unitário total de transporte",{"$nulls":5},"-"]
[{"$nulls":4},"Custo unitário direto total",null,null,null,{"$f":"SUM(I1108)","v":24.615626921865388}]
["Obs."]
[]
["CGCIT",{"$nulls":7},"DNIT"]
["SISTEMA DE CUSTOS REFERENCIAIS DE OBRAS - SICRO"]
["Custo Unitário de Referência",null,null,"Abril/2020",null,null,"Produção da equipe",3.9289900000000002,"m³"]
[1107892,"Concreto fck = 20 MPa - confecção em betoneira e lançamento manual - areia e brita comerciais",{"$nulls":5},"Valores em reais (R$)"]
["A - EQUIPAMENTOS",null,"Quantidade","Utilização",null,"Custo Horário",null,null,"Custo"]
[null,null,null,"Operativa","Improdutiva","Produtivo","Improdutivo",null,"Horário Total"]
["E9010","Balança plataforma digital com mesa de 75 x 75 cm com capacidade de 500 kg",1,1,0,{"$f":"VLOOKUP($A1123,'INSUMOS SICRO'!$B$1771:$I$2257,8,0)","v":0.95369999999999999},{"$f":"VLOOKUP($A1123,'INSUMOS SICRO'!$B$1771:$I$2257,7,0)","v":0.62060000000000004},null,{"$f":"ROUND((C1123*(D1123*F1123))+(C1123*(E1123*G1123)),4)","v":0.95369999999999999}]
["E9519","Betoneira com motor a gasolina com capacidade de 600 l - 10 kW",1,1,0,{"$f":"VLOOKUP($A1124,'INSUMOS SICRO'!$B$1771:$I$2257,8,0)","v":34.372399999999999},{"$f":"VLOOKUP($A1124,'INSUMOS SICRO'!$B$1771:$I$2257,7,0)","v":20.055399999999999},null,34.372399999999999]
["E9521","Grupo gerador - 2,5/3 kVA",1,1,0,{"$f":"VLOOKUP($A1125,'INSUMOS SICRO'!$B$1771:$I$2257,8,0)","v":2.5670999999999999},{"$f":"VLOOKUP($A1125,'INSUMOS SICRO'!$B$1771:$I$2257,7,0)","v":0.1164},null,2.5670999999999999]
["E9071","Transportador manual carrinho de mão com capacidade de 80 l",4,0.9,9.9999999999999978E-2,{"$f":"VLOOKUP($A1126,'INSUMOS SICRO'!$B$1771:$I$2257,8,0)","v":0.34429999999999999},{"$f":"VLOOKUP($A1126,'INSUMOS SICRO'!$B$1771:$I$2257,7,0)","v":0.23069999999999999},null,1.3318000000000001]
["E9064","Transportador manual gerica com capacidade de 180 l",3,0.41,0.59000000000000008,{"$f":"VLOOKUP($A1127,'INSUMOS SICRO'!$B$1771:$I$2257,8,0)","v":0.8931},{"$f":"VLOOKUP($A1127,'INSUMOS SICRO'!$B$1771:$I$2257,7,0)","v":0.59850000000000003},null,2.1579000000000002]
[{"$nulls":6},"Custo horário total de equipamentos",null,{"$f":"SUM(I1123:I1127)","v":41.382899999999992}]
["B - MÃO DE OBRA",null,"Quantidade","Unidade","Custo Horário",null,"Custo Horário Total"]
["P9821","Pedreiro",1,"h",{"$f":"VLOOKUP($A1130,'INSUMOS SICRO'!$B$1637:$G$1746,6,0)","v":19.837199999999999},null,null,null,{"$f":"ROUND(C1130*E1130,4)","v":19.837199999999999}]
["P9824","Servente",9,"h",{"$f":"VLOOKUP($A1131,'INSUMOS SICRO'!$B$1637:$G$1746,6,0)","v":16.410499999999999},null,null,null,{"$f":"ROUND(C1131*E1131,4)","v":147.69450000000001}]
[null,null,"Custo horário total de mão de obra",{"$nulls":4},{"$f":"SUM(I1130:I1131)","v":167.5317}]
[null,null,"Custo horário total de execução",{"$nulls":5},{"$f":"SUM(H1132,I1128)","v":208.91460000000001}]
[null,null,"Custo unitário de execução",{"$nulls":5},{"$f":"I1133/H1119","v":53.172596519716265}]
[{"$nulls":6},"Custo do FIC",null,"-"]
[{"$nulls":6},"Custo do FIT",null,"-"]
["C - MATERIAL",null,"Quantidade","Unidade","Preço Unitário",null,"Custo Unitário"]
["M0030","Aditivo plastificante e retardador de pega para concreto e argamassa",0.84645999999999999,"kg",null,{"$f":"VLOOKUP($A1138,'INSUMOS SICRO'!$B$6:$F$1632,5,0)","v":4.3696000000000002},null,null,{"$f":"ROUND(C1138*F1138,4)","v":3.6987000000000001}]
["M0082","Areia média lavada",0.63334000000000001,"m³",null,{"$f":"VLOOKUP($A1139,'INSUMOS SICRO'!$B$6:$F$1632,5,0)","v":94.676599999999993},null,null,59.962499999999999]
["M0191","Brita 1",0.36753999999999998,"m³",null,{"$f":"VLOOKUP($A1140,'INSUMOS SICRO'!$B$6:$F$1632,5,0)","v":84.147300000000001},null,null,30.927499999999998]
["M0192","Brita 2",0.36753999999999998,"m³",null,{"$f":"VLOOKUP($A1141,'INSUMOS SICRO'!$B$6:$F$1632,5,0)","v":84.147300000000001},null,null,30.927499999999998]
["M0424","Cimento Portland CP II - 32",282.15206999999998,"kg",null,{"$f":"VLOOKUP($A1142,'INSUMOS SICRO'!$B$6:$F$1632,5,0)","v":0.39200000000000002},null,null,110.6036]
[null,null,"Custo unitário total de material",{"$nulls":5},{"$f":"SUM(I1138:I1142)","v":236.1198}]
["D - ATIVIDADES AUXILIARES",null,"Quantidade","Unidade","Custo Unitário",null,"Custo Unitário"]
[null,null,"Custo total de atividades auxiliares"]
[{"$nulls":6},"Subtotal",null,{"$f":"SUM(I1143,I1134)","v":289.29239651971625}]
["E - TEMPO FIXO",null,"Código","Quantidade","Unidade","Custo Unitário",null,"Custo Unitário"]
["M0030","Aditivo plastificante e retardador de pega para concreto e argamassa - Caminhão carroceria 15 t",5914655,8.4999999999999995E-4,"t",null,{"$f":"$I$857","v":20.9895},null,{"$f":"ROUND(D1148*G1148,4)","v":1.78E-2}]
["M0082","Areia média lavada - Caminhão basculante 10 m³",5914647,0.95001000000000002,"t",null,{"$f":"$I$110","v":0.88580000000000003},null,{"$f":"ROUND(D1149*G1149,4)","v":0.84150000000000003}]
["M0191","Brita 1 - Caminhão basculante 10 m³",5914647,0.55130999999999997,"t",null,{"$f":"$I$110","v":0.88580000000000003},null,0.4884]
["M0192","Brita 2 - Caminhão basculante 10 m³",5914647,0.55130999999999997,"t",null,{"$f":"$I$110","v":0.88580000000000003},null,0.4884]
["M0424","Cimento Portland CP II - 32 - Caminhão carroceria 15 t",5914655,0.28215000000000001,"t",null,{"$f":"$I$857","v":20.9895},null,5.9222000000000001]
[null,null,"Custo unitário total de tempo fixo",{"$nulls":5},{"$f":"SUM(I1148:I1152)","v":7.7583000000000002}]
["F - MOMENTO DE TRANSPORTE",null,"Quantidade","Unidade","DMT",null,null,null,"Custo Unitário"]
[{"$nulls":4},"LN","RP","P"]
["M0030","Aditivo plastificante e retardador de pega para concreto e argamassa - Caminhão carroceria 15 t",8.4999999999999995E-4,"tkm",null,null,{"$f":"'QUADRO DE DMT'!$H$28","v":50},null,{"$f":"ROUND((C1156*G1156)*$I$884,4)","v":1.7100000000000001E-2},null,5914479]
["M0082","Areia média lavada - Caminhão basculante 10 m³",0.95001000000000002,"tkm",null,null,{"$f":"'QUADRO DE DMT'!$H$28","v":50},null,{"$f":"ROUND((C1157*G1157)*$I$164,4)","v":19.0002},null,5914389]
["M0191","Brita 1 - Caminhão basculante 10 m³",0.55130999999999997,"tkm",null,null,{"$f":"'QUADRO DE DMT'!$H$28","v":50},null,{"$f":"ROUND((C1158*G1158)*$I$164,4)","v":11.026199999999999},null,5914389]
["M0192","Brita 2 - Caminhão basculante 10 m³",0.55130999999999997,"tkm",null,null,{"$f":"'QUADRO DE DMT'!$H$28","v":50},null,{"$f":"ROUND((C1159*G1159)*$I$164,4)","v":11.026199999999999},null,5914389]
["M0424","Cimento Portland CP II - 32 - Caminhão carroceria 15 t",0.28215000000000001,"tkm",null,null,{"$f":"'QUADRO DE DMT'!$H$28","v":50},null,{"$f":"ROUND((C1160*G1160)*$I$884,4)","v":5.6768999999999998},null,5914479]
[null,null,"Custo unitário total de transporte",{"$nulls":5},{"$f":"SUM(I1156:I1160)","v":46.746600000000001}]
[{"$nulls":4},"Custo unitário direto total",null,null,null,{"$f":"SUM(I1161,I1153,I1146)","v":343.79729651971627}]
["Obs."]
[]
["CGCIT",{"$nulls":7},"DNIT"]
["SISTEMA DE CUSTOS REFERENCIAIS DE OBRAS - SICRO"]
["Custo Unitário de Referência",null,null,"Abril/2020",null,null,"Produção da equipe",1,"kg"]
[2003842,"Enchimento de junta de concreto com argamassa asfáltica de densidade 1.700 kg/m³ - espessura de 1 cm",{"$nulls":5},"Valores em reais (R$)"]
["A - EQUIPAMENTOS",null,"Quantidade","Utilização",null,"Custo Horário",null,null,"Custo"]
[null,null,null,"Operativa","Improdutiva","Produtivo","Improdutivo",null,"Horário Total"]
[{"$nulls":6},"Custo horário total de equipamentos"]
["B - MÃO DE OBRA",null,"Quantidade","Unidade","Custo Horário",null,"Custo Horário Total"]
["P9824","Servente",2,"h",{"$f":"VLOOKUP($A1173,'INSUMOS SICRO'!$B$1637:$G$1746,6,0)","v":16.410499999999999},null,null,null,{"$f":"ROUND(C1173*E1173,4)","v":32.820999999999998}]
[null,null,"Custo horário total de mão de obra",{"$nulls":4},{"$f":"SUM(I1173)","v":32.820999999999998}]
[null,null,"Custo horário total de execução",{"$nulls":5},{"$f":"SUM(H1174)","v":32.820999999999998}]
[null,null,"Custo unitário de execução",{"$nulls":5},{"$f":"I1175/H1167","v":32.820999999999998}]
[{"$nulls":6},"Custo do FIC",null,"-"]
[{"$nulls":6},"Custo do FIT",null,"-"]
["C - MATERIAL",null,"Quantidade","Unidade","Preço Unitário",null,"Custo Unitário"]
["M2158","Argamassa asfáltica",1,"kg",null,{"$f":"VLOOKUP($A1180,'INSUMOS SICRO'!$B$6:$F$1632,5,0)","v":11.390599999999999},null,null,{"$f":"ROUND(C1180*F1180,4)","v":11.390599999999999}]
[null,null,"Custo unitário total de material",{"$nulls":5},{"$f":"SUM(I1180)","v":11.390599999999999}]
["D - ATIVIDADES AUXILIARES",null,"Quantidade","Unidade","Custo Unitário",null,"Custo Unitário"]
[null,null,"Custo total de atividades auxiliares"]
[{"$nulls":6},"Subtotal",null,{"$f":"SUM(I1181,I1176)","v":44.211599999999997}]
["E - TEMPO FIXO",null,"Código","Quantidade","Unidade","Custo Unitário",null,"Custo Unitário"]
["M2158","Argamassa asfáltica - Caminhão carroceria 15 t",5914655,1E-3,"t",null,{"$f":"$I$857","v":20.9895},null,{"$f":"ROUND(D1186*G1186,4)","v":2.1000000000000001E-2}]
[null,null,"Custo unitário total de tempo fixo",{"$nulls":5},{"$f":"SUM(I1186)","v":2.1000000000000001E-2}]
["F - MOMENTO DE TRANSPORTE",null,"Quantidade","Unidade","DMT",null,null,null,"Custo Unitário"]
[{"$nulls":4},"LN","RP","P"]
["M2158","Argamassa asfáltica - Caminhão carroceria 15 t",1E-3,"tkm",null,null,{"$f":"'QUADRO DE DMT'!$H$28","v":50},null,{"$f":"ROUND((C1190*G1190)*$I$884,4)","v":2.01E-2},null,5914479]
[null,null,"Custo unitário total de transporte",{"$nulls":5},{"$f":"SUM(I1190)","v":2.01E-2}]
[{"$nulls":4},"Custo unitário direto total",null,null,null,{"$f":"SUM(I1191,I1187,I1184)","v":44.252699999999997}]
["Obs."]
[]
["CGCIT",{"$nulls":7},"DNIT"]
["SISTEMA DE CUSTOS REFERENCIAIS DE OBRAS - SICRO"]
["Custo Unitário de Referência",null,null,"Abril/2020",null,null,"Produção da equipe",0.4,"m³"]
[4805751,"Escavação manual em material de 1ª categoria na profundidade de 1 a 2 m",{"$nulls":5},"Valores em reais (R$)"]
["A - EQUIPAMENTOS",null,"Quantidade","Utilização",null,"Custo Horário",null,null,"Custo"]
[null,null,null,"Operativa","Improdutiva","Produtivo","Improdutivo",null,"Horário Total"]
[{"$nulls":6},"Custo horário total de equipamentos"]
["B - MÃO DE OBRA",null,"Quantidade","Unidade","Custo Horário",null,"Custo Horário Total"]
["P9824","Servente",1,"h",{"$f":"VLOOKUP($A1203,'INSUMOS SICRO'!$B$1637:$G$1746,6,0)","v":16.410499999999999},null,null,null,{"$f":"ROUND(C1203*E1203,4)","v":16.410499999999999}]
[null,null,"Custo horário total de mão de obra",{"$nulls":4},{"$f":"SUM(I1203)","v":16.410499999999999}]
[null,null,"Custo horário total de execução",{"$nulls":5},{"$f":"SUM(H1204)","v":16.410499999999999}]
[null,null,"Custo unitário de execução",{"$nulls":5},{"$f":"I1205/H1197","v":41.026249999999997}]
[{"$nulls":6},"Custo do FIC",null,"-"]
[{"$nulls":6},"Custo do FIT",null,"-"]
["C - MATERIAL",null,"Quantidade","Unidade","Preço Unitário",null,"Custo Unitário"]
[null,null,"Custo unitário total de material"]
["D - ATIVIDADES AUXILIARES",null,"Quantidade","Unidade","Custo Unitário",null,"Custo Unitário"]
[null,null,"Custo total de atividades auxiliares"]
[{"$nulls":6},"Subtotal",null,{"$f":"SUM(I1206)","v":41.026249999999997}]
["E - TEMPO FIXO",null,"Código","Quantidade","Unidade","Custo Unitário",null,"Custo Unitário"]
[null,null,"Custo unitário total de tempo fixo"]
["F - MOMENTO DE TRANSPORTE",null,"Quantidade","Unidade","DMT",null,null,null,"Custo Unitário"]
[{"$nulls":4},"LN","RP","P"]
[null,null,"Custo unitário total de transporte",{"$nulls":5},"-"]
[{"$nulls":4},"Custo unitário direto total",null,null,null,{"$f":"SUM(I1213)","v":41.026249999999997}]
["Obs."]
[]
["CGCIT",{"$nulls":7},"DNIT"]
["SISTEMA DE CUSTOS REFERENCIAIS DE OBRAS - SICRO"]
["Custo Unitário de Referência",null,null,"Abril/2020",null,null,"Produção da equipe",100,"m"]
[3108022,"Guia de madeira de 2,5 x 8,0 cm - confecção e instalação",{"$nulls":5},"Valores em reais (R$)"]
["A - EQUIPAMENTOS",null,"Quantidade","Utilização",null,"Custo Horário",null,null,"Custo"]
[null,null,null,"Operativa","Improdutiva","Produtivo","Improdutivo",null,"Horário Total"]
[{"$nulls":6},"Custo horário total de equipamentos"]
["B - MÃO DE OBRA",null,"Quantidade","Unidade","Custo Horário",null,"Custo Horário Total"]
["P9801","Ajudante",1,"h",{"$f":"VLOOKUP($A1230,'INSUMOS SICRO'!$B$1637:$G$1746,6,0)","v":18.158100000000001},null,null,null,{"$f":"ROUND(C1230*E1230,4)","v":18.158100000000001}]
["P9808","Carpinteiro",1,"h",{"$f":"VLOOKUP($A1231,'INSUMOS SICRO'!$B$1637:$G$1746,6,0)","v":19.892700000000001},null,null,null,{"$f":"ROUND(C1231*E1231,4)","v":19.892700000000001}]
[null,null,"Custo horário total de mão de obra",{"$nulls":4},{"$f":"SUM(I1230:I1231)","v":38.050800000000002}]
[null,null,"Custo horário total de execução",{"$nulls":5},{"$f":"SUM(H1232)","v":38.050800000000002}]
[null,null,"Custo unitário de execução",{"$nulls":5},{"$f":"I1233/H1224","v":0.38050800000000001}]
[{"$nulls":6},"Custo do FIC",null,"-"]
[{"$nulls":6},"Custo do FIT",null,"-"]
["C - MATERIAL",null,"Quantidade","Unidade","Preço Unitário",null,"Custo Unitário"]
["M1429","Tábua de pinho de terceira - E = 2,5 cm",8.4000000000000005E-2,"m²",null,{"$f":"VLOOKUP($A1238,'INSUMOS SICRO'!$B$6:$F$1632,5,0)","v":33.170400000000001},null,null,{"$f":"ROUND(C1238*F1238,4)","v":2.7863000000000002}]
[null,null,"Custo unitário total de material",{"$nulls":5},{"$f":"SUM(I1238)","v":2.7863000000000002}]
["D - ATIVIDADES AUXILIARES",null,"Quantidade","Unidade","Custo Unitário",null,"Custo Unitário"]
[null,null,"Custo total de atividades auxiliares"]
[{"$nulls":6},"Subtotal",null,{"$f":"SUM(I1239,I1234)","v":3.1668080000000001}]
["E - TEMPO FIXO",null,"Código","Quantidade","Unidade","Custo Unitário",null,"Custo Unitário"]
["M1429","Tábua de pinho de terceira - E = 2,5 cm - Caminhão carroceria 15 t",5914655,2.0999999999999999E-3,"t",null,{"$f":"$I$857","v":20.9895},null,{"$f":"ROUND(D1244*G1244,4)","v":4.41E-2}]
[null,null,"Custo unitário total de tempo fixo",{"$nulls":5},{"$f":"SUM(I1244)","v":4.41E-2}]
["F - MOMENTO DE TRANSPORTE",null,"Quantidade","Unidade","DMT",null,null,null,"Custo Unitário"]
[{"$nulls":4},"LN","RP","P"]
["M1429","Tábua de pinho de terceira - E = 2,5 cm - Caminhão carroceria 15 t",2.0999999999999999E-3,"tkm",null,null,{"$f":"'QUADRO DE DMT'!$H$17","v":50},null,{"$f":"ROUND((C1248*G1248)*$I$884,4)","v":4.2299999999999997E-2},null,5914479]
[null,null,"Custo unitário total de transporte",{"$nulls":5},{"$f":"SUM(I1248)","v":4.2299999999999997E-2}]
[{"$nulls":4},"Custo unitário direto total",null,null,null,{"$f":"SUM(I1249,I1245,I1242)","v":3.2532079999999999}]
["Obs."]
[]
["CGCIT",{"$nulls":7},"DNIT"]
["SISTEMA DE CUSTOS REFERENCIAIS DE OBRAS - SICRO"]
["Custo Unitário de Referência",null,null,"Abril/2020",null,null,"Produção da equipe",1,"m"]
[2003375,"Meio fio de concreto - MFC 04 - areia e brita comerciais - fôrma de madeira",{"$nulls":5},"Valores em reais (R$)"]
["A - EQUIPAMENTOS",null,"Quantidade","Utilização",null,"Custo Horário",null,null,"Custo"]
[null,null,null,"Operativa","Improdutiva","Produtivo","Improdutivo",null,"Horário Total"]
[{"$nulls":6},"Custo horário total de equipamentos"]
["B - MÃO DE OBRA",null,"Quantidade","Unidade","Custo Horário",null,"Custo Horário Total"]
[null,null,"Custo horário total de mão de obra",{"$nulls":4},"-"]
[null,null,"Custo horário total de execução",{"$nulls":5},"-"]
[null,null,"Custo unitário de execução",{"$nulls":5},"-"]
[{"$nulls":6},"Custo do FIC",null,"-"]
[{"$nulls":6},"Custo do FIT",null,"-"]
["C - MATERIAL",null,"Quantidade","Unidade","Preço Unitário",null,"Custo Unitário"]
[null,null,"Custo unitário total de material"]
["D - ATIVIDADES AUXILIARES",null,"Quantidade","Unidade","Custo Unitário",null,"Custo Unitário"]
[1107892,"Concreto fck = 20 MPa - confecção em betoneira e lançamento manual - areia e brita comerciais",3.09E-2,"m³",null,{"$f":"$I$1162","v":343.79729651971627},null,null,{"$f":"ROUND(C1269*F1269,4)","v":10.6233}]
[2003842,"Enchimento de junta de concreto com argamassa asfáltica de densidade 1.700 kg/m³ - espessura de 1 cm",4.3799999999999999E-2,"kg",null,{"$f":"$I$1192","v":44.252699999999997},null,null,{"$f":"ROUND(C1270*F1270,4)","v":1.9382999999999999}]
[4805751,"Escavação manual em material de 1ª categoria na profundidade de 1 a 2 m",0.03,"m³",null,{"$f":"$I$1219","v":41.026249999999997},null,null,1.2307999999999999]
[3103302,"Formas de tábuas de pinho para dispositivos de drenagem - utilização de 3 vezes - confecção, instalação e retirada",2.06E-2,"m²",null,{"$f":"I1322","v":57.744399999999999},null,null,1.1895]
[null,null,"Custo total de atividades auxiliares",{"$nulls":5},{"$f":"SUM(I1269:I1272)","v":14.981900000000001}]
[{"$nulls":6},"Subtotal",null,{"$f":"SUM(I1273)","v":14.981900000000001}]
["E - TEMPO FIXO",null,"Código","Quantidade","Unidade","Custo Unitário",null,"Custo Unitário"]
[null,null,"Custo unitário total de tempo fixo"]
["F - MOMENTO DE TRANSPORTE",null,"Quantidade","Unidade","DMT",null,null,null,"Custo Unitário"]
[{"$nulls":4},"LN","RP","P"]
[null,null,"Custo unitário total de transporte",{"$nulls":5},"-"]
[{"$nulls":4},"Custo unitário direto total",null,null,null,{"$f":"SUM(I1274)","v":14.981900000000001}]
[{"$nulls":5},"BDI",{"$f":"'Médio Porte - BDI'!D24","v":0.23742563547863726},null,{"$f":"ROUND(I1280*G1281,4)","v":3.5571000000000002}]
[{"$nulls":6},"Preço Unitário:",null,{"$f":"ROUND(SUM(I1280,I1281),2)","v":18.54}]
["Obs."]
[]
["CGCIT",{"$nulls":7},"DNIT"]
["SISTEMA DE CUSTOS REFERENCIAIS DE OBRAS - SICRO"]
["Custo Unitário de Referência",null,null,"Abril/2020",null,null,"Produção da equipe",1,"m²"]
[3103302,"Formas de tábuas de pinho para dispositivos de drenagem - utilização de 3 vezes - confecção, instalação e retirada",{"$nulls":5},"Valores em reais (R$)"]
["A - EQUIPAMENTOS",null,"Quantidade","Utilização",null,"Custo Horário",null,null,"Custo"]
[null,null,null,"Operativa","Improdutiva","Produtivo","Improdutivo",null,"Horário Total"]
["E9066","Grupo gerador - 13/14 kVA",0.13855000000000001,1,0,{"$f":"VLOOKUP($A1291,'INSUMOS SICRO'!$B$1771:$I$2257,8,0)","v":8.7280999999999995},{"$f":"VLOOKUP($A1291,'INSUMOS SICRO'!$B$1771:$I$2257,7,0)","v":1.3898999999999999},null,{"$f":"ROUND((C1291*(D1291*F1291))+(C1291*(E1291*G1291)),4)","v":1.2093}]
["E9535","Serra circular com bancada - D = 30 cm - 4 kW",0.13855000000000001,1,0,{"$f":"VLOOKUP($A1292,'INSUMOS SICRO'!$B$1771:$I$2257,8,0)","v":19.290099999999999},{"$f":"VLOOKUP($A1292,'INSUMOS SICRO'!$B$1771:$I$2257,7,0)","v":19.0671},null,2.6726000000000001]
[{"$nulls":6},"Custo horário total de equipamentos",null,{"$f":"SUM(I1291:I1292)","v":3.8818999999999999}]
["B - MÃO DE OBRA",null,"Quantidade","Unidade","Custo Horário",null,"Custo Horário Total"]
["P9801","Ajudante",0.9,"h",{"$f":"VLOOKUP($A1295,'INSUMOS SICRO'!$B$1637:$G$1746,6,0)","v":18.158100000000001},null,null,null,{"$f":"ROUND(C1295*E1295,4)","v":16.342300000000002}]
["P9808","Carpinteiro",0.9,"h",{"$f":"VLOOKUP($A1296,'INSUMOS SICRO'!$B$1637:$G$1746,6,0)","v":19.892700000000001},null,null,null,{"$f":"ROUND(C1296*E1296,4)","v":17.903400000000001}]
[null,null,"Custo horário total de mão de obra",{"$nulls":4},{"$f":"SUM(I1295:I1296)","v":34.245699999999999}]
[null,null,"Custo horário total de execução",{"$nulls":5},{"$f":"SUM(H1297,I1293)","v":38.127600000000001}]
[null,null,"Custo unitário de execução",{"$nulls":5},{"$f":"I1298/H1287","v":38.127600000000001}]
[{"$nulls":6},"Custo do FIC",null,"-"]
[{"$nulls":6},"Custo do FIT",null,"-"]
["C - MATERIAL",null,"Quantidade","Unidade","Preço Unitário",null,"Custo Unitário"]
["M0560","Desmoldante para formas",1.8519999999999998E-2,"l",null,{"$f":"VLOOKUP($A1303,'INSUMOS SICRO'!$B$6:$F$1632,5,0)","v":7.4259000000000004},null,null,{"$f":"ROUND(C1303*F1303,4)","v":0.13750000000000001}]
["M1205","Prego de ferro",0.11674,"kg",null,{"$f":"VLOOKUP($A1304,'INSUMOS SICRO'!$B$6:$F$1632,5,0)","v":7.5426000000000002},null,null,0.88049999999999995]
["M0290","Tábua de 2,5 x 10 cm",1.2329600000000001,"m",null,{"$f":"VLOOKUP($A1305,'INSUMOS SICRO'!$B$6:$F$1632,5,0)","v":3.7654000000000001},null,null,4.6425999999999998]
["M1429","Tábua de pinho de terceira - E = 2,5 cm",0.40425,"m²",null,{"$f":"VLOOKUP($A1306,'INSUMOS SICRO'!$B$6:$F$1632,5,0)","v":33.170400000000001},null,null,13.4091]
[null,null,"Custo unitário total de material",{"$nulls":5},{"$f":"SUM(I1303:I1306)","v":19.069700000000001}]
["D - ATIVIDADES AUXILIARES",null,"Quantidade","Unidade","Custo Unitário",null,"Custo Unitário"]
[null,null,"Custo total de atividades auxiliares"]
[{"$nulls":6},"Subtotal",null,{"$f":"SUM(I1307,I1299)","v":57.197299999999998}]
["E - TEMPO FIXO",null,"Código","Quantidade","Unidade","Custo Unitário",null,"Custo Unitário"]
["M1205","Prego de ferro - Caminhão carroceria 15 t",5914655,1.2E-4,"t",null,{"$f":"$I$857","v":20.9895},null,{"$f":"ROUND(D1312*G1312,4)","v":2.5000000000000001E-3}]
["M0290","Tábua de 2,5 x 10 cm - Caminhão carroceria 15 t",5914655,3.0799999999999998E-3,"t",null,{"$f":"$I$857","v":20.9895},null,{"$f":"ROUND(D1313*G1313,4)","v":6.4600000000000005E-2}]
["M1429","Tábua de pinho de terceira - E = 2,5 cm - Caminhão carroceria 15 t",5914655,1.0109999999999999E-2,"t",null,20.9895,null,0.2122]
[null,null,"Custo unitário total de tempo fixo",{"$nulls":5},{"$f":"SUM(I1312:I1314)","v":0.27929999999999999}]
["F - MOMENTO DE TRANSPORTE",null,"Quantidade","Unidade","DMT",null,null,null,"Custo Unitário"]
[{"$nulls":4},"LN","RP","P"]
["M1205","Prego de ferro - Caminhão carroceria 15 t",1.2E-4,"tkm",null,null,{"$f":"'QUADRO DE DMT'!$H$22","v":50},null,{"$f":"ROUND((C1318*G1318)*$I$884,4)","v":2.3999999999999998E-3},null,5914479]
["M0290","Tábua de 2,5 x 10 cm - Caminhão carroceria 15 t",3.0799999999999998E-3,"tkm",null,null,{"$f":"'QUADRO DE DMT'!$H$17","v":50},null,{"$f":"ROUND((C1319*G1319)*$I$884,4)","v":6.2E-2},null,5914479]
["M1429","Tábua de pinho de terceira - E = 2,5 cm - Caminhão carroceria 15 t",1.0109999999999999E-2,"tkm",null,null,{"$f":"'QUADRO DE DMT'!$H$17","v":50},null,0.2034,null,5914479]
[null,null,"Custo unitário total de transporte",{"$nulls":5},{"$f":"SUM(I1318:I1320)","v":0.26779999999999998}]
[{"$nulls":4},"Custo unitário direto total",null,null,null,{"$f":"SUM(I1321,I1315,I1310)","v":57.744399999999999}]
["Obs."]
[]
["CGCIT",{"$nulls":7},"DNIT"]
["SISTEMA DE CUSTOS REFERENCIAIS DE OBRAS - SICRO"]
["Custo Unitário de Referência",null,null,"Abril/2020",null,null,"Produção da equipe",1,"kg"]
["0407820","Armação em aço CA-60 - fornecimento, preparo e colocação",{"$nulls":5},"Valores em reais (R$)"]
["A - EQUIPAMENTOS",null,"Quantidade","Utilização",null,"Custo Horário",null,null,"Custo"]
[null,null,null,"Operativa","Improdutiva","Produtivo","Improdutivo",null,"Horário Total"]
[{"$nulls":6},"Custo horário total de equipamentos"]
["B - MÃO DE OBRA",null,"Quantidade","Unidade","Custo Horário",null,"Custo Horário Total"]
["P9801","Ajudante",0.08,"h",{"$f":"VLOOKUP($A1333,'INSUMOS SICRO'!$B$1637:$G$1746,6,0)","v":18.158100000000001},null,null,null,{"$f":"ROUND(C1333*E1333,4)","v":1.4525999999999999}]
["P9805","Armador",0.08,"h",{"$f":"VLOOKUP($A1334,'INSUMOS SICRO'!$B$1637:$G$1746,6,0)","v":22.581399999999999},null,null,null,{"$f":"ROUND(C1334*E1334,4)","v":1.8065}]
[null,null,"Custo horário total de mão de obra",{"$nulls":4},{"$f":"SUM(I1333:I1334)","v":3.2591000000000001}]
[null,null,"Custo horário total de execução",{"$nulls":5},{"$f":"SUM(H1335)","v":3.2591000000000001}]
[null,null,"Custo unitário de execução",{"$nulls":5},{"$f":"I1336/H1327","v":3.2591000000000001}]
[{"$nulls":6},"Custo do FIC",null,"-"]
[{"$nulls":6},"Custo do FIT",null,"-"]
["C - MATERIAL",null,"Quantidade","Unidade","Preço Unitário",null,"Custo Unitário"]
["M0014","Aço CA 60",1.1000000000000001,"kg",null,{"$f":"VLOOKUP($A1341,'INSUMOS SICRO'!$B$6:$F$1632,5,0)","v":4.1435000000000004},null,null,{"$f":"ROUND(C1341*F1341,4)","v":4.5579000000000001}]
["M0075","Arame recozido 18 BWG",1.4999999999999999E-2,"kg",null,{"$f":"VLOOKUP($A1342,'INSUMOS SICRO'!$B$6:$F$1632,5,0)","v":7.2149000000000001},null,null,0.1082]
[null,null,"Custo unitário total de material",{"$nulls":5},{"$f":"SUM(I1341:I1342)","v":4.6661000000000001}]
["D - ATIVIDADES AUXILIARES",null,"Quantidade","Unidade","Custo Unitário",null,"Custo Unitário"]
[null,null,"Custo total de atividades auxiliares"]
[{"$nulls":6},"Subtotal",null,{"$f":"SUM(I1343,I1337)","v":7.9252000000000002}]
["E - TEMPO FIXO",null,"Código","Quantidade","Unidade","Custo Unitário",null,"Custo Unitário"]
["M0014","Aço CA 60 - Caminhão carroceria 15 t",5914655,1.1000000000000001E-3,"t",null,{"$f":"$I$857","v":20.9895},null,{"$f":"ROUND(D1348*G1348,4)","v":2.3099999999999999E-2}]
["M0075","Arame recozido 18 BWG - Caminhão carroceria 15 t",5914655,2.0000000000000002E-5,"t",null,{"$f":"$I$857","v":20.9895},null,{"$f":"ROUND(D1349*G1349,4)","v":4.0000000000000002E-4}]
[null,null,"Custo unitário total de tempo fixo",{"$nulls":5},{"$f":"SUM(I1348:I1349)","v":2.35E-2}]
["F - MOMENTO DE TRANSPORTE",null,"Quantidade","Unidade","DMT",null,null,null,"Custo Unitário"]
[{"$nulls":4},"LN","RP","P"]
["M0014","Aço CA 60 - Caminhão carroceria 15 t",1.1000000000000001E-3,"tkm",null,null,{"$f":"'QUADRO DE DMT'!$H$15","v":50},null,{"$f":"ROUND((C1353*G1353)*$I$884,4)","v":2.2100000000000002E-2},null,5914479]
["M0075","Arame recozido 18 BWG - Caminhão carroceria 15 t",2.0000000000000002E-5,"tkm",null,null,{"$f":"'QUADRO DE DMT'!$H$15","v":50},null,{"$f":"ROUND((C1354*G1354)*$I$884,4)","v":4.0000000000000002E-4},null,5914479]
[null,null,"Custo unitário total de transporte",{"$nulls":5},{"$f":"SUM(I1353:I1354)","v":2.2500000000000003E-2}]
[{"$nulls":4},"Custo unitário direto total",null,null,null,{"$f":"SUM(I1355,I1350,I1346)","v":7.9712000000000005}]
[{"$nulls":5},"BDI",{"$f":"'Médio Porte - BDI'!D24","v":0.23742563547863726},null,{"$f":"ROUND(I1356*G1357,4)","v":1.8926000000000001}]
[{"$nulls":6},"Preço Unitário:",null,{"$f":"ROUND(SUM(I1356,I1357),2)","v":9.86}]
["Obs."]
[]
["CGCIT",{"$nulls":7},"DNIT"]
["SISTEMA DE CUSTOS REFERENCIAIS DE OBRAS - SICRO"]
["Custo Unitário de Referência",null,null,"Abril/2020",null,null,"Produção da equipe",1,"m³"]
[1506055,"Pedra argamassada com cimento e areia 1:3 - areia e pedra de mão comercial - fornecimento e assentamento",{"$nulls":5},"Valores em reais (R$)"]
["A - EQUIPAMENTOS",null,"Quantidade","Utilização",null,"Custo Horário",null,null,"Custo"]
[null,null,null,"Operativa","Improdutiva","Produtivo","Improdutivo",null,"Horário Total"]
[{"$nulls":6},"Custo horário total de equipamentos"]
["B - MÃO DE OBRA",null,"Quantidade","Unidade","Custo Horário",null,"Custo Horário Total"]
["P9821","Pedreiro",1,"h",{"$f":"VLOOKUP($A1369,'INSUMOS SICRO'!$B$1637:$G$1746,6,0)","v":19.837199999999999},null,null,null,{"$f":"ROUND(C1369*E1369,4)","v":19.837199999999999}]
["P9824","Servente",4,"h",{"$f":"VLOOKUP($A1370,'INSUMOS SICRO'!$B$1637:$G$1746,6,0)","v":16.410499999999999},null,null,null,{"$f":"ROUND(C1370*E1370,4)","v":65.641999999999996}]
[null,null,"Custo horário total de mão de obra",{"$nulls":4},{"$f":"SUM(I1369:I1370)","v":85.479199999999992}]
[null,null,"Custo horário total de execução",{"$nulls":5},{"$f":"SUM(H1371)","v":85.479199999999992}]
[null,null,"Custo unitário de execução",{"$nulls":5},{"$f":"I1372/H1363","v":85.479199999999992}]
[{"$nulls":6},"Custo do FIC",null,"-"]
[{"$nulls":6},"Custo do FIT",null,"-"]
["C - MATERIAL",null,"Quantidade","Unidade","Preço Unitário",null,"Custo Unitário"]
["M1097","Pedra de mão",0.8,"m³",null,{"$f":"VLOOKUP($A1377,'INSUMOS SICRO'!$B$6:$F$1632,5,0)","v":59.147300000000001},null,null,{"$f":"ROUND(C1377*F1377,4)","v":47.317799999999998}]
[null,null,"Custo unitário total de material",{"$nulls":5},{"$f":"SUM(I1377)","v":47.317799999999998}]
["D - ATIVIDADES AUXILIARES",null,"Quantidade","Unidade","Custo Unitário",null,"Custo Unitário"]
[1109669,"Argamassa de cimento e areia 1:3 - confecção em betoneira e lançamento manual - areia comercial",0.32,"m³",null,{"$f":"$I$1429","v":369.62081011292929},null,null,{"$f":"ROUND(C1380*F1380,4)","v":118.2787}]
[null,null,"Custo total de atividades auxiliares",{"$nulls":5},{"$f":"SUM(I1380)","v":118.2787}]
[{"$nulls":6},"Subtotal",null,{"$f":"SUM(I1381,I1378,I1373)","v":251.07569999999998}]
["E - TEMPO FIXO",null,"Código","Quantidade","Unidade","Custo Unitário",null,"Custo Unitário"]
["M1097","Pedra de mão - Caminhão basculante 10 m³",5914647,1.2,"t",null,{"$f":"$I$110","v":0.88580000000000003},null,{"$f":"ROUND(D1384*G1384,4)","v":1.0629999999999999}]
[null,null,"Custo unitário total de tempo fixo",{"$nulls":5},{"$f":"SUM(I1384)","v":1.0629999999999999}]
["F - MOMENTO DE TRANSPORTE",null,"Quantidade","Unidade","DMT",null,null,null,"Custo Unitário"]
[{"$nulls":4},"LN","RP","P"]
["M1097","Pedra de mão - Caminhão basculante 10 m³",1.2,"tkm",null,null,{"$f":"'QUADRO DE DMT'!H20","v":50},null,{"$f":"ROUND((C1388*G1388)*I164,4)","v":24},null,5914389]
[null,null,"Custo unitário total de transporte",{"$nulls":5},{"$f":"SUM(I1388)","v":24}]
[{"$nulls":4},"Custo unitário direto total",null,null,null,{"$f":"SUM(I1389,I1385,I1382)","v":276.13869999999997}]
[{"$nulls":5},"BDI",{"$f":"'Médio Porte - BDI'!D24","v":0.23742563547863726},null,{"$f":"ROUND(I1390*G1391,4)","v":65.562399999999997}]
[{"$nulls":6},"Preço Unitário:",null,{"$f":"ROUND(SUM(I1390,I1391),2)","v":341.7}]
["Obs."]
[]
["CGCIT",{"$nulls":7},"DNIT"]
["SISTEMA DE CUSTOS REFERENCIAIS DE OBRAS - SICRO"]
["Custo Unitário de Referência",null,null,"Abril/2020",null,null,"Produção da equipe",4.2203400000000002,"m³"]
[1109669,"Argamassa de cimento e areia 1:3 - confecção em betoneira e lançamento manual - areia comercial",{"$nulls":5},"Valores em reais (R$)"]
["A - EQUIPAMENTOS",null,"Quantidade","Utilização",null,"Custo Horário",null,null,"Custo"]
[null,null,null,"Operativa","Improdutiva","Produtivo","Improdutivo",null,"Horário Total"]
["E9519","Betoneira com motor a gasolina com capacidade de 600 l - 10 kW",1,1,0,{"$f":"VLOOKUP($A1401,'INSUMOS SICRO'!$B$1771:$I$2257,8,0)","v":34.372399999999999},{"$f":"VLOOKUP($A1401,'INSUMOS SICRO'!$B$1771:$I$2257,7,0)","v":20.055399999999999},null,{"$f":"ROUND((C1401*(D1401*F1401))+(C1401*(E1401*G1401)),4)","v":34.372399999999999}]
["E9071","Transportador manual carrinho de mão com capacidade de 80 l",3,0.95,5.0000000000000044E-2,{"$f":"VLOOKUP($A1402,'INSUMOS SICRO'!$B$1771:$I$2257,8,0)","v":0.34429999999999999},{"$f":"VLOOKUP($A1402,'INSUMOS SICRO'!$B$1771:$I$2257,7,0)","v":0.23069999999999999},null,1.0159]
["E9064","Transportador manual gerica com capacidade de 180 l",3,0.38,0.62,{"$f":"VLOOKUP($A1403,'INSUMOS SICRO'!$B$1771:$I$2257,8,0)","v":0.8931},{"$f":"VLOOKUP($A1403,'INSUMOS SICRO'!$B$1771:$I$2257,7,0)","v":0.59850000000000003},null,2.1313]
[{"$nulls":6},"Custo horário total de equipamentos",null,{"$f":"SUM(I1401:I1403)","v":37.519600000000004}]
["B - MÃO DE OBRA",null,"Quantidade","Unidade","Custo Horário",null,"Custo Horário Total"]
["P9821","Pedreiro",1,"h",{"$f":"VLOOKUP($A1406,'INSUMOS SICRO'!$B$1637:$G$1746,6,0)","v":19.837199999999999},null,null,null,{"$f":"ROUND(C1406*E1406,4)","v":19.837199999999999}]
["P9824","Servente",8,"h",{"$f":"VLOOKUP($A1407,'INSUMOS SICRO'!$B$1637:$G$1746,6,0)","v":16.410499999999999},null,null,null,{"$f":"ROUND(C1407*E1407,4)","v":131.28399999999999}]
[null,null,"Custo horário total de mão de obra",{"$nulls":4},{"$f":"SUM(I1406:I1407)","v":151.12119999999999}]
[null,null,"Custo horário total de execução",{"$nulls":5},{"$f":"SUM(H1408,I1404)","v":188.64079999999998}]
[null,null,"Custo unitário de execução",{"$nulls":5},{"$f":"I1409/H1397","v":44.698010112929282}]
[{"$nulls":6},"Custo do FIC",null,"-"]
[{"$nulls":6},"Custo do FIT",null,"-"]
["C - MATERIAL",null,"Quantidade","Unidade","Preço Unitário",null,"Custo Unitário"]
["M0082","Areia média lavada",1.0043500000000001,"m³",null,{"$f":"VLOOKUP($A1414,'INSUMOS SICRO'!$B$6:$F$1632,5,0)","v":94.676599999999993},null,null,{"$f":"ROUND(C1414*F1414,4)","v":95.088399999999993}]
["M0424","Cimento Portland CP II - 32",458.01186999999999,"kg",null,{"$f":"VLOOKUP($A1415,'INSUMOS SICRO'!$B$6:$F$1632,5,0)","v":0.39200000000000002},null,null,179.54069999999999]
[null,null,"Custo unitário total de material",{"$nulls":5},{"$f":"SUM(I1414:I1415)","v":274.62909999999999}]
["D - ATIVIDADES AUXILIARES",null,"Quantidade","Unidade","Custo Unitário",null,"Custo Unitário"]
[null,null,"Custo total de atividades auxiliares"]
[{"$nulls":6},"Subtotal",null,{"$f":"SUM(I1416,I1410)","v":319.32711011292929}]
["E - TEMPO FIXO",null,"Código","Quantidade","Unidade","Custo Unitário",null,"Custo Unitário"]
["M0082","Areia média lavada - Caminhão basculante 10 m³",5914647,1.5065299999999999,"t",null,{"$f":"$I$110","v":0.88580000000000003},null,{"$f":"ROUND(D1421*G1421,4)","v":1.3345}]
["M0424","Cimento Portland CP II - 32 - Caminhão carroceria 15 t",5914655,0.45800999999999997,"t",null,{"$f":"$I$857","v":20.9895},null,{"$f":"ROUND(D1422*G1422,4)","v":9.6134000000000004}]
[null,null,"Custo unitário total de tempo fixo",{"$nulls":5},{"$f":"SUM(I1421:I1422)","v":10.947900000000001}]
["F - MOMENTO DE TRANSPORTE",null,"Quantidade","Unidade","DMT",null,null,null,"Custo Unitário"]
[{"$nulls":4},"LN","RP","P"]
["M0082","Areia média lavada - Caminhão basculante 10 m³",1.5065299999999999,"tkm",null,null,{"$f":"'QUADRO DE DMT'!$H$18","v":50},null,{"$f":"ROUND((C1426*G1426)*I164,4)","v":30.130600000000001},null,5914389]
["M0424","Cimento Portland CP II - 32 - Caminhão carroceria 15 t",0.45800999999999997,"tkm",null,null,{"$f":"'QUADRO DE DMT'!$H$12","v":50},null,{"$f":"ROUND((C1427*G1427)*I884,4)","v":9.2151999999999994},null,5914479]
[null,null,"Custo unitário total de transporte",{"$nulls":5},{"$f":"SUM(I1426:I1427)","v":39.345799999999997}]
[{"$nulls":4},"Custo unitário direto total",null,null,null,{"$f":"SUM(I1428,I1423,I1419)","v":369.62081011292929}]
["Obs."]

{"sheet":"QUADRO DE CONSUMO DE MAT. BET.","index":4,"n_rows":24,"n_cols":16,"rows_kept":24,"cut":false,"hidden":false,"merged":[[24,1,24,15],[12,1,12,15],[14,1,14,15],[16,1,16,15],[18,1,18,15],[20,1,20,15],[22,1,22,15],[10,1,10,15],[0,1,5,15],[6,1,7,15],[8,1,8,2],[8,3,8,11],[8,12,8,15]]}
{"$rows_empty":8}
[null,"TRECHO",null,"QUANTIDADES",{"$nulls":8},"MAT. BETUMINOSO"]
[null,"Inicio           (km)","Fim              (km)","Extensão     (m)","Largura       (m)","Espess.       (m)","Área            (m2)","Volume              (m3)","Densidade (t/m3)","Massa            (t)","Unid","Quant.","Tipo","Consumo Taxa de Aplicação","Unid. ","Quant."]
[null,"REGULARIZAÇÃO DE SUBLEITO"]
[{"$nulls":5},1,null,{"$f":"G12*F12","v":0}]
[null,"SUB-BASE DE BRITA CORRIDA"]
[{"$nulls":5},0.25,{"$f":"G12","v":0},{"$f":"G14*F14","v":0}]
[null,"BASE DE BRITA GRADUADA"]
[{"$nulls":5},0.15,{"$f":"G12","v":0},{"$f":"G16*F16","v":0}]
[null,"IMPRIMAÇÃO"]
[{"$nulls":5},1,{"$f":"'modulo de 2 km'!I21","v":210000},{"$f":"G18*F18","v":210000},{"$nulls":4},"CM-30","1,6 l/m2","t",{"$f":"ROUND((G18*1.6)/1000,2)","v":336}]
[null,"PINTURA DE LIGAÇÃO"]
[{"$nulls":5},1,{"$f":"'modulo de 2 km'!I22","v":210000},{"$f":"G20*F20","v":210000},{"$nulls":4},"RR-1C","0,4 l/m2","t",{"$f":"ROUND((G20*0.4)/1000,2)","v":84}]
[null,"CBUQ FAIXA \"C\""]
[{"$nulls":7},{"$f":"G22*F22","v":0},null,{"$f":"'modulo de 2 km'!I20","v":17823.75},null,null,"CAP-50/70","55 t/m3","t",{"$f":"ROUND((J22*55)/1000,2)","v":980.31}]
[null,"FRESAGEM CONTINUA"]
[{"$nulls":7},{"$f":"G24*F24","v":0}]

{"sheet":"Grupo II - Projeto Executivo","index":5,"n_rows":64,"n_cols":12,"rows_kept":64,"cut":false,"hidden":false,"merged":[[63,1,63,7],[3,0,4,8],[39,1,39,6],[38,1,38,6],[37,1,37,6],[56,3,56,4],[57,3,57,4],[58,3,58,4],[59,1,59,6],[60,1,60,6],[61,1,61,6],[49,3,49,4],[50,3,50,4],[51,3,51,4],[52,3,52,4],[53,3,53,4],[54,3,54,4],[43,3,43,4],[44,3,44,4],[45,3,45,4],[46,3,46,4],[47,3,47,4],[48,3,48,4],[33,1,33,6],[35,1,35,6],[36,1,36,6],[28,3,28,4],[29,3,29,4],[30,1,30,6],[31,1,31,6],[32,1,32,6],[27,3,27,4],[16,3,16,4],[18,3,18,4],[19,3,19,4],[20,3,20,4],[21,1,21,6],[22,1,22,6],[23,1,23,6],[25,3,25,4],[26,3,26,4],[17,3,17,4],[15,3,15,4],[5,0,5,8],[7,0,7,5],[8,0,8,8],[11,3,11,4],[14,3,14,4]]}
[]
[]
[]
[{"$f":"'modulo de 2 km'!A1","v":"EXECUÇÃO DE SERVIÇOS DE PAVIMENTAÇÃO COM APLICAÇÃO DE CONCRETO ASFÁLTICO USINADO A QUENTE (CAUQ), EM VIAS URBANAS E RURAIS DE MUNICÍPIOS DIVERSOS INSERIDOS NA ÁREA DE ATUAÇÃO DA CODEVASF, NO ESTADO DE RIO GRANDE DO NORTE"}]
[]
["COMPOSIÇÃO DA ELABORAÇÃO DO PROJETO EXECUTIVO"]
[]
["SISTEMA DE REGISTRO DE PREÇO CODEVASF"]
["OBRA: PAVIMENTAÇÃO ASFÁLTICA DE VIAS RURAIS EM MUNICÍPIOS NO ÂMBITO DA ÁREA DE ATUAÇÃO DA CODEVASF, NO ESTADO DO TOCANTINS ",{"$nulls":8},"LEIS SOCIAIS:",{"$f":"CPU_CBUQ!H7","v":0.71439999999999992},"%"]
[{"$nulls":9},"BDI:",0.2374,"%"]
[{"$nulls":9},"MÉDIA DE DIAS TRABALHADOS NO MÊS:",8,"dias"]
["Item","Descrição dos serviços","Unid.","Quant.",null,"SINAPI (OUT/2020)","R$UNIT","R$PARCIAL","R$TOTAL","PRODUTIVIDADE DIÁRIA:",3.97,"km"]
["1.0","PROJETO EXECUTIVO",{"$nulls":6},{"$f":"H40","v":7035.7895804}]
["1.1","MÃO DE OBRA"]
["A","CAMPO"]
[null,"ENGENHEIRO","h",8,null,34780,{"$f":"VLOOKUP(F16,'INSUMOS SINAPI'!A:E,5,0)","v":"98,84"},{"$f":"ROUND(G16*D16,2)","v":790.72}]
[null,"TOPÓGRAFO","h",16,null,7592,{"$f":"VLOOKUP(F17,'INSUMOS SINAPI'!A:E,5,0)","v":"31,88"},510.08]
[null,"AUXILIAR DE TOPÓGRAFO","h",16,null,88253,14.06,{"$f":"ROUND(G18*D18,2)","v":224.96}]
["B","GABINETE"]
[null,"ENGENHEIRO","h",8,null,34780,{"$f":"VLOOKUP(F20,'INSUMOS SINAPI'!A:E,5,0)","v":"98,84"},790.72]
[null,"CADISTA/CALCULISTA","h",20,null,2359,{"$f":"VLOOKUP(F21,'INSUMOS SINAPI'!A:E,5,0)","v":"32,40"},648]
[null," ",{"$nulls":5},{"$f":"SUM(H16:H21)","v":2964.48}]
[null,{"$f":"CONCATENATE(\"SUBTOTAL DA MÃO DE OBRA COM LEIS SOCIAIS (\",K9,\"%):\")","v":"SUBTOTAL DA MÃO DE OBRA COM LEIS SOCIAIS (0,7144%):"},{"$nulls":5},{"$f":"ROUND(K9*(H22),2)","v":2117.8200000000002}]
[null,"CUSTO HORÁRIO TOTAL DA MÃO DE OBRA:",{"$nulls":5},{"$f":"SUM(H22:H23)","v":5082.3}]
[]
["1.2","LOCOMOÇÃO - EQUIPE DE CAMPO","Unid.","Quant.",null,null,"R$UNIT","R$PARCIAL"]
[null,"CAMINHONETE ","h",8,null,92144,{"$f":"VLOOKUP(F27,'COMP Sint. Sinapi'!A7:E6679,5,0)","v":30.1},{"$f":"ROUND(G27*D27,2)","v":240.8}]
[null,"COMBUSTIVEL - DIESEL","l",2,null,4221,{"$f":"VLOOKUP(F28,'INSUMOS SINAPI'!A:E,5,0)","v":"3,38"},{"$f":"G28*D28","v":6.76}]
["1.3","EQUIPAMENTOS"]
[null,"ESTAÇÃO TOTAL CLASSE 2","h",16,null,7247,{"$f":"VLOOKUP(F30,'INSUMOS SINAPI'!A:E,5,0)","v":"2,14"},{"$f":"G30*D30","v":34.24}]
[null,"SUBTOTAL DOS MATERIAIS:",{"$nulls":5},{"$f":"SUM(H27:H30)","v":281.8}]
[null,"CUSTO TOTAL DA MÃO DE OBRA + EQUIPAMENTOS:",{"$nulls":5},{"$f":"H24+H31","v":5364.1}]
[null,"DESPESAS GERAIS E MATERIAIS DE CONSUMO (6,00%)",{"$nulls":5},{"$f":"H32*0.06","v":321.846}]
[null,"CUSTO TOTAL DA MÃO DE OBRA + EQUIPAMENTOS + DESPESAS GERAIS:",{"$nulls":5},{"$f":"H33+H32","v":5685.9459999999999}]
[]
[null,"SUBTOTAL MENSAL:",{"$nulls":5},{"$f":"SUM(H34)","v":5685.9459999999999}]
[null,{"$f":"CONCATENATE(\"SUBTOTAL (DIA-CONSIDERANDO \",K11,\" DIAS TRABALHADOS):\")","v":"SUBTOTAL (DIA-CONSIDERANDO 8 DIAS TRABALHADOS):"}]
[null,{"$f":"CONCATENATE(\"SUBTOTAL LEV. PLANIALTIMÉTRICO (CONSIDERANDO UMA PRODUTIVIDADE DE  \",K12,\" km/DIA)\"&\"):\")","v":"SUBTOTAL LEV. PLANIALTIMÉTRICO (CONSIDERANDO UMA PRODUTIVIDADE DE  3,97 km/DIA)):"},{"$nulls":5},{"$f":"ROUND(((3970)/K12/1000)*H36,3)","v":5685.9459999999999}]
[null,{"$f":"CONCATENATE(\"CUSTO COM BDI (\",K10,\"%):\")","v":"CUSTO COM BDI (0,2374%):"},{"$nulls":5},{"$f":"H38*K10","v":1349.8435804000001}]
[null,"CUSTO TOTAL DO LEVANTAMENTO PLANIALTIMÉTRICO:",{"$nulls":5},{"$f":"H38+H39","v":7035.7895804}]
[]
["2.0","ELABORAÇÃO DO ORÇAMENTO, COMPOSIÇÕES UNITÁRIAS DE CUSTO, MEMORIAIS E ESPECIFICAÇÕES",{"$nulls":6},{"$f":"H62","v":4071.7999999999997}]
["2.1","EXPRESSO PELA RELAÇÃO: R =  Σ(Qi x P) + DD (1+ A) + CO"]
["2.2","QUANTIDADE DE DOCUMENTOS DE CADA TIPO (Qi)","un",1,null,null,{"$f":"G45","v":2999.9799999999996},{"$f":"ROUND(G44*D44,2)","v":2999.98}]
["2.3","PREÇO UNITÁRIO DE CADA TIPO DE DOCUMENTO","un",1,null,null,{"$f":"G47+G55","v":2999.9799999999996}]
[null,"         P = CD (1 + ES) (1 + DI) (1 + L) (1 + EF) (1 + I)"]
["A","CUSTO DIRETO DE SALÁRIOS (CD)",null,1,null,null,{"$f":"ROUND((D49/D50)*D53,2)","v":1749.87}]
[null,"        CD = [(Sm / Nh) x ht]"]
[null,"        SALÁRIO BRUTO MENSAL (Sm)","mês",{"$f":"SUM(G20+G21)*40","v":5249.6}]
[null,"        NÚMERO MÉDIO DE HORAS ÚTEIS POR MÊS (Nh=Nd x J)","h",24]
[null,"        NÚMERO MÉDIO DE DIAS ÚTEIS POR MÊS DURANTE O ANO (Nd)","dia",{"$f":"K11","v":8}]
[null,"        JORNADA DIÁRIA DE TRABALHO (J)","h",8,{"$nulls":6},{"$f":"+K52:L52","v":0}]
[null,"        QUANTIDADE DE HORAS TRABALHADAS NO SERVIÇO (ht)","h",8]
[]
["B","ENCARGOS SOCIAIS (ES)","%",{"$f":"K9","v":0.71439999999999992},null,null,{"$f":"ROUND(G47*D55,2)","v":1250.1099999999999}]
[]
["2.4","DESPESAS DIRETAS (DD)","%",3.74,null,null,null,{"$f":"ROUND($H$44*D57/100,2)","v":112.2}]
["2.5","TAXA DE ADMINISTRAÇÃO (A)","%",4.75,null,null,null,{"$f":"ROUND($H$57*D58/100,2)","v":5.33}]
["2.6","CONTIGÊNCIAS","%",5.77,null,null,null,{"$f":"ROUND($H$44*D59/100,2)","v":173.1}]
[null,"CUSTO TOTAL DA ELABORAÇÃO DO PROJETO:",{"$nulls":5},{"$f":"SUM(H44:H59)","v":3290.6099999999997}]
[null,{"$f":"CONCATENATE(\"CUSTO COM BDI (\",K10,\"%):\")","v":"CUSTO COM BDI (0,2374%):"},{"$nulls":5},{"$f":"ROUND(H60*K10,2)","v":781.19}]
[null,"PREÇO UNITÁRIO TOTAL:",{"$nulls":5},{"$f":"H60+H61","v":4071.7999999999997}]
[]
[null,"CUSTO TOTAL DA ELABORAÇÃO DO PROJETO EXECUTIVO PARA UM TRECHO",{"$nulls":6},{"$f":"SUM(I13:I63)","v":11107.589580399999}]

{"sheet":"Mob e Desmob","index":6,"n_rows":32,"n_cols":9,"rows_kept":32,"cut":false,"hidden":false,"merged":[[9,0,9,1],[1,0,1,13],[2,0,2,13],[3,0,3,13],[4,0,4,13],[6,0,7,13],[19,0,19,1],[29,0,29,1],[30,0,30,3],[31,0,31,3],[11,0,11,1],[12,0,12,1],[13,0,13,1],[14,0,14,1],[15,0,15,3],[16,0,16,3]]}
[]
[]
[]
[]
[{"$f":"'modulo de 2 km'!A1","v":"EXECUÇÃO DE SERVIÇOS DE PAVIMENTAÇÃO COM APLICAÇÃO DE CONCRETO ASFÁLTICO USINADO A QUENTE (CAUQ), EM VIAS URBANAS E RURAIS DE MUNICÍPIOS DIVERSOS INSERIDOS NA ÁREA DE ATUAÇÃO DA CODEVASF, NO ESTADO DE RIO GRANDE DO NORTE"}]
[]
["MEMÓRIA DE CÁLCULO DOS MOMENTOS DE TRANSPORTE PARA MOBILIZAÇÃO E DESMOBILIZAÇÃO"]
[]
[]
["Deslocamento:"]
[null,null,"Distancia méd. (Km)","Qtde. ","Total (Km)"]
["Mobilização (entre os trechos de serviço):",null,1,1,{"$f":"C12*D12","v":1}]
["Desmobilização   (entre os trechos de serviço):",null,1,1,{"$f":"C13*D13","v":1}]
["Mobilização inter-municipal (entre as localidades):",null,50,1,{"$f":"C14*D14","v":50}]
["Desmobilização   inter-municipal (entre as localidades):",null,50,1,{"$f":"C15*D15","v":50}]
["Mobilização - Total (km)",null,null,null,{"$f":"E12+E14","v":51}]
["Desmobilização - Total (km)",null,null,null,{"$f":"E13+E15","v":51}]
[]
[]
["Peso das máquinas:"]
[{"$nulls":4},"Trator de esteiras",null,null,10.15," ton"]
[{"$nulls":4},"Pá carregadeira ",null,null,10.1," ton"]
[{"$nulls":4},"Motoniveladora ",null,null,12.47," ton"]
[{"$nulls":4},"Trator de pneus",null,null,2.8," ton"]
[{"$nulls":4},"Rolo Compactador ",null,null,15.33," ton"]
[{"$nulls":4},"Grade de disco",null,null,1," ton"]
[]
[{"$nulls":4},"Total",null,null,{"$f":"ROUND(SUM(H20:H27),2)","v":51.85}," ton"]
[]
["Portanto:","Portanto"]
["Mobilização - Total (km)",null,null,null,{"$f":"E16*H28","v":2644.35}," t x km"]
["Desmobilização - Total (km)",null,null,null,{"$f":"E17*H28","v":2644.35}," t x km"]

{"sheet":"Médio Porte - BDI","index":7,"n_rows":33,"n_cols":5,"rows_kept":33,"cut":false,"hidden":false,"merged":[[4,0,4,3],[5,0,5,3],[6,0,6,3],[32,0,32,3]]}
[]
["OBRA:"]
["LOCAL: "]
["DATA BASE: "]
["DETALHAMENTO DO BDI"]
["Serviços"]
["Atualização de acordo com o Ofício-Circular nº 3374/2020/ACE - DPP/DPP/DNIT SEDE "]
[]
["Item","Descrição dos serviços","Preço de Venda (%)","Custo Direto (%)"]
[]
[1,"Administração Central (A)",4.8399999999999999E-2,0.06]
[]
[2,"Impostos e Taxas (I)",{"$f":"SUM(C14:C17)","v":6.6500000000000004E-2}]
["2.1","ISS",0.03,3.7199999999999997E-2]
["2.2","PIS",6.4999999999999997E-3,8.0999999999999996E-3]
["2.3","Cofins",0.03,3.7199999999999997E-2]
[]
["3","Risco, seguro e garantia (R) ",7.1000000000000004E-3,9.2999999999999992E-3]
[]
[4,"Despesas Financeiras (AP)",1.9E-3,2.2000000000000001E-3]
[]
[5,"Lucro (L)",6.8599999999999994E-2,8.4000000000000005E-2]
[]
[null,"BDI* (%)",null,{"$f":"(1+(D11+D22))/(1-(C13+C18+C20))-1","v":0.23742563547863726},23.74]
[]
["PV =","Preço de Venda"]
["CD =","Custo Direto"]
["SELIC =",2.2499999999999999E-2,"Fórmula DNIT"]
["DF =","Despesas Financeiras","BDI= (1+(AC+L))/(1-(CF+R+SG+IMP))-1"]
["DF =","[(1 + SELIC)1/12 - 1]"]
["DF = ",{"$f":"(((1+B28)^(1/12))-1)","v":1.855937535336194E-3}]
[]
["Observação: O percentual de ISSQN aqui utilizado consiste apenas em um referencial médio. O valor real do ISSQN a ser adotado deve ser aquele proveniente das alíquotas dos municípios situados na área de influência das obras."]

{"sheet":"ENC. SOCIAIS","index":8,"n_rows":51,"n_cols":6,"rows_kept":51,"cut":false,"hidden":false,"merged":[[8,0,9,5],[50,0,50,1],[10,0,10,5],[11,2,11,3],[11,4,11,5],[12,0,12,5],[13,0,14,1],[13,2,14,2],[13,3,14,3],[13,4,14,4],[13,5,14,5],[15,0,15,5],[26,0,26,5],[38,0,38,5],[45,0,45,5],[49,0,49,5]]}
[]
[]
[]
[]
[]
["NOME DA CONCORRENTE:"]
["EDITAL:"]
["FOLHA:"]
[{"$f":"'modulo de 2 km'!A1","v":"EXECUÇÃO DE SERVIÇOS DE PAVIMENTAÇÃO COM APLICAÇÃO DE CONCRETO ASFÁLTICO USINADO A QUENTE (CAUQ), EM VIAS URBANAS E RURAIS DE MUNICÍPIOS DIVERSOS INSERIDOS NA ÁREA DE ATUAÇÃO DA CODEVASF, NO ESTADO DE RIO GRANDE DO NORTE"}]
[]
["DETALHAMENTO DOS ENCARGOS SOCIAIS (%)"]
["VIGÊNCIA A PARTIR DE 01/2020",null,"COM DESONERAÇÃO",null,"SEM DESONERAÇÃO"]
[]
[null,null,"HORISTA","MENSALISTA","HORISTA","MENSALISTA"]
[]
["GRUPO A"]
["A1","INSS",0,0,20,20]
["A2","SESI",1.5,1.5,1.5,1.5]
["A3","SENAI",1,1,1,1]
["A4","INCRA",0.2,0.2,0.2,0.2]
["A5","SEBRAE",0.6,0.6,0.6,0.6]
["A6","Salário Educação",2.5,2.5,2.5,2.5]
["A7","Seguro Contra Acidentes de Trabalho",3,3,3,3]
["A8","FGTS",8,8,8,8]
["A9","SECONCI",1,1,0,0]
["A","Total",{"$f":"SUM(C17:C25)","v":17.8},{"$f":"SUM(D17:D25)","v":17.8},{"$f":"SUM(E17:E25)","v":36.799999999999997},{"$f":"SUM(F17:F25)","v":36.799999999999997}]
["GRUPO B"]
["B1","Repouso Semanal Remunerado",17.88,"-",17.989999999999998,"-"]
["B2","Feriados",3.94,"-",4.28,"-"]
["B3","Auxílio-enfermidade",0.91,0.69,0.91,0.69]
["B4","13° salário",10.98,8.33,10.95,8.33]
["B5","Licença-paternidade",7.0000000000000007E-2,0.06,7.0000000000000007E-2,0.06]
["B6","Faltas Justificadas",0.73,0.56000000000000005,0.73,0.56000000000000005]
["B7","Dias de chuva",1.45,"-",1.78,0]
["B8","Auxílio Acidente de Trabalho",0.11,0.09,0.11,0.09]
["B9","Férias Gozadas",11.35,8.6199999999999992,9.91,7.54]
["B10","Salário Maternidade",0.03,0.03,0.03,0.03]
["B","Total ",{"$f":"SUM(C28:C37)","v":47.45},{"$f":"SUM(D28:D37)","v":18.380000000000003},{"$f":"SUM(E28:E37)","v":46.759999999999991},{"$f":"SUM(F28:F37)","v":17.3}]
["GRUPO C"]
["C1","Aviso Prévio Indenizado",6.76,5.14,5.73,4.3600000000000003]
["C2","Aviso Prévio Trabalhado",0.16,0.12,0.13,0.1]
["C3","Férias Indenizadas",2.2799999999999998,1.73,3.86,2.94]
["C4","Depósito Rescisão Sem Justa Causa",3.81,2.89,3.69,2.81]
["C5","Indenização Adicional",0.56999999999999995,0.43,0.48,0.37]
["C","Total ",{"$f":"SUM(C40:C44)","v":13.58},{"$f":"SUM(D40:D44)","v":10.31},{"$f":"SUM(E40:E44)","v":13.89},{"$f":"SUM(F40:F44)","v":10.58}]
["GRUPO D"]
["D1","Reincidência de A sobre B",8.4499999999999993,3.27,17.21,6.37]
["D2","Reincidência de Grupo A sobre Aviso Prévio Trabalhado e Reincidência do FGTS sobre Aviso Prévio Indenizado",0.56999999999999995,0.43,0.51,0.39]
["D","Total",{"$f":"SUM(C47:C48)","v":9.02},{"$f":"SUM(D47:D48)","v":3.7},{"$f":"SUM(E47:E48)","v":17.720000000000002},{"$f":"SUM(F47:F48)","v":6.76}]
[]
["T O T A L (%)",null,{"$f":"C26+C38+C45+C49","v":87.85},{"$f":"D26+D38+D45+D49","v":50.190000000000012},{"$f":"E26+E38+E45+E49","v":115.16999999999999},{"$f":"F26+F38+F45+F49","v":71.44}]

{"sheet":"BDI Diferenciado","index":9,"n_rows":30,"n_cols":4,"rows_kept":30,"cut":false,"hidden":true,"merged":[[4,0,4,3],[5,0,5,3],[6,0,6,3]]}
[]
["OBRA:"]
["LOCAL: "]
["DATA BASE: "]
["DETALHAMENTO DO BDI DIFERENCIADO"]
["Serviços"]
["Atualização em 2013."]
[]
["Item","Descrição dos serviços","Preço de Venda (%)","Custo Direto (%)"]
[]
[1,"Administração Central (A)",null,3.4500000000000003E-2]
[]
[2,"Impostos e Taxas (I)",{"$f":"SUM(C14:C17)","v":2.5000000000000001E-2}]
["2.1","ISS",2.5000000000000001E-2]
["2.2","PIS"]
["2.3","Cofins"]
[null,null,0]
["3","Risco, seguro e garantia (R) ",null,{"$f":"0.48%+0.85%","v":1.3299999999999999E-2}]
[]
[4,"Despesas Financeiras (AP)",null,8.5000000000000006E-3]
[]
[5,"Lucro (L)",null,5.11E-2]
[]
[null,"BDI* (%)",null,0.15]
[]
["Considerações:"]
["Acórdão Nº 2622/2013 – TCU – Plenário"]
["(*) BDI (%) = ((((1+AC+R)*(1+DF)*(1+L))/(1-I))-1)","Médio, em área e prazo em condições normais de execução"]
["Tipo da Obra:","50% de X% (valor da tabela Prefeitura de XXX)"]
["ISS municipal:"]

{"sheet":"Relação Insumos","index":10,"n_rows":95,"n_cols":6,"rows_kept":95,"cut":false,"hidden":false,"merged":[]}
["cls","fonte","cod","descrição","unid","PRECO UNITÁRIO (R$)"]
["INS. SINAPI","SINAPI",370,"AREIA MEDIA - POSTO JAZIDA/FORNECEDOR (RETIRADO NA JAZIDA, SEM TRANSPORTE)","M3",{"$f":"IF(A2=\"INS. SINAPI\",VLOOKUP(C2,'INSUMOS SINAPI'!A:E,5,0),IF(A2=\"COMP. SINAPI\",VLOOKUP(C2,'COMPOSIÇÃO ANALI sinapi'!A:E,5,0),IF(A2=\"INS. SICRO\",VLOOKUP(C2,'INSUMOS SICRO'!B:F,5,0),\"\")))","v":"77,50"}]
["INS. SINAPI","SINAPI",1379,"CIMENTO PORTLAND COMPOSTO CP II-32","KG",{"$f":"IF(A3=\"INS. SINAPI\",VLOOKUP(C3,'INSUMOS SINAPI'!A:E,5,0),IF(A3=\"COMP. SINAPI\",VLOOKUP(C3,'COMPOSIÇÃO ANALI sinapi'!A:E,5,0),IF(A3=\"INS. SICRO\",VLOOKUP(C3,'INSUMOS SICRO'!B:F,5,0),\"\")))","v":"0,52"}]
["INS. SINAPI","SINAPI",1518,"CONCRETO BETUMINOSO USINADO A QUENTE (CBUQ) PARA PAVIMENTACAO ASFALTICA, PADRAO DNIT, FAIXA C, COM CAP 50/70 - AQUISICAO POSTO USINA","T",{"$f":"IF(A4=\"INS. SINAPI\",VLOOKUP(C4,'INSUMOS SINAPI'!A:E,5,0),IF(A4=\"COMP. SINAPI\",VLOOKUP(C4,'COMPOSIÇÃO ANALI sinapi'!A:E,5,0),IF(A4=\"INS. SICRO\",VLOOKUP(C4,'INSUMOS SICRO'!B:F,5,0),\"\")))","v":"327,50"}]
["INS. SINAPI","SINAPI",4059,"MEIO-FIO OU GUIA DE CONCRETO, PRE-MOLDADO, COMP 1 M, *30 X 15/ 12* CM (H X L1/L2)","M",{"$f":"IF(A5=\"INS. SINAPI\",VLOOKUP(C5,'INSUMOS SINAPI'!A:E,5,0),IF(A5=\"COMP. SINAPI\",VLOOKUP(C5,'COMPOSIÇÃO ANALI sinapi'!A:E,5,0),IF(A5=\"INS. SICRO\",VLOOKUP(C5,'INSUMOS SICRO'!B:F,5,0),\"\")))","v":"15,80"}]
["COMP. ORSE","ORSE",4299,"Aluguel de container - Almoxarifado sem banheiro - 6,00 x 2,40m","mês",600]
["INSUMO","ORSE",4415,"Veículo leve - Volkswagen:GOL 1000 - automóvel até 100 hp","H",9.9]
["INS. SINAPI","SINAPI",4417,"Peca de madeira de lei *2,5 x 7,5* cm (1\" x 3\"), não aparelhada, (p/telhado)","m",{"$f":"IF(A8=\"INS. SINAPI\",VLOOKUP(C8,'INSUMOS SINAPI'!A:E,5,0),IF(A8=\"COMP. SINAPI\",VLOOKUP(C8,'COMPOSIÇÃO ANALI sinapi'!A:E,5,0),IF(A8=\"INS. SICRO\",VLOOKUP(C8,'INSUMOS SICRO'!B:F,5,0),\"\")))","v":"3,15"}]
["INS. SINAPI","SINAPI",4491,"Peca de madeira nativa / regional 7,5 x 7,5cm (3x3) nao aparelhada (p/forma)","m",{"$f":"IF(A9=\"INS. SINAPI\",VLOOKUP(C9,'INSUMOS SINAPI'!A:E,5,0),IF(A9=\"COMP. SINAPI\",VLOOKUP(C9,'COMPOSIÇÃO ANALI sinapi'!A:E,5,0),IF(A9=\"INS. SICRO\",VLOOKUP(C9,'INSUMOS SICRO'!B:F,5,0),\"\")))","v":"8,34"}]
["INS. SINAPI","SINAPI",4718,"Pedra Britada nº 2","m³",{"$f":"IF(A10=\"INS. SINAPI\",VLOOKUP(C10,'INSUMOS SINAPI'!A:E,5,0),IF(A10=\"COMP. SINAPI\",VLOOKUP(C10,'COMPOSIÇÃO ANALI sinapi'!A:E,5,0),IF(A10=\"INS. SICRO\",VLOOKUP(C10,'INSUMOS SICRO'!B:F,5,0),\"\")))","v":"87,50"}]
["INS. SINAPI","SINAPI",4721,"PEDRA BRITADA N. 1 (9,5 a 19 MM) POSTO PEDREIRA/FORNECEDOR, SEM FRETE","M3",{"$f":"IF(A11=\"INS. SINAPI\",VLOOKUP(C11,'INSUMOS SINAPI'!A:E,5,0),IF(A11=\"COMP. SINAPI\",VLOOKUP(C11,'COMPOSIÇÃO ANALI sinapi'!A:E,5,0),IF(A11=\"INS. SICRO\",VLOOKUP(C11,'INSUMOS SICRO'!B:F,5,0),\"\")))","v":"87,50"}]
["INS. SINAPI","SINAPI",4730,"PEDRA DE MÃO","m³",{"$f":"IF(A12=\"INS. SINAPI\",VLOOKUP(C12,'INSUMOS SINAPI'!A:E,5,0),IF(A12=\"COMP. SINAPI\",VLOOKUP(C12,'COMPOSIÇÃO ANALI sinapi'!A:E,5,0),IF(A12=\"INS. SICRO\",VLOOKUP(C12,'INSUMOS SICRO'!B:F,5,0),\"\")))","v":"91,48"}]
["INS. SINAPI","SINAPI",4813,"Placa de obra (para construcao civil) em chapa galvanizada *nº 22*, de *2,0 x 1,125* m","m²",{"$f":"IF(A13=\"INS. SINAPI\",VLOOKUP(C13,'INSUMOS SINAPI'!A:E,5,0),IF(A13=\"COMP. SINAPI\",VLOOKUP(C13,'COMPOSIÇÃO ANALI sinapi'!A:E,5,0),IF(A13=\"INS. SICRO\",VLOOKUP(C13,'INSUMOS SICRO'!B:F,5,0),\"\")))","v":"300,00"}]
["INS. SINAPI","SINAPI",5075,"Prego 18x30.","kg",{"$f":"IF(A14=\"INS. SINAPI\",VLOOKUP(C14,'INSUMOS SINAPI'!A:E,5,0),IF(A14=\"COMP. SINAPI\",VLOOKUP(C14,'COMPOSIÇÃO ANALI sinapi'!A:E,5,0),IF(A14=\"INS. SICRO\",VLOOKUP(C14,'INSUMOS SICRO'!B:F,5,0),\"\")))","v":"13,12"}]
["INS. SINAPI","SINAPI",5318,"SOLVENTE DILUENTE A BASE DE AGUARRAS","L",{"$f":"IF(A15=\"INS. SINAPI\",VLOOKUP(C15,'INSUMOS SINAPI'!A:E,5,0),IF(A15=\"COMP. SINAPI\",VLOOKUP(C15,'COMPOSIÇÃO ANALI sinapi'!A:E,5,0),IF(A15=\"INS. SICRO\",VLOOKUP(C15,'INSUMOS SICRO'!B:F,5,0),\"\")))","v":"13,56"}]
["COMP. SINAPI","SINAPI",5689,"GRADE DE 24 DISCOS REBOCÁVEL DE 24\"","CHP",{"$f":"IF(A16=\"INS. SINAPI\",VLOOKUP(C16,'INSUMOS SINAPI'!$A:$E,5,0),IF(A16=\"COMP. SINAPI\",VLOOKUP(C16,'COMPOSIÇÃO ANALI sinapi'!$G:$K,5,0),IF(A16=\"INS. SICRO\",VLOOKUP(C16,'INSUMOS SICRO'!$B:$F,5,0),\"\")))","v":3.22}]
["COMP. SINAPI","SINAPI",5690,"GRADE DE 24 DISCOS REBOCÁVEL DE 24\"","CHI",{"$f":"IF(A17=\"INS. SINAPI\",VLOOKUP(C17,'INSUMOS SINAPI'!A:E,5,0),IF(A17=\"COMP. SINAPI\",VLOOKUP(C17,'COMP Sint. Sinapi'!A7:E6679,5,0),IF(A17=\"INS. SICRO\",VLOOKUP(C17,'INSUMOS SICRO'!B:F,5,0),\"\")))","v":2}]
["COMP. SINAPI","SINAPI",5795,"MARTELETE PERFURADOR/ROMPEDOR A AR COMPRIMIDO DE 25 KG","CHP",{"$f":"IF(A18=\"INS. SINAPI\",VLOOKUP(C18,'INSUMOS SINAPI'!A:E,5,0),IF(A18=\"COMP. SINAPI\",VLOOKUP(C18,'COMP Sint. Sinapi'!A8:E6680,5,0),IF(A18=\"INS. SICRO\",VLOOKUP(C18,'INSUMOS SICRO'!B:F,5,0),\"\")))","v":22.93}]
["COMP. SINAPI","SINAPI",5845,"TRATOR AGRÍCOLA - 77 KW","CHI",{"$f":"IF(A19=\"INS. SINAPI\",VLOOKUP(C19,'INSUMOS SINAPI'!A:E,5,0),IF(A19=\"COMP. SINAPI\",VLOOKUP(C19,'COMP Sint. Sinapi'!A9:E6681,5,0),IF(A19=\"INS. SICRO\",VLOOKUP(C19,'INSUMOS SICRO'!B:F,5,0),\"\")))","v":36.39}]
["COMP. SINAPI","SINAPI",5855,"TRATOR DE ESTEIRAS COM LÂMINA - 259 KW","CHP",{"$f":"IF(A20=\"INS. SINAPI\",VLOOKUP(C20,'INSUMOS SINAPI'!A:E,5,0),IF(A20=\"COMP. SINAPI\",VLOOKUP(C20,'COMP Sint. Sinapi'!A10:E6682,5,0),IF(A20=\"INS. SICRO\",VLOOKUP(C20,'INSUMOS SICRO'!B:F,5,0),\"\")))","v":392.23}]
["COMP. SINAPI","SINAPI",5875,"RETROESCAVADEIRA DE PNEUS - 58 KW","H",{"$f":"IF(A21=\"INS. SINAPI\",VLOOKUP(C21,'INSUMOS SINAPI'!A:E,5,0),IF(A21=\"COMP. SINAPI\",VLOOKUP(C21,'COMP Sint. Sinapi'!A11:E6683,5,0),IF(A21=\"INS. SICRO\",VLOOKUP(C21,'INSUMOS SICRO'!B:F,5,0),\"\")))","v":86.21}]
["COMP. SINAPI","SINAPI",5901,"CAMINHÃO TANQUE COM CAPACIDADE DE 10.000 L - 188 KW","CHP",{"$f":"IF(A22=\"INS. SINAPI\",VLOOKUP(C22,'INSUMOS SINAPI'!A:E,5,0),IF(A22=\"COMP. SINAPI\",VLOOKUP(C22,'COMP Sint. Sinapi'!A12:E6684,5,0),IF(A22=\"INS. SICRO\",VLOOKUP(C22,'INSUMOS SICRO'!B:F,5,0),\"\")))","v":176.02}]
["COMP. SINAPI","SINAPI",5903,"CAMINHÃO TANQUE COM CAPACIDADE DE 10.000 L - 188 KW","CHI",{"$f":"IF(A23=\"INS. SINAPI\",VLOOKUP(C23,'INSUMOS SINAPI'!A:E,5,0),IF(A23=\"COMP. SINAPI\",VLOOKUP(C23,'COMP Sint. Sinapi'!A13:E6685,5,0),IF(A23=\"INS. SICRO\",VLOOKUP(C23,'INSUMOS SICRO'!B:F,5,0),\"\")))","v":41.21}]
["COMP. SINAPI","SINAPI",5932,"MOTONIVELADORA - 93 KW","CHP",{"$f":"IF(A24=\"INS. SINAPI\",VLOOKUP(C24,'INSUMOS SINAPI'!A:E,5,0),IF(A24=\"COMP. SINAPI\",VLOOKUP(C24,'COMP Sint. Sinapi'!A14:E6686,5,0),IF(A24=\"INS. SICRO\",VLOOKUP(C24,'INSUMOS SICRO'!B:F,5,0),\"\")))","v":144.1}]
["COMP. SINAPI","SINAPI",5934,"MOTONIVELADORA - 93 KW","CHI",{"$f":"IF(A25=\"INS. SINAPI\",VLOOKUP(C25,'INSUMOS SINAPI'!A:E,5,0),IF(A25=\"COMP. SINAPI\",VLOOKUP(C25,'COMP Sint. Sinapi'!A15:E6687,5,0),IF(A25=\"INS. SICRO\",VLOOKUP(C25,'INSUMOS SICRO'!B:F,5,0),\"\")))","v":58.79}]
["COMP. SINAPI","SINAPI",5944,"CARREGADEIRA DE PNEUS PARA ROCHA COM CAPACIDADE DE 2,9 M³ - 96 KW","CHP",{"$f":"IF(A26=\"INS. SINAPI\",VLOOKUP(C26,'INSUMOS SINAPI'!A:E,5,0),IF(A26=\"COMP. SINAPI\",VLOOKUP(C26,'COMP Sint. Sinapi'!A16:E6688,5,0),IF(A26=\"INS. SICRO\",VLOOKUP(C26,'INSUMOS SICRO'!B:F,5,0),\"\")))","v":130.82}]
["COMP. SINAPI","SINAPI",5946,"CARREGADEIRA DE PNEUS PARA ROCHA COM CAPACIDADE DE 2,9 M³ - 96 KW","CHI",{"$f":"IF(A27=\"INS. SINAPI\",VLOOKUP(C27,'INSUMOS SINAPI'!A:E,5,0),IF(A27=\"COMP. SINAPI\",VLOOKUP(C27,'COMP Sint. Sinapi'!A17:E6689,5,0),IF(A27=\"INS. SICRO\",VLOOKUP(C27,'INSUMOS SICRO'!B:F,5,0),\"\")))","v":55.5}]
["COMP. SINAPI","SINAPI",5953,"COMPRESSOR DE AR PORTÁTIL DE 124 PCM - 27 Kw","CHP",{"$f":"IF(A28=\"INS. SINAPI\",VLOOKUP(C28,'INSUMOS SINAPI'!A:E,5,0),IF(A28=\"COMP. SINAPI\",VLOOKUP(C28,'COMP Sint. Sinapi'!A18:E6690,5,0),IF(A28=\"INS. SICRO\",VLOOKUP(C28,'INSUMOS SICRO'!B:F,5,0),\"\")))","v":33.29}]
["COMP. SINAPI","SINAPI",7049,"ROLO COMP. PÉ DE CARNEIRO VIBR. AUTOP. DE 11,6 T - 82 KW","H",{"$f":"IF(A29=\"INS. SINAPI\",VLOOKUP(C29,'INSUMOS SINAPI'!A:E,5,0),IF(A29=\"COMP. SINAPI\",VLOOKUP(C29,'COMP Sint. Sinapi'!A19:E6691,5,0),IF(A29=\"INS. SICRO\",VLOOKUP(C29,'INSUMOS SICRO'!B:F,5,0),\"\")))","v":128.61000000000001}]
["INS. SINAPI","SINAPI",7343,"TINTA A BASE DE RESINA ACRILICA, PARA SINALIZACAO HORIZONTAL VIARIA (NBR 11862)","L",{"$f":"IF(A30=\"INS. SINAPI\",VLOOKUP(C30,'INSUMOS SINAPI'!A:E,5,0),IF(A30=\"COMP. SINAPI\",VLOOKUP(C30,'COMP Sint. Sinapi'!A20:E6692,5,0),IF(A30=\"INS. SICRO\",VLOOKUP(C30,'INSUMOS SICRO'!B:F,5,0),\"\")))","v":"9,40"}]
["INS. SINAPI","SINAPI",7348,"TINTA ACRILICA PREMIUM PARA PISO","L",{"$f":"IF(A31=\"INS. SINAPI\",VLOOKUP(C31,'INSUMOS SINAPI'!A:E,5,0),IF(A31=\"COMP. SINAPI\",VLOOKUP(C31,'COMP Sint. Sinapi'!A21:E6693,5,0),IF(A31=\"INS. SICRO\",VLOOKUP(C31,'INSUMOS SICRO'!B:F,5,0),\"\")))","v":"12,82"}]
["INS. SINAPI","SINAPI",10775,"Locação de container - Escritório com banheiro - 6,20 x 2,20m","mês",{"$f":"IF(A32=\"INS. SINAPI\",VLOOKUP(C32,'INSUMOS SINAPI'!A:E,5,0),IF(A32=\"COMP. SINAPI\",VLOOKUP(C32,'COMP Sint. Sinapi'!A22:E6694,5,0),IF(A32=\"INS. SICRO\",VLOOKUP(C32,'INSUMOS SICRO'!B:F,5,0),\"\")))","v":"522,00"}]
["INS. SINAPI","SINAPI",14250,"ENERGIA","KW/H",{"$f":"IF(A33=\"INS. SINAPI\",VLOOKUP(C33,'INSUMOS SINAPI'!A:E,5,0),IF(A33=\"COMP. SINAPI\",VLOOKUP(C33,'COMP Sint. Sinapi'!A23:E6695,5,0),IF(A33=\"INS. SICRO\",VLOOKUP(C33,'INSUMOS SICRO'!B:F,5,0),\"\")))","v":"0,68"}]
["INS. SINAPI","SINAPI",14583,"ÁGUA","M3",{"$f":"IF(A34=\"INS. SINAPI\",VLOOKUP(C34,'INSUMOS SINAPI'!A:E,5,0),IF(A34=\"COMP. SINAPI\",VLOOKUP(C34,'COMP Sint. Sinapi'!A24:E6696,5,0),IF(A34=\"INS. SICRO\",VLOOKUP(C34,'INSUMOS SICRO'!B:F,5,0),\"\")))","v":"12,86"}]
["INS. SINAPI","SINAPI",25972,"MICROESFERAS DE VIDRO PARA SINALIZACAO HORIZONTAL VIARIA, TIPO I-B (PREMIX) - NBR 16184","KG",{"$f":"IF(A35=\"INS. SINAPI\",VLOOKUP(C35,'INSUMOS SINAPI'!A:E,5,0),IF(A35=\"COMP. SINAPI\",VLOOKUP(C35,'COMP Sint. Sinapi'!A25:E6697,5,0),IF(A35=\"INS. SICRO\",VLOOKUP(C35,'INSUMOS SICRO'!B:F,5,0),\"\")))","v":"10,44"}]
["INS. SINAPI","SINAPI",41899,"CIMENTO ASFÁLTICO CAP 50/70","T",{"$f":"IF(A36=\"INS. SINAPI\",VLOOKUP(C36,'INSUMOS SINAPI'!A:E,5,0),IF(A36=\"COMP. SINAPI\",VLOOKUP(C36,'COMP Sint. Sinapi'!A26:E6698,5,0),IF(A36=\"INS. SICRO\",VLOOKUP(C36,'INSUMOS SICRO'!B:F,5,0),\"\")))","v":"2.988,37"}]
["INS. SINAPI","SINAPI",41903,"EMULSAO ASFALTICA CATIONICA RR-2C PARA USO EM PAVIMENTACAO ASFALTICA (COLETADO CAIXA NA ANP ACRESCIDO DE ICMS)","KG",{"$f":"IF(A37=\"INS. SINAPI\",VLOOKUP(C37,'INSUMOS SINAPI'!A:E,5,0),IF(A37=\"COMP. SINAPI\",VLOOKUP(C37,'COMP Sint. Sinapi'!A27:E6699,5,0),IF(A37=\"INS. SICRO\",VLOOKUP(C37,'INSUMOS SICRO'!B:F,5,0),\"\")))","v":"2,48"}]
["COMP. SINAPI","SINAPI",100574,"ESPALHAMENTO DE MATERIAL COM TRATOR DE ESTEIRAS. AF_11/2019","M³",{"$f":"IF(A38=\"INS. SINAPI\",VLOOKUP(C38,'INSUMOS SINAPI'!A:E,5,0),IF(A38=\"COMP. SINAPI\",VLOOKUP(C38,'COMP Sint. Sinapi'!A28:E6700,5,0),IF(A38=\"INS. SICRO\",VLOOKUP(C38,'INSUMOS SICRO'!B:F,5,0),\"\")))","v":0.9}]
["COMP. SINAPI","SINAPI",83356,"TRANSPORTE PEDRA DE MAO","m² X KM"]
["COMP. SINAPI","SINAPI",87445,"Betoneira 320 l, diesel, potencia de 5,5 hp, sem carregador mecanico (locacao)","h",{"$f":"IF(A40=\"INS. SINAPI\",VLOOKUP(C40,'INSUMOS SINAPI'!A:E,5,0),IF(A40=\"COMP. SINAPI\",VLOOKUP(C40,'COMP Sint. Sinapi'!A30:E6702,5,0),IF(A40=\"INS. SICRO\",VLOOKUP(C40,'INSUMOS SICRO'!B:F,5,0),\"\")))","v":2.98}]
["COMP. SINAPI","SINAPI",88257,"BLASTER","H",{"$f":"IF(A41=\"INS. SINAPI\",VLOOKUP(C41,'INSUMOS SINAPI'!A:E,5,0),IF(A41=\"COMP. SINAPI\",VLOOKUP(C41,'COMP Sint. Sinapi'!A31:E6703,5,0),IF(A41=\"INS. SICRO\",VLOOKUP(C41,'INSUMOS SICRO'!B:F,5,0),\"\")))","v":21.08}]
["COMP. SINAPI","SINAPI",88262,"CARPINTEIRO DE FORMAS COM ENCARGOS COMPLEMENTARES","h",{"$f":"IF(A42=\"INS. SINAPI\",VLOOKUP(C42,'INSUMOS SINAPI'!A:E,5,0),IF(A42=\"COMP. SINAPI\",VLOOKUP(C42,'COMP Sint. Sinapi'!A32:E6704,5,0),IF(A42=\"INS. SICRO\",VLOOKUP(C42,'INSUMOS SICRO'!B:F,5,0),\"\")))","v":18.05}]
["COMP. SINAPI","SINAPI",88309,"PEDREIRO COM ENCARGOS COMPLEMENTARES","H",{"$f":"IF(A43=\"INS. SINAPI\",VLOOKUP(C43,'INSUMOS SINAPI'!A:E,5,0),IF(A43=\"COMP. SINAPI\",VLOOKUP(C43,'COMP Sint. Sinapi'!A33:E6705,5,0),IF(A43=\"INS. SICRO\",VLOOKUP(C43,'INSUMOS SICRO'!B:F,5,0),\"\")))","v":18.18}]
["COMP. SINAPI","SINAPI",88377,"OPERADOR DE BETONEIRA ESTACIONÁRIA/MISTURADOR COM ENCARGOS COMPLEMENTARES","H",{"$f":"IF(A44=\"INS. SINAPI\",VLOOKUP(C44,'INSUMOS SINAPI'!A:E,5,0),IF(A44=\"COMP. SINAPI\",VLOOKUP(C44,'COMP Sint. Sinapi'!A34:E6706,5,0),IF(A44=\"INS. SICRO\",VLOOKUP(C44,'INSUMOS SICRO'!B:F,5,0),\"\")))","v":20.73}]
["COMP. SINAPI","SINAPI",88629,"ARGAMASSA TRAÇO 1:3 (EM VOLUME DE CIMENTO E AREIA MÉDIA ÚMIDA), PREPARO MANUAL. AF_08/2019","M3",{"$f":"IF(A45=\"INS. SINAPI\",VLOOKUP(C45,'INSUMOS SINAPI'!A:E,5,0),IF(A45=\"COMP. SINAPI\",VLOOKUP(C45,'COMP Sint. Sinapi'!A35:E6707,5,0),IF(A45=\"INS. SICRO\",VLOOKUP(C45,'INSUMOS SICRO'!B:F,5,0),\"\")))","v":459.77}]
["COMP. SINAPI","SINAPI",88830,"BETONEIRA CAPACIDADE NOMINAL DE 400 L, CAPACIDADE DE MISTURA 280 L, MOTOR ELÉTRICO TRIFÁSICO POTÊNCIA DE 2 CV, SEM CARREGADOR - CHP DIURNO. AF_10/2014","CHP",{"$f":"IF(A46=\"INS. SINAPI\",VLOOKUP(C46,'INSUMOS SINAPI'!A:E,5,0),IF(A46=\"COMP. SINAPI\",VLOOKUP(C46,'COMP Sint. Sinapi'!A36:E6708,5,0),IF(A46=\"INS. SICRO\",VLOOKUP(C46,'INSUMOS SICRO'!B:F,5,0),\"\")))","v":1.25}]
["COMP. SINAPI","SINAPI",88831,"BETONEIRA CAPACIDADE NOMINAL DE 400 L, CAPACIDADE DE MISTURA 280 L, MOTOR ELÉTRICO TRIFÁSICO POTÊNCIA DE 2 CV, SEM CARREGADOR - CHI DIURNO. AF_10/2014","CHI",{"$f":"IF(A47=\"INS. SINAPI\",VLOOKUP(C47,'INSUMOS SINAPI'!A:E,5,0),IF(A47=\"COMP. SINAPI\",VLOOKUP(C47,'COMP Sint. Sinapi'!A37:E6709,5,0),IF(A47=\"INS. SICRO\",VLOOKUP(C47,'INSUMOS SICRO'!B:F,5,0),\"\")))","v":0.23}]
["COMP. SINAPI","SINAPI",88843,"TRATOR DE ESTEIRAS COM LÂMINA - 112 KW","CHP",{"$f":"IF(A48=\"INS. SINAPI\",VLOOKUP(C48,'INSUMOS SINAPI'!A:E,5,0),IF(A48=\"COMP. SINAPI\",VLOOKUP(C48,'COMP Sint. Sinapi'!A38:E6710,5,0),IF(A48=\"INS. SICRO\",VLOOKUP(C48,'INSUMOS SICRO'!B:F,5,0),\"\")))","v":128.87}]
["COMP. SINAPI","SINAPI",88844,"TRATOR DE ESTEIRAS COM LÂMINA - 112 KW","CHI",{"$f":"IF(A49=\"INS. SINAPI\",VLOOKUP(C49,'INSUMOS SINAPI'!A:E,5,0),IF(A49=\"COMP. SINAPI\",VLOOKUP(C49,'COMP Sint. Sinapi'!A39:E6711,5,0),IF(A49=\"INS. SICRO\",VLOOKUP(C49,'INSUMOS SICRO'!B:F,5,0),\"\")))","v":48.82}]
["COMP. SINAPI","SINAPI",89035,"TRATOR AGRÍCOLA - 77 KW","CHP",{"$f":"IF(A50=\"INS. SINAPI\",VLOOKUP(C50,'INSUMOS SINAPI'!A:E,5,0),IF(A50=\"COMP. SINAPI\",VLOOKUP(C50,'COMP Sint. Sinapi'!A40:E6712,5,0),IF(A50=\"INS. SICRO\",VLOOKUP(C50,'INSUMOS SICRO'!B:F,5,0),\"\")))","v":109.36}]
["COMP. SINAPI","SINAPI",89876,"CAMINHÃO BASCULANTE COM CAPACIDADE DE 14 M³ - 323 KW","CHP",{"$f":"IF(A51=\"INS. SINAPI\",VLOOKUP(C51,'INSUMOS SINAPI'!A:E,5,0),IF(A51=\"COMP. SINAPI\",VLOOKUP(C51,'COMP Sint. Sinapi'!A41:E6713,5,0),IF(A51=\"INS. SICRO\",VLOOKUP(C51,'INSUMOS SICRO'!B:F,5,0),\"\")))","v":180.27}]
["COMP. SINAPI","SINAPI",89877,"CAMINHÃO BASCULANTE COM CAPACIDADE DE 14 M³ - 323 KW","CHI",{"$f":"IF(A52=\"INS. SINAPI\",VLOOKUP(C52,'INSUMOS SINAPI'!A:E,5,0),IF(A52=\"COMP. SINAPI\",VLOOKUP(C52,'COMP Sint. Sinapi'!A42:E6714,5,0),IF(A52=\"INS. SICRO\",VLOOKUP(C52,'INSUMOS SICRO'!B:F,5,0),\"\")))","v":45.61}]
["COMP. SINAPI","SINAPI",90772,"AUXILIAR DE ESCRITORIO COM ENCARGOS COMPLEMENTARES","H",{"$f":"IF(A53=\"INS. SINAPI\",VLOOKUP(C53,'INSUMOS SINAPI'!A:E,5,0),IF(A53=\"COMP. SINAPI\",VLOOKUP(C53,'COMP Sint. Sinapi'!A43:E6715,5,0),IF(A53=\"INS. SICRO\",VLOOKUP(C53,'INSUMOS SICRO'!B:F,5,0),\"\")))","v":12.11}]
["COMP. SINAPI","SINAPI",90777,"ENGENHEIRO CIVIL DE OBRA JUNIOR COM ENCARGOS COMPLEMENTARES","H",{"$f":"IF(A54=\"INS. SINAPI\",VLOOKUP(C54,'INSUMOS SINAPI'!A:E,5,0),IF(A54=\"COMP. SINAPI\",VLOOKUP(C54,'COMP Sint. Sinapi'!A44:E6716,5,0),IF(A54=\"INS. SICRO\",VLOOKUP(C54,'INSUMOS SICRO'!B:F,5,0),\"\")))","v":88.24}]
["COMP. SINAPI","SINAPI",90780,"MESTRE DE OBRAS COM ENCARGOS COMPLEMENTARES","H",{"$f":"IF(A55=\"INS. SINAPI\",VLOOKUP(C55,'INSUMOS SINAPI'!A:E,5,0),IF(A55=\"COMP. SINAPI\",VLOOKUP(C55,'COMP Sint. Sinapi'!A45:E6717,5,0),IF(A55=\"INS. SICRO\",VLOOKUP(C55,'INSUMOS SICRO'!B:F,5,0),\"\")))","v":24.82}]
["COMP. SINAPI","SINAPI",94964,"CONCRETO FCK = 20 MPA - CONFECÇÃO EM BETONEIRA E LANÇAMENTO MANUAL - AREIA E BRITA COMERCIAIS","M3",{"$f":"IF(A56=\"INS. SINAPI\",VLOOKUP(C56,'INSUMOS SINAPI'!A:E,5,0),IF(A56=\"COMP. SINAPI\",VLOOKUP(C56,'COMP Sint. Sinapi'!A46:E6718,5,0),IF(A56=\"INS. SICRO\",VLOOKUP(C56,'INSUMOS SICRO'!B:F,5,0),\"\")))","v":349.34}]
["COMP.SICRO","DNIT",4816126,"CONFECÇÃO DE TUBOS DE CONCRETO D = 0,60 M - AREIA E BRITA COMERCIAIS","m",{"$f":"IF(A57=\"INS. SINAPI\",VLOOKUP(C57,'INSUMOS SINAPI'!A:E,5,0),IF(A57=\"COMP. SINAPI\",VLOOKUP(C57,'COMP Sint. Sinapi'!A47:E6719,5,0),IF(A57=\"INS. SICRO\",VLOOKUP(C57,'INSUMOS SICRO'!B:F,5,0),\"\")))","v":""}]
["COMP. SINAPI","SINAPI",95708,"PERFURATRIZ SOBRE ESTEIRAS - 145 KW","CHP",{"$f":"IF(A58=\"INS. SINAPI\",VLOOKUP(C58,'INSUMOS SINAPI'!A:E,5,0),IF(A58=\"COMP. SINAPI\",VLOOKUP(C58,'COMP Sint. Sinapi'!A48:E6720,5,0),IF(A58=\"INS. SICRO\",VLOOKUP(C58,'INSUMOS SICRO'!B:F,5,0),\"\")))","v":108.43}]
["COMP. SINAPI","SINAPI",95720,"ESCAVADEIRA HIDRÁULICA SOBRE ESTEIRA COM CAÇAMBA COM CAPACIDADE DE 1,5 M³ - 110 KW","CHP",{"$f":"IF(A59=\"INS. SINAPI\",VLOOKUP(C59,'INSUMOS SINAPI'!A:E,5,0),IF(A59=\"COMP. SINAPI\",VLOOKUP(C59,'COMP Sint. Sinapi'!A49:E6721,5,0),IF(A59=\"INS. SICRO\",VLOOKUP(C59,'INSUMOS SICRO'!B:F,5,0),\"\")))","v":149.26}]
["COMP. SINAPI","SINAPI",96035,"CAMINHÃO BASCULANTE PARA ROCHA COM CAPACIDADE DE 12 M³ - 188 KW","CHI",{"$f":"IF(A60=\"INS. SINAPI\",VLOOKUP(C60,'INSUMOS SINAPI'!A:E,5,0),IF(A60=\"COMP. SINAPI\",VLOOKUP(C60,'COMP Sint. Sinapi'!A50:E6722,5,0),IF(A60=\"INS. SICRO\",VLOOKUP(C60,'INSUMOS SICRO'!B:F,5,0),\"\")))","v":159.06}]
["COMP. ORSE","ORSE","12651/ORSE","APILOAMENTO MANUAL","m³",19.46]
["COMP. SINAPI","SINAPI",5824,"CAMINHÃO TOCO, PBT 16.000 KG, CARGA ÚTIL MÁX. 10.685 KG, DIST. ENTRE EIXOS 4,8 M, POTÊNCIA 189 CV, INCLUSIVE CARROCERIA FIXA ABERTA DE MADEIRA P/ TRANSPORTE GERAL DE CARGA SECA, DIMEN. APROX. 2,5 X 7,00 X 0,50 M - CHP DIURNO. AF_06/2014","CHP",{"$f":"IF(A62=\"INS. SINAPI\",VLOOKUP(C62,'INSUMOS SINAPI'!A:E,5,0),IF(A62=\"COMP. SINAPI\",VLOOKUP(C62,'COMP Sint. Sinapi'!A61:E6733,5,0),IF(A62=\"INS. SICRO\",VLOOKUP(C62,'INSUMOS SICRO'!B:F,5,0),\"\")))","v":116.74}]
["COMP. SINAPI","SINAPI",5835,"VIBROACABADORA DE ASFALTO SOBRE ESTEIRAS, LARGURA DE PAVIMENTAÇÃO 1,90 M A 5,30 M, POTÊNCIA 105 HP CAPACIDADE 450 T/H - CHP DIURNO. AF_11/2014","CHP",{"$f":"IF(A63=\"INS. SINAPI\",VLOOKUP(C63,'INSUMOS SINAPI'!A:E,5,0),IF(A63=\"COMP. SINAPI\",VLOOKUP(C63,'COMP Sint. Sinapi'!A62:E6734,5,0),IF(A63=\"INS. SICRO\",VLOOKUP(C63,'INSUMOS SICRO'!B:F,5,0),\"\")))","v":256.39}]
["COMP. SINAPI","SINAPI",5837,"VIBROACABADORA DE ASFALTO SOBRE ESTEIRAS, LARGURA DE PAVIMENTAÇÃO 1,90 M A 5,30 M, POTÊNCIA 105 HP CAPACIDADE 450 T/H - CHI DIURNO. AF_11/2014","CHI",{"$f":"IF(A64=\"INS. SINAPI\",VLOOKUP(C64,'INSUMOS SINAPI'!A:E,5,0),IF(A64=\"COMP. SINAPI\",VLOOKUP(C64,'COMP Sint. Sinapi'!A63:E6735,5,0),IF(A64=\"INS. SICRO\",VLOOKUP(C64,'INSUMOS SICRO'!B:F,5,0),\"\")))","v":102.56}]
["COMP. ORSE","ORSE",4,"Limpeza mecanizada do terreno c/ trator esteira (vegetação rasteira) inclusive carga e transporte - dmt até 1 km","M2",4.17]
["COMP. SINAPI","SINAPI",83362,"ESPARGIDOR DE ASFALTO PRESSURIZADO, TANQUE 6 M3 COM ISOLAÇÃO TÉRMICA, AQUECIDO COM 2 MAÇARICOS, COM BARRA ESPARGIDORA 3,60 M, MONTADO SOBRE CAMINHÃO  TOCO, PBT 14.300 KG, POTÊNCIA 185 CV - CHP DIURNO. AF_08/2015","CHP",{"$f":"IF(A66=\"INS. SINAPI\",VLOOKUP(C66,'INSUMOS SINAPI'!A:E,5,0),IF(A66=\"COMP. SINAPI\",VLOOKUP(C66,'COMP Sint. Sinapi'!A65:E6737,5,0),IF(A66=\"INS. SICRO\",VLOOKUP(C66,'INSUMOS SICRO'!B:F,5,0),\"\")))","v":174.59}]
["COMP. SINAPI","SINAPI",88278,"Montador","H",{"$f":"IF(A67=\"INS. SINAPI\",VLOOKUP(C67,'INSUMOS SINAPI'!A:E,5,0),IF(A67=\"COMP. SINAPI\",VLOOKUP(C67,'COMP Sint. Sinapi'!A66:E6738,5,0),IF(A67=\"INS. SICRO\",VLOOKUP(C67,'INSUMOS SICRO'!B:F,5,0),\"\")))","v":24.24}]
["COMP. SINAPI","SINAPI",88314,"RASTELEIRO COM ENCARGOS COMPLEMENTARES","H",{"$f":"IF(A68=\"INS. SINAPI\",VLOOKUP(C68,'INSUMOS SINAPI'!A:E,5,0),IF(A68=\"COMP. SINAPI\",VLOOKUP(C68,'COMP Sint. Sinapi'!A67:E6739,5,0),IF(A68=\"INS. SICRO\",VLOOKUP(C68,'INSUMOS SICRO'!B:F,5,0),\"\")))","v":19.07}]
["COMP. SINAPI","SINAPI",88316,"SERVENTE COM ENCARGOS COMPLEMENTARES","H",{"$f":"IF(A69=\"INS. SINAPI\",VLOOKUP(C69,'INSUMOS SINAPI'!A:E,5,0),IF(A69=\"COMP. SINAPI\",VLOOKUP(C69,'COMP Sint. Sinapi'!A68:E6740,5,0),IF(A69=\"INS. SICRO\",VLOOKUP(C69,'INSUMOS SICRO'!B:F,5,0),\"\")))","v":14.67}]
["COMP. SINAPI","SINAPI",91386,"CAMINHÃO BASCULANTE 10 M3, TRUCADO CABINE SIMPLES, PESO BRUTO TOTAL 23.000 KG, CARGA ÚTIL MÁXIMA 15.935 KG, DISTÂNCIA ENTRE EIXOS 4,80 M, POTÊNCIA 230 CV INCLUSIVE CAÇAMBA METÁLICA - CHP DIURNO. AF_06/2014","CHP",{"$f":"IF(A70=\"INS. SINAPI\",VLOOKUP(C70,'INSUMOS SINAPI'!A:E,5,0),IF(A70=\"COMP. SINAPI\",VLOOKUP(C70,'COMP Sint. Sinapi'!A69:E6741,5,0),IF(A70=\"INS. SICRO\",VLOOKUP(C70,'INSUMOS SICRO'!B:F,5,0),\"\")))","v":151.88999999999999}]
["COMP. SINAPI","SINAPI",94970,"Concreto fck = 20 MPa - confecção em betoneira e lançamento manual - areia e brita comerciais ","M³",{"$f":"IF(A71=\"INS. SINAPI\",VLOOKUP(C71,'INSUMOS SINAPI'!A:E,5,0),IF(A71=\"COMP. SINAPI\",VLOOKUP(C71,'COMP Sint. Sinapi'!A70:E6742,5,0),IF(A71=\"INS. SICRO\",VLOOKUP(C71,'INSUMOS SICRO'!B:F,5,0),\"\")))","v":338.95}]
["COMP. SINAPI","SINAPI",95133,"MÁQUINA DEMARCADORA DE FAIXA DE TRÁFEGO À FRIO, AUTOPROPELIDA, POTÊNCIA 38 HP - CHP DIURNO. AF_07/2016","CHP",{"$f":"IF(A72=\"INS. SINAPI\",VLOOKUP(C72,'INSUMOS SINAPI'!A:E,5,0),IF(A72=\"COMP. SINAPI\",VLOOKUP(C72,'COMP Sint. Sinapi'!A71:E6743,5,0),IF(A72=\"INS. SICRO\",VLOOKUP(C72,'INSUMOS SICRO'!B:F,5,0),\"\")))","v":105.47}]
["COMP. SINAPI","SINAPI",95631,"ROLO COMPACTADOR VIBRATORIO TANDEM, ACO LISO, POTENCIA 125 HP, PESO SEM/COM LASTRO 10,20/11,65 T, LARGURA DE TRABALHO 1,73 M - CHP DIURNO. AF_11/2016","CHP",{"$f":"IF(A73=\"INS. SINAPI\",VLOOKUP(C73,'INSUMOS SINAPI'!A:E,5,0),IF(A73=\"COMP. SINAPI\",VLOOKUP(C73,'COMP Sint. Sinapi'!A72:E6744,5,0),IF(A73=\"INS. SICRO\",VLOOKUP(C73,'INSUMOS SICRO'!B:F,5,0),\"\")))","v":132.79}]
["COMP. SINAPI","SINAPI",95632,"ROLO COMPACTADOR VIBRATORIO TANDEM, ACO LISO, POTENCIA 125 HP, PESO SEM/COM LASTRO 10,20/11,65 T, LARGURA DE TRABALHO 1,73 M - CHI DIURNO. AF_11/2016","CHI",{"$f":"IF(A74=\"INS. SINAPI\",VLOOKUP(C74,'INSUMOS SINAPI'!A:E,5,0),IF(A74=\"COMP. SINAPI\",VLOOKUP(C74,'COMP Sint. Sinapi'!A73:E6745,5,0),IF(A74=\"INS. SICRO\",VLOOKUP(C74,'INSUMOS SICRO'!B:F,5,0),\"\")))","v":52.5}]
["COMP. SINAPI","SINAPI",96013,"TRATOR DE PNEUS COM POTÊNCIA DE 122 CV, TRAÇÃO 4X4, COM VASSOURA MECÂNICA ACOPLADA - CHP DIURNO. AF_02/2017","CHP",{"$f":"IF(A75=\"INS. SINAPI\",VLOOKUP(C75,'INSUMOS SINAPI'!A:E,5,0),IF(A75=\"COMP. SINAPI\",VLOOKUP(C75,'COMP Sint. Sinapi'!A74:E6746,5,0),IF(A75=\"INS. SICRO\",VLOOKUP(C75,'INSUMOS SICRO'!B:F,5,0),\"\")))","v":149.49}]
["COMP. SINAPI","SINAPI",96014,"TRATOR DE PNEUS COM POTÊNCIA DE 122 CV, TRAÇÃO 4X4, COM VASSOURA MECÂNICA ACOPLADA - CHI DIURNO. AF_02/2017","CHI",{"$f":"IF(A76=\"INS. SINAPI\",VLOOKUP(C76,'INSUMOS SINAPI'!A:E,5,0),IF(A76=\"COMP. SINAPI\",VLOOKUP(C76,'COMP Sint. Sinapi'!A75:E6747,5,0),IF(A76=\"INS. SICRO\",VLOOKUP(C76,'INSUMOS SICRO'!B:F,5,0),\"\")))","v":38.58}]
["COMP. SINAPI","SINAPI",96155,"TRATOR DE PNEUS COM POTÊNCIA DE 85 CV, TRAÇÃO 4X4, COM VASSOURA MECÂNICA ACOPLADA - CHI DIURNO. AF_02/2017","CHI",{"$f":"IF(A77=\"INS. SINAPI\",VLOOKUP(C77,'INSUMOS SINAPI'!A:E,5,0),IF(A77=\"COMP. SINAPI\",VLOOKUP(C77,'COMP Sint. Sinapi'!A76:E6748,5,0),IF(A77=\"INS. SICRO\",VLOOKUP(C77,'INSUMOS SICRO'!B:F,5,0),\"\")))","v":35.32}]
["COMP. SINAPI","SINAPI",96157,"TRATOR DE PNEUS COM POTÊNCIA DE 85 CV, TRAÇÃO 4X4, COM VASSOURA MECÂNICA ACOPLADA - CHP DIURNO. AF_03/2017","CHP",{"$f":"IF(A78=\"INS. SINAPI\",VLOOKUP(C78,'INSUMOS SINAPI'!A:E,5,0),IF(A78=\"COMP. SINAPI\",VLOOKUP(C78,'COMP Sint. Sinapi'!A77:E6749,5,0),IF(A78=\"INS. SICRO\",VLOOKUP(C78,'INSUMOS SICRO'!B:F,5,0),\"\")))","v":113.67}]
["COMP. SINAPI","SINAPI",96463,"ROLO COMPACTADOR DE PNEUS, ESTATICO, PRESSAO VARIAVEL, POTENCIA 110 HP, PESO SEM/COM LASTRO 10,8/27 T, LARGURA DE ROLAGEM 2,30 M - CHP DIURNO. AF_06/2017","CHP",{"$f":"IF(A79=\"INS. SINAPI\",VLOOKUP(C79,'INSUMOS SINAPI'!A:E,5,0),IF(A79=\"COMP. SINAPI\",VLOOKUP(C79,'COMP Sint. Sinapi'!A78:E6750,5,0),IF(A79=\"INS. SICRO\",VLOOKUP(C79,'INSUMOS SICRO'!B:F,5,0),\"\")))","v":124.65}]
["COMP. SINAPI","SINAPI",96464,"ROLO COMPACTADOR DE PNEUS, ESTATICO, PRESSAO VARIAVEL, POTENCIA 110 HP, PESO SEM/COM LASTRO 10,8/27 T, LARGURA DE ROLAGEM 2,30 M - CHI DIURNO. AF_06/2017","CHI",{"$f":"IF(A80=\"INS. SINAPI\",VLOOKUP(C80,'INSUMOS SINAPI'!A:E,5,0),IF(A80=\"COMP. SINAPI\",VLOOKUP(C80,'COMP Sint. Sinapi'!A79:E6751,5,0),IF(A80=\"INS. SICRO\",VLOOKUP(C80,'INSUMOS SICRO'!B:F,5,0),\"\")))","v":55.46}]
["COMP.SICRO","DNIT","E9647","COMPACTADOR MANUAL COM SOQUETE VIBRATÓRIO - 4,1 KW","H",{"$f":"VLOOKUP($C81,'INSUMOS SICRO'!$B$1771:$I$2257,8,0)","v":6.5686}]
["COMP. SICRO","DNIT","E9687","Caminhão carroceria com capacidade de 5 t - 115 kW","CHP",{"$f":"VLOOKUP($C82,'INSUMOS SICRO'!$B$1771:$I$2257,8,0)","v":86.525800000000004}]
["COMP. SICRO","DNIT","E9687","Caminhão carroceria com capacidade de 5 t - 115 kW","CHI",{"$f":"VLOOKUP($C83,'INSUMOS SICRO'!$B$1771:$I$2257,7,0)","v":36.477899999999998}]
["INS. SICRO","DNIT","M0787","Suporte em aço carbono galvanizado perfil \"C\"","kg",{"$f":"VLOOKUP($C84,'INSUMOS SICRO'!$B$6:$F$1632,5,0)","v":14.026199999999999}]
["INS. SICRO","DNIT","M0789","Conjunto de cantoneiras e parafusos galvanizados para fixação de placas","kg",{"$f":"VLOOKUP($C85,'INSUMOS SICRO'!$B$6:$F$1632,5,0)","v":9.9070999999999998}]
["INS. SICRO","DNIT","M2042","EMULSÃO EXPLOSIVA ENCARTUCHADA","kg",{"$f":"VLOOKUP($C86,'INSUMOS SICRO'!$B$6:$F$1632,5,0)","v":10.151300000000001}]
["INS. SICRO","DNIT","M2062","COROA PARA PERFURATRIZ T38 - D = 2 1/2\"","und",{"$f":"VLOOKUP($C87,'INSUMOS SICRO'!$B$6:$F$1632,5,0)","v":559.80719999999997}]
["INS. SICRO","DNIT","M2065","HASTE PARA PERFURATRIZ DE ESTEIRA T38 DE 1 1/2\" X 3 M","und",{"$f":"VLOOKUP($C88,'INSUMOS SICRO'!$B$6:$F$1632,5,0)","v":1232.135}]
["INS. SICRO","DNIT","M2066","LUVA PARA PERFURATRIZ DE ESTEIRA T38 - D = 1 1/2\"","und",{"$f":"VLOOKUP($C89,'INSUMOS SICRO'!$B$6:$F$1632,5,0)","v":220.80359999999999}]
["INS. SICRO","DNIT","M2067","PUNHO PARA PERFURATRIZ DE ESTEIRA T38 - D = 1 1/2\"","und",{"$f":"VLOOKUP($C90,'INSUMOS SICRO'!$B$6:$F$1632,5,0)","v":998.19069999999999}]
["INS. SICRO","DNIT","M2141","NONEL DE INICIAÇÃO PARA FOGACHO COM 6 M","und",{"$f":"VLOOKUP($C91,'INSUMOS SICRO'!$B$6:$F$1632,5,0)","v":13.4415}]
["INS. SICRO","DNIT","M2143","NONEL DE LIGAÇÃO","und",{"$f":"VLOOKUP($C92,'INSUMOS SICRO'!$B$6:$F$1632,5,0)","v":10.7075}]
["INS. SICRO","DNIT","M2144","NONEL DE COLUNA COM 6 M","und",{"$f":"VLOOKUP($C93,'INSUMOS SICRO'!$B$6:$F$1632,5,0)","v":15.6128}]
["INS. SICRO","DNIT","M2145","SÉRIE DE BROCAS S-12 - D = 22 MM","und",{"$f":"VLOOKUP($C94,'INSUMOS SICRO'!$B$6:$F$1632,5,0)","v":548.53520000000003}]
["INS. SICRO","DNIT","M2146","NONEL INICIADOR COM 150 M","und",{"$f":"VLOOKUP($C95,'INSUMOS SICRO'!$B$6:$F$1632,5,0)","v":153.42750000000001}]

{"sheet":"INSUMOS SINAPI","index":11,"n_rows":5288,"n_cols":5,"rows_kept":5288,"cut":false,"hidden":false,"merged":[]}
["        PRECOS DE INSUMOS"]
[""]
["MES DE COLETA: 09/2020"]
["LOCALIDADE: 0910 - NATAL"]
["ENCARGOS SOCIAIS (%) HORISTA 114,74  MENSALISTA  72,63"]
[""]
["CODIGO  ","DESCRICAO DO INSUMO","UNIDADE","ORIGEM DO PRECO","  PRECO MEDIANO R$"]
[13003,"!EM PROCESSO DE DESATIVACAO! AGUA SANITARIA","L     ","CR","2,69"]
[41758,"!EM PROCESSO DE DESATIVACAO! CADEADO EM ACO INOX, LARGURA DE *50* MM, COM HASTE EM ACO TEMPERADO, SEM MOLA - CHAVES INCLUIDAS","UN    ","CR","122,21"]
[1363,"!EM PROCESSO DE DESATIVACAO! CHAPA DE MADEIRA COMPENSADA DE PINUS, VIROLA OU EQUIVALENTE, DE *2,2 X 1,6* M, E = 6 MM","M2    ","C ","17,88"]
[1344,"!EM PROCESSO DE DESATIVACAO! CHAPA DE MADEIRA COMPENSADA PLASTIFICADA PARA FORMA DE CONCRETO, DE 2,20 x 1,10 M, E = 6 MM","UN    ","CR","58,14"]
[1342,"!EM PROCESSO DE DESATIVACAO! CHAPA DE MADEIRA COMPENSADA PLASTIFICADA PARA FORMA DE CONCRETO, DE 2,20 X 1,10 m, E = 14 MM","UN    ","CR","102,77"]
[1349,"!EM PROCESSO DE DESATIVACAO! CHAPA DE MADEIRA COMPENSADA PLASTIFICADA PARA FORMA DE CONCRETO, DE 2,20 X 1,10 M, E = 20 MM","UN    ","CR","146,57"]
[1350,"!EM PROCESSO DE DESATIVACAO! CHAPA DE MADEIRA COMPENSADA RESINADA PARA FORMA DE CONCRETO, DE *2,2 X 1,1* M, E = 10 MM","UN    ","C ","58,23"]
[1357,"!EM PROCESSO DE DESATIVACAO! CHAPA DE MADEIRA COMPENSADA RESINADA PARA FORMA DE CONCRETO, DE *2,2 X 1,1* M, E = 12 MM","UN    ","CR","74,18"]
[1359,"!EM PROCESSO DE DESATIVACAO! CHAPA DE MADEIRA COMPENSADA RESINADA PARA FORMA DE CONCRETO, DE *2,2 X 1,1* M, E = 20 MM","UN    ","CR","114,59"]
[1351,"!EM PROCESSO DE DESATIVACAO! CHAPA DE MADEIRA COMPENSADA RESINADA PARA FORMA DE CONCRETO, DE *2,2 X 1,1* M, E = 6 MM","UN    ","CR","36,93"]
[3113,"!EM PROCESSO DE DESATIVACAO! CREMONA COM CASTANHA BIPARTIDA, COM VARA DE 1.50 M, EM LATAO CROMADO, PARA PORTAS E JANELAS - COMPLETA","CJ    ","CR","53,32"]
[6,"!EM PROCESSO DE DESATIVACAO! DETERGENTE AMONIACO (AMONIA DILUIDA)","L     ","CR","3,83"]
[2404,"!EM PROCESSO DE DESATIVACAO! DIVISORIA COLMEIA CEGA COM MONTANTE E RODAPE DE ALUMINIO ANODIZADO SIMPLES (SEM COLOCACAO)","M2    ","AS","86,00"]
[2418,"!EM PROCESSO DE DESATIVACAO! DOBRADICA EM ACO/FERRO, 3\" X 2 1/2\", E= 1,2 A 1,8 MM, SEM ANEL,  CROMADO OU ZINCADO, TAMPA BOLA, COM PARAFUSOS","UN    ","C ","15,75"]
[2720,"!EM PROCESSO DE DESATIVACAO! ESCAVADEIRA DRAGA DE ARRASTE, CAP. 3/4 JC 140HP (INCL MANUTENCAO/OPERACAO)","H     ","AS","176,62"]
[2719,"!EM PROCESSO DE DESATIVACAO! ESCAVADEIRA HIDRAULICA SOBRE ESTEIRAS DE 99 HP, PESO OPERACIONAL DE *16* T E CAPACIDADE DE 0,85 A 1,00 M3 (LOCACAO COM OPERADOR, COMBUSTIVEL E MANUTENCAO)","H     ","AS","149,65"]
[6086,"!EM PROCESSO DE DESATIVACAO! FUNDO SINTETICO NIVELADOR BRANCO FOSCO PARA MADEIRA","GL    ","CR","49,81"]
[38968,"!EM PROCESSO DE DESATIVACAO! GRADIL *1320 X 2170* MM (A X L) EM BARRA DE ACO CHATA *25 MM X 2* MM, ENTRELACADA COM BARRA ACO REDONDA *5* MM, MALHA *65 X 132* MM, GALVANIZADO E PINTURA ELETROSTATICA, COR PRETO","M2    ","AS","347,93"]
[3378,"!EM PROCESSO DE DESATIVACAO! HASTE DE ATERRAMENTO EM ACO COM 3,00 M DE COMPRIMENTO E DN = 3/4\", REVESTIDA COM BAIXA CAMADA DE COBRE, SEM CONECTOR","UN    ","CR","54,67"]
[3380,"!EM PROCESSO DE DESATIVACAO! HASTE DE ATERRAMENTO EM ACO COM 3,00 M DE COMPRIMENTO E DN = 5/8\", REVESTIDA COM BAIXA CAMADA DE COBRE, COM CONECTOR TIPO GRAMPO","UN    ","C ","38,27"]
[3379,"!EM PROCESSO DE DESATIVACAO! HASTE DE ATERRAMENTO EM ACO COM 3,00 M DE COMPRIMENTO E DN = 5/8\", REVESTIDA COM BAIXA CAMADA DE COBRE, SEM CONECTOR","UN    ","CR","36,95"]
[10561,"!EM PROCESSO DE DESATIVACAO! HEXAMETAFOSFATO DE SODIO","KG    ","CR","0,52"]
[615,"!EM PROCESSO DE DESATIVACAO! JANELA BASCULANTE, ACO, COM BATENTE/REQUADRO, 60 X 80 CM (SEM VIDROS)","M2    ","AS","411,38"]
[606,"!EM PROCESSO DE DESATIVACAO! JANELA DE CORRER, ACO, BATENTE/REQUADRO DE 6 A 14 CM, QUADRICULADA, PINTURA ANTICORROSIVA, SEM VIDRO, BANDEIRA COM BASCULA, 4 FLS, 120  X 150 CM (A X L)","M2    ","AS","646,23"]
[11193,"!EM PROCESSO DE DESATIVACAO! JANELA DE CORRER, ACO, BATENTE/REQUADRO DE 6 A 14 CM, VENEZIANA, PINT ANTICORROSIVA, PINT ACABAMENTO, COM VIDRO, 6 FLS, 120  X 150 CM (A X L)","M2    ","AS","655,21"]
[11197,"!EM PROCESSO DE DESATIVACAO! JANELA DE CORRER, ACO, COM BATENTE/REQUADRO DE 6 A 14 CM, SEM DIVISAO, PINT ANTICORROSIVA, PINT ACABAMENTO, COM VIDRO, SEM BANDEIRA, 2 FLS, 120  X 150 CM (A X L)","UN    ","AS","897,32"]
[3346,"!EM PROCESSO DE DESATIVACAO! LOCACAO DE GRUPO GERADOR *80 A 125* KVA, MOTOR DIESEL, REBOCAVEL, ACIONAMENTO MANUAL","H     ","C ","11,48"]
[3348,"!EM PROCESSO DE DESATIVACAO! LOCACAO DE GRUPO GERADOR ACIMA DE * 125 ATE 180* KVA, MOTOR DIESEL, REBOCAVEL, ACIONAMENTO MANUAL","H     ","CR","13,73"]
[3345,"!EM PROCESSO DE DESATIVACAO! LOCACAO DE GRUPO GERADOR ACIMA DE * 20 A 80* KVA, MOTOR DIESEL, REBOCAVEL, ACIONAMENTO MANUAL","H     ","CR","8,87"]
[39833,"!EM PROCESSO DE DESATIVACAO! LOCACAO DE GRUPO GERADOR DE *260* KVA, DIESEL REBOCAVEL, ACIONAMENTO MANUAL","H     ","CR","18,81"]
[39834,"!EM PROCESSO DE DESATIVACAO! LOCACAO DE GRUPO GERADOR DE *400* KVA, DIESEL REBOCAVEL, ACIONAMENTO MANUAL","H     ","CR","32,28"]
[39835,"!EM PROCESSO DE DESATIVACAO! LOCACAO DE GRUPO GERADOR DE *550* KVA, DIESEL REBOCAVEL, ACIONAMENTO MANUAL","H     ","CR","39,35"]
[3779,"!EM PROCESSO DE DESATIVACAO! LONA PLASTICA, PRETA, LARGURA 8 M, E= 150 MICRA","M     ","CR","10,33"]
[13382,"!EM PROCESSO DE DESATIVACAO! LUMINARIA FECHADA P/ ILUMINACAO PUBLICA, TIPO ABL 50/F OU EQUIV, P/ LAMPADA A VAPOR DE MERCURIO 400W","UN    ","CR","201,40"]
[4051,"!EM PROCESSO DE DESATIVACAO! MASSA CORRIDA PVA PARA PAREDES INTERNAS","18L   ","CR","50,40"]
[4047,"!EM PROCESSO DE DESATIVACAO! MASSA CORRIDA PVA PARA PAREDES INTERNAS","GL    ","C ","10,08"]
[38397,"!EM PROCESSO DE DESATIVACAO! PASTA DESENGRAXANTE PARA MAOS","KG    ","CR","5,52"]
[11367,"!EM PROCESSO DE DESATIVACAO! PORTA DE MADEIRA, FOLHA LEVE (NBR 15930), E = 35 MM, NUCLEO COLMEIA, CAPA LISA EM HDF, ACABAMENTO MELAMINICO EM PADRAO MADEIRA","M2    ","CR","81,68"]
[11523,"!EM PROCESSO DE DESATIVACAO! PUXADOR CONCHA DE EMBUTIR, EM LATAO CROMADO, PARA PORTA / JANELA DE CORRER, LISO, SEM FURO PARA CHAVE, COM FUROS PARA FIXAR PARAFUSOS, *30 X 90* MM (LARGURA X ALTURA)","UN    ","CR","11,52"]
[6204,"!EM PROCESSO DE DESATIVACAO! SARRAFO DE MADEIRA NAO APARELHADA *2,5 X 15* CM, MACARANDUBA, ANGELIM OU EQUIVALENTE DA REGIAO","M     ","CR","8,21"]
[7,"!EM PROCESSO DE DESATIVACAO! SODA CAUSTICA EM ESCAMAS","KG    ","CR","12,62"]
[6188,"!EM PROCESSO DE DESATIVACAO! TABUA DE MADEIRA NAO APARELHADA *2,5 X 30 CM (1 X 12 \") PINUS, MISTA OU EQUIVALENTE DA REGIAO","M2    ","CR","56,23"]
[4126,"!EM PROCESSO DE DESATIVACAO! TERMINAL DE PORCELANA (MUFLA) UNIPOLAR, USO EXTERNO, TENSAO 3,6/6 KV, PARA CABO DE 10/16 MM2, COM ISOLAMENTO EPR","UN    ","AS","195,00"]
[7287,"!EM PROCESSO DE DESATIVACAO! TINTA A OLEO BRILHANTE PARA MADEIRA E METAIS","GL    ","CR","64,99"]
[7347,"!EM PROCESSO DE DESATIVACAO! TINTA ACRILICA PREMIUM PARA PISO","GL    ","CR","46,16"]
[7345,"!EM PROCESSO DE DESATIVACAO! TINTA LATEX PVA PREMIUM, COR BRANCA","L     ","CR","16,61"]
[7344,"!EM PROCESSO DE DESATIVACAO! TINTA LATEX PVA PREMIUM, COR BRANCA","GL    ","C ","59,80"]
[40514,"!EM PROCESSO DE DESATIVACAO! VERNIZ POLIURETANO BRILHANTE PARA MADEIRA, SEM FILTRO SOLAR, USO INTERNO E EXTERNO","L     ","C ","22,64"]
[4487,"!EM PROCESSO DE DESATIVACAO! VIGOTA DE MADEIRA NAO APARELHADA *5 X 10* CM, MACARANDUBA, ANGELIM OU EQUIVALENTE DA REGIAO","M     ","CR","10,38"]
[11199,"!EM PROCESSO DE DESATIVACAO!JANELA DE CORRER, ACO, BATENTE/REQUADRO DE 6 A 14 CM,  COM DIVISAO HORIZ , PINT ANTICORROSIVA, SEM VIDRO, BANDEIRA COM BASCULA, 4 FLS, 120  X 150 CM (A X L)","UN    ","AS","927,28"]
[4053,"!EM PROCESSO DE DESATIVACAO!MASSA A OLEO PARA MADEIRA","GL    ","CR","38,39"]
[4056,"!EM PROCESSO DE DESATIVACAO!MASSA ACRILICA PARA PAREDES INTERIOR/EXTERIOR","GL    ","CR","20,19"]
[16,"!EM PROCESSO DE DESATIVACAO!SABAO EM PO","KG    ","CR","7,60"]
[21136,"!EM PROCESSO DESATIVACAO! ELETRODUTO EM ACO GALVANIZADO ELETROLITICO, LEVE, DIAMETRO 1\", PAREDE DE 0,90 MM","M     ","AS","10,47"]
[21128,"!EM PROCESSO DESATIVACAO! ELETRODUTO EM ACO GALVANIZADO ELETROLITICO, LEVE, DIAMETRO 3/4\", PAREDE DE 0,90 MM","M     ","AS","8,10"]
[21130,"!EM PROCESSO DESATIVACAO! ELETRODUTO EM ACO GALVANIZADO ELETROLITICO, SEMI-PESADO, DIAMETRO 1 1/2\", PAREDE DE 1,20 MM","M     ","AS","20,45"]
[21135,"!EM PROCESSO DESATIVACAO! ELETRODUTO EM ACO GALVANIZADO ELETROLITICO, SEMI-PESADO, DIAMETRO 1 1/4\", PAREDE DE 1,20 MM","M     ","AS","20,14"]
[38605,"ABERTURA PARA ENCAIXE DE CUBA OU LAVATORIO EM BANCADA DE MARMORE/ GRANITO OU OUTRO TIPO DE PEDRA NATURAL","UN    ","AS","111,59"]
[11270,"ABRACADEIRA DE LATAO PARA FIXACAO DE CABO PARA-RAIO, DIMENSOES 32 X 24 X 24 MM","UN    ","CR","1,80"]
[412,"ABRACADEIRA DE NYLON PARA AMARRACAO DE CABOS, COMPRIMENTO DE *230* X *7,6* MM","UN    ","CR","0,77"]
[414,"ABRACADEIRA DE NYLON PARA AMARRACAO DE CABOS, COMPRIMENTO DE 100 X 2,5 MM","UN    ","CR","0,04"]
[410,"ABRACADEIRA DE NYLON PARA AMARRACAO DE CABOS, COMPRIMENTO DE 150 X *3,6* MM","UN    ","CR","0,11"]
[411,"ABRACADEIRA DE NYLON PARA AMARRACAO DE CABOS, COMPRIMENTO DE 200 X *4,6* MM","UN    ","C ","0,15"]
[408,"ABRACADEIRA DE NYLON PARA AMARRACAO DE CABOS, COMPRIMENTO DE 390 X *4,6* MM","UN    ","CR","0,74"]
[39131,"ABRACADEIRA EM ACO PARA AMARRACAO DE ELETRODUTOS, TIPO D, COM 1 1/2\" E CUNHA DE FIXACAO","UN    ","CR","2,29"]
[394,"ABRACADEIRA EM ACO PARA AMARRACAO DE ELETRODUTOS, TIPO D, COM 1 1/2\" E PARAFUSO DE FIXACAO","UN    ","CR","2,32"]
[39130,"ABRACADEIRA EM ACO PARA AMARRACAO DE ELETRODUTOS, TIPO D, COM 1 1/4\" E CUNHA DE FIXACAO","UN    ","CR","2,09"]
[395,"ABRACADEIRA EM ACO PARA AMARRACAO DE ELETRODUTOS, TIPO D, COM 1 1/4\" E PARAFUSO DE FIXACAO","UN    ","CR","2,24"]
[39127,"ABRACADEIRA EM ACO PARA AMARRACAO DE ELETRODUTOS, TIPO D, COM 1/2\" E CUNHA DE FIXACAO","UN    ","CR","1,10"]
[392,"ABRACADEIRA EM ACO PARA AMARRACAO DE ELETRODUTOS, TIPO D, COM 1/2\" E PARAFUSO DE FIXACAO","UN    ","CR","1,13"]
[39129,"ABRACADEIRA EM ACO PARA AMARRACAO DE ELETRODUTOS, TIPO D, COM 1\" E CUNHA DE FIXACAO","UN    ","CR","1,29"]
[393,"ABRACADEIRA EM ACO PARA AMARRACAO DE ELETRODUTOS, TIPO D, COM 1\" E PARAFUSO DE FIXACAO","UN    ","C ","1,35"]
[39133,"ABRACADEIRA EM ACO PARA AMARRACAO DE ELETRODUTOS, TIPO D, COM 2 1/2\" E CUNHA DE FIXACAO","UN    ","CR","3,01"]
[397,"ABRACADEIRA EM ACO PARA AMARRACAO DE ELETRODUTOS, TIPO D, COM 2 1/2\" E PARAFUSO DE FIXACAO","UN    ","CR","3,33"]
[39132,"ABRACADEIRA EM ACO PARA AMARRACAO DE ELETRODUTOS, TIPO D, COM 2\" E CUNHA DE FIXACAO","UN    ","CR","2,41"]
[396,"ABRACADEIRA EM ACO PARA AMARRACAO DE ELETRODUTOS, TIPO D, COM 2\" E PARAFUSO DE FIXACAO","UN    ","CR","2,58"]
[39135,"ABRACADEIRA EM ACO PARA AMARRACAO DE ELETRODUTOS, TIPO D, COM 3 1/2\" E CUNHA DE FIXACAO","UN    ","CR","4,82"]
[39128,"ABRACADEIRA EM ACO PARA AMARRACAO DE ELETRODUTOS, TIPO D, COM 3/4\" E CUNHA DE FIXACAO","UN    ","CR","1,20"]
[400,"ABRACADEIRA EM ACO PARA AMARRACAO DE ELETRODUTOS, TIPO D, COM 3/4\" E PARAFUSO DE FIXACAO","UN    ","CR","1,17"]
[39125,"ABRACADEIRA EM ACO PARA AMARRACAO DE ELETRODUTOS, TIPO D, COM 3/8\" E PARAFUSO DE FIXACAO","UN    ","CR","1,20"]
[39134,"ABRACADEIRA EM ACO PARA AMARRACAO DE ELETRODUTOS, TIPO D, COM 3\" E CUNHA DE FIXACAO","UN    ","CR","4,02"]
[398,"ABRACADEIRA EM ACO PARA AMARRACAO DE ELETRODUTOS, TIPO D, COM 3\" E PARAFUSO DE FIXACAO","UN    ","CR","3,70"]
[39126,"ABRACADEIRA EM ACO PARA AMARRACAO DE ELETRODUTOS, TIPO D, COM 4\" E CUNHA DE FIXACAO","UN    ","CR","5,42"]
[399,"ABRACADEIRA EM ACO PARA AMARRACAO DE ELETRODUTOS, TIPO D, COM 4\" E PARAFUSO DE FIXACAO","UN    ","CR","4,78"]
[39158,"ABRACADEIRA EM ACO PARA AMARRACAO DE ELETRODUTOS, TIPO ECONOMICA (GOTA), COM 8\"","UN    ","CR","12,83"]
[39141,"ABRACADEIRA EM ACO PARA AMARRACAO DE ELETRODUTOS, TIPO U SIMPLES, COM 1 1/2\"","UN    ","CR","0,93"]
[39140,"ABRACADEIRA EM ACO PARA AMARRACAO DE ELETRODUTOS, TIPO U SIMPLES, COM 1 1/4\"","UN    ","CR","0,84"]
[39137,"ABRACADEIRA EM ACO PARA AMARRACAO DE ELETRODUTOS, TIPO U SIMPLES, COM 1/2\"","UN    ","CR","0,48"]
[39139,"ABRACADEIRA EM ACO PARA AMARRACAO DE ELETRODUTOS, TIPO U SIMPLES, COM 1\"","UN    ","CR","0,70"]
[39143,"ABRACADEIRA EM ACO PARA AMARRACAO DE ELETRODUTOS, TIPO U SIMPLES, COM 2 1/2\"","UN    ","CR","1,92"]
[39142,"ABRACADEIRA EM ACO PARA AMARRACAO DE ELETRODUTOS, TIPO U SIMPLES, COM 2\"","UN    ","CR","1,37"]
[39138,"ABRACADEIRA EM ACO PARA AMARRACAO DE ELETRODUTOS, TIPO U SIMPLES, COM 3/4\"","UN    ","CR","0,51"]
[39136,"ABRACADEIRA EM ACO PARA AMARRACAO DE ELETRODUTOS, TIPO U SIMPLES, COM 3/8\"","UN    ","CR","0,34"]
[39144,"ABRACADEIRA EM ACO PARA AMARRACAO DE ELETRODUTOS, TIPO U SIMPLES, COM 3\"","UN    ","CR","2,24"]
[39145,"ABRACADEIRA EM ACO PARA AMARRACAO DE ELETRODUTOS, TIPO U SIMPLES, COM 4\"","UN    ","CR","3,69"]
[12615,"ABRACADEIRA PVC, PARA CALHA PLUVIAL, DIAMETRO ENTRE 80 E 100 MM, PARA DRENAGEM PREDIAL","UN    ","AS","3,48"]
[11927,"ABRACADEIRA, GALVANIZADA/ZINCADA, ROSCA SEM FIM, PARAFUSO INOX, LARGURA  FITA *12,6 A *14 MM, D = 2\" A 2 1/2\"","UN    ","CR","5,37"]
[11928,"ABRACADEIRA, GALVANIZADA/ZINCADA, ROSCA SEM FIM, PARAFUSO INOX, LARGURA  FITA *12,6 A *14 MM, D = 3\" A 3 3/4\"","UN    ","CR","6,15"]
[11929,"ABRACADEIRA, GALVANIZADA/ZINCADA, ROSCA SEM FIM, PARAFUSO INOX, LARGURA  FITA *12,6 A *14 MM, D = 4\" A 4 3/4\"","UN    ","CR","9,52"]
[36801,"ACABAMENTO CROMADO PARA REGISTRO PEQUENO, 1/2 \" OU 3/4 \"","UN    ","CR","16,58"]
[36246,"ACABAMENTO SIMPLES/CONVENCIONAL PARA FORRO PVC, TIPO \"U\" OU \"C\", COR BRANCA, COMPRIMENTO 6 M","M     ","CR","4,15"]
[37600,"ACESSORIO DE LIGACAO NAO ELETRICO PARA CARGAS EXPLOSIVAS, TUBO DE 6 M","UN    ","AS","76,91"]
[37599,"ACESSORIO INICIADOR NAO ELETRICO, TUBO DE 6 M, TEMPO DE RETARDO DE *160* MS","UN    ","AS","71,59"]
[1,"ACETILENO (RECARGA PARA CILINDRO DE CONJUNTO OXICORTE GRANDE)","KG    ","AS","44,73"]
[3,"ACIDO MURIATICO, DILUICAO 10% A 12% PARA USO EM LIMPEZA","L     ","CR","5,46"]
[43054,"ACO CA-25, 10,0 MM, OU 12,5 MM, OU 16,0 MM, OU 20,0 MM, OU 25,0 MM, VERGALHAO","KG    ","CR","6,05"]
[42402,"ACO CA-25, 16,0 MM, BARRA DE TRANSFERENCIA","KG    ","CR","5,78"]
[42403,"ACO CA-25, 20,0 MM, BARRA DE TRANSFERENCIA","KG    ","CR","7,42"]
[42404,"ACO CA-25, 25,0 MM, BARRA DE TRANSFERENCIA","KG    ","CR","7,38"]
[42405,"ACO CA-25, 32,0 MM, BARRA DE TRANSFERENCIA","KG    ","CR","7,86"]
[34341,"ACO CA-25, 32,0 MM, VERGALHAO","KG    ","CR","6,82"]
[43053,"ACO CA-25, 6,3 MM OU 8,0 MM, VERGALHAO","KG    ","CR","5,40"]
[43058,"ACO CA-50, 10,0 MM, OU 12,5 MM, OU 16,0 MM, OU 20,0 MM, DOBRADO E CORTADO","KG    ","CR","5,60"]
[34,"ACO CA-50, 10,0 MM, VERGALHAO","KG    ","CR","5,63"]
[43055,"ACO CA-50, 12,5 MM OU 16,0 MM, VERGALHAO","KG    ","C ","4,88"]
[43056,"ACO CA-50, 20,0 MM OU 25,0 MM, VERGALHAO","KG    ","CR","5,62"]
[43057,"ACO CA-50, 32,0 MM, VERGALHAO","KG    ","CR","6,18"]
[34449,"ACO CA-50, 6,3 MM, DOBRADO E CORTADO","KG    ","CR","6,61"]
[32,"ACO CA-50, 6,3 MM, VERGALHAO","KG    ","CR","5,94"]
[33,"ACO CA-50, 8,0 MM, VERGALHAO","KG    ","CR","5,97"]
[43061,"ACO CA-60, 4,2 MM OU 5,0 MM, DOBRADO E CORTADO","KG    ","CR","5,58"]
[43059,"ACO CA-60, 4,2 MM, OU 5,0 MM, OU 6,0 MM, OU 7,0 MM, VERGALHAO","KG    ","CR","5,33"]
[43062,"ACO CA-60, 6,0 MM OU 7,0 MM, DOBRADO E CORTADO","KG    ","CR","5,91"]
[43060,"ACO CA-60, 8,0 MM OU 9,5 MM, VERGALHAO","KG    ","CR","4,64"]
[20063,"ACOPLAMENTO DE CONDUTOR PLUVIAL, EM PVC, DIAMETRO ENTRE 80 E 100 MM, PARA DRENAGEM PREDIAL","UN    ","AS","3,46"]
[40410,"ACOPLAMENTO RIGIDO EM FERRO FUNDIDO PARA SISTEMA DE TUBULACAO RANHURADA, DN 50 MM (2\")","UN    ","AS","18,82"]
[40411,"ACOPLAMENTO RIGIDO EM FERRO FUNDIDO PARA SISTEMA DE TUBULACAO RANHURADA, DN 65 MM (2 1/2\")","UN    ","AS","20,42"]
[40412,"ACOPLAMENTO RIGIDO EM FERRO FUNDIDO PARA SISTEMA DE TUBULACAO RANHURADA, DN 80 MM (3\")","UN    ","AS","22,92"]
[38838,"ADAPTADOR DE COBRE PARA TUBULACAO PEX, DN 16 X 15 MM","UN    ","AS","7,48"]
[38839,"ADAPTADOR DE COBRE PARA TUBULACAO PEX, DN 20 X 22 MM","UN    ","AS","8,80"]
[55,"ADAPTADOR DE COMPRESSAO EM POLIPROPILENO (PP), PARA TUBO EM PEAD, 20 MM X 1/2\", PARA LIGACAO PREDIAL DE AGUA (NTS 179)","UN    ","AS","3,80"]
[61,"ADAPTADOR DE COMPRESSAO EM POLIPROPILENO (PP), PARA TUBO EM PEAD, 20 MM X 3/4\", PARA LIGACAO PREDIAL DE AGUA (NTS 179)","UN    ","AS","3,59"]
[62,"ADAPTADOR DE COMPRESSAO EM POLIPROPILENO (PP), PARA TUBO EM PEAD, 32 MM X 1\", PARA LIGACAO PREDIAL DE AGUA (NTS 179)","UN    ","AS","7,45"]
[77,"ADAPTADOR PVC PARA SIFAO METALICO, SOLDAVEL, COM ANEL BORRACHA (JE), 40 MM X 1 1/2\"","UN    ","CR","0,76"]
[76,"ADAPTADOR PVC PARA SIFAO, ROSCAVEL, 40 MM X 1 1/4\"","UN    ","CR","0,78"]
[67,"ADAPTADOR PVC ROSCAVEL, COM FLANGES E ANEL DE VEDACAO, 1/2\", PARA CAIXA D' AGUA","UN    ","CR","7,52"]
[71,"ADAPTADOR PVC ROSCAVEL, COM FLANGES E ANEL DE VEDACAO, 1\", PARA CAIXA D' AGUA","UN    ","CR","13,82"]
[73,"ADAPTADOR PVC ROSCAVEL, COM FLANGES E ANEL DE VEDACAO, 3/4\", PARA CAIXA D' AGUA","UN    ","CR","10,32"]
[103,"ADAPTADOR PVC SOLDAVEL CURTO COM BOLSA E ROSCA, 110 MM X 4\", PARA AGUA FRIA","UN    ","CR","30,69"]
[107,"ADAPTADOR PVC SOLDAVEL CURTO COM BOLSA E ROSCA, 20 MM X 1/2\", PARA AGUA FRIA","UN    ","CR","0,48"]
[65,"ADAPTADOR PVC SOLDAVEL CURTO COM BOLSA E ROSCA, 25 MM X 3/4\", PARA AGUA FRIA","UN    ","CR","0,59"]
[108,"ADAPTADOR PVC SOLDAVEL CURTO COM BOLSA E ROSCA, 32 MM X 1\", PARA AGUA FRIA","UN    ","CR","1,22"]
[110,"ADAPTADOR PVC SOLDAVEL CURTO COM BOLSA E ROSCA, 40 MM X 1 1/2\", PARA AGUA FRIA","UN    ","CR","4,74"]
[109,"ADAPTADOR PVC SOLDAVEL CURTO COM BOLSA E ROSCA, 40 MM X 1 1/4\", PARA AGUA FRIA","UN    ","CR","2,33"]
[111,"ADAPTADOR PVC SOLDAVEL CURTO COM BOLSA E ROSCA, 50 MM X 1 1/4\", PARA AGUA FRIA","UN    ","CR","5,46"]
[112,"ADAPTADOR PVC SOLDAVEL CURTO COM BOLSA E ROSCA, 50 MM X1 1/2\", PARA AGUA FRIA","UN    ","CR","2,97"]
[113,"ADAPTADOR PVC SOLDAVEL CURTO COM BOLSA E ROSCA, 60 MM X 2\", PARA AGUA FRIA","UN    ","CR","8,07"]
[104,"ADAPTADOR PVC SOLDAVEL CURTO COM BOLSA E ROSCA, 75 MM X 2 1/2\", PARA AGUA FRIA","UN    ","CR","11,74"]
[102,"ADAPTADOR PVC SOLDAVEL CURTO COM BOLSA E ROSCA, 85 MM X 3\", PARA AGUA FRIA","UN    ","CR","19,28"]
[95,"ADAPTADOR PVC SOLDAVEL, COM FLANGE E ANEL DE VEDACAO, 20 MM X 1/2\", PARA CAIXA D'AGUA","UN    ","CR","6,52"]
[96,"ADAPTADOR PVC SOLDAVEL, COM FLANGE E ANEL DE VEDACAO, 25 MM X 3/4\", PARA CAIXA D'AGUA","UN    ","CR","7,50"]
[97,"ADAPTADOR PVC SOLDAVEL, COM FLANGE E ANEL DE VEDACAO, 32 MM X 1\", PARA CAIXA D'AGUA","UN    ","CR","9,74"]
[98,"ADAPTADOR PVC SOLDAVEL, COM FLANGE E ANEL DE VEDACAO, 40 MM X 1 1/4\", PARA CAIXA D'AGUA","UN    ","CR","13,13"]
[99,"ADAPTADOR PVC SOLDAVEL, COM FLANGE E ANEL DE VEDACAO, 50 MM X 1 1/2\", PARA CAIXA D'AGUA","UN    ","CR","15,93"]
[100,"ADAPTADOR PVC SOLDAVEL, COM FLANGES E ANEL DE VEDACAO, 60 MM X 2\", PARA CAIXA D' AGUA","UN    ","CR","22,22"]
[75,"ADAPTADOR PVC SOLDAVEL, COM FLANGES LIVRES, 110 MM X 4\", PARA CAIXA D' AGUA","UN    ","CR","231,61"]
[114,"ADAPTADOR PVC SOLDAVEL, COM FLANGES LIVRES, 25 MM X 3/4\", PARA CAIXA D' AGUA","UN    ","CR","8,44"]
[68,"ADAPTADOR PVC SOLDAVEL, COM FLANGES LIVRES, 32 MM X 1\", PARA CAIXA D' AGUA","UN    ","CR","12,90"]
[86,"ADAPTADOR PVC SOLDAVEL, COM FLANGES LIVRES, 40 MM X 1  1/4\", PARA CAIXA D' AGUA","UN    ","CR","23,99"]
[66,"ADAPTADOR PVC SOLDAVEL, COM FLANGES LIVRES, 50 MM X 1  1/2\", PARA CAIXA D' AGUA","UN    ","CR","24,08"]
[69,"ADAPTADOR PVC SOLDAVEL, COM FLANGES LIVRES, 60 MM X 2\", PARA CAIXA D' AGUA","UN    ","CR","36,80"]
[83,"ADAPTADOR PVC SOLDAVEL, COM FLANGES LIVRES, 75 MM X 2  1/2\", PARA CAIXA D' AGUA","UN    ","CR","117,54"]
[74,"ADAPTADOR PVC SOLDAVEL, COM FLANGES LIVRES, 85 MM X 3\", PARA CAIXA D' AGUA","UN    ","CR","164,10"]
[106,"ADAPTADOR PVC SOLDAVEL, LONGO, COM FLANGE LIVRE,  110 MM X 4\", PARA CAIXA D' AGUA","UN    ","CR","249,30"]
[87,"ADAPTADOR PVC SOLDAVEL, LONGO, COM FLANGE LIVRE,  25 MM X 3/4\", PARA CAIXA D' AGUA","UN    ","CR","11,85"]
[88,"ADAPTADOR PVC SOLDAVEL, LONGO, COM FLANGE LIVRE,  32 MM X 1\", PARA CAIXA D' AGUA","UN    ","CR","13,22"]
[89,"ADAPTADOR PVC SOLDAVEL, LONGO, COM FLANGE LIVRE,  40 MM X 1 1/4\", PARA CAIXA D' AGUA","UN    ","CR","19,55"]
[90,"ADAPTADOR PVC SOLDAVEL, LONGO, COM FLANGE LIVRE,  50 MM X 1 1/2\", PARA CAIXA D' AGUA","UN    ","CR","22,40"]
[81,"ADAPTADOR PVC SOLDAVEL, LONGO, COM FLANGE LIVRE,  60 MM X 2\", PARA CAIXA D' AGUA","UN    ","CR","38,32"]
[82,"ADAPTADOR PVC SOLDAVEL, LONGO, COM FLANGE LIVRE,  75 MM X 2 1/2\", PARA CAIXA D' AGUA","UN    ","CR","148,75"]
[105,"ADAPTADOR PVC SOLDAVEL, LONGO, COM FLANGE LIVRE,  85 MM X 3\", PARA CAIXA D' AGUA","UN    ","CR","174,15"]
[60,"ADAPTADOR PVC, COM REGISTRO, PARA PEAD, 20 MM X 3/4\", PARA LIGACAO PREDIAL DE AGUA","UN    ","AS","4,93"]
[72,"ADAPTADOR PVC, ROSCAVEL, COM FLANGES E ANEL DE VEDACAO, 1 1/2\", PARA CAIXA D'AGUA","UN    ","CR","23,42"]
[70,"ADAPTADOR PVC, ROSCAVEL, COM FLANGES E ANEL DE VEDACAO, 1 1/4\", PARA CAIXA D' AGUA","UN    ","CR","19,59"]
[85,"ADAPTADOR PVC, ROSCAVEL, COM FLANGES E ANEL DE VEDACAO, 2\", PARA CAIXA D' AGUA","UN    ","CR","28,43"]
[84,"ADAPTADOR PVC, ROSCAVEL, PARA VALVULA PIA OU LAVATORIO, 40 MM","UN    ","CR","0,33"]
[37997,"ADAPTADOR, CPVC, SOLDAVEL, 15 MM, PARA AGUA QUENTE","UN    ","AS","4,44"]
[37998,"ADAPTADOR, CPVC, SOLDAVEL, 22 MM, PARA AGUA QUENTE","UN    ","AS","4,60"]
[10899,"ADAPTADOR, EM LATAO, ENGATE RAPIDO 2 1/2\" X ROSCA INTERNA 5 FIOS 2 1/2\",  PARA INSTALACAO PREDIAL DE COMBATE A INCENDIO","UN    ","CR","72,83"]
[10900,"ADAPTADOR, EM LATAO, ENGATE RAPIDO1 1/2\" X ROSCA INTERNA 5 FIOS 2 1/2\",  PARA INSTALACAO PREDIAL DE COMBATE A INCENDIO","UN    ","CR","56,99"]
[46,"ADAPTADOR, PVC PBA,  BOLSA/ROSCA, JE, DN 75 / DE  85 MM","UN    ","AS","38,03"]
[51,"ADAPTADOR, PVC PBA, A BOLSA DEFOFO, JE, DN 100 / DE 110 MM","UN    ","AS","104,92"]
[12863,"ADAPTADOR, PVC PBA, A BOLSA DEFOFO, JE, DN 50 / DE 60 MM","UN    ","AS","24,16"]
[50,"ADAPTADOR, PVC PBA, A BOLSA DEFOFO, JE, DN 75 / DE  85 MM","UN    ","AS","54,78"]
[47,"ADAPTADOR, PVC PBA, BOLSA/ROSCA, JE, DN 100 / DE 110 MM","UN    ","AS","65,03"]
[48,"ADAPTADOR, PVC PBA, BOLSA/ROSCA, JE, DN 50 / DE 60 MM","UN    ","AS","16,96"]
[52,"ADAPTADOR, PVC PBA, PONTA/ROSCA, JE, DN 50 / DE  60 MM","UN    ","AS","12,88"]
[43,"ADAPTADOR, PVC PBA, PONTA/ROSCA, JE, DN 75 / DE  85 MM","UN    ","AS","43,49"]
[4791,"ADESIVO ACRILICO/COLA DE CONTATO","KG    ","CR","16,55"]
[157,"ADESIVO ESTRUTURAL A BASE DE RESINA EPOXI PARA INJECAO EM TRINCAS, BICOMPONENTE, BAIXA VISCOSIDADE","KG    ","CR","121,56"]
[156,"ADESIVO ESTRUTURAL A BASE DE RESINA EPOXI, BICOMPONENTE, FLUIDO","KG    ","CR","43,28"]
[131,"ADESIVO ESTRUTURAL A BASE DE RESINA EPOXI, BICOMPONENTE, PASTOSO (TIXOTROPICO)","KG    ","CR","37,01"]
[39719,"ADESIVO LIQUIDO A BASE DE RESINAS PARA COLAGEM DE ESPUMA DE ISOLAMENTO TERMICO FLEXIVEL","L     ","CR","59,15"]
[21114,"ADESIVO PARA TUBOS CPVC, *75* G","UN    ","CR","12,67"]
[119,"ADESIVO PLASTICO PARA PVC, BISNAGA COM 75 GR","UN    ","C ","5,00"]
[20080,"ADESIVO PLASTICO PARA PVC, FRASCO COM 175 GR","UN    ","CR","14,33"]
[122,"ADESIVO PLASTICO PARA PVC, FRASCO COM 850 GR","UN    ","CR","45,16"]
[3410,"ADESIVO/COLA PARA EPS (ISOPOR) E OUTROS MATERIAIS","KG    ","AS","19,72"]
[124,"ADITIVO ACELERADOR DE PEGA E ENDURECIMENTO PARA ARGAMASSAS E CONCRETOS, LIQUIDO E ISENTO DE CLORETOS","L     ","CR","14,27"]
[7334,"ADITIVO ADESIVO LIQUIDO PARA ARGAMASSAS DE REVESTIMENTOS CIMENTICIOS","L     ","CR","11,02"]
[123,"ADITIVO IMPERMEABILIZANTE DE PEGA NORMAL PARA ARGAMASSAS E CONCRETOS SEM ARMACAO, LIQUIDO E ISENTO DE CLORETOS","L     ","C ","5,84"]
[127,"ADITIVO IMPERMEABILIZANTE DE PEGA ULTRARRAPIDA, LIQUIDO E ISENTO DE CLORETOS","L     ","CR","13,94"]
[41373,"ADITIVO LIQUIDO IMPERMEABILIZANTE CRISTALIZANTE","L     ","CR","19,42"]
[133,"ADITIVO LIQUIDO INCORPORADOR DE AR PARA CONCRETO E ARGAMASSA, LIQUIDO E ISENTO DE CLORETOS","L     ","CR","5,79"]
[43617,"ADITIVO PLASTIFICANTE E ESTABILIZADOR PARA ARGAMASSAS DE ASSENTAMENTO E REBOCO, LIQUIDO E ISENTO DE CLORETOS","L     ","CR","6,47"]
[132,"ADITIVO PLASTIFICANTE RETARDADOR DE PEGA E REDUTOR DE AGUA PARA CONCRETO, LIQUIDO E ISENTO DE CLORETOS","L     ","CR","6,00"]
[43618,"ADITIVO SUPERPLASTIFICANTE DE PEGA NORMAL PARA CONCRETO, LIQUIDO E ISENTO DE CLORETOS","KG    ","CR","15,11"]
[37476,"ADUELA/ GALERIA PRÃ\u0089-MOLDADA DE CONCRETO ARMADO, SEÃ\u0087Ã\u0083O RETANGULAR INTERNA DE 1,50 X 1,50 M (L X A), MÃ\u008dSULA DE 20X20CM, C = 1.00 M, EMÃ\u008dN = 15 CM, TB-45 E FCK DO CONCRETO = 30 MPA.","UN    ","CR","2.492,80"]
[37478,"ADUELA/ GALERIA PRÃ\u0089-MOLDADA DE CONCRETO ARMADO, SEÃ\u0087Ã\u0083O RETANGULAR INTERNA DE 2,00 X 2,00 M (L X A), MÃ\u008dSULA DE 20X20CM, C = 1.00 M, EMÃ\u008dN = 15 CM, TB-45 E FCK DO CONCRETO = 30 MPA.","UN    ","CR","3.122,29"]
[37477,"ADUELA/ GALERIA PRÃ\u0089-MOLDADA DE CONCRETO ARMADO, SEÃ\u0087Ã\u0083O RETANGULAR INTERNA DE 2,50 X 2,50 M (L X A), MÃ\u008dSULA DE 20X20CM, C = 1.00 M, EMÃ\u008dN = 15 CM, TB-45 E FCK DO CONCRETO = 30 MPA.","UN    ","CR","4.230,21"]
[37479,"ADUELA/ GALERIA PRÃ\u0089-MOLDADA DE CONCRETO ARMADO, SEÃ\u0087Ã\u0083O RETANGULAR INTERNA DE 3,00 X 3,00 M (L X A), MÃ\u008dSULA DE 20X20CM, C = 1.00 M, EMÃ\u008dN = 20 CM, TB-45 E FCK DO CONCRETO = 30 MPA.","UN    ","CR","5.017,08"]
[41632,"ADUELA/GALERIA DE CONCRETO ARMADO, SECAO RETANGULAR 2.00 X 1.00 M (L X A), C = 1.00 M, E = 20 CM","UN    ","CR","2.725,71"]
[41634,"ADUELA/GALERIA DE CONCRETO ARMADO, SECAO RETANGULAR 2.00 X 1.50 M (L X A), C = 1.00 M, E = 20 CM","UN    ","CR","2.983,11"]
[41633,"ADUELA/GALERIA DE CONCRETO ARMADO, SECAO RETANGULAR 2.50 X 1.00 M (L X A), C = 1.00 M, E = 20 CM","UN    ","CR","3.200,98"]
[41635,"ADUELA/GALERIA DE CONCRETO ARMADO, SECAO RETANGULAR 2.50 X 1.50 M (L X A), C = 1.00 M, E = 20 CM","UN    ","CR","3.591,27"]
[4319,"AFASTADOR PARA TELHA DE FIBROCIMENTO CANALETE 90 OU KALHETAO","UN    ","CR","1,19"]
[42409,"AGENTE DE CURA, PROTETOR DA EVAPORACAO DA AGUA DE HIDRATACAO DO CONCRETO","KG    ","CR","9,51"]
[40553,"AGREGADO RECICLADO, TIPO RACHAO RECICLADO CINZA, CLASSE A","M3    ","AS","35,75"]
[6114,"AJUDANTE DE ARMADOR","H     ","CR","9,48"]
[40912,"AJUDANTE DE ARMADOR (MENSALISTA)","MES   ","CR","1.665,43"]
[247,"AJUDANTE DE ELETRICISTA","H     ","CR","11,27"]
[40919,"AJUDANTE DE ELETRICISTA (MENSALISTA)","MES   ","CR","1.979,25"]
[25958,"AJUDANTE DE ESTRUTURAS METALICAS","H     ","CR","12,67"]
[40984,"AJUDANTE DE ESTRUTURAS METALICAS (MENSALISTA)","MES   ","CR","2.221,70"]
[248,"AJUDANTE DE OPERACAO EM GERAL","H     ","CR","9,81"]
[41086,"AJUDANTE DE OPERACAO EM GERAL (MENSALISTA)","MES   ","CR","1.723,33"]
[34466,"AJUDANTE DE PINTOR","H     ","CR","10,37"]
[41083,"AJUDANTE DE PINTOR (MENSALISTA)","MES   ","CR","1.821,34"]
[252,"AJUDANTE DE SERRALHEIRO","H     ","CR","10,17"]
[40909,"AJUDANTE DE SERRALHEIRO (MENSALISTA)","MES   ","CR","1.786,33"]
[242,"AJUDANTE ESPECIALIZADO","H     ","CR","13,25"]
[41085,"AJUDANTE ESPECIALIZADO (MENSALISTA)","MES   ","CR","2.325,18"]
[427,"ALCA PREFORMADA DE CONTRA POSTE, EM ACO GALVANIZADO, PARA CABO 3/16\", COMPRIMENTO *860* MM","UN    ","AS","5,08"]
[417,"ALCA PREFORMADA DE DISTRIBUICAO, EM ACO GALVANIZADO, PARA CABO DE ALUMINIO DIAMETRO 16 A 25 MM","UN    ","AS","2,39"]
[11273,"ALCA PREFORMADA DE DISTRIBUICAO, EM ACO GALVANIZADO, PARA CONDUTORES DE ALUMINIO AWG 1/0 (CAA 6/1 OU CA 7 FIOS)","UN    ","AS","7,44"]
[11272,"ALCA PREFORMADA DE DISTRIBUICAO, EM ACO GALVANIZADO, PARA CONDUTORES DE ALUMINIO AWG 2 (CAA 6/1 OU CA 7 FIOS)","UN    ","AS","4,49"]
[11275,"ALCA PREFORMADA DE SERVICO, EM ACO GALVANIZADO, PARA CONDUTORES DE ALUMINIO AWG 4 (CAA 6/1)","UN    ","AS","1,80"]
[11274,"ALCA PREFORMADA DE SERVICO, EM ACO GALVANIZADO, PARA CONDUTORES DE ALUMINIO AWG 6 (CAA 6/1)","UN    ","AS","1,37"]
[38470,"ALICATE DE CORTE DIAGONAL 6 \" COM ISOLAMENTO","UN    ","C ","39,80"]
[38547,"ALICATE DE CRIMPAR RJ11, RJ12 E RJ45","UN    ","CR","108,60"]
[38469,"ALICATE DE PRESSAO PARA SOLDA DE CHAPA 18 \"","UN    ","CR","116,78"]
[38467,"ALICATE DE PRESSAO 11 \" PARA SOLDA, TIPO C","UN    ","CR","65,71"]
[38468,"ALICATE DE PRESSAO 11 \" PARA SOLDA, TIPO U","UN    ","CR","72,31"]
[38471,"ALICATE PARA ANEIS DE PISTAO, CAPACIDADE 50 A 100 MM","UN    ","CR","93,90"]
[37370,"ALIMENTACAO - HORISTA (COLETADO CAIXA)","H     ","C ","1,77"]
[40862,"ALIMENTACAO - MENSALISTA (COLETADO CAIXA)","MES   ","C ","333,44"]
[10658,"ALISADORA DE CONCRETO COM MOTOR A GASOLINA DE 5,5 HP, PESO COM MOTOR DE 78 KG, 4 PAS","UN    ","AS","6.945,00"]
[253,"ALMOXARIFE","H     ","C ","14,39"]
[40809,"ALMOXARIFE (MENSALISTA)","MES   ","CR","2.523,25"]
[42428,"ALONGADOR COM TRES ALTURAS, EM TUBO DE ACO CARBONO, PINTURA NO PROCESSO ELETROSTATICO - EQUIPAMENTO DE GINASTICA PARA ACADEMIA AO AR LIVRE / ACADEMIA DA TERCEIRA IDADE - ATI","UN    ","AS","1.264,00"]
[583,"ALUMINIO ANODIZADO","KG    ","AS","29,90"]
[299,"ANEL BORRACHA DN 100 MM, PARA TUBO SERIE REFORCADA ESGOTO PREDIAL","UN    ","CR","2,27"]
[298,"ANEL BORRACHA DN 75 MM, PARA TUBO SERIE REFORCADA ESGOTO PREDIAL","UN    ","CR","2,28"]
[295,"ANEL BORRACHA PARA TUBO ESGOTO PREDIAL DN 40 MM (NBR 5688)","UN    ","CR","1,36"]
[296,"ANEL BORRACHA PARA TUBO ESGOTO PREDIAL DN 50 MM (NBR 5688)","UN    ","CR","1,41"]
[297,"ANEL BORRACHA PARA TUBO ESGOTO PREDIAL DN 75 MM (NBR 5688)","UN    ","CR","1,99"]
[301,"ANEL BORRACHA PARA TUBO ESGOTO PREDIAL, DN 100 MM (NBR 5688)","UN    ","C ","2,50"]
[300,"ANEL BORRACHA, DN 150 MM, PARA TUBO SERIE REFORCADA ESGOTO PREDIAL","UN    ","CR","10,50"]
[20084,"ANEL BORRACHA, DN 40 MM, PARA TUBO SERIE REFORCADA ESGOTO PREDIAL","UN    ","CR","1,36"]
[20085,"ANEL BORRACHA, DN 50 MM, PARA TUBO SERIE REFORCADA ESGOTO PREDIAL","UN    ","CR","1,26"]
[311,"ANEL BORRACHA, PARA TUBO PVC DEFOFO, DN 100 MM (NBR 7665)","UN    ","CR","8,13"]
[318,"ANEL BORRACHA, PARA TUBO PVC DEFOFO, DN 150 MM (NBR 7665)","UN    ","CR","14,24"]
[319,"ANEL BORRACHA, PARA TUBO PVC DEFOFO, DN 200 MM (NBR 7665)","UN    ","CR","26,89"]
[320,"ANEL BORRACHA, PARA TUBO PVC DEFOFO, DN 250 MM (NBR 7665)","UN    ","CR","85,49"]
[314,"ANEL BORRACHA, PARA TUBO PVC DEFOFO, DN 300 MM (NBR 7665)","UN    ","CR","131,31"]
[303,"ANEL BORRACHA, PARA TUBO PVC, REDE COLETOR ESGOTO, DN 100 MM (NBR 7362)","UN    ","CR","3,40"]
[304,"ANEL BORRACHA, PARA TUBO PVC, REDE COLETOR ESGOTO, DN 125 MM (NBR 7362)","UN    ","CR","5,20"]
[305,"ANEL BORRACHA, PARA TUBO PVC, REDE COLETOR ESGOTO, DN 150 MM (NBR 7362)","UN    ","CR","8,88"]
[306,"ANEL BORRACHA, PARA TUBO PVC, REDE COLETOR ESGOTO, DN 200 MM (NBR 7362)","UN    ","CR","10,68"]
[307,"ANEL BORRACHA, PARA TUBO PVC, REDE COLETOR ESGOTO, DN 250 MM (NBR 7362)","UN    ","CR","21,08"]
[309,"ANEL BORRACHA, PARA TUBO PVC, REDE COLETOR ESGOTO, DN 350 MM (NBR 7362)","UN    ","CR","43,20"]
[310,"ANEL BORRACHA, PARA TUBO PVC, REDE COLETOR ESGOTO, DN 400 MM (NBR 7362)","UN    ","CR","54,79"]
[328,"ANEL BORRACHA, PARA TUBO/CONEXAO PVC PBA, DN 100 MM, PARA REDE AGUA","UN    ","CR","6,54"]
[325,"ANEL BORRACHA, PARA TUBO/CONEXAO PVC PBA, DN 50 MM, PARA REDE AGUA","UN    ","CR","2,53"]
[20326,"ANEL BORRACHA, PARA TUBO/CONEXAO PVC PBA, DN 60 MM, PARA REDE AGUA","UN    ","CR","6,79"]
[329,"ANEL BORRACHA, PARA TUBO/CONEXAO PVC PBA, DN 75 MM, PARA REDE AGUA","UN    ","CR","8,35"]
[308,"ANEL BORRACHA, PARA TUBO, PVC REDE COLETOR ESGOTO, DN 300 MM (NBR 7362)","UN    ","CR","28,15"]
[39642,"ANEL DE BORRACHA PARA VEDACAO DE DUTO PEAD CORRUGADO PARA ELETRICA, DN 1 1/2\"","UN    ","CR","1,71"]
[39641,"ANEL DE BORRACHA PARA VEDACAO DE DUTO PEAD CORRUGADO PARA ELETRICA, DN 1 1/4\"","UN    ","CR","1,19"]
[39643,"ANEL DE BORRACHA PARA VEDACAO DE DUTO PEAD CORRUGADO PARA ELETRICA, DN 2\"","UN    ","CR","4,75"]
[39644,"ANEL DE BORRACHA PARA VEDACAO DE DUTO PEAD CORRUGADO PARA ELETRICA, DN 3\"","UN    ","CR","6,13"]
[39645,"ANEL DE BORRACHA PARA VEDACAO DE DUTO PEAD CORRUGADO PARA ELETRICA, DN 4\"","UN    ","CR","7,92"]
[41610,"ANEL DE CONCRETO ARMADO COM FUNDO, PARA FOSSA E POCO 1,50 X *0,50* M","UN    ","CR","462,47"]
[41611,"ANEL DE CONCRETO ARMADO COM FUNDO, PARA FOSSA E POCO 2,00 X *0,50* M","UN    ","CR","728,95"]
[41612,"ANEL DE CONCRETO ARMADO COM FUNDO, PARA FOSSA E POCO 2,50 X *0,50* M","UN    ","CR","1.023,56"]
[41637,"ANEL DE CONCRETO ARMADO, COM FUROS/DRENO PARA SUMIDOURO, D = 0,80 M, H = 0,50 M","UN    ","CR","95,68"]
[41638,"ANEL DE CONCRETO ARMADO, COM FUROS/DRENO PARA SUMIDOURO, D = 1,00 M, H = 0,50M","UN    ","CR","124,64"]
[41639,"ANEL DE CONCRETO ARMADO, COM FUROS/DRENO PARA SUMIDOURO, D = 1,50 M, H = 0,50 M","UN    ","CR","301,52"]
[11789,"ANEL DE DISTRIBUICAO EM ACO GALVANIZADO PARA FIO FE-160","UN    ","AS","0,67"]
[20975,"ANEL DE EXPANSAO EM COBRE, ENGATE RAPIDO 1 1/2\", PARA EMPATACAO MANGUEIRA DE COMBATE A INCENDIO PREDIAL","UN    ","CR","11,42"]
[20976,"ANEL DE EXPANSAO EM COBRE, ENGATE RAPIDO 2 1/2\", PARA EMPATACAO MANGUEIRA DE COMBATE A INCENDIO PREDIAL","UN    ","CR","17,25"]
[40340,"ANEL DE VEDACAO/JUNTA ELASTICA, H = *16* MM, PARA TUBO DE CONCRETO DN 300 MM","UN    ","CR","66,20"]
[40341,"ANEL DE VEDACAO/JUNTA ELASTICA, H = *16* MM, PARA TUBO DE CONCRETO DN 400 MM","UN    ","CR","78,39"]
[40342,"ANEL DE VEDACAO/JUNTA ELASTICA, H = *16* MM, PARA TUBO DE CONCRETO DN 500 MM","UN    ","CR","99,38"]
[40343,"ANEL DE VEDACAO/JUNTA ELASTICA, H = *16* MM, PARA TUBO DE CONCRETO DN 600 MM","UN    ","CR","121,92"]
[40344,"ANEL DE VEDACAO/JUNTA ELASTICA, H = *18* MM, PARA TUBO DE CONCRETO DN 700 MM","UN    ","CR","128,91"]
[40345,"ANEL DE VEDACAO/JUNTA ELASTICA, H = *19* MM, PARA TUBO DE CONCRETO DN 800 MM","UN    ","CR","160,95"]
[40346,"ANEL DE VEDACAO/JUNTA ELASTICA, H = *19* MM, PARA TUBO DE CONCRETO DN 900 MM","UN    ","CR","151,41"]
[40347,"ANEL DE VEDACAO/JUNTA ELASTICA, H = *21* MM, PARA TUBO DE CONCRETO DN 1000 MM","UN    ","CR","187,21"]
[38840,"ANEL DESLIZANTE / TRADICIONAL, METALICO, PARA TUBO PEX, DN 16 MM","UN    ","AS","2,09"]
[38841,"ANEL DESLIZANTE / TRADICIONAL, METALICO, PARA TUBO PEX, DN 20 MM","UN    ","AS","2,32"]
[38842,"ANEL DESLIZANTE / TRADICIONAL, METALICO, PARA TUBO PEX, DN 25 MM","UN    ","AS","4,59"]
[38843,"ANEL DESLIZANTE / TRADICIONAL, METALICO, PARA TUBO PEX, DN 32 MM","UN    ","AS","7,17"]
[43424,"ANEL EM CONCRETO ARMADO, LISO,  PARA FOSSAS SEPTICAS E SUMIDOUROS, COM FUNDO, DIAMETRO INTERNO DE 1,20 M E ALTURA DE 0,50 M","UN    ","CR","387,47"]
[43426,"ANEL EM CONCRETO ARMADO, LISO, PARA FOSSAS SEPTICAS E SUMIDOUROS, COM FUNDO, DIAMETRO INTERNO DE 3,00 M E ALTURA DE 0,50 M","UN    ","CR","1.336,41"]
[12565,"ANEL EM CONCRETO ARMADO, LISO, PARA FOSSAS SEPTICAS E SUMIDOUROS, SEM FUNDO, DIAMETRO INTERNO DE 2,00 M E ALTURA DE 0,50 M","UN    ","CR","468,66"]
[12567,"ANEL EM CONCRETO ARMADO, LISO, PARA FOSSAS SEPTICAS E SUMIDOUROS, SEM FUNDO, DIAMETRO INTERNO DE 2,50 M E ALTURA DE 0,50 M","UN    ","CR","629,49"]
[12568,"ANEL EM CONCRETO ARMADO, LISO, PARA FOSSAS SEPTICAS E SUMIDOUROS, SEM FUNDO, DIAMETRO INTERNO DE 3,00 M E ALTURA DE 0,50 M","UN    ","CR","881,29"]
[43441,"ANEL EM CONCRETO ARMADO, LISO, PARA POCOS DE INSPECAO, COM FUNDO, DIAMETRO INTERNO DE 0,60 M E ALTURA DE 0,50 M","UN    ","CR","113,30"]
[43423,"ANEL EM CONCRETO ARMADO, LISO, PARA POCOS DE INSPECAO, SEM FUNDO, DIAMETRO INTERNO DE 0,60 M E ALTURA DE 0,20 M","UN    ","CR","52,87"]
[12532,"ANEL EM CONCRETO ARMADO, LISO, PARA POCOS DE INSPECAO, SEM FUNDO, DIAMETRO INTERNO DE 0,60 M E ALTURA DE 0,50 M","UN    ","CR","81,55"]
[43444,"ANEL EM CONCRETO ARMADO, LISO, PARA POCOS DE VISITA, POCOS DE INSPECAO, FOSSAS SEPTICAS E SUMIDOUROS, COM FUNDO, DIAMETRO INTERNO DE 1,20 M E ALTURA DE 0,75 M","UN    ","CR","273,83"]
[12551,"ANEL EM CONCRETO ARMADO, LISO, PARA POCOS DE VISITA, POCOS DE INSPECAO, FOSSAS SEPTICAS E SUMIDOUROS, SEM FUNDO, DIAMETRO INTERNO DE 1,20 M E ALTURA DE 0,50 M","UN    ","CR","195,37"]
[43442,"ANEL EM CONCRETO ARMADO, LISO, PARA POCOS DE VISITAS, POCOS DE INSPECAO, FOSSAS SEPTICAS E SUMIDOUROS, COM FUNDO, DIAMETRO INTERNO DE 0,80 M E ALTURA DE 0,50 M","UN    ","CR","151,07"]
[43443,"ANEL EM CONCRETO ARMADO, LISO, PARA POCOS DE VISITAS, POCOS DE INSPECAO, FOSSAS SEPTICAS E SUMIDOUROS, COM FUNDO, DIAMETRO INTERNO DE 1,00 M E ALTURA DE 0,50 M","UN    ","CR","198,29"]
[12544,"ANEL EM CONCRETO ARMADO, LISO, PARA POCOS DE VISITAS, POCOS DE INSPECAO, FOSSAS SEPTICAS E SUMIDOUROS, SEM FUNDO, DIAMETRO INTERNO DE 0,80 M E ALTURA DE 0,50 M","UN    ","CR","107,01"]
[12547,"ANEL EM CONCRETO ARMADO, LISO, PARA POCOS DE VISITAS, POCOS DE INSPECAO, FOSSAS SEPTICAS E SUMIDOUROS, SEM FUNDO, DIAMETRO INTERNO DE 1,00 M E ALTURA DE 0,50 M","UN    ","CR","143,92"]
[43445,"ANEL EM CONCRETO ARMADO, LISO, PARA, POCOS DE VISITA, POCOS DE INSPECAO, FOSSAS SEPTICAS E SUMIDOUROS, COM FUNDO, DIAMETRO INTERNO DE 1,50 M E ALTURA DE 1,00 M","UN    ","CR","377,69"]
[12563,"ANEL EM CONCRETO ARMADO, LISO, PARA, POCOS DE VISITA, POCOS DE INSPECAO, FOSSAS SEPTICAS E SUMIDOUROS, SEM FUNDO, DIAMETRO INTERNO DE 1,50 M E ALTURA DE 0,50 M","UN    ","CR","270,22"]
[43425,"ANEL EM CONCRETO ARMADO, PERFURADO,  PARA FOSSAS SEPTICAS E SUMIDOUROS, SEM FUNDO, DIAMETRO INTERNO DE 1,20 M E ALTURA DE 0,50 M","UN    ","CR","169,96"]
[43446,"ANEL EM CONCRETO ARMADO, PERFURADO, PARA FOSSAS SEPTICAS E SUMIDOUROS, SEM FUNDO, DIAMETRO INTERNO DE 2,00 M E ALTURA DE 0,50 M","UN    ","CR","358,81"]
[43447,"ANEL EM CONCRETO ARMADO, PERFURADO, PARA FOSSAS SEPTICAS E SUMIDOUROS, SEM FUNDO, DIAMETRO INTERNO DE 2,50 M E ALTURA DE 0,50 M","UN    ","CR","440,64"]
[43448,"ANEL EM CONCRETO ARMADO, PERFURADO, PARA FOSSAS SEPTICAS E SUMIDOUROS, SEM FUNDO, DIAMETRO INTERNO DE 3,00 M E ALTURA DE 0,50 M","UN    ","CR","616,90"]
[13761,"APARELHO CORTE OXI-ACETILENO PARA SOLDA E CORTE CONTENDO MACARICO SOLDA, BICO DE CORTE, CILINDROS, REGULADORES, MANGUEIRAS E CARRINHO","UN    ","CR","3.443,21"]
[12888,"APARELHO DE APOIO DE NEOPRENE FRETADO, 60 X 45 X 7,6 CM, COM FRETAGEM DE ACO DE 4 MM INTERCALADAS COM ELASTOMERO DE 11 MM E REVESTIMENTO FINAL COM ELASTOMERO DE 6 MM","DM3   ","AS","96,72"]
[12889,"APARELHO DE APOIO DE NEOPRENE SIMPLES/ NAO FRETADO, 100 X 100 CM, ESPESSURA 6,3 MM","DM3   ","AS","63,16"]
[4814,"APARELHO SINALIZADOR LUMINOSO COM LED, PARA SAIDA GARAGEM, COM 2 LENTES EM POLICARBONATO, BIVOLT (INCLUI SUPORTE DE FIXACAO)","UN    ","CR","104,47"]
[25967,"APOIO DO PORTA DENTE PARA FRESADORA DE ASFALTO","UN    ","AS","1.816,26"]
[6122,"APONTADOR OU APROPRIADOR DE MAO DE OBRA","H     ","CR","15,21"]
[40810,"APONTADOR OU APROPRIADOR DE MAO DE OBRA (MENSALISTA)","MES   ","CR","2.668,44"]
[21100,"AQUECEDOR DE AGUA A GAS GLP/GN COM CAPACIDADE DE ARMAZENAMENTO DE 50 A 80 L","UN    ","AS","2.506,82"]
[11816,"AQUECEDOR DE AGUA ELETRICO  RESERVATORIO DE 100 L CILINDRICO EM COBRE, REFORCADO COM ACO CARBONO, MONOFASICO, TENSAO NOMINAL 220 V","UN    ","AS","2.673,00"]
[11814,"AQUECEDOR DE AGUA ELETRICO  RESERVATORIO DE 500 L CILINDRICO EM COBRE, REFORCADO COM ACO CARBONO, MONOFASICO, TENSAO NOMINAL 220 V","UN    ","AS","5.818,45"]
[14186,"AQUECEDOR DE AGUA ELETRICO  RESERVATORIO DE 500 L CILINDRICO EM COBRE, REFORCADO COM ACO CARBONO, TRIFASICO, TENSAO NOMINAL 220/380/400 V, POTENCIA 24 KW","UN    ","AS","7.305,85"]
[14185,"AQUECEDOR DE AGUA ELETRICO  RESERVATORIO DE 700 L CILINDRICO EM COBRE, REFORCADO COM ACO CARBONO, MONOFASICO, TENSAO NOMINAL 220 V","UN    ","AS","9.463,92"]
[11811,"AQUECEDOR DE AGUA ELETRICO HORIZONTAL, RESERVATORIO DE 200 L CILINDRICO EM COBRE, REFORCADO COM ACO CARBONO, MONOFASICO, TENSAO NOMINAL 220 V","UN    ","AS","3.618,64"]
[26038,"AQUECEDOR DE OLEO BPF (FLUIDO) TERMICO, CAPACIDADE DE 300.000 KCAL/H","UN    ","AS","202.992,51"]
[34482,"AQUECEDOR SOLAR  CAPACIDADE DO RESERVATORIO 800 L, INCLUI 8 PLACAS COLETORAS DE 1,42 M2","UN    ","AS","5.568,10"]
[34469,"AQUECEDOR SOLAR CAPACIDADE DO RESERVATORIO 1000 L, INCLUI 10 PLACAS COLETORAS DE 1,42 M2","UN    ","AS","8.613,16"]
[34472,"AQUECEDOR SOLAR CAPACIDADE DO RESERVATORIO 200 L, INCLUI 2 PLACAS COLETORAS DE 1,42 M2","UN    ","AS","2.650,00"]
[34476,"AQUECEDOR SOLAR CAPACIDADE DO RESERVATORIO 400L, INCLUI 4 PLACAS COLETORAS DE 1,42 M2","UN    ","AS","4.492,12"]
[34477,"AQUECEDOR SOLAR CAPACIDADE DO RESERVATORIO 600 L, INCLUI 6 PLACAS COLETORAS DE 1,42 M2","UN    ","AS","5.961,92"]
[42425,"AR CONDICIONADO SPLIT INVERTER, HI-WALL (PAREDE), 12000 BTU/H, CICLO FRIO, 60HZ, CLASSIFICACAO A (SELO PROCEL), GAS HFC, CONTROLE S/FIO","UN    ","CR","1.730,51"]
[42422,"AR CONDICIONADO SPLIT INVERTER, HI-WALL (PAREDE), 18000 BTU/H, CICLO FRIO, 60HZ, CLASSIFICACAO A (SELO PROCEL), GAS HFC, CONTROLE S/FIO","UN    ","C ","2.569,00"]
[43184,"AR CONDICIONADO SPLIT INVERTER, HI-WALL (PAREDE), 24000 BTU/H, CICLO FRIO, 60HZ, CLASSIFICACAO A - SELO PROCEL, GAS HFC, CONTROLE S/FIO","UN    ","CR","3.550,60"]
[42424,"AR CONDICIONADO SPLIT INVERTER, HI-WALL (PAREDE), 9000 BTU/H, CICLO FRIO, 60HZ, CLASSIFICACAO A (SELO PROCEL), GAS HFC, CONTROLE S/FIO","UN    ","CR","1.545,49"]
[42421,"AR CONDICIONADO SPLIT INVERTER, PISO TETO, APRESENTANDO ENTRE 54000 E 58000 BTU/H, CICLO FRIO, 60HZ, CLASSIFICACAO ENERGETICA A OU B (SELO PROCEL), GAS HFC, CONTROLE S/FIO","UN    ","CR","14.071,57"]
[42416,"AR CONDICIONADO SPLIT INVERTER, PISO TETO, 18000 BTU/H, CICLO FRIO, 60HZ, CLASSIFICACAO ENERGETICA A OU B (SELO PROCEL), GAS HFC, CONTROLE S/FIO","UN    ","CR","6.662,45"]
[42417,"AR CONDICIONADO SPLIT INVERTER, PISO TETO, 24000 BTU/H, CICLO FRIO, 60HZ, CLASSIFICACAO ENERGETICA A OU B (SELO PROCEL), GAS HFC, CONTROLE S/FIO","UN    ","CR","7.469,16"]
[42419,"AR CONDICIONADO SPLIT INVERTER, PISO TETO, 36000 BTU/H, CICLO FRIO, 60HZ, CLASSIFICACAO ENERGETICA A OU B (SELO PROCEL), GAS HFC, CONTROLE S/FIO","UN    ","CR","8.438,56"]
[42420,"AR CONDICIONADO SPLIT INVERTER, PISO TETO, 48000 BTU/H, CICLO FRIO, 60HZ, CLASSIFICACAO ENERGETICA A OU B (SELO PROCEL), GAS HFC, CONTROLE S/FIO","UN    ","CR","11.598,18"]
[43195,"AR CONDICIONADO SPLIT ON/OFF, CASSETE (TETO), FRIO 4 VIAS 18000 BTUS/H, CLASSIFICACAO ENERGETICA C - SELO PROCEL, GAS HFC, CONTROLE S/ FIO","UN    ","CR","4.083,88"]
[43196,"AR CONDICIONADO SPLIT ON/OFF, CASSETE (TETO), FRIO 4 VIAS 24000 BTUS/H, CLASSIFICACAO ENERGETICA C - SELO PROCEL, GAS HFC, CONTROLE S/ FIO","UN    ","CR","5.061,39"]
[43198,"AR CONDICIONADO SPLIT ON/OFF, CASSETE (TETO), FRIO 4 VIAS 36000 BTUS/H, CLASSIFICACAO ENERGETICA C - SELO PROCEL, GAS HFC, CONTROLE S/ FIO","UN    ","CR","7.521,10"]
[43199,"AR CONDICIONADO SPLIT ON/OFF, CASSETE (TETO), FRIO 4 VIAS 48000 BTUS/H, CLASSIFICACAO ENERGETICA C - SELO PROCEL, GAS HFC, CONTROLE S/ FIO","UN    ","CR","7.796,70"]
[43200,"AR CONDICIONADO SPLIT ON/OFF, CASSETE (TETO), FRIO 4 VIAS 60000 BTUS/H, CLASSIFICACAO ENERGETICA C - SELO PROCEL, GAS HFC, CONTROLE S/ FIO","UN    ","CR","8.947,28"]
[39556,"AR CONDICIONADO SPLIT ON/OFF, CASSETE (TETO), 18000 BTUS/H, CICLO QUENTE/FRIO, 60 HZ, CLASSIFICACAO ENERGETICA C - SELO PROCEL, GAS HFC, CONTROLE S/ FIO","UN    ","CR","4.886,74"]
[39557,"AR CONDICIONADO SPLIT ON/OFF, CASSETE (TETO), 24000 BTUS/H, CICLO QUENTE/FRIO, 60 HZ, CLASSIFICACAO ENERGETICA C - SELO PROCEL, GAS HFC, CONTROLE S/ FIO","UN    ","CR","5.261,95"]
[39559,"AR CONDICIONADO SPLIT ON/OFF, CASSETE (TETO), 36000 BTUS/H, CICLO QUENTE/FRIO, 60 HZ, CLASSIFICACAO ENERGETICA A - SELO PROCEL, GAS HFC, CONTROLE S/ FIO","UN    ","CR","7.776,15"]
[39560,"AR CONDICIONADO SPLIT ON/OFF, CASSETE (TETO), 48000 BTUS/H, CICLO QUENTE/FRIO, 60 HZ, CLASSIFICACAO ENERGETICA A - SELO PROCEL, GAS HFC, CONTROLE S/ FIO","UN    ","CR","8.996,25"]
[39561,"AR CONDICIONADO SPLIT ON/OFF, CASSETE (TETO), 60000 BTUS/H, CICLO QUENTE/FRIO, 60 HZ, CLASSIFICACAO ENERGETICA A - SELO PROCEL, GAS HFC, CONTROLE S/ FIO","UN    ","CR","9.411,23"]
[43190,"AR CONDICIONADO SPLIT ON/OFF, HI-WALL (PAREDE), 12000 BTUS/H, CICLO FRIO, 60 HZ, CLASSIFICACAO ENERGETICA A - SELO PROCEL, GAS HFC, CONTROLE S/ FIO","UN    ","CR","1.388,85"]
[39555,"AR CONDICIONADO SPLIT ON/OFF, HI-WALL (PAREDE), 12000 BTUS/H, CICLO QUENTE/FRIO, 60 HZ, CLASSIFICACAO ENERGETICA A - SELO PROCEL, GAS HFC, CONTROLE S/ FIO","UN    ","CR","1.502,37"]
[43191,"AR CONDICIONADO SPLIT ON/OFF, HI-WALL (PAREDE), 18000 BTUS/H, CICLO FRIO, 60 HZ, CLASSIFICACAO ENERGETICA A - SELO PROCEL, GAS HFC, CONTROLE S/ FIO","UN    ","CR","1.998,36"]
[39548,"AR CONDICIONADO SPLIT ON/OFF, HI-WALL (PAREDE), 18000 BTUS/H, CICLO QUENTE/FRIO, 60 HZ, CLASSIFICACAO ENERGETICA A - SELO PROCEL, GAS HFC, CONTROLE S/ FIO","UN    ","CR","2.228,49"]
[43192,"AR CONDICIONADO SPLIT ON/OFF, HI-WALL (PAREDE), 24000 BTUS/H, CICLO FRIO, 60 HZ, CLASSIFICACAO ENERGETICA A - SELO PROCEL, GAS HFC, CONTROLE S/ FIO","UN    ","CR","2.617,68"]
[39554,"AR CONDICIONADO SPLIT ON/OFF, HI-WALL (PAREDE), 24000 BTUS/H, CICLO QUENTE/FRIO, 60 HZ, CLASSIFICACAO ENERGETICA A - SELO PROCEL, GAS HFC, CONTROLE S/ FIO","UN    ","CR","2.946,84"]
[43194,"AR CONDICIONADO SPLIT ON/OFF, HI-WALL (PAREDE), 9000 BTUS/H, CICLO FRIO, 60 HZ, CLASSIFICACAO ENERGETICA A - SELO PROCEL, GAS HFC, CONTROLE S/ FIO","UN    ","CR","1.189,78"]
[39551,"AR CONDICIONADO SPLIT ON/OFF, HI-WALL (PAREDE), 9000 BTUS/H, CICLO QUENTE/FRIO, 60 HZ, CLASSIFICACAO ENERGETICA A - SELO PROCEL, GAS HFC, CONTROLE S/ FIO","UN    ","CR","1.310,08"]
[43185,"AR CONDICIONADO SPLIT ON/OFF, PISO TETO, 18.000 BTU/H, CICLO FRIO, 60HZ, CLASSIFICACAO ENERGETICA C - SELO PROCEL, GAS HFC, CONTROLE S/FIO","UN    ","CR","3.723,01"]
[43186,"AR CONDICIONADO SPLIT ON/OFF, PISO TETO, 24.000 BTU/H, CICLO FRIO, 60HZ, CLASSIFICACAO ENERGETICA C - SELO PROCEL, GAS HFC, CONTROLE S/FIO","UN    ","CR","3.927,03"]
[43187,"AR CONDICIONADO SPLIT ON/OFF, PISO TETO, 36.000 BTU/H, CICLO FRIO, 60HZ, CLASSIFICACAO ENERGETICA C - SELO PROCEL, GAS HFC, CONTROLE S/FIO","UN    ","CR","5.211,20"]
[43188,"AR CONDICIONADO SPLIT ON/OFF, PISO TETO, 48.000 BTU/H, CICLO FRIO, 60HZ, CLASSIFICACAO ENERGETICA C - SELO PROCEL, GAS HFC, CONTROLE S/FIO","UN    ","CR","6.314,06"]
[43189,"AR CONDICIONADO SPLIT ON/OFF, PISO TETO, 60.000 BTU/H, CICLO FRIO, 60HZ, CLASSIFICACAO ENERGETICA C - SELO PROCEL, GAS HFC, CONTROLE S/FIO","UN    ","CR","7.102,27"]
[39580,"AR-CONDICIONADO FRIO SPLITAO INVERTER 30 TR","UN    ","CR","55.968,79"]
[39577,"AR-CONDICIONADO FRIO SPLITAO MODULAR 10 TR","UN    ","CR","17.518,11"]
[39578,"AR-CONDICIONADO FRIO SPLITAO MODULAR 15 TR","UN    ","CR","22.607,47"]
[39579,"AR-CONDICIONADO FRIO SPLITAO MODULAR 20 TR","UN    ","CR","32.892,10"]
[39826,"AR-CONDICIONADO SPLIT INVERTER, PISO TETO, 24000 BTU/H, QUENTE/FRIO, 60HZ, CLASSIFICACAO ENERGETICA A - SELO PROCEL, GAS HFC, CONTROLE S/FIO","UN    ","CR","4.039,75"]
[10700,"ARADO REVERSIVEL COM 3 DISCOS DE 26\" X 6MM REBOCAVEL","UN    ","AS","12.453,59"]
[346,"ARAME DE ACO OVALADO 15 X 17 ( 45,7 KG, 700 KGF), ROLO 1000 M","KG    ","CR","18,30"]
[3312,"ARAME DE AMARRACAO PARA GABIAO GALVANIZADO, DIAMETRO 2,2 MM","KG    ","AS","21,12"]
[339,"ARAME FARPADO GALVANIZADO, 14 BWG (2,11 MM), CLASSE 250","M     ","CR","0,94"]
[340,"ARAME FARPADO GALVANIZADO, 16 BWG (1,65 MM), CLASSE 250","M     ","CR","0,85"]
[43130,"ARAME GALVANIZADO 12 BWG, D = 2,76 MM (0,048 KG/M) OU 14 BWG, D = 2,11 MM (0,026 KG/M)","KG    ","C ","15,45"]
[344,"ARAME GALVANIZADO 16 BWG, D = 1,65MM (0,0166 KG/M)","KG    ","CR","20,31"]
[345,"ARAME GALVANIZADO 18 BWG, D = 1,24MM (0,009 KG/M)","KG    ","CR","22,03"]
[43131,"ARAME GALVANIZADO 6 BWG, D = 5,16 MM (0,157 KG/M), OU 8 BWG, D = 4,19 MM (0,101 KG/M), OU 10 BWG, D = 3,40 MM (0,0713 KG/M)","KG    ","CR","17,94"]
[3313,"ARAME PROTEGIDO COM POLIMERO PARA GABIAO, DIAMETRO 2,2 MM","KG    ","AS","27,18"]
[43132,"ARAME RECOZIDO 16 BWG, D = 1,65 MM (0,016 KG/M) OU 18 BWG, D = 1,25 MM (0,01 KG/M)","KG    ","CR","15,45"]
[369,"AREIA AMARELA, AREIA BARRADA OU ARENOSO (RETIRADA NO AREAL, SEM TRANSPORTE)","M3    ","CR","69,00"]
[366,"AREIA FINA - POSTO JAZIDA/FORNECEDOR (RETIRADO NA JAZIDA, SEM TRANSPORTE)","M3    ","C ","74,00"]
[367,"AREIA GROSSA - POSTO JAZIDA/FORNECEDOR (RETIRADO NA JAZIDA, SEM TRANSPORTE)","M3    ","C ","80,00"]
[370,"AREIA MEDIA - POSTO JAZIDA/FORNECEDOR (RETIRADO NA JAZIDA, SEM TRANSPORTE)","M3    ","C ","77,50"]
[368,"AREIA PARA ATERRO - POSTO JAZIDA/FORNECEDOR (RETIRADO NA JAZIDA, SEM TRANSPORTE)","M3    ","CR","60,00"]
[11075,"AREIA PARA LEITO FILTRANTE (0,42 A 1,68 MM) - POSTO JAZIDA/FORNECEDOR (RETIRADO NA JAZIDA, SEM TRANSPORTE)","M3    ","CR","1.310,00"]
[11076,"AREIA PRETA PARA EMBOCO - POSTO JAZIDA/FORNECEDOR (RETIRADO NA JAZIDA, SEM TRANSPORTE)","M3    ","CR","100,00"]
[1381,"ARGAMASSA COLANTE AC I PARA CERAMICAS","KG    ","C ","0,49"]
[34353,"ARGAMASSA COLANTE AC II","KG    ","CR","0,91"]
[37595,"ARGAMASSA COLANTE TIPO AC III","KG    ","CR","1,50"]
[37596,"ARGAMASSA COLANTE TIPO AC III E","KG    ","CR","1,72"]
[371,"ARGAMASSA INDUSTRIALIZADA MULTIUSO, PARA REVESTIMENTO INTERNO E EXTERNO E ASSENTAMENTO DE BLOCOS DIVERSOS","KG    ","CR","0,53"]
[37553,"ARGAMASSA INDUSTRIALIZADA PARA CHAPISCO COLANTE","KG    ","CR","1,00"]
[37552,"ARGAMASSA INDUSTRIALIZADA PARA CHAPISCO ROLADO","KG    ","CR","1,61"]
[36880,"ARGAMASSA PARA REVESTIMENTO DECORATIVO MONOCAMADA","KG    ","CR","1,63"]
[34355,"ARGAMASSA PISO SOBRE PISO","KG    ","CR","1,40"]
[130,"ARGAMASSA POLIMERICA DE REPARO ESTRUTURAL, BICOMPONENTE","KG    ","CR","3,33"]
[135,"ARGAMASSA POLIMERICA IMPERMEABILIZANTE SEMIFLEXIVEL, BICOMPONENTE (MEMBRANA IMPERMEABILIZANTE ACRILICA)","KG    ","CR","2,68"]
[36886,"ARGAMASSA PRONTA PARA CONTRAPISO","KG    ","CR","0,50"]
[38546,"ARGAMASSA USINADA AUTOADENSAVEL E AUTONIVELANTE PARA CONTRAPISO, INCLUI BOMBEAMENTO","M3    ","CR","358,79"]
[34549,"ARGILA EXPANDIDA, GRANULOMETRIA 2215","M3    ","CR","207,00"]
[6081,"ARGILA OU BARRO PARA ATERRO/REATERRO (COM TRANSPORTE ATE 10 KM)","M3    ","CR","29,32"]
[6077,"ARGILA OU BARRO PARA ATERRO/REATERRO (RETIRADO NA JAZIDA, SEM TRANSPORTE)","M3    ","CR","16,90"]
[6079,"ARGILA, ARGILA VERMELHA OU ARGILA ARENOSA (RETIRADA NA JAZIDA, SEM TRANSPORTE)","M3    ","CR","9,66"]
[1091,"ARMACAO VERTICAL COM HASTE E CONTRA-PINO, EM CHAPA DE ACO GALVANIZADO 3/16\", COM 1 ESTRIBO E 1 ISOLADOR","UN    ","AS","20,25"]
[1094,"ARMACAO VERTICAL COM HASTE E CONTRA-PINO, EM CHAPA DE ACO GALVANIZADO 3/16\", COM 1 ESTRIBO, SEM ISOLADOR","UN    ","AS","14,17"]
[1095,"ARMACAO VERTICAL COM HASTE E CONTRA-PINO, EM CHAPA DE ACO GALVANIZADO 3/16\", COM 2 ESTRIBOS, E 2 ISOLADORES","UN    ","AS","30,11"]
[1092,"ARMACAO VERTICAL COM HASTE E CONTRA-PINO, EM CHAPA DE ACO GALVANIZADO 3/16\", COM 2 ESTRIBOS, SEM ISOLADOR","UN    ","AS","23,30"]
[1093,"ARMACAO VERTICAL COM HASTE E CONTRA-PINO, EM CHAPA DE ACO GALVANIZADO 3/16\", COM 3 ESTRIBOS E 3 ISOLADORES","UN    ","AS","54,41"]
[1090,"ARMACAO VERTICAL COM HASTE E CONTRA-PINO, EM CHAPA DE ACO GALVANIZADO 3/16\", COM 3 ESTRIBOS, SEM ISOLADOR","UN    ","AS","38,96"]
[1096,"ARMACAO VERTICAL COM HASTE E CONTRA-PINO, EM CHAPA DE ACO GALVANIZADO 3/16\", COM 4 ESTRIBOS E 4 ISOLADORES","UN    ","AS","70,11"]
[1097,"ARMACAO VERTICAL COM HASTE E CONTRA-PINO, EM CHAPA DE ACO GALVANIZADO 3/16\", COM 4 ESTRIBOS, SEM ISOLADOR","UN    ","AS","59,51"]
[378,"ARMADOR","H     ","CR","14,02"]
[40911,"ARMADOR (MENSALISTA)","MES   ","CR","2.461,07"]
[33939,"ARQUITETO JUNIOR","H     ","CR","63,64"]
[40815,"ARQUITETO JUNIOR (MENSALISTA)","MES   ","CR","11.159,33"]
[34760,"ARQUITETO PAISAGISTA","H     ","CR","90,15"]
[40935,"ARQUITETO PAISAGISTA (MENSALISTA)","MES   ","CR","15.805,70"]
[33952,"ARQUITETO PLENO","H     ","CR","90,41"]
[40816,"ARQUITETO PLENO (MENSALISTA)","MES   ","CR","15.850,93"]
[33953,"ARQUITETO SENIOR","H     ","CR","119,54"]
[40817,"ARQUITETO SENIOR (MENSALISTA)","MES   ","CR","20.956,32"]
[13348,"ARRUELA  EM ACO GALVANIZADO, DIAMETRO EXTERNO = 35MM, ESPESSURA = 3MM, DIAMETRO DO FURO= 18MM","UN    ","AS","0,84"]
[39211,"ARRUELA EM ALUMINIO, COM ROSCA, DE  1 1/4\", PARA ELETRODUTO","UN    ","CR","1,08"]
[39212,"ARRUELA EM ALUMINIO, COM ROSCA, DE 1 1/2\", PARA ELETRODUTO","UN    ","CR","1,21"]
[39208,"ARRUELA EM ALUMINIO, COM ROSCA, DE 1/2\", PARA ELETRODUTO","UN    ","CR","0,33"]
[39210,"ARRUELA EM ALUMINIO, COM ROSCA, DE 1\", PARA ELETRODUTO","UN    ","CR","0,61"]
[39214,"ARRUELA EM ALUMINIO, COM ROSCA, DE 2 1/2\", PARA ELETRODUTO","UN    ","CR","2,24"]
[39213,"ARRUELA EM ALUMINIO, COM ROSCA, DE 2\", PARA ELETRODUTO","UN    ","CR","1,58"]
[39209,"ARRUELA EM ALUMINIO, COM ROSCA, DE 3/4\", PARA ELETRODUTO","UN    ","CR","0,39"]
[39207,"ARRUELA EM ALUMINIO, COM ROSCA, DE 3/8\", PARA ELETRODUTO","UN    ","CR","0,61"]
[39215,"ARRUELA EM ALUMINIO, COM ROSCA, DE 3\", PARA ELETRODUTO","UN    ","CR","4,09"]
[39216,"ARRUELA EM ALUMINIO, COM ROSCA, DE 4\", PARA ELETRODUTO","UN    ","CR","5,70"]
[11267,"ARRUELA LISA, REDONDA, DE LATAO POLIDO, DIAMETRO NOMINAL 5/8\", DIAMETRO EXTERNO = 34 MM, DIAMETRO DO FURO = 17 MM, ESPESSURA = *2,5* MM","UN    ","AS","0,73"]
[379,"ARRUELA QUADRADA EM ACO GALVANIZADO, DIMENSAO = 38 MM, ESPESSURA = 3MM, DIAMETRO DO FURO= 18 MM","UN    ","AS","0,74"]
[41901,"ASFALTO DILUIDO DE PETROLEO CM-30 (COLETADO CAIXA NA ANP ACRESCIDO DE ICMS)","KG    ","AS","4,97"]
[510,"ASFALTO MODIFICADO TIPO I - NBR 9910 (ASFALTO OXIDADO PARA IMPERMEABILIZACAO, COEFICIENTE DE PENETRACAO 25-40)","KG    ","AS","8,59"]
[516,"ASFALTO MODIFICADO TIPO II - NBR 9910 (ASFALTO OXIDADO PARA IMPERMEABILIZACAO, COEFICIENTE DE PENETRACAO 20-35)","KG    ","AS","9,16"]
[509,"ASFALTO MODIFICADO TIPO III - NBR 9910 (ASFALTO OXIDADO PARA IMPERMEABILIZACAO, COEFICIENTE DE PENETRACAO 15-25)","KG    ","AS","9,35"]
[40331,"ASSENTADOR DE MANILHAS","H     ","CR","17,29"]
[40930,"ASSENTADOR DE MANILHAS (MENSALISTA)","MES   ","CR","3.033,69"]
[11761,"ASSENTO  VASO SANITARIO INFANTIL EM PLASTICO BRANCO","UN    ","CR","51,60"]
[377,"ASSENTO SANITARIO DE PLASTICO, TIPO CONVENCIONAL","UN    ","C ","24,25"]
[7588,"AUTOMATICO DE BOIA SUPERIOR / INFERIOR, *15* A / 250 V","UN    ","C ","32,19"]
[34392,"AUXILIAR  DE ALMOXARIFE","H     ","CR","11,01"]
[40908,"AUXILIAR DE ALMOXARIFE (MENSALISTA)","MES   ","CR","1.933,43"]
[34551,"AUXILIAR DE AZULEJISTA","H     ","CR","9,91"]
[41078,"AUXILIAR DE AZULEJISTA (MENSALISTA)","MES   ","CR","1.740,35"]
[246,"AUXILIAR DE ENCANADOR OU BOMBEIRO HIDRAULICO","H     ","CR","9,63"]
[40927,"AUXILIAR DE ENCANADOR OU BOMBEIRO HIDRAULICO (MENSALISTA)","MES   ","CR","1.692,67"]
[2350,"AUXILIAR DE ESCRITORIO","H     ","CR","11,01"]
[40812,"AUXILIAR DE ESCRITORIO (MENSALISTA)","MES   ","CR","1.931,58"]
[245,"AUXILIAR DE LABORATORISTA DE SOLOS E DE CONCRETO","H     ","CR","25,71"]
[41090,"AUXILIAR DE LABORATORISTA DE SOLOS E DE CONCRETO (MENSALISTA)","MES   ","CR","4.509,74"]
[251,"AUXILIAR DE MECANICO","H     ","CR","15,44"]
[40975,"AUXILIAR DE MECANICO (MENSALISTA)","MES   ","CR","2.709,42"]
[6127,"AUXILIAR DE PEDREIRO","H     ","CR","10,22"]
[41072,"AUXILIAR DE PEDREIRO (MENSALISTA)","MES   ","CR","1.792,38"]
[6121,"AUXILIAR DE SERVICOS GERAIS","H     ","CR","10,99"]
[41071,"AUXILIAR DE SERVICOS GERAIS (MENSALISTA)","MES   ","CR","1.928,76"]
[244,"AUXILIAR DE TOPOGRAFO","H     ","CR","13,01"]
[41093,"AUXILIAR DE TOPOGRAFO (MENSALISTA)","MES   ","CR","2.283,28"]
[532,"AUXILIAR TECNICO / ASSISTENTE DE ENGENHARIA","H     ","CR","29,43"]
[40931,"AUXILIAR TECNICO / ASSISTENTE DE ENGENHARIA (MENSALISTA)","MES   ","CR","5.161,20"]
[36150,"AVENTAL DE SEGURANCA DE RASPA DE COURO 1,00 X 0,60 M","UN    ","CR","34,98"]
[4760,"AZULEJISTA OU LADRILHEIRO","H     ","CR","17,83"]
[41069,"AZULEJISTA OU LADRILHEIRO (MENSALISTA)","MES   ","CR","3.129,51"]
[10422,"BACIA SANITARIA (VASO) COM CAIXA ACOPLADA, DE LOUCA BRANCA","UN    ","CR","292,79"]
[10420,"BACIA SANITARIA (VASO) CONVENCIONAL DE LOUCA BRANCA","UN    ","C ","109,81"]
[10421,"BACIA SANITARIA (VASO) CONVENCIONAL DE LOUCA COR","UN    ","CR","146,96"]
[36520,"BACIA SANITARIA (VASO) CONVENCIONAL PARA PCD SEM FURO FRONTAL, DE LOUCA BRANCA, SEM ASSENTO","UN    ","CR","547,09"]
[11784,"BACIA SANITARIA TURCA DE LOUCA BRANCA","UN    ","CR","410,89"]
[10,"BALDE PLASTICO CAPACIDADE *10* L","UN    ","CR","6,03"]
[4815,"BALDE VERMELHO PARA SINALIZACAO DE VIAS","UN    ","CR","4,94"]
[541,"BANCADA DE MARMORE SINTETICO COM UMA CUBA, 120 X *60* CM","UN    ","C ","74,90"]
[542,"BANCADA DE MARMORE SINTETICO COM UMA CUBA, 150 X *60* CM","UN    ","CR","93,88"]
[540,"BANCADA DE MARMORE SINTETICO COM UMA CUBA, 200 X *60* CM","UN    ","CR","211,57"]
[38364,"BANCADA/ BANCA EM GRANITO, POLIDO, TIPO ANDORINHA/ QUARTZ/ CASTELO/ CORUMBA OU OUTROS EQUIVALENTES DA REGIAO, COM CUBA INOX, FORMATO *120 X 60* CM, E=  *2* CM","UN    ","AS","754,71"]
[11692,"BANCADA/ BANCA EM MARMORE, POLIDO, BRANCO COMUM, E=  *3* CM","M2    ","AS","377,69"]
[1746,"BANCADA/BANCA/PIA DE ACO INOXIDAVEL (AISI 430) COM 1 CUBA CENTRAL, COM VALVULA, ESCORREDOR DUPLO, DE *0,55 X 1,20* M","UN    ","C ","153,00"]
[1748,"BANCADA/BANCA/PIA DE ACO INOXIDAVEL (AISI 430) COM 1 CUBA CENTRAL, COM VALVULA, ESCORREDOR DUPLO, DE *0,55 X 1,40* M","UN    ","CR","203,45"]
[1749,"BANCADA/BANCA/PIA DE ACO INOXIDAVEL (AISI 430) COM 1 CUBA CENTRAL, COM VALVULA, ESCORREDOR DUPLO, DE *0,55 X 1,80* M","UN    ","CR","294,76"]
[37412,"BANCADA/BANCA/PIA DE ACO INOXIDAVEL (AISI 430) COM 1 CUBA CENTRAL, COM VALVULA, LISA (SEM ESCORREDOR), DE *0,55 X 1,20* M","UN    ","CR","149,55"]
[1745,"BANCADA/BANCA/PIA DE ACO INOXIDAVEL (AISI 430) COM 1 CUBA CENTRAL, SEM VALVULA, ESCORREDOR DUPLO, DE *0,55 X 1,60* M","UN    ","CR","177,84"]
[1750,"BANCADA/BANCA/PIA DE ACO INOXIDAVEL (AISI 430) COM 2 CUBAS, COM VALVULAS, ESCORREDOR DUPLO, DE *0,55 X 2,00* M","UN    ","CR","415,59"]
[11687,"BANCADA/TAMPO ACO INOX (AISI 304), LARGURA 60 CM, COM RODABANCA (NAO INCLUI PES DE APOIO)","M     ","CR","662,16"]
[11689,"BANCADA/TAMPO ACO INOX (AISI 304), LARGURA 70 CM, COM RODABANCA (NAO INCLUI PES DE APOIO)","M     ","CR","829,65"]
[11693,"BANCADA/TAMPO LISO (SEM CUBA) EM MARMORE SINTETICO","M2    ","CR","83,04"]
[36215,"BANCO ARTICULADO PARA BANHO, EM ACO INOX POLIDO, 70* CM X 45* CM","UN    ","CR","670,87"]
[42439,"BANCO COM ENCOSTO, 1,60M* DE COMPRIMENTO, EM TUBO DE ACO CARBONO E PINTURA NO PROCESSO ELETROSTATICO - PARA ACADEMIA AO AR LIVRE / ACADEMIA DA TERCEIRA IDADE - ATI","UN    ","AS","672,26"]
[38381,"BANDEJA DE PINTURA PARA ROLO 23 CM","UN    ","CR","6,28"]
[39621,"BARRA ANTIPANICO DUPLA, CEGA LADO OPOSTO, COR CINZA","PAR   ","CR","1.096,18"]
[39624,"BARRA ANTIPANICO DUPLA, PARA PORTA DE VIDRO, COR CINZA","PAR   ","CR","1.109,27"]
[39615,"BARRA ANTIPANICO SIMPLES, CEGA LADO OPOSTO, COR CINZA","UN    ","CR","382,43"]
[39620,"BARRA ANTIPANICO SIMPLES, COM FECHADURA LADO OPOSTO, COR CINZA","UN    ","CR","584,63"]
[39623,"BARRA ANTIPANICO SIMPLES, PARA PORTA DE VIDRO, COR CINZA","UN    ","CR","566,12"]
[36207,"BARRA DE APOIO EM \"L\", EM ACO INOX POLIDO 70 X 70 CM, DIAMETRO MINIMO 3 CM","UN    ","CR","297,15"]
[36209,"BARRA DE APOIO EM \"L\", EM ACO INOX POLIDO 80 X 80 CM, DIAMETRO MINIMO 3 CM","UN    ","CR","341,02"]
[36210,"BARRA DE APOIO LATERAL ARTICULADA, COM TRAVA, EM ACO INOX POLIDO, 70 CM, DIAMETRO MINIMO 3 CM","UN    ","CR","368,98"]
[36204,"BARRA DE APOIO RETA, EM ACO INOX POLIDO, COMPRIMENTO 60CM, DIAMETRO MINIMO 3 CM","UN    ","CR","130,82"]
[36205,"BARRA DE APOIO RETA, EM ACO INOX POLIDO, COMPRIMENTO 70CM, DIAMETRO MINIMO 3 CM","UN    ","CR","145,29"]
[36081,"BARRA DE APOIO RETA, EM ACO INOX POLIDO, COMPRIMENTO 80CM, DIAMETRO MINIMO 3 CM","UN    ","C ","154,92"]
[36206,"BARRA DE APOIO RETA, EM ACO INOX POLIDO, COMPRIMENTO 90 CM, DIAMETRO MINIMO 3 CM","UN    ","CR","162,30"]
[36218,"BARRA DE APOIO RETA, EM ALUMINIO, COMPRIMENTO 60CM, DIAMETRO MINIMO 3 CM","UN    ","CR","79,82"]
[36220,"BARRA DE APOIO RETA, EM ALUMINIO, COMPRIMENTO 70CM, DIAMETRO MINIMO 3 CM","UN    ","CR","91,52"]
[36080,"BARRA DE APOIO RETA, EM ALUMINIO, COMPRIMENTO 80 CM, DIAMETRO MINIMO 3 CM","UN    ","C ","99,00"]
[36223,"BARRA DE APOIO RETA, EM ALUMINIO, COMPRIMENTO 90 CM, DIAMETRO MINIMO 3 CM","UN    ","CR","103,66"]
[546,"BARRA DE FERRO RETANGULAR, BARRA CHATA (QUALQUER DIMENSAO)","KG    ","C ","5,19"]
[557,"BARRA DE FERRO RETANGULAR, BARRA CHATA, 1 1/2\"  X 1/2\" (L X E), 3,79 KG/M","M     ","CR","19,92"]
[552,"BARRA DE FERRO RETANGULAR, BARRA CHATA, 1 1/2\" X 1/4\" (L X E), 1,89 KG/M","M     ","CR","9,80"]
[555,"BARRA DE FERRO RETANGULAR, BARRA CHATA, 1\" X 1/4\" (L X E), 1,2265 KG/M","M     ","CR","6,01"]
[565,"BARRA DE FERRO RETANGULAR, BARRA CHATA, 1\" X 3/16\" (L X E), 1,73 KG/M","M     ","CR","9,18"]
[549,"BARRA DE FERRO RETANGULAR, BARRA CHATA, 2\" X 1/2\" (L X E), 5,06 KG/M","M     ","CR","26,26"]
[559,"BARRA DE FERRO RETANGULAR, BARRA CHATA, 2\" X 1/4\" (L X E), 2,53 KG/M","M     ","CR","13,13"]
[551,"BARRA DE FERRO RETANGULAR, BARRA CHATA, 2\" X 1\" (L X E), 10,12 KG/M","M     ","CR","51,31"]
[547,"BARRA DE FERRO RETANGULAR, BARRA CHATA, 2\" X 3/8\" (L X E), 3,79KG/M","M     ","CR","19,67"]
[560,"BARRA DE FERRO RETANGULAR, BARRA CHATA, 2\" X 5/16\" (L X E), 3,162 KG/M","M     ","CR","16,62"]
[566,"BARRA DE FERRO RETANGULAR, BARRA CHATA, 3/4\" X 1/8\" (L X E), 0,47 KG/M","M     ","CR","2,67"]
[563,"BARRA DE FERRO RETANGULAR, BARRA CHATA, 3/8\" X 1 1/2\" (L X E), 2,84 KG/M","M     ","CR","14,92"]
[38127,"BASE DE MISTURADOR MONOCOMANDO PARA CHUVEIRO","UN    ","CR","290,44"]
[38060,"BASE PARA MASTRO DE PARA-RAIOS DIAMETRO NOMINAL 1 1/2\"","UN    ","CR","48,01"]
[10956,"BASE PARA MASTRO DE PARA-RAIOS DIAMETRO NOMINAL 2\"","UN    ","CR","49,88"]
[39380,"BASE PARA RELE COM SUPORTE METALICO","UN    ","CR","10,47"]
[13374,"BASE UNIPOLAR PARA FUSIVEL NH1, CORRENTE NOMINAL DE 250 A, SEM CAPA","UN    ","AS","89,96"]
[37597,"BATE-ESTACAS POR GRAVIDADE, POTENCIA160 HP, PESO DO MARTELO ATE 3 TONELADAS","UN    ","AS","332.215,39"]
[183,"BATENTE/ PORTAL/ ADUELA/ MARCO MACICO, E= *3 CM, L= *13 CM, *60 CM A 120* CM X *210 CM,  EM CEDRINHO/ ANGELIM COMERCIAL/ EUCALIPTO/ CURUPIXA/ PEROBA/ CUMARU OU EQUIVALENTE DA REGIAO (NAO INCLUI ALIZARES)","JG    ","C ","130,00"]
[184,"BATENTE/ PORTAL/ ADUELA/ MARCO MACICO, E= *3* CM, L= *13* CM, *60 CM A 120* CM X *210* CM, EM PINUS/ TAUARI/ VIROLA OU EQUIVALENTE DA REGIAO (NAO INCLUI ALIZARES)","JG    ","CR","85,92"]
[195,"BATENTE/ PORTAL/ ADUELA/ MARCO MACICO, E= *3* CM, L= *7* CM, *60 CM A 120* CM X *210* CM,  EM CEDRINHO/ ANGELIM COMERCIAL/ EUCALIPTO/ CURUPIXA/ PEROBA/ CUMARU OU EQUIVALENTE DA REGIAO (NAO INCLUI ALIZARES)","JG    ","CR","105,60"]
[194,"BATENTE/ PORTAL/ ADUELA/ MARCO MACICO, E= *3* CM, L= *7* CM, *60 CM A 120* CM X *210* CM, EM PINUS/ TAUARI/ VIROLA OU EQUIVALENTE DA REGIAO (NAO INCLUI ALIZARES)","JG    ","CR","57,41"]
[20001,"BATENTE/ PORTAL/ ADUELA/MARCO MACICO, E= *3* CM, L= *15* CM, *60 CM A 120* CM  X *210* CM, EM PINUS/ TAUARI/ VIROLA OU EQUIVALENTE DA REGIAO","JG    ","CR","105,23"]
[181,"BATENTE/ PORTAL/ADUELA/ MARCO MACICO, E= *3* CM, L= *15* CM, *60 CM A 120* CM  X *210* CM,  EM CEDRINHO/ ANGELIM COMERCIAL/  EUCALIPTO/ CURUPIXA/ PEROBA/ CUMARU OU EQUIVALENTE DA REGIAO (NAO INCLUI ALIZARES)","JG    ","CR","142,38"]
[39837,"BATENTE/PORTAL/ADUELA/MARCO, EM MDF/PVC WOOD/POLIESTIRENO OU MADEIRA LAMINADA, L = *9,0* CM COM GUARNICAO REGULAVEL 2 FACES = *35* MM, PRIMER","JG    ","CR","342,66"]
[10535,"BETONEIRA CAPACIDADE NOMINAL 400 L, CAPACIDADE DE MISTURA  280 L, MOTOR ELETRICO TRIFASICO 220/380 V POTENCIA 2 CV, SEM CARREGADOR","UN    ","AS","3.414,00"]
[10537,"BETONEIRA CAPACIDADE NOMINAL 400 L, CAPACIDADE DE MISTURA 310 L, MOTOR A DIESEL POTENCIA 5 CV, SEM CARREGADOR","UN    ","AS","4.655,77"]
[13891,"BETONEIRA CAPACIDADE NOMINAL 400 L, CAPACIDADE DE MISTURA 310 L, MOTOR A GASOLINA POTENCIA 5,5 CV, SEM CARREGADOR","UN    ","AS","4.270,39"]
[25975,"BETONEIRA CAPACIDADE NOMINAL 600 L, CAPACIDADE DE MISTURA 440 L, MOTOR A GASOLINA POTENCIA 10 HP, COM CARREGADOR","UN    ","AS","18.574,47"]
[36396,"BETONEIRA, CAPACIDADE NOMINAL 400 L, CAPACIDADE DE MISTURA 310L, MOTOR ELETRICO TRIFASICO 220/380V POTENCIA 2 CV, SEM CARREGADOR","UN    ","AS","3.905,84"]
[36397,"BETONEIRA, CAPACIDADE NOMINAL 600 L, CAPACIDADE DE MISTURA  360L, MOTOR ELETRICO TRIFASICO 220/380V, POTENCIA 4CV, EXCLUSO CARREGADOR","UN    ","AS","13.887,45"]
[36398,"BETONEIRA, CAPACIDADE NOMINAL 600 L, CAPACIDADE DE MISTURA 440 L, MOTOR A DIESEL POTENCIA 10 CV, COM CARREGADOR","UN    ","AS","16.879,04"]
[647,"BLASTER, DINAMITADOR OU CABO DE FOGO","H     ","CR","17,29"]
[40920,"BLASTER, DINAMITADOR OU CABO DE FOGO (MENSALISTA)","MES   ","CR","3.033,69"]
[38783,"BLOCO CERAMICO DE VEDACAO COM FUROS NA HORIZONTAL, 11,5 X 19 X 19 CM - 4,5 MPA (NBR 15270)","UN    ","CR","0,80"]
[37593,"BLOCO CERAMICO DE VEDACAO COM FUROS NA VERTICAL, 14 X 19 X 39 CM - 4,5 MPA (NBR 15270)","UN    ","CR","1,97"]
[37594,"BLOCO CERAMICO DE VEDACAO COM FUROS NA VERTICAL, 19 X 19 X 39 CM - 4,5 MPA (NBR 15270)","UN    ","CR","2,45"]
[37592,"BLOCO CERAMICO DE VEDACAO COM FUROS NA VERTICAL, 9 X 19 X 39 CM - 4,5 MPA (NBR 15270)","UN    ","CR","1,55"]
[7266,"BLOCO CERAMICO VAZADO PARA ALVENARIA DE VEDACAO, DE 9 X 19 X 19 CM (L X A X C)","MIL   ","C ","600,00"]
[7270,"BLOCO CERAMICO VAZADO PARA ALVENARIA DE VEDACAO, 4 FUROS, DE 9 X 9 X 19 CM (L X A X C)","UN    ","CR","0,69"]
[7267,"BLOCO CERAMICO VAZADO PARA ALVENARIA DE VEDACAO, 6 FUROS, DE 9 X 14 X 19 CM (L X A X C)","UN    ","CR","0,54"]
[7269,"BLOCO CERAMICO VAZADO PARA ALVENARIA DE VEDACAO, 6 FUROS, DE 9 X 9 X 19 CM (L X A X C)","UN    ","CR","0,55"]
[7271,"BLOCO CERAMICO VAZADO PARA ALVENARIA DE VEDACAO, 8 FUROS, DE 9 X 19 X 19 CM (L XA X C)","UN    ","CR","0,60"]
[7268,"BLOCO CERAMICO VAZADO PARA ALVENARIA DE VEDACAO, 8 FUROS, DE 9 X 19 X 29 CM (L X A X C)","UN    ","CR","0,83"]
[34556,"BLOCO DE CONCRETO ESTRUTURAL 14 X 19 X 29 CM, FBK 10 MPA (NBR 6136)","UN    ","CR","2,45"]
[37873,"BLOCO DE CONCRETO ESTRUTURAL 14 X 19 X 29 CM, FBK 12 MPA (NBR 6136)","UN    ","CR","2,49"]
[34564,"BLOCO DE CONCRETO ESTRUTURAL 14 X 19 X 29 CM, FBK 14 MPA (NBR 6136)","UN    ","CR","2,61"]
[34565,"BLOCO DE CONCRETO ESTRUTURAL 14 X 19 X 29 CM, FBK 16 MPA (NBR 6136)","UN    ","CR","2,76"]
[38590,"BLOCO DE CONCRETO ESTRUTURAL 14 X 19 X 29 CM, FBK 4,5 MPA (NBR 6136)","UN    ","CR","2,04"]
[34566,"BLOCO DE CONCRETO ESTRUTURAL 14 X 19 X 29 CM, FBK 6 MPA (NBR 6136)","UN    ","CR","2,14"]
[34567,"BLOCO DE CONCRETO ESTRUTURAL 14 X 19 X 29 CM, FBK 8 MPA (NBR 6136)","UN    ","CR","2,27"]
[38591,"BLOCO DE CONCRETO ESTRUTURAL 14 X 19 X 34 CM, FBK 4,5 MPA (NBR 6136)","UN    ","CR","2,06"]
[34568,"BLOCO DE CONCRETO ESTRUTURAL 14 X 19 X 39 CM, FBK 10 MPA (NBR 6136)","UN    ","CR","2,68"]
[34569,"BLOCO DE CONCRETO ESTRUTURAL 14 X 19 X 39 CM, FBK 12 MPA (NBR 6136)","UN    ","CR","2,76"]
[34570,"BLOCO DE CONCRETO ESTRUTURAL 14 X 19 X 39 CM, FBK 14 MPA (NBR 6136)","UN    ","CR","2,99"]
[25070,"BLOCO DE CONCRETO ESTRUTURAL 14 X 19 X 39 CM, FBK 4,5 MPA (NBR 6136)","UN    ","CR","2,25"]
[34571,"BLOCO DE CONCRETO ESTRUTURAL 14 X 19 X 39 CM, FBK 6 MPA (NBR 6136)","UN    ","CR","2,27"]
[34573,"BLOCO DE CONCRETO ESTRUTURAL 14 X 19 X 39 CM, FBK 8 MPA (NBR 6136)","UN    ","CR","2,39"]
[37107,"BLOCO DE CONCRETO ESTRUTURAL 14 X 19 X 39, FCK 16 MPA (NBR 6136)","UN    ","CR","3,16"]
[34576,"BLOCO DE CONCRETO ESTRUTURAL 19 X 19 X 39 CM, FBK 10 MPA (NBR 6136)","UN    ","CR","3,49"]
[34577,"BLOCO DE CONCRETO ESTRUTURAL 19 X 19 X 39 CM, FBK 12 MPA (NBR 6136)","UN    ","CR","3,64"]
[34578,"BLOCO DE CONCRETO ESTRUTURAL 19 X 19 X 39 CM, FBK 14 MPA (NBR 6136)","UN    ","CR","3,95"]
[34579,"BLOCO DE CONCRETO ESTRUTURAL 19 X 19 X 39 CM, FBK 16 MPA (NBR 6136)","UN    ","CR","4,21"]
[25067,"BLOCO DE CONCRETO ESTRUTURAL 19 X 19 X 39 CM, FBK 4,5 MPA (NBR 6136)","UN    ","CR","2,82"]
[34580,"BLOCO DE CONCRETO ESTRUTURAL 19 X 19 X 39 CM, FBK 8 MPA (NBR 6136)","UN    ","CR","3,14"]
[25071,"BLOCO DE CONCRETO ESTRUTURAL 9 X 19 X 39 CM, FBK 4,5 MPA (NBR 6136)","UN    ","CR","1,56"]
[38395,"BLOCO DE ESPUMA MULTIUSO *23 X 13 X 8* CM","UN    ","CR","5,24"]
[34583,"BLOCO DE GESSO COMPACTO, BRANCO, E = 10 CM, *67 X 50* CM","M2    ","CR","42,17"]
[34584,"BLOCO DE GESSO VAZADO BRANCO, E = *7* CM, *67 X 50* CM","M2    ","CR","23,61"]
[709,"BLOCO DE POLIETILENO ALTA DENSIDADE, *27* X *30* X *100* CM, ACOMPANHADOS PLACAS  TERMINAIS  E LONGARINAS, PARA FUNDO DE FILTRO","M2    ","AS","541,31"]
[34599,"BLOCO DE VEDACAO CONCRETO APARENTE 9 X 19 X 39 CM (CLASSE C - NBR 6136)","UN    ","CR","1,61"]
[34592,"BLOCO DE VEDACAO CONCRETO 14 X 19 X 29 CM (CLASSE C - NBR 6136)","UN    ","CR","1,79"]
[37103,"BLOCO DE VEDACAO DE CONCRETO APARENTE 14 X 19 X 39 CM (CLASSE C - NBR 6136)","UN    ","CR","2,05"]
[34555,"BLOCO DE VEDACAO DE CONCRETO APARENTE 19 X 19 X 39 CM  (CLASSE C - NBR 6136)","UN    ","CR","2,60"]
[674,"BLOCO DE VEDACAO DE CONCRETO CELULAR AUTOCLAVADO 10 X 30 X 60 CM (E X A X C)","M2    ","AS","48,64"]
[34600,"BLOCO DE VEDACAO DE CONCRETO CELULAR AUTOCLAVADO 15 X 30 X 60 CM (E X A X C)","M2    ","AS","71,45"]
[652,"BLOCO DE VEDACAO DE CONCRETO CELULAR AUTOCLAVADO 20 X 30 X 60 CM (E X A X C)","M2    ","AS","109,45"]
[651,"BLOCO DE VEDACAO DE CONCRETO 14 X 19 X 39 CM (CLASSE C - NBR 6136)","UN    ","CR","1,97"]
[654,"BLOCO DE VEDACAO DE CONCRETO 19 X 19 X 39 CM (CLASSE C - NBR 6136)","UN    ","CR","2,45"]
[650,"BLOCO DE VEDACAO DE CONCRETO, 9 X 19 X 39 CM (CLASSE C - NBR 6136)","UN    ","C ","1,58"]
[716,"BLOCO DE VIDRO INCOLOR XADREZ, DE *20 X 20 X 10* CM","UN    ","CR","16,94"]
[715,"BLOCO DE VIDRO INCOLOR, CANELADO, DE *19 X 19 X 8* CM","UN    ","C ","16,76"]
[718,"BLOCO DE VIDRO/ELEMENTO VAZADO INCOLOR, VENEZIANA, DE *20 X 20 X 6* CM","UN    ","CR","24,97"]
[11981,"BLOCO DE VIDRO/ELEMENTO VAZADO, INCOLOR, VENEZIANA, *20 X 10 X 8* CM","UN    ","CR","17,12"]
[34586,"BLOCO ESTRUTURAL CERAMICO 14 X 19 X 29 CM, 6,0 MPA (NBR 15270)","UN    ","CR","1,68"]
[38603,"BLOCO ESTRUTURAL CERAMICO 14 X 19 X 34 CM, 6,0 MPA (NBR 15270)","UN    ","CR","2,04"]
[34588,"BLOCO ESTRUTURAL CERAMICO 14 X 19 X 39 CM, 6,0 MPA (NBR 15270)","UN    ","CR","2,20"]
[34590,"BLOCO ESTRUTURAL CERAMICO 19 X 19 X 29 CM, 6,0 MPA (NBR 15270)","UN    ","CR","2,01"]
[34591,"BLOCO ESTRUTURAL CERAMICO 19 X 19 X 39 CM, 6,0 MPA (NBR 15270)","UN    ","CR","2,72"]
[41372,"BLOCO VEDACAO CONCRETO CELULAR AUTOCLAVADO 12,5 X 30 X 60 CM (E X A X C)","M2    ","AS","68,27"]
[41371,"BLOCO VEDACAO CONCRETO CELULAR AUTOCLAVADO 7,5 X 30 X 60 CM (E X A X C)","M2    ","AS","40,35"]
[40517,"BLOQUETE/PISO DE CONCRETO - MODELO BLOCO PISOGRAMA/CONCREGRAMA 2 FUROS, DIMENSOES APROX. DE 35 CM X 15 CM E ESPESSURA DE 7 CM (+/- 1 CM), COR NATURAL","M2    ","CR","25,15"]
[40515,"BLOQUETE/PISO DE CONCRETO - MODELO PISOGRAMA/CONCREGRAMA/PAVI-GRADE/GRAMEIRO, DIMENSOES APROXIMADAS DE 60 CM X 45 CM E ESPESSURA DE 8 CM (+/- 1 CM), COR NATURAL","M2    ","CR","56,59"]
[40529,"BLOQUETE/PISO INTERTRAVADO DE CONCRETO - MODELO ONDA/16 FACES/RETANGULAR/TIJOLINHO/PAVER/HOLANDES/PARALELEPIPEDO, *22 CM X *11 CM, E = 10 CM, RESISTENCIA DE 50 MPA (NBR 9781), COR NATURAL","M2    ","CR","36,15"]
[36170,"BLOQUETE/PISO INTERTRAVADO DE CONCRETO - MODELO ONDA/16 FACES/RETANGULAR/TIJOLINHO/PAVER/HOLANDES/PARALELEPIPEDO, *22 CM X 11* CM, E = 8 CM, RESISTENCIA DE 35 MPA (NBR 9781), COR NATURAL","M2    ","C ","30,00"]
[40524,"BLOQUETE/PISO INTERTRAVADO DE CONCRETO - MODELO ONDA/16 FACES/RETANGULAR/TIJOLINHO/PAVER/HOLANDES/PARALELEPIPEDO, 20 CM X 10 CM, E = 10 CM, RESISTENCIA DE 35 MPA (NBR 9781), COR NATURAL","M2    ","CR","35,37"]
[36156,"BLOQUETE/PISO INTERTRAVADO DE CONCRETO - MODELO ONDA/16 FACES/RETANGULAR/TIJOLINHO/PAVER/HOLANDES/PARALELEPIPEDO, 20 CM X 10 CM, E = 6 CM, RESISTENCIA DE 35 MPA (NBR 9781), COLORIDO","M2    ","CR","27,51"]
[36155,"BLOQUETE/PISO INTERTRAVADO DE CONCRETO - MODELO ONDA/16 FACES/RETANGULAR/TIJOLINHO/PAVER/HOLANDES/PARALELEPIPEDO, 20 CM X 10 CM, E = 6 CM, RESISTENCIA DE 35 MPA (NBR 9781), COR NATURAL","M2    ","CR","23,75"]
[36154,"BLOQUETE/PISO INTERTRAVADO DE CONCRETO - MODELO ONDA/16 FACES/RETANGULAR/TIJOLINHO/PAVER/HOLANDES/PARALELEPIPEDO, 20 CM X 10 CM, E = 8 CM, RESISTENCIA DE 35 MPA (NBR 9781), COLORIDO","M2    ","CR","33,01"]
[695,"BLOQUETE/PISO INTERTRAVADO DE CONCRETO - MODELO RAQUETE, *22 CM X 13,5* CM, E = 6 CM, RESISTENCIA DE 35 MPA (NBR 9781), COR NATURAL","M2    ","CR","24,24"]
[679,"BLOQUETE/PISO INTERTRAVADO DE CONCRETO - MODELO SEXTAVADO / HEXAGONAL, 25 CM X 25 CM, E = 10 CM, RESISTENCIA DE 35 MPA (NBR 9781), COR NATURAL","M2    ","CR","36,15"]
[711,"BLOQUETE/PISO INTERTRAVADO DE CONCRETO - MODELO SEXTAVADO / HEXAGONAL, 25 CM X 25 CM, E = 6 CM, RESISTENCIA DE 35 MPA (NBR 9781), COR NATURAL","M2    ","CR","23,91"]
[712,"BLOQUETE/PISO INTERTRAVADO DE CONCRETO - MODELO SEXTAVADO / HEXAGONAL, 25 CM X 25 CM, E = 8 CM, RESISTENCIA DE 35 MPA (NBR 9781), COR NATURAL","M2    ","CR","30,12"]
[12614,"BOCAL PVC, PARA CALHA PLUVIAL, DIAMETRO DA SAIDA ENTRE 80 E 100 MM, PARA DRENAGEM PREDIAL","UN    ","AS","16,20"]
[6140,"BOLSA DE LIGACAO EM PVC FLEXIVEL PARA VASO SANITARIO 1.1/2 \" (40 MM)","UN    ","CR","2,29"]
[38399,"BOLSA DE LONA PARA FERRAMENTAS *50 X 35 X 25* CM","UN    ","CR","152,11"]
[735,"BOMBA CENTRIFUGA  MOTOR ELETRICO TRIFASICO 1,48HP  DIAMETRO DE SUCCAO X ELEVACAO 1\" X 1\", 4 ESTAGIOS, DIAMETRO DOS ROTORES 3 X 107 MM + 1 X 100 MM, HM/Q: 10 M / 5,3 M3/H A 70 M / 1,8 M3/H","UN    ","CR","1.566,79"]
[736,"BOMBA CENTRIFUGA  MOTOR ELETRICO TRIFASICO 2,96HP, DIAMETRO DE SUCCAO X ELEVACAO 1 1/2\" X 1 1/4\", DIAMETRO DO ROTOR 148 MM, HM/Q: 34 M / 14,80 M3/H A 40 M / 8,60 M3/H","UN    ","CR","1.317,39"]
[729,"BOMBA CENTRIFUGA COM MOTOR ELETRICO MONOFASICO, POTENCIA 0,33 HP,  BOCAIS 1\" X 3/4\", DIAMETRO DO ROTOR 99 MM, HM/Q = 4 MCA / 8,5 M3/H A 18 MCA / 0,90 M3/H","UN    ","C ","536,85"]
[39925,"BOMBA CENTRIFUGA MONOESTAGIO COM MOTOR ELETRICO MONOFASICO, POTENCIA 15 HP,  DIAMETRO DO ROTOR *173* MM, HM/Q = *30* MCA / *90* M3/H A *45* MCA / *55* M3/H","UN    ","CR","7.757,43"]
[731,"BOMBA CENTRIFUGA MOTOR ELETRICO MONOFASICO 0,49 HP  BOCAIS 1\" X 3/4\", DIAMETRO DO ROTOR 110 MM, HM/Q: 6 M / 8,3 M3/H A 20 M / 1,2 M3/H","UN    ","CR","522,48"]
[10575,"BOMBA CENTRIFUGA MOTOR ELETRICO MONOFASICO 0,50 CV DIAMETRO DE SUCCAO X ELEVACAO 3/4\" X 3/4\", MONOESTAGIO, DIAMETRO DOS ROTORES 114 MM, HM/Q: 2 M / 2,99 M3/H A 24 M / 0,71 M3/H","UN    ","CR","815,38"]
[733,"BOMBA CENTRIFUGA MOTOR ELETRICO MONOFASICO 0,74HP  DIAMETRO DE SUCCAO X ELEVACAO 1 1/4\" X 1\", DIAMETRO DO ROTOR 120 MM, HM/Q: 8 M / 7,70 M3/H A 24 M / 2,80 M3/H","UN    ","CR","892,74"]
[732,"BOMBA CENTRIFUGA MOTOR ELETRICO TRIFASICO 0,99HP  DIAMETRO DE SUCCAO X ELEVACAO 1\" X 1\", DIAMETRO DO ROTOR 145 MM, HM/Q: 14 M / 8,4 M3/H A 40 M / 0,60 M3/H","UN    ","CR","880,74"]
[737,"BOMBA CENTRIFUGA MOTOR ELETRICO TRIFASICO 14,8 HP, DIAMETRO DE SUCCAO X ELEVACAO 2 1/2\" X 2\", DIAMETRO DO ROTOR 195 MM, HM/Q: 62 M / 55,5 M3/H A 80 M / 31,50 M3/H","UN    ","CR","4.938,93"]
[738,"BOMBA CENTRIFUGA MOTOR ELETRICO TRIFASICO 5HP, DIAMETRO DE SUCCAO X ELEVACAO 2\" X 1 1/2\", DIAMETRO DO ROTOR 155 MM, HM/Q: 40 M / 20,40 M3/H A 46 M / 9,20 M3/H","UN    ","CR","2.290,14"]
[740,"BOMBA CENTRIFUGA MOTOR ELETRICO TRIFASICO 9,86 DIAMETRO DE SUCCAO X ELEVACAO 1\" X 1\", 4 ESTAGIOS, DIAMETRO DOS ROTORES 4 X 146 MM, HM/Q: 85 M / 14,9 M3/H A 140 M / 4,2 M3/H","UN    ","CR","4.646,23"]
[734,"BOMBA CENTRIFUGA,  MOTOR ELETRICO TRIFASICO 1,48HP  DIAMETRO DE SUCCAO X ELEVACAO 1 1/2\" X 1\", DIAMETRO DO ROTOR 117 MM, HM/Q: 10 M / 21,9 M3/H A 24 M / 6,1 M3/H","UN    ","CR","944,15"]
[39008,"BOMBA DE PROJECAO DE CONCRETO SECO, POTENCIA 10 CV, VAZAO 3 M3/H","UN    ","AS","41.617,70"]
[39009,"BOMBA DE PROJECAO DE CONCRETO SECO, POTENCIA 10 CV, VAZAO 6 M3/H","UN    ","AS","44.588,21"]
[10587,"BOMBA SUBMERSA PARA POCOS TUBULARES PROFUNDOS DIAMETRO DE 4 POLEGADAS, ELETRICA, MONOFASICA, POTENCIA 0,49 HP, 13 ESTAGIOS, BOCAL DE DESCARGA DIAMETRO DE UMA POLEGADA E MEIA, HM/Q = 18 M / 1,90 M3/H A 85 M / 0,60 M3/H","UN    ","CR","2.118,95"]
[759,"BOMBA SUBMERSA PARA POCOS TUBULARES PROFUNDOS DIAMETRO DE 4 POLEGADAS, ELETRICA, TRIFASICA, POTENCIA 1,97 HP, 20 ESTAGIOS, BOCAL DE DESCARGA DIAMETRO DE UMA POLEGADA E MEIA, HM/Q = 18 M / 5,40 M3/H A 164 M / 0,80 M3/H","UN    ","CR","3.046,64"]
[761,"BOMBA SUBMERSA PARA POCOS TUBULARES PROFUNDOS DIAMETRO DE 4 POLEGADAS, ELETRICA, TRIFASICA, POTENCIA 5,42 HP, 15 ESTAGIOS, BOCAL DE DESCARGA DIAMETRO DE 2 POLEGADAS, HM/Q = 18 M / 18,10 M3/H A 121 M / 2,90 M3/H","UN    ","CR","5.164,31"]
[750,"BOMBA SUBMERSA PARA POCOS TUBULARES PROFUNDOS DIAMETRO DE 4 POLEGADAS, ELETRICA, TRIFASICA, POTENCIA 5,42 HP, 29 ESTAGIOS, BOCAL DE DESCARGA DE UMA POLEGADA E MEIA, HM/Q = 18 M / 8,10 M3/H A 201 M / 3,2 M3/H","UN    ","CR","4.903,10"]
[755,"BOMBA SUBMERSA PARA POCOS TUBULARES PROFUNDOS DIAMETRO DE 6 POLEGADAS, ELETRICA, TRIFASICA, POTENCIA 27,12 HP, 7 ESTAGIOS, BOCAL DE DESCARGA DIAMETRO DE 4 POLEGADAS, HM/Q = 13,9 M / 90 M3/H A 44,0 M / 25,0 M3/H","UN    ","CR","20.119,94"]
[749,"BOMBA SUBMERSA PARA POCOS TUBULARES PROFUNDOS DIAMETRO DE 6 POLEGADAS, ELETRICA, TRIFASICA, POTENCIA 3,45 HP, 5 ESTAGIOS, BOCAL DE DESCARGA DIAMETRO DE 2 POLEGADAS, HM/Q = 68,5 M / 6,12 M3/H A 39,5 M / 14,04 M3/H","UN    ","CR","7.399,74"]
[756,"BOMBA SUBMERSA PARA POCOS TUBULARES PROFUNDOS DIAMETRO DE 6 POLEGADAS, ELETRICA, TRIFASICA, POTENCIA 32 HP, 9 ESTAGIOS, BOCAL DE DESCARGA DIAMETRO DE 4 POLEGADAS, HM/Q = 114,0 M / 13,9 M3/H A 57,0 M / 25,0 M3/H","UN    ","CR","21.943,49"]
[757,"BOMBA SUBMERSIVEL,  ELETRICA, TRIFASICA, POTENCIA 6 HP, DIAMETRO DO ROTOR 127 MM, BOCAL DE SAIDA DIAMETRO DE 3 POLEGADAS, HM/Q = 7 M / 66,90 M3/H A 26 M / 2,88 M3/H","UN    ","CR","9.963,75"]
[10588,"BOMBA SUBMERSIVEL, ELETRICA, TRIFASICA, POTENCIA 0,98 HP, DIAMETRO DO ROTOR 142 MM SEMIABERTO, BOCAL DE SAIDA DIAMETRO DE 2 POLEGADAS, HM/Q = 2 M / 32 M3/H A 8 M / 16 M3/H","UN    ","CR","2.199,74"]
[10592,"BOMBA SUBMERSIVEL, ELETRICA, TRIFASICA, POTENCIA 0,99 HP, DIAMETRO ROTOR 98 MM SEMIABERTO, BOCAL DE SAIDA DIAMETRO 2 POLEGADAS, HM/Q = 2 M / 28,90 M3/H A 14 M / 7 M3/H","UN    ","C ","2.657,00"]
[10589,"BOMBA SUBMERSIVEL, ELETRICA, TRIFASICA, POTENCIA 1,97 HP, DIAMETRO DO ROTOR 144 MM SEMIABERTO, BOCAL DE SAIDA DIAMETRO DE 2 POLEGADAS, HM/Q = 2 M / 26,8 M3/H A 28 M / 4,6 M3/H","UN    ","CR","3.569,51"]
[760,"BOMBA SUBMERSIVEL, ELETRICA, TRIFASICA, POTENCIA 13 HP, DIAMETRO DO ROTOR 170 MM, BOCAL DE SAIDA DIAMETRO DE 3 POLEGADAS, HM/Q = 11 M / 68,40 M3/H A 72 M / 3,6 M3/H","UN    ","CR","19.927,50"]
[751,"BOMBA SUBMERSIVEL, ELETRICA, TRIFASICA, POTENCIA 2,96 HP, DIAMETRO DO ROTOR 144 MM SEMIABERTO, BOCAL DE SAIDA DIAMETRO DE DUAS POLEGADAS, HM/Q = 2 M / 38,8 M3/H A 28 M / 5 M3/H","UN    ","CR","3.138,58"]
[754,"BOMBA SUBMERSIVEL, ELETRICA, TRIFASICA, POTENCIA 3,75 HP, DIAMETRO DO ROTOR 90 MM SEMIABERTO, BOCAL DE SAIDA DIAMETRO DE 2 POLEGADAS, HM/Q = 5 M / 61,2 M3/H A 25,5 M / 3,6 M3/H","UN    ","CR","4.981,87"]
[14013,"BOMBA TRIPLEX COM MOTOR A DIESEL, NACIONAL, DIAMETRO DE SUCCAO DE 2 1/2''","UN    ","CR","133.460,67"]
[39917,"BOMBA TRIPLEX, PARA INJECAO DE CALDA DE CIMENTO, VAZAO MAXIMA DE *100* LITROS/MINUTO, PRESSAO MAXIMA DE *70* BAR, POTENCIA DE 15 CV","UN    ","AS","63.927,79"]
[5081,"BORBOLETA EM LATAO FUNDIDO CROMADO, PARA TRAVAR JANELA TIPO GUILHOTINA","PAR   ","CR","17,60"]
[38167,"BORBOLETA EM ZAMAC CROMADO, PARA TRAVAR JANELA TIPO GUILHOTINA","PAR   ","CR","15,17"]
[36145,"BOTA DE PVC PRETA, CANO MEDIO, SEM FORRO","PAR   ","CR","33,92"]
[12893,"BOTA DE SEGURANCA COM BIQUEIRA DE ACO E COLARINHO ACOLCHOADO","PAR   ","CR","56,54"]
[11685,"BRACO / CANO PARA CHUVEIRO ELETRICO, EM ALUMINIO, 30 CM X 1/2 \"","UN    ","CR","24,28"]
[11679,"BRACO OU HASTE COM CANOPLA PLASTICA, 1/2 \", PARA CHUVEIRO ELETRICO","UN    ","CR","5,82"]
[11680,"BRACO OU HASTE COM CANOPLA PLASTICA, 1/2 \", PARA CHUVEIRO SIMPLES","UN    ","CR","4,80"]
[2512,"BRACO P/ LUMINARIA PUBLICA 1 X 1,50M ROMAGNOLE OU EQUIV","UN    ","CR","20,14"]
[4374,"BUCHA DE NYLON SEM ABA S10","UN    ","CR","0,44"]
[7568,"BUCHA DE NYLON SEM ABA S10, COM PARAFUSO DE 6,10 X 65 MM EM ACO ZINCADO COM ROSCA SOBERBA, CABECA CHATA E FENDA PHILLIPS","UN    ","CR","0,73"]
[7584,"BUCHA DE NYLON SEM ABA S12, COM PARAFUSO DE 5/16\" X 80 MM EM ACO ZINCADO COM ROSCA SOBERBA E CABECA SEXTAVADA","UN    ","CR","1,12"]
[11945,"BUCHA DE NYLON SEM ABA S4","UN    ","CR","0,07"]
[11946,"BUCHA DE NYLON SEM ABA S5","UN    ","CR","0,08"]
[4375,"BUCHA DE NYLON SEM ABA S6","UN    ","C ","0,12"]
[11950,"BUCHA DE NYLON SEM ABA S6, COM PARAFUSO DE 4,20 X 40 MM EM ACO ZINCADO COM ROSCA SOBERBA, CABECA CHATA E FENDA PHILLIPS","UN    ","CR","0,24"]
[4376,"BUCHA DE NYLON SEM ABA S8","UN    ","CR","0,23"]
[7583,"BUCHA DE NYLON SEM ABA S8, COM PARAFUSO DE 4,80 X 50 MM EM ACO ZINCADO COM ROSCA SOBERBA, CABECA CHATA E FENDA PHILLIPS","UN    ","CR","0,50"]
[4350,"BUCHA DE NYLON, DIAMETRO DO FURO 8 MM, COMPRIMENTO 40 MM, COM PARAFUSO DE ROSCA SOBERBA, CABECA CHATA, FENDA SIMPLES, 4,8 X 50 MM","UN    ","CR","0,44"]
[39886,"BUCHA DE REDUCAO DE COBRE (REF 600-2) SEM ANEL DE SOLDA, PONTA X BOLSA, 22 X 15 MM","UN    ","AS","4,15"]
[39887,"BUCHA DE REDUCAO DE COBRE (REF 600-2) SEM ANEL DE SOLDA, PONTA X BOLSA, 28 X 22 MM","UN    ","AS","6,23"]
[39888,"BUCHA DE REDUCAO DE COBRE (REF 600-2) SEM ANEL DE SOLDA, PONTA X BOLSA, 35 X 28 MM","UN    ","AS","14,25"]
[39890,"BUCHA DE REDUCAO DE COBRE (REF 600-2) SEM ANEL DE SOLDA, PONTA X BOLSA, 42 X 35 MM","UN    ","AS","24,33"]
[39891,"BUCHA DE REDUCAO DE COBRE (REF 600-2) SEM ANEL DE SOLDA, PONTA X BOLSA, 54 X 42 MM","UN    ","AS","34,31"]
[39892,"BUCHA DE REDUCAO DE COBRE (REF 600-2) SEM ANEL DE SOLDA, PONTA X BOLSA, 66 X 54 MM","UN    ","AS","106,95"]
[790,"BUCHA DE REDUCAO DE FERRO GALVANIZADO, COM ROSCA BSP, DE 1 1/2\" X 1 1/4\"","UN    ","AS","12,43"]
[766,"BUCHA DE REDUCAO DE FERRO GALVANIZADO, COM ROSCA BSP, DE 1 1/2\" X 1/2\"","UN    ","AS","12,43"]
[791,"BUCHA DE REDUCAO DE FERRO GALVANIZADO, COM ROSCA BSP, DE 1 1/2\" X 1\"","UN    ","AS","12,43"]
[767,"BUCHA DE REDUCAO DE FERRO GALVANIZADO, COM ROSCA BSP, DE 1 1/2\" X 3/4\"","UN    ","AS","12,43"]
[768,"BUCHA DE REDUCAO DE FERRO GALVANIZADO, COM ROSCA BSP, DE 1 1/4\" X 1/2\"","UN    ","AS","9,76"]
[789,"BUCHA DE REDUCAO DE FERRO GALVANIZADO, COM ROSCA BSP, DE 1 1/4\" X 1\"","UN    ","AS","9,55"]
[769,"BUCHA DE REDUCAO DE FERRO GALVANIZADO, COM ROSCA BSP, DE 1 1/4\" X 3/4\"","UN    ","AS","9,76"]
[770,"BUCHA DE REDUCAO DE FERRO GALVANIZADO, COM ROSCA BSP, DE 1/2\" X 1/4\"","UN    ","AS","3,44"]
[12394,"BUCHA DE REDUCAO DE FERRO GALVANIZADO, COM ROSCA BSP, DE 1/2\" X 3/8\"","UN    ","AS","3,44"]
[764,"BUCHA DE REDUCAO DE FERRO GALVANIZADO, COM ROSCA BSP, DE 1\" X 1/2\"","UN    ","AS","6,01"]
[765,"BUCHA DE REDUCAO DE FERRO GALVANIZADO, COM ROSCA BSP, DE 1\" X 3/4\"","UN    ","AS","6,01"]
[787,"BUCHA DE REDUCAO DE FERRO GALVANIZADO, COM ROSCA BSP, DE 2 1/2\" X 1 1/2\"","UN    ","AS","26,84"]
[774,"BUCHA DE REDUCAO DE FERRO GALVANIZADO, COM ROSCA BSP, DE 2 1/2\" X 1 1/4\"","UN    ","AS","26,84"]
[773,"BUCHA DE REDUCAO DE FERRO GALVANIZADO, COM ROSCA BSP, DE 2 1/2\" X 1\"","UN    ","AS","26,84"]
[775,"BUCHA DE REDUCAO DE FERRO GALVANIZADO, COM ROSCA BSP, DE 2 1/2\" X 2\"","UN    ","AS","26,84"]
[788,"BUCHA DE REDUCAO DE FERRO GALVANIZADO, COM ROSCA BSP, DE 2\" X 1 1/2\"","UN    ","AS","16,68"]
[772,"BUCHA DE REDUCAO DE FERRO GALVANIZADO, COM ROSCA BSP, DE 2\" X 1 1/4\"","UN    ","AS","16,68"]
[771,"BUCHA DE REDUCAO DE FERRO GALVANIZADO, COM ROSCA BSP, DE 2\" X 1\"","UN    ","AS","16,68"]
[779,"BUCHA DE REDUCAO DE FERRO GALVANIZADO, COM ROSCA BSP, DE 3/4\" X 1/2\"","UN    ","AS","4,15"]
[776,"BUCHA DE REDUCAO DE FERRO GALVANIZADO, COM ROSCA BSP, DE 3\" X 1 1/2\"","UN    ","AS","39,57"]
[777,"BUCHA DE REDUCAO DE FERRO GALVANIZADO, COM ROSCA BSP, DE 3\" X 1 1/4\"","UN    ","AS","38,47"]
[780,"BUCHA DE REDUCAO DE FERRO GALVANIZADO, COM ROSCA BSP, DE 3\" X 2 1/2\"","UN    ","AS","38,66"]
[778,"BUCHA DE REDUCAO DE FERRO GALVANIZADO, COM ROSCA BSP, DE 3\" X 2\"","UN    ","AS","39,57"]
[781,"BUCHA DE REDUCAO DE FERRO GALVANIZADO, COM ROSCA BSP, DE 4\" X 2 1/2\"","UN    ","AS","73,12"]
[786,"BUCHA DE REDUCAO DE FERRO GALVANIZADO, COM ROSCA BSP, DE 4\" X 2\"","UN    ","AS","73,12"]
[782,"BUCHA DE REDUCAO DE FERRO GALVANIZADO, COM ROSCA BSP, DE 4\" X 3\"","UN    ","AS","73,12"]
[783,"BUCHA DE REDUCAO DE FERRO GALVANIZADO, COM ROSCA BSP, DE 5\" X 4\"","UN    ","AS","200,12"]
[785,"BUCHA DE REDUCAO DE FERRO GALVANIZADO, COM ROSCA BSP, DE 6\" X 4\"","UN    ","AS","211,45"]
[784,"BUCHA DE REDUCAO DE FERRO GALVANIZADO, COM ROSCA BSP, DE 6\" X 5\"","UN    ","AS","226,83"]
[831,"BUCHA DE REDUCAO DE PVC, SOLDAVEL, CURTA, COM 110 X 85 MM, PARA AGUA FRIA PREDIAL","UN    ","CR","50,23"]
[828,"BUCHA DE REDUCAO DE PVC, SOLDAVEL, CURTA, COM 25 X 20 MM, PARA AGUA FRIA PREDIAL","UN    ","CR","0,29"]
[829,"BUCHA DE REDUCAO DE PVC, SOLDAVEL, CURTA, COM 32 X 25 MM, PARA AGUA FRIA PREDIAL","UN    ","CR","0,60"]
[812,"BUCHA DE REDUCAO DE PVC, SOLDAVEL, CURTA, COM 40 X 32 MM, PARA AGUA FRIA PREDIAL","UN    ","CR","1,32"]
[819,"BUCHA DE REDUCAO DE PVC, SOLDAVEL, CURTA, COM 50 X 40 MM, PARA AGUA FRIA PREDIAL","UN    ","CR","2,17"]
[818,"BUCHA DE REDUCAO DE PVC, SOLDAVEL, CURTA, COM 60 X 50 MM, PARA AGUA FRIA PREDIAL","UN    ","CR","3,65"]
[823,"BUCHA DE REDUCAO DE PVC, SOLDAVEL, CURTA, COM 75 X 60 MM, PARA AGUA FRIA PREDIAL","UN    ","CR","10,99"]
[830,"BUCHA DE REDUCAO DE PVC, SOLDAVEL, CURTA, COM 85 X 75 MM, PARA AGUA FRIA PREDIAL","UN    ","CR","9,05"]
[826,"BUCHA DE REDUCAO DE PVC, SOLDAVEL, LONGA, COM 110 X 60 MM, PARA AGUA FRIA PREDIAL","UN    ","CR","28,17"]
[827,"BUCHA DE REDUCAO DE PVC, SOLDAVEL, LONGA, COM 110 X 75 MM, PARA AGUA FRIA PREDIAL","UN    ","CR","23,80"]
[832,"BUCHA DE REDUCAO DE PVC, SOLDAVEL, LONGA, COM 32 X 20 MM, PARA AGUA FRIA PREDIAL","UN    ","CR","1,64"]
[833,"BUCHA DE REDUCAO DE PVC, SOLDAVEL, LONGA, COM 40 X 20 MM, PARA AGUA FRIA PREDIAL","UN    ","CR","2,33"]
[834,"BUCHA DE REDUCAO DE PVC, SOLDAVEL, LONGA, COM 40 X 25 MM, PARA AGUA FRIA PREDIAL","UN    ","CR","2,56"]
[825,"BUCHA DE REDUCAO DE PVC, SOLDAVEL, LONGA, COM 50 X 20 MM, PARA AGUA FRIA PREDIAL","UN    ","CR","2,86"]
[813,"BUCHA DE REDUCAO DE PVC, SOLDAVEL, LONGA, COM 50 X 25 MM, PARA AGUA FRIA PREDIAL","UN    ","CR","2,80"]
[820,"BUCHA DE REDUCAO DE PVC, SOLDAVEL, LONGA, COM 50 X 32 MM, PARA AGUA FRIA PREDIAL","UN    ","CR","3,56"]
[816,"BUCHA DE REDUCAO DE PVC, SOLDAVEL, LONGA, COM 60 X 25 MM, PARA AGUA FRIA PREDIAL","UN    ","CR","6,06"]
[814,"BUCHA DE REDUCAO DE PVC, SOLDAVEL, LONGA, COM 60 X 32 MM, PARA AGUA FRIA PREDIAL","UN    ","CR","7,32"]
[815,"BUCHA DE REDUCAO DE PVC, SOLDAVEL, LONGA, COM 60 X 40 MM, PARA AGUA FRIA PREDIAL","UN    ","CR","7,92"]
[822,"BUCHA DE REDUCAO DE PVC, SOLDAVEL, LONGA, COM 60 X 50 MM, PARA AGUA FRIA PREDIAL","UN    ","CR","9,64"]
[821,"BUCHA DE REDUCAO DE PVC, SOLDAVEL, LONGA, COM 75 X 50 MM, PARA AGUA FRIA PREDIAL","UN    ","CR","11,27"]
[817,"BUCHA DE REDUCAO DE PVC, SOLDAVEL, LONGA, COM 85 X 60 MM, PARA AGUA FRIA PREDIAL","UN    ","CR","13,40"]
[20086,"BUCHA DE REDUCAO DE PVC, SOLDAVEL, LONGA, 50 X 40 MM, PARA ESGOTO PREDIAL","UN    ","CR","1,44"]
[39191,"BUCHA DE REDUCAO EM ALUMINIO, COM ROSCA, DE 1 1/2\" X 1 1/4\", PARA ELETRODUTO","UN    ","CR","12,74"]
[39190,"BUCHA DE REDUCAO EM ALUMINIO, COM ROSCA, DE 1 1/2\" X 1\", PARA ELETRODUTO","UN    ","CR","13,31"]
[39189,"BUCHA DE REDUCAO EM ALUMINIO, COM ROSCA, DE 1 1/2\" X 3/4\", PARA ELETRODUTO","UN    ","CR","14,09"]
[39186,"BUCHA DE REDUCAO EM ALUMINIO, COM ROSCA, DE 1 1/4\" X 1/2\", PARA ELETRODUTO","UN    ","CR","12,60"]
[39188,"BUCHA DE REDUCAO EM ALUMINIO, COM ROSCA, DE 1 1/4\" X 1\", PARA ELETRODUTO","UN    ","CR","10,37"]
[39187,"BUCHA DE REDUCAO EM ALUMINIO, COM ROSCA, DE 1 1/4\" X 3/4\", PARA ELETRODUTO","UN    ","CR","10,87"]
[39184,"BUCHA DE REDUCAO EM ALUMINIO, COM ROSCA, DE 1\" X 1/2\", PARA ELETRODUTO","UN    ","CR","4,09"]
[39185,"BUCHA DE REDUCAO EM ALUMINIO, COM ROSCA, DE 1\" X 3/4\", PARA ELETRODUTO","UN    ","CR","3,73"]
[39198,"BUCHA DE REDUCAO EM ALUMINIO, COM ROSCA, DE 2 1/2\" X 1 1/2\", PARA ELETRODUTO","UN    ","CR","41,81"]
[39197,"BUCHA DE REDUCAO EM ALUMINIO, COM ROSCA, DE 2 1/2\" X 1 1/4\", PARA ELETRODUTO","UN    ","CR","43,67"]
[39196,"BUCHA DE REDUCAO EM ALUMINIO, COM ROSCA, DE 2 1/2\" X 1\", PARA ELETRODUTO","UN    ","CR","45,04"]
[39199,"BUCHA DE REDUCAO EM ALUMINIO, COM ROSCA, DE 2 1/2\" X 2\", PARA ELETRODUTO","UN    ","CR","40,23"]
[39195,"BUCHA DE REDUCAO EM ALUMINIO, COM ROSCA, DE 2\" X 1 1/2\", PARA ELETRODUTO","UN    ","CR","23,22"]
[39194,"BUCHA DE REDUCAO EM ALUMINIO, COM ROSCA, DE 2\" X 1 1/4\", PARA ELETRODUTO","UN    ","CR","24,85"]
[39193,"BUCHA DE REDUCAO EM ALUMINIO, COM ROSCA, DE 2\" X 1\", PARA ELETRODUTO","UN    ","CR","27,24"]
[39192,"BUCHA DE REDUCAO EM ALUMINIO, COM ROSCA, DE 2\" X 3/4\", PARA ELETRODUTO","UN    ","CR","28,33"]
[39920,"BUCHA DE REDUCAO EM ALUMINIO, COM ROSCA, DE 3/4\" X 1/2\",  PARA ELETRODUTO","UN    ","CR","3,43"]
[39201,"BUCHA DE REDUCAO EM ALUMINIO, COM ROSCA, DE 3\" X 1 1/2\", PARA ELETRODUTO","UN    ","CR","49,98"]
[39200,"BUCHA DE REDUCAO EM ALUMINIO, COM ROSCA, DE 3\" X 1 1/4\", PARA ELETRODUTO","UN    ","CR","50,39"]
[39203,"BUCHA DE REDUCAO EM ALUMINIO, COM ROSCA, DE 3\" X 2 1/2\", PARA ELETRODUTO","UN    ","CR","40,68"]
[39202,"BUCHA DE REDUCAO EM ALUMINIO, COM ROSCA, DE 3\" X 2\", PARA ELETRODUTO","UN    ","CR","47,79"]
[39205,"BUCHA DE REDUCAO EM ALUMINIO, COM ROSCA, DE 4\" X 2 1/2\", PARA ELETRODUTO","UN    ","CR","79,74"]
[39204,"BUCHA DE REDUCAO EM ALUMINIO, COM ROSCA, DE 4\" X 2\", PARA ELETRODUTO","UN    ","CR","81,66"]
[39206,"BUCHA DE REDUCAO EM ALUMINIO, COM ROSCA, DE 4\" X 3\", PARA ELETRODUTO","UN    ","CR","77,48"]
[797,"BUCHA DE REDUCAO PVC ROSCAVEL 1 1/2\" X 1\"","UN    ","CR","5,24"]
[798,"BUCHA DE REDUCAO PVC ROSCAVEL 3/4\" X 1/2\"","UN    ","CR","0,72"]
[796,"BUCHA DE REDUCAO PVC ROSCAVEL, 1 1/2\" X 3/4\"","UN    ","CR","5,02"]
[799,"BUCHA DE REDUCAO PVC ROSCAVEL, 1\" X 1/2\"","UN    ","CR","2,36"]
[792,"BUCHA DE REDUCAO PVC ROSCAVEL, 1\" X 3/4\"","UN    ","CR","2,40"]
[804,"BUCHA DE REDUCAO PVC, ROSCAVEL,  2\"  X 1 1/2 \"","UN    ","CR","11,90"]
[793,"BUCHA DE REDUCAO PVC, ROSCAVEL, 1 1/2\"  X1 1/4 \"","UN    ","CR","5,11"]
[801,"BUCHA DE REDUCAO PVC, ROSCAVEL, 1 1/4\"  X 3/4 \"","UN    ","CR","3,64"]
[794,"BUCHA DE REDUCAO PVC, ROSCAVEL, 1 1/4\" X 1 \"","UN    ","CR","3,76"]
[802,"BUCHA DE REDUCAO PVC, ROSCAVEL, 2\"  X 1 \"","UN    ","CR","10,50"]
[803,"BUCHA DE REDUCAO PVC, ROSCAVEL, 2\"  X 1 1/4 \"","UN    ","CR","9,16"]
[38001,"BUCHA DE REDUCAO, CPVC, SOLDAVEL, 22 X 15 MM, PARA AGUA QUENTE","UN    ","AS","0,73"]
[38002,"BUCHA DE REDUCAO, CPVC, SOLDAVEL, 28 X 22 MM, PARA AGUA QUENTE","UN    ","AS","1,35"]
[38003,"BUCHA DE REDUCAO, CPVC, SOLDAVEL, 35 X 28 MM, PARA AGUA QUENTE","UN    ","AS","16,25"]
[38004,"BUCHA DE REDUCAO, CPVC, SOLDAVEL, 42 X 22 MM, PARA AGUA QUENTE","UN    ","AS","21,72"]
[36327,"BUCHA DE REDUCAO, PPR, DN 25 X 20 MM, PARA AGUA QUENTE PREDIAL","UN    ","CR","1,85"]
[38992,"BUCHA DE REDUCAO, PPR, DN 32 X 25 MM, PARA AGUA QUENTE E FRIA PREDIAL","UN    ","CR","2,96"]
[38993,"BUCHA DE REDUCAO, PPR, DN 40 X 25 MM, PARA AGUA QUENTE E FRIA PREDIAL","UN    ","CR","8,44"]
[38418,"BUCHA DE REDUCAO, PVC, LONGA, SERIE R, DN 50 X 40 MM, PARA ESGOTO PREDIAL","UN    ","CR","4,20"]
[39178,"BUCHA EM ALUMINIO, COM ROSCA, DE  1 1/2\", PARA ELETRODUTO","UN    ","CR","1,38"]
[39177,"BUCHA EM ALUMINIO, COM ROSCA, DE 1 1/4\", PARA ELETRODUTO","UN    ","CR","1,24"]
[39174,"BUCHA EM ALUMINIO, COM ROSCA, DE 1/2\", PARA ELETRODUTO","UN    ","CR","0,62"]
[39176,"BUCHA EM ALUMINIO, COM ROSCA, DE 1\", PARA ELETRODUTO","UN    ","CR","0,81"]
[39180,"BUCHA EM ALUMINIO, COM ROSCA, DE 2 1/2\", PARA ELETRODUTO","UN    ","CR","3,74"]
[39179,"BUCHA EM ALUMINIO, COM ROSCA, DE 2\", PARA ELETRODUTO","UN    ","CR","3,31"]
[39175,"BUCHA EM ALUMINIO, COM ROSCA, DE 3/4\", PARA ELETRODUTO","UN    ","CR","0,76"]
[39217,"BUCHA EM ALUMINIO, COM ROSCA, DE 3/8\", PARA ELETRODUTO","UN    ","CR","0,58"]
[39181,"BUCHA EM ALUMINIO, COM ROSCA, DE 3\", PARA ELETRODUTO","UN    ","CR","5,02"]
[39182,"BUCHA EM ALUMINIO, COM ROSCA, DE 4\", PARA ELETRODUTO","UN    ","CR","7,06"]
[12616,"CABECEIRA DIREITA OU ESQUERDA, PVC, PARA CALHA PLUVIAL, DIAMETRO ENTRE 119 E 170 MM, PARA DRENAGEM PREDIAL","UN    ","AS","4,81"]
[1049,"CABECOTE PARA ENTRADA DE LINHA DE ALIMENTACAO PARA ELETRODUTO, EM LIGA DE ALUMINIO COM ACABAMENTO ANTI CORROSIVO, COM FIXACAO POR ENCAIXE LISO DE 360 GRAUS, DE 1 1/2\"","UN    ","CR","5,90"]
[1099,"CABECOTE PARA ENTRADA DE LINHA DE ALIMENTACAO PARA ELETRODUTO, EM LIGA DE ALUMINIO COM ACABAMENTO ANTI CORROSIVO, COM FIXACAO POR ENCAIXE LISO DE 360 GRAUS, DE 1 1/4\"","UN    ","CR","4,52"]
[39678,"CABECOTE PARA ENTRADA DE LINHA DE ALIMENTACAO PARA ELETRODUTO, EM LIGA DE ALUMINIO COM ACABAMENTO ANTI CORROSIVO, COM FIXACAO POR ENCAIXE LISO DE 360 GRAUS, DE 1/2\"","UN    ","CR","1,82"]
[1050,"CABECOTE PARA ENTRADA DE LINHA DE ALIMENTACAO PARA ELETRODUTO, EM LIGA DE ALUMINIO COM ACABAMENTO ANTI CORROSIVO, COM FIXACAO POR ENCAIXE LISO DE 360 GRAUS, DE 1\"","UN    ","CR","3,09"]
[1101,"CABECOTE PARA ENTRADA DE LINHA DE ALIMENTACAO PARA ELETRODUTO, EM LIGA DE ALUMINIO COM ACABAMENTO ANTI CORROSIVO, COM FIXACAO POR ENCAIXE LISO DE 360 GRAUS, DE 2 1/2\"","UN    ","CR","19,48"]
[1100,"CABECOTE PARA ENTRADA DE LINHA DE ALIMENTACAO PARA ELETRODUTO, EM LIGA DE ALUMINIO COM ACABAMENTO ANTI CORROSIVO, COM FIXACAO POR ENCAIXE LISO DE 360 GRAUS, DE 2\"","UN    ","CR","10,05"]
[39679,"CABECOTE PARA ENTRADA DE LINHA DE ALIMENTACAO PARA ELETRODUTO, EM LIGA DE ALUMINIO COM ACABAMENTO ANTI CORROSIVO, COM FIXACAO POR ENCAIXE LISO DE 360 GRAUS, DE 3 1/2\"","UN    ","CR","38,83"]
[1098,"CABECOTE PARA ENTRADA DE LINHA DE ALIMENTACAO PARA ELETRODUTO, EM LIGA DE ALUMINIO COM ACABAMENTO ANTI CORROSIVO, COM FIXACAO POR ENCAIXE LISO DE 360 GRAUS, DE 3/4\"","UN    ","CR","2,41"]
[1102,"CABECOTE PARA ENTRADA DE LINHA DE ALIMENTACAO PARA ELETRODUTO, EM LIGA DE ALUMINIO COM ACABAMENTO ANTI CORROSIVO, COM FIXACAO POR ENCAIXE LISO DE 360 GRAUS, DE 3\"","UN    ","CR","29,05"]
[1051,"CABECOTE PARA ENTRADA DE LINHA DE ALIMENTACAO PARA ELETRODUTO, EM LIGA DE ALUMINIO COM ACABAMENTO ANTI CORROSIVO, COM FIXACAO POR ENCAIXE LISO DE 360 GRAUS, DE 4\"","UN    ","CR","42,23"]
[37399,"CABIDE/GANCHO DE BANHEIRO SIMPLES EM METAL CROMADO","UN    ","CR","16,78"]
[41955,"CABO DE ACO GALVANIZADO, DIAMETRO 12,7 MM (1/2\"), COM ALMA DE ACO CABO INDEPENDENTE 6 X 25 F","KG    ","CR","51,71"]
[41953,"CABO DE ACO GALVANIZADO, DIAMETRO 12,7 MM (1/2\"), COM ALMA DE FIBRA 6 X 25 F","KG    ","CR","49,34"]
[41954,"CABO DE ACO GALVANIZADO, DIAMETRO 9,53 MM (3/8\"), COM ALMA DE FIBRA 6 X 25 F","KG    ","CR","48,87"]
[25004,"CABO DE ALUMINIO NU COM ALMA DE ACO, BITOLA 1/0 AWG","KG    ","CR","25,70"]
[25002,"CABO DE ALUMINIO NU COM ALMA DE ACO, BITOLA 2 AWG","KG    ","CR","25,91"]
[37409,"CABO DE ALUMINIO NU COM ALMA DE ACO, BITOLA 2/0 AWG","KG    ","CR","25,49"]
[841,"CABO DE ALUMINIO NU COM ALMA DE ACO, BITOLA 4 AWG","KG    ","C ","26,33"]
[25005,"CABO DE ALUMINIO NU SEM ALMA DE ACO, BITOLA 1/0 AWG","KG    ","CR","28,87"]
[25003,"CABO DE ALUMINIO NU SEM ALMA DE ACO, BITOLA 2 AWG","KG    ","CR","30,84"]
[37410,"CABO DE ALUMINIO NU SEM ALMA DE ACO, BITOLA 2/0 AWG","KG    ","CR","28,87"]
[842,"CABO DE ALUMINIO NU SEM ALMA DE ACO, BITOLA 4 AWG","KG    ","CR","32,48"]
[862,"CABO DE COBRE NU 10 MM2 MEIO-DURO","M     ","CR","7,73"]
[866,"CABO DE COBRE NU 120 MM2 MEIO-DURO","M     ","CR","95,01"]
[892,"CABO DE COBRE NU 150 MM2 MEIO-DURO","M     ","CR","120,82"]
[857,"CABO DE COBRE NU 16 MM2 MEIO-DURO","M     ","C ","12,30"]
[37404,"CABO DE COBRE NU 185 MM2 MEIO-DURO","M     ","CR","145,29"]
[868,"CABO DE COBRE NU 25 MM2 MEIO-DURO","M     ","CR","18,99"]
[870,"CABO DE COBRE NU 300 MM2 MEIO-DURO","M     ","CR","250,36"]
[863,"CABO DE COBRE NU 35 MM2 MEIO-DURO","M     ","CR","26,24"]
[867,"CABO DE COBRE NU 50 MM2 MEIO-DURO","M     ","CR","36,55"]
[891,"CABO DE COBRE NU 500 MM2 MEIO-DURO","M     ","CR","420,45"]
[864,"CABO DE COBRE NU 70 MM2 MEIO-DURO","M     ","CR","51,49"]
[865,"CABO DE COBRE NU 95 MM2 MEIO-DURO","M     ","CR","72,53"]
[1006,"CABO DE COBRE RIGIDO, CLASSE 2, ISOLACAO EM PVC, ANTI-CHAMA BWF-B, 1 CONDUTOR, 450/750 V, DIAMETRO 120 MM2","M     ","CR","77,73"]
[948,"CABO DE COBRE UNIPOLAR 10 MM2, BLINDADO, ISOLACAO 3,6/6 KV EPR, COBERTURA EM PVC","M     ","AS","26,31"]
[947,"CABO DE COBRE UNIPOLAR 16 MM2, BLINDADO, ISOLACAO 3,6/6 KV EPR, COBERTURA EM PVC","M     ","AS","26,76"]
[911,"CABO DE COBRE UNIPOLAR 16 MM2, BLINDADO, ISOLACAO 6/10 KV EPR, COBERTURA EM PVC","M     ","AS","38,91"]
[925,"CABO DE COBRE UNIPOLAR 25 MM2, BLINDADO, ISOLACAO 3,6/6 KV EPR, COBERTURA EM PVC","M     ","AS","35,97"]
[954,"CABO DE COBRE UNIPOLAR 25MM2, BLINDADO, ISOLACAO 6/10 KV EPR, COBERTURA EM PVC","M     ","AS","39,74"]
[901,"CABO DE COBRE UNIPOLAR 35 MM2, BLINDADO, ISOLACAO 12/20 KV EPR, COBERTURA EM PVC","M     ","AS","42,53"]
[926,"CABO DE COBRE UNIPOLAR 35 MM2, BLINDADO, ISOLACAO 3,6/6 KV EPR, COBERTURA EM PVC","M     ","AS","44,94"]
[912,"CABO DE COBRE UNIPOLAR 35 MM2, BLINDADO, ISOLACAO 6/10 KV EPR, COBERTURA EM PVC","M     ","AS","45,22"]
[955,"CABO DE COBRE UNIPOLAR 50 MM2, BLINDADO, ISOLACAO 12/20 KV EPR, COBERTURA EM PVC","M     ","AS","53,97"]
[946,"CABO DE COBRE UNIPOLAR 50 MM2, BLINDADO, ISOLACAO 3,6/6 KV EPR, COBERTURA EM PVC","M     ","AS","60,68"]
[953,"CABO DE COBRE UNIPOLAR 50 MM2, BLINDADO, ISOLACAO 6/10 KV EPR, COBERTURA EM PVC","M     ","AS","55,22"]
[902,"CABO DE COBRE UNIPOLAR 70 MM2, BLINDADO, ISOLACAO 12/20 KV EPR, COBERTURA EM PVC","M     ","AS","67,13"]
[927,"CABO DE COBRE UNIPOLAR 70 MM2, BLINDADO, ISOLACAO 3,6/6 KV EPR, COBERTURA EM PVC","M     ","AS","65,07"]
[913,"CABO DE COBRE UNIPOLAR 70 MM2, BLINDADO, ISOLACAO 6/10 KV EPR, COBERTURA EM PVC","M     ","AS","72,63"]
[903,"CABO DE COBRE UNIPOLAR 95 MM2, BLINDADO, ISOLACAO 12/20 KV EPR, COBERTURA EM PVC","M     ","AS","82,19"]
[945,"CABO DE COBRE UNIPOLAR 95 MM2, BLINDADO, ISOLACAO 3,6/6 KV EPR, COBERTURA EM PVC","M     ","AS","86,95"]
[914,"CABO DE COBRE UNIPOLAR 95 MM2, BLINDADO, ISOLACAO 6/10 KV EPR, COBERTURA EM PVC","M     ","AS","89,07"]
[993,"CABO DE COBRE, FLEXIVEL, CLASSE 4 OU 5, ISOLACAO EM PVC/A, ANTICHAMA BWF-B, COBERTURA PVC-ST1, ANTICHAMA BWF-B, 1 CONDUTOR, 0,6/1 KV, SECAO NOMINAL 1,5 MM2","M     ","CR","1,67"]
[1020,"CABO DE COBRE, FLEXIVEL, CLASSE 4 OU 5, ISOLACAO EM PVC/A, ANTICHAMA BWF-B, COBERTURA PVC-ST1, ANTICHAMA BWF-B, 1 CONDUTOR, 0,6/1 KV, SECAO NOMINAL 10 MM2","M     ","CR","7,29"]
[1017,"CABO DE COBRE, FLEXIVEL, CLASSE 4 OU 5, ISOLACAO EM PVC/A, ANTICHAMA BWF-B, COBERTURA PVC-ST1, ANTICHAMA BWF-B, 1 CONDUTOR, 0,6/1 KV, SECAO NOMINAL 120 MM2","M     ","CR","80,08"]
[999,"CABO DE COBRE, FLEXIVEL, CLASSE 4 OU 5, ISOLACAO EM PVC/A, ANTICHAMA BWF-B, COBERTURA PVC-ST1, ANTICHAMA BWF-B, 1 CONDUTOR, 0,6/1 KV, SECAO NOMINAL 150 MM2","M     ","CR","99,22"]
[995,"CABO DE COBRE, FLEXIVEL, CLASSE 4 OU 5, ISOLACAO EM PVC/A, ANTICHAMA BWF-B, COBERTURA PVC-ST1, ANTICHAMA BWF-B, 1 CONDUTOR, 0,6/1 KV, SECAO NOMINAL 16 MM2","M     ","CR","11,18"]
[1000,"CABO DE COBRE, FLEXIVEL, CLASSE 4 OU 5, ISOLACAO EM PVC/A, ANTICHAMA BWF-B, COBERTURA PVC-ST1, ANTICHAMA BWF-B, 1 CONDUTOR, 0,6/1 KV, SECAO NOMINAL 185 MM2","M     ","CR","121,63"]
[1022,"CABO DE COBRE, FLEXIVEL, CLASSE 4 OU 5, ISOLACAO EM PVC/A, ANTICHAMA BWF-B, COBERTURA PVC-ST1, ANTICHAMA BWF-B, 1 CONDUTOR, 0,6/1 KV, SECAO NOMINAL 2,5 MM2","M     ","CR","2,32"]
[1015,"CABO DE COBRE, FLEXIVEL, CLASSE 4 OU 5, ISOLACAO EM PVC/A, ANTICHAMA BWF-B, COBERTURA PVC-ST1, ANTICHAMA BWF-B, 1 CONDUTOR, 0,6/1 KV, SECAO NOMINAL 240 MM2","M     ","CR","160,16"]
[996,"CABO DE COBRE, FLEXIVEL, CLASSE 4 OU 5, ISOLACAO EM PVC/A, ANTICHAMA BWF-B, COBERTURA PVC-ST1, ANTICHAMA BWF-B, 1 CONDUTOR, 0,6/1 KV, SECAO NOMINAL 25 MM2","M     ","CR","17,01"]
[1001,"CABO DE COBRE, FLEXIVEL, CLASSE 4 OU 5, ISOLACAO EM PVC/A, ANTICHAMA BWF-B, COBERTURA PVC-ST1, ANTICHAMA BWF-B, 1 CONDUTOR, 0,6/1 KV, SECAO NOMINAL 300 MM2","M     ","CR","200,44"]
[1019,"CABO DE COBRE, FLEXIVEL, CLASSE 4 OU 5, ISOLACAO EM PVC/A, ANTICHAMA BWF-B, COBERTURA PVC-ST1, ANTICHAMA BWF-B, 1 CONDUTOR, 0,6/1 KV, SECAO NOMINAL 35 MM2","M     ","CR","23,45"]
[1021,"CABO DE COBRE, FLEXIVEL, CLASSE 4 OU 5, ISOLACAO EM PVC/A, ANTICHAMA BWF-B, COBERTURA PVC-ST1, ANTICHAMA BWF-B, 1 CONDUTOR, 0,6/1 KV, SECAO NOMINAL 4 MM2","M     ","CR","3,33"]
[39249,"CABO DE COBRE, FLEXIVEL, CLASSE 4 OU 5, ISOLACAO EM PVC/A, ANTICHAMA BWF-B, COBERTURA PVC-ST1, ANTICHAMA BWF-B, 1 CONDUTOR, 0,6/1 KV, SECAO NOMINAL 400 MM2","M     ","CR","261,47"]
[1018,"CABO DE COBRE, FLEXIVEL, CLASSE 4 OU 5, ISOLACAO EM PVC/A, ANTICHAMA BWF-B, COBERTURA PVC-ST1, ANTICHAMA BWF-B, 1 CONDUTOR, 0,6/1 KV, SECAO NOMINAL 50 MM2","M     ","CR","33,43"]
[39250,"CABO DE COBRE, FLEXIVEL, CLASSE 4 OU 5, ISOLACAO EM PVC/A, ANTICHAMA BWF-B, COBERTURA PVC-ST1, ANTICHAMA BWF-B, 1 CONDUTOR, 0,6/1 KV, SECAO NOMINAL 500 MM2","M     ","CR","335,89"]
[994,"CABO DE COBRE, FLEXIVEL, CLASSE 4 OU 5, ISOLACAO EM PVC/A, ANTICHAMA BWF-B, COBERTURA PVC-ST1, ANTICHAMA BWF-B, 1 CONDUTOR, 0,6/1 KV, SECAO NOMINAL 6 MM2","M     ","CR","4,55"]
[977,"CABO DE COBRE, FLEXIVEL, CLASSE 4 OU 5, ISOLACAO EM PVC/A, ANTICHAMA BWF-B, COBERTURA PVC-ST1, ANTICHAMA BWF-B, 1 CONDUTOR, 0,6/1 KV, SECAO NOMINAL 70 MM2","M     ","CR","46,31"]
[998,"CABO DE COBRE, FLEXIVEL, CLASSE 4 OU 5, ISOLACAO EM PVC/A, ANTICHAMA BWF-B, COBERTURA PVC-ST1, ANTICHAMA BWF-B, 1 CONDUTOR, 0,6/1 KV, SECAO NOMINAL 95 MM2","M     ","CR","61,52"]
[39251,"CABO DE COBRE, FLEXIVEL, CLASSE 4 OU 5, ISOLACAO EM PVC/A, ANTICHAMA BWF-B, 1 CONDUTOR, 450/750 V, SECAO NOMINAL 0,5 MM2","M     ","CR","0,44"]
[1011,"CABO DE COBRE, FLEXIVEL, CLASSE 4 OU 5, ISOLACAO EM PVC/A, ANTICHAMA BWF-B, 1 CONDUTOR, 450/750 V, SECAO NOMINAL 0,75 MM2","M     ","CR","0,62"]
[39252,"CABO DE COBRE, FLEXIVEL, CLASSE 4 OU 5, ISOLACAO EM PVC/A, ANTICHAMA BWF-B, 1 CONDUTOR, 450/750 V, SECAO NOMINAL 1,0 MM2","M     ","CR","0,74"]
[1013,"CABO DE COBRE, FLEXIVEL, CLASSE 4 OU 5, ISOLACAO EM PVC/A, ANTICHAMA BWF-B, 1 CONDUTOR, 450/750 V, SECAO NOMINAL 1,5 MM2","M     ","CR","0,98"]
[980,"CABO DE COBRE, FLEXIVEL, CLASSE 4 OU 5, ISOLACAO EM PVC/A, ANTICHAMA BWF-B, 1 CONDUTOR, 450/750 V, SECAO NOMINAL 10 MM2","M     ","CR","6,68"]
[39237,"CABO DE COBRE, FLEXIVEL, CLASSE 4 OU 5, ISOLACAO EM PVC/A, ANTICHAMA BWF-B, 1 CONDUTOR, 450/750 V, SECAO NOMINAL 120 MM2","M     ","CR","79,24"]
[39238,"CABO DE COBRE, FLEXIVEL, CLASSE 4 OU 5, ISOLACAO EM PVC/A, ANTICHAMA BWF-B, 1 CONDUTOR, 450/750 V, SECAO NOMINAL 150 MM2","M     ","CR","98,93"]
[979,"CABO DE COBRE, FLEXIVEL, CLASSE 4 OU 5, ISOLACAO EM PVC/A, ANTICHAMA BWF-B, 1 CONDUTOR, 450/750 V, SECAO NOMINAL 16 MM2","M     ","C ","10,30"]
[39239,"CABO DE COBRE, FLEXIVEL, CLASSE 4 OU 5, ISOLACAO EM PVC/A, ANTICHAMA BWF-B, 1 CONDUTOR, 450/750 V, SECAO NOMINAL 185 MM2","M     ","CR","120,40"]
[1014,"CABO DE COBRE, FLEXIVEL, CLASSE 4 OU 5, ISOLACAO EM PVC/A, ANTICHAMA BWF-B, 1 CONDUTOR, 450/750 V, SECAO NOMINAL 2,5 MM2","M     ","CR","1,56"]
[39240,"CABO DE COBRE, FLEXIVEL, CLASSE 4 OU 5, ISOLACAO EM PVC/A, ANTICHAMA BWF-B, 1 CONDUTOR, 450/750 V, SECAO NOMINAL 240 MM2","M     ","CR","159,14"]
[39232,"CABO DE COBRE, FLEXIVEL, CLASSE 4 OU 5, ISOLACAO EM PVC/A, ANTICHAMA BWF-B, 1 CONDUTOR, 450/750 V, SECAO NOMINAL 25 MM2","M     ","CR","16,52"]
[39233,"CABO DE COBRE, FLEXIVEL, CLASSE 4 OU 5, ISOLACAO EM PVC/A, ANTICHAMA BWF-B, 1 CONDUTOR, 450/750 V, SECAO NOMINAL 35 MM2","M     ","CR","22,72"]
[981,"CABO DE COBRE, FLEXIVEL, CLASSE 4 OU 5, ISOLACAO EM PVC/A, ANTICHAMA BWF-B, 1 CONDUTOR, 450/750 V, SECAO NOMINAL 4 MM2","M     ","CR","2,79"]
[39234,"CABO DE COBRE, FLEXIVEL, CLASSE 4 OU 5, ISOLACAO EM PVC/A, ANTICHAMA BWF-B, 1 CONDUTOR, 450/750 V, SECAO NOMINAL 50 MM2","M     ","CR","33,34"]
[982,"CABO DE COBRE, FLEXIVEL, CLASSE 4 OU 5, ISOLACAO EM PVC/A, ANTICHAMA BWF-B, 1 CONDUTOR, 450/750 V, SECAO NOMINAL 6 MM2","M     ","CR","3,91"]
[39235,"CABO DE COBRE, FLEXIVEL, CLASSE 4 OU 5, ISOLACAO EM PVC/A, ANTICHAMA BWF-B, 1 CONDUTOR, 450/750 V, SECAO NOMINAL 70 MM2","M     ","CR","46,89"]
[39236,"CABO DE COBRE, FLEXIVEL, CLASSE 4 OU 5, ISOLACAO EM PVC/A, ANTICHAMA BWF-B, 1 CONDUTOR, 450/750 V, SECAO NOMINAL 95 MM2","M     ","CR","61,47"]
[876,"CABO DE COBRE, RIGIDO, CLASSE 2, COMPACTADO, BLINDADO, ISOLACAO EM EPR OU XLPE, COBERTURA ANTICHAMA EM PVC, PEAD OU HFFR, 1 CONDUTOR, 20/35 KV, SECAO NOMINAL 120 MM2","M     ","CR","158,69"]
[877,"CABO DE COBRE, RIGIDO, CLASSE 2, COMPACTADO, BLINDADO, ISOLACAO EM EPR OU XLPE, COBERTURA ANTICHAMA EM PVC, PEAD OU HFFR, 1 CONDUTOR, 20/35 KV, SECAO NOMINAL 150 MM2","M     ","CR","186,55"]
[882,"CABO DE COBRE, RIGIDO, CLASSE 2, COMPACTADO, BLINDADO, ISOLACAO EM EPR OU XLPE, COBERTURA ANTICHAMA EM PVC, PEAD OU HFFR, 1 CONDUTOR, 20/35 KV, SECAO NOMINAL 185 MM2","M     ","CR","203,28"]
[878,"CABO DE COBRE, RIGIDO, CLASSE 2, COMPACTADO, BLINDADO, ISOLACAO EM EPR OU XLPE, COBERTURA ANTICHAMA EM PVC, PEAD OU HFFR, 1 CONDUTOR, 20/35 KV, SECAO NOMINAL 240 MM2","M     ","CR","252,73"]
[879,"CABO DE COBRE, RIGIDO, CLASSE 2, COMPACTADO, BLINDADO, ISOLACAO EM EPR OU XLPE, COBERTURA ANTICHAMA EM PVC, PEAD OU HFFR, 1 CONDUTOR, 20/35 KV, SECAO NOMINAL 300 MM2","M     ","CR","297,88"]
[880,"CABO DE COBRE, RIGIDO, CLASSE 2, COMPACTADO, BLINDADO, ISOLACAO EM EPR OU XLPE, COBERTURA ANTICHAMA EM PVC, PEAD OU HFFR, 1 CONDUTOR, 20/35 KV, SECAO NOMINAL 400 MM2","M     ","CR","350,49"]
[873,"CABO DE COBRE, RIGIDO, CLASSE 2, COMPACTADO, BLINDADO, ISOLACAO EM EPR OU XLPE, COBERTURA ANTICHAMA EM PVC, PEAD OU HFFR, 1 CONDUTOR, 20/35 KV, SECAO NOMINAL 50 MM2","M     ","CR","106,57"]
[881,"CABO DE COBRE, RIGIDO, CLASSE 2, COMPACTADO, BLINDADO, ISOLACAO EM EPR OU XLPE, COBERTURA ANTICHAMA EM PVC, PEAD OU HFFR, 1 CONDUTOR, 20/35 KV, SECAO NOMINAL 500 MM2","M     ","CR","479,06"]
[874,"CABO DE COBRE, RIGIDO, CLASSE 2, COMPACTADO, BLINDADO, ISOLACAO EM EPR OU XLPE, COBERTURA ANTICHAMA EM PVC, PEAD OU HFFR, 1 CONDUTOR, 20/35 KV, SECAO NOMINAL 70 MM2","M     ","CR","126,47"]
[875,"CABO DE COBRE, RIGIDO, CLASSE 2, COMPACTADO, BLINDADO, ISOLACAO EM EPR OU XLPE, COBERTURA ANTICHAMA EM PVC, PEAD OU HFFR, 1 CONDUTOR, 20/35 KV, SECAO NOMINAL 95 MM2","M     ","CR","150,89"]
[983,"CABO DE COBRE, RIGIDO, CLASSE 2, ISOLACAO EM PVC/A, ANTICHAMA BWF-B, 1 CONDUTOR, 450/750 V, SECAO NOMINAL 1,5 MM2","M     ","CR","0,94"]
[985,"CABO DE COBRE, RIGIDO, CLASSE 2, ISOLACAO EM PVC/A, ANTICHAMA BWF-B, 1 CONDUTOR, 450/750 V, SECAO NOMINAL 10 MM2","M     ","CR","7,08"]
[990,"CABO DE COBRE, RIGIDO, CLASSE 2, ISOLACAO EM PVC/A, ANTICHAMA BWF-B, 1 CONDUTOR, 450/750 V, SECAO NOMINAL 150 MM2","M     ","CR","97,00"]
[39241,"CABO DE COBRE, RIGIDO, CLASSE 2, ISOLACAO EM PVC/A, ANTICHAMA BWF-B, 1 CONDUTOR, 450/750 V, SECAO NOMINAL 16 MM2","M     ","CR","11,09"]
[1005,"CABO DE COBRE, RIGIDO, CLASSE 2, ISOLACAO EM PVC/A, ANTICHAMA BWF-B, 1 CONDUTOR, 450/750 V, SECAO NOMINAL 185 MM2","M     ","CR","119,06"]
[984,"CABO DE COBRE, RIGIDO, CLASSE 2, ISOLACAO EM PVC/A, ANTICHAMA BWF-B, 1 CONDUTOR, 450/750 V, SECAO NOMINAL 2,5 MM2","M     ","CR","2,44"]
[991,"CABO DE COBRE, RIGIDO, CLASSE 2, ISOLACAO EM PVC/A, ANTICHAMA BWF-B, 1 CONDUTOR, 450/750 V, SECAO NOMINAL 240 MM2","M     ","CR","157,32"]
[986,"CABO DE COBRE, RIGIDO, CLASSE 2, ISOLACAO EM PVC/A, ANTICHAMA BWF-B, 1 CONDUTOR, 450/750 V, SECAO NOMINAL 25 MM2","M     ","CR","16,95"]
[1024,"CABO DE COBRE, RIGIDO, CLASSE 2, ISOLACAO EM PVC/A, ANTICHAMA BWF-B, 1 CONDUTOR, 450/750 V, SECAO NOMINAL 300 MM2","M     ","CR","194,72"]
[987,"CABO DE COBRE, RIGIDO, CLASSE 2, ISOLACAO EM PVC/A, ANTICHAMA BWF-B, 1 CONDUTOR, 450/750 V, SECAO NOMINAL 35 MM2","M     ","CR","23,03"]
[1003,"CABO DE COBRE, RIGIDO, CLASSE 2, ISOLACAO EM PVC/A, ANTICHAMA BWF-B, 1 CONDUTOR, 450/750 V, SECAO NOMINAL 4 MM2","M     ","CR","3,58"]
[992,"CABO DE COBRE, RIGIDO, CLASSE 2, ISOLACAO EM PVC/A, ANTICHAMA BWF-B, 1 CONDUTOR, 450/750 V, SECAO NOMINAL 400 MM2","M     ","CR","251,92"]
[1007,"CABO DE COBRE, RIGIDO, CLASSE 2, ISOLACAO EM PVC/A, ANTICHAMA BWF-B, 1 CONDUTOR, 450/750 V, SECAO NOMINAL 50 MM2","M     ","CR","32,67"]
[39242,"CABO DE COBRE, RIGIDO, CLASSE 2, ISOLACAO EM PVC/A, ANTICHAMA BWF-B, 1 CONDUTOR, 450/750 V, SECAO NOMINAL 500 MM2","M     ","CR","312,14"]
[1008,"CABO DE COBRE, RIGIDO, CLASSE 2, ISOLACAO EM PVC/A, ANTICHAMA BWF-B, 1 CONDUTOR, 450/750 V, SECAO NOMINAL 6 MM2","M     ","CR","4,07"]
[988,"CABO DE COBRE, RIGIDO, CLASSE 2, ISOLACAO EM PVC/A, ANTICHAMA BWF-B, 1 CONDUTOR, 450/750 V, SECAO NOMINAL 70 MM2","M     ","CR","45,13"]
[989,"CABO DE COBRE, RIGIDO, CLASSE 2, ISOLACAO EM PVC/A, ANTICHAMA BWF-B, 1 CONDUTOR, 450/750 V, SECAO NOMINAL 95 MM2","M     ","CR","61,13"]
[39598,"CABO DE PAR TRANCADO UTP, 4 PARES, CATEGORIA 5E","M     ","CR","1,17"]
[39599,"CABO DE PAR TRANCADO UTP, 4 PARES, CATEGORIA 6","M     ","CR","1,77"]
[34602,"CABO FLEXIVEL PVC 750 V, 2 CONDUTORES DE 1,5 MM2","M     ","AS","2,48"]
[34603,"CABO FLEXIVEL PVC 750 V, 2 CONDUTORES DE 10,0 MM2","M     ","AS","11,92"]
[34607,"CABO FLEXIVEL PVC 750 V, 2 CONDUTORES DE 4,0 MM2","M     ","AS","5,31"]
[34609,"CABO FLEXIVEL PVC 750 V, 2 CONDUTORES DE 6,0 MM2","M     ","AS","7,97"]
[34618,"CABO FLEXIVEL PVC 750 V, 3 CONDUTORES DE 1,5 MM2","M     ","AS","3,28"]
[34620,"CABO FLEXIVEL PVC 750 V, 3 CONDUTORES DE 10,0 MM2","M     ","AS","16,45"]
[34621,"CABO FLEXIVEL PVC 750 V, 3 CONDUTORES DE 4,0 MM2","M     ","AS","7,63"]
[34622,"CABO FLEXIVEL PVC 750 V, 3 CONDUTORES DE 6,0 MM2","M     ","AS","10,81"]
[34624,"CABO FLEXIVEL PVC 750 V, 4 CONDUTORES DE 1,5 MM2","M     ","AS","4,20"]
[34626,"CABO FLEXIVEL PVC 750 V, 4 CONDUTORES DE 10,0 MM2","M     ","AS","22,61"]
[34627,"CABO FLEXIVEL PVC 750 V, 4 CONDUTORES DE 4,0 MM2","M     ","AS","9,74"]
[34629,"CABO FLEXIVEL PVC 750 V, 4 CONDUTORES DE 6,0 MM2","M     ","AS","14,26"]
[39257,"CABO MULTIPOLAR DE COBRE, FLEXIVEL, CLASSE 4 OU 5, ISOLACAO EM HEPR, COBERTURA EM PVC-ST2, ANTICHAMA BWF-B, 0,6/1 KV, 3 CONDUTORES DE 1,5 MM2","M     ","CR","4,27"]
[39261,"CABO MULTIPOLAR DE COBRE, FLEXIVEL, CLASSE 4 OU 5, ISOLACAO EM HEPR, COBERTURA EM PVC-ST2, ANTICHAMA BWF-B, 0,6/1 KV, 3 CONDUTORES DE 10 MM2","M     ","CR","22,74"]
[39268,"CABO MULTIPOLAR DE COBRE, FLEXIVEL, CLASSE 4 OU 5, ISOLACAO EM HEPR, COBERTURA EM PVC-ST2, ANTICHAMA BWF-B, 0,6/1 KV, 3 CONDUTORES DE 120 MM2","M     ","CR","262,37"]
[39262,"CABO MULTIPOLAR DE COBRE, FLEXIVEL, CLASSE 4 OU 5, ISOLACAO EM HEPR, COBERTURA EM PVC-ST2, ANTICHAMA BWF-B, 0,6/1 KV, 3 CONDUTORES DE 16 MM2","M     ","CR","35,55"]
[39258,"CABO MULTIPOLAR DE COBRE, FLEXIVEL, CLASSE 4 OU 5, ISOLACAO EM HEPR, COBERTURA EM PVC-ST2, ANTICHAMA BWF-B, 0,6/1 KV, 3 CONDUTORES DE 2,5 MM2","M     ","CR","6,32"]
[39263,"CABO MULTIPOLAR DE COBRE, FLEXIVEL, CLASSE 4 OU 5, ISOLACAO EM HEPR, COBERTURA EM PVC-ST2, ANTICHAMA BWF-B, 0,6/1 KV, 3 CONDUTORES DE 25 MM2","M     ","CR","55,01"]
[39264,"CABO MULTIPOLAR DE COBRE, FLEXIVEL, CLASSE 4 OU 5, ISOLACAO EM HEPR, COBERTURA EM PVC-ST2, ANTICHAMA BWF-B, 0,6/1 KV, 3 CONDUTORES DE 35 MM2","M     ","CR","74,49"]
[39259,"CABO MULTIPOLAR DE COBRE, FLEXIVEL, CLASSE 4 OU 5, ISOLACAO EM HEPR, COBERTURA EM PVC-ST2, ANTICHAMA BWF-B, 0,6/1 KV, 3 CONDUTORES DE 4 MM2","M     ","CR","9,63"]
[39265,"CABO MULTIPOLAR DE COBRE, FLEXIVEL, CLASSE 4 OU 5, ISOLACAO EM HEPR, COBERTURA EM PVC-ST2, ANTICHAMA BWF-B, 0,6/1 KV, 3 CONDUTORES DE 50 MM2","M     ","CR","109,73"]
[39260,"CABO MULTIPOLAR DE COBRE, FLEXIVEL, CLASSE 4 OU 5, ISOLACAO EM HEPR, COBERTURA EM PVC-ST2, ANTICHAMA BWF-B, 0,6/1 KV, 3 CONDUTORES DE 6 MM2","M     ","CR","13,72"]
[39266,"CABO MULTIPOLAR DE COBRE, FLEXIVEL, CLASSE 4 OU 5, ISOLACAO EM HEPR, COBERTURA EM PVC-ST2, ANTICHAMA BWF-B, 0,6/1 KV, 3 CONDUTORES DE 70 MM2","M     ","CR","153,97"]
[39267,"CABO MULTIPOLAR DE COBRE, FLEXIVEL, CLASSE 4 OU 5, ISOLACAO EM HEPR, COBERTURA EM PVC-ST2, ANTICHAMA BWF-B, 0,6/1 KV, 3 CONDUTORES DE 95 MM2","M     ","CR","201,83"]
[11901,"CABO TELEFONICO CCI 50, 1 PAR, USO INTERNO, SEM BLINDAGEM","M     ","C ","0,33"]
[11902,"CABO TELEFONICO CCI 50, 2 PARES, USO INTERNO, SEM BLINDAGEM","M     ","CR","0,57"]
[11903,"CABO TELEFONICO CCI 50, 3 PARES, USO INTERNO, SEM BLINDAGEM","M     ","CR","0,88"]
[11904,"CABO TELEFONICO CCI 50, 4 PARES, USO INTERNO, SEM BLINDAGEM","M     ","CR","1,13"]
[11905,"CABO TELEFONICO CCI 50, 5 PARES, USO INTERNO, SEM BLINDAGEM","M     ","CR","1,52"]
[11906,"CABO TELEFONICO CCI 50, 6 PARES, USO INTERNO, SEM BLINDAGEM","M     ","CR","1,75"]
[11919,"CABO TELEFONICO CI 50, 10 PARES, USO INTERNO","M     ","CR","3,43"]
[11920,"CABO TELEFONICO CI 50, 20 PARES, USO INTERNO","M     ","CR","6,66"]
[11924,"CABO TELEFONICO CI 50, 200 PARES, USO INTERNO","M     ","CR","64,76"]
[11921,"CABO TELEFONICO CI 50, 30 PARES, USO INTERNO","M     ","CR","9,06"]
[11922,"CABO TELEFONICO CI 50, 50 PARES, USO INTERNO","M     ","CR","16,09"]
[11923,"CABO TELEFONICO CI 50, 75 PARES, USO INTERNO","M     ","CR","26,29"]
[11916,"CABO TELEFONICO CTP - APL - 50, 10 PARES, USO EXTERNO","M     ","CR","4,46"]
[11914,"CABO TELEFONICO CTP - APL - 50, 100 PARES, USO EXTERNO","M     ","CR","32,39"]
[11917,"CABO TELEFONICO CTP - APL - 50, 20 PARES, USO EXTERNO","M     ","CR","7,76"]
[11918,"CABO TELEFONICO CTP - APL - 50, 30 PARES, USO EXTERNO","M     ","CR","10,53"]
[37734,"CACAMBA METALICA BASCULANTE COM CAPACIDADE DE 10 M3 (INCLUI MONTAGEM, NAO INCLUI CAMINHAO)","UN    ","AS","47.449,72"]
[42251,"CACAMBA METALICA BASCULANTE COM CAPACIDADE DE 12 M3 (INCLUI MONTAGEM, NAO INCLUI CAMINHAO)","UN    ","AS","53.882,05"]
[37733,"CACAMBA METALICA BASCULANTE COM CAPACIDADE DE 6 M3 (INCLUI MONTAGEM, NAO INCLUI CAMINHAO)","UN    ","AS","35.577,62"]
[37735,"CACAMBA METALICA BASCULANTE COM CAPACIDADE DE 8 M3 (INCLUI MONTAGEM, NAO INCLUI CAMINHAO)","UN    ","AS","42.871,03"]
[5090,"CADEADO SIMPLES/COMUM, EM LATAO MACICO CROMADO, LARGURA DE 25 MM,  HASTE DE ACO TEMPERADO, CEMENTADO (NAO LONGA), INCLUI 2 CHAVES","UN    ","C ","14,00"]
[5085,"CADEADO SIMPLES, EM LATAO MACICO CROMADO, LARGURA DE 35 MM,  HASTE DE ACO TEMPERADO, CEMENTADO (NAO LONGA), INCLUI 2 CHAVES","UN    ","CR","15,61"]
[38374,"CADEIRA SUSPENSA MANUAL / BALANCIM INDIVIDUAL (NBR 14751)","UN    ","CR","850,45"]
[20212,"CAIBRO DE MADEIRA APARELHADA *6 X 8* CM, MACARANDUBA, ANGELIM OU EQUIVALENTE DA REGIAO","M     ","CR","9,45"]
[4430,"CAIBRO DE MADEIRA NAO APARELHADA *5 X 6* CM, MACARANDUBA, ANGELIM OU EQUIVALENTE DA REGIAO","M     ","C ","6,00"]
[4400,"CAIBRO DE MADEIRA NAO APARELHADA *6 X 8* CM, MACARANDUBA, ANGELIM OU EQUIVALENTE DA REGIAO","M     ","CR","7,57"]
[4500,"CAIBRO DE MADEIRA NAO APARELHADA *7,5 X 10 CM (3 X 4 \") PINUS, MISTA OU EQUIVALENTE DA REGIAO","M     ","CR","27,17"]
[4513,"CAIBRO DE MADEIRA NAO APARELHADA 5 X 5 CM (2 X 2 \") PINUS, MISTA OU EQUIVALENTE DA REGIAO","M     ","CR","7,29"]
[4496,"CAIBRO DE MADEIRA NAO APARELHADA 5 X 5 CM, CEDRINHO OU EQUIVALENTE DA REGIAO","M     ","CR","4,06"]
[11871,"CAIXA D'AGUA DE FIBRA DE VIDRO, PARA 500 LITROS, COM TAMPA","UN    ","AS","263,00"]
[34636,"CAIXA D'AGUA EM POLIETILENO 1000 LITROS, COM TAMPA","UN    ","C ","299,95"]
[34639,"CAIXA D'AGUA EM POLIETILENO 1500 LITROS, COM TAMPA","UN    ","CR","609,19"]
[34640,"CAIXA D'AGUA EM POLIETILENO 2000 LITROS, COM TAMPA","UN    ","CR","684,28"]
[34637,"CAIXA D'AGUA EM POLIETILENO 500 LITROS, COM TAMPA","UN    ","CR","172,21"]
[34638,"CAIXA D'AGUA EM POLIETILENO 750 LITROS, COM TAMPA","UN    ","CR","295,32"]
[11868,"CAIXA D'AGUA FIBRA DE VIDRO PARA 1000 LITROS, COM TAMPA","UN    ","AS","361,46"]
[37106,"CAIXA D'AGUA FIBRA DE VIDRO PARA 10000 LITROS, COM TAMPA","UN    ","AS","3.491,27"]
[11869,"CAIXA D'AGUA FIBRA DE VIDRO PARA 1500 LITROS, COM TAMPA","UN    ","AS","586,46"]
[37104,"CAIXA D'AGUA FIBRA DE VIDRO PARA 2000 LITROS, COM TAMPA","UN    ","AS","755,98"]
[37105,"CAIXA D'AGUA FIBRA DE VIDRO PARA 5000 LITROS, COM TAMPA","UN    ","AS","1.683,69"]
[34641,"CAIXA DE ATERRAMENTO EM CONCRETO PRÃ\u0089-MOLDADO, DIAMETRO DE 0,30 M E ALTURA DE 0,35 M, SEM FUNDO E COM TAMPA","UN    ","CR","69,86"]
[43434,"CAIXA DE CONCRETO ARMADO PRE-MOLDADO, COM FUNDO E SEM TAMPA, DIMENSOES DE 0,30 X 0,30 X 0,30 M","UN    ","CR","75,53"]
[43435,"CAIXA DE CONCRETO ARMADO PRE-MOLDADO, COM FUNDO E SEM TAMPA, DIMENSOES DE 0,40 X 0,40 X 0,40 M","UN    ","CR","138,48"]
[43436,"CAIXA DE CONCRETO ARMADO PRE-MOLDADO, COM FUNDO E SEM TAMPA, DIMENSOES DE 0,60 X 0,60 X 0,50 M","UN    ","CR","242,35"]
[43437,"CAIXA DE CONCRETO ARMADO PRE-MOLDADO, COM FUNDO E SEM TAMPA, DIMENSOES DE 0,80 X 0,80 X 0,50 M","UN    ","CR","439,38"]
[43438,"CAIXA DE CONCRETO ARMADO PRE-MOLDADO, COM FUNDO E SEM TAMPA, DIMENSOES DE 1,00 X 1,00 X 0,50 M","UN    ","CR","786,86"]
[41627,"CAIXA DE CONCRETO ARMADO PRE-MOLDADO, COM FUNDO E TAMPA, DIMENSOES DE 0,30 X 0,30 X 0,30 M","UN    ","CR","116,45"]
[41628,"CAIXA DE CONCRETO ARMADO PRE-MOLDADO, COM FUNDO E TAMPA, DIMENSOES DE 0,40 X 0,40 X 0,40 M","UN    ","CR","214,02"]
[41629,"CAIXA DE CONCRETO ARMADO PRE-MOLDADO, COM FUNDO E TAMPA, DIMENSOES DE 0,60 X 0,60 X 0,50 M","UN    ","CR","271,94"]
[43429,"CAIXA DE CONCRETO ARMADO PRE-MOLDADO, SEM FUNDO, QUADRADA, DIMENSOES DE 0,30 X 0,30 X 0,30 M","UN    ","CR","60,25"]
[43430,"CAIXA DE CONCRETO ARMADO PRE-MOLDADO, SEM FUNDO, QUADRADA, DIMENSOES DE 0,40 X 0,40 X 0,40 M","UN    ","CR","100,08"]
[43431,"CAIXA DE CONCRETO ARMADO PRE-MOLDADO, SEM FUNDO, QUADRADA, DIMENSOES DE 0,60 X 0,60 X 0,50 M","UN    ","CR","193,88"]
[43432,"CAIXA DE CONCRETO ARMADO PRE-MOLDADO, SEM FUNDO, QUADRADA, DIMENSOES DE 0,80 X 0,80 X 0,50 M","UN    ","CR","402,87"]
[43433,"CAIXA DE CONCRETO ARMADO PRE-MOLDADO, SEM FUNDO, QUADRADA, DIMENSOES DE 1,00 X 1,00 X 0,50 M","UN    ","CR","635,16"]
[43094,"CAIXA DE DERIVACAO PARA MEDIDOR DE ENERGIA, COM BARRAMENTO MONOFASICO, EM POLICARBONATO / TERMOPLASTICO - MODULO (PADRAO CONCESSIONARIA LOCAL)","UN    ","CR","136,34"]
[43093,"CAIXA DE DERIVACAO PARA MEDIDOR DE ENERGIA, COM BARRAMENTO POLIFASICO, EM POLICARBONATO / TERMOPLASTICO - MODULO (PADRAO CONCESSIONARIA LOCAL)","UN    ","CR","144,89"]
[1030,"CAIXA DE DESCARGA DE PLASTICO EXTERNA, DE *9* L, PUXADOR FIO DE NYLON, NAO INCLUSO CANO, BOLSA, ENGATE","UN    ","C ","26,35"]
[11694,"CAIXA DE DESCARGA PLASTICA DE EMBUTIR COMPLETA, COM ESPELHO PLASTICO, CAPACIDADE 6 A 10 L, ACESSORIOS INCLUSOS","UN    ","CR","582,47"]
[11881,"CAIXA DE GORDURA CILINDRICA EM CONCRETO SIMPLES,  PRE-MOLDADA, COM DIAMETRO DE 40 CM E ALTURA DE 45 CM, COM TAMPA","UN    ","CR","107,01"]
[35277,"CAIXA DE GORDURA EM PVC, DIAMETRO MINIMO 300 MM, DIAMETRO DE SAIDA 100 MM, CAPACIDADE  APROXIMADA 18 LITROS, COM TAMPA","UN    ","CR","338,82"]
[10521,"CAIXA DE INCENDIO/ABRIGO PARA MANGUEIRA, DE EMBUTIR/INTERNA, COM 75 X 45 X 17 CM, EM CHAPA DE ACO, PORTA COM VENTILACAO, VISOR COM A INSCRICAO \"INCENDIO\", SUPORTE/CESTA INTERNA PARA A MANGUEIRA, PINTURA ELETROSTATICA VERMELHA","UN    ","CR","257,72"]
[10885,"CAIXA DE INCENDIO/ABRIGO PARA MANGUEIRA, DE EMBUTIR/INTERNA, COM 90 X 60 X 17 CM, EM CHAPA DE ACO, PORTA COM VENTILACAO, VISOR COM A INSCRICAO \"INCENDIO\", SUPORTE/CESTA INTERNA PARA A MANGUEIRA, PINTURA ELETROSTATICA VERMELHA","UN    ","CR","325,99"]
[20962,"CAIXA DE INCENDIO/ABRIGO PARA MANGUEIRA, DE SOBREPOR/EXTERNA, COM 75 X 45 X 17 CM, EM CHAPA DE ACO, PORTA COM VENTILACAO, VISOR COM A INSCRICAO \"INCENDIO\", SUPORTE/CESTA INTERNA PARA A MANGUEIRA, PINTURA ELETROSTATICA VERMELHA","UN    ","C ","270,00"]
[20963,"CAIXA DE INCENDIO/ABRIGO PARA MANGUEIRA, DE SOBREPOR/EXTERNA, COM 90 X 60 X 17 CM, EM CHAPA DE ACO, PORTA COM VENTILACAO, VISOR COM A INSCRICAO \"INCENDIO\", SUPORTE/CESTA INTERNA PARA A MANGUEIRA, PINTURA ELETROSTATICA VERMELHA","UN    ","CR","329,82"]
[2555,"CAIXA DE LUZ \"3 X 3\" EM ACO ESMALTADA","UN    ","CR","1,07"]
[2556,"CAIXA DE LUZ \"4 X 2\" EM ACO ESMALTADA","UN    ","CR","1,11"]
[2557,"CAIXA DE LUZ \"4 X 4\" EM ACO ESMALTADA","UN    ","CR","2,34"]
[10569,"CAIXA DE PASSAGEM / DERIVACAO / LUZ, OCTOGONAL 4 X4, EM ACO ESMALTADA, COM FUNDO MOVEL SIMPLES (FMS)","UN    ","CR","2,34"]
[39810,"CAIXA DE PASSAGEM ELETRICA DE PAREDE, DE EMBUTIR, EM PVC, COM TAMPA APARAFUSADA, DIMENSOES 120 X 120 X *75* MM","UN    ","CR","18,40"]
[39811,"CAIXA DE PASSAGEM ELETRICA DE PAREDE, DE EMBUTIR, EM PVC, COM TAMPA APARAFUSADA, DIMENSOES 150 X 150 X *75* MM","UN    ","CR","22,50"]
[39812,"CAIXA DE PASSAGEM ELETRICA DE PAREDE, DE EMBUTIR, EM PVC, COM TAMPA APARAFUSADA, DIMENSOES 200 X 200 X *90* MM","UN    ","CR","37,00"]
[43096,"CAIXA DE PASSAGEM ELETRICA DE PAREDE, DE EMBUTIR, EM TERMOPLASTICO / PVC, COM TAMPA APARAFUSADA, DIMENSOES 400 X 400 X *120* MM","UN    ","CR","122,66"]
[43102,"CAIXA DE PASSAGEM ELETRICA DE PAREDE, DE SOBREPOR, EM PVC, COM TAMPA APARAFUSADA, DIMENSOES 300 X 300 X *100* MM","UN    ","CR","74,59"]
[43103,"CAIXA DE PASSAGEM ELETRICA DE PAREDE, DE SOBREPOR, EM PVC, COM TAMPA APARAFUSADA, DIMENSOES, 400 X 400 X *120* MM","UN    ","CR","109,83"]
[43098,"CAIXA DE PASSAGEM ELETRICA DE PAREDE, DE SOBREPOR, EM TERMOPLASTICO / PVC, COM TAMPA APARAFUSA, DIMENSOES 200 X 200 X *100* MM","UN    ","CR","41,55"]
[43097,"CAIXA DE PASSAGEM ELETRICA DE PAREDE, DE SOBREPOR, EM TERMOPLASTICO / PVC, COM TAMPA APARAFUSADA, DIMENSOES, 150 X 150 X *100* MM","UN    ","CR","24,61"]
[43104,"CAIXA DE PASSAGEM ELETRICA, PARA PISO, EM PVC, DIMENSOES DE 3/4\" A 4\"","UN    ","CR","291,19"]
[39771,"CAIXA DE PASSAGEM METALICA DE SOBREPOR COM TAMPA PARAFUSADA, DIMENSOES 20 X 20 X 10 CM","UN    ","CR","22,53"]
[39772,"CAIXA DE PASSAGEM METALICA DE SOBREPOR COM TAMPA PARAFUSADA, DIMENSOES 30 X 30 X 10 CM","UN    ","CR","44,30"]
[39773,"CAIXA DE PASSAGEM METALICA DE SOBREPOR COM TAMPA PARAFUSADA, DIMENSOES 40 X 40 X 15 CM","UN    ","CR","71,20"]
[39774,"CAIXA DE PASSAGEM METALICA DE SOBREPOR COM TAMPA PARAFUSADA, DIMENSOES 50 X 50 X 15 CM","UN    ","CR","106,50"]
[39775,"CAIXA DE PASSAGEM METALICA DE SOBREPOR COM TAMPA PARAFUSADA, DIMENSOES 60 X 60 X 20 CM","UN    ","CR","142,13"]
[39776,"CAIXA DE PASSAGEM METALICA DE SOBREPOR COM TAMPA PARAFUSADA, DIMENSOES 70 X 70 X 20 CM","UN    ","CR","171,77"]
[39777,"CAIXA DE PASSAGEM METALICA DE SOBREPOR COM TAMPA PARAFUSADA, DIMENSOES 80 X 80 X 20 CM","UN    ","CR","217,72"]
[20254,"CAIXA DE PASSAGEM METALICA, DE SOBREPOR, COM TAMPA APARAFUSADA, DIMENSOES 15 X 15 X *10* CM","UN    ","CR","15,80"]
[20253,"CAIXA DE PASSAGEM METALICA, DE SOBREPOR, COM TAMPA APARAFUSADA, DIMENSOES 35 X 35 X *12* CM","UN    ","CR","51,89"]
[11247,"CAIXA DE PASSAGEM/ LUZ / TELEFONIA, DE EMBUTIR,  EM CHAPA DE ACO GALVANIZADO, DIMENSOES 150 X 150 X 15 CM (PADRAO CONCESSIONARIA LOCAL)","UN    ","CR","997,80"]
[11250,"CAIXA DE PASSAGEM/ LUZ / TELEFONIA, DE EMBUTIR,  EM CHAPA DE ACO GALVANIZADO, DIMENSOES 20 X 20 X *12* CM (PADRAO CONCESSIONARIA LOCAL)","UN    ","CR","42,95"]
[11249,"CAIXA DE PASSAGEM/ LUZ / TELEFONIA, DE EMBUTIR,  EM CHAPA DE ACO GALVANIZADO, DIMENSOES 200 X 200 X 20 CM (PADRAO CONCESSIONARIA LOCAL)","UN    ","CR","1.949,05"]
[11251,"CAIXA DE PASSAGEM/ LUZ / TELEFONIA, DE EMBUTIR,  EM CHAPA DE ACO GALVANIZADO, DIMENSOES 40 X 40 X *12* CM (PADRAO CONCESSIONARIA LOCAL)","UN    ","CR","95,15"]
[11253,"CAIXA DE PASSAGEM/ LUZ / TELEFONIA, DE EMBUTIR,  EM CHAPA DE ACO GALVANIZADO, DIMENSOES 60 X 60 X *12* CM (PADRAO CONCESSIONARIA LOCAL)","UN    ","CR","157,67"]
[11255,"CAIXA DE PASSAGEM/ LUZ / TELEFONIA, DE EMBUTIR,  EM CHAPA DE ACO GALVANIZADO, DIMENSOES 80 X 80 X *12* CM (PADRAO CONCESSIONARIA LOCAL)","UN    ","CR","235,72"]
[14055,"CAIXA DE PASSAGEM/ LUZ / TELEFONIA, DE EMBUTIR, EM CHAPA DE ACO GALVANIZADO, DIMENSOES 120 X 120 X *12* CM (PADRAO CONCESSIONARIA LOCAL)","UN    ","CR","474,19"]
[11256,"CAIXA DE PASSAGEM/ LUZ / TELEFONIA, DE SOBREPOR,  EM CHAPA DE ACO GALVANIZADO, DIMENSOES 80 X 80 X *12* CM (PADRAO CONCESSIONARIA LOCAL)","UN    ","CR","295,26"]
[1872,"CAIXA DE PASSAGEM, EM PVC, DE 4\" X 2\", PARA ELETRODUTO FLEXIVEL CORRUGADO","UN    ","CR","1,45"]
[1873,"CAIXA DE PASSAGEM, EM PVC, DE 4\" X 4\", PARA ELETRODUTO FLEXIVEL CORRUGADO","UN    ","CR","2,88"]
[39693,"CAIXA DE PROTECAO EXTERNA PARA MEDIDOR HOROSAZONAL, DE BAIXA TENSAO, COM MODULO, EM CHAPA DE ACO (PADRAO DA CONCESSIONARIA LOCAL)","UN    ","CR","1.854,41"]
[39692,"CAIXA DE PROTECAO PARA TRANSFORMADOR CORRENTE, EM CHAPA DE ACO 18 USG (PADRAO DA CONCESSIONARIA LOCAL)","UN    ","CR","593,37"]
[34643,"CAIXA INSPECAO EM POLIETILENO PARA ATERRAMENTO E PARA RAIOS DIAMETRO = 300 MM","UN    ","CR","10,96"]
[1062,"CAIXA INTERNA/EXTERNA DE MEDICAO PARA 1 MEDIDOR TRIFASICO, COM VISOR, EM CHAPA DE ACO 18 USG (PADRAO DA CONCESSIONARIA LOCAL)","UN    ","CR","188,05"]
[39686,"CAIXA INTERNA/EXTERNA DE MEDICAO PARA 4 MEDIDORES MONOFASICOS, COM VISOR, EM CHAPA DE ACO 18 USG (PADRAO DA CONCESSIONARIA LOCAL)","UN    ","CR","304,49"]
[43095,"CAIXA MODULAR PARA MEDIDOR DE ENERGIA AGRUPADA, EM POLICARBONATO /  TERMOPLASTICO, COM SUPORTE PARA DISJUNTOR (PADRAO DA CONCESSIONARIA LOCAL)","UN    ","CR","80,83"]
[1871,"CAIXA OCTOGONAL DE FUNDO MOVEL, EM PVC, DE 3\" X 3\", PARA ELETRODUTO FLEXIVEL CORRUGADO","UN    ","CR","2,59"]
[12001,"CAIXA OCTOGONAL DE FUNDO MOVEL, EM PVC, DE 4\" X 4\", PARA ELETRODUTO FLEXIVEL CORRUGADO","UN    ","CR","3,75"]
[11882,"CAIXA PARA HIDROMETRO CONCRETO PRE MOLDADO, *0,24 M X 0,45 M X 0,30* M (L X C X A)","UN    ","CR","76,79"]
[1068,"CAIXA PARA MEDICAO COLETIVA TIPO L, PADRAO BIFASICO OU TRIFASICO, PARA ATE 4 MEDIDORES, SEM BARRAMENTO E COM PORTAS INFERIOR E SUPERIOR","UN    ","CR","1.240,37"]
[39690,"CAIXA PARA MEDICAO COLETIVA TIPO M, PADRAO BIFASICO OU TRIFASICO, PARA ATE 8 MEDIDORES, SEM BARRAMENTO E COM PORTAS INFERIOR E SUPERIOR","UN    ","CR","2.080,94"]
[39691,"CAIXA PARA MEDICAO COLETIVA TIPO N, PADRAO BIFASICO OU TRIFASICO, PARA ATE 12 MEDIDORES, SEM BARRAMENTO E COM PORTAS INFERIOR E SUPERIOR","UN    ","CR","2.617,24"]
[39808,"CAIXA PARA MEDIDOR MONOFASICO, EM POLICARBONATO / TERMOPLASTICO, PARA ALOJAR 1 DISJUNTOR (PADRAO DA CONCESSIONARIA LOCAL)","UN    ","CR","42,20"]
[39809,"CAIXA PARA MEDIDOR POLIFASICO, EM POLICARBONATO / TERMOPLASTICO, PARA ALOJAR 1 DISJUNTOR (PADRAO DA CONCESSIONARIA LOCAL)","UN    ","CR","100,09"]
[43439,"CAIXA PRE-MOLDADA PARA BOCA DE LOBO, EM CONCRETO ARMADO, COM FCK DE 25 MPA, COM DIMENSOES 1,10 X 0,65 X 1,00 M (COMPRIMENTO X LARGURA X ALTURA)","UN    ","CR","352,51"]
[11713,"CAIXA SIFONADA PVC 150 X 150 X 50MM COM TAMPA CEGA QUADRADA BRANCA","UN    ","CR","23,80"]
[11716,"CAIXA SIFONADA PVC, 100 X 100 X 40 MM, COM GRELHA REDONDA BRANCA","UN    ","CR","10,16"]
[5103,"CAIXA SIFONADA PVC, 100 X 100 X 50 MM, COM GRELHA REDONDA BRANCA","UN    ","CR","10,30"]
[11712,"CAIXA SIFONADA PVC, 150 X 150 X 50 MM, COM GRELHA QUADRADA BRANCA (NBR 5688)","UN    ","C ","24,00"]
[11717,"CAIXA SIFONADA PVC, 150 X 150 X 50 MM, COM GRELHA REDONDA BRANCA","UN    ","CR","26,08"]
[11714,"CAIXA SIFONADA PVC, 150 X 185 X 75 MM, COM GRELHA QUADRADA BRANCA","UN    ","CR","32,44"]
[11715,"CAIXA SIFONADA PVC, 150 X 185 X 75 MM, COM TAMPA CEGA QUADRADA BRANCA","UN    ","CR","37,33"]
[11880,"CAIXA SIFONADA PVC, 250 X 230 X 75 MM, COM TAMPA E PORTA TAMPA QUADRADA BRANCA","UN    ","CR","67,11"]
[1106,"CAL HIDRATADA CH-I PARA ARGAMASSAS","KG    ","C ","0,37"]
[11161,"CAL HIDRATADA PARA PINTURA","KG    ","CR","0,61"]
[1107,"CAL VIRGEM COMUM PARA ARGAMASSAS (NBR 6453)","KG    ","CR","0,31"]
[4758,"CALAFETADOR / CALAFATE","H     ","CR","16,58"]
[41080,"CALAFETADOR / CALAFATE (MENSALISTA)","MES   ","CR","2.908,54"]
[25963,"CALCARIO DOLOMITICO A (POSTO PEDREIRA/FORNECEDOR, SEM FRETE)","KG    ","CR","0,12"]
[4759,"CALCETEIRO","H     ","CR","13,62"]
[41068,"CALCETEIRO  (MENSALISTA)","MES   ","CR","2.387,47"]
[1108,"CALHA MOLDURA AMERICANA DE CHAPA DE ACO GALVANIZADA NUM 26, CORTE 33 CM","M     ","CR","20,22"]
[1117,"CALHA PARA AGUA FURTADA DE CHAPA DE ACO GALVANIZADA NUM 26, CORTE 40 CM","M     ","CR","20,38"]
[1118,"CALHA PARA AGUA FURTADA DE CHAPA DE ACO GALVANIZADA NUM 26, CORTE 50 CM","M     ","CR","24,09"]
[1110,"CALHA PLATIBANDA DE CHAPA DE ACO GALVANIZADA NUM 26, CORTE 45 CM","M     ","CR","24,09"]
[12618,"CALHA PLUVIAL DE PVC, DIAMETRO ENTRE 119 E 170 MM, COMPRIMENTO DE 3 M, PARA DRENAGEM PREDIAL","UN    ","AS","38,64"]
[40784,"CALHA QUADRADA DE CHAPA DE ACO GALVANIZADA NUM 24, CORTE 100 CM","M     ","CR","66,46"]
[40782,"CALHA QUADRADA DE CHAPA DE ACO GALVANIZADA NUM 24, CORTE 33 CM","M     ","CR","26,08"]
[40783,"CALHA QUADRADA DE CHAPA DE ACO GALVANIZADA NUM 24, CORTE 50 CM","M     ","CR","33,97"]
[1109,"CALHA QUADRADA DE CHAPA DE ACO GALVANIZADA NUM 26, CORTE 33 CM","M     ","CR","20,22"]
[1119,"CALHA QUADRADA DE CHAPA DE ACO GALVANIZADA NUM 28, CORTE 25 CM","M     ","CR","13,04"]
[13115,"CALHA/CANALETA DE CONCRETO SIMPLES, TIPO MEIA CANA, DIAMETRO DE 20 CM, PARA AGUA PLUVIAL","M     ","CR","21,07"]
[10541,"CALHA/CANALETA DE CONCRETO SIMPLES, TIPO MEIA CANA, DIAMETRO DE 30 CM, PARA AGUA PLUVIAL","M     ","CR","25,75"]
[10542,"CALHA/CANALETA DE CONCRETO SIMPLES, TIPO MEIA CANA, DIAMETRO DE 40 CM, PARA AGUA PLUVIAL","M     ","CR","33,67"]
[10543,"CALHA/CANALETA DE CONCRETO SIMPLES, TIPO MEIA CANA, DIAMETRO DE 50 CM, PARA AGUA PLUVIAL","M     ","CR","54,63"]
[10544,"CALHA/CANALETA DE CONCRETO SIMPLES, TIPO MEIA CANA, DIAMETRO DE 60 CM, PARA AGUA PLUVIAL","M     ","CR","70,66"]
[10545,"CALHA/CANALETA DE CONCRETO SIMPLES, TIPO MEIA CANA, DIAMETRO DE 80 CM, PARA AGUA PLUVIAL","M     ","CR","132,05"]
[38365,"CAMADA SEPARADORA DE FILME DE POLIETILENO 20 A 25 MICRA","M2    ","CR","1,71"]
[37745,"CAMINHAO TOCO, PESO BRUTO TOTAL 13000 KG, CARGA UTIL MAXIMA 7925 KG, DISTANCIA ENTRE EIXOS 4,80 M, POTENCIA 189 CV (INCLUI CABINE E CHASSI, NAO INCLUI CARROCERIA)","UN    ","C ","269.000,00"]
[37754,"CAMINHAO TOCO, PESO BRUTO TOTAL 14300 KG, CARGA UTIL MAXIMA 9590 KG, DISTANCIA ENTRE EIXOS 4,76 M, POTENCIA 185 CV (INCLUI CABINE E CHASSI, NAO INCLUI CARROCERIA)","UN    ","CR","280.917,72"]
[37748,"CAMINHAO TOCO, PESO BRUTO TOTAL 14300 KG, CARGA UTIL MAXIMA 9710 KG, DISTANCIA ENTRE EIXOS 3,56 M, POTENCIA 185 CV (INCLUI CABINE E CHASSI, NAO INCLUI CARROCERIA)","UN    ","CR","285.982,75"]
[37761,"CAMINHAO TOCO, PESO BRUTO TOTAL 16000 KG, CARGA UTIL MAXIMA DE 10685 KG, DISTANCIA ENTRE EIXOS 4,8M, POTENCIA 189 CV (INCLUI CABINE E CHASSI, NAO INCLUI CARROCERIA)","UN    ","CR","236.651,88"]
[37757,"CAMINHAO TOCO, PESO BRUTO TOTAL 16000 KG, CARGA UTIL MAXIMA 10600 KG, DISTANCIA ENTRE EIXOS 4,80 M, POTENCIA 275 CV (INCLUI CABINE E CHASSI, NAO INCLUI CARROCERIA)","UN    ","CR","329.439,86"]
[37759,"CAMINHAO TOCO, PESO BRUTO TOTAL 16000 KG, CARGA UTIL MAXIMA 10780 KG, DISTANCIA ENTRE EIXOS 3,56 M, POTENCIA 275 CV (INCLUI CABINE E CHASSI, NAO INCLUI CARROCERIA)","UN    ","CR","330.716,77"]
[37766,"CAMINHAO TOCO, PESO BRUTO TOTAL 16000 KG, CARGA UTIL MAXIMA 11030 KG, DISTANCIA ENTRE EIXOS 3,56M, POTENCIA 186 CV (INCLUI CABINE E CHASSI, NAO INCLUI CARROCERIA)","UN    ","CR","330.716,75"]
[37752,"CAMINHAO TOCO, PESO BRUTO TOTAL 16000 KG, CARGA UTIL MAXIMA 11130 KG, DISTANCIA ENTRE EIXOS 5,36 M, POTENCIA 185 CV (INCLUI CABINE E CHASSI, NAO INCLUI CARROCERIA)","UN    ","CR","299.900,94"]
[37760,"CAMINHAO TOCO, PESO BRUTO TOTAL 16000 KG, CARGA UTIL MAXIMA 13071 KG, DISTANCIA ENTRE EIXOS 4,80 M, POTENCIA 230 CV (INCLUI CABINE E CHASSI, NAO INCLUI CARROCERIA)","UN    ","CR","315.819,61"]
[37765,"CAMINHAO TOCO, PESO BRUTO TOTAL 8250 KG, CARGA UTIL MAXIMA 5110 KG, DISTANCIA ENTRE EIXOS 4,30 M, POTENCIA 162 CV (INCLUI CABINE E CHASSI, NAO INCLUI CARROCERIA)","UN    ","CR","220.477,86"]
[37746,"CAMINHAO TOCO, PESO BRUTO TOTAL 9000 KG, CARGA UTIL MAXIMA 5940 KG, DISTANCIA ENTRE EIXOS 3,69 M, POTENCIA 177 CV (INCLUI CABINE E CHASSI, NAO INCLUI CARROCERIA)","UN    ","CR","241.716,91"]
[37750,"CAMINHAO TOCO, PESO BRUTO TOTAL 9600 KG, CARGA UTIL MAXIMA 6110 KG, DISTANCIA ENTRE EIXOS 3,70 M, POTENCIA 156 CV (INCLUI CABINE E CHASSI, NAO INCLUI CARROCERIA)","UN    ","CR","240.865,66"]
[37753,"CAMINHAO TOCO, PESO BRUTO TOTAL 9600 KG, CARGA UTIL MAXIMA 6200 KG, DISTANCIA ENTRE EIXOS 3,10 M, POTENCIA 156 CV (INCLUI CABINE E CHASSI, NAO INCLUI CARROCERIA)","UN    ","CR","240.014,38"]
[37756,"CAMINHAO TOCO, PESO BRUTO TOTAL 9700 KG, CARGA UTIL MAXIMA 6360 KG, DISTANCIA ENTRE EIXOS 4,30 M, POTENCIA 160 CV (INCLUI CABINE E CHASSI, NAO INCLUI CARROCERIA)","UN    ","CR","236.651,88"]
[37755,"CAMINHAO TRUCADO, PESO BRUTO TOTAL 22000 KG, CARGA UTIL MAXIMA 15350 KG, DISTANCIA ENTRE EIXOS 5,17 M, POTENCIA 238 CV (INCLUI CABINE E CHASSI, NAO INCLUI CARROCERIA)","UN    ","CR","343.911,38"]
[37758,"CAMINHAO TRUCADO, PESO BRUTO TOTAL 23000 KG, CARGA UTIL MAXIMA 15378 KG, DISTANCIA ENTRE EIXOS 4,80 M, POTENCIA 326 CV (INCLUI CABINE E CHASSI, NAO INCLUI CARROCERIA)","UN    ","CR","388.177,22"]
[37747,"CAMINHAO TRUCADO, PESO BRUTO TOTAL 23000 KG, CARGA UTIL MAXIMA 15935 KG, DISTANCIA ENTRE EIXOS 4,80 M, POTENCIA 230 CV (INCLUI CABINE E CHASSI, NAO INCLUI CARROCERIA)","UN    ","CR","349.274,36"]
[37767,"CAMINHAO TRUCADO, PESO BRUTO TOTAL 23000 KG, CARGA UTIL MAXIMA 15940 KG, DISTANCIA ENTRE EIXOS 3,60 M, POTENCIA 286 CV (INCLUI CABINE E CHASSI, NAO INCLUI CARROCERIA)","UN    ","CR","368.598,11"]
[37751,"CAMINHAO TRUCADO, PESO BRUTO TOTAL 23000 KG, CARGA UTIL MAXIMA 16190 KG, DISTANCIA ENTRE EIXOS 3,60 M, POTENCIA 286 CV (INCLUI CABINE E CHASSI, NAO INCLUI CARROCERIA)","UN    ","CR","368.598,11"]
[37749,"CAMINHAO TRUCADO, PESO BRUTO TOTAL 23000 KG, CARGA UTIL MAXIMA 16360 KG, CABINE ESTENDIDA, DISTANCIA ENTRE EIXOS 3,56 M, POTENCIA 275 CV (INCLUI CABINE E CHASSI, NAO INCLUI CARROCERIA)","UN    ","CR","364.341,77"]
[1159,"CAMINHONETE COM MOTOR A DIESEL, POTENCIA *160* CV, CABINE DUPLA, 4X4","UN    ","C ","173.590,00"]
[12114,"CAMPAINHA ALTA POTENCIA 110V / 220V, DIAMETRO 150 MM","UN    ","CR","99,54"]
[38106,"CAMPAINHA CIGARRA 127 V / 220 V (APENAS MODULO)","UN    ","CR","13,52"]
[38085,"CAMPAINHA CIGARRA 127 V / 220 V, CONJUNTO MONTADO PARA EMBUTIR 4\" X 2\" (PLACA + SUPORTE + MODULO)","UN    ","CR","15,98"]
[38599,"CANALETA DE CONCRETO ESTRUTURAL 14 X 19 X 29 CM, FBK 14 MPA (NBR 6136)","UN    ","CR","3,04"]
[38596,"CANALETA DE CONCRETO ESTRUTURAL 14 X 19 X 29 CM, FBK 4,5 MPA (NBR 6136)","UN    ","CR","2,52"]
[38600,"CANALETA DE CONCRETO ESTRUTURAL 14 X 19 X 39 CM, FBK 14 MPA (NBR 6136)","UN    ","CR","3,22"]
[38597,"CANALETA DE CONCRETO ESTRUTURAL 14 X 19 X 39 CM, FBK 4,5 MPA (NBR 6136)","UN    ","CR","2,54"]
[659,"CANALETA DE CONCRETO 14 X 19 X 19 CM (CLASSE C - NBR 6136)","UN    ","CR","1,46"]
[660,"CANALETA DE CONCRETO 19 X 19 X 19 CM (CLASSE C - NBR 6136)","UN    ","CR","1,75"]
[658,"CANALETA DE CONCRETO 9 X 19 X 19 CM (CLASSE C - NBR 6136)","UN    ","CR","0,98"]
[38548,"CANALETA ESTRUTURAL CERAMICA, 14 X 19 X 19 CM, 6,0 MPA (NBR 15270)","UN    ","CR","1,46"]
[34649,"CANALETA ESTRUTURAL CERAMICA, 14 X 19 X 29 CM, 6,0 MPA (NBR 15270)","UN    ","CR","1,97"]
[34655,"CANALETA ESTRUTURAL CERAMICA, 14 X 19 X 39 CM, 6,0 MPA (NBR 15270)","UN    ","CR","2,62"]
[40607,"CANOPLA ACABAMENTO CROMADO PARA INSTALACAO DE SPRINKLER, SOB FORRO, 15 MM","UN    ","CR","4,08"]
[585,"CANTONEIRA \"U\" ALUMINIO ABAS IGUAIS 1 \", E = 3/32 \"","KG    ","AS","24,26"]
[4777,"CANTONEIRA ACO ABAS IGUAIS (QUALQUER BITOLA), ESPESSURA ENTRE 1/8\" E 1/4\"","KG    ","AS","5,09"]
[587,"CANTONEIRA ALUMINIO ABAS DESIGUAIS 1\" X 3/4 \", E = 1/8 \"","KG    ","AS","26,00"]
[590,"CANTONEIRA ALUMINIO ABAS DESIGUAIS 2 1/2\" X 1/2 \", E = 3/16 \"","KG    ","AS","25,13"]
[592,"CANTONEIRA ALUMINIO ABAS IGUAIS 1 \", E = 1/8 \", 25,40 X 3,17 MM (0,408 KG/M)","KG    ","AS","26,00"]
[586,"CANTONEIRA ALUMINIO ABAS IGUAIS 1 \", E = 3 /16 \"","M     ","AS","15,28"]
[591,"CANTONEIRA ALUMINIO ABAS IGUAIS 1 1/2 \", E = 3/16 \"","KG    ","AS","24,26"]
[588,"CANTONEIRA ALUMINIO ABAS IGUAIS 1 1/4 \", E = 3/16 \"","M     ","AS","24,18"]
[589,"CANTONEIRA ALUMINIO ABAS IGUAIS 2 \", E = 1/4 \"","M     ","AS","40,87"]
[584,"CANTONEIRA ALUMINIO ABAS IGUAIS 2 \", E = 1/8 \"","M     ","AS","25,82"]
[574,"CANTONEIRA FERRO GALVANIZADO DE ABAS IGUAIS, 1 1/2\" X 1/4\" (L X E), 3,40 KG/M","M     ","CR","18,46"]
[567,"CANTONEIRA FERRO GALVANIZADO DE ABAS IGUAIS, 1\" X 1/8\" (L X E) , 1,20KG/M","M     ","CR","6,84"]
[568,"CANTONEIRA FERRO GALVANIZADO DE ABAS IGUAIS, 2\" X 3/8\" (L X E), 6,9 KG/M","M     ","CR","41,41"]
[569,"CANTONEIRA FERRO GALVANIZADO DE ABAS IGUAIS, 3/4\" X 1/8\" (L X E)","KG    ","CR","5,76"]
[1165,"CAP OU TAMPAO DE FERRO GALVANIZADO, COM ROSCA BSP, DE 1 1/2\"","UN    ","AS","11,52"]
[1164,"CAP OU TAMPAO DE FERRO GALVANIZADO, COM ROSCA BSP, DE 1 1/4\"","UN    ","AS","9,33"]
[1162,"CAP OU TAMPAO DE FERRO GALVANIZADO, COM ROSCA BSP, DE 1/2\"","UN    ","AS","3,24"]
[12395,"CAP OU TAMPAO DE FERRO GALVANIZADO, COM ROSCA BSP, DE 1/4\"","UN    ","AS","3,15"]
[1170,"CAP OU TAMPAO DE FERRO GALVANIZADO, COM ROSCA BSP, DE 1\"","UN    ","AS","6,11"]
[1169,"CAP OU TAMPAO DE FERRO GALVANIZADO, COM ROSCA BSP, DE 2 1/2\"","UN    ","AS","30,02"]
[1166,"CAP OU TAMPAO DE FERRO GALVANIZADO, COM ROSCA BSP, DE 2\"","UN    ","AS","16,64"]
[1163,"CAP OU TAMPAO DE FERRO GALVANIZADO, COM ROSCA BSP, DE 3/4\"","UN    ","AS","4,19"]
[12396,"CAP OU TAMPAO DE FERRO GALVANIZADO, COM ROSCA BSP, DE 3/8\"","UN    ","AS","3,15"]
[1168,"CAP OU TAMPAO DE FERRO GALVANIZADO, COM ROSCA BSP, DE 3\"","UN    ","AS","42,80"]
[1167,"CAP OU TAMPAO DE FERRO GALVANIZADO, COM ROSCA BSP, DE 4\"","UN    ","AS","71,59"]
[36331,"CAP PPR DN 20 MM, PARA AGUA QUENTE PREDIAL","UN    ","CR","1,43"]
[36346,"CAP PPR DN 25 MM, PARA AGUA QUENTE PREDIAL","UN    ","CR","2,45"]
[1210,"CAP PVC, ROSCAVEL, 1 1/2\",  AGUA FRIA PREDIAL","UN    ","CR","8,11"]
[1203,"CAP PVC, ROSCAVEL, 1 1/4\",  AGUA FRIA PREDIAL","UN    ","CR","7,86"]
[1197,"CAP PVC, ROSCAVEL, 1/2\", PARA AGUA FRIA PREDIAL","UN    ","CR","1,00"]
[1202,"CAP PVC, ROSCAVEL, 1\",  PARA AGUA FRIA PREDIAL","UN    ","CR","2,70"]
[1188,"CAP PVC, ROSCAVEL, 2 1/2\",  AGUA FRIA PREDIAL","UN    ","CR","15,99"]
[1211,"CAP PVC, ROSCAVEL, 2\",  AGUA FRIA PREDIAL","UN    ","CR","8,25"]
[1198,"CAP PVC, ROSCAVEL, 3/4\",  PARA AGUA FRIA PREDIAL","UN    ","CR","1,48"]
[1199,"CAP PVC, ROSCAVEL, 3\",  AGUA FRIA PREDIAL","UN    ","CR","20,88"]
[20088,"CAP PVC, SERIE R, DN 100 MM, PARA ESGOTO PREDIAL","UN    ","CR","9,68"]
[20089,"CAP PVC, SERIE R, DN 150 MM, PARA ESGOTO PREDIAL","UN    ","CR","46,14"]
[20087,"CAP PVC, SERIE R, DN 75 MM, PARA ESGOTO PREDIAL","UN    ","CR","6,97"]
[1200,"CAP PVC, SOLDAVEL, DN 100 MM, SERIE NORMAL, PARA ESGOTO PREDIAL","UN    ","CR","5,66"]
[12909,"CAP PVC, SOLDAVEL, DN 50 MM, SERIE NORMAL, PARA ESGOTO PREDIAL","UN    ","CR","2,56"]
[12910,"CAP PVC, SOLDAVEL, DN 75 MM, SERIE NORMAL, PARA ESGOTO PREDIAL","UN    ","CR","4,28"]
[1184,"CAP PVC, SOLDAVEL, 110 MM, PARA AGUA FRIA PREDIAL","UN    ","CR","51,34"]
[1191,"CAP PVC, SOLDAVEL, 20 MM, PARA AGUA FRIA PREDIAL","UN    ","CR","0,73"]
[1185,"CAP PVC, SOLDAVEL, 25 MM, PARA AGUA FRIA PREDIAL","UN    ","CR","0,83"]
[1189,"CAP PVC, SOLDAVEL, 32 MM, PARA AGUA FRIA PREDIAL","UN    ","CR","1,44"]
[1193,"CAP PVC, SOLDAVEL, 40 MM, PARA AGUA FRIA PREDIAL","UN    ","CR","2,78"]
[1194,"CAP PVC, SOLDAVEL, 50 MM, PARA AGUA FRIA PREDIAL","UN    ","CR","5,26"]
[1195,"CAP PVC, SOLDAVEL, 60 MM, PARA AGUA FRIA PREDIAL","UN    ","CR","7,92"]
[1204,"CAP PVC, SOLDAVEL, 75 MM, PARA AGUA FRIA PREDIAL","UN    ","CR","14,40"]
[1205,"CAP PVC, SOLDAVEL, 85 MM, PARA AGUA FRIA PREDIAL","UN    ","CR","34,16"]
[1207,"CAP, PVC PBA, JE, DN 100 / DE 110 MM,  PARA REDE DE AGUA (NBR 10351)","UN    ","AS","26,64"]
[1206,"CAP, PVC PBA, JE, DN 50 / DE 60 MM,  PARA REDE DE AGUA (NBR 10351)","UN    ","AS","6,68"]
[1183,"CAP, PVC PBA, JE, DN 75 / DE 85 MM,  PARA REDE DE AGUA (NBR 10351)","UN    ","AS","17,39"]
[42685,"CAP, PVC, JE, OCRE, DN 150 MM (CONEXAO PARA TUBO COLETOR DE ESGOTO)","UN    ","AS","43,69"]
[42686,"CAP, PVC, JE, OCRE, DN 200 MM (CONEXAO PARA TUBO COLETOR DE ESGOTO)","UN    ","AS","68,02"]
[12894,"CAPA PARA CHUVA EM PVC COM FORRO DE POLIESTER, COM CAPUZ (AMARELA OU AZUL)","UN    ","CR","15,31"]
[12895,"CAPACETE DE SEGURANCA ABA FRONTAL COM SUSPENSAO DE POLIETILENO, SEM JUGULAR (CLASSE B)","UN    ","C ","11,78"]
[1631,"CAPACITOR TRIFASICO, POTENCIA 2,5 KVAR, TENSAO 220 V, FORNECIDO COM CAPA PROTETORA, RESISTOR INTERNO A UNIDADE CAPACITIVA","UN    ","CR","130,39"]
[1633,"CAPACITOR TRIFASICO, POTENCIA 5 KVAR, TENSAO 220 V, FORNECIDO COM CAPA PROTETORA, RESISTOR INTERNO A UNIDADE CAPACITIVA","UN    ","CR","221,55"]
[10818,"CAPIM BRAQUIARIA DECUMBENS/ BRAQUIARINHA, VC *70*% MINIMO","KG    ","CR","23,00"]
[39359,"CARENAGEM /TAMPA, EM PLASTICO, COR BRANCA, UTILIZADO EM KIT CHASSI METALICO PARA INSTALACAO HIDRAULICA DE CUBA SIMPLES SEM MAQUINA DE LAVAR ROUPA, LARGURA *355* MM X ALTURA *670* MM (COM FUROS E DEMAIS ENCAIXES)","UN    ","AS","23,68"]
[39360,"CARENAGEM /TAMPA, EM PLASTICO, COR BRANCA, UTILIZADO EM KIT CHASSI METALICO PARA INSTALACAO HIDRAULICA DE TANQUE COM MAQUINA DE LAVAR ROUPA, LARGURA *360* MM X ALTURA *470* MM (COM FUROS E DEMAIS ENCAIXES)","UN    ","AS","21,52"]
[10710,"CARPETE DE NYLON EM MANTA PARA TRAFEGO COMERCIAL PESADO, E = 6 A 7 MM (INSTALADO)","M2    ","AS","122,45"]
[10709,"CARPETE DE NYLON EM MANTA PARA TRAFEGO COMERCIAL PESADO, E = 9 A 10 MM (INSTALADO)","M2    ","AS","150,43"]
[39636,"CARPETE DE NYLON EM PLACAS 50 X 50 CM PARA TRAFEGO COMERCIAL PESADO, E = 6,5 MM (INSTALADO)","M2    ","AS","153,61"]
[10708,"CARPETE DE POLIESTER EM MANTA PARA TRAFEGO COMERCIAL PESADO, E = 4 A 5 MM (INSTALADO)","M2    ","AS","47,40"]
[39635,"CARPETE DE POLIPROPILENO EM MANTA PARA TRAFEGO COMERCIAL MEDIO, E = 5 A 6 MM (INSTALADO)","M2    ","AS","80,70"]
[6117,"CARPINTEIRO AUXILIAR","H     ","CR","10,71"]
[40913,"CARPINTEIRO AUXILIAR (MENSALISTA)","MES   ","CR","1.880,97"]
[1214,"CARPINTEIRO DE ESQUADRIAS","H     ","CR","12,78"]
[40915,"CARPINTEIRO DE ESQUADRIAS (MENSALISTA)","MES   ","CR","2.241,80"]
[1213,"CARPINTEIRO DE FORMAS","H     ","C ","13,62"]
[40914,"CARPINTEIRO DE FORMAS (MENSALISTA)","MES   ","CR","2.387,47"]
[5091,"CARRANCA PARA JANELA VENEZIANA DE ABRIR, EM LATAO CROMADO, SIMPLES, PARA APARAFUSAR NA PAREDE","UN    ","CR","13,67"]
[14615,"CARRINHO COM 2 PNEUS PARA TRANSPORTAR TUBO CONCRETO, ALTURA ATE 1,0 M E DIAMETRO ATE 1000MM, COM ESTRUTURA EM PERFIL OU TUBO METALICO","UN    ","AS","3.434,50"]
[2711,"CARRINHO DE MAO DE ACO CAPACIDADE 50 A 60 L, PNEU COM CAMARA","UN    ","C ","123,10"]
[37727,"CARROCERIA FIXA ABERTA DE MADEIRA PARA TRANSPORTE GERAL DE CARGA SECA DIMENSOES APROXIMADAS 2,25 X 4,10 X 0,50 M (INCLUI MONTAGEM, NAO INCLUI CAMINHAO)","UN    ","AS","11.060,00"]
[37728,"CARROCERIA FIXA ABERTA DE MADEIRA PARA TRANSPORTE GERAL DE CARGA SECA DIMENSOES APROXIMADAS 2,5 X 5,5 X 0,50 M (INCLUI MONTAGEM, NAO INCLUI CAMINHAO)","UN    ","AS","15.004,47"]
[37729,"CARROCERIA FIXA ABERTA DE MADEIRA PARA TRANSPORTE GERAL DE CARGA SECA DIMENSOES APROXIMADAS 2,5 X 6,00 X 0,50 M (INCLUI MONTAGEM, NAO INCLUI CAMINHAO)","UN    ","AS","16.241,95"]
[37730,"CARROCERIA FIXA ABERTA DE MADEIRA PARA TRANSPORTE GERAL DE CARGA SECA DIMENSOES APROXIMADAS 2,5 X 6,5 X 0,50 M (INCLUI MONTAGEM, NAO INCLUI CAMINHAO)","UN    ","AS","17.479,44"]
[37731,"CARROCERIA FIXA ABERTA DE MADEIRA PARA TRANSPORTE GERAL DE CARGA SECA DIMENSOES APROXIMADAS 2,5 X 7,00 X 0,50 M (INCLUI MONTAGEM, NAO INCLUI CAMINHAO)","UN    ","AS","18.716,92"]
[37732,"CARROCERIA FIXA ABERTA DE MADEIRA PARA TRANSPORTE GERAL DE CARGA SECA DIMENSOES APROXIMADAS 2,5 X 7,5 X 0,50 M (INCLUI MONTAGEM, NAO INCLUI CAMINHAO)","UN    ","AS","21.346,57"]
[42250,"CARVAO ANTRACITO PARA FILTRO, GRAO VARIANDO DE 0,8 ATE 1,1 MM, COEFICIENTE DE UNIFORMIDADE MENOR QUE 1,7 MM","T     ","CR","2.339,28"]
[42256,"CARVAO ANTRACITO PARA FILTRO, GRAO VARIANDO DE 0,8 ATE 1,1 MM, COEFICIENTE DE UNIFORMIDADE MENOR QUE 1,7 MM (DISTRIBUIDOR)","KG    ","CR","4,91"]
[4743,"CASCALHO DE CAVA","M3    ","CR","40,57"]
[4744,"CASCALHO DE RIO","M3    ","CR","53,03"]
[4745,"CASCALHO LAVADO","M3    ","CR","71,05"]
[36496,"CAVALETE PARA TALHA COM ESTRUTURA EM TUBO METALICO ALTURA MINIMA 3,2 M EQUIPADO COM RODAS DE BORRACHA PARA MOVIMENTACAO DE TUBOS DE CONCRETO NA CENTRAL DE PREMOLDADOS COM CAPACIDADE DE CARGA DE 3 TONELADAS","UN    ","AS","8.720,14"]
[10630,"CAVALO MECANICO TRACAO 4X2, PESO BRUTO TOTAL COMBINADO 49000 KG, CAPACIDADE MAXIMA DE TRACAO *66000* KG, POTENCIA *360* CV (INCLUI CABINE E CHASSI, NAO INCLUI SEMIRREBOQUE)","UN    ","CR","384.067,53"]
[37762,"CAVALO MECANICO TRACAO 4X2, PESO BRUTO TOTAL 16000 KG, CAPACIDADE MAXIMA DE TRACAO *36000* KG, DISTANCIA ENTRE EIXOS *3,56* M, POTENCIA *286* CV (INCLUI CABINE E CHASSI, NAO INCLUI SEMIRREBOQUE)","UN    ","CR","329.391,28"]
[37763,"CAVALO MECANICO TRACAO 4X2, PESO BRUTO TOTAL 16000 KG, CAPACIDADE MAXIMA DE TRACAO *45000* KG, DISTANCIA ENTRE EIXOS *3,56* M, POTENCIA *330* CV (INCLUI CABINE E CHASSI, NAO INCLUI SEMIRREBOQUE)","UN    ","CR","333.391,93"]
[41992,"CAVALO MECANICO TRACAO 4X2, PESO BRUTO TOTAL 16000 KG, CAPACIDADE MAXIMA DE TRACAO *80000* KG, POTENCIA *380* CV (INCLUI CABINE E CHASSI, NAO INCLUI SEMIRREBOQUE)","UN    ","C ","379.000,00"]
[13215,"CAVALO MECANICO TRACAO 6X2, PESO BRUTO TOTAL COMBINADO 56000 KG, CAPACIDADE MAXIMA DE TRACAO *66000* KG, POTENCIA *360* CV (INCLUI CABINE E CHASSI, NAO INCLUI SEMIRREBOQUE)","UN    ","CR","464.748,37"]
[4235,"CAVOUQUEIRO OU OPERADOR DE PERFURATRIZ / ROMPEDOR","H     ","CR","15,14"]
[40976,"CAVOUQUEIRO OU OPERADOR DE PERFURATRIZ / ROMPEDOR (MENSALISTA)","MES   ","CR","2.657,33"]
[39013,"CENTRALIZADOR DE BARRA DE ACO (CHUMBADOR TIPO CARAMBOLA), PARA ACO ATE 20 MM","UN    ","CR","1,17"]
[43091,"CENTRO DE MEDICAO AGRUPADA, EM POLICARBONATO / PVC, COM 12 MEDIDORES E PROTECAO GERAL (INCLUI BARRAMENTO, DISJUNTORES E ACESSORIOS DE FIXACAO) (PADRAO CONCESSIONARIA LOCAL)","UN    ","CR","3.376,22"]
[43092,"CENTRO DE MEDICAO AGRUPADA, EM POLICARBONATO / PVC, COM 16 MEDIDORES E PROTECAO GERAL (INCLUI BARRAMENTO, DISJUNTORES E ACESSORIOS DE FIXACAO) (PADRAO CONCESSIONARIA LOCAL)","UN    ","CR","4.501,62"]
[43089,"CENTRO DE MEDICAO AGRUPADA, EM POLICARBONATO / PVC, COM 4 MEDIDORES E PROTECAO GERAL (INCLUI BARRAMENTO, DISJUNTORES E ACESSORIOS DE FIXACAO) (PADRAO CONCESSIONARIA LOCAL)","UN    ","CR","784,53"]
[43090,"CENTRO DE MEDICAO AGRUPADA, EM POLICARBONATO / PVC, COM 8 MEDIDORES E PROTECAO GERAL (INCLUI BARRAMENTO, DISJUNTORES E ACESSORIOS DE FIXACAO) (PADRAO CONCESSIONARIA LOCAL)","UN    ","CR","1.731,39"]
[41967,"CERA  LIQUIDA","L     ","CR","7,94"]
[12760,"CHAPA ACO INOX AISI 304 NUMERO 4 (E = 6 MM), ACABAMENTO NUMERO 1 (LAMINADO A QUENTE, FOSCO)","M2    ","CR","889,69"]
[12759,"CHAPA ACO INOX AISI 304 NUMERO 9 (E = 4 MM), ACABAMENTO NUMERO 1 (LAMINADO A QUENTE, FOSCO)","M2    ","CR","593,12"]
[43105,"CHAPA DE ACO CARBONO GALVANIZADA, PERFURADA (GRADE FUROS) E = 1,5 MM, DIAMETRO DO FURO = 9,52 MM (FUROS ALTERNADOS HORIZ.)","KG    ","CR","26,30"]
[40424,"CHAPA DE ACO CARBONO LAMINADO A QUENTE, QUALIDADE ESTRUTURAL, BITOLA 3/16\", E =4,75 MM (37,29 KG/M2)","KG    ","CR","6,68"]
[1325,"CHAPA DE ACO FINA A FRIO BITOLA MSG 20, E = 0,90 MM (7,20 KG/M2)","KG    ","CR","7,32"]
[1327,"CHAPA DE ACO FINA A FRIO BITOLA MSG 24, E = 0,60 MM (4,80 KG/M2)","KG    ","CR","7,79"]
[1328,"CHAPA DE ACO FINA A FRIO BITOLA MSG 26, E = 0,45 MM (3,60 KG/M2)","KG    ","CR","7,34"]
[1321,"CHAPA DE ACO FINA A QUENTE BITOLA MSG 13, E = 2,25 MM (18,00 KG/M2)","KG    ","CR","6,79"]
[1318,"CHAPA DE ACO FINA A QUENTE BITOLA MSG 14, E = 2,00 MM (16,0 KG/M2)","KG    ","CR","6,80"]
[1322,"CHAPA DE ACO FINA A QUENTE BITOLA MSG 16, E = 1,50 MM (12,00 KG/M2)","KG    ","CR","7,18"]
[1323,"CHAPA DE ACO FINA A QUENTE BITOLA MSG 18, E = 1,20 MM (9,60 KG/M2)","KG    ","CR","7,18"]
[1319,"CHAPA DE ACO FINA A QUENTE BITOLA MSG 3/16 \", E = 4,75 MM (38,00 KG/M2)","KG    ","CR","6,05"]
[11026,"CHAPA DE ACO GALVANIZADA BITOLA GSG 14, E = 1,95 MM (15,60 KG/M2)","KG    ","CR","8,32"]
[11027,"CHAPA DE ACO GALVANIZADA BITOLA GSG 16, E = 1,55 MM (12,40 KG/M2)","KG    ","CR","8,66"]
[11046,"CHAPA DE ACO GALVANIZADA BITOLA GSG 18, E = 1,25 MM (10,00 KG/M2)","KG    ","CR","8,30"]
[11047,"CHAPA DE ACO GALVANIZADA BITOLA GSG 19, E = 1,11 MM (8,88 KG/M2)","KG    ","CR","9,05"]
[43668,"CHAPA DE ACO GALVANIZADA BITOLA GSG 20, E = 0,95 MM (7,60 KG/M2)","KG    ","CR","7,98"]
[11049,"CHAPA DE ACO GALVANIZADA BITOLA GSG 22, E = 0,80 MM (6,40 KG/M2)","KG    ","C ","8,65"]
[43106,"CHAPA DE ACO GALVANIZADA BITOLA GSG 24, E = 0,64 (5,12 KG/M2)","KG    ","CR","8,70"]
[11051,"CHAPA DE ACO GALVANIZADA BITOLA GSG 26, E = 0,50 MM (4,00 KG/M2)","KG    ","CR","9,08"]
[11061,"CHAPA DE ACO GALVANIZADA BITOLA GSG 30, E = 0,35 MM (2,80 KG/M2)","KG    ","CR","10,89"]
[43667,"CHAPA DE ACO GROSSA, ASTM A36, E = 1 \" (25,40 MM) 199,18 KG/M2","KG    ","CR","7,92"]
[1333,"CHAPA DE ACO GROSSA, ASTM A36, E = 1/2 \" (12,70 MM) 99,59 KG/M2","KG    ","CR","6,59"]
[1330,"CHAPA DE ACO GROSSA, ASTM A36, E = 1/4 \" (6,35 MM) 49,79 KG/M2","KG    ","CR","6,53"]
[10957,"CHAPA DE ACO GROSSA, ASTM A36, E = 3/4 \" (19,05 MM) 149,39 KG/M2","KG    ","CR","7,53"]
[1332,"CHAPA DE ACO GROSSA, ASTM A36, E = 3/8 \" (9,53 MM) 74,69 KG/M2","KG    ","CR","6,70"]
[1334,"CHAPA DE ACO GROSSA, ASTM A36, E = 5/8 \" (15,88 MM) 124,49 KG/M2","KG    ","CR","7,43"]
[1335,"CHAPA DE ACO GROSSA, ASTM A36, E = 7/8 \" (22,23 MM) 174,28 KG/M2","KG    ","CR","7,67"]
[40425,"CHAPA DE ACO GROSSA, SAE 1020, BITOLA 1/4\", E = 6,35 MM (49,85 KG/M2)","KG    ","CR","6,57"]
[1337,"CHAPA DE ACO XADREZ PARA PISOS, E = 1/4 \" (6,30 MM) 54,53 KG/M2","KG    ","CR","7,53"]
[39416,"CHAPA DE GESSO ACARTONADO, RESISTENTE A UMIDADE (RU), COR VERDE, E = 12,5 MM, 1200 X 1800 MM (L X C)","M2    ","CR","18,56"]
[39417,"CHAPA DE GESSO ACARTONADO, RESISTENTE A UMIDADE (RU), COR VERDE, E = 12,5 MM, 1200 X 2400 MM (L X C)","M2    ","CR","19,46"]
[39414,"CHAPA DE GESSO ACARTONADO, RESISTENTE AO FOGO (RF), COR ROSA, E = 12,5 MM, 1200 X 1800 MM (L X C)","M2    ","CR","17,43"]
[39415,"CHAPA DE GESSO ACARTONADO, RESISTENTE AO FOGO (RF), COR ROSA, E = 12,5 MM, 1200 X 2400 MM (L X C)","M2    ","CR","18,47"]
[39412,"CHAPA DE GESSO ACARTONADO, STANDARD (ST), COR BRANCA, E = 12,5 MM, 1200 X 1800 MM (L X C)","M2    ","CR","13,12"]
[39413,"CHAPA DE GESSO ACARTONADO, STANDARD (ST), COR BRANCA, E = 12,5 MM, 1200 X 2400 MM (L X C)","M2    ","CR","13,00"]
[1338,"CHAPA DE LAMINADO MELAMINICO, LISO BRILHANTE, DE *1,25 X 3,08* M, E = 0,8 MM","M2    ","C ","31,14"]
[1340,"CHAPA DE LAMINADO MELAMINICO, LISO FOSCO, DE *1,25 X 3,08* M, E = 0,8 MM","M2    ","CR","36,00"]
[1341,"CHAPA DE LAMINADO MELAMINICO, TEXTURIZADO, DE *1,25 X 3,08* M, E = 0,8 MM","M2    ","CR","34,67"]
[11134,"CHAPA DE MADEIRA COMPENSADA NAVAL (COM COLA FENOLICA), E = 10 MM, DE *1,60 X 2,20* M","M2    ","C ","36,65"]
[11135,"CHAPA DE MADEIRA COMPENSADA NAVAL (COM COLA FENOLICA), E = 12 MM, DE *1,60 X 2,20* M","M2    ","CR","44,67"]
[11136,"CHAPA DE MADEIRA COMPENSADA NAVAL (COM COLA FENOLICA), E = 15 MM, DE *1,60 X 2,20* M","M2    ","CR","48,32"]
[34743,"CHAPA DE MADEIRA COMPENSADA NAVAL (COM COLA FENOLICA), E = 18 MM, DE *1,60 X 2,20* M","M2    ","CR","61,52"]
[11137,"CHAPA DE MADEIRA COMPENSADA NAVAL (COM COLA FENOLICA), E = 20 MM, DE *1,60 X 2,20* M","M2    ","CR","68,60"]
[34745,"CHAPA DE MADEIRA COMPENSADA NAVAL (COM COLA FENOLICA), E = 25 MM, DE *1,60 X 2,20* M","M2    ","CR","78,18"]
[34746,"CHAPA DE MADEIRA COMPENSADA NAVAL (COM COLA FENOLICA), E = 4 MM, DE *1,60 X 2,20* M","M2    ","CR","20,13"]
[1360,"CHAPA DE MADEIRA COMPENSADA NAVAL (COM COLA FENOLICA), E = 6 MM, DE *1,60 X 2,20* M","M2    ","CR","24,87"]
[1346,"CHAPA DE MADEIRA COMPENSADA PLASTIFICADA PARA FORMA DE CONCRETO, DE 2,20 x 1,10 M, E = 10 MM","M2    ","CR","33,37"]
[1345,"CHAPA DE MADEIRA COMPENSADA PLASTIFICADA PARA FORMA DE CONCRETO, DE 2,20 x 1,10 M, E = 18 MM","M2    ","CR","54,06"]
[1347,"CHAPA DE MADEIRA COMPENSADA PLASTIFICADA PARA FORMA DE CONCRETO, DE 2,20 X 1,10 M, E = 12 MM","M2    ","C ","39,87"]
[1355,"CHAPA DE MADEIRA COMPENSADA RESINADA PARA FORMA DE CONCRETO, DE *2,2 X 1,1* M, E = 14 MM","M2    ","CR","34,14"]
[1358,"CHAPA DE MADEIRA COMPENSADA RESINADA PARA FORMA DE CONCRETO, DE *2,2 X 1,1* M, E = 17 MM","M2    ","CR","39,55"]
[34659,"CHAPA DE MDF BRANCO LISO 1 FACE, E = 12 MM, DE *2,75 X 1,85* M","M2    ","AS","27,65"]
[34514,"CHAPA DE MDF BRANCO LISO 1 FACE, E = 15 MM, DE *2,75 X 1,85* M","M2    ","AS","30,63"]
[34660,"CHAPA DE MDF BRANCO LISO 1 FACE, E = 18 MM, DE *2,75 X 1,85* M","M2    ","AS","38,87"]
[34661,"CHAPA DE MDF BRANCO LISO 1 FACE, E = 25 MM, DE *2,75 X 1,85* M","M2    ","AS","55,83"]
[34667,"CHAPA DE MDF BRANCO LISO 1 FACE, E = 6 MM, DE *2,75 X 1,85* M","M2    ","AS","20,21"]
[34668,"CHAPA DE MDF BRANCO LISO 1 FACE, E = 9 MM, DE *2,75 X 1,85* M","M2    ","AS","26,42"]
[34741,"CHAPA DE MDF BRANCO LISO 2 FACES, E = 12 MM, DE *2,75 X 1,85* M","M2    ","AS","29,07"]
[34664,"CHAPA DE MDF BRANCO LISO 2 FACES, E = 15 MM, DE *2,75 X 1,85* M","M2    ","AS","31,72"]
[34665,"CHAPA DE MDF BRANCO LISO 2 FACES, E = 18 MM, DE *2,75 X 1,85* M","M2    ","AS","39,38"]
[34666,"CHAPA DE MDF BRANCO LISO 2 FACES, E = 25 MM, DE *2,75 X 1,85* M","M2    ","AS","59,48"]
[34669,"CHAPA DE MDF BRANCO LISO 2 FACES, E = 6 MM, DE *2,75 X 1,85* M","M2    ","AS","21,81"]
[34670,"CHAPA DE MDF BRANCO LISO 2 FACES, E = 9 MM, DE *2,75 X 1,85* M","M2    ","AS","26,67"]
[34671,"CHAPA DE MDF CRU, E = 12 MM, DE *2,75 X 1,85* M","M2    ","AS","22,26"]
[34672,"CHAPA DE MDF CRU, E = 15 MM, DE *2,75 X 1,85* M","M2    ","AS","23,48"]
[34673,"CHAPA DE MDF CRU, E = 18 MM, DE *2,75 X 1,85* M","M2    ","AS","28,65"]
[34674,"CHAPA DE MDF CRU, E = 20 MM, DE *2,75 X 1,85* M","M2    ","AS","38,09"]
[34675,"CHAPA DE MDF CRU, E = 25 MM, DE *2,75 X 1,85* M","M2    ","AS","46,44"]
[34676,"CHAPA DE MDF CRU, E = 6 MM, DE *2,75 X 1,85* M","M2    ","AS","13,37"]
[34677,"CHAPA DE MDF CRU, E = 9 MM, DE *2,75 X 1,85* M","M2    ","AS","17,97"]
[43126,"CHAPA EM ACO GALVANIZADO PARA STEEL DECK, COM NERVURAS TRAPEZOIDAIS, LARGURA UTIL DE 915 MM E ESPESSURA DE 0,80 MM","M2    ","AS","83,30"]
[43124,"CHAPA EM ACO GALVANIZADO PARA STEEL DECK, COM NERVURAS TRAPEZOIDAIS, LARGURA UTIL DE 915 MM E ESPESSURA DE 0,95 MM","M2    ","AS","97,26"]
[43125,"CHAPA EM ACO GALVANIZADO PARA STEEL DECK, COM NERVURAS TRAPEZOIDAIS, LARGURA UTIL DE 915 MM E ESPESSURA DE 1,25 MM","M2    ","AS","126,14"]
[40623,"CHAPA PARA EMENDA DE VIGA, EM ACO GROSSO, QUALIDADE ESTRUTURAL, BITOLA 3/16 \", E= 4,75 MM, 4 FUROS, LARGURA 45 MM, COMPRIMENTO 500 MM","PAR   ","CR","73,37"]
[43701,"CHAPA/BOBINA LISA EM ALUMINIO, LIGA 1.200 - H14, QUALQUER ESPESSURA, QUALQUER LARGURA","KG    ","AS","27,59"]
[12083,"CHAVE BLINDADA TRIPOLAR PARA MOTORES, DO TIPO FACA, COM PORTA FUSIVEL DO TIPO CARTUCHO, CORRENTE NOMINAL DE 100 A, TENSAO NOMINAL DE 250 V","UN    ","AS","635,83"]
[12081,"CHAVE BLINDADA TRIPOLAR PARA MOTORES, DO TIPO FACA, COM PORTA FUSIVEL DO TIPO CARTUCHO, CORRENTE NOMINAL DE 30 A, TENSAO NOMINAL DE 250 V","UN    ","AS","215,02"]
[12082,"CHAVE BLINDADA TRIPOLAR PARA MOTORES, DO TIPO FACA, COM PORTA FUSIVEL DO TIPO CARTUCHO, CORRENTE NOMINAL DE 60 A, TENSAO NOMINAL DE 250 V","UN    ","AS","337,93"]
[13354,"CHAVE DE PARTIDA DIRETA TRIFASICA, COM CAIXA TERMOPLASTICA, COM FUSIVEL DE 25 A, PARA MOTOR COM POTENCIA DE 7,5 CV E TENSAO DE 380 V","UN    ","AS","504,70"]
[14057,"CHAVE DE PARTIDA DIRETA TRIFASICA, COM CAIXA TERMOPLASTICA, COM FUSIVEL DE 35 A, PARA MOTOR COM POTENCIA DE 5 CV E TENSAO DE 220 V","UN    ","AS","281,78"]
[14058,"CHAVE DE PARTIDA DIRETA TRIFASICA, COM CAIXA TERMOPLASTICA, COM FUSIVEL DE 63 A, PARA MOTOR COM POTENCIA DE 10 CV E TENSAO DE 220 V","UN    ","AS","444,51"]
[20971,"CHAVE DUPLA PARA CONEXOES TIPO STORZ, ENGATE RAPIDO 1 1/2\" X 2 1/2\", EM LATAO, PARA INSTALACAO PREDIAL COMBATE A INCENDIO","UN    ","CR","15,83"]
[5047,"CHAVE FUSIVEL PARA REDES DE DISTRIBUICAO, TENSAO DE 15,0 KV, CORRENTE NOMINAL DO PORTA FUSIVEL DE 100 A, CAPACIDADE DE INTERRUPCAO SIMETRICA DE 7,10 KA, CAPACIDADE DE INTERRUPCAO ASSIMETRICA 10,00 KA","UN    ","AS","302,85"]
[13369,"CHAVE SECCIONADORA-FUSIVEL BLINDADA TRIPOLAR, ABERTURA COM CARGA, PARA FUSIVEL NH00, CORRENTE NOMINAL DE 160 A, TENSAO DE 500 V","UN    ","AS","328,51"]
[13370,"CHAVE SECCIONADORA-FUSIVEL BLINDADA TRIPOLAR, ABERTURA COM CARGA, PARA FUSIVEL NH01, CORRENTE NOMINAL DE 250 A, TENSAO DE 500 V","UN    ","AS","455,39"]
[13279,"CHUMBADOR DE ACO TIPO PARABOLT, * 5/8\" X 200* MM,  COM PORCA E ARRUELA","KG    ","CR","14,34"]
[11977,"CHUMBADOR DE ACO, DIAMETRO 1/2\", COMPRIMENTO 75 MM","UN    ","CR","7,43"]
[11975,"CHUMBADOR DE ACO, DIAMETRO 5/8\", COMPRIMENTO 6\", COM PORCA","UN    ","CR","16,29"]
[39746,"CHUMBADOR DE ACO, 1\" X 600 MM, PARA POSTES DE ACO COM BASE, INCLUSO PORCA E ARRUELA","UN    ","CR","181,27"]
[11976,"CHUMBADOR, DIAMETRO 1/4\" COM PARAFUSO 1/4\" X 40 MM","UN    ","CR","0,83"]
[1368,"CHUVEIRO COMUM EM PLASTICO BRANCO, COM CANO, 3 TEMPERATURAS, 5500 W (110/220 V)","UN    ","C ","50,88"]
[1367,"CHUVEIRO COMUM EM PLASTICO CROMADO, COM CANO, 4 TEMPERATURAS (110/220 V)","UN    ","CR","164,58"]
[7608,"CHUVEIRO PLASTICO BRANCO SIMPLES 5 '' PARA ACOPLAR EM HASTE 1/2 \", AGUA FRIA","UN    ","CR","4,12"]
[41900,"CIMENTO ASFALTICO DE PETROLEO A GRANEL (CAP) 30/45 (COLETADO CAIXA NA ANP ACRESCIDO DE ICMS)","KG    ","AS","2,96"]
[41899,"CIMENTO ASFALTICO DE PETROLEO A GRANEL (CAP) 50/70 (COLETADO CAIXA NA ANP ACRESCIDO DE ICMS)","T     ","AS","2.988,37"]
[1380,"CIMENTO BRANCO","KG    ","CR","3,05"]
[1375,"CIMENTO IMPERMEABILIZANTE DE PEGA ULTRARRAPIDA PARA TAMPONAMENTOS","KG    ","CR","13,75"]
[1379,"CIMENTO PORTLAND COMPOSTO CP II-32","KG    ","CR","0,52"]
[10511,"CIMENTO PORTLAND COMPOSTO CP II-32 (SACO DE 50 KG)","50KG  ","C ","26,00"]
[13284,"CIMENTO PORTLAND DE ALTO FORNO (AF) CP III-32","KG    ","CR","0,44"]
[25974,"CIMENTO PORTLAND ESTRUTURAL BRANCO CPB-32","KG    ","CR","1,74"]
[1382,"CIMENTO PORTLAND POZOLANICO CP IV- 32","50KG  ","CR","25,05"]
[34753,"CIMENTO PORTLAND POZOLANICO CP IV-32","KG    ","CR","0,50"]
[420,"CINTA CIRCULAR EM ACO GALVANIZADO DE 150 MM DE DIAMETRO PARA FIXACAO DE CAIXA MEDICAO, INCLUI PARAFUSOS E PORCAS","UN    ","AS","21,13"]
[12327,"CINTA CIRCULAR EM ACO GALVANIZADO DE 210 MM DE DIAMETRO PARA INSTALACAO DE TRANSFORMADOR EM POSTE DE CONCRETO","UN    ","AS","25,17"]
[36148,"CINTURAO DE SEGURANCA TIPO PARAQUEDISTA, FIVELA EM ACO, AJUSTE NO SUSPENSARIO, CINTURA E PERNAS","UN    ","CR","56,54"]
[12329,"COBRE ELETROLITICO EM BARRA OU CHAPA","KG    ","CR","112,81"]
[1339,"COLA A BASE DE RESINA SINTETICA PARA CHAPA DE LAMINADO MELAMINICO","KG    ","CR","31,22"]
[11849,"COLA BRANCA BASE PVA","L     ","CR","11,36"]
[37418,"COLAR DE TOMADA EM POLIPROPILENO, PP, COM PARAFUSOS, PARA PEAD, 63 X 1/2\" - LIGACAO PREDIAL DE AGUA","UN    ","AS","15,12"]
[37419,"COLAR DE TOMADA EM POLIPROPILENO, PP, COM PARAFUSOS, PARA PEAD, 63 X 3/4\" - LIGACAO PREDIAL DE AGUA","UN    ","AS","15,53"]
[1427,"COLAR TOMADA PVC, COM TRAVAS, SAIDA COM ROSCA, DE 110 MM X 1/2\" OU 110 MM X 3/4\", PARA LIGACAO PREDIAL DE AGUA","UN    ","AS","15,66"]
[1402,"COLAR TOMADA PVC, COM TRAVAS, SAIDA COM ROSCA, DE 32 MM X 1/2\" OU 32 MM X 3/4\", PARA LIGACAO PREDIAL DE AGUA","UN    ","AS","5,42"]
[1420,"COLAR TOMADA PVC, COM TRAVAS, SAIDA COM ROSCA, DE 40 MM X 1/2\" OU 40 MM X 3/4\", PARA LIGACAO PREDIAL DE AGUA","UN    ","AS","6,97"]
[1419,"COLAR TOMADA PVC, COM TRAVAS, SAIDA COM ROSCA, DE 50 MM X 1/2\" OU 50 MM X 3/4\", PARA LIGACAO PREDIAL DE AGUA","UN    ","AS","8,42"]
[1414,"COLAR TOMADA PVC, COM TRAVAS, SAIDA COM ROSCA, DE 60 MM X 1/2\" OU 60 MM X 3/4\", PARA LIGACAO PREDIAL DE AGUA","UN    ","AS","8,24"]
[1413,"COLAR TOMADA PVC, COM TRAVAS, SAIDA COM ROSCA, DE 75 MM X 1/2\" OU 75 MM X 3/4\", PARA LIGACAO PREDIAL DE AGUA","UN    ","AS","12,17"]
[1412,"COLAR TOMADA PVC, COM TRAVAS, SAIDA COM ROSCA, DE 85 MM X 1/2\" OU 85 MM X 3/4\", PARA LIGACAO PREDIAL DE AGUA","UN    ","AS","10,31"]
[1411,"COLAR TOMADA PVC, COM TRAVAS, SAIDA ROSCAVEL COM BUCHA DE LATAO, DE 110 MM X 1/2\" OU 110 MM X 3/4\", PARA LIGACAO PREDIAL DE AGUA","UN    ","AS","18,76"]
[1406,"COLAR TOMADA PVC, COM TRAVAS, SAIDA ROSCAVEL COM BUCHA DE LATAO, DE 60 MM X 1/2\" OU 60 MM X 3/4\", PARA LIGACAO PREDIAL DE AGUA","UN    ","AS","12,44"]
[1407,"COLAR TOMADA PVC, COM TRAVAS, SAIDA ROSCAVEL COM BUCHA DE LATAO, DE 75 MM X 1/2\" OU 75 MM X 3/4\", PARA LIGACAO PREDIAL DE AGUA","UN    ","AS","15,51"]
[1404,"COLAR TOMADA PVC, COM TRAVAS, SAIDA ROSCAVEL COM BUCHA DE LATAO, DE 85 MM X 1/2\" OU 85 MM X 3/4\", PARA LIGACAO PREDIAL DE AGUA","UN    ","AS","16,49"]
[11281,"COMPACTADOR DE SOLO A PERCUSSAO (SOQUETE), COM MOTOR GASOLINA DE 4 TEMPOS, PESO ENTRE 55 E 65 KG, FORCA DE IMPACTO DE 1.000 A 1.500 KGF, FREQUENCIA DE 600 A 700 GOLPES POR MINUTO, VELOCIDADE DE TRABALHO ENTRE 10 E 15 M/MIN, POTENCIA ENTRE 2,00 E 3,00 HP","UN    ","AS","9.005,00"]
[1442,"COMPACTADOR DE SOLO TIPO PLACA VIBRATORIA REVERSIVEL, A GASOLINA, 4 TEMPOS, PESO DE 125 A 150 KG, FORCA CENTRIFUGA DE 2500 A 2800 KGF, LARG. TRABALHO DE 400 A 450 MM, FREQ VIBRACAO DE 4300 A 4500 RPM, VELOC. TRABALHO DE 15 A 20 M/MIN, POT. DE 5,5 A 6,0 HP","UN    ","AS","7.559,63"]
[13457,"COMPACTADOR DE SOLO TIPO PLACA VIBRATORIA REVERSIVEL, A GASOLINA, 4 TEMPOS, PESO DE 150 A 175 KG, FORCA CENTRIFUGA DE 2800 A 3100 KGF, LARG. TRABALHO DE 450 A 520 MM, FREQ VIBRACAO DE 4000 A 4300 RPM, VELOC. TRABALHO DE 15 A 20 M/MIN, POT. DE 6,0 A 7,0 HP","UN    ","AS","6.525,36"]
[40699,"COMPACTADOR DE SOLO, TIPO PLACA VIBRATORIA NAO REVERSIVEL, COM MOTOR A GASOLINA DE 4 TEMPOS, PESO ENTRE 80 E 120 KG, FORCA CENTRIFUGA ENTRE 1300 E 2000 KGF, LARGURA DE TRABALHO ENTRE 400 E 500 MM, FREQUENCIA DE VIBRACAO ENTRE 4800 E 6000 RPM, VELOCIDADEDE TRABALHO ENTRE 20 E 30 M/MIN, POTENCIA ENTRE 5,0 E 6,0 HP","UN    ","AS","5.044,35"]
[40701,"COMPACTADOR DE SOLO, TIPO PLACA VIBRATORIA REVERSIVEL, COM MOTOR A DIESEL, PESO ENTRE 700 E 820 KG, FORCA CENTRIFUGA ENTRE 6.200 E 10.000 KGF, LARGURA DE TRABALHO ENTRE 650 E 720 MM, FREQUENCIA DE VIBRACAO ENTRE 3.000 E 3.500 RPM, VELOCIDADE DE TRABALHOENTRE 25 E 30 M/MIN, POTENCIA ENTRE 13,0 E 15,0 HP","UN    ","AS","89.191,06"]
[40700,"COMPACTADOR DE SOLO, TIPO PLACA VIBRATORIA REVERSIVEL, COM MOTOR A GASOLINA DE 4 TEMPOS, PESO ENTRE 160 E 265 KG, FORCA CENTRIFUGA ENTRE 2750 E 4000 KGF, LARGURA DE TRABALHO ENTRE 430 E 550 MM, FREQUENCIA DE VIBRACAO ENTRE 4000 E 5500 RPM, VELOCIDADE DETRABALHO ENTRE 20 E 25 M/MIN, POTENCIA ENTRE 7,5 E 9,0 HP","UN    ","AS","11.742,59"]
[13458,"COMPACTADOR DE SOLOS DE PERCURSAO (SOQUETE) COM MOTOR A GASOLINA 4 TEMPOS DE 4 HP (4 CV)","UN    ","AS","11.158,36"]
[36524,"COMPRESSOR DE AR ESTACIONARIO, VAZAO 620 PCM, PRESSAO EFETIVA DE TRABALHO 109 PSI, MOTOR ELETRICO, POTENCIA 127 CV","UN    ","AS","103.306,91"]
[36526,"COMPRESSOR DE AR REBOCAVEL VAZAO 400 PCM, PRESSAO EFETIVA DE TRABALHO 102 PSI, MOTOR DIESEL, POTENCIA 110 CV","UN    ","AS","83.248,92"]
[36523,"COMPRESSOR DE AR REBOCAVEL VAZAO 748 PCM, PRESSAO EFETIVA DE TRABALHO 102 PSI, MOTOR DIESEL, POTENCIA 210 CV","UN    ","AS","178.224,70"]
[36527,"COMPRESSOR DE AR REBOCAVEL VAZAO 860 PCM, PRESSAO EFETIVA DE TRABALHO 102 PSI, MOTOR DIESEL, POTENCIA 250 CV","UN    ","AS","193.588,73"]
[13803,"COMPRESSOR DE AR REBOCAVEL, VAZAO *89* PCM, PRESSAO EFETIVA DE TRABALHO *102* PSI, MOTOR DIESEL, POTENCIA *20* CV","UN    ","AS","70.000,00"]
[38642,"COMPRESSOR DE AR REBOCAVEL, VAZAO 152 PCM, PRESSAO EFETIVA DE TRABALHO 102 PSI, MOTOR DIESEL, POTENCIA 31,5 KW","UN    ","AS","45.072,42"]
[36522,"COMPRESSOR DE AR REBOCAVEL, VAZAO 189 PCM, PRESSAO EFETIVA DE TRABALHO 102 PSI, MOTOR DIESEL, POTENCIA 63 CV","UN    ","AS","52.418,69"]
[36525,"COMPRESSOR DE AR REBOCAVEL, VAZAO 250 PCM, PRESSAO EFETIVA DE TRABALHO 102 PSI, MOTOR DIESEL, POTENCIA 81 CV","UN    ","AS","70.200,87"]
[41991,"COMPRESSOR DE AR, VAZAO DE 10 PCM, RESERVATORIO 100 L, PRESSAO DE TRABALHO ENTRE 6,9 E 9,7 BAR,  POTENCIA 2 HP, TENSAO 110/220 V (COLETADO CAIXA)","UN    ","AS","2.594,02"]
[34348,"CONCERTINA CLIPADA (DUPLA) EM ACO GALVANIZADO DE ALTA RESISTENCIA, COM ESPIRAL DE 300 MM, D = 2,76 MM","M     ","CR","16,18"]
[34347,"CONCERTINA SIMPLES EM ACO GALVANIZADO DE ALTA RESISTENCIA, COM ESPIRAL DE 300 MM, D = 2,76 MM","M     ","CR","11,57"]
[11146,"CONCRETO AUTOADENSAVEL (CAA) CLASSE DE RESISTENCIA C15, ESPALHAMENTO SF2, INCLUI SERVICO DE BOMBEAMENTO (NBR 15823)","M3    ","CR","370,01"]
[11147,"CONCRETO AUTOADENSAVEL (CAA) CLASSE DE RESISTENCIA C20, ESPALHAMENTO SF2, INCLUI SERVICO DE BOMBEAMENTO (NBR 15823)","M3    ","CR","384,49"]
[34872,"CONCRETO AUTOADENSAVEL (CAA) CLASSE DE RESISTENCIA C25, ESPALHAMENTO SF2, INCLUI SERVICO DE BOMBEAMENTO (NBR 15823)","M3    ","CR","388,80"]
[34491,"CONCRETO AUTOADENSAVEL (CAA) CLASSE DE RESISTENCIA C30, ESPALHAMENTO SF2, INCLUI SERVICO DE BOMBEAMENTO (NBR 15823)","M3    ","CR","400,07"]
[34770,"CONCRETO BETUMINOSO USINADO A QUENTE (CBUQ) PARA PAVIMENTACAO ASFALTICA, PADRAO DNIT, FAIXA C, COM CAP 30/45 - AQUISICAO POSTO USINA","T     ","AS","321,24"]
[1518,"CONCRETO BETUMINOSO USINADO A QUENTE (CBUQ) PARA PAVIMENTACAO ASFALTICA, PADRAO DNIT, FAIXA C, COM CAP 50/70 - AQUISICAO POSTO USINA","T     ","AS","327,50"]
[41965,"CONCRETO BETUMINOSO USINADO A QUENTE (CBUQ) PARA PAVIMENTACAO ASFALTICA, PADRAO DNIT, PARA BINDER, COM CAP 50/70 - AQUISICAO POSTO USINA","T     ","AS","317,28"]
[34492,"CONCRETO USINADO BOMBEAVEL, CLASSE DE RESISTENCIA C20, COM BRITA 0 E 1, SLUMP = 100 +/- 20 MM, EXCLUI SERVICO DE BOMBEAMENTO (NBR 8953)","M3    ","CR","328,82"]
[1524,"CONCRETO USINADO BOMBEAVEL, CLASSE DE RESISTENCIA C20, COM BRITA 0 E 1, SLUMP = 100 +/- 20 MM, INCLUI SERVICO DE BOMBEAMENTO (NBR 8953)","M3    ","C ","355,00"]
[38404,"CONCRETO USINADO BOMBEAVEL, CLASSE DE RESISTENCIA C20, COM BRITA 0 E 1, SLUMP = 130 +/- 20 MM, EXCLUI SERVICO DE BOMBEAMENTO (NBR 8953)","M3    ","CR","340,60"]
[39849,"CONCRETO USINADO BOMBEAVEL, CLASSE DE RESISTENCIA C20, COM BRITA 0 E 1, SLUMP = 190 +/- 20 MM, INCLUI SERVICO DE BOMBEAMENTO (NBR 8953)","M3    ","CR","390,33"]
[38464,"CONCRETO USINADO BOMBEAVEL, CLASSE DE RESISTENCIA C20, COM BRITA 0, SLUMP = 220 +/- 20 MM, INCLUI SERVICO DE BOMBEAMENTO (NBR 8953)","M3    ","CR","395,99"]
[34493,"CONCRETO USINADO BOMBEAVEL, CLASSE DE RESISTENCIA C25, COM BRITA 0 E 1, SLUMP = 100 +/- 20 MM, EXCLUI SERVICO DE BOMBEAMENTO (NBR 8953)","M3    ","CR","338,09"]
[1527,"CONCRETO USINADO BOMBEAVEL, CLASSE DE RESISTENCIA C25, COM BRITA 0 E 1, SLUMP = 100 +/- 20 MM, INCLUI SERVICO DE BOMBEAMENTO (NBR 8953)","M3    ","CR","366,26"]
[38405,"CONCRETO USINADO BOMBEAVEL, CLASSE DE RESISTENCIA C25, COM BRITA 0 E 1, SLUMP = 130 +/- 20 MM, EXCLUI SERVICO DE BOMBEAMENTO (NBR 8953)","M3    ","CR","351,10"]
[38408,"CONCRETO USINADO BOMBEAVEL, CLASSE DE RESISTENCIA C25, COM BRITA 0 E 1, SLUMP = 190 +/- 20 MM, EXCLUI SERVICO DE BOMBEAMENTO (NBR 8953)","M3    ","CR","388,64"]
[34494,"CONCRETO USINADO BOMBEAVEL, CLASSE DE RESISTENCIA C30, COM BRITA 0 E 1, SLUMP = 100 +/- 20 MM, EXCLUI SERVICO DE BOMBEAMENTO (NBR 8953)","M3    ","CR","349,36"]
[1525,"CONCRETO USINADO BOMBEAVEL, CLASSE DE RESISTENCIA C30, COM BRITA 0 E 1, SLUMP = 100 +/- 20 MM, INCLUI SERVICO DE BOMBEAMENTO (NBR 8953)","M3    ","CR","377,53"]
[38406,"CONCRETO USINADO BOMBEAVEL, CLASSE DE RESISTENCIA C30, COM BRITA 0 E 1, SLUMP = 130 +/- 20 MM, EXCLUI SERVICO DE BOMBEAMENTO (NBR 8953)","M3    ","CR","370,74"]
[38409,"CONCRETO USINADO BOMBEAVEL, CLASSE DE RESISTENCIA C30, COM BRITA 0 E 1, SLUMP = 190 +/- 20 MM, EXCLUI SERVICO DE BOMBEAMENTO (NBR 8953)","M3    ","CR","391,28"]
[43360,"CONCRETO USINADO BOMBEAVEL, CLASSE DE RESISTENCIA C30, COM BRITA 0 E 1, SLUMP = 220 +/- 30 MM, EXCLUI SERVICO DE BOMBEAMENTO (NBR 8953)","M3    ","CR","408,00"]
[34495,"CONCRETO USINADO BOMBEAVEL, CLASSE DE RESISTENCIA C35, COM BRITA 0 E 1, SLUMP = 100 +/- 20 MM, EXCLUI SERVICO DE BOMBEAMENTO (NBR 8953)","M3    ","CR","360,63"]
[11145,"CONCRETO USINADO BOMBEAVEL, CLASSE DE RESISTENCIA C35, COM BRITA 0 E 1, SLUMP = 100 +/- 20 MM, INCLUI SERVICO DE BOMBEAMENTO (NBR 8953)","M3    ","CR","388,80"]
[34496,"CONCRETO USINADO BOMBEAVEL, CLASSE DE RESISTENCIA C40, COM BRITA 0 E 1, SLUMP = 100 +/- 20 MM, EXCLUI SERVICO DE BOMBEAMENTO (NBR 8953)","M3    ","CR","376,20"]
[34479,"CONCRETO USINADO BOMBEAVEL, CLASSE DE RESISTENCIA C40, COM BRITA 0 E 1, SLUMP = 100 +/- 20 MM, INCLUI SERVICO DE BOMBEAMENTO (NBR 8953)","M3    ","CR","400,07"]
[34481,"CONCRETO USINADO BOMBEAVEL, CLASSE DE RESISTENCIA C45, COM BRITA 0 E 1, SLUMP = 100 +/- 20 MM, INCLUI SERVICO DE BOMBEAMENTO (NBR 8953)","M3    ","CR","418,03"]
[34483,"CONCRETO USINADO BOMBEAVEL, CLASSE DE RESISTENCIA C50, COM BRITA 0 E 1, SLUMP = 100 +/- 20 MM, INCLUI SERVICO DE BOMBEAMENTO (NBR 8953)","M3    ","CR","446,64"]
[34485,"CONCRETO USINADO BOMBEAVEL, CLASSE DE RESISTENCIA C60, COM BRITA 0 E 1, SLUMP = 100 +/- 20 MM, INCLUI SERVICO DE BOMBEAMENTO (NBR 8953)","M3    ","CR","477,63"]
[14041,"CONCRETO USINADO CONVENCIONAL (NAO BOMBEAVEL) CLASSE DE RESISTENCIA C10, COM BRITA 1 E 2, SLUMP = 80 MM +/- 10 MM (NBR 8953)","M3    ","CR","310,48"]
[1523,"CONCRETO USINADO CONVENCIONAL (NAO BOMBEAVEL) CLASSE DE RESISTENCIA C15, COM BRITA 1 E 2, SLUMP = 80 MM +/- 10 MM (NBR 8953)","M3    ","CR","315,55"]
[14052,"CONDULETE DE ALUMINIO TIPO B, PARA ELETRODUTO ROSCAVEL DE 1/2\", COM TAMPA CEGA","UN    ","CR","8,16"]
[14054,"CONDULETE DE ALUMINIO TIPO B, PARA ELETRODUTO ROSCAVEL DE 1\", COM TAMPA CEGA","UN    ","CR","10,61"]
[14053,"CONDULETE DE ALUMINIO TIPO B, PARA ELETRODUTO ROSCAVEL DE 3/4\", COM TAMPA CEGA","UN    ","CR","8,28"]
[2558,"CONDULETE DE ALUMINIO TIPO C, PARA ELETRODUTO ROSCAVEL DE 1/2\", COM TAMPA CEGA","UN    ","CR","6,23"]
[2560,"CONDULETE DE ALUMINIO TIPO C, PARA ELETRODUTO ROSCAVEL DE 1\", COM TAMPA CEGA","UN    ","CR","10,98"]
[2559,"CONDULETE DE ALUMINIO TIPO C, PARA ELETRODUTO ROSCAVEL DE 3/4\", COM TAMPA CEGA","UN    ","C ","8,78"]
[2592,"CONDULETE DE ALUMINIO TIPO C, PARA ELETRODUTO ROSCAVEL DE 4\", COM TAMPA CEGA","UN    ","CR","145,55"]
[2566,"CONDULETE DE ALUMINIO TIPO E, PARA ELETRODUTO ROSCAVEL DE 1  1/4\", COM TAMPA CEGA","UN    ","CR","14,64"]
[2589,"CONDULETE DE ALUMINIO TIPO E, PARA ELETRODUTO ROSCAVEL DE 1 1/2\", COM TAMPA CEGA","UN    ","CR","19,47"]
[2591,"CONDULETE DE ALUMINIO TIPO E, PARA ELETRODUTO ROSCAVEL DE 1/2\", COM TAMPA CEGA","UN    ","CR","7,10"]
[2590,"CONDULETE DE ALUMINIO TIPO E, PARA ELETRODUTO ROSCAVEL DE 1\", COM TAMPA CEGA","UN    ","CR","11,94"]
[2567,"CONDULETE DE ALUMINIO TIPO E, PARA ELETRODUTO ROSCAVEL DE 2\", COM TAMPA CEGA","UN    ","CR","28,55"]
[2565,"CONDULETE DE ALUMINIO TIPO E, PARA ELETRODUTO ROSCAVEL DE 3/4\", COM TAMPA CEGA","UN    ","CR","7,11"]
[2568,"CONDULETE DE ALUMINIO TIPO E, PARA ELETRODUTO ROSCAVEL DE 3\", COM TAMPA CEGA","UN    ","CR","79,30"]
[2594,"CONDULETE DE ALUMINIO TIPO E, PARA ELETRODUTO ROSCAVEL DE 4\", COM TAMPA CEGA","UN    ","CR","132,11"]
[2587,"CONDULETE DE ALUMINIO TIPO LR, PARA ELETRODUTO ROSCAVEL DE 1 1/2\", COM TAMPA CEGA","UN    ","CR","22,51"]
[2588,"CONDULETE DE ALUMINIO TIPO LR, PARA ELETRODUTO ROSCAVEL DE 1 1/4\", COM TAMPA CEGA","UN    ","CR","17,88"]
[2569,"CONDULETE DE ALUMINIO TIPO LR, PARA ELETRODUTO ROSCAVEL DE 1/2\", COM TAMPA CEGA","UN    ","CR","6,89"]
[2570,"CONDULETE DE ALUMINIO TIPO LR, PARA ELETRODUTO ROSCAVEL DE 1\", COM TAMPA CEGA","UN    ","CR","11,55"]
[2571,"CONDULETE DE ALUMINIO TIPO LR, PARA ELETRODUTO ROSCAVEL DE 2\", COM TAMPA CEGA","UN    ","CR","34,29"]
[2593,"CONDULETE DE ALUMINIO TIPO LR, PARA ELETRODUTO ROSCAVEL DE 3/4\", COM TAMPA CEGA","UN    ","CR","7,34"]
[2572,"CONDULETE DE ALUMINIO TIPO LR, PARA ELETRODUTO ROSCAVEL DE 3\", COM TAMPA CEGA","UN    ","CR","101,41"]
[2595,"CONDULETE DE ALUMINIO TIPO LR, PARA ELETRODUTO ROSCAVEL DE 4\", COM TAMPA CEGA","UN    ","CR","158,22"]
[2576,"CONDULETE DE ALUMINIO TIPO T, PARA ELETRODUTO ROSCAVEL DE 1 1/2\", COM TAMPA CEGA","UN    ","CR","26,97"]
[2575,"CONDULETE DE ALUMINIO TIPO T, PARA ELETRODUTO ROSCAVEL DE 1 1/4\", COM TAMPA CEGA","UN    ","CR","20,27"]
[2573,"CONDULETE DE ALUMINIO TIPO T, PARA ELETRODUTO ROSCAVEL DE 1/2\", COM TAMPA CEGA","UN    ","CR","8,42"]
[2586,"CONDULETE DE ALUMINIO TIPO T, PARA ELETRODUTO ROSCAVEL DE 1\", COM TAMPA CEGA","UN    ","CR","13,65"]
[2577,"CONDULETE DE ALUMINIO TIPO T, PARA ELETRODUTO ROSCAVEL DE 2\", COM TAMPA CEGA","UN    ","CR","36,55"]
[2574,"CONDULETE DE ALUMINIO TIPO T, PARA ELETRODUTO ROSCAVEL DE 3/4\", COM TAMPA CEGA","UN    ","CR","8,47"]
[2578,"CONDULETE DE ALUMINIO TIPO T, PARA ELETRODUTO ROSCAVEL DE 3\", COM TAMPA CEGA","UN    ","CR","114,10"]
[2585,"CONDULETE DE ALUMINIO TIPO T, PARA ELETRODUTO ROSCAVEL DE 4\", COM TAMPA CEGA","UN    ","CR","156,58"]
[12008,"CONDULETE DE ALUMINIO TIPO TB, PARA ELETRODUTO ROSCAVEL DE 3\", COM TAMPA CEGA","UN    ","CR","84,01"]
[2582,"CONDULETE DE ALUMINIO TIPO X, PARA ELETRODUTO ROSCAVEL DE 1 1/2\", COM TAMPA CEGA","UN    ","CR","25,02"]
[2597,"CONDULETE DE ALUMINIO TIPO X, PARA ELETRODUTO ROSCAVEL DE 1 1/4\", COM TAMPA CEGA","UN    ","CR","21,44"]
[2579,"CONDULETE DE ALUMINIO TIPO X, PARA ELETRODUTO ROSCAVEL DE 1/2\", COM TAMPA CEGA","UN    ","CR","10,21"]
[2581,"CONDULETE DE ALUMINIO TIPO X, PARA ELETRODUTO ROSCAVEL DE 1\", COM TAMPA CEGA","UN    ","CR","13,06"]
[2596,"CONDULETE DE ALUMINIO TIPO X, PARA ELETRODUTO ROSCAVEL DE 2\", COM TAMPA CEGA","UN    ","CR","38,63"]
[2580,"CONDULETE DE ALUMINIO TIPO X, PARA ELETRODUTO ROSCAVEL DE 3/4\", COM TAMPA CEGA","UN    ","CR","11,19"]
[2583,"CONDULETE DE ALUMINIO TIPO X, PARA ELETRODUTO ROSCAVEL DE 3\", COM TAMPA CEGA","UN    ","CR","93,96"]
[2584,"CONDULETE DE ALUMINIO TIPO X, PARA ELETRODUTO ROSCAVEL DE 4\", COM TAMPA CEGA","UN    ","CR","156,42"]
[12010,"CONDULETE EM PVC, TIPO \"B\", SEM TAMPA, DE 1/2\" OU 3/4\"","UN    ","CR","6,10"]
[39329,"CONDULETE EM PVC, TIPO \"B\", SEM TAMPA, DE 1\"","UN    ","CR","6,38"]
[39330,"CONDULETE EM PVC, TIPO \"C\", SEM TAMPA, DE 1/2\"","UN    ","CR","6,71"]
[39332,"CONDULETE EM PVC, TIPO \"C\", SEM TAMPA, DE 1\"","UN    ","CR","7,50"]
[39331,"CONDULETE EM PVC, TIPO \"C\", SEM TAMPA, DE 3/4\"","UN    ","CR","5,97"]
[39333,"CONDULETE EM PVC, TIPO \"E\", SEM TAMPA, DE 1/2\"","UN    ","CR","5,82"]
[39335,"CONDULETE EM PVC, TIPO \"E\", SEM TAMPA, DE 1\"","UN    ","CR","6,73"]
[39334,"CONDULETE EM PVC, TIPO \"E\", SEM TAMPA, DE 3/4\"","UN    ","CR","5,35"]
[12016,"CONDULETE EM PVC, TIPO \"LB\", SEM TAMPA, DE 1/2\" OU 3/4\"","UN    ","CR","6,72"]
[12015,"CONDULETE EM PVC, TIPO \"LB\", SEM TAMPA, DE 1\"","UN    ","CR","7,82"]
[12020,"CONDULETE EM PVC, TIPO \"LL\", SEM TAMPA, DE 1/2\" OU 3/4\"","UN    ","CR","6,72"]
[12019,"CONDULETE EM PVC, TIPO \"LL\", SEM TAMPA, DE 1\"","UN    ","CR","7,82"]
[39336,"CONDULETE EM PVC, TIPO \"LR\", SEM TAMPA, DE 1/2\"","UN    ","CR","6,71"]
[39338,"CONDULETE EM PVC, TIPO \"LR\", SEM TAMPA, DE 1\"","UN    ","CR","7,50"]
[39337,"CONDULETE EM PVC, TIPO \"LR\", SEM TAMPA, DE 3/4\"","UN    ","CR","5,97"]
[39341,"CONDULETE EM PVC, TIPO \"T\", SEM TAMPA, DE 1\"","UN    ","CR","9,77"]
[39340,"CONDULETE EM PVC, TIPO \"T\", SEM TAMPA, DE 3/4\"","UN    ","CR","7,17"]
[12025,"CONDULETE EM PVC, TIPO \"TB\", SEM TAMPA, DE 1/2\" OU 3/4\"","UN    ","CR","7,41"]
[39342,"CONDULETE EM PVC, TIPO \"TB\", SEM TAMPA, DE 1\"","UN    ","CR","9,77"]
[39343,"CONDULETE EM PVC, TIPO \"X\", SEM TAMPA, DE 1/2\"","UN    ","CR","8,25"]
[39345,"CONDULETE EM PVC, TIPO \"X\", SEM TAMPA, DE 1\"","UN    ","CR","11,17"]
[39344,"CONDULETE EM PVC, TIPO \"X\", SEM TAMPA, DE 3/4\"","UN    ","CR","7,98"]
[12623,"CONDUTOR PLUVIAL, PVC, CIRCULAR, DIAMETRO ENTRE 80 E 100 MM, PARA DRENAGEM PREDIAL","M     ","AS","10,06"]
[34498,"CONE DE SINALIZACAO EM PVC FLEXIVEL, H = 70 / 76 CM (NBR 15071)","UN    ","CR","71,74"]
[13244,"CONE DE SINALIZACAO EM PVC RIGIDO COM FAIXA REFLETIVA, H = 70 / 76 CM","UN    ","C ","30,20"]
[38998,"CONECTOR / ADAPTADOR FEMEA, COM INSERTO METALICO, PPR, DN 25 MM X 1/2\", PARA AGUA QUENTE E FRIA PREDIAL","UN    ","CR","10,37"]
[38999,"CONECTOR / ADAPTADOR FEMEA, COM INSERTO METALICO, PPR, DN 32 MM X 3/4\", PARA AGUA QUENTE E FRIA PREDIAL","UN    ","CR","17,16"]
[38996,"CONECTOR / ADAPTADOR MACHO, COM INSERTO METALICO, PPR, DN 25 MM X 1/2\", PARA AGUA QUENTE E FRIA PREDIAL","UN    ","CR","14,99"]
[38997,"CONECTOR / ADAPTADOR MACHO, COM INSERTO METALICO, PPR, DN 32 MM X 3/4\", PARA AGUA QUENTE E FRIA PREDIAL","UN    ","CR","24,25"]
[39862,"CONECTOR BRONZE/LATAO (REF 603) SEM ANEL DE SOLDA, BOLSA X ROSCA F, 15 MM X 1/2\"","UN    ","AS","9,71"]
[39863,"CONECTOR BRONZE/LATAO (REF 603) SEM ANEL DE SOLDA, BOLSA X ROSCA F, 22 MM X 1/2\"","UN    ","AS","9,85"]
[39864,"CONECTOR BRONZE/LATAO (REF 603) SEM ANEL DE SOLDA, BOLSA X ROSCA F, 22 MM X 3/4\"","UN    ","AS","12,22"]
[39865,"CONECTOR BRONZE/LATAO (REF 603) SEM ANEL DE SOLDA, BOLSA X ROSCA F, 28 MM X 1/2\"","UN    ","AS","17,23"]
[2517,"CONECTOR CURVO 90 GRAUS DE ALUMINIO, BITOLA 1 1/2\", PARA ADAPTAR ENTRADA DE ELETRODUTO METALICO FLEXIVEL EM QUADROS","UN    ","CR","15,58"]
[2522,"CONECTOR CURVO 90 GRAUS DE ALUMINIO, BITOLA 1 1/4\", PARA ADAPTAR ENTRADA DE ELETRODUTO METALICO FLEXIVEL EM QUADROS","UN    ","CR","10,07"]
[2548,"CONECTOR CURVO 90 GRAUS DE ALUMINIO, BITOLA 1/2\", PARA ADAPTAR ENTRADA DE ELETRODUTO METALICO FLEXIVEL EM QUADROS","UN    ","CR","6,19"]
[2516,"CONECTOR CURVO 90 GRAUS DE ALUMINIO, BITOLA 1\", PARA ADAPTAR ENTRADA DE ELETRODUTO METALICO FLEXIVEL EM QUADROS","UN    ","CR","8,08"]
[2518,"CONECTOR CURVO 90 GRAUS DE ALUMINIO, BITOLA 2 1/2\", PARA ADAPTAR ENTRADA DE ELETRODUTO METALICO FLEXIVEL EM QUADROS","UN    ","CR","74,18"]
[2521,"CONECTOR CURVO 90 GRAUS DE ALUMINIO, BITOLA 2\", PARA ADAPTAR ENTRADA DE ELETRODUTO METALICO FLEXIVEL EM QUADROS","UN    ","CR","31,58"]
[2515,"CONECTOR CURVO 90 GRAUS DE ALUMINIO, BITOLA 3/4\", PARA ADAPTAR ENTRADA DE ELETRODUTO METALICO FLEXIVEL EM QUADROS","UN    ","CR","6,73"]
[2519,"CONECTOR CURVO 90 GRAUS DE ALUMINIO, BITOLA 3\", PARA ADAPTAR ENTRADA DE ELETRODUTO METALICO FLEXIVEL EM QUADROS","UN    ","CR","89,45"]
[2520,"CONECTOR CURVO 90 GRAUS DE ALUMINIO, BITOLA 4\", PARA ADAPTAR ENTRADA DE ELETRODUTO METALICO FLEXIVEL EM QUADROS","UN    ","CR","164,63"]
[1602,"CONECTOR DE ALUMINIO TIPO PRENSA CABO, BITOLA 1 1/2\", PARA CABOS DE DIAMETRO DE 37 A 40 MM","UN    ","CR","29,22"]
[1601,"CONECTOR DE ALUMINIO TIPO PRENSA CABO, BITOLA 1 1/4\", PARA CABOS DE DIAMETRO DE 31 A 34 MM","UN    ","CR","26,04"]
[1598,"CONECTOR DE ALUMINIO TIPO PRENSA CABO, BITOLA 1/2\", PARA CABOS DE DIAMETRO DE 12,5 A 15 MM","UN    ","CR","7,71"]
[1600,"CONECTOR DE ALUMINIO TIPO PRENSA CABO, BITOLA 1\", PARA CABOS DE DIAMETRO DE 22,5 A 25 MM","UN    ","CR","11,37"]
[1603,"CONECTOR DE ALUMINIO TIPO PRENSA CABO, BITOLA 2\", PARA CABOS DE DIAMETRO DE 47,5 A 50 MM","UN    ","CR","44,12"]
[1599,"CONECTOR DE ALUMINIO TIPO PRENSA CABO, BITOLA 3/4\", PARA CABOS DE DIAMETRO DE 17,5 A 20 MM","UN    ","CR","8,94"]
[1597,"CONECTOR DE ALUMINIO TIPO PRENSA CABO, BITOLA 3/8\", PARA CABOS DE DIAMETRO DE 9 A 10 MM","UN    ","CR","7,24"]
[39600,"CONECTOR FEMEA RJ - 45, CATEGORIA 5 E","UN    ","CR","10,05"]
[39601,"CONECTOR FEMEA RJ - 45, CATEGORIA 6","UN    ","CR","17,47"]
[39602,"CONECTOR MACHO RJ - 45, CATEGORIA 5 E","UN    ","CR","1,15"]
[39603,"CONECTOR MACHO RJ - 45, CATEGORIA 6","UN    ","CR","1,97"]
[11821,"CONECTOR METALICO TIPO PARAFUSO FENDIDO (SPLIT BOLT), COM SEPARADOR DE CABOS BIMETALICOS, PARA CABOS ATE 25 MM2","UN    ","CR","5,95"]
[1562,"CONECTOR METALICO TIPO PARAFUSO FENDIDO (SPLIT BOLT), COM SEPARADOR DE CABOS BIMETALICOS, PARA CABOS ATE 50 MM2","UN    ","CR","9,75"]
[1563,"CONECTOR METALICO TIPO PARAFUSO FENDIDO (SPLIT BOLT), COM SEPARADOR DE CABOS BIMETALICOS, PARA CABOS ATE 70 MM2","UN    ","CR","13,08"]
[11856,"CONECTOR METALICO TIPO PARAFUSO FENDIDO (SPLIT BOLT), PARA CABOS ATE 10 MM2","UN    ","C ","3,90"]
[11857,"CONECTOR METALICO TIPO PARAFUSO FENDIDO (SPLIT BOLT), PARA CABOS ATE 120 MM2","UN    ","CR","20,52"]
[11858,"CONECTOR METALICO TIPO PARAFUSO FENDIDO (SPLIT BOLT), PARA CABOS ATE 150 MM2","UN    ","CR","25,47"]
[1539,"CONECTOR METALICO TIPO PARAFUSO FENDIDO (SPLIT BOLT), PARA CABOS ATE 16 MM2","UN    ","CR","4,58"]
[11859,"CONECTOR METALICO TIPO PARAFUSO FENDIDO (SPLIT BOLT), PARA CABOS ATE 185 MM2","UN    ","CR","34,66"]
[1550,"CONECTOR METALICO TIPO PARAFUSO FENDIDO (SPLIT BOLT), PARA CABOS ATE 25 MM2","UN    ","CR","4,83"]
[11854,"CONECTOR METALICO TIPO PARAFUSO FENDIDO (SPLIT BOLT), PARA CABOS ATE 35 MM2","UN    ","CR","6,04"]
[11862,"CONECTOR METALICO TIPO PARAFUSO FENDIDO (SPLIT BOLT), PARA CABOS ATE 50 MM2","UN    ","CR","8,47"]
[11863,"CONECTOR METALICO TIPO PARAFUSO FENDIDO (SPLIT BOLT), PARA CABOS ATE 6 MM2","UN    ","CR","3,42"]
[11855,"CONECTOR METALICO TIPO PARAFUSO FENDIDO (SPLIT BOLT), PARA CABOS ATE 70 MM2","UN    ","CR","12,65"]
[11864,"CONECTOR METALICO TIPO PARAFUSO FENDIDO (SPLIT BOLT), PARA CABOS ATE 95 MM2","UN    ","CR","19,12"]
[2527,"CONECTOR RETO DE ALUMINIO PARA ELETRODUTO DE 1 1/2\", PARA ADAPTAR ENTRADA DE ELETRODUTO METALICO FLEXIVEL EM QUADROS","UN    ","CR","5,57"]
[2526,"CONECTOR RETO DE ALUMINIO PARA ELETRODUTO DE 1 1/4\", PARA ADAPTAR ENTRADA DE ELETRODUTO METALICO FLEXIVEL EM QUADROS","UN    ","CR","3,57"]
[2487,"CONECTOR RETO DE ALUMINIO PARA ELETRODUTO DE 1/2\", PARA ADAPTAR ENTRADA DE ELETRODUTO METALICO FLEXIVEL EM QUADROS","UN    ","CR","1,22"]
[2483,"CONECTOR RETO DE ALUMINIO PARA ELETRODUTO DE 1\", PARA ADAPTAR ENTRADA DE ELETRODUTO METALICO FLEXIVEL EM QUADROS","UN    ","CR","2,54"]
[2528,"CONECTOR RETO DE ALUMINIO PARA ELETRODUTO DE 2 1/2\", PARA ADAPTAR ENTRADA DE ELETRODUTO METALICO FLEXIVEL EM QUADROS","UN    ","CR","14,03"]
[2489,"CONECTOR RETO DE ALUMINIO PARA ELETRODUTO DE 2\", PARA ADAPTAR ENTRADA DE ELETRODUTO METALICO FLEXIVEL EM QUADROS","UN    ","CR","6,18"]
[2488,"CONECTOR RETO DE ALUMINIO PARA ELETRODUTO DE 3/4\", PARA ADAPTAR ENTRADA DE ELETRODUTO METALICO FLEXIVEL EM QUADROS","UN    ","CR","1,43"]
[2484,"CONECTOR RETO DE ALUMINIO PARA ELETRODUTO DE 3\", PARA ADAPTAR ENTRADA DE ELETRODUTO METALICO FLEXIVEL EM QUADROS","UN    ","CR","20,39"]
[2485,"CONECTOR RETO DE ALUMINIO PARA ELETRODUTO DE 4\", PARA ADAPTAR ENTRADA DE ELETRODUTO METALICO FLEXIVEL EM QUADROS","UN    ","CR","31,95"]
[38005,"CONECTOR, CPVC, SOLDAVEL, 15 MM X 1/2\", PARA AGUA QUENTE","UN    ","AS","13,34"]
[38006,"CONECTOR, CPVC, SOLDAVEL, 22 MM X 1/2\", PARA AGUA QUENTE","UN    ","AS","16,37"]
[38428,"CONECTOR, CPVC, SOLDAVEL, 22 MM X 3/4\", PARA AGUA QUENTE","UN    ","AS","15,34"]
[38007,"CONECTOR, CPVC, SOLDAVEL, 28 MM X 1\", PARA AGUA QUENTE","UN    ","AS","25,06"]
[38008,"CONECTOR, CPVC, SOLDAVEL, 35 MM X 1 1/4\", PARA AGUA QUENTE","UN    ","AS","100,92"]
[38009,"CONECTOR, CPVC, SOLDAVEL, 42 MM X 1 1/2\", PARA AGUA QUENTE","UN    ","AS","123,34"]
[39279,"CONEXAO FIXA, ROSCA FEMEA, EM PLASTICO, DN 16 MM X 1/2\", PARA CONEXAO COM CRIMPAGEM EM TUBO PEX","UN    ","AS","10,52"]
[38845,"CONEXAO FIXA, ROSCA FEMEA, EM PLASTICO, DN 16 MM X 3/4\", PARA CONEXAO COM CRIMPAGEM EM TUBO PEX","UN    ","AS","15,23"]
[39280,"CONEXAO FIXA, ROSCA FEMEA, EM PLASTICO, DN 20 MM X 1/2\", PARA CONEXAO COM CRIMPAGEM EM TUBO PEX","UN    ","AS","13,65"]
[39281,"CONEXAO FIXA, ROSCA FEMEA, EM PLASTICO, DN 20 MM X 3/4\", PARA CONEXAO COM CRIMPAGEM EM TUBO PEX","UN    ","AS","17,96"]
[38849,"CONEXAO FIXA, ROSCA FEMEA, EM PLASTICO, DN 25 MM X 1/2\", PARA CONEXAO COM CRIMPAGEM EM TUBO PEX","UN    ","AS","15,39"]
[39282,"CONEXAO FIXA, ROSCA FEMEA, EM PLASTICO, DN 25 MM X 3/4\", PARA CONEXAO COM CRIMPAGEM EM TUBO PEX","UN    ","AS","18,39"]
[38852,"CONEXAO FIXA, ROSCA FEMEA, EM PLASTICO, DN 32 MM X 3/4\", PARA CONEXAO COM CRIMPAGEM EM TUBO PEX","UN    ","AS","25,02"]
[38844,"CONEXAO FIXA, ROSCA FEMEA, METALICA, COM ANEL DESLIZANTE, DN 16 MM X 1/2\", PARA TUBO PEX","UN    ","AS","7,69"]
[38846,"CONEXAO FIXA, ROSCA FEMEA, METALICA, COM ANEL DESLIZANTE, DN 20 MM X 1/2\", PARA TUBO PEX","UN    ","AS","8,41"]
[38847,"CONEXAO FIXA, ROSCA FEMEA, METALICA, COM ANEL DESLIZANTE, DN 20 MM X 3/4\", PARA TUBO PEX","UN    ","AS","10,35"]
[38850,"CONEXAO FIXA, ROSCA FEMEA, METALICA, COM ANEL DESLIZANTE, DN 25 MM X 1\", PARA TUBO PEX","UN    ","AS","14,38"]
[38848,"CONEXAO FIXA, ROSCA FEMEA, METALICA, COM ANEL DESLIZANTE, DN 25 MM X 3/4\", PARA TUBO PEX","UN    ","AS","12,03"]
[38851,"CONEXAO FIXA, ROSCA FEMEA, METALICA, COM ANEL DESLIZANTE, DN 32 MM X 1\", PARA TUBO PEX","UN    ","AS","21,86"]
[38860,"CONEXAO FIXA, ROSCA MACHO, METALICA, PARA TUBO PEX, DN 16 MM X 1/2\"","UN    ","AS","6,18"]
[38861,"CONEXAO FIXA, ROSCA MACHO, METALICA, PARA TUBO PEX, DN 16 MM X 3/4\"","UN    ","AS","8,32"]
[38862,"CONEXAO FIXA, ROSCA MACHO, METALICA, PARA TUBO PEX, DN 20 MM X 1/2\"","UN    ","AS","7,01"]
[38863,"CONEXAO FIXA, ROSCA MACHO, METALICA, PARA TUBO PEX, DN 20 MM X 3/4\"","UN    ","AS","8,05"]
[38865,"CONEXAO FIXA, ROSCA MACHO, METALICA, PARA TUBO PEX, DN 25 MM X 1/2\"","UN    ","AS","10,94"]
[38864,"CONEXAO FIXA, ROSCA MACHO, METALICA, PARA TUBO PEX, DN 25 MM X 1\"","UN    ","AS","16,72"]
[38866,"CONEXAO FIXA, ROSCA MACHO, METALICA, PARA TUBO PEX, DN 25 MM X 3/4\"","UN    ","AS","11,77"]
[38868,"CONEXAO FIXA, ROSCA MACHO, METALICA, PARA TUBO PEX, DN 32 MM X 1\"","UN    ","AS","19,62"]
[38853,"CONEXAO MOVEL, ROSCA FEMEA, METALICA, COM ANEL DESLIZANTE, PARA TUBO PEX, DN 16 MM X 1/2\"","UN    ","AS","6,34"]
[38854,"CONEXAO MOVEL, ROSCA FEMEA, METALICA, COM ANEL DESLIZANTE, PARA TUBO PEX, DN 16 MM X 3/4\"","UN    ","AS","8,66"]
[38855,"CONEXAO MOVEL, ROSCA FEMEA, METALICA, COM ANEL DESLIZANTE, PARA TUBO PEX, DN 20 MM X 1/2\"","UN    ","AS","6,42"]
[38856,"CONEXAO MOVEL, ROSCA FEMEA, METALICA, COM ANEL DESLIZANTE, PARA TUBO PEX, DN 20 MM X 3/4\"","UN    ","AS","10,32"]
[38857,"CONEXAO MOVEL, ROSCA FEMEA, METALICA, COM ANEL DESLIZANTE, PARA TUBO PEX, DN 25 MM X 1\"","UN    ","AS","13,65"]
[38858,"CONEXAO MOVEL, ROSCA FEMEA, METALICA, COM ANEL DESLIZANTE, PARA TUBO PEX, DN 25 MM X 3/4\"","UN    ","AS","12,41"]
[38859,"CONEXAO MOVEL, ROSCA FEMEA, METALICA, COM ANEL DESLIZANTE, PARA TUBO PEX, DN 32 MM X 1\"","UN    ","AS","20,10"]
[1607,"CONJUNTO ARRUELAS DE VEDACAO 5/16\" PARA TELHA FIBROCIMENTO (UMA ARRUELA METALICA E UMA ARRUELA PVC - CONICAS)","CJ    ","CR","0,17"]
[11467,"CONJUNTO DE FECHADURA DE SOBREPOR EM FERRO PINTADO, SEM MACANETA, COM CHAVE GRANDE (SEM CILINDRO) - TIPO CAIXAO - COMPLETA","UN    ","CR","13,03"]
[38169,"CONJUNTO DE FERRAGENS PIVO, PARA PORTA PIVOTANTE DE ATE 100 KG, REGULAVEL COM ESFERA , CROMADO - SUPERIOR E INFERIOR - COMPLETO","CJ    ","CR","55,33"]
[6142,"CONJUNTO DE LIGACAO PARA BACIA SANITARIA AJUSTAVEL, EM PLASTICO BRANCO, COM TUBO, CANOPLA E ESPUDE","UN    ","CR","4,98"]
[11686,"CONJUNTO DE LIGACAO PARA BACIA SANITARIA EM PLASTICO BRANCO COM TUBO, CANOPLA E ANEL DE EXPANSAO (TUBO 1.1/2 '' X 20 CM)","UN    ","CR","6,92"]
[37598,"CONJUNTO MONTADO ESTOPIM COM ESPOLETA COMUM NUMERO 8, COM CABECA ACENDEDORA, 1,5 M","UN    ","AS","27,95"]
[25398,"CONJUNTO PARA FUTSAL COM TRAVES OFICIAIS DE 3,00 X 2,00 M EM TUBO DE ACO GALVANIZADO 3\" COM REQUADRO EM TUBO DE 1\", PINTURA EM PRIMER COM TINTA ESMALTE SINTETICO E REDES DE POLIETILENO FIO 4 MM","UN    ","AS","2.122,51"]
[25399,"CONJUNTO PARA QUADRA DE  VOLEI COM POSTES EM TUBO DE ACO GALVANIZADO 3\", H = *255* CM, PINTURA EM TINTA ESMALTE SINTETICO, REDE DE NYLON COM 2 MM, MALHA 10 X 10 CM E ANTENAS OFICIAIS EM FIBRA DE VIDRO","UN    ","AS","1.288,55"]
[43440,"CONJUNTO PRE-MOLDADO COMPOSTO POR GRELHA (0,99 X 0,45 M), QUADRO (1,10 X 0,52 M) E CANTONEIRA (1,10 X 0,35 M), EM CONCRETO ARMADO, COM FCK DE 21 MPA","UN    ","CR","304,04"]
[10667,"CONTAINER ALMOXARIFADO, DE *2,40* X *6,00* M, PADRAO SIMPLES, SEM REVESTIMENTO E SEM DIVISORIAS INTERNOS E SEM SANITARIO, PARA USO EM CANTEIRO DE OBRAS","UN    ","AS","11.245,00"]
[1613,"CONTATOR TRIPOLAR, CORRENTE DE *110* A, TENSAO NOMINAL DE *500* V, CATEGORIA AC-2 E AC-3","UN    ","CR","1.308,74"]
[1626,"CONTATOR TRIPOLAR, CORRENTE DE *185* A, TENSAO NOMINAL DE *500* V, CATEGORIA AC-2 E AC-3","UN    ","CR","1.957,39"]
[1625,"CONTATOR TRIPOLAR, CORRENTE DE *22* A, TENSAO NOMINAL DE *500* V, CATEGORIA AC-2 E AC-3","UN    ","CR","136,71"]
[1622,"CONTATOR TRIPOLAR, CORRENTE DE *265* A, TENSAO NOMINAL DE *500* V, CATEGORIA AC-2 E AC-3","UN    ","CR","4.417,03"]
[1620,"CONTATOR TRIPOLAR, CORRENTE DE *38* A, TENSAO NOMINAL DE *500* V, CATEGORIA AC-2 E AC-3","UN    ","CR","287,99"]
[1629,"CONTATOR TRIPOLAR, CORRENTE DE *500* A, TENSAO NOMINAL DE *500* V, CATEGORIA AC-2 E AC-3","UN    ","CR","10.749,99"]
[1627,"CONTATOR TRIPOLAR, CORRENTE DE *65* A, TENSAO NOMINAL DE *500* V, CATEGORIA AC-2 E AC-3","UN    ","CR","550,49"]
[1623,"CONTATOR TRIPOLAR, CORRENTE DE 12 A, TENSAO NOMINAL DE *500* V, CATEGORIA AC-2 E AC-3","UN    ","CR","111,49"]
[1619,"CONTATOR TRIPOLAR, CORRENTE DE 25 A, TENSAO NOMINAL DE *500* V, CATEGORIA AC-2 E AC-3","UN    ","CR","153,37"]
[1630,"CONTATOR TRIPOLAR, CORRENTE DE 250 A, TENSAO NOMINAL DE *500* V, PARA ACIONAMENTO DE CAPACITORES","UN    ","CR","3.376,91"]
[1616,"CONTATOR TRIPOLAR, CORRENTE DE 300 A, TENSAO NOMINAL DE *500* V, CATEGORIA AC-2 E AC-3","UN    ","CR","5.193,74"]
[1614,"CONTATOR TRIPOLAR, CORRENTE DE 32 A, TENSAO NOMINAL DE *500* V, CATEGORIA AC-2 E AC-3","UN    ","CR","237,37"]
[1617,"CONTATOR TRIPOLAR, CORRENTE DE 400 A, TENSAO NOMINAL DE *500* V, CATEGORIA AC-2 E AC-3","UN    ","CR","6.200,21"]
[1621,"CONTATOR TRIPOLAR, CORRENTE DE 45 A, TENSAO NOMINAL DE *500* V, CATEGORIA AC-2 E AC-3","UN    ","CR","424,53"]
[1624,"CONTATOR TRIPOLAR, CORRENTE DE 630 A, TENSAO NOMINAL DE *500* V, CATEGORIA AC-2 E AC-3","UN    ","CR","15.240,41"]
[1615,"CONTATOR TRIPOLAR, CORRENTE DE 75 A, TENSAO NOMINAL DE *500* V, CATEGORIA AC-2 E AC-3","UN    ","CR","797,21"]
[1612,"CONTATOR TRIPOLAR, CORRENTE DE 9 A, TENSAO NOMINAL DE *500* V, CATEGORIA AC-2 E AC-3","UN    ","C ","105,00"]
[1618,"CONTATOR TRIPOLAR, CORRENTE DE 95 A, TENSAO NOMINAL DE *500* V, CATEGORIA AC-2 E AC-3","UN    ","CR","1.095,48"]
[14211,"CONTRA-PORCA SEXTAVADA, DIAMETRO NOMINAL 1 3/8\", ALTURA 35 MM","UN    ","CR","31,04"]
[34500,"COORDENADOR / GERENTE DE OBRA","H     ","CR","126,60"]
[40934,"COORDENADOR / GERENTE DE OBRA (MENSALISTA)","MES   ","CR","22.193,16"]
[5328,"CORANTE LIQUIDO PARA TINTA PVA, BISNAGA 50 ML","UN    ","CR","4,74"]
[38200,"CORDA DE POLIAMIDA 12 MM TIPO BOMBEIRO, PARA TRABALHO EM ALTURA","100M  ","CR","502,80"]
[39269,"CORDAO DE COBRE, FLEXIVEL, TORCIDO, CLASSE 4 OU 5, ISOLACAO EM PVC/D, 300 V, 2 CONDUTORES DE 0,5 MM2","M     ","CR","0,94"]
[11889,"CORDAO DE COBRE, FLEXIVEL, TORCIDO, CLASSE 4 OU 5, ISOLACAO EM PVC/D, 300 V, 2 CONDUTORES DE 0,75 MM2","M     ","CR","1,31"]
[39270,"CORDAO DE COBRE, FLEXIVEL, TORCIDO, CLASSE 4 OU 5, ISOLACAO EM PVC/D, 300 V, 2 CONDUTORES DE 1,0 MM2","M     ","CR","1,56"]
[11890,"CORDAO DE COBRE, FLEXIVEL, TORCIDO, CLASSE 4 OU 5, ISOLACAO EM PVC/D, 300 V, 2 CONDUTORES DE 1,5 MM2","M     ","CR","2,03"]
[11891,"CORDAO DE COBRE, FLEXIVEL, TORCIDO, CLASSE 4 OU 5, ISOLACAO EM PVC/D, 300 V, 2 CONDUTORES DE 2,5 MM2","M     ","CR","3,35"]
[11892,"CORDAO DE COBRE, FLEXIVEL, TORCIDO, CLASSE 4 OU 5, ISOLACAO EM PVC/D, 300 V, 2 CONDUTORES DE 4 MM2","M     ","CR","5,16"]
[37601,"CORDEL DETONANTE, NP 05 G/M","M     ","AS","6,21"]
[1634,"CORDEL DETONANTE, NP 10 G/M","M     ","AS","6,41"]
[5086,"CORRENTE DE ELO CURTO COMUM, SOLDADA, GALVANIZADA, ESPESSURA DO ELO = 1/2\" (12,5 MM)","KG    ","CR","22,90"]
[11280,"CORTADEIRA DE PISO DE CONCRETO E ASFALTO, PARA DISCO PADRAO DE DIAMETRO 350 MM (14\") OU 450 MM (18\") , MOTOR A GASOLINA, POTENCIA 13 HP, SEM DISCO","UN    ","CR","10.513,64"]
[40519,"CORTADEIRA HIDRAULICA DE VERGALHAO, PARA ACO DE DIAMETRO ATE 50 MM, MOTOR ELETRICO TRIFASICO, POTENCIA DE 5,5 HP A 7,5 HP","UN    ","CR","86.670,86"]
[39869,"COTOVELO BRONZE/LATAO (REF 707-3) SEM ANEL DE SOLDA, BOLSA X ROSCA F, 15MM X 1/2\"","UN    ","AS","9,64"]
[39870,"COTOVELO BRONZE/LATAO (REF 707-3) SEM ANEL DE SOLDA, BOLSA X ROSCA F, 22MM X 1/2\"","UN    ","AS","14,75"]
[39871,"COTOVELO BRONZE/LATAO (REF 707-3) SEM ANEL DE SOLDA, BOLSA X ROSCA F, 22MM X 3/4\"","UN    ","AS","16,54"]
[12722,"COTOVELO DE COBRE 90 GRAUS (REF 607) SEM ANEL DE SOLDA, BOLSA X BOLSA, 104 MM","UN    ","AS","553,42"]
[12714,"COTOVELO DE COBRE 90 GRAUS (REF 607) SEM ANEL DE SOLDA, BOLSA X BOLSA, 15 MM","UN    ","AS","3,61"]
[12715,"COTOVELO DE COBRE 90 GRAUS (REF 607) SEM ANEL DE SOLDA, BOLSA X BOLSA, 22 MM","UN    ","AS","8,15"]
[12716,"COTOVELO DE COBRE 90 GRAUS (REF 607) SEM ANEL DE SOLDA, BOLSA X BOLSA, 28 MM","UN    ","AS","14,01"]
[12717,"COTOVELO DE COBRE 90 GRAUS (REF 607) SEM ANEL DE SOLDA, BOLSA X BOLSA, 35 MM","UN    ","AS","27,53"]
[12718,"COTOVELO DE COBRE 90 GRAUS (REF 607) SEM ANEL DE SOLDA, BOLSA X BOLSA, 42 MM","UN    ","AS","42,25"]
[12719,"COTOVELO DE COBRE 90 GRAUS (REF 607) SEM ANEL DE SOLDA, BOLSA X BOLSA, 54 MM","UN    ","AS","67,07"]
[12720,"COTOVELO DE COBRE 90 GRAUS (REF 607) SEM ANEL DE SOLDA, BOLSA X BOLSA, 66 MM","UN    ","AS","233,56"]
[12721,"COTOVELO DE COBRE 90 GRAUS (REF 607) SEM ANEL DE SOLDA, BOLSA X BOLSA, 79 MM","UN    ","AS","223,96"]
[3468,"COTOVELO DE REDUCAO 90 GRAUS DE FERRO GALVANIZADO, COM ROSCA BSP, DE 1 1/2\" X 1\"","UN    ","AS","25,49"]
[3465,"COTOVELO DE REDUCAO 90 GRAUS DE FERRO GALVANIZADO, COM ROSCA BSP, DE 1 1/2\" X 3/4\"","UN    ","AS","25,49"]
[12403,"COTOVELO DE REDUCAO 90 GRAUS DE FERRO GALVANIZADO, COM ROSCA BSP, DE 1 1/4\" X 1\"","UN    ","AS","18,16"]
[3463,"COTOVELO DE REDUCAO 90 GRAUS DE FERRO GALVANIZADO, COM ROSCA BSP, DE 1\" X 1/2\"","UN    ","AS","10,61"]
[3464,"COTOVELO DE REDUCAO 90 GRAUS DE FERRO GALVANIZADO, COM ROSCA BSP, DE 1\" X 3/4\"","UN    ","AS","10,61"]
[3466,"COTOVELO DE REDUCAO 90 GRAUS DE FERRO GALVANIZADO, COM ROSCA BSP, DE 2 1/2\" X 2\"","UN    ","AS","64,73"]
[3467,"COTOVELO DE REDUCAO 90 GRAUS DE FERRO GALVANIZADO, COM ROSCA BSP, DE 2\" X 1 1/2\"","UN    ","AS","36,56"]
[3462,"COTOVELO DE REDUCAO 90 GRAUS DE FERRO GALVANIZADO, COM ROSCA BSP, DE 3/4\" X 1/2\"","UN    ","AS","7,00"]
[3446,"COTOVELO 45 GRAUS DE FERRO GALVANIZADO, COM ROSCA BSP, DE 1 1/2\"","UN    ","AS","21,55"]
[3445,"COTOVELO 45 GRAUS DE FERRO GALVANIZADO, COM ROSCA BSP, DE 1 1/4\"","UN    ","AS","17,59"]
[3441,"COTOVELO 45 GRAUS DE FERRO GALVANIZADO, COM ROSCA BSP, DE 1/2\"","UN    ","AS","4,96"]
[3444,"COTOVELO 45 GRAUS DE FERRO GALVANIZADO, COM ROSCA BSP, DE 1\"","UN    ","AS","10,83"]
[12402,"COTOVELO 45 GRAUS DE FERRO GALVANIZADO, COM ROSCA BSP, DE 2 1/2\"","UN    ","AS","60,58"]
[3447,"COTOVELO 45 GRAUS DE FERRO GALVANIZADO, COM ROSCA BSP, DE 2\"","UN    ","AS","31,34"]
[3442,"COTOVELO 45 GRAUS DE FERRO GALVANIZADO, COM ROSCA BSP, DE 3/4\"","UN    ","AS","7,42"]
[3448,"COTOVELO 45 GRAUS DE FERRO GALVANIZADO, COM ROSCA BSP, DE 3\"","UN    ","AS","88,57"]
[3449,"COTOVELO 45 GRAUS DE FERRO GALVANIZADO, COM ROSCA BSP, DE 4\"","UN    ","AS","155,20"]
[37438,"COTOVELO 45 GRAUS, PEAD PE 100, DE 125 MM, PARA ELETROFUSAO","UN    ","AS","169,71"]
[37439,"COTOVELO 45 GRAUS, PEAD PE 100, DE 200 MM, PARA ELETROFUSAO","UN    ","AS","1.109,54"]
[37435,"COTOVELO 45 GRAUS, PEAD PE 100, DE 32 MM, PARA ELETROFUSAO","UN    ","AS","19,94"]
[37436,"COTOVELO 45 GRAUS, PEAD PE 100, DE 40 MM, PARA ELETROFUSAO","UN    ","AS","23,53"]
[37437,"COTOVELO 45 GRAUS, PEAD PE 100, DE 63 MM, PARA ELETROFUSAO","UN    ","AS","34,04"]
[3473,"COTOVELO 90 GRAUS DE FERRO GALVANIZADO, COM ROSCA BSP MACHO/FEMEA, DE 1 1/2\"","UN    ","AS","24,37"]
[3474,"COTOVELO 90 GRAUS DE FERRO GALVANIZADO, COM ROSCA BSP MACHO/FEMEA, DE 1 1/4\"","UN    ","AS","20,08"]
[3450,"COTOVELO 90 GRAUS DE FERRO GALVANIZADO, COM ROSCA BSP MACHO/FEMEA, DE 1/2\"","UN    ","AS","5,82"]
[3443,"COTOVELO 90 GRAUS DE FERRO GALVANIZADO, COM ROSCA BSP MACHO/FEMEA, DE 1\"","UN    ","AS","12,49"]
[3453,"COTOVELO 90 GRAUS DE FERRO GALVANIZADO, COM ROSCA BSP MACHO/FEMEA, DE 2 1/2\"","UN    ","AS","71,13"]
[3452,"COTOVELO 90 GRAUS DE FERRO GALVANIZADO, COM ROSCA BSP MACHO/FEMEA, DE 2\"","UN    ","AS","35,11"]
[3451,"COTOVELO 90 GRAUS DE FERRO GALVANIZADO, COM ROSCA BSP MACHO/FEMEA, DE 3/4\"","UN    ","AS","6,96"]
[3454,"COTOVELO 90 GRAUS DE FERRO GALVANIZADO, COM ROSCA BSP MACHO/FEMEA, DE 3\"","UN    ","AS","108,18"]
[3458,"COTOVELO 90 GRAUS DE FERRO GALVANIZADO, COM ROSCA BSP, DE 1 1/2\"","UN    ","AS","19,53"]
[3457,"COTOVELO 90 GRAUS DE FERRO GALVANIZADO, COM ROSCA BSP, DE 1 1/4\"","UN    ","AS","14,66"]
[3455,"COTOVELO 90 GRAUS DE FERRO GALVANIZADO, COM ROSCA BSP, DE 1/2\"","UN    ","AS","4,16"]
[3472,"COTOVELO 90 GRAUS DE FERRO GALVANIZADO, COM ROSCA BSP, DE 1\"","UN    ","AS","9,35"]
[3470,"COTOVELO 90 GRAUS DE FERRO GALVANIZADO, COM ROSCA BSP, DE 2 1/2\"","UN    ","AS","54,54"]
[3471,"COTOVELO 90 GRAUS DE FERRO GALVANIZADO, COM ROSCA BSP, DE 2\"","UN    ","AS","29,97"]
[3456,"COTOVELO 90 GRAUS DE FERRO GALVANIZADO, COM ROSCA BSP, DE 3/4\"","UN    ","AS","6,23"]
[3459,"COTOVELO 90 GRAUS DE FERRO GALVANIZADO, COM ROSCA BSP, DE 3\"","UN    ","AS","76,93"]
[3469,"COTOVELO 90 GRAUS DE FERRO GALVANIZADO, COM ROSCA BSP, DE 4\"","UN    ","AS","146,30"]
[3460,"COTOVELO 90 GRAUS DE FERRO GALVANIZADO, COM ROSCA BSP, DE 5\"","UN    ","AS","213,48"]
[3461,"COTOVELO 90 GRAUS DE FERRO GALVANIZADO, COM ROSCA BSP, DE 6\"","UN    ","AS","545,64"]
[37433,"COTOVELO 90 GRAUS, PEAD PE 100, DE 125 MM, PARA ELETROFUSAO","UN    ","AS","169,71"]
[37430,"COTOVELO 90 GRAUS, PEAD PE 100, DE 20 MM, PARA ELETROFUSAO","UN    ","AS","21,26"]
[37434,"COTOVELO 90 GRAUS, PEAD PE 100, DE 200 MM, PARA ELETROFUSAO","UN    ","AS","1.582,36"]
[37431,"COTOVELO 90 GRAUS, PEAD PE 100, DE 32 MM, PARA ELETROFUSAO","UN    ","AS","28,85"]
[37432,"COTOVELO 90 GRAUS, PEAD PE 100, DE 63 MM, PARA ELETROFUSAO","UN    ","AS","53,21"]
[37413,"COTOVELO/JOELHO COM ADAPTADOR, 90 GRAUS, EM POLIPROPILENO, PN 16, PARA TUBOS PEAD, 20 MM X 1/2\" - LIGACAO PREDIAL DE AGUA","UN    ","AS","3,46"]
[37414,"COTOVELO/JOELHO COM ADAPTADOR, 90 GRAUS, EM POLIPROPILENO, PN 16, PARA TUBOS PEAD, 20 MM X 3/4\" - LIGACAO PREDIAL DE AGUA","UN    ","AS","3,93"]
[37415,"COTOVELO/JOELHO COM ADAPTADOR, 90 GRAUS, EM POLIPROPILENO, PN 16, PARA TUBOS PEAD, 32 MM X 1\" - LIGACAO PREDIAL DE AGUA","UN    ","AS","7,15"]
[37416,"COTOVELO/JOELHO 90 GRAUS, EM POLIPROPILENO, PN 16, PARA TUBOS PEAD, 20 X 20 MM - LIGACAO PREDIAL DE AGUA","UN    ","AS","3,24"]
[37417,"COTOVELO/JOELHO 90 GRAUS, EM POLIPROPILENO, PN 16, PARA TUBOS PEAD, 32 X 32 MM - LIGACAO PREDIAL DE AGUA","UN    ","AS","4,66"]
[34519,"CRUZETA DE CONCRETO LEVE, COMP. 2000 MM SECAO, 90 X 90 MM","UN    ","CR","82,54"]
[10510,"CRUZETA DE EUCALIPTO TRATADO, OU EQUIVALENTE DA REGIAO, *2,4* M, SECAO *9 X 11,5* CM","UN    ","AS","75,85"]
[1649,"CRUZETA DE FERRO GALVANIZADO, COM ROSCA BSP, DE 1 1/2\"","UN    ","AS","46,06"]
[1653,"CRUZETA DE FERRO GALVANIZADO, COM ROSCA BSP, DE 1 1/4\"","UN    ","AS","36,08"]
[1647,"CRUZETA DE FERRO GALVANIZADO, COM ROSCA BSP, DE 1/2\"","UN    ","AS","12,92"]
[1648,"CRUZETA DE FERRO GALVANIZADO, COM ROSCA BSP, DE 1\"","UN    ","AS","24,81"]
[1651,"CRUZETA DE FERRO GALVANIZADO, COM ROSCA BSP, DE 2 1/2\"","UN    ","AS","115,09"]
[1650,"CRUZETA DE FERRO GALVANIZADO, COM ROSCA BSP, DE 2\"","UN    ","AS","63,61"]
[1654,"CRUZETA DE FERRO GALVANIZADO, COM ROSCA BSP, DE 3/4\"","UN    ","AS","17,73"]
[1652,"CRUZETA DE FERRO GALVANIZADO, COM ROSCA BSP, DE 3\"","UN    ","AS","165,18"]
[1747,"CUBA ACO INOX (AISI 304) DE EMBUTIR COM VALVULA DE 3 1/2 \", DE *56 X 33 X 12* CM","UN    ","CR","122,04"]
[1744,"CUBA ACO INOX (AISI 304) DE EMBUTIR COM VALVULA 3 1/2 \", DE *40 X 34 X 12* CM","UN    ","CR","84,53"]
[1743,"CUBA ACO INOX (AISI 304) DE EMBUTIR COM VALVULA 3 1/2 \", DE *46 X 30 X 12* CM","UN    ","CR","111,01"]
[39640,"CUMEEIRA ARTICULADA (ABA INFERIOR) PARA TELHA ONDULADA DE FIBROCIMENTO E = 4 MM, ABA *330* MM, COMPRIMENTO 500 MM (SEM AMIANTO)","UN    ","CR","8,60"]
[11013,"CUMEEIRA ARTICULADA (ABA INTERNA INFERIOR OU EXTERNA SUPERIOR) PARA TELHA ESTRUTURAL DE FIBROCIMENTO, 1 ABA, E = 6 MM (SEM AMIANTO)","UN    ","CR","17,69"]
[11017,"CUMEEIRA ARTICULADA (ABA SUPERIOR) PARA TELHA ONDULADA DE FIBROCIMENTO E = 4 MM, ABA *330* MM, COMPRIMENTO 500 MM (SEM AMIANTO)","UN    ","CR","7,55"]
[20236,"CUMEEIRA ARTICULADA (PAR) PARA TELHA ONDULADA DE FIBROCIMENTO, E = 6 MM, ABA 350 MM, COMPRIMENTO 1100 MM (SEM AMIANTO)","UN    ","CR","33,25"]
[7215,"CUMEEIRA NORMAL PARA TELHA ESTRUTURAL DE FIBROCIMENTO 1 ABA, E = 6 MM, COMPRIMENTO 608 MM (SEM AMIANTO)","UN    ","CR","28,47"]
[7216,"CUMEEIRA NORMAL PARA TELHA ESTRUTURAL DE FIBROCIMENTO 2 ABAS, E = 6 MM, DE 1050 X 935 MM (SEM AMIANTO)","UN    ","CR","119,00"]
[20235,"CUMEEIRA NORMAL PARA TELHA ONDULADA DE FIBROCIMENTO, E = 6 MM, ABA 300 MM, COMPRIMENTO 1100 MM (SEM AMIANTO)","UN    ","CR","60,16"]
[7181,"CUMEEIRA PARA TELHA CERAMICA, COMPRIMENTO DE *41* CM, RENDIMENTO DE *3* TELHAS/M","UN    ","CR","1,58"]
[40742,"CUMEEIRA PARA TELHA DE CONCRETO, PARA 2 AGUAS DE TELHADO, COR CINZA, RENDIMENTO DE *3* TELHAS/M","UN    ","CR","5,91"]
[7214,"CUMEEIRA SHED PARA TELHA ONDULADA DE FIBROCIMENTO, E = 6 MM, ABA 280 MM, COMPRIMENTO 1100 MM (SEM AMIANTO)","UN    ","CR","40,77"]
[7219,"CUMEEIRA UNIVERSAL PARA TELHA ONDULADA DE FIBROCIMENTO, E = 6 MM, ABA 210 MM, COMPRIMENTO 1100 MM (SEM AMIANTO)","UN    ","CR","42,20"]
[37972,"CURVA CPVC, 90 GRAUS, SOLDAVEL, 22 MM, PARA AGUA QUENTE","UN    ","AS","4,78"]
[37973,"CURVA CPVC, 90 GRAUS, SOLDAVEL, 28 MM, PARA AGUA QUENTE","UN    ","AS","7,65"]
[37971,"CURVA CPVC, 90 GRAUS, SOLDAVEL,15 MM, PARA AGUA QUENTE","UN    ","AS","2,87"]
[20094,"CURVA CURTA PVC, PB, JE, 45 GRAUS, DN 100 MM, PARA REDE COLETORA ESGOTO (NBR 10569)","UN    ","AS","14,12"]
[20095,"CURVA CURTA PVC, PB, JE, 90 GRAUS, DN 100 MM, PARA REDE COLETORA ESGOTO (NBR 10569)","UN    ","AS","17,98"]
[1954,"CURVA DE PVC 45 GRAUS, SOLDAVEL, 110 MM, PARA AGUA FRIA PREDIAL (NBR 5648)","UN    ","CR","91,58"]
[1926,"CURVA DE PVC 45 GRAUS, SOLDAVEL, 20 MM, PARA AGUA FRIA PREDIAL (NBR 5648)","UN    ","CR","1,21"]
[1927,"CURVA DE PVC 45 GRAUS, SOLDAVEL, 25 MM, PARA AGUA FRIA PREDIAL (NBR 5648)","UN    ","CR","1,59"]
[1923,"CURVA DE PVC 45 GRAUS, SOLDAVEL, 32 MM, PARA AGUA FRIA PREDIAL (NBR 5648)","UN    ","CR","2,61"]
[1929,"CURVA DE PVC 45 GRAUS, SOLDAVEL, 40 MM, PARA AGUA FRIA PREDIAL (NBR 5648)","UN    ","CR","4,28"]
[1930,"CURVA DE PVC 45 GRAUS, SOLDAVEL, 50 MM, PARA AGUA FRIA PREDIAL (NBR 5648)","UN    ","CR","8,29"]
[1924,"CURVA DE PVC 45 GRAUS, SOLDAVEL, 60 MM, PARA AGUA FRIA PREDIAL (NBR 5648)","UN    ","CR","14,29"]
[1922,"CURVA DE PVC 45 GRAUS, SOLDAVEL, 75 MM, PARA AGUA FRIA PREDIAL (NBR 5648)","UN    ","CR","21,23"]
[1953,"CURVA DE PVC 45 GRAUS, SOLDAVEL, 85 MM, PARA AGUA FRIA PREDIAL (NBR 5648)","UN    ","CR","37,10"]
[1962,"CURVA DE PVC 90 GRAUS, SOLDAVEL, 110 MM, PARA AGUA FRIA PREDIAL (NBR 5648)","UN    ","CR","121,39"]
[1955,"CURVA DE PVC 90 GRAUS, SOLDAVEL, 20 MM, PARA AGUA FRIA PREDIAL (NBR 5648)","UN    ","CR","1,60"]
[1956,"CURVA DE PVC 90 GRAUS, SOLDAVEL, 25 MM, PARA AGUA FRIA PREDIAL (NBR 5648)","UN    ","CR","2,07"]
[1957,"CURVA DE PVC 90 GRAUS, SOLDAVEL, 32 MM, PARA AGUA FRIA PREDIAL (NBR 5648)","UN    ","CR","4,70"]
[1958,"CURVA DE PVC 90 GRAUS, SOLDAVEL, 40 MM, PARA AGUA FRIA PREDIAL (NBR 5648)","UN    ","CR","8,35"]
[1959,"CURVA DE PVC 90 GRAUS, SOLDAVEL, 50 MM, PARA AGUA FRIA PREDIAL (NBR 5648)","UN    ","CR","10,18"]
[1925,"CURVA DE PVC 90 GRAUS, SOLDAVEL, 60 MM, PARA AGUA FRIA PREDIAL (NBR 5648)","UN    ","CR","25,17"]
[1960,"CURVA DE PVC 90 GRAUS, SOLDAVEL, 75 MM, PARA AGUA FRIA PREDIAL (NBR 5648)","UN    ","CR","35,78"]
[1961,"CURVA DE PVC 90 GRAUS, SOLDAVEL, 85 MM, PARA AGUA FRIA PREDIAL (NBR 5648)","UN    ","CR","51,42"]
[38426,"CURVA DE PVC, 45 GRAUS, SERIE R, DN 100 MM, PARA ESGOTO PREDIAL","UN    ","CR","15,85"]
[38423,"CURVA DE PVC, 90 GRAUS, SERIE R, DN 100 MM, PARA ESGOTO PREDIAL","UN    ","CR","35,96"]
[38421,"CURVA DE PVC, 90 GRAUS, SERIE R, DN 50 MM, PARA ESGOTO PREDIAL","UN    ","CR","16,97"]
[38422,"CURVA DE PVC, 90 GRAUS, SERIE R, DN 75 MM, PARA ESGOTO PREDIAL","UN    ","CR","24,81"]
[39866,"CURVA DE TRANSPOSICAO BRONZE/LATAO (REF 736) SEM ANEL DE SOLDA, BOLSA X BOLSA, 15 MM","UN    ","AS","12,77"]
[39867,"CURVA DE TRANSPOSICAO BRONZE/LATAO (REF 736) SEM ANEL DE SOLDA, BOLSA X BOLSA, 22 MM","UN    ","AS","28,40"]
[39868,"CURVA DE TRANSPOSICAO BRONZE/LATAO (REF 736) SEM ANEL DE SOLDA, BOLSA X BOLSA, 28 MM","UN    ","AS","51,17"]
[37999,"CURVA DE TRANSPOSICAO, CPVC, SOLDAVEL, 15 MM","UN    ","AS","4,58"]
[38000,"CURVA DE TRANSPOSICAO, CPVC, SOLDAVEL, 22 MM","UN    ","AS","6,06"]
[38129,"CURVA DE TRANSPOSICAO, PVC SOLDAVEL, 20 MM, PARA AGUA FRIA PREDIAL","UN    ","CR","2,78"]
[38025,"CURVA DE TRANSPOSICAO, PVC, SOLDAVEL, 25 MM, PARA AGUA FRIA PREDIAL","UN    ","CR","4,64"]
[38026,"CURVA DE TRANSPOSICAO, PVC, SOLDAVEL, 32 MM, PARA AGUA FRIA PREDIAL","UN    ","CR","12,44"]
[1858,"CURVA LONGA PVC, PB, JE, 45 GRAUS, DN 100 MM, PARA REDE COLETORA ESGOTO (NBR 10569)","UN    ","AS","19,77"]
[1844,"CURVA LONGA PVC, PB, JE, 45 GRAUS, DN 150 MM, PARA REDE COLETORA ESGOTO (NBR 10569)","UN    ","AS","72,90"]
[1863,"CURVA LONGA PVC, PB, JE, 90 GRAUS, DN 100 MM, PARA REDE COLETORA ESGOTO (NBR 10569)","UN    ","AS","28,69"]
[1865,"CURVA LONGA PVC, PB, JE, 90 GRAUS, DN 150 MM, PARA REDE COLETORA ESGOTO (NBR 10569)","UN    ","AS","104,68"]
[36355,"CURVA PPR 90 GRAUS, DN 20 MM, PARA AGUA QUENTE PREDIAL","UN    ","CR","5,74"]
[36356,"CURVA PPR 90 GRAUS, DN 25 MM, PARA AGUA QUENTE PREDIAL","UN    ","CR","9,65"]
[1932,"CURVA PVC CURTA 90 G, DN 50 MM, PARA ESGOTO PREDIAL","UN    ","CR","6,12"]
[1933,"CURVA PVC CURTA 90 GRAUS, DN 40 MM, PARA ESGOTO PREDIAL","UN    ","CR","2,69"]
[1951,"CURVA PVC CURTA 90 GRAUS, DN 75 MM, PARA ESGOTO PREDIAL","UN    ","CR","11,98"]
[1966,"CURVA PVC CURTA 90 GRAUS, 100 MM, PARA ESGOTO PREDIAL","UN    ","CR","13,78"]
[1952,"CURVA PVC LEVE, 90 GRAUS, COM PONTA E BOLSA LISA, DN 150 MM","UN    ","CR","51,77"]
[20104,"CURVA PVC LEVE, 90 GRAUS, COM PONTA E BOLSA LISA, DN 250 MM","UN    ","CR","382,56"]
[20105,"CURVA PVC LEVE, 90 GRAUS, COM PONTA E BOLSA LISA, DN 300 MM","UN    ","CR","595,87"]
[1965,"CURVA PVC LONGA 45 GRAUS, 100 MM, PARA ESGOTO PREDIAL","UN    ","CR","27,95"]
[10765,"CURVA PVC LONGA 45G, DN 50 MM, PARA ESGOTO PREDIAL","UN    ","CR","7,06"]
[10767,"CURVA PVC LONGA 45G, DN 75 MM, PARA ESGOTO PREDIAL","UN    ","CR","23,14"]
[1970,"CURVA PVC LONGA 90 GRAUS, 100 MM, PARA ESGOTO PREDIAL","UN    ","CR","29,01"]
[1967,"CURVA PVC LONGA 90 GRAUS, 40 MM, PARA ESGOTO PREDIAL","UN    ","CR","3,22"]
[1968,"CURVA PVC LONGA 90 GRAUS, 50 MM, PARA ESGOTO PREDIAL","UN    ","CR","6,76"]
[1969,"CURVA PVC LONGA 90 GRAUS, 75 MM, PARA ESGOTO PREDIAL","UN    ","CR","19,89"]
[1839,"CURVA PVC PBA, JE, PB, 22 GRAUS, DN 100 / DE 110 MM, PARA REDE AGUA (NBR 10351)","UN    ","AS","112,26"]
[1835,"CURVA PVC PBA, JE, PB, 22 GRAUS, DN 50 / DE 60 MM, PARA REDE AGUA (NBR 10351)","UN    ","AS","23,86"]
[1823,"CURVA PVC PBA, JE, PB, 22 GRAUS, DN 75 / DE 85 MM, PARA REDE AGUA (NBR 10351)","UN    ","AS","46,14"]
[1827,"CURVA PVC PBA, JE, PB, 45 GRAUS, DN 100 / DE 110 MM, PARA REDE AGUA (NBR 10351)","UN    ","AS","111,17"]
[1831,"CURVA PVC PBA, JE, PB, 45 GRAUS, DN 50 / DE 60 MM, PARA REDE AGUA (NBR 10351)","UN    ","AS","24,27"]
[1825,"CURVA PVC PBA, JE, PB, 45 GRAUS, DN 75 / DE 85 MM, PARA REDE AGUA (NBR 10351)","UN    ","AS","59,89"]
[1828,"CURVA PVC PBA, JE, PB, 90 GRAUS, DN 100 / DE 110 MM, PARA REDE AGUA (NBR 10351)","UN    ","AS","135,66"]
[1845,"CURVA PVC PBA, JE, PB, 90 GRAUS, DN 50 / DE 60 MM, PARA REDE AGUA (NBR 10351)","UN    ","AS","30,41"]
[1824,"CURVA PVC PBA, JE, PB, 90 GRAUS, DN 75 / DE 85 MM, PARA REDE AGUA (NBR 10351)","UN    ","AS","71,80"]
[1941,"CURVA PVC 90 GRAUS, ROSCAVEL, 1 1/2\",  AGUA FRIA PREDIAL","UN    ","CR","17,94"]
[1940,"CURVA PVC 90 GRAUS, ROSCAVEL, 1 1/4\",  AGUA FRIA PREDIAL","UN    ","CR","13,56"]
[1937,"CURVA PVC 90 GRAUS, ROSCAVEL, 1/2\",  AGUA FRIA PREDIAL","UN    ","CR","2,81"]
[1939,"CURVA PVC 90 GRAUS, ROSCAVEL, 1\",  AGUA FRIA PREDIAL","UN    ","CR","5,57"]
[1942,"CURVA PVC 90 GRAUS, ROSCAVEL, 2\",  AGUA FRIA PREDIAL","UN    ","CR","25,60"]
[1938,"CURVA PVC 90 GRAUS, ROSCAVEL, 3/4\",  AGUA FRIA PREDIAL","UN    ","CR","3,56"]
[42692,"CURVA PVC, BB, JE, 45 GRAUS, DN 200 MM, PARA TUBO CORRUGADO E/OU LISO, REDE COLETORA ESGOTO (NBR 10569)","UN    ","AS","232,26"]
[42693,"CURVA PVC, BB, JE, 45 GRAUS, DN 250 MM, PARA TUBO CORRUGADO E/OU LISO, REDE COLETORA ESGOTO (NBR 10569)","UN    ","AS","382,05"]
[42695,"CURVA PVC, BB, JE, 90 GRAUS, DN 200 MM, PARA TUBO CORRUGADO E/OU LISO, REDE COLETORA ESGOTO (NBR 10569)","UN    ","AS","290,49"]
[42694,"CURVA PVC, BB, JE, 90 GRAUS, DN 250 MM, PARA TUBO CORRUGADO E/OU LISO, REDE COLETORA ESGOTO (NBR 10569)","UN    ","AS","429,46"]
[20097,"CURVA PVC, SERIE R, 87.30 GRAUS, CURTA, 100 MM, PARA ESGOTO PREDIAL (PARA PE-DE-COLUNA)","UN    ","CR","27,40"]
[20098,"CURVA PVC, SERIE R, 87.30 GRAUS, CURTA, 150 MM, PARA ESGOTO PREDIAL (PARA PE-DE-COLUNA)","UN    ","CR","92,41"]
[20096,"CURVA PVC, SERIE R, 87.30 GRAUS, CURTA, 75 MM, PARA ESGOTO PREDIAL (PARA PE-DE-COLUNA)","UN    ","CR","17,93"]
[1964,"CURVA PVC, 45 GRAUS, CURTA, PB, DN 100 MM, PARA ESGOTO PREDIAL","UN    ","CR","16,57"]
[1880,"CURVA 135 GRAUS, DE PVC RIGIDO ROSCAVEL, DE 1\", PARA ELETRODUTO","UN    ","CR","1,99"]
[39274,"CURVA 135 GRAUS, DE PVC RIGIDO ROSCAVEL, DE 3/4\", PARA ELETRODUTO","UN    ","CR","1,54"]
[2628,"CURVA 135 GRAUS, PARA ELETRODUTO, EM ACO GALVANIZADO ELETROLITICO, DIAMETRO DE 100 MM (4\")","UN    ","AS","174,99"]
[2622,"CURVA 135 GRAUS, PARA ELETRODUTO, EM ACO GALVANIZADO ELETROLITICO, DIAMETRO DE 15 MM (1/2\")","UN    ","AS","4,15"]
[2623,"CURVA 135 GRAUS, PARA ELETRODUTO, EM ACO GALVANIZADO ELETROLITICO, DIAMETRO DE 20 MM (3/4\")","UN    ","AS","5,00"]
[2624,"CURVA 135 GRAUS, PARA ELETRODUTO, EM ACO GALVANIZADO ELETROLITICO, DIAMETRO DE 25 MM (1\")","UN    ","AS","7,95"]
[2625,"CURVA 135 GRAUS, PARA ELETRODUTO, EM ACO GALVANIZADO ELETROLITICO, DIAMETRO DE 32 MM (1 1/4\")","UN    ","AS","16,79"]
[2626,"CURVA 135 GRAUS, PARA ELETRODUTO, EM ACO GALVANIZADO ELETROLITICO, DIAMETRO DE 40 MM (1 1/2\")","UN    ","AS","24,60"]
[2630,"CURVA 135 GRAUS, PARA ELETRODUTO, EM ACO GALVANIZADO ELETROLITICO, DIAMETRO DE 50 MM (2\")","UN    ","AS","37,42"]
[2627,"CURVA 135 GRAUS, PARA ELETRODUTO, EM ACO GALVANIZADO ELETROLITICO, DIAMETRO DE 65 MM (2 1/2\")","UN    ","AS","65,91"]
[2629,"CURVA 135 GRAUS, PARA ELETRODUTO, EM ACO GALVANIZADO ELETROLITICO, DIAMETRO DE 80 MM (3\")","UN    ","AS","89,15"]
[12033,"CURVA 180 GRAUS, DE PVC RIGIDO ROSCAVEL, DE 1 1/2\", PARA ELETRODUTO","UN    ","CR","6,37"]
[40408,"CURVA 180 GRAUS, DE PVC RIGIDO ROSCAVEL, DE 1 1/4\", PARA ELETRODUTO","UN    ","CR","4,18"]
[40409,"CURVA 180 GRAUS, DE PVC RIGIDO ROSCAVEL, DE 1/2\", PARA ELETRODUTO","UN    ","CR","1,48"]
[39276,"CURVA 180 GRAUS, DE PVC RIGIDO ROSCAVEL, DE 1\", PARA ELETRODUTO","UN    ","CR","3,77"]
[39277,"CURVA 180 GRAUS, DE PVC RIGIDO ROSCAVEL, DE 2\", PARA ELETRODUTO","UN    ","CR","10,18"]
[12034,"CURVA 180 GRAUS, DE PVC RIGIDO ROSCAVEL, DE 3/4\", PARA ELETRODUTO","UN    ","CR","2,88"]
[39879,"CURVA 45 GRAUS DE COBRE (REF 606) SEM ANEL DE SOLDA, BOLSA X BOLSA, 15 MM","UN    ","AS","3,59"]
[39880,"CURVA 45 GRAUS DE COBRE (REF 606) SEM ANEL DE SOLDA, BOLSA X BOLSA, 22 MM","UN    ","AS","7,95"]
[39881,"CURVA 45 GRAUS DE COBRE (REF 606) SEM ANEL DE SOLDA, BOLSA X BOLSA, 28 MM","UN    ","AS","12,76"]
[39882,"CURVA 45 GRAUS DE COBRE (REF 606) SEM ANEL DE SOLDA, BOLSA X BOLSA, 35 MM","UN    ","AS","33,62"]
[39883,"CURVA 45 GRAUS DE COBRE (REF 606) SEM ANEL DE SOLDA, BOLSA X BOLSA, 42 MM","UN    ","AS","53,69"]
[39884,"CURVA 45 GRAUS DE COBRE (REF 606) SEM ANEL DE SOLDA, BOLSA X BOLSA, 54 MM","UN    ","AS","79,74"]
[39885,"CURVA 45 GRAUS DE COBRE (REF 606) SEM ANEL DE SOLDA, BOLSA X BOLSA, 66 MM","UN    ","AS","189,52"]
[1777,"CURVA 45 GRAUS DE FERRO GALVANIZADO, COM ROSCA BSP FEMEA, DE 1 1/2\"","UN    ","AS","49,66"]
[1819,"CURVA 45 GRAUS DE FERRO GALVANIZADO, COM ROSCA BSP FEMEA, DE 1 1/4\"","UN    ","AS","36,13"]
[1775,"CURVA 45 GRAUS DE FERRO GALVANIZADO, COM ROSCA BSP FEMEA, DE 1/2\"","UN    ","AS","10,80"]
[1776,"CURVA 45 GRAUS DE FERRO GALVANIZADO, COM ROSCA BSP FEMEA, DE 1\"","UN    ","AS","29,40"]
[1778,"CURVA 45 GRAUS DE FERRO GALVANIZADO, COM ROSCA BSP FEMEA, DE 2 1/2\"","UN    ","AS","120,22"]
[1818,"CURVA 45 GRAUS DE FERRO GALVANIZADO, COM ROSCA BSP FEMEA, DE 2\"","UN    ","AS","79,80"]
[1820,"CURVA 45 GRAUS DE FERRO GALVANIZADO, COM ROSCA BSP FEMEA, DE 3/4\"","UN    ","AS","15,60"]
[1779,"CURVA 45 GRAUS DE FERRO GALVANIZADO, COM ROSCA BSP FEMEA, DE 3\"","UN    ","AS","174,84"]
[1780,"CURVA 45 GRAUS DE FERRO GALVANIZADO, COM ROSCA BSP FEMEA, DE 4\"","UN    ","AS","360,44"]
[1783,"CURVA 45 GRAUS DE FERRO GALVANIZADO, COM ROSCA BSP MACHO/FEMEA, DE 1 1/2\"","UN    ","AS","38,11"]
[1782,"CURVA 45 GRAUS DE FERRO GALVANIZADO, COM ROSCA BSP MACHO/FEMEA, DE 1 1/4\"","UN    ","AS","30,13"]
[1817,"CURVA 45 GRAUS DE FERRO GALVANIZADO, COM ROSCA BSP MACHO/FEMEA, DE 1/2\"","UN    ","AS","8,98"]
[1781,"CURVA 45 GRAUS DE FERRO GALVANIZADO, COM ROSCA BSP MACHO/FEMEA, DE 1\"","UN    ","AS","19,63"]
[1784,"CURVA 45 GRAUS DE FERRO GALVANIZADO, COM ROSCA BSP MACHO/FEMEA, DE 2 1/2\"","UN    ","AS","107,61"]
[1810,"CURVA 45 GRAUS DE FERRO GALVANIZADO, COM ROSCA BSP MACHO/FEMEA, DE 2\"","UN    ","AS","59,69"]
[1811,"CURVA 45 GRAUS DE FERRO GALVANIZADO, COM ROSCA BSP MACHO/FEMEA, DE 3/4\"","UN    ","AS","12,91"]
[1812,"CURVA 45 GRAUS DE FERRO GALVANIZADO, COM ROSCA BSP MACHO/FEMEA, DE 3\"","UN    ","AS","150,68"]
[40386,"CURVA 45 GRAUS EM ACO CARBONO, SOLDAVEL, PRESSAO 3.000 LBS, DN 1 1/2\"","UN    ","AS","43,36"]
[40384,"CURVA 45 GRAUS EM ACO CARBONO, SOLDAVEL, PRESSAO 3.000 LBS, DN 1 1/4\"","UN    ","AS","29,69"]
[40379,"CURVA 45 GRAUS EM ACO CARBONO, SOLDAVEL, PRESSAO 3.000 LBS, DN 1/2\"","UN    ","AS","10,26"]
[40423,"CURVA 45 GRAUS EM ACO CARBONO, SOLDAVEL, PRESSAO 3.000 LBS, DN 1\"","UN    ","AS","19,42"]
[40389,"CURVA 45 GRAUS EM ACO CARBONO, SOLDAVEL, PRESSAO 3.000 LBS, DN 2 1/2\"","UN    ","AS","123,17"]
[40388,"CURVA 45 GRAUS EM ACO CARBONO, SOLDAVEL, PRESSAO 3.000 LBS, DN 2\"","UN    ","AS","61,65"]
[40381,"CURVA 45 GRAUS EM ACO CARBONO, SOLDAVEL, PRESSAO 3.000 LBS, DN 3/4\"","UN    ","AS","13,68"]
[40391,"CURVA 45 GRAUS EM ACO CARBONO, SOLDAVEL, PRESSAO 3.000 LBS, DN 3\"","UN    ","AS","319,69"]
[40414,"CURVA 45 GRAUS RANHURADA EM FERRO FUNDIDO, DN 50 MM (2\")","UN    ","AS","16,47"]
[40416,"CURVA 45 GRAUS RANHURADA EM FERRO FUNDIDO, DN 65 MM (2 1/2\")","UN    ","AS","22,77"]
[40418,"CURVA 45 GRAUS RANHURADA EM FERRO FUNDIDO, DN 80 MM (3\")","UN    ","AS","27,16"]
[2609,"CURVA 45 GRAUS, PARA ELETRODUTO, EM ACO GALVANIZADO ELETROLITICO, DIAMETRO DE 20 MM (3/4\")","UN    ","AS","3,90"]
[2634,"CURVA 45 GRAUS, PARA ELETRODUTO, EM ACO GALVANIZADO ELETROLITICO, DIAMETRO DE 25 MM (1\")","UN    ","AS","5,13"]
[2611,"CURVA 45 GRAUS, PARA ELETRODUTO, EM ACO GALVANIZADO ELETROLITICO, DIAMETRO DE 40 MM (1 1/2\")","UN    ","AS","14,45"]
[34359,"CURVA 90 GRAUS DE BARRA CHATA EM ALUMINIO 3/4 \" X 1/4 \" X 300 MM","UN    ","AS","7,71"]
[1789,"CURVA 90 GRAUS DE FERRO GALVANIZADO, COM ROSCA BSP FEMEA, DE 1 1/2\"","UN    ","AS","47,67"]
[1788,"CURVA 90 GRAUS DE FERRO GALVANIZADO, COM ROSCA BSP FEMEA, DE 1 1/4\"","UN    ","AS","38,21"]
[1786,"CURVA 90 GRAUS DE FERRO GALVANIZADO, COM ROSCA BSP FEMEA, DE 1/2\"","UN    ","AS","9,48"]
[1787,"CURVA 90 GRAUS DE FERRO GALVANIZADO, COM ROSCA BSP FEMEA, DE 1\"","UN    ","AS","22,72"]
[1791,"CURVA 90 GRAUS DE FERRO GALVANIZADO, COM ROSCA BSP FEMEA, DE 2 1/2\"","UN    ","AS","137,76"]
[1790,"CURVA 90 GRAUS DE FERRO GALVANIZADO, COM ROSCA BSP FEMEA, DE 2\"","UN    ","AS","79,38"]
[1813,"CURVA 90 GRAUS DE FERRO GALVANIZADO, COM ROSCA BSP FEMEA, DE 3/4\"","UN    ","AS","15,05"]
[1792,"CURVA 90 GRAUS DE FERRO GALVANIZADO, COM ROSCA BSP FEMEA, DE 3\"","UN    ","AS","185,96"]
[1793,"CURVA 90 GRAUS DE FERRO GALVANIZADO, COM ROSCA BSP FEMEA, DE 4\"","UN    ","AS","375,76"]
[1809,"CURVA 90 GRAUS DE FERRO GALVANIZADO, COM ROSCA BSP MACHO/FEMEA, DE 1 1/2\"","UN    ","AS","44,69"]
[1814,"CURVA 90 GRAUS DE FERRO GALVANIZADO, COM ROSCA BSP MACHO/FEMEA, DE 1 1/4\"","UN    ","AS","36,71"]
[1803,"CURVA 90 GRAUS DE FERRO GALVANIZADO, COM ROSCA BSP MACHO/FEMEA, DE 1/2\"","UN    ","AS","9,28"]
[1805,"CURVA 90 GRAUS DE FERRO GALVANIZADO, COM ROSCA BSP MACHO/FEMEA, DE 1\"","UN    ","AS","21,30"]
[1821,"CURVA 90 GRAUS DE FERRO GALVANIZADO, COM ROSCA BSP MACHO/FEMEA, DE 2 1/2\"","UN    ","AS","125,87"]
[1806,"CURVA 90 GRAUS DE FERRO GALVANIZADO, COM ROSCA BSP MACHO/FEMEA, DE 2\"","UN    ","AS","74,92"]
[1804,"CURVA 90 GRAUS DE FERRO GALVANIZADO, COM ROSCA BSP MACHO/FEMEA, DE 3/4\"","UN    ","AS","13,20"]
[1807,"CURVA 90 GRAUS DE FERRO GALVANIZADO, COM ROSCA BSP MACHO/FEMEA, DE 3\"","UN    ","AS","180,01"]
[1808,"CURVA 90 GRAUS DE FERRO GALVANIZADO, COM ROSCA BSP MACHO/FEMEA, DE 4\"","UN    ","AS","360,89"]
[1797,"CURVA 90 GRAUS DE FERRO GALVANIZADO, COM ROSCA BSP MACHO, DE 1 1/2\"","UN    ","AS","54,12"]
[1796,"CURVA 90 GRAUS DE FERRO GALVANIZADO, COM ROSCA BSP MACHO, DE 1 1/4\"","UN    ","AS","41,52"]
[1794,"CURVA 90 GRAUS DE FERRO GALVANIZADO, COM ROSCA BSP MACHO, DE 1/2\"","UN    ","AS","9,91"]
[1816,"CURVA 90 GRAUS DE FERRO GALVANIZADO, COM ROSCA BSP MACHO, DE 1\"","UN    ","AS","22,35"]
[1815,"CURVA 90 GRAUS DE FERRO GALVANIZADO, COM ROSCA BSP MACHO, DE 2 1/2\"","UN    ","AS","171,62"]
[1798,"CURVA 90 GRAUS DE FERRO GALVANIZADO, COM ROSCA BSP MACHO, DE 2\"","UN    ","AS","76,79"]
[1795,"CURVA 90 GRAUS DE FERRO GALVANIZADO, COM ROSCA BSP MACHO, DE 3/4\"","UN    ","AS","13,73"]
[1799,"CURVA 90 GRAUS DE FERRO GALVANIZADO, COM ROSCA BSP MACHO, DE 3\"","UN    ","AS","223,51"]
[1800,"CURVA 90 GRAUS DE FERRO GALVANIZADO, COM ROSCA BSP MACHO, DE 4\"","UN    ","AS","426,73"]
[1802,"CURVA 90 GRAUS DE FERRO GALVANIZADO, COM ROSCA BSP MACHO, DE 6\"","UN    ","AS","1.067,42"]
[40385,"CURVA 90 GRAUS EM ACO CARBONO, RAIO CURTO, SOLDAVEL, PRESSAO 3.000 LBS, DN 1 1/2\"","UN    ","AS","43,36"]
[40383,"CURVA 90 GRAUS EM ACO CARBONO, RAIO CURTO, SOLDAVEL, PRESSAO 3.000 LBS, DN 1 1/4\"","UN    ","AS","29,69"]
[40378,"CURVA 90 GRAUS EM ACO CARBONO, RAIO CURTO, SOLDAVEL, PRESSAO 3.000 LBS, DN 1/2\"","UN    ","AS","10,26"]
[40382,"CURVA 90 GRAUS EM ACO CARBONO, RAIO CURTO, SOLDAVEL, PRESSAO 3.000 LBS, DN 1\"","UN    ","AS","19,42"]
[40422,"CURVA 90 GRAUS EM ACO CARBONO, RAIO CURTO, SOLDAVEL, PRESSAO 3.000 LBS, DN 2 1/2\"","UN    ","AS","132,31"]
[40387,"CURVA 90 GRAUS EM ACO CARBONO, RAIO CURTO, SOLDAVEL, PRESSAO 3.000 LBS, DN 2\"","UN    ","AS","67,37"]
[40380,"CURVA 90 GRAUS EM ACO CARBONO, RAIO CURTO, SOLDAVEL, PRESSAO 3.000 LBS, DN 3/4\"","UN    ","AS","13,68"]
[40390,"CURVA 90 GRAUS EM ACO CARBONO, RAIO CURTO, SOLDAVEL, PRESSAO 3.000 LBS, DN 3\"","UN    ","AS","278,67"]
[40413,"CURVA 90 GRAUS RANHURADA EM FERRO FUNDIDO, DN 50 MM (2\")","UN    ","AS","17,90"]
[40415,"CURVA 90 GRAUS RANHURADA EM FERRO FUNDIDO, DN 65 MM (2 1/2\")","UN    ","AS","25,50"]
[40417,"CURVA 90 GRAUS RANHURADA EM FERRO FUNDIDO, DN 80 MM (3\")","UN    ","AS","30,09"]
[39271,"CURVA 90 GRAUS, CURTA, DE PVC RIGIDO ROSCAVEL, DE 1/2\", PARA ELETRODUTO","UN    ","CR","1,28"]
[39273,"CURVA 90 GRAUS, CURTA, DE PVC RIGIDO ROSCAVEL, DE 1\", PARA ELETRODUTO","UN    ","CR","2,17"]
[39272,"CURVA 90 GRAUS, CURTA, DE PVC RIGIDO ROSCAVEL, DE 3/4\", PARA ELETRODUTO","UN    ","CR","1,57"]
[1875,"CURVA 90 GRAUS, LONGA, DE PVC RIGIDO ROSCAVEL, DE 1 1/2\", PARA ELETRODUTO","UN    ","CR","3,48"]
[1874,"CURVA 90 GRAUS, LONGA, DE PVC RIGIDO ROSCAVEL, DE 1 1/4\", PARA ELETRODUTO","UN    ","CR","2,87"]
[1870,"CURVA 90 GRAUS, LONGA, DE PVC RIGIDO ROSCAVEL, DE 1/2\", PARA ELETRODUTO","UN    ","C ","1,66"]
[1884,"CURVA 90 GRAUS, LONGA, DE PVC RIGIDO ROSCAVEL, DE 1\", PARA ELETRODUTO","UN    ","CR","2,55"]
[1887,"CURVA 90 GRAUS, LONGA, DE PVC RIGIDO ROSCAVEL, DE 2 1/2\", PARA ELETRODUTO","UN    ","CR","14,43"]
[1876,"CURVA 90 GRAUS, LONGA, DE PVC RIGIDO ROSCAVEL, DE 2\", PARA ELETRODUTO","UN    ","CR","5,65"]
[1879,"CURVA 90 GRAUS, LONGA, DE PVC RIGIDO ROSCAVEL, DE 3/4\", PARA ELETRODUTO","UN    ","CR","1,68"]
[1877,"CURVA 90 GRAUS, LONGA, DE PVC RIGIDO ROSCAVEL, DE 3\", PARA ELETRODUTO","UN    ","CR","14,45"]
[1878,"CURVA 90 GRAUS, LONGA, DE PVC RIGIDO ROSCAVEL, DE 4\", PARA ELETRODUTO","UN    ","CR","29,03"]
[2621,"CURVA 90 GRAUS, PARA ELETRODUTO, EM ACO GALVANIZADO ELETROLITICO, DIAMETRO DE 100 MM (4\")","UN    ","AS","123,64"]
[2616,"CURVA 90 GRAUS, PARA ELETRODUTO, EM ACO GALVANIZADO ELETROLITICO, DIAMETRO DE 15 MM (1/2\")","UN    ","AS","3,50"]
[2633,"CURVA 90 GRAUS, PARA ELETRODUTO, EM ACO GALVANIZADO ELETROLITICO, DIAMETRO DE 20 MM (3/4\")","UN    ","AS","3,96"]
[2617,"CURVA 90 GRAUS, PARA ELETRODUTO, EM ACO GALVANIZADO ELETROLITICO, DIAMETRO DE 25 MM (1\")","UN    ","AS","5,38"]
[2618,"CURVA 90 GRAUS, PARA ELETRODUTO, EM ACO GALVANIZADO ELETROLITICO, DIAMETRO DE 32 MM (1 1/4\")","UN    ","AS","12,24"]
[2632,"CURVA 90 GRAUS, PARA ELETRODUTO, EM ACO GALVANIZADO ELETROLITICO, DIAMETRO DE 40 MM (1 1/2\")","UN    ","AS","14,94"]
[2631,"CURVA 90 GRAUS, PARA ELETRODUTO, EM ACO GALVANIZADO ELETROLITICO, DIAMETRO DE 50 MM (2\")","UN    ","AS","21,93"]
[2619,"CURVA 90 GRAUS, PARA ELETRODUTO, EM ACO GALVANIZADO ELETROLITICO, DIAMETRO DE 65 MM (2 1/2\")","UN    ","AS","55,53"]
[2620,"CURVA 90 GRAUS, PARA ELETRODUTO, EM ACO GALVANIZADO ELETROLITICO, DIAMETRO DE 80 MM (3\")","UN    ","AS","72,90"]
[25968,"DENTE PARA FRESADORA","UN    ","AS","41,06"]
[38369,"DESEMPENADEIRA DE ACO DENTADA 12 X *25* CM, DENTES 8 X 8 MM, CABO FECHADO DE MADEIRA","UN    ","CR","12,32"]
[38370,"DESEMPENADEIRA DE ACO LISA 12 X *25* CM COM CABO FECHADO DE MADEIRA","UN    ","CR","12,32"]
[38372,"DESEMPENADEIRA PLASTICA LISA *14 X 27* CM","UN    ","CR","12,72"]
[2357,"DESENHISTA COPISTA","H     ","CR","16,91"]
[40806,"DESENHISTA COPISTA (MENSALISTA)","MES   ","CR","2.965,31"]
[2355,"DESENHISTA DETALHISTA","H     ","CR","45,25"]
[40805,"DESENHISTA DETALHISTA (MENSALISTA)","MES   ","CR","7.935,25"]
[2358,"DESENHISTA PROJETISTA","H     ","CR","35,82"]
[40807,"DESENHISTA PROJETISTA (MENSALISTA)","MES   ","CR","6.279,88"]
[2359,"DESENHISTA TECNICO AUXILIAR","H     ","CR","32,40"]
[40808,"DESENHISTA TECNICO AUXILIAR (MENSALISTA)","MES   ","CR","5.683,59"]
[43144,"DESMOLDANTE PARA CONCRETO ESTAMPADO","KG    ","CR","30,52"]
[39397,"DESMOLDANTE PARA FORMAS METALICAS A BASE DE OLEO VEGETAL","L     ","CR","13,91"]
[2692,"DESMOLDANTE PROTETOR PARA FORMAS DE MADEIRA, DE BASE OLEOSA EMULSIONADA EM AGUA","L     ","CR","5,61"]
[5330,"DILUENTE EPOXI","L     ","CR","40,10"]
[26017,"DISCO DE BORRACHA PARA LIXADEIRA RIGIDO 7 \" COM ARRUELA CENTRAL","UN    ","CR","23,70"]
[25931,"DISCO DE CORTE DIAMANTADO SEGMENTADO DIAMETRO DE 180 MM PARA ESMERILHADEIRA 7 \"","UN    ","CR","75,34"]
[38140,"DISCO DE CORTE DIAMANTADO SEGMENTADO PARA CONCRETO, DIAMETRO DE 110 MM, FURO DE 20 MM","UN    ","C ","18,27"]
[13887,"DISCO DE CORTE DIAMANTADO SEGMENTADO PARA CONCRETO, DIAMETRO DE 350 MM, FURO DE 1 \" (14 X 1 \")","UN    ","CR","432,55"]
[26018,"DISCO DE CORTE PARA METAL COM DUAS TELAS 12 X 1/8 X 3/4 \" (300 X 3,2 X 19,05 MM)","UN    ","CR","19,25"]
[26019,"DISCO DE DESBASTE PARA METAL FERROSO EM GERAL, COM TRES TELAS,  9 X 1/4 X 7/8 \" (228,6 X 6,4 X 22,2 MM)","UN    ","CR","18,18"]
[26020,"DISCO DE LIXA PARA METAL, DIAMETRO = 180 MM, GRAO 120","UN    ","CR","4,74"]
[34544,"DISJUNTOR  TERMOMAGNETICO TRIPOLAR 3 X 400 A / ICC - 25 KA","UN    ","CR","1.138,67"]
[34729,"DISJUNTOR TERMICO E MAGNETICO AJUSTAVEIS, TRIPOLAR DE 100 ATE 250A, CAPACIDADE DE INTERRUPCAO DE 35KA","UN    ","CR","895,74"]
[34734,"DISJUNTOR TERMICO E MAGNETICO AJUSTAVEIS, TRIPOLAR DE 300 ATE 400A, CAPACIDADE DE INTERRUPCAO DE 35KA","UN    ","CR","1.386,89"]
[34738,"DISJUNTOR TERMICO E MAGNETICO AJUSTAVEIS, TRIPOLAR DE 450 ATE 600A, CAPACIDADE DE INTERRUPCAO DE 35KA","UN    ","CR","3.240,22"]
[2391,"DISJUNTOR TERMOMAGNETICO TRIPOLAR 125A","UN    ","CR","263,53"]
[2374,"DISJUNTOR TERMOMAGNETICO TRIPOLAR 150 A / 600 V, TIPO FXD / ICC - 35 KA","UN    ","CR","298,97"]
[2377,"DISJUNTOR TERMOMAGNETICO TRIPOLAR 200 A / 600 V, TIPO FXD / ICC - 35 KA","UN    ","CR","419,58"]
[2393,"DISJUNTOR TERMOMAGNETICO TRIPOLAR 250 A / 600 V, TIPO FXD","UN    ","CR","702,64"]
[34705,"DISJUNTOR TERMOMAGNETICO TRIPOLAR 3  X 250 A/ICC - 25 KA","UN    ","CR","614,56"]
[34707,"DISJUNTOR TERMOMAGNETICO TRIPOLAR 3 X 350 A/ICC - 25 KA","UN    ","CR","1.138,79"]
[2378,"DISJUNTOR TERMOMAGNETICO TRIPOLAR 300 A / 600 V, TIPO JXD / ICC - 40 KA","UN    ","CR","965,17"]
[2379,"DISJUNTOR TERMOMAGNETICO TRIPOLAR 400 A / 600 V, TIPO JXD / ICC - 40 KA","UN    ","CR","965,17"]
[2376,"DISJUNTOR TERMOMAGNETICO TRIPOLAR 600 A / 600 V, TIPO LXD / ICC - 40 KA","UN    ","CR","1.589,63"]
[2394,"DISJUNTOR TERMOMAGNETICO TRIPOLAR 800 A / 600 V, TIPO LMXD","UN    ","CR","3.398,34"]
[34686,"DISJUNTOR TIPO DIN / IEC, MONOPOLAR DE 40  ATE 50A","UN    ","CR","10,20"]
[34616,"DISJUNTOR TIPO DIN/IEC, BIPOLAR DE 6 ATE 32A","UN    ","CR","39,43"]
[34623,"DISJUNTOR TIPO DIN/IEC, BIPOLAR 40 ATE 50A","UN    ","CR","38,83"]
[34628,"DISJUNTOR TIPO DIN/IEC, BIPOLAR 63 A","UN    ","CR","55,61"]
[34653,"DISJUNTOR TIPO DIN/IEC, MONOPOLAR DE 6  ATE  32A","UN    ","CR","6,88"]
[34688,"DISJUNTOR TIPO DIN/IEC, MONOPOLAR DE 63 A","UN    ","CR","12,46"]
[34709,"DISJUNTOR TIPO DIN/IEC, TRIPOLAR DE 10 ATE 50A","UN    ","CR","48,31"]
[34714,"DISJUNTOR TIPO DIN/IEC, TRIPOLAR 63 A","UN    ","CR","57,70"]
[2388,"DISJUNTOR TIPO NEMA, BIPOLAR 10  ATE  50 A, TENSAO MAXIMA 415 V","UN    ","CR","47,95"]
[34606,"DISJUNTOR TIPO NEMA, BIPOLAR 60 ATE 100A, TENSAO MAXIMA 415 V","UN    ","CR","73,55"]
[34689,"DISJUNTOR TIPO NEMA, MONOPOLAR DE 60 ATE 70A, TENSAO MAXIMA DE 240 V","UN    ","CR","23,41"]
[2370,"DISJUNTOR TIPO NEMA, MONOPOLAR 10 ATE 30A, TENSAO MAXIMA DE 240 V","UN    ","C ","8,91"]
[2386,"DISJUNTOR TIPO NEMA, MONOPOLAR 35  ATE  50 A, TENSAO MAXIMA DE 240 V","UN    ","CR","14,94"]
[2392,"DISJUNTOR TIPO NEMA, TRIPOLAR 10  ATE  50A, TENSAO MAXIMA DE 415 V","UN    ","CR","59,81"]
[2373,"DISJUNTOR TIPO NEMA, TRIPOLAR 60 ATE 100 A, TENSAO MAXIMA DE 415 V","UN    ","CR","84,27"]
[39465,"DISPOSITIVO DPS CLASSE II, 1 POLO, TENSAO MAXIMA DE 175 V, CORRENTE MAXIMA DE *20* KA (TIPO AC)","UN    ","CR","51,48"]
[39466,"DISPOSITIVO DPS CLASSE II, 1 POLO, TENSAO MAXIMA DE 175 V, CORRENTE MAXIMA DE *30* KA (TIPO AC)","UN    ","CR","57,91"]
[39467,"DISPOSITIVO DPS CLASSE II, 1 POLO, TENSAO MAXIMA DE 175 V, CORRENTE MAXIMA DE *45* KA (TIPO AC)","UN    ","CR","74,08"]
[39468,"DISPOSITIVO DPS CLASSE II, 1 POLO, TENSAO MAXIMA DE 175 V, CORRENTE MAXIMA DE *90* KA (TIPO AC)","UN    ","CR","131,67"]
[39469,"DISPOSITIVO DPS CLASSE II, 1 POLO, TENSAO MAXIMA DE 275 V, CORRENTE MAXIMA DE *20* KA (TIPO AC)","UN    ","CR","53,63"]
[39470,"DISPOSITIVO DPS CLASSE II, 1 POLO, TENSAO MAXIMA DE 275 V, CORRENTE MAXIMA DE *30* KA (TIPO AC)","UN    ","CR","65,90"]
[39471,"DISPOSITIVO DPS CLASSE II, 1 POLO, TENSAO MAXIMA DE 275 V, CORRENTE MAXIMA DE *45* KA (TIPO AC)","UN    ","CR","79,20"]
[39472,"DISPOSITIVO DPS CLASSE II, 1 POLO, TENSAO MAXIMA DE 275 V, CORRENTE MAXIMA DE *90* KA (TIPO AC)","UN    ","CR","137,60"]
[39473,"DISPOSITIVO DPS CLASSE II, 1 POLO, TENSAO MAXIMA DE 385 V, CORRENTE MAXIMA DE *20* KA (TIPO AC)","UN    ","CR","88,89"]
[39474,"DISPOSITIVO DPS CLASSE II, 1 POLO, TENSAO MAXIMA DE 385 V, CORRENTE MAXIMA DE *30* KA (TIPO AC)","UN    ","CR","94,76"]
[39475,"DISPOSITIVO DPS CLASSE II, 1 POLO, TENSAO MAXIMA DE 385 V, CORRENTE MAXIMA DE *45* KA (TIPO AC)","UN    ","CR","107,52"]
[39476,"DISPOSITIVO DPS CLASSE II, 1 POLO, TENSAO MAXIMA DE 385 V, CORRENTE MAXIMA DE *90* KA (TIPO AC)","UN    ","CR","202,40"]
[39477,"DISPOSITIVO DPS CLASSE II, 1 POLO, TENSAO MAXIMA DE 460 V, CORRENTE MAXIMA DE *20* KA (TIPO AC)","UN    ","CR","99,17"]
[39478,"DISPOSITIVO DPS CLASSE II, 1 POLO, TENSAO MAXIMA DE 460 V, CORRENTE MAXIMA DE *30* KA (TIPO AC)","UN    ","CR","102,24"]
[39479,"DISPOSITIVO DPS CLASSE II, 1 POLO, TENSAO MAXIMA DE 460 V, CORRENTE MAXIMA DE *45* KA (TIPO AC)","UN    ","CR","120,46"]
[39480,"DISPOSITIVO DPS CLASSE II, 1 POLO, TENSAO MAXIMA DE 460 V, CORRENTE MAXIMA DE *90* KA (TIPO AC)","UN    ","CR","248,56"]
[39459,"DISPOSITIVO DR, 2 POLOS, SENSIBILIDADE DE 30 MA, CORRENTE DE 100 A, TIPO AC","UN    ","CR","210,97"]
[39445,"DISPOSITIVO DR, 2 POLOS, SENSIBILIDADE DE 30 MA, CORRENTE DE 25 A, TIPO AC","UN    ","CR","105,93"]
[39446,"DISPOSITIVO DR, 2 POLOS, SENSIBILIDADE DE 30 MA, CORRENTE DE 40 A, TIPO AC","UN    ","CR","107,81"]
[39447,"DISPOSITIVO DR, 2 POLOS, SENSIBILIDADE DE 30 MA, CORRENTE DE 63 A, TIPO AC","UN    ","CR","115,29"]
[39448,"DISPOSITIVO DR, 2 POLOS, SENSIBILIDADE DE 30 MA, CORRENTE DE 80 A, TIPO AC","UN    ","CR","196,59"]
[39450,"DISPOSITIVO DR, 2 POLOS, SENSIBILIDADE DE 300 MA, CORRENTE DE 25 A, TIPO AC","UN    ","CR","119,94"]
[39451,"DISPOSITIVO DR, 2 POLOS, SENSIBILIDADE DE 300 MA, CORRENTE DE 40 A, TIPO AC","UN    ","CR","130,82"]
[39452,"DISPOSITIVO DR, 2 POLOS, SENSIBILIDADE DE 300 MA, CORRENTE DE 63 A, TIPO AC","UN    ","CR","131,61"]
[39523,"DISPOSITIVO DR, 2 POLOS, SENSIBILIDADE DE 300 MA, CORRENTE DE 80 A, TIPO  AC","UN    ","CR","220,24"]
[39449,"DISPOSITIVO DR, 4 POLOS, SENSIBILIDADE DE 30 MA, CORRENTE DE 100 A, TIPO AC","UN    ","CR","243,90"]
[39455,"DISPOSITIVO DR, 4 POLOS, SENSIBILIDADE DE 30 MA, CORRENTE DE 25 A, TIPO AC","UN    ","CR","120,69"]
[39456,"DISPOSITIVO DR, 4 POLOS, SENSIBILIDADE DE 30 MA, CORRENTE DE 40 A, TIPO AC","UN    ","CR","120,78"]
[39457,"DISPOSITIVO DR, 4 POLOS, SENSIBILIDADE DE 30 MA, CORRENTE DE 63 A, TIPO AC","UN    ","CR","131,67"]
[39458,"DISPOSITIVO DR, 4 POLOS, SENSIBILIDADE DE 30 MA, CORRENTE DE 80 A, TIPO AC","UN    ","CR","245,70"]
[39464,"DISPOSITIVO DR, 4 POLOS, SENSIBILIDADE DE 300 MA, CORRENTE DE 100 A, TIPO AC","UN    ","CR","395,10"]
[39460,"DISPOSITIVO DR, 4 POLOS, SENSIBILIDADE DE 300 MA, CORRENTE DE 25 A, TIPO AC","UN    ","CR","149,85"]
[39461,"DISPOSITIVO DR, 4 POLOS, SENSIBILIDADE DE 300 MA, CORRENTE DE 40 A, TIPO AC","UN    ","CR","175,59"]
[39462,"DISPOSITIVO DR, 4 POLOS, SENSIBILIDADE DE 300 MA, CORRENTE DE 63 A, TIPO AC","UN    ","CR","169,23"]
[39463,"DISPOSITIVO DR, 4 POLOS, SENSIBILIDADE DE 300 MA, CORRENTE DE 80 A, TIPO AC","UN    ","CR","392,04"]
[26039,"DISTRIBUIDOR DE AGREGADOS AUTOPROPELIDO, CAP 3 M3, A DIESEL, 6 CC, 176 CV","UN    ","AS","249.588,52"]
[2401,"DISTRIBUIDOR DE AGREGADOS REBOCAVEL, CAPACIDADE 1,9 M3, LARGURA DE TRABALHO 3,66 M","UN    ","AS","57.408,12"]
[38870,"DISTRIBUIDOR METALICO, COM ROSCA, 2 SAIDAS, DN 1\" X 1/2\", PARA CONEXAO COM ANEL DESLIZANTE EM TUBO PEX","UN    ","AS","35,98"]
[38869,"DISTRIBUIDOR METALICO, COM ROSCA, 2 SAIDAS, DN 3/4\" X 1/2\", PARA CONEXAO COM ANEL DESLIZANTE EM TUBO PEX","UN    ","AS","31,74"]
[38872,"DISTRIBUIDOR METALICO, COM ROSCA, 3 SAIDAS, DN 1\" X 1/2\", PARA CONEXAO COM ANEL DESLIZANTE EM TUBO PEX","UN    ","AS","49,15"]
[38871,"DISTRIBUIDOR METALICO, COM ROSCA, 3 SAIDAS, DN 3/4\" X 1/2\", PARA CONEXAO COM ANEL DESLIZANTE EM TUBO PEX","UN    ","AS","39,54"]
[39283,"DISTRIBUIDOR, PLASTICO, 2 SAIDAS, DN 32 X 16 MM, PARA CONEXAO COM CRIMPAGEM EM TUBO PEX","UN    ","AS","123,16"]
[39284,"DISTRIBUIDOR, PLASTICO, 2 SAIDAS, DN 32 X 20 MM, PARA CONEXAO COM CRIMPAGEM EM TUBO PEX","UN    ","AS","133,46"]
[39285,"DISTRIBUIDOR, PLASTICO, 2 SAIDAS, DN 32 X 25 MM, PARA CONEXAO COM CRIMPAGEM EM TUBO PEX","UN    ","AS","135,38"]
[39286,"DISTRIBUIDOR, PLASTICO, 3 SAIDAS, DN 32 X 16 MM, PARA CONEXAO COM CRIMPAGEM EM TUBO PEX","UN    ","AS","132,43"]
[39287,"DISTRIBUIDOR, PLASTICO, 3 SAIDAS, DN 32 X 20 MM, PARA CONEXAO COM CRIMPAGEM EM TUBO PEX","UN    ","AS","155,50"]
[39288,"DISTRIBUIDOR, PLASTICO, 3 SAIDAS, DN 32 X 25 MM, PARA CONEXAO COM CRIMPAGEM EM TUBO PEX","UN    ","AS","165,96"]
[2414,"DIVISORIA (N2) PAINEL/VIDRO - PAINEL C/ MSO/COMEIA E=35MM - MONTANTE/RODAPE DUPLO ACO GALV PINTADO - COLOCADA","M2    ","AS","97,05"]
[2413,"DIVISORIA (N2) PAINEL/VIDRO - PAINEL C/ MSO/COMEIA E=35MM - PERFIS SIMPLES ACO GALV PINTADO - COLOCADA","M2    ","AS","93,37"]
[2405,"DIVISORIA (N2) PAINEL/VIDRO - PAINEL MSO/COMEIA E=35MM - MONTANTE/RODAPE DUPLO ALUMINIO ANOD NAT - COLOCADA","M2    ","AS","108,67"]
[13361,"DIVISORIA (N2) PAINEL/VIDRO - PAINEL MSO/COMEIA E=35MM - PERFIS SIMPLES ALUMINIO ANOD NAT - COLOCADA","M2    ","AS","90,91"]
[11987,"DIVISORIA (N2) PAINEL/VIDRO - PAINEL VERMICULITA E=35MM - PERFIS SIMPLES ALUMINIO ANOD NATURAL - COLOCADA","M2    ","AS","243,25"]
[2416,"DIVISORIA (N3) PAINEL/VIDRO/PAINEL MSO/COMEIA E=35MM - MONTANTE/RODAPE DUPLO ACO GALV PINTADO - COLOCADA","M2    ","AS","107,62"]
[2412,"DIVISORIA (N3) PAINEL/VIDRO/PAINEL MSO/COMEIA E=35MM - MONTANTE/RODAPE DUPLO ALUMINIO ANOD NAT - COLOCADA","M2    ","AS","103,93"]
[2411,"DIVISORIA (N3) PAINEL/VIDRO/PAINEL MSO/COMEIA E=35MM - PERFIS SIMPLES ACO GALV PINTADO - COLOCADA","M2    ","AS","90,91"]
[2406,"DIVISORIA (N3) PAINEL/VIDRO/PAINEL MSO/COMEIA E=35MM - PERFIS SIMPLES ALUMINIO ANOD NAT - COLOCADA","M2    ","AS","88,45"]
[10571,"DIVISORIA (N3) PAINEL/VIDRO/PAINEL VERMICULITA E=35MM - MONTANTE/RODAPE DUPLO ALUMINIO ANOD NATURAL - COLOCADA","M2    ","AS","216,22"]
[11985,"DIVISORIA (N3) PAINEL/VIDRO/PAINEL VERMICULITA E=35MM - MONTANTE/RODAPE PERFIL DUPLO ACO GALV PINTADO - COLOCADA","M2    ","AS","208,85"]
[2410,"DIVISORIA CEGA (N1) - PAINEL MSO/COMEIA E=35MM - MONTANTE/RODAPE DUPLO   ACO GALV PINTADO - COLOCADA","M2    ","AS","92,14"]
[2417,"DIVISORIA CEGA (N1) - PAINEL MSO/COMEIA E=35MM - MONTANTE/RODAPE DUPLO ALUMINIO ANOD NAT - COLOCADA","M2    ","AS","98,28"]
[2415,"DIVISORIA CEGA (N1) - PAINEL MSO/COMEIA E=35MM - PERFIS SIMPLES ACO GALV PINTADO   - COLOCADA","M2    ","AS","78,62"]
[13360,"DIVISORIA CEGA (N1) - PAINEL MSO/COMEIA E=35MM - PERFIS SIMPLES ALUMINIO ANOD NAT - COLOCADA","M2    ","AS","78,62"]
[11983,"DIVISORIA CEGA (N1) - PAINEL VERMICULITA E=35MM - MONTANTE/RODAPE PERFIS SIMPLES ACO GALV PINTADO - COLOCADA","M2    ","AS","191,65"]
[11986,"DIVISORIA CEGA (N1) - PAINEL VERMICULITA E=35MM - PERFIS SIMPLES ALUMINIO ANOD NATURAL - COLOCADA","M2    ","AS","233,42"]
[25976,"DIVISORIA EM GRANITO, COM DUAS FACES POLIDAS, TIPO ANDORINHA/ QUARTZ/ CASTELO/ CORUMBA OU OUTROS EQUIVALENTES DA REGIAO, E=  *3,0* CM","M2    ","AS","602,26"]
[10629,"DIVISORIA EM MARMORE, COM DUAS FACES POLIDAS, BRANCO COMUM, E=  *3,0* CM","M2    ","AS","478,63"]
[10698,"DIVISORIA, PLACA  PRE-MOLDADA EM GRANILITE, MARMORITE OU GRANITINA,  E = *3 CM","M2    ","AS","156,86"]
[40521,"DOBRADEIRA ELETROMECANICA DE VERGALHAO, PARA ACO DE DIAMETRO ATE 1 1/2 \"Â\u0094, MOTOR ELETRICO TRIFASICO, POTENCIA DE 3 HP ATE 5 HP","UN    ","CR","91.857,17"]
[2432,"DOBRADICA EM ACO/FERRO, 3 1/2\" X  3\", E= 1,9  A 2 MM, COM ANEL,  CROMADO OU ZINCADO, TAMPA BOLA, COM PARAFUSOS","UN    ","CR","33,95"]
[2433,"DOBRADICA EM ACO/FERRO, 3\" X 2 1/2\", E= 1,2 A 1,8 MM, SEM ANEL,  CROMADO OU ZINCADO, TAMPA CHATA, COM PARAFUSOS","UN    ","CR","11,50"]
[2420,"DOBRADICA EM ACO/FERRO, 3\" X 2 1/2\", E= 1,9 A 2 MM, SEM ANEL,  CROMADO OU ZINCADO, TAMPA BOLA, COM PARAFUSOS","UN    ","CR","19,75"]
[11447,"DOBRADICA EM LATAO, 3 \" X 2 1/2 \", E= 1,9 A 2 MM, COM ANEL, CROMADO, TAMPA BOLA, COM PARAFUSOS","UN    ","CR","39,04"]
[11451,"DOBRADICA TIPO VAI-E-VEM EM ACO/FERRO, TAMANHO 3'', GALVANIZADO, COM PARAFUSOS","UN    ","CR","104,66"]
[11116,"DOMOS INDIVIDUAL EM ACRILICO BRANCO *95 X 95* CM, SEM INSTALACAO","UN    ","CR","521,64"]
[38411,"DOSADOR DE AREIA, CAPACIDADE DE *26* LITROS","UN    ","AS","1.131,09"]
[1370,"DUCHA HIGIENICA PLASTICA COM REGISTRO METALICO 1/2 \"","UN    ","CR","69,28"]
[38189,"DUCHA METALICA DE PAREDE, ARTICULAVEL, COM BRACO/CANO, SEM DESVIADOR","UN    ","CR","142,51"]
[38190,"DUCHA METALICA DE PAREDE, ARTICULAVEL, COM DESVIADOR E DUCHA MANUAL","UN    ","CR","320,46"]
[36516,"DUMPER COM CAPACIDADE DE CARGA DE 1700 KG, PARTIDA ELETRICA, MOTOR DIESEL COM POTENCIA DE 16 CV","UN    ","AS","77.621,48"]
[34777,"ELEMENTO VAZADO CERAMICO DIAGONAL (TIPO FLOR/QUADRADO/XIS) 25 X 18 X 7 CM","UN    ","CR","2,23"]
[7272,"ELEMENTO VAZADO CERAMICO QUADRADO (RETO OU REDONDO), *7 A 9 X 20 X 20* CM (L X A X C)","UN    ","CR","1,88"]
[10605,"ELEMENTO VAZADO DE CONCRETO, QUADRICULADO, 1 FURO *10 X 10 X 10* CM","UN    ","CR","2,76"]
[10604,"ELEMENTO VAZADO DE CONCRETO, QUADRICULADO, 1 FURO *20 X 10 X 7* CM","UN    ","CR","6,44"]
[672,"ELEMENTO VAZADO DE CONCRETO, QUADRICULADO, 1 FURO *20 X 20 X 6,5* CM","UN    ","CR","8,86"]
[668,"ELEMENTO VAZADO DE CONCRETO, QUADRICULADO, 16 FUROS *29 X 29 X 6* CM","UN    ","CR","10,70"]
[10578,"ELEMENTO VAZADO DE CONCRETO, QUADRICULADO, 16 FUROS *33 X 33 X 10* CM","UN    ","CR","12,46"]
[666,"ELEMENTO VAZADO DE CONCRETO, QUADRICULADO, 16 FUROS *40 X 40 X 7* CM","UN    ","CR","13,86"]
[665,"ELEMENTO VAZADO DE CONCRETO, QUADRICULADO, 16 FUROS *50 X 50 X 7* CM","UN    ","CR","18,54"]
[10577,"ELEMENTO VAZADO DE CONCRETO, QUADRICULADO, 25 FUROS *50 X 50 X 5* CM","UN    ","CR","16,44"]
[10583,"ELEMENTO VAZADO DE CONCRETO, VENEZIANA *39 X 22 X 15* CM","UN    ","CR","8,54"]
[10579,"ELEMENTO VAZADO DE CONCRETO, VENEZIANA *39 X 29 X 10* CM","UN    ","CR","14,89"]
[10582,"ELEMENTO VAZADO DE CONCRETO, VENEZIANA *40 X 10 X 10* CM","UN    ","CR","7,52"]
[2436,"ELETRICISTA","H     ","C ","16,05"]
[40918,"ELETRICISTA (MENSALISTA)","MES   ","CR","2.813,67"]
[2439,"ELETRICISTA DE MANUTENCAO INDUSTRIAL","H     ","CR","16,95"]
[40923,"ELETRICISTA DE MANUTENCAO INDUSTRIAL (MENSALISTA)","MES   ","CR","2.974,34"]
[10998,"ELETRODO REVESTIDO AWS - E-6010, DIAMETRO IGUAL A 4,00 MM","KG    ","CR","24,34"]
[11002,"ELETRODO REVESTIDO AWS - E6013, DIAMETRO IGUAL A 2,50 MM","KG    ","CR","22,29"]
[10999,"ELETRODO REVESTIDO AWS - E6013, DIAMETRO IGUAL A 4,00 MM","KG    ","CR","21,42"]
[10997,"ELETRODO REVESTIDO AWS - E7018, DIAMETRO IGUAL A 4,00 MM","KG    ","C ","23,22"]
[2685,"ELETRODUTO DE PVC RIGIDO ROSCAVEL DE 1 \", SEM LUVA","M     ","CR","4,34"]
[2680,"ELETRODUTO DE PVC RIGIDO ROSCAVEL DE 1 1/2 \", SEM LUVA","M     ","CR","6,35"]
[2684,"ELETRODUTO DE PVC RIGIDO ROSCAVEL DE 1 1/4 \", SEM LUVA","M     ","CR","5,77"]
[2673,"ELETRODUTO DE PVC RIGIDO ROSCAVEL DE 1/2 \", SEM LUVA","M     ","C ","2,23"]
[2681,"ELETRODUTO DE PVC RIGIDO ROSCAVEL DE 2 \", SEM LUVA","M     ","CR","10,37"]
[2682,"ELETRODUTO DE PVC RIGIDO ROSCAVEL DE 2 1/2 \", SEM LUVA","M     ","CR","15,14"]
[2686,"ELETRODUTO DE PVC RIGIDO ROSCAVEL DE 3 \", SEM LUVA","M     ","CR","18,98"]
[2674,"ELETRODUTO DE PVC RIGIDO ROSCAVEL DE 3/4 \", SEM LUVA","M     ","CR","2,77"]
[2683,"ELETRODUTO DE PVC RIGIDO ROSCAVEL DE 4 \", SEM LUVA","M     ","CR","29,91"]
[2676,"ELETRODUTO DE PVC RIGIDO SOLDAVEL, CLASSE B, DE 20 MM","M     ","CR","1,29"]
[2678,"ELETRODUTO DE PVC RIGIDO SOLDAVEL, CLASSE B, DE 25 MM","M     ","CR","1,62"]
[2679,"ELETRODUTO DE PVC RIGIDO SOLDAVEL, CLASSE B, DE 32 MM","M     ","CR","2,50"]
[12070,"ELETRODUTO DE PVC RIGIDO SOLDAVEL, CLASSE B, DE 40 MM","M     ","CR","3,48"]
[2675,"ELETRODUTO DE PVC RIGIDO SOLDAVEL, CLASSE B, DE 50 MM","M     ","CR","4,53"]
[12067,"ELETRODUTO DE PVC RIGIDO SOLDAVEL, CLASSE B, DE 60 MM","M     ","CR","6,14"]
[40401,"ELETRODUTO FLEXIVEL PLANO EM PEAD, COR PRETA E LARANJA,  DIAMETRO 32 MM","M     ","AS","2,09"]
[40402,"ELETRODUTO FLEXIVEL PLANO EM PEAD, COR PRETA E LARANJA,  DIAMETRO 40 MM","M     ","AS","2,69"]
[40400,"ELETRODUTO FLEXIVEL PLANO EM PEAD, COR PRETA E LARANJA, DIAMETRO 25 MM","M     ","AS","1,42"]
[2504,"ELETRODUTO FLEXIVEL, EM ACO GALVANIZADO, REVESTIDO EXTERNAMENTE COM PVC PRETO, DIAMETRO EXTERNO DE 25 MM (3/4\"), TIPO SEALTUBO","M     ","AS","8,99"]
[2501,"ELETRODUTO FLEXIVEL, EM ACO GALVANIZADO, REVESTIDO EXTERNAMENTE COM PVC PRETO, DIAMETRO EXTERNO DE 32 MM (1\"), TIPO SEALTUBO","M     ","AS","11,78"]
[2502,"ELETRODUTO FLEXIVEL, EM ACO GALVANIZADO, REVESTIDO EXTERNAMENTE COM PVC PRETO, DIAMETRO EXTERNO DE 40 MM (1 1/4\"), TIPO SEALTUBO","M     ","AS","17,78"]
[2503,"ELETRODUTO FLEXIVEL, EM ACO GALVANIZADO, REVESTIDO EXTERNAMENTE COM PVC PRETO, DIAMETRO EXTERNO DE 50 MM( 1 1/2\"), TIPO SEALTUBO","M     ","AS","22,89"]
[2500,"ELETRODUTO FLEXIVEL, EM ACO GALVANIZADO, REVESTIDO EXTERNAMENTE COM PVC PRETO, DIAMETRO EXTERNO DE 60 MM (2\"), TIPO SEALTUBO","M     ","AS","30,49"]
[2505,"ELETRODUTO FLEXIVEL, EM ACO GALVANIZADO, REVESTIDO EXTERNAMENTE COM PVC PRETO, DIAMETRO EXTERNO DE 75 MM (2 1/2\"), TIPO SEALTUBO","M     ","AS","47,51"]
[12056,"ELETRODUTO FLEXIVEL, EM ACO, TIPO CONDUITE, DIAMETRO DE 1 1/2\"","M     ","AS","19,20"]
[12057,"ELETRODUTO FLEXIVEL, EM ACO, TIPO CONDUITE, DIAMETRO DE 1 1/4\"","M     ","AS","16,30"]
[12059,"ELETRODUTO FLEXIVEL, EM ACO, TIPO CONDUITE, DIAMETRO DE 1/2\"","M     ","AS","5,72"]
[12058,"ELETRODUTO FLEXIVEL, EM ACO, TIPO CONDUITE, DIAMETRO DE 1\"","M     ","AS","10,16"]
[12060,"ELETRODUTO FLEXIVEL, EM ACO, TIPO CONDUITE, DIAMETRO DE 2 1/2\"","M     ","AS","42,36"]
[12061,"ELETRODUTO FLEXIVEL, EM ACO, TIPO CONDUITE, DIAMETRO DE 2\"","M     ","AS","25,87"]
[12062,"ELETRODUTO FLEXIVEL, EM ACO, TIPO CONDUITE, DIAMETRO DE 3\"","M     ","AS","47,71"]
[21137,"ELETRODUTO METALICO FLEXIVEL REVESTIDO COM PVC PRETO, DIAMETRO EXTERNO DE 15 MM (3/8\"), TIPO COPEX","M     ","AS","8,29"]
[2687,"ELETRODUTO PVC FLEXIVEL CORRUGADO, COR AMARELA, DE 16 MM","M     ","CR","1,13"]
[2689,"ELETRODUTO PVC FLEXIVEL CORRUGADO, COR AMARELA, DE 20 MM","M     ","CR","1,34"]
[2688,"ELETRODUTO PVC FLEXIVEL CORRUGADO, COR AMARELA, DE 25 MM","M     ","CR","1,46"]
[2690,"ELETRODUTO PVC FLEXIVEL CORRUGADO, COR AMARELA, DE 32 MM","M     ","CR","2,50"]
[39243,"ELETRODUTO PVC FLEXIVEL CORRUGADO, REFORCADO, COR LARANJA, DE 20 MM, PARA LAJES E PISOS","M     ","CR","1,64"]
[39244,"ELETRODUTO PVC FLEXIVEL CORRUGADO, REFORCADO, COR LARANJA, DE 25 MM, PARA LAJES E PISOS","M     ","CR","2,22"]
[39245,"ELETRODUTO PVC FLEXIVEL CORRUGADO, REFORCADO, COR LARANJA, DE 32 MM, PARA LAJES E PISOS","M     ","CR","4,28"]
[39254,"ELETRODUTO/CONDULETE DE PVC RIGIDO, LISO, COR CINZA, DE 1/2\", PARA INSTALACOES APARENTES (NBR 5410)","M     ","CR","6,40"]
[39255,"ELETRODUTO/CONDULETE DE PVC RIGIDO, LISO, COR CINZA, DE 1\", PARA INSTALACOES APARENTES (NBR 5410)","M     ","CR","11,85"]
[39253,"ELETRODUTO/CONDULETE DE PVC RIGIDO, LISO, COR CINZA, DE 3/4\", PARA INSTALACOES APARENTES (NBR 5410)","M     ","CR","8,16"]
[2446,"ELETRODUTO/DUTO PEAD FLEXIVEL PAREDE SIMPLES, CORRUGACAO HELICOIDAL, COR PRETA, SEM ROSCA, DE 2\",  PARA CABEAMENTO SUBTERRANEO (NBR 15715)","M     ","AS","5,23"]
[2442,"ELETRODUTO/DUTO PEAD FLEXIVEL PAREDE SIMPLES, CORRUGACAO HELICOIDAL, COR PRETA, SEM ROSCA, DE 3\",  PARA CABEAMENTO SUBTERRANEO (NBR 15715)","M     ","AS","7,32"]
[39246,"ELETRODUTODUTO PEAD FLEXIVEL PAREDE SIMPLES, CORRUGACAO HELICOIDAL, COR PRETA, SEM ROSCA, DE 1 1/2\",  PARA CABEAMENTO SUBTERRANEO (NBR 15715)","M     ","AS","3,64"]
[39247,"ELETRODUTODUTO PEAD FLEXIVEL PAREDE SIMPLES, CORRUGACAO HELICOIDAL, COR PRETA, SEM ROSCA, DE 1 1/4\",  PARA CABEAMENTO SUBTERRANEO (NBR 15715)","M     ","AS","3,17"]
[39248,"ELETRODUTODUTO PEAD FLEXIVEL PAREDE SIMPLES, CORRUGACAO HELICOIDAL, COR PRETA, SEM ROSCA, DE 4\",  PARA CABEAMENTO SUBTERRANEO (NBR 15715)","M     ","AS","10,21"]
[2438,"ELETROTECNICO","H     ","CR","17,23"]
[40922,"ELETROTECNICO (MENSALISTA)","MES   ","CR","3.022,24"]
[36486,"ELEVADOR DE CARGA A CABO, CABINE SEMI FECHADA 2,0 X 1,5 X 2,0 M, CAPACIDADE DE CARGA 1000 KG, TORRE  2,38 X 2,21 X 15 M, GUINCHO DE EMBREAGEM, FREIO DE SEGURANCA, LIMITADOR DE VELOCIDADE E CANCELA","UN    ","AS","36.823,49"]
[37777,"ELEVADOR DE CREMALHEIRA CABINE FECHADA 1,5 X 2,5 X 2,35 M (UMA POR TORRE), CAPACIDADE DE CARGA 1200 KG (15 PESSOAS), TORRE  24 M (16 MODULOS), FREIO DE SEGURANCA, LIMITADOR DE CARGA","UN    ","AS","173.364,31"]
[12624,"EMENDA PARA CALHA PLUVIAL, PVC, DIAMETRO ENTRE 119 E 170 MM, PARA DRENAGEM PREDIAL","UN    ","AS","9,66"]
[10638,"EMPILHADEIRA SOBRE PNEUS COM TORRE DE TRES ESTAGIOS, 4,70M DE ELEVACAO, C/ DESLOCADOR LATERAL DOS GARFOS, MOTOR GLP 4.3L, CAPACIDADE NOMINAL DE CARGA DE 6T","UN    ","AS","349.851,06"]
[10635,"EMPILHADEIRA SOBRE PNEUS COM TORRE DE TRES ESTAGIOS, 4,80M DE ELEVACAO, C/ DESLOCADOR LATERAL DOS GARFOS, MOTOR GLP 2.2L, CAPACIDADE NOMINAL DE CARGA DE 3T","UN    ","AS","120.926,32"]
[10634,"EMPILHADEIRA SOBRE PNEUS COM TORRE DE TRES ESTAGIOS, 4,80M DE ELEVACAO, C/ DESLOCADOR LATERAL DOS GARFOS, MOTOR GLP 2.4L, CAPACIDADE NOMINAL DE CARGA DE 2,5T","UN    ","AS","103.550,00"]
[10636,"EMPILHADEIRA SOBRE PNEUS COM TORRE DE TRES ESTAGIOS, 4,80M DE ELEVACAO, C/ DESLOCADOR LATERAL DOS GARFOS, MOTOR GLP 4.3L, CAPACIDADE NOMINAL DE CARGA DE 4T","UN    ","AS","228.042,45"]
[10637,"EMPILHADEIRA SOBRE PNEUS COM TORRE DE TRES ESTAGIOS, 4,80M DE ELEVACAO, C/ DESLOCADOR LATERAL DOS GARFOS, MOTOR GLP 4.3L, CAPACIDADE NOMINAL DE CARGA DE 5T","UN    ","AS","238.534,81"]
[517,"EMULSAO ASFALTICA ANIONICA","L     ","AS","8,36"]
[41904,"EMULSAO ASFALTICA CATIONICA RL-1C PARA USO EM PAVIMENTACAO ASFALTICA (COLETADO CAIXA NA ANP ACRESCIDO DE ICMS)","T     ","AS","2.471,57"]
[41905,"EMULSAO ASFALTICA CATIONICA RR-1C PARA USO EM PAVIMENTACAO ASFALTICA (COLETADO CAIXA NA ANP ACRESCIDO DE ICMS)","KG    ","AS","2,17"]
[41903,"EMULSAO ASFALTICA CATIONICA RR-2C PARA USO EM PAVIMENTACAO ASFALTICA (COLETADO CAIXA NA ANP ACRESCIDO DE ICMS)","KG    ","AS","2,48"]
[37534,"EMULSAO EXPLOSIVA EM CARTUCHOS DE 1\" X 12\", DENSIDADE 1.15 G/CM3, INICIACAO ESPOLETA N. 8 / CORDEL","KG    ","AS","15,19"]
[37535,"EMULSAO EXPLOSIVA EM CARTUCHOS DE 1\" X 24\", DENSIDADE 1.15 G/CM3, INICIACAO ESPOLETA N. 8 / CORDEL","KG    ","AS","15,19"]
[37533,"EMULSAO EXPLOSIVA EM CARTUCHOS DE 1\" X 8\", DENSIDADE 1.15 G/CM3, INICIACAO ESPOLETA N. 8 / CORDEL","KG    ","AS","15,19"]
[37537,"EMULSAO EXPLOSIVA EM CARTUCHOS DE 2 1/2\" X 24\", DENSIDADE 1.15 G/CM3, INICIACAO ESPOLETA N. 8 / CORDEL","KG    ","AS","11,50"]
[37536,"EMULSAO EXPLOSIVA EM CARTUCHOS DE 2 1/4\" X 24\", DENSIDADE 1.15 G/CM3, INICIACAO ESPOLETA N. 8 / CORDEL","KG    ","AS","11,50"]
[37532,"EMULSAO EXPLOSIVA EM CARTUCHOS DE 2\" X 24\", DENSIDADE 1.15 G/CM3, INICIACAO ESPOLETA N. 8 / CORDEL","KG    ","AS","11,50"]
[2696,"ENCANADOR OU BOMBEIRO HIDRAULICO","H     ","C ","13,62"]
[40928,"ENCANADOR OU BOMBEIRO HIDRAULICO (MENSALISTA)","MES   ","CR","2.387,47"]
[4083,"ENCARREGADO GERAL DE OBRAS","H     ","C ","15,19"]
[40818,"ENCARREGADO GERAL DE OBRAS (MENSALISTA)","MES   ","CR","2.662,80"]
[43146,"ENDURECEDOR MINERAL DE BASE CIMENTICIA PARA PISO DE CONCRETO","KG    ","CR","7,19"]
[2705,"ENERGIA ELETRICA ATE 2000 KWH INDUSTRIAL, SEM DEMANDA","KW/H  ","CR","0,66"]
[14250,"ENERGIA ELETRICA COMERCIAL, BAIXA TENSAO, RELATIVA AO CONSUMO DE ATE 100 KWH, INCLUINDO ICMS, PIS/PASEP E COFINS","KW/H  ","C ","0,68"]
[11683,"ENGATE / RABICHO FLEXIVEL INOX 1/2 \" X 30 CM","UN    ","CR","34,44"]
[11684,"ENGATE / RABICHO FLEXIVEL INOX 1/2 \" X 40 CM","UN    ","CR","37,70"]
[6141,"ENGATE/RABICHO FLEXIVEL PLASTICO (PVC OU ABS) BRANCO 1/2 \" X 30 CM","UN    ","CR","2,70"]
[11681,"ENGATE/RABICHO FLEXIVEL PLASTICO (PVC OU ABS) BRANCO 1/2 \" X 40 CM","UN    ","CR","4,34"]
[2706,"ENGENHEIRO CIVIL DE OBRA JUNIOR","H     ","C ","86,36"]
[40811,"ENGENHEIRO CIVIL DE OBRA JUNIOR (MENSALISTA)","MES   ","CR","15.139,52"]
[2707,"ENGENHEIRO CIVIL DE OBRA PLENO","H     ","CR","98,28"]
[40813,"ENGENHEIRO CIVIL DE OBRA PLENO (MENSALISTA)","MES   ","CR","17.231,89"]
[2708,"ENGENHEIRO CIVIL DE OBRA SENIOR","H     ","CR","134,37"]
[40814,"ENGENHEIRO CIVIL DE OBRA SENIOR (MENSALISTA)","MES   ","CR","23.555,53"]
[34779,"ENGENHEIRO CIVIL JUNIOR","H     ","CR","87,61"]
[40936,"ENGENHEIRO CIVIL JUNIOR (MENSALISTA)","MES   ","CR","15.360,37"]
[34780,"ENGENHEIRO CIVIL PLENO","H     ","CR","98,84"]
[40937,"ENGENHEIRO CIVIL PLENO (MENSALISTA)","MES   ","CR","17.329,53"]
[34782,"ENGENHEIRO CIVIL SENIOR","H     ","CR","135,47"]
[40938,"ENGENHEIRO CIVIL SENIOR (MENSALISTA)","MES   ","CR","23.748,48"]
[34783,"ENGENHEIRO ELETRICISTA","H     ","CR","125,25"]
[40939,"ENGENHEIRO ELETRICISTA (MENSALISTA)","MES   ","CR","21.958,03"]
[34785,"ENGENHEIRO SANITARISTA","H     ","CR","122,34"]
[40940,"ENGENHEIRO SANITARISTA (MENSALISTA)","MES   ","CR","21.447,64"]
[38403,"ENXADA ESTREITA *25 X 23* CM COM CABO","UN    ","CR","30,49"]
[43482,"EPI - FAMILIA ALMOXARIFE - HORISTA (ENCARGOS COMPLEMENTARES - COLETADO CAIXA)","H     ","C ","0,61"]
[43494,"EPI - FAMILIA ALMOXARIFE - MENSALISTA (ENCARGOS COMPLEMENTARES - COLETADO CAIXA)","MES   ","C ","114,12"]
[43483,"EPI - FAMILIA CARPINTEIRO DE FORMAS - HORISTA (ENCARGOS COMPLEMENTARES - COLETADO CAIXA)","H     ","C ","1,08"]
[43495,"EPI - FAMILIA CARPINTEIRO DE FORMAS - MENSALISTA (ENCARGOS COMPLEMENTARES - COLETADO CAIXA)","MES   ","C ","203,86"]
[43484,"EPI - FAMILIA ELETRICISTA - HORISTA (ENCARGOS COMPLEMENTARES - COLETADO CAIXA)","H     ","C ","0,93"]
[43496,"EPI - FAMILIA ELETRICISTA - MENSALISTA (ENCARGOS COMPLEMENTARES - COLETADO CAIXA)","MES   ","C ","175,10"]
[43485,"EPI - FAMILIA ENCANADOR - HORISTA (ENCARGOS COMPLEMENTARES - COLETADO CAIXA)","H     ","C ","0,83"]
[43497,"EPI - FAMILIA ENCANADOR - MENSALISTA (ENCARGOS COMPLEMENTARES - COLETADO CAIXA)","MES   ","C ","156,65"]
[43487,"EPI - FAMILIA ENCARREGADO GERAL - HORISTA (ENCARGOS COMPLEMENTARES - COLETADO CAIXA)","H     ","C ","0,95"]
[43499,"EPI - FAMILIA ENCARREGADO GERAL - MENSALISTA (ENCARGOS COMPLEMENTARES - COLETADO CAIXA)","MES   ","C ","179,44"]
[43486,"EPI - FAMILIA ENGENHEIRO CIVIL - HORISTA (ENCARGOS COMPLEMENTARES - COLETADO CAIXA)","H     ","C ","0,57"]
[43498,"EPI - FAMILIA ENGENHEIRO CIVIL - MENSALISTA (ENCARGOS COMPLEMENTARES - COLETADO CAIXA)","MES   ","C ","108,24"]
[43488,"EPI - FAMILIA OPERADOR ESCAVADEIRA - HORISTA (ENCARGOS COMPLEMENTARES - COLETADO CAIXA)","H     ","C ","0,66"]
[43500,"EPI - FAMILIA OPERADOR ESCAVADEIRA - MENSALISTA (ENCARGOS COMPLEMENTARES - COLETADO CAIXA)","MES   ","C ","125,38"]
[43489,"EPI - FAMILIA PEDREIRO - HORISTA (ENCARGOS COMPLEMENTARES - COLETADO CAIXA)","H     ","C ","0,96"]
[43501,"EPI - FAMILIA PEDREIRO - MENSALISTA (ENCARGOS COMPLEMENTARES - COLETADO CAIXA)","MES   ","C ","181,88"]
[43490,"EPI - FAMILIA PINTOR - HORISTA (ENCARGOS COMPLEMENTARES - COLETADO CAIXA)","H     ","C ","1,46"]
[43502,"EPI - FAMILIA PINTOR - MENSALISTA (ENCARGOS COMPLEMENTARES - COLETADO CAIXA)","MES   ","C ","275,92"]
[43491,"EPI - FAMILIA SERVENTE - HORISTA (ENCARGOS COMPLEMENTARES - COLETADO CAIXA)","H     ","C ","1,02"]
[43503,"EPI - FAMILIA SERVENTE - MENSALISTA (ENCARGOS COMPLEMENTARES - COLETADO CAIXA)","MES   ","C ","192,76"]
[43492,"EPI - FAMILIA SOLDADOR - HORISTA (ENCARGOS COMPLEMENTARES - COLETADO CAIXA)","H     ","C ","1,36"]
[43504,"EPI - FAMILIA SOLDADOR - MENSALISTA (ENCARGOS COMPLEMENTARES - COLETADO CAIXA)","MES   ","C ","255,78"]
[43493,"EPI - FAMILIA TOPOGRAFO - HORISTA (ENCARGOS COMPLEMENTARES - COLETADO CAIXA)","H     ","C ","0,54"]
[43505,"EPI - FAMILIA TOPOGRAFO - MENSALISTA (ENCARGOS COMPLEMENTARES - COLETADO CAIXA)","MES   ","C ","102,76"]
[37774,"EQUIPAMENTO DE LIMPEZA COMBINADO (VACUO/ALTA PRESSAO) 95% VACUO, TANQUE 7000 L, BOMBA 140 KGF/CM2 66 L/MIN COM MOTOR INDEPENDENTE A DIESEL DE 60 CV (INCLUI MONTAGEM, NAO INCLUI CAMINHAO)","UN    ","AS","188.694,18"]
[38630,"EQUIPAMENTO PARA DEMARCACAO DE FAIXAS DE TRAFEGO A FRIO, A SER MONTADO SOBRE CAMINHAO DE PBT MINIMO DE 9 T E DISTANCIA MINIMA ENTRE EIXOS DE 4,3 M, CAPACIDADE PARA 800 L DE TINTA (INCLUI MONTAGEM, NAO INCLUI CAMINHAO)","UN    ","AS","1.131.921,87"]
[38629,"EQUIPAMENTO PARA DEMARCACAO DE FAIXAS DE TRAFEGO A QUENTE, A SER MONTADO SOBRE CAMINHAO DE PBT MINIMO DE 17 T E DISTANCIA MINIMA ENTRE EIXOS DE 5,2 M, CAPACIDADE PARA 1.000 KG DE MATERIAL TERMOPLASTICO (INCLUI MONTAGEM, NAO INCLUI CAMINHAO E NEM COMPRESSOR DE AR)","UN    ","AS","1.684.921,87"]
[38476,"ESCADA DUPLA DE ABRIR EM ALUMINIO, MODELO PINTOR, 8 DEGRAUS","UN    ","CR","229,19"]
[38477,"ESCADA EXTENSIVEL EM ALUMINIO COM 6,00 M ESTENDIDA","UN    ","CR","649,07"]
[40635,"ESCAVADEIRA HIDRAULICA SOBRE ESTEIRA, COM GARRA GIRATORIA DE MANDIBULAS, PESO OPERACIONAL ENTRE 22,00 E 25,50 TON, POTENCIA LIQUIDA ENTRE 150 E 160 HP","UN    ","AS","551.089,10"]
[36483,"ESCAVADEIRA HIDRAULICA SOBRE ESTEIRAS CACAMBA 0,40 A 1,20 M3, PESO OPERACIONAL 21,19 T, POTENCIA LIQUIDA 173 HP","UN    ","AS","499.375,00"]
[14525,"ESCAVADEIRA HIDRAULICA SOBRE ESTEIRAS COM CACAMBA DE 1,20 M3, PESO OPERACIONAL 21 T, POTENCIA BRUTA 155 HP","UN    ","AS","522.875,00"]
[36482,"ESCAVADEIRA HIDRAULICA SOBRE ESTEIRAS, CACAMBA  0,80 M3, PESO OPERACIONAL 17,8 T, POTENCIA LIQUIDA 110 HP","UN    ","AS","448.438,13"]
[36408,"ESCAVADEIRA HIDRAULICA SOBRE ESTEIRAS, CACAMBA 0,4 A 1,70 M3, PESO OPERACIONAL 23,2 T, POTENCIA BRUTA 183 HP","UN    ","AS","535.800,00"]
[2723,"ESCAVADEIRA HIDRAULICA SOBRE ESTEIRAS, CACAMBA 0,62M3, PESO OPERACIONAL 12,61T, POTENCIA LIQUIDA 95HP","UN    ","AS","411.250,00"]
[36481,"ESCAVADEIRA HIDRAULICA SOBRE ESTEIRAS, CACAMBA 0,80 A 1,30 M3, PESO OPERACIONAL 22,18 T, POTENCIA LIQUIDA 170 HP","UN    ","AS","490.562,50"]
[10685,"ESCAVADEIRA HIDRAULICA SOBRE ESTEIRAS, CACAMBA 0,80M3, PESO OPERACIONAL 17T, POTENCIA BRUTA 111HP","UN    ","AS","470.000,00"]
[40636,"ESCAVADEIRA HIDRAULICA SOBRE ESTEIRAS, CAPACIDADE DA CACAMBA ENTRE 1,20 E 1,50 M3, PESO OPERACIONAL ENTRE 20,00 E 22,00 TON, POTENCIA LIQUIDA ENTRE 150 E 155 HP, EQUIPADA COM CLAMSHELL","UN    ","AS","530.526,60"]
[4111,"ESCORA PRE-MOLDADA EM CONCRETO, *10 X 10* CM, H = 2,30M","UN    ","CR","48,73"]
[26021,"ESCOVA CIRCULAR EM ACO LATONADO, 6 X 1 \" (DIAMETRO X ESPESSURA), FURO DE 1 1/4 \", FIO ONDULADO *0,30* MM","UN    ","CR","43,77"]
[12,"ESCOVA DE ACO, COM CABO, *4  X 15* FILEIRAS DE CERDAS","UN    ","C ","5,90"]
[37554,"ESGUICHO JATO REGULAVEL, TIPO ELKHART, ENGATE RAPIDO 1 1/2\", PARA COMBATE A INCENDIO","UN    ","CR","195,24"]
[37555,"ESGUICHO JATO REGULAVEL, TIPO ELKHART, ENGATE RAPIDO 2 1/2\", PARA COMBATE A INCENDIO","UN    ","CR","237,49"]
[10902,"ESGUICHO TIPO JATO SOLIDO, EM LATAO, ENGATE RAPIDO 1 1/2\" X 13 MM, PARA MANGUEIRA EM INSTALACAO PREDIAL COMBATE A INCENDIO","UN    ","CR","59,59"]
[20965,"ESGUICHO TIPO JATO SOLIDO, EM LATAO, ENGATE RAPIDO 1 1/2\" X 16 MM, PARA MANGUEIRA EM INSTALACAO PREDIAL COMBATE A INCENDIO","UN    ","CR","60,15"]
[20966,"ESGUICHO TIPO JATO SOLIDO, EM LATAO, ENGATE RAPIDO 1 1/2\" X 19 MM, PARA MANGUEIRA EM INSTALACAO PREDIAL COMBATE A INCENDIO","UN    ","CR","64,76"]
[10903,"ESGUICHO TIPO JATO SOLIDO, EM LATAO, ENGATE RAPIDO 2 1/2\" X 13 MM, PARA MANGUEIRA EM INSTALACAO PREDIAL COMBATE A INCENDIO","UN    ","CR","98,16"]
[20967,"ESGUICHO TIPO JATO SOLIDO, EM LATAO, ENGATE RAPIDO 2 1/2\" X 16 MM, PARA MANGUEIRA EM INSTALACAO PREDIAL COMBATE A INCENDIO","UN    ","CR","98,16"]
[20968,"ESGUICHO TIPO JATO SOLIDO, EM LATAO, ENGATE RAPIDO 2 1/2\" X 19 MM, PARA MANGUEIRA EM INSTALACAO PREDIAL COMBATE A INCENDIO","UN    ","CR","107,66"]
[11359,"ESMERILHADEIRA ANGULAR ELETRICA, DIAMETRO DO DISCO 7 '' (180 MM), ROTACAO 8500 RPM, POTENCIA 2400 W","UN    ","C ","761,00"]
[39017,"ESPACADOR / DISTANCIADOR CIRCULAR COM ENTRADA LATERAL, EM PLASTICO, PARA VERGALHAO *4,2 A 12,5* MM, COBRIMENTO 20 MM","UN    ","CR","0,17"]
[39315,"ESPACADOR / DISTANCIADOR TIPO GARRA DUPLA, EM PLASTICO, COBRIMENTO *20* MM, PARA FERRAGENS DE LAJES E FUNDO DE VIGAS","UN    ","CR","0,28"]
[39016,"ESPACADOR / DISTANCIADOR TIPO PINO EM PLASTICO, PARA VERGALHAO ATE 10 MM, PARA APOIO DE ARMADURA","UN    ","CR","0,28"]
[40432,"ESPACADOR / SEPARADOR DE BARRA , METALICO, TIPO CARAMBOLA, PARA TIRANTES, 25 X 84 MM","UN    ","CR","2,20"]
[39481,"ESPACADOR OU DISTANCIADOR, EM PLASTICO, TIPO APOIO DE CORDOALHA (CARANGUEJO), PARA ARMADURA NEGATIVA E PROTENSAO, COBRIMENTO 50 MM","UN    ","CR","1,38"]
[40433,"ESPACADOR/SEPARADOR DE CORDOALHA TIPO DISCO 12 FUROS DE 14 MM, PARA TIRANTES","UN    ","CR","1,22"]
[20219,"ESPARGIDOR DE ASFALTO PRESSURIZADO, REBOCAVEL, TANQUE DE 2500 L, PNEUMATICO,  COM MOTOR A GASOLINA 3,4HP","UN    ","AS","74.000,00"]
[36484,"ESPARGIDOR DE ASFALTO PRESSURIZADO, TANQUE 6 M3 COM ISOLACAO TERMICA, AQUECIDO COM 2 MACARICOS, COM BARRA ESPARGIDORA 3,60 M, A SER MONTADO SOBRE CAMINHAO","UN    ","AS","157.088,52"]
[38367,"ESPATULA DE ACO INOX COM CABO DE MADEIRA, LARGURA 8 CM","UN    ","CR","12,31"]
[38368,"ESPATULA DE PLASTICO LISA, LARGURA 10 CM","UN    ","CR","4,94"]
[38091,"ESPELHO / PLACA CEGA 4\" X 2\", PARA INSTALACAO DE TOMADAS E INTERRUPTORES","UN    ","CR","1,78"]
[38095,"ESPELHO / PLACA CEGA 4\" X 4\", PARA INSTALACAO DE TOMADAS E INTERRUPTORES","UN    ","CR","3,77"]
[38092,"ESPELHO / PLACA DE 1 POSTO 4\" X 2\", PARA INSTALACAO DE TOMADAS E INTERRUPTORES","UN    ","CR","1,69"]
[38093,"ESPELHO / PLACA DE 2 POSTOS 4\" X 2\", PARA INSTALACAO DE TOMADAS E INTERRUPTORES","UN    ","CR","1,74"]
[38096,"ESPELHO / PLACA DE 2 POSTOS 4\" X 4\", PARA INSTALACAO DE TOMADAS E INTERRUPTORES","UN    ","CR","4,05"]
[38094,"ESPELHO / PLACA DE 3 POSTOS 4\" X 2\", PARA INSTALACAO DE TOMADAS E INTERRUPTORES","UN    ","CR","2,14"]
[38097,"ESPELHO / PLACA DE 4 POSTOS 4\" X 4\", PARA INSTALACAO DE TOMADAS E INTERRUPTORES","UN    ","CR","4,34"]
[38098,"ESPELHO / PLACA DE 6 POSTOS 4\" X 4\", PARA INSTALACAO DE TOMADAS E INTERRUPTORES","UN    ","CR","4,34"]
[11186,"ESPELHO CRISTAL E = 4 MM","M2    ","CR","359,47"]
[11558,"ESPELHO, RETO OU CURVO, EM LATAO CROMADO, ESPESSURA ATE 6 MM, LARGURA *40*MM, ALTURA *180*MM - PARA FECHADURA DE EMBUTIR","PAR   ","CR","10,03"]
[11557,"ESPELHO, RETO OU CURVO, EM LATAO CROMADO, ESPESSURA MINIMA 6 MM, LARGURA *43*MM, ALTURA *230*MM - PARA FECHADURA DE EMBUTIR","PAR   ","CR","25,40"]
[2759,"ESPOLETA SIMPLES N 8.","UN    ","AS","7,10"]
[38124,"ESPUMA EXPANSIVA DE POLIURETANO, APLICACAO MANUAL - 500 ML","UN    ","C ","25,81"]
[38380,"ESQUADRO DE ACO 12 \" (300 MM), CABO DE ALUMINIO","UN    ","CR","19,56"]
[20059,"ESQUADRO INTERNO OU EXTERNO PARA CALHA PLUVIAL, PVC, DIAMETRO ENTRE 119 E 170 MM, PARA DRENAGEM PREDIAL","UN    ","AS","13,71"]
[42429,"ESQUI TRIPLO, EM TUBO DE ACO CARBONO, PINTURA NO PROCESSO ELETROSTATICO - EQUIPAMENTO DE GINASTICA PARA ACADEMIA AO AR LIVRE / ACADEMIA DA TERCEIRA IDADE - ATI","UN    ","AS","3.353,46"]
[39616,"ESTABILIZADOR BIVOLT AUTOMATICO, 1000 VA","UN    ","C ","349,50"]
[39618,"ESTABILIZADOR BIVOLT AUTOMATICO, 1500 VA","UN    ","CR","633,93"]
[39619,"ESTABILIZADOR BIVOLT AUTOMATICO, 2000 VA","UN    ","CR","868,23"]
[39613,"ESTABILIZADOR BIVOLT AUTOMATICO, 300 VA","UN    ","CR","138,83"]
[39614,"ESTABILIZADOR BIVOLT AUTOMATICO, 500 VA","UN    ","CR","202,54"]
[38538,"ESTACA PRE-MOLDADA MACICA DE CONCRETO VIBRADO ARMADO, PARA CARGA DE 25 T, SECAO QUADRADA DE *16 X 16*, COM ANEL METALICO INCORPORADO A PECA (SOMENTE FORNECIMENTO)","M     ","AS","46,00"]
[38539,"ESTACA PRE-MOLDADA MACICA DE CONCRETO VIBRADO ARMADO, PARA CARGA DE 50 T, SECAO QUADRADA, COM ANEL METALICO INCORPORADO A PECA (SOMENTE FORNECIMENTO)","M     ","AS","62,55"]
[38540,"ESTACA PRE-MOLDADA VAZADA DE CONCRETO CENTRIFUGADO, PARA CARGA DE 100 T, SECAO CIRCULAR, COM ANEL METALICO INCORPORADO A PECA (SOMENTE FORNECIMENTO)","M     ","AS","160,31"]
[38384,"ESTILETE DE METAL, LAMINA 18 MM","UN    ","CR","12,81"]
[13,"ESTOPA","KG    ","CR","9,08"]
[2762,"ESTOPIM SIMPLES","M     ","AS","8,87"]
[21142,"ESTRIBO COM PARAFUSO EM CHAPA DE FERRO FUNDIDO DE 2\" X 3/16\" X 35 CM, SECAO \"U\", PARA MADEIRAMENTO DE TELHADO","UN    ","CR","21,92"]
[12865,"ESTUCADOR","H     ","CR","14,28"]
[41074,"ESTUCADOR (MENSALISTA)","MES   ","CR","2.504,96"]
[4223,"ETANOL","L     ","C ","3,62"]
[37372,"EXAMES - HORISTA (COLETADO CAIXA)","H     ","C ","0,35"]
[40863,"EXAMES - MENSALISTA (COLETADO CAIXA)","MES   ","C ","65,94"]
[38475,"EXTENSAO DE SOLDA 201 ACETILENO, E = *1,5 A 2,5* MM","UN    ","CR","30,00"]
[38474,"EXTENSAO DE SOLDA 201 GLP, E = *2,5 A 4,0* MM","UN    ","CR","37,09"]
[10886,"EXTINTOR DE INCENDIO PORTATIL COM CARGA DE AGUA PRESSURIZADA DE 10 L, CLASSE A","UN    ","CR","150,93"]
[10888,"EXTINTOR DE INCENDIO PORTATIL COM CARGA DE GAS CARBONICO CO2 DE 4 KG, CLASSE BC","UN    ","CR","477,69"]
[10889,"EXTINTOR DE INCENDIO PORTATIL COM CARGA DE GAS CARBONICO CO2 DE 6 KG, CLASSE BC","UN    ","CR","517,50"]
[10890,"EXTINTOR DE INCENDIO PORTATIL COM CARGA DE PO QUIMICO SECO (PQS) DE 12 KG, CLASSE BC","UN    ","CR","238,84"]
[10891,"EXTINTOR DE INCENDIO PORTATIL COM CARGA DE PO QUIMICO SECO (PQS) DE 4 KG, CLASSE BC","UN    ","CR","145,96"]
[10892,"EXTINTOR DE INCENDIO PORTATIL COM CARGA DE PO QUIMICO SECO (PQS) DE 6 KG, CLASSE BC","UN    ","C ","172,50"]
[20977,"EXTINTOR DE INCENDIO PORTATIL COM CARGA DE PO QUIMICO SECO (PQS) DE 8 KG, CLASSE BC","UN    ","CR","205,67"]
[3073,"EXTREMIDADE PVC PBA, BF, JE, DN 100/ DE 110 MM (NBR 10351)","UN    ","AS","163,51"]
[3068,"EXTREMIDADE PVC PBA, BF, JE, DN 50 / DE 60 MM (NBR 10351)","UN    ","AS","32,69"]
[3074,"EXTREMIDADE PVC PBA, BF, JE, DN 75/ DE 85 MM (NBR 10351)","UN    ","AS","103,23"]
[3076,"EXTREMIDADE PVC PBA, PF, JE, DN 100 / DE 110 MM (NBR 10351)","UN    ","AS","134,42"]
[3072,"EXTREMIDADE PVC PBA, PF, JE, DN 50/ DE 60 MM (NBR 10351)","UN    ","AS","33,86"]
[3075,"EXTREMIDADE PVC PBA, PF, JE, DN 75 / DE 85 MM (NBR 10351)","UN    ","AS","84,94"]
[10780,"EXTREMIDADE/TUBETE PARA HIDROMETRO PVC, COM ROSCA, CURTA, COM BUCHA LATAO, 1/2\"","UN    ","AS","7,18"]
[10781,"EXTREMIDADE/TUBETE PARA HIDROMETRO PVC, COM ROSCA, CURTA, COM BUCHA LATAO, 3/4\"","UN    ","AS","11,52"]
[20106,"EXTREMIDADE/TUBETE PARA HIDROMETRO PVC, COM ROSCA, CURTA, SEM BUCHA LATAO, 1/2\"","UN    ","AS","3,79"]
[20107,"EXTREMIDADE/TUBETE PARA HIDROMETRO PVC, COM ROSCA, CURTA, SEM BUCHA LATAO, 3/4\"","UN    ","AS","4,35"]
[20108,"EXTREMIDADE/TUBETE PARA HIDROMETRO PVC, COM ROSCA, LONGA, SEM BUCHA LATAO, 1/2\"","UN    ","AS","5,74"]
[20109,"EXTREMIDADE/TUBETE PARA HIDROMETRO PVC, COM ROSCA, LONGA, SEM BUCHA LATAO, 3/4\"","UN    ","AS","7,18"]
[34795,"FAIXA / FILETE / LISTELO EM CERAMICA, DECORADA, *8 X 30* CM (L X C)","M2    ","AS","257,95"]
[34796,"FAIXA / FILETE / LISTELO EM CERAMICA, LISO OU CORDAO, BRANCO, *2 X 30* CM (L X C)","M     ","AS","11,32"]
[11480,"FECHADURA AUXILIAR SEGURANCA, DE EMBUTIR, REFORCADA, MAQUINA DE 40 A 55 MM, COM CILINDRO, CROMADA, PARA PORTA EXTERNA - COMPLETA","CJ    ","CR","46,21"]
[3103,"FECHADURA C/ CILINDRO LATAO CROMADO P/ PORTA VIDRO TP AROUCA 2171-L OU EQUIV","UN    ","CR","48,23"]
[11481,"FECHADURA DE EMBUTIR PARA PORTA DE BANHEIRO, CHAVE TIPO TRANQUETA, MAQUINA 40 MM, SEM MACANETA, SEM ESPELHO (SOMENTE MAQUINA) - NIVEL SEGURANCA MEDIO","UN    ","CR","14,55"]
[3097,"FECHADURA DE EMBUTIR PARA PORTA DE BANHEIRO, TIPO TRANQUETA, MAQUINA 40 MM, MACANETAS ALAVANCA E ROSETAS REDONDAS EM METAL CROMADO - NIVEL SEGURANCA MEDIO - COMPLETA","CJ    ","CR","29,89"]
[38153,"FECHADURA DE EMBUTIR PARA PORTA DE BANHEIRO, TIPO TRANQUETA, MAQUINA 40 MM, MACANETAS ALAVANCA, ESPELHO EM METAL CROMADO - NIVEL SEGURANCA MEDIO - COMPLETA","CJ    ","CR","27,41"]
[3099,"FECHADURA DE EMBUTIR PARA PORTA DE BANHEIRO, TIPO TRANQUETA, MAQUINA 55 MM, MACANETAS ALAVANCA E ROSETAS REDONDAS EM METAL CROMADO - NIVEL SEGURANCA MEDIO - COMPLETA","CJ    ","CR","47,81"]
[3080,"FECHADURA DE EMBUTIR PARA PORTA EXTERNA / ENTRADA, MAQUINA 40 MM, COM CILINDRO, MACANETA ALAVANCA E ESPELHO EM METAL CROMADO - NIVEL SEGURANCA MEDIO - COMPLETA","CJ    ","C ","39,95"]
[3081,"FECHADURA DE EMBUTIR PARA PORTA EXTERNA / ENTRADA, MAQUINA 55 MM, COM CILINDRO, MACANETA ALAVANCA E ESPELHO EM METAL CROMADO - NIVEL SEGURANCA MEDIO - COMPLETA","CJ    ","CR","60,46"]
[38151,"FECHADURA DE EMBUTIR PARA PORTA EXTERNA, MAQUINA 40 MM, COM CILINDRO, MACANETA ALAVANCA E ROSETA REDONDA EM METAL CROMADO - NIVEL DE SEGURANCA MEDIO - COMPLETA","CJ    ","CR","37,85"]
[11479,"FECHADURA DE EMBUTIR PARA PORTA EXTERNA, MAQUINA 40 MM, SEM MACANETA, SEM ESPELHO (SOMENTE MAQUINA) - NIVEL DE SEGURANCA MEDIO","UN    ","CR","22,01"]
[38152,"FECHADURA DE EMBUTIR PARA PORTA EXTERNA, MAQUINA 55 MM, COM CILINDRO, MACANETA ALAVANCA E ROSETA REDONDA EM METAL CROMADO - NIVEL DE SEGURANCA MEDIO - COMPLETA","CJ    ","CR","54,78"]
[11478,"FECHADURA DE EMBUTIR PARA PORTA EXTERNA, MAQUINA 55 MM, SEM ESPELHO, SEM MACANETA (SOMENTE MAQUINA) - NIVEL DE SEGURANCA MEDIO","UN    ","CR","38,61"]
[3090,"FECHADURA DE EMBUTIR PARA PORTA INTERNA, TIPO GORGES (CHAVE GRANDE), MAQUINA 40 MM, MACANETA ALAVANCA E ESPELHO EM METAL CROMADO - NIVEL SEGURANCA MEDIO - COMPLETA","CJ    ","CR","32,30"]
[3093,"FECHADURA DE EMBUTIR PARA PORTA INTERNA, TIPO GORGES (CHAVE GRANDE), MAQUINA 55 MM, MACANETAS ALAVANCA E ROSETAS REDONDAS EM METAL CROMADO - NIVEL SEGURANCA MEDIO - COMPLETA","CJ    ","CR","53,68"]
[11476,"FECHADURA DE EMBUTIR PARA PORTA INTERNA, TIPO GORGES, MAQUINA 55 MM (SOMENTE MAQUINA, SEM ESPELHO E SEM MACANETA) - NIVEL DE SEGURANCA MEDIO","UN    ","CR","23,13"]
[11484,"FECHADURA DE SOBREPOR PARA PORTAO, CAIXA *100* MM, COM CILINDRO, CHAVE SIMPLES, TRINCO LATERAL, EM  LATAO OU ACO CROMADO OU POLIDO, COM OU SEM PINTURA - COMPLETA","UN    ","CR","26,65"]
[38155,"FECHADURA DE SOBREPOR PARA PORTAO, COM CHAVE TETRA, CAIXA *100* MM, TRINCO LATERAL, EM LATAO OU ACO CROMADO, PINTADO - COMPLETA","UN    ","CR","36,34"]
[11468,"FECHADURA DE SOBREPOR, CROMADA, COM CILINDRO REDONDO, PARA ARMARIO E GAVETA DE MADEIRA, COM PORTA DE APROXIMADAMENTE 20 MM","UN    ","CR","8,16"]
[11469,"FECHADURA TRADICIONAL DE EMBUTIR, CROMADA, COM CILINDRO, PARA GAVETAS E MOVEIS DE MADEIRA - COM ABINHAS LATERAIS CURVAS, CHAVES COM PROTECAO PLASTICA","UN    ","CR","9,74"]
[38165,"FECHO / FECHADURA COM PUXADOR CONCHA, COM TRANCA TIPO TRAVA, PARA JANELA / PORTA DE CORRER (INCLUI TESTA, FECHADURA, PUXADOR) - COMPLETA","CJ    ","CR","48,28"]
[11456,"FECHO / TRINCO / FERROLHO FIO REDONDO, DE SOBREPOR, 12\", EM ACO GALVANIZADO / ZINCADO","UN    ","CR","10,70"]
[3119,"FECHO / TRINCO / FERROLHO FIO REDONDO, DE SOBREPOR, 2\", EM ACO GALVANIZADO / ZINCADO","UN    ","CR","1,59"]
[3122,"FECHO / TRINCO / FERROLHO FIO REDONDO, DE SOBREPOR, 4\", EM ACO GALVANIZADO / ZINCADO","UN    ","CR","2,23"]
[3121,"FECHO / TRINCO / FERROLHO FIO REDONDO, DE SOBREPOR, 5\", EM ACO GALVANIZADO / ZINCADO","UN    ","CR","3,46"]
[3120,"FECHO / TRINCO / FERROLHO FIO REDONDO, DE SOBREPOR, 6\", EM ACO GALVANIZADO / ZINCADO","UN    ","CR","5,47"]
[11455,"FECHO / TRINCO / FERROLHO FIO REDONDO, DE SOBREPOR, 8\", EM ACO GALVANIZADO / ZINCADO","UN    ","CR","7,66"]
[3108,"FECHO DE EMBUTIR, TIPO UNHA, COMANDO COM ALAVANCA, EM LATAO CROMADO, 22 CM, PARA PORTAS E JANELAS - INCLUI PARAFUSOS","UN    ","CR","19,25"]
[3105,"FECHO DE EMBUTIR, TIPO UNHA, COMANDO COM ALAVANCA, EM LATAO CROMADO, 40 CM, PARA PORTAS E JANELAS - INCLUI PARAFUSOS","UN    ","CR","29,91"]
[38178,"FECHO DE EMBUTIR, TIPO UNHA, COMANDO DESLIZANTE, COM TRAVA, 120 MM, EM LATAO CROMADO","UN    ","CR","19,55"]
[11458,"FECHO DE SEGURANCA, TIPO BATOM, EM LATAO / ZAMAC, CROMADO, PARA PORTAS E JANELAS - INCLUI PARAFUSOS","UN    ","CR","17,13"]
[42481,"FELTRO EM LA DE ROCHA, 1 FACE REVESTIDA COM PAPEL ALUMINIZADO, EM ROLO, DENSIDADE = 32 KG/M3, E=*50* MM (COLETADO CAIXA)","M2    ","AS","21,19"]
[43458,"FERRAMENTAS - FAMILIA ALMOXARIFE - HORISTA (ENCARGOS COMPLEMENTARES - COLETADO CAIXA)","H     ","C ","0,04"]
[43470,"FERRAMENTAS - FAMILIA ALMOXARIFE - MENSALISTA (ENCARGOS COMPLEMENTARES - COLETADO CAIXA)","MES   ","C ","7,37"]
[43459,"FERRAMENTAS - FAMILIA CARPINTEIRO DE FORMAS - HORISTA (ENCARGOS COMPLEMENTARES - COLETADO CAIXA)","H     ","C ","0,34"]
[43471,"FERRAMENTAS - FAMILIA CARPINTEIRO DE FORMAS - MENSALISTA (ENCARGOS COMPLEMENTARES - COLETADO CAIXA)","MES   ","C ","64,51"]
[43460,"FERRAMENTAS - FAMILIA ELETRICISTA - HORISTA (ENCARGOS COMPLEMENTARES - COLETADO CAIXA)","H     ","C ","0,55"]
[43472,"FERRAMENTAS - FAMILIA ELETRICISTA - MENSALISTA (ENCARGOS COMPLEMENTARES - COLETADO CAIXA)","MES   ","C ","103,89"]
[43461,"FERRAMENTAS - FAMILIA ENCANADOR - HORISTA (ENCARGOS COMPLEMENTARES - COLETADO CAIXA)","H     ","C ","0,24"]
[43473,"FERRAMENTAS - FAMILIA ENCANADOR - MENSALISTA (ENCARGOS COMPLEMENTARES - COLETADO CAIXA)","MES   ","C ","45,78"]
[43463,"FERRAMENTAS - FAMILIA ENCARREGADO GERAL - HORISTA (ENCARGOS COMPLEMENTARES - COLETADO CAIXA)","H     ","C ","0,08"]
[43475,"FERRAMENTAS - FAMILIA ENCARREGADO GERAL - MENSALISTA (ENCARGOS COMPLEMENTARES - COLETADO CAIXA)","MES   ","C ","14,26"]
[43462,"FERRAMENTAS - FAMILIA ENGENHEIRO CIVIL - HORISTA (ENCARGOS COMPLEMENTARES - COLETADO CAIXA)","H     ","C ","0,01"]
[43474,"FERRAMENTAS - FAMILIA ENGENHEIRO CIVIL - MENSALISTA (ENCARGOS COMPLEMENTARES - COLETADO CAIXA)","MES   ","C ","1,45"]
[43464,"FERRAMENTAS - FAMILIA OPERADOR ESCAVADEIRA - HORISTA (ENCARGOS COMPLEMENTARES - COLETADO CAIXA)","H     ","C ","0,01"]
[43476,"FERRAMENTAS - FAMILIA OPERADOR ESCAVADEIRA - MENSALISTA (ENCARGOS COMPLEMENTARES - COLETADO CAIXA)","MES   ","C ","0,01"]
[43465,"FERRAMENTAS - FAMILIA PEDREIRO - HORISTA (ENCARGOS COMPLEMENTARES - COLETADO CAIXA)","H     ","C ","0,50"]
[43477,"FERRAMENTAS - FAMILIA PEDREIRO - MENSALISTA (ENCARGOS COMPLEMENTARES - COLETADO CAIXA)","MES   ","C ","94,89"]
[43466,"FERRAMENTAS - FAMILIA PINTOR - HORISTA (ENCARGOS COMPLEMENTARES - COLETADO CAIXA)","H     ","C ","1,17"]
[43478,"FERRAMENTAS - FAMILIA PINTOR - MENSALISTA (ENCARGOS COMPLEMENTARES - COLETADO CAIXA)","MES   ","C ","220,02"]
[43467,"FERRAMENTAS - FAMILIA SERVENTE - HORISTA (ENCARGOS COMPLEMENTARES - COLETADO CAIXA)","H     ","C ","0,38"]
[43479,"FERRAMENTAS - FAMILIA SERVENTE - MENSALISTA (ENCARGOS COMPLEMENTARES - COLETADO CAIXA)","MES   ","C ","71,29"]
[43468,"FERRAMENTAS - FAMILIA SOLDADOR - HORISTA (ENCARGOS COMPLEMENTARES - COLETADO CAIXA)","H     ","C ","0,84"]
[43480,"FERRAMENTAS - FAMILIA SOLDADOR - MENSALISTA (ENCARGOS COMPLEMENTARES - COLETADO CAIXA)","MES   ","C ","157,85"]
[43469,"FERRAMENTAS - FAMILIA TOPOGRAFO - HORISTA (ENCARGOS COMPLEMENTARES - COLETADO CAIXA)","H     ","C ","0,05"]
[43481,"FERRAMENTAS - FAMILIA TOPOGRAFO - MENSALISTA (ENCARGOS COMPLEMENTARES - COLETADO CAIXA)","MES   ","C ","10,02"]
[11461,"FERROLHO / FECHO CHATO, DE SOBREPOR, EM FERRO ZINCADO, REFORCADO, 5\", COM PORTA CADEADO, PARA PORTAO, PORTA E JANELA - INCLUI PARAFUSOS","UN    ","CR","4,34"]
[3106,"FERROLHO / FECHO CHATO, DE SOBREPOR, EM FERRO ZINCADO, REFORCADO, 6\", COM PORTA CADEADO, PARA PORTAO, PORTA E JANELA - INCLUI PARAFUSOS","UN    ","CR","3,30"]
[3107,"FERROLHO / FECHO CHATO, EM FERRO ZINCADO, LEVE, 3\", COM PORTA CADEADO, PARA PORTAO, PORTA E JANELA - INCLUI PARAFUSOS","UN    ","CR","2,78"]
[25951,"FERTILIZANTE NPK - 10:10:10","KG    ","AS","1,73"]
[3123,"FERTILIZANTE NPK - 4: 14: 8","KG    ","AS","1,62"]
[38125,"FERTILIZANTE ORGANICO COMPOSTO, CLASSE A","KG    ","CR","1,71"]
[39014,"FIBRA DE ACO PARA REFORCO DO CONCRETO, SOLTA, TIPO A-I, FATOR DE FORMA *50* L / D, COMPRIMENTO DE *30* MM E RESISTENCIA A TRACAO DO ACO MAIOR 1000 MPA","KG    ","AS","5,97"]
[39365,"FILTRO ANAEROBIO, EM POLIETILENO DE ALTA DENSIDADE (PEAD), CAPACIDADE *1100* LITROS (NBR 13969)","UN    ","CR","806,38"]
[39366,"FILTRO ANAEROBIO, EM POLIETILENO DE ALTA DENSIDADE (PEAD), CAPACIDADE *2800* LITROS (NBR 13969)","UN    ","CR","2.064,67"]
[39367,"FILTRO ANAEROBIO, EM POLIETILENO DE ALTA DENSIDADE (PEAD), CAPACIDADE *5000* LITROS (NBR 13969)","UN    ","CR","2.822,03"]
[37394,"FINCAPINO CURTO CALIBRE 22 VERMELHO, CARGA MEDIA (ACAO DIRETA)","CENTO ","AS","35,94"]
[14146,"FINCAPINO LONGO CALIBRE 22, CARGA FORTE (ACAO DIRETA)","CENTO ","AS","57,80"]
[38134,"FIO COBRE NU DE 150 A 500 MM2, PARA TENSOES DE ATE 600 V","KG    ","CR","79,93"]
[38132,"FIO COBRE NU DE 16 A 35 MM2, PARA TENSOES DE ATE 600 V","KG    ","CR","81,53"]
[38133,"FIO COBRE NU DE 50 A 120 MM2, PARA TENSOES DE ATE 600 V","KG    ","CR","78,86"]
[938,"FIO DE COBRE, SOLIDO, CLASSE 1, ISOLACAO EM PVC/A, ANTICHAMA BWF-B, 450/750V, SECAO NOMINAL 1,5 MM2","M     ","CR","1,00"]
[937,"FIO DE COBRE, SOLIDO, CLASSE 1, ISOLACAO EM PVC/A, ANTICHAMA BWF-B, 450/750V, SECAO NOMINAL 10 MM2","M     ","CR","6,21"]
[939,"FIO DE COBRE, SOLIDO, CLASSE 1, ISOLACAO EM PVC/A, ANTICHAMA BWF-B, 450/750V, SECAO NOMINAL 2,5 MM2","M     ","CR","1,61"]
[944,"FIO DE COBRE, SOLIDO, CLASSE 1, ISOLACAO EM PVC/A, ANTICHAMA BWF-B, 450/750V, SECAO NOMINAL 4 MM2","M     ","CR","2,75"]
[940,"FIO DE COBRE, SOLIDO, CLASSE 1, ISOLACAO EM PVC/A, ANTICHAMA BWF-B, 450/750V, SECAO NOMINAL 6 MM2","M     ","CR","3,80"]
[936,"FIO TELEFONICO EXTERNO (FE) EM ACO COBREADO, ISOLACAO EM PEAD OU PVC ANTI-CHAMA, 2 CONDUTORES","M     ","CR","0,70"]
[935,"FIO TELEFONICO INTERNO (FI) EM COBRE ESTANHADO, ISOLACAO EM PVC ANTICHAMA, 2 CONDUTORES DE 0,6 MM (NBR 9115:2005)","M     ","CR","0,53"]
[406,"FITA ACO INOX PARA CINTAR POSTE, L = 19 MM, E = 0,5 MM (ROLO DE 30M)","UN    ","CR","52,73"]
[42529,"FITA ADESIVA ALUMINIZADA, PARA INSTALACAO DE MANTAS DE SUBCOBERTURA,  L = *5* CM","M     ","AS","0,94"]
[39634,"FITA ADESIVA ANTICORROSIVA DE PVC FLEXIVEL, COR PRETA, PARA PROTECAO TUBULACAO, 50 MM X 30 M (L X C), E= *0,25* MM","M     ","CR","5,14"]
[39701,"FITA ADESIVA ASFALTICA ALUMINIZADA MULTIUSO, L = 10 CM, ROLO DE 10 M","UN    ","CR","79,08"]
[12815,"FITA CREPE ROLO DE 25 MM X 50 M","UN    ","CR","5,64"]
[407,"FITA DE ALUMINIO PARA PROTECAO DO CONDUTOR LARGURA 10 MM","KG    ","AS","41,60"]
[39431,"FITA DE PAPEL MICROPERFURADO, 50 X 150 MM, PARA TRATAMENTO DE JUNTAS DE CHAPA DE GESSO PARA DRYWALL","M     ","CR","0,15"]
[39432,"FITA DE PAPEL REFORCADA COM LAMINA DE METAL PARA REFORCO DE CANTOS DE CHAPA DE GESSO PARA DRYWALL","M     ","CR","1,92"]
[20111,"FITA ISOLANTE ADESIVA ANTICHAMA, USO ATE 750 V, EM ROLO DE 19 MM X 20 M","UN    ","C ","5,78"]
[21127,"FITA ISOLANTE ADESIVA ANTICHAMA, USO ATE 750 V, EM ROLO DE 19 MM X 5 M","UN    ","CR","2,18"]
[404,"FITA ISOLANTE DE BORRACHA AUTOFUSAO, USO ATE 69 KV (ALTA TENSAO)","M     ","CR","0,78"]
[14151,"FITA METALICA GRAVADA, L = 17 MM, ROLO DE 25 M, CARGA RECOMENDADA = *120* KGF","UN    ","AS","41,54"]
[14153,"FITA METALICA PERFURADA, L = *18* MM, ROLO DE 30 M, CARGA RECOMENDADA = *30* KGF","UN    ","AS","46,96"]
[14152,"FITA METALICA PERFURADA, L = 17 MM, ROLO DE 30 M, CARGA RECOMENDADA = *19* KGF","UN    ","AS","36,05"]
[14154,"FITA METALICA PERFURADA, L = 25 MM, ROLO DE 30 M, CARGA RECOMENDADA = *222,5* KGF","UN    ","AS","126,18"]
[42015,"FITA PLASTICA ZEBRADA PARA DEMARCACAO DE AREAS, LARGURA = 7 CM, SEM ADESIVO (COLETADO CAIXA)","M     ","AS","0,08"]
[3146,"FITA VEDA ROSCA EM ROLOS DE 18 MM X 10 M (L X C)","UN    ","C ","2,64"]
[3143,"FITA VEDA ROSCA EM ROLOS DE 18 MM X 25 M (L X C)","UN    ","CR","6,00"]
[3148,"FITA VEDA ROSCA EM ROLOS DE 18 MM X 50 M (L X C)","UN    ","CR","9,73"]
[4310,"FIXADOR DE ABA AUTOTRAVANTE PARA TELHA DE FIBROCIMENTO, TIPO CANALETE 90 OU KALHETAO","UN    ","CR","2,09"]
[4311,"FIXADOR DE ABA SIMPLES PARA TELHA DE FIBROCIMENTO, TIPO CANALETA 49 OU KALHETA","UN    ","CR","1,47"]
[4312,"FIXADOR DE ABA SIMPLES PARA TELHA DE FIBROCIMENTO, TIPO CANALETA 90 OU KALHETAO","UN    ","CR","2,06"]
[13261,"FLANELA *30 X 40* CM","UN    ","CR","1,39"]
[3255,"FLANGE PVC, ROSCAVEL SEXTAVADO SEM FUROS 3/4\"","UN    ","CR","5,12"]
[3254,"FLANGE PVC, ROSCAVEL, SEXTAVADO, SEM FUROS 3\"","UN    ","CR","83,13"]
[3259,"FLANGE PVC, ROSCAVEL, SEXTAVADO, SEM FUROS, 1 1/2\"","UN    ","CR","9,99"]
[3258,"FLANGE PVC, ROSCAVEL, SEXTAVADO, SEM FUROS, 1 1/4\"","UN    ","CR","6,03"]
[3251,"FLANGE PVC, ROSCAVEL, SEXTAVADO, SEM FUROS, 1/2\"","UN    ","CR","3,56"]
[3256,"FLANGE PVC, ROSCAVEL, SEXTAVADO, SEM FUROS, 1\"","UN    ","CR","6,74"]
[3261,"FLANGE PVC, ROSCAVEL, SEXTAVADO, SEM FUROS, 2 1/2\"","UN    ","CR","73,51"]
[3260,"FLANGE PVC, ROSCAVEL, SEXTAVADO, SEM FUROS, 2\"","UN    ","CR","12,63"]
[3272,"FLANGE SEXTAVADO DE FERRO GALVANIZADO, COM ROSCA BSP, DE 1 1/2\"","UN    ","AS","31,76"]
[3265,"FLANGE SEXTAVADO DE FERRO GALVANIZADO, COM ROSCA BSP, DE 1 1/4\"","UN    ","AS","25,23"]
[3262,"FLANGE SEXTAVADO DE FERRO GALVANIZADO, COM ROSCA BSP, DE 1/2\"","UN    ","AS","11,04"]
[3264,"FLANGE SEXTAVADO DE FERRO GALVANIZADO, COM ROSCA BSP, DE 1\"","UN    ","AS","18,14"]
[3267,"FLANGE SEXTAVADO DE FERRO GALVANIZADO, COM ROSCA BSP, DE 2 1/2\"","UN    ","AS","59,25"]
[3266,"FLANGE SEXTAVADO DE FERRO GALVANIZADO, COM ROSCA BSP, DE 2\"","UN    ","AS","37,70"]
[3263,"FLANGE SEXTAVADO DE FERRO GALVANIZADO, COM ROSCA BSP, DE 3/4\"","UN    ","AS","15,09"]
[3268,"FLANGE SEXTAVADO DE FERRO GALVANIZADO, COM ROSCA BSP, DE 3\"","UN    ","AS","80,12"]
[3271,"FLANGE SEXTAVADO DE FERRO GALVANIZADO, COM ROSCA BSP, DE 4\"","UN    ","AS","118,44"]
[3270,"FLANGE SEXTAVADO DE FERRO GALVANIZADO, COM ROSCA BSP, DE 6\"","UN    ","AS","199,00"]
[3275,"FORRO COMPOSTO POR PAINEIS DE LA DE VIDRO, REVESTIDOS EM PVC MICROPERFURADO, DE *1250 X 625* MM, ESPESSURA 15 MM (COM COLOCACAO)","M2    ","CR","123,87"]
[39512,"FORRO DE FIBRA MINERAL EM PLACAS DE 1250 X 625 MM, E = 15 MM, BORDA RETA, COM PINTURA ANTIMOFO, APOIADO EM PERFIL DE ACO GALVANIZADO COM 24 MM DE BASE - INSTALADO","M2    ","CR","104,50"]
[39511,"FORRO DE FIBRA MINERAL EM PLACAS DE 625 X 625 MM, E = 15 MM, BORDA RETA, COM PINTURA ANTIMOFO, APOIADO EM PERFIL DE ACO GALVANIZADO COM 24 MM DE BASE - INSTALADO","M2    ","CR","113,98"]
[39513,"FORRO DE FIBRA MINERAL EM PLACAS DE 625 X 625 MM, E = 15/16 MM, BORDA REBAIXADA, COM PINTURA ANTIMOFO, APOIADO EM PERFIL DE ACO GALVANIZADO COM 24 MM DE BASE - INSTALADO","M2    ","CR","122,25"]
[3286,"FORRO DE MADEIRA CEDRINHO OU EQUIVALENTE DA REGIAO, ENCAIXE MACHO/FEMEA COM FRISO, *10 X 1* CM (SEM COLOCACAO)","M2    ","AS","60,22"]
[3287,"FORRO DE MADEIRA CUMARU/IPE CHAMPANHE OU EQUIVALENTE DA REGIAO, ENCAIXE MACHO/FEMEA COM FRISO, *10 X 1* CM (SEM COLOCACAO)","M2    ","AS","91,00"]
[3283,"FORRO DE MADEIRA PINUS OU EQUIVALENTE DA REGIAO, ENCAIXE MACHO/FEMEA COM FRISO, *10 X 1* CM (SEM COLOCACAO)","M2    ","AS","19,11"]
[11587,"FORRO DE PVC LISO, BRANCO, REGUA DE 10 CM, ESPESSURA DE 8 MM A 10 MM (COM COLOCACAO / SEM ESTRUTURA METALICA)","M2    ","CR","84,94"]
[36225,"FORRO DE PVC LISO, BRANCO, REGUA DE 20 CM, ESPESSURA DE 8 MM A 10 MM, COMPRIMENTO 6 M (SEM COLOCACAO)","M2    ","CR","34,50"]
[36230,"FORRO DE PVC, FRISADO, BRANCO, REGUA DE 10 CM, ESPESSURA DE 8 MM A 10 MM E COMPRIMENTO 6 M (SEM COLOCACAO)","M2    ","C ","25,35"]
[36238,"FORRO DE PVC, FRISADO, BRANCO, REGUA DE 20 CM, ESPESSURA DE 8 MM A 10 MM E COMPRIMENTO 6 M (SEM COLOCACAO)","M2    ","CR","24,77"]
[39363,"FOSSA SEPTICA, SEM FILTRO, PARA 15 A 30 CONTRIBUINTES, CILINDRICA, COM TAMPA, EM POLIETILENO DE ALTA DENSIDADE (PEAD), CAPACIDADE APROXIMADA DE 5500 LITROS (NBR 7229)","UN    ","CR","3.284,70"]
[39361,"FOSSA SEPTICA, SEM FILTRO, PARA 4 A 7 CONTRIBUINTES, CILINDRICA,  COM TAMPA, EM POLIETILENO DE ALTA DENSIDADE (PEAD), CAPACIDADE APROXIMADA DE 1100 LITROS (NBR 7229)","UN    ","CR","844,63"]
[39362,"FOSSA SEPTICA, SEM FILTRO, PARA 8 A 14 CONTRIBUINTES, CILINDRICA, COM TAMPA, EM POLIETILENO DE ALTA DENSIDADE (PEAD), CAPACIDADE APROXIMADA DE 3000 LITROS (NBR 7229)","UN    ","CR","2.599,16"]
[39364,"FOSSA SEPTICA,SEM FILTRO, PARA 40 A 52 CONTRIBUINTES, CILINDRICA, COM TAMPA, EM POLIETILENO DE ALTA DENSIDADE (PEAD), CAPACIDADE APROXIMADA DE 10000 LITROS (NBR 7229)","UN    ","CR","7.507,90"]
[14576,"FRESADORA DE ASFALTO A FRIO SOBRE ESTEIRAS, LARG. FRESAGEM 2,00 M, POT. 410 KW/550 HP","UN    ","AS","4.494.313,11"]
[13877,"FRESADORA DE ASFALTO A FRIO SOBRE RODAS, LARG. FRESAGEM 1,00 M, POT. 155 KW/208 HP","UN    ","AS","1.923.948,41"]
[7307,"FUNDO ANTICORROSIVO PARA METAIS FERROSOS (ZARCAO)","L     ","CR","21,21"]
[38122,"FUNDO PREPARADOR ACRILICO BASE AGUA","L     ","CR","8,63"]
[38633,"FURO PARA TORNEIRA OU OUTROS ACESSORIOS  EM BANCADA DE MARMORE/ GRANITO OU OUTRO TIPO DE PEDRA NATURAL","UN    ","AS","16,73"]
[12344,"FUSIVEL DIAZED 20 A TAMANHO DII, CAPACIDADE DE INTERRUPCAO DE 50 KA EM VCA E 8 KA EM VCC, TENSAO NOMIMNAL DE 500 V","UN    ","CR","4,37"]
[12343,"FUSIVEL DIAZED 35 A TAMANHO DIII, CAPACIDADE DE INTERRUPCAO DE 50 KA EM VCA E 8 KA EM VCC, TENSAO NOMIMNAL DE 500 V","UN    ","CR","6,78"]
[3295,"FUSIVEL NH *36* A 80 AMPERES, TAMANHO 00, CAPACIDADE DE INTERRUPCAO DE 120 KA, TENSAO NOMIMNAL DE 500 V","UN    ","CR","23,67"]
[3302,"FUSIVEL NH 100 A TAMANHO 00, CAPACIDADE DE INTERRUPCAO DE 120 KA, TENSAO NOMIMNAL DE 500 V","UN    ","CR","24,75"]
[3297,"FUSIVEL NH 125 A TAMANHO 00, CAPACIDADE DE INTERRUPCAO DE 120 KA, TENSAO NOMIMNAL DE 500 V","UN    ","CR","26,42"]
[3294,"FUSIVEL NH 160 A TAMANHO 00, CAPACIDADE DE INTERRUPCAO DE 120 KA, TENSAO NOMIMNAL DE 500 V","UN    ","CR","26,82"]
[3292,"FUSIVEL NH 20 A TAMANHO 000, CAPACIDADE DE INTERRUPCAO DE 120 KA, TENSAO NOMIMNAL DE 500 V","UN    ","C ","25,20"]
[3298,"FUSIVEL NH 200 A 250 AMPERES, TAMANHO 1, CAPACIDADE DE INTERRUPCAO DE 120 KA, TENSAO NOMIMNAL DE 500 V","UN    ","CR","59,06"]
[11596,"GABIAO  TIPO CAIXA, MALHA HEXAGONAL 8 X 10 CM (ZN/AL), FIO 2,7 MM, DIMENSOES 2,0 X 1,0 X 0,5 M (C X L X A)","UN    ","AS","427,37"]
[34802,"GABIAO MANTA (COLCHAO) MALHA HEXAGONAL 6 X 8 CM (ZN/AL REVESTIDO COM POLIMERO), DIMENSOES 4,0 X 2,0 X 0,17 M (C X L X A) FIO 2 MM","UN    ","AS","1.173,69"]
[11588,"GABIAO MANTA (COLCHAO) MALHA HEXAGONAL 6 X 8 CM (ZN/AL REVESTIDO COM POLIMERO), FIO 2 MM, DIMENSOES 4,0 X 2,0 X 0,23 M (C X L X A)","UN    ","AS","1.266,23"]
[34383,"GABIAO MANTA (COLCHAO) MALHA HEXAGONAL 6 X 8 CM (ZN/AL REVESTIDO COM POLIMERO), FIO 2 MM, DIMENSOES 4,0 X 2,0 X 0,3 M (C X L X A)","UN    ","AS","1.392,94"]
[40451,"GABIAO MANTA (COLCHAO) MALHA HEXAGONAL 6 X 8 CM (ZN/AL REVESTIDO COM POLIMERO), FIO 2,0 MM, DIMENSOES 5,0 X 2,0 X 0,17 M (C X L X A)","M2    ","AS","112,60"]
[40453,"GABIAO MANTA (COLCHAO) MALHA HEXAGONAL 6 X 8 CM (ZN/AL REVESTIDO COM POLIMERO), FIO 2,0 MM, DIMENSOES 5,0 X 2,0 X 0,23 M (C X L X A)","M2    ","AS","121,83"]
[40452,"GABIAO MANTA (COLCHAO) MALHA HEXAGONAL 6 X 8 CM (ZN/AL REVESTIDO COM POLIMERO), FIO 2,0 MM, DIMENSOES 5,0 X 2,0 X 0,30 M (C X L X A)","M2    ","AS","133,63"]
[11594,"GABIAO SACO MALHA HEXAGONAL 8 X 10 CM (ZN/AL REVESTIDO COM POLIMERO),  FIO 2,4 MM, DIMENSOES 3,0 X 0,65 M","UN    ","AS","403,58"]
[3311,"GABIAO SACO MALHA HEXAGONAL 8 X 10 CM (ZN/AL REVESTIDO COM POLIMERO), FIO 2,4 MM, H = 0,65 M","M3    ","AS","403,58"]
[11599,"GABIAO SACO MALHA HEXAGONAL 8 X 10 CM (ZN/AL), FIO 2,7 MM, DIMENSOES 4,0 X 0,65 M","UN    ","AS","536,72"]
[11593,"GABIAO TIPO CAIXA MALHA HEXAGONAL 8 X 10 CM (ZN/AL REVESTIDO COM POLIMERO),  FIO 2,4 MM, DIMENSOES 2,0 X 1,0 X 1,0 M (C X L X A)","UN    ","AS","752,44"]
[3314,"GABIAO TIPO CAIXA MALHA HEXAGONAL 8 X 10 CM (ZN/AL REVESTIDO COM POLIMERO),  FIO 2,4 MM, H = 0,50 M","M3    ","AS","538,15"]
[11597,"GABIAO TIPO CAIXA MALHA HEXAGONAL 8 X 10 CM (ZN/AL), FIO 2,7 MM, DIMENSOES 2,0 X 1,0 X 1,0 M (C X L X A)","UN    ","AS","625,80"]
[3309,"GABIAO TIPO CAIXA MALHA HEXAGONAL 8 X 10 CM (ZN/AL), FIO 2,7 MM, H = 0,50 M","M3    ","AS","427,37"]
[34612,"GABIAO TIPO CAIXA PARA SOLO REFORCADO, MALHA HEXAGONAL DE DUPLA TORCAO 8 X 10 CM (ZN/AL REVESTIDO COM POLIMERO), FIO 2,7 MM, DIMENSOES 2,0 X 1,0 X 0,5 M, COM CAUDA DE 3,0 M","UN    ","AS","774,01"]
[34635,"GABIAO TIPO CAIXA PARA SOLO REFORCADO, MALHA HEXAGONAL DE DUPLA TORCAO 8 X 10 CM (ZN/AL REVESTIDO COM POLIMERO), FIO 2,7 MM, DIMENSOES 2,0 X 1,0 X 1,0 M, COM CAUDA DE 3,0 M","UN    ","AS","995,34"]
[34633,"GABIAO TIPO CAIXA PARA SOLO REFORCADO, MALHA HEXAGONAL DE DUPLA TORCAO 8 X 10 CM (ZN/AL REVESTIDO COM POLIMERO), FIO 2,7 MM, DIMENSOES 2,0 X 1,0 X 1,0 M, COM CAUDA DE 4,0 M","UN    ","AS","1.097,13"]
[40440,"GABIAO TIPO CAIXA PARA SOLO REFORCADO, MALHA HEXAGONAL 8 X 10 CM (ZN/AL REVESTIDO COM POLIMERO), FIO 2,7 MM, DIMENSOES 2,0 X 1,0 X 0,5 M, COM CAUDA DE 4,0 M","M3    ","AS","560,54"]
[40441,"GABIAO TIPO CAIXA PARA SOLO REFORCADO, MALHA HEXAGONAL 8 X 10 CM (ZN/AL REVESTIDO COM POLIMERO), FIO 2,7 MM, DIMENSOES 2,0 X 1,0 X 1,0 M, COM CAUDA DE 4,0 M","M3    ","AS","357,87"]
[40449,"GABIAO TIPO CAIXA TRAPEZOIDAL, MALHA HEXAGONAL 10 X 12 CM (ZN/AL REVESTIDO COM POLIMERO) FIO 2,7 MM, FACE COM 65 GRAUS, COM GEOSSINTETICO, DIMENSOES 2,0 X 1,5 X 1,0 M (C X L X A)","M3    ","AS","300,85"]
[34800,"GABIAO TIPO CAIXA, MALHA HEXAGONAL 8 X 10 CM (ZN/AL REVESTIDO COM POLIMERO), FIO DE 2,4 MM, DIMENSOES 2,0 x 1,0 x 1,0 M (C X L X A)","M3    ","AS","376,22"]
[11592,"GABIAO TIPO CAIXA, MALHA HEXAGONAL 8 X 10 CM (ZN/AL REVESTIDO COM POLIMERO), FIO 2,4 MM, DIMENSOES 2,0 X 1,0 X 0,5 M (C X L X A)","UN    ","AS","538,15"]
[40438,"GABIAO TIPO CAIXA, MALHA HEXAGONAL 8 X 10 CM (ZN/AL), FIO DE 2,7 MM, DIMENSOES 2,0 X 1,0 X 1,0 M (C X L X A)","M3    ","AS","250,64"]
[40436,"GABIAO TIPO CAIXA, MALHA HEXAGONAL 8 X 10 CM (ZN/AL), FIO DE 2,7 MM, DIMENSOES 5,0 X 1,0 X 1,0 M (C X L X A)","M3    ","AS","312,53"]
[4315,"GANCHO CHATO EM FERRO GALVANIZADO,  L = 110 MM, RECOBRIMENTO = 100MM, SECAO 1/8 X 1/2\" (3 MM X 12 MM), PARA FIXAR TELHA DE FIBROCIMENTO ONDULADA","UN    ","CR","1,52"]
[42482,"GANCHO L COM ROSCA, PARA FIXAR TELHA EM MADEIRA, 1/4\" X 350 MM (COLETADO CAIXA)","UN    ","CR","2,02"]
[402,"GANCHO OLHAL EM ACO GALVANIZADO, ESPESSURA 16MM, ABERTURA 21MM","UN    ","AS","9,41"]
[4226,"GAS DE COZINHA - GLP","KG    ","C ","5,44"]
[4222,"GASOLINA COMUM","L     ","C ","4,50"]
[34804,"GEOGRELHA TECIDA COM FILAMENTOS DE POLIESTER + PVC, RESISTENCIA LONGITUDINAL: 90 KN/M, RESISTENCIA TRANSVERSAL: 30 KN/M, ALONGAMENTO = 12 POR CENTO","M2    ","AS","45,43"]
[4013,"GEOTEXTIL NAO TECIDO AGULHADO DE FILAMENTOS CONTINUOS 100% POLIESTER, RESITENCIA A TRACAO = 09 KN/M","M2    ","CR","5,58"]
[4011,"GEOTEXTIL NAO TECIDO AGULHADO DE FILAMENTOS CONTINUOS 100% POLIESTER, RESITENCIA A TRACAO = 10 KN/M","M2    ","CR","6,23"]
[4021,"GEOTEXTIL NAO TECIDO AGULHADO DE FILAMENTOS CONTINUOS 100% POLIESTER, RESITENCIA A TRACAO = 14 KN/M","M2    ","CR","7,77"]
[4019,"GEOTEXTIL NAO TECIDO AGULHADO DE FILAMENTOS CONTINUOS 100% POLIESTER, RESITENCIA A TRACAO = 16 KN/M","M2    ","CR","9,33"]
[4012,"GEOTEXTIL NAO TECIDO AGULHADO DE FILAMENTOS CONTINUOS 100% POLIESTER, RESITENCIA A TRACAO = 21 KN/M","M2    ","CR","12,50"]
[4020,"GEOTEXTIL NAO TECIDO AGULHADO DE FILAMENTOS CONTINUOS 100% POLIESTER, RESITENCIA A TRACAO = 26 KN/M","M2    ","CR","15,65"]
[4018,"GEOTEXTIL NAO TECIDO AGULHADO DE FILAMENTOS CONTINUOS 100% POLIESTER, RESITENCIA A TRACAO = 31 KN/M","M2    ","CR","18,75"]
[36498,"GERADOR PORTATIL MONOFASICO, POTENCIA 5500 VA, MOTOR A GASOLINA, POTENCIA DO MOTOR 13 CV","UN    ","AS","5.282,42"]
[12872,"GESSEIRO","H     ","CR","13,62"]
[41075,"GESSEIRO (MENSALISTA)","MES   ","CR","2.387,47"]
[3315,"GESSO EM PO PARA REVESTIMENTOS/MOLDURAS/SANCAS","KG    ","CR","0,37"]
[36870,"GESSO PROJETADO","KG    ","CR","0,37"]
[5092,"GONZO DE EMBUTIR, EM LATAO / ZAMAC, *20 X 48* MM, PARA JANELA BASCULANTE / PIVOTANTE -  INCLUI PARAFUSOS","PAR   ","CR","12,28"]
[11462,"GONZO DE SOBREPOR, EM LATAO / ZAMAC, PARA JANELA PIVOTANTE - INCLUI PARAFUSOS","PAR   ","CR","12,56"]
[36529,"GRADE DE DISCOS COM CONTROLE REMOTO, REBOCAVEL, COM 24 DISCOS 24\" X 6 MM, COM PNEUS PARA TRANSPORTE","UN    ","AS","34.311,22"]
[3318,"GRADE DE DISCOS MECANICA 20X24\" COM 20 DISCOS 24\" X 6MM  COM PNEUS PARA TRANSPORTE","UN    ","AS","26.900,00"]
[3324,"GRAMA BATATAIS EM PLACAS, SEM PLANTIO","M2    ","CR","4,99"]
[3322,"GRAMA ESMERALDA OU SAO CARLOS OU CURITIBANA, EM PLACAS, SEM PLANTIO","M2    ","C ","7,00"]
[5076,"GRAMPO DE ACO POLIDO 1 \" X 9","KG    ","CR","13,25"]
[5077,"GRAMPO DE ACO POLIDO 7/8 \" X 9","KG    ","CR","14,65"]
[11837,"GRAMPO LINHA VIVA DE LATAO ESTANHADO, DIAMETRO DO CONDUTOR PRINCIPAL DE 10 A 120 MM2, DIAMETRO DA DERIVACAO DE 10 A 70 MM2","UN    ","CR","37,66"]
[38055,"GRAMPO METALICO TIPO OLHAL PARA HASTE DE ATERRAMENTO DE 1/2'', CONDUTOR DE *10* A 50 MM2","UN    ","CR","3,41"]
[415,"GRAMPO METALICO TIPO OLHAL PARA HASTE DE ATERRAMENTO DE 1'', CONDUTOR DE *10* A 50 MM2","UN    ","CR","15,44"]
[416,"GRAMPO METALICO TIPO OLHAL PARA HASTE DE ATERRAMENTO DE 3/4'', CONDUTOR DE *10* A 50 MM2","UN    ","CR","5,65"]
[425,"GRAMPO METALICO TIPO OLHAL PARA HASTE DE ATERRAMENTO DE 5/8'', CONDUTOR DE *10* A 50 MM2","UN    ","CR","3,50"]
[426,"GRAMPO METALICO TIPO U PARA HASTE DE ATERRAMENTO DE ATE 3/4'', CONDUTOR DE 10 A 25 MM2","UN    ","CR","19,30"]
[38056,"GRAMPO METALICO TIPO U PARA HASTE DE ATERRAMENTO DE ATE 5/8'', CONDUTOR DE 10 A 25 MM2","UN    ","CR","18,85"]
[1564,"GRAMPO PARALELO METALICO PARA CABO DE 6 A 50 MM2, COM 2 PARAFUSOS","UN    ","CR","7,19"]
[11032,"GRAMPO U DE 5/8 \" N8 EM FERRO GALVANIZADO","UN    ","CR","8,56"]
[36786,"GRANALHA DE ACO, ANGULAR (GRIT), PARA JATEAMENTO, PENEIRA 0,117 A 1,00 MM, (SAE G-40 A G-80)","SC25KG","AS","128,39"]
[36785,"GRANALHA DE ACO, ANGULAR (GRIT), PARA JATEAMENTO, PENEIRA 1,41 A 1,19 MM (SAE G16)","SC25KG","AS","111,57"]
[36782,"GRANALHA DE ACO, ESFERICA (SHOT), PARA JATEAMENTO, PENEIRA 0,40 A 1,00 MM (SAE S-170 A S-280)","SC25KG","AS","133,17"]
[25930,"GRANALHA DE ACO, ESFERICA (SHOT), PARA JATEAMENTO, PENEIRA 1,19 A 1,00 MM (SAE S390)","SC25KG","AS","150,00"]
[4824,"GRANILHA/ GRANA/ PEDRISCO OU AGREGADO EM MARMORE/ GRANITO/ QUARTZO E CALCARIO, PRETO, CINZA, PALHA OU BRANCO","KG    ","AS","0,44"]
[11795,"GRANITO PARA BANCADA, POLIDO, TIPO ANDORINHA/ QUARTZ/ CASTELO/ CORUMBA OU OUTROS EQUIVALENTES DA REGIAO, E=  *2,5* CM","M2    ","AS","543,39"]
[134,"GRAUTE CIMENTICIO PARA USO GERAL","KG    ","CR","1,37"]
[4229,"GRAXA LUBRIFICANTE","KG    ","CR","27,16"]
[11244,"GRELHA FOFO ARTICULADA, CARGA MAXIMA 1,5 T, *300 X 1000* MM, E= *15* MM","UN    ","AS","181,14"]
[11245,"GRELHA FOFO SIMPLES COM REQUADRO, CARGA MAXIMA  12,5 T, *300 X 1000* MM, E= *15* MM, AREA ESTACIONAMENTO CARRO PASSEIO","UN    ","AS","250,54"]
[11235,"GRELHA FOFO SIMPLES COM REQUADRO, CARGA MAXIMA 1,5 T, 150 X 1000 MM, E= *15* MM","UN    ","AS","138,23"]
[11236,"GRELHA FOFO SIMPLES COM REQUADRO, CARGA MAXIMA 1,5 T, 200 X 1000 MM, E= *15* MM","UN    ","AS","175,67"]
[11731,"GRELHA PVC BRANCA QUADRADA, 150 X 150 MM","UN    ","CR","3,87"]
[11732,"GRELHA PVC CROMADA REDONDA, 150 MM","UN    ","CR","19,65"]
[36494,"GRUA ASCENCIONAL, LANCA DE 30 M, CAPACIDADE DE 1,0 T A 30 M, ALTURA ATE 39 M","UN    ","AS","377.809,08"]
[36493,"GRUA ASCENCIONAL, LANCA DE 42 M, CAPACIDADE DE 1,5 T A 30 M, ALTURA ATE 39 M","UN    ","AS","428.042,35"]
[36492,"GRUA ASCENCIONAL, LANCA DE 50 M, CAPACIDADE DE 2,33 T A 30 M, ALTURA ATE 48 M","UN    ","AS","795.140,35"]
[13333,"GRUPO DE SOLDAGEM C/ GERADOR A DIESEL 60 CV PARA SOLDA ELETRICA, SOBRE 04 RODAS, COM MOTOR 4 CILINDROS","UN    ","AS","146.282,53"]
[13533,"GRUPO DE SOLDAGEM COM GERADOR A DIESEL 30 CV, PARA SOLDA ELETRICA, SOBRE DUAS RODAS","UN    ","AS","130.760,33"]
[36499,"GRUPO GERADOR A GASOLINA, POTENCIA NOMINAL 2,2 KW, TENSAO DE SAIDA 110/220 V, MOTOR POTENCIA 6,5 HP","UN    ","AS","2.852,51"]
[39585,"GRUPO GERADOR DIESEL, COM CARENAGEM, POTENCIA STANDART ENTRE 100 E 110 KVA, VELOCIDADE DE 1800 RPM, FREQUENCIA DE 60 HZ","UN    ","AS","94.454,63"]
[39586,"GRUPO GERADOR DIESEL, COM CARENAGEM, POTENCIA STANDART ENTRE 140 E 150 KVA, VELOCIDADE DE 1800 RPM, FREQUENCIA DE 60 HZ","UN    ","AS","110.788,88"]
[39587,"GRUPO GERADOR DIESEL, COM CARENAGEM, POTENCIA STANDART ENTRE 210 E 220 KVA, VELOCIDADE DE 1800 RPM, FREQUENCIA DE 60 HZ","UN    ","AS","134.935,18"]
[39588,"GRUPO GERADOR DIESEL, COM CARENAGEM, POTENCIA STANDART ENTRE 250 E 260 KVA, VELOCIDADE DE 1800 RPM, FREQUENCIA DE 60 HZ","UN    ","AS","156.240,73"]
[39584,"GRUPO GERADOR DIESEL, COM CARENAGEM, POTENCIA STANDART ENTRE 50 E 55 KVA, VELOCIDADE DE 1800 RPM, FREQUENCIA DE 60 HZ","UN    ","AS","84.114,33"]
[39590,"GRUPO GERADOR DIESEL, SEM CARENAGEM, POTENCIA STANDART ENTRE 100 E 110 KVA, VELOCIDADE DE 1800 RPM, FREQUENCIA DE 60 HZ","UN    ","AS","82.097,40"]
[39592,"GRUPO GERADOR DIESEL, SEM CARENAGEM, POTENCIA STANDART ENTRE 210 E 220 KVA, VELOCIDADE DE 1800 RPM, FREQUENCIA DE 60 HZ","UN    ","AS","117.975,95"]
[39593,"GRUPO GERADOR DIESEL, SEM CARENAGEM, POTENCIA STANDART ENTRE 250 E 260 KVA, VELOCIDADE DE 1800 RPM, FREQUENCIA DE 60 HZ","UN    ","AS","134.935,18"]
[14254,"GRUPO GERADOR DIESEL, SEM CARENAGEM, POTENCIA STANDART ENTRE 80 E 90 KVA, VELOCIDADE DE 1800 RPM, FREQUENCIA DE 60 HZ","UN    ","AS","76.700,00"]
[25987,"GRUPO GERADOR ESTACIONARIO SILENCIADO, POTENCIA 50 KVA, MOTOR DIESEL","UN    ","AS","64.050,62"]
[25019,"GRUPO GERADOR ESTACIONARIO, MOTOR DIESEL POTENCIA 170 KVA","UN    ","AS","109.789,92"]
[36501,"GRUPO GERADOR ESTACIONARIO, POTENCIA 150 KVA, MOTOR DIESEL","UN    ","AS","97.750,86"]
[25986,"GRUPO GERADOR ESTACIONARIO, SILENCIADO, POTENCIA 180 KVA, MOTOR DIESEL","UN    ","AS","117.515,26"]
[36500,"GRUPO GERADOR REBOCAVEL, POTENCIA *66* KVA, MOTOR A DIESEL","UN    ","AS","69.077,86"]
[20017,"GUARNICAO/ ALIZAR/ VISTA MACICA, E= *1* CM, L= *4,5* CM, EM CEDRINHO/ ANGELIM COMERCIAL/  EUCALIPTO/ CURUPIXA/ PEROBA/ CUMARU OU EQUIVALENTE DA REGIAO","M     ","CR","3,93"]
[20007,"GUARNICAO/ ALIZAR/ VISTA MACICA, E= *1* CM, L= *4,5* CM, EM PINUS/ TAUARI/ VIROLA OU EQUIVALENTE DA REGIAO","M     ","CR","3,02"]
[39836,"GUARNICAO/ALIZAR/VISTA, E = *1,3* CM, L = *5,0* CM HASTE REGULAVEL = *35* MM, EM MDF/PVC WOOD/ POLIESTIRENO OU MADEIRA LAMINADA, PRIMER BRANCO","JG    ","CR","235,65"]
[39830,"GUARNICAO/ALIZAR/VISTA, E = *1,3* CM, L = *7,0* CM, EM POLIESTIRENO, BRANCO","JG    ","CR","268,76"]
[39831,"GUARNICAO/ALIZAR/VISTA, E = *1,5* CM, L = *5,0* CM, EM POLIESTIRENO, BRANCO","JG    ","CR","268,19"]
[36888,"GUARNICAO/MOLDURA DE ACABAMENTO PARA ESQUADRIA DE ALUMINIO ANODIZADO NATURAL, PARA 1 FACE","M     ","CR","4,47"]
[40527,"GUINCHO DE ALAVANCA MANUAL, CAPACIDADE DE 1,6 T, COM 20 M DE CABO DE ACO (AQUISICAO)","UN    ","AS","2.241,73"]
[36497,"GUINCHO DE ALAVANCA MANUAL, CAPACIDADE 3,2 T COM 20 M DE CABO DE ACO DIAMETRO 16,3 MM","UN    ","AS","2.559,18"]
[36487,"GUINCHO ELETRICO DE COLUNA, CAPACIDADE 400 KG, COM MOTO FREIO, MOTOR TRIFASICO DE 1,25 CV","UN    ","AS","4.455,93"]
[25952,"GUINDASTE HIDRAULICO AUTOPROPELIDO, COM LANCA TELESCOPICA 28,80 M, CAPACIDADE MAXIMA 30 T, POTENCIA 97 KW, TRACAO 4 X 4","UN    ","AS","660.657,27"]
[25954,"GUINDASTE HIDRAULICO AUTOPROPELIDO, COM LANCA TELESCOPICA 40 M, CAPACIDADE MAXIMA 60 T, POTENCIA 260 KW, TRACAO 6 X 6","UN    ","AS","1.270.494,75"]
[25953,"GUINDASTE HIDRAULICO AUTOPROPELIDO, COM LANCA TELESCOPICA 50 M, CAPACIDADE MAXIMA 100 T, POTENCIA 350 KW, TRACAO 10 X 6","UN    ","AS","2.159.841,08"]
[37776,"GUINDAUTO HIDRAULICO, CAPACIDADE MAXIMA DE CARGA 10000 KG, MOMENTO MAXIMO DE CARGA 23 TM , ALCANCE MAXIMO HORIZONTAL 11,80 M, PARA MONTAGEM SOBRE CHASSI DE CAMINHAO PBT MINIMO 15000 KG (INCLUI MONTAGEM, NAO INCLUI CAMINHAO)","UN    ","AS","132.370,65"]
[37775,"GUINDAUTO HIDRAULICO, CAPACIDADE MAXIMA DE CARGA 14340 KG, MOMENTO MAXIMO DE CARGA 42,3 TM, ALCANCE MAXIMO HORIZONTAL 16,80 M, PARA MONTAGEM SOBRE CHASSI DE CAMINHAO PBT MINIMO 23000 KG (INCLUI MONTAGEM, NAO INCLUI CAMINHAO)","UN    ","AS","208.493,79"]
[36491,"GUINDAUTO HIDRAULICO, CAPACIDADE MAXIMA DE CARGA 30000 KG, MOMENTO MAXIMO DE CARGA 92,2 TM , ALCANCE MAXIMO HORIZONTAL  22,00 M, PARA MONTAGEM SOBRE CHASSI DE CAMINHAO PBT MINIMO 30000 KG (INCLUI MONTAGEM, NAO INCLUI CAMINHAO)","UN    ","AS","772.114,39"]
[10712,"GUINDAUTO HIDRAULICO, CAPACIDADE MAXIMA DE CARGA 3300 KG, MOMENTO MAXIMO DE CARGA 5,8 TM , ALCANCE MAXIMO HORIZONTAL  7,60 M, PARA MONTAGEM SOBRE CHASSI DE CAMINHAO PBT MINIMO 8000 KG (INCLUI MONTAGEM, NAO INCLUI CAMINHAO)","UN    ","AS","52.123,44"]
[3363,"GUINDAUTO HIDRAULICO, CAPACIDADE MAXIMA DE CARGA 6200 KG, MOMENTO MAXIMO DE CARGA 11,7 TM , ALCANCE MAXIMO HORIZONTAL  9,70 M, PARA MONTAGEM SOBRE CHASSI DE CAMINHAO PBT MINIMO 13000 KG (INCLUI MONTAGEM, NAO INCLUI CAMINHAO)","UN    ","AS","73.316,50"]
[3365,"GUINDAUTO HIDRAULICO, CAPACIDADE MAXIMA DE CARGA 8500 KG, MOMENTO MAXIMO DE CARGA 30,4 TM , ALCANCE MAXIMO HORIZONTAL  14,30 M, PARA MONTAGEM SOBRE CHASSI DE CAMINHAO PBT MINIMO 23000 KG (INCLUI MONTAGEM, NAO INCLUI CAMINHAO)","UN    ","AS","171.377,31"]
[7569,"HASTE ANCORA EM ACO GALVANIZADO, DIMENSOES 16 MM X 2000 MM","UN    ","AS","43,94"]
[34349,"HASTE DE ACO GALVANIZADO PARA FIXACAO DE CONCERTINA 2 \"/3 M","UN    ","CR","19,81"]
[11991,"HASTE DE ATERRAMENTO EM ACO GALVANIZADO TIPO CANTONEIRA COM 2,00 M DE COMPRIMENTO, 25 X 25 MM E CHAPA DE 3/16\"","UN    ","CR","42,90"]
[20062,"HASTE METALICA PARA FIXACAO DE CALHA PLUVIAL,  ZINCADA, DOBRADA 90 GRAUS","UN    ","AS","12,00"]
[11029,"HASTE RETA PARA GANCHO DE FERRO GALVANIZADO, COM ROSCA 1/4 \" X 30 CM PARA FIXACAO DE TELHA METALICA, INCLUI PORCA E ARRUELAS DE VEDACAO","CJ    ","CR","1,31"]
[4316,"HASTE RETA PARA GANCHO DE FERRO GALVANIZADO, COM ROSCA 1/4 \" X 40 CM PARA FIXACAO DE TELHA DE FIBROCIMENTO, INCLUI PORCA SEXTAVADA DE  ZINCO","UN    ","CR","1,32"]
[4313,"HASTE RETA PARA GANCHO DE FERRO GALVANIZADO, COM ROSCA 5/16\" X 35 CM PARA FIXACAO DE TELHA DE FIBROCIMENTO, INCLUI PORCA E ARRUELAS DE VEDACAO","CJ    ","CR","1,90"]
[4317,"HASTE RETA PARA GANCHO DE FERRO GALVANIZADO, COM ROSCA 5/16\" X 40 CM PARA FIXACAO DE TELHA DE FIBROCIMENTO, INCLUI PORCA SEXTAVADA DE  ZINCO","UN    ","CR","2,16"]
[4314,"HASTE RETA PARA GANCHO DE FERRO GALVANIZADO, COM ROSCA 5/16\" X 45 CM PARA FIXACAO DE TELHA DE FIBROCIMENTO, INCLUI PORCA E ARRUELAS DE VEDACAO","CJ    ","CR","2,53"]
[10921,"HIDRANTE DE COLUNA COMPLETO, EM FERRO FUNDIDO, DN = 100 MM, COM REGISTRO, CUNHA DE BORRACHA, CURVA DESSIMETRICA, EXTREMIDADE E TAMPAS (INCLUI KIT FIXACAO)","UN    ","AS","3.306,55"]
[10922,"HIDRANTE DE COLUNA COMPLETO, EM FERRO FUNDIDO, DN = 75 MM, COM REGISTRO, CUNHA DE BORRACHA, CURVA DESSIMETRICA, EXTREMIDADE E TAMPAS (INCLUI KIT FIXACAO)","UN    ","AS","2.994,99"]
[10923,"HIDRANTE SUBTERRANEO, EM FERRO FUNDIDO, COM CURVA CURTA E CAIXA, DN 75 MM","UN    ","AS","1.770,16"]
[10924,"HIDRANTE SUBTERRANEO, EM FERRO FUNDIDO, COM CURVA LONGA E CAIXA, DN 75 MM","UN    ","AS","1.864,33"]
[37772,"HIDROJATEADORA PARA DESOBSTRUCAO DE REDES E GALERIAS, TANQUE 7000 L, BOMBA TRIPLEX 120 KGF/CM2 128 L/MIN (INCLUI MONTAGEM, NAO INCLUI CAMINHAO)","UN    ","AS","114.526,71"]
[37771,"HIDROJATEADORA PARA DESOBSTRUCAO DE REDES E GALERIAS, TANQUE 7000 L, BOMBA TRIPLEX 140 KGF/CM2 260 L/MIN ALIMENTADA POR MOTOR INDEPENDENTE A DIESEL POTENCIA 125 CV (INCLUI MONTAGEM, NAO INCLUI CAMINHAO)","UN    ","AS","121.838,18"]
[12770,"HIDROMETRO MULTIJATO, VAZAO MAXIMA DE 10,0 M3/H, DE 1\"","UN    ","AS","417,64"]
[12772,"HIDROMETRO MULTIJATO, VAZAO MAXIMA DE 20,0 M3/H, DE 1 1/2\"","UN    ","AS","694,11"]
[12768,"HIDROMETRO MULTIJATO, VAZAO MAXIMA DE 30,0 M3/H, DE 2\"","UN    ","AS","976,47"]
[12775,"HIDROMETRO MULTIJATO, VAZAO MAXIMA DE 7,0 M3/H, DE 1\"","UN    ","AS","305,88"]
[12769,"HIDROMETRO UNIJATO, VAZAO MAXIMA DE 1,5 M3/H, DE 1/2\"","UN    ","AS","80,00"]
[12773,"HIDROMETRO UNIJATO, VAZAO MAXIMA DE 3,0 M3/H, DE 1/2\"","UN    ","AS","85,88"]
[12774,"HIDROMETRO UNIJATO, VAZAO MAXIMA DE 5,0 M3/H, DE 3/4\"","UN    ","AS","105,88"]
[12776,"HIDROMETRO WOLTMANN, VAZAO MAXIMA DE 50,0 M3/H, DE 2\"","UN    ","AS","1.576,47"]
[12777,"HIDROMETRO WOLTMANN, VAZAO MAXIMA DE 80,0 M3/H, DE 3\"","UN    ","AS","2.058,82"]
[3391,"IGNITOR PARA LAMPADA DE VAPOR DE SODIO / VAPOR METALICO ATE 2000 W, TENSAO DE PULSO ENTRE 600 A 750 V","UN    ","AS","34,69"]
[3389,"IGNITOR PARA LAMPADA DE VAPOR DE SODIO / VAPOR METALICO ATE 400 W, TENSAO DE PULSO ENTRE 3000 A 4500 V","UN    ","AS","18,00"]
[3390,"IGNITOR PARA LAMPADA DE VAPOR DE SODIO / VAPOR METALICO ATE 400 W, TENSAO DE PULSO ENTRE 580 A 750 V","UN    ","AS","20,25"]
[12873,"IMPERMEABILIZADOR","H     ","CR","14,93"]
[41076,"IMPERMEABILIZADOR (MENSALISTA)","MES   ","CR","2.621,21"]
[140,"IMPERMEABILIZANTE FLEXIVEL BRANCO DE BASE ACRILICA PARA COBERTURAS","KG    ","CR","15,35"]
[151,"IMPERMEABILIZANTE INCOLOR PARA TRATAMENTO DE FACHADAS E TELHAS, BASE SILICONE","L     ","CR","22,66"]
[7340,"IMUNIZANTE PARA MADEIRA, INCOLOR","L     ","CR","20,57"]
[2701,"INSTALADOR DE TUBULACOES (TUBOS/EQUIPAMENTOS)","H     ","CR","27,04"]
[40929,"INSTALADOR DE TUBULACOES (TUBOS/EQUIPAMENTOS) (MENSALISTA)","MES   ","CR","4.744,37"]
[38114,"INTERRUPTOR BIPOLAR SIMPLES 10 A, 250 V (APENAS MODULO)","UN    ","CR","13,08"]
[38064,"INTERRUPTOR BIPOLAR 10A, 250V, CONJUNTO MONTADO PARA EMBUTIR 4\" X 2\" (PLACA + SUPORTE + MODULO)","UN    ","CR","14,62"]
[38115,"INTERRUPTOR INTERMEDIARIO 10 A, 250 V (APENAS MODULO)","UN    ","CR","13,96"]
[38065,"INTERRUPTOR INTERMEDIARIO 10A, 250V, CONJUNTO MONTADO PARA EMBUTIR 4\" X 2\" (PLACA + SUPORTE + MODULO)","UN    ","CR","20,74"]
[38078,"INTERRUPTOR PARALELO + TOMADA 2P+T 10A, 250V, CONJUNTO MONTADO PARA EMBUTIR 4\" X 2\" (PLACA + SUPORTE + MODULOS)","UN    ","CR","12,10"]
[38113,"INTERRUPTOR PARALELO 10A, 250V (APENAS MODULO)","UN    ","CR","6,57"]
[38063,"INTERRUPTOR PARALELO 10A, 250V, CONJUNTO MONTADO PARA EMBUTIR 4\" X 2\" (PLACA + SUPORTE + MODULO)","UN    ","CR","7,05"]
[38080,"INTERRUPTOR SIMPLES + INTERRUPTOR PARALELO + TOMADA 2P+T 10A, 250V, CONJUNTO MONTADO PARA EMBUTIR 4\" X 2\" (PLACA + SUPORTE + MODULOS)","UN    ","CR","21,02"]
[38069,"INTERRUPTOR SIMPLES + INTERRUPTOR PARALELO 10A, 250V, CONJUNTO MONTADO PARA EMBUTIR 4\" X 2\" (PLACA + SUPORTE + MODULOS)","UN    ","CR","11,49"]
[38077,"INTERRUPTOR SIMPLES + TOMADA 2P+T 10A, 250V, CONJUNTO MONTADO PARA EMBUTIR 4\" X 2\" (PLACA + SUPORTE + MODULOS)","UN    ","CR","11,23"]
[38073,"INTERRUPTOR SIMPLES + 2 INTERRUPTORES PARALELOS 10A, 250V, CONJUNTO MONTADO PARA EMBUTIR 4\" X 2\" (PLACA + SUPORTE + MODULOS)","UN    ","CR","17,11"]
[38112,"INTERRUPTOR SIMPLES 10A, 250V (APENAS MODULO)","UN    ","CR","5,04"]
[38062,"INTERRUPTOR SIMPLES 10A, 250V, CONJUNTO MONTADO PARA EMBUTIR 4\" X 2\" (PLACA + SUPORTE + MODULO)","UN    ","CR","5,18"]
[12128,"INTERRUPTOR SIMPLES 10A, 250V, CONJUNTO MONTADO PARA SOBREPOR 4\" X 2\" (CAIXA + MODULO)","UN    ","CR","6,92"]
[12129,"INTERRUPTOR SIMPLES 10A, 250V, CONJUNTO MONTADO PARA SOBREPOR 4\" X 2\" (CAIXA + 2 MODULOS)","UN    ","CR","9,15"]
[38081,"INTERRUPTORES PARALELOS (2 MODULOS) + TOMADA 2P+T 10A, 250V, CONJUNTO MONTADO PARA EMBUTIR 4\" X 2\" (PLACA + SUPORTE + MODULOS)","UN    ","CR","17,83"]
[38070,"INTERRUPTORES PARALELOS (2 MODULOS) 10A, 250V, CONJUNTO MONTADO PARA EMBUTIR 4\" X 2\" (PLACA + SUPORTE + MODULOS)","UN    ","CR","12,28"]
[38074,"INTERRUPTORES PARALELOS (3 MODULOS) 10A, 250V, CONJUNTO MONTADO PARA EMBUTIR 4\" X 2\" (PLACA + SUPORTE + MODULO)","UN    ","CR","18,68"]
[38079,"INTERRUPTORES SIMPLES (2 MODULOS) + TOMADA 2P+T 10A, 250V, CONJUNTO MONTADO PARA EMBUTIR 4\" X 2\" (PLACA + SUPORTE + MODULOS)","UN    ","CR","16,03"]
[38072,"INTERRUPTORES SIMPLES (2 MODULOS) + 1 INTERRUPTOR PARALELO 10A, 250V, CONJUNTO MONTADO PARA EMBUTIR 4\" X 2\" (PLACA + SUPORTE + MODULOS)","UN    ","CR","15,41"]
[38068,"INTERRUPTORES SIMPLES (2 MODULOS) 10A, 250V, CONJUNTO MONTADO PARA EMBUTIR 4\" X 2\" (PLACA + SUPORTE + MODULOS)","UN    ","CR","10,63"]
[38071,"INTERRUPTORES SIMPLES (3 MODULOS) 10A, 250V, CONJUNTO MONTADO PARA EMBUTIR 4\" X 2\" (PLACA + SUPORTE + MODULOS)","UN    ","CR","12,72"]
[38412,"INVERSOR DE SOLDA MONOFASICO DE 160 A, POTENCIA DE 5400 W, TENSAO DE 220 V, TURBO VENTILADO, PROTECAO POR FUSIVEL TERMICO, PARA ELETRODOS DE 2,0 A 4,0 MM","UN    ","C ","1.310,00"]
[3405,"ISOLADOR DE PORCELANA SUSPENSO, DISCO TIPO GARFO OLHAL, DIAMETRO DE 152 MM, PARA TENSAO DE *15* KV","UN    ","CR","38,87"]
[3394,"ISOLADOR DE PORCELANA, TIPO BUCHA, PARA TENSAO DE *15* KV","UN    ","CR","205,22"]
[3393,"ISOLADOR DE PORCELANA, TIPO BUCHA, PARA TENSAO DE *35* KV","UN    ","CR","349,41"]
[3406,"ISOLADOR DE PORCELANA, TIPO PINO MONOCORPO, PARA TENSAO DE *15* KV","UN    ","C ","11,90"]
[3395,"ISOLADOR DE PORCELANA, TIPO PINO MONOCORPO, PARA TENSAO DE *35* KV","UN    ","CR","50,20"]
[3398,"ISOLADOR DE PORCELANA, TIPO ROLDANA, DIMENSOES DE *72* X *72* MM, PARA USO EM BAIXA TENSAO","UN    ","CR","2,38"]
[34379,"JANELA BASCULANTE EM ALUMINIO, 100 X 100 CM (A X L), ACABAMENTO ACET OU BRILHANTE, BATENTE/REQUADRO DE 3 A 14 CM, COM VIDRO, SEM GUARNICAO/ALIZAR","UN    ","CR","136,43"]
[34378,"JANELA BASCULANTE EM ALUMINIO, 100 X 80 CM (A X L), ACABAMENTO ACET OU BRILHANTE, BATENTE/REQUADRO DE 3 A 14 CM, COM VIDRO, SEM GUARNICAO/ALIZAR","UN    ","CR","109,89"]
[34377,"JANELA BASCULANTE EM ALUMINIO, 80 X 60 CM (A X L), ACABAMENTO ACET OU BRILHANTE, BATENTE/REQUADRO DE 3 A 14 CM, COM VIDRO, SEM GUARNICAO/ALIZAR","UN    ","CR","101,34"]
[581,"JANELA BASCULANTE EM ALUMINIO, 80 X 60 CM (A X L), BATENTE/REQUADRO DE 3 A 14 CM, COM VIDRO, SEM GUARNICAO/ALIZAR","M2    ","CR","192,48"]
[40662,"JANELA BASCULANTE EM MADEIRA PINUS/ EUCALIPTO/ TAUARI/ VIROLA OU EQUIVALENTE DA REGIAO, *60 X 60*, CAIXA DO BATENTE/ MARCO E = *10* CM, 2 BASCULAS PARA VIDRO, COM FERRAGENS (SEM VIDRO, SEM GUARNICAO/ALIZAR E SEM ACABAMENTO)","UN    ","CR","72,80"]
[3437,"JANELA BASCULANTE EM MADEIRA PINUS/ EUCALIPTO/ TAUARI/ VIROLA OU EQUIVALENTE DA REGIAO, CAIXA DO BATENTE/ MARCO *10* CM, *2* FOLHAS BASCULANTES PARA VIDRO, COM FERRAGENS (SEM VIDRO, SEM GUARNICAO/ALIZAR E SEM ACABAMENTO)","M2    ","CR","202,24"]
[11190,"JANELA BASCULANTE, ACO, COM BATENTE/REQUADRO, 60 X 60 CM (SEM VIDROS)","UN    ","AS","167,90"]
[3428,"JANELA DE ABRIR EM MADEIRA IMBUIA/CEDRO ARANA/CEDRO ROSA OU EQUIVALENTE DA REGIAO, CAIXA DO BATENTE/MARCO *10* CM, 2 FOLHAS DE ABRIR TIPO VENEZIANA E 2 FOLHAS DE ABRIR PARA VIDRO, COM GUARNICAO/ALIZAR, COM FERRAGENS, (SEM VIDRO E SEM ACABAMENTO)","M2    ","C ","300,00"]
[3429,"JANELA DE ABRIR EM MADEIRA PINUS/EUCALIPTO/ TAUARI/ VIROLA OU EQUIVALENTE DA REGIAO, CAIXA DO BATENTE/MARCO *10* CM, 2 FOLHAS DE ABRIR TIPO VENEZIANA E 2 FOLHAS GUILHOTINA PARA VIDRO, COM FERRAGENS (SEM VIDRO,SEM GUARNICAO/ALIZAR E SEM ACABAMENTO)","M2    ","CR","171,40"]
[34371,"JANELA DE CORRER EM ALUMINIO, VENEZIANA, 120  X 150 CM (A X L), 3 FLS (2 VENEZIANAS E 1 VIDRO), SEM BANDEIRA, ACABAMENTO ACET OU BRILHANTE, BATENTE/REQUADRO DE 6 A 14 CM, COM VIDRO, SEM GUARNICAO/ALIZAR","UN    ","CR","370,94"]
[34370,"JANELA DE CORRER EM ALUMINIO, VENEZIANA, 120 X 120 CM (A X L), 3 FLS (2 VENEZIANAS E 1 VIDRO), SEM BANDEIRA, ACABAMENTO ACET OU BRILHANTE, BATENTE/REQUADRO DE 6 A 14 CM, COM VIDRO, SEM GUARNICAO/ALIZAR","UN    ","CR","307,62"]
[34372,"JANELA DE CORRER EM ALUMINIO, VENEZIANA, 120 X 150 CM (A X L), 6 FLS (4 VENEZIANAS E 2 VIDROS), SEM BANDEIRA, ACABAMENTO ACET OU BRILHANTE, BATENTE/REQUADRO DE 6 A 14 CM, COM VIDRO, SEM GUARNICAO/ALIZAR","UN    ","CR","427,95"]
[34373,"JANELA DE CORRER EM ALUMINIO, VENEZIANA, 120 X 200 CM (A X L), 6 FLS (4 VENEZIANAS E 2 VIDROS), SEM BANDEIRA, ACABAMENTO ACET OU BRILHANTE,  BATENTE/REQUADRO DE 6 A 14 CM, COM VIDRO, SEM GUARNICAO/ALIZAR","UN    ","CR","529,74"]
[36896,"JANELA DE CORRER EM ALUMINIO, 100 X 120 CM (A X L), 2 FLS,  SEM BANDEIRA,  ACABAMENTO ACET OU BRILHANTE, BATENTE/REQUADRO DE 6 A 14 CM, COM VIDRO, SEM GUARNICAO","UN    ","C ","176,51"]
[34367,"JANELA DE CORRER EM ALUMINIO, 100 X 150 CM (A X L), 2 FLS,  SEM BANDEIRA,  ACABAMENTO ACET OU BRILHANTE, BATENTE/REQUADRO DE 6 A 14 CM, COM VIDRO, SEM GUARNICAO/ALIZAR","UN    ","CR","207,33"]
[36884,"JANELA DE CORRER EM ALUMINIO, 100 X 150 CM (A X L), 4 FLS, SEM BANDEIRA, ACABAMENTO ACET OU BRILHANTE, BATENTE/REQUADRO DE 6 A 14 CM, COM VIDRO, SEM GUARNICAO/ALIZAR","M2    ","CR","171,72"]
[36897,"JANELA DE CORRER EM ALUMINIO, 100 X 150 CM (A X L), 4 FLS, SEM BANDEIRA, ACABAMENTO ACET OU BRILHANTE, BATENTE/REQUADRO DE 6 A 14 CM, COM VIDRO, SEM GUARNICAO/ALIZAR","UN    ","CR","244,49"]
[597,"JANELA DE CORRER EM ALUMINIO, 100 X 150 CM (A X L), 4 FLS, SEM BANDEIRA, ACABAMENTO ACET OU BRILHANTE, COM VIDRO, COM GUARNICAO PARA 1 FACE","M2    ","CR","180,59"]
[34369,"JANELA DE CORRER EM ALUMINIO, 100 X 200 CM, 4 FLS,  BANDEIRA COM BASCULA,  ACABAMENTO ACET OU BRILHANTE, BATENTE/REQUADRO DE 6 A 14 CM, COM VIDRO, SEM GUARNICAO/ALIZAR","UN    ","CR","289,67"]
[34362,"JANELA DE CORRER EM ALUMINIO, 120 X 120 CM (A X L), 2 FLS, SEM BANDEIRA, ACABAMENTO ACET OU BRILHANTE,  BATENTE/REQUADRO DE 6 A 14 CM, COM VIDRO, SEM GUARNICAO/ALIZAR","UN    ","CR","201,00"]
[34363,"JANELA DE CORRER EM ALUMINIO, 120 X 150 CM (A X L), 2 FLS, SEM BANDEIRA, ACABAMENTO ACET OU BRILHANTE, BATENTE/REQUADRO DE 6 A 14 CM, COM VIDRO, SEM GUARNICAO/ALIZAR","UN    ","CR","227,18"]
[34364,"JANELA DE CORRER EM ALUMINIO, 120 X 150 CM (A X L), 4 FLS, BANDEIRA COM BASCULA,  ACABAMENTO ACET OU BRILHANTE, BATENTE/REQUADRO DE 6 A 14 CM, COM VIDRO, SEM GUARNICAO/ALIZAR","UN    ","CR","283,34"]
[34365,"JANELA DE CORRER EM ALUMINIO, 120 X 200 CM (A X L), 4 FLS, BANDEIRA COM BASCULA,  ACABAMENTO ACET OU BRILHANTE, BATENTE/REQUADRO DE 6 A 14 CM, COM VIDRO, SEM GUARNICAO/ALIZAR","UN    ","CR","319,23"]
[40659,"JANELA DE 6 FOLHAS DE CORRER EM MADEIRA CEDRINHO/ ANGELIM COMERCIAL/ CURUPIXA/ CUMARU OU EQUIVALENTE DA REGIAO, CAIXA DO BATENTE/MARCO *10* CM, 2 FOLHAS DE CORRER VENEZIANA, 2 FOLHAS FIXAS VENEZIANA E 2 FOLHAS DE CORRER PARA VIDRO, COM FERRAGENS (SEM VIDRO, SEM ACABAMENTO E SEM GUARNICAO/ALIZAR)","M2    ","CR","286,15"]
[40660,"JANELA DE 6 FOLHAS DE CORRER EM MADEIRA IMBUIA/CEDRO ARANA/CEDRO ROSA OU EQUIVALENTE DA REGIAO, CAIXA DO BATENTE/MARCO *10* CM, 2 FOLHAS DE CORRER VENEZIANA, 2 FOLHAS FIXAS VENEZIANA E 2 FOLHAS DE CORRER PARA VIDRO, COM FERRAGENS (SEM VIDRO, SEM ACABAMENTO E SEM GUARNICAO/ALIZAR)","M2    ","CR","362,66"]
[40661,"JANELA DE 6 FOLHAS DE CORRER EM MADEIRA PINUS/ EUCALIPTO/ TAUARI/ VIROLA OU  EQUIVALENTE DA REGIAO, CAIXA DO BATENTE/MARCO *10* CM, 2 FOLHAS DE CORRER VENEZIANA, 2 FOLHAS FIXAS VENEZIANA E 2 FOLHAS DE CORRER PARA VIDRO, COM FERRAGENS (SEM VIDRO, SEM ACABAMENTO E SEM GUARNICAO/ALIZAR)","M2    ","CR","222,97"]
[3421,"JANELA EM MADEIRA CEDRINHO/ ANGELIM COMERCIAL/ CURUPIXA/ CUMARU OU EQUIVALENTE DA REGIAO, CAIXA DO BATENTE/MARCO *10* CM, 2 FOLHAS DE ABRIR TIPO VENEZIANA E 2 FOLHAS GUILHOTINA PARA VIDRO, COM GUARNICAO/ALIZAR, COM FERRAGENS (SEM VIDRO E SEM ACABAMENTO)","M2    ","CR","224,68"]
[599,"JANELA FIXA EM ALUMINIO, 60  X 80 CM (A X L), BATENTE/REQUADRO DE 3 A 14 CM, COM VIDRO, SEM GUARNICAO/ALIZAR","M2    ","CR","153,07"]
[34380,"JANELA FIXA EM ALUMINIO, 60 X 80 CM (A X L), BATENTE/REQUADRO DE 3 A 14 CM, COM VIDRO, SEM GUARNICAO/ALIZAR","UN    ","CR","79,38"]
[34381,"JANELA MAXIM AR EM ALUMINIO, 80 X 60 CM (A X L), BATENTE/REQUADRO DE 4 A 14 CM, COM VIDRO, SEM GUARNICAO/ALIZAR","UN    ","CR","103,45"]
[601,"JANELA MAXIM AR EM ALUMINIO, 80 X 60 CM (A X L), BATENTE/REQUADRO DE 4 A 14 CM, COM VIDRO, SEM GUARNICAO/ALIZAR","M2    ","CR","206,49"]
[3423,"JANELA MAXIM AR EM MADEIRA CEDRINHO/ ANGELIM COMERCIAL/ CURUPIXA/ CUMARU OU EQUIVALENTE DA REGIAO, CAIXA DO BATENTE/MARCO *10* CM, 1 FOLHA  PARA VIDRO, COM GUARNICAO/ALIZAR, COM FERRAGENS, (SEM VIDRO E SEM ACABAMENTO)","M2    ","CR","316,85"]
[34797,"JANELA MAXIMO AR, ACO, BATENTE / REQUADRO DE 6 A 14 CM, PINT ANTICORROSIVA, SEM VIDRO, COM GRADE, 1 FL, 60  X 80 CM (A X L)","UN    ","AS","365,71"]
[25964,"JARDINEIRO","H     ","CR","13,16"]
[41077,"JARDINEIRO (MENSALISTA)","MES   ","CR","2.310,83"]
[20159,"JOELHO COM VISITA, PVC SERIE R, 90 GRAUS, 100 X 75 MM, PARA ESGOTO PREDIAL","UN    ","CR","34,21"]
[37963,"JOELHO CPVC, SOLDAVEL, 45 GRAUS, 15 MM, PARA AGUA QUENTE","UN    ","AS","2,62"]
[37964,"JOELHO CPVC, SOLDAVEL, 45 GRAUS, 22 MM, PARA AGUA QUENTE","UN    ","AS","4,37"]
[37965,"JOELHO CPVC, SOLDAVEL, 45 GRAUS, 28 MM, PARA AGUA QUENTE","UN    ","AS","6,33"]
[37966,"JOELHO CPVC, SOLDAVEL, 45 GRAUS, 35 MM, PARA AGUA QUENTE","UN    ","AS","11,46"]
[37967,"JOELHO CPVC, SOLDAVEL, 45 GRAUS, 42 MM, PARA AGUA QUENTE","UN    ","AS","18,39"]
[37968,"JOELHO CPVC, SOLDAVEL, 45 GRAUS, 54 MM, PARA AGUA QUENTE","UN    ","AS","40,33"]
[37969,"JOELHO CPVC, SOLDAVEL, 45 GRAUS, 73 MM, PARA AGUA QUENTE","UN    ","AS","107,74"]
[37970,"JOELHO CPVC, SOLDAVEL, 45 GRAUS, 89 MM, PARA AGUA QUENTE","UN    ","AS","125,68"]
[21118,"JOELHO CPVC, SOLDAVEL, 90 GRAUS, 15 MM, PARA AGUA QUENTE","UN    ","AS","1,98"]
[37956,"JOELHO CPVC, SOLDAVEL, 90 GRAUS, 22 MM, PARA AGUA QUENTE","UN    ","AS","3,13"]
[37957,"JOELHO CPVC, SOLDAVEL, 90 GRAUS, 28 MM, PARA AGUA QUENTE","UN    ","AS","6,61"]
[37958,"JOELHO CPVC, SOLDAVEL, 90 GRAUS, 35 MM, PARA AGUA QUENTE","UN    ","AS","11,46"]
[37959,"JOELHO CPVC, SOLDAVEL, 90 GRAUS, 42 MM, PARA AGUA QUENTE","UN    ","AS","18,39"]
[37960,"JOELHO CPVC, SOLDAVEL, 90 GRAUS, 54 MM, PARA AGUA QUENTE","UN    ","AS","39,60"]
[37961,"JOELHO CPVC, SOLDAVEL, 90 GRAUS, 73 MM, PARA AGUA QUENTE","UN    ","AS","105,06"]
[37962,"JOELHO CPVC, SOLDAVEL, 90 GRAUS, 89 MM, PARA AGUA QUENTE","UN    ","AS","122,08"]
[3533,"JOELHO DE REDUCAO, PVC SOLDAVEL, 90 GRAUS,  25 MM X 20 MM, PARA AGUA FRIA PREDIAL","UN    ","CR","1,53"]
[3538,"JOELHO DE REDUCAO, PVC SOLDAVEL, 90 GRAUS,  32 MM X 25 MM, PARA AGUA FRIA PREDIAL","UN    ","CR","2,64"]
[3497,"JOELHO DE REDUCAO, PVC, ROSCAVEL COM BUCHA DE LATAO, 90 GRAUS,  3/4\" X 1/2\", PARA AGUA FRIA PREDIAL","UN    ","CR","9,88"]
[3498,"JOELHO DE REDUCAO, PVC, ROSCAVEL, 90 GRAUS, 1\" X 3/4\", PARA AGUA FRIA PREDIAL","UN    ","CR","3,14"]
[3496,"JOELHO DE REDUCAO, PVC, ROSCAVEL, 90 GRAUS, 3/4\" X 1/2\", PARA AGUA FRIA PREDIAL","UN    ","CR","2,53"]
[38429,"JOELHO DE TRANSICAO, CPVC, SOLDAVEL, 90 GRAUS, 15 MM X 1/2\", PARA AGUA QUENTE","UN    ","AS","6,68"]
[38431,"JOELHO DE TRANSICAO, CPVC, SOLDAVEL, 90 GRAUS, 22 MM X 1/2\", PARA AGUA QUENTE","UN    ","AS","10,59"]
[38430,"JOELHO DE TRANSICAO, CPVC, SOLDAVEL, 90 GRAUS, 22 MM X 3/4\", PARA AGUA QUENTE","UN    ","AS","13,53"]
[36348,"JOELHO PPR 45 GRAUS, SOLDAVEL,  DN 20 MM, PARA AGUA QUENTE PREDIAL","UN    ","CR","1,37"]
[36349,"JOELHO PPR 45 GRAUS, SOLDAVEL, DN 25 MM, PARA AGUA QUENTE PREDIAL","UN    ","CR","2,05"]
[38433,"JOELHO PPR, 45 GRAUS, SOLDAVEL, DN 32 MM, PARA AGUA QUENTE PREDIAL","UN    ","CR","3,80"]
[38440,"JOELHO PPR, 90 GRAUS, SOLDAVEL, DN 110 MM, PARA AGUA QUENTE PREDIAL","UN    ","CR","131,16"]
[36359,"JOELHO PPR, 90 GRAUS, SOLDAVEL, DN 20 MM, PARA AGUA QUENTE PREDIAL","UN    ","CR","1,63"]
[36360,"JOELHO PPR, 90 GRAUS, SOLDAVEL, DN 25 MM, PARA AGUA QUENTE PREDIAL","UN    ","CR","2,51"]
[38434,"JOELHO PPR, 90 GRAUS, SOLDAVEL, DN 32 MM, PARA AGUA QUENTE PREDIAL","UN    ","CR","3,85"]
[38435,"JOELHO PPR, 90 GRAUS, SOLDAVEL, DN 40 MM, PARA AGUA QUENTE PREDIAL","UN    ","CR","7,31"]
[38436,"JOELHO PPR, 90 GRAUS, SOLDAVEL, DN 50 MM, PARA AGUA QUENTE PREDIAL","UN    ","CR","15,12"]
[38437,"JOELHO PPR, 90 GRAUS, SOLDAVEL, DN 63 MM, PARA AGUA QUENTE PREDIAL","UN    ","CR","22,71"]
[38438,"JOELHO PPR, 90 GRAUS, SOLDAVEL, DN 75 MM, PARA AGUA QUENTE PREDIAL","UN    ","CR","57,38"]
[38439,"JOELHO PPR, 90 GRAUS, SOLDAVEL, DN 90 MM, PARA AGUA QUENTE PREDIAL","UN    ","CR","87,46"]
[10836,"JOELHO PVC COM VISITA, 90 GRAUS, DN 100 X 50 MM, SERIE NORMAL, PARA ESGOTO PREDIAL","UN    ","CR","11,99"]
[20128,"JOELHO PVC LEVE, 45 GRAUS, DN 150 MM, PARA ESGOTO PREDIAL","UN    ","CR","35,15"]
[20131,"JOELHO PVC LEVE, 90 GRAUS, DN 150 MM, PARA ESGOTO PREDIAL","UN    ","CR","32,08"]
[3521,"JOELHO PVC,  SOLDAVEL COM ROSCA, 90 GRAUS, 20 MM X 1/2\", PARA AGUA FRIA PREDIAL","UN    ","CR","1,33"]
[3531,"JOELHO PVC,  SOLDAVEL COM ROSCA, 90 GRAUS, 25 MM X 1/2\", PARA AGUA FRIA PREDIAL","UN    ","CR","1,51"]
[3522,"JOELHO PVC,  SOLDAVEL COM ROSCA, 90 GRAUS, 25 MM X 3/4\", PARA AGUA FRIA PREDIAL","UN    ","CR","2,24"]
[3527,"JOELHO PVC,  SOLDAVEL COM ROSCA, 90 GRAUS, 32 MM X 3/4\", PARA AGUA FRIA PREDIAL","UN    ","CR","7,71"]
[10835,"JOELHO PVC, COM BOLSA E ANEL, 90 GRAUS, DN 40 X *38* MM, SERIE NORMAL, PARA ESGOTO PREDIAL","UN    ","CR","2,51"]
[3475,"JOELHO PVC, ROSCAVEL, 45 GRAUS, 1/2\", PARA AGUA FRIA PREDIAL","UN    ","CR","2,59"]
[3485,"JOELHO PVC, ROSCAVEL, 45 GRAUS, 1\", PARA AGUA FRIA PREDIAL","UN    ","CR","8,28"]
[3534,"JOELHO PVC, ROSCAVEL, 45 GRAUS, 3/4\", PARA AGUA FRIA PREDIAL","UN    ","CR","3,27"]
[3543,"JOELHO PVC, ROSCAVEL, 90 GRAUS, 1/2\", PARA AGUA FRIA PREDIAL","UN    ","CR","1,64"]
[3482,"JOELHO PVC, ROSCAVEL, 90 GRAUS, 1\", PARA AGUA FRIA PREDIAL","UN    ","CR","4,16"]
[3505,"JOELHO PVC, ROSCAVEL, 90 GRAUS, 3/4\", PARA AGUA FRIA PREDIAL","UN    ","CR","2,36"]
[3516,"JOELHO PVC, SOLDAVEL, BB, 45 GRAUS, DN 40 MM, PARA ESGOTO PREDIAL","UN    ","CR","0,65"]
[3517,"JOELHO PVC, SOLDAVEL, BB, 90 GRAUS, DN 40 MM, PARA ESGOTO PREDIAL","UN    ","CR","2,29"]
[3515,"JOELHO PVC, SOLDAVEL, COM BUCHA DE LATAO, 90 GRAUS, 20 MM X 1/2\", PARA AGUA FRIA PREDIAL","UN    ","CR","3,82"]
[20147,"JOELHO PVC, SOLDAVEL, COM BUCHA DE LATAO, 90 GRAUS, 25 MM X 1/2\", PARA AGUA FRIA PREDIAL","UN    ","CR","4,11"]
[3524,"JOELHO PVC, SOLDAVEL, COM BUCHA DE LATAO, 90 GRAUS, 25 MM X 3/4\", PARA AGUA FRIA PREDIAL","UN    ","CR","4,88"]
[3532,"JOELHO PVC, SOLDAVEL, COM BUCHA DE LATAO, 90 GRAUS, 32 MM X 3/4\", PARA AGUA FRIA PREDIAL","UN    ","CR","8,93"]
[3528,"JOELHO PVC, SOLDAVEL, PB, 45 GRAUS, DN 100 MM, PARA ESGOTO PREDIAL","UN    ","CR","5,17"]
[37952,"JOELHO PVC, SOLDAVEL, PB, 45 GRAUS, DN 150 MM, PARA ESGOTO PREDIAL","UN    ","CR","36,85"]
[37951,"JOELHO PVC, SOLDAVEL, PB, 45 GRAUS, DN 40 MM, PARA ESGOTO PREDIAL","UN    ","CR","1,34"]
[3518,"JOELHO PVC, SOLDAVEL, PB, 45 GRAUS, DN 50 MM, PARA ESGOTO PREDIAL","UN    ","CR","1,96"]
[3519,"JOELHO PVC, SOLDAVEL, PB, 45 GRAUS, DN 75 MM, PARA ESGOTO PREDIAL","UN    ","CR","4,64"]
[3520,"JOELHO PVC, SOLDAVEL, PB, 90 GRAUS, DN 100 MM, PARA ESGOTO PREDIAL","UN    ","CR","5,20"]
[37950,"JOELHO PVC, SOLDAVEL, PB, 90 GRAUS, DN 150 MM, PARA ESGOTO PREDIAL","UN    ","CR","32,08"]
[37949,"JOELHO PVC, SOLDAVEL, PB, 90 GRAUS, DN 40 MM, PARA ESGOTO PREDIAL","UN    ","CR","1,17"]
[3526,"JOELHO PVC, SOLDAVEL, PB, 90 GRAUS, DN 50 MM, PARA ESGOTO PREDIAL","UN    ","CR","1,57"]
[3509,"JOELHO PVC, SOLDAVEL, PB, 90 GRAUS, DN 75 MM, PARA ESGOTO PREDIAL","UN    ","CR","4,09"]
[3530,"JOELHO PVC, SOLDAVEL, 90 GRAUS, 110 MM, PARA AGUA FRIA PREDIAL","UN    ","CR","153,72"]
[3542,"JOELHO PVC, SOLDAVEL, 90 GRAUS, 20 MM, PARA AGUA FRIA PREDIAL","UN    ","CR","0,35"]
[3529,"JOELHO PVC, SOLDAVEL, 90 GRAUS, 25 MM, PARA AGUA FRIA PREDIAL","UN    ","CR","0,49"]
[3536,"JOELHO PVC, SOLDAVEL, 90 GRAUS, 32 MM, PARA AGUA FRIA PREDIAL","UN    ","CR","1,47"]
[3535,"JOELHO PVC, SOLDAVEL, 90 GRAUS, 40 MM, PARA AGUA FRIA PREDIAL","UN    ","CR","3,49"]
[3540,"JOELHO PVC, SOLDAVEL, 90 GRAUS, 50 MM, PARA AGUA FRIA PREDIAL","UN    ","CR","3,78"]
[3539,"JOELHO PVC, SOLDAVEL, 90 GRAUS, 60 MM, PARA AGUA FRIA PREDIAL","UN    ","CR","16,39"]
[3513,"JOELHO PVC, SOLDAVEL, 90 GRAUS, 85 MM, PARA AGUA FRIA PREDIAL","UN    ","CR","72,87"]
[3492,"JOELHO PVC, 45 GRAUS, ROSCAVEL,  1 1/2\", AGUA FRIA PREDIAL","UN    ","CR","14,02"]
[3491,"JOELHO PVC, 45 GRAUS, ROSCAVEL, 1 1/4\",  AGUA FRIA PREDIAL","UN    ","CR","8,00"]
[3493,"JOELHO PVC, 45 GRAUS, ROSCAVEL, 2\", AGUA FRIA PREDIAL","UN    ","CR","19,17"]
[12628,"JOELHO PVC, 60 GRAUS, DIAMETRO ENTRE 80 E 100 MM, PARA DRENAGEM PLUVIAL PREDIAL","UN    ","AS","6,08"]
[12629,"JOELHO PVC, 90 GRAUS, DIAMETRO ENTRE 80 E 100 MM, PARA DRENAGEM PLUVIAL PREDIAL","UN    ","AS","6,60"]
[3481,"JOELHO PVC, 90 GRAUS, ROSCAVEL, 1 1/2\",  AGUA FRIA PREDIAL","UN    ","CR","9,71"]
[3510,"JOELHO PVC, 90 GRAUS, ROSCAVEL, 1 1/4\", AGUA FRIA PREDIAL","UN    ","CR","9,08"]
[3508,"JOELHO PVC, 90 GRAUS, ROSCAVEL, 2\", AGUA FRIA PREDIAL","UN    ","CR","23,73"]
[38939,"JOELHO ROSCA FEMEA MOVEL, METALICO, PARA CONEXAO COM ANEL DESLIZANTE EM TUBO PEX, DN 16 MM X 1/2\"","UN    ","AS","12,74"]
[38940,"JOELHO ROSCA FEMEA MOVEL, METALICO, PARA CONEXAO COM ANEL DESLIZANTE EM TUBO PEX, DN 20 MM X 1/2\"","UN    ","AS","19,45"]
[38941,"JOELHO ROSCA FEMEA MOVEL, METALICO, PARA CONEXAO COM ANEL DESLIZANTE EM TUBO PEX, DN 20 MM X 3/4\"","UN    ","AS","22,98"]
[38942,"JOELHO ROSCA FEMEA MOVEL, METALICO, PARA CONEXAO COM ANEL DESLIZANTE EM TUBO PEX, DN 25 MM X 3/4\"","UN    ","AS","25,74"]
[38987,"JOELHO 45 GRAUS, PPR, SOLDAVEL, F/ F, DN 40 MM, PARA AQUA QUENTE E FRIA PREDIAL","UN    ","CR","6,81"]
[38988,"JOELHO 45 GRAUS, PPR, SOLDAVEL, F/ F, DN 50 MM, PARA AQUA QUENTE E FRIA PREDIAL","UN    ","CR","15,81"]
[38989,"JOELHO 45 GRAUS, PPR, SOLDAVEL, F/ F, DN 63 MM, PARA AQUA QUENTE E FRIA PREDIAL","UN    ","CR","21,01"]
[38990,"JOELHO 45 GRAUS, PPR, SOLDAVEL, F/ F, DN 75 MM, PARA AQUA QUENTE E FRIA PREDIAL","UN    ","CR","55,39"]
[38991,"JOELHO 45 GRAUS, PPR, SOLDAVEL, F/ F, DN 90 MM, PARA AQUA QUENTE E FRIA PREDIAL","UN    ","CR","111,91"]
[38913,"JOELHO 90 GRAUS, METALICO, PARA CONEXAO COM ANEL DESLIZANTE EM TUBO PEX, DN 16 MM","UN    ","AS","11,82"]
[38914,"JOELHO 90 GRAUS, METALICO, PARA CONEXAO COM ANEL DESLIZANTE EM TUBO PEX, DN 20 MM","UN    ","AS","13,71"]
[38915,"JOELHO 90 GRAUS, METALICO, PARA CONEXAO COM ANEL DESLIZANTE EM TUBO PEX, DN 25 MM","UN    ","AS","23,81"]
[38916,"JOELHO 90 GRAUS, METALICO, PARA CONEXAO COM ANEL DESLIZANTE EM TUBO PEX, DN 32 MM","UN    ","AS","31,41"]
[39300,"JOELHO 90 GRAUS, PLASTICO, PARA CONEXAO COM CRIMPAGEM EM TUBO PEX, DN 16 MM","UN    ","AS","10,68"]
[39301,"JOELHO 90 GRAUS, PLASTICO, PARA CONEXAO COM CRIMPAGEM EM TUBO PEX, DN 20 MM","UN    ","AS","14,82"]
[39302,"JOELHO 90 GRAUS, PLASTICO, PARA CONEXAO COM CRIMPAGEM EM TUBO PEX, DN 25 MM","UN    ","AS","18,62"]
[39303,"JOELHO 90 GRAUS, PLASTICO, PARA CONEXAO COM CRIMPAGEM EM TUBO PEX, DN 32 MM","UN    ","AS","32,74"]
[38923,"JOELHO 90 GRAUS, ROSCA FEMEA TERMINAL, METALICO, PARA CONEXAO COM ANEL DESLIZANTE EM TUBO PEX, DN 16 MM X 1/2\"","UN    ","AS","10,43"]
[38925,"JOELHO 90 GRAUS, ROSCA FEMEA TERMINAL, METALICO, PARA CONEXAO COM ANEL DESLIZANTE EM TUBO PEX, DN 20 MM X 1/2\"","UN    ","AS","11,20"]
[38926,"JOELHO 90 GRAUS, ROSCA FEMEA TERMINAL, METALICO, PARA CONEXAO COM ANEL DESLIZANTE EM TUBO PEX, DN 20 MM X 3/4\"","UN    ","AS","16,01"]
[38927,"JOELHO 90 GRAUS, ROSCA FEMEA TERMINAL, METALICO, PARA CONEXAO COM ANEL DESLIZANTE EM TUBO PEX, DN 25 MM X 3/4\"","UN    ","AS","17,12"]
[39304,"JOELHO 90 GRAUS, ROSCA FEMEA TERMINAL, PLASTICO, PARA CONEXAO COM CRIMPAGEM EM TUBO PEX, DN 16 MM X 1/2\"","UN    ","AS","13,19"]
[38924,"JOELHO 90 GRAUS, ROSCA FEMEA TERMINAL, PLASTICO, PARA CONEXAO COM CRIMPAGEM EM TUBO PEX, DN 16 MM X 3/4\"","UN    ","AS","18,79"]
[39305,"JOELHO 90 GRAUS, ROSCA FEMEA TERMINAL, PLASTICO, PARA CONEXAO COM CRIMPAGEM EM TUBO PEX, DN 20 MM X 1/2\"","UN    ","AS","17,27"]
[39306,"JOELHO 90 GRAUS, ROSCA FEMEA TERMINAL, PLASTICO, PARA CONEXAO COM CRIMPAGEM EM TUBO PEX, DN 20 MM X 3/4\"","UN    ","AS","21,60"]
[38928,"JOELHO 90 GRAUS, ROSCA FEMEA TERMINAL, PLASTICO, PARA CONEXAO COM CRIMPAGEM EM TUBO PEX, DN 25 MM X 1/2\"","UN    ","AS","18,98"]
[38929,"JOELHO 90 GRAUS, ROSCA FEMEA TERMINAL, PLASTICO, PARA CONEXAO COM CRIMPAGEM EM TUBO PEX, DN 25 MM X 1\"","UN    ","AS","33,64"]
[39307,"JOELHO 90 GRAUS, ROSCA FEMEA TERMINAL, PLASTICO, PARA CONEXAO COM CRIMPAGEM EM TUBO PEX, DN 25 MM X 3/4\"","UN    ","AS","24,86"]
[38930,"JOELHO 90 GRAUS, ROSCA FEMEA TERMINAL, PLASTICO, PARA CONEXAO COM CRIMPAGEM EM TUBO PEX, DN 32 MM X 1\"","UN    ","AS","42,27"]
[38931,"JOELHO 90 GRAUS, ROSCA MACHO TERMINAL, METALICO, PARA CONEXAO COM ANEL DESLIZANTE EM TUBO PEX, DN 16 MM X 1/2\"","UN    ","AS","10,64"]
[38932,"JOELHO 90 GRAUS, ROSCA MACHO TERMINAL, METALICO, PARA CONEXAO COM ANEL DESLIZANTE EM TUBO PEX, DN 20 MM X 1/2\"","UN    ","AS","10,75"]
[38934,"JOELHO 90 GRAUS, ROSCA MACHO TERMINAL, METALICO, PARA CONEXAO COM ANEL DESLIZANTE EM TUBO PEX, DN 20 MM X 3/4\"","UN    ","AS","15,88"]
[38935,"JOELHO 90 GRAUS, ROSCA MACHO TERMINAL, METALICO, PARA CONEXAO COM ANEL DESLIZANTE EM TUBO PEX, DN 25 MM X 3/4\"","UN    ","AS","17,00"]
[38936,"JOELHO 90 GRAUS, ROSCA MACHO TERMINAL, PLASTICO, PARA CONEXAO COM CRIMPAGEM EM TUBO PEX, DN 25 MM X 1/2\"","UN    ","AS","18,20"]
[38937,"JOELHO 90 GRAUS, ROSCA MACHO TERMINAL, PLASTICO, PARA CONEXAO COM CRIMPAGEM EM TUBO PEX, DN 25 MM X 1\"","UN    ","AS","22,19"]
[38938,"JOELHO 90 GRAUS, ROSCA MACHO TERMINAL, PLASTICO, PARA CONEXAO COM CRIMPAGEM EM TUBO PEX, DN 32 MM X 1\"","UN    ","AS","32,99"]
[3489,"JOELHO, PVC COM ROSCA E BUCHA LATAO, 90 GRAUS,  3/4\", PARA AGUA FRIA PREDIAL","UN    ","CR","8,97"]
[20151,"JOELHO, PVC SERIE R, 45 GRAUS, DN 100 MM, PARA ESGOTO PREDIAL","UN    ","CR","14,45"]
[20152,"JOELHO, PVC SERIE R, 45 GRAUS, DN 150 MM, PARA ESGOTO PREDIAL","UN    ","CR","50,27"]
[20148,"JOELHO, PVC SERIE R, 45 GRAUS, DN 40 MM, PARA ESGOTO PREDIAL","UN    ","CR","2,87"]
[20149,"JOELHO, PVC SERIE R, 45 GRAUS, DN 50 MM, PARA ESGOTO PREDIAL","UN    ","CR","4,45"]
[20150,"JOELHO, PVC SERIE R, 45 GRAUS, DN 75 MM, PARA ESGOTO PREDIAL","UN    ","CR","10,37"]
[20157,"JOELHO, PVC SERIE R, 90 GRAUS, DN 100 MM, PARA ESGOTO PREDIAL","UN    ","CR","19,49"]
[20158,"JOELHO, PVC SERIE R, 90 GRAUS, DN 150 MM, PARA ESGOTO PREDIAL","UN    ","CR","64,76"]
[20154,"JOELHO, PVC SERIE R, 90 GRAUS, DN 40 MM, PARA ESGOTO PREDIAL","UN    ","CR","3,69"]
[20155,"JOELHO, PVC SERIE R, 90 GRAUS, DN 50 MM, PARA ESGOTO PREDIAL","UN    ","CR","5,53"]
[20156,"JOELHO, PVC SERIE R, 90 GRAUS, DN 75 MM, PARA ESGOTO PREDIAL","UN    ","CR","12,44"]
[3512,"JOELHO, PVC SOLDAVEL, 45 GRAUS, 110 MM, PARA AGUA FRIA PREDIAL","UN    ","CR","140,58"]
[3499,"JOELHO, PVC SOLDAVEL, 45 GRAUS, 20 MM, PARA AGUA FRIA PREDIAL","UN    ","CR","0,59"]
[3500,"JOELHO, PVC SOLDAVEL, 45 GRAUS, 25 MM, PARA AGUA FRIA PREDIAL","UN    ","CR","1,00"]
[3501,"JOELHO, PVC SOLDAVEL, 45 GRAUS, 32 MM, PARA AGUA FRIA PREDIAL","UN    ","CR","2,91"]
[3502,"JOELHO, PVC SOLDAVEL, 45 GRAUS, 40 MM, PARA AGUA FRIA PREDIAL","UN    ","CR","4,15"]
[3503,"JOELHO, PVC SOLDAVEL, 45 GRAUS, 50 MM, PARA AGUA FRIA PREDIAL","UN    ","CR","4,97"]
[3477,"JOELHO, PVC SOLDAVEL, 45 GRAUS, 60 MM, PARA AGUA FRIA PREDIAL","UN    ","CR","19,24"]
[3478,"JOELHO, PVC SOLDAVEL, 45 GRAUS, 75 MM, PARA AGUA FRIA PREDIAL","UN    ","CR","44,21"]
[3525,"JOELHO, PVC SOLDAVEL, 45 GRAUS, 85 MM, PARA AGUA FRIA PREDIAL","UN    ","CR","52,45"]
[3511,"JOELHO, PVC SOLDAVEL, 90 GRAUS, 75 MM, PARA AGUA FRIA PREDIAL","UN    ","CR","61,55"]
[38917,"JOELHO, ROSCA FEMEA, COM BASE FIXA, METALICO, PARA CONEXAO COM ANEL DESLIZANTE EM TUBO PEX, DN 16 MM X 1/2\"","UN    ","AS","10,18"]
[38919,"JOELHO, ROSCA FEMEA, COM BASE FIXA, METALICO, PARA CONEXAO COM ANEL DESLIZANTE EM TUBO PEX, DN 20 MM X 1/2\"","UN    ","AS","15,15"]
[38922,"JOELHO, ROSCA FEMEA, COM BASE FIXA, METALICO, PARA CONEXAO COM ANEL DESLIZANTE EM TUBO PEX, DN 25 MM X 3/4\"","UN    ","AS","19,57"]
[38921,"JOELHO, ROSCA FEMEA, COM BASE FIXA, PLASTICO, PARA CONEXAO COM CRIMPAGEM EM TUBO PEX, DN 25 MM X 1/2\"","UN    ","AS","24,20"]
[38918,"JOELHO, ROSCA FEMEA, COM BASE FIXA, PLASTICO, PARA CONEXAO POR CRIMPAGEM EM TUBO PEX, DN 16 MM X 3/4\"","UN    ","AS","23,00"]
[38920,"JOELHO, ROSCA FEMEA, COM BASE FIXA, PLASTICO, PARA CONEXAO POR CRIMPAGEM EM TUBO PEX, DN 20 MM X 3/4\"","UN    ","AS","28,75"]
[3104,"JOGO DE FERRAGENS CROMADAS P/ PORTA DE VIDRO TEMPERADO, UMA FOLHA COMPOSTA: DOBRADICA SUPERIOR (101) E INFERIOR (103),TRINCO (502), FECHADURA (520),CONTRA FECHADURA (531),COM CAPUCHINHO","CJ    ","CR","337,68"]
[12032,"JOGO DE TRANQUETA E ROSETA QUADRADA DE SOBREPOR SEM FUROS, EM LATAO CROMADO, *50 X 50* MM, PARA FECHADURA DE PORTA DE BANHEIRO","JG    ","CR","38,23"]
[12030,"JOGO DE TRANQUETA E ROSETA REDONDA DE SOBREPOR SEM FUROS, EM LATAO CROMADO, DIAMETRO *50* MM, PARA FECHADURA DE PORTA DE BANHEIRO","JG    ","CR","35,92"]
[10908,"JUNCAO DE REDUCAO INVERTIDA, PVC SOLDAVEL, 100 X 50 MM, SERIE NORMAL PARA ESGOTO PREDIAL","UN    ","CR","10,91"]
[10909,"JUNCAO DE REDUCAO INVERTIDA, PVC SOLDAVEL, 100 X 75 MM, SERIE NORMAL PARA ESGOTO PREDIAL","UN    ","CR","17,40"]
[3669,"JUNCAO DE REDUCAO INVERTIDA, PVC SOLDAVEL, 75 X 50 MM, SERIE NORMAL PARA ESGOTO PREDIAL","UN    ","CR","7,46"]
[20138,"JUNCAO DE REDUCAO SIMPLES, COM BOLSA PARA ANEL, PVC LEVE,  150 X 100 MM, PARA ESGOTO PREDIAL","UN    ","CR","37,05"]
[20139,"JUNCAO DUPLA, PVC SERIE R, DN 100 X 100 X 100 MM, PARA ESGOTO PREDIAL","UN    ","CR","62,25"]
[3668,"JUNCAO DUPLA, PVC SOLDAVEL, DN 100 X 100 X 100 MM , SERIE NORMAL PARA ESGOTO PREDIAL","UN    ","CR","24,68"]
[3656,"JUNCAO DUPLA, PVC SOLDAVEL, DN 75 X 75 X 75 MM , SERIE NORMAL PARA ESGOTO PREDIAL","UN    ","CR","12,23"]
[10911,"JUNCAO INVERTIDA, PVC SOLDAVEL, 75 X 75 MM, SERIE NORMAL PARA ESGOTO PREDIAL","UN    ","CR","13,58"]
[3654,"JUNCAO PVC  ROSCAVEL, 45 GRAUS, 1/2\", PARA AGUA FRIA PREDIAL","UN    ","CR","3,12"]
[3664,"JUNCAO PVC  ROSCAVEL, 45 GRAUS, 3/4\", PARA AGUA FRIA PREDIAL","UN    ","CR","3,87"]
[3657,"JUNCAO PVC, 45 GRAUS, ROSCAVEL, 1 1/4\", AGUA FRIA PREDIAL","UN    ","CR","4,17"]
[12625,"JUNCAO PVC, 60 GRAUS, CIRCULAR,  DIAMETRO ENTRE 80 E 100 MM, PARA DRENAGEM PLUVIAL PREDIAL","UN    ","AS","8,34"]
[20136,"JUNCAO SIMPLES, PVC LEVE, 150 MM, PARA ESGOTO PREDIAL","UN    ","CR","83,62"]
[20144,"JUNCAO SIMPLES, PVC SERIE R, DN 100 X 100 MM, PARA ESGOTO PREDIAL","UN    ","CR","36,73"]
[20143,"JUNCAO SIMPLES, PVC SERIE R, DN 100 X 75 MM, PARA ESGOTO PREDIAL","UN    ","CR","34,30"]
[20145,"JUNCAO SIMPLES, PVC SERIE R, DN 150 X 100 MM, PARA ESGOTO PREDIAL","UN    ","CR","97,35"]
[20146,"JUNCAO SIMPLES, PVC SERIE R, DN 150 X 150 MM, PARA ESGOTO PREDIAL","UN    ","CR","109,78"]
[20140,"JUNCAO SIMPLES, PVC SERIE R, DN 40 X 40 MM, PARA ESGOTO PREDIAL","UN    ","CR","4,37"]
[20141,"JUNCAO SIMPLES, PVC SERIE R, DN 50 X 50 MM, PARA ESGOTO PREDIAL","UN    ","CR","7,67"]
[20142,"JUNCAO SIMPLES, PVC SERIE R, DN 75 X 75 MM, PARA ESGOTO PREDIAL","UN    ","CR","23,47"]
[3659,"JUNCAO SIMPLES, PVC, DN 100 X 50 MM, SERIE NORMAL PARA ESGOTO PREDIAL","UN    ","CR","10,18"]
[3660,"JUNCAO SIMPLES, PVC, DN 100 X 75 MM, SERIE NORMAL PARA ESGOTO PREDIAL","UN    ","CR","14,67"]
[3662,"JUNCAO SIMPLES, PVC, DN 50 X 50 MM, SERIE NORMAL PARA ESGOTO PREDIAL","UN    ","CR","5,54"]
[3661,"JUNCAO SIMPLES, PVC, DN 75 X 50 MM, SERIE NORMAL PARA ESGOTO PREDIAL","UN    ","CR","8,16"]
[3658,"JUNCAO SIMPLES, PVC, DN 75 X 75 MM, SERIE NORMAL PARA ESGOTO PREDIAL","UN    ","CR","10,38"]
[3670,"JUNCAO SIMPLES, PVC, 45 GRAUS, DN 100 X 100 MM, SERIE NORMAL PARA ESGOTO PREDIAL","UN    ","CR","13,55"]
[3666,"JUNCAO SIMPLES, PVC, 45 GRAUS, DN 40 X 40 MM, SERIE NORMAL PARA ESGOTO PREDIAL","UN    ","CR","2,29"]
[14157,"JUNCAO 2 GARRAS PARA FITA PERFURADA","UN    ","AS","1,07"]
[3653,"JUNCAO, PVC, 45 GRAUS, JE, BBB, DN 100 MM, PARA REDE COLETORA DE ESGOTO (NBR 10569)","UN    ","AS","58,48"]
[3649,"JUNCAO, PVC, 45 GRAUS, JE, BBB, DN 150 MM, PARA REDE COLETORA DE ESGOTO (NBR 10569)","UN    ","AS","121,13"]
[42696,"JUNCAO, PVC, 45 GRAUS, JE, BBB, DN 150 MM, PARA TUBO CORRUGADO E/OU LISO, REDE COLETORA DE ESGOTO (NBR 10569)","UN    ","AS","338,91"]
[42697,"JUNCAO, PVC, 45 GRAUS, JE, BBB, DN 200 MM, PARA TUBO CORRUGADO E/OU LISO, REDE COLETORA DE ESGOTO (NBR 10569)","UN    ","AS","510,41"]
[42698,"JUNCAO, PVC, 45 GRAUS, JE, BBB, DN 250 MM, PARA TUBO CORRUGADO E/OU LISO, REDE COLETORA DE ESGOTO (NBR 10569)","UN    ","AS","710,99"]
[39875,"JUNTA DE EXPANSAO BRONZE/LATAO (REF 900), PONTA X PONTA, 35 MM","UN    ","AS","454,27"]
[39876,"JUNTA DE EXPANSAO BRONZE/LATAO (REF 900), PONTA X PONTA, 42 MM","UN    ","AS","568,75"]
[39877,"JUNTA DE EXPANSAO BRONZE/LATAO (REF 900), PONTA X PONTA, 54 MM","UN    ","AS","788,83"]
[39878,"JUNTA DE EXPANSAO BRONZE/LATAO (REF 900), PONTA X PONTA, 66 MM","UN    ","AS","1.041,92"]
[39872,"JUNTA DE EXPANSAO DE COBRE (REF 900), PONTA X PONTA, 15 MM","UN    ","AS","311,53"]
[39873,"JUNTA DE EXPANSAO DE COBRE (REF 900), PONTA X PONTA, 22 MM","UN    ","AS","361,35"]
[39874,"JUNTA DE EXPANSAO DE COBRE (REF 900), PONTA X PONTA, 28 MM","UN    ","AS","396,90"]
[3674,"JUNTA DILATACAO ELASTICA PARA CONCRETO (FUGENBAND) O-12, ATE 5 MCA","M     ","CR","87,90"]
[3681,"JUNTA DILATACAO ELASTICA PARA CONCRETO (FUGENBAND) O-22, ATE 30 MCA","M     ","CR","130,78"]
[3676,"JUNTA DILATACAO ELASTICA PARA CONCRETO (FUGENBAND) O-35/10, ATE 100 MCA","M     ","CR","492,18"]
[3679,"JUNTA DILATACAO ELASTICA PARA CONCRETO (FUGENBAND) O-35/6, ATE 100 MCA","M     ","CR","407,19"]
[3672,"JUNTA PLASTICA DE DILATACAO PARA PISOS, COR CINZA, 10 X 4,5 MM (ALTURA X ESPESSURA)","M     ","CR","1,39"]
[3671,"JUNTA PLASTICA DE DILATACAO PARA PISOS, COR CINZA, 17 X 3 MM (ALTURA X ESPESSURA)","M     ","C ","1,31"]
[3673,"JUNTA PLASTICA DE DILATACAO PARA PISOS, COR CINZA, 27 X 3 MM (ALTURA X ESPESSURA)","M     ","CR","2,05"]
[38394,"KIT ACESSORIOS PARA COMPRESSOR DE AR, 5 PECAS (PISTOLAS PINTURA, LIMPEZA E PULVERIZACAO, CALIBRADOR E MANGUEIRA)","UN    ","CR","202,24"]
[3729,"KIT CAVALETE, PVC, COM REGISTRO, PARA HIDROMETRO, BITOLAS 1/2\" OU 3/4\" - COMPLETO","UN    ","CR","52,19"]
[39357,"KIT CHASSI COZINHA, CUBA SIMPLES SEM MAQUINA LAVAR LOUCA PARA INSTALACAO PEX, QUADRO METALICO COM TRAVESSA COM FURO PARA ESGOTO DN 50 MM E FUROS SUPERIORES PARA AGUA, LARGURA *340* MM X ALTURA *650* MM, PARA CONEXAO COM ANEL DESLIZANTE (INCLUI TUBOS E CONEXOES PEX E TUBO E CONEXAO ESGOTO, NAO INCLUI CARENAGEM)","UN    ","AS","92,50"]
[39358,"KIT CHASSI COZINHA, CUBA SIMPLES SEM MAQUINA LAVAR LOUCA PARA INSTALACAO PEX, QUADRO METALICO COM TRAVESSA COM FURO PARA ESGOTO DN 50 MM E FUROS SUPERIORES PARA AGUA, LARGURA *340* MM X ALTURA *650* MM, PARA CONEXAO COM CRIMPAGEM (INCLUI TUBOS E CONEXOESPEX E TUBO E CONEXAO ESGOTO, NAO INCLUI CARENAGEM)","UN    ","AS","101,43"]
[39356,"KIT CHASSI TANQUE COM MAQUINA LAVAR ROUPA PARA INSTALACAO PEX, QUADRO METALICO COM TRAVESSA COM  FURO PARA ESGOTO DN 50 MM, FURO LATERAL PARA MAQUINA E FUROS SUPERIORES PARA AGUA, LARGURA *344* MM X ALTURA *442* MM, PARA CONEXAO COM CRIMPAGEM (INCLUI TUBOS E CONEXOES PEX E TUBO E CONEXAO ESGOTO, NAO INCLUI CARENAGEM)","UN    ","AS","173,05"]
[39355,"KIT CHASSI TANQUE COM MAQUINA LAVAR ROUPA PARA INSTALACAO PEX, QUADRO METALICO COM TRAVESSA COM FURO PARA ESGOTO DN 50 MM, FURO LATERAL PARA MAQUINA E FUROS SUPERIORES PARA AGUA, LARGURA *344* MM X ALTURA *442* MM, PARA CONEXAO COM ANEL DESLIZANTE (INCLUI TUBOS E CONEXOES PEX E TUBO E CONEXAO ESGOTO, NAO INCLUI CARENAGEM)","UN    ","AS","148,91"]
[39353,"KIT CHUVEIRO PARA INSTALACAO PEX, QUADRO METALICO COM 2 TRAVESSAS, SUPERIOR COM ESPERA PARA CHUVEIRO E INFERIOR COM 2 REGISTROS DE PRESSAO DE 1/2 \", LARGURA DE *390* MM X ALTURA DE *900* MM, PARA CONEXAO COM ANEL DESLIZANTE (INCLUI REGISTROS PRESSAO E TUBOS PEX COM CONEXOES, SEM REGISTRO GAVETA, NAO INCLUI CARENAGEM)","UN    ","AS","204,21"]
[39354,"KIT CHUVEIRO PARA INSTALACAO PEX, QUADRO METALICO COM 2 TRAVESSAS, SUPERIOR COM ESPERA PARA CHUVEIRO E INFERIOR COM 2 REGISTROS DE PRESSAO DE 1/2 \", LARGURA DE *390* MM X ALTURA DE *900* MM, PARA CONEXAO COM CRIMPAGEM (INCLUI REGISTROS PRESSAO E TUBOS PEX COM CONEXOES, SEM REGISTRO GAVETA, NAO INCLUI CARENAGEM)","UN    ","AS","203,53"]
[39398,"KIT DE ACESSORIOS PARA BANHEIRO EM METAL CROMADO, 5 PECAS","UN    ","CR","65,11"]
[13343,"KIT DE MATERIAIS PARA BRACADEIRA PARA FIXACAO EM POSTE CIRCULAR, CONTEM TRES FIXADORES E UM ROLO DE FITA DE 3 M EM ACO CARBONO","UN    ","CR","30,91"]
[12118,"KIT DE PROTECAO ARSTOP PARA AR CONDICIONADO, TOMADA PADRAO 2P+T 20 A, COM DISJUNTOR UNIPOLAR DIN 20A","UN    ","CR","16,61"]
[39482,"KIT PORTA PRONTA DE MADEIRA, FOLHA LEVE (NBR 15930) DE 60 X 210 CM, E = *35* MM, COM MARCO EM ACO, NUCLEO COLMEIA, CAPA LISA EM HDF, ACABAMENTO MELAMINICO BRANCO (INCLUI MARCO, ALIZARES, DOBRADICAS E FECHADURA)","UN    ","CR","343,05"]
[39486,"KIT PORTA PRONTA DE MADEIRA, FOLHA LEVE (NBR 15930) DE 60 X 210 CM, E = 35 MM, NUCLEO COLMEIA, ESTRUTURA USINADA PARA FECHADURA, CAPA LISA EM HDF, ACABAMENTO EM PRIMER PARA PINTURA (INCLUI MARCO, ALIZARES E DOBRADICAS)","UN    ","CR","302,24"]
[39483,"KIT PORTA PRONTA DE MADEIRA, FOLHA LEVE (NBR 15930) DE 70 X 210 CM, E = *35* MM, COM MARCO EM ACO, NUCLEO COLMEIA, CAPA LISA EM HDF, ACABAMENTO MELAMINICO BRANCO (INCLUI MARCO, ALIZARES, DOBRADICAS E FECHADURA)","UN    ","CR","327,19"]
[39487,"KIT PORTA PRONTA DE MADEIRA, FOLHA LEVE (NBR 15930) DE 70 X 210 CM, E = 35 MM, NUCLEO COLMEIA, ESTRUTURA USINADA PARA FECHADURA, CAPA LISA EM HDF, ACABAMENTO EM PRIMER PARA PINTURA (INCLUI MARCO, ALIZARES E DOBRADICAS)","UN    ","CR","305,36"]
[39484,"KIT PORTA PRONTA DE MADEIRA, FOLHA LEVE (NBR 15930) DE 80 X 210 CM, E = *35* MM, COM MARCO EM ACO, NUCLEO COLMEIA, CAPA LISA EM HDF, ACABAMENTO MELAMINICO BRANCO (INCLUI MARCO, ALIZARES, DOBRADICAS E FECHADURA)","UN    ","CR","330,31"]
[39488,"KIT PORTA PRONTA DE MADEIRA, FOLHA LEVE (NBR 15930) DE 80 X 210 CM, E = 35 MM, NUCLEO COLMEIA, ESTRUTURA USINADA PARA FECHADURA, CAPA LISA EM HDF, ACABAMENTO EM PRIMER PARA PINTURA (INCLUI MARCO, ALIZARES E DOBRADICAS)","UN    ","CR","308,48"]
[39485,"KIT PORTA PRONTA DE MADEIRA, FOLHA LEVE (NBR 15930) DE 90 X 210 CM, E = *35* MM, COM MARCO EM ACO, NUCLEO COLMEIA, CAPA LISA EM HDF, ACABAMENTO MELAMINICO BRANCO (INCLUI MARCO, ALIZARES, DOBRADICAS E FECHADURA)","UN    ","CR","345,92"]
[39489,"KIT PORTA PRONTA DE MADEIRA, FOLHA LEVE (NBR 15930) DE 90 X 210 CM, E = 35 MM, NUCLEO COLMEIA, ESTRUTURA USINADA PARA FECHADURA, CAPA LISA EM HDF, ACABAMENTO EM PRIMER PARA PINTURA (INCLUI MARCO, ALIZARES E DOBRADICAS)","UN    ","CR","324,09"]
[39494,"KIT PORTA PRONTA DE MADEIRA, FOLHA MEDIA (NBR 15930) DE 60 X 210 CM, E = 35 MM, NUCLEO SARRAFEADO, ESTRUTURA USINADA PARA FECHADURA, CAPA LISA EM HDF, ACABAMENTO EM PRIMER PARA PINTURA (INCLUI MARCO, ALIZARES E DOBRADICAS)","UN    ","CR","330,58"]
[39490,"KIT PORTA PRONTA DE MADEIRA, FOLHA MEDIA (NBR 15930) DE 60 X 210 CM, E = 35 MM, NUCLEO SARRAFEADO, ESTRUTURA USINADA PARA FECHADURA, CAPA LISA EM HDF, ACABAMENTO MELAMINICO BRANCO (INCLUI MARCO, ALIZARES E DOBRADICAS)","UN    ","CR","374,74"]
[39495,"KIT PORTA PRONTA DE MADEIRA, FOLHA MEDIA (NBR 15930) DE 70 X 210 CM, E = 35 MM, NUCLEO SARRAFEADO, ESTRUTURA USINADA PARA FECHADURA, CAPA LISA EM HDF, ACABAMENTO EM PRIMER PARA PINTURA (INCLUI MARCO, ALIZARES E DOBRADICAS)","UN    ","CR","343,05"]
[39491,"KIT PORTA PRONTA DE MADEIRA, FOLHA MEDIA (NBR 15930) DE 70 X 210 CM, E = 35 MM, NUCLEO SARRAFEADO, ESTRUTURA USINADA PARA FECHADURA, CAPA LISA EM HDF, ACABAMENTO MELAMINICO BRANCO (INCLUI MARCO, ALIZARES E DOBRADICAS)","UN    ","CR","386,71"]
[39496,"KIT PORTA PRONTA DE MADEIRA, FOLHA MEDIA (NBR 15930) DE 80 X 210 CM, E = 35 MM, NUCLEO SARRAFEADO, ESTRUTURA USINADA PARA FECHADURA, CAPA LISA EM HDF, ACABAMENTO EM PRIMER PARA PINTURA (INCLUI MARCO, ALIZARES E DOBRADICAS)","UN    ","CR","355,40"]
[39492,"KIT PORTA PRONTA DE MADEIRA, FOLHA MEDIA (NBR 15930) DE 80 X 210 CM, E = 35 MM, NUCLEO SARRAFEADO, ESTRUTURA USINADA PARA FECHADURA, CAPA LISA EM HDF, ACABAMENTO MELAMINICO BRANCO (INCLUI MARCO, ALIZARES E DOBRADICAS)","UN    ","CR","389,08"]
[39497,"KIT PORTA PRONTA DE MADEIRA, FOLHA MEDIA (NBR 15930) DE 90 X 210 CM, E = 35 MM, NUCLEO SARRAFEADO, ESTRUTURA USINADA PARA FECHADURA, CAPA LISA EM HDF, ACABAMENTO EM PRIMER PARA PINTURA (INCLUI MARCO, ALIZARES E DOBRADICAS)","UN    ","CR","367,88"]
[39493,"KIT PORTA PRONTA DE MADEIRA, FOLHA MEDIA (NBR 15930) DE 90 X 210 CM, E = 35 MM, NUCLEO SARRAFEADO, ESTRUTURA USINADA PARA FECHADURA, CAPA LISA EM HDF, ACABAMENTO MELAMINICO BRANCO (INCLUI MARCO, ALIZARES E DOBRADICAS)","UN    ","CR","411,66"]
[39500,"KIT PORTA PRONTA DE MADEIRA, FOLHA PESADA (NBR 15930) DE 80 X 210 CM, E = 35 MM, NUCLEO SOLIDO, CAPA LISA EM HDF, ACABAMENTO MELAMINICO BRANCO (INCLUI MARCO, ALIZARES, DOBRADICAS E FECHADURA EXTERNA)","UN    ","CR","413,01"]
[39498,"KIT PORTA PRONTA DE MADEIRA, FOLHA PESADA (NBR 15930) DE 80 X 210 CM, E = 35 MM, NUCLEO SOLIDO, ESTRUTURA USINADA PARA FECHADURA, CAPA LISA EM HDF, ACABAMENTO EM LAMINADO NATURAL COM VERNIZ (INCLUI MARCO, ALIZARES E DOBRADICAS)","UN    ","CR","459,25"]
[39501,"KIT PORTA PRONTA DE MADEIRA, FOLHA PESADA (NBR 15930) DE 90 X 210 CM, E = 35 MM, NUCLEO SOLIDO, CAPA LISA EM HDF, ACABAMENTO MELAMINICO BRANCO (INCLUI MARCO, ALIZARES, DOBRADICAS E FECHADURA EXTERNA)","UN    ","CR","423,76"]
[39499,"KIT PORTA PRONTA DE MADEIRA, FOLHA PESADA (NBR 15930) DE 90 X 210 CM, E = 35 MM, NUCLEO SOLIDO, ESTRUTURA USINADA PARA FECHADURA, CAPA LISA EM HDF, ACABAMENTO EM LAMINADO NATURAL COM VERNIZ (INCLUI MARCO, ALIZARES E DOBRADICAS)","UN    ","CR","498,21"]
[3733,"LADRILHO HIDRAULICO, *20 x 20* CM, E= 2 CM, PADRAO COPACABANA, 2 CORES (PRETO E BRANCO)","M2    ","AS","51,01"]
[3731,"LADRILHO HIDRAULICO, *20 X 20* CM, E= 2 CM, DADOS, COR NATURAL","M2    ","AS","47,35"]
[38137,"LADRILHO HIDRAULICO, *20 X 20* CM, E= 2 CM, RAMPA, NATURAL","M2    ","AS","47,63"]
[38135,"LADRILHO HIDRAULICO, *20 X 20* CM, E= 2 CM, TATIL ALERTA OU DIRECIONAL, AMARELO","M2    ","AS","60,37"]
[38138,"LADRILHO HIDRAULICO, *30 X 30* CM, E= 2 CM, MILANO, NATURAL","M2    ","AS","46,77"]
[3736,"LAJE PRE-MOLDADA CONVENCIONAL (LAJOTAS + VIGOTAS) PARA FORRO, UNIDIRECIONAL, SOBRECARGA DE 100 KG/M2, VAO ATE 4,00 M (SEM COLOCACAO)","M2    ","C ","34,90"]
[3741,"LAJE PRE-MOLDADA CONVENCIONAL (LAJOTAS + VIGOTAS) PARA FORRO, UNIDIRECIONAL, SOBRECARGA DE 100 KG/M2, VAO ATE 4,50 M (SEM COLOCACAO)","M2    ","CR","36,38"]
[3745,"LAJE PRE-MOLDADA CONVENCIONAL (LAJOTAS + VIGOTAS) PARA FORRO, UNIDIRECIONAL, SOBRECARGA 100 KG/M2, VAO ATE 5,00 M (SEM COLOCACAO)","M2    ","CR","39,22"]
[3743,"LAJE PRE-MOLDADA CONVENCIONAL (LAJOTAS + VIGOTAS) PARA PISO, UNIDIRECIONAL, SOBRECARGA DE 200 KG/M2, VAO ATE 3,50 M (SEM COLOCACAO)","M2    ","CR","36,25"]
[3744,"LAJE PRE-MOLDADA CONVENCIONAL (LAJOTAS + VIGOTAS) PARA PISO, UNIDIRECIONAL, SOBRECARGA DE 200 KG/M2, VAO ATE 4,50 M (SEM COLOCACAO)","M2    ","CR","39,90"]
[3739,"LAJE PRE-MOLDADA CONVENCIONAL (LAJOTAS + VIGOTAS) PARA PISO, UNIDIRECIONAL, SOBRECARGA DE 200 KG/M2, VAO ATE 5,00 M (SEM COLOCACAO)","M2    ","CR","41,93"]
[3737,"LAJE PRE-MOLDADA CONVENCIONAL (LAJOTAS + VIGOTAS) PARA PISO, UNIDIRECIONAL, SOBRECARGA DE 350 KG/M2, VAO ATE 4,50 M (SEM COLOCACAO)","M2    ","CR","43,96"]
[3738,"LAJE PRE-MOLDADA CONVENCIONAL (LAJOTAS + VIGOTAS) PARA PISO, UNIDIRECIONAL, SOBRECARGA DE 350 KG/M2, VAO ATE 5,00 M (SEM COLOCACAO)","M2    ","CR","50,72"]
[3747,"LAJE PRE-MOLDADA CONVENCIONAL (LAJOTAS + VIGOTAS) PARA PISO, UNIDIRECIONAL, SOBRECARGA 350 KG/M2 VAO ATE 3,50 M (SEM COLOCACAO)","M2    ","CR","39,90"]
[11649,"LAJE PRE-MOLDADA DE TRANSICAO EXCENTRICA EM CONCRETO ARMADO, DN 1200 MM, FURO CIRCULAR DN 600 MM, ESPESSURA 12 CM","UN    ","CR","289,48"]
[11650,"LAJE PRE-MOLDADA DE TRANSICAO EXCENTRICA EM CONCRETO ARMADO, DN 1500 MM, FURO CIRCULAR DN 530 MM, ESPESSURA 15 CM","UN    ","CR","493,40"]
[3742,"LAJE PRE-MOLDADA TRELICADA (LAJOTAS + VIGOTAS) PARA FORRO, UNIDIRECIONAL, SOBRECARGA DE 100 KG/M2, VAO ATE 6,00 M (SEM COLOCACAO)","M2    ","CR","52,62"]
[3746,"LAJE PRE-MOLDADA TRELICADA (LAJOTAS + VIGOTAS) PARA PISO, UNIDIRECIONAL, SOBRECARGA DE 200 KG/M2, VAO ATE 6,00 M (SEM COLOCACAO)","M2    ","CR","61,44"]
[21106,"LAMBRI EM ALUMINIO, DE APROXIMADAMENTE 0,6 KG/M, COM APROXIMADAMENTE 168,0 MM DE LARGURA, 6,0 MM DE ALTURA E 6,0 M DE EXTENSAO","KG    ","AS","27,27"]
[3755,"LAMPADA DE LUZ MISTA 160 W, BASE E27 (220 V)","UN    ","AS","19,31"]
[3750,"LAMPADA DE LUZ MISTA 250 W, BASE E27 (220 V)","UN    ","AS","25,97"]
[3756,"LAMPADA DE LUZ MISTA 500 W, BASE E40 (220 V)","UN    ","AS","48,53"]
[39377,"LAMPADA FLUORESCENTE COMPACTA BRANCA 135 W, BASE E40 (127/220 V)","UN    ","AS","143,75"]
[38191,"LAMPADA FLUORESCENTE COMPACTA 2U BRANCA 15 W, BASE E27 (127/220 V)","UN    ","AS","10,70"]
[39381,"LAMPADA FLUORESCENTE COMPACTA 2U/3U BRANCA 9/10 W, BASE E27 (127/220 V)","UN    ","AS","9,98"]
[38780,"LAMPADA FLUORESCENTE COMPACTA 3U BRANCA 20 W, BASE E27 (127/220 V)","UN    ","AS","12,21"]
[38781,"LAMPADA FLUORESCENTE ESPIRAL BRANCA 45 W, BASE E27 (127/220 V)","UN    ","AS","41,23"]
[38192,"LAMPADA FLUORESCENTE ESPIRAL BRANCA 65 W, BASE E27 (127/220 V)","UN    ","AS","74,60"]
[3753,"LAMPADA FLUORESCENTE TUBULAR T10, DE 20 OU 40 W, BIVOLT","UN    ","AS","6,53"]
[38782,"LAMPADA FLUORESCENTE TUBULAR T5 DE 14 W, BIVOLT","UN    ","AS","8,50"]
[38778,"LAMPADA FLUORESCENTE TUBULAR T8 DE 16/18 W, BIVOLT","UN    ","AS","6,38"]
[38779,"LAMPADA FLUORESCENTE TUBULAR T8 DE 32/36 W, BIVOLT","UN    ","AS","6,76"]
[39388,"LAMPADA LED TIPO DICROICA BIVOLT, LUZ BRANCA, 5 W (BASE GU10)","UN    ","CR","11,62"]
[39387,"LAMPADA LED TUBULAR BIVOLT 18/20 W, BASE G13","UN    ","CR","18,12"]
[39386,"LAMPADA LED TUBULAR BIVOLT 9/10 W, BASE G13","UN    ","CR","12,63"]
[38194,"LAMPADA LED 10 W BIVOLT BRANCA, FORMATO TRADICIONAL (BASE E27)","UN    ","C ","9,45"]
[38193,"LAMPADA LED 6 W BIVOLT BRANCA, FORMATO TRADICIONAL (BASE E27)","UN    ","CR","8,21"]
[12216,"LAMPADA VAPOR DE SODIO OVOIDE 150 W (BASE E40)","UN    ","AS","37,31"]
[3757,"LAMPADA VAPOR DE SODIO OVOIDE 250 W (BASE E40)","UN    ","AS","43,14"]
[3758,"LAMPADA VAPOR DE SODIO OVOIDE 400 W (BASE E40)","UN    ","AS","50,30"]
[12214,"LAMPADA VAPOR MERCURIO 125 W (BASE E27)","UN    ","AS","17,22"]
[3749,"LAMPADA VAPOR MERCURIO 250 W (BASE E40)","UN    ","AS","30,70"]
[3751,"LAMPADA VAPOR MERCURIO 400 W (BASE E40)","UN    ","AS","41,89"]
[39376,"LAMPADA VAPOR METALICO OVOIDE 150 W, BASE E27/E40","UN    ","AS","35,32"]
[3752,"LAMPADA VAPOR METALICO TUBULAR 400 W (BASE E40)","UN    ","AS","69,11"]
[746,"LAVADORA DE ALTA PRESSAO (LAVA-JATO) PARA AGUA FRIA, PRESSAO DE OPERACAO ENTRE 1400 E 1900 LIB/POL2, VAZAO MAXIMA ENTRE  400 E 700 L/H","UN    ","AS","1.903,20"]
[36521,"LAVATORIO DE CANTO LOUCA BRANCA SUSPENSO *40 X 30* CM","UN    ","CR","110,68"]
[36794,"LAVATORIO LOUCA BRANCA COM COLUNA *44 X 35,5* CM","UN    ","CR","112,83"]
[10426,"LAVATORIO LOUCA BRANCA COM COLUNA *54 X 44* CM","UN    ","CR","162,50"]
[10425,"LAVATORIO LOUCA BRANCA SUSPENSO *40 X 30* CM","UN    ","CR","71,66"]
[10431,"LAVATORIO LOUCA COR COM COLUNA *54 X 44* CM","UN    ","CR","178,27"]
[10429,"LAVATORIO LOUCA COR SUSPENSO *40 X 30* CM","UN    ","CR","85,46"]
[20269,"LAVATORIO/CUBA DE EMBUTIR OVAL LOUCA BRANCA SEM LADRAO *50 X 35* CM","UN    ","CR","70,44"]
[20270,"LAVATORIO/CUBA DE EMBUTIR OVAL LOUCA COR SEM LADRAO *50 X 35* CM","UN    ","CR","76,70"]
[11696,"LAVATORIO/CUBA DE SOBREPOR OVAL PEQUENA LOUCA BRANCA SEM LADRAO *31 X 44*","UN    ","CR","112,06"]
[10427,"LAVATORIO/CUBA DE SOBREPOR RETANGULAR LOUCA BRANCA COM LADRAO *52 X 45* CM","UN    ","CR","200,92"]
[10428,"LAVATORIO/CUBA DE SOBREPOR RETANGULAR LOUCA COR COM LADRAO *52 X 45* CM","UN    ","CR","203,92"]
[2354,"LEITURISTA OU CADASTRISTA DE REDES DE AGUA E ESGOTO","H     ","CR","11,01"]
[40932,"LEITURISTA OU CADASTRISTA DE REDES DE AGUA E ESGOTO (MENSALISTA)","MES   ","CR","1.931,58"]
[10853,"LETRA ACO INOX (AISI 304), CHAPA NUM. 22, RECORTADO, H= 20 CM (SEM RELEVO)","UN    ","CR","62,32"]
[5093,"LEVANTADOR DE JANELA GUILHOTINA, EM LATAO CROMADO","PAR   ","CR","12,15"]
[37768,"LIMPADORA A SUCCAO, TANQUE 12000 L, BASCULAMENTO HIDRAULICO, BOMBA 12 M3/MIN 95% VACUO (INCLUI MONTAGEM, NAO INCLUI CAMINHAO)","UN    ","AS","98.500,00"]
[37773,"LIMPADORA DE SUCCAO TANQUE 7000 L, BOMBA 12 M3/MIN 95% VACUO (INCLUI MONTAGEM, NAO INCLUI CAMINHAO)","UN    ","AS","83.643,10"]
[37769,"LIMPADORA DE SUCCAO, TANQUE 11000 L, BOMBA 340 M3/MIN (INCLUI MONTAGEM, NAO INCLUI CAMINHAO)","UN    ","AS","140.029,09"]
[37770,"LIMPADORA DE SUCCAO, TANQUE 5500 L, BOMBA 60M3/MIN, VACUO 500 MBAR (INCLUI MONTAGEM, NAO INCLUI CAMINHAO)","UN    ","AS","237.651,71"]
[38382,"LINHA DE PEDREIRO LISA 100 M","UN    ","CR","7,36"]
[6091,"LIQUIDO PARA BRILHO PAREDES INTERNAS","L     ","CR","13,86"]
[38383,"LIXA D'AGUA EM FOLHA, GRAO 100","UN    ","CR","1,37"]
[3768,"LIXA EM FOLHA PARA FERRO, NUMERO 150","UN    ","CR","1,85"]
[3767,"LIXA EM FOLHA PARA PAREDE OU MADEIRA, NUMERO 120 (COR VERMELHA)","UN    ","CR","0,44"]
[13192,"LIXADEIRA ELETRICA ANGULAR PARA CONCRETO, POTENCIA 1.400 W, PRATO DIAMANTADO DE 5''","UN    ","CR","4.743,98"]
[38413,"LIXADEIRA ELETRICA ANGULAR, PARA DISCO DE 7 \" (180 MM), POTENCIA DE 2.200 W, *5.000* RPM, 220 V","UN    ","CR","784,58"]
[42440,"LIXEIRA DUPLA, COM CAPACIDADE VOLUMETRICA DE 60L*, FABRICADA EM TUBO DE ACO CARBONO, CESTOS EM CHAPA DE ACO E PINTURA NO PROCESSO ELETROSTATICO - PARA ACADEMIA AO AR LIVRE / ACADEMIA DA TERCEIRA IDADE - ATI","UN    ","AS","687,89"]
[20193,"LOCACAO DE ANDAIME METALICO TIPO FACHADEIRO, LARGURA DE 1,20 M, ALTURA POR PECA DE 2,0 M, INCLUINDO SAPATAS E ITENS NECESSARIOS A INSTALACAO","M2XMES","CR","1,31"]
[10527,"LOCACAO DE ANDAIME METALICO TUBULAR DE ENCAIXE, TIPO DE TORRE, COM LARGURA DE 1 ATE 1,5 M E ALTURA DE *1,00* M","MXMES ","C ","3,95"]
[41805,"LOCACAO DE ANDAIME SUSPENSO OU BALANCIM MANUAL, CAPACIDADE DE CARGA TOTAL DE APROXIMADAMENTE 250 KG/M2, PLATAFORMA DE 1,50 M X 0,80 M (C X L), CABO DE 45 M","MES   ","AS","427,00"]
[40271,"LOCACAO DE APRUMADOR METALICO DE PILAR, COM ALTURA E ANGULO REGULAVEIS, EXTENSAO DE *1,50* A *2,80* M","MES   ","CR","2,56"]
[40287,"LOCACAO DE BARRA DE ANCORAGEM DE 0,80 A 1,20 M DE EXTENSAO, COM ROSCA DE 5/8\", INCLUINDO PORCA E FLANGE","MES   ","CR","0,98"]
[40295,"LOCACAO DE BOMBA MANUAL PARA TESTE HIDROSTATICO ATE 30 BAR","H     ","AS","2,45"]
[745,"LOCACAO DE BOMBA MANUAL PARA TESTE HIDROSTATICO ATE 60 BAR","H     ","AS","2,59"]
[4084,"LOCACAO DE BOMBA SUBMERSIVEL PARA DRENAGEM E ESGOTAMENTO, MOTOR ELETRICO TRIFASICO, POTENCIA DE 1 CV, DIAMETRO DE RECALQUE DE 2\". FAIXA DE OPERACAO: Q=25 M3/H (+ OU - 1 M3/H) E AMT=2 M; Q=12 M3/H (+ OU - 2 M3/H) E AMT = 12 M (+ OU - 2 M)","H     ","AS","1,51"]
[743,"LOCACAO DE BOMBA SUBMERSIVEL PARA DRENAGEM E ESGOTAMENTO, MOTOR ELETRICO TRIFASICO, POTENCIA DE 2 CV, DIAMETRO DE RECALQUE DE 2\". FAIXA DE OPERACAO: Q=35 M3/H (+ OU - 3 M3/H) E AMT=2 M; Q=13 M3/H (+ OU - 3 M3/H) E AMT = 17 M (+ OU - 3 M)","H     ","AS","1,51"]
[40293,"LOCACAO DE BOMBA SUBMERSIVEL PARA DRENAGEM E ESGOTAMENTO, MOTOR ELETRICO TRIFASICO, POTENCIA DE 2 CV, DIAMETRO DE RECALQUE DE 3\". FAIXA DE OPERACAO: Q=70 M3/H (+ OU - 2 M3/H) E AMT=2 M; Q=9,5 M3/H (+ OU - 3,5 M3/H) E AMT = 10 M (+ OU - 2 M)","H     ","AS","1,81"]
[40294,"LOCACAO DE BOMBA SUBMERSIVEL PARA DRENAGEM E ESGOTAMENTO, MOTOR ELETRICO TRIFASICO, POTENCIA DE 3 CV, DIAMETRO DE RECALQUE DE 2\". FAIXA DE OPERACAO: Q=84 M3/H (+ OU - 2,5 M3/H) E AMT=2 M; Q=9,1 M3/H (+ OU - 2 M3/H) E AMT = 12 M (+ OU - 2 M)","H     ","AS","1,51"]
[4085,"LOCACAO DE BOMBA SUBMERSIVEL PARA DRENAGEM E ESGOTAMENTO, MOTOR ELETRICO TRIFASICO, POTENCIA DE 4 CV, DIAMETRO DE RECALQUE DE 3\". FAIXA DE OPERACAO: Q=60 M3/H (+ OU - 1 M3/H) E AMT=2 M; Q=11 M3/H (+ OU - 1 M3/H) E AMT = 23 M (+ OU - 1 M)","H     ","AS","2,11"]
[10775,"LOCACAO DE CONTAINER 2,30  X  6,00 M, ALT. 2,50 M, COM 1 SANITARIO, PARA ESCRITORIO, COMPLETO, SEM DIVISORIAS INTERNAS","MES   ","AS","522,00"]
[10776,"LOCACAO DE CONTAINER 2,30  X  6,00 M, ALT. 2,50 M, PARA ESCRITORIO, SEM DIVISORIAS INTERNAS E SEM SANITARIO","MES   ","AS","407,81"]
[10779,"LOCACAO DE CONTAINER 2,30 X 4,30 M, ALT. 2,50 M, P/ SANITARIO, C/ 5 BACIAS, 1 LAVATORIO E 4 MICTORIOS","MES   ","AS","652,50"]
[10777,"LOCACAO DE CONTAINER 2,30 X 4,30 M, ALT. 2,50 M, PARA SANITARIO, COM 3 BACIAS, 4 CHUVEIROS, 1 LAVATORIO E 1 MICTORIO","MES   ","AS","592,68"]
[10778,"LOCACAO DE CONTAINER 2,30 X 6,00 M, ALT. 2,50 M,  PARA SANITARIO,  COM 4 BACIAS, 8 CHUVEIROS,1 LAVATORIO E 1 MICTORIO","MES   ","AS","652,50"]
[40339,"LOCACAO DE CRUZETA PARA ESCORA METALICA","MES   ","CR","0,98"]
[3355,"LOCACAO DE ELEVADOR DE CARGA A CABO, CABINE SEMI FECHADA *2,0* X *1,5* X *2,0* M, CAPACIDADE DE CARGA 1000 KG, TORRE  *2,38* X *2,21* X 15 M, GUINCHO DE EMBREAGEM, FREIO DE SEGURANCA, LIMITADOR DE VELOCIDADE E CANCELA","H     ","AS","23,85"]
[39814,"LOCACAO DE ELEVADOR DE CREMALHEIRA CABINE SIMPLES FECHADA 1,5 X 2,5 X 2,35 M (UMA POR TORRE), CAPACIDADE DE CARGA *1200* KG (15 PESSOAS), TORRE DE 24 M (16 MODULOS), 16 PARADAS, FREIO DE SEGURANCA, LIMITADOR DE CARGA","H     ","AS","44,71"]
[10749,"LOCACAO DE ESCORA METALICA TELESCOPICA, COM ALTURA REGULAVEL DE *1,80* A *3,20* M, COM CAPACIDADE DE CARGA DE NO MINIMO 1000 KGF (10 KN), INCLUSO TRIPE E FORCADO","MES   ","CR","1,81"]
[40290,"LOCACAO DE FORMA PLASTICA PARA LAJE NERVURADA, DIMENSOES *60* X *60* X *16* CM","MES   ","CR","2,60"]
[7252,"LOCACAO DE NIVEL OPTICO, COM PRECISAO DE 0,7 MM, AUMENTO DE 32X","H     ","AS","2,14"]
[4778,"LOCACAO DE PERFURATRIZ PNEUMATICA DE PESO MEDIO, * 18 * KG, PARA ROCHA","H     ","AS","2,70"]
[4780,"LOCACAO DE PERFURATRIZ PNEUMATICA DE PESO MEDIO, * 24 * KG, PARA ROCHA","H     ","AS","2,92"]
[10809,"LOCACAO DE TALHA ELETRICA 3 T, VELOCIDADE  2,1 M / MIN, POTENCIA 1,3 KW","H     ","AS","1,05"]
[10811,"LOCACAO DE TALHA MANUAL DE CORRENTE, CAPACIDADE DE 2 T COM ELEVACAO DE 3 M","H     ","AS","0,90"]
[7247,"LOCACAO DE TEODOLITO ELETRONICO, PRECISAO ANGULAR DE 5 A 7 SEGUNDOS, INCLUINDO TRIPE","H     ","AS","2,14"]
[40291,"LOCACAO DE TORRE METALICA COMPLETA PARA UMA CARGA DE 8 TF (80 KN)  E PE DIREITO DE 6 M, INCLUINDO MODULOS , DIAGONAIS, SAPATAS E FORCADOS","MES   ","CR","137,79"]
[40275,"LOCACAO DE VIGA SANDUICHE METALICA VAZADA PARA TRAVAMENTO DE PILARES, ALTURA DE *8* CM, LARGURA DE *6* CM E EXTENSAO DE 2 M","MES   ","CR","3,95"]
[3777,"LONA PLASTICA PRETA, E= 150 MICRA","M2    ","C ","1,24"]
[3798,"LUMINARIA ABERTA P/ ILUMINACAO PUBLICA, TIPO X-57 PETERCO OU EQUIV","UN    ","CR","43,16"]
[38769,"LUMINARIA ARANDELA TIPO MEIA-LUA COM VIDRO FOSCO *30 X 15* CM, PARA 1 LAMPADA, BASE E27, POTENCIA MAXIMA 40/60 W (NAO INCLUI LAMPADA)","UN    ","CR","33,70"]
[39510,"LUMINARIA DE EMBUTIR EM CHAPA DE ACO PARA 2 LAMPADAS FLUORESCENTES DE 14 W COM REFLETOR E ALETAS EM ALUMINIO, COMPLETA (INCLUI REATOR E LAMPADAS)","UN    ","CR","136,41"]
[38776,"LUMINARIA DE EMBUTIR EM CHAPA DE ACO PARA 4 LAMPADAS FLUORESCENTES DE 14 W *60 X 60 CM* ALETADA (NAO INCLUI REATOR E LAMPADAS)","UN    ","CR","144,77"]
[38774,"LUMINARIA DE EMERGENCIA 30 LEDS, POTENCIA 2 W, BATERIA DE LITIO, AUTONOMIA DE 6 HORAS","UN    ","CR","23,74"]
[42247,"LUMINARIA DE LED PARA ILUMINACAO PUBLICA, DE 138 W ATE 180 W, INVOLUCRO EM ALUMINIO OU ACO INOX","UN    ","CR","810,33"]
[42248,"LUMINARIA DE LED PARA ILUMINACAO PUBLICA, DE 181 W ATE 239 W, INVOLUCRO EM ALUMINIO OU ACO INOX","UN    ","CR","941,25"]
[42249,"LUMINARIA DE LED PARA ILUMINACAO PUBLICA, DE 240 W ATE 350 W, INVOLUCRO EM ALUMINIO OU ACO INOX","UN    ","CR","1.559,33"]
[42244,"LUMINARIA DE LED PARA ILUMINACAO PUBLICA, DE 33 W ATE 50 W, INVOLUCRO EM ALUMINIO OU ACO INOX","UN    ","CR","243,52"]
[42245,"LUMINARIA DE LED PARA ILUMINACAO PUBLICA, DE 51 W ATE 67 W, INVOLUCRO EM ALUMINIO OU ACO INOX","UN    ","CR","449,37"]
[42246,"LUMINARIA DE LED PARA ILUMINACAO PUBLICA, DE 68 W ATE 97 W, INVOLUCRO EM ALUMINIO OU ACO INOX","UN    ","CR","497,43"]
[42243,"LUMINARIA DE LED PARA ILUMINACAO PUBLICA, DE 98 W ATE 137 W, INVOLUCRO EM ALUMINIO OU ACO INOX","UN    ","CR","599,81"]
[38889,"LUMINARIA DE SOBREPOR EM CHAPA DE ACO COM ALETAS PLASTICAS, PARA 1 LAMPADA, BASE E27, POTENCIA MAXIMA 40/60 W (NAO INCLUI LAMPADA)","UN    ","CR","25,83"]
[38784,"LUMINARIA DE SOBREPOR EM CHAPA DE ACO COM ALETAS PLASTICAS, PARA 2 LAMPADAS, BASE E27, POTENCIA MAXIMA 40/60 W (NAO INCLUI LAMPADAS)","UN    ","CR","34,56"]
[3788,"LUMINARIA DE SOBREPOR EM CHAPA DE ACO PARA 1 LAMPADA FLUORESCENTE DE *18* W, ALETADA, COMPLETA (LAMPADA E REATOR INCLUSOS)","UN    ","CR","36,01"]
[12230,"LUMINARIA DE SOBREPOR EM CHAPA DE ACO PARA 1 LAMPADA FLUORESCENTE DE *18* W, PERFIL COMERCIAL (NAO INCLUI REATOR E LAMPADA)","UN    ","CR","9,26"]
[3780,"LUMINARIA DE SOBREPOR EM CHAPA DE ACO PARA 1 LAMPADA FLUORESCENTE DE *36* W, ALETADA, COMPLETA (LAMPADA E REATOR INCLUSOS)","UN    ","C ","53,14"]
[12231,"LUMINARIA DE SOBREPOR EM CHAPA DE ACO PARA 1 LAMPADA FLUORESCENTE DE *36* W, PERFIL COMERCIAL (NAO INCLUI REATOR E LAMPADA)","UN    ","CR","15,40"]
[3811,"LUMINARIA DE SOBREPOR EM CHAPA DE ACO PARA 2 LAMPADAS FLUORESCENTES DE *18* W, ALETADA, COMPLETA (LAMPADAS E REATOR INCLUSOS)","UN    ","CR","49,91"]
[12232,"LUMINARIA DE SOBREPOR EM CHAPA DE ACO PARA 2 LAMPADAS FLUORESCENTES DE *18* W, PERFIL COMERCIAL (NAO INCLUI REATOR E LAMPADAS)","UN    ","CR","16,14"]
[3799,"LUMINARIA DE SOBREPOR EM CHAPA DE ACO PARA 2 LAMPADAS FLUORESCENTES DE *36* W, ALETADA, COMPLETA (LAMPADAS E REATOR INCLUSOS)","UN    ","CR","70,59"]
[12239,"LUMINARIA DE SOBREPOR EM CHAPA DE ACO PARA 2 LAMPADAS FLUORESCENTES DE *36* W, PERFIL COMERCIAL (NAO INCLUI REATOR E LAMPADAS)","UN    ","CR","21,13"]
[38773,"LUMINARIA DE TETO PLAFON/PLAFONIER EM PLASTICO COM BASE E27, POTENCIA MAXIMA 60 W (NAO INCLUI LAMPADA)","UN    ","CR","3,39"]
[12271,"LUMINARIA DUPLA P/SINALIZACAO, TIPO WETZEL AS-2/110 OU EQUIV","UN    ","CR","189,01"]
[38785,"LUMINARIA HERMETICA IP-65 PARA 2 DUAS LAMPADAS DE 14/16/18/20 W (NAO INCLUI REATOR E LAMPADAS)","UN    ","CR","89,48"]
[38786,"LUMINARIA HERMETICA IP-65 PARA 2 DUAS LAMPADAS DE 28/32/36/40 W (NAO INCLUI REATOR E LAMPADAS)","UN    ","CR","110,22"]
[39385,"LUMINARIA LED PLAFON REDONDO DE SOBREPOR BIVOLT 12/13 W,  D = *17* CM","UN    ","CR","21,71"]
[39389,"LUMINARIA LED REFLETOR RETANGULAR BIVOLT, LUZ BRANCA, 10 W","UN    ","CR","23,56"]
[39390,"LUMINARIA LED REFLETOR RETANGULAR BIVOLT, LUZ BRANCA, 30 W","UN    ","CR","49,38"]
[39391,"LUMINARIA LED REFLETOR RETANGULAR BIVOLT, LUZ BRANCA, 50 W","UN    ","CR","55,44"]
[3803,"LUMINARIA PLAFON REDONDO COM VIDRO FOSCO DIAMETRO *25* CM, PARA 1 LAMPADA, BASE E27, POTENCIA MAXIMA 40/60 W (NAO INCLUI LAMPADA)","UN    ","CR","31,96"]
[38770,"LUMINARIA PLAFON REDONDO COM VIDRO FOSCO DIAMETRO *30* CM, PARA 2 LAMPADAS, BASE E27, POTENCIA MAXIMA 40/60 W (NAO INCLUI LAMPADAS)","UN    ","CR","37,00"]
[12267,"LUMINARIA PROVA DE TEMPO PETERCO Y.31/1","UN    ","CR","108,44"]
[43265,"LUMINARIA SOLAR LED EXTERNA, TIPO ARANDELA DE PAREDE, EM ALUMINIO, 16 LEDS, LUZ BRANCA, *180* LUMENS, CAPACIDADE DE ILUMINACAO ATE 36 H, RETANGULAR, *13 X 9 X 7* (C X L X A), COM SENSOR DE MOVIMENTO / PRESENCA, BATERIA RECARREGAVEL COM LUZ SOLAR, RESISTENTE AO CALOR, A PROVA DE AGUA E POEIRA/ IMPERMEAVEL, IP65","UN    ","CR","67,90"]
[12266,"LUMINARIA SPOT DE SOBREPOR EM ALUMINIO COM ALETA PLASTICA PARA 1 LAMPADA, BASE E27, POTENCIA MAXIMA 40/60 W (NAO INCLUI LAMPADA)","UN    ","CR","55,50"]
[39378,"LUMINARIA SPOT DE SOBREPOR EM ALUMINIO COM ALETA PLASTICA PARA 2 LAMPADAS, BASE E27, POTENCIA MAXIMA 40/60 W (NAO INCLUI LAMPADA)","UN    ","CR","39,35"]
[43543,"LUMINARIA TIPO TARTARUGA A PROVA DE TEMPO, GASES, VAPOR E PO, EM ALUMINIO, COM GRADE, BASE E27, POTENCIA MAXIMA 100 W - REF Y 25/1 (NAO INCLUI LAMPADA)","UN    ","CR","81,98"]
[38775,"LUMINARIA TIPO TARTARUGA PARA AREA EXTERNA EM ALUMINIO, COM GRADE, PARA 1 LAMPADA, BASE E27, POTENCIA MAXIMA 40/60 W (NAO INCLUI LAMPADA)","UN    ","CR","41,72"]
[21119,"LUVA CPVC, SOLDAVEL, 15 MM, PARA AGUA QUENTE PREDIAL","UN    ","AS","1,17"]
[37974,"LUVA CPVC, SOLDAVEL, 22 MM, PARA AGUA QUENTE PREDIAL","UN    ","AS","1,74"]
[37975,"LUVA CPVC, SOLDAVEL, 28 MM, PARA AGUA QUENTE PREDIAL","UN    ","AS","3,54"]
[37976,"LUVA CPVC, SOLDAVEL, 35 MM, PARA AGUA QUENTE PREDIAL","UN    ","AS","7,27"]
[37977,"LUVA CPVC, SOLDAVEL, 42 MM, PARA AGUA QUENTE PREDIAL","UN    ","AS","10,00"]
[37978,"LUVA CPVC, SOLDAVEL, 54 MM, PARA AGUA QUENTE PREDIAL","UN    ","AS","20,28"]
[37979,"LUVA CPVC, SOLDAVEL, 73 MM, PARA AGUA QUENTE PREDIAL","UN    ","AS","87,12"]
[37980,"LUVA CPVC, SOLDAVEL, 89 MM, PARA AGUA QUENTE PREDIAL","UN    ","AS","97,91"]
[36147,"LUVA DE BORRACHA ISOLANTE PARA ALTA TENSAO, RESISTENTE A OZONIO, TENSAO DE ENSAIO 2,5 KV (PAR)","PAR   ","CR","304,82"]
[12731,"LUVA DE COBRE (REF 600) SEM ANEL DE SOLDA, BOLSA X BOLSA, 104 MM","UN    ","AS","259,25"]
[12723,"LUVA DE COBRE (REF 600) SEM ANEL DE SOLDA, BOLSA X BOLSA, 15 MM","UN    ","AS","2,01"]
[12724,"LUVA DE COBRE (REF 600) SEM ANEL DE SOLDA, BOLSA X BOLSA, 22 MM","UN    ","AS","3,86"]
[12725,"LUVA DE COBRE (REF 600) SEM ANEL DE SOLDA, BOLSA X BOLSA, 28 MM","UN    ","AS","7,75"]
[12726,"LUVA DE COBRE (REF 600) SEM ANEL DE SOLDA, BOLSA X BOLSA, 35 MM","UN    ","AS","17,10"]
[12727,"LUVA DE COBRE (REF 600) SEM ANEL DE SOLDA, BOLSA X BOLSA, 42 MM","UN    ","AS","21,69"]
[12728,"LUVA DE COBRE (REF 600) SEM ANEL DE SOLDA, BOLSA X BOLSA, 54 MM","UN    ","AS","35,43"]
[12729,"LUVA DE COBRE (REF 600) SEM ANEL DE SOLDA, BOLSA X BOLSA, 66 MM","UN    ","AS","116,12"]
[12730,"LUVA DE COBRE (REF 600) SEM ANEL DE SOLDA, BOLSA X BOLSA, 79 MM","UN    ","AS","177,79"]
[3840,"LUVA DE CORRER DEFOFO, PVC, JE, DN 100 MM","UN    ","AS","42,98"]
[3838,"LUVA DE CORRER DEFOFO, PVC, JE, DN 150 MM","UN    ","AS","94,86"]
[3844,"LUVA DE CORRER DEFOFO, PVC, JE, DN 200 MM","UN    ","AS","169,21"]
[3839,"LUVA DE CORRER DEFOFO, PVC, JE, DN 250 MM","UN    ","AS","308,22"]
[3843,"LUVA DE CORRER DEFOFO, PVC, JE, DN 300 MM","UN    ","AS","423,03"]
[3900,"LUVA DE CORRER PARA TUBO ROSCAVEL, PVC, 1 1/2\", PARA AGUA FRIA PREDIAL","UN    ","CR","28,16"]
[3846,"LUVA DE CORRER PARA TUBO ROSCAVEL, PVC, 1/2\", PARA AGUA FRIA PREDIAL","UN    ","CR","8,87"]
[3886,"LUVA DE CORRER PARA TUBO ROSCAVEL, PVC, 3/4\", PARA AGUA FRIA PREDIAL","UN    ","CR","9,34"]
[3854,"LUVA DE CORRER PARA TUBO SOLDAVEL, PVC, 20 MM, PARA AGUA FRIA PREDIAL","UN    ","CR","5,19"]
[3873,"LUVA DE CORRER PARA TUBO SOLDAVEL, PVC, 25 MM, PARA AGUA FRIA PREDIAL","UN    ","CR","6,87"]
[38021,"LUVA DE CORRER PARA TUBO SOLDAVEL, PVC, 32 MM, PARA AGUA FRIA PREDIAL","UN    ","CR","16,44"]
[3847,"LUVA DE CORRER PARA TUBO SOLDAVEL, PVC, 50 MM, PARA AGUA FRIA PREDIAL","UN    ","CR","18,66"]
[38022,"LUVA DE CORRER PARA TUBO SOLDAVEL, PVC, 60 MM, PARA AGUA FRIA PREDIAL","UN    ","CR","29,15"]
[3833,"LUVA DE CORRER PVC, JE, DN 100 MM, PARA REDE COLETORA DE ESGOTO (NBR 10569)","UN    ","AS","12,27"]
[3835,"LUVA DE CORRER PVC, JE, DN 150 MM, PARA REDE COLETORA DE ESGOTO (NBR 10569)","UN    ","AS","39,95"]
[3836,"LUVA DE CORRER PVC, JE, DN 200 MM, PARA REDE COLETORA DE ESGOTO (NBR 10569)","UN    ","AS","86,00"]
[3830,"LUVA DE CORRER PVC, JE, DN 250 MM, PARA REDE COLETORA DE ESGOTO (NBR 10569)","UN    ","AS","140,61"]
[3831,"LUVA DE CORRER PVC, JE, DN 300 MM, PARA REDE COLETORA DE ESGOTO (NBR 10569)","UN    ","AS","235,05"]
[37981,"LUVA DE CORRER, CPVC, SOLDAVEL, 15 MM, PARA AGUA QUENTE PREDIAL","UN    ","AS","3,99"]
[37982,"LUVA DE CORRER, CPVC, SOLDAVEL, 22 MM, PARA AGUA QUENTE PREDIAL","UN    ","AS","6,06"]
[37983,"LUVA DE CORRER, CPVC, SOLDAVEL, 28 MM, PARA AGUA QUENTE PREDIAL","UN    ","AS","8,49"]
[37984,"LUVA DE CORRER, CPVC, SOLDAVEL, 35 MM, PARA AGUA QUENTE PREDIAL","UN    ","AS","14,66"]
[37985,"LUVA DE CORRER, CPVC, SOLDAVEL, 42 MM, PARA AGUA QUENTE PREDIAL","UN    ","AS","20,53"]
[3826,"LUVA DE CORRER, PVC PBA, JE, DN 100 / DE 110 MM, PARA REDE AGUA (NBR 10351)","UN    ","AS","42,65"]
[3825,"LUVA DE CORRER, PVC PBA, JE, DN 50 / DE 60 MM, PARA REDE AGUA (NBR 10351)","UN    ","AS","12,26"]
[3827,"LUVA DE CORRER, PVC PBA, JE, DN 75 / DE 85 MM, PARA REDE AGUA (NBR 10351)","UN    ","AS","26,80"]
[20165,"LUVA DE CORRER, PVC SERIE REFORCADA - R, 100 MM, PARA ESGOTO PREDIAL","UN    ","CR","16,15"]
[20166,"LUVA DE CORRER, PVC SERIE REFORCADA - R, 150 MM, PARA ESGOTO PREDIAL","UN    ","CR","52,20"]
[20164,"LUVA DE CORRER, PVC SERIE REFORCADA - R, 75 MM, PARA ESGOTO PREDIAL","UN    ","CR","8,53"]
[3893,"LUVA DE CORRER, PVC, DN 100 MM, PARA ESGOTO PREDIAL","UN    ","CR","10,58"]
[3848,"LUVA DE CORRER, PVC, DN 50 MM, PARA ESGOTO PREDIAL","UN    ","CR","6,43"]
[3895,"LUVA DE CORRER, PVC, DN 75 MM, PARA ESGOTO PREDIAL","UN    ","CR","6,99"]
[12404,"LUVA DE FERRO GALVANIZADO, COM ROSCA BSP MACHO/FEMEA, DE 3/4\"","UN    ","AS","6,68"]
[3939,"LUVA DE FERRO GALVANIZADO, COM ROSCA BSP, DE 1 1/2\"","UN    ","AS","13,77"]
[3911,"LUVA DE FERRO GALVANIZADO, COM ROSCA BSP, DE 1 1/4\"","UN    ","AS","11,25"]
[3908,"LUVA DE FERRO GALVANIZADO, COM ROSCA BSP, DE 1/2\"","UN    ","AS","3,64"]
[3910,"LUVA DE FERRO GALVANIZADO, COM ROSCA BSP, DE 1\"","UN    ","AS","8,05"]
[3913,"LUVA DE FERRO GALVANIZADO, COM ROSCA BSP, DE 2 1/2\"","UN    ","AS","38,49"]
[3912,"LUVA DE FERRO GALVANIZADO, COM ROSCA BSP, DE 2\"","UN    ","AS","21,10"]
[3909,"LUVA DE FERRO GALVANIZADO, COM ROSCA BSP, DE 3/4\"","UN    ","AS","4,95"]
[3914,"LUVA DE FERRO GALVANIZADO, COM ROSCA BSP, DE 3\"","UN    ","AS","58,06"]
[3915,"LUVA DE FERRO GALVANIZADO, COM ROSCA BSP, DE 4\"","UN    ","AS","91,56"]
[3916,"LUVA DE FERRO GALVANIZADO, COM ROSCA BSP, DE 5\"","UN    ","AS","166,80"]
[3917,"LUVA DE FERRO GALVANIZADO, COM ROSCA BSP, DE 6\"","UN    ","AS","275,12"]
[1904,"LUVA DE PRESSAO, EM PVC, DE 20 MM, PARA ELETRODUTO FLEXIVEL","UN    ","CR","0,57"]
[1899,"LUVA DE PRESSAO, EM PVC, DE 25 MM, PARA ELETRODUTO FLEXIVEL","UN    ","CR","0,65"]
[1900,"LUVA DE PRESSAO, EM PVC, DE 32 MM, PARA ELETRODUTO FLEXIVEL","UN    ","CR","1,05"]
[12407,"LUVA DE REDUCAO DE FERRO GALVANIZADO, COM ROSCA BSP MACHO/FEMEA, DE 1 1/2\" X 1\"","UN    ","AS","20,83"]
[12408,"LUVA DE REDUCAO DE FERRO GALVANIZADO, COM ROSCA BSP MACHO/FEMEA, DE 1\" X 1/2\"","UN    ","AS","11,75"]
[12409,"LUVA DE REDUCAO DE FERRO GALVANIZADO, COM ROSCA BSP MACHO/FEMEA, DE 1\" X 3/4\"","UN    ","AS","11,75"]
[12410,"LUVA DE REDUCAO DE FERRO GALVANIZADO, COM ROSCA BSP MACHO/FEMEA, DE 3/4\" X 1/2\"","UN    ","AS","8,10"]
[3936,"LUVA DE REDUCAO DE FERRO GALVANIZADO, COM ROSCA BSP, DE 1 1/2\" X 1 1/4\"","UN    ","AS","14,63"]
[3922,"LUVA DE REDUCAO DE FERRO GALVANIZADO, COM ROSCA BSP, DE 1 1/2\" X 1/2\"","UN    ","AS","13,46"]
[3924,"LUVA DE REDUCAO DE FERRO GALVANIZADO, COM ROSCA BSP, DE 1 1/2\" X 1\"","UN    ","AS","14,63"]
[3923,"LUVA DE REDUCAO DE FERRO GALVANIZADO, COM ROSCA BSP, DE 1 1/2\" X 3/4\"","UN    ","AS","14,63"]
[3937,"LUVA DE REDUCAO DE FERRO GALVANIZADO, COM ROSCA BSP, DE 1 1/4\" X 1/2\"","UN    ","AS","12,07"]
[3921,"LUVA DE REDUCAO DE FERRO GALVANIZADO, COM ROSCA BSP, DE 1 1/4\" X 1\"","UN    ","AS","12,08"]
[3920,"LUVA DE REDUCAO DE FERRO GALVANIZADO, COM ROSCA BSP, DE 1 1/4\" X 3/4\"","UN    ","AS","12,07"]
[3938,"LUVA DE REDUCAO DE FERRO GALVANIZADO, COM ROSCA BSP, DE 1\" X 1/2\"","UN    ","AS","7,96"]
[3919,"LUVA DE REDUCAO DE FERRO GALVANIZADO, COM ROSCA BSP, DE 1\" X 3/4\"","UN    ","AS","8,11"]
[3927,"LUVA DE REDUCAO DE FERRO GALVANIZADO, COM ROSCA BSP, DE 2 1/2\" X 1 1/2\"","UN    ","AS","41,09"]
[3928,"LUVA DE REDUCAO DE FERRO GALVANIZADO, COM ROSCA BSP, DE 2 1/2\" X 2\"","UN    ","AS","41,09"]
[3926,"LUVA DE REDUCAO DE FERRO GALVANIZADO, COM ROSCA BSP, DE 2\" X 1 1/2\"","UN    ","AS","23,43"]
[3935,"LUVA DE REDUCAO DE FERRO GALVANIZADO, COM ROSCA BSP, DE 2\" X 1 1/4\"","UN    ","AS","23,43"]
[3925,"LUVA DE REDUCAO DE FERRO GALVANIZADO, COM ROSCA BSP, DE 2\" X 1\"","UN    ","AS","23,43"]
[12406,"LUVA DE REDUCAO DE FERRO GALVANIZADO, COM ROSCA BSP, DE 3/4\" X 1/2\"","UN    ","AS","5,75"]
[3929,"LUVA DE REDUCAO DE FERRO GALVANIZADO, COM ROSCA BSP, DE 3\" X 1 1/2\"","UN    ","AS","62,61"]
[3931,"LUVA DE REDUCAO DE FERRO GALVANIZADO, COM ROSCA BSP, DE 3\" X 2 1/2\"","UN    ","AS","62,61"]
[3930,"LUVA DE REDUCAO DE FERRO GALVANIZADO, COM ROSCA BSP, DE 3\" X 2\"","UN    ","AS","62,61"]
[3932,"LUVA DE REDUCAO DE FERRO GALVANIZADO, COM ROSCA BSP, DE 4\" X 2 1/2\"","UN    ","AS","108,11"]
[3933,"LUVA DE REDUCAO DE FERRO GALVANIZADO, COM ROSCA BSP, DE 4\" X 2\"","UN    ","AS","108,11"]
[3934,"LUVA DE REDUCAO DE FERRO GALVANIZADO, COM ROSCA BSP, DE 4\" X 3\"","UN    ","AS","108,11"]
[40355,"LUVA DE REDUCAO EM ACO CARBONO, COM ENCAIXE PARA SOLDA DN SW, PRESSAO 3.000 LBS,  3/4 \" X 1/2\"","UN    ","AS","6,15"]
[40364,"LUVA DE REDUCAO EM ACO CARBONO, COM ENCAIXE PARA SOLDA DN SW, PRESSAO 3.000 LBS, DN 1 1/2\" X 1 1/4\"","UN    ","AS","28,80"]
[40361,"LUVA DE REDUCAO EM ACO CARBONO, COM ENCAIXE PARA SOLDA DN SW, PRESSAO 3.000 LBS, DN 1 1/4\"  X 1\"","UN    ","AS","22,52"]
[40358,"LUVA DE REDUCAO EM ACO CARBONO, COM ENCAIXE PARA SOLDA DN SW, PRESSAO 3.000 LBS, DN 1\" X 3/4\"","UN    ","AS","8,58"]
[40370,"LUVA DE REDUCAO EM ACO CARBONO, COM ENCAIXE PARA SOLDA DN SW, PRESSAO 3.000 LBS, DN 2 1/2\" X 2\"","UN    ","AS","91,38"]
[40367,"LUVA DE REDUCAO EM ACO CARBONO, COM ENCAIXE PARA SOLDA DN SW, PRESSAO 3.000 LBS, DN 2\" X 1 1/2\"","UN    ","AS","45,42"]
[40373,"LUVA DE REDUCAO EM ACO CARBONO, COM ENCAIXE PARA SOLDA DN SW, PRESSAO 3.000 LBS, DN 3\" X 2 1/2\"","UN    ","AS","123,58"]
[38947,"LUVA DE REDUCAO PARA TUBO PEX, METALICA, PARA CONEXAO COM ANEL DESLIZANTE, DN 20 X 16 MM","UN    ","AS","5,99"]
[38948,"LUVA DE REDUCAO PARA TUBO PEX, METALICA, PARA CONEXAO COM ANEL DESLIZANTE, DN 25 X 16 MM","UN    ","AS","9,56"]
[38949,"LUVA DE REDUCAO PARA TUBO PEX, METALICA, PARA CONEXAO COM ANEL DESLIZANTE, DN 25 X 20 MM","UN    ","AS","10,60"]
[38951,"LUVA DE REDUCAO PARA TUBO PEX, METALICA, PARA CONEXAO COM ANEL DESLIZANTE, DN 32 X 25 MM","UN    ","AS","16,77"]
[39312,"LUVA DE REDUCAO PARA TUBO PEX, PLASTICA, PARA CONEXAO COM CRIMPAGEM, DN 20 X 16 MM","UN    ","AS","13,01"]
[39313,"LUVA DE REDUCAO PARA TUBO PEX, PLASTICA, PARA CONEXAO COM CRIMPAGEM, DN 25 X 16 MM","UN    ","AS","16,98"]
[38950,"LUVA DE REDUCAO PARA TUBO PEX, PLASTICA, PARA CONEXAO COM CRIMPAGEM, DN 32 X 20 MM","UN    ","AS","25,55"]
[39314,"LUVA DE REDUCAO PARA TUBO PEX, PLASTICA, PARA CONEXAO COM CRIMPAGEM, DN 32 X 25 MM","UN    ","AS","26,96"]
[3907,"LUVA DE REDUCAO ROSCAVEL, PVC, 1\" X 3/4\", PARA AGUA FRIA PREDIAL","UN    ","CR","2,91"]
[3889,"LUVA DE REDUCAO ROSCAVEL, PVC, 3/4\" X 1/2\", PARA AGUA FRIA PREDIAL","UN    ","CR","2,23"]
[3868,"LUVA DE REDUCAO SOLDAVEL, PVC, 25 MM X 20 MM, PARA AGUA FRIA PREDIAL","UN    ","CR","0,86"]
[3869,"LUVA DE REDUCAO SOLDAVEL, PVC, 32 MM X 25 MM, PARA AGUA FRIA PREDIAL","UN    ","CR","2,47"]
[3872,"LUVA DE REDUCAO SOLDAVEL, PVC, 40 MM X 32 MM, PARA AGUA FRIA PREDIAL","UN    ","CR","3,01"]
[3850,"LUVA DE REDUCAO SOLDAVEL, PVC, 60 MM X 50 MM, PARA AGUA FRIA PREDIAL","UN    ","CR","7,75"]
[38023,"LUVA DE REDUCAO, PVC, SOLDAVEL, 50 X 25 MM, PARA AGUA FRIA PREDIAL","UN    ","CR","3,27"]
[37986,"LUVA DE TRANSICAO DE CPVC X PVC, SOLDAVEL, 22 X 25 MM, PARA AGUA QUENTE","UN    ","AS","1,37"]
[37987,"LUVA DE TRANSICAO, CPVC, SOLDAVEL, 42 MM X 1 1/2\", PARA AGUA QUENTE","UN    ","AS","102,46"]
[37988,"LUVA DE TRANSICAO, CPVC, SOLDAVEL, 54 MM X 2\", PARA AGUA QUENTE PREDIAL","UN    ","AS","167,12"]
[21120,"LUVA DE TRANSICAO, CPVC, 15 MM X 1/2\", PARA AGUA QUENTE PREDIAL","UN    ","AS","8,33"]
[39318,"LUVA DE TRANSICAO, CPVC, 22 MM X 1/2\", PARA AGUA QUENTE","UN    ","AS","6,87"]
[20162,"LUVA DUPLA, PVC LEVE, DN 150 MM","UN    ","CR","11,22"]
[40366,"LUVA EM ACO CARBONO, SOLDAVEL, PRESSAO 3.000 LBS, DN 1 1/2\"","UN    ","AS","22,46"]
[40363,"LUVA EM ACO CARBONO, SOLDAVEL, PRESSAO 3.000 LBS, DN 1 1/4\"","UN    ","AS","17,57"]
[40354,"LUVA EM ACO CARBONO, SOLDAVEL, PRESSAO 3.000 LBS, DN 1/2\"","UN    ","AS","7,65"]
[40360,"LUVA EM ACO CARBONO, SOLDAVEL, PRESSAO 3.000 LBS, DN 1\"","UN    ","AS","11,52"]
[40372,"LUVA EM ACO CARBONO, SOLDAVEL, PRESSAO 3.000 LBS, DN 2 1/2\"","UN    ","AS","71,14"]
[40369,"LUVA EM ACO CARBONO, SOLDAVEL, PRESSAO 3.000 LBS, DN 2\"","UN    ","AS","35,40"]
[40357,"LUVA EM ACO CARBONO, SOLDAVEL, PRESSAO 3.000 LBS, DN 3/4\"","UN    ","AS","8,58"]
[40375,"LUVA EM ACO CARBONO, SOLDAVEL, PRESSAO 3.000 LBS, DN 3\"","UN    ","AS","96,30"]
[1893,"LUVA EM PVC RIGIDO ROSCAVEL, DE 1 1/2\", PARA ELETRODUTO","UN    ","CR","2,17"]
[1902,"LUVA EM PVC RIGIDO ROSCAVEL, DE 1 1/4\", PARA ELETRODUTO","UN    ","CR","1,58"]
[1901,"LUVA EM PVC RIGIDO ROSCAVEL, DE 1/2\", PARA ELETRODUTO","UN    ","CR","0,49"]
[1892,"LUVA EM PVC RIGIDO ROSCAVEL, DE 1\", PARA ELETRODUTO","UN    ","CR","1,02"]
[1907,"LUVA EM PVC RIGIDO ROSCAVEL, DE 2 1/2\", PARA ELETRODUTO","UN    ","CR","6,99"]
[1894,"LUVA EM PVC RIGIDO ROSCAVEL, DE 2\", PARA ELETRODUTO","UN    ","CR","3,14"]
[1891,"LUVA EM PVC RIGIDO ROSCAVEL, DE 3/4\", PARA ELETRODUTO","UN    ","CR","0,73"]
[1896,"LUVA EM PVC RIGIDO ROSCAVEL, DE 3\", PARA ELETRODUTO","UN    ","CR","9,39"]
[1895,"LUVA EM PVC RIGIDO ROSCAVEL, DE 4\", PARA ELETRODUTO","UN    ","CR","16,50"]
[2641,"LUVA PARA ELETRODUTO, EM ACO GALVANIZADO ELETROLITICO, DIAMETRO DE 100 MM (4\")","UN    ","AS","21,77"]
[2636,"LUVA PARA ELETRODUTO, EM ACO GALVANIZADO ELETROLITICO, DIAMETRO DE 15 MM (1/2\")","UN    ","AS","1,40"]
[2637,"LUVA PARA ELETRODUTO, EM ACO GALVANIZADO ELETROLITICO, DIAMETRO DE 20 MM (3/4\")","UN    ","AS","1,49"]
[2638,"LUVA PARA ELETRODUTO, EM ACO GALVANIZADO ELETROLITICO, DIAMETRO DE 25 MM (1\")","UN    ","AS","1,73"]
[2639,"LUVA PARA ELETRODUTO, EM ACO GALVANIZADO ELETROLITICO, DIAMETRO DE 32 MM (1 1/4\")","UN    ","AS","3,07"]
[2644,"LUVA PARA ELETRODUTO, EM ACO GALVANIZADO ELETROLITICO, DIAMETRO DE 40 MM (1 1/2\")","UN    ","AS","4,45"]
[2643,"LUVA PARA ELETRODUTO, EM ACO GALVANIZADO ELETROLITICO, DIAMETRO DE 50 MM (2\")","UN    ","AS","6,21"]
[2640,"LUVA PARA ELETRODUTO, EM ACO GALVANIZADO ELETROLITICO, DIAMETRO DE 65 MM (2 1/2\")","UN    ","AS","9,06"]
[2642,"LUVA PARA ELETRODUTO, EM ACO GALVANIZADO ELETROLITICO, DIAMETRO DE 80 MM (3\")","UN    ","AS","13,79"]
[38943,"LUVA PARA TUBO PEX, METALICO, PARA CONEXAO COM ANEL DESLIZANTE, DN 16 MM","UN    ","AS","4,42"]
[38944,"LUVA PARA TUBO PEX, METALICO, PARA CONEXAO COM ANEL DESLIZANTE, DN 20 MM","UN    ","AS","6,83"]
[38945,"LUVA PARA TUBO PEX, METALICO, PARA CONEXAO COM ANEL DESLIZANTE, DN 25 MM","UN    ","AS","13,86"]
[38946,"LUVA PARA TUBO PEX, METALICO, PARA CONEXAO COM ANEL DESLIZANTE, DN 32 MM","UN    ","AS","20,67"]
[39308,"LUVA PARA TUBO PEX, PLASTICA, PARA CONEXAO COM CRIMPAGEM, DN 16 MM","UN    ","AS","9,01"]
[39309,"LUVA PARA TUBO PEX, PLASTICA, PARA CONEXAO COM CRIMPAGEM, DN 20 MM","UN    ","AS","13,04"]
[39310,"LUVA PARA TUBO PEX, PLASTICA, PARA CONEXAO COM CRIMPAGEM, DN 25 MM","UN    ","AS","19,75"]
[39311,"LUVA PARA TUBO PEX, PLASTICA, PARA CONEXAO COM CRIMPAGEM, DN 32 MM","UN    ","AS","29,69"]
[39855,"LUVA PASSANTE DE COBRE (REF 601) SEM ANEL DE SOLDA, BOLSA 15 MM","UN    ","AS","2,03"]
[39856,"LUVA PASSANTE DE COBRE (REF 601) SEM ANEL DE SOLDA, BOLSA 22 MM","UN    ","AS","4,79"]
[39857,"LUVA PASSANTE DE COBRE (REF 601) SEM ANEL DE SOLDA, BOLSA 28 MM","UN    ","AS","7,75"]
[39858,"LUVA PASSANTE DE COBRE (REF 601) SEM ANEL DE SOLDA, BOLSA 35 MM","UN    ","AS","17,19"]
[39859,"LUVA PASSANTE DE COBRE (REF 601) SEM ANEL DE SOLDA, BOLSA 42 MM","UN    ","AS","26,50"]
[39860,"LUVA PASSANTE DE COBRE (REF 601) SEM ANEL DE SOLDA, BOLSA 54 MM","UN    ","AS","40,67"]
[39861,"LUVA PASSANTE DE COBRE (REF 601) SEM ANEL DE SOLDA, BOLSA 66 MM","UN    ","AS","116,12"]
[38447,"LUVA PPR, SOLDAVEL, DN 110 MM, PARA AGUA QUENTE PREDIAL","UN    ","CR","94,40"]
[36320,"LUVA PPR, SOLDAVEL, DN 20 MM, PARA AGUA QUENTE PREDIAL","UN    ","CR","1,37"]
[36324,"LUVA PPR, SOLDAVEL, DN 25 MM, PARA AGUA QUENTE PREDIAL","UN    ","CR","2,07"]
[38441,"LUVA PPR, SOLDAVEL, DN 32 MM, PARA AGUA QUENTE PREDIAL","UN    ","CR","2,72"]
[38442,"LUVA PPR, SOLDAVEL, DN 40 MM, PARA AGUA QUENTE PREDIAL","UN    ","CR","6,92"]
[38443,"LUVA PPR, SOLDAVEL, DN 50 MM, PARA AGUA QUENTE PREDIAL","UN    ","CR","10,45"]
[38444,"LUVA PPR, SOLDAVEL, DN 63 MM, PARA AGUA QUENTE PREDIAL","UN    ","CR","15,56"]
[38445,"LUVA PPR, SOLDAVEL, DN 75 MM, PARA AGUA QUENTE PREDIAL","UN    ","CR","36,56"]
[38446,"LUVA PPR, SOLDAVEL, DN 90 MM, PARA AGUA QUENTE PREDIAL","UN    ","CR","59,00"]
[3867,"LUVA PVC SOLDAVEL, 110 MM, PARA AGUA FRIA PREDIAL","UN    ","CR","52,08"]
[3861,"LUVA PVC SOLDAVEL, 20 MM, PARA AGUA FRIA PREDIAL","UN    ","CR","0,43"]
[3904,"LUVA PVC SOLDAVEL, 25 MM, PARA AGUA FRIA PREDIAL","UN    ","CR","0,53"]
[3903,"LUVA PVC SOLDAVEL, 32 MM, PARA AGUA FRIA PREDIAL","UN    ","CR","1,29"]
[3862,"LUVA PVC SOLDAVEL, 40 MM, PARA AGUA FRIA PREDIAL","UN    ","CR","2,64"]
[3863,"LUVA PVC SOLDAVEL, 50 MM, PARA AGUA FRIA PREDIAL","UN    ","CR","3,09"]
[3864,"LUVA PVC SOLDAVEL, 60 MM, PARA AGUA FRIA PREDIAL","UN    ","CR","8,06"]
[3865,"LUVA PVC SOLDAVEL, 75 MM, PARA AGUA FRIA PREDIAL","UN    ","CR","14,03"]
[3866,"LUVA PVC SOLDAVEL, 85 MM, PARA AGUA FRIA PREDIAL","UN    ","CR","32,10"]
[3902,"LUVA PVC, ROSCAVEL,  2 1/2\",  AGUA FRIA PREDIAL","UN    ","CR","15,61"]
[3878,"LUVA PVC, ROSCAVEL, 1 1/2\",  AGUA FRIA PREDIAL","UN    ","CR","4,93"]
[3877,"LUVA PVC, ROSCAVEL, 1 1/4\", AGUA FRIA PREDIAL","UN    ","CR","4,50"]
[3879,"LUVA PVC, ROSCAVEL, 2\",  AGUA FRIA PREDIAL","UN    ","CR","9,95"]
[3880,"LUVA PVC, ROSCAVEL, 3\", AGUA FRIA PREDIAL","UN    ","CR","22,45"]
[12892,"LUVA RASPA DE COURO, CANO CURTO (PUNHO *7* CM)","PAR   ","CR","10,60"]
[3883,"LUVA ROSCAVEL, PVC, 1/2\", AGUA FRIA PREDIAL","UN    ","CR","1,04"]
[3876,"LUVA ROSCAVEL, PVC, 1\", AGUA FRIA PREDIAL","UN    ","CR","2,59"]
[3884,"LUVA ROSCAVEL, PVC, 3/4\", AGUA FRIA PREDIAL","UN    ","CR","1,55"]
[3837,"LUVA SIMPLES, PVC PBA, JE, DN 100 / DE 110 MM, PARA REDE AGUA (NBR 10351)","UN    ","AS","37,02"]
[3845,"LUVA SIMPLES, PVC PBA, JE, DN 50 / DE 60 MM, PARA REDE AGUA (NBR 10351)","UN    ","AS","13,52"]
[11045,"LUVA SIMPLES, PVC PBA, JE, DN 75 / DE 85 MM, PARA REDE AGUA (NBR 10351)","UN    ","AS","26,09"]
[20170,"LUVA SIMPLES, PVC SERIE REFORCADA - R, 100 MM, PARA ESGOTO PREDIAL","UN    ","CR","9,09"]
[20171,"LUVA SIMPLES, PVC SERIE REFORCADA - R, 150 MM, PARA ESGOTO PREDIAL","UN    ","CR","27,01"]
[20167,"LUVA SIMPLES, PVC SERIE REFORCADA - R, 40 MM, PARA ESGOTO PREDIAL","UN    ","CR","3,37"]
[20168,"LUVA SIMPLES, PVC SERIE REFORCADA - R, 50 MM, PARA ESGOTO PREDIAL","UN    ","CR","5,29"]
[20169,"LUVA SIMPLES, PVC SERIE REFORCADA - R, 75 MM, PARA ESGOTO PREDIAL","UN    ","CR","7,50"]
[3899,"LUVA SIMPLES, PVC, SOLDAVEL, DN 100 MM, SERIE NORMAL, PARA ESGOTO PREDIAL","UN    ","CR","3,97"]
[38676,"LUVA SIMPLES, PVC, SOLDAVEL, DN 150 MM, SERIE NORMAL, PARA ESGOTO PREDIAL","UN    ","CR","19,21"]
[3897,"LUVA SIMPLES, PVC, SOLDAVEL, DN 40 MM, SERIE NORMAL, PARA ESGOTO PREDIAL","UN    ","CR","0,83"]
[3875,"LUVA SIMPLES, PVC, SOLDAVEL, DN 50 MM, SERIE NORMAL, PARA ESGOTO PREDIAL","UN    ","CR","1,81"]
[3898,"LUVA SIMPLES, PVC, SOLDAVEL, DN 75 MM, SERIE NORMAL, PARA ESGOTO PREDIAL","UN    ","CR","3,42"]
[3855,"LUVA SOLDAVEL COM BUCHA DE LATAO, PVC, 20 MM X 1/2\"","UN    ","CR","3,44"]
[3874,"LUVA SOLDAVEL COM BUCHA DE LATAO, PVC, 25 MM X 1/2\"","UN    ","CR","3,66"]
[3870,"LUVA SOLDAVEL COM BUCHA DE LATAO, PVC, 25 MM X 3/4\"","UN    ","CR","4,54"]
[38678,"LUVA SOLDAVEL COM BUCHA DE LATAO, PVC, 32 MM X 1\"","UN    ","CR","12,36"]
[3859,"LUVA SOLDAVEL COM ROSCA, PVC, 20 MM X 1/2\", PARA AGUA FRIA PREDIAL","UN    ","CR","0,91"]
[3856,"LUVA SOLDAVEL COM ROSCA, PVC, 25 MM X 1/2\", PARA AGUA FRIA PREDIAL","UN    ","CR","1,16"]
[3906,"LUVA SOLDAVEL COM ROSCA, PVC, 25 MM X 3/4\", PARA AGUA FRIA PREDIAL","UN    ","CR","1,09"]
[3860,"LUVA SOLDAVEL COM ROSCA, PVC, 32 MM X 1\", PARA AGUA FRIA PREDIAL","UN    ","CR","3,59"]
[3905,"LUVA SOLDAVEL COM ROSCA, PVC, 40 MM X 1 1/4\", PARA AGUA FRIA PREDIAL","UN    ","CR","7,95"]
[3871,"LUVA SOLDAVEL COM ROSCA, PVC, 50 MM X 1 1/2\", PARA AGUA FRIA PREDIAL","UN    ","CR","16,51"]
[37429,"LUVA, PEAD PE 100,  DE 400 MM, PARA ELETROFUSAO","UN    ","AS","1.948,20"]
[37426,"LUVA, PEAD PE 100,  DE 63 MM, PARA ELETROFUSAO","UN    ","AS","18,74"]
[37427,"LUVA, PEAD PE 100, DE 125 MM, PARA ELETROFUSAO","UN    ","AS","44,70"]
[37424,"LUVA, PEAD PE 100, DE 20 MM, PARA ELETROFUSAO","UN    ","AS","8,61"]
[37428,"LUVA, PEAD PE 100, DE 200 MM, PARA ELETROFUSAO","UN    ","AS","154,06"]
[37425,"LUVA, PEAD PE 100, DE 32 MM, PARA ELETROFUSAO","UN    ","AS","9,28"]
[11519,"MACANETA ALAVANCA, RETA OU CURVA, MACICA, CROMADA, COMPRIMENTO DE 10 A 16 CM, ACABAMENTO PADRAO MEDIO - SOMENTE MACANETAS","PAR   ","CR","25,33"]
[11520,"MACANETA ALAVANCA, RETA SIMPLES / OCA, CROMADA, COMPRIMENTO DE 10 A 16 CM, ACABAMENTO PADRAO POPULAR - SOMENTE MACANETAS","PAR   ","CR","10,04"]
[11518,"MACANETA TIPO BOLA, CROMADA,  DIAMETRO APROXIMADO DE *2 1/2*\", (SOMENTE MACANETAS)","PAR   ","CR","29,23"]
[38473,"MACARICO DE SOLDA 201 PARA EXTENSAO GLP OU ACETILENO","UN    ","CR","124,85"]
[4244,"MACARIQUEIRO","H     ","CR","12,17"]
[40977,"MACARIQUEIRO (MENSALISTA)","MES   ","CR","2.135,49"]
[2742,"MADEIRA ROLICA SEM TRATAMENTO, EUCALIPTO OU EQUIVALENTE DA REGIAO, H = 3 M, D = 12 A 15 CM (PARA ESCORAMENTO)","M     ","AS","2,42"]
[2748,"MADEIRA ROLICA SEM TRATAMENTO, EUCALIPTO OU EQUIVALENTE DA REGIAO, H = 3 M, D = 16 A 19 CM (PARA ESCORAMENTO)","M     ","AS","7,10"]
[2736,"MADEIRA ROLICA SEM TRATAMENTO, EUCALIPTO OU EQUIVALENTE DA REGIAO, H = 3 M, D = 20 A 24 CM (PARA ESCORAMENTO)","M     ","AS","9,91"]
[2745,"MADEIRA ROLICA SEM TRATAMENTO, EUCALIPTO OU EQUIVALENTE DA REGIAO, H = 3 M, D = 8 A 11 CM (PARA ESCORAMENTO)","M     ","AS","2,00"]
[2751,"MADEIRA ROLICA SEM TRATAMENTO, EUCALIPTO OU EQUIVALENTE DA REGIAO, H = 6 M, D = 12 A 15 CM (PARA ESCORAMENTO)","M     ","AS","2,56"]
[14439,"MADEIRA ROLICA SEM TRATAMENTO, EUCALIPTO OU EQUIVALENTE DA REGIAO, H = 6 M, D = 8 A 11 CM (PARA ESCORAMENTO)","M     ","AS","2,26"]
[2731,"MADEIRA ROLICA TRATADA, EUCALIPTO OU EQUIVALENTE DA REGIAO, H = 12 M, D = 20 A 24 CM (PARA POSTE)","M     ","AS","58,06"]
[21138,"MADEIRA ROLICA TRATADA, EUCALIPTO OU EQUIVALENTE DA REGIAO, H = 2,2 M, D = 8 A 11 CM (PARA CERCA)","M     ","AS","6,30"]
[2747,"MADEIRA ROLICA TRATADA, EUCALIPTO OU EQUIVALENTE DA REGIAO, H = 2,20 M, D = 16 A 19 CM (PARA CERCA)","M     ","AS","15,57"]
[4115,"MADEIRA ROLICA TRATADA, EUCALIPTO OU EQUIVALENTE DA REGIAO, H = 3 M, D = 12 A 15 CM","M     ","AS","12,19"]
[2729,"MADEIRA ROLICA TRATADA, EUCALIPTO OU EQUIVALENTE DA REGIAO, H = 3 M, D = 4 A 7 CM (PARA CAIBRO)","UN    ","AS","14,68"]
[4119,"MADEIRA ROLICA TRATADA, EUCALIPTO OU EQUIVALENTE DA REGIAO, H = 6 M, D = 16 A 19 CM","M     ","AS","24,52"]
[2794,"MADEIRA ROLICA TRATADA, EUCALIPTO OU EQUIVALENTE DA REGIAO, H = 6,5 M, D = 25 A 29 CM","M     ","AS","60,55"]
[2788,"MADEIRA ROLICA TRATADA, EUCALIPTO OU EQUIVALENTE DA REGIAO, H = 6,5 M, D = 30 A 34 CM","M     ","AS","122,42"]
[4006,"MADEIRA SERRADA NAO APARELHADA DE PINUS, MISTA OU EQUIVALENTE DA REGIAO","M3    ","CR","2.516,20"]
[36151,"MANGOTE DE SEGURANCA EM RASPA DE COURO","UN    ","CR","23,56"]
[37457,"MANGUEIRA CRISTAL PARA NIVEL, LISA, PVC TRANSPARENTE, 3/8\" X1,5 MM","M     ","CR","1,68"]
[37456,"MANGUEIRA CRISTAL PARA NIVEL, LISA, PVC TRANSPARENTE, 5/16\" X1 MM","M     ","CR","0,88"]
[37461,"MANGUEIRA CRISTAL TRANCADA, PVC COM REFORCO, COM PRESSAO DE TRABALHO (PT) 250 LBS/POL2, DE 3/4\" X *2,8* MM","M     ","CR","6,24"]
[37460,"MANGUEIRA CRISTAL TRANCADA, PVC COM REFORCO, PRESSAO DE TRABALHO (PT) 250 LBS/POL2, DE 1\" X *3,4* MM","M     ","CR","8,53"]
[37458,"MANGUEIRA CRISTAL, LISA, PVC TRANSPARENTE, 1/2\" X 2 MM","M     ","C ","2,50"]
[37454,"MANGUEIRA CRISTAL, LISA, PVC TRANSPARENTE, 1/4\" X1 MM","M     ","CR","0,65"]
[37455,"MANGUEIRA CRISTAL, LISA, PVC TRANSPARENTE, 1/4\" X1,5 MM","M     ","CR","1,10"]
[37459,"MANGUEIRA CRISTAL, LISA, PVC TRANSPARENTE, 3/4\" X 2 MM","M     ","CR","3,51"]
[21029,"MANGUEIRA DE INCENDIO, TIPO 1, DE 1 1/2\", COMPRIMENTO = 15 M, TECIDO EM FIO DE POLIESTER E TUBO INTERNO EM BORRACHA SINTETICA, COM UNIOES ENGATE RAPIDO","UN    ","C ","295,00"]
[21030,"MANGUEIRA DE INCENDIO, TIPO 1, DE 1 1/2\", COMPRIMENTO = 20 M, TECIDO EM FIO DE POLIESTER E TUBO INTERNO EM BORRACHA SINTETICA, COM UNIOES ENGATE RAPIDO","UN    ","CR","363,63"]
[21031,"MANGUEIRA DE INCENDIO, TIPO 1, DE 1 1/2\", COMPRIMENTO = 25 M, TECIDO EM FIO DE POLIESTER E TUBO INTERNO EM BORRACHA SINTETICA, COM UNIOES ENGATE RAPIDO","UN    ","CR","452,72"]
[21032,"MANGUEIRA DE INCENDIO, TIPO 1, DE 1 1/2\", COMPRIMENTO = 30 M, TECIDO EM FIO DE POLIESTER E TUBO INTERNO EM BORRACHA SINTETICA, COM UNIOES ENGATE RAPIDO","UN    ","CR","483,39"]
[37527,"MANGUEIRA DE INCENDIO, TIPO 2, DE 1 1/2\", COMPRIMENTO = 15 M, TECIDO EM FIO DE POLIESTER E TUBO INTERNO EM BORRACHA SINTETICA, COM UNIOES ENGATE RAPIDO","UN    ","CR","436,65"]
[37528,"MANGUEIRA DE INCENDIO, TIPO 2, DE 1 1/2\", COMPRIMENTO = 20 M, TECIDO EM FIO DE POLIESTER E TUBO INTERNO EM BORRACHA SINTETICA, COM UNIOES","UN    ","CR","520,63"]
[37529,"MANGUEIRA DE INCENDIO, TIPO 2, DE 1 1/2\", COMPRIMENTO = 25 M, TECIDO EM FIO DE POLIESTER E TUBO INTERNO EM BORRACHA SINTETICA, COM UNIOES","UN    ","CR","525,74"]
[37530,"MANGUEIRA DE INCENDIO, TIPO 2, DE 1 1/2\", COMPRIMENTO = 30 M, TECIDO EM FIO DE POLIESTER E TUBO INTERNO EM BORRACHA SINTETICA, COM UNIOES","UN    ","CR","686,38"]
[21034,"MANGUEIRA DE INCENDIO, TIPO 2, DE 2 1/2\", COMPRIMENTO = 15 M, TECIDO EM FIO DE POLIESTER E TUBO INTERNO EM BORRACHA SINTETICA, COM UNIOES ENGATE RAPIDO","UN    ","CR","585,61"]
[37531,"MANGUEIRA DE INCENDIO, TIPO 2, DE 2 1/2\", COMPRIMENTO = 20 M, TECIDO EM FIO DE POLIESTER E TUBO INTERNO EM BORRACHA SINTETICA, COM UNIOES","UN    ","CR","737,50"]
[21036,"MANGUEIRA DE INCENDIO, TIPO 2, DE 2 1/2\", COMPRIMENTO = 25 M, TECIDO EM FIO DE POLIESTER E TUBO INTERNO EM BORRACHA SINTETICA, COM UNIOES ENGATE RAPIDO","UN    ","CR","896,68"]
[21037,"MANGUEIRA DE INCENDIO, TIPO 2, DE 2 1/2\", COMPRIMENTO = 30 M, TECIDO EM FIO DE POLIESTER E TUBO INTERNO EM BORRACHA SINTETICA, COM UNIOES ENGATE RAPIDO","UN    ","CR","1.022,27"]
[20185,"MANGUEIRA DE PVC FLEXIVEL,TIPO FLAT/ACHATADA, COR LARANJA, D = 1 1/2\" (40 MM), PARA CONDUCAO DE AGUA, SERVICOS LEVES E MEDIOS","M     ","CR","10,15"]
[20260,"MANGUEIRA PARA GAS - GLP, PVC, TRANCADA, DIAMETRO DE 3/8\", COMPRIMENTO DE 1M (NORMATIZADA)","UN    ","CR","8,16"]
[37523,"MANIPULADOR TELESCOPICO, POTENCIA DE 101 HP, CAPACIDADE DE CARGA DE 3.500 KG, ALTURA MAXIMA DE ELEVACAO DE 12 M","UN    ","AS","398.826,33"]
[37515,"MANIPULADOR TELESCOPICO, POTENCIA DE 85 HP, CAPACIDADE DE CARGA DE 3.500 KG, ALTURA MAXIMA DE ELEVACAO DE 12,3 M","UN    ","AS","354.577,00"]
[12899,"MANOMETRO COM CAIXA EM ACO PINTADO, ESCALA *10* KGF/CM2 (*10* BAR), DIAMETRO NOMINAL DE *63* MM, CONEXAO DE 1/4\"","UN    ","AS","76,91"]
[12898,"MANOMETRO COM CAIXA EM ACO PINTADO, ESCALA *10* KGF/CM2 (*10* BAR), DIAMETRO NOMINAL DE 100 MM, CONEXAO DE 1/2\"","UN    ","AS","122,00"]
[42528,"MANTA ALUMINIZADA NAS DUAS FACES, PARA SUBCOBERTURA,  E = *2* MM","M2    ","AS","6,40"]
[39696,"MANTA ALUMINIZADA 1 FACE PARA SUBCOBERTURA, E = *1* MM","M2    ","AS","4,50"]
[39700,"MANTA ANTIRRUIDO DE POLIESTER (PET) PARA CONTRAPISO E = *8* MM","M2    ","CR","21,42"]
[11621,"MANTA ASFALTICA ELASTOMERICA EM POLIESTER ALUMINIZADA 3 MM, TIPO III, CLASSE B (NBR 9952)","M2    ","CR","42,63"]
[4014,"MANTA ASFALTICA ELASTOMERICA EM POLIESTER 3 MM, TIPO III, CLASSE B, ACABAMENTO PP (NBR 9952)","M2    ","CR","44,11"]
[4015,"MANTA ASFALTICA ELASTOMERICA EM POLIESTER 4 MM, TIPO III, CLASSE B, ACABAMENTO PP (NBR 9952)","M2    ","CR","54,16"]
[4017,"MANTA ASFALTICA ELASTOMERICA EM POLIESTER 5 MM, TIPO III, CLASSE B, ACABAMENTO PP (NBR 9952)","M2    ","CR","78,81"]
[4016,"MANTA ASFALTICA ELASTOMERICA TIPO GLASS 3 MM, TIPO II, CLASSE C, ACABAMENTO PP (NBR 9952)","M2    ","C ","31,13"]
[39699,"MANTA DE BORRACHA ANTIRRUIDO 5 MM","M2    ","CR","12,40"]
[38544,"MANTA DE POLIETILENO EXPANDIDO (PEBD) ANTICHAMAS, E = 8 MM","M2    ","CR","7,98"]
[38545,"MANTA DE POLIETILENO EXPANDIDO (PEBD), E = 5 MM","M2    ","CR","5,13"]
[42527,"MANTA DE POLIETILENO EXPANDIDO, COM 1 FACE METALIZADA PARA SUBCOBERTURA,  E = *5* MM","M2    ","AS","16,91"]
[39323,"MANTA GEOTEXTIL TECIDO DE LAMINETES DE POLIPROPILENO, RESISTENCIA A TRACAO = *25* KN/M","M2    ","CR","19,58"]
[626,"MANTA LIQUIDA DE BASE ASFALTICA MODIFICADA COM A ADICAO DE ELASTOMEROS DILUIDOS EM SOLVENTE ORGANICO, APLICACAO A FRIO (MEMBRANA IMPERMEABILIZANTE ASFASTICA)","KG    ","C ","13,61"]
[25860,"MANTA TERMOPLASTICA, PEAD, GEOMEMBRANA LISA, E = 0,50 MM ( NBR 15352)","M2    ","AS","9,83"]
[25861,"MANTA TERMOPLASTICA, PEAD, GEOMEMBRANA LISA, E = 0,75 MM ( NBR 15352)","M2    ","AS","14,83"]
[25862,"MANTA TERMOPLASTICA, PEAD, GEOMEMBRANA LISA, E = 0,80 MM ( NBR 15352)","M2    ","AS","15,75"]
[25863,"MANTA TERMOPLASTICA, PEAD, GEOMEMBRANA LISA, E = 1,00 MM ( NBR 15352)","M2    ","AS","19,68"]
[25864,"MANTA TERMOPLASTICA, PEAD, GEOMEMBRANA LISA, E = 1,50 MM ( NBR 15352)","M2    ","AS","29,52"]
[25865,"MANTA TERMOPLASTICA, PEAD, GEOMEMBRANA LISA, E = 2,00 MM ( NBR 15352)","M2    ","AS","39,54"]
[25866,"MANTA TERMOPLASTICA, PEAD, GEOMEMBRANA LISA, E = 2,50 MM ( NBR 15352)","M2    ","AS","49,10"]
[25868,"MANTA TERMOPLASTICA, PEAD, GEOMEMBRANA TEXTURIZADA EM AMBAS AS FACES, E = 0,50 MM (NBR 15352)","M2    ","AS","10,96"]
[25869,"MANTA TERMOPLASTICA, PEAD, GEOMEMBRANA TEXTURIZADA EM AMBAS AS FACES, E = 0,75 MM (NBR 15352)","M2    ","AS","15,47"]
[25870,"MANTA TERMOPLASTICA, PEAD, GEOMEMBRANA TEXTURIZADA EM AMBAS AS FACES, E = 0,80 MM (NBR 15352)","M2    ","AS","17,53"]
[25871,"MANTA TERMOPLASTICA, PEAD, GEOMEMBRANA TEXTURIZADA EM AMBAS AS FACES, E = 1,00 MM (NBR 15352)","M2    ","AS","21,53"]
[25867,"MANTA TERMOPLASTICA, PEAD, GEOMEMBRANA TEXTURIZADA EM AMBAS AS FACES, E = 1,50 MM (NBR 15352)","M2    ","AS","31,87"]
[25872,"MANTA TERMOPLASTICA, PEAD, GEOMEMBRANA TEXTURIZADA EM AMBAS AS FACES, E = 2,00 MM (NBR 15352)","M2    ","AS","43,08"]
[25873,"MANTA TERMOPLASTICA, PEAD, GEOMEMBRANA TEXTURIZADA EM AMBAS AS FACES, E = 2,50 MM (NBR 15352)","M2    ","AS","53,73"]
[40637,"MAQUINA DEMARCADORA DE FAIXA DE TRAFEGO A FRIO, AUTOPROPELIDA, MOTOR DIESEL 38 HP","UN    ","AS","505.925,24"]
[13836,"MAQUINA EXTRUSORA DE CONCRETO PARA GUIAS E SARJETAS, COM MOTOR A DIESEL DE 14 CV","UN    ","AS","60.699,21"]
[14534,"MAQUINA MANUAL TIPO PRENSA PARA PRODUCAO DE BLOCOS E PAVIMENTOS DE CONCRETO, COM MOTOR ELETRICO TRIFASICO PARA VIBRACAO, POTENCIA TOTAL INSTALADA DE 1,5 KW","UN    ","AS","25.410,29"]
[14619,"MAQUINA PARA CORTE COM DISCO ABRASIVO DE DIAMETRO DE 18'' (450 MM), COM MOTOR ELETRICO TRIFASICO DE 10 CV","UN    ","CR","13.409,92"]
[14535,"MAQUINA TIPO PRENSA HIDRAULICA, PARA FABRICACAO DE TUBOS DE CONCRETO PARA AGUAS PLUVIAIS, DN 200 A DN 600 MM X 1000 MM DE COMPRIMENTO, COM MOTOR PRINCIPAL DE 20 CV","UN    ","AS","252.199,60"]
[39813,"MAQUINA TIPO VASO/TANQUE/JATO DE PRESSAO PORTATIL PARA JATEAMENTO, CONTROLE AUTOMATICO E REMOTO, CAMARA DE 1 SAIDA, 280 L, DIAM. *670* MM, BICO JATO CURTO VENTURI DE 5/16\", MANGUEIRA DE 1\" DE 10 M, COMPLETA (VALVULAS POP UP E DOSADORA, FUNDO CONICO ETC)","UN    ","AS","20.704,22"]
[40403,"MAQUINA TRANSFORMADORA MONOFASICA PARA SOLDA ELETRICA, TENSAO DE 220 V, FREQUENCIA DE 60 HZ, FAIXA DE CORRENTE ENTRE 80 A (+/- 10 A) E 250 A, POTENCIA ENTRE 14,00 KVA E 15,0 KVA, CICLO DE TRABALHO ENTRE 10% E 20% A 250 A","UN    ","CR","635,79"]
[12868,"MARCENEIRO","H     ","CR","13,92"]
[40916,"MARCENEIRO (MENSALISTA)","MES   ","CR","2.440,32"]
[4755,"MARMORISTA / GRANITEIRO","H     ","CR","16,67"]
[41067,"MARMORISTA / GRANITEIRO (MENSALISTA)","MES   ","CR","2.926,48"]
[38463,"MARTELO DE SOLDADOR/PICADOR DE SOLDA","UN    ","CR","30,33"]
[40703,"MARTELO DEMOLIDOR ELETRICO, COM POTENCIA DE 2.000 W, FREQUENCIA DE 1.000 IMPACTOS POR MINUTO, FORÇA DE IMPACTO ENTRE 60 E 65 J, PESO DE 30 KG","UN    ","AS","7.599,78"]
[14531,"MARTELO DEMOLIDOR PNEUMATICO MANUAL, COM REDUCAO DE VIBRACAO, PESO DE 21 KG","UN    ","AS","14.168,85"]
[36533,"MARTELO DEMOLIDOR PNEUMATICO MANUAL, COM REDUCAO DE VIBRACAO, PESO DE 31,5 KG","UN    ","AS","16.304,73"]
[11616,"MARTELO DEMOLIDOR PNEUMATICO MANUAL, PADRAO, PESO DE 32 KG","UN    ","AS","15.399,57"]
[41898,"MARTELO DEMOLIDOR PNEUMATICO MANUAL, PESO  DE 28 KG, COM SILENCIADOR","UN    ","AS","17.326,61"]
[13447,"MARTELO PERFURADOR PNEUMATICO MANUAL, DE SUPERFICIE, COM AVANCO DE COLUNA, PESO DE 22 KG","UN    ","AS","31.882,16"]
[14529,"MARTELO PERFURADOR PNEUMATICO MANUAL, HASTE 25 X 75 MM, 21 KG","UN    ","AS","17.830,88"]
[10747,"MARTELO PERFURADOR PNEUMATICO MANUAL, PESO DE 25 KG, COM SILENCIADOR","UN    ","AS","17.494,82"]
[36141,"MASCARA DE SEGURANCA PARA SOLDA COM ESCUDO DE CELERON E CARNEIRA DE PLASTICO COM REGULAGEM","UN    ","CR","31,80"]
[39434,"MASSA DE REJUNTE EM PO PARA DRYWALL, A BASE DE GESSO, SECAGEM RAPIDA, PARA TRATAMENTO DE JUNTAS DE CHAPA DE GESSO (COM ADICAO DE AGUA)","KG    ","CR","2,58"]
[39433,"MASSA DE REJUNTE PRONTA PARA TRATAMENTO DE JUNTAS DE CHAPA DE GESSO PARA DRYWALL, SEM ADICAO DE AGUA","KG    ","CR","1,85"]
[4049,"MASSA EPOXI BICOMPONENTE (MASSA + CATALIZADOR)","L     ","CR","31,57"]
[38120,"MASSA EPOXI BICOMPONENTE PARA REPAROS","KG    ","CR","96,85"]
[38877,"MASSA PARA TEXTURA LISA DE BASE ACRILICA, USO INTERNO E EXTERNO","KG    ","CR","5,92"]
[34546,"MASSA PARA TEXTURA RUSTICA DE BASE ACRILICA, COR BRANCA, USO INTERNO E EXTERNO","KG    ","CR","5,96"]
[10498,"MASSA PARA VIDRO","KG    ","CR","7,97"]
[4823,"MASSA PLASTICA PARA MARMORE/GRANITO","KG    ","CR","32,96"]
[12357,"MASTRO SIMPLES GALVANIZADO DIAMETRO NOMINAL 1 1/2\", COMPRIMENTO 3 M","UN    ","CR","110,04"]
[12358,"MASTRO SIMPLES GALVANIZADO DIAMETRO NOMINAL 2\", COMPRIMENTO 3 M","UN    ","CR","123,77"]
[11079,"MATERIAL FILTRANTE (PEDREGULHO) 0,6 A 25,46 MM (POSTO PEDREIRA/FORNECEDOR, SEM FRETE)","M3    ","CR","1.091,65"]
[11082,"MATERIAL FILTRANTE (PEDREGULHO) 38 A 25,4 MM (POSTO PEDREIRA/FORNECEDOR, SEM FRETE)","M3    ","CR","1.113,74"]
[4058,"MECANICO DE EQUIPAMENTOS PESADOS","H     ","CR","27,00"]
[40974,"MECANICO DE EQUIPAMENTOS PESADOS (MENSALISTA)","MES   ","CR","4.736,06"]
[34794,"MECANICO DE REFRIGERACAO","H     ","CR","15,75"]
[40925,"MECANICO DE REFRIGERACAO (MENSALISTA)","MES   ","CR","2.763,57"]
[13741,"MEDIDOR DE NIVEL ESTATICO E DINAMICO PARA POCO, COMPRIMENTO DE 200 M","UN    ","CR","1.715,57"]
[3288,"MEIA CANA DE MADEIRA CEDRINHO OU EQUIVALENTE DA REGIAO, ACABAMENTO PARA FORRO PAULISTA, *2,5 X 2,5* CM","M     ","AS","4,55"]
[13587,"MEIA CANA DE MADEIRA PINUS OU EQUIVALENTE DA REGIAO, ACABAMENTO PARA FORRO PAULISTA, *2,5 X 2,5* CM","M     ","AS","2,75"]
[38598,"MEIA CANALETA DE CONCRETO ESTRUTURAL 14 X 19 X 19 CM, FBK 14 MPA (NBR 6136)","UN    ","CR","1,79"]
[38595,"MEIA CANALETA DE CONCRETO ESTRUTURAL 14 X 19 X 19 CM, FBK 4,5 MPA (NBR 6136)","UN    ","CR","1,52"]
[38592,"MEIO BLOCO DE CONCRETO ESTRUTURAL 14 X 19 X 14 CM, FBK 14 MPA (NBR 6136)","UN    ","CR","1,53"]
[38588,"MEIO BLOCO DE CONCRETO ESTRUTURAL 14 X 19 X 14 CM, FBK 4,5 MPA (NBR 6136)","UN    ","CR","1,23"]
[38593,"MEIO BLOCO DE CONCRETO ESTRUTURAL 14 X 19 X 19 CM, FBK 14 MPA (NBR 6136)","UN    ","CR","1,69"]
[38589,"MEIO BLOCO DE CONCRETO ESTRUTURAL 14 X 19 X 19 CM, FBK 4,5 MPA (NBR 6136)","UN    ","CR","1,28"]
[38594,"MEIO BLOCO DE CONCRETO ESTRUTURAL 14 X 19 X 34 CM, FBK 14 MPA (NBR 6136)","UN    ","CR","2,67"]
[34773,"MEIO BLOCO DE VEDACAO DE CONCRETO APARENTE 14 X 19 X 19 CM  (CLASSE C - NBR 6136)","UN    ","CR","1,26"]
[34769,"MEIO BLOCO DE VEDACAO DE CONCRETO APARENTE 19 X 19 X 19 CM (CLASSE C - NBR 6136)","UN    ","CR","1,56"]
[34763,"MEIO BLOCO DE VEDACAO DE CONCRETO APARENTE 9  X 19 X 19 CM (CLASSE C - NBR 6136)","UN    ","CR","0,96"]
[34774,"MEIO BLOCO DE VEDACAO DE CONCRETO 14 X 19 X 19 CM (CLASSE C - NBR 6136)","UN    ","CR","1,20"]
[34771,"MEIO BLOCO DE VEDACAO DE CONCRETO 19 X 19 X 19 CM (CLASSE C - NBR 6136)","UN    ","CR","1,45"]
[34764,"MEIO BLOCO DE VEDACAO DE CONCRETO 9 X 19 X 19 CM (CLASSE C - NBR 6136)","UN    ","CR","0,95"]
[34788,"MEIO BLOCO ESTRUTURAL CERAMICO 14 X 19 X 14 CM, 6,0 MPA (NBR 15270)","UN    ","CR","1,11"]
[34781,"MEIO BLOCO ESTRUTURAL CERAMICO 14 X 19 X 19 CM, 6,0 MPA (NBR 15270)","UN    ","CR","1,25"]
[4062,"MEIO-FIO OU GUIA DE CONCRETO, PRE-MOLDADO, COMP 1 M, *30 X 15* CM (H X L)","UN    ","CR","13,03"]
[4059,"MEIO-FIO OU GUIA DE CONCRETO, PRE-MOLDADO, COMP 1 M, *30 X 15/ 12* CM (H X L1/L2)","M     ","C ","15,80"]
[4061,"MEIO-FIO OU GUIA DE CONCRETO, PRE-MOLDADO, COMP 80 CM, *45 X 18 /12* CM (H X L1/L2)","UN    ","CR","12,64"]
[41315,"MEMBRANA IMPERMEABILIZANTE A BASE DE POLIUREIA, BICOMPONENTE, APLICACAO A FRIO","KG    ","CR","71,56"]
[43148,"MEMBRANA IMPERMEABILIZANTE A BASE DE POLIURETANO","KG    ","CR","48,57"]
[43147,"MEMBRANA IMPERMEABILIZANTE ACRILICA MONOCOMPONENTE","KG    ","CR","18,81"]
[10608,"MESA VIBRATORIA COM DIMENSOES DE 2,0 X 1,0 M, COM MOTOR ELETRICO DE 2 POLOS E POTENCIA DE 3 CV","UN    ","AS","8.683,28"]
[4069,"MESTRE DE OBRAS","H     ","CR","23,04"]
[40819,"MESTRE DE OBRAS (MENSALISTA)","MES   ","CR","4.041,45"]
[34361,"METACAULIM DE ALTA REATIVIDADE/CAULIM CALCINADO","KG    ","CR","13,69"]
[36512,"MICRO-TRATOR CORTADOR DE GRAMA COM LARGURA DO CORTE DE 107 CM, COM  2 LAMINAS E DESCARTE LATERAL","UN    ","AS","11.471,48"]
[25972,"MICROESFERAS DE VIDRO PARA SINALIZACAO HORIZONTAL VIARIA, TIPO I-B (PREMIX) - NBR 16184","KG    ","CR","10,44"]
[25973,"MICROESFERAS DE VIDRO PARA SINALIZACAO HORIZONTAL VIARIA, TIPO II-A (DROP-ON) - NBR 16184","KG    ","CR","10,44"]
[11697,"MICTORIO COLETIVO ACO INOX (AISI 304), E = 0,8 MM, DE *100 X 40 X 30* CM (C X A X P)","UN    ","CR","426,39"]
[11698,"MICTORIO COLETIVO ACO INOX (AISI 304), E = 0,8 MM, DE *100 X 50 X 35* CM (C X A X P)","UN    ","CR","508,66"]
[11699,"MICTORIO INDIVIDUAL ACO INOX (AISI 304), E = 0,8 MM, DE *50  X 45  X 35* (C X A X P)","UN    ","CR","562,19"]
[10432,"MICTORIO SIFONADO LOUCA BRANCA SEM COMPLEMENTOS","UN    ","CR","249,64"]
[10430,"MICTORIO SIFONADO LOUCA COR SEM COMPLEMENTOS","UN    ","CR","268,85"]
[37514,"MINICARREGADEIRA SOBRE RODAS, POTENCIA LIQUIDA DE *47* HP, CAPACIDADE NOMINAL DE OPERACAO DE *646* KG","UN    ","AS","167.377,50"]
[37519,"MINICARREGADEIRA SOBRE RODAS, POTENCIA LIQUIDA DE *72* HP, CAPACIDADE NOMINAL DE OPERACAO DE *1200* KG","UN    ","AS","258.312,59"]
[37520,"MINIESCAVADEIRA SOBRE ESTEIRAS, POTENCIA LIQUIDA DE *30* HP, PESO OPERACIONAL DE *3.500* KG","UN    ","AS","254.077,95"]
[37521,"MINIESCAVADEIRA SOBRE ESTEIRAS, POTENCIA LIQUIDA DE *42* HP, PESO OPERACIONAL DE *4.500* KG","UN    ","AS","309.975,11"]
[37522,"MINIESCAVADEIRA SOBRE ESTEIRAS, POTENCIA LIQUIDA DE *42* HP, PESO OPERACIONAL DE *5.300* KG","UN    ","AS","319.300,95"]
[21109,"MINUTERIA ELETRONICA COLETIVA COM POTENCIA MAXIMA RESISTIVA PARA LAMPADAS FLUORESCENTES DE *300* W ( 110 V ) / *600* W ( 110 V )","UN    ","AS","46,78"]
[36800,"MISTURADOR BASE PARA CHUVEIRO/BANHEIRA, 1/2 \" OU 3/4 \", SOLDAVEL OU ROSCAVEL","UN    ","CR","63,82"]
[11769,"MISTURADOR CROMADO DE MESA BICA BAIXA PARA LAVATORIO (REF 1875)","UN    ","CR","156,40"]
[36793,"MISTURADOR CROMADO DE PAREDE PARA LAVATORIO (REF 1178)","UN    ","CR","253,23"]
[37546,"MISTURADOR DE ARGAMASSA, EIXO HORIZONTAL, CAPACIDADE DE MISTURA 160 KG, MOTOR ELETRICO TRIFASICO 220/380 V, POTENCIA 3 CV","UN    ","AS","8.555,38"]
[37544,"MISTURADOR DE ARGAMASSA, EIXO HORIZONTAL, CAPACIDADE DE MISTURA 300 KG, MOTOR ELETRICO TRIFASICO 220/380 V, POTENCIA 5 CV","UN    ","AS","9.048,75"]
[37545,"MISTURADOR DE ARGAMASSA, EIXO HORIZONTAL, CAPACIDADE DE MISTURA 600 KG, MOTOR ELETRICO TRIFASICO 220/380 V, POTENCIA 7,5 CV","UN    ","AS","10.766,80"]
[11771,"MISTURADOR DE PAREDE CROMADO PARA COZINHA BICA MOVEL COM AREJADOR (REF 1258)","UN    ","CR","194,00"]
[39919,"MISTURADOR DUPLO HORIZONTAL DE ALTA TURBULENCIA, CAPACIDADE / VOLUME 2 X 500 LITROS, MOTORES ELETRICOS MINIMO 5 CV CADA,  PARA NATA CIMENTO, ARGAMASSA E OUTROS","UN    ","AS","42.824,42"]
[38385,"MISTURADOR MANUAL DE TINTAS PARA FURADEIRA, HASTE METALICA *60* CM, COM HELICE  (MEXEDOR DE TINTA)","UN    ","CR","30,16"]
[37587,"MISTURADOR MONOCOMANDO PARA CHUVEIRO, BASE BRUTA E ACABAMENTO CROMADO","UN    ","CR","176,45"]
[11561,"MOLA AEREA FECHA PORTA, PARA PORTAS COM LARGURA ATE 110 CM","UN    ","CR","126,62"]
[11560,"MOLA AEREA FECHA PORTA, PARA PORTAS COM LARGURA ATE 95 CM","UN    ","CR","107,77"]
[11499,"MOLA HIDRAULICA DE PISO P/ VIDRO TEMPERADO 10MM","UN    ","CR","1.007,69"]
[34761,"MONTADOR DE ELETROELETRONICOS","H     ","CR","18,20"]
[40924,"MONTADOR DE ELETROELETRONICOS (MENSALISTA)","MES   ","CR","3.193,89"]
[25957,"MONTADOR DE ESTRUTURAS METALICAS","H     ","CR","20,50"]
[40983,"MONTADOR DE ESTRUTURAS METALICAS (MENSALISTA)","MES   ","CR","3.596,19"]
[2437,"MONTADOR DE MAQUINAS","H     ","CR","22,89"]
[40921,"MONTADOR DE MAQUINAS (MENSALISTA)","MES   ","CR","4.015,36"]
[14252,"MOTOBOMBA AUTOESCORVANTE MOTOR A GASOLINA, POTENCIA 6,0HP, BOCAIS 3\" X 3\", HM/Q = 5 MCA / 24 M3/H A 52,5 MCA / 5,0 M3/H","UN    ","CR","1.776,41"]
[730,"MOTOBOMBA AUTOESCORVANTE MOTOR ELETRICO TRIFASICO 7,4HP BOCA DIAMETRO DE SUCCAO X RECLAQUE: 2\"X2\", HM/ Q = 10 M / 73,5 M3/H A 28 M / 8,2 M3 /H","UN    ","CR","4.746,24"]
[723,"MOTOBOMBA AUTOESCORVANTE POTENCIA 5,42 HP, BOCAIS SUCCAO X RECALQUE 2\" X 2\", A GASOLINA, DIAMETRO DO ROTOR 122 MM HM/Q = 6 MCA / 33,0 M3/H A 28 MCA / 8,0 M3/H","UN    ","CR","2.359,05"]
[36502,"MOTOBOMBA CENTRIFUGA, MOTOR A GASOLINA, POTENCIA 5,42 HP, BOCAIS 1 1/2\" X 1\", DIAMETRO ROTOR 143 MM HM/Q = 6 MCA / 16,8 M3/H A 38 MCA / 6,6 M3/H","UN    ","CR","2.217,22"]
[36503,"MOTOBOMBA TRASH (PARA AGUA SUJA) AUTO ESCORVANTE, MOTOR GASOLINA DE 6,41 HP, DIAMETROS DE SUCCAO X RECALQUE: 3\" X 3\", HM/Q: 10/60 A 23/0","UN    ","CR","2.734,10"]
[4090,"MOTONIVELADORA POTENCIA BASICA LIQUIDA (PRIMEIRA MARCHA) 125 HP , PESO BRUTO 13843 KG, LARGURA DA LAMINA DE 3,7 M","UN    ","AS","591.500,00"]
[13227,"MOTONIVELADORA POTENCIA BASICA LIQUIDA (PRIMEIRA MARCHA) 171 HP, PESO BRUTO 14768 KG, LARGURA DA LAMINA DE 3,7 M","UN    ","AS","735.012,51"]
[10597,"MOTONIVELADORA POTENCIA BASICA LIQUIDA (PRIMEIRA MARCHA) 186 HP, PESO BRUTO 15785 KG, LARGURA DA LAMINA DE 4,3 M","UN    ","AS","773.695,48"]
[39628,"MOTOR A DIESEL PARA VIBRADOR DE IMERSAO, DE *4,7* CV","UN    ","AS","3.193,79"]
[39404,"MOTOR A GASOLINA PARA VIBRADOR DE IMERSAO, 4 TEMPOS, DE 5,5 CV","UN    ","AS","1.583,70"]
[39402,"MOTOR ELETRICO PARA VIBRADOR DE IMERSAO, DE 2 CV, MONOFASICO, 110/220 V","UN    ","AS","1.304,66"]
[39403,"MOTOR ELETRICO PARA VIBRADOR DE IMERSAO, DE 2 CV, TRIFASICO, 220/380 V","UN    ","AS","1.276,29"]
[4093,"MOTORISTA DE CAMINHAO","H     ","CR","19,60"]
[10512,"MOTORISTA DE CAMINHAO (MENSALISTA)","MES   ","CR","3.437,71"]
[20020,"MOTORISTA DE CAMINHAO-BASCULANTE","H     ","CR","18,48"]
[41038,"MOTORISTA DE CAMINHAO-BASCULANTE (MENSALISTA)","MES   ","CR","3.242,63"]
[4094,"MOTORISTA DE CAMINHAO-CARRETA","H     ","CR","26,18"]
[40988,"MOTORISTA DE CAMINHAO-CARRETA (MENSALISTA)","MES   ","CR","4.590,83"]
[4095,"MOTORISTA DE CARRO DE PASSEIO","H     ","CR","16,78"]
[40990,"MOTORISTA DE CARRO DE PASSEIO (MENSALISTA)","MES   ","CR","2.945,11"]
[4097,"MOTORISTA DE ONIBUS / MICRO-ONIBUS","H     ","CR","18,48"]
[40994,"MOTORISTA DE ONIBUS / MICRO-ONIBUS (MENSALISTA)","MES   ","CR","3.242,77"]
[4096,"MOTORISTA OPERADOR DE CAMINHAO COM MUNCK","H     ","CR","14,39"]
[40992,"MOTORISTA OPERADOR DE CAMINHAO COM MUNCK (MENSALISTA)","MES   ","CR","2.524,17"]
[13955,"MOTOSSERRA PORTATIL COM MOTOR A GASOLINA DE *60* CC","UN    ","AS","2.489,33"]
[4114,"MOURAO CONCRETO CURVO, SECAO \"T\", H = 2,80 M + CURVA COM 0,45 M, COM FUROS PARA FIOS","UN    ","CR","61,48"]
[36797,"MOURAO DE CONCRETO CURVO,10 X 10 CM, H= *2,60* M + CURVA DE 0,40 M","UN    ","CR","53,76"]
[4107,"MOURAO DE CONCRETO RETO, *10 X 10* CM, H= 2,30 M","UN    ","CR","51,77"]
[36799,"MOURAO DE CONCRETO RETO, TIPO ESTICADOR, *10 X 10* CM, H= 2,50 M","UN    ","CR","49,43"]
[4108,"MOURAO DE CONCRETO RETO, 10 X 10 CM, H= 2,00 M","UN    ","CR","41,62"]
[4102,"MOURAO DE CONCRETO RETO, 10 X 10 CM, H= 3,00 M","UN    ","C ","61,92"]
[10826,"MUDA DE ARBUSTO FLORIFERO, CLUSIA/GARDENIA/MOREIA BRANCA/ AZALEIA OU EQUIVALENTE DA REGIAO, H= *50 A 70* CM","UN    ","CR","143,67"]
[365,"MUDA DE ARBUSTO FOLHAGEM, SANSAO-DO-CAMPO OU EQUIVALENTE DA REGIAO, H= *50 A 70* CM","UN    ","CR","89,08"]
[38639,"MUDA DE ARBUSTO, BUXINHO, H= *50* M","UN    ","CR","344,82"]
[38640,"MUDA DE ARBUSTO, PINGO DE OURO/ VIOLETEIRA, H = *10 A 20* CM","UN    ","CR","5,17"]
[358,"MUDA DE ARVORE ORNAMENTAL, OITI/AROEIRA SALSA/ANGICO/IPE/JACARANDA OU EQUIVALENTE  DA REGIAO, H= *1* M","UN    ","CR","106,32"]
[359,"MUDA DE ARVORE ORNAMENTAL, OITI/AROEIRA SALSA/ANGICO/IPE/JACARANDA OU EQUIVALENTE  DA REGIAO, H= *2* M","UN    ","CR","218,39"]
[38641,"MUDA DE PALMEIRA, ARECA, H= *1,50* CM","UN    ","CR","215,51"]
[360,"MUDA DE RASTEIRA/FORRACAO, AMENDOIM RASTEIRO/ONZE HORAS/AZULZINHA/IMPATIENS OU EQUIVALENTE DA REGIAO","UN    ","C ","5,00"]
[4127,"MUFLA TERMINAL PRIMARIA UNIPOLAR USO EXTERNO PARA CABO 25/70MM2 ISOL, 3,6/6KV EM EPR - BORRACHA DE SILICONE","UN    ","AS","195,78"]
[4154,"MUFLA TERMINAL PRIMARIA UNIPOLAR USO INTERNO PARA CABO 25/70MM2 ISOL 6/10KV EM EPR- BORRACHA DE SILICONE","UN    ","AS","239,21"]
[4168,"MUFLA TERMINAL PRIMARIA UNIPOLAR USO INTERNO PARA CABO 35/120MM2 ISOLACAO 15/25KV EM EPR - BORRACHA DE SILICONE","UN    ","AS","252,63"]
[4161,"MUFLA TERMINAL PRIMARIA UNIPOLAR USO INTERNO PARA CABO 35/70MM2 ISOLACAO 8,7/15KV EM EPR - BORRACHA DE SILICONE","UN    ","AS","243,15"]
[42430,"MULTIEXERCITADOR COM SEIS FUNCOES, EM TUBO DE ACO CARBONO, PINTURA NO PROCESSO ELETROSTATICO - EQUIPAMENTO DE GINASTICA PARA ACADEMIA AO AR LIVRE / ACADEMIA DA TERCEIRA IDADE - ATI","UN    ","AS","3.581,17"]
[4214,"NIPEL PVC, ROSCAVEL, 1 1/2\",  AGUA FRIA PREDIAL","UN    ","CR","6,17"]
[4215,"NIPEL PVC, ROSCAVEL, 1 1/4\",  AGUA FRIA PREDIAL","UN    ","CR","4,06"]
[4210,"NIPEL PVC, ROSCAVEL, 1/2\",  AGUA FRIA PREDIAL","UN    ","CR","0,68"]
[4212,"NIPEL PVC, ROSCAVEL, 1\",  AGUA FRIA PREDIAL","UN    ","CR","1,96"]
[4213,"NIPEL PVC, ROSCAVEL, 2\",  AGUA FRIA PREDIAL","UN    ","CR","8,77"]
[4211,"NIPEL PVC, ROSCAVEL, 3/4\",  AGUA FRIA PREDIAL","UN    ","CR","0,98"]
[4209,"NIPLE DE FERRO GALVANIZADO, COM ROSCA BSP, DE 1 1/2\"","UN    ","AS","13,57"]
[4180,"NIPLE DE FERRO GALVANIZADO, COM ROSCA BSP, DE 1 1/4\"","UN    ","AS","10,22"]
[4177,"NIPLE DE FERRO GALVANIZADO, COM ROSCA BSP, DE 1/2\"","UN    ","AS","3,39"]
[4179,"NIPLE DE FERRO GALVANIZADO, COM ROSCA BSP, DE 1\"","UN    ","AS","6,94"]
[4208,"NIPLE DE FERRO GALVANIZADO, COM ROSCA BSP, DE 2 1/2\"","UN    ","AS","32,31"]
[4181,"NIPLE DE FERRO GALVANIZADO, COM ROSCA BSP, DE 2\"","UN    ","AS","21,11"]
[4178,"NIPLE DE FERRO GALVANIZADO, COM ROSCA BSP, DE 3/4\"","UN    ","AS","4,70"]
[4182,"NIPLE DE FERRO GALVANIZADO, COM ROSCA BSP, DE 3\"","UN    ","AS","52,57"]
[4183,"NIPLE DE FERRO GALVANIZADO, COM ROSCA BSP, DE 4\"","UN    ","AS","84,63"]
[4184,"NIPLE DE FERRO GALVANIZADO, COM ROSCA BSP, DE 5\"","UN    ","AS","186,81"]
[4185,"NIPLE DE FERRO GALVANIZADO, COM ROSCA BSP, DE 6\"","UN    ","AS","310,40"]
[4205,"NIPLE DE REDUCAO DE FERRO GALVANIZADO, COM ROSCA BSP, DE 1 1/2\" X 1 1/4\"","UN    ","AS","17,92"]
[4192,"NIPLE DE REDUCAO DE FERRO GALVANIZADO, COM ROSCA BSP, DE 1 1/2\" X 1\"","UN    ","AS","17,92"]
[4191,"NIPLE DE REDUCAO DE FERRO GALVANIZADO, COM ROSCA BSP, DE 1 1/2\" X 3/4\"","UN    ","AS","17,92"]
[4207,"NIPLE DE REDUCAO DE FERRO GALVANIZADO, COM ROSCA BSP, DE 1 1/4\" X 1/2\"","UN    ","AS","14,42"]
[4206,"NIPLE DE REDUCAO DE FERRO GALVANIZADO, COM ROSCA BSP, DE 1 1/4\" X 1\"","UN    ","AS","14,01"]
[4190,"NIPLE DE REDUCAO DE FERRO GALVANIZADO, COM ROSCA BSP, DE 1 1/4\" X 3/4\"","UN    ","AS","14,01"]
[4186,"NIPLE DE REDUCAO DE FERRO GALVANIZADO, COM ROSCA BSP, DE 1/2\" X 1/4\"","UN    ","AS","4,14"]
[4188,"NIPLE DE REDUCAO DE FERRO GALVANIZADO, COM ROSCA BSP, DE 1\" X 1/2\"","UN    ","AS","8,45"]
[4189,"NIPLE DE REDUCAO DE FERRO GALVANIZADO, COM ROSCA BSP, DE 1\" X 3/4\"","UN    ","AS","8,45"]
[4197,"NIPLE DE REDUCAO DE FERRO GALVANIZADO, COM ROSCA BSP, DE 2 1/2\" X 2\"","UN    ","AS","44,76"]
[4194,"NIPLE DE REDUCAO DE FERRO GALVANIZADO, COM ROSCA BSP, DE 2\" X 1 1/2\"","UN    ","AS","27,04"]
[4193,"NIPLE DE REDUCAO DE FERRO GALVANIZADO, COM ROSCA BSP, DE 2\" X 1 1/4\"","UN    ","AS","27,04"]
[4204,"NIPLE DE REDUCAO DE FERRO GALVANIZADO, COM ROSCA BSP, DE 2\" X 1\"","UN    ","AS","27,04"]
[4187,"NIPLE DE REDUCAO DE FERRO GALVANIZADO, COM ROSCA BSP, DE 3/4\" X 1/2\"","UN    ","AS","5,39"]
[4202,"NIPLE DE REDUCAO DE FERRO GALVANIZADO, COM ROSCA BSP, DE 3\" X 2 1/2\"","UN    ","AS","81,74"]
[4203,"NIPLE DE REDUCAO DE FERRO GALVANIZADO, COM ROSCA BSP, DE 3\" X 2\"","UN    ","AS","72,19"]
[40368,"NIPLE SEXTAVADO EM ACO CARBONO, COM ROSCA BSP, PRESSAO 3.000 LBS, DN 1 1/2\"","UN    ","AS","27,52"]
[40365,"NIPLE SEXTAVADO EM ACO CARBONO, COM ROSCA BSP, PRESSAO 3.000 LBS, DN 1 1/4\"","UN    ","AS","18,57"]
[40356,"NIPLE SEXTAVADO EM ACO CARBONO, COM ROSCA BSP, PRESSAO 3.000 LBS, DN 1/2\"","UN    ","AS","6,34"]
[40362,"NIPLE SEXTAVADO EM ACO CARBONO, COM ROSCA BSP, PRESSAO 3.000 LBS, DN 1\"","UN    ","AS","12,30"]
[40374,"NIPLE SEXTAVADO EM ACO CARBONO, COM ROSCA BSP, PRESSAO 3.000 LBS, DN 2 1/2\"","UN    ","AS","71,93"]
[40371,"NIPLE SEXTAVADO EM ACO CARBONO, COM ROSCA BSP, PRESSAO 3.000 LBS, DN 2\"","UN    ","AS","45,28"]
[40359,"NIPLE SEXTAVADO EM ACO CARBONO, COM ROSCA BSP, PRESSAO 3.000 LBS, DN 3/4\"","UN    ","AS","8,19"]
[7595,"NIVELADOR","H     ","CR","16,39"]
[41094,"NIVELADOR (MENSALISTA)","MES   ","CR","2.876,35"]
[39609,"NOBREAK TRIFASICO, DE 10 KVA FATOR DE POTENCIA DE 0,8, AUTONOMIA MINIMA DE 30 MINUTOS A PLENA CARGA","UN    ","CR","48.409,73"]
[39610,"NOBREAK TRIFASICO, DE 15 KVA FATOR DE POTENCIA DE 0,8, AUTONOMIA MINIMA DE 30 MINUTOS A PLENA CARGA","UN    ","CR","70.663,10"]
[39611,"NOBREAK TRIFASICO, DE 20 KVA FATOR DE POTENCIA DE 0,8, AUTONOMIA MINIMA DE 30 MINUTOS A PLENA CARGA","UN    ","CR","85.513,92"]
[39612,"NOBREAK TRIFASICO, DE 25 KVA FATOR DE POTENCIA DE 0,8, AUTONOMIA MINIMA DE 30 MINUTOS A PLENA CARGA","UN    ","CR","133.959,49"]
[39608,"NOBREAK TRIFASICO, DE 5 KVA FATOR DE POTENCIA DE 0,8, AUTONOMIA MINIMA DE 30 MINUTOS A PLENA CARGA","UN    ","CR","38.707,91"]
[38175,"NUMERO / ALGARISMO PARA PORTA, TAMANHO *40* MM, EM ZAMAC, (MODELO DE 0 A 9), FIXACAO POR PARAFUSOS","UN    ","CR","2,18"]
[38176,"NUMERO / ALGARISMO PARA RESIDENCIA (FACHADA), TAMANHO *120* MM, EM ZAMAC, (MODELO DE 0 A 9), FIXACAO POR PARAFUSOS","UN    ","CR","5,92"]
[36152,"OCULOS DE SEGURANCA CONTRA IMPACTOS COM LENTE INCOLOR, ARMACAO NYLON, COM PROTECAO UVA E UVB","UN    ","CR","4,59"]
[11138,"OLEO COMBUSTIVEL BPF A GRANEL","L     ","CR","2,17"]
[5333,"OLEO DE LINHACA","L     ","CR","20,61"]
[4221,"OLEO DIESEL COMBUSTIVEL COMUM","L     ","C ","3,38"]
[4227,"OLEO LUBRIFICANTE PARA MOTORES DE EQUIPAMENTOS PESADOS (CAMINHOES, TRATORES, RETROS E ETC)","L     ","C ","18,50"]
[38170,"OLHO MAGICO / VISOR PARA PORTA DE *25 A 46* MM DE ESPESSURA, ANGULO DE VISAO APROXIMADO DE 200 GRAUS, LATAO CROMADO, COM FECHO JANELA","UN    ","CR","9,97"]
[4252,"OPERADOR DE BATE-ESTACAS","H     ","CR","21,30"]
[40980,"OPERADOR DE BATE-ESTACAS (MENSALISTA)","MES   ","CR","3.734,18"]
[4243,"OPERADOR DE BETONEIRA (CAMINHAO)","H     ","CR","17,66"]
[41031,"OPERADOR DE BETONEIRA (CAMINHAO) (MENSALISTA)","MES   ","CR","3.099,58"]
[37666,"OPERADOR DE BETONEIRA ESTACIONARIA / MISTURADOR","H     ","CR","17,06"]
[40986,"OPERADOR DE BETONEIRA ESTACIONARIA / MISTURADOR (MENSALISTA)","MES   ","CR","2.991,19"]
[4250,"OPERADOR DE COMPRESSOR DE AR OU COMPRESSORISTA","H     ","CR","19,21"]
[40978,"OPERADOR DE COMPRESSOR DE AR OU COMPRESSORISTA (MENSALISTA)","MES   ","CR","3.368,23"]
[25960,"OPERADOR DE DEMARCADORA DE FAIXAS DE TRAFEGO","H     ","CR","21,75"]
[41043,"OPERADOR DE DEMARCADORA DE FAIXAS DE TRAFEGO (MENSALISTA)","MES   ","CR","3.814,86"]
[4234,"OPERADOR DE ESCAVADEIRA","H     ","C ","23,84"]
[40987,"OPERADOR DE ESCAVADEIRA (MENSALISTA)","MES   ","CR","4.179,02"]
[4253,"OPERADOR DE GUINCHO OU GUINCHEIRO","H     ","CR","15,75"]
[40981,"OPERADOR DE GUINCHO OU GUINCHEIRO (MENSALISTA)","MES   ","CR","2.763,38"]
[4254,"OPERADOR DE GUINDASTE","H     ","CR","17,29"]
[41036,"OPERADOR DE GUINDASTE (MENSALISTA)","MES   ","CR","3.033,69"]
[4251,"OPERADOR DE JATO ABRASIVO OU JATISTA","H     ","CR","21,32"]
[40979,"OPERADOR DE JATO ABRASIVO OU JATISTA (MENSALISTA)","MES   ","CR","3.741,16"]
[4230,"OPERADOR DE MAQUINAS E TRATORES DIVERSOS (TERRAPLANAGEM)","H     ","CR","20,22"]
[40998,"OPERADOR DE MAQUINAS E TRATORES DIVERSOS (TERRAPLANAGEM) (MENSALISTA)","MES   ","CR","3.548,60"]
[4257,"OPERADOR DE MARTELETE OU MARTELETEIRO","H     ","CR","16,65"]
[40982,"OPERADOR DE MARTELETE OU MARTELETEIRO (MENSALISTA)","MES   ","CR","2.922,41"]
[4240,"OPERADOR DE MOTO SCRAPER","H     ","CR","22,11"]
[41026,"OPERADOR DE MOTO SCRAPER (MENSALISTA)","MES   ","CR","3.879,89"]
[4239,"OPERADOR DE MOTONIVELADORA","H     ","CR","27,15"]
[41024,"OPERADOR DE MOTONIVELADORA (MENSALISTA)","MES   ","CR","4.759,91"]
[4248,"OPERADOR DE PA CARREGADEIRA","H     ","CR","19,49"]
[41033,"OPERADOR DE PA CARREGADEIRA (MENSALISTA)","MES   ","CR","3.418,78"]
[25959,"OPERADOR DE PAVIMENTADORA / MESA VIBROACABADORA","H     ","CR","22,85"]
[41040,"OPERADOR DE PAVIMENTADORA / MESA VIBROACABADORA (MENSALISTA)","MES   ","CR","4.005,60"]
[4238,"OPERADOR DE ROLO COMPACTADOR","H     ","CR","21,62"]
[41012,"OPERADOR DE ROLO COMPACTADOR (MENSALISTA)","MES   ","CR","3.793,31"]
[4237,"OPERADOR DE TRATOR - EXCLUSIVE AGROPECUARIA","H     ","CR","20,48"]
[41002,"OPERADOR DE TRATOR - EXCLUSIVE AGROPECUARIA (MENSALISTA)","MES   ","CR","3.591,39"]
[4233,"OPERADOR DE USINA DE ASFALTO, DE SOLOS OU DE CONCRETO","H     ","CR","19,62"]
[41001,"OPERADOR DE USINA DE ASFALTO, DE SOLOS OU DE CONCRETO (MENSALISTA)","MES   ","CR","3.439,87"]
[2,"OXIGENIO, RECARGA PARA CILINDRO DE CONJUNTO OXICORTE GRANDE","M3    ","AS","9,80"]
[36517,"PA CARREGADEIRA SOBRE RODAS, POTENCIA BRUTA *127* CV, CAPACIDADE DA CACAMBA DE 2,0 A 2,4 M3, PESO OPERACIONAL MAXIMO DE 10330 KG","UN    ","AS","325.565,66"]
[4262,"PA CARREGADEIRA SOBRE RODAS, POTENCIA LIQUIDA 128 HP, CAPACIDADE DA CACAMBA DE 1,7 A 2,8 M3, PESO OPERACIONAL MAXIMO DE 11632 KG","UN    ","AS","366.628,00"]
[4263,"PA CARREGADEIRA SOBRE RODAS, POTENCIA LIQUIDA 197 HP, CAPACIDADE DA CACAMBA DE 2,5 A 3,5 M3, PESO OPERACIONAL MAXIMO DE 18338 KG","UN    ","AS","508.390,80"]
[36518,"PA CARREGADEIRA SOBRE RODAS, POTENCIA LIQUIDA 213 HP, CAPACIDADE DA CACAMBA DE 1,9 A 3,5 M3, PESO OPERACIONAL MAXIMO DE 19234 KG","UN    ","AS","578.783,37"]
[14221,"PA CARREGADEIRA SOBRE RODAS, POTENCIA 152 HP, CAPACIDADE DA CACAMBA DE 1,53 A 2,30 M3, PESO OPERACIONAL MAXIMO DE 10216 KG","UN    ","AS","337.786,58"]
[38402,"PA DE LIXO PLASTICA, CABO LONGO","UN    ","CR","5,71"]
[3412,"PAINEL DE LA DE VIDRO SEM REVESTIMENTO PSI 20, E = 25 MM, DE 1200 X 600 MM","M2    ","AS","13,77"]
[3413,"PAINEL DE LA DE VIDRO SEM REVESTIMENTO PSI 20, E = 50 MM, DE 1200 X 600 MM","M2    ","AS","31,00"]
[39744,"PAINEL DE LA DE VIDRO SEM REVESTIMENTO PSI 40, E = 25 MM, DE 1200 X 600 MM","M2    ","AS","24,07"]
[39745,"PAINEL DE LA DE VIDRO SEM REVESTIMENTO PSI 40, E = 50 MM, DE 1200 X 600 MM","M2    ","AS","50,81"]
[39637,"PAINEL ESTRUTURAL PARA LAJE SECA REVESTIDO EM PLACA CIMENTICIA, DE 1,20 X 2,50 M, E = 23 MM","M2    ","CR","96,08"]
[39638,"PAINEL ESTRUTURAL PARA LAJE SECA REVESTIDO EM PLACA CIMENTICIA, DE 1,20 X 2,50 M, E = 40 MM","M2    ","CR","178,92"]
[39639,"PAINEL ESTRUTURAL PARA LAJE SECA REVESTIDO EM PLACA CIMENTICIA, DE 1,20 X 2,50 M, E = 55 MM","M2    ","CR","235,89"]
[39517,"PAINEL TERMOISOLANTE PARA FECHAMENTOS VERTICAIS (INCLUI PARAFUSOS DE FIXACAO) REVESTIDO EM ACO GALVALUME, LARGURA UTIL DE 1100 MM, REVESTIMENTO COM ESPESSURA DE 0,50 MM, COM PRE-PINTURA NAS DUAS FACES, NUCLEO EM POLIURETANO (PUR) COM ESPESSURA 40/50 MM","M2    ","AS","183,39"]
[39518,"PAINEL TERMOISOLANTE PARA FECHAMENTOS VERTICAIS (INCLUI PARAFUSOS DE FIXACAO) REVESTIDO EM ACO GALVALUME, LARGURA UTIL DE 1100 MM, REVESTIMENTO COM ESPESSURA DE 0,50 MM, COM PRE-PINTURA NAS DUAS FACES, NUCLEO EM POLIURETANO (PUR) COM ESPESSURA 70/80 MM","M2    ","AS","217,42"]
[38366,"PAPEL KRAFT BETUMADO","M2    ","CR","4,52"]
[11703,"PAPELEIRA DE PAREDE EM METAL CROMADO SEM TAMPA","UN    ","CR","25,33"]
[37400,"PAPELEIRA PLASTICA TIPO DISPENSER PARA PAPEL HIGIENICO ROLAO","UN    ","CR","46,85"]
[25400,"PAR DE TABELAS DE BASQUETE EM COMPENSADO NAVAL DE *1,80 X 1,20* M, COM ARO DE METAL E REDE (SEM SUPORTE DE FIXACAO)","UN    ","CR","1.477,35"]
[4272,"PARA-RAIOS DE BAIXA TENSAO, TENSAO DE OPERACAO *280* V , CORRENTE MAXIMA *20* KA","UN    ","CR","63,18"]
[4276,"PARA-RAIOS DE DISTRIBUICAO, TENSAO NOMINAL 15 KV, CORRENTE NOMINAL DE DESCARGA 5 KA","UN    ","CR","186,47"]
[4273,"PARA-RAIOS DE DISTRIBUICAO, TENSAO NOMINAL 30 KV, CORRENTE NOMINAL DE DESCARGA 10 KA","UN    ","CR","309,77"]
[4274,"PARA-RAIOS TIPO FRANKLIN 350 MM, EM LATAO CROMADO, DUAS DESCIDAS, PARA PROTECAO DE EDIFICACOES CONTRA DESCARGAS ATMOSFERICAS","UN    ","C ","71,83"]
[39438,"PARAFUSO CABECA TROMBETA E PONTA AGULHA (GN55), COMPRIMENTO 55 MM, EM ACO FOSFATIZADO, PARA FIXAR CHAPA DE GESSO EM PERFIL DRYWALL METALICO MAXIMO 0,7 MM","UN    ","CR","0,18"]
[11963,"PARAFUSO DE ACO TIPO CHUMBADOR PARABOLT, DIAMETRO 1/2\", COMPRIMENTO 75 MM","UN    ","CR","6,56"]
[11964,"PARAFUSO DE ACO TIPO CHUMBADOR PARABOLT, DIAMETRO 3/8\", COMPRIMENTO 75 MM","UN    ","CR","1,65"]
[4379,"PARAFUSO DE ACO ZINCADO COM ROSCA SOBERBA, CABECA CHATA E FENDA SIMPLES, DIAMETRO 2,5 MM, COMPRIMENTO * 9,5 * MM","UN    ","CR","0,03"]
[4377,"PARAFUSO DE ACO ZINCADO COM ROSCA SOBERBA, CABECA CHATA E FENDA SIMPLES, DIAMETRO 4,2 MM, COMPRIMENTO * 32 * MM","UN    ","CR","0,13"]
[4356,"PARAFUSO DE ACO ZINCADO COM ROSCA SOBERBA, CABECA CHATA E FENDA SIMPLES, DIAMETRO 4,8 MM, COMPRIMENTO 45 MM","UN    ","CR","0,18"]
[13246,"PARAFUSO DE FERRO POLIDO, SEXTAVADO, COM ROSCA INTEIRA, DIAMETRO 5/16\", COMPRIMENTO 3/4\", COM PORCA E ARRUELA LISA LEVE","UN    ","CR","0,31"]
[4346,"PARAFUSO DE FERRO POLIDO, SEXTAVADO, COM ROSCA PARCIAL, DIAMETRO 5/8\", COMPRIMENTO 6\", COM PORCA E ARRUELA DE PRESSAO MEDIA","UN    ","CR","7,03"]
[11955,"PARAFUSO DE LATAO COM ACABAMENTO CROMADO PARA FIXAR PECA SANITARIA, INCLUI PORCA CEGA, ARRUELA E BUCHA DE NYLON TAMANHO S-10","UN    ","CR","3,07"]
[11960,"PARAFUSO DE LATAO COM ROSCA SOBERBA, CABECA CHATA E FENDA SIMPLES, DIAMETRO 2,5 MM, COMPRIMENTO 12 MM","UN    ","CR","0,10"]
[4333,"PARAFUSO DE LATAO COM ROSCA SOBERBA, CABECA CHATA E FENDA SIMPLES, DIAMETRO 3,2 MM, COMPRIMENTO 16 MM","UN    ","CR","0,18"]
[4358,"PARAFUSO DE LATAO COM ROSCA SOBERBA, CABECA CHATA E FENDA SIMPLES, DIAMETRO 4,8 MM, COMPRIMENTO 65 MM","UN    ","CR","1,40"]
[39435,"PARAFUSO DRY WALL, EM ACO FOSFATIZADO, CABECA TROMBETA E PONTA AGULHA (TA), COMPRIMENTO 25 MM","UN    ","CR","0,07"]
[39436,"PARAFUSO DRY WALL, EM ACO FOSFATIZADO, CABECA TROMBETA E PONTA AGULHA (TA), COMPRIMENTO 35 MM","UN    ","CR","0,12"]
[39437,"PARAFUSO DRY WALL, EM ACO FOSFATIZADO, CABECA TROMBETA E PONTA AGULHA (TA), COMPRIMENTO 45 MM","UN    ","CR","0,16"]
[39439,"PARAFUSO DRY WALL, EM ACO FOSFATIZADO, CABECA TROMBETA E PONTA BROCA (TB), COMPRIMENTO 25 MM","UN    ","CR","0,10"]
[39440,"PARAFUSO DRY WALL, EM ACO FOSFATIZADO, CABECA TROMBETA E PONTA BROCA (TB), COMPRIMENTO 35 MM","UN    ","CR","0,14"]
[39441,"PARAFUSO DRY WALL, EM ACO FOSFATIZADO, CABECA TROMBETA E PONTA BROCA (TB), COMPRIMENTO 45 MM","UN    ","CR","0,17"]
[39442,"PARAFUSO DRY WALL, EM ACO ZINCADO, CABECA LENTILHA E PONTA AGULHA (LA), LARGURA 4,2 MM, COMPRIMENTO 13 MM","UN    ","CR","0,12"]
[39443,"PARAFUSO DRY WALL, EM ACO ZINCADO, CABECA LENTILHA E PONTA BROCA (LB), LARGURA 4,2 MM, COMPRIMENTO 13 MM","UN    ","CR","0,16"]
[4329,"PARAFUSO EM ACO GALVANIZADO, TIPO MAQUINA, SEXTAVADO, SEM PORCA, DIAMETRO 1/2\", COMPRIMENTO 2\"","UN    ","C ","1,50"]
[4383,"PARAFUSO FRANCES METRICO ZINCADO, DIAMETRO 12 MM, COMPRIMENTO 140MM, COM PORCA SEXTAVADA E ARRUELA DE PRESSAO MEDIA","UN    ","CR","13,56"]
[4344,"PARAFUSO FRANCES METRICO ZINCADO, DIAMETRO 12 MM, COMPRIMENTO 150 MM, COM PORCA SEXTAVADA E ARRUELA DE PRESSAO MEDIA","UN    ","CR","14,21"]
[436,"PARAFUSO FRANCES M16 EM ACO GALVANIZADO, COMPRIMENTO = 150 MM, DIAMETRO = 16 MM, CABECA ABAULADA","UN    ","AS","6,24"]
[442,"PARAFUSO FRANCES M16 EM ACO GALVANIZADO, COMPRIMENTO = 45 MM, DIAMETRO = 16 MM, CABECA ABAULADA","UN    ","AS","3,69"]
[11953,"PARAFUSO FRANCES ZINCADO, DIAMETRO 1/2'', COMPRIMENTO 2'', COM PORCA E ARRUELA","UN    ","CR","2,25"]
[4335,"PARAFUSO FRANCES ZINCADO, DIAMETRO 1/2\", COMPRIMENTO 12\", COM PORCA E ARRUELA LISA MEDIA","UN    ","CR","9,54"]
[4334,"PARAFUSO FRANCES ZINCADO, DIAMETRO 1/2\", COMPRIMENTO 15\", COM PORCA E ARRUELA LISA MEDIA","UN    ","CR","13,09"]
[4343,"PARAFUSO FRANCES ZINCADO, DIAMETRO 1/2\", COMPRIMENTO 4\", COM PORCA E ARRUELA","UN    ","CR","3,22"]
[430,"PARAFUSO M16 EM ACO GALVANIZADO, COMPRIMENTO = 125 MM, DIAMETRO = 16 MM, ROSCA MAQUINA, CABECA QUADRADA","UN    ","AS","5,58"]
[441,"PARAFUSO M16 EM ACO GALVANIZADO, COMPRIMENTO = 150 MM, DIAMETRO = 16 MM, ROSCA MAQUINA, CABECA QUADRADA","UN    ","AS","6,15"]
[431,"PARAFUSO M16 EM ACO GALVANIZADO, COMPRIMENTO = 200 MM, DIAMETRO = 16 MM, ROSCA MAQUINA, CABECA QUADRADA","UN    ","AS","7,42"]
[432,"PARAFUSO M16 EM ACO GALVANIZADO, COMPRIMENTO = 250 MM, DIAMETRO = 16 MM, ROSCA MAQUINA, CABECA QUADRADA","UN    ","AS","8,19"]
[429,"PARAFUSO M16 EM ACO GALVANIZADO, COMPRIMENTO = 300 MM, DIAMETRO = 16 MM, ROSCA DUPLA","UN    ","AS","11,04"]
[439,"PARAFUSO M16 EM ACO GALVANIZADO, COMPRIMENTO = 300 MM, DIAMETRO = 16 MM, ROSCA MAQUINA, CABECA QUADRADA","UN    ","AS","9,41"]
[433,"PARAFUSO M16 EM ACO GALVANIZADO, COMPRIMENTO = 350 MM, DIAMETRO = 16 MM, ROSCA MAQUINA, CABECA QUADRADA","UN    ","AS","10,98"]
[437,"PARAFUSO M16 EM ACO GALVANIZADO, COMPRIMENTO = 400 MM, DIAMETRO = 16 MM, ROSCA DUPLA","UN    ","AS","14,59"]
[11790,"PARAFUSO M16 EM ACO GALVANIZADO, COMPRIMENTO = 450 MM, DIAMETRO = 16 MM, ROSCA MAQUINA, CABECA QUADRADA","UN    ","AS","16,55"]
[428,"PARAFUSO M16 EM ACO GALVANIZADO, COMPRIMENTO = 500 MM, DIAMETRO = 16 MM, ROSCA MAQUINA, COM CABECA SEXTAVADA E PORCA","UN    ","AS","18,00"]
[4384,"PARAFUSO NIQUELADO COM ACABAMENTO CROMADO PARA FIXAR PECA SANITARIA, INCLUI PORCA CEGA, ARRUELA E BUCHA DE NYLON TAMANHO S-10","UN    ","CR","15,58"]
[4351,"PARAFUSO NIQUELADO 3 1/2\" COM ACABAMENTO CROMADO PARA FIXAR PECA SANITARIA, INCLUI PORCA CEGA, ARRUELA E BUCHA DE NYLON TAMANHO S-8","UN    ","CR","11,55"]
[11054,"PARAFUSO ROSCA SOBERBA ZINCADO CABECA CHATA FENDA SIMPLES 3,2 X 20 MM (3/4 \")","UN    ","CR","0,03"]
[11055,"PARAFUSO ROSCA SOBERBA ZINCADO CABECA CHATA FENDA SIMPLES 3,5 X 25 MM (1 \")","UN    ","CR","0,05"]
[11056,"PARAFUSO ROSCA SOBERBA ZINCADO CABECA CHATA FENDA SIMPLES 3,8 X 30 MM (1.1/4 \")","UN    ","CR","0,05"]
[11057,"PARAFUSO ROSCA SOBERBA ZINCADO CABECA CHATA FENDA SIMPLES 4,8 X 40 MM (1.1/2 \")","UN    ","CR","0,11"]
[11059,"PARAFUSO ROSCA SOBERBA ZINCADO CABECA CHATA FENDA SIMPLES 5,5 X 50 MM (2 \")","UN    ","CR","0,22"]
[11058,"PARAFUSO ROSCA SOBERBA ZINCADO CABECA CHATA FENDA SIMPLES 5,5 X 65 MM (2.1/2 \")","UN    ","CR","0,29"]
[4380,"PARAFUSO ZINCADO ROSCA SOBERBA 5/16 \" X 120 MM PARA TELHA FIBROCIMENTO","UN    ","CR","0,98"]
[4299,"PARAFUSO ZINCADO ROSCA SOBERBA, CABECA SEXTAVADA, 5/16 \" X 110 MM, PARA FIXACAO DE TELHA EM MADEIRA","UN    ","C ","0,93"]
[4304,"PARAFUSO ZINCADO ROSCA SOBERBA, CABECA SEXTAVADA, 5/16 \" X 150 MM, PARA FIXACAO DE TELHA EM MADEIRA","UN    ","CR","1,26"]
[4305,"PARAFUSO ZINCADO ROSCA SOBERBA, CABECA SEXTAVADA, 5/16 \" X 180 MM, PARA FIXACAO DE TELHA EM MADEIRA","UN    ","CR","1,47"]
[4306,"PARAFUSO ZINCADO ROSCA SOBERBA, CABECA SEXTAVADA, 5/16 \" X 200 MM, PARA FIXACAO DE TELHA EM MADEIRA","UN    ","CR","1,71"]
[4308,"PARAFUSO ZINCADO ROSCA SOBERBA, CABECA SEXTAVADA, 5/16 \" X 230 MM, PARA FIXACAO DE TELHA EM MADEIRA","UN    ","CR","3,54"]
[4302,"PARAFUSO ZINCADO ROSCA SOBERBA, CABECA SEXTAVADA, 5/16 \" X 250 MM, PARA FIXACAO DE TELHA EM MADEIRA","UN    ","CR","2,65"]
[4300,"PARAFUSO ZINCADO ROSCA SOBERBA, CABECA SEXTAVADA, 5/16 \" X 50 MM, PARA FIXACAO DE TELHA EM MADEIRA","UN    ","CR","0,63"]
[4301,"PARAFUSO ZINCADO ROSCA SOBERBA, CABECA SEXTAVADA, 5/16 \" X 85 MM, PARA FIXACAO DE TELHA EM MADEIRA","UN    ","CR","0,77"]
[4320,"PARAFUSO ZINCADO 5/16 \" X 250 MM PARA FIXACAO DE TELHA DE FIBROCIMENTO CANALETE 49, INCLUI BUCHA NYLON S-10","UN    ","CR","2,34"]
[4318,"PARAFUSO ZINCADO 5/16 \" X 85 MM PARA FIXACAO DE TELHA DE FIBROCIMENTO CANALETE 90, INCLUI BUCHA NYLON S-10","UN    ","CR","1,14"]
[40547,"PARAFUSO ZINCADO, AUTOBROCANTE, FLANGEADO, 4,2 MM X 19 MM","CENTO ","CR","18,93"]
[11962,"PARAFUSO ZINCADO, SEXTAVADO, COM ROSCA INTEIRA, DIAMETRO 1/4\", COMPRIMENTO 1/2\"","UN    ","CR","0,15"]
[4332,"PARAFUSO ZINCADO, SEXTAVADO, COM ROSCA INTEIRA, DIAMETRO 3/8\", COMPRIMENTO 2\"","UN    ","CR","0,75"]
[4331,"PARAFUSO ZINCADO, SEXTAVADO, COM ROSCA INTEIRA, DIAMETRO 5/8\", COMPRIMENTO 2 1/4\"","UN    ","CR","2,84"]
[4336,"PARAFUSO ZINCADO, SEXTAVADO, COM ROSCA INTEIRA, DIAMETRO 5/8\", COMPRIMENTO 3\", COM PORCA E ARRUELA DE PRESSAO MEDIA","UN    ","CR","3,63"]
[13294,"PARAFUSO ZINCADO, SEXTAVADO, COM ROSCA SOBERBA, DIAMETRO 3/8\", COMPRIMENTO 80 MM","UN    ","CR","1,04"]
[11948,"PARAFUSO ZINCADO, SEXTAVADO, COM ROSCA SOBERBA, DIAMETRO 5/16\", COMPRIMENTO 40 MM","UN    ","CR","0,46"]
[4382,"PARAFUSO ZINCADO, SEXTAVADO, COM ROSCA SOBERBA, DIAMETRO 5/16\", COMPRIMENTO 80 MM","UN    ","CR","0,78"]
[4354,"PARAFUSO ZINCADO, SEXTAVADO, GRAU 5, ROSCA INTEIRA, DIAMETRO 1 1/2\", COMPRIMENTO 4\"","UN    ","CR","32,60"]
[40839,"PARAFUSO, ASTM A307 - GRAU A, SEXTAVADO, ZINCADO, DIAMETRO 3/8\" (9,52 MM), COMPRIMENTO 1 \" (25,4 MM)","CENTO ","CR","78,46"]
[40552,"PARAFUSO, AUTO ATARRACHANTE, CABECA CHATA, FENDA SIMPLES, 1/4\u0094 (6,35 MM) X 25 MM","CENTO ","CR","32,46"]
[40549,"PARAFUSO, COMUM, ASTM A307, SEXTAVADO, DIAMETRO 1/2\" (12,7 MM), COMPRIMENTO 1\" (25,4 MM)","CENTO ","CR","128,51"]
[4385,"PARALELEPIPEDO GRANITICO OU BASALTICO, PARA PAVIMENTACAO, SEM FRETE,  *30 A 35* PECAS POR M2","MIL   ","AS","1.500,00"]
[20078,"PASTA LUBRIFICANTE PARA TUBOS E CONEXOES COM JUNTA ELASTICA (USO EM PVC, ACO, POLIETILENO E OUTROS) ( DE *400* G)","UN    ","CR","16,53"]
[20079,"PASTA LUBRIFICANTE PARA TUBOS E CONEXOES COM JUNTA ELASTICA (USO EM PVC, ACO, POLIETILENO E OUTROS) (POTE DE 3.500* G)","UN    ","CR","103,14"]
[39897,"PASTA PARA SOLDA DE TUBOS E CONEXOES DE COBRE (EMBALAGEM COM 250 G)","UN    ","AS","37,28"]
[118,"PASTA VEDA JUNTAS/ROSCA, LATA DE *500* G, PARA INSTALACOES DE GAS E OUTROS","UN    ","CR","62,51"]
[4396,"PASTILHA CERAMICA/PORCELANA, REVEST INT/EXT E  PISCINA, CORES BRANCA OU FRIAS, *2,5 X 2,5* CM","M2    ","AS","154,44"]
[36881,"PASTILHA CERAMICA/PORCELANA, REVEST INT/EXT E  PISCINA, CORES FRIAS *5 X 5* CM","M2    ","AS","138,01"]
[36882,"PASTILHA CERAMICA/PORCELANA, REVEST INT/EXT E  PISCINA, CORES QUENTES *5 X 5* CM","M2    ","AS","161,01"]
[4397,"PASTILHA CERAMICA/PORCELANA, REVEST INT/EXT E  PISCINA, CORES QUENTES, *2,5 X 2,5* CM","M2    ","AS","250,44"]
[34754,"PASTILHA DE VIDRO CRISTAL, NACIONAL, REVEST INT/EXT E PISCINA, TODAS AS CORES, E MAIOR OU IGUAL A 5 MM  *2,0 X 2,0* CM","M2    ","AS","463,73"]
[25962,"PASTILHA DE VIDRO PIGMENTADA *2,0 X 2,0* CM, NACIONAL, PARA REVESTIMENTO INTERNO/EXTERNO E PISCINA, BRANCA OU CORES FRIAS, ESPESSURA MAIOR OU IGUAL A 5 MM","M2    ","AS","293,71"]
[34752,"PASTILHA DE VIDRO PIGMENTADA, NACIONAL, REVEST INT/EXT E PISCINA, CORES QUENTES, ESPESSURA MAIOR OU IGUAL A 5 MM  *2,0 X 2,0* CM","M2    ","AS","517,22"]
[4751,"PASTILHEIRO","H     ","CR","17,83"]
[41066,"PASTILHEIRO (MENSALISTA)","MES   ","CR","3.129,51"]
[39604,"PATCH CORD, CATEGORIA 5 E, EXTENSAO DE 1,50 M","UN    ","CR","9,92"]
[39605,"PATCH CORD, CATEGORIA 5 E, EXTENSAO DE 2,50 M","UN    ","CR","13,77"]
[39606,"PATCH CORD, CATEGORIA 6, EXTENSAO DE 1,50 M","UN    ","CR","17,49"]
[39607,"PATCH CORD, CATEGORIA 6, EXTENSAO DE 2,50 M","UN    ","CR","20,07"]
[39594,"PATCH PANEL, 24 PORTAS, CATEGORIA 5E, COM RACKS DE 19\" E 1 U DE ALTURA","UN    ","C ","190,00"]
[39596,"PATCH PANEL, 24 PORTAS, CATEGORIA 6, COM RACKS DE 19\" E 1 U DE ALTURA","UN    ","CR","331,16"]
[39595,"PATCH PANEL, 48 PORTAS, CATEGORIA 5E, COM RACKS DE 19\" E 2 U DE ALTURA","UN    ","CR","277,98"]
[39597,"PATCH PANEL, 48 PORTAS, CATEGORIA 6, COM RACKS DE 19\" E 2 U DE ALTURA","UN    ","CR","446,58"]
[20209,"PECA DE MADEIRA APARELHADA *7,5 X 7,5* CM (3 X 3 \") MACARANDUBA, ANGELIM OU EQUIVALENTE DA REGIAO","M     ","CR","9,97"]
[4433,"PECA DE MADEIRA NAO APARELHADA *7,5 X 7,5* CM (3 X 3 \") MACARANDUBA, ANGELIM OU EQUIVALENTE DA REGIAO","M     ","CR","7,26"]
[10731,"PEDRA ARDOSIA, CINZA, *40 X 40* CM, E= *1 CM","M2    ","C ","24,67"]
[4704,"PEDRA ARDOSIA, CINZA, 20  X  40 CM,  E=  *1 CM","M2    ","CR","22,26"]
[10730,"PEDRA ARDOSIA, CINZA, 30  X  30,  E= *1 CM","M2    ","CR","23,85"]
[4729,"PEDRA BRITADA GRADUADA, CLASSIFICADA (POSTO PEDREIRA/FORNECEDOR, SEM FRETE)","M3    ","CR","102,18"]
[4720,"PEDRA BRITADA N. 0, OU PEDRISCO (4,8 A 9,5 MM) POSTO PEDREIRA/FORNECEDOR, SEM FRETE","M3    ","CR","111,72"]
[4721,"PEDRA BRITADA N. 1 (9,5 a 19 MM) POSTO PEDREIRA/FORNECEDOR, SEM FRETE","M3    ","CR","87,50"]
[4718,"PEDRA BRITADA N. 2 (19 A 38 MM) POSTO PEDREIRA/FORNECEDOR, SEM FRETE","M3    ","C ","87,50"]
[4722,"PEDRA BRITADA N. 3 (38 A 50 MM) POSTO PEDREIRA/FORNECEDOR, SEM FRETE","M3    ","CR","87,50"]
[4723,"PEDRA BRITADA N. 4 (50 A 76 MM) POSTO PEDREIRA/FORNECEDOR, SEM FRETE","M3    ","CR","95,46"]
[4727,"PEDRA BRITADA N. 5 (76 A 100 MM) POSTO PEDREIRA/FORNECEDOR, SEM FRETE","M3    ","CR","98,11"]
[4748,"PEDRA BRITADA OU BICA CORRIDA, NAO CLASSIFICADA (POSTO PEDREIRA/FORNECEDOR, SEM FRETE)","M3    ","CR","94,66"]
[4730,"PEDRA DE MAO OU PEDRA RACHAO PARA ARRIMO/FUNDACAO (POSTO PEDREIRA/FORNECEDOR, SEM FRETE)","M3    ","CR","91,48"]
[13186,"PEDRA GRANITICA OU BASALTICA IRREGULAR, FAIXA GRANULOMETRICA 100 A 150 MM PARA PAVIMENTACAO OU CALCAMENTO POLIEDRICO, POSTO PEDREIRA / FORNECEDOR (SEM FRETE)","M3    ","AS","89,21"]
[10737,"PEDRA GRANITICA OU BASALTO, CACO, RETALHO, CAVACO, TIPO MIRACEMA, MADEIRA, PADUANA, RACHINHA, SANTA ISABEL OU OUTRAS SIMILARES, E=  *1,0 A *2,0 CM","M2    ","CR","77,52"]
[10734,"PEDRA GRANITICA, SERRADA, TIPO MIRACEMA, MADEIRA, PADUANA, RACHINHA, SANTA ISABEL OU OUTRAS SIMILARES, *11,5 X  *23 CM, E=  *1,0 A *2,0 CM","M2    ","CR","46,11"]
[4708,"PEDRA PORTUGUESA  OU PETIT PAVE, BRANCA OU PRETA","M2    ","CR","89,45"]
[4712,"PEDRA QUARTZITO OU CALCARIO LAMINADO, CACO, TIPO CARIRI, ITACOLOMI, LAGOA SANTA, LUMINARIA, PIRENOPOLIS, SAO TOME OU OUTRAS SIMILARES DA REGIAO, E=  *1,5 A *2,5 CM","M2    ","CR","43,73"]
[4710,"PEDRA QUARTZITO OU CALCARIO LAMINADO, SERRADA, TIPO CARIRI, ITACOLOMI, LAGOA SANTA, LUMINARIA, PIRENOPOLIS, SAO TOME OU OUTRAS SIMILARES DA REGIAO, *20 X *40 CM, E=  *1,5 A *2,5 CM","M2    ","CR","140,24"]
[4746,"PEDREGULHO OU PICARRA DE JAZIDA, AO NATURAL, PARA BASE DE PAVIMENTACAO (RETIRADO NA JAZIDA, SEM TRANSPORTE)","M3    ","CR","84,85"]
[4750,"PEDREIRO","H     ","C ","13,62"]
[41065,"PEDREIRO (MENSALISTA)","MES   ","CR","2.387,47"]
[34747,"PEITORIL EM MARMORE, POLIDO, BRANCO COMUM, L= *15* CM, E=  *2,0* CM, COM PINGADEIRA","M     ","AS","74,15"]
[4826,"PEITORIL EM MARMORE, POLIDO, BRANCO COMUM, L= *15* CM, E=  *3* CM, CORTE RETO","M     ","AS","79,73"]
[41975,"PEITORIL PRE-MOLDADO EM GRANILITE, MARMORITE OU GRANITINA, L = *15* CM","M2    ","AS","71,30"]
[4825,"PEITORIL/ SOLEIRA EM MARMORE, POLIDO, BRANCO COMUM, L= *25* CM, E=  *3* CM, CORTE RETO","M     ","AS","110,36"]
[34744,"PELICULA REFLETIVA, GT 7 ANOS PARA SINALIZACAO VERTICAL","M2    ","AS","27,90"]
[39430,"PENDURAL OU PRESILHA REGULADORA, EM ACO GALVANIZADO, COM CORPO, MOLA E REBITE, PARA PERFIL TIPO CANALETA DE ESTRUTURA EM FORROS DRYWALL","UN    ","CR","1,38"]
[39573,"PENDURAL OU REGULADOR, COM MOLA, EM ACO GALVANIZADO, PARA PERFIL TIPO T CLICADO DE FORROS REMOVIVEL","UN    ","CR","1,36"]
[38410,"PENEIRA ROTATIVA COM MOTOR ELETRICO TRIFASICO DE 2 CV, CILINDRO DE 1 M X 0,60 M, COM FUROS DE 3,17 MM","UN    ","AS","10.018,23"]
[41596,"PERFIL \"H\" DE ACO LAMINADO, \"HP\" 250 X 62,0","KG    ","AS","6,92"]
[41598,"PERFIL \"H\" DE ACO LAMINADO, \"HP\" 310 X 79,0","KG    ","AS","6,92"]
[41594,"PERFIL \"H\" DE ACO LAMINADO, \"W\" 200 X 35,9","KG    ","AS","7,03"]
[43663,"PERFIL \"I\" DE ACO LAMINADO, ABAS INCLINADAS, \"I\" 102 X 12,7","KG    ","AS","5,79"]
[4766,"PERFIL \"I\" DE ACO LAMINADO, ABAS INCLINADAS, \"I\" 152 X 22","KG    ","AS","5,45"]
[43664,"PERFIL \"I\" DE ACO LAMINADO, ABAS INCLINADAS, \"I\" 203 X 34,3","KG    ","AS","5,82"]
[43082,"PERFIL \"I\" DE ACO LAMINADO, ABAS PARALELAS, \"W\", QUALQUER BITOLA","KG    ","AS","6,35"]
[43665,"PERFIL \"U\" DE ACO LAMINADO, \"U\" 102 X 9,3","KG    ","AS","5,45"]
[10966,"PERFIL \"U\" DE ACO LAMINADO, \"U\" 152 X 15,6","KG    ","AS","5,79"]
[43692,"PERFIL \"U\" EM CHAPA ACO DOBRADA, E = 3,04 MM, H = 20 CM, ABAS = 5 CM (4,47 KG/M)","KG    ","AS","5,79"]
[43083,"PERFIL \"U\" ENRIJECIDO DE ACO GALVANIZADO, DOBRADO, 150 X 60 X 20 MM, E = 3,00 MM OU 200 X 75 X 25 MM, E = 3,75 MM","KG    ","AS","5,50"]
[40535,"PERFIL \"U\" SIMPLES DE ACO GALVANIZADO DOBRADO 75 X *40* MM, E = 2,65 MM","KG    ","AS","5,50"]
[39427,"PERFIL CANALETA, FORMATO C, EM ACO ZINCADO, PARA ESTRUTURA FORRO DRYWALL, E = 0,5 MM, *46 X 18* (L X H), COMPRIMENTO 3 M","M     ","CR","3,67"]
[39424,"PERFIL CANTONEIRA L, LISA, EM ACO, 25 X 30 MM, E = 0,5 MM, PARA ESTRUTURA DRYWALL","M     ","CR","2,18"]
[39425,"PERFIL CANTONEIRA L, PERFURADA, EM ACO, 23 X 23 MM, E = 0,5 MM, PARA ESTRUTURA DRYWALL","M     ","CR","2,15"]
[40664,"PERFIL CARTOLA DE ACO GALVANIZADO, *20 X 30 X 10* MM, E =  0,8 MM","KG    ","AS","11,28"]
[34360,"PERFIL DE ALUMINIO ANODIZADO","KG    ","AS","30,33"]
[20259,"PERFIL DE BORRACHA EPDM MACICO *12 X 15* MM PARA ESQUADRIAS","M     ","CR","13,10"]
[14077,"PERFIL ELASTOMERICO PRE-FORMADO EM EPMD, PARA JUNTA DE DILATACAO DE PISOS COM POUCA SOLICITACAO, 15 MM DE LARGURA, MOVIMENTACAO DE *11 A 19* MM","M     ","CR","200,51"]
[3678,"PERFIL ELASTOMERICO PRE-FORMADO EM EPMD, PARA JUNTA DE DILATACAO DE USO GERAL EM MEDIAS SOLICITACOES, 8 MM DE LARGURA, MOVIMENTACAO DE *5 A 11* MM","M     ","CR","90,63"]
[39418,"PERFIL GUIA, FORMATO U, EM ACO ZINCADO, PARA ESTRUTURA PAREDE DRYWALL, E = 0,5 MM, 48  X 3000 MM (L X C)","M     ","CR","4,09"]
[39419,"PERFIL GUIA, FORMATO U, EM ACO ZINCADO, PARA ESTRUTURA PAREDE DRYWALL, E = 0,5 MM, 70 X 3000 MM (L X C)","M     ","CR","4,99"]
[39420,"PERFIL GUIA, FORMATO U, EM ACO ZINCADO, PARA ESTRUTURA PAREDE DRYWALL, E = 0,5 MM, 90 X 3000 MM (L X C)","M     ","CR","5,50"]
[39571,"PERFIL LONGARINA (PRINCIPAL), T CLICADO, EM ACO, BRANCO, PARA FORRO REMOVIVEL, 24 X 3750 MM (L X C)","M     ","CR","3,33"]
[39421,"PERFIL MONTANTE, FORMATO C, EM ACO ZINCADO, PARA ESTRUTURA PAREDE DRYWALL, E = 0,5 MM, 48 X 3000 MM (L X C)","M     ","CR","4,85"]
[39422,"PERFIL MONTANTE, FORMATO C, EM ACO ZINCADO, PARA ESTRUTURA PAREDE DRYWALL, E = 0,5 MM, 70 X 3000 MM (L X C)","M     ","C ","5,66"]
[39423,"PERFIL MONTANTE, FORMATO C, EM ACO ZINCADO, PARA ESTRUTURA PAREDE DRYWALL, E = 0,5 MM, 90 X 3000 MM (L X C)","M     ","CR","6,57"]
[39426,"PERFIL RODAPE DE IMPERMEABILIZACAO, FORMATO L, EM ACO ZINCADO, PARA ESTRUTURA DRYWALL, E = 0,5 MM, 220 X 3000 MM (H X C)","M     ","CR","14,77"]
[39429,"PERFIL TABICA ABERTA, PERFURADA, FORMATO Z, EM ACO GALVANIZADO NATURAL, LARGURA APROXIMADA 40 MM, PARA ESTRUTURA FORRO DRYWALL","M     ","CR","4,66"]
[39428,"PERFIL TABICA FECHADA, LISA, FORMATO Z, EM ACO GALVANIZADO NATURAL, LARGURA TOTAL NA HORIZONTAL *40* MM, PARA ESTRUTURA FORRO DRYWALL","M     ","CR","3,56"]
[39572,"PERFIL TIPO CANTONEIRA EM L, EM ACO GALVANIZADO, BRANCO, PARA FORRO REMOVIVEL, *23* X 3000 MM (L X C)","M     ","CR","3,08"]
[39570,"PERFIL TRAVESSA (SECUNDARIO), T CLICADO, EM ACO GALVANIZADO , BRANCO, PARA FORRO REMOVIVEL, 24 X 1250 MM (L X C)","M     ","CR","3,27"]
[39569,"PERFIL TRAVESSA (SECUNDARIO), T CLICADO, EM ACO GALVANIZADO, BRANCO, PARA FORRO REMOVIVEL, 24 X 625 MM (L X C)","M     ","CR","3,23"]
[11552,"PERFIL U / CANALETA DE ALUMINIO, DE ABAS IGUAIS, 1/2\" (1,27 X 1,27 CM), PARA PORTA OU JANELA DE CORRER","M     ","CR","7,53"]
[40598,"PERFIL UDC (\"U\" DOBRADO DE CHAPA) SIMPLES DE ACO LAMINADO, GALVANIZADO, ASTM A36, 127 X 50 MM, E= 3 MM","KG    ","AS","5,36"]
[39029,"PERFILADO PERFURADO DUPLO 38 X 76 MM, CHAPA 22","M     ","CR","10,43"]
[39028,"PERFILADO PERFURADO SIMPLES 38 X 38 MM, CHAPA 22","M     ","CR","6,07"]
[39328,"PERFILADO PERFURADO 19 X 38 MM, CHAPA 22","M     ","CR","3,34"]
[38541,"PERFURATRIZ COM TORRE METALICA PARA EXECUCAO DE ESTACA HELICE CONTINUA, PROFUNDIDADE MAXIMA DE 30 M, DIAMETRO MAXIMO DE 800 MM, POTENCIA INSTALADA DE 268 HP, MESA ROTATIVA COM TORQUE MAXIMO DE 170 KNM","UN    ","AS","2.306.710,50"]
[38542,"PERFURATRIZ COM TORRE METALICA PARA EXECUCAO DE ESTACA HELICE CONTINUA, PROFUNDIDADE MAXIMA DE 32 M, DIAMETRO MAXIMO DE 1000 MM, POTENCIA INSTALADA DE 350 HP, MESA ROTATIVA COM TORQUE MAXIMO DE 263 KNM","UN    ","AS","3.586.842,08"]
[38543,"PERFURATRIZ HIDRAULICA COM TRADO CURTO ACOPLADO, PROFUNDIDADE MAXIMA DE 20 M, DIAMETRO MAXIMO DE 1500 MM, POTENCIA INSTALADA DE 137 HP, MESA ROTATIVA COM TORQUE MAXIMO DE 30 KNM (INCLUI MONTAGEM, NAO INCLUI CAMINHAO)","UN    ","AS","878.157,91"]
[40406,"PERFURATRIZ MANUAL, TORQUE MAXIMO 55 KGF.M, POTENCIA 5 CV, COM DIAMETRO MAXIMO 8 1/2\" (INCLUI SUPORTE/CHASSI TIPO MESA)","UN    ","AS","51.178,69"]
[40789,"PERFURATRIZ MANUAL, TORQUE MAXIMO 83 N.M, POTENCIA 5 CV, COM DIAMETRO MAXIMO 4\" (NAO INCLUI SUPORTE / CHASSI)","UN    ","AS","7.375,37"]
[40791,"PERFURATRIZ MANUAL, TORQUE MAXIMO 83 N.M, POTENCIA 5 CV, COM DIAMETRO MAXIMO 4\", PARA SOLO GRAMPEADO (INCLUI SUPORTE OU CHASSI TIPO MESA)","UN    ","AS","23.088,13"]
[11651,"PERFURATRIZ PNEUMATICA MANUAL DE PESO MEDIO, 18KG, COMPRIMENTO DE CURSO DE 6 M, DIAMETRO DO PISTAO DE 5,5 CM","UN    ","AS","12.627,22"]
[42002,"PERFURATRIZ ROTATIVA SOBRE ESTEIRA, TORQUE MAXIMO 2500 KGM, POTENCIA 110 HP, MOTOR DIESEL  (COLETADO CAIXA)","UN    ","AS","752.120,60"]
[40435,"PERFURATRIZ SOBRE ESTEIRA, TORQUE MAXIMO DE 600 KGF, POTENCIA ENTRE 50 E 60 HP, DIAMETRO MAXIMO DE 10\"","UN    ","AS","481.750,00"]
[39012,"PERFURATRIZ SOBRE ESTEIRA, TORQUE MAXIMO 600 KGF, PESO MEDIO 1000 KG, POTENCIA 20 HP, DIAMETRO MAXIMO 10\"","UN    ","AS","502.639,52"]
[13617,"PICAPE CABINE SIMPLES COM MOTOR 1.6 FLEX, CAMBIO MANUAL, POTENCIA 101/104 CV, 2 PORTAS","UN    ","CR","52.939,11"]
[5327,"PIGMENTO EM PO PARA ARGAMASSAS, CIMENTOS E OUTROS","KG    ","CR","32,69"]
[35274,"PILAR DE MADEIRA NAO APARELHADA *10 X 10* CM, MACARANDUBA, ANGELIM OU EQUIVALENTE DA REGIAO","M     ","CR","22,32"]
[35275,"PILAR DE MADEIRA NAO APARELHADA *15 X 15* CM, MACARANDUBA, ANGELIM OU EQUIVALENTE DA REGIAO","M     ","CR","47,68"]
[35276,"PILAR DE MADEIRA NAO APARELHADA *20 X 20* CM, MACARANDUBA, ANGELIM OU EQUIVALENTE DA REGIAO","M     ","CR","77,96"]
[38386,"PINCEL CHATO (TRINCHA) CERDAS GRIS 1.1/2 \" (38 MM)","UN    ","CR","3,23"]
[11091,"PINGADEIRA PLASTICA PARA TELHA DE FIBROCIMENTO CANALETE 49/KALHETA OU CANALETE 90/KALHETAO","UN    ","CR","1,13"]
[37586,"PINO DE ACO COM ARRUELA CONICA, DIAMETRO ARRUELA = *23* MM E COMP HASTE = *27* MM (ACAO INDIRETA)","CENTO ","AS","39,70"]
[37395,"PINO DE ACO COM FURO, HASTE = 27 MM (ACAO DIRETA)","CENTO ","AS","34,13"]
[14147,"PINO DE ACO COM ROSCA 1/4 \", COMPRIMENTO DA HASTE = 30 MM E ROSCA = 20 MM (ACAO DIRETA)","CENTO ","AS","45,28"]
[37396,"PINO DE ACO LISO 1/4 \", HASTE = *36,5* MM (ACAO DIRETA)","CENTO ","AS","27,93"]
[37397,"PINO DE ACO LISO 1/4 \", HASTE = *53* MM (ACAO DIRETA)","CENTO ","AS","29,26"]
[444,"PINO ROSCA EXTERNA, EM ACO GALVANIZADO, PARA ISOLADOR DE 15KV, DIAMETRO 25 MM, COMPRIMENTO *290* MM","UN    ","AS","18,64"]
[445,"PINO ROSCA EXTERNA, EM ACO GALVANIZADO, PARA ISOLADOR DE 25KV, DIAMETRO 35MM, COMPRIMENTO *320* MM","UN    ","AS","25,51"]
[4783,"PINTOR","H     ","C ","14,39"]
[41079,"PINTOR (MENSALISTA)","MES   ","CR","2.523,25"]
[12874,"PINTOR DE LETREIROS","H     ","CR","18,63"]
[41082,"PINTOR DE LETREIROS (MENSALISTA)","MES   ","CR","3.269,17"]
[4785,"PINTOR PARA TINTA EPOXI","H     ","CR","15,47"]
[41081,"PINTOR PARA TINTA EPOXI (MENSALISTA)","MES   ","CR","2.714,01"]
[4801,"PISO DE BORRACHA CANELADO EM PLACAS 50 X 50 CM, E = *3,5* MM, PARA COLA","M2    ","CR","59,13"]
[4794,"PISO DE BORRACHA ESPORTIVO EM PLACAS 50 X 50 CM, E = 15 MM, PARA ARGAMASSA, PRETO","M2    ","CR","269,30"]
[4796,"PISO DE BORRACHA FRISADO OU PASTILHADO, PRETO, EM PLACAS 50 X 50 CM, E = 7 MM, PARA ARGAMASSA","M2    ","CR","163,57"]
[4800,"PISO DE BORRACHA PASTILHADO EM PLACAS 50 X 50 CM, E = *3,5* MM, PARA COLA, PRETO","M2    ","CR","44,98"]
[4795,"PISO DE BORRACHA PASTILHADO EM PLACAS 50 X 50 CM, E = 15 MM, PARA ARGAMASSA, PRETO","M2    ","CR","262,15"]
[39694,"PISO ELEVADO COM 2 PLACAS DE ACO COM ENCHIMENTO DE CONCRETO CELULAR, INCLUSO BASE/HASTE/CRUZETAS, 60 X 60 CM, H = *28* CM, RESISTENCIA CARGA CONCENTRADA 496 KG (COM COLOCACAO)","M2    ","CR","398,16"]
[1292,"PISO EM CERAMICA ESMALTADA EXTRA, PEI MAIOR OU IGUAL A 4, FORMATO MAIOR QUE 2025 CM2","M2    ","CR","43,72"]
[1287,"PISO EM CERAMICA ESMALTADA EXTRA, PEI MAIOR OU IGUAL A 4, FORMATO MENOR OU IGUAL A 2025 CM2","M2    ","C ","21,45"]
[1297,"PISO EM CERAMICA ESMALTADA, COMERCIAL (PADRAO POPULAR), PEI MAIOR OU IGUAL A 3, FORMATO MENOR OU IGUAL A  2025 CM2","M2    ","CR","17,79"]
[4786,"PISO EM GRANILITE, MARMORITE OU GRANITINA, AGREGADO COR PRETO, CINZA, PALHA OU BRANCO, E=  *8* MM (INCLUSO EXECUCAO)","M2    ","AS","82,00"]
[10840,"PISO EM GRANITO, POLIDO, TIPO AMENDOA/ AMARELO CAPRI/ AMARELO DOURADO CARIOCA OU OUTROS EQUIVALENTES DA REGIAO, FORMATO MENOR OU IGUAL A 3025 CM2, E=  *2* CM","M2    ","AS","360,00"]
[10841,"PISO EM GRANITO, POLIDO, TIPO ANDORINHA/ QUARTZ/ CASTELO/ CORUMBA OU OUTROS EQUIVALENTES DA REGIAO, FORMATO MENOR OU IGUAL A 3025 CM2, E=  *2* CM","M2    ","AS","271,69"]
[25980,"PISO EM GRANITO, POLIDO, TIPO MARFIM, DALLAS, CARAVELAS OU OUTROS EQUIVALENTES DA REGIAO, FORMATO MENOR OU IGUAL A 3025 CM2, E=  *2* CM","M2    ","AS","347,16"]
[10842,"PISO EM GRANITO, POLIDO, TIPO PRETO SAO GABRIEL/ TIJUCA OU OUTROS EQUIVALENTES DA REGIAO, FORMATO MENOR OU IGUAL A 3025 CM2, E=  *2* CM","M2    ","AS","392,45"]
[21108,"PISO EM PORCELANATO RETIFICADO EXTRA, FORMATO MENOR OU IGUAL A 2025 CM2","M2    ","CR","58,28"]
[38180,"PISO EM REGUA VINILICA SEMIFLEXIVEL, ENCAIXE CLICADO, E = 4 MM (SEM COLOCACAO)","M2    ","CR","131,69"]
[40648,"PISO EPOXI AUTONIVELANTE, ESPESSURA *4* MM (INCLUSO EXECUCAO)","M2    ","AS","157,44"]
[40649,"PISO EPOXI MULTILAYER, ESPESSURA *2* MM (INCLUSO EXECUCAO)","M2    ","AS","91,70"]
[40650,"PISO FULGET (GRANITO LAVADO) EM PLACAS DE *40 X 40* CM (SEM COLOCACAO)","M2    ","AS","118,08"]
[40651,"PISO FULGET (GRANITO LAVADO) EM PLACAS DE *75 X 75* CM (SEM COLOCACAO)","M2    ","AS","217,79"]
[40652,"PISO FULGET (GRANITO LAVADO) MOLDADO IN LOCO (INCLUSO EXECUCAO)","M2    ","AS","116,76"]
[40647,"PISO INDUSTRIAL EM CONCRETO ARMADO DE ACABAMENTO POLIDO, ESPESSURA 12 CM (CIMENTO QUEIMADO) (INCLUSO EXECUCAO)","M2    ","AS","128,57"]
[40653,"PISO KORODUR (INCLUSO EXECUCAO)","M2    ","AS","98,40"]
[36178,"PISO PODOTATIL DE CONCRETO - DIRECIONAL E ALERTA, *40 X 40 X 2,5* CM","UN    ","CR","6,28"]
[38195,"PISO PORCELANATO, BORDA RETA, EXTRA, FORMATO MAIOR QUE 2025 CM2","M2    ","CR","68,83"]
[38181,"PISO TATIL ALERTA OU DIRECIONAL, DE BORRACHA, COLORIDO, 25 X 25 CM, E = 5 MM, PARA COLA","M2    ","CR","179,78"]
[38182,"PISO TATIL DE ALERTA OU DIRECIONAL DE BORRACHA, PRETO, 25 X 25 CM, E = 5 MM, PARA COLA","M2    ","CR","171,25"]
[38186,"PISO TATIL DE ALERTA OU DIRECIONAL, DE BORRACHA, COLORIDO, 25 X 25 CM, E = 12 MM, PARA ARGAMASSA","M2    ","CR","445,14"]
[38185,"PISO TATIL DE ALERTA OU DIRECIONAL, DE BORRACHA, PRETO, 25 X 25 CM, E = 12 MM, PARA ARGAMASSA","M2    ","CR","396,33"]
[40654,"PISO URETANO, VERSAO REVESTIMENTO AUTONIVELANTE, ESPESSURA VARIÁVEL DE 3 A 4 MM (INCLUSO EXECUCAO)","M2    ","AS","152,84"]
[25981,"PISO/ REVESTIMENTO EM GRANITO, POLIDO, TIPO ANDORINHA/ QUARTZ/ CASTELO/ CORUMBA OU OUTROS EQUIVALENTES DA REGIAO, FORMATO MAIOR OU IGUAL A 3025 CM2, E = *2* CM","M2    ","AS","286,79"]
[4822,"PISO/ REVESTIMENTO EM MARMORE, POLIDO, BRANCO COMUM, FORMATO MAIOR OU IGUAL A 3025 CM2, E = *2* CM","M2    ","AS","305,49"]
[4818,"PISO/ REVESTIMENTO EM MARMORE, POLIDO, BRANCO COMUM, FORMATO MENOR OU IGUAL A 3025 CM2, E = *2* CM","M2    ","AS","314,00"]
[39567,"PLACA / CHAPA DE GESSO ACARTONADO, ACABAMENTO VINILICO LISO EM UMA DAS FACES, COR BRANCA, BORDA QUADRADA, E = 9,5 MM, 625 X 1250 MM (L X C), PARA FORRO REMOVIVEL","M2    ","CR","30,76"]
[39566,"PLACA / CHAPA DE GESSO ACARTONADO, ACABAMENTO VINILICO LISO EM UMA DAS FACES, COR BRANCA, BORDA QUADRADA, E = 9,5 MM, 625 X 625 MM (L X C), PARA FORRO REMOVIVEL","M2    ","CR","35,53"]
[11062,"PLACA CIMENTICIA LISA E = 10 MM, DE 1,20 X 3,00 M (SEM AMIANTO)","M2    ","CR","68,71"]
[11063,"PLACA CIMENTICIA LISA E = 6 MM, DE 1,20 X 3,00 M (SEM AMIANTO)","M2    ","CR","66,52"]
[13521,"PLACA DE ACO ESMALTADA PARA  IDENTIFICACAO DE RUA, *45 CM X 20* CM","UN    ","AS","99,00"]
[10851,"PLACA DE ACRILICO TRANSPARENTE ADESIVADA PARA SINALIZACAO DE PORTAS, BORDA POLIDA, DE *25 X 8*, E = 6 MM (NAO INCLUI ACESSORIOS PARA FIXACAO)","UN    ","CR","51,38"]
[39515,"PLACA DE FIBRA MINERAL PARA FORRO, DE 1250 X 625 MM, E = 15 MM, BORDA RETA, COM PINTURA ANTIMOFO (NAO INCLUI PERFIS)","UN    ","CR","48,40"]
[39516,"PLACA DE FIBRA MINERAL PARA FORRO, DE 625 X 625 MM, E = 15 MM, BORDA REBAIXADA PARA PERFIL 24 MM, COM PINTURA ANTIMOFO (NAO INCLUI PERFIS)","UN    ","CR","40,81"]
[39514,"PLACA DE FIBRA MINERAL PARA FORRO, DE 625 X 625 MM, E = 15 MM, BORDA RETA, COM PINTURA ANTIMOFO (NAO INCLUI PERFIS)","UN    ","C ","25,39"]
[4812,"PLACA DE GESSO PARA FORRO, DE  *60 X 60* CM E ESPESSURA DE 12 MM (30 MM NAS BORDAS) SEM COLOCACAO","M2    ","C ","8,50"]
[10849,"PLACA DE INAUGURACAO EM BRONZE *35X 50*CM","UN    ","AS","1.440,01"]
[10848,"PLACA DE INAUGURACAO METALICA, *40* CM X *60* CM","UN    ","AS","904,50"]
[4813,"PLACA DE OBRA (PARA CONSTRUCAO CIVIL) EM CHAPA GALVANIZADA *N. 22*, ADESIVADA, DE *2,0 X 1,125* M","M2    ","AS","300,00"]
[37560,"PLACA DE SINALIZACAO DE SEGURANCA CONTRA INCENDIO - ALERTA, TRIANGULAR, BASE DE *30* CM, EM PVC *2* MM ANTI-CHAMAS (SIMBOLOS, CORES E PICTOGRAMAS CONFORME NBR 13434)","UN    ","CR","49,21"]
[37557,"PLACA DE SINALIZACAO DE SEGURANCA CONTRA INCENDIO, FOTOLUMINESCENTE, QUADRADA, *14 X 14* CM, EM PVC *2* MM ANTI-CHAMAS (SIMBOLOS, CORES E PICTOGRAMAS CONFORME NBR 13434)","UN    ","CR","14,94"]
[37556,"PLACA DE SINALIZACAO DE SEGURANCA CONTRA INCENDIO, FOTOLUMINESCENTE, QUADRADA, *20 X 20* CM, EM PVC *2* MM ANTI-CHAMAS (SIMBOLOS, CORES E PICTOGRAMAS CONFORME NBR 13434)","UN    ","CR","28,91"]
[37559,"PLACA DE SINALIZACAO DE SEGURANCA CONTRA INCENDIO, FOTOLUMINESCENTE, RETANGULAR, *12 X 40* CM, EM PVC *2* MM ANTI-CHAMAS (SIMBOLOS, CORES E PICTOGRAMAS CONFORME NBR 13434)","UN    ","CR","35,47"]
[37539,"PLACA DE SINALIZACAO DE SEGURANCA CONTRA INCENDIO, FOTOLUMINESCENTE, RETANGULAR, *13 X 26* CM, EM PVC *2* MM ANTI-CHAMAS (SIMBOLOS, CORES E PICTOGRAMAS CONFORME NBR 13434)","UN    ","C ","25,00"]
[37558,"PLACA DE SINALIZACAO DE SEGURANCA CONTRA INCENDIO, FOTOLUMINESCENTE, RETANGULAR, *20 X 40* CM, EM PVC *2* MM ANTI-CHAMAS (SIMBOLOS, CORES E PICTOGRAMAS CONFORME NBR 13434)","UN    ","CR","46,61"]
[34723,"PLACA DE SINALIZACAO EM CHAPA DE ACO NUM 16 COM PINTURA REFLETIVA","M2    ","AS","693,00"]
[34721,"PLACA DE SINALIZACAO EM CHAPA DE ALUMINIO COM PINTURA REFLETIVA, E = 2 MM","M2    ","AS","864,00"]
[4309,"PLACA DE VENTILACAO PARA TELHA DE FIBROCIMENTO CANALETE 49 KALHETA","UN    ","CR","5,09"]
[4307,"PLACA DE VENTILACAO PARA TELHA DE FIBROCIMENTO, CANALETE 90 OU KALHETAO","UN    ","CR","8,70"]
[10850,"PLACA NUMERACAO RESIDENCIAL EM CHAPA GALVANIZADA ESMALTADA 12 X 18 CM","UN    ","AS","45,00"]
[42438,"PLACA ORIENTATIVA SOBRE EXERCÍCIOS, 2,00M X 1,00M, EM TUBO DE ACO CARBONO, PINTURA NO PROCESSO ELETROSTATICO - PARA ACADEMIA AO AR LIVRE / ACADEMIA DA TERCEIRA IDADE - ATI","UN    ","AS","1.163,67"]
[4792,"PLACA VINILICA SEMIFLEXIVEL PARA PISOS, E = 3,2 MM, 30 X 30 CM (SEM COLOCACAO)","M2    ","CR","126,42"]
[4790,"PLACA VINILICA SEMIFLEXIVEL PARA REVESTIMENTO DE PISOS E PAREDES, E = 2 MM (SEM COLOCACAO)","M2    ","C ","76,01"]
[40671,"PLACA/PISO DE CONCRETO POROSO/ PAVIMENTO PERMEAVEL/BLOCO DRENANTE DE CONCRETO, 40 CM X 40 CM, E = 6 CM, COR NATURAL","M2    ","CR","41,26"]
[7552,"PLACA/TAMPA CEGA EM LATAO ESCOVADO PARA CONDULETE EM LIGA DE ALUMINIO 4 X 4\"","UN    ","AS","20,25"]
[4893,"PLUG OU BUJAO DE FERRO GALVANIZADO, DE 1 1/2\"","UN    ","AS","8,47"]
[4894,"PLUG OU BUJAO DE FERRO GALVANIZADO, DE 1 1/4\"","UN    ","AS","7,26"]
[4888,"PLUG OU BUJAO DE FERRO GALVANIZADO, DE 1/2\"","UN    ","AS","2,47"]
[4890,"PLUG OU BUJAO DE FERRO GALVANIZADO, DE 1\"","UN    ","AS","4,65"]
[12411,"PLUG OU BUJAO DE FERRO GALVANIZADO, DE 2 1/2\"","UN    ","AS","25,04"]
[4891,"PLUG OU BUJAO DE FERRO GALVANIZADO, DE 2\"","UN    ","AS","12,52"]
[4889,"PLUG OU BUJAO DE FERRO GALVANIZADO, DE 3/4\"","UN    ","AS","3,34"]
[4892,"PLUG OU BUJAO DE FERRO GALVANIZADO, DE 3\"","UN    ","AS","35,06"]
[12412,"PLUG OU BUJAO DE FERRO GALVANIZADO, DE 4\"","UN    ","AS","65,16"]
[11073,"PLUG PVC P/ ESG PREDIAL  75MM","UN    ","CR","3,41"]
[11071,"PLUG PVC P/ ESG PREDIAL 100MM","UN    ","CR","5,53"]
[11072,"PLUG PVC P/ ESG PREDIAL 50MM","UN    ","CR","1,93"]
[4895,"PLUG PVC ROSCAVEL,  1/2\",  AGUA FRIA PREDIAL (NBR 5648)","UN    ","CR","0,37"]
[4907,"PLUG PVC,  JE, DN 100 MM, PARA REDE COLETORA ESGOTO (NBR 10569)","UN    ","AS","17,10"]
[4902,"PLUG PVC, JE, DN 150 MM, PARA REDE COLETORA ESGOTO (NBR 10569)","UN    ","AS","38,72"]
[4908,"PLUG PVC, JE, DN 200 MM, PARA REDE COLETORA ESGOTO (NBR 10569)","UN    ","AS","78,62"]
[4909,"PLUG PVC, JE, DN 250 MM, PARA REDE COLETORA ESGOTO (NBR 10569)","UN    ","AS","151,85"]
[4903,"PLUG PVC, JE, DN 350 MM, PARA REDE COLETORA ESGOTO (NBR 10569)","UN    ","AS","446,49"]
[4897,"PLUG PVC, ROSCAVEL 1\", PARA AGUA FRIA PREDIAL","UN    ","CR","1,55"]
[4896,"PLUG PVC, ROSCAVEL 3/4\", PARA  AGUA FRIA PREDIAL","UN    ","CR","0,55"]
[4900,"PLUG PVC, ROSCAVEL, 1 1/2\",  AGUA FRIA PREDIAL","UN    ","CR","4,63"]
[4898,"PLUG PVC, ROSCAVEL, 1 1/4\",  AGUA FRIA PREDIAL","UN    ","CR","1,73"]
[4899,"PLUG PVC, ROSCAVEL, 2\",  AGUA FRIA PREDIAL","UN    ","CR","6,36"]
[11096,"PO DE MARMORE (POSTO PEDREIRA/FORNECEDOR, SEM FRETE)","KG    ","CR","0,45"]
[4741,"PO DE PEDRA (POSTO PEDREIRA/FORNECEDOR, SEM FRETE)","M3    ","CR","83,53"]
[4752,"POCEIRO / ESCAVADOR DE VALAS E TUBULOES","H     ","CR","11,94"]
[41091,"POCEIRO / ESCAVADOR DE VALAS E TUBULOES (MENSALISTA)","MES   ","CR","2.096,72"]
[13954,"POLIDORA DE PISO (POLITRIZ) ELETRICA, MOTOR MONOFASICO DE 4 HP, PESO DE 100 KG, DIAMETRO DO TRABALHO DE 450 MM","UN    ","AS","6.387,96"]
[3411,"POLIESTIRENO EXPANDIDO/EPS (ISOPOR), PEROLAS, PARA CONCRETO LEVE","KG    ","AS","38,66"]
[39995,"POLIESTIRENO EXPANDIDO/EPS (ISOPOR), TIPO 2F, BLOCO","M3    ","AS","297,42"]
[11615,"POLIESTIRENO EXPANDIDO/EPS (ISOPOR), TIPO 2F, PLACA, ISOLAMENTO TERMOACUSTICO, E = 10 MM, 1000 X 500 MM","M2    ","AS","2,52"]
[3408,"POLIESTIRENO EXPANDIDO/EPS (ISOPOR), TIPO 2F, PLACA, ISOLAMENTO TERMOACUSTICO, E = 20 MM, 1000 X 500 MM","M2    ","AS","6,70"]
[3409,"POLIESTIRENO EXPANDIDO/EPS (ISOPOR), TIPO 2F, PLACA, ISOLAMENTO TERMOACUSTICO, E = 50 MM, 1000 X 500 MM","M2    ","AS","16,75"]
[11427,"POLVORA NEGRA","KG    ","AS","76,66"]
[4491,"PONTALETE DE MADEIRA NAO APARELHADA *7,5 X 7,5* CM (3 X 3 \") PINUS, MISTA OU EQUIVALENTE DA REGIAO","M     ","CR","8,34"]
[26022,"PONTEIRO PARA MARTELO ROMPEDOR, DIAMETRO = *28* MM, COMPRIMENTO = *520* MM, ENCAIXE SEXTAVADO","UN    ","CR","121,56"]
[421,"PORCA OLHAL EM ACO GALVANIZADO, DIAMETRO NOMINAL DE 16 MM","UN    ","AS","10,87"]
[12362,"PORCA OLHAL EM ACO GALVANIZADO, ESPESSURA 16MM, ABERTURA 21MM","UN    ","AS","10,12"]
[14148,"PORCA UNIAO/JUNCAO ZINCADA SEXTAVADA 1/4 \", CHAVE 7/16 \", COMPRIMENTO = 25 MM","UN    ","AS","0,77"]
[4341,"PORCA ZINCADA, QUADRADA, DIAMETRO 3/8\"","UN    ","CR","0,70"]
[4337,"PORCA ZINCADA, QUADRADA, DIAMETRO 5/8\"","UN    ","CR","1,77"]
[4339,"PORCA ZINCADA, SEXTAVADA, DIAMETRO 1/2\"","UN    ","CR","0,37"]
[39997,"PORCA ZINCADA, SEXTAVADA, DIAMETRO 1/4\"","UN    ","CR","0,21"]
[11971,"PORCA ZINCADA, SEXTAVADA, DIAMETRO 1\"","UN    ","CR","2,93"]
[4342,"PORCA ZINCADA, SEXTAVADA, DIAMETRO 3/8\"","UN    ","CR","0,15"]
[4330,"PORCA ZINCADA, SEXTAVADA, DIAMETRO 5/16\"","UN    ","CR","0,10"]
[4340,"PORCA ZINCADA, SEXTAVADA, DIAMETRO 5/8\"","UN    ","CR","0,82"]
[5088,"PORTA CADEADO,  3 1/2\", EM ACO ZINCADO, PRETO, PARA PORTAO E JANELA","UN    ","CR","2,21"]
[11154,"PORTA CORTA-FOGO PARA SAIDA DE EMERGENCIA, COM FECHADURA, VAO LUZ DE 90 X 210 CM, CLASSE P-90 (NBR 11742)","UN    ","CR","603,94"]
[39021,"PORTA DE ABRIR EM ACO COM DIVISAO HORIZONTAL  PARA VIDROS, COM FUNDO ANTICORROSIVO/PRIMER DE PROTECAO, SEM GUARNICAO/ALIZAR/VISTA, VIDROS NAO INCLUSOS, 87 X 210 CM","UN    ","CR","271,65"]
[39022,"PORTA DE ABRIR EM ACO TIPO VENEZIANA, COM FUNDO ANTICORROSIVO / PRIMER DE PROTECAO, SEM GUARNICAO/ALIZAR/VISTA, 87 X 210 CM","UN    ","C ","335,95"]
[39024,"PORTA DE ABRIR EM ALUMINIO COM DIVISAO HORIZONTAL  PARA VIDROS,  ACABAMENTO ANODIZADO NATURAL, VIDROS INCLUSOS, SEM GUARNICAO/ALIZAR/VISTA , 87 X 210 CM","UN    ","CR","451,28"]
[4914,"PORTA DE ABRIR EM ALUMINIO COM LAMBRI HORIZONTAL/LAMINADA, ACABAMENTO ANODIZADO NATURAL, SEM GUARNICAO/ALIZAR/VISTA","M2    ","CR","365,91"]
[4917,"PORTA DE ABRIR EM ALUMINIO TIPO VENEZIANA, ACABAMENTO ANODIZADO NATURAL, SEM GUARNICAO/ALIZAR/VISTA","M2    ","C ","252,70"]
[39025,"PORTA DE ABRIR EM ALUMINIO TIPO VENEZIANA, ACABAMENTO ANODIZADO NATURAL, SEM GUARNICAO/ALIZAR/VISTA, 87 X 210 CM","UN    ","CR","462,74"]
[4930,"PORTA DE ABRIR EM GRADIL COM BARRA CHATA 3 CM X 1/4\", COM REQUADRO E GUARNICAO - COMPLETO - ACABAMENTO NATURAL","M2    ","CR","291,94"]
[4922,"PORTA DE CORRER EM ALUMINIO, DUAS FOLHAS MOVEIS COM VIDRO, FECHADURA E PUXADOR EMBUTIDO, ACABAMENTO ANODIZADO NATURAL, SEM GUARNICAO/ALIZAR/VISTA","M2    ","CR","234,40"]
[4911,"PORTA DE ENROLAR MANUAL COMPLETA, ARTICULADA RAIADA LARGA, EM ACO GALVANIZADO NATURAL, CHAPA NUMERO 24 (SEM INSTALACAO)","M2    ","CR","242,20"]
[37518,"PORTA DE ENROLAR MANUAL COMPLETA, PERFIL MEIA CANA CEGA, EM ACO GALVANIZADO COM PINTURA ELETROSTATICA, CHAPA NUMERO 24 \" (SEM INSTALACAO)","M2    ","CR","393,57"]
[4910,"PORTA DE ENROLAR MANUAL COMPLETA, PERFIL MEIA CANA CEGA, EM ACO GALVANIZADO NATURAL, CHAPA NUMERO 24 (SEM INSTALACAO)","M2    ","CR","331,78"]
[4943,"PORTA DE ENROLAR MANUAL COMPLETA, PERFIL MEIA CANA VAZADA TIJOLINHO, EM ACO GALVANIZADO NATURAL, CHAPA NUMERO 24 (SEM INSTALACAO)","M2    ","CR","494,28"]
[5002,"PORTA DE MADEIRA QUADRICULADA PARA VIDRO, DE CORRER (EUCALIPTO OU EQUIVALENTE REGIONAL), E = *3,5* CM","M2    ","CR","220,89"]
[4977,"PORTA DE MADEIRA TIPO VENEZIANA (EUCALIPTO OU EQUIVALENTE REGIONAL), E = *3,5* CM","M2    ","CR","149,11"]
[5028,"PORTA DE MADEIRA-DE-LEI QUADRICULADA PARA VIDRO, DE CORRER (ANGELIM OU EQUIVALENTE REGIONAL), E = *3,5* CM","M2    ","CR","364,85"]
[4998,"PORTA DE MADEIRA-DE-LEI TIPO MEXICANA SEM EMENDA (ANGELIM OU EQUIVALENTE REGIONAL), E = *3,5* CM","M2    ","CR","303,02"]
[4969,"PORTA DE MADEIRA-DE-LEI TIPO VENEZIANA (ANGELIM OU EQUIVALENTE REGIONAL), E = *3,5* CM","M2    ","C ","210,89"]
[11364,"PORTA DE MADEIRA, FOLHA LEVE (NBR 15930) DE 60 X 210 CM, E = *35* MM, NUCLEO COLMEIA, CAPA LISA EM HDF, ACABAMENTO EM PRIMER PARA PINTURA","UN    ","CR","93,03"]
[11365,"PORTA DE MADEIRA, FOLHA LEVE (NBR 15930) DE 70 X 210 CM, E = *35* MM, NUCLEO COLMEIA, CAPA LISA EM HDF, ACABAMENTO EM PRIMER PARA PINTURA","UN    ","CR","100,19"]
[11366,"PORTA DE MADEIRA, FOLHA LEVE (NBR 15930) DE 80 X 210 CM, E = *35* MM, NUCLEO COLMEIA, CAPA LISA EM HDF, ACABAMENTO EM PRIMER PARA PINTURA","UN    ","CR","106,03"]
[4989,"PORTA DE MADEIRA, FOLHA MEDIA (NBR 15930) DE 100 X 210 CM, E = 35 MM, NUCLEO SARRAFEADO, CAPA LISA EM HDF, ACABAMENTO EM LAMINADO NATURAL PARA VERNIZ","UN    ","CR","211,94"]
[4982,"PORTA DE MADEIRA, FOLHA MEDIA (NBR 15930) DE 100 X 210 CM, E = 35 MM, NUCLEO SARRAFEADO, CAPA LISA EM HDF, ACABAMENTO EM PRIMER PARA PINTURA","UN    ","CR","184,00"]
[20322,"PORTA DE MADEIRA, FOLHA MEDIA (NBR 15930) DE 60 X 210 CM, E = 35 MM, NUCLEO SARRAFEADO, CAPA FRISADA EM HDF, ACABAMENTO MELAMINICO EM PADRAO MADEIRA","UN    ","CR","162,17"]
[10553,"PORTA DE MADEIRA, FOLHA MEDIA (NBR 15930) DE 60 X 210 CM, E = 35 MM, NUCLEO SARRAFEADO, CAPA LISA EM HDF, ACABAMENTO EM PRIMER PARA PINTURA","UN    ","CR","172,90"]
[5020,"PORTA DE MADEIRA, FOLHA MEDIA (NBR 15930) DE 60 X 210 CM, E = 35 MM, NUCLEO SARRAFEADO, CAPA LISA EM HDF, ACABAMENTO LAMINADO NATURAL PARA VERNIZ","UN    ","CR","179,26"]
[4962,"PORTA DE MADEIRA, FOLHA MEDIA (NBR 15930) DE 70 X 210 CM, E = 35 MM, NUCLEO SARRAFEADO, CAPA FRISADA EM HDF, ACABAMENTO MELAMINICO EM PADRAO MADEIRA","UN    ","CR","174,64"]
[4981,"PORTA DE MADEIRA, FOLHA MEDIA (NBR 15930) DE 70 X 210 CM, E = 35 MM, NUCLEO SARRAFEADO, CAPA LISA EM HDF, ACABAMENTO EM LAMINADO NATURAL PARA VERNIZ","UN    ","C ","123,50"]
[10554,"PORTA DE MADEIRA, FOLHA MEDIA (NBR 15930) DE 70 X 210 CM, E = 35 MM, NUCLEO SARRAFEADO, CAPA LISA EM HDF, ACABAMENTO EM PRIMER PARA PINTURA","UN    ","CR","193,23"]
[4964,"PORTA DE MADEIRA, FOLHA MEDIA (NBR 15930) DE 80 X 210 CM, E = 35 MM, NUCLEO SARRAFEADO, CAPA FRISADA EM HDF, ACABAMENTO MELAMINICO EM PADRAO MADEIRA","UN    ","CR","212,07"]
[4992,"PORTA DE MADEIRA, FOLHA MEDIA (NBR 15930) DE 80 X 210 CM, E = 35 MM, NUCLEO SARRAFEADO, CAPA LISA EM HDF, ACABAMENTO EM LAMINADO NATURAL PARA VERNIZ","UN    ","CR","210,32"]
[10555,"PORTA DE MADEIRA, FOLHA MEDIA (NBR 15930) DE 80 X 210 CM, E = 35 MM, NUCLEO SARRAFEADO, CAPA LISA EM HDF, ACABAMENTO EM PRIMER PARA PINTURA","UN    ","CR","186,49"]
[4987,"PORTA DE MADEIRA, FOLHA MEDIA (NBR 15930) DE 90 X 210 CM, E = 35 MM, NUCLEO SARRAFEADO, CAPA LISA EM HDF, ACABAMENTO EM LAMINADO NATURAL PARA VERNIZ","UN    ","CR","193,23"]
[10556,"PORTA DE MADEIRA, FOLHA MEDIA (NBR 15930) DE 90 X 210 CM, E = 35 MM, NUCLEO SARRAFEADO, CAPA LISA EM HDF, ACABAMENTO EM PRIMER PARA PINTURA","UN    ","CR","198,12"]
[39502,"PORTA DE MADEIRA, FOLHA PESADA (NBR 15930) DE 80 X 210 CM, E = 35 MM, NUCLEO SOLIDO, CAPA LISA EM HDF, ACABAMENTO EM LAMINADO NATURAL PARA VERNIZ","UN    ","CR","274,44"]
[39504,"PORTA DE MADEIRA, FOLHA PESADA (NBR 15930) DE 80 X 210 CM, E = 35 MM, NUCLEO SOLIDO, CAPA LISA EM HDF, ACABAMENTO EM PRIMER PARA PINTURA","UN    ","CR","194,60"]
[39503,"PORTA DE MADEIRA, FOLHA PESADA (NBR 15930) DE 90 X 210 CM, E = 35 MM, NUCLEO SOLIDO, CAPA LISA EM HDF, ACABAMENTO EM LAMINADO NATURAL PARA VERNIZ","UN    ","CR","298,14"]
[39505,"PORTA DE MADEIRA, FOLHA PESADA (NBR 15930) DE 90 X 210 CM, E = 35 MM, NUCLEO SOLIDO, CAPA LISA EM HDF, ACABAMENTO EM PRIMER PARA PINTURA","UN    ","CR","212,07"]
[25969,"PORTA DENTE PARA FRESADORA","UN    ","AS","386,63"]
[4944,"PORTA GRADE DE ENROLAR MANUAL COMPLETA, PERFIL TUBULAR TIJOLINHO 3/4 \", EM ACO GALVANIZADO NATURAL (SEM INSTALACAO)","M2    ","CR","738,95"]
[21102,"PORTA TOALHA BANHO EM METAL CROMADO, TIPO BARRA","UN    ","CR","30,14"]
[21101,"PORTA TOALHA ROSTO EM METAL CROMADO, TIPO ARGOLA","UN    ","CR","19,35"]
[34713,"PORTA VIDRO TEMPERADO INCOLOR, 2 FOLHAS DE CORRER, E = 10 MM (SEM FERRAGENS E SEM COLOCACAO)","M2    ","CR","310,07"]
[4947,"PORTAO BASCULANTE MANUAL EM ACO GALVANIZADO NATURAL, TIPO LAMBRIL COM REQUADRO/BATENTE, CHAPA NUMERO 26, INCLUI FECHADURA (SEM INSTALACAO)","M2    ","CR","375,17"]
[37563,"PORTAO BASCULANTE, MANUAL, EM CHAPA TIPO LAMBRIL QUADRADO, COM REQUADRO, ACABAMENTO NATURAL","M2    ","CR","288,07"]
[4948,"PORTAO DE ABRIR EM GRADIL DE METALON REDONDO DE 3/4\"  VERTICAL, COM REQUADRO, ACABAMENTO NATURAL - COMPLETO","M2    ","CR","261,43"]
[37561,"PORTAO DE CORRER EM CHAPA TIPO PAINEL LAMBRIL QUADRADO, COM PORTA SOCIAL COMPLETA INCLUIDA, COM REQUADRO, ACABAMENTO NATURAL, COM TRILHOS E ROLDANAS","M2    ","CR","537,75"]
[37562,"PORTAO DE CORRER EM GRADIL FIXO DE BARRA DE FERRO CHATA DE 3 X 1/4\" NA VERTICAL, SEM REQUADRO, ACABAMENTO NATURAL, COM TRILHOS E ROLDANAS","M2    ","CR","344,91"]
[37585,"PORTINHOLA DE ABRIR EM ALUMINIO DE 60 X 80 CM, VENEZIANA VENTILADA 1 FOLHA, ACABAMENTO ANODIZADO NATURAL","UN    ","CR","125,99"]
[14164,"POSTE CONICO CONTINUO EM ACO GALVANIZADO, CURVO, BRACO DUPLO, ENGASTADO,  H = 9 M, DIAMETRO INFERIOR = *135* MM","UN    ","AS","958,07"]
[14163,"POSTE CONICO CONTINUO EM ACO GALVANIZADO, CURVO, BRACO DUPLO, FLANGEADO,  H = 9 M, DIAMETRO INFERIOR = *135* MM","UN    ","AS","1.088,91"]
[5051,"POSTE CONICO CONTINUO EM ACO GALVANIZADO, CURVO, BRACO SIMPLES, ENGASTADO,  H = 9 M, DIAMETRO INFERIOR = *135* MM","UN    ","AS","926,10"]
[14162,"POSTE CONICO CONTINUO EM ACO GALVANIZADO, CURVO, BRACO SIMPLES, FLANGEADO,  H = 9 M, DIAMETRO INFERIOR = *135* MM","UN    ","AS","924,76"]
[5052,"POSTE CONICO CONTINUO EM ACO GALVANIZADO, CURVO, BRACO SIMPLES, FLANGEADO, H = 7 M, DIAMETRO INFERIOR = *125* MM","UN    ","AS","690,00"]
[14166,"POSTE CONICO CONTINUO EM ACO GALVANIZADO, RETO, ENGASTADO,  H = 7 M, DIAMETRO INFERIOR = *125* MM","UN    ","AS","698,76"]
[14165,"POSTE CONICO CONTINUO EM ACO GALVANIZADO, RETO, ENGASTADO,  H = 9 M, DIAMETRO INFERIOR = *145* MM","UN    ","AS","968,03"]
[5050,"POSTE CONICO CONTINUO EM ACO GALVANIZADO, RETO, FLANGEADO,  H = 3 M, DIAMETRO INFERIOR = *95* MM","UN    ","AS","238,25"]
[12378,"POSTE CONICO CONTINUO EM ACO GALVANIZADO, RETO, FLANGEADO, H = 6 M, DIAMETRO INFERIOR = *90* CM","UN    ","AS","566,32"]
[12366,"POSTE DE CONCRETO CIRCULAR, 150 KG, H = 10 M (NBR 8451)","UN    ","CR","620,73"]
[5045,"POSTE DE CONCRETO CIRCULAR, 200 KG, H = 11 M (NBR 8451)","UN    ","CR","864,39"]
[5044,"POSTE DE CONCRETO CIRCULAR, 200 KG, H = 9 M (NBR 8451)","UN    ","CR","609,84"]
[5055,"POSTE DE CONCRETO CIRCULAR, 300 KG, H = 11 M (NBR 8451)","UN    ","CR","867,03"]
[5053,"POSTE DE CONCRETO CIRCULAR, 300 KG, H = 9 M (NBR 8451)","UN    ","CR","674,84"]
[5035,"POSTE DE CONCRETO CIRCULAR, 400 KG, H = 11 M (NBR 8451)","UN    ","CR","1.103,34"]
[5036,"POSTE DE CONCRETO CIRCULAR, 400 KG, H = 14 M (NBR 8451)","UN    ","CR","1.841,84"]
[5059,"POSTE DE CONCRETO CIRCULAR, 400 KG, H = 9 M (NBR 8451)","UN    ","CR","862,91"]
[5034,"POSTE DE CONCRETO CIRCULAR, 600 KG, H = 10 M (NBR 8451)","UN    ","CR","1.190,74"]
[5056,"POSTE DE CONCRETO DUPLO T ,TIPO B, 500 KG, H = 9 M (NBR 8451)","UN    ","CR","925,23"]
[5057,"POSTE DE CONCRETO DUPLO T, TIPO B, 300 KG, H = 10 M (NBR 8451)","UN    ","CR","742,03"]
[5033,"POSTE DE CONCRETO DUPLO T, TIPO B, 300 KG, H = 9 M (NBR 8451)","UN    ","C ","616,00"]
[5038,"POSTE DE CONCRETO DUPLO T, TIPO D, 200 KG, H = 9 M (NBR 8451)","UN    ","CR","502,04"]
[12372,"POSTE DE CONCRETO DUPLO T, 200 KG, H = 11 M (NBR 8451)","UN    ","CR","661,58"]
[13339,"POSTE DE CONCRETO DUPLO T, 300 KG, H = 12 M (NBR 8451)","UN    ","CR","983,51"]
[12373,"POSTE DE CONCRETO DUPLO T, 400 KG,H = 12 M (NBR 8451)","UN    ","CR","1.029,95"]
[12388,"POSTE DECORATIVO PARA JARDIM EM ACO TUBULAR, SEM LUMINARIA, H = *2,5* M","UN    ","AS","141,03"]
[34695,"POSTE PADRAO SUBTERRANEO 100 A, H = 2,5 M","UN    ","CR","708,40"]
[34692,"POSTE PADRAO SUBTERRANEO 200 A, H = 2,5 M","UN    ","CR","1.700,16"]
[26028,"POZOLANA DE CLASSE C","T     ","CR","284,41"]
[11844,"PRANCHA DE MADEIRA APARELHADA *4 X 30* CM, MACARANDUBA, ANGELIM OU EQUIVALENTE DA REGIAO","M     ","CR","30,31"]
[4465,"PRANCHA DE MADEIRA NAO APARELHADA *6 X 25* CM, MACARANDUBA, ANGELIM OU EQUIVALENTE DA REGIAO","M     ","CR","29,05"]
[35273,"PRANCHA DE MADEIRA NAO APARELHADA *6 X 30* CM, MACARANDUBA, ANGELIM OU EQUIVALENTE DA REGIAO","M     ","CR","32,10"]
[4470,"PRANCHA DE MADEIRA NAO APARELHADA *6 X 40* CM, MACARANDUBA, ANGELIM OU EQUIVALENTE DA REGIAO","M     ","CR","47,96"]
[20204,"PRANCHAO DE MADEIRA APARELHADA *7,5 X 23* CM (3 X 9 \") MACARANDUBA, ANGELIM OU EQUIVALENTE DA REGIAO","M     ","CR","42,80"]
[20208,"PRANCHAO DE MADEIRA APARELHADA *8 X 30* CM, MACARANDUBA, ANGELIM OU EQUIVALENTE DA REGIAO","M     ","CR","50,26"]
[4437,"PRANCHAO DE MADEIRA NAO APARELHADA *7,5 X 23* CM (3 x 9 \") MACARANDUBA, ANGELIM OU EQUIVALENTE DA REGIAO","M     ","CR","34,73"]
[14580,"PRANCHAO DE MADEIRA NAO APARELHADA *8 X 30* CM, MACARANDUBA, ANGELIM OU EQUIVALENTE DA REGIAO","M     ","CR","37,83"]
[40304,"PREGO DE ACO POLIDO COM CABECA DUPLA 17 X 27 (2 1/2 X 11)","KG    ","CR","16,19"]
[5065,"PREGO DE ACO POLIDO COM CABECA 10 X 10 (7/8 X 17)","KG    ","CR","24,96"]
[5072,"PREGO DE ACO POLIDO COM CABECA 10 X 11 (1 X 17)","KG    ","CR","23,09"]
[5066,"PREGO DE ACO POLIDO COM CABECA 12 X 12","KG    ","CR","17,29"]
[5063,"PREGO DE ACO POLIDO COM CABECA 14 X 18 (1 1/2 X 14)","KG    ","CR","15,66"]
[20247,"PREGO DE ACO POLIDO COM CABECA 15 X 15 (1 1/4 X 13)","KG    ","CR","14,53"]
[5074,"PREGO DE ACO POLIDO COM CABECA 15 X 18 (1 1/2 X 13)","KG    ","CR","14,70"]
[5067,"PREGO DE ACO POLIDO COM CABECA 16 X 24 (2 1/4 X 12)","KG    ","CR","13,98"]
[5078,"PREGO DE ACO POLIDO COM CABECA 16 X 27 (2 1/2 X 12)","KG    ","CR","13,82"]
[5068,"PREGO DE ACO POLIDO COM CABECA 17 X 21 (2 X 11)","KG    ","CR","13,12"]
[5073,"PREGO DE ACO POLIDO COM CABECA 17 X 24 (2 1/4 X 11)","KG    ","CR","13,37"]
[5069,"PREGO DE ACO POLIDO COM CABECA 17 X 27 (2 1/2 X 11)","KG    ","CR","13,37"]
[5070,"PREGO DE ACO POLIDO COM CABECA 17 X 30 (2 3/4 X 11)","KG    ","CR","13,52"]
[5071,"PREGO DE ACO POLIDO COM CABECA 18 X 24 (2 1/4 X 10)","KG    ","CR","13,12"]
[5061,"PREGO DE ACO POLIDO COM CABECA 18 X 27 (2 1/2 X 10)","KG    ","C ","12,90"]
[5075,"PREGO DE ACO POLIDO COM CABECA 18 X 30 (2 3/4 X 10)","KG    ","CR","13,12"]
[39027,"PREGO DE ACO POLIDO COM CABECA 19  X 36 (3 1/4  X  9)","KG    ","CR","13,11"]
[5062,"PREGO DE ACO POLIDO COM CABECA 19 X 33 (3 X 9)","KG    ","CR","13,29"]
[40568,"PREGO DE ACO POLIDO COM CABECA 22 X 48 (4 1/4 X 5)","KG    ","CR","13,22"]
[39026,"PREGO DE ACO POLIDO SEM CABECA 15 X 15 (1 1/4 X 13)","KG    ","CR","14,75"]
[11572,"PRENDEDOR / TRAVA DE PORTA, MONTAGEM PISO / PORTA, EM LATAO / ZAMAC, CROMADO","UN    ","CR","13,89"]
[42431,"PRESSAO DE PERNAS TRIPLO, EM TUBO DE ACO CARBONO, PINTURA NO PROCESSO ELETROSTATICO - EQUIPAMENTO DE GINASTICA PARA ACADEMIA AO AR LIVRE / ACADEMIA DA TERCEIRA IDADE - ATI","UN    ","AS","2.202,87"]
[11149,"PRIMER EPOXI","GL    ","CR","191,83"]
[511,"PRIMER PARA MANTA ASFALTICA A BASE DE ASFALTO MODIFICADO DILUIDO EM SOLVENTE, APLICACAO A FRIO","L     ","AS","15,99"]
[11174,"PRIMER UNIVERSAL, FUNDO ANTICORROSIVO TIPO ZARCAO","18L   ","CR","544,66"]
[37540,"PROJETOR DE ARGAMASSA, CAPACIDADE DE PROJECAO 1,5 M3/H, ALCANCE DA PROJECAO 30 ATE 60 M, MOTOR ELETRICO TRIFASICO","UN    ","AS","55.666,43"]
[37548,"PROJETOR DE ARGAMASSA, CAPACIDADE DE PROJECAO 2,0 M3/H, ALCANCE DA PROJECAO ATE 50 M, MOTOR ELETRICO TRIFASICO","UN    ","AS","73.785,57"]
[39828,"PROJETOR PNEUMATICO DE ARGAMASSA PARA CHAPISCO E REBOCO COM RECIPIENTE ACOPLADO, TIPO CANEQUNHA, COM VOLUME DE 1,50 L, SEM COMPRESSOR","UN    ","AS","442,64"]
[12273,"PROJETOR RETANGULAR FECHADO PARA LAMPADA VAPOR DE MERCURIO/SODIO 250 W A 500 W, CABECEIRAS EM ALUMINIO FUNDIDO, CORPO EM ALUMINIO ANODIZADO, PARA LAMPADA E40 FECHAMENTO EM VIDRO TEMPERADO.","UN    ","CR","55,77"]
[38392,"PROLONGADOR/EXTENSOR PARA ROLO DE PINTURA 3 M","UN    ","CR","35,70"]
[11735,"PROLONGAMENTO PVC PARA CAIXA SIFONADA  100 MM X 200 MM (NBR 5688)","UN    ","CR","3,54"]
[11733,"PROLONGAMENTO PVC PARA CAIXA SIFONADA 100 MM X 100 MM (NBR 5688)","UN    ","CR","1,73"]
[11734,"PROLONGAMENTO PVC PARA CAIXA SIFONADA, 100 MM X 150 MM (NBR 5688)","UN    ","CR","2,67"]
[11737,"PROLONGAMENTO PVC PARA CAIXA SIFONADA, 150 MM X 150 MM (NBR 5688)","UN    ","CR","4,72"]
[11738,"PROLONGAMENTO PVC PARA CAIXA SIFONADA, 150 MM X 200 MM (NBR 5688)","UN    ","CR","7,68"]
[36143,"PROTETOR AUDITIVO TIPO CONCHA COM ABAFADOR DE RUIDOS, ATENUACAO ACIMA DE 22 DB","UN    ","CR","24,14"]
[36142,"PROTETOR AUDITIVO TIPO PLUG DE INSERCAO COM CORDAO, ATENUACAO SUPERIOR A 15 DB","UN    ","CR","1,76"]
[36146,"PROTETOR SOLAR FPS 30, EMBALAGEM 2 LITROS","UN    ","CR","200,26"]
[39015,"PROTETOR/PONTEIRA PLASTICA PARA PONTA DE VERGALHAO DE ATE 1\", TIPO PROTETOR DE ESPERA","UN    ","C ","0,77"]
[38377,"PRUMO DE CENTRO EM ACO *400* G","UN    ","CR","24,74"]
[38376,"PRUMO DE PAREDE EM ACO 700 A 750 G","UN    ","CR","28,21"]
[38116,"PULSADOR CAMPAINHA 10A, 250V (APENAS MODULO)","UN    ","CR","4,23"]
[38066,"PULSADOR CAMPAINHA 10A, 250V, CONJUNTO MONTADO PARA EMBUTIR 4\" X 2\" (PLACA + SUPORTE + MODULO)","UN    ","CR","6,98"]
[38117,"PULSADOR MINUTERIA 10A, 250V (APENAS MODULO)","UN    ","CR","7,20"]
[38067,"PULSADOR MINUTERIA 10A, 250V, CONJUNTO MONTADO PARA EMBUTIR 4\" X 2\" (PLACA + SUPORTE + MODULO)","UN    ","CR","9,83"]
[41757,"PULVERIZADOR DE TINTA ELETRICO / MAQUINA DE PINTURA AIRLESS, VAZAO *2* L/MIN (COLETADO CAIXA)","UN    ","AS","3.106,46"]
[5080,"PUXADOR CENTRAL, TIPO ALCA, EM ZAMAC CROMADO, COM ROSETAS, COMPRIMENTO *100* MM, PARA PORTA / JANELA EM MADEIRA OU METALICA - INCLUI PARAFUSOS","UN    ","CR","9,85"]
[11522,"PUXADOR CONCHA DE EMBUTIR PARA JANELA / PORTA DE CORRER, EM LATAO CROMADO, COM FURO CENTRAL PARA CHAVE E FUROS PARA PARAFUSOS, *40 X 100* MM  (LARGURA X ALTURA) - SEM FECHADURA","UN    ","CR","12,31"]
[38168,"PUXADOR TUBULAR RETO, DUPLO, EM ALUMINIO POLIDO, DIAMETRO APROX.DE 1\", COMPRIMENTO APROX. DE 400 MM, PARA PORTAS DE MADEIRA OU VIDRO","UN    ","CR","114,51"]
[13393,"QUADRO DE DISTRIBUICAO COM BARRAMENTO TRIFASICO, DE EMBUTIR, EM CHAPA DE ACO GALVANIZADO, PARA 12 DISJUNTORES DIN, 100 A","UN    ","CR","251,30"]
[13395,"QUADRO DE DISTRIBUICAO COM BARRAMENTO TRIFASICO, DE EMBUTIR, EM CHAPA DE ACO GALVANIZADO, PARA 18 DISJUNTORES DIN, 100 A, INCLUINDO BARRAMENTO","UN    ","CR","352,17"]
[12039,"QUADRO DE DISTRIBUICAO COM BARRAMENTO TRIFASICO, DE EMBUTIR, EM CHAPA DE ACO GALVANIZADO, PARA 24 DISJUNTORES DIN, 100 A","UN    ","CR","370,10"]
[13396,"QUADRO DE DISTRIBUICAO COM BARRAMENTO TRIFASICO, DE EMBUTIR, EM CHAPA DE ACO GALVANIZADO, PARA 28 DISJUNTORES DIN, 100 A","UN    ","CR","519,78"]
[12041,"QUADRO DE DISTRIBUICAO COM BARRAMENTO TRIFASICO, DE EMBUTIR, EM CHAPA DE ACO GALVANIZADO, PARA 30 DISJUNTORES DIN, 150 A","UN    ","CR","424,43"]
[12043,"QUADRO DE DISTRIBUICAO COM BARRAMENTO TRIFASICO, DE EMBUTIR, EM CHAPA DE ACO GALVANIZADO, PARA 30 DISJUNTORES DIN, 225 A","UN    ","CR","896,12"]
[39762,"QUADRO DE DISTRIBUICAO COM BARRAMENTO TRIFASICO, DE EMBUTIR, EM CHAPA DE ACO GALVANIZADO, PARA 36 DISJUNTORES DIN, 100 A","UN    ","CR","426,58"]
[12042,"QUADRO DE DISTRIBUICAO COM BARRAMENTO TRIFASICO, DE EMBUTIR, EM CHAPA DE ACO GALVANIZADO, PARA 40 DISJUNTORES DIN, 100 A","UN    ","CR","622,79"]
[39763,"QUADRO DE DISTRIBUICAO COM BARRAMENTO TRIFASICO, DE EMBUTIR, EM CHAPA DE ACO GALVANIZADO, PARA 48 DISJUNTORES DIN, 100 A","UN    ","CR","728,89"]
[39760,"QUADRO DE DISTRIBUICAO COM BARRAMENTO TRIFASICO, DE SOBREPOR, EM CHAPA DE ACO GALVANIZADO, PARA *42* DISJUNTORES DIN, 100 A","UN    ","CR","726,50"]
[39756,"QUADRO DE DISTRIBUICAO COM BARRAMENTO TRIFASICO, DE SOBREPOR, EM CHAPA DE ACO GALVANIZADO, PARA 12 DISJUNTORES DIN, 100 A","UN    ","CR","260,85"]
[12038,"QUADRO DE DISTRIBUICAO COM BARRAMENTO TRIFASICO, DE SOBREPOR, EM CHAPA DE ACO GALVANIZADO, PARA 18 DISJUNTORES DIN, 100 A","UN    ","CR","325,95"]
[39757,"QUADRO DE DISTRIBUICAO COM BARRAMENTO TRIFASICO, DE SOBREPOR, EM CHAPA DE ACO GALVANIZADO, PARA 28 DISJUNTORES DIN, 100 A","UN    ","CR","301,40"]
[39758,"QUADRO DE DISTRIBUICAO COM BARRAMENTO TRIFASICO, DE SOBREPOR, EM CHAPA DE ACO GALVANIZADO, PARA 30 DISJUNTORES DIN, 100 A","UN    ","CR","439,25"]
[39759,"QUADRO DE DISTRIBUICAO COM BARRAMENTO TRIFASICO, DE SOBREPOR, EM CHAPA DE ACO GALVANIZADO, PARA 36 DISJUNTORES DIN, 100 A","UN    ","CR","542,47"]
[39761,"QUADRO DE DISTRIBUICAO COM BARRAMENTO TRIFASICO, DE SOBREPOR, EM CHAPA DE ACO GALVANIZADO, PARA 48 DISJUNTORES DIN, 100 A","UN    ","CR","652,07"]
[39805,"QUADRO DE DISTRIBUICAO, EM PVC, DE EMBUTIR, COM BARRAMENTO TERRA / NEUTRO, PARA 12 DISJUNTORES NEMA OU 16 DISJUNTORES DIN","UN    ","CR","76,80"]
[39806,"QUADRO DE DISTRIBUICAO, EM PVC, DE EMBUTIR, COM BARRAMENTO TERRA / NEUTRO, PARA 18 DISJUNTORES NEMA OU 24 DISJUNTORES DIN","UN    ","CR","142,30"]
[39807,"QUADRO DE DISTRIBUICAO, EM PVC, DE EMBUTIR, COM BARRAMENTO TERRA / NEUTRO, PARA 27 DISJUNTORES NEMA OU 36 DISJUNTORES DIN","UN    ","CR","308,40"]
[43100,"QUADRO DE DISTRIBUICAO, EM PVC, DE EMBUTIR, COM BARRAMENTO TERRA / NEUTRO, PARA 48 DISJUNTORES DIN","UN    ","CR","241,10"]
[39804,"QUADRO DE DISTRIBUICAO, EM PVC, DE EMBUTIR, COM BARRAMENTO TERRA / NEUTRO, PARA 6 DISJUNTORES NEMA OU 8 DISJUNTORES DIN","UN    ","CR","45,10"]
[39796,"QUADRO DE DISTRIBUICAO, SEM BARRAMENTO, EM PVC, DE EMBUTIR, PARA 12 DISJUNTORES NEMA OU 16 DISJUNTORES DIN","UN    ","CR","46,71"]
[39797,"QUADRO DE DISTRIBUICAO, SEM BARRAMENTO, EM PVC, DE EMBUTIR, PARA 18 DISJUNTORES NEMA OU 24 DISJUNTORES DIN","UN    ","C ","73,33"]
[39798,"QUADRO DE DISTRIBUICAO, SEM BARRAMENTO, EM PVC, DE EMBUTIR, PARA 27 DISJUNTORES NEMA OU 36 DISJUNTORES DIN","UN    ","CR","125,78"]
[39794,"QUADRO DE DISTRIBUICAO, SEM BARRAMENTO, EM PVC, DE EMBUTIR, PARA 3 DISJUNTORES NEMA OU 4 DISJUNTORES DIN","UN    ","CR","19,82"]
[39795,"QUADRO DE DISTRIBUICAO, SEM BARRAMENTO, EM PVC, DE EMBUTIR, PARA 6 DISJUNTORES NEMA OU 8 DISJUNTORES DIN","UN    ","CR","31,32"]
[39799,"QUADRO DE DISTRIBUICAO, SEM BARRAMENTO, EM PVC, DE SOBREPOR,  PARA 3 DISJUNTORES NEMA OU 4 DISJUNTORES DIN","UN    ","CR","23,11"]
[39801,"QUADRO DE DISTRIBUICAO, SEM BARRAMENTO, EM PVC, DE SOBREPOR, PARA 12 DISJUNTORES NEMA OU 16 DISJUNTORES DIN","UN    ","CR","66,15"]
[39802,"QUADRO DE DISTRIBUICAO, SEM BARRAMENTO, EM PVC, DE SOBREPOR, PARA 18 DISJUNTORES NEMA OU 24 DISJUNTORES DIN","UN    ","CR","96,96"]
[39803,"QUADRO DE DISTRIBUICAO, SEM BARRAMENTO, EM PVC, DE SOBREPOR, PARA 27 DISJUNTORES NEMA OU 36 DISJUNTORES DIN","UN    ","CR","135,26"]
[39800,"QUADRO DE DISTRIBUICAO, SEM BARRAMENTO, EM PVC, DE SOBREPOR, PARA 6 DISJUNTORES NEMA OU 8 DISJUNTORES DIN","UN    ","CR","39,37"]
[4224,"QUEROSENE","L     ","CR","14,26"]
[21059,"RALO FOFO COM REQUADRO, QUADRADO 150 X 150 MM","UN    ","AS","39,74"]
[11234,"RALO FOFO COM REQUADRO, QUADRADO 200 X 200 MM","UN    ","AS","59,90"]
[21060,"RALO FOFO COM REQUADRO, QUADRADO 250 X 250 MM","UN    ","AS","73,72"]
[21061,"RALO FOFO COM REQUADRO, QUADRADO 300 X 300 MM","UN    ","AS","92,15"]
[21062,"RALO FOFO COM REQUADRO, QUADRADO 400 X 400 MM","UN    ","AS","145,14"]
[11708,"RALO FOFO SEMIESFERICO, 100 MM, PARA LAJES/ CALHAS","UN    ","AS","15,83"]
[11709,"RALO FOFO SEMIESFERICO, 150 MM, PARA LAJES/ CALHAS","UN    ","AS","37,20"]
[11710,"RALO FOFO SEMIESFERICO, 200 MM, PARA LAJES/ CALHAS","UN    ","AS","85,53"]
[11707,"RALO FOFO SEMIESFERICO, 75 MM, PARA LAJES/ CALHAS","UN    ","AS","11,86"]
[11739,"RALO SECO PVC CONICO, 100 X 40 MM,  COM GRELHA REDONDA BRANCA","UN    ","CR","5,15"]
[11711,"RALO SECO PVC CONICO, 100 X 40 MM, COM GRELHA QUADRADA","UN    ","CR","7,54"]
[5102,"RALO SECO PVC QUADRADO, 100 X 100 X 53 MM, SAIDA 40 MM, COM GRELHA BRANCA","UN    ","CR","7,29"]
[11741,"RALO SIFONADO PVC CILINDRICO, 100 X 40 MM,  COM GRELHA REDONDA BRANCA","UN    ","CR","5,31"]
[11743,"RALO SIFONADO PVC REDONDO CONICO, 100 X 40 MM, COM GRELHA  BRANCA REDONDA","UN    ","CR","4,82"]
[11745,"RALO SIFONADO PVC, QUADRADO, 100 X 100 X 53 MM, SAIDA 40 MM, COM GRELHA BRANCA","UN    ","CR","6,85"]
[25961,"RASTELEIRO","H     ","CR","15,44"]
[40985,"RASTELEIRO (MENSALISTA)","MES   ","CR","2.709,42"]
[1088,"REATOR ELETRONICO BIVOLT PARA 1 LAMPADA FLUORESCENTE DE 18/20 W","UN    ","CR","14,81"]
[1087,"REATOR ELETRONICO BIVOLT PARA 1 LAMPADA FLUORESCENTE DE 36/40 W","UN    ","CR","18,51"]
[38777,"REATOR ELETRONICO BIVOLT PARA 2 LAMPADAS FLUORESCENTES DE 14 W","UN    ","CR","36,86"]
[1086,"REATOR ELETRONICO BIVOLT PARA 2 LAMPADAS FLUORESCENTES DE 18/20 W","UN    ","CR","19,45"]
[1079,"REATOR ELETRONICO BIVOLT PARA 2 LAMPADAS FLUORESCENTES DE 36/40 W","UN    ","CR","20,11"]
[39374,"REATOR INTERNO/INTEGRADO PARA LAMPADA VAPOR METALICO 400 W, ALTO FATOR DE POTENCIA","UN    ","C ","112,05"]
[1082,"REATOR P/ LAMPADA VAPOR DE SODIO 250W USO EXT","UN    ","CR","126,42"]
[12316,"REATOR P/ 1 LAMPADA VAPOR DE MERCURIO 125W USO EXT","UN    ","CR","57,94"]
[12317,"REATOR P/ 1 LAMPADA VAPOR DE MERCURIO 250W USO EXT","UN    ","CR","69,09"]
[12318,"REATOR P/ 1 LAMPADA VAPOR DE MERCURIO 400W USO EXT","UN    ","CR","79,60"]
[5104,"REBITE DE ALUMINIO VAZADO DE REPUXO, 3,2 X 8 MM (1KG = 1025 UNIDADES)","KG    ","AS","49,45"]
[26023,"REBOLO ABRASIVO RETO DE USO GERAL GRAO 36, DE 6 X 1 \" (DIAMETRO X ALTURA)","UN    ","CR","43,18"]
[2710,"REBOLO ABRASIVO RETO DE USO GERAL GRAO 36, DE 6 X 3/4 \" (DIAMETRO X ALTURA)","UN    ","CR","34,48"]
[14575,"RECICLADORA DE ASFALTO A FRIO SOBRE RODAS, LARG. FRESAGEM 2,00 M, POT. 315 KW/422 HP","UN    ","AS","3.905.271,10"]
[20034,"REDUCAO EXCENTRICA PVC NBR 10569 P/REDE COLET ESG PB JE 150 X 100MM","UN    ","AS","55,94"]
[20036,"REDUCAO EXCENTRICA PVC NBR 10569 P/REDE COLET ESG PB JE 200 X 150MM","UN    ","AS","107,60"]
[20037,"REDUCAO EXCENTRICA PVC NBR 10569 P/REDE COLET ESG PB JE 250 X 200MM","UN    ","AS","202,96"]
[20043,"REDUCAO EXCENTRICA PVC P/ ESG PREDIAL DN 100 X 50MM","UN    ","CR","4,64"]
[20044,"REDUCAO EXCENTRICA PVC P/ ESG PREDIAL DN 100 X 75MM","UN    ","CR","5,42"]
[20042,"REDUCAO EXCENTRICA PVC P/ ESG PREDIAL DN 75 X 50MM","UN    ","CR","3,93"]
[20046,"REDUCAO EXCENTRICA PVC, SERIE R, DN 100 X 75 MM, PARA ESGOTO PREDIAL","UN    ","CR","11,51"]
[20047,"REDUCAO EXCENTRICA PVC, SERIE R, DN 150 X 100 MM, PARA ESGOTO PREDIAL","UN    ","CR","31,46"]
[20045,"REDUCAO EXCENTRICA PVC, SERIE R, DN 75 X 50 MM, PARA ESGOTO PREDIAL","UN    ","CR","4,73"]
[20972,"REDUCAO FIXA TIPO STORZ, ENGATE RAPIDO 2.1/2\" X 1.1/2\", EM LATAO, PARA INSTALACAO PREDIAL COMBATE A INCENDIO PREDIAL","UN    ","CR","118,74"]
[20032,"REDUCAO PVC PBA, JE, BB, DN 75 X 50 / DE 85 X 60 MM, PARA REDE DE AGUA","UN    ","AS","52,78"]
[11321,"REDUCAO PVC PBA, JE, PB, DN 100 X 50 / DE 110 X 60 MM, PARA REDE DE AGUA","UN    ","AS","24,06"]
[11323,"REDUCAO PVC PBA, JE, PB, DN 100 X 75 / DE 110 X 85 MM, PARA REDE DE AGUA","UN    ","AS","27,67"]
[20327,"REDUCAO PVC PBA, JE, PB, DN 75 X 50 / DE 85 X 60 MM, PARA REDE DE AGUA","UN    ","AS","15,70"]
[25966,"REDUTOR TIPO THINNER PARA ACABAMENTO","L     ","CR","18,23"]
[13390,"REFLETOR REDONDO EM ALUMINIO ANODIZADO PARA LAMPADA VAPOR DE MERCURIO/SODIO, CORPO EM ALUMINIO COM PINTURA EPOXI, PARA LAMPADA E-27 DE 300 W, COM SUPORTE REDONDO E ALCA REGULAVEL PARA FIXACAO.","UN    ","CR","73,12"]
[6034,"REGISTRO DE ESFERA DE PASSEIO, PVC PARA POLIETILENO, 20 MM","UN    ","CR","4,85"]
[6036,"REGISTRO DE ESFERA PVC, COM BORBOLETA, COM ROSCA EXTERNA, DE 1/2\"","UN    ","CR","6,61"]
[6031,"REGISTRO DE ESFERA PVC, COM BORBOLETA, COM ROSCA EXTERNA, DE 3/4\"","UN    ","C ","7,77"]
[6029,"REGISTRO DE ESFERA PVC, COM CABECA QUADRADA, COM ROSCA EXTERNA, 1/2\"","UN    ","CR","7,85"]
[6033,"REGISTRO DE ESFERA PVC, COM CABECA QUADRADA, COM ROSCA EXTERNA, 3/4\"","UN    ","CR","10,35"]
[11672,"REGISTRO DE ESFERA, PVC, COM VOLANTE, VS, ROSCAVEL, DN 1 1/2\", COM CORPO DIVIDIDO","UN    ","CR","22,51"]
[11669,"REGISTRO DE ESFERA, PVC, COM VOLANTE, VS, ROSCAVEL, DN 1 1/4\", COM CORPO DIVIDIDO","UN    ","CR","21,44"]
[11670,"REGISTRO DE ESFERA, PVC, COM VOLANTE, VS, ROSCAVEL, DN 1/2\", COM CORPO DIVIDIDO","UN    ","CR","8,21"]
[20055,"REGISTRO DE ESFERA, PVC, COM VOLANTE, VS, ROSCAVEL, DN 1\", COM CORPO DIVIDIDO","UN    ","CR","16,05"]
[11671,"REGISTRO DE ESFERA, PVC, COM VOLANTE, VS, ROSCAVEL, DN 2\", COM CORPO DIVIDIDO","UN    ","CR","34,45"]
[6032,"REGISTRO DE ESFERA, PVC, COM VOLANTE, VS, ROSCAVEL, DN 3/4\", COM CORPO DIVIDIDO","UN    ","CR","9,84"]
[11673,"REGISTRO DE ESFERA, PVC, COM VOLANTE, VS, SOLDAVEL, DN 20 MM, COM CORPO DIVIDIDO","UN    ","CR","7,75"]
[11674,"REGISTRO DE ESFERA, PVC, COM VOLANTE, VS, SOLDAVEL, DN 25 MM, COM CORPO DIVIDIDO","UN    ","CR","9,98"]
[11675,"REGISTRO DE ESFERA, PVC, COM VOLANTE, VS, SOLDAVEL, DN 32 MM, COM CORPO DIVIDIDO","UN    ","CR","15,84"]
[11676,"REGISTRO DE ESFERA, PVC, COM VOLANTE, VS, SOLDAVEL, DN 40 MM, COM CORPO DIVIDIDO","UN    ","CR","21,19"]
[11677,"REGISTRO DE ESFERA, PVC, COM VOLANTE, VS, SOLDAVEL, DN 50 MM, COM CORPO DIVIDIDO","UN    ","CR","21,88"]
[11678,"REGISTRO DE ESFERA, PVC, COM VOLANTE, VS, SOLDAVEL, DN 60 MM, COM CORPO DIVIDIDO","UN    ","CR","40,08"]
[6038,"REGISTRO DE PRESSAO PVC, ROSCAVEL, VOLANTE SIMPLES, DE 1/2\"","UN    ","CR","2,54"]
[11718,"REGISTRO DE PRESSAO PVC, ROSCAVEL, VOLANTE SIMPLES, DE 3/4\"","UN    ","CR","7,25"]
[6037,"REGISTRO DE PRESSAO PVC, SOLDAVEL, VOLANTE SIMPLES, DE 20 MM","UN    ","CR","5,29"]
[11719,"REGISTRO DE PRESSAO PVC, SOLDAVEL, VOLANTE SIMPLES, DE 25 MM","UN    ","CR","5,88"]
[6019,"REGISTRO GAVETA BRUTO EM LATAO FORJADO, BITOLA 1 \" (REF 1509)","UN    ","CR","31,83"]
[6010,"REGISTRO GAVETA BRUTO EM LATAO FORJADO, BITOLA 1 1/2 \" (REF 1509)","UN    ","CR","54,77"]
[6017,"REGISTRO GAVETA BRUTO EM LATAO FORJADO, BITOLA 1 1/4 \" (REF 1509)","UN    ","CR","43,38"]
[6020,"REGISTRO GAVETA BRUTO EM LATAO FORJADO, BITOLA 1/2 \" (REF 1509)","UN    ","CR","19,12"]
[6028,"REGISTRO GAVETA BRUTO EM LATAO FORJADO, BITOLA 2 \" (REF 1509)","UN    ","CR","76,29"]
[6011,"REGISTRO GAVETA BRUTO EM LATAO FORJADO, BITOLA 2 1/2 \" (REF 1509)","UN    ","CR","158,22"]
[6012,"REGISTRO GAVETA BRUTO EM LATAO FORJADO, BITOLA 3 \" (REF 1509)","UN    ","CR","191,55"]
[6016,"REGISTRO GAVETA BRUTO EM LATAO FORJADO, BITOLA 3/4 \" (REF 1509)","UN    ","CR","20,16"]
[6027,"REGISTRO GAVETA BRUTO EM LATAO FORJADO, BITOLA 4 \" (REF 1509)","UN    ","CR","399,13"]
[6013,"REGISTRO GAVETA COM ACABAMENTO E CANOPLA CROMADOS, SIMPLES, BITOLA 1 \" (REF 1509)","UN    ","CR","60,22"]
[6015,"REGISTRO GAVETA COM ACABAMENTO E CANOPLA CROMADOS, SIMPLES, BITOLA 1 1/2 \" (REF 1509)","UN    ","CR","87,58"]
[6014,"REGISTRO GAVETA COM ACABAMENTO E CANOPLA CROMADOS, SIMPLES, BITOLA 1 1/4 \" (REF 1509)","UN    ","CR","83,73"]
[6006,"REGISTRO GAVETA COM ACABAMENTO E CANOPLA CROMADOS, SIMPLES, BITOLA 1/2 \" (REF 1509)","UN    ","CR","43,61"]
[6005,"REGISTRO GAVETA COM ACABAMENTO E CANOPLA CROMADOS, SIMPLES, BITOLA 3/4 \" (REF 1509)","UN    ","C ","49,20"]
[11756,"REGISTRO OU REGULADOR DE GAS COZINHA, VAZAO DE 2 KG/H, 2,8 KPA","UN    ","CR","23,49"]
[10904,"REGISTRO OU VALVULA GLOBO ANGULAR EM LATAO, PARA HIDRANTES EM INSTALACAO PREDIAL DE INCENDIO, 45 GRAUS, DIAMETRO DE 2 1/2\", COM VOLANTE, CLASSE DE PRESSAO DE ATE 200 PSI","UN    ","C ","166,25"]
[11752,"REGISTRO PRESSAO BRUTO EM LATAO FORJADO, BITOLA 1/2 \" (REF 1400)","UN    ","CR","13,55"]
[11753,"REGISTRO PRESSAO BRUTO EM LATAO FORJADO, BITOLA 3/4 \" (REF 1400)","UN    ","CR","16,17"]
[6021,"REGISTRO PRESSAO COM ACABAMENTO E CANOPLA CROMADA, SIMPLES, BITOLA 1/2 \" (REF 1416)","UN    ","CR","44,89"]
[6024,"REGISTRO PRESSAO COM ACABAMENTO E CANOPLA CROMADA, SIMPLES, BITOLA 3/4 \" (REF 1416)","UN    ","CR","46,40"]
[38379,"REGUA DE ALUMINIO PARA PEDREIRO 2 X 1 \"","M     ","CR","33,11"]
[13897,"REGUA VIBRADORA DUPLA PARA CONCRETO A GASOLINA 5,5 HP, PESO DE 60 KG, COMPRIMENTO 4 M","UN    ","AS","5.825,82"]
[10640,"REGUA VIBRATORIA DE CONCRETO TRELICADA, EQUIPADA COM MOTOR A GASOLINA DE 9 HP","UN    ","AS","12.617,51"]
[11086,"REJEITO DE MINERIO DE FERRO PARA PAVIMENTACAO (POSTO PEDREIRA/FORNECEDOR, SEM FRETE)","M3    ","CR","78,66"]
[34357,"REJUNTE CIMENTICIO, QUALQUER COR","KG    ","CR","2,87"]
[37329,"REJUNTE EPOXI, QUALQUER COR","KG    ","CR","60,60"]
[2510,"RELE FOTOELETRICO INTERNO E EXTERNO BIVOLT 1000 W, DE CONECTOR, SEM BASE","UN    ","CR","18,31"]
[12359,"RELE TERMICO BIMETAL PARA USO EM MOTORES TRIFASICOS, TENSAO 380 V, POTENCIA ATE 15 CV, CORRENTE NOMINAL MAXIMA 22 A","UN    ","CR","113,49"]
[5320,"REMOVEDOR DE TINTA OLEO/ESMALTE VERNIZ","L     ","CR","36,46"]
[7353,"RESINA ACRILICA BASE AGUA - COR BRANCA","L     ","CR","22,26"]
[36144,"RESPIRADOR DESCARTAVEL SEM VALVULA DE EXALACAO, PFF 1","UN    ","CR","1,31"]
[10518,"RETARDO PARA CORDEL DETONANTE","UN    ","AS","85,79"]
[36530,"RETROESCAVADEIRA SOBRE RODAS COM CARREGADEIRA, TRACAO 4 X 2, POTENCIA LIQUIDA 79 HP, PESO OPERACIONAL MINIMO DE 6570 KG, CAPACIDADE DA CARREGADEIRA DE 1,00 M3 E DA  RETROESCAVADEIRA MINIMA DE 0,20 M3, PROFUNDIDADE DE ESCAVACAO MAXIMA DE 4,37 M","UN    ","AS","228.236,85"]
[6046,"RETROESCAVADEIRA SOBRE RODAS COM CARREGADEIRA, TRACAO 4 X 4, POTENCIA LIQUIDA 72 HP, PESO OPERACIONAL MINIMO DE 7140 KG, CAPACIDADE MINIMA DA CARREGADEIRA DE 0,79 M3 E DA RETROESCAVADEIRA MINIMA DE 0,18 M3, PROFUNDIDADE DE ESCAVACAO MAXIMA DE 4,50 M","UN    ","AS","247.558,50"]
[36531,"RETROESCAVADEIRA SOBRE RODAS COM CARREGADEIRA, TRACAO 4 X 4, POTENCIA LIQUIDA 88 HP, PESO OPERACIONAL MINIMO DE 6674 KG, CAPACIDADE DA CARREGADEIRA DE 1,00 M3 E DA  RETROESCAVADEIRA MINIMA DE 0,26 M3, PROFUNDIDADE DE ESCAVACAO MAXIMA DE 4,37 M","UN    ","AS","256.615,50"]
[34684,"REVESTIMENTO DE PAREDE EM GRANILITE, MARMORITE OU GRANITINA - ESP = 5 MM (INCLUSO EXECUCAO)","M2    ","AS","193,94"]
[34683,"REVESTIMENTO DE PAREDE EM GRANILITE, MARMORITE OU GRANITINA COLORIDO - ESP = 5 MM (INCLUSO EXECUCAO)","M2    ","AS","121,21"]
[533,"REVESTIMENTO EM CERAMICA ESMALTADA COMERCIAL, PEI MENOR OU IGUAL A 3, FORMATO MENOR OU IGUAL A 2025 CM2","M2    ","CR","12,33"]
[10515,"REVESTIMENTO EM CERAMICA ESMALTADA EXTRA, PEI MAIOR OU IGUAL 4, FORMATO MAIOR A 2025 CM2","M2    ","CR","31,80"]
[536,"REVESTIMENTO EM CERAMICA ESMALTADA EXTRA, PEI MENOR OU IGUAL A 3, FORMATO MENOR OU IGUAL A 2025 CM2","M2    ","C ","20,90"]
[153,"REVESTIMENTO EPOXI DE ALTA RESISTENCIA QUIMICA, ISENTO DE SOLVENTES, BICOMPONENTE","L     ","CR","78,77"]
[34682,"REVESTIMENTO PARA ESCADA EM GRANILITE, MARMORITE OU GRANITINA ESP = 8 MM (INCLUSO EXECUCAO)","M2    ","AS","92,69"]
[20205,"RIPA DE MADEIRA APARELHADA *1,5 X 5* CM, MACARANDUBA, ANGELIM OU EQUIVALENTE DA REGIAO","M     ","CR","1,54"]
[4412,"RIPA DE MADEIRA NAO APARELHADA *1 X 3* CM, MACARANDUBA, ANGELIM OU EQUIVALENTE DA REGIAO","M     ","CR","0,97"]
[4408,"RIPA DE MADEIRA NAO APARELHADA *1,5 X 5* CM, MACARANDUBA, ANGELIM OU EQUIVALENTE DA REGIAO","M     ","CR","1,32"]
[4505,"RIPA DE MADEIRA NAO APARELHADA *2 X 7* CM, PINUS, MISTA OU EQUIVALENTE DA REGIAO","M     ","CR","3,73"]
[10559,"ROCADEIRA COSTAL COM MOTOR A GASOLINA DE *32* CC","UN    ","AS","2.540,50"]
[10664,"ROCADEIRA DESLOCAVEL, LARGURA DE TRABALHO DE 1,3 M","UN    ","AS","6.904,53"]
[36250,"RODAFORRO EM PVC, PARA FORRO DE PVC, COMPRIMENTO 6 M","M     ","CR","4,71"]
[10857,"RODAPE ARDOSIA, CINZA, 10 CM, E= *1CM","M     ","CR","9,61"]
[4803,"RODAPE DE BORRACHA LISO, H = 70 MM, E = *2* MM, PARA ARGAMASSA, PRETO","M     ","CR","24,04"]
[6186,"RODAPE DE MADEIRA MACICA CUMARU/IPE CHAMPANHE OU EQUIVALENTE DA REGIAO, *1,5 X 7 CM","M     ","AS","10,13"]
[4829,"RODAPE EM MARMORE, POLIDO, BRANCO COMUM, L= *7* CM, E=  *2* CM, CORTE RETO","M     ","AS","37,38"]
[39829,"RODAPE EM POLIESTIRENO, BRANCO, H = *5* CM, E = *1,5* CM","M     ","C ","32,97"]
[20231,"RODAPE OU RODABANCADA EM GRANITO, POLIDO, TIPO ANDORINHA/ QUARTZ/ CASTELO/ CORUMBA OU OUTROS EQUIVALENTES DA REGIAO, H= 10 CM, E=  *2,0* CM","M     ","AS","53,58"]
[4804,"RODAPE PLANO PARA PISO VINILICO, H = 5 CM","M     ","CR","18,45"]
[34680,"RODAPE PRE-MOLDADO DE GRANILITE, MARMORITE OU GRANITINA L = 10 CM","M     ","AS","28,52"]
[11573,"RODIZIO PARA TRILHO (TIPO NAPOLEAO),  EM LATAO, COM ROLAMENTO EM ACO, 6 MM, PARA JANELA DE CORRER","UN    ","CR","5,57"]
[38401,"RODO PARA CHAO 40 CM COM CABO","UN    ","CR","6,79"]
[38179,"ROLDANA CONCOVA DUPLA, EM CHAPA DE ACO, ROLAMENTO INTERNO BLINDADO DE ACO REVESTIDO EM NYLON, PARA PORTA DE CORRER","UN    ","CR","24,42"]
[11575,"ROLDANA DUPLA, EM ZAMAC COM CHAPA DE LATAO, ROLAMENTOS EM ACO, PARA PORTA E JANELA DE CORRER","UN    ","CR","26,35"]
[20256,"ROLDANA PLASTICA COM PREGO, TAMANHO 30 X 30 MM, PARA INSTALACAO ELETRICA APARENTE","UN    ","CR","0,23"]
[14511,"ROLO COMPACTADOR DE PNEUS, ESTATICO, PRESSAO VARIAVEL, POTENCIA 110 HP, PESO SEM/COM LASTRO 10,8/27 T, LARGURA DE ROLAGEM 2,30 M","UN    ","AS","496.736,59"]
[10642,"ROLO COMPACTADOR DE PNEUS, ESTATICO, PRESSAO VARIAVEL, POTENCIA 111 HP, PESO SEM/COM LASTRO 9,5/26,0 T, LARGURA DE ROLAGEM 1,90 M","UN    ","AS","467.950,00"]
[14489,"ROLO COMPACTADOR PE DE CARNEIRO VIBRATORIO, POTENCIA 125 HP, PESO OPERACIONAL SEM/COM LASTRO 11,95/13,30 T, IMPACTO DINAMICO 38,5/22,5 T, LARGURA DE TRABALHO 2,15 M","UN    ","AS","415.062,94"]
[14513,"ROLO COMPACTADOR PE DE CARNEIRO VIBRATORIO, POTENCIA 80 HP, PESO OPERACIONAL SEM/COM LASTRO 7,4/8,8 T, LARGURA DE TRABALHO 1,68 M","UN    ","AS","311.307,05"]
[13600,"ROLO COMPACTADOR VIBRATORIO DE UM CILINDRO LISO DE ACO, POTENCIA 125 HP, PESO SEM/COM LASTRO 10,75/12,92 T, IMPACTO DINAMICO 31,5/18,5 T, LARGURA TRABALHO 2,15 M","UN    ","AS","401.673,77"]
[10646,"ROLO COMPACTADOR VIBRATORIO DE UM CILINDRO, ACO LISO, POTENCIA 80 HP, PESO OPERACIONAL MAXIMO 8,1 T, IMPACTO DINAMICO 16,15/9,5 T, LARGURA TRABALHO 1,68 M","UN    ","AS","299.421,03"]
[6070,"ROLO COMPACTADOR VIBRATORIO PE DE CARNEIRO, COM CONTROLE REMOTO POR RADIO, POTENCIA  12,5 KW, PESO OPERACIONAL DE 1,675 T, LARGURA DE TRABALHO 0,85 M","UN    ","AS","409.121,99"]
[6069,"ROLO COMPACTADOR VIBRATORIO REBOCAVEL, CILINDRO DE ACO LISO, POTENCIA DE TRACAO DE 65 CV, PESO DE 4,7 T, IMPACTO DINAMICO TOTAL DE 18,3 T, LARGURA DO ROLO 1,67 M","UN    ","AS","90.381,22"]
[14626,"ROLO COMPACTADOR VIBRATORIO TANDEM, ACO LISO, POTENCIA 125 HP, PESO SEM/COM LASTRO 10,20/11,65 T, LARGURA DE TRABALHO 1,73 M","UN    ","AS","447.895,02"]
[6067,"ROLO COMPACTADOR VIBRATORIO TANDEM, ACO LISO, POTENCIA 58 CV, PESO SEM/COM LASTRO 6,5/9,4 T, LARGURA DE TRABALHO 1,20 M","UN    ","AS","367.675,00"]
[38393,"ROLO DE ESPUMA POLIESTER 23 CM (SEM CABO)","UN    ","C ","10,00"]
[38390,"ROLO DE LA DE CARNEIRO 23 CM (SEM CABO)","UN    ","CR","22,18"]
[36532,"ROMPEDOR ELETRICO PESO 26 KG, POTENCIA OPERACIONAL DE 2,5 KW","UN    ","AS","19.747,00"]
[11578,"ROSETA QUADRADA, SEM FUROS, EM ACO INOX POLIDO, LARGURA APROXIMADA DE 50 MM, PARA FECHADURA DE PORTA - PARAFUSOS INCLUIDOS","UN    ","CR","8,46"]
[11577,"ROSETA REDONDA DE SOBREPOR, SEM FUROS, EM ACO INOX POLIDO, DIAMETRO APROXIMADO DE 50 MM, PARA FECHADURA DE PORTA - PARAFUSOS INCLUIDOS","UN    ","CR","8,08"]
[42432,"ROTACAO DIAGONAL DUPLA, APARELHO TRIPLO, EM TUBO DE ACO CARBONO, PINTURA NO PROCESSO ELETROSTATICO - EQUIPAMENTO DE GINASTICA PARA ACADEMIA AO AR LIVRE / ACADEMIA DA TERCEIRA IDADE - ATI","UN    ","AS","1.349,51"]
[42437,"ROTACAO VERTICAL DUPLO, EM TUBO DE ACO CARBONO, PINTURA NO PROCESSO ELETROSTATICO - EQUIPAMENTO DE GINASTICA PARA ACADEMIA AO AR LIVRE / ACADEMIA DA TERCEIRA IDADE - ATI","UN    ","AS","1.025,98"]
[1116,"RUFO EXTERNO DE CHAPA DE ACO GALVANIZADA NUM 26, CORTE 25 CM","M     ","CR","14,44"]
[1115,"RUFO EXTERNO DE CHAPA DE ACO GALVANIZADA NUM 26, CORTE 28 CM","M     ","CR","17,30"]
[1113,"RUFO EXTERNO/INTERNO DE CHAPA DE ACO GALVANIZADA NUM 26, CORTE 33 CM","M     ","CR","20,22"]
[1114,"RUFO INTERNO DE CHAPA DE ACO GALVANIZADA NUM 26, CORTE 50 CM","M     ","CR","24,09"]
[40873,"RUFO INTERNO/EXTERNO DE CHAPA DE ACO GALVANIZADA NUM 24, CORTE 25 CM","M     ","CR","18,85"]
[20214,"RUFO PARA TELHA ESTRUTURAL DE FIBROCIMENTO 1 ABA (SEM AMIANTO)","UN    ","CR","45,16"]
[11064,"RUFO PARA TELHA ESTRUTURAL DE FIBROCIMENTO 2 ABAS, COMPRIMENTO DE 1031 MM (SEM AMIANTO)","UN    ","CR","19,15"]
[7237,"RUFO PARA TELHA ONDULADA DE FIBROCIMENTO, E = 6 MM, ABA *260* MM, COMPRIMENTO 1100 MM (SEM AMIANTO)","UN    ","CR","26,12"]
[11757,"SABONETEIRA DE PAREDE EM METAL CROMADO","UN    ","C ","24,70"]
[11758,"SABONETEIRA PLASTICA TIPO DISPENSER PARA SABONETE LIQUIDO COM RESERVATORIO 800 A 1500 ML","UN    ","C ","45,00"]
[37526,"SACO DE RAFIA PARA ENTULHO, NOVO, LISO (SEM CLICHE), *60 x 90* CM","UN    ","CR","1,99"]
[6076,"SAIBRO PARA ARGAMASSA (COLETADO NO COMERCIO)","M3    ","C ","55,20"]
[13109,"SAPATA DE PVC ADITIVADO NERVURADO D = 6\"","UN    ","AS","178,33"]
[13110,"SAPATA DE PVC ADITIVADO NERVURADO D = 8\"","UN    ","AS","234,69"]
[7581,"SAPATILHA EM ACO GALVANIZADO PARA CABOS COM DIAMETRO NOMINAL ATE 5/8\"","UN    ","AS","2,67"]
[20206,"SARRAFO DE MADEIRA APARELHADA *2 X 10* CM, MACARANDUBA, ANGELIM OU EQUIVALENTE DA REGIAO","M     ","CR","4,57"]
[4460,"SARRAFO DE MADEIRA NAO APARELHADA *2,5 X 10 CM, MACARANDUBA, ANGELIM OU EQUIVALENTE DA REGIAO","M     ","CR","5,49"]
[4417,"SARRAFO DE MADEIRA NAO APARELHADA *2,5 X 7* CM, MACARANDUBA, ANGELIM OU EQUIVALENTE DA REGIAO","M     ","CR","3,15"]
[4517,"SARRAFO DE MADEIRA NAO APARELHADA *2,5 X 7,5* CM (1 X 3 \") PINUS, MISTA OU EQUIVALENTE DA REGIAO","M     ","CR","3,00"]
[4512,"SARRAFO DE MADEIRA NAO APARELHADA 2,5 X 5 CM (1 X 2 \") PINUS, MISTA OU EQUIVALENTE DA REGIAO","M     ","CR","2,17"]
[4415,"SARRAFO DE MADEIRA NAO APARELHADA 2,5 X 5 CM, MACARANDUBA, ANGELIM OU EQUIVALENTE DA REGIAO","M     ","CR","2,65"]
[37373,"SEGURO - HORISTA (COLETADO CAIXA)","H     ","C ","0,07"]
[40864,"SEGURO - MENSALISTA (COLETADO CAIXA)","MES   ","C ","13,07"]
[4734,"SEIXO ROLADO PARA APLICACAO EM CONCRETO (POSTO PEDREIRA/FORNECEDOR, SEM FRETE)","M3    ","CR","111,95"]
[6085,"SELADOR ACRILICO PAREDES INTERNAS/EXTERNAS","L     ","C ","5,14"]
[38396,"SELADOR HORIZONTAL PARA FITA DE ACO 1 \"","UN    ","CR","512,12"]
[6090,"SELADOR PVA PAREDES INTERNAS","L     ","CR","9,76"]
[11622,"SELANTE A BASE DE ALCATRAO E POLIURETANO PARA JUNTAS HORIZONTAIS","KG    ","CR","59,35"]
[6094,"SELANTE A BASE DE RESINAS ACRILICAS PARA TRINCAS","KG    ","CR","16,51"]
[43143,"SELANTE ACRILICO PARA TRATAMENTO / ACABAMENTO SUPERFICIAL DE CONCRETO ESTAMPADO, APARENTE, PEDRAS E OUTROS","L     ","CR","22,42"]
[7317,"SELANTE DE BASE ASFALTICA PARA VEDACAO","KG    ","CR","28,68"]
[142,"SELANTE ELASTICO MONOCOMPONENTE A BASE DE POLIURETANO (PU) PARA JUNTAS DIVERSAS","310ML ","CR","28,01"]
[43142,"SELANTE MONOCOMPONENTE A BASE DE SILICONE DE BAIXO MODULO, PARA JUNTAS DE PAVIMENTACAO","L     ","CR","127,22"]
[38123,"SELANTE TIPO VEDA CALHA PARA METAL E FIBROCIMENTO","KG    ","C ","50,04"]
[42701,"SELIM COMPACTO EM PVC, SEM TRAVA,  DN 150 X 100 MM, PARA REDE COLETORA ESGOTO (NBR 10569)","UN    ","AS","26,01"]
[42702,"SELIM COMPACTO EM PVC, SEM TRAVA,  DN 200 X 100 MM, PARA REDE COLETORA ESGOTO (NBR 10569)","UN    ","AS","46,22"]
[37955,"SELIM COMPACTO EM PVC, SEM TRAVAS,  DN 300 X 100 MM, PARA REDE COLETORA ESGOTO (NBR 10569)","UN    ","AS","59,90"]
[42699,"SELIM PVC, COM TRAVA, JE, 90 GRAUS,  DN 125 X 100 MM OU 150 X 100 MM, PARA REDE COLETORA ESGOTO (NBR 10569)","UN    ","AS","15,89"]
[42700,"SELIM PVC, SOLDAVEL, SEM TRAVA, JE, 90 GRAUS,  DN 200 X 100 MM, PARA REDE COLETORA ESGOTO (NBR 10569)","UN    ","AS","45,30"]
[37743,"SEMIRREBOQUE COM DOIS EIXOS EM TANDEM TIPO BASCULANTE COM CACAMBA METALICA 14 M3  (INCLUI MONTAGEM, NAO INCLUI CAVALO MECANICO)","UN    ","AS","138.133,98"]
[37744,"SEMIRREBOQUE COM TRES EIXOS EM TANDEM TIPO BASCULANTE COM CACAMBA METALICA 18 M3 (INCLUI MONTAGEM, NAO INCLUI CAVALO MECANICO)","UN    ","AS","162.419,58"]
[37741,"SEMIRREBOQUE COM TRES EIXOS, PARA TRANSPORTE DE CARGA SECA, DIMENSOES APROXIMADAS 2,60 X 12,50 X 0,50 M (NAO INCLUI CAVALO MECANICO)","UN    ","AS","125.604,47"]
[39396,"SENSOR DE PRESENCA BIVOLT COM FOTOCELULA PARA QUALQUER TIPO DE LAMPADA, POTENCIA MAXIMA *1000* W, USO EXTERNO","UN    ","CR","35,86"]
[39392,"SENSOR DE PRESENCA BIVOLT DE PAREDE COM FOTOCELULA PARA QUALQUER TIPO DE LAMPADA POTENCIA MAXIMA *1000* W, USO INTERNO","UN    ","CR","40,45"]
[39393,"SENSOR DE PRESENCA BIVOLT DE PAREDE SEM FOTOCELULA PARA QUALQUER TIPO DE LAMPADA POTENCIA MAXIMA *1000* W, USO INTERNO","UN    ","CR","25,01"]
[39394,"SENSOR DE PRESENCA BIVOLT DE TETO COM FOTOCELULA PARA QUALQUER TIPO DE LAMPADA POTENCIA MAXIMA *1000* W, USO INTERNO","UN    ","CR","28,15"]
[39395,"SENSOR DE PRESENCA BIVOLT DE TETO SEM FOTOCELULA PARA QUALQUER TIPO DE LAMPADA POTENCIA MAXIMA *900* W, USO INTERNO","UN    ","CR","26,18"]
[14618,"SERRA CIRCULAR DE BANCADA COM MOTOR ELETRICO, POTENCIA DE *1600* W, PARA DISCO DE DIAMETRO DE 10\" (250 MM)","UN    ","CR","1.145,09"]
[40269,"SERRA CIRCULAR DE BANCADA, MODELO PICA-PAU, DIAMETRO DE 350 MM. CARACTERISTICAS DO MOTOR: TRIFASICO, POTENCIA DE 5 HP, FREQUENCIA DE 60 HZ","UN    ","CR","4.613,51"]
[6110,"SERRALHEIRO","H     ","CR","13,62"]
[40910,"SERRALHEIRO (MENSALISTA)","MES   ","CR","2.387,47"]
[6111,"SERVENTE DE OBRAS","H     ","C ","10,22"]
[41084,"SERVENTE DE OBRAS (MENSALISTA)","MES   ","CR","1.791,54"]
[25950,"SERVICO DE BOMBEAMENTO DE CONCRETO COM CONSUMO MINIMO DE 40 M3","M3    ","CR","33,80"]
[38637,"SIFAO EM METAL CROMADO PARA PIA AMERICANA, 1.1/2 X 1.1/2 \"","UN    ","CR","188,76"]
[6150,"SIFAO EM METAL CROMADO PARA PIA AMERICANA, 1.1/2 X 2 \"","UN    ","CR","191,07"]
[6136,"SIFAO EM METAL CROMADO PARA PIA OU LAVATORIO, 1 X 1.1/2 \"","UN    ","C ","150,19"]
[38638,"SIFAO EM METAL CROMADO PARA TANQUE, 1.1/4 X 1.1/2 \"","UN    ","CR","159,06"]
[20262,"SIFAO PLASTICO EXTENSIVEL UNIVERSAL, TIPO COPO","UN    ","CR","9,33"]
[6148,"SIFAO PLASTICO FLEXIVEL SAIDA VERTICAL PARA COLUNA LAVATORIO, 1 X 1.1/2 \"","UN    ","C ","6,00"]
[6145,"SIFAO PLASTICO TIPO COPO PARA PIA AMERICANA 1.1/2 X 1.1/2 \"","UN    ","CR","10,75"]
[6149,"SIFAO PLASTICO TIPO COPO PARA PIA OU LAVATORIO, 1 X 1.1/2 \"","UN    ","CR","10,16"]
[6146,"SIFAO PLASTICO TIPO COPO PARA TANQUE, 1.1/4 X 1.1/2 \"","UN    ","CR","10,78"]
[26026,"SILICA ATIVA PARA ADICAO EM CONCRETO E ARGAMASSA","KG    ","CR","2,35"]
[39961,"SILICONE ACETICO USO GERAL INCOLOR 280 G","UN    ","CR","18,50"]
[42433,"SIMULADOR DE CAMINHADA TRIPLO, EM TUBO DE ACO CARBONO, PINTURA NO PROCESSO ELETROSTATICO - EQUIPAMENTO DE GINASTICA PARA ACADEMIA AO AR LIVRE / ACADEMIA DA TERCEIRA IDADE - ATI","UN    ","AS","2.665,57"]
[42434,"SIMULADOR DE CAVALGADA TRIPLO, EM TUBO DE ACO CARBONO, PINTURA NO PROCESSO ELETROSTATICO - EQUIPAMENTO DE GINASTICA PARA ACADEMIA AO AR LIVRE / ACADEMIA DA TERCEIRA IDADE - ATI","UN    ","AS","2.880,54"]
[42435,"SIMULADOR DE REMO INDIVIDUAL, EM TUBO DE ACO CARBONO, PINTURA NO PROCESSO ELETROSTATICO - EQUIPAMENTO DE GINASTICA PARA ACADEMIA AO AR LIVRE / ACADEMIA DA TERCEIRA IDADE - ATI","UN    ","AS","1.436,41"]
[38061,"SINALIZADOR NOTURNO SIMPLES PARA PARA-RAIOS, SEM RELE FOTOELETRICO","UN    ","CR","38,81"]
[20250,"SISAL EM FIBRA","KG    ","C ","9,00"]
[39965,"SISTEMA DE FORMAS MANUSEAVEIS DE ALUMINIO, PARA BLOCO RESID. COM PAREDES DE CONCRETO MOLDADAS IN LOCO, BLOCO COM 4 PAV. E 4 UNIDADES POR PAV., UNIDADE HABITACIONALCOM 48 M2 E 2 QUARTOS; TELHA DE FIBROCIMENTO (COLETADO CAIXA)","M2    ","AS","1.325,85"]
[39964,"SISTEMA DE FORMAS MANUSEAVEIS DE ALUMINIO, PARA EDIF. RESID. UNIFAMILIAR COM PAREDES DE CONCRETO MOLDADAS IN LOCO, UNIDADE HABITACIONAL TERREA COM 38 M2, COM SALA, CIRCULACAO, 2 QUARTOS, BANHEIRO, COZINHA E TANQUE EXTERNO (SEM COBERTURA) (COLETADO CAIXA)","M2    ","AS","1.126,16"]
[13388,"SOLDA EM BARRA DE ESTANHO-CHUMBO 50/50","KG    ","CR","113,00"]
[39914,"SOLDA EM VARETA FOSCOPER, D = *2,5* MM  X COMPRIMENTO 500 MM","KG    ","AS","176,25"]
[12732,"SOLDA ESTANHO/COBRE PARA CONEXOES DE COBRE, FIO 2,5 MM, CARRETEL 500 GR (SEM CHUMBO)","UN    ","AS","203,37"]
[6160,"SOLDADOR","H     ","C ","15,12"]
[41087,"SOLDADOR (MENSALISTA)","MES   ","CR","2.651,49"]
[6166,"SOLDADOR ELETRICO (PARA SOLDA A SER TESTADA COM RAIOS \"X\")","H     ","CR","19,34"]
[41088,"SOLDADOR ELETRICO (PARA SOLDA A SER TESTADA COM RAIOS \"X\") (MENSALISTA)","MES   ","CR","3.391,27"]
[20232,"SOLEIRA EM GRANITO, POLIDO, TIPO ANDORINHA/ QUARTZ/ CASTELO/ CORUMBA OU OUTROS EQUIVALENTES DA REGIAO, L= *15* CM, E=  *2,0* CM","M     ","AS","75,84"]
[10856,"SOLEIRA PRE-MOLDADA EM GRANILITE, MARMORITE OU GRANITINA, L = *15 CM","M     ","AS","78,43"]
[4828,"SOLEIRA/ PEITORIL EM MARMORE, POLIDO, BRANCO COMUM, L= *15* CM, E=  *2* CM,  CORTE RETO","M     ","AS","55,79"]
[20249,"SOLEIRA/ TABEIRA EM MARMORE, POLIDO, BRANCO COMUM, L= 5 CM, E=  *2,0* CM","M     ","AS","30,55"]
[11609,"SOLUCAO ASFALTICA ELASTOMERICA PARA IMPRIMACAO, APLICACAO A FRIO","L     ","CR","9,86"]
[20083,"SOLUCAO LIMPADORA PARA PVC, FRASCO COM 1000 CM3","UN    ","CR","39,22"]
[20082,"SOLUCAO LIMPADORA PARA PVC, FRASCO COM 200 CM3","UN    ","CR","15,28"]
[5318,"SOLVENTE DILUENTE A BASE DE AGUARRAS","L     ","C ","13,56"]
[10691,"SOLVENTE PARA COLA (PARA LAMINADO MELAMINICO) A BASE DE RESINA SINTETICA","L     ","CR","41,71"]
[12295,"SOQUETE DE BAQUELITE BASE E27, PARA LAMPADAS","UN    ","CR","1,96"]
[12296,"SOQUETE DE PORCELANA BASE E27, FIXO DE TETO, PARA LAMPADAS","UN    ","CR","2,54"]
[12294,"SOQUETE DE PORCELANA BASE E27, PARA USO AO TEMPO, PARA LAMPADAS","UN    ","CR","6,11"]
[14543,"SOQUETE DE PVC / TERMOPLASTICO BASE E27, COM CHAVE, PARA LAMPADAS","UN    ","CR","4,36"]
[13329,"SOQUETE DE PVC / TERMOPLASTICO BASE E27, COM RABICHO, PARA LAMPADAS","UN    ","C ","2,56"]
[21044,"SPRINKLER TIPO PENDENTE, 68 GRAUS CELSIUS (BULBO VERMELHO), ACABAMENTO CROMADO, 1/2\" - 15 MM","UN    ","CR","25,55"]
[21045,"SPRINKLER TIPO PENDENTE, 68 GRAUS CELSIUS (BULBO VERMELHO), ACABAMENTO CROMADO, 3/4\" - 20 MM","UN    ","CR","34,99"]
[21040,"SPRINKLER TIPO PENDENTE, 68 GRAUS CELSIUS (BULBO VERMELHO), ACABAMENTO NATURAL, 1/2\" - 15 MM","UN    ","C ","25,00"]
[21041,"SPRINKLER TIPO PENDENTE, 68 GRAUS CELSIUS (BULBO VERMELHO), ACABAMENTO NATURAL, 3/4\" - 20 MM","UN    ","CR","30,18"]
[21047,"SPRINKLER TIPO PENDENTE, 79 GRAUS CELSIUS (BULBO AMARELO), ACABAMENTO CROMADO, 3/4\" - 20 MM","UN    ","CR","37,66"]
[21043,"SPRINKLER TIPO PENDENTE, 79 GRAUS CELSIUS (BULBO AMARELO), ACABAMENTO NATURAL, 3/4\" - 20 MM","UN    ","CR","36,67"]
[21042,"SPRINKLER TIPO PENDENTE, 79 GRAUS CELSIUS (BULBO AMARELO,) ACABAMENTO NATURAL OU CROMADO, 1/2\" - 15 MM","UN    ","CR","29,03"]
[14149,"SUPORTE \"Y\" PARA FITA PERFURADA","CENTO ","AS","161,13"]
[38099,"SUPORTE DE FIXACAO PARA ESPELHO / PLACA 4\" X 2\", PARA 3 MODULOS, PARA INSTALACAO DE TOMADAS E INTERRUPTORES (SOMENTE SUPORTE)","UN    ","CR","1,11"]
[38100,"SUPORTE DE FIXACAO PARA ESPELHO / PLACA 4\" X 4\", PARA 6 MODULOS, PARA INSTALACAO DE TOMADAS E INTERRUPTORES (SOMENTE SUPORTE)","UN    ","CR","1,81"]
[20061,"SUPORTE DE PVC PARA CALHA PLUVIAL, DIAMETRO ENTRE 119 E 170 MM, PARA DRENAGEM PREDIAL","UN    ","AS","2,76"]
[7576,"SUPORTE EM ACO GALVANIZADO PARA TRANSFORMADOR PARA POSTE DUPLO T 185 X 95 MM, CHAPA DE 5/16\"","UN    ","AS","109,74"]
[3384,"SUPORTE GUIA SIMPLES COM ROLDANA EM POLIPROPILENO PARA CHUMBAR, H = 20 CM","UN    ","CR","4,38"]
[7572,"SUPORTE ISOLADOR REFORCADO DIAMETRO NOMINAL 5/16\", COM ROSCA SOBERBA E BUCHA","UN    ","CR","6,20"]
[3396,"SUPORTE ISOLADOR SIMPLES DIAMETRO NOMINAL 5/16\", COM ROSCA SOBERBA E BUCHA","UN    ","CR","4,39"]
[37590,"SUPORTE MAO-FRANCESA EM ACO, ABAS IGUAIS 30 CM, CAPACIDADE MINIMA 60 KG, BRANCO","UN    ","AS","10,71"]
[37591,"SUPORTE MAO-FRANCESA EM ACO, ABAS IGUAIS 40 CM, CAPACIDADE MINIMA 70 KG, BRANCO","UN    ","AS","12,87"]
[12626,"SUPORTE METALICO PARA CALHA PLUVIAL,  ZINCADO, DOBRADO, DIAMETRO ENTRE 119 E 170 MM, PARA DRENAGEM PREDIAL","UN    ","AS","13,28"]
[11033,"SUPORTE PARA CALHA DE 150 MM EM FERRO GALVANIZADO","UN    ","CR","4,87"]
[390,"SUPORTE PARA TUBO DIAMETRO NOMINAL 2\", COM ROSCA MECANICA","UN    ","CR","8,83"]
[42436,"SURF DUPLO, EM TUBO DE ACO CARBONO, PINTURA NO PROCESSO ELETROSTATICO - EQUIPAMENTO DE GINASTICA PARA ACADEMIA AO AR LIVRE / ACADEMIA DA TERCEIRA IDADE - ATI","UN    ","AS","1.503,52"]
[6178,"TABUA DE  MADEIRA PARA PISO, CUMARU/IPE CHAMPANHE OU EQUIVALENTE DA REGIAO, ENCAIXE MACHO/FEMEA, *10 X 2* CM","M2    ","AS","169,09"]
[6180,"TABUA DE  MADEIRA PARA PISO, CUMARU/IPE CHAMPANHE OU EQUIVALENTE DA REGIAO, ENCAIXE MACHO/FEMEA, *15 X 2* CM","M2    ","AS","182,50"]
[6182,"TABUA DE  MADEIRA PARA PISO, IPE (CERNE) OU EQUIVALENTE DA REGIAO, ENCAIXE MACHO/FEMEA, *20 X 2* CM","M2    ","AS","226,52"]
[3993,"TABUA DE MADEIRA APARELHADA *2,5 X 15* CM, MACARANDUBA, ANGELIM OU EQUIVALENTE DA REGIAO","M2    ","CR","59,35"]
[3990,"TABUA DE MADEIRA APARELHADA *2,5 X 25* CM, MACARANDUBA, ANGELIM OU EQUIVALENTE DA REGIAO","M     ","CR","13,11"]
[3992,"TABUA DE MADEIRA APARELHADA *2,5 X 30* CM, MACARANDUBA, ANGELIM OU EQUIVALENTE DA REGIAO","M     ","CR","16,10"]
[4509,"TABUA DE MADEIRA NAO APARELHADA *2,5 X 10 CM (1 X 4 \") PINUS, MISTA OU EQUIVALENTE DA REGIAO","M     ","CR","4,57"]
[6194,"TABUA DE MADEIRA NAO APARELHADA *2,5 X 15 CM (1 X 6 \") PINUS, MISTA OU EQUIVALENTE DA REGIAO","M     ","CR","6,21"]
[6193,"TABUA DE MADEIRA NAO APARELHADA *2,5 X 20* CM, CEDRINHO OU EQUIVALENTE DA REGIAO","M     ","CR","6,25"]
[10567,"TABUA DE MADEIRA NAO APARELHADA *2,5 X 23* CM (1 x 9 \") PINUS, MISTA OU EQUIVALENTE DA REGIAO","M     ","CR","10,29"]
[6212,"TABUA DE MADEIRA NAO APARELHADA *2,5 X 30 CM (1 X 12 \") PINUS, MISTA OU EQUIVALENTE DA REGIAO","M     ","C ","16,87"]
[6189,"TABUA DE MADEIRA NAO APARELHADA *2,5 X 30* CM, CEDRINHO OU EQUIVALENTE DA REGIAO","M     ","CR","9,14"]
[6214,"TACO DE MADEIRA PARA PISO, IPE (CERNE) OU EQUIVALENTE DA REGIAO, 7 X 42 CM, E = 2 CM","M2    ","AS","105,92"]
[36153,"TALABARTE DE SEGURANCA, 2 MOSQUETOES TRAVA DUPLA *53* MM DE ABERTURA, COM ABSORVEDOR DE ENERGIA","UN    ","CR","157,55"]
[10740,"TALHA ELETRICA 3 T, VELOCIDADE  2,1 M / MIN, POTENCIA 1,3 KW","UN    ","AS","9.935,66"]
[13914,"TALHA MANUAL DE CORRENTE, CAPACIDADE DE 1 T COM ELEVACAO DE 3 M","UN    ","AS","718,88"]
[10742,"TALHA MANUAL DE CORRENTE, CAPACIDADE DE 2 T COM ELEVACAO DE 3 M","UN    ","AS","1.048,50"]
[38465,"TALHADEIRA COM PUNHO DE PROTECAO *20 X 250* MM","UN    ","CR","30,92"]
[7543,"TAMPA CEGA EM PVC PARA CONDULETE 4 X 2\"","UN    ","CR","3,27"]
[43427,"TAMPA DE CONCRETO ARMADO PARA FOSSA SEPTICA, DIAMETRO NOMINAL DE 3,00 M E ESPESSURA MINIMA DE 100 MM","UN    ","CR","1.214,29"]
[41613,"TAMPA DE CONCRETO ARMADO PARA FOSSA, D = *0,90* M, E = 0,05 M","UN    ","CR","78,05"]
[41614,"TAMPA DE CONCRETO ARMADO PARA FOSSA, D = *1,10* M, E = 0,05 M","UN    ","CR","99,46"]
[41615,"TAMPA DE CONCRETO ARMADO PARA FOSSA, D = *1,35* M, E = 0,05 M","UN    ","CR","153,72"]
[41616,"TAMPA DE CONCRETO ARMADO PARA FOSSA, D = 1,50 M, E = 0,05 M","UN    ","CR","229,68"]
[41617,"TAMPA DE CONCRETO ARMADO PARA FOSSA, D = 2,00 M, E = 0,05 M","UN    ","CR","456,69"]
[41618,"TAMPA DE CONCRETO ARMADO PARA FOSSA, D = 2,50 M, E = 0,05 M","UN    ","CR","840,75"]
[43428,"TAMPA DE CONCRETO ARMADO PARA POCO DE INSPECAO, COM FURO E TAMPINHA, DIAMETRO NOMINAL DE 3,00 M E ESPESSURA MINIMA DE 100 MM","UN    ","CR","1.476,79"]
[41619,"TAMPA DE CONCRETO ARMADO PARA POCO, COM  FURO E TAMPINHA, D = *0,90* M, E = 0,05 M","UN    ","CR","95,68"]
[41620,"TAMPA DE CONCRETO ARMADO PARA POCO, COM  FURO E TAMPINHA, D = *1,10* M, E = 0,05 M","UN    ","CR","120,86"]
[41622,"TAMPA DE CONCRETO ARMADO PARA POCO, COM  FURO E TAMPINHA, D = *1,35* M, E = 0,05 M","UN    ","CR","209,62"]
[41623,"TAMPA DE CONCRETO ARMADO PARA POCO, COM  FURO E TAMPINHA, D = 1,50 M, E = 0,05 M","UN    ","CR","322,30"]
[41624,"TAMPA DE CONCRETO ARMADO PARA POCO, COM  FURO E TAMPINHA, D = 2,00 M, E = 0,05 M","UN    ","CR","604,31"]
[41625,"TAMPA DE CONCRETO ARMADO PARA POCO, COM  FURO E TAMPINHA, D = 2,50 M, E = 0,05 M","UN    ","CR","929,76"]
[13255,"TAMPA DE CONCRETO PARA PV OU CAIXA DE INSPECAO, DIMENSOES 600 X 600 X 50 MM","UN    ","CR","47,34"]
[39352,"TAMPA PARA CONDULETE, EM PVC, PARA TOMADA HEXAGONAL","UN    ","CR","2,02"]
[39346,"TAMPA PARA CONDULETE, EM PVC, PARA 1 INTERRUPTOR","UN    ","CR","2,02"]
[39350,"TAMPA PARA CONDULETE, EM PVC, PARA 1 MODULO RJ","UN    ","CR","2,17"]
[39351,"TAMPA PARA CONDULETE, EM PVC, PARA 2 MODULOS RJ","UN    ","CR","2,51"]
[38952,"TAMPAO / CAP, ROSCA FEMEA, METALICO, PARA TUBO PEX, DN 1/2\"","UN    ","AS","2,78"]
[38953,"TAMPAO / CAP, ROSCA FEMEA, METALICO, PARA TUBO PEX, DN 3/4\"","UN    ","AS","4,39"]
[38835,"TAMPAO / CAP, ROSCA MACHO, PARA TUBO PEX, DN 1/2\"","UN    ","AS","3,94"]
[38837,"TAMPAO / CAP, ROSCA MACHO, PARA TUBO PEX, DN 1\"","UN    ","AS","10,25"]
[38836,"TAMPAO / CAP, ROSCA MACHO, PARA TUBO PEX, DN 3/4\"","UN    ","AS","5,67"]
[2666,"TAMPAO / TERMINAL / PLUG, D = 1 1/4\" , PARA DUTO CORRUGADO PEAD (CABEAMENTO SUBTERRANEO)","UN    ","AS","5,28"]
[2668,"TAMPAO / TERMINAL / PLUG, D = 2\" , PARA DUTO CORRUGADO PEAD (CABEAMENTO SUBTERRANEO)","UN    ","AS","6,02"]
[2664,"TAMPAO / TERMINAL / PLUG, D = 3\" , PARA DUTO CORRUGADO PEAD (CABEAMENTO SUBTERRANEO)","UN    ","AS","8,89"]
[2662,"TAMPAO / TERMINAL / PLUG, D = 4\" , PARA DUTO CORRUGADO PEAD (CABEAMENTO SUBTERRANEO)","UN    ","AS","10,90"]
[20964,"TAMPAO COM CORRENTE, EM LATAO, ENGATE RAPIDO 1 1/2\", PARA INSTALACAO PREDIAL DE COMBATE A INCENDIO","UN    ","CR","64,91"]
[10905,"TAMPAO COM CORRENTE, EM LATAO, ENGATE RAPIDO 2 1/2\", PARA INSTALACAO PREDIAL DE COMBATE A INCENDIO","UN    ","CR","87,08"]
[42703,"TAMPAO COMPLETO PARA TIL, EM PVC, OCRE, DN 100 MM, PARA REDE COLETORA DE ESGOTO","UN    ","AS","50,90"]
[42704,"TAMPAO COMPLETO PARA TIL, EM PVC, OCRE, DN 150 MM, PARA REDE COLETORA DE ESGOTO","UN    ","AS","78,15"]
[42705,"TAMPAO COMPLETO PARA TIL, EM PVC, OCRE, DN 200 MM, PARA REDE COLETORA DE ESGOTO","UN    ","AS","99,70"]
[42706,"TAMPAO COMPLETO PARA TIL, EM PVC, OCRE, DN 250 MM, PARA REDE COLETORA DE ESGOTO","UN    ","AS","123,48"]
[11289,"TAMPAO FOFO ARTICULADO P/ REGISTRO, CLASSE A15 CARGA MAX 1,5 T, *200 X 200* MM","UN    ","AS","64,50"]
[11241,"TAMPAO FOFO ARTICULADO P/ REGISTRO, CLASSE A15 CARGA MAXIMA 1,5 T, *400 X 400* MM","UN    ","AS","161,27"]
[11301,"TAMPAO FOFO ARTICULADO, CLASSE B125 CARGA MAX 12,5 T, REDONDO TAMPA 600 MM, REDE PLUVIAL/ESGOTO","UN    ","AS","408,93"]
[21090,"TAMPAO FOFO ARTICULADO, CLASSE D400 CARGA MAX 40 T, REDONDO TAMPA *600 MM, REDE PLUVIAL/ESGOTO","UN    ","AS","501,09"]
[14112,"TAMPAO FOFO SIMPLES COM BASE, CLASSE A15 CARGA MAX 1,5 T, *400 X 600* MM, REDE TELEFONE","UN    ","AS","209,07"]
[11315,"TAMPAO FOFO SIMPLES COM BASE, CLASSE A15 CARGA MAX 1,5 T, 300 X 300 MM, REDE PLUVIAL/ESGOTO","UN    ","AS","97,91"]
[11292,"TAMPAO FOFO SIMPLES COM BASE, CLASSE A15 CARGA MAX 1,5 T, 300 X 400 MM","UN    ","AS","229,23"]
[21071,"TAMPAO FOFO SIMPLES COM BASE, CLASSE A15 CARGA MAX 1,5 T, 400 X 400 MM, REDE PLUVIAL/ESGOTO/ELETRICA","UN    ","AS","149,75"]
[11293,"TAMPAO FOFO SIMPLES COM BASE, CLASSE A15 CARGA MAX 1,5 T, 400 X 500 MM, COM INSCRICAO INCENDIO","UN    ","AS","253,42"]
[11316,"TAMPAO FOFO SIMPLES COM BASE, CLASSE B125 CARGA MAX 12,5 T, REDONDO TAMPA 500 MM, REDE PLUVIAL/ESGOTO","UN    ","AS","322,54"]
[6243,"TAMPAO FOFO SIMPLES COM BASE, CLASSE B125 CARGA MAX 12,5 T, REDONDO TAMPA 600 MM, REDE PLUVIAL/ESGOTO","UN    ","AS","371,50"]
[21079,"TAMPAO FOFO SIMPLES COM BASE, CLASSE D400 CARGA MAX 40 T, REDONDO TAMPA 500 MM, REDE PLUVIAL/ESGOTO","UN    ","AS","442,92"]
[6240,"TAMPAO FOFO SIMPLES COM BASE, CLASSE D400 CARGA MAX 40 T, REDONDO TAMPA 600 MM, REDE PLUVIAL/ESGOTO","UN    ","AS","491,87"]
[11296,"TAMPAO FOFO SIMPLES COM BASE, CLASSE D400 CARGA MAX 40 T, REDONDO TAMPA 900 MM, REDE PLUVIAL/ESGOTO","UN    ","AS","1.567,21"]
[11299,"TAMPAO FOFO SIMPLES, CLASSE A15 CARGA MAX 1,5 T, *550 X 1100* MM, REDE TELEFONE","UN    ","AS","530,46"]
[11066,"TAMPAO PARA TELHA ESTRUTURAL DE FIBROCIMENTO 1 ABA, DE 370 X 155 X 76 MM (SEM AMIANTO)","UN    ","CR","15,89"]
[11065,"TAMPAO PARA TELHA ESTRUTURAL DE FIBROCIMENTO 2 ABAS, DE 787 X 215 X 60 MM (SEM AMIANTO)","UN    ","CR","18,21"]
[11688,"TANQUE ACO INOXIDAVEL (ACO 304) COM ESFREGADOR E VALVULA, DE *50 X 40 X 22* CM","UN    ","CR","305,29"]
[37736,"TANQUE DE ACO CARBONO NAO REVESTIDO, PARA TRANSPORTE DE AGUA COM CAPACIDADE DE 10 M3, COM BOMBA CENTRIFUGA POR TOMADA DE FORCA, VAZAO MAXIMA *75* M3/H (INCLUI MONTAGEM, NAO INCLUI CAMINHAO)","UN    ","AS","57.000,00"]
[37739,"TANQUE DE ACO PARA TRANSPORTE DE AGUA COM CAPACIDADE DE 14 M3 (INCLUI MONTAGEM, NAO INCLUI CAMINHAO)","UN    ","AS","70.153,84"]
[37740,"TANQUE DE ACO PARA TRANSPORTE DE AGUA COM CAPACIDADE DE 4 M3 (INCLUI MONTAGEM, NAO INCLUI CAMINHAO)","UN    ","AS","40.033,44"]
[37738,"TANQUE DE ACO PARA TRANSPORTE DE AGUA COM CAPACIDADE DE 6 M3 (INCLUI MONTAGEM, NAO INCLUI CAMINHAO)","UN    ","AS","47.563,54"]
[37737,"TANQUE DE ACO PARA TRANSPORTE DE AGUA COM CAPACIDADE DE 8 M3 (INCLUI MONTAGEM, NAO INCLUI CAMINHAO)","UN    ","AS","37.841,13"]
[25014,"TANQUE DE ASFALTO ESTACIONARIO COM MACARICO, CAPACIDADE 20.000 L","UN    ","AS","79.256,68"]
[25013,"TANQUE DE ASFALTO ESTACIONARIO COM SERPENTINA, CAPACIDADE 20.000 L","UN    ","AS","83.069,40"]
[14405,"TANQUE DE ASFALTO ESTACIONARIO COM SERPENTINA, CAPACIDADE 30.000 L","UN    ","AS","97.510,03"]
[36790,"TANQUE DUPLO EM MARMORE SINTETICO COM CUBA LISA E ESFREGADOR, *110 X 60* CM","UN    ","CR","112,77"]
[20271,"TANQUE LOUCA BRANCA COM COLUNA *30* L","UN    ","CR","479,45"]
[10423,"TANQUE LOUCA BRANCA SUSPENSO *20* L","UN    ","CR","297,37"]
[37589,"TANQUE SIMPLES EM MARMORE SINTETICO COM COLUNA, CAPACIDADE *22* L, *60 X 46* CM","UN    ","CR","138,17"]
[11690,"TANQUE SIMPLES EM MARMORE SINTETICO DE FIXAR NA PAREDE, CAPACIDADE *22* L, *60 X 46* CM","UN    ","CR","73,40"]
[20234,"TANQUE SIMPLES EM MARMORE SINTETICO SUSPENSO, CAPACIDADE *38* L, *60 X 60* CM","UN    ","CR","92,89"]
[4763,"TAQUEADOR OU TAQUEIRO","H     ","CR","16,69"]
[41070,"TAQUEADOR OU TAQUEIRO (MENSALISTA)","MES   ","CR","2.929,75"]
[14583,"TARIFA \"A\" ENTRE  0 E 20M3 FORNECIMENTO D'AGUA","M3    ","CR","12,86"]
[11457,"TARJETA TIPO LIVRE / OCUPADO, CROMADA, PARA PORTA DE BANHEIRO","UN    ","CR","22,52"]
[21121,"TE CPVC, SOLDAVEL, 90 GRAUS, 15 MM, PARA AGUA QUENTE PREDIAL","UN    ","AS","2,24"]
[38010,"TE CPVC, SOLDAVEL, 90 GRAUS, 22 MM, PARA AGUA QUENTE PREDIAL","UN    ","AS","3,67"]
[38011,"TE CPVC, SOLDAVEL, 90 GRAUS, 28 MM, PARA AGUA QUENTE PREDIAL","UN    ","AS","6,77"]
[38012,"TE CPVC, SOLDAVEL, 90 GRAUS, 35 MM, PARA AGUA QUENTE PREDIAL","UN    ","AS","23,15"]
[38013,"TE CPVC, SOLDAVEL, 90 GRAUS, 42 MM, PARA AGUA QUENTE PREDIAL","UN    ","AS","30,05"]
[38014,"TE CPVC, SOLDAVEL, 90 GRAUS, 54 MM, PARA AGUA QUENTE PREDIAL","UN    ","AS","48,91"]
[38015,"TE CPVC, SOLDAVEL, 90 GRAUS, 73 MM, PARA AGUA QUENTE PREDIAL","UN    ","AS","118,10"]
[38016,"TE CPVC, SOLDAVEL, 90 GRAUS, 89 MM, PARA AGUA QUENTE PREDIAL","UN    ","AS","143,70"]
[12741,"TE DE COBRE (REF 611) SEM ANEL DE SOLDA, BOLSA X BOLSA X BOLSA, 104 MM","UN    ","AS","976,52"]
[12733,"TE DE COBRE (REF 611) SEM ANEL DE SOLDA, BOLSA X BOLSA X BOLSA, 15 MM","UN    ","AS","4,91"]
[12734,"TE DE COBRE (REF 611) SEM ANEL DE SOLDA, BOLSA X BOLSA X BOLSA, 22 MM","UN    ","AS","10,47"]
[12735,"TE DE COBRE (REF 611) SEM ANEL DE SOLDA, BOLSA X BOLSA X BOLSA, 28 MM","UN    ","AS","17,23"]
[12736,"TE DE COBRE (REF 611) SEM ANEL DE SOLDA, BOLSA X BOLSA X BOLSA, 35 MM","UN    ","AS","39,38"]
[12737,"TE DE COBRE (REF 611) SEM ANEL DE SOLDA, BOLSA X BOLSA X BOLSA, 42 MM","UN    ","AS","50,74"]
[12738,"TE DE COBRE (REF 611) SEM ANEL DE SOLDA, BOLSA X BOLSA X BOLSA, 54 MM","UN    ","AS","100,28"]
[12739,"TE DE COBRE (REF 611) SEM ANEL DE SOLDA, BOLSA X BOLSA X BOLSA, 66 MM","UN    ","AS","285,46"]
[12740,"TE DE COBRE (REF 611) SEM ANEL DE SOLDA, BOLSA X BOLSA X BOLSA, 79 MM","UN    ","AS","446,62"]
[6297,"TE DE FERRO GALVANIZADO, DE 1 1/2\"","UN    ","AS","25,15"]
[6296,"TE DE FERRO GALVANIZADO, DE 1 1/4\"","UN    ","AS","19,85"]
[6294,"TE DE FERRO GALVANIZADO, DE 1/2\"","UN    ","AS","5,66"]
[6323,"TE DE FERRO GALVANIZADO, DE 1\"","UN    ","AS","12,97"]
[6299,"TE DE FERRO GALVANIZADO, DE 2 1/2\"","UN    ","AS","75,66"]
[6298,"TE DE FERRO GALVANIZADO, DE 2\"","UN    ","AS","39,84"]
[6295,"TE DE FERRO GALVANIZADO, DE 3/4\"","UN    ","AS","8,06"]
[6322,"TE DE FERRO GALVANIZADO, DE 3\"","UN    ","AS","101,33"]
[6300,"TE DE FERRO GALVANIZADO, DE 4\"","UN    ","AS","186,82"]
[6321,"TE DE FERRO GALVANIZADO, DE 5\"","UN    ","AS","266,87"]
[6301,"TE DE FERRO GALVANIZADO, DE 6\"","UN    ","AS","625,51"]
[7105,"TE DE INSPECAO, PVC,  100 X 75 MM, SERIE NORMAL PARA ESGOTO PREDIAL","UN    ","CR","25,04"]
[20183,"TE DE INSPECAO, PVC, SERIE R, 100 X 75 MM, PARA ESGOTO PREDIAL","UN    ","CR","32,97"]
[38448,"TE DE INSPECAO, PVC, SERIE R, 150 X 100 MM, PARA ESGOTO PREDIAL","UN    ","CR","154,93"]
[20182,"TE DE INSPECAO, PVC, SERIE R, 75 X 75 MM, PARA ESGOTO PREDIAL","UN    ","CR","18,82"]
[7119,"TE DE REDUCAO COM ROSCA, PVC, 90 GRAUS, 1 X 3/4\", PARA AGUA FRIA PREDIAL","UN    ","CR","6,47"]
[7120,"TE DE REDUCAO COM ROSCA, PVC, 90 GRAUS, 3/4 X 1/2\", PARA AGUA FRIA PREDIAL","UN    ","CR","4,44"]
[6319,"TE DE REDUCAO DE FERRO GALVANIZADO, COM ROSCA BSP, DE 1 1/2\" X 1\"","UN    ","AS","29,55"]
[6304,"TE DE REDUCAO DE FERRO GALVANIZADO, COM ROSCA BSP, DE 1 1/2\" X 3/4\"","UN    ","AS","29,55"]
[21116,"TE DE REDUCAO DE FERRO GALVANIZADO, COM ROSCA BSP, DE 1 1/4\" X 3/4\"","UN    ","AS","22,38"]
[6320,"TE DE REDUCAO DE FERRO GALVANIZADO, COM ROSCA BSP, DE 1\" X 1/2\"","UN    ","AS","15,22"]
[6303,"TE DE REDUCAO DE FERRO GALVANIZADO, COM ROSCA BSP, DE 1\" X 3/4\"","UN    ","AS","15,22"]
[6308,"TE DE REDUCAO DE FERRO GALVANIZADO, COM ROSCA BSP, DE 2 1/2\" X 1 1/2\"","UN    ","AS","81,77"]
[6317,"TE DE REDUCAO DE FERRO GALVANIZADO, COM ROSCA BSP, DE 2 1/2\" X 1 1/4\"","UN    ","AS","81,77"]
[6307,"TE DE REDUCAO DE FERRO GALVANIZADO, COM ROSCA BSP, DE 2 1/2\" X 1\"","UN    ","AS","81,77"]
[6309,"TE DE REDUCAO DE FERRO GALVANIZADO, COM ROSCA BSP, DE 2 1/2\" X 2\"","UN    ","AS","84,15"]
[6318,"TE DE REDUCAO DE FERRO GALVANIZADO, COM ROSCA BSP, DE 2\" X 1 1/2\"","UN    ","AS","44,11"]
[6306,"TE DE REDUCAO DE FERRO GALVANIZADO, COM ROSCA BSP, DE 2\" X 1 1/4\"","UN    ","AS","44,11"]
[6305,"TE DE REDUCAO DE FERRO GALVANIZADO, COM ROSCA BSP, DE 2\" X 1\"","UN    ","AS","44,11"]
[6302,"TE DE REDUCAO DE FERRO GALVANIZADO, COM ROSCA BSP, DE 3/4\" X 1/2\"","UN    ","AS","9,35"]
[6312,"TE DE REDUCAO DE FERRO GALVANIZADO, COM ROSCA BSP, DE 3\" X 1 1/2\"","UN    ","AS","117,63"]
[6311,"TE DE REDUCAO DE FERRO GALVANIZADO, COM ROSCA BSP, DE 3\" X 1 1/4\"","UN    ","AS","117,63"]
[6310,"TE DE REDUCAO DE FERRO GALVANIZADO, COM ROSCA BSP, DE 3\" X 1\"","UN    ","AS","117,63"]
[6314,"TE DE REDUCAO DE FERRO GALVANIZADO, COM ROSCA BSP, DE 3\" X 2 1/2\"","UN    ","AS","117,63"]
[6313,"TE DE REDUCAO DE FERRO GALVANIZADO, COM ROSCA BSP, DE 3\" X 2\"","UN    ","AS","117,63"]
[6315,"TE DE REDUCAO DE FERRO GALVANIZADO, COM ROSCA BSP, DE 4\" X 2\"","UN    ","AS","222,72"]
[6316,"TE DE REDUCAO DE FERRO GALVANIZADO, COM ROSCA BSP, DE 4\" X 3\"","UN    ","AS","222,72"]
[38878,"TE DE REDUCAO METALICO, PARA CONEXAO COM ANEL DESLIZANTE EM TUBO PEX, DN 16 X 20 X 16 MM","UN    ","AS","14,42"]
[38879,"TE DE REDUCAO METALICO, PARA CONEXAO COM ANEL DESLIZANTE EM TUBO PEX, DN 16 X 25 X 16 MM","UN    ","AS","27,04"]
[38881,"TE DE REDUCAO METALICO, PARA CONEXAO COM ANEL DESLIZANTE EM TUBO PEX, DN 20 X 16 X 16 MM","UN    ","AS","14,15"]
[38880,"TE DE REDUCAO METALICO, PARA CONEXAO COM ANEL DESLIZANTE EM TUBO PEX, DN 20 X 16 X 20 MM","UN    ","AS","14,83"]
[38882,"TE DE REDUCAO METALICO, PARA CONEXAO COM ANEL DESLIZANTE EM TUBO PEX, DN 20 X 20 X 16 MM","UN    ","AS","15,35"]
[38883,"TE DE REDUCAO METALICO, PARA CONEXAO COM ANEL DESLIZANTE EM TUBO PEX, DN 20 X 25 X 20 MM","UN    ","AS","22,71"]
[38884,"TE DE REDUCAO METALICO, PARA CONEXAO COM ANEL DESLIZANTE EM TUBO PEX, DN 25 X 16 X 16 MM","UN    ","AS","24,65"]
[38885,"TE DE REDUCAO METALICO, PARA CONEXAO COM ANEL DESLIZANTE EM TUBO PEX, DN 25 X 16 X 20 MM","UN    ","AS","23,85"]
[38886,"TE DE REDUCAO METALICO, PARA CONEXAO COM ANEL DESLIZANTE EM TUBO PEX, DN 25 X 16 X 25 MM","UN    ","AS","25,74"]
[38887,"TE DE REDUCAO METALICO, PARA CONEXAO COM ANEL DESLIZANTE EM TUBO PEX, DN 25 X 20 X 20 MM","UN    ","AS","23,12"]
[38888,"TE DE REDUCAO METALICO, PARA CONEXAO COM ANEL DESLIZANTE EM TUBO PEX, DN 25 X 20 X 25 MM","UN    ","AS","27,48"]
[38890,"TE DE REDUCAO METALICO, PARA CONEXAO COM ANEL DESLIZANTE EM TUBO PEX, DN 25 X 32 X 25 MM","UN    ","AS","40,85"]
[38893,"TE DE REDUCAO METALICO, PARA CONEXAO COM ANEL DESLIZANTE EM TUBO PEX, DN 32 X 20 X 32 MM","UN    ","AS","32,85"]
[38894,"TE DE REDUCAO METALICO, PARA CONEXAO COM ANEL DESLIZANTE EM TUBO PEX, DN 32 X 25 X 25 MM","UN    ","AS","41,72"]
[38896,"TE DE REDUCAO METALICO, PARA CONEXAO COM ANEL DESLIZANTE EM TUBO PEX, DN 32 X 25 X 32 MM","UN    ","AS","42,55"]
[39324,"TE DE REDUCAO, CPVC, 22 X 15 MM, PARA AGUA QUENTE PREDIAL","UN    ","AS","4,97"]
[39325,"TE DE REDUCAO, CPVC, 28 X 22 MM, PARA AGUA QUENTE PREDIAL","UN    ","AS","7,53"]
[39326,"TE DE REDUCAO, CPVC, 35 X 28 MM, PARA AGUA QUENTE PREDIAL","UN    ","AS","19,40"]
[39327,"TE DE REDUCAO, CPVC, 42 X 35 MM, PARA AGUA QUENTE PREDIAL","UN    ","AS","29,38"]
[20176,"TE DE REDUCAO, PVC LEVE, CURTO, 90 GRAUS, COM BOLSA PARA ANEL, 150 X 100 MM, PARA ESGOTO","UN    ","CR","28,41"]
[11378,"TE DE REDUCAO, PVC PBA, BBB, JE, DN 100 X 50 / DE 110 X 60 MM, PARA REDE AGUA (NBR 10351)","UN    ","AS","75,27"]
[11379,"TE DE REDUCAO, PVC PBA, BBB, JE, DN 100 X 75 / DE 110 X 85 MM, PARA REDE AGUA (NBR 10351)","UN    ","AS","63,60"]
[11493,"TE DE REDUCAO, PVC PBA, BBB, JE, DN 75 X 50 / DE 85 X 60 MM, PARA REDE AGUA (NBR 10351)","UN    ","AS","36,69"]
[42717,"TE DE REDUCAO, PVC, BBB, JE, 90 GRAUS, DN 200 X 150 MM, PARA TUBO CORRUGADO E/OU LISO, REDE COLETORA ESGOTO (NBR 10569)","UN    ","AS","302,95"]
[42718,"TE DE REDUCAO, PVC, BBB, JE, 90 GRAUS, DN 250 X 150 MM, PARA TUBO CORRUGADO E/OU LISO, REDE COLETORA ESGOTO (NBR 10569)","UN    ","AS","336,34"]
[7106,"TE DE REDUCAO, PVC, SOLDAVEL, 90 GRAUS, 110 MM X 60 MM, PARA AGUA FRIA PREDIAL","UN    ","CR","105,31"]
[7104,"TE DE REDUCAO, PVC, SOLDAVEL, 90 GRAUS, 25 MM X 20 MM, PARA AGUA FRIA PREDIAL","UN    ","CR","2,19"]
[7136,"TE DE REDUCAO, PVC, SOLDAVEL, 90 GRAUS, 32 MM X 25 MM, PARA AGUA FRIA PREDIAL","UN    ","CR","4,13"]
[7128,"TE DE REDUCAO, PVC, SOLDAVEL, 90 GRAUS, 40 MM X 32 MM, PARA AGUA FRIA PREDIAL","UN    ","CR","6,76"]
[7108,"TE DE REDUCAO, PVC, SOLDAVEL, 90 GRAUS, 50 MM X 20 MM, PARA AGUA FRIA PREDIAL","UN    ","CR","7,24"]
[7129,"TE DE REDUCAO, PVC, SOLDAVEL, 90 GRAUS, 50 MM X 25 MM, PARA AGUA FRIA PREDIAL","UN    ","CR","6,01"]
[7130,"TE DE REDUCAO, PVC, SOLDAVEL, 90 GRAUS, 50 MM X 32 MM, PARA AGUA FRIA PREDIAL","UN    ","CR","9,81"]
[7131,"TE DE REDUCAO, PVC, SOLDAVEL, 90 GRAUS, 50 MM X 40 MM, PARA AGUA FRIA PREDIAL","UN    ","CR","12,03"]
[7132,"TE DE REDUCAO, PVC, SOLDAVEL, 90 GRAUS, 75 MM X 50 MM, PARA AGUA FRIA PREDIAL","UN    ","CR","33,42"]
[7133,"TE DE REDUCAO, PVC, SOLDAVEL, 90 GRAUS, 85 MM X 60 MM, PARA AGUA FRIA PREDIAL","UN    ","CR","51,91"]
[37420,"TE DE SERVICO INTEGRADO, EM POLIPROPILENO (PP), PARA TUBOS EM PEAD/PVC, 60 X 20 MM - LIGACAO PREDIAL DE AGUA","UN    ","AS","36,49"]
[37421,"TE DE SERVICO INTEGRADO, EM POLIPROPILENO (PP), PARA TUBOS EM PEAD/PVC, 60 X 32 MM - LIGACAO PREDIAL DE AGUA","UN    ","AS","49,87"]
[37422,"TE DE SERVICO INTEGRADO, EM POLIPROPILENO (PP), PARA TUBOS EM PEAD, 63 X 20 MM - LIGACAO PREDIAL DE AGUA","UN    ","AS","46,68"]
[37443,"TE DE SERVICO, PEAD PE 100, DE 125 X 20 MM, PARA ELETROFUSAO","UN    ","AS","139,87"]
[37444,"TE DE SERVICO, PEAD PE 100, DE 125 X 32 MM, PARA ELETROFUSAO","UN    ","AS","142,25"]
[37445,"TE DE SERVICO, PEAD PE 100, DE 125 X 63 MM, PARA ELETROFUSAO","UN    ","AS","215,61"]
[37446,"TE DE SERVICO, PEAD PE 100, DE 200 X 20 MM, PARA ELETROFUSAO","UN    ","AS","235,04"]
[37447,"TE DE SERVICO, PEAD PE 100, DE 200 X 32 MM, PARA ELETROFUSAO","UN    ","AS","238,72"]
[37448,"TE DE SERVICO, PEAD PE 100, DE 200 X 63 MM, PARA ELETROFUSAO","UN    ","AS","327,45"]
[37440,"TE DE SERVICO, PEAD PE 100, DE 63 X 20 MM, PARA ELETROFUSAO","UN    ","AS","111,02"]
[37441,"TE DE SERVICO, PEAD PE 100, DE 63 X 32 MM, PARA ELETROFUSAO","UN    ","AS","111,02"]
[37442,"TE DE SERVICO, PEAD PE 100, DE 63 X 63 MM, PARA ELETROFUSAO","UN    ","AS","133,72"]
[38017,"TE DE TRANSICAO, CPVC, SOLDAVEL, 15 MM X 1/2\", PARA AGUA QUENTE","UN    ","AS","7,08"]
[38018,"TE DE TRANSICAO, CPVC, SOLDAVEL, 22 MM X 1/2\", PARA AGUA QUENTE","UN    ","AS","7,81"]
[39895,"TE DUPLA CURVA BRONZE/LATAO (REF 764) SEM ANEL DE SOLDA, ROSCA F X BOLSA X ROSCA F, 1/2\" X 15 X 1/2\"","UN    ","AS","35,47"]
[39896,"TE DUPLA CURVA BRONZE/LATAO (REF 764) SEM ANEL DE SOLDA, ROSCA F X BOLSA X ROSCA F, 3/4\" X 22 X 3/4\"","UN    ","AS","51,99"]
[38873,"TE METALICO, PARA CONEXAO COM ANEL DESLIZANTE EM TUBO PEX, DN 16 MM","UN    ","AS","12,79"]
[38874,"TE METALICO, PARA CONEXAO COM ANEL DESLIZANTE EM TUBO PEX, DN 20 MM","UN    ","AS","15,56"]
[38875,"TE METALICO, PARA CONEXAO COM ANEL DESLIZANTE EM TUBO PEX, DN 25 MM","UN    ","AS","27,50"]
[38876,"TE METALICO, PARA CONEXAO COM ANEL DESLIZANTE EM TUBO PEX, DN 32 MM","UN    ","AS","37,00"]
[39000,"TE MISTURADOR COM INSERTO METALICO, FEMEA, PPR, DN 25 MM X 3/4\", PARA AGUA QUENTE E FRIA PREDIAL","UN    ","CR","30,26"]
[38674,"TE MISTURADOR DE TRANSICAO, CPVC, COM ROSCA, 22 MM X 3/4\", PARA AGUA QUENTE","UN    ","AS","24,61"]
[38911,"TE MISTURADOR METALICO, PARA CONEXAO COM ANEL DESLIZANTE EM TUBO PEX, DN 16 MM X 1/2\"","UN    ","AS","45,88"]
[38912,"TE MISTURADOR METALICO, PARA CONEXAO COM ANEL DESLIZANTE EM TUBO PEX, DN 20 MM X 3/4\"","UN    ","AS","58,31"]
[38019,"TE MISTURADOR, CPVC, SOLDAVEL, 15 MM, PARA AGUA QUENTE","UN    ","AS","6,17"]
[38020,"TE MISTURADOR, CPVC, SOLDAVEL, 22 MM, PARA AGUA QUENTE","UN    ","AS","7,81"]
[38454,"TE MISTURADOR, PPR, F M M, DN 20 X 20 MM, PARA AGUA QUENTE PREDIAL","UN    ","CR","5,52"]
[38455,"TE MISTURADOR, PPR, F M M, DN 25 X 25 MM, PARA AGUA QUENTE PREDIAL","UN    ","CR","5,05"]
[38462,"TE NORMAL, PPR, SOLDAVEL, 90 GRAUS, DN 110 X 110 X 110 MM, PARA AGUA QUENTE PREDIAL","UN    ","CR","142,70"]
[36362,"TE NORMAL, PPR, SOLDAVEL, 90 GRAUS, DN 20 X 20 X 20 MM, PARA AGUA QUENTE PREDIAL","UN    ","CR","2,17"]
[36298,"TE NORMAL, PPR, SOLDAVEL, 90 GRAUS, DN 25 X 25 X 25 MM, PARA AGUA QUENTE PREDIAL","UN    ","CR","3,22"]
[38456,"TE NORMAL, PPR, SOLDAVEL, 90 GRAUS, DN 32 X 32 X 32 MM, PARA AGUA QUENTE PREDIAL","UN    ","CR","5,25"]
[38457,"TE NORMAL, PPR, SOLDAVEL, 90 GRAUS, DN 40 X 40 X 40 MM, PARA AGUA QUENTE PREDIAL","UN    ","CR","11,83"]
[38458,"TE NORMAL, PPR, SOLDAVEL, 90 GRAUS, DN 50 X 50 X 50 MM, PARA AGUA QUENTE PREDIAL","UN    ","CR","15,86"]
[38459,"TE NORMAL, PPR, SOLDAVEL, 90 GRAUS, DN 63 X 63 X 63 MM, PARA AGUA QUENTE PREDIAL","UN    ","CR","27,99"]
[38460,"TE NORMAL, PPR, SOLDAVEL, 90 GRAUS, DN 75 X 75 X 75 MM, PARA AGUA QUENTE PREDIAL","UN    ","CR","58,46"]
[38461,"TE NORMAL, PPR, SOLDAVEL, 90 GRAUS, DN 90 X 90 X 90 MM, PARA AGUA QUENTE PREDIAL","UN    ","CR","89,17"]
[7094,"TE PVC ROSCAVEL 90 GRAUS, 1\", PARA  AGUA FRIA PREDIAL","UN    ","CR","7,58"]
[7116,"TE PVC SOLDAVEL, BBB, 90 GRAUS, DN 40 MM, PARA ESGOTO SECUNDARIO PREDIAL","UN    ","CR","2,12"]
[7118,"TE PVC, ROSCAVEL, 90 GRAUS, 1 1/2\", AGUA FRIA PREDIAL","UN    ","CR","16,74"]
[7117,"TE PVC, ROSCAVEL, 90 GRAUS, 1 1/4\", AGUA FRIA PREDIAL","UN    ","CR","14,89"]
[7098,"TE PVC, ROSCAVEL, 90 GRAUS, 1/2\",  AGUA FRIA PREDIAL","UN    ","CR","2,07"]
[7110,"TE PVC, ROSCAVEL, 90 GRAUS, 2\",  AGUA FRIA PREDIAL","UN    ","CR","36,42"]
[7123,"TE PVC, ROSCAVEL, 90 GRAUS, 3/4\", AGUA FRIA PREDIAL","UN    ","CR","2,67"]
[7121,"TE PVC, SOLDAVEL, COM BUCHA DE LATAO NA BOLSA CENTRAL, 90 GRAUS, 20 MM X 1/2\", PARA AGUA FRIA PREDIAL","UN    ","CR","6,58"]
[7137,"TE PVC, SOLDAVEL, COM BUCHA DE LATAO NA BOLSA CENTRAL, 90 GRAUS, 25 MM X 1/2\", PARA AGUA FRIA PREDIAL","UN    ","CR","5,92"]
[7122,"TE PVC, SOLDAVEL, COM BUCHA DE LATAO NA BOLSA CENTRAL, 90 GRAUS, 25 MM X 3/4\", PARA AGUA FRIA PREDIAL","UN    ","CR","7,40"]
[7114,"TE PVC, SOLDAVEL, COM BUCHA DE LATAO NA BOLSA CENTRAL, 90 GRAUS, 32 MM X 3/4\", PARA AGUA FRIA PREDIAL","UN    ","CR","11,41"]
[7109,"TE PVC, SOLDAVEL, COM ROSCA NA BOLSA CENTRAL, 90 GRAUS, 20 MM X 1/2\", PARA AGUA FRIA PREDIAL","UN    ","CR","2,00"]
[7135,"TE PVC, SOLDAVEL, COM ROSCA NA BOLSA CENTRAL, 90 GRAUS, 25 MM X 1/2\", PARA AGUA FRIA PREDIAL","UN    ","CR","3,12"]
[37947,"TE PVC, SOLDAVEL, COM ROSCA NA BOLSA CENTRAL, 90 GRAUS, 25 MM X 3/4\", PARA AGUA FRIA PREDIAL","UN    ","CR","3,16"]
[7103,"TE PVC, SOLDAVEL, COM ROSCA NA BOLSA CENTRAL, 90 GRAUS, 32 MM X 3/4\", PARA AGUA FRIA PREDIAL","UN    ","CR","7,24"]
[40419,"TE RANHURADO EM FERRO FUNDIDO, DN 50 (2\")","UN    ","AS","29,31"]
[40420,"TE RANHURADO EM FERRO FUNDIDO, DN 65 (2 1/2\")","UN    ","AS","42,77"]
[40421,"TE RANHURADO EM FERRO FUNDIDO, DN 80 (3\")","UN    ","AS","45,53"]
[7126,"TE REDUCAO PVC, ROSCAVEL, 90 GRAUS,  1.1/2\" X 3/4\",  AGUA FRIA PREDIAL","UN    ","CR","15,19"]
[38905,"TE ROSCA FEMEA, METALICO, PARA CONEXAO COM ANEL DESLIZANTE EM TUBO PEX, DN 16 MM X 1/2\"","UN    ","AS","14,38"]
[38907,"TE ROSCA FEMEA, METALICO, PARA CONEXAO COM ANEL DESLIZANTE EM TUBO PEX, DN 20 MM X 1/2\"","UN    ","AS","15,29"]
[38908,"TE ROSCA FEMEA, METALICO, PARA CONEXAO COM ANEL DESLIZANTE EM TUBO PEX, DN 20 MM X 3/4\"","UN    ","AS","17,21"]
[38909,"TE ROSCA FEMEA, METALICO, PARA CONEXAO COM ANEL DESLIZANTE EM TUBO PEX, DN 25 MM X 1/2\"","UN    ","AS","24,75"]
[38910,"TE ROSCA FEMEA, METALICO, PARA CONEXAO COM ANEL DESLIZANTE EM TUBO PEX, DN 25 MM X 3/4\"","UN    ","AS","26,73"]
[38897,"TE ROSCA MACHO, METALICO, PARA CONEXAO COM ANEL DESLIZANTE EM TUBO PEX, DN 16 MM X 1/2\"","UN    ","AS","14,44"]
[38899,"TE ROSCA MACHO, METALICO, PARA CONEXAO COM ANEL DESLIZANTE EM TUBO PEX, DN 20 MM X 1/2\"","UN    ","AS","16,24"]
[38900,"TE ROSCA MACHO, METALICO, PARA CONEXAO COM ANEL DESLIZANTE EM TUBO PEX, DN 20 MM X 3/4\"","UN    ","AS","16,93"]
[38901,"TE ROSCA MACHO, METALICO, PARA CONEXAO COM ANEL DESLIZANTE EM TUBO PEX, DN 25 MM X 3/4\"","UN    ","AS","27,70"]
[38904,"TE ROSCA MACHO, METALICO, PARA CONEXAO COM ANEL DESLIZANTE EM TUBO PEX, DN 32 MM X 1\"","UN    ","AS","45,00"]
[38903,"TE ROSCA MACHO, METALICO, PARA CONEXAO COM ANEL DESLIZANTE EM TUBO PEX, DN 32 MM X 3/4\"","UN    ","AS","44,71"]
[7091,"TE SANITARIO, PVC, DN 100 X 100 MM, SERIE NORMAL, PARA ESGOTO PREDIAL","UN    ","CR","10,00"]
[11655,"TE SANITARIO, PVC, DN 100 X 50 MM, SERIE NORMAL, PARA ESGOTO PREDIAL","UN    ","CR","9,55"]
[11656,"TE SANITARIO, PVC, DN 100 X 75 MM, SERIE NORMAL PARA ESGOTO PREDIAL","UN    ","CR","9,99"]
[37948,"TE SANITARIO, PVC, DN 40 X 40 MM, SERIE NORMAL, PARA ESGOTO PREDIAL","UN    ","CR","2,02"]
[7097,"TE SANITARIO, PVC, DN 50 X 50 MM, SERIE NORMAL, PARA ESGOTO PREDIAL","UN    ","CR","4,44"]
[11657,"TE SANITARIO, PVC, DN 75 X 50 MM, SERIE NORMAL PARA ESGOTO PREDIAL","UN    ","CR","8,71"]
[11658,"TE SANITARIO, PVC, DN 75 X 75 MM, SERIE NORMAL PARA ESGOTO PREDIAL","UN    ","CR","8,87"]
[7146,"TE SOLDAVEL, PVC, 90 GRAUS, 110 MM, PARA AGUA FRIA PREDIAL (NBR 5648)","UN    ","CR","112,78"]
[7138,"TE SOLDAVEL, PVC, 90 GRAUS, 20 MM, PARA AGUA FRIA PREDIAL (NBR 5648)","UN    ","CR","0,63"]
[7139,"TE SOLDAVEL, PVC, 90 GRAUS, 25 MM, PARA AGUA FRIA PREDIAL (NBR 5648)","UN    ","CR","0,83"]
[7140,"TE SOLDAVEL, PVC, 90 GRAUS, 32 MM, PARA AGUA FRIA PREDIAL (NBR 5648)","UN    ","CR","2,78"]
[7141,"TE SOLDAVEL, PVC, 90 GRAUS, 40 MM, PARA AGUA FRIA PREDIAL (NBR 5648)","UN    ","CR","6,08"]
[7143,"TE SOLDAVEL, PVC, 90 GRAUS, 60 MM, PARA AGUA FRIA PREDIAL (NBR 5648)","UN    ","CR","20,27"]
[7144,"TE SOLDAVEL, PVC, 90 GRAUS, 75 MM, PARA AGUA FRIA PREDIAL (NBR 5648)","UN    ","CR","40,55"]
[7145,"TE SOLDAVEL, PVC, 90 GRAUS, 85 MM, PARA AGUA FRIA PREDIAL (NBR 5648)","UN    ","CR","66,50"]
[7142,"TE SOLDAVEL, PVC, 90 GRAUS,50 MM, PARA AGUA FRIA PREDIAL (NBR 5648)","UN    ","CR","6,80"]
[3593,"TE 45 GRAUS DE FERRO GALVANIZADO, COM ROSCA BSP, DE 1 1/2\"","UN    ","AS","54,59"]
[3588,"TE 45 GRAUS DE FERRO GALVANIZADO, COM ROSCA BSP, DE 1 1/4\"","UN    ","AS","42,08"]
[3585,"TE 45 GRAUS DE FERRO GALVANIZADO, COM ROSCA BSP, DE 1/2\"","UN    ","AS","12,99"]
[3587,"TE 45 GRAUS DE FERRO GALVANIZADO, COM ROSCA BSP, DE 1\"","UN    ","AS","26,11"]
[3590,"TE 45 GRAUS DE FERRO GALVANIZADO, COM ROSCA BSP, DE 2 1/2\"","UN    ","AS","155,01"]
[3589,"TE 45 GRAUS DE FERRO GALVANIZADO, COM ROSCA BSP, DE 2\"","UN    ","AS","83,20"]
[3586,"TE 45 GRAUS DE FERRO GALVANIZADO, COM ROSCA BSP, DE 3/4\"","UN    ","AS","17,02"]
[3592,"TE 45 GRAUS DE FERRO GALVANIZADO, COM ROSCA BSP, DE 3\"","UN    ","AS","245,03"]
[3591,"TE 45 GRAUS DE FERRO GALVANIZADO, COM ROSCA BSP, DE 4\"","UN    ","AS","392,80"]
[40396,"TE 90 GRAUS EM ACO CARBONO, SOLDAVEL, PRESSAO 3.000 LBS, DN 1 1/2\"","UN    ","AS","63,92"]
[40395,"TE 90 GRAUS EM ACO CARBONO, SOLDAVEL, PRESSAO 3.000 LBS, DN 1 1/4\"","UN    ","AS","49,06"]
[40392,"TE 90 GRAUS EM ACO CARBONO, SOLDAVEL, PRESSAO 3.000 LBS, DN 1/2\"","UN    ","AS","15,78"]
[40394,"TE 90 GRAUS EM ACO CARBONO, SOLDAVEL, PRESSAO 3.000 LBS, DN 1\"","UN    ","AS","31,94"]
[40398,"TE 90 GRAUS EM ACO CARBONO, SOLDAVEL, PRESSAO 3.000 LBS, DN 2 1/2\"","UN    ","AS","205,09"]
[40397,"TE 90 GRAUS EM ACO CARBONO, SOLDAVEL, PRESSAO 3.000 LBS, DN 2\"","UN    ","AS","105,03"]
[40393,"TE 90 GRAUS EM ACO CARBONO, SOLDAVEL, PRESSAO 3.000 LBS, DN 3/4\"","UN    ","AS","20,33"]
[40399,"TE 90 GRAUS EM ACO CARBONO, SOLDAVEL, PRESSAO 3.000 LBS, DN 3\"","UN    ","AS","335,52"]
[39322,"TE, PLASTICO, DN 16 MM, PARA CONEXAO COM CRIMPAGEM EM TUBO PEX","UN    ","AS","17,44"]
[39289,"TE, PLASTICO, DN 20 MM, PARA CONEXAO COM CRIMPAGEM EM TUBO PEX","UN    ","AS","20,89"]
[39290,"TE, PLASTICO, DN 25 MM, PARA CONEXAO COM CRIMPAGEM EM TUBO PEX","UN    ","AS","35,46"]
[39291,"TE, PLASTICO, DN 32 MM, PARA CONEXAO COM CRIMPAGEM EM TUBO PEX","UN    ","AS","53,09"]
[20174,"TE, PVC LEVE, CURTO, 90 GRAUS, 150 MM, PARA ESGOTO","UN    ","CR","24,37"]
[41892,"TE, PVC PBA, BBB, 90 GRAUS, DN 100 / DE 110 MM, PARA REDE  AGUA (NBR 10351)","UN    ","AS","94,72"]
[7048,"TE, PVC PBA, BBB, 90 GRAUS, DN 50 / DE 60 MM, PARA REDE AGUA (NBR 10351)","UN    ","AS","20,44"]
[7088,"TE, PVC PBA, BBB, 90 GRAUS, DN 75 / DE 85 MM, PARA REDE AGUA (NBR 10351)","UN    ","AS","44,71"]
[20179,"TE, PVC, SERIE R, 100 X 100 MM, PARA ESGOTO PREDIAL","UN    ","CR","32,81"]
[20178,"TE, PVC, SERIE R, 100 X 75 MM, PARA ESGOTO PREDIAL","UN    ","CR","28,99"]
[20180,"TE, PVC, SERIE R, 150 X 100 MM, PARA ESGOTO PREDIAL","UN    ","CR","53,28"]
[20181,"TE, PVC, SERIE R, 150 X 150 MM, PARA ESGOTO PREDIAL","UN    ","CR","79,04"]
[20177,"TE, PVC, SERIE R, 75 X 75 MM, PARA ESGOTO PREDIAL","UN    ","CR","19,00"]
[7082,"TE, PVC, 90 GRAUS, BBB, JE, DN 100 MM, PARA REDE COLETORA ESGOTO (NBR 10569)","UN    ","AS","32,63"]
[42707,"TE, PVC, 90 GRAUS, BBB, JE, DN 100 MM, PARA TUBO CORRUGADO E/OU LISO, REDE COLETORA ESGOTO (NBR 10569","UN    ","AS","88,62"]
[7069,"TE, PVC, 90 GRAUS, BBB, JE, DN 150 MM, PARA REDE COLETORA ESGOTO (NBR 10569)","UN    ","AS","72,43"]
[42708,"TE, PVC, 90 GRAUS, BBB, JE, DN 150 MM, PARA TUBO CORRUGADO E/OU LISO, REDE COLETORA ESGOTO (NBR 10569)","UN    ","AS","232,62"]
[7070,"TE, PVC, 90 GRAUS, BBB, JE, DN 200 MM, PARA REDE COLETORA ESGOTO (NBR 10569)","UN    ","AS","103,71"]
[42709,"TE, PVC, 90 GRAUS, BBB, JE, DN 200 MM, PARA TUBO CORRUGADO E/OU LISO, REDE COLETORA ESGOTO (NBR 10569)","UN    ","AS","347,89"]
[42710,"TE, PVC, 90 GRAUS, BBB, JE, DN 250 MM, PARA TUBO CORRUGADO E/OU LISO, REDE COLETORA ESGOTO (NBR 10569)","UN    ","AS","1.000,02"]
[42716,"TE, PVC, 90 GRAUS, BBB, JE, DN 300 MM, PARA TUBO CORRUGADO E/OU LISO, REDE COLETORA ESGOTO (NBR 10569)","UN    ","AS","1.244,70"]
[20172,"TE, PVC, 90 GRAUS, BBP, JE, DN 100 MM, PARA REDE COLETORA ESGOTO (NBR 10569)","UN    ","AS","23,93"]
[40945,"TECNICO DE EDIFICACOES","H     ","CR","30,40"]
[40946,"TECNICO DE EDIFICACOES (MENSALISTA)","MES   ","CR","5.332,00"]
[7153,"TECNICO EM LABORATORIO E CAMPO DE CONSTRUCAO CIVIL","H     ","CR","20,48"]
[41089,"TECNICO EM LABORATORIO E CAMPO DE CONSTRUCAO CIVIL (MENSALISTA)","MES   ","CR","3.591,78"]
[40943,"TECNICO EM SEGURANCA DO TRABALHO","H     ","CR","23,92"]
[40944,"TECNICO EM SEGURANCA DO TRABALHO (MENSALISTA)","MES   ","CR","4.196,81"]
[6175,"TECNICO EM SONDAGEM","H     ","CR","24,70"]
[41092,"TECNICO EM SONDAGEM (MENSALISTA)","MES   ","CR","4.332,90"]
[37712,"TELA ARAME GALVANIZADO REVESTIDO COM POLIMERO, MALHA HEXAGONAL DUPLA TORCAO, 8 X 10 CM (ZN/AL REVESTIDO COM POLIMERO), FIO *2,4* MM","M2    ","AS","61,49"]
[34547,"TELA DE ACO SOLDADA GALVANIZADA/ZINCADA PARA ALVENARIA, FIO  D = *1,20 A 1,70* MM, MALHA 15 X 15 MM, (C X L) *50 X 12* CM","M     ","AS","3,01"]
[34548,"TELA DE ACO SOLDADA GALVANIZADA/ZINCADA PARA ALVENARIA, FIO  D = *1,20 A 1,70* MM, MALHA 15 X 15 MM, (C X L) *50 X 17,5* CM","M     ","AS","4,94"]
[34558,"TELA DE ACO SOLDADA GALVANIZADA/ZINCADA PARA ALVENARIA, FIO D = *1,20 A 1,70* MM, MALHA 15 X 15 MM, (C X L) *50 X 10,5* CM","M     ","AS","2,44"]
[34550,"TELA DE ACO SOLDADA GALVANIZADA/ZINCADA PARA ALVENARIA, FIO D = *1,20 A 1,70* MM, MALHA 15 X 15 MM, (C X L) *50 X 6* CM","M     ","AS","1,30"]
[34557,"TELA DE ACO SOLDADA GALVANIZADA/ZINCADA PARA ALVENARIA, FIO D = *1,20 A 1,70* MM, MALHA 15 X 15 MM, (C X L) *50 X 7,5* CM","M     ","AS","1,90"]
[37411,"TELA DE ACO SOLDADA GALVANIZADA/ZINCADA PARA ALVENARIA, FIO D = *1,24 MM, MALHA 25 X 25 MM","M2    ","AS","13,93"]
[39508,"TELA DE ACO SOLDADA NERVURADA, CA-60, L-159, (1,69 KG/M2), DIAMETRO DO FIO = 4,5 MM, LARGURA = 2,45 M, ESPACAMENTO DA MALHA = 30 X 10 CM","M2    ","AS","7,83"]
[39507,"TELA DE ACO SOLDADA NERVURADA, CA-60, Q-113, (1,8 KG/M2), DIAMETRO DO FIO = 3,8 MM, LARGURA = 2,45 M, ESPACAMENTO DA MALHA = 10 X 10 CM","M2    ","AS","11,68"]
[7155,"TELA DE ACO SOLDADA NERVURADA, CA-60, Q-138, (2,20 KG/M2), DIAMETRO DO FIO = 4,2 MM, LARGURA = 2,45 M, ESPACAMENTO DA MALHA = 10  X 10 CM","M2    ","AS","14,99"]
[42406,"TELA DE ACO SOLDADA NERVURADA, CA-60, Q-159, (2,52 KG/M2), DIAMETRO DO FIO = 4,5 MM, LARGURA =  2,45 M, ESPACAMENTO DA MALHA = 10 X 10 CM","M2    ","AS","17,19"]
[7156,"TELA DE ACO SOLDADA NERVURADA, CA-60, Q-196, (3,11 KG/M2), DIAMETRO DO FIO = 5,0 MM, LARGURA = 2,45 M, ESPACAMENTO DA MALHA = 10 X 10 CM","M2    ","AS","21,51"]
[43127,"TELA DE ACO SOLDADA NERVURADA, CA-60, Q-283 (4,48 KG/M2), DIAMETRO DO FIO = 6,0 MM, LARGURA = 2,45 X 6,00 M DE COMPRIMENTO, ESPACAMENTO DA MALHA = 10 X 10 CM","M2    ","AS","30,78"]
[10917,"TELA DE ACO SOLDADA NERVURADA, CA-60, Q-61, (0,97 KG/M2), DIAMETRO DO FIO = 3,4 MM, LARGURA = 2,45 M, ESPACAMENTO DA MALHA = 15 X 15 CM","M2    ","AS","6,49"]
[21141,"TELA DE ACO SOLDADA NERVURADA, CA-60, Q-92, (1,48 KG/M2), DIAMETRO DO FIO = 4,2 MM, LARGURA = 2,45 X 60 M DE COMPRIMENTO, ESPACAMENTO DA MALHA = 15  X 15 CM","M2    ","AS","10,06"]
[39509,"TELA DE ACO SOLDADA NERVURADA, CA-60, T-196, (2,11 KG/M2), DIAMETRO DO FIO = 5,0 MM, LARGURA = 2,45 M, ESPACAMENTO DA MALHA = 30 X 10 CM","M2    ","AS","9,67"]
[25988,"TELA DE ANIAGEM (JUTA)","M2    ","CR","8,08"]
[7167,"TELA DE ARAME GALVANIZADA QUADRANGULAR / LOSANGULAR, FIO 2,11 MM (14 BWG), MALHA 5 X 5 CM, H = 2 M","M2    ","AS","16,42"]
[10928,"TELA DE ARAME GALVANIZADA QUADRANGULAR / LOSANGULAR, FIO 2,11 MM (14 BWG), MALHA 8 X 8 CM, H = 2 M","M2    ","AS","9,43"]
[10933,"TELA DE ARAME GALVANIZADA QUADRANGULAR / LOSANGULAR, FIO 2,77 MM (12 BWG), MALHA 10 X 10 CM, H = 2 M","M2    ","AS","14,23"]
[7158,"TELA DE ARAME GALVANIZADA QUADRANGULAR / LOSANGULAR, FIO 2,77 MM (12 BWG), MALHA 5 X 5 CM, H = 2 M","M2    ","AS","24,14"]
[10927,"TELA DE ARAME GALVANIZADA QUADRANGULAR / LOSANGULAR, FIO 2,77 MM (12 BWG), MALHA 8 X 8 CM, H = 2 M","M2    ","AS","15,43"]
[7162,"TELA DE ARAME GALVANIZADA QUADRANGULAR / LOSANGULAR, FIO 3,4 MM (10 BWG), MALHA 5 X 5 CM, H = 2 M","M2    ","AS","37,77"]
[10932,"TELA DE ARAME GALVANIZADA QUADRANGULAR / LOSANGULAR, FIO 4,19 MM (8 BWG), MALHA 5 X 5 CM, H = 2 M","M2    ","AS","65,70"]
[10937,"TELA DE ARAME GALVANIZADA REVESTIDA EM PVC, QUADRANGULAR / LOSANGULAR, FIO 2,11 MM (14 BWG), BITOLA FINAL = *2,8* MM, MALHA *8 X 8* CM, H = 2 M","M2    ","AS","16,89"]
[10935,"TELA DE ARAME GALVANIZADA REVESTIDA EM PVC, QUADRANGULAR / LOSANGULAR, FIO 2,77 MM (12 BWG), BITOLA FINAL = *3,8* MM, MALHA 7,5 X 7,5 CM, H = 2 M","M2    ","AS","29,29"]
[10931,"TELA DE ARAME GALVANIZADA, HEXAGONAL, FIO 0,56 MM (24 BWG), MALHA 1/2\", H = 1 M","M2    ","AS","8,24"]
[7164,"TELA DE ARAME ONDULADA, FIO *2,77* MM (12 BWG), MALHA 5 X 5 CM, H = 2 M","M2    ","AS","27,26"]
[36887,"TELA DE FIBRA DE VIDRO, ACABAMENTO ANTI-ALCALINO, MALHA 10 X 10 MM","M2    ","AS","14,07"]
[34630,"TELA EM MALHA HEXAGONAL DE DUPLA TORCAO 8 X 10 CM (ZN/AL REVESTIDO COM POLIMERO), FIO 2,7 MM, COM GEOMANTA OU BIOMANTA, DIMENSOES 4,0 X 2,0 X 0,6 M, COM INCLINACAO DE 70 GRAUS, PARA SOLO REFORCADO","UN    ","AS","999,44"]
[7161,"TELA EM METAL PARA ESTUQUE (DEPLOYE)","M2    ","AS","3,39"]
[7170,"TELA FACHADEIRA EM POLIETILENO, ROLO DE 3 X 100 M (L X C), COR BRANCA, SEM LOGOMARCA - PARA PROTECAO DE OBRAS","M2    ","AS","2,00"]
[37524,"TELA PLASTICA LARANJA, TIPO TAPUME PARA SINALIZACAO, MALHA RETANGULAR, ROLO 1.20 X 50 M (L X C)","M     ","AS","1,91"]
[37525,"TELA PLASTICA TECIDA LISTRADA BRANCA E LARANJA, TIPO GUARDA CORPO, EM POLIETILENO MONOFILADO, ROLO 1,20 X 50 M (L X C)","M     ","AS","2,28"]
[36789,"TELHA CERAMICA TIPO AMERICANA, COMPRIMENTO DE *45* CM, RENDIMENTO DE *12* TELHAS/M2","UN    ","CR","0,95"]
[7173,"TELHA DE BARRO / CERAMICA, NAO ESMALTADA, TIPO COLONIAL, CANAL, PLAN, PAULISTA, COMPRIMENTO DE *44 A 50* CM, RENDIMENTO DE COBERTURA DE *26* TELHAS/M2","MIL   ","C ","613,50"]
[7175,"TELHA DE BARRO / CERAMICA, TIPO ROMANA, AMERICANA, PORTUGUESA, FRANCESA, COMPRIMENTO DE *41* CM,  RENDIMENTO DE *16* TELHAS/M2","UN    ","CR","0,69"]
[40741,"TELHA DE CONCRETO TIPO CLASSICA, COR CINZA, COMPRIMENTO DE *42* CM,  RENDIMENTO DE *10* TELHAS/M2","UN    ","CR","1,63"]
[7184,"TELHA DE FIBRA DE VIDRO ONDULADA INCOLOR, E = 0,6 MM, DE *0,50 X 2,44* M","M2    ","C ","32,70"]
[34458,"TELHA DE FIBROCIMENTO E = 6 MM, DE 3,00 X 1,06 M (SEM AMIANTO)","UN    ","CR","153,41"]
[34464,"TELHA DE FIBROCIMENTO E = 6 MM, DE 4,10 X 1,06 M (SEM AMIANTO)","UN    ","CR","205,82"]
[34468,"TELHA DE FIBROCIMENTO E = 6 MM, DE 4,60 X 1,06 M (SEM AMIANTO)","UN    ","CR","237,54"]
[34473,"TELHA DE FIBROCIMENTO E = 8 MM, DE 3,00 X 1,06 M (SEM AMIANTO)","UN    ","CR","194,27"]
[34480,"TELHA DE FIBROCIMENTO E = 8 MM, DE 4,10 X 1,06 M (SEM AMIANTO)","UN    ","CR","264,92"]
[34486,"TELHA DE FIBROCIMENTO E = 8 MM, DE 4,60 X 1,06 M (SEM AMIANTO)","UN    ","CR","296,71"]
[7202,"TELHA DE FIBROCIMENTO E= 8 MM, DE *3,70 X 1,06* M (SEM AMIANTO)","M2    ","CR","60,80"]
[7190,"TELHA DE FIBROCIMENTO ONDULADA E = 4 MM, DE 1,22 X 0,50 M (SEM AMIANTO)","UN    ","CR","10,43"]
[34417,"TELHA DE FIBROCIMENTO ONDULADA E = 4 MM, DE 2,13 X 0,50 M (SEM AMIANTO)","UN    ","CR","18,13"]
[7191,"TELHA DE FIBROCIMENTO ONDULADA E = 4 MM, DE 2,44 X 0,50 M (SEM AMIANTO)","UN    ","CR","21,01"]
[7213,"TELHA DE FIBROCIMENTO ONDULADA E = 4 MM, DE 2,44 X 0,50 M (SEM AMIANTO)","M2    ","CR","17,22"]
[7195,"TELHA DE FIBROCIMENTO ONDULADA E = 6 MM, DE 1,53 X 1,10 M (SEM AMIANTO)","UN    ","CR","50,07"]
[7186,"TELHA DE FIBROCIMENTO ONDULADA E = 6 MM, DE 1,83 X 1,10 M (SEM AMIANTO)","UN    ","C ","59,90"]
[7194,"TELHA DE FIBROCIMENTO ONDULADA E = 6 MM, DE 2,44 X 1,10 M (SEM AMIANTO)","M2    ","CR","29,70"]
[7207,"TELHA DE FIBROCIMENTO ONDULADA E = 6 MM, DE 2,44 X 1,10 M (SEM AMIANTO)","UN    ","CR","79,72"]
[7197,"TELHA DE FIBROCIMENTO ONDULADA E = 6 MM, DE 3,66 X 1,10 M (SEM AMIANTO)","UN    ","CR","119,77"]
[7192,"TELHA DE FIBROCIMENTO ONDULADA E = 8 MM, DE 1,53 X 1,10 M (SEM AMIANTO)","UN    ","CR","65,88"]
[7193,"TELHA DE FIBROCIMENTO ONDULADA E = 8 MM, DE 1,83 X 1,10 M (SEM AMIANTO)","UN    ","CR","78,63"]
[7189,"TELHA DE FIBROCIMENTO ONDULADA E = 8 MM, DE 2,44 X 1,10 M (SEM AMIANTO)","UN    ","CR","110,45"]
[7198,"TELHA DE FIBROCIMENTO ONDULADA E = 8 MM, DE 3,66 X 1,10 M (SEM AMIANTO)","M2    ","CR","41,12"]
[34402,"TELHA DE FIBROCIMENTO ONDULADA E = 8 MM, DE 3,66 X 1,10 M (SEM AMIANTO)","UN    ","CR","165,56"]
[7245,"TELHA DE VIDRO TIPO FRANCESA, *39 X 23* CM","UN    ","CR","41,03"]
[34425,"TELHA ESTRUTURAL DE FIBROCIMENTO 1 ABA, DE 0,52 X 2,00 M (SEM AMIANTO)","UN    ","CR","102,37"]
[7223,"TELHA ESTRUTURAL DE FIBROCIMENTO 1 ABA, DE 0,52 X 2,50 M (SEM AMIANTO)","UN    ","CR","119,31"]
[7234,"TELHA ESTRUTURAL DE FIBROCIMENTO 1 ABA, DE 0,52 X 3,60 M (SEM AMIANTO)","UN    ","CR","172,09"]
[7224,"TELHA ESTRUTURAL DE FIBROCIMENTO 1 ABA, DE 0,52 X 4,00 M (SEM AMIANTO)","UN    ","CR","190,08"]
[7221,"TELHA ESTRUTURAL DE FIBROCIMENTO 1 ABA, DE 0,52 X 4,50 M (SEM AMIANTO)","M2    ","CR","92,42"]
[7210,"TELHA ESTRUTURAL DE FIBROCIMENTO 1 ABA, DE 0,52 X 4,50 M (SEM AMIANTO)","UN    ","CR","216,28"]
[7225,"TELHA ESTRUTURAL DE FIBROCIMENTO 1 ABA, DE 0,52 X 5,00 M (SEM AMIANTO)","UN    ","CR","240,32"]
[7226,"TELHA ESTRUTURAL DE FIBROCIMENTO 1 ABA, DE 0,52 X 5,50 M (SEM AMIANTO)","UN    ","CR","264,46"]
[7236,"TELHA ESTRUTURAL DE FIBROCIMENTO 1 ABA, DE 0,52 X 6,00 M (SEM AMIANTO)","UN    ","CR","288,43"]
[7227,"TELHA ESTRUTURAL DE FIBROCIMENTO 1 ABA, DE 0,52 X 6,50 M (SEM AMIANTO)","UN    ","CR","312,47"]
[7212,"TELHA ESTRUTURAL DE FIBROCIMENTO 1 ABA, DE 0,52 X 7,20 M (SEM AMIANTO)","UN    ","CR","345,98"]
[7229,"TELHA ESTRUTURAL DE FIBROCIMENTO 2 ABAS, DE 1,00 X 3,00 M (SEM AMIANTO)","UN    ","CR","228,80"]
[7230,"TELHA ESTRUTURAL DE FIBROCIMENTO 2 ABAS, DE 1,00 X 4,60 M (SEM AMIANTO)","UN    ","CR","364,60"]
[7231,"TELHA ESTRUTURAL DE FIBROCIMENTO 2 ABAS, DE 1,00 X 6,00 M (SEM AMIANTO)","UN    ","CR","478,83"]
[7220,"TELHA ESTRUTURAL DE FIBROCIMENTO 2 ABAS, DE 1,00 X 7,40 M (SEM AMIANTO)","UN    ","CR","588,68"]
[34447,"TELHA ESTRUTURAL DE FIBROCIMENTO 2 ABAS, DE 1,00 X 8,20 M (SEM AMIANTO)","UN    ","CR","655,21"]
[7233,"TELHA ESTRUTURAL DE FIBROCIMENTO 2 ABAS, DE 1,00 X 9,20 M (SEM AMIANTO)","UN    ","CR","733,54"]
[40740,"TELHA GALVALUME COM ISOLAMENTO TERMOACUSTICO EM ESPUMA RIGIDA DE POLIURETANO (PU) INJETADO, ESPESSURA DE 30 MM, DENSIDADE DE 35 KG/M3, COM DUAS FACES TRAPEZOIDAIS, ACABAMENTO NATURAL (NAO INCLUI ACESSORIOS DE FIXACAO)","M2    ","AS","131,78"]
[25007,"TELHA ONDULADA EM ACO ZINCADO, ALTURA DE 17 MM, ESPESSURA DE 0,50 MM, LARGURA UTIL DE APROXIMADAMENTE 985 MM, SEM PINTURA","M2    ","AS","37,71"]
[43071,"TELHA TERMOISOLANTE REVESTIDA EM ACO GALVALUME, COM FACE SUPERIOR EM TELHA TRAPEZOIDAL E FACE INFERIOR EM CHAPA PLANA (NÃO INCLUI ACESSORIOS DE FIXACAO), REVESTIMENTO COM ESPESSURA DE 0,50 MM COM PRE-PINTURA DE COR BRANCA NAS DUAS FACES, NUCLEO EM POLIISOCIANURATO (PIR) COM ESPESSURA DE 50 MM","M2    ","AS","148,39"]
[39520,"TELHA TERMOISOLANTE REVESTIDA EM ACO GALVANIZADO, FACE SUPERIOR EM TELHA TRAPEZOIDAL E FACE INFERIOR EM CHAPA PLANA (SEM ACESSORIOS DE FIXACAO), REVESTIMENTO COM ESPESSURA DE 0,50 MM COM PRE-PINTURA NAS DUAS FACES, NUCLEO EM POLIESTIRENO (EPS) DE 30 MM","M2    ","AS","121,06"]
[39521,"TELHA TERMOISOLANTE REVESTIDA EM ACO GALVANIZADO, FACE SUPERIOR EM TELHA TRAPEZOIDAL E FACE INFERIOR EM CHAPA PLANA (SEM ACESSORIOS DE FIXACAO), REVESTIMENTO COM ESPESSURA DE 0,50 MM COM PRE-PINTURA NAS DUAS FACES, NUCLEO EM POLIESTIRENO (EPS) DE 50 MM","M2    ","AS","125,02"]
[39522,"TELHA TERMOISOLANTE REVESTIDA EM ACO GALVANIZADO, FACES SUPERIOR E INFERIOR EM TELHA TRAPEZOIDAL (SEM ACESSORIOS DE FIXACAO), REVESTIMENTO COM ESPESSURA DE 0,50 MM COM PRE-PINTURA NAS DUAS FACES, NUCLEO EM POLIESTIRENO (EPS) DE 50 MM","M2    ","AS","129,09"]
[7243,"TELHA TRAPEZOIDAL EM ACO ZINCADO, SEM PINTURA, ALTURA DE APROXIMADAMENTE 40 MM, ESPESSURA DE 0,50 MM E LARGURA UTIL DE 980 MM","M2    ","AS","39,40"]
[11067,"TELHA TRAPEZOIDAL EM ALUMINIO, ALTURA DE *38* MM E ESPESSURA DE 0,5 MM (LARGURA TOTAL DE 1056 MM E COMPRIMENTO DE 5000 MM)","UN    ","AS","277,77"]
[11068,"TELHA TRAPEZOIDAL EM ALUMINIO, ALTURA DE *38* MM E ESPESSURA DE 0,7 MM (LARGURA TOTAL DE 1056 MM E COMPRIMENTO DE 5000 MM)","UN    ","AS","350,91"]
[7246,"TELHA VIDRO TIPO CANAL OU COLONIAL, C = 46 A 50 CM","UN    ","CR","38,17"]
[12869,"TELHADOR","H     ","CR","16,24"]
[41097,"TELHADOR  (MENSALISTA)","MES   ","CR","2.850,67"]
[1574,"TERMINAL A COMPRESSAO EM COBRE ESTANHADO PARA CABO 10 MM2, 1 FURO E 1 COMPRESSAO, PARA PARAFUSO DE FIXACAO M6","UN    ","CR","0,99"]
[1581,"TERMINAL A COMPRESSAO EM COBRE ESTANHADO PARA CABO 120 MM2, 1 FURO E 1 COMPRESSAO, PARA PARAFUSO DE FIXACAO M12","UN    ","CR","6,90"]
[1575,"TERMINAL A COMPRESSAO EM COBRE ESTANHADO PARA CABO 16 MM2, 1 FURO E 1 COMPRESSAO, PARA PARAFUSO DE FIXACAO M6","UN    ","CR","1,18"]
[1570,"TERMINAL A COMPRESSAO EM COBRE ESTANHADO PARA CABO 2,5 MM2, 1 FURO E 1 COMPRESSAO, PARA PARAFUSO DE FIXACAO M5","UN    ","CR","0,59"]
[1576,"TERMINAL A COMPRESSAO EM COBRE ESTANHADO PARA CABO 25 MM2, 1 FURO E 1 COMPRESSAO, PARA PARAFUSO DE FIXACAO M8","UN    ","CR","1,63"]
[1577,"TERMINAL A COMPRESSAO EM COBRE ESTANHADO PARA CABO 35 MM2, 1 FURO E 1 COMPRESSAO, PARA PARAFUSO DE FIXACAO M8","UN    ","CR","1,84"]
[1571,"TERMINAL A COMPRESSAO EM COBRE ESTANHADO PARA CABO 4 MM2, 1 FURO E 1 COMPRESSAO, PARA PARAFUSO DE FIXACAO M5","UN    ","CR","0,77"]
[1578,"TERMINAL A COMPRESSAO EM COBRE ESTANHADO PARA CABO 50 MM2, 1 FURO E 1 COMPRESSAO, PARA PARAFUSO DE FIXACAO M8","UN    ","CR","3,20"]
[1573,"TERMINAL A COMPRESSAO EM COBRE ESTANHADO PARA CABO 6 MM2, 1 FURO E 1 COMPRESSAO, PARA PARAFUSO DE FIXACAO M6","UN    ","CR","0,92"]
[1579,"TERMINAL A COMPRESSAO EM COBRE ESTANHADO PARA CABO 70 MM2, 1 FURO E 1 COMPRESSAO, PARA PARAFUSO DE FIXACAO M10","UN    ","CR","3,98"]
[1580,"TERMINAL A COMPRESSAO EM COBRE ESTANHADO PARA CABO 95 MM2, 1 FURO E 1 COMPRESSAO, PARA PARAFUSO DE FIXACAO M12","UN    ","CR","4,91"]
[7571,"TERMINAL AEREO EM ACO GALVANIZADO DN 5/16\", COMPRIMENTO DE 350MM, COM BASE DE FIXACAO HORIZONTAL","UN    ","CR","7,56"]
[39321,"TERMINAL DE VENTILACAO, 100 MM, SERIE NORMAL, ESGOTO PREDIAL","UN    ","CR","11,01"]
[39319,"TERMINAL DE VENTILACAO, 50 MM, SERIE NORMAL, ESGOTO PREDIAL","UN    ","CR","4,30"]
[39320,"TERMINAL DE VENTILACAO, 75 MM, SERIE NORMAL, ESGOTO PREDIAL","UN    ","CR","7,14"]
[1591,"TERMINAL METALICO A PRESSAO PARA 1 CABO DE 120 MM2, COM 1 FURO DE FIXACAO","UN    ","CR","15,22"]
[1547,"TERMINAL METALICO A PRESSAO PARA 1 CABO DE 150 A 185 MM2, COM 2 FUROS PARA FIXACAO","UN    ","CR","79,78"]
[38196,"TERMINAL METALICO A PRESSAO PARA 1 CABO DE 150 MM2, COM 1 FURO DE FIXACAO","UN    ","CR","15,54"]
[1543,"TERMINAL METALICO A PRESSAO PARA 1 CABO DE 16 A 25 MM2, COM 2 FUROS PARA FIXACAO","UN    ","CR","16,51"]
[1585,"TERMINAL METALICO A PRESSAO PARA 1 CABO DE 16 MM2, COM 1 FURO DE FIXACAO","UN    ","CR","3,20"]
[1593,"TERMINAL METALICO A PRESSAO PARA 1 CABO DE 185 MM2, COM 1 FURO DE FIXACAO","UN    ","CR","16,98"]
[11838,"TERMINAL METALICO A PRESSAO PARA 1 CABO DE 240 MM2, COM 1 FURO DE FIXACAO","UN    ","CR","22,41"]
[1594,"TERMINAL METALICO A PRESSAO PARA 1 CABO DE 25 A 35 MM2, COM 2 FUROS PARA FIXACAO","UN    ","CR","22,65"]
[1586,"TERMINAL METALICO A PRESSAO PARA 1 CABO DE 25 MM2, COM 1 FURO DE FIXACAO","UN    ","CR","4,04"]
[11839,"TERMINAL METALICO A PRESSAO PARA 1 CABO DE 300 MM2, COM 1 FURO DE FIXACAO","UN    ","CR","32,60"]
[1587,"TERMINAL METALICO A PRESSAO PARA 1 CABO DE 35 MM2, COM 1 FURO DE FIXACAO","UN    ","CR","4,12"]
[1545,"TERMINAL METALICO A PRESSAO PARA 1 CABO DE 50 A 70 MM2, COM 2 FUROS PARA FIXACAO","UN    ","CR","39,12"]
[1588,"TERMINAL METALICO A PRESSAO PARA 1 CABO DE 50 MM2, COM 1 FURO DE FIXACAO","UN    ","CR","5,65"]
[1535,"TERMINAL METALICO A PRESSAO PARA 1 CABO DE 6 A 10 MM2, COM 1 FURO DE FIXACAO","UN    ","CR","3,25"]
[1589,"TERMINAL METALICO A PRESSAO PARA 1 CABO DE 70 MM2, COM 1 FURO DE FIXACAO","UN    ","CR","5,83"]
[1546,"TERMINAL METALICO A PRESSAO PARA 1 CABO DE 95 A 120 MM2, COM 2 FUROS PARA FIXACAO","UN    ","CR","66,02"]
[1590,"TERMINAL METALICO A PRESSAO PARA 1 CABO DE 95 MM2, COM 1 FURO DE FIXACAO","UN    ","CR","10,27"]
[1542,"TERMINAL METALICO A PRESSAO 1 CABO, PARA CABOS DE 4 A 10 MM2, COM 2 FUROS PARA FIXACAO","UN    ","CR","13,60"]
[38415,"TERMOFUSORA PARA TUBOS E CONEXOES EM PPR COM DIAMETROS DE 20 A 63 MM, POTENCIA DE 800 W, TENSAO 220 V","UN    ","CR","849,14"]
[38414,"TERMOFUSORA PARA TUBOS E CONEXOES EM PPR COM DIAMETROS DE 75 A 110 MM, POTENCIA DE *1100* W, TENSAO 220 V","UN    ","CR","1.191,77"]
[38128,"TERRA VEGETAL (ENSACADA)","KG    ","C ","1,00"]
[7253,"TERRA VEGETAL (GRANEL)","M3    ","CR","214,28"]
[4806,"TESTEIRA ANTIDERRAPANTE PARA PISO VINILICO *5 X 2,5* CM, E = 2 MM","M     ","CR","13,96"]
[34401,"TIJOLO CERAMICO LAMINADO 5,5 X 11 X 23 CM (L X A X C)","UN    ","CR","1,43"]
[7260,"TIJOLO CERAMICO MACICO APARENTE *6 X 12 X 24* CM (L X A X C)","UN    ","CR","1,27"]
[7256,"TIJOLO CERAMICO MACICO APARENTE 2 FUROS, *6,5 X 10 X 20* CM (L X A X C)","UN    ","CR","1,25"]
[7258,"TIJOLO CERAMICO MACICO COMUM *5 X 10 X 20* CM (L X A X C)","UN    ","CR","0,51"]
[34400,"TIJOLO CERAMICO REFRATARIO 2,5 X 11,4 X 22,9 CM (L X A X C)","UN    ","CR","2,20"]
[10617,"TIJOLO CERAMICO REFRATARIO 6,3 X 11,4 X 22,9 CM (L X A X C)","UN    ","CR","4,21"]
[7274,"TIL PARA LIGACAO PREDIAL, EM PVC, JE, BBB, DN 100 X 100 MM, PARA REDE COLETORA ESGOTO (NBR 10569)","UN    ","AS","28,80"]
[11663,"TIL TUBO QUEDA, EM PVC, JE, BBB, DN 100 X 100 MM, PARA REDE COLETORA DE ESGOTO (NBR 10569)","UN    ","AS","236,91"]
[154,"TINTA / REVESTIMENTO A BASE DE RESINA EPOXI COM ALCATRAO, BICOMPONENTE","L     ","CR","59,21"]
[38121,"TINTA A BASE DE RESINA ACRILICA EMULSIONADA EM AGUA, PARA SINALIZACAO HORIZONTAL VIARIA (NBR 13699)","L     ","CR","9,28"]
[7343,"TINTA A BASE DE RESINA ACRILICA, PARA SINALIZACAO HORIZONTAL VIARIA (NBR 11862)","L     ","CR","9,40"]
[7350,"TINTA ACRILICA PARA CERAMICA","L     ","CR","22,86"]
[7348,"TINTA ACRILICA PREMIUM PARA PISO","L     ","CR","12,82"]
[7356,"TINTA ACRILICA PREMIUM, COR BRANCO FOSCO","L     ","CR","19,21"]
[7313,"TINTA ASFALTICA IMPERMEABILIZANTE DILUIDA EM SOLVENTE, PARA MATERIAIS CIMENTICIOS, METAL E MADEIRA","L     ","CR","15,15"]
[7319,"TINTA ASFALTICA IMPERMEABILIZANTE DISPERSA EM AGUA, PARA MATERIAIS CIMENTICIOS","L     ","CR","8,67"]
[38119,"TINTA BORRACHA CLORADA, ACABAMENTO SEMIBRILHO, BRANCA","L     ","CR","72,62"]
[7314,"TINTA BORRACHA CLORADA, ACABAMENTO SEMIBRILHO, CORES VIVAS","L     ","CR","78,27"]
[38131,"TINTA BORRACHA, CLORADA, ACABAMENTO SEMIBRILHO, PRETA","L     ","CR","73,27"]
[7304,"TINTA EPOXI PREMIUM, BRANCA","L     ","CR","48,51"]
[7293,"TINTA ESMALTE SINTETICO GRAFITE COM PROTECAO PARA METAIS FERROSOS","L     ","CR","21,74"]
[7311,"TINTA ESMALTE SINTETICO PREMIUM ACETINADO","L     ","CR","21,03"]
[7292,"TINTA ESMALTE SINTETICO PREMIUM BRILHANTE","L     ","C ","20,42"]
[7288,"TINTA ESMALTE SINTETICO PREMIUM FOSCO","L     ","CR","23,14"]
[35693,"TINTA LATEX ACRILICA ECONOMICA, COR BRANCA","L     ","CR","8,81"]
[35692,"TINTA LATEX ACRILICA STANDARD, COR BRANCA","L     ","CR","47,26"]
[7342,"TINTA MINERAL IMPERMEAVEL EM PO, BRANCA","KG    ","CR","1,66"]
[7306,"TINTA PROTETORA SUPERFICIE METALICA ALUMINIO","L     ","CR","24,94"]
[39574,"TIRANTE COM ELO, EM ARAME GALVANIZADO RIGIDO, NUMERO 10, COMPRIMENTO 2000 MM, PARA PENDURAL DE FORRO REMOVIVEL","UN    ","CR","3,10"]
[11060,"TIRANTE EM FERRO GALVANIZADO PARA CONTRAVENTAMENTO DE TELHA CANALETE 90, 1/4 \" X 400 MM","UN    ","CR","28,85"]
[37401,"TOALHEIRO PLASTICO TIPO DISPENSER PARA PAPEL TOALHA INTERFOLHADO","UN    ","CR","46,85"]
[7525,"TOMADA INDUSTRIAL DE EMBUTIR 3P+T 30 A, 440 V, COM TRAVA, COM PLACA","UN    ","CR","33,23"]
[7524,"TOMADA INDUSTRIAL DE EMBUTIR 3P+T 30 A, 440 V, COM TRAVA, SEM PLACA","UN    ","CR","31,32"]
[38105,"TOMADA PARA ANTENA DE TV, CABO COAXIAL DE 9 MM (APENAS MODULO)","UN    ","CR","8,04"]
[38084,"TOMADA PARA ANTENA DE TV, CABO COAXIAL DE 9 MM, CONJUNTO MONTADO PARA EMBUTIR 4\" X 2\" (PLACA + SUPORTE + MODULO)","UN    ","CR","11,42"]
[38103,"TOMADA RJ11, 2 FIOS (APENAS MODULO)","UN    ","CR","12,08"]
[38082,"TOMADA RJ11, 2 FIOS, CONJUNTO MONTADO PARA EMBUTIR 4\" X 2\" (PLACA + SUPORTE + MODULO)","UN    ","CR","14,88"]
[38104,"TOMADA RJ45, 8 FIOS, CAT 5E (APENAS MODULO)","UN    ","CR","23,65"]
[38083,"TOMADA RJ45, 8 FIOS, CAT 5E, CONJUNTO MONTADO PARA EMBUTIR 4\" X 2\" (PLACA + SUPORTE + MODULO)","UN    ","CR","26,25"]
[38101,"TOMADA 2P+T 10A, 250V  (APENAS MODULO)","UN    ","CR","5,74"]
[7528,"TOMADA 2P+T 10A, 250V, CONJUNTO MONTADO PARA EMBUTIR 4\" X 2\" (PLACA + SUPORTE + MODULO)","UN    ","C ","6,75"]
[12147,"TOMADA 2P+T 10A, 250V, CONJUNTO MONTADO PARA SOBREPOR 4\" X 2\" (CAIXA + MODULO)","UN    ","CR","10,29"]
[38075,"TOMADA 2P+T 20A 250V, CONJUNTO MONTADO PARA EMBUTIR 4\" X 2\" (PLACA + SUPORTE + MODULO)","UN    ","CR","11,69"]
[38102,"TOMADA 2P+T 20A, 250V  (APENAS MODULO)","UN    ","CR","7,35"]
[38076,"TOMADAS (2 MODULOS) 2P+T 10A, 250V, CONJUNTO MONTADO PARA EMBUTIR 4\" X 2\" (PLACA + SUPORTE + MODULOS)","UN    ","CR","13,11"]
[7592,"TOPOGRAFO","H     ","C ","31,88"]
[40820,"TOPOGRAFO (MENSALISTA)","MES   ","CR","5.589,62"]
[11762,"TORNEIRA CROMADA COM BICO PARA JARDIM/TANQUE 1/2 \" OU 3/4 \" (REF 1153)","UN    ","CR","43,62"]
[13418,"TORNEIRA CROMADA CURTA SEM BICO PARA TANQUE, PADRAO POPULAR, 1/2 \" OU 3/4 \" (REF 1140)","UN    ","CR","12,19"]
[13984,"TORNEIRA CROMADA CURTA SEM BICO PARA USO GERAL  1/2 \" OU 3/4 \" (REF 1152)","UN    ","CR","30,49"]
[11772,"TORNEIRA CROMADA DE MESA PARA COZINHA BICA MOVEL COM AREJADOR 1/2 \" OU 3/4 \" (REF 1167)","UN    ","CR","74,04"]
[36795,"TORNEIRA CROMADA DE MESA PARA LAVATORIO COM SENSOR DE PRESENCA","UN    ","CR","476,20"]
[36796,"TORNEIRA CROMADA DE MESA PARA LAVATORIO TEMPORIZADA PRESSAO BICA BAIXA","UN    ","CR","122,61"]
[36791,"TORNEIRA CROMADA DE MESA PARA LAVATORIO, BICA ALTA (REF 1195)","UN    ","CR","63,17"]
[13415,"TORNEIRA CROMADA DE MESA PARA LAVATORIO, PADRAO POPULAR, 1/2 \" OU 3/4 \" (REF 1193)","UN    ","C ","36,72"]
[36792,"TORNEIRA CROMADA DE PAREDE LONGA PARA LAVATORIO (REF 1178)","UN    ","CR","120,75"]
[11773,"TORNEIRA CROMADA DE PAREDE PARA COZINHA BICA MOVEL COM AREJADOR 1/2 \" OU 3/4 \" (REF 1168)","UN    ","CR","70,68"]
[11775,"TORNEIRA CROMADA DE PAREDE PARA COZINHA COM AREJADOR 1/2 \" OU 3/4 \" (REF 1157)","UN    ","CR","73,81"]
[13983,"TORNEIRA CROMADA DE PAREDE PARA COZINHA COM AREJADOR, PADRAO POPULAR, 1/2 \" OU 3/4 \" (REF 1159)","UN    ","CR","37,71"]
[13416,"TORNEIRA CROMADA DE PAREDE PARA COZINHA SEM AREJADOR, PADRAO POPULAR, 1/2 \" OU 3/4 \" (REF 1158)","UN    ","CR","30,41"]
[13417,"TORNEIRA CROMADA SEM BICO PARA TANQUE 1/2 \" OU 3/4 \" (REF 1143)","UN    ","CR","26,82"]
[7604,"TORNEIRA CROMADA SEM BICO PARA TANQUE, PADRAO POPULAR, 1/2 \" OU 3/4 \" (REF 1126)","UN    ","CR","11,61"]
[11763,"TORNEIRA DE BOIA CONVENCIONAL PARA CAIXA D'AGUA, 1.1/2\", COM HASTE E TORNEIRA METALICOS E BALAO PLASTICO","UN    ","CR","41,45"]
[11764,"TORNEIRA DE BOIA CONVENCIONAL PARA CAIXA D'AGUA, 1.1/4\", COM HASTE E TORNEIRA METALICOS E BALAO PLASTICO","UN    ","CR","44,28"]
[11829,"TORNEIRA DE BOIA CONVENCIONAL PARA CAIXA D'AGUA, 1/2\", COM HASTE E TORNEIRA METALICOS E BALAO PLASTICO","UN    ","CR","10,61"]
[11825,"TORNEIRA DE BOIA CONVENCIONAL PARA CAIXA D'AGUA, 1\", COM HASTE E TORNEIRA METALICOS E BALAO PLASTICO","UN    ","CR","18,19"]
[11767,"TORNEIRA DE BOIA CONVENCIONAL PARA CAIXA D'AGUA, 2\", COM HASTE E TORNEIRA METALICOS E BALAO PLASTICO","UN    ","CR","73,50"]
[11830,"TORNEIRA DE BOIA CONVENCIONAL PARA CAIXA D'AGUA, 3/4\", COM HASTE E TORNEIRA METALICOS E BALAO PLASTICO","UN    ","CR","11,47"]
[11766,"TORNEIRA DE BOIA VAZAO TOTAL PARA CAIXA D'AGUA, 1/2\", COM HASTE E TORNEIRA METALICOS E BALAO PLASTICO","UN    ","CR","20,38"]
[11765,"TORNEIRA DE BOIA VAZAO TOTAL PARA CAIXA D'AGUA, 1\", COM HASTE E TORNEIRA METALICOS E BALAO PLASTICO","UN    ","CR","27,76"]
[11824,"TORNEIRA DE BOIA VAZAO TOTAL PARA CAIXA D'AGUA, 3/4\", COM HASTE E TORNEIRA METALICOS E BALAO PLASTICO","UN    ","CR","21,02"]
[11777,"TORNEIRA ELETRICA DE PAREDE, BICA ALTA, PARA COZINHA, 5500 W (110/220 V)","UN    ","CR","110,32"]
[7602,"TORNEIRA METAL AMARELO COM BICO PARA JARDIM, PADRAO POPULAR, 1/2 \" OU 3/4 \" (REF 1128)","UN    ","CR","11,51"]
[7603,"TORNEIRA METAL AMARELO CURTA SEM BICO PARA TANQUE, PADRAO POPULAR, 1/2 \" OU 3/4 \" (REF 1120)","UN    ","CR","11,16"]
[11826,"TORNEIRA METALICA DE BOIA CONVENCIONAL PARA CAIXA D'AGUA, 1/2 \", COM HASTE, TORNEIRA E BALAO METALICOS","UN    ","CR","17,66"]
[7606,"TORNEIRA METALICA DE BOIA CONVENCIONAL PARA CAIXA D'AGUA, 3/4 \", COM HASTE, TORNEIRA E BALAO METALICOS","UN    ","CR","18,40"]
[40329,"TORNEIRA PLASTICA DE BOIA CONVENCIONAL PARA CAIXA DE AGUA, 3/4 \", COM HASTE METALICA E COM TORNEIRA E BALAO PLASTICOS (PADRAO POPULAR)","UN    ","C ","8,90"]
[11823,"TORNEIRA PLASTICA DE BOIA PARA CAIXA DE DESCARGA,  1/2\", BALAO E TORNEIRA PLASTICOS, COM HASTE METALICA","UN    ","CR","3,84"]
[11822,"TORNEIRA PLASTICA DE MESA, BICA MOVEL, PARA COZINHA 1/2 \"","UN    ","CR","25,35"]
[11831,"TORNEIRA PLASTICA PARA TANQUE 1/2 \" OU 3/4 \" COM BICO PARA MANGUEIRA","UN    ","CR","19,24"]
[7613,"TRANSFORMADOR TRIFASICO DE DISTRIBUICAO, POTENCIA DE 1000 KVA, TENSAO NOMINAL DE 15 KV, TENSAO SECUNDARIA DE 220/127V, EM OLEO ISOLANTE TIPO MINERAL","UN    ","AS","55.959,45"]
[7619,"TRANSFORMADOR TRIFASICO DE DISTRIBUICAO, POTENCIA DE 112,5 KVA, TENSAO NOMINAL DE 15 KV, TENSAO SECUNDARIA DE 220/127V, EM OLEO ISOLANTE TIPO MINERAL","UN    ","AS","8.650,13"]
[12076,"TRANSFORMADOR TRIFASICO DE DISTRIBUICAO, POTENCIA DE 15 KVA, TENSAO NOMINAL DE 15 KV, TENSAO SECUNDARIA DE 220/127V, EM OLEO ISOLANTE TIPO MINERAL","UN    ","AS","3.967,95"]
[7614,"TRANSFORMADOR TRIFASICO DE DISTRIBUICAO, POTENCIA DE 150 KVA, TENSAO NOMINAL DE 15 KV, TENSAO SECUNDARIA DE 220/127V, EM OLEO ISOLANTE TIPO MINERAL","UN    ","AS","10.909,88"]
[7618,"TRANSFORMADOR TRIFASICO DE DISTRIBUICAO, POTENCIA DE 1500 KVA, TENSAO NOMINAL DE 15 KV, TENSAO SECUNDARIA DE 220/127V, EM OLEO ISOLANTE TIPO MINERAL","UN    ","AS","70.758,77"]
[7620,"TRANSFORMADOR TRIFASICO DE DISTRIBUICAO, POTENCIA DE 225 KVA, TENSAO NOMINAL DE 15 KV, TENSAO SECUNDARIA DE 220/127V, EM OLEO ISOLANTE TIPO MINERAL","UN    ","AS","15.304,95"]
[7610,"TRANSFORMADOR TRIFASICO DE DISTRIBUICAO, POTENCIA DE 30 KVA, TENSAO NOMINAL DE 15 KV, TENSAO SECUNDARIA DE 220/127V, EM OLEO ISOLANTE TIPO MINERAL","UN    ","AS","4.846,56"]
[7615,"TRANSFORMADOR TRIFASICO DE DISTRIBUICAO, POTENCIA DE 300 KVA, TENSAO NOMINAL DE 15 KV, TENSAO SECUNDARIA DE 220/127V, EM OLEO ISOLANTE TIPO MINERAL","UN    ","AS","17.855,78"]
[7617,"TRANSFORMADOR TRIFASICO DE DISTRIBUICAO, POTENCIA DE 45 KVA, TENSAO NOMINAL DE 15 KV, TENSAO SECUNDARIA DE 220/127V, EM OLEO ISOLANTE TIPO MINERAL","UN    ","AS","5.413,41"]
[7616,"TRANSFORMADOR TRIFASICO DE DISTRIBUICAO, POTENCIA DE 500 KVA, TENSAO NOMINAL DE 15 KV, TENSAO SECUNDARIA DE 220/127V, EM OLEO ISOLANTE TIPO MINERAL","UN    ","AS","29.137,80"]
[7611,"TRANSFORMADOR TRIFASICO DE DISTRIBUICAO, POTENCIA DE 75 KVA, TENSAO NOMINAL DE 15 KV, TENSAO SECUNDARIA DE 220/127V, EM OLEO ISOLANTE TIPO MINERAL","UN    ","AS","7.000,60"]
[7612,"TRANSFORMADOR TRIFASICO DE DISTRIBUICAO, POTENCIA DE 750 KVA, TENSAO NOMINAL DE 15 KV, TENSAO SECUNDARIA DE 220/127V, EM OLEO ISOLANTE TIPO MINERAL","UN    ","AS","39.967,47"]
[37371,"TRANSPORTE - HORISTA (COLETADO CAIXA)","H     ","C ","0,72"]
[40861,"TRANSPORTE - MENSALISTA (COLETADO CAIXA)","MES   ","C ","135,51"]
[36510,"TRATOR DE ESTEIRAS, POTENCIA BRUTA DE 133 HP, PESO OPERACIONAL DE 14 T, COM LAMINA COM CAPACIDADE DE 3,00 M3","UN    ","AS","636.085,60"]
[25020,"TRATOR DE ESTEIRAS, POTENCIA BRUTA DE 347 HP, PESO OPERACIONAL DE 38,5 T, COM ESCARIFICADOR E LAMINA COM CAPACIDADE DE 4,70M3","UN    ","AS","2.620.448,88"]
[7622,"TRATOR DE ESTEIRAS, POTENCIA DE 100 HP, PESO OPERACIONAL DE 9,4 T, COM LAMINA COM CAPACIDADE DE 2,19 M3","UN    ","AS","617.096,00"]
[7624,"TRATOR DE ESTEIRAS, POTENCIA DE 150 HP, PESO OPERACIONAL DE 16,7 T, COM RODA MOTRIZ ELEVADA E LAMINA COM CONTATO DE 3,18M3","UN    ","AS","800.000,00"]
[7625,"TRATOR DE ESTEIRAS, POTENCIA DE 170 HP, PESO OPERACIONAL DE 19 T, COM LAMINA COM CAPACIDADE DE 5,2 M3","UN    ","AS","795.106,96"]
[7623,"TRATOR DE ESTEIRAS, POTENCIA DE 347 HP, PESO OPERACIONAL DE 38,5 T, COM LAMINA COM CAPACIDADE DE 8,70M3","UN    ","AS","2.620.448,88"]
[36508,"TRATOR DE ESTEIRAS, POTENCIA NO VOLANTE DE 200 HP, PESO OPERACIONAL DE 20,1 T, COM RODA MOTRIZ ELEVADA E LAMINA COM CAPACIDADE DE 3,89 M3","UN    ","AS","1.178.519,84"]
[36509,"TRATOR DE ESTEIRAS, POTENCIA 125 HP, PESO OPERACIONAL DE 12,9 T, COM LAMINA COM CAPACIDADE DE 2,7 M3","UN    ","AS","645.871,52"]
[13238,"TRATOR DE PNEUS COM POTENCIA DE 105 CV, TRACAO 4 X 4, PESO COM LASTRO DE 5775 KG","UN    ","AS","173.102,79"]
[36511,"TRATOR DE PNEUS COM POTENCIA DE 122 CV, TRACAO 4 X 4, PESO COM LASTRO DE 4510 KG","UN    ","AS","200.579,42"]
[36515,"TRATOR DE PNEUS COM POTENCIA DE 15 CV, PESO COM LASTRO DE 1160 KG","UN    ","AS","59.074,75"]
[10598,"TRATOR DE PNEUS COM POTENCIA DE 50 CV, TRACAO 4 X 2, PESO COM LASTRO DE 2714 KG","UN    ","AS","95.798,65"]
[7640,"TRATOR DE PNEUS COM POTENCIA DE 85 CV, TRACAO 4 X 4, PESO COM LASTRO DE 4675 KG","UN    ","AS","147.000,00"]
[36513,"TRATOR DE PNEUS COM POTENCIA DE 85 CV, TURBO,  PESO COM LASTRO DE 4900 KG","UN    ","AS","141.607,70"]
[36514,"TRATOR DE PNEUS COM POTENCIA DE 95 CV, TRACAO 4 X 4, PESO MAXIMO DE 5225 KG","UN    ","AS","157.990,64"]
[36149,"TRAVA-QUEDAS EM ACO PARA CORDA DE 12 MM, EXTENSOR DE 25 X 300 MM, COM MOSQUETAO TIPO GANCHO TRAVA DUPLA","UN    ","CR","138,41"]
[42407,"TRELICA NERVURADA (ESPACADOR), ALTURA = 120,0 MM, DIAMETRO DOS BANZOS INFERIORES E SUPERIOR = 6,0 MM, DIAMETRO DA DIAGONAL = 4,2 MM","M     ","AS","4,91"]
[11581,"TRILHO EM ALUMINIO \"U\", COM ABAULADO PARA ROLDANA DE PORTA DE CORRER, *40 X 40* MM","M     ","CR","21,55"]
[11580,"TRILHO QUADRADO, EM ALUMINIO (VERGALHAO MACICO), 1/4\", (*6 X 6* CM), PARA RODIZIOS","M     ","CR","9,81"]
[38177,"TRINCO / FECHO TIPO AVIAO, EM ZAMAC CROMADO, *60* MM, PARA JANELAS - INCLUI PARAFUSOS","UN    ","CR","6,66"]
[10743,"TROLEY MANUAL CAPACIDADE 1 T","UN    ","AS","580,46"]
[39848,"TUBO / MANGUEIRA PRETA EM POLIETILENO, LINHA PESADA OU REFORCADA, TIPO ESPAGUETE, PARA INJECAO DE CALDA DE CIMENTO, D = 1/2\", ESPESSURA 1,5 MM","M     ","AS","1,33"]
[20999,"TUBO ACO CARBONO COM COSTURA, NBR 5580, CLASSE L, DN = 15 MM, E = 2,25 MM, 1,06 KG/M","M     ","AS","8,47"]
[21001,"TUBO ACO CARBONO COM COSTURA, NBR 5580, CLASSE L, DN = 25 MM, E = 2,65 MM, 2,02 KG/M","M     ","AS","15,81"]
[21003,"TUBO ACO CARBONO COM COSTURA, NBR 5580, CLASSE L, DN = 40 MM, E = 3,0 MM, 3,34 KG/M","M     ","AS","25,98"]
[21006,"TUBO ACO CARBONO COM COSTURA, NBR 5580, CLASSE L, DN = 80 MM, E = 3,35 MM, 7,07 KG/M","M     ","AS","55,13"]
[21019,"TUBO ACO CARBONO COM COSTURA, NBR 5580, CLASSE M, DN = 25 MM, E = 3,35 MM, *2,50* KG//M","M     ","AS","19,16"]
[21021,"TUBO ACO CARBONO COM COSTURA, NBR 5580, CLASSE M, DN = 40 MM, E = 3,35 MM, *3,71* KG//M","M     ","AS","30,29"]
[21024,"TUBO ACO CARBONO COM COSTURA, NBR 5580, CLASSE M, DN = 80 MM, E = 4,05 MM, *8,47* KG/M","M     ","AS","64,91"]
[40624,"TUBO ACO CARBONO SEM COSTURA 1 1/2\", E= *3,68 MM, SCHEDULE 40, 4,05 KG/M","M     ","AS","47,16"]
[42575,"TUBO ACO CARBONO SEM COSTURA 1 1/4\", E= *3,56 MM, SCHEDULE 40, *3,38* KG/M","M     ","AS","43,28"]
[13127,"TUBO ACO CARBONO SEM COSTURA 1/2\", E= *2,77 MM, SCHEDULE 40, *1,27 KG/M","M     ","AS","21,03"]
[13137,"TUBO ACO CARBONO SEM COSTURA 1/2\", E= *3,73 MM, SCHEDULE 80, *1,62 KG/M","M     ","AS","27,91"]
[42574,"TUBO ACO CARBONO SEM COSTURA 1\", E= *3,38 MM, SCHEDULE 40, *2,50* KG/M","M     ","AS","32,30"]
[20989,"TUBO ACO CARBONO SEM COSTURA 14\", E= *11,13 MM, SCHEDULE 40, *94,55 KG/M","M     ","AS","1.000,18"]
[21147,"TUBO ACO CARBONO SEM COSTURA 2 1/2\", E = 5,16 MM, SCHEDULE 40 (8,62 KG/M)","M     ","AS","93,77"]
[21148,"TUBO ACO CARBONO SEM COSTURA 2\", E= *3,91* MM, SCHEDULE 40, *5,43* KG/M","M     ","AS","57,88"]
[20984,"TUBO ACO CARBONO SEM COSTURA 20\", E= *12,70 MM, SCHEDULE 30, *154,97 KG/M","M     ","AS","1.919,15"]
[13042,"TUBO ACO CARBONO SEM COSTURA 20\", E= *6,35 MM,  SCHEDULE 10, *78,46 KG/M","M     ","AS","1.063,49"]
[21150,"TUBO ACO CARBONO SEM COSTURA 3/4\", E= *2,87 MM, SCHEDULE 40, *1,69 KG/M","M     ","AS","28,70"]
[13141,"TUBO ACO CARBONO SEM COSTURA 3/4\", E= *3,91 MM, SCHEDULE 80, *2,19 KG/M.","M     ","AS","36,16"]
[42576,"TUBO ACO CARBONO SEM COSTURA 3\", E= *5,49 MM, SCHEDULE 40, *11,28* KG/M","M     ","AS","118,06"]
[21151,"TUBO ACO CARBONO SEM COSTURA 4\", E= *6,02 MM, SCHEDULE 40, *16,06 KG/M","M     ","AS","171,78"]
[13142,"TUBO ACO CARBONO SEM COSTURA 4\", E= *8,56 MM, SCHEDULE 80, *22,31 KG/M","M     ","AS","245,58"]
[42577,"TUBO ACO CARBONO SEM COSTURA 5\", E= *6,55 MM, SCHEDULE 40, *21,75* KG/M","M     ","AS","269,47"]
[20994,"TUBO ACO CARBONO SEM COSTURA 6\", E= *10,97 MM, SCHEDULE 80, *42,56 KG/M","M     ","AS","463,03"]
[7672,"TUBO ACO CARBONO SEM COSTURA 6\", E= 7,11 MM,  SCHEDULE 40, *28,26 KG/M","M     ","AS","303,33"]
[20995,"TUBO ACO CARBONO SEM COSTURA 8\", E= *12,70 MM, SCHEDULE 80, *64,64 KG/M","M     ","AS","608,51"]
[7690,"TUBO ACO CARBONO SEM COSTURA 8\", E= *6,35 MM,  SCHEDULE 20, *33,27 KG/M","M     ","AS","351,94"]
[20980,"TUBO ACO CARBONO SEM COSTURA 8\", E= *7,04 MM, SCHEDULE 30, *36,75 KG/M","M     ","AS","383,93"]
[7661,"TUBO ACO CARBONO SEM COSTURA 8\", E= *8,18 MM, SCHEDULE 40, *42,55 KG/M","M     ","AS","456,72"]
[21016,"TUBO ACO GALVANIZADO COM COSTURA, CLASSE LEVE, DN 100 MM ( 4\"),  E = 3,75 MM,  *10,55* KG/M (NBR 5580)","M     ","CR","107,38"]
[21008,"TUBO ACO GALVANIZADO COM COSTURA, CLASSE LEVE, DN 15 MM ( 1/2\"),  E = 2,25 MM,  *1,2* KG/M (NBR 5580)","M     ","CR","12,54"]
[21009,"TUBO ACO GALVANIZADO COM COSTURA, CLASSE LEVE, DN 20 MM ( 3/4\"),  E = 2,25 MM,  *1,3* KG/M (NBR 5580)","M     ","CR","16,33"]
[21010,"TUBO ACO GALVANIZADO COM COSTURA, CLASSE LEVE, DN 25 MM ( 1\"),  E = 2,65 MM,  *2,11* KG/M (NBR 5580)","M     ","C ","21,93"]
[21011,"TUBO ACO GALVANIZADO COM COSTURA, CLASSE LEVE, DN 32 MM ( 1 1/4\"),  E = 2,65 MM,  *2,71* KG/M (NBR 5580)","M     ","CR","31,96"]
[21012,"TUBO ACO GALVANIZADO COM COSTURA, CLASSE LEVE, DN 40 MM ( 1 1/2\"),  E = 3,00 MM,  *3,48* KG/M (NBR 5580)","M     ","CR","35,32"]
[21013,"TUBO ACO GALVANIZADO COM COSTURA, CLASSE LEVE, DN 50 MM ( 2\"),  E = 3,00 MM,  *4,40* KG/M (NBR 5580)","M     ","CR","46,09"]
[21014,"TUBO ACO GALVANIZADO COM COSTURA, CLASSE LEVE, DN 65 MM ( 2 1/2\"),  E = 3,35 MM, * 6,23* KG/M (NBR 5580)","M     ","CR","64,49"]
[21015,"TUBO ACO GALVANIZADO COM COSTURA, CLASSE LEVE, DN 80 MM ( 3\"),  E = 3,35 MM, *7,32* KG/M (NBR 5580)","M     ","CR","74,09"]
[7697,"TUBO ACO GALVANIZADO COM COSTURA, CLASSE MEDIA, DN 1.1/2\", E = *3,25* MM, PESO *3,61* KG/M (NBR 5580)","M     ","CR","35,35"]
[7698,"TUBO ACO GALVANIZADO COM COSTURA, CLASSE MEDIA, DN 1.1/4\", E = *3,25* MM, PESO *3,14* KG/M (NBR 5580)","M     ","CR","30,43"]
[7691,"TUBO ACO GALVANIZADO COM COSTURA, CLASSE MEDIA, DN 1/2\", E = *2,65* MM, PESO *1,22* KG/M (NBR 5580)","M     ","CR","12,86"]
[40626,"TUBO ACO GALVANIZADO COM COSTURA, CLASSE MEDIA, DN 1\", E = 3,38 MM, PESO 2,50 KG/M (NBR 5580)","M     ","CR","24,13"]
[7701,"TUBO ACO GALVANIZADO COM COSTURA, CLASSE MEDIA, DN 2.1/2\", E = *3,65* MM, PESO *6,51* KG/M (NBR 5580)","M     ","CR","63,27"]
[7696,"TUBO ACO GALVANIZADO COM COSTURA, CLASSE MEDIA, DN 2\", E = *3,65* MM, PESO *5,10* KG/M (NBR 5580)","M     ","CR","50,98"]
[7700,"TUBO ACO GALVANIZADO COM COSTURA, CLASSE MEDIA, DN 3/4\", E = *2,65* MM, PESO *1,58* KG/M (NBR 5580)","M     ","CR","16,26"]
[7694,"TUBO ACO GALVANIZADO COM COSTURA, CLASSE MEDIA, DN 3\", E = *4,05* MM, PESO *8,47* KG/M (NBR 5580)","M     ","CR","85,14"]
[7693,"TUBO ACO GALVANIZADO COM COSTURA, CLASSE MEDIA, DN 4\", E = 4,50* MM, PESO 12,10* KG/M (NBR 5580)","M     ","CR","117,26"]
[7692,"TUBO ACO GALVANIZADO COM COSTURA, CLASSE MEDIA, DN 5\", E = *5,40* MM, PESO *17,80* KG/M (NBR 5580)","M     ","CR","175,56"]
[7695,"TUBO ACO GALVANIZADO COM COSTURA, CLASSE MEDIA, DN 6\", E = 4,85* MM, PESO 19,68* KG/M (NBR 5580)","M     ","CR","190,40"]
[13356,"TUBO ACO INDUSTRIAL DN 2\" (50,8 MM) E=1,50MM, PESO= 1,8237 KG/M","M     ","CR","13,80"]
[36365,"TUBO COLETOR DE ESGOTO PVC, JEI, DN 100 MM (NBR  7362)","M     ","AS","17,62"]
[41930,"TUBO COLETOR DE ESGOTO PVC, JEI, DN 200 MM (NBR 7362)","M     ","AS","57,04"]
[41931,"TUBO COLETOR DE ESGOTO PVC, JEI, DN 250 MM (NBR 7362)","M     ","AS","97,26"]
[41932,"TUBO COLETOR DE ESGOTO PVC, JEI, DN 300 MM (NBR 7362)","M     ","AS","157,09"]
[41933,"TUBO COLETOR DE ESGOTO PVC, JEI, DN 350 MM (NBR 7362)","M     ","AS","194,56"]
[41934,"TUBO COLETOR DE ESGOTO PVC, JEI, DN 400 MM (NBR 7362)","M     ","AS","252,01"]
[41936,"TUBO COLETOR DE ESGOTO, PVC, JEI, DN 150 MM  (NBR 7362)","M     ","AS","37,99"]
[41785,"TUBO CORRUGADO PEAD, PAREDE DUPLA, INTERNA LISA, JEI, DN/DI *1000* MM, PARA SANEAMENTO","M     ","AS","1.004,58"]
[41781,"TUBO CORRUGADO PEAD, PAREDE DUPLA, INTERNA LISA, JEI, DN/DI *400* MM, PARA SANEAMENTO","M     ","AS","286,41"]
[41783,"TUBO CORRUGADO PEAD, PAREDE DUPLA, INTERNA LISA, JEI, DN/DI *800* MM, PARA SANEAMENTO","M     ","AS","755,80"]
[41786,"TUBO CORRUGADO PEAD, PAREDE DUPLA, INTERNA LISA, JEI, DN/DI 1200 MM, PARA SANEAMENTO","M     ","AS","1.576,69"]
[41779,"TUBO CORRUGADO PEAD, PAREDE DUPLA, INTERNA LISA, JEI, DN/DI 250 MM, PARA SANEAMENTO","M     ","AS","109,85"]
[41780,"TUBO CORRUGADO PEAD, PAREDE DUPLA, INTERNA LISA, JEI, DN/DI 300 MM, PARA SANEAMENTO","M     ","AS","129,92"]
[41782,"TUBO CORRUGADO PEAD, PAREDE DUPLA, INTERNA LISA, JEI, DN/DI 600 MM, PARA SANEAMENTO","M     ","AS","535,57"]
[38130,"TUBO CPVC SOLDAVEL, 35 MM, AGUA QUENTE PREDIAL (NBR 15884)","M     ","CR","26,07"]
[21123,"TUBO CPVC, SOLDAVEL, 15 MM, AGUA QUENTE PREDIAL (NBR 15884)","M     ","C ","7,40"]
[21124,"TUBO CPVC, SOLDAVEL, 22 MM, AGUA QUENTE PREDIAL (NBR 15884)","M     ","CR","13,12"]
[21125,"TUBO CPVC, SOLDAVEL, 28 MM, AGUA QUENTE PREDIAL (NBR 15884)","M     ","CR","21,06"]
[38028,"TUBO CPVC, SOLDAVEL, 42 MM, AGUA QUENTE PREDIAL (NBR 15884)","M     ","CR","35,73"]
[38029,"TUBO CPVC, SOLDAVEL, 54 MM, AGUA QUENTE PREDIAL (NBR 15884)","M     ","CR","54,47"]
[38030,"TUBO CPVC, SOLDAVEL, 73 MM, AGUA QUENTE PREDIAL (NBR 15884)","M     ","CR","83,67"]
[38031,"TUBO CPVC, SOLDAVEL, 89 MM, AGUA QUENTE PREDIAL (NBR 15884)","M     ","CR","132,59"]
[39735,"TUBO DE BORRACHA ELASTOMERICA FLEXIVEL, PRETA, PARA ISOLAMENTO TERMICO DE TUBULACAO, DN 1 1/8\" (28 MM), E= 32 MM, COEFICIENTE DE CONDUTIVIDADE TERMICA 0,036W/mK, VAPOR DE AGUA MAIOR OU IGUAL A 10.000","M     ","AS","61,15"]
[39734,"TUBO DE BORRACHA ELASTOMERICA FLEXIVEL, PRETA, PARA ISOLAMENTO TERMICO DE TUBULACAO, DN 1 3/8\" (35 MM), E= 32 MM, COEFICIENTE DE CONDUTIVIDADE TERMICA 0,036W/mK, VAPOR DE AGUA MAIOR OU IGUAL A 10.000","M     ","AS","72,54"]
[39736,"TUBO DE BORRACHA ELASTOMERICA FLEXIVEL, PRETA, PARA ISOLAMENTO TERMICO DE TUBULACAO, DN 1 5/8\" (42 MM), E= 32 MM, COEFICIENTE DE CONDUTIVIDADE TERMICA 0,036W/mK, VAPOR DE AGUA MAIOR OU IGUAL A 10.000","M     ","AS","82,79"]
[39737,"TUBO DE BORRACHA ELASTOMERICA FLEXIVEL, PRETA, PARA ISOLAMENTO TERMICO DE TUBULACAO, DN 1/2\" (12 MM), E= 19 MM, COEFICIENTE DE CONDUTIVIDADE TERMICA 0,036W/mK, VAPOR DE AGUA MAIOR OU IGUAL A 10.000","M     ","AS","11,13"]
[39738,"TUBO DE BORRACHA ELASTOMERICA FLEXIVEL, PRETA, PARA ISOLAMENTO TERMICO DE TUBULACAO, DN 1/4\" (6 MM), E= 9 MM, COEFICIENTE DE CONDUTIVIDADE TERMICA 0,036W/mK, VAPOR DE AGUA MAIOR OU IGUAL A 10.000","M     ","AS","4,02"]
[39739,"TUBO DE BORRACHA ELASTOMERICA FLEXIVEL, PRETA, PARA ISOLAMENTO TERMICO DE TUBULACAO, DN 1\" (25 MM), E= 32 MM, COEFICIENTE DE CONDUTIVIDADE TERMICA 0,036W/mK, VAPOR DE AGUA MAIOR OU IGUAL A 10.000","M     ","AS","57,25"]
[39733,"TUBO DE BORRACHA ELASTOMERICA FLEXIVEL, PRETA, PARA ISOLAMENTO TERMICO DE TUBULACAO, DN 2 1/8\" (54 MM), E= 32 MM, COEFICIENTE DE CONDUTIVIDADE TERMICA 0,036W/mK, VAPOR DE AGUA MAIOR OU IGUAL A 10.000","M     ","AS","99,07"]
[39854,"TUBO DE BORRACHA ELASTOMERICA FLEXIVEL, PRETA, PARA ISOLAMENTO TERMICO DE TUBULACAO, DN 2 5/8\" (*64* MM), E= *32* MM, COEFICIENTE DE CONDUTIVIDADE TERMICA 0,036W/MK, VAPOR DE AGUA MAIOR OU IGUAL A 10.000","M     ","AS","100,47"]
[39740,"TUBO DE BORRACHA ELASTOMERICA FLEXIVEL, PRETA, PARA ISOLAMENTO TERMICO DE TUBULACAO, DN 3/4\" (18 MM), E= 32 MM, COEFICIENTE DE CONDUTIVIDADE TERMICA 0,036W/mK, VAPOR DE AGUA MAIOR OU IGUAL A 10.000","M     ","AS","54,97"]
[39741,"TUBO DE BORRACHA ELASTOMERICA FLEXIVEL, PRETA, PARA ISOLAMENTO TERMICO DE TUBULACAO, DN 3/8\" (10 MM), E= 19 MM, COEFICIENTE DE CONDUTIVIDADE TERMICA 0,036W/mK, VAPOR DE AGUA MAIOR OU IGUAL A 10.000","M     ","AS","10,13"]
[39853,"TUBO DE BORRACHA ELASTOMERICA FLEXIVEL, PRETA, PARA ISOLAMENTO TERMICO DE TUBULACAO, DN 5/8\" (15 MM), E= 19 MM, COEFICIENTE DE CONDUTIVIDADE TERMICA 0,036W/MK, VAPOR DE AGUA MAIOR OU IGUAL A 10.000","M     ","AS","13,30"]
[39742,"TUBO DE BORRACHA ELASTOMERICA FLEXIVEL, PRETA, PARA ISOLAMENTO TERMICO DE TUBULACAO, DN 7/8\" (22 MM), E= 32 MM, COEFICIENTE DE CONDUTIVIDADE TERMICA 0,036W/mK, VAPOR DE AGUA MAIOR OU IGUAL A 10.000","M     ","AS","44,19"]
[39749,"TUBO DE COBRE CLASSE \"A\", DN = 1 \" (28 MM), PARA INSTALACOES DE MEDIA PRESSAO PARA GASES COMBUSTIVEIS E MEDICINAIS","M     ","AS","68,55"]
[39751,"TUBO DE COBRE CLASSE \"A\", DN = 1 1/2 \" (42 MM), PARA INSTALACOES DE MEDIA PRESSAO PARA GASES COMBUSTIVEIS E MEDICINAIS","M     ","AS","124,56"]
[39750,"TUBO DE COBRE CLASSE \"A\", DN = 1 1/4 \" (35 MM), PARA INSTALACOES DE MEDIA PRESSAO PARA GASES COMBUSTIVEIS E MEDICINAIS","M     ","AS","103,53"]
[39747,"TUBO DE COBRE CLASSE \"A\", DN = 1/2 \" (15 MM), PARA INSTALACOES DE MEDIA PRESSAO PARA GASES COMBUSTIVEIS E MEDICINAIS","M     ","AS","33,30"]
[39753,"TUBO DE COBRE CLASSE \"A\", DN = 2 1/2 \" (66 MM), PARA INSTALACOES DE MEDIA PRESSAO PARA GASES COMBUSTIVEIS E MEDICINAIS","M     ","AS","229,29"]
[39754,"TUBO DE COBRE CLASSE \"A\", DN = 3 \" (79 MM), PARA INSTALACOES DE MEDIA PRESSAO PARA GASES COMBUSTIVEIS E MEDICINAIS","M     ","AS","337,81"]
[39748,"TUBO DE COBRE CLASSE \"A\", DN = 3/4 \" (22 MM), PARA INSTALACOES DE MEDIA PRESSAO PARA GASES COMBUSTIVEIS E MEDICINAIS","M     ","AS","53,88"]
[39755,"TUBO DE COBRE CLASSE \"A\", DN = 4 \" (104 MM), PARA INSTALACOES DE MEDIA PRESSAO PARA GASES COMBUSTIVEIS E MEDICINAIS","M     ","AS","512,19"]
[12742,"TUBO DE COBRE CLASSE \"E\", DN = 104 MM, PARA INSTALACAO HIDRAULICA PREDIAL","M     ","AS","405,57"]
[12713,"TUBO DE COBRE CLASSE \"E\", DN = 15 MM, PARA INSTALACAO HIDRAULICA PREDIAL","M     ","AS","21,51"]
[12743,"TUBO DE COBRE CLASSE \"E\", DN = 22 MM, PARA INSTALACAO HIDRAULICA PREDIAL","M     ","AS","37,00"]
[12744,"TUBO DE COBRE CLASSE \"E\", DN = 28 MM, PARA INSTALACAO HIDRAULICA PREDIAL","M     ","AS","46,96"]
[12745,"TUBO DE COBRE CLASSE \"E\", DN = 35 MM, PARA INSTALACAO HIDRAULICA PREDIAL","M     ","AS","68,19"]
[12746,"TUBO DE COBRE CLASSE \"E\", DN = 42 MM, PARA INSTALACAO HIDRAULICA PREDIAL","M     ","AS","92,09"]
[12747,"TUBO DE COBRE CLASSE \"E\", DN = 54 MM, PARA INSTALACAO HIDRAULICA PREDIAL","M     ","AS","133,55"]
[12748,"TUBO DE COBRE CLASSE \"E\", DN = 66 MM, PARA INSTALACAO HIDRAULICA PREDIAL","M     ","AS","188,15"]
[12749,"TUBO DE COBRE CLASSE \"E\", DN = 79 MM, PARA INSTALACAO HIDRAULICA PREDIAL","M     ","AS","275,04"]
[39726,"TUBO DE COBRE CLASSE \"I\", DN = 1 \" (28 MM), PARA INSTALACOES INDUSTRIAIS DE ALTA PRESSAO E VAPOR","M     ","AS","90,34"]
[39728,"TUBO DE COBRE CLASSE \"I\", DN = 1 1/2 \" (42 MM), PARA INSTALACOES INDUSTRIAIS DE ALTA PRESSAO E VAPOR","M     ","AS","158,77"]
[39727,"TUBO DE COBRE CLASSE \"I\", DN = 1 1/4 \" (35 MM), PARA INSTALACOES INDUSTRIAIS DE ALTA PRESSAO E VAPOR","M     ","AS","130,66"]
[39724,"TUBO DE COBRE CLASSE \"I\", DN = 1/2 \" (15 MM), PARA INSTALACOES INDUSTRIAIS DE ALTA PRESSAO E VAPOR","M     ","AS","40,00"]
[39729,"TUBO DE COBRE CLASSE \"I\", DN = 2 \" (54 MM), PARA INSTALACOES INDUSTRIAIS DE ALTA PRESSAO E VAPOR","M     ","AS","219,87"]
[39730,"TUBO DE COBRE CLASSE \"I\", DN = 2 1/2 \" (66 MM), PARA INSTALACOES INDUSTRIAIS DE ALTA PRESSAO E VAPOR","M     ","AS","285,28"]
[39731,"TUBO DE COBRE CLASSE \"I\", DN = 3 \" (79 MM), PARA INSTALACOES INDUSTRIAIS DE ALTA PRESSAO E VAPOR","M     ","AS","422,52"]
[39725,"TUBO DE COBRE CLASSE \"I\", DN = 3/4 \" (22 MM), PARA INSTALACOES INDUSTRIAIS DE ALTA PRESSAO E VAPOR","M     ","AS","65,20"]
[39732,"TUBO DE COBRE CLASSE \"I\", DN = 4\" (104 MM), PARA INSTALACOES INDUSTRIAIS DE ALTA PRESSAO E VAPOR","M     ","AS","621,93"]
[39660,"TUBO DE COBRE FLEXIVEL, D = 1/2 \", E = 0,79 MM, PARA AR-CONDICIONADO/ INSTALACOES GAS RESIDENCIAIS E COMERCIAIS","M     ","AS","28,34"]
[39662,"TUBO DE COBRE FLEXIVEL, D = 1/4 \", E = 0,79 MM, PARA AR-CONDICIONADO/ INSTALACOES GAS RESIDENCIAIS E COMERCIAIS","M     ","AS","13,58"]
[39661,"TUBO DE COBRE FLEXIVEL, D = 3/16 \", E = 0,79 MM, PARA AR-CONDICIONADO/ INSTALACOES GAS RESIDENCIAIS E COMERCIAIS","M     ","AS","9,26"]
[39666,"TUBO DE COBRE FLEXIVEL, D = 3/4 \", E = 0,79 MM, PARA AR-CONDICIONADO/ INSTALACOES GAS RESIDENCIAIS E COMERCIAIS","M     ","AS","42,63"]
[39664,"TUBO DE COBRE FLEXIVEL, D = 3/8 \", E = 0,79 MM, PARA AR-CONDICIONADO/ INSTALACOES GAS RESIDENCIAIS E COMERCIAIS","M     ","AS","20,89"]
[39663,"TUBO DE COBRE FLEXIVEL, D = 5/16 \", E = 0,79 MM, PARA AR-CONDICIONADO/ INSTALACOES GAS RESIDENCIAIS E COMERCIAIS","M     ","AS","16,70"]
[39665,"TUBO DE COBRE FLEXIVEL, D = 5/8 \", E = 0,79 MM, PARA AR-CONDICIONADO/ INSTALACOES GAS RESIDENCIAIS E COMERCIAIS","M     ","AS","35,25"]
[39752,"TUBO DE COBRE, CLASSE \"A\", DN = 2\" (54 MM), PARA INSTALACOES DE MEDIA PRESSAO PARA GASES COMBUSTIVEIS E MEDICINAIS","M     ","AS","177,24"]
[7725,"TUBO DE CONCRETO ARMADO PARA AGUAS PLUVIAIS, CLASSE PA-1, COM ENCAIXE PONTA E BOLSA, DIAMETRO NOMINAL DE = 600 MM","M     ","C ","149,82"]
[7753,"TUBO DE CONCRETO ARMADO PARA AGUAS PLUVIAIS, CLASSE PA-1, COM ENCAIXE PONTA E BOLSA, DIAMETRO NOMINAL DE 1000 MM","M     ","CR","292,08"]
[13256,"TUBO DE CONCRETO ARMADO PARA AGUAS PLUVIAIS, CLASSE PA-1, COM ENCAIXE PONTA E BOLSA, DIAMETRO NOMINAL DE 1100 MM","M     ","CR","409,17"]
[7757,"TUBO DE CONCRETO ARMADO PARA AGUAS PLUVIAIS, CLASSE PA-1, COM ENCAIXE PONTA E BOLSA, DIAMETRO NOMINAL DE 1200 MM","M     ","CR","436,24"]
[7758,"TUBO DE CONCRETO ARMADO PARA AGUAS PLUVIAIS, CLASSE PA-1, COM ENCAIXE PONTA E BOLSA, DIAMETRO NOMINAL DE 1500 MM","M     ","CR","632,01"]
[7759,"TUBO DE CONCRETO ARMADO PARA AGUAS PLUVIAIS, CLASSE PA-1, COM ENCAIXE PONTA E BOLSA, DIAMETRO NOMINAL DE 2000 MM","M     ","CR","1.751,30"]
[40334,"TUBO DE CONCRETO ARMADO PARA AGUAS PLUVIAIS, CLASSE PA-1, COM ENCAIXE PONTA E BOLSA, DIAMETRO NOMINAL DE 300 MM","M     ","CR","68,61"]
[7745,"TUBO DE CONCRETO ARMADO PARA AGUAS PLUVIAIS, CLASSE PA-1, COM ENCAIXE PONTA E BOLSA, DIAMETRO NOMINAL DE 400 MM","M     ","CR","77,42"]
[7714,"TUBO DE CONCRETO ARMADO PARA AGUAS PLUVIAIS, CLASSE PA-1, COM ENCAIXE PONTA E BOLSA, DIAMETRO NOMINAL DE 500 MM","M     ","CR","92,53"]
[7742,"TUBO DE CONCRETO ARMADO PARA AGUAS PLUVIAIS, CLASSE PA-1, COM ENCAIXE PONTA E BOLSA, DIAMETRO NOMINAL DE 700 MM","M     ","CR","204,20"]
[7750,"TUBO DE CONCRETO ARMADO PARA AGUAS PLUVIAIS, CLASSE PA-1, COM ENCAIXE PONTA E BOLSA, DIAMETRO NOMINAL DE 800 MM","M     ","CR","249,28"]
[7756,"TUBO DE CONCRETO ARMADO PARA AGUAS PLUVIAIS, CLASSE PA-1, COM ENCAIXE PONTA E BOLSA, DIAMETRO NOMINAL DE 900 MM","M     ","CR","286,42"]
[7765,"TUBO DE CONCRETO ARMADO PARA AGUAS PLUVIAIS, CLASSE PA-2, COM ENCAIXE PONTA E BOLSA, DIAMETRO NOMINAL DE 1000 MM","M     ","CR","321,04"]
[12569,"TUBO DE CONCRETO ARMADO PARA AGUAS PLUVIAIS, CLASSE PA-2, COM ENCAIXE PONTA E BOLSA, DIAMETRO NOMINAL DE 1100 MM","M     ","CR","443,16"]
[7766,"TUBO DE CONCRETO ARMADO PARA AGUAS PLUVIAIS, CLASSE PA-2, COM ENCAIXE PONTA E BOLSA, DIAMETRO NOMINAL DE 1200 MM","M     ","CR","470,86"]
[7767,"TUBO DE CONCRETO ARMADO PARA AGUAS PLUVIAIS, CLASSE PA-2, COM ENCAIXE PONTA E BOLSA, DIAMETRO NOMINAL DE 1500 MM","M     ","CR","676,07"]
[7727,"TUBO DE CONCRETO ARMADO PARA AGUAS PLUVIAIS, CLASSE PA-2, COM ENCAIXE PONTA E BOLSA, DIAMETRO NOMINAL DE 2000 MM","M     ","CR","1.964,02"]
[7760,"TUBO DE CONCRETO ARMADO PARA AGUAS PLUVIAIS, CLASSE PA-2, COM ENCAIXE PONTA E BOLSA, DIAMETRO NOMINAL DE 300 MM","M     ","CR","78,05"]
[7761,"TUBO DE CONCRETO ARMADO PARA AGUAS PLUVIAIS, CLASSE PA-2, COM ENCAIXE PONTA E BOLSA, DIAMETRO NOMINAL DE 400 MM","M     ","CR","81,83"]
[7752,"TUBO DE CONCRETO ARMADO PARA AGUAS PLUVIAIS, CLASSE PA-2, COM ENCAIXE PONTA E BOLSA, DIAMETRO NOMINAL DE 500 MM","M     ","CR","99,46"]
[7762,"TUBO DE CONCRETO ARMADO PARA AGUAS PLUVIAIS, CLASSE PA-2, COM ENCAIXE PONTA E BOLSA, DIAMETRO NOMINAL DE 600 MM","M     ","CR","129,99"]
[7722,"TUBO DE CONCRETO ARMADO PARA AGUAS PLUVIAIS, CLASSE PA-2, COM ENCAIXE PONTA E BOLSA, DIAMETRO NOMINAL DE 700 MM","M     ","CR","198,92"]
[7763,"TUBO DE CONCRETO ARMADO PARA AGUAS PLUVIAIS, CLASSE PA-2, COM ENCAIXE PONTA E BOLSA, DIAMETRO NOMINAL DE 800 MM","M     ","CR","242,35"]
[7764,"TUBO DE CONCRETO ARMADO PARA AGUAS PLUVIAIS, CLASSE PA-2, COM ENCAIXE PONTA E BOLSA, DIAMETRO NOMINAL DE 900 MM","M     ","CR","289,56"]
[12572,"TUBO DE CONCRETO ARMADO PARA AGUAS PLUVIAIS, CLASSE PA-3, COM ENCAIXE PONTA E BOLSA, DIAMETRO NOMINAL DE 1000 MM","M     ","CR","409,17"]
[12573,"TUBO DE CONCRETO ARMADO PARA AGUAS PLUVIAIS, CLASSE PA-3, COM ENCAIXE PONTA E BOLSA, DIAMETRO NOMINAL DE 1100 MM","M     ","CR","538,21"]
[12574,"TUBO DE CONCRETO ARMADO PARA AGUAS PLUVIAIS, CLASSE PA-3, COM ENCAIXE PONTA E BOLSA, DIAMETRO NOMINAL DE 1200 MM","M     ","CR","650,77"]
[12575,"TUBO DE CONCRETO ARMADO PARA AGUAS PLUVIAIS, CLASSE PA-3, COM ENCAIXE PONTA E BOLSA, DIAMETRO NOMINAL DE 1500 MM","M     ","CR","988,30"]
[12576,"TUBO DE CONCRETO ARMADO PARA AGUAS PLUVIAIS, CLASSE PA-3, COM ENCAIXE PONTA E BOLSA, DIAMETRO NOMINAL DE 400 MM","M     ","CR","119,60"]
[12577,"TUBO DE CONCRETO ARMADO PARA AGUAS PLUVIAIS, CLASSE PA-3, COM ENCAIXE PONTA E BOLSA, DIAMETRO NOMINAL DE 500 MM","M     ","CR","161,15"]
[12578,"TUBO DE CONCRETO ARMADO PARA AGUAS PLUVIAIS, CLASSE PA-3, COM ENCAIXE PONTA E BOLSA, DIAMETRO NOMINAL DE 600 MM","M     ","CR","195,14"]
[12579,"TUBO DE CONCRETO ARMADO PARA AGUAS PLUVIAIS, CLASSE PA-3, COM ENCAIXE PONTA E BOLSA, DIAMETRO NOMINAL DE 700 MM","M     ","CR","336,15"]
[12580,"TUBO DE CONCRETO ARMADO PARA AGUAS PLUVIAIS, CLASSE PA-3, COM ENCAIXE PONTA E BOLSA, DIAMETRO NOMINAL DE 800 MM","M     ","CR","350,25"]
[12581,"TUBO DE CONCRETO ARMADO PARA AGUAS PLUVIAIS, CLASSE PA-3, COM ENCAIXE PONTA E BOLSA, DIAMETRO NOMINAL DE 900 MM","M     ","CR","375,17"]
[7720,"TUBO DE CONCRETO ARMADO PARA ESGOTO SANITARIO, CLASSE EA-2, COM ENCAIXE PONTA E BOLSA, COM JUNTA ELASTICA, DIAMETRO NOMINAL DE 1000 MM","M     ","CR","586,69"]
[40335,"TUBO DE CONCRETO ARMADO PARA ESGOTO SANITARIO, CLASSE EA-2, COM ENCAIXE PONTA E BOLSA, COM JUNTA ELASTICA, DIAMETRO NOMINAL DE 300 MM","M     ","CR","122,75"]
[7740,"TUBO DE CONCRETO ARMADO PARA ESGOTO SANITARIO, CLASSE EA-2, COM ENCAIXE PONTA E BOLSA, COM JUNTA ELASTICA, DIAMETRO NOMINAL DE 400 MM","M     ","CR","125,89"]
[7741,"TUBO DE CONCRETO ARMADO PARA ESGOTO SANITARIO, CLASSE EA-2, COM ENCAIXE PONTA E BOLSA, COM JUNTA ELASTICA, DIAMETRO NOMINAL DE 500 MM","M     ","CR","232,91"]
[7774,"TUBO DE CONCRETO ARMADO PARA ESGOTO SANITARIO, CLASSE EA-2, COM ENCAIXE PONTA E BOLSA, COM JUNTA ELASTICA, DIAMETRO NOMINAL DE 600 MM","M     ","CR","285,79"]
[7744,"TUBO DE CONCRETO ARMADO PARA ESGOTO SANITARIO, CLASSE EA-2, COM ENCAIXE PONTA E BOLSA, COM JUNTA ELASTICA, DIAMETRO NOMINAL DE 700 MM","M     ","CR","373,29"]
[7773,"TUBO DE CONCRETO ARMADO PARA ESGOTO SANITARIO, CLASSE EA-2, COM ENCAIXE PONTA E BOLSA, COM JUNTA ELASTICA, DIAMETRO NOMINAL DE 800 MM","M     ","CR","381,53"]
[7754,"TUBO DE CONCRETO ARMADO PARA ESGOTO SANITARIO, CLASSE EA-2, COM ENCAIXE PONTA E BOLSA, COM JUNTA ELASTICA, DIAMETRO NOMINAL DE 900 MM","M     ","CR","578,50"]
[7735,"TUBO DE CONCRETO ARMADO PARA ESGOTO SANITARIO, CLASSE EA-3, COM ENCAIXE PONTA E BOLSA, COM JUNTA ELASTICA, DIAMETRO NOMINAL DE 1000 MM","M     ","CR","749,10"]
[7755,"TUBO DE CONCRETO ARMADO PARA ESGOTO SANITARIO, CLASSE EA-3, COM ENCAIXE PONTA E BOLSA, COM JUNTA ELASTICA, DIAMETRO NOMINAL DE 400 MM","M     ","CR","148,56"]
[7776,"TUBO DE CONCRETO ARMADO PARA ESGOTO SANITARIO, CLASSE EA-3, COM ENCAIXE PONTA E BOLSA, COM JUNTA ELASTICA, DIAMETRO NOMINAL DE 500 MM","M     ","CR","309,71"]
[7743,"TUBO DE CONCRETO ARMADO PARA ESGOTO SANITARIO, CLASSE EA-3, COM ENCAIXE PONTA E BOLSA, COM JUNTA ELASTICA, DIAMETRO NOMINAL DE 600 MM","M     ","CR","327,96"]
[7733,"TUBO DE CONCRETO ARMADO PARA ESGOTO SANITARIO, CLASSE EA-3, COM ENCAIXE PONTA E BOLSA, COM JUNTA ELASTICA, DIAMETRO NOMINAL DE 700 MM","M     ","CR","428,05"]
[7775,"TUBO DE CONCRETO ARMADO PARA ESGOTO SANITARIO, CLASSE EA-3, COM ENCAIXE PONTA E BOLSA, COM JUNTA ELASTICA, DIAMETRO NOMINAL DE 800 MM","M     ","CR","468,97"]
[7734,"TUBO DE CONCRETO ARMADO PARA ESGOTO SANITARIO, CLASSE EA-3, COM ENCAIXE PONTA E BOLSA, COM JUNTA ELASTICA, DIAMETRO NOMINAL DE 900 MM","M     ","CR","664,11"]
[37449,"TUBO DE CONCRETO SIMPLES PARA AGUAS PLUVIAIS, CLASSE PS1, COM ENCAIXE MACHO E FEMEA, DIAMETRO NOMINAL DE 200 MM","M     ","CR","30,90"]
[37450,"TUBO DE CONCRETO SIMPLES PARA AGUAS PLUVIAIS, CLASSE PS1, COM ENCAIXE MACHO E FEMEA, DIAMETRO NOMINAL DE 300 MM","M     ","CR","43,26"]
[37451,"TUBO DE CONCRETO SIMPLES PARA AGUAS PLUVIAIS, CLASSE PS1, COM ENCAIXE MACHO E FEMEA, DIAMETRO NOMINAL DE 400 MM","M     ","CR","60,40"]
[37452,"TUBO DE CONCRETO SIMPLES PARA AGUAS PLUVIAIS, CLASSE PS1, COM ENCAIXE MACHO E FEMEA, DIAMETRO NOMINAL DE 500 MM","M     ","CR","87,80"]
[37453,"TUBO DE CONCRETO SIMPLES PARA AGUAS PLUVIAIS, CLASSE PS1, COM ENCAIXE MACHO E FEMEA, DIAMETRO NOMINAL DE 600 MM","M     ","CR","101,11"]
[7778,"TUBO DE CONCRETO SIMPLES PARA AGUAS PLUVIAIS, CLASSE PS1, COM ENCAIXE PONTA E BOLSA, DIAMETRO NOMINAL DE 200 MM","M     ","CR","37,93"]
[7796,"TUBO DE CONCRETO SIMPLES PARA AGUAS PLUVIAIS, CLASSE PS1, COM ENCAIXE PONTA E BOLSA, DIAMETRO NOMINAL DE 300 MM","M     ","C ","51,98"]
[7781,"TUBO DE CONCRETO SIMPLES PARA AGUAS PLUVIAIS, CLASSE PS1, COM ENCAIXE PONTA E BOLSA, DIAMETRO NOMINAL DE 400 MM","M     ","CR","61,42"]
[7795,"TUBO DE CONCRETO SIMPLES PARA AGUAS PLUVIAIS, CLASSE PS1, COM ENCAIXE PONTA E BOLSA, DIAMETRO NOMINAL DE 500 MM","M     ","CR","91,42"]
[7791,"TUBO DE CONCRETO SIMPLES PARA AGUAS PLUVIAIS, CLASSE PS1, COM ENCAIXE PONTA E BOLSA, DIAMETRO NOMINAL DE 600 MM","M     ","CR","109,43"]
[7783,"TUBO DE CONCRETO SIMPLES PARA AGUAS PLUVIAIS, CLASSE PS2, COM ENCAIXE PONTA E BOLSA, DIAMETRO NOMINAL DE 200 MM","M     ","CR","38,78"]
[7790,"TUBO DE CONCRETO SIMPLES PARA AGUAS PLUVIAIS, CLASSE PS2, COM ENCAIXE PONTA E BOLSA, DIAMETRO NOMINAL DE 300 MM","M     ","CR","61,11"]
[7785,"TUBO DE CONCRETO SIMPLES PARA AGUAS PLUVIAIS, CLASSE PS2, COM ENCAIXE PONTA E BOLSA, DIAMETRO NOMINAL DE 400 MM","M     ","CR","67,43"]
[7792,"TUBO DE CONCRETO SIMPLES PARA AGUAS PLUVIAIS, CLASSE PS2, COM ENCAIXE PONTA E BOLSA, DIAMETRO NOMINAL DE 500 MM","M     ","CR","95,63"]
[7793,"TUBO DE CONCRETO SIMPLES PARA AGUAS PLUVIAIS, CLASSE PS2, COM ENCAIXE PONTA E BOLSA, DIAMETRO NOMINAL DE 600 MM","M     ","CR","112,95"]
[13159,"TUBO DE CONCRETO SIMPLES PARA ESGOTO SANITARIO, CLASSE ES, COM ENCAIXE PONTA E BOLSA, COM JUNTA ELASTICA, DIAMETRO NOMINAL DE 400 MM","M     ","CR","98,34"]
[13168,"TUBO DE CONCRETO SIMPLES PARA ESGOTO SANITARIO, CLASSE ES, COM ENCAIXE PONTA E BOLSA, COM JUNTA ELASTICA, DIAMETRO NOMINAL DE 500 MM","M     ","CR","119,41"]
[13173,"TUBO DE CONCRETO SIMPLES PARA ESGOTO SANITARIO, CLASSE ES, COM ENCAIXE PONTA E BOLSA, COM JUNTA ELASTICA, DIAMETRO NOMINAL DE 600 MM","M     ","CR","161,55"]
[12583,"TUBO DE CONCRETO SIMPLES POROSO PARA DRENAGEM (DRENO POROSO), COM ENCAIXE MACHO E FEMEA, DIAMETRO NOMINAL DE 200 MM","M     ","CR","32,31"]
[12584,"TUBO DE CONCRETO SIMPLES POROSO PARA DRENAGEM (DRENO POROSO), COM ENCAIXE MACHO E FEMEA, DIAMETRO NOMINAL DE 300 MM","M     ","CR","42,14"]
[12613,"TUBO DE DESCARGA PVC, PARA LIGACAO CAIXA DE DESCARGA - EMBUTIR, 40 MM X 150 CM","UN    ","CR","13,10"]
[1031,"TUBO DE DESCIDA EXTERNO DE PVC PARA CAIXA DE DESCARGA EXTERNA ALTA - 40 MM X 1,60 M","UN    ","CR","7,98"]
[39707,"TUBO DE ESPUMA DE POLIETILENO EXPANDIDO FLEXIVEL PARA ISOLAMENTO TERMICO DE TUBULACAO DE AR CONDICIONADO, AGUA QUENTE,  DN 1 1/2\", E= 10 MM","M     ","AS","2,44"]
[39708,"TUBO DE ESPUMA DE POLIETILENO EXPANDIDO FLEXIVEL PARA ISOLAMENTO TERMICO DE TUBULACAO DE AR CONDICIONADO, AGUA QUENTE,  DN 1 1/4\", E= 10 MM","M     ","AS","2,36"]
[39710,"TUBO DE ESPUMA DE POLIETILENO EXPANDIDO FLEXIVEL PARA ISOLAMENTO TERMICO DE TUBULACAO DE AR CONDICIONADO, AGUA QUENTE,  DN 1 1/8\", E= 10 MM","M     ","AS","1,66"]
[39709,"TUBO DE ESPUMA DE POLIETILENO EXPANDIDO FLEXIVEL PARA ISOLAMENTO TERMICO DE TUBULACAO DE AR CONDICIONADO, AGUA QUENTE,  DN 1 3/8\", E= 10 MM","M     ","AS","2,31"]
[39711,"TUBO DE ESPUMA DE POLIETILENO EXPANDIDO FLEXIVEL PARA ISOLAMENTO TERMICO DE TUBULACAO DE AR CONDICIONADO, AGUA QUENTE,  DN 1 5/8\", E= 10 MM","M     ","AS","2,59"]
[39712,"TUBO DE ESPUMA DE POLIETILENO EXPANDIDO FLEXIVEL PARA ISOLAMENTO TERMICO DE TUBULACAO DE AR CONDICIONADO, AGUA QUENTE,  DN 1/2\", E= 10 MM","M     ","AS","0,91"]
[39713,"TUBO DE ESPUMA DE POLIETILENO EXPANDIDO FLEXIVEL PARA ISOLAMENTO TERMICO DE TUBULACAO DE AR CONDICIONADO, AGUA QUENTE,  DN 1/4\", E= 10 MM","M     ","AS","0,72"]
[39714,"TUBO DE ESPUMA DE POLIETILENO EXPANDIDO FLEXIVEL PARA ISOLAMENTO TERMICO DE TUBULACAO DE AR CONDICIONADO, AGUA QUENTE,  DN 1\", E= 10 MM","M     ","AS","1,64"]
[39715,"TUBO DE ESPUMA DE POLIETILENO EXPANDIDO FLEXIVEL PARA ISOLAMENTO TERMICO DE TUBULACAO DE AR CONDICIONADO, AGUA QUENTE,  DN 3/4\", E= 10 MM","M     ","AS","1,17"]
[39716,"TUBO DE ESPUMA DE POLIETILENO EXPANDIDO FLEXIVEL PARA ISOLAMENTO TERMICO DE TUBULACAO DE AR CONDICIONADO, AGUA QUENTE,  DN 3/8\", E= 10 MM","M     ","AS","0,89"]
[39718,"TUBO DE ESPUMA DE POLIETILENO EXPANDIDO FLEXIVEL PARA ISOLAMENTO TERMICO DE TUBULACAO DE AR CONDICIONADO, AGUA QUENTE,  DN 7/8\", E= 10 MM","M     ","AS","1,51"]
[9813,"TUBO DE POLIETILENO DE ALTA DENSIDADE (PEAD), PE-80, DE = 20 MM X 2,3 MM DE PAREDE, PARA LIGACAO DE AGUA PREDIAL (NBR 15561)","M     ","AS","3,80"]
[9815,"TUBO DE POLIETILENO DE ALTA DENSIDADE (PEAD), PE-80, DE = 32 MM X 3,0 MM DE PAREDE, PARA LIGACAO DE AGUA PREDIAL (NBR 15561)","M     ","AS","7,50"]
[25876,"TUBO DE POLIETILENO DE ALTA DENSIDADE, PEAD, PE-80, DE = 1000 MM X 38,5 MM PAREDE, ( SDR 26 - PN 05 ) PARA REDE DE AGUA OU ESGOTO (NBR 15561)","M     ","AS","3.734,13"]
[25888,"TUBO DE POLIETILENO DE ALTA DENSIDADE, PEAD, PE-80, DE = 110 MM X 10,0 MM PAREDE, ( SDR 11 - PN 12,5 ) PARA REDE DE AGUA OU ESGOTO (NBR 15561)","M     ","AS","91,52"]
[25874,"TUBO DE POLIETILENO DE ALTA DENSIDADE, PEAD, PE-80, DE = 1200 MM X 37,2 MM PAREDE ( SDR 32,25 - PN 04 ) PARA REDE DE AGUA OU ESGOTO (NBR 15561)","M     ","AS","6.549,10"]
[25877,"TUBO DE POLIETILENO DE ALTA DENSIDADE, PEAD, PE-80, DE = 1400 MM X 42,9 MM PAREDE, (SDR 32,25 - PN 04 ) PARA REDE DE AGUA OU ESGOTO (NBR 15561)","M     ","AS","8.936,50"]
[25878,"TUBO DE POLIETILENO DE ALTA DENSIDADE, PEAD, PE-80, DE = 160 MM X 14,6 MM PAREDE, (SDR 11 - PN 12,5 ) PARA REDE DE AGUA OU ESGOTO (NBR 15561)","M     ","AS","196,44"]
[25879,"TUBO DE POLIETILENO DE ALTA DENSIDADE, PEAD, PE-80, DE = 1600 MM X 49,0 MM PAREDE, ( SDR 32,25 - PN 04 ) PARA REDE DE AGUA OU ESGOTO (NBR 15561)","M     ","AS","8.477,33"]
[25887,"TUBO DE POLIETILENO DE ALTA DENSIDADE, PEAD, PE-80, DE = 900 MM X 34,7 MM PAREDE, ( SDR 26 - PN 05 ) PARA REDE DE AGUA OU ESGOTO (NBR 15561)","M     ","AS","3.386,83"]
[25880,"TUBO DE POLIETILENO DE ALTA DENSIDADE, PEAD, PE-80, DE= 200 MM X 18,2 MM PAREDE, ( SDR 11 - PN 12,5 ) PARA REDE DE AGUA OU ESGOTO (NBR 15561)","M     ","AS","306,23"]
[25881,"TUBO DE POLIETILENO DE ALTA DENSIDADE, PEAD, PE-80, DE= 315 MM X 28,7 MM PAREDE, ( SDR 11 - PN 12,5 ) PARA REDE DE AGUA OU ESGOTO (NBR 15561)","M     ","AS","750,35"]
[25882,"TUBO DE POLIETILENO DE ALTA DENSIDADE, PEAD, PE-80, DE= 400 MM X 36,4 MM PAREDE, ( SDR 11 - PN 12,5 ) PARA REDE DE AGUA OU ESGOTO (NBR 15561)","M     ","AS","1.208,54"]
[25883,"TUBO DE POLIETILENO DE ALTA DENSIDADE, PEAD, PE-80, DE= 50 MM X 4,6 MM PAREDE, (SDR 11 - PN 12,5) PARA REDE DE AGUA OU ESGOTO (NBR 15561)","M     ","AS","19,49"]
[25884,"TUBO DE POLIETILENO DE ALTA DENSIDADE, PEAD, PE-80, DE= 500 MM X 45,5 MM PAREDE, ( SDR 11 - PN 12,5 ) PARA REDE DE AGUA OU ESGOTO (NBR 15561)","M     ","AS","2.121,76"]
[25885,"TUBO DE POLIETILENO DE ALTA DENSIDADE, PEAD, PE-80, DE= 630 MM X 57,3 MM PAREDE (SDR 11 - PN 12,5 ) PARA REDE DE AGUA OU ESGOTO (NBR 15561)","M     ","AS","3.155,65"]
[25889,"TUBO DE POLIETILENO DE ALTA DENSIDADE, PEAD, PE-80, DE= 730 MM X 34,1 MM PAREDE, ( SDR 21 - PN 06 ) PARA REDE DE AGUA OU ESGOTO (NBR 15561)","M     ","AS","1.582,48"]
[25886,"TUBO DE POLIETILENO DE ALTA DENSIDADE, PEAD, PE-80, DE= 75 MM X 6,9 MM PAREDE, ( SRD 11 - PN 12,5 ) PARA REDE DE AGUA OU ESGOTO (NBR 15561)","M     ","AS","43,60"]
[25875,"TUBO DE POLIETILENO DE ALTA DENSIDADE, PEAD, PE-80, DE= 800 MM X 30,8 MM PAREDE, ( SDR 26 - PN 05 ) PARA REDE DE AGUA OU ESGOTO (NBR 15561)","M     ","AS","2.064,60"]
[9876,"TUBO DE PVC, PBL, TIPO LEVE, DN = 125 MM,  PARA VENTILACAO","M     ","CR","14,04"]
[9877,"TUBO DE PVC, PBL, TIPO LEVE, DN = 250 MM,  PARA VENTILACAO","M     ","CR","49,20"]
[9878,"TUBO DE PVC, PBL, TIPO LEVE, DN = 300 MM,  PARA VENTILACAO","M     ","CR","64,09"]
[9879,"TUBO DE PVC, PBL, TIPO LEVE, DN = 400 MM,  PARA VENTILACAO","M     ","CR","152,97"]
[42001,"TUBO DE REVESTIMENTO, EM ACO, CORPO SCHEDULE 40, PONTEIRA SCHEDULE 80, ROSQUEAVEL E SEGMENTADO PARA PERFURACAO,  DIAMETRO 6'' (200 MM) (COLETADO CAIXA)","M     ","AS","404,20"]
[41986,"TUBO DE REVESTIMENTO, EM ACO, CORPO SCHEDULE 40, PONTEIRA SCHEDULE 80, ROSQUEAVEL E SEGMENTADO PARA PERFURACAO, DIAMETRO 10'' (310 MM)","M     ","AS","1.810,18"]
[43422,"TUBO DE REVESTIMENTO, EM ACO, CORPO SCHEDULE 40, PONTEIRA SCHEDULE 80, ROSQUEAVEL E SEGMENTADO PARA PERFURACAO, DIAMETRO 12\" (320 MM)","M     ","AS","2.220,01"]
[41987,"TUBO DE REVESTIMENTO, EM ACO, CORPO SCHEDULE 40, PONTEIRA SCHEDULE 80, ROSQUEAVEL E SEGMENTADO PARA PERFURACAO, DIAMETRO 14'' (400 MM)","M     ","AS","2.573,17"]
[41988,"TUBO DE REVESTIMENTO, EM ACO, CORPO SCHEDULE 40, PONTEIRA SCHEDULE 80, ROSQUEAVEL E SEGMENTADO PARA PERFURACAO, DIAMETRO 16'' (450 MM)","M     ","AS","3.398,79"]
[41697,"TUBO DE REVESTIMENTO, EM ACO, CORPO SCHEDULE 40, PONTEIRA SCHEDULE 80, ROSQUEAVEL E SEGMENTADO PARA PERFURACAO, DIAMETRO 4'' (450 MM)","M     ","AS","602,42"]
[41985,"TUBO DE REVESTIMENTO, EM ACO, CORPO SCHEDULE 40, PONTEIRA SCHEDULE 80, ROSQUEAVEL E SEGMENTADO PARA PERFURACAO, DIAMETRO 6'' (200 MM)","M     ","AS","839,02"]
[41699,"TUBO DE REVESTIMENTO, EM ACO, CORPO SCHEDULE 40, PONTEIRA SCHEDULE 80, ROSQUEAVEL E SEGMENTADO PARA PERFURACAO, DIAMETRO 8'' (450 MM)","M     ","AS","1.194,72"]
[38053,"TUBO DRENO, CORRUGADO, ESPIRALADO, FLEXIVEL, PERFURADO, EM POLIETILENO DE ALTA DENSIDADE (PEAD), DN *160* MM, (6\") PARA DRENAGEM - EM BARRA (NORMA DNIT 093/2006 - EM)","M     ","AS","10,34"]
[38054,"TUBO DRENO, CORRUGADO, ESPIRALADO, FLEXIVEL, PERFURADO, EM POLIETILENO DE ALTA DENSIDADE (PEAD), DN *200* MM, (8\") PARA DRENAGEM - EM BARRA (NORMA DNIT 093/2006 - EM)","M     ","AS","17,78"]
[38052,"TUBO DRENO, CORRUGADO, ESPIRALADO, FLEXIVEL, PERFURADO, EM POLIETILENO DE ALTA DENSIDADE (PEAD), DN 100 MM, (4\") PARA DRENAGEM - EM ROLO (NORMA DNIT 093/2006 - E.M)","M     ","AS","5,01"]
[38051,"TUBO DRENO, CORRUGADO, ESPIRALADO, FLEXIVEL, PERFURADO, EM POLIETILENO DE ALTA DENSIDADE (PEAD), DN 65 MM, (2 1/2\") PARA DRENAGEM - EM ROLO (NORMA DNIT 093/2006 - EM)","M     ","AS","3,12"]
[38787,"TUBO MONOCAMADA PEX, DN 16 MM","M     ","AS","4,48"]
[38825,"TUBO MONOCAMADA PEX, DN 20 MM","M     ","AS","5,87"]
[38826,"TUBO MONOCAMADA PEX, DN 25 MM","M     ","AS","8,70"]
[38827,"TUBO MONOCAMADA PEX, DN 32 MM","M     ","AS","13,97"]
[38830,"TUBO MULTICAMADA PEX, DN *26* MM, PARA INSTALACOES A GAS (AMARELO)","M     ","AS","19,57"]
[38828,"TUBO MULTICAMADA PEX, DN 16 MM, PARA INSTALACOES A GAS (AMARELO)","M     ","AS","8,63"]
[38829,"TUBO MULTICAMADA PEX, DN 20 MM, PARA INSTALACOES A GAS (AMARELO)","M     ","AS","14,13"]
[38831,"TUBO MULTICAMADA PEX, DN 32 MM, PARA INSTALACOES A GAS (AMARELO)","M     ","AS","27,29"]
[36274,"TUBO PPR PN 20, DN 20 MM, PARA AGUA QUENTE PREDIAL","M     ","C ","6,74"]
[36278,"TUBO PPR PN 20, DN 25 MM, PARA AGUA QUENTE PREDIAL","M     ","CR","9,14"]
[38977,"TUBO PPR, CLASSE PN 12, DN 110 MM","M     ","CR","139,13"]
[38971,"TUBO PPR, CLASSE PN 12, DN 32 MM","M     ","CR","11,46"]
[38972,"TUBO PPR, CLASSE PN 12, DN 40 MM","M     ","CR","17,45"]
[38973,"TUBO PPR, CLASSE PN 12, DN 50 MM","M     ","CR","23,09"]
[38974,"TUBO PPR, CLASSE PN 12, DN 63 MM","M     ","CR","33,67"]
[38975,"TUBO PPR, CLASSE PN 12, DN 75 MM","M     ","CR","56,12"]
[38976,"TUBO PPR, CLASSE PN 12, DN 90 MM","M     ","CR","78,71"]
[38986,"TUBO PPR, CLASSE PN 25, DN 110 MM, PARA AGUA QUENTE E FRIA PREDIAL","M     ","CR","158,40"]
[38978,"TUBO PPR, CLASSE PN 25, DN 20 MM, PARA AGUA QUENTE E FRIA PREDIAL","M     ","CR","6,74"]
[38979,"TUBO PPR, CLASSE PN 25, DN 25 MM, PARA AGUA QUENTE E FRIA PREDIAL","M     ","CR","9,14"]
[38980,"TUBO PPR, CLASSE PN 25, DN 32 MM, PARA AGUA QUENTE E FRIA PREDIAL","M     ","CR","15,28"]
[38981,"TUBO PPR, CLASSE PN 25, DN 40 MM, PARA AGUA QUENTE E FRIA PREDIAL","M     ","CR","21,16"]
[38982,"TUBO PPR, CLASSE PN 25, DN 50 MM, PARA AGUA QUENTE E FRIA PREDIAL","M     ","CR","30,80"]
[38983,"TUBO PPR, CLASSE PN 25, DN 63 MM, PARA AGUA QUENTE E FRIA PREDIAL","M     ","CR","40,83"]
[38984,"TUBO PPR, CLASSE PN 25, DN 75 MM, PARA AGUA QUENTE E FRIA PREDIAL","M     ","CR","78,76"]
[38985,"TUBO PPR, CLASSE PN 25, DN 90 MM, PARA AGUA QUENTE E FRIA PREDIAL","M     ","CR","116,59"]
[9836,"TUBO PVC  SERIE NORMAL, DN 100 MM, PARA ESGOTO  PREDIAL (NBR 5688)","M     ","C ","9,16"]
[20065,"TUBO PVC  SERIE NORMAL, DN 150 MM, PARA ESGOTO  PREDIAL (NBR 5688)","M     ","CR","23,43"]
[9835,"TUBO PVC  SERIE NORMAL, DN 40 MM, PARA ESGOTO  PREDIAL (NBR 5688)","M     ","CR","3,30"]
[38032,"TUBO PVC CORRUGADO, PAREDE DUPLA, JE, DN 150 MM, REDE COLETORA ESGOTO","M     ","AS","29,46"]
[38033,"TUBO PVC CORRUGADO, PAREDE DUPLA, JE, DN 200 MM, REDE COLETORA ESGOTO","M     ","AS","48,21"]
[38034,"TUBO PVC CORRUGADO, PAREDE DUPLA, JE, DN 250 MM, REDE COLETORA ESGOTO","M     ","AS","79,75"]
[38035,"TUBO PVC CORRUGADO, PAREDE DUPLA, JE, DN 300 MM, REDE COLETORA ESGOTO","M     ","AS","111,13"]
[38036,"TUBO PVC CORRUGADO, PAREDE DUPLA, JE, DN 350 MM, REDE COLETORA ESGOTO","M     ","AS","156,81"]
[38037,"TUBO PVC CORRUGADO, PAREDE DUPLA, JE, DN 400 MM, REDE COLETORA ESGOTO","M     ","AS","181,82"]
[9850,"TUBO PVC DE REVESTIMENTO GEOMECANICO NERVURADO REFORCADO, DN = 150 MM, COMPRIMENTO = 2 M","M     ","AS","97,25"]
[9853,"TUBO PVC DE REVESTIMENTO GEOMECANICO NERVURADO REFORCADO, DN = 200 MM, COMPRIMENTO = 2 M","M     ","AS","172,94"]
[9854,"TUBO PVC DE REVESTIMENTO GEOMECANICO NERVURADO STANDARD, DN = 154 MM, COMPRIMENTO = 2 M","M     ","AS","75,77"]
[9851,"TUBO PVC DE REVESTIMENTO GEOMECANICO NERVURADO STANDARD, DN = 206 MM, COMPRIMENTO = 2 M","M     ","AS","131,39"]
[9855,"TUBO PVC DE REVESTIMENTO GEOMECANICO NERVURADO STANDARD, DN = 250 MM, COMPRIMENTO = 2 M","M     ","AS","219,77"]
[9825,"TUBO PVC DEFOFO, JEI, 1 MPA, DN 100 MM, PARA REDE DE AGUA (NBR 7665)","M     ","AS","38,39"]
[9828,"TUBO PVC DEFOFO, JEI, 1 MPA, DN 150 MM, PARA REDE DE  AGUA (NBR 7665)","M     ","AS","103,30"]
[9829,"TUBO PVC DEFOFO, JEI, 1 MPA, DN 200 MM, PARA REDE DE AGUA (NBR 7665)","M     ","AS","175,08"]
[9826,"TUBO PVC DEFOFO, JEI, 1 MPA, DN 250 MM, PARA REDE DE AGUA (NBR 7665)","M     ","AS","266,53"]
[9827,"TUBO PVC DEFOFO, JEI, 1 MPA, DN 300 MM, PARA REDE DE AGUA (NBR 7665)","M     ","AS","378,47"]
[36374,"TUBO PVC PBA JEI, CLASSE 12, DN 100 MM, PARA REDE DE AGUA (NBR 5647)","M     ","AS","46,01"]
[36084,"TUBO PVC PBA JEI, CLASSE 12, DN 50 MM, PARA REDE DE AGUA (NBR 5647)","M     ","AS","13,63"]
[36373,"TUBO PVC PBA JEI, CLASSE 12, DN 75 MM, PARA REDE DE AGUA (NBR 5647)","M     ","AS","28,30"]
[36377,"TUBO PVC PBA JEI, CLASSE 15, DN 100 MM, PARA REDE DE AGUA (NBR 5647)","M     ","AS","55,19"]
[36375,"TUBO PVC PBA JEI, CLASSE 15, DN 50 MM, PARA REDE DE AGUA (NBR 5647)","M     ","AS","16,82"]
[36376,"TUBO PVC PBA JEI, CLASSE 15, DN 75 MM, PARA REDE DE AGUA (NBR 5647)","M     ","AS","33,03"]
[36380,"TUBO PVC PBA JEI, CLASSE 20, DN 100 MM, PARA REDE DE AGUA (NBR 5647)","M     ","AS","69,01"]
[36378,"TUBO PVC PBA JEI, CLASSE 20, DN 50 MM, PARA REDE DE AGUA (NBR 5647)","M     ","AS","20,68"]
[36379,"TUBO PVC PBA JEI, CLASSE 20, DN 75 MM, PARA REDE DE AGUA (NBR 5647)","M     ","AS","41,68"]
[9859,"TUBO PVC ROSCAVEL, 3/4\",  AGUA FRIA PREDIAL","M     ","CR","6,74"]
[9838,"TUBO PVC SERIE NORMAL, DN 50 MM, PARA ESGOTO PREDIAL (NBR 5688)","M     ","CR","5,62"]
[9837,"TUBO PVC SERIE NORMAL, DN 75 MM, PARA ESGOTO PREDIAL (NBR 5688)","M     ","CR","8,12"]
[9833,"TUBO PVC, FLEXIVEL, CORRUGADO, PERFURADO, DN 110 MM, PARA DRENAGEM, SISTEMA IRRIGACAO","M     ","AS","9,36"]
[9830,"TUBO PVC, FLEXIVEL, CORRUGADO, PERFURADO, DN 65 MM, PARA DRENAGEM, SISTEMA IRRIGACAO","M     ","AS","5,01"]
[9834,"TUBO PVC, RIGIDO, CORRUGADO, PERFURADO, DN 150 MM, PARA DRENAGEM, SISTEMA IRRIGACAO","M     ","AS","26,06"]
[9863,"TUBO PVC, ROSCAVEL,  2 1/2\", AGUA FRIA PREDIAL","M     ","CR","48,64"]
[9860,"TUBO PVC, ROSCAVEL,  2\", PARA AGUA FRIA PREDIAL","M     ","CR","31,22"]
[9862,"TUBO PVC, ROSCAVEL, 1 1/2\",  AGUA FRIA PREDIAL","M     ","CR","22,03"]
[9861,"TUBO PVC, ROSCAVEL, 1 1/4\", AGUA FRIA PREDIAL","M     ","CR","17,71"]
[9856,"TUBO PVC, ROSCAVEL, 1/2\", AGUA FRIA PREDIAL","M     ","CR","4,76"]
[9866,"TUBO PVC, ROSCAVEL, 1\", AGUA FRIA PREDIAL","M     ","CR","13,08"]
[9857,"TUBO PVC, ROSCAVEL, 3\", AGUA FRIA PREDIAL","M     ","CR","62,90"]
[9864,"TUBO PVC, ROSCAVEL, 4\",  AGUA FRIA PREDIAL","M     ","CR","75,94"]
[9865,"TUBO PVC, ROSCAVEL, 5\",  AGUA FRIA PREDIAL","M     ","CR","109,21"]
[9858,"TUBO PVC, ROSCAVEL, 6\",  AGUA FRIA PREDIAL","M     ","CR","114,50"]
[9841,"TUBO PVC, SERIE R, DN 100 MM, PARA ESGOTO OU AGUAS PLUVIAIS PREDIAL (NBR 5688)","M     ","CR","22,60"]
[9840,"TUBO PVC, SERIE R, DN 150 MM, PARA ESGOTO OU AGUAS PLUVIAIS PREDIAL (NBR 5688)","M     ","CR","45,94"]
[20067,"TUBO PVC, SERIE R, DN 40 MM, PARA ESGOTO OU AGUAS PLUVIAIS PREDIAL (NBR 5688)","M     ","CR","7,89"]
[20068,"TUBO PVC, SERIE R, DN 50 MM, PARA ESGOTO OU AGUAS PLUVIAIS PREDIAL (NBR 5688)","M     ","CR","9,84"]
[9839,"TUBO PVC, SERIE R, DN 75 MM, PARA ESGOTO OU AGUAS PLUVIAIS PREDIAL (NBR 5688)","M     ","CR","12,90"]
[9870,"TUBO PVC, SOLDAVEL, DN 110 MM, AGUA FRIA (NBR-5648)","M     ","CR","53,04"]
[9867,"TUBO PVC, SOLDAVEL, DN 20 MM, AGUA FRIA (NBR-5648)","M     ","CR","1,95"]
[9868,"TUBO PVC, SOLDAVEL, DN 25 MM, AGUA FRIA (NBR-5648)","M     ","C ","2,50"]
[9869,"TUBO PVC, SOLDAVEL, DN 32 MM, AGUA FRIA (NBR-5648)","M     ","CR","5,61"]
[9874,"TUBO PVC, SOLDAVEL, DN 40 MM, AGUA FRIA (NBR-5648)","M     ","CR","8,17"]
[9875,"TUBO PVC, SOLDAVEL, DN 50 MM, PARA AGUA FRIA (NBR-5648)","M     ","CR","9,36"]
[9873,"TUBO PVC, SOLDAVEL, DN 60 MM, AGUA FRIA (NBR-5648)","M     ","CR","15,79"]
[9871,"TUBO PVC, SOLDAVEL, DN 75 MM, AGUA FRIA (NBR-5648)","M     ","CR","26,46"]
[9872,"TUBO PVC, SOLDAVEL, DN 85 MM, AGUA FRIA (NBR-5648)","M     ","CR","33,06"]
[7667,"TUBO 26\" EM CHAPA PRETA, E= 3/16\", 147 KG/6 M","M     ","AS","1.708,46"]
[7660,"TUBO 30\" EM CHAPA PRETA, E= 1/4\", 175 KG/6 M","M     ","AS","2.177,88"]
[7676,"TUBO 30\" EM CHAPA PRETA, E= 3/8\", 177 KG/6 M","M     ","AS","2.202,77"]
[12426,"UNIAO COM ASSENTO CONICO DE BRONZE, DIAMETRO 1/2\"","UN    ","AS","27,28"]
[12425,"UNIAO COM ASSENTO CONICO DE BRONZE, DIAMETRO 1\"","UN    ","AS","37,47"]
[12427,"UNIAO COM ASSENTO CONICO DE BRONZE, DIAMETRO 2 1/2\"","UN    ","AS","155,55"]
[12428,"UNIAO COM ASSENTO CONICO DE BRONZE, DIAMETRO 2'","UN    ","AS","99,84"]
[12430,"UNIAO COM ASSENTO CONICO DE BRONZE, DIAMETRO 3/4\"","UN    ","AS","33,44"]
[12429,"UNIAO COM ASSENTO CONICO DE BRONZE, DIAMETRO 3\"","UN    ","AS","251,54"]
[12431,"UNIAO COM ASSENTO CONICO DE BRONZE, DIAMETRO 4\"","UN    ","AS","428,07"]
[12432,"UNIAO COM ASSENTO CONICO DE FERRO LONGO (MACHO-FEMEA), DIAMETRO 1 1/2\"","UN    ","AS","88,04"]
[12434,"UNIAO COM ASSENTO CONICO DE FERRO LONGO (MACHO-FEMEA), DIAMETRO 1/2\"","UN    ","AS","28,69"]
[12433,"UNIAO COM ASSENTO CONICO DE FERRO LONGO (MACHO-FEMEA), DIAMETRO 1\"","UN    ","AS","56,04"]
[12435,"UNIAO COM ASSENTO CONICO DE FERRO LONGO (MACHO-FEMEA), DIAMETRO 2 1/2\"","UN    ","AS","173,45"]
[12437,"UNIAO COM ASSENTO CONICO DE FERRO LONGO (MACHO-FEMEA), DIAMETRO 2\"","UN    ","AS","140,08"]
[12439,"UNIAO COM ASSENTO CONICO DE FERRO LONGO (MACHO-FEMEA), DIAMETRO 3/4\"","UN    ","AS","44,96"]
[12438,"UNIAO COM ASSENTO CONICO DE FERRO LONGO (MACHO-FEMEA), DIAMETRO 3'","UN    ","AS","253,51"]
[12436,"UNIAO COM ASSENTO CONICO DE FERRO LONGO (MACHO-FEMEA), DIAMETRO 4\"","UN    ","AS","320,24"]
[36357,"UNIAO COM FLANGE PPR, DN 40 MM, PARA AGUA QUENTE PREDIAL","UN    ","CR","119,90"]
[12424,"UNIAO DE FERRO GALVANIZADO, COM ASSENTO CONICO DE BRONZE, DE 1 1/2\"","UN    ","AS","57,70"]
[12440,"UNIAO DE FERRO GALVANIZADO, COM ASSENTO CONICO DE BRONZE, DE 1 1/4\"","UN    ","AS","55,77"]
[9884,"UNIAO DE FERRO GALVANIZADO, COM ROSCA BSP, COM ASSENTO PLANO, DE 1 1/2\"","UN    ","AS","41,60"]
[9888,"UNIAO DE FERRO GALVANIZADO, COM ROSCA BSP, COM ASSENTO PLANO, DE 1 1/4\"","UN    ","AS","33,42"]
[9883,"UNIAO DE FERRO GALVANIZADO, COM ROSCA BSP, COM ASSENTO PLANO, DE 1/2\"","UN    ","AS","14,58"]
[9886,"UNIAO DE FERRO GALVANIZADO, COM ROSCA BSP, COM ASSENTO PLANO, DE 1\"","UN    ","AS","19,98"]
[9889,"UNIAO DE FERRO GALVANIZADO, COM ROSCA BSP, COM ASSENTO PLANO, DE 2 1/2\"","UN    ","AS","101,22"]
[9887,"UNIAO DE FERRO GALVANIZADO, COM ROSCA BSP, COM ASSENTO PLANO, DE 2\"","UN    ","AS","61,18"]
[9885,"UNIAO DE FERRO GALVANIZADO, COM ROSCA BSP, COM ASSENTO PLANO, DE 3/4\"","UN    ","AS","19,31"]
[9890,"UNIAO DE FERRO GALVANIZADO, COM ROSCA BSP, COM ASSENTO PLANO, DE 3\"","UN    ","AS","156,81"]
[9891,"UNIAO DE FERRO GALVANIZADO, COM ROSCA BSP, COM ASSENTO PLANO, DE 4\"","UN    ","AS","220,14"]
[39292,"UNIAO DE REDUCAO METALICA, PARA CONEXAO COM ANEL DESLIZANTE EM TUBO PEX, DN 20 X 16 MM","UN    ","AS","8,08"]
[39293,"UNIAO DE REDUCAO METALICA, PARA CONEXAO COM ANEL DESLIZANTE EM TUBO PEX, DN 25 X 16 MM","UN    ","AS","13,04"]
[39294,"UNIAO DE REDUCAO METALICA, PARA CONEXAO COM ANEL DESLIZANTE EM TUBO PEX, DN 25 X 20 MM","UN    ","AS","13,04"]
[39295,"UNIAO DE REDUCAO METALICA, PARA CONEXAO COM ANEL DESLIZANTE EM TUBO PEX, DN 32 X 25 MM","UN    ","AS","22,24"]
[36313,"UNIAO DUPLA PPR DN 20 MM, PARA AGUA QUENTE PREDIAL","UN    ","CR","28,43"]
[36316,"UNIAO DUPLA PPR DN 25 MM, PARA AGUA QUENTE PREDIAL","UN    ","CR","34,47"]
[64,"UNIAO EM POLIPROPILENO (PP), PARA TUBO EM PEAD, 20 MM - LIGACAO PREDIAL DE AGUA","UN    ","AS","4,34"]
[37423,"UNIAO EM POLIPROPILENO (PP), PARA TUBO EM PEAD, 32 MM - LIGACAO PREDIAL DE AGUA","UN    ","AS","10,72"]
[39296,"UNIAO METALICA, PARA CONEXAO COM ANEL DESLIZANTE EM TUBO PEX, DN 16 MM","UN    ","AS","6,24"]
[39297,"UNIAO METALICA, PARA CONEXAO COM ANEL DESLIZANTE EM TUBO PEX, DN 20 MM","UN    ","AS","8,93"]
[39298,"UNIAO METALICA, PARA CONEXAO COM ANEL DESLIZANTE EM TUBO PEX, DN 25 MM","UN    ","AS","15,72"]
[39299,"UNIAO METALICA, PARA CONEXAO COM ANEL DESLIZANTE EM TUBO PEX, DN 32 MM","UN    ","AS","26,76"]
[9892,"UNIAO PVC, ROSCAVEL 1/2\",  AGUA FRIA PREDIAL","UN    ","CR","4,25"]
[9893,"UNIAO PVC, ROSCAVEL 2\",  AGUA FRIA PREDIAL","UN    ","CR","57,69"]
[9901,"UNIAO PVC, ROSCAVEL, 1 1/2\",  AGUA FRIA PREDIAL","UN    ","CR","25,60"]
[9896,"UNIAO PVC, ROSCAVEL, 1 1/4\",  AGUA FRIA PREDIAL","UN    ","CR","23,07"]
[9900,"UNIAO PVC, ROSCAVEL, 1\",  AGUA FRIA PREDIAL","UN    ","CR","14,00"]
[9898,"UNIAO PVC, ROSCAVEL, 2 1/2\",  AGUA FRIA PREDIAL","UN    ","CR","118,62"]
[9899,"UNIAO PVC, ROSCAVEL, 3/4\",  AGUA FRIA PREDIAL","UN    ","CR","7,64"]
[9902,"UNIAO PVC, ROSCAVEL, 3\",  AGUA FRIA PREDIAL","UN    ","CR","150,22"]
[9908,"UNIAO PVC, SOLDAVEL, 110 MM,  PARA AGUA FRIA PREDIAL","UN    ","CR","299,51"]
[9905,"UNIAO PVC, SOLDAVEL, 20 MM,  PARA AGUA FRIA PREDIAL","UN    ","CR","5,00"]
[9906,"UNIAO PVC, SOLDAVEL, 25 MM,  PARA AGUA FRIA PREDIAL","UN    ","CR","5,99"]
[9895,"UNIAO PVC, SOLDAVEL, 32 MM,  PARA AGUA FRIA PREDIAL","UN    ","CR","9,83"]
[9894,"UNIAO PVC, SOLDAVEL, 40 MM,  PARA AGUA FRIA PREDIAL","UN    ","CR","19,16"]
[9897,"UNIAO PVC, SOLDAVEL, 50 MM,  PARA AGUA FRIA PREDIAL","UN    ","CR","20,75"]
[9910,"UNIAO PVC, SOLDAVEL, 60 MM,  PARA AGUA FRIA PREDIAL","UN    ","CR","52,23"]
[9909,"UNIAO PVC, SOLDAVEL, 75 MM,  PARA AGUA FRIA PREDIAL","UN    ","CR","105,40"]
[9907,"UNIAO PVC, SOLDAVEL, 85 MM,  PARA AGUA FRIA PREDIAL","UN    ","CR","162,06"]
[20973,"UNIAO TIPO STORZ, COM EMPATACAO INTERNA TIPO ANEL DE EXPANSAO, ENGATE RAPIDO 1 1/2\", PARA MANGUEIRA DE COMBATE A INCENDIO PREDIAL","UN    ","CR","101,81"]
[20974,"UNIAO TIPO STORZ, COM EMPATACAO INTERNA TIPO ANEL DE EXPANSAO, ENGATE RAPIDO 2 1/2\", PARA MANGUEIRA DE COMBATE A INCENDIO PREDIAL","UN    ","CR","145,66"]
[37989,"UNIAO, CPVC, SOLDAVEL, 15 MM, PARA AGUA QUENTE PREDIAL","UN    ","AS","8,04"]
[37990,"UNIAO, CPVC, SOLDAVEL, 22 MM, PARA AGUA QUENTE PREDIAL","UN    ","AS","9,34"]
[37991,"UNIAO, CPVC, SOLDAVEL, 28 MM, PARA AGUA QUENTE PREDIAL","UN    ","AS","14,78"]
[37992,"UNIAO, CPVC, SOLDAVEL, 35 MM, PARA AGUA QUENTE PREDIAL","UN    ","AS","22,58"]
[37993,"UNIAO, CPVC, SOLDAVEL, 42 MM, PARA AGUA QUENTE PREDIAL","UN    ","AS","33,51"]
[37994,"UNIAO, CPVC, SOLDAVEL, 54 MM, PARA AGUA QUENTE PREDIAL","UN    ","AS","80,53"]
[37995,"UNIAO, CPVC, SOLDAVEL, 73 MM, PARA AGUA QUENTE PREDIAL","UN    ","AS","116,89"]
[37996,"UNIAO, CPVC, SOLDAVEL, 89 MM, PARA AGUA QUENTE PREDIAL","UN    ","AS","172,34"]
[13883,"USINA DE ASFALTO A FRIO, CAPACIDADE DE 30 A 40 T/H, ELETRICA, POTENCIA DE 30 CV","UN    ","AS","83.655,82"]
[38604,"USINA DE ASFALTO A FRIO, CAPACIDADE DE 40 A 60 T/H, ELETRICA, POTENCIA DE 30 CV","UN    ","AS","104.192,22"]
[10601,"USINA DE ASFALTO A QUENTE, FIXA, TIPO CONTRA FLUXO, CAPACIDADE DE 100 A 140 T/H, POTENCIA DE 280 KW, COM MISTURADOR EXTERNO ROTATIVO","UN    ","AS","2.026.746,48"]
[26034,"USINA DE ASFALTO, GRAVIMETRICA, CAPACIDADE DE 150 T/H, POTENCIA DE 400 KW","UN    ","AS","5.336.351,95"]
[13894,"USINA DE CONCRETO FIXA, CAPACIDADE NOMINAL DE 40 M3/H, SEM SILO","UN    ","AS","392.649,25"]
[13895,"USINA DE CONCRETO FIXA, CAPACIDADE NOMINAL DE 60 M3/H, SEM SILO","UN    ","AS","527.982,35"]
[13892,"USINA DE CONCRETO FIXA, CAPACIDADE NOMINAL DE 80 M3/H, SEM SILO","UN    ","AS","647.029,46"]
[9914,"USINA DE CONCRETO FIXA, CAPACIDADE NOMINAL DE 90 A 120 M3/H, SEM SILO","UN    ","AS","700.000,00"]
[36485,"USINA DE LAMA ASFALTICA, PROD 30 A 50 T/H, SILO DE AGREGADO 7 M3, RESERVATORIOS PARA EMULSAO E AGUA DE 2,3 M3 CADA, MISTURADOR TIPO PUGG-MILL A SER MONTADO SOBRE CAMINHAO","UN    ","AS","424.438,89"]
[9912,"USINA DE MISTURAS ASFALTICAS A QUENTE, MOVEL, TIPO CONTRA FLUXO, CAPACIDADE DE 40 A 80 T/H","UN    ","AS","1.650.000,00"]
[9921,"USINA MISTURADORA DE SOLOS,  DOSADORES TRIPLOS, CALHA VIBRATORIA CAPACIDADE DE 200 A 500 T/H, POTENCIA DE 75 KW","UN    ","AS","851.148,04"]
[21112,"VALVULA DE DESCARGA EM METAL CROMADO PARA MICTORIO COM ACIONAMENTO POR PRESSAO E FECHAMENTO AUTOMATICO","UN    ","CR","169,46"]
[10228,"VALVULA DE DESCARGA METALICA, BASE 1 1/2 \" E ACABAMENTO METALICO CROMADO","UN    ","C ","196,86"]
[11781,"VALVULA DE DESCARGA METALICA, BASE 1 1/4 \" E ACABAMENTO METALICO CROMADO","UN    ","CR","159,48"]
[11746,"VALVULA DE ESFERA BRUTA EM BRONZE, BITOLA 1 \" (REF 1552-B)","UN    ","CR","44,66"]
[11751,"VALVULA DE ESFERA BRUTA EM BRONZE, BITOLA 1 1/2 \" (REF 1552-B)","UN    ","CR","80,21"]
[11750,"VALVULA DE ESFERA BRUTA EM BRONZE, BITOLA 1 1/4 \" (REF 1552-B)","UN    ","CR","66,56"]
[11748,"VALVULA DE ESFERA BRUTA EM BRONZE, BITOLA 1/2 \" (REF 1552-B)","UN    ","CR","28,66"]
[11747,"VALVULA DE ESFERA BRUTA EM BRONZE, BITOLA 2 \" (REF 1552-B)","UN    ","CR","123,69"]
[11749,"VALVULA DE ESFERA BRUTA EM BRONZE, BITOLA 3/4 \" (REF 1552-B)","UN    ","CR","33,08"]
[10236,"VALVULA DE RETENCAO DE BRONZE, PE COM CRIVOS, EXTREMIDADE COM ROSCA, DE 1 1/2\", PARA FUNDO DE POCO","UN    ","AS","62,94"]
[10233,"VALVULA DE RETENCAO DE BRONZE, PE COM CRIVOS, EXTREMIDADE COM ROSCA, DE 1 1/4\", PARA FUNDO DE POCO","UN    ","AS","58,98"]
[10234,"VALVULA DE RETENCAO DE BRONZE, PE COM CRIVOS, EXTREMIDADE COM ROSCA, DE 1\", PARA FUNDO DE POCO","UN    ","AS","37,15"]
[10231,"VALVULA DE RETENCAO DE BRONZE, PE COM CRIVOS, EXTREMIDADE COM ROSCA, DE 2 1/2\", PARA FUNDO DE POCO","UN    ","AS","170,37"]
[10232,"VALVULA DE RETENCAO DE BRONZE, PE COM CRIVOS, EXTREMIDADE COM ROSCA, DE 2\", PARA FUNDO DE POCO","UN    ","AS","95,33"]
[10229,"VALVULA DE RETENCAO DE BRONZE, PE COM CRIVOS, EXTREMIDADE COM ROSCA, DE 3/4\", PARA FUNDO DE POCO","UN    ","AS","33,60"]
[10235,"VALVULA DE RETENCAO DE BRONZE, PE COM CRIVOS, EXTREMIDADE COM ROSCA, DE 3\", PARA FUNDO DE POCO","UN    ","AS","233,56"]
[10230,"VALVULA DE RETENCAO DE BRONZE, PE COM CRIVOS, EXTREMIDADE COM ROSCA, DE 4\", PARA FUNDO DE POCO","UN    ","AS","411,04"]
[10409,"VALVULA DE RETENCAO HORIZONTAL, DE BRONZE (PN-25), 1 1/2\", 400 PSI, TAMPA DE PORCA DE UNIAO, EXTREMIDADES COM ROSCA","UN    ","AS","122,11"]
[10411,"VALVULA DE RETENCAO HORIZONTAL, DE BRONZE (PN-25), 1 1/4\", 400 PSI, TAMPA DE PORCA DE UNIAO, EXTREMIDADES COM ROSCA","UN    ","AS","109,27"]
[10404,"VALVULA DE RETENCAO HORIZONTAL, DE BRONZE (PN-25), 1/2\", 400 PSI, TAMPA DE PORCA DE UNIAO, EXTREMIDADES COM ROSCA","UN    ","AS","44,31"]
[10410,"VALVULA DE RETENCAO HORIZONTAL, DE BRONZE (PN-25), 1\", 400 PSI, TAMPA DE PORCA DE UNIAO, EXTREMIDADES COM ROSCA","UN    ","AS","72,99"]
[10405,"VALVULA DE RETENCAO HORIZONTAL, DE BRONZE (PN-25), 2 1/2\", 400 PSI, TAMPA DE PORCA DE UNIAO, EXTREMIDADES COM ROSCA","UN    ","AS","244,66"]
[10408,"VALVULA DE RETENCAO HORIZONTAL, DE BRONZE (PN-25), 2\", 400 PSI, TAMPA DE PORCA DE UNIAO, EXTREMIDADES COM ROSCA","UN    ","AS","171,08"]
[10412,"VALVULA DE RETENCAO HORIZONTAL, DE BRONZE (PN-25), 3/4\", 400 PSI, TAMPA DE PORCA DE UNIAO, EXTREMIDADES COM ROSCA","UN    ","AS","53,70"]
[10406,"VALVULA DE RETENCAO HORIZONTAL, DE BRONZE (PN-25), 3\", 400 PSI, TAMPA DE PORCA DE UNIAO, EXTREMIDADES COM ROSCA","UN    ","AS","337,92"]
[10407,"VALVULA DE RETENCAO HORIZONTAL, DE BRONZE (PN-25), 4\", 400 PSI, TAMPA DE PORCA DE UNIAO, EXTREMIDADES COM ROSCA","UN    ","AS","524,12"]
[10416,"VALVULA DE RETENCAO VERTICAL, DE BRONZE (PN-16), 1 1/2\", 200 PSI, EXTREMIDADES COM ROSCA","UN    ","AS","65,01"]
[10419,"VALVULA DE RETENCAO VERTICAL, DE BRONZE (PN-16), 1 1/4\", 200 PSI, EXTREMIDADES COM ROSCA","UN    ","AS","56,43"]
[21092,"VALVULA DE RETENCAO VERTICAL, DE BRONZE (PN-16), 1/2\", 200 PSI, EXTREMIDADES COM ROSCA","UN    ","AS","32,26"]
[10418,"VALVULA DE RETENCAO VERTICAL, DE BRONZE (PN-16), 1\", 200 PSI, EXTREMIDADES COM ROSCA","UN    ","AS","37,61"]
[12657,"VALVULA DE RETENCAO VERTICAL, DE BRONZE (PN-16), 2 1/2\", 200 PSI, EXTREMIDADES COM ROSCA","UN    ","AS","151,79"]
[10417,"VALVULA DE RETENCAO VERTICAL, DE BRONZE (PN-16), 2\", 200 PSI, EXTREMIDADES COM ROSCA","UN    ","AS","94,72"]
[10413,"VALVULA DE RETENCAO VERTICAL, DE BRONZE (PN-16), 3/4\", 200 PSI, EXTREMIDADES COM ROSCA","UN    ","AS","34,42"]
[10414,"VALVULA DE RETENCAO VERTICAL, DE BRONZE (PN-16), 3\", 200 PSI, EXTREMIDADES COM ROSCA","UN    ","AS","207,27"]
[10415,"VALVULA DE RETENCAO VERTICAL, DE BRONZE (PN-16), 4\", 200 PSI, EXTREMIDADES COM ROSCA","UN    ","AS","359,74"]
[38643,"VALVULA EM METAL CROMADO PARA LAVATORIO, 1 \" SEM LADRAO","UN    ","CR","37,54"]
[6157,"VALVULA EM METAL CROMADO PARA PIA AMERICANA 3.1/2 X 1.1/2 \"","UN    ","CR","51,29"]
[37588,"VALVULA EM METAL CROMADO PARA TANQUE, 1.1/2 \" SEM LADRAO","UN    ","CR","16,59"]
[6152,"VALVULA EM PLASTICO BRANCO COM SAIDA LISA PARA TANQUE 1.1/4 \" X 1.1/2 \"","UN    ","CR","2,30"]
[6158,"VALVULA EM PLASTICO BRANCO PARA LAVATORIO 1 \", SEM UNHO, COM LADRAO","UN    ","CR","2,77"]
[6153,"VALVULA EM PLASTICO BRANCO PARA TANQUE OU LAVATORIO 1 \", SEM UNHO E SEM LADRAO","UN    ","CR","2,16"]
[6156,"VALVULA EM PLASTICO BRANCO PARA TANQUE 1.1/4 \" X 1.1/2 \", SEM UNHO E SEM LADRAO","UN    ","CR","2,74"]
[6154,"VALVULA EM PLASTICO CROMADO PARA LAVATORIO 1 \", SEM UNHO, COM LADRAO","UN    ","CR","5,15"]
[6155,"VALVULA EM PLASTICO CROMADO TIPO AMERICANA PARA PIA DE COZINHA 3.1/2 \" X 1.1/2 \", SEM ADAPTADOR","UN    ","CR","10,66"]
[38108,"VARIADOR DE LUMINOSIDADE ROTATIVO (DIMMER) 127 V, 300 W (APENAS MODULO)","UN    ","CR","35,15"]
[38087,"VARIADOR DE LUMINOSIDADE ROTATIVO (DIMMER) 127V, 300W, CONJUNTO MONTADO PARA EMBUTIR 4\" X 2\" (PLACA + SUPORTE + MODULO)","UN    ","CR","45,21"]
[38109,"VARIADOR DE LUMINOSIDADE ROTATIVO (DIMMER) 220 V, 600 W (APENAS MODULO)","UN    ","CR","56,18"]
[38088,"VARIADOR DE LUMINOSIDADE ROTATIVO (DIMMER) 220V, 600W, CONJUNTO MONTADO PARA EMBUTIR 4\" X 2\" (PLACA + SUPORTE + MODULO)","UN    ","CR","59,07"]
[38110,"VARIADOR DE VELOCIDADE PARA VENTILADOR 127 V, 150 W (APENAS MODULO)","UN    ","CR","21,61"]
[38089,"VARIADOR DE VELOCIDADE PARA VENTILADOR 127V, 150W + 2 INTERRUPTORES PARALELOS, PARA REVERSAO E LAMPADA, CONJUNTO MONTADO PARA EMBUTIR 4\" X 2\" (PLACA + SUPORTE + MODULOS)","UN    ","CR","37,66"]
[38111,"VARIADOR DE VELOCIDADE PARA VENTILADOR 220 V, 250 W (APENAS MODULO)","UN    ","CR","24,17"]
[38090,"VARIADOR DE VELOCIDADE PARA VENTILADOR 220V, 250W + 2 INTERRUPTORES PARALELOS, PARA REVERSAO E LAMPADA, CONJUNTO MONTADO PARA EMBUTIR 4\" X 2\" (PLACA + SUPORTE + MODULOS)","UN    ","CR","38,92"]
[11786,"VASO SANITARIO SIFONADO INFANTIL LOUCA BRANCA","UN    ","CR","247,33"]
[13726,"VASSOURA MECANICA REBOCAVEL COM ESCOVA CILINDRICA LARGURA UTIL DE VARRIMENTO = 2,44M","UN    ","AS","36.369,89"]
[38400,"VASSOURA 40 CM COM CABO","UN    ","CR","9,51"]
[12627,"VEDACAO DE CALHA, EM BORRACHA COR PRETA, MEDIDA ENTRE 119 E 170 MM, PARA DRENAGEM PLUVIAL PREDIAL","UN    ","AS","0,38"]
[6138,"VEDACAO PVC, 100 MM, PARA SAIDA VASO SANITARIO","UN    ","CR","1,62"]
[39996,"VERGALHAO ZINCADO ROSCA TOTAL, 1/4 \" (6,3 MM)","M     ","CR","2,33"]
[10478,"VERNIZ POLIURETANO BRILHANTE PARA MADEIRA, COM FILTRO SOLAR, USO INTERNO E EXTERNO","L     ","CR","25,56"]
[10475,"VERNIZ SINTETICO BRILHANTE PARA MADEIRA TIPO COPAL, USO INTERNO","L     ","CR","22,48"]
[10481,"VERNIZ SINTETICO BRILHANTE PARA MADEIRA, COM FILTRO SOLAR, USO INTERNO E EXTERNO (BASE SOLVENTE)","L     ","CR","24,52"]
[4031,"VEU DE VIDRO/VEU DE SUPERFICIE 30 A 35 G/M2","M2    ","CR","27,17"]
[4030,"VEU POLIESTER","M2    ","CR","5,78"]
[39399,"VIBRADOR DE IMERSAO, COM PONTEIRA DE *35* MM, MANGOTE DE 5 M, SEM MOTOR","UN    ","AS","1.040,71"]
[39400,"VIBRADOR DE IMERSAO, COM PONTEIRA DE *45* MM, MANGOTE DE 5 M, SEM MOTOR.","UN    ","AS","1.131,21"]
[39401,"VIBRADOR DE IMERSAO, COM PONTEIRA DE *60* MM, MANGOTE DE 5 M, SEM MOTOR.","UN    ","AS","1.268,95"]
[11652,"VIBRADOR DE IMERSAO, DIAMETRO DA PONTEIRA DE *35* MM, COM MOTOR 4 TEMPOS A GASOLINA DE 5,5 HP (5,5 CV)","UN    ","AS","2.730,00"]
[13896,"VIBRADOR DE IMERSAO, DIAMETRO DA PONTEIRA DE *45* MM, COM MOTOR ELETRICO TRIFASICO DE 2 HP (2 CV)","UN    ","AS","2.449,04"]
[13475,"VIBRADOR DE IMERSAO, DIAMETRO DA PONTEIRA DE *45* MM, COM MOTOR 4 TEMPOS A GASOLINA DE 5,5 HP (5,5 CV)","UN    ","AS","2.983,23"]
[25971,"VIBROACABADORA DE ASFALTO SOBRE ESTEIRAS, LARG. PAVIM. MAX. 8,00 M, POT. 100 KW/ 134 HP, CAP. 600 T/ H","UN    ","AS","3.134.544,27"]
[25970,"VIBROACABADORA DE ASFALTO SOBRE ESTEIRAS, LARG. PAVIM. 2,13 M A 4,55 M, POT. 74 KW/ 100 HP, CAP. 400 T/ H","UN    ","AS","1.319.606,75"]
[13476,"VIBROACABADORA DE ASFALTO SOBRE ESTEIRAS, LARG. PAVIM. 2,60 M A 5,75 M, POT. 110 HP, CAP. 450 T/ H","UN    ","AS","1.329.169,22"]
[10488,"VIBROACABADORA DE ASFALTO SOBRE ESTEIRAS, LARG. PAVIMENT. 1,90 A 5,3 M, POT. 78 KW/105 HP, CAP. 450 T/H","UN    ","AS","1.610.302,81"]
[13606,"VIBROACABADORA DE ASFALTO SOBRE RODAS, LARGURA DE PAVIMENTACAO DE 1,70 A 4,20 M, POTENCIA 78 KW/105 HP, CAPACIDADE 300 T/H","UN    ","AS","1.426.705,26"]
[10489,"VIDRACEIRO","H     ","CR","11,38"]
[41073,"VIDRACEIRO (MENSALISTA)","MES   ","CR","1.997,56"]
[34391,"VIDRO COMUM LAMINADO LISO INCOLOR DUPLO, ESPESSURA TOTAL 8 MM (CADA CAMADA DE 4 MM) - COLOCADO","M2    ","CR","600,23"]
[10496,"VIDRO COMUM LAMINADO, LISO, INCOLOR, DUPLO, ESPESSURA TOTAL 6 MM (CADA CAMADA E= 3 MM) - COLOCADO","M2    ","CR","522,50"]
[10497,"VIDRO COMUM LAMINADO, LISO, INCOLOR, TRIPLO, ESPESSURA TOTAL 12 MM (CADA CAMADA E=  4 MM) - COLOCADO","M2    ","CR","1.358,49"]
[10504,"VIDRO COMUM LAMINADO, LISO, INCOLOR, TRIPLO, ESPESSURA TOTAL 15 MM (CADA CAMADA E = 5 MM) - COLOCADO","M2    ","CR","1.588,40"]
[34390,"VIDRO CRISTAL COLORIDO, 10 MM, PINTADO NA COR BRANCA","M2    ","CR","468,16"]
[34389,"VIDRO CRISTAL COLORIDO, 4 MM, PINTADO NA COR BRANCA","M2    ","CR","146,30"]
[34388,"VIDRO CRISTAL COLORIDO, 6 MM, PINTADO NA COR BRANCA","M2    ","CR","207,92"]
[34387,"VIDRO CRISTAL COLORIDO, 8 MM, PINTADO NA COR BRANCA","M2    ","CR","337,53"]
[11188,"VIDRO LISO FUME E = 4MM - SEM COLOCACAO","M2    ","CR","167,20"]
[11189,"VIDRO LISO FUME E = 6MM - SEM COLOCACAO","M2    ","CR","250,80"]
[21107,"VIDRO LISO FUME, E = 5 MM - SEM COLOCACAO","M2    ","CR","180,48"]
[34386,"VIDRO LISO INCOLOR 10 MM - SEM COLOCACAO","M2    ","CR","313,49"]
[10490,"VIDRO LISO INCOLOR 2 A 3 MM - SEM COLOCACAO","M2    ","C ","94,05"]
[10492,"VIDRO LISO INCOLOR 4MM - SEM COLOCACAO","M2    ","CR","125,39"]
[10493,"VIDRO LISO INCOLOR 5MM - SEM COLOCACAO","M2    ","CR","146,30"]
[10491,"VIDRO LISO INCOLOR 6 MM - SEM COLOCACAO","M2    ","CR","177,65"]
[34385,"VIDRO LISO INCOLOR 8MM  -  SEM COLOCACAO","M2    ","CR","259,16"]
[10499,"VIDRO MARTELADO OU CANELADO, 4 MM - SEM COLOCACAO","M2    ","CR","104,49"]
[34384,"VIDRO PLANO ARAMADO E = 6 MM - SEM COLOCACAO","M2    ","CR","313,49"]
[11185,"VIDRO PLANO ARMADO E = 7MM - SEM COLOCACAO","M2    ","CR","323,94"]
[10507,"VIDRO TEMPERADO INCOLOR E = 10 MM, SEM COLOCACAO","M2    ","CR","302,41"]
[10505,"VIDRO TEMPERADO INCOLOR E = 6 MM, SEM COLOCACAO","M2    ","CR","178,44"]
[10506,"VIDRO TEMPERADO INCOLOR E = 8 MM, SEM COLOCACAO","M2    ","CR","232,94"]
[5031,"VIDRO TEMPERADO INCOLOR PARA PORTA DE ABRIR, E = 10 MM (SEM FERRAGENS E SEM COLOCACAO)","M2    ","C ","327,09"]
[10502,"VIDRO TEMPERADO VERDE E = 10 MM, SEM COLOCACAO","M2    ","CR","381,13"]
[10501,"VIDRO TEMPERADO VERDE E = 6 MM, SEM COLOCACAO","M2    ","CR","215,33"]
[10503,"VIDRO TEMPERADO VERDE E = 8 MM, SEM COLOCACAO","M2    ","CR","290,91"]
[40270,"VIGA DE ESCORAMAENTO H20, DE MADEIRA, PESO DE 5,00 A 5,20 KG/M, COM EXTREMIDADES PLASTICAS","M     ","AS","65,32"]
[20213,"VIGA DE MADEIRA APARELHADA *6 X 12* CM, MACARANDUBA, ANGELIM OU EQUIVALENTE DA REGIAO","M     ","CR","12,25"]
[20211,"VIGA DE MADEIRA APARELHADA *6 X 16* CM, MACARANDUBA, ANGELIM OU EQUIVALENTE DA REGIAO","M     ","CR","18,09"]
[4472,"VIGA DE MADEIRA NAO APARELHADA *6 X 16* CM, MACARANDUBA, ANGELIM OU EQUIVALENTE DA REGIAO","M     ","CR","15,82"]
[35272,"VIGA DE MADEIRA NAO APARELHADA *6 X 20* CM, MACARANDUBA, ANGELIM OU EQUIVALENTE DA REGIAO","M     ","CR","20,77"]
[4448,"VIGA DE MADEIRA NAO APARELHADA *7,5 X 15 CM (3 X 6 \") PINUS, MISTA OU EQUIVALENTE DA REGIAO","M     ","CR","48,32"]
[4425,"VIGA DE MADEIRA NAO APARELHADA 6 X 12 CM, MACARANDUBA, ANGELIM OU EQUIVALENTE DA REGIAO","M     ","CR","11,62"]
[4481,"VIGA DE MADEIRA NAO APARELHADA 8 X 16 CM, MACARANDUBA, ANGELIM OU EQUIVALENTE DA REGIAO","M     ","CR","21,41"]
[34345,"VIGIA DIURNO","H     ","CR","10,65"]
[41096,"VIGIA DIURNO (MENSALISTA)","MES   ","CR","1.867,77"]
[41776,"VIGIA NOTURNO, HORA EFETIVAMENTE TRABALHADA DE 22 H AS 5 H (COM ADICIONAL NOTURNO)","H     ","CR","14,58"]
[11157,"WASH PRIMER PARA TINTA AUTOMOTIVA","GL    ","CR","155,37"]
[""]
["TOTAL DE INSUMOS : 5279"]

{"sheet":"COMPOSIÇÃO ANALI sinapi","index":12,"n_rows":39905,"n_cols":31,"rows_kept":2250,"cut":true,"hidden":false,"merged":[[0,0,0,31],[1,0,1,31],[2,0,2,31],[3,0,3,31]],"bounds":{"rows_first":1000,"rows_last":250,"rows_between":1000,"halvings":1}}
["PCI.818.01 - CUSTOS DE COMPOSIÇÕES ANALÍTICO                                                                      DATA DE EMISSÃO:17/10/2020 00:55:36         DATA DE RT: 16/10/2020"]
["ENCARGOS SOCIAIS SOBRE PREÇOS DA MÃO-DE-OBRA: 115,17%(HORA)   71,44%(MÊS)"]
["ABRANGENCIA: NACIONAL                                                                           DATA REFERENCIA TECNICA: 16/10/2020 LOCALIDADE : NATAL                                                                              DATA DE PREÇO          :    09/2020"]
["REFERÊNCIA DE COLETA: MEDIANO"]
[]
["DESCRICAO DA CLASSE","SIGLA DA CLASSE","DESCRICAO DO TIPO 1","SIGLA DO TIPO 1","CODIGO DO AGRUPADOR","DESCRICAO DO AGRUPADOR","CODIGO DA COMPOSICAO","DESCRICAO DA COMPOSICAO","UNIDADE","ORIGEM DE PREÇO","CUSTO TOTAL","TIPO ITEM","CODIGO ITEM","DESCRIÇÃO ITEM","UNIDADE ITEM","ORIGEM DE PREÇO ITEM","COEFICIENTE","PRECO UNITARIO","CUSTO TOTAL","CUSTO MAO DE OBRA","% MAO DE OBRA","CUSTO MATERIAL","% MATERIAL","CUSTO EQUIPAMENTO","% EQUIPAMENTO","CUSTO SERVICOS TERCEIROS","% SERVICOS TERCEIROS","CUSTO OUTROS","% OUTROS","% ATRIBUÍDO SÃO PAULO","VINCULO"]
[]
["ASSENTAMENTO DE TUBOS E PECAS","ASTU","FORNEC E/OU ASSENT DE TUBO DE FERRO FUNDIDO JUNTA",45,"","",97141,"ASSENTAMENTO DE TUBO DE FERRO FUNDIDO PARA REDE DE ÁGUA, DN 80 MM, JUNTA ELÁSTICA, INSTALADO EM LOCAL COM NÍVEL ALTO DE INTERFERÊNCIAS (NÃO INCLUI FORNECIMENTO). AF_11/2017","M","ATRIBUÍDO SÃO PAULO",6.29,"","","","","","","","",3.97,62.866449699999997,1.21,19.381107400000001,"1,11","17,7524429","0,00","0,0000000","0,00","0,0000000",0,"CAIXA REFERENCIAL"]
["ASSENTAMENTO DE TUBOS E PECAS","ASTU","FORNEC E/OU ASSENT DE TUBO DE FERRO FUNDIDO JUNTA",45,"","",97141,"ASSENTAMENTO DE TUBO DE FERRO FUNDIDO PARA REDE DE ÁGUA, DN 80 MM, JUNTA ELÁSTICA, INSTALADO EM LOCAL COM NÍVEL ALTO DE INTERFERÊNCIAS (NÃO INCLUI FORNECIMENTO). AF_11/2017","M","ATRIBUÍDO SÃO PAULO",6.29,"COMPOSICAO",5678,"RETROESCAVADEIRA SOBRE RODAS COM CARREGADEIRA, TRAÇÃO 4X4, POTÊNCIA LÍQ. 88 HP, CAÇAMBA CARREG. CAP. MÍN. 1 M3, CAÇAMBA RETRO CAP. 0,26 M3, PESO OPERACIONAL MÍN. 6.674 KG, PROFUNDIDADE ESCAVAÇÃO MÁX. 4,37 M - CHP DIURNO. AF_06/2014","CHP","ATRIBUÍDO SÃO PAULO",9.9000000000000008E-3,92.02,0.91,"","","","","","","","","","",null,"CAIXA REFERENCIAL"]
["ASSENTAMENTO DE TUBOS E PECAS","ASTU","FORNEC E/OU ASSENT DE TUBO DE FERRO FUNDIDO JUNTA",45,"","",97141,"ASSENTAMENTO DE TUBO DE FERRO FUNDIDO PARA REDE DE ÁGUA, DN 80 MM, JUNTA ELÁSTICA, INSTALADO EM LOCAL COM NÍVEL ALTO DE INTERFERÊNCIAS (NÃO INCLUI FORNECIMENTO). AF_11/2017","M","ATRIBUÍDO SÃO PAULO",6.29,"COMPOSICAO",5679,"RETROESCAVADEIRA SOBRE RODAS COM CARREGADEIRA, TRAÇÃO 4X4, POTÊNCIA LÍQ. 88 HP, CAÇAMBA CARREG. CAP. MÍN. 1 M3, CAÇAMBA RETRO CAP. 0,26 M3, PESO OPERACIONAL MÍN. 6.674 KG, PROFUNDIDADE ESCAVAÇÃO MÁX. 4,37 M - CHI DIURNO. AF_06/2014","CHI","ATRIBUÍDO SÃO PAULO",4.7699999999999999E-2,43.92,2.09,"","","","","","","","","","",null,"CAIXA REFERENCIAL"]
["ASSENTAMENTO DE TUBOS E PECAS","ASTU","FORNEC E/OU ASSENT DE TUBO DE FERRO FUNDIDO JUNTA",45,"","",97141,"ASSENTAMENTO DE TUBO DE FERRO FUNDIDO PARA REDE DE ÁGUA, DN 80 MM, JUNTA ELÁSTICA, INSTALADO EM LOCAL COM NÍVEL ALTO DE INTERFERÊNCIAS (NÃO INCLUI FORNECIMENTO). AF_11/2017","M","ATRIBUÍDO SÃO PAULO",6.29,"INSUMO",20078,"PASTA LUBRIFICANTE PARA TUBOS E CONEXOES COM JUNTA ELASTICA (USO EM PVC, ACO, POLIETILENO E OUTROS) ( DE *400* G)","UN","COEFICIENTE DE REPRESENTATIVIDADE",4.5999999999999999E-3,16.53,7.0000000000000007E-2,"","","","","","","","","","",null,"CAIXA REFERENCIAL"]
["ASSENTAMENTO DE TUBOS E PECAS","ASTU","FORNEC E/OU ASSENT DE TUBO DE FERRO FUNDIDO JUNTA",45,"","",97141,"ASSENTAMENTO DE TUBO DE FERRO FUNDIDO PARA REDE DE ÁGUA, DN 80 MM, JUNTA ELÁSTICA, INSTALADO EM LOCAL COM NÍVEL ALTO DE INTERFERÊNCIAS (NÃO INCLUI FORNECIMENTO). AF_11/2017","M","ATRIBUÍDO SÃO PAULO",6.29,"COMPOSICAO",88246,"ASSENTADOR DE TUBOS COM ENCARGOS COMPLEMENTARES","H","COEFICIENTE DE REPRESENTATIVIDADE",9.0499999999999997E-2,21.04,1.9,"","","","","","","","","","",null,"CAIXA REFERENCIAL"]
["ASSENTAMENTO DE TUBOS E PECAS","ASTU","FORNEC E/OU ASSENT DE TUBO DE FERRO FUNDIDO JUNTA",45,"","",97141,"ASSENTAMENTO DE TUBO DE FERRO FUNDIDO PARA REDE DE ÁGUA, DN 80 MM, JUNTA ELÁSTICA, INSTALADO EM LOCAL COM NÍVEL ALTO DE INTERFERÊNCIAS (NÃO INCLUI FORNECIMENTO). AF_11/2017","M","ATRIBUÍDO SÃO PAULO",6.29,"COMPOSICAO",88316,"SERVENTE COM ENCARGOS COMPLEMENTARES","H","COLETADO",9.0499999999999997E-2,14.67,1.32,"","","","","","","","","","",null,"CAIXA REFERENCIAL"]
["ASSENTAMENTO DE TUBOS E PECAS","ASTU","FORNEC E/OU ASSENT DE TUBO DE FERRO FUNDIDO JUNTA",45,"","",97142,"ASSENTAMENTO DE TUBO DE FERRO FUNDIDO PARA REDE DE ÁGUA, DN 100 MM, JUNTA ELÁSTICA, INSTALADO EM LOCAL COM NÍVEL ALTO DE INTERFERÊNCIAS (NÃO INCLUI FORNECIMENTO). AF_11/2017","M","ATRIBUÍDO SÃO PAULO",7,"","","","","","","","",4.46,63.543191899999997,1.34,19.180087799999999,"1,20","17,2767203","0,00","0,0000000","0,00","0,0000000",0,"CAIXA REFERENCIAL"]
["ASSENTAMENTO DE TUBOS E PECAS","ASTU","FORNEC E/OU ASSENT DE TUBO DE FERRO FUNDIDO JUNTA",45,"","",97142,"ASSENTAMENTO DE TUBO DE FERRO FUNDIDO PARA REDE DE ÁGUA, DN 100 MM, JUNTA ELÁSTICA, INSTALADO EM LOCAL COM NÍVEL ALTO DE INTERFERÊNCIAS (NÃO INCLUI FORNECIMENTO). AF_11/2017","M","ATRIBUÍDO SÃO PAULO",7,"COMPOSICAO",5678,"RETROESCAVADEIRA SOBRE RODAS COM CARREGADEIRA, TRAÇÃO 4X4, POTÊNCIA LÍQ. 88 HP, CAÇAMBA CARREG. CAP. MÍN. 1 M3, CAÇAMBA RETRO CAP. 0,26 M3, PESO OPERACIONAL MÍN. 6.674 KG, PROFUNDIDADE ESCAVAÇÃO MÁX. 4,37 M - CHP DIURNO. AF_06/2014","CHP","ATRIBUÍDO SÃO PAULO",1.06E-2,92.02,0.97,"","","","","","","","","","",null,"CAIXA REFERENCIAL"]
["ASSENTAMENTO DE TUBOS E PECAS","ASTU","FORNEC E/OU ASSENT DE TUBO DE FERRO FUNDIDO JUNTA",45,"","",97142,"ASSENTAMENTO DE TUBO DE FERRO FUNDIDO PARA REDE DE ÁGUA, DN 100 MM, JUNTA ELÁSTICA, INSTALADO EM LOCAL COM NÍVEL ALTO DE INTERFERÊNCIAS (NÃO INCLUI FORNECIMENTO). AF_11/2017","M","ATRIBUÍDO SÃO PAULO",7,"COMPOSICAO",5679,"RETROESCAVADEIRA SOBRE RODAS COM CARREGADEIRA, TRAÇÃO 4X4, POTÊNCIA LÍQ. 88 HP, CAÇAMBA CARREG. CAP. MÍN. 1 M3, CAÇAMBA RETRO CAP. 0,26 M3, PESO OPERACIONAL MÍN. 6.674 KG, PROFUNDIDADE ESCAVAÇÃO MÁX. 4,37 M - CHI DIURNO. AF_06/2014","CHI","ATRIBUÍDO SÃO PAULO",5.0999999999999997E-2,43.92,2.23,"","","","","","","","","","",null,"CAIXA REFERENCIAL"]
["ASSENTAMENTO DE TUBOS E PECAS","ASTU","FORNEC E/OU ASSENT DE TUBO DE FERRO FUNDIDO JUNTA",45,"","",97142,"ASSENTAMENTO DE TUBO DE FERRO FUNDIDO PARA REDE DE ÁGUA, DN 100 MM, JUNTA ELÁSTICA, INSTALADO EM LOCAL COM NÍVEL ALTO DE INTERFERÊNCIAS (NÃO INCLUI FORNECIMENTO). AF_11/2017","M","ATRIBUÍDO SÃO PAULO",7,"INSUMO",20078,"PASTA LUBRIFICANTE PARA TUBOS E CONEXOES COM JUNTA ELASTICA (USO EM PVC, ACO, POLIETILENO E OUTROS) ( DE *400* G)","UN","COEFICIENTE DE REPRESENTATIVIDADE",5.4000000000000003E-3,16.53,0.08,"","","","","","","","","","",null,"CAIXA REFERENCIAL"]
["ASSENTAMENTO DE TUBOS E PECAS","ASTU","FORNEC E/OU ASSENT DE TUBO DE FERRO FUNDIDO JUNTA",45,"","",97142,"ASSENTAMENTO DE TUBO DE FERRO FUNDIDO PARA REDE DE ÁGUA, DN 100 MM, JUNTA ELÁSTICA, INSTALADO EM LOCAL COM NÍVEL ALTO DE INTERFERÊNCIAS (NÃO INCLUI FORNECIMENTO). AF_11/2017","M","ATRIBUÍDO SÃO PAULO",7,"COMPOSICAO",88246,"ASSENTADOR DE TUBOS COM ENCARGOS COMPLEMENTARES","H","COEFICIENTE DE REPRESENTATIVIDADE",0.1045,21.04,2.19,"","","","","","","","","","",null,"CAIXA REFERENCIAL"]
["ASSENTAMENTO DE TUBOS E PECAS","ASTU","FORNEC E/OU ASSENT DE TUBO DE FERRO FUNDIDO JUNTA",45,"","",97142,"ASSENTAMENTO DE TUBO DE FERRO FUNDIDO PARA REDE DE ÁGUA, DN 100 MM, JUNTA ELÁSTICA, INSTALADO EM LOCAL COM NÍVEL ALTO DE INTERFERÊNCIAS (NÃO INCLUI FORNECIMENTO). AF_11/2017","M","ATRIBUÍDO SÃO PAULO",7,"COMPOSICAO",88316,"SERVENTE COM ENCARGOS COMPLEMENTARES","H","COLETADO",0.1045,14.67,1.53,"","","","","","","","","","",null,"CAIXA REFERENCIAL"]
["ASSENTAMENTO DE TUBOS E PECAS","ASTU","FORNEC E/OU ASSENT DE TUBO DE FERRO FUNDIDO JUNTA",45,"","",97143,"ASSENTAMENTO DE TUBO DE FERRO FUNDIDO PARA REDE DE ÁGUA, DN 150 MM, JUNTA ELÁSTICA, INSTALADO EM LOCAL COM NÍVEL ALTO DE INTERFERÊNCIAS (NÃO INCLUI FORNECIMENTO). AF_11/2017","M","ATRIBUÍDO SÃO PAULO",8.82,"","","","","","","","",5.68,64.244521500000005,1.75,19.953863800000001,"1,39","15,8016147","0,00","0,0000000","0,00","0,0000000",0,"CAIXA REFERENCIAL"]
["ASSENTAMENTO DE TUBOS E PECAS","ASTU","FORNEC E/OU ASSENT DE TUBO DE FERRO FUNDIDO JUNTA",45,"","",97143,"ASSENTAMENTO DE TUBO DE FERRO FUNDIDO PARA REDE DE ÁGUA, DN 150 MM, JUNTA ELÁSTICA, INSTALADO EM LOCAL COM NÍVEL ALTO DE INTERFERÊNCIAS (NÃO INCLUI FORNECIMENTO). AF_11/2017","M","ATRIBUÍDO SÃO PAULO",8.82,"COMPOSICAO",5678,"RETROESCAVADEIRA SOBRE RODAS COM CARREGADEIRA, TRAÇÃO 4X4, POTÊNCIA LÍQ. 88 HP, CAÇAMBA CARREG. CAP. MÍN. 1 M3, CAÇAMBA RETRO CAP. 0,26 M3, PESO OPERACIONAL MÍN. 6.674 KG, PROFUNDIDADE ESCAVAÇÃO MÁX. 4,37 M - CHP DIURNO. AF_06/2014","CHP","ATRIBUÍDO SÃO PAULO",1.24E-2,92.02,1.1399999999999999,"","","","","","","","","","",null,"CAIXA REFERENCIAL"]
["ASSENTAMENTO DE TUBOS E PECAS","ASTU","FORNEC E/OU ASSENT DE TUBO DE FERRO FUNDIDO JUNTA",45,"","",97143,"ASSENTAMENTO DE TUBO DE FERRO FUNDIDO PARA REDE DE ÁGUA, DN 150 MM, JUNTA ELÁSTICA, INSTALADO EM LOCAL COM NÍVEL ALTO DE INTERFERÊNCIAS (NÃO INCLUI FORNECIMENTO). AF_11/2017","M","ATRIBUÍDO SÃO PAULO",8.82,"COMPOSICAO",5679,"RETROESCAVADEIRA SOBRE RODAS COM CARREGADEIRA, TRAÇÃO 4X4, POTÊNCIA LÍQ. 88 HP, CAÇAMBA CARREG. CAP. MÍN. 1 M3, CAÇAMBA RETRO CAP. 0,26 M3, PESO OPERACIONAL MÍN. 6.674 KG, PROFUNDIDADE ESCAVAÇÃO MÁX. 4,37 M - CHI DIURNO. AF_06/2014","CHI","ATRIBUÍDO SÃO PAULO",5.9400000000000001E-2,43.92,2.6,"","","","","","","","","","",null,"CAIXA REFERENCIAL"]
["ASSENTAMENTO DE TUBOS E PECAS","ASTU","FORNEC E/OU ASSENT DE TUBO DE FERRO FUNDIDO JUNTA",45,"","",97143,"ASSENTAMENTO DE TUBO DE FERRO FUNDIDO PARA REDE DE ÁGUA, DN 150 MM, JUNTA ELÁSTICA, INSTALADO EM LOCAL COM NÍVEL ALTO DE INTERFERÊNCIAS (NÃO INCLUI FORNECIMENTO). AF_11/2017","M","ATRIBUÍDO SÃO PAULO",8.82,"INSUMO",20078,"PASTA LUBRIFICANTE PARA TUBOS E CONEXOES COM JUNTA ELASTICA (USO EM PVC, ACO, POLIETILENO E OUTROS) ( DE *400* G)","UN","COEFICIENTE DE REPRESENTATIVIDADE",7.1000000000000004E-3,16.53,0.11,"","","","","","","","","","",null,"CAIXA REFERENCIAL"]
["ASSENTAMENTO DE TUBOS E PECAS","ASTU","FORNEC E/OU ASSENT DE TUBO DE FERRO FUNDIDO JUNTA",45,"","",97143,"ASSENTAMENTO DE TUBO DE FERRO FUNDIDO PARA REDE DE ÁGUA, DN 150 MM, JUNTA ELÁSTICA, INSTALADO EM LOCAL COM NÍVEL ALTO DE INTERFERÊNCIAS (NÃO INCLUI FORNECIMENTO). AF_11/2017","M","ATRIBUÍDO SÃO PAULO",8.82,"COMPOSICAO",88246,"ASSENTADOR DE TUBOS COM ENCARGOS COMPLEMENTARES","H","COEFICIENTE DE REPRESENTATIVIDADE",0.1396,21.04,2.93,"","","","","","","","","","",null,"CAIXA REFERENCIAL"]
["ASSENTAMENTO DE TUBOS E PECAS","ASTU","FORNEC E/OU ASSENT DE TUBO DE FERRO FUNDIDO JUNTA",45,"","",97143,"ASSENTAMENTO DE TUBO DE FERRO FUNDIDO PARA REDE DE ÁGUA, DN 150 MM, JUNTA ELÁSTICA, INSTALADO EM LOCAL COM NÍVEL ALTO DE INTERFERÊNCIAS (NÃO INCLUI FORNECIMENTO). AF_11/2017","M","ATRIBUÍDO SÃO PAULO",8.82,"COMPOSICAO",88316,"SERVENTE COM ENCARGOS COMPLEMENTARES","H","COLETADO",0.1396,14.67,2.04,"","","","","","","","","","",null,"CAIXA REFERENCIAL"]
["ASSENTAMENTO DE TUBOS E PECAS","ASTU","FORNEC E/OU ASSENT DE TUBO DE FERRO FUNDIDO JUNTA",45,"","",97144,"ASSENTAMENTO DE TUBO DE FERRO FUNDIDO PARA REDE DE ÁGUA, DN 200 MM, JUNTA ELÁSTICA, INSTALADO EM LOCAL COM NÍVEL ALTO DE INTERFERÊNCIAS (NÃO INCLUI FORNECIMENTO). AF_11/2017","M","ATRIBUÍDO SÃO PAULO",10.63,"","","","","","","","",6.89,64.728312799999998,2.15,20.305052400000001,"1,59","14,9666348","0,00","0,0000000","0,00","0,0000000",0,"CAIXA REFERENCIAL"]
["ASSENTAMENTO DE TUBOS E PECAS","ASTU","FORNEC E/OU ASSENT DE TUBO DE FERRO FUNDIDO JUNTA",45,"","",97144,"ASSENTAMENTO DE TUBO DE FERRO FUNDIDO PARA REDE DE ÁGUA, DN 200 MM, JUNTA ELÁSTICA, INSTALADO EM LOCAL COM NÍVEL ALTO DE INTERFERÊNCIAS (NÃO INCLUI FORNECIMENTO). AF_11/2017","M","ATRIBUÍDO SÃO PAULO",10.63,"COMPOSICAO",5678,"RETROESCAVADEIRA SOBRE RODAS COM CARREGADEIRA, TRAÇÃO 4X4, POTÊNCIA LÍQ. 88 HP, CAÇAMBA CARREG. CAP. MÍN. 1 M3, CAÇAMBA RETRO CAP. 0,26 M3, PESO OPERACIONAL MÍN. 6.674 KG, PROFUNDIDADE ESCAVAÇÃO MÁX. 4,37 M - CHP DIURNO. AF_06/2014","CHP","ATRIBUÍDO SÃO PAULO",1.41E-2,92.02,1.29,"","","","","","","","","","",null,"CAIXA REFERENCIAL"]
["ASSENTAMENTO DE TUBOS E PECAS","ASTU","FORNEC E/OU ASSENT DE TUBO DE FERRO FUNDIDO JUNTA",45,"","",97144,"ASSENTAMENTO DE TUBO DE FERRO FUNDIDO PARA REDE DE ÁGUA, DN 200 MM, JUNTA ELÁSTICA, INSTALADO EM LOCAL COM NÍVEL ALTO DE INTERFERÊNCIAS (NÃO INCLUI FORNECIMENTO). AF_11/2017","M","ATRIBUÍDO SÃO PAULO",10.63,"COMPOSICAO",5679,"RETROESCAVADEIRA SOBRE RODAS COM CARREGADEIRA, TRAÇÃO 4X4, POTÊNCIA LÍQ. 88 HP, CAÇAMBA CARREG. CAP. MÍN. 1 M3, CAÇAMBA RETRO CAP. 0,26 M3, PESO OPERACIONAL MÍN. 6.674 KG, PROFUNDIDADE ESCAVAÇÃO MÁX. 4,37 M - CHI DIURNO. AF_06/2014","CHI","ATRIBUÍDO SÃO PAULO",6.7799999999999999E-2,43.92,2.97,"","","","","","","","","","",null,"CAIXA REFERENCIAL"]
["ASSENTAMENTO DE TUBOS E PECAS","ASTU","FORNEC E/OU ASSENT DE TUBO DE FERRO FUNDIDO JUNTA",45,"","",97144,"ASSENTAMENTO DE TUBO DE FERRO FUNDIDO PARA REDE DE ÁGUA, DN 200 MM, JUNTA ELÁSTICA, INSTALADO EM LOCAL COM NÍVEL ALTO DE INTERFERÊNCIAS (NÃO INCLUI FORNECIMENTO). AF_11/2017","M","ATRIBUÍDO SÃO PAULO",10.63,"INSUMO",20078,"PASTA LUBRIFICANTE PARA TUBOS E CONEXOES COM JUNTA ELASTICA (USO EM PVC, ACO, POLIETILENO E OUTROS) ( DE *400* G)","UN","COEFICIENTE DE REPRESENTATIVIDADE",8.6999999999999994E-3,16.53,0.14000000000000001,"","","","","","","","","","",null,"CAIXA REFERENCIAL"]
["ASSENTAMENTO DE TUBOS E PECAS","ASTU","FORNEC E/OU ASSENT DE TUBO DE FERRO FUNDIDO JUNTA",45,"","",97144,"ASSENTAMENTO DE TUBO DE FERRO FUNDIDO PARA REDE DE ÁGUA, DN 200 MM, JUNTA ELÁSTICA, INSTALADO EM LOCAL COM NÍVEL ALTO DE INTERFERÊNCIAS (NÃO INCLUI FORNECIMENTO). AF_11/2017","M","ATRIBUÍDO SÃO PAULO",10.63,"COMPOSICAO",88246,"ASSENTADOR DE TUBOS COM ENCARGOS COMPLEMENTARES","H","COEFICIENTE DE REPRESENTATIVIDADE",0.17469999999999999,21.04,3.67,"","","","","","","","","","",null,"CAIXA REFERENCIAL"]
["ASSENTAMENTO DE TUBOS E PECAS","ASTU","FORNEC E/OU ASSENT DE TUBO DE FERRO FUNDIDO JUNTA",45,"","",97144,"ASSENTAMENTO DE TUBO DE FERRO FUNDIDO PARA REDE DE ÁGUA, DN 200 MM, JUNTA ELÁSTICA, INSTALADO EM LOCAL COM NÍVEL ALTO DE INTERFERÊNCIAS (NÃO INCLUI FORNECIMENTO). AF_11/2017","M","ATRIBUÍDO SÃO PAULO",10.63,"COMPOSICAO",88316,"SERVENTE COM ENCARGOS COMPLEMENTARES","H","COLETADO",0.17469999999999999,14.67,2.56,"","","","","","","","","","",null,"CAIXA REFERENCIAL"]
["ASSENTAMENTO DE TUBOS E PECAS","ASTU","FORNEC E/OU ASSENT DE TUBO DE FERRO FUNDIDO JUNTA",45,"","",97145,"ASSENTAMENTO DE TUBO DE FERRO FUNDIDO PARA REDE DE ÁGUA, DN 250 MM, JUNTA ELÁSTICA, INSTALADO EM LOCAL COM NÍVEL ALTO DE INTERFERÊNCIAS (NÃO INCLUI FORNECIMENTO). AF_11/2017","M","ATRIBUÍDO SÃO PAULO",12.46,"","","","","","","","",8.1,64.987814900000004,2.58,20.714865899999999,"1,78","14,2973192","0,00","0,0000000","0,00","0,0000000",0,"CAIXA REFERENCIAL"]
["ASSENTAMENTO DE TUBOS E PECAS","ASTU","FORNEC E/OU ASSENT DE TUBO DE FERRO FUNDIDO JUNTA",45,"","",97145,"ASSENTAMENTO DE TUBO DE FERRO FUNDIDO PARA REDE DE ÁGUA, DN 250 MM, JUNTA ELÁSTICA, INSTALADO EM LOCAL COM NÍVEL ALTO DE INTERFERÊNCIAS (NÃO INCLUI FORNECIMENTO). AF_11/2017","M","ATRIBUÍDO SÃO PAULO",12.46,"COMPOSICAO",5678,"RETROESCAVADEIRA SOBRE RODAS COM CARREGADEIRA, TRAÇÃO 4X4, POTÊNCIA LÍQ. 88 HP, CAÇAMBA CARREG. CAP. MÍN. 1 M3, CAÇAMBA RETRO CAP. 0,26 M3, PESO OPERACIONAL MÍN. 6.674 KG, PROFUNDIDADE ESCAVAÇÃO MÁX. 4,37 M - CHP DIURNO. AF_06/2014","CHP","ATRIBUÍDO SÃO PAULO",1.5900000000000001E-2,92.02,1.46,"","","","","","","","","","",null,"CAIXA REFERENCIAL"]
["ASSENTAMENTO DE TUBOS E PECAS","ASTU","FORNEC E/OU ASSENT DE TUBO DE FERRO FUNDIDO JUNTA",45,"","",97145,"ASSENTAMENTO DE TUBO DE FERRO FUNDIDO PARA REDE DE ÁGUA, DN 250 MM, JUNTA ELÁSTICA, INSTALADO EM LOCAL COM NÍVEL ALTO DE INTERFERÊNCIAS (NÃO INCLUI FORNECIMENTO). AF_11/2017","M","ATRIBUÍDO SÃO PAULO",12.46,"COMPOSICAO",5679,"RETROESCAVADEIRA SOBRE RODAS COM CARREGADEIRA, TRAÇÃO 4X4, POTÊNCIA LÍQ. 88 HP, CAÇAMBA CARREG. CAP. MÍN. 1 M3, CAÇAMBA RETRO CAP. 0,26 M3, PESO OPERACIONAL MÍN. 6.674 KG, PROFUNDIDADE ESCAVAÇÃO MÁX. 4,37 M - CHI DIURNO. AF_06/2014","CHI","ATRIBUÍDO SÃO PAULO",7.6200000000000004E-2,43.92,3.34,"","","","","","","","","","",null,"CAIXA REFERENCIAL"]
["ASSENTAMENTO DE TUBOS E PECAS","ASTU","FORNEC E/OU ASSENT DE TUBO DE FERRO FUNDIDO JUNTA",45,"","",97145,"ASSENTAMENTO DE TUBO DE FERRO FUNDIDO PARA REDE DE ÁGUA, DN 250 MM, JUNTA ELÁSTICA, INSTALADO EM LOCAL COM NÍVEL ALTO DE INTERFERÊNCIAS (NÃO INCLUI FORNECIMENTO). AF_11/2017","M","ATRIBUÍDO SÃO PAULO",12.46,"INSUMO",20078,"PASTA LUBRIFICANTE PARA TUBOS E CONEXOES COM JUNTA ELASTICA (USO EM PVC, ACO, POLIETILENO E OUTROS) ( DE *400* G)","UN","COEFICIENTE DE REPRESENTATIVIDADE",1.1299999999999999E-2,16.53,0.18,"","","","","","","","","","",null,"CAIXA REFERENCIAL"]
["ASSENTAMENTO DE TUBOS E PECAS","ASTU","FORNEC E/OU ASSENT DE TUBO DE FERRO FUNDIDO JUNTA",45,"","",97145,"ASSENTAMENTO DE TUBO DE FERRO FUNDIDO PARA REDE DE ÁGUA, DN 250 MM, JUNTA ELÁSTICA, INSTALADO EM LOCAL COM NÍVEL ALTO DE INTERFERÊNCIAS (NÃO INCLUI FORNECIMENTO). AF_11/2017","M","ATRIBUÍDO SÃO PAULO",12.46,"COMPOSICAO",88246,"ASSENTADOR DE TUBOS COM ENCARGOS COMPLEMENTARES","H","COEFICIENTE DE REPRESENTATIVIDADE",0.2097,21.04,4.41,"","","","","","","","","","",null,"CAIXA REFERENCIAL"]
["ASSENTAMENTO DE TUBOS E PECAS","ASTU","FORNEC E/OU ASSENT DE TUBO DE FERRO FUNDIDO JUNTA",45,"","",97145,"ASSENTAMENTO DE TUBO DE FERRO FUNDIDO PARA REDE DE ÁGUA, DN 250 MM, JUNTA ELÁSTICA, INSTALADO EM LOCAL COM NÍVEL ALTO DE INTERFERÊNCIAS (NÃO INCLUI FORNECIMENTO). AF_11/2017","M","ATRIBUÍDO SÃO PAULO",12.46,"COMPOSICAO",88316,"SERVENTE COM ENCARGOS COMPLEMENTARES","H","COLETADO",0.2097,14.67,3.07,"","","","","","","","","","",null,"CAIXA REFERENCIAL"]
["ASSENTAMENTO DE TUBOS E PECAS","ASTU","FORNEC E/OU ASSENT DE TUBO DE FERRO FUNDIDO JUNTA",45,"","",97146,"ASSENTAMENTO DE TUBO DE FERRO FUNDIDO PARA REDE DE ÁGUA, DN 300 MM, JUNTA ELÁSTICA, INSTALADO EM LOCAL COM NÍVEL ALTO DE INTERFERÊNCIAS (NÃO INCLUI FORNECIMENTO). AF_11/2017","M","ATRIBUÍDO SÃO PAULO",14.28,"","","","","","","","",9.33,65.322010000000006,2.97,20.806794,"1,98","13,8711960","0,00","0,0000000","0,00","0,0000000",0,"CAIXA REFERENCIAL"]
["ASSENTAMENTO DE TUBOS E PECAS","ASTU","FORNEC E/OU ASSENT DE TUBO DE FERRO FUNDIDO JUNTA",45,"","",97146,"ASSENTAMENTO DE TUBO DE FERRO FUNDIDO PARA REDE DE ÁGUA, DN 300 MM, JUNTA ELÁSTICA, INSTALADO EM LOCAL COM NÍVEL ALTO DE INTERFERÊNCIAS (NÃO INCLUI FORNECIMENTO). AF_11/2017","M","ATRIBUÍDO SÃO PAULO",14.28,"COMPOSICAO",5678,"RETROESCAVADEIRA SOBRE RODAS COM CARREGADEIRA, TRAÇÃO 4X4, POTÊNCIA LÍQ. 88 HP, CAÇAMBA CARREG. CAP. MÍN. 1 M3, CAÇAMBA RETRO CAP. 0,26 M3, PESO OPERACIONAL MÍN. 6.674 KG, PROFUNDIDADE ESCAVAÇÃO MÁX. 4,37 M - CHP DIURNO. AF_06/2014","CHP","ATRIBUÍDO SÃO PAULO",1.7600000000000001E-2,92.02,1.61,"","","","","","","","","","",null,"CAIXA REFERENCIAL"]
["ASSENTAMENTO DE TUBOS E PECAS","ASTU","FORNEC E/OU ASSENT DE TUBO DE FERRO FUNDIDO JUNTA",45,"","",97146,"ASSENTAMENTO DE TUBO DE FERRO FUNDIDO PARA REDE DE ÁGUA, DN 300 MM, JUNTA ELÁSTICA, INSTALADO EM LOCAL COM NÍVEL ALTO DE INTERFERÊNCIAS (NÃO INCLUI FORNECIMENTO). AF_11/2017","M","ATRIBUÍDO SÃO PAULO",14.28,"COMPOSICAO",5679,"RETROESCAVADEIRA SOBRE RODAS COM CARREGADEIRA, TRAÇÃO 4X4, POTÊNCIA LÍQ. 88 HP, CAÇAMBA CARREG. CAP. MÍN. 1 M3, CAÇAMBA RETRO CAP. 0,26 M3, PESO OPERACIONAL MÍN. 6.674 KG, PROFUNDIDADE ESCAVAÇÃO MÁX. 4,37 M - CHI DIURNO. AF_06/2014","CHI","ATRIBUÍDO SÃO PAULO",8.4599999999999995E-2,43.92,3.71,"","","","","","","","","","",null,"CAIXA REFERENCIAL"]
["ASSENTAMENTO DE TUBOS E PECAS","ASTU","FORNEC E/OU ASSENT DE TUBO DE FERRO FUNDIDO JUNTA",45,"","",97146,"ASSENTAMENTO DE TUBO DE FERRO FUNDIDO PARA REDE DE ÁGUA, DN 300 MM, JUNTA ELÁSTICA, INSTALADO EM LOCAL COM NÍVEL ALTO DE INTERFERÊNCIAS (NÃO INCLUI FORNECIMENTO). AF_11/2017","M","ATRIBUÍDO SÃO PAULO",14.28,"INSUMO",20078,"PASTA LUBRIFICANTE PARA TUBOS E CONEXOES COM JUNTA ELASTICA (USO EM PVC, ACO, POLIETILENO E OUTROS) ( DE *400* G)","UN","COEFICIENTE DE REPRESENTATIVIDADE",1.38E-2,16.53,0.22,"","","","","","","","","","",null,"CAIXA REFERENCIAL"]
["ASSENTAMENTO DE TUBOS E PECAS","ASTU","FORNEC E/OU ASSENT DE TUBO DE FERRO FUNDIDO JUNTA",45,"","",97146,"ASSENTAMENTO DE TUBO DE FERRO FUNDIDO PARA REDE DE ÁGUA, DN 300 MM, JUNTA ELÁSTICA, INSTALADO EM LOCAL COM NÍVEL ALTO DE INTERFERÊNCIAS (NÃO INCLUI FORNECIMENTO). AF_11/2017","M","ATRIBUÍDO SÃO PAULO",14.28,"COMPOSICAO",88246,"ASSENTADOR DE TUBOS COM ENCARGOS COMPLEMENTARES","H","COEFICIENTE DE REPRESENTATIVIDADE",0.24479999999999999,21.04,5.15,"","","","","","","","","","",null,"CAIXA REFERENCIAL"]
["ASSENTAMENTO DE TUBOS E PECAS","ASTU","FORNEC E/OU ASSENT DE TUBO DE FERRO FUNDIDO JUNTA",45,"","",97146,"ASSENTAMENTO DE TUBO DE FERRO FUNDIDO PARA REDE DE ÁGUA, DN 300 MM, JUNTA ELÁSTICA, INSTALADO EM LOCAL COM NÍVEL ALTO DE INTERFERÊNCIAS (NÃO INCLUI FORNECIMENTO). AF_11/2017","M","ATRIBUÍDO SÃO PAULO",14.28,"COMPOSICAO",88316,"SERVENTE COM ENCARGOS COMPLEMENTARES","H","COLETADO",0.24479999999999999,14.67,3.59,"","","","","","","","","","",null,"CAIXA REFERENCIAL"]
["ASSENTAMENTO DE TUBOS E PECAS","ASTU","FORNEC E/OU ASSENT DE TUBO DE FERRO FUNDIDO JUNTA",45,"","",97147,"ASSENTAMENTO DE TUBO DE FERRO FUNDIDO PARA REDE DE ÁGUA, DN 350 MM, JUNTA ELÁSTICA, INSTALADO EM LOCAL COM NÍVEL ALTO DE INTERFERÊNCIAS (NÃO INCLUI FORNECIMENTO). AF_11/2017","M","ATRIBUÍDO SÃO PAULO",16.100000000000001,"","","","","","","","",10.56,65.536723300000006,3.37,20.966729399999998,"2,17","13,4965473","0,00","0,0000000","0,00","0,0000000",0,"CAIXA REFERENCIAL"]
["ASSENTAMENTO DE TUBOS E PECAS","ASTU","FORNEC E/OU ASSENT DE TUBO DE FERRO FUNDIDO JUNTA",45,"","",97147,"ASSENTAMENTO DE TUBO DE FERRO FUNDIDO PARA REDE DE ÁGUA, DN 350 MM, JUNTA ELÁSTICA, INSTALADO EM LOCAL COM NÍVEL ALTO DE INTERFERÊNCIAS (NÃO INCLUI FORNECIMENTO). AF_11/2017","M","ATRIBUÍDO SÃO PAULO",16.100000000000001,"COMPOSICAO",5678,"RETROESCAVADEIRA SOBRE RODAS COM CARREGADEIRA, TRAÇÃO 4X4, POTÊNCIA LÍQ. 88 HP, CAÇAMBA CARREG. CAP. MÍN. 1 M3, CAÇAMBA RETRO CAP. 0,26 M3, PESO OPERACIONAL MÍN. 6.674 KG, PROFUNDIDADE ESCAVAÇÃO MÁX. 4,37 M - CHP DIURNO. AF_06/2014","CHP","ATRIBUÍDO SÃO PAULO",1.9400000000000001E-2,92.02,1.78,"","","","","","","","","","",null,"CAIXA REFERENCIAL"]
["ASSENTAMENTO DE TUBOS E PECAS","ASTU","FORNEC E/OU ASSENT DE TUBO DE FERRO FUNDIDO JUNTA",45,"","",97147,"ASSENTAMENTO DE TUBO DE FERRO FUNDIDO PARA REDE DE ÁGUA, DN 350 MM, JUNTA ELÁSTICA, INSTALADO EM LOCAL COM NÍVEL ALTO DE INTERFERÊNCIAS (NÃO INCLUI FORNECIMENTO). AF_11/2017","M","ATRIBUÍDO SÃO PAULO",16.100000000000001,"COMPOSICAO",5679,"RETROESCAVADEIRA SOBRE RODAS COM CARREGADEIRA, TRAÇÃO 4X4, POTÊNCIA LÍQ. 88 HP, CAÇAMBA CARREG. CAP. MÍN. 1 M3, CAÇAMBA RETRO CAP. 0,26 M3, PESO OPERACIONAL MÍN. 6.674 KG, PROFUNDIDADE ESCAVAÇÃO MÁX. 4,37 M - CHI DIURNO. AF_06/2014","CHI","ATRIBUÍDO SÃO PAULO",9.2999999999999999E-2,43.92,4.08,"","","","","","","","","","",null,"CAIXA REFERENCIAL"]
["ASSENTAMENTO DE TUBOS E PECAS","ASTU","FORNEC E/OU ASSENT DE TUBO DE FERRO FUNDIDO JUNTA",45,"","",97147,"ASSENTAMENTO DE TUBO DE FERRO FUNDIDO PARA REDE DE ÁGUA, DN 350 MM, JUNTA ELÁSTICA, INSTALADO EM LOCAL COM NÍVEL ALTO DE INTERFERÊNCIAS (NÃO INCLUI FORNECIMENTO). AF_11/2017","M","ATRIBUÍDO SÃO PAULO",16.100000000000001,"INSUMO",20078,"PASTA LUBRIFICANTE PARA TUBOS E CONEXOES COM JUNTA ELASTICA (USO EM PVC, ACO, POLIETILENO E OUTROS) ( DE *400* G)","UN","COEFICIENTE DE REPRESENTATIVIDADE",1.6299999999999999E-2,16.53,0.26,"","","","","","","","","","",null,"CAIXA REFERENCIAL"]
["ASSENTAMENTO DE TUBOS E PECAS","ASTU","FORNEC E/OU ASSENT DE TUBO DE FERRO FUNDIDO JUNTA",45,"","",97147,"ASSENTAMENTO DE TUBO DE FERRO FUNDIDO PARA REDE DE ÁGUA, DN 350 MM, JUNTA ELÁSTICA, INSTALADO EM LOCAL COM NÍVEL ALTO DE INTERFERÊNCIAS (NÃO INCLUI FORNECIMENTO). AF_11/2017","M","ATRIBUÍDO SÃO PAULO",16.100000000000001,"COMPOSICAO",88246,"ASSENTADOR DE TUBOS COM ENCARGOS COMPLEMENTARES","H","COEFICIENTE DE REPRESENTATIVIDADE",0.27989999999999998,21.04,5.88,"","","","","","","","","","",null,"CAIXA REFERENCIAL"]
["ASSENTAMENTO DE TUBOS E PECAS","ASTU","FORNEC E/OU ASSENT DE TUBO DE FERRO FUNDIDO JUNTA",45,"","",97147,"ASSENTAMENTO DE TUBO DE FERRO FUNDIDO PARA REDE DE ÁGUA, DN 350 MM, JUNTA ELÁSTICA, INSTALADO EM LOCAL COM NÍVEL ALTO DE INTERFERÊNCIAS (NÃO INCLUI FORNECIMENTO). AF_11/2017","M","ATRIBUÍDO SÃO PAULO",16.100000000000001,"COMPOSICAO",88316,"SERVENTE COM ENCARGOS COMPLEMENTARES","H","COLETADO",0.27989999999999998,14.67,4.0999999999999996,"","","","","","","","","","",null,"CAIXA REFERENCIAL"]
["ASSENTAMENTO DE TUBOS E PECAS","ASTU","FORNEC E/OU ASSENT DE TUBO DE FERRO FUNDIDO JUNTA",45,"","",97148,"ASSENTAMENTO DE TUBO DE FERRO FUNDIDO PARA REDE DE ÁGUA, DN 400 MM, JUNTA ELÁSTICA, INSTALADO EM LOCAL COM NÍVEL ALTO DE INTERFERÊNCIAS (NÃO INCLUI FORNECIMENTO). AF_11/2017","M","ATRIBUÍDO SÃO PAULO",17.940000000000001,"","","","","","","","",11.79,65.6531533,3.78,21.114864799999999,"2,37","13,2319819","0,00","0,0000000","0,00","0,0000000",0,"CAIXA REFERENCIAL"]
["ASSENTAMENTO DE TUBOS E PECAS","ASTU","FORNEC E/OU ASSENT DE TUBO DE FERRO FUNDIDO JUNTA",45,"","",97148,"ASSENTAMENTO DE TUBO DE FERRO FUNDIDO PARA REDE DE ÁGUA, DN 400 MM, JUNTA ELÁSTICA, INSTALADO EM LOCAL COM NÍVEL ALTO DE INTERFERÊNCIAS (NÃO INCLUI FORNECIMENTO). AF_11/2017","M","ATRIBUÍDO SÃO PAULO",17.940000000000001,"COMPOSICAO",5678,"RETROESCAVADEIRA SOBRE RODAS COM CARREGADEIRA, TRAÇÃO 4X4, POTÊNCIA LÍQ. 88 HP, CAÇAMBA CARREG. CAP. MÍN. 1 M3, CAÇAMBA RETRO CAP. 0,26 M3, PESO OPERACIONAL MÍN. 6.674 KG, PROFUNDIDADE ESCAVAÇÃO MÁX. 4,37 M - CHP DIURNO. AF_06/2014","CHP","ATRIBUÍDO SÃO PAULO",2.1100000000000001E-2,92.02,1.94,"","","","","","","","","","",null,"CAIXA REFERENCIAL"]
["ASSENTAMENTO DE TUBOS E PECAS","ASTU","FORNEC E/OU ASSENT DE TUBO DE FERRO FUNDIDO JUNTA",45,"","",97148,"ASSENTAMENTO DE TUBO DE FERRO FUNDIDO PARA REDE DE ÁGUA, DN 400 MM, JUNTA ELÁSTICA, INSTALADO EM LOCAL COM NÍVEL ALTO DE INTERFERÊNCIAS (NÃO INCLUI FORNECIMENTO). AF_11/2017","M","ATRIBUÍDO SÃO PAULO",17.940000000000001,"COMPOSICAO",5679,"RETROESCAVADEIRA SOBRE RODAS COM CARREGADEIRA, TRAÇÃO 4X4, POTÊNCIA LÍQ. 88 HP, CAÇAMBA CARREG. CAP. MÍN. 1 M3, CAÇAMBA RETRO CAP. 0,26 M3, PESO OPERACIONAL MÍN. 6.674 KG, PROFUNDIDADE ESCAVAÇÃO MÁX. 4,37 M - CHI DIURNO. AF_06/2014","CHI","ATRIBUÍDO SÃO PAULO",0.1014,43.92,4.45,"","","","","","","","","","",null,"CAIXA REFERENCIAL"]
["ASSENTAMENTO DE TUBOS E PECAS","ASTU","FORNEC E/OU ASSENT DE TUBO DE FERRO FUNDIDO JUNTA",45,"","",97148,"ASSENTAMENTO DE TUBO DE FERRO FUNDIDO PARA REDE DE ÁGUA, DN 400 MM, JUNTA ELÁSTICA, INSTALADO EM LOCAL COM NÍVEL ALTO DE INTERFERÊNCIAS (NÃO INCLUI FORNECIMENTO). AF_11/2017","M","ATRIBUÍDO SÃO PAULO",17.940000000000001,"INSUMO",20078,"PASTA LUBRIFICANTE PARA TUBOS E CONEXOES COM JUNTA ELASTICA (USO EM PVC, ACO, POLIETILENO E OUTROS) ( DE *400* G)","UN","COEFICIENTE DE REPRESENTATIVIDADE",1.8800000000000001E-2,16.53,0.31,"","","","","","","","","","",null,"CAIXA REFERENCIAL"]
["ASSENTAMENTO DE TUBOS E PECAS","ASTU","FORNEC E/OU ASSENT DE TUBO DE FERRO FUNDIDO JUNTA",45,"","",97148,"ASSENTAMENTO DE TUBO DE FERRO FUNDIDO PARA REDE DE ÁGUA, DN 400 MM, JUNTA ELÁSTICA, INSTALADO EM LOCAL COM NÍVEL ALTO DE INTERFERÊNCIAS (NÃO INCLUI FORNECIMENTO). AF_11/2017","M","ATRIBUÍDO SÃO PAULO",17.940000000000001,"COMPOSICAO",88246,"ASSENTADOR DE TUBOS COM ENCARGOS COMPLEMENTARES","H","COEFICIENTE DE REPRESENTATIVIDADE",0.315,21.04,6.62,"","","","","","","","","","",null,"CAIXA REFERENCIAL"]
["ASSENTAMENTO DE TUBOS E PECAS","ASTU","FORNEC E/OU ASSENT DE TUBO DE FERRO FUNDIDO JUNTA",45,"","",97148,"ASSENTAMENTO DE TUBO DE FERRO FUNDIDO PARA REDE DE ÁGUA, DN 400 MM, JUNTA ELÁSTICA, INSTALADO EM LOCAL COM NÍVEL ALTO DE INTERFERÊNCIAS (NÃO INCLUI FORNECIMENTO). AF_11/2017","M","ATRIBUÍDO SÃO PAULO",17.940000000000001,"COMPOSICAO",88316,"SERVENTE COM ENCARGOS COMPLEMENTARES","H","COLETADO",0.315,14.67,4.62,"","","","","","","","","","",null,"CAIXA REFERENCIAL"]
["ASSENTAMENTO DE TUBOS E PECAS","ASTU","FORNEC E/OU ASSENT DE TUBO DE FERRO FUNDIDO JUNTA",45,"","",97149,"ASSENTAMENTO DE TUBO DE FERRO FUNDIDO PARA REDE DE ÁGUA, DN 450 MM, JUNTA ELÁSTICA, INSTALADO EM LOCAL COM NÍVEL ALTO DE INTERFERÊNCIAS (NÃO INCLUI FORNECIMENTO). AF_11/2017","M","ATRIBUÍDO SÃO PAULO",19.77,"","","","","","","","",12.99,65.6632654,4.21,21.326530600000002,"2,57","13,0102040","0,00","0,0000000","0,00","0,0000000",0,"CAIXA REFERENCIAL"]
["ASSENTAMENTO DE TUBOS E PECAS","ASTU","FORNEC E/OU ASSENT DE TUBO DE FERRO FUNDIDO JUNTA",45,"","",97149,"ASSENTAMENTO DE TUBO DE FERRO FUNDIDO PARA REDE DE ÁGUA, DN 450 MM, JUNTA ELÁSTICA, INSTALADO EM LOCAL COM NÍVEL ALTO DE INTERFERÊNCIAS (NÃO INCLUI FORNECIMENTO). AF_11/2017","M","ATRIBUÍDO SÃO PAULO",19.77,"COMPOSICAO",5678,"RETROESCAVADEIRA SOBRE RODAS COM CARREGADEIRA, TRAÇÃO 4X4, POTÊNCIA LÍQ. 88 HP, CAÇAMBA CARREG. CAP. MÍN. 1 M3, CAÇAMBA RETRO CAP. 0,26 M3, PESO OPERACIONAL MÍN. 6.674 KG, PROFUNDIDADE ESCAVAÇÃO MÁX. 4,37 M - CHP DIURNO. AF_06/2014","CHP","ATRIBUÍDO SÃO PAULO",2.29E-2,92.02,2.1,"","","","","","","","","","",null,"CAIXA REFERENCIAL"]
["ASSENTAMENTO DE TUBOS E PECAS","ASTU","FORNEC E/OU ASSENT DE TUBO DE FERRO FUNDIDO JUNTA",45,"","",97149,"ASSENTAMENTO DE TUBO DE FERRO FUNDIDO PARA REDE DE ÁGUA, DN 450 MM, JUNTA ELÁSTICA, INSTALADO EM LOCAL COM NÍVEL ALTO DE INTERFERÊNCIAS (NÃO INCLUI FORNECIMENTO). AF_11/2017","M","ATRIBUÍDO SÃO PAULO",19.77,"COMPOSICAO",5679,"RETROESCAVADEIRA SOBRE RODAS COM CARREGADEIRA, TRAÇÃO 4X4, POTÊNCIA LÍQ. 88 HP, CAÇAMBA CARREG. CAP. MÍN. 1 M3, CAÇAMBA RETRO CAP. 0,26 M3, PESO OPERACIONAL MÍN. 6.674 KG, PROFUNDIDADE ESCAVAÇÃO MÁX. 4,37 M - CHI DIURNO. AF_06/2014","CHI","ATRIBUÍDO SÃO PAULO",0.10979999999999999,43.92,4.82,"","","","","","","","","","",null,"CAIXA REFERENCIAL"]
["ASSENTAMENTO DE TUBOS E PECAS","ASTU","FORNEC E/OU ASSENT DE TUBO DE FERRO FUNDIDO JUNTA",45,"","",97149,"ASSENTAMENTO DE TUBO DE FERRO FUNDIDO PARA REDE DE ÁGUA, DN 450 MM, JUNTA ELÁSTICA, INSTALADO EM LOCAL COM NÍVEL ALTO DE INTERFERÊNCIAS (NÃO INCLUI FORNECIMENTO). AF_11/2017","M","ATRIBUÍDO SÃO PAULO",19.77,"INSUMO",20078,"PASTA LUBRIFICANTE PARA TUBOS E CONEXOES COM JUNTA ELASTICA (USO EM PVC, ACO, POLIETILENO E OUTROS) ( DE *400* G)","UN","COEFICIENTE DE REPRESENTATIVIDADE",2.2100000000000002E-2,16.53,0.36,"","","","","","","","","","",null,"CAIXA REFERENCIAL"]
["ASSENTAMENTO DE TUBOS E PECAS","ASTU","FORNEC E/OU ASSENT DE TUBO DE FERRO FUNDIDO JUNTA",45,"","",97149,"ASSENTAMENTO DE TUBO DE FERRO FUNDIDO PARA REDE DE ÁGUA, DN 450 MM, JUNTA ELÁSTICA, INSTALADO EM LOCAL COM NÍVEL ALTO DE INTERFERÊNCIAS (NÃO INCLUI FORNECIMENTO). AF_11/2017","M","ATRIBUÍDO SÃO PAULO",19.77,"COMPOSICAO",88246,"ASSENTADOR DE TUBOS COM ENCARGOS COMPLEMENTARES","H","COEFICIENTE DE REPRESENTATIVIDADE",0.35010000000000002,21.04,7.36,"","","","","","","","","","",null,"CAIXA REFERENCIAL"]
["ASSENTAMENTO DE TUBOS E PECAS","ASTU","FORNEC E/OU ASSENT DE TUBO DE FERRO FUNDIDO JUNTA",45,"","",97149,"ASSENTAMENTO DE TUBO DE FERRO FUNDIDO PARA REDE DE ÁGUA, DN 450 MM, JUNTA ELÁSTICA, INSTALADO EM LOCAL COM NÍVEL ALTO DE INTERFERÊNCIAS (NÃO INCLUI FORNECIMENTO). AF_11/2017","M","ATRIBUÍDO SÃO PAULO",19.77,"COMPOSICAO",88316,"SERVENTE COM ENCARGOS COMPLEMENTARES","H","COLETADO",0.35010000000000002,14.67,5.13,"","","","","","","","","","",null,"CAIXA REFERENCIAL"]
["ASSENTAMENTO DE TUBOS E PECAS","ASTU","FORNEC E/OU ASSENT DE TUBO DE FERRO FUNDIDO JUNTA",45,"","",97150,"ASSENTAMENTO DE TUBO DE FERRO FUNDIDO PARA REDE DE ÁGUA, DN 500 MM, JUNTA ELÁSTICA, INSTALADO EM LOCAL COM NÍVEL ALTO DE INTERFERÊNCIAS (NÃO INCLUI FORNECIMENTO). AF_11/2017","M","ATRIBUÍDO SÃO PAULO",24.04,"","","","","","","","",14.21,59.069962400000001,4.75,19.773774599999999,"5,08","21,1562630","0,00","0,0000000","0,00","0,0000000",0,"CAIXA REFERENCIAL"]
["ASSENTAMENTO DE TUBOS E PECAS","ASTU","FORNEC E/OU ASSENT DE TUBO DE FERRO FUNDIDO JUNTA",45,"","",97150,"ASSENTAMENTO DE TUBO DE FERRO FUNDIDO PARA REDE DE ÁGUA, DN 500 MM, JUNTA ELÁSTICA, INSTALADO EM LOCAL COM NÍVEL ALTO DE INTERFERÊNCIAS (NÃO INCLUI FORNECIMENTO). AF_11/2017","M","ATRIBUÍDO SÃO PAULO",24.04,"COMPOSICAO",5631,"ESCAVADEIRA HIDRÁULICA SOBRE ESTEIRAS, CAÇAMBA 0,80 M3, PESO OPERACIONAL 17 T, POTENCIA BRUTA 111 HP - CHP DIURNO. AF_06/2014","CHP","ATRIBUÍDO SÃO PAULO",2.46E-2,126.79,3.11,"","","","","","","","","","",null,"CAIXA REFERENCIAL"]
["ASSENTAMENTO DE TUBOS E PECAS","ASTU","FORNEC E/OU ASSENT DE TUBO DE FERRO FUNDIDO JUNTA",45,"","",97150,"ASSENTAMENTO DE TUBO DE FERRO FUNDIDO PARA REDE DE ÁGUA, DN 500 MM, JUNTA ELÁSTICA, INSTALADO EM LOCAL COM NÍVEL ALTO DE INTERFERÊNCIAS (NÃO INCLUI FORNECIMENTO). AF_11/2017","M","ATRIBUÍDO SÃO PAULO",24.04,"COMPOSICAO",5632,"ESCAVADEIRA HIDRÁULICA SOBRE ESTEIRAS, CAÇAMBA 0,80 M3, PESO OPERACIONAL 17 T, POTENCIA BRUTA 111 HP - CHI DIURNO. AF_06/2014","CHI","ATRIBUÍDO SÃO PAULO",0.1182,57.49,6.79,"","","","","","","","","","",null,"CAIXA REFERENCIAL"]
["ASSENTAMENTO DE TUBOS E PECAS","ASTU","FORNEC E/OU ASSENT DE TUBO DE FERRO FUNDIDO JUNTA",45,"","",97150,"ASSENTAMENTO DE TUBO DE FERRO FUNDIDO PARA REDE DE ÁGUA, DN 500 MM, JUNTA ELÁSTICA, INSTALADO EM LOCAL COM NÍVEL ALTO DE INTERFERÊNCIAS (NÃO INCLUI FORNECIMENTO). AF_11/2017","M","ATRIBUÍDO SÃO PAULO",24.04,"INSUMO",20078,"PASTA LUBRIFICANTE PARA TUBOS E CONEXOES COM JUNTA ELASTICA (USO EM PVC, ACO, POLIETILENO E OUTROS) ( DE *400* G)","UN","COEFICIENTE DE REPRESENTATIVIDADE",2.4799999999999999E-2,16.53,0.4,"","","","","","","","","","",null,"CAIXA REFERENCIAL"]
["ASSENTAMENTO DE TUBOS E PECAS","ASTU","FORNEC E/OU ASSENT DE TUBO DE FERRO FUNDIDO JUNTA",45,"","",97150,"ASSENTAMENTO DE TUBO DE FERRO FUNDIDO PARA REDE DE ÁGUA, DN 500 MM, JUNTA ELÁSTICA, INSTALADO EM LOCAL COM NÍVEL ALTO DE INTERFERÊNCIAS (NÃO INCLUI FORNECIMENTO). AF_11/2017","M","ATRIBUÍDO SÃO PAULO",24.04,"COMPOSICAO",88246,"ASSENTADOR DE TUBOS COM ENCARGOS COMPLEMENTARES","H","COEFICIENTE DE REPRESENTATIVIDADE",0.3851,21.04,8.1,"","","","","","","","","","",null,"CAIXA REFERENCIAL"]
["ASSENTAMENTO DE TUBOS E PECAS","ASTU","FORNEC E/OU ASSENT DE TUBO DE FERRO FUNDIDO JUNTA",45,"","",97150,"ASSENTAMENTO DE TUBO DE FERRO FUNDIDO PARA REDE DE ÁGUA, DN 500 MM, JUNTA ELÁSTICA, INSTALADO EM LOCAL COM NÍVEL ALTO DE INTERFERÊNCIAS (NÃO INCLUI FORNECIMENTO). AF_11/2017","M","ATRIBUÍDO SÃO PAULO",24.04,"COMPOSICAO",88316,"SERVENTE COM ENCARGOS COMPLEMENTARES","H","COLETADO",0.3851,14.67,5.64,"","","","","","","","","","",null,"CAIXA REFERENCIAL"]
["ASSENTAMENTO DE TUBOS E PECAS","ASTU","FORNEC E/OU ASSENT DE TUBO DE FERRO FUNDIDO JUNTA",45,"","",97151,"ASSENTAMENTO DE TUBO DE FERRO FUNDIDO PARA REDE DE ÁGUA, DN 600 MM, JUNTA ELÁSTICA, INSTALADO EM LOCAL COM NÍVEL ALTO DE INTERFERÊNCIAS (NÃO INCLUI FORNECIMENTO). AF_11/2017","M","ATRIBUÍDO SÃO PAULO",28.07,"","","","","","","","",16.66,59.304410300000001,5.6,19.971315799999999,"5,81","20,7242739","0,00","0,0000000","0,00","0,0000000",0,"CAIXA REFERENCIAL"]
["ASSENTAMENTO DE TUBOS E PECAS","ASTU","FORNEC E/OU ASSENT DE TUBO DE FERRO FUNDIDO JUNTA",45,"","",97151,"ASSENTAMENTO DE TUBO DE FERRO FUNDIDO PARA REDE DE ÁGUA, DN 600 MM, JUNTA ELÁSTICA, INSTALADO EM LOCAL COM NÍVEL ALTO DE INTERFERÊNCIAS (NÃO INCLUI FORNECIMENTO). AF_11/2017","M","ATRIBUÍDO SÃO PAULO",28.07,"COMPOSICAO",5631,"ESCAVADEIRA HIDRÁULICA SOBRE ESTEIRAS, CAÇAMBA 0,80 M3, PESO OPERACIONAL 17 T, POTENCIA BRUTA 111 HP - CHP DIURNO. AF_06/2014","CHP","ATRIBUÍDO SÃO PAULO",2.81E-2,126.79,3.56,"","","","","","","","","","",null,"CAIXA REFERENCIAL"]
["ASSENTAMENTO DE TUBOS E PECAS","ASTU","FORNEC E/OU ASSENT DE TUBO DE FERRO FUNDIDO JUNTA",45,"","",97151,"ASSENTAMENTO DE TUBO DE FERRO FUNDIDO PARA REDE DE ÁGUA, DN 600 MM, JUNTA ELÁSTICA, INSTALADO EM LOCAL COM NÍVEL ALTO DE INTERFERÊNCIAS (NÃO INCLUI FORNECIMENTO). AF_11/2017","M","ATRIBUÍDO SÃO PAULO",28.07,"COMPOSICAO",5632,"ESCAVADEIRA HIDRÁULICA SOBRE ESTEIRAS, CAÇAMBA 0,80 M3, PESO OPERACIONAL 17 T, POTENCIA BRUTA 111 HP - CHI DIURNO. AF_06/2014","CHI","ATRIBUÍDO SÃO PAULO",0.13500000000000001,57.49,7.76,"","","","","","","","","","",null,"CAIXA REFERENCIAL"]
["ASSENTAMENTO DE TUBOS E PECAS","ASTU","FORNEC E/OU ASSENT DE TUBO DE FERRO FUNDIDO JUNTA",45,"","",97151,"ASSENTAMENTO DE TUBO DE FERRO FUNDIDO PARA REDE DE ÁGUA, DN 600 MM, JUNTA ELÁSTICA, INSTALADO EM LOCAL COM NÍVEL ALTO DE INTERFERÊNCIAS (NÃO INCLUI FORNECIMENTO). AF_11/2017","M","ATRIBUÍDO SÃO PAULO",28.07,"INSUMO",20078,"PASTA LUBRIFICANTE PARA TUBOS E CONEXOES COM JUNTA ELASTICA (USO EM PVC, ACO, POLIETILENO E OUTROS) ( DE *400* G)","UN","COEFICIENTE DE REPRESENTATIVIDADE",3.1300000000000001E-2,16.53,0.51,"","","","","","","","","","",null,"CAIXA REFERENCIAL"]
["ASSENTAMENTO DE TUBOS E PECAS","ASTU","FORNEC E/OU ASSENT DE TUBO DE FERRO FUNDIDO JUNTA",45,"","",97151,"ASSENTAMENTO DE TUBO DE FERRO FUNDIDO PARA REDE DE ÁGUA, DN 600 MM, JUNTA ELÁSTICA, INSTALADO EM LOCAL COM NÍVEL ALTO DE INTERFERÊNCIAS (NÃO INCLUI FORNECIMENTO). AF_11/2017","M","ATRIBUÍDO SÃO PAULO",28.07,"COMPOSICAO",88246,"ASSENTADOR DE TUBOS COM ENCARGOS COMPLEMENTARES","H","COEFICIENTE DE REPRESENTATIVIDADE",0.45529999999999998,21.04,9.57,"","","","","","","","","","",null,"CAIXA REFERENCIAL"]
["ASSENTAMENTO DE TUBOS E PECAS","ASTU","FORNEC E/OU ASSENT DE TUBO DE FERRO FUNDIDO JUNTA",45,"","",97151,"ASSENTAMENTO DE TUBO DE FERRO FUNDIDO PARA REDE DE ÁGUA, DN 600 MM, JUNTA ELÁSTICA, INSTALADO EM LOCAL COM NÍVEL ALTO DE INTERFERÊNCIAS (NÃO INCLUI FORNECIMENTO). AF_11/2017","M","ATRIBUÍDO SÃO PAULO",28.07,"COMPOSICAO",88316,"SERVENTE COM ENCARGOS COMPLEMENTARES","H","COLETADO",0.45529999999999998,14.67,6.67,"","","","","","","","","","",null,"CAIXA REFERENCIAL"]
["ASSENTAMENTO DE TUBOS E PECAS","ASTU","FORNEC E/OU ASSENT DE TUBO DE FERRO FUNDIDO JUNTA",45,"","",97152,"ASSENTAMENTO DE TUBO DE FERRO FUNDIDO PARA REDE DE ÁGUA, DN 700 MM, JUNTA ELÁSTICA, INSTALADO EM LOCAL COM NÍVEL ALTO DE INTERFERÊNCIAS (NÃO INCLUI FORNECIMENTO). AF_11/2017","M","ATRIBUÍDO SÃO PAULO",31.93,"","","","","","","","",19.079999999999998,59.704309600000002,6.33,19.8490091,"6,52","20,4466813","0,00","0,0000000","0,00","0,0000000",0,"CAIXA REFERENCIAL"]
["ASSENTAMENTO DE TUBOS E PECAS","ASTU","FORNEC E/OU ASSENT DE TUBO DE FERRO FUNDIDO JUNTA",45,"","",97152,"ASSENTAMENTO DE TUBO DE FERRO FUNDIDO PARA REDE DE ÁGUA, DN 700 MM, JUNTA ELÁSTICA, INSTALADO EM LOCAL COM NÍVEL ALTO DE INTERFERÊNCIAS (NÃO INCLUI FORNECIMENTO). AF_11/2017","M","ATRIBUÍDO SÃO PAULO",31.93,"COMPOSICAO",5631,"ESCAVADEIRA HIDRÁULICA SOBRE ESTEIRAS, CAÇAMBA 0,80 M3, PESO OPERACIONAL 17 T, POTENCIA BRUTA 111 HP - CHP DIURNO. AF_06/2014","CHP","ATRIBUÍDO SÃO PAULO",3.1600000000000003E-2,126.79,4,"","","","","","","","","","",null,"CAIXA REFERENCIAL"]
["ASSENTAMENTO DE TUBOS E PECAS","ASTU","FORNEC E/OU ASSENT DE TUBO DE FERRO FUNDIDO JUNTA",45,"","",97152,"ASSENTAMENTO DE TUBO DE FERRO FUNDIDO PARA REDE DE ÁGUA, DN 700 MM, JUNTA ELÁSTICA, INSTALADO EM LOCAL COM NÍVEL ALTO DE INTERFERÊNCIAS (NÃO INCLUI FORNECIMENTO). AF_11/2017","M","ATRIBUÍDO SÃO PAULO",31.93,"COMPOSICAO",5632,"ESCAVADEIRA HIDRÁULICA SOBRE ESTEIRAS, CAÇAMBA 0,80 M3, PESO OPERACIONAL 17 T, POTENCIA BRUTA 111 HP - CHI DIURNO. AF_06/2014","CHI","ATRIBUÍDO SÃO PAULO",0.15179999999999999,57.49,8.7200000000000006,"","","","","","","","","","",null,"CAIXA REFERENCIAL"]
["ASSENTAMENTO DE TUBOS E PECAS","ASTU","FORNEC E/OU ASSENT DE TUBO DE FERRO FUNDIDO JUNTA",45,"","",97152,"ASSENTAMENTO DE TUBO DE FERRO FUNDIDO PARA REDE DE ÁGUA, DN 700 MM, JUNTA ELÁSTICA, INSTALADO EM LOCAL COM NÍVEL ALTO DE INTERFERÊNCIAS (NÃO INCLUI FORNECIMENTO). AF_11/2017","M","ATRIBUÍDO SÃO PAULO",31.93,"INSUMO",20078,"PASTA LUBRIFICANTE PARA TUBOS E CONEXOES COM JUNTA ELASTICA (USO EM PVC, ACO, POLIETILENO E OUTROS) ( DE *400* G)","UN","COEFICIENTE DE REPRESENTATIVIDADE",2.8400000000000002E-2,16.53,0.46,"","","","","","","","","","",null,"CAIXA REFERENCIAL"]
["ASSENTAMENTO DE TUBOS E PECAS","ASTU","FORNEC E/OU ASSENT DE TUBO DE FERRO FUNDIDO JUNTA",45,"","",97152,"ASSENTAMENTO DE TUBO DE FERRO FUNDIDO PARA REDE DE ÁGUA, DN 700 MM, JUNTA ELÁSTICA, INSTALADO EM LOCAL COM NÍVEL ALTO DE INTERFERÊNCIAS (NÃO INCLUI FORNECIMENTO). AF_11/2017","M","ATRIBUÍDO SÃO PAULO",31.93,"COMPOSICAO",88246,"ASSENTADOR DE TUBOS COM ENCARGOS COMPLEMENTARES","H","COEFICIENTE DE REPRESENTATIVIDADE",0.52549999999999997,21.04,11.05,"","","","","","","","","","",null,"CAIXA REFERENCIAL"]
["ASSENTAMENTO DE TUBOS E PECAS","ASTU","FORNEC E/OU ASSENT DE TUBO DE FERRO FUNDIDO JUNTA",45,"","",97152,"ASSENTAMENTO DE TUBO DE FERRO FUNDIDO PARA REDE DE ÁGUA, DN 700 MM, JUNTA ELÁSTICA, INSTALADO EM LOCAL COM NÍVEL ALTO DE INTERFERÊNCIAS (NÃO INCLUI FORNECIMENTO). AF_11/2017","M","ATRIBUÍDO SÃO PAULO",31.93,"COMPOSICAO",88316,"SERVENTE COM ENCARGOS COMPLEMENTARES","H","COLETADO",0.52549999999999997,14.67,7.7,"","","","","","","","","","",null,"CAIXA REFERENCIAL"]
["ASSENTAMENTO DE TUBOS E PECAS","ASTU","FORNEC E/OU ASSENT DE TUBO DE FERRO FUNDIDO JUNTA",45,"","",97153,"ASSENTAMENTO DE TUBO DE FERRO FUNDIDO PARA REDE DE ÁGUA, DN 800 MM, JUNTA ELÁSTICA, INSTALADO EM LOCAL COM NÍVEL ALTO DE INTERFERÊNCIAS (NÃO INCLUI FORNECIMENTO). AF_11/2017","M","ATRIBUÍDO SÃO PAULO",35.909999999999997,"","","","","","","","",21.53,59.932848499999999,7.13,19.8656966,"7,25","20,2014549","0,00","0,0000000","0,00","0,0000000",0,"CAIXA REFERENCIAL"]
["ASSENTAMENTO DE TUBOS E PECAS","ASTU","FORNEC E/OU ASSENT DE TUBO DE FERRO FUNDIDO JUNTA",45,"","",97153,"ASSENTAMENTO DE TUBO DE FERRO FUNDIDO PARA REDE DE ÁGUA, DN 800 MM, JUNTA ELÁSTICA, INSTALADO EM LOCAL COM NÍVEL ALTO DE INTERFERÊNCIAS (NÃO INCLUI FORNECIMENTO). AF_11/2017","M","ATRIBUÍDO SÃO PAULO",35.909999999999997,"COMPOSICAO",5631,"ESCAVADEIRA HIDRÁULICA SOBRE ESTEIRAS, CAÇAMBA 0,80 M3, PESO OPERACIONAL 17 T, POTENCIA BRUTA 111 HP - CHP DIURNO. AF_06/2014","CHP","ATRIBUÍDO SÃO PAULO",3.5099999999999999E-2,126.79,4.45,"","","","","","","","","","",null,"CAIXA REFERENCIAL"]
["ASSENTAMENTO DE TUBOS E PECAS","ASTU","FORNEC E/OU ASSENT DE TUBO DE FERRO FUNDIDO JUNTA",45,"","",97153,"ASSENTAMENTO DE TUBO DE FERRO FUNDIDO PARA REDE DE ÁGUA, DN 800 MM, JUNTA ELÁSTICA, INSTALADO EM LOCAL COM NÍVEL ALTO DE INTERFERÊNCIAS (NÃO INCLUI FORNECIMENTO). AF_11/2017","M","ATRIBUÍDO SÃO PAULO",35.909999999999997,"COMPOSICAO",5632,"ESCAVADEIRA HIDRÁULICA SOBRE ESTEIRAS, CAÇAMBA 0,80 M3, PESO OPERACIONAL 17 T, POTENCIA BRUTA 111 HP - CHI DIURNO. AF_06/2014","CHI","ATRIBUÍDO SÃO PAULO",0.1686,57.49,9.69,"","","","","","","","","","",null,"CAIXA REFERENCIAL"]
["ASSENTAMENTO DE TUBOS E PECAS","ASTU","FORNEC E/OU ASSENT DE TUBO DE FERRO FUNDIDO JUNTA",45,"","",97153,"ASSENTAMENTO DE TUBO DE FERRO FUNDIDO PARA REDE DE ÁGUA, DN 800 MM, JUNTA ELÁSTICA, INSTALADO EM LOCAL COM NÍVEL ALTO DE INTERFERÊNCIAS (NÃO INCLUI FORNECIMENTO). AF_11/2017","M","ATRIBUÍDO SÃO PAULO",35.909999999999997,"INSUMO",20078,"PASTA LUBRIFICANTE PARA TUBOS E CONEXOES COM JUNTA ELASTICA (USO EM PVC, ACO, POLIETILENO E OUTROS) ( DE *400* G)","UN","COEFICIENTE DE REPRESENTATIVIDADE",3.1399999999999997E-2,16.53,0.51,"","","","","","","","","","",null,"CAIXA REFERENCIAL"]
["ASSENTAMENTO DE TUBOS E PECAS","ASTU","FORNEC E/OU ASSENT DE TUBO DE FERRO FUNDIDO JUNTA",45,"","",97153,"ASSENTAMENTO DE TUBO DE FERRO FUNDIDO PARA REDE DE ÁGUA, DN 800 MM, JUNTA ELÁSTICA, INSTALADO EM LOCAL COM NÍVEL ALTO DE INTERFERÊNCIAS (NÃO INCLUI FORNECIMENTO). AF_11/2017","M","ATRIBUÍDO SÃO PAULO",35.909999999999997,"COMPOSICAO",88246,"ASSENTADOR DE TUBOS COM ENCARGOS COMPLEMENTARES","H","COEFICIENTE DE REPRESENTATIVIDADE",0.59560000000000002,21.04,12.53,"","","","","","","","","","",null,"CAIXA REFERENCIAL"]
["ASSENTAMENTO DE TUBOS E PECAS","ASTU","FORNEC E/OU ASSENT DE TUBO DE FERRO FUNDIDO JUNTA",45,"","",97153,"ASSENTAMENTO DE TUBO DE FERRO FUNDIDO PARA REDE DE ÁGUA, DN 800 MM, JUNTA ELÁSTICA, INSTALADO EM LOCAL COM NÍVEL ALTO DE INTERFERÊNCIAS (NÃO INCLUI FORNECIMENTO). AF_11/2017","M","ATRIBUÍDO SÃO PAULO",35.909999999999997,"COMPOSICAO",88316,"SERVENTE COM ENCARGOS COMPLEMENTARES","H","COLETADO",0.59560000000000002,14.67,8.73,"","","","","","","","","","",null,"CAIXA REFERENCIAL"]
["ASSENTAMENTO DE TUBOS E PECAS","ASTU","FORNEC E/OU ASSENT DE TUBO DE FERRO FUNDIDO JUNTA",45,"","",97154,"ASSENTAMENTO DE TUBO DE FERRO FUNDIDO PARA REDE DE ÁGUA, DN 900 MM, JUNTA ELÁSTICA, INSTALADO EM LOCAL COM NÍVEL ALTO DE INTERFERÊNCIAS (NÃO INCLUI FORNECIMENTO). AF_11/2017","M","ATRIBUÍDO SÃO PAULO",39.880000000000003,"","","","","","","","",23.99,60.125944699999998,7.93,19.899244299999999,"7,96","19,9748110","0,00","0,0000000","0,00","0,0000000",0,"CAIXA REFERENCIAL"]
["ASSENTAMENTO DE TUBOS E PECAS","ASTU","FORNEC E/OU ASSENT DE TUBO DE FERRO FUNDIDO JUNTA",45,"","",97154,"ASSENTAMENTO DE TUBO DE FERRO FUNDIDO PARA REDE DE ÁGUA, DN 900 MM, JUNTA ELÁSTICA, INSTALADO EM LOCAL COM NÍVEL ALTO DE INTERFERÊNCIAS (NÃO INCLUI FORNECIMENTO). AF_11/2017","M","ATRIBUÍDO SÃO PAULO",39.880000000000003,"COMPOSICAO",5631,"ESCAVADEIRA HIDRÁULICA SOBRE ESTEIRAS, CAÇAMBA 0,80 M3, PESO OPERACIONAL 17 T, POTENCIA BRUTA 111 HP - CHP DIURNO. AF_06/2014","CHP","ATRIBUÍDO SÃO PAULO",3.8600000000000002E-2,126.79,4.8899999999999997,"","","","","","","","","","",null,"CAIXA REFERENCIAL"]
["ASSENTAMENTO DE TUBOS E PECAS","ASTU","FORNEC E/OU ASSENT DE TUBO DE FERRO FUNDIDO JUNTA",45,"","",97154,"ASSENTAMENTO DE TUBO DE FERRO FUNDIDO PARA REDE DE ÁGUA, DN 900 MM, JUNTA ELÁSTICA, INSTALADO EM LOCAL COM NÍVEL ALTO DE INTERFERÊNCIAS (NÃO INCLUI FORNECIMENTO). AF_11/2017","M","ATRIBUÍDO SÃO PAULO",39.880000000000003,"COMPOSICAO",5632,"ESCAVADEIRA HIDRÁULICA SOBRE ESTEIRAS, CAÇAMBA 0,80 M3, PESO OPERACIONAL 17 T, POTENCIA BRUTA 111 HP - CHI DIURNO. AF_06/2014","CHI","ATRIBUÍDO SÃO PAULO",0.18540000000000001,57.49,10.65,"","","","","","","","","","",null,"CAIXA REFERENCIAL"]
["ASSENTAMENTO DE TUBOS E PECAS","ASTU","FORNEC E/OU ASSENT DE TUBO DE FERRO FUNDIDO JUNTA",45,"","",97154,"ASSENTAMENTO DE TUBO DE FERRO FUNDIDO PARA REDE DE ÁGUA, DN 900 MM, JUNTA ELÁSTICA, INSTALADO EM LOCAL COM NÍVEL ALTO DE INTERFERÊNCIAS (NÃO INCLUI FORNECIMENTO). AF_11/2017","M","ATRIBUÍDO SÃO PAULO",39.880000000000003,"INSUMO",20078,"PASTA LUBRIFICANTE PARA TUBOS E CONEXOES COM JUNTA ELASTICA (USO EM PVC, ACO, POLIETILENO E OUTROS) ( DE *400* G)","UN","COEFICIENTE DE REPRESENTATIVIDADE",3.5499999999999997E-2,16.53,0.57999999999999996,"","","","","","","","","","",null,"CAIXA REFERENCIAL"]
["ASSENTAMENTO DE TUBOS E PECAS","ASTU","FORNEC E/OU ASSENT DE TUBO DE FERRO FUNDIDO JUNTA",45,"","",97154,"ASSENTAMENTO DE TUBO DE FERRO FUNDIDO PARA REDE DE ÁGUA, DN 900 MM, JUNTA ELÁSTICA, INSTALADO EM LOCAL COM NÍVEL ALTO DE INTERFERÊNCIAS (NÃO INCLUI FORNECIMENTO). AF_11/2017","M","ATRIBUÍDO SÃO PAULO",39.880000000000003,"COMPOSICAO",88246,"ASSENTADOR DE TUBOS COM ENCARGOS COMPLEMENTARES","H","COEFICIENTE DE REPRESENTATIVIDADE",0.66579999999999995,21.04,14,"","","","","","","","","","",null,"CAIXA REFERENCIAL"]
["ASSENTAMENTO DE TUBOS E PECAS","ASTU","FORNEC E/OU ASSENT DE TUBO DE FERRO FUNDIDO JUNTA",45,"","",97154,"ASSENTAMENTO DE TUBO DE FERRO FUNDIDO PARA REDE DE ÁGUA, DN 900 MM, JUNTA ELÁSTICA, INSTALADO EM LOCAL COM NÍVEL ALTO DE INTERFERÊNCIAS (NÃO INCLUI FORNECIMENTO). AF_11/2017","M","ATRIBUÍDO SÃO PAULO",39.880000000000003,"COMPOSICAO",88316,"SERVENTE COM ENCARGOS COMPLEMENTARES","H","COLETADO",0.66579999999999995,14.67,9.76,"","","","","","","","","","",null,"CAIXA REFERENCIAL"]
["ASSENTAMENTO DE TUBOS E PECAS","ASTU","FORNEC E/OU ASSENT DE TUBO DE FERRO FUNDIDO JUNTA",45,"","",97155,"ASSENTAMENTO DE TUBO DE FERRO FUNDIDO PARA REDE DE ÁGUA, DN 1000 MM, JUNTA ELÁSTICA, INSTALADO EM LOCAL COM NÍVEL ALTO DE INTERFERÊNCIAS (NÃO INCLUI FORNECIMENTO). AF_11/2017","M","ATRIBUÍDO SÃO PAULO",43.87,"","","","","","","","",26.4,60.155535299999997,8.7899999999999991,20.036596500000002,"8,68","19,8078682","0,00","0,0000000","0,00","0,0000000",0,"CAIXA REFERENCIAL"]
["ASSENTAMENTO DE TUBOS E PECAS","ASTU","FORNEC E/OU ASSENT DE TUBO DE FERRO FUNDIDO JUNTA",45,"","",97155,"ASSENTAMENTO DE TUBO DE FERRO FUNDIDO PARA REDE DE ÁGUA, DN 1000 MM, JUNTA ELÁSTICA, INSTALADO EM LOCAL COM NÍVEL ALTO DE INTERFERÊNCIAS (NÃO INCLUI FORNECIMENTO). AF_11/2017","M","ATRIBUÍDO SÃO PAULO",43.87,"COMPOSICAO",5631,"ESCAVADEIRA HIDRÁULICA SOBRE ESTEIRAS, CAÇAMBA 0,80 M3, PESO OPERACIONAL 17 T, POTENCIA BRUTA 111 HP - CHP DIURNO. AF_06/2014","CHP","ATRIBUÍDO SÃO PAULO",4.2099999999999999E-2,126.79,5.33,"","","","","","","","","","",null,"CAIXA REFERENCIAL"]
["ASSENTAMENTO DE TUBOS E PECAS","ASTU","FORNEC E/OU ASSENT DE TUBO DE FERRO FUNDIDO JUNTA",45,"","",97155,"ASSENTAMENTO DE TUBO DE FERRO FUNDIDO PARA REDE DE ÁGUA, DN 1000 MM, JUNTA ELÁSTICA, INSTALADO EM LOCAL COM NÍVEL ALTO DE INTERFERÊNCIAS (NÃO INCLUI FORNECIMENTO). AF_11/2017","M","ATRIBUÍDO SÃO PAULO",43.87,"COMPOSICAO",5632,"ESCAVADEIRA HIDRÁULICA SOBRE ESTEIRAS, CAÇAMBA 0,80 M3, PESO OPERACIONAL 17 T, POTENCIA BRUTA 111 HP - CHI DIURNO. AF_06/2014","CHI","ATRIBUÍDO SÃO PAULO",0.2021,57.49,11.61,"","","","","","","","","","",null,"CAIXA REFERENCIAL"]
["ASSENTAMENTO DE TUBOS E PECAS","ASTU","FORNEC E/OU ASSENT DE TUBO DE FERRO FUNDIDO JUNTA",45,"","",97155,"ASSENTAMENTO DE TUBO DE FERRO FUNDIDO PARA REDE DE ÁGUA, DN 1000 MM, JUNTA ELÁSTICA, INSTALADO EM LOCAL COM NÍVEL ALTO DE INTERFERÊNCIAS (NÃO INCLUI FORNECIMENTO). AF_11/2017","M","ATRIBUÍDO SÃO PAULO",43.87,"INSUMO",20078,"PASTA LUBRIFICANTE PARA TUBOS E CONEXOES COM JUNTA ELASTICA (USO EM PVC, ACO, POLIETILENO E OUTROS) ( DE *400* G)","UN","COEFICIENTE DE REPRESENTATIVIDADE",4.0300000000000002E-2,16.53,0.66,"","","","","","","","","","",null,"CAIXA REFERENCIAL"]
["ASSENTAMENTO DE TUBOS E PECAS","ASTU","FORNEC E/OU ASSENT DE TUBO DE FERRO FUNDIDO JUNTA",45,"","",97155,"ASSENTAMENTO DE TUBO DE FERRO FUNDIDO PARA REDE DE ÁGUA, DN 1000 MM, JUNTA ELÁSTICA, INSTALADO EM LOCAL COM NÍVEL ALTO DE INTERFERÊNCIAS (NÃO INCLUI FORNECIMENTO). AF_11/2017","M","ATRIBUÍDO SÃO PAULO",43.87,"COMPOSICAO",88246,"ASSENTADOR DE TUBOS COM ENCARGOS COMPLEMENTARES","H","COEFICIENTE DE REPRESENTATIVIDADE",0.7359,21.04,15.48,"","","","","","","","","","",null,"CAIXA REFERENCIAL"]
["ASSENTAMENTO DE TUBOS E PECAS","ASTU","FORNEC E/OU ASSENT DE TUBO DE FERRO FUNDIDO JUNTA",45,"","",97155,"ASSENTAMENTO DE TUBO DE FERRO FUNDIDO PARA REDE DE ÁGUA, DN 1000 MM, JUNTA ELÁSTICA, INSTALADO EM LOCAL COM NÍVEL ALTO DE INTERFERÊNCIAS (NÃO INCLUI FORNECIMENTO). AF_11/2017","M","ATRIBUÍDO SÃO PAULO",43.87,"COMPOSICAO",88316,"SERVENTE COM ENCARGOS COMPLEMENTARES","H","COLETADO",0.7359,14.67,10.79,"","","","","","","","","","",null,"CAIXA REFERENCIAL"]
["ASSENTAMENTO DE TUBOS E PECAS","ASTU","FORNEC E/OU ASSENT DE TUBO DE FERRO FUNDIDO JUNTA",45,"","",97156,"ASSENTAMENTO DE TUBO DE FERRO FUNDIDO PARA REDE DE ÁGUA, DN 1200 MM, JUNTA ELÁSTICA, INSTALADO EM LOCAL COM NÍVEL ALTO DE INTERFERÊNCIAS (NÃO INCLUI FORNECIMENTO). AF_11/2017","M","ATRIBUÍDO SÃO PAULO",52.11,"","","","","","","","",31.27,60.000000100000001,10.7,20.538979699999999,"10,14","19,4610202","0,00","0,0000000","0,00","0,0000000",0,"CAIXA REFERENCIAL"]
["ASSENTAMENTO DE TUBOS E PECAS","ASTU","FORNEC E/OU ASSENT DE TUBO DE FERRO FUNDIDO JUNTA",45,"","",97156,"ASSENTAMENTO DE TUBO DE FERRO FUNDIDO PARA REDE DE ÁGUA, DN 1200 MM, JUNTA ELÁSTICA, INSTALADO EM LOCAL COM NÍVEL ALTO DE INTERFERÊNCIAS (NÃO INCLUI FORNECIMENTO). AF_11/2017","M","ATRIBUÍDO SÃO PAULO",52.11,"COMPOSICAO",5631,"ESCAVADEIRA HIDRÁULICA SOBRE ESTEIRAS, CAÇAMBA 0,80 M3, PESO OPERACIONAL 17 T, POTENCIA BRUTA 111 HP - CHP DIURNO. AF_06/2014","CHP","ATRIBUÍDO SÃO PAULO",4.9099999999999998E-2,126.79,6.22,"","","","","","","","","","",null,"CAIXA REFERENCIAL"]
["ASSENTAMENTO DE TUBOS E PECAS","ASTU","FORNEC E/OU ASSENT DE TUBO DE FERRO FUNDIDO JUNTA",45,"","",97156,"ASSENTAMENTO DE TUBO DE FERRO FUNDIDO PARA REDE DE ÁGUA, DN 1200 MM, JUNTA ELÁSTICA, INSTALADO EM LOCAL COM NÍVEL ALTO DE INTERFERÊNCIAS (NÃO INCLUI FORNECIMENTO). AF_11/2017","M","ATRIBUÍDO SÃO PAULO",52.11,"COMPOSICAO",5632,"ESCAVADEIRA HIDRÁULICA SOBRE ESTEIRAS, CAÇAMBA 0,80 M3, PESO OPERACIONAL 17 T, POTENCIA BRUTA 111 HP - CHI DIURNO. AF_06/2014","CHI","ATRIBUÍDO SÃO PAULO",0.23569999999999999,57.49,13.55,"","","","","","","","","","",null,"CAIXA REFERENCIAL"]
["ASSENTAMENTO DE TUBOS E PECAS","ASTU","FORNEC E/OU ASSENT DE TUBO DE FERRO FUNDIDO JUNTA",45,"","",97156,"ASSENTAMENTO DE TUBO DE FERRO FUNDIDO PARA REDE DE ÁGUA, DN 1200 MM, JUNTA ELÁSTICA, INSTALADO EM LOCAL COM NÍVEL ALTO DE INTERFERÊNCIAS (NÃO INCLUI FORNECIMENTO). AF_11/2017","M","ATRIBUÍDO SÃO PAULO",52.11,"INSUMO",20078,"PASTA LUBRIFICANTE PARA TUBOS E CONEXOES COM JUNTA ELASTICA (USO EM PVC, ACO, POLIETILENO E OUTROS) ( DE *400* G)","UN","COEFICIENTE DE REPRESENTATIVIDADE",6.4600000000000005E-2,16.53,1.06,"","","","","","","","","","",null,"CAIXA REFERENCIAL"]
["ASSENTAMENTO DE TUBOS E PECAS","ASTU","FORNEC E/OU ASSENT DE TUBO DE FERRO FUNDIDO JUNTA",45,"","",97156,"ASSENTAMENTO DE TUBO DE FERRO FUNDIDO PARA REDE DE ÁGUA, DN 1200 MM, JUNTA ELÁSTICA, INSTALADO EM LOCAL COM NÍVEL ALTO DE INTERFERÊNCIAS (NÃO INCLUI FORNECIMENTO). AF_11/2017","M","ATRIBUÍDO SÃO PAULO",52.11,"COMPOSICAO",88246,"ASSENTADOR DE TUBOS COM ENCARGOS COMPLEMENTARES","H","COEFICIENTE DE REPRESENTATIVIDADE",0.87619999999999998,21.04,18.43,"","","","","","","","","","",null,"CAIXA REFERENCIAL"]
["ASSENTAMENTO DE TUBOS E PECAS","ASTU","FORNEC E/OU ASSENT DE TUBO DE FERRO FUNDIDO JUNTA",45,"","",97156,"ASSENTAMENTO DE TUBO DE FERRO FUNDIDO PARA REDE DE ÁGUA, DN 1200 MM, JUNTA ELÁSTICA, INSTALADO EM LOCAL COM NÍVEL ALTO DE INTERFERÊNCIAS (NÃO INCLUI FORNECIMENTO). AF_11/2017","M","ATRIBUÍDO SÃO PAULO",52.11,"COMPOSICAO",88316,"SERVENTE COM ENCARGOS COMPLEMENTARES","H","COLETADO",0.87619999999999998,14.67,12.85,"","","","","","","","","","",null,"CAIXA REFERENCIAL"]
["ASSENTAMENTO DE TUBOS E PECAS","ASTU","FORNEC E/OU ASSENT DE TUBO DE FERRO FUNDIDO JUNTA",45,"","",97157,"ASSENTAMENTO DE TUBO DE FERRO FUNDIDO PARA REDE DE ÁGUA, DN 80 MM, JUNTA ELÁSTICA, INSTALADO EM LOCAL COM NÍVEL BAIXO DE INTERFERÊNCIAS (NÃO INCLUI FORNECIMENTO). AF_11/2017","M","ATRIBUÍDO SÃO PAULO",3.76,"","","","","","","","",2.2999999999999998,60.893854900000001,0.81,21.787709400000001,"0,65","17,3184357","0,00","0,0000000","0,00","0,0000000",0,"CAIXA REFERENCIAL"]
["ASSENTAMENTO DE TUBOS E PECAS","ASTU","FORNEC E/OU ASSENT DE TUBO DE FERRO FUNDIDO JUNTA",45,"","",97157,"ASSENTAMENTO DE TUBO DE FERRO FUNDIDO PARA REDE DE ÁGUA, DN 80 MM, JUNTA ELÁSTICA, INSTALADO EM LOCAL COM NÍVEL BAIXO DE INTERFERÊNCIAS (NÃO INCLUI FORNECIMENTO). AF_11/2017","M","ATRIBUÍDO SÃO PAULO",3.76,"COMPOSICAO",5678,"RETROESCAVADEIRA SOBRE RODAS COM CARREGADEIRA, TRAÇÃO 4X4, POTÊNCIA LÍQ. 88 HP, CAÇAMBA CARREG. CAP. MÍN. 1 M3, CAÇAMBA RETRO CAP. 0,26 M3, PESO OPERACIONAL MÍN. 6.674 KG, PROFUNDIDADE ESCAVAÇÃO MÁX. 4,37 M - CHP DIURNO. AF_06/2014","CHP","ATRIBUÍDO SÃO PAULO",9.9000000000000008E-3,92.02,0.91,"","","","","","","","","","",null,"CAIXA REFERENCIAL"]
["ASSENTAMENTO DE TUBOS E PECAS","ASTU","FORNEC E/OU ASSENT DE TUBO DE FERRO FUNDIDO JUNTA",45,"","",97157,"ASSENTAMENTO DE TUBO DE FERRO FUNDIDO PARA REDE DE ÁGUA, DN 80 MM, JUNTA ELÁSTICA, INSTALADO EM LOCAL COM NÍVEL BAIXO DE INTERFERÊNCIAS (NÃO INCLUI FORNECIMENTO). AF_11/2017","M","ATRIBUÍDO SÃO PAULO",3.76,"COMPOSICAO",5679,"RETROESCAVADEIRA SOBRE RODAS COM CARREGADEIRA, TRAÇÃO 4X4, POTÊNCIA LÍQ. 88 HP, CAÇAMBA CARREG. CAP. MÍN. 1 M3, CAÇAMBA RETRO CAP. 0,26 M3, PESO OPERACIONAL MÍN. 6.674 KG, PROFUNDIDADE ESCAVAÇÃO MÁX. 4,37 M - CHI DIURNO. AF_06/2014","CHI","ATRIBUÍDO SÃO PAULO",1.9E-2,43.92,0.83,"","","","","","","","","","",null,"CAIXA REFERENCIAL"]
["ASSENTAMENTO DE TUBOS E PECAS","ASTU","FORNEC E/OU ASSENT DE TUBO DE FERRO FUNDIDO JUNTA",45,"","",97157,"ASSENTAMENTO DE TUBO DE FERRO FUNDIDO PARA REDE DE ÁGUA, DN 80 MM, JUNTA ELÁSTICA, INSTALADO EM LOCAL COM NÍVEL BAIXO DE INTERFERÊNCIAS (NÃO INCLUI FORNECIMENTO). AF_11/2017","M","ATRIBUÍDO SÃO PAULO",3.76,"INSUMO",20078,"PASTA LUBRIFICANTE PARA TUBOS E CONEXOES COM JUNTA ELASTICA (USO EM PVC, ACO, POLIETILENO E OUTROS) ( DE *400* G)","UN","COEFICIENTE DE REPRESENTATIVIDADE",4.5999999999999999E-3,16.53,7.0000000000000007E-2,"","","","","","","","","","",null,"CAIXA REFERENCIAL"]
["ASSENTAMENTO DE TUBOS E PECAS","ASTU","FORNEC E/OU ASSENT DE TUBO DE FERRO FUNDIDO JUNTA",45,"","",97157,"ASSENTAMENTO DE TUBO DE FERRO FUNDIDO PARA REDE DE ÁGUA, DN 80 MM, JUNTA ELÁSTICA, INSTALADO EM LOCAL COM NÍVEL BAIXO DE INTERFERÊNCIAS (NÃO INCLUI FORNECIMENTO). AF_11/2017","M","ATRIBUÍDO SÃO PAULO",3.76,"COMPOSICAO",88246,"ASSENTADOR DE TUBOS COM ENCARGOS COMPLEMENTARES","H","COEFICIENTE DE REPRESENTATIVIDADE",5.4800000000000001E-2,21.04,1.1499999999999999,"","","","","","","","","","",null,"CAIXA REFERENCIAL"]
["ASSENTAMENTO DE TUBOS E PECAS","ASTU","FORNEC E/OU ASSENT DE TUBO DE FERRO FUNDIDO JUNTA",45,"","",97157,"ASSENTAMENTO DE TUBO DE FERRO FUNDIDO PARA REDE DE ÁGUA, DN 80 MM, JUNTA ELÁSTICA, INSTALADO EM LOCAL COM NÍVEL BAIXO DE INTERFERÊNCIAS (NÃO INCLUI FORNECIMENTO). AF_11/2017","M","ATRIBUÍDO SÃO PAULO",3.76,"COMPOSICAO",88316,"SERVENTE COM ENCARGOS COMPLEMENTARES","H","COLETADO",5.4800000000000001E-2,14.67,0.8,"","","","","","","","","","",null,"CAIXA REFERENCIAL"]
["ASSENTAMENTO DE TUBOS E PECAS","ASTU","FORNEC E/OU ASSENT DE TUBO DE FERRO FUNDIDO JUNTA",45,"","",97158,"ASSENTAMENTO DE TUBO DE FERRO FUNDIDO PARA REDE DE ÁGUA, DN 100 MM, JUNTA ELÁSTICA, INSTALADO EM LOCAL COM NÍVEL BAIXO DE INTERFERÊNCIAS (NÃO INCLUI FORNECIMENTO). AF_11/2017","M","ATRIBUÍDO SÃO PAULO",4.1900000000000004,"","","","","","","","",2.56,60.837438499999998,0.93,22.413793099999999,"0,70","16,7487684","0,00","0,0000000","0,00","0,0000000",0,"CAIXA REFERENCIAL"]
["ASSENTAMENTO DE TUBOS E PECAS","ASTU","FORNEC E/OU ASSENT DE TUBO DE FERRO FUNDIDO JUNTA",45,"","",97158,"ASSENTAMENTO DE TUBO DE FERRO FUNDIDO PARA REDE DE ÁGUA, DN 100 MM, JUNTA ELÁSTICA, INSTALADO EM LOCAL COM NÍVEL BAIXO DE INTERFERÊNCIAS (NÃO INCLUI FORNECIMENTO). AF_11/2017","M","ATRIBUÍDO SÃO PAULO",4.1900000000000004,"COMPOSICAO",5678,"RETROESCAVADEIRA SOBRE RODAS COM CARREGADEIRA, TRAÇÃO 4X4, POTÊNCIA LÍQ. 88 HP, CAÇAMBA CARREG. CAP. MÍN. 1 M3, CAÇAMBA RETRO CAP. 0,26 M3, PESO OPERACIONAL MÍN. 6.674 KG, PROFUNDIDADE ESCAVAÇÃO MÁX. 4,37 M - CHP DIURNO. AF_06/2014","CHP","ATRIBUÍDO SÃO PAULO",1.06E-2,92.02,0.97,"","","","","","","","","","",null,"CAIXA REFERENCIAL"]
["ASSENTAMENTO DE TUBOS E PECAS","ASTU","FORNEC E/OU ASSENT DE TUBO DE FERRO FUNDIDO JUNTA",45,"","",97158,"ASSENTAMENTO DE TUBO DE FERRO FUNDIDO PARA REDE DE ÁGUA, DN 100 MM, JUNTA ELÁSTICA, INSTALADO EM LOCAL COM NÍVEL BAIXO DE INTERFERÊNCIAS (NÃO INCLUI FORNECIMENTO). AF_11/2017","M","ATRIBUÍDO SÃO PAULO",4.1900000000000004,"COMPOSICAO",5679,"RETROESCAVADEIRA SOBRE RODAS COM CARREGADEIRA, TRAÇÃO 4X4, POTÊNCIA LÍQ. 88 HP, CAÇAMBA CARREG. CAP. MÍN. 1 M3, CAÇAMBA RETRO CAP. 0,26 M3, PESO OPERACIONAL MÍN. 6.674 KG, PROFUNDIDADE ESCAVAÇÃO MÁX. 4,37 M - CHI DIURNO. AF_06/2014","CHI","ATRIBUÍDO SÃO PAULO",2.0400000000000001E-2,43.92,0.89,"","","","","","","","","","",null,"CAIXA REFERENCIAL"]
["ASSENTAMENTO DE TUBOS E PECAS","ASTU","FORNEC E/OU ASSENT DE TUBO DE FERRO FUNDIDO JUNTA",45,"","",97158,"ASSENTAMENTO DE TUBO DE FERRO FUNDIDO PARA REDE DE ÁGUA, DN 100 MM, JUNTA ELÁSTICA, INSTALADO EM LOCAL COM NÍVEL BAIXO DE INTERFERÊNCIAS (NÃO INCLUI FORNECIMENTO). AF_11/2017","M","ATRIBUÍDO SÃO PAULO",4.1900000000000004,"INSUMO",20078,"PASTA LUBRIFICANTE PARA TUBOS E CONEXOES COM JUNTA ELASTICA (USO EM PVC, ACO, POLIETILENO E OUTROS) ( DE *400* G)","UN","COEFICIENTE DE REPRESENTATIVIDADE",5.4000000000000003E-3,16.53,0.08,"","","","","","","","","","",null,"CAIXA REFERENCIAL"]
["ASSENTAMENTO DE TUBOS E PECAS","ASTU","FORNEC E/OU ASSENT DE TUBO DE FERRO FUNDIDO JUNTA",45,"","",97158,"ASSENTAMENTO DE TUBO DE FERRO FUNDIDO PARA REDE DE ÁGUA, DN 100 MM, JUNTA ELÁSTICA, INSTALADO EM LOCAL COM NÍVEL BAIXO DE INTERFERÊNCIAS (NÃO INCLUI FORNECIMENTO). AF_11/2017","M","ATRIBUÍDO SÃO PAULO",4.1900000000000004,"COMPOSICAO",88246,"ASSENTADOR DE TUBOS COM ENCARGOS COMPLEMENTARES","H","COEFICIENTE DE REPRESENTATIVIDADE",6.3299999999999995E-2,21.04,1.33,"","","","","","","","","","",null,"CAIXA REFERENCIAL"]
["ASSENTAMENTO DE TUBOS E PECAS","ASTU","FORNEC E/OU ASSENT DE TUBO DE FERRO FUNDIDO JUNTA",45,"","",97158,"ASSENTAMENTO DE TUBO DE FERRO FUNDIDO PARA REDE DE ÁGUA, DN 100 MM, JUNTA ELÁSTICA, INSTALADO EM LOCAL COM NÍVEL BAIXO DE INTERFERÊNCIAS (NÃO INCLUI FORNECIMENTO). AF_11/2017","M","ATRIBUÍDO SÃO PAULO",4.1900000000000004,"COMPOSICAO",88316,"SERVENTE COM ENCARGOS COMPLEMENTARES","H","COLETADO",6.3299999999999995E-2,14.67,0.92,"","","","","","","","","","",null,"CAIXA REFERENCIAL"]
["ASSENTAMENTO DE TUBOS E PECAS","ASTU","FORNEC E/OU ASSENT DE TUBO DE FERRO FUNDIDO JUNTA",45,"","",97159,"ASSENTAMENTO DE TUBO DE FERRO FUNDIDO PARA REDE DE ÁGUA, DN 150 MM, JUNTA ELÁSTICA, INSTALADO EM LOCAL COM NÍVEL BAIXO DE INTERFERÊNCIAS (NÃO INCLUI FORNECIMENTO). AF_11/2017","M","ATRIBUÍDO SÃO PAULO",5.29,"","","","","","","","",3.29,62.062256900000001,1.19,22.568093300000001,"0,81","15,3696498","0,00","0,0000000","0,00","0,0000000",0,"CAIXA REFERENCIAL"]
["ASSENTAMENTO DE TUBOS E PECAS","ASTU","FORNEC E/OU ASSENT DE TUBO DE FERRO FUNDIDO JUNTA",45,"","",97159,"ASSENTAMENTO DE TUBO DE FERRO FUNDIDO PARA REDE DE ÁGUA, DN 150 MM, JUNTA ELÁSTICA, INSTALADO EM LOCAL COM NÍVEL BAIXO DE INTERFERÊNCIAS (NÃO INCLUI FORNECIMENTO). AF_11/2017","M","ATRIBUÍDO SÃO PAULO",5.29,"COMPOSICAO",5678,"RETROESCAVADEIRA SOBRE RODAS COM CARREGADEIRA, TRAÇÃO 4X4, POTÊNCIA LÍQ. 88 HP, CAÇAMBA CARREG. CAP. MÍN. 1 M3, CAÇAMBA RETRO CAP. 0,26 M3, PESO OPERACIONAL MÍN. 6.674 KG, PROFUNDIDADE ESCAVAÇÃO MÁX. 4,37 M - CHP DIURNO. AF_06/2014","CHP","ATRIBUÍDO SÃO PAULO",1.24E-2,92.02,1.1399999999999999,"","","","","","","","","","",null,"CAIXA REFERENCIAL"]
["ASSENTAMENTO DE TUBOS E PECAS","ASTU","FORNEC E/OU ASSENT DE TUBO DE FERRO FUNDIDO JUNTA",45,"","",97159,"ASSENTAMENTO DE TUBO DE FERRO FUNDIDO PARA REDE DE ÁGUA, DN 150 MM, JUNTA ELÁSTICA, INSTALADO EM LOCAL COM NÍVEL BAIXO DE INTERFERÊNCIAS (NÃO INCLUI FORNECIMENTO). AF_11/2017","M","ATRIBUÍDO SÃO PAULO",5.29,"COMPOSICAO",5679,"RETROESCAVADEIRA SOBRE RODAS COM CARREGADEIRA, TRAÇÃO 4X4, POTÊNCIA LÍQ. 88 HP, CAÇAMBA CARREG. CAP. MÍN. 1 M3, CAÇAMBA RETRO CAP. 0,26 M3, PESO OPERACIONAL MÍN. 6.674 KG, PROFUNDIDADE ESCAVAÇÃO MÁX. 4,37 M - CHI DIURNO. AF_06/2014","CHI","ATRIBUÍDO SÃO PAULO",2.3699999999999999E-2,43.92,1.04,"","","","","","","","","","",null,"CAIXA REFERENCIAL"]
["ASSENTAMENTO DE TUBOS E PECAS","ASTU","FORNEC E/OU ASSENT DE TUBO DE FERRO FUNDIDO JUNTA",45,"","",97159,"ASSENTAMENTO DE TUBO DE FERRO FUNDIDO PARA REDE DE ÁGUA, DN 150 MM, JUNTA ELÁSTICA, INSTALADO EM LOCAL COM NÍVEL BAIXO DE INTERFERÊNCIAS (NÃO INCLUI FORNECIMENTO). AF_11/2017","M","ATRIBUÍDO SÃO PAULO",5.29,"INSUMO",20078,"PASTA LUBRIFICANTE PARA TUBOS E CONEXOES COM JUNTA ELASTICA (USO EM PVC, ACO, POLIETILENO E OUTROS) ( DE *400* G)","UN","COEFICIENTE DE REPRESENTATIVIDADE",7.1000000000000004E-3,16.53,0.11,"","","","","","","","","","",null,"CAIXA REFERENCIAL"]
["ASSENTAMENTO DE TUBOS E PECAS","ASTU","FORNEC E/OU ASSENT DE TUBO DE FERRO FUNDIDO JUNTA",45,"","",97159,"ASSENTAMENTO DE TUBO DE FERRO FUNDIDO PARA REDE DE ÁGUA, DN 150 MM, JUNTA ELÁSTICA, INSTALADO EM LOCAL COM NÍVEL BAIXO DE INTERFERÊNCIAS (NÃO INCLUI FORNECIMENTO). AF_11/2017","M","ATRIBUÍDO SÃO PAULO",5.29,"COMPOSICAO",88246,"ASSENTADOR DE TUBOS COM ENCARGOS COMPLEMENTARES","H","COEFICIENTE DE REPRESENTATIVIDADE",8.4500000000000006E-2,21.04,1.77,"","","","","","","","","","",null,"CAIXA REFERENCIAL"]
["ASSENTAMENTO DE TUBOS E PECAS","ASTU","FORNEC E/OU ASSENT DE TUBO DE FERRO FUNDIDO JUNTA",45,"","",97159,"ASSENTAMENTO DE TUBO DE FERRO FUNDIDO PARA REDE DE ÁGUA, DN 150 MM, JUNTA ELÁSTICA, INSTALADO EM LOCAL COM NÍVEL BAIXO DE INTERFERÊNCIAS (NÃO INCLUI FORNECIMENTO). AF_11/2017","M","ATRIBUÍDO SÃO PAULO",5.29,"COMPOSICAO",88316,"SERVENTE COM ENCARGOS COMPLEMENTARES","H","COLETADO",8.4500000000000006E-2,14.67,1.23,"","","","","","","","","","",null,"CAIXA REFERENCIAL"]
["ASSENTAMENTO DE TUBOS E PECAS","ASTU","FORNEC E/OU ASSENT DE TUBO DE FERRO FUNDIDO JUNTA",45,"","",97160,"ASSENTAMENTO DE TUBO DE FERRO FUNDIDO PARA REDE DE ÁGUA, DN 200 MM, JUNTA ELÁSTICA, INSTALADO EM LOCAL COM NÍVEL BAIXO DE INTERFERÊNCIAS (NÃO INCLUI FORNECIMENTO). AF_11/2017","M","ATRIBUÍDO SÃO PAULO",6.38,"","","","","","","","",4.01,62.741935599999998,1.45,22.741935399999999,"0,92","14,5161290","0,00","0,0000000","0,00","0,0000000",0,"CAIXA REFERENCIAL"]
["ASSENTAMENTO DE TUBOS E PECAS","ASTU","FORNEC E/OU ASSENT DE TUBO DE FERRO FUNDIDO JUNTA",45,"","",97160,"ASSENTAMENTO DE TUBO DE FERRO FUNDIDO PARA REDE DE ÁGUA, DN 200 MM, JUNTA ELÁSTICA, INSTALADO EM LOCAL COM NÍVEL BAIXO DE INTERFERÊNCIAS (NÃO INCLUI FORNECIMENTO). AF_11/2017","M","ATRIBUÍDO SÃO PAULO",6.38,"COMPOSICAO",5678,"RETROESCAVADEIRA SOBRE RODAS COM CARREGADEIRA, TRAÇÃO 4X4, POTÊNCIA LÍQ. 88 HP, CAÇAMBA CARREG. CAP. MÍN. 1 M3, CAÇAMBA RETRO CAP. 0,26 M3, PESO OPERACIONAL MÍN. 6.674 KG, PROFUNDIDADE ESCAVAÇÃO MÁX. 4,37 M - CHP DIURNO. AF_06/2014","CHP","ATRIBUÍDO SÃO PAULO",1.41E-2,92.02,1.29,"","","","","","","","","","",null,"CAIXA REFERENCIAL"]
["ASSENTAMENTO DE TUBOS E PECAS","ASTU","FORNEC E/OU ASSENT DE TUBO DE FERRO FUNDIDO JUNTA",45,"","",97160,"ASSENTAMENTO DE TUBO DE FERRO FUNDIDO PARA REDE DE ÁGUA, DN 200 MM, JUNTA ELÁSTICA, INSTALADO EM LOCAL COM NÍVEL BAIXO DE INTERFERÊNCIAS (NÃO INCLUI FORNECIMENTO). AF_11/2017","M","ATRIBUÍDO SÃO PAULO",6.38,"COMPOSICAO",5679,"RETROESCAVADEIRA SOBRE RODAS COM CARREGADEIRA, TRAÇÃO 4X4, POTÊNCIA LÍQ. 88 HP, CAÇAMBA CARREG. CAP. MÍN. 1 M3, CAÇAMBA RETRO CAP. 0,26 M3, PESO OPERACIONAL MÍN. 6.674 KG, PROFUNDIDADE ESCAVAÇÃO MÁX. 4,37 M - CHI DIURNO. AF_06/2014","CHI","ATRIBUÍDO SÃO PAULO",2.7E-2,43.92,1.18,"","","","","","","","","","",null,"CAIXA REFERENCIAL"]
["ASSENTAMENTO DE TUBOS E PECAS","ASTU","FORNEC E/OU ASSENT DE TUBO DE FERRO FUNDIDO JUNTA",45,"","",97160,"ASSENTAMENTO DE TUBO DE FERRO FUNDIDO PARA REDE DE ÁGUA, DN 200 MM, JUNTA ELÁSTICA, INSTALADO EM LOCAL COM NÍVEL BAIXO DE INTERFERÊNCIAS (NÃO INCLUI FORNECIMENTO). AF_11/2017","M","ATRIBUÍDO SÃO PAULO",6.38,"INSUMO",20078,"PASTA LUBRIFICANTE PARA TUBOS E CONEXOES COM JUNTA ELASTICA (USO EM PVC, ACO, POLIETILENO E OUTROS) ( DE *400* G)","UN","COEFICIENTE DE REPRESENTATIVIDADE",8.6999999999999994E-3,16.53,0.14000000000000001,"","","","","","","","","","",null,"CAIXA REFERENCIAL"]
["ASSENTAMENTO DE TUBOS E PECAS","ASTU","FORNEC E/OU ASSENT DE TUBO DE FERRO FUNDIDO JUNTA",45,"","",97160,"ASSENTAMENTO DE TUBO DE FERRO FUNDIDO PARA REDE DE ÁGUA, DN 200 MM, JUNTA ELÁSTICA, INSTALADO EM LOCAL COM NÍVEL BAIXO DE INTERFERÊNCIAS (NÃO INCLUI FORNECIMENTO). AF_11/2017","M","ATRIBUÍDO SÃO PAULO",6.38,"COMPOSICAO",88246,"ASSENTADOR DE TUBOS COM ENCARGOS COMPLEMENTARES","H","COEFICIENTE DE REPRESENTATIVIDADE",0.1057,21.04,2.2200000000000002,"","","","","","","","","","",null,"CAIXA REFERENCIAL"]
["ASSENTAMENTO DE TUBOS E PECAS","ASTU","FORNEC E/OU ASSENT DE TUBO DE FERRO FUNDIDO JUNTA",45,"","",97160,"ASSENTAMENTO DE TUBO DE FERRO FUNDIDO PARA REDE DE ÁGUA, DN 200 MM, JUNTA ELÁSTICA, INSTALADO EM LOCAL COM NÍVEL BAIXO DE INTERFERÊNCIAS (NÃO INCLUI FORNECIMENTO). AF_11/2017","M","ATRIBUÍDO SÃO PAULO",6.38,"COMPOSICAO",88316,"SERVENTE COM ENCARGOS COMPLEMENTARES","H","COLETADO",0.1057,14.67,1.55,"","","","","","","","","","",null,"CAIXA REFERENCIAL"]
["ASSENTAMENTO DE TUBOS E PECAS","ASTU","FORNEC E/OU ASSENT DE TUBO DE FERRO FUNDIDO JUNTA",45,"","",97161,"ASSENTAMENTO DE TUBO DE FERRO FUNDIDO PARA REDE DE ÁGUA, DN 250 MM, JUNTA ELÁSTICA, INSTALADO EM LOCAL COM NÍVEL BAIXO DE INTERFERÊNCIAS (NÃO INCLUI FORNECIMENTO). AF_11/2017","M","ATRIBUÍDO SÃO PAULO",7.5,"","","","","","","","",4.71,62.670299900000003,1.76,23.569482199999999,"1,03","13,7602179","0,00","0,0000000","0,00","0,0000000",0,"CAIXA REFERENCIAL"]
["ASSENTAMENTO DE TUBOS E PECAS","ASTU","FORNEC E/OU ASSENT DE TUBO DE FERRO FUNDIDO JUNTA",45,"","",97161,"ASSENTAMENTO DE TUBO DE FERRO FUNDIDO PARA REDE DE ÁGUA, DN 250 MM, JUNTA ELÁSTICA, INSTALADO EM LOCAL COM NÍVEL BAIXO DE INTERFERÊNCIAS (NÃO INCLUI FORNECIMENTO). AF_11/2017","M","ATRIBUÍDO SÃO PAULO",7.5,"COMPOSICAO",5678,"RETROESCAVADEIRA SOBRE RODAS COM CARREGADEIRA, TRAÇÃO 4X4, POTÊNCIA LÍQ. 88 HP, CAÇAMBA CARREG. CAP. MÍN. 1 M3, CAÇAMBA RETRO CAP. 0,26 M3, PESO OPERACIONAL MÍN. 6.674 KG, PROFUNDIDADE ESCAVAÇÃO MÁX. 4,37 M - CHP DIURNO. AF_06/2014","CHP","ATRIBUÍDO SÃO PAULO",1.5900000000000001E-2,92.02,1.46,"","","","","","","","","","",null,"CAIXA REFERENCIAL"]
["ASSENTAMENTO DE TUBOS E PECAS","ASTU","FORNEC E/OU ASSENT DE TUBO DE FERRO FUNDIDO JUNTA",45,"","",97161,"ASSENTAMENTO DE TUBO DE FERRO FUNDIDO PARA REDE DE ÁGUA, DN 250 MM, JUNTA ELÁSTICA, INSTALADO EM LOCAL COM NÍVEL BAIXO DE INTERFERÊNCIAS (NÃO INCLUI FORNECIMENTO). AF_11/2017","M","ATRIBUÍDO SÃO PAULO",7.5,"COMPOSICAO",5679,"RETROESCAVADEIRA SOBRE RODAS COM CARREGADEIRA, TRAÇÃO 4X4, POTÊNCIA LÍQ. 88 HP, CAÇAMBA CARREG. CAP. MÍN. 1 M3, CAÇAMBA RETRO CAP. 0,26 M3, PESO OPERACIONAL MÍN. 6.674 KG, PROFUNDIDADE ESCAVAÇÃO MÁX. 4,37 M - CHI DIURNO. AF_06/2014","CHI","ATRIBUÍDO SÃO PAULO",3.04E-2,43.92,1.33,"","","","","","","","","","",null,"CAIXA REFERENCIAL"]
["ASSENTAMENTO DE TUBOS E PECAS","ASTU","FORNEC E/OU ASSENT DE TUBO DE FERRO FUNDIDO JUNTA",45,"","",97161,"ASSENTAMENTO DE TUBO DE FERRO FUNDIDO PARA REDE DE ÁGUA, DN 250 MM, JUNTA ELÁSTICA, INSTALADO EM LOCAL COM NÍVEL BAIXO DE INTERFERÊNCIAS (NÃO INCLUI FORNECIMENTO). AF_11/2017","M","ATRIBUÍDO SÃO PAULO",7.5,"INSUMO",20078,"PASTA LUBRIFICANTE PARA TUBOS E CONEXOES COM JUNTA ELASTICA (USO EM PVC, ACO, POLIETILENO E OUTROS) ( DE *400* G)","UN","COEFICIENTE DE REPRESENTATIVIDADE",1.1299999999999999E-2,16.53,0.18,"","","","","","","","","","",null,"CAIXA REFERENCIAL"]
["ASSENTAMENTO DE TUBOS E PECAS","ASTU","FORNEC E/OU ASSENT DE TUBO DE FERRO FUNDIDO JUNTA",45,"","",97161,"ASSENTAMENTO DE TUBO DE FERRO FUNDIDO PARA REDE DE ÁGUA, DN 250 MM, JUNTA ELÁSTICA, INSTALADO EM LOCAL COM NÍVEL BAIXO DE INTERFERÊNCIAS (NÃO INCLUI FORNECIMENTO). AF_11/2017","M","ATRIBUÍDO SÃO PAULO",7.5,"COMPOSICAO",88246,"ASSENTADOR DE TUBOS COM ENCARGOS COMPLEMENTARES","H","COEFICIENTE DE REPRESENTATIVIDADE",0.127,21.04,2.67,"","","","","","","","","","",null,"CAIXA REFERENCIAL"]
["ASSENTAMENTO DE TUBOS E PECAS","ASTU","FORNEC E/OU ASSENT DE TUBO DE FERRO FUNDIDO JUNTA",45,"","",97161,"ASSENTAMENTO DE TUBO DE FERRO FUNDIDO PARA REDE DE ÁGUA, DN 250 MM, JUNTA ELÁSTICA, INSTALADO EM LOCAL COM NÍVEL BAIXO DE INTERFERÊNCIAS (NÃO INCLUI FORNECIMENTO). AF_11/2017","M","ATRIBUÍDO SÃO PAULO",7.5,"COMPOSICAO",88316,"SERVENTE COM ENCARGOS COMPLEMENTARES","H","COLETADO",0.127,14.67,1.86,"","","","","","","","","","",null,"CAIXA REFERENCIAL"]
["ASSENTAMENTO DE TUBOS E PECAS","ASTU","FORNEC E/OU ASSENT DE TUBO DE FERRO FUNDIDO JUNTA",45,"","",97162,"ASSENTAMENTO DE TUBO DE FERRO FUNDIDO PARA REDE DE ÁGUA, DN 300 MM, JUNTA ELÁSTICA, INSTALADO EM LOCAL COM NÍVEL BAIXO DE INTERFERÊNCIAS (NÃO INCLUI FORNECIMENTO). AF_11/2017","M","ATRIBUÍDO SÃO PAULO",8.59,"","","","","","","","",5.4,62.735849199999997,2.0499999999999998,23.938679199999999,"1,14","13,3254716","0,00","0,0000000","0,00","0,0000000",0,"CAIXA REFERENCIAL"]
["ASSENTAMENTO DE TUBOS E PECAS","ASTU","FORNEC E/OU ASSENT DE TUBO DE FERRO FUNDIDO JUNTA",45,"","",97162,"ASSENTAMENTO DE TUBO DE FERRO FUNDIDO PARA REDE DE ÁGUA, DN 300 MM, JUNTA ELÁSTICA, INSTALADO EM LOCAL COM NÍVEL BAIXO DE INTERFERÊNCIAS (NÃO INCLUI FORNECIMENTO). AF_11/2017","M","ATRIBUÍDO SÃO PAULO",8.59,"COMPOSICAO",5678,"RETROESCAVADEIRA SOBRE RODAS COM CARREGADEIRA, TRAÇÃO 4X4, POTÊNCIA LÍQ. 88 HP, CAÇAMBA CARREG. CAP. MÍN. 1 M3, CAÇAMBA RETRO CAP. 0,26 M3, PESO OPERACIONAL MÍN. 6.674 KG, PROFUNDIDADE ESCAVAÇÃO MÁX. 4,37 M - CHP DIURNO. AF_06/2014","CHP","ATRIBUÍDO SÃO PAULO",1.7600000000000001E-2,92.02,1.61,"","","","","","","","","","",null,"CAIXA REFERENCIAL"]
["ASSENTAMENTO DE TUBOS E PECAS","ASTU","FORNEC E/OU ASSENT DE TUBO DE FERRO FUNDIDO JUNTA",45,"","",97162,"ASSENTAMENTO DE TUBO DE FERRO FUNDIDO PARA REDE DE ÁGUA, DN 300 MM, JUNTA ELÁSTICA, INSTALADO EM LOCAL COM NÍVEL BAIXO DE INTERFERÊNCIAS (NÃO INCLUI FORNECIMENTO). AF_11/2017","M","ATRIBUÍDO SÃO PAULO",8.59,"COMPOSICAO",5679,"RETROESCAVADEIRA SOBRE RODAS COM CARREGADEIRA, TRAÇÃO 4X4, POTÊNCIA LÍQ. 88 HP, CAÇAMBA CARREG. CAP. MÍN. 1 M3, CAÇAMBA RETRO CAP. 0,26 M3, PESO OPERACIONAL MÍN. 6.674 KG, PROFUNDIDADE ESCAVAÇÃO MÁX. 4,37 M - CHI DIURNO. AF_06/2014","CHI","ATRIBUÍDO SÃO PAULO",3.3700000000000001E-2,43.92,1.48,"","","","","","","","","","",null,"CAIXA REFERENCIAL"]
["ASSENTAMENTO DE TUBOS E PECAS","ASTU","FORNEC E/OU ASSENT DE TUBO DE FERRO FUNDIDO JUNTA",45,"","",97162,"ASSENTAMENTO DE TUBO DE FERRO FUNDIDO PARA REDE DE ÁGUA, DN 300 MM, JUNTA ELÁSTICA, INSTALADO EM LOCAL COM NÍVEL BAIXO DE INTERFERÊNCIAS (NÃO INCLUI FORNECIMENTO). AF_11/2017","M","ATRIBUÍDO SÃO PAULO",8.59,"INSUMO",20078,"PASTA LUBRIFICANTE PARA TUBOS E CONEXOES COM JUNTA ELASTICA (USO EM PVC, ACO, POLIETILENO E OUTROS) ( DE *400* G)","UN","COEFICIENTE DE REPRESENTATIVIDADE",1.38E-2,16.53,0.22,"","","","","","","","","","",null,"CAIXA REFERENCIAL"]
["ASSENTAMENTO DE TUBOS E PECAS","ASTU","FORNEC E/OU ASSENT DE TUBO DE FERRO FUNDIDO JUNTA",45,"","",97162,"ASSENTAMENTO DE TUBO DE FERRO FUNDIDO PARA REDE DE ÁGUA, DN 300 MM, JUNTA ELÁSTICA, INSTALADO EM LOCAL COM NÍVEL BAIXO DE INTERFERÊNCIAS (NÃO INCLUI FORNECIMENTO). AF_11/2017","M","ATRIBUÍDO SÃO PAULO",8.59,"COMPOSICAO",88246,"ASSENTADOR DE TUBOS COM ENCARGOS COMPLEMENTARES","H","COEFICIENTE DE REPRESENTATIVIDADE",0.1482,21.04,3.11,"","","","","","","","","","",null,"CAIXA REFERENCIAL"]
["ASSENTAMENTO DE TUBOS E PECAS","ASTU","FORNEC E/OU ASSENT DE TUBO DE FERRO FUNDIDO JUNTA",45,"","",97162,"ASSENTAMENTO DE TUBO DE FERRO FUNDIDO PARA REDE DE ÁGUA, DN 300 MM, JUNTA ELÁSTICA, INSTALADO EM LOCAL COM NÍVEL BAIXO DE INTERFERÊNCIAS (NÃO INCLUI FORNECIMENTO). AF_11/2017","M","ATRIBUÍDO SÃO PAULO",8.59,"COMPOSICAO",88316,"SERVENTE COM ENCARGOS COMPLEMENTARES","H","COLETADO",0.1482,14.67,2.17,"","","","","","","","","","",null,"CAIXA REFERENCIAL"]
["ASSENTAMENTO DE TUBOS E PECAS","ASTU","FORNEC E/OU ASSENT DE TUBO DE FERRO FUNDIDO JUNTA",45,"","",97163,"ASSENTAMENTO DE TUBO DE FERRO FUNDIDO PARA REDE DE ÁGUA, DN 350 MM, JUNTA ELÁSTICA, INSTALADO EM LOCAL COM NÍVEL BAIXO DE INTERFERÊNCIAS (NÃO INCLUI FORNECIMENTO). AF_11/2017","M","ATRIBUÍDO SÃO PAULO",9.6999999999999993,"","","","","","","","",6.14,63.141361400000001,2.31,23.8743455,"1,25","12,9842931","0,00","0,0000000","0,00","0,0000000",0,"CAIXA REFERENCIAL"]
["ASSENTAMENTO DE TUBOS E PECAS","ASTU","FORNEC E/OU ASSENT DE TUBO DE FERRO FUNDIDO JUNTA",45,"","",97163,"ASSENTAMENTO DE TUBO DE FERRO FUNDIDO PARA REDE DE ÁGUA, DN 350 MM, JUNTA ELÁSTICA, INSTALADO EM LOCAL COM NÍVEL BAIXO DE INTERFERÊNCIAS (NÃO INCLUI FORNECIMENTO). AF_11/2017","M","ATRIBUÍDO SÃO PAULO",9.6999999999999993,"COMPOSICAO",5678,"RETROESCAVADEIRA SOBRE RODAS COM CARREGADEIRA, TRAÇÃO 4X4, POTÊNCIA LÍQ. 88 HP, CAÇAMBA CARREG. CAP. MÍN. 1 M3, CAÇAMBA RETRO CAP. 0,26 M3, PESO OPERACIONAL MÍN. 6.674 KG, PROFUNDIDADE ESCAVAÇÃO MÁX. 4,37 M - CHP DIURNO. AF_06/2014","CHP","ATRIBUÍDO SÃO PAULO",1.9400000000000001E-2,92.02,1.78,"","","","","","","","","","",null,"CAIXA REFERENCIAL"]
["ASSENTAMENTO DE TUBOS E PECAS","ASTU","FORNEC E/OU ASSENT DE TUBO DE FERRO FUNDIDO JUNTA",45,"","",97163,"ASSENTAMENTO DE TUBO DE FERRO FUNDIDO PARA REDE DE ÁGUA, DN 350 MM, JUNTA ELÁSTICA, INSTALADO EM LOCAL COM NÍVEL BAIXO DE INTERFERÊNCIAS (NÃO INCLUI FORNECIMENTO). AF_11/2017","M","ATRIBUÍDO SÃO PAULO",9.6999999999999993,"COMPOSICAO",5679,"RETROESCAVADEIRA SOBRE RODAS COM CARREGADEIRA, TRAÇÃO 4X4, POTÊNCIA LÍQ. 88 HP, CAÇAMBA CARREG. CAP. MÍN. 1 M3, CAÇAMBA RETRO CAP. 0,26 M3, PESO OPERACIONAL MÍN. 6.674 KG, PROFUNDIDADE ESCAVAÇÃO MÁX. 4,37 M - CHI DIURNO. AF_06/2014","CHI","ATRIBUÍDO SÃO PAULO",3.7100000000000001E-2,43.92,1.62,"","","","","","","","","","",null,"CAIXA REFERENCIAL"]
["ASSENTAMENTO DE TUBOS E PECAS","ASTU","FORNEC E/OU ASSENT DE TUBO DE FERRO FUNDIDO JUNTA",45,"","",97163,"ASSENTAMENTO DE TUBO DE FERRO FUNDIDO PARA REDE DE ÁGUA, DN 350 MM, JUNTA ELÁSTICA, INSTALADO EM LOCAL COM NÍVEL BAIXO DE INTERFERÊNCIAS (NÃO INCLUI FORNECIMENTO). AF_11/2017","M","ATRIBUÍDO SÃO PAULO",9.6999999999999993,"INSUMO",20078,"PASTA LUBRIFICANTE PARA TUBOS E CONEXOES COM JUNTA ELASTICA (USO EM PVC, ACO, POLIETILENO E OUTROS) ( DE *400* G)","UN","COEFICIENTE DE REPRESENTATIVIDADE",1.6299999999999999E-2,16.53,0.26,"","","","","","","","","","",null,"CAIXA REFERENCIAL"]
["ASSENTAMENTO DE TUBOS E PECAS","ASTU","FORNEC E/OU ASSENT DE TUBO DE FERRO FUNDIDO JUNTA",45,"","",97163,"ASSENTAMENTO DE TUBO DE FERRO FUNDIDO PARA REDE DE ÁGUA, DN 350 MM, JUNTA ELÁSTICA, INSTALADO EM LOCAL COM NÍVEL BAIXO DE INTERFERÊNCIAS (NÃO INCLUI FORNECIMENTO). AF_11/2017","M","ATRIBUÍDO SÃO PAULO",9.6999999999999993,"COMPOSICAO",88246,"ASSENTADOR DE TUBOS COM ENCARGOS COMPLEMENTARES","H","COEFICIENTE DE REPRESENTATIVIDADE",0.1694,21.04,3.56,"","","","","","","","","","",null,"CAIXA REFERENCIAL"]
["ASSENTAMENTO DE TUBOS E PECAS","ASTU","FORNEC E/OU ASSENT DE TUBO DE FERRO FUNDIDO JUNTA",45,"","",97163,"ASSENTAMENTO DE TUBO DE FERRO FUNDIDO PARA REDE DE ÁGUA, DN 350 MM, JUNTA ELÁSTICA, INSTALADO EM LOCAL COM NÍVEL BAIXO DE INTERFERÊNCIAS (NÃO INCLUI FORNECIMENTO). AF_11/2017","M","ATRIBUÍDO SÃO PAULO",9.6999999999999993,"COMPOSICAO",88316,"SERVENTE COM ENCARGOS COMPLEMENTARES","H","COLETADO",0.1694,14.67,2.48,"","","","","","","","","","",null,"CAIXA REFERENCIAL"]
["ASSENTAMENTO DE TUBOS E PECAS","ASTU","FORNEC E/OU ASSENT DE TUBO DE FERRO FUNDIDO JUNTA",45,"","",97164,"ASSENTAMENTO DE TUBO DE FERRO FUNDIDO PARA REDE DE ÁGUA, DN 400 MM, JUNTA ELÁSTICA, INSTALADO EM LOCAL COM NÍVEL BAIXO DE INTERFERÊNCIAS (NÃO INCLUI FORNECIMENTO). AF_11/2017","M","ATRIBUÍDO SÃO PAULO",10.82,"","","","","","","","",6.85,63.286385099999997,2.59,23.943661899999999,"1,38","12,7699530","0,00","0,0000000","0,00","0,0000000",0,"CAIXA REFERENCIAL"]
["ASSENTAMENTO DE TUBOS E PECAS","ASTU","FORNEC E/OU ASSENT DE TUBO DE FERRO FUNDIDO JUNTA",45,"","",97164,"ASSENTAMENTO DE TUBO DE FERRO FUNDIDO PARA REDE DE ÁGUA, DN 400 MM, JUNTA ELÁSTICA, INSTALADO EM LOCAL COM NÍVEL BAIXO DE INTERFERÊNCIAS (NÃO INCLUI FORNECIMENTO). AF_11/2017","M","ATRIBUÍDO SÃO PAULO",10.82,"COMPOSICAO",5678,"RETROESCAVADEIRA SOBRE RODAS COM CARREGADEIRA, TRAÇÃO 4X4, POTÊNCIA LÍQ. 88 HP, CAÇAMBA CARREG. CAP. MÍN. 1 M3, CAÇAMBA RETRO CAP. 0,26 M3, PESO OPERACIONAL MÍN. 6.674 KG, PROFUNDIDADE ESCAVAÇÃO MÁX. 4,37 M - CHP DIURNO. AF_06/2014","CHP","ATRIBUÍDO SÃO PAULO",2.1100000000000001E-2,92.02,1.94,"","","","","","","","","","",null,"CAIXA REFERENCIAL"]
["ASSENTAMENTO DE TUBOS E PECAS","ASTU","FORNEC E/OU ASSENT DE TUBO DE FERRO FUNDIDO JUNTA",45,"","",97164,"ASSENTAMENTO DE TUBO DE FERRO FUNDIDO PARA REDE DE ÁGUA, DN 400 MM, JUNTA ELÁSTICA, INSTALADO EM LOCAL COM NÍVEL BAIXO DE INTERFERÊNCIAS (NÃO INCLUI FORNECIMENTO). AF_11/2017","M","ATRIBUÍDO SÃO PAULO",10.82,"COMPOSICAO",5679,"RETROESCAVADEIRA SOBRE RODAS COM CARREGADEIRA, TRAÇÃO 4X4, POTÊNCIA LÍQ. 88 HP, CAÇAMBA CARREG. CAP. MÍN. 1 M3, CAÇAMBA RETRO CAP. 0,26 M3, PESO OPERACIONAL MÍN. 6.674 KG, PROFUNDIDADE ESCAVAÇÃO MÁX. 4,37 M - CHI DIURNO. AF_06/2014","CHI","ATRIBUÍDO SÃO PAULO",4.0399999999999998E-2,43.92,1.77,"","","","","","","","","","",null,"CAIXA REFERENCIAL"]
["ASSENTAMENTO DE TUBOS E PECAS","ASTU","FORNEC E/OU ASSENT DE TUBO DE FERRO FUNDIDO JUNTA",45,"","",97164,"ASSENTAMENTO DE TUBO DE FERRO FUNDIDO PARA REDE DE ÁGUA, DN 400 MM, JUNTA ELÁSTICA, INSTALADO EM LOCAL COM NÍVEL BAIXO DE INTERFERÊNCIAS (NÃO INCLUI FORNECIMENTO). AF_11/2017","M","ATRIBUÍDO SÃO PAULO",10.82,"INSUMO",20078,"PASTA LUBRIFICANTE PARA TUBOS E CONEXOES COM JUNTA ELASTICA (USO EM PVC, ACO, POLIETILENO E OUTROS) ( DE *400* G)","UN","COEFICIENTE DE REPRESENTATIVIDADE",1.8800000000000001E-2,16.53,0.31,"","","","","","","","","","",null,"CAIXA REFERENCIAL"]
["ASSENTAMENTO DE TUBOS E PECAS","ASTU","FORNEC E/OU ASSENT DE TUBO DE FERRO FUNDIDO JUNTA",45,"","",97164,"ASSENTAMENTO DE TUBO DE FERRO FUNDIDO PARA REDE DE ÁGUA, DN 400 MM, JUNTA ELÁSTICA, INSTALADO EM LOCAL COM NÍVEL BAIXO DE INTERFERÊNCIAS (NÃO INCLUI FORNECIMENTO). AF_11/2017","M","ATRIBUÍDO SÃO PAULO",10.82,"COMPOSICAO",88246,"ASSENTADOR DE TUBOS COM ENCARGOS COMPLEMENTARES","H","COEFICIENTE DE REPRESENTATIVIDADE",0.19070000000000001,21.04,4.01,"","","","","","","","","","",null,"CAIXA REFERENCIAL"]
["ASSENTAMENTO DE TUBOS E PECAS","ASTU","FORNEC E/OU ASSENT DE TUBO DE FERRO FUNDIDO JUNTA",45,"","",97164,"ASSENTAMENTO DE TUBO DE FERRO FUNDIDO PARA REDE DE ÁGUA, DN 400 MM, JUNTA ELÁSTICA, INSTALADO EM LOCAL COM NÍVEL BAIXO DE INTERFERÊNCIAS (NÃO INCLUI FORNECIMENTO). AF_11/2017","M","ATRIBUÍDO SÃO PAULO",10.82,"COMPOSICAO",88316,"SERVENTE COM ENCARGOS COMPLEMENTARES","H","COLETADO",0.19070000000000001,14.67,2.79,"","","","","","","","","","",null,"CAIXA REFERENCIAL"]
["ASSENTAMENTO DE TUBOS E PECAS","ASTU","FORNEC E/OU ASSENT DE TUBO DE FERRO FUNDIDO JUNTA",45,"","",97165,"ASSENTAMENTO DE TUBO DE FERRO FUNDIDO PARA REDE DE ÁGUA, DN 450 MM, JUNTA ELÁSTICA, INSTALADO EM LOCAL COM NÍVEL BAIXO DE INTERFERÊNCIAS (NÃO INCLUI FORNECIMENTO). AF_11/2017","M","ATRIBUÍDO SÃO PAULO",11.93,"","","","","","","","",7.56,63.242784499999999,2.89,24.278438000000001,"1,48","12,4787775","0,00","0,0000000","0,00","0,0000000",0,"CAIXA REFERENCIAL"]
["ASSENTAMENTO DE TUBOS E PECAS","ASTU","FORNEC E/OU ASSENT DE TUBO DE FERRO FUNDIDO JUNTA",45,"","",97165,"ASSENTAMENTO DE TUBO DE FERRO FUNDIDO PARA REDE DE ÁGUA, DN 450 MM, JUNTA ELÁSTICA, INSTALADO EM LOCAL COM NÍVEL BAIXO DE INTERFERÊNCIAS (NÃO INCLUI FORNECIMENTO). AF_11/2017","M","ATRIBUÍDO SÃO PAULO",11.93,"COMPOSICAO",5678,"RETROESCAVADEIRA SOBRE RODAS COM CARREGADEIRA, TRAÇÃO 4X4, POTÊNCIA LÍQ. 88 HP, CAÇAMBA CARREG. CAP. MÍN. 1 M3, CAÇAMBA RETRO CAP. 0,26 M3, PESO OPERACIONAL MÍN. 6.674 KG, PROFUNDIDADE ESCAVAÇÃO MÁX. 4,37 M - CHP DIURNO. AF_06/2014","CHP","ATRIBUÍDO SÃO PAULO",2.29E-2,92.02,2.1,"","","","","","","","","","",null,"CAIXA REFERENCIAL"]
["ASSENTAMENTO DE TUBOS E PECAS","ASTU","FORNEC E/OU ASSENT DE TUBO DE FERRO FUNDIDO JUNTA",45,"","",97165,"ASSENTAMENTO DE TUBO DE FERRO FUNDIDO PARA REDE DE ÁGUA, DN 450 MM, JUNTA ELÁSTICA, INSTALADO EM LOCAL COM NÍVEL BAIXO DE INTERFERÊNCIAS (NÃO INCLUI FORNECIMENTO). AF_11/2017","M","ATRIBUÍDO SÃO PAULO",11.93,"COMPOSICAO",5679,"RETROESCAVADEIRA SOBRE RODAS COM CARREGADEIRA, TRAÇÃO 4X4, POTÊNCIA LÍQ. 88 HP, CAÇAMBA CARREG. CAP. MÍN. 1 M3, CAÇAMBA RETRO CAP. 0,26 M3, PESO OPERACIONAL MÍN. 6.674 KG, PROFUNDIDADE ESCAVAÇÃO MÁX. 4,37 M - CHI DIURNO. AF_06/2014","CHI","ATRIBUÍDO SÃO PAULO",4.3799999999999999E-2,43.92,1.92,"","","","","","","","","","",null,"CAIXA REFERENCIAL"]
["ASSENTAMENTO DE TUBOS E PECAS","ASTU","FORNEC E/OU ASSENT DE TUBO DE FERRO FUNDIDO JUNTA",45,"","",97165,"ASSENTAMENTO DE TUBO DE FERRO FUNDIDO PARA REDE DE ÁGUA, DN 450 MM, JUNTA ELÁSTICA, INSTALADO EM LOCAL COM NÍVEL BAIXO DE INTERFERÊNCIAS (NÃO INCLUI FORNECIMENTO). AF_11/2017","M","ATRIBUÍDO SÃO PAULO",11.93,"INSUMO",20078,"PASTA LUBRIFICANTE PARA TUBOS E CONEXOES COM JUNTA ELASTICA (USO EM PVC, ACO, POLIETILENO E OUTROS) ( DE *400* G)","UN","COEFICIENTE DE REPRESENTATIVIDADE",2.2100000000000002E-2,16.53,0.36,"","","","","","","","","","",null,"CAIXA REFERENCIAL"]
["ASSENTAMENTO DE TUBOS E PECAS","ASTU","FORNEC E/OU ASSENT DE TUBO DE FERRO FUNDIDO JUNTA",45,"","",97165,"ASSENTAMENTO DE TUBO DE FERRO FUNDIDO PARA REDE DE ÁGUA, DN 450 MM, JUNTA ELÁSTICA, INSTALADO EM LOCAL COM NÍVEL BAIXO DE INTERFERÊNCIAS (NÃO INCLUI FORNECIMENTO). AF_11/2017","M","ATRIBUÍDO SÃO PAULO",11.93,"COMPOSICAO",88246,"ASSENTADOR DE TUBOS COM ENCARGOS COMPLEMENTARES","H","COEFICIENTE DE REPRESENTATIVIDADE",0.21190000000000001,21.04,4.45,"","","","","","","","","","",null,"CAIXA REFERENCIAL"]
["ASSENTAMENTO DE TUBOS E PECAS","ASTU","FORNEC E/OU ASSENT DE TUBO DE FERRO FUNDIDO JUNTA",45,"","",97165,"ASSENTAMENTO DE TUBO DE FERRO FUNDIDO PARA REDE DE ÁGUA, DN 450 MM, JUNTA ELÁSTICA, INSTALADO EM LOCAL COM NÍVEL BAIXO DE INTERFERÊNCIAS (NÃO INCLUI FORNECIMENTO). AF_11/2017","M","ATRIBUÍDO SÃO PAULO",11.93,"COMPOSICAO",88316,"SERVENTE COM ENCARGOS COMPLEMENTARES","H","COLETADO",0.21190000000000001,14.67,3.1,"","","","","","","","","","",null,"CAIXA REFERENCIAL"]
["ASSENTAMENTO DE TUBOS E PECAS","ASTU","FORNEC E/OU ASSENT DE TUBO DE FERRO FUNDIDO JUNTA",45,"","",97166,"ASSENTAMENTO DE TUBO DE FERRO FUNDIDO PARA REDE DE ÁGUA, DN 500 MM, JUNTA ELÁSTICA, INSTALADO EM LOCAL COM NÍVEL BAIXO DE INTERFERÊNCIAS (NÃO INCLUI FORNECIMENTO). AF_11/2017","M","ATRIBUÍDO SÃO PAULO",14.52,"","","","","","","","",8.27,56.894150500000002,3.31,22.841225600000001,"2,94","20,2646239","0,00","0,0000000","0,00","0,0000000",0,"CAIXA REFERENCIAL"]
["ASSENTAMENTO DE TUBOS E PECAS","ASTU","FORNEC E/OU ASSENT DE TUBO DE FERRO FUNDIDO JUNTA",45,"","",97166,"ASSENTAMENTO DE TUBO DE FERRO FUNDIDO PARA REDE DE ÁGUA, DN 500 MM, JUNTA ELÁSTICA, INSTALADO EM LOCAL COM NÍVEL BAIXO DE INTERFERÊNCIAS (NÃO INCLUI FORNECIMENTO). AF_11/2017","M","ATRIBUÍDO SÃO PAULO",14.52,"COMPOSICAO",5631,"ESCAVADEIRA HIDRÁULICA SOBRE ESTEIRAS, CAÇAMBA 0,80 M3, PESO OPERACIONAL 17 T, POTENCIA BRUTA 111 HP - CHP DIURNO. AF_06/2014","CHP","ATRIBUÍDO SÃO PAULO",2.46E-2,126.79,3.11,"","","","","","","","","","",null,"CAIXA REFERENCIAL"]
["ASSENTAMENTO DE TUBOS E PECAS","ASTU","FORNEC E/OU ASSENT DE TUBO DE FERRO FUNDIDO JUNTA",45,"","",97166,"ASSENTAMENTO DE TUBO DE FERRO FUNDIDO PARA REDE DE ÁGUA, DN 500 MM, JUNTA ELÁSTICA, INSTALADO EM LOCAL COM NÍVEL BAIXO DE INTERFERÊNCIAS (NÃO INCLUI FORNECIMENTO). AF_11/2017","M","ATRIBUÍDO SÃO PAULO",14.52,"COMPOSICAO",5632,"ESCAVADEIRA HIDRÁULICA SOBRE ESTEIRAS, CAÇAMBA 0,80 M3, PESO OPERACIONAL 17 T, POTENCIA BRUTA 111 HP - CHI DIURNO. AF_06/2014","CHI","ATRIBUÍDO SÃO PAULO",4.7100000000000003E-2,57.49,2.7,"","","","","","","","","","",null,"CAIXA REFERENCIAL"]
["ASSENTAMENTO DE TUBOS E PECAS","ASTU","FORNEC E/OU ASSENT DE TUBO DE FERRO FUNDIDO JUNTA",45,"","",97166,"ASSENTAMENTO DE TUBO DE FERRO FUNDIDO PARA REDE DE ÁGUA, DN 500 MM, JUNTA ELÁSTICA, INSTALADO EM LOCAL COM NÍVEL BAIXO DE INTERFERÊNCIAS (NÃO INCLUI FORNECIMENTO). AF_11/2017","M","ATRIBUÍDO SÃO PAULO",14.52,"INSUMO",20078,"PASTA LUBRIFICANTE PARA TUBOS E CONEXOES COM JUNTA ELASTICA (USO EM PVC, ACO, POLIETILENO E OUTROS) ( DE *400* G)","UN","COEFICIENTE DE REPRESENTATIVIDADE",2.4799999999999999E-2,16.53,0.4,"","","","","","","","","","",null,"CAIXA REFERENCIAL"]
["ASSENTAMENTO DE TUBOS E PECAS","ASTU","FORNEC E/OU ASSENT DE TUBO DE FERRO FUNDIDO JUNTA",45,"","",97166,"ASSENTAMENTO DE TUBO DE FERRO FUNDIDO PARA REDE DE ÁGUA, DN 500 MM, JUNTA ELÁSTICA, INSTALADO EM LOCAL COM NÍVEL BAIXO DE INTERFERÊNCIAS (NÃO INCLUI FORNECIMENTO). AF_11/2017","M","ATRIBUÍDO SÃO PAULO",14.52,"COMPOSICAO",88246,"ASSENTADOR DE TUBOS COM ENCARGOS COMPLEMENTARES","H","COEFICIENTE DE REPRESENTATIVIDADE",0.2331,21.04,4.9000000000000004,"","","","","","","","","","",null,"CAIXA REFERENCIAL"]
["ASSENTAMENTO DE TUBOS E PECAS","ASTU","FORNEC E/OU ASSENT DE TUBO DE FERRO FUNDIDO JUNTA",45,"","",97166,"ASSENTAMENTO DE TUBO DE FERRO FUNDIDO PARA REDE DE ÁGUA, DN 500 MM, JUNTA ELÁSTICA, INSTALADO EM LOCAL COM NÍVEL BAIXO DE INTERFERÊNCIAS (NÃO INCLUI FORNECIMENTO). AF_11/2017","M","ATRIBUÍDO SÃO PAULO",14.52,"COMPOSICAO",88316,"SERVENTE COM ENCARGOS COMPLEMENTARES","H","COLETADO",0.2331,14.67,3.41,"","","","","","","","","","",null,"CAIXA REFERENCIAL"]
["ASSENTAMENTO DE TUBOS E PECAS","ASTU","FORNEC E/OU ASSENT DE TUBO DE FERRO FUNDIDO JUNTA",45,"","",97167,"ASSENTAMENTO DE TUBO DE FERRO FUNDIDO PARA REDE DE ÁGUA, DN 600 MM, JUNTA ELÁSTICA, INSTALADO EM LOCAL COM NÍVEL BAIXO DE INTERFERÊNCIAS (NÃO INCLUI FORNECIMENTO). AF_11/2017","M","ATRIBUÍDO SÃO PAULO",16.989999999999998,"","","","","","","","",9.7100000000000009,57.0577726,3.9,22.9898749,"3,38","19,9523525","0,00","0,0000000","0,00","0,0000000",0,"CAIXA REFERENCIAL"]
["ASSENTAMENTO DE TUBOS E PECAS","ASTU","FORNEC E/OU ASSENT DE TUBO DE FERRO FUNDIDO JUNTA",45,"","",97167,"ASSENTAMENTO DE TUBO DE FERRO FUNDIDO PARA REDE DE ÁGUA, DN 600 MM, JUNTA ELÁSTICA, INSTALADO EM LOCAL COM NÍVEL BAIXO DE INTERFERÊNCIAS (NÃO INCLUI FORNECIMENTO). AF_11/2017","M","ATRIBUÍDO SÃO PAULO",16.989999999999998,"COMPOSICAO",5631,"ESCAVADEIRA HIDRÁULICA SOBRE ESTEIRAS, CAÇAMBA 0,80 M3, PESO OPERACIONAL 17 T, POTENCIA BRUTA 111 HP - CHP DIURNO. AF_06/2014","CHP","ATRIBUÍDO SÃO PAULO",2.81E-2,126.79,3.56,"","","","","","","","","","",null,"CAIXA REFERENCIAL"]
["ASSENTAMENTO DE TUBOS E PECAS","ASTU","FORNEC E/OU ASSENT DE TUBO DE FERRO FUNDIDO JUNTA",45,"","",97167,"ASSENTAMENTO DE TUBO DE FERRO FUNDIDO PARA REDE DE ÁGUA, DN 600 MM, JUNTA ELÁSTICA, INSTALADO EM LOCAL COM NÍVEL BAIXO DE INTERFERÊNCIAS (NÃO INCLUI FORNECIMENTO). AF_11/2017","M","ATRIBUÍDO SÃO PAULO",16.989999999999998,"COMPOSICAO",5632,"ESCAVADEIRA HIDRÁULICA SOBRE ESTEIRAS, CAÇAMBA 0,80 M3, PESO OPERACIONAL 17 T, POTENCIA BRUTA 111 HP - CHI DIURNO. AF_06/2014","CHI","ATRIBUÍDO SÃO PAULO",5.3800000000000001E-2,57.49,3.09,"","","","","","","","","","",null,"CAIXA REFERENCIAL"]
["ASSENTAMENTO DE TUBOS E PECAS","ASTU","FORNEC E/OU ASSENT DE TUBO DE FERRO FUNDIDO JUNTA",45,"","",97167,"ASSENTAMENTO DE TUBO DE FERRO FUNDIDO PARA REDE DE ÁGUA, DN 600 MM, JUNTA ELÁSTICA, INSTALADO EM LOCAL COM NÍVEL BAIXO DE INTERFERÊNCIAS (NÃO INCLUI FORNECIMENTO). AF_11/2017","M","ATRIBUÍDO SÃO PAULO",16.989999999999998,"INSUMO",20078,"PASTA LUBRIFICANTE PARA TUBOS E CONEXOES COM JUNTA ELASTICA (USO EM PVC, ACO, POLIETILENO E OUTROS) ( DE *400* G)","UN","COEFICIENTE DE REPRESENTATIVIDADE",3.1300000000000001E-2,16.53,0.51,"","","","","","","","","","",null,"CAIXA REFERENCIAL"]
["ASSENTAMENTO DE TUBOS E PECAS","ASTU","FORNEC E/OU ASSENT DE TUBO DE FERRO FUNDIDO JUNTA",45,"","",97167,"ASSENTAMENTO DE TUBO DE FERRO FUNDIDO PARA REDE DE ÁGUA, DN 600 MM, JUNTA ELÁSTICA, INSTALADO EM LOCAL COM NÍVEL BAIXO DE INTERFERÊNCIAS (NÃO INCLUI FORNECIMENTO). AF_11/2017","M","ATRIBUÍDO SÃO PAULO",16.989999999999998,"COMPOSICAO",88246,"ASSENTADOR DE TUBOS COM ENCARGOS COMPLEMENTARES","H","COEFICIENTE DE REPRESENTATIVIDADE",0.27560000000000001,21.04,5.79,"","","","","","","","","","",null,"CAIXA REFERENCIAL"]
["ASSENTAMENTO DE TUBOS E PECAS","ASTU","FORNEC E/OU ASSENT DE TUBO DE FERRO FUNDIDO JUNTA",45,"","",97167,"ASSENTAMENTO DE TUBO DE FERRO FUNDIDO PARA REDE DE ÁGUA, DN 600 MM, JUNTA ELÁSTICA, INSTALADO EM LOCAL COM NÍVEL BAIXO DE INTERFERÊNCIAS (NÃO INCLUI FORNECIMENTO). AF_11/2017","M","ATRIBUÍDO SÃO PAULO",16.989999999999998,"COMPOSICAO",88316,"SERVENTE COM ENCARGOS COMPLEMENTARES","H","COLETADO",0.27560000000000001,14.67,4.04,"","","","","","","","","","",null,"CAIXA REFERENCIAL"]
["ASSENTAMENTO DE TUBOS E PECAS","ASTU","FORNEC E/OU ASSENT DE TUBO DE FERRO FUNDIDO JUNTA",45,"","",97168,"ASSENTAMENTO DE TUBO DE FERRO FUNDIDO PARA REDE DE ÁGUA, DN 700 MM, JUNTA ELÁSTICA, INSTALADO EM LOCAL COM NÍVEL BAIXO DE INTERFERÊNCIAS (NÃO INCLUI FORNECIMENTO). AF_11/2017","M","ATRIBUÍDO SÃO PAULO",19.28,"","","","","","","","",11.11,57.567849799999998,4.38,22.755741100000002,"3,79","19,6764091","0,00","0,0000000","0,00","0,0000000",0,"CAIXA REFERENCIAL"]
["ASSENTAMENTO DE TUBOS E PECAS","ASTU","FORNEC E/OU ASSENT DE TUBO DE FERRO FUNDIDO JUNTA",45,"","",97168,"ASSENTAMENTO DE TUBO DE FERRO FUNDIDO PARA REDE DE ÁGUA, DN 700 MM, JUNTA ELÁSTICA, INSTALADO EM LOCAL COM NÍVEL BAIXO DE INTERFERÊNCIAS (NÃO INCLUI FORNECIMENTO). AF_11/2017","M","ATRIBUÍDO SÃO PAULO",19.28,"COMPOSICAO",5631,"ESCAVADEIRA HIDRÁULICA SOBRE ESTEIRAS, CAÇAMBA 0,80 M3, PESO OPERACIONAL 17 T, POTENCIA BRUTA 111 HP - CHP DIURNO. AF_06/2014","CHP","ATRIBUÍDO SÃO PAULO",3.1600000000000003E-2,126.79,4,"","","","","","","","","","",null,"CAIXA REFERENCIAL"]
["ASSENTAMENTO DE TUBOS E PECAS","ASTU","FORNEC E/OU ASSENT DE TUBO DE FERRO FUNDIDO JUNTA",45,"","",97168,"ASSENTAMENTO DE TUBO DE FERRO FUNDIDO PARA REDE DE ÁGUA, DN 700 MM, JUNTA ELÁSTICA, INSTALADO EM LOCAL COM NÍVEL BAIXO DE INTERFERÊNCIAS (NÃO INCLUI FORNECIMENTO). AF_11/2017","M","ATRIBUÍDO SÃO PAULO",19.28,"COMPOSICAO",5632,"ESCAVADEIRA HIDRÁULICA SOBRE ESTEIRAS, CAÇAMBA 0,80 M3, PESO OPERACIONAL 17 T, POTENCIA BRUTA 111 HP - CHI DIURNO. AF_06/2014","CHI","ATRIBUÍDO SÃO PAULO",6.0499999999999998E-2,57.49,3.47,"","","","","","","","","","",null,"CAIXA REFERENCIAL"]
["ASSENTAMENTO DE TUBOS E PECAS","ASTU","FORNEC E/OU ASSENT DE TUBO DE FERRO FUNDIDO JUNTA",45,"","",97168,"ASSENTAMENTO DE TUBO DE FERRO FUNDIDO PARA REDE DE ÁGUA, DN 700 MM, JUNTA ELÁSTICA, INSTALADO EM LOCAL COM NÍVEL BAIXO DE INTERFERÊNCIAS (NÃO INCLUI FORNECIMENTO). AF_11/2017","M","ATRIBUÍDO SÃO PAULO",19.28,"INSUMO",20078,"PASTA LUBRIFICANTE PARA TUBOS E CONEXOES COM JUNTA ELASTICA (USO EM PVC, ACO, POLIETILENO E OUTROS) ( DE *400* G)","UN","COEFICIENTE DE REPRESENTATIVIDADE",2.8400000000000002E-2,16.53,0.46,"","","","","","","","","","",null,"CAIXA REFERENCIAL"]
["ASSENTAMENTO DE TUBOS E PECAS","ASTU","FORNEC E/OU ASSENT DE TUBO DE FERRO FUNDIDO JUNTA",45,"","",97168,"ASSENTAMENTO DE TUBO DE FERRO FUNDIDO PARA REDE DE ÁGUA, DN 700 MM, JUNTA ELÁSTICA, INSTALADO EM LOCAL COM NÍVEL BAIXO DE INTERFERÊNCIAS (NÃO INCLUI FORNECIMENTO). AF_11/2017","M","ATRIBUÍDO SÃO PAULO",19.28,"COMPOSICAO",88246,"ASSENTADOR DE TUBOS COM ENCARGOS COMPLEMENTARES","H","COEFICIENTE DE REPRESENTATIVIDADE",0.31809999999999999,21.04,6.69,"","","","","","","","","","",null,"CAIXA REFERENCIAL"]
["ASSENTAMENTO DE TUBOS E PECAS","ASTU","FORNEC E/OU ASSENT DE TUBO DE FERRO FUNDIDO JUNTA",45,"","",97168,"ASSENTAMENTO DE TUBO DE FERRO FUNDIDO PARA REDE DE ÁGUA, DN 700 MM, JUNTA ELÁSTICA, INSTALADO EM LOCAL COM NÍVEL BAIXO DE INTERFERÊNCIAS (NÃO INCLUI FORNECIMENTO). AF_11/2017","M","ATRIBUÍDO SÃO PAULO",19.28,"COMPOSICAO",88316,"SERVENTE COM ENCARGOS COMPLEMENTARES","H","COLETADO",0.31809999999999999,14.67,4.66,"","","","","","","","","","",null,"CAIXA REFERENCIAL"]
["ASSENTAMENTO DE TUBOS E PECAS","ASTU","FORNEC E/OU ASSENT DE TUBO DE FERRO FUNDIDO JUNTA",45,"","",97169,"ASSENTAMENTO DE TUBO DE FERRO FUNDIDO PARA REDE DE ÁGUA, DN 800 MM, JUNTA ELÁSTICA, INSTALADO EM LOCAL COM NÍVEL BAIXO DE INTERFERÊNCIAS (NÃO INCLUI FORNECIMENTO). AF_11/2017","M","ATRIBUÍDO SÃO PAULO",21.68,"","","","","","","","",12.57,57.953488499999999,4.9000000000000004,22.604651100000002,"4,21","19,4418604","0,00","0,0000000","0,00","0,0000000",0,"CAIXA REFERENCIAL"]
["ASSENTAMENTO DE TUBOS E PECAS","ASTU","FORNEC E/OU ASSENT DE TUBO DE FERRO FUNDIDO JUNTA",45,"","",97169,"ASSENTAMENTO DE TUBO DE FERRO FUNDIDO PARA REDE DE ÁGUA, DN 800 MM, JUNTA ELÁSTICA, INSTALADO EM LOCAL COM NÍVEL BAIXO DE INTERFERÊNCIAS (NÃO INCLUI FORNECIMENTO). AF_11/2017","M","ATRIBUÍDO SÃO PAULO",21.68,"COMPOSICAO",5631,"ESCAVADEIRA HIDRÁULICA SOBRE ESTEIRAS, CAÇAMBA 0,80 M3, PESO OPERACIONAL 17 T, POTENCIA BRUTA 111 HP - CHP DIURNO. AF_06/2014","CHP","ATRIBUÍDO SÃO PAULO",3.5099999999999999E-2,126.79,4.45,"","","","","","","","","","",null,"CAIXA REFERENCIAL"]
["ASSENTAMENTO DE TUBOS E PECAS","ASTU","FORNEC E/OU ASSENT DE TUBO DE FERRO FUNDIDO JUNTA",45,"","",97169,"ASSENTAMENTO DE TUBO DE FERRO FUNDIDO PARA REDE DE ÁGUA, DN 800 MM, JUNTA ELÁSTICA, INSTALADO EM LOCAL COM NÍVEL BAIXO DE INTERFERÊNCIAS (NÃO INCLUI FORNECIMENTO). AF_11/2017","M","ATRIBUÍDO SÃO PAULO",21.68,"COMPOSICAO",5632,"ESCAVADEIRA HIDRÁULICA SOBRE ESTEIRAS, CAÇAMBA 0,80 M3, PESO OPERACIONAL 17 T, POTENCIA BRUTA 111 HP - CHI DIURNO. AF_06/2014","CHI","ATRIBUÍDO SÃO PAULO",6.7199999999999996E-2,57.49,3.86,"","","","","","","","","","",null,"CAIXA REFERENCIAL"]
["ASSENTAMENTO DE TUBOS E PECAS","ASTU","FORNEC E/OU ASSENT DE TUBO DE FERRO FUNDIDO JUNTA",45,"","",97169,"ASSENTAMENTO DE TUBO DE FERRO FUNDIDO PARA REDE DE ÁGUA, DN 800 MM, JUNTA ELÁSTICA, INSTALADO EM LOCAL COM NÍVEL BAIXO DE INTERFERÊNCIAS (NÃO INCLUI FORNECIMENTO). AF_11/2017","M","ATRIBUÍDO SÃO PAULO",21.68,"INSUMO",20078,"PASTA LUBRIFICANTE PARA TUBOS E CONEXOES COM JUNTA ELASTICA (USO EM PVC, ACO, POLIETILENO E OUTROS) ( DE *400* G)","UN","COEFICIENTE DE REPRESENTATIVIDADE",3.1399999999999997E-2,16.53,0.51,"","","","","","","","","","",null,"CAIXA REFERENCIAL"]
["ASSENTAMENTO DE TUBOS E PECAS","ASTU","FORNEC E/OU ASSENT DE TUBO DE FERRO FUNDIDO JUNTA",45,"","",97169,"ASSENTAMENTO DE TUBO DE FERRO FUNDIDO PARA REDE DE ÁGUA, DN 800 MM, JUNTA ELÁSTICA, INSTALADO EM LOCAL COM NÍVEL BAIXO DE INTERFERÊNCIAS (NÃO INCLUI FORNECIMENTO). AF_11/2017","M","ATRIBUÍDO SÃO PAULO",21.68,"COMPOSICAO",88246,"ASSENTADOR DE TUBOS COM ENCARGOS COMPLEMENTARES","H","COEFICIENTE DE REPRESENTATIVIDADE",0.36049999999999999,21.04,7.58,"","","","","","","","","","",null,"CAIXA REFERENCIAL"]
["ASSENTAMENTO DE TUBOS E PECAS","ASTU","FORNEC E/OU ASSENT DE TUBO DE FERRO FUNDIDO JUNTA",45,"","",97169,"ASSENTAMENTO DE TUBO DE FERRO FUNDIDO PARA REDE DE ÁGUA, DN 800 MM, JUNTA ELÁSTICA, INSTALADO EM LOCAL COM NÍVEL BAIXO DE INTERFERÊNCIAS (NÃO INCLUI FORNECIMENTO). AF_11/2017","M","ATRIBUÍDO SÃO PAULO",21.68,"COMPOSICAO",88316,"SERVENTE COM ENCARGOS COMPLEMENTARES","H","COLETADO",0.36049999999999999,14.67,5.28,"","","","","","","","","","",null,"CAIXA REFERENCIAL"]
["ASSENTAMENTO DE TUBOS E PECAS","ASTU","FORNEC E/OU ASSENT DE TUBO DE FERRO FUNDIDO JUNTA",45,"","",97170,"ASSENTAMENTO DE TUBO DE FERRO FUNDIDO PARA REDE DE ÁGUA, DN 900 MM, JUNTA ELÁSTICA, INSTALADO EM LOCAL COM NÍVEL BAIXO DE INTERFERÊNCIAS (NÃO INCLUI FORNECIMENTO). AF_11/2017","M","ATRIBUÍDO SÃO PAULO",24.09,"","","","","","","","",13.97,57.936508000000003,5.5,22.848788599999999,"4,62","19,2147034","0,00","0,0000000","0,00","0,0000000",0,"CAIXA REFERENCIAL"]
["ASSENTAMENTO DE TUBOS E PECAS","ASTU","FORNEC E/OU ASSENT DE TUBO DE FERRO FUNDIDO JUNTA",45,"","",97170,"ASSENTAMENTO DE TUBO DE FERRO FUNDIDO PARA REDE DE ÁGUA, DN 900 MM, JUNTA ELÁSTICA, INSTALADO EM LOCAL COM NÍVEL BAIXO DE INTERFERÊNCIAS (NÃO INCLUI FORNECIMENTO). AF_11/2017","M","ATRIBUÍDO SÃO PAULO",24.09,"COMPOSICAO",5631,"ESCAVADEIRA HIDRÁULICA SOBRE ESTEIRAS, CAÇAMBA 0,80 M3, PESO OPERACIONAL 17 T, POTENCIA BRUTA 111 HP - CHP DIURNO. AF_06/2014","CHP","ATRIBUÍDO SÃO PAULO",3.8600000000000002E-2,126.79,4.8899999999999997,"","","","","","","","","","",null,"CAIXA REFERENCIAL"]
["ASSENTAMENTO DE TUBOS E PECAS","ASTU","FORNEC E/OU ASSENT DE TUBO DE FERRO FUNDIDO JUNTA",45,"","",97170,"ASSENTAMENTO DE TUBO DE FERRO FUNDIDO PARA REDE DE ÁGUA, DN 900 MM, JUNTA ELÁSTICA, INSTALADO EM LOCAL COM NÍVEL BAIXO DE INTERFERÊNCIAS (NÃO INCLUI FORNECIMENTO). AF_11/2017","M","ATRIBUÍDO SÃO PAULO",24.09,"COMPOSICAO",5632,"ESCAVADEIRA HIDRÁULICA SOBRE ESTEIRAS, CAÇAMBA 0,80 M3, PESO OPERACIONAL 17 T, POTENCIA BRUTA 111 HP - CHI DIURNO. AF_06/2014","CHI","ATRIBUÍDO SÃO PAULO",7.3899999999999993E-2,57.49,4.24,"","","","","","","","","","",null,"CAIXA REFERENCIAL"]
["ASSENTAMENTO DE TUBOS E PECAS","ASTU","FORNEC E/OU ASSENT DE TUBO DE FERRO FUNDIDO JUNTA",45,"","",97170,"ASSENTAMENTO DE TUBO DE FERRO FUNDIDO PARA REDE DE ÁGUA, DN 900 MM, JUNTA ELÁSTICA, INSTALADO EM LOCAL COM NÍVEL BAIXO DE INTERFERÊNCIAS (NÃO INCLUI FORNECIMENTO). AF_11/2017","M","ATRIBUÍDO SÃO PAULO",24.09,"INSUMO",20078,"PASTA LUBRIFICANTE PARA TUBOS E CONEXOES COM JUNTA ELASTICA (USO EM PVC, ACO, POLIETILENO E OUTROS) ( DE *400* G)","UN","COEFICIENTE DE REPRESENTATIVIDADE",3.5499999999999997E-2,16.53,0.57999999999999996,"","","","","","","","","","",null,"CAIXA REFERENCIAL"]
["ASSENTAMENTO DE TUBOS E PECAS","ASTU","FORNEC E/OU ASSENT DE TUBO DE FERRO FUNDIDO JUNTA",45,"","",97170,"ASSENTAMENTO DE TUBO DE FERRO FUNDIDO PARA REDE DE ÁGUA, DN 900 MM, JUNTA ELÁSTICA, INSTALADO EM LOCAL COM NÍVEL BAIXO DE INTERFERÊNCIAS (NÃO INCLUI FORNECIMENTO). AF_11/2017","M","ATRIBUÍDO SÃO PAULO",24.09,"COMPOSICAO",88246,"ASSENTADOR DE TUBOS COM ENCARGOS COMPLEMENTARES","H","COEFICIENTE DE REPRESENTATIVIDADE",0.40300000000000002,21.04,8.4700000000000006,"","","","","","","","","","",null,"CAIXA REFERENCIAL"]
["ASSENTAMENTO DE TUBOS E PECAS","ASTU","FORNEC E/OU ASSENT DE TUBO DE FERRO FUNDIDO JUNTA",45,"","",97170,"ASSENTAMENTO DE TUBO DE FERRO FUNDIDO PARA REDE DE ÁGUA, DN 900 MM, JUNTA ELÁSTICA, INSTALADO EM LOCAL COM NÍVEL BAIXO DE INTERFERÊNCIAS (NÃO INCLUI FORNECIMENTO). AF_11/2017","M","ATRIBUÍDO SÃO PAULO",24.09,"COMPOSICAO",88316,"SERVENTE COM ENCARGOS COMPLEMENTARES","H","COLETADO",0.40300000000000002,14.67,5.91,"","","","","","","","","","",null,"CAIXA REFERENCIAL"]
["ASSENTAMENTO DE TUBOS E PECAS","ASTU","FORNEC E/OU ASSENT DE TUBO DE FERRO FUNDIDO JUNTA",45,"","",97171,"ASSENTAMENTO DE TUBO DE FERRO FUNDIDO PARA REDE DE ÁGUA, DN 1000 MM, JUNTA ELÁSTICA, INSTALADO EM LOCAL COM NÍVEL BAIXO DE INTERFERÊNCIAS (NÃO INCLUI FORNECIMENTO). AF_11/2017","M","ATRIBUÍDO SÃO PAULO",26.52,"","","","","","","","",15.4,58.036391299999998,6.07,22.8961334,"5,05","19,0674753","0,00","0,0000000","0,00","0,0000000",0,"CAIXA REFERENCIAL"]
["ASSENTAMENTO DE TUBOS E PECAS","ASTU","FORNEC E/OU ASSENT DE TUBO DE FERRO FUNDIDO JUNTA",45,"","",97171,"ASSENTAMENTO DE TUBO DE FERRO FUNDIDO PARA REDE DE ÁGUA, DN 1000 MM, JUNTA ELÁSTICA, INSTALADO EM LOCAL COM NÍVEL BAIXO DE INTERFERÊNCIAS (NÃO INCLUI FORNECIMENTO). AF_11/2017","M","ATRIBUÍDO SÃO PAULO",26.52,"COMPOSICAO",5631,"ESCAVADEIRA HIDRÁULICA SOBRE ESTEIRAS, CAÇAMBA 0,80 M3, PESO OPERACIONAL 17 T, POTENCIA BRUTA 111 HP - CHP DIURNO. AF_06/2014","CHP","ATRIBUÍDO SÃO PAULO",4.2099999999999999E-2,126.79,5.33,"","","","","","","","","","",null,"CAIXA REFERENCIAL"]
["ASSENTAMENTO DE TUBOS E PECAS","ASTU","FORNEC E/OU ASSENT DE TUBO DE FERRO FUNDIDO JUNTA",45,"","",97171,"ASSENTAMENTO DE TUBO DE FERRO FUNDIDO PARA REDE DE ÁGUA, DN 1000 MM, JUNTA ELÁSTICA, INSTALADO EM LOCAL COM NÍVEL BAIXO DE INTERFERÊNCIAS (NÃO INCLUI FORNECIMENTO). AF_11/2017","M","ATRIBUÍDO SÃO PAULO",26.52,"COMPOSICAO",5632,"ESCAVADEIRA HIDRÁULICA SOBRE ESTEIRAS, CAÇAMBA 0,80 M3, PESO OPERACIONAL 17 T, POTENCIA BRUTA 111 HP - CHI DIURNO. AF_06/2014","CHI","ATRIBUÍDO SÃO PAULO",8.0600000000000005E-2,57.49,4.63,"","","","","","","","","","",null,"CAIXA REFERENCIAL"]
["ASSENTAMENTO DE TUBOS E PECAS","ASTU","FORNEC E/OU ASSENT DE TUBO DE FERRO FUNDIDO JUNTA",45,"","",97171,"ASSENTAMENTO DE TUBO DE FERRO FUNDIDO PARA REDE DE ÁGUA, DN 1000 MM, JUNTA ELÁSTICA, INSTALADO EM LOCAL COM NÍVEL BAIXO DE INTERFERÊNCIAS (NÃO INCLUI FORNECIMENTO). AF_11/2017","M","ATRIBUÍDO SÃO PAULO",26.52,"INSUMO",20078,"PASTA LUBRIFICANTE PARA TUBOS E CONEXOES COM JUNTA ELASTICA (USO EM PVC, ACO, POLIETILENO E OUTROS) ( DE *400* G)","UN","COEFICIENTE DE REPRESENTATIVIDADE",4.0300000000000002E-2,16.53,0.66,"","","","","","","","","","",null,"CAIXA REFERENCIAL"]
["ASSENTAMENTO DE TUBOS E PECAS","ASTU","FORNEC E/OU ASSENT DE TUBO DE FERRO FUNDIDO JUNTA",45,"","",97171,"ASSENTAMENTO DE TUBO DE FERRO FUNDIDO PARA REDE DE ÁGUA, DN 1000 MM, JUNTA ELÁSTICA, INSTALADO EM LOCAL COM NÍVEL BAIXO DE INTERFERÊNCIAS (NÃO INCLUI FORNECIMENTO). AF_11/2017","M","ATRIBUÍDO SÃO PAULO",26.52,"COMPOSICAO",88246,"ASSENTADOR DE TUBOS COM ENCARGOS COMPLEMENTARES","H","COEFICIENTE DE REPRESENTATIVIDADE",0.44550000000000001,21.04,9.3699999999999992,"","","","","","","","","","",null,"CAIXA REFERENCIAL"]
["ASSENTAMENTO DE TUBOS E PECAS","ASTU","FORNEC E/OU ASSENT DE TUBO DE FERRO FUNDIDO JUNTA",45,"","",97171,"ASSENTAMENTO DE TUBO DE FERRO FUNDIDO PARA REDE DE ÁGUA, DN 1000 MM, JUNTA ELÁSTICA, INSTALADO EM LOCAL COM NÍVEL BAIXO DE INTERFERÊNCIAS (NÃO INCLUI FORNECIMENTO). AF_11/2017","M","ATRIBUÍDO SÃO PAULO",26.52,"COMPOSICAO",88316,"SERVENTE COM ENCARGOS COMPLEMENTARES","H","COLETADO",0.44550000000000001,14.67,6.53,"","","","","","","","","","",null,"CAIXA REFERENCIAL"]
["ASSENTAMENTO DE TUBOS E PECAS","ASTU","FORNEC E/OU ASSENT DE TUBO DE FERRO FUNDIDO JUNTA",45,"","",97172,"ASSENTAMENTO DE TUBO DE FERRO FUNDIDO PARA REDE DE ÁGUA, DN 1200 MM, JUNTA ELÁSTICA, INSTALADO EM LOCAL COM NÍVEL BAIXO DE INTERFERÊNCIAS (NÃO INCLUI FORNECIMENTO). AF_11/2017","M","ATRIBUÍDO SÃO PAULO",31.61,"","","","","","","","",18.260000000000002,57.737527999999998,7.46,23.609787000000001,"5,89","18,6526850","0,00","0,0000000","0,00","0,0000000",0,"CAIXA REFERENCIAL"]
["ASSENTAMENTO DE TUBOS E PECAS","ASTU","FORNEC E/OU ASSENT DE TUBO DE FERRO FUNDIDO JUNTA",45,"","",97172,"ASSENTAMENTO DE TUBO DE FERRO FUNDIDO PARA REDE DE ÁGUA, DN 1200 MM, JUNTA ELÁSTICA, INSTALADO EM LOCAL COM NÍVEL BAIXO DE INTERFERÊNCIAS (NÃO INCLUI FORNECIMENTO). AF_11/2017","M","ATRIBUÍDO SÃO PAULO",31.61,"COMPOSICAO",5631,"ESCAVADEIRA HIDRÁULICA SOBRE ESTEIRAS, CAÇAMBA 0,80 M3, PESO OPERACIONAL 17 T, POTENCIA BRUTA 111 HP - CHP DIURNO. AF_06/2014","CHP","ATRIBUÍDO SÃO PAULO",4.9099999999999998E-2,126.79,6.22,"","","","","","","","","","",null,"CAIXA REFERENCIAL"]
["ASSENTAMENTO DE TUBOS E PECAS","ASTU","FORNEC E/OU ASSENT DE TUBO DE FERRO FUNDIDO JUNTA",45,"","",97172,"ASSENTAMENTO DE TUBO DE FERRO FUNDIDO PARA REDE DE ÁGUA, DN 1200 MM, JUNTA ELÁSTICA, INSTALADO EM LOCAL COM NÍVEL BAIXO DE INTERFERÊNCIAS (NÃO INCLUI FORNECIMENTO). AF_11/2017","M","ATRIBUÍDO SÃO PAULO",31.61,"COMPOSICAO",5632,"ESCAVADEIRA HIDRÁULICA SOBRE ESTEIRAS, CAÇAMBA 0,80 M3, PESO OPERACIONAL 17 T, POTENCIA BRUTA 111 HP - CHI DIURNO. AF_06/2014","CHI","ATRIBUÍDO SÃO PAULO",9.4E-2,57.49,5.4,"","","","","","","","","","",null,"CAIXA REFERENCIAL"]
["ASSENTAMENTO DE TUBOS E PECAS","ASTU","FORNEC E/OU ASSENT DE TUBO DE FERRO FUNDIDO JUNTA",45,"","",97172,"ASSENTAMENTO DE TUBO DE FERRO FUNDIDO PARA REDE DE ÁGUA, DN 1200 MM, JUNTA ELÁSTICA, INSTALADO EM LOCAL COM NÍVEL BAIXO DE INTERFERÊNCIAS (NÃO INCLUI FORNECIMENTO). AF_11/2017","M","ATRIBUÍDO SÃO PAULO",31.61,"INSUMO",20078,"PASTA LUBRIFICANTE PARA TUBOS E CONEXOES COM JUNTA ELASTICA (USO EM PVC, ACO, POLIETILENO E OUTROS) ( DE *400* G)","UN","COEFICIENTE DE REPRESENTATIVIDADE",6.4600000000000005E-2,16.53,1.06,"","","","","","","","","","",null,"CAIXA REFERENCIAL"]
["ASSENTAMENTO DE TUBOS E PECAS","ASTU","FORNEC E/OU ASSENT DE TUBO DE FERRO FUNDIDO JUNTA",45,"","",97172,"ASSENTAMENTO DE TUBO DE FERRO FUNDIDO PARA REDE DE ÁGUA, DN 1200 MM, JUNTA ELÁSTICA, INSTALADO EM LOCAL COM NÍVEL BAIXO DE INTERFERÊNCIAS (NÃO INCLUI FORNECIMENTO). AF_11/2017","M","ATRIBUÍDO SÃO PAULO",31.61,"COMPOSICAO",88246,"ASSENTADOR DE TUBOS COM ENCARGOS COMPLEMENTARES","H","COEFICIENTE DE REPRESENTATIVIDADE",0.53039999999999998,21.04,11.15,"","","","","","","","","","",null,"CAIXA REFERENCIAL"]
["ASSENTAMENTO DE TUBOS E PECAS","ASTU","FORNEC E/OU ASSENT DE TUBO DE FERRO FUNDIDO JUNTA",45,"","",97172,"ASSENTAMENTO DE TUBO DE FERRO FUNDIDO PARA REDE DE ÁGUA, DN 1200 MM, JUNTA ELÁSTICA, INSTALADO EM LOCAL COM NÍVEL BAIXO DE INTERFERÊNCIAS (NÃO INCLUI FORNECIMENTO). AF_11/2017","M","ATRIBUÍDO SÃO PAULO",31.61,"COMPOSICAO",88316,"SERVENTE COM ENCARGOS COMPLEMENTARES","H","COLETADO",0.53039999999999998,14.67,7.78,"","","","","","","","","","",null,"CAIXA REFERENCIAL"]
["ASSENTAMENTO DE TUBOS E PECAS","ASTU","FORNEC E/OU ASSENT DE TUBO DE ACO COM JUNTA SOLDAD",46,"","",97173,"ASSENTAMENTO DE TUBO DE AÇO CARBONO PARA REDE DE ÁGUA, DN 600 MM (24\u0092\u0092), JUNTA SOLDADA, INSTALADO EM LOCAL COM NÍVEL ALTO DE INTERFERÊNCIAS (NÃO INCLUI FORNECIMENTO). AF_11/2017","M","ATRIBUÍDO SÃO PAULO",26.42,"","","","","","","","",13.31,50.304878199999997,8.76,33.193597500000003,"4,35","16,5015243","0,00","0,0000000","0,00","0,0000000",0,"CAIXA REFERENCIAL"]
["ASSENTAMENTO DE TUBOS E PECAS","ASTU","FORNEC E/OU ASSENT DE TUBO DE ACO COM JUNTA SOLDAD",46,"","",97173,"ASSENTAMENTO DE TUBO DE AÇO CARBONO PARA REDE DE ÁGUA, DN 600 MM (24\u0092\u0092), JUNTA SOLDADA, INSTALADO EM LOCAL COM NÍVEL ALTO DE INTERFERÊNCIAS (NÃO INCLUI FORNECIMENTO). AF_11/2017","M","ATRIBUÍDO SÃO PAULO",26.42,"COMPOSICAO",5631,"ESCAVADEIRA HIDRÁULICA SOBRE ESTEIRAS, CAÇAMBA 0,80 M3, PESO OPERACIONAL 17 T, POTENCIA BRUTA 111 HP - CHP DIURNO. AF_06/2014","CHP","ATRIBUÍDO SÃO PAULO",2.1100000000000001E-2,126.79,2.67,"","","","","","","","","","",null,"CAIXA REFERENCIAL"]
["ASSENTAMENTO DE TUBOS E PECAS","ASTU","FORNEC E/OU ASSENT DE TUBO DE ACO COM JUNTA SOLDAD",46,"","",97173,"ASSENTAMENTO DE TUBO DE AÇO CARBONO PARA REDE DE ÁGUA, DN 600 MM (24\u0092\u0092), JUNTA SOLDADA, INSTALADO EM LOCAL COM NÍVEL ALTO DE INTERFERÊNCIAS (NÃO INCLUI FORNECIMENTO). AF_11/2017","M","ATRIBUÍDO SÃO PAULO",26.42,"COMPOSICAO",5632,"ESCAVADEIRA HIDRÁULICA SOBRE ESTEIRAS, CAÇAMBA 0,80 M3, PESO OPERACIONAL 17 T, POTENCIA BRUTA 111 HP - CHI DIURNO. AF_06/2014","CHI","ATRIBUÍDO SÃO PAULO",0.1011,57.49,5.81,"","","","","","","","","","",null,"CAIXA REFERENCIAL"]
["ASSENTAMENTO DE TUBOS E PECAS","ASTU","FORNEC E/OU ASSENT DE TUBO DE ACO COM JUNTA SOLDAD",46,"","",97173,"ASSENTAMENTO DE TUBO DE AÇO CARBONO PARA REDE DE ÁGUA, DN 600 MM (24\u0092\u0092), JUNTA SOLDADA, INSTALADO EM LOCAL COM NÍVEL ALTO DE INTERFERÊNCIAS (NÃO INCLUI FORNECIMENTO). AF_11/2017","M","ATRIBUÍDO SÃO PAULO",26.42,"INSUMO",10997,"ELETRODO REVESTIDO AWS - E7018, DIAMETRO IGUAL A 4,00 MM","KG","COLETADO",0.1875,23.22,4.3499999999999996,"","","","","","","","","","",null,"CAIXA REFERENCIAL"]
["ASSENTAMENTO DE TUBOS E PECAS","ASTU","FORNEC E/OU ASSENT DE TUBO DE ACO COM JUNTA SOLDAD",46,"","",97173,"ASSENTAMENTO DE TUBO DE AÇO CARBONO PARA REDE DE ÁGUA, DN 600 MM (24\u0092\u0092), JUNTA SOLDADA, INSTALADO EM LOCAL COM NÍVEL ALTO DE INTERFERÊNCIAS (NÃO INCLUI FORNECIMENTO). AF_11/2017","M","ATRIBUÍDO SÃO PAULO",26.42,"COMPOSICAO",88246,"ASSENTADOR DE TUBOS COM ENCARGOS COMPLEMENTARES","H","COEFICIENTE DE REPRESENTATIVIDADE",0.10829999999999999,21.04,2.27,"","","","","","","","","","",null,"CAIXA REFERENCIAL"]
["ASSENTAMENTO DE TUBOS E PECAS","ASTU","FORNEC E/OU ASSENT DE TUBO DE ACO COM JUNTA SOLDAD",46,"","",97173,"ASSENTAMENTO DE TUBO DE AÇO CARBONO PARA REDE DE ÁGUA, DN 600 MM (24\u0092\u0092), JUNTA SOLDADA, INSTALADO EM LOCAL COM NÍVEL ALTO DE INTERFERÊNCIAS (NÃO INCLUI FORNECIMENTO). AF_11/2017","M","ATRIBUÍDO SÃO PAULO",26.42,"COMPOSICAO",88316,"SERVENTE COM ENCARGOS COMPLEMENTARES","H","COLETADO",0.10829999999999999,14.67,1.58,"","","","","","","","","","",null,"CAIXA REFERENCIAL"]
["ASSENTAMENTO DE TUBOS E PECAS","ASTU","FORNEC E/OU ASSENT DE TUBO DE ACO COM JUNTA SOLDAD",46,"","",97173,"ASSENTAMENTO DE TUBO DE AÇO CARBONO PARA REDE DE ÁGUA, DN 600 MM (24\u0092\u0092), JUNTA SOLDADA, INSTALADO EM LOCAL COM NÍVEL ALTO DE INTERFERÊNCIAS (NÃO INCLUI FORNECIMENTO). AF_11/2017","M","ATRIBUÍDO SÃO PAULO",26.42,"COMPOSICAO",88317,"SOLDADOR COM ENCARGOS COMPLEMENTARES","H","COLETADO",0.47920000000000001,20.34,9.74,"","","","","","","","","","",null,"CAIXA REFERENCIAL"]
["ASSENTAMENTO DE TUBOS E PECAS","ASTU","FORNEC E/OU ASSENT DE TUBO DE ACO COM JUNTA SOLDAD",46,"","",97174,"ASSENTAMENTO DE TUBO DE AÇO CARBONO PARA REDE DE ÁGUA, DN 700 MM (28\u0092\u0092), JUNTA SOLDADA, INSTALADO EM LOCAL COM NÍVEL ALTO DE INTERFERÊNCIAS (NÃO INCLUI FORNECIMENTO). AF_11/2017","M","ATRIBUÍDO SÃO PAULO",30.56,"","","","","","","","",15.31,50.082318200000003,10.18,33.322357500000003,"5,07","16,5953243","0,00","0,0000000","0,00","0,0000000",0,"CAIXA REFERENCIAL"]
["ASSENTAMENTO DE TUBOS E PECAS","ASTU","FORNEC E/OU ASSENT DE TUBO DE ACO COM JUNTA SOLDAD",46,"","",97174,"ASSENTAMENTO DE TUBO DE AÇO CARBONO PARA REDE DE ÁGUA, DN 700 MM (28\u0092\u0092), JUNTA SOLDADA, INSTALADO EM LOCAL COM NÍVEL ALTO DE INTERFERÊNCIAS (NÃO INCLUI FORNECIMENTO). AF_11/2017","M","ATRIBUÍDO SÃO PAULO",30.56,"COMPOSICAO",5631,"ESCAVADEIRA HIDRÁULICA SOBRE ESTEIRAS, CAÇAMBA 0,80 M3, PESO OPERACIONAL 17 T, POTENCIA BRUTA 111 HP - CHP DIURNO. AF_06/2014","CHP","ATRIBUÍDO SÃO PAULO",2.46E-2,126.79,3.11,"","","","","","","","","","",null,"CAIXA REFERENCIAL"]
["ASSENTAMENTO DE TUBOS E PECAS","ASTU","FORNEC E/OU ASSENT DE TUBO DE ACO COM JUNTA SOLDAD",46,"","",97174,"ASSENTAMENTO DE TUBO DE AÇO CARBONO PARA REDE DE ÁGUA, DN 700 MM (28\u0092\u0092), JUNTA SOLDADA, INSTALADO EM LOCAL COM NÍVEL ALTO DE INTERFERÊNCIAS (NÃO INCLUI FORNECIMENTO). AF_11/2017","M","ATRIBUÍDO SÃO PAULO",30.56,"COMPOSICAO",5632,"ESCAVADEIRA HIDRÁULICA SOBRE ESTEIRAS, CAÇAMBA 0,80 M3, PESO OPERACIONAL 17 T, POTENCIA BRUTA 111 HP - CHI DIURNO. AF_06/2014","CHI","ATRIBUÍDO SÃO PAULO",0.1179,57.49,6.77,"","","","","","","","","","",null,"CAIXA REFERENCIAL"]
["ASSENTAMENTO DE TUBOS E PECAS","ASTU","FORNEC E/OU ASSENT DE TUBO DE ACO COM JUNTA SOLDAD",46,"","",97174,"ASSENTAMENTO DE TUBO DE AÇO CARBONO PARA REDE DE ÁGUA, DN 700 MM (28\u0092\u0092), JUNTA SOLDADA, INSTALADO EM LOCAL COM NÍVEL ALTO DE INTERFERÊNCIAS (NÃO INCLUI FORNECIMENTO). AF_11/2017","M","ATRIBUÍDO SÃO PAULO",30.56,"INSUMO",10997,"ELETRODO REVESTIDO AWS - E7018, DIAMETRO IGUAL A 4,00 MM","KG","COLETADO",0.21870000000000001,23.22,5.07,"","","","","","","","","","",null,"CAIXA REFERENCIAL"]
["ASSENTAMENTO DE TUBOS E PECAS","ASTU","FORNEC E/OU ASSENT DE TUBO DE ACO COM JUNTA SOLDAD",46,"","",97174,"ASSENTAMENTO DE TUBO DE AÇO CARBONO PARA REDE DE ÁGUA, DN 700 MM (28\u0092\u0092), JUNTA SOLDADA, INSTALADO EM LOCAL COM NÍVEL ALTO DE INTERFERÊNCIAS (NÃO INCLUI FORNECIMENTO). AF_11/2017","M","ATRIBUÍDO SÃO PAULO",30.56,"COMPOSICAO",88246,"ASSENTADOR DE TUBOS COM ENCARGOS COMPLEMENTARES","H","COEFICIENTE DE REPRESENTATIVIDADE",0.11890000000000001,21.04,2.5,"","","","","","","","","","",null,"CAIXA REFERENCIAL"]
["ASSENTAMENTO DE TUBOS E PECAS","ASTU","FORNEC E/OU ASSENT DE TUBO DE ACO COM JUNTA SOLDAD",46,"","",97174,"ASSENTAMENTO DE TUBO DE AÇO CARBONO PARA REDE DE ÁGUA, DN 700 MM (28\u0092\u0092), JUNTA SOLDADA, INSTALADO EM LOCAL COM NÍVEL ALTO DE INTERFERÊNCIAS (NÃO INCLUI FORNECIMENTO). AF_11/2017","M","ATRIBUÍDO SÃO PAULO",30.56,"COMPOSICAO",88316,"SERVENTE COM ENCARGOS COMPLEMENTARES","H","COLETADO",0.11890000000000001,14.67,1.74,"","","","","","","","","","",null,"CAIXA REFERENCIAL"]
["ASSENTAMENTO DE TUBOS E PECAS","ASTU","FORNEC E/OU ASSENT DE TUBO DE ACO COM JUNTA SOLDAD",46,"","",97174,"ASSENTAMENTO DE TUBO DE AÇO CARBONO PARA REDE DE ÁGUA, DN 700 MM (28\u0092\u0092), JUNTA SOLDADA, INSTALADO EM LOCAL COM NÍVEL ALTO DE INTERFERÊNCIAS (NÃO INCLUI FORNECIMENTO). AF_11/2017","M","ATRIBUÍDO SÃO PAULO",30.56,"COMPOSICAO",88317,"SOLDADOR COM ENCARGOS COMPLEMENTARES","H","COLETADO",0.55900000000000005,20.34,11.37,"","","","","","","","","","",null,"CAIXA REFERENCIAL"]
["ASSENTAMENTO DE TUBOS E PECAS","ASTU","FORNEC E/OU ASSENT DE TUBO DE ACO COM JUNTA SOLDAD",46,"","",97175,"ASSENTAMENTO DE TUBO DE AÇO CARBONO PARA REDE DE ÁGUA, DN 800 MM (32\u0092\u0092), JUNTA SOLDADA, INSTALADO EM LOCAL COM NÍVEL ALTO DE INTERFERÊNCIAS (NÃO INCLUI FORNECIMENTO). AF_11/2017","M","ATRIBUÍDO SÃO PAULO",34.700000000000003,"","","","","","","","",17.309999999999999,49.869527499999997,11.59,33.4009857,"5,80","16,7294868","0,00","0,0000000","0,00","0,0000000",0,"CAIXA REFERENCIAL"]
["ASSENTAMENTO DE TUBOS E PECAS","ASTU","FORNEC E/OU ASSENT DE TUBO DE ACO COM JUNTA SOLDAD",46,"","",97175,"ASSENTAMENTO DE TUBO DE AÇO CARBONO PARA REDE DE ÁGUA, DN 800 MM (32\u0092\u0092), JUNTA SOLDADA, INSTALADO EM LOCAL COM NÍVEL ALTO DE INTERFERÊNCIAS (NÃO INCLUI FORNECIMENTO). AF_11/2017","M","ATRIBUÍDO SÃO PAULO",34.700000000000003,"COMPOSICAO",5631,"ESCAVADEIRA HIDRÁULICA SOBRE ESTEIRAS, CAÇAMBA 0,80 M3, PESO OPERACIONAL 17 T, POTENCIA BRUTA 111 HP - CHP DIURNO. AF_06/2014","CHP","ATRIBUÍDO SÃO PAULO",2.81E-2,126.79,3.56,"","","","","","","","","","",null,"CAIXA REFERENCIAL"]
["ASSENTAMENTO DE TUBOS E PECAS","ASTU","FORNEC E/OU ASSENT DE TUBO DE ACO COM JUNTA SOLDAD",46,"","",97175,"ASSENTAMENTO DE TUBO DE AÇO CARBONO PARA REDE DE ÁGUA, DN 800 MM (32\u0092\u0092), JUNTA SOLDADA, INSTALADO EM LOCAL COM NÍVEL ALTO DE INTERFERÊNCIAS (NÃO INCLUI FORNECIMENTO). AF_11/2017","M","ATRIBUÍDO SÃO PAULO",34.700000000000003,"COMPOSICAO",5632,"ESCAVADEIRA HIDRÁULICA SOBRE ESTEIRAS, CAÇAMBA 0,80 M3, PESO OPERACIONAL 17 T, POTENCIA BRUTA 111 HP - CHI DIURNO. AF_06/2014","CHI","ATRIBUÍDO SÃO PAULO",0.13469999999999999,57.49,7.74,"","","","","","","","","","",null,"CAIXA REFERENCIAL"]
["ASSENTAMENTO DE TUBOS E PECAS","ASTU","FORNEC E/OU ASSENT DE TUBO DE ACO COM JUNTA SOLDAD",46,"","",97175,"ASSENTAMENTO DE TUBO DE AÇO CARBONO PARA REDE DE ÁGUA, DN 800 MM (32\u0092\u0092), JUNTA SOLDADA, INSTALADO EM LOCAL COM NÍVEL ALTO DE INTERFERÊNCIAS (NÃO INCLUI FORNECIMENTO). AF_11/2017","M","ATRIBUÍDO SÃO PAULO",34.700000000000003,"INSUMO",10997,"ELETRODO REVESTIDO AWS - E7018, DIAMETRO IGUAL A 4,00 MM","KG","COLETADO",0.24990000000000001,23.22,5.8,"","","","","","","","","","",null,"CAIXA REFERENCIAL"]
["ASSENTAMENTO DE TUBOS E PECAS","ASTU","FORNEC E/OU ASSENT DE TUBO DE ACO COM JUNTA SOLDAD",46,"","",97175,"ASSENTAMENTO DE TUBO DE AÇO CARBONO PARA REDE DE ÁGUA, DN 800 MM (32\u0092\u0092), JUNTA SOLDADA, INSTALADO EM LOCAL COM NÍVEL ALTO DE INTERFERÊNCIAS (NÃO INCLUI FORNECIMENTO). AF_11/2017","M","ATRIBUÍDO SÃO PAULO",34.700000000000003,"COMPOSICAO",88246,"ASSENTADOR DE TUBOS COM ENCARGOS COMPLEMENTARES","H","COEFICIENTE DE REPRESENTATIVIDADE",0.1295,21.04,2.72,"","","","","","","","","","",null,"CAIXA REFERENCIAL"]
["ASSENTAMENTO DE TUBOS E PECAS","ASTU","FORNEC E/OU ASSENT DE TUBO DE ACO COM JUNTA SOLDAD",46,"","",97175,"ASSENTAMENTO DE TUBO DE AÇO CARBONO PARA REDE DE ÁGUA, DN 800 MM (32\u0092\u0092), JUNTA SOLDADA, INSTALADO EM LOCAL COM NÍVEL ALTO DE INTERFERÊNCIAS (NÃO INCLUI FORNECIMENTO). AF_11/2017","M","ATRIBUÍDO SÃO PAULO",34.700000000000003,"COMPOSICAO",88316,"SERVENTE COM ENCARGOS COMPLEMENTARES","H","COLETADO",0.1295,14.67,1.89,"","","","","","","","","","",null,"CAIXA REFERENCIAL"]
["ASSENTAMENTO DE TUBOS E PECAS","ASTU","FORNEC E/OU ASSENT DE TUBO DE ACO COM JUNTA SOLDAD",46,"","",97175,"ASSENTAMENTO DE TUBO DE AÇO CARBONO PARA REDE DE ÁGUA, DN 800 MM (32\u0092\u0092), JUNTA SOLDADA, INSTALADO EM LOCAL COM NÍVEL ALTO DE INTERFERÊNCIAS (NÃO INCLUI FORNECIMENTO). AF_11/2017","M","ATRIBUÍDO SÃO PAULO",34.700000000000003,"COMPOSICAO",88317,"SOLDADOR COM ENCARGOS COMPLEMENTARES","H","COLETADO",0.63890000000000002,20.34,12.99,"","","","","","","","","","",null,"CAIXA REFERENCIAL"]
["ASSENTAMENTO DE TUBOS E PECAS","ASTU","FORNEC E/OU ASSENT DE TUBO DE ACO COM JUNTA SOLDAD",46,"","",97176,"ASSENTAMENTO DE TUBO DE AÇO CARBONO PARA REDE DE ÁGUA, DN 900 MM (36\u0092\u0092), JUNTA SOLDADA, INSTALADO EM LOCAL COM NÍVEL ALTO DE INTERFERÊNCIAS (NÃO INCLUI FORNECIMENTO). AF_11/2017","M","ATRIBUÍDO SÃO PAULO",38.83,"","","","","","","","",19.28,49.637681299999997,13.03,33.566252499999997,"6,52","16,7960662","0,00","0,0000000","0,00","0,0000000",0,"CAIXA REFERENCIAL"]
["ASSENTAMENTO DE TUBOS E PECAS","ASTU","FORNEC E/OU ASSENT DE TUBO DE ACO COM JUNTA SOLDAD",46,"","",97176,"ASSENTAMENTO DE TUBO DE AÇO CARBONO PARA REDE DE ÁGUA, DN 900 MM (36\u0092\u0092), JUNTA SOLDADA, INSTALADO EM LOCAL COM NÍVEL ALTO DE INTERFERÊNCIAS (NÃO INCLUI FORNECIMENTO). AF_11/2017","M","ATRIBUÍDO SÃO PAULO",38.83,"COMPOSICAO",5631,"ESCAVADEIRA HIDRÁULICA SOBRE ESTEIRAS, CAÇAMBA 0,80 M3, PESO OPERACIONAL 17 T, POTENCIA BRUTA 111 HP - CHP DIURNO. AF_06/2014","CHP","ATRIBUÍDO SÃO PAULO",3.1600000000000003E-2,126.79,4,"","","","","","","","","","",null,"CAIXA REFERENCIAL"]
["ASSENTAMENTO DE TUBOS E PECAS","ASTU","FORNEC E/OU ASSENT DE TUBO DE ACO COM JUNTA SOLDAD",46,"","",97176,"ASSENTAMENTO DE TUBO DE AÇO CARBONO PARA REDE DE ÁGUA, DN 900 MM (36\u0092\u0092), JUNTA SOLDADA, INSTALADO EM LOCAL COM NÍVEL ALTO DE INTERFERÊNCIAS (NÃO INCLUI FORNECIMENTO). AF_11/2017","M","ATRIBUÍDO SÃO PAULO",38.83,"COMPOSICAO",5632,"ESCAVADEIRA HIDRÁULICA SOBRE ESTEIRAS, CAÇAMBA 0,80 M3, PESO OPERACIONAL 17 T, POTENCIA BRUTA 111 HP - CHI DIURNO. AF_06/2014","CHI","ATRIBUÍDO SÃO PAULO",0.15140000000000001,57.49,8.6999999999999993,"","","","","","","","","","",null,"CAIXA REFERENCIAL"]
["ASSENTAMENTO DE TUBOS E PECAS","ASTU","FORNEC E/OU ASSENT DE TUBO DE ACO COM JUNTA SOLDAD",46,"","",97176,"ASSENTAMENTO DE TUBO DE AÇO CARBONO PARA REDE DE ÁGUA, DN 900 MM (36\u0092\u0092), JUNTA SOLDADA, INSTALADO EM LOCAL COM NÍVEL ALTO DE INTERFERÊNCIAS (NÃO INCLUI FORNECIMENTO). AF_11/2017","M","ATRIBUÍDO SÃO PAULO",38.83,"INSUMO",10997,"ELETRODO REVESTIDO AWS - E7018, DIAMETRO IGUAL A 4,00 MM","KG","COLETADO",0.28120000000000001,23.22,6.52,"","","","","","","","","","",null,"CAIXA REFERENCIAL"]
["ASSENTAMENTO DE TUBOS E PECAS","ASTU","FORNEC E/OU ASSENT DE TUBO DE ACO COM JUNTA SOLDAD",46,"","",97176,"ASSENTAMENTO DE TUBO DE AÇO CARBONO PARA REDE DE ÁGUA, DN 900 MM (36\u0092\u0092), JUNTA SOLDADA, INSTALADO EM LOCAL COM NÍVEL ALTO DE INTERFERÊNCIAS (NÃO INCLUI FORNECIMENTO). AF_11/2017","M","ATRIBUÍDO SÃO PAULO",38.83,"COMPOSICAO",88246,"ASSENTADOR DE TUBOS COM ENCARGOS COMPLEMENTARES","H","COEFICIENTE DE REPRESENTATIVIDADE",0.1401,21.04,2.94,"","","","","","","","","","",null,"CAIXA REFERENCIAL"]
["ASSENTAMENTO DE TUBOS E PECAS","ASTU","FORNEC E/OU ASSENT DE TUBO DE ACO COM JUNTA SOLDAD",46,"","",97176,"ASSENTAMENTO DE TUBO DE AÇO CARBONO PARA REDE DE ÁGUA, DN 900 MM (36\u0092\u0092), JUNTA SOLDADA, INSTALADO EM LOCAL COM NÍVEL ALTO DE INTERFERÊNCIAS (NÃO INCLUI FORNECIMENTO). AF_11/2017","M","ATRIBUÍDO SÃO PAULO",38.83,"COMPOSICAO",88316,"SERVENTE COM ENCARGOS COMPLEMENTARES","H","COLETADO",0.1401,14.67,2.0499999999999998,"","","","","","","","","","",null,"CAIXA REFERENCIAL"]
["ASSENTAMENTO DE TUBOS E PECAS","ASTU","FORNEC E/OU ASSENT DE TUBO DE ACO COM JUNTA SOLDAD",46,"","",97176,"ASSENTAMENTO DE TUBO DE AÇO CARBONO PARA REDE DE ÁGUA, DN 900 MM (36\u0092\u0092), JUNTA SOLDADA, INSTALADO EM LOCAL COM NÍVEL ALTO DE INTERFERÊNCIAS (NÃO INCLUI FORNECIMENTO). AF_11/2017","M","ATRIBUÍDO SÃO PAULO",38.83,"COMPOSICAO",88317,"SOLDADOR COM ENCARGOS COMPLEMENTARES","H","COLETADO",0.71879999999999999,20.34,14.62,"","","","","","","","","","",null,"CAIXA REFERENCIAL"]
["ASSENTAMENTO DE TUBOS E PECAS","ASTU","FORNEC E/OU ASSENT DE TUBO DE ACO COM JUNTA SOLDAD",46,"","",97177,"ASSENTAMENTO DE TUBO DE AÇO CARBONO PARA REDE DE ÁGUA, DN 1000 MM (40\u0092\u0092) OU DN 1100 MM (44\u0092\u0092), JUNTA SOLDADA, INSTALADO EM LOCAL COM NÍVEL ALTO DE INTERFERÊNCIAS (NÃO INCLUI FORNECIMENTO). AF_11/2017","M","ATRIBUÍDO SÃO PAULO",47.11,"","","","","","","","",23.29,49.424552599999998,15.87,33.695652099999997,"7,95","16,8797953","0,00","0,0000000","0,00","0,0000000",0,"CAIXA REFERENCIAL"]
["ASSENTAMENTO DE TUBOS E PECAS","ASTU","FORNEC E/OU ASSENT DE TUBO DE ACO COM JUNTA SOLDAD",46,"","",97177,"ASSENTAMENTO DE TUBO DE AÇO CARBONO PARA REDE DE ÁGUA, DN 1000 MM (40\u0092\u0092) OU DN 1100 MM (44\u0092\u0092), JUNTA SOLDADA, INSTALADO EM LOCAL COM NÍVEL ALTO DE INTERFERÊNCIAS (NÃO INCLUI FORNECIMENTO). AF_11/2017","M","ATRIBUÍDO SÃO PAULO",47.11,"COMPOSICAO",5631,"ESCAVADEIRA HIDRÁULICA SOBRE ESTEIRAS, CAÇAMBA 0,80 M3, PESO OPERACIONAL 17 T, POTENCIA BRUTA 111 HP - CHP DIURNO. AF_06/2014","CHP","ATRIBUÍDO SÃO PAULO",3.8600000000000002E-2,126.79,4.8899999999999997,"","","","","","","","","","",null,"CAIXA REFERENCIAL"]
["ASSENTAMENTO DE TUBOS E PECAS","ASTU","FORNEC E/OU ASSENT DE TUBO DE ACO COM JUNTA SOLDAD",46,"","",97177,"ASSENTAMENTO DE TUBO DE AÇO CARBONO PARA REDE DE ÁGUA, DN 1000 MM (40\u0092\u0092) OU DN 1100 MM (44\u0092\u0092), JUNTA SOLDADA, INSTALADO EM LOCAL COM NÍVEL ALTO DE INTERFERÊNCIAS (NÃO INCLUI FORNECIMENTO). AF_11/2017","M","ATRIBUÍDO SÃO PAULO",47.11,"COMPOSICAO",5632,"ESCAVADEIRA HIDRÁULICA SOBRE ESTEIRAS, CAÇAMBA 0,80 M3, PESO OPERACIONAL 17 T, POTENCIA BRUTA 111 HP - CHI DIURNO. AF_06/2014","CHI","ATRIBUÍDO SÃO PAULO",0.185,57.49,10.63,"","","","","","","","","","",null,"CAIXA REFERENCIAL"]
["ASSENTAMENTO DE TUBOS E PECAS","ASTU","FORNEC E/OU ASSENT DE TUBO DE ACO COM JUNTA SOLDAD",46,"","",97177,"ASSENTAMENTO DE TUBO DE AÇO CARBONO PARA REDE DE ÁGUA, DN 1000 MM (40\u0092\u0092) OU DN 1100 MM (44\u0092\u0092), JUNTA SOLDADA, INSTALADO EM LOCAL COM NÍVEL ALTO DE INTERFERÊNCIAS (NÃO INCLUI FORNECIMENTO). AF_11/2017","M","ATRIBUÍDO SÃO PAULO",47.11,"INSUMO",10997,"ELETRODO REVESTIDO AWS - E7018, DIAMETRO IGUAL A 4,00 MM","KG","COLETADO",0.34370000000000001,23.22,7.98,"","","","","","","","","","",null,"CAIXA REFERENCIAL"]
["ASSENTAMENTO DE TUBOS E PECAS","ASTU","FORNEC E/OU ASSENT DE TUBO DE ACO COM JUNTA SOLDAD",46,"","",97177,"ASSENTAMENTO DE TUBO DE AÇO CARBONO PARA REDE DE ÁGUA, DN 1000 MM (40\u0092\u0092) OU DN 1100 MM (44\u0092\u0092), JUNTA SOLDADA, INSTALADO EM LOCAL COM NÍVEL ALTO DE INTERFERÊNCIAS (NÃO INCLUI FORNECIMENTO). AF_11/2017","M","ATRIBUÍDO SÃO PAULO",47.11,"COMPOSICAO",88246,"ASSENTADOR DE TUBOS COM ENCARGOS COMPLEMENTARES","H","COEFICIENTE DE REPRESENTATIVIDADE",0.1613,21.04,3.39,"","","","","","","","","","",null,"CAIXA REFERENCIAL"]
["ASSENTAMENTO DE TUBOS E PECAS","ASTU","FORNEC E/OU ASSENT DE TUBO DE ACO COM JUNTA SOLDAD",46,"","",97177,"ASSENTAMENTO DE TUBO DE AÇO CARBONO PARA REDE DE ÁGUA, DN 1000 MM (40\u0092\u0092) OU DN 1100 MM (44\u0092\u0092), JUNTA SOLDADA, INSTALADO EM LOCAL COM NÍVEL ALTO DE INTERFERÊNCIAS (NÃO INCLUI FORNECIMENTO). AF_11/2017","M","ATRIBUÍDO SÃO PAULO",47.11,"COMPOSICAO",88316,"SERVENTE COM ENCARGOS COMPLEMENTARES","H","COLETADO",0.1613,14.67,2.36,"","","","","","","","","","",null,"CAIXA REFERENCIAL"]
["ASSENTAMENTO DE TUBOS E PECAS","ASTU","FORNEC E/OU ASSENT DE TUBO DE ACO COM JUNTA SOLDAD",46,"","",97177,"ASSENTAMENTO DE TUBO DE AÇO CARBONO PARA REDE DE ÁGUA, DN 1000 MM (40\u0092\u0092) OU DN 1100 MM (44\u0092\u0092), JUNTA SOLDADA, INSTALADO EM LOCAL COM NÍVEL ALTO DE INTERFERÊNCIAS (NÃO INCLUI FORNECIMENTO). AF_11/2017","M","ATRIBUÍDO SÃO PAULO",47.11,"COMPOSICAO",88317,"SOLDADOR COM ENCARGOS COMPLEMENTARES","H","COLETADO",0.87849999999999995,20.34,17.86,"","","","","","","","","","",null,"CAIXA REFERENCIAL"]
["ASSENTAMENTO DE TUBOS E PECAS","ASTU","FORNEC E/OU ASSENT DE TUBO DE ACO COM JUNTA SOLDAD",46,"","",97178,"ASSENTAMENTO DE TUBO DE AÇO CARBONO PARA REDE DE ÁGUA, DN 1200 MM (48\u0092\u0092) OU DN 1300 MM (52\u0092\u0092), JUNTA SOLDADA, INSTALADO EM LOCAL COM NÍVEL ALTO DE INTERFERÊNCIAS (NÃO INCLUI FORNECIMENTO). AF_11/2017","M","ATRIBUÍDO SÃO PAULO",55.38,"","","","","","","","",27.26,49.212384700000001,18.71,33.785985799999999,"9,41","17,0016295","0,00","0,0000000","0,00","0,0000000",0,"CAIXA REFERENCIAL"]
["ASSENTAMENTO DE TUBOS E PECAS","ASTU","FORNEC E/OU ASSENT DE TUBO DE ACO COM JUNTA SOLDAD",46,"","",97178,"ASSENTAMENTO DE TUBO DE AÇO CARBONO PARA REDE DE ÁGUA, DN 1200 MM (48\u0092\u0092) OU DN 1300 MM (52\u0092\u0092), JUNTA SOLDADA, INSTALADO EM LOCAL COM NÍVEL ALTO DE INTERFERÊNCIAS (NÃO INCLUI FORNECIMENTO). AF_11/2017","M","ATRIBUÍDO SÃO PAULO",55.38,"COMPOSICAO",5631,"ESCAVADEIRA HIDRÁULICA SOBRE ESTEIRAS, CAÇAMBA 0,80 M3, PESO OPERACIONAL 17 T, POTENCIA BRUTA 111 HP - CHP DIURNO. AF_06/2014","CHP","ATRIBUÍDO SÃO PAULO",4.5600000000000002E-2,126.79,5.78,"","","","","","","","","","",null,"CAIXA REFERENCIAL"]
["ASSENTAMENTO DE TUBOS E PECAS","ASTU","FORNEC E/OU ASSENT DE TUBO DE ACO COM JUNTA SOLDAD",46,"","",97178,"ASSENTAMENTO DE TUBO DE AÇO CARBONO PARA REDE DE ÁGUA, DN 1200 MM (48\u0092\u0092) OU DN 1300 MM (52\u0092\u0092), JUNTA SOLDADA, INSTALADO EM LOCAL COM NÍVEL ALTO DE INTERFERÊNCIAS (NÃO INCLUI FORNECIMENTO). AF_11/2017","M","ATRIBUÍDO SÃO PAULO",55.38,"COMPOSICAO",5632,"ESCAVADEIRA HIDRÁULICA SOBRE ESTEIRAS, CAÇAMBA 0,80 M3, PESO OPERACIONAL 17 T, POTENCIA BRUTA 111 HP - CHI DIURNO. AF_06/2014","CHI","ATRIBUÍDO SÃO PAULO",0.21859999999999999,57.49,12.56,"","","","","","","","","","",null,"CAIXA REFERENCIAL"]
["ASSENTAMENTO DE TUBOS E PECAS","ASTU","FORNEC E/OU ASSENT DE TUBO DE ACO COM JUNTA SOLDAD",46,"","",97178,"ASSENTAMENTO DE TUBO DE AÇO CARBONO PARA REDE DE ÁGUA, DN 1200 MM (48\u0092\u0092) OU DN 1300 MM (52\u0092\u0092), JUNTA SOLDADA, INSTALADO EM LOCAL COM NÍVEL ALTO DE INTERFERÊNCIAS (NÃO INCLUI FORNECIMENTO). AF_11/2017","M","ATRIBUÍDO SÃO PAULO",55.38,"INSUMO",10997,"ELETRODO REVESTIDO AWS - E7018, DIAMETRO IGUAL A 4,00 MM","KG","COLETADO",0.40620000000000001,23.22,9.43,"","","","","","","","","","",null,"CAIXA REFERENCIAL"]
["ASSENTAMENTO DE TUBOS E PECAS","ASTU","FORNEC E/OU ASSENT DE TUBO DE ACO COM JUNTA SOLDAD",46,"","",97178,"ASSENTAMENTO DE TUBO DE AÇO CARBONO PARA REDE DE ÁGUA, DN 1200 MM (48\u0092\u0092) OU DN 1300 MM (52\u0092\u0092), JUNTA SOLDADA, INSTALADO EM LOCAL COM NÍVEL ALTO DE INTERFERÊNCIAS (NÃO INCLUI FORNECIMENTO). AF_11/2017","M","ATRIBUÍDO SÃO PAULO",55.38,"COMPOSICAO",88246,"ASSENTADOR DE TUBOS COM ENCARGOS COMPLEMENTARES","H","COEFICIENTE DE REPRESENTATIVIDADE",0.1825,21.04,3.83,"","","","","","","","","","",null,"CAIXA REFERENCIAL"]
["ASSENTAMENTO DE TUBOS E PECAS","ASTU","FORNEC E/OU ASSENT DE TUBO DE ACO COM JUNTA SOLDAD",46,"","",97178,"ASSENTAMENTO DE TUBO DE AÇO CARBONO PARA REDE DE ÁGUA, DN 1200 MM (48\u0092\u0092) OU DN 1300 MM (52\u0092\u0092), JUNTA SOLDADA, INSTALADO EM LOCAL COM NÍVEL ALTO DE INTERFERÊNCIAS (NÃO INCLUI FORNECIMENTO). AF_11/2017","M","ATRIBUÍDO SÃO PAULO",55.38,"COMPOSICAO",88316,"SERVENTE COM ENCARGOS COMPLEMENTARES","H","COLETADO",0.1825,14.67,2.67,"","","","","","","","","","",null,"CAIXA REFERENCIAL"]
["ASSENTAMENTO DE TUBOS E PECAS","ASTU","FORNEC E/OU ASSENT DE TUBO DE ACO COM JUNTA SOLDAD",46,"","",97178,"ASSENTAMENTO DE TUBO DE AÇO CARBONO PARA REDE DE ÁGUA, DN 1200 MM (48\u0092\u0092) OU DN 1300 MM (52\u0092\u0092), JUNTA SOLDADA, INSTALADO EM LOCAL COM NÍVEL ALTO DE INTERFERÊNCIAS (NÃO INCLUI FORNECIMENTO). AF_11/2017","M","ATRIBUÍDO SÃO PAULO",55.38,"COMPOSICAO",88317,"SOLDADOR COM ENCARGOS COMPLEMENTARES","H","COLETADO",1.0382,20.34,21.11,"","","","","","","","","","",null,"CAIXA REFERENCIAL"]
["ASSENTAMENTO DE TUBOS E PECAS","ASTU","FORNEC E/OU ASSENT DE TUBO DE ACO COM JUNTA SOLDAD",46,"","",97179,"ASSENTAMENTO DE TUBO DE AÇO CARBONO PARA REDE DE ÁGUA, DN 1400 MM (56'') OU DN 1500 MM (60\u0092\u0092), JUNTA SOLDADA, INSTALADO EM LOCAL COM NÍVEL ALTO DE INTERFERÊNCIAS (NÃO INCLUI FORNECIMENTO). AF_11/2017","M","ATRIBUÍDO SÃO PAULO",63.65,"","","","","","","","",31.29,49.133585400000001,21.52,33.821676099999998,"10,84","17,0447385","0,00","0,0000000","0,00","0,0000000",0,"CAIXA REFERENCIAL"]
["ASSENTAMENTO DE TUBOS E PECAS","ASTU","FORNEC E/OU ASSENT DE TUBO DE ACO COM JUNTA SOLDAD",46,"","",97179,"ASSENTAMENTO DE TUBO DE AÇO CARBONO PARA REDE DE ÁGUA, DN 1400 MM (56'') OU DN 1500 MM (60\u0092\u0092), JUNTA SOLDADA, INSTALADO EM LOCAL COM NÍVEL ALTO DE INTERFERÊNCIAS (NÃO INCLUI FORNECIMENTO). AF_11/2017","M","ATRIBUÍDO SÃO PAULO",63.65,"COMPOSICAO",5631,"ESCAVADEIRA HIDRÁULICA SOBRE ESTEIRAS, CAÇAMBA 0,80 M3, PESO OPERACIONAL 17 T, POTENCIA BRUTA 111 HP - CHP DIURNO. AF_06/2014","CHP","ATRIBUÍDO SÃO PAULO",5.2600000000000001E-2,126.79,6.66,"","","","","","","","","","",null,"CAIXA REFERENCIAL"]
["ASSENTAMENTO DE TUBOS E PECAS","ASTU","FORNEC E/OU ASSENT DE TUBO DE ACO COM JUNTA SOLDAD",46,"","",97179,"ASSENTAMENTO DE TUBO DE AÇO CARBONO PARA REDE DE ÁGUA, DN 1400 MM (56'') OU DN 1500 MM (60\u0092\u0092), JUNTA SOLDADA, INSTALADO EM LOCAL COM NÍVEL ALTO DE INTERFERÊNCIAS (NÃO INCLUI FORNECIMENTO). AF_11/2017","M","ATRIBUÍDO SÃO PAULO",63.65,"COMPOSICAO",5632,"ESCAVADEIRA HIDRÁULICA SOBRE ESTEIRAS, CAÇAMBA 0,80 M3, PESO OPERACIONAL 17 T, POTENCIA BRUTA 111 HP - CHI DIURNO. AF_06/2014","CHI","ATRIBUÍDO SÃO PAULO",0.25219999999999998,57.49,14.49,"","","","","","","","","","",null,"CAIXA REFERENCIAL"]
["ASSENTAMENTO DE TUBOS E PECAS","ASTU","FORNEC E/OU ASSENT DE TUBO DE ACO COM JUNTA SOLDAD",46,"","",97179,"ASSENTAMENTO DE TUBO DE AÇO CARBONO PARA REDE DE ÁGUA, DN 1400 MM (56'') OU DN 1500 MM (60\u0092\u0092), JUNTA SOLDADA, INSTALADO EM LOCAL COM NÍVEL ALTO DE INTERFERÊNCIAS (NÃO INCLUI FORNECIMENTO). AF_11/2017","M","ATRIBUÍDO SÃO PAULO",63.65,"INSUMO",10997,"ELETRODO REVESTIDO AWS - E7018, DIAMETRO IGUAL A 4,00 MM","KG","COLETADO",0.46870000000000001,23.22,10.88,"","","","","","","","","","",null,"CAIXA REFERENCIAL"]
["ASSENTAMENTO DE TUBOS E PECAS","ASTU","FORNEC E/OU ASSENT DE TUBO DE ACO COM JUNTA SOLDAD",46,"","",97179,"ASSENTAMENTO DE TUBO DE AÇO CARBONO PARA REDE DE ÁGUA, DN 1400 MM (56'') OU DN 1500 MM (60\u0092\u0092), JUNTA SOLDADA, INSTALADO EM LOCAL COM NÍVEL ALTO DE INTERFERÊNCIAS (NÃO INCLUI FORNECIMENTO). AF_11/2017","M","ATRIBUÍDO SÃO PAULO",63.65,"COMPOSICAO",88246,"ASSENTADOR DE TUBOS COM ENCARGOS COMPLEMENTARES","H","COEFICIENTE DE REPRESENTATIVIDADE",0.2036,21.04,4.28,"","","","","","","","","","",null,"CAIXA REFERENCIAL"]
["ASSENTAMENTO DE TUBOS E PECAS","ASTU","FORNEC E/OU ASSENT DE TUBO DE ACO COM JUNTA SOLDAD",46,"","",97179,"ASSENTAMENTO DE TUBO DE AÇO CARBONO PARA REDE DE ÁGUA, DN 1400 MM (56'') OU DN 1500 MM (60\u0092\u0092), JUNTA SOLDADA, INSTALADO EM LOCAL COM NÍVEL ALTO DE INTERFERÊNCIAS (NÃO INCLUI FORNECIMENTO). AF_11/2017","M","ATRIBUÍDO SÃO PAULO",63.65,"COMPOSICAO",88316,"SERVENTE COM ENCARGOS COMPLEMENTARES","H","COLETADO",0.2036,14.67,2.98,"","","","","","","","","","",null,"CAIXA REFERENCIAL"]
["ASSENTAMENTO DE TUBOS E PECAS","ASTU","FORNEC E/OU ASSENT DE TUBO DE ACO COM JUNTA SOLDAD",46,"","",97179,"ASSENTAMENTO DE TUBO DE AÇO CARBONO PARA REDE DE ÁGUA, DN 1400 MM (56'') OU DN 1500 MM (60\u0092\u0092), JUNTA SOLDADA, INSTALADO EM LOCAL COM NÍVEL ALTO DE INTERFERÊNCIAS (NÃO INCLUI FORNECIMENTO). AF_11/2017","M","ATRIBUÍDO SÃO PAULO",63.65,"COMPOSICAO",88317,"SOLDADOR COM ENCARGOS COMPLEMENTARES","H","COLETADO",1.198,20.34,24.36,"","","","","","","","","","",null,"CAIXA REFERENCIAL"]
["ASSENTAMENTO DE TUBOS E PECAS","ASTU","FORNEC E/OU ASSENT DE TUBO DE ACO COM JUNTA SOLDAD",46,"","",97180,"ASSENTAMENTO DE TUBO DE AÇO CARBONO PARA REDE DE ÁGUA, DN 1600 MM (64\u0092\u0092) OU DN 1700 MM (68\u0092\u0092), JUNTA SOLDADA, INSTALADO EM LOCAL COM NÍVEL ALTO DE INTERFERÊNCIAS (NÃO INCLUI FORNECIMENTO). AF_11/2017","M","ATRIBUÍDO SÃO PAULO",71.930000000000007,"","","","","","","","",35.28,49.0381936,24.35,33.858377400000002,"12,30","17,1034290","0,00","0,0000000","0,00","0,0000000",0,"CAIXA REFERENCIAL"]
["ASSENTAMENTO DE TUBOS E PECAS","ASTU","FORNEC E/OU ASSENT DE TUBO DE ACO COM JUNTA SOLDAD",46,"","",97180,"ASSENTAMENTO DE TUBO DE AÇO CARBONO PARA REDE DE ÁGUA, DN 1600 MM (64\u0092\u0092) OU DN 1700 MM (68\u0092\u0092), JUNTA SOLDADA, INSTALADO EM LOCAL COM NÍVEL ALTO DE INTERFERÊNCIAS (NÃO INCLUI FORNECIMENTO). AF_11/2017","M","ATRIBUÍDO SÃO PAULO",71.930000000000007,"COMPOSICAO",5631,"ESCAVADEIRA HIDRÁULICA SOBRE ESTEIRAS, CAÇAMBA 0,80 M3, PESO OPERACIONAL 17 T, POTENCIA BRUTA 111 HP - CHP DIURNO. AF_06/2014","CHP","ATRIBUÍDO SÃO PAULO",5.96E-2,126.79,7.55,"","","","","","","","","","",null,"CAIXA REFERENCIAL"]
["ASSENTAMENTO DE TUBOS E PECAS","ASTU","FORNEC E/OU ASSENT DE TUBO DE ACO COM JUNTA SOLDAD",46,"","",97180,"ASSENTAMENTO DE TUBO DE AÇO CARBONO PARA REDE DE ÁGUA, DN 1600 MM (64\u0092\u0092) OU DN 1700 MM (68\u0092\u0092), JUNTA SOLDADA, INSTALADO EM LOCAL COM NÍVEL ALTO DE INTERFERÊNCIAS (NÃO INCLUI FORNECIMENTO). AF_11/2017","M","ATRIBUÍDO SÃO PAULO",71.930000000000007,"COMPOSICAO",5632,"ESCAVADEIRA HIDRÁULICA SOBRE ESTEIRAS, CAÇAMBA 0,80 M3, PESO OPERACIONAL 17 T, POTENCIA BRUTA 111 HP - CHI DIURNO. AF_06/2014","CHI","ATRIBUÍDO SÃO PAULO",0.2858,57.49,16.43,"","","","","","","","","","",null,"CAIXA REFERENCIAL"]
["ASSENTAMENTO DE TUBOS E PECAS","ASTU","FORNEC E/OU ASSENT DE TUBO DE ACO COM JUNTA SOLDAD",46,"","",97180,"ASSENTAMENTO DE TUBO DE AÇO CARBONO PARA REDE DE ÁGUA, DN 1600 MM (64\u0092\u0092) OU DN 1700 MM (68\u0092\u0092), JUNTA SOLDADA, INSTALADO EM LOCAL COM NÍVEL ALTO DE INTERFERÊNCIAS (NÃO INCLUI FORNECIMENTO). AF_11/2017","M","ATRIBUÍDO SÃO PAULO",71.930000000000007,"INSUMO",10997,"ELETRODO REVESTIDO AWS - E7018, DIAMETRO IGUAL A 4,00 MM","KG","COLETADO",0.53110000000000002,23.22,12.33,"","","","","","","","","","",null,"CAIXA REFERENCIAL"]
["ASSENTAMENTO DE TUBOS E PECAS","ASTU","FORNEC E/OU ASSENT DE TUBO DE ACO COM JUNTA SOLDAD",46,"","",97180,"ASSENTAMENTO DE TUBO DE AÇO CARBONO PARA REDE DE ÁGUA, DN 1600 MM (64\u0092\u0092) OU DN 1700 MM (68\u0092\u0092), JUNTA SOLDADA, INSTALADO EM LOCAL COM NÍVEL ALTO DE INTERFERÊNCIAS (NÃO INCLUI FORNECIMENTO). AF_11/2017","M","ATRIBUÍDO SÃO PAULO",71.930000000000007,"COMPOSICAO",88246,"ASSENTADOR DE TUBOS COM ENCARGOS COMPLEMENTARES","H","COEFICIENTE DE REPRESENTATIVIDADE",0.2248,21.04,4.72,"","","","","","","","","","",null,"CAIXA REFERENCIAL"]
["ASSENTAMENTO DE TUBOS E PECAS","ASTU","FORNEC E/OU ASSENT DE TUBO DE ACO COM JUNTA SOLDAD",46,"","",97180,"ASSENTAMENTO DE TUBO DE AÇO CARBONO PARA REDE DE ÁGUA, DN 1600 MM (64\u0092\u0092) OU DN 1700 MM (68\u0092\u0092), JUNTA SOLDADA, INSTALADO EM LOCAL COM NÍVEL ALTO DE INTERFERÊNCIAS (NÃO INCLUI FORNECIMENTO). AF_11/2017","M","ATRIBUÍDO SÃO PAULO",71.930000000000007,"COMPOSICAO",88316,"SERVENTE COM ENCARGOS COMPLEMENTARES","H","COLETADO",0.2248,14.67,3.29,"","","","","","","","","","",null,"CAIXA REFERENCIAL"]
["ASSENTAMENTO DE TUBOS E PECAS","ASTU","FORNEC E/OU ASSENT DE TUBO DE ACO COM JUNTA SOLDAD",46,"","",97180,"ASSENTAMENTO DE TUBO DE AÇO CARBONO PARA REDE DE ÁGUA, DN 1600 MM (64\u0092\u0092) OU DN 1700 MM (68\u0092\u0092), JUNTA SOLDADA, INSTALADO EM LOCAL COM NÍVEL ALTO DE INTERFERÊNCIAS (NÃO INCLUI FORNECIMENTO). AF_11/2017","M","ATRIBUÍDO SÃO PAULO",71.930000000000007,"COMPOSICAO",88317,"SOLDADOR COM ENCARGOS COMPLEMENTARES","H","COLETADO",1.3576999999999999,20.34,27.61,"","","","","","","","","","",null,"CAIXA REFERENCIAL"]
["ASSENTAMENTO DE TUBOS E PECAS","ASTU","FORNEC E/OU ASSENT DE TUBO DE ACO COM JUNTA SOLDAD",46,"","",97181,"ASSENTAMENTO DE TUBO DE AÇO CARBONO PARA REDE DE ÁGUA, DN 1800 MM (72\u0092\u0092) OU DN 1900 MM (76\u0092\u0092), JUNTA SOLDADA, INSTALADO EM LOCAL COM NÍVEL ALTO DE INTERFERÊNCIAS (NÃO INCLUI FORNECIMENTO). AF_11/2017","M","ATRIBUÍDO SÃO PAULO",82.7,"","","","","","","","",39.270000000000003,47.479399000000001,28.16,34.0523509,"15,27","18,4682501","0,00","0,0000000","0,00","0,0000000",0,"CAIXA REFERENCIAL"]
["ASSENTAMENTO DE TUBOS E PECAS","ASTU","FORNEC E/OU ASSENT DE TUBO DE ACO COM JUNTA SOLDAD",46,"","",97181,"ASSENTAMENTO DE TUBO DE AÇO CARBONO PARA REDE DE ÁGUA, DN 1800 MM (72\u0092\u0092) OU DN 1900 MM (76\u0092\u0092), JUNTA SOLDADA, INSTALADO EM LOCAL COM NÍVEL ALTO DE INTERFERÊNCIAS (NÃO INCLUI FORNECIMENTO). AF_11/2017","M","ATRIBUÍDO SÃO PAULO",82.7,"INSUMO",10997,"ELETRODO REVESTIDO AWS - E7018, DIAMETRO IGUAL A 4,00 MM","KG","COLETADO",0.59360000000000002,23.22,13.78,"","","","","","","","","","",null,"CAIXA REFERENCIAL"]
["ASSENTAMENTO DE TUBOS E PECAS","ASTU","FORNEC E/OU ASSENT DE TUBO DE ACO COM JUNTA SOLDAD",46,"","",97181,"ASSENTAMENTO DE TUBO DE AÇO CARBONO PARA REDE DE ÁGUA, DN 1800 MM (72\u0092\u0092) OU DN 1900 MM (76\u0092\u0092), JUNTA SOLDADA, INSTALADO EM LOCAL COM NÍVEL ALTO DE INTERFERÊNCIAS (NÃO INCLUI FORNECIMENTO). AF_11/2017","M","ATRIBUÍDO SÃO PAULO",82.7,"COMPOSICAO",88246,"ASSENTADOR DE TUBOS COM ENCARGOS COMPLEMENTARES","H","COEFICIENTE DE REPRESENTATIVIDADE",0.246,21.04,5.17,"","","","","","","","","","",null,"CAIXA REFERENCIAL"]
["ASSENTAMENTO DE TUBOS E PECAS","ASTU","FORNEC E/OU ASSENT DE TUBO DE ACO COM JUNTA SOLDAD",46,"","",97181,"ASSENTAMENTO DE TUBO DE AÇO CARBONO PARA REDE DE ÁGUA, DN 1800 MM (72\u0092\u0092) OU DN 1900 MM (76\u0092\u0092), JUNTA SOLDADA, INSTALADO EM LOCAL COM NÍVEL ALTO DE INTERFERÊNCIAS (NÃO INCLUI FORNECIMENTO). AF_11/2017","M","ATRIBUÍDO SÃO PAULO",82.7,"COMPOSICAO",88316,"SERVENTE COM ENCARGOS COMPLEMENTARES","H","COLETADO",0.246,14.67,3.6,"","","","","","","","","","",null,"CAIXA REFERENCIAL"]
["ASSENTAMENTO DE TUBOS E PECAS","ASTU","FORNEC E/OU ASSENT DE TUBO DE ACO COM JUNTA SOLDAD",46,"","",97181,"ASSENTAMENTO DE TUBO DE AÇO CARBONO PARA REDE DE ÁGUA, DN 1800 MM (72\u0092\u0092) OU DN 1900 MM (76\u0092\u0092), JUNTA SOLDADA, INSTALADO EM LOCAL COM NÍVEL ALTO DE INTERFERÊNCIAS (NÃO INCLUI FORNECIMENTO). AF_11/2017","M","ATRIBUÍDO SÃO PAULO",82.7,"COMPOSICAO",88317,"SOLDADOR COM ENCARGOS COMPLEMENTARES","H","COLETADO",1.5174000000000001,20.34,30.86,"","","","","","","","","","",null,"CAIXA REFERENCIAL"]
["ASSENTAMENTO DE TUBOS E PECAS","ASTU","FORNEC E/OU ASSENT DE TUBO DE ACO COM JUNTA SOLDAD",46,"","",97181,"ASSENTAMENTO DE TUBO DE AÇO CARBONO PARA REDE DE ÁGUA, DN 1800 MM (72\u0092\u0092) OU DN 1900 MM (76\u0092\u0092), JUNTA SOLDADA, INSTALADO EM LOCAL COM NÍVEL ALTO DE INTERFERÊNCIAS (NÃO INCLUI FORNECIMENTO). AF_11/2017","M","ATRIBUÍDO SÃO PAULO",82.7,"COMPOSICAO",88907,"ESCAVADEIRA HIDRÁULICA SOBRE ESTEIRAS, CAÇAMBA 1,20 M3, PESO OPERACIONAL 21 T, POTÊNCIA BRUTA 155 HP - CHP DIURNO. AF_06/2014","CHP","ATRIBUÍDO SÃO PAULO",6.6600000000000006E-2,148.25,9.8699999999999992,"","","","","","","","","","",null,"CAIXA REFERENCIAL"]
["ASSENTAMENTO DE TUBOS E PECAS","ASTU","FORNEC E/OU ASSENT DE TUBO DE ACO COM JUNTA SOLDAD",46,"","",97181,"ASSENTAMENTO DE TUBO DE AÇO CARBONO PARA REDE DE ÁGUA, DN 1800 MM (72\u0092\u0092) OU DN 1900 MM (76\u0092\u0092), JUNTA SOLDADA, INSTALADO EM LOCAL COM NÍVEL ALTO DE INTERFERÊNCIAS (NÃO INCLUI FORNECIMENTO). AF_11/2017","M","ATRIBUÍDO SÃO PAULO",82.7,"COMPOSICAO",88908,"ESCAVADEIRA HIDRÁULICA SOBRE ESTEIRAS, CAÇAMBA 1,20 M3, PESO OPERACIONAL 21 T, POTÊNCIA BRUTA 155 HP - CHI DIURNO. AF_06/2014","CHI","ATRIBUÍDO SÃO PAULO",0.31929999999999997,60.85,19.420000000000002,"","","","","","","","","","",null,"CAIXA REFERENCIAL"]
["ASSENTAMENTO DE TUBOS E PECAS","ASTU","FORNEC E/OU ASSENT DE TUBO DE ACO COM JUNTA SOLDAD",46,"","",97182,"ASSENTAMENTO DE TUBO DE AÇO CARBONO PARA REDE DE ÁGUA, DN 2000 MM (80\u0092\u0092) OU DN 2100 MM (84\u0092\u0092), JUNTA SOLDADA, INSTALADO EM LOCAL COM NÍVEL ALTO DE INTERFERÊNCIAS (NÃO INCLUI FORNECIMENTO). AF_11/2017","M","ATRIBUÍDO SÃO PAULO",91.25,"","","","","","","","",43.27,47.408302300000003,31.09,34.076433100000003,"16,89","18,5152646","0,00","0,0000000","0,00","0,0000000",0,"CAIXA REFERENCIAL"]
["ASSENTAMENTO DE TUBOS E PECAS","ASTU","FORNEC E/OU ASSENT DE TUBO DE ACO COM JUNTA SOLDAD",46,"","",97182,"ASSENTAMENTO DE TUBO DE AÇO CARBONO PARA REDE DE ÁGUA, DN 2000 MM (80\u0092\u0092) OU DN 2100 MM (84\u0092\u0092), JUNTA SOLDADA, INSTALADO EM LOCAL COM NÍVEL ALTO DE INTERFERÊNCIAS (NÃO INCLUI FORNECIMENTO). AF_11/2017","M","ATRIBUÍDO SÃO PAULO",91.25,"INSUMO",10997,"ELETRODO REVESTIDO AWS - E7018, DIAMETRO IGUAL A 4,00 MM","KG","COLETADO",0.65610000000000002,23.22,15.23,"","","","","","","","","","",null,"CAIXA REFERENCIAL"]
["ASSENTAMENTO DE TUBOS E PECAS","ASTU","FORNEC E/OU ASSENT DE TUBO DE ACO COM JUNTA SOLDAD",46,"","",97182,"ASSENTAMENTO DE TUBO DE AÇO CARBONO PARA REDE DE ÁGUA, DN 2000 MM (80\u0092\u0092) OU DN 2100 MM (84\u0092\u0092), JUNTA SOLDADA, INSTALADO EM LOCAL COM NÍVEL ALTO DE INTERFERÊNCIAS (NÃO INCLUI FORNECIMENTO). AF_11/2017","M","ATRIBUÍDO SÃO PAULO",91.25,"COMPOSICAO",88246,"ASSENTADOR DE TUBOS COM ENCARGOS COMPLEMENTARES","H","COEFICIENTE DE REPRESENTATIVIDADE",0.26719999999999999,21.04,5.62,"","","","","","","","","","",null,"CAIXA REFERENCIAL"]
["ASSENTAMENTO DE TUBOS E PECAS","ASTU","FORNEC E/OU ASSENT DE TUBO DE ACO COM JUNTA SOLDAD",46,"","",97182,"ASSENTAMENTO DE TUBO DE AÇO CARBONO PARA REDE DE ÁGUA, DN 2000 MM (80\u0092\u0092) OU DN 2100 MM (84\u0092\u0092), JUNTA SOLDADA, INSTALADO EM LOCAL COM NÍVEL ALTO DE INTERFERÊNCIAS (NÃO INCLUI FORNECIMENTO). AF_11/2017","M","ATRIBUÍDO SÃO PAULO",91.25,"COMPOSICAO",88316,"SERVENTE COM ENCARGOS COMPLEMENTARES","H","COLETADO",0.26719999999999999,14.67,3.91,"","","","","","","","","","",null,"CAIXA REFERENCIAL"]
["ASSENTAMENTO DE TUBOS E PECAS","ASTU","FORNEC E/OU ASSENT DE TUBO DE ACO COM JUNTA SOLDAD",46,"","",97182,"ASSENTAMENTO DE TUBO DE AÇO CARBONO PARA REDE DE ÁGUA, DN 2000 MM (80\u0092\u0092) OU DN 2100 MM (84\u0092\u0092), JUNTA SOLDADA, INSTALADO EM LOCAL COM NÍVEL ALTO DE INTERFERÊNCIAS (NÃO INCLUI FORNECIMENTO). AF_11/2017","M","ATRIBUÍDO SÃO PAULO",91.25,"COMPOSICAO",88317,"SOLDADOR COM ENCARGOS COMPLEMENTARES","H","COLETADO",1.6771,20.34,34.11,"","","","","","","","","","",null,"CAIXA REFERENCIAL"]
["ASSENTAMENTO DE TUBOS E PECAS","ASTU","FORNEC E/OU ASSENT DE TUBO DE ACO COM JUNTA SOLDAD",46,"","",97182,"ASSENTAMENTO DE TUBO DE AÇO CARBONO PARA REDE DE ÁGUA, DN 2000 MM (80\u0092\u0092) OU DN 2100 MM (84\u0092\u0092), JUNTA SOLDADA, INSTALADO EM LOCAL COM NÍVEL ALTO DE INTERFERÊNCIAS (NÃO INCLUI FORNECIMENTO). AF_11/2017","M","ATRIBUÍDO SÃO PAULO",91.25,"COMPOSICAO",88907,"ESCAVADEIRA HIDRÁULICA SOBRE ESTEIRAS, CAÇAMBA 1,20 M3, PESO OPERACIONAL 21 T, POTÊNCIA BRUTA 155 HP - CHP DIURNO. AF_06/2014","CHP","ATRIBUÍDO SÃO PAULO",7.3599999999999999E-2,148.25,10.91,"","","","","","","","","","",null,"CAIXA REFERENCIAL"]
["ASSENTAMENTO DE TUBOS E PECAS","ASTU","FORNEC E/OU ASSENT DE TUBO DE ACO COM JUNTA SOLDAD",46,"","",97182,"ASSENTAMENTO DE TUBO DE AÇO CARBONO PARA REDE DE ÁGUA, DN 2000 MM (80\u0092\u0092) OU DN 2100 MM (84\u0092\u0092), JUNTA SOLDADA, INSTALADO EM LOCAL COM NÍVEL ALTO DE INTERFERÊNCIAS (NÃO INCLUI FORNECIMENTO). AF_11/2017","M","ATRIBUÍDO SÃO PAULO",91.25,"COMPOSICAO",88908,"ESCAVADEIRA HIDRÁULICA SOBRE ESTEIRAS, CAÇAMBA 1,20 M3, PESO OPERACIONAL 21 T, POTÊNCIA BRUTA 155 HP - CHI DIURNO. AF_06/2014","CHI","ATRIBUÍDO SÃO PAULO",0.35289999999999999,60.85,21.47,"","","","","","","","","","",null,"CAIXA REFERENCIAL"]
["ASSENTAMENTO DE TUBOS E PECAS","ASTU","FORNEC E/OU ASSENT DE TUBO DE ACO COM JUNTA SOLDAD",46,"","",97183,"ASSENTAMENTO DE TUBO DE AÇO CARBONO PARA REDE DE ÁGUA, DN 600 MM (24\u0092\u0092), JUNTA SOLDADA, INSTALADO EM LOCAL COM NÍVEL BAIXO DE INTERFERÊNCIAS (NÃO INCLUI FORNECIMENTO). AF_11/2017","M","ATRIBUÍDO SÃO PAULO",21.41,"","","","","","","","",10.66,49.740932700000002,8.2200000000000006,38.436175200000001,"2,53","11,8228921","0,00","0,0000000","0,00","0,0000000",0,"CAIXA REFERENCIAL"]
["ASSENTAMENTO DE TUBOS E PECAS","ASTU","FORNEC E/OU ASSENT DE TUBO DE ACO COM JUNTA SOLDAD",46,"","",97183,"ASSENTAMENTO DE TUBO DE AÇO CARBONO PARA REDE DE ÁGUA, DN 600 MM (24\u0092\u0092), JUNTA SOLDADA, INSTALADO EM LOCAL COM NÍVEL BAIXO DE INTERFERÊNCIAS (NÃO INCLUI FORNECIMENTO). AF_11/2017","M","ATRIBUÍDO SÃO PAULO",21.41,"COMPOSICAO",5631,"ESCAVADEIRA HIDRÁULICA SOBRE ESTEIRAS, CAÇAMBA 0,80 M3, PESO OPERACIONAL 17 T, POTENCIA BRUTA 111 HP - CHP DIURNO. AF_06/2014","CHP","ATRIBUÍDO SÃO PAULO",2.1100000000000001E-2,126.79,2.67,"","","","","","","","","","",null,"CAIXA REFERENCIAL"]
["ASSENTAMENTO DE TUBOS E PECAS","ASTU","FORNEC E/OU ASSENT DE TUBO DE ACO COM JUNTA SOLDAD",46,"","",97183,"ASSENTAMENTO DE TUBO DE AÇO CARBONO PARA REDE DE ÁGUA, DN 600 MM (24\u0092\u0092), JUNTA SOLDADA, INSTALADO EM LOCAL COM NÍVEL BAIXO DE INTERFERÊNCIAS (NÃO INCLUI FORNECIMENTO). AF_11/2017","M","ATRIBUÍDO SÃO PAULO",21.41,"COMPOSICAO",5632,"ESCAVADEIRA HIDRÁULICA SOBRE ESTEIRAS, CAÇAMBA 0,80 M3, PESO OPERACIONAL 17 T, POTENCIA BRUTA 111 HP - CHI DIURNO. AF_06/2014","CHI","ATRIBUÍDO SÃO PAULO",4.0300000000000002E-2,57.49,2.31,"","","","","","","","","","",null,"CAIXA REFERENCIAL"]
["ASSENTAMENTO DE TUBOS E PECAS","ASTU","FORNEC E/OU ASSENT DE TUBO DE ACO COM JUNTA SOLDAD",46,"","",97183,"ASSENTAMENTO DE TUBO DE AÇO CARBONO PARA REDE DE ÁGUA, DN 600 MM (24\u0092\u0092), JUNTA SOLDADA, INSTALADO EM LOCAL COM NÍVEL BAIXO DE INTERFERÊNCIAS (NÃO INCLUI FORNECIMENTO). AF_11/2017","M","ATRIBUÍDO SÃO PAULO",21.41,"INSUMO",10997,"ELETRODO REVESTIDO AWS - E7018, DIAMETRO IGUAL A 4,00 MM","KG","COLETADO",0.1875,23.22,4.3499999999999996,"","","","","","","","","","",null,"CAIXA REFERENCIAL"]
["ASSENTAMENTO DE TUBOS E PECAS","ASTU","FORNEC E/OU ASSENT DE TUBO DE ACO COM JUNTA SOLDAD",46,"","",97183,"ASSENTAMENTO DE TUBO DE AÇO CARBONO PARA REDE DE ÁGUA, DN 600 MM (24\u0092\u0092), JUNTA SOLDADA, INSTALADO EM LOCAL COM NÍVEL BAIXO DE INTERFERÊNCIAS (NÃO INCLUI FORNECIMENTO). AF_11/2017","M","ATRIBUÍDO SÃO PAULO",21.41,"COMPOSICAO",88246,"ASSENTADOR DE TUBOS COM ENCARGOS COMPLEMENTARES","H","COEFICIENTE DE REPRESENTATIVIDADE",6.5600000000000006E-2,21.04,1.38,"","","","","","","","","","",null,"CAIXA REFERENCIAL"]
["ASSENTAMENTO DE TUBOS E PECAS","ASTU","FORNEC E/OU ASSENT DE TUBO DE ACO COM JUNTA SOLDAD",46,"","",97183,"ASSENTAMENTO DE TUBO DE AÇO CARBONO PARA REDE DE ÁGUA, DN 600 MM (24\u0092\u0092), JUNTA SOLDADA, INSTALADO EM LOCAL COM NÍVEL BAIXO DE INTERFERÊNCIAS (NÃO INCLUI FORNECIMENTO). AF_11/2017","M","ATRIBUÍDO SÃO PAULO",21.41,"COMPOSICAO",88316,"SERVENTE COM ENCARGOS COMPLEMENTARES","H","COLETADO",6.5600000000000006E-2,14.67,0.96,"","","","","","","","","","",null,"CAIXA REFERENCIAL"]
["ASSENTAMENTO DE TUBOS E PECAS","ASTU","FORNEC E/OU ASSENT DE TUBO DE ACO COM JUNTA SOLDAD",46,"","",97183,"ASSENTAMENTO DE TUBO DE AÇO CARBONO PARA REDE DE ÁGUA, DN 600 MM (24\u0092\u0092), JUNTA SOLDADA, INSTALADO EM LOCAL COM NÍVEL BAIXO DE INTERFERÊNCIAS (NÃO INCLUI FORNECIMENTO). AF_11/2017","M","ATRIBUÍDO SÃO PAULO",21.41,"COMPOSICAO",88317,"SOLDADOR COM ENCARGOS COMPLEMENTARES","H","COLETADO",0.47920000000000001,20.34,9.74,"","","","","","","","","","",null,"CAIXA REFERENCIAL"]
["ASSENTAMENTO DE TUBOS E PECAS","ASTU","FORNEC E/OU ASSENT DE TUBO DE ACO COM JUNTA SOLDAD",46,"","",97184,"ASSENTAMENTO DE TUBO DE AÇO CARBONO PARA REDE DE ÁGUA, DN 700 MM (28\u0092\u0092), JUNTA SOLDADA, INSTALADO EM LOCAL COM NÍVEL BAIXO DE INTERFERÊNCIAS (NÃO INCLUI FORNECIMENTO). AF_11/2017","M","ATRIBUÍDO SÃO PAULO",24.81,"","","","","","","","",12.31,49.573344200000001,9.57,38.6021942,"2,93","11,8244616","0,00","0,0000000","0,00","0,0000000",0,"CAIXA REFERENCIAL"]
["ASSENTAMENTO DE TUBOS E PECAS","ASTU","FORNEC E/OU ASSENT DE TUBO DE ACO COM JUNTA SOLDAD",46,"","",97184,"ASSENTAMENTO DE TUBO DE AÇO CARBONO PARA REDE DE ÁGUA, DN 700 MM (28\u0092\u0092), JUNTA SOLDADA, INSTALADO EM LOCAL COM NÍVEL BAIXO DE INTERFERÊNCIAS (NÃO INCLUI FORNECIMENTO). AF_11/2017","M","ATRIBUÍDO SÃO PAULO",24.81,"COMPOSICAO",5631,"ESCAVADEIRA HIDRÁULICA SOBRE ESTEIRAS, CAÇAMBA 0,80 M3, PESO OPERACIONAL 17 T, POTENCIA BRUTA 111 HP - CHP DIURNO. AF_06/2014","CHP","ATRIBUÍDO SÃO PAULO",2.46E-2,126.79,3.11,"","","","","","","","","","",null,"CAIXA REFERENCIAL"]
["ASSENTAMENTO DE TUBOS E PECAS","ASTU","FORNEC E/OU ASSENT DE TUBO DE ACO COM JUNTA SOLDAD",46,"","",97184,"ASSENTAMENTO DE TUBO DE AÇO CARBONO PARA REDE DE ÁGUA, DN 700 MM (28\u0092\u0092), JUNTA SOLDADA, INSTALADO EM LOCAL COM NÍVEL BAIXO DE INTERFERÊNCIAS (NÃO INCLUI FORNECIMENTO). AF_11/2017","M","ATRIBUÍDO SÃO PAULO",24.81,"COMPOSICAO",5632,"ESCAVADEIRA HIDRÁULICA SOBRE ESTEIRAS, CAÇAMBA 0,80 M3, PESO OPERACIONAL 17 T, POTENCIA BRUTA 111 HP - CHI DIURNO. AF_06/2014","CHI","ATRIBUÍDO SÃO PAULO",4.7E-2,57.49,2.7,"","","","","","","","","","",null,"CAIXA REFERENCIAL"]
["ASSENTAMENTO DE TUBOS E PECAS","ASTU","FORNEC E/OU ASSENT DE TUBO DE ACO COM JUNTA SOLDAD",46,"","",97184,"ASSENTAMENTO DE TUBO DE AÇO CARBONO PARA REDE DE ÁGUA, DN 700 MM (28\u0092\u0092), JUNTA SOLDADA, INSTALADO EM LOCAL COM NÍVEL BAIXO DE INTERFERÊNCIAS (NÃO INCLUI FORNECIMENTO). AF_11/2017","M","ATRIBUÍDO SÃO PAULO",24.81,"INSUMO",10997,"ELETRODO REVESTIDO AWS - E7018, DIAMETRO IGUAL A 4,00 MM","KG","COLETADO",0.21870000000000001,23.22,5.07,"","","","","","","","","","",null,"CAIXA REFERENCIAL"]
["ASSENTAMENTO DE TUBOS E PECAS","ASTU","FORNEC E/OU ASSENT DE TUBO DE ACO COM JUNTA SOLDAD",46,"","",97184,"ASSENTAMENTO DE TUBO DE AÇO CARBONO PARA REDE DE ÁGUA, DN 700 MM (28\u0092\u0092), JUNTA SOLDADA, INSTALADO EM LOCAL COM NÍVEL BAIXO DE INTERFERÊNCIAS (NÃO INCLUI FORNECIMENTO). AF_11/2017","M","ATRIBUÍDO SÃO PAULO",24.81,"COMPOSICAO",88246,"ASSENTADOR DE TUBOS COM ENCARGOS COMPLEMENTARES","H","COEFICIENTE DE REPRESENTATIVIDADE",7.1999999999999995E-2,21.04,1.51,"","","","","","","","","","",null,"CAIXA REFERENCIAL"]
["ASSENTAMENTO DE TUBOS E PECAS","ASTU","FORNEC E/OU ASSENT DE TUBO DE ACO COM JUNTA SOLDAD",46,"","",97184,"ASSENTAMENTO DE TUBO DE AÇO CARBONO PARA REDE DE ÁGUA, DN 700 MM (28\u0092\u0092), JUNTA SOLDADA, INSTALADO EM LOCAL COM NÍVEL BAIXO DE INTERFERÊNCIAS (NÃO INCLUI FORNECIMENTO). AF_11/2017","M","ATRIBUÍDO SÃO PAULO",24.81,"COMPOSICAO",88316,"SERVENTE COM ENCARGOS COMPLEMENTARES","H","COLETADO",7.1999999999999995E-2,14.67,1.05,"","","","","","","","","","",null,"CAIXA REFERENCIAL"]
["ASSENTAMENTO DE TUBOS E PECAS","ASTU","FORNEC E/OU ASSENT DE TUBO DE ACO COM JUNTA SOLDAD",46,"","",97184,"ASSENTAMENTO DE TUBO DE AÇO CARBONO PARA REDE DE ÁGUA, DN 700 MM (28\u0092\u0092), JUNTA SOLDADA, INSTALADO EM LOCAL COM NÍVEL BAIXO DE INTERFERÊNCIAS (NÃO INCLUI FORNECIMENTO). AF_11/2017","M","ATRIBUÍDO SÃO PAULO",24.81,"COMPOSICAO",88317,"SOLDADOR COM ENCARGOS COMPLEMENTARES","H","COLETADO",0.55900000000000005,20.34,11.37,"","","","","","","","","","",null,"CAIXA REFERENCIAL"]
["ASSENTAMENTO DE TUBOS E PECAS","ASTU","FORNEC E/OU ASSENT DE TUBO DE ACO COM JUNTA SOLDAD",46,"","",97185,"ASSENTAMENTO DE TUBO DE AÇO CARBONO PARA REDE DE ÁGUA, DN 800 MM (32\u0092\u0092), JUNTA SOLDADA, INSTALADO EM LOCAL COM NÍVEL BAIXO DE INTERFERÊNCIAS (NÃO INCLUI FORNECIMENTO). AF_11/2017","M","ATRIBUÍDO SÃO PAULO",28.22,"","","","","","","","",13.95,49.393290700000001,10.9,38.650963500000003,"3,37","11,9557458","0,00","0,0000000","0,00","0,0000000",0,"CAIXA REFERENCIAL"]
["ASSENTAMENTO DE TUBOS E PECAS","ASTU","FORNEC E/OU ASSENT DE TUBO DE ACO COM JUNTA SOLDAD",46,"","",97185,"ASSENTAMENTO DE TUBO DE AÇO CARBONO PARA REDE DE ÁGUA, DN 800 MM (32\u0092\u0092), JUNTA SOLDADA, INSTALADO EM LOCAL COM NÍVEL BAIXO DE INTERFERÊNCIAS (NÃO INCLUI FORNECIMENTO). AF_11/2017","M","ATRIBUÍDO SÃO PAULO",28.22,"COMPOSICAO",5631,"ESCAVADEIRA HIDRÁULICA SOBRE ESTEIRAS, CAÇAMBA 0,80 M3, PESO OPERACIONAL 17 T, POTENCIA BRUTA 111 HP - CHP DIURNO. AF_06/2014","CHP","ATRIBUÍDO SÃO PAULO",2.81E-2,126.79,3.56,"","","","","","","","","","",null,"CAIXA REFERENCIAL"]
["ASSENTAMENTO DE TUBOS E PECAS","ASTU","FORNEC E/OU ASSENT DE TUBO DE ACO COM JUNTA SOLDAD",46,"","",97185,"ASSENTAMENTO DE TUBO DE AÇO CARBONO PARA REDE DE ÁGUA, DN 800 MM (32\u0092\u0092), JUNTA SOLDADA, INSTALADO EM LOCAL COM NÍVEL BAIXO DE INTERFERÊNCIAS (NÃO INCLUI FORNECIMENTO). AF_11/2017","M","ATRIBUÍDO SÃO PAULO",28.22,"COMPOSICAO",5632,"ESCAVADEIRA HIDRÁULICA SOBRE ESTEIRAS, CAÇAMBA 0,80 M3, PESO OPERACIONAL 17 T, POTENCIA BRUTA 111 HP - CHI DIURNO. AF_06/2014","CHI","ATRIBUÍDO SÃO PAULO",5.3699999999999998E-2,57.49,3.08,"","","","","","","","","","",null,"CAIXA REFERENCIAL"]
["ASSENTAMENTO DE TUBOS E PECAS","ASTU","FORNEC E/OU ASSENT DE TUBO DE ACO COM JUNTA SOLDAD",46,"","",97185,"ASSENTAMENTO DE TUBO DE AÇO CARBONO PARA REDE DE ÁGUA, DN 800 MM (32\u0092\u0092), JUNTA SOLDADA, INSTALADO EM LOCAL COM NÍVEL BAIXO DE INTERFERÊNCIAS (NÃO INCLUI FORNECIMENTO). AF_11/2017","M","ATRIBUÍDO SÃO PAULO",28.22,"INSUMO",10997,"ELETRODO REVESTIDO AWS - E7018, DIAMETRO IGUAL A 4,00 MM","KG","COLETADO",0.24990000000000001,23.22,5.8,"","","","","","","","","","",null,"CAIXA REFERENCIAL"]
["ASSENTAMENTO DE TUBOS E PECAS","ASTU","FORNEC E/OU ASSENT DE TUBO DE ACO COM JUNTA SOLDAD",46,"","",97185,"ASSENTAMENTO DE TUBO DE AÇO CARBONO PARA REDE DE ÁGUA, DN 800 MM (32\u0092\u0092), JUNTA SOLDADA, INSTALADO EM LOCAL COM NÍVEL BAIXO DE INTERFERÊNCIAS (NÃO INCLUI FORNECIMENTO). AF_11/2017","M","ATRIBUÍDO SÃO PAULO",28.22,"COMPOSICAO",88246,"ASSENTADOR DE TUBOS COM ENCARGOS COMPLEMENTARES","H","COEFICIENTE DE REPRESENTATIVIDADE",7.8399999999999997E-2,21.04,1.64,"","","","","","","","","","",null,"CAIXA REFERENCIAL"]
["ASSENTAMENTO DE TUBOS E PECAS","ASTU","FORNEC E/OU ASSENT DE TUBO DE ACO COM JUNTA SOLDAD",46,"","",97185,"ASSENTAMENTO DE TUBO DE AÇO CARBONO PARA REDE DE ÁGUA, DN 800 MM (32\u0092\u0092), JUNTA SOLDADA, INSTALADO EM LOCAL COM NÍVEL BAIXO DE INTERFERÊNCIAS (NÃO INCLUI FORNECIMENTO). AF_11/2017","M","ATRIBUÍDO SÃO PAULO",28.22,"COMPOSICAO",88316,"SERVENTE COM ENCARGOS COMPLEMENTARES","H","COLETADO",7.8399999999999997E-2,14.67,1.1499999999999999,"","","","","","","","","","",null,"CAIXA REFERENCIAL"]
["ASSENTAMENTO DE TUBOS E PECAS","ASTU","FORNEC E/OU ASSENT DE TUBO DE ACO COM JUNTA SOLDAD",46,"","",97185,"ASSENTAMENTO DE TUBO DE AÇO CARBONO PARA REDE DE ÁGUA, DN 800 MM (32\u0092\u0092), JUNTA SOLDADA, INSTALADO EM LOCAL COM NÍVEL BAIXO DE INTERFERÊNCIAS (NÃO INCLUI FORNECIMENTO). AF_11/2017","M","ATRIBUÍDO SÃO PAULO",28.22,"COMPOSICAO",88317,"SOLDADOR COM ENCARGOS COMPLEMENTARES","H","COLETADO",0.63890000000000002,20.34,12.99,"","","","","","","","","","",null,"CAIXA REFERENCIAL"]
["ASSENTAMENTO DE TUBOS E PECAS","ASTU","FORNEC E/OU ASSENT DE TUBO DE ACO COM JUNTA SOLDAD",46,"","",97186,"ASSENTAMENTO DE TUBO DE AÇO CARBONO PARA REDE DE ÁGUA, DN 900 MM (36\u0092\u0092), JUNTA SOLDADA, INSTALADO EM LOCAL COM NÍVEL BAIXO DE INTERFERÊNCIAS (NÃO INCLUI FORNECIMENTO). AF_11/2017","M","ATRIBUÍDO SÃO PAULO",31.63,"","","","","","","","",15.56,49.157392799999997,12.29,38.887122400000003,"3,78","11,9554848","0,00","0,0000000","0,00","0,0000000",0,"CAIXA REFERENCIAL"]
["ASSENTAMENTO DE TUBOS E PECAS","ASTU","FORNEC E/OU ASSENT DE TUBO DE ACO COM JUNTA SOLDAD",46,"","",97186,"ASSENTAMENTO DE TUBO DE AÇO CARBONO PARA REDE DE ÁGUA, DN 900 MM (36\u0092\u0092), JUNTA SOLDADA, INSTALADO EM LOCAL COM NÍVEL BAIXO DE INTERFERÊNCIAS (NÃO INCLUI FORNECIMENTO). AF_11/2017","M","ATRIBUÍDO SÃO PAULO",31.63,"COMPOSICAO",5631,"ESCAVADEIRA HIDRÁULICA SOBRE ESTEIRAS, CAÇAMBA 0,80 M3, PESO OPERACIONAL 17 T, POTENCIA BRUTA 111 HP - CHP DIURNO. AF_06/2014","CHP","ATRIBUÍDO SÃO PAULO",3.1600000000000003E-2,126.79,4,"","","","","","","","","","",null,"CAIXA REFERENCIAL"]
["ASSENTAMENTO DE TUBOS E PECAS","ASTU","FORNEC E/OU ASSENT DE TUBO DE ACO COM JUNTA SOLDAD",46,"","",97186,"ASSENTAMENTO DE TUBO DE AÇO CARBONO PARA REDE DE ÁGUA, DN 900 MM (36\u0092\u0092), JUNTA SOLDADA, INSTALADO EM LOCAL COM NÍVEL BAIXO DE INTERFERÊNCIAS (NÃO INCLUI FORNECIMENTO). AF_11/2017","M","ATRIBUÍDO SÃO PAULO",31.63,"COMPOSICAO",5632,"ESCAVADEIRA HIDRÁULICA SOBRE ESTEIRAS, CAÇAMBA 0,80 M3, PESO OPERACIONAL 17 T, POTENCIA BRUTA 111 HP - CHI DIURNO. AF_06/2014","CHI","ATRIBUÍDO SÃO PAULO",6.0400000000000002E-2,57.49,3.47,"","","","","","","","","","",null,"CAIXA REFERENCIAL"]
["ASSENTAMENTO DE TUBOS E PECAS","ASTU","FORNEC E/OU ASSENT DE TUBO DE ACO COM JUNTA SOLDAD",46,"","",97186,"ASSENTAMENTO DE TUBO DE AÇO CARBONO PARA REDE DE ÁGUA, DN 900 MM (36\u0092\u0092), JUNTA SOLDADA, INSTALADO EM LOCAL COM NÍVEL BAIXO DE INTERFERÊNCIAS (NÃO INCLUI FORNECIMENTO). AF_11/2017","M","ATRIBUÍDO SÃO PAULO",31.63,"INSUMO",10997,"ELETRODO REVESTIDO AWS - E7018, DIAMETRO IGUAL A 4,00 MM","KG","COLETADO",0.28120000000000001,23.22,6.52,"","","","","","","","","","",null,"CAIXA REFERENCIAL"]
["ASSENTAMENTO DE TUBOS E PECAS","ASTU","FORNEC E/OU ASSENT DE TUBO DE ACO COM JUNTA SOLDAD",46,"","",97186,"ASSENTAMENTO DE TUBO DE AÇO CARBONO PARA REDE DE ÁGUA, DN 900 MM (36\u0092\u0092), JUNTA SOLDADA, INSTALADO EM LOCAL COM NÍVEL BAIXO DE INTERFERÊNCIAS (NÃO INCLUI FORNECIMENTO). AF_11/2017","M","ATRIBUÍDO SÃO PAULO",31.63,"COMPOSICAO",88246,"ASSENTADOR DE TUBOS COM ENCARGOS COMPLEMENTARES","H","COEFICIENTE DE REPRESENTATIVIDADE",8.48E-2,21.04,1.78,"","","","","","","","","","",null,"CAIXA REFERENCIAL"]
["ASSENTAMENTO DE TUBOS E PECAS","ASTU","FORNEC E/OU ASSENT DE TUBO DE ACO COM JUNTA SOLDAD",46,"","",97186,"ASSENTAMENTO DE TUBO DE AÇO CARBONO PARA REDE DE ÁGUA, DN 900 MM (36\u0092\u0092), JUNTA SOLDADA, INSTALADO EM LOCAL COM NÍVEL BAIXO DE INTERFERÊNCIAS (NÃO INCLUI FORNECIMENTO). AF_11/2017","M","ATRIBUÍDO SÃO PAULO",31.63,"COMPOSICAO",88316,"SERVENTE COM ENCARGOS COMPLEMENTARES","H","COLETADO",8.48E-2,14.67,1.24,"","","","","","","","","","",null,"CAIXA REFERENCIAL"]
["ASSENTAMENTO DE TUBOS E PECAS","ASTU","FORNEC E/OU ASSENT DE TUBO DE ACO COM JUNTA SOLDAD",46,"","",97186,"ASSENTAMENTO DE TUBO DE AÇO CARBONO PARA REDE DE ÁGUA, DN 900 MM (36\u0092\u0092), JUNTA SOLDADA, INSTALADO EM LOCAL COM NÍVEL BAIXO DE INTERFERÊNCIAS (NÃO INCLUI FORNECIMENTO). AF_11/2017","M","ATRIBUÍDO SÃO PAULO",31.63,"COMPOSICAO",88317,"SOLDADOR COM ENCARGOS COMPLEMENTARES","H","COLETADO",0.71879999999999999,20.34,14.62,"","","","","","","","","","",null,"CAIXA REFERENCIAL"]
["ASSENTAMENTO DE TUBOS E PECAS","ASTU","FORNEC E/OU ASSENT DE TUBO DE ACO COM JUNTA SOLDAD",46,"","",97187,"ASSENTAMENTO DE TUBO DE AÇO CARBONO PARA REDE DE ÁGUA, DN 1000 MM (40  ) OU DN 1100 MM (44  ), JUNTA SOLDADA, INSTALADO EM LOCAL COM NÍVEL BAIXO DE INTERFERÊNCIAS (NÃO INCLUI FORNECIMENTO). AF_11/2017","M","ATRIBUÍDO SÃO PAULO",38.450000000000003,"","","","","","","","",18.850000000000001,48.993464199999998,14.98,38.980392100000003,"4,62","12,0261437","0,00","0,0000000","0,00","0,0000000",0,"CAIXA REFERENCIAL"]
["ASSENTAMENTO DE TUBOS E PECAS","ASTU","FORNEC E/OU ASSENT DE TUBO DE ACO COM JUNTA SOLDAD",46,"","",97187,"ASSENTAMENTO DE TUBO DE AÇO CARBONO PARA REDE DE ÁGUA, DN 1000 MM (40  ) OU DN 1100 MM (44  ), JUNTA SOLDADA, INSTALADO EM LOCAL COM NÍVEL BAIXO DE INTERFERÊNCIAS (NÃO INCLUI FORNECIMENTO). AF_11/2017","M","ATRIBUÍDO SÃO PAULO",38.450000000000003,"COMPOSICAO",5631,"ESCAVADEIRA HIDRÁULICA SOBRE ESTEIRAS, CAÇAMBA 0,80 M3, PESO OPERACIONAL 17 T, POTENCIA BRUTA 111 HP - CHP DIURNO. AF_06/2014","CHP","ATRIBUÍDO SÃO PAULO",3.8600000000000002E-2,126.79,4.8899999999999997,"","","","","","","","","","",null,"CAIXA REFERENCIAL"]
["ASSENTAMENTO DE TUBOS E PECAS","ASTU","FORNEC E/OU ASSENT DE TUBO DE ACO COM JUNTA SOLDAD",46,"","",97187,"ASSENTAMENTO DE TUBO DE AÇO CARBONO PARA REDE DE ÁGUA, DN 1000 MM (40  ) OU DN 1100 MM (44  ), JUNTA SOLDADA, INSTALADO EM LOCAL COM NÍVEL BAIXO DE INTERFERÊNCIAS (NÃO INCLUI FORNECIMENTO). AF_11/2017","M","ATRIBUÍDO SÃO PAULO",38.450000000000003,"COMPOSICAO",5632,"ESCAVADEIRA HIDRÁULICA SOBRE ESTEIRAS, CAÇAMBA 0,80 M3, PESO OPERACIONAL 17 T, POTENCIA BRUTA 111 HP - CHI DIURNO. AF_06/2014","CHI","ATRIBUÍDO SÃO PAULO",7.3800000000000004E-2,57.49,4.24,"","","","","","","","","","",null,"CAIXA REFERENCIAL"]
["ASSENTAMENTO DE TUBOS E PECAS","ASTU","FORNEC E/OU ASSENT DE TUBO DE ACO COM JUNTA SOLDAD",46,"","",97187,"ASSENTAMENTO DE TUBO DE AÇO CARBONO PARA REDE DE ÁGUA, DN 1000 MM (40  ) OU DN 1100 MM (44  ), JUNTA SOLDADA, INSTALADO EM LOCAL COM NÍVEL BAIXO DE INTERFERÊNCIAS (NÃO INCLUI FORNECIMENTO). AF_11/2017","M","ATRIBUÍDO SÃO PAULO",38.450000000000003,"INSUMO",10997,"ELETRODO REVESTIDO AWS - E7018, DIAMETRO IGUAL A 4,00 MM","KG","COLETADO",0.34370000000000001,23.22,7.98,"","","","","","","","","","",null,"CAIXA REFERENCIAL"]
["ASSENTAMENTO DE TUBOS E PECAS","ASTU","FORNEC E/OU ASSENT DE TUBO DE ACO COM JUNTA SOLDAD",46,"","",97187,"ASSENTAMENTO DE TUBO DE AÇO CARBONO PARA REDE DE ÁGUA, DN 1000 MM (40  ) OU DN 1100 MM (44  ), JUNTA SOLDADA, INSTALADO EM LOCAL COM NÍVEL BAIXO DE INTERFERÊNCIAS (NÃO INCLUI FORNECIMENTO). AF_11/2017","M","ATRIBUÍDO SÃO PAULO",38.450000000000003,"COMPOSICAO",88246,"ASSENTADOR DE TUBOS COM ENCARGOS COMPLEMENTARES","H","COEFICIENTE DE REPRESENTATIVIDADE",9.7600000000000006E-2,21.04,2.0499999999999998,"","","","","","","","","","",null,"CAIXA REFERENCIAL"]
["ASSENTAMENTO DE TUBOS E PECAS","ASTU","FORNEC E/OU ASSENT DE TUBO DE ACO COM JUNTA SOLDAD",46,"","",97187,"ASSENTAMENTO DE TUBO DE AÇO CARBONO PARA REDE DE ÁGUA, DN 1000 MM (40  ) OU DN 1100 MM (44  ), JUNTA SOLDADA, INSTALADO EM LOCAL COM NÍVEL BAIXO DE INTERFERÊNCIAS (NÃO INCLUI FORNECIMENTO). AF_11/2017","M","ATRIBUÍDO SÃO PAULO",38.450000000000003,"COMPOSICAO",88316,"SERVENTE COM ENCARGOS COMPLEMENTARES","H","COLETADO",9.7600000000000006E-2,14.67,1.43,"","","","","","","","","","",null,"CAIXA REFERENCIAL"]
["ASSENTAMENTO DE TUBOS E PECAS","ASTU","FORNEC E/OU ASSENT DE TUBO DE ACO COM JUNTA SOLDAD",46,"","",97187,"ASSENTAMENTO DE TUBO DE AÇO CARBONO PARA REDE DE ÁGUA, DN 1000 MM (40  ) OU DN 1100 MM (44  ), JUNTA SOLDADA, INSTALADO EM LOCAL COM NÍVEL BAIXO DE INTERFERÊNCIAS (NÃO INCLUI FORNECIMENTO). AF_11/2017","M","ATRIBUÍDO SÃO PAULO",38.450000000000003,"COMPOSICAO",88317,"SOLDADOR COM ENCARGOS COMPLEMENTARES","H","COLETADO",0.87849999999999995,20.34,17.86,"","","","","","","","","","",null,"CAIXA REFERENCIAL"]
["ASSENTAMENTO DE TUBOS E PECAS","ASTU","FORNEC E/OU ASSENT DE TUBO DE ACO COM JUNTA SOLDAD",46,"","",97188,"ASSENTAMENTO DE TUBO DE AÇO CARBONO PARA REDE DE ÁGUA, DN 1200 MM (48\u0092\u0092) OU DN 1300 MM (52\u0092\u0092), JUNTA SOLDADA, INSTALADO EM LOCAL COM NÍVEL BAIXO DE INTERFERÊNCIAS (NÃO INCLUI FORNECIMENTO). AF_11/2017","M","ATRIBUÍDO SÃO PAULO",45.26,"","","","","","","","",22.11,48.823790600000002,17.670000000000002,39.0590324,"5,48","12,1171770","0,00","0,0000000","0,00","0,0000000",0,"CAIXA REFERENCIAL"]
["ASSENTAMENTO DE TUBOS E PECAS","ASTU","FORNEC E/OU ASSENT DE TUBO DE ACO COM JUNTA SOLDAD",46,"","",97188,"ASSENTAMENTO DE TUBO DE AÇO CARBONO PARA REDE DE ÁGUA, DN 1200 MM (48\u0092\u0092) OU DN 1300 MM (52\u0092\u0092), JUNTA SOLDADA, INSTALADO EM LOCAL COM NÍVEL BAIXO DE INTERFERÊNCIAS (NÃO INCLUI FORNECIMENTO). AF_11/2017","M","ATRIBUÍDO SÃO PAULO",45.26,"COMPOSICAO",5631,"ESCAVADEIRA HIDRÁULICA SOBRE ESTEIRAS, CAÇAMBA 0,80 M3, PESO OPERACIONAL 17 T, POTENCIA BRUTA 111 HP - CHP DIURNO. AF_06/2014","CHP","ATRIBUÍDO SÃO PAULO",4.5600000000000002E-2,126.79,5.78,"","","","","","","","","","",null,"CAIXA REFERENCIAL"]
["ASSENTAMENTO DE TUBOS E PECAS","ASTU","FORNEC E/OU ASSENT DE TUBO DE ACO COM JUNTA SOLDAD",46,"","",97188,"ASSENTAMENTO DE TUBO DE AÇO CARBONO PARA REDE DE ÁGUA, DN 1200 MM (48\u0092\u0092) OU DN 1300 MM (52\u0092\u0092), JUNTA SOLDADA, INSTALADO EM LOCAL COM NÍVEL BAIXO DE INTERFERÊNCIAS (NÃO INCLUI FORNECIMENTO). AF_11/2017","M","ATRIBUÍDO SÃO PAULO",45.26,"COMPOSICAO",5632,"ESCAVADEIRA HIDRÁULICA SOBRE ESTEIRAS, CAÇAMBA 0,80 M3, PESO OPERACIONAL 17 T, POTENCIA BRUTA 111 HP - CHI DIURNO. AF_06/2014","CHI","ATRIBUÍDO SÃO PAULO",8.72E-2,57.49,5.01,"","","","","","","","","","",null,"CAIXA REFERENCIAL"]
["ASSENTAMENTO DE TUBOS E PECAS","ASTU","FORNEC E/OU ASSENT DE TUBO DE ACO COM JUNTA SOLDAD",46,"","",97188,"ASSENTAMENTO DE TUBO DE AÇO CARBONO PARA REDE DE ÁGUA, DN 1200 MM (48\u0092\u0092) OU DN 1300 MM (52\u0092\u0092), JUNTA SOLDADA, INSTALADO EM LOCAL COM NÍVEL BAIXO DE INTERFERÊNCIAS (NÃO INCLUI FORNECIMENTO). AF_11/2017","M","ATRIBUÍDO SÃO PAULO",45.26,"INSUMO",10997,"ELETRODO REVESTIDO AWS - E7018, DIAMETRO IGUAL A 4,00 MM","KG","COLETADO",0.40620000000000001,23.22,9.43,"","","","","","","","","","",null,"CAIXA REFERENCIAL"]
["ASSENTAMENTO DE TUBOS E PECAS","ASTU","FORNEC E/OU ASSENT DE TUBO DE ACO COM JUNTA SOLDAD",46,"","",97188,"ASSENTAMENTO DE TUBO DE AÇO CARBONO PARA REDE DE ÁGUA, DN 1200 MM (48\u0092\u0092) OU DN 1300 MM (52\u0092\u0092), JUNTA SOLDADA, INSTALADO EM LOCAL COM NÍVEL BAIXO DE INTERFERÊNCIAS (NÃO INCLUI FORNECIMENTO). AF_11/2017","M","ATRIBUÍDO SÃO PAULO",45.26,"COMPOSICAO",88246,"ASSENTADOR DE TUBOS COM ENCARGOS COMPLEMENTARES","H","COEFICIENTE DE REPRESENTATIVIDADE",0.1104,21.04,2.3199999999999998,"","","","","","","","","","",null,"CAIXA REFERENCIAL"]
["ASSENTAMENTO DE TUBOS E PECAS","ASTU","FORNEC E/OU ASSENT DE TUBO DE ACO COM JUNTA SOLDAD",46,"","",97188,"ASSENTAMENTO DE TUBO DE AÇO CARBONO PARA REDE DE ÁGUA, DN 1200 MM (48\u0092\u0092) OU DN 1300 MM (52\u0092\u0092), JUNTA SOLDADA, INSTALADO EM LOCAL COM NÍVEL BAIXO DE INTERFERÊNCIAS (NÃO INCLUI FORNECIMENTO). AF_11/2017","M","ATRIBUÍDO SÃO PAULO",45.26,"COMPOSICAO",88316,"SERVENTE COM ENCARGOS COMPLEMENTARES","H","COLETADO",0.1104,14.67,1.61,"","","","","","","","","","",null,"CAIXA REFERENCIAL"]
["ASSENTAMENTO DE TUBOS E PECAS","ASTU","FORNEC E/OU ASSENT DE TUBO DE ACO COM JUNTA SOLDAD",46,"","",97188,"ASSENTAMENTO DE TUBO DE AÇO CARBONO PARA REDE DE ÁGUA, DN 1200 MM (48\u0092\u0092) OU DN 1300 MM (52\u0092\u0092), JUNTA SOLDADA, INSTALADO EM LOCAL COM NÍVEL BAIXO DE INTERFERÊNCIAS (NÃO INCLUI FORNECIMENTO). AF_11/2017","M","ATRIBUÍDO SÃO PAULO",45.26,"COMPOSICAO",88317,"SOLDADOR COM ENCARGOS COMPLEMENTARES","H","COLETADO",1.0382,20.34,21.11,"","","","","","","","","","",null,"CAIXA REFERENCIAL"]
["ASSENTAMENTO DE TUBOS E PECAS","ASTU","FORNEC E/OU ASSENT DE TUBO DE ACO COM JUNTA SOLDAD",46,"","",97189,"ASSENTAMENTO DE TUBO DE AÇO CARBONO PARA REDE DE ÁGUA, DN 1400 MM (56'') OU DN 1500 MM (60\u0092\u0092), JUNTA SOLDADA, INSTALADO EM LOCAL COM NÍVEL BAIXO DE INTERFERÊNCIAS (NÃO INCLUI FORNECIMENTO). AF_11/2017","M","ATRIBUÍDO SÃO PAULO",52.06,"","","","","","","","",25.42,48.804473700000003,20.34,39.0860007,"6,30","12,1095256","0,00","0,0000000","0,00","0,0000000",0,"CAIXA REFERENCIAL"]
["ASSENTAMENTO DE TUBOS E PECAS","ASTU","FORNEC E/OU ASSENT DE TUBO DE ACO COM JUNTA SOLDAD",46,"","",97189,"ASSENTAMENTO DE TUBO DE AÇO CARBONO PARA REDE DE ÁGUA, DN 1400 MM (56'') OU DN 1500 MM (60\u0092\u0092), JUNTA SOLDADA, INSTALADO EM LOCAL COM NÍVEL BAIXO DE INTERFERÊNCIAS (NÃO INCLUI FORNECIMENTO). AF_11/2017","M","ATRIBUÍDO SÃO PAULO",52.06,"COMPOSICAO",5631,"ESCAVADEIRA HIDRÁULICA SOBRE ESTEIRAS, CAÇAMBA 0,80 M3, PESO OPERACIONAL 17 T, POTENCIA BRUTA 111 HP - CHP DIURNO. AF_06/2014","CHP","ATRIBUÍDO SÃO PAULO",5.2600000000000001E-2,126.79,6.66,"","","","","","","","","","",null,"CAIXA REFERENCIAL"]
["ASSENTAMENTO DE TUBOS E PECAS","ASTU","FORNEC E/OU ASSENT DE TUBO DE ACO COM JUNTA SOLDAD",46,"","",97189,"ASSENTAMENTO DE TUBO DE AÇO CARBONO PARA REDE DE ÁGUA, DN 1400 MM (56'') OU DN 1500 MM (60\u0092\u0092), JUNTA SOLDADA, INSTALADO EM LOCAL COM NÍVEL BAIXO DE INTERFERÊNCIAS (NÃO INCLUI FORNECIMENTO). AF_11/2017","M","ATRIBUÍDO SÃO PAULO",52.06,"COMPOSICAO",5632,"ESCAVADEIRA HIDRÁULICA SOBRE ESTEIRAS, CAÇAMBA 0,80 M3, PESO OPERACIONAL 17 T, POTENCIA BRUTA 111 HP - CHI DIURNO. AF_06/2014","CHI","ATRIBUÍDO SÃO PAULO",0.10050000000000001,57.49,5.77,"","","","","","","","","","",null,"CAIXA REFERENCIAL"]
["ASSENTAMENTO DE TUBOS E PECAS","ASTU","FORNEC E/OU ASSENT DE TUBO DE ACO COM JUNTA SOLDAD",46,"","",97189,"ASSENTAMENTO DE TUBO DE AÇO CARBONO PARA REDE DE ÁGUA, DN 1400 MM (56'') OU DN 1500 MM (60\u0092\u0092), JUNTA SOLDADA, INSTALADO EM LOCAL COM NÍVEL BAIXO DE INTERFERÊNCIAS (NÃO INCLUI FORNECIMENTO). AF_11/2017","M","ATRIBUÍDO SÃO PAULO",52.06,"INSUMO",10997,"ELETRODO REVESTIDO AWS - E7018, DIAMETRO IGUAL A 4,00 MM","KG","COLETADO",0.46870000000000001,23.22,10.88,"","","","","","","","","","",null,"CAIXA REFERENCIAL"]
["ASSENTAMENTO DE TUBOS E PECAS","ASTU","FORNEC E/OU ASSENT DE TUBO DE ACO COM JUNTA SOLDAD",46,"","",97189,"ASSENTAMENTO DE TUBO DE AÇO CARBONO PARA REDE DE ÁGUA, DN 1400 MM (56'') OU DN 1500 MM (60\u0092\u0092), JUNTA SOLDADA, INSTALADO EM LOCAL COM NÍVEL BAIXO DE INTERFERÊNCIAS (NÃO INCLUI FORNECIMENTO). AF_11/2017","M","ATRIBUÍDO SÃO PAULO",52.06,"COMPOSICAO",88246,"ASSENTADOR DE TUBOS COM ENCARGOS COMPLEMENTARES","H","COEFICIENTE DE REPRESENTATIVIDADE",0.12330000000000001,21.04,2.59,"","","","","","","","","","",null,"CAIXA REFERENCIAL"]
["ASSENTAMENTO DE TUBOS E PECAS","ASTU","FORNEC E/OU ASSENT DE TUBO DE ACO COM JUNTA SOLDAD",46,"","",97189,"ASSENTAMENTO DE TUBO DE AÇO CARBONO PARA REDE DE ÁGUA, DN 1400 MM (56'') OU DN 1500 MM (60\u0092\u0092), JUNTA SOLDADA, INSTALADO EM LOCAL COM NÍVEL BAIXO DE INTERFERÊNCIAS (NÃO INCLUI FORNECIMENTO). AF_11/2017","M","ATRIBUÍDO SÃO PAULO",52.06,"COMPOSICAO",88316,"SERVENTE COM ENCARGOS COMPLEMENTARES","H","COLETADO",0.12330000000000001,14.67,1.8,"","","","","","","","","","",null,"CAIXA REFERENCIAL"]
["ASSENTAMENTO DE TUBOS E PECAS","ASTU","FORNEC E/OU ASSENT DE TUBO DE ACO COM JUNTA SOLDAD",46,"","",97189,"ASSENTAMENTO DE TUBO DE AÇO CARBONO PARA REDE DE ÁGUA, DN 1400 MM (56'') OU DN 1500 MM (60\u0092\u0092), JUNTA SOLDADA, INSTALADO EM LOCAL COM NÍVEL BAIXO DE INTERFERÊNCIAS (NÃO INCLUI FORNECIMENTO). AF_11/2017","M","ATRIBUÍDO SÃO PAULO",52.06,"COMPOSICAO",88317,"SOLDADOR COM ENCARGOS COMPLEMENTARES","H","COLETADO",1.198,20.34,24.36,"","","","","","","","","","",null,"CAIXA REFERENCIAL"]
["ASSENTAMENTO DE TUBOS E PECAS","ASTU","FORNEC E/OU ASSENT DE TUBO DE ACO COM JUNTA SOLDAD",46,"","",97190,"ASSENTAMENTO DE TUBO DE AÇO CARBONO PARA REDE DE ÁGUA, DN 1600 MM (64\u0092\u0092) OU DN 1700 MM (68\u0092\u0092), JUNTA SOLDADA, INSTALADO EM LOCAL COM NÍVEL BAIXO DE INTERFERÊNCIAS (NÃO INCLUI FORNECIMENTO). AF_11/2017","M","ATRIBUÍDO SÃO PAULO",58.88,"","","","","","","","",28.7,48.721881500000002,23.04,39.144512599999999,"7,14","12,1336059","0,00","0,0000000","0,00","0,0000000",0,"CAIXA REFERENCIAL"]
["ASSENTAMENTO DE TUBOS E PECAS","ASTU","FORNEC E/OU ASSENT DE TUBO DE ACO COM JUNTA SOLDAD",46,"","",97190,"ASSENTAMENTO DE TUBO DE AÇO CARBONO PARA REDE DE ÁGUA, DN 1600 MM (64\u0092\u0092) OU DN 1700 MM (68\u0092\u0092), JUNTA SOLDADA, INSTALADO EM LOCAL COM NÍVEL BAIXO DE INTERFERÊNCIAS (NÃO INCLUI FORNECIMENTO). AF_11/2017","M","ATRIBUÍDO SÃO PAULO",58.88,"COMPOSICAO",5631,"ESCAVADEIRA HIDRÁULICA SOBRE ESTEIRAS, CAÇAMBA 0,80 M3, PESO OPERACIONAL 17 T, POTENCIA BRUTA 111 HP - CHP DIURNO. AF_06/2014","CHP","ATRIBUÍDO SÃO PAULO",5.96E-2,126.79,7.55,"","","","","","","","","","",null,"CAIXA REFERENCIAL"]
["ASSENTAMENTO DE TUBOS E PECAS","ASTU","FORNEC E/OU ASSENT DE TUBO DE ACO COM JUNTA SOLDAD",46,"","",97190,"ASSENTAMENTO DE TUBO DE AÇO CARBONO PARA REDE DE ÁGUA, DN 1600 MM (64\u0092\u0092) OU DN 1700 MM (68\u0092\u0092), JUNTA SOLDADA, INSTALADO EM LOCAL COM NÍVEL BAIXO DE INTERFERÊNCIAS (NÃO INCLUI FORNECIMENTO). AF_11/2017","M","ATRIBUÍDO SÃO PAULO",58.88,"COMPOSICAO",5632,"ESCAVADEIRA HIDRÁULICA SOBRE ESTEIRAS, CAÇAMBA 0,80 M3, PESO OPERACIONAL 17 T, POTENCIA BRUTA 111 HP - CHI DIURNO. AF_06/2014","CHI","ATRIBUÍDO SÃO PAULO",0.1139,57.49,6.54,"","","","","","","","","","",null,"CAIXA REFERENCIAL"]
["ASSENTAMENTO DE TUBOS E PECAS","ASTU","FORNEC E/OU ASSENT DE TUBO DE ACO COM JUNTA SOLDAD",46,"","",97190,"ASSENTAMENTO DE TUBO DE AÇO CARBONO PARA REDE DE ÁGUA, DN 1600 MM (64\u0092\u0092) OU DN 1700 MM (68\u0092\u0092), JUNTA SOLDADA, INSTALADO EM LOCAL COM NÍVEL BAIXO DE INTERFERÊNCIAS (NÃO INCLUI FORNECIMENTO). AF_11/2017","M","ATRIBUÍDO SÃO PAULO",58.88,"INSUMO",10997,"ELETRODO REVESTIDO AWS - E7018, DIAMETRO IGUAL A 4,00 MM","KG","COLETADO",0.53110000000000002,23.22,12.33,"","","","","","","","","","",null,"CAIXA REFERENCIAL"]
["ASSENTAMENTO DE TUBOS E PECAS","ASTU","FORNEC E/OU ASSENT DE TUBO DE ACO COM JUNTA SOLDAD",46,"","",97190,"ASSENTAMENTO DE TUBO DE AÇO CARBONO PARA REDE DE ÁGUA, DN 1600 MM (64\u0092\u0092) OU DN 1700 MM (68\u0092\u0092), JUNTA SOLDADA, INSTALADO EM LOCAL COM NÍVEL BAIXO DE INTERFERÊNCIAS (NÃO INCLUI FORNECIMENTO). AF_11/2017","M","ATRIBUÍDO SÃO PAULO",58.88,"COMPOSICAO",88246,"ASSENTADOR DE TUBOS COM ENCARGOS COMPLEMENTARES","H","COEFICIENTE DE REPRESENTATIVIDADE",0.1361,21.04,2.86,"","","","","","","","","","",null,"CAIXA REFERENCIAL"]
["ASSENTAMENTO DE TUBOS E PECAS","ASTU","FORNEC E/OU ASSENT DE TUBO DE ACO COM JUNTA SOLDAD",46,"","",97190,"ASSENTAMENTO DE TUBO DE AÇO CARBONO PARA REDE DE ÁGUA, DN 1600 MM (64\u0092\u0092) OU DN 1700 MM (68\u0092\u0092), JUNTA SOLDADA, INSTALADO EM LOCAL COM NÍVEL BAIXO DE INTERFERÊNCIAS (NÃO INCLUI FORNECIMENTO). AF_11/2017","M","ATRIBUÍDO SÃO PAULO",58.88,"COMPOSICAO",88316,"SERVENTE COM ENCARGOS COMPLEMENTARES","H","COLETADO",0.1361,14.67,1.99,"","","","","","","","","","",null,"CAIXA REFERENCIAL"]
["ASSENTAMENTO DE TUBOS E PECAS","ASTU","FORNEC E/OU ASSENT DE TUBO DE ACO COM JUNTA SOLDAD",46,"","",97190,"ASSENTAMENTO DE TUBO DE AÇO CARBONO PARA REDE DE ÁGUA, DN 1600 MM (64\u0092\u0092) OU DN 1700 MM (68\u0092\u0092), JUNTA SOLDADA, INSTALADO EM LOCAL COM NÍVEL BAIXO DE INTERFERÊNCIAS (NÃO INCLUI FORNECIMENTO). AF_11/2017","M","ATRIBUÍDO SÃO PAULO",58.88,"COMPOSICAO",88317,"SOLDADOR COM ENCARGOS COMPLEMENTARES","H","COLETADO",1.3576999999999999,20.34,27.61,"","","","","","","","","","",null,"CAIXA REFERENCIAL"]
["ASSENTAMENTO DE TUBOS E PECAS","ASTU","FORNEC E/OU ASSENT DE TUBO DE ACO COM JUNTA SOLDAD",46,"","",97191,"ASSENTAMENTO DE TUBO DE AÇO CARBONO PARA REDE DE ÁGUA, DN 1800 MM (72\u0092\u0092) OU DN 1900 MM (76\u0092\u0092), JUNTA SOLDADA, INSTALADO EM LOCAL COM NÍVEL BAIXO DE INTERFERÊNCIAS (NÃO INCLUI FORNECIMENTO). AF_11/2017","M","ATRIBUÍDO SÃO PAULO",67.56,"","","","","","","","",31.96,47.291883200000001,26.72,39.560765600000003,"8,88","13,1473512","0,00","0,0000000","0,00","0,0000000",0,"CAIXA REFERENCIAL"]
["ASSENTAMENTO DE TUBOS E PECAS","ASTU","FORNEC E/OU ASSENT DE TUBO DE ACO COM JUNTA SOLDAD",46,"","",97191,"ASSENTAMENTO DE TUBO DE AÇO CARBONO PARA REDE DE ÁGUA, DN 1800 MM (72\u0092\u0092) OU DN 1900 MM (76\u0092\u0092), JUNTA SOLDADA, INSTALADO EM LOCAL COM NÍVEL BAIXO DE INTERFERÊNCIAS (NÃO INCLUI FORNECIMENTO). AF_11/2017","M","ATRIBUÍDO SÃO PAULO",67.56,"INSUMO",10997,"ELETRODO REVESTIDO AWS - E7018, DIAMETRO IGUAL A 4,00 MM","KG","COLETADO",0.59360000000000002,23.22,13.78,"","","","","","","","","","",null,"CAIXA REFERENCIAL"]
["ASSENTAMENTO DE TUBOS E PECAS","ASTU","FORNEC E/OU ASSENT DE TUBO DE ACO COM JUNTA SOLDAD",46,"","",97191,"ASSENTAMENTO DE TUBO DE AÇO CARBONO PARA REDE DE ÁGUA, DN 1800 MM (72\u0092\u0092) OU DN 1900 MM (76\u0092\u0092), JUNTA SOLDADA, INSTALADO EM LOCAL COM NÍVEL BAIXO DE INTERFERÊNCIAS (NÃO INCLUI FORNECIMENTO). AF_11/2017","M","ATRIBUÍDO SÃO PAULO",67.56,"COMPOSICAO",88246,"ASSENTADOR DE TUBOS COM ENCARGOS COMPLEMENTARES","H","COEFICIENTE DE REPRESENTATIVIDADE",0.1489,21.04,3.13,"","","","","","","","","","",null,"CAIXA REFERENCIAL"]
["ASSENTAMENTO DE TUBOS E PECAS","ASTU","FORNEC E/OU ASSENT DE TUBO DE ACO COM JUNTA SOLDAD",46,"","",97191,"ASSENTAMENTO DE TUBO DE AÇO CARBONO PARA REDE DE ÁGUA, DN 1800 MM (72\u0092\u0092) OU DN 1900 MM (76\u0092\u0092), JUNTA SOLDADA, INSTALADO EM LOCAL COM NÍVEL BAIXO DE INTERFERÊNCIAS (NÃO INCLUI FORNECIMENTO). AF_11/2017","M","ATRIBUÍDO SÃO PAULO",67.56,"COMPOSICAO",88316,"SERVENTE COM ENCARGOS COMPLEMENTARES","H","COLETADO",0.1489,14.67,2.1800000000000002,"","","","","","","","","","",null,"CAIXA REFERENCIAL"]
["ASSENTAMENTO DE TUBOS E PECAS","ASTU","FORNEC E/OU ASSENT DE TUBO DE ACO COM JUNTA SOLDAD",46,"","",97191,"ASSENTAMENTO DE TUBO DE AÇO CARBONO PARA REDE DE ÁGUA, DN 1800 MM (72\u0092\u0092) OU DN 1900 MM (76\u0092\u0092), JUNTA SOLDADA, INSTALADO EM LOCAL COM NÍVEL BAIXO DE INTERFERÊNCIAS (NÃO INCLUI FORNECIMENTO). AF_11/2017","M","ATRIBUÍDO SÃO PAULO",67.56,"COMPOSICAO",88317,"SOLDADOR COM ENCARGOS COMPLEMENTARES","H","COLETADO",1.5174000000000001,20.34,30.86,"","","","","","","","","","",null,"CAIXA REFERENCIAL"]
["ASSENTAMENTO DE TUBOS E PECAS","ASTU","FORNEC E/OU ASSENT DE TUBO DE ACO COM JUNTA SOLDAD",46,"","",97191,"ASSENTAMENTO DE TUBO DE AÇO CARBONO PARA REDE DE ÁGUA, DN 1800 MM (72\u0092\u0092) OU DN 1900 MM (76\u0092\u0092), JUNTA SOLDADA, INSTALADO EM LOCAL COM NÍVEL BAIXO DE INTERFERÊNCIAS (NÃO INCLUI FORNECIMENTO). AF_11/2017","M","ATRIBUÍDO SÃO PAULO",67.56,"COMPOSICAO",88907,"ESCAVADEIRA HIDRÁULICA SOBRE ESTEIRAS, CAÇAMBA 1,20 M3, PESO OPERACIONAL 21 T, POTÊNCIA BRUTA 155 HP - CHP DIURNO. AF_06/2014","CHP","ATRIBUÍDO SÃO PAULO",6.6600000000000006E-2,148.25,9.8699999999999992,"","","","","","","","","","",null,"CAIXA REFERENCIAL"]
["ASSENTAMENTO DE TUBOS E PECAS","ASTU","FORNEC E/OU ASSENT DE TUBO DE ACO COM JUNTA SOLDAD",46,"","",97191,"ASSENTAMENTO DE TUBO DE AÇO CARBONO PARA REDE DE ÁGUA, DN 1800 MM (72\u0092\u0092) OU DN 1900 MM (76\u0092\u0092), JUNTA SOLDADA, INSTALADO EM LOCAL COM NÍVEL BAIXO DE INTERFERÊNCIAS (NÃO INCLUI FORNECIMENTO). AF_11/2017","M","ATRIBUÍDO SÃO PAULO",67.56,"COMPOSICAO",88908,"ESCAVADEIRA HIDRÁULICA SOBRE ESTEIRAS, CAÇAMBA 1,20 M3, PESO OPERACIONAL 21 T, POTÊNCIA BRUTA 155 HP - CHI DIURNO. AF_06/2014","CHI","ATRIBUÍDO SÃO PAULO",0.1273,60.85,7.74,"","","","","","","","","","",null,"CAIXA REFERENCIAL"]
["ASSENTAMENTO DE TUBOS E PECAS","ASTU","FORNEC E/OU ASSENT DE TUBO DE ACO COM JUNTA SOLDAD",46,"","",97192,"ASSENTAMENTO DE TUBO DE AÇO CARBONO PARA REDE DE ÁGUA, DN 2000 MM (80\u0092\u0092) OU DN 2100 MM (84\u0092\u0092), JUNTA SOLDADA, INSTALADO EM LOCAL COM NÍVEL BAIXO DE INTERFERÊNCIAS (NÃO INCLUI FORNECIMENTO). AF_11/2017","M","ATRIBUÍDO SÃO PAULO",74.58,"","","","","","","","",35.25,47.262945600000002,29.51,39.569603200000003,"9,82","13,1674512","0,00","0,0000000","0,00","0,0000000",0,"CAIXA REFERENCIAL"]
["ASSENTAMENTO DE TUBOS E PECAS","ASTU","FORNEC E/OU ASSENT DE TUBO DE ACO COM JUNTA SOLDAD",46,"","",97192,"ASSENTAMENTO DE TUBO DE AÇO CARBONO PARA REDE DE ÁGUA, DN 2000 MM (80\u0092\u0092) OU DN 2100 MM (84\u0092\u0092), JUNTA SOLDADA, INSTALADO EM LOCAL COM NÍVEL BAIXO DE INTERFERÊNCIAS (NÃO INCLUI FORNECIMENTO). AF_11/2017","M","ATRIBUÍDO SÃO PAULO",74.58,"INSUMO",10997,"ELETRODO REVESTIDO AWS - E7018, DIAMETRO IGUAL A 4,00 MM","KG","COLETADO",0.65610000000000002,23.22,15.23,"","","","","","","","","","",null,"CAIXA REFERENCIAL"]
["ASSENTAMENTO DE TUBOS E PECAS","ASTU","FORNEC E/OU ASSENT DE TUBO DE ACO COM JUNTA SOLDAD",46,"","",97192,"ASSENTAMENTO DE TUBO DE AÇO CARBONO PARA REDE DE ÁGUA, DN 2000 MM (80\u0092\u0092) OU DN 2100 MM (84\u0092\u0092), JUNTA SOLDADA, INSTALADO EM LOCAL COM NÍVEL BAIXO DE INTERFERÊNCIAS (NÃO INCLUI FORNECIMENTO). AF_11/2017","M","ATRIBUÍDO SÃO PAULO",74.58,"COMPOSICAO",88246,"ASSENTADOR DE TUBOS COM ENCARGOS COMPLEMENTARES","H","COEFICIENTE DE REPRESENTATIVIDADE",0.16170000000000001,21.04,3.4,"","","","","","","","","","",null,"CAIXA REFERENCIAL"]
["ASSENTAMENTO DE TUBOS E PECAS","ASTU","FORNEC E/OU ASSENT DE TUBO DE ACO COM JUNTA SOLDAD",46,"","",97192,"ASSENTAMENTO DE TUBO DE AÇO CARBONO PARA REDE DE ÁGUA, DN 2000 MM (80\u0092\u0092) OU DN 2100 MM (84\u0092\u0092), JUNTA SOLDADA, INSTALADO EM LOCAL COM NÍVEL BAIXO DE INTERFERÊNCIAS (NÃO INCLUI FORNECIMENTO). AF_11/2017","M","ATRIBUÍDO SÃO PAULO",74.58,"COMPOSICAO",88316,"SERVENTE COM ENCARGOS COMPLEMENTARES","H","COLETADO",0.16170000000000001,14.67,2.37,"","","","","","","","","","",null,"CAIXA REFERENCIAL"]
["ASSENTAMENTO DE TUBOS E PECAS","ASTU","FORNEC E/OU ASSENT DE TUBO DE ACO COM JUNTA SOLDAD",46,"","",97192,"ASSENTAMENTO DE TUBO DE AÇO CARBONO PARA REDE DE ÁGUA, DN 2000 MM (80\u0092\u0092) OU DN 2100 MM (84\u0092\u0092), JUNTA SOLDADA, INSTALADO EM LOCAL COM NÍVEL BAIXO DE INTERFERÊNCIAS (NÃO INCLUI FORNECIMENTO). AF_11/2017","M","ATRIBUÍDO SÃO PAULO",74.58,"COMPOSICAO",88317,"SOLDADOR COM ENCARGOS COMPLEMENTARES","H","COLETADO",1.6771,20.34,34.11,"","","","","","","","","","",null,"CAIXA REFERENCIAL"]
["ASSENTAMENTO DE TUBOS E PECAS","ASTU","FORNEC E/OU ASSENT DE TUBO DE ACO COM JUNTA SOLDAD",46,"","",97192,"ASSENTAMENTO DE TUBO DE AÇO CARBONO PARA REDE DE ÁGUA, DN 2000 MM (80\u0092\u0092) OU DN 2100 MM (84\u0092\u0092), JUNTA SOLDADA, INSTALADO EM LOCAL COM NÍVEL BAIXO DE INTERFERÊNCIAS (NÃO INCLUI FORNECIMENTO). AF_11/2017","M","ATRIBUÍDO SÃO PAULO",74.58,"COMPOSICAO",88907,"ESCAVADEIRA HIDRÁULICA SOBRE ESTEIRAS, CAÇAMBA 1,20 M3, PESO OPERACIONAL 21 T, POTÊNCIA BRUTA 155 HP - CHP DIURNO. AF_06/2014","CHP","ATRIBUÍDO SÃO PAULO",7.3599999999999999E-2,148.25,10.91,"","","","","","","","","","",null,"CAIXA REFERENCIAL"]
["ASSENTAMENTO DE TUBOS E PECAS","ASTU","FORNEC E/OU ASSENT DE TUBO DE ACO COM JUNTA SOLDAD",46,"","",97192,"ASSENTAMENTO DE TUBO DE AÇO CARBONO PARA REDE DE ÁGUA, DN 2000 MM (80\u0092\u0092) OU DN 2100 MM (84\u0092\u0092), JUNTA SOLDADA, INSTALADO EM LOCAL COM NÍVEL BAIXO DE INTERFERÊNCIAS (NÃO INCLUI FORNECIMENTO). AF_11/2017","M","ATRIBUÍDO SÃO PAULO",74.58,"COMPOSICAO",88908,"ESCAVADEIRA HIDRÁULICA SOBRE ESTEIRAS, CAÇAMBA 1,20 M3, PESO OPERACIONAL 21 T, POTÊNCIA BRUTA 155 HP - CHI DIURNO. AF_06/2014","CHI","ATRIBUÍDO SÃO PAULO",0.14069999999999999,60.85,8.56,"","","","","","","","","","",null,"CAIXA REFERENCIAL"]
["ASSENTAMENTO DE TUBOS E PECAS","ASTU","FORNEC E/OU ASSENT DE TUBO DE PVC COM JUNTA ELASTI",48,"","",90694,"TUBO DE PVC PARA REDE COLETORA DE ESGOTO DE PAREDE MACIÇA, DN 100 MM, JUNTA ELÁSTICA, INSTALADO EM LOCAL COM NÍVEL BAIXO DE INTERFERÊNCIAS - FORNECIMENTO E ASSENTAMENTO. AF_06/2015","M","ATRIBUÍDO SÃO PAULO",20.81,"","","","","","","","",1.65,7.9518072000000002,19.16,92.048192799999995,"0,00","0,0000000","0,00","0,0000000","0,00","0,0000000",0,"CAIXA REFERENCIAL"]
["ASSENTAMENTO DE TUBOS E PECAS","ASTU","FORNEC E/OU ASSENT DE TUBO DE PVC COM JUNTA ELASTI",48,"","",90694,"TUBO DE PVC PARA REDE COLETORA DE ESGOTO DE PAREDE MACIÇA, DN 100 MM, JUNTA ELÁSTICA, INSTALADO EM LOCAL COM NÍVEL BAIXO DE INTERFERÊNCIAS - FORNECIMENTO E ASSENTAMENTO. AF_06/2015","M","ATRIBUÍDO SÃO PAULO",20.81,"INSUMO",20078,"PASTA LUBRIFICANTE PARA TUBOS E CONEXOES COM JUNTA ELASTICA (USO EM PVC, ACO, POLIETILENO E OUTROS) ( DE *400* G)","UN","COEFICIENTE DE REPRESENTATIVIDADE",1.04E-2,16.53,0.17,"","","","","","","","","","",null,"CAIXA REFERENCIAL"]
["ASSENTAMENTO DE TUBOS E PECAS","ASTU","FORNEC E/OU ASSENT DE TUBO DE PVC COM JUNTA ELASTI",48,"","",90694,"TUBO DE PVC PARA REDE COLETORA DE ESGOTO DE PAREDE MACIÇA, DN 100 MM, JUNTA ELÁSTICA, INSTALADO EM LOCAL COM NÍVEL BAIXO DE INTERFERÊNCIAS - FORNECIMENTO E ASSENTAMENTO. AF_06/2015","M","ATRIBUÍDO SÃO PAULO",20.81,"INSUMO",36365,"TUBO COLETOR DE ESGOTO PVC, JEI, DN 100 MM (NBR  7362)","M","ATRIBUÍDO SÃO PAULO",1.05,17.62,18.5,"","","","","","","","","","",null,"CAIXA REFERENCIAL"]
["ASSENTAMENTO DE TUBOS E PECAS","ASTU","FORNEC E/OU ASSENT DE TUBO DE PVC COM JUNTA ELASTI",48,"","",90694,"TUBO DE PVC PARA REDE COLETORA DE ESGOTO DE PAREDE MACIÇA, DN 100 MM, JUNTA ELÁSTICA, INSTALADO EM LOCAL COM NÍVEL BAIXO DE INTERFERÊNCIAS - FORNECIMENTO E ASSENTAMENTO. AF_06/2015","M","ATRIBUÍDO SÃO PAULO",20.81,"COMPOSICAO",88246,"ASSENTADOR DE TUBOS COM ENCARGOS COMPLEMENTARES","H","COEFICIENTE DE REPRESENTATIVIDADE",0.06,21.04,1.26,"","","","","","","","","","",null,"CAIXA REFERENCIAL"]
["ASSENTAMENTO DE TUBOS E PECAS","ASTU","FORNEC E/OU ASSENT DE TUBO DE PVC COM JUNTA ELASTI",48,"","",90694,"TUBO DE PVC PARA REDE COLETORA DE ESGOTO DE PAREDE MACIÇA, DN 100 MM, JUNTA ELÁSTICA, INSTALADO EM LOCAL COM NÍVEL BAIXO DE INTERFERÊNCIAS - FORNECIMENTO E ASSENTAMENTO. AF_06/2015","M","ATRIBUÍDO SÃO PAULO",20.81,"COMPOSICAO",88316,"SERVENTE COM ENCARGOS COMPLEMENTARES","H","COLETADO",0.06,14.67,0.88,"","","","","","","","","","",null,"CAIXA REFERENCIAL"]
["ASSENTAMENTO DE TUBOS E PECAS","ASTU","FORNEC E/OU ASSENT DE TUBO DE PVC COM JUNTA ELASTI",48,"","",90695,"TUBO DE PVC PARA REDE COLETORA DE ESGOTO DE PAREDE MACIÇA, DN 150 MM, JUNTA ELÁSTICA, INSTALADO EM LOCAL COM NÍVEL BAIXO DE INTERFERÊNCIAS - FORNECIMENTO E ASSENTAMENTO. AF_06/2015","M","ATRIBUÍDO SÃO PAULO",42.72,"","","","","","","","",2.02,4.7362250000000001,40.700000000000003,95.263774999999995,"0,00","0,0000000","0,00","0,0000000","0,00","0,0000000",0,"CAIXA REFERENCIAL"]
["ASSENTAMENTO DE TUBOS E PECAS","ASTU","FORNEC E/OU ASSENT DE TUBO DE PVC COM JUNTA ELASTI",48,"","",90695,"TUBO DE PVC PARA REDE COLETORA DE ESGOTO DE PAREDE MACIÇA, DN 150 MM, JUNTA ELÁSTICA, INSTALADO EM LOCAL COM NÍVEL BAIXO DE INTERFERÊNCIAS - FORNECIMENTO E ASSENTAMENTO. AF_06/2015","M","ATRIBUÍDO SÃO PAULO",42.72,"INSUMO",20078,"PASTA LUBRIFICANTE PARA TUBOS E CONEXOES COM JUNTA ELASTICA (USO EM PVC, ACO, POLIETILENO E OUTROS) ( DE *400* G)","UN","COEFICIENTE DE REPRESENTATIVIDADE",1.46E-2,16.53,0.24,"","","","","","","","","","",null,"CAIXA REFERENCIAL"]
["ASSENTAMENTO DE TUBOS E PECAS","ASTU","FORNEC E/OU ASSENT DE TUBO DE PVC COM JUNTA ELASTI",48,"","",90695,"TUBO DE PVC PARA REDE COLETORA DE ESGOTO DE PAREDE MACIÇA, DN 150 MM, JUNTA ELÁSTICA, INSTALADO EM LOCAL COM NÍVEL BAIXO DE INTERFERÊNCIAS - FORNECIMENTO E ASSENTAMENTO. AF_06/2015","M","ATRIBUÍDO SÃO PAULO",42.72,"INSUMO",41936,"TUBO COLETOR DE ESGOTO, PVC, JEI, DN 150 MM  (NBR 7362)","M","ATRIBUÍDO SÃO PAULO",1.05,37.99,39.880000000000003,"","","","","","","","","","",null,"CAIXA REFERENCIAL"]
["ASSENTAMENTO DE TUBOS E PECAS","ASTU","FORNEC E/OU ASSENT DE TUBO DE PVC COM JUNTA ELASTI",48,"","",90695,"TUBO DE PVC PARA REDE COLETORA DE ESGOTO DE PAREDE MACIÇA, DN 150 MM, JUNTA ELÁSTICA, INSTALADO EM LOCAL COM NÍVEL BAIXO DE INTERFERÊNCIAS - FORNECIMENTO E ASSENTAMENTO. AF_06/2015","M","ATRIBUÍDO SÃO PAULO",42.72,"COMPOSICAO",88246,"ASSENTADOR DE TUBOS COM ENCARGOS COMPLEMENTARES","H","COEFICIENTE DE REPRESENTATIVIDADE",7.2999999999999995E-2,21.04,1.53,"","","","","","","","","","",null,"CAIXA REFERENCIAL"]
["ASSENTAMENTO DE TUBOS E PECAS","ASTU","FORNEC E/OU ASSENT DE TUBO DE PVC COM JUNTA ELASTI",48,"","",90695,"TUBO DE PVC PARA REDE COLETORA DE ESGOTO DE PAREDE MACIÇA, DN 150 MM, JUNTA ELÁSTICA, INSTALADO EM LOCAL COM NÍVEL BAIXO DE INTERFERÊNCIAS - FORNECIMENTO E ASSENTAMENTO. AF_06/2015","M","ATRIBUÍDO SÃO PAULO",42.72,"COMPOSICAO",88316,"SERVENTE COM ENCARGOS COMPLEMENTARES","H","COLETADO",7.2999999999999995E-2,14.67,1.07,"","","","","","","","","","",null,"CAIXA REFERENCIAL"]
["ASSENTAMENTO DE TUBOS E PECAS","ASTU","FORNEC E/OU ASSENT DE TUBO DE PVC COM JUNTA ELASTI",48,"","",90696,"TUBO DE PVC PARA REDE COLETORA DE ESGOTO DE PAREDE MACIÇA, DN 200 MM, JUNTA ELÁSTICA, INSTALADO EM LOCAL COM NÍVEL BAIXO DE INTERFERÊNCIAS - FORNECIMENTO E ASSENTAMENTO. AF_06/2015","M","ATRIBUÍDO SÃO PAULO",63.25,"","","","","","","","",2.39,3.7822439999999999,60.86,96.217755999999994,"0,00","0,0000000","0,00","0,0000000","0,00","0,0000000",0,"CAIXA REFERENCIAL"]
["ASSENTAMENTO DE TUBOS E PECAS","ASTU","FORNEC E/OU ASSENT DE TUBO DE PVC COM JUNTA ELASTI",48,"","",90696,"TUBO DE PVC PARA REDE COLETORA DE ESGOTO DE PAREDE MACIÇA, DN 200 MM, JUNTA ELÁSTICA, INSTALADO EM LOCAL COM NÍVEL BAIXO DE INTERFERÊNCIAS - FORNECIMENTO E ASSENTAMENTO. AF_06/2015","M","ATRIBUÍDO SÃO PAULO",63.25,"INSUMO",20078,"PASTA LUBRIFICANTE PARA TUBOS E CONEXOES COM JUNTA ELASTICA (USO EM PVC, ACO, POLIETILENO E OUTROS) ( DE *400* G)","UN","COEFICIENTE DE REPRESENTATIVIDADE",1.67E-2,16.53,0.27,"","","","","","","","","","",null,"CAIXA REFERENCIAL"]
["ASSENTAMENTO DE TUBOS E PECAS","ASTU","FORNEC E/OU ASSENT DE TUBO DE PVC COM JUNTA ELASTI",48,"","",90696,"TUBO DE PVC PARA REDE COLETORA DE ESGOTO DE PAREDE MACIÇA, DN 200 MM, JUNTA ELÁSTICA, INSTALADO EM LOCAL COM NÍVEL BAIXO DE INTERFERÊNCIAS - FORNECIMENTO E ASSENTAMENTO. AF_06/2015","M","ATRIBUÍDO SÃO PAULO",63.25,"INSUMO",41930,"TUBO COLETOR DE ESGOTO PVC, JEI, DN 200 MM (NBR 7362)","M","ATRIBUÍDO SÃO PAULO",1.05,57.04,59.89,"","","","","","","","","","",null,"CAIXA REFERENCIAL"]
["ASSENTAMENTO DE TUBOS E PECAS","ASTU","FORNEC E/OU ASSENT DE TUBO DE PVC COM JUNTA ELASTI",48,"","",90696,"TUBO DE PVC PARA REDE COLETORA DE ESGOTO DE PAREDE MACIÇA, DN 200 MM, JUNTA ELÁSTICA, INSTALADO EM LOCAL COM NÍVEL BAIXO DE INTERFERÊNCIAS - FORNECIMENTO E ASSENTAMENTO. AF_06/2015","M","ATRIBUÍDO SÃO PAULO",63.25,"COMPOSICAO",88246,"ASSENTADOR DE TUBOS COM ENCARGOS COMPLEMENTARES","H","COEFICIENTE DE REPRESENTATIVIDADE",8.6699999999999999E-2,21.04,1.82,"","","","","","","","","","",null,"CAIXA REFERENCIAL"]
["ASSENTAMENTO DE TUBOS E PECAS","ASTU","FORNEC E/OU ASSENT DE TUBO DE PVC COM JUNTA ELASTI",48,"","",90696,"TUBO DE PVC PARA REDE COLETORA DE ESGOTO DE PAREDE MACIÇA, DN 200 MM, JUNTA ELÁSTICA, INSTALADO EM LOCAL COM NÍVEL BAIXO DE INTERFERÊNCIAS - FORNECIMENTO E ASSENTAMENTO. AF_06/2015","M","ATRIBUÍDO SÃO PAULO",63.25,"COMPOSICAO",88316,"SERVENTE COM ENCARGOS COMPLEMENTARES","H","COLETADO",8.6699999999999999E-2,14.67,1.27,"","","","","","","","","","",null,"CAIXA REFERENCIAL"]
["ASSENTAMENTO DE TUBOS E PECAS","ASTU","FORNEC E/OU ASSENT DE TUBO DE PVC COM JUNTA ELASTI",48,"","",90697,"TUBO DE PVC PARA REDE COLETORA DE ESGOTO DE PAREDE MACIÇA, DN 250 MM, JUNTA ELÁSTICA, INSTALADO EM LOCAL COM NÍVEL BAIXO DE INTERFERÊNCIAS - FORNECIMENTO E ASSENTAMENTO. AF_06/2015","M","ATRIBUÍDO SÃO PAULO",106.02,"","","","","","","","",2.76,2.6050023000000002,103.26,97.394997700000005,"0,00","0,0000000","0,00","0,0000000","0,00","0,0000000",0,"CAIXA REFERENCIAL"]
["ASSENTAMENTO DE TUBOS E PECAS","ASTU","FORNEC E/OU ASSENT DE TUBO DE PVC COM JUNTA ELASTI",48,"","",90697,"TUBO DE PVC PARA REDE COLETORA DE ESGOTO DE PAREDE MACIÇA, DN 250 MM, JUNTA ELÁSTICA, INSTALADO EM LOCAL COM NÍVEL BAIXO DE INTERFERÊNCIAS - FORNECIMENTO E ASSENTAMENTO. AF_06/2015","M","ATRIBUÍDO SÃO PAULO",106.02,"INSUMO",20078,"PASTA LUBRIFICANTE PARA TUBOS E CONEXOES COM JUNTA ELASTICA (USO EM PVC, ACO, POLIETILENO E OUTROS) ( DE *400* G)","UN","COEFICIENTE DE REPRESENTATIVIDADE",2.0799999999999999E-2,16.53,0.34,"","","","","","","","","","",null,"CAIXA REFERENCIAL"]
["ASSENTAMENTO DE TUBOS E PECAS","ASTU","FORNEC E/OU ASSENT DE TUBO DE PVC COM JUNTA ELASTI",48,"","",90697,"TUBO DE PVC PARA REDE COLETORA DE ESGOTO DE PAREDE MACIÇA, DN 250 MM, JUNTA ELÁSTICA, INSTALADO EM LOCAL COM NÍVEL BAIXO DE INTERFERÊNCIAS - FORNECIMENTO E ASSENTAMENTO. AF_06/2015","M","ATRIBUÍDO SÃO PAULO",106.02,"INSUMO",41931,"TUBO COLETOR DE ESGOTO PVC, JEI, DN 250 MM (NBR 7362)","M","ATRIBUÍDO SÃO PAULO",1.05,97.26,102.12,"","","","","","","","","","",null,"CAIXA REFERENCIAL"]
["ASSENTAMENTO DE TUBOS E PECAS","ASTU","FORNEC E/OU ASSENT DE TUBO DE PVC COM JUNTA ELASTI",48,"","",90697,"TUBO DE PVC PARA REDE COLETORA DE ESGOTO DE PAREDE MACIÇA, DN 250 MM, JUNTA ELÁSTICA, INSTALADO EM LOCAL COM NÍVEL BAIXO DE INTERFERÊNCIAS - FORNECIMENTO E ASSENTAMENTO. AF_06/2015","M","ATRIBUÍDO SÃO PAULO",106.02,"COMPOSICAO",88246,"ASSENTADOR DE TUBOS COM ENCARGOS COMPLEMENTARES","H","COEFICIENTE DE REPRESENTATIVIDADE",0.1,21.04,2.1,"","","","","","","","","","",null,"CAIXA REFERENCIAL"]
["ASSENTAMENTO DE TUBOS E PECAS","ASTU","FORNEC E/OU ASSENT DE TUBO DE PVC COM JUNTA ELASTI",48,"","",90697,"TUBO DE PVC PARA REDE COLETORA DE ESGOTO DE PAREDE MACIÇA, DN 250 MM, JUNTA ELÁSTICA, INSTALADO EM LOCAL COM NÍVEL BAIXO DE INTERFERÊNCIAS - FORNECIMENTO E ASSENTAMENTO. AF_06/2015","M","ATRIBUÍDO SÃO PAULO",106.02,"COMPOSICAO",88316,"SERVENTE COM ENCARGOS COMPLEMENTARES","H","COLETADO",0.1,14.67,1.46,"","","","","","","","","","",null,"CAIXA REFERENCIAL"]
["ASSENTAMENTO DE TUBOS E PECAS","ASTU","FORNEC E/OU ASSENT DE TUBO DE PVC COM JUNTA ELASTI",48,"","",90698,"TUBO DE PVC PARA REDE COLETORA DE ESGOTO DE PAREDE MACIÇA, DN 300 MM, JUNTA ELÁSTICA, INSTALADO EM LOCAL COM NÍVEL BAIXO DE INTERFERÊNCIAS - FORNECIMENTO E ASSENTAMENTO. AF_06/2015","M","ATRIBUÍDO SÃO PAULO",169.39,"","","","","","","","",3.13,1.8485707,166.26,98.151429300000004,"0,00","0,0000000","0,00","0,0000000","0,00","0,0000000",0,"CAIXA REFERENCIAL"]
["ASSENTAMENTO DE TUBOS E PECAS","ASTU","FORNEC E/OU ASSENT DE TUBO DE PVC COM JUNTA ELASTI",48,"","",90698,"TUBO DE PVC PARA REDE COLETORA DE ESGOTO DE PAREDE MACIÇA, DN 300 MM, JUNTA ELÁSTICA, INSTALADO EM LOCAL COM NÍVEL BAIXO DE INTERFERÊNCIAS - FORNECIMENTO E ASSENTAMENTO. AF_06/2015","M","ATRIBUÍDO SÃO PAULO",169.39,"INSUMO",20078,"PASTA LUBRIFICANTE PARA TUBOS E CONEXOES COM JUNTA ELASTICA (USO EM PVC, ACO, POLIETILENO E OUTROS) ( DE *400* G)","UN","COEFICIENTE DE REPRESENTATIVIDADE",2.5000000000000001E-2,16.53,0.41,"","","","","","","","","","",null,"CAIXA REFERENCIAL"]
["ASSENTAMENTO DE TUBOS E PECAS","ASTU","FORNEC E/OU ASSENT DE TUBO DE PVC COM JUNTA ELASTI",48,"","",90698,"TUBO DE PVC PARA REDE COLETORA DE ESGOTO DE PAREDE MACIÇA, DN 300 MM, JUNTA ELÁSTICA, INSTALADO EM LOCAL COM NÍVEL BAIXO DE INTERFERÊNCIAS - FORNECIMENTO E ASSENTAMENTO. AF_06/2015","M","ATRIBUÍDO SÃO PAULO",169.39,"INSUMO",41932,"TUBO COLETOR DE ESGOTO PVC, JEI, DN 300 MM (NBR 7362)","M","ATRIBUÍDO SÃO PAULO",1.05,157.09,164.94,"","","","","","","","","","",null,"CAIXA REFERENCIAL"]
["ASSENTAMENTO DE TUBOS E PECAS","ASTU","FORNEC E/OU ASSENT DE TUBO DE PVC COM JUNTA ELASTI",48,"","",90698,"TUBO DE PVC PARA REDE COLETORA DE ESGOTO DE PAREDE MACIÇA, DN 300 MM, JUNTA ELÁSTICA, INSTALADO EM LOCAL COM NÍVEL BAIXO DE INTERFERÊNCIAS - FORNECIMENTO E ASSENTAMENTO. AF_06/2015","M","ATRIBUÍDO SÃO PAULO",169.39,"COMPOSICAO",88246,"ASSENTADOR DE TUBOS COM ENCARGOS COMPLEMENTARES","H","COEFICIENTE DE REPRESENTATIVIDADE",0.1134,21.04,2.38,"","","","","","","","","","",null,"CAIXA REFERENCIAL"]
["ASSENTAMENTO DE TUBOS E PECAS","ASTU","FORNEC E/OU ASSENT DE TUBO DE PVC COM JUNTA ELASTI",48,"","",90698,"TUBO DE PVC PARA REDE COLETORA DE ESGOTO DE PAREDE MACIÇA, DN 300 MM, JUNTA ELÁSTICA, INSTALADO EM LOCAL COM NÍVEL BAIXO DE INTERFERÊNCIAS - FORNECIMENTO E ASSENTAMENTO. AF_06/2015","M","ATRIBUÍDO SÃO PAULO",169.39,"COMPOSICAO",88316,"SERVENTE COM ENCARGOS COMPLEMENTARES","H","COLETADO",0.1134,14.67,1.66,"","","","","","","","","","",null,"CAIXA REFERENCIAL"]
["ASSENTAMENTO DE TUBOS E PECAS","ASTU","FORNEC E/OU ASSENT DE TUBO DE PVC COM JUNTA ELASTI",48,"","",90699,"TUBO DE PVC PARA REDE COLETORA DE ESGOTO DE PAREDE MACIÇA, DN 350 MM, JUNTA ELÁSTICA, INSTALADO EM LOCAL COM NÍVEL BAIXO DE INTERFERÊNCIAS - FORNECIMENTO E ASSENTAMENTO. AF_06/2015","M","ATRIBUÍDO SÃO PAULO",209.27,"","","","","","","","",3.51,1.67774,205.76,98.32226,"0,00","0,0000000","0,00","0,0000000","0,00","0,0000000",0,"CAIXA REFERENCIAL"]
["ASSENTAMENTO DE TUBOS E PECAS","ASTU","FORNEC E/OU ASSENT DE TUBO DE PVC COM JUNTA ELASTI",48,"","",90699,"TUBO DE PVC PARA REDE COLETORA DE ESGOTO DE PAREDE MACIÇA, DN 350 MM, JUNTA ELÁSTICA, INSTALADO EM LOCAL COM NÍVEL BAIXO DE INTERFERÊNCIAS - FORNECIMENTO E ASSENTAMENTO. AF_06/2015","M","ATRIBUÍDO SÃO PAULO",209.27,"INSUMO",20078,"PASTA LUBRIFICANTE PARA TUBOS E CONEXOES COM JUNTA ELASTICA (USO EM PVC, ACO, POLIETILENO E OUTROS) ( DE *400* G)","UN","COEFICIENTE DE REPRESENTATIVIDADE",2.92E-2,16.53,0.48,"","","","","","","","","","",null,"CAIXA REFERENCIAL"]
["ASSENTAMENTO DE TUBOS E PECAS","ASTU","FORNEC E/OU ASSENT DE TUBO DE PVC COM JUNTA ELASTI",48,"","",90699,"TUBO DE PVC PARA REDE COLETORA DE ESGOTO DE PAREDE MACIÇA, DN 350 MM, JUNTA ELÁSTICA, INSTALADO EM LOCAL COM NÍVEL BAIXO DE INTERFERÊNCIAS - FORNECIMENTO E ASSENTAMENTO. AF_06/2015","M","ATRIBUÍDO SÃO PAULO",209.27,"INSUMO",41933,"TUBO COLETOR DE ESGOTO PVC, JEI, DN 350 MM (NBR 7362)","M","ATRIBUÍDO SÃO PAULO",1.05,194.56,204.28,"","","","","","","","","","",null,"CAIXA REFERENCIAL"]
["ASSENTAMENTO DE TUBOS E PECAS","ASTU","FORNEC E/OU ASSENT DE TUBO DE PVC COM JUNTA ELASTI",48,"","",90699,"TUBO DE PVC PARA REDE COLETORA DE ESGOTO DE PAREDE MACIÇA, DN 350 MM, JUNTA ELÁSTICA, INSTALADO EM LOCAL COM NÍVEL BAIXO DE INTERFERÊNCIAS - FORNECIMENTO E ASSENTAMENTO. AF_06/2015","M","ATRIBUÍDO SÃO PAULO",209.27,"COMPOSICAO",88246,"ASSENTADOR DE TUBOS COM ENCARGOS COMPLEMENTARES","H","COEFICIENTE DE REPRESENTATIVIDADE",0.12670000000000001,21.04,2.66,"","","","","","","","","","",null,"CAIXA REFERENCIAL"]
["ASSENTAMENTO DE TUBOS E PECAS","ASTU","FORNEC E/OU ASSENT DE TUBO DE PVC COM JUNTA ELASTI",48,"","",90699,"TUBO DE PVC PARA REDE COLETORA DE ESGOTO DE PAREDE MACIÇA, DN 350 MM, JUNTA ELÁSTICA, INSTALADO EM LOCAL COM NÍVEL BAIXO DE INTERFERÊNCIAS - FORNECIMENTO E ASSENTAMENTO. AF_06/2015","M","ATRIBUÍDO SÃO PAULO",209.27,"COMPOSICAO",88316,"SERVENTE COM ENCARGOS COMPLEMENTARES","H","COLETADO",0.12670000000000001,14.67,1.85,"","","","","","","","","","",null,"CAIXA REFERENCIAL"]
["ASSENTAMENTO DE TUBOS E PECAS","ASTU","FORNEC E/OU ASSENT DE TUBO DE PVC COM JUNTA ELASTI",48,"","",90700,"TUBO DE PVC PARA REDE COLETORA DE ESGOTO DE PAREDE MACIÇA, DN 400 MM, JUNTA ELÁSTICA, INSTALADO EM LOCAL COM NÍVEL BAIXO DE INTERFERÊNCIAS - FORNECIMENTO E ASSENTAMENTO. AF_06/2015","M","ATRIBUÍDO SÃO PAULO",275.55,"","","","","","","","",5.63,2.0443734,267.93,97.233015100000003,"1,99","0,7226115","0,00","0,0000000","0,00","0,0000000",0,"CAIXA REFERENCIAL"]
["ASSENTAMENTO DE TUBOS E PECAS","ASTU","FORNEC E/OU ASSENT DE TUBO DE PVC COM JUNTA ELASTI",48,"","",90700,"TUBO DE PVC PARA REDE COLETORA DE ESGOTO DE PAREDE MACIÇA, DN 400 MM, JUNTA ELÁSTICA, INSTALADO EM LOCAL COM NÍVEL BAIXO DE INTERFERÊNCIAS - FORNECIMENTO E ASSENTAMENTO. AF_06/2015","M","ATRIBUÍDO SÃO PAULO",275.55,"COMPOSICAO",5678,"RETROESCAVADEIRA SOBRE RODAS COM CARREGADEIRA, TRAÇÃO 4X4, POTÊNCIA LÍQ. 88 HP, CAÇAMBA CARREG. CAP. MÍN. 1 M3, CAÇAMBA RETRO CAP. 0,26 M3, PESO OPERACIONAL MÍN. 6.674 KG, PROFUNDIDADE ESCAVAÇÃO MÁX. 4,37 M - CHP DIURNO. AF_06/2014","CHP","ATRIBUÍDO SÃO PAULO",4.5400000000000003E-2,92.02,4.17,"","","","","","","","","","",null,"CAIXA REFERENCIAL"]
["ASSENTAMENTO DE TUBOS E PECAS","ASTU","FORNEC E/OU ASSENT DE TUBO DE PVC COM JUNTA ELASTI",48,"","",90700,"TUBO DE PVC PARA REDE COLETORA DE ESGOTO DE PAREDE MACIÇA, DN 400 MM, JUNTA ELÁSTICA, INSTALADO EM LOCAL COM NÍVEL BAIXO DE INTERFERÊNCIAS - FORNECIMENTO E ASSENTAMENTO. AF_06/2015","M","ATRIBUÍDO SÃO PAULO",275.55,"COMPOSICAO",5679,"RETROESCAVADEIRA SOBRE RODAS COM CARREGADEIRA, TRAÇÃO 4X4, POTÊNCIA LÍQ. 88 HP, CAÇAMBA CARREG. CAP. MÍN. 1 M3, CAÇAMBA RETRO CAP. 0,26 M3, PESO OPERACIONAL MÍN. 6.674 KG, PROFUNDIDADE ESCAVAÇÃO MÁX. 4,37 M - CHI DIURNO. AF_06/2014","CHI","ATRIBUÍDO SÃO PAULO",2.8199999999999999E-2,43.92,1.23,"","","","","","","","","","",null,"CAIXA REFERENCIAL"]
["ASSENTAMENTO DE TUBOS E PECAS","ASTU","FORNEC E/OU ASSENT DE TUBO DE PVC COM JUNTA ELASTI",48,"","",90700,"TUBO DE PVC PARA REDE COLETORA DE ESGOTO DE PAREDE MACIÇA, DN 400 MM, JUNTA ELÁSTICA, INSTALADO EM LOCAL COM NÍVEL BAIXO DE INTERFERÊNCIAS - FORNECIMENTO E ASSENTAMENTO. AF_06/2015","M","ATRIBUÍDO SÃO PAULO",275.55,"INSUMO",20078,"PASTA LUBRIFICANTE PARA TUBOS E CONEXOES COM JUNTA ELASTICA (USO EM PVC, ACO, POLIETILENO E OUTROS) ( DE *400* G)","UN","COEFICIENTE DE REPRESENTATIVIDADE",3.3300000000000003E-2,16.53,0.55000000000000004,"","","","","","","","","","",null,"CAIXA REFERENCIAL"]
["ASSENTAMENTO DE TUBOS E PECAS","ASTU","FORNEC E/OU ASSENT DE TUBO DE PVC COM JUNTA ELASTI",48,"","",90700,"TUBO DE PVC PARA REDE COLETORA DE ESGOTO DE PAREDE MACIÇA, DN 400 MM, JUNTA ELÁSTICA, INSTALADO EM LOCAL COM NÍVEL BAIXO DE INTERFERÊNCIAS - FORNECIMENTO E ASSENTAMENTO. AF_06/2015","M","ATRIBUÍDO SÃO PAULO",275.55,"INSUMO",41934,"TUBO COLETOR DE ESGOTO PVC, JEI, DN 400 MM (NBR 7362)","M","ATRIBUÍDO SÃO PAULO",1.05,252.01,264.61,"","","","","","","","","","",null,"CAIXA REFERENCIAL"]
["ASSENTAMENTO DE TUBOS E PECAS","ASTU","FORNEC E/OU ASSENT DE TUBO DE PVC COM JUNTA ELASTI",48,"","",90700,"TUBO DE PVC PARA REDE COLETORA DE ESGOTO DE PAREDE MACIÇA, DN 400 MM, JUNTA ELÁSTICA, INSTALADO EM LOCAL COM NÍVEL BAIXO DE INTERFERÊNCIAS - FORNECIMENTO E ASSENTAMENTO. AF_06/2015","M","ATRIBUÍDO SÃO PAULO",275.55,"COMPOSICAO",88246,"ASSENTADOR DE TUBOS COM ENCARGOS COMPLEMENTARES","H","COEFICIENTE DE REPRESENTATIVIDADE",0.1401,21.04,2.94,"","","","","","","","","","",null,"CAIXA REFERENCIAL"]
["ASSENTAMENTO DE TUBOS E PECAS","ASTU","FORNEC E/OU ASSENT DE TUBO DE PVC COM JUNTA ELASTI",48,"","",90700,"TUBO DE PVC PARA REDE COLETORA DE ESGOTO DE PAREDE MACIÇA, DN 400 MM, JUNTA ELÁSTICA, INSTALADO EM LOCAL COM NÍVEL BAIXO DE INTERFERÊNCIAS - FORNECIMENTO E ASSENTAMENTO. AF_06/2015","M","ATRIBUÍDO SÃO PAULO",275.55,"COMPOSICAO",88316,"SERVENTE COM ENCARGOS COMPLEMENTARES","H","COLETADO",0.1401,14.67,2.0499999999999998,"","","","","","","","","","",null,"CAIXA REFERENCIAL"]
["ASSENTAMENTO DE TUBOS E PECAS","ASTU","FORNEC E/OU ASSENT DE TUBO DE PVC COM JUNTA ELASTI",48,"","",90701,"TUBO DE PVC CORRUGADO DE DUPLA PAREDE PARA REDE COLETORA DE ESGOTO, DN 150 MM, JUNTA ELÁSTICA, INSTALADO EM LOCAL COM NÍVEL BAIXO DE INTERFERÊNCIAS - FORNECIMENTO E ASSENTAMENTO. AF_06/2015","M","ATRIBUÍDO SÃO PAULO",37.4,"","","","","","","","",3.69,9.8874598000000002,33.71,90.112540199999998,"0,00","0,0000000","0,00","0,0000000","0,00","0,0000000",0,"CAIXA REFERENCIAL"]
["ASSENTAMENTO DE TUBOS E PECAS","ASTU","FORNEC E/OU ASSENT DE TUBO DE PVC COM JUNTA ELASTI",48,"","",90701,"TUBO DE PVC CORRUGADO DE DUPLA PAREDE PARA REDE COLETORA DE ESGOTO, DN 150 MM, JUNTA ELÁSTICA, INSTALADO EM LOCAL COM NÍVEL BAIXO DE INTERFERÊNCIAS - FORNECIMENTO E ASSENTAMENTO. AF_06/2015","M","ATRIBUÍDO SÃO PAULO",37.4,"INSUMO",305,"ANEL BORRACHA, PARA TUBO PVC, REDE COLETOR ESGOTO, DN 150 MM (NBR 7362)","UN","COEFICIENTE DE REPRESENTATIVIDADE",0.16669999999999999,8.8800000000000008,1.48,"","","","","","","","","","",null,"CAIXA REFERENCIAL"]
["ASSENTAMENTO DE TUBOS E PECAS","ASTU","FORNEC E/OU ASSENT DE TUBO DE PVC COM JUNTA ELASTI",48,"","",90701,"TUBO DE PVC CORRUGADO DE DUPLA PAREDE PARA REDE COLETORA DE ESGOTO, DN 150 MM, JUNTA ELÁSTICA, INSTALADO EM LOCAL COM NÍVEL BAIXO DE INTERFERÊNCIAS - FORNECIMENTO E ASSENTAMENTO. AF_06/2015","M","ATRIBUÍDO SÃO PAULO",37.4,"INSUMO",20078,"PASTA LUBRIFICANTE PARA TUBOS E CONEXOES COM JUNTA ELASTICA (USO EM PVC, ACO, POLIETILENO E OUTROS) ( DE *400* G)","UN","COEFICIENTE DE REPRESENTATIVIDADE",1.46E-2,16.53,0.24,"","","","","","","","","","",null,"CAIXA REFERENCIAL"]
["ASSENTAMENTO DE TUBOS E PECAS","ASTU","FORNEC E/OU ASSENT DE TUBO DE PVC COM JUNTA ELASTI",48,"","",90701,"TUBO DE PVC CORRUGADO DE DUPLA PAREDE PARA REDE COLETORA DE ESGOTO, DN 150 MM, JUNTA ELÁSTICA, INSTALADO EM LOCAL COM NÍVEL BAIXO DE INTERFERÊNCIAS - FORNECIMENTO E ASSENTAMENTO. AF_06/2015","M","ATRIBUÍDO SÃO PAULO",37.4,"INSUMO",38032,"TUBO PVC CORRUGADO, PAREDE DUPLA, JE, DN 150 MM, REDE COLETORA ESGOTO","M","ATRIBUÍDO SÃO PAULO",1.05,29.46,30.93,"","","","","","","","","","",null,"CAIXA REFERENCIAL"]
["ASSENTAMENTO DE TUBOS E PECAS","ASTU","FORNEC E/OU ASSENT DE TUBO DE PVC COM JUNTA ELASTI",48,"","",90701,"TUBO DE PVC CORRUGADO DE DUPLA PAREDE PARA REDE COLETORA DE ESGOTO, DN 150 MM, JUNTA ELÁSTICA, INSTALADO EM LOCAL COM NÍVEL BAIXO DE INTERFERÊNCIAS - FORNECIMENTO E ASSENTAMENTO. AF_06/2015","M","ATRIBUÍDO SÃO PAULO",37.4,"COMPOSICAO",88246,"ASSENTADOR DE TUBOS COM ENCARGOS COMPLEMENTARES","H","COEFICIENTE DE REPRESENTATIVIDADE",0.13350000000000001,21.04,2.8,"","","","","","","","","","",null,"CAIXA REFERENCIAL"]
["ASSENTAMENTO DE TUBOS E PECAS","ASTU","FORNEC E/OU ASSENT DE TUBO DE PVC COM JUNTA ELASTI",48,"","",90701,"TUBO DE PVC CORRUGADO DE DUPLA PAREDE PARA REDE COLETORA DE ESGOTO, DN 150 MM, JUNTA ELÁSTICA, INSTALADO EM LOCAL COM NÍVEL BAIXO DE INTERFERÊNCIAS - FORNECIMENTO E ASSENTAMENTO. AF_06/2015","M","ATRIBUÍDO SÃO PAULO",37.4,"COMPOSICAO",88316,"SERVENTE COM ENCARGOS COMPLEMENTARES","H","COLETADO",0.13350000000000001,14.67,1.95,"","","","","","","","","","",null,"CAIXA REFERENCIAL"]
["ASSENTAMENTO DE TUBOS E PECAS","ASTU","FORNEC E/OU ASSENT DE TUBO DE PVC COM JUNTA ELASTI",48,"","",90702,"TUBO DE PVC CORRUGADO DE DUPLA PAREDE PARA REDE COLETORA DE ESGOTO, DN 200 MM, JUNTA ELÁSTICA, INSTALADO EM LOCAL COM NÍVEL BAIXO DE INTERFERÊNCIAS - FORNECIMENTO E ASSENTAMENTO. AF_06/2015","M","ATRIBUÍDO SÃO PAULO",57.91,"","","","","","","","",4.07,7.0342205,53.84,92.965779499999996,"0,00","0,0000000","0,00","0,0000000","0,00","0,0000000",0,"CAIXA REFERENCIAL"]
["ASSENTAMENTO DE TUBOS E PECAS","ASTU","FORNEC E/OU ASSENT DE TUBO DE PVC COM JUNTA ELASTI",48,"","",90702,"TUBO DE PVC CORRUGADO DE DUPLA PAREDE PARA REDE COLETORA DE ESGOTO, DN 200 MM, JUNTA ELÁSTICA, INSTALADO EM LOCAL COM NÍVEL BAIXO DE INTERFERÊNCIAS - FORNECIMENTO E ASSENTAMENTO. AF_06/2015","M","ATRIBUÍDO SÃO PAULO",57.91,"INSUMO",306,"ANEL BORRACHA, PARA TUBO PVC, REDE COLETOR ESGOTO, DN 200 MM (NBR 7362)","UN","COEFICIENTE DE REPRESENTATIVIDADE",0.16669999999999999,10.68,1.78,"","","","","","","","","","",null,"CAIXA REFERENCIAL"]
["ASSENTAMENTO DE TUBOS E PECAS","ASTU","FORNEC E/OU ASSENT DE TUBO DE PVC COM JUNTA ELASTI",48,"","",90702,"TUBO DE PVC CORRUGADO DE DUPLA PAREDE PARA REDE COLETORA DE ESGOTO, DN 200 MM, JUNTA ELÁSTICA, INSTALADO EM LOCAL COM NÍVEL BAIXO DE INTERFERÊNCIAS - FORNECIMENTO E ASSENTAMENTO. AF_06/2015","M","ATRIBUÍDO SÃO PAULO",57.91,"INSUMO",20078,"PASTA LUBRIFICANTE PARA TUBOS E CONEXOES COM JUNTA ELASTICA (USO EM PVC, ACO, POLIETILENO E OUTROS) ( DE *400* G)","UN","COEFICIENTE DE REPRESENTATIVIDADE",1.67E-2,16.53,0.27,"","","","","","","","","","",null,"CAIXA REFERENCIAL"]
["ASSENTAMENTO DE TUBOS E PECAS","ASTU","FORNEC E/OU ASSENT DE TUBO DE PVC COM JUNTA ELASTI",48,"","",90702,"TUBO DE PVC CORRUGADO DE DUPLA PAREDE PARA REDE COLETORA DE ESGOTO, DN 200 MM, JUNTA ELÁSTICA, INSTALADO EM LOCAL COM NÍVEL BAIXO DE INTERFERÊNCIAS - FORNECIMENTO E ASSENTAMENTO. AF_06/2015","M","ATRIBUÍDO SÃO PAULO",57.91,"INSUMO",38033,"TUBO PVC CORRUGADO, PAREDE DUPLA, JE, DN 200 MM, REDE COLETORA ESGOTO","M","ATRIBUÍDO SÃO PAULO",1.05,48.21,50.62,"","","","","","","","","","",null,"CAIXA REFERENCIAL"]
["ASSENTAMENTO DE TUBOS E PECAS","ASTU","FORNEC E/OU ASSENT DE TUBO DE PVC COM JUNTA ELASTI",48,"","",90702,"TUBO DE PVC CORRUGADO DE DUPLA PAREDE PARA REDE COLETORA DE ESGOTO, DN 200 MM, JUNTA ELÁSTICA, INSTALADO EM LOCAL COM NÍVEL BAIXO DE INTERFERÊNCIAS - FORNECIMENTO E ASSENTAMENTO. AF_06/2015","M","ATRIBUÍDO SÃO PAULO",57.91,"COMPOSICAO",88246,"ASSENTADOR DE TUBOS COM ENCARGOS COMPLEMENTARES","H","COEFICIENTE DE REPRESENTATIVIDADE",0.1469,21.04,3.09,"","","","","","","","","","",null,"CAIXA REFERENCIAL"]
["ASSENTAMENTO DE TUBOS E PECAS","ASTU","FORNEC E/OU ASSENT DE TUBO DE PVC COM JUNTA ELASTI",48,"","",90702,"TUBO DE PVC CORRUGADO DE DUPLA PAREDE PARA REDE COLETORA DE ESGOTO, DN 200 MM, JUNTA ELÁSTICA, INSTALADO EM LOCAL COM NÍVEL BAIXO DE INTERFERÊNCIAS - FORNECIMENTO E ASSENTAMENTO. AF_06/2015","M","ATRIBUÍDO SÃO PAULO",57.91,"COMPOSICAO",88316,"SERVENTE COM ENCARGOS COMPLEMENTARES","H","COLETADO",0.1469,14.67,2.15,"","","","","","","","","","",null,"CAIXA REFERENCIAL"]
["ASSENTAMENTO DE TUBOS E PECAS","ASTU","FORNEC E/OU ASSENT DE TUBO DE PVC COM JUNTA ELASTI",48,"","",90703,"TUBO DE PVC CORRUGADO DE DUPLA PAREDE PARA REDE COLETORA DE ESGOTO, DN 250 MM, JUNTA ELÁSTICA, INSTALADO EM LOCAL COM NÍVEL BAIXO DE INTERFERÊNCIAS - FORNECIMENTO E ASSENTAMENTO. AF_06/2015","M","ATRIBUÍDO SÃO PAULO",93.27,"","","","","","","","",4.43,4.7532188,88.84,95.246781200000001,"0,00","0,0000000","0,00","0,0000000","0,00","0,0000000",0,"CAIXA REFERENCIAL"]
["ASSENTAMENTO DE TUBOS E PECAS","ASTU","FORNEC E/OU ASSENT DE TUBO DE PVC COM JUNTA ELASTI",48,"","",90703,"TUBO DE PVC CORRUGADO DE DUPLA PAREDE PARA REDE COLETORA DE ESGOTO, DN 250 MM, JUNTA ELÁSTICA, INSTALADO EM LOCAL COM NÍVEL BAIXO DE INTERFERÊNCIAS - FORNECIMENTO E ASSENTAMENTO. AF_06/2015","M","ATRIBUÍDO SÃO PAULO",93.27,"INSUMO",307,"ANEL BORRACHA, PARA TUBO PVC, REDE COLETOR ESGOTO, DN 250 MM (NBR 7362)","UN","COEFICIENTE DE REPRESENTATIVIDADE",0.16669999999999999,21.08,3.51,"","","","","","","","","","",null,"CAIXA REFERENCIAL"]
["ASSENTAMENTO DE TUBOS E PECAS","ASTU","FORNEC E/OU ASSENT DE TUBO DE PVC COM JUNTA ELASTI",48,"","",90703,"TUBO DE PVC CORRUGADO DE DUPLA PAREDE PARA REDE COLETORA DE ESGOTO, DN 250 MM, JUNTA ELÁSTICA, INSTALADO EM LOCAL COM NÍVEL BAIXO DE INTERFERÊNCIAS - FORNECIMENTO E ASSENTAMENTO. AF_06/2015","M","ATRIBUÍDO SÃO PAULO",93.27,"INSUMO",20078,"PASTA LUBRIFICANTE PARA TUBOS E CONEXOES COM JUNTA ELASTICA (USO EM PVC, ACO, POLIETILENO E OUTROS) ( DE *400* G)","UN","COEFICIENTE DE REPRESENTATIVIDADE",1.8800000000000001E-2,16.53,0.31,"","","","","","","","","","",null,"CAIXA REFERENCIAL"]
["ASSENTAMENTO DE TUBOS E PECAS","ASTU","FORNEC E/OU ASSENT DE TUBO DE PVC COM JUNTA ELASTI",48,"","",90703,"TUBO DE PVC CORRUGADO DE DUPLA PAREDE PARA REDE COLETORA DE ESGOTO, DN 250 MM, JUNTA ELÁSTICA, INSTALADO EM LOCAL COM NÍVEL BAIXO DE INTERFERÊNCIAS - FORNECIMENTO E ASSENTAMENTO. AF_06/2015","M","ATRIBUÍDO SÃO PAULO",93.27,"INSUMO",38034,"TUBO PVC CORRUGADO, PAREDE DUPLA, JE, DN 250 MM, REDE COLETORA ESGOTO","M","ATRIBUÍDO SÃO PAULO",1.05,79.75,83.73,"","","","","","","","","","",null,"CAIXA REFERENCIAL"]
["ASSENTAMENTO DE TUBOS E PECAS","ASTU","FORNEC E/OU ASSENT DE TUBO DE PVC COM JUNTA ELASTI",48,"","",90703,"TUBO DE PVC CORRUGADO DE DUPLA PAREDE PARA REDE COLETORA DE ESGOTO, DN 250 MM, JUNTA ELÁSTICA, INSTALADO EM LOCAL COM NÍVEL BAIXO DE INTERFERÊNCIAS - FORNECIMENTO E ASSENTAMENTO. AF_06/2015","M","ATRIBUÍDO SÃO PAULO",93.27,"COMPOSICAO",88246,"ASSENTADOR DE TUBOS COM ENCARGOS COMPLEMENTARES","H","COEFICIENTE DE REPRESENTATIVIDADE",0.16020000000000001,21.04,3.37,"","","","","","","","","","",null,"CAIXA REFERENCIAL"]
["ASSENTAMENTO DE TUBOS E PECAS","ASTU","FORNEC E/OU ASSENT DE TUBO DE PVC COM JUNTA ELASTI",48,"","",90703,"TUBO DE PVC CORRUGADO DE DUPLA PAREDE PARA REDE COLETORA DE ESGOTO, DN 250 MM, JUNTA ELÁSTICA, INSTALADO EM LOCAL COM NÍVEL BAIXO DE INTERFERÊNCIAS - FORNECIMENTO E ASSENTAMENTO. AF_06/2015","M","ATRIBUÍDO SÃO PAULO",93.27,"COMPOSICAO",88316,"SERVENTE COM ENCARGOS COMPLEMENTARES","H","COLETADO",0.16020000000000001,14.67,2.35,"","","","","","","","","","",null,"CAIXA REFERENCIAL"]
["ASSENTAMENTO DE TUBOS E PECAS","ASTU","FORNEC E/OU ASSENT DE TUBO DE PVC COM JUNTA ELASTI",48,"","",90704,"TUBO DE PVC CORRUGADO DE DUPLA PAREDE PARA REDE COLETORA DE ESGOTO, DN 300 MM, JUNTA ELÁSTICA, INSTALADO EM LOCAL COM NÍVEL BAIXO DE INTERFERÊNCIAS - FORNECIMENTO E ASSENTAMENTO. AF_06/2015","M","ATRIBUÍDO SÃO PAULO",127.9,"","","","","","","","",4.8,3.7549869999999999,123.1,96.245013,"0,00","0,0000000","0,00","0,0000000","0,00","0,0000000",0,"CAIXA REFERENCIAL"]
["ASSENTAMENTO DE TUBOS E PECAS","ASTU","FORNEC E/OU ASSENT DE TUBO DE PVC COM JUNTA ELASTI",48,"","",90704,"TUBO DE PVC CORRUGADO DE DUPLA PAREDE PARA REDE COLETORA DE ESGOTO, DN 300 MM, JUNTA ELÁSTICA, INSTALADO EM LOCAL COM NÍVEL BAIXO DE INTERFERÊNCIAS - FORNECIMENTO E ASSENTAMENTO. AF_06/2015","M","ATRIBUÍDO SÃO PAULO",127.9,"INSUMO",308,"ANEL BORRACHA, PARA TUBO, PVC REDE COLETOR ESGOTO, DN 300 MM (NBR 7362)","UN","COEFICIENTE DE REPRESENTATIVIDADE",0.16669999999999999,28.15,4.6900000000000004,"","","","","","","","","","",null,"CAIXA REFERENCIAL"]
["ASSENTAMENTO DE TUBOS E PECAS","ASTU","FORNEC E/OU ASSENT DE TUBO DE PVC COM JUNTA ELASTI",48,"","",90704,"TUBO DE PVC CORRUGADO DE DUPLA PAREDE PARA REDE COLETORA DE ESGOTO, DN 300 MM, JUNTA ELÁSTICA, INSTALADO EM LOCAL COM NÍVEL BAIXO DE INTERFERÊNCIAS - FORNECIMENTO E ASSENTAMENTO. AF_06/2015","M","ATRIBUÍDO SÃO PAULO",127.9,"INSUMO",20078,"PASTA LUBRIFICANTE PARA TUBOS E CONEXOES COM JUNTA ELASTICA (USO EM PVC, ACO, POLIETILENO E OUTROS) ( DE *400* G)","UN","COEFICIENTE DE REPRESENTATIVIDADE",2.0799999999999999E-2,16.53,0.34,"","","","","","","","","","",null,"CAIXA REFERENCIAL"]
["ASSENTAMENTO DE TUBOS E PECAS","ASTU","FORNEC E/OU ASSENT DE TUBO DE PVC COM JUNTA ELASTI",48,"","",90704,"TUBO DE PVC CORRUGADO DE DUPLA PAREDE PARA REDE COLETORA DE ESGOTO, DN 300 MM, JUNTA ELÁSTICA, INSTALADO EM LOCAL COM NÍVEL BAIXO DE INTERFERÊNCIAS - FORNECIMENTO E ASSENTAMENTO. AF_06/2015","M","ATRIBUÍDO SÃO PAULO",127.9,"INSUMO",38035,"TUBO PVC CORRUGADO, PAREDE DUPLA, JE, DN 300 MM, REDE COLETORA ESGOTO","M","ATRIBUÍDO SÃO PAULO",1.05,111.13,116.68,"","","","","","","","","","",null,"CAIXA REFERENCIAL"]
["ASSENTAMENTO DE TUBOS E PECAS","ASTU","FORNEC E/OU ASSENT DE TUBO DE PVC COM JUNTA ELASTI",48,"","",90704,"TUBO DE PVC CORRUGADO DE DUPLA PAREDE PARA REDE COLETORA DE ESGOTO, DN 300 MM, JUNTA ELÁSTICA, INSTALADO EM LOCAL COM NÍVEL BAIXO DE INTERFERÊNCIAS - FORNECIMENTO E ASSENTAMENTO. AF_06/2015","M","ATRIBUÍDO SÃO PAULO",127.9,"COMPOSICAO",88246,"ASSENTADOR DE TUBOS COM ENCARGOS COMPLEMENTARES","H","COEFICIENTE DE REPRESENTATIVIDADE",0.17349999999999999,21.04,3.65,"","","","","","","","","","",null,"CAIXA REFERENCIAL"]
["ASSENTAMENTO DE TUBOS E PECAS","ASTU","FORNEC E/OU ASSENT DE TUBO DE PVC COM JUNTA ELASTI",48,"","",90704,"TUBO DE PVC CORRUGADO DE DUPLA PAREDE PARA REDE COLETORA DE ESGOTO, DN 300 MM, JUNTA ELÁSTICA, INSTALADO EM LOCAL COM NÍVEL BAIXO DE INTERFERÊNCIAS - FORNECIMENTO E ASSENTAMENTO. AF_06/2015","M","ATRIBUÍDO SÃO PAULO",127.9,"COMPOSICAO",88316,"SERVENTE COM ENCARGOS COMPLEMENTARES","H","COLETADO",0.17349999999999999,14.67,2.54,"","","","","","","","","","",null,"CAIXA REFERENCIAL"]
["ASSENTAMENTO DE TUBOS E PECAS","ASTU","FORNEC E/OU ASSENT DE TUBO DE PVC COM JUNTA ELASTI",48,"","",90705,"TUBO DE PVC CORRUGADO DE DUPLA PAREDE PARA REDE COLETORA DE ESGOTO, DN 350 MM, JUNTA ELÁSTICA, INSTALADO EM LOCAL COM NÍVEL BAIXO DE INTERFERÊNCIAS - FORNECIMENTO E ASSENTAMENTO. AF_06/2015","M","ATRIBUÍDO SÃO PAULO",178.89,"","","","","","","","",5.19,2.9018730000000001,173.7,97.098127000000005,"0,00","0,0000000","0,00","0,0000000","0,00","0,0000000",0,"CAIXA REFERENCIAL"]
["ASSENTAMENTO DE TUBOS E PECAS","ASTU","FORNEC E/OU ASSENT DE TUBO DE PVC COM JUNTA ELASTI",48,"","",90705,"TUBO DE PVC CORRUGADO DE DUPLA PAREDE PARA REDE COLETORA DE ESGOTO, DN 350 MM, JUNTA ELÁSTICA, INSTALADO EM LOCAL COM NÍVEL BAIXO DE INTERFERÊNCIAS - FORNECIMENTO E ASSENTAMENTO. AF_06/2015","M","ATRIBUÍDO SÃO PAULO",178.89,"INSUMO",309,"ANEL BORRACHA, PARA TUBO PVC, REDE COLETOR ESGOTO, DN 350 MM (NBR 7362)","UN","COEFICIENTE DE REPRESENTATIVIDADE",0.16669999999999999,43.2,7.2,"","","","","","","","","","",null,"CAIXA REFERENCIAL"]
["ASSENTAMENTO DE TUBOS E PECAS","ASTU","FORNEC E/OU ASSENT DE TUBO DE PVC COM JUNTA ELASTI",48,"","",90705,"TUBO DE PVC CORRUGADO DE DUPLA PAREDE PARA REDE COLETORA DE ESGOTO, DN 350 MM, JUNTA ELÁSTICA, INSTALADO EM LOCAL COM NÍVEL BAIXO DE INTERFERÊNCIAS - FORNECIMENTO E ASSENTAMENTO. AF_06/2015","M","ATRIBUÍDO SÃO PAULO",178.89,"INSUMO",20078,"PASTA LUBRIFICANTE PARA TUBOS E CONEXOES COM JUNTA ELASTICA (USO EM PVC, ACO, POLIETILENO E OUTROS) ( DE *400* G)","UN","COEFICIENTE DE REPRESENTATIVIDADE",2.29E-2,16.53,0.37,"","","","","","","","","","",null,"CAIXA REFERENCIAL"]
["ASSENTAMENTO DE TUBOS E PECAS","ASTU","FORNEC E/OU ASSENT DE TUBO DE PVC COM JUNTA ELASTI",48,"","",90705,"TUBO DE PVC CORRUGADO DE DUPLA PAREDE PARA REDE COLETORA DE ESGOTO, DN 350 MM, JUNTA ELÁSTICA, INSTALADO EM LOCAL COM NÍVEL BAIXO DE INTERFERÊNCIAS - FORNECIMENTO E ASSENTAMENTO. AF_06/2015","M","ATRIBUÍDO SÃO PAULO",178.89,"INSUMO",38036,"TUBO PVC CORRUGADO, PAREDE DUPLA, JE, DN 350 MM, REDE COLETORA ESGOTO","M","ATRIBUÍDO SÃO PAULO",1.05,156.81,164.65,"","","","","","","","","","",null,"CAIXA REFERENCIAL"]
["ASSENTAMENTO DE TUBOS E PECAS","ASTU","FORNEC E/OU ASSENT DE TUBO DE PVC COM JUNTA ELASTI",48,"","",90705,"TUBO DE PVC CORRUGADO DE DUPLA PAREDE PARA REDE COLETORA DE ESGOTO, DN 350 MM, JUNTA ELÁSTICA, INSTALADO EM LOCAL COM NÍVEL BAIXO DE INTERFERÊNCIAS - FORNECIMENTO E ASSENTAMENTO. AF_06/2015","M","ATRIBUÍDO SÃO PAULO",178.89,"COMPOSICAO",88246,"ASSENTADOR DE TUBOS COM ENCARGOS COMPLEMENTARES","H","COEFICIENTE DE REPRESENTATIVIDADE",0.18690000000000001,21.04,3.93,"","","","","","","","","","",null,"CAIXA REFERENCIAL"]
["ASSENTAMENTO DE TUBOS E PECAS","ASTU","FORNEC E/OU ASSENT DE TUBO DE PVC COM JUNTA ELASTI",48,"","",90705,"TUBO DE PVC CORRUGADO DE DUPLA PAREDE PARA REDE COLETORA DE ESGOTO, DN 350 MM, JUNTA ELÁSTICA, INSTALADO EM LOCAL COM NÍVEL BAIXO DE INTERFERÊNCIAS - FORNECIMENTO E ASSENTAMENTO. AF_06/2015","M","ATRIBUÍDO SÃO PAULO",178.89,"COMPOSICAO",88316,"SERVENTE COM ENCARGOS COMPLEMENTARES","H","COLETADO",0.18690000000000001,14.67,2.74,"","","","","","","","","","",null,"CAIXA REFERENCIAL"]
["ASSENTAMENTO DE TUBOS E PECAS","ASTU","FORNEC E/OU ASSENT DE TUBO DE PVC COM JUNTA ELASTI",48,"","",90706,"TUBO DE PVC CORRUGADO DE DUPLA PAREDE PARA REDE COLETORA DE ESGOTO, DN 400 MM, JUNTA ELÁSTICA, INSTALADO EM LOCAL COM NÍVEL BAIXO DE INTERFERÊNCIAS - FORNECIMENTO E ASSENTAMENTO. AF_06/2015","M","ATRIBUÍDO SÃO PAULO",215.32,"","","","","","","","",8.06,3.7457012000000001,204.41,94.929826300000002,"2,85","1,3244725","0,00","0,0000000","0,00","0,0000000",0,"CAIXA REFERENCIAL"]
["ASSENTAMENTO DE TUBOS E PECAS","ASTU","FORNEC E/OU ASSENT DE TUBO DE PVC COM JUNTA ELASTI",48,"","",90706,"TUBO DE PVC CORRUGADO DE DUPLA PAREDE PARA REDE COLETORA DE ESGOTO, DN 400 MM, JUNTA ELÁSTICA, INSTALADO EM LOCAL COM NÍVEL BAIXO DE INTERFERÊNCIAS - FORNECIMENTO E ASSENTAMENTO. AF_06/2015","M","ATRIBUÍDO SÃO PAULO",215.32,"INSUMO",310,"ANEL BORRACHA, PARA TUBO PVC, REDE COLETOR ESGOTO, DN 400 MM (NBR 7362)","UN","COEFICIENTE DE REPRESENTATIVIDADE",0.16669999999999999,54.79,9.1300000000000008,"","","","","","","","","","",null,"CAIXA REFERENCIAL"]
["ASSENTAMENTO DE TUBOS E PECAS","ASTU","FORNEC E/OU ASSENT DE TUBO DE PVC COM JUNTA ELASTI",48,"","",90706,"TUBO DE PVC CORRUGADO DE DUPLA PAREDE PARA REDE COLETORA DE ESGOTO, DN 400 MM, JUNTA ELÁSTICA, INSTALADO EM LOCAL COM NÍVEL BAIXO DE INTERFERÊNCIAS - FORNECIMENTO E ASSENTAMENTO. AF_06/2015","M","ATRIBUÍDO SÃO PAULO",215.32,"COMPOSICAO",5678,"RETROESCAVADEIRA SOBRE RODAS COM CARREGADEIRA, TRAÇÃO 4X4, POTÊNCIA LÍQ. 88 HP, CAÇAMBA CARREG. CAP. MÍN. 1 M3, CAÇAMBA RETRO CAP. 0,26 M3, PESO OPERACIONAL MÍN. 6.674 KG, PROFUNDIDADE ESCAVAÇÃO MÁX. 4,37 M - CHP DIURNO. AF_06/2014","CHP","ATRIBUÍDO SÃO PAULO",6.4899999999999999E-2,92.02,5.97,"","","","","","","","","","",null,"CAIXA REFERENCIAL"]
["ASSENTAMENTO DE TUBOS E PECAS","ASTU","FORNEC E/OU ASSENT DE TUBO DE PVC COM JUNTA ELASTI",48,"","",90706,"TUBO DE PVC CORRUGADO DE DUPLA PAREDE PARA REDE COLETORA DE ESGOTO, DN 400 MM, JUNTA ELÁSTICA, INSTALADO EM LOCAL COM NÍVEL BAIXO DE INTERFERÊNCIAS - FORNECIMENTO E ASSENTAMENTO. AF_06/2015","M","ATRIBUÍDO SÃO PAULO",215.32,"COMPOSICAO",5679,"RETROESCAVADEIRA SOBRE RODAS COM CARREGADEIRA, TRAÇÃO 4X4, POTÊNCIA LÍQ. 88 HP, CAÇAMBA CARREG. CAP. MÍN. 1 M3, CAÇAMBA RETRO CAP. 0,26 M3, PESO OPERACIONAL MÍN. 6.674 KG, PROFUNDIDADE ESCAVAÇÃO MÁX. 4,37 M - CHI DIURNO. AF_06/2014","CHI","ATRIBUÍDO SÃO PAULO",4.0300000000000002E-2,43.92,1.76,"","","","","","","","","","",null,"CAIXA REFERENCIAL"]
["ASSENTAMENTO DE TUBOS E PECAS","ASTU","FORNEC E/OU ASSENT DE TUBO DE PVC COM JUNTA ELASTI",48,"","",90706,"TUBO DE PVC CORRUGADO DE DUPLA PAREDE PARA REDE COLETORA DE ESGOTO, DN 400 MM, JUNTA ELÁSTICA, INSTALADO EM LOCAL COM NÍVEL BAIXO DE INTERFERÊNCIAS - FORNECIMENTO E ASSENTAMENTO. AF_06/2015","M","ATRIBUÍDO SÃO PAULO",215.32,"INSUMO",20078,"PASTA LUBRIFICANTE PARA TUBOS E CONEXOES COM JUNTA ELASTICA (USO EM PVC, ACO, POLIETILENO E OUTROS) ( DE *400* G)","UN","COEFICIENTE DE REPRESENTATIVIDADE",2.5000000000000001E-2,16.53,0.41,"","","","","","","","","","",null,"CAIXA REFERENCIAL"]
["ASSENTAMENTO DE TUBOS E PECAS","ASTU","FORNEC E/OU ASSENT DE TUBO DE PVC COM JUNTA ELASTI",48,"","",90706,"TUBO DE PVC CORRUGADO DE DUPLA PAREDE PARA REDE COLETORA DE ESGOTO, DN 400 MM, JUNTA ELÁSTICA, INSTALADO EM LOCAL COM NÍVEL BAIXO DE INTERFERÊNCIAS - FORNECIMENTO E ASSENTAMENTO. AF_06/2015","M","ATRIBUÍDO SÃO PAULO",215.32,"INSUMO",38037,"TUBO PVC CORRUGADO, PAREDE DUPLA, JE, DN 400 MM, REDE COLETORA ESGOTO","M","ATRIBUÍDO SÃO PAULO",1.05,181.82,190.91,"","","","","","","","","","",null,"CAIXA REFERENCIAL"]
["ASSENTAMENTO DE TUBOS E PECAS","ASTU","FORNEC E/OU ASSENT DE TUBO DE PVC COM JUNTA ELASTI",48,"","",90706,"TUBO DE PVC CORRUGADO DE DUPLA PAREDE PARA REDE COLETORA DE ESGOTO, DN 400 MM, JUNTA ELÁSTICA, INSTALADO EM LOCAL COM NÍVEL BAIXO DE INTERFERÊNCIAS - FORNECIMENTO E ASSENTAMENTO. AF_06/2015","M","ATRIBUÍDO SÃO PAULO",215.32,"COMPOSICAO",88246,"ASSENTADOR DE TUBOS COM ENCARGOS COMPLEMENTARES","H","COEFICIENTE DE REPRESENTATIVIDADE",0.20019999999999999,21.04,4.21,"","","","","","","","","","",null,"CAIXA REFERENCIAL"]
["ASSENTAMENTO DE TUBOS E PECAS","ASTU","FORNEC E/OU ASSENT DE TUBO DE PVC COM JUNTA ELASTI",48,"","",90706,"TUBO DE PVC CORRUGADO DE DUPLA PAREDE PARA REDE COLETORA DE ESGOTO, DN 400 MM, JUNTA ELÁSTICA, INSTALADO EM LOCAL COM NÍVEL BAIXO DE INTERFERÊNCIAS - FORNECIMENTO E ASSENTAMENTO. AF_06/2015","M","ATRIBUÍDO SÃO PAULO",215.32,"COMPOSICAO",88316,"SERVENTE COM ENCARGOS COMPLEMENTARES","H","COLETADO",0.20019999999999999,14.67,2.93,"","","","","","","","","","",null,"CAIXA REFERENCIAL"]
["ASSENTAMENTO DE TUBOS E PECAS","ASTU","FORNEC E/OU ASSENT DE TUBO DE PVC COM JUNTA ELASTI",48,"","",90708,"TUBO DE PEAD CORRUGADO DE DUPLA PAREDE PARA REDE COLETORA DE ESGOTO, DN 600 MM, JUNTA ELÁSTICA INTEGRADA, INSTALADO EM LOCAL COM NÍVEL BAIXO DE INTERFERÊNCIAS - FORNECIMENTO E ASSENTAMENTO. AF_06/2015","M","ATRIBUÍDO SÃO PAULO",574.96,"","","","","","","","",5.21,0.9064179,566.34,98.500321999999997,"3,41","0,5932601","0,00","0,0000000","0,00","0,0000000",0,"CAIXA REFERENCIAL"]
["ASSENTAMENTO DE TUBOS E PECAS","ASTU","FORNEC E/OU ASSENT DE TUBO DE PVC COM JUNTA ELASTI",48,"","",90708,"TUBO DE PEAD CORRUGADO DE DUPLA PAREDE PARA REDE COLETORA DE ESGOTO, DN 600 MM, JUNTA ELÁSTICA INTEGRADA, INSTALADO EM LOCAL COM NÍVEL BAIXO DE INTERFERÊNCIAS - FORNECIMENTO E ASSENTAMENTO. AF_06/2015","M","ATRIBUÍDO SÃO PAULO",574.96,"COMPOSICAO",5631,"ESCAVADEIRA HIDRÁULICA SOBRE ESTEIRAS, CAÇAMBA 0,80 M3, PESO OPERACIONAL 17 T, POTENCIA BRUTA 111 HP - CHP DIURNO. AF_06/2014","CHP","ATRIBUÍDO SÃO PAULO",4.2200000000000001E-2,126.79,5.35,"","","","","","","","","","",null,"CAIXA REFERENCIAL"]
["ASSENTAMENTO DE TUBOS E PECAS","ASTU","FORNEC E/OU ASSENT DE TUBO DE PVC COM JUNTA ELASTI",48,"","",90708,"TUBO DE PEAD CORRUGADO DE DUPLA PAREDE PARA REDE COLETORA DE ESGOTO, DN 600 MM, JUNTA ELÁSTICA INTEGRADA, INSTALADO EM LOCAL COM NÍVEL BAIXO DE INTERFERÊNCIAS - FORNECIMENTO E ASSENTAMENTO. AF_06/2015","M","ATRIBUÍDO SÃO PAULO",574.96,"COMPOSICAO",5632,"ESCAVADEIRA HIDRÁULICA SOBRE ESTEIRAS, CAÇAMBA 0,80 M3, PESO OPERACIONAL 17 T, POTENCIA BRUTA 111 HP - CHI DIURNO. AF_06/2014","CHI","ATRIBUÍDO SÃO PAULO",2.6200000000000001E-2,57.49,1.5,"","","","","","","","","","",null,"CAIXA REFERENCIAL"]
["ASSENTAMENTO DE TUBOS E PECAS","ASTU","FORNEC E/OU ASSENT DE TUBO DE PVC COM JUNTA ELASTI",48,"","",90708,"TUBO DE PEAD CORRUGADO DE DUPLA PAREDE PARA REDE COLETORA DE ESGOTO, DN 600 MM, JUNTA ELÁSTICA INTEGRADA, INSTALADO EM LOCAL COM NÍVEL BAIXO DE INTERFERÊNCIAS - FORNECIMENTO E ASSENTAMENTO. AF_06/2015","M","ATRIBUÍDO SÃO PAULO",574.96,"INSUMO",20078,"PASTA LUBRIFICANTE PARA TUBOS E CONEXOES COM JUNTA ELASTICA (USO EM PVC, ACO, POLIETILENO E OUTROS) ( DE *400* G)","UN","COEFICIENTE DE REPRESENTATIVIDADE",6.9400000000000003E-2,16.53,1.1399999999999999,"","","","","","","","","","",null,"CAIXA REFERENCIAL"]
["ASSENTAMENTO DE TUBOS E PECAS","ASTU","FORNEC E/OU ASSENT DE TUBO DE PVC COM JUNTA ELASTI",48,"","",90708,"TUBO DE PEAD CORRUGADO DE DUPLA PAREDE PARA REDE COLETORA DE ESGOTO, DN 600 MM, JUNTA ELÁSTICA INTEGRADA, INSTALADO EM LOCAL COM NÍVEL BAIXO DE INTERFERÊNCIAS - FORNECIMENTO E ASSENTAMENTO. AF_06/2015","M","ATRIBUÍDO SÃO PAULO",574.96,"INSUMO",41782,"TUBO CORRUGADO PEAD, PAREDE DUPLA, INTERNA LISA, JEI, DN/DI 600 MM, PARA SANEAMENTO","M","ATRIBUÍDO SÃO PAULO",1.05,535.57000000000005,562.34,"","","","","","","","","","",null,"CAIXA REFERENCIAL"]
["ASSENTAMENTO DE TUBOS E PECAS","ASTU","FORNEC E/OU ASSENT DE TUBO DE PVC COM JUNTA ELASTI",48,"","",90708,"TUBO DE PEAD CORRUGADO DE DUPLA PAREDE PARA REDE COLETORA DE ESGOTO, DN 600 MM, JUNTA ELÁSTICA INTEGRADA, INSTALADO EM LOCAL COM NÍVEL BAIXO DE INTERFERÊNCIAS - FORNECIMENTO E ASSENTAMENTO. AF_06/2015","M","ATRIBUÍDO SÃO PAULO",574.96,"COMPOSICAO",88246,"ASSENTADOR DE TUBOS COM ENCARGOS COMPLEMENTARES","H","COEFICIENTE DE REPRESENTATIVIDADE",0.13009999999999999,21.04,2.73,"","","","","","","","","","",null,"CAIXA REFERENCIAL"]
["ASSENTAMENTO DE TUBOS E PECAS","ASTU","FORNEC E/OU ASSENT DE TUBO DE PVC COM JUNTA ELASTI",48,"","",90708,"TUBO DE PEAD CORRUGADO DE DUPLA PAREDE PARA REDE COLETORA DE ESGOTO, DN 600 MM, JUNTA ELÁSTICA INTEGRADA, INSTALADO EM LOCAL COM NÍVEL BAIXO DE INTERFERÊNCIAS - FORNECIMENTO E ASSENTAMENTO. AF_06/2015","M","ATRIBUÍDO SÃO PAULO",574.96,"COMPOSICAO",88316,"SERVENTE COM ENCARGOS COMPLEMENTARES","H","COLETADO",0.13009999999999999,14.67,1.9,"","","","","","","","","","",null,"CAIXA REFERENCIAL"]
["ASSENTAMENTO DE TUBOS E PECAS","ASTU","FORNEC E/OU ASSENT DE TUBO DE PVC COM JUNTA ELASTI",48,"","",90709,"TUBO DE PVC PARA REDE COLETORA DE ESGOTO DE PAREDE MACIÇA, DN 100 MM, JUNTA ELÁSTICA, INSTALADO EM LOCAL COM NÍVEL ALTO DE INTERFERÊNCIAS - FORNECIMENTO E ASSENTAMENTO. AF_06/2015","M","ATRIBUÍDO SÃO PAULO",22.49,"","","","","","","","",2.96,13.2024977,19.53,86.797502300000005,"0,00","0,0000000","0,00","0,0000000","0,00","0,0000000",0,"CAIXA REFERENCIAL"]
["ASSENTAMENTO DE TUBOS E PECAS","ASTU","FORNEC E/OU ASSENT DE TUBO DE PVC COM JUNTA ELASTI",48,"","",90709,"TUBO DE PVC PARA REDE COLETORA DE ESGOTO DE PAREDE MACIÇA, DN 100 MM, JUNTA ELÁSTICA, INSTALADO EM LOCAL COM NÍVEL ALTO DE INTERFERÊNCIAS - FORNECIMENTO E ASSENTAMENTO. AF_06/2015","M","ATRIBUÍDO SÃO PAULO",22.49,"INSUMO",20078,"PASTA LUBRIFICANTE PARA TUBOS E CONEXOES COM JUNTA ELASTICA (USO EM PVC, ACO, POLIETILENO E OUTROS) ( DE *400* G)","UN","COEFICIENTE DE REPRESENTATIVIDADE",1.04E-2,16.53,0.17,"","","","","","","","","","",null,"CAIXA REFERENCIAL"]
["ASSENTAMENTO DE TUBOS E PECAS","ASTU","FORNEC E/OU ASSENT DE TUBO DE PVC COM JUNTA ELASTI",48,"","",90709,"TUBO DE PVC PARA REDE COLETORA DE ESGOTO DE PAREDE MACIÇA, DN 100 MM, JUNTA ELÁSTICA, INSTALADO EM LOCAL COM NÍVEL ALTO DE INTERFERÊNCIAS - FORNECIMENTO E ASSENTAMENTO. AF_06/2015","M","ATRIBUÍDO SÃO PAULO",22.49,"INSUMO",36365,"TUBO COLETOR DE ESGOTO PVC, JEI, DN 100 MM (NBR  7362)","M","ATRIBUÍDO SÃO PAULO",1.05,17.62,18.5,"","","","","","","","","","",null,"CAIXA REFERENCIAL"]
["ASSENTAMENTO DE TUBOS E PECAS","ASTU","FORNEC E/OU ASSENT DE TUBO DE PVC COM JUNTA ELASTI",48,"","",90709,"TUBO DE PVC PARA REDE COLETORA DE ESGOTO DE PAREDE MACIÇA, DN 100 MM, JUNTA ELÁSTICA, INSTALADO EM LOCAL COM NÍVEL ALTO DE INTERFERÊNCIAS - FORNECIMENTO E ASSENTAMENTO. AF_06/2015","M","ATRIBUÍDO SÃO PAULO",22.49,"COMPOSICAO",88246,"ASSENTADOR DE TUBOS COM ENCARGOS COMPLEMENTARES","H","COEFICIENTE DE REPRESENTATIVIDADE",0.1074,21.04,2.25,"","","","","","","","","","",null,"CAIXA REFERENCIAL"]
["ASSENTAMENTO DE TUBOS E PECAS","ASTU","FORNEC E/OU ASSENT DE TUBO DE PVC COM JUNTA ELASTI",48,"","",90709,"TUBO DE PVC PARA REDE COLETORA DE ESGOTO DE PAREDE MACIÇA, DN 100 MM, JUNTA ELÁSTICA, INSTALADO EM LOCAL COM NÍVEL ALTO DE INTERFERÊNCIAS - FORNECIMENTO E ASSENTAMENTO. AF_06/2015","M","ATRIBUÍDO SÃO PAULO",22.49,"COMPOSICAO",88316,"SERVENTE COM ENCARGOS COMPLEMENTARES","H","COLETADO",0.1074,14.67,1.57,"","","","","","","","","","",null,"CAIXA REFERENCIAL"]
["ASSENTAMENTO DE TUBOS E PECAS","ASTU","FORNEC E/OU ASSENT DE TUBO DE PVC COM JUNTA ELASTI",48,"","",90710,"TUBO DE PVC PARA REDE COLETORA DE ESGOTO DE PAREDE MACIÇA, DN 150 MM, JUNTA ELÁSTICA, INSTALADO EM LOCAL COM NÍVEL ALTO DE INTERFERÊNCIAS - FORNECIMENTO E ASSENTAMENTO. AF_06/2015","M","ATRIBUÍDO SÃO PAULO",44.42,"","","","","","","","",3.34,7.5310033000000001,41.08,92.468996700000005,"0,00","0,0000000","0,00","0,0000000","0,00","0,0000000",0,"CAIXA REFERENCIAL"]
["ASSENTAMENTO DE TUBOS E PECAS","ASTU","FORNEC E/OU ASSENT DE TUBO DE PVC COM JUNTA ELASTI",48,"","",90710,"TUBO DE PVC PARA REDE COLETORA DE ESGOTO DE PAREDE MACIÇA, DN 150 MM, JUNTA ELÁSTICA, INSTALADO EM LOCAL COM NÍVEL ALTO DE INTERFERÊNCIAS - FORNECIMENTO E ASSENTAMENTO. AF_06/2015","M","ATRIBUÍDO SÃO PAULO",44.42,"INSUMO",20078,"PASTA LUBRIFICANTE PARA TUBOS E CONEXOES COM JUNTA ELASTICA (USO EM PVC, ACO, POLIETILENO E OUTROS) ( DE *400* G)","UN","COEFICIENTE DE REPRESENTATIVIDADE",1.46E-2,16.53,0.24,"","","","","","","","","","",null,"CAIXA REFERENCIAL"]
["ASSENTAMENTO DE TUBOS E PECAS","ASTU","FORNEC E/OU ASSENT DE TUBO DE PVC COM JUNTA ELASTI",48,"","",90710,"TUBO DE PVC PARA REDE COLETORA DE ESGOTO DE PAREDE MACIÇA, DN 150 MM, JUNTA ELÁSTICA, INSTALADO EM LOCAL COM NÍVEL ALTO DE INTERFERÊNCIAS - FORNECIMENTO E ASSENTAMENTO. AF_06/2015","M","ATRIBUÍDO SÃO PAULO",44.42,"INSUMO",41936,"TUBO COLETOR DE ESGOTO, PVC, JEI, DN 150 MM  (NBR 7362)","M","ATRIBUÍDO SÃO PAULO",1.05,37.99,39.880000000000003,"","","","","","","","","","",null,"CAIXA REFERENCIAL"]
["ASSENTAMENTO DE TUBOS E PECAS","ASTU","FORNEC E/OU ASSENT DE TUBO DE PVC COM JUNTA ELASTI",48,"","",90710,"TUBO DE PVC PARA REDE COLETORA DE ESGOTO DE PAREDE MACIÇA, DN 150 MM, JUNTA ELÁSTICA, INSTALADO EM LOCAL COM NÍVEL ALTO DE INTERFERÊNCIAS - FORNECIMENTO E ASSENTAMENTO. AF_06/2015","M","ATRIBUÍDO SÃO PAULO",44.42,"COMPOSICAO",88246,"ASSENTADOR DE TUBOS COM ENCARGOS COMPLEMENTARES","H","COEFICIENTE DE REPRESENTATIVIDADE",0.1207,21.04,2.5299999999999998,"","","","","","","","","","",null,"CAIXA REFERENCIAL"]
["ASSENTAMENTO DE TUBOS E PECAS","ASTU","FORNEC E/OU ASSENT DE TUBO DE PVC COM JUNTA ELASTI",48,"","",90710,"TUBO DE PVC PARA REDE COLETORA DE ESGOTO DE PAREDE MACIÇA, DN 150 MM, JUNTA ELÁSTICA, INSTALADO EM LOCAL COM NÍVEL ALTO DE INTERFERÊNCIAS - FORNECIMENTO E ASSENTAMENTO. AF_06/2015","M","ATRIBUÍDO SÃO PAULO",44.42,"COMPOSICAO",88316,"SERVENTE COM ENCARGOS COMPLEMENTARES","H","COLETADO",0.1207,14.67,1.77,"","","","","","","","","","",null,"CAIXA REFERENCIAL"]
["ASSENTAMENTO DE TUBOS E PECAS","ASTU","FORNEC E/OU ASSENT DE TUBO DE PVC COM JUNTA ELASTI",48,"","",90711,"TUBO DE PVC PARA REDE COLETORA DE ESGOTO DE PAREDE MACIÇA, DN 200 MM, JUNTA ELÁSTICA, INSTALADO EM LOCAL COM NÍVEL ALTO DE INTERFERÊNCIAS - FORNECIMENTO E ASSENTAMENTO. AF_06/2015","M","ATRIBUÍDO SÃO PAULO",64.930000000000007,"","","","","","","","",3.7,5.7063541000000004,61.23,94.293645900000001,"0,00","0,0000000","0,00","0,0000000","0,00","0,0000000",0,"CAIXA REFERENCIAL"]
["ASSENTAMENTO DE TUBOS E PECAS","ASTU","FORNEC E/OU ASSENT DE TUBO DE PVC COM JUNTA ELASTI",48,"","",90711,"TUBO DE PVC PARA REDE COLETORA DE ESGOTO DE PAREDE MACIÇA, DN 200 MM, JUNTA ELÁSTICA, INSTALADO EM LOCAL COM NÍVEL ALTO DE INTERFERÊNCIAS - FORNECIMENTO E ASSENTAMENTO. AF_06/2015","M","ATRIBUÍDO SÃO PAULO",64.930000000000007,"INSUMO",20078,"PASTA LUBRIFICANTE PARA TUBOS E CONEXOES COM JUNTA ELASTICA (USO EM PVC, ACO, POLIETILENO E OUTROS) ( DE *400* G)","UN","COEFICIENTE DE REPRESENTATIVIDADE",1.67E-2,16.53,0.27,"","","","","","","","","","",null,"CAIXA REFERENCIAL"]
["ASSENTAMENTO DE TUBOS E PECAS","ASTU","FORNEC E/OU ASSENT DE TUBO DE PVC COM JUNTA ELASTI",48,"","",90711,"TUBO DE PVC PARA REDE COLETORA DE ESGOTO DE PAREDE MACIÇA, DN 200 MM, JUNTA ELÁSTICA, INSTALADO EM LOCAL COM NÍVEL ALTO DE INTERFERÊNCIAS - FORNECIMENTO E ASSENTAMENTO. AF_06/2015","M","ATRIBUÍDO SÃO PAULO",64.930000000000007,"INSUMO",41930,"TUBO COLETOR DE ESGOTO PVC, JEI, DN 200 MM (NBR 7362)","M","ATRIBUÍDO SÃO PAULO",1.05,57.04,59.89,"","","","","","","","","","",null,"CAIXA REFERENCIAL"]
["ASSENTAMENTO DE TUBOS E PECAS","ASTU","FORNEC E/OU ASSENT DE TUBO DE PVC COM JUNTA ELASTI",48,"","",90711,"TUBO DE PVC PARA REDE COLETORA DE ESGOTO DE PAREDE MACIÇA, DN 200 MM, JUNTA ELÁSTICA, INSTALADO EM LOCAL COM NÍVEL ALTO DE INTERFERÊNCIAS - FORNECIMENTO E ASSENTAMENTO. AF_06/2015","M","ATRIBUÍDO SÃO PAULO",64.930000000000007,"COMPOSICAO",88246,"ASSENTADOR DE TUBOS COM ENCARGOS COMPLEMENTARES","H","COEFICIENTE DE REPRESENTATIVIDADE",0.13400000000000001,21.04,2.81,"","","","","","","","","","",null,"CAIXA REFERENCIAL"]
["ASSENTAMENTO DE TUBOS E PECAS","ASTU","FORNEC E/OU ASSENT DE TUBO DE PVC COM JUNTA ELASTI",48,"","",90711,"TUBO DE PVC PARA REDE COLETORA DE ESGOTO DE PAREDE MACIÇA, DN 200 MM, JUNTA ELÁSTICA, INSTALADO EM LOCAL COM NÍVEL ALTO DE INTERFERÊNCIAS - FORNECIMENTO E ASSENTAMENTO. AF_06/2015","M","ATRIBUÍDO SÃO PAULO",64.930000000000007,"COMPOSICAO",88316,"SERVENTE COM ENCARGOS COMPLEMENTARES","H","COLETADO",0.13400000000000001,14.67,1.96,"","","","","","","","","","",null,"CAIXA REFERENCIAL"]
["ASSENTAMENTO DE TUBOS E PECAS","ASTU","FORNEC E/OU ASSENT DE TUBO DE PVC COM JUNTA ELASTI",48,"","",90712,"TUBO DE PVC PARA REDE COLETORA DE ESGOTO DE PAREDE MACIÇA, DN 250 MM, JUNTA ELÁSTICA, INSTALADO EM LOCAL COM NÍVEL ALTO DE INTERFERÊNCIAS - FORNECIMENTO E ASSENTAMENTO. AF_06/2015","M","ATRIBUÍDO SÃO PAULO",107.72,"","","","","","","","",4.08,3.7893563000000001,103.64,96.210643700000006,"0,00","0,0000000","0,00","0,0000000","0,00","0,0000000",0,"CAIXA REFERENCIAL"]
["ASSENTAMENTO DE TUBOS E PECAS","ASTU","FORNEC E/OU ASSENT DE TUBO DE PVC COM JUNTA ELASTI",48,"","",90712,"TUBO DE PVC PARA REDE COLETORA DE ESGOTO DE PAREDE MACIÇA, DN 250 MM, JUNTA ELÁSTICA, INSTALADO EM LOCAL COM NÍVEL ALTO DE INTERFERÊNCIAS - FORNECIMENTO E ASSENTAMENTO. AF_06/2015","M","ATRIBUÍDO SÃO PAULO",107.72,"INSUMO",20078,"PASTA LUBRIFICANTE PARA TUBOS E CONEXOES COM JUNTA ELASTICA (USO EM PVC, ACO, POLIETILENO E OUTROS) ( DE *400* G)","UN","COEFICIENTE DE REPRESENTATIVIDADE",2.0799999999999999E-2,16.53,0.34,"","","","","","","","","","",null,"CAIXA REFERENCIAL"]
["ASSENTAMENTO DE TUBOS E PECAS","ASTU","FORNEC E/OU ASSENT DE TUBO DE PVC COM JUNTA ELASTI",48,"","",90712,"TUBO DE PVC PARA REDE COLETORA DE ESGOTO DE PAREDE MACIÇA, DN 250 MM, JUNTA ELÁSTICA, INSTALADO EM LOCAL COM NÍVEL ALTO DE INTERFERÊNCIAS - FORNECIMENTO E ASSENTAMENTO. AF_06/2015","M","ATRIBUÍDO SÃO PAULO",107.72,"INSUMO",41931,"TUBO COLETOR DE ESGOTO PVC, JEI, DN 250 MM (NBR 7362)","M","ATRIBUÍDO SÃO PAULO",1.05,97.26,102.12,"","","","","","","","","","",null,"CAIXA REFERENCIAL"]
["ASSENTAMENTO DE TUBOS E PECAS","ASTU","FORNEC E/OU ASSENT DE TUBO DE PVC COM JUNTA ELASTI",48,"","",90712,"TUBO DE PVC PARA REDE COLETORA DE ESGOTO DE PAREDE MACIÇA, DN 250 MM, JUNTA ELÁSTICA, INSTALADO EM LOCAL COM NÍVEL ALTO DE INTERFERÊNCIAS - FORNECIMENTO E ASSENTAMENTO. AF_06/2015","M","ATRIBUÍDO SÃO PAULO",107.72,"COMPOSICAO",88246,"ASSENTADOR DE TUBOS COM ENCARGOS COMPLEMENTARES","H","COEFICIENTE DE REPRESENTATIVIDADE",0.1474,21.04,3.1,"","","","","","","","","","",null,"CAIXA REFERENCIAL"]
["ASSENTAMENTO DE TUBOS E PECAS","ASTU","FORNEC E/OU ASSENT DE TUBO DE PVC COM JUNTA ELASTI",48,"","",90712,"TUBO DE PVC PARA REDE COLETORA DE ESGOTO DE PAREDE MACIÇA, DN 250 MM, JUNTA ELÁSTICA, INSTALADO EM LOCAL COM NÍVEL ALTO DE INTERFERÊNCIAS - FORNECIMENTO E ASSENTAMENTO. AF_06/2015","M","ATRIBUÍDO SÃO PAULO",107.72,"COMPOSICAO",88316,"SERVENTE COM ENCARGOS COMPLEMENTARES","H","COLETADO",0.1474,14.67,2.16,"","","","","","","","","","",null,"CAIXA REFERENCIAL"]
["ASSENTAMENTO DE TUBOS E PECAS","ASTU","FORNEC E/OU ASSENT DE TUBO DE PVC COM JUNTA ELASTI",48,"","",90713,"TUBO DE PVC PARA REDE COLETORA DE ESGOTO DE PAREDE MACIÇA, DN 300 MM, JUNTA ELÁSTICA, INSTALADO EM LOCAL COM NÍVEL ALTO DE INTERFERÊNCIAS - FORNECIMENTO E ASSENTAMENTO. AF_06/2015","M","ATRIBUÍDO SÃO PAULO",171.08,"","","","","","","","",4.45,2.6020348000000002,166.63,97.397965200000002,"0,00","0,0000000","0,00","0,0000000","0,00","0,0000000",0,"CAIXA REFERENCIAL"]
["ASSENTAMENTO DE TUBOS E PECAS","ASTU","FORNEC E/OU ASSENT DE TUBO DE PVC COM JUNTA ELASTI",48,"","",90713,"TUBO DE PVC PARA REDE COLETORA DE ESGOTO DE PAREDE MACIÇA, DN 300 MM, JUNTA ELÁSTICA, INSTALADO EM LOCAL COM NÍVEL ALTO DE INTERFERÊNCIAS - FORNECIMENTO E ASSENTAMENTO. AF_06/2015","M","ATRIBUÍDO SÃO PAULO",171.08,"INSUMO",20078,"PASTA LUBRIFICANTE PARA TUBOS E CONEXOES COM JUNTA ELASTICA (USO EM PVC, ACO, POLIETILENO E OUTROS) ( DE *400* G)","UN","COEFICIENTE DE REPRESENTATIVIDADE",2.5000000000000001E-2,16.53,0.41,"","","","","","","","","","",null,"CAIXA REFERENCIAL"]
["ASSENTAMENTO DE TUBOS E PECAS","ASTU","FORNEC E/OU ASSENT DE TUBO DE PVC COM JUNTA ELASTI",48,"","",90713,"TUBO DE PVC PARA REDE COLETORA DE ESGOTO DE PAREDE MACIÇA, DN 300 MM, JUNTA ELÁSTICA, INSTALADO EM LOCAL COM NÍVEL ALTO DE INTERFERÊNCIAS - FORNECIMENTO E ASSENTAMENTO. AF_06/2015","M","ATRIBUÍDO SÃO PAULO",171.08,"INSUMO",41932,"TUBO COLETOR DE ESGOTO PVC, JEI, DN 300 MM (NBR 7362)","M","ATRIBUÍDO SÃO PAULO",1.05,157.09,164.94,"","","","","","","","","","",null,"CAIXA REFERENCIAL"]
["ASSENTAMENTO DE TUBOS E PECAS","ASTU","FORNEC E/OU ASSENT DE TUBO DE PVC COM JUNTA ELASTI",48,"","",90713,"TUBO DE PVC PARA REDE COLETORA DE ESGOTO DE PAREDE MACIÇA, DN 300 MM, JUNTA ELÁSTICA, INSTALADO EM LOCAL COM NÍVEL ALTO DE INTERFERÊNCIAS - FORNECIMENTO E ASSENTAMENTO. AF_06/2015","M","ATRIBUÍDO SÃO PAULO",171.08,"COMPOSICAO",88246,"ASSENTADOR DE TUBOS COM ENCARGOS COMPLEMENTARES","H","COEFICIENTE DE REPRESENTATIVIDADE",0.16070000000000001,21.04,3.38,"","","","","","","","","","",null,"CAIXA REFERENCIAL"]
["ASSENTAMENTO DE TUBOS E PECAS","ASTU","FORNEC E/OU ASSENT DE TUBO DE PVC COM JUNTA ELASTI",48,"","",90713,"TUBO DE PVC PARA REDE COLETORA DE ESGOTO DE PAREDE MACIÇA, DN 300 MM, JUNTA ELÁSTICA, INSTALADO EM LOCAL COM NÍVEL ALTO DE INTERFERÊNCIAS - FORNECIMENTO E ASSENTAMENTO. AF_06/2015","M","ATRIBUÍDO SÃO PAULO",171.08,"COMPOSICAO",88316,"SERVENTE COM ENCARGOS COMPLEMENTARES","H","COLETADO",0.16070000000000001,14.67,2.35,"","","","","","","","","","",null,"CAIXA REFERENCIAL"]
["ASSENTAMENTO DE TUBOS E PECAS","ASTU","FORNEC E/OU ASSENT DE TUBO DE PVC COM JUNTA ELASTI",48,"","",90714,"TUBO DE PVC PARA REDE COLETORA DE ESGOTO DE PAREDE MACIÇA, DN 350 MM, JUNTA ELÁSTICA, INSTALADO EM LOCAL COM NÍVEL ALTO DE INTERFERÊNCIAS - FORNECIMENTO E ASSENTAMENTO. AF_06/2015","M","ATRIBUÍDO SÃO PAULO",210.97,"","","","","","","","",4.82,2.2854432999999998,206.15,97.714556700000003,"0,00","0,0000000","0,00","0,0000000","0,00","0,0000000",0,"CAIXA REFERENCIAL"]
["ASSENTAMENTO DE TUBOS E PECAS","ASTU","FORNEC E/OU ASSENT DE TUBO DE PVC COM JUNTA ELASTI",48,"","",90714,"TUBO DE PVC PARA REDE COLETORA DE ESGOTO DE PAREDE MACIÇA, DN 350 MM, JUNTA ELÁSTICA, INSTALADO EM LOCAL COM NÍVEL ALTO DE INTERFERÊNCIAS - FORNECIMENTO E ASSENTAMENTO. AF_06/2015","M","ATRIBUÍDO SÃO PAULO",210.97,"INSUMO",20078,"PASTA LUBRIFICANTE PARA TUBOS E CONEXOES COM JUNTA ELASTICA (USO EM PVC, ACO, POLIETILENO E OUTROS) ( DE *400* G)","UN","COEFICIENTE DE REPRESENTATIVIDADE",2.92E-2,16.53,0.48,"","","","","","","","","","",null,"CAIXA REFERENCIAL"]
["ASSENTAMENTO DE TUBOS E PECAS","ASTU","FORNEC E/OU ASSENT DE TUBO DE PVC COM JUNTA ELASTI",48,"","",90714,"TUBO DE PVC PARA REDE COLETORA DE ESGOTO DE PAREDE MACIÇA, DN 350 MM, JUNTA ELÁSTICA, INSTALADO EM LOCAL COM NÍVEL ALTO DE INTERFERÊNCIAS - FORNECIMENTO E ASSENTAMENTO. AF_06/2015","M","ATRIBUÍDO SÃO PAULO",210.97,"INSUMO",41933,"TUBO COLETOR DE ESGOTO PVC, JEI, DN 350 MM (NBR 7362)","M","ATRIBUÍDO SÃO PAULO",1.05,194.56,204.28,"","","","","","","","","","",null,"CAIXA REFERENCIAL"]
["ASSENTAMENTO DE TUBOS E PECAS","ASTU","FORNEC E/OU ASSENT DE TUBO DE PVC COM JUNTA ELASTI",48,"","",90714,"TUBO DE PVC PARA REDE COLETORA DE ESGOTO DE PAREDE MACIÇA, DN 350 MM, JUNTA ELÁSTICA, INSTALADO EM LOCAL COM NÍVEL ALTO DE INTERFERÊNCIAS - FORNECIMENTO E ASSENTAMENTO. AF_06/2015","M","ATRIBUÍDO SÃO PAULO",210.97,"COMPOSICAO",88246,"ASSENTADOR DE TUBOS COM ENCARGOS COMPLEMENTARES","H","COEFICIENTE DE REPRESENTATIVIDADE",0.1741,21.04,3.66,"","","","","","","","","","",null,"CAIXA REFERENCIAL"]
["ASSENTAMENTO DE TUBOS E PECAS","ASTU","FORNEC E/OU ASSENT DE TUBO DE PVC COM JUNTA ELASTI",48,"","",90714,"TUBO DE PVC PARA REDE COLETORA DE ESGOTO DE PAREDE MACIÇA, DN 350 MM, JUNTA ELÁSTICA, INSTALADO EM LOCAL COM NÍVEL ALTO DE INTERFERÊNCIAS - FORNECIMENTO E ASSENTAMENTO. AF_06/2015","M","ATRIBUÍDO SÃO PAULO",210.97,"COMPOSICAO",88316,"SERVENTE COM ENCARGOS COMPLEMENTARES","H","COLETADO",0.1741,14.67,2.5499999999999998,"","","","","","","","","","",null,"CAIXA REFERENCIAL"]
["ASSENTAMENTO DE TUBOS E PECAS","ASTU","FORNEC E/OU ASSENT DE TUBO DE PVC COM JUNTA ELASTI",48,"","",90715,"TUBO DE PVC PARA REDE COLETORA DE ESGOTO DE PAREDE MACIÇA, DN 400 MM, JUNTA ELÁSTICA, INSTALADO EM LOCAL COM NÍVEL ALTO DE INTERFERÊNCIAS - FORNECIMENTO E ASSENTAMENTO. AF_06/2015","M","ATRIBUÍDO SÃO PAULO",279.08999999999997,"","","","","","","","",7.55,2.7063841000000002,268.86,96.332939199999998,"2,68","0,9606767","0,00","0,0000000","0,00","0,0000000",0,"CAIXA REFERENCIAL"]
["ASSENTAMENTO DE TUBOS E PECAS","ASTU","FORNEC E/OU ASSENT DE TUBO DE PVC COM JUNTA ELASTI",48,"","",90715,"TUBO DE PVC PARA REDE COLETORA DE ESGOTO DE PAREDE MACIÇA, DN 400 MM, JUNTA ELÁSTICA, INSTALADO EM LOCAL COM NÍVEL ALTO DE INTERFERÊNCIAS - FORNECIMENTO E ASSENTAMENTO. AF_06/2015","M","ATRIBUÍDO SÃO PAULO",279.08999999999997,"COMPOSICAO",5678,"RETROESCAVADEIRA SOBRE RODAS COM CARREGADEIRA, TRAÇÃO 4X4, POTÊNCIA LÍQ. 88 HP, CAÇAMBA CARREG. CAP. MÍN. 1 M3, CAÇAMBA RETRO CAP. 0,26 M3, PESO OPERACIONAL MÍN. 6.674 KG, PROFUNDIDADE ESCAVAÇÃO MÁX. 4,37 M - CHP DIURNO. AF_06/2014","CHP","ATRIBUÍDO SÃO PAULO",6.08E-2,92.02,5.59,"","","","","","","","","","",null,"CAIXA REFERENCIAL"]
["ASSENTAMENTO DE TUBOS E PECAS","ASTU","FORNEC E/OU ASSENT DE TUBO DE PVC COM JUNTA ELASTI",48,"","",90715,"TUBO DE PVC PARA REDE COLETORA DE ESGOTO DE PAREDE MACIÇA, DN 400 MM, JUNTA ELÁSTICA, INSTALADO EM LOCAL COM NÍVEL ALTO DE INTERFERÊNCIAS - FORNECIMENTO E ASSENTAMENTO. AF_06/2015","M","ATRIBUÍDO SÃO PAULO",279.08999999999997,"COMPOSICAO",5679,"RETROESCAVADEIRA SOBRE RODAS COM CARREGADEIRA, TRAÇÃO 4X4, POTÊNCIA LÍQ. 88 HP, CAÇAMBA CARREG. CAP. MÍN. 1 M3, CAÇAMBA RETRO CAP. 0,26 M3, PESO OPERACIONAL MÍN. 6.674 KG, PROFUNDIDADE ESCAVAÇÃO MÁX. 4,37 M - CHI DIURNO. AF_06/2014","CHI","ATRIBUÍDO SÃO PAULO",3.78E-2,43.92,1.66,"","","","","","","","","","",null,"CAIXA REFERENCIAL"]
["ASSENTAMENTO DE TUBOS E PECAS","ASTU","FORNEC E/OU ASSENT DE TUBO DE PVC COM JUNTA ELASTI",48,"","",90715,"TUBO DE PVC PARA REDE COLETORA DE ESGOTO DE PAREDE MACIÇA, DN 400 MM, JUNTA ELÁSTICA, INSTALADO EM LOCAL COM NÍVEL ALTO DE INTERFERÊNCIAS - FORNECIMENTO E ASSENTAMENTO. AF_06/2015","M","ATRIBUÍDO SÃO PAULO",279.08999999999997,"INSUMO",20078,"PASTA LUBRIFICANTE PARA TUBOS E CONEXOES COM JUNTA ELASTICA (USO EM PVC, ACO, POLIETILENO E OUTROS) ( DE *400* G)","UN","COEFICIENTE DE REPRESENTATIVIDADE",3.3300000000000003E-2,16.53,0.55000000000000004,"","","","","","","","","","",null,"CAIXA REFERENCIAL"]
["ASSENTAMENTO DE TUBOS E PECAS","ASTU","FORNEC E/OU ASSENT DE TUBO DE PVC COM JUNTA ELASTI",48,"","",90715,"TUBO DE PVC PARA REDE COLETORA DE ESGOTO DE PAREDE MACIÇA, DN 400 MM, JUNTA ELÁSTICA, INSTALADO EM LOCAL COM NÍVEL ALTO DE INTERFERÊNCIAS - FORNECIMENTO E ASSENTAMENTO. AF_06/2015","M","ATRIBUÍDO SÃO PAULO",279.08999999999997,"INSUMO",41934,"TUBO COLETOR DE ESGOTO PVC, JEI, DN 400 MM (NBR 7362)","M","ATRIBUÍDO SÃO PAULO",1.05,252.01,264.61,"","","","","","","","","","",null,"CAIXA REFERENCIAL"]
["ASSENTAMENTO DE TUBOS E PECAS","ASTU","FORNEC E/OU ASSENT DE TUBO DE PVC COM JUNTA ELASTI",48,"","",90715,"TUBO DE PVC PARA REDE COLETORA DE ESGOTO DE PAREDE MACIÇA, DN 400 MM, JUNTA ELÁSTICA, INSTALADO EM LOCAL COM NÍVEL ALTO DE INTERFERÊNCIAS - FORNECIMENTO E ASSENTAMENTO. AF_06/2015","M","ATRIBUÍDO SÃO PAULO",279.08999999999997,"COMPOSICAO",88246,"ASSENTADOR DE TUBOS COM ENCARGOS COMPLEMENTARES","H","COEFICIENTE DE REPRESENTATIVIDADE",0.18740000000000001,21.04,3.94,"","","","","","","","","","",null,"CAIXA REFERENCIAL"]
["ASSENTAMENTO DE TUBOS E PECAS","ASTU","FORNEC E/OU ASSENT DE TUBO DE PVC COM JUNTA ELASTI",48,"","",90715,"TUBO DE PVC PARA REDE COLETORA DE ESGOTO DE PAREDE MACIÇA, DN 400 MM, JUNTA ELÁSTICA, INSTALADO EM LOCAL COM NÍVEL ALTO DE INTERFERÊNCIAS - FORNECIMENTO E ASSENTAMENTO. AF_06/2015","M","ATRIBUÍDO SÃO PAULO",279.08999999999997,"COMPOSICAO",88316,"SERVENTE COM ENCARGOS COMPLEMENTARES","H","COLETADO",0.18740000000000001,14.67,2.74,"","","","","","","","","","",null,"CAIXA REFERENCIAL"]
["ASSENTAMENTO DE TUBOS E PECAS","ASTU","FORNEC E/OU ASSENT DE TUBO DE PVC COM JUNTA ELASTI",48,"","",90716,"TUBO DE PVC CORRUGADO DE DUPLA PAREDE PARA REDE COLETORA DE ESGOTO, DN 150 MM, JUNTA ELÁSTICA, INSTALADO EM LOCAL COM NÍVEL ALTO DE INTERFERÊNCIAS - FORNECIMENTO E ASSENTAMENTO. AF_06/2015","M","ATRIBUÍDO SÃO PAULO",39.1,"","","","","","","","",5.01,12.829705499999999,34.090000000000003,87.170294499999997,"0,00","0,0000000","0,00","0,0000000","0,00","0,0000000",0,"CAIXA REFERENCIAL"]
["ASSENTAMENTO DE TUBOS E PECAS","ASTU","FORNEC E/OU ASSENT DE TUBO DE PVC COM JUNTA ELASTI",48,"","",90716,"TUBO DE PVC CORRUGADO DE DUPLA PAREDE PARA REDE COLETORA DE ESGOTO, DN 150 MM, JUNTA ELÁSTICA, INSTALADO EM LOCAL COM NÍVEL ALTO DE INTERFERÊNCIAS - FORNECIMENTO E ASSENTAMENTO. AF_06/2015","M","ATRIBUÍDO SÃO PAULO",39.1,"INSUMO",305,"ANEL BORRACHA, PARA TUBO PVC, REDE COLETOR ESGOTO, DN 150 MM (NBR 7362)","UN","COEFICIENTE DE REPRESENTATIVIDADE",0.16669999999999999,8.8800000000000008,1.48,"","","","","","","","","","",null,"CAIXA REFERENCIAL"]
["ASSENTAMENTO DE TUBOS E PECAS","ASTU","FORNEC E/OU ASSENT DE TUBO DE PVC COM JUNTA ELASTI",48,"","",90716,"TUBO DE PVC CORRUGADO DE DUPLA PAREDE PARA REDE COLETORA DE ESGOTO, DN 150 MM, JUNTA ELÁSTICA, INSTALADO EM LOCAL COM NÍVEL ALTO DE INTERFERÊNCIAS - FORNECIMENTO E ASSENTAMENTO. AF_06/2015","M","ATRIBUÍDO SÃO PAULO",39.1,"INSUMO",20078,"PASTA LUBRIFICANTE PARA TUBOS E CONEXOES COM JUNTA ELASTICA (USO EM PVC, ACO, POLIETILENO E OUTROS) ( DE *400* G)","UN","COEFICIENTE DE REPRESENTATIVIDADE",1.46E-2,16.53,0.24,"","","","","","","","","","",null,"CAIXA REFERENCIAL"]
["ASSENTAMENTO DE TUBOS E PECAS","ASTU","FORNEC E/OU ASSENT DE TUBO DE PVC COM JUNTA ELASTI",48,"","",90716,"TUBO DE PVC CORRUGADO DE DUPLA PAREDE PARA REDE COLETORA DE ESGOTO, DN 150 MM, JUNTA ELÁSTICA, INSTALADO EM LOCAL COM NÍVEL ALTO DE INTERFERÊNCIAS - FORNECIMENTO E ASSENTAMENTO. AF_06/2015","M","ATRIBUÍDO SÃO PAULO",39.1,"INSUMO",38032,"TUBO PVC CORRUGADO, PAREDE DUPLA, JE, DN 150 MM, REDE COLETORA ESGOTO","M","ATRIBUÍDO SÃO PAULO",1.05,29.46,30.93,"","","","","","","","","","",null,"CAIXA REFERENCIAL"]
["ASSENTAMENTO DE TUBOS E PECAS","ASTU","FORNEC E/OU ASSENT DE TUBO DE PVC COM JUNTA ELASTI",48,"","",90716,"TUBO DE PVC CORRUGADO DE DUPLA PAREDE PARA REDE COLETORA DE ESGOTO, DN 150 MM, JUNTA ELÁSTICA, INSTALADO EM LOCAL COM NÍVEL ALTO DE INTERFERÊNCIAS - FORNECIMENTO E ASSENTAMENTO. AF_06/2015","M","ATRIBUÍDO SÃO PAULO",39.1,"COMPOSICAO",88246,"ASSENTADOR DE TUBOS COM ENCARGOS COMPLEMENTARES","H","COEFICIENTE DE REPRESENTATIVIDADE",0.18090000000000001,21.04,3.8,"","","","","","","","","","",null,"CAIXA REFERENCIAL"]
["ASSENTAMENTO DE TUBOS E PECAS","ASTU","FORNEC E/OU ASSENT DE TUBO DE PVC COM JUNTA ELASTI",48,"","",90716,"TUBO DE PVC CORRUGADO DE DUPLA PAREDE PARA REDE COLETORA DE ESGOTO, DN 150 MM, JUNTA ELÁSTICA, INSTALADO EM LOCAL COM NÍVEL ALTO DE INTERFERÊNCIAS - FORNECIMENTO E ASSENTAMENTO. AF_06/2015","M","ATRIBUÍDO SÃO PAULO",39.1,"COMPOSICAO",88316,"SERVENTE COM ENCARGOS COMPLEMENTARES","H","COLETADO",0.18090000000000001,14.67,2.65,"","","","","","","","","","",null,"CAIXA REFERENCIAL"]
["ASSENTAMENTO DE TUBOS E PECAS","ASTU","FORNEC E/OU ASSENT DE TUBO DE PVC COM JUNTA ELASTI",48,"","",90717,"TUBO DE PVC CORRUGADO DE DUPLA PAREDE PARA REDE COLETORA DE ESGOTO, DN 200 MM, JUNTA ELÁSTICA, INSTALADO EM LOCAL COM NÍVEL ALTO DE INTERFERÊNCIAS - FORNECIMENTO E ASSENTAMENTO. AF_06/2015","M","ATRIBUÍDO SÃO PAULO",59.59,"","","","","","","","",5.38,9.0404973000000002,54.21,90.959502700000002,"0,00","0,0000000","0,00","0,0000000","0,00","0,0000000",0,"CAIXA REFERENCIAL"]
["ASSENTAMENTO DE TUBOS E PECAS","ASTU","FORNEC E/OU ASSENT DE TUBO DE PVC COM JUNTA ELASTI",48,"","",90717,"TUBO DE PVC CORRUGADO DE DUPLA PAREDE PARA REDE COLETORA DE ESGOTO, DN 200 MM, JUNTA ELÁSTICA, INSTALADO EM LOCAL COM NÍVEL ALTO DE INTERFERÊNCIAS - FORNECIMENTO E ASSENTAMENTO. AF_06/2015","M","ATRIBUÍDO SÃO PAULO",59.59,"INSUMO",306,"ANEL BORRACHA, PARA TUBO PVC, REDE COLETOR ESGOTO, DN 200 MM (NBR 7362)","UN","COEFICIENTE DE REPRESENTATIVIDADE",0.16669999999999999,10.68,1.78,"","","","","","","","","","",null,"CAIXA REFERENCIAL"]
["ASSENTAMENTO DE TUBOS E PECAS","ASTU","FORNEC E/OU ASSENT DE TUBO DE PVC COM JUNTA ELASTI",48,"","",90717,"TUBO DE PVC CORRUGADO DE DUPLA PAREDE PARA REDE COLETORA DE ESGOTO, DN 200 MM, JUNTA ELÁSTICA, INSTALADO EM LOCAL COM NÍVEL ALTO DE INTERFERÊNCIAS - FORNECIMENTO E ASSENTAMENTO. AF_06/2015","M","ATRIBUÍDO SÃO PAULO",59.59,"INSUMO",20078,"PASTA LUBRIFICANTE PARA TUBOS E CONEXOES COM JUNTA ELASTICA (USO EM PVC, ACO, POLIETILENO E OUTROS) ( DE *400* G)","UN","COEFICIENTE DE REPRESENTATIVIDADE",1.67E-2,16.53,0.27,"","","","","","","","","","",null,"CAIXA REFERENCIAL"]
["ASSENTAMENTO DE TUBOS E PECAS","ASTU","FORNEC E/OU ASSENT DE TUBO DE PVC COM JUNTA ELASTI",48,"","",90717,"TUBO DE PVC CORRUGADO DE DUPLA PAREDE PARA REDE COLETORA DE ESGOTO, DN 200 MM, JUNTA ELÁSTICA, INSTALADO EM LOCAL COM NÍVEL ALTO DE INTERFERÊNCIAS - FORNECIMENTO E ASSENTAMENTO. AF_06/2015","M","ATRIBUÍDO SÃO PAULO",59.59,"INSUMO",38033,"TUBO PVC CORRUGADO, PAREDE DUPLA, JE, DN 200 MM, REDE COLETORA ESGOTO","M","ATRIBUÍDO SÃO PAULO",1.05,48.21,50.62,"","","","","","","","","","",null,"CAIXA REFERENCIAL"]
["ASSENTAMENTO DE TUBOS E PECAS","ASTU","FORNEC E/OU ASSENT DE TUBO DE PVC COM JUNTA ELASTI",48,"","",90717,"TUBO DE PVC CORRUGADO DE DUPLA PAREDE PARA REDE COLETORA DE ESGOTO, DN 200 MM, JUNTA ELÁSTICA, INSTALADO EM LOCAL COM NÍVEL ALTO DE INTERFERÊNCIAS - FORNECIMENTO E ASSENTAMENTO. AF_06/2015","M","ATRIBUÍDO SÃO PAULO",59.59,"COMPOSICAO",88246,"ASSENTADOR DE TUBOS COM ENCARGOS COMPLEMENTARES","H","COEFICIENTE DE REPRESENTATIVIDADE",0.19420000000000001,21.04,4.08,"","","","","","","","","","",null,"CAIXA REFERENCIAL"]
["ASSENTAMENTO DE TUBOS E PECAS","ASTU","FORNEC E/OU ASSENT DE TUBO DE PVC COM JUNTA ELASTI",48,"","",90717,"TUBO DE PVC CORRUGADO DE DUPLA PAREDE PARA REDE COLETORA DE ESGOTO, DN 200 MM, JUNTA ELÁSTICA, INSTALADO EM LOCAL COM NÍVEL ALTO DE INTERFERÊNCIAS - FORNECIMENTO E ASSENTAMENTO. AF_06/2015","M","ATRIBUÍDO SÃO PAULO",59.59,"COMPOSICAO",88316,"SERVENTE COM ENCARGOS COMPLEMENTARES","H","COLETADO",0.19420000000000001,14.67,2.84,"","","","","","","","","","",null,"CAIXA REFERENCIAL"]
["ASSENTAMENTO DE TUBOS E PECAS","ASTU","FORNEC E/OU ASSENT DE TUBO DE PVC COM JUNTA ELASTI",48,"","",90718,"TUBO DE PVC CORRUGADO DE DUPLA PAREDE PARA REDE COLETORA DE ESGOTO, DN 250 MM, JUNTA ELÁSTICA, INSTALADO EM LOCAL COM NÍVEL ALTO DE INTERFERÊNCIAS - FORNECIMENTO E ASSENTAMENTO. AF_06/2015","M","ATRIBUÍDO SÃO PAULO",94.95,"","","","","","","","",5.75,6.0609254000000004,89.2,93.939074599999998,"0,00","0,0000000","0,00","0,0000000","0,00","0,0000000",0,"CAIXA REFERENCIAL"]
["ASSENTAMENTO DE TUBOS E PECAS","ASTU","FORNEC E/OU ASSENT DE TUBO DE PVC COM JUNTA ELASTI",48,"","",90718,"TUBO DE PVC CORRUGADO DE DUPLA PAREDE PARA REDE COLETORA DE ESGOTO, DN 250 MM, JUNTA ELÁSTICA, INSTALADO EM LOCAL COM NÍVEL ALTO DE INTERFERÊNCIAS - FORNECIMENTO E ASSENTAMENTO. AF_06/2015","M","ATRIBUÍDO SÃO PAULO",94.95,"INSUMO",307,"ANEL BORRACHA, PARA TUBO PVC, REDE COLETOR ESGOTO, DN 250 MM (NBR 7362)","UN","COEFICIENTE DE REPRESENTATIVIDADE",0.16669999999999999,21.08,3.51,"","","","","","","","","","",null,"CAIXA REFERENCIAL"]
["ASSENTAMENTO DE TUBOS E PECAS","ASTU","FORNEC E/OU ASSENT DE TUBO DE PVC COM JUNTA ELASTI",48,"","",90718,"TUBO DE PVC CORRUGADO DE DUPLA PAREDE PARA REDE COLETORA DE ESGOTO, DN 250 MM, JUNTA ELÁSTICA, INSTALADO EM LOCAL COM NÍVEL ALTO DE INTERFERÊNCIAS - FORNECIMENTO E ASSENTAMENTO. AF_06/2015","M","ATRIBUÍDO SÃO PAULO",94.95,"INSUMO",20078,"PASTA LUBRIFICANTE PARA TUBOS E CONEXOES COM JUNTA ELASTICA (USO EM PVC, ACO, POLIETILENO E OUTROS) ( DE *400* G)","UN","COEFICIENTE DE REPRESENTATIVIDADE",1.8800000000000001E-2,16.53,0.31,"","","","","","","","","","",null,"CAIXA REFERENCIAL"]
["ASSENTAMENTO DE TUBOS E PECAS","ASTU","FORNEC E/OU ASSENT DE TUBO DE PVC COM JUNTA ELASTI",48,"","",90718,"TUBO DE PVC CORRUGADO DE DUPLA PAREDE PARA REDE COLETORA DE ESGOTO, DN 250 MM, JUNTA ELÁSTICA, INSTALADO EM LOCAL COM NÍVEL ALTO DE INTERFERÊNCIAS - FORNECIMENTO E ASSENTAMENTO. AF_06/2015","M","ATRIBUÍDO SÃO PAULO",94.95,"INSUMO",38034,"TUBO PVC CORRUGADO, PAREDE DUPLA, JE, DN 250 MM, REDE COLETORA ESGOTO","M","ATRIBUÍDO SÃO PAULO",1.05,79.75,83.73,"","","","","","","","","","",null,"CAIXA REFERENCIAL"]
["ASSENTAMENTO DE TUBOS E PECAS","ASTU","FORNEC E/OU ASSENT DE TUBO DE PVC COM JUNTA ELASTI",48,"","",90718,"TUBO DE PVC CORRUGADO DE DUPLA PAREDE PARA REDE COLETORA DE ESGOTO, DN 250 MM, JUNTA ELÁSTICA, INSTALADO EM LOCAL COM NÍVEL ALTO DE INTERFERÊNCIAS - FORNECIMENTO E ASSENTAMENTO. AF_06/2015","M","ATRIBUÍDO SÃO PAULO",94.95,"COMPOSICAO",88246,"ASSENTADOR DE TUBOS COM ENCARGOS COMPLEMENTARES","H","COEFICIENTE DE REPRESENTATIVIDADE",0.20760000000000001,21.04,4.3600000000000003,"","","","","","","","","","",null,"CAIXA REFERENCIAL"]
["ASSENTAMENTO DE TUBOS E PECAS","ASTU","FORNEC E/OU ASSENT DE TUBO DE PVC COM JUNTA ELASTI",48,"","",90718,"TUBO DE PVC CORRUGADO DE DUPLA PAREDE PARA REDE COLETORA DE ESGOTO, DN 250 MM, JUNTA ELÁSTICA, INSTALADO EM LOCAL COM NÍVEL ALTO DE INTERFERÊNCIAS - FORNECIMENTO E ASSENTAMENTO. AF_06/2015","M","ATRIBUÍDO SÃO PAULO",94.95,"COMPOSICAO",88316,"SERVENTE COM ENCARGOS COMPLEMENTARES","H","COLETADO",0.20760000000000001,14.67,3.04,"","","","","","","","","","",null,"CAIXA REFERENCIAL"]
["ASSENTAMENTO DE TUBOS E PECAS","ASTU","FORNEC E/OU ASSENT DE TUBO DE PVC COM JUNTA ELASTI",48,"","",90719,"TUBO DE PVC CORRUGADO DE DUPLA PAREDE PARA REDE COLETORA DE ESGOTO, DN 300 MM, JUNTA ELÁSTICA, INSTALADO EM LOCAL COM NÍVEL ALTO DE INTERFERÊNCIAS - FORNECIMENTO E ASSENTAMENTO. AF_06/2015","M","ATRIBUÍDO SÃO PAULO",129.59,"","","","","","","","",6.12,4.7255038000000003,123.47,95.274496200000002,"0,00","0,0000000","0,00","0,0000000","0,00","0,0000000",0,"CAIXA REFERENCIAL"]
["ASSENTAMENTO DE TUBOS E PECAS","ASTU","FORNEC E/OU ASSENT DE TUBO DE PVC COM JUNTA ELASTI",48,"","",90719,"TUBO DE PVC CORRUGADO DE DUPLA PAREDE PARA REDE COLETORA DE ESGOTO, DN 300 MM, JUNTA ELÁSTICA, INSTALADO EM LOCAL COM NÍVEL ALTO DE INTERFERÊNCIAS - FORNECIMENTO E ASSENTAMENTO. AF_06/2015","M","ATRIBUÍDO SÃO PAULO",129.59,"INSUMO",308,"ANEL BORRACHA, PARA TUBO, PVC REDE COLETOR ESGOTO, DN 300 MM (NBR 7362)","UN","COEFICIENTE DE REPRESENTATIVIDADE",0.16669999999999999,28.15,4.6900000000000004,"","","","","","","","","","",null,"CAIXA REFERENCIAL"]
["ASSENTAMENTO DE TUBOS E PECAS","ASTU","FORNEC E/OU ASSENT DE TUBO DE PVC COM JUNTA ELASTI",48,"","",90719,"TUBO DE PVC CORRUGADO DE DUPLA PAREDE PARA REDE COLETORA DE ESGOTO, DN 300 MM, JUNTA ELÁSTICA, INSTALADO EM LOCAL COM NÍVEL ALTO DE INTERFERÊNCIAS - FORNECIMENTO E ASSENTAMENTO. AF_06/2015","M","ATRIBUÍDO SÃO PAULO",129.59,"INSUMO",20078,"PASTA LUBRIFICANTE PARA TUBOS E CONEXOES COM JUNTA ELASTICA (USO EM PVC, ACO, POLIETILENO E OUTROS) ( DE *400* G)","UN","COEFICIENTE DE REPRESENTATIVIDADE",2.0799999999999999E-2,16.53,0.34,"","","","","","","","","","",null,"CAIXA REFERENCIAL"]
["ASSENTAMENTO DE TUBOS E PECAS","ASTU","FORNEC E/OU ASSENT DE TUBO DE PVC COM JUNTA ELASTI",48,"","",90719,"TUBO DE PVC CORRUGADO DE DUPLA PAREDE PARA REDE COLETORA DE ESGOTO, DN 300 MM, JUNTA ELÁSTICA, INSTALADO EM LOCAL COM NÍVEL ALTO DE INTERFERÊNCIAS - FORNECIMENTO E ASSENTAMENTO. AF_06/2015","M","ATRIBUÍDO SÃO PAULO",129.59,"INSUMO",38035,"TUBO PVC CORRUGADO, PAREDE DUPLA, JE, DN 300 MM, REDE COLETORA ESGOTO","M","ATRIBUÍDO SÃO PAULO",1.05,111.13,116.68,"","","","","","","","","","",null,"CAIXA REFERENCIAL"]
["ASSENTAMENTO DE TUBOS E PECAS","ASTU","FORNEC E/OU ASSENT DE TUBO DE PVC COM JUNTA ELASTI",48,"","",90719,"TUBO DE PVC CORRUGADO DE DUPLA PAREDE PARA REDE COLETORA DE ESGOTO, DN 300 MM, JUNTA ELÁSTICA, INSTALADO EM LOCAL COM NÍVEL ALTO DE INTERFERÊNCIAS - FORNECIMENTO E ASSENTAMENTO. AF_06/2015","M","ATRIBUÍDO SÃO PAULO",129.59,"COMPOSICAO",88246,"ASSENTADOR DE TUBOS COM ENCARGOS COMPLEMENTARES","H","COEFICIENTE DE REPRESENTATIVIDADE",0.22090000000000001,21.04,4.6399999999999997,"","","","","","","","","","",null,"CAIXA REFERENCIAL"]
["ASSENTAMENTO DE TUBOS E PECAS","ASTU","FORNEC E/OU ASSENT DE TUBO DE PVC COM JUNTA ELASTI",48,"","",90719,"TUBO DE PVC CORRUGADO DE DUPLA PAREDE PARA REDE COLETORA DE ESGOTO, DN 300 MM, JUNTA ELÁSTICA, INSTALADO EM LOCAL COM NÍVEL ALTO DE INTERFERÊNCIAS - FORNECIMENTO E ASSENTAMENTO. AF_06/2015","M","ATRIBUÍDO SÃO PAULO",129.59,"COMPOSICAO",88316,"SERVENTE COM ENCARGOS COMPLEMENTARES","H","COLETADO",0.22090000000000001,14.67,3.24,"","","","","","","","","","",null,"CAIXA REFERENCIAL"]
["ASSENTAMENTO DE TUBOS E PECAS","ASTU","FORNEC E/OU ASSENT DE TUBO DE PVC COM JUNTA ELASTI",48,"","",90720,"TUBO DE PVC CORRUGADO DE DUPLA PAREDE PARA REDE COLETORA DE ESGOTO, DN 350 MM, JUNTA ELÁSTICA, INSTALADO EM LOCAL COM NÍVEL ALTO DE INTERFERÊNCIAS - FORNECIMENTO E ASSENTAMENTO. AF_06/2015","M","ATRIBUÍDO SÃO PAULO",180.57,"","","","","","","","",6.49,3.5957669999999999,174.08,96.404233000000005,"0,00","0,0000000","0,00","0,0000000","0,00","0,0000000",0,"CAIXA REFERENCIAL"]
["ASSENTAMENTO DE TUBOS E PECAS","ASTU","FORNEC E/OU ASSENT DE TUBO DE PVC COM JUNTA ELASTI",48,"","",90720,"TUBO DE PVC CORRUGADO DE DUPLA PAREDE PARA REDE COLETORA DE ESGOTO, DN 350 MM, JUNTA ELÁSTICA, INSTALADO EM LOCAL COM NÍVEL ALTO DE INTERFERÊNCIAS - FORNECIMENTO E ASSENTAMENTO. AF_06/2015","M","ATRIBUÍDO SÃO PAULO",180.57,"INSUMO",309,"ANEL BORRACHA, PARA TUBO PVC, REDE COLETOR ESGOTO, DN 350 MM (NBR 7362)","UN","COEFICIENTE DE REPRESENTATIVIDADE",0.16669999999999999,43.2,7.2,"","","","","","","","","","",null,"CAIXA REFERENCIAL"]
["ASSENTAMENTO DE TUBOS E PECAS","ASTU","FORNEC E/OU ASSENT DE TUBO DE PVC COM JUNTA ELASTI",48,"","",90720,"TUBO DE PVC CORRUGADO DE DUPLA PAREDE PARA REDE COLETORA DE ESGOTO, DN 350 MM, JUNTA ELÁSTICA, INSTALADO EM LOCAL COM NÍVEL ALTO DE INTERFERÊNCIAS - FORNECIMENTO E ASSENTAMENTO. AF_06/2015","M","ATRIBUÍDO SÃO PAULO",180.57,"INSUMO",20078,"PASTA LUBRIFICANTE PARA TUBOS E CONEXOES COM JUNTA ELASTICA (USO EM PVC, ACO, POLIETILENO E OUTROS) ( DE *400* G)","UN","COEFICIENTE DE REPRESENTATIVIDADE",2.29E-2,16.53,0.37,"","","","","","","","","","",null,"CAIXA REFERENCIAL"]
["ASSENTAMENTO DE TUBOS E PECAS","ASTU","FORNEC E/OU ASSENT DE TUBO DE PVC COM JUNTA ELASTI",48,"","",90720,"TUBO DE PVC CORRUGADO DE DUPLA PAREDE PARA REDE COLETORA DE ESGOTO, DN 350 MM, JUNTA ELÁSTICA, INSTALADO EM LOCAL COM NÍVEL ALTO DE INTERFERÊNCIAS - FORNECIMENTO E ASSENTAMENTO. AF_06/2015","M","ATRIBUÍDO SÃO PAULO",180.57,"INSUMO",38036,"TUBO PVC CORRUGADO, PAREDE DUPLA, JE, DN 350 MM, REDE COLETORA ESGOTO","M","ATRIBUÍDO SÃO PAULO",1.05,156.81,164.65,"","","","","","","","","","",null,"CAIXA REFERENCIAL"]
["ASSENTAMENTO DE TUBOS E PECAS","ASTU","FORNEC E/OU ASSENT DE TUBO DE PVC COM JUNTA ELASTI",48,"","",90720,"TUBO DE PVC CORRUGADO DE DUPLA PAREDE PARA REDE COLETORA DE ESGOTO, DN 350 MM, JUNTA ELÁSTICA, INSTALADO EM LOCAL COM NÍVEL ALTO DE INTERFERÊNCIAS - FORNECIMENTO E ASSENTAMENTO. AF_06/2015","M","ATRIBUÍDO SÃO PAULO",180.57,"COMPOSICAO",88246,"ASSENTADOR DE TUBOS COM ENCARGOS COMPLEMENTARES","H","COEFICIENTE DE REPRESENTATIVIDADE",0.23419999999999999,21.04,4.92,"","","","","","","","","","",null,"CAIXA REFERENCIAL"]
["ASSENTAMENTO DE TUBOS E PECAS","ASTU","FORNEC E/OU ASSENT DE TUBO DE PVC COM JUNTA ELASTI",48,"","",90720,"TUBO DE PVC CORRUGADO DE DUPLA PAREDE PARA REDE COLETORA DE ESGOTO, DN 350 MM, JUNTA ELÁSTICA, INSTALADO EM LOCAL COM NÍVEL ALTO DE INTERFERÊNCIAS - FORNECIMENTO E ASSENTAMENTO. AF_06/2015","M","ATRIBUÍDO SÃO PAULO",180.57,"COMPOSICAO",88316,"SERVENTE COM ENCARGOS COMPLEMENTARES","H","COLETADO",0.23419999999999999,14.67,3.43,"","","","","","","","","","",null,"CAIXA REFERENCIAL"]
["ASSENTAMENTO DE TUBOS E PECAS","ASTU","FORNEC E/OU ASSENT DE TUBO DE PVC COM JUNTA ELASTI",48,"","",90721,"TUBO DE PVC CORRUGADO DE DUPLA PAREDE PARA REDE COLETORA DE ESGOTO, DN 400 MM, EM JUNTA ELÁSTICA, INSTALADO EM LOCAL COM NÍVEL ALTO DE INTERFERÊNCIAS - FORNECIMENTO E ASSENTAMENTO. AF_06/2015","M","ATRIBUÍDO SÃO PAULO",218.85,"","","","","","","","",9.98,4.5637461000000004,205.33,93.817450199999996,"3,54","1,6188037","0,00","0,0000000","0,00","0,0000000",0,"CAIXA REFERENCIAL"]
["ASSENTAMENTO DE TUBOS E PECAS","ASTU","FORNEC E/OU ASSENT DE TUBO DE PVC COM JUNTA ELASTI",48,"","",90721,"TUBO DE PVC CORRUGADO DE DUPLA PAREDE PARA REDE COLETORA DE ESGOTO, DN 400 MM, EM JUNTA ELÁSTICA, INSTALADO EM LOCAL COM NÍVEL ALTO DE INTERFERÊNCIAS - FORNECIMENTO E ASSENTAMENTO. AF_06/2015","M","ATRIBUÍDO SÃO PAULO",218.85,"INSUMO",310,"ANEL BORRACHA, PARA TUBO PVC, REDE COLETOR ESGOTO, DN 400 MM (NBR 7362)","UN","COEFICIENTE DE REPRESENTATIVIDADE",0.16669999999999999,54.79,9.1300000000000008,"","","","","","","","","","",null,"CAIXA REFERENCIAL"]
["ASSENTAMENTO DE TUBOS E PECAS","ASTU","FORNEC E/OU ASSENT DE TUBO DE PVC COM JUNTA ELASTI",48,"","",90721,"TUBO DE PVC CORRUGADO DE DUPLA PAREDE PARA REDE COLETORA DE ESGOTO, DN 400 MM, EM JUNTA ELÁSTICA, INSTALADO EM LOCAL COM NÍVEL ALTO DE INTERFERÊNCIAS - FORNECIMENTO E ASSENTAMENTO. AF_06/2015","M","ATRIBUÍDO SÃO PAULO",218.85,"COMPOSICAO",5678,"RETROESCAVADEIRA SOBRE RODAS COM CARREGADEIRA, TRAÇÃO 4X4, POTÊNCIA LÍQ. 88 HP, CAÇAMBA CARREG. CAP. MÍN. 1 M3, CAÇAMBA RETRO CAP. 0,26 M3, PESO OPERACIONAL MÍN. 6.674 KG, PROFUNDIDADE ESCAVAÇÃO MÁX. 4,37 M - CHP DIURNO. AF_06/2014","CHP","ATRIBUÍDO SÃO PAULO",8.0299999999999996E-2,92.02,7.38,"","","","","","","","","","",null,"CAIXA REFERENCIAL"]
["ASSENTAMENTO DE TUBOS E PECAS","ASTU","FORNEC E/OU ASSENT DE TUBO DE PVC COM JUNTA ELASTI",48,"","",90721,"TUBO DE PVC CORRUGADO DE DUPLA PAREDE PARA REDE COLETORA DE ESGOTO, DN 400 MM, EM JUNTA ELÁSTICA, INSTALADO EM LOCAL COM NÍVEL ALTO DE INTERFERÊNCIAS - FORNECIMENTO E ASSENTAMENTO. AF_06/2015","M","ATRIBUÍDO SÃO PAULO",218.85,"COMPOSICAO",5679,"RETROESCAVADEIRA SOBRE RODAS COM CARREGADEIRA, TRAÇÃO 4X4, POTÊNCIA LÍQ. 88 HP, CAÇAMBA CARREG. CAP. MÍN. 1 M3, CAÇAMBA RETRO CAP. 0,26 M3, PESO OPERACIONAL MÍN. 6.674 KG, PROFUNDIDADE ESCAVAÇÃO MÁX. 4,37 M - CHI DIURNO. AF_06/2014","CHI","ATRIBUÍDO SÃO PAULO",4.99E-2,43.92,2.19,"","","","","","","","","","",null,"CAIXA REFERENCIAL"]
["ASSENTAMENTO DE TUBOS E PECAS","ASTU","FORNEC E/OU ASSENT DE TUBO DE PVC COM JUNTA ELASTI",48,"","",90721,"TUBO DE PVC CORRUGADO DE DUPLA PAREDE PARA REDE COLETORA DE ESGOTO, DN 400 MM, EM JUNTA ELÁSTICA, INSTALADO EM LOCAL COM NÍVEL ALTO DE INTERFERÊNCIAS - FORNECIMENTO E ASSENTAMENTO. AF_06/2015","M","ATRIBUÍDO SÃO PAULO",218.85,"INSUMO",20078,"PASTA LUBRIFICANTE PARA TUBOS E CONEXOES COM JUNTA ELASTICA (USO EM PVC, ACO, POLIETILENO E OUTROS) ( DE *400* G)","UN","COEFICIENTE DE REPRESENTATIVIDADE",2.5000000000000001E-2,16.53,0.41,"","","","","","","","","","",null,"CAIXA REFERENCIAL"]
["ASSENTAMENTO DE TUBOS E PECAS","ASTU","FORNEC E/OU ASSENT DE TUBO DE PVC COM JUNTA ELASTI",48,"","",90721,"TUBO DE PVC CORRUGADO DE DUPLA PAREDE PARA REDE COLETORA DE ESGOTO, DN 400 MM, EM JUNTA ELÁSTICA, INSTALADO EM LOCAL COM NÍVEL ALTO DE INTERFERÊNCIAS - FORNECIMENTO E ASSENTAMENTO. AF_06/2015","M","ATRIBUÍDO SÃO PAULO",218.85,"INSUMO",38037,"TUBO PVC CORRUGADO, PAREDE DUPLA, JE, DN 400 MM, REDE COLETORA ESGOTO","M","ATRIBUÍDO SÃO PAULO",1.05,181.82,190.91,"","","","","","","","","","",null,"CAIXA REFERENCIAL"]
["ASSENTAMENTO DE TUBOS E PECAS","ASTU","FORNEC E/OU ASSENT DE TUBO DE PVC COM JUNTA ELASTI",48,"","",90721,"TUBO DE PVC CORRUGADO DE DUPLA PAREDE PARA REDE COLETORA DE ESGOTO, DN 400 MM, EM JUNTA ELÁSTICA, INSTALADO EM LOCAL COM NÍVEL ALTO DE INTERFERÊNCIAS - FORNECIMENTO E ASSENTAMENTO. AF_06/2015","M","ATRIBUÍDO SÃO PAULO",218.85,"COMPOSICAO",88246,"ASSENTADOR DE TUBOS COM ENCARGOS COMPLEMENTARES","H","COEFICIENTE DE REPRESENTATIVIDADE",0.24759999999999999,21.04,5.2,"","","","","","","","","","",null,"CAIXA REFERENCIAL"]
["ASSENTAMENTO DE TUBOS E PECAS","ASTU","FORNEC E/OU ASSENT DE TUBO DE PVC COM JUNTA ELASTI",48,"","",90721,"TUBO DE PVC CORRUGADO DE DUPLA PAREDE PARA REDE COLETORA DE ESGOTO, DN 400 MM, EM JUNTA ELÁSTICA, INSTALADO EM LOCAL COM NÍVEL ALTO DE INTERFERÊNCIAS - FORNECIMENTO E ASSENTAMENTO. AF_06/2015","M","ATRIBUÍDO SÃO PAULO",218.85,"COMPOSICAO",88316,"SERVENTE COM ENCARGOS COMPLEMENTARES","H","COLETADO",0.24759999999999999,14.67,3.63,"","","","","","","","","","",null,"CAIXA REFERENCIAL"]
["ASSENTAMENTO DE TUBOS E PECAS","ASTU","FORNEC E/OU ASSENT DE TUBO DE PVC COM JUNTA ELASTI",48,"","",90723,"TUBO DE PEAD CORRUGADO DE DUPLA PAREDE PARA REDE COLETORA DE ESGOTO, DN 600 MM, JUNTA ELÁSTICA INTEGRADA, INSTALADO EM LOCAL COM NÍVEL ALTO DE INTERFERÊNCIAS - FORNECIMENTO E ASSENTAMENTO. AF_06/2015","M","ATRIBUÍDO SÃO PAULO",577.15,"","","","","","","","",6.22,1.0779521999999999,566.86,98.216699700000007,"4,07","0,7053481","0,00","0,0000000","0,00","0,0000000",0,"CAIXA REFERENCIAL"]
["ASSENTAMENTO DE TUBOS E PECAS","ASTU","FORNEC E/OU ASSENT DE TUBO DE PVC COM JUNTA ELASTI",48,"","",90723,"TUBO DE PEAD CORRUGADO DE DUPLA PAREDE PARA REDE COLETORA DE ESGOTO, DN 600 MM, JUNTA ELÁSTICA INTEGRADA, INSTALADO EM LOCAL COM NÍVEL ALTO DE INTERFERÊNCIAS - FORNECIMENTO E ASSENTAMENTO. AF_06/2015","M","ATRIBUÍDO SÃO PAULO",577.15,"COMPOSICAO",5631,"ESCAVADEIRA HIDRÁULICA SOBRE ESTEIRAS, CAÇAMBA 0,80 M3, PESO OPERACIONAL 17 T, POTENCIA BRUTA 111 HP - CHP DIURNO. AF_06/2014","CHP","ATRIBUÍDO SÃO PAULO",5.0200000000000002E-2,126.79,6.36,"","","","","","","","","","",null,"CAIXA REFERENCIAL"]
["ASSENTAMENTO DE TUBOS E PECAS","ASTU","FORNEC E/OU ASSENT DE TUBO DE PVC COM JUNTA ELASTI",48,"","",90723,"TUBO DE PEAD CORRUGADO DE DUPLA PAREDE PARA REDE COLETORA DE ESGOTO, DN 600 MM, JUNTA ELÁSTICA INTEGRADA, INSTALADO EM LOCAL COM NÍVEL ALTO DE INTERFERÊNCIAS - FORNECIMENTO E ASSENTAMENTO. AF_06/2015","M","ATRIBUÍDO SÃO PAULO",577.15,"COMPOSICAO",5632,"ESCAVADEIRA HIDRÁULICA SOBRE ESTEIRAS, CAÇAMBA 0,80 M3, PESO OPERACIONAL 17 T, POTENCIA BRUTA 111 HP - CHI DIURNO. AF_06/2014","CHI","ATRIBUÍDO SÃO PAULO",3.1199999999999999E-2,57.49,1.79,"","","","","","","","","","",null,"CAIXA REFERENCIAL"]
["ASSENTAMENTO DE TUBOS E PECAS","ASTU","FORNEC E/OU ASSENT DE TUBO DE PVC COM JUNTA ELASTI",48,"","",90723,"TUBO DE PEAD CORRUGADO DE DUPLA PAREDE PARA REDE COLETORA DE ESGOTO, DN 600 MM, JUNTA ELÁSTICA INTEGRADA, INSTALADO EM LOCAL COM NÍVEL ALTO DE INTERFERÊNCIAS - FORNECIMENTO E ASSENTAMENTO. AF_06/2015","M","ATRIBUÍDO SÃO PAULO",577.15,"INSUMO",20078,"PASTA LUBRIFICANTE PARA TUBOS E CONEXOES COM JUNTA ELASTICA (USO EM PVC, ACO, POLIETILENO E OUTROS) ( DE *400* G)","UN","COEFICIENTE DE REPRESENTATIVIDADE",6.9400000000000003E-2,16.53,1.1399999999999999,"","","","","","","","","","",null,"CAIXA REFERENCIAL"]
["ASSENTAMENTO DE TUBOS E PECAS","ASTU","FORNEC E/OU ASSENT DE TUBO DE PVC COM JUNTA ELASTI",48,"","",90723,"TUBO DE PEAD CORRUGADO DE DUPLA PAREDE PARA REDE COLETORA DE ESGOTO, DN 600 MM, JUNTA ELÁSTICA INTEGRADA, INSTALADO EM LOCAL COM NÍVEL ALTO DE INTERFERÊNCIAS - FORNECIMENTO E ASSENTAMENTO. AF_06/2015","M","ATRIBUÍDO SÃO PAULO",577.15,"INSUMO",41782,"TUBO CORRUGADO PEAD, PAREDE DUPLA, INTERNA LISA, JEI, DN/DI 600 MM, PARA SANEAMENTO","M","ATRIBUÍDO SÃO PAULO",1.05,535.57000000000005,562.34,"","","","","","","","","","",null,"CAIXA REFERENCIAL"]
["ASSENTAMENTO DE TUBOS E PECAS","ASTU","FORNEC E/OU ASSENT DE TUBO DE PVC COM JUNTA ELASTI",48,"","",90723,"TUBO DE PEAD CORRUGADO DE DUPLA PAREDE PARA REDE COLETORA DE ESGOTO, DN 600 MM, JUNTA ELÁSTICA INTEGRADA, INSTALADO EM LOCAL COM NÍVEL ALTO DE INTERFERÊNCIAS - FORNECIMENTO E ASSENTAMENTO. AF_06/2015","M","ATRIBUÍDO SÃO PAULO",577.15,"COMPOSICAO",88246,"ASSENTADOR DE TUBOS COM ENCARGOS COMPLEMENTARES","H","COEFICIENTE DE REPRESENTATIVIDADE",0.15490000000000001,21.04,3.25,"","","","","","","","","","",null,"CAIXA REFERENCIAL"]
["ASSENTAMENTO DE TUBOS E PECAS","ASTU","FORNEC E/OU ASSENT DE TUBO DE PVC COM JUNTA ELASTI",48,"","",90723,"TUBO DE PEAD CORRUGADO DE DUPLA PAREDE PARA REDE COLETORA DE ESGOTO, DN 600 MM, JUNTA ELÁSTICA INTEGRADA, INSTALADO EM LOCAL COM NÍVEL ALTO DE INTERFERÊNCIAS - FORNECIMENTO E ASSENTAMENTO. AF_06/2015","M","ATRIBUÍDO SÃO PAULO",577.15,"COMPOSICAO",88316,"SERVENTE COM ENCARGOS COMPLEMENTARES","H","COLETADO",0.15490000000000001,14.67,2.27,"","","","","","","","","","",null,"CAIXA REFERENCIAL"]
["ASSENTAMENTO DE TUBOS E PECAS","ASTU","FORNEC E/OU ASSENT DE TUBO DE PVC COM JUNTA ELASTI",48,"","",90724,"JUNTA ARGAMASSADA ENTRE TUBO DN 100 MM E O POÇO DE VISITA/ CAIXA DE CONCRETO OU ALVENARIA EM REDES DE ESGOTO. AF_06/2015","UN","COEFICIENTE DE REPRESENTATIVIDADE",19.86,"","","","","","","","",14.54,73.201621099999997,5.32,26.798378899999999,"0,00","0,0000000","0,00","0,0000000","0,00","0,0000000",0,"CAIXA REFERENCIAL"]
["ASSENTAMENTO DE TUBOS E PECAS","ASTU","FORNEC E/OU ASSENT DE TUBO DE PVC COM JUNTA ELASTI",48,"","",90724,"JUNTA ARGAMASSADA ENTRE TUBO DN 100 MM E O POÇO DE VISITA/ CAIXA DE CONCRETO OU ALVENARIA EM REDES DE ESGOTO. AF_06/2015","UN","COEFICIENTE DE REPRESENTATIVIDADE",19.86,"COMPOSICAO",88246,"ASSENTADOR DE TUBOS COM ENCARGOS COMPLEMENTARES","H","COEFICIENTE DE REPRESENTATIVIDADE",0.50860000000000005,21.04,10.7,"","","","","","","","","","",null,"CAIXA REFERENCIAL"]
["ASSENTAMENTO DE TUBOS E PECAS","ASTU","FORNEC E/OU ASSENT DE TUBO DE PVC COM JUNTA ELASTI",48,"","",90724,"JUNTA ARGAMASSADA ENTRE TUBO DN 100 MM E O POÇO DE VISITA/ CAIXA DE CONCRETO OU ALVENARIA EM REDES DE ESGOTO. AF_06/2015","UN","COEFICIENTE DE REPRESENTATIVIDADE",19.86,"COMPOSICAO",88316,"SERVENTE COM ENCARGOS COMPLEMENTARES","H","COLETADO",0.50860000000000005,14.67,7.46,"","","","","","","","","","",null,"CAIXA REFERENCIAL"]
["ASSENTAMENTO DE TUBOS E PECAS","ASTU","FORNEC E/OU ASSENT DE TUBO DE PVC COM JUNTA ELASTI",48,"","",90724,"JUNTA ARGAMASSADA ENTRE TUBO DN 100 MM E O POÇO DE VISITA/ CAIXA DE CONCRETO OU ALVENARIA EM REDES DE ESGOTO. AF_06/2015","UN","COEFICIENTE DE REPRESENTATIVIDADE",19.86,"COMPOSICAO",88629,"ARGAMASSA TRAÇO 1:3 (EM VOLUME DE CIMENTO E AREIA MÉDIA ÚMIDA), PREPARO MANUAL. AF_08/2019","M3","COEFICIENTE DE REPRESENTATIVIDADE",3.7000000000000002E-3,459.77,1.7,"","","","","","","","","","",null,"CAIXA REFERENCIAL"]
["ASSENTAMENTO DE TUBOS E PECAS","ASTU","FORNEC E/OU ASSENT DE TUBO DE PVC COM JUNTA ELASTI",48,"","",90725,"JUNTA ARGAMASSADA ENTRE TUBO DN 150 MM E O POÇO DE VISITA/ CAIXA DE CONCRETO OU ALVENARIA EM REDES DE ESGOTO. AF_06/2015","UN","COEFICIENTE DE REPRESENTATIVIDADE",24.54,"","","","","","","","",17.8,72.522522600000002,6.74,27.477477400000001,"0,00","0,0000000","0,00","0,0000000","0,00","0,0000000",0,"CAIXA REFERENCIAL"]
["ASSENTAMENTO DE TUBOS E PECAS","ASTU","FORNEC E/OU ASSENT DE TUBO DE PVC COM JUNTA ELASTI",48,"","",90725,"JUNTA ARGAMASSADA ENTRE TUBO DN 150 MM E O POÇO DE VISITA/ CAIXA DE CONCRETO OU ALVENARIA EM REDES DE ESGOTO. AF_06/2015","UN","COEFICIENTE DE REPRESENTATIVIDADE",24.54,"COMPOSICAO",88246,"ASSENTADOR DE TUBOS COM ENCARGOS COMPLEMENTARES","H","COEFICIENTE DE REPRESENTATIVIDADE",0.62170000000000003,21.04,13.08,"","","","","","","","","","",null,"CAIXA REFERENCIAL"]
["ASSENTAMENTO DE TUBOS E PECAS","ASTU","FORNEC E/OU ASSENT DE TUBO DE PVC COM JUNTA ELASTI",48,"","",90725,"JUNTA ARGAMASSADA ENTRE TUBO DN 150 MM E O POÇO DE VISITA/ CAIXA DE CONCRETO OU ALVENARIA EM REDES DE ESGOTO. AF_06/2015","UN","COEFICIENTE DE REPRESENTATIVIDADE",24.54,"COMPOSICAO",88316,"SERVENTE COM ENCARGOS COMPLEMENTARES","H","COLETADO",0.62170000000000003,14.67,9.1199999999999992,"","","","","","","","","","",null,"CAIXA REFERENCIAL"]
["ASSENTAMENTO DE TUBOS E PECAS","ASTU","FORNEC E/OU ASSENT DE TUBO DE PVC COM JUNTA ELASTI",48,"","",90725,"JUNTA ARGAMASSADA ENTRE TUBO DN 150 MM E O POÇO DE VISITA/ CAIXA DE CONCRETO OU ALVENARIA EM REDES DE ESGOTO. AF_06/2015","UN","COEFICIENTE DE REPRESENTATIVIDADE",24.54,"COMPOSICAO",88629,"ARGAMASSA TRAÇO 1:3 (EM VOLUME DE CIMENTO E AREIA MÉDIA ÚMIDA), PREPARO MANUAL. AF_08/2019","M3","COEFICIENTE DE REPRESENTATIVIDADE",5.1000000000000004E-3,459.77,2.34,"","","","","","","","","","",null,"CAIXA REFERENCIAL"]
["ASSENTAMENTO DE TUBOS E PECAS","ASTU","FORNEC E/OU ASSENT DE TUBO DE PVC COM JUNTA ELASTI",48,"","",90726,"JUNTA ARGAMASSADA ENTRE TUBO DN 200 MM E O POÇO/ CAIXA DE CONCRETO OU ALVENARIA EM REDES DE ESGOTO. AF_06/2015","UN","COEFICIENTE DE REPRESENTATIVIDADE",29.21,"","","","","","","","",21.08,72.145804699999999,8.1300000000000008,27.854195300000001,"0,00","0,0000000","0,00","0,0000000","0,00","0,0000000",0,"CAIXA REFERENCIAL"]
["ASSENTAMENTO DE TUBOS E PECAS","ASTU","FORNEC E/OU ASSENT DE TUBO DE PVC COM JUNTA ELASTI",48,"","",90726,"JUNTA ARGAMASSADA ENTRE TUBO DN 200 MM E O POÇO/ CAIXA DE CONCRETO OU ALVENARIA EM REDES DE ESGOTO. AF_06/2015","UN","COEFICIENTE DE REPRESENTATIVIDADE",29.21,"COMPOSICAO",88246,"ASSENTADOR DE TUBOS COM ENCARGOS COMPLEMENTARES","H","COEFICIENTE DE REPRESENTATIVIDADE",0.73480000000000001,21.04,15.46,"","","","","","","","","","",null,"CAIXA REFERENCIAL"]
["ASSENTAMENTO DE TUBOS E PECAS","ASTU","FORNEC E/OU ASSENT DE TUBO DE PVC COM JUNTA ELASTI",48,"","",90726,"JUNTA ARGAMASSADA ENTRE TUBO DN 200 MM E O POÇO/ CAIXA DE CONCRETO OU ALVENARIA EM REDES DE ESGOTO. AF_06/2015","UN","COEFICIENTE DE REPRESENTATIVIDADE",29.21,"COMPOSICAO",88316,"SERVENTE COM ENCARGOS COMPLEMENTARES","H","COLETADO",0.73480000000000001,14.67,10.77,"","","","","","","","","","",null,"CAIXA REFERENCIAL"]
["ASSENTAMENTO DE TUBOS E PECAS","ASTU","FORNEC E/OU ASSENT DE TUBO DE PVC COM JUNTA ELASTI",48,"","",90726,"JUNTA ARGAMASSADA ENTRE TUBO DN 200 MM E O POÇO/ CAIXA DE CONCRETO OU ALVENARIA EM REDES DE ESGOTO. AF_06/2015","UN","COEFICIENTE DE REPRESENTATIVIDADE",29.21,"COMPOSICAO",88629,"ARGAMASSA TRAÇO 1:3 (EM VOLUME DE CIMENTO E AREIA MÉDIA ÚMIDA), PREPARO MANUAL. AF_08/2019","M3","COEFICIENTE DE REPRESENTATIVIDADE",6.4999999999999997E-3,459.77,2.98,"","","","","","","","","","",null,"CAIXA REFERENCIAL"]
["ASSENTAMENTO DE TUBOS E PECAS","ASTU","FORNEC E/OU ASSENT DE TUBO DE PVC COM JUNTA ELASTI",48,"","",90727,"JUNTA ARGAMASSADA ENTRE TUBO DN 250 MM E O POÇO DE VISITA/ CAIXA DE CONCRETO OU ALVENARIA EM REDES DE ESGOTO. AF_06/2015","UN","COEFICIENTE DE REPRESENTATIVIDADE",33.89,"","","","","","","","",24.35,71.838910299999995,9.5399999999999991,28.161089700000002,"0,00","0,0000000","0,00","0,0000000","0,00","0,0000000",0,"CAIXA REFERENCIAL"]
["ASSENTAMENTO DE TUBOS E PECAS","ASTU","FORNEC E/OU ASSENT DE TUBO DE PVC COM JUNTA ELASTI",48,"","",90727,"JUNTA ARGAMASSADA ENTRE TUBO DN 250 MM E O POÇO DE VISITA/ CAIXA DE CONCRETO OU ALVENARIA EM REDES DE ESGOTO. AF_06/2015","UN","COEFICIENTE DE REPRESENTATIVIDADE",33.89,"COMPOSICAO",88246,"ASSENTADOR DE TUBOS COM ENCARGOS COMPLEMENTARES","H","COEFICIENTE DE REPRESENTATIVIDADE",0.84789999999999999,21.04,17.829999999999998,"","","","","","","","","","",null,"CAIXA REFERENCIAL"]
["ASSENTAMENTO DE TUBOS E PECAS","ASTU","FORNEC E/OU ASSENT DE TUBO DE PVC COM JUNTA ELASTI",48,"","",90727,"JUNTA ARGAMASSADA ENTRE TUBO DN 250 MM E O POÇO DE VISITA/ CAIXA DE CONCRETO OU ALVENARIA EM REDES DE ESGOTO. AF_06/2015","UN","COEFICIENTE DE REPRESENTATIVIDADE",33.89,"COMPOSICAO",88316,"SERVENTE COM ENCARGOS COMPLEMENTARES","H","COLETADO",0.84789999999999999,14.67,12.43,"","","","","","","","","","",null,"CAIXA REFERENCIAL"]
["ASSENTAMENTO DE TUBOS E PECAS","ASTU","FORNEC E/OU ASSENT DE TUBO DE PVC COM JUNTA ELASTI",48,"","",90727,"JUNTA ARGAMASSADA ENTRE TUBO DN 250 MM E O POÇO DE VISITA/ CAIXA DE CONCRETO OU ALVENARIA EM REDES DE ESGOTO. AF_06/2015","UN","COEFICIENTE DE REPRESENTATIVIDADE",33.89,"COMPOSICAO",88629,"ARGAMASSA TRAÇO 1:3 (EM VOLUME DE CIMENTO E AREIA MÉDIA ÚMIDA), PREPARO MANUAL. AF_08/2019","M3","COEFICIENTE DE REPRESENTATIVIDADE",7.9000000000000008E-3,459.77,3.63,"","","","","","","","","","",null,"CAIXA REFERENCIAL"]
["ASSENTAMENTO DE TUBOS E PECAS","ASTU","FORNEC E/OU ASSENT DE TUBO DE PVC COM JUNTA ELASTI",48,"","",90728,"JUNTA ARGAMASSADA ENTRE TUBO DN 300 MM E O POÇO DE VISITA/ CAIXA DE CONCRETO OU ALVENARIA EM REDES DE ESGOTO. AF_06/2015","UN","COEFICIENTE DE REPRESENTATIVIDADE",38.57,"","","","","","","","",27.6,71.551052299999995,10.97,28.448947700000002,"0,00","0,0000000","0,00","0,0000000","0,00","0,0000000",0,"CAIXA REFERENCIAL"]
["ASSENTAMENTO DE TUBOS E PECAS","ASTU","FORNEC E/OU ASSENT DE TUBO DE PVC COM JUNTA ELASTI",48,"","",90728,"JUNTA ARGAMASSADA ENTRE TUBO DN 300 MM E O POÇO DE VISITA/ CAIXA DE CONCRETO OU ALVENARIA EM REDES DE ESGOTO. AF_06/2015","UN","COEFICIENTE DE REPRESENTATIVIDADE",38.57,"COMPOSICAO",88246,"ASSENTADOR DE TUBOS COM ENCARGOS COMPLEMENTARES","H","COEFICIENTE DE REPRESENTATIVIDADE",0.96099999999999997,21.04,20.21,"","","","","","","","","","",null,"CAIXA REFERENCIAL"]
["ASSENTAMENTO DE TUBOS E PECAS","ASTU","FORNEC E/OU ASSENT DE TUBO DE PVC COM JUNTA ELASTI",48,"","",90728,"JUNTA ARGAMASSADA ENTRE TUBO DN 300 MM E O POÇO DE VISITA/ CAIXA DE CONCRETO OU ALVENARIA EM REDES DE ESGOTO. AF_06/2015","UN","COEFICIENTE DE REPRESENTATIVIDADE",38.57,"COMPOSICAO",88316,"SERVENTE COM ENCARGOS COMPLEMENTARES","H","COLETADO",0.96099999999999997,14.67,14.09,"","","","","","","","","","",null,"CAIXA REFERENCIAL"]
["ASSENTAMENTO DE TUBOS E PECAS","ASTU","FORNEC E/OU ASSENT DE TUBO DE PVC COM JUNTA ELASTI",48,"","",90728,"JUNTA ARGAMASSADA ENTRE TUBO DN 300 MM E O POÇO DE VISITA/ CAIXA DE CONCRETO OU ALVENARIA EM REDES DE ESGOTO. AF_06/2015","UN","COEFICIENTE DE REPRESENTATIVIDADE",38.57,"COMPOSICAO",88629,"ARGAMASSA TRAÇO 1:3 (EM VOLUME DE CIMENTO E AREIA MÉDIA ÚMIDA), PREPARO MANUAL. AF_08/2019","M3","COEFICIENTE DE REPRESENTATIVIDADE",9.2999999999999992E-3,459.77,4.2699999999999996,"","","","","","","","","","",null,"CAIXA REFERENCIAL"]
["ASSENTAMENTO DE TUBOS E PECAS","ASTU","FORNEC E/OU ASSENT DE TUBO DE PVC COM JUNTA ELASTI",48,"","",90729,"JUNTA ARGAMASSADA ENTRE TUBO DN 350 MM E O POÇO DE VISITA/ CAIXA DE CONCRETO OU ALVENARIA EM REDES DE ESGOTO. AF_06/2015","UN","COEFICIENTE DE REPRESENTATIVIDADE",43.25,"","","","","","","","",30.88,71.385542200000003,12.37,28.6144578,"0,00","0,0000000","0,00","0,0000000","0,00","0,0000000",0,"CAIXA REFERENCIAL"]
["ASSENTAMENTO DE TUBOS E PECAS","ASTU","FORNEC E/OU ASSENT DE TUBO DE PVC COM JUNTA ELASTI",48,"","",90729,"JUNTA ARGAMASSADA ENTRE TUBO DN 350 MM E O POÇO DE VISITA/ CAIXA DE CONCRETO OU ALVENARIA EM REDES DE ESGOTO. AF_06/2015","UN","COEFICIENTE DE REPRESENTATIVIDADE",43.25,"COMPOSICAO",88246,"ASSENTADOR DE TUBOS COM ENCARGOS COMPLEMENTARES","H","COEFICIENTE DE REPRESENTATIVIDADE",1.0741000000000001,21.04,22.59,"","","","","","","","","","",null,"CAIXA REFERENCIAL"]
["ASSENTAMENTO DE TUBOS E PECAS","ASTU","FORNEC E/OU ASSENT DE TUBO DE PVC COM JUNTA ELASTI",48,"","",90729,"JUNTA ARGAMASSADA ENTRE TUBO DN 350 MM E O POÇO DE VISITA/ CAIXA DE CONCRETO OU ALVENARIA EM REDES DE ESGOTO. AF_06/2015","UN","COEFICIENTE DE REPRESENTATIVIDADE",43.25,"COMPOSICAO",88316,"SERVENTE COM ENCARGOS COMPLEMENTARES","H","COLETADO",1.0741000000000001,14.67,15.75,"","","","","","","","","","",null,"CAIXA REFERENCIAL"]
["ASSENTAMENTO DE TUBOS E PECAS","ASTU","FORNEC E/OU ASSENT DE TUBO DE PVC COM JUNTA ELASTI",48,"","",90729,"JUNTA ARGAMASSADA ENTRE TUBO DN 350 MM E O POÇO DE VISITA/ CAIXA DE CONCRETO OU ALVENARIA EM REDES DE ESGOTO. AF_06/2015","UN","COEFICIENTE DE REPRESENTATIVIDADE",43.25,"COMPOSICAO",88629,"ARGAMASSA TRAÇO 1:3 (EM VOLUME DE CIMENTO E AREIA MÉDIA ÚMIDA), PREPARO MANUAL. AF_08/2019","M3","COEFICIENTE DE REPRESENTATIVIDADE",1.0699999999999999E-2,459.77,4.91,"","","","","","","","","","",null,"CAIXA REFERENCIAL"]
["ASSENTAMENTO DE TUBOS E PECAS","ASTU","FORNEC E/OU ASSENT DE TUBO DE PVC COM JUNTA ELASTI",48,"","",90730,"JUNTA ARGAMASSADA ENTRE TUBO DN 400 MM E O POÇO DE VISITA/ CAIXA DE CONCRETO OU ALVENARIA EM REDES DE ESGOTO. AF_06/2015","UN","COEFICIENTE DE REPRESENTATIVIDADE",47.98,"","","","","","","","",34.15,71.163082099999997,13.83,28.8369179,"0,00","0,0000000","0,00","0,0000000","0,00","0,0000000",0,"CAIXA REFERENCIAL"]
["ASSENTAMENTO DE TUBOS E PECAS","ASTU","FORNEC E/OU ASSENT DE TUBO DE PVC COM JUNTA ELASTI",48,"","",90730,"JUNTA ARGAMASSADA ENTRE TUBO DN 400 MM E O POÇO DE VISITA/ CAIXA DE CONCRETO OU ALVENARIA EM REDES DE ESGOTO. AF_06/2015","UN","COEFICIENTE DE REPRESENTATIVIDADE",47.98,"COMPOSICAO",88246,"ASSENTADOR DE TUBOS COM ENCARGOS COMPLEMENTARES","H","COEFICIENTE DE REPRESENTATIVIDADE",1.1872,21.04,24.97,"","","","","","","","","","",null,"CAIXA REFERENCIAL"]
["ASSENTAMENTO DE TUBOS E PECAS","ASTU","FORNEC E/OU ASSENT DE TUBO DE PVC COM JUNTA ELASTI",48,"","",90730,"JUNTA ARGAMASSADA ENTRE TUBO DN 400 MM E O POÇO DE VISITA/ CAIXA DE CONCRETO OU ALVENARIA EM REDES DE ESGOTO. AF_06/2015","UN","COEFICIENTE DE REPRESENTATIVIDADE",47.98,"COMPOSICAO",88316,"SERVENTE COM ENCARGOS COMPLEMENTARES","H","COLETADO",1.1872,14.67,17.41,"","","","","","","","","","",null,"CAIXA REFERENCIAL"]
["ASSENTAMENTO DE TUBOS E PECAS","ASTU","FORNEC E/OU ASSENT DE TUBO DE PVC COM JUNTA ELASTI",48,"","",90730,"JUNTA ARGAMASSADA ENTRE TUBO DN 400 MM E O POÇO DE VISITA/ CAIXA DE CONCRETO OU ALVENARIA EM REDES DE ESGOTO. AF_06/2015","UN","COEFICIENTE DE REPRESENTATIVIDADE",47.98,"COMPOSICAO",88629,"ARGAMASSA TRAÇO 1:3 (EM VOLUME DE CIMENTO E AREIA MÉDIA ÚMIDA), PREPARO MANUAL. AF_08/2019","M3","COEFICIENTE DE REPRESENTATIVIDADE",1.2200000000000001E-2,459.77,5.6,"","","","","","","","","","",null,"CAIXA REFERENCIAL"]
["ASSENTAMENTO DE TUBOS E PECAS","ASTU","FORNEC E/OU ASSENT DE TUBO DE PVC COM JUNTA ELASTI",48,"","",90731,"JUNTA ARGAMASSADA ENTRE TUBO DN 450 MM E O POÇO DE VISITA/ CAIXA DE CONCRETO OU ALVENARIA EM REDES DE ESGOTO. AF_06/2015","UN","COEFICIENTE DE REPRESENTATIVIDADE",52.67,"","","","","","","","",37.44,71.067148599999996,15.23,28.932851400000001,"0,00","0,0000000","0,00","0,0000000","0,00","0,0000000",0,"CAIXA REFERENCIAL"]
["ASSENTAMENTO DE TUBOS E PECAS","ASTU","FORNEC E/OU ASSENT DE TUBO DE PVC COM JUNTA ELASTI",48,"","",90731,"JUNTA ARGAMASSADA ENTRE TUBO DN 450 MM E O POÇO DE VISITA/ CAIXA DE CONCRETO OU ALVENARIA EM REDES DE ESGOTO. AF_06/2015","UN","COEFICIENTE DE REPRESENTATIVIDADE",52.67,"COMPOSICAO",88246,"ASSENTADOR DE TUBOS COM ENCARGOS COMPLEMENTARES","H","COEFICIENTE DE REPRESENTATIVIDADE",1.3003,21.04,27.35,"","","","","","","","","","",null,"CAIXA REFERENCIAL"]
["ASSENTAMENTO DE TUBOS E PECAS","ASTU","FORNEC E/OU ASSENT DE TUBO DE PVC COM JUNTA ELASTI",48,"","",90731,"JUNTA ARGAMASSADA ENTRE TUBO DN 450 MM E O POÇO DE VISITA/ CAIXA DE CONCRETO OU ALVENARIA EM REDES DE ESGOTO. AF_06/2015","UN","COEFICIENTE DE REPRESENTATIVIDADE",52.67,"COMPOSICAO",88316,"SERVENTE COM ENCARGOS COMPLEMENTARES","H","COLETADO",1.3003,14.67,19.07,"","","","","","","","","","",null,"CAIXA REFERENCIAL"]
["ASSENTAMENTO DE TUBOS E PECAS","ASTU","FORNEC E/OU ASSENT DE TUBO DE PVC COM JUNTA ELASTI",48,"","",90731,"JUNTA ARGAMASSADA ENTRE TUBO DN 450 MM E O POÇO DE VISITA/ CAIXA DE CONCRETO OU ALVENARIA EM REDES DE ESGOTO. AF_06/2015","UN","COEFICIENTE DE REPRESENTATIVIDADE",52.67,"COMPOSICAO",88629,"ARGAMASSA TRAÇO 1:3 (EM VOLUME DE CIMENTO E AREIA MÉDIA ÚMIDA), PREPARO MANUAL. AF_08/2019","M3","COEFICIENTE DE REPRESENTATIVIDADE",1.3599999999999999E-2,459.77,6.25,"","","","","","","","","","",null,"CAIXA REFERENCIAL"]
["ASSENTAMENTO DE TUBOS E PECAS","ASTU","FORNEC E/OU ASSENT DE TUBO DE PVC COM JUNTA ELASTI",48,"","",90732,"JUNTA ARGAMASSADA ENTRE TUBO DN 600 MM E O POÇO DE VISITA/ CAIXA DE CONCRETO OU ALVENARIA EM REDES DE ESGOTO. AF_06/2015","UN","COEFICIENTE DE REPRESENTATIVIDADE",66.72,"","","","","","","","",47.23,70.785167400000006,19.489999999999998,29.214832600000001,"0,00","0,0000000","0,00","0,0000000","0,00","0,0000000",0,"CAIXA REFERENCIAL"]
["ASSENTAMENTO DE TUBOS E PECAS","ASTU","FORNEC E/OU ASSENT DE TUBO DE PVC COM JUNTA ELASTI",48,"","",90732,"JUNTA ARGAMASSADA ENTRE TUBO DN 600 MM E O POÇO DE VISITA/ CAIXA DE CONCRETO OU ALVENARIA EM REDES DE ESGOTO. AF_06/2015","UN","COEFICIENTE DE REPRESENTATIVIDADE",66.72,"COMPOSICAO",88246,"ASSENTADOR DE TUBOS COM ENCARGOS COMPLEMENTARES","H","COEFICIENTE DE REPRESENTATIVIDADE",1.6395999999999999,21.04,34.49,"","","","","","","","","","",null,"CAIXA REFERENCIAL"]
["ASSENTAMENTO DE TUBOS E PECAS","ASTU","FORNEC E/OU ASSENT DE TUBO DE PVC COM JUNTA ELASTI",48,"","",90732,"JUNTA ARGAMASSADA ENTRE TUBO DN 600 MM E O POÇO DE VISITA/ CAIXA DE CONCRETO OU ALVENARIA EM REDES DE ESGOTO. AF_06/2015","UN","COEFICIENTE DE REPRESENTATIVIDADE",66.72,"COMPOSICAO",88316,"SERVENTE COM ENCARGOS COMPLEMENTARES","H","COLETADO",1.6395999999999999,14.67,24.05,"","","","","","","","","","",null,"CAIXA REFERENCIAL"]
["ASSENTAMENTO DE TUBOS E PECAS","ASTU","FORNEC E/OU ASSENT DE TUBO DE PVC COM JUNTA ELASTI",48,"","",90732,"JUNTA ARGAMASSADA ENTRE TUBO DN 600 MM E O POÇO DE VISITA/ CAIXA DE CONCRETO OU ALVENARIA EM REDES DE ESGOTO. AF_06/2015","UN","COEFICIENTE DE REPRESENTATIVIDADE",66.72,"COMPOSICAO",88629,"ARGAMASSA TRAÇO 1:3 (EM VOLUME DE CIMENTO E AREIA MÉDIA ÚMIDA), PREPARO MANUAL. AF_08/2019","M3","COEFICIENTE DE REPRESENTATIVIDADE",1.78E-2,459.77,8.18,"","","","","","","","","","",null,"CAIXA REFERENCIAL"]
["ASSENTAMENTO DE TUBOS E PECAS","ASTU","FORNEC E/OU ASSENT DE TUBO DE PVC COM JUNTA ELASTI",48,"","",90733,"ASSENTAMENTO DE TUBO DE PVC PARA REDE COLETORA DE ESGOTO DE PAREDE MACIÇA, DN 100 MM, JUNTA ELÁSTICA, INSTALADO EM LOCAL COM NÍVEL BAIXO DE INTERFERÊNCIAS (NÃO INCLUI FORNECIMENTO). AF_06/2015","M","COEFICIENTE DE REPRESENTATIVIDADE",2.14,"","","","","","","","",1.7,79.326923100000002,0.44,20.673076900000002,"0,00","0,0000000","0,00","0,0000000","0,00","0,0000000",0,"CAIXA REFERENCIAL"]
["ASSENTAMENTO DE TUBOS E PECAS","ASTU","FORNEC E/OU ASSENT DE TUBO DE PVC COM JUNTA ELASTI",48,"","",90733,"ASSENTAMENTO DE TUBO DE PVC PARA REDE COLETORA DE ESGOTO DE PAREDE MACIÇA, DN 100 MM, JUNTA ELÁSTICA, INSTALADO EM LOCAL COM NÍVEL BAIXO DE INTERFERÊNCIAS (NÃO INCLUI FORNECIMENTO). AF_06/2015","M","COEFICIENTE DE REPRESENTATIVIDADE",2.14,"COMPOSICAO",88246,"ASSENTADOR DE TUBOS COM ENCARGOS COMPLEMENTARES","H","COEFICIENTE DE REPRESENTATIVIDADE",0.06,21.04,1.26,"","","","","","","","","","",null,"CAIXA REFERENCIAL"]
["ASSENTAMENTO DE TUBOS E PECAS","ASTU","FORNEC E/OU ASSENT DE TUBO DE PVC COM JUNTA ELASTI",48,"","",90733,"ASSENTAMENTO DE TUBO DE PVC PARA REDE COLETORA DE ESGOTO DE PAREDE MACIÇA, DN 100 MM, JUNTA ELÁSTICA, INSTALADO EM LOCAL COM NÍVEL BAIXO DE INTERFERÊNCIAS (NÃO INCLUI FORNECIMENTO). AF_06/2015","M","COEFICIENTE DE REPRESENTATIVIDADE",2.14,"COMPOSICAO",88316,"SERVENTE COM ENCARGOS COMPLEMENTARES","H","COLETADO",0.06,14.67,0.88,"","","","","","","","","","",null,"CAIXA REFERENCIAL"]
["ASSENTAMENTO DE TUBOS E PECAS","ASTU","FORNEC E/OU ASSENT DE TUBO DE PVC COM JUNTA ELASTI",48,"","",90734,"ASSENTAMENTO DE TUBO DE PVC PARA REDE COLETORA DE ESGOTO DE PAREDE MACIÇA, DN 150 MM, JUNTA ELÁSTICA, INSTALADO EM LOCAL COM NÍVEL BAIXO DE INTERFERÊNCIAS (NÃO INCLUI FORNECIMENTO). AF_06/2015","M","COEFICIENTE DE REPRESENTATIVIDADE",2.6,"","","","","","","","",2.08,79.841897299999999,0.52,20.158102700000001,"0,00","0,0000000","0,00","0,0000000","0,00","0,0000000",0,"CAIXA REFERENCIAL"]
["ASSENTAMENTO DE TUBOS E PECAS","ASTU","FORNEC E/OU ASSENT DE TUBO DE PVC COM JUNTA ELASTI",48,"","",90734,"ASSENTAMENTO DE TUBO DE PVC PARA REDE COLETORA DE ESGOTO DE PAREDE MACIÇA, DN 150 MM, JUNTA ELÁSTICA, INSTALADO EM LOCAL COM NÍVEL BAIXO DE INTERFERÊNCIAS (NÃO INCLUI FORNECIMENTO). AF_06/2015","M","COEFICIENTE DE REPRESENTATIVIDADE",2.6,"COMPOSICAO",88246,"ASSENTADOR DE TUBOS COM ENCARGOS COMPLEMENTARES","H","COEFICIENTE DE REPRESENTATIVIDADE",7.2999999999999995E-2,21.04,1.53,"","","","","","","","","","",null,"CAIXA REFERENCIAL"]
["ASSENTAMENTO DE TUBOS E PECAS","ASTU","FORNEC E/OU ASSENT DE TUBO DE PVC COM JUNTA ELASTI",48,"","",90734,"ASSENTAMENTO DE TUBO DE PVC PARA REDE COLETORA DE ESGOTO DE PAREDE MACIÇA, DN 150 MM, JUNTA ELÁSTICA, INSTALADO EM LOCAL COM NÍVEL BAIXO DE INTERFERÊNCIAS (NÃO INCLUI FORNECIMENTO). AF_06/2015","M","COEFICIENTE DE REPRESENTATIVIDADE",2.6,"COMPOSICAO",88316,"SERVENTE COM ENCARGOS COMPLEMENTARES","H","COLETADO",7.2999999999999995E-2,14.67,1.07,"","","","","","","","","","",null,"CAIXA REFERENCIAL"]
["ASSENTAMENTO DE TUBOS E PECAS","ASTU","FORNEC E/OU ASSENT DE TUBO DE PVC COM JUNTA ELASTI",48,"","",90735,"ASSENTAMENTO DE TUBO DE PVC PARA REDE COLETORA DE ESGOTO DE PAREDE MACIÇA, DN 200 MM, JUNTA ELÁSTICA, INSTALADO EM LOCAL COM NÍVEL BAIXO DE INTERFERÊNCIAS (NÃO INCLUI FORNECIMENTO). AF_06/2015","M","COEFICIENTE DE REPRESENTATIVIDADE",3.09,"","","","","","","","",2.44,78.877887799999996,0.65,21.1221122,"0,00","0,0000000","0,00","0,0000000","0,00","0,0000000",0,"CAIXA REFERENCIAL"]
["ASSENTAMENTO DE TUBOS E PECAS","ASTU","FORNEC E/OU ASSENT DE TUBO DE PVC COM JUNTA ELASTI",48,"","",90735,"ASSENTAMENTO DE TUBO DE PVC PARA REDE COLETORA DE ESGOTO DE PAREDE MACIÇA, DN 200 MM, JUNTA ELÁSTICA, INSTALADO EM LOCAL COM NÍVEL BAIXO DE INTERFERÊNCIAS (NÃO INCLUI FORNECIMENTO). AF_06/2015","M","COEFICIENTE DE REPRESENTATIVIDADE",3.09,"COMPOSICAO",88246,"ASSENTADOR DE TUBOS COM ENCARGOS COMPLEMENTARES","H","COEFICIENTE DE REPRESENTATIVIDADE",8.6699999999999999E-2,21.04,1.82,"","","","","","","","","","",null,"CAIXA REFERENCIAL"]
["ASSENTAMENTO DE TUBOS E PECAS","ASTU","FORNEC E/OU ASSENT DE TUBO DE PVC COM JUNTA ELASTI",48,"","",90735,"ASSENTAMENTO DE TUBO DE PVC PARA REDE COLETORA DE ESGOTO DE PAREDE MACIÇA, DN 200 MM, JUNTA ELÁSTICA, INSTALADO EM LOCAL COM NÍVEL BAIXO DE INTERFERÊNCIAS (NÃO INCLUI FORNECIMENTO). AF_06/2015","M","COEFICIENTE DE REPRESENTATIVIDADE",3.09,"COMPOSICAO",88316,"SERVENTE COM ENCARGOS COMPLEMENTARES","H","COLETADO",8.6699999999999999E-2,14.67,1.27,"","","","","","","","","","",null,"CAIXA REFERENCIAL"]
["ASSENTAMENTO DE TUBOS E PECAS","ASTU","FORNEC E/OU ASSENT DE TUBO DE PVC COM JUNTA ELASTI",48,"","",90736,"ASSENTAMENTO DE TUBO DE PVC PARA REDE COLETORA DE ESGOTO DE PAREDE MACIÇA, DN 250 MM, JUNTA ELÁSTICA, INSTALADO EM LOCAL COM NÍVEL BAIXO DE INTERFERÊNCIAS (NÃO INCLUI FORNECIMENTO). AF_06/2015","M","COEFICIENTE DE REPRESENTATIVIDADE",3.56,"","","","","","","","",2.82,79.083094599999995,0.74,20.916905400000001,"0,00","0,0000000","0,00","0,0000000","0,00","0,0000000",0,"CAIXA REFERENCIAL"]
["ASSENTAMENTO DE TUBOS E PECAS","ASTU","FORNEC E/OU ASSENT DE TUBO DE PVC COM JUNTA ELASTI",48,"","",90736,"ASSENTAMENTO DE TUBO DE PVC PARA REDE COLETORA DE ESGOTO DE PAREDE MACIÇA, DN 250 MM, JUNTA ELÁSTICA, INSTALADO EM LOCAL COM NÍVEL BAIXO DE INTERFERÊNCIAS (NÃO INCLUI FORNECIMENTO). AF_06/2015","M","COEFICIENTE DE REPRESENTATIVIDADE",3.56,"COMPOSICAO",88246,"ASSENTADOR DE TUBOS COM ENCARGOS COMPLEMENTARES","H","COEFICIENTE DE REPRESENTATIVIDADE",0.1,21.04,2.1,"","","","","","","","","","",null,"CAIXA REFERENCIAL"]
["ASSENTAMENTO DE TUBOS E PECAS","ASTU","FORNEC E/OU ASSENT DE TUBO DE PVC COM JUNTA ELASTI",48,"","",90736,"ASSENTAMENTO DE TUBO DE PVC PARA REDE COLETORA DE ESGOTO DE PAREDE MACIÇA, DN 250 MM, JUNTA ELÁSTICA, INSTALADO EM LOCAL COM NÍVEL BAIXO DE INTERFERÊNCIAS (NÃO INCLUI FORNECIMENTO). AF_06/2015","M","COEFICIENTE DE REPRESENTATIVIDADE",3.56,"COMPOSICAO",88316,"SERVENTE COM ENCARGOS COMPLEMENTARES","H","COLETADO",0.1,14.67,1.46,"","","","","","","","","","",null,"CAIXA REFERENCIAL"]
["ASSENTAMENTO DE TUBOS E PECAS","ASTU","FORNEC E/OU ASSENT DE TUBO DE PVC COM JUNTA ELASTI",48,"","",90737,"ASSENTAMENTO DE TUBO DE PVC PARA REDE COLETORA DE ESGOTO DE PAREDE MACIÇA, DN 300 MM, JUNTA ELÁSTICA, INSTALADO EM LOCAL COM NÍVEL BAIXO DE INTERFERÊNCIAS (NÃO INCLUI FORNECIMENTO). AF_06/2015","M","COEFICIENTE DE REPRESENTATIVIDADE",4.04,"","","","","","","","",3.19,78.841309899999999,0.85,21.158690100000001,"0,00","0,0000000","0,00","0,0000000","0,00","0,0000000",0,"CAIXA REFERENCIAL"]
["ASSENTAMENTO DE TUBOS E PECAS","ASTU","FORNEC E/OU ASSENT DE TUBO DE PVC COM JUNTA ELASTI",48,"","",90737,"ASSENTAMENTO DE TUBO DE PVC PARA REDE COLETORA DE ESGOTO DE PAREDE MACIÇA, DN 300 MM, JUNTA ELÁSTICA, INSTALADO EM LOCAL COM NÍVEL BAIXO DE INTERFERÊNCIAS (NÃO INCLUI FORNECIMENTO). AF_06/2015","M","COEFICIENTE DE REPRESENTATIVIDADE",4.04,"COMPOSICAO",88246,"ASSENTADOR DE TUBOS COM ENCARGOS COMPLEMENTARES","H","COEFICIENTE DE REPRESENTATIVIDADE",0.1134,21.04,2.38,"","","","","","","","","","",null,"CAIXA REFERENCIAL"]
["ASSENTAMENTO DE TUBOS E PECAS","ASTU","FORNEC E/OU ASSENT DE TUBO DE PVC COM JUNTA ELASTI",48,"","",90737,"ASSENTAMENTO DE TUBO DE PVC PARA REDE COLETORA DE ESGOTO DE PAREDE MACIÇA, DN 300 MM, JUNTA ELÁSTICA, INSTALADO EM LOCAL COM NÍVEL BAIXO DE INTERFERÊNCIAS (NÃO INCLUI FORNECIMENTO). AF_06/2015","M","COEFICIENTE DE REPRESENTATIVIDADE",4.04,"COMPOSICAO",88316,"SERVENTE COM ENCARGOS COMPLEMENTARES","H","COLETADO",0.1134,14.67,1.66,"","","","","","","","","","",null,"CAIXA REFERENCIAL"]
["ASSENTAMENTO DE TUBOS E PECAS","ASTU","FORNEC E/OU ASSENT DE TUBO DE PVC COM JUNTA ELASTI",48,"","",90738,"ASSENTAMENTO DE TUBO DE PVC PARA REDE COLETORA DE ESGOTO DE PAREDE MACIÇA, DN 350 MM, JUNTA ELÁSTICA, INSTALADO EM LOCAL COM NÍVEL BAIXO DE INTERFERÊNCIAS (NÃO INCLUI FORNECIMENTO). AF_06/2015","M","COEFICIENTE DE REPRESENTATIVIDADE",4.51,"","","","","","","","",3.56,78.876404500000007,0.95,21.1235955,"0,00","0,0000000","0,00","0,0000000","0,00","0,0000000",0,"CAIXA REFERENCIAL"]
["ASSENTAMENTO DE TUBOS E PECAS","ASTU","FORNEC E/OU ASSENT DE TUBO DE PVC COM JUNTA ELASTI",48,"","",90738,"ASSENTAMENTO DE TUBO DE PVC PARA REDE COLETORA DE ESGOTO DE PAREDE MACIÇA, DN 350 MM, JUNTA ELÁSTICA, INSTALADO EM LOCAL COM NÍVEL BAIXO DE INTERFERÊNCIAS (NÃO INCLUI FORNECIMENTO). AF_06/2015","M","COEFICIENTE DE REPRESENTATIVIDADE",4.51,"COMPOSICAO",88246,"ASSENTADOR DE TUBOS COM ENCARGOS COMPLEMENTARES","H","COEFICIENTE DE REPRESENTATIVIDADE",0.12670000000000001,21.04,2.66,"","","","","","","","","","",null,"CAIXA REFERENCIAL"]
["ASSENTAMENTO DE TUBOS E PECAS","ASTU","FORNEC E/OU ASSENT DE TUBO DE PVC COM JUNTA ELASTI",48,"","",90738,"ASSENTAMENTO DE TUBO DE PVC PARA REDE COLETORA DE ESGOTO DE PAREDE MACIÇA, DN 350 MM, JUNTA ELÁSTICA, INSTALADO EM LOCAL COM NÍVEL BAIXO DE INTERFERÊNCIAS (NÃO INCLUI FORNECIMENTO). AF_06/2015","M","COEFICIENTE DE REPRESENTATIVIDADE",4.51,"COMPOSICAO",88316,"SERVENTE COM ENCARGOS COMPLEMENTARES","H","COLETADO",0.12670000000000001,14.67,1.85,"","","","","","","","","","",null,"CAIXA REFERENCIAL"]
["ASSENTAMENTO DE TUBOS E PECAS","ASTU","FORNEC E/OU ASSENT DE TUBO DE PVC COM JUNTA ELASTI",48,"","",90739,"ASSENTAMENTO DE TUBO DE PVC PARA REDE COLETORA DE ESGOTO DE PAREDE MACIÇA, DN 400 MM, JUNTA ELÁSTICA, INSTALADO EM LOCAL COM NÍVEL BAIXO DE INTERFERÊNCIAS (NÃO INCLUI FORNECIMENTO). AF_06/2015","M","ATRIBUÍDO SÃO PAULO",10.39,"","","","","","","","",5.72,55.034213200000003,2.65,25.513196400000002,"2,02","19,4525904","0,00","0,0000000","0,00","0,0000000",0,"CAIXA REFERENCIAL"]
["ASSENTAMENTO DE TUBOS E PECAS","ASTU","FORNEC E/OU ASSENT DE TUBO DE PVC COM JUNTA ELASTI",48,"","",90739,"ASSENTAMENTO DE TUBO DE PVC PARA REDE COLETORA DE ESGOTO DE PAREDE MACIÇA, DN 400 MM, JUNTA ELÁSTICA, INSTALADO EM LOCAL COM NÍVEL BAIXO DE INTERFERÊNCIAS (NÃO INCLUI FORNECIMENTO). AF_06/2015","M","ATRIBUÍDO SÃO PAULO",10.39,"COMPOSICAO",5678,"RETROESCAVADEIRA SOBRE RODAS COM CARREGADEIRA, TRAÇÃO 4X4, POTÊNCIA LÍQ. 88 HP, CAÇAMBA CARREG. CAP. MÍN. 1 M3, CAÇAMBA RETRO CAP. 0,26 M3, PESO OPERACIONAL MÍN. 6.674 KG, PROFUNDIDADE ESCAVAÇÃO MÁX. 4,37 M - CHP DIURNO. AF_06/2014","CHP","ATRIBUÍDO SÃO PAULO",4.5400000000000003E-2,92.02,4.17,"","","","","","","","","","",null,"CAIXA REFERENCIAL"]
["ASSENTAMENTO DE TUBOS E PECAS","ASTU","FORNEC E/OU ASSENT DE TUBO DE PVC COM JUNTA ELASTI",48,"","",90739,"ASSENTAMENTO DE TUBO DE PVC PARA REDE COLETORA DE ESGOTO DE PAREDE MACIÇA, DN 400 MM, JUNTA ELÁSTICA, INSTALADO EM LOCAL COM NÍVEL BAIXO DE INTERFERÊNCIAS (NÃO INCLUI FORNECIMENTO). AF_06/2015","M","ATRIBUÍDO SÃO PAULO",10.39,"COMPOSICAO",5679,"RETROESCAVADEIRA SOBRE RODAS COM CARREGADEIRA, TRAÇÃO 4X4, POTÊNCIA LÍQ. 88 HP, CAÇAMBA CARREG. CAP. MÍN. 1 M3, CAÇAMBA RETRO CAP. 0,26 M3, PESO OPERACIONAL MÍN. 6.674 KG, PROFUNDIDADE ESCAVAÇÃO MÁX. 4,37 M - CHI DIURNO. AF_06/2014","CHI","ATRIBUÍDO SÃO PAULO",2.8199999999999999E-2,43.92,1.23,"","","","","","","","","","",null,"CAIXA REFERENCIAL"]
["ASSENTAMENTO DE TUBOS E PECAS","ASTU","FORNEC E/OU ASSENT DE TUBO DE PVC COM JUNTA ELASTI",48,"","",90739,"ASSENTAMENTO DE TUBO DE PVC PARA REDE COLETORA DE ESGOTO DE PAREDE MACIÇA, DN 400 MM, JUNTA ELÁSTICA, INSTALADO EM LOCAL COM NÍVEL BAIXO DE INTERFERÊNCIAS (NÃO INCLUI FORNECIMENTO). AF_06/2015","M","ATRIBUÍDO SÃO PAULO",10.39,"COMPOSICAO",88246,"ASSENTADOR DE TUBOS COM ENCARGOS COMPLEMENTARES","H","COEFICIENTE DE REPRESENTATIVIDADE",0.1401,21.04,2.94,"","","","","","","","","","",null,"CAIXA REFERENCIAL"]
["ASSENTAMENTO DE TUBOS E PECAS","ASTU","FORNEC E/OU ASSENT DE TUBO DE PVC COM JUNTA ELASTI",48,"","",90739,"ASSENTAMENTO DE TUBO DE PVC PARA REDE COLETORA DE ESGOTO DE PAREDE MACIÇA, DN 400 MM, JUNTA ELÁSTICA, INSTALADO EM LOCAL COM NÍVEL BAIXO DE INTERFERÊNCIAS (NÃO INCLUI FORNECIMENTO). AF_06/2015","M","ATRIBUÍDO SÃO PAULO",10.39,"COMPOSICAO",88316,"SERVENTE COM ENCARGOS COMPLEMENTARES","H","COLETADO",0.1401,14.67,2.0499999999999998,"","","","","","","","","","",null,"CAIXA REFERENCIAL"]
["ASSENTAMENTO DE TUBOS E PECAS","ASTU","FORNEC E/OU ASSENT DE TUBO DE PVC COM JUNTA ELASTI",48,"","",90740,"ASSENTAMENTO DE TUBO DE PVC CORRUGADO DE DUPLA PAREDE PARA REDE COLETORA DE ESGOTO, DN 150 MM, JUNTA ELÁSTICA, INSTALADO EM LOCAL COM NÍVEL BAIXO DE INTERFERÊNCIAS (NÃO INCLUI FORNECIMENTO). AF_06/2015","M","COEFICIENTE DE REPRESENTATIVIDADE",4.75,"","","","","","","","",3.76,79.014989299999996,0.99,20.9850107,"0,00","0,0000000","0,00","0,0000000","0,00","0,0000000",0,"CAIXA REFERENCIAL"]
["ASSENTAMENTO DE TUBOS E PECAS","ASTU","FORNEC E/OU ASSENT DE TUBO DE PVC COM JUNTA ELASTI",48,"","",90740,"ASSENTAMENTO DE TUBO DE PVC CORRUGADO DE DUPLA PAREDE PARA REDE COLETORA DE ESGOTO, DN 150 MM, JUNTA ELÁSTICA, INSTALADO EM LOCAL COM NÍVEL BAIXO DE INTERFERÊNCIAS (NÃO INCLUI FORNECIMENTO). AF_06/2015","M","COEFICIENTE DE REPRESENTATIVIDADE",4.75,"COMPOSICAO",88246,"ASSENTADOR DE TUBOS COM ENCARGOS COMPLEMENTARES","H","COEFICIENTE DE REPRESENTATIVIDADE",0.13350000000000001,21.04,2.8,"","","","","","","","","","",null,"CAIXA REFERENCIAL"]
["ASSENTAMENTO DE TUBOS E PECAS","ASTU","FORNEC E/OU ASSENT DE TUBO DE PVC COM JUNTA ELASTI",48,"","",90740,"ASSENTAMENTO DE TUBO DE PVC CORRUGADO DE DUPLA PAREDE PARA REDE COLETORA DE ESGOTO, DN 150 MM, JUNTA ELÁSTICA, INSTALADO EM LOCAL COM NÍVEL BAIXO DE INTERFERÊNCIAS (NÃO INCLUI FORNECIMENTO). AF_06/2015","M","COEFICIENTE DE REPRESENTATIVIDADE",4.75,"COMPOSICAO",88316,"SERVENTE COM ENCARGOS COMPLEMENTARES","H","COLETADO",0.13350000000000001,14.67,1.95,"","","","","","","","","","",null,"CAIXA REFERENCIAL"]
["ASSENTAMENTO DE TUBOS E PECAS","ASTU","FORNEC E/OU ASSENT DE TUBO DE PVC COM JUNTA ELASTI",48,"","",90741,"ASSENTAMENTO DE TUBO DE PVC CORRUGADO DE DUPLA PAREDE PARA REDE COLETORA DE ESGOTO, DN 200 MM, JUNTA ELÁSTICA, INSTALADO EM LOCAL COM NÍVEL BAIXO DE INTERFERÊNCIAS (NÃO INCLUI FORNECIMENTO). AF_06/2015","M","COEFICIENTE DE REPRESENTATIVIDADE",5.24,"","","","","","","","",4.1100000000000003,78.420038599999998,1.1299999999999999,21.579961399999998,"0,00","0,0000000","0,00","0,0000000","0,00","0,0000000",0,"CAIXA REFERENCIAL"]
["ASSENTAMENTO DE TUBOS E PECAS","ASTU","FORNEC E/OU ASSENT DE TUBO DE PVC COM JUNTA ELASTI",48,"","",90741,"ASSENTAMENTO DE TUBO DE PVC CORRUGADO DE DUPLA PAREDE PARA REDE COLETORA DE ESGOTO, DN 200 MM, JUNTA ELÁSTICA, INSTALADO EM LOCAL COM NÍVEL BAIXO DE INTERFERÊNCIAS (NÃO INCLUI FORNECIMENTO). AF_06/2015","M","COEFICIENTE DE REPRESENTATIVIDADE",5.24,"COMPOSICAO",88246,"ASSENTADOR DE TUBOS COM ENCARGOS COMPLEMENTARES","H","COEFICIENTE DE REPRESENTATIVIDADE",0.1469,21.04,3.09,"","","","","","","","","","",null,"CAIXA REFERENCIAL"]
["ASSENTAMENTO DE TUBOS E PECAS","ASTU","FORNEC E/OU ASSENT DE TUBO DE PVC COM JUNTA ELASTI",48,"","",90741,"ASSENTAMENTO DE TUBO DE PVC CORRUGADO DE DUPLA PAREDE PARA REDE COLETORA DE ESGOTO, DN 200 MM, JUNTA ELÁSTICA, INSTALADO EM LOCAL COM NÍVEL BAIXO DE INTERFERÊNCIAS (NÃO INCLUI FORNECIMENTO). AF_06/2015","M","COEFICIENTE DE REPRESENTATIVIDADE",5.24,"COMPOSICAO",88316,"SERVENTE COM ENCARGOS COMPLEMENTARES","H","COLETADO",0.1469,14.67,2.15,"","","","","","","","","","",null,"CAIXA REFERENCIAL"]
["ASSENTAMENTO DE TUBOS E PECAS","ASTU","FORNEC E/OU ASSENT DE TUBO DE PVC COM JUNTA ELASTI",48,"","",90742,"ASSENTAMENTO DE TUBO DE PVC CORRUGADO DE DUPLA PAREDE PARA REDE COLETORA DE ESGOTO, DN 250 MM, JUNTA ELÁSTICA, INSTALADO EM LOCAL COM NÍVEL BAIXO DE INTERFERÊNCIAS (NÃO INCLUI FORNECIMENTO). AF_06/2015","M","COEFICIENTE DE REPRESENTATIVIDADE",5.72,"","","","","","","","",4.49,78.407079699999997,1.23,21.592920299999999,"0,00","0,0000000","0,00","0,0000000","0,00","0,0000000",0,"CAIXA REFERENCIAL"]
["ASSENTAMENTO DE TUBOS E PECAS","ASTU","FORNEC E/OU ASSENT DE TUBO DE PVC COM JUNTA ELASTI",48,"","",90742,"ASSENTAMENTO DE TUBO DE PVC CORRUGADO DE DUPLA PAREDE PARA REDE COLETORA DE ESGOTO, DN 250 MM, JUNTA ELÁSTICA, INSTALADO EM LOCAL COM NÍVEL BAIXO DE INTERFERÊNCIAS (NÃO INCLUI FORNECIMENTO). AF_06/2015","M","COEFICIENTE DE REPRESENTATIVIDADE",5.72,"COMPOSICAO",88246,"ASSENTADOR DE TUBOS COM ENCARGOS COMPLEMENTARES","H","COEFICIENTE DE REPRESENTATIVIDADE",0.16020000000000001,21.04,3.37,"","","","","","","","","","",null,"CAIXA REFERENCIAL"]
["ASSENTAMENTO DE TUBOS E PECAS","ASTU","FORNEC E/OU ASSENT DE TUBO DE PVC COM JUNTA ELASTI",48,"","",90742,"ASSENTAMENTO DE TUBO DE PVC CORRUGADO DE DUPLA PAREDE PARA REDE COLETORA DE ESGOTO, DN 250 MM, JUNTA ELÁSTICA, INSTALADO EM LOCAL COM NÍVEL BAIXO DE INTERFERÊNCIAS (NÃO INCLUI FORNECIMENTO). AF_06/2015","M","COEFICIENTE DE REPRESENTATIVIDADE",5.72,"COMPOSICAO",88316,"SERVENTE COM ENCARGOS COMPLEMENTARES","H","COLETADO",0.16020000000000001,14.67,2.35,"","","","","","","","","","",null,"CAIXA REFERENCIAL"]
["ASSENTAMENTO DE TUBOS E PECAS","ASTU","FORNEC E/OU ASSENT DE TUBO DE PVC COM JUNTA ELASTI",48,"","",90743,"ASSENTAMENTO DE TUBO DE PVC CORRUGADO DE DUPLA PAREDE PARA REDE COLETORA DE ESGOTO, DN 300 MM, JUNTA ELÁSTICA, INSTALADO EM LOCAL COM NÍVEL BAIXO DE INTERFERÊNCIAS (NÃO INCLUI FORNECIMENTO). AF_06/2015","M","COEFICIENTE DE REPRESENTATIVIDADE",6.19,"","","","","","","","",4.8600000000000003,78.431372600000003,1.33,21.5686274,"0,00","0,0000000","0,00","0,0000000","0,00","0,0000000",0,"CAIXA REFERENCIAL"]
["ASSENTAMENTO DE TUBOS E PECAS","ASTU","FORNEC E/OU ASSENT DE TUBO DE PVC COM JUNTA ELASTI",48,"","",90743,"ASSENTAMENTO DE TUBO DE PVC CORRUGADO DE DUPLA PAREDE PARA REDE COLETORA DE ESGOTO, DN 300 MM, JUNTA ELÁSTICA, INSTALADO EM LOCAL COM NÍVEL BAIXO DE INTERFERÊNCIAS (NÃO INCLUI FORNECIMENTO). AF_06/2015","M","COEFICIENTE DE REPRESENTATIVIDADE",6.19,"COMPOSICAO",88246,"ASSENTADOR DE TUBOS COM ENCARGOS COMPLEMENTARES","H","COEFICIENTE DE REPRESENTATIVIDADE",0.17349999999999999,21.04,3.65,"","","","","","","","","","",null,"CAIXA REFERENCIAL"]
["ASSENTAMENTO DE TUBOS E PECAS","ASTU","FORNEC E/OU ASSENT DE TUBO DE PVC COM JUNTA ELASTI",48,"","",90743,"ASSENTAMENTO DE TUBO DE PVC CORRUGADO DE DUPLA PAREDE PARA REDE COLETORA DE ESGOTO, DN 300 MM, JUNTA ELÁSTICA, INSTALADO EM LOCAL COM NÍVEL BAIXO DE INTERFERÊNCIAS (NÃO INCLUI FORNECIMENTO). AF_06/2015","M","COEFICIENTE DE REPRESENTATIVIDADE",6.19,"COMPOSICAO",88316,"SERVENTE COM ENCARGOS COMPLEMENTARES","H","COLETADO",0.17349999999999999,14.67,2.54,"","","","","","","","","","",null,"CAIXA REFERENCIAL"]
["ASSENTAMENTO DE TUBOS E PECAS","ASTU","FORNEC E/OU ASSENT DE TUBO DE PVC COM JUNTA ELASTI",48,"","",90744,"ASSENTAMENTO DE TUBO DE PVC CORRUGADO DE DUPLA PAREDE PARA REDE COLETORA DE ESGOTO, DN 350 MM, JUNTA ELÁSTICA, INSTALADO EM LOCAL COM NÍVEL BAIXO DE INTERFERÊNCIAS (NÃO INCLUI FORNECIMENTO). AF_06/2015","M","COEFICIENTE DE REPRESENTATIVIDADE",6.67,"","","","","","","","",5.23,78.280542999999994,1.44,21.719456999999998,"0,00","0,0000000","0,00","0,0000000","0,00","0,0000000",0,"CAIXA REFERENCIAL"]
["ASSENTAMENTO DE TUBOS E PECAS","ASTU","FORNEC E/OU ASSENT DE TUBO DE PVC COM JUNTA ELASTI",48,"","",90744,"ASSENTAMENTO DE TUBO DE PVC CORRUGADO DE DUPLA PAREDE PARA REDE COLETORA DE ESGOTO, DN 350 MM, JUNTA ELÁSTICA, INSTALADO EM LOCAL COM NÍVEL BAIXO DE INTERFERÊNCIAS (NÃO INCLUI FORNECIMENTO). AF_06/2015","M","COEFICIENTE DE REPRESENTATIVIDADE",6.67,"COMPOSICAO",88246,"ASSENTADOR DE TUBOS COM ENCARGOS COMPLEMENTARES","H","COEFICIENTE DE REPRESENTATIVIDADE",0.18690000000000001,21.04,3.93,"","","","","","","","","","",null,"CAIXA REFERENCIAL"]
["ASSENTAMENTO DE TUBOS E PECAS","ASTU","FORNEC E/OU ASSENT DE TUBO DE PVC COM JUNTA ELASTI",48,"","",90744,"ASSENTAMENTO DE TUBO DE PVC CORRUGADO DE DUPLA PAREDE PARA REDE COLETORA DE ESGOTO, DN 350 MM, JUNTA ELÁSTICA, INSTALADO EM LOCAL COM NÍVEL BAIXO DE INTERFERÊNCIAS (NÃO INCLUI FORNECIMENTO). AF_06/2015","M","COEFICIENTE DE REPRESENTATIVIDADE",6.67,"COMPOSICAO",88316,"SERVENTE COM ENCARGOS COMPLEMENTARES","H","COLETADO",0.18690000000000001,14.67,2.74,"","","","","","","","","","",null,"CAIXA REFERENCIAL"]
["ASSENTAMENTO DE TUBOS E PECAS","ASTU","FORNEC E/OU ASSENT DE TUBO DE PVC COM JUNTA ELASTI",48,"","",90745,"ASSENTAMENTO DE TUBO DE PVC CORRUGADO DE DUPLA PAREDE PARA REDE COLETORA DE ESGOTO, DN 400 MM, JUNTA ELÁSTICA, INSTALADO EM LOCAL COM NÍVEL BAIXO DE INTERFERÊNCIAS (NÃO INCLUI FORNECIMENTO). AF_06/2015","M","ATRIBUÍDO SÃO PAULO",14.87,"","","","","","","","",8.15,54.718262099999997,3.85,25.9334691,"2,87","19,3482688","0,00","0,0000000","0,00","0,0000000",0,"CAIXA REFERENCIAL"]
["ASSENTAMENTO DE TUBOS E PECAS","ASTU","FORNEC E/OU ASSENT DE TUBO DE PVC COM JUNTA ELASTI",48,"","",90745,"ASSENTAMENTO DE TUBO DE PVC CORRUGADO DE DUPLA PAREDE PARA REDE COLETORA DE ESGOTO, DN 400 MM, JUNTA ELÁSTICA, INSTALADO EM LOCAL COM NÍVEL BAIXO DE INTERFERÊNCIAS (NÃO INCLUI FORNECIMENTO). AF_06/2015","M","ATRIBUÍDO SÃO PAULO",14.87,"COMPOSICAO",5678,"RETROESCAVADEIRA SOBRE RODAS COM CARREGADEIRA, TRAÇÃO 4X4, POTÊNCIA LÍQ. 88 HP, CAÇAMBA CARREG. CAP. MÍN. 1 M3, CAÇAMBA RETRO CAP. 0,26 M3, PESO OPERACIONAL MÍN. 6.674 KG, PROFUNDIDADE ESCAVAÇÃO MÁX. 4,37 M - CHP DIURNO. AF_06/2014","CHP","ATRIBUÍDO SÃO PAULO",6.4899999999999999E-2,92.02,5.97,"","","","","","","","","","",null,"CAIXA REFERENCIAL"]
["ASSENTAMENTO DE TUBOS E PECAS","ASTU","FORNEC E/OU ASSENT DE TUBO DE PVC COM JUNTA ELASTI",48,"","",90745,"ASSENTAMENTO DE TUBO DE PVC CORRUGADO DE DUPLA PAREDE PARA REDE COLETORA DE ESGOTO, DN 400 MM, JUNTA ELÁSTICA, INSTALADO EM LOCAL COM NÍVEL BAIXO DE INTERFERÊNCIAS (NÃO INCLUI FORNECIMENTO). AF_06/2015","M","ATRIBUÍDO SÃO PAULO",14.87,"COMPOSICAO",5679,"RETROESCAVADEIRA SOBRE RODAS COM CARREGADEIRA, TRAÇÃO 4X4, POTÊNCIA LÍQ. 88 HP, CAÇAMBA CARREG. CAP. MÍN. 1 M3, CAÇAMBA RETRO CAP. 0,26 M3, PESO OPERACIONAL MÍN. 6.674 KG, PROFUNDIDADE ESCAVAÇÃO MÁX. 4,37 M - CHI DIURNO. AF_06/2014","CHI","ATRIBUÍDO SÃO PAULO",4.0300000000000002E-2,43.92,1.76,"","","","","","","","","","",null,"CAIXA REFERENCIAL"]
["ASSENTAMENTO DE TUBOS E PECAS","ASTU","FORNEC E/OU ASSENT DE TUBO DE PVC COM JUNTA ELASTI",48,"","",90745,"ASSENTAMENTO DE TUBO DE PVC CORRUGADO DE DUPLA PAREDE PARA REDE COLETORA DE ESGOTO, DN 400 MM, JUNTA ELÁSTICA, INSTALADO EM LOCAL COM NÍVEL BAIXO DE INTERFERÊNCIAS (NÃO INCLUI FORNECIMENTO). AF_06/2015","M","ATRIBUÍDO SÃO PAULO",14.87,"COMPOSICAO",88246,"ASSENTADOR DE TUBOS COM ENCARGOS COMPLEMENTARES","H","COEFICIENTE DE REPRESENTATIVIDADE",0.20019999999999999,21.04,4.21,"","","","","","","","","","",null,"CAIXA REFERENCIAL"]
["ASSENTAMENTO DE TUBOS E PECAS","ASTU","FORNEC E/OU ASSENT DE TUBO DE PVC COM JUNTA ELASTI",48,"","",90745,"ASSENTAMENTO DE TUBO DE PVC CORRUGADO DE DUPLA PAREDE PARA REDE COLETORA DE ESGOTO, DN 400 MM, JUNTA ELÁSTICA, INSTALADO EM LOCAL COM NÍVEL BAIXO DE INTERFERÊNCIAS (NÃO INCLUI FORNECIMENTO). AF_06/2015","M","ATRIBUÍDO SÃO PAULO",14.87,"COMPOSICAO",88316,"SERVENTE COM ENCARGOS COMPLEMENTARES","H","COLETADO",0.20019999999999999,14.67,2.93,"","","","","","","","","","",null,"CAIXA REFERENCIAL"]
["ASSENTAMENTO DE TUBOS E PECAS","ASTU","FORNEC E/OU ASSENT DE TUBO DE PVC COM JUNTA ELASTI",48,"","",90746,"ASSENTAMENTO DE TUBO DE PEAD CORRUGADO DE DUPLA PAREDE PARA REDE COLETORA DE ESGOTO, DN 450 MM, JUNTA ELÁSTICA INTEGRADA, INSTALADO EM LOCAL COM NÍVEL BAIXO DE INTERFERÊNCIAS (NÃO INCLUI FORNECIMENTO). AF_06/2015","M","COEFICIENTE DE REPRESENTATIVIDADE",2.9,"","","","","","","","",2.31,79.505300399999996,0.59,20.494699600000001,"0,00","0,0000000","0,00","0,0000000","0,00","0,0000000",0,"CAIXA REFERENCIAL"]
["ASSENTAMENTO DE TUBOS E PECAS","ASTU","FORNEC E/OU ASSENT DE TUBO DE PVC COM JUNTA ELASTI",48,"","",90746,"ASSENTAMENTO DE TUBO DE PEAD CORRUGADO DE DUPLA PAREDE PARA REDE COLETORA DE ESGOTO, DN 450 MM, JUNTA ELÁSTICA INTEGRADA, INSTALADO EM LOCAL COM NÍVEL BAIXO DE INTERFERÊNCIAS (NÃO INCLUI FORNECIMENTO). AF_06/2015","M","COEFICIENTE DE REPRESENTATIVIDADE",2.9,"COMPOSICAO",88246,"ASSENTADOR DE TUBOS COM ENCARGOS COMPLEMENTARES","H","COEFICIENTE DE REPRESENTATIVIDADE",8.14E-2,21.04,1.71,"","","","","","","","","","",null,"CAIXA REFERENCIAL"]
["ASSENTAMENTO DE TUBOS E PECAS","ASTU","FORNEC E/OU ASSENT DE TUBO DE PVC COM JUNTA ELASTI",48,"","",90746,"ASSENTAMENTO DE TUBO DE PEAD CORRUGADO DE DUPLA PAREDE PARA REDE COLETORA DE ESGOTO, DN 450 MM, JUNTA ELÁSTICA INTEGRADA, INSTALADO EM LOCAL COM NÍVEL BAIXO DE INTERFERÊNCIAS (NÃO INCLUI FORNECIMENTO). AF_06/2015","M","COEFICIENTE DE REPRESENTATIVIDADE",2.9,"COMPOSICAO",88316,"SERVENTE COM ENCARGOS COMPLEMENTARES","H","COLETADO",8.14E-2,14.67,1.19,"","","","","","","","","","",null,"CAIXA REFERENCIAL"]
["ASSENTAMENTO DE TUBOS E PECAS","ASTU","FORNEC E/OU ASSENT DE TUBO DE PVC COM JUNTA ELASTI",48,"","",90747,"ASSENTAMENTO DE TUBO DE PEAD CORRUGADO DE DUPLA PAREDE PARA REDE COLETORA DE ESGOTO, DN 600 MM, JUNTA ELÁSTICA INTEGRADA, INSTALADO EM LOCAL COM NÍVEL BAIXO DE INTERFERÊNCIAS (NÃO INCLUI FORNECIMENTO). AF_06/2015","M","ATRIBUÍDO SÃO PAULO",11.48,"","","","","","","","",5.29,46.065428900000001,2.73,23.784261699999998,"3,46","30,1503094","0,00","0,0000000","0,00","0,0000000",0,"CAIXA REFERENCIAL"]
["ASSENTAMENTO DE TUBOS E PECAS","ASTU","FORNEC E/OU ASSENT DE TUBO DE PVC COM JUNTA ELASTI",48,"","",90747,"ASSENTAMENTO DE TUBO DE PEAD CORRUGADO DE DUPLA PAREDE PARA REDE COLETORA DE ESGOTO, DN 600 MM, JUNTA ELÁSTICA INTEGRADA, INSTALADO EM LOCAL COM NÍVEL BAIXO DE INTERFERÊNCIAS (NÃO INCLUI FORNECIMENTO). AF_06/2015","M","ATRIBUÍDO SÃO PAULO",11.48,"COMPOSICAO",5631,"ESCAVADEIRA HIDRÁULICA SOBRE ESTEIRAS, CAÇAMBA 0,80 M3, PESO OPERACIONAL 17 T, POTENCIA BRUTA 111 HP - CHP DIURNO. AF_06/2014","CHP","ATRIBUÍDO SÃO PAULO",4.2200000000000001E-2,126.79,5.35,"","","","","","","","","","",null,"CAIXA REFERENCIAL"]
["ASSENTAMENTO DE TUBOS E PECAS","ASTU","FORNEC E/OU ASSENT DE TUBO DE PVC COM JUNTA ELASTI",48,"","",90747,"ASSENTAMENTO DE TUBO DE PEAD CORRUGADO DE DUPLA PAREDE PARA REDE COLETORA DE ESGOTO, DN 600 MM, JUNTA ELÁSTICA INTEGRADA, INSTALADO EM LOCAL COM NÍVEL BAIXO DE INTERFERÊNCIAS (NÃO INCLUI FORNECIMENTO). AF_06/2015","M","ATRIBUÍDO SÃO PAULO",11.48,"COMPOSICAO",5632,"ESCAVADEIRA HIDRÁULICA SOBRE ESTEIRAS, CAÇAMBA 0,80 M3, PESO OPERACIONAL 17 T, POTENCIA BRUTA 111 HP - CHI DIURNO. AF_06/2014","CHI","ATRIBUÍDO SÃO PAULO",2.6200000000000001E-2,57.49,1.5,"","","","","","","","","","",null,"CAIXA REFERENCIAL"]
["ASSENTAMENTO DE TUBOS E PECAS","ASTU","FORNEC E/OU ASSENT DE TUBO DE PVC COM JUNTA ELASTI",48,"","",90747,"ASSENTAMENTO DE TUBO DE PEAD CORRUGADO DE DUPLA PAREDE PARA REDE COLETORA DE ESGOTO, DN 600 MM, JUNTA ELÁSTICA INTEGRADA, INSTALADO EM LOCAL COM NÍVEL BAIXO DE INTERFERÊNCIAS (NÃO INCLUI FORNECIMENTO). AF_06/2015","M","ATRIBUÍDO SÃO PAULO",11.48,"COMPOSICAO",88246,"ASSENTADOR DE TUBOS COM ENCARGOS COMPLEMENTARES","H","COEFICIENTE DE REPRESENTATIVIDADE",0.13009999999999999,21.04,2.73,"","","","","","","","","","",null,"CAIXA REFERENCIAL"]
["ASSENTAMENTO DE TUBOS E PECAS","ASTU","FORNEC E/OU ASSENT DE TUBO DE PVC COM JUNTA ELASTI",48,"","",90747,"ASSENTAMENTO DE TUBO DE PEAD CORRUGADO DE DUPLA PAREDE PARA REDE COLETORA DE ESGOTO, DN 600 MM, JUNTA ELÁSTICA INTEGRADA, INSTALADO EM LOCAL COM NÍVEL BAIXO DE INTERFERÊNCIAS (NÃO INCLUI FORNECIMENTO). AF_06/2015","M","ATRIBUÍDO SÃO PAULO",11.48,"COMPOSICAO",88316,"SERVENTE COM ENCARGOS COMPLEMENTARES","H","COLETADO",0.13009999999999999,14.67,1.9,"","","","","","","","","","",null,"CAIXA REFERENCIAL"]
["ASSENTAMENTO DE TUBOS E PECAS","ASTU","FORNEC E/OU ASSENT DE TUBO DE PVC COM JUNTA ELASTI",48,"","",90748,"ASSENTAMENTO DE TUBO DE PVC PARA REDE COLETORA DE ESGOTO DE PAREDE MACIÇA, DN 100 MM, JUNTA ELÁSTICA, INSTALADO EM LOCAL COM NÍVEL ALTO DE INTERFERÊNCIAS (NÃO INCLUI FORNECIMENTO). AF_06/2015","M","COEFICIENTE DE REPRESENTATIVIDADE",3.82,"","","","","","","","",3.02,78.933333399999995,0.8,21.066666600000001,"0,00","0,0000000","0,00","0,0000000","0,00","0,0000000",0,"CAIXA REFERENCIAL"]
["ASSENTAMENTO DE TUBOS E PECAS","ASTU","FORNEC E/OU ASSENT DE TUBO DE PVC COM JUNTA ELASTI",48,"","",90748,"ASSENTAMENTO DE TUBO DE PVC PARA REDE COLETORA DE ESGOTO DE PAREDE MACIÇA, DN 100 MM, JUNTA ELÁSTICA, INSTALADO EM LOCAL COM NÍVEL ALTO DE INTERFERÊNCIAS (NÃO INCLUI FORNECIMENTO). AF_06/2015","M","COEFICIENTE DE REPRESENTATIVIDADE",3.82,"COMPOSICAO",88246,"ASSENTADOR DE TUBOS COM ENCARGOS COMPLEMENTARES","H","COEFICIENTE DE REPRESENTATIVIDADE",0.1074,21.04,2.25,"","","","","","","","","","",null,"CAIXA REFERENCIAL"]
["ASSENTAMENTO DE TUBOS E PECAS","ASTU","FORNEC E/OU ASSENT DE TUBO DE PVC COM JUNTA ELASTI",48,"","",90748,"ASSENTAMENTO DE TUBO DE PVC PARA REDE COLETORA DE ESGOTO DE PAREDE MACIÇA, DN 100 MM, JUNTA ELÁSTICA, INSTALADO EM LOCAL COM NÍVEL ALTO DE INTERFERÊNCIAS (NÃO INCLUI FORNECIMENTO). AF_06/2015","M","COEFICIENTE DE REPRESENTATIVIDADE",3.82,"COMPOSICAO",88316,"SERVENTE COM ENCARGOS COMPLEMENTARES","H","COLETADO",0.1074,14.67,1.57,"","","","","","","","","","",null,"CAIXA REFERENCIAL"]
["ASSENTAMENTO DE TUBOS E PECAS","ASTU","FORNEC E/OU ASSENT DE TUBO DE PVC COM JUNTA ELASTI",48,"","",90749,"ASSENTAMENTO DE TUBO DE PVC PARA REDE COLETORA DE ESGOTO DE PAREDE MACIÇA, DN 150 MM, JUNTA ELÁSTICA, INSTALADO EM LOCAL COM NÍVEL ALTO DE INTERFERÊNCIAS (NÃO INCLUI FORNECIMENTO). AF_06/2015","M","COEFICIENTE DE REPRESENTATIVIDADE",4.3,"","","","","","","","",3.4,78.959810899999994,0.9,21.040189099999999,"0,00","0,0000000","0,00","0,0000000","0,00","0,0000000",0,"CAIXA REFERENCIAL"]
["ASSENTAMENTO DE TUBOS E PECAS","ASTU","FORNEC E/OU ASSENT DE TUBO DE PVC COM JUNTA ELASTI",48,"","",90749,"ASSENTAMENTO DE TUBO DE PVC PARA REDE COLETORA DE ESGOTO DE PAREDE MACIÇA, DN 150 MM, JUNTA ELÁSTICA, INSTALADO EM LOCAL COM NÍVEL ALTO DE INTERFERÊNCIAS (NÃO INCLUI FORNECIMENTO). AF_06/2015","M","COEFICIENTE DE REPRESENTATIVIDADE",4.3,"COMPOSICAO",88246,"ASSENTADOR DE TUBOS COM ENCARGOS COMPLEMENTARES","H","COEFICIENTE DE REPRESENTATIVIDADE",0.1207,21.04,2.5299999999999998,"","","","","","","","","","",null,"CAIXA REFERENCIAL"]
["ASSENTAMENTO DE TUBOS E PECAS","ASTU","FORNEC E/OU ASSENT DE TUBO DE PVC COM JUNTA ELASTI",48,"","",90749,"ASSENTAMENTO DE TUBO DE PVC PARA REDE COLETORA DE ESGOTO DE PAREDE MACIÇA, DN 150 MM, JUNTA ELÁSTICA, INSTALADO EM LOCAL COM NÍVEL ALTO DE INTERFERÊNCIAS (NÃO INCLUI FORNECIMENTO). AF_06/2015","M","COEFICIENTE DE REPRESENTATIVIDADE",4.3,"COMPOSICAO",88316,"SERVENTE COM ENCARGOS COMPLEMENTARES","H","COLETADO",0.1207,14.67,1.77,"","","","","","","","","","",null,"CAIXA REFERENCIAL"]
["ASSENTAMENTO DE TUBOS E PECAS","ASTU","FORNEC E/OU ASSENT DE TUBO DE PVC COM JUNTA ELASTI",48,"","",90750,"ASSENTAMENTO DE TUBO DE PVC PARA REDE COLETORA DE ESGOTO DE PAREDE MACIÇA, DN 200 MM, JUNTA ELÁSTICA, INSTALADO EM LOCAL COM NÍVEL ALTO DE INTERFERÊNCIAS (NÃO INCLUI FORNECIMENTO). AF_06/2015","M","COEFICIENTE DE REPRESENTATIVIDADE",4.7699999999999996,"","","","","","","","",3.78,79.059829100000002,0.99,20.940170899999998,"0,00","0,0000000","0,00","0,0000000","0,00","0,0000000",0,"CAIXA REFERENCIAL"]
["ASSENTAMENTO DE TUBOS E PECAS","ASTU","FORNEC E/OU ASSENT DE TUBO DE PVC COM JUNTA ELASTI",48,"","",90750,"ASSENTAMENTO DE TUBO DE PVC PARA REDE COLETORA DE ESGOTO DE PAREDE MACIÇA, DN 200 MM, JUNTA ELÁSTICA, INSTALADO EM LOCAL COM NÍVEL ALTO DE INTERFERÊNCIAS (NÃO INCLUI FORNECIMENTO). AF_06/2015","M","COEFICIENTE DE REPRESENTATIVIDADE",4.7699999999999996,"COMPOSICAO",88246,"ASSENTADOR DE TUBOS COM ENCARGOS COMPLEMENTARES","H","COEFICIENTE DE REPRESENTATIVIDADE",0.13400000000000001,21.04,2.81,"","","","","","","","","","",null,"CAIXA REFERENCIAL"]
["ASSENTAMENTO DE TUBOS E PECAS","ASTU","FORNEC E/OU ASSENT DE TUBO DE PVC COM JUNTA ELASTI",48,"","",90750,"ASSENTAMENTO DE TUBO DE PVC PARA REDE COLETORA DE ESGOTO DE PAREDE MACIÇA, DN 200 MM, JUNTA ELÁSTICA, INSTALADO EM LOCAL COM NÍVEL ALTO DE INTERFERÊNCIAS (NÃO INCLUI FORNECIMENTO). AF_06/2015","M","COEFICIENTE DE REPRESENTATIVIDADE",4.7699999999999996,"COMPOSICAO",88316,"SERVENTE COM ENCARGOS COMPLEMENTARES","H","COLETADO",0.13400000000000001,14.67,1.96,"","","","","","","","","","",null,"CAIXA REFERENCIAL"]
["ASSENTAMENTO DE TUBOS E PECAS","ASTU","FORNEC E/OU ASSENT DE TUBO DE PVC COM JUNTA ELASTI",48,"","",90751,"ASSENTAMENTO DE TUBO DE PVC PARA REDE COLETORA DE ESGOTO DE PAREDE MACIÇA, DN 250 MM, JUNTA ELÁSTICA, INSTALADO EM LOCAL COM NÍVEL ALTO DE INTERFERÊNCIAS (NÃO INCLUI FORNECIMENTO). AF_06/2015","M","COEFICIENTE DE REPRESENTATIVIDADE",5.26,"","","","","","","","",4.12,78.310940500000001,1.1399999999999999,21.689059499999999,"0,00","0,0000000","0,00","0,0000000","0,00","0,0000000",0,"CAIXA REFERENCIAL"]
["ASSENTAMENTO DE TUBOS E PECAS","ASTU","FORNEC E/OU ASSENT DE TUBO DE PVC COM JUNTA ELASTI",48,"","",90751,"ASSENTAMENTO DE TUBO DE PVC PARA REDE COLETORA DE ESGOTO DE PAREDE MACIÇA, DN 250 MM, JUNTA ELÁSTICA, INSTALADO EM LOCAL COM NÍVEL ALTO DE INTERFERÊNCIAS (NÃO INCLUI FORNECIMENTO). AF_06/2015","M","COEFICIENTE DE REPRESENTATIVIDADE",5.26,"COMPOSICAO",88246,"ASSENTADOR DE TUBOS COM ENCARGOS COMPLEMENTARES","H","COEFICIENTE DE REPRESENTATIVIDADE",0.1474,21.04,3.1,"","","","","","","","","","",null,"CAIXA REFERENCIAL"]
["ASSENTAMENTO DE TUBOS E PECAS","ASTU","FORNEC E/OU ASSENT DE TUBO DE PVC COM JUNTA ELASTI",48,"","",90751,"ASSENTAMENTO DE TUBO DE PVC PARA REDE COLETORA DE ESGOTO DE PAREDE MACIÇA, DN 250 MM, JUNTA ELÁSTICA, INSTALADO EM LOCAL COM NÍVEL ALTO DE INTERFERÊNCIAS (NÃO INCLUI FORNECIMENTO). AF_06/2015","M","COEFICIENTE DE REPRESENTATIVIDADE",5.26,"COMPOSICAO",88316,"SERVENTE COM ENCARGOS COMPLEMENTARES","H","COLETADO",0.1474,14.67,2.16,"","","","","","","","","","",null,"CAIXA REFERENCIAL"]
["ASSENTAMENTO DE TUBOS E PECAS","ASTU","FORNEC E/OU ASSENT DE TUBO DE PVC COM JUNTA ELASTI",48,"","",90752,"ASSENTAMENTO DE TUBO DE PVC PARA REDE COLETORA DE ESGOTO DE PAREDE MACIÇA, DN 300 MM, JUNTA ELÁSTICA, INSTALADO EM LOCAL COM NÍVEL ALTO DE INTERFERÊNCIAS (NÃO INCLUI FORNECIMENTO). AF_06/2015","M","COEFICIENTE DE REPRESENTATIVIDADE",5.73,"","","","","","","","",4.5,78.483245199999999,1.23,21.516754800000001,"0,00","0,0000000","0,00","0,0000000","0,00","0,0000000",0,"CAIXA REFERENCIAL"]
["ASSENTAMENTO DE TUBOS E PECAS","ASTU","FORNEC E/OU ASSENT DE TUBO DE PVC COM JUNTA ELASTI",48,"","",90752,"ASSENTAMENTO DE TUBO DE PVC PARA REDE COLETORA DE ESGOTO DE PAREDE MACIÇA, DN 300 MM, JUNTA ELÁSTICA, INSTALADO EM LOCAL COM NÍVEL ALTO DE INTERFERÊNCIAS (NÃO INCLUI FORNECIMENTO). AF_06/2015","M","COEFICIENTE DE REPRESENTATIVIDADE",5.73,"COMPOSICAO",88246,"ASSENTADOR DE TUBOS COM ENCARGOS COMPLEMENTARES","H","COEFICIENTE DE REPRESENTATIVIDADE",0.16070000000000001,21.04,3.38,"","","","","","","","","","",null,"CAIXA REFERENCIAL"]
["ASSENTAMENTO DE TUBOS E PECAS","ASTU","FORNEC E/OU ASSENT DE TUBO DE PVC COM JUNTA ELASTI",48,"","",90752,"ASSENTAMENTO DE TUBO DE PVC PARA REDE COLETORA DE ESGOTO DE PAREDE MACIÇA, DN 300 MM, JUNTA ELÁSTICA, INSTALADO EM LOCAL COM NÍVEL ALTO DE INTERFERÊNCIAS (NÃO INCLUI FORNECIMENTO). AF_06/2015","M","COEFICIENTE DE REPRESENTATIVIDADE",5.73,"COMPOSICAO",88316,"SERVENTE COM ENCARGOS COMPLEMENTARES","H","COLETADO",0.16070000000000001,14.67,2.35,"","","","","","","","","","",null,"CAIXA REFERENCIAL"]
["ASSENTAMENTO DE TUBOS E PECAS","ASTU","FORNEC E/OU ASSENT DE TUBO DE PVC COM JUNTA ELASTI",48,"","",90753,"ASSENTAMENTO DE TUBO DE PVC PARA REDE COLETORA DE ESGOTO DE PAREDE MACIÇA, DN 350 MM, JUNTA ELÁSTICA, INSTALADO EM LOCAL COM NÍVEL ALTO DE INTERFERÊNCIAS (NÃO INCLUI FORNECIMENTO). AF_06/2015","M","COEFICIENTE DE REPRESENTATIVIDADE",6.21,"","","","","","","","",4.88,78.501628699999998,1.33,21.498371299999999,"0,00","0,0000000","0,00","0,0000000","0,00","0,0000000",0,"CAIXA REFERENCIAL"]
["ASSENTAMENTO DE TUBOS E PECAS","ASTU","FORNEC E/OU ASSENT DE TUBO DE PVC COM JUNTA ELASTI",48,"","",90753,"ASSENTAMENTO DE TUBO DE PVC PARA REDE COLETORA DE ESGOTO DE PAREDE MACIÇA, DN 350 MM, JUNTA ELÁSTICA, INSTALADO EM LOCAL COM NÍVEL ALTO DE INTERFERÊNCIAS (NÃO INCLUI FORNECIMENTO). AF_06/2015","M","COEFICIENTE DE REPRESENTATIVIDADE",6.21,"COMPOSICAO",88246,"ASSENTADOR DE TUBOS COM ENCARGOS COMPLEMENTARES","H","COEFICIENTE DE REPRESENTATIVIDADE",0.1741,21.04,3.66,"","","","","","","","","","",null,"CAIXA REFERENCIAL"]
["ASSENTAMENTO DE TUBOS E PECAS","ASTU","FORNEC E/OU ASSENT DE TUBO DE PVC COM JUNTA ELASTI",48,"","",90753,"ASSENTAMENTO DE TUBO DE PVC PARA REDE COLETORA DE ESGOTO DE PAREDE MACIÇA, DN 350 MM, JUNTA ELÁSTICA, INSTALADO EM LOCAL COM NÍVEL ALTO DE INTERFERÊNCIAS (NÃO INCLUI FORNECIMENTO). AF_06/2015","M","COEFICIENTE DE REPRESENTATIVIDADE",6.21,"COMPOSICAO",88316,"SERVENTE COM ENCARGOS COMPLEMENTARES","H","COLETADO",0.1741,14.67,2.5499999999999998,"","","","","","","","","","",null,"CAIXA REFERENCIAL"]
["ASSENTAMENTO DE TUBOS E PECAS","ASTU","FORNEC E/OU ASSENT DE TUBO DE PVC COM JUNTA ELASTI",48,"","",90754,"ASSENTAMENTO DE TUBO DE PVC PARA REDE COLETORA DE ESGOTO DE PAREDE MACIÇA, DN 400 MM, JUNTA ELÁSTICA, INSTALADO EM LOCAL COM NÍVEL ALTO DE INTERFERÊNCIAS (NÃO INCLUI FORNECIMENTO). AF_06/2015","M","ATRIBUÍDO SÃO PAULO",13.93,"","","","","","","","",7.62,54.670528699999998,3.61,25.923244,"2,70","19,4062273","0,00","0,0000000","0,00","0,0000000",0,"CAIXA REFERENCIAL"]
["ASSENTAMENTO DE TUBOS E PECAS","ASTU","FORNEC E/OU ASSENT DE TUBO DE PVC COM JUNTA ELASTI",48,"","",90754,"ASSENTAMENTO DE TUBO DE PVC PARA REDE COLETORA DE ESGOTO DE PAREDE MACIÇA, DN 400 MM, JUNTA ELÁSTICA, INSTALADO EM LOCAL COM NÍVEL ALTO DE INTERFERÊNCIAS (NÃO INCLUI FORNECIMENTO). AF_06/2015","M","ATRIBUÍDO SÃO PAULO",13.93,"COMPOSICAO",5678,"RETROESCAVADEIRA SOBRE RODAS COM CARREGADEIRA, TRAÇÃO 4X4, POTÊNCIA LÍQ. 88 HP, CAÇAMBA CARREG. CAP. MÍN. 1 M3, CAÇAMBA RETRO CAP. 0,26 M3, PESO OPERACIONAL MÍN. 6.674 KG, PROFUNDIDADE ESCAVAÇÃO MÁX. 4,37 M - CHP DIURNO. AF_06/2014","CHP","ATRIBUÍDO SÃO PAULO",6.08E-2,92.02,5.59,"","","","","","","","","","",null,"CAIXA REFERENCIAL"]
["ASSENTAMENTO DE TUBOS E PECAS","ASTU","FORNEC E/OU ASSENT DE TUBO DE PVC COM JUNTA ELASTI",48,"","",90754,"ASSENTAMENTO DE TUBO DE PVC PARA REDE COLETORA DE ESGOTO DE PAREDE MACIÇA, DN 400 MM, JUNTA ELÁSTICA, INSTALADO EM LOCAL COM NÍVEL ALTO DE INTERFERÊNCIAS (NÃO INCLUI FORNECIMENTO). AF_06/2015","M","ATRIBUÍDO SÃO PAULO",13.93,"COMPOSICAO",5679,"RETROESCAVADEIRA SOBRE RODAS COM CARREGADEIRA, TRAÇÃO 4X4, POTÊNCIA LÍQ. 88 HP, CAÇAMBA CARREG. CAP. MÍN. 1 M3, CAÇAMBA RETRO CAP. 0,26 M3, PESO OPERACIONAL MÍN. 6.674 KG, PROFUNDIDADE ESCAVAÇÃO MÁX. 4,37 M - CHI DIURNO. AF_06/2014","CHI","ATRIBUÍDO SÃO PAULO",3.78E-2,43.92,1.66,"","","","","","","","","","",null,"CAIXA REFERENCIAL"]
["ASSENTAMENTO DE TUBOS E PECAS","ASTU","FORNEC E/OU ASSENT DE TUBO DE PVC COM JUNTA ELASTI",48,"","",90754,"ASSENTAMENTO DE TUBO DE PVC PARA REDE COLETORA DE ESGOTO DE PAREDE MACIÇA, DN 400 MM, JUNTA ELÁSTICA, INSTALADO EM LOCAL COM NÍVEL ALTO DE INTERFERÊNCIAS (NÃO INCLUI FORNECIMENTO). AF_06/2015","M","ATRIBUÍDO SÃO PAULO",13.93,"COMPOSICAO",88246,"ASSENTADOR DE TUBOS COM ENCARGOS COMPLEMENTARES","H","COEFICIENTE DE REPRESENTATIVIDADE",0.18740000000000001,21.04,3.94,"","","","","","","","","","",null,"CAIXA REFERENCIAL"]
["ASSENTAMENTO DE TUBOS E PECAS","ASTU","FORNEC E/OU ASSENT DE TUBO DE PVC COM JUNTA ELASTI",48,"","",90754,"ASSENTAMENTO DE TUBO DE PVC PARA REDE COLETORA DE ESGOTO DE PAREDE MACIÇA, DN 400 MM, JUNTA ELÁSTICA, INSTALADO EM LOCAL COM NÍVEL ALTO DE INTERFERÊNCIAS (NÃO INCLUI FORNECIMENTO). AF_06/2015","M","ATRIBUÍDO SÃO PAULO",13.93,"COMPOSICAO",88316,"SERVENTE COM ENCARGOS COMPLEMENTARES","H","COLETADO",0.18740000000000001,14.67,2.74,"","","","","","","","","","",null,"CAIXA REFERENCIAL"]
["ASSENTAMENTO DE TUBOS E PECAS","ASTU","FORNEC E/OU ASSENT DE TUBO DE PVC COM JUNTA ELASTI",48,"","",90755,"ASSENTAMENTO DE TUBO DE PVC CORRUGADO DE DUPLA PAREDE PARA REDE COLETORA DE ESGOTO, DN 150 MM, JUNTA ELÁSTICA, INSTALADO EM LOCAL COM NÍVEL ALTO DE INTERFERÊNCIAS (NÃO INCLUI FORNECIMENTO). AF_06/2015","M","COEFICIENTE DE REPRESENTATIVIDADE",6.45,"","","","","","","","",5.05,78.28125,1.4,21.71875,"0,00","0,0000000","0,00","0,0000000","0,00","0,0000000",0,"CAIXA REFERENCIAL"]
["ASSENTAMENTO DE TUBOS E PECAS","ASTU","FORNEC E/OU ASSENT DE TUBO DE PVC COM JUNTA ELASTI",48,"","",90755,"ASSENTAMENTO DE TUBO DE PVC CORRUGADO DE DUPLA PAREDE PARA REDE COLETORA DE ESGOTO, DN 150 MM, JUNTA ELÁSTICA, INSTALADO EM LOCAL COM NÍVEL ALTO DE INTERFERÊNCIAS (NÃO INCLUI FORNECIMENTO). AF_06/2015","M","COEFICIENTE DE REPRESENTATIVIDADE",6.45,"COMPOSICAO",88246,"ASSENTADOR DE TUBOS COM ENCARGOS COMPLEMENTARES","H","COEFICIENTE DE REPRESENTATIVIDADE",0.18090000000000001,21.04,3.8,"","","","","","","","","","",null,"CAIXA REFERENCIAL"]
["ASSENTAMENTO DE TUBOS E PECAS","ASTU","FORNEC E/OU ASSENT DE TUBO DE PVC COM JUNTA ELASTI",48,"","",90755,"ASSENTAMENTO DE TUBO DE PVC CORRUGADO DE DUPLA PAREDE PARA REDE COLETORA DE ESGOTO, DN 150 MM, JUNTA ELÁSTICA, INSTALADO EM LOCAL COM NÍVEL ALTO DE INTERFERÊNCIAS (NÃO INCLUI FORNECIMENTO). AF_06/2015","M","COEFICIENTE DE REPRESENTATIVIDADE",6.45,"COMPOSICAO",88316,"SERVENTE COM ENCARGOS COMPLEMENTARES","H","COLETADO",0.18090000000000001,14.67,2.65,"","","","","","","","","","",null,"CAIXA REFERENCIAL"]
["ASSENTAMENTO DE TUBOS E PECAS","ASTU","FORNEC E/OU ASSENT DE TUBO DE PVC COM JUNTA ELASTI",48,"","",90756,"ASSENTAMENTO DE TUBO DE PVC CORRUGADO DE DUPLA PAREDE PARA REDE COLETORA DE ESGOTO, DN 200 MM, JUNTA ELÁSTICA, INSTALADO EM LOCAL COM NÍVEL ALTO DE INTERFERÊNCIAS (NÃO INCLUI FORNECIMENTO). AF_06/2015","M","COEFICIENTE DE REPRESENTATIVIDADE",6.92,"","","","","","","","",5.45,78.654970800000001,1.47,21.345029199999999,"0,00","0,0000000","0,00","0,0000000","0,00","0,0000000",0,"CAIXA REFERENCIAL"]
["ASSENTAMENTO DE TUBOS E PECAS","ASTU","FORNEC E/OU ASSENT DE TUBO DE PVC COM JUNTA ELASTI",48,"","",90756,"ASSENTAMENTO DE TUBO DE PVC CORRUGADO DE DUPLA PAREDE PARA REDE COLETORA DE ESGOTO, DN 200 MM, JUNTA ELÁSTICA, INSTALADO EM LOCAL COM NÍVEL ALTO DE INTERFERÊNCIAS (NÃO INCLUI FORNECIMENTO). AF_06/2015","M","COEFICIENTE DE REPRESENTATIVIDADE",6.92,"COMPOSICAO",88246,"ASSENTADOR DE TUBOS COM ENCARGOS COMPLEMENTARES","H","COEFICIENTE DE REPRESENTATIVIDADE",0.19420000000000001,21.04,4.08,"","","","","","","","","","",null,"CAIXA REFERENCIAL"]
["ASSENTAMENTO DE TUBOS E PECAS","ASTU","FORNEC E/OU ASSENT DE TUBO DE PVC COM JUNTA ELASTI",48,"","",90756,"ASSENTAMENTO DE TUBO DE PVC CORRUGADO DE DUPLA PAREDE PARA REDE COLETORA DE ESGOTO, DN 200 MM, JUNTA ELÁSTICA, INSTALADO EM LOCAL COM NÍVEL ALTO DE INTERFERÊNCIAS (NÃO INCLUI FORNECIMENTO). AF_06/2015","M","COEFICIENTE DE REPRESENTATIVIDADE",6.92,"COMPOSICAO",88316,"SERVENTE COM ENCARGOS COMPLEMENTARES","H","COLETADO",0.19420000000000001,14.67,2.84,"","","","","","","","","","",null,"CAIXA REFERENCIAL"]
["ASSENTAMENTO DE TUBOS E PECAS","ASTU","FORNEC E/OU ASSENT DE TUBO DE PVC COM JUNTA ELASTI",48,"","",90757,"ASSENTAMENTO DE TUBO DE PVC CORRUGADO DE DUPLA PAREDE PARA REDE COLETORA DE ESGOTO, DN 250 MM, JUNTA ELÁSTICA, INSTALADO EM LOCAL COM NÍVEL ALTO DE INTERFERÊNCIAS (NÃO INCLUI FORNECIMENTO). AF_06/2015","M","COEFICIENTE DE REPRESENTATIVIDADE",7.4,"","","","","","","","",5.82,78.551912599999994,1.58,21.448087399999999,"0,00","0,0000000","0,00","0,0000000","0,00","0,0000000",0,"CAIXA REFERENCIAL"]
["ASSENTAMENTO DE TUBOS E PECAS","ASTU","FORNEC E/OU ASSENT DE TUBO DE PVC COM JUNTA ELASTI",48,"","",90757,"ASSENTAMENTO DE TUBO DE PVC CORRUGADO DE DUPLA PAREDE PARA REDE COLETORA DE ESGOTO, DN 250 MM, JUNTA ELÁSTICA, INSTALADO EM LOCAL COM NÍVEL ALTO DE INTERFERÊNCIAS (NÃO INCLUI FORNECIMENTO). AF_06/2015","M","COEFICIENTE DE REPRESENTATIVIDADE",7.4,"COMPOSICAO",88246,"ASSENTADOR DE TUBOS COM ENCARGOS COMPLEMENTARES","H","COEFICIENTE DE REPRESENTATIVIDADE",0.20760000000000001,21.04,4.3600000000000003,"","","","","","","","","","",null,"CAIXA REFERENCIAL"]
["ASSENTAMENTO DE TUBOS E PECAS","ASTU","FORNEC E/OU ASSENT DE TUBO DE PVC COM JUNTA ELASTI",48,"","",90757,"ASSENTAMENTO DE TUBO DE PVC CORRUGADO DE DUPLA PAREDE PARA REDE COLETORA DE ESGOTO, DN 250 MM, JUNTA ELÁSTICA, INSTALADO EM LOCAL COM NÍVEL ALTO DE INTERFERÊNCIAS (NÃO INCLUI FORNECIMENTO). AF_06/2015","M","COEFICIENTE DE REPRESENTATIVIDADE",7.4,"COMPOSICAO",88316,"SERVENTE COM ENCARGOS COMPLEMENTARES","H","COLETADO",0.20760000000000001,14.67,3.04,"","","","","","","","","","",null,"CAIXA REFERENCIAL"]
["ASSENTAMENTO DE TUBOS E PECAS","ASTU","FORNEC E/OU ASSENT DE TUBO DE PVC COM JUNTA ELASTI",48,"","",90758,"ASSENTAMENTO DE TUBO DE PVC CORRUGADO DE DUPLA PAREDE PARA REDE COLETORA DE ESGOTO, DN 300 MM, JUNTA ELÁSTICA, INSTALADO EM LOCAL COM NÍVEL ALTO DE INTERFERÊNCIAS (NÃO INCLUI FORNECIMENTO). AF_06/2015","M","COEFICIENTE DE REPRESENTATIVIDADE",7.88,"","","","","","","","",6.19,78.461538500000003,1.69,21.5384615,"0,00","0,0000000","0,00","0,0000000","0,00","0,0000000",0,"CAIXA REFERENCIAL"]
["ASSENTAMENTO DE TUBOS E PECAS","ASTU","FORNEC E/OU ASSENT DE TUBO DE PVC COM JUNTA ELASTI",48,"","",90758,"ASSENTAMENTO DE TUBO DE PVC CORRUGADO DE DUPLA PAREDE PARA REDE COLETORA DE ESGOTO, DN 300 MM, JUNTA ELÁSTICA, INSTALADO EM LOCAL COM NÍVEL ALTO DE INTERFERÊNCIAS (NÃO INCLUI FORNECIMENTO). AF_06/2015","M","COEFICIENTE DE REPRESENTATIVIDADE",7.88,"COMPOSICAO",88246,"ASSENTADOR DE TUBOS COM ENCARGOS COMPLEMENTARES","H","COEFICIENTE DE REPRESENTATIVIDADE",0.22090000000000001,21.04,4.6399999999999997,"","","","","","","","","","",null,"CAIXA REFERENCIAL"]
["ASSENTAMENTO DE TUBOS E PECAS","ASTU","FORNEC E/OU ASSENT DE TUBO DE PVC COM JUNTA ELASTI",48,"","",90758,"ASSENTAMENTO DE TUBO DE PVC CORRUGADO DE DUPLA PAREDE PARA REDE COLETORA DE ESGOTO, DN 300 MM, JUNTA ELÁSTICA, INSTALADO EM LOCAL COM NÍVEL ALTO DE INTERFERÊNCIAS (NÃO INCLUI FORNECIMENTO). AF_06/2015","M","COEFICIENTE DE REPRESENTATIVIDADE",7.88,"COMPOSICAO",88316,"SERVENTE COM ENCARGOS COMPLEMENTARES","H","COLETADO",0.22090000000000001,14.67,3.24,"","","","","","","","","","",null,"CAIXA REFERENCIAL"]
["ASSENTAMENTO DE TUBOS E PECAS","ASTU","FORNEC E/OU ASSENT DE TUBO DE PVC COM JUNTA ELASTI",48,"","",90759,"ASSENTAMENTO DE TUBO DE PVC CORRUGADO DE DUPLA PAREDE PARA REDE COLETORA DE ESGOTO, DN 350 MM, JUNTA ELÁSTICA, INSTALADO EM LOCAL COM NÍVEL ALTO DE INTERFERÊNCIAS (NÃO INCLUI FORNECIMENTO). AF_06/2015","M","COEFICIENTE DE REPRESENTATIVIDADE",8.35,"","","","","","","","",6.56,78.4764208,1.79,21.5235792,"0,00","0,0000000","0,00","0,0000000","0,00","0,0000000",0,"CAIXA REFERENCIAL"]
["ASSENTAMENTO DE TUBOS E PECAS","ASTU","FORNEC E/OU ASSENT DE TUBO DE PVC COM JUNTA ELASTI",48,"","",90759,"ASSENTAMENTO DE TUBO DE PVC CORRUGADO DE DUPLA PAREDE PARA REDE COLETORA DE ESGOTO, DN 350 MM, JUNTA ELÁSTICA, INSTALADO EM LOCAL COM NÍVEL ALTO DE INTERFERÊNCIAS (NÃO INCLUI FORNECIMENTO). AF_06/2015","M","COEFICIENTE DE REPRESENTATIVIDADE",8.35,"COMPOSICAO",88246,"ASSENTADOR DE TUBOS COM ENCARGOS COMPLEMENTARES","H","COEFICIENTE DE REPRESENTATIVIDADE",0.23419999999999999,21.04,4.92,"","","","","","","","","","",null,"CAIXA REFERENCIAL"]
["ASSENTAMENTO DE TUBOS E PECAS","ASTU","FORNEC E/OU ASSENT DE TUBO DE PVC COM JUNTA ELASTI",48,"","",90759,"ASSENTAMENTO DE TUBO DE PVC CORRUGADO DE DUPLA PAREDE PARA REDE COLETORA DE ESGOTO, DN 350 MM, JUNTA ELÁSTICA, INSTALADO EM LOCAL COM NÍVEL ALTO DE INTERFERÊNCIAS (NÃO INCLUI FORNECIMENTO). AF_06/2015","M","COEFICIENTE DE REPRESENTATIVIDADE",8.35,"COMPOSICAO",88316,"SERVENTE COM ENCARGOS COMPLEMENTARES","H","COLETADO",0.23419999999999999,14.67,3.43,"","","","","","","","","","",null,"CAIXA REFERENCIAL"]
["ASSENTAMENTO DE TUBOS E PECAS","ASTU","FORNEC E/OU ASSENT DE TUBO DE PVC COM JUNTA ELASTI",48,"","",90760,"ASSENTAMENTO DE TUBO DE PVC CORRUGADO DE DUPLA PAREDE PARA REDE COLETORA DE ESGOTO, DN 400 MM, EM JUNTA ELÁSTICA, INSTALADO EM LOCAL COM NÍVEL ALTO DE INTERFERÊNCIAS (NÃO INCLUI FORNECIMENTO). AF_06/2015","M","ATRIBUÍDO SÃO PAULO",18.399999999999999,"","","","","","","","",10.08,54.744926100000001,4.75,25.8365331,"3,57","19,4185408","0,00","0,0000000","0,00","0,0000000",0,"CAIXA REFERENCIAL"]
["ASSENTAMENTO DE TUBOS E PECAS","ASTU","FORNEC E/OU ASSENT DE TUBO DE PVC COM JUNTA ELASTI",48,"","",90760,"ASSENTAMENTO DE TUBO DE PVC CORRUGADO DE DUPLA PAREDE PARA REDE COLETORA DE ESGOTO, DN 400 MM, EM JUNTA ELÁSTICA, INSTALADO EM LOCAL COM NÍVEL ALTO DE INTERFERÊNCIAS (NÃO INCLUI FORNECIMENTO). AF_06/2015","M","ATRIBUÍDO SÃO PAULO",18.399999999999999,"COMPOSICAO",5678,"RETROESCAVADEIRA SOBRE RODAS COM CARREGADEIRA, TRAÇÃO 4X4, POTÊNCIA LÍQ. 88 HP, CAÇAMBA CARREG. CAP. MÍN. 1 M3, CAÇAMBA RETRO CAP. 0,26 M3, PESO OPERACIONAL MÍN. 6.674 KG, PROFUNDIDADE ESCAVAÇÃO MÁX. 4,37 M - CHP DIURNO. AF_06/2014","CHP","ATRIBUÍDO SÃO PAULO",8.0299999999999996E-2,92.02,7.38,"","","","","","","","","","",null,"CAIXA REFERENCIAL"]
["ASSENTAMENTO DE TUBOS E PECAS","ASTU","FORNEC E/OU ASSENT DE TUBO DE PVC COM JUNTA ELASTI",48,"","",90760,"ASSENTAMENTO DE TUBO DE PVC CORRUGADO DE DUPLA PAREDE PARA REDE COLETORA DE ESGOTO, DN 400 MM, EM JUNTA ELÁSTICA, INSTALADO EM LOCAL COM NÍVEL ALTO DE INTERFERÊNCIAS (NÃO INCLUI FORNECIMENTO). AF_06/2015","M","ATRIBUÍDO SÃO PAULO",18.399999999999999,"COMPOSICAO",5679,"RETROESCAVADEIRA SOBRE RODAS COM CARREGADEIRA, TRAÇÃO 4X4, POTÊNCIA LÍQ. 88 HP, CAÇAMBA CARREG. CAP. MÍN. 1 M3, CAÇAMBA RETRO CAP. 0,26 M3, PESO OPERACIONAL MÍN. 6.674 KG, PROFUNDIDADE ESCAVAÇÃO MÁX. 4,37 M - CHI DIURNO. AF_06/2014","CHI","ATRIBUÍDO SÃO PAULO",4.99E-2,43.92,2.19,"","","","","","","","","","",null,"CAIXA REFERENCIAL"]
["ASSENTAMENTO DE TUBOS E PECAS","ASTU","FORNEC E/OU ASSENT DE TUBO DE PVC COM JUNTA ELASTI",48,"","",90760,"ASSENTAMENTO DE TUBO DE PVC CORRUGADO DE DUPLA PAREDE PARA REDE COLETORA DE ESGOTO, DN 400 MM, EM JUNTA ELÁSTICA, INSTALADO EM LOCAL COM NÍVEL ALTO DE INTERFERÊNCIAS (NÃO INCLUI FORNECIMENTO). AF_06/2015","M","ATRIBUÍDO SÃO PAULO",18.399999999999999,"COMPOSICAO",88246,"ASSENTADOR DE TUBOS COM ENCARGOS COMPLEMENTARES","H","COEFICIENTE DE REPRESENTATIVIDADE",0.24759999999999999,21.04,5.2,"","","","","","","","","","",null,"CAIXA REFERENCIAL"]
["ASSENTAMENTO DE TUBOS E PECAS","ASTU","FORNEC E/OU ASSENT DE TUBO DE PVC COM JUNTA ELASTI",48,"","",90760,"ASSENTAMENTO DE TUBO DE PVC CORRUGADO DE DUPLA PAREDE PARA REDE COLETORA DE ESGOTO, DN 400 MM, EM JUNTA ELÁSTICA, INSTALADO EM LOCAL COM NÍVEL ALTO DE INTERFERÊNCIAS (NÃO INCLUI FORNECIMENTO). AF_06/2015","M","ATRIBUÍDO SÃO PAULO",18.399999999999999,"COMPOSICAO",88316,"SERVENTE COM ENCARGOS COMPLEMENTARES","H","COLETADO",0.24759999999999999,14.67,3.63,"","","","","","","","","","",null,"CAIXA REFERENCIAL"]
["ASSENTAMENTO DE TUBOS E PECAS","ASTU","FORNEC E/OU ASSENT DE TUBO DE PVC COM JUNTA ELASTI",48,"","",90761,"ASSENTAMENTO DE TUBO DE PEAD CORRUGADO DE DUPLA PAREDE PARA REDE COLETORA DE ESGOTO, DN 450 MM, JUNTA ELÁSTICA INTEGRADA, INSTALADO EM LOCAL COM NÍVEL ALTO DE INTERFERÊNCIAS (NÃO INCLUI FORNECIMENTO). AF_06/2015","M","COEFICIENTE DE REPRESENTATIVIDADE",3.55,"","","","","","","","",2.81,79.022988600000005,0.74,20.977011399999999,"0,00","0,0000000","0,00","0,0000000","0,00","0,0000000",0,"CAIXA REFERENCIAL"]
["ASSENTAMENTO DE TUBOS E PECAS","ASTU","FORNEC E/OU ASSENT DE TUBO DE PVC COM JUNTA ELASTI",48,"","",90761,"ASSENTAMENTO DE TUBO DE PEAD CORRUGADO DE DUPLA PAREDE PARA REDE COLETORA DE ESGOTO, DN 450 MM, JUNTA ELÁSTICA INTEGRADA, INSTALADO EM LOCAL COM NÍVEL ALTO DE INTERFERÊNCIAS (NÃO INCLUI FORNECIMENTO). AF_06/2015","M","COEFICIENTE DE REPRESENTATIVIDADE",3.55,"COMPOSICAO",88246,"ASSENTADOR DE TUBOS COM ENCARGOS COMPLEMENTARES","H","COEFICIENTE DE REPRESENTATIVIDADE",9.9599999999999994E-2,21.04,2.09,"","","","","","","","","","",null,"CAIXA REFERENCIAL"]
["ASSENTAMENTO DE TUBOS E PECAS","ASTU","FORNEC E/OU ASSENT DE TUBO DE PVC COM JUNTA ELASTI",48,"","",90761,"ASSENTAMENTO DE TUBO DE PEAD CORRUGADO DE DUPLA PAREDE PARA REDE COLETORA DE ESGOTO, DN 450 MM, JUNTA ELÁSTICA INTEGRADA, INSTALADO EM LOCAL COM NÍVEL ALTO DE INTERFERÊNCIAS (NÃO INCLUI FORNECIMENTO). AF_06/2015","M","COEFICIENTE DE REPRESENTATIVIDADE",3.55,"COMPOSICAO",88316,"SERVENTE COM ENCARGOS COMPLEMENTARES","H","COLETADO",9.9599999999999994E-2,14.67,1.46,"","","","","","","","","","",null,"CAIXA REFERENCIAL"]
["ASSENTAMENTO DE TUBOS E PECAS","ASTU","FORNEC E/OU ASSENT DE TUBO DE PVC COM JUNTA ELASTI",48,"","",90762,"ASSENTAMENTO DE TUBO DE PEAD CORRUGADO DE DUPLA PAREDE PARA REDE COLETORA DE ESGOTO, DN 600 MM, JUNTA ELÁSTICA INTEGRADA, INSTALADO EM LOCAL COM NÍVEL ALTO DE INTERFERÊNCIAS (NÃO INCLUI FORNECIMENTO). AF_06/2015","M","ATRIBUÍDO SÃO PAULO",13.67,"","","","","","","","",6.29,45.937961700000002,3.28,24.002954200000001,"4,10","30,0590841","0,00","0,0000000","0,00","0,0000000",0,"CAIXA REFERENCIAL"]
["ASSENTAMENTO DE TUBOS E PECAS","ASTU","FORNEC E/OU ASSENT DE TUBO DE PVC COM JUNTA ELASTI",48,"","",90762,"ASSENTAMENTO DE TUBO DE PEAD CORRUGADO DE DUPLA PAREDE PARA REDE COLETORA DE ESGOTO, DN 600 MM, JUNTA ELÁSTICA INTEGRADA, INSTALADO EM LOCAL COM NÍVEL ALTO DE INTERFERÊNCIAS (NÃO INCLUI FORNECIMENTO). AF_06/2015","M","ATRIBUÍDO SÃO PAULO",13.67,"COMPOSICAO",5631,"ESCAVADEIRA HIDRÁULICA SOBRE ESTEIRAS, CAÇAMBA 0,80 M3, PESO OPERACIONAL 17 T, POTENCIA BRUTA 111 HP - CHP DIURNO. AF_06/2014","CHP","ATRIBUÍDO SÃO PAULO",5.0200000000000002E-2,126.79,6.36,"","","","","","","","","","",null,"CAIXA REFERENCIAL"]
["ASSENTAMENTO DE TUBOS E PECAS","ASTU","FORNEC E/OU ASSENT DE TUBO DE PVC COM JUNTA ELASTI",48,"","",90762,"ASSENTAMENTO DE TUBO DE PEAD CORRUGADO DE DUPLA PAREDE PARA REDE COLETORA DE ESGOTO, DN 600 MM, JUNTA ELÁSTICA INTEGRADA, INSTALADO EM LOCAL COM NÍVEL ALTO DE INTERFERÊNCIAS (NÃO INCLUI FORNECIMENTO). AF_06/2015","M","ATRIBUÍDO SÃO PAULO",13.67,"COMPOSICAO",5632,"ESCAVADEIRA HIDRÁULICA SOBRE ESTEIRAS, CAÇAMBA 0,80 M3, PESO OPERACIONAL 17 T, POTENCIA BRUTA 111 HP - CHI DIURNO. AF_06/2014","CHI","ATRIBUÍDO SÃO PAULO",3.1199999999999999E-2,57.49,1.79,"","","","","","","","","","",null,"CAIXA REFERENCIAL"]
["ASSENTAMENTO DE TUBOS E PECAS","ASTU","FORNEC E/OU ASSENT DE TUBO DE PVC COM JUNTA ELASTI",48,"","",90762,"ASSENTAMENTO DE TUBO DE PEAD CORRUGADO DE DUPLA PAREDE PARA REDE COLETORA DE ESGOTO, DN 600 MM, JUNTA ELÁSTICA INTEGRADA, INSTALADO EM LOCAL COM NÍVEL ALTO DE INTERFERÊNCIAS (NÃO INCLUI FORNECIMENTO). AF_06/2015","M","ATRIBUÍDO SÃO PAULO",13.67,"COMPOSICAO",88246,"ASSENTADOR DE TUBOS COM ENCARGOS COMPLEMENTARES","H","COEFICIENTE DE REPRESENTATIVIDADE",0.15490000000000001,21.04,3.25,"","","","","","","","","","",null,"CAIXA REFERENCIAL"]
["ASSENTAMENTO DE TUBOS E PECAS","ASTU","FORNEC E/OU ASSENT DE TUBO DE PVC COM JUNTA ELASTI",48,"","",90762,"ASSENTAMENTO DE TUBO DE PEAD CORRUGADO DE DUPLA PAREDE PARA REDE COLETORA DE ESGOTO, DN 600 MM, JUNTA ELÁSTICA INTEGRADA, INSTALADO EM LOCAL COM NÍVEL ALTO DE INTERFERÊNCIAS (NÃO INCLUI FORNECIMENTO). AF_06/2015","M","ATRIBUÍDO SÃO PAULO",13.67,"COMPOSICAO",88316,"SERVENTE COM ENCARGOS COMPLEMENTARES","H","COLETADO",0.15490000000000001,14.67,2.27,"","","","","","","","","","",null,"CAIXA REFERENCIAL"]
["ASSENTAMENTO DE TUBOS E PECAS","ASTU","FORNEC E/OU ASSENT DE TUBO DE PVC COM JUNTA ELASTI",48,"","",94869,"TUBO DE PEAD CORRUGADO DE DUPLA PAREDE PARA REDE COLETORA DE ESGOTO, DN 250 MM, JUNTA ELÁSTICA INTEGRADA, INSTALADO EM LOCAL COM NÍVEL BAIXO DE INTERFERÊNCIAS - FORNECIMENTO E ASSENTAMENTO. AF_06/2016","M","ATRIBUÍDO SÃO PAULO",116.67,"","","","","","","","",0.54,0.46308199999999999,116.13,99.536918,"0,00","0,0000000","0,00","0,0000000","0,00","0,0000000",0,"CAIXA REFERENCIAL"]
["ASSENTAMENTO DE TUBOS E PECAS","ASTU","FORNEC E/OU ASSENT DE TUBO DE PVC COM JUNTA ELASTI",48,"","",94869,"TUBO DE PEAD CORRUGADO DE DUPLA PAREDE PARA REDE COLETORA DE ESGOTO, DN 250 MM, JUNTA ELÁSTICA INTEGRADA, INSTALADO EM LOCAL COM NÍVEL BAIXO DE INTERFERÊNCIAS - FORNECIMENTO E ASSENTAMENTO. AF_06/2016","M","ATRIBUÍDO SÃO PAULO",116.67,"INSUMO",20078,"PASTA LUBRIFICANTE PARA TUBOS E CONEXOES COM JUNTA ELASTICA (USO EM PVC, ACO, POLIETILENO E OUTROS) ( DE *400* G)","UN","COEFICIENTE DE REPRESENTATIVIDADE",3.7900000000000003E-2,16.53,0.62,"","","","","","","","","","",null,"CAIXA REFERENCIAL"]
["ASSENTAMENTO DE TUBOS E PECAS","ASTU","FORNEC E/OU ASSENT DE TUBO DE PVC COM JUNTA ELASTI",48,"","",94869,"TUBO DE PEAD CORRUGADO DE DUPLA PAREDE PARA REDE COLETORA DE ESGOTO, DN 250 MM, JUNTA ELÁSTICA INTEGRADA, INSTALADO EM LOCAL COM NÍVEL BAIXO DE INTERFERÊNCIAS - FORNECIMENTO E ASSENTAMENTO. AF_06/2016","M","ATRIBUÍDO SÃO PAULO",116.67,"INSUMO",41779,"TUBO CORRUGADO PEAD, PAREDE DUPLA, INTERNA LISA, JEI, DN/DI 250 MM, PARA SANEAMENTO","M","ATRIBUÍDO SÃO PAULO",1.05,109.85,115.34,"","","","","","","","","","",null,"CAIXA REFERENCIAL"]
["ASSENTAMENTO DE TUBOS E PECAS","ASTU","FORNEC E/OU ASSENT DE TUBO DE PVC COM JUNTA ELASTI",48,"","",94869,"TUBO DE PEAD CORRUGADO DE DUPLA PAREDE PARA REDE COLETORA DE ESGOTO, DN 250 MM, JUNTA ELÁSTICA INTEGRADA, INSTALADO EM LOCAL COM NÍVEL BAIXO DE INTERFERÊNCIAS - FORNECIMENTO E ASSENTAMENTO. AF_06/2016","M","ATRIBUÍDO SÃO PAULO",116.67,"COMPOSICAO",88246,"ASSENTADOR DE TUBOS COM ENCARGOS COMPLEMENTARES","H","COEFICIENTE DE REPRESENTATIVIDADE",0.02,21.04,0.42,"","","","","","","","","","",null,"CAIXA REFERENCIAL"]
["ASSENTAMENTO DE TUBOS E PECAS","ASTU","FORNEC E/OU ASSENT DE TUBO DE PVC COM JUNTA ELASTI",48,"","",94869,"TUBO DE PEAD CORRUGADO DE DUPLA PAREDE PARA REDE COLETORA DE ESGOTO, DN 250 MM, JUNTA ELÁSTICA INTEGRADA, INSTALADO EM LOCAL COM NÍVEL BAIXO DE INTERFERÊNCIAS - FORNECIMENTO E ASSENTAMENTO. AF_06/2016","M","ATRIBUÍDO SÃO PAULO",116.67,"COMPOSICAO",88316,"SERVENTE COM ENCARGOS COMPLEMENTARES","H","COLETADO",0.02,14.67,0.28999999999999998,"","","","","","","","","","",null,"CAIXA REFERENCIAL"]
["ASSENTAMENTO DE TUBOS E PECAS","ASTU","FORNEC E/OU ASSENT DE TUBO DE PVC COM JUNTA ELASTI",48,"","",94870,"ASSENTAMENTO DE TUBO DE PEAD CORRUGADO DE DUPLA PAREDE PARA REDE COLETORA DE ESGOTO, DN 250 MM, JUNTA ELÁSTICA INTEGRADA, INSTALADO EM LOCAL COM NÍVEL BAIXO DE INTERFERÊNCIAS (NÃO INCLUI FORNECIMENTO). AF_06/2016","M","COEFICIENTE DE REPRESENTATIVIDADE",0.71,"","","","","","","","",0.59,83.076923100000002,0.12,16.923076900000002,"0,00","0,0000000","0,00","0,0000000","0,00","0,0000000",0,"CAIXA REFERENCIAL"]
["ASSENTAMENTO DE TUBOS E PECAS","ASTU","FORNEC E/OU ASSENT DE TUBO DE PVC COM JUNTA ELASTI",48,"","",94870,"ASSENTAMENTO DE TUBO DE PEAD CORRUGADO DE DUPLA PAREDE PARA REDE COLETORA DE ESGOTO, DN 250 MM, JUNTA ELÁSTICA INTEGRADA, INSTALADO EM LOCAL COM NÍVEL BAIXO DE INTERFERÊNCIAS (NÃO INCLUI FORNECIMENTO). AF_06/2016","M","COEFICIENTE DE REPRESENTATIVIDADE",0.71,"COMPOSICAO",88246,"ASSENTADOR DE TUBOS COM ENCARGOS COMPLEMENTARES","H","COEFICIENTE DE REPRESENTATIVIDADE",0.02,21.04,0.42,"","","","","","","","","","",null,"CAIXA REFERENCIAL"]
["ASSENTAMENTO DE TUBOS E PECAS","ASTU","FORNEC E/OU ASSENT DE TUBO DE PVC COM JUNTA ELASTI",48,"","",94870,"ASSENTAMENTO DE TUBO DE PEAD CORRUGADO DE DUPLA PAREDE PARA REDE COLETORA DE ESGOTO, DN 250 MM, JUNTA ELÁSTICA INTEGRADA, INSTALADO EM LOCAL COM NÍVEL BAIXO DE INTERFERÊNCIAS (NÃO INCLUI FORNECIMENTO). AF_06/2016","M","COEFICIENTE DE REPRESENTATIVIDADE",0.71,"COMPOSICAO",88316,"SERVENTE COM ENCARGOS COMPLEMENTARES","H","COLETADO",0.02,14.67,0.28999999999999998,"","","","","","","","","","",null,"CAIXA REFERENCIAL"]
["ASSENTAMENTO DE TUBOS E PECAS","ASTU","FORNEC E/OU ASSENT DE TUBO DE PVC COM JUNTA ELASTI",48,"","",94871,"TUBO DE PEAD CORRUGADO DE DUPLA PAREDE PARA REDE COLETORA DE ESGOTO, DN 300 MM, JUNTA ELÁSTICA INTEGRADA, INSTALADO EM LOCAL COM NÍVEL BAIXO DE INTERFERÊNCIAS - FORNECIMENTO E ASSENTAMENTO. AF_06/2016","M","ATRIBUÍDO SÃO PAULO",138.33000000000001,"","","","","","","","",0.95,0.68701179999999995,137.38,99.312988200000007,"0,00","0,0000000","0,00","0,0000000","0,00","0,0000000",0,"CAIXA REFERENCIAL"]
["ASSENTAMENTO DE TUBOS E PECAS","ASTU","FORNEC E/OU ASSENT DE TUBO DE PVC COM JUNTA ELASTI",48,"","",94871,"TUBO DE PEAD CORRUGADO DE DUPLA PAREDE PARA REDE COLETORA DE ESGOTO, DN 300 MM, JUNTA ELÁSTICA INTEGRADA, INSTALADO EM LOCAL COM NÍVEL BAIXO DE INTERFERÊNCIAS - FORNECIMENTO E ASSENTAMENTO. AF_06/2016","M","ATRIBUÍDO SÃO PAULO",138.33000000000001,"INSUMO",20078,"PASTA LUBRIFICANTE PARA TUBOS E CONEXOES COM JUNTA ELASTICA (USO EM PVC, ACO, POLIETILENO E OUTROS) ( DE *400* G)","UN","COEFICIENTE DE REPRESENTATIVIDADE",4.1700000000000001E-2,16.53,0.68,"","","","","","","","","","",null,"CAIXA REFERENCIAL"]
["ASSENTAMENTO DE TUBOS E PECAS","ASTU","FORNEC E/OU ASSENT DE TUBO DE PVC COM JUNTA ELASTI",48,"","",94871,"TUBO DE PEAD CORRUGADO DE DUPLA PAREDE PARA REDE COLETORA DE ESGOTO, DN 300 MM, JUNTA ELÁSTICA INTEGRADA, INSTALADO EM LOCAL COM NÍVEL BAIXO DE INTERFERÊNCIAS - FORNECIMENTO E ASSENTAMENTO. AF_06/2016","M","ATRIBUÍDO SÃO PAULO",138.33000000000001,"INSUMO",41780,"TUBO CORRUGADO PEAD, PAREDE DUPLA, INTERNA LISA, JEI, DN/DI 300 MM, PARA SANEAMENTO","M","ATRIBUÍDO SÃO PAULO",1.05,129.91999999999999,136.41,"","","","","","","","","","",null,"CAIXA REFERENCIAL"]
["ASSENTAMENTO DE TUBOS E PECAS","ASTU","FORNEC E/OU ASSENT DE TUBO DE PVC COM JUNTA ELASTI",48,"","",94871,"TUBO DE PEAD CORRUGADO DE DUPLA PAREDE PARA REDE COLETORA DE ESGOTO, DN 300 MM, JUNTA ELÁSTICA INTEGRADA, INSTALADO EM LOCAL COM NÍVEL BAIXO DE INTERFERÊNCIAS - FORNECIMENTO E ASSENTAMENTO. AF_06/2016","M","ATRIBUÍDO SÃO PAULO",138.33000000000001,"COMPOSICAO",88246,"ASSENTADOR DE TUBOS COM ENCARGOS COMPLEMENTARES","H","COEFICIENTE DE REPRESENTATIVIDADE",3.49E-2,21.04,0.73,"","","","","","","","","","",null,"CAIXA REFERENCIAL"]
["ASSENTAMENTO DE TUBOS E PECAS","ASTU","FORNEC E/OU ASSENT DE TUBO DE PVC COM JUNTA ELASTI",48,"","",94871,"TUBO DE PEAD CORRUGADO DE DUPLA PAREDE PARA REDE COLETORA DE ESGOTO, DN 300 MM, JUNTA ELÁSTICA INTEGRADA, INSTALADO EM LOCAL COM NÍVEL BAIXO DE INTERFERÊNCIAS - FORNECIMENTO E ASSENTAMENTO. AF_06/2016","M","ATRIBUÍDO SÃO PAULO",138.33000000000001,"COMPOSICAO",88316,"SERVENTE COM ENCARGOS COMPLEMENTARES","H","COLETADO",3.49E-2,14.67,0.51,"","","","","","","","","","",null,"CAIXA REFERENCIAL"]
["ASSENTAMENTO DE TUBOS E PECAS","ASTU","FORNEC E/OU ASSENT DE TUBO DE PVC COM JUNTA ELASTI",48,"","",94872,"ASSENTAMENTO DE TUBO DE PEAD CORRUGADO DE DUPLA PAREDE PARA REDE COLETORA DE ESGOTO, DN 300 MM, JUNTA ELÁSTICA INTEGRADA, INSTALADO EM LOCAL COM NÍVEL BAIXO DE INTERFERÊNCIAS (NÃO INCLUI FORNECIMENTO). AF_06/2016","M","COEFICIENTE DE REPRESENTATIVIDADE",1.24,"","","","","","","","",0.99,79.831932800000004,0.25,20.168067199999999,"0,00","0,0000000","0,00","0,0000000","0,00","0,0000000",0,"CAIXA REFERENCIAL"]
["ASSENTAMENTO DE TUBOS E PECAS","ASTU","FORNEC E/OU ASSENT DE TUBO DE PVC COM JUNTA ELASTI",48,"","",94872,"ASSENTAMENTO DE TUBO DE PEAD CORRUGADO DE DUPLA PAREDE PARA REDE COLETORA DE ESGOTO, DN 300 MM, JUNTA ELÁSTICA INTEGRADA, INSTALADO EM LOCAL COM NÍVEL BAIXO DE INTERFERÊNCIAS (NÃO INCLUI FORNECIMENTO). AF_06/2016","M","COEFICIENTE DE REPRESENTATIVIDADE",1.24,"COMPOSICAO",88246,"ASSENTADOR DE TUBOS COM ENCARGOS COMPLEMENTARES","H","COEFICIENTE DE REPRESENTATIVIDADE",3.49E-2,21.04,0.73,"","","","","","","","","","",null,"CAIXA REFERENCIAL"]
["ASSENTAMENTO DE TUBOS E PECAS","ASTU","FORNEC E/OU ASSENT DE TUBO DE PVC COM JUNTA ELASTI",48,"","",94872,"ASSENTAMENTO DE TUBO DE PEAD CORRUGADO DE DUPLA PAREDE PARA REDE COLETORA DE ESGOTO, DN 300 MM, JUNTA ELÁSTICA INTEGRADA, INSTALADO EM LOCAL COM NÍVEL BAIXO DE INTERFERÊNCIAS (NÃO INCLUI FORNECIMENTO). AF_06/2016","M","COEFICIENTE DE REPRESENTATIVIDADE",1.24,"COMPOSICAO",88316,"SERVENTE COM ENCARGOS COMPLEMENTARES","H","COLETADO",3.49E-2,14.67,0.51,"","","","","","","","","","",null,"CAIXA REFERENCIAL"]
["ASSENTAMENTO DE TUBOS E PECAS","ASTU","FORNEC E/OU ASSENT DE TUBO DE PVC COM JUNTA ELASTI",48,"","",94875,"TUBO DE PEAD CORRUGADO DE DUPLA PAREDE PARA REDE COLETORA DE ESGOTO, DN 750 MM, JUNTA ELÁSTICA INTEGRADA, INSTALADO EM LOCAL COM NÍVEL BAIXO DE INTERFERÊNCIAS - FORNECIMENTO E ASSENTAMENTO. AF_06/2016","M","ATRIBUÍDO SÃO PAULO",812.69,"","","","","","","","",7.93,0.97593989999999997,799.6,98.389022299999993,"5,16","0,6350378","0,00","0,0000000","0,00","0,0000000",0,"CAIXA REFERENCIAL"]
["ASSENTAMENTO DE TUBOS E PECAS","ASTU","FORNEC E/OU ASSENT DE TUBO DE PVC COM JUNTA ELASTI",48,"","",94875,"TUBO DE PEAD CORRUGADO DE DUPLA PAREDE PARA REDE COLETORA DE ESGOTO, DN 750 MM, JUNTA ELÁSTICA INTEGRADA, INSTALADO EM LOCAL COM NÍVEL BAIXO DE INTERFERÊNCIAS - FORNECIMENTO E ASSENTAMENTO. AF_06/2016","M","ATRIBUÍDO SÃO PAULO",812.69,"COMPOSICAO",5631,"ESCAVADEIRA HIDRÁULICA SOBRE ESTEIRAS, CAÇAMBA 0,80 M3, PESO OPERACIONAL 17 T, POTENCIA BRUTA 111 HP - CHP DIURNO. AF_06/2014","CHP","ATRIBUÍDO SÃO PAULO",6.3799999999999996E-2,126.79,8.08,"","","","","","","","","","",null,"CAIXA REFERENCIAL"]
["ASSENTAMENTO DE TUBOS E PECAS","ASTU","FORNEC E/OU ASSENT DE TUBO DE PVC COM JUNTA ELASTI",48,"","",94875,"TUBO DE PEAD CORRUGADO DE DUPLA PAREDE PARA REDE COLETORA DE ESGOTO, DN 750 MM, JUNTA ELÁSTICA INTEGRADA, INSTALADO EM LOCAL COM NÍVEL BAIXO DE INTERFERÊNCIAS - FORNECIMENTO E ASSENTAMENTO. AF_06/2016","M","ATRIBUÍDO SÃO PAULO",812.69,"COMPOSICAO",5632,"ESCAVADEIRA HIDRÁULICA SOBRE ESTEIRAS, CAÇAMBA 0,80 M3, PESO OPERACIONAL 17 T, POTENCIA BRUTA 111 HP - CHI DIURNO. AF_06/2014","CHI","ATRIBUÍDO SÃO PAULO",3.9699999999999999E-2,57.49,2.2799999999999998,"","","","","","","","","","",null,"CAIXA REFERENCIAL"]
["ASSENTAMENTO DE TUBOS E PECAS","ASTU","FORNEC E/OU ASSENT DE TUBO DE PVC COM JUNTA ELASTI",48,"","",94875,"TUBO DE PEAD CORRUGADO DE DUPLA PAREDE PARA REDE COLETORA DE ESGOTO, DN 750 MM, JUNTA ELÁSTICA INTEGRADA, INSTALADO EM LOCAL COM NÍVEL BAIXO DE INTERFERÊNCIAS - FORNECIMENTO E ASSENTAMENTO. AF_06/2016","M","ATRIBUÍDO SÃO PAULO",812.69,"INSUMO",20078,"PASTA LUBRIFICANTE PARA TUBOS E CONEXOES COM JUNTA ELASTICA (USO EM PVC, ACO, POLIETILENO E OUTROS) ( DE *400* G)","UN","COEFICIENTE DE REPRESENTATIVIDADE",0.1042,16.53,1.72,"","","","","","","","","","",null,"CAIXA REFERENCIAL"]
["ASSENTAMENTO DE TUBOS E PECAS","ASTU","FORNEC E/OU ASSENT DE TUBO DE PVC COM JUNTA ELASTI",48,"","",94875,"TUBO DE PEAD CORRUGADO DE DUPLA PAREDE PARA REDE COLETORA DE ESGOTO, DN 750 MM, JUNTA ELÁSTICA INTEGRADA, INSTALADO EM LOCAL COM NÍVEL BAIXO DE INTERFERÊNCIAS - FORNECIMENTO E ASSENTAMENTO. AF_06/2016","M","ATRIBUÍDO SÃO PAULO",812.69,"INSUMO",41783,"TUBO CORRUGADO PEAD, PAREDE DUPLA, INTERNA LISA, JEI, DN/DI *800* MM, PARA SANEAMENTO","M","ATRIBUÍDO SÃO PAULO",1.05,755.8,793.59,"","","","","","","","","","",null,"CAIXA REFERENCIAL"]
["ASSENTAMENTO DE TUBOS E PECAS","ASTU","FORNEC E/OU ASSENT DE TUBO DE PVC COM JUNTA ELASTI",48,"","",94875,"TUBO DE PEAD CORRUGADO DE DUPLA PAREDE PARA REDE COLETORA DE ESGOTO, DN 750 MM, JUNTA ELÁSTICA INTEGRADA, INSTALADO EM LOCAL COM NÍVEL BAIXO DE INTERFERÊNCIAS - FORNECIMENTO E ASSENTAMENTO. AF_06/2016","M","ATRIBUÍDO SÃO PAULO",812.69,"COMPOSICAO",88246,"ASSENTADOR DE TUBOS COM ENCARGOS COMPLEMENTARES","H","COEFICIENTE DE REPRESENTATIVIDADE",0.19700000000000001,21.04,4.1399999999999997,"","","","","","","","","","",null,"CAIXA REFERENCIAL"]
["ASSENTAMENTO DE TUBOS E PECAS","ASTU","FORNEC E/OU ASSENT DE TUBO DE PVC COM JUNTA ELASTI",48,"","",94875,"TUBO DE PEAD CORRUGADO DE DUPLA PAREDE PARA REDE COLETORA DE ESGOTO, DN 750 MM, JUNTA ELÁSTICA INTEGRADA, INSTALADO EM LOCAL COM NÍVEL BAIXO DE INTERFERÊNCIAS - FORNECIMENTO E ASSENTAMENTO. AF_06/2016","M","ATRIBUÍDO SÃO PAULO",812.69,"COMPOSICAO",88316,"SERVENTE COM ENCARGOS COMPLEMENTARES","H","COLETADO",0.19700000000000001,14.67,2.88,"","","","","","","","","","",null,"CAIXA REFERENCIAL"]
["ASSENTAMENTO DE TUBOS E PECAS","ASTU","FORNEC E/OU ASSENT DE TUBO DE PVC COM JUNTA ELASTI",48,"","",94876,"ASSENTAMENTO DE TUBO DE PEAD CORRUGADO DE DUPLA PAREDE PARA REDE COLETORA DE ESGOTO, DN 750 MM, JUNTA ELÁSTICA INTEGRADA, INSTALADO EM LOCAL COM NÍVEL BAIXO DE INTERFERÊNCIAS (NÃO INCLUI FORNECIMENTO). AF_06/2016","M","ATRIBUÍDO SÃO PAULO",17.38,"","","","","","","","",8,45.997679900000001,4.18,24.071925700000001,"5,20","29,9303944","0,00","0,0000000","0,00","0,0000000",0,"CAIXA REFERENCIAL"]
["ASSENTAMENTO DE TUBOS E PECAS","ASTU","FORNEC E/OU ASSENT DE TUBO DE PVC COM JUNTA ELASTI",48,"","",94876,"ASSENTAMENTO DE TUBO DE PEAD CORRUGADO DE DUPLA PAREDE PARA REDE COLETORA DE ESGOTO, DN 750 MM, JUNTA ELÁSTICA INTEGRADA, INSTALADO EM LOCAL COM NÍVEL BAIXO DE INTERFERÊNCIAS (NÃO INCLUI FORNECIMENTO). AF_06/2016","M","ATRIBUÍDO SÃO PAULO",17.38,"COMPOSICAO",5631,"ESCAVADEIRA HIDRÁULICA SOBRE ESTEIRAS, CAÇAMBA 0,80 M3, PESO OPERACIONAL 17 T, POTENCIA BRUTA 111 HP - CHP DIURNO. AF_06/2014","CHP","ATRIBUÍDO SÃO PAULO",6.3799999999999996E-2,126.79,8.08,"","","","","","","","","","",null,"CAIXA REFERENCIAL"]
["ASSENTAMENTO DE TUBOS E PECAS","ASTU","FORNEC E/OU ASSENT DE TUBO DE PVC COM JUNTA ELASTI",48,"","",94876,"ASSENTAMENTO DE TUBO DE PEAD CORRUGADO DE DUPLA PAREDE PARA REDE COLETORA DE ESGOTO, DN 750 MM, JUNTA ELÁSTICA INTEGRADA, INSTALADO EM LOCAL COM NÍVEL BAIXO DE INTERFERÊNCIAS (NÃO INCLUI FORNECIMENTO). AF_06/2016","M","ATRIBUÍDO SÃO PAULO",17.38,"COMPOSICAO",5632,"ESCAVADEIRA HIDRÁULICA SOBRE ESTEIRAS, CAÇAMBA 0,80 M3, PESO OPERACIONAL 17 T, POTENCIA BRUTA 111 HP - CHI DIURNO. AF_06/2014","CHI","ATRIBUÍDO SÃO PAULO",3.9699999999999999E-2,57.49,2.2799999999999998,"","","","","","","","","","",null,"CAIXA REFERENCIAL"]
["ASSENTAMENTO DE TUBOS E PECAS","ASTU","FORNEC E/OU ASSENT DE TUBO DE PVC COM JUNTA ELASTI",48,"","",94876,"ASSENTAMENTO DE TUBO DE PEAD CORRUGADO DE DUPLA PAREDE PARA REDE COLETORA DE ESGOTO, DN 750 MM, JUNTA ELÁSTICA INTEGRADA, INSTALADO EM LOCAL COM NÍVEL BAIXO DE INTERFERÊNCIAS (NÃO INCLUI FORNECIMENTO). AF_06/2016","M","ATRIBUÍDO SÃO PAULO",17.38,"COMPOSICAO",88246,"ASSENTADOR DE TUBOS COM ENCARGOS COMPLEMENTARES","H","COEFICIENTE DE REPRESENTATIVIDADE",0.19700000000000001,21.04,4.1399999999999997,"","","","","","","","","","",null,"CAIXA REFERENCIAL"]
["ASSENTAMENTO DE TUBOS E PECAS","ASTU","FORNEC E/OU ASSENT DE TUBO DE PVC COM JUNTA ELASTI",48,"","",94876,"ASSENTAMENTO DE TUBO DE PEAD CORRUGADO DE DUPLA PAREDE PARA REDE COLETORA DE ESGOTO, DN 750 MM, JUNTA ELÁSTICA INTEGRADA, INSTALADO EM LOCAL COM NÍVEL BAIXO DE INTERFERÊNCIAS (NÃO INCLUI FORNECIMENTO). AF_06/2016","M","ATRIBUÍDO SÃO PAULO",17.38,"COMPOSICAO",88316,"SERVENTE COM ENCARGOS COMPLEMENTARES","H","COLETADO",0.19700000000000001,14.67,2.88,"","","","","","","","","","",null,"CAIXA REFERENCIAL"]
["ASSENTAMENTO DE TUBOS E PECAS","ASTU","FORNEC E/OU ASSENT DE TUBO DE PVC COM JUNTA ELASTI",48,"","",94878,"ASSENTAMENTO DE TUBO DE PEAD CORRUGADO DE DUPLA PAREDE PARA REDE COLETORA DE ESGOTO, DN 900 MM, JUNTA ELÁSTICA INTEGRADA, INSTALADO EM LOCAL COM NÍVEL BAIXO DE INTERFERÊNCIAS (NÃO INCLUI FORNECIMENTO). AF_06/2016","M","ATRIBUÍDO SÃO PAULO",20.41,"","","","","","","","",9.4,45.975308699999999,4.9000000000000004,24.049382699999999,"6,11","29,9753086","0,00","0,0000000","0,00","0,0000000",0,"CAIXA REFERENCIAL"]
["ASSENTAMENTO DE TUBOS E PECAS","ASTU","FORNEC E/OU ASSENT DE TUBO DE PVC COM JUNTA ELASTI",48,"","",94878,"ASSENTAMENTO DE TUBO DE PEAD CORRUGADO DE DUPLA PAREDE PARA REDE COLETORA DE ESGOTO, DN 900 MM, JUNTA ELÁSTICA INTEGRADA, INSTALADO EM LOCAL COM NÍVEL BAIXO DE INTERFERÊNCIAS (NÃO INCLUI FORNECIMENTO). AF_06/2016","M","ATRIBUÍDO SÃO PAULO",20.41,"COMPOSICAO",5631,"ESCAVADEIRA HIDRÁULICA SOBRE ESTEIRAS, CAÇAMBA 0,80 M3, PESO OPERACIONAL 17 T, POTENCIA BRUTA 111 HP - CHP DIURNO. AF_06/2014","CHP","ATRIBUÍDO SÃO PAULO",7.4899999999999994E-2,126.79,9.49,"","","","","","","","","","",null,"CAIXA REFERENCIAL"]
["ASSENTAMENTO DE TUBOS E PECAS","ASTU","FORNEC E/OU ASSENT DE TUBO DE PVC COM JUNTA ELASTI",48,"","",94878,"ASSENTAMENTO DE TUBO DE PEAD CORRUGADO DE DUPLA PAREDE PARA REDE COLETORA DE ESGOTO, DN 900 MM, JUNTA ELÁSTICA INTEGRADA, INSTALADO EM LOCAL COM NÍVEL BAIXO DE INTERFERÊNCIAS (NÃO INCLUI FORNECIMENTO). AF_06/2016","M","ATRIBUÍDO SÃO PAULO",20.41,"COMPOSICAO",5632,"ESCAVADEIRA HIDRÁULICA SOBRE ESTEIRAS, CAÇAMBA 0,80 M3, PESO OPERACIONAL 17 T, POTENCIA BRUTA 111 HP - CHI DIURNO. AF_06/2014","CHI","ATRIBUÍDO SÃO PAULO",4.6600000000000003E-2,57.49,2.67,"","","","","","","","","","",null,"CAIXA REFERENCIAL"]
["ASSENTAMENTO DE TUBOS E PECAS","ASTU","FORNEC E/OU ASSENT DE TUBO DE PVC COM JUNTA ELASTI",48,"","",94878,"ASSENTAMENTO DE TUBO DE PEAD CORRUGADO DE DUPLA PAREDE PARA REDE COLETORA DE ESGOTO, DN 900 MM, JUNTA ELÁSTICA INTEGRADA, INSTALADO EM LOCAL COM NÍVEL BAIXO DE INTERFERÊNCIAS (NÃO INCLUI FORNECIMENTO). AF_06/2016","M","ATRIBUÍDO SÃO PAULO",20.41,"COMPOSICAO",88246,"ASSENTADOR DE TUBOS COM ENCARGOS COMPLEMENTARES","H","COEFICIENTE DE REPRESENTATIVIDADE",0.2311,21.04,4.8600000000000003,"","","","","","","","","","",null,"CAIXA REFERENCIAL"]
["ASSENTAMENTO DE TUBOS E PECAS","ASTU","FORNEC E/OU ASSENT DE TUBO DE PVC COM JUNTA ELASTI",48,"","",94878,"ASSENTAMENTO DE TUBO DE PEAD CORRUGADO DE DUPLA PAREDE PARA REDE COLETORA DE ESGOTO, DN 900 MM, JUNTA ELÁSTICA INTEGRADA, INSTALADO EM LOCAL COM NÍVEL BAIXO DE INTERFERÊNCIAS (NÃO INCLUI FORNECIMENTO). AF_06/2016","M","ATRIBUÍDO SÃO PAULO",20.41,"COMPOSICAO",88316,"SERVENTE COM ENCARGOS COMPLEMENTARES","H","COLETADO",0.2311,14.67,3.39,"","","","","","","","","","",null,"CAIXA REFERENCIAL"]
["ASSENTAMENTO DE TUBOS E PECAS","ASTU","FORNEC E/OU ASSENT DE TUBO DE PVC COM JUNTA ELASTI",48,"","",94879,"TUBO DE PEAD CORRUGADO DE DUPLA PAREDE PARA REDE COLETORA DE ESGOTO, DN 1000 MM, JUNTA ELÁSTICA INTEGRADA, INSTALADO EM LOCAL COM NÍVEL BAIXO DE INTERFERÊNCIAS - FORNECIMENTO E ASSENTAMENTO. AF_06/2016","M","ATRIBUÍDO SÃO PAULO",1083.23,"","","","","","","","",11.4,1.0525732000000001,1064.3900000000001,98.260484300000002,"7,44","0,6869425","0,00","0,0000000","0,00","0,0000000",0,"CAIXA REFERENCIAL"]
["ASSENTAMENTO DE TUBOS E PECAS","ASTU","FORNEC E/OU ASSENT DE TUBO DE PVC COM JUNTA ELASTI",48,"","",94879,"TUBO DE PEAD CORRUGADO DE DUPLA PAREDE PARA REDE COLETORA DE ESGOTO, DN 1000 MM, JUNTA ELÁSTICA INTEGRADA, INSTALADO EM LOCAL COM NÍVEL BAIXO DE INTERFERÊNCIAS - FORNECIMENTO E ASSENTAMENTO. AF_06/2016","M","ATRIBUÍDO SÃO PAULO",1083.23,"COMPOSICAO",5631,"ESCAVADEIRA HIDRÁULICA SOBRE ESTEIRAS, CAÇAMBA 0,80 M3, PESO OPERACIONAL 17 T, POTENCIA BRUTA 111 HP - CHP DIURNO. AF_06/2014","CHP","ATRIBUÍDO SÃO PAULO",9.1700000000000004E-2,126.79,11.62,"","","","","","","","","","",null,"CAIXA REFERENCIAL"]
["ASSENTAMENTO DE TUBOS E PECAS","ASTU","FORNEC E/OU ASSENT DE TUBO DE PVC COM JUNTA ELASTI",48,"","",94879,"TUBO DE PEAD CORRUGADO DE DUPLA PAREDE PARA REDE COLETORA DE ESGOTO, DN 1000 MM, JUNTA ELÁSTICA INTEGRADA, INSTALADO EM LOCAL COM NÍVEL BAIXO DE INTERFERÊNCIAS - FORNECIMENTO E ASSENTAMENTO. AF_06/2016","M","ATRIBUÍDO SÃO PAULO",1083.23,"COMPOSICAO",5632,"ESCAVADEIRA HIDRÁULICA SOBRE ESTEIRAS, CAÇAMBA 0,80 M3, PESO OPERACIONAL 17 T, POTENCIA BRUTA 111 HP - CHI DIURNO. AF_06/2014","CHI","ATRIBUÍDO SÃO PAULO",5.7000000000000002E-2,57.49,3.27,"","","","","","","","","","",null,"CAIXA REFERENCIAL"]
["ASSENTAMENTO DE TUBOS E PECAS","ASTU","FORNEC E/OU ASSENT DE TUBO DE PVC COM JUNTA ELASTI",48,"","",94879,"TUBO DE PEAD CORRUGADO DE DUPLA PAREDE PARA REDE COLETORA DE ESGOTO, DN 1000 MM, JUNTA ELÁSTICA INTEGRADA, INSTALADO EM LOCAL COM NÍVEL BAIXO DE INTERFERÊNCIAS - FORNECIMENTO E ASSENTAMENTO. AF_06/2016","M","ATRIBUÍDO SÃO PAULO",1083.23,"INSUMO",20078,"PASTA LUBRIFICANTE PARA TUBOS E CONEXOES COM JUNTA ELASTICA (USO EM PVC, ACO, POLIETILENO E OUTROS) ( DE *400* G)","UN","COEFICIENTE DE REPRESENTATIVIDADE",0.20830000000000001,16.53,3.44,"","","","","","","","","","",null,"CAIXA REFERENCIAL"]
["ASSENTAMENTO DE TUBOS E PECAS","ASTU","FORNEC E/OU ASSENT DE TUBO DE PVC COM JUNTA ELASTI",48,"","",94879,"TUBO DE PEAD CORRUGADO DE DUPLA PAREDE PARA REDE COLETORA DE ESGOTO, DN 1000 MM, JUNTA ELÁSTICA INTEGRADA, INSTALADO EM LOCAL COM NÍVEL BAIXO DE INTERFERÊNCIAS - FORNECIMENTO E ASSENTAMENTO. AF_06/2016","M","ATRIBUÍDO SÃO PAULO",1083.23,"INSUMO",41785,"TUBO CORRUGADO PEAD, PAREDE DUPLA, INTERNA LISA, JEI, DN/DI *1000* MM, PARA SANEAMENTO","M","ATRIBUÍDO SÃO PAULO",1.05,1004.58,1054.8,"","","","","","","","","","",null,"CAIXA REFERENCIAL"]
["ASSENTAMENTO DE TUBOS E PECAS","ASTU","FORNEC E/OU ASSENT DE TUBO DE PVC COM JUNTA ELASTI",48,"","",94879,"TUBO DE PEAD CORRUGADO DE DUPLA PAREDE PARA REDE COLETORA DE ESGOTO, DN 1000 MM, JUNTA ELÁSTICA INTEGRADA, INSTALADO EM LOCAL COM NÍVEL BAIXO DE INTERFERÊNCIAS - FORNECIMENTO E ASSENTAMENTO. AF_06/2016","M","ATRIBUÍDO SÃO PAULO",1083.23,"COMPOSICAO",88246,"ASSENTADOR DE TUBOS COM ENCARGOS COMPLEMENTARES","H","COEFICIENTE DE REPRESENTATIVIDADE",0.28299999999999997,21.04,5.95,"","","","","","","","","","",null,"CAIXA REFERENCIAL"]
["ASSENTAMENTO DE TUBOS E PECAS","ASTU","FORNEC E/OU ASSENT DE TUBO DE PVC COM JUNTA ELASTI",48,"","",94879,"TUBO DE PEAD CORRUGADO DE DUPLA PAREDE PARA REDE COLETORA DE ESGOTO, DN 1000 MM, JUNTA ELÁSTICA INTEGRADA, INSTALADO EM LOCAL COM NÍVEL BAIXO DE INTERFERÊNCIAS - FORNECIMENTO E ASSENTAMENTO. AF_06/2016","M","ATRIBUÍDO SÃO PAULO",1083.23,"COMPOSICAO",88316,"SERVENTE COM ENCARGOS COMPLEMENTARES","H","COLETADO",0.28299999999999997,14.67,4.1500000000000004,"","","","","","","","","","",null,"CAIXA REFERENCIAL"]
["ASSENTAMENTO DE TUBOS E PECAS","ASTU","FORNEC E/OU ASSENT DE TUBO DE PVC COM JUNTA ELASTI",48,"","",94880,"ASSENTAMENTO DE TUBO DE PEAD CORRUGADO DE DUPLA PAREDE PARA REDE COLETORA DE ESGOTO, DN 1000 MM, JUNTA ELÁSTICA INTEGRADA, INSTALADO EM LOCAL COM NÍVEL BAIXO DE INTERFERÊNCIAS (NÃO INCLUI FORNECIMENTO). AF_06/2016","M","ATRIBUÍDO SÃO PAULO",24.99,"","","","","","","","",11.48,45.9307011,6.02,24.093472999999999,"7,49","29,9758259","0,00","0,0000000","0,00","0,0000000",0,"CAIXA REFERENCIAL"]
["ASSENTAMENTO DE TUBOS E PECAS","ASTU","FORNEC E/OU ASSENT DE TUBO DE PVC COM JUNTA ELASTI",48,"","",94880,"ASSENTAMENTO DE TUBO DE PEAD CORRUGADO DE DUPLA PAREDE PARA REDE COLETORA DE ESGOTO, DN 1000 MM, JUNTA ELÁSTICA INTEGRADA, INSTALADO EM LOCAL COM NÍVEL BAIXO DE INTERFERÊNCIAS (NÃO INCLUI FORNECIMENTO). AF_06/2016","M","ATRIBUÍDO SÃO PAULO",24.99,"COMPOSICAO",5631,"ESCAVADEIRA HIDRÁULICA SOBRE ESTEIRAS, CAÇAMBA 0,80 M3, PESO OPERACIONAL 17 T, POTENCIA BRUTA 111 HP - CHP DIURNO. AF_06/2014","CHP","ATRIBUÍDO SÃO PAULO",9.1700000000000004E-2,126.79,11.62,"","","","","","","","","","",null,"CAIXA REFERENCIAL"]
["ASSENTAMENTO DE TUBOS E PECAS","ASTU","FORNEC E/OU ASSENT DE TUBO DE PVC COM JUNTA ELASTI",48,"","",94880,"ASSENTAMENTO DE TUBO DE PEAD CORRUGADO DE DUPLA PAREDE PARA REDE COLETORA DE ESGOTO, DN 1000 MM, JUNTA ELÁSTICA INTEGRADA, INSTALADO EM LOCAL COM NÍVEL BAIXO DE INTERFERÊNCIAS (NÃO INCLUI FORNECIMENTO). AF_06/2016","M","ATRIBUÍDO SÃO PAULO",24.99,"COMPOSICAO",5632,"ESCAVADEIRA HIDRÁULICA SOBRE ESTEIRAS, CAÇAMBA 0,80 M3, PESO OPERACIONAL 17 T, POTENCIA BRUTA 111 HP - CHI DIURNO. AF_06/2014","CHI","ATRIBUÍDO SÃO PAULO",5.7000000000000002E-2,57.49,3.27,"","","","","","","","","","",null,"CAIXA REFERENCIAL"]
["ASSENTAMENTO DE TUBOS E PECAS","ASTU","FORNEC E/OU ASSENT DE TUBO DE PVC COM JUNTA ELASTI",48,"","",94880,"ASSENTAMENTO DE TUBO DE PEAD CORRUGADO DE DUPLA PAREDE PARA REDE COLETORA DE ESGOTO, DN 1000 MM, JUNTA ELÁSTICA INTEGRADA, INSTALADO EM LOCAL COM NÍVEL BAIXO DE INTERFERÊNCIAS (NÃO INCLUI FORNECIMENTO). AF_06/2016","M","ATRIBUÍDO SÃO PAULO",24.99,"COMPOSICAO",88246,"ASSENTADOR DE TUBOS COM ENCARGOS COMPLEMENTARES","H","COEFICIENTE DE REPRESENTATIVIDADE",0.28299999999999997,21.04,5.95,"","","","","","","","","","",null,"CAIXA REFERENCIAL"]
["ASSENTAMENTO DE TUBOS E PECAS","ASTU","FORNEC E/OU ASSENT DE TUBO DE PVC COM JUNTA ELASTI",48,"","",94880,"ASSENTAMENTO DE TUBO DE PEAD CORRUGADO DE DUPLA PAREDE PARA REDE COLETORA DE ESGOTO, DN 1000 MM, JUNTA ELÁSTICA INTEGRADA, INSTALADO EM LOCAL COM NÍVEL BAIXO DE INTERFERÊNCIAS (NÃO INCLUI FORNECIMENTO). AF_06/2016","M","ATRIBUÍDO SÃO PAULO",24.99,"COMPOSICAO",88316,"SERVENTE COM ENCARGOS COMPLEMENTARES","H","COLETADO",0.28299999999999997,14.67,4.1500000000000004,"","","","","","","","","","",null,"CAIXA REFERENCIAL"]
["ASSENTAMENTO DE TUBOS E PECAS","ASTU","FORNEC E/OU ASSENT DE TUBO DE PVC COM JUNTA ELASTI",48,"","",94881,"TUBO DE PEAD CORRUGADO DE DUPLA PAREDE PARA REDE COLETORA DE ESGOTO, DN 1200 MM, JUNTA ELÁSTICA INTEGRADA, INSTALADO EM LOCAL COM NÍVEL BAIXO DE INTERFERÊNCIAS - FORNECIMENTO E ASSENTAMENTO. AF_06/2016","M","ATRIBUÍDO SÃO PAULO",1688.6,"","","","","","","","",13.53,0.80133140000000003,1666.25,98.676293000000001,"8,82","0,5223756","0,00","0,0000000","0,00","0,0000000",0,"CAIXA REFERENCIAL"]
["ASSENTAMENTO DE TUBOS E PECAS","ASTU","FORNEC E/OU ASSENT DE TUBO DE PVC COM JUNTA ELASTI",48,"","",94881,"TUBO DE PEAD CORRUGADO DE DUPLA PAREDE PARA REDE COLETORA DE ESGOTO, DN 1200 MM, JUNTA ELÁSTICA INTEGRADA, INSTALADO EM LOCAL COM NÍVEL BAIXO DE INTERFERÊNCIAS - FORNECIMENTO E ASSENTAMENTO. AF_06/2016","M","ATRIBUÍDO SÃO PAULO",1688.6,"COMPOSICAO",5631,"ESCAVADEIRA HIDRÁULICA SOBRE ESTEIRAS, CAÇAMBA 0,80 M3, PESO OPERACIONAL 17 T, POTENCIA BRUTA 111 HP - CHP DIURNO. AF_06/2014","CHP","ATRIBUÍDO SÃO PAULO",0.10879999999999999,126.79,13.79,"","","","","","","","","","",null,"CAIXA REFERENCIAL"]
["ASSENTAMENTO DE TUBOS E PECAS","ASTU","FORNEC E/OU ASSENT DE TUBO DE PVC COM JUNTA ELASTI",48,"","",94881,"TUBO DE PEAD CORRUGADO DE DUPLA PAREDE PARA REDE COLETORA DE ESGOTO, DN 1200 MM, JUNTA ELÁSTICA INTEGRADA, INSTALADO EM LOCAL COM NÍVEL BAIXO DE INTERFERÊNCIAS - FORNECIMENTO E ASSENTAMENTO. AF_06/2016","M","ATRIBUÍDO SÃO PAULO",1688.6,"COMPOSICAO",5632,"ESCAVADEIRA HIDRÁULICA SOBRE ESTEIRAS, CAÇAMBA 0,80 M3, PESO OPERACIONAL 17 T, POTENCIA BRUTA 111 HP - CHI DIURNO. AF_06/2014","CHI","ATRIBUÍDO SÃO PAULO",6.7599999999999993E-2,57.49,3.88,"","","","","","","","","","",null,"CAIXA REFERENCIAL"]
["ASSENTAMENTO DE TUBOS E PECAS","ASTU","FORNEC E/OU ASSENT DE TUBO DE PVC COM JUNTA ELASTI",48,"","",94881,"TUBO DE PEAD CORRUGADO DE DUPLA PAREDE PARA REDE COLETORA DE ESGOTO, DN 1200 MM, JUNTA ELÁSTICA INTEGRADA, INSTALADO EM LOCAL COM NÍVEL BAIXO DE INTERFERÊNCIAS - FORNECIMENTO E ASSENTAMENTO. AF_06/2016","M","ATRIBUÍDO SÃO PAULO",1688.6,"INSUMO",20078,"PASTA LUBRIFICANTE PARA TUBOS E CONEXOES COM JUNTA ELASTICA (USO EM PVC, ACO, POLIETILENO E OUTROS) ( DE *400* G)","UN","COEFICIENTE DE REPRESENTATIVIDADE",0.20830000000000001,16.53,3.44,"","","","","","","","","","",null,"CAIXA REFERENCIAL"]
["ASSENTAMENTO DE TUBOS E PECAS","ASTU","FORNEC E/OU ASSENT DE TUBO DE PVC COM JUNTA ELASTI",48,"","",94881,"TUBO DE PEAD CORRUGADO DE DUPLA PAREDE PARA REDE COLETORA DE ESGOTO, DN 1200 MM, JUNTA ELÁSTICA INTEGRADA, INSTALADO EM LOCAL COM NÍVEL BAIXO DE INTERFERÊNCIAS - FORNECIMENTO E ASSENTAMENTO. AF_06/2016","M","ATRIBUÍDO SÃO PAULO",1688.6,"INSUMO",41786,"TUBO CORRUGADO PEAD, PAREDE DUPLA, INTERNA LISA, JEI, DN/DI 1200 MM, PARA SANEAMENTO","M","ATRIBUÍDO SÃO PAULO",1.05,1576.69,1655.52,"","","","","","","","","","",null,"CAIXA REFERENCIAL"]
["ASSENTAMENTO DE TUBOS E PECAS","ASTU","FORNEC E/OU ASSENT DE TUBO DE PVC COM JUNTA ELASTI",48,"","",94881,"TUBO DE PEAD CORRUGADO DE DUPLA PAREDE PARA REDE COLETORA DE ESGOTO, DN 1200 MM, JUNTA ELÁSTICA INTEGRADA, INSTALADO EM LOCAL COM NÍVEL BAIXO DE INTERFERÊNCIAS - FORNECIMENTO E ASSENTAMENTO. AF_06/2016","M","ATRIBUÍDO SÃO PAULO",1688.6,"COMPOSICAO",88246,"ASSENTADOR DE TUBOS COM ENCARGOS COMPLEMENTARES","H","COEFICIENTE DE REPRESENTATIVIDADE",0.33550000000000002,21.04,7.05,"","","","","","","","","","",null,"CAIXA REFERENCIAL"]
["ASSENTAMENTO DE TUBOS E PECAS","ASTU","FORNEC E/OU ASSENT DE TUBO DE PVC COM JUNTA ELASTI",48,"","",94881,"TUBO DE PEAD CORRUGADO DE DUPLA PAREDE PARA REDE COLETORA DE ESGOTO, DN 1200 MM, JUNTA ELÁSTICA INTEGRADA, INSTALADO EM LOCAL COM NÍVEL BAIXO DE INTERFERÊNCIAS - FORNECIMENTO E ASSENTAMENTO. AF_06/2016","M","ATRIBUÍDO SÃO PAULO",1688.6,"COMPOSICAO",88316,"SERVENTE COM ENCARGOS COMPLEMENTARES","H","COLETADO",0.33550000000000002,14.67,4.92,"","","","","","","","","","",null,"CAIXA REFERENCIAL"]
["ASSENTAMENTO DE TUBOS E PECAS","ASTU","FORNEC E/OU ASSENT DE TUBO DE PVC COM JUNTA ELASTI",48,"","",94882,"ASSENTAMENTO DE TUBO DE PEAD CORRUGADO DE DUPLA PAREDE PARA REDE COLETORA DE ESGOTO, DN 1200 MM, JUNTA ELÁSTICA INTEGRADA, INSTALADO EM LOCAL COM NÍVEL BAIXO DE INTERFERÊNCIAS (NÃO INCLUI FORNECIMENTO). AF_06/2016","M","ATRIBUÍDO SÃO PAULO",29.64,"","","","","","","","",13.62,45.895522499999998,7.16,24.1858887,"8,86","29,9185888","0,00","0,0000000","0,00","0,0000000",0,"CAIXA REFERENCIAL"]
["ASSENTAMENTO DE TUBOS E PECAS","ASTU","FORNEC E/OU ASSENT DE TUBO DE PVC COM JUNTA ELASTI",48,"","",94882,"ASSENTAMENTO DE TUBO DE PEAD CORRUGADO DE DUPLA PAREDE PARA REDE COLETORA DE ESGOTO, DN 1200 MM, JUNTA ELÁSTICA INTEGRADA, INSTALADO EM LOCAL COM NÍVEL BAIXO DE INTERFERÊNCIAS (NÃO INCLUI FORNECIMENTO). AF_06/2016","M","ATRIBUÍDO SÃO PAULO",29.64,"COMPOSICAO",5631,"ESCAVADEIRA HIDRÁULICA SOBRE ESTEIRAS, CAÇAMBA 0,80 M3, PESO OPERACIONAL 17 T, POTENCIA BRUTA 111 HP - CHP DIURNO. AF_06/2014","CHP","ATRIBUÍDO SÃO PAULO",0.10879999999999999,126.79,13.79,"","","","","","","","","","",null,"CAIXA REFERENCIAL"]
["ASSENTAMENTO DE TUBOS E PECAS","ASTU","FORNEC E/OU ASSENT DE TUBO DE PVC COM JUNTA ELASTI",48,"","",94882,"ASSENTAMENTO DE TUBO DE PEAD CORRUGADO DE DUPLA PAREDE PARA REDE COLETORA DE ESGOTO, DN 1200 MM, JUNTA ELÁSTICA INTEGRADA, INSTALADO EM LOCAL COM NÍVEL BAIXO DE INTERFERÊNCIAS (NÃO INCLUI FORNECIMENTO). AF_06/2016","M","ATRIBUÍDO SÃO PAULO",29.64,"COMPOSICAO",5632,"ESCAVADEIRA HIDRÁULICA SOBRE ESTEIRAS, CAÇAMBA 0,80 M3, PESO OPERACIONAL 17 T, POTENCIA BRUTA 111 HP - CHI DIURNO. AF_06/2014","CHI","ATRIBUÍDO SÃO PAULO",6.7599999999999993E-2,57.49,3.88,"","","","","","","","","","",null,"CAIXA REFERENCIAL"]
["ASSENTAMENTO DE TUBOS E PECAS","ASTU","FORNEC E/OU ASSENT DE TUBO DE PVC COM JUNTA ELASTI",48,"","",94882,"ASSENTAMENTO DE TUBO DE PEAD CORRUGADO DE DUPLA PAREDE PARA REDE COLETORA DE ESGOTO, DN 1200 MM, JUNTA ELÁSTICA INTEGRADA, INSTALADO EM LOCAL COM NÍVEL BAIXO DE INTERFERÊNCIAS (NÃO INCLUI FORNECIMENTO). AF_06/2016","M","ATRIBUÍDO SÃO PAULO",29.64,"COMPOSICAO",88246,"ASSENTADOR DE TUBOS COM ENCARGOS COMPLEMENTARES","H","COEFICIENTE DE REPRESENTATIVIDADE",0.33550000000000002,21.04,7.05,"","","","","","","","","","",null,"CAIXA REFERENCIAL"]
["ASSENTAMENTO DE TUBOS E PECAS","ASTU","FORNEC E/OU ASSENT DE TUBO DE PVC COM JUNTA ELASTI",48,"","",94882,"ASSENTAMENTO DE TUBO DE PEAD CORRUGADO DE DUPLA PAREDE PARA REDE COLETORA DE ESGOTO, DN 1200 MM, JUNTA ELÁSTICA INTEGRADA, INSTALADO EM LOCAL COM NÍVEL BAIXO DE INTERFERÊNCIAS (NÃO INCLUI FORNECIMENTO). AF_06/2016","M","ATRIBUÍDO SÃO PAULO",29.64,"COMPOSICAO",88316,"SERVENTE COM ENCARGOS COMPLEMENTARES","H","COLETADO",0.33550000000000002,14.67,4.92,"","","","","","","","","","",null,"CAIXA REFERENCIAL"]
["ASSENTAMENTO DE TUBOS E PECAS","ASTU","FORNEC E/OU ASSENT DE TUBO DE PVC COM JUNTA ELASTI",48,"","",94884,"ASSENTAMENTO DE TUBO DE PEAD CORRUGADO DE DUPLA PAREDE PARA REDE COLETORA DE ESGOTO, DN 1500 MM, JUNTA ELÁSTICA INTEGRADA, INSTALADO EM LOCAL COM NÍVEL BAIXO DE INTERFERÊNCIAS (NÃO INCLUI FORNECIMENTO). AF_06/2016","M","ATRIBUÍDO SÃO PAULO",39.090000000000003,"","","","","","","","",17.940000000000001,45.851528500000001,9.4700000000000006,24.2486514,"11,68","29,8998201","0,00","0,0000000","0,00","0,0000000",0,"CAIXA REFERENCIAL"]
["ASSENTAMENTO DE TUBOS E PECAS","ASTU","FORNEC E/OU ASSENT DE TUBO DE PVC COM JUNTA ELASTI",48,"","",94884,"ASSENTAMENTO DE TUBO DE PEAD CORRUGADO DE DUPLA PAREDE PARA REDE COLETORA DE ESGOTO, DN 1500 MM, JUNTA ELÁSTICA INTEGRADA, INSTALADO EM LOCAL COM NÍVEL BAIXO DE INTERFERÊNCIAS (NÃO INCLUI FORNECIMENTO). AF_06/2016","M","ATRIBUÍDO SÃO PAULO",39.090000000000003,"COMPOSICAO",5631,"ESCAVADEIRA HIDRÁULICA SOBRE ESTEIRAS, CAÇAMBA 0,80 M3, PESO OPERACIONAL 17 T, POTENCIA BRUTA 111 HP - CHP DIURNO. AF_06/2014","CHP","ATRIBUÍDO SÃO PAULO",0.1434,126.79,18.18,"","","","","","","","","","",null,"CAIXA REFERENCIAL"]
["ASSENTAMENTO DE TUBOS E PECAS","ASTU","FORNEC E/OU ASSENT DE TUBO DE PVC COM JUNTA ELASTI",48,"","",94884,"ASSENTAMENTO DE TUBO DE PEAD CORRUGADO DE DUPLA PAREDE PARA REDE COLETORA DE ESGOTO, DN 1500 MM, JUNTA ELÁSTICA INTEGRADA, INSTALADO EM LOCAL COM NÍVEL BAIXO DE INTERFERÊNCIAS (NÃO INCLUI FORNECIMENTO). AF_06/2016","M","ATRIBUÍDO SÃO PAULO",39.090000000000003,"COMPOSICAO",5632,"ESCAVADEIRA HIDRÁULICA SOBRE ESTEIRAS, CAÇAMBA 0,80 M3, PESO OPERACIONAL 17 T, POTENCIA BRUTA 111 HP - CHI DIURNO. AF_06/2014","CHI","ATRIBUÍDO SÃO PAULO",8.9099999999999999E-2,57.49,5.12,"","","","","","","","","","",null,"CAIXA REFERENCIAL"]
["ASSENTAMENTO DE TUBOS E PECAS","ASTU","FORNEC E/OU ASSENT DE TUBO DE PVC COM JUNTA ELASTI",48,"","",94884,"ASSENTAMENTO DE TUBO DE PEAD CORRUGADO DE DUPLA PAREDE PARA REDE COLETORA DE ESGOTO, DN 1500 MM, JUNTA ELÁSTICA INTEGRADA, INSTALADO EM LOCAL COM NÍVEL BAIXO DE INTERFERÊNCIAS (NÃO INCLUI FORNECIMENTO). AF_06/2016","M","ATRIBUÍDO SÃO PAULO",39.090000000000003,"COMPOSICAO",88246,"ASSENTADOR DE TUBOS COM ENCARGOS COMPLEMENTARES","H","COEFICIENTE DE REPRESENTATIVIDADE",0.44240000000000002,21.04,9.3000000000000007,"","","","","","","","","","",null,"CAIXA REFERENCIAL"]
["ASSENTAMENTO DE TUBOS E PECAS","ASTU","FORNEC E/OU ASSENT DE TUBO DE PVC COM JUNTA ELASTI",48,"","",94884,"ASSENTAMENTO DE TUBO DE PEAD CORRUGADO DE DUPLA PAREDE PARA REDE COLETORA DE ESGOTO, DN 1500 MM, JUNTA ELÁSTICA INTEGRADA, INSTALADO EM LOCAL COM NÍVEL BAIXO DE INTERFERÊNCIAS (NÃO INCLUI FORNECIMENTO). AF_06/2016","M","ATRIBUÍDO SÃO PAULO",39.090000000000003,"COMPOSICAO",88316,"SERVENTE COM ENCARGOS COMPLEMENTARES","H","COLETADO",0.44240000000000002,14.67,6.49,"","","","","","","","","","",null,"CAIXA REFERENCIAL"]
["ASSENTAMENTO DE TUBOS E PECAS","ASTU","FORNEC E/OU ASSENT DE TUBO DE PVC COM JUNTA ELASTI",48,"","",94885,"TUBO DE PEAD CORRUGADO DE DUPLA PAREDE PARA REDE COLETORA DE ESGOTO, DN 250 MM, JUNTA ELÁSTICA INTEGRADA, INSTALADO EM LOCAL COM NÍVEL ALTO DE INTERFERÊNCIAS - FORNECIMENTO E ASSENTAMENTO. AF_06/2016","M","ATRIBUÍDO SÃO PAULO",116.87,"","","","","","","","",0.7,0.59936630000000002,116.17,99.4006337,"0,00","0,0000000","0,00","0,0000000","0,00","0,0000000",0,"CAIXA REFERENCIAL"]
["ASSENTAMENTO DE TUBOS E PECAS","ASTU","FORNEC E/OU ASSENT DE TUBO DE PVC COM JUNTA ELASTI",48,"","",94885,"TUBO DE PEAD CORRUGADO DE DUPLA PAREDE PARA REDE COLETORA DE ESGOTO, DN 250 MM, JUNTA ELÁSTICA INTEGRADA, INSTALADO EM LOCAL COM NÍVEL ALTO DE INTERFERÊNCIAS - FORNECIMENTO E ASSENTAMENTO. AF_06/2016","M","ATRIBUÍDO SÃO PAULO",116.87,"INSUMO",20078,"PASTA LUBRIFICANTE PARA TUBOS E CONEXOES COM JUNTA ELASTICA (USO EM PVC, ACO, POLIETILENO E OUTROS) ( DE *400* G)","UN","COEFICIENTE DE REPRESENTATIVIDADE",3.7900000000000003E-2,16.53,0.62,"","","","","","","","","","",null,"CAIXA REFERENCIAL"]
["ASSENTAMENTO DE TUBOS E PECAS","ASTU","FORNEC E/OU ASSENT DE TUBO DE PVC COM JUNTA ELASTI",48,"","",94885,"TUBO DE PEAD CORRUGADO DE DUPLA PAREDE PARA REDE COLETORA DE ESGOTO, DN 250 MM, JUNTA ELÁSTICA INTEGRADA, INSTALADO EM LOCAL COM NÍVEL ALTO DE INTERFERÊNCIAS - FORNECIMENTO E ASSENTAMENTO. AF_06/2016","M","ATRIBUÍDO SÃO PAULO",116.87,"INSUMO",41779,"TUBO CORRUGADO PEAD, PAREDE DUPLA, INTERNA LISA, JEI, DN/DI 250 MM, PARA SANEAMENTO","M","ATRIBUÍDO SÃO PAULO",1.05,109.85,115.34,"","","","","","","","","","",null,"CAIXA REFERENCIAL"]
["ASSENTAMENTO DE TUBOS E PECAS","ASTU","FORNEC E/OU ASSENT DE TUBO DE PVC COM JUNTA ELASTI",48,"","",94885,"TUBO DE PEAD CORRUGADO DE DUPLA PAREDE PARA REDE COLETORA DE ESGOTO, DN 250 MM, JUNTA ELÁSTICA INTEGRADA, INSTALADO EM LOCAL COM NÍVEL ALTO DE INTERFERÊNCIAS - FORNECIMENTO E ASSENTAMENTO. AF_06/2016","M","ATRIBUÍDO SÃO PAULO",116.87,"COMPOSICAO",88246,"ASSENTADOR DE TUBOS COM ENCARGOS COMPLEMENTARES","H","COEFICIENTE DE REPRESENTATIVIDADE",2.58E-2,21.04,0.54,"","","","","","","","","","",null,"CAIXA REFERENCIAL"]
["ASSENTAMENTO DE TUBOS E PECAS","ASTU","FORNEC E/OU ASSENT DE TUBO DE PVC COM JUNTA ELASTI",48,"","",94885,"TUBO DE PEAD CORRUGADO DE DUPLA PAREDE PARA REDE COLETORA DE ESGOTO, DN 250 MM, JUNTA ELÁSTICA INTEGRADA, INSTALADO EM LOCAL COM NÍVEL ALTO DE INTERFERÊNCIAS - FORNECIMENTO E ASSENTAMENTO. AF_06/2016","M","ATRIBUÍDO SÃO PAULO",116.87,"COMPOSICAO",88316,"SERVENTE COM ENCARGOS COMPLEMENTARES","H","COLETADO",2.58E-2,14.67,0.37,"","","","","","","","","","",null,"CAIXA REFERENCIAL"]
["ASSENTAMENTO DE TUBOS E PECAS","ASTU","FORNEC E/OU ASSENT DE TUBO DE PVC COM JUNTA ELASTI",48,"","",94886,"ASSENTAMENTO DE TUBO DE PEAD CORRUGADO DE DUPLA PAREDE PARA REDE COLETORA DE ESGOTO, DN 250 MM, JUNTA ELÁSTICA INTEGRADA, INSTALADO EM LOCAL COM NÍVEL ALTO DE INTERFERÊNCIAS (NÃO INCLUI FORNECIMENTO). AF_06/2016","M","COEFICIENTE DE REPRESENTATIVIDADE",0.91,"","","","","","","","",0.77,84.337349399999994,0.14000000000000001,15.662650599999999,"0,00","0,0000000","0,00","0,0000000","0,00","0,0000000",0,"CAIXA REFERENCIAL"]
["ASSENTAMENTO DE TUBOS E PECAS","ASTU","FORNEC E/OU ASSENT DE TUBO DE PVC COM JUNTA ELASTI",48,"","",94886,"ASSENTAMENTO DE TUBO DE PEAD CORRUGADO DE DUPLA PAREDE PARA REDE COLETORA DE ESGOTO, DN 250 MM, JUNTA ELÁSTICA INTEGRADA, INSTALADO EM LOCAL COM NÍVEL ALTO DE INTERFERÊNCIAS (NÃO INCLUI FORNECIMENTO). AF_06/2016","M","COEFICIENTE DE REPRESENTATIVIDADE",0.91,"COMPOSICAO",88246,"ASSENTADOR DE TUBOS COM ENCARGOS COMPLEMENTARES","H","COEFICIENTE DE REPRESENTATIVIDADE",2.58E-2,21.04,0.54,"","","","","","","","","","",null,"CAIXA REFERENCIAL"]
["ASSENTAMENTO DE TUBOS E PECAS","ASTU","FORNEC E/OU ASSENT DE TUBO DE PVC COM JUNTA ELASTI",48,"","",94886,"ASSENTAMENTO DE TUBO DE PEAD CORRUGADO DE DUPLA PAREDE PARA REDE COLETORA DE ESGOTO, DN 250 MM, JUNTA ELÁSTICA INTEGRADA, INSTALADO EM LOCAL COM NÍVEL ALTO DE INTERFERÊNCIAS (NÃO INCLUI FORNECIMENTO). AF_06/2016","M","COEFICIENTE DE REPRESENTATIVIDADE",0.91,"COMPOSICAO",88316,"SERVENTE COM ENCARGOS COMPLEMENTARES","H","COLETADO",2.58E-2,14.67,0.37,"","","","","","","","","","",null,"CAIXA REFERENCIAL"]
["ASSENTAMENTO DE TUBOS E PECAS","ASTU","FORNEC E/OU ASSENT DE TUBO DE PVC COM JUNTA ELASTI",48,"","",94887,"TUBO DE PEAD CORRUGADO DE DUPLA PAREDE PARA REDE COLETORA DE ESGOTO, DN 300 MM, JUNTA ELÁSTICA INTEGRADA, INSTALADO EM LOCAL COM NÍVEL ALTO DE INTERFERÊNCIAS - FORNECIMENTO E ASSENTAMENTO. AF_06/2016","M","ATRIBUÍDO SÃO PAULO",138.66,"","","","","","","","",1.21,0.87307880000000004,137.44999999999999,99.126921199999998,"0,00","0,0000000","0,00","0,0000000","0,00","0,0000000",0,"CAIXA REFERENCIAL"]
["ASSENTAMENTO DE TUBOS E PECAS","ASTU","FORNEC E/OU ASSENT DE TUBO DE PVC COM JUNTA ELASTI",48,"","",94887,"TUBO DE PEAD CORRUGADO DE DUPLA PAREDE PARA REDE COLETORA DE ESGOTO, DN 300 MM, JUNTA ELÁSTICA INTEGRADA, INSTALADO EM LOCAL COM NÍVEL ALTO DE INTERFERÊNCIAS - FORNECIMENTO E ASSENTAMENTO. AF_06/2016","M","ATRIBUÍDO SÃO PAULO",138.66,"INSUMO",20078,"PASTA LUBRIFICANTE PARA TUBOS E CONEXOES COM JUNTA ELASTICA (USO EM PVC, ACO, POLIETILENO E OUTROS) ( DE *400* G)","UN","COEFICIENTE DE REPRESENTATIVIDADE",4.1700000000000001E-2,16.53,0.68,"","","","","","","","","","",null,"CAIXA REFERENCIAL"]
["ASSENTAMENTO DE TUBOS E PECAS","ASTU","FORNEC E/OU ASSENT DE TUBO DE PVC COM JUNTA ELASTI",48,"","",94887,"TUBO DE PEAD CORRUGADO DE DUPLA PAREDE PARA REDE COLETORA DE ESGOTO, DN 300 MM, JUNTA ELÁSTICA INTEGRADA, INSTALADO EM LOCAL COM NÍVEL ALTO DE INTERFERÊNCIAS - FORNECIMENTO E ASSENTAMENTO. AF_06/2016","M","ATRIBUÍDO SÃO PAULO",138.66,"INSUMO",41780,"TUBO CORRUGADO PEAD, PAREDE DUPLA, INTERNA LISA, JEI, DN/DI 300 MM, PARA SANEAMENTO","M","ATRIBUÍDO SÃO PAULO",1.05,129.91999999999999,136.41,"","","","","","","","","","",null,"CAIXA REFERENCIAL"]
["ASSENTAMENTO DE TUBOS E PECAS","ASTU","FORNEC E/OU ASSENT DE TUBO DE PVC COM JUNTA ELASTI",48,"","",94887,"TUBO DE PEAD CORRUGADO DE DUPLA PAREDE PARA REDE COLETORA DE ESGOTO, DN 300 MM, JUNTA ELÁSTICA INTEGRADA, INSTALADO EM LOCAL COM NÍVEL ALTO DE INTERFERÊNCIAS - FORNECIMENTO E ASSENTAMENTO. AF_06/2016","M","ATRIBUÍDO SÃO PAULO",138.66,"COMPOSICAO",88246,"ASSENTADOR DE TUBOS COM ENCARGOS COMPLEMENTARES","H","COEFICIENTE DE REPRESENTATIVIDADE",4.4299999999999999E-2,21.04,0.93,"","","","","","","","","","",null,"CAIXA REFERENCIAL"]
["ASSENTAMENTO DE TUBOS E PECAS","ASTU","FORNEC E/OU ASSENT DE TUBO DE PVC COM JUNTA ELASTI",48,"","",94887,"TUBO DE PEAD CORRUGADO DE DUPLA PAREDE PARA REDE COLETORA DE ESGOTO, DN 300 MM, JUNTA ELÁSTICA INTEGRADA, INSTALADO EM LOCAL COM NÍVEL ALTO DE INTERFERÊNCIAS - FORNECIMENTO E ASSENTAMENTO. AF_06/2016","M","ATRIBUÍDO SÃO PAULO",138.66,"COMPOSICAO",88316,"SERVENTE COM ENCARGOS COMPLEMENTARES","H","COLETADO",4.4299999999999999E-2,14.67,0.64,"","","","","","","","","","",null,"CAIXA REFERENCIAL"]
["ASSENTAMENTO DE TUBOS E PECAS","ASTU","FORNEC E/OU ASSENT DE TUBO DE PVC COM JUNTA ELASTI",48,"","",94888,"ASSENTAMENTO DE TUBO DE PEAD CORRUGADO DE DUPLA PAREDE PARA REDE COLETORA DE ESGOTO, DN 300 MM, JUNTA ELÁSTICA INTEGRADA, INSTALADO EM LOCAL COM NÍVEL ALTO DE INTERFERÊNCIAS (NÃO INCLUI FORNECIMENTO). AF_06/2016","M","COEFICIENTE DE REPRESENTATIVIDADE",1.57,"","","","","","","","",1.27,80.666666699999993,0.3,19.3333333,"0,00","0,0000000","0,00","0,0000000","0,00","0,0000000",0,"CAIXA REFERENCIAL"]
["ASSENTAMENTO DE TUBOS E PECAS","ASTU","FORNEC E/OU ASSENT DE TUBO DE PVC COM JUNTA ELASTI",48,"","",94888,"ASSENTAMENTO DE TUBO DE PEAD CORRUGADO DE DUPLA PAREDE PARA REDE COLETORA DE ESGOTO, DN 300 MM, JUNTA ELÁSTICA INTEGRADA, INSTALADO EM LOCAL COM NÍVEL ALTO DE INTERFERÊNCIAS (NÃO INCLUI FORNECIMENTO). AF_06/2016","M","COEFICIENTE DE REPRESENTATIVIDADE",1.57,"COMPOSICAO",88246,"ASSENTADOR DE TUBOS COM ENCARGOS COMPLEMENTARES","H","COEFICIENTE DE REPRESENTATIVIDADE",4.4299999999999999E-2,21.04,0.93,"","","","","","","","","","",null,"CAIXA REFERENCIAL"]
["ASSENTAMENTO DE TUBOS E PECAS","ASTU","FORNEC E/OU ASSENT DE TUBO DE PVC COM JUNTA ELASTI",48,"","",94888,"ASSENTAMENTO DE TUBO DE PEAD CORRUGADO DE DUPLA PAREDE PARA REDE COLETORA DE ESGOTO, DN 300 MM, JUNTA ELÁSTICA INTEGRADA, INSTALADO EM LOCAL COM NÍVEL ALTO DE INTERFERÊNCIAS (NÃO INCLUI FORNECIMENTO). AF_06/2016","M","COEFICIENTE DE REPRESENTATIVIDADE",1.57,"COMPOSICAO",88316,"SERVENTE COM ENCARGOS COMPLEMENTARES","H","COLETADO",4.4299999999999999E-2,14.67,0.64,"","","","","","","","","","",null,"CAIXA REFERENCIAL"]
["ASSENTAMENTO DE TUBOS E PECAS","ASTU","FORNEC E/OU ASSENT DE TUBO DE PVC COM JUNTA ELASTI",48,"","",94891,"TUBO DE PEAD CORRUGADO DE DUPLA PAREDE PARA REDE COLETORA DE ESGOTO, DN 750 MM, JUNTA ELÁSTICA INTEGRADA, INSTALADO EM LOCAL COM NÍVEL ALTO DE INTERFERÊNCIAS - FORNECIMENTO E ASSENTAMENTO. AF_06/2016","M","ATRIBUÍDO SÃO PAULO",815.5,"","","","","","","","",9.1999999999999993,1.1283358999999999,800.29,98.134566399999997,"6,01","0,7370977","0,00","0,0000000","0,00","0,0000000",0,"CAIXA REFERENCIAL"]
["ASSENTAMENTO DE TUBOS E PECAS","ASTU","FORNEC E/OU ASSENT DE TUBO DE PVC COM JUNTA ELASTI",48,"","",94891,"TUBO DE PEAD CORRUGADO DE DUPLA PAREDE PARA REDE COLETORA DE ESGOTO, DN 750 MM, JUNTA ELÁSTICA INTEGRADA, INSTALADO EM LOCAL COM NÍVEL ALTO DE INTERFERÊNCIAS - FORNECIMENTO E ASSENTAMENTO. AF_06/2016","M","ATRIBUÍDO SÃO PAULO",815.5,"COMPOSICAO",5631,"ESCAVADEIRA HIDRÁULICA SOBRE ESTEIRAS, CAÇAMBA 0,80 M3, PESO OPERACIONAL 17 T, POTENCIA BRUTA 111 HP - CHP DIURNO. AF_06/2014","CHP","ATRIBUÍDO SÃO PAULO",7.4099999999999999E-2,126.79,9.39,"","","","","","","","","","",null,"CAIXA REFERENCIAL"]
["ASSENTAMENTO DE TUBOS E PECAS","ASTU","FORNEC E/OU ASSENT DE TUBO DE PVC COM JUNTA ELASTI",48,"","",94891,"TUBO DE PEAD CORRUGADO DE DUPLA PAREDE PARA REDE COLETORA DE ESGOTO, DN 750 MM, JUNTA ELÁSTICA INTEGRADA, INSTALADO EM LOCAL COM NÍVEL ALTO DE INTERFERÊNCIAS - FORNECIMENTO E ASSENTAMENTO. AF_06/2016","M","ATRIBUÍDO SÃO PAULO",815.5,"COMPOSICAO",5632,"ESCAVADEIRA HIDRÁULICA SOBRE ESTEIRAS, CAÇAMBA 0,80 M3, PESO OPERACIONAL 17 T, POTENCIA BRUTA 111 HP - CHI DIURNO. AF_06/2014","CHI","ATRIBUÍDO SÃO PAULO",4.6100000000000002E-2,57.49,2.65,"","","","","","","","","","",null,"CAIXA REFERENCIAL"]
["ASSENTAMENTO DE TUBOS E PECAS","ASTU","FORNEC E/OU ASSENT DE TUBO DE PVC COM JUNTA ELASTI",48,"","",94891,"TUBO DE PEAD CORRUGADO DE DUPLA PAREDE PARA REDE COLETORA DE ESGOTO, DN 750 MM, JUNTA ELÁSTICA INTEGRADA, INSTALADO EM LOCAL COM NÍVEL ALTO DE INTERFERÊNCIAS - FORNECIMENTO E ASSENTAMENTO. AF_06/2016","M","ATRIBUÍDO SÃO PAULO",815.5,"INSUMO",20078,"PASTA LUBRIFICANTE PARA TUBOS E CONEXOES COM JUNTA ELASTICA (USO EM PVC, ACO, POLIETILENO E OUTROS) ( DE *400* G)","UN","COEFICIENTE DE REPRESENTATIVIDADE",0.1042,16.53,1.72,"","","","","","","","","","",null,"CAIXA REFERENCIAL"]
["ASSENTAMENTO DE TUBOS E PECAS","ASTU","FORNEC E/OU ASSENT DE TUBO DE PVC COM JUNTA ELASTI",48,"","",94891,"TUBO DE PEAD CORRUGADO DE DUPLA PAREDE PARA REDE COLETORA DE ESGOTO, DN 750 MM, JUNTA ELÁSTICA INTEGRADA, INSTALADO EM LOCAL COM NÍVEL ALTO DE INTERFERÊNCIAS - FORNECIMENTO E ASSENTAMENTO. AF_06/2016","M","ATRIBUÍDO SÃO PAULO",815.5,"INSUMO",41783,"TUBO CORRUGADO PEAD, PAREDE DUPLA, INTERNA LISA, JEI, DN/DI *800* MM, PARA SANEAMENTO","M","ATRIBUÍDO SÃO PAULO",1.05,755.8,793.59,"","","","","","","","","","",null,"CAIXA REFERENCIAL"]
["ASSENTAMENTO DE TUBOS E PECAS","ASTU","FORNEC E/OU ASSENT DE TUBO DE PVC COM JUNTA ELASTI",48,"","",94891,"TUBO DE PEAD CORRUGADO DE DUPLA PAREDE PARA REDE COLETORA DE ESGOTO, DN 750 MM, JUNTA ELÁSTICA INTEGRADA, INSTALADO EM LOCAL COM NÍVEL ALTO DE INTERFERÊNCIAS - FORNECIMENTO E ASSENTAMENTO. AF_06/2016","M","ATRIBUÍDO SÃO PAULO",815.5,"COMPOSICAO",88246,"ASSENTADOR DE TUBOS COM ENCARGOS COMPLEMENTARES","H","COEFICIENTE DE REPRESENTATIVIDADE",0.2286,21.04,4.8,"","","","","","","","","","",null,"CAIXA REFERENCIAL"]
["ASSENTAMENTO DE TUBOS E PECAS","ASTU","FORNEC E/OU ASSENT DE TUBO DE PVC COM JUNTA ELASTI",48,"","",94891,"TUBO DE PEAD CORRUGADO DE DUPLA PAREDE PARA REDE COLETORA DE ESGOTO, DN 750 MM, JUNTA ELÁSTICA INTEGRADA, INSTALADO EM LOCAL COM NÍVEL ALTO DE INTERFERÊNCIAS - FORNECIMENTO E ASSENTAMENTO. AF_06/2016","M","ATRIBUÍDO SÃO PAULO",815.5,"COMPOSICAO",88316,"SERVENTE COM ENCARGOS COMPLEMENTARES","H","COLETADO",0.2286,14.67,3.35,"","","","","","","","","","",null,"CAIXA REFERENCIAL"]
["ASSENTAMENTO DE TUBOS E PECAS","ASTU","FORNEC E/OU ASSENT DE TUBO DE PVC COM JUNTA ELASTI",48,"","",94892,"ASSENTAMENTO DE TUBO DE PEAD CORRUGADO DE DUPLA PAREDE PARA REDE COLETORA DE ESGOTO, DN 750 MM, JUNTA ELÁSTICA INTEGRADA, INSTALADO EM LOCAL COM NÍVEL ALTO DE INTERFERÊNCIAS (NÃO INCLUI FORNECIMENTO). AF_06/2016","M","ATRIBUÍDO SÃO PAULO",20.190000000000001,"","","","","","","","",9.27,45.885286899999997,4.87,24.139650799999998,"6,05","29,9750623","0,00","0,0000000","0,00","0,0000000",0,"CAIXA REFERENCIAL"]
["ASSENTAMENTO DE TUBOS E PECAS","ASTU","FORNEC E/OU ASSENT DE TUBO DE PVC COM JUNTA ELASTI",48,"","",94892,"ASSENTAMENTO DE TUBO DE PEAD CORRUGADO DE DUPLA PAREDE PARA REDE COLETORA DE ESGOTO, DN 750 MM, JUNTA ELÁSTICA INTEGRADA, INSTALADO EM LOCAL COM NÍVEL ALTO DE INTERFERÊNCIAS (NÃO INCLUI FORNECIMENTO). AF_06/2016","M","ATRIBUÍDO SÃO PAULO",20.190000000000001,"COMPOSICAO",5631,"ESCAVADEIRA HIDRÁULICA SOBRE ESTEIRAS, CAÇAMBA 0,80 M3, PESO OPERACIONAL 17 T, POTENCIA BRUTA 111 HP - CHP DIURNO. AF_06/2014","CHP","ATRIBUÍDO SÃO PAULO",7.4099999999999999E-2,126.79,9.39,"","","","","","","","","","",null,"CAIXA REFERENCIAL"]
["ASSENTAMENTO DE TUBOS E PECAS","ASTU","FORNEC E/OU ASSENT DE TUBO DE PVC COM JUNTA ELASTI",48,"","",94892,"ASSENTAMENTO DE TUBO DE PEAD CORRUGADO DE DUPLA PAREDE PARA REDE COLETORA DE ESGOTO, DN 750 MM, JUNTA ELÁSTICA INTEGRADA, INSTALADO EM LOCAL COM NÍVEL ALTO DE INTERFERÊNCIAS (NÃO INCLUI FORNECIMENTO). AF_06/2016","M","ATRIBUÍDO SÃO PAULO",20.190000000000001,"COMPOSICAO",5632,"ESCAVADEIRA HIDRÁULICA SOBRE ESTEIRAS, CAÇAMBA 0,80 M3, PESO OPERACIONAL 17 T, POTENCIA BRUTA 111 HP - CHI DIURNO. AF_06/2014","CHI","ATRIBUÍDO SÃO PAULO",4.6100000000000002E-2,57.49,2.65,"","","","","","","","","","",null,"CAIXA REFERENCIAL"]
["ASSENTAMENTO DE TUBOS E PECAS","ASTU","FORNEC E/OU ASSENT DE TUBO DE PVC COM JUNTA ELASTI",48,"","",94892,"ASSENTAMENTO DE TUBO DE PEAD CORRUGADO DE DUPLA PAREDE PARA REDE COLETORA DE ESGOTO, DN 750 MM, JUNTA ELÁSTICA INTEGRADA, INSTALADO EM LOCAL COM NÍVEL ALTO DE INTERFERÊNCIAS (NÃO INCLUI FORNECIMENTO). AF_06/2016","M","ATRIBUÍDO SÃO PAULO",20.190000000000001,"COMPOSICAO",88246,"ASSENTADOR DE TUBOS COM ENCARGOS COMPLEMENTARES","H","COEFICIENTE DE REPRESENTATIVIDADE",0.2286,21.04,4.8,"","","","","","","","","","",null,"CAIXA REFERENCIAL"]
["ASSENTAMENTO DE TUBOS E PECAS","ASTU","FORNEC E/OU ASSENT DE TUBO DE PVC COM JUNTA ELASTI",48,"","",94892,"ASSENTAMENTO DE TUBO DE PEAD CORRUGADO DE DUPLA PAREDE PARA REDE COLETORA DE ESGOTO, DN 750 MM, JUNTA ELÁSTICA INTEGRADA, INSTALADO EM LOCAL COM NÍVEL ALTO DE INTERFERÊNCIAS (NÃO INCLUI FORNECIMENTO). AF_06/2016","M","ATRIBUÍDO SÃO PAULO",20.190000000000001,"COMPOSICAO",88316,"SERVENTE COM ENCARGOS COMPLEMENTARES","H","COLETADO",0.2286,14.67,3.35,"","","","","","","","","","",null,"CAIXA REFERENCIAL"]
["ASSENTAMENTO DE TUBOS E PECAS","ASTU","FORNEC E/OU ASSENT DE TUBO DE PVC COM JUNTA ELASTI",48,"","",94894,"ASSENTAMENTO DE TUBO DE PEAD CORRUGADO DE DUPLA PAREDE PARA REDE COLETORA DE ESGOTO, DN 900 MM, JUNTA ELÁSTICA INTEGRADA, INSTALADO EM LOCAL COM NÍVEL ALTO DE INTERFERÊNCIAS (NÃO INCLUI FORNECIMENTO). AF_06/2016","M","ATRIBUÍDO SÃO PAULO",23.45,"","","","","","","","",10.78,45.9227469,5.65,24.120171599999999,"7,02","29,9570815","0,00","0,0000000","0,00","0,0000000",0,"CAIXA REFERENCIAL"]
["ASSENTAMENTO DE TUBOS E PECAS","ASTU","FORNEC E/OU ASSENT DE TUBO DE PVC COM JUNTA ELASTI",48,"","",94894,"ASSENTAMENTO DE TUBO DE PEAD CORRUGADO DE DUPLA PAREDE PARA REDE COLETORA DE ESGOTO, DN 900 MM, JUNTA ELÁSTICA INTEGRADA, INSTALADO EM LOCAL COM NÍVEL ALTO DE INTERFERÊNCIAS (NÃO INCLUI FORNECIMENTO). AF_06/2016","M","ATRIBUÍDO SÃO PAULO",23.45,"COMPOSICAO",5631,"ESCAVADEIRA HIDRÁULICA SOBRE ESTEIRAS, CAÇAMBA 0,80 M3, PESO OPERACIONAL 17 T, POTENCIA BRUTA 111 HP - CHP DIURNO. AF_06/2014","CHP","ATRIBUÍDO SÃO PAULO",8.6099999999999996E-2,126.79,10.91,"","","","","","","","","","",null,"CAIXA REFERENCIAL"]
["ASSENTAMENTO DE TUBOS E PECAS","ASTU","FORNEC E/OU ASSENT DE TUBO DE PVC COM JUNTA ELASTI",48,"","",94894,"ASSENTAMENTO DE TUBO DE PEAD CORRUGADO DE DUPLA PAREDE PARA REDE COLETORA DE ESGOTO, DN 900 MM, JUNTA ELÁSTICA INTEGRADA, INSTALADO EM LOCAL COM NÍVEL ALTO DE INTERFERÊNCIAS (NÃO INCLUI FORNECIMENTO). AF_06/2016","M","ATRIBUÍDO SÃO PAULO",23.45,"COMPOSICAO",5632,"ESCAVADEIRA HIDRÁULICA SOBRE ESTEIRAS, CAÇAMBA 0,80 M3, PESO OPERACIONAL 17 T, POTENCIA BRUTA 111 HP - CHI DIURNO. AF_06/2014","CHI","ATRIBUÍDO SÃO PAULO",5.3499999999999999E-2,57.49,3.07,"","","","","","","","","","",null,"CAIXA REFERENCIAL"]
["ASSENTAMENTO DE TUBOS E PECAS","ASTU","FORNEC E/OU ASSENT DE TUBO DE PVC COM JUNTA ELASTI",48,"","",94894,"ASSENTAMENTO DE TUBO DE PEAD CORRUGADO DE DUPLA PAREDE PARA REDE COLETORA DE ESGOTO, DN 900 MM, JUNTA ELÁSTICA INTEGRADA, INSTALADO EM LOCAL COM NÍVEL ALTO DE INTERFERÊNCIAS (NÃO INCLUI FORNECIMENTO). AF_06/2016","M","ATRIBUÍDO SÃO PAULO",23.45,"COMPOSICAO",88246,"ASSENTADOR DE TUBOS COM ENCARGOS COMPLEMENTARES","H","COEFICIENTE DE REPRESENTATIVIDADE",0.26550000000000001,21.04,5.58,"","","","","","","","","","",null,"CAIXA REFERENCIAL"]
["ASSENTAMENTO DE TUBOS E PECAS","ASTU","FORNEC E/OU ASSENT DE TUBO DE PVC COM JUNTA ELASTI",48,"","",94894,"ASSENTAMENTO DE TUBO DE PEAD CORRUGADO DE DUPLA PAREDE PARA REDE COLETORA DE ESGOTO, DN 900 MM, JUNTA ELÁSTICA INTEGRADA, INSTALADO EM LOCAL COM NÍVEL ALTO DE INTERFERÊNCIAS (NÃO INCLUI FORNECIMENTO). AF_06/2016","M","ATRIBUÍDO SÃO PAULO",23.45,"COMPOSICAO",88316,"SERVENTE COM ENCARGOS COMPLEMENTARES","H","COLETADO",0.26550000000000001,14.67,3.89,"","","","","","","","","","",null,"CAIXA REFERENCIAL"]
["ASSENTAMENTO DE TUBOS E PECAS","ASTU","FORNEC E/OU ASSENT DE TUBO DE PVC COM JUNTA ELASTI",48,"","",94895,"TUBO DE PEAD CORRUGADO DE DUPLA PAREDE PARA REDE COLETORA DE ESGOTO, DN 1000 MM, JUNTA ELÁSTICA INTEGRADA, INSTALADO EM LOCAL COM NÍVEL ALTO DE INTERFERÊNCIAS - FORNECIMENTO E ASSENTAMENTO. AF_06/2016","M","ATRIBUÍDO SÃO PAULO",1086.57,"","","","","","","","",12.93,1.1901254999999999,1065.19,98.032105000000001,"8,45","0,7777695","0,00","0,0000000","0,00","0,0000000",0,"CAIXA REFERENCIAL"]
["ASSENTAMENTO DE TUBOS E PECAS","ASTU","FORNEC E/OU ASSENT DE TUBO DE PVC COM JUNTA ELASTI",48,"","",94895,"TUBO DE PEAD CORRUGADO DE DUPLA PAREDE PARA REDE COLETORA DE ESGOTO, DN 1000 MM, JUNTA ELÁSTICA INTEGRADA, INSTALADO EM LOCAL COM NÍVEL ALTO DE INTERFERÊNCIAS - FORNECIMENTO E ASSENTAMENTO. AF_06/2016","M","ATRIBUÍDO SÃO PAULO",1086.57,"COMPOSICAO",5631,"ESCAVADEIRA HIDRÁULICA SOBRE ESTEIRAS, CAÇAMBA 0,80 M3, PESO OPERACIONAL 17 T, POTENCIA BRUTA 111 HP - CHP DIURNO. AF_06/2014","CHP","ATRIBUÍDO SÃO PAULO",0.104,126.79,13.18,"","","","","","","","","","",null,"CAIXA REFERENCIAL"]
["ASSENTAMENTO DE TUBOS E PECAS","ASTU","FORNEC E/OU ASSENT DE TUBO DE PVC COM JUNTA ELASTI",48,"","",94895,"TUBO DE PEAD CORRUGADO DE DUPLA PAREDE PARA REDE COLETORA DE ESGOTO, DN 1000 MM, JUNTA ELÁSTICA INTEGRADA, INSTALADO EM LOCAL COM NÍVEL ALTO DE INTERFERÊNCIAS - FORNECIMENTO E ASSENTAMENTO. AF_06/2016","M","ATRIBUÍDO SÃO PAULO",1086.57,"COMPOSICAO",5632,"ESCAVADEIRA HIDRÁULICA SOBRE ESTEIRAS, CAÇAMBA 0,80 M3, PESO OPERACIONAL 17 T, POTENCIA BRUTA 111 HP - CHI DIURNO. AF_06/2014","CHI","ATRIBUÍDO SÃO PAULO",6.4600000000000005E-2,57.49,3.71,"","","","","","","","","","",null,"CAIXA REFERENCIAL"]
["ASSENTAMENTO DE TUBOS E PECAS","ASTU","FORNEC E/OU ASSENT DE TUBO DE PVC COM JUNTA ELASTI",48,"","",94895,"TUBO DE PEAD CORRUGADO DE DUPLA PAREDE PARA REDE COLETORA DE ESGOTO, DN 1000 MM, JUNTA ELÁSTICA INTEGRADA, INSTALADO EM LOCAL COM NÍVEL ALTO DE INTERFERÊNCIAS - FORNECIMENTO E ASSENTAMENTO. AF_06/2016","M","ATRIBUÍDO SÃO PAULO",1086.57,"INSUMO",20078,"PASTA LUBRIFICANTE PARA TUBOS E CONEXOES COM JUNTA ELASTICA (USO EM PVC, ACO, POLIETILENO E OUTROS) ( DE *400* G)","UN","COEFICIENTE DE REPRESENTATIVIDADE",0.20830000000000001,16.53,3.44,"","","","","","","","","","",null,"CAIXA REFERENCIAL"]
["ASSENTAMENTO DE TUBOS E PECAS","ASTU","FORNEC E/OU ASSENT DE TUBO DE PVC COM JUNTA ELASTI",48,"","",94895,"TUBO DE PEAD CORRUGADO DE DUPLA PAREDE PARA REDE COLETORA DE ESGOTO, DN 1000 MM, JUNTA ELÁSTICA INTEGRADA, INSTALADO EM LOCAL COM NÍVEL ALTO DE INTERFERÊNCIAS - FORNECIMENTO E ASSENTAMENTO. AF_06/2016","M","ATRIBUÍDO SÃO PAULO",1086.57,"INSUMO",41785,"TUBO CORRUGADO PEAD, PAREDE DUPLA, INTERNA LISA, JEI, DN/DI *1000* MM, PARA SANEAMENTO","M","ATRIBUÍDO SÃO PAULO",1.05,1004.58,1054.8,"","","","","","","","","","",null,"CAIXA REFERENCIAL"]
["ASSENTAMENTO DE TUBOS E PECAS","ASTU","FORNEC E/OU ASSENT DE TUBO DE PVC COM JUNTA ELASTI",48,"","",94895,"TUBO DE PEAD CORRUGADO DE DUPLA PAREDE PARA REDE COLETORA DE ESGOTO, DN 1000 MM, JUNTA ELÁSTICA INTEGRADA, INSTALADO EM LOCAL COM NÍVEL ALTO DE INTERFERÊNCIAS - FORNECIMENTO E ASSENTAMENTO. AF_06/2016","M","ATRIBUÍDO SÃO PAULO",1086.57,"COMPOSICAO",88246,"ASSENTADOR DE TUBOS COM ENCARGOS COMPLEMENTARES","H","COEFICIENTE DE REPRESENTATIVIDADE",0.32079999999999997,21.04,6.74,"","","","","","","","","","",null,"CAIXA REFERENCIAL"]
["ASSENTAMENTO DE TUBOS E PECAS","ASTU","FORNEC E/OU ASSENT DE TUBO DE PVC COM JUNTA ELASTI",48,"","",94895,"TUBO DE PEAD CORRUGADO DE DUPLA PAREDE PARA REDE COLETORA DE ESGOTO, DN 1000 MM, JUNTA ELÁSTICA INTEGRADA, INSTALADO EM LOCAL COM NÍVEL ALTO DE INTERFERÊNCIAS - FORNECIMENTO E ASSENTAMENTO. AF_06/2016","M","ATRIBUÍDO SÃO PAULO",1086.57,"COMPOSICAO",88316,"SERVENTE COM ENCARGOS COMPLEMENTARES","H","COLETADO",0.32079999999999997,14.67,4.7,"","","","","","","","","","",null,"CAIXA REFERENCIAL"]
["ASSENTAMENTO DE TUBOS E PECAS","ASTU","FORNEC E/OU ASSENT DE TUBO DE PVC COM JUNTA ELASTI",48,"","",94896,"ASSENTAMENTO DE TUBO DE PEAD CORRUGADO DE DUPLA PAREDE PARA REDE COLETORA DE ESGOTO, DN 1000 MM, JUNTA ELÁSTICA INTEGRADA, INSTALADO EM LOCAL COM NÍVEL ALTO DE INTERFERÊNCIAS (NÃO INCLUI FORNECIMENTO). AF_06/2016","M","ATRIBUÍDO SÃO PAULO",28.33,"","","","","","","","",13,45.8510639,6.85,24.184397100000002,"8,48","29,9645390","0,00","0,0000000","0,00","0,0000000",0,"CAIXA REFERENCIAL"]
["ASSENTAMENTO DE TUBOS E PECAS","ASTU","FORNEC E/OU ASSENT DE TUBO DE PVC COM JUNTA ELASTI",48,"","",94896,"ASSENTAMENTO DE TUBO DE PEAD CORRUGADO DE DUPLA PAREDE PARA REDE COLETORA DE ESGOTO, DN 1000 MM, JUNTA ELÁSTICA INTEGRADA, INSTALADO EM LOCAL COM NÍVEL ALTO DE INTERFERÊNCIAS (NÃO INCLUI FORNECIMENTO). AF_06/2016","M","ATRIBUÍDO SÃO PAULO",28.33,"COMPOSICAO",5631,"ESCAVADEIRA HIDRÁULICA SOBRE ESTEIRAS, CAÇAMBA 0,80 M3, PESO OPERACIONAL 17 T, POTENCIA BRUTA 111 HP - CHP DIURNO. AF_06/2014","CHP","ATRIBUÍDO SÃO PAULO",0.104,126.79,13.18,"","","","","","","","","","",null,"CAIXA REFERENCIAL"]
["ASSENTAMENTO DE TUBOS E PECAS","ASTU","FORNEC E/OU ASSENT DE TUBO DE PVC COM JUNTA ELASTI",48,"","",94896,"ASSENTAMENTO DE TUBO DE PEAD CORRUGADO DE DUPLA PAREDE PARA REDE COLETORA DE ESGOTO, DN 1000 MM, JUNTA ELÁSTICA INTEGRADA, INSTALADO EM LOCAL COM NÍVEL ALTO DE INTERFERÊNCIAS (NÃO INCLUI FORNECIMENTO). AF_06/2016","M","ATRIBUÍDO SÃO PAULO",28.33,"COMPOSICAO",5632,"ESCAVADEIRA HIDRÁULICA SOBRE ESTEIRAS, CAÇAMBA 0,80 M3, PESO OPERACIONAL 17 T, POTENCIA BRUTA 111 HP - CHI DIURNO. AF_06/2014","CHI","ATRIBUÍDO SÃO PAULO",6.4600000000000005E-2,57.49,3.71,"","","","","","","","","","",null,"CAIXA REFERENCIAL"]
["ASSENTAMENTO DE TUBOS E PECAS","ASTU","FORNEC E/OU ASSENT DE TUBO DE PVC COM JUNTA ELASTI",48,"","",94896,"ASSENTAMENTO DE TUBO DE PEAD CORRUGADO DE DUPLA PAREDE PARA REDE COLETORA DE ESGOTO, DN 1000 MM, JUNTA ELÁSTICA INTEGRADA, INSTALADO EM LOCAL COM NÍVEL ALTO DE INTERFERÊNCIAS (NÃO INCLUI FORNECIMENTO). AF_06/2016","M","ATRIBUÍDO SÃO PAULO",28.33,"COMPOSICAO",88246,"ASSENTADOR DE TUBOS COM ENCARGOS COMPLEMENTARES","H","COEFICIENTE DE REPRESENTATIVIDADE",0.32079999999999997,21.04,6.74,"","","","","","","","","","",null,"CAIXA REFERENCIAL"]
["ASSENTAMENTO DE TUBOS E PECAS","ASTU","FORNEC E/OU ASSENT DE TUBO DE PVC COM JUNTA ELASTI",48,"","",94896,"ASSENTAMENTO DE TUBO DE PEAD CORRUGADO DE DUPLA PAREDE PARA REDE COLETORA DE ESGOTO, DN 1000 MM, JUNTA ELÁSTICA INTEGRADA, INSTALADO EM LOCAL COM NÍVEL ALTO DE INTERFERÊNCIAS (NÃO INCLUI FORNECIMENTO). AF_06/2016","M","ATRIBUÍDO SÃO PAULO",28.33,"COMPOSICAO",88316,"SERVENTE COM ENCARGOS COMPLEMENTARES","H","COLETADO",0.32079999999999997,14.67,4.7,"","","","","","","","","","",null,"CAIXA REFERENCIAL"]
["ASSENTAMENTO DE TUBOS E PECAS","ASTU","FORNEC E/OU ASSENT DE TUBO DE PVC COM JUNTA ELASTI",48,"","",94897,"TUBO DE PEAD CORRUGADO DE DUPLA PAREDE PARA REDE COLETORA DE ESGOTO, DN 1200 MM, JUNTA ELÁSTICA INTEGRADA, INSTALADO EM LOCAL COM NÍVEL ALTO DE INTERFERÊNCIAS - FORNECIMENTO E ASSENTAMENTO. AF_06/2016","M","ATRIBUÍDO SÃO PAULO",1692.18,"","","","","","","","",15.18,0.89713659999999995,1667.1,98.517774399999993,"9,90","0,5850890","0,00","0,0000000","0,00","0,0000000",0,"CAIXA REFERENCIAL"]
["ASSENTAMENTO DE TUBOS E PECAS","ASTU","FORNEC E/OU ASSENT DE TUBO DE PVC COM JUNTA ELASTI",48,"","",94897,"TUBO DE PEAD CORRUGADO DE DUPLA PAREDE PARA REDE COLETORA DE ESGOTO, DN 1200 MM, JUNTA ELÁSTICA INTEGRADA, INSTALADO EM LOCAL COM NÍVEL ALTO DE INTERFERÊNCIAS - FORNECIMENTO E ASSENTAMENTO. AF_06/2016","M","ATRIBUÍDO SÃO PAULO",1692.18,"COMPOSICAO",5631,"ESCAVADEIRA HIDRÁULICA SOBRE ESTEIRAS, CAÇAMBA 0,80 M3, PESO OPERACIONAL 17 T, POTENCIA BRUTA 111 HP - CHP DIURNO. AF_06/2014","CHP","ATRIBUÍDO SÃO PAULO",0.12189999999999999,126.79,15.45,"","","","","","","","","","",null,"CAIXA REFERENCIAL"]
["ASSENTAMENTO DE TUBOS E PECAS","ASTU","FORNEC E/OU ASSENT DE TUBO DE PVC COM JUNTA ELASTI",48,"","",94897,"TUBO DE PEAD CORRUGADO DE DUPLA PAREDE PARA REDE COLETORA DE ESGOTO, DN 1200 MM, JUNTA ELÁSTICA INTEGRADA, INSTALADO EM LOCAL COM NÍVEL ALTO DE INTERFERÊNCIAS - FORNECIMENTO E ASSENTAMENTO. AF_06/2016","M","ATRIBUÍDO SÃO PAULO",1692.18,"COMPOSICAO",5632,"ESCAVADEIRA HIDRÁULICA SOBRE ESTEIRAS, CAÇAMBA 0,80 M3, PESO OPERACIONAL 17 T, POTENCIA BRUTA 111 HP - CHI DIURNO. AF_06/2014","CHI","ATRIBUÍDO SÃO PAULO",7.5800000000000006E-2,57.49,4.3499999999999996,"","","","","","","","","","",null,"CAIXA REFERENCIAL"]
["ASSENTAMENTO DE TUBOS E PECAS","ASTU","FORNEC E/OU ASSENT DE TUBO DE PVC COM JUNTA ELASTI",48,"","",94897,"TUBO DE PEAD CORRUGADO DE DUPLA PAREDE PARA REDE COLETORA DE ESGOTO, DN 1200 MM, JUNTA ELÁSTICA INTEGRADA, INSTALADO EM LOCAL COM NÍVEL ALTO DE INTERFERÊNCIAS - FORNECIMENTO E ASSENTAMENTO. AF_06/2016","M","ATRIBUÍDO SÃO PAULO",1692.18,"INSUMO",20078,"PASTA LUBRIFICANTE PARA TUBOS E CONEXOES COM JUNTA ELASTICA (USO EM PVC, ACO, POLIETILENO E OUTROS) ( DE *400* G)","UN","COEFICIENTE DE REPRESENTATIVIDADE",0.20830000000000001,16.53,3.44,"","","","","","","","","","",null,"CAIXA REFERENCIAL"]
["ASSENTAMENTO DE TUBOS E PECAS","ASTU","FORNEC E/OU ASSENT DE TUBO DE PVC COM JUNTA ELASTI",48,"","",94897,"TUBO DE PEAD CORRUGADO DE DUPLA PAREDE PARA REDE COLETORA DE ESGOTO, DN 1200 MM, JUNTA ELÁSTICA INTEGRADA, INSTALADO EM LOCAL COM NÍVEL ALTO DE INTERFERÊNCIAS - FORNECIMENTO E ASSENTAMENTO. AF_06/2016","M","ATRIBUÍDO SÃO PAULO",1692.18,"INSUMO",41786,"TUBO CORRUGADO PEAD, PAREDE DUPLA, INTERNA LISA, JEI, DN/DI 1200 MM, PARA SANEAMENTO","M","ATRIBUÍDO SÃO PAULO",1.05,1576.69,1655.52,"","","","","","","","","","",null,"CAIXA REFERENCIAL"]
["ASSENTAMENTO DE TUBOS E PECAS","ASTU","FORNEC E/OU ASSENT DE TUBO DE PVC COM JUNTA ELASTI",48,"","",94897,"TUBO DE PEAD CORRUGADO DE DUPLA PAREDE PARA REDE COLETORA DE ESGOTO, DN 1200 MM, JUNTA ELÁSTICA INTEGRADA, INSTALADO EM LOCAL COM NÍVEL ALTO DE INTERFERÊNCIAS - FORNECIMENTO E ASSENTAMENTO. AF_06/2016","M","ATRIBUÍDO SÃO PAULO",1692.18,"COMPOSICAO",88246,"ASSENTADOR DE TUBOS COM ENCARGOS COMPLEMENTARES","H","COEFICIENTE DE REPRESENTATIVIDADE",0.37609999999999999,21.04,7.91,"","","","","","","","","","",null,"CAIXA REFERENCIAL"]
["ASSENTAMENTO DE TUBOS E PECAS","ASTU","FORNEC E/OU ASSENT DE TUBO DE PVC COM JUNTA ELASTI",48,"","",94897,"TUBO DE PEAD CORRUGADO DE DUPLA PAREDE PARA REDE COLETORA DE ESGOTO, DN 1200 MM, JUNTA ELÁSTICA INTEGRADA, INSTALADO EM LOCAL COM NÍVEL ALTO DE INTERFERÊNCIAS - FORNECIMENTO E ASSENTAMENTO. AF_06/2016","M","ATRIBUÍDO SÃO PAULO",1692.18,"COMPOSICAO",88316,"SERVENTE COM ENCARGOS COMPLEMENTARES","H","COLETADO",0.37609999999999999,14.67,5.51,"","","","","","","","","","",null,"CAIXA REFERENCIAL"]
["ASSENTAMENTO DE TUBOS E PECAS","ASTU","FORNEC E/OU ASSENT DE TUBO DE PVC COM JUNTA ELASTI",48,"","",94898,"ASSENTAMENTO DE TUBO DE PEAD CORRUGADO DE DUPLA PAREDE PARA REDE COLETORA DE ESGOTO, DN 1200 MM, JUNTA ELÁSTICA INTEGRADA, INSTALADO EM LOCAL COM NÍVEL ALTO DE INTERFERÊNCIAS (NÃO INCLUI FORNECIMENTO). AF_06/2016","M","ATRIBUÍDO SÃO PAULO",33.22,"","","","","","","","",15.25,45.874886799999999,8.0399999999999991,24.206708899999999,"9,93","29,9184043","0,00","0,0000000","0,00","0,0000000",0,"CAIXA REFERENCIAL"]
["ASSENTAMENTO DE TUBOS E PECAS","ASTU","FORNEC E/OU ASSENT DE TUBO DE PVC COM JUNTA ELASTI",48,"","",94898,"ASSENTAMENTO DE TUBO DE PEAD CORRUGADO DE DUPLA PAREDE PARA REDE COLETORA DE ESGOTO, DN 1200 MM, JUNTA ELÁSTICA INTEGRADA, INSTALADO EM LOCAL COM NÍVEL ALTO DE INTERFERÊNCIAS (NÃO INCLUI FORNECIMENTO). AF_06/2016","M","ATRIBUÍDO SÃO PAULO",33.22,"COMPOSICAO",5631,"ESCAVADEIRA HIDRÁULICA SOBRE ESTEIRAS, CAÇAMBA 0,80 M3, PESO OPERACIONAL 17 T, POTENCIA BRUTA 111 HP - CHP DIURNO. AF_06/2014","CHP","ATRIBUÍDO SÃO PAULO",0.12189999999999999,126.79,15.45,"","","","","","","","","","",null,"CAIXA REFERENCIAL"]
["ASSENTAMENTO DE TUBOS E PECAS","ASTU","FORNEC E/OU ASSENT DE TUBO DE PVC COM JUNTA ELASTI",48,"","",94898,"ASSENTAMENTO DE TUBO DE PEAD CORRUGADO DE DUPLA PAREDE PARA REDE COLETORA DE ESGOTO, DN 1200 MM, JUNTA ELÁSTICA INTEGRADA, INSTALADO EM LOCAL COM NÍVEL ALTO DE INTERFERÊNCIAS (NÃO INCLUI FORNECIMENTO). AF_06/2016","M","ATRIBUÍDO SÃO PAULO",33.22,"COMPOSICAO",5632,"ESCAVADEIRA HIDRÁULICA SOBRE ESTEIRAS, CAÇAMBA 0,80 M3, PESO OPERACIONAL 17 T, POTENCIA BRUTA 111 HP - CHI DIURNO. AF_06/2014","CHI","ATRIBUÍDO SÃO PAULO",7.5800000000000006E-2,57.49,4.3499999999999996,"","","","","","","","","","",null,"CAIXA REFERENCIAL"]
["ASSENTAMENTO DE TUBOS E PECAS","ASTU","FORNEC E/OU ASSENT DE TUBO DE PVC COM JUNTA ELASTI",48,"","",94898,"ASSENTAMENTO DE TUBO DE PEAD CORRUGADO DE DUPLA PAREDE PARA REDE COLETORA DE ESGOTO, DN 1200 MM, JUNTA ELÁSTICA INTEGRADA, INSTALADO EM LOCAL COM NÍVEL ALTO DE INTERFERÊNCIAS (NÃO INCLUI FORNECIMENTO). AF_06/2016","M","ATRIBUÍDO SÃO PAULO",33.22,"COMPOSICAO",88246,"ASSENTADOR DE TUBOS COM ENCARGOS COMPLEMENTARES","H","COEFICIENTE DE REPRESENTATIVIDADE",0.37609999999999999,21.04,7.91,"","","","","","","","","","",null,"CAIXA REFERENCIAL"]
["ASSENTAMENTO DE TUBOS E PECAS","ASTU","FORNEC E/OU ASSENT DE TUBO DE PVC COM JUNTA ELASTI",48,"","",94898,"ASSENTAMENTO DE TUBO DE PEAD CORRUGADO DE DUPLA PAREDE PARA REDE COLETORA DE ESGOTO, DN 1200 MM, JUNTA ELÁSTICA INTEGRADA, INSTALADO EM LOCAL COM NÍVEL ALTO DE INTERFERÊNCIAS (NÃO INCLUI FORNECIMENTO). AF_06/2016","M","ATRIBUÍDO SÃO PAULO",33.22,"COMPOSICAO",88316,"SERVENTE COM ENCARGOS COMPLEMENTARES","H","COLETADO",0.37609999999999999,14.67,5.51,"","","","","","","","","","",null,"CAIXA REFERENCIAL"]
["ASSENTAMENTO DE TUBOS E PECAS","ASTU","FORNEC E/OU ASSENT DE TUBO DE PVC COM JUNTA ELASTI",48,"","",94900,"ASSENTAMENTO DE TUBO DE PEAD CORRUGADO DE DUPLA PAREDE PARA REDE COLETORA DE ESGOTO, DN 1500 MM, JUNTA ELÁSTICA INTEGRADA, INSTALADO EM LOCAL COM NÍVEL ALTO DE INTERFERÊNCIAS (NÃO INCLUI FORNECIMENTO). AF_06/2016","M","ATRIBUÍDO SÃO PAULO",43,"","","","","","","","",19.7,45.791559900000003,10.44,24.294707299999999,"12,86","29,9137328","0,00","0,0000000","0,00","0,0000000",0,"CAIXA REFERENCIAL"]
["ASSENTAMENTO DE TUBOS E PECAS","ASTU","FORNEC E/OU ASSENT DE TUBO DE PVC COM JUNTA ELASTI",48,"","",94900,"ASSENTAMENTO DE TUBO DE PEAD CORRUGADO DE DUPLA PAREDE PARA REDE COLETORA DE ESGOTO, DN 1500 MM, JUNTA ELÁSTICA INTEGRADA, INSTALADO EM LOCAL COM NÍVEL ALTO DE INTERFERÊNCIAS (NÃO INCLUI FORNECIMENTO). AF_06/2016","M","ATRIBUÍDO SÃO PAULO",43,"COMPOSICAO",5631,"ESCAVADEIRA HIDRÁULICA SOBRE ESTEIRAS, CAÇAMBA 0,80 M3, PESO OPERACIONAL 17 T, POTENCIA BRUTA 111 HP - CHP DIURNO. AF_06/2014","CHP","ATRIBUÍDO SÃO PAULO",0.1578,126.79,20,"","","","","","","","","","",null,"CAIXA REFERENCIAL"]
["ASSENTAMENTO DE TUBOS E PECAS","ASTU","FORNEC E/OU ASSENT DE TUBO DE PVC COM JUNTA ELASTI",48,"","",94900,"ASSENTAMENTO DE TUBO DE PEAD CORRUGADO DE DUPLA PAREDE PARA REDE COLETORA DE ESGOTO, DN 1500 MM, JUNTA ELÁSTICA INTEGRADA, INSTALADO EM LOCAL COM NÍVEL ALTO DE INTERFERÊNCIAS (NÃO INCLUI FORNECIMENTO). AF_06/2016","M","ATRIBUÍDO SÃO PAULO",43,"COMPOSICAO",5632,"ESCAVADEIRA HIDRÁULICA SOBRE ESTEIRAS, CAÇAMBA 0,80 M3, PESO OPERACIONAL 17 T, POTENCIA BRUTA 111 HP - CHI DIURNO. AF_06/2014","CHI","ATRIBUÍDO SÃO PAULO",9.8100000000000007E-2,57.49,5.63,"","","","","","","","","","",null,"CAIXA REFERENCIAL"]
["ASSENTAMENTO DE TUBOS E PECAS","ASTU","FORNEC E/OU ASSENT DE TUBO DE PVC COM JUNTA ELASTI",48,"","",94900,"ASSENTAMENTO DE TUBO DE PEAD CORRUGADO DE DUPLA PAREDE PARA REDE COLETORA DE ESGOTO, DN 1500 MM, JUNTA ELÁSTICA INTEGRADA, INSTALADO EM LOCAL COM NÍVEL ALTO DE INTERFERÊNCIAS (NÃO INCLUI FORNECIMENTO). AF_06/2016","M","ATRIBUÍDO SÃO PAULO",43,"COMPOSICAO",88246,"ASSENTADOR DE TUBOS COM ENCARGOS COMPLEMENTARES","H","COEFICIENTE DE REPRESENTATIVIDADE",0.48670000000000002,21.04,10.24,"","","","","","","","","","",null,"CAIXA REFERENCIAL"]
["ASSENTAMENTO DE TUBOS E PECAS","ASTU","FORNEC E/OU ASSENT DE TUBO DE PVC COM JUNTA ELASTI",48,"","",94900,"ASSENTAMENTO DE TUBO DE PEAD CORRUGADO DE DUPLA PAREDE PARA REDE COLETORA DE ESGOTO, DN 1500 MM, JUNTA ELÁSTICA INTEGRADA, INSTALADO EM LOCAL COM NÍVEL ALTO DE INTERFERÊNCIAS (NÃO INCLUI FORNECIMENTO). AF_06/2016","M","ATRIBUÍDO SÃO PAULO",43,"COMPOSICAO",88316,"SERVENTE COM ENCARGOS COMPLEMENTARES","H","COLETADO",0.48670000000000002,14.67,7.13,"","","","","","","","","","",null,"CAIXA REFERENCIAL"]
["ASSENTAMENTO DE TUBOS E PECAS","ASTU","FORNEC E/OU ASSENT DE TUBO DE PVC COM JUNTA ELASTI",48,"","",97121,"ASSENTAMENTO DE TUBO DE PVC PBA PARA REDE DE ÁGUA, DN 50 MM, JUNTA ELÁSTICA INTEGRADA, INSTALADO EM LOCAL COM NÍVEL ALTO DE INTERFERÊNCIAS (NÃO INCLUI FORNECIMENTO). AF_11/2017","M","COEFICIENTE DE REPRESENTATIVIDADE",1.58,"","","","","","","","",1.21,76.315789499999994,0.37,23.684210499999999,"0,00","0,0000000","0,00","0,0000000","0,00","0,0000000",0,"CAIXA REFERENCIAL"]
["ASSENTAMENTO DE TUBOS E PECAS","ASTU","FORNEC E/OU ASSENT DE TUBO DE PVC COM JUNTA ELASTI",48,"","",97121,"ASSENTAMENTO DE TUBO DE PVC PBA PARA REDE DE ÁGUA, DN 50 MM, JUNTA ELÁSTICA INTEGRADA, INSTALADO EM LOCAL COM NÍVEL ALTO DE INTERFERÊNCIAS (NÃO INCLUI FORNECIMENTO). AF_11/2017","M","COEFICIENTE DE REPRESENTATIVIDADE",1.58,"INSUMO",20078,"PASTA LUBRIFICANTE PARA TUBOS E CONEXOES COM JUNTA ELASTICA (USO EM PVC, ACO, POLIETILENO E OUTROS) ( DE *400* G)","UN","COEFICIENTE DE REPRESENTATIVIDADE",4.3E-3,16.53,7.0000000000000007E-2,"","","","","","","","","","",null,"CAIXA REFERENCIAL"]
["ASSENTAMENTO DE TUBOS E PECAS","ASTU","FORNEC E/OU ASSENT DE TUBO DE PVC COM JUNTA ELASTI",48,"","",97121,"ASSENTAMENTO DE TUBO DE PVC PBA PARA REDE DE ÁGUA, DN 50 MM, JUNTA ELÁSTICA INTEGRADA, INSTALADO EM LOCAL COM NÍVEL ALTO DE INTERFERÊNCIAS (NÃO INCLUI FORNECIMENTO). AF_11/2017","M","COEFICIENTE DE REPRESENTATIVIDADE",1.58,"COMPOSICAO",88246,"ASSENTADOR DE TUBOS COM ENCARGOS COMPLEMENTARES","H","COEFICIENTE DE REPRESENTATIVIDADE",4.2599999999999999E-2,21.04,0.89,"","","","","","","","","","",null,"CAIXA REFERENCIAL"]
["ASSENTAMENTO DE TUBOS E PECAS","ASTU","FORNEC E/OU ASSENT DE TUBO DE PVC COM JUNTA ELASTI",48,"","",97121,"ASSENTAMENTO DE TUBO DE PVC PBA PARA REDE DE ÁGUA, DN 50 MM, JUNTA ELÁSTICA INTEGRADA, INSTALADO EM LOCAL COM NÍVEL ALTO DE INTERFERÊNCIAS (NÃO INCLUI FORNECIMENTO). AF_11/2017","M","COEFICIENTE DE REPRESENTATIVIDADE",1.58,"COMPOSICAO",88316,"SERVENTE COM ENCARGOS COMPLEMENTARES","H","COLETADO",4.2599999999999999E-2,14.67,0.62,"","","","","","","","","","",null,"CAIXA REFERENCIAL"]
["ASSENTAMENTO DE TUBOS E PECAS","ASTU","FORNEC E/OU ASSENT DE TUBO DE PVC COM JUNTA ELASTI",48,"","",97122,"ASSENTAMENTO DE TUBO DE PVC PBA PARA REDE DE ÁGUA, DN 75 MM, JUNTA ELÁSTICA INTEGRADA, INSTALADO EM LOCAL COM NÍVEL ALTO DE INTERFERÊNCIAS (NÃO INCLUI FORNECIMENTO). AF_11/2017","M","COEFICIENTE DE REPRESENTATIVIDADE",2.19,"","","","","","","","",1.64,74.647887400000002,0.55000000000000004,25.352112600000002,"0,00","0,0000000","0,00","0,0000000","0,00","0,0000000",0,"CAIXA REFERENCIAL"]
["ASSENTAMENTO DE TUBOS E PECAS","ASTU","FORNEC E/OU ASSENT DE TUBO DE PVC COM JUNTA ELASTI",48,"","",97122,"ASSENTAMENTO DE TUBO DE PVC PBA PARA REDE DE ÁGUA, DN 75 MM, JUNTA ELÁSTICA INTEGRADA, INSTALADO EM LOCAL COM NÍVEL ALTO DE INTERFERÊNCIAS (NÃO INCLUI FORNECIMENTO). AF_11/2017","M","COEFICIENTE DE REPRESENTATIVIDADE",2.19,"INSUMO",20078,"PASTA LUBRIFICANTE PARA TUBOS E CONEXOES COM JUNTA ELASTICA (USO EM PVC, ACO, POLIETILENO E OUTROS) ( DE *400* G)","UN","COEFICIENTE DE REPRESENTATIVIDADE",7.4999999999999997E-3,16.53,0.12,"","","","","","","","","","",null,"CAIXA REFERENCIAL"]
["ASSENTAMENTO DE TUBOS E PECAS","ASTU","FORNEC E/OU ASSENT DE TUBO DE PVC COM JUNTA ELASTI",48,"","",97122,"ASSENTAMENTO DE TUBO DE PVC PBA PARA REDE DE ÁGUA, DN 75 MM, JUNTA ELÁSTICA INTEGRADA, INSTALADO EM LOCAL COM NÍVEL ALTO DE INTERFERÊNCIAS (NÃO INCLUI FORNECIMENTO). AF_11/2017","M","COEFICIENTE DE REPRESENTATIVIDADE",2.19,"COMPOSICAO",88246,"ASSENTADOR DE TUBOS COM ENCARGOS COMPLEMENTARES","H","COEFICIENTE DE REPRESENTATIVIDADE",5.8200000000000002E-2,21.04,1.22,"","","","","","","","","","",null,"CAIXA REFERENCIAL"]
["ASSENTAMENTO DE TUBOS E PECAS","ASTU","FORNEC E/OU ASSENT DE TUBO DE PVC COM JUNTA ELASTI",48,"","",97122,"ASSENTAMENTO DE TUBO DE PVC PBA PARA REDE DE ÁGUA, DN 75 MM, JUNTA ELÁSTICA INTEGRADA, INSTALADO EM LOCAL COM NÍVEL ALTO DE INTERFERÊNCIAS (NÃO INCLUI FORNECIMENTO). AF_11/2017","M","COEFICIENTE DE REPRESENTATIVIDADE",2.19,"COMPOSICAO",88316,"SERVENTE COM ENCARGOS COMPLEMENTARES","H","COLETADO",5.8200000000000002E-2,14.67,0.85,"","","","","","","","","","",null,"CAIXA REFERENCIAL"]
["ASSENTAMENTO DE TUBOS E PECAS","ASTU","FORNEC E/OU ASSENT DE TUBO DE PVC COM JUNTA ELASTI",48,"","",97123,"ASSENTAMENTO DE TUBO DE PVC PBA PARA REDE DE ÁGUA, DN 100 MM, JUNTA ELÁSTICA INTEGRADA, INSTALADO EM LOCAL COM NÍVEL ALTO DE INTERFERÊNCIAS (NÃO INCLUI FORNECIMENTO). AF_11/2017","M","COEFICIENTE DE REPRESENTATIVIDADE",2.78,"","","","","","","","",2.09,75,0.69,25,"0,00","0,0000000","0,00","0,0000000","0,00","0,0000000",0,"CAIXA REFERENCIAL"]
["ASSENTAMENTO DE TUBOS E PECAS","ASTU","FORNEC E/OU ASSENT DE TUBO DE PVC COM JUNTA ELASTI",48,"","",97123,"ASSENTAMENTO DE TUBO DE PVC PBA PARA REDE DE ÁGUA, DN 100 MM, JUNTA ELÁSTICA INTEGRADA, INSTALADO EM LOCAL COM NÍVEL ALTO DE INTERFERÊNCIAS (NÃO INCLUI FORNECIMENTO). AF_11/2017","M","COEFICIENTE DE REPRESENTATIVIDADE",2.78,"INSUMO",20078,"PASTA LUBRIFICANTE PARA TUBOS E CONEXOES COM JUNTA ELASTICA (USO EM PVC, ACO, POLIETILENO E OUTROS) ( DE *400* G)","UN","COEFICIENTE DE REPRESENTATIVIDADE",9.5999999999999992E-3,16.53,0.15,"","","","","","","","","","",null,"CAIXA REFERENCIAL"]
["ASSENTAMENTO DE TUBOS E PECAS","ASTU","FORNEC E/OU ASSENT DE TUBO DE PVC COM JUNTA ELASTI",48,"","",97123,"ASSENTAMENTO DE TUBO DE PVC PBA PARA REDE DE ÁGUA, DN 100 MM, JUNTA ELÁSTICA INTEGRADA, INSTALADO EM LOCAL COM NÍVEL ALTO DE INTERFERÊNCIAS (NÃO INCLUI FORNECIMENTO). AF_11/2017","M","COEFICIENTE DE REPRESENTATIVIDADE",2.78,"COMPOSICAO",88246,"ASSENTADOR DE TUBOS COM ENCARGOS COMPLEMENTARES","H","COEFICIENTE DE REPRESENTATIVIDADE",7.3700000000000002E-2,21.04,1.55,"","","","","","","","","","",null,"CAIXA REFERENCIAL"]
["ASSENTAMENTO DE TUBOS E PECAS","ASTU","FORNEC E/OU ASSENT DE TUBO DE PVC COM JUNTA ELASTI",48,"","",97123,"ASSENTAMENTO DE TUBO DE PVC PBA PARA REDE DE ÁGUA, DN 100 MM, JUNTA ELÁSTICA INTEGRADA, INSTALADO EM LOCAL COM NÍVEL ALTO DE INTERFERÊNCIAS (NÃO INCLUI FORNECIMENTO). AF_11/2017","M","COEFICIENTE DE REPRESENTATIVIDADE",2.78,"COMPOSICAO",88316,"SERVENTE COM ENCARGOS COMPLEMENTARES","H","COLETADO",7.3700000000000002E-2,14.67,1.08,"","","","","","","","","","",null,"CAIXA REFERENCIAL"]
["ASSENTAMENTO DE TUBOS E PECAS","ASTU","FORNEC E/OU ASSENT DE TUBO DE PVC COM JUNTA ELASTI",48,"","",97124,"ASSENTAMENTO DE TUBO DE PVC PBA PARA REDE DE ÁGUA, DN 50 MM, JUNTA ELÁSTICA INTEGRADA, INSTALADO EM LOCAL COM NÍVEL BAIXO DE INTERFERÊNCIAS (NÃO INCLUI FORNECIMENTO). AF_11/2017","M","COEFICIENTE DE REPRESENTATIVIDADE",0.69,"","","","","","","","",0.51,73.4375,0.18,26.5625,"0,00","0,0000000","0,00","0,0000000","0,00","0,0000000",0,"CAIXA REFERENCIAL"]
["ASSENTAMENTO DE TUBOS E PECAS","ASTU","FORNEC E/OU ASSENT DE TUBO DE PVC COM JUNTA ELASTI",48,"","",97124,"ASSENTAMENTO DE TUBO DE PVC PBA PARA REDE DE ÁGUA, DN 50 MM, JUNTA ELÁSTICA INTEGRADA, INSTALADO EM LOCAL COM NÍVEL BAIXO DE INTERFERÊNCIAS (NÃO INCLUI FORNECIMENTO). AF_11/2017","M","COEFICIENTE DE REPRESENTATIVIDADE",0.69,"INSUMO",20078,"PASTA LUBRIFICANTE PARA TUBOS E CONEXOES COM JUNTA ELASTICA (USO EM PVC, ACO, POLIETILENO E OUTROS) ( DE *400* G)","UN","COEFICIENTE DE REPRESENTATIVIDADE",4.3E-3,16.53,7.0000000000000007E-2,"","","","","","","","","","",null,"CAIXA REFERENCIAL"]
["ASSENTAMENTO DE TUBOS E PECAS","ASTU","FORNEC E/OU ASSENT DE TUBO DE PVC COM JUNTA ELASTI",48,"","",97124,"ASSENTAMENTO DE TUBO DE PVC PBA PARA REDE DE ÁGUA, DN 50 MM, JUNTA ELÁSTICA INTEGRADA, INSTALADO EM LOCAL COM NÍVEL BAIXO DE INTERFERÊNCIAS (NÃO INCLUI FORNECIMENTO). AF_11/2017","M","COEFICIENTE DE REPRESENTATIVIDADE",0.69,"COMPOSICAO",88246,"ASSENTADOR DE TUBOS COM ENCARGOS COMPLEMENTARES","H","COEFICIENTE DE REPRESENTATIVIDADE",1.7600000000000001E-2,21.04,0.37,"","","","","","","","","","",null,"CAIXA REFERENCIAL"]
["ASSENTAMENTO DE TUBOS E PECAS","ASTU","FORNEC E/OU ASSENT DE TUBO DE PVC COM JUNTA ELASTI",48,"","",97124,"ASSENTAMENTO DE TUBO DE PVC PBA PARA REDE DE ÁGUA, DN 50 MM, JUNTA ELÁSTICA INTEGRADA, INSTALADO EM LOCAL COM NÍVEL BAIXO DE INTERFERÊNCIAS (NÃO INCLUI FORNECIMENTO). AF_11/2017","M","COEFICIENTE DE REPRESENTATIVIDADE",0.69,"COMPOSICAO",88316,"SERVENTE COM ENCARGOS COMPLEMENTARES","H","COLETADO",1.7600000000000001E-2,14.67,0.25,"","","","","","","","","","",null,"CAIXA REFERENCIAL"]
["ASSENTAMENTO DE TUBOS E PECAS","ASTU","FORNEC E/OU ASSENT DE TUBO DE PVC COM JUNTA ELASTI",48,"","",97125,"ASSENTAMENTO DE TUBO DE PVC PBA PARA REDE DE ÁGUA, DN 75 MM, JUNTA ELÁSTICA INTEGRADA, INSTALADO EM LOCAL COM NÍVEL BAIXO DE INTERFERÊNCIAS (NÃO INCLUI FORNECIMENTO). AF_11/2017","M","COEFICIENTE DE REPRESENTATIVIDADE",0.97,"","","","","","","","",0.71,72.222222299999999,0.26,27.777777700000001,"0,00","0,0000000","0,00","0,0000000","0,00","0,0000000",0,"CAIXA REFERENCIAL"]
["ASSENTAMENTO DE TUBOS E PECAS","ASTU","FORNEC E/OU ASSENT DE TUBO DE PVC COM JUNTA ELASTI",48,"","",97125,"ASSENTAMENTO DE TUBO DE PVC PBA PARA REDE DE ÁGUA, DN 75 MM, JUNTA ELÁSTICA INTEGRADA, INSTALADO EM LOCAL COM NÍVEL BAIXO DE INTERFERÊNCIAS (NÃO INCLUI FORNECIMENTO). AF_11/2017","M","COEFICIENTE DE REPRESENTATIVIDADE",0.97,"INSUMO",20078,"PASTA LUBRIFICANTE PARA TUBOS E CONEXOES COM JUNTA ELASTICA (USO EM PVC, ACO, POLIETILENO E OUTROS) ( DE *400* G)","UN","COEFICIENTE DE REPRESENTATIVIDADE",7.4999999999999997E-3,16.53,0.12,"","","","","","","","","","",null,"CAIXA REFERENCIAL"]
["ASSENTAMENTO DE TUBOS E PECAS","ASTU","FORNEC E/OU ASSENT DE TUBO DE PVC COM JUNTA ELASTI",48,"","",97125,"ASSENTAMENTO DE TUBO DE PVC PBA PARA REDE DE ÁGUA, DN 75 MM, JUNTA ELÁSTICA INTEGRADA, INSTALADO EM LOCAL COM NÍVEL BAIXO DE INTERFERÊNCIAS (NÃO INCLUI FORNECIMENTO). AF_11/2017","M","COEFICIENTE DE REPRESENTATIVIDADE",0.97,"COMPOSICAO",88246,"ASSENTADOR DE TUBOS COM ENCARGOS COMPLEMENTARES","H","COEFICIENTE DE REPRESENTATIVIDADE",2.41E-2,21.04,0.5,"","","","","","","","","","",null,"CAIXA REFERENCIAL"]
["ASSENTAMENTO DE TUBOS E PECAS","ASTU","FORNEC E/OU ASSENT DE TUBO DE PVC COM JUNTA ELASTI",48,"","",97125,"ASSENTAMENTO DE TUBO DE PVC PBA PARA REDE DE ÁGUA, DN 75 MM, JUNTA ELÁSTICA INTEGRADA, INSTALADO EM LOCAL COM NÍVEL BAIXO DE INTERFERÊNCIAS (NÃO INCLUI FORNECIMENTO). AF_11/2017","M","COEFICIENTE DE REPRESENTATIVIDADE",0.97,"COMPOSICAO",88316,"SERVENTE COM ENCARGOS COMPLEMENTARES","H","COLETADO",2.41E-2,14.67,0.35,"","","","","","","","","","",null,"CAIXA REFERENCIAL"]
["ASSENTAMENTO DE TUBOS E PECAS","ASTU","FORNEC E/OU ASSENT DE TUBO DE PVC COM JUNTA ELASTI",48,"","",97126,"ASSENTAMENTO DE TUBO DE PVC PBA PARA REDE DE ÁGUA, DN 100 MM, JUNTA ELÁSTICA INTEGRADA, INSTALADO EM LOCAL COM NÍVEL BAIXO DE INTERFERÊNCIAS (NÃO INCLUI FORNECIMENTO). AF_11/2017","M","COEFICIENTE DE REPRESENTATIVIDADE",1.23,"","","","","","","","",0.86,69.166666699999993,0.37,30.8333333,"0,00","0,0000000","0,00","0,0000000","0,00","0,0000000",0,"CAIXA REFERENCIAL"]
["ASSENTAMENTO DE TUBOS E PECAS","ASTU","FORNEC E/OU ASSENT DE TUBO DE PVC COM JUNTA ELASTI",48,"","",97126,"ASSENTAMENTO DE TUBO DE PVC PBA PARA REDE DE ÁGUA, DN 100 MM, JUNTA ELÁSTICA INTEGRADA, INSTALADO EM LOCAL COM NÍVEL BAIXO DE INTERFERÊNCIAS (NÃO INCLUI FORNECIMENTO). AF_11/2017","M","COEFICIENTE DE REPRESENTATIVIDADE",1.23,"INSUMO",20078,"PASTA LUBRIFICANTE PARA TUBOS E CONEXOES COM JUNTA ELASTICA (USO EM PVC, ACO, POLIETILENO E OUTROS) ( DE *400* G)","UN","COEFICIENTE DE REPRESENTATIVIDADE",9.5999999999999992E-3,16.53,0.15,"","","","","","","","","","",null,"CAIXA REFERENCIAL"]
["ASSENTAMENTO DE TUBOS E PECAS","ASTU","FORNEC E/OU ASSENT DE TUBO DE PVC COM JUNTA ELASTI",48,"","",97126,"ASSENTAMENTO DE TUBO DE PVC PBA PARA REDE DE ÁGUA, DN 100 MM, JUNTA ELÁSTICA INTEGRADA, INSTALADO EM LOCAL COM NÍVEL BAIXO DE INTERFERÊNCIAS (NÃO INCLUI FORNECIMENTO). AF_11/2017","M","COEFICIENTE DE REPRESENTATIVIDADE",1.23,"COMPOSICAO",88246,"ASSENTADOR DE TUBOS COM ENCARGOS COMPLEMENTARES","H","COEFICIENTE DE REPRESENTATIVIDADE",3.0499999999999999E-2,21.04,0.64,"","","","","","","","","","",null,"CAIXA REFERENCIAL"]
["ASSENTAMENTO DE TUBOS E PECAS","ASTU","FORNEC E/OU ASSENT DE TUBO DE PVC COM JUNTA ELASTI",48,"","",97126,"ASSENTAMENTO DE TUBO DE PVC PBA PARA REDE DE ÁGUA, DN 100 MM, JUNTA ELÁSTICA INTEGRADA, INSTALADO EM LOCAL COM NÍVEL BAIXO DE INTERFERÊNCIAS (NÃO INCLUI FORNECIMENTO). AF_11/2017","M","COEFICIENTE DE REPRESENTATIVIDADE",1.23,"COMPOSICAO",88316,"SERVENTE COM ENCARGOS COMPLEMENTARES","H","COLETADO",3.0499999999999999E-2,14.67,0.44,"","","","","","","","","","",null,"CAIXA REFERENCIAL"]
["ASSENTAMENTO DE TUBOS E PECAS","ASTU","FORNEC E/OU ASSENT DE TUBO DE CONCRETO COM JUNTA E",51,"","",92833,"TUBO DE CONCRETO PARA REDES COLETORAS DE ESGOTO SANITÁRIO, DIÂMETRO DE 300 MM, JUNTA ELÁSTICA, INSTALADO EM LOCAL COM BAIXO NÍVEL DE INTERFERÊNCIAS - FORNECIMENTO E ASSENTAMENTO. AF_12/2015","M","ATRIBUÍDO SÃO PAULO",166.45,"","","","","","","","",3.87,2.3275394999999999,160.96,96.698141699999994,"1,62","0,9743188","0,00","0,0000000","0,00","0,0000000",0,"CAIXA REFERENCIAL"]
["ASSENTAMENTO DE TUBOS E PECAS","ASTU","FORNEC E/OU ASSENT DE TUBO DE CONCRETO COM JUNTA E",51,"","",92833,"TUBO DE CONCRETO PARA REDES COLETORAS DE ESGOTO SANITÁRIO, DIÂMETRO DE 300 MM, JUNTA ELÁSTICA, INSTALADO EM LOCAL COM BAIXO NÍVEL DE INTERFERÊNCIAS - FORNECIMENTO E ASSENTAMENTO. AF_12/2015","M","ATRIBUÍDO SÃO PAULO",166.45,"COMPOSICAO",5631,"ESCAVADEIRA HIDRÁULICA SOBRE ESTEIRAS, CAÇAMBA 0,80 M3, PESO OPERACIONAL 17 T, POTENCIA BRUTA 111 HP - CHP DIURNO. AF_06/2014","CHP","ATRIBUÍDO SÃO PAULO",1.2999999999999999E-2,126.79,1.64,"","","","","","","","","","",null,"CAIXA REFERENCIAL"]
["ASSENTAMENTO DE TUBOS E PECAS","ASTU","FORNEC E/OU ASSENT DE TUBO DE CONCRETO COM JUNTA E",51,"","",92833,"TUBO DE CONCRETO PARA REDES COLETORAS DE ESGOTO SANITÁRIO, DIÂMETRO DE 300 MM, JUNTA ELÁSTICA, INSTALADO EM LOCAL COM BAIXO NÍVEL DE INTERFERÊNCIAS - FORNECIMENTO E ASSENTAMENTO. AF_12/2015","M","ATRIBUÍDO SÃO PAULO",166.45,"COMPOSICAO",5632,"ESCAVADEIRA HIDRÁULICA SOBRE ESTEIRAS, CAÇAMBA 0,80 M3, PESO OPERACIONAL 17 T, POTENCIA BRUTA 111 HP - CHI DIURNO. AF_06/2014","CHI","ATRIBUÍDO SÃO PAULO",2.8000000000000001E-2,57.49,1.6,"","","","","","","","","","",null,"CAIXA REFERENCIAL"]
["ASSENTAMENTO DE TUBOS E PECAS","ASTU","FORNEC E/OU ASSENT DE TUBO DE CONCRETO COM JUNTA E",51,"","",92833,"TUBO DE CONCRETO PARA REDES COLETORAS DE ESGOTO SANITÁRIO, DIÂMETRO DE 300 MM, JUNTA ELÁSTICA, INSTALADO EM LOCAL COM BAIXO NÍVEL DE INTERFERÊNCIAS - FORNECIMENTO E ASSENTAMENTO. AF_12/2015","M","ATRIBUÍDO SÃO PAULO",166.45,"INSUMO",40335,"TUBO DE CONCRETO ARMADO PARA ESGOTO SANITARIO, CLASSE EA-2, COM ENCAIXE PONTA E BOLSA, COM JUNTA ELASTICA, DIAMETRO NOMINAL DE 300 MM","M","COEFICIENTE DE REPRESENTATIVIDADE",1.03,122.75,126.43,"","","","","","","","","","",null,"CAIXA REFERENCIAL"]
["ASSENTAMENTO DE TUBOS E PECAS","ASTU","FORNEC E/OU ASSENT DE TUBO DE CONCRETO COM JUNTA E",51,"","",92833,"TUBO DE CONCRETO PARA REDES COLETORAS DE ESGOTO SANITÁRIO, DIÂMETRO DE 300 MM, JUNTA ELÁSTICA, INSTALADO EM LOCAL COM BAIXO NÍVEL DE INTERFERÊNCIAS - FORNECIMENTO E ASSENTAMENTO. AF_12/2015","M","ATRIBUÍDO SÃO PAULO",166.45,"INSUMO",40340,"ANEL DE VEDACAO/JUNTA ELASTICA, H = *16* MM, PARA TUBO DE CONCRETO DN 300 MM","UN","COEFICIENTE DE REPRESENTATIVIDADE",0.5,66.2,33.1,"","","","","","","","","","",null,"CAIXA REFERENCIAL"]
["ASSENTAMENTO DE TUBOS E PECAS","ASTU","FORNEC E/OU ASSENT DE TUBO DE CONCRETO COM JUNTA E",51,"","",92833,"TUBO DE CONCRETO PARA REDES COLETORAS DE ESGOTO SANITÁRIO, DIÂMETRO DE 300 MM, JUNTA ELÁSTICA, INSTALADO EM LOCAL COM BAIXO NÍVEL DE INTERFERÊNCIAS - FORNECIMENTO E ASSENTAMENTO. AF_12/2015","M","ATRIBUÍDO SÃO PAULO",166.45,"COMPOSICAO",88277,"MONTADOR (TUBO AÇO/EQUIPAMENTOS) COM ENCARGOS COMPLEMENTARES","H","COEFICIENTE DE REPRESENTATIVIDADE",6.0999999999999999E-2,30.89,1.88,"","","","","","","","","","",null,"CAIXA REFERENCIAL"]
["ASSENTAMENTO DE TUBOS E PECAS","ASTU","FORNEC E/OU ASSENT DE TUBO DE CONCRETO COM JUNTA E",51,"","",92833,"TUBO DE CONCRETO PARA REDES COLETORAS DE ESGOTO SANITÁRIO, DIÂMETRO DE 300 MM, JUNTA ELÁSTICA, INSTALADO EM LOCAL COM BAIXO NÍVEL DE INTERFERÊNCIAS - FORNECIMENTO E ASSENTAMENTO. AF_12/2015","M","ATRIBUÍDO SÃO PAULO",166.45,"COMPOSICAO",88316,"SERVENTE COM ENCARGOS COMPLEMENTARES","H","COLETADO",0.123,14.67,1.8,"","","","","","","","","","",null,"CAIXA REFERENCIAL"]
["ASSENTAMENTO DE TUBOS E PECAS","ASTU","FORNEC E/OU ASSENT DE TUBO DE CONCRETO COM JUNTA E",51,"","",92834,"ASSENTAMENTO DE TUBO DE CONCRETO PARA REDES COLETORAS DE ESGOTO SANITÁRIO, DIÂMETRO DE 300 MM, JUNTA ELÁSTICA, INSTALADO EM LOCAL COM BAIXO NÍVEL DE INTERFERÊNCIAS (NÃO INCLUI FORNECIMENTO). AF_12/2015","M","ATRIBUÍDO SÃO PAULO",6.32,"","","","","","","","",3.38,53.333333400000001,1.28,20.325203200000001,"1,66","26,3414634","0,00","0,0000000","0,00","0,0000000",0,"CAIXA REFERENCIAL"]
["ASSENTAMENTO DE TUBOS E PECAS","ASTU","FORNEC E/OU ASSENT DE TUBO DE CONCRETO COM JUNTA E",51,"","",92834,"ASSENTAMENTO DE TUBO DE CONCRETO PARA REDES COLETORAS DE ESGOTO SANITÁRIO, DIÂMETRO DE 300 MM, JUNTA ELÁSTICA, INSTALADO EM LOCAL COM BAIXO NÍVEL DE INTERFERÊNCIAS (NÃO INCLUI FORNECIMENTO). AF_12/2015","M","ATRIBUÍDO SÃO PAULO",6.32,"COMPOSICAO",5631,"ESCAVADEIRA HIDRÁULICA SOBRE ESTEIRAS, CAÇAMBA 0,80 M3, PESO OPERACIONAL 17 T, POTENCIA BRUTA 111 HP - CHP DIURNO. AF_06/2014","CHP","ATRIBUÍDO SÃO PAULO",1.2999999999999999E-2,126.79,1.64,"","","","","","","","","","",null,"CAIXA REFERENCIAL"]
["ASSENTAMENTO DE TUBOS E PECAS","ASTU","FORNEC E/OU ASSENT DE TUBO DE CONCRETO COM JUNTA E",51,"","",92834,"ASSENTAMENTO DE TUBO DE CONCRETO PARA REDES COLETORAS DE ESGOTO SANITÁRIO, DIÂMETRO DE 300 MM, JUNTA ELÁSTICA, INSTALADO EM LOCAL COM BAIXO NÍVEL DE INTERFERÊNCIAS (NÃO INCLUI FORNECIMENTO). AF_12/2015","M","ATRIBUÍDO SÃO PAULO",6.32,"COMPOSICAO",5632,"ESCAVADEIRA HIDRÁULICA SOBRE ESTEIRAS, CAÇAMBA 0,80 M3, PESO OPERACIONAL 17 T, POTENCIA BRUTA 111 HP - CHI DIURNO. AF_06/2014","CHI","ATRIBUÍDO SÃO PAULO",2.8000000000000001E-2,57.49,1.6,"","","","","","","","","","",null,"CAIXA REFERENCIAL"]
["ASSENTAMENTO DE TUBOS E PECAS","ASTU","FORNEC E/OU ASSENT DE TUBO DE CONCRETO COM JUNTA E",51,"","",92834,"ASSENTAMENTO DE TUBO DE CONCRETO PARA REDES COLETORAS DE ESGOTO SANITÁRIO, DIÂMETRO DE 300 MM, JUNTA ELÁSTICA, INSTALADO EM LOCAL COM BAIXO NÍVEL DE INTERFERÊNCIAS (NÃO INCLUI FORNECIMENTO). AF_12/2015","M","ATRIBUÍDO SÃO PAULO",6.32,"COMPOSICAO",88246,"ASSENTADOR DE TUBOS COM ENCARGOS COMPLEMENTARES","H","COEFICIENTE DE REPRESENTATIVIDADE",6.0999999999999999E-2,21.04,1.28,"","","","","","","","","","",null,"CAIXA REFERENCIAL"]
["ASSENTAMENTO DE TUBOS E PECAS","ASTU","FORNEC E/OU ASSENT DE TUBO DE CONCRETO COM JUNTA E",51,"","",92834,"ASSENTAMENTO DE TUBO DE CONCRETO PARA REDES COLETORAS DE ESGOTO SANITÁRIO, DIÂMETRO DE 300 MM, JUNTA ELÁSTICA, INSTALADO EM LOCAL COM BAIXO NÍVEL DE INTERFERÊNCIAS (NÃO INCLUI FORNECIMENTO). AF_12/2015","M","ATRIBUÍDO SÃO PAULO",6.32,"COMPOSICAO",88316,"SERVENTE COM ENCARGOS COMPLEMENTARES","H","COLETADO",0.123,14.67,1.8,"","","","","","","","","","",null,"CAIXA REFERENCIAL"]
["ASSENTAMENTO DE TUBOS E PECAS","ASTU","FORNEC E/OU ASSENT DE TUBO DE CONCRETO COM JUNTA E",51,"","",92835,"TUBO DE CONCRETO PARA REDES COLETORAS DE ESGOTO SANITÁRIO, DIÂMETRO DE 400 MM, JUNTA ELÁSTICA, INSTALADO EM LOCAL COM BAIXO NÍVEL DE INTERFERÊNCIAS - FORNECIMENTO E ASSENTAMENTO. AF_12/2015","M","ATRIBUÍDO SÃO PAULO",177.69,"","","","","","","","",4.96,2.7934218999999998,170.64,96.029511200000002,"2,09","1,1770669","0,00","0,0000000","0,00","0,0000000",0,"CAIXA REFERENCIAL"]
["ASSENTAMENTO DE TUBOS E PECAS","ASTU","FORNEC E/OU ASSENT DE TUBO DE CONCRETO COM JUNTA E",51,"","",92835,"TUBO DE CONCRETO PARA REDES COLETORAS DE ESGOTO SANITÁRIO, DIÂMETRO DE 400 MM, JUNTA ELÁSTICA, INSTALADO EM LOCAL COM BAIXO NÍVEL DE INTERFERÊNCIAS - FORNECIMENTO E ASSENTAMENTO. AF_12/2015","M","ATRIBUÍDO SÃO PAULO",177.69,"COMPOSICAO",5631,"ESCAVADEIRA HIDRÁULICA SOBRE ESTEIRAS, CAÇAMBA 0,80 M3, PESO OPERACIONAL 17 T, POTENCIA BRUTA 111 HP - CHP DIURNO. AF_06/2014","CHP","ATRIBUÍDO SÃO PAULO",1.7000000000000001E-2,126.79,2.15,"","","","","","","","","","",null,"CAIXA REFERENCIAL"]
["ASSENTAMENTO DE TUBOS E PECAS","ASTU","FORNEC E/OU ASSENT DE TUBO DE CONCRETO COM JUNTA E",51,"","",92835,"TUBO DE CONCRETO PARA REDES COLETORAS DE ESGOTO SANITÁRIO, DIÂMETRO DE 400 MM, JUNTA ELÁSTICA, INSTALADO EM LOCAL COM BAIXO NÍVEL DE INTERFERÊNCIAS - FORNECIMENTO E ASSENTAMENTO. AF_12/2015","M","ATRIBUÍDO SÃO PAULO",177.69,"COMPOSICAO",5632,"ESCAVADEIRA HIDRÁULICA SOBRE ESTEIRAS, CAÇAMBA 0,80 M3, PESO OPERACIONAL 17 T, POTENCIA BRUTA 111 HP - CHI DIURNO. AF_06/2014","CHI","ATRIBUÍDO SÃO PAULO",3.5000000000000003E-2,57.49,2.0099999999999998,"","","","","","","","","","",null,"CAIXA REFERENCIAL"]
["ASSENTAMENTO DE TUBOS E PECAS","ASTU","FORNEC E/OU ASSENT DE TUBO DE CONCRETO COM JUNTA E",51,"","",92835,"TUBO DE CONCRETO PARA REDES COLETORAS DE ESGOTO SANITÁRIO, DIÂMETRO DE 400 MM, JUNTA ELÁSTICA, INSTALADO EM LOCAL COM BAIXO NÍVEL DE INTERFERÊNCIAS - FORNECIMENTO E ASSENTAMENTO. AF_12/2015","M","ATRIBUÍDO SÃO PAULO",177.69,"INSUMO",7740,"TUBO DE CONCRETO ARMADO PARA ESGOTO SANITARIO, CLASSE EA-2, COM ENCAIXE PONTA E BOLSA, COM JUNTA ELASTICA, DIAMETRO NOMINAL DE 400 MM","M","COEFICIENTE DE REPRESENTATIVIDADE",1.03,125.89,129.66,"","","","","","","","","","",null,"CAIXA REFERENCIAL"]
["ASSENTAMENTO DE TUBOS E PECAS","ASTU","FORNEC E/OU ASSENT DE TUBO DE CONCRETO COM JUNTA E",51,"","",92835,"TUBO DE CONCRETO PARA REDES COLETORAS DE ESGOTO SANITÁRIO, DIÂMETRO DE 400 MM, JUNTA ELÁSTICA, INSTALADO EM LOCAL COM BAIXO NÍVEL DE INTERFERÊNCIAS - FORNECIMENTO E ASSENTAMENTO. AF_12/2015","M","ATRIBUÍDO SÃO PAULO",177.69,"INSUMO",40341,"ANEL DE VEDACAO/JUNTA ELASTICA, H = *16* MM, PARA TUBO DE CONCRETO DN 400 MM","UN","COEFICIENTE DE REPRESENTATIVIDADE",0.5,78.39,39.19,"","","","","","","","","","",null,"CAIXA REFERENCIAL"]
["ASSENTAMENTO DE TUBOS E PECAS","ASTU","FORNEC E/OU ASSENT DE TUBO DE CONCRETO COM JUNTA E",51,"","",92835,"TUBO DE CONCRETO PARA REDES COLETORAS DE ESGOTO SANITÁRIO, DIÂMETRO DE 400 MM, JUNTA ELÁSTICA, INSTALADO EM LOCAL COM BAIXO NÍVEL DE INTERFERÊNCIAS - FORNECIMENTO E ASSENTAMENTO. AF_12/2015","M","ATRIBUÍDO SÃO PAULO",177.69,"COMPOSICAO",88277,"MONTADOR (TUBO AÇO/EQUIPAMENTOS) COM ENCARGOS COMPLEMENTARES","H","COEFICIENTE DE REPRESENTATIVIDADE",7.8E-2,30.89,2.4,"","","","","","","","","","",null,"CAIXA REFERENCIAL"]
["ASSENTAMENTO DE TUBOS E PECAS","ASTU","FORNEC E/OU ASSENT DE TUBO DE CONCRETO COM JUNTA E",51,"","",92835,"TUBO DE CONCRETO PARA REDES COLETORAS DE ESGOTO SANITÁRIO, DIÂMETRO DE 400 MM, JUNTA ELÁSTICA, INSTALADO EM LOCAL COM BAIXO NÍVEL DE INTERFERÊNCIAS - FORNECIMENTO E ASSENTAMENTO. AF_12/2015","M","ATRIBUÍDO SÃO PAULO",177.69,"COMPOSICAO",88316,"SERVENTE COM ENCARGOS COMPLEMENTARES","H","COLETADO",0.156,14.67,2.2799999999999998,"","","","","","","","","","",null,"CAIXA REFERENCIAL"]
["ASSENTAMENTO DE TUBOS E PECAS","ASTU","FORNEC E/OU ASSENT DE TUBO DE CONCRETO COM JUNTA E",51,"","",92836,"ASSENTAMENTO DE TUBO DE CONCRETO PARA REDES COLETORAS DE ESGOTO SANITÁRIO, DIÂMETRO DE 400 MM, JUNTA ELÁSTICA, INSTALADO EM LOCAL COM BAIXO NÍVEL DE INTERFERÊNCIAS (NÃO INCLUI FORNECIMENTO). AF_12/2015","M","ATRIBUÍDO SÃO PAULO",8.08,"","","","","","","","",4.28,52.770780899999998,1.68,20.906801000000002,"2,12","26,3224181","0,00","0,0000000","0,00","0,0000000",0,"CAIXA REFERENCIAL"]
["ASSENTAMENTO DE TUBOS E PECAS","ASTU","FORNEC E/OU ASSENT DE TUBO DE CONCRETO COM JUNTA E",51,"","",92836,"ASSENTAMENTO DE TUBO DE CONCRETO PARA REDES COLETORAS DE ESGOTO SANITÁRIO, DIÂMETRO DE 400 MM, JUNTA ELÁSTICA, INSTALADO EM LOCAL COM BAIXO NÍVEL DE INTERFERÊNCIAS (NÃO INCLUI FORNECIMENTO). AF_12/2015","M","ATRIBUÍDO SÃO PAULO",8.08,"COMPOSICAO",5631,"ESCAVADEIRA HIDRÁULICA SOBRE ESTEIRAS, CAÇAMBA 0,80 M3, PESO OPERACIONAL 17 T, POTENCIA BRUTA 111 HP - CHP DIURNO. AF_06/2014","CHP","ATRIBUÍDO SÃO PAULO",1.7000000000000001E-2,126.79,2.15,"","","","","","","","","","",null,"CAIXA REFERENCIAL"]
["ASSENTAMENTO DE TUBOS E PECAS","ASTU","FORNEC E/OU ASSENT DE TUBO DE CONCRETO COM JUNTA E",51,"","",92836,"ASSENTAMENTO DE TUBO DE CONCRETO PARA REDES COLETORAS DE ESGOTO SANITÁRIO, DIÂMETRO DE 400 MM, JUNTA ELÁSTICA, INSTALADO EM LOCAL COM BAIXO NÍVEL DE INTERFERÊNCIAS (NÃO INCLUI FORNECIMENTO). AF_12/2015","M","ATRIBUÍDO SÃO PAULO",8.08,"COMPOSICAO",5632,"ESCAVADEIRA HIDRÁULICA SOBRE ESTEIRAS, CAÇAMBA 0,80 M3, PESO OPERACIONAL 17 T, POTENCIA BRUTA 111 HP - CHI DIURNO. AF_06/2014","CHI","ATRIBUÍDO SÃO PAULO",3.5000000000000003E-2,57.49,2.0099999999999998,"","","","","","","","","","",null,"CAIXA REFERENCIAL"]
["ASSENTAMENTO DE TUBOS E PECAS","ASTU","FORNEC E/OU ASSENT DE TUBO DE CONCRETO COM JUNTA E",51,"","",92836,"ASSENTAMENTO DE TUBO DE CONCRETO PARA REDES COLETORAS DE ESGOTO SANITÁRIO, DIÂMETRO DE 400 MM, JUNTA ELÁSTICA, INSTALADO EM LOCAL COM BAIXO NÍVEL DE INTERFERÊNCIAS (NÃO INCLUI FORNECIMENTO). AF_12/2015","M","ATRIBUÍDO SÃO PAULO",8.08,"COMPOSICAO",88246,"ASSENTADOR DE TUBOS COM ENCARGOS COMPLEMENTARES","H","COEFICIENTE DE REPRESENTATIVIDADE",7.8E-2,21.04,1.64,"","","","","","","","","","",null,"CAIXA REFERENCIAL"]
["ASSENTAMENTO DE TUBOS E PECAS","ASTU","FORNEC E/OU ASSENT DE TUBO DE CONCRETO COM JUNTA E",51,"","",92836,"ASSENTAMENTO DE TUBO DE CONCRETO PARA REDES COLETORAS DE ESGOTO SANITÁRIO, DIÂMETRO DE 400 MM, JUNTA ELÁSTICA, INSTALADO EM LOCAL COM BAIXO NÍVEL DE INTERFERÊNCIAS (NÃO INCLUI FORNECIMENTO). AF_12/2015","M","ATRIBUÍDO SÃO PAULO",8.08,"COMPOSICAO",88316,"SERVENTE COM ENCARGOS COMPLEMENTARES","H","COLETADO",0.156,14.67,2.2799999999999998,"","","","","","","","","","",null,"CAIXA REFERENCIAL"]
["ASSENTAMENTO DE TUBOS E PECAS","ASTU","FORNEC E/OU ASSENT DE TUBO DE CONCRETO COM JUNTA E",51,"","",92837,"TUBO DE CONCRETO PARA REDES COLETORAS DE ESGOTO SANITÁRIO, DIÂMETRO DE 500 MM, JUNTA ELÁSTICA, INSTALADO EM LOCAL COM BAIXO NÍVEL DE INTERFERÊNCIAS - FORNECIMENTO E ASSENTAMENTO. AF_12/2015","M","ATRIBUÍDO SÃO PAULO",300.22000000000003,"","","","","","","","",6,1.9996,291.74,97.173898699999995,"2,48","0,8265013","0,00","0,0000000","0,00","0,0000000",0,"CAIXA REFERENCIAL"]
["ASSENTAMENTO DE TUBOS E PECAS","ASTU","FORNEC E/OU ASSENT DE TUBO DE CONCRETO COM JUNTA E",51,"","",92837,"TUBO DE CONCRETO PARA REDES COLETORAS DE ESGOTO SANITÁRIO, DIÂMETRO DE 500 MM, JUNTA ELÁSTICA, INSTALADO EM LOCAL COM BAIXO NÍVEL DE INTERFERÊNCIAS - FORNECIMENTO E ASSENTAMENTO. AF_12/2015","M","ATRIBUÍDO SÃO PAULO",300.22000000000003,"COMPOSICAO",5631,"ESCAVADEIRA HIDRÁULICA SOBRE ESTEIRAS, CAÇAMBA 0,80 M3, PESO OPERACIONAL 17 T, POTENCIA BRUTA 111 HP - CHP DIURNO. AF_06/2014","CHP","ATRIBUÍDO SÃO PAULO",0.02,126.79,2.5299999999999998,"","","","","","","","","","",null,"CAIXA REFERENCIAL"]
["ASSENTAMENTO DE TUBOS E PECAS","ASTU","FORNEC E/OU ASSENT DE TUBO DE CONCRETO COM JUNTA E",51,"","",92837,"TUBO DE CONCRETO PARA REDES COLETORAS DE ESGOTO SANITÁRIO, DIÂMETRO DE 500 MM, JUNTA ELÁSTICA, INSTALADO EM LOCAL COM BAIXO NÍVEL DE INTERFERÊNCIAS - FORNECIMENTO E ASSENTAMENTO. AF_12/2015","M","ATRIBUÍDO SÃO PAULO",300.22000000000003,"COMPOSICAO",5632,"ESCAVADEIRA HIDRÁULICA SOBRE ESTEIRAS, CAÇAMBA 0,80 M3, PESO OPERACIONAL 17 T, POTENCIA BRUTA 111 HP - CHI DIURNO. AF_06/2014","CHI","ATRIBUÍDO SÃO PAULO",4.2000000000000003E-2,57.49,2.41,"","","","","","","","","","",null,"CAIXA REFERENCIAL"]
["ASSENTAMENTO DE TUBOS E PECAS","ASTU","FORNEC E/OU ASSENT DE TUBO DE CONCRETO COM JUNTA E",51,"","",92837,"TUBO DE CONCRETO PARA REDES COLETORAS DE ESGOTO SANITÁRIO, DIÂMETRO DE 500 MM, JUNTA ELÁSTICA, INSTALADO EM LOCAL COM BAIXO NÍVEL DE INTERFERÊNCIAS - FORNECIMENTO E ASSENTAMENTO. AF_12/2015","M","ATRIBUÍDO SÃO PAULO",300.22000000000003,"INSUMO",7741,"TUBO DE CONCRETO ARMADO PARA ESGOTO SANITARIO, CLASSE EA-2, COM ENCAIXE PONTA E BOLSA, COM JUNTA ELASTICA, DIAMETRO NOMINAL DE 500 MM","M","COEFICIENTE DE REPRESENTATIVIDADE",1.03,232.91,239.89,"","","","","","","","","","",null,"CAIXA REFERENCIAL"]
["ASSENTAMENTO DE TUBOS E PECAS","ASTU","FORNEC E/OU ASSENT DE TUBO DE CONCRETO COM JUNTA E",51,"","",92837,"TUBO DE CONCRETO PARA REDES COLETORAS DE ESGOTO SANITÁRIO, DIÂMETRO DE 500 MM, JUNTA ELÁSTICA, INSTALADO EM LOCAL COM BAIXO NÍVEL DE INTERFERÊNCIAS - FORNECIMENTO E ASSENTAMENTO. AF_12/2015","M","ATRIBUÍDO SÃO PAULO",300.22000000000003,"INSUMO",40342,"ANEL DE VEDACAO/JUNTA ELASTICA, H = *16* MM, PARA TUBO DE CONCRETO DN 500 MM","UN","COEFICIENTE DE REPRESENTATIVIDADE",0.5,99.38,49.69,"","","","","","","","","","",null,"CAIXA REFERENCIAL"]
["ASSENTAMENTO DE TUBOS E PECAS","ASTU","FORNEC E/OU ASSENT DE TUBO DE CONCRETO COM JUNTA E",51,"","",92837,"TUBO DE CONCRETO PARA REDES COLETORAS DE ESGOTO SANITÁRIO, DIÂMETRO DE 500 MM, JUNTA ELÁSTICA, INSTALADO EM LOCAL COM BAIXO NÍVEL DE INTERFERÊNCIAS - FORNECIMENTO E ASSENTAMENTO. AF_12/2015","M","ATRIBUÍDO SÃO PAULO",300.22000000000003,"COMPOSICAO",88277,"MONTADOR (TUBO AÇO/EQUIPAMENTOS) COM ENCARGOS COMPLEMENTARES","H","COEFICIENTE DE REPRESENTATIVIDADE",9.5000000000000001E-2,30.89,2.93,"","","","","","","","","","",null,"CAIXA REFERENCIAL"]
["ASSENTAMENTO DE TUBOS E PECAS","ASTU","FORNEC E/OU ASSENT DE TUBO DE CONCRETO COM JUNTA E",51,"","",92837,"TUBO DE CONCRETO PARA REDES COLETORAS DE ESGOTO SANITÁRIO, DIÂMETRO DE 500 MM, JUNTA ELÁSTICA, INSTALADO EM LOCAL COM BAIXO NÍVEL DE INTERFERÊNCIAS - FORNECIMENTO E ASSENTAMENTO. AF_12/2015","M","ATRIBUÍDO SÃO PAULO",300.22000000000003,"COMPOSICAO",88316,"SERVENTE COM ENCARGOS COMPLEMENTARES","H","COLETADO",0.189,14.67,2.77,"","","","","","","","","","",null,"CAIXA REFERENCIAL"]
["ASSENTAMENTO DE TUBOS E PECAS","ASTU","FORNEC E/OU ASSENT DE TUBO DE CONCRETO COM JUNTA E",51,"","",92838,"ASSENTAMENTO DE TUBO DE CONCRETO PARA REDES COLETORAS DE ESGOTO SANITÁRIO, DIÂMETRO DE 500 MM, JUNTA ELÁSTICA, INSTALADO EM LOCAL COM BAIXO NÍVEL DE INTERFERÊNCIAS (NÃO INCLUI FORNECIMENTO). AF_12/2015","M","ATRIBUÍDO SÃO PAULO",9.6999999999999993,"","","","","","","","",5.16,53.089005399999998,2.0299999999999998,20.9424083,"2,51","25,9685863","0,00","0,0000000","0,00","0,0000000",0,"CAIXA REFERENCIAL"]
["ASSENTAMENTO DE TUBOS E PECAS","ASTU","FORNEC E/OU ASSENT DE TUBO DE CONCRETO COM JUNTA E",51,"","",92838,"ASSENTAMENTO DE TUBO DE CONCRETO PARA REDES COLETORAS DE ESGOTO SANITÁRIO, DIÂMETRO DE 500 MM, JUNTA ELÁSTICA, INSTALADO EM LOCAL COM BAIXO NÍVEL DE INTERFERÊNCIAS (NÃO INCLUI FORNECIMENTO). AF_12/2015","M","ATRIBUÍDO SÃO PAULO",9.6999999999999993,"COMPOSICAO",5631,"ESCAVADEIRA HIDRÁULICA SOBRE ESTEIRAS, CAÇAMBA 0,80 M3, PESO OPERACIONAL 17 T, POTENCIA BRUTA 111 HP - CHP DIURNO. AF_06/2014","CHP","ATRIBUÍDO SÃO PAULO",0.02,126.79,2.5299999999999998,"","","","","","","","","","",null,"CAIXA REFERENCIAL"]
["ASSENTAMENTO DE TUBOS E PECAS","ASTU","FORNEC E/OU ASSENT DE TUBO DE CONCRETO COM JUNTA E",51,"","",92838,"ASSENTAMENTO DE TUBO DE CONCRETO PARA REDES COLETORAS DE ESGOTO SANITÁRIO, DIÂMETRO DE 500 MM, JUNTA ELÁSTICA, INSTALADO EM LOCAL COM BAIXO NÍVEL DE INTERFERÊNCIAS (NÃO INCLUI FORNECIMENTO). AF_12/2015","M","ATRIBUÍDO SÃO PAULO",9.6999999999999993,"COMPOSICAO",5632,"ESCAVADEIRA HIDRÁULICA SOBRE ESTEIRAS, CAÇAMBA 0,80 M3, PESO OPERACIONAL 17 T, POTENCIA BRUTA 111 HP - CHI DIURNO. AF_06/2014","CHI","ATRIBUÍDO SÃO PAULO",4.2000000000000003E-2,57.49,2.41,"","","","","","","","","","",null,"CAIXA REFERENCIAL"]
["ASSENTAMENTO DE TUBOS E PECAS","ASTU","FORNEC E/OU ASSENT DE TUBO DE CONCRETO COM JUNTA E",51,"","",92838,"ASSENTAMENTO DE TUBO DE CONCRETO PARA REDES COLETORAS DE ESGOTO SANITÁRIO, DIÂMETRO DE 500 MM, JUNTA ELÁSTICA, INSTALADO EM LOCAL COM BAIXO NÍVEL DE INTERFERÊNCIAS (NÃO INCLUI FORNECIMENTO). AF_12/2015","M","ATRIBUÍDO SÃO PAULO",9.6999999999999993,"COMPOSICAO",88246,"ASSENTADOR DE TUBOS COM ENCARGOS COMPLEMENTARES","H","COEFICIENTE DE REPRESENTATIVIDADE",9.5000000000000001E-2,21.04,1.99,"","","","","","","","","","",null,"CAIXA REFERENCIAL"]
["ASSENTAMENTO DE TUBOS E PECAS","ASTU","FORNEC E/OU ASSENT DE TUBO DE CONCRETO COM JUNTA E",51,"","",92838,"ASSENTAMENTO DE TUBO DE CONCRETO PARA REDES COLETORAS DE ESGOTO SANITÁRIO, DIÂMETRO DE 500 MM, JUNTA ELÁSTICA, INSTALADO EM LOCAL COM BAIXO NÍVEL DE INTERFERÊNCIAS (NÃO INCLUI FORNECIMENTO). AF_12/2015","M","ATRIBUÍDO SÃO PAULO",9.6999999999999993,"COMPOSICAO",88316,"SERVENTE COM ENCARGOS COMPLEMENTARES","H","COLETADO",0.189,14.67,2.77,"","","","","","","","","","",null,"CAIXA REFERENCIAL"]
["ASSENTAMENTO DE TUBOS E PECAS","ASTU","FORNEC E/OU ASSENT DE TUBO DE CONCRETO COM JUNTA E",51,"","",92839,"TUBO DE CONCRETO PARA REDES COLETORAS DE ESGOTO SANITÁRIO, DIÂMETRO DE 600 MM, JUNTA ELÁSTICA, INSTALADO EM LOCAL COM BAIXO NÍVEL DE INTERFERÊNCIAS - FORNECIMENTO E ASSENTAMENTO. AF_12/2015","M","ATRIBUÍDO SÃO PAULO",367.9,"","","","","","","","",7.07,1.9226585,357.86,97.269661799999994,"2,97","0,8076797","0,00","0,0000000","0,00","0,0000000",0,"CAIXA REFERENCIAL"]
["ASSENTAMENTO DE TUBOS E PECAS","ASTU","FORNEC E/OU ASSENT DE TUBO DE CONCRETO COM JUNTA E",51,"","",92839,"TUBO DE CONCRETO PARA REDES COLETORAS DE ESGOTO SANITÁRIO, DIÂMETRO DE 600 MM, JUNTA ELÁSTICA, INSTALADO EM LOCAL COM BAIXO NÍVEL DE INTERFERÊNCIAS - FORNECIMENTO E ASSENTAMENTO. AF_12/2015","M","ATRIBUÍDO SÃO PAULO",367.9,"COMPOSICAO",5631,"ESCAVADEIRA HIDRÁULICA SOBRE ESTEIRAS, CAÇAMBA 0,80 M3, PESO OPERACIONAL 17 T, POTENCIA BRUTA 111 HP - CHP DIURNO. AF_06/2014","CHP","ATRIBUÍDO SÃO PAULO",2.4E-2,126.79,3.04,"","","","","","","","","","",null,"CAIXA REFERENCIAL"]
["ASSENTAMENTO DE TUBOS E PECAS","ASTU","FORNEC E/OU ASSENT DE TUBO DE CONCRETO COM JUNTA E",51,"","",92839,"TUBO DE CONCRETO PARA REDES COLETORAS DE ESGOTO SANITÁRIO, DIÂMETRO DE 600 MM, JUNTA ELÁSTICA, INSTALADO EM LOCAL COM BAIXO NÍVEL DE INTERFERÊNCIAS - FORNECIMENTO E ASSENTAMENTO. AF_12/2015","M","ATRIBUÍDO SÃO PAULO",367.9,"COMPOSICAO",5632,"ESCAVADEIRA HIDRÁULICA SOBRE ESTEIRAS, CAÇAMBA 0,80 M3, PESO OPERACIONAL 17 T, POTENCIA BRUTA 111 HP - CHI DIURNO. AF_06/2014","CHI","ATRIBUÍDO SÃO PAULO",0.05,57.49,2.87,"","","","","","","","","","",null,"CAIXA REFERENCIAL"]
["ASSENTAMENTO DE TUBOS E PECAS","ASTU","FORNEC E/OU ASSENT DE TUBO DE CONCRETO COM JUNTA E",51,"","",92839,"TUBO DE CONCRETO PARA REDES COLETORAS DE ESGOTO SANITÁRIO, DIÂMETRO DE 600 MM, JUNTA ELÁSTICA, INSTALADO EM LOCAL COM BAIXO NÍVEL DE INTERFERÊNCIAS - FORNECIMENTO E ASSENTAMENTO. AF_12/2015","M","ATRIBUÍDO SÃO PAULO",367.9,"INSUMO",7774,"TUBO DE CONCRETO ARMADO PARA ESGOTO SANITARIO, CLASSE EA-2, COM ENCAIXE PONTA E BOLSA, COM JUNTA ELASTICA, DIAMETRO NOMINAL DE 600 MM","M","COEFICIENTE DE REPRESENTATIVIDADE",1.03,285.79000000000002,294.36,"","","","","","","","","","",null,"CAIXA REFERENCIAL"]
["ASSENTAMENTO DE TUBOS E PECAS","ASTU","FORNEC E/OU ASSENT DE TUBO DE CONCRETO COM JUNTA E",51,"","",92839,"TUBO DE CONCRETO PARA REDES COLETORAS DE ESGOTO SANITÁRIO, DIÂMETRO DE 600 MM, JUNTA ELÁSTICA, INSTALADO EM LOCAL COM BAIXO NÍVEL DE INTERFERÊNCIAS - FORNECIMENTO E ASSENTAMENTO. AF_12/2015","M","ATRIBUÍDO SÃO PAULO",367.9,"INSUMO",40343,"ANEL DE VEDACAO/JUNTA ELASTICA, H = *16* MM, PARA TUBO DE CONCRETO DN 600 MM","UN","COEFICIENTE DE REPRESENTATIVIDADE",0.5,121.92,60.96,"","","","","","","","","","",null,"CAIXA REFERENCIAL"]
["ASSENTAMENTO DE TUBOS E PECAS","ASTU","FORNEC E/OU ASSENT DE TUBO DE CONCRETO COM JUNTA E",51,"","",92839,"TUBO DE CONCRETO PARA REDES COLETORAS DE ESGOTO SANITÁRIO, DIÂMETRO DE 600 MM, JUNTA ELÁSTICA, INSTALADO EM LOCAL COM BAIXO NÍVEL DE INTERFERÊNCIAS - FORNECIMENTO E ASSENTAMENTO. AF_12/2015","M","ATRIBUÍDO SÃO PAULO",367.9,"COMPOSICAO",88277,"MONTADOR (TUBO AÇO/EQUIPAMENTOS) COM ENCARGOS COMPLEMENTARES","H","COEFICIENTE DE REPRESENTATIVIDADE",0.111,30.89,3.42,"","","","","","","","","","",null,"CAIXA REFERENCIAL"]
["ASSENTAMENTO DE TUBOS E PECAS","ASTU","FORNEC E/OU ASSENT DE TUBO DE CONCRETO COM JUNTA E",51,"","",92839,"TUBO DE CONCRETO PARA REDES COLETORAS DE ESGOTO SANITÁRIO, DIÂMETRO DE 600 MM, JUNTA ELÁSTICA, INSTALADO EM LOCAL COM BAIXO NÍVEL DE INTERFERÊNCIAS - FORNECIMENTO E ASSENTAMENTO. AF_12/2015","M","ATRIBUÍDO SÃO PAULO",367.9,"COMPOSICAO",88316,"SERVENTE COM ENCARGOS COMPLEMENTARES","H","COLETADO",0.222,14.67,3.25,"","","","","","","","","","",null,"CAIXA REFERENCIAL"]
["ASSENTAMENTO DE TUBOS E PECAS","ASTU","FORNEC E/OU ASSENT DE TUBO DE CONCRETO COM JUNTA E",51,"","",92840,"ASSENTAMENTO DE TUBO DE CONCRETO PARA REDES COLETORAS DE ESGOTO SANITÁRIO, DIÂMETRO DE 600 MM, JUNTA ELÁSTICA, INSTALADO EM LOCAL COM BAIXO NÍVEL DE INTERFERÊNCIAS (NÃO INCLUI FORNECIMENTO). AF_12/2015","M","ATRIBUÍDO SÃO PAULO",11.49,"","","","","","","","",6.09,52.831858500000003,2.39,20.884955699999999,"3,01","26,2831858","0,00","0,0000000","0,00","0,0000000",0,"CAIXA REFERENCIAL"]
["ASSENTAMENTO DE TUBOS E PECAS","ASTU","FORNEC E/OU ASSENT DE TUBO DE CONCRETO COM JUNTA E",51,"","",92840,"ASSENTAMENTO DE TUBO DE CONCRETO PARA REDES COLETORAS DE ESGOTO SANITÁRIO, DIÂMETRO DE 600 MM, JUNTA ELÁSTICA, INSTALADO EM LOCAL COM BAIXO NÍVEL DE INTERFERÊNCIAS (NÃO INCLUI FORNECIMENTO). AF_12/2015","M","ATRIBUÍDO SÃO PAULO",11.49,"COMPOSICAO",5631,"ESCAVADEIRA HIDRÁULICA SOBRE ESTEIRAS, CAÇAMBA 0,80 M3, PESO OPERACIONAL 17 T, POTENCIA BRUTA 111 HP - CHP DIURNO. AF_06/2014","CHP","ATRIBUÍDO SÃO PAULO",2.4E-2,126.79,3.04,"","","","","","","","","","",null,"CAIXA REFERENCIAL"]
["ASSENTAMENTO DE TUBOS E PECAS","ASTU","FORNEC E/OU ASSENT DE TUBO DE CONCRETO COM JUNTA E",51,"","",92840,"ASSENTAMENTO DE TUBO DE CONCRETO PARA REDES COLETORAS DE ESGOTO SANITÁRIO, DIÂMETRO DE 600 MM, JUNTA ELÁSTICA, INSTALADO EM LOCAL COM BAIXO NÍVEL DE INTERFERÊNCIAS (NÃO INCLUI FORNECIMENTO). AF_12/2015","M","ATRIBUÍDO SÃO PAULO",11.49,"COMPOSICAO",5632,"ESCAVADEIRA HIDRÁULICA SOBRE ESTEIRAS, CAÇAMBA 0,80 M3, PESO OPERACIONAL 17 T, POTENCIA BRUTA 111 HP - CHI DIURNO. AF_06/2014","CHI","ATRIBUÍDO SÃO PAULO",0.05,57.49,2.87,"","","","","","","","","","",null,"CAIXA REFERENCIAL"]
["ASSENTAMENTO DE TUBOS E PECAS","ASTU","FORNEC E/OU ASSENT DE TUBO DE CONCRETO COM JUNTA E",51,"","",92840,"ASSENTAMENTO DE TUBO DE CONCRETO PARA REDES COLETORAS DE ESGOTO SANITÁRIO, DIÂMETRO DE 600 MM, JUNTA ELÁSTICA, INSTALADO EM LOCAL COM BAIXO NÍVEL DE INTERFERÊNCIAS (NÃO INCLUI FORNECIMENTO). AF_12/2015","M","ATRIBUÍDO SÃO PAULO",11.49,"COMPOSICAO",88246,"ASSENTADOR DE TUBOS COM ENCARGOS COMPLEMENTARES","H","COEFICIENTE DE REPRESENTATIVIDADE",0.111,21.04,2.33,"","","","","","","","","","",null,"CAIXA REFERENCIAL"]
["ASSENTAMENTO DE TUBOS E PECAS","ASTU","FORNEC E/OU ASSENT DE TUBO DE CONCRETO COM JUNTA E",51,"","",92840,"ASSENTAMENTO DE TUBO DE CONCRETO PARA REDES COLETORAS DE ESGOTO SANITÁRIO, DIÂMETRO DE 600 MM, JUNTA ELÁSTICA, INSTALADO EM LOCAL COM BAIXO NÍVEL DE INTERFERÊNCIAS (NÃO INCLUI FORNECIMENTO). AF_12/2015","M","ATRIBUÍDO SÃO PAULO",11.49,"COMPOSICAO",88316,"SERVENTE COM ENCARGOS COMPLEMENTARES","H","COLETADO",0.222,14.67,3.25,"","","","","","","","","","",null,"CAIXA REFERENCIAL"]
["ASSENTAMENTO DE TUBOS E PECAS","ASTU","FORNEC E/OU ASSENT DE TUBO DE CONCRETO COM JUNTA E",51,"","",92841,"TUBO DE CONCRETO PARA REDES COLETORAS DE ESGOTO SANITÁRIO, DIÂMETRO DE 700 MM, JUNTA ELÁSTICA, INSTALADO EM LOCAL COM BAIXO NÍVEL DE INTERFERÊNCIAS - FORNECIMENTO E ASSENTAMENTO. AF_12/2015","M","ATRIBUÍDO SÃO PAULO",463.32,"","","","","","","","",8.1300000000000008,1.7553329,451.81,97.514897700000006,"3,38","0,7297694","0,00","0,0000000","0,00","0,0000000",0,"CAIXA REFERENCIAL"]
["ASSENTAMENTO DE TUBOS E PECAS","ASTU","FORNEC E/OU ASSENT DE TUBO DE CONCRETO COM JUNTA E",51,"","",92841,"TUBO DE CONCRETO PARA REDES COLETORAS DE ESGOTO SANITÁRIO, DIÂMETRO DE 700 MM, JUNTA ELÁSTICA, INSTALADO EM LOCAL COM BAIXO NÍVEL DE INTERFERÊNCIAS - FORNECIMENTO E ASSENTAMENTO. AF_12/2015","M","ATRIBUÍDO SÃO PAULO",463.32,"COMPOSICAO",5631,"ESCAVADEIRA HIDRÁULICA SOBRE ESTEIRAS, CAÇAMBA 0,80 M3, PESO OPERACIONAL 17 T, POTENCIA BRUTA 111 HP - CHP DIURNO. AF_06/2014","CHP","ATRIBUÍDO SÃO PAULO",2.7E-2,126.79,3.42,"","","","","","","","","","",null,"CAIXA REFERENCIAL"]
["ASSENTAMENTO DE TUBOS E PECAS","ASTU","FORNEC E/OU ASSENT DE TUBO DE CONCRETO COM JUNTA E",51,"","",92841,"TUBO DE CONCRETO PARA REDES COLETORAS DE ESGOTO SANITÁRIO, DIÂMETRO DE 700 MM, JUNTA ELÁSTICA, INSTALADO EM LOCAL COM BAIXO NÍVEL DE INTERFERÊNCIAS - FORNECIMENTO E ASSENTAMENTO. AF_12/2015","M","ATRIBUÍDO SÃO PAULO",463.32,"COMPOSICAO",5632,"ESCAVADEIRA HIDRÁULICA SOBRE ESTEIRAS, CAÇAMBA 0,80 M3, PESO OPERACIONAL 17 T, POTENCIA BRUTA 111 HP - CHI DIURNO. AF_06/2014","CHI","ATRIBUÍDO SÃO PAULO",5.7000000000000002E-2,57.49,3.27,"","","","","","","","","","",null,"CAIXA REFERENCIAL"]
["ASSENTAMENTO DE TUBOS E PECAS","ASTU","FORNEC E/OU ASSENT DE TUBO DE CONCRETO COM JUNTA E",51,"","",92841,"TUBO DE CONCRETO PARA REDES COLETORAS DE ESGOTO SANITÁRIO, DIÂMETRO DE 700 MM, JUNTA ELÁSTICA, INSTALADO EM LOCAL COM BAIXO NÍVEL DE INTERFERÊNCIAS - FORNECIMENTO E ASSENTAMENTO. AF_12/2015","M","ATRIBUÍDO SÃO PAULO",463.32,"INSUMO",7744,"TUBO DE CONCRETO ARMADO PARA ESGOTO SANITARIO, CLASSE EA-2, COM ENCAIXE PONTA E BOLSA, COM JUNTA ELASTICA, DIAMETRO NOMINAL DE 700 MM","M","COEFICIENTE DE REPRESENTATIVIDADE",1.03,373.29,384.48,"","","","","","","","","","",null,"CAIXA REFERENCIAL"]
["ASSENTAMENTO DE TUBOS E PECAS","ASTU","FORNEC E/OU ASSENT DE TUBO DE CONCRETO COM JUNTA E",51,"","",92841,"TUBO DE CONCRETO PARA REDES COLETORAS DE ESGOTO SANITÁRIO, DIÂMETRO DE 700 MM, JUNTA ELÁSTICA, INSTALADO EM LOCAL COM BAIXO NÍVEL DE INTERFERÊNCIAS - FORNECIMENTO E ASSENTAMENTO. AF_12/2015","M","ATRIBUÍDO SÃO PAULO",463.32,"INSUMO",40344,"ANEL DE VEDACAO/JUNTA ELASTICA, H = *18* MM, PARA TUBO DE CONCRETO DN 700 MM","UN","COEFICIENTE DE REPRESENTATIVIDADE",0.5,128.91,64.45,"","","","","","","","","","",null,"CAIXA REFERENCIAL"]
["ASSENTAMENTO DE TUBOS E PECAS","ASTU","FORNEC E/OU ASSENT DE TUBO DE CONCRETO COM JUNTA E",51,"","",92841,"TUBO DE CONCRETO PARA REDES COLETORAS DE ESGOTO SANITÁRIO, DIÂMETRO DE 700 MM, JUNTA ELÁSTICA, INSTALADO EM LOCAL COM BAIXO NÍVEL DE INTERFERÊNCIAS - FORNECIMENTO E ASSENTAMENTO. AF_12/2015","M","ATRIBUÍDO SÃO PAULO",463.32,"COMPOSICAO",88277,"MONTADOR (TUBO AÇO/EQUIPAMENTOS) COM ENCARGOS COMPLEMENTARES","H","COEFICIENTE DE REPRESENTATIVIDADE",0.128,30.89,3.95,"","","","","","","","","","",null,"CAIXA REFERENCIAL"]
["ASSENTAMENTO DE TUBOS E PECAS","ASTU","FORNEC E/OU ASSENT DE TUBO DE CONCRETO COM JUNTA E",51,"","",92841,"TUBO DE CONCRETO PARA REDES COLETORAS DE ESGOTO SANITÁRIO, DIÂMETRO DE 700 MM, JUNTA ELÁSTICA, INSTALADO EM LOCAL COM BAIXO NÍVEL DE INTERFERÊNCIAS - FORNECIMENTO E ASSENTAMENTO. AF_12/2015","M","ATRIBUÍDO SÃO PAULO",463.32,"COMPOSICAO",88316,"SERVENTE COM ENCARGOS COMPLEMENTARES","H","COLETADO",0.25600000000000001,14.67,3.75,"","","","","","","","","","",null,"CAIXA REFERENCIAL"]
["ASSENTAMENTO DE TUBOS E PECAS","ASTU","FORNEC E/OU ASSENT DE TUBO DE CONCRETO COM JUNTA E",51,"","",92842,"ASSENTAMENTO DE TUBO DE CONCRETO PARA REDES COLETORAS DE ESGOTO SANITÁRIO, DIÂMETRO DE 700 MM, JUNTA ELÁSTICA, INSTALADO EM LOCAL COM BAIXO NÍVEL DE INTERFERÊNCIAS (NÃO INCLUI FORNECIMENTO). AF_12/2015","M","ATRIBUÍDO SÃO PAULO",13.13,"","","","","","","","",6.96,52.968388699999998,2.75,20.971472599999998,"3,42","26,0601387","0,00","0,0000000","0,00","0,0000000",0,"CAIXA REFERENCIAL"]
["ASSENTAMENTO DE TUBOS E PECAS","ASTU","FORNEC E/OU ASSENT DE TUBO DE CONCRETO COM JUNTA E",51,"","",92842,"ASSENTAMENTO DE TUBO DE CONCRETO PARA REDES COLETORAS DE ESGOTO SANITÁRIO, DIÂMETRO DE 700 MM, JUNTA ELÁSTICA, INSTALADO EM LOCAL COM BAIXO NÍVEL DE INTERFERÊNCIAS (NÃO INCLUI FORNECIMENTO). AF_12/2015","M","ATRIBUÍDO SÃO PAULO",13.13,"COMPOSICAO",5631,"ESCAVADEIRA HIDRÁULICA SOBRE ESTEIRAS, CAÇAMBA 0,80 M3, PESO OPERACIONAL 17 T, POTENCIA BRUTA 111 HP - CHP DIURNO. AF_06/2014","CHP","ATRIBUÍDO SÃO PAULO",2.7E-2,126.79,3.42,"","","","","","","","","","",null,"CAIXA REFERENCIAL"]
["ASSENTAMENTO DE TUBOS E PECAS","ASTU","FORNEC E/OU ASSENT DE TUBO DE CONCRETO COM JUNTA E",51,"","",92842,"ASSENTAMENTO DE TUBO DE CONCRETO PARA REDES COLETORAS DE ESGOTO SANITÁRIO, DIÂMETRO DE 700 MM, JUNTA ELÁSTICA, INSTALADO EM LOCAL COM BAIXO NÍVEL DE INTERFERÊNCIAS (NÃO INCLUI FORNECIMENTO). AF_12/2015","M","ATRIBUÍDO SÃO PAULO",13.13,"COMPOSICAO",5632,"ESCAVADEIRA HIDRÁULICA SOBRE ESTEIRAS, CAÇAMBA 0,80 M3, PESO OPERACIONAL 17 T, POTENCIA BRUTA 111 HP - CHI DIURNO. AF_06/2014","CHI","ATRIBUÍDO SÃO PAULO",5.7000000000000002E-2,57.49,3.27,"","","","","","","","","","",null,"CAIXA REFERENCIAL"]
["ASSENTAMENTO DE TUBOS E PECAS","ASTU","FORNEC E/OU ASSENT DE TUBO DE CONCRETO COM JUNTA E",51,"","",92842,"ASSENTAMENTO DE TUBO DE CONCRETO PARA REDES COLETORAS DE ESGOTO SANITÁRIO, DIÂMETRO DE 700 MM, JUNTA ELÁSTICA, INSTALADO EM LOCAL COM BAIXO NÍVEL DE INTERFERÊNCIAS (NÃO INCLUI FORNECIMENTO). AF_12/2015","M","ATRIBUÍDO SÃO PAULO",13.13,"COMPOSICAO",88246,"ASSENTADOR DE TUBOS COM ENCARGOS COMPLEMENTARES","H","COEFICIENTE DE REPRESENTATIVIDADE",0.128,21.04,2.69,"","","","","","","","","","",null,"CAIXA REFERENCIAL"]
["ASSENTAMENTO DE TUBOS E PECAS","ASTU","FORNEC E/OU ASSENT DE TUBO DE CONCRETO COM JUNTA E",51,"","",92842,"ASSENTAMENTO DE TUBO DE CONCRETO PARA REDES COLETORAS DE ESGOTO SANITÁRIO, DIÂMETRO DE 700 MM, JUNTA ELÁSTICA, INSTALADO EM LOCAL COM BAIXO NÍVEL DE INTERFERÊNCIAS (NÃO INCLUI FORNECIMENTO). AF_12/2015","M","ATRIBUÍDO SÃO PAULO",13.13,"COMPOSICAO",88316,"SERVENTE COM ENCARGOS COMPLEMENTARES","H","COLETADO",0.25600000000000001,14.67,3.75,"","","","","","","","","","",null,"CAIXA REFERENCIAL"]
["ASSENTAMENTO DE TUBOS E PECAS","ASTU","FORNEC E/OU ASSENT DE TUBO DE CONCRETO COM JUNTA E",51,"","",92843,"TUBO DE CONCRETO PARA REDES COLETORAS DE ESGOTO SANITÁRIO, DIÂMETRO DE 800 MM, JUNTA ELÁSTICA, INSTALADO EM LOCAL COM BAIXO NÍVEL DE INTERFERÊNCIAS - FORNECIMENTO E ASSENTAMENTO. AF_12/2015","M","ATRIBUÍDO SÃO PAULO",488.35,"","","","","","","","",7.77,1.5914630000000001,476.71,97.615877900000001,"3,87","0,7926591","0,00","0,0000000","0,00","0,0000000",0,"CAIXA REFERENCIAL"]
["ASSENTAMENTO DE TUBOS E PECAS","ASTU","FORNEC E/OU ASSENT DE TUBO DE CONCRETO COM JUNTA E",51,"","",92843,"TUBO DE CONCRETO PARA REDES COLETORAS DE ESGOTO SANITÁRIO, DIÂMETRO DE 800 MM, JUNTA ELÁSTICA, INSTALADO EM LOCAL COM BAIXO NÍVEL DE INTERFERÊNCIAS - FORNECIMENTO E ASSENTAMENTO. AF_12/2015","M","ATRIBUÍDO SÃO PAULO",488.35,"COMPOSICAO",5631,"ESCAVADEIRA HIDRÁULICA SOBRE ESTEIRAS, CAÇAMBA 0,80 M3, PESO OPERACIONAL 17 T, POTENCIA BRUTA 111 HP - CHP DIURNO. AF_06/2014","CHP","ATRIBUÍDO SÃO PAULO",3.1E-2,126.79,3.93,"","","","","","","","","","",null,"CAIXA REFERENCIAL"]
["ASSENTAMENTO DE TUBOS E PECAS","ASTU","FORNEC E/OU ASSENT DE TUBO DE CONCRETO COM JUNTA E",51,"","",92843,"TUBO DE CONCRETO PARA REDES COLETORAS DE ESGOTO SANITÁRIO, DIÂMETRO DE 800 MM, JUNTA ELÁSTICA, INSTALADO EM LOCAL COM BAIXO NÍVEL DE INTERFERÊNCIAS - FORNECIMENTO E ASSENTAMENTO. AF_12/2015","M","ATRIBUÍDO SÃO PAULO",488.35,"COMPOSICAO",5632,"ESCAVADEIRA HIDRÁULICA SOBRE ESTEIRAS, CAÇAMBA 0,80 M3, PESO OPERACIONAL 17 T, POTENCIA BRUTA 111 HP - CHI DIURNO. AF_06/2014","CHI","ATRIBUÍDO SÃO PAULO",6.5000000000000002E-2,57.49,3.73,"","","","","","","","","","",null,"CAIXA REFERENCIAL"]
["ASSENTAMENTO DE TUBOS E PECAS","ASTU","FORNEC E/OU ASSENT DE TUBO DE CONCRETO COM JUNTA E",51,"","",92843,"TUBO DE CONCRETO PARA REDES COLETORAS DE ESGOTO SANITÁRIO, DIÂMETRO DE 800 MM, JUNTA ELÁSTICA, INSTALADO EM LOCAL COM BAIXO NÍVEL DE INTERFERÊNCIAS - FORNECIMENTO E ASSENTAMENTO. AF_12/2015","M","ATRIBUÍDO SÃO PAULO",488.35,"INSUMO",7773,"TUBO DE CONCRETO ARMADO PARA ESGOTO SANITARIO, CLASSE EA-2, COM ENCAIXE PONTA E BOLSA, COM JUNTA ELASTICA, DIAMETRO NOMINAL DE 800 MM","M","COEFICIENTE DE REPRESENTATIVIDADE",1.03,381.53,392.97,"","","","","","","","","","",null,"CAIXA REFERENCIAL"]
["ASSENTAMENTO DE TUBOS E PECAS","ASTU","FORNEC E/OU ASSENT DE TUBO DE CONCRETO COM JUNTA E",51,"","",92843,"TUBO DE CONCRETO PARA REDES COLETORAS DE ESGOTO SANITÁRIO, DIÂMETRO DE 800 MM, JUNTA ELÁSTICA, INSTALADO EM LOCAL COM BAIXO NÍVEL DE INTERFERÊNCIAS - FORNECIMENTO E ASSENTAMENTO. AF_12/2015","M","ATRIBUÍDO SÃO PAULO",488.35,"INSUMO",40345,"ANEL DE VEDACAO/JUNTA ELASTICA, H = *19* MM, PARA TUBO DE CONCRETO DN 800 MM","UN","COEFICIENTE DE REPRESENTATIVIDADE",0.5,160.94999999999999,80.47,"","","","","","","","","","",null,"CAIXA REFERENCIAL"]
["ASSENTAMENTO DE TUBOS E PECAS","ASTU","FORNEC E/OU ASSENT DE TUBO DE CONCRETO COM JUNTA E",51,"","",92843,"TUBO DE CONCRETO PARA REDES COLETORAS DE ESGOTO SANITÁRIO, DIÂMETRO DE 800 MM, JUNTA ELÁSTICA, INSTALADO EM LOCAL COM BAIXO NÍVEL DE INTERFERÊNCIAS - FORNECIMENTO E ASSENTAMENTO. AF_12/2015","M","ATRIBUÍDO SÃO PAULO",488.35,"COMPOSICAO",88246,"ASSENTADOR DE TUBOS COM ENCARGOS COMPLEMENTARES","H","COEFICIENTE DE REPRESENTATIVIDADE",0.14399999999999999,21.04,3.02,"","","","","","","","","","",null,"CAIXA REFERENCIAL"]
["ASSENTAMENTO DE TUBOS E PECAS","ASTU","FORNEC E/OU ASSENT DE TUBO DE CONCRETO COM JUNTA E",51,"","",92843,"TUBO DE CONCRETO PARA REDES COLETORAS DE ESGOTO SANITÁRIO, DIÂMETRO DE 800 MM, JUNTA ELÁSTICA, INSTALADO EM LOCAL COM BAIXO NÍVEL DE INTERFERÊNCIAS - FORNECIMENTO E ASSENTAMENTO. AF_12/2015","M","ATRIBUÍDO SÃO PAULO",488.35,"COMPOSICAO",88316,"SERVENTE COM ENCARGOS COMPLEMENTARES","H","COLETADO",0.28899999999999998,14.67,4.2300000000000004,"","","","","","","","","","",null,"CAIXA REFERENCIAL"]
["ASSENTAMENTO DE TUBOS E PECAS","ASTU","FORNEC E/OU ASSENT DE TUBO DE CONCRETO COM JUNTA E",51,"","",92844,"ASSENTAMENTO DE TUBO DE CONCRETO PARA REDES COLETORAS DE ESGOTO SANITÁRIO, DIÂMETRO DE 800 MM, JUNTA ELÁSTICA, INSTALADO EM LOCAL COM BAIXO NÍVEL DE INTERFERÊNCIAS (NÃO INCLUI FORNECIMENTO). AF_12/2015","M","ATRIBUÍDO SÃO PAULO",14.91,"","","","","","","","",7.84,52.535496999999999,3.17,21.298174400000001,"3,90","26,1663286","0,00","0,0000000","0,00","0,0000000",0,"CAIXA REFERENCIAL"]
["ASSENTAMENTO DE TUBOS E PECAS","ASTU","FORNEC E/OU ASSENT DE TUBO DE CONCRETO COM JUNTA E",51,"","",92844,"ASSENTAMENTO DE TUBO DE CONCRETO PARA REDES COLETORAS DE ESGOTO SANITÁRIO, DIÂMETRO DE 800 MM, JUNTA ELÁSTICA, INSTALADO EM LOCAL COM BAIXO NÍVEL DE INTERFERÊNCIAS (NÃO INCLUI FORNECIMENTO). AF_12/2015","M","ATRIBUÍDO SÃO PAULO",14.91,"COMPOSICAO",5631,"ESCAVADEIRA HIDRÁULICA SOBRE ESTEIRAS, CAÇAMBA 0,80 M3, PESO OPERACIONAL 17 T, POTENCIA BRUTA 111 HP - CHP DIURNO. AF_06/2014","CHP","ATRIBUÍDO SÃO PAULO",3.1E-2,126.79,3.93,"","","","","","","","","","",null,"CAIXA REFERENCIAL"]
["ASSENTAMENTO DE TUBOS E PECAS","ASTU","FORNEC E/OU ASSENT DE TUBO DE CONCRETO COM JUNTA E",51,"","",92844,"ASSENTAMENTO DE TUBO DE CONCRETO PARA REDES COLETORAS DE ESGOTO SANITÁRIO, DIÂMETRO DE 800 MM, JUNTA ELÁSTICA, INSTALADO EM LOCAL COM BAIXO NÍVEL DE INTERFERÊNCIAS (NÃO INCLUI FORNECIMENTO). AF_12/2015","M","ATRIBUÍDO SÃO PAULO",14.91,"COMPOSICAO",5632,"ESCAVADEIRA HIDRÁULICA SOBRE ESTEIRAS, CAÇAMBA 0,80 M3, PESO OPERACIONAL 17 T, POTENCIA BRUTA 111 HP - CHI DIURNO. AF_06/2014","CHI","ATRIBUÍDO SÃO PAULO",6.5000000000000002E-2,57.49,3.73,"","","","","","","","","","",null,"CAIXA REFERENCIAL"]
["ASSENTAMENTO DE TUBOS E PECAS","ASTU","FORNEC E/OU ASSENT DE TUBO DE CONCRETO COM JUNTA E",51,"","",92844,"ASSENTAMENTO DE TUBO DE CONCRETO PARA REDES COLETORAS DE ESGOTO SANITÁRIO, DIÂMETRO DE 800 MM, JUNTA ELÁSTICA, INSTALADO EM LOCAL COM BAIXO NÍVEL DE INTERFERÊNCIAS (NÃO INCLUI FORNECIMENTO). AF_12/2015","M","ATRIBUÍDO SÃO PAULO",14.91,"COMPOSICAO",88246,"ASSENTADOR DE TUBOS COM ENCARGOS COMPLEMENTARES","H","COEFICIENTE DE REPRESENTATIVIDADE",0.14399999999999999,21.04,3.02,"","","","","","","","","","",null,"CAIXA REFERENCIAL"]
["ASSENTAMENTO DE TUBOS E PECAS","ASTU","FORNEC E/OU ASSENT DE TUBO DE CONCRETO COM JUNTA E",51,"","",92844,"ASSENTAMENTO DE TUBO DE CONCRETO PARA REDES COLETORAS DE ESGOTO SANITÁRIO, DIÂMETRO DE 800 MM, JUNTA ELÁSTICA, INSTALADO EM LOCAL COM BAIXO NÍVEL DE INTERFERÊNCIAS (NÃO INCLUI FORNECIMENTO). AF_12/2015","M","ATRIBUÍDO SÃO PAULO",14.91,"COMPOSICAO",88316,"SERVENTE COM ENCARGOS COMPLEMENTARES","H","COLETADO",0.28899999999999998,14.67,4.2300000000000004,"","","","","","","","","","",null,"CAIXA REFERENCIAL"]
["ASSENTAMENTO DE TUBOS E PECAS","ASTU","FORNEC E/OU ASSENT DE TUBO DE CONCRETO COM JUNTA E",51,"","",92845,"TUBO DE CONCRETO PARA REDES COLETORAS DE ESGOTO SANITÁRIO, DIÂMETRO DE 900 MM, JUNTA ELÁSTICA, INSTALADO EM LOCAL COM BAIXO NÍVEL DE INTERFERÊNCIAS - FORNECIMENTO E ASSENTAMENTO. AF_12/2015","M","ATRIBUÍDO SÃO PAULO",688.09,"","","","","","","","",8.66,1.2588124000000001,675.17,98.121956600000004,"4,26","0,6192310","0,00","0,0000000","0,00","0,0000000",0,"CAIXA REFERENCIAL"]
["ASSENTAMENTO DE TUBOS E PECAS","ASTU","FORNEC E/OU ASSENT DE TUBO DE CONCRETO COM JUNTA E",51,"","",92845,"TUBO DE CONCRETO PARA REDES COLETORAS DE ESGOTO SANITÁRIO, DIÂMETRO DE 900 MM, JUNTA ELÁSTICA, INSTALADO EM LOCAL COM BAIXO NÍVEL DE INTERFERÊNCIAS - FORNECIMENTO E ASSENTAMENTO. AF_12/2015","M","ATRIBUÍDO SÃO PAULO",688.09,"COMPOSICAO",5631,"ESCAVADEIRA HIDRÁULICA SOBRE ESTEIRAS, CAÇAMBA 0,80 M3, PESO OPERACIONAL 17 T, POTENCIA BRUTA 111 HP - CHP DIURNO. AF_06/2014","CHP","ATRIBUÍDO SÃO PAULO",3.4000000000000002E-2,126.79,4.3099999999999996,"","","","","","","","","","",null,"CAIXA REFERENCIAL"]
["ASSENTAMENTO DE TUBOS E PECAS","ASTU","FORNEC E/OU ASSENT DE TUBO DE CONCRETO COM JUNTA E",51,"","",92845,"TUBO DE CONCRETO PARA REDES COLETORAS DE ESGOTO SANITÁRIO, DIÂMETRO DE 900 MM, JUNTA ELÁSTICA, INSTALADO EM LOCAL COM BAIXO NÍVEL DE INTERFERÊNCIAS - FORNECIMENTO E ASSENTAMENTO. AF_12/2015","M","ATRIBUÍDO SÃO PAULO",688.09,"COMPOSICAO",5632,"ESCAVADEIRA HIDRÁULICA SOBRE ESTEIRAS, CAÇAMBA 0,80 M3, PESO OPERACIONAL 17 T, POTENCIA BRUTA 111 HP - CHI DIURNO. AF_06/2014","CHI","ATRIBUÍDO SÃO PAULO",7.1999999999999995E-2,57.49,4.13,"","","","","","","","","","",null,"CAIXA REFERENCIAL"]
["ASSENTAMENTO DE TUBOS E PECAS","ASTU","FORNEC E/OU ASSENT DE TUBO DE CONCRETO COM JUNTA E",51,"","",92845,"TUBO DE CONCRETO PARA REDES COLETORAS DE ESGOTO SANITÁRIO, DIÂMETRO DE 900 MM, JUNTA ELÁSTICA, INSTALADO EM LOCAL COM BAIXO NÍVEL DE INTERFERÊNCIAS - FORNECIMENTO E ASSENTAMENTO. AF_12/2015","M","ATRIBUÍDO SÃO PAULO",688.09,"INSUMO",7754,"TUBO DE CONCRETO ARMADO PARA ESGOTO SANITARIO, CLASSE EA-2, COM ENCAIXE PONTA E BOLSA, COM JUNTA ELASTICA, DIAMETRO NOMINAL DE 900 MM","M","COEFICIENTE DE REPRESENTATIVIDADE",1.03,578.5,595.85,"","","","","","","","","","",null,"CAIXA REFERENCIAL"]
["ASSENTAMENTO DE TUBOS E PECAS","ASTU","FORNEC E/OU ASSENT DE TUBO DE CONCRETO COM JUNTA E",51,"","",92845,"TUBO DE CONCRETO PARA REDES COLETORAS DE ESGOTO SANITÁRIO, DIÂMETRO DE 900 MM, JUNTA ELÁSTICA, INSTALADO EM LOCAL COM BAIXO NÍVEL DE INTERFERÊNCIAS - FORNECIMENTO E ASSENTAMENTO. AF_12/2015","M","ATRIBUÍDO SÃO PAULO",688.09,"INSUMO",40346,"ANEL DE VEDACAO/JUNTA ELASTICA, H = *19* MM, PARA TUBO DE CONCRETO DN 900 MM","UN","COEFICIENTE DE REPRESENTATIVIDADE",0.5,151.41,75.7,"","","","","","","","","","",null,"CAIXA REFERENCIAL"]
["ASSENTAMENTO DE TUBOS E PECAS","ASTU","FORNEC E/OU ASSENT DE TUBO DE CONCRETO COM JUNTA E",51,"","",92845,"TUBO DE CONCRETO PARA REDES COLETORAS DE ESGOTO SANITÁRIO, DIÂMETRO DE 900 MM, JUNTA ELÁSTICA, INSTALADO EM LOCAL COM BAIXO NÍVEL DE INTERFERÊNCIAS - FORNECIMENTO E ASSENTAMENTO. AF_12/2015","M","ATRIBUÍDO SÃO PAULO",688.09,"COMPOSICAO",88246,"ASSENTADOR DE TUBOS COM ENCARGOS COMPLEMENTARES","H","COEFICIENTE DE REPRESENTATIVIDADE",0.161,21.04,3.38,"","","","","","","","","","",null,"CAIXA REFERENCIAL"]
["ASSENTAMENTO DE TUBOS E PECAS","ASTU","FORNEC E/OU ASSENT DE TUBO DE CONCRETO COM JUNTA E",51,"","",92845,"TUBO DE CONCRETO PARA REDES COLETORAS DE ESGOTO SANITÁRIO, DIÂMETRO DE 900 MM, JUNTA ELÁSTICA, INSTALADO EM LOCAL COM BAIXO NÍVEL DE INTERFERÊNCIAS - FORNECIMENTO E ASSENTAMENTO. AF_12/2015","M","ATRIBUÍDO SÃO PAULO",688.09,"COMPOSICAO",88316,"SERVENTE COM ENCARGOS COMPLEMENTARES","H","COLETADO",0.32200000000000001,14.67,4.72,"","","","","","","","","","",null,"CAIXA REFERENCIAL"]
["ASSENTAMENTO DE TUBOS E PECAS","ASTU","FORNEC E/OU ASSENT DE TUBO DE CONCRETO COM JUNTA E",51,"","",92846,"ASSENTAMENTO DE TUBO DE CONCRETO PARA REDES COLETORAS DE ESGOTO SANITÁRIO, DIÂMETRO DE 900 MM, JUNTA ELÁSTICA, INSTALADO EM LOCAL COM BAIXO NÍVEL DE INTERFERÊNCIAS (NÃO INCLUI FORNECIMENTO). AF_12/2015","M","ATRIBUÍDO SÃO PAULO",16.54,"","","","","","","","",8.75,52.804878199999997,3.5,21.219512099999999,"4,29","25,9756097","0,00","0,0000000","0,00","0,0000000",0,"CAIXA REFERENCIAL"]
["ASSENTAMENTO DE TUBOS E PECAS","ASTU","FORNEC E/OU ASSENT DE TUBO DE CONCRETO COM JUNTA E",51,"","",92846,"ASSENTAMENTO DE TUBO DE CONCRETO PARA REDES COLETORAS DE ESGOTO SANITÁRIO, DIÂMETRO DE 900 MM, JUNTA ELÁSTICA, INSTALADO EM LOCAL COM BAIXO NÍVEL DE INTERFERÊNCIAS (NÃO INCLUI FORNECIMENTO). AF_12/2015","M","ATRIBUÍDO SÃO PAULO",16.54,"COMPOSICAO",5631,"ESCAVADEIRA HIDRÁULICA SOBRE ESTEIRAS, CAÇAMBA 0,80 M3, PESO OPERACIONAL 17 T, POTENCIA BRUTA 111 HP - CHP DIURNO. AF_06/2014","CHP","ATRIBUÍDO SÃO PAULO",3.4000000000000002E-2,126.79,4.3099999999999996,"","","","","","","","","","",null,"CAIXA REFERENCIAL"]
["ASSENTAMENTO DE TUBOS E PECAS","ASTU","FORNEC E/OU ASSENT DE TUBO DE CONCRETO COM JUNTA E",51,"","",92846,"ASSENTAMENTO DE TUBO DE CONCRETO PARA REDES COLETORAS DE ESGOTO SANITÁRIO, DIÂMETRO DE 900 MM, JUNTA ELÁSTICA, INSTALADO EM LOCAL COM BAIXO NÍVEL DE INTERFERÊNCIAS (NÃO INCLUI FORNECIMENTO). AF_12/2015","M","ATRIBUÍDO SÃO PAULO",16.54,"COMPOSICAO",5632,"ESCAVADEIRA HIDRÁULICA SOBRE ESTEIRAS, CAÇAMBA 0,80 M3, PESO OPERACIONAL 17 T, POTENCIA BRUTA 111 HP - CHI DIURNO. AF_06/2014","CHI","ATRIBUÍDO SÃO PAULO",7.1999999999999995E-2,57.49,4.13,"","","","","","","","","","",null,"CAIXA REFERENCIAL"]
["ASSENTAMENTO DE TUBOS E PECAS","ASTU","FORNEC E/OU ASSENT DE TUBO DE CONCRETO COM JUNTA E",51,"","",92846,"ASSENTAMENTO DE TUBO DE CONCRETO PARA REDES COLETORAS DE ESGOTO SANITÁRIO, DIÂMETRO DE 900 MM, JUNTA ELÁSTICA, INSTALADO EM LOCAL COM BAIXO NÍVEL DE INTERFERÊNCIAS (NÃO INCLUI FORNECIMENTO). AF_12/2015","M","ATRIBUÍDO SÃO PAULO",16.54,"COMPOSICAO",88246,"ASSENTADOR DE TUBOS COM ENCARGOS COMPLEMENTARES","H","COEFICIENTE DE REPRESENTATIVIDADE",0.161,21.04,3.38,"","","","","","","","","","",null,"CAIXA REFERENCIAL"]
["ASSENTAMENTO DE TUBOS E PECAS","ASTU","FORNEC E/OU ASSENT DE TUBO DE CONCRETO COM JUNTA E",51,"","",92846,"ASSENTAMENTO DE TUBO DE CONCRETO PARA REDES COLETORAS DE ESGOTO SANITÁRIO, DIÂMETRO DE 900 MM, JUNTA ELÁSTICA, INSTALADO EM LOCAL COM BAIXO NÍVEL DE INTERFERÊNCIAS (NÃO INCLUI FORNECIMENTO). AF_12/2015","M","ATRIBUÍDO SÃO PAULO",16.54,"COMPOSICAO",88316,"SERVENTE COM ENCARGOS COMPLEMENTARES","H","COLETADO",0.32200000000000001,14.67,4.72,"","","","","","","","","","",null,"CAIXA REFERENCIAL"]
["ASSENTAMENTO DE TUBOS E PECAS","ASTU","FORNEC E/OU ASSENT DE TUBO DE CONCRETO COM JUNTA E",51,"","",92847,"TUBO DE CONCRETO PARA REDES COLETORAS DE ESGOTO SANITÁRIO, DIÂMETRO DE 1000 MM, JUNTA ELÁSTICA, INSTALADO EM LOCAL COM BAIXO NÍVEL DE INTERFERÊNCIAS - FORNECIMENTO E ASSENTAMENTO. AF_12/2015","M","ATRIBUÍDO SÃO PAULO",717.98,"","","","","","","","",11.32,1.576975,701.9,97.759915399999997,"4,76","0,6631096","0,00","0,0000000","0,00","0,0000000",0,"CAIXA REFERENCIAL"]
["ASSENTAMENTO DE TUBOS E PECAS","ASTU","FORNEC E/OU ASSENT DE TUBO DE CONCRETO COM JUNTA E",51,"","",92847,"TUBO DE CONCRETO PARA REDES COLETORAS DE ESGOTO SANITÁRIO, DIÂMETRO DE 1000 MM, JUNTA ELÁSTICA, INSTALADO EM LOCAL COM BAIXO NÍVEL DE INTERFERÊNCIAS - FORNECIMENTO E ASSENTAMENTO. AF_12/2015","M","ATRIBUÍDO SÃO PAULO",717.98,"COMPOSICAO",5631,"ESCAVADEIRA HIDRÁULICA SOBRE ESTEIRAS, CAÇAMBA 0,80 M3, PESO OPERACIONAL 17 T, POTENCIA BRUTA 111 HP - CHP DIURNO. AF_06/2014","CHP","ATRIBUÍDO SÃO PAULO",3.7999999999999999E-2,126.79,4.8099999999999996,"","","","","","","","","","",null,"CAIXA REFERENCIAL"]
["ASSENTAMENTO DE TUBOS E PECAS","ASTU","FORNEC E/OU ASSENT DE TUBO DE CONCRETO COM JUNTA E",51,"","",92847,"TUBO DE CONCRETO PARA REDES COLETORAS DE ESGOTO SANITÁRIO, DIÂMETRO DE 1000 MM, JUNTA ELÁSTICA, INSTALADO EM LOCAL COM BAIXO NÍVEL DE INTERFERÊNCIAS - FORNECIMENTO E ASSENTAMENTO. AF_12/2015","M","ATRIBUÍDO SÃO PAULO",717.98,"COMPOSICAO",5632,"ESCAVADEIRA HIDRÁULICA SOBRE ESTEIRAS, CAÇAMBA 0,80 M3, PESO OPERACIONAL 17 T, POTENCIA BRUTA 111 HP - CHI DIURNO. AF_06/2014","CHI","ATRIBUÍDO SÃO PAULO",0.08,57.49,4.59,"","","","","","","","","","",null,"CAIXA REFERENCIAL"]
["ASSENTAMENTO DE TUBOS E PECAS","ASTU","FORNEC E/OU ASSENT DE TUBO DE CONCRETO COM JUNTA E",51,"","",92847,"TUBO DE CONCRETO PARA REDES COLETORAS DE ESGOTO SANITÁRIO, DIÂMETRO DE 1000 MM, JUNTA ELÁSTICA, INSTALADO EM LOCAL COM BAIXO NÍVEL DE INTERFERÊNCIAS - FORNECIMENTO E ASSENTAMENTO. AF_12/2015","M","ATRIBUÍDO SÃO PAULO",717.98,"INSUMO",7720,"TUBO DE CONCRETO ARMADO PARA ESGOTO SANITARIO, CLASSE EA-2, COM ENCAIXE PONTA E BOLSA, COM JUNTA ELASTICA, DIAMETRO NOMINAL DE 1000 MM","M","COEFICIENTE DE REPRESENTATIVIDADE",1.03,586.69000000000005,604.29,"","","","","","","","","","",null,"CAIXA REFERENCIAL"]
["ASSENTAMENTO DE TUBOS E PECAS","ASTU","FORNEC E/OU ASSENT DE TUBO DE CONCRETO COM JUNTA E",51,"","",92847,"TUBO DE CONCRETO PARA REDES COLETORAS DE ESGOTO SANITÁRIO, DIÂMETRO DE 1000 MM, JUNTA ELÁSTICA, INSTALADO EM LOCAL COM BAIXO NÍVEL DE INTERFERÊNCIAS - FORNECIMENTO E ASSENTAMENTO. AF_12/2015","M","ATRIBUÍDO SÃO PAULO",717.98,"INSUMO",40347,"ANEL DE VEDACAO/JUNTA ELASTICA, H = *21* MM, PARA TUBO DE CONCRETO DN 1000 MM","UN","COEFICIENTE DE REPRESENTATIVIDADE",0.5,187.21,93.6,"","","","","","","","","","",null,"CAIXA REFERENCIAL"]
["ASSENTAMENTO DE TUBOS E PECAS","ASTU","FORNEC E/OU ASSENT DE TUBO DE CONCRETO COM JUNTA E",51,"","",92847,"TUBO DE CONCRETO PARA REDES COLETORAS DE ESGOTO SANITÁRIO, DIÂMETRO DE 1000 MM, JUNTA ELÁSTICA, INSTALADO EM LOCAL COM BAIXO NÍVEL DE INTERFERÊNCIAS - FORNECIMENTO E ASSENTAMENTO. AF_12/2015","M","ATRIBUÍDO SÃO PAULO",717.98,"COMPOSICAO",88277,"MONTADOR (TUBO AÇO/EQUIPAMENTOS) COM ENCARGOS COMPLEMENTARES","H","COEFICIENTE DE REPRESENTATIVIDADE",0.17799999999999999,30.89,5.49,"","","","","","","","","","",null,"CAIXA REFERENCIAL"]
["ASSENTAMENTO DE TUBOS E PECAS","ASTU","FORNEC E/OU ASSENT DE TUBO DE CONCRETO COM JUNTA E",51,"","",92847,"TUBO DE CONCRETO PARA REDES COLETORAS DE ESGOTO SANITÁRIO, DIÂMETRO DE 1000 MM, JUNTA ELÁSTICA, INSTALADO EM LOCAL COM BAIXO NÍVEL DE INTERFERÊNCIAS - FORNECIMENTO E ASSENTAMENTO. AF_12/2015","M","ATRIBUÍDO SÃO PAULO",717.98,"COMPOSICAO",88316,"SERVENTE COM ENCARGOS COMPLEMENTARES","H","COLETADO",0.35499999999999998,14.67,5.2,"","","","","","","","","","",null,"CAIXA REFERENCIAL"]
["ASSENTAMENTO DE TUBOS E PECAS","ASTU","FORNEC E/OU ASSENT DE TUBO DE CONCRETO COM JUNTA E",51,"","",92848,"ASSENTAMENTO DE TUBO DE CONCRETO PARA REDES COLETORAS DE ESGOTO SANITÁRIO, DIÂMETRO DE 1000 MM, JUNTA ELÁSTICA, INSTALADO EM LOCAL COM BAIXO NÍVEL DE INTERFERÊNCIAS (NÃO INCLUI FORNECIMENTO). AF_12/2015","M","ATRIBUÍDO SÃO PAULO",18.34,"","","","","","","","",9.66,52.611325100000002,3.89,21.220450700000001,"4,79","26,1682242","0,00","0,0000000","0,00","0,0000000",0,"CAIXA REFERENCIAL"]
["ASSENTAMENTO DE TUBOS E PECAS","ASTU","FORNEC E/OU ASSENT DE TUBO DE CONCRETO COM JUNTA E",51,"","",92848,"ASSENTAMENTO DE TUBO DE CONCRETO PARA REDES COLETORAS DE ESGOTO SANITÁRIO, DIÂMETRO DE 1000 MM, JUNTA ELÁSTICA, INSTALADO EM LOCAL COM BAIXO NÍVEL DE INTERFERÊNCIAS (NÃO INCLUI FORNECIMENTO). AF_12/2015","M","ATRIBUÍDO SÃO PAULO",18.34,"COMPOSICAO",5631,"ESCAVADEIRA HIDRÁULICA SOBRE ESTEIRAS, CAÇAMBA 0,80 M3, PESO OPERACIONAL 17 T, POTENCIA BRUTA 111 HP - CHP DIURNO. AF_06/2014","CHP","ATRIBUÍDO SÃO PAULO",3.7999999999999999E-2,126.79,4.8099999999999996,"","","","","","","","","","",null,"CAIXA REFERENCIAL"]
["ASSENTAMENTO DE TUBOS E PECAS","ASTU","FORNEC E/OU ASSENT DE TUBO DE CONCRETO COM JUNTA E",51,"","",92848,"ASSENTAMENTO DE TUBO DE CONCRETO PARA REDES COLETORAS DE ESGOTO SANITÁRIO, DIÂMETRO DE 1000 MM, JUNTA ELÁSTICA, INSTALADO EM LOCAL COM BAIXO NÍVEL DE INTERFERÊNCIAS (NÃO INCLUI FORNECIMENTO). AF_12/2015","M","ATRIBUÍDO SÃO PAULO",18.34,"COMPOSICAO",5632,"ESCAVADEIRA HIDRÁULICA SOBRE ESTEIRAS, CAÇAMBA 0,80 M3, PESO OPERACIONAL 17 T, POTENCIA BRUTA 111 HP - CHI DIURNO. AF_06/2014","CHI","ATRIBUÍDO SÃO PAULO",0.08,57.49,4.59,"","","","","","","","","","",null,"CAIXA REFERENCIAL"]
["ASSENTAMENTO DE TUBOS E PECAS","ASTU","FORNEC E/OU ASSENT DE TUBO DE CONCRETO COM JUNTA E",51,"","",92848,"ASSENTAMENTO DE TUBO DE CONCRETO PARA REDES COLETORAS DE ESGOTO SANITÁRIO, DIÂMETRO DE 1000 MM, JUNTA ELÁSTICA, INSTALADO EM LOCAL COM BAIXO NÍVEL DE INTERFERÊNCIAS (NÃO INCLUI FORNECIMENTO). AF_12/2015","M","ATRIBUÍDO SÃO PAULO",18.34,"COMPOSICAO",88246,"ASSENTADOR DE TUBOS COM ENCARGOS COMPLEMENTARES","H","COEFICIENTE DE REPRESENTATIVIDADE",0.17799999999999999,21.04,3.74,"","","","","","","","","","",null,"CAIXA REFERENCIAL"]
["ASSENTAMENTO DE TUBOS E PECAS","ASTU","FORNEC E/OU ASSENT DE TUBO DE CONCRETO COM JUNTA E",51,"","",92848,"ASSENTAMENTO DE TUBO DE CONCRETO PARA REDES COLETORAS DE ESGOTO SANITÁRIO, DIÂMETRO DE 1000 MM, JUNTA ELÁSTICA, INSTALADO EM LOCAL COM BAIXO NÍVEL DE INTERFERÊNCIAS (NÃO INCLUI FORNECIMENTO). AF_12/2015","M","ATRIBUÍDO SÃO PAULO",18.34,"COMPOSICAO",88316,"SERVENTE COM ENCARGOS COMPLEMENTARES","H","COLETADO",0.35499999999999998,14.67,5.2,"","","","","","","","","","",null,"CAIXA REFERENCIAL"]
["ASSENTAMENTO DE TUBOS E PECAS","ASTU","FORNEC E/OU ASSENT DE TUBO DE CONCRETO COM JUNTA E",51,"","",92849,"TUBO DE CONCRETO PARA REDES COLETORAS DE ESGOTO SANITÁRIO, DIÂMETRO DE 300 MM, JUNTA ELÁSTICA, INSTALADO EM LOCAL COM ALTO NÍVEL DE INTERFERÊNCIAS - FORNECIMENTO E ASSENTAMENTO. AF_12/2015","M","ATRIBUÍDO SÃO PAULO",172.63,"","","","","","","","",7.37,4.2732068999999999,162.16999999999999,93.935177199999998,"3,09","1,7916159","0,00","0,0000000","0,00","0,0000000",0,"CAIXA REFERENCIAL"]
["ASSENTAMENTO DE TUBOS E PECAS","ASTU","FORNEC E/OU ASSENT DE TUBO DE CONCRETO COM JUNTA E",51,"","",92849,"TUBO DE CONCRETO PARA REDES COLETORAS DE ESGOTO SANITÁRIO, DIÂMETRO DE 300 MM, JUNTA ELÁSTICA, INSTALADO EM LOCAL COM ALTO NÍVEL DE INTERFERÊNCIAS - FORNECIMENTO E ASSENTAMENTO. AF_12/2015","M","ATRIBUÍDO SÃO PAULO",172.63,"COMPOSICAO",5631,"ESCAVADEIRA HIDRÁULICA SOBRE ESTEIRAS, CAÇAMBA 0,80 M3, PESO OPERACIONAL 17 T, POTENCIA BRUTA 111 HP - CHP DIURNO. AF_06/2014","CHP","ATRIBUÍDO SÃO PAULO",2.5000000000000001E-2,126.79,3.16,"","","","","","","","","","",null,"CAIXA REFERENCIAL"]
["ASSENTAMENTO DE TUBOS E PECAS","ASTU","FORNEC E/OU ASSENT DE TUBO DE CONCRETO COM JUNTA E",51,"","",92849,"TUBO DE CONCRETO PARA REDES COLETORAS DE ESGOTO SANITÁRIO, DIÂMETRO DE 300 MM, JUNTA ELÁSTICA, INSTALADO EM LOCAL COM ALTO NÍVEL DE INTERFERÊNCIAS - FORNECIMENTO E ASSENTAMENTO. AF_12/2015","M","ATRIBUÍDO SÃO PAULO",172.63,"COMPOSICAO",5632,"ESCAVADEIRA HIDRÁULICA SOBRE ESTEIRAS, CAÇAMBA 0,80 M3, PESO OPERACIONAL 17 T, POTENCIA BRUTA 111 HP - CHI DIURNO. AF_06/2014","CHI","ATRIBUÍDO SÃO PAULO",5.1999999999999998E-2,57.49,2.98,"","","","","","","","","","",null,"CAIXA REFERENCIAL"]
["ASSENTAMENTO DE TUBOS E PECAS","ASTU","FORNEC E/OU ASSENT DE TUBO DE CONCRETO COM JUNTA E",51,"","",92849,"TUBO DE CONCRETO PARA REDES COLETORAS DE ESGOTO SANITÁRIO, DIÂMETRO DE 300 MM, JUNTA ELÁSTICA, INSTALADO EM LOCAL COM ALTO NÍVEL DE INTERFERÊNCIAS - FORNECIMENTO E ASSENTAMENTO. AF_12/2015","M","ATRIBUÍDO SÃO PAULO",172.63,"INSUMO",40335,"TUBO DE CONCRETO ARMADO PARA ESGOTO SANITARIO, CLASSE EA-2, COM ENCAIXE PONTA E BOLSA, COM JUNTA ELASTICA, DIAMETRO NOMINAL DE 300 MM","M","COEFICIENTE DE REPRESENTATIVIDADE",1.03,122.75,126.43,"","","","","","","","","","",null,"CAIXA REFERENCIAL"]
["ASSENTAMENTO DE TUBOS E PECAS","ASTU","FORNEC E/OU ASSENT DE TUBO DE CONCRETO COM JUNTA E",51,"","",92849,"TUBO DE CONCRETO PARA REDES COLETORAS DE ESGOTO SANITÁRIO, DIÂMETRO DE 300 MM, JUNTA ELÁSTICA, INSTALADO EM LOCAL COM ALTO NÍVEL DE INTERFERÊNCIAS - FORNECIMENTO E ASSENTAMENTO. AF_12/2015","M","ATRIBUÍDO SÃO PAULO",172.63,"INSUMO",40340,"ANEL DE VEDACAO/JUNTA ELASTICA, H = *16* MM, PARA TUBO DE CONCRETO DN 300 MM","UN","COEFICIENTE DE REPRESENTATIVIDADE",0.5,66.2,33.1,"","","","","","","","","","",null,"CAIXA REFERENCIAL"]
["ASSENTAMENTO DE TUBOS E PECAS","ASTU","FORNEC E/OU ASSENT DE TUBO DE CONCRETO COM JUNTA E",51,"","",92849,"TUBO DE CONCRETO PARA REDES COLETORAS DE ESGOTO SANITÁRIO, DIÂMETRO DE 300 MM, JUNTA ELÁSTICA, INSTALADO EM LOCAL COM ALTO NÍVEL DE INTERFERÊNCIAS - FORNECIMENTO E ASSENTAMENTO. AF_12/2015","M","ATRIBUÍDO SÃO PAULO",172.63,"COMPOSICAO",88277,"MONTADOR (TUBO AÇO/EQUIPAMENTOS) COM ENCARGOS COMPLEMENTARES","H","COEFICIENTE DE REPRESENTATIVIDADE",0.11600000000000001,30.89,3.58,"","","","","","","","","","",null,"CAIXA REFERENCIAL"]
["ASSENTAMENTO DE TUBOS E PECAS","ASTU","FORNEC E/OU ASSENT DE TUBO DE CONCRETO COM JUNTA E",51,"","",92849,"TUBO DE CONCRETO PARA REDES COLETORAS DE ESGOTO SANITÁRIO, DIÂMETRO DE 300 MM, JUNTA ELÁSTICA, INSTALADO EM LOCAL COM ALTO NÍVEL DE INTERFERÊNCIAS - FORNECIMENTO E ASSENTAMENTO. AF_12/2015","M","ATRIBUÍDO SÃO PAULO",172.63,"COMPOSICAO",88316,"SERVENTE COM ENCARGOS COMPLEMENTARES","H","COLETADO",0.23100000000000001,14.67,3.38,"","","","","","","","","","",null,"CAIXA REFERENCIAL"]
["ASSENTAMENTO DE TUBOS E PECAS","ASTU","FORNEC E/OU ASSENT DE TUBO DE CONCRETO COM JUNTA E",51,"","",92850,"ASSENTAMENTO DE TUBO DE CONCRETO PARA REDES COLETORAS DE ESGOTO SANITÁRIO, DIÂMETRO DE 300 MM, JUNTA ELÁSTICA, INSTALADO EM LOCAL COM ALTO NÍVEL DE INTERFERÊNCIAS (NÃO INCLUI FORNECIMENTO). AF_12/2015","M","ATRIBUÍDO SÃO PAULO",11.96,"","","","","","","","",6.32,52.756573500000002,2.5099999999999998,21.034775199999999,"3,13","26,2086513","0,00","0,0000000","0,00","0,0000000",0,"CAIXA REFERENCIAL"]
["ASSENTAMENTO DE TUBOS E PECAS","ASTU","FORNEC E/OU ASSENT DE TUBO DE CONCRETO COM JUNTA E",51,"","",92850,"ASSENTAMENTO DE TUBO DE CONCRETO PARA REDES COLETORAS DE ESGOTO SANITÁRIO, DIÂMETRO DE 300 MM, JUNTA ELÁSTICA, INSTALADO EM LOCAL COM ALTO NÍVEL DE INTERFERÊNCIAS (NÃO INCLUI FORNECIMENTO). AF_12/2015","M","ATRIBUÍDO SÃO PAULO",11.96,"COMPOSICAO",5631,"ESCAVADEIRA HIDRÁULICA SOBRE ESTEIRAS, CAÇAMBA 0,80 M3, PESO OPERACIONAL 17 T, POTENCIA BRUTA 111 HP - CHP DIURNO. AF_06/2014","CHP","ATRIBUÍDO SÃO PAULO",2.5000000000000001E-2,126.79,3.16,"","","","","","","","","","",null,"CAIXA REFERENCIAL"]
["ASSENTAMENTO DE TUBOS E PECAS","ASTU","FORNEC E/OU ASSENT DE TUBO DE CONCRETO COM JUNTA E",51,"","",92850,"ASSENTAMENTO DE TUBO DE CONCRETO PARA REDES COLETORAS DE ESGOTO SANITÁRIO, DIÂMETRO DE 300 MM, JUNTA ELÁSTICA, INSTALADO EM LOCAL COM ALTO NÍVEL DE INTERFERÊNCIAS (NÃO INCLUI FORNECIMENTO). AF_12/2015","M","ATRIBUÍDO SÃO PAULO",11.96,"COMPOSICAO",5632,"ESCAVADEIRA HIDRÁULICA SOBRE ESTEIRAS, CAÇAMBA 0,80 M3, PESO OPERACIONAL 17 T, POTENCIA BRUTA 111 HP - CHI DIURNO. AF_06/2014","CHI","ATRIBUÍDO SÃO PAULO",5.1999999999999998E-2,57.49,2.98,"","","","","","","","","","",null,"CAIXA REFERENCIAL"]
["ASSENTAMENTO DE TUBOS E PECAS","ASTU","FORNEC E/OU ASSENT DE TUBO DE CONCRETO COM JUNTA E",51,"","",92850,"ASSENTAMENTO DE TUBO DE CONCRETO PARA REDES COLETORAS DE ESGOTO SANITÁRIO, DIÂMETRO DE 300 MM, JUNTA ELÁSTICA, INSTALADO EM LOCAL COM ALTO NÍVEL DE INTERFERÊNCIAS (NÃO INCLUI FORNECIMENTO). AF_12/2015","M","ATRIBUÍDO SÃO PAULO",11.96,"COMPOSICAO",88246,"ASSENTADOR DE TUBOS COM ENCARGOS COMPLEMENTARES","H","COEFICIENTE DE REPRESENTATIVIDADE",0.11600000000000001,21.04,2.44,"","","","","","","","","","",null,"CAIXA REFERENCIAL"]
["ASSENTAMENTO DE TUBOS E PECAS","ASTU","FORNEC E/OU ASSENT DE TUBO DE CONCRETO COM JUNTA E",51,"","",92850,"ASSENTAMENTO DE TUBO DE CONCRETO PARA REDES COLETORAS DE ESGOTO SANITÁRIO, DIÂMETRO DE 300 MM, JUNTA ELÁSTICA, INSTALADO EM LOCAL COM ALTO NÍVEL DE INTERFERÊNCIAS (NÃO INCLUI FORNECIMENTO). AF_12/2015","M","ATRIBUÍDO SÃO PAULO",11.96,"COMPOSICAO",88316,"SERVENTE COM ENCARGOS COMPLEMENTARES","H","COLETADO",0.23100000000000001,14.67,3.38,"","","","","","","","","","",null,"CAIXA REFERENCIAL"]
["ASSENTAMENTO DE TUBOS E PECAS","ASTU","FORNEC E/OU ASSENT DE TUBO DE CONCRETO COM JUNTA E",51,"","",92851,"TUBO DE CONCRETO PARA REDES COLETORAS DE ESGOTO SANITÁRIO, DIÂMETRO DE 400 MM, JUNTA ELÁSTICA, INSTALADO EM LOCAL COM ALTO NÍVEL DE INTERFERÊNCIAS - FORNECIMENTO E ASSENTAMENTO. AF_12/2015","M","ATRIBUÍDO SÃO PAULO",185.43,"","","","","","","","",9.36,5.0512682,172.18,92.849433399999995,"3,89","2,0992984","0,00","0,0000000","0,00","0,0000000",0,"CAIXA REFERENCIAL"]
["ASSENTAMENTO DE TUBOS E PECAS","ASTU","FORNEC E/OU ASSENT DE TUBO DE CONCRETO COM JUNTA E",51,"","",92851,"TUBO DE CONCRETO PARA REDES COLETORAS DE ESGOTO SANITÁRIO, DIÂMETRO DE 400 MM, JUNTA ELÁSTICA, INSTALADO EM LOCAL COM ALTO NÍVEL DE INTERFERÊNCIAS - FORNECIMENTO E ASSENTAMENTO. AF_12/2015","M","ATRIBUÍDO SÃO PAULO",185.43,"COMPOSICAO",5631,"ESCAVADEIRA HIDRÁULICA SOBRE ESTEIRAS, CAÇAMBA 0,80 M3, PESO OPERACIONAL 17 T, POTENCIA BRUTA 111 HP - CHP DIURNO. AF_06/2014","CHP","ATRIBUÍDO SÃO PAULO",3.1E-2,126.79,3.93,"","","","","","","","","","",null,"CAIXA REFERENCIAL"]
["ASSENTAMENTO DE TUBOS E PECAS","ASTU","FORNEC E/OU ASSENT DE TUBO DE CONCRETO COM JUNTA E",51,"","",92851,"TUBO DE CONCRETO PARA REDES COLETORAS DE ESGOTO SANITÁRIO, DIÂMETRO DE 400 MM, JUNTA ELÁSTICA, INSTALADO EM LOCAL COM ALTO NÍVEL DE INTERFERÊNCIAS - FORNECIMENTO E ASSENTAMENTO. AF_12/2015","M","ATRIBUÍDO SÃO PAULO",185.43,"COMPOSICAO",5632,"ESCAVADEIRA HIDRÁULICA SOBRE ESTEIRAS, CAÇAMBA 0,80 M3, PESO OPERACIONAL 17 T, POTENCIA BRUTA 111 HP - CHI DIURNO. AF_06/2014","CHI","ATRIBUÍDO SÃO PAULO",6.6000000000000003E-2,57.49,3.79,"","","","","","","","","","",null,"CAIXA REFERENCIAL"]
["ASSENTAMENTO DE TUBOS E PECAS","ASTU","FORNEC E/OU ASSENT DE TUBO DE CONCRETO COM JUNTA E",51,"","",92851,"TUBO DE CONCRETO PARA REDES COLETORAS DE ESGOTO SANITÁRIO, DIÂMETRO DE 400 MM, JUNTA ELÁSTICA, INSTALADO EM LOCAL COM ALTO NÍVEL DE INTERFERÊNCIAS - FORNECIMENTO E ASSENTAMENTO. AF_12/2015","M","ATRIBUÍDO SÃO PAULO",185.43,"INSUMO",7740,"TUBO DE CONCRETO ARMADO PARA ESGOTO SANITARIO, CLASSE EA-2, COM ENCAIXE PONTA E BOLSA, COM JUNTA ELASTICA, DIAMETRO NOMINAL DE 400 MM","M","COEFICIENTE DE REPRESENTATIVIDADE",1.03,125.89,129.66,"","","","","","","","","","",null,"CAIXA REFERENCIAL"]
["ASSENTAMENTO DE TUBOS E PECAS","ASTU","FORNEC E/OU ASSENT DE TUBO DE CONCRETO COM JUNTA E",51,"","",92851,"TUBO DE CONCRETO PARA REDES COLETORAS DE ESGOTO SANITÁRIO, DIÂMETRO DE 400 MM, JUNTA ELÁSTICA, INSTALADO EM LOCAL COM ALTO NÍVEL DE INTERFERÊNCIAS - FORNECIMENTO E ASSENTAMENTO. AF_12/2015","M","ATRIBUÍDO SÃO PAULO",185.43,"INSUMO",40341,"ANEL DE VEDACAO/JUNTA ELASTICA, H = *16* MM, PARA TUBO DE CONCRETO DN 400 MM","UN","COEFICIENTE DE REPRESENTATIVIDADE",0.5,78.39,39.19,"","","","","","","","","","",null,"CAIXA REFERENCIAL"]
["ASSENTAMENTO DE TUBOS E PECAS","ASTU","FORNEC E/OU ASSENT DE TUBO DE CONCRETO COM JUNTA E",51,"","",92851,"TUBO DE CONCRETO PARA REDES COLETORAS DE ESGOTO SANITÁRIO, DIÂMETRO DE 400 MM, JUNTA ELÁSTICA, INSTALADO EM LOCAL COM ALTO NÍVEL DE INTERFERÊNCIAS - FORNECIMENTO E ASSENTAMENTO. AF_12/2015","M","ATRIBUÍDO SÃO PAULO",185.43,"COMPOSICAO",88277,"MONTADOR (TUBO AÇO/EQUIPAMENTOS) COM ENCARGOS COMPLEMENTARES","H","COEFICIENTE DE REPRESENTATIVIDADE",0.14699999999999999,30.89,4.54,"","","","","","","","","","",null,"CAIXA REFERENCIAL"]
["ASSENTAMENTO DE TUBOS E PECAS","ASTU","FORNEC E/OU ASSENT DE TUBO DE CONCRETO COM JUNTA E",51,"","",92851,"TUBO DE CONCRETO PARA REDES COLETORAS DE ESGOTO SANITÁRIO, DIÂMETRO DE 400 MM, JUNTA ELÁSTICA, INSTALADO EM LOCAL COM ALTO NÍVEL DE INTERFERÊNCIAS - FORNECIMENTO E ASSENTAMENTO. AF_12/2015","M","ATRIBUÍDO SÃO PAULO",185.43,"COMPOSICAO",88316,"SERVENTE COM ENCARGOS COMPLEMENTARES","H","COLETADO",0.29499999999999998,14.67,4.32,"","","","","","","","","","",null,"CAIXA REFERENCIAL"]
["ASSENTAMENTO DE TUBOS E PECAS","ASTU","FORNEC E/OU ASSENT DE TUBO DE CONCRETO COM JUNTA E",51,"","",92852,"ASSENTAMENTO DE TUBO DE CONCRETO PARA REDES COLETORAS DE ESGOTO SANITÁRIO, DIÂMETRO DE 400 MM, JUNTA ELÁSTICA, INSTALADO EM LOCAL COM ALTO NÍVEL DE INTERFERÊNCIAS (NÃO INCLUI FORNECIMENTO). AF_12/2015","M","ATRIBUÍDO SÃO PAULO",15.13,"","","","","","","","",7.99,52.7648236,3.22,21.3191205,"3,92","25,9160559","0,00","0,0000000","0,00","0,0000000",0,"CAIXA REFERENCIAL"]
["ASSENTAMENTO DE TUBOS E PECAS","ASTU","FORNEC E/OU ASSENT DE TUBO DE CONCRETO COM JUNTA E",51,"","",92852,"ASSENTAMENTO DE TUBO DE CONCRETO PARA REDES COLETORAS DE ESGOTO SANITÁRIO, DIÂMETRO DE 400 MM, JUNTA ELÁSTICA, INSTALADO EM LOCAL COM ALTO NÍVEL DE INTERFERÊNCIAS (NÃO INCLUI FORNECIMENTO). AF_12/2015","M","ATRIBUÍDO SÃO PAULO",15.13,"COMPOSICAO",5631,"ESCAVADEIRA HIDRÁULICA SOBRE ESTEIRAS, CAÇAMBA 0,80 M3, PESO OPERACIONAL 17 T, POTENCIA BRUTA 111 HP - CHP DIURNO. AF_06/2014","CHP","ATRIBUÍDO SÃO PAULO",3.1E-2,126.79,3.93,"","","","","","","","","","",null,"CAIXA REFERENCIAL"]
["ASSENTAMENTO DE TUBOS E PECAS","ASTU","FORNEC E/OU ASSENT DE TUBO DE CONCRETO COM JUNTA E",51,"","",92852,"ASSENTAMENTO DE TUBO DE CONCRETO PARA REDES COLETORAS DE ESGOTO SANITÁRIO, DIÂMETRO DE 400 MM, JUNTA ELÁSTICA, INSTALADO EM LOCAL COM ALTO NÍVEL DE INTERFERÊNCIAS (NÃO INCLUI FORNECIMENTO). AF_12/2015","M","ATRIBUÍDO SÃO PAULO",15.13,"COMPOSICAO",5632,"ESCAVADEIRA HIDRÁULICA SOBRE ESTEIRAS, CAÇAMBA 0,80 M3, PESO OPERACIONAL 17 T, POTENCIA BRUTA 111 HP - CHI DIURNO. AF_06/2014","CHI","ATRIBUÍDO SÃO PAULO",6.6000000000000003E-2,57.49,3.79,"","","","","","","","","","",null,"CAIXA REFERENCIAL"]
["ASSENTAMENTO DE TUBOS E PECAS","ASTU","FORNEC E/OU ASSENT DE TUBO DE CONCRETO COM JUNTA E",51,"","",92852,"ASSENTAMENTO DE TUBO DE CONCRETO PARA REDES COLETORAS DE ESGOTO SANITÁRIO, DIÂMETRO DE 400 MM, JUNTA ELÁSTICA, INSTALADO EM LOCAL COM ALTO NÍVEL DE INTERFERÊNCIAS (NÃO INCLUI FORNECIMENTO). AF_12/2015","M","ATRIBUÍDO SÃO PAULO",15.13,"COMPOSICAO",88246,"ASSENTADOR DE TUBOS COM ENCARGOS COMPLEMENTARES","H","COEFICIENTE DE REPRESENTATIVIDADE",0.14699999999999999,21.04,3.09,"","","","","","","","","","",null,"CAIXA REFERENCIAL"]
["ASSENTAMENTO DE TUBOS E PECAS","ASTU","FORNEC E/OU ASSENT DE TUBO DE CONCRETO COM JUNTA E",51,"","",92852,"ASSENTAMENTO DE TUBO DE CONCRETO PARA REDES COLETORAS DE ESGOTO SANITÁRIO, DIÂMETRO DE 400 MM, JUNTA ELÁSTICA, INSTALADO EM LOCAL COM ALTO NÍVEL DE INTERFERÊNCIAS (NÃO INCLUI FORNECIMENTO). AF_12/2015","M","ATRIBUÍDO SÃO PAULO",15.13,"COMPOSICAO",88316,"SERVENTE COM ENCARGOS COMPLEMENTARES","H","COLETADO",0.29499999999999998,14.67,4.32,"","","","","","","","","","",null,"CAIXA REFERENCIAL"]
["ASSENTAMENTO DE TUBOS E PECAS","ASTU","FORNEC E/OU ASSENT DE TUBO DE CONCRETO COM JUNTA E",51,"","",92853,"TUBO DE CONCRETO PARA REDES COLETORAS DE ESGOTO SANITÁRIO, DIÂMETRO DE 500 MM, JUNTA ELÁSTICA, INSTALADO EM LOCAL COM ALTO NÍVEL DE INTERFERÊNCIAS - FORNECIMENTO E ASSENTAMENTO. AF_12/2015","M","ATRIBUÍDO SÃO PAULO",309.75,"","","","","","","","",11.39,3.6789404999999999,293.60000000000002,94.783591799999996,"4,76","1,5374677","0,00","0,0000000","0,00","0,0000000",0,"CAIXA REFERENCIAL"]
["ASSENTAMENTO DE TUBOS E PECAS","ASTU","FORNEC E/OU ASSENT DE TUBO DE CONCRETO COM JUNTA E",51,"","",92853,"TUBO DE CONCRETO PARA REDES COLETORAS DE ESGOTO SANITÁRIO, DIÂMETRO DE 500 MM, JUNTA ELÁSTICA, INSTALADO EM LOCAL COM ALTO NÍVEL DE INTERFERÊNCIAS - FORNECIMENTO E ASSENTAMENTO. AF_12/2015","M","ATRIBUÍDO SÃO PAULO",309.75,"COMPOSICAO",5631,"ESCAVADEIRA HIDRÁULICA SOBRE ESTEIRAS, CAÇAMBA 0,80 M3, PESO OPERACIONAL 17 T, POTENCIA BRUTA 111 HP - CHP DIURNO. AF_06/2014","CHP","ATRIBUÍDO SÃO PAULO",3.7999999999999999E-2,126.79,4.8099999999999996,"","","","","","","","","","",null,"CAIXA REFERENCIAL"]
["ASSENTAMENTO DE TUBOS E PECAS","ASTU","FORNEC E/OU ASSENT DE TUBO DE CONCRETO COM JUNTA E",51,"","",92853,"TUBO DE CONCRETO PARA REDES COLETORAS DE ESGOTO SANITÁRIO, DIÂMETRO DE 500 MM, JUNTA ELÁSTICA, INSTALADO EM LOCAL COM ALTO NÍVEL DE INTERFERÊNCIAS - FORNECIMENTO E ASSENTAMENTO. AF_12/2015","M","ATRIBUÍDO SÃO PAULO",309.75,"COMPOSICAO",5632,"ESCAVADEIRA HIDRÁULICA SOBRE ESTEIRAS, CAÇAMBA 0,80 M3, PESO OPERACIONAL 17 T, POTENCIA BRUTA 111 HP - CHI DIURNO. AF_06/2014","CHI","ATRIBUÍDO SÃO PAULO",0.08,57.49,4.59,"","","","","","","","","","",null,"CAIXA REFERENCIAL"]
["ASSENTAMENTO DE TUBOS E PECAS","ASTU","FORNEC E/OU ASSENT DE TUBO DE CONCRETO COM JUNTA E",51,"","",92853,"TUBO DE CONCRETO PARA REDES COLETORAS DE ESGOTO SANITÁRIO, DIÂMETRO DE 500 MM, JUNTA ELÁSTICA, INSTALADO EM LOCAL COM ALTO NÍVEL DE INTERFERÊNCIAS - FORNECIMENTO E ASSENTAMENTO. AF_12/2015","M","ATRIBUÍDO SÃO PAULO",309.75,"INSUMO",7741,"TUBO DE CONCRETO ARMADO PARA ESGOTO SANITARIO, CLASSE EA-2, COM ENCAIXE PONTA E BOLSA, COM JUNTA ELASTICA, DIAMETRO NOMINAL DE 500 MM","M","COEFICIENTE DE REPRESENTATIVIDADE",1.03,232.91,239.89,"","","","","","","","","","",null,"CAIXA REFERENCIAL"]
["ASSENTAMENTO DE TUBOS E PECAS","ASTU","FORNEC E/OU ASSENT DE TUBO DE CONCRETO COM JUNTA E",51,"","",92853,"TUBO DE CONCRETO PARA REDES COLETORAS DE ESGOTO SANITÁRIO, DIÂMETRO DE 500 MM, JUNTA ELÁSTICA, INSTALADO EM LOCAL COM ALTO NÍVEL DE INTERFERÊNCIAS - FORNECIMENTO E ASSENTAMENTO. AF_12/2015","M","ATRIBUÍDO SÃO PAULO",309.75,"INSUMO",40342,"ANEL DE VEDACAO/JUNTA ELASTICA, H = *16* MM, PARA TUBO DE CONCRETO DN 500 MM","UN","COEFICIENTE DE REPRESENTATIVIDADE",0.5,99.38,49.69,"","","","","","","","","","",null,"CAIXA REFERENCIAL"]
["ASSENTAMENTO DE TUBOS E PECAS","ASTU","FORNEC E/OU ASSENT DE TUBO DE CONCRETO COM JUNTA E",51,"","",92853,"TUBO DE CONCRETO PARA REDES COLETORAS DE ESGOTO SANITÁRIO, DIÂMETRO DE 500 MM, JUNTA ELÁSTICA, INSTALADO EM LOCAL COM ALTO NÍVEL DE INTERFERÊNCIAS - FORNECIMENTO E ASSENTAMENTO. AF_12/2015","M","ATRIBUÍDO SÃO PAULO",309.75,"COMPOSICAO",88277,"MONTADOR (TUBO AÇO/EQUIPAMENTOS) COM ENCARGOS COMPLEMENTARES","H","COEFICIENTE DE REPRESENTATIVIDADE",0.17899999999999999,30.89,5.52,"","","","","","","","","","",null,"CAIXA REFERENCIAL"]
["ASSENTAMENTO DE TUBOS E PECAS","ASTU","FORNEC E/OU ASSENT DE TUBO DE CONCRETO COM JUNTA E",51,"","",92853,"TUBO DE CONCRETO PARA REDES COLETORAS DE ESGOTO SANITÁRIO, DIÂMETRO DE 500 MM, JUNTA ELÁSTICA, INSTALADO EM LOCAL COM ALTO NÍVEL DE INTERFERÊNCIAS - FORNECIMENTO E ASSENTAMENTO. AF_12/2015","M","ATRIBUÍDO SÃO PAULO",309.75,"COMPOSICAO",88316,"SERVENTE COM ENCARGOS COMPLEMENTARES","H","COLETADO",0.35799999999999998,14.67,5.25,"","","","","","","","","","",null,"CAIXA REFERENCIAL"]
["ASSENTAMENTO DE TUBOS E PECAS","ASTU","FORNEC E/OU ASSENT DE TUBO DE CONCRETO COM JUNTA E",51,"","",92854,"ASSENTAMENTO DE TUBO DE CONCRETO PARA REDES COLETORAS DE ESGOTO SANITÁRIO, DIÂMETRO DE 500 MM, JUNTA ELÁSTICA, INSTALADO EM LOCAL COM ALTO NÍVEL DE INTERFERÊNCIAS (NÃO INCLUI FORNECIMENTO). AF_12/2015","M","ATRIBUÍDO SÃO PAULO",18.41,"","","","","","","","",9.7200000000000006,52.738225800000002,3.9,21.1938663,"4,79","26,0679079","0,00","0,0000000","0,00","0,0000000",0,"CAIXA REFERENCIAL"]
["ASSENTAMENTO DE TUBOS E PECAS","ASTU","FORNEC E/OU ASSENT DE TUBO DE CONCRETO COM JUNTA E",51,"","",92854,"ASSENTAMENTO DE TUBO DE CONCRETO PARA REDES COLETORAS DE ESGOTO SANITÁRIO, DIÂMETRO DE 500 MM, JUNTA ELÁSTICA, INSTALADO EM LOCAL COM ALTO NÍVEL DE INTERFERÊNCIAS (NÃO INCLUI FORNECIMENTO). AF_12/2015","M","ATRIBUÍDO SÃO PAULO",18.41,"COMPOSICAO",5631,"ESCAVADEIRA HIDRÁULICA SOBRE ESTEIRAS, CAÇAMBA 0,80 M3, PESO OPERACIONAL 17 T, POTENCIA BRUTA 111 HP - CHP DIURNO. AF_06/2014","CHP","ATRIBUÍDO SÃO PAULO",3.7999999999999999E-2,126.79,4.8099999999999996,"","","","","","","","","","",null,"CAIXA REFERENCIAL"]
["ASSENTAMENTO DE TUBOS E PECAS","ASTU","FORNEC E/OU ASSENT DE TUBO DE CONCRETO COM JUNTA E",51,"","",92854,"ASSENTAMENTO DE TUBO DE CONCRETO PARA REDES COLETORAS DE ESGOTO SANITÁRIO, DIÂMETRO DE 500 MM, JUNTA ELÁSTICA, INSTALADO EM LOCAL COM ALTO NÍVEL DE INTERFERÊNCIAS (NÃO INCLUI FORNECIMENTO). AF_12/2015","M","ATRIBUÍDO SÃO PAULO",18.41,"COMPOSICAO",5632,"ESCAVADEIRA HIDRÁULICA SOBRE ESTEIRAS, CAÇAMBA 0,80 M3, PESO OPERACIONAL 17 T, POTENCIA BRUTA 111 HP - CHI DIURNO. AF_06/2014","CHI","ATRIBUÍDO SÃO PAULO",0.08,57.49,4.59,"","","","","","","","","","",null,"CAIXA REFERENCIAL"]
["ASSENTAMENTO DE TUBOS E PECAS","ASTU","FORNEC E/OU ASSENT DE TUBO DE CONCRETO COM JUNTA E",51,"","",92854,"ASSENTAMENTO DE TUBO DE CONCRETO PARA REDES COLETORAS DE ESGOTO SANITÁRIO, DIÂMETRO DE 500 MM, JUNTA ELÁSTICA, INSTALADO EM LOCAL COM ALTO NÍVEL DE INTERFERÊNCIAS (NÃO INCLUI FORNECIMENTO). AF_12/2015","M","ATRIBUÍDO SÃO PAULO",18.41,"COMPOSICAO",88246,"ASSENTADOR DE TUBOS COM ENCARGOS COMPLEMENTARES","H","COEFICIENTE DE REPRESENTATIVIDADE",0.17899999999999999,21.04,3.76,"","","","","","","","","","",null,"CAIXA REFERENCIAL"]
["ASSENTAMENTO DE TUBOS E PECAS","ASTU","FORNEC E/OU ASSENT DE TUBO DE CONCRETO COM JUNTA E",51,"","",92854,"ASSENTAMENTO DE TUBO DE CONCRETO PARA REDES COLETORAS DE ESGOTO SANITÁRIO, DIÂMETRO DE 500 MM, JUNTA ELÁSTICA, INSTALADO EM LOCAL COM ALTO NÍVEL DE INTERFERÊNCIAS (NÃO INCLUI FORNECIMENTO). AF_12/2015","M","ATRIBUÍDO SÃO PAULO",18.41,"COMPOSICAO",88316,"SERVENTE COM ENCARGOS COMPLEMENTARES","H","COLETADO",0.35799999999999998,14.67,5.25,"","","","","","","","","","",null,"CAIXA REFERENCIAL"]
["ASSENTAMENTO DE TUBOS E PECAS","ASTU","FORNEC E/OU ASSENT DE TUBO DE CONCRETO COM JUNTA E",51,"","",92855,"TUBO DE CONCRETO PARA REDES COLETORAS DE ESGOTO SANITÁRIO, DIÂMETRO DE 600 MM, JUNTA ELÁSTICA, INSTALADO EM LOCAL COM ALTO NÍVEL DE INTERFERÊNCIAS - FORNECIMENTO E ASSENTAMENTO. AF_12/2015","M","ATRIBUÍDO SÃO PAULO",379.1,"","","","","","","","",13.42,3.5415511999999998,360.06,94.975325299999994,"5,62","1,4831235","0,00","0,0000000","0,00","0,0000000",0,"CAIXA REFERENCIAL"]
["ASSENTAMENTO DE TUBOS E PECAS","ASTU","FORNEC E/OU ASSENT DE TUBO DE CONCRETO COM JUNTA E",51,"","",92855,"TUBO DE CONCRETO PARA REDES COLETORAS DE ESGOTO SANITÁRIO, DIÂMETRO DE 600 MM, JUNTA ELÁSTICA, INSTALADO EM LOCAL COM ALTO NÍVEL DE INTERFERÊNCIAS - FORNECIMENTO E ASSENTAMENTO. AF_12/2015","M","ATRIBUÍDO SÃO PAULO",379.1,"COMPOSICAO",5631,"ESCAVADEIRA HIDRÁULICA SOBRE ESTEIRAS, CAÇAMBA 0,80 M3, PESO OPERACIONAL 17 T, POTENCIA BRUTA 111 HP - CHP DIURNO. AF_06/2014","CHP","ATRIBUÍDO SÃO PAULO",4.4999999999999998E-2,126.79,5.7,"","","","","","","","","","",null,"CAIXA REFERENCIAL"]
["ASSENTAMENTO DE TUBOS E PECAS","ASTU","FORNEC E/OU ASSENT DE TUBO DE CONCRETO COM JUNTA E",51,"","",92855,"TUBO DE CONCRETO PARA REDES COLETORAS DE ESGOTO SANITÁRIO, DIÂMETRO DE 600 MM, JUNTA ELÁSTICA, INSTALADO EM LOCAL COM ALTO NÍVEL DE INTERFERÊNCIAS - FORNECIMENTO E ASSENTAMENTO. AF_12/2015","M","ATRIBUÍDO SÃO PAULO",379.1,"COMPOSICAO",5632,"ESCAVADEIRA HIDRÁULICA SOBRE ESTEIRAS, CAÇAMBA 0,80 M3, PESO OPERACIONAL 17 T, POTENCIA BRUTA 111 HP - CHI DIURNO. AF_06/2014","CHI","ATRIBUÍDO SÃO PAULO",9.4E-2,57.49,5.4,"","","","","","","","","","",null,"CAIXA REFERENCIAL"]
["ASSENTAMENTO DE TUBOS E PECAS","ASTU","FORNEC E/OU ASSENT DE TUBO DE CONCRETO COM JUNTA E",51,"","",92855,"TUBO DE CONCRETO PARA REDES COLETORAS DE ESGOTO SANITÁRIO, DIÂMETRO DE 600 MM, JUNTA ELÁSTICA, INSTALADO EM LOCAL COM ALTO NÍVEL DE INTERFERÊNCIAS - FORNECIMENTO E ASSENTAMENTO. AF_12/2015","M","ATRIBUÍDO SÃO PAULO",379.1,"INSUMO",7774,"TUBO DE CONCRETO ARMADO PARA ESGOTO SANITARIO, CLASSE EA-2, COM ENCAIXE PONTA E BOLSA, COM JUNTA ELASTICA, DIAMETRO NOMINAL DE 600 MM","M","COEFICIENTE DE REPRESENTATIVIDADE",1.03,285.79000000000002,294.36,"","","","","","","","","","",null,"CAIXA REFERENCIAL"]
["ASSENTAMENTO DE TUBOS E PECAS","ASTU","FORNEC E/OU ASSENT DE TUBO DE CONCRETO COM JUNTA E",51,"","",92855,"TUBO DE CONCRETO PARA REDES COLETORAS DE ESGOTO SANITÁRIO, DIÂMETRO DE 600 MM, JUNTA ELÁSTICA, INSTALADO EM LOCAL COM ALTO NÍVEL DE INTERFERÊNCIAS - FORNECIMENTO E ASSENTAMENTO. AF_12/2015","M","ATRIBUÍDO SÃO PAULO",379.1,"INSUMO",40343,"ANEL DE VEDACAO/JUNTA ELASTICA, H = *16* MM, PARA TUBO DE CONCRETO DN 600 MM","UN","COEFICIENTE DE REPRESENTATIVIDADE",0.5,121.92,60.96,"","","","","","","","","","",null,"CAIXA REFERENCIAL"]
["ASSENTAMENTO DE TUBOS E PECAS","ASTU","FORNEC E/OU ASSENT DE TUBO DE CONCRETO COM JUNTA E",51,"","",92855,"TUBO DE CONCRETO PARA REDES COLETORAS DE ESGOTO SANITÁRIO, DIÂMETRO DE 600 MM, JUNTA ELÁSTICA, INSTALADO EM LOCAL COM ALTO NÍVEL DE INTERFERÊNCIAS - FORNECIMENTO E ASSENTAMENTO. AF_12/2015","M","ATRIBUÍDO SÃO PAULO",379.1,"COMPOSICAO",88277,"MONTADOR (TUBO AÇO/EQUIPAMENTOS) COM ENCARGOS COMPLEMENTARES","H","COEFICIENTE DE REPRESENTATIVIDADE",0.21099999999999999,30.89,6.51,"","","","","","","","","","",null,"CAIXA REFERENCIAL"]
["ASSENTAMENTO DE TUBOS E PECAS","ASTU","FORNEC E/OU ASSENT DE TUBO DE CONCRETO COM JUNTA E",51,"","",92855,"TUBO DE CONCRETO PARA REDES COLETORAS DE ESGOTO SANITÁRIO, DIÂMETRO DE 600 MM, JUNTA ELÁSTICA, INSTALADO EM LOCAL COM ALTO NÍVEL DE INTERFERÊNCIAS - FORNECIMENTO E ASSENTAMENTO. AF_12/2015","M","ATRIBUÍDO SÃO PAULO",379.1,"COMPOSICAO",88316,"SERVENTE COM ENCARGOS COMPLEMENTARES","H","COLETADO",0.42099999999999999,14.67,6.17,"","","","","","","","","","",null,"CAIXA REFERENCIAL"]
["ASSENTAMENTO DE TUBOS E PECAS","ASTU","FORNEC E/OU ASSENT DE TUBO DE CONCRETO COM JUNTA E",51,"","",92856,"ASSENTAMENTO DE TUBO DE CONCRETO PARA REDES COLETORAS DE ESGOTO SANITÁRIO, DIÂMETRO DE 600 MM, JUNTA ELÁSTICA, INSTALADO EM LOCAL COM ALTO NÍVEL DE INTERFERÊNCIAS (NÃO INCLUI FORNECIMENTO). AF_12/2015","M","ATRIBUÍDO SÃO PAULO",21.7,"","","","","","","","",11.44,52.670692099999997,4.5999999999999996,21.226196000000002,"5,66","26,1031119","0,00","0,0000000","0,00","0,0000000",0,"CAIXA REFERENCIAL"]
["ASSENTAMENTO DE TUBOS E PECAS","ASTU","FORNEC E/OU ASSENT DE TUBO DE CONCRETO COM JUNTA E",51,"","",92856,"ASSENTAMENTO DE TUBO DE CONCRETO PARA REDES COLETORAS DE ESGOTO SANITÁRIO, DIÂMETRO DE 600 MM, JUNTA ELÁSTICA, INSTALADO EM LOCAL COM ALTO NÍVEL DE INTERFERÊNCIAS (NÃO INCLUI FORNECIMENTO). AF_12/2015","M","ATRIBUÍDO SÃO PAULO",21.7,"COMPOSICAO",5631,"ESCAVADEIRA HIDRÁULICA SOBRE ESTEIRAS, CAÇAMBA 0,80 M3, PESO OPERACIONAL 17 T, POTENCIA BRUTA 111 HP - CHP DIURNO. AF_06/2014","CHP","ATRIBUÍDO SÃO PAULO",4.4999999999999998E-2,126.79,5.7,"","","","","","","","","","",null,"CAIXA REFERENCIAL"]
["ASSENTAMENTO DE TUBOS E PECAS","ASTU","FORNEC E/OU ASSENT DE TUBO DE CONCRETO COM JUNTA E",51,"","",92856,"ASSENTAMENTO DE TUBO DE CONCRETO PARA REDES COLETORAS DE ESGOTO SANITÁRIO, DIÂMETRO DE 600 MM, JUNTA ELÁSTICA, INSTALADO EM LOCAL COM ALTO NÍVEL DE INTERFERÊNCIAS (NÃO INCLUI FORNECIMENTO). AF_12/2015","M","ATRIBUÍDO SÃO PAULO",21.7,"COMPOSICAO",5632,"ESCAVADEIRA HIDRÁULICA SOBRE ESTEIRAS, CAÇAMBA 0,80 M3, PESO OPERACIONAL 17 T, POTENCIA BRUTA 111 HP - CHI DIURNO. AF_06/2014","CHI","ATRIBUÍDO SÃO PAULO",9.4E-2,57.49,5.4,"","","","","","","","","","",null,"CAIXA REFERENCIAL"]
["ASSENTAMENTO DE TUBOS E PECAS","ASTU","FORNEC E/OU ASSENT DE TUBO DE CONCRETO COM JUNTA E",51,"","",92856,"ASSENTAMENTO DE TUBO DE CONCRETO PARA REDES COLETORAS DE ESGOTO SANITÁRIO, DIÂMETRO DE 600 MM, JUNTA ELÁSTICA, INSTALADO EM LOCAL COM ALTO NÍVEL DE INTERFERÊNCIAS (NÃO INCLUI FORNECIMENTO). AF_12/2015","M","ATRIBUÍDO SÃO PAULO",21.7,"COMPOSICAO",88246,"ASSENTADOR DE TUBOS COM ENCARGOS COMPLEMENTARES","H","COEFICIENTE DE REPRESENTATIVIDADE",0.21099999999999999,21.04,4.43,"","","","","","","","","","",null,"CAIXA REFERENCIAL"]
["ASSENTAMENTO DE TUBOS E PECAS","ASTU","FORNEC E/OU ASSENT DE TUBO DE CONCRETO COM JUNTA E",51,"","",92856,"ASSENTAMENTO DE TUBO DE CONCRETO PARA REDES COLETORAS DE ESGOTO SANITÁRIO, DIÂMETRO DE 600 MM, JUNTA ELÁSTICA, INSTALADO EM LOCAL COM ALTO NÍVEL DE INTERFERÊNCIAS (NÃO INCLUI FORNECIMENTO). AF_12/2015","M","ATRIBUÍDO SÃO PAULO",21.7,"COMPOSICAO",88316,"SERVENTE COM ENCARGOS COMPLEMENTARES","H","COLETADO",0.42099999999999999,14.67,6.17,"","","","","","","","","","",null,"CAIXA REFERENCIAL"]
["ASSENTAMENTO DE TUBOS E PECAS","ASTU","FORNEC E/OU ASSENT DE TUBO DE CONCRETO COM JUNTA E",51,"","",92857,"TUBO DE CONCRETO PARA REDES COLETORAS DE ESGOTO SANITÁRIO, DIÂMETRO DE 700 MM, JUNTA ELÁSTICA, INSTALADO EM LOCAL COM ALTO NÍVEL DE INTERFERÊNCIAS - FORNECIMENTO E ASSENTAMENTO. AF_12/2015","M","ATRIBUÍDO SÃO PAULO",476.16,"","","","","","","","",15.39,3.2333291000000002,454.36,95.419975699999995,"6,41","1,3466952","0,00","0,0000000","0,00","0,0000000",0,"CAIXA REFERENCIAL"]
["ASSENTAMENTO DE TUBOS E PECAS","ASTU","FORNEC E/OU ASSENT DE TUBO DE CONCRETO COM JUNTA E",51,"","",92857,"TUBO DE CONCRETO PARA REDES COLETORAS DE ESGOTO SANITÁRIO, DIÂMETRO DE 700 MM, JUNTA ELÁSTICA, INSTALADO EM LOCAL COM ALTO NÍVEL DE INTERFERÊNCIAS - FORNECIMENTO E ASSENTAMENTO. AF_12/2015","M","ATRIBUÍDO SÃO PAULO",476.16,"COMPOSICAO",5631,"ESCAVADEIRA HIDRÁULICA SOBRE ESTEIRAS, CAÇAMBA 0,80 M3, PESO OPERACIONAL 17 T, POTENCIA BRUTA 111 HP - CHP DIURNO. AF_06/2014","CHP","ATRIBUÍDO SÃO PAULO",5.0999999999999997E-2,126.79,6.46,"","","","","","","","","","",null,"CAIXA REFERENCIAL"]
["ASSENTAMENTO DE TUBOS E PECAS","ASTU","FORNEC E/OU ASSENT DE TUBO DE CONCRETO COM JUNTA E",51,"","",92857,"TUBO DE CONCRETO PARA REDES COLETORAS DE ESGOTO SANITÁRIO, DIÂMETRO DE 700 MM, JUNTA ELÁSTICA, INSTALADO EM LOCAL COM ALTO NÍVEL DE INTERFERÊNCIAS - FORNECIMENTO E ASSENTAMENTO. AF_12/2015","M","ATRIBUÍDO SÃO PAULO",476.16,"COMPOSICAO",5632,"ESCAVADEIRA HIDRÁULICA SOBRE ESTEIRAS, CAÇAMBA 0,80 M3, PESO OPERACIONAL 17 T, POTENCIA BRUTA 111 HP - CHI DIURNO. AF_06/2014","CHI","ATRIBUÍDO SÃO PAULO",0.108,57.49,6.2,"","","","","","","","","","",null,"CAIXA REFERENCIAL"]
["ASSENTAMENTO DE TUBOS E PECAS","ASTU","FORNEC E/OU ASSENT DE TUBO DE CONCRETO COM JUNTA E",51,"","",92857,"TUBO DE CONCRETO PARA REDES COLETORAS DE ESGOTO SANITÁRIO, DIÂMETRO DE 700 MM, JUNTA ELÁSTICA, INSTALADO EM LOCAL COM ALTO NÍVEL DE INTERFERÊNCIAS - FORNECIMENTO E ASSENTAMENTO. AF_12/2015","M","ATRIBUÍDO SÃO PAULO",476.16,"INSUMO",7744,"TUBO DE CONCRETO ARMADO PARA ESGOTO SANITARIO, CLASSE EA-2, COM ENCAIXE PONTA E BOLSA, COM JUNTA ELASTICA, DIAMETRO NOMINAL DE 700 MM","M","COEFICIENTE DE REPRESENTATIVIDADE",1.03,373.29,384.48,"","","","","","","","","","",null,"CAIXA REFERENCIAL"]
["ASSENTAMENTO DE TUBOS E PECAS","ASTU","FORNEC E/OU ASSENT DE TUBO DE CONCRETO COM JUNTA E",51,"","",92857,"TUBO DE CONCRETO PARA REDES COLETORAS DE ESGOTO SANITÁRIO, DIÂMETRO DE 700 MM, JUNTA ELÁSTICA, INSTALADO EM LOCAL COM ALTO NÍVEL DE INTERFERÊNCIAS - FORNECIMENTO E ASSENTAMENTO. AF_12/2015","M","ATRIBUÍDO SÃO PAULO",476.16,"INSUMO",40344,"ANEL DE VEDACAO/JUNTA ELASTICA, H = *18* MM, PARA TUBO DE CONCRETO DN 700 MM","UN","COEFICIENTE DE REPRESENTATIVIDADE",0.5,128.91,64.45,"","","","","","","","","","",null,"CAIXA REFERENCIAL"]
["ASSENTAMENTO DE TUBOS E PECAS","ASTU","FORNEC E/OU ASSENT DE TUBO DE CONCRETO COM JUNTA E",51,"","",92857,"TUBO DE CONCRETO PARA REDES COLETORAS DE ESGOTO SANITÁRIO, DIÂMETRO DE 700 MM, JUNTA ELÁSTICA, INSTALADO EM LOCAL COM ALTO NÍVEL DE INTERFERÊNCIAS - FORNECIMENTO E ASSENTAMENTO. AF_12/2015","M","ATRIBUÍDO SÃO PAULO",476.16,"COMPOSICAO",88277,"MONTADOR (TUBO AÇO/EQUIPAMENTOS) COM ENCARGOS COMPLEMENTARES","H","COEFICIENTE DE REPRESENTATIVIDADE",0.24199999999999999,30.89,7.47,"","","","","","","","","","",null,"CAIXA REFERENCIAL"]
["ASSENTAMENTO DE TUBOS E PECAS","ASTU","FORNEC E/OU ASSENT DE TUBO DE CONCRETO COM JUNTA E",51,"","",92857,"TUBO DE CONCRETO PARA REDES COLETORAS DE ESGOTO SANITÁRIO, DIÂMETRO DE 700 MM, JUNTA ELÁSTICA, INSTALADO EM LOCAL COM ALTO NÍVEL DE INTERFERÊNCIAS - FORNECIMENTO E ASSENTAMENTO. AF_12/2015","M","ATRIBUÍDO SÃO PAULO",476.16,"COMPOSICAO",88316,"SERVENTE COM ENCARGOS COMPLEMENTARES","H","COLETADO",0.48399999999999999,14.67,7.1,"","","","","","","","","","",null,"CAIXA REFERENCIAL"]
["ASSENTAMENTO DE TUBOS E PECAS","ASTU","FORNEC E/OU ASSENT DE TUBO DE CONCRETO COM JUNTA E",51,"","",92858,"ASSENTAMENTO DE TUBO DE CONCRETO PARA REDES COLETORAS DE ESGOTO SANITÁRIO, DIÂMETRO DE 700 MM, JUNTA ELÁSTICA, INSTALADO EM LOCAL COM ALTO NÍVEL DE INTERFERÊNCIAS (NÃO INCLUI FORNECIMENTO). AF_12/2015","M","ATRIBUÍDO SÃO PAULO",24.85,"","","","","","","","",13.12,52.736116899999999,5.28,21.280907899999999,"6,45","25,9829752","0,00","0,0000000","0,00","0,0000000",0,"CAIXA REFERENCIAL"]
["ASSENTAMENTO DE TUBOS E PECAS","ASTU","FORNEC E/OU ASSENT DE TUBO DE CONCRETO COM JUNTA E",51,"","",92858,"ASSENTAMENTO DE TUBO DE CONCRETO PARA REDES COLETORAS DE ESGOTO SANITÁRIO, DIÂMETRO DE 700 MM, JUNTA ELÁSTICA, INSTALADO EM LOCAL COM ALTO NÍVEL DE INTERFERÊNCIAS (NÃO INCLUI FORNECIMENTO). AF_12/2015","M","ATRIBUÍDO SÃO PAULO",24.85,"COMPOSICAO",5631,"ESCAVADEIRA HIDRÁULICA SOBRE ESTEIRAS, CAÇAMBA 0,80 M3, PESO OPERACIONAL 17 T, POTENCIA BRUTA 111 HP - CHP DIURNO. AF_06/2014","CHP","ATRIBUÍDO SÃO PAULO",5.0999999999999997E-2,126.79,6.46,"","","","","","","","","","",null,"CAIXA REFERENCIAL"]
["ASSENTAMENTO DE TUBOS E PECAS","ASTU","FORNEC E/OU ASSENT DE TUBO DE CONCRETO COM JUNTA E",51,"","",92858,"ASSENTAMENTO DE TUBO DE CONCRETO PARA REDES COLETORAS DE ESGOTO SANITÁRIO, DIÂMETRO DE 700 MM, JUNTA ELÁSTICA, INSTALADO EM LOCAL COM ALTO NÍVEL DE INTERFERÊNCIAS (NÃO INCLUI FORNECIMENTO). AF_12/2015","M","ATRIBUÍDO SÃO PAULO",24.85,"COMPOSICAO",5632,"ESCAVADEIRA HIDRÁULICA SOBRE ESTEIRAS, CAÇAMBA 0,80 M3, PESO OPERACIONAL 17 T, POTENCIA BRUTA 111 HP - CHI DIURNO. AF_06/2014","CHI","ATRIBUÍDO SÃO PAULO",0.108,57.49,6.2,"","","","","","","","","","",null,"CAIXA REFERENCIAL"]
["ASSENTAMENTO DE TUBOS E PECAS","ASTU","FORNEC E/OU ASSENT DE TUBO DE CONCRETO COM JUNTA E",51,"","",92858,"ASSENTAMENTO DE TUBO DE CONCRETO PARA REDES COLETORAS DE ESGOTO SANITÁRIO, DIÂMETRO DE 700 MM, JUNTA ELÁSTICA, INSTALADO EM LOCAL COM ALTO NÍVEL DE INTERFERÊNCIAS (NÃO INCLUI FORNECIMENTO). AF_12/2015","M","ATRIBUÍDO SÃO PAULO",24.85,"COMPOSICAO",88246,"ASSENTADOR DE TUBOS COM ENCARGOS COMPLEMENTARES","H","COEFICIENTE DE REPRESENTATIVIDADE",0.24199999999999999,21.04,5.09,"","","","","","","","","","",null,"CAIXA REFERENCIAL"]
["ASSENTAMENTO DE TUBOS E PECAS","ASTU","FORNEC E/OU ASSENT DE TUBO DE CONCRETO COM JUNTA E",51,"","",92858,"ASSENTAMENTO DE TUBO DE CONCRETO PARA REDES COLETORAS DE ESGOTO SANITÁRIO, DIÂMETRO DE 700 MM, JUNTA ELÁSTICA, INSTALADO EM LOCAL COM ALTO NÍVEL DE INTERFERÊNCIAS (NÃO INCLUI FORNECIMENTO). AF_12/2015","M","ATRIBUÍDO SÃO PAULO",24.85,"COMPOSICAO",88316,"SERVENTE COM ENCARGOS COMPLEMENTARES","H","COLETADO",0.48399999999999999,14.67,7.1,"","","","","","","","","","",null,"CAIXA REFERENCIAL"]
["ASSENTAMENTO DE TUBOS E PECAS","ASTU","FORNEC E/OU ASSENT DE TUBO DE CONCRETO COM JUNTA E",51,"","",92859,"TUBO DE CONCRETO PARA REDES COLETORAS DE ESGOTO SANITÁRIO, DIÂMETRO DE 800 MM, JUNTA ELÁSTICA, INSTALADO EM LOCAL COM ALTO NÍVEL DE INTERFERÊNCIAS - FORNECIMENTO E ASSENTAMENTO. AF_12/2015","M","ATRIBUÍDO SÃO PAULO",501.65,"","","","","","","","",14.78,2.947276,479.59,95.601021099999997,"7,28","1,4517029","0,00","0,0000000","0,00","0,0000000",0,"CAIXA REFERENCIAL"]
["ASSENTAMENTO DE TUBOS E PECAS","ASTU","FORNEC E/OU ASSENT DE TUBO DE CONCRETO COM JUNTA E",51,"","",92859,"TUBO DE CONCRETO PARA REDES COLETORAS DE ESGOTO SANITÁRIO, DIÂMETRO DE 800 MM, JUNTA ELÁSTICA, INSTALADO EM LOCAL COM ALTO NÍVEL DE INTERFERÊNCIAS - FORNECIMENTO E ASSENTAMENTO. AF_12/2015","M","ATRIBUÍDO SÃO PAULO",501.65,"COMPOSICAO",5631,"ESCAVADEIRA HIDRÁULICA SOBRE ESTEIRAS, CAÇAMBA 0,80 M3, PESO OPERACIONAL 17 T, POTENCIA BRUTA 111 HP - CHP DIURNO. AF_06/2014","CHP","ATRIBUÍDO SÃO PAULO",5.8000000000000003E-2,126.79,7.35,"","","","","","","","","","",null,"CAIXA REFERENCIAL"]
["ASSENTAMENTO DE TUBOS E PECAS","ASTU","FORNEC E/OU ASSENT DE TUBO DE CONCRETO COM JUNTA E",51,"","",92859,"TUBO DE CONCRETO PARA REDES COLETORAS DE ESGOTO SANITÁRIO, DIÂMETRO DE 800 MM, JUNTA ELÁSTICA, INSTALADO EM LOCAL COM ALTO NÍVEL DE INTERFERÊNCIAS - FORNECIMENTO E ASSENTAMENTO. AF_12/2015","M","ATRIBUÍDO SÃO PAULO",501.65,"COMPOSICAO",5632,"ESCAVADEIRA HIDRÁULICA SOBRE ESTEIRAS, CAÇAMBA 0,80 M3, PESO OPERACIONAL 17 T, POTENCIA BRUTA 111 HP - CHI DIURNO. AF_06/2014","CHI","ATRIBUÍDO SÃO PAULO",0.123,57.49,7.07,"","","","","","","","","","",null,"CAIXA REFERENCIAL"]
["ASSENTAMENTO DE TUBOS E PECAS","ASTU","FORNEC E/OU ASSENT DE TUBO DE CONCRETO COM JUNTA E",51,"","",92859,"TUBO DE CONCRETO PARA REDES COLETORAS DE ESGOTO SANITÁRIO, DIÂMETRO DE 800 MM, JUNTA ELÁSTICA, INSTALADO EM LOCAL COM ALTO NÍVEL DE INTERFERÊNCIAS - FORNECIMENTO E ASSENTAMENTO. AF_12/2015","M","ATRIBUÍDO SÃO PAULO",501.65,"INSUMO",7773,"TUBO DE CONCRETO ARMADO PARA ESGOTO SANITARIO, CLASSE EA-2, COM ENCAIXE PONTA E BOLSA, COM JUNTA ELASTICA, DIAMETRO NOMINAL DE 800 MM","M","COEFICIENTE DE REPRESENTATIVIDADE",1.03,381.53,392.97,"","","","","","","","","","",null,"CAIXA REFERENCIAL"]
["ASSENTAMENTO DE TUBOS E PECAS","ASTU","FORNEC E/OU ASSENT DE TUBO DE CONCRETO COM JUNTA E",51,"","",92859,"TUBO DE CONCRETO PARA REDES COLETORAS DE ESGOTO SANITÁRIO, DIÂMETRO DE 800 MM, JUNTA ELÁSTICA, INSTALADO EM LOCAL COM ALTO NÍVEL DE INTERFERÊNCIAS - FORNECIMENTO E ASSENTAMENTO. AF_12/2015","M","ATRIBUÍDO SÃO PAULO",501.65,"INSUMO",40345,"ANEL DE VEDACAO/JUNTA ELASTICA, H = *19* MM, PARA TUBO DE CONCRETO DN 800 MM","UN","COEFICIENTE DE REPRESENTATIVIDADE",0.5,160.94999999999999,80.47,"","","","","","","","","","",null,"CAIXA REFERENCIAL"]
["ASSENTAMENTO DE TUBOS E PECAS","ASTU","FORNEC E/OU ASSENT DE TUBO DE CONCRETO COM JUNTA E",51,"","",92859,"TUBO DE CONCRETO PARA REDES COLETORAS DE ESGOTO SANITÁRIO, DIÂMETRO DE 800 MM, JUNTA ELÁSTICA, INSTALADO EM LOCAL COM ALTO NÍVEL DE INTERFERÊNCIAS - FORNECIMENTO E ASSENTAMENTO. AF_12/2015","M","ATRIBUÍDO SÃO PAULO",501.65,"COMPOSICAO",88246,"ASSENTADOR DE TUBOS COM ENCARGOS COMPLEMENTARES","H","COEFICIENTE DE REPRESENTATIVIDADE",0.27400000000000002,21.04,5.76,"","","","","","","","","","",null,"CAIXA REFERENCIAL"]
["ASSENTAMENTO DE TUBOS E PECAS","ASTU","FORNEC E/OU ASSENT DE TUBO DE CONCRETO COM JUNTA E",51,"","",92859,"TUBO DE CONCRETO PARA REDES COLETORAS DE ESGOTO SANITÁRIO, DIÂMETRO DE 800 MM, JUNTA ELÁSTICA, INSTALADO EM LOCAL COM ALTO NÍVEL DE INTERFERÊNCIAS - FORNECIMENTO E ASSENTAMENTO. AF_12/2015","M","ATRIBUÍDO SÃO PAULO",501.65,"COMPOSICAO",88316,"SERVENTE COM ENCARGOS COMPLEMENTARES","H","COLETADO",0.54800000000000004,14.67,8.0299999999999994,"","","","","","","","","","",null,"CAIXA REFERENCIAL"]
["ASSENTAMENTO DE TUBOS E PECAS","ASTU","FORNEC E/OU ASSENT DE TUBO DE CONCRETO COM JUNTA E",51,"","",92860,"ASSENTAMENTO DE TUBO DE CONCRETO PARA REDES COLETORAS DE ESGOTO SANITÁRIO, DIÂMETRO DE 800 MM, JUNTA ELÁSTICA, INSTALADO EM LOCAL COM ALTO NÍVEL DE INTERFERÊNCIAS (NÃO INCLUI FORNECIMENTO). AF_12/2015","M","ATRIBUÍDO SÃO PAULO",28.21,"","","","","","","","",14.88,52.710413799999998,6.01,21.3266761,"7,32","25,9629101","0,00","0,0000000","0,00","0,0000000",0,"CAIXA REFERENCIAL"]
["ASSENTAMENTO DE TUBOS E PECAS","ASTU","FORNEC E/OU ASSENT DE TUBO DE CONCRETO COM JUNTA E",51,"","",92860,"ASSENTAMENTO DE TUBO DE CONCRETO PARA REDES COLETORAS DE ESGOTO SANITÁRIO, DIÂMETRO DE 800 MM, JUNTA ELÁSTICA, INSTALADO EM LOCAL COM ALTO NÍVEL DE INTERFERÊNCIAS (NÃO INCLUI FORNECIMENTO). AF_12/2015","M","ATRIBUÍDO SÃO PAULO",28.21,"COMPOSICAO",5631,"ESCAVADEIRA HIDRÁULICA SOBRE ESTEIRAS, CAÇAMBA 0,80 M3, PESO OPERACIONAL 17 T, POTENCIA BRUTA 111 HP - CHP DIURNO. AF_06/2014","CHP","ATRIBUÍDO SÃO PAULO",5.8000000000000003E-2,126.79,7.35,"","","","","","","","","","",null,"CAIXA REFERENCIAL"]
["ASSENTAMENTO DE TUBOS E PECAS","ASTU","FORNEC E/OU ASSENT DE TUBO DE CONCRETO COM JUNTA E",51,"","",92860,"ASSENTAMENTO DE TUBO DE CONCRETO PARA REDES COLETORAS DE ESGOTO SANITÁRIO, DIÂMETRO DE 800 MM, JUNTA ELÁSTICA, INSTALADO EM LOCAL COM ALTO NÍVEL DE INTERFERÊNCIAS (NÃO INCLUI FORNECIMENTO). AF_12/2015","M","ATRIBUÍDO SÃO PAULO",28.21,"COMPOSICAO",5632,"ESCAVADEIRA HIDRÁULICA SOBRE ESTEIRAS, CAÇAMBA 0,80 M3, PESO OPERACIONAL 17 T, POTENCIA BRUTA 111 HP - CHI DIURNO. AF_06/2014","CHI","ATRIBUÍDO SÃO PAULO",0.123,57.49,7.07,"","","","","","","","","","",null,"CAIXA REFERENCIAL"]
["ASSENTAMENTO DE TUBOS E PECAS","ASTU","FORNEC E/OU ASSENT DE TUBO DE CONCRETO COM JUNTA E",51,"","",92860,"ASSENTAMENTO DE TUBO DE CONCRETO PARA REDES COLETORAS DE ESGOTO SANITÁRIO, DIÂMETRO DE 800 MM, JUNTA ELÁSTICA, INSTALADO EM LOCAL COM ALTO NÍVEL DE INTERFERÊNCIAS (NÃO INCLUI FORNECIMENTO). AF_12/2015","M","ATRIBUÍDO SÃO PAULO",28.21,"COMPOSICAO",88246,"ASSENTADOR DE TUBOS COM ENCARGOS COMPLEMENTARES","H","COEFICIENTE DE REPRESENTATIVIDADE",0.27400000000000002,21.04,5.76,"","","","","","","","","","",null,"CAIXA REFERENCIAL"]
["ASSENTAMENTO DE TUBOS E PECAS","ASTU","FORNEC E/OU ASSENT DE TUBO DE CONCRETO COM JUNTA E",51,"","",92860,"ASSENTAMENTO DE TUBO DE CONCRETO PARA REDES COLETORAS DE ESGOTO SANITÁRIO, DIÂMETRO DE 800 MM, JUNTA ELÁSTICA, INSTALADO EM LOCAL COM ALTO NÍVEL DE INTERFERÊNCIAS (NÃO INCLUI FORNECIMENTO). AF_12/2015","M","ATRIBUÍDO SÃO PAULO",28.21,"COMPOSICAO",88316,"SERVENTE COM ENCARGOS COMPLEMENTARES","H","COLETADO",0.54800000000000004,14.67,8.0299999999999994,"","","","","","","","","","",null,"CAIXA REFERENCIAL"]
["ASSENTAMENTO DE TUBOS E PECAS","ASTU","FORNEC E/OU ASSENT DE TUBO DE CONCRETO COM JUNTA E",51,"","",92861,"TUBO DE CONCRETO PARA REDES COLETORAS DE ESGOTO SANITÁRIO, DIÂMETRO DE 900 MM, JUNTA ELÁSTICA, INSTALADO EM LOCAL COM ALTO NÍVEL DE INTERFERÊNCIAS - FORNECIMENTO E ASSENTAMENTO. AF_12/2015","M","ATRIBUÍDO SÃO PAULO",703.03,"","","","","","","","",16.47,2.3432498000000002,678.41,96.497218599999997,"8,15","1,1595316","0,00","0,0000000","0,00","0,0000000",0,"CAIXA REFERENCIAL"]
["ASSENTAMENTO DE TUBOS E PECAS","ASTU","FORNEC E/OU ASSENT DE TUBO DE CONCRETO COM JUNTA E",51,"","",92861,"TUBO DE CONCRETO PARA REDES COLETORAS DE ESGOTO SANITÁRIO, DIÂMETRO DE 900 MM, JUNTA ELÁSTICA, INSTALADO EM LOCAL COM ALTO NÍVEL DE INTERFERÊNCIAS - FORNECIMENTO E ASSENTAMENTO. AF_12/2015","M","ATRIBUÍDO SÃO PAULO",703.03,"COMPOSICAO",5631,"ESCAVADEIRA HIDRÁULICA SOBRE ESTEIRAS, CAÇAMBA 0,80 M3, PESO OPERACIONAL 17 T, POTENCIA BRUTA 111 HP - CHP DIURNO. AF_06/2014","CHP","ATRIBUÍDO SÃO PAULO",6.5000000000000002E-2,126.79,8.24,"","","","","","","","","","",null,"CAIXA REFERENCIAL"]
["ASSENTAMENTO DE TUBOS E PECAS","ASTU","FORNEC E/OU ASSENT DE TUBO DE CONCRETO COM JUNTA E",51,"","",92861,"TUBO DE CONCRETO PARA REDES COLETORAS DE ESGOTO SANITÁRIO, DIÂMETRO DE 900 MM, JUNTA ELÁSTICA, INSTALADO EM LOCAL COM ALTO NÍVEL DE INTERFERÊNCIAS - FORNECIMENTO E ASSENTAMENTO. AF_12/2015","M","ATRIBUÍDO SÃO PAULO",703.03,"COMPOSICAO",5632,"ESCAVADEIRA HIDRÁULICA SOBRE ESTEIRAS, CAÇAMBA 0,80 M3, PESO OPERACIONAL 17 T, POTENCIA BRUTA 111 HP - CHI DIURNO. AF_06/2014","CHI","ATRIBUÍDO SÃO PAULO",0.13700000000000001,57.49,7.87,"","","","","","","","","","",null,"CAIXA REFERENCIAL"]
["ASSENTAMENTO DE TUBOS E PECAS","ASTU","FORNEC E/OU ASSENT DE TUBO DE CONCRETO COM JUNTA E",51,"","",92861,"TUBO DE CONCRETO PARA REDES COLETORAS DE ESGOTO SANITÁRIO, DIÂMETRO DE 900 MM, JUNTA ELÁSTICA, INSTALADO EM LOCAL COM ALTO NÍVEL DE INTERFERÊNCIAS - FORNECIMENTO E ASSENTAMENTO. AF_12/2015","M","ATRIBUÍDO SÃO PAULO",703.03,"INSUMO",7754,"TUBO DE CONCRETO ARMADO PARA ESGOTO SANITARIO, CLASSE EA-2, COM ENCAIXE PONTA E BOLSA, COM JUNTA ELASTICA, DIAMETRO NOMINAL DE 900 MM","M","COEFICIENTE DE REPRESENTATIVIDADE",1.03,578.5,595.85,"","","","","","","","","","",null,"CAIXA REFERENCIAL"]
["ASSENTAMENTO DE TUBOS E PECAS","ASTU","FORNEC E/OU ASSENT DE TUBO DE CONCRETO COM JUNTA E",51,"","",92861,"TUBO DE CONCRETO PARA REDES COLETORAS DE ESGOTO SANITÁRIO, DIÂMETRO DE 900 MM, JUNTA ELÁSTICA, INSTALADO EM LOCAL COM ALTO NÍVEL DE INTERFERÊNCIAS - FORNECIMENTO E ASSENTAMENTO. AF_12/2015","M","ATRIBUÍDO SÃO PAULO",703.03,"INSUMO",40346,"ANEL DE VEDACAO/JUNTA ELASTICA, H = *19* MM, PARA TUBO DE CONCRETO DN 900 MM","UN","COEFICIENTE DE REPRESENTATIVIDADE",0.5,151.41,75.7,"","","","","","","","","","",null,"CAIXA REFERENCIAL"]
["ASSENTAMENTO DE TUBOS E PECAS","ASTU","FORNEC E/OU ASSENT DE TUBO DE CONCRETO COM JUNTA E",51,"","",92861,"TUBO DE CONCRETO PARA REDES COLETORAS DE ESGOTO SANITÁRIO, DIÂMETRO DE 900 MM, JUNTA ELÁSTICA, INSTALADO EM LOCAL COM ALTO NÍVEL DE INTERFERÊNCIAS - FORNECIMENTO E ASSENTAMENTO. AF_12/2015","M","ATRIBUÍDO SÃO PAULO",703.03,"COMPOSICAO",88246,"ASSENTADOR DE TUBOS COM ENCARGOS COMPLEMENTARES","H","COEFICIENTE DE REPRESENTATIVIDADE",0.30499999999999999,21.04,6.41,"","","","","","","","","","",null,"CAIXA REFERENCIAL"]
["ASSENTAMENTO DE TUBOS E PECAS","ASTU","FORNEC E/OU ASSENT DE TUBO DE CONCRETO COM JUNTA E",51,"","",92861,"TUBO DE CONCRETO PARA REDES COLETORAS DE ESGOTO SANITÁRIO, DIÂMETRO DE 900 MM, JUNTA ELÁSTICA, INSTALADO EM LOCAL COM ALTO NÍVEL DE INTERFERÊNCIAS - FORNECIMENTO E ASSENTAMENTO. AF_12/2015","M","ATRIBUÍDO SÃO PAULO",703.03,"COMPOSICAO",88316,"SERVENTE COM ENCARGOS COMPLEMENTARES","H","COLETADO",0.61099999999999999,14.67,8.9600000000000009,"","","","","","","","","","",null,"CAIXA REFERENCIAL"]
["ASSENTAMENTO DE TUBOS E PECAS","ASTU","FORNEC E/OU ASSENT DE TUBO DE CONCRETO COM JUNTA E",51,"","",92862,"ASSENTAMENTO DE TUBO DE CONCRETO PARA REDES COLETORAS DE ESGOTO SANITÁRIO, DIÂMETRO DE 900 MM, JUNTA ELÁSTICA, INSTALADO EM LOCAL COM ALTO NÍVEL DE INTERFERÊNCIAS (NÃO INCLUI FORNECIMENTO). AF_12/2015","M","ATRIBUÍDO SÃO PAULO",31.48,"","","","","","","","",16.559999999999999,52.586207000000002,6.73,21.392081699999999,"8,19","26,0217113","0,00","0,0000000","0,00","0,0000000",0,"CAIXA REFERENCIAL"]
["ASSENTAMENTO DE TUBOS E PECAS","ASTU","FORNEC E/OU ASSENT DE TUBO DE CONCRETO COM JUNTA E",51,"","",92862,"ASSENTAMENTO DE TUBO DE CONCRETO PARA REDES COLETORAS DE ESGOTO SANITÁRIO, DIÂMETRO DE 900 MM, JUNTA ELÁSTICA, INSTALADO EM LOCAL COM ALTO NÍVEL DE INTERFERÊNCIAS (NÃO INCLUI FORNECIMENTO). AF_12/2015","M","ATRIBUÍDO SÃO PAULO",31.48,"COMPOSICAO",5631,"ESCAVADEIRA HIDRÁULICA SOBRE ESTEIRAS, CAÇAMBA 0,80 M3, PESO OPERACIONAL 17 T, POTENCIA BRUTA 111 HP - CHP DIURNO. AF_06/2014","CHP","ATRIBUÍDO SÃO PAULO",6.5000000000000002E-2,126.79,8.24,"","","","","","","","","","",null,"CAIXA REFERENCIAL"]
["ASSENTAMENTO DE TUBOS E PECAS","ASTU","FORNEC E/OU ASSENT DE TUBO DE CONCRETO COM JUNTA E",51,"","",92862,"ASSENTAMENTO DE TUBO DE CONCRETO PARA REDES COLETORAS DE ESGOTO SANITÁRIO, DIÂMETRO DE 900 MM, JUNTA ELÁSTICA, INSTALADO EM LOCAL COM ALTO NÍVEL DE INTERFERÊNCIAS (NÃO INCLUI FORNECIMENTO). AF_12/2015","M","ATRIBUÍDO SÃO PAULO",31.48,"COMPOSICAO",5632,"ESCAVADEIRA HIDRÁULICA SOBRE ESTEIRAS, CAÇAMBA 0,80 M3, PESO OPERACIONAL 17 T, POTENCIA BRUTA 111 HP - CHI DIURNO. AF_06/2014","CHI","ATRIBUÍDO SÃO PAULO",0.13700000000000001,57.49,7.87,"","","","","","","","","","",null,"CAIXA REFERENCIAL"]
["ASSENTAMENTO DE TUBOS E PECAS","ASTU","FORNEC E/OU ASSENT DE TUBO DE CONCRETO COM JUNTA E",51,"","",92862,"ASSENTAMENTO DE TUBO DE CONCRETO PARA REDES COLETORAS DE ESGOTO SANITÁRIO, DIÂMETRO DE 900 MM, JUNTA ELÁSTICA, INSTALADO EM LOCAL COM ALTO NÍVEL DE INTERFERÊNCIAS (NÃO INCLUI FORNECIMENTO). AF_12/2015","M","ATRIBUÍDO SÃO PAULO",31.48,"COMPOSICAO",88246,"ASSENTADOR DE TUBOS COM ENCARGOS COMPLEMENTARES","H","COEFICIENTE DE REPRESENTATIVIDADE",0.30499999999999999,21.04,6.41,"","","","","","","","","","",null,"CAIXA REFERENCIAL"]
["ASSENTAMENTO DE TUBOS E PECAS","ASTU","FORNEC E/OU ASSENT DE TUBO DE CONCRETO COM JUNTA E",51,"","",92862,"ASSENTAMENTO DE TUBO DE CONCRETO PARA REDES COLETORAS DE ESGOTO SANITÁRIO, DIÂMETRO DE 900 MM, JUNTA ELÁSTICA, INSTALADO EM LOCAL COM ALTO NÍVEL DE INTERFERÊNCIAS (NÃO INCLUI FORNECIMENTO). AF_12/2015","M","ATRIBUÍDO SÃO PAULO",31.48,"COMPOSICAO",88316,"SERVENTE COM ENCARGOS COMPLEMENTARES","H","COLETADO",0.61099999999999999,14.67,8.9600000000000009,"","","","","","","","","","",null,"CAIXA REFERENCIAL"]
["ASSENTAMENTO DE TUBOS E PECAS","ASTU","FORNEC E/OU ASSENT DE TUBO DE CONCRETO COM JUNTA E",51,"","",92863,"TUBO DE CONCRETO PARA REDES COLETORAS DE ESGOTO SANITÁRIO, DIÂMETRO DE 1000 MM, JUNTA ELÁSTICA, INSTALADO EM LOCAL COM ALTO NÍVEL DE INTERFERÊNCIAS - FORNECIMENTO E ASSENTAMENTO. AF_12/2015","M","ATRIBUÍDO SÃO PAULO",735.97,"","","","","","","","",21.5,2.9219895999999999,705.47,95.854851999999994,"9,00","1,2231584","0,00","0,0000000","0,00","0,0000000",0,"CAIXA REFERENCIAL"]
["ASSENTAMENTO DE TUBOS E PECAS","ASTU","FORNEC E/OU ASSENT DE TUBO DE CONCRETO COM JUNTA E",51,"","",92863,"TUBO DE CONCRETO PARA REDES COLETORAS DE ESGOTO SANITÁRIO, DIÂMETRO DE 1000 MM, JUNTA ELÁSTICA, INSTALADO EM LOCAL COM ALTO NÍVEL DE INTERFERÊNCIAS - FORNECIMENTO E ASSENTAMENTO. AF_12/2015","M","ATRIBUÍDO SÃO PAULO",735.97,"COMPOSICAO",5631,"ESCAVADEIRA HIDRÁULICA SOBRE ESTEIRAS, CAÇAMBA 0,80 M3, PESO OPERACIONAL 17 T, POTENCIA BRUTA 111 HP - CHP DIURNO. AF_06/2014","CHP","ATRIBUÍDO SÃO PAULO",7.1999999999999995E-2,126.79,9.1199999999999992,"","","","","","","","","","",null,"CAIXA REFERENCIAL"]
["ASSENTAMENTO DE TUBOS E PECAS","ASTU","FORNEC E/OU ASSENT DE TUBO DE CONCRETO COM JUNTA E",51,"","",92863,"TUBO DE CONCRETO PARA REDES COLETORAS DE ESGOTO SANITÁRIO, DIÂMETRO DE 1000 MM, JUNTA ELÁSTICA, INSTALADO EM LOCAL COM ALTO NÍVEL DE INTERFERÊNCIAS - FORNECIMENTO E ASSENTAMENTO. AF_12/2015","M","ATRIBUÍDO SÃO PAULO",735.97,"COMPOSICAO",5632,"ESCAVADEIRA HIDRÁULICA SOBRE ESTEIRAS, CAÇAMBA 0,80 M3, PESO OPERACIONAL 17 T, POTENCIA BRUTA 111 HP - CHI DIURNO. AF_06/2014","CHI","ATRIBUÍDO SÃO PAULO",0.151,57.49,8.68,"","","","","","","","","","",null,"CAIXA REFERENCIAL"]
["ASSENTAMENTO DE TUBOS E PECAS","ASTU","FORNEC E/OU ASSENT DE TUBO DE CONCRETO COM JUNTA E",51,"","",92863,"TUBO DE CONCRETO PARA REDES COLETORAS DE ESGOTO SANITÁRIO, DIÂMETRO DE 1000 MM, JUNTA ELÁSTICA, INSTALADO EM LOCAL COM ALTO NÍVEL DE INTERFERÊNCIAS - FORNECIMENTO E ASSENTAMENTO. AF_12/2015","M","ATRIBUÍDO SÃO PAULO",735.97,"INSUMO",7720,"TUBO DE CONCRETO ARMADO PARA ESGOTO SANITARIO, CLASSE EA-2, COM ENCAIXE PONTA E BOLSA, COM JUNTA ELASTICA, DIAMETRO NOMINAL DE 1000 MM","M","COEFICIENTE DE REPRESENTATIVIDADE",1.03,586.69000000000005,604.29,"","","","","","","","","","",null,"CAIXA REFERENCIAL"]
["ASSENTAMENTO DE TUBOS E PECAS","ASTU","FORNEC E/OU ASSENT DE TUBO DE CONCRETO COM JUNTA E",51,"","",92863,"TUBO DE CONCRETO PARA REDES COLETORAS DE ESGOTO SANITÁRIO, DIÂMETRO DE 1000 MM, JUNTA ELÁSTICA, INSTALADO EM LOCAL COM ALTO NÍVEL DE INTERFERÊNCIAS - FORNECIMENTO E ASSENTAMENTO. AF_12/2015","M","ATRIBUÍDO SÃO PAULO",735.97,"INSUMO",40347,"ANEL DE VEDACAO/JUNTA ELASTICA, H = *21* MM, PARA TUBO DE CONCRETO DN 1000 MM","UN","COEFICIENTE DE REPRESENTATIVIDADE",0.5,187.21,93.6,"","","","","","","","","","",null,"CAIXA REFERENCIAL"]
["ASSENTAMENTO DE TUBOS E PECAS","ASTU","FORNEC E/OU ASSENT DE TUBO DE CONCRETO COM JUNTA E",51,"","",92863,"TUBO DE CONCRETO PARA REDES COLETORAS DE ESGOTO SANITÁRIO, DIÂMETRO DE 1000 MM, JUNTA ELÁSTICA, INSTALADO EM LOCAL COM ALTO NÍVEL DE INTERFERÊNCIAS - FORNECIMENTO E ASSENTAMENTO. AF_12/2015","M","ATRIBUÍDO SÃO PAULO",735.97,"COMPOSICAO",88277,"MONTADOR (TUBO AÇO/EQUIPAMENTOS) COM ENCARGOS COMPLEMENTARES","H","COEFICIENTE DE REPRESENTATIVIDADE",0.33700000000000002,30.89,10.4,"","","","","","","","","","",null,"CAIXA REFERENCIAL"]
["ASSENTAMENTO DE TUBOS E PECAS","ASTU","FORNEC E/OU ASSENT DE TUBO DE CONCRETO COM JUNTA E",51,"","",92863,"TUBO DE CONCRETO PARA REDES COLETORAS DE ESGOTO SANITÁRIO, DIÂMETRO DE 1000 MM, JUNTA ELÁSTICA, INSTALADO EM LOCAL COM ALTO NÍVEL DE INTERFERÊNCIAS - FORNECIMENTO E ASSENTAMENTO. AF_12/2015","M","ATRIBUÍDO SÃO PAULO",735.97,"COMPOSICAO",88316,"SERVENTE COM ENCARGOS COMPLEMENTARES","H","COLETADO",0.67400000000000004,14.67,9.8800000000000008,"","","","","","","","","","",null,"CAIXA REFERENCIAL"]
["ASSENTAMENTO DE TUBOS E PECAS","ASTU","FORNEC E/OU ASSENT DE TUBO DE CONCRETO COM JUNTA E",51,"","",92864,"ASSENTAMENTO DE TUBO DE CONCRETO PARA REDES COLETORAS DE ESGOTO SANITÁRIO, DIÂMETRO DE 1000 MM, JUNTA ELÁSTICA, INSTALADO EM LOCAL COM ALTO NÍVEL DE INTERFERÊNCIAS (NÃO INCLUI FORNECIMENTO). AF_12/2015","M","ATRIBUÍDO SÃO PAULO",34.770000000000003,"","","","","","","","",18.28,52.544823700000002,7.45,21.428571399999999,"9,04","26,0266049","0,00","0,0000000","0,00","0,0000000",0,"CAIXA REFERENCIAL"]
["ASSENTAMENTO DE TUBOS E PECAS","ASTU","FORNEC E/OU ASSENT DE TUBO DE CONCRETO COM JUNTA E",51,"","",92864,"ASSENTAMENTO DE TUBO DE CONCRETO PARA REDES COLETORAS DE ESGOTO SANITÁRIO, DIÂMETRO DE 1000 MM, JUNTA ELÁSTICA, INSTALADO EM LOCAL COM ALTO NÍVEL DE INTERFERÊNCIAS (NÃO INCLUI FORNECIMENTO). AF_12/2015","M","ATRIBUÍDO SÃO PAULO",34.770000000000003,"COMPOSICAO",5631,"ESCAVADEIRA HIDRÁULICA SOBRE ESTEIRAS, CAÇAMBA 0,80 M3, PESO OPERACIONAL 17 T, POTENCIA BRUTA 111 HP - CHP DIURNO. AF_06/2014","CHP","ATRIBUÍDO SÃO PAULO",7.1999999999999995E-2,126.79,9.1199999999999992,"","","","","","","","","","",null,"CAIXA REFERENCIAL"]
["ASSENTAMENTO DE TUBOS E PECAS","ASTU","FORNEC E/OU ASSENT DE TUBO DE CONCRETO COM JUNTA E",51,"","",92864,"ASSENTAMENTO DE TUBO DE CONCRETO PARA REDES COLETORAS DE ESGOTO SANITÁRIO, DIÂMETRO DE 1000 MM, JUNTA ELÁSTICA, INSTALADO EM LOCAL COM ALTO NÍVEL DE INTERFERÊNCIAS (NÃO INCLUI FORNECIMENTO). AF_12/2015","M","ATRIBUÍDO SÃO PAULO",34.770000000000003,"COMPOSICAO",5632,"ESCAVADEIRA HIDRÁULICA SOBRE ESTEIRAS, CAÇAMBA 0,80 M3, PESO OPERACIONAL 17 T, POTENCIA BRUTA 111 HP - CHI DIURNO. AF_06/2014","CHI","ATRIBUÍDO SÃO PAULO",0.151,57.49,8.68,"","","","","","","","","","",null,"CAIXA REFERENCIAL"]
["ASSENTAMENTO DE TUBOS E PECAS","ASTU","FORNEC E/OU ASSENT DE TUBO DE CONCRETO COM JUNTA E",51,"","",92864,"ASSENTAMENTO DE TUBO DE CONCRETO PARA REDES COLETORAS DE ESGOTO SANITÁRIO, DIÂMETRO DE 1000 MM, JUNTA ELÁSTICA, INSTALADO EM LOCAL COM ALTO NÍVEL DE INTERFERÊNCIAS (NÃO INCLUI FORNECIMENTO). AF_12/2015","M","ATRIBUÍDO SÃO PAULO",34.770000000000003,"COMPOSICAO",88246,"ASSENTADOR DE TUBOS COM ENCARGOS COMPLEMENTARES","H","COEFICIENTE DE REPRESENTATIVIDADE",0.33700000000000002,21.04,7.09,"","","","","","","","","","",null,"CAIXA REFERENCIAL"]
["ASSENTAMENTO DE TUBOS E PECAS","ASTU","FORNEC E/OU ASSENT DE TUBO DE CONCRETO COM JUNTA E",51,"","",92864,"ASSENTAMENTO DE TUBO DE CONCRETO PARA REDES COLETORAS DE ESGOTO SANITÁRIO, DIÂMETRO DE 1000 MM, JUNTA ELÁSTICA, INSTALADO EM LOCAL COM ALTO NÍVEL DE INTERFERÊNCIAS (NÃO INCLUI FORNECIMENTO). AF_12/2015","M","ATRIBUÍDO SÃO PAULO",34.770000000000003,"COMPOSICAO",88316,"SERVENTE COM ENCARGOS COMPLEMENTARES","H","COLETADO",0.67400000000000004,14.67,9.8800000000000008,"","","","","","","","","","",null,"CAIXA REFERENCIAL"]
["ASSENTAMENTO DE TUBOS E PECAS","ASTU","FORNEC E/OU ASSENT DE TUBO DE CONCRETO COM JUNTA A",52,"","",92210,"TUBO DE CONCRETO PARA REDES COLETORAS DE ÁGUAS PLUVIAIS, DIÂMETRO DE 400 MM, JUNTA RÍGIDA, INSTALADO EM LOCAL COM BAIXO NÍVEL DE INTERFERÊNCIAS - FORNECIMENTO E ASSENTAMENTO. AF_12/2015","M","ATRIBUÍDO SÃO PAULO",116.36,"","","","","","","","",18.87,16.2176121,88.23,75.819919200000001,"9,26","7,9624687","0,00","0,0000000","0,00","0,0000000",0,"CAIXA REFERENCIAL"]
["ASSENTAMENTO DE TUBOS E PECAS","ASTU","FORNEC E/OU ASSENT DE TUBO DE CONCRETO COM JUNTA A",52,"","",92210,"TUBO DE CONCRETO PARA REDES COLETORAS DE ÁGUAS PLUVIAIS, DIÂMETRO DE 400 MM, JUNTA RÍGIDA, INSTALADO EM LOCAL COM BAIXO NÍVEL DE INTERFERÊNCIAS - FORNECIMENTO E ASSENTAMENTO. AF_12/2015","M","ATRIBUÍDO SÃO PAULO",116.36,"COMPOSICAO",5631,"ESCAVADEIRA HIDRÁULICA SOBRE ESTEIRAS, CAÇAMBA 0,80 M3, PESO OPERACIONAL 17 T, POTENCIA BRUTA 111 HP - CHP DIURNO. AF_06/2014","CHP","ATRIBUÍDO SÃO PAULO",7.3999999999999996E-2,126.79,9.3800000000000008,"","","","","","","","","","",null,"CAIXA REFERENCIAL"]
["ASSENTAMENTO DE TUBOS E PECAS","ASTU","FORNEC E/OU ASSENT DE TUBO DE CONCRETO COM JUNTA A",52,"","",92210,"TUBO DE CONCRETO PARA REDES COLETORAS DE ÁGUAS PLUVIAIS, DIÂMETRO DE 400 MM, JUNTA RÍGIDA, INSTALADO EM LOCAL COM BAIXO NÍVEL DE INTERFERÊNCIAS - FORNECIMENTO E ASSENTAMENTO. AF_12/2015","M","ATRIBUÍDO SÃO PAULO",116.36,"COMPOSICAO",5632,"ESCAVADEIRA HIDRÁULICA SOBRE ESTEIRAS, CAÇAMBA 0,80 M3, PESO OPERACIONAL 17 T, POTENCIA BRUTA 111 HP - CHI DIURNO. AF_06/2014","CHI","ATRIBUÍDO SÃO PAULO",0.155,57.49,8.91,"","","","","","","","","","",null,"CAIXA REFERENCIAL"]
["ASSENTAMENTO DE TUBOS E PECAS","ASTU","FORNEC E/OU ASSENT DE TUBO DE CONCRETO COM JUNTA A",52,"","",92210,"TUBO DE CONCRETO PARA REDES COLETORAS DE ÁGUAS PLUVIAIS, DIÂMETRO DE 400 MM, JUNTA RÍGIDA, INSTALADO EM LOCAL COM BAIXO NÍVEL DE INTERFERÊNCIAS - FORNECIMENTO E ASSENTAMENTO. AF_12/2015","M","ATRIBUÍDO SÃO PAULO",116.36,"INSUMO",7745,"TUBO DE CONCRETO ARMADO PARA AGUAS PLUVIAIS, CLASSE PA-1, COM ENCAIXE PONTA E BOLSA, DIAMETRO NOMINAL DE 400 MM","M","COEFICIENTE DE REPRESENTATIVIDADE",1.03,77.42,79.739999999999995,"","","","","","","","","","",null,"CAIXA REFERENCIAL"]
["ASSENTAMENTO DE TUBOS E PECAS","ASTU","FORNEC E/OU ASSENT DE TUBO DE CONCRETO COM JUNTA A",52,"","",92210,"TUBO DE CONCRETO PARA REDES COLETORAS DE ÁGUAS PLUVIAIS, DIÂMETRO DE 400 MM, JUNTA RÍGIDA, INSTALADO EM LOCAL COM BAIXO NÍVEL DE INTERFERÊNCIAS - FORNECIMENTO E ASSENTAMENTO. AF_12/2015","M","ATRIBUÍDO SÃO PAULO",116.36,"COMPOSICAO",88246,"ASSENTADOR DE TUBOS COM ENCARGOS COMPLEMENTARES","H","COEFICIENTE DE REPRESENTATIVIDADE",0.34599999999999997,21.04,7.27,"","","","","","","","","","",null,"CAIXA REFERENCIAL"]
["ASSENTAMENTO DE TUBOS E PECAS","ASTU","FORNEC E/OU ASSENT DE TUBO DE CONCRETO COM JUNTA A",52,"","",92210,"TUBO DE CONCRETO PARA REDES COLETORAS DE ÁGUAS PLUVIAIS, DIÂMETRO DE 400 MM, JUNTA RÍGIDA, INSTALADO EM LOCAL COM BAIXO NÍVEL DE INTERFERÊNCIAS - FORNECIMENTO E ASSENTAMENTO. AF_12/2015","M","ATRIBUÍDO SÃO PAULO",116.36,"COMPOSICAO",88316,"SERVENTE COM ENCARGOS COMPLEMENTARES","H","COLETADO",0.69199999999999995,14.67,10.15,"","","","","","","","","","",null,"CAIXA REFERENCIAL"]
["ASSENTAMENTO DE TUBOS E PECAS","ASTU","FORNEC E/OU ASSENT DE TUBO DE CONCRETO COM JUNTA A",52,"","",92210,"TUBO DE CONCRETO PARA REDES COLETORAS DE ÁGUAS PLUVIAIS, DIÂMETRO DE 400 MM, JUNTA RÍGIDA, INSTALADO EM LOCAL COM BAIXO NÍVEL DE INTERFERÊNCIAS - FORNECIMENTO E ASSENTAMENTO. AF_12/2015","M","ATRIBUÍDO SÃO PAULO",116.36,"COMPOSICAO",88629,"ARGAMASSA TRAÇO 1:3 (EM VOLUME DE CIMENTO E AREIA MÉDIA ÚMIDA), PREPARO MANUAL. AF_08/2019","M3","COEFICIENTE DE REPRESENTATIVIDADE",2E-3,459.77,0.91,"","","","","","","","","","",null,"CAIXA REFERENCIAL"]
["ASSENTAMENTO DE TUBOS E PECAS","ASTU","FORNEC E/OU ASSENT DE TUBO DE CONCRETO COM JUNTA A",52,"","",92211,"TUBO DE CONCRETO PARA REDES COLETORAS DE ÁGUAS PLUVIAIS, DIÂMETRO DE 500 MM, JUNTA RÍGIDA, INSTALADO EM LOCAL COM BAIXO NÍVEL DE INTERFERÊNCIAS - FORNECIMENTO E ASSENTAMENTO. AF_12/2015","M","ATRIBUÍDO SÃO PAULO",139.88,"","","","","","","","",22.94,16.402949799999998,105.75,75.592467999999997,"11,19","8,0045822","0,00","0,0000000","0,00","0,0000000",0,"CAIXA REFERENCIAL"]
["ASSENTAMENTO DE TUBOS E PECAS","ASTU","FORNEC E/OU ASSENT DE TUBO DE CONCRETO COM JUNTA A",52,"","",92211,"TUBO DE CONCRETO PARA REDES COLETORAS DE ÁGUAS PLUVIAIS, DIÂMETRO DE 500 MM, JUNTA RÍGIDA, INSTALADO EM LOCAL COM BAIXO NÍVEL DE INTERFERÊNCIAS - FORNECIMENTO E ASSENTAMENTO. AF_12/2015","M","ATRIBUÍDO SÃO PAULO",139.88,"COMPOSICAO",5631,"ESCAVADEIRA HIDRÁULICA SOBRE ESTEIRAS, CAÇAMBA 0,80 M3, PESO OPERACIONAL 17 T, POTENCIA BRUTA 111 HP - CHP DIURNO. AF_06/2014","CHP","ATRIBUÍDO SÃO PAULO",8.8999999999999996E-2,126.79,11.28,"","","","","","","","","","",null,"CAIXA REFERENCIAL"]
["ASSENTAMENTO DE TUBOS E PECAS","ASTU","FORNEC E/OU ASSENT DE TUBO DE CONCRETO COM JUNTA A",52,"","",92211,"TUBO DE CONCRETO PARA REDES COLETORAS DE ÁGUAS PLUVIAIS, DIÂMETRO DE 500 MM, JUNTA RÍGIDA, INSTALADO EM LOCAL COM BAIXO NÍVEL DE INTERFERÊNCIAS - FORNECIMENTO E ASSENTAMENTO. AF_12/2015","M","ATRIBUÍDO SÃO PAULO",139.88,"COMPOSICAO",5632,"ESCAVADEIRA HIDRÁULICA SOBRE ESTEIRAS, CAÇAMBA 0,80 M3, PESO OPERACIONAL 17 T, POTENCIA BRUTA 111 HP - CHI DIURNO. AF_06/2014","CHI","ATRIBUÍDO SÃO PAULO",0.188,57.49,10.8,"","","","","","","","","","",null,"CAIXA REFERENCIAL"]
["ASSENTAMENTO DE TUBOS E PECAS","ASTU","FORNEC E/OU ASSENT DE TUBO DE CONCRETO COM JUNTA A",52,"","",92211,"TUBO DE CONCRETO PARA REDES COLETORAS DE ÁGUAS PLUVIAIS, DIÂMETRO DE 500 MM, JUNTA RÍGIDA, INSTALADO EM LOCAL COM BAIXO NÍVEL DE INTERFERÊNCIAS - FORNECIMENTO E ASSENTAMENTO. AF_12/2015","M","ATRIBUÍDO SÃO PAULO",139.88,"INSUMO",7714,"TUBO DE CONCRETO ARMADO PARA AGUAS PLUVIAIS, CLASSE PA-1, COM ENCAIXE PONTA E BOLSA, DIAMETRO NOMINAL DE 500 MM","M","COEFICIENTE DE REPRESENTATIVIDADE",1.03,92.53,95.3,"","","","","","","","","","",null,"CAIXA REFERENCIAL"]
["ASSENTAMENTO DE TUBOS E PECAS","ASTU","FORNEC E/OU ASSENT DE TUBO DE CONCRETO COM JUNTA A",52,"","",92211,"TUBO DE CONCRETO PARA REDES COLETORAS DE ÁGUAS PLUVIAIS, DIÂMETRO DE 500 MM, JUNTA RÍGIDA, INSTALADO EM LOCAL COM BAIXO NÍVEL DE INTERFERÊNCIAS - FORNECIMENTO E ASSENTAMENTO. AF_12/2015","M","ATRIBUÍDO SÃO PAULO",139.88,"COMPOSICAO",88246,"ASSENTADOR DE TUBOS COM ENCARGOS COMPLEMENTARES","H","COEFICIENTE DE REPRESENTATIVIDADE",0.42,21.04,8.83,"","","","","","","","","","",null,"CAIXA REFERENCIAL"]
["ASSENTAMENTO DE TUBOS E PECAS","ASTU","FORNEC E/OU ASSENT DE TUBO DE CONCRETO COM JUNTA A",52,"","",92211,"TUBO DE CONCRETO PARA REDES COLETORAS DE ÁGUAS PLUVIAIS, DIÂMETRO DE 500 MM, JUNTA RÍGIDA, INSTALADO EM LOCAL COM BAIXO NÍVEL DE INTERFERÊNCIAS - FORNECIMENTO E ASSENTAMENTO. AF_12/2015","M","ATRIBUÍDO SÃO PAULO",139.88,"COMPOSICAO",88316,"SERVENTE COM ENCARGOS COMPLEMENTARES","H","COLETADO",0.83899999999999997,14.67,12.3,"","","","","","","","","","",null,"CAIXA REFERENCIAL"]
["ASSENTAMENTO DE TUBOS E PECAS","ASTU","FORNEC E/OU ASSENT DE TUBO DE CONCRETO COM JUNTA A",52,"","",92211,"TUBO DE CONCRETO PARA REDES COLETORAS DE ÁGUAS PLUVIAIS, DIÂMETRO DE 500 MM, JUNTA RÍGIDA, INSTALADO EM LOCAL COM BAIXO NÍVEL DE INTERFERÊNCIAS - FORNECIMENTO E ASSENTAMENTO. AF_12/2015","M","ATRIBUÍDO SÃO PAULO",139.88,"COMPOSICAO",88629,"ARGAMASSA TRAÇO 1:3 (EM VOLUME DE CIMENTO E AREIA MÉDIA ÚMIDA), PREPARO MANUAL. AF_08/2019","M3","COEFICIENTE DE REPRESENTATIVIDADE",3.0000000000000001E-3,459.77,1.37,"","","","","","","","","","",null,"CAIXA REFERENCIAL"]
["ASSENTAMENTO DE TUBOS E PECAS","ASTU","FORNEC E/OU ASSENT DE TUBO DE CONCRETO COM JUNTA A",52,"","",92212,"TUBO DE CONCRETO PARA REDES COLETORAS DE ÁGUAS PLUVIAIS, DIÂMETRO DE 600 MM, JUNTA RÍGIDA, INSTALADO EM LOCAL COM BAIXO NÍVEL DE INTERFERÊNCIAS - FORNECIMENTO E ASSENTAMENTO. AF_12/2015","M","ATRIBUÍDO SÃO PAULO",207.44,"","","","","","","","",27.06,13.045366700000001,167.2,80.598455700000002,"13,18","6,3561776","0,00","0,0000000","0,00","0,0000000",0,"CAIXA REFERENCIAL"]
["ASSENTAMENTO DE TUBOS E PECAS","ASTU","FORNEC E/OU ASSENT DE TUBO DE CONCRETO COM JUNTA A",52,"","",92212,"TUBO DE CONCRETO PARA REDES COLETORAS DE ÁGUAS PLUVIAIS, DIÂMETRO DE 600 MM, JUNTA RÍGIDA, INSTALADO EM LOCAL COM BAIXO NÍVEL DE INTERFERÊNCIAS - FORNECIMENTO E ASSENTAMENTO. AF_12/2015","M","ATRIBUÍDO SÃO PAULO",207.44,"COMPOSICAO",5631,"ESCAVADEIRA HIDRÁULICA SOBRE ESTEIRAS, CAÇAMBA 0,80 M3, PESO OPERACIONAL 17 T, POTENCIA BRUTA 111 HP - CHP DIURNO. AF_06/2014","CHP","ATRIBUÍDO SÃO PAULO",0.105,126.79,13.31,"","","","","","","","","","",null,"CAIXA REFERENCIAL"]
["ASSENTAMENTO DE TUBOS E PECAS","ASTU","FORNEC E/OU ASSENT DE TUBO DE CONCRETO COM JUNTA A",52,"","",92212,"TUBO DE CONCRETO PARA REDES COLETORAS DE ÁGUAS PLUVIAIS, DIÂMETRO DE 600 MM, JUNTA RÍGIDA, INSTALADO EM LOCAL COM BAIXO NÍVEL DE INTERFERÊNCIAS - FORNECIMENTO E ASSENTAMENTO. AF_12/2015","M","ATRIBUÍDO SÃO PAULO",207.44,"COMPOSICAO",5632,"ESCAVADEIRA HIDRÁULICA SOBRE ESTEIRAS, CAÇAMBA 0,80 M3, PESO OPERACIONAL 17 T, POTENCIA BRUTA 111 HP - CHI DIURNO. AF_06/2014","CHI","ATRIBUÍDO SÃO PAULO",0.221,57.49,12.7,"","","","","","","","","","",null,"CAIXA REFERENCIAL"]
["ASSENTAMENTO DE TUBOS E PECAS","ASTU","FORNEC E/OU ASSENT DE TUBO DE CONCRETO COM JUNTA A",52,"","",92212,"TUBO DE CONCRETO PARA REDES COLETORAS DE ÁGUAS PLUVIAIS, DIÂMETRO DE 600 MM, JUNTA RÍGIDA, INSTALADO EM LOCAL COM BAIXO NÍVEL DE INTERFERÊNCIAS - FORNECIMENTO E ASSENTAMENTO. AF_12/2015","M","ATRIBUÍDO SÃO PAULO",207.44,"INSUMO",7725,"TUBO DE CONCRETO ARMADO PARA AGUAS PLUVIAIS, CLASSE PA-1, COM ENCAIXE PONTA E BOLSA, DIAMETRO NOMINAL DE = 600 MM","M","COLETADO",1.03,149.82,154.31,"","","","","","","","","","",null,"CAIXA REFERENCIAL"]
["ASSENTAMENTO DE TUBOS E PECAS","ASTU","FORNEC E/OU ASSENT DE TUBO DE CONCRETO COM JUNTA A",52,"","",92212,"TUBO DE CONCRETO PARA REDES COLETORAS DE ÁGUAS PLUVIAIS, DIÂMETRO DE 600 MM, JUNTA RÍGIDA, INSTALADO EM LOCAL COM BAIXO NÍVEL DE INTERFERÊNCIAS - FORNECIMENTO E ASSENTAMENTO. AF_12/2015","M","ATRIBUÍDO SÃO PAULO",207.44,"COMPOSICAO",88246,"ASSENTADOR DE TUBOS COM ENCARGOS COMPLEMENTARES","H","COEFICIENTE DE REPRESENTATIVIDADE",0.49299999999999999,21.04,10.37,"","","","","","","","","","",null,"CAIXA REFERENCIAL"]
["ASSENTAMENTO DE TUBOS E PECAS","ASTU","FORNEC E/OU ASSENT DE TUBO DE CONCRETO COM JUNTA A",52,"","",92219,"TUBO DE CONCRETO PARA REDES COLETORAS DE ÁGUAS PLUVIAIS, DIÂMETRO DE 400 MM, JUNTA RÍGIDA, INSTALADO EM LOCAL COM ALTO NÍVEL DE INTERFERÊNCIAS - FORNECIMENTO E ASSENTAMENTO. AF_12/2015","M","ATRIBUÍDO SÃO PAULO",123.41,"INSUMO",7745,"TUBO DE CONCRETO ARMADO PARA AGUAS PLUVIAIS, CLASSE PA-1, COM ENCAIXE PONTA E BOLSA, DIAMETRO NOMINAL DE 400 MM","M","COEFICIENTE DE REPRESENTATIVIDADE",1.03,77.42,79.739999999999995,"","","","","","","","","","",null,"CAIXA REFERENCIAL"]
["ASSENTAMENTO DE TUBOS E PECAS","ASTU","FORNEC E/OU ASSENT DE TUBO DE CONCRETO COM JUNTA A",52,"","",92226,"TUBO DE CONCRETO PARA REDES COLETORAS DE ÁGUAS PLUVIAIS, DIÂMETRO DE 1000 MM, JUNTA RÍGIDA, INSTALADO EM LOCAL COM ALTO NÍVEL DE INTERFERÊNCIAS - FORNECIMENTO E ASSENTAMENTO. AF_12/2015","M","ATRIBUÍDO SÃO PAULO",411.25,"INSUMO",7753,"TUBO DE CONCRETO ARMADO PARA AGUAS PLUVIAIS, CLASSE PA-1, COM ENCAIXE PONTA E BOLSA, DIAMETRO NOMINAL DE 1000 MM","M","COEFICIENTE DE REPRESENTATIVIDADE",1.03,292.08,300.83999999999997,"","","","","","","","","","",null,"CAIXA REFERENCIAL"]
["ASSENTAMENTO DE TUBOS E PECAS","ASTU","FORNEC E/OU ASSENT DE TUBO DE CONCRETO COM JUNTA A",52,"","",92226,"TUBO DE CONCRETO PARA REDES COLETORAS DE ÁGUAS PLUVIAIS, DIÂMETRO DE 1000 MM, JUNTA RÍGIDA, INSTALADO EM LOCAL COM ALTO NÍVEL DE INTERFERÊNCIAS - FORNECIMENTO E ASSENTAMENTO. AF_12/2015","M","ATRIBUÍDO SÃO PAULO",411.25,"COMPOSICAO",88629,"ARGAMASSA TRAÇO 1:3 (EM VOLUME DE CIMENTO E AREIA MÉDIA ÚMIDA), PREPARO MANUAL. AF_08/2019","M3","COEFICIENTE DE REPRESENTATIVIDADE",2.8000000000000001E-2,459.77,12.87,"","","","","","","","","","",null,"CAIXA REFERENCIAL"]
["ASSENTAMENTO DE TUBOS E PECAS","ASTU","FORNEC E/OU ASSENT DE TUBO DE CONCRETO COM JUNTA A",52,"","",92815,"ASSENTAMENTO DE TUBO DE CONCRETO PARA REDES COLETORAS DE ÁGUAS PLUVIAIS, DIÂMETRO DE 1000 MM, JUNTA RÍGIDA, INSTALADO EM LOCAL COM BAIXO NÍVEL DE INTERFERÊNCIAS (NÃO INCLUI FORNECIMENTO). AF_12/2015","M","ATRIBUÍDO SÃO PAULO",93.91,"COMPOSICAO",5632,"ESCAVADEIRA HIDRÁULICA SOBRE ESTEIRAS, CAÇAMBA 0,80 M3, PESO OPERACIONAL 17 T, POTENCIA BRUTA 111 HP - CHI DIURNO. AF_06/2014","CHI","ATRIBUÍDO SÃO PAULO",0.35199999999999998,57.49,20.23,"","","","","","","","","","",null,"CAIXA REFERENCIAL"]
["ASSENTAMENTO DE TUBOS E PECAS","ASTU","FORNEC E/OU ASSENT DE TUBO DE CONCRETO COM JUNTA A",52,"","",92820,"ASSENTAMENTO DE TUBO DE CONCRETO PARA REDES COLETORAS DE ÁGUAS PLUVIAIS, DIÂMETRO DE 300 MM, JUNTA RÍGIDA, INSTALADO EM LOCAL COM ALTO NÍVEL DE INTERFERÊNCIAS (NÃO INCLUI FORNECIMENTO). AF_12/2015","M","ATRIBUÍDO SÃO PAULO",34.049999999999997,"COMPOSICAO",88246,"ASSENTADOR DE TUBOS COM ENCARGOS COMPLEMENTARES","H","COEFICIENTE DE REPRESENTATIVIDADE",0.32700000000000001,21.04,6.88,"","","","","","","","","","",null,"CAIXA REFERENCIAL"]
["ASSENTAMENTO DE TUBOS E PECAS","ASTU","FORNEC E/OU ASSENT DE TUBO DE CONCRETO COM JUNTA A",52,"","",92831,"TUBO DE CONCRETO PARA REDES COLETORAS DE ÁGUAS PLUVIAIS, DIÂMETRO DE 1500 MM, JUNTA RÍGIDA, INSTALADO EM LOCAL COM ALTO NÍVEL DE INTERFERÊNCIAS - FORNECIMENTO E ASSENTAMENTO. AF_12/2015","M","ATRIBUÍDO SÃO PAULO",833.04,"COMPOSICAO",88316,"SERVENTE COM ENCARGOS COMPLEMENTARES","H","COLETADO",3.1213000000000002,14.67,45.78,"","","","","","","","","","",null,"CAIXA REFERENCIAL"]
["ASSENTAMENTO DE TUBOS E PECAS","ASTU","FORNEC E/OU ASSENT DE TUBO DE CONCRETO COM JUNTA A",52,"","",95567,"TUBO DE CONCRETO (SIMPLES) PARA REDES COLETORAS DE ÁGUAS PLUVIAIS, DIÂMETRO DE 300 MM, JUNTA RÍGIDA, INSTALADO EM LOCAL COM BAIXO NÍVEL DE INTERFERÊNCIAS - FORNECIMENTO E ASSENTAMENTO. AF_12/2015","M","ATRIBUÍDO SÃO PAULO",84.76,"COMPOSICAO",5632,"ESCAVADEIRA HIDRÁULICA SOBRE ESTEIRAS, CAÇAMBA 0,80 M3, PESO OPERACIONAL 17 T, POTENCIA BRUTA 111 HP - CHI DIURNO. AF_06/2014","CHI","ATRIBUÍDO SÃO PAULO",0.122,57.49,7.01,"","","","","","","","","","",null,"CAIXA REFERENCIAL"]
["ASSENTAMENTO DE TUBOS E PECAS","ASTU","FORNEC E/OU ASSENT DE TUBO DE CONCRETO COM JUNTA A",52,"","",95572,"TUBO DE CONCRETO (SIMPLES) PARA REDES COLETORAS DE ÁGUAS PLUVIAIS, DIÂMETRO DE 500 MM, JUNTA RÍGIDA, INSTALADO EM LOCAL COM ALTO NÍVEL DE INTERFERÊNCIAS - FORNECIMENTO E ASSENTAMENTO. AF_12/2015","M","ATRIBUÍDO SÃO PAULO",152.41999999999999,"","","","","","","","",32.47,21.3046905,106.49,69.859414099999995,"13,46","8,8358954","0,00","0,0000000","0,00","0,0000000",0,"CAIXA REFERENCIAL"]
["ASSENTAMENTO DE TUBOS E PECAS","ASTU","FORNEC E/OU ASSENT DE TUBO PVC DEFOFO COM JUNTA EL",230,"","",97135,"ASSENTAMENTO DE TUBO DE PVC DEFOFO OU PRFV OU RPVC PARA REDE DE ÁGUA, DN 200 MM, JUNTA ELÁSTICA INTEGRADA, INSTALADO EM LOCAL COM NÍVEL BAIXO DE INTERFERÊNCIAS (NÃO INCLUI FORNECIMENTO). AF_11/2017","M","ATRIBUÍDO SÃO PAULO",3.83,"COMPOSICAO",5678,"RETROESCAVADEIRA SOBRE RODAS COM CARREGADEIRA, TRAÇÃO 4X4, POTÊNCIA LÍQ. 88 HP, CAÇAMBA CARREG. CAP. MÍN. 1 M3, CAÇAMBA RETRO CAP. 0,26 M3, PESO OPERACIONAL MÍN. 6.674 KG, PROFUNDIDADE ESCAVAÇÃO MÁX. 4,37 M - CHP DIURNO. AF_06/2014","CHP","ATRIBUÍDO SÃO PAULO",8.6E-3,92.02,0.79,"","","","","","","","","","",null,"CAIXA REFERENCIAL"]
["CANTEIRO DE OBRAS","CANT","CONSTRUCAO DO CANTEIRO",1,"","",93206,"EXECUÇÃO DE ESCRITÓRIO EM CANTEIRO DE OBRA EM ALVENARIA, NÃO INCLUSO MOBILIÁRIO E EQUIPAMENTOS. AF_02/2016","M2","ATRIBUÍDO SÃO PAULO",798.01,"","","","","","","","",248.53,31.1438466,549.28,68.830689399999997,"0,10","0,0127320","0,00","0,0000000","0,10","0,0127320",0,"CAIXA REFERENCIAL"]
["CANTEIRO DE OBRAS","CANT","CONSTRUCAO DO CANTEIRO",1,"","",93206,"EXECUÇÃO DE ESCRITÓRIO EM CANTEIRO DE OBRA EM ALVENARIA, NÃO INCLUSO MOBILIÁRIO E EQUIPAMENTOS. AF_02/2016","M2","ATRIBUÍDO SÃO PAULO",798.01,"COMPOSICAO",90457,"QUEBRA EM ALVENARIA PARA INSTALAÇÃO DE QUADRO DISTRIBUIÇÃO PEQUENO (19X25 CM). AF_05/2015","UN","COEFICIENTE DE REPRESENTATIVIDADE",1.8499999999999999E-2,6.53,0.12,"","","","","","","","","","",null,"CAIXA REFERENCIAL"]
["CANTEIRO DE OBRAS","CANT","CONSTRUCAO DO CANTEIRO",1,"","",93206,"EXECUÇÃO DE ESCRITÓRIO EM CANTEIRO DE OBRA EM ALVENARIA, NÃO INCLUSO MOBILIÁRIO E EQUIPAMENTOS. AF_02/2016","M2","ATRIBUÍDO SÃO PAULO",798.01,"COMPOSICAO",98283,"CABO TELEFÔNICO CCI-50 4 PARES, SEM BLINDAGEM, INSTALADO EM DISTRIBUIÇÃO DE EDIFICAÇÃO RESIDENCIAL - FORNECIMENTO E INSTALAÇÃO. AF_11/2019","M","COEFICIENTE DE REPRESENTATIVIDADE",0.59160000000000001,6.54,3.86,"","","","","","","","","","",null,"CAIXA REFERENCIAL"]
["CANTEIRO DE OBRAS","CANT","CONSTRUCAO DO CANTEIRO",1,"","",93207,"EXECUÇÃO DE ESCRITÓRIO EM CANTEIRO DE OBRA EM CHAPA DE MADEIRA COMPENSADA, NÃO INCLUSO MOBILIÁRIO E EQUIPAMENTOS. AF_02/2016","M2","ATRIBUÍDO SÃO PAULO",726.95,"COMPOSICAO",93358,"ESCAVAÇÃO MANUAL DE VALA COM PROFUNDIDADE MENOR OU IGUAL A 1,30 M. AF_03/2016","M3","COLETADO",2.3300000000000001E-2,58.03,1.35,"","","","","","","","","","",null,"CAIXA REFERENCIAL"]
["CANTEIRO DE OBRAS","CANT","CONSTRUCAO DO CANTEIRO",1,"","",93208,"EXECUÇÃO DE ALMOXARIFADO EM CANTEIRO DE OBRA EM CHAPA DE MADEIRA COMPENSADA, INCLUSO PRATELEIRAS. AF_02/2016","M2","ATRIBUÍDO SÃO PAULO",597.94000000000005,"INSUMO",11587,"FORRO DE PVC LISO, BRANCO, REGUA DE 10 CM, ESPESSURA DE 8 MM A 10 MM (COM COLOCACAO / SEM ESTRUTURA METALICA)","M2","COEFICIENTE DE REPRESENTATIVIDADE",1,84.94,84.94,"","","","","","","","","","",null,"CAIXA REFERENCIAL"]
["CANTEIRO DE OBRAS","CANT","CONSTRUCAO DO CANTEIRO",1,"","",93209,"EXECUÇÃO DE ALMOXARIFADO EM CANTEIRO DE OBRA EM ALVENARIA, INCLUSO PRATELEIRAS. AF_02/2016","M2","ATRIBUÍDO SÃO PAULO",668.5,"COMPOSICAO",90456,"QUEBRA EM ALVENARIA PARA INSTALAÇÃO DE CAIXA DE TOMADA (4X4 OU 4X2). AF_05/2015","UN","COEFICIENTE DE REPRESENTATIVIDADE",7.1900000000000006E-2,2.86,0.2,"","","","","","","","","","",null,"CAIXA REFERENCIAL"]
["CANTEIRO DE OBRAS","CANT","CONSTRUCAO DO CANTEIRO",1,"","",93210,"EXECUÇÃO DE REFEITÓRIO EM CANTEIRO DE OBRA EM CHAPA DE MADEIRA COMPENSADA, NÃO INCLUSO MOBILIÁRIO E EQUIPAMENTOS. AF_02/2016","M2","ATRIBUÍDO SÃO PAULO",429.98,"COMPOSICAO","74130/1","DISJUNTOR TERMOMAGNETICO MONOPOLAR PADRAO NEMA (AMERICANO) 10 A 30A 240V, FORNECIMENTO E INSTALACAO","UN","COLETADO",0.1074,11.51,1.23,"","","","","","","","","","",null,"CAIXA REFERENCIAL"]
["CANTEIRO DE OBRAS","CANT","CONSTRUCAO DO CANTEIRO",1,"","",93210,"EXECUÇÃO DE REFEITÓRIO EM CANTEIRO DE OBRA EM CHAPA DE MADEIRA COMPENSADA, NÃO INCLUSO MOBILIÁRIO E EQUIPAMENTOS. AF_02/2016","M2","ATRIBUÍDO SÃO PAULO",429.98,"COMPOSICAO",91924,"CABO DE COBRE FLEXÍVEL ISOLADO, 1,5 MM², ANTI-CHAMA 450/750 V, PARA CIRCUITOS TERMINAIS - FORNECIMENTO E INSTALAÇÃO. AF_12/2015","M","COEFICIENTE DE REPRESENTATIVIDADE",0.85909999999999997,2.0499999999999998,1.76,"","","","","","","","","","",null,"CAIXA REFERENCIAL"]
["CANTEIRO DE OBRAS","CANT","CONSTRUCAO DO CANTEIRO",1,"","",93211,"EXECUÇÃO DE REFEITÓRIO EM CANTEIRO DE OBRA EM ALVENARIA, NÃO INCLUSO MOBILIÁRIO E EQUIPAMENTOS. AF_02/2016","M2","ATRIBUÍDO SÃO PAULO",432.09,"COMPOSICAO",92000,"TOMADA BAIXA DE EMBUTIR (1 MÓDULO), 2P+T 10 A, INCLUINDO SUPORTE E PLACA - FORNECIMENTO E INSTALAÇÃO. AF_12/2015","UN","COEFICIENTE DE REPRESENTATIVIDADE",2.5499999999999998E-2,20.2,0.51,"","","","","","","","","","",null,"CAIXA REFERENCIAL"]
["CANTEIRO DE OBRAS","CANT","CONSTRUCAO DO CANTEIRO",1,"","",93212,"EXECUÇÃO DE SANITÁRIO E VESTIÁRIO EM CANTEIRO DE OBRA EM CHAPA DE MADEIRA COMPENSADA, NÃO INCLUSO MOBILIÁRIO. AF_02/2016","M2","ATRIBUÍDO SÃO PAULO",690.64,"COMPOSICAO",91173,"FIXAÇÃO DE TUBOS VERTICAIS DE PPR DIÂMETROS MENORES OU IGUAIS A 40 MM COM ABRAÇADEIRA METÁLICA RÍGIDA TIPO D 1/2\", FIXADA EM PERFILADO EM ALVENARIA. AF_05/2015","M","COEFICIENTE DE REPRESENTATIVIDADE",0.1827,1.05,0.19,"","","","","","","","","","",null,"CAIXA REFERENCIAL"]
["CANTEIRO DE OBRAS","CANT","CONSTRUCAO DO CANTEIRO",1,"","",93212,"EXECUÇÃO DE SANITÁRIO E VESTIÁRIO EM CANTEIRO DE OBRA EM CHAPA DE MADEIRA COMPENSADA, NÃO INCLUSO MOBILIÁRIO. AF_02/2016","M2","ATRIBUÍDO SÃO PAULO",690.64,"COMPOSICAO",92000,"TOMADA BAIXA DE EMBUTIR (1 MÓDULO), 2P+T 10 A, INCLUINDO SUPORTE E PLACA - FORNECIMENTO E INSTALAÇÃO. AF_12/2015","UN","COEFICIENTE DE REPRESENTATIVIDADE",3.4799999999999998E-2,20.2,0.7,"","","","","","","","","","",null,"CAIXA REFERENCIAL"]
["CANTEIRO DE OBRAS","CANT","CONSTRUCAO DO CANTEIRO",1,"","",93213,"EXECUÇÃO DE SANITÁRIO E VESTIÁRIO EM CANTEIRO DE OBRA EM ALVENARIA, NÃO INCLUSO MOBILIÁRIO. AF_02/2016","M2","ATRIBUÍDO SÃO PAULO",752.5,"COMPOSICAO",86943,"LAVATÓRIO LOUÇA BRANCA SUSPENSO, 29,5 X 39CM OU EQUIVALENTE, PADRÃO POPULAR, INCLUSO SIFÃO FLEXÍVEL EM PVC, VÁLVULA E ENGATE FLEXÍVEL 30CM EM PLÁSTICO E TORNEIRA CROMADA DE MESA, PADRÃO POPULAR - FORNECIMENTO E INSTALAÇÃO. AF_01/2020","UN","COEFICIENTE DE REPRESENTATIVIDADE",5.0099999999999999E-2,164.24,8.2200000000000006,"","","","","","","","","","",null,"CAIXA REFERENCIAL"]
["CANTEIRO DE OBRAS","CANT","CONSTRUCAO DO CANTEIRO",1,"","",93213,"EXECUÇÃO DE SANITÁRIO E VESTIÁRIO EM CANTEIRO DE OBRA EM ALVENARIA, NÃO INCLUSO MOBILIÁRIO. AF_02/2016","M2","ATRIBUÍDO SÃO PAULO",752.5,"COMPOSICAO",97586,"LUMINÁRIA TIPO CALHA, DE SOBREPOR, COM 2 LÂMPADAS TUBULARES FLUORESCENTES DE 36 W, COM REATOR DE PARTIDA RÁPIDA - FORNECIMENTO E INSTALAÇÃO. AF_02/2020","UN","COEFICIENTE DE REPRESENTATIVIDADE",0.1336,81.98,10.95,"","","","","","","","","","",null,"CAIXA REFERENCIAL"]
["CANTEIRO DE OBRAS","CANT","CONSTRUCAO DO CANTEIRO",1,"","",93582,"EXECUÇÃO DE CENTRAL DE ARMADURA EM CANTEIRO DE OBRA, NÃO INCLUSO MOBILIÁRIO E EQUIPAMENTOS. AF_04/2016","M2","ATRIBUÍDO SÃO PAULO",191.45,"COMPOSICAO",91924,"CABO DE COBRE FLEXÍVEL ISOLADO, 1,5 MM², ANTI-CHAMA 450/750 V, PARA CIRCUITOS TERMINAIS - FORNECIMENTO E INSTALAÇÃO. AF_12/2015","M","COEFICIENTE DE REPRESENTATIVIDADE",0.93340000000000001,2.0499999999999998,1.91,"","","","","","","","","","",null,"CAIXA REFERENCIAL"]
["CANTEIRO DE OBRAS","CANT","CONSTRUCAO DO CANTEIRO",1,"","",93584,"EXECUÇÃO DE DEPÓSITO EM CANTEIRO DE OBRA EM CHAPA DE MADEIRA COMPENSADA, NÃO INCLUSO MOBILIÁRIO. AF_04/2016","M2","ATRIBUÍDO SÃO PAULO",555.55999999999995,"COMPOSICAO",95240,"LASTRO DE CONCRETO MAGRO, APLICADO EM PISOS OU RADIERS, ESPESSURA DE 3 CM. AF_07/2016","M2","ATRIBUÍDO SÃO PAULO",9.2999999999999992E-3,13.37,0.12,"","","","","","","","","","",null,"CAIXA REFERENCIAL"]
["CANTEIRO DE OBRAS","CANT","CONSTRUCAO DO CANTEIRO",1,"","",93585,"EXECUÇÃO DE GUARITA EM CANTEIRO DE OBRA EM CHAPA DE MADEIRA COMPENSADA, NÃO INCLUSO MOBILIÁRIO. AF_04/2016","M2","ATRIBUÍDO SÃO PAULO",695.49,"COMPOSICAO",98441,"PAREDE DE MADEIRA COMPENSADA PARA CONSTRUÇÃO TEMPORÁRIA EM CHAPA SIMPLES, EXTERNA, COM ÁREA LÍQUIDA MAIOR OU IGUAL A 6 M², SEM VÃO. AF_05/2018","M2","COEFICIENTE DE REPRESENTATIVIDADE",0.754,81.12,61.16,"","","","","","","","","","",null,"CAIXA REFERENCIAL"]
["CANTEIRO DE OBRAS","CANT","CONSTRUCAO DO CANTEIRO",1,"","",98443,"PAREDE DE MADEIRA COMPENSADA PARA CONSTRUÇÃO TEMPORÁRIA EM CHAPA SIMPLES, INTERNA, COM ÁREA LÍQUIDA MAIOR OU IGUAL A 6 M², SEM VÃO. AF_05/2018","M2","COEFICIENTE DE REPRESENTATIVIDADE",70.55,"COMPOSICAO",91692,"SERRA CIRCULAR DE BANCADA COM MOTOR ELÉTRICO POTÊNCIA DE 5HP, COM COIFA PARA DISCO 10\" - CHP DIURNO. AF_08/2015","CHP","COEFICIENTE DE REPRESENTATIVIDADE",8.2000000000000007E-3,26.18,0.21,"","","","","","","","","","",null,"CAIXA REFERENCIAL"]
["CANTEIRO DE OBRAS","CANT","CONSTRUCAO DO CANTEIRO",1,"","",98448,"PAREDE DE MADEIRA COMPENSADA PARA CONSTRUÇÃO TEMPORÁRIA EM CHAPA SIMPLES, INTERNA, COM ÁREA LÍQUIDA MENOR QUE 6 M², COM VÃO. AF_05/2018","M2","COEFICIENTE DE REPRESENTATIVIDADE",100.97,"INSUMO",4433,"PECA DE MADEIRA NAO APARELHADA *7,5 X 7,5* CM (3 X 3 \") MACARANDUBA, ANGELIM OU EQUIVALENTE DA REGIAO","M","COEFICIENTE DE REPRESENTATIVIDADE",2.1238000000000001,7.26,15.41,"","","","","","","","","","",null,"CAIXA REFERENCIAL"]
["CANTEIRO DE OBRAS","CANT","CONSTRUCAO DO CANTEIRO",1,"","",98453,"PAREDE DE MADEIRA COMPENSADA PARA CONSTRUÇÃO TEMPORÁRIA EM CHAPA DUPLA, EXTERNA, COM ÁREA LÍQUIDA MAIOR OU IGUAL A QUE 6 M², COM VÃO. AF_05/2018","M2","COEFICIENTE DE REPRESENTATIVIDADE",128.97,"","","","","","","","",25.84,20.0403758,103.1,79.936330499999997,"0,00","0,0000000","0,00","0,0000000","0,03","0,0232937",0,"CAIXA REFERENCIAL"]
["CANTEIRO DE OBRAS","CANT","CONSTRUCAO DO CANTEIRO",1,"","",98458,"TAPUME COM COMPENSADO DE MADEIRA. AF_05/2018","M2","COEFICIENTE DE REPRESENTATIVIDADE",77.22,"INSUMO",1350,"!EM PROCESSO DE DESATIVACAO! CHAPA DE MADEIRA COMPENSADA RESINADA PARA FORMA DE CONCRETO, DE *2,2 X 1,1* M, E = 10 MM","UN","COLETADO",0.43390000000000001,58.23,25.26,"","","","","","","","","","",null,"CAIXA REFERENCIAL"]
["CANTEIRO DE OBRAS","CANT","CONSTRUCAO DO CANTEIRO",1,"","",98462,"ESTRUTURA DE MADEIRA PROVISÓRIA PARA SUPORTE DE CAIXA D ÁGUA ELEVADA DE 3000 LITROS. AF_05/2018_P","UN","ATRIBUÍDO SÃO PAULO",4292.63,"COMPOSICAO",88262,"CARPINTEIRO DE FORMAS COM ENCARGOS COMPLEMENTARES","H","COLETADO",11.277799999999999,18.05,203.56,"","","","","","","","","","",null,"CAIXA REFERENCIAL"]
["CUSTOS HORÁRIOS DE MÁQUINAS E EQUIPAMENTOS","CHOR","CUSTO HORÁRIO PRODUTIVO DIURNO",325,"","",5795,"MARTELETE OU ROMPEDOR PNEUMÁTICO MANUAL, 28 KG, COM SILENCIADOR - CHP DIURNO. AF_07/2016","CHP","ATRIBUÍDO SÃO PAULO",22.93,"COMPOSICAO",88298,"OPERADOR DE MARTELETE OU MARTELETEIRO COM ENCARGOS COMPLEMENTARES","H","COEFICIENTE DE REPRESENTATIVIDADE",1,20.32,20.32,"","","","","","","","","","",null,"CAIXA REFERENCIAL"]
["CUSTOS HORÁRIOS DE MÁQUINAS E EQUIPAMENTOS","CHOR","CUSTO HORÁRIO PRODUTIVO DIURNO",325,"","",5824,"CAMINHÃO TOCO, PBT 16.000 KG, CARGA ÚTIL MÁX. 10.685 KG, DIST. ENTRE EIXOS 4,8 M, POTÊNCIA 189 CV, INCLUSIVE CARROCERIA FIXA ABERTA DE MADEIRA P/ TRANSPORTE GERAL DE CARGA SECA, DIMEN. APROX. 2,5 X 7,00 X 0,50 M - CHP DIURNO. AF_06/2014","CHP","ATRIBUÍDO SÃO PAULO",116.74,"COMPOSICAO",89265,"CAMINHÃO TOCO, PBT 16.000 KG, CARGA ÚTIL MÁX. 10.685 KG, DIST. ENTRE EIXOS 4,8 M, POTÊNCIA 189 CV, INCLUSIVE CARROCERIA FIXA ABERTA DE MADEIRA P/ TRANSPORTE GERAL DE CARGA SECA, DIMEN. APROX. 2,5 X 7,00 X 0,50 M - JUROS. AF_06/2014","H","ATRIBUÍDO SÃO PAULO",1,1.83,1.83,"","","","","","","","","","",null,"CAIXA REFERENCIAL"]
["CUSTOS HORÁRIOS DE MÁQUINAS E EQUIPAMENTOS","CHOR","CUSTO HORÁRIO PRODUTIVO DIURNO",325,"","",5890,"CAMINHÃO TOCO, PESO BRUTO TOTAL 14.300 KG, CARGA ÚTIL MÁXIMA 9590 KG, DISTÂNCIA ENTRE EIXOS 4,76 M, POTÊNCIA 185 CV (NÃO INCLUI CARROCERIA) - CHP DIURNO. AF_06/2014","CHP","COEFICIENTE DE REPRESENTATIVIDADE",118.15,"COMPOSICAO",5751,"CAMINHÃO TOCO, PESO BRUTO TOTAL 14.300 KG, CARGA ÚTIL MÁXIMA 9590 KG, DISTÂNCIA ENTRE EIXOS 4,76 M, POTÊNCIA 185 CV (NÃO INCLUI CARROCERIA) - MANUTENÇÃO. AF_06/2014","H","COEFICIENTE DE REPRESENTATIVIDADE",1,18.059999999999999,18.059999999999999,"","","","","","","","","","",null,"CAIXA REFERENCIAL"]
["CUSTOS HORÁRIOS DE MÁQUINAS E EQUIPAMENTOS","CHOR","CUSTO HORÁRIO PRODUTIVO DIURNO",325,"","",5928,"GUINDAUTO HIDRÁULICO, CAPACIDADE MÁXIMA DE CARGA 6200 KG, MOMENTO MÁXIMO DE CARGA 11,7 TM, ALCANCE MÁXIMO HORIZONTAL 9,70 M, INCLUSIVE CAMINHÃO TOCO PBT 16.000 KG, POTÊNCIA DE 189 CV - CHP DIURNO. AF_06/2014","CHP","ATRIBUÍDO SÃO PAULO",141.08000000000001,"COMPOSICAO",89260,"GUINDAUTO HIDRÁULICO, CAPACIDADE MÁXIMA DE CARGA 6200 KG, MOMENTO MÁXIMO DE CARGA 11,7 TM, ALCANCE MÁXIMO HORIZONTAL 9,70 M, INCLUSIVE CAMINHÃO TOCO PBT 16.000 KG, POTÊNCIA DE 189 CV - JUROS. AF_06/2014","H","ATRIBUÍDO SÃO PAULO",1,2.2200000000000002,2.2200000000000002,"","","","","","","","","","",null,"CAIXA REFERENCIAL"]
["CUSTOS HORÁRIOS DE MÁQUINAS E EQUIPAMENTOS","CHOR","CUSTO HORÁRIO PRODUTIVO DIURNO",325,"","",7030,"TANQUE DE ASFALTO ESTACIONÁRIO COM SERPENTINA, CAPACIDADE 30.000 L - CHP DIURNO. AF_06/2014","CHP","ATRIBUÍDO SÃO PAULO",130.87,"COMPOSICAO",7034,"TANQUE DE ASFALTO ESTACIONÁRIO COM SERPENTINA, CAPACIDADE 30.000 L - MANUTENÇÃO. AF_06/2014","H","ATRIBUÍDO SÃO PAULO",1,6.26,6.26,"","","","","","","","","","",null,"CAIXA REFERENCIAL"]
["CUSTOS HORÁRIOS DE MÁQUINAS E EQUIPAMENTOS","CHOR","CUSTO HORÁRIO PRODUTIVO DIURNO",325,"","",7042,"MOTOBOMBA TRASH (PARA ÁGUA SUJA) AUTO ESCORVANTE, MOTOR GASOLINA DE 6,41 HP, DIÂMETROS DE SUCÇÃO X RECALQUE: 3\" X 3\", HM/Q = 10 MCA / 60 M3/H A 23 MCA / 0 M3/H - CHP DIURNO. AF_10/2014","CHP","COEFICIENTE DE REPRESENTATIVIDADE",7.89,"COMPOSICAO",7046,"MOTOBOMBA TRASH (PARA ÁGUA SUJA) AUTO ESCORVANTE, MOTOR GASOLINA DE 6,41 HP, DIÂMETROS DE SUCÇÃO X RECALQUE: 3\" X 3\", HM/Q = 10 MCA / 60 M3/H A 23 MCA / 0 M3/H - MANUTENÇÃO. AF_10/2014","H","COEFICIENTE DE REPRESENTATIVIDADE",1,0.19,0.19,"","","","","","","","","","",null,"CAIXA REFERENCIAL"]
["CUSTOS HORÁRIOS DE MÁQUINAS E EQUIPAMENTOS","CHOR","CUSTO HORÁRIO PRODUTIVO DIURNO",325,"","",88418,"PROJETOR DE ARGAMASSA, CAPACIDADE DE PROJEÇÃO 1,5 M3/H, ALCANCE DE 30 ATÉ 60 M, MOTOR ELÉTRICO POTÊNCIA 7,5 HP - CHP DIURNO. AF_06/2014","CHP","ATRIBUÍDO SÃO PAULO",11.01,"COMPOSICAO",88422,"PROJETOR DE ARGAMASSA, CAPACIDADE DE PROJEÇÃO 1,5 M3/H, ALCANCE DE 30 ATÉ 60 M, MOTOR ELÉTRICO POTÊNCIA 7,5 HP - JUROS. AF_06/2014","H","ATRIBUÍDO SÃO PAULO",1,0.42,0.42,"","","","","","","","","","",null,"CAIXA REFERENCIAL"]
["CUSTOS HORÁRIOS DE MÁQUINAS E EQUIPAMENTOS","CHOR","CUSTO HORÁRIO PRODUTIVO DIURNO",325,"","",89028,"TANQUE DE ASFALTO ESTACIONÁRIO COM MAÇARICO, CAPACIDADE 20.000 L - CHP DIURNO. AF_06/2014","CHP","ATRIBUÍDO SÃO PAULO",120.73,"COMPOSICAO",89024,"TANQUE DE ASFALTO ESTACIONÁRIO COM MAÇARICO, CAPACIDADE 20.000 L - JUROS. AF_06/2014","H","ATRIBUÍDO SÃO PAULO",1,0.45,0.45,"","","","","","","","","","",null,"CAIXA REFERENCIAL"]
["CUSTOS HORÁRIOS DE MÁQUINAS E EQUIPAMENTOS","CHOR","CUSTO HORÁRIO PRODUTIVO DIURNO",325,"","",89225,"BETONEIRA CAPACIDADE NOMINAL DE 600 L, CAPACIDADE DE MISTURA 360 L, MOTOR ELÉTRICO TRIFÁSICO POTÊNCIA DE 4 CV, SEM CARREGADOR - CHP DIURNO. AF_11/2014","CHP","ATRIBUÍDO SÃO PAULO",3.46,"COMPOSICAO",89221,"BETONEIRA CAPACIDADE NOMINAL DE 600 L, CAPACIDADE DE MISTURA 360 L, MOTOR ELÉTRICO TRIFÁSICO POTÊNCIA DE 4 CV, SEM CARREGADOR - DEPRECIAÇÃO. AF_11/2014","H","ATRIBUÍDO SÃO PAULO",1,0.88,0.88,"","","","","","","","","","",null,"CAIXA REFERENCIAL"]
["CUSTOS HORÁRIOS DE MÁQUINAS E EQUIPAMENTOS","CHOR","CUSTO HORÁRIO PRODUTIVO DIURNO",325,"","",89272,"GUINDASTE HIDRÁULICO AUTOPROPELIDO, COM LANÇA TELESCÓPICA 28,80 M, CAPACIDADE MÁXIMA 30 T, POTÊNCIA 97 KW, TRAÇÃO 4 X 4 - CHP DIURNO. AF_11/2014","CHP","ATRIBUÍDO SÃO PAULO",112.94,"COMPOSICAO",89270,"GUINDASTE HIDRÁULICO AUTOPROPELIDO, COM LANÇA TELESCÓPICA 28,80 M, CAPACIDADE MÁXIMA 30 T, POTÊNCIA 97 KW, TRAÇÃO 4 X 4 - MANUTENÇÃO. AF_11/2014","H","ATRIBUÍDO SÃO PAULO",1,42.48,42.48,"","","","","","","","","","",null,"CAIXA REFERENCIAL"]
["CUSTOS HORÁRIOS DE MÁQUINAS E EQUIPAMENTOS","CHOR","CUSTO HORÁRIO PRODUTIVO DIURNO",325,"","",90650,"BOMBA CENTRÍFUGA MONOESTÁGIO COM MOTOR ELÉTRICO MONOFÁSICO, POTÊNCIA 15 HP, DIÂMETRO DO ROTOR 173 MM, HM/Q = 30 MCA / 90 M3/H A 45 MCA / 55 M3/H - CHP DIURNO. AF_06/2015","CHP","COEFICIENTE DE REPRESENTATIVIDADE",7.54,"COMPOSICAO",90646,"BOMBA CENTRÍFUGA MONOESTÁGIO COM MOTOR ELÉTRICO MONOFÁSICO, POTÊNCIA 15 HP, DIÂMETRO DO ROTOR 173 MM, HM/Q = 30 MCA / 90 M3/H A 45 MCA / 55 M3/H - DEPRECIAÇÃO. AF_06/2015","H","COEFICIENTE DE REPRESENTATIVIDADE",1,0.49,0.49,"","","","","","","","","","",null,"CAIXA REFERENCIAL"]
["CUSTOS HORÁRIOS DE MÁQUINAS E EQUIPAMENTOS","CHOR","CUSTO HORÁRIO PRODUTIVO DIURNO",325,"","",90686,"MANIPULADOR TELESCÓPICO, POTÊNCIA DE 85 HP, CAPACIDADE DE CARGA DE 3.500 KG, ALTURA MÁXIMA DE ELEVAÇÃO DE 12,3 M - CHP DIURNO. AF_06/2015","CHP","ATRIBUÍDO SÃO PAULO",105.52,"COMPOSICAO",88301,"OPERADOR DE PÁ CARREGADEIRA COM ENCARGOS COMPLEMENTARES","H","COEFICIENTE DE REPRESENTATIVIDADE",1,23.18,23.18,"","","","","","","","","","",null,"CAIXA REFERENCIAL"]
["CUSTOS HORÁRIOS DE MÁQUINAS E EQUIPAMENTOS","CHOR","CUSTO HORÁRIO PRODUTIVO DIURNO",325,"","",91386,"CAMINHÃO BASCULANTE 10 M3, TRUCADO CABINE SIMPLES, PESO BRUTO TOTAL 23.000 KG, CARGA ÚTIL MÁXIMA 15.935 KG, DISTÂNCIA ENTRE EIXOS 4,80 M, POTÊNCIA 230 CV INCLUSIVE CAÇAMBA METÁLICA - CHP DIURNO. AF_06/2014","CHP","ATRIBUÍDO SÃO PAULO",151.88999999999999,"COMPOSICAO",88281,"MOTORISTA DE BASCULANTE COM ENCARGOS COMPLEMENTARES","H","COEFICIENTE DE REPRESENTATIVIDADE",1,22.12,22.12,"","","","","","","","","","",null,"CAIXA REFERENCIAL"]
["CUSTOS HORÁRIOS DE MÁQUINAS E EQUIPAMENTOS","CHOR","CUSTO HORÁRIO PRODUTIVO DIURNO",325,"","",91634,"GUINDAUTO HIDRÁULICO, CAPACIDADE MÁXIMA DE CARGA 6500 KG, MOMENTO MÁXIMO DE CARGA 5,8 TM, ALCANCE MÁXIMO HORIZONTAL 7,60 M, INCLUSIVE CAMINHÃO TOCO PBT 9.700 KG, POTÊNCIA DE 160 CV - CHP DIURNO. AF_08/2015","CHP","ATRIBUÍDO SÃO PAULO",125.06,"COMPOSICAO",91630,"GUINDAUTO HIDRÁULICO, CAPACIDADE MÁXIMA DE CARGA 6500 KG, MOMENTO MÁXIMO DE CARGA 5,8 TM, ALCANCE MÁXIMO HORIZONTAL 7,60 M, INCLUSIVE CAMINHÃO TOCO PBT 9.700 KG, POTÊNCIA DE 160 CV - JUROS. AF_08/2015","H","ATRIBUÍDO SÃO PAULO",1,2.0699999999999998,2.0699999999999998,"","","","","","","","","","",null,"CAIXA REFERENCIAL"]
["CUSTOS HORÁRIOS DE MÁQUINAS E EQUIPAMENTOS","CHOR","CUSTO HORÁRIO PRODUTIVO DIURNO",325,"","",92145,"CAMINHONETE CABINE SIMPLES COM MOTOR 1.6 FLEX, CÂMBIO MANUAL, POTÊNCIA 101/104 CV, 2 PORTAS - CHP DIURNO. AF_11/2015","CHP","COEFICIENTE DE REPRESENTATIVIDADE",56.77,"COMPOSICAO",92144,"CAMINHONETE CABINE SIMPLES COM MOTOR 1.6 FLEX, CÂMBIO MANUAL, POTÊNCIA 101/104 CV, 2 PORTAS - MATERIAIS NA OPERAÇÃO. AF_11/2015","H","COLETADO",1,30.1,30.1,"","","","","","","","","","",null,"CAIXA REFERENCIAL"]
["CUSTOS HORÁRIOS DE MÁQUINAS E EQUIPAMENTOS","CHOR","CUSTO HORÁRIO PRODUTIVO DIURNO",325,"","",93402,"GUINDAUTO HIDRÁULICO, CAPACIDADE MÁXIMA DE CARGA 3300 KG, MOMENTO MÁXIMO DE CARGA 5,8 TM, ALCANCE MÁXIMO HORIZONTAL 7,60 M, INCLUSIVE CAMINHÃO TOCO PBT 16.000 KG, POTÊNCIA DE 189 CV - CHP DIURNO. AF_03/2016","CHP","ATRIBUÍDO SÃO PAULO",138.78,"COMPOSICAO",93397,"GUINDAUTO HIDRÁULICO, CAPACIDADE MÁXIMA DE CARGA 3300 KG, MOMENTO MÁXIMO DE CARGA 5,8 TM, ALCANCE MÁXIMO HORIZONTAL 7,60 M, INCLUSIVE CAMINHÃO TOCO PBT 16.000 KG, POTÊNCIA DE 189 CV - DEPRECIAÇÃO. AF_03/2016","H","ATRIBUÍDO SÃO PAULO",1,9.89,9.89,"","","","","","","","","","",null,"CAIXA REFERENCIAL"]
["CUSTOS HORÁRIOS DE MÁQUINAS E EQUIPAMENTOS","CHOR","CUSTO HORÁRIO PRODUTIVO DIURNO",325,"","",93439,"USINA DE ASFALTO À FRIO, CAPACIDADE DE 40 A 60 TON/HORA, ELÉTRICA POTÊNCIA 30 CV - CHP DIURNO. AF_03/2016","CHP","ATRIBUÍDO SÃO PAULO",109.77,"COMPOSICAO",93435,"USINA DE ASFALTO À FRIO, CAPACIDADE DE 40 A 60 TON/HORA, ELÉTRICA POTÊNCIA 30 CV - DEPRECIAÇÃO. AF_03/2016","H","ATRIBUÍDO SÃO PAULO",1,3.57,3.57,"","","","","","","","","","",null,"CAIXA REFERENCIAL"]
["CUSTOS HORÁRIOS DE MÁQUINAS E EQUIPAMENTOS","CHOR","CUSTO HORÁRIO PRODUTIVO DIURNO",325,"","",95212,"GRUA ASCENCIONAL, LANCA DE 42 M, CAPACIDADE DE 1,5 T A 30 M, ALTURA ATE 39 M - CHP DIURNO. AF_08/2016","CHP","ATRIBUÍDO SÃO PAULO",87.83,"COMPOSICAO",95208,"GRUA ASCENCIONAL, LANÇA DE 42 M, CAPACIDADE DE 1,5 T A 30 M, ALTURA ATÉ 39 M \u0096 DEPRECIAÇÃO. AF_08/2016","H","ATRIBUÍDO SÃO PAULO",1,27.39,27.39,"","","","","","","","","","",null,"CAIXA REFERENCIAL"]
["CUSTOS HORÁRIOS DE MÁQUINAS E EQUIPAMENTOS","CHOR","CUSTO HORÁRIO PRODUTIVO DIURNO",325,"","",95708,"PERFURATRIZ SOBRE ESTEIRA, TORQUE MÁXIMO 600 KGF, POTÊNCIA ENTRE 50 E 60 HP, DIÂMETRO MÁXIMO 10\u0094 - CHP DIURNO. AF_11/2016","CHP","ATRIBUÍDO SÃO PAULO",108.43,"COMPOSICAO",95705,"PERFURATRIZ SOBRE ESTEIRA, TORQUE MÁXIMO 600 KGF, POTÊNCIA ENTRE 50 E 60 HP, DIÂMETRO MÁXIMO 10\u0094 - JUROS. AF_11/2016","H","ATRIBUÍDO SÃO PAULO",1,3.66,3.66,"","","","","","","","","","",null,"CAIXA REFERENCIAL"]
["CUSTOS HORÁRIOS DE MÁQUINAS E EQUIPAMENTOS","CHOR","CUSTO HORÁRIO PRODUTIVO DIURNO",325,"","",95872,"GRUPO GERADOR COM CARENAGEM, MOTOR DIESEL POTÊNCIA STANDART ENTRE 250 E 260 KVA - CHP DIURNO. AF_12/2016","CHP","ATRIBUÍDO SÃO PAULO",167.19,"COMPOSICAO",95874,"GRUPO GERADOR COM CARENAGEM, MOTOR DIESEL POTÊNCIA STANDART ENTRE 250 E 260 KVA - DEPRECIAÇÃO. AF_12/2016","H","ATRIBUÍDO SÃO PAULO",1,6.24,6.24,"","","","","","","","","","",null,"CAIXA REFERENCIAL"]
["CUSTOS HORÁRIOS DE MÁQUINAS E EQUIPAMENTOS","CHOR","CUSTO HORÁRIO PRODUTIVO DIURNO",325,"","",96157,"TRATOR DE PNEUS COM POTÊNCIA DE 85 CV, TRAÇÃO 4X4, COM VASSOURA MECÂNICA ACOPLADA - CHP DIURNO. AF_03/2017","CHP","ATRIBUÍDO SÃO PAULO",113.67,"COMPOSICAO",96055,"TRATOR DE PNEUS COM POTÊNCIA DE 85 CV, TRAÇÃO 4X4, COM VASSOURA MECÂNICA ACOPLADA - JUROS. AF_03/2017","H","ATRIBUÍDO SÃO PAULO",1,1.34,1.34,"","","","","","","","","","",null,"CAIXA REFERENCIAL"]
["CUSTOS HORÁRIOS DE MÁQUINAS E EQUIPAMENTOS","CHOR","CUSTO HORÁRIO IMPRODUTIVO DIURNO",327,"","",5690,"GRADE DE DISCO CONTROLE REMOTO REBOCÁVEL, COM 24 DISCOS 24\u0094 X 6 MM COM PNEUS PARA TRANSPORTE - CHI DIURNO. AF_06/2014","CHI","ATRIBUÍDO SÃO PAULO",2,"COMPOSICAO",88856,"GRADE DE DISCO CONTROLE REMOTO REBOCÁVEL, COM 24 DISCOS 24\u0094 X 6 MM COM PNEUS PARA TRANSPORTE - JUROS. AF_06/2014","H","ATRIBUÍDO SÃO PAULO",1,0.24,0.24,"","","","","","","","","","",null,"CAIXA REFERENCIAL"]
["CUSTOS HORÁRIOS DE MÁQUINAS E EQUIPAMENTOS","CHOR","CUSTO HORÁRIO IMPRODUTIVO DIURNO",327,"","",5806,"MOTOBOMBA CENTRÍFUGA, MOTOR A GASOLINA, POTÊNCIA 5,42 HP, BOCAIS 1 1/2\" X 1\", DIÂMETRO ROTOR 143 MM HM/Q = 6 MCA / 16,8 M3/H A 38 MCA / 6,6 M3/H - CHI DIURNO. AF_06/2014","CHI","COEFICIENTE DE REPRESENTATIVIDADE",0.15,"COMPOSICAO",88853,"MOTOBOMBA CENTRÍFUGA, MOTOR A GASOLINA, POTÊNCIA 5,42 HP, BOCAIS 1 1/2\" X 1\", DIÂMETRO ROTOR 143 MM HM/Q = 6 MCA / 16,8 M3/H A 38 MCA / 6,6 M3/H - DEPRECIAÇÃO. AF_06/2014","H","COEFICIENTE DE REPRESENTATIVIDADE",1,0.14000000000000001,0.14000000000000001,"","","","","","","","","","",null,"CAIXA REFERENCIAL"]
["CUSTOS HORÁRIOS DE MÁQUINAS E EQUIPAMENTOS","CHOR","CUSTO HORÁRIO IMPRODUTIVO DIURNO",327,"","",5881,"ROLO COMPACTADOR VIBRATÓRIO PÉ DE CARNEIRO, OPERADO POR CONTROLE REMOTO, POTÊNCIA 12,5 KW, PESO OPERACIONAL 1,675 T, LARGURA DE TRABALHO 0,85 M - CHI DIURNO. AF_02/2016","CHI","ATRIBUÍDO SÃO PAULO",50.14,"","","","","","","","",21.74,43.358595899999997,3.58,7.1400078999999996,"24,82","49,5013962","0,00","0,0000000","0,00","0,0000000",0,"CAIXA REFERENCIAL"]
["CUSTOS HORÁRIOS DE MÁQUINAS E EQUIPAMENTOS","CHOR","CUSTO HORÁRIO IMPRODUTIVO DIURNO",327,"","",5930,"GUINDAUTO HIDRÁULICO, CAPACIDADE MÁXIMA DE CARGA 6200 KG, MOMENTO MÁXIMO DE CARGA 11,7 TM, ALCANCE MÁXIMO HORIZONTAL 9,70 M, INCLUSIVE CAMINHÃO TOCO PBT 16.000 KG, POTÊNCIA DE 189 CV - CHI DIURNO. AF_06/2014","CHI","ATRIBUÍDO SÃO PAULO",31.83,"COMPOSICAO",89260,"GUINDAUTO HIDRÁULICO, CAPACIDADE MÁXIMA DE CARGA 6200 KG, MOMENTO MÁXIMO DE CARGA 11,7 TM, ALCANCE MÁXIMO HORIZONTAL 9,70 M, INCLUSIVE CAMINHÃO TOCO PBT 16.000 KG, POTÊNCIA DE 189 CV - JUROS. AF_06/2014","H","ATRIBUÍDO SÃO PAULO",1,2.2200000000000002,2.2200000000000002,"","","","","","","","","","",null,"CAIXA REFERENCIAL"]
["CUSTOS HORÁRIOS DE MÁQUINAS E EQUIPAMENTOS","CHOR","CUSTO HORÁRIO IMPRODUTIVO DIURNO",327,"","",88398,"MISTURADOR DE ARGAMASSA, EIXO HORIZONTAL, CAPACIDADE DE MISTURA 600 KG, MOTOR ELÉTRICO POTÊNCIA 7,5 CV - CHI DIURNO. AF_06/2014","CHI","ATRIBUÍDO SÃO PAULO",0.76,"COMPOSICAO",88394,"MISTURADOR DE ARGAMASSA, EIXO HORIZONTAL, CAPACIDADE DE MISTURA 600 KG, MOTOR ELÉTRICO POTÊNCIA 7,5 CV - DEPRECIAÇÃO. AF_06/2014","H","ATRIBUÍDO SÃO PAULO",1,0.68,0.68,"","","","","","","","","","",null,"CAIXA REFERENCIAL"]
["CUSTOS HORÁRIOS DE MÁQUINAS E EQUIPAMENTOS","CHOR","CUSTO HORÁRIO IMPRODUTIVO DIURNO",327,"","",88908,"ESCAVADEIRA HIDRÁULICA SOBRE ESTEIRAS, CAÇAMBA 1,20 M3, PESO OPERACIONAL 21 T, POTÊNCIA BRUTA 155 HP - CHI DIURNO. AF_06/2014","CHI","ATRIBUÍDO SÃO PAULO",60.85,"COMPOSICAO",88294,"OPERADOR DE ESCAVADEIRA COM ENCARGOS COMPLEMENTARES","H","COLETADO",1,27.6,27.6,"","","","","","","","","","",null,"CAIXA REFERENCIAL"]
["CUSTOS HORÁRIOS DE MÁQUINAS E EQUIPAMENTOS","CHOR","CUSTO HORÁRIO IMPRODUTIVO DIURNO",327,"","",90587,"VIBRADOR DE IMERSÃO, DIÂMETRO DE PONTEIRA 45MM, MOTOR ELÉTRICO TRIFÁSICO POTÊNCIA DE 2 CV - CHI DIURNO. AF_06/2015","CHI","ATRIBUÍDO SÃO PAULO",0.34,"","","","","","","","",0,0,0,0,"0,34","100,0000000","0,00","0,0000000","0,00","0,0000000",0,"CAIXA REFERENCIAL"]
["CUSTOS HORÁRIOS DE MÁQUINAS E EQUIPAMENTOS","CHOR","CUSTO HORÁRIO IMPRODUTIVO DIURNO",327,"","",90675,"PERFURATRIZ COM TORRE METÁLICA PARA EXECUÇÃO DE ESTACA HÉLICE CONTÍNUA, PROFUNDIDADE MÁXIMA DE 30 M, DIÂMETRO MÁXIMO DE 800 MM, POTÊNCIA INSTALADA DE 268 HP, MESA ROTATIVA COM TORQUE MÁXIMO DE 170 KNM - CHI DIURNO. AF_06/2015","CHI","ATRIBUÍDO SÃO PAULO",163.95,"COMPOSICAO",88297,"OPERADOR DE MÁQUINAS E EQUIPAMENTOS COM ENCARGOS COMPLEMENTARES","H","COEFICIENTE DE REPRESENTATIVIDADE",1,23.95,23.95,"","","","","","","","","","",null,"CAIXA REFERENCIAL"]
["CUSTOS HORÁRIOS DE MÁQUINAS E EQUIPAMENTOS","CHOR","CUSTO HORÁRIO IMPRODUTIVO DIURNO",327,"","",91278,"PLACA VIBRATÓRIA REVERSÍVEL COM MOTOR 4 TEMPOS A GASOLINA, FORÇA CENTRÍFUGA DE 25 KN (2500 KGF), POTÊNCIA 5,5 CV - CHI DIURNO. AF_08/2015","CHI","ATRIBUÍDO SÃO PAULO",0.45,"","","","","","","","",0,0,0,0,"0,45","100,0000000","0,00","0,0000000","0,00","0,0000000",0,"CAIXA REFERENCIAL"]
["CUSTOS HORÁRIOS DE MÁQUINAS E EQUIPAMENTOS","CHOR","CUSTO HORÁRIO IMPRODUTIVO DIURNO",327,"","",92044,"DISTRIBUIDOR DE AGREGADOS REBOCAVEL, CAPACIDADE 1,9 M³, LARGURA DE TRABALHO 3,66 M - CHI DIURNO. AF_11/2015","CHI","ATRIBUÍDO SÃO PAULO",4.5599999999999996,"COMPOSICAO",92041,"DISTRIBUIDOR DE AGREGADOS REBOCAVEL, CAPACIDADE 1,9 M³, LARGURA DE TRABALHO 3,66 M - JUROS. AF_11/2015","H","ATRIBUÍDO SÃO PAULO",1,0.43,0.43,"","","","","","","","","","",null,"CAIXA REFERENCIAL"]
["CUSTOS HORÁRIOS DE MÁQUINAS E EQUIPAMENTOS","CHOR","CUSTO HORÁRIO IMPRODUTIVO DIURNO",327,"","",93244,"ROLO COMPACTADOR VIBRATÓRIO PÉ DE CARNEIRO PARA SOLOS, POTÊNCIA 80 HP, PESO OPERACIONAL SEM/COM LASTRO 7,4 / 8,8 T, LARGURA DE TRABALHO 1,68 M - CHI DIURNO. AF_02/2016","CHI","ATRIBUÍDO SÃO PAULO",44.21,"COMPOSICAO",73313,"ROLO COMPACTADOR VIBRATÓRIO PÉ DE CARNEIRO PARA SOLOS, POTÊNCIA 80 HP, PESO OPERACIONAL SEM/COM LASTRO 7,4 / 8,8 T, LARGURA DE TRABALHO 1,68 M - JUROS. AF_02/2016","H","ATRIBUÍDO SÃO PAULO",1,2.2999999999999998,2.2999999999999998,"","","","","","","","","","",null,"CAIXA REFERENCIAL"]
["CUSTOS HORÁRIOS DE MÁQUINAS E EQUIPAMENTOS","CHOR","CUSTO HORÁRIO IMPRODUTIVO DIURNO",327,"","",93434,"USINA DE MISTURA ASFÁLTICA À QUENTE, TIPO CONTRA FLUXO, PROD 40 A 80 TON/HORA - CHI DIURNO. AF_03/2016","CHI","ATRIBUÍDO SÃO PAULO",159.87,"","","","","","","","",61.17,38.262338100000001,20.82,13.0230812,"77,88","48,7145807","0,00","0,0000000","0,00","0,0000000",0,"CAIXA REFERENCIAL"]
["CUSTOS HORÁRIOS DE MÁQUINAS E EQUIPAMENTOS","CHOR","CUSTO HORÁRIO IMPRODUTIVO DIURNO",327,"","",95259,"MARTELO DEMOLIDOR PNEUMÁTICO MANUAL, 32 KG - CHI DIURNO. AF_09/2016","CHI","ATRIBUÍDO SÃO PAULO",21.41,"","","","","","","","",16.739999999999998,78.187762800000002,3.58,16.721158299999999,"1,09","5,0910789","0,00","0,0000000","0,00","0,0000000",0,"CAIXA REFERENCIAL"]
["CUSTOS HORÁRIOS DE MÁQUINAS E EQUIPAMENTOS","CHOR","CUSTO HORÁRIO IMPRODUTIVO DIURNO",327,"","",96036,"CAMINHÃO BASCULANTE 10 M3, TRUCADO, POTÊNCIA 230 CV, INCLUSIVE CAÇAMBA METÁLICA, COM DISTRIBUIDOR DE AGREGADOS ACOPLADO - CHI DIURNO. AF_02/2017","CHI","ATRIBUÍDO SÃO PAULO",44.92,"COMPOSICAO",96030,"CAMINHÃO BASCULANTE 10 M3, TRUCADO, POTÊNCIA 230 CV, INCLUSIVE CAÇAMBA METÁLICA, COM DISTRIBUIDOR DE AGREGADOS ACOPLADO - DEPRECIAÇÃO. AF_02/2017","H","ATRIBUÍDO SÃO PAULO",1,18.149999999999999,18.149999999999999,"","","","","","","","","","",null,"CAIXA REFERENCIAL"]
["CUSTOS HORÁRIOS DE MÁQUINAS E EQUIPAMENTOS","CHOR","CUSTO HORÁRIO IMPRODUTIVO DIURNO",327,"","",99834,"LAVADORA DE ALTA PRESSAO (LAVA-JATO) PARA AGUA FRIA, PRESSAO DE OPERACAO ENTRE 1400 E 1900 LIB/POL2, VAZAO MAXIMA ENTRE 400 E 700 L/H - CHI DIURNO. AF_04/2019","CHI","ATRIBUÍDO SÃO PAULO",0.13,"","","","","","","","",0,0,0,0,"0,13","100,0000000","0,00","0,0000000","0,00","0,0000000",0,"CAIXA REFERENCIAL"]
["CUSTOS HORÁRIOS DE MÁQUINAS E EQUIPAMENTOS","CHOR","COMPOSIÇÕES AUXILIARES",329,"","",5715,"TRATOR DE PNEUS, POTÊNCIA 85 CV, TRAÇÃO 4X4, PESO COM LASTRO DE 4.675 KG - MATERIAIS NA OPERAÇÃO. AF_06/2014","H","COLETADO",67.66,"","","","","","","","",0,0,67.66,100,"0,00","0,0000000","0,00","0,0000000","0,00","0,0000000",0,"CAIXA REFERENCIAL"]
["CUSTOS HORÁRIOS DE MÁQUINAS E EQUIPAMENTOS","CHOR","COMPOSIÇÕES AUXILIARES",329,"","",5763,"CAMINHÃO PIPA 10.000 L TRUCADO, PESO BRUTO TOTAL 23.000 KG, CARGA ÚTIL MÁXIMA 15.935 KG, DISTÂNCIA ENTRE EIXOS 4,8 M, POTÊNCIA 230 CV, INCLUSIVE TANQUE DE AÇO PARA TRANSPORTE DE ÁGUA - MANUTENÇÃO. AF_06/2014","H","ATRIBUÍDO SÃO PAULO",26.11,"INSUMO",37747,"CAMINHAO TRUCADO, PESO BRUTO TOTAL 23000 KG, CARGA UTIL MAXIMA 15935 KG, DISTANCIA ENTRE EIXOS 4,80 M, POTENCIA 230 CV (INCLUI CABINE E CHASSI, NAO INCLUI CARROCERIA)","UN","COEFICIENTE DE REPRESENTATIVIDADE",6.4300000000000004E-5,349274.36,22.45,"","","","","","","","","","",null,"CAIXA REFERENCIAL"]
["CUSTOS HORÁRIOS DE MÁQUINAS E EQUIPAMENTOS","CHOR","COMPOSIÇÕES AUXILIARES",329,"","",7047,"MOTOBOMBA TRASH (PARA ÁGUA SUJA) AUTO ESCORVANTE, MOTOR GASOLINA DE 6,41 HP, DIÂMETROS DE SUCÇÃO X RECALQUE: 3\" X 3\", HM/Q = 10 MCA / 60 M3/H A 23 MCA / 0 M3/H - MATERIAIS NA OPERAÇÃO. AF_10/2014","H","COLETADO",7.51,"","","","","","","","",0,0,7.51,100,"0,00","0,0000000","0,00","0,0000000","0,00","0,0000000",0,"CAIXA REFERENCIAL"]
["CUSTOS HORÁRIOS DE MÁQUINAS E EQUIPAMENTOS","CHOR","COMPOSIÇÕES AUXILIARES",329,"","",53792,"CAMINHÃO BASCULANTE 6 M3, PESO BRUTO TOTAL 16.000 KG, CARGA ÚTIL MÁXIMA 13.071 KG, DISTÂNCIA ENTRE EIXOS 4,80 M, POTÊNCIA 230 CV INCLUSIVE CAÇAMBA METÁLICA - MATERIAIS NA OPERAÇÃO. AF_06/2014","H","COLETADO",57.22,"INSUMO",4221,"OLEO DIESEL COMBUSTIVEL COMUM","L","COLETADO",16.93,3.38,57.22,"","","","","","","","","","",null,"CAIXA REFERENCIAL"]
["CUSTOS HORÁRIOS DE MÁQUINAS E EQUIPAMENTOS","CHOR","COMPOSIÇÕES AUXILIARES",329,"","",53817,"TRATOR DE ESTEIRAS, POTÊNCIA 100 HP, PESO OPERACIONAL 9,4 T, COM LÂMINA 2,19 M3 - MATERIAIS NA OPERAÇÃO. AF_06/2014","H","COLETADO",35.28,"INSUMO",4221,"OLEO DIESEL COMBUSTIVEL COMUM","L","COLETADO",10.44,3.38,35.28,"","","","","","","","","","",null,"CAIXA REFERENCIAL"]
["CUSTOS HORÁRIOS DE MÁQUINAS E EQUIPAMENTOS","CHOR","COMPOSIÇÕES AUXILIARES",329,"","",83762,"GRUPO DE SOLDAGEM COM GERADOR A DIESEL 60 CV PARA SOLDA ELÉTRICA, SOBRE 04 RODAS, COM MOTOR 4 CILINDROS 600 A - MANUTENÇÃO. AF_02/2016","H","ATRIBUÍDO SÃO PAULO",11.7,"INSUMO",13333,"GRUPO DE SOLDAGEM C/ GERADOR A DIESEL 60 CV PARA SOLDA ELETRICA, SOBRE 04 RODAS, COM MOTOR 4 CILINDROS","UN","ATRIBUÍDO SÃO PAULO",8.0000000000000007E-5,146282.53,11.7,"","","","","","","","","","",null,"CAIXA REFERENCIAL"]
["CUSTOS HORÁRIOS DE MÁQUINAS E EQUIPAMENTOS","CHOR","COMPOSIÇÕES AUXILIARES",329,"","",88401,"MISTURADOR DE ARGAMASSA, EIXO HORIZONTAL, CAPACIDADE DE MISTURA 160 KG, MOTOR ELÉTRICO POTÊNCIA 3 CV - JUROS. AF_06/2014","H","ATRIBUÍDO SÃO PAULO",0.06,"INSUMO",37546,"MISTURADOR DE ARGAMASSA, EIXO HORIZONTAL, CAPACIDADE DE MISTURA 160 KG, MOTOR ELETRICO TRIFASICO 220/380 V, POTENCIA 3 CV","UN","ATRIBUÍDO SÃO PAULO",7.6000000000000001E-6,8555.3799999999992,0.06,"","","","","","","","","","",null,"CAIXA REFERENCIAL"]
["CUSTOS HORÁRIOS DE MÁQUINAS E EQUIPAMENTOS","CHOR","COMPOSIÇÕES AUXILIARES",329,"","",88829,"BETONEIRA CAPACIDADE NOMINAL DE 400 L, CAPACIDADE DE MISTURA 280 L, MOTOR ELÉTRICO TRIFÁSICO POTÊNCIA DE 2 CV, SEM CARREGADOR - MATERIAIS NA OPERAÇÃO. AF_10/2014","H","COEFICIENTE DE REPRESENTATIVIDADE",0.82,"","","","","","","","",0,0,0,0,"0,00","0,0000000","0,00","0,0000000","0,82","100,0000000",0,"CAIXA REFERENCIAL"]
["CUSTOS HORÁRIOS DE MÁQUINAS E EQUIPAMENTOS","CHOR","COMPOSIÇÕES AUXILIARES",329,"","",89013,"TRATOR DE ESTEIRAS, POTÊNCIA 347 HP, PESO OPERACIONAL 38,5 T, COM LÂMINA 8,70 M3 - DEPRECIAÇÃO. AF_06/2014","H","ATRIBUÍDO SÃO PAULO",81.489999999999995,"INSUMO",7623,"TRATOR DE ESTEIRAS, POTENCIA DE 347 HP, PESO OPERACIONAL DE 38,5 T, COM LAMINA COM CAPACIDADE DE 8,70M3","UN","ATRIBUÍDO SÃO PAULO",3.1099999999999997E-5,2620448.88,81.489999999999995,"","","","","","","","","","",null,"CAIXA REFERENCIAL"]
["CUSTOS HORÁRIOS DE MÁQUINAS E EQUIPAMENTOS","CHOR","COMPOSIÇÕES AUXILIARES",329,"","",89223,"BETONEIRA CAPACIDADE NOMINAL DE 600 L, CAPACIDADE DE MISTURA 360 L, MOTOR ELÉTRICO TRIFÁSICO POTÊNCIA DE 4 CV, SEM CARREGADOR - MANUTENÇÃO. AF_11/2014","H","ATRIBUÍDO SÃO PAULO",0.83,"","","","","","","","",0,0,0,0,"0,83","100,0000000","0,00","0,0000000","0,00","0,0000000",0,"CAIXA REFERENCIAL"]
["CUSTOS HORÁRIOS DE MÁQUINAS E EQUIPAMENTOS","CHOR","COMPOSIÇÕES AUXILIARES",329,"","",89248,"RECICLADORA DE ASFALTO A FRIO SOBRE RODAS, LARGURA FRESAGEM DE 2,0 M, POTÊNCIA 422 HP - MANUTENÇÃO. AF_11/2014","H","ATRIBUÍDO SÃO PAULO",325.3,"","","","","","","","",0,0,0,0,"325,30","100,0000000","0,00","0,0000000","0,00","0,0000000",0,"CAIXA REFERENCIAL"]
["CUSTOS HORÁRIOS DE MÁQUINAS E EQUIPAMENTOS","CHOR","COMPOSIÇÕES AUXILIARES",329,"","",89268,"GUINDASTE HIDRÁULICO AUTOPROPELIDO, COM LANÇA TELESCÓPICA 28,80 M, CAPACIDADE MÁXIMA 30 T, POTÊNCIA 97 KW, TRAÇÃO 4 X 4 - JUROS. AF_11/2014","H","ATRIBUÍDO SÃO PAULO",4.75,"INSUMO",25952,"GUINDASTE HIDRAULICO AUTOPROPELIDO, COM LANCA TELESCOPICA 28,80 M, CAPACIDADE MAXIMA 30 T, POTENCIA 97 KW, TRACAO 4 X 4","UN","ATRIBUÍDO SÃO PAULO",7.1999999999999997E-6,660657.27,4.75,"","","","","","","","","","",null,"CAIXA REFERENCIAL"]
["CUSTOS HORÁRIOS DE MÁQUINAS E EQUIPAMENTOS","CHOR","COMPOSIÇÕES AUXILIARES",329,"","",89879,"CAMINHÃO BASCULANTE 18 M3, COM CAVALO MECÂNICO DE CAPACIDADE MÁXIMA DE TRAÇÃO COMBINADO DE 45000 KG, POTÊNCIA 330 CV, INCLUSIVE SEMIREBOQUE COM CAÇAMBA METÁLICA - JUROS. AF_12/2014","H","ATRIBUÍDO SÃO PAULO",3.66,"INSUMO",37763,"CAVALO MECANICO TRACAO 4X2, PESO BRUTO TOTAL 16000 KG, CAPACIDADE MAXIMA DE TRACAO *45000* KG, DISTANCIA ENTRE EIXOS *3,56* M, POTENCIA *330* CV (INCLUI CABINE E CHASSI, NAO INCLUI SEMIRREBOQUE)","UN","COEFICIENTE DE REPRESENTATIVIDADE",7.4000000000000003E-6,333391.93,2.46,"","","","","","","","","","",null,"CAIXA REFERENCIAL"]
["CUSTOS HORÁRIOS DE MÁQUINAS E EQUIPAMENTOS","CHOR","COMPOSIÇÕES AUXILIARES",329,"","",90646,"BOMBA CENTRÍFUGA MONOESTÁGIO COM MOTOR ELÉTRICO MONOFÁSICO, POTÊNCIA 15 HP, DIÂMETRO DO ROTOR 173 MM, HM/Q = 30 MCA / 90 M3/H A 45 MCA / 55 M3/H - DEPRECIAÇÃO. AF_06/2015","H","COEFICIENTE DE REPRESENTATIVIDADE",0.49,"","","","","","","","",0,0,0,0,"0,49","100,0000000","0,00","0,0000000","0,00","0,0000000",0,"CAIXA REFERENCIAL"]
["CUSTOS HORÁRIOS DE MÁQUINAS E EQUIPAMENTOS","CHOR","COMPOSIÇÕES AUXILIARES",329,"","",90667,"PROJETOR PNEUMÁTICO DE ARGAMASSA PARA CHAPISCO E REBOCO COM RECIPIENTE ACOPLADO, TIPO CANEQUINHA, COM COMPRESSOR DE AR REBOCÁVEL VAZÃO 89 PCM E MOTOR DIESEL DE 20 CV - MATERIAIS NA OPERAÇÃO. AF_06/2015","H","COLETADO",8.4499999999999993,"INSUMO",4221,"OLEO DIESEL COMBUSTIVEL COMUM","L","COLETADO",2.5,3.38,8.4499999999999993,"","","","","","","","","","",null,"CAIXA REFERENCIAL"]
["CUSTOS HORÁRIOS DE MÁQUINAS E EQUIPAMENTOS","CHOR","COMPOSIÇÕES AUXILIARES",329,"","",90682,"MANIPULADOR TELESCÓPICO, POTÊNCIA DE 85 HP, CAPACIDADE DE CARGA DE 3.500 KG, ALTURA MÁXIMA DE ELEVAÇÃO DE 12,3 M - DEPRECIAÇÃO. AF_06/2015","H","ATRIBUÍDO SÃO PAULO",22.69,"INSUMO",37515,"MANIPULADOR TELESCOPICO, POTENCIA DE 85 HP, CAPACIDADE DE CARGA DE 3.500 KG, ALTURA MAXIMA DE ELEVACAO DE 12,3 M","UN","ATRIBUÍDO SÃO PAULO",6.3999999999999997E-5,354577,22.69,"","","","","","","","","","",null,"CAIXA REFERENCIAL"]
["CUSTOS HORÁRIOS DE MÁQUINAS E EQUIPAMENTOS","CHOR","COMPOSIÇÕES AUXILIARES",329,"","",91030,"CAMINHÃO TRUCADO (C/ TERCEIRO EIXO) ELETRÔNICO - POTÊNCIA 231CV - PBT = 22000KG - DIST. ENTRE EIXOS 5170 MM - INCLUI CARROCERIA FIXA ABERTA DE MADEIRA - MATERIAIS NA OPERAÇÃO. AF_06/2015","H","COLETADO",80.44,"","","","","","","","",0,0,80.44,100,"0,00","0,0000000","0,00","0,0000000","0,00","0,0000000",0,"CAIXA REFERENCIAL"]
["CUSTOS HORÁRIOS DE MÁQUINAS E EQUIPAMENTOS","CHOR","COMPOSIÇÕES AUXILIARES",329,"","",91361,"CAMINHÃO PIPA 6.000 L, PESO BRUTO TOTAL 13.000 KG, DISTÂNCIA ENTRE EIXOS 4,80 M, POTÊNCIA 189 CV INCLUSIVE TANQUE DE AÇO PARA TRANSPORTE DE ÁGUA, CAPACIDADE 6 M3 - IMPOSTOS E SEGUROS. AF_06/2014","H","ATRIBUÍDO SÃO PAULO",0.88,"INSUMO",37738,"TANQUE DE ACO PARA TRANSPORTE DE AGUA COM CAPACIDADE DE 6 M3 (INCLUI MONTAGEM, NAO INCLUI CAMINHAO)","UN","ATRIBUÍDO SÃO PAULO",2.7999999999999999E-6,47563.54,0.13,"","","","","","","","","","",null,"CAIXA REFERENCIAL"]
["CUSTOS HORÁRIOS DE MÁQUINAS E EQUIPAMENTOS","CHOR","COMPOSIÇÕES AUXILIARES",329,"","",91369,"CAMINHÃO BASCULANTE 6 M3, PESO BRUTO TOTAL 16.000 KG, CARGA ÚTIL MÁXIMA 13.071 KG, DISTÂNCIA ENTRE EIXOS 4,80 M, POTÊNCIA 230 CV INCLUSIVE CAÇAMBA METÁLICA - IMPOSTOS E SEGUROS. AF_06/2014","H","ATRIBUÍDO SÃO PAULO",1.01,"INSUMO",37760,"CAMINHAO TOCO, PESO BRUTO TOTAL 16000 KG, CARGA UTIL MAXIMA 13071 KG, DISTANCIA ENTRE EIXOS 4,80 M, POTENCIA 230 CV (INCLUI CABINE E CHASSI, NAO INCLUI CARROCERIA)","UN","COEFICIENTE DE REPRESENTATIVIDADE",2.9000000000000002E-6,315819.61,0.91,"","","","","","","","","","",null,"CAIXA REFERENCIAL"]
["CUSTOS HORÁRIOS DE MÁQUINAS E EQUIPAMENTOS","CHOR","COMPOSIÇÕES AUXILIARES",329,"","",91398,"CAMINHÃO PIPA 10.000 L TRUCADO, PESO BRUTO TOTAL 23.000 KG, CARGA ÚTIL MÁXIMA 15.935 KG, DISTÂNCIA ENTRE EIXOS 4,8 M, POTÊNCIA 230 CV, INCLUSIVE TANQUE DE AÇO PARA TRANSPORTE DE ÁGUA - IMPOSTOS E SEGUROS. AF_06/2014","H","ATRIBUÍDO SÃO PAULO",1.1200000000000001,"INSUMO",37747,"CAMINHAO TRUCADO, PESO BRUTO TOTAL 23000 KG, CARGA UTIL MAXIMA 15935 KG, DISTANCIA ENTRE EIXOS 4,80 M, POTENCIA 230 CV (INCLUI CABINE E CHASSI, NAO INCLUI CARROCERIA)","UN","COEFICIENTE DE REPRESENTATIVIDADE",2.7999999999999999E-6,349274.36,0.97,"","","","","","","","","","",null,"CAIXA REFERENCIAL"]
["CUSTOS HORÁRIOS DE MÁQUINAS E EQUIPAMENTOS","CHOR","COMPOSIÇÕES AUXILIARES",329,"","",91632,"GUINDAUTO HIDRÁULICO, CAPACIDADE MÁXIMA DE CARGA 6500 KG, MOMENTO MÁXIMO DE CARGA 5,8 TM, ALCANCE MÁXIMO HORIZONTAL 7,60 M, INCLUSIVE CAMINHÃO TOCO PBT 9.700 KG, POTÊNCIA DE 160 CV - MANUTENÇÃO. AF_08/2015","H","ATRIBUÍDO SÃO PAULO",18.559999999999999,"INSUMO",37756,"CAMINHAO TOCO, PESO BRUTO TOTAL 9700 KG, CARGA UTIL MAXIMA 6360 KG, DISTANCIA ENTRE EIXOS 4,30 M, POTENCIA 160 CV (INCLUI CABINE E CHASSI, NAO INCLUI CARROCERIA)","UN","COEFICIENTE DE REPRESENTATIVIDADE",6.4300000000000004E-5,236651.88,15.21,"","","","","","","","","","",null,"CAIXA REFERENCIAL"]
["CUSTOS HORÁRIOS DE MÁQUINAS E EQUIPAMENTOS","CHOR","COMPOSIÇÕES AUXILIARES",329,"","",92109,"PENEIRA ROTATIVA COM MOTOR ELÉTRICO TRIFÁSICO DE 2 CV, CILINDRO DE 1 M X 0,60 M, COM FUROS DE 3,17 MM - JUROS. AF_11/2015","H","ATRIBUÍDO SÃO PAULO",7.0000000000000007E-2,"INSUMO",38410,"PENEIRA ROTATIVA COM MOTOR ELETRICO TRIFASICO DE 2 CV, CILINDRO DE 1 M X 0,60 M, COM FUROS DE 3,17 MM","UN","ATRIBUÍDO SÃO PAULO",7.6000000000000001E-6,10018.23,7.0000000000000007E-2,"","","","","","","","","","",null,"CAIXA REFERENCIAL"]
["CUSTOS HORÁRIOS DE MÁQUINAS E EQUIPAMENTOS","CHOR","COMPOSIÇÕES AUXILIARES",329,"","",92237,"CAMINHÃO DE TRANSPORTE DE MATERIAL ASFÁLTICO 20.000 L, COM CAVALO MECÂNICO DE CAPACIDADE MÁXIMA DE TRAÇÃO COMBINADO DE 45.000 KG, POTÊNCIA 330 CV, INCLUSIVE TANQUE DE ASFALTO COM MAÇARICO - DEPRECIAÇÃO. AF_12/2015","H","ATRIBUÍDO SÃO PAULO",14.14,"INSUMO",37763,"CAVALO MECANICO TRACAO 4X2, PESO BRUTO TOTAL 16000 KG, CAPACIDADE MAXIMA DE TRACAO *45000* KG, DISTANCIA ENTRE EIXOS *3,56* M, POTENCIA *330* CV (INCLUI CABINE E CHASSI, NAO INCLUI SEMIRREBOQUE)","UN","COEFICIENTE DE REPRESENTATIVIDADE",3.43E-5,333391.93,11.43,"","","","","","","","","","",null,"CAIXA REFERENCIAL"]
["CUSTOS HORÁRIOS DE MÁQUINAS E EQUIPAMENTOS","CHOR","COMPOSIÇÕES AUXILIARES",329,"","",93267,"GRUA ASCENCIONAL, LANÇA DE 30 M, CAPACIDADE DE 1,0 T A 30 M, ALTURA ATÉ 39 M \u0096 DEPRECIAÇÃO. AF_03/2016","H","ATRIBUÍDO SÃO PAULO",24.17,"INSUMO",36494,"GRUA ASCENCIONAL, LANCA DE 30 M, CAPACIDADE DE 1,0 T A 30 M, ALTURA ATE 39 M","UN","ATRIBUÍDO SÃO PAULO",6.3999999999999997E-5,377809.08,24.17,"","","","","","","","","","",null,"CAIXA REFERENCIAL"]
["CUSTOS HORÁRIOS DE MÁQUINAS E EQUIPAMENTOS","CHOR","COMPOSIÇÕES AUXILIARES",329,"","",93397,"GUINDAUTO HIDRÁULICO, CAPACIDADE MÁXIMA DE CARGA 3300 KG, MOMENTO MÁXIMO DE CARGA 5,8 TM, ALCANCE MÁXIMO HORIZONTAL 7,60 M, INCLUSIVE CAMINHÃO TOCO PBT 16.000 KG, POTÊNCIA DE 189 CV - DEPRECIAÇÃO. AF_03/2016","H","ATRIBUÍDO SÃO PAULO",9.89,"INSUMO",37761,"CAMINHAO TOCO, PESO BRUTO TOTAL 16000 KG, CARGA UTIL MAXIMA DE 10685 KG, DISTANCIA ENTRE EIXOS 4,8M, POTENCIA 189 CV (INCLUI CABINE E CHASSI, NAO INCLUI CARROCERIA)","UN","COEFICIENTE DE REPRESENTATIVIDADE",3.43E-5,236651.88,8.11,"","","","","","","","","","",null,"CAIXA REFERENCIAL"]
["CUSTOS HORÁRIOS DE MÁQUINAS E EQUIPAMENTOS","CHOR","COMPOSIÇÕES AUXILIARES",329,"","",93418,"GRUPO GERADOR REBOCÁVEL, POTÊNCIA 66 KVA, MOTOR A DIESEL - JUROS. AF_03/2016","H","ATRIBUÍDO SÃO PAULO",0.49,"","","","","","","","",0,0,0,0,"0,49","100,0000000","0,00","0,0000000","0,00","0,0000000",0,"CAIXA REFERENCIAL"]
["CUSTOS HORÁRIOS DE MÁQUINAS E EQUIPAMENTOS","CHOR","COMPOSIÇÕES AUXILIARES",329,"","",95125,"DISTRIBUIDOR DE AGREGADOS AUTOPROPELIDO, CAP 3 M3, A DIESEL, POTÊNCIA 176CV - MANUTENÇÃO. AF_07/2016","H","ATRIBUÍDO SÃO PAULO",12.47,"INSUMO",26039,"DISTRIBUIDOR DE AGREGADOS AUTOPROPELIDO, CAP 3 M3, A DIESEL, 6 CC, 176 CV","UN","ATRIBUÍDO SÃO PAULO",5.0000000000000002E-5,249588.52,12.47,"","","","","","","","","","",null,"CAIXA REFERENCIAL"]
["CUSTOS HORÁRIOS DE MÁQUINAS E EQUIPAMENTOS","CHOR","COMPOSIÇÕES AUXILIARES",329,"","",95257,"MARTELO DEMOLIDOR PNEUMÁTICO MANUAL, 32 KG - MANUTENÇÃO. AF_09/2016","H","ATRIBUÍDO SÃO PAULO",1.23,"INSUMO",11616,"MARTELO DEMOLIDOR PNEUMATICO MANUAL, PADRAO, PESO DE 32 KG","UN","ATRIBUÍDO SÃO PAULO",8.0000000000000007E-5,15399.57,1.23,"","","","","","","","","","",null,"CAIXA REFERENCIAL"]
["CUSTOS HORÁRIOS DE MÁQUINAS E EQUIPAMENTOS","CHOR","COMPOSIÇÕES AUXILIARES",329,"","",95617,"PERFURATRIZ PNEUMATICA MANUAL DE PESO MEDIO, MARTELETE, 18KG, COMPRIMENTO MÁXIMO DE CURSO DE 6 M, DIAMETRO DO PISTAO DE 5,5 CM - DEPRECIAÇÃO. AF_11/2016","H","ATRIBUÍDO SÃO PAULO",0.8,"","","","","","","","",0,0,0,0,"0,80","100,0000000","0,00","0,0000000","0,00","0,0000000",0,"CAIXA REFERENCIAL"]
["CUSTOS HORÁRIOS DE MÁQUINAS E EQUIPAMENTOS","CHOR","COMPOSIÇÕES AUXILIARES",329,"","",95711,"ESCAVADEIRA HIDRAULICA SOBRE ESTEIRA, COM GARRA GIRATORIA DE MANDIBULAS, PESO OPERACIONAL ENTRE 22,00 E 25,50 TON, POTENCIA LIQUIDA ENTRE 150 E 160 HP - JUROS. AF_11/2016","H","ATRIBUÍDO SÃO PAULO",4.18,"","","","","","","","",0,0,0,0,"4,18","100,0000000","0,00","0,0000000","0,00","0,0000000",0,"CAIXA REFERENCIAL"]
["CUSTOS HORÁRIOS DE MÁQUINAS E EQUIPAMENTOS","CHOR","COMPOSIÇÕES AUXILIARES",329,"","",96030,"CAMINHÃO BASCULANTE 10 M3, TRUCADO, POTÊNCIA 230 CV, INCLUSIVE CAÇAMBA METÁLICA, COM DISTRIBUIDOR DE AGREGADOS ACOPLADO - DEPRECIAÇÃO. AF_02/2017","H","ATRIBUÍDO SÃO PAULO",18.149999999999999,"","","","","","","","",0,0,0,0,"18,15","100,0000000","0,00","0,0000000","0,00","0,0000000",0,"CAIXA REFERENCIAL"]
["CUSTOS HORÁRIOS DE MÁQUINAS E EQUIPAMENTOS","CHOR","COMPOSIÇÕES AUXILIARES",329,"","",96034,"CAMINHÃO BASCULANTE 10 M3, TRUCADO, POTÊNCIA 230 CV, INCLUSIVE CAÇAMBA METÁLICA, COM DISTRIBUIDOR DE AGREGADOS ACOPLADO - MATERIAIS NA OPERAÇÃO. AF_02/2017","H","COLETADO",80.099999999999994,"","","","","","","","",0,0,80.099999999999994,100,"0,00","0,0000000","0,00","0,0000000","0,00","0,0000000",0,"CAIXA REFERENCIAL"]
["CUSTOS HORÁRIOS DE MÁQUINAS E EQUIPAMENTOS","CHOR","COMPOSIÇÕES AUXILIARES",329,"","",99832,"LAVADORA DE ALTA PRESSAO (LAVA-JATO) PARA AGUA FRIA, PRESSAO DE OPERACAO ENTRE 1400 E 1900 LIB/POL2, VAZAO MAXIMA ENTRE 400 E 700 L/H - MATERIAIS NA OPERAÇÃO. AF_04/2019","H","COEFICIENTE DE REPRESENTATIVIDADE",0.78,"","","","","","","","",0,0,0,0,"0,00","0,0000000","0,00","0,0000000","0,78","100,0000000",0,"CAIXA REFERENCIAL"]
["COBERTURA","COBE","MADEIRAMENTO",73,"","",92260,"INSTALAÇÃO DE TESOURA (INTEIRA OU MEIA), BIAPOIADA, EM MADEIRA NÃO APARELHADA, PARA VÃOS MAIORES OU IGUAIS A 6,0 M E MENORES QUE 8,0 M, INCLUSO IÇAMENTO. AF_07/2019","UN","ATRIBUÍDO SÃO PAULO",296.77,"COMPOSICAO",88262,"CARPINTEIRO DE FORMAS COM ENCARGOS COMPLEMENTARES","H","COLETADO",5.343,18.05,96.44,"","","","","","","","","","",null,"CAIXA REFERENCIAL"]
["COBERTURA","COBE","MADEIRAMENTO",73,"","",92262,"INSTALAÇÃO DE TESOURA (INTEIRA OU MEIA), BIAPOIADA, EM MADEIRA NÃO APARELHADA, PARA VÃOS MAIORES OU IGUAIS A 10,0 M E MENORES QUE 12,0 M, INCLUSO IÇAMENTO. AF_07/2019","UN","ATRIBUÍDO SÃO PAULO",405.73,"COMPOSICAO",88262,"CARPINTEIRO DE FORMAS COM ENCARGOS COMPLEMENTARES","H","COLETADO",10.401,18.05,187.73,"","","","","","","","","","",null,"CAIXA REFERENCIAL"]
["COBERTURA","COBE","MADEIRAMENTO",73,"","",92543,"TRAMA DE MADEIRA COMPOSTA POR TERÇAS PARA TELHADOS DE ATÉ 2 ÁGUAS PARA TELHA ONDULADA DE FIBROCIMENTO, METÁLICA, PLÁSTICA OU TERMOACÚSTICA, INCLUSO TRANSPORTE VERTICAL. AF_07/2019","M2","ATRIBUÍDO SÃO PAULO",11.06,"COMPOSICAO",93282,"GUINCHO ELÉTRICO DE COLUNA, CAPACIDADE 400 KG, COM MOTO FREIO, MOTOR TRIFÁSICO DE 1,25 CV - CHI DIURNO. AF_03/2016","CHI","ATRIBUÍDO SÃO PAULO",6.4000000000000003E-3,19.809999999999999,0.12,"","","","","","","","","","",null,"CAIXA REFERENCIAL"]
["COBERTURA","COBE","MADEIRAMENTO",73,"","",92549,"FABRICAÇÃO E INSTALAÇÃO DE TESOURA INTEIRA EM MADEIRA NÃO APARELHADA, VÃO DE 7 M, PARA TELHA CERÂMICA OU DE CONCRETO, INCLUSO IÇAMENTO. AF_07/2019","UN","ATRIBUÍDO SÃO PAULO",1006.89,"COMPOSICAO",88262,"CARPINTEIRO DE FORMAS COM ENCARGOS COMPLEMENTARES","H","COLETADO",18.734999999999999,18.05,338.16,"","","","","","","","","","",null,"CAIXA REFERENCIAL"]
["COBERTURA","COBE","MADEIRAMENTO",73,"","",92551,"FABRICAÇÃO E INSTALAÇÃO DE TESOURA INTEIRA EM MADEIRA NÃO APARELHADA, VÃO DE 9 M, PARA TELHA CERÂMICA OU DE CONCRETO, INCLUSO IÇAMENTO. AF_07/2019","UN","ATRIBUÍDO SÃO PAULO",1299.33,"INSUMO",4344,"PARAFUSO FRANCES METRICO ZINCADO, DIAMETRO 12 MM, COMPRIMENTO 150 MM, COM PORCA SEXTAVADA E ARRUELA DE PRESSAO MEDIA","UN","COEFICIENTE DE REPRESENTATIVIDADE",4,14.21,56.84,"","","","","","","","","","",null,"CAIXA REFERENCIAL"]
["COBERTURA","COBE","MADEIRAMENTO",73,"","",92553,"FABRICAÇÃO E INSTALAÇÃO DE TESOURA INTEIRA EM MADEIRA NÃO APARELHADA, VÃO DE 11 M, PARA TELHA CERÂMICA OU DE CONCRETO, INCLUSO IÇAMENTO. AF_07/2019","UN","ATRIBUÍDO SÃO PAULO",1637.45,"COMPOSICAO",88262,"CARPINTEIRO DE FORMAS COM ENCARGOS COMPLEMENTARES","H","COLETADO",26.228999999999999,18.05,473.43,"","","","","","","","","","",null,"CAIXA REFERENCIAL"]
["COBERTURA","COBE","MADEIRAMENTO",73,"","",92559,"FABRICAÇÃO E INSTALAÇÃO DE TESOURA INTEIRA EM MADEIRA NÃO APARELHADA, VÃO DE 7 M, PARA TELHA ONDULADA DE FIBROCIMENTO, METÁLICA, PLÁSTICA OU TERMOACÚSTICA, INCLUSO IÇAMENTO. AF_07/2019","UN","ATRIBUÍDO SÃO PAULO",996.67,"INSUMO",4400,"CAIBRO DE MADEIRA NAO APARELHADA *6 X 8* CM, MACARANDUBA, ANGELIM OU EQUIVALENTE DA REGIAO","M","COEFICIENTE DE REPRESENTATIVIDADE",5,7.57,37.85,"","","","","","","","","","",null,"CAIXA REFERENCIAL"]
["COBERTURA","COBE","MADEIRAMENTO",73,"","",92561,"FABRICAÇÃO E INSTALAÇÃO DE TESOURA INTEIRA EM MADEIRA NÃO APARELHADA, VÃO DE 9 M, PARA TELHA ONDULADA DE FIBROCIMENTO, METÁLICA, PLÁSTICA OU TERMOACÚSTICA, INCLUSO IÇAMENTO. AF_07/2019","UN","ATRIBUÍDO SÃO PAULO",1284.43,"COMPOSICAO",88262,"CARPINTEIRO DE FORMAS COM ENCARGOS COMPLEMENTARES","H","COLETADO",18.734999999999999,18.05,338.16,"","","","","","","","","","",null,"CAIXA REFERENCIAL"]
["COBERTURA","COBE","MADEIRAMENTO",73,"","",92566,"FABRICAÇÃO E INSTALAÇÃO DE ESTRUTURA PONTALETADA DE MADEIRA NÃO APARELHADA PARA TELHADOS COM ATÉ 2 ÁGUAS E PARA TELHA ONDULADA DE FIBROCIMENTO, METÁLICA, PLÁSTICA OU TERMOACÚSTICA, INCLUSO TRANSPORTE VERTICAL. AF_12/2015","M2","ATRIBUÍDO SÃO PAULO",12.13,"COMPOSICAO",93281,"GUINCHO ELÉTRICO DE COLUNA, CAPACIDADE 400 KG, COM MOTO FREIO, MOTOR TRIFÁSICO DE 1,25 CV - CHP DIURNO. AF_03/2016","CHP","ATRIBUÍDO SÃO PAULO",6.1999999999999998E-3,20.58,0.12,"","","","","","","","","","",null,"CAIXA REFERENCIAL"]
["COBERTURA","COBE","MADEIRAMENTO",73,"","",100381,"FABRICAÇÃO E INSTALAÇÃO DE PONTALETES DE MADEIRA NÃO APARELHADA PARA TELHADOS COM ATÉ 2 ÁGUAS E COM TELHA CERÂMICA OU DE CONCRETO EM EDIFÍCIO INSTITUCIONAL TÉRREO, INCLUSO TRANSPORTE VERTICAL. AF_07/2019","M2","ATRIBUÍDO SÃO PAULO",32.369999999999997,"INSUMO",4425,"VIGA DE MADEIRA NAO APARELHADA 6 X 12 CM, MACARANDUBA, ANGELIM OU EQUIVALENTE DA REGIAO","M","COEFICIENTE DE REPRESENTATIVIDADE",0.215,11.62,2.4900000000000002,"","","","","","","","","","",null,"CAIXA REFERENCIAL"]
["COBERTURA","COBE","MADEIRAMENTO",73,"","",100385,"FABRICAÇÃO E INSTALAÇÃO DE PONTALETES DE MADEIRA NÃO APARELHADA PARA TELHADOS COM MAIS QUE 2 ÁGUAS E COM TELHA CERÂMICA OU DE CONCRETO EM EDIFÍCIO RESIDENCIAL TÉRREO, INCLUSO TRANSPORTE VERTICAL. AF_07/2019","M2","ATRIBUÍDO SÃO PAULO",18.62,"COMPOSICAO",93281,"GUINCHO ELÉTRICO DE COLUNA, CAPACIDADE 400 KG, COM MOTO FREIO, MOTOR TRIFÁSICO DE 1,25 CV - CHP DIURNO. AF_03/2016","CHP","ATRIBUÍDO SÃO PAULO",7.7000000000000002E-3,20.58,0.15,"","","","","","","","","","",null,"CAIXA REFERENCIAL"]
["COBERTURA","COBE","MADEIRAMENTO",73,"","",100391,"RETIRADA E RECOLOCAÇÃO DE CAIBRO EM TELHADOS DE MAIS DE 2 ÁGUAS COM TELHA CERÂMICA OU DE CONCRETO DE ENCAIXE, INCLUSO TRANSPORTE VERTICAL. AF_07/2019","M2","ATRIBUÍDO SÃO PAULO",12.26,"COMPOSICAO",93281,"GUINCHO ELÉTRICO DE COLUNA, CAPACIDADE 400 KG, COM MOTO FREIO, MOTOR TRIFÁSICO DE 1,25 CV - CHP DIURNO. AF_03/2016","CHP","ATRIBUÍDO SÃO PAULO",2.8999999999999998E-3,20.58,0.05,"","","","","","","","","","",null,"CAIXA REFERENCIAL"]
["COBERTURA","COBE","TELHAMENTO COM TELHA CERAMICA",74,"","",94192,"TELHAMENTO COM TELHA DE CONCRETO DE ENCAIXE, COM MAIS DE 2 ÁGUAS, INCLUSO TRANSPORTE VERTICAL. AF_07/2019","M2","ATRIBUÍDO SÃO PAULO",24.45,"COMPOSICAO",93282,"GUINCHO ELÉTRICO DE COLUNA, CAPACIDADE 400 KG, COM MOTO FREIO, MOTOR TRIFÁSICO DE 1,25 CV - CHI DIURNO. AF_03/2016","CHI","ATRIBUÍDO SÃO PAULO",2.1499999999999998E-2,19.809999999999999,0.42,"","","","","","","","","","",null,"CAIXA REFERENCIAL"]
["COBERTURA","COBE","TELHAMENTO COM TELHA CERAMICA",74,"","",94225,"ISOLAMENTO TERMOACÚSTICO COM LÃ MINERAL NA SUBCOBERTURA, INCLUSO TRANSPORTE VERTICAL. AF_07/2019","M2","ATRIBUÍDO SÃO PAULO",23.7,"COMPOSICAO",93281,"GUINCHO ELÉTRICO DE COLUNA, CAPACIDADE 400 KG, COM MOTO FREIO, MOTOR TRIFÁSICO DE 1,25 CV - CHP DIURNO. AF_03/2016","CHP","ATRIBUÍDO SÃO PAULO",4.1000000000000003E-3,20.58,0.08,"","","","","","","","","","",null,"CAIXA REFERENCIAL"]
["COBERTURA","COBE","TELHAMENTO COM TELHA CERAMICA",74,"","",94442,"TELHAMENTO COM TELHA CERÂMICA DE ENCAIXE, TIPO ROMANA, COM ATÉ 2 ÁGUAS, INCLUSO TRANSPORTE VERTICAL. AF_07/2019","M2","ATRIBUÍDO SÃO PAULO",18.78,"COMPOSICAO",93282,"GUINCHO ELÉTRICO DE COLUNA, CAPACIDADE 400 KG, COM MOTO FREIO, MOTOR TRIFÁSICO DE 1,25 CV - CHI DIURNO. AF_03/2016","CHI","ATRIBUÍDO SÃO PAULO",3.3300000000000003E-2,19.809999999999999,0.65,"","","","","","","","","","",null,"CAIXA REFERENCIAL"]
["COBERTURA","COBE","TELHAMENTO COM TELHA METALICA",76,"","",94213,"TELHAMENTO COM TELHA DE AÇO/ALUMÍNIO E = 0,5 MM, COM ATÉ 2 ÁGUAS, INCLUSO IÇAMENTO. AF_07/2019","M2","ATRIBUÍDO SÃO PAULO",54.7,"INSUMO",11029,"HASTE RETA PARA GANCHO DE FERRO GALVANIZADO, COM ROSCA 1/4 \" X 30 CM PARA FIXACAO DE TELHA METALICA, INCLUI PORCA E ARRUELAS DE VEDACAO","CJ","COEFICIENTE DE REPRESENTATIVIDADE",4.1500000000000004,1.31,5.43,"","","","","","","","","","",null,"CAIXA REFERENCIAL"]
["COBERTURA","COBE","CUMEEIRA CERAMICA",79,"","",94220,"CUMEEIRA E ESPIGÃO PARA TELHA DE CONCRETO EMBOÇADA COM ARGAMASSA TRAÇO 1:2:9 (CIMENTO, CAL E AREIA), PARA TELHADOS COM MAIS DE 2 ÁGUAS, INCLUSO TRANSPORTE VERTICAL. AF_07/2019","M","ATRIBUÍDO SÃO PAULO",33.49,"","","","","","","","",9.84,29.395852099999999,23.61,70.483919499999999,"0,02","0,0601142","0,00","0,0000000","0,02","0,0601142",0,"CAIXA REFERENCIAL"]
["COBERTURA","COBE","CUMEEIRA DE FIBROCIMENTO",80,"","",94451,"CUMEEIRA PARA TELHA DE FIBROCIMENTO ESTRUTURAL E = 6 MM, INCLUSO ACESSÓRIOS DE FIXAÇÃO E IÇAMENTO. AF_07/2019","M","ATRIBUÍDO SÃO PAULO",136.72999999999999,"","","","","","","","",1.82,1.3319672,134.91,98.668032800000006,"0,00","0,0000000","0,00","0,0000000","0,00","0,0000000",0,"CAIXA REFERENCIAL"]
["COBERTURA","COBE","CALHA METALICA",84,"","",94227,"CALHA EM CHAPA DE AÇO GALVANIZADO NÚMERO 24, DESENVOLVIMENTO DE 33 CM, INCLUSO TRANSPORTE VERTICAL. AF_07/2019","M","ATRIBUÍDO SÃO PAULO",44.33,"INSUMO",13388,"SOLDA EM BARRA DE ESTANHO-CHUMBO 50/50","KG","COEFICIENTE DE REPRESENTATIVIDADE",5.8999999999999997E-2,113,6.66,"","","","","","","","","","",null,"CAIXA REFERENCIAL"]
["COBERTURA","COBE","CALHA METALICA",84,"","",94228,"CALHA EM CHAPA DE AÇO GALVANIZADO NÚMERO 24, DESENVOLVIMENTO DE 50 CM, INCLUSO TRANSPORTE VERTICAL. AF_07/2019","M","ATRIBUÍDO SÃO PAULO",60.16,"INSUMO",5061,"PREGO DE ACO POLIDO COM CABECA 18 X 27 (2 1/2 X 10)","KG","COLETADO",1.2999999999999999E-2,12.9,0.16,"","","","","","","","","","",null,"CAIXA REFERENCIAL"]
["COBERTURA","COBE","ESTRUTURA METALICA",291,"","",92255,"INSTALAÇÃO DE TESOURA (INTEIRA OU MEIA), EM AÇO, PARA VÃOS MAIORES OU IGUAIS A 3,0 M E MENORES QUE 6,0 M, INCLUSO IÇAMENTO. AF_07/2019","UN","ATRIBUÍDO SÃO PAULO",151.56,"COMPOSICAO",93287,"GUINDASTE HIDRÁULICO AUTOPROPELIDO, COM LANÇA TELESCÓPICA 40 M, CAPACIDADE MÁXIMA 60 T, POTÊNCIA 260 KW - CHP DIURNO. AF_03/2016","CHP","ATRIBUÍDO SÃO PAULO",0.1133,312.62,35.409999999999997,"","","","","","","","","","",null,"CAIXA REFERENCIAL"]
["COBERTURA","COBE","ESTRUTURA METALICA",291,"","",92569,"TRAMA DE AÇO COMPOSTA POR RIPAS E CAIBROS PARA TELHADOS DE ATÉ 2 ÁGUAS PARA TELHA DE ENCAIXE DE CERÂMICA OU DE CONCRETO, INCLUSO TRANSPORTE VERTICAL. AF_07/2019","M2","ATRIBUÍDO SÃO PAULO",45.29,"","","","","","","","",4.12,9.1150441999999998,41.17,90.8849558,"0,00","0,0000000","0,00","0,0000000","0,00","0,0000000",0,"CAIXA REFERENCIAL"]
["COBERTURA","COBE","ESTRUTURA METALICA",291,"","",92575,"TRAMA DE AÇO COMPOSTA POR RIPAS E CAIBROS PARA TELHADOS DE ATÉ 2 ÁGUAS PARA TELHA CERÂMICA CAPA-CANAL, INCLUSO TRANSPORTE VERTICAL. AF_07/2019","M2","ATRIBUÍDO SÃO PAULO",41.61,"COMPOSICAO",93281,"GUINCHO ELÉTRICO DE COLUNA, CAPACIDADE 400 KG, COM MOTO FREIO, MOTOR TRIFÁSICO DE 1,25 CV - CHP DIURNO. AF_03/2016","CHP","ATRIBUÍDO SÃO PAULO",6.7000000000000002E-3,20.58,0.13,"","","","","","","","","","",null,"CAIXA REFERENCIAL"]
["COBERTURA","COBE","ESTRUTURA METALICA",291,"","",92577,"TRAMA DE AÇO COMPOSTA POR RIPAS, CAIBROS E TERÇAS PARA TELHADOS DE MAIS DE 2 ÁGUAS PARA TELHA CERÂMICA CAPA-CANAL, INCLUSO TRANSPORTE VERTICAL. AF_07/2019","M2","ATRIBUÍDO SÃO PAULO",91.87,"COMPOSICAO",88316,"SERVENTE COM ENCARGOS COMPLEMENTARES","H","COLETADO",0.27800000000000002,14.67,4.07,"","","","","","","","","","",null,"CAIXA REFERENCIAL"]
["COBERTURA","COBE","ESTRUTURA METALICA",291,"","",92581,"TRAMA DE AÇO COMPOSTA POR TERÇAS PARA TELHADOS DE ATÉ 2 ÁGUAS PARA TELHA ESTRUTURAL DE FIBROCIMENTO, INCLUSO TRANSPORTE VERTICAL. AF_07/2019","M2","ATRIBUÍDO SÃO PAULO",32.74,"COMPOSICAO",93282,"GUINCHO ELÉTRICO DE COLUNA, CAPACIDADE 400 KG, COM MOTO FREIO, MOTOR TRIFÁSICO DE 1,25 CV - CHI DIURNO. AF_03/2016","CHI","ATRIBUÍDO SÃO PAULO",0.01,19.809999999999999,0.19,"","","","","","","","","","",null,"CAIXA REFERENCIAL"]
["COBERTURA","COBE","ESTRUTURA METALICA",291,"","",92593,"(COMPOSIÇÃO REPRESENTATIVA) FABRICAÇÃO E INSTALAÇÃO DE TESOURA INTEIRA EM AÇO, PARA VÃOS DE 3 A 12 M E PARA QUALQUER TIPO DE TELHA, INCLUSO IÇAMENTO. AF_12/2015","KG","ATRIBUÍDO SÃO PAULO",7.52,"COMPOSICAO",93288,"GUINDASTE HIDRÁULICO AUTOPROPELIDO, COM LANÇA TELESCÓPICA 40 M, CAPACIDADE MÁXIMA 60 T, POTÊNCIA 260 KW - CHI DIURNO. AF_03/2016","CHI","ATRIBUÍDO SÃO PAULO",1.1000000000000001E-3,85.07,0.09,"","","","","","","","","","",null,"CAIXA REFERENCIAL"]
["COBERTURA","COBE","ESTRUTURA METALICA",291,"","",92604,"FABRICAÇÃO E INSTALAÇÃO DE TESOURA INTEIRA EM AÇO, VÃO DE 4 M, PARA TELHA ONDULADA DE FIBROCIMENTO, METÁLICA, PLÁSTICA OU TERMOACÚSTICA, INCLUSO IÇAMENTO. AF_12/2015","UN","ATRIBUÍDO SÃO PAULO",537.28,"","","","","","","","",105.15,19.570965600000001,389.08,72.414435400000002,"26,53","4,9383635","0,00","0,0000000","16,52","3,0762355",0,"CAIXA REFERENCIAL"]
["COBERTURA","COBE","ESTRUTURA METALICA",291,"","",92618,"FABRICAÇÃO E INSTALAÇÃO DE TESOURA INTEIRA EM AÇO, VÃO DE 11 M, PARA TELHA ONDULADA DE FIBROCIMENTO, METÁLICA, PLÁSTICA OU TERMOACÚSTICA, INCLUSO IÇAMENTO. AF_12/2015","UN","ATRIBUÍDO SÃO PAULO",1305.8900000000001,"COMPOSICAO",92258,"INSTALAÇÃO DE TESOURA (INTEIRA OU MEIA), EM AÇO, PARA VÃOS MAIORES OU IGUAIS A 10,0 M E MENORES QUE 12,0 M, INCLUSO IÇAMENTO. AF_07/2019","UN","ATRIBUÍDO SÃO PAULO",1,299.79000000000002,299.79000000000002,"","","","","","","","","","",null,"CAIXA REFERENCIAL"]
["COBERTURA","COBE","ESTRUTURA METALICA",291,"","",100357,"FABRICAÇÃO E INSTALAÇÃO DE MEIA TESOURA DE MADEIRA NÃO APARELHADA, COM VÃO DE 3 M, PARA TELHA CERÂMICA OU DE CONCRETO, INCLUSO IÇAMENTO. AF_07/2019","UN","ATRIBUÍDO SÃO PAULO",566.92999999999995,"INSUMO",21142,"ESTRIBO COM PARAFUSO EM CHAPA DE FERRO FUNDIDO DE 2\" X 3/16\" X 35 CM, SECAO \"U\", PARA MADEIRAMENTO DE TELHADO","UN","COEFICIENTE DE REPRESENTATIVIDADE",1,21.92,21.92,"","","","","","","","","","",null,"CAIXA REFERENCIAL"]
["COBERTURA","COBE","ESTRUTURA METALICA",291,"","",100362,"FABRICAÇÃO E INSTALAÇÃO DE MEIA TESOURA DE MADEIRA NÃO APARELHADA, COM VÃO DE 8 M, PARA TELHA CERÂMICA OU DE CONCRETO, INCLUSO IÇAMENTO. AF_07/2019","UN","ATRIBUÍDO SÃO PAULO",1537.75,"INSUMO",39027,"PREGO DE ACO POLIDO COM CABECA 19  X 36 (3 1/4  X  9)","KG","COEFICIENTE DE REPRESENTATIVIDADE",2,13.11,26.22,"","","","","","","","","","",null,"CAIXA REFERENCIAL"]
["COBERTURA","COBE","ESTRUTURA METALICA",291,"","",100366,"FABRICAÇÃO E INSTALAÇÃO DE MEIA TESOURA DE MADEIRA NÃO APARELHADA, COM VÃO DE 12 M, PARA TELHA CERÂMICA OU DE CONCRETO, INCLUSO IÇAMENTO. AF_07/2019","UN","ATRIBUÍDO SÃO PAULO",2086.0100000000002,"INSUMO",21142,"ESTRIBO COM PARAFUSO EM CHAPA DE FERRO FUNDIDO DE 2\" X 3/16\" X 35 CM, SECAO \"U\", PARA MADEIRAMENTO DE TELHADO","UN","COEFICIENTE DE REPRESENTATIVIDADE",1,21.92,21.92,"","","","","","","","","","",null,"CAIXA REFERENCIAL"]
["COBERTURA","COBE","ESTRUTURA METALICA",291,"","",100369,"FABRICAÇÃO E INSTALAÇÃO DE MEIA TESOURA DE MADEIRA NÃO APARELHADA, COM VÃO DE 5 M, PARA TELHA ONDULADA DE FIBROCIMENTO, ALUMÍNIO, PLÁSTICA OU TERMOACÚSTICA, INCLUSO IÇAMENTO. AF_07/2019","UN","ATRIBUÍDO SÃO PAULO",802.53,"COMPOSICAO",88262,"CARPINTEIRO DE FORMAS COM ENCARGOS COMPLEMENTARES","H","COLETADO",14.988,18.05,270.52999999999997,"","","","","","","","","","",null,"CAIXA REFERENCIAL"]
["COBERTURA","COBE","ESTRUTURA METALICA",291,"","",100371,"FABRICAÇÃO E INSTALAÇÃO DE MEIA TESOURA DE MADEIRA NÃO APARELHADA, COM VÃO DE 7 M, PARA TELHA ONDULADA DE FIBROCIMENTO, ALUMÍNIO, PLÁSTICA OU TERMOACÚSTICA, INCLUSO IÇAMENTO. AF_07/2019","UN","ATRIBUÍDO SÃO PAULO",1094.58,"INSUMO",4425,"VIGA DE MADEIRA NAO APARELHADA 6 X 12 CM, MACARANDUBA, ANGELIM OU EQUIVALENTE DA REGIAO","M","COEFICIENTE DE REPRESENTATIVIDADE",16,11.62,185.92,"","","","","","","","","","",null,"CAIXA REFERENCIAL"]
["COBERTURA","COBE","ESTRUTURA METALICA",291,"","",100374,"FABRICAÇÃO E INSTALAÇÃO DE MEIA TESOURA DE MADEIRA NÃO APARELHADA, COM VÃO DE 10 M, PARA TELHA ONDULADA DE FIBROCIMENTO, ALUMÍNIO, PLÁSTICA OU TERMOACÚSTICA, INCLUSO IÇAMENTO. AF_07/2019","UN","ATRIBUÍDO SÃO PAULO",1619.94,"","","","","","","","",546.67999999999995,33.747399199999997,1030.22,63.5953351,"26,52","1,6373301","0,00","0,0000000","16,52","1,0199356",0,"CAIXA REFERENCIAL"]
["COBERTURA","COBE","ESTRUTURA METALICA",291,"","",100382,"FABRICAÇÃO E INSTALAÇÃO DE PONTALETES DE MADEIRA NÃO APARELHADA PARA TELHADOS COM ATÉ 2 ÁGUAS E COM TELHA ONDULADA DE FIBROCIMENTO, ALUMÍNIO OU PLÁSTICA EM EDIFÍCIO RESIDENCIAL TÉRREO, INCLUSO TRANSPORTE VERTICAL. AF_07/2019","M2","ATRIBUÍDO SÃO PAULO",12.13,"INSUMO",4472,"VIGA DE MADEIRA NAO APARELHADA *6 X 16* CM, MACARANDUBA, ANGELIM OU EQUIVALENTE DA REGIAO","M","COEFICIENTE DE REPRESENTATIVIDADE",7.3999999999999996E-2,15.82,1.17,"","","","","","","","","","",null,"CAIXA REFERENCIAL"]
["DRENAGEM/OBRAS DE CONTENCAO/POCOS DE VISITA E CAIX","DROP","DRENOS",28,73883,"DRENO FRANCES C/MATERIAL FILTRANTE","73883/3","EXECUCAO DE DRENO FRANCES COM CASCALHO","M3","COEFICIENTE DE REPRESENTATIVIDADE",80.05,"INSUMO",4744,"CASCALHO DE RIO","M3","COEFICIENTE DE REPRESENTATIVIDADE",1.1499999999999999,53.03,60.98,"","","","","","","","","","",null,"CAIXA REFERENCIAL"]
["DRENAGEM/OBRAS DE CONTENCAO/POCOS DE VISITA E CAIX","DROP","DRENOS",28,"","",83658,"EXECUCAO DRENO PROFUNDO, COM CORTE TRAPEZOIDAL EM SOLO, DE 70X80X150CM EXCL TUBO INCL MATERIAL EXECUCAO, COM SELO ENCHIMENTO MATERIAL DRENANTE E ESCAVACAO","M","COEFICIENTE DE REPRESENTATIVIDADE",170.37,"INSUMO",367,"AREIA GROSSA - POSTO JAZIDA/FORNECEDOR (RETIRADO NA JAZIDA, SEM TRANSPORTE)","M3","COLETADO",0.82340000000000002,80,65.87,"","","","","","","","","","",null,"CAIXA REFERENCIAL"]
["DRENAGEM/OBRAS DE CONTENCAO/POCOS DE VISITA E CAIX","DROP","DRENOS",28,"","",83681,"TUBO PVC D=4\" COM MATERIAL DRENANTE PARA DRENO/BARBACA - FORNECIMENTO E INSTALACAO","M","COEFICIENTE DE REPRESENTATIVIDADE",17.29,"INSUMO",9836,"TUBO PVC  SERIE NORMAL, DN 100 MM, PARA ESGOTO  PREDIAL (NBR 5688)","M","COLETADO",1.05,9.16,9.61,"","","","","","","","","","",null,"CAIXA REFERENCIAL"]
["DRENAGEM/OBRAS DE CONTENCAO/POCOS DE VISITA E CAIX","DROP","GABIOES",31,"","",92747,"MURO DE GABIÃO, ENCHIMENTO COM PEDRA DE MÃO TIPO RACHÃO, DE GRAVIDADE, COM GAIOLAS DE COMPRIMENTO IGUAL A 2 M, PARA MUROS COM ALTURA MAIOR QUE 6 M E MENOR OU IGUAL A 10 M   FORNECIMENTO E EXECUÇÃO. AF_12/2015","M3","ATRIBUÍDO SÃO PAULO",709.31,"COMPOSICAO",5631,"ESCAVADEIRA HIDRÁULICA SOBRE ESTEIRAS, CAÇAMBA 0,80 M3, PESO OPERACIONAL 17 T, POTENCIA BRUTA 111 HP - CHP DIURNO. AF_06/2014","CHP","ATRIBUÍDO SÃO PAULO",0.215,126.79,27.25,"","","","","","","","","","",null,"CAIXA REFERENCIAL"]
["DRENAGEM/OBRAS DE CONTENCAO/POCOS DE VISITA E CAIX","DROP","GABIOES",31,"","",92750,"MURO DE GABIÃO, ENCHIMENTO COM PEDRA DE MÃO TIPO RACHÃO, COM SOLO REFORÇADO, PARA MUROS COM ALTURA MAIOR QUE 4 M E MENOR OU IGUAL A 12 M   FORNECIMENTO E EXECUÇÃO. AF_12/2015","M3","ATRIBUÍDO SÃO PAULO",1260.73,"INSUMO",34804,"GEOGRELHA TECIDA COM FILAMENTOS DE POLIESTER + PVC, RESISTENCIA LONGITUDINAL: 90 KN/M, RESISTENCIA TRANSVERSAL: 30 KN/M, ALONGAMENTO = 12 POR CENTO","M2","ATRIBUÍDO SÃO PAULO",8,45.43,363.44,"","","","","","","","","","",null,"CAIXA REFERENCIAL"]
["DRENAGEM/OBRAS DE CONTENCAO/POCOS DE VISITA E CAIX","DROP","GABIOES",31,"","",92757,"PROTEÇÃO SUPERFICIAL DE CANAL EM GABIÃO TIPO COLCHÃO, ALTURA DE 30 CENTÍMETROS, ENCHIMENTO COM PEDRA DE MÃO TIPO RACHÃO - FORNECIMENTO E EXECUÇÃO. AF_12/2015","M2","ATRIBUÍDO SÃO PAULO",243.59,"INSUMO",4730,"PEDRA DE MAO OU PEDRA RACHAO PARA ARRIMO/FUNDACAO (POSTO PEDREIRA/FORNECEDOR, SEM FRETE)","M3","COEFICIENTE DE REPRESENTATIVIDADE",0.39,91.48,35.67,"","","","","","","","","","",null,"CAIXA REFERENCIAL"]
["DRENAGEM/OBRAS DE CONTENCAO/POCOS DE VISITA E CAIX","DROP","MUROS DE ARRIMO",32,"","",91069,"EXECUÇÃO DE REVESTIMENTO DE CONCRETO PROJETADO COM ESPESSURA DE 7 CM, ARMADO COM TELA, INCLINAÇÃO MENOR QUE 90°, APLICAÇÃO CONTÍNUA, UTILIZANDO EQUIPAMENTO DE PROJEÇÃO COM 6 M³/H DE CAPACIDADE. AF_01/2016","M2","ATRIBUÍDO SÃO PAULO",87.88,"COMPOSICAO",90650,"BOMBA CENTRÍFUGA MONOESTÁGIO COM MOTOR ELÉTRICO MONOFÁSICO, POTÊNCIA 15 HP, DIÂMETRO DO ROTOR 173 MM, HM/Q = 30 MCA / 90 M3/H A 45 MCA / 55 M3/H - CHP DIURNO. AF_06/2015","CHP","COEFICIENTE DE REPRESENTATIVIDADE",4.5199999999999997E-2,7.54,0.34,"","","","","","","","","","",null,"CAIXA REFERENCIAL"]
["DRENAGEM/OBRAS DE CONTENCAO/POCOS DE VISITA E CAIX","DROP","MUROS DE ARRIMO",32,"","",91071,"EXECUÇÃO DE REVESTIMENTO DE CONCRETO PROJETADO COM ESPESSURA DE 7 CM, ARMADO COM TELA, INCLINAÇÃO DE 90°, APLICAÇÃO CONTÍNUA, UTILIZANDO EQUIPAMENTO DE PROJEÇÃO COM 6 M³/H DE CAPACIDADE. AF_01/2016","M2","ATRIBUÍDO SÃO PAULO",121.9,"COMPOSICAO",88831,"BETONEIRA CAPACIDADE NOMINAL DE 400 L, CAPACIDADE DE MISTURA 280 L, MOTOR ELÉTRICO TRIFÁSICO POTÊNCIA DE 2 CV, SEM CARREGADOR - CHI DIURNO. AF_10/2014","CHI","ATRIBUÍDO SÃO PAULO",0.36430000000000001,0.23,0.08,"","","","","","","","","","",null,"CAIXA REFERENCIAL"]
["DRENAGEM/OBRAS DE CONTENCAO/POCOS DE VISITA E CAIX","DROP","MUROS DE ARRIMO",32,"","",91074,"EXECUÇÃO DE REVESTIMENTO DE CONCRETO PROJETADO COM ESPESSURA DE 10 CM, ARMADO COM TELA, INCLINAÇÃO MENOR QUE 90°, APLICAÇÃO CONTÍNUA, UTILIZANDO EQUIPAMENTO DE PROJEÇÃO COM 3 M³/H DE CAPACIDADE. AF_01/2016","M2","ATRIBUÍDO SÃO PAULO",111.66,"COMPOSICAO",88297,"OPERADOR DE MÁQUINAS E EQUIPAMENTOS COM ENCARGOS COMPLEMENTARES","H","COEFICIENTE DE REPRESENTATIVIDADE",0.67030000000000001,23.95,16.05,"","","","","","","","","","",null,"CAIXA REFERENCIAL"]
["DRENAGEM/OBRAS DE CONTENCAO/POCOS DE VISITA E CAIX","DROP","MUROS DE ARRIMO",32,"","",91076,"EXECUÇÃO DE REVESTIMENTO DE CONCRETO PROJETADO COM ESPESSURA DE 10 CM, ARMADO COM TELA, INCLINAÇÃO DE 90°, APLICAÇÃO CONTÍNUA, UTILIZANDO EQUIPAMENTO DE PROJEÇÃO COM 3 M³/H DE CAPACIDADE. AF_01/2016","M2","ATRIBUÍDO SÃO PAULO",147.55000000000001,"COMPOSICAO",88830,"BETONEIRA CAPACIDADE NOMINAL DE 400 L, CAPACIDADE DE MISTURA 280 L, MOTOR ELÉTRICO TRIFÁSICO POTÊNCIA DE 2 CV, SEM CARREGADOR - CHP DIURNO. AF_10/2014","CHP","ATRIBUÍDO SÃO PAULO",6.0999999999999999E-2,1.25,7.0000000000000007E-2,"","","","","","","","","","",null,"CAIXA REFERENCIAL"]
["DRENAGEM/OBRAS DE CONTENCAO/POCOS DE VISITA E CAIX","DROP","MUROS DE ARRIMO",32,"","",91079,"EXECUÇÃO DE REVESTIMENTO DE CONCRETO PROJETADO COM ESPESSURA DE 7 CM, ARMADO COM FIBRAS DE AÇO, INCLINAÇÃO DE 90°, APLICAÇÃO CONTÍNUA, UTILIZANDO EQUIPAMENTO DE PROJEÇÃO COM 6 M³/H DE CAPACIDADE. AF_01/2016","M2","ATRIBUÍDO SÃO PAULO",95.67,"INSUMO",370,"AREIA MEDIA - POSTO JAZIDA/FORNECEDOR (RETIRADO NA JAZIDA, SEM TRANSPORTE)","M3","COLETADO",0.1114,77.5,8.6300000000000008,"","","","","","","","","","",null,"CAIXA REFERENCIAL"]
["DRENAGEM/OBRAS DE CONTENCAO/POCOS DE VISITA E CAIX","DROP","MUROS DE ARRIMO",32,"","",91081,"EXECUÇÃO DE REVESTIMENTO DE CONCRETO PROJETADO COM ESPESSURA DE 7 CM, ARMADO COM FIBRAS DE AÇO, INCLINAÇÃO MENOR QUE 90°, APLICAÇÃO CONTÍNUA, UTILIZANDO EQUIPAMENTO DE PROJEÇÃO COM 3 M³/H DE CAPACIDADE. AF_01/2016","M2","ATRIBUÍDO SÃO PAULO",105.23,"COMPOSICAO",88830,"BETONEIRA CAPACIDADE NOMINAL DE 400 L, CAPACIDADE DE MISTURA 280 L, MOTOR ELÉTRICO TRIFÁSICO POTÊNCIA DE 2 CV, SEM CARREGADOR - CHP DIURNO. AF_10/2014","CHP","ATRIBUÍDO SÃO PAULO",6.5100000000000005E-2,1.25,0.08,"","","","","","","","","","",null,"CAIXA REFERENCIAL"]
["DRENAGEM/OBRAS DE CONTENCAO/POCOS DE VISITA E CAIX","DROP","MUROS DE ARRIMO",32,"","",91083,"EXECUÇÃO DE REVESTIMENTO DE CONCRETO PROJETADO COM ESPESSURA DE 7 CM, ARMADO COM FIBRAS DE AÇO, INCLINAÇÃO DE 90°, APLICAÇÃO CONTÍNUA, UTILIZANDO EQUIPAMENTO DE PROJEÇÃO COM 3 M³/H DE CAPACIDADE. AF_01/2016","M2","ATRIBUÍDO SÃO PAULO",113.09,"COMPOSICAO",88316,"SERVENTE COM ENCARGOS COMPLEMENTARES","H","COLETADO",0.82279999999999998,14.67,12.07,"","","","","","","","","","",null,"CAIXA REFERENCIAL"]
["DRENAGEM/OBRAS DE CONTENCAO/POCOS DE VISITA E CAIX","DROP","MUROS DE ARRIMO",32,"","",91084,"EXECUÇÃO DE REVESTIMENTO DE CONCRETO PROJETADO COM ESPESSURA DE 10 CM, ARMADO COM FIBRAS DE AÇO, INCLINAÇÃO DE 90°, APLICAÇÃO CONTÍNUA, UTILIZANDO EQUIPAMENTO DE PROJEÇÃO COM 3 M³/H DE CAPACIDADE. AF_01/2016","M2","ATRIBUÍDO SÃO PAULO",129.63999999999999,"COMPOSICAO",90999,"COMPRESSOR DE AR REBOCAVEL, VAZÃO 400 PCM, PRESSAO DE TRABALHO 102 PSI, MOTOR A DIESEL POTÊNCIA 110 CV - CHP DIURNO. AF_06/2015","CHP","ATRIBUÍDO SÃO PAULO",0.1037,57.09,5.92,"","","","","","","","","","",null,"CAIXA REFERENCIAL"]
["DRENAGEM/OBRAS DE CONTENCAO/POCOS DE VISITA E CAIX","DROP","MUROS DE ARRIMO",32,"","",91089,"EXECUÇÃO DE REVESTIMENTO DE CONCRETO PROJETADO COM ESPESSURA DE 10 CM, ARMADO COM TELA, INCLINAÇÃO DE 90°, APLICAÇÃO DESCONTÍNUA, UTILIZANDO EQUIPAMENTO DE PROJEÇÃO COM 6 M³/H DE CAPACIDADE. AF_01/2016","M2","ATRIBUÍDO SÃO PAULO",142.41999999999999,"COMPOSICAO",88309,"PEDREIRO COM ENCARGOS COMPLEMENTARES","H","COLETADO",0.4914,18.18,8.93,"","","","","","","","","","",null,"CAIXA REFERENCIAL"]
["DRENAGEM/OBRAS DE CONTENCAO/POCOS DE VISITA E CAIX","DROP","MUROS DE ARRIMO",32,"","",91091,"EXECUÇÃO DE REVESTIMENTO DE CONCRETO PROJETADO COM ESPESSURA DE 10 CM, ARMADO COM TELA, INCLINAÇÃO MENOR QUE 90°, APLICAÇÃO DESCONTÍNUA, UTILIZANDO EQUIPAMENTO DE PROJEÇÃO COM 3 M³/H DE CAPACIDADE. AF_01/2016","M2","ATRIBUÍDO SÃO PAULO",119.68,"INSUMO",7155,"TELA DE ACO SOLDADA NERVURADA, CA-60, Q-138, (2,20 KG/M2), DIAMETRO DO FIO = 4,2 MM, LARGURA = 2,45 M, ESPACAMENTO DA MALHA = 10  X 10 CM","M2","ATRIBUÍDO SÃO PAULO",1.2190000000000001,14.99,18.27,"","","","","","","","","","",null,"CAIXA REFERENCIAL"]
["DRENAGEM/OBRAS DE CONTENCAO/POCOS DE VISITA E CAIX","DROP","MUROS DE ARRIMO",32,"","",91091,"EXECUÇÃO DE REVESTIMENTO DE CONCRETO PROJETADO COM ESPESSURA DE 10 CM, ARMADO COM TELA, INCLINAÇÃO MENOR QUE 90°, APLICAÇÃO DESCONTÍNUA, UTILIZANDO EQUIPAMENTO DE PROJEÇÃO COM 3 M³/H DE CAPACIDADE. AF_01/2016","M2","ATRIBUÍDO SÃO PAULO",119.68,"COMPOSICAO",90657,"BOMBA DE PROJEÇÃO DE CONCRETO SECO, POTÊNCIA 10 CV, VAZÃO 3 M3/H - CHI DIURNO. AF_06/2015","CHI","ATRIBUÍDO SÃO PAULO",0.3145,2.97,0.93,"","","","","","","","","","",null,"CAIXA REFERENCIAL"]
["DRENAGEM/OBRAS DE CONTENCAO/POCOS DE VISITA E CAIX","DROP","MUROS DE ARRIMO",32,"","",91093,"EXECUÇÃO DE REVESTIMENTO DE CONCRETO PROJETADO COM ESPESSURA DE 10 CM, ARMADO COM TELA, INCLINAÇÃO DE 90°, APLICAÇÃO DESCONTÍNUA, UTILIZANDO EQUIPAMENTO DE PROJEÇÃO COM 3 M³/H DE CAPACIDADE. AF_01/2016","M2","ATRIBUÍDO SÃO PAULO",156.49,"COMPOSICAO",91001,"COMPRESSOR DE AR REBOCAVEL, VAZÃO 400 PCM, PRESSAO DE TRABALHO 102 PSI, MOTOR A DIESEL POTÊNCIA 110 CV - CHI DIURNO. AF_06/2015","CHI","ATRIBUÍDO SÃO PAULO",0.51919999999999999,5.04,2.61,"","","","","","","","","","",null,"CAIXA REFERENCIAL"]
["DRENAGEM/OBRAS DE CONTENCAO/POCOS DE VISITA E CAIX","DROP","MUROS DE ARRIMO",32,"","",91097,"EXECUÇÃO DE REVESTIMENTO DE CONCRETO PROJETADO COM ESPESSURA DE 10 CM, ARMADO COM FIBRAS DE AÇO, INCLINAÇÃO DE 90°, APLICAÇÃO DESCONTÍNUA, UTILIZANDO EQUIPAMENTO DE PROJEÇÃO COM 6 M³/H DE CAPACIDADE. AF_01/2016","M2","ATRIBUÍDO SÃO PAULO",114.59,"INSUMO",1379,"CIMENTO PORTLAND COMPOSTO CP II-32","KG","COEFICIENTE DE REPRESENTATIVIDADE",51.220199999999998,0.52,26.63,"","","","","","","","","","",null,"CAIXA REFERENCIAL"]
["DRENAGEM/OBRAS DE CONTENCAO/POCOS DE VISITA E CAIX","DROP","MUROS DE ARRIMO",32,"","",91099,"EXECUÇÃO DE REVESTIMENTO DE CONCRETO PROJETADO COM ESPESSURA DE 10 CM, ARMADO COM FIBRAS DE AÇO, INCLINAÇÃO MENOR QUE 90°, APLICAÇÃO DESCONTÍNUA, UTILIZANDO EQUIPAMENTO DE PROJEÇÃO COM 3 M³/H DE CAPACIDADE. AF_01/2016","M2","ATRIBUÍDO SÃO PAULO",128.08000000000001,"COMPOSICAO",90999,"COMPRESSOR DE AR REBOCAVEL, VAZÃO 400 PCM, PRESSAO DE TRABALHO 102 PSI, MOTOR A DIESEL POTÊNCIA 110 CV - CHP DIURNO. AF_06/2015","CHP","ATRIBUÍDO SÃO PAULO",9.0700000000000003E-2,57.09,5.17,"","","","","","","","","","",null,"CAIXA REFERENCIAL"]
["DRENAGEM/OBRAS DE CONTENCAO/POCOS DE VISITA E CAIX","DROP","MUROS DE ARRIMO",32,"","",91100,"EXECUÇÃO DE REVESTIMENTO DE CONCRETO PROJETADO COM ESPESSURA DE 7 CM, ARMADO COM FIBRAS DE AÇO, INCLINAÇÃO DE 90°, APLICAÇÃO DESCONTÍNUA, UTILIZANDO EQUIPAMENTO DE PROJEÇÃO COM 3 M³/H DE CAPACIDADE. AF_01/2016","M2","ATRIBUÍDO SÃO PAULO",116.75,"COMPOSICAO",90657,"BOMBA DE PROJEÇÃO DE CONCRETO SECO, POTÊNCIA 10 CV, VAZÃO 3 M3/H - CHI DIURNO. AF_06/2015","CHI","ATRIBUÍDO SÃO PAULO",0.21779999999999999,2.97,0.64,"","","","","","","","","","",null,"CAIXA REFERENCIAL"]
["DRENAGEM/OBRAS DE CONTENCAO/POCOS DE VISITA E CAIX","DROP","MUROS DE ARRIMO",32,"","",93953,"EXECUÇÃO DE GRAMPO PARA SOLO GRAMPEADO COM COMPRIMENTO MAIOR QUE 4 M E MENOR OU IGUAL A 6 M, DIÂMETRO DE 10 CM, PERFURAÇÃO COM EQUIPAMENTO MANUAL E ARMADURA COM DIÂMETRO DE 16 MM. AF_05/2016","M","ATRIBUÍDO SÃO PAULO",151.83000000000001,"COMPOSICAO",88245,"ARMADOR COM ENCARGOS COMPLEMENTARES","H","COEFICIENTE DE REPRESENTATIVIDADE",0.25140000000000001,18.5,4.6500000000000004,"","","","","","","","","","",null,"CAIXA REFERENCIAL"]
["DRENAGEM/OBRAS DE CONTENCAO/POCOS DE VISITA E CAIX","DROP","MUROS DE ARRIMO",32,"","",93954,"EXECUÇÃO DE GRAMPO PARA SOLO GRAMPEADO COM COMPRIMENTO MAIOR QUE 6 M E MENOR OU IGUAL A 8 M, DIÂMETRO DE 10 CM, PERFURAÇÃO COM EQUIPAMENTO MANUAL E ARMADURA COM DIÂMETRO DE 16 MM. AF_05/2016","M","ATRIBUÍDO SÃO PAULO",144.72999999999999,"COMPOSICAO",90643,"BOMBA TRIPLEX, PARA INJEÇÃO DE NATA DE CIMENTO, VAZÃO MÁXIMA DE 100 LITROS/MINUTO, PRESSÃO MÁXIMA DE 70 BAR - CHP DIURNO. AF_06/2015","CHP","ATRIBUÍDO SÃO PAULO",1.9199999999999998E-2,14.24,0.27,"","","","","","","","","","",null,"CAIXA REFERENCIAL"]
["DRENAGEM/OBRAS DE CONTENCAO/POCOS DE VISITA E CAIX","DROP","MUROS DE ARRIMO",32,"","",93956,"EXECUÇÃO DE GRAMPO PARA SOLO GRAMPEADO COM COMPRIMENTO MAIOR QUE 10 M, DIÂMETRO DE 10 CM, PERFURAÇÃO COM EQUIPAMENTO MANUAL E ARMADURA COM DIÂMETRO DE 16 MM. AF_05/2016","M","ATRIBUÍDO SÃO PAULO",135.78,"COMPOSICAO",5632,"ESCAVADEIRA HIDRÁULICA SOBRE ESTEIRAS, CAÇAMBA 0,80 M3, PESO OPERACIONAL 17 T, POTENCIA BRUTA 111 HP - CHI DIURNO. AF_06/2014","CHI","ATRIBUÍDO SÃO PAULO",0.20810000000000001,57.49,11.96,"","","","","","","","","","",null,"CAIXA REFERENCIAL"]
["DRENAGEM/OBRAS DE CONTENCAO/POCOS DE VISITA E CAIX","DROP","MUROS DE ARRIMO",32,"","",93958,"EXECUÇÃO DE GRAMPO PARA SOLO GRAMPEADO COM COMPRIMENTO MAIOR QUE 4 M E MENOR OU IGUAL A 6 M, DIÂMETRO DE 10 CM, PERFURAÇÃO COM EQUIPAMENTO MANUAL E ARMADURA COM DIÂMETRO DE 20 MM. AF_05/2016","M","ATRIBUÍDO SÃO PAULO",160.25,"COMPOSICAO",88245,"ARMADOR COM ENCARGOS COMPLEMENTARES","H","COEFICIENTE DE REPRESENTATIVIDADE",0.25459999999999999,18.5,4.71,"","","","","","","","","","",null,"CAIXA REFERENCIAL"]
["DRENAGEM/OBRAS DE CONTENCAO/POCOS DE VISITA E CAIX","DROP","MUROS DE ARRIMO",32,"","",93959,"EXECUÇÃO DE GRAMPO PARA SOLO GRAMPEADO COM COMPRIMENTO MAIOR QUE 6 M E MENOR OU IGUAL A 8 M, DIÂMETRO DE 10 CM, PERFURAÇÃO COM EQUIPAMENTO MANUAL E ARMADURA COM DIÂMETRO DE 20 MM. AF_05/2016","M","ATRIBUÍDO SÃO PAULO",152.81,"","","","","","","","",63.4,41.4903403,73.17,47.8775136,"15,22","9,9618872","0,00","0,0000000","1,02","0,6702589",0,"CAIXA REFERENCIAL"]
["DRENAGEM/OBRAS DE CONTENCAO/POCOS DE VISITA E CAIX","DROP","MUROS DE ARRIMO",32,"","",93962,"EXECUÇÃO DE GRAMPO PARA SOLO GRAMPEADO COM COMPRIMENTO MENOR OU IGUAL A 4 M, DIÂMETRO DE 7 CM, PERFURAÇÃO COM EQUIPAMENTO MANUAL E ARMADURA COM DIÂMETRO DE 16 MM. AF_05/2016","M","ATRIBUÍDO SÃO PAULO",153.88,"INSUMO",1379,"CIMENTO PORTLAND COMPOSTO CP II-32","KG","COEFICIENTE DE REPRESENTATIVIDADE",27.055099999999999,0.52,14.06,"","","","","","","","","","",null,"CAIXA REFERENCIAL"]
["DRENAGEM/OBRAS DE CONTENCAO/POCOS DE VISITA E CAIX","DROP","MUROS DE ARRIMO",32,"","",93963,"EXECUÇÃO DE GRAMPO PARA SOLO GRAMPEADO COM COMPRIMENTO MAIOR QUE 4 E MENOR OU IGUAL A 6 M, DIÂMETRO DE 7 CM, PERFURAÇÃO COM EQUIPAMENTO MANUAL E ARMADURA COM DIÂMETRO DE 16 MM. AF_05/2016","M","ATRIBUÍDO SÃO PAULO",142.04,"COMPOSICAO",88245,"ARMADOR COM ENCARGOS COMPLEMENTARES","H","COEFICIENTE DE REPRESENTATIVIDADE",0.24149999999999999,18.5,4.46,"","","","","","","","","","",null,"CAIXA REFERENCIAL"]
["DRENAGEM/OBRAS DE CONTENCAO/POCOS DE VISITA E CAIX","DROP","MUROS DE ARRIMO",32,"","",93964,"EXECUÇÃO DE GRAMPO PARA SOLO GRAMPEADO COM COMPRIMENTO MAIOR QUE 6 M E MENOR OU IGUAL A 8 M, DIÂMETRO DE 7 CM, PERFURAÇÃO COM EQUIPAMENTO MANUAL E ARMADURA COM DIÂMETRO DE 16 MM. AF_05/2016","M","ATRIBUÍDO SÃO PAULO",134.96,"COMPOSICAO",95967,"SERVIÇOS TÉCNICOS ESPECIALIZADOS PARA ACOMPANHAMENTO DE EXECUÇÃO DE FUNDAÇÕES PROFUNDAS E ESTRUTURAS DE CONTENÇÃO","H","COEFICIENTE DE REPRESENTATIVIDADE",0.22370000000000001,117.14,26.2,"","","","","","","","","","",null,"CAIXA REFERENCIAL"]
["DRENAGEM/OBRAS DE CONTENCAO/POCOS DE VISITA E CAIX","DROP","MUROS DE ARRIMO",32,"","",93965,"EXECUÇÃO DE GRAMPO PARA SOLO GRAMPEADO COM COMPRIMENTO MAIOR QUE 8 M E MENOR OU IGUAL A 10 M, DIÂMETRO DE 7 CM, PERFURAÇÃO COM EQUIPAMENTO MANUAL E ARMADURA COM DIÂMETRO DE 16 MM. AF_05/2016","M","ATRIBUÍDO SÃO PAULO",127.55,"COMPOSICAO",88245,"ARMADOR COM ENCARGOS COMPLEMENTARES","H","COEFICIENTE DE REPRESENTATIVIDADE",0.2112,18.5,3.9,"","","","","","","","","","",null,"CAIXA REFERENCIAL"]
["DRENAGEM/OBRAS DE CONTENCAO/POCOS DE VISITA E CAIX","DROP","MUROS DE ARRIMO",32,"","",93968,"EXECUÇÃO DE GRAMPO PARA SOLO GRAMPEADO COM COMPRIMENTO MAIOR QUE 4 E MENOR OU IGUAL A 6 M, DIÂMETRO DE 7 CM, PERFURAÇÃO COM EQUIPAMENTO MANUAL E ARMADURA COM DIÂMETRO DE 20 MM. AF_05/2016","M","ATRIBUÍDO SÃO PAULO",150.44999999999999,"COMPOSICAO",88245,"ARMADOR COM ENCARGOS COMPLEMENTARES","H","COEFICIENTE DE REPRESENTATIVIDADE",0.2447,18.5,4.5199999999999996,"","","","","","","","","","",null,"CAIXA REFERENCIAL"]
["DRENAGEM/OBRAS DE CONTENCAO/POCOS DE VISITA E CAIX","DROP","MUROS DE ARRIMO",32,"","",93969,"EXECUÇÃO DE GRAMPO PARA SOLO GRAMPEADO COM COMPRIMENTO MAIOR QUE 6 M E MENOR OU IGUAL A 8 M, DIÂMETRO DE 7 CM, PERFURAÇÃO COM EQUIPAMENTO MANUAL E ARMADURA COM DIÂMETRO DE 20 MM. AF_05/2016","M","ATRIBUÍDO SÃO PAULO",143.03,"COMPOSICAO",88245,"ARMADOR COM ENCARGOS COMPLEMENTARES","H","COEFICIENTE DE REPRESENTATIVIDADE",0.2261,18.5,4.18,"","","","","","","","","","",null,"CAIXA REFERENCIAL"]
["DRENAGEM/OBRAS DE CONTENCAO/POCOS DE VISITA E CAIX","DROP","MUROS DE ARRIMO",32,"","",93970,"EXECUÇÃO DE GRAMPO PARA SOLO GRAMPEADO COM COMPRIMENTO MAIOR QUE 8 MENOR OU IGUAL A 10 M, DIÂMETRO DE 7 CM, PERFURAÇÃO COM EQUIPAMENTO MANUAL E ARMADURA COM DIÂMETRO DE 20 MM. AF_05/2016","M","ATRIBUÍDO SÃO PAULO",137.83000000000001,"COMPOSICAO",88245,"ARMADOR COM ENCARGOS COMPLEMENTARES","H","COEFICIENTE DE REPRESENTATIVIDADE",0.2132,18.5,3.94,"","","","","","","","","","",null,"CAIXA REFERENCIAL"]
["DRENAGEM/OBRAS DE CONTENCAO/POCOS DE VISITA E CAIX","DROP","MUROS DE ARRIMO",32,"","",100341,"FABRICAÇÃO, MONTAGEM E DESMONTAGEM DE FÔRMA PARA CORTINA DE CONTENÇÃO, EM CHAPA DE MADEIRA COMPENSADA PLASTIFICADA, E = 18 MM, 10 UTILIZAÇÕES. AF_07/2019","M2","COEFICIENTE DE REPRESENTATIVIDADE",23.03,"","","","","","","","",9.43,40.966478000000002,12.51,54.288202099999999,"1,09","4,7453199","0,00","0,0000000","0,00","0,0000000",0,"CAIXA REFERENCIAL"]
["DRENAGEM/OBRAS DE CONTENCAO/POCOS DE VISITA E CAIX","DROP","MUROS DE ARRIMO",32,"","",100341,"FABRICAÇÃO, MONTAGEM E DESMONTAGEM DE FÔRMA PARA CORTINA DE CONTENÇÃO, EM CHAPA DE MADEIRA COMPENSADA PLASTIFICADA, E = 18 MM, 10 UTILIZAÇÕES. AF_07/2019","M2","COEFICIENTE DE REPRESENTATIVIDADE",23.03,"INSUMO",40287,"LOCACAO DE BARRA DE ANCORAGEM DE 0,80 A 1,20 M DE EXTENSAO, COM ROSCA DE 5/8\", INCLUINDO PORCA E FLANGE","MES","COEFICIENTE DE REPRESENTATIVIDADE",0.24940000000000001,0.98,0.24,"","","","","","","","","","",null,"CAIXA REFERENCIAL"]
["DRENAGEM/OBRAS DE CONTENCAO/POCOS DE VISITA E CAIX","DROP","MUROS DE ARRIMO",32,"","",100349,"CONCRETAGEM DE CORTINA DE CONTENÇÃO, ATRAVÉS DE BOMBA  \u0096 LANÇAMENTO, ADENSAMENTO E ACABAMENTO. AF_07/2019","M3","ATRIBUÍDO SÃO PAULO",436.34,"INSUMO",1525,"CONCRETO USINADO BOMBEAVEL, CLASSE DE RESISTENCIA C30, COM BRITA 0 E 1, SLUMP = 100 +/- 20 MM, INCLUI SERVICO DE BOMBEAMENTO (NBR 8953)","M3","COEFICIENTE DE REPRESENTATIVIDADE",1.103,377.53,416.41,"","","","","","","","","","",null,"CAIXA REFERENCIAL"]
["DRENAGEM/OBRAS DE CONTENCAO/POCOS DE VISITA E CAIX","DROP","POCOS DE VISITA/BOCAS DE LOBO/CX. DE PASSAGEM/CX.",36,"","",83659,"BOCA DE LOBO EM ALVENARIA TIJOLO MACICO, REVESTIDA C/ ARGAMASSA DE CIMENTO E AREIA 1:3, SOBRE LASTRO DE CONCRETO 10CM E TAMPA DE CONCRETO ARMADO","UN","COEFICIENTE DE REPRESENTATIVIDADE",787.6,"COMPOSICAO",88316,"SERVENTE COM ENCARGOS COMPLEMENTARES","H","COLETADO",18.210999999999999,14.67,267.14999999999998,"","","","","","","","","","",null,"CAIXA REFERENCIAL"]
["DRENAGEM/OBRAS DE CONTENCAO/POCOS DE VISITA E CAIX","DROP","POCOS DE VISITA/BOCAS DE LOBO/CX. DE PASSAGEM/CX.",36,"","",97983,"ACRÉSCIMO PARA POÇO DE VISITA CIRCULAR PARA ESGOTO, EM CONCRETO PRÉ-MOLDADO, DIÂMETRO INTERNO = 1 M. AF_05/2018","M","ATRIBUÍDO SÃO PAULO",395.24,"COMPOSICAO",100475,"ARGAMASSA TRAÇO 1:3 (EM VOLUME DE CIMENTO E AREIA MÉDIA ÚMIDA) COM ADIÇÃO DE IMPERMEABILIZANTE, PREPARO MECÂNICO COM BETONEIRA 400 L. AF_08/2019","M3","ATRIBUÍDO SÃO PAULO",7.2300000000000003E-2,529.41,38.270000000000003,"","","","","","","","","","",null,"CAIXA REFERENCIAL"]
["DRENAGEM/OBRAS DE CONTENCAO/POCOS DE VISITA E CAIX","DROP","POCOS DE VISITA/BOCAS DE LOBO/CX. DE PASSAGEM/CX.",36,"","",97988,"BASE PARA POÇO DE VISITA CIRCULAR PARA  ESGOTO, EM ALVENARIA COM TIJOLOS CERÂMICOS MACIÇOS, DIÂMETRO INTERNO = 1,2 M, PROFUNDIDADE = 1,45 M, EXCLUINDO TAMPÃO. AF_05/2018","UN","ATRIBUÍDO SÃO PAULO",2469.7600000000002,"INSUMO",7258,"TIJOLO CERAMICO MACICO COMUM *5 X 10 X 20* CM (L X A X C)","UN","COEFICIENTE DE REPRESENTATIVIDADE",705.899,0.51,360,"","","","","","","","","","",null,"CAIXA REFERENCIAL"]
["DRENAGEM/OBRAS DE CONTENCAO/POCOS DE VISITA E CAIX","DROP","POCOS DE VISITA/BOCAS DE LOBO/CX. DE PASSAGEM/CX.",36,"","",97994,"BASE PARA POÇO DE VISITA RETANGULAR PARA  ESGOTO, EM ALVENARIA COM BLOCOS DE CONCRETO, DIMENSÕES INTERNAS = 1X1 M, PROFUNDIDADE = 1,45 M, EXCLUINDO TAMPÃO. AF_05/2018","UN","ATRIBUÍDO SÃO PAULO",1994.11,"COMPOSICAO",89995,"GRAUTEAMENTO DE CINTA SUPERIOR OU DE VERGA EM ALVENARIA ESTRUTURAL. AF_01/2015","M3","ATRIBUÍDO SÃO PAULO",7.3800000000000004E-2,637.32000000000005,47.03,"","","","","","","","","","",null,"CAIXA REFERENCIAL"]
["DRENAGEM/OBRAS DE CONTENCAO/POCOS DE VISITA E CAIX","DROP","POCOS DE VISITA/BOCAS DE LOBO/CX. DE PASSAGEM/CX.",36,"","",97996,"BASE PARA POÇO DE VISITA RETANGULAR PARA ESGOTO, EM ALVENARIA COM BLOCOS DE CONCRETO, DIMENSÕES INTERNAS = 1X1,5 M, PROFUNDIDADE = 1,45 M, EXCLUINDO TAMPÃO. AF_05/2018","UN","ATRIBUÍDO SÃO PAULO",2518.15,"INSUMO",25067,"BLOCO DE CONCRETO ESTRUTURAL 19 X 19 X 39 CM, FBK 4,5 MPA (NBR 6136)","UN","COEFICIENTE DE REPRESENTATIVIDADE",73.605800000000002,2.82,207.56,"","","","","","","","","","",null,"CAIXA REFERENCIAL"]
["DRENAGEM/OBRAS DE CONTENCAO/POCOS DE VISITA E CAIX","DROP","POCOS DE VISITA/BOCAS DE LOBO/CX. DE PASSAGEM/CX.",36,"","",97999,"ACRÉSCIMO PARA POÇO DE VISITA RETANGULAR PARA ESGOTO, EM ALVENARIA COM BLOCOS DE CONCRETO, DIMENSÕES INTERNAS = 1X2 M. AF_05/2018","M","ATRIBUÍDO SÃO PAULO",1345.88,"COMPOSICAO",89996,"ARMAÇÃO VERTICAL DE ALVENARIA ESTRUTURAL; DIÂMETRO DE 10,0 MM. AF_01/2015","KG","COEFICIENTE DE REPRESENTATIVIDADE",1.9743999999999999,7.4,14.61,"","","","","","","","","","",null,"CAIXA REFERENCIAL"]
["DRENAGEM/OBRAS DE CONTENCAO/POCOS DE VISITA E CAIX","DROP","POCOS DE VISITA/BOCAS DE LOBO/CX. DE PASSAGEM/CX.",36,"","",98005,"ACRÉSCIMO PARA POÇO DE VISITA RETANGULAR PARA ESGOTO, EM ALVENARIA COM BLOCOS DE CONCRETO, DIMENSÕES INTERNAS = 1X3,5 M. AF_05/2018","M","ATRIBUÍDO SÃO PAULO",1915.8,"COMPOSICAO",87316,"ARGAMASSA TRAÇO 1:4 (EM VOLUME DE CIMENTO E AREIA GROSSA ÚMIDA) PARA CHAPISCO CONVENCIONAL, PREPARO MECÂNICO COM BETONEIRA 400 L. AF_08/2019","M3","ATRIBUÍDO SÃO PAULO",8.3999999999999995E-3,358.57,3.01,"","","","","","","","","","",null,"CAIXA REFERENCIAL"]
["DRENAGEM/OBRAS DE CONTENCAO/POCOS DE VISITA E CAIX","DROP","POCOS DE VISITA/BOCAS DE LOBO/CX. DE PASSAGEM/CX.",36,"","",98008,"BASE PARA POÇO DE VISITA RETANGULAR PARA ESGOTO, EM ALVENARIA COM BLOCOS DE CONCRETO, DIMENSÕES INTERNAS = 1,5X1,5 M, PROFUNDIDADE = 1,45 M, EXCLUINDO TAMPÃO . AF_05/2018","UN","ATRIBUÍDO SÃO PAULO",3121.37,"INSUMO",25067,"BLOCO DE CONCRETO ESTRUTURAL 19 X 19 X 39 CM, FBK 4,5 MPA (NBR 6136)","UN","COEFICIENTE DE REPRESENTATIVIDADE",94.535300000000007,2.82,266.58,"","","","","","","","","","",null,"CAIXA REFERENCIAL"]
["DRENAGEM/OBRAS DE CONTENCAO/POCOS DE VISITA E CAIX","DROP","POCOS DE VISITA/BOCAS DE LOBO/CX. DE PASSAGEM/CX.",36,"","",98010,"BASE PARA POÇO DE VISITA RETANGULAR PARA ESGOTO, EM ALVENARIA COM BLOCOS DE CONCRETO, DIMENSÕES INTERNAS = 1,5X2 M, PROFUNDIDADE = 1,45 M, EXCLUINDO TAMPÃO. AF_05/2018","UN","ATRIBUÍDO SÃO PAULO",3799.2,"COMPOSICAO",89993,"GRAUTEAMENTO VERTICAL EM ALVENARIA ESTRUTURAL. AF_01/2015","M3","ATRIBUÍDO SÃO PAULO",5.9799999999999999E-2,661.92,39.58,"","","","","","","","","","",null,"CAIXA REFERENCIAL"]
["DRENAGEM/OBRAS DE CONTENCAO/POCOS DE VISITA E CAIX","DROP","POCOS DE VISITA/BOCAS DE LOBO/CX. DE PASSAGEM/CX.",36,"","",98012,"BASE PARA POÇO DE VISITA RETANGULAR PARA ESGOTO, EM ALVENARIA COM BLOCOS DE CONCRETO, DIMENSÕES INTERNAS = 1,5X2,5 M, PROFUNDIDADE = 1,45 M, EXCLUINDO TAMPÃO. AF_05/2018","UN","ATRIBUÍDO SÃO PAULO",4459.03,"COMPOSICAO",89993,"GRAUTEAMENTO VERTICAL EM ALVENARIA ESTRUTURAL. AF_01/2015","M3","ATRIBUÍDO SÃO PAULO",5.9799999999999999E-2,661.92,39.58,"","","","","","","","","","",null,"CAIXA REFERENCIAL"]
["DRENAGEM/OBRAS DE CONTENCAO/POCOS DE VISITA E CAIX","DROP","POCOS DE VISITA/BOCAS DE LOBO/CX. DE PASSAGEM/CX.",36,"","",98016,"BASE PARA POÇO DE VISITA RETANGULAR PARA ESGOTO, EM ALVENARIA COM BLOCOS DE CONCRETO, DIMENSÕES INTERNAS = 1,5X3,5 M, PROFUNDIDADE = 1,45 M, EXCLUINDO TAMPÃO. AF_05/2018","UN","ATRIBUÍDO SÃO PAULO",5778.58,"COMPOSICAO",89993,"GRAUTEAMENTO VERTICAL EM ALVENARIA ESTRUTURAL. AF_01/2015","M3","ATRIBUÍDO SÃO PAULO",5.9799999999999999E-2,661.92,39.58,"","","","","","","","","","",null,"CAIXA REFERENCIAL"]
["DRENAGEM/OBRAS DE CONTENCAO/POCOS DE VISITA E CAIX","DROP","POCOS DE VISITA/BOCAS DE LOBO/CX. DE PASSAGEM/CX.",36,"","",98017,"ACRÉSCIMO PARA POÇO DE VISITA RETANGULAR PARA ESGOTO, EM ALVENARIA COM BLOCOS DE CONCRETO, DIMENSÕES INTERNAS = 1,5X3,5 M. AF_05/2018","M","ATRIBUÍDO SÃO PAULO",2105.7600000000002,"COMPOSICAO",89993,"GRAUTEAMENTO VERTICAL EM ALVENARIA ESTRUTURAL. AF_01/2015","M3","ATRIBUÍDO SÃO PAULO",5.9799999999999999E-2,661.92,39.58,"","","","","","","","","","",null,"CAIXA REFERENCIAL"]
["DRENAGEM/OBRAS DE CONTENCAO/POCOS DE VISITA E CAIX","DROP","POCOS DE VISITA/BOCAS DE LOBO/CX. DE PASSAGEM/CX.",36,"","",98022,"BASE PARA POÇO DE VISITA RETANGULAR PARA ESGOTO, EM ALVENARIA COM BLOCOS DE CONCRETO, DIMENSÕES INTERNAS = 2X2,5 M, PROFUNDIDADE = 1,45 M, EXCLUINDO TAMPÃO. AF_05/2018","UN","ATRIBUÍDO SÃO PAULO",5380,"INSUMO",25067,"BLOCO DE CONCRETO ESTRUTURAL 19 X 19 X 39 CM, FBK 4,5 MPA (NBR 6136)","UN","COEFICIENTE DE REPRESENTATIVIDADE",182.7182,2.82,515.26,"","","","","","","","","","",null,"CAIXA REFERENCIAL"]
["DRENAGEM/OBRAS DE CONTENCAO/POCOS DE VISITA E CAIX","DROP","POCOS DE VISITA/BOCAS DE LOBO/CX. DE PASSAGEM/CX.",36,"","",98024,"BASE PARA POÇO DE VISITA RETANGULAR PARA ESGOTO, EM ALVENARIA COM BLOCOS DE CONCRETO, DIMENSÕES INTERNAS = 2X3 M, PROFUNDIDADE = 1,45 M, EXCLUINDO TAMPÃO. AF_05/2018","UN","ATRIBUÍDO SÃO PAULO",6206.7,"COMPOSICAO",92783,"ARMAÇÃO DE LAJE DE UMA ESTRUTURA CONVENCIONAL DE CONCRETO ARMADO EM UMA EDIFICAÇÃO TÉRREA OU SOBRADO UTILIZANDO AÇO CA-60 DE 4,2 MM - MONTAGEM. AF_12/2015","KG","COEFICIENTE DE REPRESENTATIVIDADE",43.556399999999996,12.38,539.22,"","","","","","","","","","",null,"CAIXA REFERENCIAL"]
["DRENAGEM/OBRAS DE CONTENCAO/POCOS DE VISITA E CAIX","DROP","POCOS DE VISITA/BOCAS DE LOBO/CX. DE PASSAGEM/CX.",36,"","",98025,"ACRÉSCIMO PARA POÇO DE VISITA RETANGULAR PARA ESGOTO, EM ALVENARIA COM BLOCOS DE CONCRETO, DIMENSÕES INTERNAS = 2X3 M. AF_05/2018","M","ATRIBUÍDO SÃO PAULO",2135.91,"COMPOSICAO",100475,"ARGAMASSA TRAÇO 1:3 (EM VOLUME DE CIMENTO E AREIA MÉDIA ÚMIDA) COM ADIÇÃO DE IMPERMEABILIZANTE, PREPARO MECÂNICO COM BETONEIRA 400 L. AF_08/2019","M3","ATRIBUÍDO SÃO PAULO",0.79869999999999997,529.41,422.83,"","","","","","","","","","",null,"CAIXA REFERENCIAL"]
["DRENAGEM/OBRAS DE CONTENCAO/POCOS DE VISITA E CAIX","DROP","POCOS DE VISITA/BOCAS DE LOBO/CX. DE PASSAGEM/CX.",36,"","",98029,"ACRÉSCIMO PARA POÇO DE VISITA RETANGULAR PARA ESGOTO, EM ALVENARIA COM BLOCOS DE CONCRETO, DIMENSÕES INTERNAS = 2X4 M. AF_05/2018","M","ATRIBUÍDO SÃO PAULO",2522.0700000000002,"INSUMO",25067,"BLOCO DE CONCRETO ESTRUTURAL 19 X 19 X 39 CM, FBK 4,5 MPA (NBR 6136)","UN","COEFICIENTE DE REPRESENTATIVIDADE",163.2389,2.82,460.33,"","","","","","","","","","",null,"CAIXA REFERENCIAL"]
["DRENAGEM/OBRAS DE CONTENCAO/POCOS DE VISITA E CAIX","DROP","POCOS DE VISITA/BOCAS DE LOBO/CX. DE PASSAGEM/CX.",36,"","",98031,"ACRÉSCIMO PARA POÇO DE VISITA RETANGULAR PARA ESGOTO, EM ALVENARIA COM BLOCOS DE CONCRETO, DIMENSÕES INTERNAS = 2,5X2,5 M. AF_05/2018","M","ATRIBUÍDO SÃO PAULO",2142.21,"COMPOSICAO",100475,"ARGAMASSA TRAÇO 1:3 (EM VOLUME DE CIMENTO E AREIA MÉDIA ÚMIDA) COM ADIÇÃO DE IMPERMEABILIZANTE, PREPARO MECÂNICO COM BETONEIRA 400 L. AF_08/2019","M3","ATRIBUÍDO SÃO PAULO",0.8075,529.41,427.49,"","","","","","","","","","",null,"CAIXA REFERENCIAL"]
["DRENAGEM/OBRAS DE CONTENCAO/POCOS DE VISITA E CAIX","DROP","POCOS DE VISITA/BOCAS DE LOBO/CX. DE PASSAGEM/CX.",36,"","",98034,"BASE PARA POÇO DE VISITA RETANGULAR PARA ESGOTO, EM ALVENARIA COM BLOCOS DE CONCRETO, DIMENSÕES INTERNAS = 2,5X3,5 M, PROFUNDIDADE = 1,45 M, EXCLUINDO TAMPÃO. AF_05/2018","UN","ATRIBUÍDO SÃO PAULO",8256.26,"COMPOSICAO",87316,"ARGAMASSA TRAÇO 1:4 (EM VOLUME DE CIMENTO E AREIA GROSSA ÚMIDA) PARA CHAPISCO CONVENCIONAL, PREPARO MECÂNICO COM BETONEIRA 400 L. AF_08/2019","M3","ATRIBUÍDO SÃO PAULO",1.01E-2,358.57,3.62,"","","","","","","","","","",null,"CAIXA REFERENCIAL"]
["DRENAGEM/OBRAS DE CONTENCAO/POCOS DE VISITA E CAIX","DROP","POCOS DE VISITA/BOCAS DE LOBO/CX. DE PASSAGEM/CX.",36,"","",98036,"BASE PARA POÇO DE VISITA RETANGULAR PARA ESGOTO, EM ALVENARIA COM BLOCOS DE CONCRETO, DIMENSÕES INTERNAS = 2,5X4 M, PROFUNDIDADE = 1,45 M, EXCLUINDO TAMPÃO. AF_05/2018","UN","ATRIBUÍDO SÃO PAULO",9206.24,"COMPOSICAO",88908,"ESCAVADEIRA HIDRÁULICA SOBRE ESTEIRAS, CAÇAMBA 1,20 M3, PESO OPERACIONAL 21 T, POTÊNCIA BRUTA 155 HP - CHI DIURNO. AF_06/2014","CHI","ATRIBUÍDO SÃO PAULO",1.7881,60.85,108.8,"","","","","","","","","","",null,"CAIXA REFERENCIAL"]
["DRENAGEM/OBRAS DE CONTENCAO/POCOS DE VISITA E CAIX","DROP","POCOS DE VISITA/BOCAS DE LOBO/CX. DE PASSAGEM/CX.",36,"","",98040,"BASE PARA POÇO DE VISITA RETANGULAR PARA ESGOTO, EM ALVENARIA COM BLOCOS DE CONCRETO, DIMENSÕES INTERNAS = 3X3,5 M, PROFUNDIDADE = 1,45 M, EXCLUINDO TAMPÃO. AF_05/2018","UN","ATRIBUÍDO SÃO PAULO",9535.23,"COMPOSICAO",87316,"ARGAMASSA TRAÇO 1:4 (EM VOLUME DE CIMENTO E AREIA GROSSA ÚMIDA) PARA CHAPISCO CONVENCIONAL, PREPARO MECÂNICO COM BETONEIRA 400 L. AF_08/2019","M3","ATRIBUÍDO SÃO PAULO",1.0999999999999999E-2,358.57,3.94,"","","","","","","","","","",null,"CAIXA REFERENCIAL"]
["DRENAGEM/OBRAS DE CONTENCAO/POCOS DE VISITA E CAIX","DROP","POCOS DE VISITA/BOCAS DE LOBO/CX. DE PASSAGEM/CX.",36,"","",98042,"BASE PARA POÇO DE VISITA RETANGULAR PARA ESGOTO, EM ALVENARIA COM BLOCOS DE CONCRETO, DIMENSÕES INTERNAS = 3X4 M, PROFUNDIDADE = 1,45 M, EXCLUINDO TAMPÃO. AF_05/2018","UN","ATRIBUÍDO SÃO PAULO",10628.93,"COMPOSICAO",88908,"ESCAVADEIRA HIDRÁULICA SOBRE ESTEIRAS, CAÇAMBA 1,20 M3, PESO OPERACIONAL 21 T, POTÊNCIA BRUTA 155 HP - CHI DIURNO. AF_06/2014","CHI","ATRIBUÍDO SÃO PAULO",2.0606,60.85,125.38,"","","","","","","","","","",null,"CAIXA REFERENCIAL"]
["DRENAGEM/OBRAS DE CONTENCAO/POCOS DE VISITA E CAIX","DROP","POCOS DE VISITA/BOCAS DE LOBO/CX. DE PASSAGEM/CX.",36,"","",98046,"BASE PARA POÇO DE VISITA RETANGULAR PARA ESGOTO, EM ALVENARIA COM BLOCOS DE CONCRETO, DIMENSÕES INTERNAS = 3,5X4 M, PROFUNDIDADE = 1,45 M, EXCLUINDO TAMPÃO. AF_05/2018","UN","ATRIBUÍDO SÃO PAULO",12060.33,"COMPOSICAO",87316,"ARGAMASSA TRAÇO 1:4 (EM VOLUME DE CIMENTO E AREIA GROSSA ÚMIDA) PARA CHAPISCO CONVENCIONAL, PREPARO MECÂNICO COM BETONEIRA 400 L. AF_08/2019","M3","ATRIBUÍDO SÃO PAULO",1.2699999999999999E-2,358.57,4.55,"","","","","","","","","","",null,"CAIXA REFERENCIAL"]
["DRENAGEM/OBRAS DE CONTENCAO/POCOS DE VISITA E CAIX","DROP","POCOS DE VISITA/BOCAS DE LOBO/CX. DE PASSAGEM/CX.",36,"","",98048,"BASE PARA POÇO DE VISITA RETANGULAR PARA ESGOTO, EM ALVENARIA COM BLOCOS DE CONCRETO, DIMENSÕES INTERNAS = 4X4 M, PROFUNDIDADE = 1,45 M, EXCLUINDO TAMPÃO. AF_05/2018","UN","ATRIBUÍDO SÃO PAULO",13500.57,"COMPOSICAO",88908,"ESCAVADEIRA HIDRÁULICA SOBRE ESTEIRAS, CAÇAMBA 1,20 M3, PESO OPERACIONAL 21 T, POTÊNCIA BRUTA 155 HP - CHI DIURNO. AF_06/2014","CHI","ATRIBUÍDO SÃO PAULO",2.6055999999999999,60.85,158.55000000000001,"","","","","","","","","","",null,"CAIXA REFERENCIAL"]
["DRENAGEM/OBRAS DE CONTENCAO/POCOS DE VISITA E CAIX","DROP","POCOS DE VISITA/BOCAS DE LOBO/CX. DE PASSAGEM/CX.",36,"","",98051,"CHAMINÉ CIRCULAR PARA POÇO DE VISITA PARA ESGOTO, EM ALVENARIA COM TIJOLOS CERÂMICOS MACIÇOS, DIÂMETRO INTERNO = 0,6 M. AF_05/2018","M","ATRIBUÍDO SÃO PAULO",802.73,"COMPOSICAO",88316,"SERVENTE COM ENCARGOS COMPLEMENTARES","H","COLETADO",10.8245,14.67,158.79,"","","","","","","","","","",null,"CAIXA REFERENCIAL"]
["DRENAGEM/OBRAS DE CONTENCAO/POCOS DE VISITA E CAIX","DROP","POCOS DE VISITA/BOCAS DE LOBO/CX. DE PASSAGEM/CX.",36,"","",98407,"BASE PARA POÇO DE VISITA RETANGULAR PARA ESGOTO, EM ALVENARIA COM BLOCOS DE CONCRETO, DIMENSÕES INTERNAS = 1X2 M, PROFUNDIDADE = 1,45 M, EXCLUINDO TAMPÃO. AF_05/2018","UN","ATRIBUÍDO SÃO PAULO",3042.14,"INSUMO",25067,"BLOCO DE CONCRETO ESTRUTURAL 19 X 19 X 39 CM, FBK 4,5 MPA (NBR 6136)","UN","COEFICIENTE DE REPRESENTATIVIDADE",90.011600000000001,2.82,253.83,"","","","","","","","","","",null,"CAIXA REFERENCIAL"]
["DRENAGEM/OBRAS DE CONTENCAO/POCOS DE VISITA E CAIX","DROP","POCOS DE VISITA/BOCAS DE LOBO/CX. DE PASSAGEM/CX.",36,"","",98414,"BASE PARA POÇO DE VISITA CIRCULAR PARA  ESGOTO, EM CONCRETO PRÉ-MOLDADO, DIÂMETRO INTERNO = 1 M, PROFUNDIDADE = 1,45 M, EXCLUINDO TAMPÃO. AF_05/2018_P","UN","ATRIBUÍDO SÃO PAULO",1018.59,"COMPOSICAO",88309,"PEDREIRO COM ENCARGOS COMPLEMENTARES","H","COLETADO",2.2591000000000001,18.18,41.07,"","","","","","","","","","",null,"CAIXA REFERENCIAL"]
["DRENAGEM/OBRAS DE CONTENCAO/POCOS DE VISITA E CAIX","DROP","POCOS DE VISITA/BOCAS DE LOBO/CX. DE PASSAGEM/CX.",36,"","",98420,"(COMPOSIÇÃO REPRESENTATIVA) POÇO DE VISITA CIRCULAR PARA ESGOTO, EM CONCRETO PRÉ-MOLDADO, DIÂMETRO INTERNO = 1,0 M, PROFUNDIDADE ATÉ 1,50 M, INCLUINDO TAMPÃO DE FERRO FUNDIDO, DIÂMETRO DE 60 CM. AF_04/2018","UN","ATRIBUÍDO SÃO PAULO",1483.17,"","","","","","","","",243.14,16.393697199999998,1209.18,81.526107300000007,"29,96","2,0200860","0,00","0,0000000","0,89","0,0601095",0,"CAIXA REFERENCIAL"]
["DRENAGEM/OBRAS DE CONTENCAO/POCOS DE VISITA E CAIX","DROP","POCOS DE VISITA/BOCAS DE LOBO/CX. DE PASSAGEM/CX.",36,"","",98427,"(COMPOSIÇÃO REPRESENTATIVA) POÇO DE VISITA CIRCULAR PARA ESGOTO, EM ALVENARIA COM TIJOLOS CERÂMICOS MACIÇOS, DIÂMETRO INTERNO = 1,2 M, PROFUNDIDADE DE 2,00 A 2,50 M, EXCLUINDO TAMPÃO. AF_04/2018","UN","ATRIBUÍDO SÃO PAULO",3921.36,"","","","","","","","",1402.76,35.772409600000003,2498.3200000000002,63.710130700000001,"17,85","0,4553952","0,00","0,0000000","2,43","0,0620645",0,"CAIXA REFERENCIAL"]
["DRENAGEM/OBRAS DE CONTENCAO/POCOS DE VISITA E CAIX","DROP","POCOS DE VISITA/BOCAS DE LOBO/CX. DE PASSAGEM/CX.",36,"","",99242,"BASE PARA POÇO DE VISITA CIRCULAR PARA DRENAGEM, EM ALVENARIA COM TIJOLOS CERÂMICOS MACIÇOS, DIÂMETRO INTERNO = 1,2 M, PROFUNDIDADE = 1,45 M, EXCLUINDO TAMPÃO. AF_05/2018","UN","ATRIBUÍDO SÃO PAULO",2375.9899999999998,"COMPOSICAO",94116,"LASTRO COM PREPARO DE FUNDO, LARGURA MAIOR OU IGUAL A 1,5 M, COM CAMADA DE BRITA, LANÇAMENTO MECANIZADO. AF_08/2020","M3","ATRIBUÍDO SÃO PAULO",0.58899999999999997,173.31,102.07,"","","","","","","","","","",null,"CAIXA REFERENCIAL"]
["DRENAGEM/OBRAS DE CONTENCAO/POCOS DE VISITA E CAIX","DROP","POCOS DE VISITA/BOCAS DE LOBO/CX. DE PASSAGEM/CX.",36,"","",99244,"BASE PARA POÇO DE VISITA RETANGULAR PARA DRENAGEM, EM ALVENARIA COM BLOCOS DE CONCRETO, DIMENSÕES INTERNAS = 1,5X2 M, PROFUNDIDADE = 1,45 M, EXCLUINDO TAMPÃO. AF_05/2018","UN","ATRIBUÍDO SÃO PAULO",3679.12,"INSUMO",25067,"BLOCO DE CONCRETO ESTRUTURAL 19 X 19 X 39 CM, FBK 4,5 MPA (NBR 6136)","UN","COEFICIENTE DE REPRESENTATIVIDADE",117.9003,2.82,332.47,"","","","","","","","","","",null,"CAIXA REFERENCIAL"]
["DRENAGEM/OBRAS DE CONTENCAO/POCOS DE VISITA E CAIX","DROP","POCOS DE VISITA/BOCAS DE LOBO/CX. DE PASSAGEM/CX.",36,"","",99247,"ACRÉSCIMO PARA POÇO DE VISITA RETANGULAR PARA DRENAGEM, EM ALVENARIA COM BLOCOS DE CONCRETO, DIMENSÕES INTERNAS = 1,5X2 M. AF_05/2018","M","ATRIBUÍDO SÃO PAULO",1468.91,"COMPOSICAO",87316,"ARGAMASSA TRAÇO 1:4 (EM VOLUME DE CIMENTO E AREIA GROSSA ÚMIDA) PARA CHAPISCO CONVENCIONAL, PREPARO MECÂNICO COM BETONEIRA 400 L. AF_08/2019","M3","ATRIBUÍDO SÃO PAULO",6.7000000000000002E-3,358.57,2.4,"","","","","","","","","","",null,"CAIXA REFERENCIAL"]
["DRENAGEM/OBRAS DE CONTENCAO/POCOS DE VISITA E CAIX","DROP","POCOS DE VISITA/BOCAS DE LOBO/CX. DE PASSAGEM/CX.",36,"","",99252,"BASE PARA POÇO DE VISITA RETANGULAR PARA DRENAGEM, EM ALVENARIA COM BLOCOS DE CONCRETO, DIMENSÕES INTERNAS = 1X1 M, PROFUNDIDADE = 1,45 M, EXCLUINDO TAMPÃO. AF_05/2018","UN","ATRIBUÍDO SÃO PAULO",1932.55,"COMPOSICAO",88309,"PEDREIRO COM ENCARGOS COMPLEMENTARES","H","COLETADO",18.082599999999999,18.18,328.74,"","","","","","","","","","",null,"CAIXA REFERENCIAL"]
["DRENAGEM/OBRAS DE CONTENCAO/POCOS DE VISITA E CAIX","DROP","POCOS DE VISITA/BOCAS DE LOBO/CX. DE PASSAGEM/CX.",36,"","",99259,"BASE PARA POÇO DE VISITA RETANGULAR PARA DRENAGEM, EM ALVENARIA COM BLOCOS DE CONCRETO, DIMENSÕES INTERNAS = 1X1,5 M, PROFUNDIDADE = 1,45 M, EXCLUINDO TAMPÃO. AF_05/2018","UN","ATRIBUÍDO SÃO PAULO",2440.0300000000002,"COMPOSICAO",5679,"RETROESCAVADEIRA SOBRE RODAS COM CARREGADEIRA, TRAÇÃO 4X4, POTÊNCIA LÍQ. 88 HP, CAÇAMBA CARREG. CAP. MÍN. 1 M3, CAÇAMBA RETRO CAP. 0,26 M3, PESO OPERACIONAL MÍN. 6.674 KG, PROFUNDIDADE ESCAVAÇÃO MÁX. 4,37 M - CHI DIURNO. AF_06/2014","CHI","ATRIBUÍDO SÃO PAULO",0.42080000000000001,43.92,18.48,"","","","","","","","","","",null,"CAIXA REFERENCIAL"]
["DRENAGEM/OBRAS DE CONTENCAO/POCOS DE VISITA E CAIX","DROP","POCOS DE VISITA/BOCAS DE LOBO/CX. DE PASSAGEM/CX.",36,"","",99265,"BASE PARA POÇO DE VISITA RETANGULAR PARA DRENAGEM, EM ALVENARIA COM BLOCOS DE CONCRETO, DIMENSÕES INTERNAS = 1X2 M, PROFUNDIDADE = 1,45 M, EXCLUINDO TAMPÃO. AF_05/2018","UN","ATRIBUÍDO SÃO PAULO",2947.47,"COMPOSICAO",88309,"PEDREIRO COM ENCARGOS COMPLEMENTARES","H","COLETADO",26.891999999999999,18.18,488.89,"","","","","","","","","","",null,"CAIXA REFERENCIAL"]
["DRENAGEM/OBRAS DE CONTENCAO/POCOS DE VISITA E CAIX","DROP","POCOS DE VISITA/BOCAS DE LOBO/CX. DE PASSAGEM/CX.",36,"","",99267,"BASE PARA POÇO DE VISITA RETANGULAR PARA DRENAGEM, EM ALVENARIA COM BLOCOS DE CONCRETO, DIMENSÕES INTERNAS = 1X2,5 M, PROFUNDIDADE = 1,45 M, EXCLUINDO TAMPÃO. AF_05/2018","UN","ATRIBUÍDO SÃO PAULO",3454.93,"COMPOSICAO",89995,"GRAUTEAMENTO DE CINTA SUPERIOR OU DE VERGA EM ALVENARIA ESTRUTURAL. AF_01/2015","M3","ATRIBUÍDO SÃO PAULO",0.12,637.32000000000005,76.47,"","","","","","","","","","",null,"CAIXA REFERENCIAL"]
["DRENAGEM/OBRAS DE CONTENCAO/POCOS DE VISITA E CAIX","DROP","POCOS DE VISITA/BOCAS DE LOBO/CX. DE PASSAGEM/CX.",36,"","",99273,"POÇO DE INSPEÇÃO CIRCULAR PARA DRENAGEM, EM ALVENARIA COM TIJOLOS CERÂMICOS MACIÇOS, DIÂMETRO INTERNO = 0,6 M, PROFUNDIDADE = 1,5 M, EXCLUINDO TAMPÃO. AF_05/2018","UN","ATRIBUÍDO SÃO PAULO",1263.8699999999999,"COMPOSICAO",96536,"FABRICAÇÃO, MONTAGEM E DESMONTAGEM DE FÔRMA PARA VIGA BALDRAME, EM MADEIRA SERRADA, E=25 MM, 4 UTILIZAÇÕES. AF_06/2017","M2","COEFICIENTE DE REPRESENTATIVIDADE",0.377,45.49,17.14,"","","","","","","","","","",null,"CAIXA REFERENCIAL"]
["DRENAGEM/OBRAS DE CONTENCAO/POCOS DE VISITA E CAIX","DROP","POCOS DE VISITA/BOCAS DE LOBO/CX. DE PASSAGEM/CX.",36,"","",99276,"ACRÉSCIMO PARA POÇO DE VISITA RETANGULAR PARA DRENAGEM, EM ALVENARIA COM BLOCOS DE CONCRETO, DIMENSÕES INTERNAS = 1,5X3 M. AF_05/2018","M","ATRIBUÍDO SÃO PAULO",1831.7,"INSUMO",25067,"BLOCO DE CONCRETO ESTRUTURAL 19 X 19 X 39 CM, FBK 4,5 MPA (NBR 6136)","UN","COEFICIENTE DE REPRESENTATIVIDADE",124.9798,2.82,352.44,"","","","","","","","","","",null,"CAIXA REFERENCIAL"]
["DRENAGEM/OBRAS DE CONTENCAO/POCOS DE VISITA E CAIX","DROP","POCOS DE VISITA/BOCAS DE LOBO/CX. DE PASSAGEM/CX.",36,"","",99280,"BASE PARA POÇO DE VISITA CIRCULAR PARA DRENAGEM, EM ALVENARIA COM TIJOLOS CERÂMICOS MACIÇOS, DIÂMETRO INTERNO = 0,8 M, PROFUNDIDADE = 1,45 M, EXCLUINDO TAMPÃO. AF_05/2018","UN","ATRIBUÍDO SÃO PAULO",1631.09,"COMPOSICAO",92783,"ARMAÇÃO DE LAJE DE UMA ESTRUTURA CONVENCIONAL DE CONCRETO ARMADO EM UMA EDIFICAÇÃO TÉRREA OU SOBRADO UTILIZANDO AÇO CA-60 DE 4,2 MM - MONTAGEM. AF_12/2015","KG","COEFICIENTE DE REPRESENTATIVIDADE",7.7047999999999996,12.38,95.38,"","","","","","","","","","",null,"CAIXA REFERENCIAL"]
["DRENAGEM/OBRAS DE CONTENCAO/POCOS DE VISITA E CAIX","DROP","POCOS DE VISITA/BOCAS DE LOBO/CX. DE PASSAGEM/CX.",36,"","",99282,"ACRÉSCIMO PARA POÇO DE VISITA RETANGULAR PARA DRENAGEM, EM ALVENARIA COM BLOCOS DE CONCRETO, DIMENSÕES INTERNAS = 2,5X2,5 M. AF_05/2018","M","ATRIBUÍDO SÃO PAULO",2043.31,"COMPOSICAO",89996,"ARMAÇÃO VERTICAL DE ALVENARIA ESTRUTURAL; DIÂMETRO DE 10,0 MM. AF_01/2015","KG","COEFICIENTE DE REPRESENTATIVIDADE",1.9743999999999999,7.4,14.61,"","","","","","","","","","",null,"CAIXA REFERENCIAL"]
["DRENAGEM/OBRAS DE CONTENCAO/POCOS DE VISITA E CAIX","DROP","POCOS DE VISITA/BOCAS DE LOBO/CX. DE PASSAGEM/CX.",36,"","",99286,"BASE PARA POÇO DE VISITA RETANGULAR PARA DRENAGEM, EM ALVENARIA COM BLOCOS DE CONCRETO, DIMENSÕES INTERNAS = 1X4 M, PROFUNDIDADE = 1,45 M, EXCLUINDO TAMPÃO. AF_05/2018","UN","ATRIBUÍDO SÃO PAULO",5006.0200000000004,"COMPOSICAO",89995,"GRAUTEAMENTO DE CINTA SUPERIOR OU DE VERGA EM ALVENARIA ESTRUTURAL. AF_01/2015","M3","ATRIBUÍDO SÃO PAULO",0.1661,637.32000000000005,105.85,"","","","","","","","","","",null,"CAIXA REFERENCIAL"]
["DRENAGEM/OBRAS DE CONTENCAO/POCOS DE VISITA E CAIX","DROP","POCOS DE VISITA/BOCAS DE LOBO/CX. DE PASSAGEM/CX.",36,"","",99290,"BASE PARA POÇO DE VISITA RETANGULAR PARA DRENAGEM, EM ALVENARIA COM BLOCOS DE CONCRETO, DIMENSÕES INTERNAS = 1,5X1,5 M, PROFUNDIDADE = 1,45 M, EXCLUINDO TAMPÃO. AF_05/2018","UN","ATRIBUÍDO SÃO PAULO",3022.99,"COMPOSICAO",89996,"ARMAÇÃO VERTICAL DE ALVENARIA ESTRUTURAL; DIÂMETRO DE 10,0 MM. AF_01/2015","KG","COEFICIENTE DE REPRESENTATIVIDADE",1.9743999999999999,7.4,14.61,"","","","","","","","","","",null,"CAIXA REFERENCIAL"]
["DRENAGEM/OBRAS DE CONTENCAO/POCOS DE VISITA E CAIX","DROP","POCOS DE VISITA/BOCAS DE LOBO/CX. DE PASSAGEM/CX.",36,"","",99291,"ACRÉSCIMO PARA POÇO DE VISITA RETANGULAR PARA DRENAGEM, EM ALVENARIA COM BLOCOS DE CONCRETO, DIMENSÕES INTERNAS = 1,5X3,5 M. AF_05/2018","M","ATRIBUÍDO SÃO PAULO",2013.09,"INSUMO",25067,"BLOCO DE CONCRETO ESTRUTURAL 19 X 19 X 39 CM, FBK 4,5 MPA (NBR 6136)","UN","COEFICIENTE DE REPRESENTATIVIDADE",137.7328,2.82,388.4,"","","","","","","","","","",null,"CAIXA REFERENCIAL"]
["DRENAGEM/OBRAS DE CONTENCAO/POCOS DE VISITA E CAIX","DROP","POCOS DE VISITA/BOCAS DE LOBO/CX. DE PASSAGEM/CX.",36,"","",99296,"ACRÉSCIMO PARA POÇO DE VISITA RETANGULAR PARA DRENAGEM, EM ALVENARIA COM BLOCOS DE CONCRETO, DIMENSÕES INTERNAS = 2,5X3 M. AF_05/2018","M","ATRIBUÍDO SÃO PAULO",2224.6799999999998,"COMPOSICAO",88309,"PEDREIRO COM ENCARGOS COMPLEMENTARES","H","COLETADO",37.9833,18.18,690.53,"","","","","","","","","","",null,"CAIXA REFERENCIAL"]
["DRENAGEM/OBRAS DE CONTENCAO/POCOS DE VISITA E CAIX","DROP","POCOS DE VISITA/BOCAS DE LOBO/CX. DE PASSAGEM/CX.",36,"","",99297,"ACRÉSCIMO PARA POÇO DE VISITA RETANGULAR PARA DRENAGEM, EM ALVENARIA COM BLOCOS DE CONCRETO, DIMENSÕES INTERNAS = 1,5X4 M. AF_05/2018","M","ATRIBUÍDO SÃO PAULO",2219.46,"COMPOSICAO",89996,"ARMAÇÃO VERTICAL DE ALVENARIA ESTRUTURAL; DIÂMETRO DE 10,0 MM. AF_01/2015","KG","COEFICIENTE DE REPRESENTATIVIDADE",1.9743999999999999,7.4,14.61,"","","","","","","","","","",null,"CAIXA REFERENCIAL"]
["DRENAGEM/OBRAS DE CONTENCAO/POCOS DE VISITA E CAIX","DROP","POCOS DE VISITA/BOCAS DE LOBO/CX. DE PASSAGEM/CX.",36,"","",99302,"ACRÉSCIMO PARA POÇO DE VISITA RETANGULAR PARA DRENAGEM, EM ALVENARIA COM BLOCOS DE CONCRETO, DIMENSÕES INTERNAS = 2,5X4 M. AF_05/2018","M","ATRIBUÍDO SÃO PAULO",2592.59,"INSUMO",25067,"BLOCO DE CONCRETO ESTRUTURAL 19 X 19 X 39 CM, FBK 4,5 MPA (NBR 6136)","UN","COEFICIENTE DE REPRESENTATIVIDADE",175.99189999999999,2.82,496.29,"","","","","","","","","","",null,"CAIXA REFERENCIAL"]
["DRENAGEM/OBRAS DE CONTENCAO/POCOS DE VISITA E CAIX","DROP","POCOS DE VISITA/BOCAS DE LOBO/CX. DE PASSAGEM/CX.",36,"","",99303,"BASE PARA POÇO DE VISITA RETANGULAR PARA DRENAGEM, EM ALVENARIA COM BLOCOS DE CONCRETO, DIMENSÕES INTERNAS = 3X3 M, PROFUNDIDADE = 1,45 M, EXCLUINDO TAMPÃO. AF_05/2018","UN","ATRIBUÍDO SÃO PAULO",8148.88,"COMPOSICAO",89993,"GRAUTEAMENTO VERTICAL EM ALVENARIA ESTRUTURAL. AF_01/2015","M3","ATRIBUÍDO SÃO PAULO",5.9799999999999999E-2,661.92,39.58,"","","","","","","","","","",null,"CAIXA REFERENCIAL"]
["DRENAGEM/OBRAS DE CONTENCAO/POCOS DE VISITA E CAIX","DROP","POCOS DE VISITA/BOCAS DE LOBO/CX. DE PASSAGEM/CX.",36,"","",99305,"BASE PARA POÇO DE VISITA RETANGULAR PARA DRENAGEM, EM ALVENARIA COM BLOCOS DE CONCRETO, DIMENSÕES INTERNAS = 3X3,5 M, PROFUNDIDADE = 1,45 M, EXCLUINDO TAMPÃO. AF_05/2018","UN","ATRIBUÍDO SÃO PAULO",9202.08,"COMPOSICAO",92783,"ARMAÇÃO DE LAJE DE UMA ESTRUTURA CONVENCIONAL DE CONCRETO ARMADO EM UMA EDIFICAÇÃO TÉRREA OU SOBRADO UTILIZANDO AÇO CA-60 DE 4,2 MM - MONTAGEM. AF_12/2015","KG","COEFICIENTE DE REPRESENTATIVIDADE",67.754400000000004,12.38,838.79,"","","","","","","","","","",null,"CAIXA REFERENCIAL"]
["DRENAGEM/OBRAS DE CONTENCAO/POCOS DE VISITA E CAIX","DROP","POCOS DE VISITA/BOCAS DE LOBO/CX. DE PASSAGEM/CX.",36,"","",99309,"ACRÉSCIMO PARA POÇO DE VISITA RETANGULAR PARA DRENAGEM, EM ALVENARIA COM BLOCOS DE CONCRETO, DIMENSÕES INTERNAS = 3X4 M. AF_05/2018","M","ATRIBUÍDO SÃO PAULO",2779.19,"COMPOSICAO",89993,"GRAUTEAMENTO VERTICAL EM ALVENARIA ESTRUTURAL. AF_01/2015","M3","ATRIBUÍDO SÃO PAULO",5.9799999999999999E-2,661.92,39.58,"","","","","","","","","","",null,"CAIXA REFERENCIAL"]
["DRENAGEM/OBRAS DE CONTENCAO/POCOS DE VISITA E CAIX","DROP","POCOS DE VISITA/BOCAS DE LOBO/CX. DE PASSAGEM/CX.",36,"","",99312,"BASE PARA POÇO DE VISITA RETANGULAR PARA DRENAGEM, EM ALVENARIA COM BLOCOS DE CONCRETO, DIMENSÕES INTERNAS = 2X2,5 M, PROFUNDIDADE = 1,45 M, EXCLUINDO TAMPÃO. AF_05/2018","UN","ATRIBUÍDO SÃO PAULO",5205.05,"COMPOSICAO",5678,"RETROESCAVADEIRA SOBRE RODAS COM CARREGADEIRA, TRAÇÃO 4X4, POTÊNCIA LÍQ. 88 HP, CAÇAMBA CARREG. CAP. MÍN. 1 M3, CAÇAMBA RETRO CAP. 0,26 M3, PESO OPERACIONAL MÍN. 6.674 KG, PROFUNDIDADE ESCAVAÇÃO MÁX. 4,37 M - CHP DIURNO. AF_06/2014","CHP","ATRIBUÍDO SÃO PAULO",0.318,92.02,29.26,"","","","","","","","","","",null,"CAIXA REFERENCIAL"]
["DRENAGEM/OBRAS DE CONTENCAO/POCOS DE VISITA E CAIX","DROP","POCOS DE VISITA/BOCAS DE LOBO/CX. DE PASSAGEM/CX.",36,"","",99313,"BASE PARA POÇO DE VISITA RETANGULAR PARA DRENAGEM, EM ALVENARIA COM BLOCOS DE CONCRETO, DIMENSÕES INTERNAS = 3,5X4 M, PROFUNDIDADE = 1,45 M, EXCLUINDO TAMPÃO. AF_05/2018","UN","ATRIBUÍDO SÃO PAULO",11629.27,"COMPOSICAO",97738,"PEÇA CIRCULAR PRÉ-MOLDADA, VOLUME DE CONCRETO DE 10 A 30 LITROS, TAXA DE FIBRA DE POLIPROPILENO APROXIMADA DE 6 KG/M³. AF_01/2018_P","M3","ATRIBUÍDO SÃO PAULO",2.2100000000000002E-2,3619.4,79.98,"","","","","","","","","","",null,"CAIXA REFERENCIAL"]
["DRENAGEM/OBRAS DE CONTENCAO/POCOS DE VISITA E CAIX","DROP","POCOS DE VISITA/BOCAS DE LOBO/CX. DE PASSAGEM/CX.",36,"","",99318,"CHAMINÉ CIRCULAR PARA POÇO DE VISITA PARA DRENAGEM, EM CONCRETO PRÉ-MOLDADO, DIÂMETRO INTERNO = 0,6 M. AF_05/2018","M","ATRIBUÍDO SÃO PAULO",209.17,"","","","","","","","",22.6,10.807447399999999,179.96,86.028813700000001,"6,60","3,1589527","0,00","0,0000000","0,01","0,0047862",0,"CAIXA REFERENCIAL"]
["DRENAGEM/OBRAS DE CONTENCAO/POCOS DE VISITA E CAIX","DROP","POCOS DE VISITA/BOCAS DE LOBO/CX. DE PASSAGEM/CX.",36,"","",99322,"BASE PARA POÇO DE VISITA RETANGULAR PARA DRENAGEM, EM ALVENARIA COM BLOCOS DE CONCRETO, DIMENSÕES INTERNAS = 2X3,5 M, PROFUNDIDADE = 1,45 M, EXCLUINDO TAMPÃO. AF_05/2018","UN","ATRIBUÍDO SÃO PAULO",6769.35,"INSUMO",660,"CANALETA DE CONCRETO 19 X 19 X 19 CM (CLASSE C - NBR 6136)","UN","COEFICIENTE DE REPRESENTATIVIDADE",61.95,1.75,108.41,"","","","","","","","","","",null,"CAIXA REFERENCIAL"]
["DRENAGEM/OBRAS DE CONTENCAO/POCOS DE VISITA E CAIX","DROP","POCOS DE VISITA/BOCAS DE LOBO/CX. DE PASSAGEM/CX.",36,"","",99324,"BASE PARA POÇO DE VISITA RETANGULAR PARA DRENAGEM, EM ALVENARIA COM BLOCOS DE CONCRETO, DIMENSÕES INTERNAS = 2X4 M, PROFUNDIDADE = 1,45 M, EXCLUINDO TAMPÃO. AF_05/2018","UN","ATRIBUÍDO SÃO PAULO",7533.45,"COMPOSICAO",88316,"SERVENTE COM ENCARGOS COMPLEMENTARES","H","COLETADO",57.374400000000001,14.67,841.68,"","","","","","","","","","",null,"CAIXA REFERENCIAL"]
["DRENAGEM/OBRAS DE CONTENCAO/POCOS DE VISITA E CAIX","DROP","MEIO FIO, LINHA D'AGUA E SARJERTA",37,"","",94264,"GUIA (MEIO-FIO) CONCRETO, MOLDADA  IN LOCO  EM TRECHO CURVO COM EXTRUSORA, 13 CM BASE X 22 CM ALTURA. AF_06/2016","M","ATRIBUÍDO SÃO PAULO",26.38,"","","","","","","","",10.78,40.870893799999997,15.01,56.875477500000002,"0,59","2,2536287","0,00","0,0000000","0,00","0,0000000",0,"CAIXA REFERENCIAL"]
["DRENAGEM/OBRAS DE CONTENCAO/POCOS DE VISITA E CAIX","DROP","MEIO FIO, LINHA D'AGUA E SARJERTA",37,"","",94266,"GUIA (MEIO-FIO) CONCRETO, MOLDADA  IN LOCO  EM TRECHO CURVO COM EXTRUSORA, 15 CM BASE X 30 CM ALTURA. AF_06/2016","M","ATRIBUÍDO SÃO PAULO",34.24,"COMPOSICAO",92960,"MÁQUINA EXTRUSORA DE CONCRETO PARA GUIAS E SARJETAS, MOTOR A DIESEL, POTÊNCIA 14 CV - CHP DIURNO. AF_12/2015","CHP","ATRIBUÍDO SÃO PAULO",2.4E-2,13.81,0.33,"","","","","","","","","","",null,"CAIXA REFERENCIAL"]
["DRENAGEM/OBRAS DE CONTENCAO/POCOS DE VISITA E CAIX","DROP","MEIO FIO, LINHA D'AGUA E SARJERTA",37,"","",94270,"GUIA (MEIO-FIO) E SARJETA CONJUGADOS DE CONCRETO, MOLDADA IN LOCO  EM TRECHO CURVO COM EXTRUSORA, 60 CM BASE (15 CM BASE DA GUIA + 45 CM BASE DA SARJETA) X 26 CM ALTURA. AF_06/2016","M","ATRIBUÍDO SÃO PAULO",57.88,"COMPOSICAO",88309,"PEDREIRO COM ENCARGOS COMPLEMENTARES","H","COLETADO",0.35199999999999998,18.18,6.39,"","","","","","","","","","",null,"CAIXA REFERENCIAL"]
["DRENAGEM/OBRAS DE CONTENCAO/POCOS DE VISITA E CAIX","DROP","MEIO FIO, LINHA D'AGUA E SARJERTA",37,"","",94276,"ASSENTAMENTO DE GUIA (MEIO-FIO) EM TRECHO CURVO, CONFECCIONADA EM CONCRETO PRÉ-FABRICADO, DIMENSÕES 100X15X13X20 CM (COMPRIMENTO X BASE INFERIOR X BASE SUPERIOR X ALTURA), PARA URBANIZAÇÃO INTERNA DE EMPREENDIMENTOS. AF_06/2016_P","M","COEFICIENTE DE REPRESENTATIVIDADE",31.6,"COMPOSICAO",88316,"SERVENTE COM ENCARGOS COMPLEMENTARES","H","COLETADO",0.44900000000000001,14.67,6.58,"","","","","","","","","","",null,"CAIXA REFERENCIAL"]
["DRENAGEM/OBRAS DE CONTENCAO/POCOS DE VISITA E CAIX","DROP","MEIO FIO, LINHA D'AGUA E SARJERTA",37,"","",94286,"EXECUÇÃO DE SARJETA DE CONCRETO USINADO, MOLDADA  IN LOCO  EM TRECHO CURVO, 60 CM BASE X 15 CM ALTURA. AF_06/2016","M","COEFICIENTE DE REPRESENTATIVIDADE",67.900000000000006,"COMPOSICAO",88309,"PEDREIRO COM ENCARGOS COMPLEMENTARES","H","COLETADO",0.84599999999999997,18.18,15.38,"","","","","","","","","","",null,"CAIXA REFERENCIAL"]
["DRENAGEM/OBRAS DE CONTENCAO/POCOS DE VISITA E CAIX","DROP","MEIO FIO, LINHA D'AGUA E SARJERTA",37,"","",94292,"EXECUÇÃO DE SARJETA DE CONCRETO USINADO, MOLDADA  IN LOCO  EM TRECHO CURVO, 60 CM BASE X 10 CM ALTURA. AF_06/2016","M","COEFICIENTE DE REPRESENTATIVIDADE",52.48,"INSUMO",34492,"CONCRETO USINADO BOMBEAVEL, CLASSE DE RESISTENCIA C20, COM BRITA 0 E 1, SLUMP = 100 +/- 20 MM, EXCLUI SERVICO DE BOMBEAMENTO (NBR 8953)","M3","COEFICIENTE DE REPRESENTATIVIDADE",7.4999999999999997E-2,328.82,24.66,"","","","","","","","","","",null,"CAIXA REFERENCIAL"]
["ESCORAMENTO","ESCO","ESCORAMENTO DE MADEIRA EM VALAS",23,"","",94043,"ESCORAMENTO DE VALA, TIPO PONTALETEAMENTO, COM PROFUNDIDADE DE 0 A 1,5 M, LARGURA MENOR QUE 1,5 M, EM LOCAL COM NÍVEL BAIXO DE INTERFERÊNCIA. AF_06/2016","M2","ATRIBUÍDO SÃO PAULO",13.51,"INSUMO",6189,"TABUA DE MADEIRA NAO APARELHADA *2,5 X 30* CM, CEDRINHO OU EQUIVALENTE DA REGIAO","M","COEFICIENTE DE REPRESENTATIVIDADE",0.217,9.14,1.98,"","","","","","","","","","",null,"CAIXA REFERENCIAL"]
["ESCORAMENTO","ESCO","ESCORAMENTO DE MADEIRA EM VALAS",23,"","",94048,"ESCORAMENTO DE VALA, TIPO PONTALETEAMENTO, COM PROFUNDIDADE DE 3,0 A 4,5 M, LARGURA MAIOR OU IGUAL A 1,5 M E MENOR QUE 2,5 M, EM LOCAL COM NÍVEL BAIXO DE INTERFERÊNCIA. AF_06/2016","M2","ATRIBUÍDO SÃO PAULO",13.39,"COMPOSICAO",88316,"SERVENTE COM ENCARGOS COMPLEMENTARES","H","COLETADO",0.188,14.67,2.75,"","","","","","","","","","",null,"CAIXA REFERENCIAL"]
["ESCORAMENTO","ESCO","ESCORAMENTO DE MADEIRA EM VALAS",23,"","",94052,"ESCORAMENTO DE VALA, TIPO DESCONTÍNUO, COM PROFUNDIDADE DE 1,5 A 3,0 M, LARGURA MAIOR OU IGUAL A 1,5 M E MENOR QUE 2,5 M, EM LOCAL COM NÍVEL ALTO DE INTERFERÊNCIA. AF_06/2016","M2","ATRIBUÍDO SÃO PAULO",25.95,"INSUMO",5061,"PREGO DE ACO POLIDO COM CABECA 18 X 27 (2 1/2 X 10)","KG","COLETADO",2.5000000000000001E-2,12.9,0.32,"","","","","","","","","","",null,"CAIXA REFERENCIAL"]
["ESCORAMENTO","ESCO","ESCORAMENTO DE MADEIRA EM VALAS",23,"","",94055,"ESCORAMENTO DE VALA, TIPO DESCONTÍNUO, COM PROFUNDIDADE DE 0 A 1,5 M, LARGURA MENOR QUE 1,5 M, EM LOCAL COM NÍVEL BAIXO DE INTERFERÊNCIA. AF_06/2016","M2","ATRIBUÍDO SÃO PAULO",22.34,"INSUMO",21138,"MADEIRA ROLICA TRATADA, EUCALIPTO OU EQUIVALENTE DA REGIAO, H = 2,2 M, D = 8 A 11 CM (PARA CERCA)","M","ATRIBUÍDO SÃO PAULO",5.3999999999999999E-2,6.3,0.34,"","","","","","","","","","",null,"CAIXA REFERENCIAL"]
["ESCORAMENTO","ESCO","ESCORAMENTO DE MADEIRA EM VALAS",23,"","",101575,"ESCORAMENTO DE VALA, TIPO PONTALETEAMENTO, COM PROFUNDIDADE DE 3,0 A 4,5 M, LARGURA MAIOR OU IGUAL A 1,5 M E MENOR QUE 2,5 M. AF_08/2020","M2","ATRIBUÍDO SÃO PAULO",14.01,"COMPOSICAO",88262,"CARPINTEIRO DE FORMAS COM ENCARGOS COMPLEMENTARES","H","COLETADO",0.44319999999999998,18.05,7.99,"","","","","","","","","","",null,"CAIXA REFERENCIAL"]
["ESCORAMENTO","ESCO","ESCORAMENTO DE MADEIRA EM VALAS",23,"","",101576,"ESCORAMENTO DE VALA, TIPO DESCONTÍNUO, COM PROFUNDIDADE DE 0 A 1,5 M, LARGURA MENOR QUE 1,5 M. AF_08/2020","M2","ATRIBUÍDO SÃO PAULO",22.12,"COMPOSICAO",88262,"CARPINTEIRO DE FORMAS COM ENCARGOS COMPLEMENTARES","H","COLETADO",0.59550000000000003,18.05,10.74,"","","","","","","","","","",null,"CAIXA REFERENCIAL"]
["ESCORAMENTO","ESCO","ESCORAMENTO DE MADEIRA EM VALAS",23,"","",101582,"ESCORAMENTO DE VALA, TIPO CONTÍNUO, COM PROFUNDIDADE DE 0 A 1,5 M, LARGURA MENOR QUE 1,5 M. AF_08/2020","M2","ATRIBUÍDO SÃO PAULO",35.25,"INSUMO",6189,"TABUA DE MADEIRA NAO APARELHADA *2,5 X 30* CM, CEDRINHO OU EQUIVALENTE DA REGIAO","M","COEFICIENTE DE REPRESENTATIVIDADE",0.9778,9.14,8.93,"","","","","","","","","","",null,"CAIXA REFERENCIAL"]
["ESCORAMENTO","ESCO","ESCORAMENTO METALICO EM VALAS OU POCOS",24,"","",101590,"ESCORAMENTO DE VALA, TIPO CONTÍNUO COM PERFIL METÁLICO \"U\", COM PROFUNDIDADE DE 1,5 A 3,0 M, LARGURA MENOR QUE 1,5 M. AF_08/2020","M2","ATRIBUÍDO SÃO PAULO",43.78,"INSUMO",2736,"MADEIRA ROLICA SEM TRATAMENTO, EUCALIPTO OU EQUIVALENTE DA REGIAO, H = 3 M, D = 20 A 24 CM (PARA ESCORAMENTO)","M","ATRIBUÍDO SÃO PAULO",5.4300000000000001E-2,9.91,0.53,"","","","","","","","","","",null,"CAIXA REFERENCIAL"]
["ESCORAMENTO","ESCO","ESCORAMENTO METALICO EM VALAS OU POCOS",24,"","",101603,"ESCORAMENTO DE VALA, TIPO BLINDAGEM, COM PROFUNDIDADE DE 1,5 A 3,0 M, LARGURA MAIOR OU IGUAL A 1,5 M E MENOR QUE 2,5 M - EXECUÇÃO, NÃO INCLUI MATERIAL. AF_08/2020","M2","ATRIBUÍDO SÃO PAULO",13.57,"COMPOSICAO",5632,"ESCAVADEIRA HIDRÁULICA SOBRE ESTEIRAS, CAÇAMBA 0,80 M3, PESO OPERACIONAL 17 T, POTENCIA BRUTA 111 HP - CHI DIURNO. AF_06/2014","CHI","ATRIBUÍDO SÃO PAULO",4.53E-2,57.49,2.6,"","","","","","","","","","",null,"CAIXA REFERENCIAL"]
["ESQUADRIAS/FERRAGENS/VIDROS","ESQV","PORTA DE MADEIRA",89,"","",90790,"KIT DE PORTA-PRONTA DE MADEIRA EM ACABAMENTO MELAMÍNICO BRANCO, FOLHA LEVE OU MÉDIA, 80X210CM, EXCLUSIVE FECHADURA, FIXAÇÃO COM PREENCHIMENTO PARCIAL DE ESPUMA EXPANSIVA - FORNECIMENTO E INSTALAÇÃO. AF_12/2019","UN","COEFICIENTE DE REPRESENTATIVIDADE",412.67,"","","","","","","","",10.029999999999999,2.4309257999999998,402.64,97.569074200000003,"0,00","0,0000000","0,00","0,0000000","0,00","0,0000000",0,"CAIXA REFERENCIAL"]
["ESQUADRIAS/FERRAGENS/VIDROS","ESQV","PORTA DE MADEIRA",89,"","",90801,"BATENTE PARA PORTA DE MADEIRA, PADRÃO MÉDIO - FORNECIMENTO E MONTAGEM. AF_12/2019","UN","COEFICIENTE DE REPRESENTATIVIDADE",197.65,"COMPOSICAO",88261,"CARPINTEIRO DE ESQUADRIA COM ENCARGOS COMPLEMENTARES","H","COEFICIENTE DE REPRESENTATIVIDADE",2.7410000000000001,17.239999999999998,47.25,"","","","","","","","","","",null,"CAIXA REFERENCIAL"]
["ESQUADRIAS/FERRAGENS/VIDROS","ESQV","PORTA DE MADEIRA",89,"","",90823,"PORTA DE MADEIRA PARA PINTURA, SEMI-OCA (LEVE OU MÉDIA), 90X210CM, ESPESSURA DE 3,5CM, INCLUSO DOBRADIÇAS - FORNECIMENTO E INSTALAÇÃO. AF_12/2019","UN","COEFICIENTE DE REPRESENTATIVIDADE",342.18,"","","","","","","","",30.33,8.8655694999999994,311.85000000000002,91.134430499999993,"0,00","0,0000000","0,00","0,0000000","0,00","0,0000000",0,"CAIXA REFERENCIAL"]
["ESQUADRIAS/FERRAGENS/VIDROS","ESQV","PORTA DE MADEIRA",89,"","",90847,"KIT DE PORTA DE MADEIRA PARA PINTURA, SEMI-OCA (LEVE OU MÉDIA), PADRÃO MÉDIO, 60X210CM, ESPESSURA DE 3,5CM, ITENS INCLUSOS: DOBRADIÇAS, MONTAGEM E INSTALAÇÃO DO BATENTE, SEM FECHADURA - FORNECIMENTO E INSTALAÇÃO. AF_12/2019","UN","COEFICIENTE DE REPRESENTATIVIDADE",628.03,"COMPOSICAO",100659,"ALIZAR DE 5X1,5CM PARA PORTA FIXADO COM PREGOS, PADRÃO MÉDIO - FORNECIMENTO E INSTALAÇÃO. AF_12/2019","M","COEFICIENTE DE REPRESENTATIVIDADE",9.6,6.31,60.57,"","","","","","","","","","",null,"CAIXA REFERENCIAL"]
["ESQUADRIAS/FERRAGENS/VIDROS","ESQV","PORTA DE MADEIRA",89,"","",91011,"PORTA DE MADEIRA PARA VERNIZ, SEMI-OCA (LEVE OU MÉDIA), 80X210CM, ESPESSURA DE 3,5CM, INCLUSO DOBRADIÇAS - FORNECIMENTO E INSTALAÇÃO. AF_12/2019","UN","COEFICIENTE DE REPRESENTATIVIDADE",351.14,"","","","","","","","",27.95,7.9613752,323.19,92.038624799999994,"0,00","0,0000000","0,00","0,0000000","0,00","0,0000000",0,"CAIXA REFERENCIAL"]
["ESQUADRIAS/FERRAGENS/VIDROS","ESQV","PORTA DE MADEIRA",89,"","",91012,"PORTA DE MADEIRA PARA VERNIZ, SEMI-OCA (LEVE OU MÉDIA), 90X210CM, ESPESSURA DE 3,5CM, INCLUSO DOBRADIÇAS - FORNECIMENTO E INSTALAÇÃO. AF_12/2019","UN","COEFICIENTE DE REPRESENTATIVIDADE",337.29,"COMPOSICAO",88316,"SERVENTE COM ENCARGOS COMPLEMENTARES","H","COLETADO",0.83899999999999997,14.67,12.3,"","","","","","","","","","",null,"CAIXA REFERENCIAL"]
["ESQUADRIAS/FERRAGENS/VIDROS","ESQV","PORTA DE MADEIRA",89,"","",91296,"PORTA DE MADEIRA FRISADA, SEMI-OCA (LEVE OU MÉDIA), 70X210CM, ESPESSURA DE 3CM, INCLUSO DOBRADIÇAS - FORNECIMENTO E INSTALAÇÃO. AF_12/2019","UN","COEFICIENTE DE REPRESENTATIVIDADE",312.22000000000003,"","","","","","","","",25.56,8.1886332999999993,286.66000000000003,91.811366699999994,"0,00","0,0000000","0,00","0,0000000","0,00","0,0000000",0,"CAIXA REFERENCIAL"]
["ESQUADRIAS/FERRAGENS/VIDROS","ESQV","PORTA DE MADEIRA",89,"","",91318,"KIT DE PORTA DE MADEIRA PARA PINTURA, SEMI-OCA (LEVE OU MÉDIA), PADRÃO POPULAR, 60X210CM, ESPESSURA DE 3,5CM, ITENS INCLUSOS: DOBRADIÇAS, MONTAGEM E INSTALAÇÃO DO BATENTE, SEM FECHADURA - FORNECIMENTO E INSTALAÇÃO. AF_12/2019","UN","COEFICIENTE DE REPRESENTATIVIDADE",574.04999999999995,"COMPOSICAO",91292,"BATENTE PARA PORTA DE MADEIRA, FIXAÇÃO COM ARGAMASSA, PADRÃO POPULAR. FORNECIMENTO E INSTALAÇÃO. AF_12/2019_P","UN","COEFICIENTE DE REPRESENTATIVIDADE",1,216.41,216.41,"","","","","","","","","","",null,"CAIXA REFERENCIAL"]
["ESQUADRIAS/FERRAGENS/VIDROS","ESQV","PORTA DE MADEIRA",89,"","",91326,"KIT DE PORTA DE MADEIRA PARA VERNIZ, SEMI-OCA (LEVE OU MÉDIA), PADRÃO POPULAR, 80X210CM, ESPESSURA DE 3,5CM, ITENS INCLUSOS: DOBRADIÇAS, MONTAGEM E INSTALAÇÃO DO BATENTE, SEM FECHADURA - FORNECIMENTO E INSTALAÇÃO. AF_12/2019","UN","COEFICIENTE DE REPRESENTATIVIDADE",620.04999999999995,"COMPOSICAO",91292,"BATENTE PARA PORTA DE MADEIRA, FIXAÇÃO COM ARGAMASSA, PADRÃO POPULAR. FORNECIMENTO E INSTALAÇÃO. AF_12/2019_P","UN","COEFICIENTE DE REPRESENTATIVIDADE",1,216.41,216.41,"","","","","","","","","","",null,"CAIXA REFERENCIAL"]
["ESQUADRIAS/FERRAGENS/VIDROS","ESQV","PORTA DE MADEIRA",89,"","",91330,"KIT DE PORTA DE MADEIRA FRISADA, SEMI-OCA (LEVE OU MÉDIA), PADRÃO MÉDIO, 70X210CM, ESPESSURA DE 3CM, ITENS INCLUSOS: DOBRADIÇAS, MONTAGEM E INSTALAÇÃO DO BATENTE, SEM FECHADURA - FORNECIMENTO E INSTALAÇÃO. AF_12/2019","UN","COEFICIENTE DE REPRESENTATIVIDADE",634.27,"COMPOSICAO",91296,"PORTA DE MADEIRA FRISADA, SEMI-OCA (LEVE OU MÉDIA), 70X210CM, ESPESSURA DE 3CM, INCLUSO DOBRADIÇAS - FORNECIMENTO E INSTALAÇÃO. AF_12/2019","UN","COEFICIENTE DE REPRESENTATIVIDADE",1,312.22000000000003,312.22000000000003,"","","","","","","","","","",null,"CAIXA REFERENCIAL"]
["ESQUADRIAS/FERRAGENS/VIDROS","ESQV","PORTA DE MADEIRA",89,"","",100682,"KIT DE PORTA DE MADEIRA FRISADA, SEMI-OCA (LEVE OU MÉDIA), PADRÃO POPULAR, 70X210CM, ESPESSURA DE 3CM, ITENS INCLUSOS: DOBRADIÇAS, MONTAGEM E INSTALAÇÃO DE BATENTE, FECHADURA COM EXECUÇÃO DO FURO - FORNECIMENTO E INSTALAÇÃO. AF_12/2019","UN","COEFICIENTE DE REPRESENTATIVIDADE",631.23,"COMPOSICAO",91296,"PORTA DE MADEIRA FRISADA, SEMI-OCA (LEVE OU MÉDIA), 70X210CM, ESPESSURA DE 3CM, INCLUSO DOBRADIÇAS - FORNECIMENTO E INSTALAÇÃO. AF_12/2019","UN","COEFICIENTE DE REPRESENTATIVIDADE",1,312.22000000000003,312.22000000000003,"","","","","","","","","","",null,"CAIXA REFERENCIAL"]
["ESQUADRIAS/FERRAGENS/VIDROS","ESQV","PORTA DE MADEIRA",89,"","",100686,"KIT DE PORTA DE MADEIRA PARA VERNIZ, SEMI-OCA (LEVE OU MÉDIA), PADRÃO POPULAR, 90X210CM, ESPESSURA DE 3CM, ITENS INCLUSOS: DOBRADIÇAS, MONTAGEM E INSTALAÇÃO DE BATENTE, FECHADURA COM EXECUÇÃO DO FURO - FORNECIMENTO E INSTALAÇÃO. AF_12/2019","UN","COEFICIENTE DE REPRESENTATIVIDADE",671.81,"COMPOSICAO",91304,"FECHADURA DE EMBUTIR COM CILINDRO, EXTERNA, COMPLETA, ACABAMENTO PADRÃO POPULAR, INCLUSO EXECUÇÃO DE FURO - FORNECIMENTO E INSTALAÇÃO. AF_12/2019","UN","COEFICIENTE DE REPRESENTATIVIDADE",1,64.56,64.56,"","","","","","","","","","",null,"CAIXA REFERENCIAL"]
["ESQUADRIAS/FERRAGENS/VIDROS","ESQV","PORTA DE MADEIRA",89,"","",100692,"KIT DE PORTA DE MADEIRA TIPO VENEZIANA, 80X210CM (ESPESSURA DE 3CM), PADRÃO POPULAR, ITENS INCLUSOS: DOBRADIÇAS, MONTAGEM E INSTALAÇÃO DE BATENTE, FECHADURA COM EXECUÇÃO DO FURO - FORNECIMENTO E INSTALAÇÃO. AF_12/2019","UN","COEFICIENTE DE REPRESENTATIVIDADE",828.58,"","","","","","","","",145.63,17.576628899999999,682.95,82.423371099999997,"0,00","0,0000000","0,00","0,0000000","0,00","0,0000000",0,"CAIXA REFERENCIAL"]
["ESQUADRIAS/FERRAGENS/VIDROS","ESQV","PORTA DE MADEIRA",89,"","",100698,"RECOLOCAÇÃO DE FOLHAS DE PORTA DE MADEIRA LEVE OU MÉDIA DE 90CM DE LARGURA, CONSIDERANDO REAPROVEITAMENTO DO MATERIAL. AF_12/2019","UN","COEFICIENTE DE REPRESENTATIVIDADE",53.89,"COMPOSICAO",88309,"PEDREIRO COM ENCARGOS COMPLEMENTARES","H","COLETADO",0.249,18.18,4.5199999999999996,"","","","","","","","","","",null,"CAIXA REFERENCIAL"]
["ESQUADRIAS/FERRAGENS/VIDROS","ESQV","JANELA DE MADEIRA",90,"","",100667,"JANELA DE MADEIRA (IMBUIA/CEDRO OU EQUIV.) DE ABRIR COM 4 FOLHAS (2 VENEZIANAS E 2 GUILHOTINAS PARA VIDRO), COM BATENTE, ALIZAR E FERRAGENS. EXCLUSIVE VIDROS, ACABAMENTO E CONTRAMARCO. FORNECIMENTO E INSTALAÇÃO. AF_12/2019","M2","COEFICIENTE DE REPRESENTATIVIDADE",376.91,"COMPOSICAO",88261,"CARPINTEIRO DE ESQUADRIA COM ENCARGOS COMPLEMENTARES","H","COEFICIENTE DE REPRESENTATIVIDADE",1.7330000000000001,17.239999999999998,29.87,"","","","","","","","","","",null,"CAIXA REFERENCIAL"]
["ESQUADRIAS/FERRAGENS/VIDROS","ESQV","PORTA E/OU TAMPA DE FERRO",92,"","",100701,"PORTA DE FERRO, DE ABRIR, TIPO GRADE COM CHAPA, COM GUARNIÇÕES. AF_12/2019","M2","COEFICIENTE DE REPRESENTATIVIDADE",308.64,"COMPOSICAO",88316,"SERVENTE COM ENCARGOS COMPLEMENTARES","H","COLETADO",0.22900000000000001,14.67,3.35,"","","","","","","","","","",null,"CAIXA REFERENCIAL"]
["ESQUADRIAS/FERRAGENS/VIDROS","ESQV","GUARDA-CORPO DE FERRO",95,"","",99841,"GUARDA-CORPO PANORÂMICO COM PERFIS DE ALUMÍNIO E VIDRO LAMINADO 8 MM, FIXADO COM CHUMBADOR MECÂNICO. AF_04/2019_P","M","ATRIBUÍDO SÃO PAULO",876.86,"INSUMO",11964,"PARAFUSO DE ACO TIPO CHUMBADOR PARABOLT, DIAMETRO 3/8\", COMPRIMENTO 75 MM","UN","COEFICIENTE DE REPRESENTATIVIDADE",3.3330000000000002,1.65,5.49,"","","","","","","","","","",null,"CAIXA REFERENCIAL"]
["ESQUADRIAS/FERRAGENS/VIDROS","ESQV","ESCADAS/CORRIMAOS",97,74194,"ESCADA MARINHEIRO","74194/1","ESCADA TIPO MARINHEIRO EM TUBO ACO GALVANIZADO 1 1/2\" 5 DEGRAUS","M","COEFICIENTE DE REPRESENTATIVIDADE",256.63,"","","","","","","","",80.489999999999995,31.364752599999999,176.14,68.635247399999997,"0,00","0,0000000","0,00","0,0000000","0,00","0,0000000",0,"CAIXA REFERENCIAL"]
["ESQUADRIAS/FERRAGENS/VIDROS","ESQV","PORTA E/OU TAMPA DE ALUMINIO",98,"","",91341,"PORTA EM ALUMÍNIO DE ABRIR TIPO VENEZIANA COM GUARNIÇÃO, FIXAÇÃO COM PARAFUSOS - FORNECIMENTO E INSTALAÇÃO. AF_12/2019","M2","COEFICIENTE DE REPRESENTATIVIDADE",321.86,"COMPOSICAO",88316,"SERVENTE COM ENCARGOS COMPLEMENTARES","H","COLETADO",0.191,14.67,2.8,"","","","","","","","","","",null,"CAIXA REFERENCIAL"]
["ESQUADRIAS/FERRAGENS/VIDROS","ESQV","PORTA E/OU TAMPA DE ALUMINIO",98,"","",100702,"PORTA DE CORRER DE ALUMÍNIO, COM DUAS FOLHAS PARA VIDRO, INCLUSO VIDRO LISO INCOLOR, FECHADURA E PUXADOR, SEM ALIZAR. AF_12/2019","M2","COEFICIENTE DE REPRESENTATIVIDADE",256.64,"INSUMO",7568,"BUCHA DE NYLON SEM ABA S10, COM PARAFUSO DE 6,10 X 65 MM EM ACO ZINCADO COM ROSCA SOBERBA, CABECA CHATA E FENDA PHILLIPS","UN","COEFICIENTE DE REPRESENTATIVIDADE",4.72,0.73,3.44,"","","","","","","","","","",null,"CAIXA REFERENCIAL"]
["ESQUADRIAS/FERRAGENS/VIDROS","ESQV","VIDROS/ESPELHOS",103,"","",72119,"VIDRO TEMPERADO INCOLOR, ESPESSURA 8MM, FORNECIMENTO E INSTALACAO, INCLUSIVE MASSA PARA VEDACAO","M2","COEFICIENTE DE REPRESENTATIVIDADE",260.14999999999998,"COMPOSICAO",88325,"VIDRACEIRO COM ENCARGOS COMPLEMENTARES","H","COEFICIENTE DE REPRESENTATIVIDADE",0.5,15.86,7.93,"","","","","","","","","","",null,"CAIXA REFERENCIAL"]
["ESQUADRIAS/FERRAGENS/VIDROS","ESQV","VIDROS/ESPELHOS",103,74125,"ESPELHO C/MOLDURA","74125/2","ESPELHO CRISTAL ESPESSURA 4MM, COM MOLDURA EM ALUMINIO E COMPENSADO 6MM PLASTIFICADO COLADO","M2","ATRIBUÍDO SÃO PAULO",483.39,"INSUMO",11186,"ESPELHO CRISTAL E = 4 MM","M2","COEFICIENTE DE REPRESENTATIVIDADE",1,359.47,359.47,"","","","","","","","","","",null,"CAIXA REFERENCIAL"]
["ESQUADRIAS/FERRAGENS/VIDROS","ESQV","JANELA DE ALUMINIO",222,"","",94570,"JANELA DE ALUMÍNIO DE CORRER COM 2 FOLHAS PARA VIDROS, COM VIDROS, BATENTE, ACABAMENTO COM ACETATO OU BRILHANTE E FERRAGENS. EXCLUSIVE ALIZAR E CONTRAMARCO. FORNECIMENTO E INSTALAÇÃO. AF_12/2019","M2","COEFICIENTE DE REPRESENTATIVIDADE",165.43,"COMPOSICAO",88309,"PEDREIRO COM ENCARGOS COMPLEMENTARES","H","COLETADO",0.51900000000000002,18.18,9.43,"","","","","","","","","","",null,"CAIXA REFERENCIAL"]
["FUNDACOES E ESTRUTURAS","FUES","TUBULOES",38,"","",101097,"TUBULÃO A CÉU ABERTO, DIÂMETRO DO FUSTE DE 80CM, ESCAVAÇÃO MANUAL, SEM ALARGAMENTO DE BASE, CONCRETO FEITO EM OBRA E LANÇADO COM JERICA. AF_05/2020","M3","ATRIBUÍDO SÃO PAULO",847.38,"COMPOSICAO",94971,"CONCRETO FCK = 25MPA, TRAÇO 1:2,3:2,7 (CIMENTO/ AREIA MÉDIA/ BRITA 1)  - PREPARO MECÂNICO COM BETONEIRA 600 L. AF_07/2016","M3","ATRIBUÍDO SÃO PAULO",1.2,356.08,427.29,"","","","","","","","","","",null,"CAIXA REFERENCIAL"]
["FUNDACOES E ESTRUTURAS","FUES","TUBULOES",38,"","",101098,"TUBULÃO A CÉU ABERTO, DIÂMETRO DO FUSTE DE 100CM, ESCAVAÇÃO MANUAL, SEM ALARGAMENTO DE BASE, CONCRETO FEITO EM OBRA E LANÇADO COM JERICA. AF_05/2020","M3","ATRIBUÍDO SÃO PAULO",787.4,"COMPOSICAO",100206,"TRANSPORTE HORIZONTAL COM JERICA DE 90 L, DE MASSA/ GRANEL (UNIDADE: M3XKM). AF_07/2019","M3XKM","COLETADO",3.7499999999999999E-2,724.31,27.16,"","","","","","","","","","",null,"CAIXA REFERENCIAL"]
["FUNDACOES E ESTRUTURAS","FUES","TUBULOES",38,"","",101102,"TUBULÃO A CÉU ABERTO, DIÂMETRO DO FUSTE DE 100CM, ESCAVAÇÃO MECÂNICA, SEM ALARGAMENTO DE BASE, CONCRETO FEITO EM OBRA E LANÇADO COM JERICA. AF_05/2020","M3","ATRIBUÍDO SÃO PAULO",632.27,"COMPOSICAO",90776,"ENCARREGADO GERAL COM ENCARGOS COMPLEMENTARES","H","COLETADO",0.36499999999999999,16.86,6.15,"","","","","","","","","","",null,"CAIXA REFERENCIAL"]
["FUNDACOES E ESTRUTURAS","FUES","TUBULOES",38,"","",101107,"TUBULÃO A CÉU ABERTO, DIÂMETRO DO FUSTE DE 120CM, ESCAVAÇÃO MANUAL, SEM ALARGAMENTO DE BASE, CONCRETO USINADO E LANÇADO COM BOMBA OU DIRETAMENTE DO CAMINHÃO. AF_05/2020","M3","ATRIBUÍDO SÃO PAULO",698.95,"COMPOSICAO",90778,"ENGENHEIRO CIVIL DE OBRA PLENO COM ENCARGOS COMPLEMENTARES","H","COEFICIENTE DE REPRESENTATIVIDADE",0.47099999999999997,100.28,47.23,"","","","","","","","","","",null,"CAIXA REFERENCIAL"]
["FUNDACOES E ESTRUTURAS","FUES","TUBULOES",38,"","",101108,"TUBULÃO A CÉU ABERTO, DIÂMETRO DO FUSTE DE 70CM, ESCAVAÇÃO MECÂNICA, SEM ALARGAMENTO DE BASE, CONCRETO USINADO E LANÇADO COM BOMBA OU DIRETAMENTE DO CAMINHÃO. AF_05/2020","M3","ATRIBUÍDO SÃO PAULO",632.42999999999995,"COMPOSICAO",97913,"TRANSPORTE COM CAMINHÃO BASCULANTE DE 6 M³, EM VIA URBANA EM REVESTIMENTO PRIMÁRIO (UNIDADE: M3XKM). AF_07/2020","M3XKM","ATRIBUÍDO SÃO PAULO",0.375,1.92,0.72,"","","","","","","","","","",null,"CAIXA REFERENCIAL"]
["FUNDACOES E ESTRUTURAS","FUES","ESTACAS",39,"","",95602,"ARRASAMENTO MECANICO DE ESTACA DE CONCRETO ARMADO, DIAMETROS DE 41 CM A 60 CM. AF_11/2016","UN","ATRIBUÍDO SÃO PAULO",23.53,"COMPOSICAO",5795,"MARTELETE OU ROMPEDOR PNEUMÁTICO MANUAL, 28 KG, COM SILENCIADOR - CHP DIURNO. AF_07/2016","CHP","ATRIBUÍDO SÃO PAULO",0.22700000000000001,22.93,5.2,"","","","","","","","","","",null,"CAIXA REFERENCIAL"]
["FUNDACOES E ESTRUTURAS","FUES","ESTACAS",39,"","",95602,"ARRASAMENTO MECANICO DE ESTACA DE CONCRETO ARMADO, DIAMETROS DE 41 CM A 60 CM. AF_11/2016","UN","ATRIBUÍDO SÃO PAULO",23.53,"COMPOSICAO",5952,"MARTELETE OU ROMPEDOR PNEUMÁTICO MANUAL, 28 KG, COM SILENCIADOR - CHI DIURNO. AF_07/2016","CHI","ATRIBUÍDO SÃO PAULO",0.184,21.55,3.96,"","","","","","","","","","",null,"CAIXA REFERENCIAL"]
["FUNDACOES E ESTRUTURAS","FUES","ESTACAS",39,"","",100653,"ESTACA HÉLICE CONTÍNUA, DIÂMETRO DE 70 CM, INCLUSO CONCRETO FCK=20MPA E ARMADURA MÍNIMA (EXCLUSIVE MOBILIZAÇÃO E DESMOBILIZAÇÃO). AF_12/2019","M","ATRIBUÍDO SÃO PAULO",285.05,"","","","","","","","",16.93,5.9399316000000004,245.1,85.982888099999997,"23,02","8,0771803","0,00","0,0000000","0,00","0,0000000",0,"CAIXA REFERENCIAL"]
["FUNDACOES E ESTRUTURAS","FUES","ESTACAS",39,"","",100657,"ESTACA PRÉ-MOLDADA DE CONCRETO SEÇÃO QUADRADA, CAPACIDADE DE 50 TONELADAS, INCLUSO EMENDA (EXCLUSIVE MOBILIZAÇÃO E DESMOBILIZAÇÃO). AF_12/2019","M","ATRIBUÍDO SÃO PAULO",88.75,"COMPOSICAO",89218,"BATE-ESTACAS POR GRAVIDADE, POTÊNCIA DE 160 HP, PESO DO MARTELO ATÉ 3 TONELADAS - CHI DIURNO. AF_11/2014","CHI","ATRIBUÍDO SÃO PAULO",9.4E-2,67.569999999999993,6.35,"","","","","","","","","","",null,"CAIXA REFERENCIAL"]
["FUNDACOES E ESTRUTURAS","FUES","ESTACAS",39,"","",100893,"ESTACA METÁLICA PARA CONTENÇÃO, UTILIZANDO PERFIL LAMINADO W250X38,5 (EXCLUSIVE MOBILIZAÇÃO E DESMOBILIZAÇÃO). AF_01/2020","KG","ATRIBUÍDO SÃO PAULO",7.83,"","","","","","","","",0.42,5.4545453999999998,7.33,93.506493599999999,"0,08","1,0389610","0,00","0,0000000","0,00","0,0000000",0,"CAIXA REFERENCIAL"]
["FUNDACOES E ESTRUTURAS","FUES","ESTACAS",39,"","",100897,"ESTACA ESCAVADA MECANICAMENTE, SEM FLUIDO ESTABILIZANTE, COM 40CM DE DIÂMETRO, CONCRETO LANÇADO POR CAMINHÃO BETONEIRA (EXCLUSIVE MOBILIZAÇÃO E DESMOBILIZAÇÃO). AF_01/2020","M","ATRIBUÍDO SÃO PAULO",79.22,"COMPOSICAO",95579,"MONTAGEM DE ARMADURA LONGITUDINAL DE ESTACAS DE SEÇÃO CIRCULAR, DIÂMETRO = 16,0 MM. AF_11/2016","KG","COEFICIENTE DE REPRESENTATIVIDADE",1.3913,6.64,9.23,"","","","","","","","","","",null,"CAIXA REFERENCIAL"]
["FUNDACOES E ESTRUTURAS","FUES","ESTACAS",39,"","",100929,"ESTACA RAÍZ, DIÂMETRO DE 20CM, SEM PRESENÇA DE ROCHA (EXCLUSIVE MOBILIZAÇÃO E DESMOBILIZAÇÃO). AF_03/2020","M","ATRIBUÍDO SÃO PAULO",174.29,"","","","","","","","",33.49,19.218542200000002,122.16,70.082654300000002,"18,07","10,3693428","0,00","0,0000000","0,57","0,3294607",0,"CAIXA REFERENCIAL"]
["FUNDACOES E ESTRUTURAS","FUES","ESTACAS",39,"","",100932,"ESTACA RAÍZ, DIÂMETRO DE 45CM, SEM PRESENÇA DE ROCHA (EXCLUSIVE MOBILIZAÇÃO E DESMOBILIZAÇÃO). AF_03/2020","M","ATRIBUÍDO SÃO PAULO",446.33,"COMPOSICAO",90643,"BOMBA TRIPLEX, PARA INJEÇÃO DE NATA DE CIMENTO, VAZÃO MÁXIMA DE 100 LITROS/MINUTO, PRESSÃO MÁXIMA DE 70 BAR - CHP DIURNO. AF_06/2015","CHP","ATRIBUÍDO SÃO PAULO",3.56E-2,14.24,0.5,"","","","","","","","","","",null,"CAIXA REFERENCIAL"]
["FUNDACOES E ESTRUTURAS","FUES","ESTACAS",39,"","",100934,"ESTACA RAÍZ, DIÂMETRO DE 31CM, PERFURADA EM ROCHA (EXCLUSIVE MOBILIZAÇÃO E DESMOBILIZAÇÃO). AF_03/2020","M","ATRIBUÍDO SÃO PAULO",318.83999999999997,"COMPOSICAO",5953,"COMPRESSOR DE AR REBOCÁVEL, VAZÃO 189 PCM, PRESSÃO EFETIVA DE TRABALHO 102 PSI, MOTOR DIESEL, POTÊNCIA 63 CV - CHP DIURNO. AF_06/2015","CHP","ATRIBUÍDO SÃO PAULO",0.2016,33.29,6.71,"","","","","","","","","","",null,"CAIXA REFERENCIAL"]
["FUNDACOES E ESTRUTURAS","FUES","ESTACAS",39,"","",100935,"ESTACA RAÍZ, DIÂMETRO DE 40CM, PERFURADA EM ROCHA (EXCLUSIVE MOBILIZAÇÃO E DESMOBILIZAÇÃO). AF_03/2020","M","ATRIBUÍDO SÃO PAULO",407.99,"COMPOSICAO",5953,"COMPRESSOR DE AR REBOCÁVEL, VAZÃO 189 PCM, PRESSÃO EFETIVA DE TRABALHO 102 PSI, MOTOR DIESEL, POTÊNCIA 63 CV - CHP DIURNO. AF_06/2015","CHP","ATRIBUÍDO SÃO PAULO",0.2535,33.29,8.43,"","","","","","","","","","",null,"CAIXA REFERENCIAL"]
["FUNDACOES E ESTRUTURAS","FUES","LASTROS/FUNDACOES DIVERSAS",40,"","",96616,"LASTRO DE CONCRETO MAGRO, APLICADO EM BLOCOS DE COROAMENTO OU SAPATAS. AF_08/2017","M3","ATRIBUÍDO SÃO PAULO",463.12,"","","","","","","","",153.85,33.220968900000003,305.93,66.057305999999997,"2,07","0,4472967","0,00","0,0000000","1,27","0,2744284",0,"CAIXA REFERENCIAL"]
["FUNDACOES E ESTRUTURAS","FUES","LASTROS/FUNDACOES DIVERSAS",40,"","",96623,"LASTRO COM MATERIAL GRANULAR, APLICADO EM BLOCOS DE COROAMENTO, ESPESSURA DE *10 CM*. AF_08/2017","M3","ATRIBUÍDO SÃO PAULO",165.83,"COMPOSICAO",91278,"PLACA VIBRATÓRIA REVERSÍVEL COM MOTOR 4 TEMPOS A GASOLINA, FORÇA CENTRÍFUGA DE 25 KN (2500 KGF), POTÊNCIA 5,5 CV - CHI DIURNO. AF_08/2015","CHI","ATRIBUÍDO SÃO PAULO",6.4000000000000001E-2,0.45,0.02,"","","","","","","","","","",null,"CAIXA REFERENCIAL"]
["FUNDACOES E ESTRUTURAS","FUES","LASTROS/FUNDACOES DIVERSAS",40,"","",97096,"CONCRETAGEM DE RADIER, PISO OU LAJE SOBRE SOLO, FCK 30 MPA, PARA ESPESSURA DE 20 CM - LANÇAMENTO, ADENSAMENTO E ACABAMENTO. AF_09/2017","M3","ATRIBUÍDO SÃO PAULO",413.75,"COMPOSICAO",88309,"PEDREIRO COM ENCARGOS COMPLEMENTARES","H","COLETADO",0.41099999999999998,18.18,7.47,"","","","","","","","","","",null,"CAIXA REFERENCIAL"]
["FUNDACOES E ESTRUTURAS","FUES","FORMAS/CIMBRAMENTOS/ESCORAMENTOS",41,"","",91002,"FORMAS MANUSEÁVEIS PARA PAREDES DE CONCRETO MOLDADAS IN LOCO, DE EDIFICAÇÕES DE MULTIPLOS PAVIMENTOS, EM PANOS DE FACHADA SEM VÃOS. AF_06/2015","M2","ATRIBUÍDO SÃO PAULO",13.14,"","","","","","","","",6.68,50.765696800000001,6.46,49.234303199999999,"0,00","0,0000000","0,00","0,0000000","0,00","0,0000000",0,"CAIXA REFERENCIAL"]
["FUNDACOES E ESTRUTURAS","FUES","FORMAS/CIMBRAMENTOS/ESCORAMENTOS",41,"","",91008,"FORMAS MANUSEÁVEIS PARA PAREDES DE CONCRETO MOLDADAS IN LOCO, DE EDIFICAÇÕES DE PAVIMENTO ÚNICO, EM PANOS DE FACHADA COM VARANDA. AF_06/2015","M2","ATRIBUÍDO SÃO PAULO",12.06,"COMPOSICAO",88262,"CARPINTEIRO DE FORMAS COM ENCARGOS COMPLEMENTARES","H","COLETADO",0.29570000000000002,18.05,5.33,"","","","","","","","","","",null,"CAIXA REFERENCIAL"]
["FUNDACOES E ESTRUTURAS","FUES","FORMAS/CIMBRAMENTOS/ESCORAMENTOS",41,"","",92265,"FABRICAÇÃO DE FÔRMA PARA VIGAS, EM CHAPA DE MADEIRA COMPENSADA RESINADA, E = 17 MM. AF_09/2020","M2","COEFICIENTE DE REPRESENTATIVIDADE",95.89,"INSUMO",4517,"SARRAFO DE MADEIRA NAO APARELHADA *2,5 X 7,5* CM (1 X 3 \") PINUS, MISTA OU EQUIVALENTE DA REGIAO","M","COEFICIENTE DE REPRESENTATIVIDADE",6.952,3,20.85,"","","","","","","","","","",null,"CAIXA REFERENCIAL"]
["FUNDACOES E ESTRUTURAS","FUES","FORMAS/CIMBRAMENTOS/ESCORAMENTOS",41,"","",92268,"FABRICAÇÃO DE FÔRMA PARA LAJES, EM CHAPA DE MADEIRA COMPENSADA PLASTIFICADA, E = 18 MM. AF_09/2020","M2","COEFICIENTE DE REPRESENTATIVIDADE",57.46,"COMPOSICAO",91692,"SERRA CIRCULAR DE BANCADA COM MOTOR ELÉTRICO POTÊNCIA DE 5HP, COM COIFA PARA DISCO 10\" - CHP DIURNO. AF_08/2015","CHP","COEFICIENTE DE REPRESENTATIVIDADE",5.0000000000000001E-3,26.18,0.13,"","","","","","","","","","",null,"CAIXA REFERENCIAL"]
["FUNDACOES E ESTRUTURAS","FUES","FORMAS/CIMBRAMENTOS/ESCORAMENTOS",41,"","",92413,"MONTAGEM E DESMONTAGEM DE FÔRMA DE PILARES RETANGULARES E ESTRUTURAS SIMILARES, PÉ-DIREITO SIMPLES, EM MADEIRA SERRADA, 4 UTILIZAÇÕES. AF_09/2020","M2","COEFICIENTE DE REPRESENTATIVIDADE",68.72,"COMPOSICAO",92269,"FABRICAÇÃO DE FÔRMA PARA PILARES E ESTRUTURAS SIMILARES, EM MADEIRA SERRADA, E=25 MM. AF_09/2020","M2","COEFICIENTE DE REPRESENTATIVIDADE",0.27500000000000002,92.68,25.48,"","","","","","","","","","",null,"CAIXA REFERENCIAL"]
["FUNDACOES E ESTRUTURAS","FUES","FORMAS/CIMBRAMENTOS/ESCORAMENTOS",41,"","",92419,"MONTAGEM E DESMONTAGEM DE FÔRMA DE PILARES RETANGULARES E ESTRUTURAS SIMILARES, PÉ-DIREITO SIMPLES, EM CHAPA DE MADEIRA COMPENSADA RESINADA, 4 UTILIZAÇÕES. AF_09/2020","M2","COEFICIENTE DE REPRESENTATIVIDADE",56.67,"INSUMO",40287,"LOCACAO DE BARRA DE ANCORAGEM DE 0,80 A 1,20 M DE EXTENSAO, COM ROSCA DE 5/8\", INCLUINDO PORCA E FLANGE","MES","COEFICIENTE DE REPRESENTATIVIDADE",0.78500000000000003,0.98,0.76,"","","","","","","","","","",null,"CAIXA REFERENCIAL"]
["FUNDACOES E ESTRUTURAS","FUES","FORMAS/CIMBRAMENTOS/ESCORAMENTOS",41,"","",92429,"MONTAGEM E DESMONTAGEM DE FÔRMA DE PILARES RETANGULARES E ESTRUTURAS SIMILARES, PÉ-DIREITO DUPLO, EM CHAPA DE MADEIRA COMPENSADA RESINADA, 8 UTILIZAÇÕES. AF_09/2020","M2","COEFICIENTE DE REPRESENTATIVIDADE",47.2,"INSUMO",2692,"DESMOLDANTE PROTETOR PARA FORMAS DE MADEIRA, DE BASE OLEOSA EMULSIONADA EM AGUA","L","COEFICIENTE DE REPRESENTATIVIDADE",0.01,5.61,0.05,"","","","","","","","","","",null,"CAIXA REFERENCIAL"]
["FUNDACOES E ESTRUTURAS","FUES","FORMAS/CIMBRAMENTOS/ESCORAMENTOS",41,"","",92437,"MONTAGEM E DESMONTAGEM DE FÔRMA DE PILARES RETANGULARES E ESTRUTURAS SIMILARES, PÉ-DIREITO DUPLO, EM CHAPA DE MADEIRA COMPENSADA PLASTIFICADA, 12 UTILIZAÇÕES. AF_09/2020","M2","COEFICIENTE DE REPRESENTATIVIDADE",39.5,"COMPOSICAO",88239,"AJUDANTE DE CARPINTEIRO COM ENCARGOS COMPLEMENTARES","H","COEFICIENTE DE REPRESENTATIVIDADE",0.193,15.14,2.92,"","","","","","","","","","",null,"CAIXA REFERENCIAL"]
["FUNDACOES E ESTRUTURAS","FUES","FORMAS/CIMBRAMENTOS/ESCORAMENTOS",41,"","",92446,"MONTAGEM E DESMONTAGEM DE FÔRMA DE VIGA, ESCORAMENTO COM PONTALETE DE MADEIRA, PÉ-DIREITO SIMPLES, EM MADEIRA SERRADA, 1 UTILIZAÇÃO. AF_09/2020","M2","COEFICIENTE DE REPRESENTATIVIDADE",161.75,"COMPOSICAO",92273,"FABRICAÇÃO DE ESCORAS DO TIPO PONTALETE, EM MADEIRA, PARA PÉ-DIREITO SIMPLES. AF_09/2020","M","COEFICIENTE DE REPRESENTATIVIDADE",1.68,13.95,23.43,"","","","","","","","","","",null,"CAIXA REFERENCIAL"]
["FUNDACOES E ESTRUTURAS","FUES","FORMAS/CIMBRAMENTOS/ESCORAMENTOS",41,"","",92453,"MONTAGEM E DESMONTAGEM DE FÔRMA DE VIGA, ESCORAMENTO COM GARFO DE MADEIRA, PÉ-DIREITO DUPLO, EM CHAPA DE MADEIRA RESINADA, 4 UTILIZAÇÕES. AF_09/2020","M2","COEFICIENTE DE REPRESENTATIVIDADE",183.39,"INSUMO",6193,"TABUA DE MADEIRA NAO APARELHADA *2,5 X 20* CM, CEDRINHO OU EQUIVALENTE DA REGIAO","M","COEFICIENTE DE REPRESENTATIVIDADE",0.48499999999999999,6.25,3.03,"","","","","","","","","","",null,"CAIXA REFERENCIAL"]
["FUNDACOES E ESTRUTURAS","FUES","FORMAS/CIMBRAMENTOS/ESCORAMENTOS",41,"","",92457,"MONTAGEM E DESMONTAGEM DE FÔRMA DE VIGA, ESCORAMENTO COM GARFO DE MADEIRA, PÉ-DIREITO DUPLO, EM CHAPA DE MADEIRA RESINADA, 6 UTILIZAÇÕES. AF_09/2020","M2","COEFICIENTE DE REPRESENTATIVIDADE",158.63999999999999,"COMPOSICAO",92265,"FABRICAÇÃO DE FÔRMA PARA VIGAS, EM CHAPA DE MADEIRA COMPENSADA RESINADA, E = 17 MM. AF_09/2020","M2","COEFICIENTE DE REPRESENTATIVIDADE",0.29699999999999999,95.89,28.47,"","","","","","","","","","",null,"CAIXA REFERENCIAL"]
["FUNDACOES E ESTRUTURAS","FUES","FORMAS/CIMBRAMENTOS/ESCORAMENTOS",41,"","",92460,"MONTAGEM E DESMONTAGEM DE FÔRMA DE VIGA, ESCORAMENTO METÁLICO, PÉ-DIREITO SIMPLES, EM CHAPA DE MADEIRA RESINADA, 6 UTILIZAÇÕES. AF_09/2020","M2","COEFICIENTE DE REPRESENTATIVIDADE",67.72,"INSUMO",40304,"PREGO DE ACO POLIDO COM CABECA DUPLA 17 X 27 (2 1/2 X 11)","KG","COEFICIENTE DE REPRESENTATIVIDADE",3.3000000000000002E-2,16.190000000000001,0.53,"","","","","","","","","","",null,"CAIXA REFERENCIAL"]
["FUNDACOES E ESTRUTURAS","FUES","FORMAS/CIMBRAMENTOS/ESCORAMENTOS",41,"","",92466,"MONTAGEM E DESMONTAGEM DE FÔRMA DE VIGA, ESCORAMENTO METÁLICO, PÉ-DIREITO DUPLO, EM CHAPA DE MADEIRA PLASTIFICADA, 10 UTILIZAÇÕES. AF_09/2020","M2","COEFICIENTE DE REPRESENTATIVIDADE",89.53,"COMPOSICAO",88239,"AJUDANTE DE CARPINTEIRO COM ENCARGOS COMPLEMENTARES","H","COEFICIENTE DE REPRESENTATIVIDADE",0.316,15.14,4.78,"","","","","","","","","","",null,"CAIXA REFERENCIAL"]
["FUNDACOES E ESTRUTURAS","FUES","FORMAS/CIMBRAMENTOS/ESCORAMENTOS",41,"","",92469,"MONTAGEM E DESMONTAGEM DE FÔRMA DE VIGA, ESCORAMENTO COM GARFO DE MADEIRA, PÉ-DIREITO DUPLO, EM CHAPA DE MADEIRA PLASTIFICADA, 12 UTILIZAÇÕES. AF_09/2020","M2","COEFICIENTE DE REPRESENTATIVIDADE",101.85,"INSUMO",2692,"DESMOLDANTE PROTETOR PARA FORMAS DE MADEIRA, DE BASE OLEOSA EMULSIONADA EM AGUA","L","COEFICIENTE DE REPRESENTATIVIDADE",4.0000000000000001E-3,5.61,0.02,"","","","","","","","","","",null,"CAIXA REFERENCIAL"]
["FUNDACOES E ESTRUTURAS","FUES","FORMAS/CIMBRAMENTOS/ESCORAMENTOS",41,"","",92473,"MONTAGEM E DESMONTAGEM DE FÔRMA DE VIGA, ESCORAMENTO COM GARFO DE MADEIRA, PÉ-DIREITO DUPLO, EM CHAPA DE MADEIRA PLASTIFICADA, 14 UTILIZAÇÕES. AF_09/2020","M2","COEFICIENTE DE REPRESENTATIVIDADE",93.39,"COMPOSICAO",92272,"FABRICAÇÃO DE ESCORAS DE VIGA DO TIPO GARFO, EM MADEIRA. AF_09/2020","M","COEFICIENTE DE REPRESENTATIVIDADE",1.694,31.22,52.88,"","","","","","","","","","",null,"CAIXA REFERENCIAL"]
["FUNDACOES E ESTRUTURAS","FUES","FORMAS/CIMBRAMENTOS/ESCORAMENTOS",41,"","",92475,"MONTAGEM E DESMONTAGEM DE FÔRMA DE VIGA, ESCORAMENTO COM GARFO DE MADEIRA, PÉ-DIREITO SIMPLES, EM CHAPA DE MADEIRA PLASTIFICADA, 14 UTILIZAÇÕES. AF_09/2020","M2","COEFICIENTE DE REPRESENTATIVIDADE",59.01,"COMPOSICAO",92266,"FABRICAÇÃO DE FÔRMA PARA VIGAS, EM CHAPA DE MADEIRA COMPENSADA PLASTIFICADA, E = 18 MM. AF_09/2020","M2","COEFICIENTE DE REPRESENTATIVIDADE",0.13500000000000001,112.52,15.19,"","","","","","","","","","",null,"CAIXA REFERENCIAL"]
["FUNDACOES E ESTRUTURAS","FUES","FORMAS/CIMBRAMENTOS/ESCORAMENTOS",41,"","",92480,"MONTAGEM E DESMONTAGEM DE FÔRMA DE VIGA, ESCORAMENTO METÁLICO, PÉ-DIREITO SIMPLES, EM CHAPA DE MADEIRA PLASTIFICADA, 18 UTILIZAÇÕES. AF_09/2020","M2","COEFICIENTE DE REPRESENTATIVIDADE",38.229999999999997,"INSUMO",40339,"LOCACAO DE CRUZETA PARA ESCORA METALICA","MES","COEFICIENTE DE REPRESENTATIVIDADE",1.1859999999999999,0.98,1.1599999999999999,"","","","","","","","","","",null,"CAIXA REFERENCIAL"]
["FUNDACOES E ESTRUTURAS","FUES","FORMAS/CIMBRAMENTOS/ESCORAMENTOS",41,"","",92490,"MONTAGEM E DESMONTAGEM DE FÔRMA DE LAJE NERVURADA COM CUBETA E ASSOALHO, PÉ-DIREITO SIMPLES, EM CHAPA DE MADEIRA COMPENSADA RESINADA, 8 UTILIZAÇÕES. AF_09/2020","M2","ATRIBUÍDO SÃO PAULO",31.02,"COMPOSICAO",88262,"CARPINTEIRO DE FORMAS COM ENCARGOS COMPLEMENTARES","H","COLETADO",0.86099999999999999,18.05,15.54,"","","","","","","","","","",null,"CAIXA REFERENCIAL"]
["FUNDACOES E ESTRUTURAS","FUES","FORMAS/CIMBRAMENTOS/ESCORAMENTOS",41,"","",92498,"MONTAGEM E DESMONTAGEM DE FÔRMA DE LAJE NERVURADA COM CUBETA E ASSOALHO, PÉ-DIREITO SIMPLES, EM CHAPA DE MADEIRA COMPENSADA RESINADA, 12 UTILIZAÇÕES. AF_09/2020","M2","ATRIBUÍDO SÃO PAULO",26.96,"COMPOSICAO",92267,"FABRICAÇÃO DE FÔRMA PARA LAJES, EM CHAPA DE MADEIRA COMPENSADA RESINADA, E = 17 MM. AF_09/2020","M2","COEFICIENTE DE REPRESENTATIVIDADE",0.122,42.22,5.15,"","","","","","","","","","",null,"CAIXA REFERENCIAL"]
["FUNDACOES E ESTRUTURAS","FUES","FORMAS/CIMBRAMENTOS/ESCORAMENTOS",41,"","",92515,"MONTAGEM E DESMONTAGEM DE FÔRMA DE LAJE MACIÇA, PÉ-DIREITO DUPLO, EM CHAPA DE MADEIRA COMPENSADA RESINADA, 6 UTILIZAÇÕES. AF_09/2020","M2","ATRIBUÍDO SÃO PAULO",35.76,"COMPOSICAO",88262,"CARPINTEIRO DE FORMAS COM ENCARGOS COMPLEMENTARES","H","COLETADO",0.79400000000000004,18.05,14.33,"","","","","","","","","","",null,"CAIXA REFERENCIAL"]
["FUNDACOES E ESTRUTURAS","FUES","FORMAS/CIMBRAMENTOS/ESCORAMENTOS",41,"","",92522,"MONTAGEM E DESMONTAGEM DE FÔRMA DE LAJE MACIÇA, PÉ-DIREITO SIMPLES, EM CHAPA DE MADEIRA COMPENSADA RESINADA, 8 UTILIZAÇÕES. AF_09/2020","M2","ATRIBUÍDO SÃO PAULO",19.77,"COMPOSICAO",88262,"CARPINTEIRO DE FORMAS COM ENCARGOS COMPLEMENTARES","H","COLETADO",0.42399999999999999,18.05,7.65,"","","","","","","","","","",null,"CAIXA REFERENCIAL"]
["FUNDACOES E ESTRUTURAS","FUES","FORMAS/CIMBRAMENTOS/ESCORAMENTOS",41,"","",92532,"MONTAGEM E DESMONTAGEM DE FÔRMA DE LAJE MACIÇA, PÉ-DIREITO DUPLO, EM CHAPA DE MADEIRA COMPENSADA PLASTIFICADA, 14 UTILIZAÇÕES. AF_09/2020","M2","ATRIBUÍDO SÃO PAULO",28.88,"INSUMO",40291,"LOCACAO DE TORRE METALICA COMPLETA PARA UMA CARGA DE 8 TF (80 KN)  E PE DIREITO DE 6 M, INCLUINDO MODULOS , DIAGONAIS, SAPATAS E FORCADOS","MES","COEFICIENTE DE REPRESENTATIVIDADE",0.05,137.79,6.88,"","","","","","","","","","",null,"CAIXA REFERENCIAL"]
["FUNDACOES E ESTRUTURAS","FUES","FORMAS/CIMBRAMENTOS/ESCORAMENTOS",41,"","",95936,"FABRICAÇÃO DE FÔRMA PARA ESCADAS, COM 2 LANCES, EM MADEIRA SERRADA, E=25 MM. AF_01/2017","M2","COEFICIENTE DE REPRESENTATIVIDADE",98.04,"COMPOSICAO",88239,"AJUDANTE DE CARPINTEIRO COM ENCARGOS COMPLEMENTARES","H","COEFICIENTE DE REPRESENTATIVIDADE",0.183,15.14,2.77,"","","","","","","","","","",null,"CAIXA REFERENCIAL"]
["FUNDACOES E ESTRUTURAS","FUES","FORMAS/CIMBRAMENTOS/ESCORAMENTOS",41,"","",95941,"MONTAGEM E DESMONTAGEM DE FÔRMA PARA ESCADAS, COM 2 LANCES, EM CHAPA DE MADEIRA COMPENSADA PLASTIFICADA, 8 UTILIZAÇÕES. AF_01/2017","M2","COEFICIENTE DE REPRESENTATIVIDADE",116.57,"INSUMO",5073,"PREGO DE ACO POLIDO COM CABECA 17 X 24 (2 1/4 X 11)","KG","COEFICIENTE DE REPRESENTATIVIDADE",3.5000000000000003E-2,13.37,0.46,"","","","","","","","","","",null,"CAIXA REFERENCIAL"]
["FUNDACOES E ESTRUTURAS","FUES","FORMAS/CIMBRAMENTOS/ESCORAMENTOS",41,"","",96258,"MONTAGEM E DESMONTAGEM DE FÔRMA DE PILARES CIRCULARES, COM ÁREA MÉDIA DAS SEÇÕES MAIOR QUE 0,28 M², PÉ-DIREITO SIMPLES, EM MADEIRA, 2 UTILIZAÇÕES. AF_06/2017","M2","COEFICIENTE DE REPRESENTATIVIDADE",140.22999999999999,"","","","","","","","",48.06,34.274279900000003,91.58,65.304080799999994,"0,52","0,3716143","0,00","0,0000000","0,07","0,0500250",0,"CAIXA REFERENCIAL"]
["FUNDACOES E ESTRUTURAS","FUES","FORMAS/CIMBRAMENTOS/ESCORAMENTOS",41,"","",96531,"FABRICAÇÃO, MONTAGEM E DESMONTAGEM DE FÔRMA PARA BLOCO DE COROAMENTO, EM MADEIRA SERRADA, E=25 MM, 2 UTILIZAÇÕES. AF_06/2017","M2","COEFICIENTE DE REPRESENTATIVIDADE",74.31,"","","","","","","","",29.43,39.608900800000001,44.81,60.296695999999997,"0,00","0,0000000","0,00","0,0000000","0,07","0,0944032",0,"CAIXA REFERENCIAL"]
["FUNDACOES E ESTRUTURAS","FUES","FORMAS/CIMBRAMENTOS/ESCORAMENTOS",41,"","",96535,"FABRICAÇÃO, MONTAGEM E DESMONTAGEM DE FÔRMA PARA SAPATA, EM MADEIRA SERRADA, E=25 MM, 4 UTILIZAÇÕES. AF_06/2017","M2","COEFICIENTE DE REPRESENTATIVIDADE",96.02,"INSUMO",6189,"TABUA DE MADEIRA NAO APARELHADA *2,5 X 30* CM, CEDRINHO OU EQUIVALENTE DA REGIAO","M","COEFICIENTE DE REPRESENTATIVIDADE",1.278,9.14,11.68,"","","","","","","","","","",null,"CAIXA REFERENCIAL"]
["FUNDACOES E ESTRUTURAS","FUES","FORMAS/CIMBRAMENTOS/ESCORAMENTOS",41,"","",96538,"FABRICAÇÃO, MONTAGEM E DESMONTAGEM DE FÔRMA PARA SAPATA, EM CHAPA DE MADEIRA COMPENSADA RESINADA, E=17 MM, 2 UTILIZAÇÕES. AF_06/2017","M2","COEFICIENTE DE REPRESENTATIVIDADE",211.37,"INSUMO",4491,"PONTALETE DE MADEIRA NAO APARELHADA *7,5 X 7,5* CM (3 X 3 \") PINUS, MISTA OU EQUIVALENTE DA REGIAO","M","COEFICIENTE DE REPRESENTATIVIDADE",1.726,8.34,14.39,"","","","","","","","","","",null,"CAIXA REFERENCIAL"]
["FUNDACOES E ESTRUTURAS","FUES","FORMAS/CIMBRAMENTOS/ESCORAMENTOS",41,"","",96539,"FABRICAÇÃO, MONTAGEM E DESMONTAGEM DE FÔRMA PARA VIGA BALDRAME, EM CHAPA DE MADEIRA COMPENSADA RESINADA, E=17 MM, 2 UTILIZAÇÕES. AF_06/2017","M2","COEFICIENTE DE REPRESENTATIVIDADE",95.95,"COMPOSICAO",91693,"SERRA CIRCULAR DE BANCADA COM MOTOR ELÉTRICO POTÊNCIA DE 5HP, COM COIFA PARA DISCO 10\" - CHI DIURNO. AF_08/2015","CHI","COEFICIENTE DE REPRESENTATIVIDADE",5.5E-2,24.04,1.32,"","","","","","","","","","",null,"CAIXA REFERENCIAL"]
["FUNDACOES E ESTRUTURAS","FUES","FORMAS/CIMBRAMENTOS/ESCORAMENTOS",41,"","",101792,"ESCORAMENTO DE FÔRMAS DE LAJE EM MADEIRA NÃO APARELHADA, PÉ-DIREITO SIMPLES, INCLUSO TRAVAMENTO, 4 UTILIZAÇÕES. AF_09/2020","M3","COEFICIENTE DE REPRESENTATIVIDADE",12.31,"COMPOSICAO",92273,"FABRICAÇÃO DE ESCORAS DO TIPO PONTALETE, EM MADEIRA, PARA PÉ-DIREITO SIMPLES. AF_09/2020","M","COEFICIENTE DE REPRESENTATIVIDADE",0.54500000000000004,13.95,7.6,"","","","","","","","","","",null,"CAIXA REFERENCIAL"]
["FUNDACOES E ESTRUTURAS","FUES","ARMADURAS",42,"","",89998,"ARMAÇÃO DE CINTA DE ALVENARIA ESTRUTURAL; DIÂMETRO DE 10,0 MM. AF_01/2015","KG","COEFICIENTE DE REPRESENTATIVIDADE",7.03,"INSUMO",34,"ACO CA-50, 10,0 MM, VERGALHAO","KG","COEFICIENTE DE REPRESENTATIVIDADE",1,5.63,5.63,"","","","","","","","","","",null,"CAIXA REFERENCIAL"]
["FUNDACOES E ESTRUTURAS","FUES","ARMADURAS",42,"","",91601,"ARMAÇÃO DO SISTEMA DE PAREDES DE CONCRETO, EXECUTADA COMO REFORÇO, VERGALHÃO DE 6,3 MM DE DIÂMETRO. AF_06/2019","KG","COEFICIENTE DE REPRESENTATIVIDADE",8.5399999999999991,"","","","","","","","",1.33,15.6654888,7.21,84.334511199999994,"0,00","0,0000000","0,00","0,0000000","0,00","0,0000000",0,"CAIXA REFERENCIAL"]
["FUNDACOES E ESTRUTURAS","FUES","ARMADURAS",42,"","",92764,"ARMAÇÃO DE PILAR OU VIGA DE UMA ESTRUTURA CONVENCIONAL DE CONCRETO ARMADO EM UM EDIFÍCIO DE MÚLTIPLOS PAVIMENTOS UTILIZANDO AÇO CA-50 DE 16,0 MM - MONTAGEM. AF_12/2015","KG","COEFICIENTE DE REPRESENTATIVIDADE",6.41,"","","","","","","","",0.45,7.0866141000000002,5.96,92.913385899999994,"0,00","0,0000000","0,00","0,0000000","0,00","0,0000000",0,"CAIXA REFERENCIAL"]
["FUNDACOES E ESTRUTURAS","FUES","ARMADURAS",42,"","",92766,"ARMAÇÃO DE PILAR OU VIGA DE UMA ESTRUTURA CONVENCIONAL DE CONCRETO ARMADO EM UM EDIFÍCIO DE MÚLTIPLOS PAVIMENTOS UTILIZANDO AÇO CA-50 DE 25,0 MM - MONTAGEM. AF_12/2015","KG","COEFICIENTE DE REPRESENTATIVIDADE",7,"COMPOSICAO",92798,"CORTE E DOBRA DE AÇO CA-50, DIÂMETRO DE 25,0 MM, UTILIZADO EM ESTRUTURAS DIVERSAS, EXCETO LAJES. AF_12/2015","KG","COEFICIENTE DE REPRESENTATIVIDADE",1,6.42,6.42,"","","","","","","","","","",null,"CAIXA REFERENCIAL"]
["FUNDACOES E ESTRUTURAS","FUES","ARMADURAS",42,"","",92774,"ARMAÇÃO DE LAJE DE UMA ESTRUTURA CONVENCIONAL DE CONCRETO ARMADO EM UM EDIFÍCIO DE MÚLTIPLOS PAVIMENTOS UTILIZANDO AÇO CA-50 DE 20,0 MM - MONTAGEM. AF_12/2015","KG","COEFICIENTE DE REPRESENTATIVIDADE",6.99,"","","","","","","","",0.15,2.1613831999999999,6.84,97.838616799999997,"0,00","0,0000000","0,00","0,0000000","0,00","0,0000000",0,"CAIXA REFERENCIAL"]
["FUNDACOES E ESTRUTURAS","FUES","ARMADURAS",42,"","",92784,"ARMAÇÃO DE LAJE DE UMA ESTRUTURA CONVENCIONAL DE CONCRETO ARMADO EM UMA EDIFICAÇÃO TÉRREA OU SOBRADO UTILIZANDO AÇO CA-60 DE 5,0 MM - MONTAGEM. AF_12/2015","KG","COEFICIENTE DE REPRESENTATIVIDADE",10.83,"COMPOSICAO",88245,"ARMADOR COM ENCARGOS COMPLEMENTARES","H","COEFICIENTE DE REPRESENTATIVIDADE",0.1547,18.5,2.86,"","","","","","","","","","",null,"CAIXA REFERENCIAL"]
["FUNDACOES E ESTRUTURAS","FUES","ARMADURAS",42,"","",92788,"ARMAÇÃO DE LAJE DE UMA ESTRUTURA CONVENCIONAL DE CONCRETO ARMADO EM UMA EDIFICAÇÃO TÉRREA OU SOBRADO UTILIZANDO AÇO CA-50 DE 12,5 MM - MONTAGEM. AF_12/2015","KG","COEFICIENTE DE REPRESENTATIVIDADE",6.81,"INSUMO",39017,"ESPACADOR / DISTANCIADOR CIRCULAR COM ENTRADA LATERAL, EM PLASTICO, PARA VERGALHAO *4,2 A 12,5* MM, COBRIMENTO 20 MM","UN","COEFICIENTE DE REPRESENTATIVIDADE",0.14699999999999999,0.17,0.02,"","","","","","","","","","",null,"CAIXA REFERENCIAL"]
["FUNDACOES E ESTRUTURAS","FUES","ARMADURAS",42,"","",92794,"CORTE E DOBRA DE AÇO CA-50, DIÂMETRO DE 10,0 MM, UTILIZADO EM ESTRUTURAS DIVERSAS, EXCETO LAJES. AF_12/2015","KG","COEFICIENTE DE REPRESENTATIVIDADE",6.49,"","","","","","","","",0.18,2.7906976000000001,6.31,97.209302399999999,"0,00","0,0000000","0,00","0,0000000","0,00","0,0000000",0,"CAIXA REFERENCIAL"]
["FUNDACOES E ESTRUTURAS","FUES","ARMADURAS",42,"","",92877,"CORTE E DOBRA DE AÇO CA-25, DIÂMETRO DE 10,0 MM. AF_12/2015","KG","COEFICIENTE DE REPRESENTATIVIDADE",6.96,"","","","","","","","",0.18,2.601156,6.78,97.398843999999997,"0,00","0,0000000","0,00","0,0000000","0,00","0,0000000",0,"CAIXA REFERENCIAL"]
["FUNDACOES E ESTRUTURAS","FUES","ARMADURAS",42,"","",92882,"ARMAÇÃO UTILIZANDO AÇO CA-25 DE 6,3 MM - MONTAGEM. AF_12/2015","KG","COEFICIENTE DE REPRESENTATIVIDADE",9.1199999999999992,"COMPOSICAO",88245,"ARMADOR COM ENCARGOS COMPLEMENTARES","H","COEFICIENTE DE REPRESENTATIVIDADE",9.4700000000000006E-2,18.5,1.75,"","","","","","","","","","",null,"CAIXA REFERENCIAL"]
["FUNDACOES E ESTRUTURAS","FUES","ARMADURAS",42,"","",92916,"ARMAÇÃO DE ESTRUTURAS DE CONCRETO ARMADO, EXCETO VIGAS, PILARES, LAJES E FUNDAÇÕES, UTILIZANDO AÇO CA-50 DE 6,3 MM - MONTAGEM. AF_12/2015","KG","COEFICIENTE DE REPRESENTATIVIDADE",10.5,"INSUMO",39017,"ESPACADOR / DISTANCIADOR CIRCULAR COM ENTRADA LATERAL, EM PLASTICO, PARA VERGALHAO *4,2 A 12,5* MM, COBRIMENTO 20 MM","UN","COEFICIENTE DE REPRESENTATIVIDADE",0.97,0.17,0.16,"","","","","","","","","","",null,"CAIXA REFERENCIAL"]
["FUNDACOES E ESTRUTURAS","FUES","ARMADURAS",42,"","",95576,"MONTAGEM DE ARMADURA LONGITUDINAL/TRANSVERSAL DE ESTACAS DE SEÇÃO CIRCULAR, DIÂMETRO = 8,0 MM. AF_11/2016","KG","COEFICIENTE DE REPRESENTATIVIDADE",9.1,"COMPOSICAO",88245,"ARMADOR COM ENCARGOS COMPLEMENTARES","H","COEFICIENTE DE REPRESENTATIVIDADE",8.6999999999999994E-2,18.5,1.6,"","","","","","","","","","",null,"CAIXA REFERENCIAL"]
["FUNDACOES E ESTRUTURAS","FUES","ARMADURAS",42,"","",95585,"MONTAGEM DE ARMADURA LONGITUDINAL/TRANSVERSAL DE ESTACAS DE SEÇÃO RETANGULAR (BARRETE), DIÂMETRO = 8,0 MM. AF_11/2016","KG","COEFICIENTE DE REPRESENTATIVIDADE",9.4700000000000006,"","","","","","","","",1.94,20.5756929,7.53,79.424307099999993,"0,00","0,0000000","0,00","0,0000000","0,00","0,0000000",0,"CAIXA REFERENCIAL"]
["FUNDACOES E ESTRUTURAS","FUES","ARMADURAS",42,"","",95589,"MONTAGEM DE ARMADURA LONGITUDINAL DE ESTACAS DE SEÇÃO RETANGULAR (BARRETE), DIÂMETRO = 20,0 MM. AF_11/2016","KG","COEFICIENTE DE REPRESENTATIVIDADE",7.58,"COMPOSICAO",88245,"ARMADOR COM ENCARGOS COMPLEMENTARES","H","COEFICIENTE DE REPRESENTATIVIDADE",4.2999999999999997E-2,18.5,0.79,"","","","","","","","","","",null,"CAIXA REFERENCIAL"]
["FUNDACOES E ESTRUTURAS","FUES","ARMADURAS",42,"","",95948,"ARMAÇÃO DE ESCADA, COM 2 LANCES, DE UMA ESTRUTURA CONVENCIONAL DE CONCRETO ARMADO UTILIZANDO AÇO CA-50 DE 16,0 MM - MONTAGEM. AF_01/2017","KG","COEFICIENTE DE REPRESENTATIVIDADE",5.98,"COMPOSICAO",88238,"AJUDANTE DE ARMADOR COM ENCARGOS COMPLEMENTARES","H","COEFICIENTE DE REPRESENTATIVIDADE",1E-3,13.92,0.01,"","","","","","","","","","",null,"CAIXA REFERENCIAL"]
["FUNDACOES E ESTRUTURAS","FUES","ARMADURAS",42,"","",96547,"ARMAÇÃO DE BLOCO, VIGA BALDRAME OU SAPATA UTILIZANDO AÇO CA-50 DE 12,5 MM - MONTAGEM. AF_06/2017","KG","COEFICIENTE DE REPRESENTATIVIDADE",7.52,"COMPOSICAO",88245,"ARMADOR COM ENCARGOS COMPLEMENTARES","H","COEFICIENTE DE REPRESENTATIVIDADE",6.8000000000000005E-2,18.5,1.25,"","","","","","","","","","",null,"CAIXA REFERENCIAL"]
["FUNDACOES E ESTRUTURAS","FUES","ARMADURAS",42,"","",100066,"ARMAÇÃO DO SISTEMA DE PAREDES DE CONCRETO, EXECUTADA COMO ARMADURA POSITIVA DE LAJES, TELA Q-196. AF_06/2019","KG","ATRIBUÍDO SÃO PAULO",8.17,"INSUMO",43132,"ARAME RECOZIDO 16 BWG, D = 1,65 MM (0,016 KG/M) OU 18 BWG, D = 1,25 MM (0,01 KG/M)","KG","COEFICIENTE DE REPRESENTATIVIDADE",1.0999999999999999E-2,15.45,0.16,"","","","","","","","","","",null,"CAIXA REFERENCIAL"]
["FUNDACOES E ESTRUTURAS","FUES","CONCRETOS",43,"","",90283,"GRAUTE FGK=20 MPA; TRAÇO 1:1,6:1,9 (CIMENTO/ AREIA GROSSA/ BRITA 0/ ADITIVO) - PREPARO MECÂNICO COM BETONEIRA 400 L. AF_02/2015","M3","ATRIBUÍDO SÃO PAULO",369.02,"COMPOSICAO",88831,"BETONEIRA CAPACIDADE NOMINAL DE 400 L, CAPACIDADE DE MISTURA 280 L, MOTOR ELÉTRICO TRIFÁSICO POTÊNCIA DE 2 CV, SEM CARREGADOR - CHI DIURNO. AF_10/2014","CHI","ATRIBUÍDO SÃO PAULO",2.0499999999999998,0.23,0.47,"","","","","","","","","","",null,"CAIXA REFERENCIAL"]
["FUNDACOES E ESTRUTURAS","FUES","CONCRETOS",43,"","",90284,"GRAUTE FGK=25 MPA; TRAÇO 1:1,2:1,5 (CIMENTO/ AREIA GROSSA/ BRITA 0/ ADITIVO) - PREPARO MECÂNICO COM BETONEIRA 400 L. AF_02/2015","M3","ATRIBUÍDO SÃO PAULO",406.76,"COMPOSICAO",88831,"BETONEIRA CAPACIDADE NOMINAL DE 400 L, CAPACIDADE DE MISTURA 280 L, MOTOR ELÉTRICO TRIFÁSICO POTÊNCIA DE 2 CV, SEM CARREGADOR - CHI DIURNO. AF_10/2014","CHI","ATRIBUÍDO SÃO PAULO",1.61,0.23,0.37,"","","","","","","","","","",null,"CAIXA REFERENCIAL"]
["FUNDACOES E ESTRUTURAS","FUES","CONCRETOS",43,"","",90857,"CONCRETAGEM DE PAREDES EM EDIFICAÇÕES MULTIFAMILIARES FEITAS COM SISTEMA DE FÔRMAS MANUSEÁVEIS, COM CONCRETO USINADO BOMBEÁVEL FCK 20 MPA - LANÇAMENTO, ADENSAMENTO E ACABAMENTO. AF_06/2015","M3","ATRIBUÍDO SÃO PAULO",446.88,"COMPOSICAO",88309,"PEDREIRO COM ENCARGOS COMPLEMENTARES","H","COLETADO",0.64400000000000002,18.18,11.7,"","","","","","","","","","",null,"CAIXA REFERENCIAL"]
["FUNDACOES E ESTRUTURAS","FUES","CONCRETOS",43,"","",92718,"CONCRETAGEM DE PILARES, FCK = 25 MPA,  COM USO DE BALDES EM EDIFICAÇÃO COM SEÇÃO MÉDIA DE PILARES MENOR OU IGUAL A 0,25 M² - LANÇAMENTO, ADENSAMENTO E ACABAMENTO. AF_12/2015","M3","ATRIBUÍDO SÃO PAULO",522.36,"","","","","","","","",108.2,20.713889000000002,412.84,79.0333392,"0,77","0,1474502","0,00","0,0000000","0,55","0,1053216",0,"CAIXA REFERENCIAL"]
["FUNDACOES E ESTRUTURAS","FUES","CONCRETOS",43,"","",92728,"CONCRETAGEM DE VIGAS E LAJES, FCK=20 MPA, PARA LAJES PREMOLDADAS COM JERICAS EM ELEVADOR DE CABO EM EDIFICAÇÃO DE MULTIPAVIMENTOS ATÉ 16 ANDARES, COM ÁREA MÉDIA DE LAJES MAIOR QUE 20 M² - LANÇAMENTO, ADENSAMENTO E ACABAMENTO. AF_12/2015","M3","ATRIBUÍDO SÃO PAULO",448.49,"COMPOSICAO",88316,"SERVENTE COM ENCARGOS COMPLEMENTARES","H","COLETADO",3.7850000000000001,14.67,55.52,"","","","","","","","","","",null,"CAIXA REFERENCIAL"]
["FUNDACOES E ESTRUTURAS","FUES","CONCRETOS",43,"","",92730,"CONCRETAGEM DE VIGAS E LAJES, FCK=20 MPA, PARA LAJES MACIÇAS OU NERVURADAS COM JERICAS EM ELEVADOR DE CABO EM EDIFICAÇÃO DE MULTIPAVIMENTOS ATÉ 16 ANDARES, COM ÁREA MÉDIA DE LAJES MAIOR QUE 20 M² - LANÇAMENTO, ADENSAMENTO E ACABAMENTO. AF_12/2015","M3","ATRIBUÍDO SÃO PAULO",426.7,"COMPOSICAO",88309,"PEDREIRO COM ENCARGOS COMPLEMENTARES","H","COLETADO",0.91900000000000004,18.18,16.7,"","","","","","","","","","",null,"CAIXA REFERENCIAL"]
["FUNDACOES E ESTRUTURAS","FUES","CONCRETOS",43,"","",92735,"CONCRETAGEM DE VIGAS E LAJES, FCK=20 MPA, PARA LAJES PREMOLDADAS COM GRUA DE CAÇAMBA DE 350 L EM EDIFICAÇÃO DE MULTIPAVIMENTOS ATÉ 16 ANDARES, COM ÁREA MÉDIA DE LAJES MENOR OU IGUAL A 20 M² - LANÇAMENTO, ADENSAMENTO E ACABAMENTO. AF_12/2015","M3","ATRIBUÍDO SÃO PAULO",419.38,"INSUMO",34492,"CONCRETO USINADO BOMBEAVEL, CLASSE DE RESISTENCIA C20, COM BRITA 0 E 1, SLUMP = 100 +/- 20 MM, EXCLUI SERVICO DE BOMBEAMENTO (NBR 8953)","M3","COEFICIENTE DE REPRESENTATIVIDADE",1.103,328.82,362.68,"","","","","","","","","","",null,"CAIXA REFERENCIAL"]
["FUNDACOES E ESTRUTURAS","FUES","CONCRETOS",43,"","",94962,"CONCRETO MAGRO PARA LASTRO, TRAÇO 1:4,5:4,5 (CIMENTO/ AREIA MÉDIA/ BRITA 1)  - PREPARO MECÂNICO COM BETONEIRA 400 L. AF_07/2016","M3","ATRIBUÍDO SÃO PAULO",291.02,"COMPOSICAO",88316,"SERVENTE COM ENCARGOS COMPLEMENTARES","H","COLETADO",2.34,14.67,34.32,"","","","","","","","","","",null,"CAIXA REFERENCIAL"]
["FUNDACOES E ESTRUTURAS","FUES","CONCRETOS",43,"","",94966,"CONCRETO FCK = 30MPA, TRAÇO 1:2,1:2,5 (CIMENTO/ AREIA MÉDIA/ BRITA 1)  - PREPARO MECÂNICO COM BETONEIRA 400 L. AF_07/2016","M3","ATRIBUÍDO SÃO PAULO",373.49,"INSUMO",1379,"CIMENTO PORTLAND COMPOSTO CP II-32","KG","COEFICIENTE DE REPRESENTATIVIDADE",388.88,0.52,202.21,"","","","","","","","","","",null,"CAIXA REFERENCIAL"]
["FUNDACOES E ESTRUTURAS","FUES","CONCRETOS",43,"","",94970,"CONCRETO FCK = 20MPA, TRAÇO 1:2,7:3 (CIMENTO/ AREIA MÉDIA/ BRITA 1)  - PREPARO MECÂNICO COM BETONEIRA 600 L. AF_07/2016","M3","ATRIBUÍDO SÃO PAULO",338.95,"INSUMO",4721,"PEDRA BRITADA N. 1 (9,5 a 19 MM) POSTO PEDREIRA/FORNECEDOR, SEM FRETE","M3","COEFICIENTE DE REPRESENTATIVIDADE",0.59099999999999997,87.5,51.71,"","","","","","","","","","",null,"CAIXA REFERENCIAL"]
["FUNDACOES E ESTRUTURAS","FUES","CONCRETOS",43,"","",96555,"CONCRETAGEM DE BLOCOS DE COROAMENTO E VIGAS BALDRAME, FCK 30 MPA, COM USO DE JERICA \u0096 LANÇAMENTO, ADENSAMENTO E ACABAMENTO. AF_06/2017","M3","ATRIBUÍDO SÃO PAULO",502.88,"COMPOSICAO",88309,"PEDREIRO COM ENCARGOS COMPLEMENTARES","H","COLETADO",2.3860000000000001,18.18,43.37,"","","","","","","","","","",null,"CAIXA REFERENCIAL"]
["FUNDACOES E ESTRUTURAS","FUES","CONCRETOS",43,"","",99433,"CONCRETAGEM DE PLATIBANDA EM EDIFICAÇÕES UNIFAMILIARES FEITAS COM SISTEMA DE FÔRMAS MANUSEÁVEIS, COM CONCRETO USINADO BOMBEÁVEL FCK 25 MPA, - LANÇAMENTO, ADENSAMENTO E ACABAMENTO (EXCLUSIVE BOMBA LANÇA). AF_06/2015","M3","ATRIBUÍDO SÃO PAULO",482.97,"COMPOSICAO",90587,"VIBRADOR DE IMERSÃO, DIÂMETRO DE PONTEIRA 45MM, MOTOR ELÉTRICO TRIFÁSICO POTÊNCIA DE 2 CV - CHI DIURNO. AF_06/2015","CHI","ATRIBUÍDO SÃO PAULO",0.14399999999999999,0.34,0.04,"","","","","","","","","","",null,"CAIXA REFERENCIAL"]
["FUNDACOES E ESTRUTURAS","FUES","LAJE PRE-FABRICADA",44,74141,"LAJE PRE-MOLDADA","74141/2","LAJE PRE-MOLD BETA 12 P/3,5KN/M2 VAO 4,1M INCL VIGOTAS TIJOLOS ARMADU-RA NEGATIVA CAPEAMENTO 3CM CONCRETO 15MPA ESCORAMENTO MATERIAIS E MAO DE OBRA.","M2","ATRIBUÍDO SÃO PAULO",89.6,"COMPOSICAO",88309,"PEDREIRO COM ENCARGOS COMPLEMENTARES","H","COLETADO",0.35,18.18,6.36,"","","","","","","","","","",null,"CAIXA REFERENCIAL"]
["FUNDACOES E ESTRUTURAS","FUES","LAJE PRE-FABRICADA",44,74202,"LAJE PRE-MOLDADA","74202/2","LAJE PRE-MOLDADA P/PISO, SOBRECARGA 200KG/M2, VAOS ATE 3,50M/E=8CM, C/LAJOTAS E CAP.C/CONC FCK=20MPA, 4CM, INTER-EIXO 38CM, C/ESCORAMENTO (REAPR.3X) E FERRAGEM NEGATIVA","M2","ATRIBUÍDO SÃO PAULO",77.75,"INSUMO",5061,"PREGO DE ACO POLIDO COM CABECA 18 X 27 (2 1/2 X 10)","KG","COLETADO",0.03,12.9,0.38,"","","","","","","","","","",null,"CAIXA REFERENCIAL"]
["FUNDACOES E ESTRUTURAS","FUES","CINTAS E VERGAS",296,"","",93182,"VERGA PRÉ-MOLDADA PARA JANELAS COM ATÉ 1,5 M DE VÃO. AF_03/2016","M","ATRIBUÍDO SÃO PAULO",27.6,"INSUMO",2692,"DESMOLDANTE PROTETOR PARA FORMAS DE MADEIRA, DE BASE OLEOSA EMULSIONADA EM AGUA","L","COEFICIENTE DE REPRESENTATIVIDADE",6.0000000000000001E-3,5.61,0.03,"","","","","","","","","","",null,"CAIXA REFERENCIAL"]
["FUNDACOES E ESTRUTURAS","FUES","CINTAS E VERGAS",296,"","",93188,"VERGA MOLDADA IN LOCO EM CONCRETO PARA PORTAS COM ATÉ 1,5 M DE VÃO. AF_03/2016","M","ATRIBUÍDO SÃO PAULO",50.82,"INSUMO",4491,"PONTALETE DE MADEIRA NAO APARELHADA *7,5 X 7,5* CM (3 X 3 \") PINUS, MISTA OU EQUIVALENTE DA REGIAO","M","COEFICIENTE DE REPRESENTATIVIDADE",1.222,8.34,10.19,"","","","","","","","","","",null,"CAIXA REFERENCIAL"]
["FUNDACOES E ESTRUTURAS","FUES","CINTAS E VERGAS",296,"","",93190,"VERGA MOLDADA IN LOCO COM UTILIZAÇÃO DE BLOCOS CANALETA PARA JANELAS COM ATÉ 1,5 M DE VÃO. AF_03/2016","M","ATRIBUÍDO SÃO PAULO",29.38,"COMPOSICAO",88316,"SERVENTE COM ENCARGOS COMPLEMENTARES","H","COLETADO",0.13400000000000001,14.67,1.96,"","","","","","","","","","",null,"CAIXA REFERENCIAL"]
["FUNDACOES E ESTRUTURAS","FUES","CINTAS E VERGAS",296,"","",93193,"VERGA MOLDADA IN LOCO COM UTILIZAÇÃO DE BLOCOS CANALETA PARA PORTAS COM MAIS DE 1,5 M DE VÃO. AF_03/2016","M","ATRIBUÍDO SÃO PAULO",31.08,"COMPOSICAO",88309,"PEDREIRO COM ENCARGOS COMPLEMENTARES","H","COLETADO",0.24299999999999999,18.18,4.41,"","","","","","","","","","",null,"CAIXA REFERENCIAL"]
["FUNDACOES E ESTRUTURAS","FUES","CINTAS E VERGAS",296,"","",93201,"FIXAÇÃO (ENCUNHAMENTO) DE ALVENARIA DE VEDAÇÃO COM ARGAMASSA APLICADA COM COLHER. AF_03/2016","M","ATRIBUÍDO SÃO PAULO",4.33,"COMPOSICAO",87294,"ARGAMASSA TRAÇO 1:2:9 (EM VOLUME DE CIMENTO, CAL E AREIA MÉDIA ÚMIDA) PARA EMBOÇO/MASSA ÚNICA/ASSENTAMENTO DE ALVENARIA DE VEDAÇÃO, PREPARO MECÂNICO COM BETONEIRA 600 L. AF_08/2019","M3","ATRIBUÍDO SÃO PAULO",3.5000000000000001E-3,334.72,1.17,"","","","","","","","","","",null,"CAIXA REFERENCIAL"]
["FUNDACOES E ESTRUTURAS","FUES","ESTRUTURAS DIVERSAS",301,"","",97733,"PEÇA RETANGULAR PRÉ-MOLDADA, VOLUME DE CONCRETO DE ATÉ 10 LITROS, TAXA DE AÇO APROXIMADA DE 30KG/M³. AF_01/2018","M3","ATRIBUÍDO SÃO PAULO",2385.14,"COMPOSICAO",91692,"SERRA CIRCULAR DE BANCADA COM MOTOR ELÉTRICO POTÊNCIA DE 5HP, COM COIFA PARA DISCO 10\" - CHP DIURNO. AF_08/2015","CHP","COEFICIENTE DE REPRESENTATIVIDADE",0.77359999999999995,26.18,20.25,"","","","","","","","","","",null,"CAIXA REFERENCIAL"]
["FUNDACOES E ESTRUTURAS","FUES","ESTRUTURAS DIVERSAS",301,"","",97734,"PEÇA RETANGULAR PRÉ-MOLDADA, VOLUME DE CONCRETO DE 10 A 30 LITROS, TAXA DE AÇO APROXIMADA DE 30KG/M³. AF_01/2018","M3","ATRIBUÍDO SÃO PAULO",2075.3200000000002,"COMPOSICAO",91693,"SERRA CIRCULAR DE BANCADA COM MOTOR ELÉTRICO POTÊNCIA DE 5HP, COM COIFA PARA DISCO 10\" - CHI DIURNO. AF_08/2015","CHI","COEFICIENTE DE REPRESENTATIVIDADE",0.70430000000000004,24.04,16.93,"","","","","","","","","","",null,"CAIXA REFERENCIAL"]
["FUNDACOES E ESTRUTURAS","FUES","ESTRUTURAS DIVERSAS",301,"","",97737,"PEÇA RETANGULAR PRÉ-MOLDADA, VOLUME DE CONCRETO DE 30 A 70 LITROS , TAXA DE AÇO APROXIMADA DE 70KG/M³. AF_01/2018","M3","ATRIBUÍDO SÃO PAULO",2378.8000000000002,"COMPOSICAO",88261,"CARPINTEIRO DE ESQUADRIA COM ENCARGOS COMPLEMENTARES","H","COEFICIENTE DE REPRESENTATIVIDADE",4.0888,17.239999999999998,70.489999999999995,"","","","","","","","","","",null,"CAIXA REFERENCIAL"]
["FUNDACOES E ESTRUTURAS","FUES","ESTRUTURAS DIVERSAS",301,"","",97739,"PEÇA CIRCULAR PRÉ-MOLDADA, VOLUME DE CONCRETO DE 30 A 100 LITROS, TAXA DE AÇO APROXIMADA DE 30KG/M³. AF_01/2018","M3","ATRIBUÍDO SÃO PAULO",2070.7199999999998,"","","","","","","","",839,40.517529099999997,1216.3599999999999,58.740379400000002,"9,32","0,4503828","0,00","0,0000000","6,04","0,2917087",0,"CAIXA REFERENCIAL"]
["FUNDACOES E ESTRUTURAS","FUES","ESTRUTURAS DIVERSAS",301,"","",98616,"CONTENÇÃO EM CORTINA COM ESTACAS ESPAÇADAS COM 30 CM DE DIÂMETRO E PROFUNDIDADE MAIOR QUE 10 M E MENOR OU IGUAL A 15 M. AF_06/2018","M2","ATRIBUÍDO SÃO PAULO",74.33,"COMPOSICAO",100973,"CARGA, MANOBRA E DESCARGA DE SOLOS E MATERIAIS GRANULARES EM CAMINHÃO BASCULANTE 6 M³ - CARGA COM PÁ CARREGADEIRA (CAÇAMBA DE 1,7 A 2,8 M³ / 128 HP) E DESCARGA LIVRE (UNIDADE: M3). AF_07/2020","M3","ATRIBUÍDO SÃO PAULO",0.14729999999999999,5.4,0.79,"","","","","","","","","","",null,"CAIXA REFERENCIAL"]
["FUNDACOES E ESTRUTURAS","FUES","ESTRUTURAS DIVERSAS",301,"","",98619,"CONTENÇÃO EM CORTINA COM ESTACAS ESPAÇADAS COM 40 CM DE DIÂMETRO E PROFUNDIDADE MAIOR QUE 10 M E MENOR OU IGUAL A 15 M. AF_06/2018","M2","ATRIBUÍDO SÃO PAULO",86.76,"COMPOSICAO",88309,"PEDREIRO COM ENCARGOS COMPLEMENTARES","H","COLETADO",7.0699999999999999E-2,18.18,1.28,"","","","","","","","","","",null,"CAIXA REFERENCIAL"]
["FUNDACOES E ESTRUTURAS","FUES","ESTRUTURAS DIVERSAS",301,"","",98625,"CONTENÇÃO EM CORTINA COM ESTACAS ESPAÇADAS COM 60 CM DE DIÂMETRO E PROFUNDIDADE MAIOR QUE 10 M E MENOR OU IGUAL A 15 M. AF_06/2018","M2","ATRIBUÍDO SÃO PAULO",117.09,"COMPOSICAO",91634,"GUINDAUTO HIDRÁULICO, CAPACIDADE MÁXIMA DE CARGA 6500 KG, MOMENTO MÁXIMO DE CARGA 5,8 TM, ALCANCE MÁXIMO HORIZONTAL 7,60 M, INCLUSIVE CAMINHÃO TOCO PBT 9.700 KG, POTÊNCIA DE 160 CV - CHP DIURNO. AF_08/2015","CHP","ATRIBUÍDO SÃO PAULO",1.61E-2,125.06,2.0099999999999998,"","","","","","","","","","",null,"CAIXA REFERENCIAL"]
["FUNDACOES E ESTRUTURAS","FUES","ESTRUTURAS DIVERSAS",301,"","",98656,"EXECUÇÃO DE MURETA GUIA PARA CONTENÇÃO/ FUNDAÇÃO COM 40 CM DE ESPESSURA. AF_06/2018","M","ATRIBUÍDO SÃO PAULO",468.51,"COMPOSICAO",88316,"SERVENTE COM ENCARGOS COMPLEMENTARES","H","COLETADO",0.79849999999999999,14.67,11.71,"","","","","","","","","","",null,"CAIXA REFERENCIAL"]
["FUNDACOES E ESTRUTURAS","FUES","ESTRUTURAS DIVERSAS",301,"","",98659,"EXECUÇÃO DE MURETA GUIA PARA CONTENÇÃO/ FUNDAÇÃO COM 80 CM DE ESPESSURA. AF_06/2018","M","ATRIBUÍDO SÃO PAULO",498.67,"COMPOSICAO",96544,"ARMAÇÃO DE BLOCO, VIGA BALDRAME OU SAPATA UTILIZANDO AÇO CA-50 DE 6,3 MM - MONTAGEM. AF_06/2017","KG","COEFICIENTE DE REPRESENTATIVIDADE",13.327199999999999,11.25,149.93,"","","","","","","","","","",null,"CAIXA REFERENCIAL"]
["FUNDACOES E ESTRUTURAS","FUES","ESTRUTURAS DIVERSAS",301,"","",100765,"PILAR METÁLICO PERFIL LAMINADO/SOLDADO EM AÇO ESTRUTURAL, COM CONEXÕES PARAFUSADAS, INCLUSOS MÃO DE OBRA, TRANSPORTE E IÇAMENTO UTILIZANDO GUINDASTE - FORNECIMENTO E INSTALAÇÃO. AF_01/2020_P","KG","ATRIBUÍDO SÃO PAULO",9.1300000000000008,"INSUMO",1333,"CHAPA DE ACO GROSSA, ASTM A36, E = 1/2 \" (12,70 MM) 99,59 KG/M2","KG","COEFICIENTE DE REPRESENTATIVIDADE",5.5E-2,6.59,0.36,"","","","","","","","","","",null,"CAIXA REFERENCIAL"]
["FUNDACOES E ESTRUTURAS","FUES","ESTRUTURAS DIVERSAS",301,"","",100768,"CONTRAVENTAMENTO COM CANTONEIRAS DE AÇO, ABAS IGUAIS, COM CONEXÕES SOLDADAS, INCLUSOS MÃO DE OBRA, TRANSPORTE E IÇAMENTO UTILIZANDO TALHA MANUAL, PARA EDIFÍCIOS DE ATÉ 2 PAVIMENTOS - FORNECIMENTO E INSTALAÇÃO. AF_01/2020","KG","ATRIBUÍDO SÃO PAULO",15.64,"COMPOSICAO",100716,"JATEAMENTO ABRASIVO COM GRANALHA DE AÇO EM PERFIL METÁLICO EM FÁBRICA. AF_01/2020","M2","ATRIBUÍDO SÃO PAULO",2.8500000000000001E-2,22.15,0.63,"","","","","","","","","","",null,"CAIXA REFERENCIAL"]
["FUNDACOES E ESTRUTURAS","FUES","ESTRUTURAS DIVERSAS",301,"","",100771,"CONTRAVENTAMENTO COM CANTONEIRAS DE AÇO, ABAS IGUAIS, COM CONEXÕES PARAFUSADAS, INCLUSOS MÃO DE OBRA, TRANSPORTE E IÇAMENTO UTILIZANDO GRUA, PARA EDIFÍCIOS DE 6 A 10 PAVIMENTOS - FORNECIMENTO E INSTALAÇÃO. AF_01/2020_P","KG","ATRIBUÍDO SÃO PAULO",17.64,"COMPOSICAO",88240,"AJUDANTE DE ESTRUTURA METÁLICA COM ENCARGOS COMPLEMENTARES","H","COEFICIENTE DE REPRESENTATIVIDADE",1.1299999999999999E-2,16.350000000000001,0.18,"","","","","","","","","","",null,"CAIXA REFERENCIAL"]
["FUNDACOES E ESTRUTURAS","FUES","ESTRUTURAS DIVERSAS",301,"","",100776,"ESTRUTURA TRELIÇADA DE COBERTURA, TIPO ARCO, COM LIGAÇÕES PARAFUSADAS, INCLUSOS PERFIS METÁLICOS, CHAPAS METÁLICAS, MÃO DE OBRA E TRANSPORTE COM GUINDASTE - FORNECIMENTO E INSTALAÇÃO. AF_01/2020_P","KG","ATRIBUÍDO SÃO PAULO",13.32,"COMPOSICAO",93288,"GUINDASTE HIDRÁULICO AUTOPROPELIDO, COM LANÇA TELESCÓPICA 40 M, CAPACIDADE MÁXIMA 60 T, POTÊNCIA 260 KW - CHI DIURNO. AF_03/2016","CHI","ATRIBUÍDO SÃO PAULO",1.1999999999999999E-3,85.07,0.1,"","","","","","","","","","",null,"CAIXA REFERENCIAL"]
["IMPERMEABILIZACOES E PROTECOES DIVERSAS","IMPE","IMPERMEABILIZACAO COM ARGAMASSA",138,"","",98561,"IMPERMEABILIZAÇÃO DE PAREDES COM ARGAMASSA DE CIMENTO E AREIA, COM ADITIVO IMPERMEABILIZANTE, E = 2CM. AF_06/2018","M2","ATRIBUÍDO SÃO PAULO",30.11,"COMPOSICAO",88316,"SERVENTE COM ENCARGOS COMPLEMENTARES","H","COLETADO",0.17599999999999999,14.67,2.58,"","","","","","","","","","",null,"CAIXA REFERENCIAL"]
["IMPERMEABILIZACOES E PROTECOES DIVERSAS","IMPE","IMPERMEABILIZACAO COM ADITIVO",140,"","",98558,"TRATAMENTO DE RALO OU PONTO EMERGENTE COM ARGAMASSA POLIMÉRICA / MEMBRANA ACRÍLICA REFORÇADO COM VÉU DE POLIÉSTER (MAV). AF_06/2018","UN","COEFICIENTE DE REPRESENTATIVIDADE",6.08,"INSUMO",135,"ARGAMASSA POLIMERICA IMPERMEABILIZANTE SEMIFLEXIVEL, BICOMPONENTE (MEMBRANA IMPERMEABILIZANTE ACRILICA)","KG","COEFICIENTE DE REPRESENTATIVIDADE",0.67200000000000004,2.68,1.8,"","","","","","","","","","",null,"CAIXA REFERENCIAL"]
["IMPERMEABILIZACOES E PROTECOES DIVERSAS","IMPE","IMPERMEABILIZACAO BETUMINOSA C/EMULSAO ASFALTICA E",145,"","",98557,"IMPERMEABILIZAÇÃO DE SUPERFÍCIE COM EMULSÃO ASFÁLTICA, 2 DEMÃOS AF_06/2018","M2","COEFICIENTE DE REPRESENTATIVIDADE",30.14,"COMPOSICAO",88270,"IMPERMEABILIZADOR COM ENCARGOS COMPLEMENTARES","H","COEFICIENTE DE REPRESENTATIVIDADE",0.42199999999999999,19.510000000000002,8.23,"","","","","","","","","","",null,"CAIXA REFERENCIAL"]
["INSTALACAO ELETRICA/ELETRIFICACAO E ILUMINACAO EXT","INEL","ELETRODUTOS/CALHAS PARA LEITO DE CABOS",165,"","",91835,"ELETRODUTO FLEXÍVEL CORRUGADO REFORÇADO, PVC, DN 25 MM (3/4\"), PARA CIRCUITOS TERMINAIS, INSTALADO EM FORRO - FORNECIMENTO E INSTALAÇÃO. AF_12/2015","M","COEFICIENTE DE REPRESENTATIVIDADE",7.08,"INSUMO",39244,"ELETRODUTO PVC FLEXIVEL CORRUGADO, REFORCADO, COR LARANJA, DE 25 MM, PARA LAJES E PISOS","M","COEFICIENTE DE REPRESENTATIVIDADE",1.1000000000000001,2.2200000000000002,2.44,"","","","","","","","","","",null,"CAIXA REFERENCIAL"]
["INSTALACAO ELETRICA/ELETRIFICACAO E ILUMINACAO EXT","INEL","ELETRODUTOS/CALHAS PARA LEITO DE CABOS",165,"","",91843,"ELETRODUTO FLEXÍVEL CORRUGADO REFORÇADO, PVC, DN 20 MM (1/2\"), PARA CIRCUITOS TERMINAIS, INSTALADO EM LAJE - FORNECIMENTO E INSTALAÇÃO. AF_12/2015","M","COEFICIENTE DE REPRESENTATIVIDADE",4.46,"COMPOSICAO",88247,"AUXILIAR DE ELETRICISTA COM ENCARGOS COMPLEMENTARES","H","COEFICIENTE DE REPRESENTATIVIDADE",7.1999999999999995E-2,15.94,1.1399999999999999,"","","","","","","","","","",null,"CAIXA REFERENCIAL"]
["INSTALACAO ELETRICA/ELETRIFICACAO E ILUMINACAO EXT","INEL","ELETRODUTOS/CALHAS PARA LEITO DE CABOS",165,"","",91845,"ELETRODUTO FLEXÍVEL CORRUGADO REFORÇADO, PVC, DN 25 MM (3/4\"), PARA CIRCUITOS TERMINAIS, INSTALADO EM LAJE - FORNECIMENTO E INSTALAÇÃO. AF_12/2015","M","COEFICIENTE DE REPRESENTATIVIDADE",5.65,"COMPOSICAO",88264,"ELETRICISTA COM ENCARGOS COMPLEMENTARES","H","COLETADO",8.6999999999999994E-2,20.85,1.81,"","","","","","","","","","",null,"CAIXA REFERENCIAL"]
["INSTALACAO ELETRICA/ELETRIFICACAO E ILUMINACAO EXT","INEL","ELETRODUTOS/CALHAS PARA LEITO DE CABOS",165,"","",91860,"ELETRODUTO FLEXÍVEL CORRUGADO, PEAD, DN 40 MM (1 1/4\"), PARA CIRCUITOS TERMINAIS, INSTALADO EM PAREDE - FORNECIMENTO E INSTALAÇÃO. AF_12/2015","M","ATRIBUÍDO SÃO PAULO",10.119999999999999,"INSUMO",39247,"ELETRODUTODUTO PEAD FLEXIVEL PAREDE SIMPLES, CORRUGACAO HELICOIDAL, COR PRETA, SEM ROSCA, DE 1 1/4\",  PARA CABEAMENTO SUBTERRANEO (NBR 15715)","M","ATRIBUÍDO SÃO PAULO",1.0169999999999999,3.17,3.22,"","","","","","","","","","",null,"CAIXA REFERENCIAL"]
["INSTALACAO ELETRICA/ELETRIFICACAO E ILUMINACAO EXT","INEL","ELETRODUTOS/CALHAS PARA LEITO DE CABOS",165,"","",91868,"ELETRODUTO RÍGIDO ROSCÁVEL, PVC, DN 32 MM (1\"), PARA CIRCUITOS TERMINAIS, INSTALADO EM LAJE - FORNECIMENTO E INSTALAÇÃO. AF_12/2015","M","COEFICIENTE DE REPRESENTATIVIDADE",9.06,"","","","","","","","",3.54,39.111111100000002,5.52,60.888888899999998,"0,00","0,0000000","0,00","0,0000000","0,00","0,0000000",0,"CAIXA REFERENCIAL"]
["INSTALACAO ELETRICA/ELETRIFICACAO E ILUMINACAO EXT","INEL","ELETRODUTOS/CALHAS PARA LEITO DE CABOS",165,"","",93008,"ELETRODUTO RÍGIDO ROSCÁVEL, PVC, DN 50 MM (1 1/2\") - FORNECIMENTO E INSTALAÇÃO. AF_12/2015","M","COEFICIENTE DE REPRESENTATIVIDADE",11.09,"COMPOSICAO",88247,"AUXILIAR DE ELETRICISTA COM ENCARGOS COMPLEMENTARES","H","COEFICIENTE DE REPRESENTATIVIDADE",0.112,15.94,1.78,"","","","","","","","","","",null,"CAIXA REFERENCIAL"]
["INSTALACAO ELETRICA/ELETRIFICACAO E ILUMINACAO EXT","INEL","ELETRODUTOS/CALHAS PARA LEITO DE CABOS",165,"","",95745,"ELETRODUTO DE AÇO GALVANIZADO, CLASSE LEVE, DN 20 MM (3/4\u0092\u0092), APARENTE, INSTALADO EM TETO - FORNECIMENTO E INSTALAÇÃO. AF_11/2016_P","M","ATRIBUÍDO SÃO PAULO",15.38,"COMPOSICAO",88247,"AUXILIAR DE ELETRICISTA COM ENCARGOS COMPLEMENTARES","H","COEFICIENTE DE REPRESENTATIVIDADE",8.2400000000000001E-2,15.94,1.31,"","","","","","","","","","",null,"CAIXA REFERENCIAL"]
["INSTALACAO ELETRICA/ELETRIFICACAO E ILUMINACAO EXT","INEL","ELETRODUTOS/CALHAS PARA LEITO DE CABOS",165,"","",95748,"ELETRODUTO DE AÇO GALVANIZADO, CLASSE SEMI PESADO, DN 40 MM (1 1/2 ), APARENTE, INSTALADO EM TETO - FORNECIMENTO E INSTALAÇÃO. AF_11/2016_P","M","ATRIBUÍDO SÃO PAULO",34.03,"COMPOSICAO",91170,"FIXAÇÃO DE TUBOS HORIZONTAIS DE PVC, CPVC OU COBRE DIÂMETROS MENORES OU IGUAIS A 40 MM OU ELETROCALHAS ATÉ 150MM DE LARGURA, COM ABRAÇADEIRA METÁLICA RÍGIDA TIPO D 1/2\u0094, FIXADA EM PERFILADO EM LAJE. AF_05/2015","M","COEFICIENTE DE REPRESENTATIVIDADE",1,2.08,2.08,"","","","","","","","","","",null,"CAIXA REFERENCIAL"]
["INSTALACAO ELETRICA/ELETRIFICACAO E ILUMINACAO EXT","INEL","CONEXOES",166,"","",91874,"LUVA PARA ELETRODUTO, PVC, ROSCÁVEL, DN 20 MM (1/2\"), PARA CIRCUITOS TERMINAIS, INSTALADA EM FORRO - FORNECIMENTO E INSTALAÇÃO. AF_12/2015","UN","COEFICIENTE DE REPRESENTATIVIDADE",3.54,"COMPOSICAO",88264,"ELETRICISTA COM ENCARGOS COMPLEMENTARES","H","COLETADO",8.3000000000000004E-2,20.85,1.73,"","","","","","","","","","",null,"CAIXA REFERENCIAL"]
["INSTALACAO ELETRICA/ELETRIFICACAO E ILUMINACAO EXT","INEL","CONEXOES",166,"","",91890,"CURVA 90 GRAUS PARA ELETRODUTO, PVC, ROSCÁVEL, DN 25 MM (3/4\"), PARA CIRCUITOS TERMINAIS, INSTALADA EM FORRO - FORNECIMENTO E INSTALAÇÃO. AF_12/2015","UN","COEFICIENTE DE REPRESENTATIVIDADE",7.56,"COMPOSICAO",88247,"AUXILIAR DE ELETRICISTA COM ENCARGOS COMPLEMENTARES","H","COEFICIENTE DE REPRESENTATIVIDADE",0.16,15.94,2.5499999999999998,"","","","","","","","","","",null,"CAIXA REFERENCIAL"]
["INSTALACAO ELETRICA/ELETRIFICACAO E ILUMINACAO EXT","INEL","CONEXOES",166,"","",91905,"CURVA 90 GRAUS PARA ELETRODUTO, PVC, ROSCÁVEL, DN 32 MM (1\"), PARA CIRCUITOS TERMINAIS, INSTALADA EM LAJE - FORNECIMENTO E INSTALAÇÃO. AF_12/2015","UN","COEFICIENTE DE REPRESENTATIVIDADE",11.78,"COMPOSICAO",88264,"ELETRICISTA COM ENCARGOS COMPLEMENTARES","H","COLETADO",0.251,20.85,5.23,"","","","","","","","","","",null,"CAIXA REFERENCIAL"]
["INSTALACAO ELETRICA/ELETRIFICACAO E ILUMINACAO EXT","INEL","CONEXOES",166,"","",93013,"LUVA PARA ELETRODUTO, PVC, ROSCÁVEL, DN 50 MM (1 1/2\") - FORNECIMENTO E INSTALAÇÃO. AF_12/2015","UN","COEFICIENTE DE REPRESENTATIVIDADE",10.41,"INSUMO",1893,"LUVA EM PVC RIGIDO ROSCAVEL, DE 1 1/2\", PARA ELETRODUTO","UN","COEFICIENTE DE REPRESENTATIVIDADE",1,2.17,2.17,"","","","","","","","","","",null,"CAIXA REFERENCIAL"]
["INSTALACAO ELETRICA/ELETRIFICACAO E ILUMINACAO EXT","INEL","CONEXOES",166,"","",93026,"CURVA 90 GRAUS PARA ELETRODUTO, PVC, ROSCÁVEL, DN 110 MM (4\") - FORNECIMENTO E INSTALAÇÃO. AF_12/2015","UN","COEFICIENTE DE REPRESENTATIVIDADE",52.53,"COMPOSICAO",88247,"AUXILIAR DE ELETRICISTA COM ENCARGOS COMPLEMENTARES","H","COEFICIENTE DE REPRESENTATIVIDADE",0.63900000000000001,15.94,10.18,"","","","","","","","","","",null,"CAIXA REFERENCIAL"]
["INSTALACAO ELETRICA/ELETRIFICACAO E ILUMINACAO EXT","INEL","CONEXOES",166,"","",95753,"LUVA DE EMENDA PARA ELETRODUTO, AÇO GALVANIZADO, DN 20 MM (3/4  ), APARENTE, INSTALADA EM TETO - FORNECIMENTO E INSTALAÇÃO. AF_11/2016_P","UN","ATRIBUÍDO SÃO PAULO",5.37,"INSUMO",2637,"LUVA PARA ELETRODUTO, EM ACO GALVANIZADO ELETROLITICO, DIAMETRO DE 20 MM (3/4\")","UN","ATRIBUÍDO SÃO PAULO",1,1.49,1.49,"","","","","","","","","","",null,"CAIXA REFERENCIAL"]
["INSTALACAO ELETRICA/ELETRIFICACAO E ILUMINACAO EXT","INEL","CONEXOES",166,"","",95757,"LUVA DE EMENDA PARA ELETRODUTO, AÇO GALVANIZADO, DN 20 MM (3/4''), APARENTE, INSTALADA EM PAREDE - FORNECIMENTO E INSTALAÇÃO. AF_11/2016_P","UN","ATRIBUÍDO SÃO PAULO",8.1999999999999993,"INSUMO",2637,"LUVA PARA ELETRODUTO, EM ACO GALVANIZADO ELETROLITICO, DIAMETRO DE 20 MM (3/4\")","UN","ATRIBUÍDO SÃO PAULO",1,1.49,1.49,"","","","","","","","","","",null,"CAIXA REFERENCIAL"]
["INSTALACAO ELETRICA/ELETRIFICACAO E ILUMINACAO EXT","INEL","FIOS/CABOS",167,"","",91930,"CABO DE COBRE FLEXÍVEL ISOLADO, 6 MM², ANTI-CHAMA 450/750 V, PARA CIRCUITOS TERMINAIS - FORNECIMENTO E INSTALAÇÃO. AF_12/2015","M","COEFICIENTE DE REPRESENTATIVIDADE",6.56,"INSUMO",21127,"FITA ISOLANTE ADESIVA ANTICHAMA, USO ATE 750 V, EM ROLO DE 19 MM X 5 M","UN","COEFICIENTE DE REPRESENTATIVIDADE",8.9999999999999993E-3,2.1800000000000002,0.01,"","","","","","","","","","",null,"CAIXA REFERENCIAL"]
["INSTALACAO ELETRICA/ELETRIFICACAO E ILUMINACAO EXT","INEL","FIOS/CABOS",167,"","",92979,"CABO DE COBRE FLEXÍVEL ISOLADO, 10 MM², ANTI-CHAMA 450/750 V, PARA DISTRIBUIÇÃO - FORNECIMENTO E INSTALAÇÃO. AF_12/2015","M","COEFICIENTE DE REPRESENTATIVIDADE",7.2,"","","","","","","","",0.24,3.3613445,6.96,96.638655499999999,"0,00","0,0000000","0,00","0,0000000","0,00","0,0000000",0,"CAIXA REFERENCIAL"]
["INSTALACAO ELETRICA/ELETRIFICACAO E ILUMINACAO EXT","INEL","FIOS/CABOS",167,"","",92985,"CABO DE COBRE FLEXÍVEL ISOLADO, 35 MM², ANTI-CHAMA 450/750 V, PARA DISTRIBUIÇÃO - FORNECIMENTO E INSTALAÇÃO. AF_12/2015","M","COEFICIENTE DE REPRESENTATIVIDADE",25.75,"COMPOSICAO",88247,"AUXILIAR DE ELETRICISTA COM ENCARGOS COMPLEMENTARES","H","COEFICIENTE DE REPRESENTATIVIDADE",7.2999999999999995E-2,15.94,1.1599999999999999,"","","","","","","","","","",null,"CAIXA REFERENCIAL"]
["INSTALACAO ELETRICA/ELETRIFICACAO E ILUMINACAO EXT","INEL","FIOS/CABOS",167,"","",92994,"CABO DE COBRE FLEXÍVEL ISOLADO, 120 MM², ANTI-CHAMA 0,6/1,0 KV, PARA DISTRIBUIÇÃO - FORNECIMENTO E INSTALAÇÃO. AF_12/2015","M","COEFICIENTE DE REPRESENTATIVIDADE",86.87,"","","","","","","","",4.24,4.8842299000000002,82.63,95.115770100000006,"0,00","0,0000000","0,00","0,0000000","0,00","0,0000000",0,"CAIXA REFERENCIAL"]
["INSTALACAO ELETRICA/ELETRIFICACAO E ILUMINACAO EXT","INEL","CAIXAS",168,"","",83446,"CAIXA DE PASSAGEM 30X30X40 COM TAMPA E DRENO BRITA","UN","COEFICIENTE DE REPRESENTATIVIDADE",160.31,"","","","","","","","",69.63,43.440269600000001,90.68,56.559730399999999,"0,00","0,0000000","0,00","0,0000000","0,00","0,0000000",0,"CAIXA REFERENCIAL"]
["INSTALACAO ELETRICA/ELETRIFICACAO E ILUMINACAO EXT","INEL","CAIXAS",168,"","",91941,"CAIXA RETANGULAR 4\" X 2\" BAIXA (0,30 M DO PISO), PVC, INSTALADA EM PAREDE - FORNECIMENTO E INSTALAÇÃO. AF_12/2015","UN","COEFICIENTE DE REPRESENTATIVIDADE",7.19,"COMPOSICAO",88629,"ARGAMASSA TRAÇO 1:3 (EM VOLUME DE CIMENTO E AREIA MÉDIA ÚMIDA), PREPARO MANUAL. AF_08/2019","M3","COEFICIENTE DE REPRESENTATIVIDADE",8.9999999999999998E-4,459.77,0.41,"","","","","","","","","","",null,"CAIXA REFERENCIAL"]
["INSTALACAO ELETRICA/ELETRIFICACAO E ILUMINACAO EXT","INEL","CAIXAS",168,"","",95778,"CONDULETE DE ALUMÍNIO, TIPO C, PARA ELETRODUTO DE AÇO GALVANIZADO DN 20 MM (3/4''), APARENTE - FORNECIMENTO E INSTALAÇÃO. AF_11/2016_P","UN","COEFICIENTE DE REPRESENTATIVIDADE",21.88,"COMPOSICAO",88264,"ELETRICISTA COM ENCARGOS COMPLEMENTARES","H","COLETADO",0.34339999999999998,20.85,7.15,"","","","","","","","","","",null,"CAIXA REFERENCIAL"]
["INSTALACAO ELETRICA/ELETRIFICACAO E ILUMINACAO EXT","INEL","CAIXAS",168,"","",95785,"CONDULETE DE ALUMÍNIO, TIPO E, PARA ELETRODUTO DE AÇO GALVANIZADO DN 32 MM (1 1/4''), APARENTE - FORNECIMENTO E INSTALAÇÃO. AF_11/2016_P","UN","COEFICIENTE DE REPRESENTATIVIDADE",28.95,"COMPOSICAO",88247,"AUXILIAR DE ELETRICISTA COM ENCARGOS COMPLEMENTARES","H","COEFICIENTE DE REPRESENTATIVIDADE",0.37619999999999998,15.94,5.99,"","","","","","","","","","",null,"CAIXA REFERENCIAL"]
["INSTALACAO ELETRICA/ELETRIFICACAO E ILUMINACAO EXT","INEL","CAIXAS",168,"","",95801,"CONDULETE DE ALUMÍNIO, TIPO X, PARA ELETRODUTO DE AÇO GALVANIZADO DN 20 MM (3/4''), APARENTE - FORNECIMENTO E INSTALAÇÃO. AF_11/2016_P","UN","COEFICIENTE DE REPRESENTATIVIDADE",29.93,"INSUMO",2580,"CONDULETE DE ALUMINIO TIPO X, PARA ELETRODUTO ROSCAVEL DE 3/4\", COM TAMPA CEGA","UN","COEFICIENTE DE REPRESENTATIVIDADE",1,11.19,11.19,"","","","","","","","","","",null,"CAIXA REFERENCIAL"]
["INSTALACAO ELETRICA/ELETRIFICACAO E ILUMINACAO EXT","INEL","CAIXAS",168,"","",95812,"CONDULETE DE PVC, TIPO LB, PARA ELETRODUTO DE PVC SOLDÁVEL DN 32 MM (1''), APARENTE - FORNECIMENTO E INSTALAÇÃO. AF_11/2016","UN","COEFICIENTE DE REPRESENTATIVIDADE",12.04,"","","","","","","","",3.21,26.7111853,8.83,73.288814700000003,"0,00","0,0000000","0,00","0,0000000","0,00","0,0000000",0,"CAIXA REFERENCIAL"]
["INSTALACAO ELETRICA/ELETRIFICACAO E ILUMINACAO EXT","INEL","CAIXAS",168,"","",97886,"CAIXA ENTERRADA ELÉTRICA RETANGULAR, EM ALVENARIA COM TIJOLOS CERÂMICOS MACIÇOS, FUNDO COM BRITA, DIMENSÕES INTERNAS: 0,3X0,3X0,3 M. AF_05/2018","UN","ATRIBUÍDO SÃO PAULO",131.22999999999999,"COMPOSICAO",88316,"SERVENTE COM ENCARGOS COMPLEMENTARES","H","COLETADO",1.5362,14.67,22.53,"","","","","","","","","","",null,"CAIXA REFERENCIAL"]
["INSTALACAO ELETRICA/ELETRIFICACAO E ILUMINACAO EXT","INEL","CAIXAS",168,"","",97890,"CAIXA ENTERRADA ELÉTRICA RETANGULAR, EM ALVENARIA COM TIJOLOS CERÂMICOS MACIÇOS, FUNDO COM BRITA, DIMENSÕES INTERNAS: 1X1X0,6 M. AF_05/2018","UN","ATRIBUÍDO SÃO PAULO",623.80999999999995,"COMPOSICAO",5678,"RETROESCAVADEIRA SOBRE RODAS COM CARREGADEIRA, TRAÇÃO 4X4, POTÊNCIA LÍQ. 88 HP, CAÇAMBA CARREG. CAP. MÍN. 1 M3, CAÇAMBA RETRO CAP. 0,26 M3, PESO OPERACIONAL MÍN. 6.674 KG, PROFUNDIDADE ESCAVAÇÃO MÁX. 4,37 M - CHP DIURNO. AF_06/2014","CHP","ATRIBUÍDO SÃO PAULO",1.9699999999999999E-2,92.02,1.81,"","","","","","","","","","",null,"CAIXA REFERENCIAL"]
["INSTALACAO ELETRICA/ELETRIFICACAO E ILUMINACAO EXT","INEL","CAIXAS",168,"","",97893,"CAIXA ENTERRADA ELÉTRICA RETANGULAR, EM ALVENARIA COM BLOCOS DE CONCRETO, FUNDO COM BRITA, DIMENSÕES INTERNAS: 0,8X0,8X0,6 M. AF_05/2018","UN","ATRIBUÍDO SÃO PAULO",372.18,"COMPOSICAO",94116,"LASTRO COM PREPARO DE FUNDO, LARGURA MAIOR OU IGUAL A 1,5 M, COM CAMADA DE BRITA, LANÇAMENTO MECANIZADO. AF_08/2020","M3","ATRIBUÍDO SÃO PAULO",0.121,173.31,20.97,"","","","","","","","","","",null,"CAIXA REFERENCIAL"]
["INSTALACAO ELETRICA/ELETRIFICACAO E ILUMINACAO EXT","INEL","QUADROS/DISJUNTORES",169,74130,"DISJUNTORES","74130/4","DISJUNTOR TERMOMAGNETICO TRIPOLAR PADRAO NEMA (AMERICANO) 10 A 50A 240V, FORNECIMENTO E INSTALACAO","UN","COEFICIENTE DE REPRESENTATIVIDADE",74.52,"","","","","","","","",11.19,15.028203,63.33,84.971796999999995,"0,00","0,0000000","0,00","0,0000000","0,00","0,0000000",0,"CAIXA REFERENCIAL"]
["INSTALACAO ELETRICA/ELETRIFICACAO E ILUMINACAO EXT","INEL","QUADROS/DISJUNTORES",169,74131,"QUADROS DE DISTRIBUICAO.","74131/4","QUADRO DE DISTRIBUICAO DE ENERGIA DE EMBUTIR, EM CHAPA METALICA, PARA 18 DISJUNTORES TERMOMAGNETICOS MONOPOLARES, COM BARRAMENTO TRIFASICO E NEUTRO, FORNECIMENTO E INSTALACAO","UN","COEFICIENTE DE REPRESENTATIVIDADE",417.92,"INSUMO",12038,"QUADRO DE DISTRIBUICAO COM BARRAMENTO TRIFASICO, DE SOBREPOR, EM CHAPA DE ACO GALVANIZADO, PARA 18 DISJUNTORES DIN, 100 A","UN","COEFICIENTE DE REPRESENTATIVIDADE",1,325.95,325.95,"","","","","","","","","","",null,"CAIXA REFERENCIAL"]
["INSTALACAO ELETRICA/ELETRIFICACAO E ILUMINACAO EXT","INEL","QUADROS/DISJUNTORES",169,74131,"QUADROS DE DISTRIBUICAO.","74131/8","QUADRO DE DISTRIBUICAO DE ENERGIA DE EMBUTIR, EM CHAPA METALICA, PARA 50 DISJUNTORES TERMOMAGNETICOS MONOPOLARES, COM BARRAMENTO TRIFASICO E NEUTRO, FORNECIMENTO E INSTALACAO","UN","COEFICIENTE DE REPRESENTATIVIDADE",1116.8599999999999,"COMPOSICAO",88264,"ELETRICISTA COM ENCARGOS COMPLEMENTARES","H","COLETADO",6,20.85,125.1,"","","","","","","","","","",null,"CAIXA REFERENCIAL"]
["INSTALACAO ELETRICA/ELETRIFICACAO E ILUMINACAO EXT","INEL","QUADROS/DISJUNTORES",169,"","",93665,"DISJUNTOR BIPOLAR TIPO DIN, CORRENTE NOMINAL DE 40A - FORNECIMENTO E INSTALAÇÃO. AF_04/2016","UN","COEFICIENTE DE REPRESENTATIVIDADE",50.73,"","","","","","","","",7.56,14.903276699999999,43.17,85.096723299999994,"0,00","0,0000000","0,00","0,0000000","0,00","0,0000000",0,"CAIXA REFERENCIAL"]
["INSTALACAO ELETRICA/ELETRIFICACAO E ILUMINACAO EXT","INEL","QUADROS/DISJUNTORES",169,"","",93668,"DISJUNTOR TRIPOLAR TIPO DIN, CORRENTE NOMINAL DE 16A - FORNECIMENTO E INSTALAÇÃO. AF_04/2016","UN","COEFICIENTE DE REPRESENTATIVIDADE",55.33,"INSUMO",1570,"TERMINAL A COMPRESSAO EM COBRE ESTANHADO PARA CABO 2,5 MM2, 1 FURO E 1 COMPRESSAO, PARA PARAFUSO DE FIXACAO M5","UN","COEFICIENTE DE REPRESENTATIVIDADE",3,0.59,1.77,"","","","","","","","","","",null,"CAIXA REFERENCIAL"]
["INSTALACAO ELETRICA/ELETRIFICACAO E ILUMINACAO EXT","INEL","INTERRUPTOR/TOMADA",170,"","",91949,"SUPORTE PARAFUSADO COM PLACA DE ENCAIXE 4\" X 4\" ALTO (2,00 M DO PISO) PARA PONTO ELÉTRICO - FORNECIMENTO E INSTALAÇÃO. AF_12/2015","UN","COEFICIENTE DE REPRESENTATIVIDADE",10.65,"COMPOSICAO",88264,"ELETRICISTA COM ENCARGOS COMPLEMENTARES","H","COLETADO",0.216,20.85,4.5,"","","","","","","","","","",null,"CAIXA REFERENCIAL"]
["INSTALACAO ELETRICA/ELETRIFICACAO E ILUMINACAO EXT","INEL","INTERRUPTOR/TOMADA",170,"","",91962,"INTERRUPTOR SIMPLES (1 MÓDULO) COM INTERRUPTOR PARALELO (2 MÓDULOS), 10A/250V, SEM SUPORTE E SEM PLACA - FORNECIMENTO E INSTALAÇÃO. AF_12/2015","UN","COEFICIENTE DE REPRESENTATIVIDADE",44.66,"COMPOSICAO",88247,"AUXILIAR DE ELETRICISTA COM ENCARGOS COMPLEMENTARES","H","COEFICIENTE DE REPRESENTATIVIDADE",0.72,15.94,11.47,"","","","","","","","","","",null,"CAIXA REFERENCIAL"]
["INSTALACAO ELETRICA/ELETRIFICACAO E ILUMINACAO EXT","INEL","INTERRUPTOR/TOMADA",170,"","",91966,"INTERRUPTOR SIMPLES (3 MÓDULOS), 10A/250V, SEM SUPORTE E SEM PLACA - FORNECIMENTO E INSTALAÇÃO. AF_12/2015","UN","COEFICIENTE DE REPRESENTATIVIDADE",35.53,"COMPOSICAO",88264,"ELETRICISTA COM ENCARGOS COMPLEMENTARES","H","COLETADO",0.55500000000000005,20.85,11.57,"","","","","","","","","","",null,"CAIXA REFERENCIAL"]
["INSTALACAO ELETRICA/ELETRIFICACAO E ILUMINACAO EXT","INEL","INTERRUPTOR/TOMADA",170,"","",91977,"INTERRUPTOR SIMPLES (6 MÓDULOS), 10A/250V, INCLUINDO SUPORTE E PLACA - FORNECIMENTO E INSTALAÇÃO. AF_12/2015","UN","COEFICIENTE DE REPRESENTATIVIDADE",78.34,"COMPOSICAO",91950,"SUPORTE PARAFUSADO COM PLACA DE ENCAIXE 4\" X 4\" MÉDIO (1,30 M DO PISO) PARA PONTO ELÉTRICO - FORNECIMENTO E INSTALAÇÃO. AF_12/2015","UN","COEFICIENTE DE REPRESENTATIVIDADE",1,9.19,9.19,"","","","","","","","","","",null,"CAIXA REFERENCIAL"]
["INSTALACAO ELETRICA/ELETRIFICACAO E ILUMINACAO EXT","INEL","INTERRUPTOR/TOMADA",170,"","",91991,"TOMADA ALTA DE EMBUTIR (1 MÓDULO), 2P+T 20 A, SEM SUPORTE E SEM PLACA - FORNECIMENTO E INSTALAÇÃO. AF_12/2015","UN","COEFICIENTE DE REPRESENTATIVIDADE",25.59,"","","","","","","","",13.91,54.349529799999999,11.68,45.650470200000001,"0,00","0,0000000","0,00","0,0000000","0,00","0,0000000",0,"CAIXA REFERENCIAL"]
["INSTALACAO ELETRICA/ELETRIFICACAO E ILUMINACAO EXT","INEL","INTERRUPTOR/TOMADA",170,"","",92000,"TOMADA BAIXA DE EMBUTIR (1 MÓDULO), 2P+T 10 A, INCLUINDO SUPORTE E PLACA - FORNECIMENTO E INSTALAÇÃO. AF_12/2015","UN","COEFICIENTE DE REPRESENTATIVIDADE",20.2,"COMPOSICAO",91946,"SUPORTE PARAFUSADO COM PLACA DE ENCAIXE 4\" X 2\" MÉDIO (1,30 M DO PISO) PARA PONTO ELÉTRICO - FORNECIMENTO E INSTALAÇÃO. AF_12/2015","UN","COEFICIENTE DE REPRESENTATIVIDADE",1,5.83,5.83,"","","","","","","","","","",null,"CAIXA REFERENCIAL"]
["INSTALACAO ELETRICA/ELETRIFICACAO E ILUMINACAO EXT","INEL","INTERRUPTOR/TOMADA",170,"","",92006,"TOMADA BAIXA DE EMBUTIR (2 MÓDULOS), 2P+T 10 A, SEM SUPORTE E SEM PLACA - FORNECIMENTO E INSTALAÇÃO. AF_12/2015","UN","COEFICIENTE DE REPRESENTATIVIDADE",26.51,"COMPOSICAO",88264,"ELETRICISTA COM ENCARGOS COMPLEMENTARES","H","COLETADO",0.40899999999999997,20.85,8.52,"","","","","","","","","","",null,"CAIXA REFERENCIAL"]
["INSTALACAO ELETRICA/ELETRIFICACAO E ILUMINACAO EXT","INEL","INTERRUPTOR/TOMADA",170,"","",92024,"INTERRUPTOR SIMPLES (1 MÓDULO) COM 2 TOMADAS DE EMBUTIR 2P+T 10 A,  SEM SUPORTE E SEM PLACA - FORNECIMENTO E INSTALAÇÃO. AF_12/2015","UN","COEFICIENTE DE REPRESENTATIVIDADE",43,"COMPOSICAO",88264,"ELETRICISTA COM ENCARGOS COMPLEMENTARES","H","COLETADO",0.72,20.85,15.01,"","","","","","","","","","",null,"CAIXA REFERENCIAL"]
["INSTALACAO ELETRICA/ELETRIFICACAO E ILUMINACAO EXT","INEL","INTERRUPTOR/TOMADA",170,"","",92029,"INTERRUPTOR PARALELO (1 MÓDULO) COM 1 TOMADA DE EMBUTIR 2P+T 10 A,  INCLUINDO SUPORTE E PLACA - FORNECIMENTO E INSTALAÇÃO. AF_12/2015","UN","COEFICIENTE DE REPRESENTATIVIDADE",38.549999999999997,"COMPOSICAO",91946,"SUPORTE PARAFUSADO COM PLACA DE ENCAIXE 4\" X 2\" MÉDIO (1,30 M DO PISO) PARA PONTO ELÉTRICO - FORNECIMENTO E INSTALAÇÃO. AF_12/2015","UN","COEFICIENTE DE REPRESENTATIVIDADE",1,5.83,5.83,"","","","","","","","","","",null,"CAIXA REFERENCIAL"]
["INSTALACAO ELETRICA/ELETRIFICACAO E ILUMINACAO EXT","INEL","LUMINARIA INTERNA/BOCAL/LAMPADAS",171,"","",97589,"LUMINÁRIA TIPO PLAFON EM PLÁSTICO, DE SOBREPOR, COM 1 LÂMPADA FLUORESCENTE DE 15 W, SEM REATOR - FORNECIMENTO E INSTALAÇÃO. AF_02/2020","UN","ATRIBUÍDO SÃO PAULO",28.8,"","","","","","","","",11.4,39.589136400000001,17.399999999999999,60.410863599999999,"0,00","0,0000000","0,00","0,0000000","0,00","0,0000000",0,"CAIXA REFERENCIAL"]
["INSTALACAO ELETRICA/ELETRIFICACAO E ILUMINACAO EXT","INEL","LUMINARIA INTERNA/BOCAL/LAMPADAS",171,"","",97610,"LÂMPADA COMPACTA DE LED 10 W, BASE E27 - FORNECIMENTO E INSTALAÇÃO. AF_02/2020","UN","COEFICIENTE DE REPRESENTATIVIDADE",15.95,"INSUMO",12295,"SOQUETE DE BAQUELITE BASE E27, PARA LAMPADAS","UN","COEFICIENTE DE REPRESENTATIVIDADE",1,1.96,1.96,"","","","","","","","","","",null,"CAIXA REFERENCIAL"]
["INSTALACAO ELETRICA/ELETRIFICACAO E ILUMINACAO EXT","INEL","LUMINARIA INTERNA/BOCAL/LAMPADAS",171,"","",97617,"LÂMPADA TUBULAR FLUORESCENTE T10 DE 20/40 W, BASE G13 - FORNECIMENTO E INSTALAÇÃO. AF_02/2020_P","UN","ATRIBUÍDO SÃO PAULO",35.76,"INSUMO",12295,"SOQUETE DE BAQUELITE BASE E27, PARA LAMPADAS","UN","COEFICIENTE DE REPRESENTATIVIDADE",2,1.96,3.92,"","","","","","","","","","",null,"CAIXA REFERENCIAL"]
["INSTALACAO ELETRICA/ELETRIFICACAO E ILUMINACAO EXT","INEL","LUMINARIA INTERNA/BOCAL/LAMPADAS",171,"","",100902,"LÂMPADA TUBULAR LED DE 9/10 W, BASE G13 - FORNECIMENTO E INSTALAÇÃO. AF_02/2020_P","UN","COEFICIENTE DE REPRESENTATIVIDADE",23.35,"","","","","","","","",5.26,22.561237599999998,18.09,77.438762400000002,"0,00","0,0000000","0,00","0,0000000","0,00","0,0000000",0,"CAIXA REFERENCIAL"]
["INSTALACAO ELETRICA/ELETRIFICACAO E ILUMINACAO EXT","INEL","FORNECIMENTO DE MAT/MO P/ELETRIFICACAO E ILUMINACA",172,"","",101490,"ENTRADA DE ENERGIA ELÉTRICA, AÉREA, MONOFÁSICA, COM CAIXA DE SOBREPOR, CABO DE 16 MM2 E DISJUNTOR DIN 50A (NÃO INCLUSO O POSTE DE CONCRETO). AF_07/2020_P","UN","ATRIBUÍDO SÃO PAULO",1010.59,"INSUMO",1094,"ARMACAO VERTICAL COM HASTE E CONTRA-PINO, EM CHAPA DE ACO GALVANIZADO 3/16\", COM 1 ESTRIBO, SEM ISOLADOR","UN","ATRIBUÍDO SÃO PAULO",1,14.17,14.17,"","","","","","","","","","",null,"CAIXA REFERENCIAL"]
["INSTALACAO ELETRICA/ELETRIFICACAO E ILUMINACAO EXT","INEL","FORNECIMENTO DE MAT/MO P/ELETRIFICACAO E ILUMINACA",172,"","",101491,"ENTRADA DE ENERGIA ELÉTRICA, AÉREA, MONOFÁSICA, COM CAIXA DE SOBREPOR, CABO DE 25 MM2 E DISJUNTOR DIN 50A (NÃO INCLUSO O POSTE DE CONCRETO). AF_07/2020_P","UN","ATRIBUÍDO SÃO PAULO",1033.58,"","","","","","","","",234.67,22.704751900000002,796.34,77.046064999999999,"2,57","0,2491831","0,00","0,0000000","0,00","0,0000000",0,"CAIXA REFERENCIAL"]
["INSTALACAO ELETRICA/ELETRIFICACAO E ILUMINACAO EXT","INEL","FORNECIMENTO DE MAT/MO P/ELETRIFICACAO E ILUMINACA",172,"","",101492,"ENTRADA DE ENERGIA ELÉTRICA, AÉREA, MONOFÁSICA, COM CAIXA DE SOBREPOR, CABO DE 35 MM2 E DISJUNTOR DIN 50A (NÃO INCLUSO O POSTE DE CONCRETO). AF_07/2020_P","UN","ATRIBUÍDO SÃO PAULO",1129.01,"INSUMO",4346,"PARAFUSO DE FERRO POLIDO, SEXTAVADO, COM ROSCA PARCIAL, DIAMETRO 5/8\", COMPRIMENTO 6\", COM PORCA E ARRUELA DE PRESSAO MEDIA","UN","COEFICIENTE DE REPRESENTATIVIDADE",3,7.03,21.09,"","","","","","","","","","",null,"CAIXA REFERENCIAL"]
["INSTALACAO ELETRICA/ELETRIFICACAO E ILUMINACAO EXT","INEL","FORNECIMENTO DE MAT/MO P/ELETRIFICACAO E ILUMINACA",172,"","",101493,"ENTRADA DE ENERGIA ELÉTRICA, AÉREA, MONOFÁSICA, COM CAIXA DE EMBUTIR, CABO DE 10 MM2 E DISJUNTOR DIN 50A (NÃO INCLUSO O POSTE DE CONCRETO). AF_07/2020_P","UN","ATRIBUÍDO SÃO PAULO",931.81,"COMPOSICAO",88264,"ELETRICISTA COM ENCARGOS COMPLEMENTARES","H","COLETADO",2.8462999999999998,20.85,59.34,"","","","","","","","","","",null,"CAIXA REFERENCIAL"]
["INSTALACAO ELETRICA/ELETRIFICACAO E ILUMINACAO EXT","INEL","FORNECIMENTO DE MAT/MO P/ELETRIFICACAO E ILUMINACA",172,"","",101495,"ENTRADA DE ENERGIA ELÉTRICA, AÉREA, MONOFÁSICA, COM CAIXA DE EMBUTIR, CABO DE 25 MM2 E DISJUNTOR DIN 50A (NÃO INCLUSO O POSTE DE CONCRETO). AF_07/2020_P","UN","ATRIBUÍDO SÃO PAULO",1021.13,"COMPOSICAO",87367,"ARGAMASSA TRAÇO 1:1:6 (EM VOLUME DE CIMENTO, CAL E AREIA MÉDIA ÚMIDA) PARA EMBOÇO/MASSA ÚNICA/ASSENTAMENTO DE ALVENARIA DE VEDAÇÃO, PREPARO MANUAL. AF_08/2019","M3","COEFICIENTE DE REPRESENTATIVIDADE",8.0000000000000002E-3,433.88,3.47,"","","","","","","","","","",null,"CAIXA REFERENCIAL"]
["INSTALACAO ELETRICA/ELETRIFICACAO E ILUMINACAO EXT","INEL","FORNECIMENTO DE MAT/MO P/ELETRIFICACAO E ILUMINACA",172,"","",101497,"ENTRADA DE ENERGIA ELÉTRICA, AÉREA, BIFÁSICA, COM CAIXA DE SOBREPOR, CABO DE 10 MM2 E DISJUNTOR DIN 50A (NÃO INCLUSO O POSTE DE CONCRETO). AF_07/2020_P","UN","ATRIBUÍDO SÃO PAULO",1103.8800000000001,"INSUMO",34643,"CAIXA INSPECAO EM POLIETILENO PARA ATERRAMENTO E PARA RAIOS DIAMETRO = 300 MM","UN","COEFICIENTE DE REPRESENTATIVIDADE",1,10.96,10.96,"","","","","","","","","","",null,"CAIXA REFERENCIAL"]
["INSTALACAO ELETRICA/ELETRIFICACAO E ILUMINACAO EXT","INEL","FORNECIMENTO DE MAT/MO P/ELETRIFICACAO E ILUMINACA",172,"","",101498,"ENTRADA DE ENERGIA ELÉTRICA, AÉREA, BIFÁSICA, COM CAIXA DE SOBREPOR, CABO DE 16 MM2 E DISJUNTOR DIN 50A (NÃO INCLUSO O POSTE DE CONCRETO). AF_07/2020_P","UN","ATRIBUÍDO SÃO PAULO",1204.28,"COMPOSICAO",91935,"CABO DE COBRE FLEXÍVEL ISOLADO, 16 MM², ANTI-CHAMA 0,6/1,0 KV, PARA CIRCUITOS TERMINAIS - FORNECIMENTO E INSTALAÇÃO. AF_12/2015","M","COEFICIENTE DE REPRESENTATIVIDADE",16.649999999999999,17.53,291.87,"","","","","","","","","","",null,"CAIXA REFERENCIAL"]
["INSTALACAO ELETRICA/ELETRIFICACAO E ILUMINACAO EXT","INEL","FORNECIMENTO DE MAT/MO P/ELETRIFICACAO E ILUMINACA",172,"","",101501,"ENTRADA DE ENERGIA ELÉTRICA, AÉREA, BIFÁSICA, COM CAIXA DE EMBUTIR, CABO DE 10 MM2 E DISJUNTOR DIN 50A (NÃO INCLUSO O POSTE DE CONCRETO). AF_07/2020_P","UN","ATRIBUÍDO SÃO PAULO",1096.5999999999999,"COMPOSICAO",96977,"CORDOALHA DE COBRE NU 50 MM², ENTERRADA, SEM ISOLADOR - FORNECIMENTO E INSTALAÇÃO. AF_12/2017","M","COEFICIENTE DE REPRESENTATIVIDADE",1.95,41.43,80.78,"","","","","","","","","","",null,"CAIXA REFERENCIAL"]
["INSTALACAO ELETRICA/ELETRIFICACAO E ILUMINACAO EXT","INEL","FORNECIMENTO DE MAT/MO P/ELETRIFICACAO E ILUMINACA",172,"","",101502,"ENTRADA DE ENERGIA ELÉTRICA, AÉREA, BIFÁSICA, COM CAIXA DE EMBUTIR, CABO DE 16 MM2 E DISJUNTOR DIN 50A (NÃO INCLUSO O POSTE DE CONCRETO). AF_07/2020_P","UN","ATRIBUÍDO SÃO PAULO",1197,"COMPOSICAO",88264,"ELETRICISTA COM ENCARGOS COMPLEMENTARES","H","COLETADO",2.9102000000000001,20.85,60.67,"","","","","","","","","","",null,"CAIXA REFERENCIAL"]
["INSTALACAO ELETRICA/ELETRIFICACAO E ILUMINACAO EXT","INEL","FORNECIMENTO DE MAT/MO P/ELETRIFICACAO E ILUMINACA",172,"","",101504,"ENTRADA DE ENERGIA ELÉTRICA, AÉREA, BIFÁSICA, COM CAIXA DE EMBUTIR, CABO DE 35 MM2 E DISJUNTOR DIN 50A (NÃO INCLUSO O POSTE DE CONCRETO). AF_07/2020_P","UN","ATRIBUÍDO SÃO PAULO",1366.04,"","","","","","","","",253.08,18.526965700000002,1110.3900000000001,81.284559900000005,"2,57","0,1884744","0,00","0,0000000","0,00","0,0000000",0,"CAIXA REFERENCIAL"]
["INSTALACAO ELETRICA/ELETRIFICACAO E ILUMINACAO EXT","INEL","FORNECIMENTO DE MAT/MO P/ELETRIFICACAO E ILUMINACA",172,"","",101506,"ENTRADA DE ENERGIA ELÉTRICA, AÉREA, TRIFÁSICA, COM CAIXA DE SOBREPOR, CABO DE 16 MM2 E DISJUNTOR DIN 50A (NÃO INCLUSO O POSTE DE CONCRETO). AF_07/2020_P","UN","ATRIBUÍDO SÃO PAULO",1319.22,"INSUMO",34643,"CAIXA INSPECAO EM POLIETILENO PARA ATERRAMENTO E PARA RAIOS DIAMETRO = 300 MM","UN","COEFICIENTE DE REPRESENTATIVIDADE",1,10.96,10.96,"","","","","","","","","","",null,"CAIXA REFERENCIAL"]
["INSTALACAO ELETRICA/ELETRIFICACAO E ILUMINACAO EXT","INEL","FORNECIMENTO DE MAT/MO P/ELETRIFICACAO E ILUMINACA",172,"","",101507,"ENTRADA DE ENERGIA ELÉTRICA, AÉREA, TRIFÁSICA, COM CAIXA DE SOBREPOR, CABO DE 25 MM2 E DISJUNTOR DIN 50A (NÃO INCLUSO O POSTE DE CONCRETO). AF_07/2020_P","UN","ATRIBUÍDO SÃO PAULO",1365.62,"COMPOSICAO",92984,"CABO DE COBRE FLEXÍVEL ISOLADO, 25 MM², ANTI-CHAMA 0,6/1,0 KV, PARA DISTRIBUIÇÃO - FORNECIMENTO E INSTALAÇÃO. AF_12/2015","M","COEFICIENTE DE REPRESENTATIVIDADE",22.2,19.62,435.56,"","","","","","","","","","",null,"CAIXA REFERENCIAL"]
["INSTALACAO ELETRICA/ELETRIFICACAO E ILUMINACAO EXT","INEL","FORNECIMENTO DE MAT/MO P/ELETRIFICACAO E ILUMINACA",172,"","",101510,"ENTRADA DE ENERGIA ELÉTRICA, AÉREA, TRIFÁSICA, COM CAIXA DE EMBUTIR, CABO DE 16 MM2 E DISJUNTOR DIN 50A (NÃO INCLUSO O POSTE DE CONCRETO). AF_07/2020","UN","ATRIBUÍDO SÃO PAULO",1401.11,"INSUMO",4346,"PARAFUSO DE FERRO POLIDO, SEXTAVADO, COM ROSCA PARCIAL, DIAMETRO 5/8\", COMPRIMENTO 6\", COM PORCA E ARRUELA DE PRESSAO MEDIA","UN","COEFICIENTE DE REPRESENTATIVIDADE",3,7.03,21.09,"","","","","","","","","","",null,"CAIXA REFERENCIAL"]
["INSTALACAO ELETRICA/ELETRIFICACAO E ILUMINACAO EXT","INEL","FORNECIMENTO DE MAT/MO P/ELETRIFICACAO E ILUMINACA",172,"","",101510,"ENTRADA DE ENERGIA ELÉTRICA, AÉREA, TRIFÁSICA, COM CAIXA DE EMBUTIR, CABO DE 16 MM2 E DISJUNTOR DIN 50A (NÃO INCLUSO O POSTE DE CONCRETO). AF_07/2020","UN","ATRIBUÍDO SÃO PAULO",1401.11,"COMPOSICAO",93673,"DISJUNTOR TRIPOLAR TIPO DIN, CORRENTE NOMINAL DE 50A - FORNECIMENTO E INSTALAÇÃO. AF_04/2016","UN","COEFICIENTE DE REPRESENTATIVIDADE",1,72.739999999999995,72.739999999999995,"","","","","","","","","","",null,"CAIXA REFERENCIAL"]
["INSTALACAO ELETRICA/ELETRIFICACAO E ILUMINACAO EXT","INEL","FORNECIMENTO DE MAT/MO P/ELETRIFICACAO E ILUMINACA",172,"","",101513,"ENTRADA DE ENERGIA ELÉTRICA, SUBTERRÂNEA, MONOFÁSICA, COM CAIXA DE SOBREPOR, CABO DE 10 MM2 E DISJUNTOR DIN 50A (NÃO INCLUSA MURETA DE ALVENARIA). AF_07/2020_P","UN","ATRIBUÍDO SÃO PAULO",512.61,"","","","","","","","",106.51,20.7796278,406.1,79.2203722,"0,00","0,0000000","0,00","0,0000000","0,00","0,0000000",0,"CAIXA REFERENCIAL"]
["INSTALACAO ELETRICA/ELETRIFICACAO E ILUMINACAO EXT","INEL","FORNECIMENTO DE MAT/MO P/ELETRIFICACAO E ILUMINACA",172,"","",101514,"ENTRADA DE ENERGIA ELÉTRICA, SUBTERRÂNEA, MONOFÁSICA, COM CAIXA DE SOBREPOR, CABO DE 16 MM2 E DISJUNTOR DIN 50A (NÃO INCLUSA MURETA DE ALVENARIA). AF_07/2020_P","UN","ATRIBUÍDO SÃO PAULO",592.20000000000005,"INSUMO",34643,"CAIXA INSPECAO EM POLIETILENO PARA ATERRAMENTO E PARA RAIOS DIAMETRO = 300 MM","UN","COEFICIENTE DE REPRESENTATIVIDADE",1,10.96,10.96,"","","","","","","","","","",null,"CAIXA REFERENCIAL"]
["INSTALACAO ELETRICA/ELETRIFICACAO E ILUMINACAO EXT","INEL","FORNECIMENTO DE MAT/MO P/ELETRIFICACAO E ILUMINACA",172,"","",101520,"ENTRADA DE ENERGIA ELÉTRICA, SUBTERRÂNEA, MONOFÁSICA, COM CAIXA DE EMBUTIR, CABO DE 35 MM2 E DISJUNTOR DIN 50A (NÃO INCLUSA MURETA DE ALVENARIA). AF_07/2020_P","UN","ATRIBUÍDO SÃO PAULO",698.02,"","","","","","","","",94.11,13.4824354,603.91,86.5175646,"0,00","0,0000000","0,00","0,0000000","0,00","0,0000000",0,"CAIXA REFERENCIAL"]
["INSTALACAO ELETRICA/ELETRIFICACAO E ILUMINACAO EXT","INEL","FORNECIMENTO DE MAT/MO P/ELETRIFICACAO E ILUMINACA",172,"","",101522,"ENTRADA DE ENERGIA ELÉTRICA, SUBTERRÂNEA, BIFÁSICA, COM CAIXA DE SOBREPOR, CABO DE 16 MM2 E DISJUNTOR DIN 50A (NÃO INCLUSA MURETA DE ALVENARIA). AF_07/2020_P","UN","ATRIBUÍDO SÃO PAULO",802.55,"INSUMO",34643,"CAIXA INSPECAO EM POLIETILENO PARA ATERRAMENTO E PARA RAIOS DIAMETRO = 300 MM","UN","COEFICIENTE DE REPRESENTATIVIDADE",1,10.96,10.96,"","","","","","","","","","",null,"CAIXA REFERENCIAL"]
["INSTALACAO ELETRICA/ELETRIFICACAO E ILUMINACAO EXT","INEL","FORNECIMENTO DE MAT/MO P/ELETRIFICACAO E ILUMINACA",172,"","",101523,"ENTRADA DE ENERGIA ELÉTRICA, SUBTERRÂNEA, BIFÁSICA, COM CAIXA DE SOBREPOR, CABO DE 25 MM2 E DISJUNTOR DIN 50A (NÃO INCLUSA MURETA DE ALVENARIA). AF_07/2020_P","UN","ATRIBUÍDO SÃO PAULO",843.93,"COMPOSICAO",88264,"ELETRICISTA COM ENCARGOS COMPLEMENTARES","H","COLETADO",1.9355,20.85,40.35,"","","","","","","","","","",null,"CAIXA REFERENCIAL"]
["INSTALACAO ELETRICA/ELETRIFICACAO E ILUMINACAO EXT","INEL","FORNECIMENTO DE MAT/MO P/ELETRIFICACAO E ILUMINACA",172,"","",101527,"ENTRADA DE ENERGIA ELÉTRICA, SUBTERRÂNEA, BIFÁSICA, COM CAIXA DE EMBUTIR, CABO DE 25 MM2 E DISJUNTOR DIN 50A (NÃO INCLUSA MURETA DE ALVENARIA). AF_07/2020_P","UN","ATRIBUÍDO SÃO PAULO",836.65,"COMPOSICAO",97668,"ELETRODUTO FLEXÍVEL CORRUGADO, PEAD, DN 63 (2\")  - FORNECIMENTO E INSTALAÇÃO. AF_04/2016","M","ATRIBUÍDO SÃO PAULO",6.3,9.6,60.48,"","","","","","","","","","",null,"CAIXA REFERENCIAL"]
["INSTALACAO ELETRICA/ELETRIFICACAO E ILUMINACAO EXT","INEL","FORNECIMENTO DE MAT/MO P/ELETRIFICACAO E ILUMINACA",172,"","",101530,"ENTRADA DE ENERGIA ELÉTRICA, SUBTERRÂNEA, TRIFÁSICA, COM CAIXA DE SOBREPOR, CABO DE 16 MM2 E DISJUNTOR DIN 50A (NÃO INCLUSA MURETA DE ALVENARIA). AF_07/2020_P","UN","ATRIBUÍDO SÃO PAULO",935.9,"INSUMO",11950,"BUCHA DE NYLON SEM ABA S6, COM PARAFUSO DE 4,20 X 40 MM EM ACO ZINCADO COM ROSCA SOBERBA, CABECA CHATA E FENDA PHILLIPS","UN","COEFICIENTE DE REPRESENTATIVIDADE",4,0.24,0.96,"","","","","","","","","","",null,"CAIXA REFERENCIAL"]
["INSTALACAO ELETRICA/ELETRIFICACAO E ILUMINACAO EXT","INEL","FORNECIMENTO DE MAT/MO P/ELETRIFICACAO E ILUMINACA",172,"","",101534,"ENTRADA DE ENERGIA ELÉTRICA, SUBTERRÂNEA, TRIFÁSICA, COM CAIXA DE EMBUTIR, CABO DE 16 MM2 E DISJUNTOR DIN 50A (NÃO INCLUSA MURETA DE ALVENARIA). AF_07/2020","UN","ATRIBUÍDO SÃO PAULO",1017.79,"COMPOSICAO",87367,"ARGAMASSA TRAÇO 1:1:6 (EM VOLUME DE CIMENTO, CAL E AREIA MÉDIA ÚMIDA) PARA EMBOÇO/MASSA ÚNICA/ASSENTAMENTO DE ALVENARIA DE VEDAÇÃO, PREPARO MANUAL. AF_08/2019","M3","COEFICIENTE DE REPRESENTATIVIDADE",1.9400000000000001E-2,433.88,8.41,"","","","","","","","","","",null,"CAIXA REFERENCIAL"]
["INSTALACAO ELETRICA/ELETRIFICACAO E ILUMINACAO EXT","INEL","FORNECIMENTO DE MAT/MO P/ELETRIFICACAO E ILUMINACA",172,"","",101535,"ENTRADA DE ENERGIA ELÉTRICA, SUBTERRÂNEA, TRIFÁSICA, COM CAIXA DE EMBUTIR, CABO DE 25 MM2 E DISJUNTOR DIN 50A (NÃO INCLUSA MURETA DE ALVENARIA). AF_07/2020","UN","ATRIBUÍDO SÃO PAULO",1072.96,"INSUMO",11864,"CONECTOR METALICO TIPO PARAFUSO FENDIDO (SPLIT BOLT), PARA CABOS ATE 95 MM2","UN","COEFICIENTE DE REPRESENTATIVIDADE",1,19.12,19.12,"","","","","","","","","","",null,"CAIXA REFERENCIAL"]
["INSTALACAO ELETRICA/ELETRIFICACAO E ILUMINACAO EXT","INEL","FORNECIMENTO DE MAT/MO P/ELETRIFICACAO E ILUMINACA",172,"","",101541,"ARMAÇÃO SECUNDÁRIA, COM 4 ESTRIBOS E 4 ISOLADORES - FORNECIMENTO E INSTALAÇÃO. AF_07/2020","UN","ATRIBUÍDO SÃO PAULO",112.96,"COMPOSICAO",88264,"ELETRICISTA COM ENCARGOS COMPLEMENTARES","H","COLETADO",1.4936,20.85,31.14,"","","","","","","","","","",null,"CAIXA REFERENCIAL"]
["INSTALACAO ELETRICA/ELETRIFICACAO E ILUMINACAO EXT","INEL","FORNECIMENTO DE MAT/MO P/ELETRIFICACAO E ILUMINACA",172,"","",101548,"ISOLADOR, TIPO ROLDANA, PARA BAIXA TENSÃO - FORNECIMENTO E INSTALAÇÃO. AF_07/2020","UN","COEFICIENTE DE REPRESENTATIVIDADE",3.77,"","","","","","","","",1.0900000000000001,29.110512100000001,2.68,70.889487900000006,"0,00","0,0000000","0,00","0,0000000","0,00","0,0000000",0,"CAIXA REFERENCIAL"]
["INSTALACAO ELETRICA/ELETRIFICACAO E ILUMINACAO EXT","INEL","FORNECIMENTO DE MAT/MO P/ELETRIFICACAO E ILUMINACA",172,"","",101626,"REATOR PARA LÂMPADA VAPOR DE MERCÚRIO 400 W, USO EXTERNO - FORNECIMENTO E INSTALAÇÃO. AF_08/2020","UN","COEFICIENTE DE REPRESENTATIVIDADE",86.8,"INSUMO",21127,"FITA ISOLANTE ADESIVA ANTICHAMA, USO ATE 750 V, EM ROLO DE 19 MM X 5 M","UN","COEFICIENTE DE REPRESENTATIVIDADE",2.8000000000000001E-2,2.1800000000000002,0.06,"","","","","","","","","","",null,"CAIXA REFERENCIAL"]
["INSTALACAO ELETRICA/ELETRIFICACAO E ILUMINACAO EXT","INEL","FORNECIMENTO DE MAT/MO P/ELETRIFICACAO E ILUMINACA",172,"","",101633,"SUBSTITUIÇÃO DE RELÉ FOTOELÉTRICO PARA COMANDO DE ILUMINAÇÃO EXTERNA 1000 W - FORNECIMENTO E INSTALAÇÃO. AF_08/2020","UN","ATRIBUÍDO SÃO PAULO",53.25,"INSUMO",2510,"RELE FOTOELETRICO INTERNO E EXTERNO BIVOLT 1000 W, DE CONECTOR, SEM BASE","UN","COEFICIENTE DE REPRESENTATIVIDADE",1,18.309999999999999,18.309999999999999,"","","","","","","","","","",null,"CAIXA REFERENCIAL"]
["INSTALACAO ELETRICA/ELETRIFICACAO E ILUMINACAO EXT","INEL","FORNECIMENTO DE MAT/MO P/ELETRIFICACAO E ILUMINACA",172,"","",101640,"LÂMPADA VAPOR METÁLICO 400 W - FORNECIMENTO E INSTALAÇÃO. AF_08/2020","UN","ATRIBUÍDO SÃO PAULO",70.11,"COMPOSICAO",88264,"ELETRICISTA COM ENCARGOS COMPLEMENTARES","H","COLETADO",2.7400000000000001E-2,20.85,0.56999999999999995,"","","","","","","","","","",null,"CAIXA REFERENCIAL"]
["INSTALACAO ELETRICA/ELETRIFICACAO E ILUMINACAO EXT","INEL","FORNECIMENTO DE MAT/MO P/ELETRIFICACAO E ILUMINACA",172,"","",101655,"LUMINÁRIA DE LED PARA ILUMINAÇÃO PÚBLICA, DE 51 W ATÉ 67 W - FORNECIMENTO E INSTALAÇÃO. AF_08/2020","UN","ATRIBUÍDO SÃO PAULO",491.83,"INSUMO",21127,"FITA ISOLANTE ADESIVA ANTICHAMA, USO ATE 750 V, EM ROLO DE 19 MM X 5 M","UN","COEFICIENTE DE REPRESENTATIVIDADE",1.4E-2,2.1800000000000002,0.03,"","","","","","","","","","",null,"CAIXA REFERENCIAL"]
["INSTALACAO ELETRICA/ELETRIFICACAO E ILUMINACAO EXT","INEL","FORNECIMENTO DE MAT/MO P/ELETRIFICACAO E ILUMINACA",172,"","",101660,"LUMINÁRIA DE LED PARA ILUMINAÇÃO PÚBLICA, DE 240 W ATÉ 350 W - FORNECIMENTO E INSTALAÇÃO. AF_08/2020","UN","ATRIBUÍDO SÃO PAULO",1601.79,"COMPOSICAO",88264,"ELETRICISTA COM ENCARGOS COMPLEMENTARES","H","COLETADO",0.23810000000000001,20.85,4.96,"","","","","","","","","","",null,"CAIXA REFERENCIAL"]
["INSTALACAO ELETRICA/ELETRIFICACAO E ILUMINACAO EXT","INEL","POSTE DE CONCRETO",173,"","",100579,"ASSENTAMENTO DE POSTE DE CONCRETO COM COMPRIMENTO NOMINAL DE 10 M, CARGA NOMINAL MENOR OU IGUAL A 1000 DAN, ENGASTAMENTO SIMPLES COM 1,6 M DE SOLO (NÃO INCLUI FORNECIMENTO). AF_11/2019","UN","ATRIBUÍDO SÃO PAULO",384.45,"COMPOSICAO",88264,"ELETRICISTA COM ENCARGOS COMPLEMENTARES","H","COLETADO",4.3120000000000003,20.85,89.9,"","","","","","","","","","",null,"CAIXA REFERENCIAL"]
["INSTALACAO ELETRICA/ELETRIFICACAO E ILUMINACAO EXT","INEL","POSTE DE CONCRETO",173,"","",100589,"ASSENTAMENTO DE POSTE DE CONCRETO COM COMPRIMENTO NOMINAL DE 13,5 M, CARGA NOMINAL MENOR OU IGUAL A 1000 DAN, ENGASTAMENTO SIMPLES COM 1,95 M DE SOLO (NÃO INCLUI FORNECIMENTO). AF_11/2019","UN","ATRIBUÍDO SÃO PAULO",542.63,"","","","","","","","",138.13999999999999,25.459002999999999,401.62,74.011945299999994,"2,87","0,5290517","0,00","0,0000000","0,00","0,0000000",0,"CAIXA REFERENCIAL"]
["INSTALACAO ELETRICA/ELETRIFICACAO E ILUMINACAO EXT","INEL","POSTE DE CONCRETO",173,"","",100595,"ASSENTAMENTO DE POSTE DE CONCRETO COM COMPRIMENTO NOMINAL DE 18 M, CARGA NOMINAL MENOR OU IGUAL A 1000 DAN, ENGASTAMENTO SIMPLES COM 2,4 M DE SOLO (NÃO INCLUI FORNECIMENTO). AF_11/2019","UN","ATRIBUÍDO SÃO PAULO",694.59,"COMPOSICAO",88247,"AUXILIAR DE ELETRICISTA COM ENCARGOS COMPLEMENTARES","H","COEFICIENTE DE REPRESENTATIVIDADE",2.4969999999999999,15.94,39.799999999999997,"","","","","","","","","","",null,"CAIXA REFERENCIAL"]
["INSTALACAO ELETRICA/ELETRIFICACAO E ILUMINACAO EXT","INEL","POSTE DE CONCRETO",173,"","",100601,"ASSENTAMENTO DE POSTE DE CONCRETO COM COMPRIMENTO NOMINAL DE 9 M, CARGA NOMINAL DE 400 DAN, ENGASTAMENTO BASE CONCRETADA COM 1 M DE CONCRETO E 0,5 M DE SOLO (NÃO INCLUI FORNECIMENTO). AF_11/2019","UN","ATRIBUÍDO SÃO PAULO",554.57000000000005,"INSUMO",863,"CABO DE COBRE NU 35 MM2 MEIO-DURO","M","COEFICIENTE DE REPRESENTATIVIDADE",9,26.24,236.16,"","","","","","","","","","",null,"CAIXA REFERENCIAL"]
["INSTALACAO ELETRICA/ELETRIFICACAO E ILUMINACAO EXT","INEL","POSTE DE CONCRETO",173,"","",100604,"ASSENTAMENTO DE POSTE DE CONCRETO COM COMPRIMENTO NOMINAL DE 10 M, CARGA NOMINAL DE 300 DAN, ENGASTAMENTO BASE CONCRETADA COM 1 M DE CONCRETO E 0,6 M DE SOLO (NÃO INCLUI FORNECIMENTO). AF_11/2019","UN","ATRIBUÍDO SÃO PAULO",462.8,"INSUMO",863,"CABO DE COBRE NU 35 MM2 MEIO-DURO","M","COEFICIENTE DE REPRESENTATIVIDADE",10,26.24,262.39999999999998,"","","","","","","","","","",null,"CAIXA REFERENCIAL"]
["INSTALACAO ELETRICA/ELETRIFICACAO E ILUMINACAO EXT","INEL","POSTE DE CONCRETO",173,"","",100616,"ASSENTAMENTO DE POSTE DE CONCRETO COM COMPRIMENTO NOMINAL DE 12 M, CARGA NOMINAL DE 1000 DAN, ENGASTAMENTO BASE CONCRETADA COM 1 M DE CONCRETO E 0,8 M DE SOLO (NÃO INCLUI FORNECIMENTO). AF_11/2019","UN","ATRIBUÍDO SÃO PAULO",1215.26,"INSUMO",863,"CABO DE COBRE NU 35 MM2 MEIO-DURO","M","COEFICIENTE DE REPRESENTATIVIDADE",12,26.24,314.88,"","","","","","","","","","",null,"CAIXA REFERENCIAL"]
["INSTALACAO ELETRICA/ELETRIFICACAO E ILUMINACAO EXT","INEL","POSTE DE CONCRETO",173,"","",100618,"ASSENTAMENTO DE POSTE DE CONCRETO COM COMPRIMENTO NOMINAL DE 13 M, CARGA NOMINAL DE 1000 DAN, ENGASTAMENTO BASE CONCRETADA COM 1 M DE CONCRETO E 0,9 M DE SOLO - SOMENTE INSTALAÇÃO, SEM FORNECIMENTO. AF_11/2019","UN","ATRIBUÍDO SÃO PAULO",1265.51,"COMPOSICAO",5928,"GUINDAUTO HIDRÁULICO, CAPACIDADE MÁXIMA DE CARGA 6200 KG, MOMENTO MÁXIMO DE CARGA 11,7 TM, ALCANCE MÁXIMO HORIZONTAL 9,70 M, INCLUSIVE CAMINHÃO TOCO PBT 16.000 KG, POTÊNCIA DE 189 CV - CHP DIURNO. AF_06/2014","CHP","ATRIBUÍDO SÃO PAULO",8.7999999999999995E-2,141.08000000000001,12.41,"","","","","","","","","","",null,"CAIXA REFERENCIAL"]
["INSTALACAO ELETRICA/ELETRIFICACAO E ILUMINACAO EXT","INEL","POSTE METALICO",174,"","",100623,"POSTE DE AÇO CONICO CONTÍNUO CURVO DUPLO, ENGASTADO, H=9M, INCLUSIVE LUMINÁRIAS, SEM LÂMPADAS - FORNECIMENTO E INSTALACAO. AF_11/2019","UN","ATRIBUÍDO SÃO PAULO",1414.48,"INSUMO",3798,"LUMINARIA ABERTA P/ ILUMINACAO PUBLICA, TIPO X-57 PETERCO OU EQUIV","UN","COEFICIENTE DE REPRESENTATIVIDADE",2,43.16,86.32,"","","","","","","","","","",null,"CAIXA REFERENCIAL"]
["INSTALACAO ELETRICA/ELETRIFICACAO E ILUMINACAO EXT","INEL","TRANSFORMADORES",176,73857,"TRANSFORMADORES DE DISTRIBUICAO","73857/8","TRANSFORMADOR DISTRIBUICAO  45KVA TRIFASICO 60HZ CLASSE 15KV IMERSO EM ÓLEO MINERAL FORNECIMENTO E INSTALACAO","UN","ATRIBUÍDO SÃO PAULO",5466.68,"COMPOSICAO",88264,"ELETRICISTA COM ENCARGOS COMPLEMENTARES","H","COLETADO",1.5,20.85,31.27,"","","","","","","","","","",null,"CAIXA REFERENCIAL"]
["INSTALACAO ELETRICA/ELETRIFICACAO E ILUMINACAO EXT","INEL","PONTOS DE LUZ/TOMADAS ANTENA TV/CAMPAINHAS/INTERRU",177,"","",93138,"PONTO DE ILUMINAÇÃO RESIDENCIAL INCLUINDO INTERRUPTOR PARALELO, CAIXA ELÉTRICA, ELETRODUTO, CABO, RASGO, QUEBRA E CHUMBAMENTO (EXCLUINDO LUMINÁRIA E LÂMPADA). AF_01/2016","UN","COEFICIENTE DE REPRESENTATIVIDADE",118.94,"COMPOSICAO",91842,"ELETRODUTO FLEXÍVEL CORRUGADO, PVC, DN 20 MM (1/2\"), PARA CIRCUITOS TERMINAIS, INSTALADO EM LAJE - FORNECIMENTO E INSTALAÇÃO. AF_12/2015","M","COEFICIENTE DE REPRESENTATIVIDADE",2,4.13,8.26,"","","","","","","","","","",null,"CAIXA REFERENCIAL"]
["INSTALACAO ELETRICA/ELETRIFICACAO E ILUMINACAO EXT","INEL","PONTOS DE LUZ/TOMADAS ANTENA TV/CAMPAINHAS/INTERRU",177,"","",93139,"PONTO DE ILUMINAÇÃO RESIDENCIAL INCLUINDO INTERRUPTOR PARALELO (2 MÓDULOS), CAIXA ELÉTRICA, ELETRODUTO, CABO, RASGO, QUEBRA E CHUMBAMENTO (EXCLUINDO LUMINÁRIA E LÂMPADA). AF_01/2016","UN","COEFICIENTE DE REPRESENTATIVIDADE",151.82,"COMPOSICAO",91940,"CAIXA RETANGULAR 4\" X 2\" MÉDIA (1,30 M DO PISO), PVC, INSTALADA EM PAREDE - FORNECIMENTO E INSTALAÇÃO. AF_12/2015","UN","COEFICIENTE DE REPRESENTATIVIDADE",1,10.93,10.93,"","","","","","","","","","",null,"CAIXA REFERENCIAL"]
["INSTALACAO ELETRICA/ELETRIFICACAO E ILUMINACAO EXT","INEL","PONTOS DE LUZ/TOMADAS ANTENA TV/CAMPAINHAS/INTERRU",177,"","",93145,"PONTO DE ILUMINAÇÃO E TOMADA, RESIDENCIAL, INCLUINDO INTERRUPTOR SIMPLES E TOMADA 10A/250V, CAIXA ELÉTRICA, ELETRODUTO, CABO, RASGO, QUEBRA E CHUMBAMENTO (EXCLUINDO LUMINÁRIA E LÂMPADA). AF_01/2016","UN","COEFICIENTE DE REPRESENTATIVIDADE",157.75,"COMPOSICAO",90466,"CHUMBAMENTO LINEAR EM ALVENARIA PARA RAMAIS/DISTRIBUIÇÃO COM DIÂMETROS MENORES OU IGUAIS A 40 MM. AF_05/2015","M","COEFICIENTE DE REPRESENTATIVIDADE",2.2000000000000002,9.06,19.93,"","","","","","","","","","",null,"CAIXA REFERENCIAL"]
["INSTALACAO ELETRICA/ELETRIFICACAO E ILUMINACAO EXT","INEL","SISTEMAS DE PROTECAO/ATERRAMENTO",243,"","",96971,"CORDOALHA DE COBRE NU 16 MM², NÃO ENTERRADA, COM ISOLADOR - FORNECIMENTO E INSTALAÇÃO. AF_12/2017","M","COEFICIENTE DE REPRESENTATIVIDADE",25.51,"COMPOSICAO",98463,"SUPORTE ISOLADOR PARA CORDOALHA DE COBRE - FORNECIMENTO E INSTALAÇÃO. AF_12/2017","UN","COEFICIENTE DE REPRESENTATIVIDADE",0.5,18.190000000000001,9.09,"","","","","","","","","","",null,"CAIXA REFERENCIAL"]
["INSTALACAO ELETRICA/ELETRIFICACAO E ILUMINACAO EXT","INEL","SISTEMAS DE PROTECAO/ATERRAMENTO",243,"","",96978,"CORDOALHA DE COBRE NU 70 MM², ENTERRADA, SEM ISOLADOR - FORNECIMENTO E INSTALAÇÃO. AF_12/2017","M","COEFICIENTE DE REPRESENTATIVIDADE",58.11,"INSUMO",864,"CABO DE COBRE NU 70 MM2 MEIO-DURO","M","COEFICIENTE DE REPRESENTATIVIDADE",1.1000000000000001,51.49,56.63,"","","","","","","","","","",null,"CAIXA REFERENCIAL"]
["INSTALACOES ESPECIAIS","INES","INCENDIO",186,"","",72288,"CAIXA DE INCÊNDIO 60X90X17CM - FORNECIMENTO E INSTALAÇÃO","UN","COEFICIENTE DE REPRESENTATIVIDADE",351.08,"INSUMO",10885,"CAIXA DE INCENDIO/ABRIGO PARA MANGUEIRA, DE EMBUTIR/INTERNA, COM 90 X 60 X 17 CM, EM CHAPA DE ACO, PORTA COM VENTILACAO, VISOR COM A INSCRICAO \"INCENDIO\", SUPORTE/CESTA INTERNA PARA A MANGUEIRA, PINTURA ELETROSTATICA VERMELHA","UN","COEFICIENTE DE REPRESENTATIVIDADE",1,325.99,325.99,"","","","","","","","","","",null,"CAIXA REFERENCIAL"]
["INSTALACOES ESPECIAIS","INES","INCENDIO",186,73775,"EXTINTOR DE INCENDIO","73775/2","EXTINTOR INCENDIO AGUA-PRESSURIZADA 10L INCL SUPORTE PAREDE CARGA     COMPLETA FORNECIMENTO E COLOCACAO","UN","COEFICIENTE DE REPRESENTATIVIDADE",167.35,"","","","","","","","",12.08,7.2196987000000004,155.27000000000001,92.780301300000005,"0,00","0,0000000","0,00","0,0000000","0,00","0,0000000",0,"CAIXA REFERENCIAL"]
["INSTALACOES ESPECIAIS","INES","TELEFONE",187,73749,"CAIXAS PARA INSTALACOES TELEFONICAS","73749/2","CAIXA ENTERRADA PARA INSTALACOES TELEFONICAS TIPO R2 1,07X0,52X0,50M EM BLOCOS DE CONCRETO ESTRUTURAL","UN","ATRIBUÍDO SÃO PAULO",331.76,"COMPOSICAO",87545,"EMBOÇO, PARA RECEBIMENTO DE CERÂMICA, EM ARGAMASSA TRAÇO 1:2:8, PREPARO MECÂNICO COM BETONEIRA 400L, APLICADO MANUALMENTE EM FACES INTERNAS DE PAREDES, PARA AMBIENTE COM ÁREA MENOR QUE 5M2, ESPESSURA DE 10MM, COM EXECUÇÃO DE TALISCAS. AF_06/2014","M2","ATRIBUÍDO SÃO PAULO",1.59,18.28,29.06,"","","","","","","","","","",null,"CAIXA REFERENCIAL"]
["INSTALACOES ESPECIAIS","INES","TELEFONE",187,"","",98271,"CABO TELEFÔNICO CI-50 75 PARES INSTALADO EM ENTRADA DE EDIFICAÇÃO - FORNECIMENTO E INSTALAÇÃO. AF_11/2019","M","COEFICIENTE DE REPRESENTATIVIDADE",32.700000000000003,"","","","","","","","",3.87,11.8477593,28.83,88.152240699999993,"0,00","0,0000000","0,00","0,0000000","0,00","0,0000000",0,"CAIXA REFERENCIAL"]
["INSTALACOES ESPECIAIS","INES","TELEFONE",187,"","",98280,"CABO TELEFÔNICO CCI-50 1 PAR, SEM BLINDAGEM, INSTALADO EM DISTRIBUIÇÃO DE EDIFICAÇÃO RESIDENCIAL - FORNECIMENTO E INSTALAÇÃO. AF_11/2019","M","COEFICIENTE DE REPRESENTATIVIDADE",5.44,"COMPOSICAO",88247,"AUXILIAR DE ELETRICISTA COM ENCARGOS COMPLEMENTARES","H","COEFICIENTE DE REPRESENTATIVIDADE",0.13880000000000001,15.94,2.21,"","","","","","","","","","",null,"CAIXA REFERENCIAL"]
["INSTALACOES ESPECIAIS","INES","TELEFONE",187,"","",98283,"CABO TELEFÔNICO CCI-50 4 PARES, SEM BLINDAGEM, INSTALADO EM DISTRIBUIÇÃO DE EDIFICAÇÃO RESIDENCIAL - FORNECIMENTO E INSTALAÇÃO. AF_11/2019","M","COEFICIENTE DE REPRESENTATIVIDADE",6.54,"","","","","","","","",4.1100000000000003,62.711864499999997,2.4300000000000002,37.288135500000003,"0,00","0,0000000","0,00","0,0000000","0,00","0,0000000",0,"CAIXA REFERENCIAL"]
["INSTALACOES ESPECIAIS","INES","TELEFONE",187,"","",98291,"CABO TELEFÔNICO CCI-50 5 PARES, SEM BLINDAGEM, INSTALADO EM DISTRIBUIÇÃO DE EDIFICAÇÃO INSTITUCIONAL - FORNECIMENTO E INSTALAÇÃO. AF_11/2019","M","COEFICIENTE DE REPRESENTATIVIDADE",2.4500000000000002,"COMPOSICAO",88264,"ELETRICISTA COM ENCARGOS COMPLEMENTARES","H","COLETADO",2.3800000000000002E-2,20.85,0.49,"","","","","","","","","","",null,"CAIXA REFERENCIAL"]
["INSTALACOES ESPECIAIS","INES","GAS",274,74003,"INSTALACAO GAS","74003/1","INSTALACOES GAS CENTRAL P/ EDIFICIO RESIDENCIAL C/ 4 PAVTOS 16 UNID.  UMA CENTRAL POR BLOCO COM 16 PONTOS","UN","ATRIBUÍDO SÃO PAULO",5378.78,"INSUMO",21008,"TUBO ACO GALVANIZADO COM COSTURA, CLASSE LEVE, DN 15 MM ( 1/2\"),  E = 2,25 MM,  *1,2* KG/M (NBR 5580)","M","COEFICIENTE DE REPRESENTATIVIDADE",120,12.54,1504.8,"","","","","","","","","","",null,"CAIXA REFERENCIAL"]
["INSTALACOES ESPECIAIS","INES","BOMBAS P/INSTALACAO PREDIAL",312,"","",83644,"BOMBA RECALQUE D'AGUA TRIFASICA 10,0 HP","UN","COEFICIENTE DE REPRESENTATIVIDADE",4923.28,"","","","","","","","",223.97,4.5492676000000003,53.01,1.0767365,"4.646,30","94,3739959","0,00","0,0000000","0,00","0,0000000",0,"CAIXA REFERENCIAL"]
["INSTALACOES ESPECIAIS","INES","INSTALACAO DE LOGICA",313,"","",98296,"CABO ELETRÔNICO CATEGORIA 6, INSTALADO EM EDIFICAÇÃO RESIDENCIAL - FORNECIMENTO E INSTALAÇÃO. AF_11/2019","M","COEFICIENTE DE REPRESENTATIVIDADE",2.83,"","","","","","","","",0.76,26.909090899999999,2.0699999999999998,73.090909100000005,"0,00","0,0000000","0,00","0,0000000","0,00","0,0000000",0,"CAIXA REFERENCIAL"]
["INSTALACOES ESPECIAIS","INES","INSTALACAO DE LOGICA",313,"","",98593,"PATCH PANEL 48 PORTAS, CATEGORIA 5E - FORNECIMENTO E INSTALAÇÃO. AF_11/2019","UN","COEFICIENTE DE REPRESENTATIVIDADE",731.35,"COMPOSICAO",88264,"ELETRICISTA COM ENCARGOS COMPLEMENTARES","H","COLETADO",12.323600000000001,20.85,256.94,"","","","","","","","","","",null,"CAIXA REFERENCIAL"]
["INSTALACOES HIDRO SANITARIAS","INHI","FORNEC. E ASSENTAMENTO DE TUBOS P/INSTALACAO DOMIC",179,"","",89446,"TUBO, PVC, SOLDÁVEL, DN 25MM, INSTALADO EM PRUMADA DE ÁGUA - FORNECIMENTO E INSTALAÇÃO. AF_12/2014","M","COEFICIENTE DE REPRESENTATIVIDADE",3.14,"COMPOSICAO",88248,"AUXILIAR DE ENCANADOR OU BOMBEIRO HIDRÁULICO COM ENCARGOS COMPLEMENTARES","H","COEFICIENTE DE REPRESENTATIVIDADE",1.6E-2,13.72,0.21,"","","","","","","","","","",null,"CAIXA REFERENCIAL"]
["INSTALACOES HIDRO SANITARIAS","INHI","FORNEC. E ASSENTAMENTO DE TUBOS P/INSTALACAO DOMIC",179,"","",89509,"TUBO PVC, SÉRIE R, ÁGUA PLUVIAL, DN 50 MM, FORNECIDO E INSTALADO EM RAMAL DE ENCAMINHAMENTO. AF_12/2014","M","COEFICIENTE DE REPRESENTATIVIDADE",18.2,"INSUMO",20083,"SOLUCAO LIMPADORA PARA PVC, FRASCO COM 1000 CM3","UN","COEFICIENTE DE REPRESENTATIVIDADE",1.9300000000000001E-2,39.22,0.75,"","","","","","","","","","",null,"CAIXA REFERENCIAL"]
["INSTALACOES HIDRO SANITARIAS","INHI","FORNEC. E ASSENTAMENTO DE TUBOS P/INSTALACAO DOMIC",179,"","",89635,"TUBO, CPVC, SOLDÁVEL, DN 28MM, INSTALADO EM RAMAL OU SUB-RAMAL DE ÁGUA - FORNECIMENTO E INSTALAÇÃO. AF_12/2014","M","COEFICIENTE DE REPRESENTATIVIDADE",34.92,"INSUMO",21125,"TUBO CPVC, SOLDAVEL, 28 MM, AGUA QUENTE PREDIAL (NBR 15884)","M","COEFICIENTE DE REPRESENTATIVIDADE",1.0609999999999999,21.06,22.34,"","","","","","","","","","",null,"CAIXA REFERENCIAL"]
["INSTALACOES HIDRO SANITARIAS","INHI","FORNEC. E ASSENTAMENTO DE TUBOS P/INSTALACAO DOMIC",179,"","",89716,"TUBO, CPVC, SOLDÁVEL, DN 22MM, INSTALADO EM RAMAL DE DISTRIBUIÇÃO DE ÁGUA - FORNECIMENTO E INSTALAÇÃO. AF_12/2014","M","COEFICIENTE DE REPRESENTATIVIDADE",17.149999999999999,"","","","","","","","",2.41,14.1018139,14.74,85.898186100000004,"0,00","0,0000000","0,00","0,0000000","0,00","0,0000000",0,"CAIXA REFERENCIAL"]
["INSTALACOES HIDRO SANITARIAS","INHI","FORNEC. E ASSENTAMENTO DE TUBOS P/INSTALACAO DOMIC",179,"","",89865,"TUBO, PVC, SOLDÁVEL, DN 25MM, INSTALADO EM DRENO DE AR-CONDICIONADO - FORNECIMENTO E INSTALAÇÃO. AF_12/2014","M","COEFICIENTE DE REPRESENTATIVIDADE",8.67,"INSUMO",9868,"TUBO PVC, SOLDAVEL, DN 25 MM, AGUA FRIA (NBR-5648)","M","COLETADO",1.05,2.5,2.62,"","","","","","","","","","",null,"CAIXA REFERENCIAL"]
["INSTALACOES HIDRO SANITARIAS","INHI","FORNEC. E ASSENTAMENTO DE TUBOS P/INSTALACAO DOMIC",179,"","",91785,"(COMPOSIÇÃO REPRESENTATIVA) DO SERVIÇO DE INSTALAÇÃO DE TUBOS DE PVC, SOLDÁVEL, ÁGUA FRIA, DN 25 MM (INSTALADO EM RAMAL, SUB-RAMAL, RAMAL DE DISTRIBUIÇÃO OU PRUMADA), INCLUSIVE CONEXÕES, CORTES E FIXAÇÕES, PARA PRÉDIOS. AF_10/2015","M","ATRIBUÍDO SÃO PAULO",28.57,"COMPOSICAO",89366,"JOELHO 90 GRAUS COM BUCHA DE LATÃO, PVC, SOLDÁVEL, DN 25MM, X 3/4\u0094 INSTALADO EM RAMAL OU SUB-RAMAL DE ÁGUA - FORNECIMENTO E INSTALAÇÃO. AF_12/2014","UN","COEFICIENTE DE REPRESENTATIVIDADE",0.1694,10.27,1.73,"","","","","","","","","","",null,"CAIXA REFERENCIAL"]
["INSTALACOES HIDRO SANITARIAS","INHI","FORNEC. E ASSENTAMENTO DE TUBOS P/INSTALACAO DOMIC",179,"","",91786,"(COMPOSIÇÃO REPRESENTATIVA) DO SERVIÇO DE INSTALAÇÃO TUBOS DE PVC, SOLDÁVEL, ÁGUA FRIA, DN 32 MM (INSTALADO EM RAMAL, SUB-RAMAL, RAMAL DE DISTRIBUIÇÃO OU PRUMADA), INCLUSIVE CONEXÕES, CORTES E FIXAÇÕES, PARA PRÉDIOS. AF_10/2015","M","ATRIBUÍDO SÃO PAULO",18.77,"COMPOSICAO",89436,"ADAPTADOR CURTO COM BOLSA E ROSCA PARA REGISTRO, PVC, SOLDÁVEL, DN 32MM X 1\u0094, INSTALADO EM RAMAL DE DISTRIBUIÇÃO DE ÁGUA - FORNECIMENTO E INSTALAÇÃO. AF_12/2014","UN","COEFICIENTE DE REPRESENTATIVIDADE",5.8400000000000001E-2,4.32,0.25,"","","","","","","","","","",null,"CAIXA REFERENCIAL"]
["INSTALACOES HIDRO SANITARIAS","INHI","FORNEC. E ASSENTAMENTO DE TUBOS P/INSTALACAO DOMIC",179,"","",91789,"(COMPOSIÇÃO REPRESENTATIVA) DO SERVIÇO DE INSTALAÇÃO DE TUBOS DE PVC, SÉRIE R, ÁGUA PLUVIAL, DN 75 MM (INSTALADO EM RAMAL DE ENCAMINHAMENTO, OU CONDUTORES VERTICAIS), INCLUSIVE CONEXÕES, CORTE E FIXAÇÕES, PARA PRÉDIOS. AF_10/2015","M","COEFICIENTE DE REPRESENTATIVIDADE",28.97,"COMPOSICAO",89581,"JOELHO 90 GRAUS, PVC, SERIE R, ÁGUA PLUVIAL, DN 75 MM, JUNTA ELÁSTICA, FORNECIDO E INSTALADO EM CONDUTORES VERTICAIS DE ÁGUAS PLUVIAIS. AF_12/2014","UN","COEFICIENTE DE REPRESENTATIVIDADE",9.6100000000000005E-2,17.09,1.64,"","","","","","","","","","",null,"CAIXA REFERENCIAL"]
["INSTALACOES HIDRO SANITARIAS","INHI","FORNEC. E ASSENTAMENTO DE TUBOS P/INSTALACAO DOMIC",179,"","",91792,"(COMPOSIÇÃO REPRESENTATIVA) DO SERVIÇO DE INSTALAÇÃO DE TUBO DE PVC, SÉRIE NORMAL, ESGOTO PREDIAL, DN 40 MM (INSTALADO EM RAMAL DE DESCARGA OU RAMAL DE ESGOTO SANITÁRIO), INCLUSIVE CONEXÕES, CORTES E FIXAÇÕES, PARA PRÉDIOS. AF_10/2015","M","ATRIBUÍDO SÃO PAULO",38.42,"COMPOSICAO",89752,"LUVA SIMPLES, PVC, SERIE NORMAL, ESGOTO PREDIAL, DN 40 MM, JUNTA SOLDÁVEL, FORNECIDO E INSTALADO EM RAMAL DE DESCARGA OU RAMAL DE ESGOTO SANITÁRIO. AF_12/2014","UN","COEFICIENTE DE REPRESENTATIVIDADE",0.29239999999999999,4.05,1.18,"","","","","","","","","","",null,"CAIXA REFERENCIAL"]
["INSTALACOES HIDRO SANITARIAS","INHI","FORNEC. E ASSENTAMENTO DE TUBOS P/INSTALACAO DOMIC",179,"","",91794,"(COMPOSIÇÃO REPRESENTATIVA) DO SERVIÇO DE INST. TUBO PVC, SÉRIE N, ESGOTO PREDIAL, DN 75 MM, (INST. EM RAMAL DE DESCARGA, RAMAL DE ESG. SANITÁRIO, PRUMADA DE ESG. SANITÁRIO OU VENTILAÇÃO), INCL. CONEXÕES, CORTES E FIXAÇÕES, P/ PRÉDIOS. AF_10/2015","M","ATRIBUÍDO SÃO PAULO",26.43,"COMPOSICAO",89830,"JUNÇÃO SIMPLES, PVC, SERIE NORMAL, ESGOTO PREDIAL, DN 75 X 75 MM, JUNTA ELÁSTICA, FORNECIDO E INSTALADO EM PRUMADA DE ESGOTO SANITÁRIO OU VENTILAÇÃO. AF_12/2014","UN","COEFICIENTE DE REPRESENTATIVIDADE",0.126,18.8,2.36,"","","","","","","","","","",null,"CAIXA REFERENCIAL"]
["INSTALACOES HIDRO SANITARIAS","INHI","FORNEC. E ASSENTAMENTO DE TUBOS P/INSTALACAO DOMIC",179,"","",92275,"TUBO EM COBRE RÍGIDO, DN 22 MM, CLASSE E, SEM ISOLAMENTO, INSTALADO EM PRUMADA \u0096 FORNECIMENTO E INSTALAÇÃO. AF_12/2015","M","ATRIBUÍDO SÃO PAULO",39.25,"INSUMO",12743,"TUBO DE COBRE CLASSE \"E\", DN = 22 MM, PARA INSTALACAO HIDRAULICA PREDIAL","M","ATRIBUÍDO SÃO PAULO",1.0210999999999999,37,37.78,"","","","","","","","","","",null,"CAIXA REFERENCIAL"]
["INSTALACOES HIDRO SANITARIAS","INHI","FORNEC. E ASSENTAMENTO DE TUBOS P/INSTALACAO DOMIC",179,"","",92305,"TUBO EM COBRE RÍGIDO, DN 15 MM, CLASSE E, SEM ISOLAMENTO, INSTALADO EM RAMAL DE DISTRIBUIÇÃO \u0096 FORNECIMENTO E INSTALAÇÃO. AF_12/2015","M","ATRIBUÍDO SÃO PAULO",25.89,"COMPOSICAO",88248,"AUXILIAR DE ENCANADOR OU BOMBEIRO HIDRÁULICO COM ENCARGOS COMPLEMENTARES","H","COEFICIENTE DE REPRESENTATIVIDADE",0.125,13.72,1.71,"","","","","","","","","","",null,"CAIXA REFERENCIAL"]
["INSTALACOES HIDRO SANITARIAS","INHI","FORNEC. E ASSENTAMENTO DE TUBOS P/INSTALACAO DOMIC",179,"","",92309,"TUBO EM COBRE RÍGIDO, DN 22 MM, CLASSE E, COM ISOLAMENTO, INSTALADO EM RAMAL DE DISTRIBUIÇÃO \u0096 FORNECIMENTO E INSTALAÇÃO. AF_12/2015","M","ATRIBUÍDO SÃO PAULO",100.65,"INSUMO",12743,"TUBO DE COBRE CLASSE \"E\", DN = 22 MM, PARA INSTALACAO HIDRAULICA PREDIAL","M","ATRIBUÍDO SÃO PAULO",1.0210999999999999,37,37.78,"","","","","","","","","","",null,"CAIXA REFERENCIAL"]
["INSTALACOES HIDRO SANITARIAS","INHI","FORNEC. E ASSENTAMENTO DE TUBOS P/INSTALACAO DOMIC",179,"","",92325,"TUBO EM COBRE RÍGIDO, DN 28 MM, CLASSE E, COM ISOLAMENTO, INSTALADO EM RAMAL E SUB-RAMAL \u0096 FORNECIMENTO E INSTALAÇÃO. AF_12/2015","M","ATRIBUÍDO SÃO PAULO",127.74,"INSUMO",12744,"TUBO DE COBRE CLASSE \"E\", DN = 28 MM, PARA INSTALACAO HIDRAULICA PREDIAL","M","ATRIBUÍDO SÃO PAULO",1.0210999999999999,46.96,47.95,"","","","","","","","","","",null,"CAIXA REFERENCIAL"]
["INSTALACOES HIDRO SANITARIAS","INHI","FORNEC. E ASSENTAMENTO DE TUBOS P/INSTALACAO DOMIC",179,"","",92648,"TUBO DE AÇO PRETO SEM COSTURA, CONEXÃO SOLDADA, DN 40 (1 1/2\"), INSTALADO EM REDE DE ALIMENTAÇÃO PARA SPRINKLER - FORNECIMENTO E INSTALAÇÃO. AF_12/2015","M","ATRIBUÍDO SÃO PAULO",55.71,"COMPOSICAO",88317,"SOLDADOR COM ENCARGOS COMPLEMENTARES","H","COLETADO",0.13,20.34,2.64,"","","","","","","","","","",null,"CAIXA REFERENCIAL"]
["INSTALACOES HIDRO SANITARIAS","INHI","FORNEC. E ASSENTAMENTO DE TUBOS P/INSTALACAO DOMIC",179,"","",92653,"TUBO DE AÇO GALVANIZADO COM COSTURA, CLASSE MÉDIA, CONEXÃO ROSQUEADA, DN 40 (1 1/2\"), INSTALADO EM REDE DE ALIMENTAÇÃO PARA SPRINKLER - FORNECIMENTO E INSTALAÇÃO. AF_12/2015","M","COEFICIENTE DE REPRESENTATIVIDADE",45.9,"INSUMO",7697,"TUBO ACO GALVANIZADO COM COSTURA, CLASSE MEDIA, DN 1.1/2\", E = *3,25* MM, PESO *3,61* KG/M (NBR 5580)","M","COEFICIENTE DE REPRESENTATIVIDADE",1.0389999999999999,35.35,36.72,"","","","","","","","","","",null,"CAIXA REFERENCIAL"]
["INSTALACOES HIDRO SANITARIAS","INHI","FORNEC. E ASSENTAMENTO DE TUBOS P/INSTALACAO DOMIC",179,"","",94604,"TUBO EM COBRE RÍGIDO, DN 79 MM, CLASSE E, SEM ISOLAMENTO, INSTALADO EM RESERVAÇÃO DE ÁGUA DE EDIFICAÇÃO QUE POSSUA RESERVATÓRIO DE FIBRA/FIBROCIMENTO \u0096 FORNECIMENTO E INSTALAÇÃO. AF_06/2016","M","ATRIBUÍDO SÃO PAULO",274.76,"","","","","","","","",17.45,6.3526156,257.31,93.647384400000007,"0,00","0,0000000","0,00","0,0000000","0,00","0,0000000",0,"CAIXA REFERENCIAL"]
["INSTALACOES HIDRO SANITARIAS","INHI","FORNEC. E ASSENTAMENTO DE TUBOS P/INSTALACAO DOMIC",179,"","",94649,"TUBO, PVC, SOLDÁVEL, DN 32 MM, INSTALADO EM RESERVAÇÃO DE ÁGUA DE EDIFICAÇÃO QUE POSSUA RESERVATÓRIO DE FIBRA/FIBROCIMENTO   FORNECIMENTO E INSTALAÇÃO. AF_06/2016","M","COEFICIENTE DE REPRESENTATIVIDADE",10.029999999999999,"","","","","","","","",3.13,31.293881599999999,6.9,68.706118399999994,"0,00","0,0000000","0,00","0,0000000","0,00","0,0000000",0,"CAIXA REFERENCIAL"]
["INSTALACOES HIDRO SANITARIAS","INHI","FORNEC. E ASSENTAMENTO DE TUBOS P/INSTALACAO DOMIC",179,"","",94721,"TUBO, CPVC, SOLDÁVEL, DN 73 MM, INSTALADO EM RESERVAÇÃO DE ÁGUA DE EDIFICAÇÃO QUE POSSUA RESERVATÓRIO DE FIBRA/FIBROCIMENTO \u0096 FORNECIMENTO E INSTALAÇÃO. AF_06/2016","M","COEFICIENTE DE REPRESENTATIVIDADE",91.09,"INSUMO",38030,"TUBO CPVC, SOLDAVEL, 73 MM, AGUA QUENTE PREDIAL (NBR 15884)","M","COEFICIENTE DE REPRESENTATIVIDADE",0.98199999999999998,83.67,82.16,"","","","","","","","","","",null,"CAIXA REFERENCIAL"]
["INSTALACOES HIDRO SANITARIAS","INHI","FORNEC. E ASSENTAMENTO DE TUBOS P/INSTALACAO DOMIC",179,"","",96648,"TUBO, PPR, DN 32, CLASSE PN 25,  INSTALADO EM RAMAL DE DISTRIBUIÇÃO DE ÁGUA \u0096 FORNECIMENTO E INSTALAÇÃO. AF_06/2015","M","COEFICIENTE DE REPRESENTATIVIDADE",25.64,"","","","","","","","",6.99,27.297614299999999,18.649999999999999,72.702385699999994,"0,00","0,0000000","0,00","0,0000000","0,00","0,0000000",0,"CAIXA REFERENCIAL"]
["INSTALACOES HIDRO SANITARIAS","INHI","FORNEC. E ASSENTAMENTO DE TUBOS P/INSTALACAO DOMIC",179,"","",96678,"TUBO, PPR, DN 40, CLASSE PN 25,  INSTALADO EM PRUMADA DE ÁGUA \u0096 FORNECIMENTO E INSTALAÇÃO. AF_06/2015","M","COEFICIENTE DE REPRESENTATIVIDADE",24.5,"COMPOSICAO",88267,"ENCANADOR OU BOMBEIRO HIDRÁULICO COM ENCARGOS COMPLEMENTARES","H","COLETADO",6.3E-2,17.760000000000002,1.1100000000000001,"","","","","","","","","","",null,"CAIXA REFERENCIAL"]
["INSTALACOES HIDRO SANITARIAS","INHI","FORNEC. E ASSENTAMENTO DE TUBOS P/INSTALACAO DOMIC",179,"","",96721,"TUBO, PPR, DN 40, CLASSE PN 12,  INSTALADO EM RESERVAÇÃO DE ÁGUA DE EDIFICAÇÃO QUE POSSUA RESERVATÓRIO DE FIBRA/FIBROCIMENTO \u0096 FORNECIMENTO E INSTALAÇÃO. AF_06/2016","M","COEFICIENTE DE REPRESENTATIVIDADE",22.56,"","","","","","","","",3.58,15.8969804,18.98,84.103019599999996,"0,00","0,0000000","0,00","0,0000000","0,00","0,0000000",0,"CAIXA REFERENCIAL"]
["INSTALACOES HIDRO SANITARIAS","INHI","FORNEC. E ASSENTAMENTO DE TUBOS P/INSTALACAO DOMIC",179,"","",96725,"TUBO, PPR, DN 90, CLASSE PN 12,  INSTALADO EM RESERVAÇÃO DE ÁGUA DE EDIFICAÇÃO QUE POSSUA RESERVATÓRIO DE FIBRA/FIBROCIMENTO \u0096 FORNECIMENTO E INSTALAÇÃO. AF_06/2016","M","COEFICIENTE DE REPRESENTATIVIDADE",89.67,"COMPOSICAO",88267,"ENCANADOR OU BOMBEIRO HIDRÁULICO COM ENCARGOS COMPLEMENTARES","H","COLETADO",0.38400000000000001,17.760000000000002,6.81,"","","","","","","","","","",null,"CAIXA REFERENCIAL"]
["INSTALACOES HIDRO SANITARIAS","INHI","FORNEC. E ASSENTAMENTO DE TUBOS P/INSTALACAO DOMIC",179,"","",96800,"TUBO, PEX, MONOCAMADA, DN 25, INSTALADO EM RAMAL DE DISTRIBUIÇÃO DE ÁGUA \u0096 FORNECIMENTO E INSTALAÇÃO. AF_06/2015","M","ATRIBUÍDO SÃO PAULO",13.05,"COMPOSICAO",88267,"ENCANADOR OU BOMBEIRO HIDRÁULICO COM ENCARGOS COMPLEMENTARES","H","COLETADO",0.17599999999999999,17.760000000000002,3.12,"","","","","","","","","","",null,"CAIXA REFERENCIAL"]
["INSTALACOES HIDRO SANITARIAS","INHI","FORNEC. E ASSENTAMENTO DE TUBOS P/INSTALACAO DOMIC",179,"","",97329,"TUBO EM COBRE FLEXÍVEL, DN 1/2\", COM ISOLAMENTO, INSTALADO EM RAMAL DE ALIMENTAÇÃO DE AR CONDICIONADO COM CONDENSADORA INDIVIDUAL \u0096 FORNECIMENTO E INSTALAÇÃO. AF_12/2015","M","ATRIBUÍDO SÃO PAULO",42.2,"","","","","","","","",1.41,3.3459894999999999,40.79,96.654010499999998,"0,00","0,0000000","0,00","0,0000000","0,00","0,0000000",0,"CAIXA REFERENCIAL"]
["INSTALACOES HIDRO SANITARIAS","INHI","FORNEC. E ASSENTAMENTO DE TUBOS P/INSTALACAO DOMIC",179,"","",97335,"TUBO EM COBRE RÍGIDO, DN 22 MM, CLASSE A, SEM ISOLAMENTO, INSTALADO EM PRUMADA \u0096 FORNECIMENTO E INSTALAÇÃO. AF_12/2015","M","ATRIBUÍDO SÃO PAULO",56.48,"COMPOSICAO",88267,"ENCANADOR OU BOMBEIRO HIDRÁULICO COM ENCARGOS COMPLEMENTARES","H","COLETADO",4.7E-2,17.760000000000002,0.83,"","","","","","","","","","",null,"CAIXA REFERENCIAL"]
["INSTALACOES HIDRO SANITARIAS","INHI","FORNEC. E ASSENTAMENTO DE TUBOS P/INSTALACAO DOMIC",179,"","",97353,"TUBO EM COBRE RÍGIDO, DN 15 MM, CLASSE I, SEM ISOLAMENTO, INSTALADO EM RAMAL DE DISTRIBUIÇÃO \u0096 FORNECIMENTO E INSTALAÇÃO. AF_12/2015","M","ATRIBUÍDO SÃO PAULO",44.77,"COMPOSICAO",88267,"ENCANADOR OU BOMBEIRO HIDRÁULICO COM ENCARGOS COMPLEMENTARES","H","COLETADO",0.125,17.760000000000002,2.2200000000000002,"","","","","","","","","","",null,"CAIXA REFERENCIAL"]
["INSTALACOES HIDRO SANITARIAS","INHI","FORNEC. E ASSENTAMENTO DE TUBOS P/INSTALACAO DOMIC",179,"","",100788,"KIT CAVALETE PARA GÁS - SEM MEDIDOR OU REGULADOR - ENTRADA INDIVIDUAL PRINCIPAL, EM AÇO GALVANIZADO DN 15 E 25 MM (1/2\" E 1\") - FORNECIMENTO E INSTALAÇÃO. AF_01/2020","UN","ATRIBUÍDO SÃO PAULO",431.7,"INSUMO",4179,"NIPLE DE FERRO GALVANIZADO, COM ROSCA BSP, DE 1\"","UN","ATRIBUÍDO SÃO PAULO",4,6.94,27.76,"","","","","","","","","","",null,"CAIXA REFERENCIAL"]
["INSTALACOES HIDRO SANITARIAS","INHI","FORNEC. E ASSENTAMENTO DE TUBOS P/INSTALACAO DOMIC",179,"","",100791,"TUBO, PEX, MULTICAMADA, DN 16, INSTALADO EM IMPLANTAÇÃO DE INSTALAÇÕES DE GÁS - FORNECIMENTO E INSTALAÇÃO. AF_01/2020","M","ATRIBUÍDO SÃO PAULO",13.79,"COMPOSICAO",88267,"ENCANADOR OU BOMBEIRO HIDRÁULICO COM ENCARGOS COMPLEMENTARES","H","COLETADO",0.2276,17.760000000000002,4.04,"","","","","","","","","","",null,"CAIXA REFERENCIAL"]
["INSTALACOES HIDRO SANITARIAS","INHI","CONEXOES",180,"","",72307,"COTOVELO DE AÇO GALVANIZADO 5\" - FORNECIMENTO E INSTALAÇÃO","UN","ATRIBUÍDO SÃO PAULO",249.14,"","","","","","","","",26.54,10.655211100000001,222.6,89.344788899999998,"0,00","0,0000000","0,00","0,0000000","0,00","0,0000000",0,"CAIXA REFERENCIAL"]
["INSTALACOES HIDRO SANITARIAS","INHI","CONEXOES",180,"","",72720,"TE DE ACO GALVANIZADO 5\" - FORNECIMENTO E INSTALACAO","UN","ATRIBUÍDO SÃO PAULO",307.39999999999998,"COMPOSICAO",88267,"ENCANADOR OU BOMBEIRO HIDRÁULICO COM ENCARGOS COMPLEMENTARES","H","COLETADO",1.25,17.760000000000002,22.2,"","","","","","","","","","",null,"CAIXA REFERENCIAL"]
["INSTALACOES HIDRO SANITARIAS","INHI","CONEXOES",180,"","",89361,"CURVA 45 GRAUS, PVC, SOLDÁVEL, DN 20MM, INSTALADO EM RAMAL OU SUB-RAMAL DE ÁGUA - FORNECIMENTO E INSTALAÇÃO. AF_12/2014","UN","COEFICIENTE DE REPRESENTATIVIDADE",5.81,"INSUMO",1926,"CURVA DE PVC 45 GRAUS, SOLDAVEL, 20 MM, PARA AGUA FRIA PREDIAL (NBR 5648)","UN","COEFICIENTE DE REPRESENTATIVIDADE",1,1.21,1.21,"","","","","","","","","","",null,"CAIXA REFERENCIAL"]
["INSTALACOES HIDRO SANITARIAS","INHI","CONEXOES",180,"","",89366,"JOELHO 90 GRAUS COM BUCHA DE LATÃO, PVC, SOLDÁVEL, DN 25MM, X 3/4\u0094 INSTALADO EM RAMAL OU SUB-RAMAL DE ÁGUA - FORNECIMENTO E INSTALAÇÃO. AF_12/2014","UN","COEFICIENTE DE REPRESENTATIVIDADE",10.27,"","","","","","","","",3.53,34.378060699999999,6.74,65.621939299999994,"0,00","0,0000000","0,00","0,0000000","0,00","0,0000000",0,"CAIXA REFERENCIAL"]
["INSTALACOES HIDRO SANITARIAS","INHI","CONEXOES",180,"","",89372,"LUVA DE CORRER, PVC, SOLDÁVEL, DN 20MM, INSTALADO EM RAMAL OU SUB-RAMAL DE ÁGUA - FORNECIMENTO E INSTALAÇÃO. AF_12/2014","UN","COEFICIENTE DE REPRESENTATIVIDADE",8.43,"COMPOSICAO",88248,"AUXILIAR DE ENCANADOR OU BOMBEIRO HIDRÁULICO COM ENCARGOS COMPLEMENTARES","H","COEFICIENTE DE REPRESENTATIVIDADE",8.5999999999999993E-2,13.72,1.17,"","","","","","","","","","",null,"CAIXA REFERENCIAL"]
["INSTALACOES HIDRO SANITARIAS","INHI","CONEXOES",180,"","",89378,"LUVA, PVC, SOLDÁVEL, DN 25MM, INSTALADO EM RAMAL OU SUB-RAMAL DE ÁGUA - FORNECIMENTO E INSTALAÇÃO. AF_12/2014","UN","COEFICIENTE DE REPRESENTATIVIDADE",4.3499999999999996,"INSUMO",20083,"SOLUCAO LIMPADORA PARA PVC, FRASCO COM 1000 CM3","UN","COEFICIENTE DE REPRESENTATIVIDADE",8.0000000000000002E-3,39.22,0.31,"","","","","","","","","","",null,"CAIXA REFERENCIAL"]
["INSTALACOES HIDRO SANITARIAS","INHI","CONEXOES",180,"","",89383,"ADAPTADOR CURTO COM BOLSA E ROSCA PARA REGISTRO, PVC, SOLDÁVEL, DN 25MM X 3/4\u0094, INSTALADO EM RAMAL OU SUB-RAMAL DE ÁGUA - FORNECIMENTO E INSTALAÇÃO. AF_12/2014","UN","COEFICIENTE DE REPRESENTATIVIDADE",4.41,"INSUMO",65,"ADAPTADOR PVC SOLDAVEL CURTO COM BOLSA E ROSCA, 25 MM X 3/4\", PARA AGUA FRIA","UN","COEFICIENTE DE REPRESENTATIVIDADE",1,0.59,0.59,"","","","","","","","","","",null,"CAIXA REFERENCIAL"]
["INSTALACOES HIDRO SANITARIAS","INHI","CONEXOES",180,"","",89387,"LUVA DE CORRER, PVC, SOLDÁVEL, DN 32MM, INSTALADO EM RAMAL OU SUB-RAMAL DE ÁGUA   FORNECIMENTO E INSTALAÇÃO. AF_12/2014","UN","COEFICIENTE DE REPRESENTATIVIDADE",21.09,"INSUMO",38021,"LUVA DE CORRER PARA TUBO SOLDAVEL, PVC, 32 MM, PARA AGUA FRIA PREDIAL","UN","COEFICIENTE DE REPRESENTATIVIDADE",1,16.440000000000001,16.440000000000001,"","","","","","","","","","",null,"CAIXA REFERENCIAL"]
["INSTALACOES HIDRO SANITARIAS","INHI","CONEXOES",180,"","",89395,"TE, PVC, SOLDÁVEL, DN 25MM, INSTALADO EM RAMAL OU SUB-RAMAL DE ÁGUA - FORNECIMENTO E INSTALAÇÃO. AF_12/2014","UN","COEFICIENTE DE REPRESENTATIVIDADE",8.18,"INSUMO",38383,"LIXA D'AGUA EM FOLHA, GRAO 100","UN","COEFICIENTE DE REPRESENTATIVIDADE",7.4999999999999997E-2,1.37,0.1,"","","","","","","","","","",null,"CAIXA REFERENCIAL"]
["INSTALACOES HIDRO SANITARIAS","INHI","CONEXOES",180,"","",89400,"TÊ DE REDUÇÃO, PVC, SOLDÁVEL, DN 32MM X 25MM, INSTALADO EM RAMAL OU SUB-RAMAL DE ÁGUA - FORNECIMENTO E INSTALAÇÃO. AF_12/2014","UN","COEFICIENTE DE REPRESENTATIVIDADE",13.02,"INSUMO",7136,"TE DE REDUCAO, PVC, SOLDAVEL, 90 GRAUS, 32 MM X 25 MM, PARA AGUA FRIA PREDIAL","UN","COEFICIENTE DE REPRESENTATIVIDADE",1,4.13,4.13,"","","","","","","","","","",null,"CAIXA REFERENCIAL"]
["INSTALACOES HIDRO SANITARIAS","INHI","CONEXOES",180,"","",89410,"CURVA 90 GRAUS, PVC, SOLDÁVEL, DN 25MM, INSTALADO EM RAMAL DE DISTRIBUIÇÃO DE ÁGUA - FORNECIMENTO E INSTALAÇÃO. AF_12/2014","UN","COEFICIENTE DE REPRESENTATIVIDADE",5.55,"INSUMO",38383,"LIXA D'AGUA EM FOLHA, GRAO 100","UN","COEFICIENTE DE REPRESENTATIVIDADE",0.03,1.37,0.04,"","","","","","","","","","",null,"CAIXA REFERENCIAL"]
["INSTALACOES HIDRO SANITARIAS","INHI","CONEXOES",180,"","",89415,"CURVA 90 GRAUS, PVC, SOLDÁVEL, DN 32MM, INSTALADO EM RAMAL DE DISTRIBUIÇÃO DE ÁGUA - FORNECIMENTO E INSTALAÇÃO. AF_12/2014","UN","COEFICIENTE DE REPRESENTATIVIDADE",8.93,"COMPOSICAO",88248,"AUXILIAR DE ENCANADOR OU BOMBEIRO HIDRÁULICO COM ENCARGOS COMPLEMENTARES","H","COEFICIENTE DE REPRESENTATIVIDADE",0.107,13.72,1.46,"","","","","","","","","","",null,"CAIXA REFERENCIAL"]
["INSTALACOES HIDRO SANITARIAS","INHI","CONEXOES",180,"","",89418,"LUVA DE CORRER, PVC, SOLDÁVEL, DN 20MM, INSTALADO EM RAMAL DE DISTRIBUIÇÃO DE ÁGUA - FORNECIMENTO E INSTALAÇÃO. AF_12/2014","UN","COEFICIENTE DE REPRESENTATIVIDADE",7.35,"","","","","","","","",1.21,16.483516399999999,6.14,83.516483600000001,"0,00","0,0000000","0,00","0,0000000","0,00","0,0000000",0,"CAIXA REFERENCIAL"]
["INSTALACOES HIDRO SANITARIAS","INHI","CONEXOES",180,"","",89425,"LUVA DE CORRER, PVC, SOLDÁVEL, DN 25MM, INSTALADO EM RAMAL DE DISTRIBUIÇÃO DE ÁGUA - FORNECIMENTO E INSTALAÇÃO. AF_12/2014","UN","COEFICIENTE DE REPRESENTATIVIDADE",9.41,"INSUMO",3873,"LUVA DE CORRER PARA TUBO SOLDAVEL, PVC, 25 MM, PARA AGUA FRIA PREDIAL","UN","COEFICIENTE DE REPRESENTATIVIDADE",1,6.87,6.87,"","","","","","","","","","",null,"CAIXA REFERENCIAL"]
["INSTALACOES HIDRO SANITARIAS","INHI","CONEXOES",180,"","",89432,"LUVA DE CORRER, PVC, SOLDÁVEL, DN 32MM, INSTALADO EM RAMAL DE DISTRIBUIÇÃO DE ÁGUA   FORNECIMENTO E INSTALAÇÃO. AF_12/2014","UN","COEFICIENTE DE REPRESENTATIVIDADE",19.54,"COMPOSICAO",88267,"ENCANADOR OU BOMBEIRO HIDRÁULICO COM ENCARGOS COMPLEMENTARES","H","COLETADO",7.0999999999999994E-2,17.760000000000002,1.26,"","","","","","","","","","",null,"CAIXA REFERENCIAL"]
["INSTALACOES HIDRO SANITARIAS","INHI","CONEXOES",180,"","",89435,"UNIÃO, PVC, SOLDÁVEL, DN 32MM, INSTALADO EM RAMAL DE DISTRIBUIÇÃO DE ÁGUA - FORNECIMENTO E INSTALAÇÃO. AF_12/2014","UN","COEFICIENTE DE REPRESENTATIVIDADE",12.93,"INSUMO",122,"ADESIVO PLASTICO PARA PVC, FRASCO COM 850 GR","UN","COEFICIENTE DE REPRESENTATIVIDADE",8.9999999999999993E-3,45.16,0.4,"","","","","","","","","","",null,"CAIXA REFERENCIAL"]
["INSTALACOES HIDRO SANITARIAS","INHI","CONEXOES",180,"","",89440,"TE, PVC, SOLDÁVEL, DN 25MM, INSTALADO EM RAMAL DE DISTRIBUIÇÃO DE ÁGUA - FORNECIMENTO E INSTALAÇÃO. AF_12/2014","UN","COEFICIENTE DE REPRESENTATIVIDADE",5.62,"","","","","","","","",2.85,50.632911399999998,2.77,49.367088600000002,"0,00","0,0000000","0,00","0,0000000","0,00","0,0000000",0,"CAIXA REFERENCIAL"]
["INSTALACOES HIDRO SANITARIAS","INHI","CONEXOES",180,"","",89485,"JOELHO 45 GRAUS, PVC, SOLDÁVEL, DN 25MM, INSTALADO EM PRUMADA DE ÁGUA - FORNECIMENTO E INSTALAÇÃO. AF_12/2014","UN","COEFICIENTE DE REPRESENTATIVIDADE",3.51,"INSUMO",38383,"LIXA D'AGUA EM FOLHA, GRAO 100","UN","COEFICIENTE DE REPRESENTATIVIDADE",1.2999999999999999E-2,1.37,0.01,"","","","","","","","","","",null,"CAIXA REFERENCIAL"]
["INSTALACOES HIDRO SANITARIAS","INHI","CONEXOES",180,"","",89494,"CURVA 90 GRAUS, PVC, SOLDÁVEL, DN 32MM, INSTALADO EM PRUMADA DE ÁGUA - FORNECIMENTO E INSTALAÇÃO. AF_12/2014","UN","COEFICIENTE DE REPRESENTATIVIDADE",7.84,"INSUMO",1957,"CURVA DE PVC 90 GRAUS, SOLDAVEL, 32 MM, PARA AGUA FRIA PREDIAL (NBR 5648)","UN","COEFICIENTE DE REPRESENTATIVIDADE",1,4.7,4.7,"","","","","","","","","","",null,"CAIXA REFERENCIAL"]
["INSTALACOES HIDRO SANITARIAS","INHI","CONEXOES",180,"","",89503,"CURVA 90 GRAUS, PVC, SOLDÁVEL, DN 50MM, INSTALADO EM PRUMADA DE ÁGUA - FORNECIMENTO E INSTALAÇÃO. AF_12/2014","UN","COEFICIENTE DE REPRESENTATIVIDADE",15.27,"INSUMO",122,"ADESIVO PLASTICO PARA PVC, FRASCO COM 850 GR","UN","COEFICIENTE DE REPRESENTATIVIDADE",1.7999999999999999E-2,45.16,0.81,"","","","","","","","","","",null,"CAIXA REFERENCIAL"]
["INSTALACOES HIDRO SANITARIAS","INHI","CONEXOES",180,"","",89507,"CURVA 90 GRAUS, PVC, SOLDÁVEL, DN 60MM, INSTALADO EM PRUMADA DE ÁGUA - FORNECIMENTO E INSTALAÇÃO. AF_12/2014","UN","COEFICIENTE DE REPRESENTATIVIDADE",31.47,"COMPOSICAO",88248,"AUXILIAR DE ENCANADOR OU BOMBEIRO HIDRÁULICO COM ENCARGOS COMPLEMENTARES","H","COEFICIENTE DE REPRESENTATIVIDADE",0.128,13.72,1.75,"","","","","","","","","","",null,"CAIXA REFERENCIAL"]
["INSTALACOES HIDRO SANITARIAS","INHI","CONEXOES",180,"","",89516,"JOELHO 45 GRAUS, PVC, SERIE R, ÁGUA PLUVIAL, DN 40 MM, JUNTA SOLDÁVEL, FORNECIDO E INSTALADO EM RAMAL DE ENCAMINHAMENTO. AF_12/2014","UN","COEFICIENTE DE REPRESENTATIVIDADE",5.48,"INSUMO",20148,"JOELHO, PVC SERIE R, 45 GRAUS, DN 40 MM, PARA ESGOTO PREDIAL","UN","COEFICIENTE DE REPRESENTATIVIDADE",1,2.87,2.87,"","","","","","","","","","",null,"CAIXA REFERENCIAL"]
["INSTALACOES HIDRO SANITARIAS","INHI","CONEXOES",180,"","",89522,"JOELHO 90 GRAUS, PVC, SERIE R, ÁGUA PLUVIAL, DN 75 MM, JUNTA ELÁSTICA, FORNECIDO E INSTALADO EM RAMAL DE ENCAMINHAMENTO. AF_12/2014","UN","COEFICIENTE DE REPRESENTATIVIDADE",18.350000000000001,"INSUMO",298,"ANEL BORRACHA DN 75 MM, PARA TUBO SERIE REFORCADA ESGOTO PREDIAL","UN","COEFICIENTE DE REPRESENTATIVIDADE",1,2.2799999999999998,2.2799999999999998,"","","","","","","","","","",null,"CAIXA REFERENCIAL"]
["INSTALACOES HIDRO SANITARIAS","INHI","CONEXOES",180,"","",89529,"JOELHO 90 GRAUS, PVC, SERIE R, ÁGUA PLUVIAL, DN 100 MM, JUNTA ELÁSTICA, FORNECIDO E INSTALADO EM RAMAL DE ENCAMINHAMENTO. AF_12/2014","UN","COEFICIENTE DE REPRESENTATIVIDADE",27.15,"COMPOSICAO",88248,"AUXILIAR DE ENCANADOR OU BOMBEIRO HIDRÁULICO COM ENCARGOS COMPLEMENTARES","H","COEFICIENTE DE REPRESENTATIVIDADE",0.14000000000000001,13.72,1.92,"","","","","","","","","","",null,"CAIXA REFERENCIAL"]
["INSTALACOES HIDRO SANITARIAS","INHI","CONEXOES",180,"","",89534,"LUVA SOLDÁVEL E COM ROSCA, PVC, SOLDÁVEL, DN 25MM X 3/4\u0094, INSTALADO EM PRUMADA DE ÁGUA - FORNECIMENTO E INSTALAÇÃO. AF_12/2014","UN","COEFICIENTE DE REPRESENTATIVIDADE",2.97,"COMPOSICAO",88267,"ENCANADOR OU BOMBEIRO HIDRÁULICO COM ENCARGOS COMPLEMENTARES","H","COLETADO",0.04,17.760000000000002,0.71,"","","","","","","","","","",null,"CAIXA REFERENCIAL"]
["INSTALACOES HIDRO SANITARIAS","INHI","CONEXOES",180,"","",89545,"LUVA SIMPLES, PVC, SERIE R, ÁGUA PLUVIAL, DN 50 MM, JUNTA ELÁSTICA, FORNECIDO E INSTALADO EM RAMAL DE ENCAMINHAMENTO. AF_12/2014","UN","COEFICIENTE DE REPRESENTATIVIDADE",8.2799999999999994,"COMPOSICAO",88248,"AUXILIAR DE ENCANADOR OU BOMBEIRO HIDRÁULICO COM ENCARGOS COMPLEMENTARES","H","COEFICIENTE DE REPRESENTATIVIDADE",4.4999999999999998E-2,13.72,0.61,"","","","","","","","","","",null,"CAIXA REFERENCIAL"]
["INSTALACOES HIDRO SANITARIAS","INHI","CONEXOES",180,"","",89551,"LUVA SOLDÁVEL E COM ROSCA, PVC, SOLDÁVEL, DN 32MM X 1\u0094, INSTALADO EM PRUMADA DE ÁGUA - FORNECIMENTO E INSTALAÇÃO. AF_12/2014","UN","COEFICIENTE DE REPRESENTATIVIDADE",5.98,"INSUMO",122,"ADESIVO PLASTICO PARA PVC, FRASCO COM 850 GR","UN","COEFICIENTE DE REPRESENTATIVIDADE",8.9999999999999993E-3,45.16,0.4,"","","","","","","","","","",null,"CAIXA REFERENCIAL"]
["INSTALACOES HIDRO SANITARIAS","INHI","CONEXOES",180,"","",89553,"ADAPTADOR CURTO COM BOLSA E ROSCA PARA REGISTRO, PVC, SOLDÁVEL, DN 32MM X 1\u0094, INSTALADO EM PRUMADA DE ÁGUA - FORNECIMENTO E INSTALAÇÃO. AF_12/2014","UN","COEFICIENTE DE REPRESENTATIVIDADE",3.61,"INSUMO",38383,"LIXA D'AGUA EM FOLHA, GRAO 100","UN","COEFICIENTE DE REPRESENTATIVIDADE",1.7000000000000001E-2,1.37,0.02,"","","","","","","","","","",null,"CAIXA REFERENCIAL"]
["INSTALACOES HIDRO SANITARIAS","INHI","CONEXOES",180,"","",89565,"JUNÇÃO SIMPLES, PVC, SERIE R, ÁGUA PLUVIAL, DN 75 X 75 MM, JUNTA ELÁSTICA, FORNECIDO E INSTALADO EM RAMAL DE ENCAMINHAMENTO. AF_12/2014","UN","COEFICIENTE DE REPRESENTATIVIDADE",33.26,"INSUMO",20078,"PASTA LUBRIFICANTE PARA TUBOS E CONEXOES COM JUNTA ELASTICA (USO EM PVC, ACO, POLIETILENO E OUTROS) ( DE *400* G)","UN","COEFICIENTE DE REPRESENTATIVIDADE",0.06,16.53,0.99,"","","","","","","","","","",null,"CAIXA REFERENCIAL"]
["INSTALACOES HIDRO SANITARIAS","INHI","CONEXOES",180,"","",89570,"ADAPTADOR CURTO COM BOLSA E ROSCA PARA REGISTRO, PVC, SOLDÁVEL, DN 40MM X 1.1/2\u0094, INSTALADO EM PRUMADA DE ÁGUA - FORNECIMENTO E INSTALAÇÃO. AF_12/2014","UN","COEFICIENTE DE REPRESENTATIVIDADE",7.68,"INSUMO",20083,"SOLUCAO LIMPADORA PARA PVC, FRASCO COM 1000 CM3","UN","COEFICIENTE DE REPRESENTATIVIDADE",1.4E-2,39.22,0.54,"","","","","","","","","","",null,"CAIXA REFERENCIAL"]
["INSTALACOES HIDRO SANITARIAS","INHI","CONEXOES",180,"","",89579,"LUVA DE REDUÇÃO, PVC, SOLDÁVEL, DN 50MM X 25MM, INSTALADO EM PRUMADA DE ÁGUA   FORNECIMENTO E INSTALAÇÃO. AF_12/2014","UN","COEFICIENTE DE REPRESENTATIVIDADE",7.22,"","","","","","","","",1.69,23.496503400000002,5.53,76.503496600000005,"0,00","0,0000000","0,00","0,0000000","0,00","0,0000000",0,"CAIXA REFERENCIAL"]
["INSTALACOES HIDRO SANITARIAS","INHI","CONEXOES",180,"","",89579,"LUVA DE REDUÇÃO, PVC, SOLDÁVEL, DN 50MM X 25MM, INSTALADO EM PRUMADA DE ÁGUA   FORNECIMENTO E INSTALAÇÃO. AF_12/2014","UN","COEFICIENTE DE REPRESENTATIVIDADE",7.22,"INSUMO",38383,"LIXA D'AGUA EM FOLHA, GRAO 100","UN","COEFICIENTE DE REPRESENTATIVIDADE",2.4E-2,1.37,0.03,"","","","","","","","","","",null,"CAIXA REFERENCIAL"]
["INSTALACOES HIDRO SANITARIAS","INHI","CONEXOES",180,"","",89594,"UNIÃO, PVC, SOLDÁVEL, DN 50MM, INSTALADO EM PRUMADA DE ÁGUA - FORNECIMENTO E INSTALAÇÃO. AF_12/2014","UN","COEFICIENTE DE REPRESENTATIVIDADE",24.7,"INSUMO",9897,"UNIAO PVC, SOLDAVEL, 50 MM,  PARA AGUA FRIA PREDIAL","UN","COEFICIENTE DE REPRESENTATIVIDADE",1,20.75,20.75,"","","","","","","","","","",null,"CAIXA REFERENCIAL"]
["INSTALACOES HIDRO SANITARIAS","INHI","CONEXOES",180,"","",89598,"LUVA DE CORRER, PVC, SOLDÁVEL, DN 60MM, INSTALADO EM PRUMADA DE ÁGUA   FORNECIMENTO E INSTALAÇÃO. AF_12/2014","UN","COEFICIENTE DE REPRESENTATIVIDADE",34.090000000000003,"INSUMO",122,"ADESIVO PLASTICO PARA PVC, FRASCO COM 850 GR","UN","COEFICIENTE DE REPRESENTATIVIDADE",2.4E-2,45.16,1.08,"","","","","","","","","","",null,"CAIXA REFERENCIAL"]
["INSTALACOES HIDRO SANITARIAS","INHI","CONEXOES",180,"","",89605,"LUVA DE REDUÇÃO, PVC, SOLDÁVEL, DN 60MM X 50MM, INSTALADO EM PRUMADA DE ÁGUA - FORNECIMENTO E INSTALAÇÃO. AF_12/2014","UN","COEFICIENTE DE REPRESENTATIVIDADE",12.69,"INSUMO",20083,"SOLUCAO LIMPADORA PARA PVC, FRASCO COM 1000 CM3","UN","COEFICIENTE DE REPRESENTATIVIDADE",0.03,39.22,1.17,"","","","","","","","","","",null,"CAIXA REFERENCIAL"]
["INSTALACOES HIDRO SANITARIAS","INHI","CONEXOES",180,"","",89613,"ADAPTADOR CURTO COM BOLSA E ROSCA PARA REGISTRO, PVC, SOLDÁVEL, DN 75MM X 2.1/2\u0094, INSTALADO EM PRUMADA DE ÁGUA - FORNECIMENTO E INSTALAÇÃO. AF_12/2014","UN","COEFICIENTE DE REPRESENTATIVIDADE",18.87,"INSUMO",104,"ADAPTADOR PVC SOLDAVEL CURTO COM BOLSA E ROSCA, 75 MM X 2 1/2\", PARA AGUA FRIA","UN","COEFICIENTE DE REPRESENTATIVIDADE",1,11.74,11.74,"","","","","","","","","","",null,"CAIXA REFERENCIAL"]
["INSTALACOES HIDRO SANITARIAS","INHI","CONEXOES",180,"","",89620,"TE, PVC, SOLDÁVEL, DN 32MM, INSTALADO EM PRUMADA DE ÁGUA - FORNECIMENTO E INSTALAÇÃO. AF_12/2014","UN","COEFICIENTE DE REPRESENTATIVIDADE",7.18,"INSUMO",122,"ADESIVO PLASTICO PARA PVC, FRASCO COM 850 GR","UN","COEFICIENTE DE REPRESENTATIVIDADE",1.4E-2,45.16,0.63,"","","","","","","","","","",null,"CAIXA REFERENCIAL"]
["INSTALACOES HIDRO SANITARIAS","INHI","CONEXOES",180,"","",89625,"TE, PVC, SOLDÁVEL, DN 50MM, INSTALADO EM PRUMADA DE ÁGUA - FORNECIMENTO E INSTALAÇÃO. AF_12/2014","UN","COEFICIENTE DE REPRESENTATIVIDADE",13.82,"INSUMO",38383,"LIXA D'AGUA EM FOLHA, GRAO 100","UN","COEFICIENTE DE REPRESENTATIVIDADE",3.5999999999999997E-2,1.37,0.04,"","","","","","","","","","",null,"CAIXA REFERENCIAL"]
["INSTALACOES HIDRO SANITARIAS","INHI","CONEXOES",180,"","",89637,"JOELHO 90 GRAUS, CPVC, SOLDÁVEL, DN 15MM, INSTALADO EM RAMAL OU SUB-RAMAL DE ÁGUA - FORNECIMENTO E INSTALAÇÃO. AF_12/2014","UN","ATRIBUÍDO SÃO PAULO",6.07,"COMPOSICAO",88248,"AUXILIAR DE ENCANADOR OU BOMBEIRO HIDRÁULICO COM ENCARGOS COMPLEMENTARES","H","COEFICIENTE DE REPRESENTATIVIDADE",0.109,13.72,1.49,"","","","","","","","","","",null,"CAIXA REFERENCIAL"]
["INSTALACOES HIDRO SANITARIAS","INHI","CONEXOES",180,"","",89647,"JOELHO 45 GRAUS, CPVC, SOLDÁVEL, DN 28MM, INSTALADO EM RAMAL OU SUB-RAMAL DE ÁGUA \u0096 FORNECIMENTO E INSTALAÇÃO. AF_12/2014","UN","ATRIBUÍDO SÃO PAULO",12.77,"INSUMO",21114,"ADESIVO PARA TUBOS CPVC, *75* G","UN","COEFICIENTE DE REPRESENTATIVIDADE",0.107,12.67,1.35,"","","","","","","","","","",null,"CAIXA REFERENCIAL"]
["INSTALACOES HIDRO SANITARIAS","INHI","CONEXOES",180,"","",89650,"JOELHO 45 GRAUS, CPVC, SOLDÁVEL, DN 35MM, INSTALADO EM RAMAL OU SUB-RAMAL DE ÁGUA \u0096 FORNECIMENTO E INSTALAÇÃO. AF_12/2014","UN","ATRIBUÍDO SÃO PAULO",19.149999999999999,"COMPOSICAO",88248,"AUXILIAR DE ENCANADOR OU BOMBEIRO HIDRÁULICO COM ENCARGOS COMPLEMENTARES","H","COEFICIENTE DE REPRESENTATIVIDADE",0.191,13.72,2.62,"","","","","","","","","","",null,"CAIXA REFERENCIAL"]
["INSTALACOES HIDRO SANITARIAS","INHI","CONEXOES",180,"","",89661,"UNIÃO, CPVC, SOLDÁVEL, DN22MM, INSTALADO EM RAMAL OU SUB-RAMAL DE ÁGUA \u0096 FORNECIMENTO E INSTALAÇÃO. AF_12/2014","UN","ATRIBUÍDO SÃO PAULO",13.24,"COMPOSICAO",88248,"AUXILIAR DE ENCANADOR OU BOMBEIRO HIDRÁULICO COM ENCARGOS COMPLEMENTARES","H","COEFICIENTE DE REPRESENTATIVIDADE",9.1999999999999998E-2,13.72,1.26,"","","","","","","","","","",null,"CAIXA REFERENCIAL"]
["INSTALACOES HIDRO SANITARIAS","INHI","CONEXOES",180,"","",89667,"TÊ DE INSPEÇÃO, PVC, SERIE R, ÁGUA PLUVIAL, DN 75 MM, JUNTA ELÁSTICA, FORNECIDO E INSTALADO EM CONDUTORES VERTICAIS DE ÁGUAS PLUVIAIS. AF_12/2014","UN","COEFICIENTE DE REPRESENTATIVIDADE",22.84,"INSUMO",20182,"TE DE INSPECAO, PVC, SERIE R, 75 X 75 MM, PARA ESGOTO PREDIAL","UN","COEFICIENTE DE REPRESENTATIVIDADE",1,18.82,18.82,"","","","","","","","","","",null,"CAIXA REFERENCIAL"]
["INSTALACOES HIDRO SANITARIAS","INHI","CONEXOES",180,"","",89673,"REDUÇÃO EXCÊNTRICA, PVC, SERIE R, ÁGUA PLUVIAL, DN 100 X 75 MM, JUNTA ELÁSTICA, FORNECIDO E INSTALADO EM CONDUTORES VERTICAIS DE ÁGUAS PLUVIAIS. AF_12/2014","UN","COEFICIENTE DE REPRESENTATIVIDADE",16.97,"COMPOSICAO",88248,"AUXILIAR DE ENCANADOR OU BOMBEIRO HIDRÁULICO COM ENCARGOS COMPLEMENTARES","H","COEFICIENTE DE REPRESENTATIVIDADE",7.0000000000000007E-2,13.72,0.96,"","","","","","","","","","",null,"CAIXA REFERENCIAL"]
["INSTALACOES HIDRO SANITARIAS","INHI","CONEXOES",180,"","",89684,"UNIÃO, CPVC, SOLDÁVEL, DN35MM, INSTALADO EM RAMAL OU SUB-RAMAL DE ÁGUA \u0096 FORNECIMENTO E INSTALAÇÃO. AF_12/2014","UN","ATRIBUÍDO SÃO PAULO",28.25,"COMPOSICAO",88267,"ENCANADOR OU BOMBEIRO HIDRÁULICO COM ENCARGOS COMPLEMENTARES","H","COLETADO",0.127,17.760000000000002,2.25,"","","","","","","","","","",null,"CAIXA REFERENCIAL"]
["INSTALACOES HIDRO SANITARIAS","INHI","CONEXOES",180,"","",89687,"TÊ, PVC, SERIE R, ÁGUA PLUVIAL, DN 75 X 75 MM, JUNTA ELÁSTICA, FORNECIDO E INSTALADO EM CONDUTORES VERTICAIS DE ÁGUAS PLUVIAIS. AF_12/2014","UN","COEFICIENTE DE REPRESENTATIVIDADE",27.06,"INSUMO",20078,"PASTA LUBRIFICANTE PARA TUBOS E CONEXOES COM JUNTA ELASTICA (USO EM PVC, ACO, POLIETILENO E OUTROS) ( DE *400* G)","UN","COEFICIENTE DE REPRESENTATIVIDADE",0.06,16.53,0.99,"","","","","","","","","","",null,"CAIXA REFERENCIAL"]
["INSTALACOES HIDRO SANITARIAS","INHI","CONEXOES",180,"","",89694,"TE DE TRANSIÇÃO, CPVC, SOLDÁVEL, DN 15MM X 1/2\u0094, INSTALADO EM RAMAL OU SUB-RAMAL DE ÁGUA \u0096 FORNECIMENTO E INSTALAÇÃO. AF_12/2014","UN","ATRIBUÍDO SÃO PAULO",12.64,"INSUMO",21114,"ADESIVO PARA TUBOS CPVC, *75* G","UN","COEFICIENTE DE REPRESENTATIVIDADE",0.08,12.67,1.01,"","","","","","","","","","",null,"CAIXA REFERENCIAL"]
["INSTALACOES HIDRO SANITARIAS","INHI","CONEXOES",180,"","",89718,"TUBO, CPVC, SOLDÁVEL, DN 35MM, INSTALADO EM RAMAL DE DISTRIBUIÇÃO DE ÁGUA   FORNECIMENTO E INSTALAÇÃO. AF_12/2014","M","COEFICIENTE DE REPRESENTATIVIDADE",32.18,"","","","","","","","",3.37,10.488639900000001,28.81,89.511360100000005,"0,00","0,0000000","0,00","0,0000000","0,00","0,0000000",0,"CAIXA REFERENCIAL"]
["INSTALACOES HIDRO SANITARIAS","INHI","CONEXOES",180,"","",89724,"JOELHO 90 GRAUS, PVC, SERIE NORMAL, ESGOTO PREDIAL, DN 40 MM, JUNTA SOLDÁVEL, FORNECIDO E INSTALADO EM RAMAL DE DESCARGA OU RAMAL DE ESGOTO SANITÁRIO. AF_12/2014","UN","COEFICIENTE DE REPRESENTATIVIDADE",6.47,"COMPOSICAO",88267,"ENCANADOR OU BOMBEIRO HIDRÁULICO COM ENCARGOS COMPLEMENTARES","H","COLETADO",0.1,17.760000000000002,1.77,"","","","","","","","","","",null,"CAIXA REFERENCIAL"]
["INSTALACOES HIDRO SANITARIAS","INHI","CONEXOES",180,"","",89727,"CURVA 90 GRAUS, CPVC, SOLDÁVEL, DN 28MM, INSTALADO EM RAMAL DE DISTRIBUIÇÃO DE ÁGUA   FORNECIMENTO E INSTALAÇÃO. AF_12/2014","UN","ATRIBUÍDO SÃO PAULO",12.05,"","","","","","","","",2.2799999999999998,18.9324437,9.77,81.067556300000007,"0,00","0,0000000","0,00","0,0000000","0,00","0,0000000",0,"CAIXA REFERENCIAL"]
["INSTALACOES HIDRO SANITARIAS","INHI","CONEXOES",180,"","",89732,"JOELHO 45 GRAUS, PVC, SERIE NORMAL, ESGOTO PREDIAL, DN 50 MM, JUNTA ELÁSTICA, FORNECIDO E INSTALADO EM RAMAL DE DESCARGA OU RAMAL DE ESGOTO SANITÁRIO. AF_12/2014","UN","COEFICIENTE DE REPRESENTATIVIDADE",7.78,"INSUMO",20078,"PASTA LUBRIFICANTE PARA TUBOS E CONEXOES COM JUNTA ELASTICA (USO EM PVC, ACO, POLIETILENO E OUTROS) ( DE *400* G)","UN","COEFICIENTE DE REPRESENTATIVIDADE",0.02,16.53,0.33,"","","","","","","","","","",null,"CAIXA REFERENCIAL"]
["INSTALACOES HIDRO SANITARIAS","INHI","CONEXOES",180,"","",89743,"CURVA LONGA 90 GRAUS, PVC, SERIE NORMAL, ESGOTO PREDIAL, DN 75 MM, JUNTA ELÁSTICA, FORNECIDO E INSTALADO EM RAMAL DE DESCARGA OU RAMAL DE ESGOTO SANITÁRIO. AF_12/2014","UN","COEFICIENTE DE REPRESENTATIVIDADE",28.34,"COMPOSICAO",88267,"ENCANADOR OU BOMBEIRO HIDRÁULICO COM ENCARGOS COMPLEMENTARES","H","COLETADO",0.19,17.760000000000002,3.37,"","","","","","","","","","",null,"CAIXA REFERENCIAL"]
["INSTALACOES HIDRO SANITARIAS","INHI","CONEXOES",180,"","",89748,"CURVA CURTA 90 GRAUS, PVC, SERIE NORMAL, ESGOTO PREDIAL, DN 100 MM, JUNTA ELÁSTICA, FORNECIDO E INSTALADO EM RAMAL DE DESCARGA OU RAMAL DE ESGOTO SANITÁRIO. AF_12/2014","UN","COEFICIENTE DE REPRESENTATIVIDADE",24.91,"INSUMO",301,"ANEL BORRACHA PARA TUBO ESGOTO PREDIAL, DN 100 MM (NBR 5688)","UN","COLETADO",1,2.5,2.5,"","","","","","","","","","",null,"CAIXA REFERENCIAL"]
["INSTALACOES HIDRO SANITARIAS","INHI","CONEXOES",180,"","",89757,"UNIÃO, CPVC, SOLDÁVEL, DN 28MM, INSTALADO EM RAMAL DE DISTRIBUIÇÃO DE ÁGUA   FORNECIMENTO E INSTALAÇÃO. AF_12/2014","UN","ATRIBUÍDO SÃO PAULO",18.170000000000002,"COMPOSICAO",88267,"ENCANADOR OU BOMBEIRO HIDRÁULICO COM ENCARGOS COMPLEMENTARES","H","COLETADO",6.5000000000000002E-2,17.760000000000002,1.1499999999999999,"","","","","","","","","","",null,"CAIXA REFERENCIAL"]
["INSTALACOES HIDRO SANITARIAS","INHI","CONEXOES",180,"","",89764,"BUCHA DE REDUÇÃO, CPVC, SOLDÁVEL, DN35MM X 28MM, INSTALADO EM RAMAL DE DISTRIBUIÇÃO DE ÁGUA - FORNECIMENTO E INSTALAÇÃO. AF_12/2014","UN","ATRIBUÍDO SÃO PAULO",20.309999999999999,"COMPOSICAO",88248,"AUXILIAR DE ENCANADOR OU BOMBEIRO HIDRÁULICO COM ENCARGOS COMPLEMENTARES","H","COEFICIENTE DE REPRESENTATIVIDADE",7.5999999999999998E-2,13.72,1.04,"","","","","","","","","","",null,"CAIXA REFERENCIAL"]
["INSTALACOES HIDRO SANITARIAS","INHI","CONEXOES",180,"","",89774,"LUVA SIMPLES, PVC, SERIE NORMAL, ESGOTO PREDIAL, DN 75 MM, JUNTA ELÁSTICA, FORNECIDO E INSTALADO EM RAMAL DE DESCARGA OU RAMAL DE ESGOTO SANITÁRIO. AF_12/2014","UN","COEFICIENTE DE REPRESENTATIVIDADE",9.98,"INSUMO",3898,"LUVA SIMPLES, PVC, SOLDAVEL, DN 75 MM, SERIE NORMAL, PARA ESGOTO PREDIAL","UN","COEFICIENTE DE REPRESENTATIVIDADE",1,3.42,3.42,"","","","","","","","","","",null,"CAIXA REFERENCIAL"]
["INSTALACOES HIDRO SANITARIAS","INHI","CONEXOES",180,"","",89781,"JOELHO 90 GRAUS, CPVC, SOLDÁVEL, DN 42MM, INSTALADO EM PRUMADA DE ÁGUA \u0096 FORNECIMENTO E INSTALAÇÃO. AF_12/2014","UN","ATRIBUÍDO SÃO PAULO",23.33,"COMPOSICAO",88267,"ENCANADOR OU BOMBEIRO HIDRÁULICO COM ENCARGOS COMPLEMENTARES","H","COLETADO",9.2999999999999999E-2,17.760000000000002,1.65,"","","","","","","","","","",null,"CAIXA REFERENCIAL"]
["INSTALACOES HIDRO SANITARIAS","INHI","CONEXOES",180,"","",89790,"JOELHO 90 GRAUS, CPVC, SOLDÁVEL, DN 73MM, INSTALADO EM PRUMADA DE ÁGUA \u0096 FORNECIMENTO E INSTALAÇÃO. AF_12/2014","UN","ATRIBUÍDO SÃO PAULO",113.57,"COMPOSICAO",88248,"AUXILIAR DE ENCANADOR OU BOMBEIRO HIDRÁULICO COM ENCARGOS COMPLEMENTARES","H","COEFICIENTE DE REPRESENTATIVIDADE",0.153,13.72,2.09,"","","","","","","","","","",null,"CAIXA REFERENCIAL"]
["INSTALACOES HIDRO SANITARIAS","INHI","CONEXOES",180,"","",89796,"TE, PVC, SERIE NORMAL, ESGOTO PREDIAL, DN 100 X 100 MM, JUNTA ELÁSTICA, FORNECIDO E INSTALADO EM RAMAL DE DESCARGA OU RAMAL DE ESGOTO SANITÁRIO. AF_12/2014","UN","COEFICIENTE DE REPRESENTATIVIDADE",26.9,"COMPOSICAO",88267,"ENCANADOR OU BOMBEIRO HIDRÁULICO COM ENCARGOS COMPLEMENTARES","H","COLETADO",0.33,17.760000000000002,5.86,"","","","","","","","","","",null,"CAIXA REFERENCIAL"]
["INSTALACOES HIDRO SANITARIAS","INHI","CONEXOES",180,"","",89804,"CURVA LONGA 90 GRAUS, PVC, SERIE NORMAL, ESGOTO PREDIAL, DN 50 MM, JUNTA ELÁSTICA, FORNECIDO E INSTALADO EM PRUMADA DE ESGOTO SANITÁRIO OU VENTILAÇÃO. AF_12/2014","UN","COEFICIENTE DE REPRESENTATIVIDADE",9.75,"","","","","","","","",0.92,9.5041322000000008,8.83,90.495867799999999,"0,00","0,0000000","0,00","0,0000000","0,00","0,0000000",0,"CAIXA REFERENCIAL"]
["INSTALACOES HIDRO SANITARIAS","INHI","CONEXOES",180,"","",89814,"LUVA DE CORRER, PVC, SERIE NORMAL, ESGOTO PREDIAL, DN 50 MM, JUNTA ELÁSTICA, FORNECIDO E INSTALADO EM PRUMADA DE ESGOTO SANITÁRIO OU VENTILAÇÃO. AF_12/2014","UN","COEFICIENTE DE REPRESENTATIVIDADE",9.11,"INSUMO",3848,"LUVA DE CORRER, PVC, DN 50 MM, PARA ESGOTO PREDIAL","UN","COEFICIENTE DE REPRESENTATIVIDADE",1,6.43,6.43,"","","","","","","","","","",null,"CAIXA REFERENCIAL"]
["INSTALACOES HIDRO SANITARIAS","INHI","CONEXOES",180,"","",89820,"BUCHA DE REDUÇÃO, CPVC, SOLDÁVEL, DN35MM X 28MM, INSTALADO EM PRUMADA DE ÁGUA \u0096 FORNECIMENTO E INSTALAÇÃO. AF_12/2014","UN","ATRIBUÍDO SÃO PAULO",19.59,"INSUMO",38003,"BUCHA DE REDUCAO, CPVC, SOLDAVEL, 35 X 28 MM, PARA AGUA QUENTE","UN","ATRIBUÍDO SÃO PAULO",1,16.25,16.25,"","","","","","","","","","",null,"CAIXA REFERENCIAL"]
["INSTALACOES HIDRO SANITARIAS","INHI","CONEXOES",180,"","",89828,"UNIÃO, CPVC, SOLDÁVEL, DN42MM, INSTALADO EM PRUMADA DE ÁGUA \u0096 FORNECIMENTO E INSTALAÇÃO. AF_12/2014","UN","ATRIBUÍDO SÃO PAULO",37.479999999999997,"COMPOSICAO",88267,"ENCANADOR OU BOMBEIRO HIDRÁULICO COM ENCARGOS COMPLEMENTARES","H","COLETADO",6.2E-2,17.760000000000002,1.1000000000000001,"","","","","","","","","","",null,"CAIXA REFERENCIAL"]
["INSTALACOES HIDRO SANITARIAS","INHI","CONEXOES",180,"","",89836,"LUVA DE TRANSIÇÃO, CPVC, SOLDÁVEL, DN 54MM X 2\u0094, INSTALADO EM PRUMADA DE ÁGUA \u0096 FORNECIMENTO E INSTALAÇÃO. AF_12/2014","UN","ATRIBUÍDO SÃO PAULO",172.06,"INSUMO",21114,"ADESIVO PARA TUBOS CPVC, *75* G","UN","COEFICIENTE DE REPRESENTATIVIDADE",0.2,12.67,2.5299999999999998,"","","","","","","","","","",null,"CAIXA REFERENCIAL"]
["INSTALACOES HIDRO SANITARIAS","INHI","CONEXOES",180,"","",89842,"TÊ, CPVC, SOLDÁVEL, DN 35MM, INSTALADO EM PRUMADA DE ÁGUA \u0096 FORNECIMENTO E INSTALAÇÃO. AF_12/2014","UN","ATRIBUÍDO SÃO PAULO",29.01,"COMPOSICAO",88267,"ENCANADOR OU BOMBEIRO HIDRÁULICO COM ENCARGOS COMPLEMENTARES","H","COLETADO",0.106,17.760000000000002,1.88,"","","","","","","","","","",null,"CAIXA REFERENCIAL"]
["INSTALACOES HIDRO SANITARIAS","INHI","CONEXOES",180,"","",89851,"JOELHO 45 GRAUS, PVC, SERIE NORMAL, ESGOTO PREDIAL, DN 100 MM, JUNTA ELÁSTICA, FORNECIDO E INSTALADO EM SUBCOLETOR AÉREO DE ESGOTO SANITÁRIO. AF_12/2014","UN","COEFICIENTE DE REPRESENTATIVIDADE",15.98,"INSUMO",3528,"JOELHO PVC, SOLDAVEL, PB, 45 GRAUS, DN 100 MM, PARA ESGOTO PREDIAL","UN","COEFICIENTE DE REPRESENTATIVIDADE",1,5.17,5.17,"","","","","","","","","","",null,"CAIXA REFERENCIAL"]
["INSTALACOES HIDRO SANITARIAS","INHI","CONEXOES",180,"","",89854,"JOELHO 90 GRAUS, PVC, SERIE NORMAL, ESGOTO PREDIAL, DN 150 MM, JUNTA ELÁSTICA, FORNECIDO E INSTALADO EM SUBCOLETOR AÉREO DE ESGOTO SANITÁRIO. AF_12/2014","UN","COEFICIENTE DE REPRESENTATIVIDADE",52.49,"INSUMO",20131,"JOELHO PVC LEVE, 90 GRAUS, DN 150 MM, PARA ESGOTO PREDIAL","UN","COEFICIENTE DE REPRESENTATIVIDADE",1,32.08,32.08,"","","","","","","","","","",null,"CAIXA REFERENCIAL"]
["INSTALACOES HIDRO SANITARIAS","INHI","CONEXOES",180,"","",89866,"JOELHO 90 GRAUS, PVC, SOLDÁVEL, DN 25MM, INSTALADO EM DRENO DE AR-CONDICIONADO - FORNECIMENTO E INSTALAÇÃO. AF_12/2014","UN","COEFICIENTE DE REPRESENTATIVIDADE",3.34,"INSUMO",38383,"LIXA D'AGUA EM FOLHA, GRAO 100","UN","COEFICIENTE DE REPRESENTATIVIDADE",2.1000000000000001E-2,1.37,0.02,"","","","","","","","","","",null,"CAIXA REFERENCIAL"]
["INSTALACOES HIDRO SANITARIAS","INHI","CONEXOES",180,"","",89979,"LUVA COM BUCHA DE LATÃO, PVC, SOLDÁVEL, DN 32MM X 1 , INSTALADO EM RAMAL OU SUB-RAMAL DE ÁGUA   FORNECIMENTO E INSTALAÇÃO. AF_12/2014","UN","COEFICIENTE DE REPRESENTATIVIDADE",17.010000000000002,"COMPOSICAO",88248,"AUXILIAR DE ENCANADOR OU BOMBEIRO HIDRÁULICO COM ENCARGOS COMPLEMENTARES","H","COEFICIENTE DE REPRESENTATIVIDADE",0.11899999999999999,13.72,1.63,"","","","","","","","","","",null,"CAIXA REFERENCIAL"]
["INSTALACOES HIDRO SANITARIAS","INHI","CONEXOES",180,"","",90375,"BUCHA DE REDUÇÃO, PVC, SOLDÁVEL, DN 40MM X 32MM, INSTALADO EM RAMAL OU SUB-RAMAL DE ÁGUA - FORNECIMENTO E INSTALAÇÃO. AF_03/2015","UN","COEFICIENTE DE REPRESENTATIVIDADE",5.97,"COMPOSICAO",88267,"ENCANADOR OU BOMBEIRO HIDRÁULICO COM ENCARGOS COMPLEMENTARES","H","COLETADO",0.11899999999999999,17.760000000000002,2.11,"","","","","","","","","","",null,"CAIXA REFERENCIAL"]
["INSTALACOES HIDRO SANITARIAS","INHI","CONEXOES",180,"","",92294,"LUVA EM COBRE, DN 28 MM, SEM ANEL DE SOLDA, INSTALADO EM PRUMADA \u0096 FORNECIMENTO E INSTALAÇÃO. AF_12/2015","UN","ATRIBUÍDO SÃO PAULO",11.79,"COMPOSICAO",88248,"AUXILIAR DE ENCANADOR OU BOMBEIRO HIDRÁULICO COM ENCARGOS COMPLEMENTARES","H","COEFICIENTE DE REPRESENTATIVIDADE",7.5999999999999998E-2,13.72,1.04,"","","","","","","","","","",null,"CAIXA REFERENCIAL"]
["INSTALACOES HIDRO SANITARIAS","INHI","CONEXOES",180,"","",92301,"TE EM COBRE, DN 35 MM, SEM ANEL DE SOLDA, INSTALADO EM PRUMADA \u0096 FORNECIMENTO E INSTALAÇÃO. AF_12/2015","UN","ATRIBUÍDO SÃO PAULO",48.28,"COMPOSICAO",88267,"ENCANADOR OU BOMBEIRO HIDRÁULICO COM ENCARGOS COMPLEMENTARES","H","COLETADO",0.17899999999999999,17.760000000000002,3.17,"","","","","","","","","","",null,"CAIXA REFERENCIAL"]
["INSTALACOES HIDRO SANITARIAS","INHI","CONEXOES",180,"","",92313,"COTOVELO EM COBRE, DN 28 MM, 90 GRAUS, SEM ANEL DE SOLDA, INSTALADO EM RAMAL DE DISTRIBUIÇÃO \u0096 FORNECIMENTO E INSTALAÇÃO. AF_12/2015","UN","ATRIBUÍDO SÃO PAULO",21.22,"INSUMO",12716,"COTOVELO DE COBRE 90 GRAUS (REF 607) SEM ANEL DE SOLDA, BOLSA X BOLSA, 28 MM","UN","ATRIBUÍDO SÃO PAULO",1,14.01,14.01,"","","","","","","","","","",null,"CAIXA REFERENCIAL"]
["INSTALACOES HIDRO SANITARIAS","INHI","CONEXOES",180,"","",92317,"TE EM COBRE, DN 15 MM, SEM ANEL DE SOLDA, INSTALADO EM RAMAL DE DISTRIBUIÇÃO \u0096 FORNECIMENTO E INSTALAÇÃO. AF_12/2015","UN","ATRIBUÍDO SÃO PAULO",11.81,"COMPOSICAO",88267,"ENCANADOR OU BOMBEIRO HIDRÁULICO COM ENCARGOS COMPLEMENTARES","H","COLETADO",0.183,17.760000000000002,3.25,"","","","","","","","","","",null,"CAIXA REFERENCIAL"]
["INSTALACOES HIDRO SANITARIAS","INHI","CONEXOES",180,"","",92328,"COTOVELO EM COBRE, DN 28 MM, 90 GRAUS, SEM ANEL DE SOLDA, INSTALADO EM RAMAL E SUB-RAMAL \u0096 FORNECIMENTO E INSTALAÇÃO. AF_12/2015","UN","ATRIBUÍDO SÃO PAULO",24.44,"INSUMO",38383,"LIXA D'AGUA EM FOLHA, GRAO 100","UN","COEFICIENTE DE REPRESENTATIVIDADE",9.2399999999999996E-2,1.37,0.12,"","","","","","","","","","",null,"CAIXA REFERENCIAL"]
["INSTALACOES HIDRO SANITARIAS","INHI","CONEXOES",180,"","",92345,"LUVA, EM FERRO GALVANIZADO, DN 50 (2\"), CONEXÃO ROSQUEADA, INSTALADO EM PRUMADAS - FORNECIMENTO E INSTALAÇÃO. AF_12/2015","UN","ATRIBUÍDO SÃO PAULO",41.74,"INSUMO",3912,"LUVA DE FERRO GALVANIZADO, COM ROSCA BSP, DE 2\"","UN","ATRIBUÍDO SÃO PAULO",1,21.1,21.1,"","","","","","","","","","",null,"CAIXA REFERENCIAL"]
["INSTALACOES HIDRO SANITARIAS","INHI","CONEXOES",180,"","",92350,"JOELHO 45 GRAUS, EM FERRO GALVANIZADO, DN 50 (2\"), CONEXÃO ROSQUEADA, INSTALADO EM PRUMADAS - FORNECIMENTO E INSTALAÇÃO. AF_12/2015","UN","ATRIBUÍDO SÃO PAULO",62.12,"COMPOSICAO",88267,"ENCANADOR OU BOMBEIRO HIDRÁULICO COM ENCARGOS COMPLEMENTARES","H","COLETADO",0.96699999999999997,17.760000000000002,17.170000000000002,"","","","","","","","","","",null,"CAIXA REFERENCIAL"]
["INSTALACOES HIDRO SANITARIAS","INHI","CONEXOES",180,"","",92353,"JOELHO 90 GRAUS, EM FERRO GALVANIZADO, DN 65 (2 1/2\"), CONEXÃO ROSQUEADA, INSTALADO EM PRUMADAS - FORNECIMENTO E INSTALAÇÃO. AF_12/2015","UN","ATRIBUÍDO SÃO PAULO",88.08,"INSUMO",7307,"FUNDO ANTICORROSIVO PARA METAIS FERROSOS (ZARCAO)","L","COEFICIENTE DE REPRESENTATIVIDADE",7.0000000000000001E-3,21.21,0.14000000000000001,"","","","","","","","","","",null,"CAIXA REFERENCIAL"]
["INSTALACOES HIDRO SANITARIAS","INHI","CONEXOES",180,"","",92375,"NIPLE, EM FERRO GALVANIZADO, DN 50 (2\"), CONEXÃO ROSQUEADA, INSTALADO EM REDE DE ALIMENTAÇÃO PARA HIDRANTE - FORNECIMENTO E INSTALAÇÃO. AF_12/2015","UN","ATRIBUÍDO SÃO PAULO",41.72,"INSUMO",4181,"NIPLE DE FERRO GALVANIZADO, COM ROSCA BSP, DE 2\"","UN","ATRIBUÍDO SÃO PAULO",1,21.11,21.11,"","","","","","","","","","",null,"CAIXA REFERENCIAL"]
["INSTALACOES HIDRO SANITARIAS","INHI","CONEXOES",180,"","",92380,"LUVA, EM FERRO GALVANIZADO, DN 80 (3\"), CONEXÃO ROSQUEADA, INSTALADO EM REDE DE ALIMENTAÇÃO PARA HIDRANTE - FORNECIMENTO E INSTALAÇÃO. AF_12/2015","UN","ATRIBUÍDO SÃO PAULO",84.62,"COMPOSICAO",88267,"ENCANADOR OU BOMBEIRO HIDRÁULICO COM ENCARGOS COMPLEMENTARES","H","COLETADO",0.82799999999999996,17.760000000000002,14.7,"","","","","","","","","","",null,"CAIXA REFERENCIAL"]
["INSTALACOES HIDRO SANITARIAS","INHI","CONEXOES",180,"","",92388,"JOELHO 90 GRAUS, EM FERRO GALVANIZADO, DN 50 (2\"), CONEXÃO ROSQUEADA, INSTALADO EM REDE DE ALIMENTAÇÃO PARA HIDRANTE - FORNECIMENTO E INSTALAÇÃO. AF_12/2015","UN","ATRIBUÍDO SÃO PAULO",60.68,"","","","","","","","",22.7,37.4133949,37.979999999999997,62.5866051,"0,00","0,0000000","0,00","0,0000000","0,00","0,0000000",0,"CAIXA REFERENCIAL"]
["INSTALACOES HIDRO SANITARIAS","INHI","CONEXOES",180,"","",92388,"JOELHO 90 GRAUS, EM FERRO GALVANIZADO, DN 50 (2\"), CONEXÃO ROSQUEADA, INSTALADO EM REDE DE ALIMENTAÇÃO PARA HIDRANTE - FORNECIMENTO E INSTALAÇÃO. AF_12/2015","UN","ATRIBUÍDO SÃO PAULO",60.68,"COMPOSICAO",88267,"ENCANADOR OU BOMBEIRO HIDRÁULICO COM ENCARGOS COMPLEMENTARES","H","COLETADO",0.96499999999999997,17.760000000000002,17.13,"","","","","","","","","","",null,"CAIXA REFERENCIAL"]
["INSTALACOES HIDRO SANITARIAS","INHI","CONEXOES",180,"","",92658,"LUVA, EM FERRO GALVANIZADO, CONEXÃO ROSQUEADA, DN 25 (1\"), INSTALADO EM REDE DE ALIMENTAÇÃO PARA SPRINKLER - FORNECIMENTO E INSTALAÇÃO. AF_12/2015","UN","ATRIBUÍDO SÃO PAULO",17.690000000000001,"COMPOSICAO",88267,"ENCANADOR OU BOMBEIRO HIDRÁULICO COM ENCARGOS COMPLEMENTARES","H","COLETADO",0.30099999999999999,17.760000000000002,5.34,"","","","","","","","","","",null,"CAIXA REFERENCIAL"]
["INSTALACOES HIDRO SANITARIAS","INHI","CONEXOES",180,"","",92661,"NIPLE, EM FERRO GALVANIZADO, CONEXÃO ROSQUEADA, DN 40 (1 1/2\"), INSTALADO EM REDE DE ALIMENTAÇÃO PARA SPRINKLER - FORNECIMENTO E INSTALAÇÃO. AF_12/2015","UN","ATRIBUÍDO SÃO PAULO",24.45,"INSUMO",4209,"NIPLE DE FERRO GALVANIZADO, COM ROSCA BSP, DE 1 1/2\"","UN","ATRIBUÍDO SÃO PAULO",1,13.57,13.57,"","","","","","","","","","",null,"CAIXA REFERENCIAL"]
["INSTALACOES HIDRO SANITARIAS","INHI","CONEXOES",180,"","",92666,"LUVA, EM FERRO GALVANIZADO, CONEXÃO ROSQUEADA, DN 65 (2 1/2\"), INSTALADO EM REDE DE ALIMENTAÇÃO PARA SPRINKLER - FORNECIMENTO E INSTALAÇÃO. AF_12/2015","UN","ATRIBUÍDO SÃO PAULO",51.44,"COMPOSICAO",88267,"ENCANADOR OU BOMBEIRO HIDRÁULICO COM ENCARGOS COMPLEMENTARES","H","COLETADO",0.39800000000000002,17.760000000000002,7.06,"","","","","","","","","","",null,"CAIXA REFERENCIAL"]
["INSTALACOES HIDRO SANITARIAS","INHI","CONEXOES",180,"","",92677,"JOELHO 45 GRAUS, EM FERRO GALVANIZADO, CONEXÃO ROSQUEADA, DN 65 (2 1/2\"), INSTALADO EM REDE DE ALIMENTAÇÃO PARA SPRINKLER - FORNECIMENTO E INSTALAÇÃO. AF_12/2015","UN","ATRIBUÍDO SÃO PAULO",79.83,"","","","","","","","",14.05,17.605015600000002,65.78,82.394984399999998,"0,00","0,0000000","0,00","0,0000000","0,00","0,0000000",0,"CAIXA REFERENCIAL"]
["INSTALACOES HIDRO SANITARIAS","INHI","CONEXOES",180,"","",92681,"TÊ, EM FERRO GALVANIZADO, CONEXÃO ROSQUEADA, DN 25 (1\"), INSTALADO EM REDE DE ALIMENTAÇÃO PARA SPRINKLER - FORNECIMENTO E INSTALAÇÃO. AF_12/2015","UN","ATRIBUÍDO SÃO PAULO",32.17,"INSUMO",6323,"TE DE FERRO GALVANIZADO, DE 1\"","UN","ATRIBUÍDO SÃO PAULO",1,12.97,12.97,"","","","","","","","","","",null,"CAIXA REFERENCIAL"]
["INSTALACOES HIDRO SANITARIAS","INHI","CONEXOES",180,"","",92686,"TÊ, EM FERRO GALVANIZADO, CONEXÃO ROSQUEADA, DN 80 (3\"), INSTALADO EM REDE DE ALIMENTAÇÃO PARA SPRINKLER - FORNECIMENTO E INSTALAÇÃO. AF_12/2015","UN","ATRIBUÍDO SÃO PAULO",129.49,"COMPOSICAO",88267,"ENCANADOR OU BOMBEIRO HIDRÁULICO COM ENCARGOS COMPLEMENTARES","H","COLETADO",0.87,17.760000000000002,15.45,"","","","","","","","","","",null,"CAIXA REFERENCIAL"]
["INSTALACOES HIDRO SANITARIAS","INHI","CONEXOES",180,"","",92699,"JOELHO 90 GRAUS, EM FERRO GALVANIZADO, CONEXÃO ROSQUEADA, DN 15 (1/2\"), INSTALADO EM RAMAIS E SUB-RAMAIS DE GÁS - FORNECIMENTO E INSTALAÇÃO. AF_12/2015","UN","ATRIBUÍDO SÃO PAULO",12.41,"INSUMO",3148,"FITA VEDA ROSCA EM ROLOS DE 18 MM X 50 M (L X C)","UN","COEFICIENTE DE REPRESENTATIVIDADE",8.0000000000000002E-3,9.73,7.0000000000000007E-2,"","","","","","","","","","",null,"CAIXA REFERENCIAL"]
["INSTALACOES HIDRO SANITARIAS","INHI","CONEXOES",180,"","",92706,"TÊ, EM FERRO GALVANIZADO, CONEXÃO ROSQUEADA, DN 25 (1\"), INSTALADO EM RAMAIS E SUB-RAMAIS DE GÁS - FORNECIMENTO E INSTALAÇÃO. AF_12/2015","UN","ATRIBUÍDO SÃO PAULO",43.62,"INSUMO",6323,"TE DE FERRO GALVANIZADO, DE 1\"","UN","ATRIBUÍDO SÃO PAULO",1,12.97,12.97,"","","","","","","","","","",null,"CAIXA REFERENCIAL"]
["INSTALACOES HIDRO SANITARIAS","INHI","CONEXOES",180,"","",92893,"UNIÃO, EM FERRO GALVANIZADO, DN 32 (1 1/4\"), CONEXÃO ROSQUEADA, INSTALADO EM REDE DE ALIMENTAÇÃO PARA HIDRANTE - FORNECIMENTO E INSTALAÇÃO. AF_12/2015","UN","ATRIBUÍDO SÃO PAULO",50.43,"COMPOSICAO",88267,"ENCANADOR OU BOMBEIRO HIDRÁULICO COM ENCARGOS COMPLEMENTARES","H","COLETADO",0.53300000000000003,17.760000000000002,9.4600000000000009,"","","","","","","","","","",null,"CAIXA REFERENCIAL"]
["INSTALACOES HIDRO SANITARIAS","INHI","CONEXOES",180,"","",92898,"UNIÃO, EM FERRO GALVANIZADO, CONEXÃO ROSQUEADA, DN 25 (1\"), INSTALADO EM REDE DE ALIMENTAÇÃO PARA SPRINKLER - FORNECIMENTO E INSTALAÇÃO. AF_12/2015","UN","ATRIBUÍDO SÃO PAULO",29.62,"INSUMO",7307,"FUNDO ANTICORROSIVO PARA METAIS FERROSOS (ZARCAO)","L","COEFICIENTE DE REPRESENTATIVIDADE",3.0000000000000001E-3,21.21,0.06,"","","","","","","","","","",null,"CAIXA REFERENCIAL"]
["INSTALACOES HIDRO SANITARIAS","INHI","CONEXOES",180,"","",92908,"LUVA DE REDUÇÃO, EM FERRO GALVANIZADO, 2\" X 1 1/4\", CONEXÃO ROSQUEADA, INSTALADO EM PRUMADAS - FORNECIMENTO E INSTALAÇÃO. AF_12/2015","UN","ATRIBUÍDO SÃO PAULO",44.07,"INSUMO",3935,"LUVA DE REDUCAO DE FERRO GALVANIZADO, COM ROSCA BSP, DE 2\" X 1 1/4\"","UN","ATRIBUÍDO SÃO PAULO",1,23.43,23.43,"","","","","","","","","","",null,"CAIXA REFERENCIAL"]
["INSTALACOES HIDRO SANITARIAS","INHI","CONEXOES",180,"","",92911,"LUVA DE REDUÇÃO, EM FERRO GALVANIZADO, 2 1/2\" X 2\", CONEXÃO ROSQUEADA, INSTALADO EM PRUMADAS - FORNECIMENTO E INSTALAÇÃO. AF_12/2015","UN","ATRIBUÍDO SÃO PAULO",63.61,"","","","","","","","",16.510000000000002,25.9678942,47.1,74.032105799999997,"0,00","0,0000000","0,00","0,0000000","0,00","0,0000000",0,"CAIXA REFERENCIAL"]
["INSTALACOES HIDRO SANITARIAS","INHI","CONEXOES",180,"","",92929,"LUVA DE REDUÇÃO, EM FERRO GALVANIZADO, 1 1/2\" X 1\", CONEXÃO ROSQUEADA, INSTALADO EM REDE DE ALIMENTAÇÃO PARA HIDRANTE - FORNECIMENTO E INSTALAÇÃO. AF_12/2015","UN","ATRIBUÍDO SÃO PAULO",33.22,"COMPOSICAO",88267,"ENCANADOR OU BOMBEIRO HIDRÁULICO COM ENCARGOS COMPLEMENTARES","H","COLETADO",0.58199999999999996,17.760000000000002,10.33,"","","","","","","","","","",null,"CAIXA REFERENCIAL"]
["INSTALACOES HIDRO SANITARIAS","INHI","CONEXOES",180,"","",92936,"LUVA DE REDUÇÃO, EM FERRO GALVANIZADO, 3\" X 2 1/2\", CONEXÃO ROSQUEADA, INSTALADO EM REDE DE ALIMENTAÇÃO PARA HIDRANTE - FORNECIMENTO E INSTALAÇÃO. AF_12/2015","UN","ATRIBUÍDO SÃO PAULO",89.17,"INSUMO",3931,"LUVA DE REDUCAO DE FERRO GALVANIZADO, COM ROSCA BSP, DE 3\" X 2 1/2\"","UN","ATRIBUÍDO SÃO PAULO",1,62.61,62.61,"","","","","","","","","","",null,"CAIXA REFERENCIAL"]
["INSTALACOES HIDRO SANITARIAS","INHI","CONEXOES",180,"","",92939,"LUVA DE REDUÇÃO, EM FERRO GALVANIZADO, 1\" X 3/4\", CONEXÃO ROSQUEADA, INSTALADO EM REDE DE ALIMENTAÇÃO PARA SPRINKLER - FORNECIMENTO E INSTALAÇÃO. AF_12/2015","UN","ATRIBUÍDO SÃO PAULO",17.75,"","","","","","","","",7.07,39.875565600000002,10.68,60.124434399999998,"0,00","0,0000000","0,00","0,0000000","0,00","0,0000000",0,"CAIXA REFERENCIAL"]
["INSTALACOES HIDRO SANITARIAS","INHI","CONEXOES",180,"","",92947,"LUVA DE REDUÇÃO, EM FERRO GALVANIZADO, 2\" X 1 1/4\", CONEXÃO ROSQUEADA, INSTALADO EM REDE DE ALIMENTAÇÃO PARA SPRINKLER - FORNECIMENTO E INSTALAÇÃO. AF_12/2015","UN","ATRIBUÍDO SÃO PAULO",35.159999999999997,"","","","","","","","",8.5,24.1811449,26.66,75.818855099999993,"0,00","0,0000000","0,00","0,0000000","0,00","0,0000000",0,"CAIXA REFERENCIAL"]
["INSTALACOES HIDRO SANITARIAS","INHI","CONEXOES",180,"","",93052,"JUNTA DE EXPANSÃO EM COBRE, DN 22 MM, PONTA X PONTA, INSTALADO EM PRUMADA \u0096 FORNECIMENTO E INSTALAÇÃO. AF_01/2016","UN","ATRIBUÍDO SÃO PAULO",364.6,"","","","","","","","",1.49,0.408723,363.11,99.591277000000005,"0,00","0,0000000","0,00","0,0000000","0,00","0,0000000",0,"CAIXA REFERENCIAL"]
["INSTALACOES HIDRO SANITARIAS","INHI","CONEXOES",180,"","",93055,"CURVA DE TRANSPOSIÇÃO EM BRONZE/LATÃO, DN 22 MM, SEM ANEL DE SOLDA, BOLSA X BOLSA, INSTALADO EM PRUMADA \u0096 FORNECIMENTO E INSTALAÇÃO. AF_01/2016","UN","ATRIBUÍDO SÃO PAULO",31.65,"INSUMO",38383,"LIXA D'AGUA EM FOLHA, GRAO 100","UN","COEFICIENTE DE REPRESENTATIVIDADE",4.3200000000000002E-2,1.37,0.05,"","","","","","","","","","",null,"CAIXA REFERENCIAL"]
["INSTALACOES HIDRO SANITARIAS","INHI","CONEXOES",180,"","",93059,"CONECTOR EM BRONZE/LATÃO, DN 28 MM X 1/2\", SEM ANEL DE SOLDA, BOLSA X ROSCA F, INSTALADO EM PRUMADA \u0096 FORNECIMENTO E INSTALAÇÃO. AF_01/2016","UN","ATRIBUÍDO SÃO PAULO",21.27,"COMPOSICAO",88248,"AUXILIAR DE ENCANADOR OU BOMBEIRO HIDRÁULICO COM ENCARGOS COMPLEMENTARES","H","COEFICIENTE DE REPRESENTATIVIDADE",7.5999999999999998E-2,13.72,1.04,"","","","","","","","","","",null,"CAIXA REFERENCIAL"]
["INSTALACOES HIDRO SANITARIAS","INHI","CONEXOES",180,"","",93067,"LUVA PASSANTE EM COBRE, DN 54 MM, SEM ANEL DE SOLDA, INSTALADO EM PRUMADA \u0096 FORNECIMENTO E INSTALAÇÃO. AF_01/2016","UN","ATRIBUÍDO SÃO PAULO",50.81,"COMPOSICAO",88248,"AUXILIAR DE ENCANADOR OU BOMBEIRO HIDRÁULICO COM ENCARGOS COMPLEMENTARES","H","COEFICIENTE DE REPRESENTATIVIDADE",0.127,13.72,1.74,"","","","","","","","","","",null,"CAIXA REFERENCIAL"]
["INSTALACOES HIDRO SANITARIAS","INHI","CONEXOES",180,"","",93072,"JUNTA DE EXPANSÃO EM BRONZE/LATÃO, DN 66 MM, PONTA X PONTA, INSTALADO EM PRUMADA \u0096 FORNECIMENTO E INSTALAÇÃO. AF_01/2016","UN","ATRIBUÍDO SÃO PAULO",1054.17,"INSUMO",39878,"JUNTA DE EXPANSAO BRONZE/LATAO (REF 900), PONTA X PONTA, 66 MM","UN","ATRIBUÍDO SÃO PAULO",1,1041.92,1041.92,"","","","","","","","","","",null,"CAIXA REFERENCIAL"]
["INSTALACOES HIDRO SANITARIAS","INHI","CONEXOES",180,"","",93079,"CURVA EM COBRE, DN 28 MM, 45 GRAUS, SEM ANEL DE SOLDA, BOLSA X BOLSA, INSTALADO EM RAMAL DE DISTRIBUIÇÃO \u0096 FORNECIMENTO E INSTALAÇÃO. AF_01/2016","UN","ATRIBUÍDO SÃO PAULO",19.97,"COMPOSICAO",88267,"ENCANADOR OU BOMBEIRO HIDRÁULICO COM ENCARGOS COMPLEMENTARES","H","COLETADO",0.17599999999999999,17.760000000000002,3.12,"","","","","","","","","","",null,"CAIXA REFERENCIAL"]
["INSTALACOES HIDRO SANITARIAS","INHI","CONEXOES",180,"","",93084,"LUVA PASSANTE EM COBRE, DN 22 MM, SEM ANEL DE SOLDA, INSTALADO EM RAMAL DE DISTRIBUIÇÃO \u0096 FORNECIMENTO E INSTALAÇÃO. AF_01/2016","UN","ATRIBUÍDO SÃO PAULO",9.39,"COMPOSICAO",88267,"ENCANADOR OU BOMBEIRO HIDRÁULICO COM ENCARGOS COMPLEMENTARES","H","COLETADO",0.106,17.760000000000002,1.88,"","","","","","","","","","",null,"CAIXA REFERENCIAL"]
["INSTALACOES HIDRO SANITARIAS","INHI","CONEXOES",180,"","",93089,"CURVA DE TRANSPOSIÇÃO EM BRONZE/LATÃO, DN 22 MM, SEM ANEL DE SOLDA, BOLSA X BOLSA, INSTALADO EM RAMAL DE DISTRIBUIÇÃO \u0096 FORNECIMENTO E INSTALAÇÃO. AF_01/2016","UN","ATRIBUÍDO SÃO PAULO",33,"INSUMO",39867,"CURVA DE TRANSPOSICAO BRONZE/LATAO (REF 736) SEM ANEL DE SOLDA, BOLSA X BOLSA, 22 MM","UN","ATRIBUÍDO SÃO PAULO",1,28.4,28.4,"","","","","","","","","","",null,"CAIXA REFERENCIAL"]
["INSTALACOES HIDRO SANITARIAS","INHI","CONEXOES",180,"","",93095,"TE DUPLA CURVA EM BRONZE/LATÃO, DN 1/2\" X 15 MM X 1/2\", SEM ANEL DE SOLDA, ROSCA F X BOLSA X ROSCA F, INSTALADO EM RAMAL DE DISTRIBUIÇÃO \u0096 FORNECIMENTO E INSTALAÇÃO. AF_01/2016","UN","ATRIBUÍDO SÃO PAULO",42.37,"INSUMO",38383,"LIXA D'AGUA EM FOLHA, GRAO 100","UN","COEFICIENTE DE REPRESENTATIVIDADE",6.88E-2,1.37,0.09,"","","","","","","","","","",null,"CAIXA REFERENCIAL"]
["INSTALACOES HIDRO SANITARIAS","INHI","CONEXOES",180,"","",93101,"COTOVELO EM BRONZE/LATÃO, DN 22 MM X 3/4\", 90 GRAUS, SEM ANEL DE SOLDA, BOLSA X ROSCA F, INSTALADO EM RAMAL E SUB-RAMAL \u0096 FORNECIMENTO E INSTALAÇÃO. AF_01/2016","UN","ATRIBUÍDO SÃO PAULO",24.58,"COMPOSICAO",88267,"ENCANADOR OU BOMBEIRO HIDRÁULICO COM ENCARGOS COMPLEMENTARES","H","COLETADO",0.215,17.760000000000002,3.81,"","","","","","","","","","",null,"CAIXA REFERENCIAL"]
["INSTALACOES HIDRO SANITARIAS","INHI","CONEXOES",180,"","",93106,"JUNTA DE EXPANSÃO EM COBRE, DN 15 MM, PONTA X PONTA, INSTALADO EM RAMAL E SUB-RAMAL \u0096 FORNECIMENTO E INSTALAÇÃO. AF_01/2016","UN","ATRIBUÍDO SÃO PAULO",315.27,"INSUMO",39897,"PASTA PARA SOLDA DE TUBOS E CONEXOES DE COBRE (EMBALAGEM COM 250 G)","UN","ATRIBUÍDO SÃO PAULO",3.8E-3,37.28,0.14000000000000001,"","","","","","","","","","",null,"CAIXA REFERENCIAL"]
["INSTALACOES HIDRO SANITARIAS","INHI","CONEXOES",180,"","",93110,"CONECTOR EM BRONZE/LATÃO, DN 22 MM X 1/2\", SEM ANEL DE SOLDA, BOLSA X ROSCA F, INSTALADO EM RAMAL E SUB-RAMAL \u0096 FORNECIMENTO E INSTALAÇÃO. AF_01/2016","UN","ATRIBUÍDO SÃO PAULO",15.63,"","","","","","","","",3.35,21.437740600000001,12.28,78.562259400000002,"0,00","0,0000000","0,00","0,0000000","0,00","0,0000000",0,"CAIXA REFERENCIAL"]
["INSTALACOES HIDRO SANITARIAS","INHI","CONEXOES",180,"","",93119,"CURVA EM COBRE, DN 22 MM, 45 GRAUS, SEM ANEL DE SOLDA, BOLSA X BOLSA, INSTALADO EM PRUMADA \u0096 FORNECIMENTO E INSTALAÇÃO. AF_01/2016","UN","ATRIBUÍDO SÃO PAULO",12.21,"","","","","","","","",2.25,18.481848100000001,9.9600000000000009,81.518151900000007,"0,00","0,0000000","0,00","0,0000000","0,00","0,0000000",0,"CAIXA REFERENCIAL"]
["INSTALACOES HIDRO SANITARIAS","INHI","CONEXOES",180,"","",93121,"COTOVELO EM BRONZE/LATÃO, DN 22 MM X 3/4\", 90 GRAUS, SEM ANEL DE SOLDA, BOLSA X ROSCA F, INSTALADO EM PRUMADA \u0096 FORNECIMENTO E INSTALAÇÃO. AF_01/2016","UN","ATRIBUÍDO SÃO PAULO",20.8,"","","","","","","","",2.2400000000000002,10.816030899999999,18.559999999999999,89.183969099999999,"0,00","0,0000000","0,00","0,0000000","0,00","0,0000000",0,"CAIXA REFERENCIAL"]
["INSTALACOES HIDRO SANITARIAS","INHI","CONEXOES",180,"","",93125,"CURVA EM COBRE, DN 54 MM, 45 GRAUS, SEM ANEL DE SOLDA, BOLSA X BOLSA, INSTALADO EM PRUMADA \u0096 FORNECIMENTO E INSTALAÇÃO. AF_01/2016","UN","ATRIBUÍDO SÃO PAULO",91.86,"COMPOSICAO",88267,"ENCANADOR OU BOMBEIRO HIDRÁULICO COM ENCARGOS COMPLEMENTARES","H","COLETADO",0.19,17.760000000000002,3.37,"","","","","","","","","","",null,"CAIXA REFERENCIAL"]
["INSTALACOES HIDRO SANITARIAS","INHI","CONEXOES",180,"","",94474,"COTOVELO 45 GRAUS, EM FERRO GALVANIZADO, CONEXÃO ROSQUEADA, DN 65 (2 1/2\u0094), INSTALADO EM RESERVAÇÃO DE ÁGUA DE EDIFICAÇÃO QUE POSSUA RESERVATÓRIO DE FIBRA/FIBROCIMENTO \u0096 FORNECIMENTO E INSTALAÇÃO. AF_06/2016","UN","ATRIBUÍDO SÃO PAULO",77.33,"INSUMO",12402,"COTOVELO 45 GRAUS DE FERRO GALVANIZADO, COM ROSCA BSP, DE 2 1/2\"","UN","ATRIBUÍDO SÃO PAULO",1,60.58,60.58,"","","","","","","","","","",null,"CAIXA REFERENCIAL"]
["INSTALACOES HIDRO SANITARIAS","INHI","CONEXOES",180,"","",94475,"COTOVELO 90 GRAUS, EM FERRO GALVANIZADO, CONEXÃO ROSQUEADA, DN 80 (3\u0094), INSTALADO EM RESERVAÇÃO DE ÁGUA DE EDIFICAÇÃO QUE POSSUA RESERVATÓRIO DE FIBRA/FIBROCIMENTO \u0096 FORNECIMENTO E INSTALAÇÃO. AF_06/2016","UN","ATRIBUÍDO SÃO PAULO",97.86,"","","","","","","","",15.33,15.666223499999999,82.53,84.333776499999999,"0,00","0,0000000","0,00","0,0000000","0,00","0,0000000",0,"CAIXA REFERENCIAL"]
["INSTALACOES HIDRO SANITARIAS","INHI","CONEXOES",180,"","",94610,"LUVA EM COBRE, DN 79 MM, SEM ANEL DE SOLDA, INSTALADO EM RESERVAÇÃO DE ÁGUA DE EDIFICAÇÃO QUE POSSUA RESERVATÓRIO DE FIBRA/FIBROCIMENTO \u0096 FORNECIMENTO E INSTALAÇÃO. AF_06/2016","UN","ATRIBUÍDO SÃO PAULO",201.77,"INSUMO",12730,"LUVA DE COBRE (REF 600) SEM ANEL DE SOLDA, BOLSA X BOLSA, 79 MM","UN","ATRIBUÍDO SÃO PAULO",1,177.79,177.79,"","","","","","","","","","",null,"CAIXA REFERENCIAL"]
["INSTALACOES HIDRO SANITARIAS","INHI","CONEXOES",180,"","",94616,"COTOVELO EM COBRE, DN 66 MM, 90 GRAUS, SEM ANEL DE SOLDA, INSTALADO EM RESERVAÇÃO DE ÁGUA DE EDIFICAÇÃO QUE POSSUA RESERVATÓRIO DE FIBRA/FIBROCIMENTO \u0096 FORNECIMENTO E INSTALAÇÃO. AF_06/2016","UN","ATRIBUÍDO SÃO PAULO",259.68,"COMPOSICAO",88267,"ENCANADOR OU BOMBEIRO HIDRÁULICO COM ENCARGOS COMPLEMENTARES","H","COLETADO",0.61399999999999999,17.760000000000002,10.9,"","","","","","","","","","",null,"CAIXA REFERENCIAL"]
["INSTALACOES HIDRO SANITARIAS","INHI","CONEXOES",180,"","",94657,"LUVA PVC, SOLDÁVEL, DN  25 MM, INSTALADA EM RESERVAÇÃO DE ÁGUA DE EDIFICAÇÃO QUE POSSUA RESERVATÓRIO DE FIBRA/FIBROCIMENTO   FORNECIMENTO E INSTALAÇÃO. AF_06/2016","UN","COEFICIENTE DE REPRESENTATIVIDADE",4.01,"COMPOSICAO",88267,"ENCANADOR OU BOMBEIRO HIDRÁULICO COM ENCARGOS COMPLEMENTARES","H","COLETADO",0.08,17.760000000000002,1.42,"","","","","","","","","","",null,"CAIXA REFERENCIAL"]
["INSTALACOES HIDRO SANITARIAS","INHI","CONEXOES",180,"","",94661,"LUVA, PVC, SOLDÁVEL, DN 40 MM, INSTALADO EM RESERVAÇÃO DE ÁGUA DE EDIFICAÇÃO QUE POSSUA RESERVATÓRIO DE FIBRA/FIBROCIMENTO   FORNECIMENTO E INSTALAÇÃO. AF_06/2016","UN","COEFICIENTE DE REPRESENTATIVIDADE",7.94,"INSUMO",20080,"ADESIVO PLASTICO PARA PVC, FRASCO COM 175 GR","UN","COEFICIENTE DE REPRESENTATIVIDADE",7.0999999999999994E-2,14.33,1.01,"","","","","","","","","","",null,"CAIXA REFERENCIAL"]
["INSTALACOES HIDRO SANITARIAS","INHI","CONEXOES",180,"","",94666,"ADAPTADOR CURTO COM BOLSA E ROSCA PARA REGISTRO, PVC, SOLDÁVEL, DN 75 MM X 2 1/2 , INSTALADO EM RESERVAÇÃO DE ÁGUA DE EDIFICAÇÃO QUE POSSUA RESERVATÓRIO DE FIBRA/FIBROCIMENTO   FORNECIMENTO E INSTALAÇÃO. AF_06/2016","UN","COEFICIENTE DE REPRESENTATIVIDADE",21.34,"","","","","","","","",4.32,20.244246100000002,17.02,79.755753900000002,"0,00","0,0000000","0,00","0,0000000","0,00","0,0000000",0,"CAIXA REFERENCIAL"]
["INSTALACOES HIDRO SANITARIAS","INHI","CONEXOES",180,"","",94672,"JOELHO 90 GRAUS COM BUCHA DE LATÃO, PVC, SOLDÁVEL, DN  25 MM, X 3/4\u0094 INSTALADO EM RESERVAÇÃO DE ÁGUA DE EDIFICAÇÃO QUE POSSUA RESERVATÓRIO DE FIBRA/FIBROCIMENTO   FORNECIMENTO E INSTALAÇÃO. AF_06/2016","UN","COEFICIENTE DE REPRESENTATIVIDADE",6.98,"INSUMO",38383,"LIXA D'AGUA EM FOLHA, GRAO 100","UN","COEFICIENTE DE REPRESENTATIVIDADE",1.2E-2,1.37,0.01,"","","","","","","","","","",null,"CAIXA REFERENCIAL"]
["INSTALACOES HIDRO SANITARIAS","INHI","CONEXOES",180,"","",94678,"JOELHO 90 GRAUS, PVC, SOLDÁVEL, DN 50 MM INSTALADO EM RESERVAÇÃO DE ÁGUA DE EDIFICAÇÃO QUE POSSUA RESERVATÓRIO DE FIBRA/FIBROCIMENTO   FORNECIMENTO E INSTALAÇÃO. AF_06/2016","UN","COEFICIENTE DE REPRESENTATIVIDADE",10.88,"INSUMO",20083,"SOLUCAO LIMPADORA PARA PVC, FRASCO COM 1000 CM3","UN","COEFICIENTE DE REPRESENTATIVIDADE",1.7999999999999999E-2,39.22,0.7,"","","","","","","","","","",null,"CAIXA REFERENCIAL"]
["INSTALACOES HIDRO SANITARIAS","INHI","CONEXOES",180,"","",94686,"JOELHO 90 GRAUS, PVC, SOLDÁVEL, DN 110 MM INSTALADO EM RESERVAÇÃO DE ÁGUA DE EDIFICAÇÃO QUE POSSUA RESERVATÓRIO DE FIBRA/FIBROCIMENTO   FORNECIMENTO E INSTALAÇÃO. AF_06/2016","UN","COEFICIENTE DE REPRESENTATIVIDADE",176.16,"INSUMO",20080,"ADESIVO PLASTICO PARA PVC, FRASCO COM 175 GR","UN","COEFICIENTE DE REPRESENTATIVIDADE",0.28899999999999998,14.33,4.1399999999999997,"","","","","","","","","","",null,"CAIXA REFERENCIAL"]
["INSTALACOES HIDRO SANITARIAS","INHI","CONEXOES",180,"","",94692,"TÊ, PVC, SOLDÁVEL, DN 40 MM INSTALADO EM RESERVAÇÃO DE ÁGUA DE EDIFICAÇÃO QUE POSSUA RESERVATÓRIO DE FIBRA/FIBROCIMENTO   FORNECIMENTO E INSTALAÇÃO. AF_06/2016","UN","COEFICIENTE DE REPRESENTATIVIDADE",15.84,"COMPOSICAO",88248,"AUXILIAR DE ENCANADOR OU BOMBEIRO HIDRÁULICO COM ENCARGOS COMPLEMENTARES","H","COEFICIENTE DE REPRESENTATIVIDADE",0.22700000000000001,13.72,3.11,"","","","","","","","","","",null,"CAIXA REFERENCIAL"]
["INSTALACOES HIDRO SANITARIAS","INHI","CONEXOES",180,"","",94695,"TÊ DE REDUÇÃO, PVC, SOLDÁVEL, DN 50 MM X 40 MM, INSTALADO EM RESERVAÇÃO DE ÁGUA DE EDIFICAÇÃO QUE POSSUA RESERVATÓRIO DE FIBRA/FIBROCIMENTO   FORNECIMENTO E INSTALAÇÃO. AF_06/2016","UN","COEFICIENTE DE REPRESENTATIVIDADE",21.79,"INSUMO",38383,"LIXA D'AGUA EM FOLHA, GRAO 100","UN","COEFICIENTE DE REPRESENTATIVIDADE",3.4000000000000002E-2,1.37,0.04,"","","","","","","","","","",null,"CAIXA REFERENCIAL"]
["INSTALACOES HIDRO SANITARIAS","INHI","CONEXOES",180,"","",94703,"ADAPTADOR COM FLANGE E ANEL DE VEDAÇÃO, PVC, SOLDÁVEL, DN  25 MM X 3/4 , INSTALADO EM RESERVAÇÃO DE ÁGUA DE EDIFICAÇÃO QUE POSSUA RESERVATÓRIO DE FIBRA/FIBROCIMENTO   FORNECIMENTO E INSTALAÇÃO. AF_06/2016","UN","COEFICIENTE DE REPRESENTATIVIDADE",12.86,"INSUMO",20083,"SOLUCAO LIMPADORA PARA PVC, FRASCO COM 1000 CM3","UN","COEFICIENTE DE REPRESENTATIVIDADE",1.0999999999999999E-2,39.22,0.43,"","","","","","","","","","",null,"CAIXA REFERENCIAL"]
["INSTALACOES HIDRO SANITARIAS","INHI","CONEXOES",180,"","",94707,"ADAPTADOR COM FLANGE E ANEL DE VEDAÇÃO, PVC, SOLDÁVEL, DN 60 MM X 2 , INSTALADO EM RESERVAÇÃO DE ÁGUA DE EDIFICAÇÃO QUE POSSUA RESERVATÓRIO DE FIBRA/FIBROCIMENTO   FORNECIMENTO E INSTALAÇÃO. AF_06/2016","UN","COEFICIENTE DE REPRESENTATIVIDADE",32.74,"INSUMO",20083,"SOLUCAO LIMPADORA PARA PVC, FRASCO COM 1000 CM3","UN","COEFICIENTE DE REPRESENTATIVIDADE",5.1999999999999998E-2,39.22,2.0299999999999998,"","","","","","","","","","",null,"CAIXA REFERENCIAL"]
["INSTALACOES HIDRO SANITARIAS","INHI","CONEXOES",180,"","",94710,"ADAPTADOR COM FLANGES LIVRES, PVC, SOLDÁVEL, DN 40 MM X 1 1/4 , INSTALADO EM RESERVAÇÃO DE ÁGUA DE EDIFICAÇÃO QUE POSSUA RESERVATÓRIO DE FIBRA/FIBROCIMENTO   FORNECIMENTO E INSTALAÇÃO. AF_06/2016","UN","COEFICIENTE DE REPRESENTATIVIDADE",32.36,"INSUMO",20080,"ADESIVO PLASTICO PARA PVC, FRASCO COM 175 GR","UN","COEFICIENTE DE REPRESENTATIVIDADE",4.5999999999999999E-2,14.33,0.65,"","","","","","","","","","",null,"CAIXA REFERENCIAL"]
["INSTALACOES HIDRO SANITARIAS","INHI","CONEXOES",180,"","",94715,"ADAPTADOR COM FLANGES LIVRES, PVC, SOLDÁVEL, DN 110 MM X 4 , INSTALADO EM RESERVAÇÃO DE ÁGUA DE EDIFICAÇÃO QUE POSSUA RESERVATÓRIO DE FIBRA/FIBROCIMENTO   FORNECIMENTO E INSTALAÇÃO. AF_06/2016","UN","COEFICIENTE DE REPRESENTATIVIDADE",246.15,"","","","","","","","",7.22,2.9340052000000001,238.93,97.065994799999999,"0,00","0,0000000","0,00","0,0000000","0,00","0,0000000",0,"CAIXA REFERENCIAL"]
["INSTALACOES HIDRO SANITARIAS","INHI","CONEXOES",180,"","",94733,"LUVA, CPVC, SOLDÁVEL, DN 54 MM, INSTALADO EM RESERVAÇÃO DE ÁGUA DE EDIFICAÇÃO QUE POSSUA RESERVATÓRIO DE FIBRA/FIBROCIMENTO \u0096 FORNECIMENTO E INSTALAÇÃO. AF_06/2016","UN","ATRIBUÍDO SÃO PAULO",26.5,"COMPOSICAO",88248,"AUXILIAR DE ENCANADOR OU BOMBEIRO HIDRÁULICO COM ENCARGOS COMPLEMENTARES","H","COEFICIENTE DE REPRESENTATIVIDADE",0.17100000000000001,13.72,2.34,"","","","","","","","","","",null,"CAIXA REFERENCIAL"]
["INSTALACOES HIDRO SANITARIAS","INHI","CONEXOES",180,"","",94748,"JOELHO 90 GRAUS, CPVC, SOLDÁVEL, DN 54 MM, INSTALADO EM RESERVAÇÃO DE ÁGUA DE EDIFICAÇÃO QUE POSSUA RESERVATÓRIO DE FIBRA/FIBROCIMENTO \u0096 FORNECIMENTO E INSTALAÇÃO. AF_06/2016","UN","ATRIBUÍDO SÃO PAULO",48.5,"","","","","","","","",6,12.389015000000001,42.5,87.610984999999999,"0,00","0,0000000","0,00","0,0000000","0,00","0,0000000",0,"CAIXA REFERENCIAL"]
["INSTALACOES HIDRO SANITARIAS","INHI","CONEXOES",180,"","",94759,"TE, CPVC, SOLDÁVEL, DN 42 MM, INSTALADO EM RESERVAÇÃO DE ÁGUA DE EDIFICAÇÃO QUE POSSUA RESERVATÓRIO DE FIBRA/FIBROCIMENTO \u0096 FORNECIMENTO E INSTALAÇÃO. AF_06/2016","UN","ATRIBUÍDO SÃO PAULO",37.06,"COMPOSICAO",88248,"AUXILIAR DE ENCANADOR OU BOMBEIRO HIDRÁULICO COM ENCARGOS COMPLEMENTARES","H","COEFICIENTE DE REPRESENTATIVIDADE",0.19600000000000001,13.72,2.68,"","","","","","","","","","",null,"CAIXA REFERENCIAL"]
["INSTALACOES HIDRO SANITARIAS","INHI","CONEXOES",180,"","",94791,"ADAPTADOR COM FLANGES LIVRES, PVC, SOLDÁVEL LONGO, DN 110 MM X 4 , INSTALADO EM RESERVAÇÃO DE ÁGUA DE EDIFICAÇÃO QUE POSSUA RESERVATÓRIO DE FIBRA/FIBROCIMENTO   FORNECIMENTO E INSTALAÇÃO. AF_06/2016","UN","COEFICIENTE DE REPRESENTATIVIDADE",263.83999999999997,"COMPOSICAO",88248,"AUXILIAR DE ENCANADOR OU BOMBEIRO HIDRÁULICO COM ENCARGOS COMPLEMENTARES","H","COEFICIENTE DE REPRESENTATIVIDADE",0.308,13.72,4.22,"","","","","","","","","","",null,"CAIXA REFERENCIAL"]
["INSTALACOES HIDRO SANITARIAS","INHI","CONEXOES",180,"","",95237,"LUVA COM BUCHA DE LATÃO, PVC, SOLDÁVEL, DN 32MM X 1 , INSTALADO EM RAMAL DE DISTRIBUIÇÃO DE ÁGUA   FORNECIMENTO E INSTALAÇÃO. AF_12/2014","UN","COEFICIENTE DE REPRESENTATIVIDADE",15.46,"INSUMO",20083,"SOLUCAO LIMPADORA PARA PVC, FRASCO COM 1000 CM3","UN","COEFICIENTE DE REPRESENTATIVIDADE",1.0999999999999999E-2,39.22,0.43,"","","","","","","","","","",null,"CAIXA REFERENCIAL"]
["INSTALACOES HIDRO SANITARIAS","INHI","CONEXOES",180,"","",96638,"JOELHO 45 GRAUS, PPR, DN 25 MM, CLASSE PN 25, INSTALADO EM RAMAL OU SUB-RAMAL DE ÁGUA \u0096 FORNECIMENTO E INSTALAÇÃO . AF_06/2015","UN","COEFICIENTE DE REPRESENTATIVIDADE",9.4700000000000006,"","","","","","","","",5.59,58.9552239,3.88,41.0447761,"0,00","0,0000000","0,00","0,0000000","0,00","0,0000000",0,"CAIXA REFERENCIAL"]
["INSTALACOES HIDRO SANITARIAS","INHI","CONEXOES",180,"","",96659,"LUVA, PPR, DN 32 MM, CLASSE PN 25, INSTALADO EM RAMAL DE DISTRIBUIÇÃO DE ÁGUA \u0096 FORNECIMENTO E INSTALAÇÃO. AF_06/2015","UN","COEFICIENTE DE REPRESENTATIVIDADE",9.6,"","","","","","","","",5.17,53.8300105,4.43,46.1699895,"0,00","0,0000000","0,00","0,0000000","0,00","0,0000000",0,"CAIXA REFERENCIAL"]
["INSTALACOES HIDRO SANITARIAS","INHI","CONEXOES",180,"","",96665,"TÊ NORMAL, PPR, DN 25 MM, CLASSE PN 25, INSTALADO EM RAMAL DE DISTRIBUIÇÃO DE ÁGUA \u0096 FORNECIMENTO E INSTALAÇÃO . AF_06/2015","UN","COEFICIENTE DE REPRESENTATIVIDADE",9.92,"COMPOSICAO",88267,"ENCANADOR OU BOMBEIRO HIDRÁULICO COM ENCARGOS COMPLEMENTARES","H","COLETADO",0.21299999999999999,17.760000000000002,3.78,"","","","","","","","","","",null,"CAIXA REFERENCIAL"]
["INSTALACOES HIDRO SANITARIAS","INHI","CONEXOES",180,"","",96694,"JOELHO 90 GRAUS, PPR, DN 75 MM, CLASSE PN 25, INSTALADO EM PRUMADA DE ÁGUA \u0096 FORNECIMENTO E INSTALAÇÃO . AF_06/2015","UN","COEFICIENTE DE REPRESENTATIVIDADE",67.13,"INSUMO",38438,"JOELHO PPR, 90 GRAUS, SOLDAVEL, DN 75 MM, PARA AGUA QUENTE PREDIAL","UN","COEFICIENTE DE REPRESENTATIVIDADE",1,57.38,57.38,"","","","","","","","","","",null,"CAIXA REFERENCIAL"]
["INSTALACOES HIDRO SANITARIAS","INHI","CONEXOES",180,"","",96703,"LUVA, PPR, DN 40 MM, CLASSE PN 25, INSTALADO EM PRUMADA DE ÁGUA \u0096 FORNECIMENTO E INSTALAÇÃO. AF_06/2015","UN","COEFICIENTE DE REPRESENTATIVIDADE",8.9600000000000009,"COMPOSICAO",88248,"AUXILIAR DE ENCANADOR OU BOMBEIRO HIDRÁULICO COM ENCARGOS COMPLEMENTARES","H","COEFICIENTE DE REPRESENTATIVIDADE",6.5000000000000002E-2,13.72,0.89,"","","","","","","","","","",null,"CAIXA REFERENCIAL"]
["INSTALACOES HIDRO SANITARIAS","INHI","CONEXOES",180,"","",96711,"TÊ NORMAL, PPR, DN 32 MM, CLASSE PN 25, INSTALADO EM PRUMADA DE ÁGUA \u0096 FORNECIMENTO E INSTALAÇÃO . AF_06/2015","UN","COEFICIENTE DE REPRESENTATIVIDADE",8.07,"COMPOSICAO",88267,"ENCANADOR OU BOMBEIRO HIDRÁULICO COM ENCARGOS COMPLEMENTARES","H","COLETADO",0.09,17.760000000000002,1.59,"","","","","","","","","","",null,"CAIXA REFERENCIAL"]
["INSTALACOES HIDRO SANITARIAS","INHI","CONEXOES",180,"","",96739,"LUVA, PPR, DN 32 MM, CLASSE PN 25, INSTALADO EM RESERVAÇÃO DE ÁGUA DE EDIFICAÇÃO QUE POSSUA RESERVATÓRIO DE FIBRA/FIBROCIMENTO \u0096 FORNECIMENTO E INSTALAÇÃO. AF_06/2016","UN","COEFICIENTE DE REPRESENTATIVIDADE",6.17,"COMPOSICAO",88248,"AUXILIAR DE ENCANADOR OU BOMBEIRO HIDRÁULICO COM ENCARGOS COMPLEMENTARES","H","COEFICIENTE DE REPRESENTATIVIDADE",0.11,13.72,1.5,"","","","","","","","","","",null,"CAIXA REFERENCIAL"]
["INSTALACOES HIDRO SANITARIAS","INHI","CONEXOES",180,"","",96751,"JOELHO 90 GRAUS, PPR, DN 50 MM, CLASSE PN 25,  INSTALADO EM RESERVAÇÃO DE ÁGUA DE EDIFICAÇÃO QUE POSSUA RESERVATÓRIO DE FIBRA/FIBROCIMENTO \u0096 FORNECIMENTO E INSTALAÇÃO. AF_06/2016","UN","COEFICIENTE DE REPRESENTATIVIDADE",23.01,"COMPOSICAO",88248,"AUXILIAR DE ENCANADOR OU BOMBEIRO HIDRÁULICO COM ENCARGOS COMPLEMENTARES","H","COEFICIENTE DE REPRESENTATIVIDADE",0.251,13.72,3.44,"","","","","","","","","","",null,"CAIXA REFERENCIAL"]
["INSTALACOES HIDRO SANITARIAS","INHI","CONEXOES",180,"","",96759,"TÊ, PPR, DN 40 MM, CLASSE PN 25,  INSTALADO EM RESERVAÇÃO DE ÁGUA DE EDIFICAÇÃO QUE POSSUA RESERVATÓRIO DE FIBRA/FIBROCIMENTO \u0096 FORNECIMENTO E INSTALAÇÃO. AF_06/2016","UN","COEFICIENTE DE REPRESENTATIVIDADE",18.739999999999998,"COMPOSICAO",88267,"ENCANADOR OU BOMBEIRO HIDRÁULICO COM ENCARGOS COMPLEMENTARES","H","COLETADO",0.22,17.760000000000002,3.9,"","","","","","","","","","",null,"CAIXA REFERENCIAL"]
["INSTALACOES HIDRO SANITARIAS","INHI","CONEXOES",180,"","",96802,"KIT CHASSI PEX, PRÉ-FABRICADO, PARA CHUVEIRO COM REGISTROS DE PRESSÃO E CONEXÕES POR CRIMPAGEM \u0096 FORNECIMENTO E INSTALAÇÃO. AF_06/2015","UN","ATRIBUÍDO SÃO PAULO",212.48,"INSUMO",39354,"KIT CHUVEIRO PARA INSTALACAO PEX, QUADRO METALICO COM 2 TRAVESSAS, SUPERIOR COM ESPERA PARA CHUVEIRO E INFERIOR COM 2 REGISTROS DE PRESSAO DE 1/2 \", LARGURA DE *390* MM X ALTURA DE *900* MM, PARA CONEXAO COM CRIMPAGEM (INCLUI REGISTROS PRESSAO E TUBOS PEX COM CONEXOES, SEM REGISTRO GAVETA, NAO INCLUI CARENAGEM)","UN","ATRIBUÍDO SÃO PAULO",1,203.53,203.53,"","","","","","","","","","",null,"CAIXA REFERENCIAL"]
["INSTALACOES HIDRO SANITARIAS","INHI","CONEXOES",180,"","",96818,"UNIÃO DE REDUÇÃO, METÁLICA, PEX, DN 25 X 16 MM, CONEXÃO POR ANEL DESLIZANTE \u0096 FORNECIMENTO E INSTALAÇÃO. AF_06/2015","UN","ATRIBUÍDO SÃO PAULO",17.77,"COMPOSICAO",88248,"AUXILIAR DE ENCANADOR OU BOMBEIRO HIDRÁULICO COM ENCARGOS COMPLEMENTARES","H","COEFICIENTE DE REPRESENTATIVIDADE",7.0999999999999994E-2,13.72,0.97,"","","","","","","","","","",null,"CAIXA REFERENCIAL"]
["INSTALACOES HIDRO SANITARIAS","INHI","CONEXOES",180,"","",96826,"LUVA PARA INSTALAÇÕES EM PEX, DN 20 MM, CONEXÃO POR CRIMPAGEM   FORNECIMENTO E INSTALAÇÃO. AF_06/2015","UN","ATRIBUÍDO SÃO PAULO",16.059999999999999,"COMPOSICAO",88267,"ENCANADOR OU BOMBEIRO HIDRÁULICO COM ENCARGOS COMPLEMENTARES","H","COLETADO",0.13600000000000001,17.760000000000002,2.41,"","","","","","","","","","",null,"CAIXA REFERENCIAL"]
["INSTALACOES HIDRO SANITARIAS","INHI","CONEXOES",180,"","",96837,"JOELHO 90 GRAUS, METÁLICO, PARA INSTALAÇÕES EM PEX, DN 16 MM, CONEXÃO POR ANEL DESLIZANTE   FORNECIMENTO E INSTALAÇÃO. AF_06/2015","UN","ATRIBUÍDO SÃO PAULO",16.809999999999999,"COMPOSICAO",88248,"AUXILIAR DE ENCANADOR OU BOMBEIRO HIDRÁULICO COM ENCARGOS COMPLEMENTARES","H","COEFICIENTE DE REPRESENTATIVIDADE",7.4999999999999997E-2,13.72,1.02,"","","","","","","","","","",null,"CAIXA REFERENCIAL"]
["INSTALACOES HIDRO SANITARIAS","INHI","CONEXOES",180,"","",96838,"JOELHO 90 GRAUS, ROSCA FÊMEA TERMINAL, METÁLICO, PARA INSTALAÇÕES EM PEX, DN 16MM X 1/2\", CONEXÃO POR ANEL DESLIZANTE \u0096 FORNECIMENTO E INSTALAÇÃO. AF_06/2015","UN","ATRIBUÍDO SÃO PAULO",15.42,"COMPOSICAO",88267,"ENCANADOR OU BOMBEIRO HIDRÁULICO COM ENCARGOS COMPLEMENTARES","H","COLETADO",0.224,17.760000000000002,3.97,"","","","","","","","","","",null,"CAIXA REFERENCIAL"]
["INSTALACOES HIDRO SANITARIAS","INHI","CONEXOES",180,"","",96852,"JOELHO 90 GRAUS, PARA INSTALAÇÕES EM PEX, DN 20 MM, CONEXÃO POR CRIMPAGEM   FORNECIMENTO E INSTALAÇÃO. AF_06/2015","UN","ATRIBUÍDO SÃO PAULO",19.350000000000001,"COMPOSICAO",88248,"AUXILIAR DE ENCANADOR OU BOMBEIRO HIDRÁULICO COM ENCARGOS COMPLEMENTARES","H","COEFICIENTE DE REPRESENTATIVIDADE",6.8000000000000005E-2,13.72,0.93,"","","","","","","","","","",null,"CAIXA REFERENCIAL"]
["INSTALACOES HIDRO SANITARIAS","INHI","CONEXOES",180,"","",96863,"TÊ, ROSCA FÊMEA, METÁLICO, PARA INSTALAÇÕES EM PEX, DN 20 MM X ½\u0094, CONEXÃO POR ANEL DESLIZANTE   FORNECIMENTO E INSTALAÇÃO. AF_06/2015","UN","ATRIBUÍDO SÃO PAULO",23.2,"INSUMO",38907,"TE ROSCA FEMEA, METALICO, PARA CONEXAO COM ANEL DESLIZANTE EM TUBO PEX, DN 20 MM X 1/2\"","UN","ATRIBUÍDO SÃO PAULO",1,15.29,15.29,"","","","","","","","","","",null,"CAIXA REFERENCIAL"]
["INSTALACOES HIDRO SANITARIAS","INHI","CONEXOES",180,"","",96868,"TÊ, PARA INSTALAÇÕES EM PEX, DN 16 MM, CONEXÃO POR CRIMPAGEM \u0096 FORNECIMENTO E INSTALAÇÃO. AF_06/2015","UN","ATRIBUÍDO SÃO PAULO",22.54,"COMPOSICAO",88267,"ENCANADOR OU BOMBEIRO HIDRÁULICO COM ENCARGOS COMPLEMENTARES","H","COLETADO",0.22900000000000001,17.760000000000002,4.0599999999999996,"","","","","","","","","","",null,"CAIXA REFERENCIAL"]
["INSTALACOES HIDRO SANITARIAS","INHI","CONEXOES",180,"","",96879,"DISTRIBUIDOR 3 SAÍDAS, PARA INSTALAÇÕES EM PEX, ENTRADA DE 32 MM X 3 SAÍDAS DE 16 MM, CONEXÃO POR CRIMPAGEM \u0096 FORNECIMENTO E INSTALAÇÃO. AF_06/2015","UN","ATRIBUÍDO SÃO PAULO",160.18,"","","","","","","","",10.93,6.8261304000000003,149.25,93.173869600000003,"0,00","0,0000000","0,00","0,0000000","0,00","0,0000000",0,"CAIXA REFERENCIAL"]
["INSTALACOES HIDRO SANITARIAS","INHI","CONEXOES",180,"","",97426,"FLANGE EM AÇO, DN 20 MM X 3/4'', INSTALADO EM RESERVAÇÃO DE ÁGUA DE EDIFICAÇÃO QUE POSSUA RESERVATÓRIO DE FIBRA/FIBROCIMENTO - FORNECIMENTO E INSTALAÇÃO. AF_06/2016","UN","ATRIBUÍDO SÃO PAULO",23.49,"INSUMO",3263,"FLANGE SEXTAVADO DE FERRO GALVANIZADO, COM ROSCA BSP, DE 3/4\"","UN","ATRIBUÍDO SÃO PAULO",1,15.09,15.09,"","","","","","","","","","",null,"CAIXA REFERENCIAL"]
["INSTALACOES HIDRO SANITARIAS","INHI","CONEXOES",180,"","",97433,"CURVA 45 GRAUS, EM AÇO, CONEXÃO RANHURADA, DN 50 (2\u0094), INSTALADO EM PRUMADAS - FORNECIMENTO E INSTALAÇÃO. AF_12/2015","UN","ATRIBUÍDO SÃO PAULO",71.22,"INSUMO",40410,"ACOPLAMENTO RIGIDO EM FERRO FUNDIDO PARA SISTEMA DE TUBULACAO RANHURADA, DN 50 MM (2\")","UN","ATRIBUÍDO SÃO PAULO",2,18.82,37.64,"","","","","","","","","","",null,"CAIXA REFERENCIAL"]
["INSTALACOES HIDRO SANITARIAS","INHI","CONEXOES",180,"","",97443,"LUVA, EM AÇO, CONEXÃO SOLDADA, DN 50 (2\"), INSTALADO EM PRUMADAS - FORNECIMENTO E INSTALAÇÃO. AF_12/2015","UN","ATRIBUÍDO SÃO PAULO",62.73,"COMPOSICAO",88248,"AUXILIAR DE ENCANADOR OU BOMBEIRO HIDRÁULICO COM ENCARGOS COMPLEMENTARES","H","COEFICIENTE DE REPRESENTATIVIDADE",0.51100000000000001,13.72,7.01,"","","","","","","","","","",null,"CAIXA REFERENCIAL"]
["INSTALACOES HIDRO SANITARIAS","INHI","CONEXOES",180,"","",97454,"CURVA 45 GRAUS, EM AÇO, CONEXÃO SOLDADA, DN 65 (2 1/2\u0094), INSTALADO EM PRUMADAS - FORNECIMENTO E INSTALAÇÃO. AF_12/2015","UN","ATRIBUÍDO SÃO PAULO",168.59,"INSUMO",40389,"CURVA 45 GRAUS EM ACO CARBONO, SOLDAVEL, PRESSAO 3.000 LBS, DN 2 1/2\"","UN","ATRIBUÍDO SÃO PAULO",1,123.17,123.17,"","","","","","","","","","",null,"CAIXA REFERENCIAL"]
["INSTALACOES HIDRO SANITARIAS","INHI","CONEXOES",180,"","",97461,"LUVA, EM AÇO, CONEXÃO SOLDADA, DN 25 (1\u0094), INSTALADO EM REDE DE ALIMENTAÇÃO PARA HIDRANTE - FORNECIMENTO E INSTALAÇÃO. AF_12/2015","UN","ATRIBUÍDO SÃO PAULO",19.68,"","","","","","","","",5.8,29.519918199999999,13.88,70.480081799999994,"0,00","0,0000000","0,00","0,0000000","0,00","0,0000000",0,"CAIXA REFERENCIAL"]
["INSTALACOES HIDRO SANITARIAS","INHI","CONEXOES",180,"","",97468,"LUVA COM REDUÇÃO, EM AÇO, CONEXÃO SOLDADA, DN 40  X 32 MM (1 1/2\u0094 X 1 1/4\u0094), INSTALADO EM REDE DE ALIMENTAÇÃO PARA HIDRANTE - FORNECIMENTO E INSTALAÇÃO. AF_12/2015","UN","ATRIBUÍDO SÃO PAULO",41.87,"COMPOSICAO",88248,"AUXILIAR DE ENCANADOR OU BOMBEIRO HIDRÁULICO COM ENCARGOS COMPLEMENTARES","H","COEFICIENTE DE REPRESENTATIVIDADE",0.24,13.72,3.29,"","","","","","","","","","",null,"CAIXA REFERENCIAL"]
["INSTALACOES HIDRO SANITARIAS","INHI","CONEXOES",180,"","",97477,"LUVA, EM AÇO, CONEXÃO SOLDADA, DN 80 (3\u0094), INSTALADO EM REDE DE ALIMENTAÇÃO PARA HIDRANTE - FORNECIMENTO E INSTALAÇÃO. AF_12/2015","UN","ATRIBUÍDO SÃO PAULO",123.19,"COMPOSICAO",88248,"AUXILIAR DE ENCANADOR OU BOMBEIRO HIDRÁULICO COM ENCARGOS COMPLEMENTARES","H","COEFICIENTE DE REPRESENTATIVIDADE",0.48099999999999998,13.72,6.59,"","","","","","","","","","",null,"CAIXA REFERENCIAL"]
["INSTALACOES HIDRO SANITARIAS","INHI","CONEXOES",180,"","",97480,"CURVA 90 GRAUS, EM AÇO, CONEXÃO SOLDADA, DN 25 (1\u0094), INSTALADO EM REDE DE ALIMENTAÇÃO PARA HIDRANTE - FORNECIMENTO E INSTALAÇÃO. AF_12/2015","UN","ATRIBUÍDO SÃO PAULO",31.46,"COMPOSICAO",88248,"AUXILIAR DE ENCANADOR OU BOMBEIRO HIDRÁULICO COM ENCARGOS COMPLEMENTARES","H","COEFICIENTE DE REPRESENTATIVIDADE",0.22500000000000001,13.72,3.08,"","","","","","","","","","",null,"CAIXA REFERENCIAL"]
["INSTALACOES HIDRO SANITARIAS","INHI","CONEXOES",180,"","",97492,"TÊ, EM AÇO, CONEXÃO SOLDADA, DN 32 (1 1/4\"), INSTALADO EM REDE DE ALIMENTAÇÃO PARA HIDRANTE - FORNECIMENTO E INSTALAÇÃO. AF_12/2015","UN","ATRIBUÍDO SÃO PAULO",69.760000000000005,"COMPOSICAO",88248,"AUXILIAR DE ENCANADOR OU BOMBEIRO HIDRÁULICO COM ENCARGOS COMPLEMENTARES","H","COEFICIENTE DE REPRESENTATIVIDADE",0.38400000000000001,13.72,5.26,"","","","","","","","","","",null,"CAIXA REFERENCIAL"]
["INSTALACOES HIDRO SANITARIAS","INHI","CONEXOES",180,"","",97495,"TÊ, EM AÇO, CONEXÃO SOLDADA, DN 65 (2 1/2\"), INSTALADO EM REDE DE ALIMENTAÇÃO PARA HIDRANTE - FORNECIMENTO E INSTALAÇÃO. AF_12/2015","UN","ATRIBUÍDO SÃO PAULO",247.8,"COMPOSICAO",88267,"ENCANADOR OU BOMBEIRO HIDRÁULICO COM ENCARGOS COMPLEMENTARES","H","COLETADO",0.78100000000000003,17.760000000000002,13.87,"","","","","","","","","","",null,"CAIXA REFERENCIAL"]
["INSTALACOES HIDRO SANITARIAS","INHI","CONEXOES",180,"","",97503,"LUVA COM REDUÇÃO, EM AÇO, CONEXÃO SOLDADA, DN 32 X 25 MM (1 1/4\"  X 1\"), INSTALADO EM REDE DE ALIMENTAÇÃO PARA SPRINKLER - FORNECIMENTO E INSTALAÇÃO. AF_12/2015","UN","ATRIBUÍDO SÃO PAULO",29.88,"COMPOSICAO",88248,"AUXILIAR DE ENCANADOR OU BOMBEIRO HIDRÁULICO COM ENCARGOS COMPLEMENTARES","H","COEFICIENTE DE REPRESENTATIVIDADE",0.13200000000000001,13.72,1.81,"","","","","","","","","","",null,"CAIXA REFERENCIAL"]
["INSTALACOES HIDRO SANITARIAS","INHI","CONEXOES",180,"","",97520,"CURVA 90 GRAUS, EM AÇO, CONEXÃO SOLDADA, DN 32 (1 1/4\"), INSTALADO EM REDE DE ALIMENTAÇÃO PARA SPRINKLER - FORNECIMENTO E INSTALAÇÃO. AF_12/2015","UN","ATRIBUÍDO SÃO PAULO",40.46,"COMPOSICAO",88248,"AUXILIAR DE ENCANADOR OU BOMBEIRO HIDRÁULICO COM ENCARGOS COMPLEMENTARES","H","COEFICIENTE DE REPRESENTATIVIDADE",0.19800000000000001,13.72,2.71,"","","","","","","","","","",null,"CAIXA REFERENCIAL"]
["INSTALACOES HIDRO SANITARIAS","INHI","CONEXOES",180,"","",97520,"CURVA 90 GRAUS, EM AÇO, CONEXÃO SOLDADA, DN 32 (1 1/4\"), INSTALADO EM REDE DE ALIMENTAÇÃO PARA SPRINKLER - FORNECIMENTO E INSTALAÇÃO. AF_12/2015","UN","ATRIBUÍDO SÃO PAULO",40.46,"COMPOSICAO",88317,"SOLDADOR COM ENCARGOS COMPLEMENTARES","H","COLETADO",0.19800000000000001,20.34,4.0199999999999996,"","","","","","","","","","",null,"CAIXA REFERENCIAL"]
["INSTALACOES HIDRO SANITARIAS","INHI","CONEXOES",180,"","",97528,"CURVA 90 GRAUS, EM AÇO, CONEXÃO SOLDADA, DN 80 (3\"), INSTALADO EM REDE DE ALIMENTAÇÃO PARA SPRINKLER - FORNECIMENTO E INSTALAÇÃO. AF_12/2015","UN","ATRIBUÍDO SÃO PAULO",299.55,"COMPOSICAO",88248,"AUXILIAR DE ENCANADOR OU BOMBEIRO HIDRÁULICO COM ENCARGOS COMPLEMENTARES","H","COEFICIENTE DE REPRESENTATIVIDADE",0.36499999999999999,13.72,5,"","","","","","","","","","",null,"CAIXA REFERENCIAL"]
["INSTALACOES HIDRO SANITARIAS","INHI","CONEXOES",180,"","",97533,"TÊ, EM AÇO, CONEXÃO SOLDADA, DN 65 (2 1/2\"), INSTALADO EM REDE DE ALIMENTAÇÃO PARA SPRINKLER - FORNECIMENTO E INSTALAÇÃO. AF_12/2015","UN","ATRIBUÍDO SÃO PAULO",231.74,"COMPOSICAO",88267,"ENCANADOR OU BOMBEIRO HIDRÁULICO COM ENCARGOS COMPLEMENTARES","H","COLETADO",0.47099999999999997,17.760000000000002,8.36,"","","","","","","","","","",null,"CAIXA REFERENCIAL"]
["INSTALACOES HIDRO SANITARIAS","INHI","CONEXOES",180,"","",97549,"CURVA 90 GRAUS, EM AÇO, CONEXÃO SOLDADA, DN 20 (3/4\"), INSTALADO EM RAMAIS E SUB-RAMAIS DE GÁS - FORNECIMENTO E INSTALAÇÃO. AF_12/2015","UN","ATRIBUÍDO SÃO PAULO",29.16,"","","","","","","","",11.38,39.058742700000003,17.78,60.941257299999997,"0,00","0,0000000","0,00","0,0000000","0,00","0,0000000",0,"CAIXA REFERENCIAL"]
["INSTALACOES HIDRO SANITARIAS","INHI","CONEXOES",180,"","",97554,"TÊ, EM AÇO, CONEXÃO SOLDADA, DN 25 (1\"), INSTALADO EM RAMAIS E SUB-RAMAIS DE GÁS - FORNECIMENTO E INSTALAÇÃO. AF_12/2015","UN","ATRIBUÍDO SÃO PAULO",72.06,"COMPOSICAO",88248,"AUXILIAR DE ENCANADOR OU BOMBEIRO HIDRÁULICO COM ENCARGOS COMPLEMENTARES","H","COEFICIENTE DE REPRESENTATIVIDADE",0.76300000000000001,13.72,10.46,"","","","","","","","","","",null,"CAIXA REFERENCIAL"]
["INSTALACOES HIDRO SANITARIAS","INHI","CAIXAS D'DAGUA, DE INSPECAO E DE GORDURA",181,"","",97900,"CAIXA ENTERRADA HIDRÁULICA RETANGULAR EM ALVENARIA COM TIJOLOS CERÂMICOS MACIÇOS, DIMENSÕES INTERNAS: 0,3X0,3X0,3 M PARA REDE DE ESGOTO. AF_05/2018","UN","ATRIBUÍDO SÃO PAULO",144.03,"COMPOSICAO",97734,"PEÇA RETANGULAR PRÉ-MOLDADA, VOLUME DE CONCRETO DE 10 A 30 LITROS, TAXA DE AÇO APROXIMADA DE 30KG/M³. AF_01/2018","M3","ATRIBUÍDO SÃO PAULO",1.7500000000000002E-2,2075.3200000000002,36.31,"","","","","","","","","","",null,"CAIXA REFERENCIAL"]
["INSTALACOES HIDRO SANITARIAS","INHI","CAIXAS D'DAGUA, DE INSPECAO E DE GORDURA",181,"","",97903,"CAIXA ENTERRADA HIDRÁULICA RETANGULAR EM ALVENARIA COM TIJOLOS CERÂMICOS MACIÇOS, DIMENSÕES INTERNAS: 0,8X0,8X0,6 M PARA REDE DE ESGOTO. AF_05/2018","UN","ATRIBUÍDO SÃO PAULO",625.66999999999996,"COMPOSICAO",88316,"SERVENTE COM ENCARGOS COMPLEMENTARES","H","COLETADO",8.1328999999999994,14.67,119.3,"","","","","","","","","","",null,"CAIXA REFERENCIAL"]
["INSTALACOES HIDRO SANITARIAS","INHI","CAIXAS D'DAGUA, DE INSPECAO E DE GORDURA",181,"","",97906,"CAIXA ENTERRADA HIDRÁULICA RETANGULAR, EM ALVENARIA COM BLOCOS DE CONCRETO, DIMENSÕES INTERNAS: 0,6X0,6X0,6 M PARA REDE DE ESGOTO. AF_05/2018","UN","ATRIBUÍDO SÃO PAULO",321.18,"COMPOSICAO",97735,"PEÇA RETANGULAR PRÉ-MOLDADA, VOLUME DE CONCRETO DE 30 A 100 LITROS, TAXA DE AÇO APROXIMADA DE 30KG/M³. AF_01/2018","M3","ATRIBUÍDO SÃO PAULO",4.48E-2,1724.68,77.260000000000005,"","","","","","","","","","",null,"CAIXA REFERENCIAL"]
["INSTALACOES HIDRO SANITARIAS","INHI","CAIXAS D'DAGUA, DE INSPECAO E DE GORDURA",181,"","",98105,"CAIXA DE GORDURA DUPLA (CAPACIDADE: 126 L), RETANGULAR, EM ALVENARIA COM TIJOLOS CERÂMICOS MACIÇOS, DIMENSÕES INTERNAS = 0,4X0,7 M, ALTURA INTERNA = 0,8 M. AF_05/2018","UN","ATRIBUÍDO SÃO PAULO",530.57000000000005,"","","","","","","","",236.05,44.490868499999998,293.70999999999998,55.355995100000001,"0,45","0,0850758","0,00","0,0000000","0,36","0,0680606",0,"CAIXA REFERENCIAL"]
["INSTALACOES HIDRO SANITARIAS","INHI","CAIXAS D'DAGUA, DE INSPECAO E DE GORDURA",181,"","",99250,"CAIXA ENTERRADA HIDRÁULICA RETANGULAR EM ALVENARIA COM TIJOLOS CERÂMICOS MACIÇOS, DIMENSÕES INTERNAS: 0,3X0,3X0,3 M PARA REDE DE DRENAGEM. AF_05/2018","UN","ATRIBUÍDO SÃO PAULO",140.35,"COMPOSICAO",88628,"ARGAMASSA TRAÇO 1:3 (EM VOLUME DE CIMENTO E AREIA MÉDIA ÚMIDA), PREPARO MECÂNICO COM BETONEIRA 400 L. AF_08/2019","M3","ATRIBUÍDO SÃO PAULO",0.03,406.93,12.2,"","","","","","","","","","",null,"CAIXA REFERENCIAL"]
["INSTALACOES HIDRO SANITARIAS","INHI","CAIXAS D'DAGUA, DE INSPECAO E DE GORDURA",181,"","",99253,"CAIXA ENTERRADA HIDRÁULICA RETANGULAR EM ALVENARIA COM TIJOLOS CERÂMICOS MACIÇOS, DIMENSÕES INTERNAS: 0,6X0,6X0,6 M PARA REDE DE DRENAGEM. AF_05/2018","UN","ATRIBUÍDO SÃO PAULO",440.28,"INSUMO",7258,"TIJOLO CERAMICO MACICO COMUM *5 X 10 X 20* CM (L X A X C)","UN","COEFICIENTE DE REPRESENTATIVIDADE",166.0916,0.51,84.7,"","","","","","","","","","",null,"CAIXA REFERENCIAL"]
["INSTALACOES HIDRO SANITARIAS","INHI","CAIXAS D'DAGUA, DE INSPECAO E DE GORDURA",181,"","",99260,"CAIXA ENTERRADA HIDRÁULICA RETANGULAR, EM ALVENARIA COM BLOCOS DE CONCRETO, DIMENSÕES INTERNAS: 0,6X0,6X0,6 M PARA REDE DE DRENAGEM. AF_05/2018","UN","ATRIBUÍDO SÃO PAULO",312.26,"COMPOSICAO",5678,"RETROESCAVADEIRA SOBRE RODAS COM CARREGADEIRA, TRAÇÃO 4X4, POTÊNCIA LÍQ. 88 HP, CAÇAMBA CARREG. CAP. MÍN. 1 M3, CAÇAMBA RETRO CAP. 0,26 M3, PESO OPERACIONAL MÍN. 6.674 KG, PROFUNDIDADE ESCAVAÇÃO MÁX. 4,37 M - CHP DIURNO. AF_06/2014","CHP","ATRIBUÍDO SÃO PAULO",8.6999999999999994E-3,92.02,0.8,"","","","","","","","","","",null,"CAIXA REFERENCIAL"]
["INSTALACOES HIDRO SANITARIAS","INHI","RALOS/CAIXA SIFONADA",182,"","",89707,"CAIXA SIFONADA, PVC, DN 100 X 100 X 50 MM, JUNTA ELÁSTICA, FORNECIDA E INSTALADA EM RAMAL DE DESCARGA OU EM RAMAL DE ESGOTO SANITÁRIO. AF_12/2014","UN","COEFICIENTE DE REPRESENTATIVIDADE",21.53,"COMPOSICAO",88248,"AUXILIAR DE ENCANADOR OU BOMBEIRO HIDRÁULICO COM ENCARGOS COMPLEMENTARES","H","COEFICIENTE DE REPRESENTATIVIDADE",0.25,13.72,3.43,"","","","","","","","","","",null,"CAIXA REFERENCIAL"]
["INSTALACOES HIDRO SANITARIAS","INHI","RALOS/CAIXA SIFONADA",182,"","",89709,"RALO SIFONADO, PVC, DN 100 X 40 MM, JUNTA SOLDÁVEL, FORNECIDO E INSTALADO EM RAMAL DE DESCARGA OU EM RAMAL DE ESGOTO SANITÁRIO. AF_12/2014","UN","COEFICIENTE DE REPRESENTATIVIDADE",8.0399999999999991,"COMPOSICAO",88248,"AUXILIAR DE ENCANADOR OU BOMBEIRO HIDRÁULICO COM ENCARGOS COMPLEMENTARES","H","COEFICIENTE DE REPRESENTATIVIDADE",7.0000000000000007E-2,13.72,0.96,"","","","","","","","","","",null,"CAIXA REFERENCIAL"]
["INSTALACOES HIDRO SANITARIAS","INHI","APARELHOS SANITARIOS, LOUCAS, METAIS E OUTROS",183,"","",86882,"SIFÃO DO TIPO GARRAFA/COPO EM PVC 1.1/4  X 1.1/2\u0094 - FORNECIMENTO E INSTALAÇÃO. AF_01/2020","UN","COEFICIENTE DE REPRESENTATIVIDADE",13.91,"COMPOSICAO",88316,"SERVENTE COM ENCARGOS COMPLEMENTARES","H","COLETADO",4.2700000000000002E-2,14.67,0.62,"","","","","","","","","","",null,"CAIXA REFERENCIAL"]
["INSTALACOES HIDRO SANITARIAS","INHI","APARELHOS SANITARIOS, LOUCAS, METAIS E OUTROS",183,"","",86893,"BANCADA DE MÁRMORE BRANCO POLIDO, DE 1,50 X 0,60 M, PARA PIA DE COZINHA - FORNECIMENTO E INSTALAÇÃO. AF_01/2020","UN","ATRIBUÍDO SÃO PAULO",474.3,"INSUMO",4823,"MASSA PLASTICA PARA MARMORE/GRANITO","KG","COEFICIENTE DE REPRESENTATIVIDADE",0.52280000000000004,32.96,17.23,"","","","","","","","","","",null,"CAIXA REFERENCIAL"]
["INSTALACOES HIDRO SANITARIAS","INHI","APARELHOS SANITARIOS, LOUCAS, METAIS E OUTROS",183,"","",86895,"BANCADA DE GRANITO CINZA POLIDO, DE 0,50 X 0,60 M, PARA LAVATÓRIO - FORNECIMENTO E INSTALAÇÃO. AF_01/2020","UN","ATRIBUÍDO SÃO PAULO",299.37,"INSUMO",4823,"MASSA PLASTICA PARA MARMORE/GRANITO","KG","COEFICIENTE DE REPRESENTATIVIDADE",0.38440000000000002,32.96,12.66,"","","","","","","","","","",null,"CAIXA REFERENCIAL"]
["INSTALACOES HIDRO SANITARIAS","INHI","APARELHOS SANITARIOS, LOUCAS, METAIS E OUTROS",183,"","",86905,"APARELHO MISTURADOR DE MESA PARA LAVATÓRIO, PADRÃO MÉDIO - FORNECIMENTO E INSTALAÇÃO. AF_01/2020","UN","COEFICIENTE DE REPRESENTATIVIDADE",166.87,"INSUMO",11769,"MISTURADOR CROMADO DE MESA BICA BAIXA PARA LAVATORIO (REF 1875)","UN","COEFICIENTE DE REPRESENTATIVIDADE",1,156.4,156.4,"","","","","","","","","","",null,"CAIXA REFERENCIAL"]
["INSTALACOES HIDRO SANITARIAS","INHI","APARELHOS SANITARIOS, LOUCAS, METAIS E OUTROS",183,"","",86915,"TORNEIRA CROMADA DE MESA, 1/2\u0094 OU 3/4\u0094, PARA LAVATÓRIO, PADRÃO MÉDIO - FORNECIMENTO E INSTALAÇÃO. AF_01/2020","UN","COEFICIENTE DE REPRESENTATIVIDADE",65.36,"COMPOSICAO",88316,"SERVENTE COM ENCARGOS COMPLEMENTARES","H","COLETADO",3.0300000000000001E-2,14.67,0.44,"","","","","","","","","","",null,"CAIXA REFERENCIAL"]
["INSTALACOES HIDRO SANITARIAS","INHI","APARELHOS SANITARIOS, LOUCAS, METAIS E OUTROS",183,"","",86924,"TANQUE DE LOUÇA BRANCA SUSPENSO, 18L OU EQUIVALENTE, INCLUSO SIFÃO TIPO GARRAFA EM PVC, VÁLVULA PLÁSTICA E TORNEIRA DE PLÁSTICO - FORNECIMENTO E INSTALAÇÃO. AF_01/2020","UN","COEFICIENTE DE REPRESENTATIVIDADE",407.2,"COMPOSICAO",86879,"VÁLVULA EM PLÁSTICO 1\u0094 PARA PIA, TANQUE OU LAVATÓRIO, COM OU SEM LADRÃO - FORNECIMENTO E INSTALAÇÃO. AF_01/2020","UN","COEFICIENTE DE REPRESENTATIVIDADE",1,4.9800000000000004,4.9800000000000004,"","","","","","","","","","",null,"CAIXA REFERENCIAL"]
["INSTALACOES HIDRO SANITARIAS","INHI","APARELHOS SANITARIOS, LOUCAS, METAIS E OUTROS",183,"","",86930,"TANQUE DE MÁRMORE SINTÉTICO SUSPENSO, 22L OU EQUIVALENTE, INCLUSO SIFÃO FLEXÍVEL EM PVC, VÁLVULA PLÁSTICA E TORNEIRA DE PLÁSTICO - FORNECIMENTO E INSTALAÇÃO. AF_01/2020","UN","COEFICIENTE DE REPRESENTATIVIDADE",175.35,"","","","","","","","",19.16,10.9283061,156.19,89.0716939,"0,00","0,0000000","0,00","0,0000000","0,00","0,0000000",0,"CAIXA REFERENCIAL"]
["INSTALACOES HIDRO SANITARIAS","INHI","APARELHOS SANITARIOS, LOUCAS, METAIS E OUTROS",183,"","",86942,"LAVATÓRIO LOUÇA BRANCA SUSPENSO, 29,5 X 39CM OU EQUIVALENTE, PADRÃO POPULAR, INCLUSO SIFÃO TIPO GARRAFA EM PVC, VÁLVULA E ENGATE FLEXÍVEL 30CM EM PLÁSTICO E TORNEIRA CROMADA DE MESA, PADRÃO POPULAR - FORNECIMENTO E INSTALAÇÃO. AF_01/2020","UN","COEFICIENTE DE REPRESENTATIVIDADE",170.18,"COMPOSICAO",86904,"LAVATÓRIO LOUÇA BRANCA SUSPENSO, 29,5 X 39CM OU EQUIVALENTE, PADRÃO POPULAR - FORNECIMENTO E INSTALAÇÃO. AF_01/2020","UN","COEFICIENTE DE REPRESENTATIVIDADE",1,106.23,106.23,"","","","","","","","","","",null,"CAIXA REFERENCIAL"]
["INSTALACOES HIDRO SANITARIAS","INHI","APARELHOS SANITARIOS, LOUCAS, METAIS E OUTROS",183,"","",95469,"VASO SANITARIO SIFONADO CONVENCIONAL COM  LOUÇA BRANCA - FORNECIMENTO E INSTALAÇÃO. AF_01/2020","UN","COEFICIENTE DE REPRESENTATIVIDADE",161.86000000000001,"COMPOSICAO",88267,"ENCANADOR OU BOMBEIRO HIDRÁULICO COM ENCARGOS COMPLEMENTARES","H","COLETADO",0.49680000000000002,17.760000000000002,8.82,"","","","","","","","","","",null,"CAIXA REFERENCIAL"]
["INSTALACOES HIDRO SANITARIAS","INHI","APARELHOS SANITARIOS, LOUCAS, METAIS E OUTROS",183,"","",100849,"ASSENTO SANITÁRIO CONVENCIONAL - FORNECIMENTO E INSTALACAO. AF_01/2020","UN","COLETADO",27.68,"COMPOSICAO",88316,"SERVENTE COM ENCARGOS COMPLEMENTARES","H","COLETADO",4.8399999999999999E-2,14.67,0.71,"","","","","","","","","","",null,"CAIXA REFERENCIAL"]
["INSTALACOES HIDRO SANITARIAS","INHI","APARELHOS SANITARIOS, LOUCAS, METAIS E OUTROS",183,"","",100860,"CHUVEIRO ELÉTRICO COMUM CORPO PLÁSTICO, TIPO DUCHA \u0096 FORNECIMENTO E INSTALAÇÃO. AF_01/2020","UN","COLETADO",60.92,"COMPOSICAO",88267,"ENCANADOR OU BOMBEIRO HIDRÁULICO COM ENCARGOS COMPLEMENTARES","H","COLETADO",0.44669999999999999,17.760000000000002,7.93,"","","","","","","","","","",null,"CAIXA REFERENCIAL"]
["INSTALACOES HIDRO SANITARIAS","INHI","APARELHOS SANITARIOS, LOUCAS, METAIS E OUTROS",183,"","",100867,"BARRA DE APOIO RETA, EM ACO INOX POLIDO, COMPRIMENTO 70 CM,  FIXADA NA PAREDE - FORNECIMENTO E INSTALAÇÃO. AF_01/2020","UN","COEFICIENTE DE REPRESENTATIVIDADE",235.81,"INSUMO",4351,"PARAFUSO NIQUELADO 3 1/2\" COM ACABAMENTO CROMADO PARA FIXAR PECA SANITARIA, INCLUI PORCA CEGA, ARRUELA E BUCHA DE NYLON TAMANHO S-8","UN","COEFICIENTE DE REPRESENTATIVIDADE",6,11.55,69.3,"","","","","","","","","","",null,"CAIXA REFERENCIAL"]
["INSTALACOES HIDRO SANITARIAS","INHI","APARELHOS SANITARIOS, LOUCAS, METAIS E OUTROS",183,"","",100874,"PUXADOR PARA PCD, FIXADO NA PORTA - FORNECIMENTO E INSTALAÇÃO. AF_01/2020","UN","COEFICIENTE DE REPRESENTATIVIDADE",221.34,"COMPOSICAO",88316,"SERVENTE COM ENCARGOS COMPLEMENTARES","H","COLETADO",0.29880000000000001,14.67,4.38,"","","","","","","","","","",null,"CAIXA REFERENCIAL"]
["INSTALACOES HIDRO SANITARIAS","INHI","FOSSAS/SUMIDOUROS",184,"","",98055,"TANQUE SÉPTICO CIRCULAR, EM CONCRETO PRÉ-MOLDADO, DIÂMETRO INTERNO = 2,38 M, ALTURA INTERNA = 2,50 M, VOLUME ÚTIL: 10009,8 L (PARA 69 CONTRIBUINTES). AF_05/2018","UN","ATRIBUÍDO SÃO PAULO",4453.41,"COMPOSICAO",5678,"RETROESCAVADEIRA SOBRE RODAS COM CARREGADEIRA, TRAÇÃO 4X4, POTÊNCIA LÍQ. 88 HP, CAÇAMBA CARREG. CAP. MÍN. 1 M3, CAÇAMBA RETRO CAP. 0,26 M3, PESO OPERACIONAL MÍN. 6.674 KG, PROFUNDIDADE ESCAVAÇÃO MÁX. 4,37 M - CHP DIURNO. AF_06/2014","CHP","ATRIBUÍDO SÃO PAULO",0.60009999999999997,92.02,55.22,"","","","","","","","","","",null,"CAIXA REFERENCIAL"]
["INSTALACOES HIDRO SANITARIAS","INHI","FOSSAS/SUMIDOUROS",184,"","",98059,"FILTRO ANAERÓBIO CIRCULAR, EM CONCRETO PRÉ-MOLDADO, DIÂMETRO INTERNO = 1,88 M, ALTURA INTERNA = 1,50 M, VOLUME ÚTIL: 3331,1 L (PARA 19 CONTRIBUINTES). AF_05/2018","UN","ATRIBUÍDO SÃO PAULO",2823.38,"INSUMO",12532,"ANEL EM CONCRETO ARMADO, LISO, PARA POCOS DE INSPECAO, SEM FUNDO, DIAMETRO INTERNO DE 0,60 M E ALTURA DE 0,50 M","UN","COEFICIENTE DE REPRESENTATIVIDADE",1,81.55,81.55,"","","","","","","","","","",null,"CAIXA REFERENCIAL"]
["INSTALACOES HIDRO SANITARIAS","INHI","FOSSAS/SUMIDOUROS",184,"","",98061,"FILTRO ANAERÓBIO CIRCULAR, EM CONCRETO PRÉ-MOLDADO, DIÂMETRO INTERNO = 2,88 M, ALTURA INTERNA = 1,50 M, VOLUME ÚTIL: 7817,3 L (PARA 75 CONTRIBUINTES). AF_05/2018","UN","ATRIBUÍDO SÃO PAULO",5464.17,"INSUMO",4720,"PEDRA BRITADA N. 0, OU PEDRISCO (4,8 A 9,5 MM) POSTO PEDREIRA/FORNECEDOR, SEM FRETE","M3","COEFICIENTE DE REPRESENTATIVIDADE",5.0160999999999998,111.72,560.39,"","","","","","","","","","",null,"CAIXA REFERENCIAL"]
["INSTALACOES HIDRO SANITARIAS","INHI","FOSSAS/SUMIDOUROS",184,"","",98069,"TANQUE SÉPTICO RETANGULAR, EM ALVENARIA COM TIJOLOS CERÂMICOS MACIÇOS, DIMENSÕES INTERNAS: 1,6 X 4,4 X 1,8 M, VOLUME ÚTIL: 9856 L (PARA 68 CONTRIBUINTES). AF_05/2018","UN","ATRIBUÍDO SÃO PAULO",10236.030000000001,"COMPOSICAO",94116,"LASTRO COM PREPARO DE FUNDO, LARGURA MAIOR OU IGUAL A 1,5 M, COM CAMADA DE BRITA, LANÇAMENTO MECANIZADO. AF_08/2020","M3","ATRIBUÍDO SÃO PAULO",0.89300000000000002,173.31,154.76,"","","","","","","","","","",null,"CAIXA REFERENCIAL"]
["INSTALACOES HIDRO SANITARIAS","INHI","FOSSAS/SUMIDOUROS",184,"","",98070,"TANQUE SÉPTICO RETANGULAR, EM ALVENARIA COM TIJOLOS CERÂMICOS MACIÇOS, DIMENSÕES INTERNAS: 1,6 X 4,8 X 2,0 M, VOLUME ÚTIL: 12288 L (PARA 86 CONTRIBUINTES). AF_05/2018","UN","ATRIBUÍDO SÃO PAULO",11762.59,"COMPOSICAO",96536,"FABRICAÇÃO, MONTAGEM E DESMONTAGEM DE FÔRMA PARA VIGA BALDRAME, EM MADEIRA SERRADA, E=25 MM, 4 UTILIZAÇÕES. AF_06/2017","M2","COEFICIENTE DE REPRESENTATIVIDADE",2.72,45.49,123.73,"","","","","","","","","","",null,"CAIXA REFERENCIAL"]
["INSTALACOES HIDRO SANITARIAS","INHI","FOSSAS/SUMIDOUROS",184,"","",98072,"FILTRO ANAERÓBIO RETANGULAR, EM ALVENARIA COM TIJOLOS CERÂMICOS MACIÇOS, DIMENSÕES INTERNAS: 0,8 X 1,2 X 1,67 M, VOLUME ÚTIL: 1152 L (PARA 5 CONTRIBUINTES). AF_05/2018","UN","ATRIBUÍDO SÃO PAULO",3363.79,"COMPOSICAO",96536,"FABRICAÇÃO, MONTAGEM E DESMONTAGEM DE FÔRMA PARA VIGA BALDRAME, EM MADEIRA SERRADA, E=25 MM, 4 UTILIZAÇÕES. AF_06/2017","M2","COEFICIENTE DE REPRESENTATIVIDADE",1.92,45.49,87.34,"","","","","","","","","","",null,"CAIXA REFERENCIAL"]
["INSTALACOES HIDRO SANITARIAS","INHI","FOSSAS/SUMIDOUROS",184,"","",98074,"FILTRO ANAERÓBIO RETANGULAR, EM ALVENARIA COM TIJOLOS CERÂMICOS MACIÇOS, DIMENSÕES INTERNAS: 1,4 X 3,0 X 1,67 M, VOLUME ÚTIL: 5040 L (PARA 32 CONTRIBUINTES). AF_05/2018","UN","ATRIBUÍDO SÃO PAULO",8075.89,"COMPOSICAO",97735,"PEÇA RETANGULAR PRÉ-MOLDADA, VOLUME DE CONCRETO DE 30 A 100 LITROS, TAXA DE AÇO APROXIMADA DE 30KG/M³. AF_01/2018","M3","ATRIBUÍDO SÃO PAULO",0.84750000000000003,1724.68,1461.66,"","","","","","","","","","",null,"CAIXA REFERENCIAL"]
["INSTALACOES HIDRO SANITARIAS","INHI","FOSSAS/SUMIDOUROS",184,"","",98077,"FILTRO ANAERÓBIO RETANGULAR, EM ALVENARIA COM TIJOLOS CERÂMICOS MACIÇOS, DIMENSÕES INTERNAS: 1,6 X 5,6 X 1,67 M, VOLUME ÚTIL: 10752 L (PARA 103 CONTRIBUINTES). AF_05/2018","UN","ATRIBUÍDO SÃO PAULO",14176.04,"COMPOSICAO",87316,"ARGAMASSA TRAÇO 1:4 (EM VOLUME DE CIMENTO E AREIA GROSSA ÚMIDA) PARA CHAPISCO CONVENCIONAL, PREPARO MECÂNICO COM BETONEIRA 400 L. AF_08/2019","M3","ATRIBUÍDO SÃO PAULO",2.0899999999999998E-2,358.57,7.49,"","","","","","","","","","",null,"CAIXA REFERENCIAL"]
["INSTALACOES HIDRO SANITARIAS","INHI","FOSSAS/SUMIDOUROS",184,"","",98080,"SUMIDOURO RETANGULAR, EM ALVENARIA COM TIJOLOS CERÂMICOS MACIÇOS, DIMENSÕES INTERNAS: 1,6 X 3,4 X 3,0 M, ÁREA DE INFILTRAÇÃO: 32,9 M² (PARA 13 CONTRIBUINTES). AF_05/2018","UN","ATRIBUÍDO SÃO PAULO",7874.58,"COMPOSICAO",94115,"LASTRO COM PREPARO DE FUNDO, LARGURA MAIOR OU IGUAL A 1,5 M, COM CAMADA DE AREIA, LANÇAMENTO MECANIZADO. AF_08/2020","M3","ATRIBUÍDO SÃO PAULO",0.70299999999999996,124.75,87.69,"","","","","","","","","","",null,"CAIXA REFERENCIAL"]
["INSTALACOES HIDRO SANITARIAS","INHI","FOSSAS/SUMIDOUROS",184,"","",98083,"TANQUE SÉPTICO RETANGULAR, EM ALVENARIA COM BLOCOS DE CONCRETO, DIMENSÕES INTERNAS: 1,2 X 2,4 X 1,6 M, VOLUME ÚTIL: 3456 L (PARA 13 CONTRIBUINTES). AF_05/2018","UN","ATRIBUÍDO SÃO PAULO",3751.01,"","","","","","","","",1415.15,37.727220500000001,2314.02,61.6901869,"17,96","0,4789494","0,00","0,0000000","3,88","0,1036432",0,"CAIXA REFERENCIAL"]
["INSTALACOES HIDRO SANITARIAS","INHI","FOSSAS/SUMIDOUROS",184,"","",98086,"TANQUE SÉPTICO RETANGULAR, EM ALVENARIA COM BLOCOS DE CONCRETO, DIMENSÕES INTERNAS: 1,6 X 4,8 X 2,0 M, VOLUME ÚTIL: 12288 L (PARA 86 CONTRIBUINTES). AF_05/2018","UN","ATRIBUÍDO SÃO PAULO",8079.51,"COMPOSICAO",89995,"GRAUTEAMENTO DE CINTA SUPERIOR OU DE VERGA EM ALVENARIA ESTRUTURAL. AF_01/2015","M3","ATRIBUÍDO SÃO PAULO",0.2092,637.32000000000005,133.32,"","","","","","","","","","",null,"CAIXA REFERENCIAL"]
["INSTALACOES HIDRO SANITARIAS","INHI","FOSSAS/SUMIDOUROS",184,"","",98088,"FILTRO ANAERÓBIO RETANGULAR, EM ALVENARIA COM BLOCOS DE CONCRETO, DIMENSÕES INTERNAS: 0,8 X 1,2 X 1,67 M, VOLUME ÚTIL: 1152 L (PARA 5 CONTRIBUINTES). AF_05/2018","UN","ATRIBUÍDO SÃO PAULO",2432.31,"INSUMO",4720,"PEDRA BRITADA N. 0, OU PEDRISCO (4,8 A 9,5 MM) POSTO PEDREIRA/FORNECEDOR, SEM FRETE","M3","COEFICIENTE DE REPRESENTATIVIDADE",0.51390000000000002,111.72,57.41,"","","","","","","","","","",null,"CAIXA REFERENCIAL"]
["INSTALACOES HIDRO SANITARIAS","INHI","FOSSAS/SUMIDOUROS",184,"","",98091,"FILTRO ANAERÓBIO RETANGULAR, EM ALVENARIA COM BLOCOS DE CONCRETO, DIMENSÕES INTERNAS: 1,4 X 4,2 X 1,67 M, VOLUME ÚTIL: 7056 L (PARA 67 CONTRIBUINTES). AF_05/2018","UN","ATRIBUÍDO SÃO PAULO",7881.41,"COMPOSICAO",5678,"RETROESCAVADEIRA SOBRE RODAS COM CARREGADEIRA, TRAÇÃO 4X4, POTÊNCIA LÍQ. 88 HP, CAÇAMBA CARREG. CAP. MÍN. 1 M3, CAÇAMBA RETRO CAP. 0,26 M3, PESO OPERACIONAL MÍN. 6.674 KG, PROFUNDIDADE ESCAVAÇÃO MÁX. 4,37 M - CHP DIURNO. AF_06/2014","CHP","ATRIBUÍDO SÃO PAULO",0.99750000000000005,92.02,91.78,"","","","","","","","","","",null,"CAIXA REFERENCIAL"]
["INSTALACOES HIDRO SANITARIAS","INHI","FOSSAS/SUMIDOUROS",184,"","",98092,"FILTRO ANAERÓBIO RETANGULAR, EM ALVENARIA COM BLOCOS DE CONCRETO, DIMENSÕES INTERNAS: 1,6 X 4,6 X 1,67 M, VOLUME ÚTIL: 8832 L (PARA 84 CONTRIBUINTES). AF_05/2018","UN","ATRIBUÍDO SÃO PAULO",9288.19,"COMPOSICAO",87316,"ARGAMASSA TRAÇO 1:4 (EM VOLUME DE CIMENTO E AREIA GROSSA ÚMIDA) PARA CHAPISCO CONVENCIONAL, PREPARO MECÂNICO COM BETONEIRA 400 L. AF_08/2019","M3","ATRIBUÍDO SÃO PAULO",1.8100000000000002E-2,358.57,6.49,"","","","","","","","","","",null,"CAIXA REFERENCIAL"]
["INSTALACOES HIDRO SANITARIAS","INHI","FOSSAS/SUMIDOUROS",184,"","",98094,"SUMIDOURO RETANGULAR, EM ALVENARIA COM BLOCOS DE CONCRETO, DIMENSÕES INTERNAS: 0,8 X 1,4 X 3,0 M, ÁREA DE INFILTRAÇÃO: 13,2 M² (PARA 5 CONTRIBUINTES). AF_05/2018","UN","ATRIBUÍDO SÃO PAULO",1930.55,"COMPOSICAO",97734,"PEÇA RETANGULAR PRÉ-MOLDADA, VOLUME DE CONCRETO DE 10 A 30 LITROS, TAXA DE AÇO APROXIMADA DE 30KG/M³. AF_01/2018","M3","ATRIBUÍDO SÃO PAULO",2.52E-2,2075.3200000000002,52.29,"","","","","","","","","","",null,"CAIXA REFERENCIAL"]
["INSTALACOES HIDRO SANITARIAS","INHI","FOSSAS/SUMIDOUROS",184,"","",98109,"CAIXA DE GORDURA ESPECIAL (CAPACIDADE: 312 L - PARA ATÉ 146 PESSOAS SERVIDAS NO PICO), RETANGULAR, EM ALVENARIA COM BLOCOS DE CONCRETO, DIMENSÕES INTERNAS = 0,4X1,2 M, ALTURA INTERNA = 1 M. AF_05/2018","UN","ATRIBUÍDO SÃO PAULO",591.02,"COMPOSICAO",97733,"PEÇA RETANGULAR PRÉ-MOLDADA, VOLUME DE CONCRETO DE ATÉ 10 LITROS, TAXA DE AÇO APROXIMADA DE 30KG/M³. AF_01/2018","M3","ATRIBUÍDO SÃO PAULO",4.7999999999999996E-3,2385.14,11.44,"","","","","","","","","","",null,"CAIXA REFERENCIAL"]
["INSTALACOES HIDRO SANITARIAS","INHI","FOSSAS/SUMIDOUROS",184,"","",98110,"CAIXA DE GORDURA PEQUENA (CAPACIDADE: 19 L), CIRCULAR, EM PVC, DIÂMETRO INTERNO= 0,3 M. AF_05/2018","UN","ATRIBUÍDO SÃO PAULO",352.62,"","","","","","","","",9.2200000000000006,2.6157512000000001,343.4,97.384248799999995,"0,00","0,0000000","0,00","0,0000000","0,00","0,0000000",0,"CAIXA REFERENCIAL"]
["INSTALACOES HIDRO SANITARIAS","INHI","REGISTROS/VALVULAS",271,"","",89969,"KIT DE REGISTRO DE PRESSÃO BRUTO DE LATÃO ½\", INCLUSIVE CONEXÕES,  ROSCÁVEL, INSTALADO EM RAMAL DE ÁGUA FRIA - FORNECIMENTO E INSTALAÇÃO. AF_12/2014","UN","COEFICIENTE DE REPRESENTATIVIDADE",29.28,"COMPOSICAO",89420,"LUVA COM BUCHA DE LATÃO, PVC, SOLDÁVEL, DN 20MM X 1/2\u0094, INSTALADO EM RAMAL DE DISTRIBUIÇÃO DE ÁGUA - FORNECIMENTO E INSTALAÇÃO. AF_12/2014","UN","COEFICIENTE DE REPRESENTATIVIDADE",1,5.6,5.6,"","","","","","","","","","",null,"CAIXA REFERENCIAL"]
["INSTALACOES HIDRO SANITARIAS","INHI","REGISTROS/VALVULAS",271,"","",89973,"KIT DE MISTURADOR BASE BRUTA DE LATÃO ¾\" MONOCOMANDO PARA CHUVEIRO, INCLUSIVE CONEXÕES, INSTALADO EM RAMAL DE ÁGUA - FORNECIMENTO E INSTALAÇÃO. AF_12/2014","UN","ATRIBUÍDO SÃO PAULO",327.49,"COMPOSICAO",89660,"LUVA DE TRANSIÇÃO, CPVC, SOLDÁVEL, DN22MM X 25MM, INSTALADO EM RAMAL OU SUB-RAMAL DE ÁGUA - FORNECIMENTO E INSTALAÇÃO. AF_12/2014","UN","ATRIBUÍDO SÃO PAULO",1,5.27,5.27,"","","","","","","","","","",null,"CAIXA REFERENCIAL"]
["INSTALACOES HIDRO SANITARIAS","INHI","REGISTROS/VALVULAS",271,"","",94493,"REGISTRO DE ESFERA, PVC, SOLDÁVEL, DN  60 MM, INSTALADO EM RESERVAÇÃO DE ÁGUA DE EDIFICAÇÃO QUE POSSUA RESERVATÓRIO DE FIBRA/FIBROCIMENTO   FORNECIMENTO E INSTALAÇÃO. AF_06/2016","UN","COEFICIENTE DE REPRESENTATIVIDADE",57.46,"INSUMO",11678,"REGISTRO DE ESFERA, PVC, COM VOLANTE, VS, SOLDAVEL, DN 60 MM, COM CORPO DIVIDIDO","UN","COEFICIENTE DE REPRESENTATIVIDADE",1,40.08,40.08,"","","","","","","","","","",null,"CAIXA REFERENCIAL"]
["INSTALACOES HIDRO SANITARIAS","INHI","REGISTROS/VALVULAS",271,"","",94497,"REGISTRO DE GAVETA BRUTO, LATÃO, ROSCÁVEL, 1 1/2\u0094, INSTALADO EM RESERVAÇÃO DE ÁGUA DE EDIFICAÇÃO QUE POSSUA RESERVATÓRIO DE FIBRA/FIBROCIMENTO \u0096 FORNECIMENTO E INSTALAÇÃO. AF_06/2016","UN","COEFICIENTE DE REPRESENTATIVIDADE",79.78,"INSUMO",6010,"REGISTRO GAVETA BRUTO EM LATAO FORJADO, BITOLA 1 1/2 \" (REF 1509)","UN","COEFICIENTE DE REPRESENTATIVIDADE",1,54.77,54.77,"","","","","","","","","","",null,"CAIXA REFERENCIAL"]
["INSTALACOES HIDRO SANITARIAS","INHI","REGISTROS/VALVULAS",271,"","",94794,"REGISTRO DE GAVETA BRUTO, LATÃO, ROSCÁVEL, 1 1/2\u0094, COM ACABAMENTO E CANOPLA CROMADOS, INSTALADO EM RESERVAÇÃO DE ÁGUA DE EDIFICAÇÃO QUE POSSUA RESERVATÓRIO DE FIBRA/FIBROCIMENTO \u0096 FORNECIMENTO E INSTALAÇÃO. AF_06/2016","UN","COEFICIENTE DE REPRESENTATIVIDADE",112.59,"","","","","","","","",18.54,16.472575299999999,94.05,83.527424699999997,"0,00","0,0000000","0,00","0,0000000","0,00","0,0000000",0,"CAIXA REFERENCIAL"]
["INSTALACOES HIDRO SANITARIAS","INHI","REGISTROS/VALVULAS",271,"","",95250,"VÁLVULA DE ESFERA BRUTA, BRONZE, ROSCÁVEL, 1'', INSTALADO EM RESERVAÇÃO DE ÁGUA DE EDIFICAÇÃO QUE POSSUA RESERVATÓRIO DE FIBRA/FIBROCIMENTO -   FORNECIMENTO E INSTALAÇÃO. AF_06/2016","UN","COEFICIENTE DE REPRESENTATIVIDADE",69.12,"INSUMO",11746,"VALVULA DE ESFERA BRUTA EM BRONZE, BITOLA 1 \" (REF 1552-B)","UN","COEFICIENTE DE REPRESENTATIVIDADE",1,44.66,44.66,"","","","","","","","","","",null,"CAIXA REFERENCIAL"]
["INSTALACOES HIDRO SANITARIAS","INHI","REGISTROS/VALVULAS",271,"","",99623,"VÁLVULA DE RETENÇÃO HORIZONTAL, DE BRONZE, ROSCÁVEL, 2\"  - FORNECIMENTO E INSTALAÇÃO. AF_01/2019","UN","ATRIBUÍDO SÃO PAULO",197.18,"INSUMO",10408,"VALVULA DE RETENCAO HORIZONTAL, DE BRONZE (PN-25), 2\", 400 PSI, TAMPA DE PORCA DE UNIAO, EXTREMIDADES COM ROSCA","UN","ATRIBUÍDO SÃO PAULO",1,171.08,171.08,"","","","","","","","","","",null,"CAIXA REFERENCIAL"]
["INSTALACOES HIDRO SANITARIAS","INHI","REGISTROS/VALVULAS",271,"","",99630,"VÁLVULA DE RETENÇÃO VERTICAL, DE BRONZE, ROSCÁVEL, 1 1/4\" - FORNECIMENTO E INSTALAÇÃO. AF_01/2019","UN","ATRIBUÍDO SÃO PAULO",81.44,"","","","","","","","",18.55,22.7809195,62.89,77.219080500000004,"0,00","0,0000000","0,00","0,0000000","0,00","0,0000000",0,"CAIXA REFERENCIAL"]
["INSTALACOES HIDRO SANITARIAS","INHI","HIDROMETRO",272,"","",95634,"KIT CAVALETE PARA MEDIÇÃO DE ÁGUA - ENTRADA PRINCIPAL, EM PVC SOLDÁVEL DN 20 (½\")   FORNECIMENTO E INSTALAÇÃO (EXCLUSIVE HIDRÔMETRO). AF_11/2016","UN","COEFICIENTE DE REPRESENTATIVIDADE",104.8,"COMPOSICAO",88267,"ENCANADOR OU BOMBEIRO HIDRÁULICO COM ENCARGOS COMPLEMENTARES","H","COLETADO",1.4718,17.760000000000002,26.13,"","","","","","","","","","",null,"CAIXA REFERENCIAL"]
["INSTALACOES HIDRO SANITARIAS","INHI","HIDROMETRO",272,"","",95641,"KIT CAVALETE PARA MEDIÇÃO DE ÁGUA - ENTRADA INDIVIDUALIZADA, EM PVC DN 25 (¾\u0094), PARA 2 MEDIDORES \u0096 FORNECIMENTO E INSTALAÇÃO (EXCLUSIVE HIDRÔMETRO). AF_11/2016","UN","COEFICIENTE DE REPRESENTATIVIDADE",189.89,"COMPOSICAO",88267,"ENCANADOR OU BOMBEIRO HIDRÁULICO COM ENCARGOS COMPLEMENTARES","H","COLETADO",2.5455999999999999,17.760000000000002,45.2,"","","","","","","","","","",null,"CAIXA REFERENCIAL"]
["INSTALACOES HIDRO SANITARIAS","INHI","HIDROMETRO",272,"","",95644,"KIT CAVALETE PARA MEDIÇÃO DE ÁGUA - ENTRADA INDIVIDUALIZADA, EM PVC DN 32 (1\u0094), PARA 1 MEDIDOR \u0096 FORNECIMENTO E INSTALAÇÃO (EXCLUSIVE HIDRÔMETRO). AF_11/2016","UN","COEFICIENTE DE REPRESENTATIVIDADE",137.91,"INSUMO",3540,"JOELHO PVC, SOLDAVEL, 90 GRAUS, 50 MM, PARA AGUA FRIA PREDIAL","UN","COEFICIENTE DE REPRESENTATIVIDADE",2,3.78,7.56,"","","","","","","","","","",null,"CAIXA REFERENCIAL"]
["INSTALACOES HIDRO SANITARIAS","INHI","HIDROMETRO",272,"","",95674,"HIDRÔMETRO DN 20 (½\u0094), 3,0 M³/H \u0096 FORNECIMENTO E INSTALAÇÃO. AF_11/2016","UN","ATRIBUÍDO SÃO PAULO",100.33,"INSUMO",3148,"FITA VEDA ROSCA EM ROLOS DE 18 MM X 50 M (L X C)","UN","COEFICIENTE DE REPRESENTATIVIDADE",1.5900000000000001E-2,9.73,0.15,"","","","","","","","","","",null,"CAIXA REFERENCIAL"]
["INSTALACOES HIDRO SANITARIAS","INHI","SERVICOS DIVERSOS",297,"","",72285,"CAIXA DE AREIA 40X40X40CM EM ALVENARIA - EXECUÇÃO","UN","COEFICIENTE DE REPRESENTATIVIDADE",81.67,"INSUMO",7271,"BLOCO CERAMICO VAZADO PARA ALVENARIA DE VEDACAO, 8 FUROS, DE 9 X 19 X 19 CM (L XA X C)","UN","COEFICIENTE DE REPRESENTATIVIDADE",20,0.6,12,"","","","","","","","","","",null,"CAIXA REFERENCIAL"]
["INSTALACOES HIDRO SANITARIAS","INHI","SERVICOS DIVERSOS",297,"","",90444,"RASGO EM CONTRAPISO PARA RAMAIS/ DISTRIBUIÇÃO COM DIÂMETROS MENORES OU IGUAIS A 40 MM. AF_05/2015","M","ATRIBUÍDO SÃO PAULO",21.06,"COMPOSICAO",88248,"AUXILIAR DE ENCANADOR OU BOMBEIRO HIDRÁULICO COM ENCARGOS COMPLEMENTARES","H","COEFICIENTE DE REPRESENTATIVIDADE",7.9000000000000001E-2,13.72,1.08,"","","","","","","","","","",null,"CAIXA REFERENCIAL"]
["INSTALACOES HIDRO SANITARIAS","INHI","SERVICOS DIVERSOS",297,"","",90456,"QUEBRA EM ALVENARIA PARA INSTALAÇÃO DE CAIXA DE TOMADA (4X4 OU 4X2). AF_05/2015","UN","COEFICIENTE DE REPRESENTATIVIDADE",2.86,"","","","","","","","",2.2400000000000002,78.291815,0.62,21.708185,"0,00","0,0000000","0,00","0,0000000","0,00","0,0000000",0,"CAIXA REFERENCIAL"]
["INSTALACOES HIDRO SANITARIAS","INHI","SERVICOS DIVERSOS",297,"","",90467,"CHUMBAMENTO LINEAR EM ALVENARIA PARA RAMAIS/DISTRIBUIÇÃO COM DIÂMETROS MAIORES QUE 40 MM E MENORES OU IGUAIS A 75 MM. AF_05/2015","M","COEFICIENTE DE REPRESENTATIVIDADE",14.34,"COMPOSICAO",88248,"AUXILIAR DE ENCANADOR OU BOMBEIRO HIDRÁULICO COM ENCARGOS COMPLEMENTARES","H","COEFICIENTE DE REPRESENTATIVIDADE",8.5999999999999993E-2,13.72,1.17,"","","","","","","","","","",null,"CAIXA REFERENCIAL"]
["INSTALACOES HIDRO SANITARIAS","INHI","SERVICOS DIVERSOS",297,"","",91171,"FIXAÇÃO DE TUBOS HORIZONTAIS DE PVC, CPVC OU COBRE DIÂMETROS MAIORES QUE 40 MM E MENORES OU IGUAIS A 75 MM COM ABRAÇADEIRA METÁLICA RÍGIDA TIPO D 1 1/2\", FIXADA EM PERFILADO EM LAJE. AF_05/2015","M","COEFICIENTE DE REPRESENTATIVIDADE",2.61,"INSUMO",394,"ABRACADEIRA EM ACO PARA AMARRACAO DE ELETRODUTOS, TIPO D, COM 1 1/2\" E PARAFUSO DE FIXACAO","UN","COEFICIENTE DE REPRESENTATIVIDADE",0.41799999999999998,2.3199999999999998,0.96,"","","","","","","","","","",null,"CAIXA REFERENCIAL"]
["INSTALACOES HIDRO SANITARIAS","INHI","SERVICOS DIVERSOS",297,"","",91180,"FIXAÇÃO DE TUBOS HORIZONTAIS DE PVC, CPVC OU COBRE DIÂMETROS MAIORES QUE 40 MM E MENORES OU IGUAIS A 75 MM COM ABRAÇADEIRA METÁLICA RÍGIDA TIPO \u0093D\u0094 1 1/2\u0094, FIXADA DIRETAMENTE NA LAJE. AF_05/2015","M","ATRIBUÍDO SÃO PAULO",4.3099999999999996,"","","","","","","","",1.97,45.901639299999999,2.34,54.098360700000001,"0,00","0,0000000","0,00","0,0000000","0,00","0,0000000",0,"CAIXA REFERENCIAL"]
["INSTALACOES HIDRO SANITARIAS","INHI","SERVICOS DIVERSOS",297,"","",91185,"FIXAÇÃO DE TUBOS HORIZONTAIS DE PVC, CPVC OU COBRE DIÂMETROS MENORES OU IGUAIS A 40 MM COM ABRAÇADEIRA METÁLICA FLEXÍVEL 18 MM, FIXADA DIRETAMENTE NA LAJE. AF_05/2015","M","ATRIBUÍDO SÃO PAULO",4.93,"INSUMO",14153,"FITA METALICA PERFURADA, L = *18* MM, ROLO DE 30 M, CARGA RECOMENDADA = *30* KGF","UN","ATRIBUÍDO SÃO PAULO",5.0000000000000001E-3,46.96,0.23,"","","","","","","","","","",null,"CAIXA REFERENCIAL"]
["INSTALACOES HIDRO SANITARIAS","INHI","SERVICOS DIVERSOS",297,"","",91189,"CHUMBAMENTO PONTUAL DE ABERTURA EM LAJE COM PASSAGEM DE MAIS DE 1 TUBO DE  DIAMETRO EQUIVALENTE IGUAL À  50 MM. AF_05/2015","UN","COEFICIENTE DE REPRESENTATIVIDADE",37.03,"INSUMO",1359,"!EM PROCESSO DE DESATIVACAO! CHAPA DE MADEIRA COMPENSADA RESINADA PARA FORMA DE CONCRETO, DE *2,2 X 1,1* M, E = 20 MM","UN","COEFICIENTE DE REPRESENTATIVIDADE",8.4000000000000005E-2,114.59,9.6199999999999992,"","","","","","","","","","",null,"CAIXA REFERENCIAL"]
["INSTALACOES HIDRO SANITARIAS","INHI","SERVICOS DIVERSOS",297,"","",94480,"CONJUNTO HIDRÁULICO PARA INSTALAÇÃO DE BOMBA EM AÇO ROSCÁVEL, DN SUCÇÃO 65 (2½\u0094) E DN RECALQUE 50 (2\u0094), PARA EDIFICAÇÃO ENTRE 12 E 18 PAVIMENTOS \u0096 FORNECIMENTO E INSTALAÇÃO. AF_06/2016","UN","ATRIBUÍDO SÃO PAULO",1660.6,"INSUMO",6028,"REGISTRO GAVETA BRUTO EM LATAO FORJADO, BITOLA 2 \" (REF 1509)","UN","COEFICIENTE DE REPRESENTATIVIDADE",1,76.290000000000006,76.290000000000006,"","","","","","","","","","",null,"CAIXA REFERENCIAL"]
["INSTALACOES HIDRO SANITARIAS","INHI","SERVICOS DIVERSOS",297,"","",94483,"CONJUNTO HIDRÁULICO PARA INSTALAÇÃO DE BOMBA EM AÇO ROSCÁVEL, DN SUCÇÃO 32 (1 1/4\u0094) E DN RECALQUE 25 (1\u0094), PARA EDIFICAÇÃO ATÉ 4 PAVIMENTOS \u0096 FORNECIMENTO E INSTALAÇÃO. AF_06/2016","UN","ATRIBUÍDO SÃO PAULO",792.67,"INSUMO",4179,"NIPLE DE FERRO GALVANIZADO, COM ROSCA BSP, DE 1\"","UN","ATRIBUÍDO SÃO PAULO",3,6.94,20.82,"","","","","","","","","","",null,"CAIXA REFERENCIAL"]
["INSTALACOES HIDRO SANITARIAS","INHI","SERVICOS DIVERSOS",297,"","",96563,"SUPORTE PARA ELETROCALHA LISA OU PERFURADA EM AÇO GALVANIZADO, LARGURA 500 OU 800 MM E ALTURA 50 MM, ESPAÇADO A CADA 1,5 M, EM PERFILADO DE SEÇÃO 38X76 MM, POR METRO DE ELETRECOLHA FIXADA. AF_07/2017","M","ATRIBUÍDO SÃO PAULO",14.94,"COMPOSICAO",88267,"ENCANADOR OU BOMBEIRO HIDRÁULICO COM ENCARGOS COMPLEMENTARES","H","COLETADO",0.161,17.760000000000002,2.85,"","","","","","","","","","",null,"CAIXA REFERENCIAL"]
["INSTALACOES DE PRODUCAO","INPR","INSTALACAO DE BOMBAS EM GERAL",232,73826,"INSTALACAO DE COMPRESSOR DE AR OU SOPRADOR","73826/2","INSTALACAO DE COMPRESSOR DE AR, POTENCIA > 5 E <= 10 CV","UN","ATRIBUÍDO SÃO PAULO",625.42999999999995,"COMPOSICAO",88292,"OPERADOR DE COMPRESSOR OU COMPRESSORISTA COM ENCARGOS COMPLEMENTARES","H","COEFICIENTE DE REPRESENTATIVIDADE",13,22.89,297.57,"","","","","","","","","","",null,"CAIXA REFERENCIAL"]
["INSTALACOES DE PRODUCAO","INPR","INSTALACAO DE BOMBAS EM GERAL",232,73836,"INSTALACAO DE CONJUNTO MOTO BOMBA HORIZONTAL","73836/4","INSTALACAO DE CONJ.MOTO BOMBA HORIZONTAL DE 100 A 150 CV","UN","ATRIBUÍDO SÃO PAULO",1743.04,"COMPOSICAO",88277,"MONTADOR (TUBO AÇO/EQUIPAMENTOS) COM ENCARGOS COMPLEMENTARES","H","COEFICIENTE DE REPRESENTATIVIDADE",32,30.89,988.48,"","","","","","","","","","",null,"CAIXA REFERENCIAL"]
["LIGACOES PREDIAIS AGUA/ESGOTO/ENERGIA/TELEFONE","LIPR","LIGACOES PREDIAIS DE ESGOTO",59,"","",93352,"COLETOR PREDIAL DE ESGOTO, DA CAIXA ATÉ A REDE (DISTÂNCIA = 6 M, LARGURA DA VALA = 0,65 M), INCLUINDO ESCAVAÇÃO MANUAL, PREPARO DE FUNDO DE VALA E REATERRO MANUAL COM COMPACTAÇÃO MECANIZADA, TUBO PVC P/ REDE COLETORA ESGOTO JEI DN 100 MM E CONEXÕES - FORNECIMENTO E INSTALAÇÃO. AF_03/2016","UN","ATRIBUÍDO SÃO PAULO",477.2,"","","","","","","","",198.05,41.504400599999997,277.48,58.144810700000001,"1,67","0,3507887","0,00","0,0000000","0,00","0,0000000",0,"CAIXA REFERENCIAL"]
["LIGACOES PREDIAIS AGUA/ESGOTO/ENERGIA/TELEFONE","LIPR","LIGACOES PREDIAIS DE ESGOTO",59,"","",93354,"COLETOR PREDIAL DE ESGOTO, DA CAIXA ATÉ A REDE (DISTÂNCIA = 10 M, LARGURA DA VALA = 0,65 M), INCLUINDO ESCAVAÇÃO MECANIZADA, PREPARO DE FUNDO DE VALA E REATERRO COM COMPACTAÇÃO MECANIZADA, TUBO PVC P/ REDE COLETORA ESGOTO JEI DN 100 MM E CONEXÕES - FORNECIMENTO E INSTALAÇÃO. AF_03/2016","UN","ATRIBUÍDO SÃO PAULO",500.51,"INSUMO",36365,"TUBO COLETOR DE ESGOTO PVC, JEI, DN 100 MM (NBR  7362)","M","ATRIBUÍDO SÃO PAULO",11.025,17.62,194.26,"","","","","","","","","","",null,"CAIXA REFERENCIAL"]
["MOVIMENTO DE TERRA","MOVT","CORTE/ESCAVACAO EM JAZIDAS OU CAMPO ABERTO",18,"","",96521,"ESCAVAÇÃO MECANIZADA PARA BLOCO DE COROAMENTO OU SAPATA, COM PREVISÃO DE FÔRMA, COM RETROESCAVADEIRA. AF_06/2017","M3","ATRIBUÍDO SÃO PAULO",29.32,"COMPOSICAO",5679,"RETROESCAVADEIRA SOBRE RODAS COM CARREGADEIRA, TRAÇÃO 4X4, POTÊNCIA LÍQ. 88 HP, CAÇAMBA CARREG. CAP. MÍN. 1 M3, CAÇAMBA RETRO CAP. 0,26 M3, PESO OPERACIONAL MÍN. 6.674 KG, PROFUNDIDADE ESCAVAÇÃO MÁX. 4,37 M - CHI DIURNO. AF_06/2014","CHI","ATRIBUÍDO SÃO PAULO",8.5000000000000006E-2,43.92,3.73,"","","","","","","","","","",null,"CAIXA REFERENCIAL"]
["MOVIMENTO DE TERRA","MOVT","CORTE/ESCAVACAO EM JAZIDAS OU CAMPO ABERTO",18,"","",96527,"ESCAVAÇÃO MANUAL DE VALA PARA VIGA BALDRAME, COM PREVISÃO DE FÔRMA. AF_06/2017","M3","COLETADO",87.22,"COMPOSICAO",88309,"PEDREIRO COM ENCARGOS COMPLEMENTARES","H","COLETADO",1.4590000000000001,18.18,26.52,"","","","","","","","","","",null,"CAIXA REFERENCIAL"]
["MOVIMENTO DE TERRA","MOVT","CORTE/ESCAVACAO EM JAZIDAS OU CAMPO ABERTO",18,"","",101126,"ESCAVAÇÃO HORIZONTAL, INCLUINDO CARGA E DESCARGA EM SOLO DE 1A CATEGORIA COM TRATOR DE ESTEIRAS (170HP/LÂMINA: 5,20M3). AF_07/2020","M3","ATRIBUÍDO SÃO PAULO",7.67,"COMPOSICAO",5847,"TRATOR DE ESTEIRAS, POTÊNCIA 170 HP, PESO OPERACIONAL 19 T, CAÇAMBA 5,2 M3 - CHP DIURNO. AF_06/2014","CHP","ATRIBUÍDO SÃO PAULO",4.7999999999999996E-3,158.72,0.76,"","","","","","","","","","",null,"CAIXA REFERENCIAL"]
["MOVIMENTO DE TERRA","MOVT","CORTE/ESCAVACAO EM JAZIDAS OU CAMPO ABERTO",18,"","",101132,"ESCAVAÇÃO HORIZONTAL, INCLUINDO ESCARIFICAÇÃO, CARGA E DESCARGA EM SOLO DE 2A CATEGORIA COM TRATOR DE ESTEIRAS (347HP/LÂMINA: 8,70M3). AF_07/2020","M3","ATRIBUÍDO SÃO PAULO",10.050000000000001,"COMPOSICAO",100974,"CARGA, MANOBRA E DESCARGA DE SOLOS E MATERIAIS GRANULARES EM CAMINHÃO BASCULANTE 10 M³ - CARGA COM PÁ CARREGADEIRA (CAÇAMBA DE 1,7 A 2,8 M³ / 128 HP) E DESCARGA LIVRE (UNIDADE: M3). AF_07/2020","M3","ATRIBUÍDO SÃO PAULO",1.3,5.03,6.53,"","","","","","","","","","",null,"CAIXA REFERENCIAL"]
["MOVIMENTO DE TERRA","MOVT","CORTE/ESCAVACAO EM JAZIDAS OU CAMPO ABERTO",18,"","",101140,"ESCAVAÇÃO HORIZONTAL, INCLUINDO ESCARIFICAÇÃO, CARGA, DESCARGA E TRANSPORTE EM SOLO DE 2A CATEGORIA COM TRATOR DE ESTEIRAS (150HP/LÂMINA: 3,18M3) E CAMINHÃO BASCULANTE DE 10M3, DMT ATÉ 200M. AF_07/2020","M3","ATRIBUÍDO SÃO PAULO",11.2,"COMPOSICAO",5853,"TRATOR DE ESTEIRAS, POTÊNCIA 150 HP, PESO OPERACIONAL 16,7 T, COM RODA MOTRIZ ELEVADA E LÂMINA 3,18 M3 - CHI DIURNO. AF_06/2014","CHI","ATRIBUÍDO SÃO PAULO",2.5600000000000001E-2,54.7,1.4,"","","","","","","","","","",null,"CAIXA REFERENCIAL"]
["MOVIMENTO DE TERRA","MOVT","CORTE/ESCAVACAO EM JAZIDAS OU CAMPO ABERTO",18,"","",101141,"ESCAVAÇÃO HORIZONTAL, INCLUINDO ESCARIFICAÇÃO, CARGA, DESCARGA E TRANSPORTE EM SOLO DE 2A CATEGORIA COM TRATOR DE ESTEIRAS (170HP/LÂMINA: 5,20M3) E CAMINHÃO BASCULANTE DE 10M3, DMT ATÉ 200M. AF_07/2020","M3","ATRIBUÍDO SÃO PAULO",9.59,"","","","","","","","",2.16,22.591362100000001,3.68,38.427464000000001,"3,75","38,9811739","0,00","0,0000000","0,00","0,0000000",0,"CAIXA REFERENCIAL"]
["MOVIMENTO DE TERRA","MOVT","CORTE/ESCAVACAO EM JAZIDAS OU CAMPO ABERTO",18,"","",101153,"ESCAVAÇÃO HORIZONTAL, INCLUINDO ESCARIFICAÇÃO, CARGA, DESCARGA E TRANSPORTE EM SOLO DE 2A CATEGORIA COM TRATOR DE ESTEIRAS (125HP/LÂMINA: 2,70M3) E CAMINHÃO BASCULANTE DE 14M3, DMT ATÉ 200M. AF_07/2020","M3","ATRIBUÍDO SÃO PAULO",11.15,"","","","","","","","",2.67,23.966165400000001,6.05,54.229323399999998,"2,43","21,8045112","0,00","0,0000000","0,00","0,0000000",0,"CAIXA REFERENCIAL"]
["MOVIMENTO DE TERRA","MOVT","CORTE/ESCAVACAO EM JAZIDAS OU CAMPO ABERTO",18,"","",101209,"ESCAVAÇÃO VERTICAL A CÉU ABERTO, EM OBRAS DE EDIFICAÇÃO, INCLUINDO CARGA, DESCARGA E TRANSPORTE, EM SOLO DE 1ª CATEGORIA COM ESCAVADEIRA HIDRÁULICA (CAÇAMBA: 1,2 M³ / 155 HP), FROTA DE 3 CAMINHÕES BASCULANTES DE 18 M³, DMT ATÉ 1 KM E VELOCIDADE MÉDIA 14KM/H. AF_05/2020","M3","ATRIBUÍDO SÃO PAULO",5.51,"COMPOSICAO",88908,"ESCAVADEIRA HIDRÁULICA SOBRE ESTEIRAS, CAÇAMBA 1,20 M3, PESO OPERACIONAL 21 T, POTÊNCIA BRUTA 155 HP - CHI DIURNO. AF_06/2014","CHI","ATRIBUÍDO SÃO PAULO",2E-3,60.85,0.12,"","","","","","","","","","",null,"CAIXA REFERENCIAL"]
["MOVIMENTO DE TERRA","MOVT","CORTE/ESCAVACAO EM JAZIDAS OU CAMPO ABERTO",18,"","",101213,"ESCAVAÇÃO VERTICAL A CÉU ABERTO, EM OBRAS DE EDIFICAÇÃO, INCLUINDO CARGA, DESCARGA E TRANSPORTE, EM SOLO DE 1ª CATEGORIA COM ESCAVADEIRA HIDRÁULICA (CAÇAMBA: 0,8 M³ / 111 HP), FROTA DE 6 CAMINHÕES BASCULANTES DE 14 M³, DMT DE 4 KM E VELOCIDADE MÉDIA 22KM/H. AF_05/2020","M3","ATRIBUÍDO SÃO PAULO",13.67,"","","","","","","","",2.0699999999999998,15.156017800000001,6.72,49.108469599999999,"4,88","35,7355126","0,00","0,0000000","0,00","0,0000000",0,"CAIXA REFERENCIAL"]
["MOVIMENTO DE TERRA","MOVT","CORTE/ESCAVACAO EM JAZIDAS OU CAMPO ABERTO",18,"","",101225,"ESCAVAÇÃO VERTICAL A CÉU ABERTO, EM OBRAS DE EDIFICAÇÃO, INCLUINDO CARGA, DESCARGA E TRANSPORTE, EM SOLO DE 1ª CATEGORIA COM ESCAVADEIRA HIDRÁULICA (CAÇAMBA: 1,2 M³ / 155 HP), FROTA DE 5 CAMINHÕES BASCULANTES DE 18 M³, DMT DE 1,5 KM E VELOCIDADE MÉDIA 18KM/H. AF_05/2020","M3","ATRIBUÍDO SÃO PAULO",8.44,"","","","","","","","",1.22,14.5454545,4.26,50.303030399999997,"2,96","35,1515151","0,00","0,0000000","0,00","0,0000000",0,"CAIXA REFERENCIAL"]
["MOVIMENTO DE TERRA","MOVT","CORTE/ESCAVACAO EM JAZIDAS OU CAMPO ABERTO",18,"","",101227,"ESCAVAÇÃO VERTICAL A CÉU ABERTO, EM OBRAS DE EDIFICAÇÃO, INCLUINDO CARGA, DESCARGA E TRANSPORTE, EM SOLO DE 1ª CATEGORIA COM ESCAVADEIRA HIDRÁULICA (CAÇAMBA: 1,2 M³ / 155 HP), FROTA DE 6 CAMINHÕES BASCULANTES DE 18 M³, DMT DE 3 KM E VELOCIDADE MÉDIA 20KM/H. AF_05/2020","M3","ATRIBUÍDO SÃO PAULO",10.3,"COMPOSICAO",89883,"CAMINHÃO BASCULANTE 18 M3, COM CAVALO MECÂNICO DE CAPACIDADE MÁXIMA DE TRAÇÃO COMBINADO DE 45000 KG, POTÊNCIA 330 CV, INCLUSIVE SEMIREBOQUE COM CAÇAMBA METÁLICA - CHP DIURNO. AF_12/2014","CHP","ATRIBUÍDO SÃO PAULO",4.0500000000000001E-2,199.13,8.06,"","","","","","","","","","",null,"CAIXA REFERENCIAL"]
["MOVIMENTO DE TERRA","MOVT","CORTE/ESCAVACAO EM JAZIDAS OU CAMPO ABERTO",18,"","",101233,"ESCAVAÇÃO VERTICAL A CÉU ABERTO, EM OBRAS DE INFRAESTRUTURA, INCLUINDO CARGA, DESCARGA E TRANSPORTE, EM SOLO DE 1ª CATEGORIA COM ESCAVADEIRA HIDRÁULICA (CAÇAMBA: 1,2 M³ / 155 HP), FROTA DE 3 CAMINHÕES BASCULANTES DE 18 M³, DMT ATÉ 1 KM E VELOCIDADE MÉDIA14KM/H. AF_05/2020","M3","ATRIBUÍDO SÃO PAULO",4.88,"","","","","","","","",0.73,15.1063829,2.4300000000000002,49.574468199999998,"1,72","35,3191489","0,00","0,0000000","0,00","0,0000000",0,"CAIXA REFERENCIAL"]
["MOVIMENTO DE TERRA","MOVT","CORTE/ESCAVACAO EM JAZIDAS OU CAMPO ABERTO",18,"","",101238,"ESCAVAÇÃO VERTICAL A CÉU ABERTO, EM OBRAS DE INFRAESTRUTURA, INCLUINDO CARGA, DESCARGA E TRANSPORTE, EM SOLO DE 1ª CATEGORIA COM ESCAVADEIRA HIDRÁULICA (CAÇAMBA: 0,8 M³ / 111HP), FROTA DE 8 CAMINHÕES BASCULANTES DE 14 M³, DMT DE 6 KM E VELOCIDADE MÉDIA 22KM/H. AF_05/2020","M3","ATRIBUÍDO SÃO PAULO",15.78,"COMPOSICAO",88316,"SERVENTE COM ENCARGOS COMPLEMENTARES","H","COLETADO",1.2E-2,14.67,0.17,"","","","","","","","","","",null,"CAIXA REFERENCIAL"]
["MOVIMENTO DE TERRA","MOVT","CORTE/ESCAVACAO EM JAZIDAS OU CAMPO ABERTO",18,"","",101244,"ESCAVAÇÃO VERTICAL A CÉU ABERTO, EM OBRAS DE INFRAESTRUTURA, INCLUINDO CARGA, DESCARGA E TRANSPORTE, EM SOLO DE 1ª CATEGORIA COM ESCAVADEIRA HIDRÁULICA (CAÇAMBA: 1,2M³ / 155HP), FROTA DE 6 CAMINHÕES BASCULANTES DE 14 M³, DMT DE 1,5 KM E VELOCIDADE MÉDIA18KM/H. AF_05/2020","M3","ATRIBUÍDO SÃO PAULO",8.85,"COMPOSICAO",89877,"CAMINHÃO BASCULANTE 14 M3, COM CAVALO MECÂNICO DE CAPACIDADE MÁXIMA DE TRAÇÃO COMBINADO DE 36000 KG, POTÊNCIA 286 CV, INCLUSIVE SEMIREBOQUE COM CAÇAMBA METÁLICA - CHI DIURNO. AF_12/2014","CHI","ATRIBUÍDO SÃO PAULO",1.72E-2,45.61,0.78,"","","","","","","","","","",null,"CAIXA REFERENCIAL"]
["MOVIMENTO DE TERRA","MOVT","CORTE/ESCAVACAO EM JAZIDAS OU CAMPO ABERTO",18,"","",101253,"ESCAVAÇÃO VERTICAL A CÉU ABERTO, EM OBRAS DE INFRAESTRUTURA, INCLUINDO CARGA, DESCARGA E TRANSPORTE, EM SOLO DE 1ª CATEGORIA COM ESCAVADEIRA HIDRÁULICA (CAÇAMBA: 1,2 M³ / 155HP), FROTA DE 9 CAMINHÕES BASCULANTES DE 18 M³, DMT DE 6 KM E VELOCIDADE MÉDIA 22KM/H. AF_05/2020","M3","ATRIBUÍDO SÃO PAULO",13.23,"","","","","","","","",1.64,12.432847199999999,7.17,54.105909599999997,"4,42","33,4612432","0,00","0,0000000","0,00","0,0000000",0,"CAIXA REFERENCIAL"]
["MOVIMENTO DE TERRA","MOVT","CORTE/ESCAVACAO EM JAZIDAS OU CAMPO ABERTO",18,"","",101262,"ESCAVAÇÃO VERTICAL A CÉU ABERTO, EM OBRAS DE EDIFICAÇÃO, INCLUINDO CARGA, DESCARGA E TRANSPORTE, EM SOLO DE 1ª CATEGORIA COM ESCAVADEIRA HIDRÁULICA (CAÇAMBA: 1,2 M³ / 155HP), FROTA DE 6 CAMINHÕES BASCULANTES DE 10 M³, DMT DE 2 KM E VELOCIDADE MÉDIA 19KM/H. AF_05/2020","M3","ATRIBUÍDO SÃO PAULO",11.33,"COMPOSICAO",88316,"SERVENTE COM ENCARGOS COMPLEMENTARES","H","COLETADO",1.26E-2,14.67,0.18,"","","","","","","","","","",null,"CAIXA REFERENCIAL"]
["MOVIMENTO DE TERRA","MOVT","CORTE/ESCAVACAO EM JAZIDAS OU CAMPO ABERTO",18,"","",101268,"ESCAVAÇÃO VERTICAL A CÉU ABERTO, EM OBRAS DE INFRAESTRUTURA, INCLUINDO CARGA, DESCARGA E TRANSPORTE, EM SOLO DE 1ª CATEGORIA COM ESCAVADEIRA HIDRÁULICA (CAÇAMBA: 0,8 M³ / 111HP), FROTA DE 5 CAMINHÕES BASCULANTES DE 10 M³, DMT DE 1,5 KM E VELOCIDADE MÉDIA18KM/H. AF_05/2020","M3","ATRIBUÍDO SÃO PAULO",10.33,"COMPOSICAO",5632,"ESCAVADEIRA HIDRÁULICA SOBRE ESTEIRAS, CAÇAMBA 0,80 M3, PESO OPERACIONAL 17 T, POTENCIA BRUTA 111 HP - CHI DIURNO. AF_06/2014","CHI","ATRIBUÍDO SÃO PAULO",2.7000000000000001E-3,57.49,0.15,"","","","","","","","","","",null,"CAIXA REFERENCIAL"]
["MOVIMENTO DE TERRA","MOVT","CORTE/ESCAVACAO EM JAZIDAS OU CAMPO ABERTO",18,"","",101273,"ESCAVAÇÃO VERTICAL A CÉU ABERTO, EM OBRAS DE INFRAESTRUTURA, INCLUINDO CARGA, DESCARGA E TRANSPORTE, EM SOLO DE 1ª CATEGORIA COM ESCAVADEIRA HIDRÁULICA (CAÇAMBA: 1,2 M³ / 155HP), FROTA DE 6 CAMINHÕES BASCULANTES DE 10 M³, DMT DE 1,5 KM E VELOCIDADE MÉDIA18KM/H. AF_05/2020","M3","ATRIBUÍDO SÃO PAULO",9.85,"","","","","","","","",1.57,15.9751037,4.82,48.858921199999997,"3,46","35,1659751","0,00","0,0000000","0,00","0,0000000",0,"CAIXA REFERENCIAL"]
["MOVIMENTO DE TERRA","MOVT","ESCAVACAO DE VALAS",19,"","",90085,"ESCAVAÇÃO MECANIZADA DE VALA COM PROF. MAIOR QUE 1,5 M ATÉ 3,0 M (MÉDIA ENTRE MONTANTE E JUSANTE/UMA COMPOSIÇÃO POR TRECHO), COM ESCAVADEIRA HIDRÁULICA (0,8 M3/111 HP), LARG. DE 1,5 M A 2,5 M, EM SOLO DE 1A CATEGORIA, EM LOCAIS COM ALTO NÍVEL DE INTERFERÊNCIA. AF_01/2015","M3","ATRIBUÍDO SÃO PAULO",7.13,"COMPOSICAO",5631,"ESCAVADEIRA HIDRÁULICA SOBRE ESTEIRAS, CAÇAMBA 0,80 M3, PESO OPERACIONAL 17 T, POTENCIA BRUTA 111 HP - CHP DIURNO. AF_06/2014","CHP","ATRIBUÍDO SÃO PAULO",3.2500000000000001E-2,126.79,4.12,"","","","","","","","","","",null,"CAIXA REFERENCIAL"]
["MOVIMENTO DE TERRA","MOVT","ESCAVACAO DE VALAS",19,"","",90094,"ESCAVAÇÃO MECANIZADA DE VALA COM PROF. MAIOR QUE 3,0 M ATÉ 4,5 M (MÉDIA ENTRE MONTANTE E JUSANTE/UMA COMPOSIÇÃO POR TRECHO), COM ESCAVADEIRA HIDRÁULICA (0,8 M3/111 HP), LARG. MENOR QUE 1,5 M, EM SOLO DE 1A CATEGORIA, LOCAIS COM BAIXO NÍVEL DE INTERFERÊNCIA. AF_01/2015","M3","ATRIBUÍDO SÃO PAULO",4.3,"COMPOSICAO",5631,"ESCAVADEIRA HIDRÁULICA SOBRE ESTEIRAS, CAÇAMBA 0,80 M3, PESO OPERACIONAL 17 T, POTENCIA BRUTA 111 HP - CHP DIURNO. AF_06/2014","CHP","ATRIBUÍDO SÃO PAULO",1.9599999999999999E-2,126.79,2.48,"","","","","","","","","","",null,"CAIXA REFERENCIAL"]
["MOVIMENTO DE TERRA","MOVT","ESCAVACAO DE VALAS",19,"","",90105,"ESCAVAÇÃO MECANIZADA DE VALA COM PROFUNDIDADE ATÉ 1,5 M (MÉDIA ENTRE MONTANTE E JUSANTE/UMA COMPOSIÇÃO POR TRECHO) COM RETROESCAVADEIRA (CAPACIDADE DA CAÇAMBA DA RETRO: 0,26 M3 / POTÊNCIA: 88 HP), LARGURA MENOR QUE 0,8 M, EM SOLO DE 1A CATEGORIA, LOCAISCOM BAIXO NÍVEL DE INTERFERÊNCIA. AF_01/2015","M3","ATRIBUÍDO SÃO PAULO",6.29,"COMPOSICAO",5679,"RETROESCAVADEIRA SOBRE RODAS COM CARREGADEIRA, TRAÇÃO 4X4, POTÊNCIA LÍQ. 88 HP, CAÇAMBA CARREG. CAP. MÍN. 1 M3, CAÇAMBA RETRO CAP. 0,26 M3, PESO OPERACIONAL MÍN. 6.674 KG, PROFUNDIDADE ESCAVAÇÃO MÁX. 4,37 M - CHI DIURNO. AF_06/2014","CHI","ATRIBUÍDO SÃO PAULO",4.2900000000000001E-2,43.92,1.88,"","","","","","","","","","",null,"CAIXA REFERENCIAL"]
["MOVIMENTO DE TERRA","MOVT","ATERRO COM OU S/COMPACTACAO",20,"","",94306,"ATERRO MECANIZADO DE VALA COM ESCAVADEIRA HIDRÁULICA (CAPACIDADE DA CAÇAMBA: 0,8 M³ / POTÊNCIA: 111 HP), LARGURA DE 1,5 A 2,5 M, PROFUNDIDADE DE 1,5 A 3,0 M, COM SOLO ARGILO-ARENOSO. AF_05/2016","M3","ATRIBUÍDO SÃO PAULO",19.97,"COMPOSICAO",5903,"CAMINHÃO PIPA 10.000 L TRUCADO, PESO BRUTO TOTAL 23.000 KG, CARGA ÚTIL MÁXIMA 15.935 KG, DISTÂNCIA ENTRE EIXOS 4,8 M, POTÊNCIA 230 CV, INCLUSIVE TANQUE DE AÇO PARA TRANSPORTE DE ÁGUA - CHI DIURNO. AF_06/2014","CHI","ATRIBUÍDO SÃO PAULO",3.0000000000000001E-3,41.21,0.12,"","","","","","","","","","",null,"CAIXA REFERENCIAL"]
["MOVIMENTO DE TERRA","MOVT","ATERRO COM OU S/COMPACTACAO",20,"","",94315,"ATERRO MECANIZADO DE VALA COM RETROESCAVADEIRA (CAPACIDADE DA CAÇAMBA DA RETRO: 0,26 M³ / POTÊNCIA: 88 HP), LARGURA ATÉ 0,8 M, PROFUNDIDADE ATÉ 1,5 M, COM SOLO ARGILO-ARENOSO. AF_05/2016","M3","ATRIBUÍDO SÃO PAULO",34.6,"COMPOSICAO",91534,"COMPACTADOR DE SOLOS DE PERCUSSÃO (SOQUETE) COM MOTOR A GASOLINA 4 TEMPOS, POTÊNCIA 4 CV - CHI DIURNO. AF_08/2015","CHI","ATRIBUÍDO SÃO PAULO",0.254,24.62,6.25,"","","","","","","","","","",null,"CAIXA REFERENCIAL"]
["MOVIMENTO DE TERRA","MOVT","ATERRO COM OU S/COMPACTACAO",20,"","",94317,"ATERRO MECANIZADO DE VALA COM RETROESCAVADEIRA (CAPACIDADE DA CAÇAMBA DA RETRO: 0,26 M³ / POTÊNCIA: 88 HP), LARGURA ATÉ 0,8 M, PROFUNDIDADE DE 1,5 A 3,0 M, COM SOLO ARGILO-ARENOSO. AF_05/2016","M3","ATRIBUÍDO SÃO PAULO",23.87,"COMPOSICAO",88316,"SERVENTE COM ENCARGOS COMPLEMENTARES","H","COLETADO",3.2000000000000001E-2,14.67,0.46,"","","","","","","","","","",null,"CAIXA REFERENCIAL"]
["MOVIMENTO DE TERRA","MOVT","ATERRO COM OU S/COMPACTACAO",20,"","",94329,"ATERRO MECANIZADO DE VALA COM ESCAVADEIRA HIDRÁULICA (CAPACIDADE DA CAÇAMBA: 0,8 M³ / POTÊNCIA: 111 HP), LARGURA DE 1,5 A 2,5 M, PROFUNDIDADE DE 1,5 A 3,0 M, COM AREIA PARA ATERRO. AF_05/2016","M3","ATRIBUÍDO SÃO PAULO",82.9,"INSUMO",368,"AREIA PARA ATERRO - POSTO JAZIDA/FORNECEDOR (RETIRADO NA JAZIDA, SEM TRANSPORTE)","M3","COEFICIENTE DE REPRESENTATIVIDADE",1.25,60,75,"","","","","","","","","","",null,"CAIXA REFERENCIAL"]
["MOVIMENTO DE TERRA","MOVT","ATERRO COM OU S/COMPACTACAO",20,"","",94340,"ATERRO MECANIZADO DE VALA COM RETROESCAVADEIRA (CAPACIDADE DA CAÇAMBA DA RETRO: 0,26 M³ / POTÊNCIA: 88 HP), LARGURA ATÉ 0,8 M, PROFUNDIDADE DE 1,5 A 3,0 M, COM AREIA PARA ATERRO. AF_05/2016","M3","ATRIBUÍDO SÃO PAULO",86.8,"COMPOSICAO",5901,"CAMINHÃO PIPA 10.000 L TRUCADO, PESO BRUTO TOTAL 23.000 KG, CARGA ÚTIL MÁXIMA 15.935 KG, DISTÂNCIA ENTRE EIXOS 4,8 M, POTÊNCIA 230 CV, INCLUSIVE TANQUE DE AÇO PARA TRANSPORTE DE ÁGUA - CHP DIURNO. AF_06/2014","CHP","ATRIBUÍDO SÃO PAULO",6.0000000000000001E-3,176.02,1.05,"","","","","","","","","","",null,"CAIXA REFERENCIAL"]
["MOVIMENTO DE TERRA","MOVT","ATERRO COM OU S/COMPACTACAO",20,"","",94342,"ATERRO MANUAL DE VALAS COM AREIA PARA ATERRO E COMPACTAÇÃO MECANIZADA. AF_05/2016","M3","ATRIBUÍDO SÃO PAULO",100.29,"COMPOSICAO",5901,"CAMINHÃO PIPA 10.000 L TRUCADO, PESO BRUTO TOTAL 23.000 KG, CARGA ÚTIL MÁXIMA 15.935 KG, DISTÂNCIA ENTRE EIXOS 4,8 M, POTÊNCIA 230 CV, INCLUSIVE TANQUE DE AÇO PARA TRANSPORTE DE ÁGUA - CHP DIURNO. AF_06/2014","CHP","ATRIBUÍDO SÃO PAULO",6.0000000000000001E-3,176.02,1.05,"","","","","","","","","","",null,"CAIXA REFERENCIAL"]
["MOVIMENTO DE TERRA","MOVT","ATERRO/REATERRO DE VALAS COM OU S/COMPACTACAO",21,"","",93365,"REATERRO MECANIZADO DE VALA COM ESCAVADEIRA HIDRÁULICA (CAPACIDADE DA CAÇAMBA: 0,8 M³ / POTÊNCIA: 111 HP), LARGURA ATÉ 1,5 M, PROFUNDIDADE DE 4,5 A 6,0 M, COM SOLO DE 1ª CATEGORIA EM LOCAIS COM ALTO NÍVEL DE INTERFERÊNCIA. AF_04/2016","M3","ATRIBUÍDO SÃO PAULO",8.3699999999999992,"COMPOSICAO",88316,"SERVENTE COM ENCARGOS COMPLEMENTARES","H","COLETADO",2.7E-2,14.67,0.39,"","","","","","","","","","",null,"CAIXA REFERENCIAL"]
["MOVIMENTO DE TERRA","MOVT","ATERRO/REATERRO DE VALAS COM OU S/COMPACTACAO",21,"","",93369,"REATERRO MECANIZADO DE VALA COM ESCAVADEIRA HIDRÁULICA (CAPACIDADE DA CAÇAMBA: 0,8 M³ / POTÊNCIA: 111 HP), LARGURA DE 1,5 A 2,5 M, PROFUNDIDADE DE 1,5 A 3,0 M, COM SOLO (SEM SUBSTITUIÇÃO) DE 1ª CATEGORIA EM LOCAIS COM BAIXO NÍVEL DE INTERFERÊNCIA. AF_04/2016","M3","ATRIBUÍDO SÃO PAULO",7.9,"COMPOSICAO",88316,"SERVENTE COM ENCARGOS COMPLEMENTARES","H","COLETADO",2.3E-2,14.67,0.33,"","","","","","","","","","",null,"CAIXA REFERENCIAL"]
["MOVIMENTO DE TERRA","MOVT","ATERRO/REATERRO DE VALAS COM OU S/COMPACTACAO",21,"","",93374,"REATERRO MECANIZADO DE VALA COM RETROESCAVADEIRA (CAPACIDADE DA CAÇAMBA DA RETRO: 0,26 M³ / POTÊNCIA: 88 HP), LARGURA ATÉ 0,8 M, PROFUNDIDADE ATÉ 1,5 M, COM SOLO (SEM SUBSTITUIÇÃO) DE 1ª CATEGORIA EM LOCAIS COM ALTO NÍVEL DE INTERFERÊNCIA. AF_04/2016","M3","ATRIBUÍDO SÃO PAULO",19.97,"COMPOSICAO",5678,"RETROESCAVADEIRA SOBRE RODAS COM CARREGADEIRA, TRAÇÃO 4X4, POTÊNCIA LÍQ. 88 HP, CAÇAMBA CARREG. CAP. MÍN. 1 M3, CAÇAMBA RETRO CAP. 0,26 M3, PESO OPERACIONAL MÍN. 6.674 KG, PROFUNDIDADE ESCAVAÇÃO MÁX. 4,37 M - CHP DIURNO. AF_06/2014","CHP","ATRIBUÍDO SÃO PAULO",4.8000000000000001E-2,92.02,4.41,"","","","","","","","","","",null,"CAIXA REFERENCIAL"]
["MOVIMENTO DE TERRA","MOVT","ATERRO/REATERRO DE VALAS COM OU S/COMPACTACAO",21,"","",93380,"REATERRO MECANIZADO DE VALA COM RETROESCAVADEIRA (CAPACIDADE DA CAÇAMBA DA RETRO: 0,26 M³ / POTÊNCIA: 88 HP), LARGURA ATÉ 0,8 M, PROFUNDIDADE DE 1,5 A 3,0 M, COM SOLO DE 1ª CATEGORIA EM LOCAIS COM BAIXO NÍVEL DE INTERFERÊNCIA. AF_04/2016","M3","ATRIBUÍDO SÃO PAULO",11.79,"COMPOSICAO",5678,"RETROESCAVADEIRA SOBRE RODAS COM CARREGADEIRA, TRAÇÃO 4X4, POTÊNCIA LÍQ. 88 HP, CAÇAMBA CARREG. CAP. MÍN. 1 M3, CAÇAMBA RETRO CAP. 0,26 M3, PESO OPERACIONAL MÍN. 6.674 KG, PROFUNDIDADE ESCAVAÇÃO MÁX. 4,37 M - CHP DIURNO. AF_06/2014","CHP","ATRIBUÍDO SÃO PAULO",2.5000000000000001E-2,92.02,2.2999999999999998,"","","","","","","","","","",null,"CAIXA REFERENCIAL"]
["MOVIMENTO DE TERRA","MOVT","REGULARIZACAO E APILOAMENTO DE FUNDO DE VALAS",225,"","",94105,"LASTRO DE VALA COM PREPARO DE FUNDO, LARGURA MENOR QUE 1,5 M, COM CAMADA DE BRITA, LANÇAMENTO MANUAL, EM LOCAL COM NÍVEL ALTO DE INTERFERÊNCIA. AF_06/2016","M3","ATRIBUÍDO SÃO PAULO",232.25,"COMPOSICAO",88309,"PEDREIRO COM ENCARGOS COMPLEMENTARES","H","COLETADO",2.6309999999999998,18.18,47.83,"","","","","","","","","","",null,"CAIXA REFERENCIAL"]
["MOVIMENTO DE TERRA","MOVT","REGULARIZACAO E APILOAMENTO DE FUNDO DE VALAS",225,"","",94115,"LASTRO COM PREPARO DE FUNDO, LARGURA MAIOR OU IGUAL A 1,5 M, COM CAMADA DE AREIA, LANÇAMENTO MECANIZADO. AF_08/2020","M3","ATRIBUÍDO SÃO PAULO",124.75,"INSUMO",370,"AREIA MEDIA - POSTO JAZIDA/FORNECEDOR (RETIRADO NA JAZIDA, SEM TRANSPORTE)","M3","COLETADO",1.1000000000000001,77.5,85.25,"","","","","","","","","","",null,"CAIXA REFERENCIAL"]
["MOVIMENTO DE TERRA","MOVT","REGULARIZACAO E APILOAMENTO DE FUNDO DE VALAS",225,"","",101618,"PREPARO DE FUNDO DE VALA COM LARGURA MENOR QUE 1,5 M, COM CAMADA DE AREIA, LANÇAMENTO MANUAL. AF_08/2020","M3","ATRIBUÍDO SÃO PAULO",170.27,"","","","","","","","",62.17,36.515400800000002,107.98,63.414060800000001,"0,12","0,0705384","0,00","0,0000000","0,00","0,0000000",0,"CAIXA REFERENCIAL"]
["PAREDES/PAINEIS","PARE","ALVENARIA DE TIJOLOS CERAMICOS",63,"","",87471,"ALVENARIA DE VEDAÇÃO DE BLOCOS CERÂMICOS FURADOS NA VERTICAL DE 9X19X39CM (ESPESSURA 9CM) DE PAREDES COM ÁREA LÍQUIDA MENOR QUE 6M² SEM VÃOS E ARGAMASSA DE ASSENTAMENTO COM PREPARO EM BETONEIRA. AF_06/2014","M2","ATRIBUÍDO SÃO PAULO",41.19,"INSUMO",37395,"PINO DE ACO COM FURO, HASTE = 27 MM (ACAO DIRETA)","CENTO","ATRIBUÍDO SÃO PAULO",9.4000000000000004E-3,34.130000000000003,0.32,"","","","","","","","","","",null,"CAIXA REFERENCIAL"]
["PAREDES/PAINEIS","PARE","ALVENARIA DE TIJOLOS CERAMICOS",63,"","",87476,"ALVENARIA DE VEDAÇÃO DE BLOCOS CERÂMICOS FURADOS NA VERTICAL DE 19X19X39CM (ESPESSURA 19CM) DE PAREDES COM ÁREA LÍQUIDA MENOR QUE 6M² SEM VÃOS E ARGAMASSA DE ASSENTAMENTO COM PREPARO MANUAL. AF_06/2014","M2","ATRIBUÍDO SÃO PAULO",68.180000000000007,"","","","","","","","",20.38,29.900088100000001,47.8,70.099911899999995,"0,00","0,0000000","0,00","0,0000000","0,00","0,0000000",0,"CAIXA REFERENCIAL"]
["PAREDES/PAINEIS","PARE","ALVENARIA DE TIJOLOS CERAMICOS",63,"","",87483,"ALVENARIA DE VEDAÇÃO DE BLOCOS CERÂMICOS FURADOS NA VERTICAL DE 9X19X39CM (ESPESSURA 9CM) DE PAREDES COM ÁREA LÍQUIDA MENOR QUE 6M² COM VÃOS E ARGAMASSA DE ASSENTAMENTO COM PREPARO EM BETONEIRA. AF_06/2014","M2","ATRIBUÍDO SÃO PAULO",46.69,"INSUMO",37592,"BLOCO CERAMICO DE VEDACAO COM FUROS NA VERTICAL, 9 X 19 X 39 CM - 4,5 MPA (NBR 15270)","UN","COEFICIENTE DE REPRESENTATIVIDADE",13.6,1.55,21.08,"","","","","","","","","","",null,"CAIXA REFERENCIAL"]
["PAREDES/PAINEIS","PARE","ALVENARIA DE TIJOLOS CERAMICOS",63,"","",87489,"ALVENARIA DE VEDAÇÃO DE BLOCOS CERÂMICOS FURADOS NA VERTICAL DE 9X19X39CM (ESPESSURA 9CM) DE PAREDES COM ÁREA LÍQUIDA MAIOR OU IGUAL A 6M² COM VÃOS E ARGAMASSA DE ASSENTAMENTO COM PREPARO EM BETONEIRA. AF_06/2014","M2","ATRIBUÍDO SÃO PAULO",40.729999999999997,"INSUMO",37592,"BLOCO CERAMICO DE VEDACAO COM FUROS NA VERTICAL, 9 X 19 X 39 CM - 4,5 MPA (NBR 15270)","UN","COEFICIENTE DE REPRESENTATIVIDADE",13.6,1.55,21.08,"","","","","","","","","","",null,"CAIXA REFERENCIAL"]
["PAREDES/PAINEIS","PARE","ALVENARIA DE TIJOLOS CERAMICOS",63,"","",87494,"ALVENARIA DE VEDAÇÃO DE BLOCOS CERÂMICOS FURADOS NA VERTICAL DE 19X19X39CM (ESPESSURA 19CM) DE PAREDES COM ÁREA LÍQUIDA MAIOR OU IGUAL A 6M² COM VÃOS E ARGAMASSA DE ASSENTAMENTO COM PREPARO MANUAL. AF_06/2014","M2","ATRIBUÍDO SÃO PAULO",66.7,"INSUMO",34548,"TELA DE ACO SOLDADA GALVANIZADA/ZINCADA PARA ALVENARIA, FIO  D = *1,20 A 1,70* MM, MALHA 15 X 15 MM, (C X L) *50 X 17,5* CM","M","ATRIBUÍDO SÃO PAULO",0.42,4.9400000000000004,2.0699999999999998,"","","","","","","","","","",null,"CAIXA REFERENCIAL"]
["PAREDES/PAINEIS","PARE","ALVENARIA DE TIJOLOS CERAMICOS",63,"","",87499,"ALVENARIA DE VEDAÇÃO DE BLOCOS CERÂMICOS FURADOS NA HORIZONTAL DE 9X14X19CM (ESPESSURA 9CM) DE PAREDES COM ÁREA LÍQUIDA MENOR QUE 6M² SEM VÃOS E ARGAMASSA DE ASSENTAMENTO COM PREPARO EM BETONEIRA. AF_06/2014","M2","ATRIBUÍDO SÃO PAULO",75.5,"INSUMO",7267,"BLOCO CERAMICO VAZADO PARA ALVENARIA DE VEDACAO, 6 FUROS, DE 9 X 14 X 19 CM (L X A X C)","UN","COEFICIENTE DE REPRESENTATIVIDADE",37.24,0.54,20.100000000000001,"","","","","","","","","","",null,"CAIXA REFERENCIAL"]
["PAREDES/PAINEIS","PARE","ALVENARIA DE TIJOLOS CERAMICOS",63,"","",87506,"ALVENARIA DE VEDAÇÃO DE BLOCOS CERÂMICOS FURADOS NA HORIZONTAL DE 11,5X19X19CM (ESPESSURA 11,5M) DE PAREDES COM ÁREA LÍQUIDA MAIOR OU IGUAL A 6M² SEM VÃOS E ARGAMASSA DE ASSENTAMENTO COM PREPARO MANUAL. AF_06/2014","M2","ATRIBUÍDO SÃO PAULO",57.19,"COMPOSICAO",87369,"ARGAMASSA TRAÇO 1:2:8 (EM VOLUME DE CIMENTO, CAL E AREIA MÉDIA ÚMIDA) PARA EMBOÇO/MASSA ÚNICA/ASSENTAMENTO DE ALVENARIA DE VEDAÇÃO, PREPARO MANUAL. AF_08/2019","M3","COEFICIENTE DE REPRESENTATIVIDADE",1.2500000000000001E-2,414.6,5.18,"","","","","","","","","","",null,"CAIXA REFERENCIAL"]
["PAREDES/PAINEIS","PARE","ALVENARIA DE TIJOLOS CERAMICOS",63,"","",87511,"ALVENARIA DE VEDAÇÃO DE BLOCOS CERÂMICOS FURADOS NA HORIZONTAL DE 9X19X19CM (ESPESSURA 9CM) DE PAREDES COM ÁREA LÍQUIDA MENOR QUE 6M² COM VÃOS E ARGAMASSA DE ASSENTAMENTO COM PREPARO EM BETONEIRA. AF_06/2014","M2","ATRIBUÍDO SÃO PAULO",72.739999999999995,"INSUMO",34557,"TELA DE ACO SOLDADA GALVANIZADA/ZINCADA PARA ALVENARIA, FIO D = *1,20 A 1,70* MM, MALHA 15 X 15 MM, (C X L) *50 X 7,5* CM","M","ATRIBUÍDO SÃO PAULO",0.78500000000000003,1.9,1.49,"","","","","","","","","","",null,"CAIXA REFERENCIAL"]
["PAREDES/PAINEIS","PARE","ALVENARIA DE TIJOLOS CERAMICOS",63,"","",87513,"ALVENARIA DE VEDAÇÃO DE BLOCOS CERÂMICOS FURADOS NA HORIZONTAL DE 11,5X19X19CM (ESPESSURA 11,5CM) DE PAREDES COM ÁREA LÍQUIDA MENOR QUE 6M² COM VÃOS E ARGAMASSA DE ASSENTAMENTO COM PREPARO EM BETONEIRA. AF_06/2014","M2","ATRIBUÍDO SÃO PAULO",73.45,"COMPOSICAO",88316,"SERVENTE COM ENCARGOS COMPLEMENTARES","H","COLETADO",0.86,14.67,12.61,"","","","","","","","","","",null,"CAIXA REFERENCIAL"]
["PAREDES/PAINEIS","PARE","ALVENARIA DE TIJOLOS CERAMICOS",63,"","",87518,"ALVENARIA DE VEDAÇÃO DE BLOCOS CERÂMICOS FURADOS NA HORIZONTAL DE 14X9X19CM (ESPESSURA 14CM, BLOCO DEITADO) DE PAREDES COM ÁREA LÍQUIDA MENOR QUE 6M² COM VÃOS E ARGAMASSA DE ASSENTAMENTO COM PREPARO MANUAL. AF_06/2014","M2","ATRIBUÍDO SÃO PAULO",134.58000000000001,"INSUMO",7267,"BLOCO CERAMICO VAZADO PARA ALVENARIA DE VEDACAO, 6 FUROS, DE 9 X 14 X 19 CM (L X A X C)","UN","COEFICIENTE DE REPRESENTATIVIDADE",56.62,0.54,30.57,"","","","","","","","","","",null,"CAIXA REFERENCIAL"]
["PAREDES/PAINEIS","PARE","ALVENARIA DE TIJOLOS CERAMICOS",63,"","",87526,"ALVENARIA DE VEDAÇÃO DE BLOCOS CERÂMICOS FURADOS NA HORIZONTAL DE 14X9X19CM (ESPESSURA 14CM, BLOCO DEITADO) DE PAREDES COM ÁREA LÍQUIDA MAIOR OU IGUAL A 6M² COM VÃOS E ARGAMASSA DE ASSENTAMENTO COM PREPARO MANUAL. AF_06/2014","M2","ATRIBUÍDO SÃO PAULO",108.71,"","","","","","","","",53.28,49.019427299999997,55.43,50.980572700000003,"0,00","0,0000000","0,00","0,0000000","0,00","0,0000000",0,"CAIXA REFERENCIAL"]
["PAREDES/PAINEIS","PARE","ALVENARIA DE ELEMENTOS VAZADOS CERAMICOS",64,"","",89284,"ALVENARIA ESTRUTURAL DE BLOCOS CERÂMICOS 14X19X39, (ESPESSURA DE 14 CM), PARA PAREDES COM ÁREA LÍQUIDA MAIOR OU IGUAL QUE 6M², SEM VÃOS, UTILIZANDO PALHETA E ARGAMASSA DE ASSENTAMENTO COM PREPARO EM BETONEIRA. AF_12/2014","M2","ATRIBUÍDO SÃO PAULO",49.17,"INSUMO",34781,"MEIO BLOCO ESTRUTURAL CERAMICO 14 X 19 X 19 CM, 6,0 MPA (NBR 15270)","UN","COEFICIENTE DE REPRESENTATIVIDADE",0.69,1.25,0.86,"","","","","","","","","","",null,"CAIXA REFERENCIAL"]
["PAREDES/PAINEIS","PARE","ALVENARIA DE ELEMENTOS VAZADOS CERAMICOS",64,"","",89285,"ALVENARIA ESTRUTURAL DE BLOCOS CERÂMICOS 14X19X39, (ESPESSURA DE 14 CM), PARA PAREDES COM ÁREA LÍQUIDA MAIOR OU IGUAL QUE 6M², SEM VÃOS, UTILIZANDO PALHETA E ARGAMASSA DE ASSENTAMENTO COM PREPARO MANUAL. AF_12/2014","M2","ATRIBUÍDO SÃO PAULO",49.85,"INSUMO",34655,"CANALETA ESTRUTURAL CERAMICA, 14 X 19 X 39 CM, 6,0 MPA (NBR 15270)","UN","COEFICIENTE DE REPRESENTATIVIDADE",0.92,2.62,2.41,"","","","","","","","","","",null,"CAIXA REFERENCIAL"]
["PAREDES/PAINEIS","PARE","ALVENARIA DE ELEMENTOS VAZADOS CERAMICOS",64,"","",89288,"ALVENARIA ESTRUTURAL DE BLOCOS CERÂMICOS 14X19X39, (ESPESSURA DE 14 CM), PARA PAREDES COM ÁREA LÍQUIDA MAIOR OU IGUAL A 6M², COM VÃOS, UTILIZANDO PALHETA E ARGAMASSA DE ASSENTAMENTO COM PREPARO EM BETONEIRA. AF_12/2014","M2","ATRIBUÍDO SÃO PAULO",51.18,"COMPOSICAO",88316,"SERVENTE COM ENCARGOS COMPLEMENTARES","H","COLETADO",0.3,14.67,4.4000000000000004,"","","","","","","","","","",null,"CAIXA REFERENCIAL"]
["PAREDES/PAINEIS","PARE","ALVENARIA DE ELEMENTOS VAZADOS CERAMICOS",64,"","",89295,"ALVENARIA ESTRUTURAL DE BLOCOS CERÂMICOS 14X19X29, (ESPESSURA DE 14 CM), PARA PAREDES COM ÁREA LÍQUIDA MENOR QUE 6M², COM VÃOS, UTILIZANDO PALHETA E ARGAMASSA DE ASSENTAMENTO COM PREPARO MANUAL. AF_12/2014","M2","ATRIBUÍDO SÃO PAULO",67.37,"","","","","","","","",22.14,32.877323400000002,45.23,67.122676600000005,"0,00","0,0000000","0,00","0,0000000","0,00","0,0000000",0,"CAIXA REFERENCIAL"]
["PAREDES/PAINEIS","PARE","ALVENARIA DE ELEMENTOS VAZADOS CERAMICOS",64,"","",89301,"ALVENARIA ESTRUTURAL DE BLOCOS CERÂMICOS 14X19X39, (ESPESSURA DE 14 CM), PARA PAREDES COM ÁREA LÍQUIDA MAIOR OU IGUAL A 6M², SEM VÃOS, UTILIZANDO COLHER DE PEDREIRO E ARGAMASSA DE ASSENTAMENTO COM PREPARO MANUAL. AF_12/2014","M2","ATRIBUÍDO SÃO PAULO",59.48,"INSUMO",34655,"CANALETA ESTRUTURAL CERAMICA, 14 X 19 X 39 CM, 6,0 MPA (NBR 15270)","UN","COEFICIENTE DE REPRESENTATIVIDADE",0.92,2.62,2.41,"","","","","","","","","","",null,"CAIXA REFERENCIAL"]
["PAREDES/PAINEIS","PARE","ALVENARIA DE ELEMENTOS VAZADOS CERAMICOS",64,"","",89304,"ALVENARIA ESTRUTURAL DE BLOCOS CERÂMICOS 14X19X39, (ESPESSURA DE 14 CM), PARA PAREDES COM ÁREA LÍQUIDA MAIOR OU IGUAL A 6M², COM VÃOS, UTILIZANDO COLHER DE PEDREIRO E ARGAMASSA DE ASSENTAMENTO COM PREPARO EM BETONEIRA. AF_12/2014","M2","ATRIBUÍDO SÃO PAULO",62.2,"COMPOSICAO",88309,"PEDREIRO COM ENCARGOS COMPLEMENTARES","H","COLETADO",0.96,18.18,17.45,"","","","","","","","","","",null,"CAIXA REFERENCIAL"]
["PAREDES/PAINEIS","PARE","ALVENARIA DE ELEMENTOS VAZADOS CERAMICOS",64,"","",89308,"ALVENARIA ESTRUTURAL DE BLOCOS CERÂMICOS 14X19X29, (ESPESSURA DE 14 CM), PARA PAREDES COM ÁREA LÍQUIDA MAIOR OU IGUAL A 6M², SEM VÃOS, UTILIZANDO COLHER DE PEDREIRO E ARGAMASSA DE ASSENTAMENTO COM PREPARO EM BETONEIRA. AF_12/2014","M2","ATRIBUÍDO SÃO PAULO",66.38,"INSUMO",34586,"BLOCO ESTRUTURAL CERAMICO 14 X 19 X 29 CM, 6,0 MPA (NBR 15270)","UN","COEFICIENTE DE REPRESENTATIVIDADE",15.6,1.68,26.2,"","","","","","","","","","",null,"CAIXA REFERENCIAL"]
["PAREDES/PAINEIS","PARE","ALVENARIA DE BLOCOS DE CONCRETO",65,"","",87447,"ALVENARIA DE VEDAÇÃO DE BLOCOS VAZADOS DE CONCRETO DE 9X19X39CM (ESPESSURA 9CM) DE PAREDES COM ÁREA LÍQUIDA MENOR QUE 6M² SEM VÃOS E ARGAMASSA DE ASSENTAMENTO COM PREPARO EM BETONEIRA. AF_06/2014","M2","ATRIBUÍDO SÃO PAULO",44.59,"COMPOSICAO",87292,"ARGAMASSA TRAÇO 1:2:8 (EM VOLUME DE CIMENTO, CAL E AREIA MÉDIA ÚMIDA) PARA EMBOÇO/MASSA ÚNICA/ASSENTAMENTO DE ALVENARIA DE VEDAÇÃO, PREPARO MECÂNICO COM BETONEIRA 400 L. AF_08/2019","M3","ATRIBUÍDO SÃO PAULO",8.8000000000000005E-3,351.53,3.09,"","","","","","","","","","",null,"CAIXA REFERENCIAL"]
["PAREDES/PAINEIS","PARE","ALVENARIA DE BLOCOS DE CONCRETO",65,"","",87450,"ALVENARIA DE VEDAÇÃO DE BLOCOS VAZADOS DE CONCRETO DE 14X19X39CM (ESPESSURA 14CM) DE PAREDES COM ÁREA LÍQUIDA MENOR QUE 6M² SEM VÃOS E ARGAMASSA DE ASSENTAMENTO COM PREPARO MANUAL. AF_06/2014","M2","ATRIBUÍDO SÃO PAULO",59.11,"INSUMO",651,"BLOCO DE VEDACAO DE CONCRETO 14 X 19 X 39 CM (CLASSE C - NBR 6136)","UN","COEFICIENTE DE REPRESENTATIVIDADE",13.5,1.97,26.59,"","","","","","","","","","",null,"CAIXA REFERENCIAL"]
["PAREDES/PAINEIS","PARE","ALVENARIA DE BLOCOS DE CONCRETO",65,"","",87456,"ALVENARIA DE VEDAÇÃO DE BLOCOS VAZADOS DE CONCRETO DE 14X19X39CM (ESPESSURA 14CM) DE PAREDES COM ÁREA LÍQUIDA MAIOR OU IGUAL A 6M² SEM VÃOS E ARGAMASSA DE ASSENTAMENTO COM PREPARO MANUAL. AF_06/2014","M2","ATRIBUÍDO SÃO PAULO",55.16,"COMPOSICAO",88316,"SERVENTE COM ENCARGOS COMPLEMENTARES","H","COLETADO",0.44500000000000001,14.67,6.52,"","","","","","","","","","",null,"CAIXA REFERENCIAL"]
["PAREDES/PAINEIS","PARE","ALVENARIA DE BLOCOS DE CONCRETO",65,"","",87459,"ALVENARIA DE VEDAÇÃO DE BLOCOS VAZADOS DE CONCRETO DE 9X19X39CM (ESPESSURA 9CM) DE PAREDES COM ÁREA LÍQUIDA MENOR QUE 6M² COM VÃOS E ARGAMASSA DE ASSENTAMENTO COM PREPARO EM BETONEIRA. AF_06/2014","M2","ATRIBUÍDO SÃO PAULO",49.84,"INSUMO",650,"BLOCO DE VEDACAO DE CONCRETO, 9 X 19 X 39 CM (CLASSE C - NBR 6136)","UN","COLETADO",13.6,1.58,21.48,"","","","","","","","","","",null,"CAIXA REFERENCIAL"]
["PAREDES/PAINEIS","PARE","ALVENARIA DE BLOCOS DE CONCRETO",65,"","",87464,"ALVENARIA DE VEDAÇÃO DE BLOCOS VAZADOS DE CONCRETO DE 19X19X39CM (ESPESSURA 19CM) DE PAREDES COM ÁREA LÍQUIDA MENOR QUE 6M² COM VÃOS E ARGAMASSA DE ASSENTAMENTO COM PREPARO MANUAL. AF_06/2014","M2","ATRIBUÍDO SÃO PAULO",76.84,"COMPOSICAO",88316,"SERVENTE COM ENCARGOS COMPLEMENTARES","H","COLETADO",0.66,14.67,9.68,"","","","","","","","","","",null,"CAIXA REFERENCIAL"]
["PAREDES/PAINEIS","PARE","ALVENARIA DE BLOCOS DE CONCRETO",65,"","",89044,"(COMPOSIÇÃO REPRESENTATIVA) DO SERVIÇO DE ALVENARIA DE VEDAÇÃO DE BLOCOS VAZADOS DE CONCRETO DE 9X19X39CM (ESPESSURA 9CM), PARA EDIFICAÇÃO HABITACIONAL MULTIFAMILIAR (PRÉDIO). AF_11/2014","M2","ATRIBUÍDO SÃO PAULO",44.31,"COMPOSICAO",87465,"ALVENARIA DE VEDAÇÃO DE BLOCOS VAZADOS DE CONCRETO DE 9X19X39CM (ESPESSURA 9CM) DE PAREDES COM ÁREA LÍQUIDA MAIOR OU IGUAL A 6M² COM VÃOS E ARGAMASSA DE ASSENTAMENTO COM PREPARO EM BETONEIRA. AF_06/2014","M2","ATRIBUÍDO SÃO PAULO",0.33900000000000002,44.15,14.96,"","","","","","","","","","",null,"CAIXA REFERENCIAL"]
["PAREDES/PAINEIS","PARE","ALVENARIA DE ELEMENTOS VAZADOS DE CONCRETO",66,"","",89455,"ALVENARIA DE BLOCOS DE CONCRETO ESTRUTURAL 14X19X39 CM, (ESPESSURA 14 CM) FBK = 14,0 MPA, PARA PAREDES COM ÁREA LÍQUIDA MENOR QUE 6M², SEM VÃOS, UTILIZANDO PALHETA. AF_12/2014","M2","ATRIBUÍDO SÃO PAULO",62.95,"INSUMO",38593,"MEIO BLOCO DE CONCRETO ESTRUTURAL 14 X 19 X 19 CM, FBK 14 MPA (NBR 6136)","UN","COEFICIENTE DE REPRESENTATIVIDADE",1.42,1.69,2.39,"","","","","","","","","","",null,"CAIXA REFERENCIAL"]
["PAREDES/PAINEIS","PARE","ALVENARIA DE ELEMENTOS VAZADOS DE CONCRETO",66,"","",89462,"ALVENARIA DE BLOCOS DE CONCRETO ESTRUTURAL 14X19X29 CM, (ESPESSURA 14 CM), FBK = 4,5 MPA, PARA PAREDES COM ÁREA LÍQUIDA MENOR QUE 6M², SEM VÃOS, UTILIZANDO PALHETA. AF_12/2014","M2","ATRIBUÍDO SÃO PAULO",60.83,"COMPOSICAO",88309,"PEDREIRO COM ENCARGOS COMPLEMENTARES","H","COLETADO",0.6,18.18,10.9,"","","","","","","","","","",null,"CAIXA REFERENCIAL"]
["PAREDES/PAINEIS","PARE","ALVENARIA DE ELEMENTOS VAZADOS DE CONCRETO",66,"","",89465,"ALVENARIA DE BLOCOS DE CONCRETO ESTRUTURAL 14X19X29 CM, (ESPESSURA 14 CM) FBK = 14,0 MPA, PARA PAREDES COM ÁREA LÍQUIDA MAIOR OU IGUAL A 6M², SEM VÃOS, UTILIZANDO PALHETA. AF_12/2014","M2","ATRIBUÍDO SÃO PAULO",70.44,"COMPOSICAO",88626,"ARGAMASSA TRAÇO 1:0,5:4,5 (EM VOLUME DE CIMENTO, CAL E AREIA MÉDIA ÚMIDA), PREPARO MECÂNICO COM BETONEIRA 400 L. AF_08/2019","M3","ATRIBUÍDO SÃO PAULO",1.1599999999999999E-2,374.31,4.34,"","","","","","","","","","",null,"CAIXA REFERENCIAL"]
["PAREDES/PAINEIS","PARE","ALVENARIA DE ELEMENTOS VAZADOS DE CONCRETO",66,"","",89470,"ALVENARIA DE BLOCOS DE CONCRETO ESTRUTURAL 14X19X39 CM, (ESPESSURA 14 CM), FBK = 4,5 MPA, PARA PAREDES COM ÁREA LÍQUIDA MENOR QUE 6M², SEM VÃOS, UTILIZANDO COLHER DE PEDREIRO. AF_12/2014","M2","ATRIBUÍDO SÃO PAULO",61.41,"","","","","","","","",18.22,29.683420300000002,43.17,70.283942699999997,"0,01","0,0163185","0,00","0,0000000","0,01","0,0163185",0,"CAIXA REFERENCIAL"]
["PAREDES/PAINEIS","PARE","ALVENARIA DE ELEMENTOS VAZADOS DE CONCRETO",66,"","",89474,"ALVENARIA DE BLOCOS DE CONCRETO ESTRUTURAL 14X19X39 CM, (ESPESSURA 14 CM), FBK = 4,5 MPA, PARA PAREDES COM ÁREA LÍQUIDA MENOR QUE 6M², COM VÃOS, UTILIZANDO COLHER DE PEDREIRO. AF_12/2014","M2","ATRIBUÍDO SÃO PAULO",67.59,"INSUMO",38597,"CANALETA DE CONCRETO ESTRUTURAL 14 X 19 X 39 CM, FBK 4,5 MPA (NBR 6136)","UN","COEFICIENTE DE REPRESENTATIVIDADE",2.04,2.54,5.18,"","","","","","","","","","",null,"CAIXA REFERENCIAL"]
["PAREDES/PAINEIS","PARE","ALVENARIA DE ELEMENTOS VAZADOS DE CONCRETO",66,"","",89479,"ALVENARIA DE BLOCOS DE CONCRETO ESTRUTURAL 14X19X29 CM, (ESPESSURA 14 CM), FBK = 4,5 MPA, PARA PAREDES COM ÁREA LÍQUIDA MAIOR OU IGUAL A 6M², SEM VÃOS, UTILIZANDO COLHER DE PEDREIRO. AF_12/2014","M2","ATRIBUÍDO SÃO PAULO",69.17,"INSUMO",34547,"TELA DE ACO SOLDADA GALVANIZADA/ZINCADA PARA ALVENARIA, FIO  D = *1,20 A 1,70* MM, MALHA 15 X 15 MM, (C X L) *50 X 12* CM","M","ATRIBUÍDO SÃO PAULO",0.39500000000000002,3.01,1.18,"","","","","","","","","","",null,"CAIXA REFERENCIAL"]
["PAREDES/PAINEIS","PARE","ALVENARIA DE ELEMENTOS VAZADOS DE CONCRETO",66,"","",89486,"ALVENARIA DE BLOCOS DE CONCRETO ESTRUTURAL 14X19X29 CM, (ESPESSURA 14 CM), FBK = 4,5 MPA, PARA PAREDES COM ÁREA LÍQUIDA MAIOR OU IGUAL A 6M², COM VÃOS, UTILIZANDO COLHER DE PEDREIRO. AF_12/2014","M2","ATRIBUÍDO SÃO PAULO",73.55,"INSUMO",38588,"MEIO BLOCO DE CONCRETO ESTRUTURAL 14 X 19 X 14 CM, FBK 4,5 MPA (NBR 6136)","UN","COEFICIENTE DE REPRESENTATIVIDADE",1.42,1.23,1.74,"","","","","","","","","","",null,"CAIXA REFERENCIAL"]
["PAREDES/PAINEIS","PARE","ALVENARIA DE ELEMENTOS VAZADOS DE CONCRETO",66,"","",101161,"ALVENARIA DE VEDAÇÃO COM ELEMENTO VAZADO DE CONCRETO (COBOGÓ) DE 7X50X50CM E ARGAMASSA DE ASSENTAMENTO COM PREPARO EM BETONEIRA. AF_05/2020","M2","ATRIBUÍDO SÃO PAULO",129.65,"INSUMO",665,"ELEMENTO VAZADO DE CONCRETO, QUADRICULADO, 16 FUROS *50 X 50 X 7* CM","UN","COEFICIENTE DE REPRESENTATIVIDADE",3.95,18.54,73.23,"","","","","","","","","","",null,"CAIXA REFERENCIAL"]
["PAREDES/PAINEIS","PARE","DIVISORIAS/MARMORE/GRANITO/MARMORITE/CONCRETO/MAD.",70,"","",79627,"DIVISORIA EM GRANITO BRANCO POLIDO, ESP = 3CM, ASSENTADO COM ARGAMASSA TRACO 1:4, ARREMATE EM CIMENTO BRANCO, EXCLUSIVE FERRAGENS","M2","ATRIBUÍDO SÃO PAULO",741.29,"COMPOSICAO",88316,"SERVENTE COM ENCARGOS COMPLEMENTARES","H","COLETADO",2.2999999999999998,14.67,33.74,"","","","","","","","","","",null,"CAIXA REFERENCIAL"]
["PAREDES/PAINEIS","PARE","DIVISORIAS/MARMORE/GRANITO/MARMORITE/CONCRETO/MAD.",70,"","",96360,"PAREDE COM PLACAS DE GESSO ACARTONADO (DRYWALL), PARA USO INTERNO, COM DUAS FACES SIMPLES E ESTRUTURA METÁLICA COM GUIAS DUPLAS, SEM VÃOS. AF_06/2017_P","M2","ATRIBUÍDO SÃO PAULO",86.04,"INSUMO",39434,"MASSA DE REJUNTE EM PO PARA DRYWALL, A BASE DE GESSO, SECAGEM RAPIDA, PARA TRATAMENTO DE JUNTAS DE CHAPA DE GESSO (COM ADICAO DE AGUA)","KG","COEFICIENTE DE REPRESENTATIVIDADE",1.0327,2.58,2.66,"","","","","","","","","","",null,"CAIXA REFERENCIAL"]
["PAREDES/PAINEIS","PARE","DIVISORIAS/MARMORE/GRANITO/MARMORITE/CONCRETO/MAD.",70,"","",96364,"PAREDE COM PLACAS DE GESSO ACARTONADO (DRYWALL), PARA USO INTERNO COM UMA FACE SIMPLES E OUTRA FACE DUPLA E ESTRUTURA METÁLICA COM GUIAS DUPLAS, SEM VÃOS. AF_06/2017_P","M2","ATRIBUÍDO SÃO PAULO",104.01,"COMPOSICAO",88278,"MONTADOR DE ESTRUTURA METÁLICA COM ENCARGOS COMPLEMENTARES","H","COEFICIENTE DE REPRESENTATIVIDADE",0.78600000000000003,24.24,19.05,"","","","","","","","","","",null,"CAIXA REFERENCIAL"]
["PAREDES/PAINEIS","PARE","DIVISORIAS/MARMORE/GRANITO/MARMORITE/CONCRETO/MAD.",70,"","",96367,"PAREDE COM PLACAS DE GESSO ACARTONADO (DRYWALL), PARA USO INTERNO, COM DUAS FACES DUPLAS E ESTRUTURA METÁLICA COM GUIAS SIMPLES, COM VÃOS. AF_06/2017_P","M2","ATRIBUÍDO SÃO PAULO",109.76,"INSUMO",39431,"FITA DE PAPEL MICROPERFURADO, 50 X 150 MM, PARA TRATAMENTO DE JUNTAS DE CHAPA DE GESSO PARA DRYWALL","M","COEFICIENTE DE REPRESENTATIVIDADE",2.5026999999999999,0.15,0.37,"","","","","","","","","","",null,"CAIXA REFERENCIAL"]
["PAREDES/PAINEIS","PARE","DIVISORIAS/MARMORE/GRANITO/MARMORITE/CONCRETO/MAD.",70,"","",96368,"PAREDE COM PLACAS DE GESSO ACARTONADO (DRYWALL), PARA USO INTERNO COM DUAS FACES DUPLAS E ESTRUTURA METÁLICA COM GUIAS DUPLAS, SEM VÃOS. AF_06/2017","M2","ATRIBUÍDO SÃO PAULO",121.97,"INSUMO",39435,"PARAFUSO DRY WALL, EM ACO FOSFATIZADO, CABECA TROMBETA E PONTA AGULHA (TA), COMPRIMENTO 25 MM","UN","COEFICIENTE DE REPRESENTATIVIDADE",20.0077,7.0000000000000007E-2,1.4,"","","","","","","","","","",null,"CAIXA REFERENCIAL"]
["PAREDES/PAINEIS","PARE","DIVISORIAS/MARMORE/GRANITO/MARMORITE/CONCRETO/MAD.",70,"","",96374,"INSTALAÇÃO DE REFORÇO DE MADEIRA EM PAREDE DRYWALL. AF_06/2017","M","COEFICIENTE DE REPRESENTATIVIDADE",18,"COMPOSICAO",88278,"MONTADOR DE ESTRUTURA METÁLICA COM ENCARGOS COMPLEMENTARES","H","COEFICIENTE DE REPRESENTATIVIDADE",8.48E-2,24.24,2.0499999999999998,"","","","","","","","","","",null,"CAIXA REFERENCIAL"]
["PAVIMENTACAO","PAVI","REGULARIZACAO/REFORCO DE SUBLEITO",55,"","",100576,"REGULARIZAÇÃO E COMPACTAÇÃO DE SUBLEITO DE SOLO  PREDOMINANTEMENTE ARGILOSO. AF_11/2019","M2","ATRIBUÍDO SÃO PAULO",1.59,"COMPOSICAO",5932,"MOTONIVELADORA POTÊNCIA BÁSICA LÍQUIDA (PRIMEIRA MARCHA) 125 HP, PESO BRUTO 13032 KG, LARGURA DA LÂMINA DE 3,7 M - CHP DIURNO. AF_06/2014","CHP","ATRIBUÍDO SÃO PAULO",1E-4,144.1,0.01,"","","","","","","","","","",null,"CAIXA REFERENCIAL"]
["PAVIMENTACAO","PAVI","EXECUCAO DE SUB-LEITO, LEITO, SUB-BASE, BASE ETC",56,"","",96388,"EXECUÇÃO E COMPACTAÇÃO DE BASE E OU SUB BASE PARA PAVIMENTAÇÃO DE SOLOS DE COMPORTAMENTO LATERÍTICO (ARENOSO) - EXCLUSIVE SOLO, ESCAVAÇÃO, CARGA E TRANSPORTE. AF_11/2019","M3","ATRIBUÍDO SÃO PAULO",7.23,"COMPOSICAO",5901,"CAMINHÃO PIPA 10.000 L TRUCADO, PESO BRUTO TOTAL 23.000 KG, CARGA ÚTIL MÁXIMA 15.935 KG, DISTÂNCIA ENTRE EIXOS 4,8 M, POTÊNCIA 230 CV, INCLUSIVE TANQUE DE AÇO PARA TRANSPORTE DE ÁGUA - CHP DIURNO. AF_06/2014","CHP","ATRIBUÍDO SÃO PAULO",4.0000000000000001E-3,176.02,0.7,"","","","","","","","","","",null,"CAIXA REFERENCIAL"]
["PAVIMENTACAO","PAVI","EXECUCAO DE SUB-LEITO, LEITO, SUB-BASE, BASE ETC",56,"","",96391,"EXECUÇÃO E COMPACTAÇÃO DE BASE E OU SUB BASE PARA PAVIMENTAÇÃO DE SOLO (PREDOMINANTEMENTE ARENOSO) COM CIMENTO (TEOR DE 6%) - EXCLUSIVE SOLO, ESCAVAÇÃO, CARGA E TRANSPORTE. AF_11/2019","M3","ATRIBUÍDO SÃO PAULO",81.02,"","","","","","","","",3.94,4.8671467000000002,73.77,91.035510400000007,"3,31","4,0973429","0,00","0,0000000","0,00","0,0000000",0,"CAIXA REFERENCIAL"]
["PAVIMENTACAO","PAVI","EXECUCAO DE SUB-LEITO, LEITO, SUB-BASE, BASE ETC",56,"","",96399,"EXECUÇÃO E COMPACTAÇÃO DE BASE E OU SUB BASE PARA PAVIMENTAÇÃO DE PEDRA RACHÃO  - EXCLUSIVE CARGA E TRANSPORTE. AF_11/2019","M3","ATRIBUÍDO SÃO PAULO",110.34,"COMPOSICAO",5684,"ROLO COMPACTADOR VIBRATÓRIO DE UM CILINDRO AÇO LISO, POTÊNCIA 80 HP, PESO OPERACIONAL MÁXIMO 8,1 T, IMPACTO DINÂMICO 16,15 / 9,5 T, LARGURA DE TRABALHO 1,68 M - CHP DIURNO. AF_06/2014","CHP","ATRIBUÍDO SÃO PAULO",3.0000000000000001E-3,95.72,0.28000000000000003,"","","","","","","","","","",null,"CAIXA REFERENCIAL"]
["PAVIMENTACAO","PAVI","EXECUCAO DE SUB-LEITO, LEITO, SUB-BASE, BASE ETC",56,"","",96401,"EXECUÇÃO DE IMPRIMAÇÃO COM ASFALTO DILUÍDO CM-30. AF_11/2019","M2","ATRIBUÍDO SÃO PAULO",6.72,"COMPOSICAO",5839,"VASSOURA MECÂNICA REBOCÁVEL COM ESCOVA CILÍNDRICA, LARGURA ÚTIL DE VARRIMENTO DE 2,44 M - CHP DIURNO. AF_06/2014","CHP","ATRIBUÍDO SÃO PAULO",2E-3,4.84,0,"","","","","","","","","","",null,"CAIXA REFERENCIAL"]
["PAVIMENTACAO","PAVI","EXECUCAO DE SUB-LEITO, LEITO, SUB-BASE, BASE ETC",56,"","",100565,"EXECUÇÃO E COMPACTAÇÃO DE BASE E OU SUB-BASE PARA PAVIMENTAÇÃO DE SOLO (PREDOMINANTEMENTE ARENOSO) BRITA - 50/50 - EXCLUSIVE SOLO, ESCAVAÇÃO, CARGA E TRANSPORTE. AF_11/2019","M3","ATRIBUÍDO SÃO PAULO",74.66,"","","","","","","","",6.03,8.0873433000000006,63.71,85.321472,"4,92","6,5911847","0,00","0,0000000","0,00","0,0000000",0,"CAIXA REFERENCIAL"]
["PAVIMENTACAO","PAVI","EXECUCAO DE SUB-LEITO, LEITO, SUB-BASE, BASE ETC",56,"","",100568,"EXECUÇÃO E COMPACTAÇÃO DE BASE E OU SUB-BASE PARA PAVIMENTAÇÃO DE SOLO (PREDOMINANTEMENTE ARENOSO) BRITA - 40/60 COM CIMENTO (TEOR DE 8%) - EXCLUSIVE SOLO, ESCAVAÇÃO, CARGA E TRANSPORTE. AF_11/2019","M3","ATRIBUÍDO SÃO PAULO",174.32,"COMPOSICAO",5923,"GRADE DE DISCO REBOCÁVEL COM 20 DISCOS 24\" X 6 MM COM PNEUS PARA TRANSPORTE - CHI DIURNO. AF_06/2014","CHI","ATRIBUÍDO SÃO PAULO",3.2000000000000001E-2,1.57,0.05,"","","","","","","","","","",null,"CAIXA REFERENCIAL"]
["PAVIMENTACAO","PAVI","EXECUCAO DE SUB-LEITO, LEITO, SUB-BASE, BASE ETC",56,"","",100569,"EXECUÇÃO E COMPACTAÇÃO DE BASE E OU SUB-BASE PARA PAVIMENTAÇÃO DE SOLO (PREDOMINANTEMENTE ARENOSO) BRITA - 50/50 COM CIMENTO (TEOR DE 4%)  - EXCLUSIVE SOLO, ESCAVAÇÃO, CARGA E TRANSPORTE. AF_11/2019","M3","ATRIBUÍDO SÃO PAULO",120.58,"COMPOSICAO",5923,"GRADE DE DISCO REBOCÁVEL COM 20 DISCOS 24\" X 6 MM COM PNEUS PARA TRANSPORTE - CHI DIURNO. AF_06/2014","CHI","ATRIBUÍDO SÃO PAULO",3.2000000000000001E-2,1.57,0.05,"","","","","","","","","","",null,"CAIXA REFERENCIAL"]
["PAVIMENTACAO","PAVI","EXECUCAO DE SUB-LEITO, LEITO, SUB-BASE, BASE ETC",56,"","",100572,"EXECUÇÃO E COMPACTAÇÃO DE BASE E OU SUB-BASE PARA PAVIMENTAÇÃO DE SOLO (PREDOMINANTEMENTE ARGILOSO) BRITA - 40/60 - EXCLUSIVE SOLO, ESCAVAÇÃO, CARGA E TRANSPORTE. AF_11/2019","M3","ATRIBUÍDO SÃO PAULO",90.44,"COMPOSICAO",88316,"SERVENTE COM ENCARGOS COMPLEMENTARES","H","COLETADO",0.2,14.67,2.93,"","","","","","","","","","",null,"CAIXA REFERENCIAL"]
["PAVIMENTACAO","PAVI","EXECUCAO DE SUB-LEITO, LEITO, SUB-BASE, BASE ETC",56,"","",101768,"EXECUÇÃO E COMPACTAÇÃO DE BASE E OU SUB BASE PARA PAVIMENTAÇÃO DE SOLO ESTABILIZADO GRANULOMETRICAMENTE SEM MISTURA DE SOLOS - EXCLUSIVE SOLO, ESCAVAÇÃO, CARGA E TRANSPORTE. AF_11/2019","M3","ATRIBUÍDO SÃO PAULO",27.04,"COMPOSICAO",96463,"ROLO COMPACTADOR DE PNEUS, ESTATICO, PRESSAO VARIAVEL, POTENCIA 110 HP, PESO SEM/COM LASTRO 10,8/27 T, LARGURA DE ROLAGEM 2,30 M - CHP DIURNO. AF_06/2017","CHP","ATRIBUÍDO SÃO PAULO",5.7999999999999996E-3,124.65,0.72,"","","","","","","","","","",null,"CAIXA REFERENCIAL"]
["PAVIMENTACAO","PAVI","EXECUCAO DE PAVIMENTACOES DIVERSAS",57,"","",92394,"EXECUÇÃO DE PAVIMENTO EM PISO INTERTRAVADO, COM BLOCO SEXTAVADO DE 25 X 25 CM, ESPESSURA 8 CM. AF_12/2015","M2","ATRIBUÍDO SÃO PAULO",41.98,"COMPOSICAO",88316,"SERVENTE COM ENCARGOS COMPLEMENTARES","H","COLETADO",0.18529999999999999,14.67,2.71,"","","","","","","","","","",null,"CAIXA REFERENCIAL"]
["PAVIMENTACAO","PAVI","EXECUCAO DE PAVIMENTACOES DIVERSAS",57,"","",92399,"EXECUÇÃO DE VIA EM PISO INTERTRAVADO, COM BLOCO RETANGULAR COR NATURAL DE 20 X 10 CM, ESPESSURA 8 CM. AF_12/2015","M2","ATRIBUÍDO SÃO PAULO",44.75,"COMPOSICAO",88316,"SERVENTE COM ENCARGOS COMPLEMENTARES","H","COLETADO",0.27029999999999998,14.67,3.96,"","","","","","","","","","",null,"CAIXA REFERENCIAL"]
["PAVIMENTACAO","PAVI","EXECUCAO DE PAVIMENTACOES DIVERSAS",57,"","",92402,"EXECUÇÃO DE PASSEIO EM PISO INTERTRAVADO, COM BLOCO 16 FACES DE 22 X 11 CM, ESPESSURA 6 CM. AF_12/2015","M2","ATRIBUÍDO SÃO PAULO",45.24,"COMPOSICAO",91283,"CORTADORA DE PISO COM MOTOR 4 TEMPOS A GASOLINA, POTÊNCIA DE 13 HP, COM DISCO DE CORTE DIAMANTADO SEGMENTADO PARA CONCRETO, DIÂMETRO DE 350 MM, FURO DE 1\" (14 X 1\") - CHP DIURNO. AF_08/2015","CHP","COEFICIENTE DE REPRESENTATIVIDADE",4.8300000000000003E-2,16.899999999999999,0.81,"","","","","","","","","","",null,"CAIXA REFERENCIAL"]
["PAVIMENTACAO","PAVI","EXECUCAO DE PAVIMENTACOES DIVERSAS",57,"","",92404,"EXECUÇÃO DE PÁTIO/ESTACIONAMENTO EM PISO INTERTRAVADO, COM BLOCO 16 FACES DE 22 X 11 CM, ESPESSURA 8 CM. AF_12/2015","M2","ATRIBUÍDO SÃO PAULO",45.03,"COMPOSICAO",91283,"CORTADORA DE PISO COM MOTOR 4 TEMPOS A GASOLINA, POTÊNCIA DE 13 HP, COM DISCO DE CORTE DIAMANTADO SEGMENTADO PARA CONCRETO, DIÂMETRO DE 350 MM, FURO DE 1\" (14 X 1\") - CHP DIURNO. AF_08/2015","CHP","COEFICIENTE DE REPRESENTATIVIDADE",3.7000000000000002E-3,16.899999999999999,0.06,"","","","","","","","","","",null,"CAIXA REFERENCIAL"]
["PAVIMENTACAO","PAVI","EXECUCAO DE PAVIMENTACOES DIVERSAS",57,"","",92407,"EXECUÇÃO DE VIA EM PISO INTERTRAVADO, COM BLOCO 16 FACES DE 22 X 11 CM, ESPESSURA 10 CM. AF_12/2015","M2","ATRIBUÍDO SÃO PAULO",54.79,"COMPOSICAO",91277,"PLACA VIBRATÓRIA REVERSÍVEL COM MOTOR 4 TEMPOS A GASOLINA, FORÇA CENTRÍFUGA DE 25 KN (2500 KGF), POTÊNCIA 5,5 CV - CHP DIURNO. AF_08/2015","CHP","ATRIBUÍDO SÃO PAULO",6.8999999999999999E-3,7.34,0.05,"","","","","","","","","","",null,"CAIXA REFERENCIAL"]
["PAVIMENTACAO","PAVI","EXECUCAO DE PAVIMENTACOES DIVERSAS",57,"","",97803,"PAVIMENTO COM TRATAMENTO SUPERFICIAL SIMPLES, COM EMULSÃO ASFÁLTICA RR-2C, COM BANHO DILUÍDO. AF_01/2020","M2","ATRIBUÍDO SÃO PAULO",7.08,"INSUMO",41903,"EMULSAO ASFALTICA CATIONICA RR-2C PARA USO EM PAVIMENTACAO ASFALTICA (COLETADO CAIXA NA ANP ACRESCIDO DE ICMS)","KG","ATRIBUÍDO SÃO PAULO",2.1,2.48,5.2,"","","","","","","","","","",null,"CAIXA REFERENCIAL"]
["PAVIMENTACAO","PAVI","EXECUCAO DE PAVIMENTACOES DIVERSAS",57,"","",97807,"PAVIMENTO COM TRATAMENTO SUPERFICIAL DUPLO, COM EMULSÃO ASFÁLTICA RR-2C, COM CAPA SELANTE. AF_01/2020","M2","ATRIBUÍDO SÃO PAULO",16.350000000000001,"COMPOSICAO",83362,"ESPARGIDOR DE ASFALTO PRESSURIZADO, TANQUE 6 M3 COM ISOLAÇÃO TÉRMICA, AQUECIDO COM 2 MAÇARICOS, COM BARRA ESPARGIDORA 3,60 M, MONTADO SOBRE CAMINHÃO  TOCO, PBT 14.300 KG, POTÊNCIA 185 CV - CHP DIURNO. AF_08/2015","CHP","ATRIBUÍDO SÃO PAULO",1.2999999999999999E-3,174.59,0.22,"","","","","","","","","","",null,"CAIXA REFERENCIAL"]
["PAVIMENTACAO","PAVI","EXECUCAO DE PAVIMENTACOES DIVERSAS",57,"","",97809,"PAVIMENTO COM TRATAMENTO SUPERFICIAL TRIPLO, COM EMULSÃO ASFÁLTICA RR-2C. AF_01/2020","M2","ATRIBUÍDO SÃO PAULO",13.46,"INSUMO",4718,"PEDRA BRITADA N. 2 (19 A 38 MM) POSTO PEDREIRA/FORNECEDOR, SEM FRETE","M3","COLETADO",1.4999999999999999E-2,87.5,1.31,"","","","","","","","","","",null,"CAIXA REFERENCIAL"]
["PAVIMENTACAO","PAVI","EXECUCAO DE PAVIMENTACOES DIVERSAS",57,"","",97811,"PAVIMENTO COM TRATAMENTO SUPERFICIAL TRIPLO, COM EMULSÃO ASFÁLTICA RR-2C, COM CAPA SELANTE. AF_01/2020","M2","ATRIBUÍDO SÃO PAULO",16.579999999999998,"COMPOSICAO",6880,"ROLO COMPACTADOR DE PNEUS ESTÁTICO, PRESSÃO VARIÁVEL, POTÊNCIA 111 HP, PESO SEM/COM LASTRO 9,5 / 26 T, LARGURA DE TRABALHO 1,90 M - CHI DIURNO. AF_07/2014","CHI","ATRIBUÍDO SÃO PAULO",3.7000000000000002E-3,53.72,0.19,"","","","","","","","","","",null,"CAIXA REFERENCIAL"]
["PAVIMENTACAO","PAVI","SINALIZACAO HORIZONTAL/VERTICAL",249,"","",83693,"CAIACAO EM MEIO FIO","M2","COEFICIENTE DE REPRESENTATIVIDADE",3.3,"","","","","","","","",2.29,69.349845299999998,1.01,30.650154700000002,"0,00","0,0000000","0,00","0,0000000","0,00","0,0000000",0,"CAIXA REFERENCIAL"]
["PAVIMENTACAO","PAVI","FABRICACAO/EXECUCAO DE CBUQ/PRE-MISTURADOS",287,"","",95996,"EXECUÇÃO DE PAVIMENTO COM APLICAÇÃO DE CONCRETO ASFÁLTICO, CAMADA DE BINDER - EXCLUSIVE CARGA E TRANSPORTE. AF_11/2019","M3","ATRIBUÍDO SÃO PAULO",870.19,"COMPOSICAO",5837,"VIBROACABADORA DE ASFALTO SOBRE ESTEIRAS, LARGURA DE PAVIMENTAÇÃO 1,90 M A 5,30 M, POTÊNCIA 105 HP CAPACIDADE 450 T/H - CHI DIURNO. AF_11/2014","CHI","ATRIBUÍDO SÃO PAULO",6.7799999999999999E-2,102.56,6.95,"","","","","","","","","","",null,"CAIXA REFERENCIAL"]
["PAVIMENTACAO","PAVI","FABRICACAO/EXECUCAO DE CBUQ/PRE-MISTURADOS",287,"","",96394,"USINAGEM DE BRITA GRADUADA TRATADA COM CIMENTO. AF_03/2020","M3","ATRIBUÍDO SÃO PAULO",183.23,"","","","","","","","",1.06,0.5792349,180.65,98.590164099999996,"1,26","0,6885245","0,00","0,0000000","0,26","0,1420765",0,"CAIXA REFERENCIAL"]
["PAVIMENTACAO","PAVI","FABRICACAO/EXECUCAO DE CBUQ/PRE-MISTURADOS",287,"","",101020,"USINAGEM DE CONCRETO ASFÁLTICO COM CAP 50/70, PARA CAMADA DE BINDER, PADRÃO DNIT FAIXA B, EM USINA DE ASFALTO CONTÍNUA DE 80 TON/H. AF_03/2020","T","ATRIBUÍDO SÃO PAULO",288.81,"INSUMO",370,"AREIA MEDIA - POSTO JAZIDA/FORNECEDOR (RETIRADO NA JAZIDA, SEM TRANSPORTE)","M3","COLETADO",0.24529999999999999,77.5,19.010000000000002,"","","","","","","","","","",null,"CAIXA REFERENCIAL"]
["PAVIMENTACAO","PAVI","FABRICACAO/EXECUCAO DE CBUQ/PRE-MISTURADOS",287,"","",101022,"USINAGEM DE CONCRETO ASFÁLTICO COM CAP 50/70, PARA CAMADA DE BINDER, PADRÃO DNIT FAIXA B, EM USINA DE ASFALTO CONTÍNUA DE 140 TON/H. AF_03/2020_P","T","ATRIBUÍDO SÃO PAULO",254.53,"COMPOSICAO",7030,"TANQUE DE ASFALTO ESTACIONÁRIO COM SERPENTINA, CAPACIDADE 30.000 L - CHP DIURNO. AF_06/2014","CHP","ATRIBUÍDO SÃO PAULO",2.6200000000000001E-2,130.87,3.42,"","","","","","","","","","",null,"CAIXA REFERENCIAL"]
["PAVIMENTACAO","PAVI","FABRICACAO/EXECUCAO DE CBUQ/PRE-MISTURADOS",287,"","",101024,"USINAGEM DE CONCRETO ASFÁLTICO COM CAP 50/70, PARA CAMADA DE BINDER, PADRÃO DNIT FAIXA B, EM USINA DE ASFALTO GRAVIMÉTRICA DE 150 TON/H. AF_03/2020_P","T","ATRIBUÍDO SÃO PAULO",258.39,"COMPOSICAO",95872,"GRUPO GERADOR COM CARENAGEM, MOTOR DIESEL POTÊNCIA STANDART ENTRE 250 E 260 KVA - CHP DIURNO. AF_12/2016","CHP","ATRIBUÍDO SÃO PAULO",9.4999999999999998E-3,167.19,1.58,"","","","","","","","","","",null,"CAIXA REFERENCIAL"]
["PAVIMENTACAO","PAVI","FABRICACAO/EXECUCAO DE CBUQ/PRE-MISTURADOS",287,"","",101027,"USINAGEM DE PRÉ MISTURADO A FRIO, PARA CAMADA DE ROLAMENTO, PADRÃO DNIT FAIXA C. AF_03/2020_P","T","ATRIBUÍDO SÃO PAULO",298.16000000000003,"INSUMO",4720,"PEDRA BRITADA N. 0, OU PEDRISCO (4,8 A 9,5 MM) POSTO PEDREIRA/FORNECEDOR, SEM FRETE","M3","COEFICIENTE DE REPRESENTATIVIDADE",0.43070000000000003,111.72,48.11,"","","","","","","","","","",null,"CAIXA REFERENCIAL"]
["PINTURAS","PINT","PINTURA DE PAREDE",155,"","",88424,"APLICAÇÃO MANUAL DE PINTURA COM TINTA TEXTURIZADA ACRÍLICA EM PANOS COM PRESENÇA DE VÃOS DE EDIFÍCIOS DE MÚLTIPLOS PAVIMENTOS, DUAS CORES. AF_06/2014","M2","COEFICIENTE DE REPRESENTATIVIDADE",17.63,"INSUMO",38877,"MASSA PARA TEXTURA LISA DE BASE ACRILICA, USO INTERNO E EXTERNO","KG","COEFICIENTE DE REPRESENTATIVIDADE",1.9379999999999999,5.92,11.47,"","","","","","","","","","",null,"CAIXA REFERENCIAL"]
["PINTURAS","PINT","PINTURA DE PAREDE",155,"","",88490,"APLICAÇÃO MECÂNICA DE PINTURA COM TINTA LÁTEX PVA EM TETO, DUAS DEMÃOS. AF_06/2014","M2","ATRIBUÍDO SÃO PAULO",7.18,"","","","","","","","",0.73,10.2816901,6.45,89.718309899999994,"0,00","0,0000000","0,00","0,0000000","0,00","0,0000000",0,"CAIXA REFERENCIAL"]
["PINTURAS","PINT","PINTURA DE PAREDE",155,"","",88496,"APLICAÇÃO E LIXAMENTO DE MASSA LÁTEX EM TETO, DUAS DEMÃOS. AF_06/2014","M2","COEFICIENTE DE REPRESENTATIVIDADE",19.600000000000001,"COMPOSICAO",88316,"SERVENTE COM ENCARGOS COMPLEMENTARES","H","COLETADO",0.247,14.67,3.62,"","","","","","","","","","",null,"CAIXA REFERENCIAL"]
["PINTURAS","PINT","PINTURA DE PAREDE",155,"","",95626,"APLICAÇÃO MANUAL DE TINTA LÁTEX ACRÍLICA EM PAREDE EXTERNAS DE CASAS, DUAS DEMÃOS. AF_11/2016","M2","COEFICIENTE DE REPRESENTATIVIDADE",12,"INSUMO",7356,"TINTA ACRILICA PREMIUM, COR BRANCO FOSCO","L","COEFICIENTE DE REPRESENTATIVIDADE",0.2,19.21,3.84,"","","","","","","","","","",null,"CAIXA REFERENCIAL"]
["PINTURAS","PINT","PINTURA DE PAREDE",155,"","",96135,"APLICAÇÃO MANUAL DE MASSA ACRÍLICA EM PAREDES EXTERNAS DE CASAS, DUAS DEMÃOS. AF_05/2017","M2","COEFICIENTE DE REPRESENTATIVIDADE",18.5,"COMPOSICAO",88316,"SERVENTE COM ENCARGOS COMPLEMENTARES","H","COLETADO",0.14299999999999999,14.67,2.09,"","","","","","","","","","",null,"CAIXA REFERENCIAL"]
["PINTURAS","PINT","PINTURA EM MADEIRA",157,74065,"PINTURA ESMALTE ACETINADO 2 DEMAOS APARELHADA P/MADEIRA","74065/3","PINTURA ESMALTE BRILHANTE PARA MADEIRA, DUAS DEMAOS, SOBRE FUNDO NIVELADOR BRANCO","M2","COEFICIENTE DE REPRESENTATIVIDADE",19.899999999999999,"INSUMO",5318,"SOLVENTE DILUENTE A BASE DE AGUARRAS","L","COLETADO",0.04,13.56,0.54,"","","","","","","","","","",null,"CAIXA REFERENCIAL"]
["PINTURAS","PINT","PINTURA EM MADEIRA",157,"","",79464,"PINTURA A OLEO, 2 DEMAOS","M2","COEFICIENTE DE REPRESENTATIVIDADE",17.04,"COMPOSICAO",88316,"SERVENTE COM ENCARGOS COMPLEMENTARES","H","COLETADO",0.35,14.67,5.13,"","","","","","","","","","",null,"CAIXA REFERENCIAL"]
["PINTURAS","PINT","PINTURA PARA METAL",158,"","",100719,"PINTURA COM TINTA ALQUÍDICA DE FUNDO (TIPO ZARCÃO) PULVERIZADA SOBRE PERFIL METÁLICO EXECUTADO EM FÁBRICA (POR DEMÃO). AF_01/2020","M2","ATRIBUÍDO SÃO PAULO",7.83,"","","","","","","","",0.91,11.681643100000001,6.91,88.189987200000004,"0,00","0,0000000","0,00","0,0000000","0,01","0,1283697",0,"CAIXA REFERENCIAL"]
["PINTURAS","PINT","PINTURA PARA METAL",158,"","",100730,"PINTURA COM TINTA EPOXÍDICA DE ACABAMENTO APLICADA A ROLO OU PINCEL SOBRE PERFIL METÁLICO EXECUTADO EM FÁBRICA (POR DEMÃO). AF_01/2020","M2","COEFICIENTE DE REPRESENTATIVIDADE",15.54,"","","","","","","","",3.35,21.585051499999999,12.19,78.414948499999994,"0,00","0,0000000","0,00","0,0000000","0,00","0,0000000",0,"CAIXA REFERENCIAL"]
["PINTURAS","PINT","PINTURA PARA METAL",158,"","",100735,"PINTURA COM TINTA ACRÍLICA DE ACABAMENTO PULVERIZADA SOBRE SUPERFÍCIES METÁLICAS (EXCETO PERFIL) EXECUTADO EM OBRA (POR DEMÃO). AF_01/2020","M2","ATRIBUÍDO SÃO PAULO",7.31,"COMPOSICAO",96309,"COMPRESSOR DE AR, VAZAO DE 10 PCM, RESERVATORIO 100 L, PRESSAO DE TRABALHO ENTRE 6,9 E 9,7 BAR, POTENCIA 2 HP, TENSAO 110/220 V - CHP DIURNO. AF_05/2017","CHP","ATRIBUÍDO SÃO PAULO",8.8400000000000006E-2,1.1399999999999999,0.1,"","","","","","","","","","",null,"CAIXA REFERENCIAL"]
["PINTURAS","PINT","PINTURA PARA METAL",158,"","",100745,"PINTURA COM TINTA ALQUÍDICA DE ACABAMENTO (ESMALTE SINTÉTICO BRILHANTE) PULVERIZADA SOBRE SUPERFÍCIES METÁLICAS (EXCETO PERFIL) EXECUTADO EM OBRA  (POR DEMÃO). AF_01/2020","M2","ATRIBUÍDO SÃO PAULO",15.84,"COMPOSICAO",88310,"PINTOR COM ENCARGOS COMPLEMENTARES","H","COLETADO",0.52659999999999996,20.07,10.56,"","","","","","","","","","",null,"CAIXA REFERENCIAL"]
["PINTURAS","PINT","PINTURA PARA METAL",158,"","",100751,"PINTURA COM TINTA EPOXÍDICA DE ACABAMENTO PULVERIZADA SOBRE PERFIL METÁLICO EXECUTADO EM FÁBRICA (02 DEMÃOS). AF_01/2020","M2","ATRIBUÍDO SÃO PAULO",26.17,"COMPOSICAO",96308,"COMPRESSOR DE AR, VAZAO DE 10 PCM, RESERVATORIO 100 L, PRESSAO DE TRABALHO ENTRE 6,9 E 9,7 BAR  POTENCIA 2 HP, TENSAO 110/220 V \u0096 CHI DIURNO. AF_05/2017","CHI","ATRIBUÍDO SÃO PAULO",0.09,0.14000000000000001,0.01,"","","","","","","","","","",null,"CAIXA REFERENCIAL"]
["PINTURAS","PINT","PINTURA PARA PISO",161,74245,"PINTURA ACRILICA EM PISO CIMENTADO DUAS DEMAOS","74245/1","PINTURA ACRILICA EM PISO CIMENTADO DUAS DEMAOS","M2","COEFICIENTE DE REPRESENTATIVIDADE",12.85,"COMPOSICAO",88310,"PINTOR COM ENCARGOS COMPLEMENTARES","H","COLETADO",0.35,20.07,7.02,"","","","","","","","","","",null,"CAIXA REFERENCIAL"]
["PISOS","PISO","PISO CERAMICO",113,"","",87246,"REVESTIMENTO CERÂMICO PARA PISO COM PLACAS TIPO ESMALTADA EXTRA DE DIMENSÕES 35X35 CM APLICADA EM AMBIENTES DE ÁREA MENOR QUE 5 M2. AF_06/2014","M2","COEFICIENTE DE REPRESENTATIVIDADE",44.35,"COMPOSICAO",88256,"AZULEJISTA OU LADRILHISTA COM ENCARGOS COMPLEMENTARES","H","COEFICIENTE DE REPRESENTATIVIDADE",0.64,22.38,14.32,"","","","","","","","","","",null,"CAIXA REFERENCIAL"]
["PISOS","PISO","PISO CERAMICO",113,"","",87251,"REVESTIMENTO CERÂMICO PARA PISO COM PLACAS TIPO ESMALTADA EXTRA DE DIMENSÕES 45X45 CM APLICADA EM AMBIENTES DE ÁREA MAIOR QUE 10 M2. AF_06/2014","M2","COEFICIENTE DE REPRESENTATIVIDADE",34.28,"COMPOSICAO",88316,"SERVENTE COM ENCARGOS COMPLEMENTARES","H","COLETADO",0.15,14.67,2.2000000000000002,"","","","","","","","","","",null,"CAIXA REFERENCIAL"]
["PISOS","PISO","PISO CERAMICO",113,"","",87260,"REVESTIMENTO CERÂMICO PARA PISO COM PLACAS TIPO PORCELANATO DE DIMENSÕES 45X45 CM APLICADA EM AMBIENTES DE ÁREA MAIOR QUE 10 M². AF_06/2014","M2","COEFICIENTE DE REPRESENTATIVIDADE",86.88,"INSUMO",34357,"REJUNTE CIMENTICIO, QUALQUER COR","KG","COEFICIENTE DE REPRESENTATIVIDADE",0.24,2.87,0.68,"","","","","","","","","","",null,"CAIXA REFERENCIAL"]
["PISOS","PISO","PISO CERAMICO",113,"","",93390,"REVESTIMENTO CERÂMICO PARA PISO COM PLACAS TIPO ESMALTADA PADRÃO POPULAR DE DIMENSÕES 35X35 CM APLICADA EM AMBIENTES DE ÁREA ENTRE 5 M2 E 10 M2. AF_06/2014","M2","COEFICIENTE DE REPRESENTATIVIDADE",34.46,"INSUMO",34357,"REJUNTE CIMENTICIO, QUALQUER COR","KG","COEFICIENTE DE REPRESENTATIVIDADE",0.24,2.87,0.68,"","","","","","","","","","",null,"CAIXA REFERENCIAL"]
["PISOS","PISO","PISO DE PEDRA",115,"","",98680,"PISO CIMENTADO, TRAÇO 1:3 (CIMENTO E AREIA), ACABAMENTO LISO, ESPESSURA 3,0 CM, PREPARO MECÂNICO DA ARGAMASSA. AF_09/2020","M2","ATRIBUÍDO SÃO PAULO",33.5,"COMPOSICAO",87298,"ARGAMASSA TRAÇO 1:3 (EM VOLUME DE CIMENTO E AREIA MÉDIA ÚMIDA) PARA CONTRAPISO, PREPARO MECÂNICO COM BETONEIRA 400 L. AF_08/2019","M3","ATRIBUÍDO SÃO PAULO",4.3099999999999999E-2,490.36,21.13,"","","","","","","","","","",null,"CAIXA REFERENCIAL"]
["PISOS","PISO","PISO DE PEDRA",115,"","",98689,"SOLEIRA EM GRANITO, LARGURA 15 CM, ESPESSURA 2,0 CM. AF_09/2020","M","ATRIBUÍDO SÃO PAULO",93.37,"INSUMO",37595,"ARGAMASSA COLANTE TIPO AC III","KG","COEFICIENTE DE REPRESENTATIVIDADE",1.29,1.5,1.93,"","","","","","","","","","",null,"CAIXA REFERENCIAL"]
["PISOS","PISO","PISO DE PEDRA",115,"","",101725,"PISO EM LADRILHO HIDRÁULICO APLICADO EM AMBIENTES INTERNOS DE ÁREA MENOR QUE 5 M², INCLUSO APLICAÇÃO DE RESINA. AF_09/2020","M2","ATRIBUÍDO SÃO PAULO",205.32,"COMPOSICAO",88316,"SERVENTE COM ENCARGOS COMPLEMENTARES","H","COLETADO",2.2970000000000002,14.67,33.69,"","","","","","","","","","",null,"CAIXA REFERENCIAL"]
["PISOS","PISO","PISO VINILICO/BORRACHA",116,"","",101737,"PISO DE BORRACHA CANELADO, ESPESSURA 3,5MM, FIXADO COM ADESIVO ACRÍLICO. AF_09/2020","M2","COEFICIENTE DE REPRESENTATIVIDADE",83.73,"INSUMO",4801,"PISO DE BORRACHA CANELADO EM PLACAS 50 X 50 CM, E = *3,5* MM, PARA COLA","M2","COEFICIENTE DE REPRESENTATIVIDADE",1.06,59.13,62.67,"","","","","","","","","","",null,"CAIXA REFERENCIAL"]
["PISOS","PISO","SOLEIRA DE MARMORE/GRANITO",122,"","",98697,"RODAPÉ EM MÁRMORE, ALTURA 7 CM. AF_09/2020","M","ATRIBUÍDO SÃO PAULO",48.55,"COMPOSICAO",88274,"MARMORISTA/GRANITEIRO COM ENCARGOS COMPLEMENTARES","H","COEFICIENTE DE REPRESENTATIVIDADE",0.29899999999999999,21.21,6.34,"","","","","","","","","","",null,"CAIXA REFERENCIAL"]
["PISOS","PISO","RODAPE DE MADEIRA",130,"","",101739,"RODAPÉ EM MADEIRA, ALTURA 7CM, FIXADO COM COLA E PARAFUSOS. AF_09/2020","M","ATRIBUÍDO SÃO PAULO",23.3,"COMPOSICAO",88316,"SERVENTE COM ENCARGOS COMPLEMENTARES","H","COLETADO",0.17649999999999999,14.67,2.58,"","","","","","","","","","",null,"CAIXA REFERENCIAL"]
["PISOS","PISO","PISO CONCRETO",258,"","",94990,"EXECUÇÃO DE PASSEIO (CALÇADA) OU PISO DE CONCRETO COM CONCRETO MOLDADO IN LOCO, FEITO EM OBRA, ACABAMENTO CONVENCIONAL, NÃO ARMADO. AF_07/2016","M3","ATRIBUÍDO SÃO PAULO",582.41,"INSUMO",4460,"SARRAFO DE MADEIRA NAO APARELHADA *2,5 X 10 CM, MACARANDUBA, ANGELIM OU EQUIVALENTE DA REGIAO","M","COEFICIENTE DE REPRESENTATIVIDADE",2.5,5.49,13.72,"","","","","","","","","","",null,"CAIXA REFERENCIAL"]
["PISOS","PISO","PISO CONCRETO",258,"","",94998,"EXECUÇÃO DE PASSEIO (CALÇADA) OU PISO DE CONCRETO COM CONCRETO MOLDADO IN LOCO, FEITO EM OBRA, ACABAMENTO CONVENCIONAL, ESPESSURA 12 CM, ARMADO. AF_07/2016","M2","ATRIBUÍDO SÃO PAULO",99.63,"COMPOSICAO",88316,"SERVENTE COM ENCARGOS COMPLEMENTARES","H","COLETADO",0.65739999999999998,14.67,9.64,"","","","","","","","","","",null,"CAIXA REFERENCIAL"]
["PISOS","PISO","REGULARIZACAO DE CONTRA-PISOS E OUTRAS SUPERFICIES",264,"","",87620,"CONTRAPISO EM ARGAMASSA TRAÇO 1:4 (CIMENTO E AREIA), PREPARO MECÂNICO COM BETONEIRA 400 L, APLICADO EM ÁREAS SECAS SOBRE LAJE, ADERIDO, ESPESSURA 2CM. AF_06/2014","M2","ATRIBUÍDO SÃO PAULO",26.3,"","","","","","","","",8.1,30.7986243,18.16,69.048529099999996,"0,02","0,0764233","0,00","0,0000000","0,02","0,0764233",0,"CAIXA REFERENCIAL"]
["PISOS","PISO","REGULARIZACAO DE CONTRA-PISOS E OUTRAS SUPERFICIES",264,"","",87623,"CONTRAPISO EM ARGAMASSA PRONTA, PREPARO MECÂNICO COM MISTURADOR 300 KG, APLICADO EM ÁREAS SECAS SOBRE LAJE, ADERIDO, ESPESSURA 2CM. AF_06/2014","M2","ATRIBUÍDO SÃO PAULO",50.46,"COMPOSICAO",88309,"PEDREIRO COM ENCARGOS COMPLEMENTARES","H","COLETADO",0.28999999999999998,18.18,5.27,"","","","","","","","","","",null,"CAIXA REFERENCIAL"]
["PISOS","PISO","REGULARIZACAO DE CONTRA-PISOS E OUTRAS SUPERFICIES",264,"","",87644,"CONTRAPISO EM ARGAMASSA PRONTA, PREPARO MANUAL, APLICADO EM ÁREAS SECAS SOBRE LAJE, ADERIDO, ESPESSURA 4CM. AF_06/2014","M2","COEFICIENTE DE REPRESENTATIVIDADE",85.96,"COMPOSICAO",88316,"SERVENTE COM ENCARGOS COMPLEMENTARES","H","COLETADO",0.18,14.67,2.64,"","","","","","","","","","",null,"CAIXA REFERENCIAL"]
["PISOS","PISO","REGULARIZACAO DE CONTRA-PISOS E OUTRAS SUPERFICIES",264,"","",87694,"CONTRAPISO EM ARGAMASSA PRONTA, PREPARO MANUAL, APLICADO EM ÁREAS SECAS SOBRE LAJE, NÃO ADERIDO, ESPESSURA 5CM. AF_06/2014","M2","COEFICIENTE DE REPRESENTATIVIDADE",91.07,"COMPOSICAO",88316,"SERVENTE COM ENCARGOS COMPLEMENTARES","H","COLETADO",0.17499999999999999,14.67,2.56,"","","","","","","","","","",null,"CAIXA REFERENCIAL"]
["PISOS","PISO","REGULARIZACAO DE CONTRA-PISOS E OUTRAS SUPERFICIES",264,"","",87738,"CONTRAPISO EM ARGAMASSA PRONTA, PREPARO MECÂNICO COM MISTURADOR 300 KG, APLICADO EM ÁREAS MOLHADAS SOBRE LAJE, ADERIDO, ESPESSURA 2CM. AF_06/2014","M2","ATRIBUÍDO SÃO PAULO",58.11,"COMPOSICAO",88309,"PEDREIRO COM ENCARGOS COMPLEMENTARES","H","COLETADO",0.59,18.18,10.72,"","","","","","","","","","",null,"CAIXA REFERENCIAL"]
["PISOS","PISO","REGULARIZACAO DE CONTRA-PISOS E OUTRAS SUPERFICIES",264,"","",87765,"CONTRAPISO EM ARGAMASSA TRAÇO 1:4 (CIMENTO E AREIA), PREPARO MECÂNICO COM BETONEIRA 400 L, APLICADO EM ÁREAS MOLHADAS SOBRE IMPERMEABILIZAÇÃO, ESPESSURA 4CM. AF_06/2014","M2","ATRIBUÍDO SÃO PAULO",41.56,"COMPOSICAO",88309,"PEDREIRO COM ENCARGOS COMPLEMENTARES","H","COLETADO",0.69,18.18,12.54,"","","","","","","","","","",null,"CAIXA REFERENCIAL"]
["PISOS","PISO","REGULARIZACAO DE CONTRA-PISOS E OUTRAS SUPERFICIES",264,"","",87769,"CONTRAPISO EM ARGAMASSA PRONTA, PREPARO MANUAL, APLICADO EM ÁREAS MOLHADAS SOBRE IMPERMEABILIZAÇÃO, ESPESSURA 4CM. AF_06/2014","M2","COEFICIENTE DE REPRESENTATIVIDADE",89.59,"COMPOSICAO",88309,"PEDREIRO COM ENCARGOS COMPLEMENTARES","H","COLETADO",0.69,18.18,12.54,"","","","","","","","","","",null,"CAIXA REFERENCIAL"]
["PISOS","PISO","REGULARIZACAO DE CONTRA-PISOS E OUTRAS SUPERFICIES",264,"","",90904,"CONTRAPISO ACÚSTICO EM ARGAMASSA PRONTA, PREPARO MANUAL, APLICADO EM ÁREAS SECAS MENORES QUE 15M2, ESPESSURA 5CM. AF_10/2014","M2","ATRIBUÍDO SÃO PAULO",115.44,"COMPOSICAO",87399,"ARGAMASSA PRONTA PARA CONTRAPISO, PREPARO MANUAL. AF_08/2019","M3","COEFICIENTE DE REPRESENTATIVIDADE",6.0699999999999997E-2,1353.48,82.15,"","","","","","","","","","",null,"CAIXA REFERENCIAL"]
["PISOS","PISO","REGULARIZACAO DE CONTRA-PISOS E OUTRAS SUPERFICIES",264,"","",90922,"CONTRAPISO ACÚSTICO EM ARGAMASSA TRAÇO 1:4 (CIMENTO E AREIA), PREPARO MANUAL, APLICADO EM ÁREAS SECAS MENORES QUE 15M2, ESPESSURA 7CM. AF_10/2014","M2","ATRIBUÍDO SÃO PAULO",74.94,"","","","","","","","",23.14,30.887463199999999,51.8,69.112536800000001,"0,00","0,0000000","0,00","0,0000000","0,00","0,0000000",0,"CAIXA REFERENCIAL"]
["PISOS","PISO","REGULARIZACAO DE CONTRA-PISOS E OUTRAS SUPERFICIES",264,"","",90943,"CONTRAPISO ACÚSTICO EM ARGAMASSA PRONTA, PREPARO MECÂNICO COM MISTURADOR 300 KG, APLICADO EM ÁREAS SECAS MAIORES QUE 15M2, ESPESSURA 6CM. AF_10/2014","M2","ATRIBUÍDO SÃO PAULO",110.63,"","","","","","","","",14.07,12.7239819,96.25,86.995475200000001,"0,19","0,1719457","0,00","0,0000000","0,12","0,1085972",0,"CAIXA REFERENCIAL"]
["PISOS","PISO","RODAPE VINILICO/BORRACHA",308,"","",101742,"RODAPÉ BORRACHA LISO, ALTURA = 7CM, ESPESSURA = 2 MM, PARA ARGAMASSA. AF_09/2020","M","COEFICIENTE DE REPRESENTATIVIDADE",42.53,"COMPOSICAO",88309,"PEDREIRO COM ENCARGOS COMPLEMENTARES","H","COLETADO",0.69020000000000004,18.18,12.54,"","","","","","","","","","",null,"CAIXA REFERENCIAL"]
["REVESTIMENTO E TRATAMENTO DE SUPERFICIES","REVE","CHAPISCO",106,"","",87879,"CHAPISCO APLICADO EM ALVENARIAS E ESTRUTURAS DE CONCRETO INTERNAS, COM COLHER DE PEDREIRO.  ARGAMASSA TRAÇO 1:3 COM PREPARO EM BETONEIRA 400L. AF_06/2014","M2","ATRIBUÍDO SÃO PAULO",3,"COMPOSICAO",88309,"PEDREIRO COM ENCARGOS COMPLEMENTARES","H","COLETADO",7.0000000000000007E-2,18.18,1.27,"","","","","","","","","","",null,"CAIXA REFERENCIAL"]
["REVESTIMENTO E TRATAMENTO DE SUPERFICIES","REVE","CHAPISCO",106,"","",87889,"CHAPISCO APLICADO EM ALVENARIA (SEM PRESENÇA DE VÃOS) E ESTRUTURAS DE CONCRETO DE FACHADA, COM ROLO PARA TEXTURA ACRÍLICA.  ARGAMASSA TRAÇO 1:4 E EMULSÃO POLIMÉRICA (ADESIVO) COM PREPARO EM BETONEIRA 400L. AF_06/2014","M2","ATRIBUÍDO SÃO PAULO",5.41,"COMPOSICAO",88316,"SERVENTE COM ENCARGOS COMPLEMENTARES","H","COLETADO",3.5999999999999997E-2,14.67,0.52,"","","","","","","","","","",null,"CAIXA REFERENCIAL"]
["REVESTIMENTO E TRATAMENTO DE SUPERFICIES","REVE","CHAPISCO",106,"","",87894,"CHAPISCO APLICADO EM ALVENARIA (SEM PRESENÇA DE VÃOS) E ESTRUTURAS DE CONCRETO DE FACHADA, COM COLHER DE PEDREIRO.  ARGAMASSA TRAÇO 1:3 COM PREPARO EM BETONEIRA 400L. AF_06/2014","M2","ATRIBUÍDO SÃO PAULO",4.78,"COMPOSICAO",88316,"SERVENTE COM ENCARGOS COMPLEMENTARES","H","COLETADO",6.2E-2,14.67,0.9,"","","","","","","","","","",null,"CAIXA REFERENCIAL"]
["REVESTIMENTO E TRATAMENTO DE SUPERFICIES","REVE","CHAPISCO",106,"","",87911,"CHAPISCO APLICADO SOMENTE NA ESTRUTURA DE CONCRETO DA FACHADA, COM DESEMPENADEIRA DENTADA. ARGAMASSA INDUSTRIALIZADA COM PREPARO EM MISTURADOR 300 KG. AF_06/2014","M2","ATRIBUÍDO SÃO PAULO",14.11,"COMPOSICAO",87396,"ARGAMASSA INDUSTRIALIZADA PARA CHAPISCO COLANTE, PREPARO COM MISTURADOR DE EIXO HORIZONTAL DE 300 KG. AF_08/2019","M3","ATRIBUÍDO SÃO PAULO",3.2000000000000002E-3,2085.1,6.67,"","","","","","","","","","",null,"CAIXA REFERENCIAL"]
["REVESTIMENTO E TRATAMENTO DE SUPERFICIES","REVE","EMBOCO",107,"","",87418,"APLICAÇÃO MANUAL DE GESSO DESEMPENADO (SEM TALISCAS) EM PAREDES DE AMBIENTES DE ÁREA ENTRE 5M² E 10M², ESPESSURA DE 0,5CM. AF_06/2014","M2","COEFICIENTE DE REPRESENTATIVIDADE",10.92,"COMPOSICAO",88269,"GESSEIRO COM ENCARGOS COMPLEMENTARES","H","COEFICIENTE DE REPRESENTATIVIDADE",0.35,18.09,6.33,"","","","","","","","","","",null,"CAIXA REFERENCIAL"]
["REVESTIMENTO E TRATAMENTO DE SUPERFICIES","REVE","EMBOCO",107,"","",87426,"APLICAÇÃO MANUAL DE GESSO SARRAFEADO (COM TALISCAS) EM PAREDES DE AMBIENTES DE ÁREA MAIOR QUE 10M², ESPESSURA DE 1,5CM. AF_06/2014","M2","COEFICIENTE DE REPRESENTATIVIDADE",24.74,"COMPOSICAO",88316,"SERVENTE COM ENCARGOS COMPLEMENTARES","H","COLETADO",0.16,14.67,2.34,"","","","","","","","","","",null,"CAIXA REFERENCIAL"]
["REVESTIMENTO E TRATAMENTO DE SUPERFICIES","REVE","EMBOCO",107,"","",87436,"APLICAÇÃO DE GESSO PROJETADO COM EQUIPAMENTO DE PROJEÇÃO EM PAREDES DE AMBIENTES DE ÁREA ENTRE 5M² E 10M², SARRAFEADO (COM TALISCAS), ESPESSURA DE 1,0CM. AF_06/2014","M2","ATRIBUÍDO SÃO PAULO",20.92,"","","","","","","","",10.34,49.398170700000001,10.119999999999999,48.387096700000001,"0,43","2,0702936","0,00","0,0000000","0,03","0,1444390",0,"CAIXA REFERENCIAL"]
["REVESTIMENTO E TRATAMENTO DE SUPERFICIES","REVE","EMBOCO",107,"","",87536,"EMBOÇO, PARA RECEBIMENTO DE CERÂMICA, EM ARGAMASSA TRAÇO 1:2:8, PREPARO MANUAL, APLICADO MANUALMENTE EM FACES INTERNAS DE PAREDES, PARA AMBIENTE COM ÁREA  MAIOR QUE 10M2, ESPESSURA DE 20MM, COM EXECUÇÃO DE TALISCAS. AF_06/2014","M2","COEFICIENTE DE REPRESENTATIVIDADE",23.12,"COMPOSICAO",88309,"PEDREIRO COM ENCARGOS COMPLEMENTARES","H","COLETADO",0.32,18.18,5.81,"","","","","","","","","","",null,"CAIXA REFERENCIAL"]
["REVESTIMENTO E TRATAMENTO DE SUPERFICIES","REVE","EMBOCO",107,"","",87547,"MASSA ÚNICA, PARA RECEBIMENTO DE PINTURA, EM ARGAMASSA TRAÇO 1:2:8, PREPARO MECÂNICO COM BETONEIRA 400L, APLICADA MANUALMENTE EM FACES INTERNAS DE PAREDES, ESPESSURA DE 10MM, COM EXECUÇÃO DE TALISCAS. AF_06/2014","M2","ATRIBUÍDO SÃO PAULO",15.71,"COMPOSICAO",88316,"SERVENTE COM ENCARGOS COMPLEMENTARES","H","COLETADO",0.128,14.67,1.87,"","","","","","","","","","",null,"CAIXA REFERENCIAL"]
["REVESTIMENTO E TRATAMENTO DE SUPERFICIES","REVE","EMBOCO",107,"","",87779,"EMBOÇO OU MASSA ÚNICA EM ARGAMASSA TRAÇO 1:2:8, PREPARO MECÂNICO COM BETONEIRA 400 L, APLICADA MANUALMENTE EM PANOS DE FACHADA COM PRESENÇA DE VÃOS, ESPESSURA DE 35 MM. AF_06/2014","M2","ATRIBUÍDO SÃO PAULO",44.96,"COMPOSICAO",87292,"ARGAMASSA TRAÇO 1:2:8 (EM VOLUME DE CIMENTO, CAL E AREIA MÉDIA ÚMIDA) PARA EMBOÇO/MASSA ÚNICA/ASSENTAMENTO DE ALVENARIA DE VEDAÇÃO, PREPARO MECÂNICO COM BETONEIRA 400 L. AF_08/2019","M3","ATRIBUÍDO SÃO PAULO",4.2099999999999999E-2,351.53,14.79,"","","","","","","","","","",null,"CAIXA REFERENCIAL"]
["REVESTIMENTO E TRATAMENTO DE SUPERFICIES","REVE","EMBOCO",107,"","",87788,"EMBOÇO OU MASSA ÚNICA EM ARGAMASSA TRAÇO 1:2:8, PREPARO MECÂNICO COM BETONEIRA 400 L, APLICADA MANUALMENTE EM PANOS DE FACHADA COM PRESENÇA DE VÃOS, ESPESSURA MAIOR OU IGUAL A 50 MM. AF_06/2014","M2","ATRIBUÍDO SÃO PAULO",66.03,"INSUMO",37411,"TELA DE ACO SOLDADA GALVANIZADA/ZINCADA PARA ALVENARIA, FIO D = *1,24 MM, MALHA 25 X 25 MM","M2","ATRIBUÍDO SÃO PAULO",0.13880000000000001,13.93,1.93,"","","","","","","","","","",null,"CAIXA REFERENCIAL"]
["REVESTIMENTO E TRATAMENTO DE SUPERFICIES","REVE","EMBOCO",107,"","",87797,"EMBOÇO OU MASSA ÚNICA EM ARGAMASSA TRAÇO 1:2:8, PREPARO MECÂNICO COM BETONEIRA 400 L, APLICADA MANUALMENTE EM PANOS CEGOS DE FACHADA (SEM PRESENÇA DE VÃOS), ESPESSURA DE 35 MM. AF_06/2014","M2","ATRIBUÍDO SÃO PAULO",31.77,"COMPOSICAO",88316,"SERVENTE COM ENCARGOS COMPLEMENTARES","H","COLETADO",0.48,14.67,7.04,"","","","","","","","","","",null,"CAIXA REFERENCIAL"]
["REVESTIMENTO E TRATAMENTO DE SUPERFICIES","REVE","EMBOCO",107,"","",87811,"EMBOÇO OU MASSA ÚNICA EM ARGAMASSA TRAÇO 1:2:8, PREPARO MANUAL, APLICADA MANUALMENTE EM SUPERFÍCIES EXTERNAS DA SACADA, ESPESSURA DE 25 MM, SEM USO DE TELA METÁLICA DE REFORÇO CONTRA FISSURAÇÃO. AF_06/2014","M2","COEFICIENTE DE REPRESENTATIVIDADE",63.04,"COMPOSICAO",88309,"PEDREIRO COM ENCARGOS COMPLEMENTARES","H","COLETADO",1.55,18.18,28.17,"","","","","","","","","","",null,"CAIXA REFERENCIAL"]
["REVESTIMENTO E TRATAMENTO DE SUPERFICIES","REVE","EMBOCO",107,"","",87824,"EMBOÇO OU MASSA ÚNICA EM ARGAMASSA INDUSTRIALIZADA, PREPARO MECÂNICO E APLICAÇÃO COM EQUIPAMENTO DE MISTURA E PROJEÇÃO DE 1,5 M3/H EM SUPERFÍCIES EXTERNAS DA SACADA, ESPESSURA MAIOR OU IGUAL A 50 MM, SEM USO DE TELA METÁLICA. AF_06/2014","M2","ATRIBUÍDO SÃO PAULO",138.21,"COMPOSICAO",88309,"PEDREIRO COM ENCARGOS COMPLEMENTARES","H","COLETADO",2.4,18.18,43.63,"","","","","","","","","","",null,"CAIXA REFERENCIAL"]
["REVESTIMENTO E TRATAMENTO DE SUPERFICIES","REVE","EMBOCO",107,"","",87835,"REVESTIMENTO DECORATIVO MONOCAMADA APLICADO MANUALMENTE EM PANOS CEGOS DA FACHADA DE UM EDIFÍCIO DE ALVENARIA ESTRUTURAL, COM ACABAMENTO RASPADO. AF_06/2014","M2","ATRIBUÍDO SÃO PAULO",85.15,"COMPOSICAO",87389,"ARGAMASSA PARA REVESTIMENTO DECORATIVO MONOCAMADA (MONOCAPA), PREPARO COM MISTURADOR DE EIXO HORIZONTAL DE 300 KG. AF_08/2019","M3","ATRIBUÍDO SÃO PAULO",2.4199999999999999E-2,2932.31,70.959999999999994,"","","","","","","","","","",null,"CAIXA REFERENCIAL"]
["REVESTIMENTO E TRATAMENTO DE SUPERFICIES","REVE","EMBOCO",107,"","",87842,"REVESTIMENTO DECORATIVO MONOCAMADA APLICADO MANUALMENTE EM SUPERFÍCIES EXTERNAS DA SACADA DE UM EDIFÍCIO DE ESTRUTURA CONVENCIONAL E ACABAMENTO RASPADO. AF_06/2014","M2","ATRIBUÍDO SÃO PAULO",128.62,"COMPOSICAO",87389,"ARGAMASSA PARA REVESTIMENTO DECORATIVO MONOCAMADA (MONOCAPA), PREPARO COM MISTURADOR DE EIXO HORIZONTAL DE 300 KG. AF_08/2019","M3","ATRIBUÍDO SÃO PAULO",3.4700000000000002E-2,2932.31,101.75,"","","","","","","","","","",null,"CAIXA REFERENCIAL"]
["REVESTIMENTO E TRATAMENTO DE SUPERFICIES","REVE","EMBOCO",107,"","",87856,"REVESTIMENTO DECORATIVO MONOCAMADA APLICADO COM EQUIPAMENTO DE PROJEÇÃO EM SUPERFÍCIES EXTERNAS DA SACADA DE UM EDIFÍCIO DE ESTRUTURA CONVENCIONAL E ACABAMENTO TRAVERTINO. AF_06/2014","M2","ATRIBUÍDO SÃO PAULO",128.19,"","","","","","","","",17.100000000000001,13.343222900000001,110.04,85.836977099999999,"0,98","0,7651467","0,00","0,0000000","0,07","0,0546533",0,"CAIXA REFERENCIAL"]
["REVESTIMENTO E TRATAMENTO DE SUPERFICIES","REVE","EMBOCO",107,"","",90407,"MASSA ÚNICA, PARA RECEBIMENTO DE PINTURA, EM ARGAMASSA TRAÇO 1:2:8, PREPARO MANUAL, APLICADA MANUALMENTE EM TETO, ESPESSURA DE 20MM, COM EXECUÇÃO DE TALISCAS. AF_03/2015","M2","COEFICIENTE DE REPRESENTATIVIDADE",34.17,"COMPOSICAO",87369,"ARGAMASSA TRAÇO 1:2:8 (EM VOLUME DE CIMENTO, CAL E AREIA MÉDIA ÚMIDA) PARA EMBOÇO/MASSA ÚNICA/ASSENTAMENTO DE ALVENARIA DE VEDAÇÃO, PREPARO MANUAL. AF_08/2019","M3","COEFICIENTE DE REPRESENTATIVIDADE",3.7600000000000001E-2,414.6,15.58,"","","","","","","","","","",null,"CAIXA REFERENCIAL"]
["REVESTIMENTO E TRATAMENTO DE SUPERFICIES","REVE","PASTILHAS,CERAMICAS, PLACAS PRE-MOLDADAS E OUTROS",110,"","",87267,"REVESTIMENTO CERÂMICO PARA PAREDES INTERNAS COM PLACAS TIPO ESMALTADA EXTRA DE DIMENSÕES 20X20 CM APLICADAS EM AMBIENTES DE ÁREA MAIOR QUE 5 M² A MEIA ALTURA DAS PAREDES. AF_06/2014","M2","COEFICIENTE DE REPRESENTATIVIDADE",46.81,"INSUMO",1381,"ARGAMASSA COLANTE AC I PARA CERAMICAS","KG","COLETADO",4.8600000000000003,0.49,2.38,"","","","","","","","","","",null,"CAIXA REFERENCIAL"]
["REVESTIMENTO E TRATAMENTO DE SUPERFICIES","REVE","PASTILHAS,CERAMICAS, PLACAS PRE-MOLDADAS E OUTROS",110,"","",87273,"REVESTIMENTO CERÂMICO PARA PAREDES INTERNAS COM PLACAS TIPO ESMALTADA EXTRA DE DIMENSÕES 33X45 CM APLICADAS EM AMBIENTES DE ÁREA MAIOR QUE 5 M² NA ALTURA INTEIRA DAS PAREDES. AF_06/2014","M2","COEFICIENTE DE REPRESENTATIVIDADE",46.25,"INSUMO",1381,"ARGAMASSA COLANTE AC I PARA CERAMICAS","KG","COLETADO",6.14,0.49,3,"","","","","","","","","","",null,"CAIXA REFERENCIAL"]
["REVESTIMENTO E TRATAMENTO DE SUPERFICIES","REVE","PASTILHAS,CERAMICAS, PLACAS PRE-MOLDADAS E OUTROS",110,"","",88786,"REVESTIMENTO CERÂMICO PARA PAREDES EXTERNAS EM PASTILHAS DE PORCELANA 2,5 X 2,5 CM (PLACAS DE 30 X 30 CM), ALINHADAS A PRUMO, APLICADO EM PANOS COM VÃOS. AF_10/2014","M2","ATRIBUÍDO SÃO PAULO",234.47,"","","","","","","","",29.96,12.7810247,204.51,87.218975299999997,"0,00","0,0000000","0,00","0,0000000","0,00","0,0000000",0,"CAIXA REFERENCIAL"]
["REVESTIMENTO E TRATAMENTO DE SUPERFICIES","REVE","PASTILHAS,CERAMICAS, PLACAS PRE-MOLDADAS E OUTROS",110,"","",93395,"REVESTIMENTO CERÂMICO PARA PAREDES INTERNAS COM PLACAS TIPO ESMALTADA PADRÃO POPULAR DE DIMENSÕES 20X20 CM, ARGAMASSA TIPO AC I, APLICADAS EM AMBIENTES DE ÁREA MAIOR QUE 5 M2 A MEIA ALTURA DAS PAREDES. AF_06/2014","M2","COEFICIENTE DE REPRESENTATIVIDADE",37.72,"INSUMO",34357,"REJUNTE CIMENTICIO, QUALQUER COR","KG","COEFICIENTE DE REPRESENTATIVIDADE",0.42,2.87,1.2,"","","","","","","","","","",null,"CAIXA REFERENCIAL"]
["REVESTIMENTO E TRATAMENTO DE SUPERFICIES","REVE","FORRO DE MADEIRA",133,"","",96117,"FORRO EM MADEIRA PINUS, PARA AMBIENTES COMERCIAIS, INCLUSIVE ESTRUTURA DE FIXAÇÃO. AF_05/2017","M2","ATRIBUÍDO SÃO PAULO",102.67,"COMPOSICAO",88239,"AJUDANTE DE CARPINTEIRO COM ENCARGOS COMPLEMENTARES","H","COEFICIENTE DE REPRESENTATIVIDADE",0.53520000000000001,15.14,8.1,"","","","","","","","","","",null,"CAIXA REFERENCIAL"]
["REVESTIMENTO E TRATAMENTO DE SUPERFICIES","REVE","FORRO DE GESSO",134,"","",96109,"FORRO EM PLACAS DE GESSO, PARA AMBIENTES RESIDENCIAIS. AF_05/2017_P","M2","COEFICIENTE DE REPRESENTATIVIDADE",30.56,"COMPOSICAO",88316,"SERVENTE COM ENCARGOS COMPLEMENTARES","H","COLETADO",0.3987,14.67,5.84,"","","","","","","","","","",null,"CAIXA REFERENCIAL"]
["REVESTIMENTO E TRATAMENTO DE SUPERFICIES","REVE","FORRO DE GESSO",134,"","",96120,"ACABAMENTOS PARA FORRO (MOLDURA DE GESSO). AF_05/2017","M","COEFICIENTE DE REPRESENTATIVIDADE",1.99,"INSUMO",4812,"PLACA DE GESSO PARA FORRO, DE  *60 X 60* CM E ESPESSURA DE 12 MM (30 MM NAS BORDAS) SEM COLOCACAO","M2","COLETADO",7.6200000000000004E-2,8.5,0.64,"","","","","","","","","","",null,"CAIXA REFERENCIAL"]
["REVESTIMENTO E TRATAMENTO DE SUPERFICIES","REVE","FORRO METALICO/PVC",311,"","",96121,"ACABAMENTOS PARA FORRO (RODA-FORRO EM PERFIL METÁLICO E PLÁSTICO). AF_05/2017","M","COEFICIENTE DE REPRESENTATIVIDADE",10.84,"","","","","","","","",3.02,27.937095200000002,7.82,72.062904799999998,"0,00","0,0000000","0,00","0,0000000","0,00","0,0000000",0,"CAIXA REFERENCIAL"]
["REVESTIMENTO E TRATAMENTO DE SUPERFICIES","REVE","RESTAURO",319,"","",91516,"ESTUCAMENTO DE SUPERFÍCIE EXTERNA DA SACADA DO SISTEMA DE PAREDES DE CONCRETO EM EDIFICAÇÕES DE MÚLTIPLOS PAVIMENTOS. AF_06/2015","M2","COEFICIENTE DE REPRESENTATIVIDADE",9.23,"","","","","","","","",6.94,75.164113799999996,2.29,24.835886200000001,"0,00","0,0000000","0,00","0,0000000","0,00","0,0000000",0,"CAIXA REFERENCIAL"]
["SERVICOS DIVERSOS","SEDI","ARGAMASSAS",210,"","",87281,"ARGAMASSA TRAÇO 1:7 (EM VOLUME DE CIMENTO E AREIA MÉDIA ÚMIDA) COM ADIÇÃO DE PLASTIFICANTE PARA EMBOÇO/MASSA ÚNICA/ASSENTAMENTO DE ALVENARIA DE VEDAÇÃO, PREPARO MECÂNICO COM BETONEIRA 600 L. AF_08/2019","M3","ATRIBUÍDO SÃO PAULO",319,"COMPOSICAO",88316,"SERVENTE COM ENCARGOS COMPLEMENTARES","H","COLETADO",0.77,14.67,11.29,"","","","","","","","","","",null,"CAIXA REFERENCIAL"]
["SERVICOS DIVERSOS","SEDI","ARGAMASSAS",210,"","",87292,"ARGAMASSA TRAÇO 1:2:8 (EM VOLUME DE CIMENTO, CAL E AREIA MÉDIA ÚMIDA) PARA EMBOÇO/MASSA ÚNICA/ASSENTAMENTO DE ALVENARIA DE VEDAÇÃO, PREPARO MECÂNICO COM BETONEIRA 400 L. AF_08/2019","M3","ATRIBUÍDO SÃO PAULO",351.53,"COMPOSICAO",88831,"BETONEIRA CAPACIDADE NOMINAL DE 400 L, CAPACIDADE DE MISTURA 280 L, MOTOR ELÉTRICO TRIFÁSICO POTÊNCIA DE 2 CV, SEM CARREGADOR - CHI DIURNO. AF_10/2014","CHI","ATRIBUÍDO SÃO PAULO",3.45,0.23,0.79,"","","","","","","","","","",null,"CAIXA REFERENCIAL"]
["SERVICOS DIVERSOS","SEDI","ARGAMASSAS",210,"","",87295,"ARGAMASSA TRAÇO 1:3:12 (EM VOLUME DE CIMENTO, CAL E AREIA MÉDIA ÚMIDA) PARA EMBOÇO/MASSA ÚNICA/ASSENTAMENTO DE ALVENARIA DE VEDAÇÃO, PREPARO MECÂNICO COM BETONEIRA 400 L. AF_08/2019","M3","ATRIBUÍDO SÃO PAULO",346.77,"COMPOSICAO",88377,"OPERADOR DE BETONEIRA ESTACIONÁRIA/MISTURADOR COM ENCARGOS COMPLEMENTARES","H","COEFICIENTE DE REPRESENTATIVIDADE",5.53,20.73,114.63,"","","","","","","","","","",null,"CAIXA REFERENCIAL"]
["SERVICOS DIVERSOS","SEDI","ARGAMASSAS",210,"","",87307,"ARGAMASSA TRAÇO 1:6 (EM VOLUME DE CIMENTO E AREIA MÉDIA ÚMIDA) PARA CONTRAPISO, PREPARO MECÂNICO COM BETONEIRA 400 L. AF_08/2019","M3","ATRIBUÍDO SÃO PAULO",390.34,"INSUMO",1379,"CIMENTO PORTLAND COMPOSTO CP II-32","KG","COEFICIENTE DE REPRESENTATIVIDADE",332.39,0.52,172.84,"","","","","","","","","","",null,"CAIXA REFERENCIAL"]
["SERVICOS DIVERSOS","SEDI","ARGAMASSAS",210,"","",87319,"ARGAMASSA TRAÇO 1:5 (EM VOLUME DE CIMENTO E AREIA GROSSA ÚMIDA) COM ADIÇÃO DE EMULSÃO POLIMÉRICA PARA CHAPISCO ROLADO, PREPARO MECÂNICO COM BETONEIRA 400 L. AF_08/2019","M3","ATRIBUÍDO SÃO PAULO",2365.5300000000002,"COMPOSICAO",88830,"BETONEIRA CAPACIDADE NOMINAL DE 400 L, CAPACIDADE DE MISTURA 280 L, MOTOR ELÉTRICO TRIFÁSICO POTÊNCIA DE 2 CV, SEM CARREGADOR - CHP DIURNO. AF_10/2014","CHP","ATRIBUÍDO SÃO PAULO",1.01,1.25,1.26,"","","","","","","","","","",null,"CAIXA REFERENCIAL"]
["SERVICOS DIVERSOS","SEDI","ARGAMASSAS",210,"","",87326,"ARGAMASSA TRAÇO 1:4 (EM VOLUME DE CIMENTO E AREIA GROSSA ÚMIDA) COM ADIÇÃO DE EMULSÃO POLIMÉRICA PARA CHAPISCO ROLADO, PREPARO MECÂNICO COM BETONEIRA 600 L. AF_08/2019","M3","ATRIBUÍDO SÃO PAULO",2380.61,"INSUMO",1379,"CIMENTO PORTLAND COMPOSTO CP II-32","KG","COEFICIENTE DE REPRESENTATIVIDADE",266.95,0.52,138.81,"","","","","","","","","","",null,"CAIXA REFERENCIAL"]
["SERVICOS DIVERSOS","SEDI","ARGAMASSAS",210,"","",87328,"ARGAMASSA TRAÇO 1:7 (EM VOLUME DE CIMENTO E AREIA MÉDIA ÚMIDA) COM ADIÇÃO DE PLASTIFICANTE PARA EMBOÇO/MASSA ÚNICA/ASSENTAMENTO DE ALVENARIA DE VEDAÇÃO, PREPARO MECÂNICO COM MISTURADOR DE EIXO HORIZONTAL DE 600 KG. AF_08/2019","M3","ATRIBUÍDO SÃO PAULO",294.62,"INSUMO",370,"AREIA MEDIA - POSTO JAZIDA/FORNECEDOR (RETIRADO NA JAZIDA, SEM TRANSPORTE)","M3","COLETADO",1.27,77.5,98.42,"","","","","","","","","","",null,"CAIXA REFERENCIAL"]
["SERVICOS DIVERSOS","SEDI","ARGAMASSAS",210,"","",87337,"ARGAMASSA TRAÇO 1:2:9 (EM VOLUME DE CIMENTO, CAL E AREIA MÉDIA ÚMIDA) PARA EMBOÇO/MASSA ÚNICA/ASSENTAMENTO DE ALVENARIA DE VEDAÇÃO, PREPARO MECÂNICO COM MISTURADOR DE EIXO HORIZONTAL DE 300 KG. AF_08/2019","M3","ATRIBUÍDO SÃO PAULO",344.8,"COMPOSICAO",88386,"MISTURADOR DE ARGAMASSA, EIXO HORIZONTAL, CAPACIDADE DE MISTURA 300 KG, MOTOR ELÉTRICO POTÊNCIA 5 CV - CHP DIURNO. AF_06/2014","CHP","ATRIBUÍDO SÃO PAULO",1.1399999999999999,3.41,3.88,"","","","","","","","","","",null,"CAIXA REFERENCIAL"]
["SERVICOS DIVERSOS","SEDI","ARGAMASSAS",210,"","",87340,"ARGAMASSA TRAÇO 1:3 (EM VOLUME DE CIMENTO E AREIA MÉDIA ÚMIDA) PARA CONTRAPISO, PREPARO MECÂNICO COM MISTURADOR DE EIXO HORIZONTAL DE 300 KG. AF_08/2019","M3","ATRIBUÍDO SÃO PAULO",490.76,"INSUMO",370,"AREIA MEDIA - POSTO JAZIDA/FORNECEDOR (RETIRADO NA JAZIDA, SEM TRANSPORTE)","M3","COLETADO",1.24,77.5,96.1,"","","","","","","","","","",null,"CAIXA REFERENCIAL"]
["SERVICOS DIVERSOS","SEDI","ARGAMASSAS",210,"","",87345,"ARGAMASSA TRAÇO 1:5 (EM VOLUME DE CIMENTO E AREIA MÉDIA ÚMIDA) PARA CONTRAPISO, PREPARO MECÂNICO COM MISTURADOR DE EIXO HORIZONTAL DE 160 KG. AF_08/2019","M3","ATRIBUÍDO SÃO PAULO",462.99,"","","","","","","","",127.59,27.5598375,327.63,70.761686800000007,"5,62","1,2140326","0,00","0,0000000","2,15","0,4644431",0,"CAIXA REFERENCIAL"]
["SERVICOS DIVERSOS","SEDI","ARGAMASSAS",210,"","",87350,"ARGAMASSA TRAÇO 1:5 (EM VOLUME DE CIMENTO E AREIA GROSSA ÚMIDA) PARA CHAPISCO CONVENCIONAL, PREPARO MECÂNICO COM MISTURADOR DE EIXO HORIZONTAL DE 300 KG. AF_08/2019","M3","ATRIBUÍDO SÃO PAULO",370.03,"INSUMO",367,"AREIA GROSSA - POSTO JAZIDA/FORNECEDOR (RETIRADO NA JAZIDA, SEM TRANSPORTE)","M3","COLETADO",1.04,80,83.2,"","","","","","","","","","",null,"CAIXA REFERENCIAL"]
["SERVICOS DIVERSOS","SEDI","ARGAMASSAS",210,"","",87357,"ARGAMASSA TRAÇO 1:4 (EM VOLUME DE CIMENTO E AREIA GROSSA ÚMIDA) PARA CHAPISCO CONVENCIONAL, PREPARO MECÂNICO COM MISTURADOR DE EIXO HORIZONTAL DE 600 KG. AF_08/2019","M3","ATRIBUÍDO SÃO PAULO",320.10000000000002,"INSUMO",1379,"CIMENTO PORTLAND COMPOSTO CP II-32","KG","COEFICIENTE DE REPRESENTATIVIDADE",338.22,0.52,175.87,"","","","","","","","","","",null,"CAIXA REFERENCIAL"]
["SERVICOS DIVERSOS","SEDI","ARGAMASSAS",210,"","",87363,"ARGAMASSA TRAÇO 1:4 (EM VOLUME DE CIMENTO E AREIA GROSSA ÚMIDA) COM ADIÇÃO DE EMULSÃO POLIMÉRICA PARA CHAPISCO ROLADO, PREPARO MECÂNICO COM MISTURADOR DE EIXO HORIZONTAL DE 300 KG. AF_08/2019","M3","ATRIBUÍDO SÃO PAULO",2374.13,"","","","","","","","",100.49,4.2327975000000002,2266.17,95.452554399999997,"4,65","0,1958653","0,00","0,0000000","2,82","0,1187828",0,"CAIXA REFERENCIAL"]
["SERVICOS DIVERSOS","SEDI","ARGAMASSAS",210,"","",87368,"ARGAMASSA TRAÇO 1:1,5:7,5 (EM VOLUME DE CIMENTO, CAL E AREIA MÉDIA ÚMIDA) PARA EMBOÇO/MASSA ÚNICA/ASSENTAMENTO DE ALVENARIA DE VEDAÇÃO, PREPARO MANUAL. AF_08/2019","M3","COEFICIENTE DE REPRESENTATIVIDADE",415.42,"INSUMO",1379,"CIMENTO PORTLAND COMPOSTO CP II-32","KG","COEFICIENTE DE REPRESENTATIVIDADE",208,0.52,108.16,"","","","","","","","","","",null,"CAIXA REFERENCIAL"]
["SERVICOS DIVERSOS","SEDI","ARGAMASSAS",210,"","",87383,"ARGAMASSA INDUSTRIALIZADA MULTIUSO PARA REVESTIMENTOS E ASSENTAMENTO DA ALVENARIA, PREPARO COM MISTURADOR DE EIXO HORIZONTAL DE 300 KG. AF_08/2019","M3","ATRIBUÍDO SÃO PAULO",1061.9100000000001,"INSUMO",371,"ARGAMASSA INDUSTRIALIZADA MULTIUSO, PARA REVESTIMENTO INTERNO E EXTERNO E ASSENTAMENTO DE BLOCOS DIVERSOS","KG","COEFICIENTE DE REPRESENTATIVIDADE",1858.3,0.53,984.89,"","","","","","","","","","",null,"CAIXA REFERENCIAL"]
["SERVICOS DIVERSOS","SEDI","ARGAMASSAS",210,"","",87387,"ARGAMASSA PRONTA PARA CONTRAPISO, PREPARO COM MISTURADOR DE EIXO HORIZONTAL DE 600 KG. AF_08/2019","M3","ATRIBUÍDO SÃO PAULO",1211.99,"INSUMO",36886,"ARGAMASSA PRONTA PARA CONTRAPISO","KG","COEFICIENTE DE REPRESENTATIVIDADE",2293.92,0.5,1146.96,"","","","","","","","","","",null,"CAIXA REFERENCIAL"]
["SERVICOS DIVERSOS","SEDI","ARGAMASSAS",210,"","",87394,"ARGAMASSA INDUSTRIALIZADA PARA CHAPISCO ROLADO, PREPARO COM MISTURADOR DE EIXO HORIZONTAL DE 600 KG. AF_08/2019","M3","ATRIBUÍDO SÃO PAULO",3309.77,"COMPOSICAO",88316,"SERVENTE COM ENCARGOS COMPLEMENTARES","H","COLETADO",0.86,14.67,12.61,"","","","","","","","","","",null,"CAIXA REFERENCIAL"]
["SERVICOS DIVERSOS","SEDI","ARGAMASSAS",210,"","",87408,"ARGAMASSA INDUSTRIALIZADA PARA REVESTIMENTOS, MISTURA E PROJEÇÃO DE 2 M³/H DE ARGAMASSA. AF_06/2014","M3","ATRIBUÍDO SÃO PAULO",1077.28,"COMPOSICAO",88377,"OPERADOR DE BETONEIRA ESTACIONÁRIA/MISTURADOR COM ENCARGOS COMPLEMENTARES","H","COEFICIENTE DE REPRESENTATIVIDADE",3.18,20.73,65.92,"","","","","","","","","","",null,"CAIXA REFERENCIAL"]
["SERVICOS DIVERSOS","SEDI","ARGAMASSAS",210,"","",88631,"ARGAMASSA TRAÇO 1:4 (EM VOLUME DE CIMENTO E AREIA MÉDIA ÚMIDA), PREPARO MANUAL. AF_08/2019","M3","COEFICIENTE DE REPRESENTATIVIDADE",413.29,"INSUMO",1379,"CIMENTO PORTLAND COMPOSTO CP II-32","KG","COEFICIENTE DE REPRESENTATIVIDADE",389.54,0.52,202.56,"","","","","","","","","","",null,"CAIXA REFERENCIAL"]
["SERVICOS DIVERSOS","SEDI","ARGAMASSAS",210,"","",100470,"ARGAMASSA TRAÇO 1:3 (EM VOLUME DE CIMENTO E AREIA MÉDIA ÚMIDA), PREPARO MECÂNICO COM MISTURADOR DE EIXO HORIZONTAL DE 600 KG. AF_08/2019","M3","ATRIBUÍDO SÃO PAULO",360.3,"COMPOSICAO",88831,"BETONEIRA CAPACIDADE NOMINAL DE 400 L, CAPACIDADE DE MISTURA 280 L, MOTOR ELÉTRICO TRIFÁSICO POTÊNCIA DE 2 CV, SEM CARREGADOR - CHI DIURNO. AF_10/2014","CHI","ATRIBUÍDO SÃO PAULO",2.4900000000000002,0.23,0.56999999999999995,"","","","","","","","","","",null,"CAIXA REFERENCIAL"]
["SERVICOS DIVERSOS","SEDI","ARGAMASSAS",210,"","",100473,"ARGAMASSA TRAÇO 1:4 (EM VOLUME DE CIMENTO E AREIA MÉDIA ÚMIDA), PREPARO MECÂNICO COM MISTURADOR DE EIXO HORIZONTAL DE 300 KG. AF_08/2019","M3","ATRIBUÍDO SÃO PAULO",363.25,"COMPOSICAO",88377,"OPERADOR DE BETONEIRA ESTACIONÁRIA/MISTURADOR COM ENCARGOS COMPLEMENTARES","H","COEFICIENTE DE REPRESENTATIVIDADE",3.53,20.73,73.17,"","","","","","","","","","",null,"CAIXA REFERENCIAL"]
["SERVICOS DIVERSOS","SEDI","ARGAMASSAS",210,"","",100483,"ARGAMASSA TRAÇO 1:4 (EM VOLUME DE CIMENTO E AREIA MÉDIA ÚMIDA) COM ADIÇÃO DE IMPERMEABILIZANTE, PREPARO MECÂNICO COM MISTURADOR DE EIXO HORIZONTAL DE 160 KG. AF_08/2019","M3","ATRIBUÍDO SÃO PAULO",503.5,"COMPOSICAO",88377,"OPERADOR DE BETONEIRA ESTACIONÁRIA/MISTURADOR COM ENCARGOS COMPLEMENTARES","H","COEFICIENTE DE REPRESENTATIVIDADE",6.01,20.73,124.58,"","","","","","","","","","",null,"CAIXA REFERENCIAL"]
["SERVICOS DIVERSOS","SEDI","ARGAMASSAS",210,"","",100485,"ARGAMASSA TRAÇO 1:4 (EM VOLUME DE CIMENTO E AREIA MÉDIA ÚMIDA) COM ADIÇÃO DE IMPERMEABILIZANTE, PREPARO MECÂNICO COM MISTURADOR DE EIXO HORIZONTAL DE 600 KG. AF_08/2019","M3","ATRIBUÍDO SÃO PAULO",436.38,"COMPOSICAO",88393,"MISTURADOR DE ARGAMASSA, EIXO HORIZONTAL, CAPACIDADE DE MISTURA 600 KG, MOTOR ELÉTRICO POTÊNCIA 7,5 CV - CHP DIURNO. AF_06/2014","CHP","ATRIBUÍDO SÃO PAULO",0.5,4.71,2.35,"","","","","","","","","","",null,"CAIXA REFERENCIAL"]
["SERVICOS DIVERSOS","SEDI","CARGA, DESCARGA E TRANSPORTE DE MATERIAIS",211,"","",100198,"TRANSPORTE HORIZONTAL COM CARRINHO PLATAFORMA, DE SACOS DE 50 KG (UNIDADE: KGXKM). AF_07/2019","KGXKM","COLETADO",0.18,"","","","","","","","",0.15,81.25,0.03,18.75,"0,00","0,0000000","0,00","0,0000000","0,00","0,0000000",0,"CAIXA REFERENCIAL"]
["SERVICOS DIVERSOS","SEDI","CARGA, DESCARGA E TRANSPORTE DE MATERIAIS",211,"","",100213,"TRANSPORTE HORIZONTAL COM CARRINHO PLATAFORMA, DE BLOCOS CERÂMICOS FURADOS NA HORIZONTAL DE 9X19X19CM (UNIDADE: BLOCOXKM). AF_07/2019","UNXKM","COLETADO",1.87,"","","","","","","","",1.34,71.584699499999999,0.53,28.415300500000001,"0,00","0,0000000","0,00","0,0000000","0,00","0,0000000",0,"CAIXA REFERENCIAL"]
["SERVICOS DIVERSOS","SEDI","CARGA, DESCARGA E TRANSPORTE DE MATERIAIS",211,"","",100219,"TRANSPORTE HORIZONTAL COM MANIPULADOR TELESCÓPICO, DE BLOCOS CERÂMICOS FURADOS NA HORIZONTAL DE 9X19X19CM (UNIDADE: BLOCOXKM). AF_07/2019","UNXKM","ATRIBUÍDO SÃO PAULO",0.32,"","","","","","","","",0.11,34.615384599999999,0.04,15.3846153,"0,17","50,0000001","0,00","0,0000000","0,00","0,0000000",0,"CAIXA REFERENCIAL"]
["SERVICOS DIVERSOS","SEDI","CARGA, DESCARGA E TRANSPORTE DE MATERIAIS",211,"","",100242,"TRANSPORTE HORIZONTAL MANUAL, DE TUBO DE PPR - PN12 OU PN25 - COM DIÂMETRO MAIOR QUE 75 MM E MENOR OU IGUAL A 110 MM (UNIDADE: MXKM). AF_07/2019","MXKM","COLETADO",13.46,"COMPOSICAO",88316,"SERVENTE COM ENCARGOS COMPLEMENTARES","H","COLETADO",0.91769999999999996,14.67,13.46,"","","","","","","","","","",null,"CAIXA REFERENCIAL"]
["SERVICOS DIVERSOS","SEDI","CARGA, DESCARGA E TRANSPORTE DE MATERIAIS",211,"","",100259,"TRANSPORTE HORIZONTAL MANUAL, DE VIGAS DE MADEIRA COM SEÇÃO TRANSVERSAL DE 6 X 16 CM (UNIDADE: MXKM). AF_07/2019","MXKM","COLETADO",17.95,"COMPOSICAO",88316,"SERVENTE COM ENCARGOS COMPLEMENTARES","H","COLETADO",1.2236,14.67,17.95,"","","","","","","","","","",null,"CAIXA REFERENCIAL"]
["SERVICOS DIVERSOS","SEDI","CARGA, DESCARGA E TRANSPORTE DE MATERIAIS",211,"","",100282,"TRANSPORTE HORIZONTAL MANUAL, DE TELHA DE CONCRETO OU CERÂMICA (UNIDADE: M2XKM). AF_07/2019","M2XKM","COLETADO",107.04,"","","","","","","","",75.61,70.631657700000005,31.43,29.368342299999998,"0,00","0,0000000","0,00","0,0000000","0,00","0,0000000",0,"CAIXA REFERENCIAL"]
["SERVICOS DIVERSOS","SEDI","LIMPEZA E ARREMATES FINAIS",212,"","",99803,"LIMPEZA DE PISO CERÂMICO OU PORCELANATO COM PANO ÚMIDO. AF_04/2019","M2","COLETADO",1.42,"","","","","","","","",1.03,72.463768200000004,0.39,27.536231799999999,"0,00","0,0000000","0,00","0,0000000","0,00","0,0000000",0,"CAIXA REFERENCIAL"]
["SERVICOS DIVERSOS","SEDI","OUTROS",318,"","",97010,"GUARDA-CORPO FIXADO EM FÔRMA DE MADEIRA COM TRAVESSÕES EM MADEIRA PREGADA E FECHAMENTO EM TELA DE POLIPROPILENO PARA EDIFICAÇÕES COM ATÉ 2 PAVIMENTOS. AF_11/2017","M","ATRIBUÍDO SÃO PAULO",34.06,"INSUMO",20209,"PECA DE MADEIRA APARELHADA *7,5 X 7,5* CM (3 X 3 \") MACARANDUBA, ANGELIM OU EQUIVALENTE DA REGIAO","M","COEFICIENTE DE REPRESENTATIVIDADE",0.66069999999999995,9.9700000000000006,6.58,"","","","","","","","","","",null,"CAIXA REFERENCIAL"]
["SERVICOS DIVERSOS","SEDI","OUTROS",318,"","",97013,"GUARDA-CORPO FIXADO EM FÔRMA DE MADEIRA COM TRAVESSÕES EM MADEIRA PREGADA E FECHAMENTO EM PAINEL COMPENSADO PARA EDIFICAÇÕES COM ATÉ 2 PAVIMENTOS. AF_11/2017","M","COEFICIENTE DE REPRESENTATIVIDADE",54.33,"COMPOSICAO",91693,"SERRA CIRCULAR DE BANCADA COM MOTOR ELÉTRICO POTÊNCIA DE 5HP, COM COIFA PARA DISCO 10\" - CHI DIURNO. AF_08/2015","CHI","COEFICIENTE DE REPRESENTATIVIDADE",9.4000000000000004E-3,24.04,0.22,"","","","","","","","","","",null,"CAIXA REFERENCIAL"]
["SERVICOS DIVERSOS","SEDI","OUTROS",318,"","",97032,"GUARDA-CORPO EM LAJE PÓS-DESFÔRMA, PARA ESTRUTURAS EM CONCRETO, COM ESCORAS DE MADEIRA ESTRONCADAS NA ESTRUTURA, TRAVESSÕES DE MADEIRA PREGADOS E FECHAMENTO EM TELA DE POLIPROPILENO PARA EDIFICAÇÕES ACIMA DE 4 PAV. (2 MONTAGENS POR OBRA). AF_11/2017","M","ATRIBUÍDO SÃO PAULO",36.799999999999997,"","","","","","","","",8.9600000000000009,24.359673000000001,27.84,75.640326999999999,"0,00","0,0000000","0,00","0,0000000","0,00","0,0000000",0,"CAIXA REFERENCIAL"]
["SERVICOS DIVERSOS","SEDI","OUTROS",318,"","",97040,"FECHAMENTO REMOVÍVEL DE ABERTURA DE CAIXILHO, EM MADEIRA \u0096 4 MONTAGENS EM OBRA. AF_11/2017","M2","COEFICIENTE DE REPRESENTATIVIDADE",13.86,"INSUMO",5068,"PREGO DE ACO POLIDO COM CABECA 17 X 21 (2 X 11)","KG","COEFICIENTE DE REPRESENTATIVIDADE",4.7699999999999999E-2,13.12,0.62,"","","","","","","","","","",null,"CAIXA REFERENCIAL"]
["SERVICOS DIVERSOS","SEDI","OUTROS",318,"","",97066,"COBERTURA PARA PROTEÇÃO DE PEDESTRES SOBRE ESTRUTURA DE ANDAIME, INCLUSIVE MONTAGEM E DESMONTAGEM. AF_11/2017","M2","COEFICIENTE DE REPRESENTATIVIDADE",69.510000000000005,"INSUMO",1342,"!EM PROCESSO DE DESATIVACAO! CHAPA DE MADEIRA COMPENSADA PLASTIFICADA PARA FORMA DE CONCRETO, DE 2,20 X 1,10 m, E = 14 MM","UN","COEFICIENTE DE REPRESENTATIVIDADE",0.43390000000000001,102.77,44.59,"","","","","","","","","","",null,"CAIXA REFERENCIAL"]
["SERVICOS PRELIMINARES","SERP","DEMOLICOES/RETIRADAS",14,"","",97626,"DEMOLIÇÃO DE PILARES E VIGAS EM CONCRETO ARMADO, DE FORMA MANUAL, SEM REAPROVEITAMENTO. AF_12/2017","M3","COEFICIENTE DE REPRESENTATIVIDADE",407.64,"COMPOSICAO",88316,"SERVENTE COM ENCARGOS COMPLEMENTARES","H","COLETADO",23.9693,14.67,351.62,"","","","","","","","","","",null,"CAIXA REFERENCIAL"]
["SERVICOS PRELIMINARES","SERP","DEMOLICOES/RETIRADAS",14,"","",97636,"DEMOLIÇÃO PARCIAL DE PAVIMENTO ASFÁLTICO, DE FORMA MECANIZADA, SEM REAPROVEITAMENTO. AF_12/2017","M2","ATRIBUÍDO SÃO PAULO",13.47,"COMPOSICAO",5631,"ESCAVADEIRA HIDRÁULICA SOBRE ESTEIRAS, CAÇAMBA 0,80 M3, PESO OPERACIONAL 17 T, POTENCIA BRUTA 111 HP - CHP DIURNO. AF_06/2014","CHP","ATRIBUÍDO SÃO PAULO",3.2599999999999997E-2,126.79,4.13,"","","","","","","","","","",null,"CAIXA REFERENCIAL"]
["SERVICOS PRELIMINARES","SERP","DEMOLICOES/RETIRADAS",14,"","",97648,"REMOÇÃO DE PROTEÇÃO TÉRMICA PARA COBERTURA EM EPS, DE FORMA MANUAL, SEM REAPROVEITAMENTO. AF_12/2017","M2","COEFICIENTE DE REPRESENTATIVIDADE",1.4,"","","","","","","","",1.08,76.865671699999993,0.32,23.1343283,"0,00","0,0000000","0,00","0,0000000","0,00","0,0000000",0,"CAIXA REFERENCIAL"]
["SERVICOS PRELIMINARES","SERP","DEMOLICOES/RETIRADAS",14,"","",97659,"REMOÇÃO DE TESOURAS METÁLICAS, COM VÃO MAIOR OU IGUAL A 8M, DE FORMA MECANIZADA, COM REAPROVEITAMENTO. AF_12/2017","UN","ATRIBUÍDO SÃO PAULO",163.85,"COMPOSICAO",88323,"TELHADISTA COM ENCARGOS COMPLEMENTARES","H","COEFICIENTE DE REPRESENTATIVIDADE",1.6904999999999999,20.69,34.97,"","","","","","","","","","",null,"CAIXA REFERENCIAL"]
["SERVICOS TECNICOS","SERT","LOCACAO",8,"","",99058,"LOCAÇÃO DE PONTO PARA REFERÊNCIA TOPOGRÁFICA. AF_10/2018","UN","ATRIBUÍDO SÃO PAULO",10.199999999999999,"COMPOSICAO",90781,"TOPOGRAFO COM ENCARGOS COMPLEMENTARES","H","COLETADO",0.23449999999999999,33.07,7.75,"","","","","","","","","","",null,"CAIXA REFERENCIAL"]
["SERVICOS TECNICOS","SERT","LOCACAO",8,"","",99061,"LOCAÇÃO COM CAVALETE COM ALTURA DE 0,50 M - 2 UTILIZAÇÕES. AF_10/2018","UN","COEFICIENTE DE REPRESENTATIVIDADE",61.77,"","","","","","","","",32.770000000000003,53.043337200000003,28.99,46.940431699999998,"0,00","0,0000000","0,00","0,0000000","0,01","0,0162311",0,"CAIXA REFERENCIAL"]
["TRANPORTES, CARGAS E DESCARGAS","TRAN","TRANSPORTE COMERCIAL",332,"","",93589,"TRANSPORTE COM CAMINHÃO BASCULANTE DE 10 M³, EM VIA URBANA EM REVESTIMENTO PRIMÁRIO (UNIDADE: M3XKM). AF_07/2020","M3XKM","ATRIBUÍDO SÃO PAULO",1.52,"COMPOSICAO",91387,"CAMINHÃO BASCULANTE 10 M3, TRUCADO CABINE SIMPLES, PESO BRUTO TOTAL 23.000 KG, CARGA ÚTIL MÁXIMA 15.935 KG, DISTÂNCIA ENTRE EIXOS 4,80 M, POTÊNCIA 230 CV INCLUSIVE CAÇAMBA METÁLICA - CHI DIURNO. AF_06/2014","CHI","ATRIBUÍDO SÃO PAULO",3.8999999999999998E-3,42.05,0.16,"","","","","","","","","","",null,"CAIXA REFERENCIAL"]
["TRANPORTES, CARGAS E DESCARGAS","TRAN","TRANSPORTE COMERCIAL",332,"","",97913,"TRANSPORTE COM CAMINHÃO BASCULANTE DE 6 M³, EM VIA URBANA EM REVESTIMENTO PRIMÁRIO (UNIDADE: M3XKM). AF_07/2020","M3XKM","ATRIBUÍDO SÃO PAULO",1.92,"COMPOSICAO",67827,"CAMINHÃO BASCULANTE 6 M3 TOCO, PESO BRUTO TOTAL 16.000 KG, CARGA ÚTIL MÁXIMA 11.130 KG, DISTÂNCIA ENTRE EIXOS 5,36 M, POTÊNCIA 185 CV, INCLUSIVE CAÇAMBA METÁLICA - CHI DIURNO. AF_06/2014","CHI","ATRIBUÍDO SÃO PAULO",6.4999999999999997E-3,38.96,0.25,"","","","","","","","","","",null,"CAIXA REFERENCIAL"]
["TRANPORTES, CARGAS E DESCARGAS","TRAN","TRANSPORTE COMERCIAL",332,"","",100937,"TRANSPORTE COM CAMINHÃO BASCULANTE DE 6 M³, EM VIA INTERNA (DENTRO DO CANTEIRO - UNIDADE: M3XKM). AF_07/2020","M3XKM","ATRIBUÍDO SÃO PAULO",5.28,"COMPOSICAO",67826,"CAMINHÃO BASCULANTE 6 M3 TOCO, PESO BRUTO TOTAL 16.000 KG, CARGA ÚTIL MÁXIMA 11.130 KG, DISTÂNCIA ENTRE EIXOS 5,36 M, POTÊNCIA 185 CV, INCLUSIVE CAÇAMBA METÁLICA - CHP DIURNO. AF_06/2014","CHP","ATRIBUÍDO SÃO PAULO",4.1700000000000001E-2,110.14,4.59,"","","","","","","","","","",null,"CAIXA REFERENCIAL"]
["TRANPORTES, CARGAS E DESCARGAS","TRAN","TRANSPORTE COMERCIAL",332,"","",100950,"TRANSPORTE COM CAMINHÃO CARROCERIA COM GUINDAUTO (MUNCK),  MOMENTO MÁXIMO DE CARGA 11,7 TM, EM VIA URBANA EM LEITO NATURAL (UNIDADE: TXKM). AF_07/2020","TXKM","ATRIBUÍDO SÃO PAULO",1.8,"COMPOSICAO",5930,"GUINDAUTO HIDRÁULICO, CAPACIDADE MÁXIMA DE CARGA 6200 KG, MOMENTO MÁXIMO DE CARGA 11,7 TM, ALCANCE MÁXIMO HORIZONTAL 9,70 M, INCLUSIVE CAMINHÃO TOCO PBT 16.000 KG, POTÊNCIA DE 189 CV - CHI DIURNO. AF_06/2014","CHI","ATRIBUÍDO SÃO PAULO",5.0000000000000001E-3,31.83,0.15,"","","","","","","","","","",null,"CAIXA REFERENCIAL"]
["TRANPORTES, CARGAS E DESCARGAS","TRAN","TRANSPORTE MATERIAIS BETUMINOSOS",333,"","",100965,"TRANSPORTE COM CAMINHÃO TANQUE DE TRANSPORTE DE MATERIAL ASFÁLTICO DE 30000 L, EM VIA URBANA EM  LEITO NATURAL (UNIDADE: TXKM). AF_07/2020","TXKM","ATRIBUÍDO SÃO PAULO",0.99,"COMPOSICAO",91646,"CAMINHÃO DE TRANSPORTE DE MATERIAL ASFÁLTICO 30.000 L, COM CAVALO MECÂNICO DE CAPACIDADE MÁXIMA DE TRAÇÃO COMBINADO DE 66.000 KG, POTÊNCIA 360 CV, INCLUSIVE TANQUE DE ASFALTO COM SERPENTINA - CHI DIURNO. AF_08/2015","CHI","ATRIBUÍDO SÃO PAULO",1.5E-3,54.74,0.08,"","","","","","","","","","",null,"CAIXA REFERENCIAL"]
["TRANPORTES, CARGAS E DESCARGAS","TRAN","CARGA, MANOBRA E DESCARGA (MANUAL)",334,"","",101479,"CARGA, MANOBRA E DESCARGA MANUAL DE TUBOS PLÁSTICOS, DN 200 MM, EM CAMINHÃO CARROCERIA 9T. AF_07/2020","T","ATRIBUÍDO SÃO PAULO",97.19,"COMPOSICAO",88316,"SERVENTE COM ENCARGOS COMPLEMENTARES","H","COLETADO",2.1429,14.67,31.43,"","","","","","","","","","",null,"CAIXA REFERENCIAL"]
["TRANPORTES, CARGAS E DESCARGAS","TRAN","CARGA, MANOBRA E DESCARGA (MECANICA)",335,"","",100979,"CARGA, MANOBRA E DESCARGA DE SOLOS E MATERIAIS GRANULARES EM CAMINHÃO BASCULANTE 14 M³ - CARGA COM ESCAVADEIRA HIDRÁULICA (CAÇAMBA DE 1,20 M³ / 155 HP) E DESCARGA LIVRE (UNIDADE: M3). AF_07/2020","M3","ATRIBUÍDO SÃO PAULO",3.72,"COMPOSICAO",89876,"CAMINHÃO BASCULANTE 14 M3, COM CAVALO MECÂNICO DE CAPACIDADE MÁXIMA DE TRAÇÃO COMBINADO DE 36000 KG, POTÊNCIA 286 CV, INCLUSIVE SEMIREBOQUE COM CAÇAMBA METÁLICA - CHP DIURNO. AF_12/2014","CHP","ATRIBUÍDO SÃO PAULO",1.2699999999999999E-2,180.27,2.2799999999999998,"","","","","","","","","","",null,"CAIXA REFERENCIAL"]
["TRANPORTES, CARGAS E DESCARGAS","TRAN","CARGA, MANOBRA E DESCARGA (MECANICA)",335,"","",100992,"CARGA, MANOBRA E DESCARGA DE SOLOS E MATERIAIS GRANULARES EM CAMINHÃO BASCULANTE 18 M³ - CARGA COM PÁ CARREGADEIRA (CAÇAMBA DE 1,7 A 2,8 M³ / 128 HP) E DESCARGA LIVRE (UNIDADE: T). AF_07/2020","T","ATRIBUÍDO SÃO PAULO",3.19,"COMPOSICAO",5940,"PÁ CARREGADEIRA SOBRE RODAS, POTÊNCIA LÍQUIDA 128 HP, CAPACIDADE DA CAÇAMBA 1,7 A 2,8 M3, PESO OPERACIONAL 11632 KG - CHP DIURNO. AF_06/2014","CHP","ATRIBUÍDO SÃO PAULO",5.5999999999999999E-3,117.34,0.65,"","","","","","","","","","",null,"CAIXA REFERENCIAL"]
["TRANPORTES, CARGAS E DESCARGAS","TRAN","CARGA, MANOBRA E DESCARGA (MECANICA)",335,"","",100998,"CARGA, MANOBRA E DESCARGA DE ENTULHO EM CAMINHÃO BASCULANTE 10 M³ - CARGA COM ESCAVADEIRA HIDRÁULICA  (CAÇAMBA DE 0,80 M³ / 111 HP) E DESCARGA LIVRE (UNIDADE: T). AF_07/2020","T","ATRIBUÍDO SÃO PAULO",3.49,"","","","","","","","",0.74,21.276595700000001,1.36,39.209726400000001,"1,39","39,5136779","0,00","0,0000000","0,00","0,0000000",0,"CAIXA REFERENCIAL"]
["TRANPORTES, CARGAS E DESCARGAS","TRAN","CARGA, MANOBRA E DESCARGA (MECANICA)",335,"","",101008,"CARGA DE ÁGUA EM CAMINHÃO PIPA 10 M³. AF_07/2020","M3","ATRIBUÍDO SÃO PAULO",3.06,"","","","","","","","",0.44,14.6258503,1.84,59.863945700000002,"0,78","25,5102040","0,00","0,0000000","0,00","0,0000000",0,"CAIXA REFERENCIAL"]
["TRANPORTES, CARGAS E DESCARGAS","TRAN","CARGA, MANOBRA E DESCARGA (MECANICA)",335,"","",101468,"CARGA, MANOBRA E DESCARGA DE TUBOS DE CONCRETO, DN 1200 MM, EM CAMINHÃO CARROCERIA COM GUINDAUTO (MUNCK) 11,7 TM. AF_07/2020","T","ATRIBUÍDO SÃO PAULO",8.86,"COMPOSICAO",5930,"GUINDAUTO HIDRÁULICO, CAPACIDADE MÁXIMA DE CARGA 6200 KG, MOMENTO MÁXIMO DE CARGA 11,7 TM, ALCANCE MÁXIMO HORIZONTAL 9,70 M, INCLUSIVE CAMINHÃO TOCO PBT 16.000 KG, POTÊNCIA DE 189 CV - CHI DIURNO. AF_06/2014","CHI","ATRIBUÍDO SÃO PAULO",1.9300000000000001E-2,31.83,0.61,"","","","","","","","","","",null,"CAIXA REFERENCIAL"]
["TRANPORTES, CARGAS E DESCARGAS","TRAN","CARGA, MANOBRA E DESCARGA (MECANICA)",335,"","",101471,"CARGA, MANOBRA E DESCARGA DE TUBOS METÁLICOS, DN 400 MM, EM CAMINHÃO CARROCERIA COM GUINDAUTO (MUNCK) 11,7 TM. AF_07/2020","T","ATRIBUÍDO SÃO PAULO",13.5,"COMPOSICAO",5930,"GUINDAUTO HIDRÁULICO, CAPACIDADE MÁXIMA DE CARGA 6200 KG, MOMENTO MÁXIMO DE CARGA 11,7 TM, ALCANCE MÁXIMO HORIZONTAL 9,70 M, INCLUSIVE CAMINHÃO TOCO PBT 16.000 KG, POTÊNCIA DE 189 CV - CHI DIURNO. AF_06/2014","CHI","ATRIBUÍDO SÃO PAULO",2.9499999999999998E-2,31.83,0.93,"","","","","","","","","","",null,"CAIXA REFERENCIAL"]
["TRANPORTES, CARGAS E DESCARGAS","TRAN","CARGA, MANOBRA E DESCARGA (MECANICA)",335,"","",101481,"CARGA, MANOBRA E DESCARGA DE TUBOS PLÁSTICOS, DN 300 MM, EM CAMINHÃO CARROCERIA COM GUINDAUTO (MUNCK) 11,7 TM. AF_07/2020","T","ATRIBUÍDO SÃO PAULO",25.61,"COMPOSICAO",5930,"GUINDAUTO HIDRÁULICO, CAPACIDADE MÁXIMA DE CARGA 6200 KG, MOMENTO MÁXIMO DE CARGA 11,7 TM, ALCANCE MÁXIMO HORIZONTAL 9,70 M, INCLUSIVE CAMINHÃO TOCO PBT 16.000 KG, POTÊNCIA DE 189 CV - CHI DIURNO. AF_06/2014","CHI","ATRIBUÍDO SÃO PAULO",5.5899999999999998E-2,31.83,1.77,"","","","","","","","","","",null,"CAIXA REFERENCIAL"]
["URBANIZACAO","URBA","CERCA/PROTETORES",202,"","",101194,"CERCA COM MOURÕES DE CONCRETO, RETO, H=2,30 M, ESPAÇAMENTO DE 2,5 M, CRAVADOS 0,5 M, COM 4 FIOS DE ARAME MISTO - FORNECIMENTO E INSTALAÇÃO. AF_05/2020","M","ATRIBUÍDO SÃO PAULO",44.6,"INSUMO",339,"ARAME FARPADO GALVANIZADO, 14 BWG (2,11 MM), CLASSE 250","M","COEFICIENTE DE REPRESENTATIVIDADE",2,0.94,1.88,"","","","","","","","","","",null,"CAIXA REFERENCIAL"]
["URBANIZACAO","URBA","CERCA/PROTETORES",202,"","",101200,"CERCA COM MOURÕES DE MADEIRA, 7,5X7,5 CM, ESPAÇAMENTO DE 2,5 M, ALTURA LIVRE DE 2 M, CRAVADOS 0,5 M, COM 4 FIOS DE ARAME FARPADO Nº 14 CLASSE 250 - FORNECIMENTO E INSTALAÇÃO. AF_05/2020","M","COEFICIENTE DE REPRESENTATIVIDADE",27.52,"COMPOSICAO",88239,"AJUDANTE DE CARPINTEIRO COM ENCARGOS COMPLEMENTARES","H","COEFICIENTE DE REPRESENTATIVIDADE",0.49390000000000001,15.14,7.47,"","","","","","","","","","",null,"CAIXA REFERENCIAL"]
["URBANIZACAO","URBA","CERCA/PROTETORES",202,"","",101203,"CERCA COM MOURÕES DE MADEIRA ROLIÇA, DIÂMETRO 11 CM, ESPAÇAMENTO DE 2,5 M, ALTURA LIVRE DE 1,7 M, CRAVADOS 0,5 M, COM 5 FIOS DE ARAME DE AÇO OVALADO 15X17 - FORNECIMENTO E INSTALAÇÃO. AF_05/2020","M","ATRIBUÍDO SÃO PAULO",27.4,"INSUMO",346,"ARAME DE ACO OVALADO 15 X 17 ( 45,7 KG, 700 KGF), ROLO 1000 M","KG","COEFICIENTE DE REPRESENTATIVIDADE",0.22500000000000001,18.3,4.1100000000000003,"","","","","","","","","","",null,"CAIXA REFERENCIAL"]
["URBANIZACAO","URBA","GRAMA, INCLUSIVE PREPARO DO SOLO",206,"","",98504,"PLANTIO DE GRAMA EM PLACAS. AF_05/2018","M2","COEFICIENTE DE REPRESENTATIVIDADE",7.96,"","","","","","","","",2.14,26.903553200000001,5.82,73.096446799999995,"0,00","0,0000000","0,00","0,0000000","0,00","0,0000000",0,"CAIXA REFERENCIAL"]
["URBANIZACAO","URBA","MANUTENCAO E LIMPEZA DE AREAS VERDES",277,"","",98531,"CORTE RASO E RECORTE DE ÁRVORE COM DIÂMETRO DE TRONCO MAIOR OU IGUAL A 0,60 M.AF_05/2018","UN","ATRIBUÍDO SÃO PAULO",182.94,"COMPOSICAO",88441,"JARDINEIRO COM ENCARGOS COMPLEMENTARES","H","COEFICIENTE DE REPRESENTATIVIDADE",3.6775000000000002,17.57,64.61,"","","","","","","","","","",null,"CAIXA REFERENCIAL"]
["URBANIZACAO","URBA","MANUTENCAO E LIMPEZA DE AREAS VERDES",277,"","",98534,"PODA EM ALTURA DE ÁRVORE COM DIÂMETRO DE TRONCO MAIOR OU IGUAL A 0,40 M E MENOR QUE 0,60 M.AF_05/2018","UN","ATRIBUÍDO SÃO PAULO",468.6,"COMPOSICAO",88316,"SERVENTE COM ENCARGOS COMPLEMENTARES","H","COLETADO",5.2190000000000003,14.67,76.56,"","","","","","","","","","",null,"CAIXA REFERENCIAL"]
["SERVICOS DIVERSOS","SEDI","OUTROS",318,"","",88242,"AJUDANTE DE PEDREIRO COM ENCARGOS COMPLEMENTARES","H","COEFICIENTE DE REPRESENTATIVIDADE",14.69,"COMPOSICAO",95312,"CURSO DE CAPACITAÇÃO PARA AJUDANTE DE PEDREIRO (ENCARGOS COMPLEMENTARES) - HORISTA","H","COEFICIENTE DE REPRESENTATIVIDADE",1,0.1,0.1,"","","","","","","","","","",null,"ENCARGOS COMPLEMENTARES REFERENCIAL"]
["SERVICOS DIVERSOS","SEDI","OUTROS",318,"","",88247,"AUXILIAR DE ELETRICISTA COM ENCARGOS COMPLEMENTARES","H","COEFICIENTE DE REPRESENTATIVIDADE",15.94,"COMPOSICAO",95316,"CURSO DE CAPACITAÇÃO PARA AUXILIAR DE ELETRICISTA (ENCARGOS COMPLEMENTARES) - HORISTA","H","COEFICIENTE DE REPRESENTATIVIDADE",1,0.28000000000000003,0.28000000000000003,"","","","","","","","","","",null,"ENCARGOS COMPLEMENTARES REFERENCIAL"]
["SERVICOS DIVERSOS","SEDI","OUTROS",318,"","",88251,"AUXILIAR DE SERRALHEIRO COM ENCARGOS COMPLEMENTARES","H","COEFICIENTE DE REPRESENTATIVIDADE",14.62,"INSUMO",43489,"EPI - FAMILIA PEDREIRO - HORISTA (ENCARGOS COMPLEMENTARES - COLETADO CAIXA)","H","COLETADO",1,0.96,0.96,"","","","","","","","","","",null,"ENCARGOS COMPLEMENTARES REFERENCIAL"]
["SERVICOS DIVERSOS","SEDI","OUTROS",318,"","",88257,"BLASTER, DINAMITADOR OU CABO DE FOGO COM ENCARGOS COMPLEMENTARES","H","COEFICIENTE DE REPRESENTATIVIDADE",21.08,"","","","","","","","",17.5,83.017077799999996,3.58,16.982922200000001,"0,00","0,0000000","0,00","0,0000000","0,00","0,0000000",0,"ENCARGOS COMPLEMENTARES REFERENCIAL"]
["SERVICOS DIVERSOS","SEDI","OUTROS",318,"","",88263,"CAVOUQUEIRO OU OPERADOR PERFURATRIZ/ROMPEDOR COM ENCARGOS COMPLEMENTARES","H","COEFICIENTE DE REPRESENTATIVIDADE",18.829999999999998,"INSUMO",4235,"CAVOUQUEIRO OU OPERADOR DE PERFURATRIZ / ROMPEDOR","H","COEFICIENTE DE REPRESENTATIVIDADE",1,15.14,15.14,"","","","","","","","","","",null,"ENCARGOS COMPLEMENTARES REFERENCIAL"]
["SERVICOS DIVERSOS","SEDI","OUTROS",318,"","",88266,"ELETROTÉCNICO COM ENCARGOS COMPLEMENTARES","H","COEFICIENTE DE REPRESENTATIVIDADE",21.98,"INSUMO",43484,"EPI - FAMILIA ELETRICISTA - HORISTA (ENCARGOS COMPLEMENTARES - COLETADO CAIXA)","H","COLETADO",1,0.93,0.93,"","","","","","","","","","",null,"ENCARGOS COMPLEMENTARES REFERENCIAL"]
["SERVICOS DIVERSOS","SEDI","OUTROS",318,"","",88269,"GESSEIRO COM ENCARGOS COMPLEMENTARES","H","COEFICIENTE DE REPRESENTATIVIDADE",18.09,"INSUMO",37371,"TRANSPORTE - HORISTA (COLETADO CAIXA)","H","COLETADO",1,0.72,0.72,"","","","","","","","","","",null,"ENCARGOS COMPLEMENTARES REFERENCIAL"]
["SERVICOS DIVERSOS","SEDI","OUTROS",318,"","",88278,"MONTADOR DE ESTRUTURA METÁLICA COM ENCARGOS COMPLEMENTARES","H","COEFICIENTE DE REPRESENTATIVIDADE",24.24,"INSUMO",37372,"EXAMES - HORISTA (COLETADO CAIXA)","H","COLETADO",1,0.35,0.35,"","","","","","","","","","",null,"ENCARGOS COMPLEMENTARES REFERENCIAL"]
["SERVICOS DIVERSOS","SEDI","OUTROS",318,"","",88283,"MOTORISTA DE CAMINHÃO E CARRETA COM ENCARGOS COMPLEMENTARES","H","COEFICIENTE DE REPRESENTATIVIDADE",29.85,"INSUMO",4094,"MOTORISTA DE CAMINHAO-CARRETA","H","COEFICIENTE DE REPRESENTATIVIDADE",1,26.18,26.18,"","","","","","","","","","",null,"ENCARGOS COMPLEMENTARES REFERENCIAL"]
["SERVICOS DIVERSOS","SEDI","OUTROS",318,"","",88291,"OPERADOR DE BETONEIRA (CAMINHÃO) COM ENCARGOS COMPLEMENTARES","H","COEFICIENTE DE REPRESENTATIVIDADE",21.34,"INSUMO",37370,"ALIMENTACAO - HORISTA (COLETADO CAIXA)","H","COLETADO",1,1.77,1.77,"","","","","","","","","","",null,"ENCARGOS COMPLEMENTARES REFERENCIAL"]
["SERVICOS DIVERSOS","SEDI","OUTROS",318,"","",88296,"OPERADOR DE GUINDASTE COM ENCARGOS COMPLEMENTARES","H","COEFICIENTE DE REPRESENTATIVIDADE",21.06,"","","","","","","","",17.48,83.000949700000007,3.58,16.9990503,"0,00","0,0000000","0,00","0,0000000","0,00","0,0000000",0,"ENCARGOS COMPLEMENTARES REFERENCIAL"]
["SERVICOS DIVERSOS","SEDI","OUTROS",318,"","",88299,"OPERADOR DE MOTO-ESCREIPER COM ENCARGOS COMPLEMENTARES","H","COEFICIENTE DE REPRESENTATIVIDADE",25.81,"INSUMO",43464,"FERRAMENTAS - FAMILIA OPERADOR ESCAVADEIRA - HORISTA (ENCARGOS COMPLEMENTARES - COLETADO CAIXA)","H","COLETADO",1,0.01,0.01,"","","","","","","","","","",null,"ENCARGOS COMPLEMENTARES REFERENCIAL"]
["SERVICOS DIVERSOS","SEDI","OUTROS",318,"","",88302,"OPERADOR DE PAVIMENTADORA COM ENCARGOS COMPLEMENTARES","H","COEFICIENTE DE REPRESENTATIVIDADE",26.56,"INSUMO",43464,"FERRAMENTAS - FAMILIA OPERADOR ESCAVADEIRA - HORISTA (ENCARGOS COMPLEMENTARES - COLETADO CAIXA)","H","COLETADO",1,0.01,0.01,"","","","","","","","","","",null,"ENCARGOS COMPLEMENTARES REFERENCIAL"]
["SERVICOS DIVERSOS","SEDI","OUTROS",318,"","",88310,"PINTOR COM ENCARGOS COMPLEMENTARES","H","COLETADO",20.07,"INSUMO",37371,"TRANSPORTE - HORISTA (COLETADO CAIXA)","H","COLETADO",1,0.72,0.72,"","","","","","","","","","",null,"ENCARGOS COMPLEMENTARES REFERENCIAL"]
["SERVICOS DIVERSOS","SEDI","OUTROS",318,"","",88312,"PINTOR PARA TINTA EPÓXI COM ENCARGOS COMPLEMENTARES","H","COEFICIENTE DE REPRESENTATIVIDADE",21.16,"INSUMO",4785,"PINTOR PARA TINTA EPOXI","H","COEFICIENTE DE REPRESENTATIVIDADE",1,15.47,15.47,"","","","","","","","","","",null,"ENCARGOS COMPLEMENTARES REFERENCIAL"]
["SERVICOS DIVERSOS","SEDI","OUTROS",318,"","",88320,"TAQUEADOR OU TAQUEIRO COM ENCARGOS COMPLEMENTARES","H","COEFICIENTE DE REPRESENTATIVIDADE",21.15,"INSUMO",37371,"TRANSPORTE - HORISTA (COLETADO CAIXA)","H","COLETADO",1,0.72,0.72,"","","","","","","","","","",null,"ENCARGOS COMPLEMENTARES REFERENCIAL"]
["SERVICOS DIVERSOS","SEDI","OUTROS",318,"","",88325,"VIDRACEIRO COM ENCARGOS COMPLEMENTARES","H","COEFICIENTE DE REPRESENTATIVIDADE",15.86,"INSUMO",10489,"VIDRACEIRO","H","COEFICIENTE DE REPRESENTATIVIDADE",1,11.38,11.38,"","","","","","","","","","",null,"ENCARGOS COMPLEMENTARES REFERENCIAL"]
["SERVICOS DIVERSOS","SEDI","OUTROS",318,"","",88326,"VIGIA NOTURNO COM ENCARGOS COMPLEMENTARES","H","COEFICIENTE DE REPRESENTATIVIDADE",18.940000000000001,"COMPOSICAO",95388,"CURSO DE CAPACITAÇÃO PARA VIGIA NOTURNO (ENCARGOS COMPLEMENTARES) - HORISTA","H","COEFICIENTE DE REPRESENTATIVIDADE",1,0.05,0.05,"","","","","","","","","","",null,"ENCARGOS COMPLEMENTARES REFERENCIAL"]
["SERVICOS DIVERSOS","SEDI","OUTROS",318,"","",90769,"ARQUITETO DE OBRA PLENO COM ENCARGOS COMPLEMENTARES","H","COEFICIENTE DE REPRESENTATIVIDADE",91.92,"INSUMO",33952,"ARQUITETO PLENO","H","COEFICIENTE DE REPRESENTATIVIDADE",1,90.41,90.41,"","","","","","","","","","",null,"ENCARGOS COMPLEMENTARES REFERENCIAL"]
["SERVICOS DIVERSOS","SEDI","OUTROS",318,"","",90771,"AUXILIAR DE DESENHISTA COM ENCARGOS COMPLEMENTARES","H","COEFICIENTE DE REPRESENTATIVIDADE",33.520000000000003,"INSUMO",43469,"FERRAMENTAS - FAMILIA TOPOGRAFO - HORISTA (ENCARGOS COMPLEMENTARES - COLETADO CAIXA)","H","COLETADO",1,0.05,0.05,"","","","","","","","","","",null,"ENCARGOS COMPLEMENTARES REFERENCIAL"]
["SERVICOS DIVERSOS","SEDI","OUTROS",318,"","",90780,"MESTRE DE OBRAS COM ENCARGOS COMPLEMENTARES","H","COEFICIENTE DE REPRESENTATIVIDADE",24.82,"INSUMO",37373,"SEGURO - HORISTA (COLETADO CAIXA)","H","COLETADO",1,7.0000000000000007E-2,7.0000000000000007E-2,"","","","","","","","","","",null,"ENCARGOS COMPLEMENTARES REFERENCIAL"]
["SERVICOS DIVERSOS","SEDI","OUTROS",318,"","",93558,"MOTORISTA DE CAMINHAO COM ENCARGOS COMPLEMENTARES","MES","COEFICIENTE DE REPRESENTATIVIDADE",4120.34,"INSUMO",43476,"FERRAMENTAS - FAMILIA OPERADOR ESCAVADEIRA - MENSALISTA (ENCARGOS COMPLEMENTARES - COLETADO CAIXA)","MES","COLETADO",1,0.01,0.01,"","","","","","","","","","",null,"ENCARGOS COMPLEMENTARES REFERENCIAL"]
["SERVICOS DIVERSOS","SEDI","OUTROS",318,"","",93566,"AUXILIAR DE ESCRITORIO COM ENCARGOS COMPLEMENTARES","MES","COEFICIENTE DE REPRESENTATIVIDADE",2137.29,"INSUMO",43470,"FERRAMENTAS - FAMILIA ALMOXARIFE - MENSALISTA (ENCARGOS COMPLEMENTARES - COLETADO CAIXA)","MES","COLETADO",1,7.37,7.37,"","","","","","","","","","",null,"ENCARGOS COMPLEMENTARES REFERENCIAL"]
["SERVICOS DIVERSOS","SEDI","OUTROS",318,"","",93571,"ARQUITETO SENIOR COM ENCARGOS COMPLEMENTARES","MES","COEFICIENTE DE REPRESENTATIVIDADE",21237.22,"INSUMO",40863,"EXAMES - MENSALISTA (COLETADO CAIXA)","MES","COLETADO",1,65.94,65.94,"","","","","","","","","","",null,"ENCARGOS COMPLEMENTARES REFERENCIAL"]
["SERVICOS DIVERSOS","SEDI","OUTROS",318,"","",95321,"CURSO DE CAPACITAÇÃO PARA AUXILIAR DE SERVIÇOS GERAIS (ENCARGOS COMPLEMENTARES) - HORISTA","H","COEFICIENTE DE REPRESENTATIVIDADE",0.08,"","","","","","","","",0.08,100,0,0,"0,00","0,0000000","0,00","0,0000000","0,00","0,0000000",0,"ENCARGOS COMPLEMENTARES REFERENCIAL"]
["SERVICOS DIVERSOS","SEDI","OUTROS",318,"","",95338,"CURSO DE CAPACITAÇÃO PARA IMPERMEABILIZADOR (ENCARGOS COMPLEMENTARES) - HORISTA","H","COEFICIENTE DE REPRESENTATIVIDADE",0.21,"INSUMO",12873,"IMPERMEABILIZADOR","H","COEFICIENTE DE REPRESENTATIVIDADE",1.46E-2,14.93,0.21,"","","","","","","","","","",null,"ENCARGOS COMPLEMENTARES REFERENCIAL"]
["SERVICOS DIVERSOS","SEDI","OUTROS",318,"","",95343,"CURSO DE CAPACITAÇÃO PARA MONTADOR  DE TUBO AÇO/EQUIPAMENTOS (ENCARGOS COMPLEMENTARES) - HORISTA","H","COEFICIENTE DE REPRESENTATIVIDADE",0.27,"INSUMO",2701,"INSTALADOR DE TUBULACOES (TUBOS/EQUIPAMENTOS)","H","COEFICIENTE DE REPRESENTATIVIDADE",1.0200000000000001E-2,27.04,0.27,"","","","","","","","","","",null,"ENCARGOS COMPLEMENTARES REFERENCIAL"]
["SERVICOS DIVERSOS","SEDI","OUTROS",318,"","",95363,"CURSO DE CAPACITAÇÃO PARA OPERADOR DE MOTONIVELADORA (ENCARGOS COMPLEMENTARES) - HORISTA","H","COEFICIENTE DE REPRESENTATIVIDADE",0.15,"INSUMO",4239,"OPERADOR DE MOTONIVELADORA","H","COEFICIENTE DE REPRESENTATIVIDADE",5.7000000000000002E-3,27.15,0.15,"","","","","","","","","","",null,"ENCARGOS COMPLEMENTARES REFERENCIAL"]
["SERVICOS DIVERSOS","SEDI","OUTROS",318,"","",95400,"CURSO DE CAPACITAÇÃO PARA DESENHISTA PROJETISTA (ENCARGOS COMPLEMENTARES) - HORISTA","H","COEFICIENTE DE REPRESENTATIVIDADE",0.12,"INSUMO",2358,"DESENHISTA PROJETISTA","H","COEFICIENTE DE REPRESENTATIVIDADE",3.5000000000000001E-3,35.82,0.12,"","","","","","","","","","",null,"ENCARGOS COMPLEMENTARES REFERENCIAL"]
["SERVICOS DIVERSOS","SEDI","OUTROS",318,"","",95416,"CURSO DE CAPACITAÇÃO PARA AUXILIAR DE ESCRITÓRIO (ENCARGOS COMPLEMENTARES) - MENSALISTA","MES","COEFICIENTE DE REPRESENTATIVIDADE",5.21,"","","","","","","","",5.21,100,0,0,"0,00","0,0000000","0,00","0,0000000","0,00","0,0000000",0,"ENCARGOS COMPLEMENTARES REFERENCIAL"]
["SERVICOS DIVERSOS","SEDI","OUTROS",318,"","",95424,"CURSO DE CAPACITAÇÃO PARA TOPÓGRAFO (ENCARGOS COMPLEMENTARES) - MENSALISTA","MES","COEFICIENTE DE REPRESENTATIVIDADE",24.59,"INSUMO",40820,"TOPOGRAFO (MENSALISTA)","MES","COEFICIENTE DE REPRESENTATIVIDADE",4.4000000000000003E-3,5589.62,24.59,"","","","","","","","","","",null,"ENCARGOS COMPLEMENTARES REFERENCIAL"]
["SERVICOS DIVERSOS","SEDI","OUTROS",318,"","",100300,"AUXILIAR DE ALMOXARIFE COM ENCARGOS COMPLEMENTARES","H","COEFICIENTE DE REPRESENTATIVIDADE",12.11,"INSUMO",34392,"AUXILIAR  DE ALMOXARIFE","H","COEFICIENTE DE REPRESENTATIVIDADE",1,11.01,11.01,"","","","","","","","","","",null,"ENCARGOS COMPLEMENTARES REFERENCIAL"]
["SERVICOS DIVERSOS","SEDI","OUTROS",318,"","",100307,"MONTADOR DE ELETROELETRÔNICOS COM ENCARGOS COMPLEMENTARES","H","COEFICIENTE DE REPRESENTATIVIDADE",22.97,"INSUMO",34761,"MONTADOR DE ELETROELETRONICOS","H","COEFICIENTE DE REPRESENTATIVIDADE",1,18.2,18.2,"","","","","","","","","","",null,"ENCARGOS COMPLEMENTARES REFERENCIAL"]
["SERVICOS DIVERSOS","SEDI","OUTROS",318,"","",100315,"CURSO DE CAPACITAÇÃO PARA TÉCNICO EM SEGURANÇA DO TRABALHO (ENCARGOS COMPLEMENTARES) - MENSALISTA","MES","COEFICIENTE DE REPRESENTATIVIDADE",39.86,"","","","","","","","",39.86,100,0,0,"0,00","0,0000000","0,00","0,0000000","0,00","0,0000000",0,"ENCARGOS COMPLEMENTARES REFERENCIAL"]
["SERVICOS DIVERSOS","SEDI","OUTROS",318,"","",100320,"ENGENHEIRO CIVIL PLENO COM ENCARGOS COMPLEMENTARES","MES","COEFICIENTE DE REPRESENTATIVIDADE",17623.939999999999,"INSUMO",40937,"ENGENHEIRO CIVIL PLENO (MENSALISTA)","MES","COEFICIENTE DE REPRESENTATIVIDADE",1,17329.53,17329.53,"","","","","","","","","","",null,"ENCARGOS COMPLEMENTARES REFERENCIAL"]
["SERVICOS DIVERSOS","SEDI","OUTROS",318,"","",101290,"CURSO DE CAPACITAÇÃO PARA AJUDANTE DE PINTOR (ENCARGOS COMPLEMENTARES) - MENSALISTA","MES","COEFICIENTE DE REPRESENTATIVIDADE",14.2,"INSUMO",41083,"AJUDANTE DE PINTOR (MENSALISTA)","MES","COEFICIENTE DE REPRESENTATIVIDADE",7.7999999999999996E-3,1821.34,14.2,"","","","","","","","","","",null,"ENCARGOS COMPLEMENTARES REFERENCIAL"]
["SERVICOS DIVERSOS","SEDI","OUTROS",318,"","",101313,"CURSO DE CAPACITAÇÃO PARA ELETRICISTA (ENCARGOS COMPLEMENTARES) - MENSALISTA","MES","COEFICIENTE DE REPRESENTATIVIDADE",55.71,"","","","","","","","",55.71,100,0,0,"0,00","0,0000000","0,00","0,0000000","0,00","0,0000000",0,"ENCARGOS COMPLEMENTARES REFERENCIAL"]
["SERVICOS DIVERSOS","SEDI","OUTROS",318,"","",101329,"CURSO DE CAPACITAÇÃO PARA MAÇARIQUEIRO (ENCARGOS COMPLEMENTARES) - MENSALISTA","MES","COEFICIENTE DE REPRESENTATIVIDADE",20.28,"INSUMO",40977,"MACARIQUEIRO (MENSALISTA)","MES","COEFICIENTE DE REPRESENTATIVIDADE",9.4999999999999998E-3,2135.4899999999998,20.28,"","","","","","","","","","",null,"ENCARGOS COMPLEMENTARES REFERENCIAL"]
["SERVICOS DIVERSOS","SEDI","OUTROS",318,"","",101361,"CURSO DE CAPACITAÇÃO PARA POCEIRO / ESCAVADOR DE VALAS E TUBULOES (ENCARGOS COMPLEMENTARES) - MENSALISTA","MES","COEFICIENTE DE REPRESENTATIVIDADE",23.48,"","","","","","","","",23.48,100,0,0,"0,00","0,0000000","0,00","0,0000000","0,00","0,0000000",0,"ENCARGOS COMPLEMENTARES REFERENCIAL"]
["SERVICOS DIVERSOS","SEDI","OUTROS",318,"","",101373,"ENGENHEIRO CIVIL SENIOR COM ENCARGOS COMPLEMENTARES","H","COEFICIENTE DE REPRESENTATIVIDADE",137.54,"","","","","","","","",136.54,99.272938800000006,1,0.72706119999999996,"0,00","0,0000000","0,00","0,0000000","0,00","0,0000000",0,"ENCARGOS COMPLEMENTARES REFERENCIAL"]
["SERVICOS DIVERSOS","SEDI","OUTROS",318,"","",101379,"AJUDANTE DE SERRALHEIRO COM ENCARGOS COMPLEMENTARES","MES","COEFICIENTE DE REPRESENTATIVIDADE",2621.95,"INSUMO",40863,"EXAMES - MENSALISTA (COLETADO CAIXA)","MES","COLETADO",1,65.94,65.94,"","","","","","","","","","",null,"ENCARGOS COMPLEMENTARES REFERENCIAL"]
["SERVICOS DIVERSOS","SEDI","OUTROS",318,"","",101382,"ASSENTADOR DE MANILHAS COM ENCARGOS COMPLEMENTARES","MES","COEFICIENTE DE REPRESENTATIVIDADE",3730.7,"","","","","","","","",3057.35,81.951108399999995,673.35,18.048891600000001,"0,00","0,0000000","0,00","0,0000000","0,00","0,0000000",0,"ENCARGOS COMPLEMENTARES REFERENCIAL"]
["SERVICOS DIVERSOS","SEDI","OUTROS",318,"","",101386,"AUXILIAR DE MECÂNICO COM ENCARGOS COMPLEMENTARES","MES","COEFICIENTE DE REPRESENTATIVIDADE",3399.29,"INSUMO",43500,"EPI - FAMILIA OPERADOR ESCAVADEIRA - MENSALISTA (ENCARGOS COMPLEMENTARES - COLETADO CAIXA)","MES","COLETADO",1,125.38,125.38,"","","","","","","","","","",null,"ENCARGOS COMPLEMENTARES REFERENCIAL"]
["SERVICOS DIVERSOS","SEDI","OUTROS",318,"","",101388,"AUXILIAR DE SERVIÇOS GERAIS COM ENCARGOS COMPLEMENTARES","MES","COEFICIENTE DE REPRESENTATIVIDADE",2752.53,"INSUMO",41071,"AUXILIAR DE SERVICOS GERAIS (MENSALISTA)","MES","COEFICIENTE DE REPRESENTATIVIDADE",1,1928.76,1928.76,"","","","","","","","","","",null,"ENCARGOS COMPLEMENTARES REFERENCIAL"]
["SERVICOS DIVERSOS","SEDI","OUTROS",318,"","",101394,"CALCETEIRO COM ENCARGOS COMPLEMENTARES","MES","COEFICIENTE DE REPRESENTATIVIDADE",3226.76,"INSUMO",40861,"TRANSPORTE - MENSALISTA (COLETADO CAIXA)","MES","COLETADO",1,135.51,135.51,"","","","","","","","","","",null,"ENCARGOS COMPLEMENTARES REFERENCIAL"]
["SERVICOS DIVERSOS","SEDI","OUTROS",318,"","",101400,"ELETRICISTA DE MANUTENÇÃO INDUSTRIAL COM ENCARGOS COMPLEMENTARES","MES","COEFICIENTE DE REPRESENTATIVIDADE",3860.18,"INSUMO",40923,"ELETRICISTA DE MANUTENCAO INDUSTRIAL (MENSALISTA)","MES","COEFICIENTE DE REPRESENTATIVIDADE",1,2974.34,2974.34,"","","","","","","","","","",null,"ENCARGOS COMPLEMENTARES REFERENCIAL"]
["SERVICOS DIVERSOS","SEDI","OUTROS",318,"","",101402,"ENCANADOR OU BOMBEIRO HIDRÁULICO COM ENCARGOS COMPLEMENTARES","MES","COEFICIENTE DE REPRESENTATIVIDADE",3160.54,"INSUMO",40863,"EXAMES - MENSALISTA (COLETADO CAIXA)","MES","COLETADO",1,65.94,65.94,"","","","","","","","","","",null,"ENCARGOS COMPLEMENTARES REFERENCIAL"]
["SERVICOS DIVERSOS","SEDI","OUTROS",318,"","",101410,"JARDINEIRO COM ENCARGOS COMPLEMENTARES","MES","COEFICIENTE DE REPRESENTATIVIDADE",3141.79,"INSUMO",40864,"SEGURO - MENSALISTA (COLETADO CAIXA)","MES","COLETADO",1,13.07,13.07,"","","","","","","","","","",null,"ENCARGOS COMPLEMENTARES REFERENCIAL"]
["SERVICOS DIVERSOS","SEDI","OUTROS",318,"","",101412,"MAÇARIQUEIRO COM ENCARGOS COMPLEMENTARES","MES","COEFICIENTE DE REPRESENTATIVIDADE",3117.36,"COMPOSICAO",101329,"CURSO DE CAPACITAÇÃO PARA MAÇARIQUEIRO (ENCARGOS COMPLEMENTARES) - MENSALISTA","MES","COEFICIENTE DE REPRESENTATIVIDADE",1,20.28,20.28,"","","","","","","","","","",null,"ENCARGOS COMPLEMENTARES REFERENCIAL"]
["SERVICOS DIVERSOS","SEDI","OUTROS",318,"","",101416,"MECÂNICO DE REFRIGERAÇÃO COM ENCARGOS COMPLEMENTARES","MES","COEFICIENTE DE REPRESENTATIVIDADE",3631.14,"INSUMO",40925,"MECANICO DE REFRIGERACAO (MENSALISTA)","MES","COEFICIENTE DE REPRESENTATIVIDADE",1,2763.57,2763.57,"","","","","","","","","","",null,"ENCARGOS COMPLEMENTARES REFERENCIAL"]
["SERVICOS DIVERSOS","SEDI","OUTROS",318,"","",101422,"MOTORISTA DE CARRO DE PASSEIO COM ENCARGOS COMPLEMENTARES","MES","COEFICIENTE DE REPRESENTATIVIDADE",3626.41,"INSUMO",40861,"TRANSPORTE - MENSALISTA (COLETADO CAIXA)","MES","COLETADO",1,135.51,135.51,"","","","","","","","","","",null,"ENCARGOS COMPLEMENTARES REFERENCIAL"]
["SERVICOS DIVERSOS","SEDI","OUTROS",318,"","",101426,"OPERADOR DE BATE-ESTACA COM ENCARGOS COMPLEMENTARES","MES","COEFICIENTE DE REPRESENTATIVIDADE",4423.96,"INSUMO",40864,"SEGURO - MENSALISTA (COLETADO CAIXA)","MES","COLETADO",1,13.07,13.07,"","","","","","","","","","",null,"ENCARGOS COMPLEMENTARES REFERENCIAL"]
["SERVICOS DIVERSOS","SEDI","OUTROS",318,"","",101430,"OPERADOR DE DEMARCADORA DE FAIXAS DE TRÁFEGO COM ENCARGOS COMPLEMENTARES","MES","COEFICIENTE DE REPRESENTATIVIDADE",4504.99,"INSUMO",40861,"TRANSPORTE - MENSALISTA (COLETADO CAIXA)","MES","COLETADO",1,135.51,135.51,"","","","","","","","","","",null,"ENCARGOS COMPLEMENTARES REFERENCIAL"]
["SERVICOS DIVERSOS","SEDI","OUTROS",318,"","",101433,"OPERADOR DE GUINDASTE COM ENCARGOS COMPLEMENTARES","MES","COEFICIENTE DE REPRESENTATIVIDADE",3733.43,"","","","","","","","",3060.08,81.964306300000004,673.35,18.035693699999999,"0,00","0,0000000","0,00","0,0000000","0,00","0,0000000",0,"ENCARGOS COMPLEMENTARES REFERENCIAL"]
["SERVICOS DIVERSOS","SEDI","OUTROS",318,"","",101433,"OPERADOR DE GUINDASTE COM ENCARGOS COMPLEMENTARES","MES","COEFICIENTE DE REPRESENTATIVIDADE",3733.43,"INSUMO",40861,"TRANSPORTE - MENSALISTA (COLETADO CAIXA)","MES","COLETADO",1,135.51,135.51,"","","","","","","","","","",null,"ENCARGOS COMPLEMENTARES REFERENCIAL"]
["SERVICOS DIVERSOS","SEDI","OUTROS",318,"","",101433,"OPERADOR DE GUINDASTE COM ENCARGOS COMPLEMENTARES","MES","COEFICIENTE DE REPRESENTATIVIDADE",3733.43,"INSUMO",40862,"ALIMENTACAO - MENSALISTA (COLETADO CAIXA)","MES","COLETADO",1,333.44,333.44,"","","","","","","","","","",null,"ENCARGOS COMPLEMENTARES REFERENCIAL"]
["SERVICOS DIVERSOS","SEDI","OUTROS",318,"","",101433,"OPERADOR DE GUINDASTE COM ENCARGOS COMPLEMENTARES","MES","COEFICIENTE DE REPRESENTATIVIDADE",3733.43,"INSUMO",40863,"EXAMES - MENSALISTA (COLETADO CAIXA)","MES","COLETADO",1,65.94,65.94,"","","","","","","","","","",null,"ENCARGOS COMPLEMENTARES REFERENCIAL"]
["SERVICOS DIVERSOS","SEDI","OUTROS",318,"","",101433,"OPERADOR DE GUINDASTE COM ENCARGOS COMPLEMENTARES","MES","COEFICIENTE DE REPRESENTATIVIDADE",3733.43,"INSUMO",40864,"SEGURO - MENSALISTA (COLETADO CAIXA)","MES","COLETADO",1,13.07,13.07,"","","","","","","","","","",null,"ENCARGOS COMPLEMENTARES REFERENCIAL"]
["SERVICOS DIVERSOS","SEDI","OUTROS",318,"","",101433,"OPERADOR DE GUINDASTE COM ENCARGOS COMPLEMENTARES","MES","COEFICIENTE DE REPRESENTATIVIDADE",3733.43,"INSUMO",41036,"OPERADOR DE GUINDASTE (MENSALISTA)","MES","COEFICIENTE DE REPRESENTATIVIDADE",1,3033.69,3033.69,"","","","","","","","","","",null,"ENCARGOS COMPLEMENTARES REFERENCIAL"]
["SERVICOS DIVERSOS","SEDI","OUTROS",318,"","",101433,"OPERADOR DE GUINDASTE COM ENCARGOS COMPLEMENTARES","MES","COEFICIENTE DE REPRESENTATIVIDADE",3733.43,"INSUMO",43476,"FERRAMENTAS - FAMILIA OPERADOR ESCAVADEIRA - MENSALISTA (ENCARGOS COMPLEMENTARES - COLETADO CAIXA)","MES","COLETADO",1,0.01,0.01,"","","","","","","","","","",null,"ENCARGOS COMPLEMENTARES REFERENCIAL"]
["SERVICOS DIVERSOS","SEDI","OUTROS",318,"","",101433,"OPERADOR DE GUINDASTE COM ENCARGOS COMPLEMENTARES","MES","COEFICIENTE DE REPRESENTATIVIDADE",3733.43,"INSUMO",43500,"EPI - FAMILIA OPERADOR ESCAVADEIRA - MENSALISTA (ENCARGOS COMPLEMENTARES - COLETADO CAIXA)","MES","COLETADO",1,125.38,125.38,"","","","","","","","","","",null,"ENCARGOS COMPLEMENTARES REFERENCIAL"]
["SERVICOS DIVERSOS","SEDI","OUTROS",318,"","",101433,"OPERADOR DE GUINDASTE COM ENCARGOS COMPLEMENTARES","MES","COEFICIENTE DE REPRESENTATIVIDADE",3733.43,"COMPOSICAO",101345,"CURSO DE CAPACITAÇÃO PARA OPERADOR DE GUINDASTE (ENCARGOS COMPLEMENTARES) - MENSALISTA","MES","COEFICIENTE DE REPRESENTATIVIDADE",1,26.39,26.39,"","","","","","","","","","",null,"ENCARGOS COMPLEMENTARES REFERENCIAL"]
["SERVICOS DIVERSOS","SEDI","OUTROS",318,"","",101434,"OPERADOR DE JATO ABRASIVO OU JATISTA COM ENCARGOS COMPLEMENTARES","MES","COEFICIENTE DE REPRESENTATIVIDADE",4437.33,"","","","","","","","",3763.98,84.8253342,673.35,15.1746658,"0,00","0,0000000","0,00","0,0000000","0,00","0,0000000",0,"ENCARGOS COMPLEMENTARES REFERENCIAL"]
["SERVICOS DIVERSOS","SEDI","OUTROS",318,"","",101434,"OPERADOR DE JATO ABRASIVO OU JATISTA COM ENCARGOS COMPLEMENTARES","MES","COEFICIENTE DE REPRESENTATIVIDADE",4437.33,"INSUMO",40861,"TRANSPORTE - MENSALISTA (COLETADO CAIXA)","MES","COLETADO",1,135.51,135.51,"","","","","","","","","","",null,"ENCARGOS COMPLEMENTARES REFERENCIAL"]
["SERVICOS DIVERSOS","SEDI","OUTROS",318,"","",101434,"OPERADOR DE JATO ABRASIVO OU JATISTA COM ENCARGOS COMPLEMENTARES","MES","COEFICIENTE DE REPRESENTATIVIDADE",4437.33,"INSUMO",40862,"ALIMENTACAO - MENSALISTA (COLETADO CAIXA)","MES","COLETADO",1,333.44,333.44,"","","","","","","","","","",null,"ENCARGOS COMPLEMENTARES REFERENCIAL"]
["SERVICOS DIVERSOS","SEDI","OUTROS",318,"","",101434,"OPERADOR DE JATO ABRASIVO OU JATISTA COM ENCARGOS COMPLEMENTARES","MES","COEFICIENTE DE REPRESENTATIVIDADE",4437.33,"INSUMO",40863,"EXAMES - MENSALISTA (COLETADO CAIXA)","MES","COLETADO",1,65.94,65.94,"","","","","","","","","","",null,"ENCARGOS COMPLEMENTARES REFERENCIAL"]
["SERVICOS DIVERSOS","SEDI","OUTROS",318,"","",101434,"OPERADOR DE JATO ABRASIVO OU JATISTA COM ENCARGOS COMPLEMENTARES","MES","COEFICIENTE DE REPRESENTATIVIDADE",4437.33,"INSUMO",40864,"SEGURO - MENSALISTA (COLETADO CAIXA)","MES","COLETADO",1,13.07,13.07,"","","","","","","","","","",null,"ENCARGOS COMPLEMENTARES REFERENCIAL"]
["SERVICOS DIVERSOS","SEDI","OUTROS",318,"","",101434,"OPERADOR DE JATO ABRASIVO OU JATISTA COM ENCARGOS COMPLEMENTARES","MES","COEFICIENTE DE REPRESENTATIVIDADE",4437.33,"INSUMO",40979,"OPERADOR DE JATO ABRASIVO OU JATISTA (MENSALISTA)","MES","COEFICIENTE DE REPRESENTATIVIDADE",1,3741.16,3741.16,"","","","","","","","","","",null,"ENCARGOS COMPLEMENTARES REFERENCIAL"]
["SERVICOS DIVERSOS","SEDI","OUTROS",318,"","",101434,"OPERADOR DE JATO ABRASIVO OU JATISTA COM ENCARGOS COMPLEMENTARES","MES","COEFICIENTE DE REPRESENTATIVIDADE",4437.33,"INSUMO",43476,"FERRAMENTAS - FAMILIA OPERADOR ESCAVADEIRA - MENSALISTA (ENCARGOS COMPLEMENTARES - COLETADO CAIXA)","MES","COLETADO",1,0.01,0.01,"","","","","","","","","","",null,"ENCARGOS COMPLEMENTARES REFERENCIAL"]
["SERVICOS DIVERSOS","SEDI","OUTROS",318,"","",101434,"OPERADOR DE JATO ABRASIVO OU JATISTA COM ENCARGOS COMPLEMENTARES","MES","COEFICIENTE DE REPRESENTATIVIDADE",4437.33,"INSUMO",43500,"EPI - FAMILIA OPERADOR ESCAVADEIRA - MENSALISTA (ENCARGOS COMPLEMENTARES - COLETADO CAIXA)","MES","COLETADO",1,125.38,125.38,"","","","","","","","","","",null,"ENCARGOS COMPLEMENTARES REFERENCIAL"]
["SERVICOS DIVERSOS","SEDI","OUTROS",318,"","",101434,"OPERADOR DE JATO ABRASIVO OU JATISTA COM ENCARGOS COMPLEMENTARES","MES","COEFICIENTE DE REPRESENTATIVIDADE",4437.33,"COMPOSICAO",101346,"CURSO DE CAPACITAÇÃO PARA OPERADOR DE JATO ABRASIVO OU JATISTA (ENCARGOS COMPLEMENTARES) - MENSALISTA","MES","COEFICIENTE DE REPRESENTATIVIDADE",1,22.82,22.82,"","","","","","","","","","",null,"ENCARGOS COMPLEMENTARES REFERENCIAL"]
["SERVICOS DIVERSOS","SEDI","OUTROS",318,"","",101435,"OPERADOR DE MÁQUINAS E TRATORES DIVERSOS COM ENCARGOS COMPLEMENTARES","MES","COEFICIENTE DE REPRESENTATIVIDADE",4243.59,"","","","","","","","",3570.24,84.132538800000006,673.35,15.867461199999999,"0,00","0,0000000","0,00","0,0000000","0,00","0,0000000",0,"ENCARGOS COMPLEMENTARES REFERENCIAL"]
["SERVICOS DIVERSOS","SEDI","OUTROS",318,"","",101435,"OPERADOR DE MÁQUINAS E TRATORES DIVERSOS COM ENCARGOS COMPLEMENTARES","MES","COEFICIENTE DE REPRESENTATIVIDADE",4243.59,"INSUMO",40861,"TRANSPORTE - MENSALISTA (COLETADO CAIXA)","MES","COLETADO",1,135.51,135.51,"","","","","","","","","","",null,"ENCARGOS COMPLEMENTARES REFERENCIAL"]
["SERVICOS DIVERSOS","SEDI","OUTROS",318,"","",101435,"OPERADOR DE MÁQUINAS E TRATORES DIVERSOS COM ENCARGOS COMPLEMENTARES","MES","COEFICIENTE DE REPRESENTATIVIDADE",4243.59,"INSUMO",40862,"ALIMENTACAO - MENSALISTA (COLETADO CAIXA)","MES","COLETADO",1,333.44,333.44,"","","","","","","","","","",null,"ENCARGOS COMPLEMENTARES REFERENCIAL"]
["SERVICOS DIVERSOS","SEDI","OUTROS",318,"","",101435,"OPERADOR DE MÁQUINAS E TRATORES DIVERSOS COM ENCARGOS COMPLEMENTARES","MES","COEFICIENTE DE REPRESENTATIVIDADE",4243.59,"INSUMO",40863,"EXAMES - MENSALISTA (COLETADO CAIXA)","MES","COLETADO",1,65.94,65.94,"","","","","","","","","","",null,"ENCARGOS COMPLEMENTARES REFERENCIAL"]
["SERVICOS DIVERSOS","SEDI","OUTROS",318,"","",101435,"OPERADOR DE MÁQUINAS E TRATORES DIVERSOS COM ENCARGOS COMPLEMENTARES","MES","COEFICIENTE DE REPRESENTATIVIDADE",4243.59,"INSUMO",40864,"SEGURO - MENSALISTA (COLETADO CAIXA)","MES","COLETADO",1,13.07,13.07,"","","","","","","","","","",null,"ENCARGOS COMPLEMENTARES REFERENCIAL"]
["SERVICOS DIVERSOS","SEDI","OUTROS",318,"","",101435,"OPERADOR DE MÁQUINAS E TRATORES DIVERSOS COM ENCARGOS COMPLEMENTARES","MES","COEFICIENTE DE REPRESENTATIVIDADE",4243.59,"INSUMO",40998,"OPERADOR DE MAQUINAS E TRATORES DIVERSOS (TERRAPLANAGEM) (MENSALISTA)","MES","COEFICIENTE DE REPRESENTATIVIDADE",1,3548.6,3548.6,"","","","","","","","","","",null,"ENCARGOS COMPLEMENTARES REFERENCIAL"]
["SERVICOS DIVERSOS","SEDI","OUTROS",318,"","",101435,"OPERADOR DE MÁQUINAS E TRATORES DIVERSOS COM ENCARGOS COMPLEMENTARES","MES","COEFICIENTE DE REPRESENTATIVIDADE",4243.59,"INSUMO",43476,"FERRAMENTAS - FAMILIA OPERADOR ESCAVADEIRA - MENSALISTA (ENCARGOS COMPLEMENTARES - COLETADO CAIXA)","MES","COLETADO",1,0.01,0.01,"","","","","","","","","","",null,"ENCARGOS COMPLEMENTARES REFERENCIAL"]
["SERVICOS DIVERSOS","SEDI","OUTROS",318,"","",101435,"OPERADOR DE MÁQUINAS E TRATORES DIVERSOS COM ENCARGOS COMPLEMENTARES","MES","COEFICIENTE DE REPRESENTATIVIDADE",4243.59,"INSUMO",43500,"EPI - FAMILIA OPERADOR ESCAVADEIRA - MENSALISTA (ENCARGOS COMPLEMENTARES - COLETADO CAIXA)","MES","COLETADO",1,125.38,125.38,"","","","","","","","","","",null,"ENCARGOS COMPLEMENTARES REFERENCIAL"]
["SERVICOS DIVERSOS","SEDI","OUTROS",318,"","",101435,"OPERADOR DE MÁQUINAS E TRATORES DIVERSOS COM ENCARGOS COMPLEMENTARES","MES","COEFICIENTE DE REPRESENTATIVIDADE",4243.59,"COMPOSICAO",101347,"CURSO DE CAPACITAÇÃO PARA OPERADOR DE MAQUINAS E TRATORES DIVERSOS (ENCARGOS COMPLEMENTARES) - MENSALISTA","MES","COEFICIENTE DE REPRESENTATIVIDADE",1,21.64,21.64,"","","","","","","","","","",null,"ENCARGOS COMPLEMENTARES REFERENCIAL"]
["SERVICOS DIVERSOS","SEDI","OUTROS",318,"","",101436,"OPERADOR DE MARTELETE OU MARTELETEIRO COM ENCARGOS COMPLEMENTARES","MES","COEFICIENTE DE REPRESENTATIVIDADE",3608.61,"","","","","","","","",2935.26,81.340460800000002,673.35,18.659539200000001,"0,00","0,0000000","0,00","0,0000000","0,00","0,0000000",0,"ENCARGOS COMPLEMENTARES REFERENCIAL"]
["SERVICOS DIVERSOS","SEDI","OUTROS",318,"","",101436,"OPERADOR DE MARTELETE OU MARTELETEIRO COM ENCARGOS COMPLEMENTARES","MES","COEFICIENTE DE REPRESENTATIVIDADE",3608.61,"INSUMO",40861,"TRANSPORTE - MENSALISTA (COLETADO CAIXA)","MES","COLETADO",1,135.51,135.51,"","","","","","","","","","",null,"ENCARGOS COMPLEMENTARES REFERENCIAL"]
["SERVICOS DIVERSOS","SEDI","OUTROS",318,"","",101436,"OPERADOR DE MARTELETE OU MARTELETEIRO COM ENCARGOS COMPLEMENTARES","MES","COEFICIENTE DE REPRESENTATIVIDADE",3608.61,"INSUMO",40862,"ALIMENTACAO - MENSALISTA (COLETADO CAIXA)","MES","COLETADO",1,333.44,333.44,"","","","","","","","","","",null,"ENCARGOS COMPLEMENTARES REFERENCIAL"]
["SERVICOS DIVERSOS","SEDI","OUTROS",318,"","",101436,"OPERADOR DE MARTELETE OU MARTELETEIRO COM ENCARGOS COMPLEMENTARES","MES","COEFICIENTE DE REPRESENTATIVIDADE",3608.61,"INSUMO",40863,"EXAMES - MENSALISTA (COLETADO CAIXA)","MES","COLETADO",1,65.94,65.94,"","","","","","","","","","",null,"ENCARGOS COMPLEMENTARES REFERENCIAL"]
["SERVICOS DIVERSOS","SEDI","OUTROS",318,"","",101436,"OPERADOR DE MARTELETE OU MARTELETEIRO COM ENCARGOS COMPLEMENTARES","MES","COEFICIENTE DE REPRESENTATIVIDADE",3608.61,"INSUMO",40864,"SEGURO - MENSALISTA (COLETADO CAIXA)","MES","COLETADO",1,13.07,13.07,"","","","","","","","","","",null,"ENCARGOS COMPLEMENTARES REFERENCIAL"]
["SERVICOS DIVERSOS","SEDI","OUTROS",318,"","",101436,"OPERADOR DE MARTELETE OU MARTELETEIRO COM ENCARGOS COMPLEMENTARES","MES","COEFICIENTE DE REPRESENTATIVIDADE",3608.61,"INSUMO",40982,"OPERADOR DE MARTELETE OU MARTELETEIRO (MENSALISTA)","MES","COEFICIENTE DE REPRESENTATIVIDADE",1,2922.41,2922.41,"","","","","","","","","","",null,"ENCARGOS COMPLEMENTARES REFERENCIAL"]
["SERVICOS DIVERSOS","SEDI","OUTROS",318,"","",101436,"OPERADOR DE MARTELETE OU MARTELETEIRO COM ENCARGOS COMPLEMENTARES","MES","COEFICIENTE DE REPRESENTATIVIDADE",3608.61,"INSUMO",43476,"FERRAMENTAS - FAMILIA OPERADOR ESCAVADEIRA - MENSALISTA (ENCARGOS COMPLEMENTARES - COLETADO CAIXA)","MES","COLETADO",1,0.01,0.01,"","","","","","","","","","",null,"ENCARGOS COMPLEMENTARES REFERENCIAL"]
["SERVICOS DIVERSOS","SEDI","OUTROS",318,"","",101436,"OPERADOR DE MARTELETE OU MARTELETEIRO COM ENCARGOS COMPLEMENTARES","MES","COEFICIENTE DE REPRESENTATIVIDADE",3608.61,"INSUMO",43500,"EPI - FAMILIA OPERADOR ESCAVADEIRA - MENSALISTA (ENCARGOS COMPLEMENTARES - COLETADO CAIXA)","MES","COLETADO",1,125.38,125.38,"","","","","","","","","","",null,"ENCARGOS COMPLEMENTARES REFERENCIAL"]
["SERVICOS DIVERSOS","SEDI","OUTROS",318,"","",101436,"OPERADOR DE MARTELETE OU MARTELETEIRO COM ENCARGOS COMPLEMENTARES","MES","COEFICIENTE DE REPRESENTATIVIDADE",3608.61,"COMPOSICAO",101348,"CURSO DE CAPACITAÇÃO PARA OPERADOR DE MARTELETE OU MARTELETEIRO (ENCARGOS COMPLEMENTARES) - MENSALISTA","MES","COEFICIENTE DE REPRESENTATIVIDADE",1,12.85,12.85,"","","","","","","","","","",null,"ENCARGOS COMPLEMENTARES REFERENCIAL"]
["SERVICOS DIVERSOS","SEDI","OUTROS",318,"","",101437,"OPERADOR DE MOTO SCRAPER COM ENCARGOS COMPLEMENTARES","MES","COEFICIENTE DE REPRESENTATIVIDADE",4570.3100000000004,"","","","","","","","",3896.96,85.266863799999996,673.35,14.733136200000001,"0,00","0,0000000","0,00","0,0000000","0,00","0,0000000",0,"ENCARGOS COMPLEMENTARES REFERENCIAL"]
["SERVICOS DIVERSOS","SEDI","OUTROS",318,"","",101437,"OPERADOR DE MOTO SCRAPER COM ENCARGOS COMPLEMENTARES","MES","COEFICIENTE DE REPRESENTATIVIDADE",4570.3100000000004,"INSUMO",40861,"TRANSPORTE - MENSALISTA (COLETADO CAIXA)","MES","COLETADO",1,135.51,135.51,"","","","","","","","","","",null,"ENCARGOS COMPLEMENTARES REFERENCIAL"]
["SERVICOS DIVERSOS","SEDI","OUTROS",318,"","",101437,"OPERADOR DE MOTO SCRAPER COM ENCARGOS COMPLEMENTARES","MES","COEFICIENTE DE REPRESENTATIVIDADE",4570.3100000000004,"INSUMO",40862,"ALIMENTACAO - MENSALISTA (COLETADO CAIXA)","MES","COLETADO",1,333.44,333.44,"","","","","","","","","","",null,"ENCARGOS COMPLEMENTARES REFERENCIAL"]
["SERVICOS DIVERSOS","SEDI","OUTROS",318,"","",101437,"OPERADOR DE MOTO SCRAPER COM ENCARGOS COMPLEMENTARES","MES","COEFICIENTE DE REPRESENTATIVIDADE",4570.3100000000004,"INSUMO",40863,"EXAMES - MENSALISTA (COLETADO CAIXA)","MES","COLETADO",1,65.94,65.94,"","","","","","","","","","",null,"ENCARGOS COMPLEMENTARES REFERENCIAL"]
["SERVICOS DIVERSOS","SEDI","OUTROS",318,"","",101437,"OPERADOR DE MOTO SCRAPER COM ENCARGOS COMPLEMENTARES","MES","COEFICIENTE DE REPRESENTATIVIDADE",4570.3100000000004,"INSUMO",40864,"SEGURO - MENSALISTA (COLETADO CAIXA)","MES","COLETADO",1,13.07,13.07,"","","","","","","","","","",null,"ENCARGOS COMPLEMENTARES REFERENCIAL"]
["SERVICOS DIVERSOS","SEDI","OUTROS",318,"","",101437,"OPERADOR DE MOTO SCRAPER COM ENCARGOS COMPLEMENTARES","MES","COEFICIENTE DE REPRESENTATIVIDADE",4570.3100000000004,"INSUMO",41026,"OPERADOR DE MOTO SCRAPER (MENSALISTA)","MES","COEFICIENTE DE REPRESENTATIVIDADE",1,3879.89,3879.89,"","","","","","","","","","",null,"ENCARGOS COMPLEMENTARES REFERENCIAL"]
["SERVICOS DIVERSOS","SEDI","OUTROS",318,"","",101437,"OPERADOR DE MOTO SCRAPER COM ENCARGOS COMPLEMENTARES","MES","COEFICIENTE DE REPRESENTATIVIDADE",4570.3100000000004,"INSUMO",43476,"FERRAMENTAS - FAMILIA OPERADOR ESCAVADEIRA - MENSALISTA (ENCARGOS COMPLEMENTARES - COLETADO CAIXA)","MES","COLETADO",1,0.01,0.01,"","","","","","","","","","",null,"ENCARGOS COMPLEMENTARES REFERENCIAL"]
["SERVICOS DIVERSOS","SEDI","OUTROS",318,"","",101437,"OPERADOR DE MOTO SCRAPER COM ENCARGOS COMPLEMENTARES","MES","COEFICIENTE DE REPRESENTATIVIDADE",4570.3100000000004,"INSUMO",43500,"EPI - FAMILIA OPERADOR ESCAVADEIRA - MENSALISTA (ENCARGOS COMPLEMENTARES - COLETADO CAIXA)","MES","COLETADO",1,125.38,125.38,"","","","","","","","","","",null,"ENCARGOS COMPLEMENTARES REFERENCIAL"]
["SERVICOS DIVERSOS","SEDI","OUTROS",318,"","",101437,"OPERADOR DE MOTO SCRAPER COM ENCARGOS COMPLEMENTARES","MES","COEFICIENTE DE REPRESENTATIVIDADE",4570.3100000000004,"COMPOSICAO",101349,"CURSO DE CAPACITAÇÃO PARA OPERADOR DE MOTO SCRAPER (ENCARGOS COMPLEMENTARES) - MENSALISTA","MES","COEFICIENTE DE REPRESENTATIVIDADE",1,17.07,17.07,"","","","","","","","","","",null,"ENCARGOS COMPLEMENTARES REFERENCIAL"]
["SERVICOS DIVERSOS","SEDI","OUTROS",318,"","",101438,"OPERADOR DE MOTONIVELADORA COM ENCARGOS COMPLEMENTARES","MES","COEFICIENTE DE REPRESENTATIVIDADE",5454.2,"","","","","","","","",4780.8500000000004,87.654468199999997,673.35,12.3455318,"0,00","0,0000000","0,00","0,0000000","0,00","0,0000000",0,"ENCARGOS COMPLEMENTARES REFERENCIAL"]
["SERVICOS DIVERSOS","SEDI","OUTROS",318,"","",101438,"OPERADOR DE MOTONIVELADORA COM ENCARGOS COMPLEMENTARES","MES","COEFICIENTE DE REPRESENTATIVIDADE",5454.2,"INSUMO",40861,"TRANSPORTE - MENSALISTA (COLETADO CAIXA)","MES","COLETADO",1,135.51,135.51,"","","","","","","","","","",null,"ENCARGOS COMPLEMENTARES REFERENCIAL"]
["SERVICOS DIVERSOS","SEDI","OUTROS",318,"","",101438,"OPERADOR DE MOTONIVELADORA COM ENCARGOS COMPLEMENTARES","MES","COEFICIENTE DE REPRESENTATIVIDADE",5454.2,"INSUMO",40862,"ALIMENTACAO - MENSALISTA (COLETADO CAIXA)","MES","COLETADO",1,333.44,333.44,"","","","","","","","","","",null,"ENCARGOS COMPLEMENTARES REFERENCIAL"]
["SERVICOS DIVERSOS","SEDI","OUTROS",318,"","",101438,"OPERADOR DE MOTONIVELADORA COM ENCARGOS COMPLEMENTARES","MES","COEFICIENTE DE REPRESENTATIVIDADE",5454.2,"INSUMO",40863,"EXAMES - MENSALISTA (COLETADO CAIXA)","MES","COLETADO",1,65.94,65.94,"","","","","","","","","","",null,"ENCARGOS COMPLEMENTARES REFERENCIAL"]
["SERVICOS DIVERSOS","SEDI","OUTROS",318,"","",101438,"OPERADOR DE MOTONIVELADORA COM ENCARGOS COMPLEMENTARES","MES","COEFICIENTE DE REPRESENTATIVIDADE",5454.2,"INSUMO",40864,"SEGURO - MENSALISTA (COLETADO CAIXA)","MES","COLETADO",1,13.07,13.07,"","","","","","","","","","",null,"ENCARGOS COMPLEMENTARES REFERENCIAL"]
["SERVICOS DIVERSOS","SEDI","OUTROS",318,"","",101438,"OPERADOR DE MOTONIVELADORA COM ENCARGOS COMPLEMENTARES","MES","COEFICIENTE DE REPRESENTATIVIDADE",5454.2,"INSUMO",41024,"OPERADOR DE MOTONIVELADORA (MENSALISTA)","MES","COEFICIENTE DE REPRESENTATIVIDADE",1,4759.91,4759.91,"","","","","","","","","","",null,"ENCARGOS COMPLEMENTARES REFERENCIAL"]
["SERVICOS DIVERSOS","SEDI","OUTROS",318,"","",101438,"OPERADOR DE MOTONIVELADORA COM ENCARGOS COMPLEMENTARES","MES","COEFICIENTE DE REPRESENTATIVIDADE",5454.2,"INSUMO",43476,"FERRAMENTAS - FAMILIA OPERADOR ESCAVADEIRA - MENSALISTA (ENCARGOS COMPLEMENTARES - COLETADO CAIXA)","MES","COLETADO",1,0.01,0.01,"","","","","","","","","","",null,"ENCARGOS COMPLEMENTARES REFERENCIAL"]
["SERVICOS DIVERSOS","SEDI","OUTROS",318,"","",101438,"OPERADOR DE MOTONIVELADORA COM ENCARGOS COMPLEMENTARES","MES","COEFICIENTE DE REPRESENTATIVIDADE",5454.2,"INSUMO",43500,"EPI - FAMILIA OPERADOR ESCAVADEIRA - MENSALISTA (ENCARGOS COMPLEMENTARES - COLETADO CAIXA)","MES","COLETADO",1,125.38,125.38,"","","","","","","","","","",null,"ENCARGOS COMPLEMENTARES REFERENCIAL"]
["SERVICOS DIVERSOS","SEDI","OUTROS",318,"","",101438,"OPERADOR DE MOTONIVELADORA COM ENCARGOS COMPLEMENTARES","MES","COEFICIENTE DE REPRESENTATIVIDADE",5454.2,"COMPOSICAO",101350,"CURSO DE CAPACITAÇÃO PARA OPERADOR DE MOTONIVELADORA (ENCARGOS COMPLEMENTARES) - MENSALISTA","MES","COEFICIENTE DE REPRESENTATIVIDADE",1,20.94,20.94,"","","","","","","","","","",null,"ENCARGOS COMPLEMENTARES REFERENCIAL"]
["SERVICOS DIVERSOS","SEDI","OUTROS",318,"","",101439,"OPERADOR DE PÁ CARREGADEIRA COM ENCARGOS COMPLEMENTARES","MES","COEFICIENTE DE REPRESENTATIVIDADE",4107.17,"","","","","","","","",3433.82,83.605499699999996,673.35,16.394500300000001,"0,00","0,0000000","0,00","0,0000000","0,00","0,0000000",0,"ENCARGOS COMPLEMENTARES REFERENCIAL"]
["SERVICOS DIVERSOS","SEDI","OUTROS",318,"","",101439,"OPERADOR DE PÁ CARREGADEIRA COM ENCARGOS COMPLEMENTARES","MES","COEFICIENTE DE REPRESENTATIVIDADE",4107.17,"INSUMO",40861,"TRANSPORTE - MENSALISTA (COLETADO CAIXA)","MES","COLETADO",1,135.51,135.51,"","","","","","","","","","",null,"ENCARGOS COMPLEMENTARES REFERENCIAL"]
["SERVICOS DIVERSOS","SEDI","OUTROS",318,"","",101439,"OPERADOR DE PÁ CARREGADEIRA COM ENCARGOS COMPLEMENTARES","MES","COEFICIENTE DE REPRESENTATIVIDADE",4107.17,"INSUMO",40862,"ALIMENTACAO - MENSALISTA (COLETADO CAIXA)","MES","COLETADO",1,333.44,333.44,"","","","","","","","","","",null,"ENCARGOS COMPLEMENTARES REFERENCIAL"]
["SERVICOS DIVERSOS","SEDI","OUTROS",318,"","",101439,"OPERADOR DE PÁ CARREGADEIRA COM ENCARGOS COMPLEMENTARES","MES","COEFICIENTE DE REPRESENTATIVIDADE",4107.17,"INSUMO",40863,"EXAMES - MENSALISTA (COLETADO CAIXA)","MES","COLETADO",1,65.94,65.94,"","","","","","","","","","",null,"ENCARGOS COMPLEMENTARES REFERENCIAL"]
["SERVICOS DIVERSOS","SEDI","OUTROS",318,"","",101439,"OPERADOR DE PÁ CARREGADEIRA COM ENCARGOS COMPLEMENTARES","MES","COEFICIENTE DE REPRESENTATIVIDADE",4107.17,"INSUMO",40864,"SEGURO - MENSALISTA (COLETADO CAIXA)","MES","COLETADO",1,13.07,13.07,"","","","","","","","","","",null,"ENCARGOS COMPLEMENTARES REFERENCIAL"]
["SERVICOS DIVERSOS","SEDI","OUTROS",318,"","",101439,"OPERADOR DE PÁ CARREGADEIRA COM ENCARGOS COMPLEMENTARES","MES","COEFICIENTE DE REPRESENTATIVIDADE",4107.17,"INSUMO",41033,"OPERADOR DE PA CARREGADEIRA (MENSALISTA)","MES","COEFICIENTE DE REPRESENTATIVIDADE",1,3418.78,3418.78,"","","","","","","","","","",null,"ENCARGOS COMPLEMENTARES REFERENCIAL"]
["SERVICOS DIVERSOS","SEDI","OUTROS",318,"","",101439,"OPERADOR DE PÁ CARREGADEIRA COM ENCARGOS COMPLEMENTARES","MES","COEFICIENTE DE REPRESENTATIVIDADE",4107.17,"INSUMO",43476,"FERRAMENTAS - FAMILIA OPERADOR ESCAVADEIRA - MENSALISTA (ENCARGOS COMPLEMENTARES - COLETADO CAIXA)","MES","COLETADO",1,0.01,0.01,"","","","","","","","","","",null,"ENCARGOS COMPLEMENTARES REFERENCIAL"]
["SERVICOS DIVERSOS","SEDI","OUTROS",318,"","",101439,"OPERADOR DE PÁ CARREGADEIRA COM ENCARGOS COMPLEMENTARES","MES","COEFICIENTE DE REPRESENTATIVIDADE",4107.17,"INSUMO",43500,"EPI - FAMILIA OPERADOR ESCAVADEIRA - MENSALISTA (ENCARGOS COMPLEMENTARES - COLETADO CAIXA)","MES","COLETADO",1,125.38,125.38,"","","","","","","","","","",null,"ENCARGOS COMPLEMENTARES REFERENCIAL"]
["SERVICOS DIVERSOS","SEDI","OUTROS",318,"","",101439,"OPERADOR DE PÁ CARREGADEIRA COM ENCARGOS COMPLEMENTARES","MES","COEFICIENTE DE REPRESENTATIVIDADE",4107.17,"COMPOSICAO",101351,"CURSO DE CAPACITAÇÃO PARA OPERADOR DE PA CARREGADEIRA (ENCARGOS COMPLEMENTARES) - MENSALISTA","MES","COEFICIENTE DE REPRESENTATIVIDADE",1,15.04,15.04,"","","","","","","","","","",null,"ENCARGOS COMPLEMENTARES REFERENCIAL"]
["SERVICOS DIVERSOS","SEDI","OUTROS",318,"","",101440,"OPERADOR DE PAVIMENTADORA / MESA VIBROACABADORA COM ENCARGOS COMPLEMENTARES","MES","COEFICIENTE DE REPRESENTATIVIDADE",4696.57,"","","","","","","","",4023.22,85.6629413,673.35,14.3370587,"0,00","0,0000000","0,00","0,0000000","0,00","0,0000000",0,"ENCARGOS COMPLEMENTARES REFERENCIAL"]
["SERVICOS DIVERSOS","SEDI","OUTROS",318,"","",101440,"OPERADOR DE PAVIMENTADORA / MESA VIBROACABADORA COM ENCARGOS COMPLEMENTARES","MES","COEFICIENTE DE REPRESENTATIVIDADE",4696.57,"INSUMO",40861,"TRANSPORTE - MENSALISTA (COLETADO CAIXA)","MES","COLETADO",1,135.51,135.51,"","","","","","","","","","",null,"ENCARGOS COMPLEMENTARES REFERENCIAL"]
["SERVICOS DIVERSOS","SEDI","OUTROS",318,"","",101440,"OPERADOR DE PAVIMENTADORA / MESA VIBROACABADORA COM ENCARGOS COMPLEMENTARES","MES","COEFICIENTE DE REPRESENTATIVIDADE",4696.57,"INSUMO",40862,"ALIMENTACAO - MENSALISTA (COLETADO CAIXA)","MES","COLETADO",1,333.44,333.44,"","","","","","","","","","",null,"ENCARGOS COMPLEMENTARES REFERENCIAL"]
["SERVICOS DIVERSOS","SEDI","OUTROS",318,"","",101440,"OPERADOR DE PAVIMENTADORA / MESA VIBROACABADORA COM ENCARGOS COMPLEMENTARES","MES","COEFICIENTE DE REPRESENTATIVIDADE",4696.57,"INSUMO",40863,"EXAMES - MENSALISTA (COLETADO CAIXA)","MES","COLETADO",1,65.94,65.94,"","","","","","","","","","",null,"ENCARGOS COMPLEMENTARES REFERENCIAL"]
["SERVICOS DIVERSOS","SEDI","OUTROS",318,"","",101440,"OPERADOR DE PAVIMENTADORA / MESA VIBROACABADORA COM ENCARGOS COMPLEMENTARES","MES","COEFICIENTE DE REPRESENTATIVIDADE",4696.57,"INSUMO",40864,"SEGURO - MENSALISTA (COLETADO CAIXA)","MES","COLETADO",1,13.07,13.07,"","","","","","","","","","",null,"ENCARGOS COMPLEMENTARES REFERENCIAL"]
["SERVICOS DIVERSOS","SEDI","OUTROS",318,"","",101440,"OPERADOR DE PAVIMENTADORA / MESA VIBROACABADORA COM ENCARGOS COMPLEMENTARES","MES","COEFICIENTE DE REPRESENTATIVIDADE",4696.57,"INSUMO",41040,"OPERADOR DE PAVIMENTADORA / MESA VIBROACABADORA (MENSALISTA)","MES","COEFICIENTE DE REPRESENTATIVIDADE",1,4005.6,4005.6,"","","","","","","","","","",null,"ENCARGOS COMPLEMENTARES REFERENCIAL"]
["SERVICOS DIVERSOS","SEDI","OUTROS",318,"","",101440,"OPERADOR DE PAVIMENTADORA / MESA VIBROACABADORA COM ENCARGOS COMPLEMENTARES","MES","COEFICIENTE DE REPRESENTATIVIDADE",4696.57,"INSUMO",43476,"FERRAMENTAS - FAMILIA OPERADOR ESCAVADEIRA - MENSALISTA (ENCARGOS COMPLEMENTARES - COLETADO CAIXA)","MES","COLETADO",1,0.01,0.01,"","","","","","","","","","",null,"ENCARGOS COMPLEMENTARES REFERENCIAL"]
["SERVICOS DIVERSOS","SEDI","OUTROS",318,"","",101440,"OPERADOR DE PAVIMENTADORA / MESA VIBROACABADORA COM ENCARGOS COMPLEMENTARES","MES","COEFICIENTE DE REPRESENTATIVIDADE",4696.57,"INSUMO",43500,"EPI - FAMILIA OPERADOR ESCAVADEIRA - MENSALISTA (ENCARGOS COMPLEMENTARES - COLETADO CAIXA)","MES","COLETADO",1,125.38,125.38,"","","","","","","","","","",null,"ENCARGOS COMPLEMENTARES REFERENCIAL"]
["SERVICOS DIVERSOS","SEDI","OUTROS",318,"","",101440,"OPERADOR DE PAVIMENTADORA / MESA VIBROACABADORA COM ENCARGOS COMPLEMENTARES","MES","COEFICIENTE DE REPRESENTATIVIDADE",4696.57,"COMPOSICAO",101352,"CURSO DE CAPACITAÇÃO PARA OPERADOR DE PAVIMENTADORA / MESA VIBROACABADORA (ENCARGOS COMPLEMENTARES) - MENSALISTA","MES","COEFICIENTE DE REPRESENTATIVIDADE",1,17.62,17.62,"","","","","","","","","","",null,"ENCARGOS COMPLEMENTARES REFERENCIAL"]
["SERVICOS DIVERSOS","SEDI","OUTROS",318,"","",101441,"OPERADOR DE ROLO COMPACTADOR COM ENCARGOS COMPLEMENTARES","MES","COEFICIENTE DE REPRESENTATIVIDADE",4483.3500000000004,"","","","","","","","",3810,84.981096800000003,673.35,15.0189032,"0,00","0,0000000","0,00","0,0000000","0,00","0,0000000",0,"ENCARGOS COMPLEMENTARES REFERENCIAL"]
["SERVICOS DIVERSOS","SEDI","OUTROS",318,"","",101441,"OPERADOR DE ROLO COMPACTADOR COM ENCARGOS COMPLEMENTARES","MES","COEFICIENTE DE REPRESENTATIVIDADE",4483.3500000000004,"INSUMO",40861,"TRANSPORTE - MENSALISTA (COLETADO CAIXA)","MES","COLETADO",1,135.51,135.51,"","","","","","","","","","",null,"ENCARGOS COMPLEMENTARES REFERENCIAL"]
["SERVICOS DIVERSOS","SEDI","OUTROS",318,"","",101441,"OPERADOR DE ROLO COMPACTADOR COM ENCARGOS COMPLEMENTARES","MES","COEFICIENTE DE REPRESENTATIVIDADE",4483.3500000000004,"INSUMO",40862,"ALIMENTACAO - MENSALISTA (COLETADO CAIXA)","MES","COLETADO",1,333.44,333.44,"","","","","","","","","","",null,"ENCARGOS COMPLEMENTARES REFERENCIAL"]
["SERVICOS DIVERSOS","SEDI","OUTROS",318,"","",101441,"OPERADOR DE ROLO COMPACTADOR COM ENCARGOS COMPLEMENTARES","MES","COEFICIENTE DE REPRESENTATIVIDADE",4483.3500000000004,"INSUMO",40863,"EXAMES - MENSALISTA (COLETADO CAIXA)","MES","COLETADO",1,65.94,65.94,"","","","","","","","","","",null,"ENCARGOS COMPLEMENTARES REFERENCIAL"]
["SERVICOS DIVERSOS","SEDI","OUTROS",318,"","",101441,"OPERADOR DE ROLO COMPACTADOR COM ENCARGOS COMPLEMENTARES","MES","COEFICIENTE DE REPRESENTATIVIDADE",4483.3500000000004,"INSUMO",40864,"SEGURO - MENSALISTA (COLETADO CAIXA)","MES","COLETADO",1,13.07,13.07,"","","","","","","","","","",null,"ENCARGOS COMPLEMENTARES REFERENCIAL"]
["SERVICOS DIVERSOS","SEDI","OUTROS",318,"","",101441,"OPERADOR DE ROLO COMPACTADOR COM ENCARGOS COMPLEMENTARES","MES","COEFICIENTE DE REPRESENTATIVIDADE",4483.3500000000004,"INSUMO",41012,"OPERADOR DE ROLO COMPACTADOR (MENSALISTA)","MES","COEFICIENTE DE REPRESENTATIVIDADE",1,3793.31,3793.31,"","","","","","","","","","",null,"ENCARGOS COMPLEMENTARES REFERENCIAL"]
["SERVICOS DIVERSOS","SEDI","OUTROS",318,"","",101441,"OPERADOR DE ROLO COMPACTADOR COM ENCARGOS COMPLEMENTARES","MES","COEFICIENTE DE REPRESENTATIVIDADE",4483.3500000000004,"INSUMO",43476,"FERRAMENTAS - FAMILIA OPERADOR ESCAVADEIRA - MENSALISTA (ENCARGOS COMPLEMENTARES - COLETADO CAIXA)","MES","COLETADO",1,0.01,0.01,"","","","","","","","","","",null,"ENCARGOS COMPLEMENTARES REFERENCIAL"]
["SERVICOS DIVERSOS","SEDI","OUTROS",318,"","",101441,"OPERADOR DE ROLO COMPACTADOR COM ENCARGOS COMPLEMENTARES","MES","COEFICIENTE DE REPRESENTATIVIDADE",4483.3500000000004,"INSUMO",43500,"EPI - FAMILIA OPERADOR ESCAVADEIRA - MENSALISTA (ENCARGOS COMPLEMENTARES - COLETADO CAIXA)","MES","COLETADO",1,125.38,125.38,"","","","","","","","","","",null,"ENCARGOS COMPLEMENTARES REFERENCIAL"]
["SERVICOS DIVERSOS","SEDI","OUTROS",318,"","",101441,"OPERADOR DE ROLO COMPACTADOR COM ENCARGOS COMPLEMENTARES","MES","COEFICIENTE DE REPRESENTATIVIDADE",4483.3500000000004,"COMPOSICAO",101353,"CURSO DE CAPACITAÇÃO PARA OPERADOR DE ROLO COMPACTADOR (ENCARGOS COMPLEMENTARES) - MENSALISTA","MES","COEFICIENTE DE REPRESENTATIVIDADE",1,16.690000000000001,16.690000000000001,"","","","","","","","","","",null,"ENCARGOS COMPLEMENTARES REFERENCIAL"]
["SERVICOS DIVERSOS","SEDI","OUTROS",318,"","",101442,"OPERADOR DE TRATOR - EXCLUSIVE AGROPECUÁRIA COM ENCARGOS COMPLEMENTARES","MES","COEFICIENTE DE REPRESENTATIVIDADE",4286.6400000000003,"","","","","","","","",3613.29,84.291893000000002,673.35,15.708107,"0,00","0,0000000","0,00","0,0000000","0,00","0,0000000",0,"ENCARGOS COMPLEMENTARES REFERENCIAL"]
["SERVICOS DIVERSOS","SEDI","OUTROS",318,"","",101442,"OPERADOR DE TRATOR - EXCLUSIVE AGROPECUÁRIA COM ENCARGOS COMPLEMENTARES","MES","COEFICIENTE DE REPRESENTATIVIDADE",4286.6400000000003,"INSUMO",40861,"TRANSPORTE - MENSALISTA (COLETADO CAIXA)","MES","COLETADO",1,135.51,135.51,"","","","","","","","","","",null,"ENCARGOS COMPLEMENTARES REFERENCIAL"]
["SERVICOS DIVERSOS","SEDI","OUTROS",318,"","",101442,"OPERADOR DE TRATOR - EXCLUSIVE AGROPECUÁRIA COM ENCARGOS COMPLEMENTARES","MES","COEFICIENTE DE REPRESENTATIVIDADE",4286.6400000000003,"INSUMO",40862,"ALIMENTACAO - MENSALISTA (COLETADO CAIXA)","MES","COLETADO",1,333.44,333.44,"","","","","","","","","","",null,"ENCARGOS COMPLEMENTARES REFERENCIAL"]
["SERVICOS DIVERSOS","SEDI","OUTROS",318,"","",101442,"OPERADOR DE TRATOR - EXCLUSIVE AGROPECUÁRIA COM ENCARGOS COMPLEMENTARES","MES","COEFICIENTE DE REPRESENTATIVIDADE",4286.6400000000003,"INSUMO",40863,"EXAMES - MENSALISTA (COLETADO CAIXA)","MES","COLETADO",1,65.94,65.94,"","","","","","","","","","",null,"ENCARGOS COMPLEMENTARES REFERENCIAL"]
["SERVICOS DIVERSOS","SEDI","OUTROS",318,"","",101442,"OPERADOR DE TRATOR - EXCLUSIVE AGROPECUÁRIA COM ENCARGOS COMPLEMENTARES","MES","COEFICIENTE DE REPRESENTATIVIDADE",4286.6400000000003,"INSUMO",40864,"SEGURO - MENSALISTA (COLETADO CAIXA)","MES","COLETADO",1,13.07,13.07,"","","","","","","","","","",null,"ENCARGOS COMPLEMENTARES REFERENCIAL"]
["SERVICOS DIVERSOS","SEDI","OUTROS",318,"","",101442,"OPERADOR DE TRATOR - EXCLUSIVE AGROPECUÁRIA COM ENCARGOS COMPLEMENTARES","MES","COEFICIENTE DE REPRESENTATIVIDADE",4286.6400000000003,"INSUMO",41002,"OPERADOR DE TRATOR - EXCLUSIVE AGROPECUARIA (MENSALISTA)","MES","COEFICIENTE DE REPRESENTATIVIDADE",1,3591.39,3591.39,"","","","","","","","","","",null,"ENCARGOS COMPLEMENTARES REFERENCIAL"]
["SERVICOS DIVERSOS","SEDI","OUTROS",318,"","",101442,"OPERADOR DE TRATOR - EXCLUSIVE AGROPECUÁRIA COM ENCARGOS COMPLEMENTARES","MES","COEFICIENTE DE REPRESENTATIVIDADE",4286.6400000000003,"INSUMO",43476,"FERRAMENTAS - FAMILIA OPERADOR ESCAVADEIRA - MENSALISTA (ENCARGOS COMPLEMENTARES - COLETADO CAIXA)","MES","COLETADO",1,0.01,0.01,"","","","","","","","","","",null,"ENCARGOS COMPLEMENTARES REFERENCIAL"]
["SERVICOS DIVERSOS","SEDI","OUTROS",318,"","",101442,"OPERADOR DE TRATOR - EXCLUSIVE AGROPECUÁRIA COM ENCARGOS COMPLEMENTARES","MES","COEFICIENTE DE REPRESENTATIVIDADE",4286.6400000000003,"INSUMO",43500,"EPI - FAMILIA OPERADOR ESCAVADEIRA - MENSALISTA (ENCARGOS COMPLEMENTARES - COLETADO CAIXA)","MES","COLETADO",1,125.38,125.38,"","","","","","","","","","",null,"ENCARGOS COMPLEMENTARES REFERENCIAL"]
["SERVICOS DIVERSOS","SEDI","OUTROS",318,"","",101442,"OPERADOR DE TRATOR - EXCLUSIVE AGROPECUÁRIA COM ENCARGOS COMPLEMENTARES","MES","COEFICIENTE DE REPRESENTATIVIDADE",4286.6400000000003,"COMPOSICAO",101354,"CURSO DE CAPACITAÇÃO PARA OPERADOR DE TRATOR - EXCLUSIVE AGROPECUARIA (ENCARGOS COMPLEMENTARES) - MENSALISTA","MES","COEFICIENTE DE REPRESENTATIVIDADE",1,21.9,21.9,"","","","","","","","","","",null,"ENCARGOS COMPLEMENTARES REFERENCIAL"]
["SERVICOS DIVERSOS","SEDI","OUTROS",318,"","",101443,"OPERADOR DE USINA DE ASFALTO, DE SOLOS OU DE CONCRETO COM ENCARGOS COMPLEMENTARES","MES","COEFICIENTE DE REPRESENTATIVIDADE",4128.3500000000004,"","","","","","","","",3455,83.689609700000005,673.35,16.310390300000002,"0,00","0,0000000","0,00","0,0000000","0,00","0,0000000",0,"ENCARGOS COMPLEMENTARES REFERENCIAL"]
["SERVICOS DIVERSOS","SEDI","OUTROS",318,"","",101443,"OPERADOR DE USINA DE ASFALTO, DE SOLOS OU DE CONCRETO COM ENCARGOS COMPLEMENTARES","MES","COEFICIENTE DE REPRESENTATIVIDADE",4128.3500000000004,"INSUMO",40861,"TRANSPORTE - MENSALISTA (COLETADO CAIXA)","MES","COLETADO",1,135.51,135.51,"","","","","","","","","","",null,"ENCARGOS COMPLEMENTARES REFERENCIAL"]
["SERVICOS DIVERSOS","SEDI","OUTROS",318,"","",101443,"OPERADOR DE USINA DE ASFALTO, DE SOLOS OU DE CONCRETO COM ENCARGOS COMPLEMENTARES","MES","COEFICIENTE DE REPRESENTATIVIDADE",4128.3500000000004,"INSUMO",40862,"ALIMENTACAO - MENSALISTA (COLETADO CAIXA)","MES","COLETADO",1,333.44,333.44,"","","","","","","","","","",null,"ENCARGOS COMPLEMENTARES REFERENCIAL"]
["SERVICOS DIVERSOS","SEDI","OUTROS",318,"","",101443,"OPERADOR DE USINA DE ASFALTO, DE SOLOS OU DE CONCRETO COM ENCARGOS COMPLEMENTARES","MES","COEFICIENTE DE REPRESENTATIVIDADE",4128.3500000000004,"INSUMO",40863,"EXAMES - MENSALISTA (COLETADO CAIXA)","MES","COLETADO",1,65.94,65.94,"","","","","","","","","","",null,"ENCARGOS COMPLEMENTARES REFERENCIAL"]
["SERVICOS DIVERSOS","SEDI","OUTROS",318,"","",101443,"OPERADOR DE USINA DE ASFALTO, DE SOLOS OU DE CONCRETO COM ENCARGOS COMPLEMENTARES","MES","COEFICIENTE DE REPRESENTATIVIDADE",4128.3500000000004,"INSUMO",40864,"SEGURO - MENSALISTA (COLETADO CAIXA)","MES","COLETADO",1,13.07,13.07,"","","","","","","","","","",null,"ENCARGOS COMPLEMENTARES REFERENCIAL"]
["SERVICOS DIVERSOS","SEDI","OUTROS",318,"","",101443,"OPERADOR DE USINA DE ASFALTO, DE SOLOS OU DE CONCRETO COM ENCARGOS COMPLEMENTARES","MES","COEFICIENTE DE REPRESENTATIVIDADE",4128.3500000000004,"INSUMO",41001,"OPERADOR DE USINA DE ASFALTO, DE SOLOS OU DE CONCRETO (MENSALISTA)","MES","COEFICIENTE DE REPRESENTATIVIDADE",1,3439.87,3439.87,"","","","","","","","","","",null,"ENCARGOS COMPLEMENTARES REFERENCIAL"]
["SERVICOS DIVERSOS","SEDI","OUTROS",318,"","",101443,"OPERADOR DE USINA DE ASFALTO, DE SOLOS OU DE CONCRETO COM ENCARGOS COMPLEMENTARES","MES","COEFICIENTE DE REPRESENTATIVIDADE",4128.3500000000004,"INSUMO",43476,"FERRAMENTAS - FAMILIA OPERADOR ESCAVADEIRA - MENSALISTA (ENCARGOS COMPLEMENTARES - COLETADO CAIXA)","MES","COLETADO",1,0.01,0.01,"","","","","","","","","","",null,"ENCARGOS COMPLEMENTARES REFERENCIAL"]
["SERVICOS DIVERSOS","SEDI","OUTROS",318,"","",101443,"OPERADOR DE USINA DE ASFALTO, DE SOLOS OU DE CONCRETO COM ENCARGOS COMPLEMENTARES","MES","COEFICIENTE DE REPRESENTATIVIDADE",4128.3500000000004,"INSUMO",43500,"EPI - FAMILIA OPERADOR ESCAVADEIRA - MENSALISTA (ENCARGOS COMPLEMENTARES - COLETADO CAIXA)","MES","COLETADO",1,125.38,125.38,"","","","","","","","","","",null,"ENCARGOS COMPLEMENTARES REFERENCIAL"]
["SERVICOS DIVERSOS","SEDI","OUTROS",318,"","",101443,"OPERADOR DE USINA DE ASFALTO, DE SOLOS OU DE CONCRETO COM ENCARGOS COMPLEMENTARES","MES","COEFICIENTE DE REPRESENTATIVIDADE",4128.3500000000004,"COMPOSICAO",101355,"CURSO DE CAPACITAÇÃO PARA OPERADOR DE USINA DE ASFALTO, DE SOLOS OU DE CONCRETO (ENCARGOS COMPLEMENTARES) - MENSALISTA","MES","COEFICIENTE DE REPRESENTATIVIDADE",1,15.13,15.13,"","","","","","","","","","",null,"ENCARGOS COMPLEMENTARES REFERENCIAL"]
["SERVICOS DIVERSOS","SEDI","OUTROS",318,"","",101444,"PASTILHEIRO COM ENCARGOS COMPLEMENTARES","MES","COEFICIENTE DE REPRESENTATIVIDADE",3978.65,"","","","","","","","",3153.92,79.271109600000003,824.73,20.728890400000001,"0,00","0,0000000","0,00","0,0000000","0,00","0,0000000",0,"ENCARGOS COMPLEMENTARES REFERENCIAL"]
["SERVICOS DIVERSOS","SEDI","OUTROS",318,"","",101444,"PASTILHEIRO COM ENCARGOS COMPLEMENTARES","MES","COEFICIENTE DE REPRESENTATIVIDADE",3978.65,"INSUMO",40861,"TRANSPORTE - MENSALISTA (COLETADO CAIXA)","MES","COLETADO",1,135.51,135.51,"","","","","","","","","","",null,"ENCARGOS COMPLEMENTARES REFERENCIAL"]
["SERVICOS DIVERSOS","SEDI","OUTROS",318,"","",101444,"PASTILHEIRO COM ENCARGOS COMPLEMENTARES","MES","COEFICIENTE DE REPRESENTATIVIDADE",3978.65,"INSUMO",40862,"ALIMENTACAO - MENSALISTA (COLETADO CAIXA)","MES","COLETADO",1,333.44,333.44,"","","","","","","","","","",null,"ENCARGOS COMPLEMENTARES REFERENCIAL"]
["SERVICOS DIVERSOS","SEDI","OUTROS",318,"","",101444,"PASTILHEIRO COM ENCARGOS COMPLEMENTARES","MES","COEFICIENTE DE REPRESENTATIVIDADE",3978.65,"INSUMO",40863,"EXAMES - MENSALISTA (COLETADO CAIXA)","MES","COLETADO",1,65.94,65.94,"","","","","","","","","","",null,"ENCARGOS COMPLEMENTARES REFERENCIAL"]
["SERVICOS DIVERSOS","SEDI","OUTROS",318,"","",101444,"PASTILHEIRO COM ENCARGOS COMPLEMENTARES","MES","COEFICIENTE DE REPRESENTATIVIDADE",3978.65,"INSUMO",40864,"SEGURO - MENSALISTA (COLETADO CAIXA)","MES","COLETADO",1,13.07,13.07,"","","","","","","","","","",null,"ENCARGOS COMPLEMENTARES REFERENCIAL"]
["SERVICOS DIVERSOS","SEDI","OUTROS",318,"","",101444,"PASTILHEIRO COM ENCARGOS COMPLEMENTARES","MES","COEFICIENTE DE REPRESENTATIVIDADE",3978.65,"INSUMO",41066,"PASTILHEIRO (MENSALISTA)","MES","COEFICIENTE DE REPRESENTATIVIDADE",1,3129.51,3129.51,"","","","","","","","","","",null,"ENCARGOS COMPLEMENTARES REFERENCIAL"]
["SERVICOS DIVERSOS","SEDI","OUTROS",318,"","",101444,"PASTILHEIRO COM ENCARGOS COMPLEMENTARES","MES","COEFICIENTE DE REPRESENTATIVIDADE",3978.65,"INSUMO",43477,"FERRAMENTAS - FAMILIA PEDREIRO - MENSALISTA (ENCARGOS COMPLEMENTARES - COLETADO CAIXA)","MES","COLETADO",1,94.89,94.89,"","","","","","","","","","",null,"ENCARGOS COMPLEMENTARES REFERENCIAL"]
["SERVICOS DIVERSOS","SEDI","OUTROS",318,"","",101444,"PASTILHEIRO COM ENCARGOS COMPLEMENTARES","MES","COEFICIENTE DE REPRESENTATIVIDADE",3978.65,"INSUMO",43501,"EPI - FAMILIA PEDREIRO - MENSALISTA (ENCARGOS COMPLEMENTARES - COLETADO CAIXA)","MES","COLETADO",1,181.88,181.88,"","","","","","","","","","",null,"ENCARGOS COMPLEMENTARES REFERENCIAL"]
["SERVICOS DIVERSOS","SEDI","OUTROS",318,"","",101444,"PASTILHEIRO COM ENCARGOS COMPLEMENTARES","MES","COEFICIENTE DE REPRESENTATIVIDADE",3978.65,"COMPOSICAO",101356,"CURSO DE CAPACITAÇÃO PARA PASTILHEIRO (ENCARGOS COMPLEMENTARES) - MENSALISTA","MES","COEFICIENTE DE REPRESENTATIVIDADE",1,24.41,24.41,"","","","","","","","","","",null,"ENCARGOS COMPLEMENTARES REFERENCIAL"]
["SERVICOS DIVERSOS","SEDI","OUTROS",318,"","",101445,"PEDREIRO COM ENCARGOS COMPLEMENTARES","MES","COEFICIENTE DE REPRESENTATIVIDADE",3238.93,"","","","","","","","",2414.1999999999998,74.536961300000002,824.73,25.463038699999998,"0,00","0,0000000","0,00","0,0000000","0,00","0,0000000",0,"ENCARGOS COMPLEMENTARES REFERENCIAL"]
["SERVICOS DIVERSOS","SEDI","OUTROS",318,"","",101445,"PEDREIRO COM ENCARGOS COMPLEMENTARES","MES","COEFICIENTE DE REPRESENTATIVIDADE",3238.93,"INSUMO",40861,"TRANSPORTE - MENSALISTA (COLETADO CAIXA)","MES","COLETADO",1,135.51,135.51,"","","","","","","","","","",null,"ENCARGOS COMPLEMENTARES REFERENCIAL"]
["SERVICOS DIVERSOS","SEDI","OUTROS",318,"","",101445,"PEDREIRO COM ENCARGOS COMPLEMENTARES","MES","COEFICIENTE DE REPRESENTATIVIDADE",3238.93,"INSUMO",40862,"ALIMENTACAO - MENSALISTA (COLETADO CAIXA)","MES","COLETADO",1,333.44,333.44,"","","","","","","","","","",null,"ENCARGOS COMPLEMENTARES REFERENCIAL"]
["SERVICOS DIVERSOS","SEDI","OUTROS",318,"","",101445,"PEDREIRO COM ENCARGOS COMPLEMENTARES","MES","COEFICIENTE DE REPRESENTATIVIDADE",3238.93,"INSUMO",40863,"EXAMES - MENSALISTA (COLETADO CAIXA)","MES","COLETADO",1,65.94,65.94,"","","","","","","","","","",null,"ENCARGOS COMPLEMENTARES REFERENCIAL"]
["SERVICOS DIVERSOS","SEDI","OUTROS",318,"","",101445,"PEDREIRO COM ENCARGOS COMPLEMENTARES","MES","COEFICIENTE DE REPRESENTATIVIDADE",3238.93,"INSUMO",40864,"SEGURO - MENSALISTA (COLETADO CAIXA)","MES","COLETADO",1,13.07,13.07,"","","","","","","","","","",null,"ENCARGOS COMPLEMENTARES REFERENCIAL"]
["SERVICOS DIVERSOS","SEDI","OUTROS",318,"","",101445,"PEDREIRO COM ENCARGOS COMPLEMENTARES","MES","COEFICIENTE DE REPRESENTATIVIDADE",3238.93,"INSUMO",41065,"PEDREIRO (MENSALISTA)","MES","COEFICIENTE DE REPRESENTATIVIDADE",1,2387.4699999999998,2387.4699999999998,"","","","","","","","","","",null,"ENCARGOS COMPLEMENTARES REFERENCIAL"]
["SERVICOS DIVERSOS","SEDI","OUTROS",318,"","",101445,"PEDREIRO COM ENCARGOS COMPLEMENTARES","MES","COEFICIENTE DE REPRESENTATIVIDADE",3238.93,"INSUMO",43477,"FERRAMENTAS - FAMILIA PEDREIRO - MENSALISTA (ENCARGOS COMPLEMENTARES - COLETADO CAIXA)","MES","COLETADO",1,94.89,94.89,"","","","","","","","","","",null,"ENCARGOS COMPLEMENTARES REFERENCIAL"]
["SERVICOS DIVERSOS","SEDI","OUTROS",318,"","",101445,"PEDREIRO COM ENCARGOS COMPLEMENTARES","MES","COEFICIENTE DE REPRESENTATIVIDADE",3238.93,"INSUMO",43501,"EPI - FAMILIA PEDREIRO - MENSALISTA (ENCARGOS COMPLEMENTARES - COLETADO CAIXA)","MES","COLETADO",1,181.88,181.88,"","","","","","","","","","",null,"ENCARGOS COMPLEMENTARES REFERENCIAL"]
["SERVICOS DIVERSOS","SEDI","OUTROS",318,"","",101445,"PEDREIRO COM ENCARGOS COMPLEMENTARES","MES","COEFICIENTE DE REPRESENTATIVIDADE",3238.93,"COMPOSICAO",101357,"CURSO DE CAPACITAÇÃO PARA PEDREIRO (ENCARGOS COMPLEMENTARES) - MENSALISTA","MES","COEFICIENTE DE REPRESENTATIVIDADE",1,26.73,26.73,"","","","","","","","","","",null,"ENCARGOS COMPLEMENTARES REFERENCIAL"]
["SERVICOS DIVERSOS","SEDI","OUTROS",318,"","",101446,"PINTOR COM ENCARGOS COMPLEMENTARES","MES","COEFICIENTE DE REPRESENTATIVIDADE",3586.83,"","","","","","","","",2542.9299999999998,70.896306800000005,1043.9000000000001,29.103693199999999,"0,00","0,0000000","0,00","0,0000000","0,00","0,0000000",0,"ENCARGOS COMPLEMENTARES REFERENCIAL"]
["SERVICOS DIVERSOS","SEDI","OUTROS",318,"","",101446,"PINTOR COM ENCARGOS COMPLEMENTARES","MES","COEFICIENTE DE REPRESENTATIVIDADE",3586.83,"INSUMO",40861,"TRANSPORTE - MENSALISTA (COLETADO CAIXA)","MES","COLETADO",1,135.51,135.51,"","","","","","","","","","",null,"ENCARGOS COMPLEMENTARES REFERENCIAL"]
["SERVICOS DIVERSOS","SEDI","OUTROS",318,"","",101446,"PINTOR COM ENCARGOS COMPLEMENTARES","MES","COEFICIENTE DE REPRESENTATIVIDADE",3586.83,"INSUMO",40862,"ALIMENTACAO - MENSALISTA (COLETADO CAIXA)","MES","COLETADO",1,333.44,333.44,"","","","","","","","","","",null,"ENCARGOS COMPLEMENTARES REFERENCIAL"]
["SERVICOS DIVERSOS","SEDI","OUTROS",318,"","",101446,"PINTOR COM ENCARGOS COMPLEMENTARES","MES","COEFICIENTE DE REPRESENTATIVIDADE",3586.83,"INSUMO",40863,"EXAMES - MENSALISTA (COLETADO CAIXA)","MES","COLETADO",1,65.94,65.94,"","","","","","","","","","",null,"ENCARGOS COMPLEMENTARES REFERENCIAL"]
["SERVICOS DIVERSOS","SEDI","OUTROS",318,"","",101446,"PINTOR COM ENCARGOS COMPLEMENTARES","MES","COEFICIENTE DE REPRESENTATIVIDADE",3586.83,"INSUMO",40864,"SEGURO - MENSALISTA (COLETADO CAIXA)","MES","COLETADO",1,13.07,13.07,"","","","","","","","","","",null,"ENCARGOS COMPLEMENTARES REFERENCIAL"]
["SERVICOS DIVERSOS","SEDI","OUTROS",318,"","",101446,"PINTOR COM ENCARGOS COMPLEMENTARES","MES","COEFICIENTE DE REPRESENTATIVIDADE",3586.83,"INSUMO",41079,"PINTOR (MENSALISTA)","MES","COEFICIENTE DE REPRESENTATIVIDADE",1,2523.25,2523.25,"","","","","","","","","","",null,"ENCARGOS COMPLEMENTARES REFERENCIAL"]
["SERVICOS DIVERSOS","SEDI","OUTROS",318,"","",101446,"PINTOR COM ENCARGOS COMPLEMENTARES","MES","COEFICIENTE DE REPRESENTATIVIDADE",3586.83,"INSUMO",43478,"FERRAMENTAS - FAMILIA PINTOR - MENSALISTA (ENCARGOS COMPLEMENTARES - COLETADO CAIXA)","MES","COLETADO",1,220.02,220.02,"","","","","","","","","","",null,"ENCARGOS COMPLEMENTARES REFERENCIAL"]
["SERVICOS DIVERSOS","SEDI","OUTROS",318,"","",101446,"PINTOR COM ENCARGOS COMPLEMENTARES","MES","COEFICIENTE DE REPRESENTATIVIDADE",3586.83,"INSUMO",43502,"EPI - FAMILIA PINTOR - MENSALISTA (ENCARGOS COMPLEMENTARES - COLETADO CAIXA)","MES","COLETADO",1,275.92,275.92,"","","","","","","","","","",null,"ENCARGOS COMPLEMENTARES REFERENCIAL"]
["SERVICOS DIVERSOS","SEDI","OUTROS",318,"","",101446,"PINTOR COM ENCARGOS COMPLEMENTARES","MES","COEFICIENTE DE REPRESENTATIVIDADE",3586.83,"COMPOSICAO",101358,"CURSO DE CAPACITAÇÃO PARA PINTOR (ENCARGOS COMPLEMENTARES) - MENSALISTA","MES","COEFICIENTE DE REPRESENTATIVIDADE",1,19.68,19.68,"","","","","","","","","","",null,"ENCARGOS COMPLEMENTARES REFERENCIAL"]
["SERVICOS DIVERSOS","SEDI","OUTROS",318,"","",101447,"PINTOR DE LETREIROS COM ENCARGOS COMPLEMENTARES","MES","COEFICIENTE DE REPRESENTATIVIDADE",4338.5600000000004,"","","","","","","","",3294.66,75.939021299999993,1043.9000000000001,24.0609787,"0,00","0,0000000","0,00","0,0000000","0,00","0,0000000",0,"ENCARGOS COMPLEMENTARES REFERENCIAL"]
["SERVICOS DIVERSOS","SEDI","OUTROS",318,"","",101447,"PINTOR DE LETREIROS COM ENCARGOS COMPLEMENTARES","MES","COEFICIENTE DE REPRESENTATIVIDADE",4338.5600000000004,"INSUMO",40861,"TRANSPORTE - MENSALISTA (COLETADO CAIXA)","MES","COLETADO",1,135.51,135.51,"","","","","","","","","","",null,"ENCARGOS COMPLEMENTARES REFERENCIAL"]
["SERVICOS DIVERSOS","SEDI","OUTROS",318,"","",101447,"PINTOR DE LETREIROS COM ENCARGOS COMPLEMENTARES","MES","COEFICIENTE DE REPRESENTATIVIDADE",4338.5600000000004,"INSUMO",40862,"ALIMENTACAO - MENSALISTA (COLETADO CAIXA)","MES","COLETADO",1,333.44,333.44,"","","","","","","","","","",null,"ENCARGOS COMPLEMENTARES REFERENCIAL"]
["SERVICOS DIVERSOS","SEDI","OUTROS",318,"","",101447,"PINTOR DE LETREIROS COM ENCARGOS COMPLEMENTARES","MES","COEFICIENTE DE REPRESENTATIVIDADE",4338.5600000000004,"INSUMO",40863,"EXAMES - MENSALISTA (COLETADO CAIXA)","MES","COLETADO",1,65.94,65.94,"","","","","","","","","","",null,"ENCARGOS COMPLEMENTARES REFERENCIAL"]
["SERVICOS DIVERSOS","SEDI","OUTROS",318,"","",101447,"PINTOR DE LETREIROS COM ENCARGOS COMPLEMENTARES","MES","COEFICIENTE DE REPRESENTATIVIDADE",4338.5600000000004,"INSUMO",40864,"SEGURO - MENSALISTA (COLETADO CAIXA)","MES","COLETADO",1,13.07,13.07,"","","","","","","","","","",null,"ENCARGOS COMPLEMENTARES REFERENCIAL"]
["SERVICOS DIVERSOS","SEDI","OUTROS",318,"","",101447,"PINTOR DE LETREIROS COM ENCARGOS COMPLEMENTARES","MES","COEFICIENTE DE REPRESENTATIVIDADE",4338.5600000000004,"INSUMO",41082,"PINTOR DE LETREIROS (MENSALISTA)","MES","COEFICIENTE DE REPRESENTATIVIDADE",1,3269.17,3269.17,"","","","","","","","","","",null,"ENCARGOS COMPLEMENTARES REFERENCIAL"]
["SERVICOS DIVERSOS","SEDI","OUTROS",318,"","",101447,"PINTOR DE LETREIROS COM ENCARGOS COMPLEMENTARES","MES","COEFICIENTE DE REPRESENTATIVIDADE",4338.5600000000004,"INSUMO",43478,"FERRAMENTAS - FAMILIA PINTOR - MENSALISTA (ENCARGOS COMPLEMENTARES - COLETADO CAIXA)","MES","COLETADO",1,220.02,220.02,"","","","","","","","","","",null,"ENCARGOS COMPLEMENTARES REFERENCIAL"]
["SERVICOS DIVERSOS","SEDI","OUTROS",318,"","",101447,"PINTOR DE LETREIROS COM ENCARGOS COMPLEMENTARES","MES","COEFICIENTE DE REPRESENTATIVIDADE",4338.5600000000004,"INSUMO",43502,"EPI - FAMILIA PINTOR - MENSALISTA (ENCARGOS COMPLEMENTARES - COLETADO CAIXA)","MES","COLETADO",1,275.92,275.92,"","","","","","","","","","",null,"ENCARGOS COMPLEMENTARES REFERENCIAL"]
["SERVICOS DIVERSOS","SEDI","OUTROS",318,"","",101447,"PINTOR DE LETREIROS COM ENCARGOS COMPLEMENTARES","MES","COEFICIENTE DE REPRESENTATIVIDADE",4338.5600000000004,"COMPOSICAO",101359,"CURSO DE CAPACITAÇÃO PARA PINTOR DE LETREIROS (ENCARGOS COMPLEMENTARES) - MENSALISTA","MES","COEFICIENTE DE REPRESENTATIVIDADE",1,25.49,25.49,"","","","","","","","","","",null,"ENCARGOS COMPLEMENTARES REFERENCIAL"]
["SERVICOS DIVERSOS","SEDI","OUTROS",318,"","",101448,"PINTOR PARA TINTA EPÓXI COM ENCARGOS COMPLEMENTARES","MES","COEFICIENTE DE REPRESENTATIVIDADE",3779.07,"","","","","","","","",2735.17,72.376801700000001,1043.9000000000001,27.623198299999999,"0,00","0,0000000","0,00","0,0000000","0,00","0,0000000",0,"ENCARGOS COMPLEMENTARES REFERENCIAL"]
["SERVICOS DIVERSOS","SEDI","OUTROS",318,"","",101448,"PINTOR PARA TINTA EPÓXI COM ENCARGOS COMPLEMENTARES","MES","COEFICIENTE DE REPRESENTATIVIDADE",3779.07,"INSUMO",40861,"TRANSPORTE - MENSALISTA (COLETADO CAIXA)","MES","COLETADO",1,135.51,135.51,"","","","","","","","","","",null,"ENCARGOS COMPLEMENTARES REFERENCIAL"]
["SERVICOS DIVERSOS","SEDI","OUTROS",318,"","",101448,"PINTOR PARA TINTA EPÓXI COM ENCARGOS COMPLEMENTARES","MES","COEFICIENTE DE REPRESENTATIVIDADE",3779.07,"INSUMO",40862,"ALIMENTACAO - MENSALISTA (COLETADO CAIXA)","MES","COLETADO",1,333.44,333.44,"","","","","","","","","","",null,"ENCARGOS COMPLEMENTARES REFERENCIAL"]
["SERVICOS DIVERSOS","SEDI","OUTROS",318,"","",101448,"PINTOR PARA TINTA EPÓXI COM ENCARGOS COMPLEMENTARES","MES","COEFICIENTE DE REPRESENTATIVIDADE",3779.07,"INSUMO",40863,"EXAMES - MENSALISTA (COLETADO CAIXA)","MES","COLETADO",1,65.94,65.94,"","","","","","","","","","",null,"ENCARGOS COMPLEMENTARES REFERENCIAL"]
["SERVICOS DIVERSOS","SEDI","OUTROS",318,"","",101448,"PINTOR PARA TINTA EPÓXI COM ENCARGOS COMPLEMENTARES","MES","COEFICIENTE DE REPRESENTATIVIDADE",3779.07,"INSUMO",40864,"SEGURO - MENSALISTA (COLETADO CAIXA)","MES","COLETADO",1,13.07,13.07,"","","","","","","","","","",null,"ENCARGOS COMPLEMENTARES REFERENCIAL"]
["SERVICOS DIVERSOS","SEDI","OUTROS",318,"","",101448,"PINTOR PARA TINTA EPÓXI COM ENCARGOS COMPLEMENTARES","MES","COEFICIENTE DE REPRESENTATIVIDADE",3779.07,"INSUMO",41081,"PINTOR PARA TINTA EPOXI (MENSALISTA)","MES","COEFICIENTE DE REPRESENTATIVIDADE",1,2714.01,2714.01,"","","","","","","","","","",null,"ENCARGOS COMPLEMENTARES REFERENCIAL"]
["SERVICOS DIVERSOS","SEDI","OUTROS",318,"","",101448,"PINTOR PARA TINTA EPÓXI COM ENCARGOS COMPLEMENTARES","MES","COEFICIENTE DE REPRESENTATIVIDADE",3779.07,"INSUMO",43478,"FERRAMENTAS - FAMILIA PINTOR - MENSALISTA (ENCARGOS COMPLEMENTARES - COLETADO CAIXA)","MES","COLETADO",1,220.02,220.02,"","","","","","","","","","",null,"ENCARGOS COMPLEMENTARES REFERENCIAL"]
["SERVICOS DIVERSOS","SEDI","OUTROS",318,"","",101448,"PINTOR PARA TINTA EPÓXI COM ENCARGOS COMPLEMENTARES","MES","COEFICIENTE DE REPRESENTATIVIDADE",3779.07,"INSUMO",43502,"EPI - FAMILIA PINTOR - MENSALISTA (ENCARGOS COMPLEMENTARES - COLETADO CAIXA)","MES","COLETADO",1,275.92,275.92,"","","","","","","","","","",null,"ENCARGOS COMPLEMENTARES REFERENCIAL"]
["SERVICOS DIVERSOS","SEDI","OUTROS",318,"","",101448,"PINTOR PARA TINTA EPÓXI COM ENCARGOS COMPLEMENTARES","MES","COEFICIENTE DE REPRESENTATIVIDADE",3779.07,"COMPOSICAO",101360,"CURSO DE CAPACITAÇÃO PARA PINTOR PARA TINTA EPOXI (ENCARGOS COMPLEMENTARES) - MENSALISTA","MES","COEFICIENTE DE REPRESENTATIVIDADE",1,21.16,21.16,"","","","","","","","","","",null,"ENCARGOS COMPLEMENTARES REFERENCIAL"]
["SERVICOS DIVERSOS","SEDI","OUTROS",318,"","",101449,"POCEIRO / ESCAVADOR DE VALAS COM ENCARGOS COMPLEMENTARES","MES","COEFICIENTE DE REPRESENTATIVIDADE",2793.55,"","","","","","","","",2120.1999999999998,75.896261100000004,673.35,24.1037389,"0,00","0,0000000","0,00","0,0000000","0,00","0,0000000",0,"ENCARGOS COMPLEMENTARES REFERENCIAL"]
["SERVICOS DIVERSOS","SEDI","OUTROS",318,"","",101449,"POCEIRO / ESCAVADOR DE VALAS COM ENCARGOS COMPLEMENTARES","MES","COEFICIENTE DE REPRESENTATIVIDADE",2793.55,"INSUMO",40861,"TRANSPORTE - MENSALISTA (COLETADO CAIXA)","MES","COLETADO",1,135.51,135.51,"","","","","","","","","","",null,"ENCARGOS COMPLEMENTARES REFERENCIAL"]
["SERVICOS DIVERSOS","SEDI","OUTROS",318,"","",101449,"POCEIRO / ESCAVADOR DE VALAS COM ENCARGOS COMPLEMENTARES","MES","COEFICIENTE DE REPRESENTATIVIDADE",2793.55,"INSUMO",40862,"ALIMENTACAO - MENSALISTA (COLETADO CAIXA)","MES","COLETADO",1,333.44,333.44,"","","","","","","","","","",null,"ENCARGOS COMPLEMENTARES REFERENCIAL"]
["SERVICOS DIVERSOS","SEDI","OUTROS",318,"","",101449,"POCEIRO / ESCAVADOR DE VALAS COM ENCARGOS COMPLEMENTARES","MES","COEFICIENTE DE REPRESENTATIVIDADE",2793.55,"INSUMO",40863,"EXAMES - MENSALISTA (COLETADO CAIXA)","MES","COLETADO",1,65.94,65.94,"","","","","","","","","","",null,"ENCARGOS COMPLEMENTARES REFERENCIAL"]
["SERVICOS DIVERSOS","SEDI","OUTROS",318,"","",101449,"POCEIRO / ESCAVADOR DE VALAS COM ENCARGOS COMPLEMENTARES","MES","COEFICIENTE DE REPRESENTATIVIDADE",2793.55,"INSUMO",40864,"SEGURO - MENSALISTA (COLETADO CAIXA)","MES","COLETADO",1,13.07,13.07,"","","","","","","","","","",null,"ENCARGOS COMPLEMENTARES REFERENCIAL"]
["SERVICOS DIVERSOS","SEDI","OUTROS",318,"","",101449,"POCEIRO / ESCAVADOR DE VALAS COM ENCARGOS COMPLEMENTARES","MES","COEFICIENTE DE REPRESENTATIVIDADE",2793.55,"INSUMO",41091,"POCEIRO / ESCAVADOR DE VALAS E TUBULOES (MENSALISTA)","MES","COEFICIENTE DE REPRESENTATIVIDADE",1,2096.7199999999998,2096.7199999999998,"","","","","","","","","","",null,"ENCARGOS COMPLEMENTARES REFERENCIAL"]
["SERVICOS DIVERSOS","SEDI","OUTROS",318,"","",101449,"POCEIRO / ESCAVADOR DE VALAS COM ENCARGOS COMPLEMENTARES","MES","COEFICIENTE DE REPRESENTATIVIDADE",2793.55,"INSUMO",43476,"FERRAMENTAS - FAMILIA OPERADOR ESCAVADEIRA - MENSALISTA (ENCARGOS COMPLEMENTARES - COLETADO CAIXA)","MES","COLETADO",1,0.01,0.01,"","","","","","","","","","",null,"ENCARGOS COMPLEMENTARES REFERENCIAL"]
["SERVICOS DIVERSOS","SEDI","OUTROS",318,"","",101449,"POCEIRO / ESCAVADOR DE VALAS COM ENCARGOS COMPLEMENTARES","MES","COEFICIENTE DE REPRESENTATIVIDADE",2793.55,"INSUMO",43500,"EPI - FAMILIA OPERADOR ESCAVADEIRA - MENSALISTA (ENCARGOS COMPLEMENTARES - COLETADO CAIXA)","MES","COLETADO",1,125.38,125.38,"","","","","","","","","","",null,"ENCARGOS COMPLEMENTARES REFERENCIAL"]
["SERVICOS DIVERSOS","SEDI","OUTROS",318,"","",101449,"POCEIRO / ESCAVADOR DE VALAS COM ENCARGOS COMPLEMENTARES","MES","COEFICIENTE DE REPRESENTATIVIDADE",2793.55,"COMPOSICAO",101361,"CURSO DE CAPACITAÇÃO PARA POCEIRO / ESCAVADOR DE VALAS E TUBULOES (ENCARGOS COMPLEMENTARES) - MENSALISTA","MES","COEFICIENTE DE REPRESENTATIVIDADE",1,23.48,23.48,"","","","","","","","","","",null,"ENCARGOS COMPLEMENTARES REFERENCIAL"]
["SERVICOS DIVERSOS","SEDI","OUTROS",318,"","",101450,"RASTELEIRO COM ENCARGOS COMPLEMENTARES","MES","COEFICIENTE DE REPRESENTATIVIDADE",3390.08,"","","","","","","","",2716.73,80.137636900000004,673.35,19.8623631,"0,00","0,0000000","0,00","0,0000000","0,00","0,0000000",0,"ENCARGOS COMPLEMENTARES REFERENCIAL"]
["SERVICOS DIVERSOS","SEDI","OUTROS",318,"","",101450,"RASTELEIRO COM ENCARGOS COMPLEMENTARES","MES","COEFICIENTE DE REPRESENTATIVIDADE",3390.08,"INSUMO",40861,"TRANSPORTE - MENSALISTA (COLETADO CAIXA)","MES","COLETADO",1,135.51,135.51,"","","","","","","","","","",null,"ENCARGOS COMPLEMENTARES REFERENCIAL"]
["SERVICOS DIVERSOS","SEDI","OUTROS",318,"","",101450,"RASTELEIRO COM ENCARGOS COMPLEMENTARES","MES","COEFICIENTE DE REPRESENTATIVIDADE",3390.08,"INSUMO",40862,"ALIMENTACAO - MENSALISTA (COLETADO CAIXA)","MES","COLETADO",1,333.44,333.44,"","","","","","","","","","",null,"ENCARGOS COMPLEMENTARES REFERENCIAL"]
["SERVICOS DIVERSOS","SEDI","OUTROS",318,"","",101450,"RASTELEIRO COM ENCARGOS COMPLEMENTARES","MES","COEFICIENTE DE REPRESENTATIVIDADE",3390.08,"INSUMO",40863,"EXAMES - MENSALISTA (COLETADO CAIXA)","MES","COLETADO",1,65.94,65.94,"","","","","","","","","","",null,"ENCARGOS COMPLEMENTARES REFERENCIAL"]
["SERVICOS DIVERSOS","SEDI","OUTROS",318,"","",101450,"RASTELEIRO COM ENCARGOS COMPLEMENTARES","MES","COEFICIENTE DE REPRESENTATIVIDADE",3390.08,"INSUMO",40864,"SEGURO - MENSALISTA (COLETADO CAIXA)","MES","COLETADO",1,13.07,13.07,"","","","","","","","","","",null,"ENCARGOS COMPLEMENTARES REFERENCIAL"]
["SERVICOS DIVERSOS","SEDI","OUTROS",318,"","",101450,"RASTELEIRO COM ENCARGOS COMPLEMENTARES","MES","COEFICIENTE DE REPRESENTATIVIDADE",3390.08,"INSUMO",40985,"RASTELEIRO (MENSALISTA)","MES","COEFICIENTE DE REPRESENTATIVIDADE",1,2709.42,2709.42,"","","","","","","","","","",null,"ENCARGOS COMPLEMENTARES REFERENCIAL"]
["SERVICOS DIVERSOS","SEDI","OUTROS",318,"","",101450,"RASTELEIRO COM ENCARGOS COMPLEMENTARES","MES","COEFICIENTE DE REPRESENTATIVIDADE",3390.08,"INSUMO",43476,"FERRAMENTAS - FAMILIA OPERADOR ESCAVADEIRA - MENSALISTA (ENCARGOS COMPLEMENTARES - COLETADO CAIXA)","MES","COLETADO",1,0.01,0.01,"","","","","","","","","","",null,"ENCARGOS COMPLEMENTARES REFERENCIAL"]
["SERVICOS DIVERSOS","SEDI","OUTROS",318,"","",101450,"RASTELEIRO COM ENCARGOS COMPLEMENTARES","MES","COEFICIENTE DE REPRESENTATIVIDADE",3390.08,"INSUMO",43500,"EPI - FAMILIA OPERADOR ESCAVADEIRA - MENSALISTA (ENCARGOS COMPLEMENTARES - COLETADO CAIXA)","MES","COLETADO",1,125.38,125.38,"","","","","","","","","","",null,"ENCARGOS COMPLEMENTARES REFERENCIAL"]
["SERVICOS DIVERSOS","SEDI","OUTROS",318,"","",101450,"RASTELEIRO COM ENCARGOS COMPLEMENTARES","MES","COEFICIENTE DE REPRESENTATIVIDADE",3390.08,"COMPOSICAO",101362,"CURSO DE CAPACITAÇÃO PARA RASTELEIRO (ENCARGOS COMPLEMENTARES) - MENSALISTA","MES","COEFICIENTE DE REPRESENTATIVIDADE",1,7.31,7.31,"","","","","","","","","","",null,"ENCARGOS COMPLEMENTARES REFERENCIAL"]
["SERVICOS DIVERSOS","SEDI","OUTROS",318,"","",101451,"SERRALHEIRO COM ENCARGOS COMPLEMENTARES","MES","COEFICIENTE DE REPRESENTATIVIDADE",3226.76,"","","","","","","","",2402.0300000000002,74.440925300000004,824.73,25.5590747,"0,00","0,0000000","0,00","0,0000000","0,00","0,0000000",0,"ENCARGOS COMPLEMENTARES REFERENCIAL"]
["SERVICOS DIVERSOS","SEDI","OUTROS",318,"","",101451,"SERRALHEIRO COM ENCARGOS COMPLEMENTARES","MES","COEFICIENTE DE REPRESENTATIVIDADE",3226.76,"INSUMO",40861,"TRANSPORTE - MENSALISTA (COLETADO CAIXA)","MES","COLETADO",1,135.51,135.51,"","","","","","","","","","",null,"ENCARGOS COMPLEMENTARES REFERENCIAL"]
["SERVICOS DIVERSOS","SEDI","OUTROS",318,"","",101451,"SERRALHEIRO COM ENCARGOS COMPLEMENTARES","MES","COEFICIENTE DE REPRESENTATIVIDADE",3226.76,"INSUMO",40862,"ALIMENTACAO - MENSALISTA (COLETADO CAIXA)","MES","COLETADO",1,333.44,333.44,"","","","","","","","","","",null,"ENCARGOS COMPLEMENTARES REFERENCIAL"]
["SERVICOS DIVERSOS","SEDI","OUTROS",318,"","",101451,"SERRALHEIRO COM ENCARGOS COMPLEMENTARES","MES","COEFICIENTE DE REPRESENTATIVIDADE",3226.76,"INSUMO",40863,"EXAMES - MENSALISTA (COLETADO CAIXA)","MES","COLETADO",1,65.94,65.94,"","","","","","","","","","",null,"ENCARGOS COMPLEMENTARES REFERENCIAL"]
["SERVICOS DIVERSOS","SEDI","OUTROS",318,"","",101451,"SERRALHEIRO COM ENCARGOS COMPLEMENTARES","MES","COEFICIENTE DE REPRESENTATIVIDADE",3226.76,"INSUMO",40864,"SEGURO - MENSALISTA (COLETADO CAIXA)","MES","COLETADO",1,13.07,13.07,"","","","","","","","","","",null,"ENCARGOS COMPLEMENTARES REFERENCIAL"]
["SERVICOS DIVERSOS","SEDI","OUTROS",318,"","",101451,"SERRALHEIRO COM ENCARGOS COMPLEMENTARES","MES","COEFICIENTE DE REPRESENTATIVIDADE",3226.76,"INSUMO",40910,"SERRALHEIRO (MENSALISTA)","MES","COEFICIENTE DE REPRESENTATIVIDADE",1,2387.4699999999998,2387.4699999999998,"","","","","","","","","","",null,"ENCARGOS COMPLEMENTARES REFERENCIAL"]
["SERVICOS DIVERSOS","SEDI","OUTROS",318,"","",101451,"SERRALHEIRO COM ENCARGOS COMPLEMENTARES","MES","COEFICIENTE DE REPRESENTATIVIDADE",3226.76,"INSUMO",43477,"FERRAMENTAS - FAMILIA PEDREIRO - MENSALISTA (ENCARGOS COMPLEMENTARES - COLETADO CAIXA)","MES","COLETADO",1,94.89,94.89,"","","","","","","","","","",null,"ENCARGOS COMPLEMENTARES REFERENCIAL"]
["SERVICOS DIVERSOS","SEDI","OUTROS",318,"","",101451,"SERRALHEIRO COM ENCARGOS COMPLEMENTARES","MES","COEFICIENTE DE REPRESENTATIVIDADE",3226.76,"INSUMO",43501,"EPI - FAMILIA PEDREIRO - MENSALISTA (ENCARGOS COMPLEMENTARES - COLETADO CAIXA)","MES","COLETADO",1,181.88,181.88,"","","","","","","","","","",null,"ENCARGOS COMPLEMENTARES REFERENCIAL"]
["SERVICOS DIVERSOS","SEDI","OUTROS",318,"","",101451,"SERRALHEIRO COM ENCARGOS COMPLEMENTARES","MES","COEFICIENTE DE REPRESENTATIVIDADE",3226.76,"COMPOSICAO",101363,"CURSO DE CAPACITAÇÃO PARA SERRALHEIRO (ENCARGOS COMPLEMENTARES) - MENSALISTA","MES","COEFICIENTE DE REPRESENTATIVIDADE",1,14.56,14.56,"","","","","","","","","","",null,"ENCARGOS COMPLEMENTARES REFERENCIAL"]
["SERVICOS DIVERSOS","SEDI","OUTROS",318,"","",101452,"SERVENTE DE OBRAS COM ENCARGOS COMPLEMENTARES","MES","COEFICIENTE DE REPRESENTATIVIDADE",2623.61,"","","","","","","","",1811.6,69.049896899999993,812.01,30.9501031,"0,00","0,0000000","0,00","0,0000000","0,00","0,0000000",0,"ENCARGOS COMPLEMENTARES REFERENCIAL"]
["SERVICOS DIVERSOS","SEDI","OUTROS",318,"","",101452,"SERVENTE DE OBRAS COM ENCARGOS COMPLEMENTARES","MES","COEFICIENTE DE REPRESENTATIVIDADE",2623.61,"INSUMO",40861,"TRANSPORTE - MENSALISTA (COLETADO CAIXA)","MES","COLETADO",1,135.51,135.51,"","","","","","","","","","",null,"ENCARGOS COMPLEMENTARES REFERENCIAL"]
["SERVICOS DIVERSOS","SEDI","OUTROS",318,"","",101452,"SERVENTE DE OBRAS COM ENCARGOS COMPLEMENTARES","MES","COEFICIENTE DE REPRESENTATIVIDADE",2623.61,"INSUMO",40862,"ALIMENTACAO - MENSALISTA (COLETADO CAIXA)","MES","COLETADO",1,333.44,333.44,"","","","","","","","","","",null,"ENCARGOS COMPLEMENTARES REFERENCIAL"]
["SERVICOS DIVERSOS","SEDI","OUTROS",318,"","",101452,"SERVENTE DE OBRAS COM ENCARGOS COMPLEMENTARES","MES","COEFICIENTE DE REPRESENTATIVIDADE",2623.61,"INSUMO",40863,"EXAMES - MENSALISTA (COLETADO CAIXA)","MES","COLETADO",1,65.94,65.94,"","","","","","","","","","",null,"ENCARGOS COMPLEMENTARES REFERENCIAL"]
["SERVICOS DIVERSOS","SEDI","OUTROS",318,"","",101452,"SERVENTE DE OBRAS COM ENCARGOS COMPLEMENTARES","MES","COEFICIENTE DE REPRESENTATIVIDADE",2623.61,"INSUMO",40864,"SEGURO - MENSALISTA (COLETADO CAIXA)","MES","COLETADO",1,13.07,13.07,"","","","","","","","","","",null,"ENCARGOS COMPLEMENTARES REFERENCIAL"]
["SERVICOS DIVERSOS","SEDI","OUTROS",318,"","",101452,"SERVENTE DE OBRAS COM ENCARGOS COMPLEMENTARES","MES","COEFICIENTE DE REPRESENTATIVIDADE",2623.61,"INSUMO",41084,"SERVENTE DE OBRAS (MENSALISTA)","MES","COEFICIENTE DE REPRESENTATIVIDADE",1,1791.54,1791.54,"","","","","","","","","","",null,"ENCARGOS COMPLEMENTARES REFERENCIAL"]
["SERVICOS DIVERSOS","SEDI","OUTROS",318,"","",101452,"SERVENTE DE OBRAS COM ENCARGOS COMPLEMENTARES","MES","COEFICIENTE DE REPRESENTATIVIDADE",2623.61,"INSUMO",43479,"FERRAMENTAS - FAMILIA SERVENTE - MENSALISTA (ENCARGOS COMPLEMENTARES - COLETADO CAIXA)","MES","COLETADO",1,71.290000000000006,71.290000000000006,"","","","","","","","","","",null,"ENCARGOS COMPLEMENTARES REFERENCIAL"]
["SERVICOS DIVERSOS","SEDI","OUTROS",318,"","",101452,"SERVENTE DE OBRAS COM ENCARGOS COMPLEMENTARES","MES","COEFICIENTE DE REPRESENTATIVIDADE",2623.61,"INSUMO",43503,"EPI - FAMILIA SERVENTE - MENSALISTA (ENCARGOS COMPLEMENTARES - COLETADO CAIXA)","MES","COLETADO",1,192.76,192.76,"","","","","","","","","","",null,"ENCARGOS COMPLEMENTARES REFERENCIAL"]
["SERVICOS DIVERSOS","SEDI","OUTROS",318,"","",101452,"SERVENTE DE OBRAS COM ENCARGOS COMPLEMENTARES","MES","COEFICIENTE DE REPRESENTATIVIDADE",2623.61,"COMPOSICAO",101364,"CURSO DE CAPACITAÇÃO PARA SERVENTE DE OBRAS (ENCARGOS COMPLEMENTARES) - MENSALISTA","MES","COEFICIENTE DE REPRESENTATIVIDADE",1,20.059999999999999,20.059999999999999,"","","","","","","","","","",null,"ENCARGOS COMPLEMENTARES REFERENCIAL"]
["SERVICOS DIVERSOS","SEDI","OUTROS",318,"","",101453,"SOLDADOR COM ENCARGOS COMPLEMENTARES","MES","COEFICIENTE DE REPRESENTATIVIDADE",3629.25,"","","","","","","","",2667.66,73.504443100000003,961.59,26.4955569,"0,00","0,0000000","0,00","0,0000000","0,00","0,0000000",0,"ENCARGOS COMPLEMENTARES REFERENCIAL"]
["SERVICOS DIVERSOS","SEDI","OUTROS",318,"","",101453,"SOLDADOR COM ENCARGOS COMPLEMENTARES","MES","COEFICIENTE DE REPRESENTATIVIDADE",3629.25,"INSUMO",40861,"TRANSPORTE - MENSALISTA (COLETADO CAIXA)","MES","COLETADO",1,135.51,135.51,"","","","","","","","","","",null,"ENCARGOS COMPLEMENTARES REFERENCIAL"]
["SERVICOS DIVERSOS","SEDI","OUTROS",318,"","",101453,"SOLDADOR COM ENCARGOS COMPLEMENTARES","MES","COEFICIENTE DE REPRESENTATIVIDADE",3629.25,"INSUMO",40862,"ALIMENTACAO - MENSALISTA (COLETADO CAIXA)","MES","COLETADO",1,333.44,333.44,"","","","","","","","","","",null,"ENCARGOS COMPLEMENTARES REFERENCIAL"]
["SERVICOS DIVERSOS","SEDI","OUTROS",318,"","",101453,"SOLDADOR COM ENCARGOS COMPLEMENTARES","MES","COEFICIENTE DE REPRESENTATIVIDADE",3629.25,"INSUMO",40863,"EXAMES - MENSALISTA (COLETADO CAIXA)","MES","COLETADO",1,65.94,65.94,"","","","","","","","","","",null,"ENCARGOS COMPLEMENTARES REFERENCIAL"]
["SERVICOS DIVERSOS","SEDI","OUTROS",318,"","",101453,"SOLDADOR COM ENCARGOS COMPLEMENTARES","MES","COEFICIENTE DE REPRESENTATIVIDADE",3629.25,"INSUMO",40864,"SEGURO - MENSALISTA (COLETADO CAIXA)","MES","COLETADO",1,13.07,13.07,"","","","","","","","","","",null,"ENCARGOS COMPLEMENTARES REFERENCIAL"]
["SERVICOS DIVERSOS","SEDI","OUTROS",318,"","",101453,"SOLDADOR COM ENCARGOS COMPLEMENTARES","MES","COEFICIENTE DE REPRESENTATIVIDADE",3629.25,"INSUMO",41087,"SOLDADOR (MENSALISTA)","MES","COEFICIENTE DE REPRESENTATIVIDADE",1,2651.49,2651.49,"","","","","","","","","","",null,"ENCARGOS COMPLEMENTARES REFERENCIAL"]
["SERVICOS DIVERSOS","SEDI","OUTROS",318,"","",101453,"SOLDADOR COM ENCARGOS COMPLEMENTARES","MES","COEFICIENTE DE REPRESENTATIVIDADE",3629.25,"INSUMO",43480,"FERRAMENTAS - FAMILIA SOLDADOR - MENSALISTA (ENCARGOS COMPLEMENTARES - COLETADO CAIXA)","MES","COLETADO",1,157.85,157.85,"","","","","","","","","","",null,"ENCARGOS COMPLEMENTARES REFERENCIAL"]
["SERVICOS DIVERSOS","SEDI","OUTROS",318,"","",101453,"SOLDADOR COM ENCARGOS COMPLEMENTARES","MES","COEFICIENTE DE REPRESENTATIVIDADE",3629.25,"INSUMO",43504,"EPI - FAMILIA SOLDADOR - MENSALISTA (ENCARGOS COMPLEMENTARES - COLETADO CAIXA)","MES","COLETADO",1,255.78,255.78,"","","","","","","","","","",null,"ENCARGOS COMPLEMENTARES REFERENCIAL"]
["SERVICOS DIVERSOS","SEDI","OUTROS",318,"","",101453,"SOLDADOR COM ENCARGOS COMPLEMENTARES","MES","COEFICIENTE DE REPRESENTATIVIDADE",3629.25,"COMPOSICAO",101365,"CURSO DE CAPACITAÇÃO PARA SOLDADOR (ENCARGOS COMPLEMENTARES) - MENSALISTA","MES","COEFICIENTE DE REPRESENTATIVIDADE",1,16.170000000000002,16.170000000000002,"","","","","","","","","","",null,"ENCARGOS COMPLEMENTARES REFERENCIAL"]
["SERVICOS DIVERSOS","SEDI","OUTROS",318,"","",101454,"SOLDADOR ELÉTRICO COM ENCARGOS COMPLEMENTARES","MES","COEFICIENTE DE REPRESENTATIVIDADE",4373.54,"","","","","","","","",3411.95,78.013462799999999,961.59,21.986537200000001,"0,00","0,0000000","0,00","0,0000000","0,00","0,0000000",0,"ENCARGOS COMPLEMENTARES REFERENCIAL"]
["SERVICOS DIVERSOS","SEDI","OUTROS",318,"","",101454,"SOLDADOR ELÉTRICO COM ENCARGOS COMPLEMENTARES","MES","COEFICIENTE DE REPRESENTATIVIDADE",4373.54,"INSUMO",40861,"TRANSPORTE - MENSALISTA (COLETADO CAIXA)","MES","COLETADO",1,135.51,135.51,"","","","","","","","","","",null,"ENCARGOS COMPLEMENTARES REFERENCIAL"]
["SERVICOS DIVERSOS","SEDI","OUTROS",318,"","",101454,"SOLDADOR ELÉTRICO COM ENCARGOS COMPLEMENTARES","MES","COEFICIENTE DE REPRESENTATIVIDADE",4373.54,"INSUMO",40862,"ALIMENTACAO - MENSALISTA (COLETADO CAIXA)","MES","COLETADO",1,333.44,333.44,"","","","","","","","","","",null,"ENCARGOS COMPLEMENTARES REFERENCIAL"]
["SERVICOS DIVERSOS","SEDI","OUTROS",318,"","",101454,"SOLDADOR ELÉTRICO COM ENCARGOS COMPLEMENTARES","MES","COEFICIENTE DE REPRESENTATIVIDADE",4373.54,"INSUMO",40863,"EXAMES - MENSALISTA (COLETADO CAIXA)","MES","COLETADO",1,65.94,65.94,"","","","","","","","","","",null,"ENCARGOS COMPLEMENTARES REFERENCIAL"]
["SERVICOS DIVERSOS","SEDI","OUTROS",318,"","",101454,"SOLDADOR ELÉTRICO COM ENCARGOS COMPLEMENTARES","MES","COEFICIENTE DE REPRESENTATIVIDADE",4373.54,"INSUMO",40864,"SEGURO - MENSALISTA (COLETADO CAIXA)","MES","COLETADO",1,13.07,13.07,"","","","","","","","","","",null,"ENCARGOS COMPLEMENTARES REFERENCIAL"]
["SERVICOS DIVERSOS","SEDI","OUTROS",318,"","",101454,"SOLDADOR ELÉTRICO COM ENCARGOS COMPLEMENTARES","MES","COEFICIENTE DE REPRESENTATIVIDADE",4373.54,"INSUMO",41088,"SOLDADOR ELETRICO (PARA SOLDA A SER TESTADA COM RAIOS \"X\") (MENSALISTA)","MES","COEFICIENTE DE REPRESENTATIVIDADE",1,3391.27,3391.27,"","","","","","","","","","",null,"ENCARGOS COMPLEMENTARES REFERENCIAL"]
["SERVICOS DIVERSOS","SEDI","OUTROS",318,"","",101454,"SOLDADOR ELÉTRICO COM ENCARGOS COMPLEMENTARES","MES","COEFICIENTE DE REPRESENTATIVIDADE",4373.54,"INSUMO",43480,"FERRAMENTAS - FAMILIA SOLDADOR - MENSALISTA (ENCARGOS COMPLEMENTARES - COLETADO CAIXA)","MES","COLETADO",1,157.85,157.85,"","","","","","","","","","",null,"ENCARGOS COMPLEMENTARES REFERENCIAL"]
["SERVICOS DIVERSOS","SEDI","OUTROS",318,"","",101454,"SOLDADOR ELÉTRICO COM ENCARGOS COMPLEMENTARES","MES","COEFICIENTE DE REPRESENTATIVIDADE",4373.54,"INSUMO",43504,"EPI - FAMILIA SOLDADOR - MENSALISTA (ENCARGOS COMPLEMENTARES - COLETADO CAIXA)","MES","COLETADO",1,255.78,255.78,"","","","","","","","","","",null,"ENCARGOS COMPLEMENTARES REFERENCIAL"]
["SERVICOS DIVERSOS","SEDI","OUTROS",318,"","",101454,"SOLDADOR ELÉTRICO COM ENCARGOS COMPLEMENTARES","MES","COEFICIENTE DE REPRESENTATIVIDADE",4373.54,"COMPOSICAO",101366,"CURSO DE CAPACITAÇÃO PARA SOLDADOR ELETRICO (ENCARGOS COMPLEMENTARES) - MENSALISTA","MES","COEFICIENTE DE REPRESENTATIVIDADE",1,20.68,20.68,"","","","","","","","","","",null,"ENCARGOS COMPLEMENTARES REFERENCIAL"]
["SERVICOS DIVERSOS","SEDI","OUTROS",318,"","",101455,"TAQUEADOR OU TAQUEIRO COM ENCARGOS COMPLEMENTARES","MES","COEFICIENTE DE REPRESENTATIVIDADE",3763.95,"","","","","","","","",2947.62,78.311879899999994,816.33,21.688120099999999,"0,00","0,0000000","0,00","0,0000000","0,00","0,0000000",0,"ENCARGOS COMPLEMENTARES REFERENCIAL"]
["SERVICOS DIVERSOS","SEDI","OUTROS",318,"","",101455,"TAQUEADOR OU TAQUEIRO COM ENCARGOS COMPLEMENTARES","MES","COEFICIENTE DE REPRESENTATIVIDADE",3763.95,"INSUMO",40861,"TRANSPORTE - MENSALISTA (COLETADO CAIXA)","MES","COLETADO",1,135.51,135.51,"","","","","","","","","","",null,"ENCARGOS COMPLEMENTARES REFERENCIAL"]
["SERVICOS DIVERSOS","SEDI","OUTROS",318,"","",101455,"TAQUEADOR OU TAQUEIRO COM ENCARGOS COMPLEMENTARES","MES","COEFICIENTE DE REPRESENTATIVIDADE",3763.95,"INSUMO",40862,"ALIMENTACAO - MENSALISTA (COLETADO CAIXA)","MES","COLETADO",1,333.44,333.44,"","","","","","","","","","",null,"ENCARGOS COMPLEMENTARES REFERENCIAL"]
["SERVICOS DIVERSOS","SEDI","OUTROS",318,"","",101455,"TAQUEADOR OU TAQUEIRO COM ENCARGOS COMPLEMENTARES","MES","COEFICIENTE DE REPRESENTATIVIDADE",3763.95,"INSUMO",40863,"EXAMES - MENSALISTA (COLETADO CAIXA)","MES","COLETADO",1,65.94,65.94,"","","","","","","","","","",null,"ENCARGOS COMPLEMENTARES REFERENCIAL"]
["SERVICOS DIVERSOS","SEDI","OUTROS",318,"","",101455,"TAQUEADOR OU TAQUEIRO COM ENCARGOS COMPLEMENTARES","MES","COEFICIENTE DE REPRESENTATIVIDADE",3763.95,"INSUMO",40864,"SEGURO - MENSALISTA (COLETADO CAIXA)","MES","COLETADO",1,13.07,13.07,"","","","","","","","","","",null,"ENCARGOS COMPLEMENTARES REFERENCIAL"]
["SERVICOS DIVERSOS","SEDI","OUTROS",318,"","",101455,"TAQUEADOR OU TAQUEIRO COM ENCARGOS COMPLEMENTARES","MES","COEFICIENTE DE REPRESENTATIVIDADE",3763.95,"INSUMO",41070,"TAQUEADOR OU TAQUEIRO (MENSALISTA)","MES","COEFICIENTE DE REPRESENTATIVIDADE",1,2929.75,2929.75,"","","","","","","","","","",null,"ENCARGOS COMPLEMENTARES REFERENCIAL"]
["SERVICOS DIVERSOS","SEDI","OUTROS",318,"","",101455,"TAQUEADOR OU TAQUEIRO COM ENCARGOS COMPLEMENTARES","MES","COEFICIENTE DE REPRESENTATIVIDADE",3763.95,"INSUMO",43471,"FERRAMENTAS - FAMILIA CARPINTEIRO DE FORMAS - MENSALISTA (ENCARGOS COMPLEMENTARES - COLETADO CAIXA)","MES","COLETADO",1,64.510000000000005,64.510000000000005,"","","","","","","","","","",null,"ENCARGOS COMPLEMENTARES REFERENCIAL"]
["SERVICOS DIVERSOS","SEDI","OUTROS",318,"","",101455,"TAQUEADOR OU TAQUEIRO COM ENCARGOS COMPLEMENTARES","MES","COEFICIENTE DE REPRESENTATIVIDADE",3763.95,"INSUMO",43495,"EPI - FAMILIA CARPINTEIRO DE FORMAS - MENSALISTA (ENCARGOS COMPLEMENTARES - COLETADO CAIXA)","MES","COLETADO",1,203.86,203.86,"","","","","","","","","","",null,"ENCARGOS COMPLEMENTARES REFERENCIAL"]
["SERVICOS DIVERSOS","SEDI","OUTROS",318,"","",101455,"TAQUEADOR OU TAQUEIRO COM ENCARGOS COMPLEMENTARES","MES","COEFICIENTE DE REPRESENTATIVIDADE",3763.95,"COMPOSICAO",101367,"CURSO DE CAPACITAÇÃO PARA TAQUEADOR OU TAQUEIRO (ENCARGOS COMPLEMENTARES) - MENSALISTA","MES","COEFICIENTE DE REPRESENTATIVIDADE",1,17.87,17.87,"","","","","","","","","","",null,"ENCARGOS COMPLEMENTARES REFERENCIAL"]
["SERVICOS DIVERSOS","SEDI","OUTROS",318,"","",101456,"TÉCNICO DE LABORATÓRIO E CAMPO DE CONSTRUÇÃO COM ENCARGOS COMPLEMENTARES","MES","COEFICIENTE DE REPRESENTATIVIDADE",3808.08,"","","","","","","","",3607.58,94.734879599999999,200.5,5.2651203999999998,"0,00","0,0000000","0,00","0,0000000","0,00","0,0000000",0,"ENCARGOS COMPLEMENTARES REFERENCIAL"]
["SERVICOS DIVERSOS","SEDI","OUTROS",318,"","",101456,"TÉCNICO DE LABORATÓRIO E CAMPO DE CONSTRUÇÃO COM ENCARGOS COMPLEMENTARES","MES","COEFICIENTE DE REPRESENTATIVIDADE",3808.08,"INSUMO",40863,"EXAMES - MENSALISTA (COLETADO CAIXA)","MES","COLETADO",1,65.94,65.94,"","","","","","","","","","",null,"ENCARGOS COMPLEMENTARES REFERENCIAL"]
["SERVICOS DIVERSOS","SEDI","OUTROS",318,"","",101456,"TÉCNICO DE LABORATÓRIO E CAMPO DE CONSTRUÇÃO COM ENCARGOS COMPLEMENTARES","MES","COEFICIENTE DE REPRESENTATIVIDADE",3808.08,"INSUMO",40864,"SEGURO - MENSALISTA (COLETADO CAIXA)","MES","COLETADO",1,13.07,13.07,"","","","","","","","","","",null,"ENCARGOS COMPLEMENTARES REFERENCIAL"]
["SERVICOS DIVERSOS","SEDI","OUTROS",318,"","",101456,"TÉCNICO DE LABORATÓRIO E CAMPO DE CONSTRUÇÃO COM ENCARGOS COMPLEMENTARES","MES","COEFICIENTE DE REPRESENTATIVIDADE",3808.08,"INSUMO",41089,"TECNICO EM LABORATORIO E CAMPO DE CONSTRUCAO CIVIL (MENSALISTA)","MES","COEFICIENTE DE REPRESENTATIVIDADE",1,3591.78,3591.78,"","","","","","","","","","",null,"ENCARGOS COMPLEMENTARES REFERENCIAL"]
["SERVICOS DIVERSOS","SEDI","OUTROS",318,"","",101456,"TÉCNICO DE LABORATÓRIO E CAMPO DE CONSTRUÇÃO COM ENCARGOS COMPLEMENTARES","MES","COEFICIENTE DE REPRESENTATIVIDADE",3808.08,"INSUMO",43470,"FERRAMENTAS - FAMILIA ALMOXARIFE - MENSALISTA (ENCARGOS COMPLEMENTARES - COLETADO CAIXA)","MES","COLETADO",1,7.37,7.37,"","","","","","","","","","",null,"ENCARGOS COMPLEMENTARES REFERENCIAL"]
["SERVICOS DIVERSOS","SEDI","OUTROS",318,"","",101456,"TÉCNICO DE LABORATÓRIO E CAMPO DE CONSTRUÇÃO COM ENCARGOS COMPLEMENTARES","MES","COEFICIENTE DE REPRESENTATIVIDADE",3808.08,"INSUMO",43494,"EPI - FAMILIA ALMOXARIFE - MENSALISTA (ENCARGOS COMPLEMENTARES - COLETADO CAIXA)","MES","COLETADO",1,114.12,114.12,"","","","","","","","","","",null,"ENCARGOS COMPLEMENTARES REFERENCIAL"]
["SERVICOS DIVERSOS","SEDI","OUTROS",318,"","",101456,"TÉCNICO DE LABORATÓRIO E CAMPO DE CONSTRUÇÃO COM ENCARGOS COMPLEMENTARES","MES","COEFICIENTE DE REPRESENTATIVIDADE",3808.08,"COMPOSICAO",101368,"CURSO DE CAPACITAÇÃO PARA TECNICO EM LABORATORIO E CAMPO DE CONSTRUCAO CIVIL (ENCARGOS COMPLEMENTARES) - MENSALISTA","MES","COEFICIENTE DE REPRESENTATIVIDADE",1,15.8,15.8,"","","","","","","","","","",null,"ENCARGOS COMPLEMENTARES REFERENCIAL"]
["SERVICOS DIVERSOS","SEDI","OUTROS",318,"","",101457,"TÉCNICO EM SONDAGEM COM ENCARGOS COMPLEMENTARES","MES","COEFICIENTE DE REPRESENTATIVIDADE",5032.68,"","","","","","","","",4359.33,86.620448800000005,673.35,13.3795512,"0,00","0,0000000","0,00","0,0000000","0,00","0,0000000",0,"ENCARGOS COMPLEMENTARES REFERENCIAL"]
["SERVICOS DIVERSOS","SEDI","OUTROS",318,"","",101457,"TÉCNICO EM SONDAGEM COM ENCARGOS COMPLEMENTARES","MES","COEFICIENTE DE REPRESENTATIVIDADE",5032.68,"INSUMO",40861,"TRANSPORTE - MENSALISTA (COLETADO CAIXA)","MES","COLETADO",1,135.51,135.51,"","","","","","","","","","",null,"ENCARGOS COMPLEMENTARES REFERENCIAL"]
["SERVICOS DIVERSOS","SEDI","OUTROS",318,"","",101457,"TÉCNICO EM SONDAGEM COM ENCARGOS COMPLEMENTARES","MES","COEFICIENTE DE REPRESENTATIVIDADE",5032.68,"INSUMO",40862,"ALIMENTACAO - MENSALISTA (COLETADO CAIXA)","MES","COLETADO",1,333.44,333.44,"","","","","","","","","","",null,"ENCARGOS COMPLEMENTARES REFERENCIAL"]
["SERVICOS DIVERSOS","SEDI","OUTROS",318,"","",101457,"TÉCNICO EM SONDAGEM COM ENCARGOS COMPLEMENTARES","MES","COEFICIENTE DE REPRESENTATIVIDADE",5032.68,"INSUMO",40863,"EXAMES - MENSALISTA (COLETADO CAIXA)","MES","COLETADO",1,65.94,65.94,"","","","","","","","","","",null,"ENCARGOS COMPLEMENTARES REFERENCIAL"]
["SERVICOS DIVERSOS","SEDI","OUTROS",318,"","",101457,"TÉCNICO EM SONDAGEM COM ENCARGOS COMPLEMENTARES","MES","COEFICIENTE DE REPRESENTATIVIDADE",5032.68,"INSUMO",40864,"SEGURO - MENSALISTA (COLETADO CAIXA)","MES","COLETADO",1,13.07,13.07,"","","","","","","","","","",null,"ENCARGOS COMPLEMENTARES REFERENCIAL"]
["SERVICOS DIVERSOS","SEDI","OUTROS",318,"","",101457,"TÉCNICO EM SONDAGEM COM ENCARGOS COMPLEMENTARES","MES","COEFICIENTE DE REPRESENTATIVIDADE",5032.68,"INSUMO",41092,"TECNICO EM SONDAGEM (MENSALISTA)","MES","COEFICIENTE DE REPRESENTATIVIDADE",1,4332.8999999999996,4332.8999999999996,"","","","","","","","","","",null,"ENCARGOS COMPLEMENTARES REFERENCIAL"]
["SERVICOS DIVERSOS","SEDI","OUTROS",318,"","",101457,"TÉCNICO EM SONDAGEM COM ENCARGOS COMPLEMENTARES","MES","COEFICIENTE DE REPRESENTATIVIDADE",5032.68,"INSUMO",43476,"FERRAMENTAS - FAMILIA OPERADOR ESCAVADEIRA - MENSALISTA (ENCARGOS COMPLEMENTARES - COLETADO CAIXA)","MES","COLETADO",1,0.01,0.01,"","","","","","","","","","",null,"ENCARGOS COMPLEMENTARES REFERENCIAL"]
["SERVICOS DIVERSOS","SEDI","OUTROS",318,"","",101457,"TÉCNICO EM SONDAGEM COM ENCARGOS COMPLEMENTARES","MES","COEFICIENTE DE REPRESENTATIVIDADE",5032.68,"INSUMO",43500,"EPI - FAMILIA OPERADOR ESCAVADEIRA - MENSALISTA (ENCARGOS COMPLEMENTARES - COLETADO CAIXA)","MES","COLETADO",1,125.38,125.38,"","","","","","","","","","",null,"ENCARGOS COMPLEMENTARES REFERENCIAL"]
["SERVICOS DIVERSOS","SEDI","OUTROS",318,"","",101457,"TÉCNICO EM SONDAGEM COM ENCARGOS COMPLEMENTARES","MES","COEFICIENTE DE REPRESENTATIVIDADE",5032.68,"COMPOSICAO",101369,"CURSO DE CAPACITAÇÃO PARA TECNICO EM SONDAGEM (ENCARGOS COMPLEMENTARES) - MENSALISTA","MES","COEFICIENTE DE REPRESENTATIVIDADE",1,26.43,26.43,"","","","","","","","","","",null,"ENCARGOS COMPLEMENTARES REFERENCIAL"]
["SERVICOS DIVERSOS","SEDI","OUTROS",318,"","",101458,"TELHADOR COM ENCARGOS COMPLEMENTARES","MES","COEFICIENTE DE REPRESENTATIVIDADE",3684.38,"","","","","","","","",2868.05,77.843490700000004,816.33,22.1565093,"0,00","0,0000000","0,00","0,0000000","0,00","0,0000000",0,"ENCARGOS COMPLEMENTARES REFERENCIAL"]
["SERVICOS DIVERSOS","SEDI","OUTROS",318,"","",101458,"TELHADOR COM ENCARGOS COMPLEMENTARES","MES","COEFICIENTE DE REPRESENTATIVIDADE",3684.38,"INSUMO",40861,"TRANSPORTE - MENSALISTA (COLETADO CAIXA)","MES","COLETADO",1,135.51,135.51,"","","","","","","","","","",null,"ENCARGOS COMPLEMENTARES REFERENCIAL"]
["SERVICOS DIVERSOS","SEDI","OUTROS",318,"","",101458,"TELHADOR COM ENCARGOS COMPLEMENTARES","MES","COEFICIENTE DE REPRESENTATIVIDADE",3684.38,"INSUMO",40862,"ALIMENTACAO - MENSALISTA (COLETADO CAIXA)","MES","COLETADO",1,333.44,333.44,"","","","","","","","","","",null,"ENCARGOS COMPLEMENTARES REFERENCIAL"]
["SERVICOS DIVERSOS","SEDI","OUTROS",318,"","",101458,"TELHADOR COM ENCARGOS COMPLEMENTARES","MES","COEFICIENTE DE REPRESENTATIVIDADE",3684.38,"INSUMO",40863,"EXAMES - MENSALISTA (COLETADO CAIXA)","MES","COLETADO",1,65.94,65.94,"","","","","","","","","","",null,"ENCARGOS COMPLEMENTARES REFERENCIAL"]
["SERVICOS DIVERSOS","SEDI","OUTROS",318,"","",101458,"TELHADOR COM ENCARGOS COMPLEMENTARES","MES","COEFICIENTE DE REPRESENTATIVIDADE",3684.38,"INSUMO",40864,"SEGURO - MENSALISTA (COLETADO CAIXA)","MES","COLETADO",1,13.07,13.07,"","","","","","","","","","",null,"ENCARGOS COMPLEMENTARES REFERENCIAL"]
["SERVICOS DIVERSOS","SEDI","OUTROS",318,"","",101458,"TELHADOR COM ENCARGOS COMPLEMENTARES","MES","COEFICIENTE DE REPRESENTATIVIDADE",3684.38,"INSUMO",41097,"TELHADOR  (MENSALISTA)","MES","COEFICIENTE DE REPRESENTATIVIDADE",1,2850.67,2850.67,"","","","","","","","","","",null,"ENCARGOS COMPLEMENTARES REFERENCIAL"]
["SERVICOS DIVERSOS","SEDI","OUTROS",318,"","",101458,"TELHADOR COM ENCARGOS COMPLEMENTARES","MES","COEFICIENTE DE REPRESENTATIVIDADE",3684.38,"INSUMO",43471,"FERRAMENTAS - FAMILIA CARPINTEIRO DE FORMAS - MENSALISTA (ENCARGOS COMPLEMENTARES - COLETADO CAIXA)","MES","COLETADO",1,64.510000000000005,64.510000000000005,"","","","","","","","","","",null,"ENCARGOS COMPLEMENTARES REFERENCIAL"]
["SERVICOS DIVERSOS","SEDI","OUTROS",318,"","",101458,"TELHADOR COM ENCARGOS COMPLEMENTARES","MES","COEFICIENTE DE REPRESENTATIVIDADE",3684.38,"INSUMO",43495,"EPI - FAMILIA CARPINTEIRO DE FORMAS - MENSALISTA (ENCARGOS COMPLEMENTARES - COLETADO CAIXA)","MES","COLETADO",1,203.86,203.86,"","","","","","","","","","",null,"ENCARGOS COMPLEMENTARES REFERENCIAL"]
["SERVICOS DIVERSOS","SEDI","OUTROS",318,"","",101458,"TELHADOR COM ENCARGOS COMPLEMENTARES","MES","COEFICIENTE DE REPRESENTATIVIDADE",3684.38,"COMPOSICAO",101370,"CURSO DE CAPACITAÇÃO PARA TELHADOR (ENCARGOS COMPLEMENTARES) - MENSALISTA","MES","COEFICIENTE DE REPRESENTATIVIDADE",1,17.38,17.38,"","","","","","","","","","",null,"ENCARGOS COMPLEMENTARES REFERENCIAL"]
["SERVICOS DIVERSOS","SEDI","OUTROS",318,"","",101459,"VIDRACEIRO COM ENCARGOS COMPLEMENTARES","MES","COEFICIENTE DE REPRESENTATIVIDADE",2837.87,"","","","","","","","",2013.14,70.9384151,824.73,29.0615849,"0,00","0,0000000","0,00","0,0000000","0,00","0,0000000",0,"ENCARGOS COMPLEMENTARES REFERENCIAL"]
["SERVICOS DIVERSOS","SEDI","OUTROS",318,"","",101459,"VIDRACEIRO COM ENCARGOS COMPLEMENTARES","MES","COEFICIENTE DE REPRESENTATIVIDADE",2837.87,"INSUMO",40861,"TRANSPORTE - MENSALISTA (COLETADO CAIXA)","MES","COLETADO",1,135.51,135.51,"","","","","","","","","","",null,"ENCARGOS COMPLEMENTARES REFERENCIAL"]
["SERVICOS DIVERSOS","SEDI","OUTROS",318,"","",101459,"VIDRACEIRO COM ENCARGOS COMPLEMENTARES","MES","COEFICIENTE DE REPRESENTATIVIDADE",2837.87,"INSUMO",40862,"ALIMENTACAO - MENSALISTA (COLETADO CAIXA)","MES","COLETADO",1,333.44,333.44,"","","","","","","","","","",null,"ENCARGOS COMPLEMENTARES REFERENCIAL"]
["SERVICOS DIVERSOS","SEDI","OUTROS",318,"","",101459,"VIDRACEIRO COM ENCARGOS COMPLEMENTARES","MES","COEFICIENTE DE REPRESENTATIVIDADE",2837.87,"INSUMO",40863,"EXAMES - MENSALISTA (COLETADO CAIXA)","MES","COLETADO",1,65.94,65.94,"","","","","","","","","","",null,"ENCARGOS COMPLEMENTARES REFERENCIAL"]
["SERVICOS DIVERSOS","SEDI","OUTROS",318,"","",101459,"VIDRACEIRO COM ENCARGOS COMPLEMENTARES","MES","COEFICIENTE DE REPRESENTATIVIDADE",2837.87,"INSUMO",40864,"SEGURO - MENSALISTA (COLETADO CAIXA)","MES","COLETADO",1,13.07,13.07,"","","","","","","","","","",null,"ENCARGOS COMPLEMENTARES REFERENCIAL"]
["SERVICOS DIVERSOS","SEDI","OUTROS",318,"","",101459,"VIDRACEIRO COM ENCARGOS COMPLEMENTARES","MES","COEFICIENTE DE REPRESENTATIVIDADE",2837.87,"INSUMO",41073,"VIDRACEIRO (MENSALISTA)","MES","COEFICIENTE DE REPRESENTATIVIDADE",1,1997.56,1997.56,"","","","","","","","","","",null,"ENCARGOS COMPLEMENTARES REFERENCIAL"]
["SERVICOS DIVERSOS","SEDI","OUTROS",318,"","",101459,"VIDRACEIRO COM ENCARGOS COMPLEMENTARES","MES","COEFICIENTE DE REPRESENTATIVIDADE",2837.87,"INSUMO",43477,"FERRAMENTAS - FAMILIA PEDREIRO - MENSALISTA (ENCARGOS COMPLEMENTARES - COLETADO CAIXA)","MES","COLETADO",1,94.89,94.89,"","","","","","","","","","",null,"ENCARGOS COMPLEMENTARES REFERENCIAL"]
["SERVICOS DIVERSOS","SEDI","OUTROS",318,"","",101459,"VIDRACEIRO COM ENCARGOS COMPLEMENTARES","MES","COEFICIENTE DE REPRESENTATIVIDADE",2837.87,"INSUMO",43501,"EPI - FAMILIA PEDREIRO - MENSALISTA (ENCARGOS COMPLEMENTARES - COLETADO CAIXA)","MES","COLETADO",1,181.88,181.88,"","","","","","","","","","",null,"ENCARGOS COMPLEMENTARES REFERENCIAL"]
["SERVICOS DIVERSOS","SEDI","OUTROS",318,"","",101459,"VIDRACEIRO COM ENCARGOS COMPLEMENTARES","MES","COEFICIENTE DE REPRESENTATIVIDADE",2837.87,"COMPOSICAO",101371,"CURSO DE CAPACITAÇÃO PARA VIDRACEIRO (ENCARGOS COMPLEMENTARES) - MENSALISTA","MES","COEFICIENTE DE REPRESENTATIVIDADE",1,15.58,15.58,"","","","","","","","","","",null,"ENCARGOS COMPLEMENTARES REFERENCIAL"]
["SERVICOS DIVERSOS","SEDI","OUTROS",318,"","",101460,"VIGIA DIURNO COM ENCARGOS COMPLEMENTARES","MES","COEFICIENTE DE REPRESENTATIVIDADE",2684.82,"","","","","","","","",1872.81,69.755514399999996,812.01,30.244485600000001,"0,00","0,0000000","0,00","0,0000000","0,00","0,0000000",0,"ENCARGOS COMPLEMENTARES REFERENCIAL"]
["SERVICOS DIVERSOS","SEDI","OUTROS",318,"","",101460,"VIGIA DIURNO COM ENCARGOS COMPLEMENTARES","MES","COEFICIENTE DE REPRESENTATIVIDADE",2684.82,"INSUMO",40861,"TRANSPORTE - MENSALISTA (COLETADO CAIXA)","MES","COLETADO",1,135.51,135.51,"","","","","","","","","","",null,"ENCARGOS COMPLEMENTARES REFERENCIAL"]
["SERVICOS DIVERSOS","SEDI","OUTROS",318,"","",101460,"VIGIA DIURNO COM ENCARGOS COMPLEMENTARES","MES","COEFICIENTE DE REPRESENTATIVIDADE",2684.82,"INSUMO",40862,"ALIMENTACAO - MENSALISTA (COLETADO CAIXA)","MES","COLETADO",1,333.44,333.44,"","","","","","","","","","",null,"ENCARGOS COMPLEMENTARES REFERENCIAL"]
["SERVICOS DIVERSOS","SEDI","OUTROS",318,"","",101460,"VIGIA DIURNO COM ENCARGOS COMPLEMENTARES","MES","COEFICIENTE DE REPRESENTATIVIDADE",2684.82,"INSUMO",40863,"EXAMES - MENSALISTA (COLETADO CAIXA)","MES","COLETADO",1,65.94,65.94,"","","","","","","","","","",null,"ENCARGOS COMPLEMENTARES REFERENCIAL"]
["SERVICOS DIVERSOS","SEDI","OUTROS",318,"","",101460,"VIGIA DIURNO COM ENCARGOS COMPLEMENTARES","MES","COEFICIENTE DE REPRESENTATIVIDADE",2684.82,"INSUMO",40864,"SEGURO - MENSALISTA (COLETADO CAIXA)","MES","COLETADO",1,13.07,13.07,"","","","","","","","","","",null,"ENCARGOS COMPLEMENTARES REFERENCIAL"]
["SERVICOS DIVERSOS","SEDI","OUTROS",318,"","",101460,"VIGIA DIURNO COM ENCARGOS COMPLEMENTARES","MES","COEFICIENTE DE REPRESENTATIVIDADE",2684.82,"INSUMO",41096,"VIGIA DIURNO (MENSALISTA)","MES","COEFICIENTE DE REPRESENTATIVIDADE",1,1867.77,1867.77,"","","","","","","","","","",null,"ENCARGOS COMPLEMENTARES REFERENCIAL"]
["SERVICOS DIVERSOS","SEDI","OUTROS",318,"","",101460,"VIGIA DIURNO COM ENCARGOS COMPLEMENTARES","MES","COEFICIENTE DE REPRESENTATIVIDADE",2684.82,"INSUMO",43479,"FERRAMENTAS - FAMILIA SERVENTE - MENSALISTA (ENCARGOS COMPLEMENTARES - COLETADO CAIXA)","MES","COLETADO",1,71.290000000000006,71.290000000000006,"","","","","","","","","","",null,"ENCARGOS COMPLEMENTARES REFERENCIAL"]
["SERVICOS DIVERSOS","SEDI","OUTROS",318,"","",101460,"VIGIA DIURNO COM ENCARGOS COMPLEMENTARES","MES","COEFICIENTE DE REPRESENTATIVIDADE",2684.82,"INSUMO",43503,"EPI - FAMILIA SERVENTE - MENSALISTA (ENCARGOS COMPLEMENTARES - COLETADO CAIXA)","MES","COLETADO",1,192.76,192.76,"","","","","","","","","","",null,"ENCARGOS COMPLEMENTARES REFERENCIAL"]
["SERVICOS DIVERSOS","SEDI","OUTROS",318,"","",101460,"VIGIA DIURNO COM ENCARGOS COMPLEMENTARES","MES","COEFICIENTE DE REPRESENTATIVIDADE",2684.82,"COMPOSICAO",101372,"CURSO DE CAPACITAÇÃO PARA VIGIA DIURNO (ENCARGOS COMPLEMENTARES) - MENSALISTA","MES","COEFICIENTE DE REPRESENTATIVIDADE",1,5.04,5.04,"","","","","","","","","","",null,"ENCARGOS COMPLEMENTARES REFERENCIAL"]

{"sheet":"COMP Sint. Sinapi","index":13,"n_rows":6679,"n_cols":6,"rows_kept":6679,"cut":false,"hidden":false,"merged":[]}
["PCI.817.01 - CUSTO DE COMPOSIÇÕES - SINTÉTICO                                               DATA DE EMISSÃO: 16/10/2020 23:47:05            DATA DE RT: 16/10/2020"]
["ENCARGOS SOCIAIS SOBRE PREÇOS DA MÃO-DE-OBRA: 115,17%(HORA)   71,44%(MÊS)"]
["ABRANGÊNCIA : NACIONAL                                              LOCALIDADE  : NATAL                                                                                                               DATA DE PREÇO   : 09/2020 REFERÊNCIA COLETA : MEDIANO"]
[]
["CODIGO  DA COMPOSICAO","DESCRICAO DA COMPOSICAO","UNIDADE","ORIGEM DE PREÇO","CUSTO TOTAL","VINCULO"]
[]
[97141,"ASSENTAMENTO DE TUBO DE FERRO FUNDIDO PARA REDE DE ÁGUA, DN 80 MM, JUNTA ELÁSTICA, INSTALADO EM LOCAL COM NÍVEL ALTO DE INTERFERÊNCIAS (NÃO INCLUI FORNECIMENTO). AF_11/2017","M","ATRIBUÍDO SÃO PAULO",6.29,"CAIXA REFERENCIAL"]
[97142,"ASSENTAMENTO DE TUBO DE FERRO FUNDIDO PARA REDE DE ÁGUA, DN 100 MM, JUNTA ELÁSTICA, INSTALADO EM LOCAL COM NÍVEL ALTO DE INTERFERÊNCIAS (NÃO INCLUI FORNECIMENTO). AF_11/2017","M","ATRIBUÍDO SÃO PAULO",7,"CAIXA REFERENCIAL"]
[97143,"ASSENTAMENTO DE TUBO DE FERRO FUNDIDO PARA REDE DE ÁGUA, DN 150 MM, JUNTA ELÁSTICA, INSTALADO EM LOCAL COM NÍVEL ALTO DE INTERFERÊNCIAS (NÃO INCLUI FORNECIMENTO). AF_11/2017","M","ATRIBUÍDO SÃO PAULO",8.82,"CAIXA REFERENCIAL"]
[97144,"ASSENTAMENTO DE TUBO DE FERRO FUNDIDO PARA REDE DE ÁGUA, DN 200 MM, JUNTA ELÁSTICA, INSTALADO EM LOCAL COM NÍVEL ALTO DE INTERFERÊNCIAS (NÃO INCLUI FORNECIMENTO). AF_11/2017","M","ATRIBUÍDO SÃO PAULO",10.63,"CAIXA REFERENCIAL"]
[97145,"ASSENTAMENTO DE TUBO DE FERRO FUNDIDO PARA REDE DE ÁGUA, DN 250 MM, JUNTA ELÁSTICA, INSTALADO EM LOCAL COM NÍVEL ALTO DE INTERFERÊNCIAS (NÃO INCLUI FORNECIMENTO). AF_11/2017","M","ATRIBUÍDO SÃO PAULO",12.46,"CAIXA REFERENCIAL"]
[97146,"ASSENTAMENTO DE TUBO DE FERRO FUNDIDO PARA REDE DE ÁGUA, DN 300 MM, JUNTA ELÁSTICA, INSTALADO EM LOCAL COM NÍVEL ALTO DE INTERFERÊNCIAS (NÃO INCLUI FORNECIMENTO). AF_11/2017","M","ATRIBUÍDO SÃO PAULO",14.28,"CAIXA REFERENCIAL"]
[97147,"ASSENTAMENTO DE TUBO DE FERRO FUNDIDO PARA REDE DE ÁGUA, DN 350 MM, JUNTA ELÁSTICA, INSTALADO EM LOCAL COM NÍVEL ALTO DE INTERFERÊNCIAS (NÃO INCLUI FORNECIMENTO). AF_11/2017","M","ATRIBUÍDO SÃO PAULO",16.100000000000001,"CAIXA REFERENCIAL"]
[97148,"ASSENTAMENTO DE TUBO DE FERRO FUNDIDO PARA REDE DE ÁGUA, DN 400 MM, JUNTA ELÁSTICA, INSTALADO EM LOCAL COM NÍVEL ALTO DE INTERFERÊNCIAS (NÃO INCLUI FORNECIMENTO). AF_11/2017","M","ATRIBUÍDO SÃO PAULO",17.940000000000001,"CAIXA REFERENCIAL"]
[97149,"ASSENTAMENTO DE TUBO DE FERRO FUNDIDO PARA REDE DE ÁGUA, DN 450 MM, JUNTA ELÁSTICA, INSTALADO EM LOCAL COM NÍVEL ALTO DE INTERFERÊNCIAS (NÃO INCLUI FORNECIMENTO). AF_11/2017","M","ATRIBUÍDO SÃO PAULO",19.77,"CAIXA REFERENCIAL"]
[97150,"ASSENTAMENTO DE TUBO DE FERRO FUNDIDO PARA REDE DE ÁGUA, DN 500 MM, JUNTA ELÁSTICA, INSTALADO EM LOCAL COM NÍVEL ALTO DE INTERFERÊNCIAS (NÃO INCLUI FORNECIMENTO). AF_11/2017","M","ATRIBUÍDO SÃO PAULO",24.04,"CAIXA REFERENCIAL"]
[97151,"ASSENTAMENTO DE TUBO DE FERRO FUNDIDO PARA REDE DE ÁGUA, DN 600 MM, JUNTA ELÁSTICA, INSTALADO EM LOCAL COM NÍVEL ALTO DE INTERFERÊNCIAS (NÃO INCLUI FORNECIMENTO). AF_11/2017","M","ATRIBUÍDO SÃO PAULO",28.07,"CAIXA REFERENCIAL"]
[97152,"ASSENTAMENTO DE TUBO DE FERRO FUNDIDO PARA REDE DE ÁGUA, DN 700 MM, JUNTA ELÁSTICA, INSTALADO EM LOCAL COM NÍVEL ALTO DE INTERFERÊNCIAS (NÃO INCLUI FORNECIMENTO). AF_11/2017","M","ATRIBUÍDO SÃO PAULO",31.93,"CAIXA REFERENCIAL"]
[97153,"ASSENTAMENTO DE TUBO DE FERRO FUNDIDO PARA REDE DE ÁGUA, DN 800 MM, JUNTA ELÁSTICA, INSTALADO EM LOCAL COM NÍVEL ALTO DE INTERFERÊNCIAS (NÃO INCLUI FORNECIMENTO). AF_11/2017","M","ATRIBUÍDO SÃO PAULO",35.909999999999997,"CAIXA REFERENCIAL"]
[97154,"ASSENTAMENTO DE TUBO DE FERRO FUNDIDO PARA REDE DE ÁGUA, DN 900 MM, JUNTA ELÁSTICA, INSTALADO EM LOCAL COM NÍVEL ALTO DE INTERFERÊNCIAS (NÃO INCLUI FORNECIMENTO). AF_11/2017","M","ATRIBUÍDO SÃO PAULO",39.880000000000003,"CAIXA REFERENCIAL"]
[97155,"ASSENTAMENTO DE TUBO DE FERRO FUNDIDO PARA REDE DE ÁGUA, DN 1000 MM, JUNTA ELÁSTICA, INSTALADO EM LOCAL COM NÍVEL ALTO DE INTERFERÊNCIAS (NÃO INCLUI FORNECIMENTO). AF_11/2017","M","ATRIBUÍDO SÃO PAULO",43.87,"CAIXA REFERENCIAL"]
[97156,"ASSENTAMENTO DE TUBO DE FERRO FUNDIDO PARA REDE DE ÁGUA, DN 1200 MM, JUNTA ELÁSTICA, INSTALADO EM LOCAL COM NÍVEL ALTO DE INTERFERÊNCIAS (NÃO INCLUI FORNECIMENTO). AF_11/2017","M","ATRIBUÍDO SÃO PAULO",52.11,"CAIXA REFERENCIAL"]
[97157,"ASSENTAMENTO DE TUBO DE FERRO FUNDIDO PARA REDE DE ÁGUA, DN 80 MM, JUNTA ELÁSTICA, INSTALADO EM LOCAL COM NÍVEL BAIXO DE INTERFERÊNCIAS (NÃO INCLUI FORNECIMENTO). AF_11/2017","M","ATRIBUÍDO SÃO PAULO",3.76,"CAIXA REFERENCIAL"]
[97158,"ASSENTAMENTO DE TUBO DE FERRO FUNDIDO PARA REDE DE ÁGUA, DN 100 MM, JUNTA ELÁSTICA, INSTALADO EM LOCAL COM NÍVEL BAIXO DE INTERFERÊNCIAS (NÃO INCLUI FORNECIMENTO). AF_11/2017","M","ATRIBUÍDO SÃO PAULO",4.1900000000000004,"CAIXA REFERENCIAL"]
[97159,"ASSENTAMENTO DE TUBO DE FERRO FUNDIDO PARA REDE DE ÁGUA, DN 150 MM, JUNTA ELÁSTICA, INSTALADO EM LOCAL COM NÍVEL BAIXO DE INTERFERÊNCIAS (NÃO INCLUI FORNECIMENTO). AF_11/2017","M","ATRIBUÍDO SÃO PAULO",5.29,"CAIXA REFERENCIAL"]
[97160,"ASSENTAMENTO DE TUBO DE FERRO FUNDIDO PARA REDE DE ÁGUA, DN 200 MM, JUNTA ELÁSTICA, INSTALADO EM LOCAL COM NÍVEL BAIXO DE INTERFERÊNCIAS (NÃO INCLUI FORNECIMENTO). AF_11/2017","M","ATRIBUÍDO SÃO PAULO",6.38,"CAIXA REFERENCIAL"]
[97161,"ASSENTAMENTO DE TUBO DE FERRO FUNDIDO PARA REDE DE ÁGUA, DN 250 MM, JUNTA ELÁSTICA, INSTALADO EM LOCAL COM NÍVEL BAIXO DE INTERFERÊNCIAS (NÃO INCLUI FORNECIMENTO). AF_11/2017","M","ATRIBUÍDO SÃO PAULO",7.5,"CAIXA REFERENCIAL"]
[97162,"ASSENTAMENTO DE TUBO DE FERRO FUNDIDO PARA REDE DE ÁGUA, DN 300 MM, JUNTA ELÁSTICA, INSTALADO EM LOCAL COM NÍVEL BAIXO DE INTERFERÊNCIAS (NÃO INCLUI FORNECIMENTO). AF_11/2017","M","ATRIBUÍDO SÃO PAULO",8.59,"CAIXA REFERENCIAL"]
[97163,"ASSENTAMENTO DE TUBO DE FERRO FUNDIDO PARA REDE DE ÁGUA, DN 350 MM, JUNTA ELÁSTICA, INSTALADO EM LOCAL COM NÍVEL BAIXO DE INTERFERÊNCIAS (NÃO INCLUI FORNECIMENTO). AF_11/2017","M","ATRIBUÍDO SÃO PAULO",9.6999999999999993,"CAIXA REFERENCIAL"]
[97164,"ASSENTAMENTO DE TUBO DE FERRO FUNDIDO PARA REDE DE ÁGUA, DN 400 MM, JUNTA ELÁSTICA, INSTALADO EM LOCAL COM NÍVEL BAIXO DE INTERFERÊNCIAS (NÃO INCLUI FORNECIMENTO). AF_11/2017","M","ATRIBUÍDO SÃO PAULO",10.82,"CAIXA REFERENCIAL"]
[97165,"ASSENTAMENTO DE TUBO DE FERRO FUNDIDO PARA REDE DE ÁGUA, DN 450 MM, JUNTA ELÁSTICA, INSTALADO EM LOCAL COM NÍVEL BAIXO DE INTERFERÊNCIAS (NÃO INCLUI FORNECIMENTO). AF_11/2017","M","ATRIBUÍDO SÃO PAULO",11.93,"CAIXA REFERENCIAL"]
[97166,"ASSENTAMENTO DE TUBO DE FERRO FUNDIDO PARA REDE DE ÁGUA, DN 500 MM, JUNTA ELÁSTICA, INSTALADO EM LOCAL COM NÍVEL BAIXO DE INTERFERÊNCIAS (NÃO INCLUI FORNECIMENTO). AF_11/2017","M","ATRIBUÍDO SÃO PAULO",14.52,"CAIXA REFERENCIAL"]
[97167,"ASSENTAMENTO DE TUBO DE FERRO FUNDIDO PARA REDE DE ÁGUA, DN 600 MM, JUNTA ELÁSTICA, INSTALADO EM LOCAL COM NÍVEL BAIXO DE INTERFERÊNCIAS (NÃO INCLUI FORNECIMENTO). AF_11/2017","M","ATRIBUÍDO SÃO PAULO",16.989999999999998,"CAIXA REFERENCIAL"]
[97168,"ASSENTAMENTO DE TUBO DE FERRO FUNDIDO PARA REDE DE ÁGUA, DN 700 MM, JUNTA ELÁSTICA, INSTALADO EM LOCAL COM NÍVEL BAIXO DE INTERFERÊNCIAS (NÃO INCLUI FORNECIMENTO). AF_11/2017","M","ATRIBUÍDO SÃO PAULO",19.28,"CAIXA REFERENCIAL"]
[97169,"ASSENTAMENTO DE TUBO DE FERRO FUNDIDO PARA REDE DE ÁGUA, DN 800 MM, JUNTA ELÁSTICA, INSTALADO EM LOCAL COM NÍVEL BAIXO DE INTERFERÊNCIAS (NÃO INCLUI FORNECIMENTO). AF_11/2017","M","ATRIBUÍDO SÃO PAULO",21.68,"CAIXA REFERENCIAL"]
[97170,"ASSENTAMENTO DE TUBO DE FERRO FUNDIDO PARA REDE DE ÁGUA, DN 900 MM, JUNTA ELÁSTICA, INSTALADO EM LOCAL COM NÍVEL BAIXO DE INTERFERÊNCIAS (NÃO INCLUI FORNECIMENTO). AF_11/2017","M","ATRIBUÍDO SÃO PAULO",24.09,"CAIXA REFERENCIAL"]
[97171,"ASSENTAMENTO DE TUBO DE FERRO FUNDIDO PARA REDE DE ÁGUA, DN 1000 MM, JUNTA ELÁSTICA, INSTALADO EM LOCAL COM NÍVEL BAIXO DE INTERFERÊNCIAS (NÃO INCLUI FORNECIMENTO). AF_11/2017","M","ATRIBUÍDO SÃO PAULO",26.52,"CAIXA REFERENCIAL"]
[97172,"ASSENTAMENTO DE TUBO DE FERRO FUNDIDO PARA REDE DE ÁGUA, DN 1200 MM, JUNTA ELÁSTICA, INSTALADO EM LOCAL COM NÍVEL BAIXO DE INTERFERÊNCIAS (NÃO INCLUI FORNECIMENTO). AF_11/2017","M","ATRIBUÍDO SÃO PAULO",31.61,"CAIXA REFERENCIAL"]
[97173,"ASSENTAMENTO DE TUBO DE AÇO CARBONO PARA REDE DE ÁGUA, DN 600 MM (24\u0092\u0092), JUNTA SOLDADA, INSTALADO EM LOCAL COM NÍVEL ALTO DE INTERFERÊNCIAS (NÃO INCLUI FORNECIMENTO). AF_11/2017","M","ATRIBUÍDO SÃO PAULO",26.42,"CAIXA REFERENCIAL"]
[97174,"ASSENTAMENTO DE TUBO DE AÇO CARBONO PARA REDE DE ÁGUA, DN 700 MM (28\u0092\u0092), JUNTA SOLDADA, INSTALADO EM LOCAL COM NÍVEL ALTO DE INTERFERÊNCIAS (NÃO INCLUI FORNECIMENTO). AF_11/2017","M","ATRIBUÍDO SÃO PAULO",30.56,"CAIXA REFERENCIAL"]
[97175,"ASSENTAMENTO DE TUBO DE AÇO CARBONO PARA REDE DE ÁGUA, DN 800 MM (32\u0092\u0092), JUNTA SOLDADA, INSTALADO EM LOCAL COM NÍVEL ALTO DE INTERFERÊNCIAS (NÃO INCLUI FORNECIMENTO). AF_11/2017","M","ATRIBUÍDO SÃO PAULO",34.700000000000003,"CAIXA REFERENCIAL"]
[97176,"ASSENTAMENTO DE TUBO DE AÇO CARBONO PARA REDE DE ÁGUA, DN 900 MM (36\u0092\u0092), JUNTA SOLDADA, INSTALADO EM LOCAL COM NÍVEL ALTO DE INTERFERÊNCIAS (NÃO INCLUI FORNECIMENTO). AF_11/2017","M","ATRIBUÍDO SÃO PAULO",38.83,"CAIXA REFERENCIAL"]
[97177,"ASSENTAMENTO DE TUBO DE AÇO CARBONO PARA REDE DE ÁGUA, DN 1000 MM (40\u0092\u0092) OU DN 1100 MM (44\u0092\u0092), JUNTA SOLDADA, INSTALADO EM LOCAL COM NÍVEL ALTO DE INTERFERÊNCIAS (NÃO INCLUI FORNECIMENTO). AF_11/2017","M","ATRIBUÍDO SÃO PAULO",47.11,"CAIXA REFERENCIAL"]
[97178,"ASSENTAMENTO DE TUBO DE AÇO CARBONO PARA REDE DE ÁGUA, DN 1200 MM (48\u0092\u0092) OU DN 1300 MM (52\u0092\u0092), JUNTA SOLDADA, INSTALADO EM LOCAL COM NÍVEL ALTO DE INTERFERÊNCIAS (NÃO INCLUI FORNECIMENTO). AF_11/2017","M","ATRIBUÍDO SÃO PAULO",55.38,"CAIXA REFERENCIAL"]
[97179,"ASSENTAMENTO DE TUBO DE AÇO CARBONO PARA REDE DE ÁGUA, DN 1400 MM (56'') OU DN 1500 MM (60\u0092\u0092), JUNTA SOLDADA, INSTALADO EM LOCAL COM NÍVEL ALTO DE INTERFERÊNCIAS (NÃO INCLUI FORNECIMENTO). AF_11/2017","M","ATRIBUÍDO SÃO PAULO",63.65,"CAIXA REFERENCIAL"]
[97180,"ASSENTAMENTO DE TUBO DE AÇO CARBONO PARA REDE DE ÁGUA, DN 1600 MM (64\u0092\u0092) OU DN 1700 MM (68\u0092\u0092), JUNTA SOLDADA, INSTALADO EM LOCAL COM NÍVEL ALTO DE INTERFERÊNCIAS (NÃO INCLUI FORNECIMENTO). AF_11/2017","M","ATRIBUÍDO SÃO PAULO",71.930000000000007,"CAIXA REFERENCIAL"]
[97181,"ASSENTAMENTO DE TUBO DE AÇO CARBONO PARA REDE DE ÁGUA, DN 1800 MM (72\u0092\u0092) OU DN 1900 MM (76\u0092\u0092), JUNTA SOLDADA, INSTALADO EM LOCAL COM NÍVEL ALTO DE INTERFERÊNCIAS (NÃO INCLUI FORNECIMENTO). AF_11/2017","M","ATRIBUÍDO SÃO PAULO",82.7,"CAIXA REFERENCIAL"]
[97182,"ASSENTAMENTO DE TUBO DE AÇO CARBONO PARA REDE DE ÁGUA, DN 2000 MM (80\u0092\u0092) OU DN 2100 MM (84\u0092\u0092), JUNTA SOLDADA, INSTALADO EM LOCAL COM NÍVEL ALTO DE INTERFERÊNCIAS (NÃO INCLUI FORNECIMENTO). AF_11/2017","M","ATRIBUÍDO SÃO PAULO",91.25,"CAIXA REFERENCIAL"]
[97183,"ASSENTAMENTO DE TUBO DE AÇO CARBONO PARA REDE DE ÁGUA, DN 600 MM (24\u0092\u0092), JUNTA SOLDADA, INSTALADO EM LOCAL COM NÍVEL BAIXO DE INTERFERÊNCIAS (NÃO INCLUI FORNECIMENTO). AF_11/2017","M","ATRIBUÍDO SÃO PAULO",21.41,"CAIXA REFERENCIAL"]
[97184,"ASSENTAMENTO DE TUBO DE AÇO CARBONO PARA REDE DE ÁGUA, DN 700 MM (28\u0092\u0092), JUNTA SOLDADA, INSTALADO EM LOCAL COM NÍVEL BAIXO DE INTERFERÊNCIAS (NÃO INCLUI FORNECIMENTO). AF_11/2017","M","ATRIBUÍDO SÃO PAULO",24.81,"CAIXA REFERENCIAL"]
[97185,"ASSENTAMENTO DE TUBO DE AÇO CARBONO PARA REDE DE ÁGUA, DN 800 MM (32\u0092\u0092), JUNTA SOLDADA, INSTALADO EM LOCAL COM NÍVEL BAIXO DE INTERFERÊNCIAS (NÃO INCLUI FORNECIMENTO). AF_11/2017","M","ATRIBUÍDO SÃO PAULO",28.22,"CAIXA REFERENCIAL"]
[97186,"ASSENTAMENTO DE TUBO DE AÇO CARBONO PARA REDE DE ÁGUA, DN 900 MM (36\u0092\u0092), JUNTA SOLDADA, INSTALADO EM LOCAL COM NÍVEL BAIXO DE INTERFERÊNCIAS (NÃO INCLUI FORNECIMENTO). AF_11/2017","M","ATRIBUÍDO SÃO PAULO",31.63,"CAIXA REFERENCIAL"]
[97187,"ASSENTAMENTO DE TUBO DE AÇO CARBONO PARA REDE DE ÁGUA, DN 1000 MM (40  ) OU DN 1100 MM (44  ), JUNTA SOLDADA, INSTALADO EM LOCAL COM NÍVEL BAIXO DE INTERFERÊNCIAS (NÃO INCLUI FORNECIMENTO). AF_11/2017","M","ATRIBUÍDO SÃO PAULO",38.450000000000003,"CAIXA REFERENCIAL"]
[97188,"ASSENTAMENTO DE TUBO DE AÇO CARBONO PARA REDE DE ÁGUA, DN 1200 MM (48\u0092\u0092) OU DN 1300 MM (52\u0092\u0092), JUNTA SOLDADA, INSTALADO EM LOCAL COM NÍVEL BAIXO DE INTERFERÊNCIAS (NÃO INCLUI FORNECIMENTO). AF_11/2017","M","ATRIBUÍDO SÃO PAULO",45.26,"CAIXA REFERENCIAL"]
[97189,"ASSENTAMENTO DE TUBO DE AÇO CARBONO PARA REDE DE ÁGUA, DN 1400 MM (56'') OU DN 1500 MM (60\u0092\u0092), JUNTA SOLDADA, INSTALADO EM LOCAL COM NÍVEL BAIXO DE INTERFERÊNCIAS (NÃO INCLUI FORNECIMENTO). AF_11/2017","M","ATRIBUÍDO SÃO PAULO",52.06,"CAIXA REFERENCIAL"]
[97190,"ASSENTAMENTO DE TUBO DE AÇO CARBONO PARA REDE DE ÁGUA, DN 1600 MM (64\u0092\u0092) OU DN 1700 MM (68\u0092\u0092), JUNTA SOLDADA, INSTALADO EM LOCAL COM NÍVEL BAIXO DE INTERFERÊNCIAS (NÃO INCLUI FORNECIMENTO). AF_11/2017","M","ATRIBUÍDO SÃO PAULO",58.88,"CAIXA REFERENCIAL"]
[97191,"ASSENTAMENTO DE TUBO DE AÇO CARBONO PARA REDE DE ÁGUA, DN 1800 MM (72\u0092\u0092) OU DN 1900 MM (76\u0092\u0092), JUNTA SOLDADA, INSTALADO EM LOCAL COM NÍVEL BAIXO DE INTERFERÊNCIAS (NÃO INCLUI FORNECIMENTO). AF_11/2017","M","ATRIBUÍDO SÃO PAULO",67.56,"CAIXA REFERENCIAL"]
[97192,"ASSENTAMENTO DE TUBO DE AÇO CARBONO PARA REDE DE ÁGUA, DN 2000 MM (80\u0092\u0092) OU DN 2100 MM (84\u0092\u0092), JUNTA SOLDADA, INSTALADO EM LOCAL COM NÍVEL BAIXO DE INTERFERÊNCIAS (NÃO INCLUI FORNECIMENTO). AF_11/2017","M","ATRIBUÍDO SÃO PAULO",74.58,"CAIXA REFERENCIAL"]
[90694,"TUBO DE PVC PARA REDE COLETORA DE ESGOTO DE PAREDE MACIÇA, DN 100 MM, JUNTA ELÁSTICA, INSTALADO EM LOCAL COM NÍVEL BAIXO DE INTERFERÊNCIAS - FORNECIMENTO E ASSENTAMENTO. AF_06/2015","M","ATRIBUÍDO SÃO PAULO",20.81,"CAIXA REFERENCIAL"]
[90695,"TUBO DE PVC PARA REDE COLETORA DE ESGOTO DE PAREDE MACIÇA, DN 150 MM, JUNTA ELÁSTICA, INSTALADO EM LOCAL COM NÍVEL BAIXO DE INTERFERÊNCIAS - FORNECIMENTO E ASSENTAMENTO. AF_06/2015","M","ATRIBUÍDO SÃO PAULO",42.72,"CAIXA REFERENCIAL"]
[90696,"TUBO DE PVC PARA REDE COLETORA DE ESGOTO DE PAREDE MACIÇA, DN 200 MM, JUNTA ELÁSTICA, INSTALADO EM LOCAL COM NÍVEL BAIXO DE INTERFERÊNCIAS - FORNECIMENTO E ASSENTAMENTO. AF_06/2015","M","ATRIBUÍDO SÃO PAULO",63.25,"CAIXA REFERENCIAL"]
[90697,"TUBO DE PVC PARA REDE COLETORA DE ESGOTO DE PAREDE MACIÇA, DN 250 MM, JUNTA ELÁSTICA, INSTALADO EM LOCAL COM NÍVEL BAIXO DE INTERFERÊNCIAS - FORNECIMENTO E ASSENTAMENTO. AF_06/2015","M","ATRIBUÍDO SÃO PAULO",106.02,"CAIXA REFERENCIAL"]
[90698,"TUBO DE PVC PARA REDE COLETORA DE ESGOTO DE PAREDE MACIÇA, DN 300 MM, JUNTA ELÁSTICA, INSTALADO EM LOCAL COM NÍVEL BAIXO DE INTERFERÊNCIAS - FORNECIMENTO E ASSENTAMENTO. AF_06/2015","M","ATRIBUÍDO SÃO PAULO",169.39,"CAIXA REFERENCIAL"]
[90699,"TUBO DE PVC PARA REDE COLETORA DE ESGOTO DE PAREDE MACIÇA, DN 350 MM, JUNTA ELÁSTICA, INSTALADO EM LOCAL COM NÍVEL BAIXO DE INTERFERÊNCIAS - FORNECIMENTO E ASSENTAMENTO. AF_06/2015","M","ATRIBUÍDO SÃO PAULO",209.27,"CAIXA REFERENCIAL"]
[90700,"TUBO DE PVC PARA REDE COLETORA DE ESGOTO DE PAREDE MACIÇA, DN 400 MM, JUNTA ELÁSTICA, INSTALADO EM LOCAL COM NÍVEL BAIXO DE INTERFERÊNCIAS - FORNECIMENTO E ASSENTAMENTO. AF_06/2015","M","ATRIBUÍDO SÃO PAULO",275.55,"CAIXA REFERENCIAL"]
[90701,"TUBO DE PVC CORRUGADO DE DUPLA PAREDE PARA REDE COLETORA DE ESGOTO, DN 150 MM, JUNTA ELÁSTICA, INSTALADO EM LOCAL COM NÍVEL BAIXO DE INTERFERÊNCIAS - FORNECIMENTO E ASSENTAMENTO. AF_06/2015","M","ATRIBUÍDO SÃO PAULO",37.4,"CAIXA REFERENCIAL"]
[90702,"TUBO DE PVC CORRUGADO DE DUPLA PAREDE PARA REDE COLETORA DE ESGOTO, DN 200 MM, JUNTA ELÁSTICA, INSTALADO EM LOCAL COM NÍVEL BAIXO DE INTERFERÊNCIAS - FORNECIMENTO E ASSENTAMENTO. AF_06/2015","M","ATRIBUÍDO SÃO PAULO",57.91,"CAIXA REFERENCIAL"]
[90703,"TUBO DE PVC CORRUGADO DE DUPLA PAREDE PARA REDE COLETORA DE ESGOTO, DN 250 MM, JUNTA ELÁSTICA, INSTALADO EM LOCAL COM NÍVEL BAIXO DE INTERFERÊNCIAS - FORNECIMENTO E ASSENTAMENTO. AF_06/2015","M","ATRIBUÍDO SÃO PAULO",93.27,"CAIXA REFERENCIAL"]
[90704,"TUBO DE PVC CORRUGADO DE DUPLA PAREDE PARA REDE COLETORA DE ESGOTO, DN 300 MM, JUNTA ELÁSTICA, INSTALADO EM LOCAL COM NÍVEL BAIXO DE INTERFERÊNCIAS - FORNECIMENTO E ASSENTAMENTO. AF_06/2015","M","ATRIBUÍDO SÃO PAULO",127.9,"CAIXA REFERENCIAL"]
[90705,"TUBO DE PVC CORRUGADO DE DUPLA PAREDE PARA REDE COLETORA DE ESGOTO, DN 350 MM, JUNTA ELÁSTICA, INSTALADO EM LOCAL COM NÍVEL BAIXO DE INTERFERÊNCIAS - FORNECIMENTO E ASSENTAMENTO. AF_06/2015","M","ATRIBUÍDO SÃO PAULO",178.89,"CAIXA REFERENCIAL"]
[90706,"TUBO DE PVC CORRUGADO DE DUPLA PAREDE PARA REDE COLETORA DE ESGOTO, DN 400 MM, JUNTA ELÁSTICA, INSTALADO EM LOCAL COM NÍVEL BAIXO DE INTERFERÊNCIAS - FORNECIMENTO E ASSENTAMENTO. AF_06/2015","M","ATRIBUÍDO SÃO PAULO",215.32,"CAIXA REFERENCIAL"]
[90708,"TUBO DE PEAD CORRUGADO DE DUPLA PAREDE PARA REDE COLETORA DE ESGOTO, DN 600 MM, JUNTA ELÁSTICA INTEGRADA, INSTALADO EM LOCAL COM NÍVEL BAIXO DE INTERFERÊNCIAS - FORNECIMENTO E ASSENTAMENTO. AF_06/2015","M","ATRIBUÍDO SÃO PAULO",574.96,"CAIXA REFERENCIAL"]
[90709,"TUBO DE PVC PARA REDE COLETORA DE ESGOTO DE PAREDE MACIÇA, DN 100 MM, JUNTA ELÁSTICA, INSTALADO EM LOCAL COM NÍVEL ALTO DE INTERFERÊNCIAS - FORNECIMENTO E ASSENTAMENTO. AF_06/2015","M","ATRIBUÍDO SÃO PAULO",22.49,"CAIXA REFERENCIAL"]
[90710,"TUBO DE PVC PARA REDE COLETORA DE ESGOTO DE PAREDE MACIÇA, DN 150 MM, JUNTA ELÁSTICA, INSTALADO EM LOCAL COM NÍVEL ALTO DE INTERFERÊNCIAS - FORNECIMENTO E ASSENTAMENTO. AF_06/2015","M","ATRIBUÍDO SÃO PAULO",44.42,"CAIXA REFERENCIAL"]
[90711,"TUBO DE PVC PARA REDE COLETORA DE ESGOTO DE PAREDE MACIÇA, DN 200 MM, JUNTA ELÁSTICA, INSTALADO EM LOCAL COM NÍVEL ALTO DE INTERFERÊNCIAS - FORNECIMENTO E ASSENTAMENTO. AF_06/2015","M","ATRIBUÍDO SÃO PAULO",64.930000000000007,"CAIXA REFERENCIAL"]
[90712,"TUBO DE PVC PARA REDE COLETORA DE ESGOTO DE PAREDE MACIÇA, DN 250 MM, JUNTA ELÁSTICA, INSTALADO EM LOCAL COM NÍVEL ALTO DE INTERFERÊNCIAS - FORNECIMENTO E ASSENTAMENTO. AF_06/2015","M","ATRIBUÍDO SÃO PAULO",107.72,"CAIXA REFERENCIAL"]
[90713,"TUBO DE PVC PARA REDE COLETORA DE ESGOTO DE PAREDE MACIÇA, DN 300 MM, JUNTA ELÁSTICA, INSTALADO EM LOCAL COM NÍVEL ALTO DE INTERFERÊNCIAS - FORNECIMENTO E ASSENTAMENTO. AF_06/2015","M","ATRIBUÍDO SÃO PAULO",171.08,"CAIXA REFERENCIAL"]
[90714,"TUBO DE PVC PARA REDE COLETORA DE ESGOTO DE PAREDE MACIÇA, DN 350 MM, JUNTA ELÁSTICA, INSTALADO EM LOCAL COM NÍVEL ALTO DE INTERFERÊNCIAS - FORNECIMENTO E ASSENTAMENTO. AF_06/2015","M","ATRIBUÍDO SÃO PAULO",210.97,"CAIXA REFERENCIAL"]
[90715,"TUBO DE PVC PARA REDE COLETORA DE ESGOTO DE PAREDE MACIÇA, DN 400 MM, JUNTA ELÁSTICA, INSTALADO EM LOCAL COM NÍVEL ALTO DE INTERFERÊNCIAS - FORNECIMENTO E ASSENTAMENTO. AF_06/2015","M","ATRIBUÍDO SÃO PAULO",279.08999999999997,"CAIXA REFERENCIAL"]
[90716,"TUBO DE PVC CORRUGADO DE DUPLA PAREDE PARA REDE COLETORA DE ESGOTO, DN 150 MM, JUNTA ELÁSTICA, INSTALADO EM LOCAL COM NÍVEL ALTO DE INTERFERÊNCIAS - FORNECIMENTO E ASSENTAMENTO. AF_06/2015","M","ATRIBUÍDO SÃO PAULO",39.1,"CAIXA REFERENCIAL"]
[90717,"TUBO DE PVC CORRUGADO DE DUPLA PAREDE PARA REDE COLETORA DE ESGOTO, DN 200 MM, JUNTA ELÁSTICA, INSTALADO EM LOCAL COM NÍVEL ALTO DE INTERFERÊNCIAS - FORNECIMENTO E ASSENTAMENTO. AF_06/2015","M","ATRIBUÍDO SÃO PAULO",59.59,"CAIXA REFERENCIAL"]
[90718,"TUBO DE PVC CORRUGADO DE DUPLA PAREDE PARA REDE COLETORA DE ESGOTO, DN 250 MM, JUNTA ELÁSTICA, INSTALADO EM LOCAL COM NÍVEL ALTO DE INTERFERÊNCIAS - FORNECIMENTO E ASSENTAMENTO. AF_06/2015","M","ATRIBUÍDO SÃO PAULO",94.95,"CAIXA REFERENCIAL"]
[90719,"TUBO DE PVC CORRUGADO DE DUPLA PAREDE PARA REDE COLETORA DE ESGOTO, DN 300 MM, JUNTA ELÁSTICA, INSTALADO EM LOCAL COM NÍVEL ALTO DE INTERFERÊNCIAS - FORNECIMENTO E ASSENTAMENTO. AF_06/2015","M","ATRIBUÍDO SÃO PAULO",129.59,"CAIXA REFERENCIAL"]
[90720,"TUBO DE PVC CORRUGADO DE DUPLA PAREDE PARA REDE COLETORA DE ESGOTO, DN 350 MM, JUNTA ELÁSTICA, INSTALADO EM LOCAL COM NÍVEL ALTO DE INTERFERÊNCIAS - FORNECIMENTO E ASSENTAMENTO. AF_06/2015","M","ATRIBUÍDO SÃO PAULO",180.57,"CAIXA REFERENCIAL"]
[90721,"TUBO DE PVC CORRUGADO DE DUPLA PAREDE PARA REDE COLETORA DE ESGOTO, DN 400 MM, EM JUNTA ELÁSTICA, INSTALADO EM LOCAL COM NÍVEL ALTO DE INTERFERÊNCIAS - FORNECIMENTO E ASSENTAMENTO. AF_06/2015","M","ATRIBUÍDO SÃO PAULO",218.85,"CAIXA REFERENCIAL"]
[90723,"TUBO DE PEAD CORRUGADO DE DUPLA PAREDE PARA REDE COLETORA DE ESGOTO, DN 600 MM, JUNTA ELÁSTICA INTEGRADA, INSTALADO EM LOCAL COM NÍVEL ALTO DE INTERFERÊNCIAS - FORNECIMENTO E ASSENTAMENTO. AF_06/2015","M","ATRIBUÍDO SÃO PAULO",577.15,"CAIXA REFERENCIAL"]
[90724,"JUNTA ARGAMASSADA ENTRE TUBO DN 100 MM E O POÇO DE VISITA/ CAIXA DE CONCRETO OU ALVENARIA EM REDES DE ESGOTO. AF_06/2015","UN","COEFICIENTE DE REPRESENTATIVIDADE",19.86,"CAIXA REFERENCIAL"]
[90725,"JUNTA ARGAMASSADA ENTRE TUBO DN 150 MM E O POÇO DE VISITA/ CAIXA DE CONCRETO OU ALVENARIA EM REDES DE ESGOTO. AF_06/2015","UN","COEFICIENTE DE REPRESENTATIVIDADE",24.54,"CAIXA REFERENCIAL"]
[90726,"JUNTA ARGAMASSADA ENTRE TUBO DN 200 MM E O POÇO/ CAIXA DE CONCRETO OU ALVENARIA EM REDES DE ESGOTO. AF_06/2015","UN","COEFICIENTE DE REPRESENTATIVIDADE",29.21,"CAIXA REFERENCIAL"]
[90727,"JUNTA ARGAMASSADA ENTRE TUBO DN 250 MM E O POÇO DE VISITA/ CAIXA DE CONCRETO OU ALVENARIA EM REDES DE ESGOTO. AF_06/2015","UN","COEFICIENTE DE REPRESENTATIVIDADE",33.89,"CAIXA REFERENCIAL"]
[90728,"JUNTA ARGAMASSADA ENTRE TUBO DN 300 MM E O POÇO DE VISITA/ CAIXA DE CONCRETO OU ALVENARIA EM REDES DE ESGOTO. AF_06/2015","UN","COEFICIENTE DE REPRESENTATIVIDADE",38.57,"CAIXA REFERENCIAL"]
[90729,"JUNTA ARGAMASSADA ENTRE TUBO DN 350 MM E O POÇO DE VISITA/ CAIXA DE CONCRETO OU ALVENARIA EM REDES DE ESGOTO. AF_06/2015","UN","COEFICIENTE DE REPRESENTATIVIDADE",43.25,"CAIXA REFERENCIAL"]
[90730,"JUNTA ARGAMASSADA ENTRE TUBO DN 400 MM E O POÇO DE VISITA/ CAIXA DE CONCRETO OU ALVENARIA EM REDES DE ESGOTO. AF_06/2015","UN","COEFICIENTE DE REPRESENTATIVIDADE",47.98,"CAIXA REFERENCIAL"]
[90731,"JUNTA ARGAMASSADA ENTRE TUBO DN 450 MM E O POÇO DE VISITA/ CAIXA DE CONCRETO OU ALVENARIA EM REDES DE ESGOTO. AF_06/2015","UN","COEFICIENTE DE REPRESENTATIVIDADE",52.67,"CAIXA REFERENCIAL"]
[90732,"JUNTA ARGAMASSADA ENTRE TUBO DN 600 MM E O POÇO DE VISITA/ CAIXA DE CONCRETO OU ALVENARIA EM REDES DE ESGOTO. AF_06/2015","UN","COEFICIENTE DE REPRESENTATIVIDADE",66.72,"CAIXA REFERENCIAL"]
[90733,"ASSENTAMENTO DE TUBO DE PVC PARA REDE COLETORA DE ESGOTO DE PAREDE MACIÇA, DN 100 MM, JUNTA ELÁSTICA, INSTALADO EM LOCAL COM NÍVEL BAIXO DE INTERFERÊNCIAS (NÃO INCLUI FORNECIMENTO). AF_06/2015","M","COEFICIENTE DE REPRESENTATIVIDADE",2.14,"CAIXA REFERENCIAL"]
[90734,"ASSENTAMENTO DE TUBO DE PVC PARA REDE COLETORA DE ESGOTO DE PAREDE MACIÇA, DN 150 MM, JUNTA ELÁSTICA, INSTALADO EM LOCAL COM NÍVEL BAIXO DE INTERFERÊNCIAS (NÃO INCLUI FORNECIMENTO). AF_06/2015","M","COEFICIENTE DE REPRESENTATIVIDADE",2.6,"CAIXA REFERENCIAL"]
[90735,"ASSENTAMENTO DE TUBO DE PVC PARA REDE COLETORA DE ESGOTO DE PAREDE MACIÇA, DN 200 MM, JUNTA ELÁSTICA, INSTALADO EM LOCAL COM NÍVEL BAIXO DE INTERFERÊNCIAS (NÃO INCLUI FORNECIMENTO). AF_06/2015","M","COEFICIENTE DE REPRESENTATIVIDADE",3.09,"CAIXA REFERENCIAL"]
[90736,"ASSENTAMENTO DE TUBO DE PVC PARA REDE COLETORA DE ESGOTO DE PAREDE MACIÇA, DN 250 MM, JUNTA ELÁSTICA, INSTALADO EM LOCAL COM NÍVEL BAIXO DE INTERFERÊNCIAS (NÃO INCLUI FORNECIMENTO). AF_06/2015","M","COEFICIENTE DE REPRESENTATIVIDADE",3.56,"CAIXA REFERENCIAL"]
[90737,"ASSENTAMENTO DE TUBO DE PVC PARA REDE COLETORA DE ESGOTO DE PAREDE MACIÇA, DN 300 MM, JUNTA ELÁSTICA, INSTALADO EM LOCAL COM NÍVEL BAIXO DE INTERFERÊNCIAS (NÃO INCLUI FORNECIMENTO). AF_06/2015","M","COEFICIENTE DE REPRESENTATIVIDADE",4.04,"CAIXA REFERENCIAL"]
[90738,"ASSENTAMENTO DE TUBO DE PVC PARA REDE COLETORA DE ESGOTO DE PAREDE MACIÇA, DN 350 MM, JUNTA ELÁSTICA, INSTALADO EM LOCAL COM NÍVEL BAIXO DE INTERFERÊNCIAS (NÃO INCLUI FORNECIMENTO). AF_06/2015","M","COEFICIENTE DE REPRESENTATIVIDADE",4.51,"CAIXA REFERENCIAL"]
[90739,"ASSENTAMENTO DE TUBO DE PVC PARA REDE COLETORA DE ESGOTO DE PAREDE MACIÇA, DN 400 MM, JUNTA ELÁSTICA, INSTALADO EM LOCAL COM NÍVEL BAIXO DE INTERFERÊNCIAS (NÃO INCLUI FORNECIMENTO). AF_06/2015","M","ATRIBUÍDO SÃO PAULO",10.39,"CAIXA REFERENCIAL"]
[90740,"ASSENTAMENTO DE TUBO DE PVC CORRUGADO DE DUPLA PAREDE PARA REDE COLETORA DE ESGOTO, DN 150 MM, JUNTA ELÁSTICA, INSTALADO EM LOCAL COM NÍVEL BAIXO DE INTERFERÊNCIAS (NÃO INCLUI FORNECIMENTO). AF_06/2015","M","COEFICIENTE DE REPRESENTATIVIDADE",4.75,"CAIXA REFERENCIAL"]
[90741,"ASSENTAMENTO DE TUBO DE PVC CORRUGADO DE DUPLA PAREDE PARA REDE COLETORA DE ESGOTO, DN 200 MM, JUNTA ELÁSTICA, INSTALADO EM LOCAL COM NÍVEL BAIXO DE INTERFERÊNCIAS (NÃO INCLUI FORNECIMENTO). AF_06/2015","M","COEFICIENTE DE REPRESENTATIVIDADE",5.24,"CAIXA REFERENCIAL"]
[90742,"ASSENTAMENTO DE TUBO DE PVC CORRUGADO DE DUPLA PAREDE PARA REDE COLETORA DE ESGOTO, DN 250 MM, JUNTA ELÁSTICA, INSTALADO EM LOCAL COM NÍVEL BAIXO DE INTERFERÊNCIAS (NÃO INCLUI FORNECIMENTO). AF_06/2015","M","COEFICIENTE DE REPRESENTATIVIDADE",5.72,"CAIXA REFERENCIAL"]
[90743,"ASSENTAMENTO DE TUBO DE PVC CORRUGADO DE DUPLA PAREDE PARA REDE COLETORA DE ESGOTO, DN 300 MM, JUNTA ELÁSTICA, INSTALADO EM LOCAL COM NÍVEL BAIXO DE INTERFERÊNCIAS (NÃO INCLUI FORNECIMENTO). AF_06/2015","M","COEFICIENTE DE REPRESENTATIVIDADE",6.19,"CAIXA REFERENCIAL"]
[90744,"ASSENTAMENTO DE TUBO DE PVC CORRUGADO DE DUPLA PAREDE PARA REDE COLETORA DE ESGOTO, DN 350 MM, JUNTA ELÁSTICA, INSTALADO EM LOCAL COM NÍVEL BAIXO DE INTERFERÊNCIAS (NÃO INCLUI FORNECIMENTO). AF_06/2015","M","COEFICIENTE DE REPRESENTATIVIDADE",6.67,"CAIXA REFERENCIAL"]
[90745,"ASSENTAMENTO DE TUBO DE PVC CORRUGADO DE DUPLA PAREDE PARA REDE COLETORA DE ESGOTO, DN 400 MM, JUNTA ELÁSTICA, INSTALADO EM LOCAL COM NÍVEL BAIXO DE INTERFERÊNCIAS (NÃO INCLUI FORNECIMENTO). AF_06/2015","M","ATRIBUÍDO SÃO PAULO",14.87,"CAIXA REFERENCIAL"]
[90746,"ASSENTAMENTO DE TUBO DE PEAD CORRUGADO DE DUPLA PAREDE PARA REDE COLETORA DE ESGOTO, DN 450 MM, JUNTA ELÁSTICA INTEGRADA, INSTALADO EM LOCAL COM NÍVEL BAIXO DE INTERFERÊNCIAS (NÃO INCLUI FORNECIMENTO). AF_06/2015","M","COEFICIENTE DE REPRESENTATIVIDADE",2.9,"CAIXA REFERENCIAL"]
[90747,"ASSENTAMENTO DE TUBO DE PEAD CORRUGADO DE DUPLA PAREDE PARA REDE COLETORA DE ESGOTO, DN 600 MM, JUNTA ELÁSTICA INTEGRADA, INSTALADO EM LOCAL COM NÍVEL BAIXO DE INTERFERÊNCIAS (NÃO INCLUI FORNECIMENTO). AF_06/2015","M","ATRIBUÍDO SÃO PAULO",11.48,"CAIXA REFERENCIAL"]
[90748,"ASSENTAMENTO DE TUBO DE PVC PARA REDE COLETORA DE ESGOTO DE PAREDE MACIÇA, DN 100 MM, JUNTA ELÁSTICA, INSTALADO EM LOCAL COM NÍVEL ALTO DE INTERFERÊNCIAS (NÃO INCLUI FORNECIMENTO). AF_06/2015","M","COEFICIENTE DE REPRESENTATIVIDADE",3.82,"CAIXA REFERENCIAL"]
[90749,"ASSENTAMENTO DE TUBO DE PVC PARA REDE COLETORA DE ESGOTO DE PAREDE MACIÇA, DN 150 MM, JUNTA ELÁSTICA, INSTALADO EM LOCAL COM NÍVEL ALTO DE INTERFERÊNCIAS (NÃO INCLUI FORNECIMENTO). AF_06/2015","M","COEFICIENTE DE REPRESENTATIVIDADE",4.3,"CAIXA REFERENCIAL"]
[90750,"ASSENTAMENTO DE TUBO DE PVC PARA REDE COLETORA DE ESGOTO DE PAREDE MACIÇA, DN 200 MM, JUNTA ELÁSTICA, INSTALADO EM LOCAL COM NÍVEL ALTO DE INTERFERÊNCIAS (NÃO INCLUI FORNECIMENTO). AF_06/2015","M","COEFICIENTE DE REPRESENTATIVIDADE",4.7699999999999996,"CAIXA REFERENCIAL"]
[90751,"ASSENTAMENTO DE TUBO DE PVC PARA REDE COLETORA DE ESGOTO DE PAREDE MACIÇA, DN 250 MM, JUNTA ELÁSTICA, INSTALADO EM LOCAL COM NÍVEL ALTO DE INTERFERÊNCIAS (NÃO INCLUI FORNECIMENTO). AF_06/2015","M","COEFICIENTE DE REPRESENTATIVIDADE",5.26,"CAIXA REFERENCIAL"]
[90752,"ASSENTAMENTO DE TUBO DE PVC PARA REDE COLETORA DE ESGOTO DE PAREDE MACIÇA, DN 300 MM, JUNTA ELÁSTICA, INSTALADO EM LOCAL COM NÍVEL ALTO DE INTERFERÊNCIAS (NÃO INCLUI FORNECIMENTO). AF_06/2015","M","COEFICIENTE DE REPRESENTATIVIDADE",5.73,"CAIXA REFERENCIAL"]
[90753,"ASSENTAMENTO DE TUBO DE PVC PARA REDE COLETORA DE ESGOTO DE PAREDE MACIÇA, DN 350 MM, JUNTA ELÁSTICA, INSTALADO EM LOCAL COM NÍVEL ALTO DE INTERFERÊNCIAS (NÃO INCLUI FORNECIMENTO). AF_06/2015","M","COEFICIENTE DE REPRESENTATIVIDADE",6.21,"CAIXA REFERENCIAL"]
[90754,"ASSENTAMENTO DE TUBO DE PVC PARA REDE COLETORA DE ESGOTO DE PAREDE MACIÇA, DN 400 MM, JUNTA ELÁSTICA, INSTALADO EM LOCAL COM NÍVEL ALTO DE INTERFERÊNCIAS (NÃO INCLUI FORNECIMENTO). AF_06/2015","M","ATRIBUÍDO SÃO PAULO",13.93,"CAIXA REFERENCIAL"]
[90755,"ASSENTAMENTO DE TUBO DE PVC CORRUGADO DE DUPLA PAREDE PARA REDE COLETORA DE ESGOTO, DN 150 MM, JUNTA ELÁSTICA, INSTALADO EM LOCAL COM NÍVEL ALTO DE INTERFERÊNCIAS (NÃO INCLUI FORNECIMENTO). AF_06/2015","M","COEFICIENTE DE REPRESENTATIVIDADE",6.45,"CAIXA REFERENCIAL"]
[90756,"ASSENTAMENTO DE TUBO DE PVC CORRUGADO DE DUPLA PAREDE PARA REDE COLETORA DE ESGOTO, DN 200 MM, JUNTA ELÁSTICA, INSTALADO EM LOCAL COM NÍVEL ALTO DE INTERFERÊNCIAS (NÃO INCLUI FORNECIMENTO). AF_06/2015","M","COEFICIENTE DE REPRESENTATIVIDADE",6.92,"CAIXA REFERENCIAL"]
[90757,"ASSENTAMENTO DE TUBO DE PVC CORRUGADO DE DUPLA PAREDE PARA REDE COLETORA DE ESGOTO, DN 250 MM, JUNTA ELÁSTICA, INSTALADO EM LOCAL COM NÍVEL ALTO DE INTERFERÊNCIAS (NÃO INCLUI FORNECIMENTO). AF_06/2015","M","COEFICIENTE DE REPRESENTATIVIDADE",7.4,"CAIXA REFERENCIAL"]
[90758,"ASSENTAMENTO DE TUBO DE PVC CORRUGADO DE DUPLA PAREDE PARA REDE COLETORA DE ESGOTO, DN 300 MM, JUNTA ELÁSTICA, INSTALADO EM LOCAL COM NÍVEL ALTO DE INTERFERÊNCIAS (NÃO INCLUI FORNECIMENTO). AF_06/2015","M","COEFICIENTE DE REPRESENTATIVIDADE",7.88,"CAIXA REFERENCIAL"]
[90759,"ASSENTAMENTO DE TUBO DE PVC CORRUGADO DE DUPLA PAREDE PARA REDE COLETORA DE ESGOTO, DN 350 MM, JUNTA ELÁSTICA, INSTALADO EM LOCAL COM NÍVEL ALTO DE INTERFERÊNCIAS (NÃO INCLUI FORNECIMENTO). AF_06/2015","M","COEFICIENTE DE REPRESENTATIVIDADE",8.35,"CAIXA REFERENCIAL"]
[90760,"ASSENTAMENTO DE TUBO DE PVC CORRUGADO DE DUPLA PAREDE PARA REDE COLETORA DE ESGOTO, DN 400 MM, EM JUNTA ELÁSTICA, INSTALADO EM LOCAL COM NÍVEL ALTO DE INTERFERÊNCIAS (NÃO INCLUI FORNECIMENTO). AF_06/2015","M","ATRIBUÍDO SÃO PAULO",18.399999999999999,"CAIXA REFERENCIAL"]
[90761,"ASSENTAMENTO DE TUBO DE PEAD CORRUGADO DE DUPLA PAREDE PARA REDE COLETORA DE ESGOTO, DN 450 MM, JUNTA ELÁSTICA INTEGRADA, INSTALADO EM LOCAL COM NÍVEL ALTO DE INTERFERÊNCIAS (NÃO INCLUI FORNECIMENTO). AF_06/2015","M","COEFICIENTE DE REPRESENTATIVIDADE",3.55,"CAIXA REFERENCIAL"]
[90762,"ASSENTAMENTO DE TUBO DE PEAD CORRUGADO DE DUPLA PAREDE PARA REDE COLETORA DE ESGOTO, DN 600 MM, JUNTA ELÁSTICA INTEGRADA, INSTALADO EM LOCAL COM NÍVEL ALTO DE INTERFERÊNCIAS (NÃO INCLUI FORNECIMENTO). AF_06/2015","M","ATRIBUÍDO SÃO PAULO",13.67,"CAIXA REFERENCIAL"]
[94869,"TUBO DE PEAD CORRUGADO DE DUPLA PAREDE PARA REDE COLETORA DE ESGOTO, DN 250 MM, JUNTA ELÁSTICA INTEGRADA, INSTALADO EM LOCAL COM NÍVEL BAIXO DE INTERFERÊNCIAS - FORNECIMENTO E ASSENTAMENTO. AF_06/2016","M","ATRIBUÍDO SÃO PAULO",116.67,"CAIXA REFERENCIAL"]
[94870,"ASSENTAMENTO DE TUBO DE PEAD CORRUGADO DE DUPLA PAREDE PARA REDE COLETORA DE ESGOTO, DN 250 MM, JUNTA ELÁSTICA INTEGRADA, INSTALADO EM LOCAL COM NÍVEL BAIXO DE INTERFERÊNCIAS (NÃO INCLUI FORNECIMENTO). AF_06/2016","M","COEFICIENTE DE REPRESENTATIVIDADE",0.71,"CAIXA REFERENCIAL"]
[94871,"TUBO DE PEAD CORRUGADO DE DUPLA PAREDE PARA REDE COLETORA DE ESGOTO, DN 300 MM, JUNTA ELÁSTICA INTEGRADA, INSTALADO EM LOCAL COM NÍVEL BAIXO DE INTERFERÊNCIAS - FORNECIMENTO E ASSENTAMENTO. AF_06/2016","M","ATRIBUÍDO SÃO PAULO",138.33000000000001,"CAIXA REFERENCIAL"]
[94872,"ASSENTAMENTO DE TUBO DE PEAD CORRUGADO DE DUPLA PAREDE PARA REDE COLETORA DE ESGOTO, DN 300 MM, JUNTA ELÁSTICA INTEGRADA, INSTALADO EM LOCAL COM NÍVEL BAIXO DE INTERFERÊNCIAS (NÃO INCLUI FORNECIMENTO). AF_06/2016","M","COEFICIENTE DE REPRESENTATIVIDADE",1.24,"CAIXA REFERENCIAL"]
[94875,"TUBO DE PEAD CORRUGADO DE DUPLA PAREDE PARA REDE COLETORA DE ESGOTO, DN 750 MM, JUNTA ELÁSTICA INTEGRADA, INSTALADO EM LOCAL COM NÍVEL BAIXO DE INTERFERÊNCIAS - FORNECIMENTO E ASSENTAMENTO. AF_06/2016","M","ATRIBUÍDO SÃO PAULO",812.69,"CAIXA REFERENCIAL"]
[94876,"ASSENTAMENTO DE TUBO DE PEAD CORRUGADO DE DUPLA PAREDE PARA REDE COLETORA DE ESGOTO, DN 750 MM, JUNTA ELÁSTICA INTEGRADA, INSTALADO EM LOCAL COM NÍVEL BAIXO DE INTERFERÊNCIAS (NÃO INCLUI FORNECIMENTO). AF_06/2016","M","ATRIBUÍDO SÃO PAULO",17.38,"CAIXA REFERENCIAL"]
[94878,"ASSENTAMENTO DE TUBO DE PEAD CORRUGADO DE DUPLA PAREDE PARA REDE COLETORA DE ESGOTO, DN 900 MM, JUNTA ELÁSTICA INTEGRADA, INSTALADO EM LOCAL COM NÍVEL BAIXO DE INTERFERÊNCIAS (NÃO INCLUI FORNECIMENTO). AF_06/2016","M","ATRIBUÍDO SÃO PAULO",20.41,"CAIXA REFERENCIAL"]
[94879,"TUBO DE PEAD CORRUGADO DE DUPLA PAREDE PARA REDE COLETORA DE ESGOTO, DN 1000 MM, JUNTA ELÁSTICA INTEGRADA, INSTALADO EM LOCAL COM NÍVEL BAIXO DE INTERFERÊNCIAS - FORNECIMENTO E ASSENTAMENTO. AF_06/2016","M","ATRIBUÍDO SÃO PAULO",1083.23,"CAIXA REFERENCIAL"]
[94880,"ASSENTAMENTO DE TUBO DE PEAD CORRUGADO DE DUPLA PAREDE PARA REDE COLETORA DE ESGOTO, DN 1000 MM, JUNTA ELÁSTICA INTEGRADA, INSTALADO EM LOCAL COM NÍVEL BAIXO DE INTERFERÊNCIAS (NÃO INCLUI FORNECIMENTO). AF_06/2016","M","ATRIBUÍDO SÃO PAULO",24.99,"CAIXA REFERENCIAL"]
[94881,"TUBO DE PEAD CORRUGADO DE DUPLA PAREDE PARA REDE COLETORA DE ESGOTO, DN 1200 MM, JUNTA ELÁSTICA INTEGRADA, INSTALADO EM LOCAL COM NÍVEL BAIXO DE INTERFERÊNCIAS - FORNECIMENTO E ASSENTAMENTO. AF_06/2016","M","ATRIBUÍDO SÃO PAULO",1688.6,"CAIXA REFERENCIAL"]
[94882,"ASSENTAMENTO DE TUBO DE PEAD CORRUGADO DE DUPLA PAREDE PARA REDE COLETORA DE ESGOTO, DN 1200 MM, JUNTA ELÁSTICA INTEGRADA, INSTALADO EM LOCAL COM NÍVEL BAIXO DE INTERFERÊNCIAS (NÃO INCLUI FORNECIMENTO). AF_06/2016","M","ATRIBUÍDO SÃO PAULO",29.64,"CAIXA REFERENCIAL"]
[94884,"ASSENTAMENTO DE TUBO DE PEAD CORRUGADO DE DUPLA PAREDE PARA REDE COLETORA DE ESGOTO, DN 1500 MM, JUNTA ELÁSTICA INTEGRADA, INSTALADO EM LOCAL COM NÍVEL BAIXO DE INTERFERÊNCIAS (NÃO INCLUI FORNECIMENTO). AF_06/2016","M","ATRIBUÍDO SÃO PAULO",39.090000000000003,"CAIXA REFERENCIAL"]
[94885,"TUBO DE PEAD CORRUGADO DE DUPLA PAREDE PARA REDE COLETORA DE ESGOTO, DN 250 MM, JUNTA ELÁSTICA INTEGRADA, INSTALADO EM LOCAL COM NÍVEL ALTO DE INTERFERÊNCIAS - FORNECIMENTO E ASSENTAMENTO. AF_06/2016","M","ATRIBUÍDO SÃO PAULO",116.87,"CAIXA REFERENCIAL"]
[94886,"ASSENTAMENTO DE TUBO DE PEAD CORRUGADO DE DUPLA PAREDE PARA REDE COLETORA DE ESGOTO, DN 250 MM, JUNTA ELÁSTICA INTEGRADA, INSTALADO EM LOCAL COM NÍVEL ALTO DE INTERFERÊNCIAS (NÃO INCLUI FORNECIMENTO). AF_06/2016","M","COEFICIENTE DE REPRESENTATIVIDADE",0.91,"CAIXA REFERENCIAL"]
[94887,"TUBO DE PEAD CORRUGADO DE DUPLA PAREDE PARA REDE COLETORA DE ESGOTO, DN 300 MM, JUNTA ELÁSTICA INTEGRADA, INSTALADO EM LOCAL COM NÍVEL ALTO DE INTERFERÊNCIAS - FORNECIMENTO E ASSENTAMENTO. AF_06/2016","M","ATRIBUÍDO SÃO PAULO",138.66,"CAIXA REFERENCIAL"]
[94888,"ASSENTAMENTO DE TUBO DE PEAD CORRUGADO DE DUPLA PAREDE PARA REDE COLETORA DE ESGOTO, DN 300 MM, JUNTA ELÁSTICA INTEGRADA, INSTALADO EM LOCAL COM NÍVEL ALTO DE INTERFERÊNCIAS (NÃO INCLUI FORNECIMENTO). AF_06/2016","M","COEFICIENTE DE REPRESENTATIVIDADE",1.57,"CAIXA REFERENCIAL"]
[94891,"TUBO DE PEAD CORRUGADO DE DUPLA PAREDE PARA REDE COLETORA DE ESGOTO, DN 750 MM, JUNTA ELÁSTICA INTEGRADA, INSTALADO EM LOCAL COM NÍVEL ALTO DE INTERFERÊNCIAS - FORNECIMENTO E ASSENTAMENTO. AF_06/2016","M","ATRIBUÍDO SÃO PAULO",815.5,"CAIXA REFERENCIAL"]
[94892,"ASSENTAMENTO DE TUBO DE PEAD CORRUGADO DE DUPLA PAREDE PARA REDE COLETORA DE ESGOTO, DN 750 MM, JUNTA ELÁSTICA INTEGRADA, INSTALADO EM LOCAL COM NÍVEL ALTO DE INTERFERÊNCIAS (NÃO INCLUI FORNECIMENTO). AF_06/2016","M","ATRIBUÍDO SÃO PAULO",20.190000000000001,"CAIXA REFERENCIAL"]
[94894,"ASSENTAMENTO DE TUBO DE PEAD CORRUGADO DE DUPLA PAREDE PARA REDE COLETORA DE ESGOTO, DN 900 MM, JUNTA ELÁSTICA INTEGRADA, INSTALADO EM LOCAL COM NÍVEL ALTO DE INTERFERÊNCIAS (NÃO INCLUI FORNECIMENTO). AF_06/2016","M","ATRIBUÍDO SÃO PAULO",23.45,"CAIXA REFERENCIAL"]
[94895,"TUBO DE PEAD CORRUGADO DE DUPLA PAREDE PARA REDE COLETORA DE ESGOTO, DN 1000 MM, JUNTA ELÁSTICA INTEGRADA, INSTALADO EM LOCAL COM NÍVEL ALTO DE INTERFERÊNCIAS - FORNECIMENTO E ASSENTAMENTO. AF_06/2016","M","ATRIBUÍDO SÃO PAULO",1086.57,"CAIXA REFERENCIAL"]
[94896,"ASSENTAMENTO DE TUBO DE PEAD CORRUGADO DE DUPLA PAREDE PARA REDE COLETORA DE ESGOTO, DN 1000 MM, JUNTA ELÁSTICA INTEGRADA, INSTALADO EM LOCAL COM NÍVEL ALTO DE INTERFERÊNCIAS (NÃO INCLUI FORNECIMENTO). AF_06/2016","M","ATRIBUÍDO SÃO PAULO",28.33,"CAIXA REFERENCIAL"]
[94897,"TUBO DE PEAD CORRUGADO DE DUPLA PAREDE PARA REDE COLETORA DE ESGOTO, DN 1200 MM, JUNTA ELÁSTICA INTEGRADA, INSTALADO EM LOCAL COM NÍVEL ALTO DE INTERFERÊNCIAS - FORNECIMENTO E ASSENTAMENTO. AF_06/2016","M","ATRIBUÍDO SÃO PAULO",1692.18,"CAIXA REFERENCIAL"]
[94898,"ASSENTAMENTO DE TUBO DE PEAD CORRUGADO DE DUPLA PAREDE PARA REDE COLETORA DE ESGOTO, DN 1200 MM, JUNTA ELÁSTICA INTEGRADA, INSTALADO EM LOCAL COM NÍVEL ALTO DE INTERFERÊNCIAS (NÃO INCLUI FORNECIMENTO). AF_06/2016","M","ATRIBUÍDO SÃO PAULO",33.22,"CAIXA REFERENCIAL"]
[94900,"ASSENTAMENTO DE TUBO DE PEAD CORRUGADO DE DUPLA PAREDE PARA REDE COLETORA DE ESGOTO, DN 1500 MM, JUNTA ELÁSTICA INTEGRADA, INSTALADO EM LOCAL COM NÍVEL ALTO DE INTERFERÊNCIAS (NÃO INCLUI FORNECIMENTO). AF_06/2016","M","ATRIBUÍDO SÃO PAULO",43,"CAIXA REFERENCIAL"]
[97121,"ASSENTAMENTO DE TUBO DE PVC PBA PARA REDE DE ÁGUA, DN 50 MM, JUNTA ELÁSTICA INTEGRADA, INSTALADO EM LOCAL COM NÍVEL ALTO DE INTERFERÊNCIAS (NÃO INCLUI FORNECIMENTO). AF_11/2017","M","COEFICIENTE DE REPRESENTATIVIDADE",1.58,"CAIXA REFERENCIAL"]
[97122,"ASSENTAMENTO DE TUBO DE PVC PBA PARA REDE DE ÁGUA, DN 75 MM, JUNTA ELÁSTICA INTEGRADA, INSTALADO EM LOCAL COM NÍVEL ALTO DE INTERFERÊNCIAS (NÃO INCLUI FORNECIMENTO). AF_11/2017","M","COEFICIENTE DE REPRESENTATIVIDADE",2.19,"CAIXA REFERENCIAL"]
[97123,"ASSENTAMENTO DE TUBO DE PVC PBA PARA REDE DE ÁGUA, DN 100 MM, JUNTA ELÁSTICA INTEGRADA, INSTALADO EM LOCAL COM NÍVEL ALTO DE INTERFERÊNCIAS (NÃO INCLUI FORNECIMENTO). AF_11/2017","M","COEFICIENTE DE REPRESENTATIVIDADE",2.78,"CAIXA REFERENCIAL"]
[97124,"ASSENTAMENTO DE TUBO DE PVC PBA PARA REDE DE ÁGUA, DN 50 MM, JUNTA ELÁSTICA INTEGRADA, INSTALADO EM LOCAL COM NÍVEL BAIXO DE INTERFERÊNCIAS (NÃO INCLUI FORNECIMENTO). AF_11/2017","M","COEFICIENTE DE REPRESENTATIVIDADE",0.69,"CAIXA REFERENCIAL"]
[97125,"ASSENTAMENTO DE TUBO DE PVC PBA PARA REDE DE ÁGUA, DN 75 MM, JUNTA ELÁSTICA INTEGRADA, INSTALADO EM LOCAL COM NÍVEL BAIXO DE INTERFERÊNCIAS (NÃO INCLUI FORNECIMENTO). AF_11/2017","M","COEFICIENTE DE REPRESENTATIVIDADE",0.97,"CAIXA REFERENCIAL"]
[97126,"ASSENTAMENTO DE TUBO DE PVC PBA PARA REDE DE ÁGUA, DN 100 MM, JUNTA ELÁSTICA INTEGRADA, INSTALADO EM LOCAL COM NÍVEL BAIXO DE INTERFERÊNCIAS (NÃO INCLUI FORNECIMENTO). AF_11/2017","M","COEFICIENTE DE REPRESENTATIVIDADE",1.23,"CAIXA REFERENCIAL"]
[92833,"TUBO DE CONCRETO PARA REDES COLETORAS DE ESGOTO SANITÁRIO, DIÂMETRO DE 300 MM, JUNTA ELÁSTICA, INSTALADO EM LOCAL COM BAIXO NÍVEL DE INTERFERÊNCIAS - FORNECIMENTO E ASSENTAMENTO. AF_12/2015","M","ATRIBUÍDO SÃO PAULO",166.45,"CAIXA REFERENCIAL"]
[92834,"ASSENTAMENTO DE TUBO DE CONCRETO PARA REDES COLETORAS DE ESGOTO SANITÁRIO, DIÂMETRO DE 300 MM, JUNTA ELÁSTICA, INSTALADO EM LOCAL COM BAIXO NÍVEL DE INTERFERÊNCIAS (NÃO INCLUI FORNECIMENTO). AF_12/2015","M","ATRIBUÍDO SÃO PAULO",6.32,"CAIXA REFERENCIAL"]
[92835,"TUBO DE CONCRETO PARA REDES COLETORAS DE ESGOTO SANITÁRIO, DIÂMETRO DE 400 MM, JUNTA ELÁSTICA, INSTALADO EM LOCAL COM BAIXO NÍVEL DE INTERFERÊNCIAS - FORNECIMENTO E ASSENTAMENTO. AF_12/2015","M","ATRIBUÍDO SÃO PAULO",177.69,"CAIXA REFERENCIAL"]
[92836,"ASSENTAMENTO DE TUBO DE CONCRETO PARA REDES COLETORAS DE ESGOTO SANITÁRIO, DIÂMETRO DE 400 MM, JUNTA ELÁSTICA, INSTALADO EM LOCAL COM BAIXO NÍVEL DE INTERFERÊNCIAS (NÃO INCLUI FORNECIMENTO). AF_12/2015","M","ATRIBUÍDO SÃO PAULO",8.08,"CAIXA REFERENCIAL"]
[92837,"TUBO DE CONCRETO PARA REDES COLETORAS DE ESGOTO SANITÁRIO, DIÂMETRO DE 500 MM, JUNTA ELÁSTICA, INSTALADO EM LOCAL COM BAIXO NÍVEL DE INTERFERÊNCIAS - FORNECIMENTO E ASSENTAMENTO. AF_12/2015","M","ATRIBUÍDO SÃO PAULO",300.22000000000003,"CAIXA REFERENCIAL"]
[92838,"ASSENTAMENTO DE TUBO DE CONCRETO PARA REDES COLETORAS DE ESGOTO SANITÁRIO, DIÂMETRO DE 500 MM, JUNTA ELÁSTICA, INSTALADO EM LOCAL COM BAIXO NÍVEL DE INTERFERÊNCIAS (NÃO INCLUI FORNECIMENTO). AF_12/2015","M","ATRIBUÍDO SÃO PAULO",9.6999999999999993,"CAIXA REFERENCIAL"]
[92839,"TUBO DE CONCRETO PARA REDES COLETORAS DE ESGOTO SANITÁRIO, DIÂMETRO DE 600 MM, JUNTA ELÁSTICA, INSTALADO EM LOCAL COM BAIXO NÍVEL DE INTERFERÊNCIAS - FORNECIMENTO E ASSENTAMENTO. AF_12/2015","M","ATRIBUÍDO SÃO PAULO",367.9,"CAIXA REFERENCIAL"]
[92840,"ASSENTAMENTO DE TUBO DE CONCRETO PARA REDES COLETORAS DE ESGOTO SANITÁRIO, DIÂMETRO DE 600 MM, JUNTA ELÁSTICA, INSTALADO EM LOCAL COM BAIXO NÍVEL DE INTERFERÊNCIAS (NÃO INCLUI FORNECIMENTO). AF_12/2015","M","ATRIBUÍDO SÃO PAULO",11.49,"CAIXA REFERENCIAL"]
[92841,"TUBO DE CONCRETO PARA REDES COLETORAS DE ESGOTO SANITÁRIO, DIÂMETRO DE 700 MM, JUNTA ELÁSTICA, INSTALADO EM LOCAL COM BAIXO NÍVEL DE INTERFERÊNCIAS - FORNECIMENTO E ASSENTAMENTO. AF_12/2015","M","ATRIBUÍDO SÃO PAULO",463.32,"CAIXA REFERENCIAL"]
[92842,"ASSENTAMENTO DE TUBO DE CONCRETO PARA REDES COLETORAS DE ESGOTO SANITÁRIO, DIÂMETRO DE 700 MM, JUNTA ELÁSTICA, INSTALADO EM LOCAL COM BAIXO NÍVEL DE INTERFERÊNCIAS (NÃO INCLUI FORNECIMENTO). AF_12/2015","M","ATRIBUÍDO SÃO PAULO",13.13,"CAIXA REFERENCIAL"]
[92843,"TUBO DE CONCRETO PARA REDES COLETORAS DE ESGOTO SANITÁRIO, DIÂMETRO DE 800 MM, JUNTA ELÁSTICA, INSTALADO EM LOCAL COM BAIXO NÍVEL DE INTERFERÊNCIAS - FORNECIMENTO E ASSENTAMENTO. AF_12/2015","M","ATRIBUÍDO SÃO PAULO",488.35,"CAIXA REFERENCIAL"]
[92844,"ASSENTAMENTO DE TUBO DE CONCRETO PARA REDES COLETORAS DE ESGOTO SANITÁRIO, DIÂMETRO DE 800 MM, JUNTA ELÁSTICA, INSTALADO EM LOCAL COM BAIXO NÍVEL DE INTERFERÊNCIAS (NÃO INCLUI FORNECIMENTO). AF_12/2015","M","ATRIBUÍDO SÃO PAULO",14.91,"CAIXA REFERENCIAL"]
[92845,"TUBO DE CONCRETO PARA REDES COLETORAS DE ESGOTO SANITÁRIO, DIÂMETRO DE 900 MM, JUNTA ELÁSTICA, INSTALADO EM LOCAL COM BAIXO NÍVEL DE INTERFERÊNCIAS - FORNECIMENTO E ASSENTAMENTO. AF_12/2015","M","ATRIBUÍDO SÃO PAULO",688.09,"CAIXA REFERENCIAL"]
[92846,"ASSENTAMENTO DE TUBO DE CONCRETO PARA REDES COLETORAS DE ESGOTO SANITÁRIO, DIÂMETRO DE 900 MM, JUNTA ELÁSTICA, INSTALADO EM LOCAL COM BAIXO NÍVEL DE INTERFERÊNCIAS (NÃO INCLUI FORNECIMENTO). AF_12/2015","M","ATRIBUÍDO SÃO PAULO",16.54,"CAIXA REFERENCIAL"]
[92847,"TUBO DE CONCRETO PARA REDES COLETORAS DE ESGOTO SANITÁRIO, DIÂMETRO DE 1000 MM, JUNTA ELÁSTICA, INSTALADO EM LOCAL COM BAIXO NÍVEL DE INTERFERÊNCIAS - FORNECIMENTO E ASSENTAMENTO. AF_12/2015","M","ATRIBUÍDO SÃO PAULO",717.98,"CAIXA REFERENCIAL"]
[92848,"ASSENTAMENTO DE TUBO DE CONCRETO PARA REDES COLETORAS DE ESGOTO SANITÁRIO, DIÂMETRO DE 1000 MM, JUNTA ELÁSTICA, INSTALADO EM LOCAL COM BAIXO NÍVEL DE INTERFERÊNCIAS (NÃO INCLUI FORNECIMENTO). AF_12/2015","M","ATRIBUÍDO SÃO PAULO",18.34,"CAIXA REFERENCIAL"]
[92849,"TUBO DE CONCRETO PARA REDES COLETORAS DE ESGOTO SANITÁRIO, DIÂMETRO DE 300 MM, JUNTA ELÁSTICA, INSTALADO EM LOCAL COM ALTO NÍVEL DE INTERFERÊNCIAS - FORNECIMENTO E ASSENTAMENTO. AF_12/2015","M","ATRIBUÍDO SÃO PAULO",172.63,"CAIXA REFERENCIAL"]
[92850,"ASSENTAMENTO DE TUBO DE CONCRETO PARA REDES COLETORAS DE ESGOTO SANITÁRIO, DIÂMETRO DE 300 MM, JUNTA ELÁSTICA, INSTALADO EM LOCAL COM ALTO NÍVEL DE INTERFERÊNCIAS (NÃO INCLUI FORNECIMENTO). AF_12/2015","M","ATRIBUÍDO SÃO PAULO",11.96,"CAIXA REFERENCIAL"]
[92851,"TUBO DE CONCRETO PARA REDES COLETORAS DE ESGOTO SANITÁRIO, DIÂMETRO DE 400 MM, JUNTA ELÁSTICA, INSTALADO EM LOCAL COM ALTO NÍVEL DE INTERFERÊNCIAS - FORNECIMENTO E ASSENTAMENTO. AF_12/2015","M","ATRIBUÍDO SÃO PAULO",185.43,"CAIXA REFERENCIAL"]
[92852,"ASSENTAMENTO DE TUBO DE CONCRETO PARA REDES COLETORAS DE ESGOTO SANITÁRIO, DIÂMETRO DE 400 MM, JUNTA ELÁSTICA, INSTALADO EM LOCAL COM ALTO NÍVEL DE INTERFERÊNCIAS (NÃO INCLUI FORNECIMENTO). AF_12/2015","M","ATRIBUÍDO SÃO PAULO",15.13,"CAIXA REFERENCIAL"]
[92853,"TUBO DE CONCRETO PARA REDES COLETORAS DE ESGOTO SANITÁRIO, DIÂMETRO DE 500 MM, JUNTA ELÁSTICA, INSTALADO EM LOCAL COM ALTO NÍVEL DE INTERFERÊNCIAS - FORNECIMENTO E ASSENTAMENTO. AF_12/2015","M","ATRIBUÍDO SÃO PAULO",309.75,"CAIXA REFERENCIAL"]
[92854,"ASSENTAMENTO DE TUBO DE CONCRETO PARA REDES COLETORAS DE ESGOTO SANITÁRIO, DIÂMETRO DE 500 MM, JUNTA ELÁSTICA, INSTALADO EM LOCAL COM ALTO NÍVEL DE INTERFERÊNCIAS (NÃO INCLUI FORNECIMENTO). AF_12/2015","M","ATRIBUÍDO SÃO PAULO",18.41,"CAIXA REFERENCIAL"]
[92855,"TUBO DE CONCRETO PARA REDES COLETORAS DE ESGOTO SANITÁRIO, DIÂMETRO DE 600 MM, JUNTA ELÁSTICA, INSTALADO EM LOCAL COM ALTO NÍVEL DE INTERFERÊNCIAS - FORNECIM